{"text_format":"1","workbook":"xlsx","n_sheets":14,"sheets":["CAPA","CLIENTES","DADOS","ORC","ABC","Auxiliar_ABC","Auxiliar_ABC2","CPU","COT","SINAPI","SETOP","SICRO","SUDECAP","CRO 8 meses"],"not_rendered":{"charts":0,"images":24,"macros":1,"external_links":1,"defined_names":29,"comments":0,"pivot_tables":0},"unopened":[],"bounds":{"document_bytes":16777216,"sheet_cells":100000,"rows_first":2000,"rows_last":500,"rows_between":2000,"halvings":0,"cell_chars":16384,"cell_head_chars":4096},"cells_cut":0,"cells_raw":0,"read":"whole","date_system":"1900"}

{"sheet":"CAPA","index":0,"n_rows":0,"n_cols":0,"rows_kept":0,"cut":false,"hidden":false,"merged":[]}

{"sheet":"CLIENTES","index":1,"n_rows":8,"n_cols":2,"rows_kept":8,"cut":false,"hidden":true,"merged":[]}
[null,"PREFEITURA MUNICIPAL DE POUSO ALEGRE"]
[null,"PREFEITURA MUNICIPAL DE CACHOEIRA DE MINAS"]
[null,"PREFEITURA MUNICIPAL DE ITAJUBÁ"]
[null,"PREFEITURA MUNICIPAL DE SANTA RITA DO SAPUCAÍ"]
[null,"RYZA"]
[null,"FAPEPE"]
[null,"PREFEITURA MUNICIPAL DE DELFIM MOREIRA"]
[null,"PREFEITURA MUNICIPAL DE PIRANGUINHO"]

{"sheet":"DADOS","index":2,"n_rows":20,"n_cols":5,"rows_kept":20,"cut":false,"hidden":false,"merged":[]}
[]
[null,"DATA",null,"2025-04-04"]
[]
[null,"CLIENTE",null,null,1]
[]
[null,"REVISÃO",null,"R01"]
[]
[null,"PROJETO",null,"AMPLIAÇÃO DO C.E.I.M. MARILISA LOPES DE OLIVEIRA"]
[]
[null,"BDI TIPO 1",null,0.26519999999999999]
[]
[null,"BDI TIPO 2",null,"-"]
[]
[null,"BANCOS DE DADOS",null,"SINAPI: 02/2025 Minas Gerais\nSETOP: 10/2024 Minas Gerais\nSICRO : 10/2024 Minas Gerais\nSUDECAP: 10/2024 Minas Gerais"]
[]
[null,"RESPONSÁVEL",null,"ALOISIO CAETANO FERREIRA"]
[]
[null,"CREA",null,"CREA -  MG 97.132/D"]
[]
[null,"TIPO",null,"PROJETO EXECUTIVO"]

{"sheet":"ORC","index":3,"n_rows":2077,"n_cols":15,"rows_kept":2077,"cut":false,"hidden":false,"merged":[[13,12,15,13],[10,4,11,11],[2075,5,2075,7],[19,3,19,13],[2066,3,2066,11],[2066,12,2066,13],[12,4,12,11],[722,7,722,9],[724,7,724,9],[725,7,725,9],[726,7,726,9],[2068,12,2068,13],[2067,3,2067,11],[2067,12,2067,13],[730,7,730,9],[713,7,713,8],[714,7,714,8],[715,7,715,8],[727,7,727,9],[707,7,707,8],[708,7,708,8],[710,7,710,8],[711,7,711,8],[712,7,712,8],[716,7,716,9],[736,7,736,9],[2068,3,2068,11],[2076,5,2076,7],[717,7,717,9],[731,7,731,9],[732,7,732,9],[733,7,733,9],[734,7,734,9],[735,7,735,9]]}
[]
[]
[1000,null,null,"A","ADMINISTRAÇÃO DE OBRA",null,null,null,null,null,null,null,{"$f":"SUMIF(A:A,D3,M:M)","v":0},{"$f":"SUMIF(A:A,D3,N:N)","v":0}]
[null,null,null,"A.B",null,null,null,null,null,null,null,null,{"$f":"IFERROR(SUMIFS(M:M,A:A,LEFT(D4,SEARCH(\".\",D4)-1),B:B,RIGHT(D4,LEN(D4)-SEARCH(\".\",D4))),\"\")","v":0},{"$f":"IFERROR(SUMIFS(N:N,A:A,LEFT(D4,SEARCH(\".\",D4)-1),B:B,RIGHT(D4,LEN(D4)-SEARCH(\".\",D4))),\"\")","v":0}]
[null,null,null,"A.B.C",null,null,null,null,null,null,null,null,{"$f":"IFERROR(SUMIFS(M:M,A:A,LEFT(D5,SEARCH(\".\",D5)-1),B:B,LEFT(RIGHT(D5,LEN(D5)-SEARCH(\".\",D5)),SEARCH(\".\",RIGHT(D5,LEN(D5)-SEARCH(\".\",D5)))-1),C:C,RIGHT(D5,LEN(D5)-SEARCH(\".\",D5,SEARCH(\".\",D5)+1))),\"\")","v":0},{"$f":"IFERROR(SUMIFS(N:N,A:A,LEFT(D5,SEARCH(\".\",D5)-1),B:B,LEFT(RIGHT(D5,LEN(D5)-SEARCH(\".\",D5)),SEARCH(\".\",RIGHT(D5,LEN(D5)-SEARCH(\".\",D5)))-1),C:C,RIGHT(D5,LEN(D5)-SEARCH(\".\",D5,SEARCH(\".\",D5)+1))),\"\")","v":0}]
[{"$f":"IFERROR(LEFT(D6,SEARCH(\".\",D6)-1),\"\")","v":"a"},{"$f":"IFERROR(LEFT(RIGHT(D6,LEN(D6)-SEARCH(\".\",D6)),SEARCH(\".\",RIGHT(D6,LEN(D6)-SEARCH(\".\",D6)))-1),\"\")","v":"a/a"},{"$f":"IFERROR(IF(LEN(D6)-LEN(SUBSTITUTE(D6,\".\",\"\"))<>3,\"\",MID(D6,SEARCH(\".\",D6,SEARCH(\".\",D6)+1)+1,LEN(D6)-SEARCH(\".\",D6,SEARCH(\".\",D6)+1)-(LEN(D6)-(SEARCH(\".\",D6,SEARCH(\".\",D6,SEARCH(\".\",D6)+1)+1)-1)))),\"\")","v":""},"a.a/a.a.a/a.a.a.a",{"$f":"IF($G6=\"SINAPI\",VLOOKUP($F6,DADOS_SINAPI,2,0),IF(G6=\"SETOP\",VLOOKUP($F6,DADOS_SETOP,2,0),IF(G6=\"CPU\",VLOOKUP($F6,DADOS_COMPOSICAO,2,0),IF(G6=\"SICRO\",VLOOKUP($F6,DADOS_SICRO,2,0),IF(G6=\"SUDECAP\",VLOOKUP(F6,DADOS_SUDECAP,2,0),IF(G6=\"COTAÇÃO\",VLOOKUP($F6,DADOS_COTACAO,2,0),\"\"))))))","v":""},null,null,{"$f":"IF(G6=\"SINAPI\",VLOOKUP($F6,DADOS_SINAPI,3,0),IF(G6=\"SETOP\",VLOOKUP($F6,DADOS_SETOP,3,0),IF(G6=\"CPU\",VLOOKUP($F6,DADOS_COMPOSICAO,10,0),IF(G6=\"SICRO\",VLOOKUP($F6,DADOS_SICRO,3,0),IF(G6=\"SUDECAP\",VLOOKUP(F6,DADOS_SUDECAP,3,0),IF(G6=\"COTAÇÃO\",VLOOKUP($F6,DADOS_COTACAO,9,0),\"\"))))))","v":""},null,{"$f":"TRUNC(IF(G6=\"SINAPI\",VLOOKUP($F6,DADOS_SINAPI,4,0),IF(G6=\"SETOP\",VLOOKUP($F6,DADOS_SETOP,4,0),IF(G6=\"CPU\",VLOOKUP($F6,DADOS_COMPOSICAO,13,0),IF(G6=\"SICRO\",VLOOKUP($F6,DADOS_SICRO,4,0),IF(G6=\"SUDECAP\",VLOOKUP(F6,DADOS_SUDECAP,4,0),IF(G6=\"COTAÇÃO\",VLOOKUP(F6,DADOS_COTACAO,12,0),\"\")))))),2)","v":{"$error":"#VALUE!"}},"BDI 1",{"$f":"TRUNC(J6*(1+$N$17),2)","v":{"$error":"#VALUE!"}},{"$f":"IFERROR(TRUNC(I6*J6,2),\"\")","v":""},{"$f":"IFERROR(TRUNC(L6*I6,2),\"\")","v":""}]
[{"$f":"IFERROR(LEFT(D7,SEARCH(\".\",D7)-1),\"\")","v":"a"},{"$f":"IFERROR(LEFT(RIGHT(D7,LEN(D7)-SEARCH(\".\",D7)),SEARCH(\".\",RIGHT(D7,LEN(D7)-SEARCH(\".\",D7)))-1),\"\")","v":"a/a"},{"$f":"IFERROR(IF(LEN(D7)-LEN(SUBSTITUTE(D7,\".\",\"\"))<>3,\"\",MID(D7,SEARCH(\".\",D7,SEARCH(\".\",D7)+1)+1,LEN(D7)-SEARCH(\".\",D7,SEARCH(\".\",D7)+1)-(LEN(D7)-(SEARCH(\".\",D7,SEARCH(\".\",D7,SEARCH(\".\",D7)+1)+1)-1)))),\"\")","v":""},"a.a/a.a.a/a.a.a.a",{"$f":"VLOOKUP($F7,DADOS_COTACAO,2,0)","v":{"$error":"#N/A"}},null,"COTAÇÃO",{"$f":"VLOOKUP($F7,DADOS_COTACAO,9,0)","v":{"$error":"#N/A"}},null,{"$f":"TRUNC(VLOOKUP($F7,DADOS_COTACAO,12,0),2)","v":{"$error":"#N/A"}},"BDI 2",{"$f":"TRUNC(J7*(1+$N$18),2)","v":{"$error":"#N/A"}},{"$f":"IFERROR(TRUNC(I7*J7,2),\"\")","v":""},{"$f":"IFERROR(TRUNC(L7*I7,2),\"\")","v":""}]
[2000]
[]
[]
[null,null,null,null,"PLANILHA ORÇAMENTÁRIA",null,null,null,null,null,null,null,"Revisão:",{"$f":"DADOS!D6","v":"R01"},"a"]
[null,null,null,null,null,null,null,null,null,null,null,null,"Data: ",{"$f":"DADOS!D2","v":"2025-04-04"}]
[null,null,null,"Projeto:",{"$f":"DADOS!D8","v":"AMPLIAÇÃO DO C.E.I.M. MARILISA LOPES DE OLIVEIRA"},null,null,null,null,null,null,null,"Bancos:"]
[null,null,null,"Responsável:",null,"Cliente:",null,null,null,null,null,null,{"$f":"DADOS!D14","v":"SINAPI: 02/2025 Minas Gerais\nSETOP: 10/2024 Minas Gerais\nSICRO : 10/2024 Minas Gerais\nSUDECAP: 10/2024 Minas Gerais"}]
[]
[]
[null,null,null,null,null,null,null,null,null,null,null,null,"BDI 1:",{"$f":"DADOS!D10","v":0.26519999999999999}]
[null,null,null,null,null,null,null,null,null,null,null,null,"BDI 2:",{"$f":"DADOS!D12","v":"-"}]
[]
[null,null,null,{"$f":"E11&\" DE \"&DADOS!D20&\" - \"&E13","v":"PLANILHA ORÇAMENTÁRIA DE PROJETO EXECUTIVO - AMPLIAÇÃO DO C.E.I.M. MARILISA LOPES DE OLIVEIRA"}]
[]
[null,null,null,"Item","Descrição","Código","Banco","Unidade","Quantidade","Valor Unitário","BDI","Valor Unit. com BDI","Total","Total com BDI"]
[null,null,null,null,null,null,null,null,null,null,null,null,{"$f":"ROUND(I23*J23,2)","v":0},{"$f":"ROUND(L23*I23,2)","v":0}]
[1000,null,null,1,"CANTEIRO DE OBRAS",null,null,null,null,null,null,null,{"$f":"SUMIF(A:A,D24,M:M)","v":52406.8},{"$f":"SUMIF(A:A,D24,N:N)","v":66300.150000000009}]
[{"$f":"IFERROR(LEFT(D25,SEARCH(\".\",D25)-1),\"\")","v":"1"},{"$f":"IFERROR(LEFT(RIGHT(D25,LEN(D25)-SEARCH(\".\",D25)),SEARCH(\".\",RIGHT(D25,LEN(D25)-SEARCH(\".\",D25)))-1),\"\")","v":""},{"$f":"IFERROR(IF(LEN(D25)-LEN(SUBSTITUTE(D25,\".\",\"\"))<>3,\"\",MID(D25,SEARCH(\".\",D25,SEARCH(\".\",D25)+1)+1,LEN(D25)-SEARCH(\".\",D25,SEARCH(\".\",D25)+1)-(LEN(D25)-(SEARCH(\".\",D25,SEARCH(\".\",D25,SEARCH(\".\",D25)+1)+1)-1)))),\"\")","v":""},"1.1",{"$f":"IF($G25=\"SINAPI\",VLOOKUP($F25,DADOS_SINAPI,2,0),IF(G25=\"SETOP\",VLOOKUP($F25,DADOS_SETOP,2,0),IF(G25=\"CPU\",VLOOKUP($F25,DADOS_COMPOSICAO,2,0),IF(G25=\"SICRO\",VLOOKUP($F25,DADOS_SICRO,2,0),IF(G25=\"SUDECAP\",VLOOKUP(F25,DADOS_SUDECAP,2,0),IF(G25=\"COTAÇÃO\",VLOOKUP($F25,DADOS_COTACAO,2,0),\"\"))))))","v":"LOCAÇÃO DE CONTAINER COM ISOLAMENTO TÉRMICO, TIPO 3, PARA DEPÓSITO/FERRAMENTARIA DE OBRA, COM MEDIDAS REFERENCIAIS DE (6) METROS COMPRIMENTO, (2,3) METROS LARGURA E (2,5) METROS ALTURA ÚTIL INTERNA, INCLUSIVE LIGAÇÕES ELÉTRICAS INTERNAS, EXCLUSIVE MOBILIZAÇÃO/DESMOBILIZAÇÃO E LIGAÇÕES PROVISÓRIAS EXTERNAS"},"ED-16350","SETOP",{"$f":"IF(G25=\"SINAPI\",VLOOKUP($F25,DADOS_SINAPI,3,0),IF(G25=\"SETOP\",VLOOKUP($F25,DADOS_SETOP,3,0),IF(G25=\"CPU\",VLOOKUP($F25,DADOS_COMPOSICAO,10,0),IF(G25=\"SICRO\",VLOOKUP($F25,DADOS_SICRO,3,0),IF(G25=\"SUDECAP\",VLOOKUP(F25,DADOS_SUDECAP,3,0),IF(G25=\"COTAÇÃO\",VLOOKUP($F25,DADOS_COTACAO,9,0),\"\"))))))","v":"mês"},{"$f":"F28","v":8},{"$f":"TRUNC(IF(G25=\"SINAPI\",VLOOKUP($F25,DADOS_SINAPI,4,0),IF(G25=\"SETOP\",VLOOKUP($F25,DADOS_SETOP,4,0),IF(G25=\"CPU\",VLOOKUP($F25,DADOS_COMPOSICAO,13,0),IF(G25=\"SICRO\",VLOOKUP($F25,DADOS_SICRO,4,0),IF(G25=\"SUDECAP\",VLOOKUP(F25,DADOS_SUDECAP,4,0),IF(G25=\"COTAÇÃO\",VLOOKUP(F25,DADOS_COTACAO,12,0),\"\")))))),2)","v":802.02},"BDI 1",{"$f":"TRUNC(J25*(1+$N$17),2)","v":1014.71},{"$f":"IFERROR(TRUNC(I25*J25,2),\"\")","v":6416.16},{"$f":"IFERROR(TRUNC(L25*I25,2),\"\")","v":8117.68}]
[2000]
[2000,null,null,null,"Quantidade",8,"mês"]
[2000,null,null,null,"Total",{"$f":"F27","v":8},"mês"]
[2000]
[{"$f":"IFERROR(LEFT(D30,SEARCH(\".\",D30)-1),\"\")","v":"1"},{"$f":"IFERROR(LEFT(RIGHT(D30,LEN(D30)-SEARCH(\".\",D30)),SEARCH(\".\",RIGHT(D30,LEN(D30)-SEARCH(\".\",D30)))-1),\"\")","v":""},{"$f":"IFERROR(IF(LEN(D30)-LEN(SUBSTITUTE(D30,\".\",\"\"))<>3,\"\",MID(D30,SEARCH(\".\",D30,SEARCH(\".\",D30)+1)+1,LEN(D30)-SEARCH(\".\",D30,SEARCH(\".\",D30)+1)-(LEN(D30)-(SEARCH(\".\",D30,SEARCH(\".\",D30,SEARCH(\".\",D30)+1)+1)-1)))),\"\")","v":""},"1.2",{"$f":"IF($G30=\"SINAPI\",VLOOKUP($F30,DADOS_SINAPI,2,0),IF(G30=\"SETOP\",VLOOKUP($F30,DADOS_SETOP,2,0),IF(G30=\"CPU\",VLOOKUP($F30,DADOS_COMPOSICAO,2,0),IF(G30=\"SICRO\",VLOOKUP($F30,DADOS_SICRO,2,0),IF(G30=\"SUDECAP\",VLOOKUP(F30,DADOS_SUDECAP,2,0),IF(G30=\"COTAÇÃO\",VLOOKUP($F30,DADOS_COTACAO,2,0),\"\"))))))","v":"LIGAÇÕES PROVISÓRIAS PARA CONTAINER TIPO 3 (CORRESPONDENTE AO CÓDIGO ED-16350)"},"ED-16358","SETOP",{"$f":"IF(G30=\"SINAPI\",VLOOKUP($F30,DADOS_SINAPI,3,0),IF(G30=\"SETOP\",VLOOKUP($F30,DADOS_SETOP,3,0),IF(G30=\"CPU\",VLOOKUP($F30,DADOS_COMPOSICAO,10,0),IF(G30=\"SICRO\",VLOOKUP($F30,DADOS_SICRO,3,0),IF(G30=\"SUDECAP\",VLOOKUP(F30,DADOS_SUDECAP,3,0),IF(G30=\"COTAÇÃO\",VLOOKUP($F30,DADOS_COTACAO,9,0),\"\"))))))","v":"un"},{"$f":"F33","v":1},{"$f":"TRUNC(IF(G30=\"SINAPI\",VLOOKUP($F30,DADOS_SINAPI,4,0),IF(G30=\"SETOP\",VLOOKUP($F30,DADOS_SETOP,4,0),IF(G30=\"CPU\",VLOOKUP($F30,DADOS_COMPOSICAO,13,0),IF(G30=\"SICRO\",VLOOKUP($F30,DADOS_SICRO,4,0),IF(G30=\"SUDECAP\",VLOOKUP(F30,DADOS_SUDECAP,4,0),IF(G30=\"COTAÇÃO\",VLOOKUP(F30,DADOS_COTACAO,12,0),\"\")))))),2)","v":299.27},"BDI 1",{"$f":"TRUNC(J30*(1+$N$17),2)","v":378.63},{"$f":"IFERROR(TRUNC(I30*J30,2),\"\")","v":299.27},{"$f":"IFERROR(TRUNC(L30*I30,2),\"\")","v":378.63}]
[2000]
[2000,null,null,null,"Quantidade",1,"un"]
[2000,null,null,null,"Total",{"$f":"F32","v":1},"un"]
[2000]
[{"$f":"IFERROR(LEFT(D35,SEARCH(\".\",D35)-1),\"\")","v":"1"},{"$f":"IFERROR(LEFT(RIGHT(D35,LEN(D35)-SEARCH(\".\",D35)),SEARCH(\".\",RIGHT(D35,LEN(D35)-SEARCH(\".\",D35)))-1),\"\")","v":""},{"$f":"IFERROR(IF(LEN(D35)-LEN(SUBSTITUTE(D35,\".\",\"\"))<>3,\"\",MID(D35,SEARCH(\".\",D35,SEARCH(\".\",D35)+1)+1,LEN(D35)-SEARCH(\".\",D35,SEARCH(\".\",D35)+1)-(LEN(D35)-(SEARCH(\".\",D35,SEARCH(\".\",D35,SEARCH(\".\",D35)+1)+1)-1)))),\"\")","v":""},"1.3",{"$f":"IF($G35=\"SINAPI\",VLOOKUP($F35,DADOS_SINAPI,2,0),IF(G35=\"SETOP\",VLOOKUP($F35,DADOS_SETOP,2,0),IF(G35=\"CPU\",VLOOKUP($F35,DADOS_COMPOSICAO,2,0),IF(G35=\"SICRO\",VLOOKUP($F35,DADOS_SICRO,2,0),IF(G35=\"SUDECAP\",VLOOKUP(F35,DADOS_SUDECAP,2,0),IF(G35=\"COTAÇÃO\",VLOOKUP($F35,DADOS_COTACAO,2,0),\"\"))))))","v":"MOBILIZAÇÃO E DESMOBILIZAÇÃO DE CONTAINER, INCLUSIVE CARGA, DESCARGA E TRANSPORTE EM CAMINHÃO CARROCERIA COM GUINDAUTO (MUNCK), EXCLUSIVE LOCAÇÃO DO CONTAINER"},"ED-50137","SETOP",{"$f":"IF(G35=\"SINAPI\",VLOOKUP($F35,DADOS_SINAPI,3,0),IF(G35=\"SETOP\",VLOOKUP($F35,DADOS_SETOP,3,0),IF(G35=\"CPU\",VLOOKUP($F35,DADOS_COMPOSICAO,10,0),IF(G35=\"SICRO\",VLOOKUP($F35,DADOS_SICRO,3,0),IF(G35=\"SUDECAP\",VLOOKUP(F35,DADOS_SUDECAP,3,0),IF(G35=\"COTAÇÃO\",VLOOKUP($F35,DADOS_COTACAO,9,0),\"\"))))))","v":"un"},{"$f":"F38","v":1},{"$f":"TRUNC(IF(G35=\"SINAPI\",VLOOKUP($F35,DADOS_SINAPI,4,0),IF(G35=\"SETOP\",VLOOKUP($F35,DADOS_SETOP,4,0),IF(G35=\"CPU\",VLOOKUP($F35,DADOS_COMPOSICAO,13,0),IF(G35=\"SICRO\",VLOOKUP($F35,DADOS_SICRO,4,0),IF(G35=\"SUDECAP\",VLOOKUP(F35,DADOS_SUDECAP,4,0),IF(G35=\"COTAÇÃO\",VLOOKUP(F35,DADOS_COTACAO,12,0),\"\")))))),2)","v":1534.32},"BDI 1",{"$f":"TRUNC(J35*(1+$N$17),2)","v":1941.22},{"$f":"IFERROR(TRUNC(I35*J35,2),\"\")","v":1534.32},{"$f":"IFERROR(TRUNC(L35*I35,2),\"\")","v":1941.22}]
[2000]
[2000,null,null,null,"Quantidade",1,"un"]
[2000,null,null,null,"Total",{"$f":"F37","v":1},"un"]
[2000]
[{"$f":"IFERROR(LEFT(D40,SEARCH(\".\",D40)-1),\"\")","v":"1"},{"$f":"IFERROR(LEFT(RIGHT(D40,LEN(D40)-SEARCH(\".\",D40)),SEARCH(\".\",RIGHT(D40,LEN(D40)-SEARCH(\".\",D40)))-1),\"\")","v":""},{"$f":"IFERROR(IF(LEN(D40)-LEN(SUBSTITUTE(D40,\".\",\"\"))<>3,\"\",MID(D40,SEARCH(\".\",D40,SEARCH(\".\",D40)+1)+1,LEN(D40)-SEARCH(\".\",D40,SEARCH(\".\",D40)+1)-(LEN(D40)-(SEARCH(\".\",D40,SEARCH(\".\",D40,SEARCH(\".\",D40)+1)+1)-1)))),\"\")","v":""},"1.4",{"$f":"IF($G40=\"SINAPI\",VLOOKUP($F40,DADOS_SINAPI,2,0),IF(G40=\"SETOP\",VLOOKUP($F40,DADOS_SETOP,2,0),IF(G40=\"CPU\",VLOOKUP($F40,DADOS_COMPOSICAO,2,0),IF(G40=\"SICRO\",VLOOKUP($F40,DADOS_SICRO,2,0),IF(G40=\"SUDECAP\",VLOOKUP(F40,DADOS_SUDECAP,2,0),IF(G40=\"COTAÇÃO\",VLOOKUP($F40,DADOS_COTACAO,2,0),\"\"))))))","v":"LOCAÇÃO DE BANHEIRO QUÍMICO, DIMENSÃO (110X120X230)CM, LINHA PADRÃO, CONTENDO UMA (1) PIA/HIGIENIZADOR DE MÃOS, INCLUSIVE MANUTENÇÃO E MOBILIZAÇÃO/DESMOBILIZAÇÃO"},"ED-50155","SETOP",{"$f":"IF(G40=\"SINAPI\",VLOOKUP($F40,DADOS_SINAPI,3,0),IF(G40=\"SETOP\",VLOOKUP($F40,DADOS_SETOP,3,0),IF(G40=\"CPU\",VLOOKUP($F40,DADOS_COMPOSICAO,10,0),IF(G40=\"SICRO\",VLOOKUP($F40,DADOS_SICRO,3,0),IF(G40=\"SUDECAP\",VLOOKUP(F40,DADOS_SUDECAP,3,0),IF(G40=\"COTAÇÃO\",VLOOKUP($F40,DADOS_COTACAO,9,0),\"\"))))))","v":"mês"},{"$f":"F44","v":16},{"$f":"TRUNC(IF(G40=\"SINAPI\",VLOOKUP($F40,DADOS_SINAPI,4,0),IF(G40=\"SETOP\",VLOOKUP($F40,DADOS_SETOP,4,0),IF(G40=\"CPU\",VLOOKUP($F40,DADOS_COMPOSICAO,13,0),IF(G40=\"SICRO\",VLOOKUP($F40,DADOS_SICRO,4,0),IF(G40=\"SUDECAP\",VLOOKUP(F40,DADOS_SUDECAP,4,0),IF(G40=\"COTAÇÃO\",VLOOKUP(F40,DADOS_COTACAO,12,0),\"\")))))),2)","v":900},"BDI 1",{"$f":"TRUNC(J40*(1+$N$17),2)","v":1138.68},{"$f":"IFERROR(TRUNC(I40*J40,2),\"\")","v":14400},{"$f":"IFERROR(TRUNC(L40*I40,2),\"\")","v":18218.88}]
[2000]
[2000,null,null,null,"Quantidade de banheiros ",2,"un"]
[2000,null,null,null,"Tempo de Utilização",8,"mês"]
[2000,null,null,null,"Total",{"$f":"F42*F43","v":16},"mês"]
[2000]
[{"$f":"IFERROR(LEFT(D46,SEARCH(\".\",D46)-1),\"\")","v":"1"},{"$f":"IFERROR(LEFT(RIGHT(D46,LEN(D46)-SEARCH(\".\",D46)),SEARCH(\".\",RIGHT(D46,LEN(D46)-SEARCH(\".\",D46)))-1),\"\")","v":""},{"$f":"IFERROR(IF(LEN(D46)-LEN(SUBSTITUTE(D46,\".\",\"\"))<>3,\"\",MID(D46,SEARCH(\".\",D46,SEARCH(\".\",D46)+1)+1,LEN(D46)-SEARCH(\".\",D46,SEARCH(\".\",D46)+1)-(LEN(D46)-(SEARCH(\".\",D46,SEARCH(\".\",D46,SEARCH(\".\",D46)+1)+1)-1)))),\"\")","v":""},"1.5",{"$f":"IF($G46=\"SINAPI\",VLOOKUP($F46,DADOS_SINAPI,2,0),IF(G46=\"SETOP\",VLOOKUP($F46,DADOS_SETOP,2,0),IF(G46=\"CPU\",VLOOKUP($F46,DADOS_COMPOSICAO,2,0),IF(G46=\"SICRO\",VLOOKUP($F46,DADOS_SICRO,2,0),IF(G46=\"SUDECAP\",VLOOKUP(F46,DADOS_SUDECAP,2,0),IF(G46=\"COTAÇÃO\",VLOOKUP($F46,DADOS_COTACAO,2,0),\"\"))))))","v":"TAPUME FIXO DE PROTEÇÃO PARA FECHAMENTO DE OBRA EM TELHA METÁLICA GALVANIZADA, TIPO TRAPEZOIDAL, ESP. 0,5MM, COM MÓDULO NA DIMENSÃO DE (300X220)CM, COM REAPROVEITAMENTO, EXCLUSIVE PINTURA ESMALTE, INCLUSIVE PONTALETE E FIXAÇÃO"},"ED-29823","SETOP",{"$f":"IF(G46=\"SINAPI\",VLOOKUP($F46,DADOS_SINAPI,3,0),IF(G46=\"SETOP\",VLOOKUP($F46,DADOS_SETOP,3,0),IF(G46=\"CPU\",VLOOKUP($F46,DADOS_COMPOSICAO,10,0),IF(G46=\"SICRO\",VLOOKUP($F46,DADOS_SICRO,3,0),IF(G46=\"SUDECAP\",VLOOKUP(F46,DADOS_SUDECAP,3,0),IF(G46=\"COTAÇÃO\",VLOOKUP($F46,DADOS_COTACAO,9,0),\"\"))))))","v":"m2"},{"$f":"F52","v":463.65},{"$f":"TRUNC(IF(G46=\"SINAPI\",VLOOKUP($F46,DADOS_SINAPI,4,0),IF(G46=\"SETOP\",VLOOKUP($F46,DADOS_SETOP,4,0),IF(G46=\"CPU\",VLOOKUP($F46,DADOS_COMPOSICAO,13,0),IF(G46=\"SICRO\",VLOOKUP($F46,DADOS_SICRO,4,0),IF(G46=\"SUDECAP\",VLOOKUP(F46,DADOS_SUDECAP,4,0),IF(G46=\"COTAÇÃO\",VLOOKUP(F46,DADOS_COTACAO,12,0),\"\")))))),2)","v":61.38},"BDI 1",{"$f":"TRUNC(J46*(1+$N$17),2)","v":77.650000000000006},{"$f":"IFERROR(TRUNC(I46*J46,2),\"\")","v":28458.83},{"$f":"IFERROR(TRUNC(L46*I46,2),\"\")","v":36002.42}]
[2000]
[2000,null,null,null,"Salas de Aulas",{"$f":"66.8*2.2","v":146.96},"m²"]
[2000,null,null,null,"Cozinha",{"$f":"63.55*2.2","v":139.81},"m²"]
[2000,null,null,null,"Banheiros/DML",{"$f":"50.4*2.2","v":110.88000000000001},"m²"]
[2000,null,null,null,"Reservatório",{"$f":"30*2.2","v":66},"m²"]
[2000,null,null,null,"Total",{"$f":"SUM(F48:F51)","v":463.65},"m²"]
[2000]
[{"$f":"IFERROR(LEFT(D54,SEARCH(\".\",D54)-1),\"\")","v":"1"},{"$f":"IFERROR(LEFT(RIGHT(D54,LEN(D54)-SEARCH(\".\",D54)),SEARCH(\".\",RIGHT(D54,LEN(D54)-SEARCH(\".\",D54)))-1),\"\")","v":""},{"$f":"IFERROR(IF(LEN(D54)-LEN(SUBSTITUTE(D54,\".\",\"\"))<>3,\"\",MID(D54,SEARCH(\".\",D54,SEARCH(\".\",D54)+1)+1,LEN(D54)-SEARCH(\".\",D54,SEARCH(\".\",D54)+1)-(LEN(D54)-(SEARCH(\".\",D54,SEARCH(\".\",D54,SEARCH(\".\",D54)+1)+1)-1)))),\"\")","v":""},"1.6",{"$f":"IF($G54=\"SINAPI\",VLOOKUP($F54,DADOS_SINAPI,2,0),IF(G54=\"SETOP\",VLOOKUP($F54,DADOS_SETOP,2,0),IF(G54=\"CPU\",VLOOKUP($F54,DADOS_COMPOSICAO,2,0),IF(G54=\"SICRO\",VLOOKUP($F54,DADOS_SICRO,2,0),IF(G54=\"SUDECAP\",VLOOKUP(F54,DADOS_SUDECAP,2,0),IF(G54=\"COTAÇÃO\",VLOOKUP($F54,DADOS_COTACAO,2,0),\"\"))))))","v":"REMOÇÃO DE TAPUME/ CHAPAS METÁLICAS E DE MADEIRA, DE FORMA MANUAL, SEM REAPROVEITAMENTO. AF_09/2023"},97637,"SINAPI",{"$f":"IF(G54=\"SINAPI\",VLOOKUP($F54,DADOS_SINAPI,3,0),IF(G54=\"SETOP\",VLOOKUP($F54,DADOS_SETOP,3,0),IF(G54=\"CPU\",VLOOKUP($F54,DADOS_COMPOSICAO,10,0),IF(G54=\"SICRO\",VLOOKUP($F54,DADOS_SICRO,3,0),IF(G54=\"SUDECAP\",VLOOKUP(F54,DADOS_SUDECAP,3,0),IF(G54=\"COTAÇÃO\",VLOOKUP($F54,DADOS_COTACAO,9,0),\"\"))))))","v":"M2"},{"$f":"F60","v":463.65},{"$f":"TRUNC(IF(G54=\"SINAPI\",VLOOKUP($F54,DADOS_SINAPI,4,0),IF(G54=\"SETOP\",VLOOKUP($F54,DADOS_SETOP,4,0),IF(G54=\"CPU\",VLOOKUP($F54,DADOS_COMPOSICAO,13,0),IF(G54=\"SICRO\",VLOOKUP($F54,DADOS_SICRO,4,0),IF(G54=\"SUDECAP\",VLOOKUP(F54,DADOS_SUDECAP,4,0),IF(G54=\"COTAÇÃO\",VLOOKUP(F54,DADOS_COTACAO,12,0),\"\")))))),2)","v":2.8},"BDI 1",{"$f":"TRUNC(J54*(1+$N$17),2)","v":3.54},{"$f":"IFERROR(TRUNC(I54*J54,2),\"\")","v":1298.22},{"$f":"IFERROR(TRUNC(L54*I54,2),\"\")","v":1641.32}]
[2000]
[2000,null,null,null,"Salas de Aulas",{"$f":"66.8*2.2","v":146.96},"m²"]
[2000,null,null,null,"Cozinha",{"$f":"63.55*2.2","v":139.81},"m²"]
[2000,null,null,null,"Banheiros/DML",{"$f":"50.4*2.2","v":110.88000000000001},"m²"]
[2000,null,null,null,"Reservatório",{"$f":"30*2.2","v":66},"m²"]
[2000,null,null,null,"Total",{"$f":"SUM(F56:F59)","v":463.65},"m²"]
[2000]
[1000,null,null,2,"SERVIÇOS PRELIMINARES",null,null,null,null,null,null,null,{"$f":"SUMIF(A:A,D62,M:M)","v":15307.8},{"$f":"SUMIF(A:A,D62,N:N)","v":19366.449999999997}]
[{"$f":"IFERROR(LEFT(D63,SEARCH(\".\",D63)-1),\"\")","v":"2"},{"$f":"IFERROR(LEFT(RIGHT(D63,LEN(D63)-SEARCH(\".\",D63)),SEARCH(\".\",RIGHT(D63,LEN(D63)-SEARCH(\".\",D63)))-1),\"\")","v":""},{"$f":"IFERROR(IF(LEN(D63)-LEN(SUBSTITUTE(D63,\".\",\"\"))<>3,\"\",MID(D63,SEARCH(\".\",D63,SEARCH(\".\",D63)+1)+1,LEN(D63)-SEARCH(\".\",D63,SEARCH(\".\",D63)+1)-(LEN(D63)-(SEARCH(\".\",D63,SEARCH(\".\",D63,SEARCH(\".\",D63)+1)+1)-1)))),\"\")","v":""},"2.1",{"$f":"IF($G63=\"SINAPI\",VLOOKUP($F63,DADOS_SINAPI,2,0),IF(G63=\"SETOP\",VLOOKUP($F63,DADOS_SETOP,2,0),IF(G63=\"CPU\",VLOOKUP($F63,DADOS_COMPOSICAO,2,0),IF(G63=\"SICRO\",VLOOKUP($F63,DADOS_SICRO,2,0),IF(G63=\"SUDECAP\",VLOOKUP(F63,DADOS_SUDECAP,2,0),IF(G63=\"COTAÇÃO\",VLOOKUP($F63,DADOS_COTACAO,2,0),\"\"))))))","v":"FORNECIMENTO E COLOCAÇÃO DE PLACA DE OBRA EM CHAPA GALVANIZADA #26, ESP. 0,45MM, DIMENSÃO (3X1,5)M, PLOTADA COM ADESIVO VINÍLICO, AFIXADA COM REBITES 4,8X40MM, EM ESTRUTURA METÁLICA DE METALON 20X20MM, ESP. 1,25MM, INCLUSIVE SUPORTE EM EUCALIPTO AUTOCLAVADO PINTADO COM TINTA PVA DUAS (2) DEMÃOS"},"ED-28427","SETOP",{"$f":"IF(G63=\"SINAPI\",VLOOKUP($F63,DADOS_SINAPI,3,0),IF(G63=\"SETOP\",VLOOKUP($F63,DADOS_SETOP,3,0),IF(G63=\"CPU\",VLOOKUP($F63,DADOS_COMPOSICAO,10,0),IF(G63=\"SICRO\",VLOOKUP($F63,DADOS_SICRO,3,0),IF(G63=\"SUDECAP\",VLOOKUP(F63,DADOS_SUDECAP,3,0),IF(G63=\"COTAÇÃO\",VLOOKUP($F63,DADOS_COTACAO,9,0),\"\"))))))","v":"un"},{"$f":"F66","v":1},{"$f":"TRUNC(IF(G63=\"SINAPI\",VLOOKUP($F63,DADOS_SINAPI,4,0),IF(G63=\"SETOP\",VLOOKUP($F63,DADOS_SETOP,4,0),IF(G63=\"CPU\",VLOOKUP($F63,DADOS_COMPOSICAO,13,0),IF(G63=\"SICRO\",VLOOKUP($F63,DADOS_SICRO,4,0),IF(G63=\"SUDECAP\",VLOOKUP(F63,DADOS_SUDECAP,4,0),IF(G63=\"COTAÇÃO\",VLOOKUP(F63,DADOS_COTACAO,12,0),\"\")))))),2)","v":1179.54},"BDI 1",{"$f":"TRUNC(J63*(1+$N$17),2)","v":1492.35},{"$f":"IFERROR(TRUNC(I63*J63,2),\"\")","v":1179.54},{"$f":"IFERROR(TRUNC(L63*I63,2),\"\")","v":1492.35}]
[2000]
[2000,null,null,null,"Quantidade",1,"un"]
[2000,null,null,null,"Total",{"$f":"F65","v":1},"un"]
[2000]
[{"$f":"IFERROR(LEFT(D68,SEARCH(\".\",D68)-1),\"\")","v":"2"},{"$f":"IFERROR(LEFT(RIGHT(D68,LEN(D68)-SEARCH(\".\",D68)),SEARCH(\".\",RIGHT(D68,LEN(D68)-SEARCH(\".\",D68)))-1),\"\")","v":""},{"$f":"IFERROR(IF(LEN(D68)-LEN(SUBSTITUTE(D68,\".\",\"\"))<>3,\"\",MID(D68,SEARCH(\".\",D68,SEARCH(\".\",D68)+1)+1,LEN(D68)-SEARCH(\".\",D68,SEARCH(\".\",D68)+1)-(LEN(D68)-(SEARCH(\".\",D68,SEARCH(\".\",D68,SEARCH(\".\",D68)+1)+1)-1)))),\"\")","v":""},"2.2",{"$f":"IF($G68=\"SINAPI\",VLOOKUP($F68,DADOS_SINAPI,2,0),IF(G68=\"SETOP\",VLOOKUP($F68,DADOS_SETOP,2,0),IF(G68=\"CPU\",VLOOKUP($F68,DADOS_COMPOSICAO,2,0),IF(G68=\"SICRO\",VLOOKUP($F68,DADOS_SICRO,2,0),IF(G68=\"SUDECAP\",VLOOKUP(F68,DADOS_SUDECAP,2,0),IF(G68=\"COTAÇÃO\",VLOOKUP($F68,DADOS_COTACAO,2,0),\"\"))))))","v":"LOCAÇÃO CONVENCIONAL DE OBRA, UTILIZANDO GABARITO DE TÁBUAS CORRIDAS PONTALETADAS A CADA 2,00M -  2 UTILIZAÇÕES. AF_03/2024"},99059,"SINAPI",{"$f":"IF(G68=\"SINAPI\",VLOOKUP($F68,DADOS_SINAPI,3,0),IF(G68=\"SETOP\",VLOOKUP($F68,DADOS_SETOP,3,0),IF(G68=\"CPU\",VLOOKUP($F68,DADOS_COMPOSICAO,10,0),IF(G68=\"SICRO\",VLOOKUP($F68,DADOS_SICRO,3,0),IF(G68=\"SUDECAP\",VLOOKUP(F68,DADOS_SUDECAP,3,0),IF(G68=\"COTAÇÃO\",VLOOKUP($F68,DADOS_COTACAO,9,0),\"\"))))))","v":"M"},{"$f":"F74","v":202.15},{"$f":"TRUNC(IF(G68=\"SINAPI\",VLOOKUP($F68,DADOS_SINAPI,4,0),IF(G68=\"SETOP\",VLOOKUP($F68,DADOS_SETOP,4,0),IF(G68=\"CPU\",VLOOKUP($F68,DADOS_COMPOSICAO,13,0),IF(G68=\"SICRO\",VLOOKUP($F68,DADOS_SICRO,4,0),IF(G68=\"SUDECAP\",VLOOKUP(F68,DADOS_SUDECAP,4,0),IF(G68=\"COTAÇÃO\",VLOOKUP(F68,DADOS_COTACAO,12,0),\"\")))))),2)","v":69.89},"BDI 1",{"$f":"TRUNC(J68*(1+$N$17),2)","v":88.42},{"$f":"IFERROR(TRUNC(I68*J68,2),\"\")","v":14128.26},{"$f":"IFERROR(TRUNC(L68*I68,2),\"\")","v":17874.099999999999}]
[2000]
[2000,null,null,null,"Salas de Aula",66.8,"m"]
[2000,null,null,null,"Cozinha",63.55,"m"]
[2000,null,null,null,"Banheiros/DML",50.4,"m"]
[2000,null,null,null,"Reservatório",21.4,"m"]
[2000,null,null,null,"Total",{"$f":"SUM(F70:F73)","v":202.15},"m"]
[2000]
[1000,null,null,3,"LIMPEZAS E DEMOLIÇÕES",null,null,null,null,null,null,null,{"$f":"SUMIF(A:A,D76,M:M)","v":24103.279999999999},{"$f":"SUMIF(A:A,D76,N:N)","v":30488.329999999994}]
[{"$f":"IFERROR(LEFT(D77,SEARCH(\".\",D77)-1),\"\")","v":"3"},{"$f":"IFERROR(LEFT(RIGHT(D77,LEN(D77)-SEARCH(\".\",D77)),SEARCH(\".\",RIGHT(D77,LEN(D77)-SEARCH(\".\",D77)))-1),\"\")","v":""},{"$f":"IFERROR(IF(LEN(D77)-LEN(SUBSTITUTE(D77,\".\",\"\"))<>3,\"\",MID(D77,SEARCH(\".\",D77,SEARCH(\".\",D77)+1)+1,LEN(D77)-SEARCH(\".\",D77,SEARCH(\".\",D77)+1)-(LEN(D77)-(SEARCH(\".\",D77,SEARCH(\".\",D77,SEARCH(\".\",D77)+1)+1)-1)))),\"\")","v":""},"3.1",{"$f":"IF($G77=\"SINAPI\",VLOOKUP($F77,DADOS_SINAPI,2,0),IF(G77=\"SETOP\",VLOOKUP($F77,DADOS_SETOP,2,0),IF(G77=\"CPU\",VLOOKUP($F77,DADOS_COMPOSICAO,2,0),IF(G77=\"SICRO\",VLOOKUP($F77,DADOS_SICRO,2,0),IF(G77=\"SUDECAP\",VLOOKUP(F77,DADOS_SUDECAP,2,0),IF(G77=\"COTAÇÃO\",VLOOKUP($F77,DADOS_COTACAO,2,0),\"\"))))))","v":"CORTE RASO E RECORTE DE ÁRVORE COM DIÂMETRO DE TRONCO MAIOR OU IGUAL A 0,20 M E MENOR QUE 0,40 M. AF_03/2024"},98529,"SINAPI",{"$f":"IF(G77=\"SINAPI\",VLOOKUP($F77,DADOS_SINAPI,3,0),IF(G77=\"SETOP\",VLOOKUP($F77,DADOS_SETOP,3,0),IF(G77=\"CPU\",VLOOKUP($F77,DADOS_COMPOSICAO,10,0),IF(G77=\"SICRO\",VLOOKUP($F77,DADOS_SICRO,3,0),IF(G77=\"SUDECAP\",VLOOKUP(F77,DADOS_SUDECAP,3,0),IF(G77=\"COTAÇÃO\",VLOOKUP($F77,DADOS_COTACAO,9,0),\"\"))))))","v":"UN"},{"$f":"F80","v":2},{"$f":"TRUNC(IF(G77=\"SINAPI\",VLOOKUP($F77,DADOS_SINAPI,4,0),IF(G77=\"SETOP\",VLOOKUP($F77,DADOS_SETOP,4,0),IF(G77=\"CPU\",VLOOKUP($F77,DADOS_COMPOSICAO,13,0),IF(G77=\"SICRO\",VLOOKUP($F77,DADOS_SICRO,4,0),IF(G77=\"SUDECAP\",VLOOKUP(F77,DADOS_SUDECAP,4,0),IF(G77=\"COTAÇÃO\",VLOOKUP(F77,DADOS_COTACAO,12,0),\"\")))))),2)","v":73.45},"BDI 1",{"$f":"TRUNC(J77*(1+$N$17),2)","v":92.92},{"$f":"IFERROR(TRUNC(I77*J77,2),\"\")","v":146.9},{"$f":"IFERROR(TRUNC(L77*I77,2),\"\")","v":185.84}]
[2000]
[2000,null,null,null,"Quantidade",2,"un"]
[2000,null,null,null,"Total",{"$f":"F79","v":2},"un"]
[2000]
[{"$f":"IFERROR(LEFT(D82,SEARCH(\".\",D82)-1),\"\")","v":"3"},{"$f":"IFERROR(LEFT(RIGHT(D82,LEN(D82)-SEARCH(\".\",D82)),SEARCH(\".\",RIGHT(D82,LEN(D82)-SEARCH(\".\",D82)))-1),\"\")","v":""},{"$f":"IFERROR(IF(LEN(D82)-LEN(SUBSTITUTE(D82,\".\",\"\"))<>3,\"\",MID(D82,SEARCH(\".\",D82,SEARCH(\".\",D82)+1)+1,LEN(D82)-SEARCH(\".\",D82,SEARCH(\".\",D82)+1)-(LEN(D82)-(SEARCH(\".\",D82,SEARCH(\".\",D82,SEARCH(\".\",D82)+1)+1)-1)))),\"\")","v":""},"3.2",{"$f":"IF($G82=\"SINAPI\",VLOOKUP($F82,DADOS_SINAPI,2,0),IF(G82=\"SETOP\",VLOOKUP($F82,DADOS_SETOP,2,0),IF(G82=\"CPU\",VLOOKUP($F82,DADOS_COMPOSICAO,2,0),IF(G82=\"SICRO\",VLOOKUP($F82,DADOS_SICRO,2,0),IF(G82=\"SUDECAP\",VLOOKUP(F82,DADOS_SUDECAP,2,0),IF(G82=\"COTAÇÃO\",VLOOKUP($F82,DADOS_COTACAO,2,0),\"\"))))))","v":"CORTE RASO E RECORTE DE ÁRVORE COM DIÂMETRO DE TRONCO MAIOR OU IGUAL A 0,40 M E MENOR QUE 0,60 M. AF_03/2024"},98530,"SINAPI",{"$f":"IF(G82=\"SINAPI\",VLOOKUP($F82,DADOS_SINAPI,3,0),IF(G82=\"SETOP\",VLOOKUP($F82,DADOS_SETOP,3,0),IF(G82=\"CPU\",VLOOKUP($F82,DADOS_COMPOSICAO,10,0),IF(G82=\"SICRO\",VLOOKUP($F82,DADOS_SICRO,3,0),IF(G82=\"SUDECAP\",VLOOKUP(F82,DADOS_SUDECAP,3,0),IF(G82=\"COTAÇÃO\",VLOOKUP($F82,DADOS_COTACAO,9,0),\"\"))))))","v":"UN"},{"$f":"F85","v":2},{"$f":"TRUNC(IF(G82=\"SINAPI\",VLOOKUP($F82,DADOS_SINAPI,4,0),IF(G82=\"SETOP\",VLOOKUP($F82,DADOS_SETOP,4,0),IF(G82=\"CPU\",VLOOKUP($F82,DADOS_COMPOSICAO,13,0),IF(G82=\"SICRO\",VLOOKUP($F82,DADOS_SICRO,4,0),IF(G82=\"SUDECAP\",VLOOKUP(F82,DADOS_SUDECAP,4,0),IF(G82=\"COTAÇÃO\",VLOOKUP(F82,DADOS_COTACAO,12,0),\"\")))))),2)","v":144.16999999999999},"BDI 1",{"$f":"TRUNC(J82*(1+$N$17),2)","v":182.4},{"$f":"IFERROR(TRUNC(I82*J82,2),\"\")","v":288.33999999999997},{"$f":"IFERROR(TRUNC(L82*I82,2),\"\")","v":364.8}]
[2000]
[2000,null,null,null,"Quantidade",2,"un"]
[2000,null,null,null,"Total",{"$f":"F84","v":2},"un"]
[2000]
[{"$f":"IFERROR(LEFT(D87,SEARCH(\".\",D87)-1),\"\")","v":"3"},{"$f":"IFERROR(LEFT(RIGHT(D87,LEN(D87)-SEARCH(\".\",D87)),SEARCH(\".\",RIGHT(D87,LEN(D87)-SEARCH(\".\",D87)))-1),\"\")","v":""},{"$f":"IFERROR(IF(LEN(D87)-LEN(SUBSTITUTE(D87,\".\",\"\"))<>3,\"\",MID(D87,SEARCH(\".\",D87,SEARCH(\".\",D87)+1)+1,LEN(D87)-SEARCH(\".\",D87,SEARCH(\".\",D87)+1)-(LEN(D87)-(SEARCH(\".\",D87,SEARCH(\".\",D87,SEARCH(\".\",D87)+1)+1)-1)))),\"\")","v":""},"3.3",{"$f":"IF($G87=\"SINAPI\",VLOOKUP($F87,DADOS_SINAPI,2,0),IF(G87=\"SETOP\",VLOOKUP($F87,DADOS_SETOP,2,0),IF(G87=\"CPU\",VLOOKUP($F87,DADOS_COMPOSICAO,2,0),IF(G87=\"SICRO\",VLOOKUP($F87,DADOS_SICRO,2,0),IF(G87=\"SUDECAP\",VLOOKUP(F87,DADOS_SUDECAP,2,0),IF(G87=\"COTAÇÃO\",VLOOKUP($F87,DADOS_COTACAO,2,0),\"\"))))))","v":"CORTE RASO E RECORTE DE ÁRVORE COM DIÂMETRO DE TRONCO MAIOR OU IGUAL A 0,60 M. AF_03/2024"},98531,"SINAPI",{"$f":"IF(G87=\"SINAPI\",VLOOKUP($F87,DADOS_SINAPI,3,0),IF(G87=\"SETOP\",VLOOKUP($F87,DADOS_SETOP,3,0),IF(G87=\"CPU\",VLOOKUP($F87,DADOS_COMPOSICAO,10,0),IF(G87=\"SICRO\",VLOOKUP($F87,DADOS_SICRO,3,0),IF(G87=\"SUDECAP\",VLOOKUP(F87,DADOS_SUDECAP,3,0),IF(G87=\"COTAÇÃO\",VLOOKUP($F87,DADOS_COTACAO,9,0),\"\"))))))","v":"UN"},{"$f":"F90","v":1},{"$f":"TRUNC(IF(G87=\"SINAPI\",VLOOKUP($F87,DADOS_SINAPI,4,0),IF(G87=\"SETOP\",VLOOKUP($F87,DADOS_SETOP,4,0),IF(G87=\"CPU\",VLOOKUP($F87,DADOS_COMPOSICAO,13,0),IF(G87=\"SICRO\",VLOOKUP($F87,DADOS_SICRO,4,0),IF(G87=\"SUDECAP\",VLOOKUP(F87,DADOS_SUDECAP,4,0),IF(G87=\"COTAÇÃO\",VLOOKUP(F87,DADOS_COTACAO,12,0),\"\")))))),2)","v":386.79},"BDI 1",{"$f":"TRUNC(J87*(1+$N$17),2)","v":489.36},{"$f":"IFERROR(TRUNC(I87*J87,2),\"\")","v":386.79},{"$f":"IFERROR(TRUNC(L87*I87,2),\"\")","v":489.36}]
[2000]
[2000,null,null,null,"Quantidade",1,"un"]
[2000,null,null,null,"Total",{"$f":"F89","v":1},"un"]
[2000]
[{"$f":"IFERROR(LEFT(D92,SEARCH(\".\",D92)-1),\"\")","v":"3"},{"$f":"IFERROR(LEFT(RIGHT(D92,LEN(D92)-SEARCH(\".\",D92)),SEARCH(\".\",RIGHT(D92,LEN(D92)-SEARCH(\".\",D92)))-1),\"\")","v":""},{"$f":"IFERROR(IF(LEN(D92)-LEN(SUBSTITUTE(D92,\".\",\"\"))<>3,\"\",MID(D92,SEARCH(\".\",D92,SEARCH(\".\",D92)+1)+1,LEN(D92)-SEARCH(\".\",D92,SEARCH(\".\",D92)+1)-(LEN(D92)-(SEARCH(\".\",D92,SEARCH(\".\",D92,SEARCH(\".\",D92)+1)+1)-1)))),\"\")","v":""},"3.4",{"$f":"IF($G92=\"SINAPI\",VLOOKUP($F92,DADOS_SINAPI,2,0),IF(G92=\"SETOP\",VLOOKUP($F92,DADOS_SETOP,2,0),IF(G92=\"CPU\",VLOOKUP($F92,DADOS_COMPOSICAO,2,0),IF(G92=\"SICRO\",VLOOKUP($F92,DADOS_SICRO,2,0),IF(G92=\"SUDECAP\",VLOOKUP(F92,DADOS_SUDECAP,2,0),IF(G92=\"COTAÇÃO\",VLOOKUP($F92,DADOS_COTACAO,2,0),\"\"))))))","v":"REMOÇÃO DE RAÍZES REMANESCENTES DE TRONCO DE ÁRVORE COM DIÂMETRO MAIOR OU IGUAL A 0,20 M E MENOR QUE 0,40 M. AF_03/2024"},98526,"SINAPI",{"$f":"IF(G92=\"SINAPI\",VLOOKUP($F92,DADOS_SINAPI,3,0),IF(G92=\"SETOP\",VLOOKUP($F92,DADOS_SETOP,3,0),IF(G92=\"CPU\",VLOOKUP($F92,DADOS_COMPOSICAO,10,0),IF(G92=\"SICRO\",VLOOKUP($F92,DADOS_SICRO,3,0),IF(G92=\"SUDECAP\",VLOOKUP(F92,DADOS_SUDECAP,3,0),IF(G92=\"COTAÇÃO\",VLOOKUP($F92,DADOS_COTACAO,9,0),\"\"))))))","v":"UN"},{"$f":"F95","v":2},{"$f":"TRUNC(IF(G92=\"SINAPI\",VLOOKUP($F92,DADOS_SINAPI,4,0),IF(G92=\"SETOP\",VLOOKUP($F92,DADOS_SETOP,4,0),IF(G92=\"CPU\",VLOOKUP($F92,DADOS_COMPOSICAO,13,0),IF(G92=\"SICRO\",VLOOKUP($F92,DADOS_SICRO,4,0),IF(G92=\"SUDECAP\",VLOOKUP(F92,DADOS_SUDECAP,4,0),IF(G92=\"COTAÇÃO\",VLOOKUP(F92,DADOS_COTACAO,12,0),\"\")))))),2)","v":137.01},"BDI 1",{"$f":"TRUNC(J92*(1+$N$17),2)","v":173.34},{"$f":"IFERROR(TRUNC(I92*J92,2),\"\")","v":274.02},{"$f":"IFERROR(TRUNC(L92*I92,2),\"\")","v":346.68}]
[2000]
[2000,null,null,null,"Quantidade",2,"un"]
[2000,null,null,null,"Total",{"$f":"F94","v":2},"un"]
[2000]
[{"$f":"IFERROR(LEFT(D97,SEARCH(\".\",D97)-1),\"\")","v":"3"},{"$f":"IFERROR(LEFT(RIGHT(D97,LEN(D97)-SEARCH(\".\",D97)),SEARCH(\".\",RIGHT(D97,LEN(D97)-SEARCH(\".\",D97)))-1),\"\")","v":""},{"$f":"IFERROR(IF(LEN(D97)-LEN(SUBSTITUTE(D97,\".\",\"\"))<>3,\"\",MID(D97,SEARCH(\".\",D97,SEARCH(\".\",D97)+1)+1,LEN(D97)-SEARCH(\".\",D97,SEARCH(\".\",D97)+1)-(LEN(D97)-(SEARCH(\".\",D97,SEARCH(\".\",D97,SEARCH(\".\",D97)+1)+1)-1)))),\"\")","v":""},"3.5",{"$f":"IF($G97=\"SINAPI\",VLOOKUP($F97,DADOS_SINAPI,2,0),IF(G97=\"SETOP\",VLOOKUP($F97,DADOS_SETOP,2,0),IF(G97=\"CPU\",VLOOKUP($F97,DADOS_COMPOSICAO,2,0),IF(G97=\"SICRO\",VLOOKUP($F97,DADOS_SICRO,2,0),IF(G97=\"SUDECAP\",VLOOKUP(F97,DADOS_SUDECAP,2,0),IF(G97=\"COTAÇÃO\",VLOOKUP($F97,DADOS_COTACAO,2,0),\"\"))))))","v":"REMOÇÃO DE RAÍZES REMANESCENTES DE TRONCO DE ÁRVORE COM DIÂMETRO MAIOR OU IGUAL A 0,40 M E MENOR QUE 0,60 M. AF_03/2024"},98527,"SINAPI",{"$f":"IF(G97=\"SINAPI\",VLOOKUP($F97,DADOS_SINAPI,3,0),IF(G97=\"SETOP\",VLOOKUP($F97,DADOS_SETOP,3,0),IF(G97=\"CPU\",VLOOKUP($F97,DADOS_COMPOSICAO,10,0),IF(G97=\"SICRO\",VLOOKUP($F97,DADOS_SICRO,3,0),IF(G97=\"SUDECAP\",VLOOKUP(F97,DADOS_SUDECAP,3,0),IF(G97=\"COTAÇÃO\",VLOOKUP($F97,DADOS_COTACAO,9,0),\"\"))))))","v":"UN"},{"$f":"F100","v":2},{"$f":"TRUNC(IF(G97=\"SINAPI\",VLOOKUP($F97,DADOS_SINAPI,4,0),IF(G97=\"SETOP\",VLOOKUP($F97,DADOS_SETOP,4,0),IF(G97=\"CPU\",VLOOKUP($F97,DADOS_COMPOSICAO,13,0),IF(G97=\"SICRO\",VLOOKUP($F97,DADOS_SICRO,4,0),IF(G97=\"SUDECAP\",VLOOKUP(F97,DADOS_SUDECAP,4,0),IF(G97=\"COTAÇÃO\",VLOOKUP(F97,DADOS_COTACAO,12,0),\"\")))))),2)","v":227.38},"BDI 1",{"$f":"TRUNC(J97*(1+$N$17),2)","v":287.68},{"$f":"IFERROR(TRUNC(I97*J97,2),\"\")","v":454.76},{"$f":"IFERROR(TRUNC(L97*I97,2),\"\")","v":575.36}]
[2000]
[2000,null,null,null,"Quantidade",2,"un"]
[2000,null,null,null,"Total",{"$f":"F99","v":2},"un"]
[2000]
[{"$f":"IFERROR(LEFT(D102,SEARCH(\".\",D102)-1),\"\")","v":"3"},{"$f":"IFERROR(LEFT(RIGHT(D102,LEN(D102)-SEARCH(\".\",D102)),SEARCH(\".\",RIGHT(D102,LEN(D102)-SEARCH(\".\",D102)))-1),\"\")","v":""},{"$f":"IFERROR(IF(LEN(D102)-LEN(SUBSTITUTE(D102,\".\",\"\"))<>3,\"\",MID(D102,SEARCH(\".\",D102,SEARCH(\".\",D102)+1)+1,LEN(D102)-SEARCH(\".\",D102,SEARCH(\".\",D102)+1)-(LEN(D102)-(SEARCH(\".\",D102,SEARCH(\".\",D102,SEARCH(\".\",D102)+1)+1)-1)))),\"\")","v":""},"3.6",{"$f":"IF($G102=\"SINAPI\",VLOOKUP($F102,DADOS_SINAPI,2,0),IF(G102=\"SETOP\",VLOOKUP($F102,DADOS_SETOP,2,0),IF(G102=\"CPU\",VLOOKUP($F102,DADOS_COMPOSICAO,2,0),IF(G102=\"SICRO\",VLOOKUP($F102,DADOS_SICRO,2,0),IF(G102=\"SUDECAP\",VLOOKUP(F102,DADOS_SUDECAP,2,0),IF(G102=\"COTAÇÃO\",VLOOKUP($F102,DADOS_COTACAO,2,0),\"\"))))))","v":"REMOÇÃO DE RAÍZES REMANESCENTES DE TRONCO DE ÁRVORE COM DIÂMETRO MAIOR OU IGUAL A 0,60 M. AF_03/2024"},98528,"SINAPI",{"$f":"IF(G102=\"SINAPI\",VLOOKUP($F102,DADOS_SINAPI,3,0),IF(G102=\"SETOP\",VLOOKUP($F102,DADOS_SETOP,3,0),IF(G102=\"CPU\",VLOOKUP($F102,DADOS_COMPOSICAO,10,0),IF(G102=\"SICRO\",VLOOKUP($F102,DADOS_SICRO,3,0),IF(G102=\"SUDECAP\",VLOOKUP(F102,DADOS_SUDECAP,3,0),IF(G102=\"COTAÇÃO\",VLOOKUP($F102,DADOS_COTACAO,9,0),\"\"))))))","v":"UN"},{"$f":"F105","v":1},{"$f":"TRUNC(IF(G102=\"SINAPI\",VLOOKUP($F102,DADOS_SINAPI,4,0),IF(G102=\"SETOP\",VLOOKUP($F102,DADOS_SETOP,4,0),IF(G102=\"CPU\",VLOOKUP($F102,DADOS_COMPOSICAO,13,0),IF(G102=\"SICRO\",VLOOKUP($F102,DADOS_SICRO,4,0),IF(G102=\"SUDECAP\",VLOOKUP(F102,DADOS_SUDECAP,4,0),IF(G102=\"COTAÇÃO\",VLOOKUP(F102,DADOS_COTACAO,12,0),\"\")))))),2)","v":299.7},"BDI 1",{"$f":"TRUNC(J102*(1+$N$17),2)","v":379.18},{"$f":"IFERROR(TRUNC(I102*J102,2),\"\")","v":299.7},{"$f":"IFERROR(TRUNC(L102*I102,2),\"\")","v":379.18}]
[2000]
[2000,null,null,null,"Quantidade",1,"un"]
[2000,null,null,null,"Total",{"$f":"F104","v":1},"un"]
[2000]
[{"$f":"IFERROR(LEFT(D107,SEARCH(\".\",D107)-1),\"\")","v":"3"},{"$f":"IFERROR(LEFT(RIGHT(D107,LEN(D107)-SEARCH(\".\",D107)),SEARCH(\".\",RIGHT(D107,LEN(D107)-SEARCH(\".\",D107)))-1),\"\")","v":""},{"$f":"IFERROR(IF(LEN(D107)-LEN(SUBSTITUTE(D107,\".\",\"\"))<>3,\"\",MID(D107,SEARCH(\".\",D107,SEARCH(\".\",D107)+1)+1,LEN(D107)-SEARCH(\".\",D107,SEARCH(\".\",D107)+1)-(LEN(D107)-(SEARCH(\".\",D107,SEARCH(\".\",D107,SEARCH(\".\",D107)+1)+1)-1)))),\"\")","v":""},"3.7",{"$f":"IF($G107=\"SINAPI\",VLOOKUP($F107,DADOS_SINAPI,2,0),IF(G107=\"SETOP\",VLOOKUP($F107,DADOS_SETOP,2,0),IF(G107=\"CPU\",VLOOKUP($F107,DADOS_COMPOSICAO,2,0),IF(G107=\"SICRO\",VLOOKUP($F107,DADOS_SICRO,2,0),IF(G107=\"SUDECAP\",VLOOKUP(F107,DADOS_SUDECAP,2,0),IF(G107=\"COTAÇÃO\",VLOOKUP($F107,DADOS_COTACAO,2,0),\"\"))))))","v":"DEMOLIÇÃO MANUAL DE ALVENARIA DE TIJOLO CERÂMICO OU BLOCO DE CONCRETO, INCLUSIVE AFASTAMENTO E EMPILHAMENTO, EXCLUSIVE TRANSPORTE E RETIRADA DO MATERIAL DEMOLIDO"},"ED-48435","SETOP",{"$f":"IF(G107=\"SINAPI\",VLOOKUP($F107,DADOS_SINAPI,3,0),IF(G107=\"SETOP\",VLOOKUP($F107,DADOS_SETOP,3,0),IF(G107=\"CPU\",VLOOKUP($F107,DADOS_COMPOSICAO,10,0),IF(G107=\"SICRO\",VLOOKUP($F107,DADOS_SICRO,3,0),IF(G107=\"SUDECAP\",VLOOKUP(F107,DADOS_SUDECAP,3,0),IF(G107=\"COTAÇÃO\",VLOOKUP($F107,DADOS_COTACAO,9,0),\"\"))))))","v":"m3"},{"$f":"F113","v":4.8857999999999997},{"$f":"TRUNC(IF(G107=\"SINAPI\",VLOOKUP($F107,DADOS_SINAPI,4,0),IF(G107=\"SETOP\",VLOOKUP($F107,DADOS_SETOP,4,0),IF(G107=\"CPU\",VLOOKUP($F107,DADOS_COMPOSICAO,13,0),IF(G107=\"SICRO\",VLOOKUP($F107,DADOS_SICRO,4,0),IF(G107=\"SUDECAP\",VLOOKUP(F107,DADOS_SUDECAP,4,0),IF(G107=\"COTAÇÃO\",VLOOKUP(F107,DADOS_COTACAO,12,0),\"\")))))),2)","v":109.09},"BDI 1",{"$f":"TRUNC(J107*(1+$N$17),2)","v":138.02000000000001},{"$f":"IFERROR(TRUNC(I107*J107,2),\"\")","v":532.99},674.92]
[2000]
[2000,null,null,null,"Casa da Gás",{"$f":"0.65*1*0.2","v":0.13},"m³"]
[2000,null,null,null,"Canteiro",{"$f":"4.51*0.15*0.3*4","v":0.81179999999999997},"m³"]
[2000,null,null,null,"Quiosque",{"$f":"(2+2+2.2+2+2+2+4)*0.8*0.15","v":1.944},"m³"]
[2000,null,null,null,"Muro",{"$f":"4*2.5*0.2","v":2},"m³"]
[2000,null,null,null,"Total",{"$f":"SUM(F109:F112)","v":4.8857999999999997},"m³"]
[2000]
[{"$f":"IFERROR(LEFT(D115,SEARCH(\".\",D115)-1),\"\")","v":"3"},{"$f":"IFERROR(LEFT(RIGHT(D115,LEN(D115)-SEARCH(\".\",D115)),SEARCH(\".\",RIGHT(D115,LEN(D115)-SEARCH(\".\",D115)))-1),\"\")","v":""},{"$f":"IFERROR(IF(LEN(D115)-LEN(SUBSTITUTE(D115,\".\",\"\"))<>3,\"\",MID(D115,SEARCH(\".\",D115,SEARCH(\".\",D115)+1)+1,LEN(D115)-SEARCH(\".\",D115,SEARCH(\".\",D115)+1)-(LEN(D115)-(SEARCH(\".\",D115,SEARCH(\".\",D115,SEARCH(\".\",D115)+1)+1)-1)))),\"\")","v":""},"3.8",{"$f":"IF($G115=\"SINAPI\",VLOOKUP($F115,DADOS_SINAPI,2,0),IF(G115=\"SETOP\",VLOOKUP($F115,DADOS_SETOP,2,0),IF(G115=\"CPU\",VLOOKUP($F115,DADOS_COMPOSICAO,2,0),IF(G115=\"SICRO\",VLOOKUP($F115,DADOS_SICRO,2,0),IF(G115=\"SUDECAP\",VLOOKUP(F115,DADOS_SUDECAP,2,0),IF(G115=\"COTAÇÃO\",VLOOKUP($F115,DADOS_COTACAO,2,0),\"\"))))))","v":"DEMOLIÇÃO MANUAL DE LAJE DE CONCRETO ARMADO, COM ESPESSURA DE ATÉ 15CM, INCLUSIVE AFASTAMENTO E EMPILHAMENTO, EXCLUSIVE TRANSPORTE E RETIRADA DO MATERIAL DEMOLIDO"},"ED-48487","SETOP",{"$f":"IF(G115=\"SINAPI\",VLOOKUP($F115,DADOS_SINAPI,3,0),IF(G115=\"SETOP\",VLOOKUP($F115,DADOS_SETOP,3,0),IF(G115=\"CPU\",VLOOKUP($F115,DADOS_COMPOSICAO,10,0),IF(G115=\"SICRO\",VLOOKUP($F115,DADOS_SICRO,3,0),IF(G115=\"SUDECAP\",VLOOKUP(F115,DADOS_SUDECAP,3,0),IF(G115=\"COTAÇÃO\",VLOOKUP($F115,DADOS_COTACAO,9,0),\"\"))))))","v":"m2"},{"$f":"F118","v":0.64},{"$f":"TRUNC(IF(G115=\"SINAPI\",VLOOKUP($F115,DADOS_SINAPI,4,0),IF(G115=\"SETOP\",VLOOKUP($F115,DADOS_SETOP,4,0),IF(G115=\"CPU\",VLOOKUP($F115,DADOS_COMPOSICAO,13,0),IF(G115=\"SICRO\",VLOOKUP($F115,DADOS_SICRO,4,0),IF(G115=\"SUDECAP\",VLOOKUP(F115,DADOS_SUDECAP,4,0),IF(G115=\"COTAÇÃO\",VLOOKUP(F115,DADOS_COTACAO,12,0),\"\")))))),2)","v":43.64},"BDI 1",{"$f":"TRUNC(J115*(1+$N$17),2)","v":55.21},{"$f":"IFERROR(TRUNC(I115*J115,2),\"\")","v":27.92},{"$f":"IFERROR(TRUNC(L115*I115,2),\"\")","v":35.33}]
[2000]
[2000,null,null,null,"Casa da Gás",0.64,"m²"]
[2000,null,null,null,"Total",{"$f":"F117","v":0.64},"m²"]
[2000]
[{"$f":"IFERROR(LEFT(D120,SEARCH(\".\",D120)-1),\"\")","v":"3"},{"$f":"IFERROR(LEFT(RIGHT(D120,LEN(D120)-SEARCH(\".\",D120)),SEARCH(\".\",RIGHT(D120,LEN(D120)-SEARCH(\".\",D120)))-1),\"\")","v":""},{"$f":"IFERROR(IF(LEN(D120)-LEN(SUBSTITUTE(D120,\".\",\"\"))<>3,\"\",MID(D120,SEARCH(\".\",D120,SEARCH(\".\",D120)+1)+1,LEN(D120)-SEARCH(\".\",D120,SEARCH(\".\",D120)+1)-(LEN(D120)-(SEARCH(\".\",D120,SEARCH(\".\",D120,SEARCH(\".\",D120)+1)+1)-1)))),\"\")","v":""},"3.9",{"$f":"IF($G120=\"SINAPI\",VLOOKUP($F120,DADOS_SINAPI,2,0),IF(G120=\"SETOP\",VLOOKUP($F120,DADOS_SETOP,2,0),IF(G120=\"CPU\",VLOOKUP($F120,DADOS_COMPOSICAO,2,0),IF(G120=\"SICRO\",VLOOKUP($F120,DADOS_SICRO,2,0),IF(G120=\"SUDECAP\",VLOOKUP(F120,DADOS_SUDECAP,2,0),IF(G120=\"COTAÇÃO\",VLOOKUP($F120,DADOS_COTACAO,2,0),\"\"))))))","v":"DEMOLIÇÃO MANUAL DE REVESTIMENTO DE PEDRA (MÁRMORE, GRANITO, ARDÓSIA, ETC.), INCLUSIVE AFASTAMENTO E EMPILHAMENTO, EXCLUSIVE DEMOLIÇÃO DO REBOCO OU EMBOÇO, TRANSPORTE E RETIRADA DO MATERIAL DEMOLIDO"},"ED-48503","SETOP",{"$f":"IF(G120=\"SINAPI\",VLOOKUP($F120,DADOS_SINAPI,3,0),IF(G120=\"SETOP\",VLOOKUP($F120,DADOS_SETOP,3,0),IF(G120=\"CPU\",VLOOKUP($F120,DADOS_COMPOSICAO,10,0),IF(G120=\"SICRO\",VLOOKUP($F120,DADOS_SICRO,3,0),IF(G120=\"SUDECAP\",VLOOKUP(F120,DADOS_SUDECAP,3,0),IF(G120=\"COTAÇÃO\",VLOOKUP($F120,DADOS_COTACAO,9,0),\"\"))))))","v":"m2"},{"$f":"F123","v":50.42},{"$f":"TRUNC(IF(G120=\"SINAPI\",VLOOKUP($F120,DADOS_SINAPI,4,0),IF(G120=\"SETOP\",VLOOKUP($F120,DADOS_SETOP,4,0),IF(G120=\"CPU\",VLOOKUP($F120,DADOS_COMPOSICAO,13,0),IF(G120=\"SICRO\",VLOOKUP($F120,DADOS_SICRO,4,0),IF(G120=\"SUDECAP\",VLOOKUP(F120,DADOS_SUDECAP,4,0),IF(G120=\"COTAÇÃO\",VLOOKUP(F120,DADOS_COTACAO,12,0),\"\")))))),2)","v":25.85},"BDI 1",{"$f":"TRUNC(J120*(1+$N$17),2)","v":32.700000000000003},{"$f":"IFERROR(TRUNC(I120*J120,2),\"\")","v":1303.3499999999999},{"$f":"IFERROR(TRUNC(L120*I120,2),\"\")","v":1648.73}]
[2000]
[2000,null,null,null,"Área externa",{"$f":"25.21*2","v":50.42},"m²"]
[2000,null,null,null,"Total",{"$f":"SUM(F122:F122)","v":50.42},"m²"]
[2000]
[{"$f":"IFERROR(LEFT(D125,SEARCH(\".\",D125)-1),\"\")","v":"3"},{"$f":"IFERROR(LEFT(RIGHT(D125,LEN(D125)-SEARCH(\".\",D125)),SEARCH(\".\",RIGHT(D125,LEN(D125)-SEARCH(\".\",D125)))-1),\"\")","v":""},{"$f":"IFERROR(IF(LEN(D125)-LEN(SUBSTITUTE(D125,\".\",\"\"))<>3,\"\",MID(D125,SEARCH(\".\",D125,SEARCH(\".\",D125)+1)+1,LEN(D125)-SEARCH(\".\",D125,SEARCH(\".\",D125)+1)-(LEN(D125)-(SEARCH(\".\",D125,SEARCH(\".\",D125,SEARCH(\".\",D125)+1)+1)-1)))),\"\")","v":""},"3.10",{"$f":"IF($G125=\"SINAPI\",VLOOKUP($F125,DADOS_SINAPI,2,0),IF(G125=\"SETOP\",VLOOKUP($F125,DADOS_SETOP,2,0),IF(G125=\"CPU\",VLOOKUP($F125,DADOS_COMPOSICAO,2,0),IF(G125=\"SICRO\",VLOOKUP($F125,DADOS_SICRO,2,0),IF(G125=\"SUDECAP\",VLOOKUP(F125,DADOS_SUDECAP,2,0),IF(G125=\"COTAÇÃO\",VLOOKUP($F125,DADOS_COTACAO,2,0),\"\"))))))","v":"DEMOLIÇÃO MANUAL DE CONCRETO ARMADO, INCLUSIVE AFASTAMENTO E EMPILHAMENTO, EXCLUSIVE TRANSPORTE E RETIRADA DO MATERIAL DEMOLIDO"},"ED-48441","SETOP",{"$f":"IF(G125=\"SINAPI\",VLOOKUP($F125,DADOS_SINAPI,3,0),IF(G125=\"SETOP\",VLOOKUP($F125,DADOS_SETOP,3,0),IF(G125=\"CPU\",VLOOKUP($F125,DADOS_COMPOSICAO,10,0),IF(G125=\"SICRO\",VLOOKUP($F125,DADOS_SICRO,3,0),IF(G125=\"SUDECAP\",VLOOKUP(F125,DADOS_SUDECAP,3,0),IF(G125=\"COTAÇÃO\",VLOOKUP($F125,DADOS_COTACAO,9,0),\"\"))))))","v":"m3"},{"$f":"F129","v":2.0699999999999998},{"$f":"TRUNC(IF(G125=\"SINAPI\",VLOOKUP($F125,DADOS_SINAPI,4,0),IF(G125=\"SETOP\",VLOOKUP($F125,DADOS_SETOP,4,0),IF(G125=\"CPU\",VLOOKUP($F125,DADOS_COMPOSICAO,13,0),IF(G125=\"SICRO\",VLOOKUP($F125,DADOS_SICRO,4,0),IF(G125=\"SUDECAP\",VLOOKUP(F125,DADOS_SUDECAP,4,0),IF(G125=\"COTAÇÃO\",VLOOKUP(F125,DADOS_COTACAO,12,0),\"\")))))),2)","v":498.69},"BDI 1",{"$f":"TRUNC(J125*(1+$N$17),2)","v":630.94000000000005},{"$f":"IFERROR(TRUNC(I125*J125,2),\"\")","v":1032.28},1306.05]
[2000]
[2000,null,null,null,"Piso - Cozinha",{"$f":"8.36*0.2","v":1.6719999999999999},"m³"]
[2000,null,null,null,"Postes",{"$f":"0.4*5*0.2","v":0.4},"m³"]
[2000,null,null,null,"Total",2.0699999999999998,"m³"]
[2000]
[{"$f":"IFERROR(LEFT(D131,SEARCH(\".\",D131)-1),\"\")","v":"3"},{"$f":"IFERROR(LEFT(RIGHT(D131,LEN(D131)-SEARCH(\".\",D131)),SEARCH(\".\",RIGHT(D131,LEN(D131)-SEARCH(\".\",D131)))-1),\"\")","v":""},{"$f":"IFERROR(IF(LEN(D131)-LEN(SUBSTITUTE(D131,\".\",\"\"))<>3,\"\",MID(D131,SEARCH(\".\",D131,SEARCH(\".\",D131)+1)+1,LEN(D131)-SEARCH(\".\",D131,SEARCH(\".\",D131)+1)-(LEN(D131)-(SEARCH(\".\",D131,SEARCH(\".\",D131,SEARCH(\".\",D131)+1)+1)-1)))),\"\")","v":""},"3.11",{"$f":"IF($G131=\"SINAPI\",VLOOKUP($F131,DADOS_SINAPI,2,0),IF(G131=\"SETOP\",VLOOKUP($F131,DADOS_SETOP,2,0),IF(G131=\"CPU\",VLOOKUP($F131,DADOS_COMPOSICAO,2,0),IF(G131=\"SICRO\",VLOOKUP($F131,DADOS_SICRO,2,0),IF(G131=\"SUDECAP\",VLOOKUP(F131,DADOS_SUDECAP,2,0),IF(G131=\"COTAÇÃO\",VLOOKUP($F131,DADOS_COTACAO,2,0),\"\"))))))","v":"REMOÇÃO DE POSTE METÁLICO"},"DAC-2.1","CPU",{"$f":"IF(G131=\"SINAPI\",VLOOKUP($F131,DADOS_SINAPI,3,0),IF(G131=\"SETOP\",VLOOKUP($F131,DADOS_SETOP,3,0),IF(G131=\"CPU\",VLOOKUP($F131,DADOS_COMPOSICAO,10,0),IF(G131=\"SICRO\",VLOOKUP($F131,DADOS_SICRO,3,0),IF(G131=\"SUDECAP\",VLOOKUP(F131,DADOS_SUDECAP,3,0),IF(G131=\"COTAÇÃO\",VLOOKUP($F131,DADOS_COTACAO,9,0),\"\"))))))","v":"UN"},{"$f":"F134","v":5},{"$f":"TRUNC(IF(G131=\"SINAPI\",VLOOKUP($F131,DADOS_SINAPI,4,0),IF(G131=\"SETOP\",VLOOKUP($F131,DADOS_SETOP,4,0),IF(G131=\"CPU\",VLOOKUP($F131,DADOS_COMPOSICAO,13,0),IF(G131=\"SICRO\",VLOOKUP($F131,DADOS_SICRO,4,0),IF(G131=\"SUDECAP\",VLOOKUP(F131,DADOS_SUDECAP,4,0),IF(G131=\"COTAÇÃO\",VLOOKUP(F131,DADOS_COTACAO,12,0),\"\")))))),2)","v":141.63999999999999},"BDI 1",{"$f":"TRUNC(J131*(1+$N$17),2)","v":179.2},{"$f":"IFERROR(TRUNC(I131*J131,2),\"\")","v":708.2},{"$f":"IFERROR(TRUNC(L131*I131,2),\"\")","v":896}]
[2000]
[2000,null,null,null,"Quantidade",5,"un"]
[2000,null,null,null,"Total",{"$f":"SUM(F133:F133)","v":5},"un"]
[2000]
[{"$f":"IFERROR(LEFT(D136,SEARCH(\".\",D136)-1),\"\")","v":"3"},{"$f":"IFERROR(LEFT(RIGHT(D136,LEN(D136)-SEARCH(\".\",D136)),SEARCH(\".\",RIGHT(D136,LEN(D136)-SEARCH(\".\",D136)))-1),\"\")","v":""},{"$f":"IFERROR(IF(LEN(D136)-LEN(SUBSTITUTE(D136,\".\",\"\"))<>3,\"\",MID(D136,SEARCH(\".\",D136,SEARCH(\".\",D136)+1)+1,LEN(D136)-SEARCH(\".\",D136,SEARCH(\".\",D136)+1)-(LEN(D136)-(SEARCH(\".\",D136,SEARCH(\".\",D136,SEARCH(\".\",D136)+1)+1)-1)))),\"\")","v":""},"3.12",{"$f":"IF($G136=\"SINAPI\",VLOOKUP($F136,DADOS_SINAPI,2,0),IF(G136=\"SETOP\",VLOOKUP($F136,DADOS_SETOP,2,0),IF(G136=\"CPU\",VLOOKUP($F136,DADOS_COMPOSICAO,2,0),IF(G136=\"SICRO\",VLOOKUP($F136,DADOS_SICRO,2,0),IF(G136=\"SUDECAP\",VLOOKUP(F136,DADOS_SUDECAP,2,0),IF(G136=\"COTAÇÃO\",VLOOKUP($F136,DADOS_COTACAO,2,0),\"\"))))))","v":"LIMPEZA DE TERRENO, INCLUSIVE CAPINA, RASTELAMENTO COM AFASTAMENTO ATÉ VINTE (20) METROS E QUEIMA CONTROLADA"},"ED-50703","SETOP",{"$f":"IF(G136=\"SINAPI\",VLOOKUP($F136,DADOS_SINAPI,3,0),IF(G136=\"SETOP\",VLOOKUP($F136,DADOS_SETOP,3,0),IF(G136=\"CPU\",VLOOKUP($F136,DADOS_COMPOSICAO,10,0),IF(G136=\"SICRO\",VLOOKUP($F136,DADOS_SICRO,3,0),IF(G136=\"SUDECAP\",VLOOKUP(F136,DADOS_SUDECAP,3,0),IF(G136=\"COTAÇÃO\",VLOOKUP($F136,DADOS_COTACAO,9,0),\"\"))))))","v":"m2"},{"$f":"F141","v":458.43},{"$f":"TRUNC(IF(G136=\"SINAPI\",VLOOKUP($F136,DADOS_SINAPI,4,0),IF(G136=\"SETOP\",VLOOKUP($F136,DADOS_SETOP,4,0),IF(G136=\"CPU\",VLOOKUP($F136,DADOS_COMPOSICAO,13,0),IF(G136=\"SICRO\",VLOOKUP($F136,DADOS_SICRO,4,0),IF(G136=\"SUDECAP\",VLOOKUP(F136,DADOS_SUDECAP,4,0),IF(G136=\"COTAÇÃO\",VLOOKUP(F136,DADOS_COTACAO,12,0),\"\")))))),2)","v":2.48},"BDI 1",{"$f":"TRUNC(J136*(1+$N$17),2)","v":3.13},{"$f":"IFERROR(TRUNC(I136*J136,2),\"\")","v":1136.9000000000001},1434.89]
[2000]
[2000,null,null,null,"Área Cozinha",127.58,"m²"]
[2000,null,null,null,"Área Salas de Aula",245.85,"m²"]
[2000,null,null,null,"Área Banheiro",85,"m²"]
[2000,null,null,null,"Total",{"$f":"SUM(F138:F140)","v":458.43},"m²"]
[2000]
[{"$f":"IFERROR(LEFT(D143,SEARCH(\".\",D143)-1),\"\")","v":"3"},{"$f":"IFERROR(LEFT(RIGHT(D143,LEN(D143)-SEARCH(\".\",D143)),SEARCH(\".\",RIGHT(D143,LEN(D143)-SEARCH(\".\",D143)))-1),\"\")","v":""},{"$f":"IFERROR(IF(LEN(D143)-LEN(SUBSTITUTE(D143,\".\",\"\"))<>3,\"\",MID(D143,SEARCH(\".\",D143,SEARCH(\".\",D143)+1)+1,LEN(D143)-SEARCH(\".\",D143,SEARCH(\".\",D143)+1)-(LEN(D143)-(SEARCH(\".\",D143,SEARCH(\".\",D143,SEARCH(\".\",D143)+1)+1)-1)))),\"\")","v":""},"3.13",{"$f":"IF($G143=\"SINAPI\",VLOOKUP($F143,DADOS_SINAPI,2,0),IF(G143=\"SETOP\",VLOOKUP($F143,DADOS_SETOP,2,0),IF(G143=\"CPU\",VLOOKUP($F143,DADOS_COMPOSICAO,2,0),IF(G143=\"SICRO\",VLOOKUP($F143,DADOS_SICRO,2,0),IF(G143=\"SUDECAP\",VLOOKUP(F143,DADOS_SUDECAP,2,0),IF(G143=\"COTAÇÃO\",VLOOKUP($F143,DADOS_COTACAO,2,0),\"\"))))))","v":"DEMOLIÇÃO MANUAL DE PISO CERÂMICO OU LADRILHO HIDRÁULICO, INCLUSIVE AFASTAMENTO E EMPILHAMENTO, EXCLUSIVE DEMOLIÇÃO DE CONTRAPISO, TRANSPORTE E RETIRADA DO MATERIAL DEMOLIDO"},"ED-48480","SETOP",{"$f":"IF(G143=\"SINAPI\",VLOOKUP($F143,DADOS_SINAPI,3,0),IF(G143=\"SETOP\",VLOOKUP($F143,DADOS_SETOP,3,0),IF(G143=\"CPU\",VLOOKUP($F143,DADOS_COMPOSICAO,10,0),IF(G143=\"SICRO\",VLOOKUP($F143,DADOS_SICRO,3,0),IF(G143=\"SUDECAP\",VLOOKUP(F143,DADOS_SUDECAP,3,0),IF(G143=\"COTAÇÃO\",VLOOKUP($F143,DADOS_COTACAO,9,0),\"\"))))))","v":"m2"},{"$f":"F146","v":20},{"$f":"TRUNC(IF(G143=\"SINAPI\",VLOOKUP($F143,DADOS_SINAPI,4,0),IF(G143=\"SETOP\",VLOOKUP($F143,DADOS_SETOP,4,0),IF(G143=\"CPU\",VLOOKUP($F143,DADOS_COMPOSICAO,13,0),IF(G143=\"SICRO\",VLOOKUP($F143,DADOS_SICRO,4,0),IF(G143=\"SUDECAP\",VLOOKUP(F143,DADOS_SUDECAP,4,0),IF(G143=\"COTAÇÃO\",VLOOKUP(F143,DADOS_COTACAO,12,0),\"\")))))),2)","v":17.23},"BDI 1",{"$f":"TRUNC(J143*(1+$N$17),2)","v":21.79},{"$f":"IFERROR(TRUNC(I143*J143,2),\"\")","v":344.6},{"$f":"IFERROR(TRUNC(L143*I143,2),\"\")","v":435.8}]
[2000]
[2000,null,null,null,"Área Instalação de Gás",20,"m²"]
[2000,null,null,null,"Total",{"$f":"SUM(F145:F145)","v":20},"m²"]
[2000]
[{"$f":"IFERROR(LEFT(D148,SEARCH(\".\",D148)-1),\"\")","v":"3"},{"$f":"IFERROR(LEFT(RIGHT(D148,LEN(D148)-SEARCH(\".\",D148)),SEARCH(\".\",RIGHT(D148,LEN(D148)-SEARCH(\".\",D148)))-1),\"\")","v":""},{"$f":"IFERROR(IF(LEN(D148)-LEN(SUBSTITUTE(D148,\".\",\"\"))<>3,\"\",MID(D148,SEARCH(\".\",D148,SEARCH(\".\",D148)+1)+1,LEN(D148)-SEARCH(\".\",D148,SEARCH(\".\",D148)+1)-(LEN(D148)-(SEARCH(\".\",D148,SEARCH(\".\",D148,SEARCH(\".\",D148)+1)+1)-1)))),\"\")","v":""},"3.14",{"$f":"IF($G148=\"SINAPI\",VLOOKUP($F148,DADOS_SINAPI,2,0),IF(G148=\"SETOP\",VLOOKUP($F148,DADOS_SETOP,2,0),IF(G148=\"CPU\",VLOOKUP($F148,DADOS_COMPOSICAO,2,0),IF(G148=\"SICRO\",VLOOKUP($F148,DADOS_SICRO,2,0),IF(G148=\"SUDECAP\",VLOOKUP(F148,DADOS_SUDECAP,2,0),IF(G148=\"COTAÇÃO\",VLOOKUP($F148,DADOS_COTACAO,2,0),\"\"))))))","v":"REMOÇÃO MANUAL DE GUIA DE MEIO-FIO PRÉ-MOLDADA EM CONCRETO, SEM REAPROVEITAMENTO, INCLUSIVE AFASTAMENTO E EMPILHAMENTO, EXCLUSIVE TRANSPORTE E RETIRADA DO MATERIAL REMOVIDO NÃO REAPROVEITÁVEL"},"DAC-2.2","CPU",{"$f":"IF(G148=\"SINAPI\",VLOOKUP($F148,DADOS_SINAPI,3,0),IF(G148=\"SETOP\",VLOOKUP($F148,DADOS_SETOP,3,0),IF(G148=\"CPU\",VLOOKUP($F148,DADOS_COMPOSICAO,10,0),IF(G148=\"SICRO\",VLOOKUP($F148,DADOS_SICRO,3,0),IF(G148=\"SUDECAP\",VLOOKUP(F148,DADOS_SUDECAP,3,0),IF(G148=\"COTAÇÃO\",VLOOKUP($F148,DADOS_COTACAO,9,0),\"\"))))))","v":"M"},{"$f":"F151","v":21.37},{"$f":"TRUNC(IF(G148=\"SINAPI\",VLOOKUP($F148,DADOS_SINAPI,4,0),IF(G148=\"SETOP\",VLOOKUP($F148,DADOS_SETOP,4,0),IF(G148=\"CPU\",VLOOKUP($F148,DADOS_COMPOSICAO,13,0),IF(G148=\"SICRO\",VLOOKUP($F148,DADOS_SICRO,4,0),IF(G148=\"SUDECAP\",VLOOKUP(F148,DADOS_SUDECAP,4,0),IF(G148=\"COTAÇÃO\",VLOOKUP(F148,DADOS_COTACAO,12,0),\"\")))))),2)","v":24.2},"BDI 1",{"$f":"TRUNC(J148*(1+$N$17),2)","v":30.61},{"$f":"IFERROR(TRUNC(I148*J148,2),\"\")","v":517.15},654.14]
[2000]
[2000,null,null,null,"Comprimento Cozinha",21.37,"m"]
[2000,null,null,null,"Total",{"$f":"SUM(F150:F150)","v":21.37},"m"]
[2000]
[{"$f":"IFERROR(LEFT(D153,SEARCH(\".\",D153)-1),\"\")","v":"3"},{"$f":"IFERROR(LEFT(RIGHT(D153,LEN(D153)-SEARCH(\".\",D153)),SEARCH(\".\",RIGHT(D153,LEN(D153)-SEARCH(\".\",D153)))-1),\"\")","v":""},{"$f":"IFERROR(IF(LEN(D153)-LEN(SUBSTITUTE(D153,\".\",\"\"))<>3,\"\",MID(D153,SEARCH(\".\",D153,SEARCH(\".\",D153)+1)+1,LEN(D153)-SEARCH(\".\",D153,SEARCH(\".\",D153)+1)-(LEN(D153)-(SEARCH(\".\",D153,SEARCH(\".\",D153,SEARCH(\".\",D153)+1)+1)-1)))),\"\")","v":""},"3.15",{"$f":"IF($G153=\"SINAPI\",VLOOKUP($F153,DADOS_SINAPI,2,0),IF(G153=\"SETOP\",VLOOKUP($F153,DADOS_SETOP,2,0),IF(G153=\"CPU\",VLOOKUP($F153,DADOS_COMPOSICAO,2,0),IF(G153=\"SICRO\",VLOOKUP($F153,DADOS_SICRO,2,0),IF(G153=\"SUDECAP\",VLOOKUP(F153,DADOS_SUDECAP,2,0),IF(G153=\"COTAÇÃO\",VLOOKUP($F153,DADOS_COTACAO,2,0),\"\"))))))","v":"REMOÇÃO DE TRAMA DE MADEIRA PARA COBERTURA, DE FORMA MANUAL, SEM REAPROVEITAMENTO. AF_09/2023"},97650,"SINAPI",{"$f":"IF(G153=\"SINAPI\",VLOOKUP($F153,DADOS_SINAPI,3,0),IF(G153=\"SETOP\",VLOOKUP($F153,DADOS_SETOP,3,0),IF(G153=\"CPU\",VLOOKUP($F153,DADOS_COMPOSICAO,10,0),IF(G153=\"SICRO\",VLOOKUP($F153,DADOS_SICRO,3,0),IF(G153=\"SUDECAP\",VLOOKUP(F153,DADOS_SUDECAP,3,0),IF(G153=\"COTAÇÃO\",VLOOKUP($F153,DADOS_COTACAO,9,0),\"\"))))))","v":"M2"},{"$f":"F156","v":12},{"$f":"TRUNC(IF(G153=\"SINAPI\",VLOOKUP($F153,DADOS_SINAPI,4,0),IF(G153=\"SETOP\",VLOOKUP($F153,DADOS_SETOP,4,0),IF(G153=\"CPU\",VLOOKUP($F153,DADOS_COMPOSICAO,13,0),IF(G153=\"SICRO\",VLOOKUP($F153,DADOS_SICRO,4,0),IF(G153=\"SUDECAP\",VLOOKUP(F153,DADOS_SUDECAP,4,0),IF(G153=\"COTAÇÃO\",VLOOKUP(F153,DADOS_COTACAO,12,0),\"\")))))),2)","v":7.65},"BDI 1",{"$f":"TRUNC(J153*(1+$N$17),2)","v":9.67},{"$f":"IFERROR(TRUNC(I153*J153,2),\"\")","v":91.8},{"$f":"IFERROR(TRUNC(L153*I153,2),\"\")","v":116.04}]
[2000]
[2000,null,null,null,"Cobertura Quiosque ",12,"m²"]
[2000,null,null,null,"Total",{"$f":"F155","v":12},"m²"]
[2000]
[{"$f":"IFERROR(LEFT(D158,SEARCH(\".\",D158)-1),\"\")","v":"3"},{"$f":"IFERROR(LEFT(RIGHT(D158,LEN(D158)-SEARCH(\".\",D158)),SEARCH(\".\",RIGHT(D158,LEN(D158)-SEARCH(\".\",D158)))-1),\"\")","v":""},{"$f":"IFERROR(IF(LEN(D158)-LEN(SUBSTITUTE(D158,\".\",\"\"))<>3,\"\",MID(D158,SEARCH(\".\",D158,SEARCH(\".\",D158)+1)+1,LEN(D158)-SEARCH(\".\",D158,SEARCH(\".\",D158)+1)-(LEN(D158)-(SEARCH(\".\",D158,SEARCH(\".\",D158,SEARCH(\".\",D158)+1)+1)-1)))),\"\")","v":""},"3.16",{"$f":"IF($G158=\"SINAPI\",VLOOKUP($F158,DADOS_SINAPI,2,0),IF(G158=\"SETOP\",VLOOKUP($F158,DADOS_SETOP,2,0),IF(G158=\"CPU\",VLOOKUP($F158,DADOS_COMPOSICAO,2,0),IF(G158=\"SICRO\",VLOOKUP($F158,DADOS_SICRO,2,0),IF(G158=\"SUDECAP\",VLOOKUP(F158,DADOS_SUDECAP,2,0),IF(G158=\"COTAÇÃO\",VLOOKUP($F158,DADOS_COTACAO,2,0),\"\"))))))","v":"REMOÇÃO DE TELHAS DE FIBROCIMENTO, METÁLICA E CERÂMICA, DE FORMA MECANIZADA, COM USO DE GUINDASTE, SEM REAPROVEITAMENTO. AF_09/2023"},97649,"SINAPI",{"$f":"IF(G158=\"SINAPI\",VLOOKUP($F158,DADOS_SINAPI,3,0),IF(G158=\"SETOP\",VLOOKUP($F158,DADOS_SETOP,3,0),IF(G158=\"CPU\",VLOOKUP($F158,DADOS_COMPOSICAO,10,0),IF(G158=\"SICRO\",VLOOKUP($F158,DADOS_SICRO,3,0),IF(G158=\"SUDECAP\",VLOOKUP(F158,DADOS_SUDECAP,3,0),IF(G158=\"COTAÇÃO\",VLOOKUP($F158,DADOS_COTACAO,9,0),\"\"))))))","v":"M2"},{"$f":"F161","v":12},{"$f":"TRUNC(IF(G158=\"SINAPI\",VLOOKUP($F158,DADOS_SINAPI,4,0),IF(G158=\"SETOP\",VLOOKUP($F158,DADOS_SETOP,4,0),IF(G158=\"CPU\",VLOOKUP($F158,DADOS_COMPOSICAO,13,0),IF(G158=\"SICRO\",VLOOKUP($F158,DADOS_SICRO,4,0),IF(G158=\"SUDECAP\",VLOOKUP(F158,DADOS_SUDECAP,4,0),IF(G158=\"COTAÇÃO\",VLOOKUP(F158,DADOS_COTACAO,12,0),\"\")))))),2)","v":4.5199999999999996},"BDI 1",{"$f":"TRUNC(J158*(1+$N$17),2)","v":5.71},{"$f":"IFERROR(TRUNC(I158*J158,2),\"\")","v":54.24},{"$f":"IFERROR(TRUNC(L158*I158,2),\"\")","v":68.52}]
[2000]
[2000,null,null,null,"Cobertura Quiosque ",12,"m²"]
[2000,null,null,null,"Total",{"$f":"F160","v":12},"m²"]
[2000]
[{"$f":"IFERROR(LEFT(D163,SEARCH(\".\",D163)-1),\"\")","v":"3"},{"$f":"IFERROR(LEFT(RIGHT(D163,LEN(D163)-SEARCH(\".\",D163)),SEARCH(\".\",RIGHT(D163,LEN(D163)-SEARCH(\".\",D163)))-1),\"\")","v":""},{"$f":"IFERROR(IF(LEN(D163)-LEN(SUBSTITUTE(D163,\".\",\"\"))<>3,\"\",MID(D163,SEARCH(\".\",D163,SEARCH(\".\",D163)+1)+1,LEN(D163)-SEARCH(\".\",D163,SEARCH(\".\",D163)+1)-(LEN(D163)-(SEARCH(\".\",D163,SEARCH(\".\",D163,SEARCH(\".\",D163)+1)+1)-1)))),\"\")","v":""},"3.17",{"$f":"IF($G163=\"SINAPI\",VLOOKUP($F163,DADOS_SINAPI,2,0),IF(G163=\"SETOP\",VLOOKUP($F163,DADOS_SETOP,2,0),IF(G163=\"CPU\",VLOOKUP($F163,DADOS_COMPOSICAO,2,0),IF(G163=\"SICRO\",VLOOKUP($F163,DADOS_SICRO,2,0),IF(G163=\"SUDECAP\",VLOOKUP(F163,DADOS_SUDECAP,2,0),IF(G163=\"COTAÇÃO\",VLOOKUP($F163,DADOS_COTACAO,2,0),\"\"))))))","v":"REMOÇÃO DE ESTRUTURA EM MADEIRA, SEM REAPROVEITAMENTO "},"DAC-2.3","CPU",{"$f":"IF(G163=\"SINAPI\",VLOOKUP($F163,DADOS_SINAPI,3,0),IF(G163=\"SETOP\",VLOOKUP($F163,DADOS_SETOP,3,0),IF(G163=\"CPU\",VLOOKUP($F163,DADOS_COMPOSICAO,10,0),IF(G163=\"SICRO\",VLOOKUP($F163,DADOS_SICRO,3,0),IF(G163=\"SUDECAP\",VLOOKUP(F163,DADOS_SUDECAP,3,0),IF(G163=\"COTAÇÃO\",VLOOKUP($F163,DADOS_COTACAO,9,0),\"\"))))))","v":"UN"},{"$f":"F166","v":1},{"$f":"TRUNC(IF(G163=\"SINAPI\",VLOOKUP($F163,DADOS_SINAPI,4,0),IF(G163=\"SETOP\",VLOOKUP($F163,DADOS_SETOP,4,0),IF(G163=\"CPU\",VLOOKUP($F163,DADOS_COMPOSICAO,13,0),IF(G163=\"SICRO\",VLOOKUP($F163,DADOS_SICRO,4,0),IF(G163=\"SUDECAP\",VLOOKUP(F163,DADOS_SUDECAP,4,0),IF(G163=\"COTAÇÃO\",VLOOKUP(F163,DADOS_COTACAO,12,0),\"\")))))),2)","v":78.12},"BDI 1",{"$f":"TRUNC(J163*(1+$N$17),2)","v":98.83},{"$f":"IFERROR(TRUNC(I163*J163,2),\"\")","v":78.12},{"$f":"IFERROR(TRUNC(L163*I163,2),\"\")","v":98.83}]
[2000]
[2000,null,null,null,"Quiosque ",1,"un"]
[2000,null,null,null,"Total",{"$f":"F165","v":1},"un"]
[2000]
[{"$f":"IFERROR(LEFT(D168,SEARCH(\".\",D168)-1),\"\")","v":"3"},{"$f":"IFERROR(LEFT(RIGHT(D168,LEN(D168)-SEARCH(\".\",D168)),SEARCH(\".\",RIGHT(D168,LEN(D168)-SEARCH(\".\",D168)))-1),\"\")","v":""},{"$f":"IFERROR(IF(LEN(D168)-LEN(SUBSTITUTE(D168,\".\",\"\"))<>3,\"\",MID(D168,SEARCH(\".\",D168,SEARCH(\".\",D168)+1)+1,LEN(D168)-SEARCH(\".\",D168,SEARCH(\".\",D168)+1)-(LEN(D168)-(SEARCH(\".\",D168,SEARCH(\".\",D168,SEARCH(\".\",D168)+1)+1)-1)))),\"\")","v":""},"3.18",{"$f":"IF($G168=\"SINAPI\",VLOOKUP($F168,DADOS_SINAPI,2,0),IF(G168=\"SETOP\",VLOOKUP($F168,DADOS_SETOP,2,0),IF(G168=\"CPU\",VLOOKUP($F168,DADOS_COMPOSICAO,2,0),IF(G168=\"SICRO\",VLOOKUP($F168,DADOS_SICRO,2,0),IF(G168=\"SUDECAP\",VLOOKUP(F168,DADOS_SUDECAP,2,0),IF(G168=\"COTAÇÃO\",VLOOKUP($F168,DADOS_COTACAO,2,0),\"\"))))))","v":"CARGA MANUAL DE MATERIAL DE QUALQUER NATUREZA SOBRE CAMINHÃO, EXCLUSIVE TRANSPORTE"},"ED-51131","SETOP",{"$f":"IF(G168=\"SINAPI\",VLOOKUP($F168,DADOS_SINAPI,3,0),IF(G168=\"SETOP\",VLOOKUP($F168,DADOS_SETOP,3,0),IF(G168=\"CPU\",VLOOKUP($F168,DADOS_COMPOSICAO,10,0),IF(G168=\"SICRO\",VLOOKUP($F168,DADOS_SICRO,3,0),IF(G168=\"SUDECAP\",VLOOKUP(F168,DADOS_SUDECAP,3,0),IF(G168=\"COTAÇÃO\",VLOOKUP($F168,DADOS_COTACAO,9,0),\"\"))))))","v":"m3"},{"$f":"F191","v":354.45045999999996},{"$f":"TRUNC(IF(G168=\"SINAPI\",VLOOKUP($F168,DADOS_SINAPI,4,0),IF(G168=\"SETOP\",VLOOKUP($F168,DADOS_SETOP,4,0),IF(G168=\"CPU\",VLOOKUP($F168,DADOS_COMPOSICAO,13,0),IF(G168=\"SICRO\",VLOOKUP($F168,DADOS_SICRO,4,0),IF(G168=\"SUDECAP\",VLOOKUP(F168,DADOS_SUDECAP,4,0),IF(G168=\"COTAÇÃO\",VLOOKUP(F168,DADOS_COTACAO,12,0),\"\")))))),2)","v":41.88},"BDI 1",{"$f":"TRUNC(J168*(1+$N$17),2)","v":52.98},{"$f":"IFERROR(TRUNC(I168*J168,2),\"\")","v":14844.38},18778.759999999998]
[2000]
[2000,null,null,null,"Volume Árvore",{"$f":"(0.13*F80*5)+(0.28*F85*5)+(0.35*1*5)","v":5.8500000000000005},"m³"]
[2000,null,null,null,"Volume Raiz",{"$f":"(0.13*F80*2)+(0.28*F85*2)+0.35*1*2","v":2.34},"m³"]
[2000,null,null,null,"Volume Alvenaria",{"$f":"F113","v":4.8857999999999997},"m³"]
[2000,null,null,null,"Área Laje ",{"$f":"F118","v":0.64},"m²"]
[2000,null,null,null,"Espessura Laje",0.15,"m"]
[2000,null,null,null,"Área Pedra",{"$f":"F123","v":50.42},"m²"]
[2000,null,null,null,"Espessura Pedra",0.05,"m"]
[2000,null,null,null,"Volume Concreto",{"$f":"F129","v":2.0699999999999998},"m³"]
[2000,null,null,null,"Volume Poste",{"$f":"F134*2*0.5*0.5","v":2.5},"m³"]
[2000,null,null,null,"Área Terreno",{"$f":"F141","v":458.43},"m²"]
[2000,null,null,null,"Altura para limpeza",0.5,"m"]
[2000,null,null,null,"Área Piso Cerâmico",{"$f":"F146","v":20},"m²"]
[2000,null,null,null,"Espessura Piso Cerâmico",0.03,"m"]
[2000,null,null,null,"Área Meio Fio",{"$f":"F151*0.2","v":4.274},"m²"]
[2000,null,null,null,"Espessura Meio Fio",{"$f":"0.15","v":0.15},"m"]
[2000,null,null,null,"Área de trama de madeira ",{"$f":"F161","v":12},"m²"]
[2000,null,null,null,"Espessura",0.05,"m"]
[2000,null,null,null,"Área de cobertura com telha cerâmica",{"$f":"F185","v":12},"m²"]
[2000,null,null,null,"Espessura",{"$f":"0.03","v":0.03},"m"]
[2000,null,null,null,"Volume estrutura em madeira",1.5,"m³"]
[2000,null,null,null,"Empolamento (40%)",1.4,"-"]
[2000,null,null,null,"Total",{"$f":"((F170)+(F171)+(F172)+(F173*F174)+(F175*F176)+(F177+F178)+(F179*F180)+(F181*F182)+(F183*F184)+(F186*F185)+(F187*F188)+F189)*F190","v":354.45045999999996},"m³"]
[2000]
[{"$f":"IFERROR(LEFT(D193,SEARCH(\".\",D193)-1),\"\")","v":"3"},{"$f":"IFERROR(LEFT(RIGHT(D193,LEN(D193)-SEARCH(\".\",D193)),SEARCH(\".\",RIGHT(D193,LEN(D193)-SEARCH(\".\",D193)))-1),\"\")","v":""},{"$f":"IFERROR(IF(LEN(D193)-LEN(SUBSTITUTE(D193,\".\",\"\"))<>3,\"\",MID(D193,SEARCH(\".\",D193,SEARCH(\".\",D193)+1)+1,LEN(D193)-SEARCH(\".\",D193,SEARCH(\".\",D193)+1)-(LEN(D193)-(SEARCH(\".\",D193,SEARCH(\".\",D193,SEARCH(\".\",D193)+1)+1)-1)))),\"\")","v":""},"3.19",{"$f":"IF($G193=\"SINAPI\",VLOOKUP($F193,DADOS_SINAPI,2,0),IF(G193=\"SETOP\",VLOOKUP($F193,DADOS_SETOP,2,0),IF(G193=\"CPU\",VLOOKUP($F193,DADOS_COMPOSICAO,2,0),IF(G193=\"SICRO\",VLOOKUP($F193,DADOS_SICRO,2,0),IF(G193=\"SUDECAP\",VLOOKUP(F193,DADOS_SUDECAP,2,0),IF(G193=\"COTAÇÃO\",VLOOKUP($F193,DADOS_COTACAO,2,0),\"\"))))))","v":"TRANSPORTE COM CAMINHÃO BASCULANTE DE 14 M³, EM VIA URBANA PAVIMENTADA, DMT ATÉ 30 KM (UNIDADE: M3XKM). AF_07/2020"},95876,"SINAPI",{"$f":"IF(G193=\"SINAPI\",VLOOKUP($F193,DADOS_SINAPI,3,0),IF(G193=\"SETOP\",VLOOKUP($F193,DADOS_SETOP,3,0),IF(G193=\"CPU\",VLOOKUP($F193,DADOS_COMPOSICAO,10,0),IF(G193=\"SICRO\",VLOOKUP($F193,DADOS_SICRO,3,0),IF(G193=\"SUDECAP\",VLOOKUP(F193,DADOS_SUDECAP,3,0),IF(G193=\"COTAÇÃO\",VLOOKUP($F193,DADOS_COTACAO,9,0),\"\"))))))","v":"M3XKM"},{"$f":"F197","v":708.90091999999993},{"$f":"TRUNC(IF(G193=\"SINAPI\",VLOOKUP($F193,DADOS_SINAPI,4,0),IF(G193=\"SETOP\",VLOOKUP($F193,DADOS_SETOP,4,0),IF(G193=\"CPU\",VLOOKUP($F193,DADOS_COMPOSICAO,13,0),IF(G193=\"SICRO\",VLOOKUP($F193,DADOS_SICRO,4,0),IF(G193=\"SUDECAP\",VLOOKUP(F193,DADOS_SUDECAP,4,0),IF(G193=\"COTAÇÃO\",VLOOKUP(F193,DADOS_COTACAO,12,0),\"\")))))),2)","v":2.23},"BDI 1",{"$f":"TRUNC(J193*(1+$N$17),2)","v":2.82},{"$f":"IFERROR(TRUNC(I193*J193,2),\"\")","v":1580.84},{"$f":"IFERROR(TRUNC(L193*I193,2),\"\")","v":1999.1}]
[2000]
[2000,null,null,null,"Carga",{"$f":"F191","v":354.45045999999996},"m³"]
[2000,null,null,null,"Distância",2,"km"]
[2000,null,null,null,"Total",{"$f":"F195*F196","v":708.90091999999993},"m³xkm"]
[2000]
[1000,null,null,4,"TERRAPLENAGEM",null,null,null,null,null,null,null,{"$f":"SUMIF(A:A,D199,M:M)","v":62993.399999999994},{"$f":"SUMIF(A:A,D199,N:N)","v":79682.210000000021}]
[null,null,null,"4.1","EXECUÇÃO DE CORTE E ATERRO",null,null,null,null,null,null,null,{"$f":"IFERROR(SUMIFS(M:M,A:A,LEFT(D200,SEARCH(\".\",D200)-1),B:B,RIGHT(D200,LEN(D200)-SEARCH(\".\",D200))),\"\")","v":21887.32},{"$f":"IFERROR(SUMIFS(N:N,A:A,LEFT(D200,SEARCH(\".\",D200)-1),B:B,RIGHT(D200,LEN(D200)-SEARCH(\".\",D200))),\"\")","v":27689.87}]
[{"$f":"IFERROR(LEFT(D201,SEARCH(\".\",D201)-1),\"\")","v":"4"},{"$f":"IFERROR(LEFT(RIGHT(D201,LEN(D201)-SEARCH(\".\",D201)),SEARCH(\".\",RIGHT(D201,LEN(D201)-SEARCH(\".\",D201)))-1),\"\")","v":"1"},{"$f":"IFERROR(IF(LEN(D201)-LEN(SUBSTITUTE(D201,\".\",\"\"))<>3,\"\",MID(D201,SEARCH(\".\",D201,SEARCH(\".\",D201)+1)+1,LEN(D201)-SEARCH(\".\",D201,SEARCH(\".\",D201)+1)-(LEN(D201)-(SEARCH(\".\",D201,SEARCH(\".\",D201,SEARCH(\".\",D201)+1)+1)-1)))),\"\")","v":""},"4.1.1",{"$f":"IF($G201=\"SINAPI\",VLOOKUP($F201,DADOS_SINAPI,2,0),IF(G201=\"SETOP\",VLOOKUP($F201,DADOS_SETOP,2,0),IF(G201=\"CPU\",VLOOKUP($F201,DADOS_COMPOSICAO,2,0),IF(G201=\"SICRO\",VLOOKUP($F201,DADOS_SICRO,2,0),IF(G201=\"SUDECAP\",VLOOKUP(F201,DADOS_SUDECAP,2,0),IF(G201=\"COTAÇÃO\",VLOOKUP($F201,DADOS_COTACAO,2,0),\"\"))))))","v":"COMPACTAÇÃO MECANIZADA DE ATERRO COM PLACA VIBRATÓRIA, INCLUSIVE ESPALHAMENTO MANUAL"},"ED-51096","SETOP",{"$f":"IF(G201=\"SINAPI\",VLOOKUP($F201,DADOS_SINAPI,3,0),IF(G201=\"SETOP\",VLOOKUP($F201,DADOS_SETOP,3,0),IF(G201=\"CPU\",VLOOKUP($F201,DADOS_COMPOSICAO,10,0),IF(G201=\"SICRO\",VLOOKUP($F201,DADOS_SICRO,3,0),IF(G201=\"SUDECAP\",VLOOKUP(F201,DADOS_SUDECAP,3,0),IF(G201=\"COTAÇÃO\",VLOOKUP($F201,DADOS_COTACAO,9,0),\"\"))))))","v":"m3"},{"$f":"F204","v":429.5},{"$f":"TRUNC(IF(G201=\"SINAPI\",VLOOKUP($F201,DADOS_SINAPI,4,0),IF(G201=\"SETOP\",VLOOKUP($F201,DADOS_SETOP,4,0),IF(G201=\"CPU\",VLOOKUP($F201,DADOS_COMPOSICAO,13,0),IF(G201=\"SICRO\",VLOOKUP($F201,DADOS_SICRO,4,0),IF(G201=\"SUDECAP\",VLOOKUP(F201,DADOS_SUDECAP,4,0),IF(G201=\"COTAÇÃO\",VLOOKUP(F201,DADOS_COTACAO,12,0),\"\")))))),2)","v":50.96},"BDI 1",{"$f":"TRUNC(J201*(1+$N$17),2)","v":64.47},{"$f":"IFERROR(TRUNC(I201*J201,2),\"\")","v":21887.32},27689.87]
[2000]
[2000,null,null,null,"Volume de aterro",429.5,"m³"]
[2000,null,null,null,"Total",{"$f":"F203","v":429.5},"m³"]
[2000]
[null,null,null,"4.2","EMPRÉSTIMO DE SOLO",null,null,null,null,null,null,null,{"$f":"IFERROR(SUMIFS(M:M,A:A,LEFT(D206,SEARCH(\".\",D206)-1),B:B,RIGHT(D206,LEN(D206)-SEARCH(\".\",D206))),\"\")","v":39035.949999999997},{"$f":"IFERROR(SUMIFS(N:N,A:A,LEFT(D206,SEARCH(\".\",D206)-1),B:B,RIGHT(D206,LEN(D206)-SEARCH(\".\",D206))),\"\")","v":49374.270000000004}]
[{"$f":"IFERROR(LEFT(D207,SEARCH(\".\",D207)-1),\"\")","v":"4"},{"$f":"IFERROR(LEFT(RIGHT(D207,LEN(D207)-SEARCH(\".\",D207)),SEARCH(\".\",RIGHT(D207,LEN(D207)-SEARCH(\".\",D207)))-1),\"\")","v":"2"},{"$f":"IFERROR(IF(LEN(D207)-LEN(SUBSTITUTE(D207,\".\",\"\"))<>3,\"\",MID(D207,SEARCH(\".\",D207,SEARCH(\".\",D207)+1)+1,LEN(D207)-SEARCH(\".\",D207,SEARCH(\".\",D207)+1)-(LEN(D207)-(SEARCH(\".\",D207,SEARCH(\".\",D207,SEARCH(\".\",D207)+1)+1)-1)))),\"\")","v":""},"4.2.1",{"$f":"IF($G207=\"SINAPI\",VLOOKUP($F207,DADOS_SINAPI,2,0),IF(G207=\"SETOP\",VLOOKUP($F207,DADOS_SETOP,2,0),IF(G207=\"CPU\",VLOOKUP($F207,DADOS_COMPOSICAO,2,0),IF(G207=\"SICRO\",VLOOKUP($F207,DADOS_SICRO,2,0),IF(G207=\"SUDECAP\",VLOOKUP(F207,DADOS_SUDECAP,2,0),IF(G207=\"COTAÇÃO\",VLOOKUP($F207,DADOS_COTACAO,2,0),\"\"))))))","v":"ARGILA OU BARRO PARA ATERRO/REATERRO (RETIRADO NA JAZIDA, SEM TRANSPORTE)"},6077,"SINAPI",{"$f":"IF(G207=\"SINAPI\",VLOOKUP($F207,DADOS_SINAPI,3,0),IF(G207=\"SETOP\",VLOOKUP($F207,DADOS_SETOP,3,0),IF(G207=\"CPU\",VLOOKUP($F207,DADOS_COMPOSICAO,10,0),IF(G207=\"SICRO\",VLOOKUP($F207,DADOS_SICRO,3,0),IF(G207=\"SUDECAP\",VLOOKUP(F207,DADOS_SUDECAP,3,0),IF(G207=\"COTAÇÃO\",VLOOKUP($F207,DADOS_COTACAO,9,0),\"\"))))))","v":"M3"},{"$f":"F211","v":477.22222222222223},{"$f":"TRUNC(IF(G207=\"SINAPI\",VLOOKUP($F207,DADOS_SINAPI,4,0),IF(G207=\"SETOP\",VLOOKUP($F207,DADOS_SETOP,4,0),IF(G207=\"CPU\",VLOOKUP($F207,DADOS_COMPOSICAO,13,0),IF(G207=\"SICRO\",VLOOKUP($F207,DADOS_SICRO,4,0),IF(G207=\"SUDECAP\",VLOOKUP(F207,DADOS_SUDECAP,4,0),IF(G207=\"COTAÇÃO\",VLOOKUP(F207,DADOS_COTACAO,12,0),\"\")))))),2)","v":37.35},"BDI 1",{"$f":"TRUNC(J207*(1+$N$17),2)","v":47.25},{"$f":"IFERROR(TRUNC(I207*J207,2),\"\")","v":17824.25},22548.65]
[2000]
[2000,null,null,null,"Volume de aterro",{"$f":"F204","v":429.5},"m³"]
[2000,null,null,null,"Coeficiente de contração",0.9,"-"]
[2000,null,null,null,"Total",{"$f":"F209/F210","v":477.22222222222223},"m³"]
[2000]
[{"$f":"IFERROR(LEFT(D213,SEARCH(\".\",D213)-1),\"\")","v":"4"},{"$f":"IFERROR(LEFT(RIGHT(D213,LEN(D213)-SEARCH(\".\",D213)),SEARCH(\".\",RIGHT(D213,LEN(D213)-SEARCH(\".\",D213)))-1),\"\")","v":"2"},{"$f":"IFERROR(IF(LEN(D213)-LEN(SUBSTITUTE(D213,\".\",\"\"))<>3,\"\",MID(D213,SEARCH(\".\",D213,SEARCH(\".\",D213)+1)+1,LEN(D213)-SEARCH(\".\",D213,SEARCH(\".\",D213)+1)-(LEN(D213)-(SEARCH(\".\",D213,SEARCH(\".\",D213,SEARCH(\".\",D213)+1)+1)-1)))),\"\")","v":""},"4.2.2",{"$f":"IF($G213=\"SINAPI\",VLOOKUP($F213,DADOS_SINAPI,2,0),IF(G213=\"SETOP\",VLOOKUP($F213,DADOS_SETOP,2,0),IF(G213=\"CPU\",VLOOKUP($F213,DADOS_COMPOSICAO,2,0),IF(G213=\"SICRO\",VLOOKUP($F213,DADOS_SICRO,2,0),IF(G213=\"SUDECAP\",VLOOKUP(F213,DADOS_SUDECAP,2,0),IF(G213=\"COTAÇÃO\",VLOOKUP($F213,DADOS_COTACAO,2,0),\"\"))))))","v":"CARGA, MANOBRA E DESCARGA DE SOLOS E MATERIAIS GRANULARES EM CAMINHÃO BASCULANTE 10 M³ - CARGA COM ESCAVADEIRA HIDRÁULICA (CAÇAMBA DE 1,20 M³ / 155 HP) E DESCARGA LIVRE (UNIDADE: M3). AF_07/2020"},100978,"SINAPI",{"$f":"IF(G213=\"SINAPI\",VLOOKUP($F213,DADOS_SINAPI,3,0),IF(G213=\"SETOP\",VLOOKUP($F213,DADOS_SETOP,3,0),IF(G213=\"CPU\",VLOOKUP($F213,DADOS_COMPOSICAO,10,0),IF(G213=\"SICRO\",VLOOKUP($F213,DADOS_SICRO,3,0),IF(G213=\"SUDECAP\",VLOOKUP(F213,DADOS_SUDECAP,3,0),IF(G213=\"COTAÇÃO\",VLOOKUP($F213,DADOS_COTACAO,9,0),\"\"))))))","v":"M3"},{"$f":"F217","v":620.38888888888891},{"$f":"TRUNC(IF(G213=\"SINAPI\",VLOOKUP($F213,DADOS_SINAPI,4,0),IF(G213=\"SETOP\",VLOOKUP($F213,DADOS_SETOP,4,0),IF(G213=\"CPU\",VLOOKUP($F213,DADOS_COMPOSICAO,13,0),IF(G213=\"SICRO\",VLOOKUP($F213,DADOS_SICRO,4,0),IF(G213=\"SUDECAP\",VLOOKUP(F213,DADOS_SUDECAP,4,0),IF(G213=\"COTAÇÃO\",VLOOKUP(F213,DADOS_COTACAO,12,0),\"\")))))),2)","v":7.12},"BDI 1",{"$f":"TRUNC(J213*(1+$N$17),2)","v":9},{"$f":"IFERROR(TRUNC(I213*J213,2),\"\")","v":4417.16},5583.51]
[2000]
[2000,null,null,null,"Volume de aterro",{"$f":"F211","v":477.22222222222223},"m³"]
[2000,null,null,null,"Empolamento",1.3,"-"]
[2000,null,null,null,"Total",{"$f":"F215*F216","v":620.38888888888891},"m³"]
[2000]
[{"$f":"IFERROR(LEFT(D219,SEARCH(\".\",D219)-1),\"\")","v":"4"},{"$f":"IFERROR(LEFT(RIGHT(D219,LEN(D219)-SEARCH(\".\",D219)),SEARCH(\".\",RIGHT(D219,LEN(D219)-SEARCH(\".\",D219)))-1),\"\")","v":"2"},{"$f":"IFERROR(IF(LEN(D219)-LEN(SUBSTITUTE(D219,\".\",\"\"))<>3,\"\",MID(D219,SEARCH(\".\",D219,SEARCH(\".\",D219)+1)+1,LEN(D219)-SEARCH(\".\",D219,SEARCH(\".\",D219)+1)-(LEN(D219)-(SEARCH(\".\",D219,SEARCH(\".\",D219,SEARCH(\".\",D219)+1)+1)-1)))),\"\")","v":""},"4.2.3",{"$f":"IF($G219=\"SINAPI\",VLOOKUP($F219,DADOS_SINAPI,2,0),IF(G219=\"SETOP\",VLOOKUP($F219,DADOS_SETOP,2,0),IF(G219=\"CPU\",VLOOKUP($F219,DADOS_COMPOSICAO,2,0),IF(G219=\"SICRO\",VLOOKUP($F219,DADOS_SICRO,2,0),IF(G219=\"SUDECAP\",VLOOKUP(F219,DADOS_SUDECAP,2,0),IF(G219=\"COTAÇÃO\",VLOOKUP($F219,DADOS_COTACAO,2,0),\"\"))))))","v":"TRANSPORTE COM CAMINHÃO BASCULANTE DE 10 M³, EM VIA URBANA PAVIMENTADA, DMT ATÉ 30 KM (UNIDADE: M3XKM). AF_07/2020"},95875,"SINAPI",{"$f":"IF(G219=\"SINAPI\",VLOOKUP($F219,DADOS_SINAPI,3,0),IF(G219=\"SETOP\",VLOOKUP($F219,DADOS_SETOP,3,0),IF(G219=\"CPU\",VLOOKUP($F219,DADOS_COMPOSICAO,10,0),IF(G219=\"SICRO\",VLOOKUP($F219,DADOS_SICRO,3,0),IF(G219=\"SUDECAP\",VLOOKUP(F219,DADOS_SUDECAP,3,0),IF(G219=\"COTAÇÃO\",VLOOKUP($F219,DADOS_COTACAO,9,0),\"\"))))))","v":"M3XKM"},{"$f":"F223","v":6638.1611111111106},{"$f":"TRUNC(IF(G219=\"SINAPI\",VLOOKUP($F219,DADOS_SINAPI,4,0),IF(G219=\"SETOP\",VLOOKUP($F219,DADOS_SETOP,4,0),IF(G219=\"CPU\",VLOOKUP($F219,DADOS_COMPOSICAO,13,0),IF(G219=\"SICRO\",VLOOKUP($F219,DADOS_SICRO,4,0),IF(G219=\"SUDECAP\",VLOOKUP(F219,DADOS_SUDECAP,4,0),IF(G219=\"COTAÇÃO\",VLOOKUP(F219,DADOS_COTACAO,12,0),\"\")))))),2)","v":2.5299999999999998},"BDI 1",{"$f":"TRUNC(J219*(1+$N$17),2)","v":3.2},{"$f":"IFERROR(TRUNC(I219*J219,2),\"\")","v":16794.54},{"$f":"IFERROR(TRUNC(L219*I219,2),\"\")","v":21242.11}]
[2000]
[2000,null,null,null,"Volume de carga",{"$f":"F217","v":620.38888888888891},"m³"]
[2000,null,null,null,"DMT",10.7,"km"]
[2000,null,null,null,"Total",{"$f":"F221*F222","v":6638.1611111111106},"m³.km"]
[2000]
[null,null,null,"4.3","PROTEÇÃO DO TALUDE",null,null,null,null,null,null,null,{"$f":"IFERROR(SUMIFS(M:M,A:A,LEFT(D225,SEARCH(\".\",D225)-1),B:B,RIGHT(D225,LEN(D225)-SEARCH(\".\",D225))),\"\")","v":2070.1300000000006},{"$f":"IFERROR(SUMIFS(N:N,A:A,LEFT(D225,SEARCH(\".\",D225)-1),B:B,RIGHT(D225,LEN(D225)-SEARCH(\".\",D225))),\"\")","v":2618.0699999999997}]
[{"$f":"IFERROR(LEFT(D226,SEARCH(\".\",D226)-1),\"\")","v":"4"},{"$f":"IFERROR(LEFT(RIGHT(D226,LEN(D226)-SEARCH(\".\",D226)),SEARCH(\".\",RIGHT(D226,LEN(D226)-SEARCH(\".\",D226)))-1),\"\")","v":"3"},{"$f":"IFERROR(IF(LEN(D226)-LEN(SUBSTITUTE(D226,\".\",\"\"))<>3,\"\",MID(D226,SEARCH(\".\",D226,SEARCH(\".\",D226)+1)+1,LEN(D226)-SEARCH(\".\",D226,SEARCH(\".\",D226)+1)-(LEN(D226)-(SEARCH(\".\",D226,SEARCH(\".\",D226,SEARCH(\".\",D226)+1)+1)-1)))),\"\")","v":""},"4.3.1",{"$f":"IF($G226=\"SINAPI\",VLOOKUP($F226,DADOS_SINAPI,2,0),IF(G226=\"SETOP\",VLOOKUP($F226,DADOS_SETOP,2,0),IF(G226=\"CPU\",VLOOKUP($F226,DADOS_COMPOSICAO,2,0),IF(G226=\"SICRO\",VLOOKUP($F226,DADOS_SICRO,2,0),IF(G226=\"SUDECAP\",VLOOKUP(F226,DADOS_SUDECAP,2,0),IF(G226=\"COTAÇÃO\",VLOOKUP($F226,DADOS_COTACAO,2,0),\"\"))))))","v":"PLANTIO DE GRAMA ESMERALDA OU SÃO CARLOS OU CURITIBANA, EM PLACAS. AF_07/2024"},103946,"SINAPI",{"$f":"IF(G226=\"SINAPI\",VLOOKUP($F226,DADOS_SINAPI,3,0),IF(G226=\"SETOP\",VLOOKUP($F226,DADOS_SETOP,3,0),IF(G226=\"CPU\",VLOOKUP($F226,DADOS_COMPOSICAO,10,0),IF(G226=\"SICRO\",VLOOKUP($F226,DADOS_SICRO,3,0),IF(G226=\"SUDECAP\",VLOOKUP(F226,DADOS_SUDECAP,3,0),IF(G226=\"COTAÇÃO\",VLOOKUP($F226,DADOS_COTACAO,9,0),\"\"))))))","v":"M2"},{"$f":"F229","v":58.43},{"$f":"TRUNC(IF(G226=\"SINAPI\",VLOOKUP($F226,DADOS_SINAPI,4,0),IF(G226=\"SETOP\",VLOOKUP($F226,DADOS_SETOP,4,0),IF(G226=\"CPU\",VLOOKUP($F226,DADOS_COMPOSICAO,13,0),IF(G226=\"SICRO\",VLOOKUP($F226,DADOS_SICRO,4,0),IF(G226=\"SUDECAP\",VLOOKUP(F226,DADOS_SUDECAP,4,0),IF(G226=\"COTAÇÃO\",VLOOKUP(F226,DADOS_COTACAO,12,0),\"\")))))),2)","v":15.81},"BDI 1",{"$f":"TRUNC(J226*(1+$N$17),2)","v":20},{"$f":"IFERROR(TRUNC(I226*J226,2),\"\")","v":923.77},{"$f":"IFERROR(TRUNC(L226*I226,2),\"\")","v":1168.5999999999999}]
[2000]
[2000,null,null,null,"Área de grama",58.43,"m²"]
[2000,null,null,null,"Total",{"$f":"F228","v":58.43},"m²"]
[2000]
[{"$f":"IFERROR(LEFT(D231,SEARCH(\".\",D231)-1),\"\")","v":"4"},{"$f":"IFERROR(LEFT(RIGHT(D231,LEN(D231)-SEARCH(\".\",D231)),SEARCH(\".\",RIGHT(D231,LEN(D231)-SEARCH(\".\",D231)))-1),\"\")","v":"3"},{"$f":"IFERROR(IF(LEN(D231)-LEN(SUBSTITUTE(D231,\".\",\"\"))<>3,\"\",MID(D231,SEARCH(\".\",D231,SEARCH(\".\",D231)+1)+1,LEN(D231)-SEARCH(\".\",D231,SEARCH(\".\",D231)+1)-(LEN(D231)-(SEARCH(\".\",D231,SEARCH(\".\",D231,SEARCH(\".\",D231)+1)+1)-1)))),\"\")","v":""},"4.3.2",{"$f":"IF($G231=\"SINAPI\",VLOOKUP($F231,DADOS_SINAPI,2,0),IF(G231=\"SETOP\",VLOOKUP($F231,DADOS_SETOP,2,0),IF(G231=\"CPU\",VLOOKUP($F231,DADOS_COMPOSICAO,2,0),IF(G231=\"SICRO\",VLOOKUP($F231,DADOS_SICRO,2,0),IF(G231=\"SUDECAP\",VLOOKUP(F231,DADOS_SUDECAP,2,0),IF(G231=\"COTAÇÃO\",VLOOKUP($F231,DADOS_COTACAO,2,0),\"\"))))))","v":"CARGA MANUAL DE MATERIAL DE QUALQUER NATUREZA SOBRE CAMINHÃO, EXCLUSIVE TRANSPORTE"},"ED-51131","SETOP",{"$f":"IF(G231=\"SINAPI\",VLOOKUP($F231,DADOS_SINAPI,3,0),IF(G231=\"SETOP\",VLOOKUP($F231,DADOS_SETOP,3,0),IF(G231=\"CPU\",VLOOKUP($F231,DADOS_COMPOSICAO,10,0),IF(G231=\"SICRO\",VLOOKUP($F231,DADOS_SICRO,3,0),IF(G231=\"SUDECAP\",VLOOKUP(F231,DADOS_SUDECAP,3,0),IF(G231=\"COTAÇÃO\",VLOOKUP($F231,DADOS_COTACAO,9,0),\"\"))))))","v":"m3"},{"$f":"F237","v":11.39},{"$f":"TRUNC(IF(G231=\"SINAPI\",VLOOKUP($F231,DADOS_SINAPI,4,0),IF(G231=\"SETOP\",VLOOKUP($F231,DADOS_SETOP,4,0),IF(G231=\"CPU\",VLOOKUP($F231,DADOS_COMPOSICAO,13,0),IF(G231=\"SICRO\",VLOOKUP($F231,DADOS_SICRO,4,0),IF(G231=\"SUDECAP\",VLOOKUP(F231,DADOS_SUDECAP,4,0),IF(G231=\"COTAÇÃO\",VLOOKUP(F231,DADOS_COTACAO,12,0),\"\")))))),2)","v":41.88},"BDI 1",{"$f":"TRUNC(J231*(1+$N$17),2)","v":52.98},{"$f":"IFERROR(TRUNC(I231*J231,2),\"\")","v":477.01},{"$f":"IFERROR(TRUNC(L231*I231,2),\"\")","v":603.44000000000005}]
[2000]
[2000,null,null,null,"Área de grama",{"$f":"F229","v":58.43},"m²"]
[2000,null,null,null,"Altura",0.15,"m"]
[2000,null,null,null,"Subtotal (volume de grama)",{"$f":"F233*F234","v":8.7645},"m³"]
[2000,null,null,null,"Empolamento",1.3,"-"]
[2000,null,null,null,"Total",11.39,"m³"]
[2000]
[{"$f":"IFERROR(LEFT(D239,SEARCH(\".\",D239)-1),\"\")","v":"4"},{"$f":"IFERROR(LEFT(RIGHT(D239,LEN(D239)-SEARCH(\".\",D239)),SEARCH(\".\",RIGHT(D239,LEN(D239)-SEARCH(\".\",D239)))-1),\"\")","v":"3"},{"$f":"IFERROR(IF(LEN(D239)-LEN(SUBSTITUTE(D239,\".\",\"\"))<>3,\"\",MID(D239,SEARCH(\".\",D239,SEARCH(\".\",D239)+1)+1,LEN(D239)-SEARCH(\".\",D239,SEARCH(\".\",D239)+1)-(LEN(D239)-(SEARCH(\".\",D239,SEARCH(\".\",D239,SEARCH(\".\",D239)+1)+1)-1)))),\"\")","v":""},"4.3.3",{"$f":"IF($G239=\"SINAPI\",VLOOKUP($F239,DADOS_SINAPI,2,0),IF(G239=\"SETOP\",VLOOKUP($F239,DADOS_SETOP,2,0),IF(G239=\"CPU\",VLOOKUP($F239,DADOS_COMPOSICAO,2,0),IF(G239=\"SICRO\",VLOOKUP($F239,DADOS_SICRO,2,0),IF(G239=\"SUDECAP\",VLOOKUP(F239,DADOS_SUDECAP,2,0),IF(G239=\"COTAÇÃO\",VLOOKUP($F239,DADOS_COTACAO,2,0),\"\"))))))","v":"TRANSPORTE COM CAMINHÃO BASCULANTE DE 10 M³, EM VIA URBANA PAVIMENTADA, DMT ATÉ 30 KM (UNIDADE: M3XKM). AF_07/2020"},95875,"SINAPI",{"$f":"IF(G239=\"SINAPI\",VLOOKUP($F239,DADOS_SINAPI,3,0),IF(G239=\"SETOP\",VLOOKUP($F239,DADOS_SETOP,3,0),IF(G239=\"CPU\",VLOOKUP($F239,DADOS_COMPOSICAO,10,0),IF(G239=\"SICRO\",VLOOKUP($F239,DADOS_SICRO,3,0),IF(G239=\"SUDECAP\",VLOOKUP(F239,DADOS_SUDECAP,3,0),IF(G239=\"COTAÇÃO\",VLOOKUP($F239,DADOS_COTACAO,9,0),\"\"))))))","v":"M3XKM"},{"$f":"F243","v":124.15100000000001},{"$f":"TRUNC(IF(G239=\"SINAPI\",VLOOKUP($F239,DADOS_SINAPI,4,0),IF(G239=\"SETOP\",VLOOKUP($F239,DADOS_SETOP,4,0),IF(G239=\"CPU\",VLOOKUP($F239,DADOS_COMPOSICAO,13,0),IF(G239=\"SICRO\",VLOOKUP($F239,DADOS_SICRO,4,0),IF(G239=\"SUDECAP\",VLOOKUP(F239,DADOS_SUDECAP,4,0),IF(G239=\"COTAÇÃO\",VLOOKUP(F239,DADOS_COTACAO,12,0),\"\")))))),2)","v":2.5299999999999998},"BDI 1",{"$f":"TRUNC(J239*(1+$N$17),2)","v":3.2},{"$f":"IFERROR(TRUNC(I239*J239,2),\"\")","v":314.10000000000002},{"$f":"IFERROR(TRUNC(L239*I239,2),\"\")","v":397.28}]
[2000]
[2000,null,null,null,"Volume de grama",{"$f":"F237","v":11.39},"m³"]
[2000,null,null,null,"DMT",10.9,"km"]
[2000,null,null,null,"Total",{"$f":"F241*F242","v":124.15100000000001},"m³.km"]
[2000]
[{"$f":"IFERROR(LEFT(D245,SEARCH(\".\",D245)-1),\"\")","v":"4"},{"$f":"IFERROR(LEFT(RIGHT(D245,LEN(D245)-SEARCH(\".\",D245)),SEARCH(\".\",RIGHT(D245,LEN(D245)-SEARCH(\".\",D245)))-1),\"\")","v":"3"},{"$f":"IFERROR(IF(LEN(D245)-LEN(SUBSTITUTE(D245,\".\",\"\"))<>3,\"\",MID(D245,SEARCH(\".\",D245,SEARCH(\".\",D245)+1)+1,LEN(D245)-SEARCH(\".\",D245,SEARCH(\".\",D245)+1)-(LEN(D245)-(SEARCH(\".\",D245,SEARCH(\".\",D245,SEARCH(\".\",D245)+1)+1)-1)))),\"\")","v":""},"4.3.4",{"$f":"IF($G245=\"SINAPI\",VLOOKUP($F245,DADOS_SINAPI,2,0),IF(G245=\"SETOP\",VLOOKUP($F245,DADOS_SETOP,2,0),IF(G245=\"CPU\",VLOOKUP($F245,DADOS_COMPOSICAO,2,0),IF(G245=\"SICRO\",VLOOKUP($F245,DADOS_SICRO,2,0),IF(G245=\"SUDECAP\",VLOOKUP(F245,DADOS_SUDECAP,2,0),IF(G245=\"COTAÇÃO\",VLOOKUP($F245,DADOS_COTACAO,2,0),\"\"))))))","v":"APLICAÇÃO DE ADUBO EM SOLO. AF_07/2024"},98520,"SINAPI",{"$f":"IF(G245=\"SINAPI\",VLOOKUP($F245,DADOS_SINAPI,3,0),IF(G245=\"SETOP\",VLOOKUP($F245,DADOS_SETOP,3,0),IF(G245=\"CPU\",VLOOKUP($F245,DADOS_COMPOSICAO,10,0),IF(G245=\"SICRO\",VLOOKUP($F245,DADOS_SICRO,3,0),IF(G245=\"SUDECAP\",VLOOKUP(F245,DADOS_SUDECAP,3,0),IF(G245=\"COTAÇÃO\",VLOOKUP($F245,DADOS_COTACAO,9,0),\"\"))))))","v":"M2"},{"$f":"F248","v":58.43},{"$f":"TRUNC(IF(G245=\"SINAPI\",VLOOKUP($F245,DADOS_SINAPI,4,0),IF(G245=\"SETOP\",VLOOKUP($F245,DADOS_SETOP,4,0),IF(G245=\"CPU\",VLOOKUP($F245,DADOS_COMPOSICAO,13,0),IF(G245=\"SICRO\",VLOOKUP($F245,DADOS_SICRO,4,0),IF(G245=\"SUDECAP\",VLOOKUP(F245,DADOS_SUDECAP,4,0),IF(G245=\"COTAÇÃO\",VLOOKUP(F245,DADOS_COTACAO,12,0),\"\")))))),2)","v":5.75},"BDI 1",{"$f":"TRUNC(J245*(1+$N$17),2)","v":7.27},{"$f":"IFERROR(TRUNC(I245*J245,2),\"\")","v":335.97},424.79]
[2000]
[2000,null,null,null,"Área de grama",{"$f":"F228","v":58.43},"m²"]
[2000,null,null,null,"Total",{"$f":"F247","v":58.43},"m²"]
[2000]
[{"$f":"IFERROR(LEFT(D250,SEARCH(\".\",D250)-1),\"\")","v":"4"},{"$f":"IFERROR(LEFT(RIGHT(D250,LEN(D250)-SEARCH(\".\",D250)),SEARCH(\".\",RIGHT(D250,LEN(D250)-SEARCH(\".\",D250)))-1),\"\")","v":"3"},{"$f":"IFERROR(IF(LEN(D250)-LEN(SUBSTITUTE(D250,\".\",\"\"))<>3,\"\",MID(D250,SEARCH(\".\",D250,SEARCH(\".\",D250)+1)+1,LEN(D250)-SEARCH(\".\",D250,SEARCH(\".\",D250)+1)-(LEN(D250)-(SEARCH(\".\",D250,SEARCH(\".\",D250,SEARCH(\".\",D250)+1)+1)-1)))),\"\")","v":""},"4.3.5",{"$f":"IF($G250=\"SINAPI\",VLOOKUP($F250,DADOS_SINAPI,2,0),IF(G250=\"SETOP\",VLOOKUP($F250,DADOS_SETOP,2,0),IF(G250=\"CPU\",VLOOKUP($F250,DADOS_COMPOSICAO,2,0),IF(G250=\"SICRO\",VLOOKUP($F250,DADOS_SICRO,2,0),IF(G250=\"SUDECAP\",VLOOKUP(F250,DADOS_SUDECAP,2,0),IF(G250=\"COTAÇÃO\",VLOOKUP($F250,DADOS_COTACAO,2,0),\"\"))))))","v":"APLICAÇÃO DE CALCÁRIO PARA CORREÇÃO DO PH DO SOLO. AF_07/2024"},98521,"SINAPI",{"$f":"IF(G250=\"SINAPI\",VLOOKUP($F250,DADOS_SINAPI,3,0),IF(G250=\"SETOP\",VLOOKUP($F250,DADOS_SETOP,3,0),IF(G250=\"CPU\",VLOOKUP($F250,DADOS_COMPOSICAO,10,0),IF(G250=\"SICRO\",VLOOKUP($F250,DADOS_SICRO,3,0),IF(G250=\"SUDECAP\",VLOOKUP(F250,DADOS_SUDECAP,3,0),IF(G250=\"COTAÇÃO\",VLOOKUP($F250,DADOS_COTACAO,9,0),\"\"))))))","v":"M2"},{"$f":"F253","v":58.43},{"$f":"TRUNC(IF(G250=\"SINAPI\",VLOOKUP($F250,DADOS_SINAPI,4,0),IF(G250=\"SETOP\",VLOOKUP($F250,DADOS_SETOP,4,0),IF(G250=\"CPU\",VLOOKUP($F250,DADOS_COMPOSICAO,13,0),IF(G250=\"SICRO\",VLOOKUP($F250,DADOS_SICRO,4,0),IF(G250=\"SUDECAP\",VLOOKUP(F250,DADOS_SUDECAP,4,0),IF(G250=\"COTAÇÃO\",VLOOKUP(F250,DADOS_COTACAO,12,0),\"\")))))),2)","v":0.33},"BDI 1",{"$f":"TRUNC(J250*(1+$N$17),2)","v":0.41},{"$f":"IFERROR(TRUNC(I250*J250,2),\"\")","v":19.28},23.96]
[2000]
[2000,null,null,null,"Área de grama",{"$f":"F228","v":58.43},"m²"]
[2000,null,null,null,"Total",{"$f":"F252","v":58.43},"m²"]
[2000]
[1000,null,null,5,"ESTRUTURA",null,null,null,null,null,null,null,{"$f":"SUMIF(A:A,D255,M:M)","v":382656.32999999996},{"$f":"SUMIF(A:A,D255,N:N)","v":484101.93999999994}]
[null,null,null,"5.1","MOVIMENTAÇÃO DE TERRA",null,null,null,null,null,null,null,{"$f":"IFERROR(SUMIFS(M:M,A:A,LEFT(D256,SEARCH(\".\",D256)-1),B:B,RIGHT(D256,LEN(D256)-SEARCH(\".\",D256))),\"\")","v":6580.17},{"$f":"IFERROR(SUMIFS(N:N,A:A,LEFT(D256,SEARCH(\".\",D256)-1),B:B,RIGHT(D256,LEN(D256)-SEARCH(\".\",D256))),\"\")","v":8324.76}]
[null,null,null,"5.1.1","ESCAVAÇÃO PARA BLOCO E VIGA BALDRAME",null,null,null,null,null,null,null,{"$f":"IFERROR(SUMIFS(M:M,A:A,LEFT(D257,SEARCH(\".\",D257)-1),B:B,LEFT(RIGHT(D257,LEN(D257)-SEARCH(\".\",D257)),SEARCH(\".\",RIGHT(D257,LEN(D257)-SEARCH(\".\",D257)))-1),C:C,RIGHT(D257,LEN(D257)-SEARCH(\".\",D257,SEARCH(\".\",D257)+1))),\"\")","v":6321.96},{"$f":"IFERROR(SUMIFS(N:N,A:A,LEFT(D257,SEARCH(\".\",D257)-1),B:B,LEFT(RIGHT(D257,LEN(D257)-SEARCH(\".\",D257)),SEARCH(\".\",RIGHT(D257,LEN(D257)-SEARCH(\".\",D257)))-1),C:C,RIGHT(D257,LEN(D257)-SEARCH(\".\",D257,SEARCH(\".\",D257)+1))),\"\")","v":7998.25}]
[{"$f":"IFERROR(LEFT(D258,SEARCH(\".\",D258)-1),\"\")","v":"5"},{"$f":"IFERROR(LEFT(RIGHT(D258,LEN(D258)-SEARCH(\".\",D258)),SEARCH(\".\",RIGHT(D258,LEN(D258)-SEARCH(\".\",D258)))-1),\"\")","v":"1"},{"$f":"IFERROR(IF(LEN(D258)-LEN(SUBSTITUTE(D258,\".\",\"\"))<>3,\"\",MID(D258,SEARCH(\".\",D258,SEARCH(\".\",D258)+1)+1,LEN(D258)-SEARCH(\".\",D258,SEARCH(\".\",D258)+1)-(LEN(D258)-(SEARCH(\".\",D258,SEARCH(\".\",D258,SEARCH(\".\",D258)+1)+1)-1)))),\"\")","v":"1"},"5.1.1.1",{"$f":"IF($G258=\"SINAPI\",VLOOKUP($F258,DADOS_SINAPI,2,0),IF(G258=\"SETOP\",VLOOKUP($F258,DADOS_SETOP,2,0),IF(G258=\"CPU\",VLOOKUP($F258,DADOS_COMPOSICAO,2,0),IF(G258=\"SICRO\",VLOOKUP($F258,DADOS_SICRO,2,0),IF(G258=\"SUDECAP\",VLOOKUP(F258,DADOS_SUDECAP,2,0),IF(G258=\"COTAÇÃO\",VLOOKUP($F258,DADOS_COTACAO,2,0),\"\"))))))","v":"ESCAVAÇÃO MANUAL PARA BLOCO DE COROAMENTO OU SAPATA (INCLUINDO ESCAVAÇÃO PARA COLOCAÇÃO DE FÔRMAS). AF_01/2024"},96523,"SINAPI",{"$f":"IF(G258=\"SINAPI\",VLOOKUP($F258,DADOS_SINAPI,3,0),IF(G258=\"SETOP\",VLOOKUP($F258,DADOS_SETOP,3,0),IF(G258=\"CPU\",VLOOKUP($F258,DADOS_COMPOSICAO,10,0),IF(G258=\"SICRO\",VLOOKUP($F258,DADOS_SICRO,3,0),IF(G258=\"SUDECAP\",VLOOKUP(F258,DADOS_SUDECAP,3,0),IF(G258=\"COTAÇÃO\",VLOOKUP($F258,DADOS_COTACAO,9,0),\"\"))))))","v":"M3"},{"$f":"F265","v":30.349999999999998},{"$f":"TRUNC(IF(G258=\"SINAPI\",VLOOKUP($F258,DADOS_SINAPI,4,0),IF(G258=\"SETOP\",VLOOKUP($F258,DADOS_SETOP,4,0),IF(G258=\"CPU\",VLOOKUP($F258,DADOS_COMPOSICAO,13,0),IF(G258=\"SICRO\",VLOOKUP($F258,DADOS_SICRO,4,0),IF(G258=\"SUDECAP\",VLOOKUP(F258,DADOS_SUDECAP,4,0),IF(G258=\"COTAÇÃO\",VLOOKUP(F258,DADOS_COTACAO,12,0),\"\")))))),2)","v":93.01},"BDI 1",{"$f":"TRUNC(J258*(1+$N$17),2)","v":117.67},{"$f":"IFERROR(TRUNC(I258*J258,2),\"\")","v":2822.85},{"$f":"IFERROR(TRUNC(L258*I258,2),\"\")","v":3571.28}]
[2000]
[2000,null,null,null,"Salas",{"$f":"ROUND(14*0.6*0.6*0.95+2*0.6*0.6*1,2)","v":5.51},"m³"]
[2000,null,null,null,"Cozinha",{"$f":"ROUND(12*0.6*0.6*0.95+2*0.55*0.55*0.95+1*0.55*0.55*1,2)","v":4.9800000000000004},"m³"]
[2000,null,null,null,"Banheiros",{"$f":"ROUND(9*0.6*0.6*0.95+2*0.6*0.6*1+4*0.6*0.6*1.1+4*0.6*0.6*1.65+4*0.55*0.55*0.95,2)","v":8.91},"m³"]
[2000,null,null,null,"Reservatório",{"$f":"ROUND(3.5*3.5*0.85,2)","v":10.41},"m³"]
[2000,null,null,null,"Muro",{"$f":"ROUND(2*0.55*0.55*0.9,2)","v":0.54},"m³"]
[2000,null,null,null,"Total",{"$f":"SUM(F260:F264)","v":30.349999999999998},"m³"]
[2000]
[{"$f":"IFERROR(LEFT(D267,SEARCH(\".\",D267)-1),\"\")","v":"5"},{"$f":"IFERROR(LEFT(RIGHT(D267,LEN(D267)-SEARCH(\".\",D267)),SEARCH(\".\",RIGHT(D267,LEN(D267)-SEARCH(\".\",D267)))-1),\"\")","v":"1"},{"$f":"IFERROR(IF(LEN(D267)-LEN(SUBSTITUTE(D267,\".\",\"\"))<>3,\"\",MID(D267,SEARCH(\".\",D267,SEARCH(\".\",D267)+1)+1,LEN(D267)-SEARCH(\".\",D267,SEARCH(\".\",D267)+1)-(LEN(D267)-(SEARCH(\".\",D267,SEARCH(\".\",D267,SEARCH(\".\",D267)+1)+1)-1)))),\"\")","v":"1"},"5.1.1.2",{"$f":"IF($G267=\"SINAPI\",VLOOKUP($F267,DADOS_SINAPI,2,0),IF(G267=\"SETOP\",VLOOKUP($F267,DADOS_SETOP,2,0),IF(G267=\"CPU\",VLOOKUP($F267,DADOS_COMPOSICAO,2,0),IF(G267=\"SICRO\",VLOOKUP($F267,DADOS_SICRO,2,0),IF(G267=\"SUDECAP\",VLOOKUP(F267,DADOS_SUDECAP,2,0),IF(G267=\"COTAÇÃO\",VLOOKUP($F267,DADOS_COTACAO,2,0),\"\"))))))","v":"ESCAVAÇÃO MANUAL PARA VIGA BALDRAME OU SAPATA CORRIDA (INCLUINDO ESCAVAÇÃO PARA COLOCAÇÃO DE FÔRMAS). AF_01/2024"},96527,"SINAPI",{"$f":"IF(G267=\"SINAPI\",VLOOKUP($F267,DADOS_SINAPI,3,0),IF(G267=\"SETOP\",VLOOKUP($F267,DADOS_SETOP,3,0),IF(G267=\"CPU\",VLOOKUP($F267,DADOS_COMPOSICAO,10,0),IF(G267=\"SICRO\",VLOOKUP($F267,DADOS_SICRO,3,0),IF(G267=\"SUDECAP\",VLOOKUP(F267,DADOS_SUDECAP,3,0),IF(G267=\"COTAÇÃO\",VLOOKUP($F267,DADOS_COTACAO,9,0),\"\"))))))","v":"M3"},{"$f":"F274","v":17.41},{"$f":"TRUNC(IF(G267=\"SINAPI\",VLOOKUP($F267,DADOS_SINAPI,4,0),IF(G267=\"SETOP\",VLOOKUP($F267,DADOS_SETOP,4,0),IF(G267=\"CPU\",VLOOKUP($F267,DADOS_COMPOSICAO,13,0),IF(G267=\"SICRO\",VLOOKUP($F267,DADOS_SICRO,4,0),IF(G267=\"SUDECAP\",VLOOKUP(F267,DADOS_SUDECAP,4,0),IF(G267=\"COTAÇÃO\",VLOOKUP(F267,DADOS_COTACAO,12,0),\"\")))))),2)","v":102.24},"BDI 1",{"$f":"TRUNC(J267*(1+$N$17),2)","v":129.35},{"$f":"IFERROR(TRUNC(I267*J267,2),\"\")","v":1779.99},{"$f":"IFERROR(TRUNC(L267*I267,2),\"\")","v":2251.98}]
[2000]
[2000,null,null,null,"Salas",{"$f":"ROUND(111.5*0.14*0.4,2)","v":6.24},"m³"]
[2000,null,null,null,"Cozinha",{"$f":"ROUND(77.87*0.14*0.4,2)","v":4.3600000000000003},"m³"]
[2000,null,null,null,"Banheiros",{"$f":"ROUND(88.66*0.14*0.4,2)","v":4.96},"m³"]
[2000,null,null,null,"Gradil do reservatório",{"$f":"ROUND(21.4*0.19*0.4,2)","v":1.63},"m³"]
[2000,null,null,null,"Muro",{"$f":"ROUND(3.2*0.14*0.5,2)","v":0.22},"m³"]
[2000,null,null,null,"Total",{"$f":"SUM(F269:F273)","v":17.41},"m³"]
[2000]
[{"$f":"IFERROR(LEFT(D276,SEARCH(\".\",D276)-1),\"\")","v":"5"},{"$f":"IFERROR(LEFT(RIGHT(D276,LEN(D276)-SEARCH(\".\",D276)),SEARCH(\".\",RIGHT(D276,LEN(D276)-SEARCH(\".\",D276)))-1),\"\")","v":"1"},{"$f":"IFERROR(IF(LEN(D276)-LEN(SUBSTITUTE(D276,\".\",\"\"))<>3,\"\",MID(D276,SEARCH(\".\",D276,SEARCH(\".\",D276)+1)+1,LEN(D276)-SEARCH(\".\",D276,SEARCH(\".\",D276)+1)-(LEN(D276)-(SEARCH(\".\",D276,SEARCH(\".\",D276,SEARCH(\".\",D276)+1)+1)-1)))),\"\")","v":"1"},"5.1.1.3",{"$f":"IF($G276=\"SINAPI\",VLOOKUP($F276,DADOS_SINAPI,2,0),IF(G276=\"SETOP\",VLOOKUP($F276,DADOS_SETOP,2,0),IF(G276=\"CPU\",VLOOKUP($F276,DADOS_COMPOSICAO,2,0),IF(G276=\"SICRO\",VLOOKUP($F276,DADOS_SICRO,2,0),IF(G276=\"SUDECAP\",VLOOKUP(F276,DADOS_SUDECAP,2,0),IF(G276=\"COTAÇÃO\",VLOOKUP($F276,DADOS_COTACAO,2,0),\"\"))))))","v":"LASTRO COM MATERIAL GRANULAR, APLICADO EM BLOCOS DE COROAMENTO, ESPESSURA DE *10 CM*. AF_01/2024"},96623,"SINAPI",{"$f":"IF(G276=\"SINAPI\",VLOOKUP($F276,DADOS_SINAPI,3,0),IF(G276=\"SETOP\",VLOOKUP($F276,DADOS_SETOP,3,0),IF(G276=\"CPU\",VLOOKUP($F276,DADOS_COMPOSICAO,10,0),IF(G276=\"SICRO\",VLOOKUP($F276,DADOS_SICRO,3,0),IF(G276=\"SUDECAP\",VLOOKUP(F276,DADOS_SUDECAP,3,0),IF(G276=\"COTAÇÃO\",VLOOKUP($F276,DADOS_COTACAO,9,0),\"\"))))))","v":"M3"},{"$f":"F288","v":7.54},{"$f":"TRUNC(IF(G276=\"SINAPI\",VLOOKUP($F276,DADOS_SINAPI,4,0),IF(G276=\"SETOP\",VLOOKUP($F276,DADOS_SETOP,4,0),IF(G276=\"CPU\",VLOOKUP($F276,DADOS_COMPOSICAO,13,0),IF(G276=\"SICRO\",VLOOKUP($F276,DADOS_SICRO,4,0),IF(G276=\"SUDECAP\",VLOOKUP(F276,DADOS_SUDECAP,4,0),IF(G276=\"COTAÇÃO\",VLOOKUP(F276,DADOS_COTACAO,12,0),\"\")))))),2)","v":228},"BDI 1",{"$f":"TRUNC(J276*(1+$N$17),2)","v":288.45999999999998},{"$f":"IFERROR(TRUNC(I276*J276,2),\"\")","v":1719.12},2174.9899999999998]
[2000]
[2000,null,null,null,"Blocos - Salas",{"$f":"ROUND(16*0.6*0.6*0.1,2)","v":0.57999999999999996},"m³"]
[2000,null,null,null,"Blocos - Cozinha",{"$f":"ROUND(12*0.6*0.6*0.1+3*0.55*0.55*0.1,2)","v":0.52},"m³"]
[2000,null,null,null,"Blocos - Banheiros",{"$f":"ROUND(19*0.6*0.6*0.1+4*0.55*0.55*0.1,2)","v":0.81},"m³"]
[2000,null,null,null,"Blocos - Reservatório",{"$f":"ROUND(3.5*3.5*0.1,2)","v":1.23},"m³"]
[2000,null,null,null,"Blocos - Muro",{"$f":"ROUND(2*0.55*0.55*0.1,2)","v":0.06},"m³"]
[2000,null,null,null,"Vigas baldrame - Salas",{"$f":"ROUND(111.5*0.14*0.1,2)","v":1.56},"m³"]
[2000,null,null,null,"Vigas baldrame - Cozinha",{"$f":"ROUND(77.87*0.14*0.1,2)","v":1.0900000000000001},"m³"]
[2000,null,null,null,"Vigas baldrame - Banheiros",{"$f":"ROUND(88.66*0.14*0.1,2)","v":1.24},"m³"]
[2000,null,null,null,"Vigas baldrame - Gradil do reservatório",{"$f":"ROUND(21.4*0.19*0.1,2)","v":0.41},"m³"]
[2000,null,null,null,"Vigas baldrame - Muro",{"$f":"ROUND(3.2*0.14*0.1,2)","v":0.04},"m³"]
[2000,null,null,null,"Total",{"$f":"SUM(F278:F287)","v":7.54},"m³"]
[2000]
[null,null,null,"5.1.2","CARGA, TRANSPORTE E ESPALHAMENTO DE BOTA-FORA DE SOLO",null,null,null,null,null,null,null,{"$f":"IFERROR(SUMIFS(M:M,A:A,LEFT(D290,SEARCH(\".\",D290)-1),B:B,LEFT(RIGHT(D290,LEN(D290)-SEARCH(\".\",D290)),SEARCH(\".\",RIGHT(D290,LEN(D290)-SEARCH(\".\",D290)))-1),C:C,RIGHT(D290,LEN(D290)-SEARCH(\".\",D290,SEARCH(\".\",D290)+1))),\"\")","v":258.21000000000004},{"$f":"IFERROR(SUMIFS(N:N,A:A,LEFT(D290,SEARCH(\".\",D290)-1),B:B,LEFT(RIGHT(D290,LEN(D290)-SEARCH(\".\",D290)),SEARCH(\".\",RIGHT(D290,LEN(D290)-SEARCH(\".\",D290)))-1),C:C,RIGHT(D290,LEN(D290)-SEARCH(\".\",D290,SEARCH(\".\",D290)+1))),\"\")","v":326.51}]
[{"$f":"IFERROR(LEFT(D291,SEARCH(\".\",D291)-1),\"\")","v":"5"},{"$f":"IFERROR(LEFT(RIGHT(D291,LEN(D291)-SEARCH(\".\",D291)),SEARCH(\".\",RIGHT(D291,LEN(D291)-SEARCH(\".\",D291)))-1),\"\")","v":"1"},{"$f":"IFERROR(IF(LEN(D291)-LEN(SUBSTITUTE(D291,\".\",\"\"))<>3,\"\",MID(D291,SEARCH(\".\",D291,SEARCH(\".\",D291)+1)+1,LEN(D291)-SEARCH(\".\",D291,SEARCH(\".\",D291)+1)-(LEN(D291)-(SEARCH(\".\",D291,SEARCH(\".\",D291,SEARCH(\".\",D291)+1)+1)-1)))),\"\")","v":"2"},"5.1.2.1",{"$f":"IF($G291=\"SINAPI\",VLOOKUP($F291,DADOS_SINAPI,2,0),IF(G291=\"SETOP\",VLOOKUP($F291,DADOS_SETOP,2,0),IF(G291=\"CPU\",VLOOKUP($F291,DADOS_COMPOSICAO,2,0),IF(G291=\"SICRO\",VLOOKUP($F291,DADOS_SICRO,2,0),IF(G291=\"SUDECAP\",VLOOKUP(F291,DADOS_SUDECAP,2,0),IF(G291=\"COTAÇÃO\",VLOOKUP($F291,DADOS_COTACAO,2,0),\"\"))))))","v":"CARGA, MANOBRA E DESCARGA DE SOLOS E MATERIAIS GRANULARES EM CAMINHÃO BASCULANTE 6 M³ - CARGA COM ESCAVADEIRA HIDRÁULICA (CAÇAMBA DE 1,20 M³ / 155 HP) E DESCARGA LIVRE (UNIDADE: M3). AF_07/2020"},100977,"SINAPI",{"$f":"IF(G291=\"SINAPI\",VLOOKUP($F291,DADOS_SINAPI,3,0),IF(G291=\"SETOP\",VLOOKUP($F291,DADOS_SETOP,3,0),IF(G291=\"CPU\",VLOOKUP($F291,DADOS_COMPOSICAO,10,0),IF(G291=\"SICRO\",VLOOKUP($F291,DADOS_SICRO,3,0),IF(G291=\"SUDECAP\",VLOOKUP(F291,DADOS_SUDECAP,3,0),IF(G291=\"COTAÇÃO\",VLOOKUP($F291,DADOS_COTACAO,9,0),\"\"))))))","v":"M3"},{"$f":"F296","v":16.18},{"$f":"TRUNC(IF(G291=\"SINAPI\",VLOOKUP($F291,DADOS_SINAPI,4,0),IF(G291=\"SETOP\",VLOOKUP($F291,DADOS_SETOP,4,0),IF(G291=\"CPU\",VLOOKUP($F291,DADOS_COMPOSICAO,13,0),IF(G291=\"SICRO\",VLOOKUP($F291,DADOS_SICRO,4,0),IF(G291=\"SUDECAP\",VLOOKUP(F291,DADOS_SUDECAP,4,0),IF(G291=\"COTAÇÃO\",VLOOKUP(F291,DADOS_COTACAO,12,0),\"\")))))),2)","v":7.88},"BDI 1",{"$f":"TRUNC(J291*(1+$N$17),2)","v":9.9600000000000009},{"$f":"IFERROR(TRUNC(I291*J291,2),\"\")","v":127.49},{"$f":"IFERROR(TRUNC(L291*I291,2),\"\")","v":161.15}]
[2000]
[2000,null,null,null,"Volume total escavado (empolamento 30%)",{"$f":"ROUND(1.3*(F265+F274),2)","v":62.09},"m³"]
[2000,null,null,null,"Volume ocupado pelos elementos",{"$f":"(F288+F357+F382+F410)","v":42.7},"m³"]
[2000,null,null,null,"Volume de aterro (lajes elevadas térreo - banheiros) (empolamento 30%)",{"$f":"ROUND(9.5*0.26*1.3,2)","v":3.21},"m³"]
[2000,null,null,null,"Volume de bota-fora",{"$f":"F293-F294-F295","v":16.18},"m³"]
[2000]
[{"$f":"IFERROR(LEFT(D298,SEARCH(\".\",D298)-1),\"\")","v":"5"},{"$f":"IFERROR(LEFT(RIGHT(D298,LEN(D298)-SEARCH(\".\",D298)),SEARCH(\".\",RIGHT(D298,LEN(D298)-SEARCH(\".\",D298)))-1),\"\")","v":"1"},{"$f":"IFERROR(IF(LEN(D298)-LEN(SUBSTITUTE(D298,\".\",\"\"))<>3,\"\",MID(D298,SEARCH(\".\",D298,SEARCH(\".\",D298)+1)+1,LEN(D298)-SEARCH(\".\",D298,SEARCH(\".\",D298)+1)-(LEN(D298)-(SEARCH(\".\",D298,SEARCH(\".\",D298,SEARCH(\".\",D298)+1)+1)-1)))),\"\")","v":"2"},"5.1.2.2",{"$f":"IF($G298=\"SINAPI\",VLOOKUP($F298,DADOS_SINAPI,2,0),IF(G298=\"SETOP\",VLOOKUP($F298,DADOS_SETOP,2,0),IF(G298=\"CPU\",VLOOKUP($F298,DADOS_COMPOSICAO,2,0),IF(G298=\"SICRO\",VLOOKUP($F298,DADOS_SICRO,2,0),IF(G298=\"SUDECAP\",VLOOKUP(F298,DADOS_SUDECAP,2,0),IF(G298=\"COTAÇÃO\",VLOOKUP($F298,DADOS_COTACAO,2,0),\"\"))))))","v":"TRANSPORTE COM CAMINHÃO BASCULANTE DE 6 M³, EM VIA URBANA EM REVESTIMENTO PRIMÁRIO (UNIDADE: M3XKM). AF_07/2020"},97913,"SINAPI",{"$f":"IF(G298=\"SINAPI\",VLOOKUP($F298,DADOS_SINAPI,3,0),IF(G298=\"SETOP\",VLOOKUP($F298,DADOS_SETOP,3,0),IF(G298=\"CPU\",VLOOKUP($F298,DADOS_COMPOSICAO,10,0),IF(G298=\"SICRO\",VLOOKUP($F298,DADOS_SICRO,3,0),IF(G298=\"SUDECAP\",VLOOKUP(F298,DADOS_SUDECAP,3,0),IF(G298=\"COTAÇÃO\",VLOOKUP($F298,DADOS_COTACAO,9,0),\"\"))))))","v":"M3XKM"},{"$f":"F302","v":32.36},{"$f":"TRUNC(IF(G298=\"SINAPI\",VLOOKUP($F298,DADOS_SINAPI,4,0),IF(G298=\"SETOP\",VLOOKUP($F298,DADOS_SETOP,4,0),IF(G298=\"CPU\",VLOOKUP($F298,DADOS_COMPOSICAO,13,0),IF(G298=\"SICRO\",VLOOKUP($F298,DADOS_SICRO,4,0),IF(G298=\"SUDECAP\",VLOOKUP(F298,DADOS_SUDECAP,4,0),IF(G298=\"COTAÇÃO\",VLOOKUP(F298,DADOS_COTACAO,12,0),\"\")))))),2)","v":3.32},"BDI 1",{"$f":"TRUNC(J298*(1+$N$17),2)","v":4.2},{"$f":"IFERROR(TRUNC(I298*J298,2),\"\")","v":107.43},{"$f":"IFERROR(TRUNC(L298*I298,2),\"\")","v":135.91}]
[2000]
[2000,null,null,null,"Volume de bota-fora",{"$f":"F296","v":16.18},"m³"]
[2000,null,null,null,"DMT - bota fora de solos",2,"km"]
[2000,null,null,null,"Total",{"$f":"F300*F301","v":32.36},"m³xkm"]
[2000]
[{"$f":"IFERROR(LEFT(D304,SEARCH(\".\",D304)-1),\"\")","v":"5"},{"$f":"IFERROR(LEFT(RIGHT(D304,LEN(D304)-SEARCH(\".\",D304)),SEARCH(\".\",RIGHT(D304,LEN(D304)-SEARCH(\".\",D304)))-1),\"\")","v":"1"},{"$f":"IFERROR(IF(LEN(D304)-LEN(SUBSTITUTE(D304,\".\",\"\"))<>3,\"\",MID(D304,SEARCH(\".\",D304,SEARCH(\".\",D304)+1)+1,LEN(D304)-SEARCH(\".\",D304,SEARCH(\".\",D304)+1)-(LEN(D304)-(SEARCH(\".\",D304,SEARCH(\".\",D304,SEARCH(\".\",D304)+1)+1)-1)))),\"\")","v":"2"},"5.1.2.3",{"$f":"IF($G304=\"SINAPI\",VLOOKUP($F304,DADOS_SINAPI,2,0),IF(G304=\"SETOP\",VLOOKUP($F304,DADOS_SETOP,2,0),IF(G304=\"CPU\",VLOOKUP($F304,DADOS_COMPOSICAO,2,0),IF(G304=\"SICRO\",VLOOKUP($F304,DADOS_SICRO,2,0),IF(G304=\"SUDECAP\",VLOOKUP(F304,DADOS_SUDECAP,2,0),IF(G304=\"COTAÇÃO\",VLOOKUP($F304,DADOS_COTACAO,2,0),\"\"))))))","v":"ESPALHAMENTO DE MATERIAL COM TRATOR DE ESTEIRAS. AF_09/2024"},100574,"SINAPI",{"$f":"IF(G304=\"SINAPI\",VLOOKUP($F304,DADOS_SINAPI,3,0),IF(G304=\"SETOP\",VLOOKUP($F304,DADOS_SETOP,3,0),IF(G304=\"CPU\",VLOOKUP($F304,DADOS_COMPOSICAO,10,0),IF(G304=\"SICRO\",VLOOKUP($F304,DADOS_SICRO,3,0),IF(G304=\"SUDECAP\",VLOOKUP(F304,DADOS_SUDECAP,3,0),IF(G304=\"COTAÇÃO\",VLOOKUP($F304,DADOS_COTACAO,9,0),\"\"))))))","v":"M3"},{"$f":"F306","v":16.18},{"$f":"TRUNC(IF(G304=\"SINAPI\",VLOOKUP($F304,DADOS_SINAPI,4,0),IF(G304=\"SETOP\",VLOOKUP($F304,DADOS_SETOP,4,0),IF(G304=\"CPU\",VLOOKUP($F304,DADOS_COMPOSICAO,13,0),IF(G304=\"SICRO\",VLOOKUP($F304,DADOS_SICRO,4,0),IF(G304=\"SUDECAP\",VLOOKUP(F304,DADOS_SUDECAP,4,0),IF(G304=\"COTAÇÃO\",VLOOKUP(F304,DADOS_COTACAO,12,0),\"\")))))),2)","v":1.44},"BDI 1",{"$f":"TRUNC(J304*(1+$N$17),2)","v":1.82},{"$f":"IFERROR(TRUNC(I304*J304,2),\"\")","v":23.29},29.45]
[2000]
[2000,null,null,null,"Total",{"$f":"F296","v":16.18},"m³"]
[2000]
[null,null,null,"5.2","FUNDAÇÃO ",null,null,null,null,null,null,null,{"$f":"IFERROR(SUMIFS(M:M,A:A,LEFT(D308,SEARCH(\".\",D308)-1),B:B,RIGHT(D308,LEN(D308)-SEARCH(\".\",D308))),\"\")","v":173322.59999999998},{"$f":"IFERROR(SUMIFS(N:N,A:A,LEFT(D308,SEARCH(\".\",D308)-1),B:B,RIGHT(D308,LEN(D308)-SEARCH(\".\",D308))),\"\")","v":219272.53999999998}]
[null,null,null,"5.2.1","ESTACAS",null,null,null,null,null,null,null,{"$f":"IFERROR(SUMIFS(M:M,A:A,LEFT(D309,SEARCH(\".\",D309)-1),B:B,LEFT(RIGHT(D309,LEN(D309)-SEARCH(\".\",D309)),SEARCH(\".\",RIGHT(D309,LEN(D309)-SEARCH(\".\",D309)))-1),C:C,RIGHT(D309,LEN(D309)-SEARCH(\".\",D309,SEARCH(\".\",D309)+1))),\"\")","v":78942.73},{"$f":"IFERROR(SUMIFS(N:N,A:A,LEFT(D309,SEARCH(\".\",D309)-1),B:B,LEFT(RIGHT(D309,LEN(D309)-SEARCH(\".\",D309)),SEARCH(\".\",RIGHT(D309,LEN(D309)-SEARCH(\".\",D309)))-1),C:C,RIGHT(D309,LEN(D309)-SEARCH(\".\",D309,SEARCH(\".\",D309)+1))),\"\")","v":99875.67}]
[{"$f":"IFERROR(LEFT(D310,SEARCH(\".\",D310)-1),\"\")","v":"5"},{"$f":"IFERROR(LEFT(RIGHT(D310,LEN(D310)-SEARCH(\".\",D310)),SEARCH(\".\",RIGHT(D310,LEN(D310)-SEARCH(\".\",D310)))-1),\"\")","v":"2"},{"$f":"IFERROR(IF(LEN(D310)-LEN(SUBSTITUTE(D310,\".\",\"\"))<>3,\"\",MID(D310,SEARCH(\".\",D310,SEARCH(\".\",D310)+1)+1,LEN(D310)-SEARCH(\".\",D310,SEARCH(\".\",D310)+1)-(LEN(D310)-(SEARCH(\".\",D310,SEARCH(\".\",D310,SEARCH(\".\",D310)+1)+1)-1)))),\"\")","v":"1"},"5.2.1.1",{"$f":"IF($G310=\"SINAPI\",VLOOKUP($F310,DADOS_SINAPI,2,0),IF(G310=\"SETOP\",VLOOKUP($F310,DADOS_SETOP,2,0),IF(G310=\"CPU\",VLOOKUP($F310,DADOS_COMPOSICAO,2,0),IF(G310=\"SICRO\",VLOOKUP($F310,DADOS_SICRO,2,0),IF(G310=\"SUDECAP\",VLOOKUP(F310,DADOS_SUDECAP,2,0),IF(G310=\"COTAÇÃO\",VLOOKUP($F310,DADOS_COTACAO,2,0),\"\"))))))","v":"MOBILIZAÇÃO E DESMOBILIZAÇÃO DE EQUIPAMENTO PARA ESTACA TIPO TRADO ROTATIVO (CUSTO FIXO), INCLUSIVE CARGA E DESCARGA, EXCLUSIVE TRANSPORTE EM QUILÔMETRO RODADO (CUSTO VARIÁVEL)"},"ED-29817","SETOP",{"$f":"IF(G310=\"SINAPI\",VLOOKUP($F310,DADOS_SINAPI,3,0),IF(G310=\"SETOP\",VLOOKUP($F310,DADOS_SETOP,3,0),IF(G310=\"CPU\",VLOOKUP($F310,DADOS_COMPOSICAO,10,0),IF(G310=\"SICRO\",VLOOKUP($F310,DADOS_SICRO,3,0),IF(G310=\"SUDECAP\",VLOOKUP(F310,DADOS_SUDECAP,3,0),IF(G310=\"COTAÇÃO\",VLOOKUP($F310,DADOS_COTACAO,9,0),\"\"))))))","v":"un"},{"$f":"F312","v":1},{"$f":"TRUNC(IF(G310=\"SINAPI\",VLOOKUP($F310,DADOS_SINAPI,4,0),IF(G310=\"SETOP\",VLOOKUP($F310,DADOS_SETOP,4,0),IF(G310=\"CPU\",VLOOKUP($F310,DADOS_COMPOSICAO,13,0),IF(G310=\"SICRO\",VLOOKUP($F310,DADOS_SICRO,4,0),IF(G310=\"SUDECAP\",VLOOKUP(F310,DADOS_SUDECAP,4,0),IF(G310=\"COTAÇÃO\",VLOOKUP(F310,DADOS_COTACAO,12,0),\"\")))))),2)","v":3736.48},"BDI 1",{"$f":"TRUNC(J310*(1+$N$17),2)","v":4727.3900000000003},{"$f":"IFERROR(TRUNC(I310*J310,2),\"\")","v":3736.48},{"$f":"IFERROR(TRUNC(L310*I310,2),\"\")","v":4727.3900000000003}]
[2000,null,null,null,null,null,null,null,null,null,null,null,null,0]
[2000,null,null,null,"Total",1,"un",null,null,null,null,null,null,0]
[2000,null,null,null,null,null,null,null,null,null,null,null,null,0]
[{"$f":"IFERROR(LEFT(D314,SEARCH(\".\",D314)-1),\"\")","v":"5"},{"$f":"IFERROR(LEFT(RIGHT(D314,LEN(D314)-SEARCH(\".\",D314)),SEARCH(\".\",RIGHT(D314,LEN(D314)-SEARCH(\".\",D314)))-1),\"\")","v":"2"},{"$f":"IFERROR(IF(LEN(D314)-LEN(SUBSTITUTE(D314,\".\",\"\"))<>3,\"\",MID(D314,SEARCH(\".\",D314,SEARCH(\".\",D314)+1)+1,LEN(D314)-SEARCH(\".\",D314,SEARCH(\".\",D314)+1)-(LEN(D314)-(SEARCH(\".\",D314,SEARCH(\".\",D314,SEARCH(\".\",D314)+1)+1)-1)))),\"\")","v":"1"},"5.2.1.2",{"$f":"IF($G314=\"SINAPI\",VLOOKUP($F314,DADOS_SINAPI,2,0),IF(G314=\"SETOP\",VLOOKUP($F314,DADOS_SETOP,2,0),IF(G314=\"CPU\",VLOOKUP($F314,DADOS_COMPOSICAO,2,0),IF(G314=\"SICRO\",VLOOKUP($F314,DADOS_SICRO,2,0),IF(G314=\"SUDECAP\",VLOOKUP(F314,DADOS_SUDECAP,2,0),IF(G314=\"COTAÇÃO\",VLOOKUP($F314,DADOS_COTACAO,2,0),\"\"))))))","v":"MOBILIZAÇÃO E DESMOBILIZAÇÃO DE EQUIPAMENTO PARA ESTACA TIPO TRADO ROTATIVO (CUSTO VARIÁVEL), EXCLUSIVE CUSTO FIXO DE TRANSPORTE"},"ED-29818","SETOP",{"$f":"IF(G314=\"SINAPI\",VLOOKUP($F314,DADOS_SINAPI,3,0),IF(G314=\"SETOP\",VLOOKUP($F314,DADOS_SETOP,3,0),IF(G314=\"CPU\",VLOOKUP($F314,DADOS_COMPOSICAO,10,0),IF(G314=\"SICRO\",VLOOKUP($F314,DADOS_SICRO,3,0),IF(G314=\"SUDECAP\",VLOOKUP(F314,DADOS_SUDECAP,3,0),IF(G314=\"COTAÇÃO\",VLOOKUP($F314,DADOS_COTACAO,9,0),\"\"))))))","v":"km"},{"$f":"F316","v":30},{"$f":"TRUNC(IF(G314=\"SINAPI\",VLOOKUP($F314,DADOS_SINAPI,4,0),IF(G314=\"SETOP\",VLOOKUP($F314,DADOS_SETOP,4,0),IF(G314=\"CPU\",VLOOKUP($F314,DADOS_COMPOSICAO,13,0),IF(G314=\"SICRO\",VLOOKUP($F314,DADOS_SICRO,4,0),IF(G314=\"SUDECAP\",VLOOKUP(F314,DADOS_SUDECAP,4,0),IF(G314=\"COTAÇÃO\",VLOOKUP(F314,DADOS_COTACAO,12,0),\"\")))))),2)","v":21.32},"BDI 1",{"$f":"TRUNC(J314*(1+$N$17),2)","v":26.97},{"$f":"IFERROR(TRUNC(I314*J314,2),\"\")","v":639.6},{"$f":"IFERROR(TRUNC(L314*I314,2),\"\")","v":809.1}]
[2000]
[2000,null,null,null,"DMT - equipamento",30,"km"]
[2000]
[{"$f":"IFERROR(LEFT(D318,SEARCH(\".\",D318)-1),\"\")","v":"5"},{"$f":"IFERROR(LEFT(RIGHT(D318,LEN(D318)-SEARCH(\".\",D318)),SEARCH(\".\",RIGHT(D318,LEN(D318)-SEARCH(\".\",D318)))-1),\"\")","v":"2"},{"$f":"IFERROR(IF(LEN(D318)-LEN(SUBSTITUTE(D318,\".\",\"\"))<>3,\"\",MID(D318,SEARCH(\".\",D318,SEARCH(\".\",D318)+1)+1,LEN(D318)-SEARCH(\".\",D318,SEARCH(\".\",D318)+1)-(LEN(D318)-(SEARCH(\".\",D318,SEARCH(\".\",D318,SEARCH(\".\",D318)+1)+1)-1)))),\"\")","v":"1"},"5.2.1.3",{"$f":"IF($G318=\"SINAPI\",VLOOKUP($F318,DADOS_SINAPI,2,0),IF(G318=\"SETOP\",VLOOKUP($F318,DADOS_SETOP,2,0),IF(G318=\"CPU\",VLOOKUP($F318,DADOS_COMPOSICAO,2,0),IF(G318=\"SICRO\",VLOOKUP($F318,DADOS_SICRO,2,0),IF(G318=\"SUDECAP\",VLOOKUP(F318,DADOS_SUDECAP,2,0),IF(G318=\"COTAÇÃO\",VLOOKUP($F318,DADOS_COTACAO,2,0),\"\"))))))","v":"ESTACA DO TIPO ESCAVADA COM TRADO MECÂNICO, SEM FLUIDO ESTABILIZANTE, COM DIÂMETRO DE 30CM, CONCRETO C-25 LANÇADO POR CAMINHÃO BETONEIRA (EXCLUSIVE MOBILIZAÇÃO E DESMOBILIZAÇÃO) "},"DAC-5.1","CPU",{"$f":"IF(G318=\"SINAPI\",VLOOKUP($F318,DADOS_SINAPI,3,0),IF(G318=\"SETOP\",VLOOKUP($F318,DADOS_SETOP,3,0),IF(G318=\"CPU\",VLOOKUP($F318,DADOS_COMPOSICAO,10,0),IF(G318=\"SICRO\",VLOOKUP($F318,DADOS_SICRO,3,0),IF(G318=\"SUDECAP\",VLOOKUP(F318,DADOS_SUDECAP,3,0),IF(G318=\"COTAÇÃO\",VLOOKUP($F318,DADOS_COTACAO,9,0),\"\"))))))","v":"M"},{"$f":"F322","v":81},{"$f":"TRUNC(IF(G318=\"SINAPI\",VLOOKUP($F318,DADOS_SINAPI,4,0),IF(G318=\"SETOP\",VLOOKUP($F318,DADOS_SETOP,4,0),IF(G318=\"CPU\",VLOOKUP($F318,DADOS_COMPOSICAO,13,0),IF(G318=\"SICRO\",VLOOKUP($F318,DADOS_SICRO,4,0),IF(G318=\"SUDECAP\",VLOOKUP(F318,DADOS_SUDECAP,4,0),IF(G318=\"COTAÇÃO\",VLOOKUP(F318,DADOS_COTACAO,12,0),\"\")))))),2)","v":133.96},"BDI 1",{"$f":"TRUNC(J318*(1+$N$17),2)","v":169.48},{"$f":"IFERROR(TRUNC(I318*J318,2),\"\")","v":10850.76},{"$f":"IFERROR(TRUNC(L318*I318,2),\"\")","v":13727.88}]
[2000]
[2000,null,null,null,"Reservatório - Quantidade",9,"un"]
[2000,null,null,null,"Reservatório - Profundidade",9,"m"]
[2000,null,null,null,"Total",{"$f":"F320*F321","v":81},"m"]
[2000]
[{"$f":"IFERROR(LEFT(D324,SEARCH(\".\",D324)-1),\"\")","v":"5"},{"$f":"IFERROR(LEFT(RIGHT(D324,LEN(D324)-SEARCH(\".\",D324)),SEARCH(\".\",RIGHT(D324,LEN(D324)-SEARCH(\".\",D324)))-1),\"\")","v":"2"},{"$f":"IFERROR(IF(LEN(D324)-LEN(SUBSTITUTE(D324,\".\",\"\"))<>3,\"\",MID(D324,SEARCH(\".\",D324,SEARCH(\".\",D324)+1)+1,LEN(D324)-SEARCH(\".\",D324,SEARCH(\".\",D324)+1)-(LEN(D324)-(SEARCH(\".\",D324,SEARCH(\".\",D324,SEARCH(\".\",D324)+1)+1)-1)))),\"\")","v":"1"},"5.2.1.4",{"$f":"IF($G324=\"SINAPI\",VLOOKUP($F324,DADOS_SINAPI,2,0),IF(G324=\"SETOP\",VLOOKUP($F324,DADOS_SETOP,2,0),IF(G324=\"CPU\",VLOOKUP($F324,DADOS_COMPOSICAO,2,0),IF(G324=\"SICRO\",VLOOKUP($F324,DADOS_SICRO,2,0),IF(G324=\"SUDECAP\",VLOOKUP(F324,DADOS_SUDECAP,2,0),IF(G324=\"COTAÇÃO\",VLOOKUP($F324,DADOS_COTACAO,2,0),\"\"))))))","v":"ESTACA DO TIPO STRAUSS, COM DIÂMETRO DE 32CM, CONCRETO C-20, ARMAÇÃO, MOBILIZAÇÃO E DESMOBILIZAÇÃO"},"DAC-5.2","CPU",{"$f":"IF(G324=\"SINAPI\",VLOOKUP($F324,DADOS_SINAPI,3,0),IF(G324=\"SETOP\",VLOOKUP($F324,DADOS_SETOP,3,0),IF(G324=\"CPU\",VLOOKUP($F324,DADOS_COMPOSICAO,10,0),IF(G324=\"SICRO\",VLOOKUP($F324,DADOS_SICRO,3,0),IF(G324=\"SUDECAP\",VLOOKUP(F324,DADOS_SUDECAP,3,0),IF(G324=\"COTAÇÃO\",VLOOKUP($F324,DADOS_COTACAO,9,0),\"\"))))))","v":"M"},{"$f":"F332","v":336},{"$f":"TRUNC(IF(G324=\"SINAPI\",VLOOKUP($F324,DADOS_SINAPI,4,0),IF(G324=\"SETOP\",VLOOKUP($F324,DADOS_SETOP,4,0),IF(G324=\"CPU\",VLOOKUP($F324,DADOS_COMPOSICAO,13,0),IF(G324=\"SICRO\",VLOOKUP($F324,DADOS_SICRO,4,0),IF(G324=\"SUDECAP\",VLOOKUP(F324,DADOS_SUDECAP,4,0),IF(G324=\"COTAÇÃO\",VLOOKUP(F324,DADOS_COTACAO,12,0),\"\")))))),2)","v":156.96},"BDI 1",{"$f":"TRUNC(J324*(1+$N$17),2)","v":198.58},{"$f":"IFERROR(TRUNC(I324*J324,2),\"\")","v":52738.559999999998},{"$f":"IFERROR(TRUNC(L324*I324,2),\"\")","v":66722.880000000005}]
[2000]
[2000,null,null,null,"Salas - Quantidade",16,"un"]
[2000,null,null,null,"Salas - Profundidade",8,"m"]
[2000,null,null,null,"Cozinha - Quantidade",12,"un"]
[2000,null,null,null,"Cozinha - Profundidade",8,"m"]
[2000,null,null,null,"Banheiros - Quantidade",14,"un"]
[2000,null,null,null,"Banheiros - Profundidade",8,"m"]
[2000,null,null,null,"Total",{"$f":"F326*F327+F328*F329+F330*F331","v":336},"m"]
[2000]
[{"$f":"IFERROR(LEFT(D334,SEARCH(\".\",D334)-1),\"\")","v":"5"},{"$f":"IFERROR(LEFT(RIGHT(D334,LEN(D334)-SEARCH(\".\",D334)),SEARCH(\".\",RIGHT(D334,LEN(D334)-SEARCH(\".\",D334)))-1),\"\")","v":"2"},{"$f":"IFERROR(IF(LEN(D334)-LEN(SUBSTITUTE(D334,\".\",\"\"))<>3,\"\",MID(D334,SEARCH(\".\",D334,SEARCH(\".\",D334)+1)+1,LEN(D334)-SEARCH(\".\",D334,SEARCH(\".\",D334)+1)-(LEN(D334)-(SEARCH(\".\",D334,SEARCH(\".\",D334,SEARCH(\".\",D334)+1)+1)-1)))),\"\")","v":"1"},"5.2.1.5",{"$f":"IF($G334=\"SINAPI\",VLOOKUP($F334,DADOS_SINAPI,2,0),IF(G334=\"SETOP\",VLOOKUP($F334,DADOS_SETOP,2,0),IF(G334=\"CPU\",VLOOKUP($F334,DADOS_COMPOSICAO,2,0),IF(G334=\"SICRO\",VLOOKUP($F334,DADOS_SICRO,2,0),IF(G334=\"SUDECAP\",VLOOKUP(F334,DADOS_SUDECAP,2,0),IF(G334=\"COTAÇÃO\",VLOOKUP($F334,DADOS_COTACAO,2,0),\"\"))))))","v":"ESTACA DO TIPO BROCA MANUAL, COM DIÂMETRO DE 25CM, CONCRETO C-20, COM ARMAÇÃO"},"DAC-5.3","CPU",{"$f":"IF(G334=\"SINAPI\",VLOOKUP($F334,DADOS_SINAPI,3,0),IF(G334=\"SETOP\",VLOOKUP($F334,DADOS_SETOP,3,0),IF(G334=\"CPU\",VLOOKUP($F334,DADOS_COMPOSICAO,10,0),IF(G334=\"SICRO\",VLOOKUP($F334,DADOS_SICRO,3,0),IF(G334=\"SUDECAP\",VLOOKUP(F334,DADOS_SUDECAP,3,0),IF(G334=\"COTAÇÃO\",VLOOKUP($F334,DADOS_COTACAO,9,0),\"\"))))))","v":"M"},{"$f":"F344","v":91},{"$f":"TRUNC(IF(G334=\"SINAPI\",VLOOKUP($F334,DADOS_SINAPI,4,0),IF(G334=\"SETOP\",VLOOKUP($F334,DADOS_SETOP,4,0),IF(G334=\"CPU\",VLOOKUP($F334,DADOS_COMPOSICAO,13,0),IF(G334=\"SICRO\",VLOOKUP($F334,DADOS_SICRO,4,0),IF(G334=\"SUDECAP\",VLOOKUP(F334,DADOS_SUDECAP,4,0),IF(G334=\"COTAÇÃO\",VLOOKUP(F334,DADOS_COTACAO,12,0),\"\")))))),2)","v":120.63},"BDI 1",{"$f":"TRUNC(J334*(1+$N$17),2)","v":152.62},{"$f":"IFERROR(TRUNC(I334*J334,2),\"\")","v":10977.33},{"$f":"IFERROR(TRUNC(L334*I334,2),\"\")","v":13888.42}]
[2000]
[null,null,null,null,"Cozinha - Quantidade",3,"un"]
[2000,null,null,null,"Cozinha - Profundidade",5,"m"]
[2000,null,null,null,"Banheiros - Quantidade",9,"un"]
[2000,null,null,null,"Banheiros - Profundidade",4,"m"]
[2000,null,null,null,"Gradil do reservatório - Quantidade",8,"un"]
[2000,null,null,null,"Gradil do reservatório - Profundidade",4,"m"]
[2000,null,null,null,"Reconstrução do muro - Quantidade",2,"un"]
[2000,null,null,null,"Reconstrução do muro - Profundidade",4,"m"]
[2000,null,null,null,"Total",{"$f":"F336*F337+F338*F339+F340*F341+F342*F343","v":91},"m"]
[2000]
[null,null,null,"5.2.2","RADIER",null,null,null,null,null,null,null,{"$f":"IFERROR(SUMIFS(M:M,A:A,LEFT(D346,SEARCH(\".\",D346)-1),B:B,LEFT(RIGHT(D346,LEN(D346)-SEARCH(\".\",D346)),SEARCH(\".\",RIGHT(D346,LEN(D346)-SEARCH(\".\",D346)))-1),C:C,RIGHT(D346,LEN(D346)-SEARCH(\".\",D346,SEARCH(\".\",D346)+1))),\"\")","v":20088.129999999997},{"$f":"IFERROR(SUMIFS(N:N,A:A,LEFT(D346,SEARCH(\".\",D346)-1),B:B,LEFT(RIGHT(D346,LEN(D346)-SEARCH(\".\",D346)),SEARCH(\".\",RIGHT(D346,LEN(D346)-SEARCH(\".\",D346)))-1),C:C,RIGHT(D346,LEN(D346)-SEARCH(\".\",D346,SEARCH(\".\",D346)+1))),\"\")","v":25411.119999999999}]
[{"$f":"IFERROR(LEFT(D347,SEARCH(\".\",D347)-1),\"\")","v":"5"},{"$f":"IFERROR(LEFT(RIGHT(D347,LEN(D347)-SEARCH(\".\",D347)),SEARCH(\".\",RIGHT(D347,LEN(D347)-SEARCH(\".\",D347)))-1),\"\")","v":"2"},{"$f":"IFERROR(IF(LEN(D347)-LEN(SUBSTITUTE(D347,\".\",\"\"))<>3,\"\",MID(D347,SEARCH(\".\",D347,SEARCH(\".\",D347)+1)+1,LEN(D347)-SEARCH(\".\",D347,SEARCH(\".\",D347)+1)-(LEN(D347)-(SEARCH(\".\",D347,SEARCH(\".\",D347,SEARCH(\".\",D347)+1)+1)-1)))),\"\")","v":"2"},"5.2.2.1",{"$f":"IF($G347=\"SINAPI\",VLOOKUP($F347,DADOS_SINAPI,2,0),IF(G347=\"SETOP\",VLOOKUP($F347,DADOS_SETOP,2,0),IF(G347=\"CPU\",VLOOKUP($F347,DADOS_COMPOSICAO,2,0),IF(G347=\"SICRO\",VLOOKUP($F347,DADOS_SICRO,2,0),IF(G347=\"SUDECAP\",VLOOKUP(F347,DADOS_SUDECAP,2,0),IF(G347=\"COTAÇÃO\",VLOOKUP($F347,DADOS_COTACAO,2,0),\"\"))))))","v":"FABRICAÇÃO, MONTAGEM E DESMONTAGEM DE FÔRMA PARA BLOCO DE COROAMENTO, EM MADEIRA SERRADA, E=25 MM, 2 UTILIZAÇÕES. AF_01/2024"},96531,"SINAPI",{"$f":"IF(G347=\"SINAPI\",VLOOKUP($F347,DADOS_SINAPI,3,0),IF(G347=\"SETOP\",VLOOKUP($F347,DADOS_SETOP,3,0),IF(G347=\"CPU\",VLOOKUP($F347,DADOS_COMPOSICAO,10,0),IF(G347=\"SICRO\",VLOOKUP($F347,DADOS_SICRO,3,0),IF(G347=\"SUDECAP\",VLOOKUP(F347,DADOS_SUDECAP,3,0),IF(G347=\"COTAÇÃO\",VLOOKUP($F347,DADOS_COTACAO,9,0),\"\"))))))","v":"M2"},{"$f":"F349","v":9.8000000000000007},{"$f":"TRUNC(IF(G347=\"SINAPI\",VLOOKUP($F347,DADOS_SINAPI,4,0),IF(G347=\"SETOP\",VLOOKUP($F347,DADOS_SETOP,4,0),IF(G347=\"CPU\",VLOOKUP($F347,DADOS_COMPOSICAO,13,0),IF(G347=\"SICRO\",VLOOKUP($F347,DADOS_SICRO,4,0),IF(G347=\"SUDECAP\",VLOOKUP(F347,DADOS_SUDECAP,4,0),IF(G347=\"COTAÇÃO\",VLOOKUP(F347,DADOS_COTACAO,12,0),\"\")))))),2)","v":105.96},"BDI 1",{"$f":"TRUNC(J347*(1+$N$17),2)","v":134.06},{"$f":"IFERROR(TRUNC(I347*J347,2),\"\")","v":1038.4000000000001},1313.79]
[2000]
[2000,null,null,null,"Base do reservatório",9.8000000000000007,"m²"]
[2000]
[{"$f":"IFERROR(LEFT(D351,SEARCH(\".\",D351)-1),\"\")","v":"5"},{"$f":"IFERROR(LEFT(RIGHT(D351,LEN(D351)-SEARCH(\".\",D351)),SEARCH(\".\",RIGHT(D351,LEN(D351)-SEARCH(\".\",D351)))-1),\"\")","v":"2"},{"$f":"IFERROR(IF(LEN(D351)-LEN(SUBSTITUTE(D351,\".\",\"\"))<>3,\"\",MID(D351,SEARCH(\".\",D351,SEARCH(\".\",D351)+1)+1,LEN(D351)-SEARCH(\".\",D351,SEARCH(\".\",D351)+1)-(LEN(D351)-(SEARCH(\".\",D351,SEARCH(\".\",D351,SEARCH(\".\",D351)+1)+1)-1)))),\"\")","v":"2"},"5.2.2.2",{"$f":"IF($G351=\"SINAPI\",VLOOKUP($F351,DADOS_SINAPI,2,0),IF(G351=\"SETOP\",VLOOKUP($F351,DADOS_SETOP,2,0),IF(G351=\"CPU\",VLOOKUP($F351,DADOS_COMPOSICAO,2,0),IF(G351=\"SICRO\",VLOOKUP($F351,DADOS_SICRO,2,0),IF(G351=\"SUDECAP\",VLOOKUP(F351,DADOS_SUDECAP,2,0),IF(G351=\"COTAÇÃO\",VLOOKUP($F351,DADOS_COTACAO,2,0),\"\"))))))","v":"CORTE, DOBRA E MONTAGEM DE AÇO CA-50/60, INCLUSIVE ESPAÇADOR"},"ED-48298","SETOP",{"$f":"IF(G351=\"SINAPI\",VLOOKUP($F351,DADOS_SINAPI,3,0),IF(G351=\"SETOP\",VLOOKUP($F351,DADOS_SETOP,3,0),IF(G351=\"CPU\",VLOOKUP($F351,DADOS_COMPOSICAO,10,0),IF(G351=\"SICRO\",VLOOKUP($F351,DADOS_SICRO,3,0),IF(G351=\"SUDECAP\",VLOOKUP(F351,DADOS_SUDECAP,3,0),IF(G351=\"COTAÇÃO\",VLOOKUP($F351,DADOS_COTACAO,9,0),\"\"))))))","v":"Kg"},{"$f":"F353","v":934.3},{"$f":"TRUNC(IF(G351=\"SINAPI\",VLOOKUP($F351,DADOS_SINAPI,4,0),IF(G351=\"SETOP\",VLOOKUP($F351,DADOS_SETOP,4,0),IF(G351=\"CPU\",VLOOKUP($F351,DADOS_COMPOSICAO,13,0),IF(G351=\"SICRO\",VLOOKUP($F351,DADOS_SICRO,4,0),IF(G351=\"SUDECAP\",VLOOKUP(F351,DADOS_SUDECAP,4,0),IF(G351=\"COTAÇÃO\",VLOOKUP(F351,DADOS_COTACAO,12,0),\"\")))))),2)","v":13.63},"BDI 1",{"$f":"TRUNC(J351*(1+$N$17),2)","v":17.239999999999998},{"$f":"IFERROR(TRUNC(I351*J351,2),\"\")","v":12734.5},{"$f":"IFERROR(TRUNC(L351*I351,2),\"\")","v":16107.33}]
[2000]
[2000,null,null,null,"Base do reservatório",934.3,"kg"]
[2000]
[{"$f":"IFERROR(LEFT(D355,SEARCH(\".\",D355)-1),\"\")","v":"5"},{"$f":"IFERROR(LEFT(RIGHT(D355,LEN(D355)-SEARCH(\".\",D355)),SEARCH(\".\",RIGHT(D355,LEN(D355)-SEARCH(\".\",D355)))-1),\"\")","v":"2"},{"$f":"IFERROR(IF(LEN(D355)-LEN(SUBSTITUTE(D355,\".\",\"\"))<>3,\"\",MID(D355,SEARCH(\".\",D355,SEARCH(\".\",D355)+1)+1,LEN(D355)-SEARCH(\".\",D355,SEARCH(\".\",D355)+1)-(LEN(D355)-(SEARCH(\".\",D355,SEARCH(\".\",D355,SEARCH(\".\",D355)+1)+1)-1)))),\"\")","v":"2"},"5.2.2.3",{"$f":"IF($G355=\"SINAPI\",VLOOKUP($F355,DADOS_SINAPI,2,0),IF(G355=\"SETOP\",VLOOKUP($F355,DADOS_SETOP,2,0),IF(G355=\"CPU\",VLOOKUP($F355,DADOS_COMPOSICAO,2,0),IF(G355=\"SICRO\",VLOOKUP($F355,DADOS_SICRO,2,0),IF(G355=\"SUDECAP\",VLOOKUP(F355,DADOS_SUDECAP,2,0),IF(G355=\"COTAÇÃO\",VLOOKUP($F355,DADOS_COTACAO,2,0),\"\"))))))","v":"FORNECIMENTO DE CONCRETO ESTRUTURAL, USINADO BOMBEADO, COM FCK 30MPA, INCLUSIVE LANÇAMENTO, ADENSAMENTO E ACABAMENTO (FUNDAÇÃO)"},"ED-49806","SETOP",{"$f":"IF(G355=\"SINAPI\",VLOOKUP($F355,DADOS_SINAPI,3,0),IF(G355=\"SETOP\",VLOOKUP($F355,DADOS_SETOP,3,0),IF(G355=\"CPU\",VLOOKUP($F355,DADOS_COMPOSICAO,10,0),IF(G355=\"SICRO\",VLOOKUP($F355,DADOS_SICRO,3,0),IF(G355=\"SUDECAP\",VLOOKUP(F355,DADOS_SUDECAP,3,0),IF(G355=\"COTAÇÃO\",VLOOKUP($F355,DADOS_COTACAO,9,0),\"\"))))))","v":"m3"},{"$f":"F357","v":8.6},{"$f":"TRUNC(IF(G355=\"SINAPI\",VLOOKUP($F355,DADOS_SINAPI,4,0),IF(G355=\"SETOP\",VLOOKUP($F355,DADOS_SETOP,4,0),IF(G355=\"CPU\",VLOOKUP($F355,DADOS_COMPOSICAO,13,0),IF(G355=\"SICRO\",VLOOKUP($F355,DADOS_SICRO,4,0),IF(G355=\"SUDECAP\",VLOOKUP(F355,DADOS_SUDECAP,4,0),IF(G355=\"COTAÇÃO\",VLOOKUP(F355,DADOS_COTACAO,12,0),\"\")))))),2)","v":734.33},"BDI 1",{"$f":"TRUNC(J355*(1+$N$17),2)","v":929.07},{"$f":"IFERROR(TRUNC(I355*J355,2),\"\")","v":6315.23},{"$f":"IFERROR(TRUNC(L355*I355,2),\"\")","v":7990}]
[2000]
[2000,null,null,null,"Base do reservatório",8.6,"m³"]
[2000]
[null,null,null,"5.2.3","BLOCOS DE COROAMENTO",null,null,null,null,null,null,null,{"$f":"IFERROR(SUMIFS(M:M,A:A,LEFT(D359,SEARCH(\".\",D359)-1),B:B,LEFT(RIGHT(D359,LEN(D359)-SEARCH(\".\",D359)),SEARCH(\".\",RIGHT(D359,LEN(D359)-SEARCH(\".\",D359)))-1),C:C,RIGHT(D359,LEN(D359)-SEARCH(\".\",D359,SEARCH(\".\",D359)+1))),\"\")","v":14431.900000000001},{"$f":"IFERROR(SUMIFS(N:N,A:A,LEFT(D359,SEARCH(\".\",D359)-1),B:B,LEFT(RIGHT(D359,LEN(D359)-SEARCH(\".\",D359)),SEARCH(\".\",RIGHT(D359,LEN(D359)-SEARCH(\".\",D359)))-1),C:C,RIGHT(D359,LEN(D359)-SEARCH(\".\",D359,SEARCH(\".\",D359)+1))),\"\")","v":18257.829999999998}]
[{"$f":"IFERROR(LEFT(D360,SEARCH(\".\",D360)-1),\"\")","v":"5"},{"$f":"IFERROR(LEFT(RIGHT(D360,LEN(D360)-SEARCH(\".\",D360)),SEARCH(\".\",RIGHT(D360,LEN(D360)-SEARCH(\".\",D360)))-1),\"\")","v":"2"},{"$f":"IFERROR(IF(LEN(D360)-LEN(SUBSTITUTE(D360,\".\",\"\"))<>3,\"\",MID(D360,SEARCH(\".\",D360,SEARCH(\".\",D360)+1)+1,LEN(D360)-SEARCH(\".\",D360,SEARCH(\".\",D360)+1)-(LEN(D360)-(SEARCH(\".\",D360,SEARCH(\".\",D360,SEARCH(\".\",D360)+1)+1)-1)))),\"\")","v":"3"},"5.2.3.1",{"$f":"IF($G360=\"SINAPI\",VLOOKUP($F360,DADOS_SINAPI,2,0),IF(G360=\"SETOP\",VLOOKUP($F360,DADOS_SETOP,2,0),IF(G360=\"CPU\",VLOOKUP($F360,DADOS_COMPOSICAO,2,0),IF(G360=\"SICRO\",VLOOKUP($F360,DADOS_SICRO,2,0),IF(G360=\"SUDECAP\",VLOOKUP(F360,DADOS_SUDECAP,2,0),IF(G360=\"COTAÇÃO\",VLOOKUP($F360,DADOS_COTACAO,2,0),\"\"))))))","v":"FÔRMA E DESFORMA PARA VIGA-CINTA/BLOCO COM TÁBUA E SARRAFO, REAPROVEITAMENTO (3X) (FUNDAÇÃO)"},"ED-49810","SETOP",{"$f":"IF(G360=\"SINAPI\",VLOOKUP($F360,DADOS_SINAPI,3,0),IF(G360=\"SETOP\",VLOOKUP($F360,DADOS_SETOP,3,0),IF(G360=\"CPU\",VLOOKUP($F360,DADOS_COMPOSICAO,10,0),IF(G360=\"SICRO\",VLOOKUP($F360,DADOS_SICRO,3,0),IF(G360=\"SUDECAP\",VLOOKUP(F360,DADOS_SUDECAP,3,0),IF(G360=\"COTAÇÃO\",VLOOKUP($F360,DADOS_COTACAO,9,0),\"\"))))))","v":"m2"},{"$f":"F366","v":61.48},{"$f":"TRUNC(IF(G360=\"SINAPI\",VLOOKUP($F360,DADOS_SINAPI,4,0),IF(G360=\"SETOP\",VLOOKUP($F360,DADOS_SETOP,4,0),IF(G360=\"CPU\",VLOOKUP($F360,DADOS_COMPOSICAO,13,0),IF(G360=\"SICRO\",VLOOKUP($F360,DADOS_SICRO,4,0),IF(G360=\"SUDECAP\",VLOOKUP(F360,DADOS_SUDECAP,4,0),IF(G360=\"COTAÇÃO\",VLOOKUP(F360,DADOS_COTACAO,12,0),\"\")))))),2)","v":70.069999999999993},"BDI 1",{"$f":"TRUNC(J360*(1+$N$17),2)","v":88.65},{"$f":"IFERROR(TRUNC(I360*J360,2),\"\")","v":4307.8999999999996},{"$f":"IFERROR(TRUNC(L360*I360,2),\"\")","v":5450.2}]
[2000]
[2000,null,null,null,"Salas",{"$f":"4.56+12.96","v":17.52},"m²"]
[2000,null,null,null,"Cozinha",16.04,"m²"]
[2000,null,null,null,"Banheiros",{"$f":"9.48+16.68","v":26.16},"m²"]
[2000,null,null,null,"Reconstrução do muro",1.76,"m²"]
[2000,null,null,null,"Total",{"$f":"SUM(F362:F365)","v":61.48},"m²"]
[2000]
[{"$f":"IFERROR(LEFT(D368,SEARCH(\".\",D368)-1),\"\")","v":"5"},{"$f":"IFERROR(LEFT(RIGHT(D368,LEN(D368)-SEARCH(\".\",D368)),SEARCH(\".\",RIGHT(D368,LEN(D368)-SEARCH(\".\",D368)))-1),\"\")","v":"2"},{"$f":"IFERROR(IF(LEN(D368)-LEN(SUBSTITUTE(D368,\".\",\"\"))<>3,\"\",MID(D368,SEARCH(\".\",D368,SEARCH(\".\",D368)+1)+1,LEN(D368)-SEARCH(\".\",D368,SEARCH(\".\",D368)+1)-(LEN(D368)-(SEARCH(\".\",D368,SEARCH(\".\",D368,SEARCH(\".\",D368)+1)+1)-1)))),\"\")","v":"3"},"5.2.3.2",{"$f":"IF($G368=\"SINAPI\",VLOOKUP($F368,DADOS_SINAPI,2,0),IF(G368=\"SETOP\",VLOOKUP($F368,DADOS_SETOP,2,0),IF(G368=\"CPU\",VLOOKUP($F368,DADOS_COMPOSICAO,2,0),IF(G368=\"SICRO\",VLOOKUP($F368,DADOS_SICRO,2,0),IF(G368=\"SUDECAP\",VLOOKUP(F368,DADOS_SUDECAP,2,0),IF(G368=\"COTAÇÃO\",VLOOKUP($F368,DADOS_COTACAO,2,0),\"\"))))))","v":"CORTE, DOBRA E MONTAGEM DE AÇO CA-50/60, INCLUSIVE ESPAÇADOR"},"ED-48298","SETOP",{"$f":"IF(G368=\"SINAPI\",VLOOKUP($F368,DADOS_SINAPI,3,0),IF(G368=\"SETOP\",VLOOKUP($F368,DADOS_SETOP,3,0),IF(G368=\"CPU\",VLOOKUP($F368,DADOS_COMPOSICAO,10,0),IF(G368=\"SICRO\",VLOOKUP($F368,DADOS_SICRO,3,0),IF(G368=\"SUDECAP\",VLOOKUP(F368,DADOS_SUDECAP,3,0),IF(G368=\"COTAÇÃO\",VLOOKUP($F368,DADOS_COTACAO,9,0),\"\"))))))","v":"Kg"},{"$f":"F374","v":262.2},{"$f":"TRUNC(IF(G368=\"SINAPI\",VLOOKUP($F368,DADOS_SINAPI,4,0),IF(G368=\"SETOP\",VLOOKUP($F368,DADOS_SETOP,4,0),IF(G368=\"CPU\",VLOOKUP($F368,DADOS_COMPOSICAO,13,0),IF(G368=\"SICRO\",VLOOKUP($F368,DADOS_SICRO,4,0),IF(G368=\"SUDECAP\",VLOOKUP(F368,DADOS_SUDECAP,4,0),IF(G368=\"COTAÇÃO\",VLOOKUP(F368,DADOS_COTACAO,12,0),\"\")))))),2)","v":13.63},"BDI 1",{"$f":"TRUNC(J368*(1+$N$17),2)","v":17.239999999999998},{"$f":"IFERROR(TRUNC(I368*J368,2),\"\")","v":3573.78},4520.33]
[2000]
[2000,null,null,null,"Salas",{"$f":"19.6+58.3","v":77.900000000000006},"kg"]
[2000,null,null,null,"Cozinha",69.099999999999994,"kg"]
[2000,null,null,null,"Banheiros",{"$f":"39.6+68.5","v":108.1},"kg"]
[2000,null,null,null,"Reconstrução do muro",7.1,"kg"]
[2000,null,null,null,"Total",{"$f":"SUM(F370:F373)","v":262.2},"kg"]
[2000]
[{"$f":"IFERROR(LEFT(D376,SEARCH(\".\",D376)-1),\"\")","v":"5"},{"$f":"IFERROR(LEFT(RIGHT(D376,LEN(D376)-SEARCH(\".\",D376)),SEARCH(\".\",RIGHT(D376,LEN(D376)-SEARCH(\".\",D376)))-1),\"\")","v":"2"},{"$f":"IFERROR(IF(LEN(D376)-LEN(SUBSTITUTE(D376,\".\",\"\"))<>3,\"\",MID(D376,SEARCH(\".\",D376,SEARCH(\".\",D376)+1)+1,LEN(D376)-SEARCH(\".\",D376,SEARCH(\".\",D376)+1)-(LEN(D376)-(SEARCH(\".\",D376,SEARCH(\".\",D376,SEARCH(\".\",D376)+1)+1)-1)))),\"\")","v":"3"},"5.2.3.3",{"$f":"IF($G376=\"SINAPI\",VLOOKUP($F376,DADOS_SINAPI,2,0),IF(G376=\"SETOP\",VLOOKUP($F376,DADOS_SETOP,2,0),IF(G376=\"CPU\",VLOOKUP($F376,DADOS_COMPOSICAO,2,0),IF(G376=\"SICRO\",VLOOKUP($F376,DADOS_SICRO,2,0),IF(G376=\"SUDECAP\",VLOOKUP(F376,DADOS_SUDECAP,2,0),IF(G376=\"COTAÇÃO\",VLOOKUP($F376,DADOS_COTACAO,2,0),\"\"))))))","v":"FORNECIMENTO DE CONCRETO ESTRUTURAL, USINADO BOMBEADO, COM FCK 30MPA, INCLUSIVE LANÇAMENTO, ADENSAMENTO E ACABAMENTO (FUNDAÇÃO)"},"ED-49806","SETOP",{"$f":"IF(G376=\"SINAPI\",VLOOKUP($F376,DADOS_SINAPI,3,0),IF(G376=\"SETOP\",VLOOKUP($F376,DADOS_SETOP,3,0),IF(G376=\"CPU\",VLOOKUP($F376,DADOS_COMPOSICAO,10,0),IF(G376=\"SICRO\",VLOOKUP($F376,DADOS_SICRO,3,0),IF(G376=\"SUDECAP\",VLOOKUP(F376,DADOS_SUDECAP,3,0),IF(G376=\"COTAÇÃO\",VLOOKUP($F376,DADOS_COTACAO,9,0),\"\"))))))","v":"m3"},{"$f":"F382","v":8.92},{"$f":"TRUNC(IF(G376=\"SINAPI\",VLOOKUP($F376,DADOS_SINAPI,4,0),IF(G376=\"SETOP\",VLOOKUP($F376,DADOS_SETOP,4,0),IF(G376=\"CPU\",VLOOKUP($F376,DADOS_COMPOSICAO,13,0),IF(G376=\"SICRO\",VLOOKUP($F376,DADOS_SICRO,4,0),IF(G376=\"SUDECAP\",VLOOKUP(F376,DADOS_SUDECAP,4,0),IF(G376=\"COTAÇÃO\",VLOOKUP(F376,DADOS_COTACAO,12,0),\"\")))))),2)","v":734.33},"BDI 1",{"$f":"TRUNC(J376*(1+$N$17),2)","v":929.07},{"$f":"IFERROR(TRUNC(I376*J376,2),\"\")","v":6550.22},{"$f":"IFERROR(TRUNC(L376*I376,2),\"\")","v":8287.2999999999993}]
[2000]
[2000,null,null,null,"Salas",{"$f":"0.67+1.9","v":2.57},"m³"]
[2000,null,null,null,"Cozinha",2.3199999999999998,"m³"]
[2000,null,null,null,"Banheiros",{"$f":"1.39+2.4","v":3.79},"m³"]
[2000,null,null,null,"Reconstrução do muro",0.24,"m³"]
[2000,null,null,null,"Total",{"$f":"SUM(F378:F381)","v":8.92},"m³"]
[2000]
[null,null,null,"5.2.4","VIGAS BALDRAME",null,null,null,null,null,null,null,{"$f":"IFERROR(SUMIFS(M:M,A:A,LEFT(D384,SEARCH(\".\",D384)-1),B:B,LEFT(RIGHT(D384,LEN(D384)-SEARCH(\".\",D384)),SEARCH(\".\",RIGHT(D384,LEN(D384)-SEARCH(\".\",D384)))-1),C:C,RIGHT(D384,LEN(D384)-SEARCH(\".\",D384,SEARCH(\".\",D384)+1))),\"\")","v":52800.38},{"$f":"IFERROR(SUMIFS(N:N,A:A,LEFT(D384,SEARCH(\".\",D384)-1),B:B,LEFT(RIGHT(D384,LEN(D384)-SEARCH(\".\",D384)),SEARCH(\".\",RIGHT(D384,LEN(D384)-SEARCH(\".\",D384)))-1),C:C,RIGHT(D384,LEN(D384)-SEARCH(\".\",D384,SEARCH(\".\",D384)+1))),\"\")","v":66797.31}]
[{"$f":"IFERROR(LEFT(D385,SEARCH(\".\",D385)-1),\"\")","v":"5"},{"$f":"IFERROR(LEFT(RIGHT(D385,LEN(D385)-SEARCH(\".\",D385)),SEARCH(\".\",RIGHT(D385,LEN(D385)-SEARCH(\".\",D385)))-1),\"\")","v":"2"},{"$f":"IFERROR(IF(LEN(D385)-LEN(SUBSTITUTE(D385,\".\",\"\"))<>3,\"\",MID(D385,SEARCH(\".\",D385,SEARCH(\".\",D385)+1)+1,LEN(D385)-SEARCH(\".\",D385,SEARCH(\".\",D385)+1)-(LEN(D385)-(SEARCH(\".\",D385,SEARCH(\".\",D385,SEARCH(\".\",D385)+1)+1)-1)))),\"\")","v":"4"},"5.2.4.1",{"$f":"IF($G385=\"SINAPI\",VLOOKUP($F385,DADOS_SINAPI,2,0),IF(G385=\"SETOP\",VLOOKUP($F385,DADOS_SETOP,2,0),IF(G385=\"CPU\",VLOOKUP($F385,DADOS_COMPOSICAO,2,0),IF(G385=\"SICRO\",VLOOKUP($F385,DADOS_SICRO,2,0),IF(G385=\"SUDECAP\",VLOOKUP(F385,DADOS_SUDECAP,2,0),IF(G385=\"COTAÇÃO\",VLOOKUP($F385,DADOS_COTACAO,2,0),\"\"))))))","v":"FÔRMA E DESFORMA PARA VIGA-CINTA/BLOCO COM TÁBUA E SARRAFO, REAPROVEITAMENTO (3X) (FUNDAÇÃO)"},"ED-49810","SETOP",{"$f":"IF(G385=\"SINAPI\",VLOOKUP($F385,DADOS_SINAPI,3,0),IF(G385=\"SETOP\",VLOOKUP($F385,DADOS_SETOP,3,0),IF(G385=\"CPU\",VLOOKUP($F385,DADOS_COMPOSICAO,10,0),IF(G385=\"SICRO\",VLOOKUP($F385,DADOS_SICRO,3,0),IF(G385=\"SUDECAP\",VLOOKUP(F385,DADOS_SUDECAP,3,0),IF(G385=\"COTAÇÃO\",VLOOKUP($F385,DADOS_COTACAO,9,0),\"\"))))))","v":"m2"},{"$f":"F392","v":284.69999999999993},{"$f":"TRUNC(IF(G385=\"SINAPI\",VLOOKUP($F385,DADOS_SINAPI,4,0),IF(G385=\"SETOP\",VLOOKUP($F385,DADOS_SETOP,4,0),IF(G385=\"CPU\",VLOOKUP($F385,DADOS_COMPOSICAO,13,0),IF(G385=\"SICRO\",VLOOKUP($F385,DADOS_SICRO,4,0),IF(G385=\"SUDECAP\",VLOOKUP(F385,DADOS_SUDECAP,4,0),IF(G385=\"COTAÇÃO\",VLOOKUP(F385,DADOS_COTACAO,12,0),\"\")))))),2)","v":70.069999999999993},"BDI 1",{"$f":"TRUNC(J385*(1+$N$17),2)","v":88.65},{"$f":"IFERROR(TRUNC(I385*J385,2),\"\")","v":19948.919999999998},25238.66]
[2000]
[2000,null,null,null,"Salas",{"$f":"7.75+62.72+32.72","v":103.19},"m²"]
[2000,null,null,null,"Cozinha",{"$f":"74.08","v":74.08},"m²"]
[2000,null,null,null,"Banheiros",{"$f":"14.75+76.83","v":91.58},"m²"]
[2000,null,null,null,"Viga baldrame do gradil",12.84,"m²"]
[2000,null,null,null,"Reconstrução do muro",3.01,"m²"]
[2000,null,null,null,"Total",{"$f":"SUM(F387:F391)","v":284.69999999999993},"m²"]
[2000]
[{"$f":"IFERROR(LEFT(D394,SEARCH(\".\",D394)-1),\"\")","v":"5"},{"$f":"IFERROR(LEFT(RIGHT(D394,LEN(D394)-SEARCH(\".\",D394)),SEARCH(\".\",RIGHT(D394,LEN(D394)-SEARCH(\".\",D394)))-1),\"\")","v":"2"},{"$f":"IFERROR(IF(LEN(D394)-LEN(SUBSTITUTE(D394,\".\",\"\"))<>3,\"\",MID(D394,SEARCH(\".\",D394,SEARCH(\".\",D394)+1)+1,LEN(D394)-SEARCH(\".\",D394,SEARCH(\".\",D394)+1)-(LEN(D394)-(SEARCH(\".\",D394,SEARCH(\".\",D394,SEARCH(\".\",D394)+1)+1)-1)))),\"\")","v":"4"},"5.2.4.2",{"$f":"IF($G394=\"SINAPI\",VLOOKUP($F394,DADOS_SINAPI,2,0),IF(G394=\"SETOP\",VLOOKUP($F394,DADOS_SETOP,2,0),IF(G394=\"CPU\",VLOOKUP($F394,DADOS_COMPOSICAO,2,0),IF(G394=\"SICRO\",VLOOKUP($F394,DADOS_SICRO,2,0),IF(G394=\"SUDECAP\",VLOOKUP(F394,DADOS_SUDECAP,2,0),IF(G394=\"COTAÇÃO\",VLOOKUP($F394,DADOS_COTACAO,2,0),\"\"))))))","v":"CORTE, DOBRA E MONTAGEM DE AÇO CA-50/60, INCLUSIVE ESPAÇADOR"},"ED-48298","SETOP",{"$f":"IF(G394=\"SINAPI\",VLOOKUP($F394,DADOS_SINAPI,3,0),IF(G394=\"SETOP\",VLOOKUP($F394,DADOS_SETOP,3,0),IF(G394=\"CPU\",VLOOKUP($F394,DADOS_COMPOSICAO,10,0),IF(G394=\"SICRO\",VLOOKUP($F394,DADOS_SICRO,3,0),IF(G394=\"SUDECAP\",VLOOKUP(F394,DADOS_SUDECAP,3,0),IF(G394=\"COTAÇÃO\",VLOOKUP($F394,DADOS_COTACAO,9,0),\"\"))))))","v":"Kg"},{"$f":"F401","v":1026.2},{"$f":"TRUNC(IF(G394=\"SINAPI\",VLOOKUP($F394,DADOS_SINAPI,4,0),IF(G394=\"SETOP\",VLOOKUP($F394,DADOS_SETOP,4,0),IF(G394=\"CPU\",VLOOKUP($F394,DADOS_COMPOSICAO,13,0),IF(G394=\"SICRO\",VLOOKUP($F394,DADOS_SICRO,4,0),IF(G394=\"SUDECAP\",VLOOKUP(F394,DADOS_SUDECAP,4,0),IF(G394=\"COTAÇÃO\",VLOOKUP(F394,DADOS_COTACAO,12,0),\"\")))))),2)","v":13.63},"BDI 1",{"$f":"TRUNC(J394*(1+$N$17),2)","v":17.239999999999998},{"$f":"IFERROR(TRUNC(I394*J394,2),\"\")","v":13987.1},17691.689999999999]
[2000]
[2000,null,null,null,"Salas",{"$f":"19.3+7.6+156.6+56.4+81.8+34.1","v":355.8},"kg"]
[2000,null,null,null,"Cozinha",{"$f":"183.1+67.8","v":250.89999999999998},"kg"]
[2000,null,null,null,"Banheiros",{"$f":"32.3+13.8+234.5+70.7","v":351.3},"kg"]
[2000,null,null,null,"Viga baldrame do gradil",{"$f":"37.2+21.2","v":58.400000000000006},"kg"]
[2000,null,null,null,"Reconstrução do muro",{"$f":"7.1+2.7","v":9.8000000000000007},"kg"]
[2000,null,null,null,"Total",{"$f":"SUM(F396:F400)","v":1026.2},"kg"]
[2000]
[{"$f":"IFERROR(LEFT(D403,SEARCH(\".\",D403)-1),\"\")","v":"5"},{"$f":"IFERROR(LEFT(RIGHT(D403,LEN(D403)-SEARCH(\".\",D403)),SEARCH(\".\",RIGHT(D403,LEN(D403)-SEARCH(\".\",D403)))-1),\"\")","v":"2"},{"$f":"IFERROR(IF(LEN(D403)-LEN(SUBSTITUTE(D403,\".\",\"\"))<>3,\"\",MID(D403,SEARCH(\".\",D403,SEARCH(\".\",D403)+1)+1,LEN(D403)-SEARCH(\".\",D403,SEARCH(\".\",D403)+1)-(LEN(D403)-(SEARCH(\".\",D403,SEARCH(\".\",D403,SEARCH(\".\",D403)+1)+1)-1)))),\"\")","v":"4"},"5.2.4.3",{"$f":"IF($G403=\"SINAPI\",VLOOKUP($F403,DADOS_SINAPI,2,0),IF(G403=\"SETOP\",VLOOKUP($F403,DADOS_SETOP,2,0),IF(G403=\"CPU\",VLOOKUP($F403,DADOS_COMPOSICAO,2,0),IF(G403=\"SICRO\",VLOOKUP($F403,DADOS_SICRO,2,0),IF(G403=\"SUDECAP\",VLOOKUP(F403,DADOS_SUDECAP,2,0),IF(G403=\"COTAÇÃO\",VLOOKUP($F403,DADOS_COTACAO,2,0),\"\"))))))","v":"FORNECIMENTO DE CONCRETO ESTRUTURAL, USINADO BOMBEADO, COM FCK 30MPA, INCLUSIVE LANÇAMENTO, ADENSAMENTO E ACABAMENTO (FUNDAÇÃO)"},"ED-49806","SETOP",{"$f":"IF(G403=\"SINAPI\",VLOOKUP($F403,DADOS_SINAPI,3,0),IF(G403=\"SETOP\",VLOOKUP($F403,DADOS_SETOP,3,0),IF(G403=\"CPU\",VLOOKUP($F403,DADOS_COMPOSICAO,10,0),IF(G403=\"SICRO\",VLOOKUP($F403,DADOS_SICRO,3,0),IF(G403=\"SUDECAP\",VLOOKUP(F403,DADOS_SUDECAP,3,0),IF(G403=\"COTAÇÃO\",VLOOKUP($F403,DADOS_COTACAO,9,0),\"\"))))))","v":"m3"},{"$f":"F410","v":17.639999999999997},{"$f":"TRUNC(IF(G403=\"SINAPI\",VLOOKUP($F403,DADOS_SINAPI,4,0),IF(G403=\"SETOP\",VLOOKUP($F403,DADOS_SETOP,4,0),IF(G403=\"CPU\",VLOOKUP($F403,DADOS_COMPOSICAO,13,0),IF(G403=\"SICRO\",VLOOKUP($F403,DADOS_SICRO,4,0),IF(G403=\"SUDECAP\",VLOOKUP(F403,DADOS_SUDECAP,4,0),IF(G403=\"COTAÇÃO\",VLOOKUP(F403,DADOS_COTACAO,12,0),\"\")))))),2)","v":734.33},"BDI 1",{"$f":"TRUNC(J403*(1+$N$17),2)","v":929.07},{"$f":"IFERROR(TRUNC(I403*J403,2),\"\")","v":12953.58},{"$f":"IFERROR(TRUNC(L403*I403,2),\"\")","v":16388.79}]
[2000]
[2000,null,null,null,"Salas",{"$f":"0.46+3.74+1.93","v":6.13},"m³"]
[2000,null,null,null,"Cozinha",{"$f":"4.41","v":4.41},"m³"]
[2000,null,null,null,"Banheiros",{"$f":"0.88+4.82","v":5.7},"m³"]
[2000,null,null,null,"Viga baldrame do gradil",1.22,"m³"]
[2000,null,null,null,"Reconstrução do muro",{"$f":"0.18","v":0.18},"m³"]
[2000,null,null,null,"Total",{"$f":"SUM(F405:F409)","v":17.639999999999997},"m³"]
[2000]
[{"$f":"IFERROR(LEFT(D412,SEARCH(\".\",D412)-1),\"\")","v":"5"},{"$f":"IFERROR(LEFT(RIGHT(D412,LEN(D412)-SEARCH(\".\",D412)),SEARCH(\".\",RIGHT(D412,LEN(D412)-SEARCH(\".\",D412)))-1),\"\")","v":"2"},{"$f":"IFERROR(IF(LEN(D412)-LEN(SUBSTITUTE(D412,\".\",\"\"))<>3,\"\",MID(D412,SEARCH(\".\",D412,SEARCH(\".\",D412)+1)+1,LEN(D412)-SEARCH(\".\",D412,SEARCH(\".\",D412)+1)-(LEN(D412)-(SEARCH(\".\",D412,SEARCH(\".\",D412,SEARCH(\".\",D412)+1)+1)-1)))),\"\")","v":"4"},"5.2.4.4",{"$f":"IF($G412=\"SINAPI\",VLOOKUP($F412,DADOS_SINAPI,2,0),IF(G412=\"SETOP\",VLOOKUP($F412,DADOS_SETOP,2,0),IF(G412=\"CPU\",VLOOKUP($F412,DADOS_COMPOSICAO,2,0),IF(G412=\"SICRO\",VLOOKUP($F412,DADOS_SICRO,2,0),IF(G412=\"SUDECAP\",VLOOKUP(F412,DADOS_SUDECAP,2,0),IF(G412=\"COTAÇÃO\",VLOOKUP($F412,DADOS_COTACAO,2,0),\"\"))))))","v":"IMPERMEABILIZAÇÃO DE SUPERFÍCIE COM EMULSÃO ASFÁLTICA, 2 DEMÃOS. AF_09/2023"},98557,"SINAPI",{"$f":"IF(G412=\"SINAPI\",VLOOKUP($F412,DADOS_SINAPI,3,0),IF(G412=\"SETOP\",VLOOKUP($F412,DADOS_SETOP,3,0),IF(G412=\"CPU\",VLOOKUP($F412,DADOS_COMPOSICAO,10,0),IF(G412=\"SICRO\",VLOOKUP($F412,DADOS_SICRO,3,0),IF(G412=\"SUDECAP\",VLOOKUP(F412,DADOS_SUDECAP,3,0),IF(G412=\"COTAÇÃO\",VLOOKUP($F412,DADOS_COTACAO,9,0),\"\"))))))","v":"M2"},{"$f":"F419","v":142.35999999999999},{"$f":"TRUNC(IF(G412=\"SINAPI\",VLOOKUP($F412,DADOS_SINAPI,4,0),IF(G412=\"SETOP\",VLOOKUP($F412,DADOS_SETOP,4,0),IF(G412=\"CPU\",VLOOKUP($F412,DADOS_COMPOSICAO,13,0),IF(G412=\"SICRO\",VLOOKUP($F412,DADOS_SICRO,4,0),IF(G412=\"SUDECAP\",VLOOKUP(F412,DADOS_SUDECAP,4,0),IF(G412=\"COTAÇÃO\",VLOOKUP(F412,DADOS_COTACAO,12,0),\"\")))))),2)","v":41.52},"BDI 1",{"$f":"TRUNC(J412*(1+$N$17),2)","v":52.53},{"$f":"IFERROR(TRUNC(I412*J412,2),\"\")","v":5910.78},{"$f":"IFERROR(TRUNC(L412*I412,2),\"\")","v":7478.17}]
[2000]
[2000,null,null,null,"Salas",{"$f":"ROUND(F387/2,2)","v":51.6},"m²"]
[2000,null,null,null,"Cozinha",37.04,"m²"]
[2000,null,null,null,"Banheiros",{"$f":"ROUND(F389/2,2)","v":45.79},"m²"]
[2000,null,null,null,"Viga baldrame do gradil",{"$f":"ROUND(F390/2,2)","v":6.42},"m²"]
[2000,null,null,null,"Reconstrução do muro",{"$f":"ROUND(F391/2,2)","v":1.51},"m²"]
[2000,null,null,null,"Total",{"$f":"SUM(F414:F418)","v":142.35999999999999},"m²"]
[2000]
[null,null,null,"5.2.5","CONTENÇÃO",null,null,null,null,null,null,null,{"$f":"IFERROR(SUMIFS(M:M,A:A,LEFT(D421,SEARCH(\".\",D421)-1),B:B,LEFT(RIGHT(D421,LEN(D421)-SEARCH(\".\",D421)),SEARCH(\".\",RIGHT(D421,LEN(D421)-SEARCH(\".\",D421)))-1),C:C,RIGHT(D421,LEN(D421)-SEARCH(\".\",D421,SEARCH(\".\",D421)+1))),\"\")","v":7059.4599999999991},{"$f":"IFERROR(SUMIFS(N:N,A:A,LEFT(D421,SEARCH(\".\",D421)-1),B:B,LEFT(RIGHT(D421,LEN(D421)-SEARCH(\".\",D421)),SEARCH(\".\",RIGHT(D421,LEN(D421)-SEARCH(\".\",D421)))-1),C:C,RIGHT(D421,LEN(D421)-SEARCH(\".\",D421,SEARCH(\".\",D421)+1))),\"\")","v":8930.61}]
[{"$f":"IFERROR(LEFT(D422,SEARCH(\".\",D422)-1),\"\")","v":"5"},{"$f":"IFERROR(LEFT(RIGHT(D422,LEN(D422)-SEARCH(\".\",D422)),SEARCH(\".\",RIGHT(D422,LEN(D422)-SEARCH(\".\",D422)))-1),\"\")","v":"2"},{"$f":"IFERROR(IF(LEN(D422)-LEN(SUBSTITUTE(D422,\".\",\"\"))<>3,\"\",MID(D422,SEARCH(\".\",D422,SEARCH(\".\",D422)+1)+1,LEN(D422)-SEARCH(\".\",D422,SEARCH(\".\",D422)+1)-(LEN(D422)-(SEARCH(\".\",D422,SEARCH(\".\",D422,SEARCH(\".\",D422)+1)+1)-1)))),\"\")","v":"5"},"5.2.5.1",{"$f":"IF($G422=\"SINAPI\",VLOOKUP($F422,DADOS_SINAPI,2,0),IF(G422=\"SETOP\",VLOOKUP($F422,DADOS_SETOP,2,0),IF(G422=\"CPU\",VLOOKUP($F422,DADOS_COMPOSICAO,2,0),IF(G422=\"SICRO\",VLOOKUP($F422,DADOS_SICRO,2,0),IF(G422=\"SUDECAP\",VLOOKUP(F422,DADOS_SUDECAP,2,0),IF(G422=\"COTAÇÃO\",VLOOKUP($F422,DADOS_COTACAO,2,0),\"\"))))))","v":"ALVENARIA ESTRUTURAL COM BLOCO DE CONCRETO, ESP. 14CM, (FBK 4,5MPA), PARA REVESTIMENTO, INCLUSIVE ARGAMASSA PARA ASSENTAMENTO"},"ED-48198","SETOP",{"$f":"IF(G422=\"SINAPI\",VLOOKUP($F422,DADOS_SINAPI,3,0),IF(G422=\"SETOP\",VLOOKUP($F422,DADOS_SETOP,3,0),IF(G422=\"CPU\",VLOOKUP($F422,DADOS_COMPOSICAO,10,0),IF(G422=\"SICRO\",VLOOKUP($F422,DADOS_SICRO,3,0),IF(G422=\"SUDECAP\",VLOOKUP(F422,DADOS_SUDECAP,3,0),IF(G422=\"COTAÇÃO\",VLOOKUP($F422,DADOS_COTACAO,9,0),\"\"))))))","v":"m2"},{"$f":"F425","v":26.2},{"$f":"TRUNC(IF(G422=\"SINAPI\",VLOOKUP($F422,DADOS_SINAPI,4,0),IF(G422=\"SETOP\",VLOOKUP($F422,DADOS_SETOP,4,0),IF(G422=\"CPU\",VLOOKUP($F422,DADOS_COMPOSICAO,13,0),IF(G422=\"SICRO\",VLOOKUP($F422,DADOS_SICRO,4,0),IF(G422=\"SUDECAP\",VLOOKUP(F422,DADOS_SUDECAP,4,0),IF(G422=\"COTAÇÃO\",VLOOKUP(F422,DADOS_COTACAO,12,0),\"\")))))),2)","v":78.95},"BDI 1",{"$f":"TRUNC(J422*(1+$N$17),2)","v":99.88},{"$f":"IFERROR(TRUNC(I422*J422,2),\"\")","v":2068.4899999999998},2616.86]
[2000]
[2000,null,null,null,"Contenção nas salas",11.3,"m²"]
[2000,null,null,null,"Contenção nos banheiros",26.2,"m²"]
[2000,null,null,null,"Total",{"$f":"SUM(F424:F425)","v":37.5},"m²"]
[2000]
[{"$f":"IFERROR(LEFT(D428,SEARCH(\".\",D428)-1),\"\")","v":"5"},{"$f":"IFERROR(LEFT(RIGHT(D428,LEN(D428)-SEARCH(\".\",D428)),SEARCH(\".\",RIGHT(D428,LEN(D428)-SEARCH(\".\",D428)))-1),\"\")","v":"2"},{"$f":"IFERROR(IF(LEN(D428)-LEN(SUBSTITUTE(D428,\".\",\"\"))<>3,\"\",MID(D428,SEARCH(\".\",D428,SEARCH(\".\",D428)+1)+1,LEN(D428)-SEARCH(\".\",D428,SEARCH(\".\",D428)+1)-(LEN(D428)-(SEARCH(\".\",D428,SEARCH(\".\",D428,SEARCH(\".\",D428)+1)+1)-1)))),\"\")","v":"5"},"5.2.5.2",{"$f":"IF($G428=\"SINAPI\",VLOOKUP($F428,DADOS_SINAPI,2,0),IF(G428=\"SETOP\",VLOOKUP($F428,DADOS_SETOP,2,0),IF(G428=\"CPU\",VLOOKUP($F428,DADOS_COMPOSICAO,2,0),IF(G428=\"SICRO\",VLOOKUP($F428,DADOS_SICRO,2,0),IF(G428=\"SUDECAP\",VLOOKUP(F428,DADOS_SUDECAP,2,0),IF(G428=\"COTAÇÃO\",VLOOKUP($F428,DADOS_COTACAO,2,0),\"\"))))))","v":"CORTE, DOBRA E MONTAGEM DE AÇO CA-50/60, INCLUSIVE ESPAÇADOR"},"ED-48298","SETOP",{"$f":"IF(G428=\"SINAPI\",VLOOKUP($F428,DADOS_SINAPI,3,0),IF(G428=\"SETOP\",VLOOKUP($F428,DADOS_SETOP,3,0),IF(G428=\"CPU\",VLOOKUP($F428,DADOS_COMPOSICAO,10,0),IF(G428=\"SICRO\",VLOOKUP($F428,DADOS_SICRO,3,0),IF(G428=\"SUDECAP\",VLOOKUP(F428,DADOS_SUDECAP,3,0),IF(G428=\"COTAÇÃO\",VLOOKUP($F428,DADOS_COTACAO,9,0),\"\"))))))","v":"Kg"},{"$f":"F431","v":154.69999999999999},{"$f":"TRUNC(IF(G428=\"SINAPI\",VLOOKUP($F428,DADOS_SINAPI,4,0),IF(G428=\"SETOP\",VLOOKUP($F428,DADOS_SETOP,4,0),IF(G428=\"CPU\",VLOOKUP($F428,DADOS_COMPOSICAO,13,0),IF(G428=\"SICRO\",VLOOKUP($F428,DADOS_SICRO,4,0),IF(G428=\"SUDECAP\",VLOOKUP(F428,DADOS_SUDECAP,4,0),IF(G428=\"COTAÇÃO\",VLOOKUP(F428,DADOS_COTACAO,12,0),\"\")))))),2)","v":13.63},"BDI 1",{"$f":"TRUNC(J428*(1+$N$17),2)","v":17.239999999999998},{"$f":"IFERROR(TRUNC(I428*J428,2),\"\")","v":2108.56},2667.03]
[2000]
[2000,null,null,null,"Contenção nas salas",74.7,"kg"]
[2000,null,null,null,"Contenção nos banheiros",154.69999999999999,"kg"]
[2000,null,null,null,"Total",{"$f":"SUM(F430:F431)","v":229.39999999999998},"kg"]
[2000]
[{"$f":"IFERROR(LEFT(D434,SEARCH(\".\",D434)-1),\"\")","v":"5"},{"$f":"IFERROR(LEFT(RIGHT(D434,LEN(D434)-SEARCH(\".\",D434)),SEARCH(\".\",RIGHT(D434,LEN(D434)-SEARCH(\".\",D434)))-1),\"\")","v":"2"},{"$f":"IFERROR(IF(LEN(D434)-LEN(SUBSTITUTE(D434,\".\",\"\"))<>3,\"\",MID(D434,SEARCH(\".\",D434,SEARCH(\".\",D434)+1)+1,LEN(D434)-SEARCH(\".\",D434,SEARCH(\".\",D434)+1)-(LEN(D434)-(SEARCH(\".\",D434,SEARCH(\".\",D434,SEARCH(\".\",D434)+1)+1)-1)))),\"\")","v":"5"},"5.2.5.3",{"$f":"IF($G434=\"SINAPI\",VLOOKUP($F434,DADOS_SINAPI,2,0),IF(G434=\"SETOP\",VLOOKUP($F434,DADOS_SETOP,2,0),IF(G434=\"CPU\",VLOOKUP($F434,DADOS_COMPOSICAO,2,0),IF(G434=\"SICRO\",VLOOKUP($F434,DADOS_SICRO,2,0),IF(G434=\"SUDECAP\",VLOOKUP(F434,DADOS_SUDECAP,2,0),IF(G434=\"COTAÇÃO\",VLOOKUP($F434,DADOS_COTACAO,2,0),\"\"))))))","v":"GRAUTE FGK=15 MPA; TRAÇO 1:0,04:2,2:2,5 (EM MASSA SECA DE CIMENTO/CAL/AREIA GROSSA/BRITA 0) - PREPARO MECÂNICO COM BETONEIRA 400 L. AF_09/2021"},90278,"SINAPI",{"$f":"IF(G434=\"SINAPI\",VLOOKUP($F434,DADOS_SINAPI,3,0),IF(G434=\"SETOP\",VLOOKUP($F434,DADOS_SETOP,3,0),IF(G434=\"CPU\",VLOOKUP($F434,DADOS_COMPOSICAO,10,0),IF(G434=\"SICRO\",VLOOKUP($F434,DADOS_SICRO,3,0),IF(G434=\"SUDECAP\",VLOOKUP(F434,DADOS_SUDECAP,3,0),IF(G434=\"COTAÇÃO\",VLOOKUP($F434,DADOS_COTACAO,9,0),\"\"))))))","v":"M3"},{"$f":"F437","v":1.65},{"$f":"TRUNC(IF(G434=\"SINAPI\",VLOOKUP($F434,DADOS_SINAPI,4,0),IF(G434=\"SETOP\",VLOOKUP($F434,DADOS_SETOP,4,0),IF(G434=\"CPU\",VLOOKUP($F434,DADOS_COMPOSICAO,13,0),IF(G434=\"SICRO\",VLOOKUP($F434,DADOS_SICRO,4,0),IF(G434=\"SUDECAP\",VLOOKUP(F434,DADOS_SUDECAP,4,0),IF(G434=\"COTAÇÃO\",VLOOKUP(F434,DADOS_COTACAO,12,0),\"\")))))),2)","v":544.24},"BDI 1",{"$f":"TRUNC(J434*(1+$N$17),2)","v":688.57},{"$f":"IFERROR(TRUNC(I434*J434,2),\"\")","v":897.99},{"$f":"IFERROR(TRUNC(L434*I434,2),\"\")","v":1136.1400000000001}]
[2000]
[2000,null,null,null,"Contenção nas salas",0.71,"m³"]
[2000,null,null,null,"Contenção nos banheiros",1.65,"m³"]
[2000,null,null,null,"Total",{"$f":"SUM(F436:F437)","v":2.36},"m³"]
[2000]
[{"$f":"IFERROR(LEFT(D440,SEARCH(\".\",D440)-1),\"\")","v":"5"},{"$f":"IFERROR(LEFT(RIGHT(D440,LEN(D440)-SEARCH(\".\",D440)),SEARCH(\".\",RIGHT(D440,LEN(D440)-SEARCH(\".\",D440)))-1),\"\")","v":"2"},{"$f":"IFERROR(IF(LEN(D440)-LEN(SUBSTITUTE(D440,\".\",\"\"))<>3,\"\",MID(D440,SEARCH(\".\",D440,SEARCH(\".\",D440)+1)+1,LEN(D440)-SEARCH(\".\",D440,SEARCH(\".\",D440)+1)-(LEN(D440)-(SEARCH(\".\",D440,SEARCH(\".\",D440,SEARCH(\".\",D440)+1)+1)-1)))),\"\")","v":"5"},"5.2.5.4",{"$f":"IF($G440=\"SINAPI\",VLOOKUP($F440,DADOS_SINAPI,2,0),IF(G440=\"SETOP\",VLOOKUP($F440,DADOS_SETOP,2,0),IF(G440=\"CPU\",VLOOKUP($F440,DADOS_COMPOSICAO,2,0),IF(G440=\"SICRO\",VLOOKUP($F440,DADOS_SICRO,2,0),IF(G440=\"SUDECAP\",VLOOKUP(F440,DADOS_SUDECAP,2,0),IF(G440=\"COTAÇÃO\",VLOOKUP($F440,DADOS_COTACAO,2,0),\"\"))))))","v":"IMPERMEABILIZAÇÃO DE SUPERFÍCIE COM ARGAMASSA DE CIMENTO E AREIA, COM ADITIVO IMPERMEABILIZANTE, E = 1,5CM. AF_09/2023"},98562,"SINAPI",{"$f":"IF(G440=\"SINAPI\",VLOOKUP($F440,DADOS_SINAPI,3,0),IF(G440=\"SETOP\",VLOOKUP($F440,DADOS_SETOP,3,0),IF(G440=\"CPU\",VLOOKUP($F440,DADOS_COMPOSICAO,10,0),IF(G440=\"SICRO\",VLOOKUP($F440,DADOS_SICRO,3,0),IF(G440=\"SUDECAP\",VLOOKUP(F440,DADOS_SUDECAP,3,0),IF(G440=\"COTAÇÃO\",VLOOKUP($F440,DADOS_COTACAO,9,0),\"\"))))))","v":"M2"},{"$f":"F443","v":39.799999999999997},{"$f":"TRUNC(IF(G440=\"SINAPI\",VLOOKUP($F440,DADOS_SINAPI,4,0),IF(G440=\"SETOP\",VLOOKUP($F440,DADOS_SETOP,4,0),IF(G440=\"CPU\",VLOOKUP($F440,DADOS_COMPOSICAO,13,0),IF(G440=\"SICRO\",VLOOKUP($F440,DADOS_SICRO,4,0),IF(G440=\"SUDECAP\",VLOOKUP(F440,DADOS_SUDECAP,4,0),IF(G440=\"COTAÇÃO\",VLOOKUP(F440,DADOS_COTACAO,12,0),\"\")))))),2)","v":49.86},"BDI 1",{"$f":"TRUNC(J440*(1+$N$17),2)","v":63.08},{"$f":"IFERROR(TRUNC(I440*J440,2),\"\")","v":1984.42},{"$f":"IFERROR(TRUNC(L440*I440,2),\"\")","v":2510.58}]
[2000]
[2000,null,null,null,"Contenção nas salas",20.149999999999999,"m²"]
[2000,null,null,null,"Contenção nos banheiros",{"$f":"31.1+8.7","v":39.799999999999997},"m²"]
[2000,null,null,null,"Total",{"$f":"SUM(F442:F443)","v":59.949999999999996},"m²"]
[2000]
[null,null,null,"5.3","SUPERESTRUTURA DOS BANHEIROS",null,null,null,null,null,null,null,{"$f":"IFERROR(SUMIFS(M:M,A:A,LEFT(D446,SEARCH(\".\",D446)-1),B:B,RIGHT(D446,LEN(D446)-SEARCH(\".\",D446))),\"\")","v":202753.56},{"$f":"IFERROR(SUMIFS(N:N,A:A,LEFT(D446,SEARCH(\".\",D446)-1),B:B,RIGHT(D446,LEN(D446)-SEARCH(\".\",D446))),\"\")","v":256504.64000000004}]
[null,null,null,"5.3.1","PILARES",null,null,null,null,null,null,null,{"$f":"IFERROR(SUMIFS(M:M,A:A,LEFT(D447,SEARCH(\".\",D447)-1),B:B,LEFT(RIGHT(D447,LEN(D447)-SEARCH(\".\",D447)),SEARCH(\".\",RIGHT(D447,LEN(D447)-SEARCH(\".\",D447)))-1),C:C,RIGHT(D447,LEN(D447)-SEARCH(\".\",D447,SEARCH(\".\",D447)+1))),\"\")","v":54286.97},{"$f":"IFERROR(SUMIFS(N:N,A:A,LEFT(D447,SEARCH(\".\",D447)-1),B:B,LEFT(RIGHT(D447,LEN(D447)-SEARCH(\".\",D447)),SEARCH(\".\",RIGHT(D447,LEN(D447)-SEARCH(\".\",D447)))-1),C:C,RIGHT(D447,LEN(D447)-SEARCH(\".\",D447,SEARCH(\".\",D447)+1))),\"\")","v":68675.53}]
[{"$f":"IFERROR(LEFT(D448,SEARCH(\".\",D448)-1),\"\")","v":"5"},{"$f":"IFERROR(LEFT(RIGHT(D448,LEN(D448)-SEARCH(\".\",D448)),SEARCH(\".\",RIGHT(D448,LEN(D448)-SEARCH(\".\",D448)))-1),\"\")","v":"3"},{"$f":"IFERROR(IF(LEN(D448)-LEN(SUBSTITUTE(D448,\".\",\"\"))<>3,\"\",MID(D448,SEARCH(\".\",D448,SEARCH(\".\",D448)+1)+1,LEN(D448)-SEARCH(\".\",D448,SEARCH(\".\",D448)+1)-(LEN(D448)-(SEARCH(\".\",D448,SEARCH(\".\",D448,SEARCH(\".\",D448)+1)+1)-1)))),\"\")","v":"1"},"5.3.1.1",{"$f":"IF($G448=\"SINAPI\",VLOOKUP($F448,DADOS_SINAPI,2,0),IF(G448=\"SETOP\",VLOOKUP($F448,DADOS_SETOP,2,0),IF(G448=\"CPU\",VLOOKUP($F448,DADOS_COMPOSICAO,2,0),IF(G448=\"SICRO\",VLOOKUP($F448,DADOS_SICRO,2,0),IF(G448=\"SUDECAP\",VLOOKUP(F448,DADOS_SUDECAP,2,0),IF(G448=\"COTAÇÃO\",VLOOKUP($F448,DADOS_COTACAO,2,0),\"\"))))))","v":"MONTAGEM E DESMONTAGEM DE FÔRMA DE PILARES RETANGULARES E ESTRUTURAS SIMILARES, PÉ-DIREITO DUPLO, EM CHAPA DE MADEIRA COMPENSADA RESINADA, 2 UTILIZAÇÕES. AF_09/2020"},92417,"SINAPI",{"$f":"IF(G448=\"SINAPI\",VLOOKUP($F448,DADOS_SINAPI,3,0),IF(G448=\"SETOP\",VLOOKUP($F448,DADOS_SETOP,3,0),IF(G448=\"CPU\",VLOOKUP($F448,DADOS_COMPOSICAO,10,0),IF(G448=\"SICRO\",VLOOKUP($F448,DADOS_SICRO,3,0),IF(G448=\"SUDECAP\",VLOOKUP(F448,DADOS_SUDECAP,3,0),IF(G448=\"COTAÇÃO\",VLOOKUP($F448,DADOS_COTACAO,9,0),\"\"))))))","v":"M2"},{"$f":"F452","v":76.91},{"$f":"TRUNC(IF(G448=\"SINAPI\",VLOOKUP($F448,DADOS_SINAPI,4,0),IF(G448=\"SETOP\",VLOOKUP($F448,DADOS_SETOP,4,0),IF(G448=\"CPU\",VLOOKUP($F448,DADOS_COMPOSICAO,13,0),IF(G448=\"SICRO\",VLOOKUP($F448,DADOS_SICRO,4,0),IF(G448=\"SUDECAP\",VLOOKUP(F448,DADOS_SUDECAP,4,0),IF(G448=\"COTAÇÃO\",VLOOKUP(F448,DADOS_COTACAO,12,0),\"\")))))),2)","v":164.72},"BDI 1",{"$f":"TRUNC(J448*(1+$N$17),2)","v":208.4},{"$f":"IFERROR(TRUNC(I448*J448,2),\"\")","v":12668.61},{"$f":"IFERROR(TRUNC(L448*I448,2),\"\")","v":16028.04}]
[2000]
[2000,null,null,null,"Cozinha - pavimento cobertura",37.549999999999997,"m²"]
[2000,null,null,null,"Banheiros - pavimento cobertura",39.36,"m²"]
[2000,null,null,null,"Total",{"$f":"SUM(F450:F451)","v":76.91},"m²"]
[2000]
[{"$f":"IFERROR(LEFT(D454,SEARCH(\".\",D454)-1),\"\")","v":"5"},{"$f":"IFERROR(LEFT(RIGHT(D454,LEN(D454)-SEARCH(\".\",D454)),SEARCH(\".\",RIGHT(D454,LEN(D454)-SEARCH(\".\",D454)))-1),\"\")","v":"3"},{"$f":"IFERROR(IF(LEN(D454)-LEN(SUBSTITUTE(D454,\".\",\"\"))<>3,\"\",MID(D454,SEARCH(\".\",D454,SEARCH(\".\",D454)+1)+1,LEN(D454)-SEARCH(\".\",D454,SEARCH(\".\",D454)+1)-(LEN(D454)-(SEARCH(\".\",D454,SEARCH(\".\",D454,SEARCH(\".\",D454)+1)+1)-1)))),\"\")","v":"1"},"5.3.1.2",{"$f":"IF($G454=\"SINAPI\",VLOOKUP($F454,DADOS_SINAPI,2,0),IF(G454=\"SETOP\",VLOOKUP($F454,DADOS_SETOP,2,0),IF(G454=\"CPU\",VLOOKUP($F454,DADOS_COMPOSICAO,2,0),IF(G454=\"SICRO\",VLOOKUP($F454,DADOS_SICRO,2,0),IF(G454=\"SUDECAP\",VLOOKUP(F454,DADOS_SUDECAP,2,0),IF(G454=\"COTAÇÃO\",VLOOKUP($F454,DADOS_COTACAO,2,0),\"\"))))))","v":"MONTAGEM E DESMONTAGEM DE FÔRMA DE PILARES RETANGULARES E ESTRUTURAS SIMILARES, PÉ-DIREITO SIMPLES, EM CHAPA DE MADEIRA COMPENSADA RESINADA, 2 UTILIZAÇÕES. AF_09/2020"},92415,"SINAPI",{"$f":"IF(G454=\"SINAPI\",VLOOKUP($F454,DADOS_SINAPI,3,0),IF(G454=\"SETOP\",VLOOKUP($F454,DADOS_SETOP,3,0),IF(G454=\"CPU\",VLOOKUP($F454,DADOS_COMPOSICAO,10,0),IF(G454=\"SICRO\",VLOOKUP($F454,DADOS_SICRO,3,0),IF(G454=\"SUDECAP\",VLOOKUP(F454,DADOS_SUDECAP,3,0),IF(G454=\"COTAÇÃO\",VLOOKUP($F454,DADOS_COTACAO,9,0),\"\"))))))","v":"M2"},{"$f":"F460","v":98.899999999999991},{"$f":"TRUNC(IF(G454=\"SINAPI\",VLOOKUP($F454,DADOS_SINAPI,4,0),IF(G454=\"SETOP\",VLOOKUP($F454,DADOS_SETOP,4,0),IF(G454=\"CPU\",VLOOKUP($F454,DADOS_COMPOSICAO,13,0),IF(G454=\"SICRO\",VLOOKUP($F454,DADOS_SICRO,4,0),IF(G454=\"SUDECAP\",VLOOKUP(F454,DADOS_SUDECAP,4,0),IF(G454=\"COTAÇÃO\",VLOOKUP(F454,DADOS_COTACAO,12,0),\"\")))))),2)","v":141.16999999999999},"BDI 1",{"$f":"TRUNC(J454*(1+$N$17),2)","v":178.6},{"$f":"IFERROR(TRUNC(I454*J454,2),\"\")","v":13961.71},{"$f":"IFERROR(TRUNC(L454*I454,2),\"\")","v":17663.54}]
[2000]
[2000,null,null,null,"Salas - todos os pavimentos",{"$f":"1.65+14.9+46.2","v":62.75},"m²"]
[2000,null,null,null,"Cozinha - pavimento térreo",5.36,"m²"]
[2000,null,null,null,"Banheiros - pavimentos inferior e térreo",{"$f":"2.98+20.26","v":23.240000000000002},"m²"]
[2000,null,null,null,"Reconstrução do muro - todos os pavimentos",{"$f":"6.61+0.94","v":7.5500000000000007},"m²"]
[2000,null,null,null,"Total",{"$f":"SUM(F456:F459)","v":98.899999999999991},"m²"]
[2000]
[{"$f":"IFERROR(LEFT(D462,SEARCH(\".\",D462)-1),\"\")","v":"5"},{"$f":"IFERROR(LEFT(RIGHT(D462,LEN(D462)-SEARCH(\".\",D462)),SEARCH(\".\",RIGHT(D462,LEN(D462)-SEARCH(\".\",D462)))-1),\"\")","v":"3"},{"$f":"IFERROR(IF(LEN(D462)-LEN(SUBSTITUTE(D462,\".\",\"\"))<>3,\"\",MID(D462,SEARCH(\".\",D462,SEARCH(\".\",D462)+1)+1,LEN(D462)-SEARCH(\".\",D462,SEARCH(\".\",D462)+1)-(LEN(D462)-(SEARCH(\".\",D462,SEARCH(\".\",D462,SEARCH(\".\",D462)+1)+1)-1)))),\"\")","v":"1"},"5.3.1.3",{"$f":"IF($G462=\"SINAPI\",VLOOKUP($F462,DADOS_SINAPI,2,0),IF(G462=\"SETOP\",VLOOKUP($F462,DADOS_SETOP,2,0),IF(G462=\"CPU\",VLOOKUP($F462,DADOS_COMPOSICAO,2,0),IF(G462=\"SICRO\",VLOOKUP($F462,DADOS_SICRO,2,0),IF(G462=\"SUDECAP\",VLOOKUP(F462,DADOS_SUDECAP,2,0),IF(G462=\"COTAÇÃO\",VLOOKUP($F462,DADOS_COTACAO,2,0),\"\"))))))","v":"CORTE, DOBRA E MONTAGEM DE AÇO CA-50/60, INCLUSIVE ESPAÇADOR"},"ED-48298","SETOP",{"$f":"IF(G462=\"SINAPI\",VLOOKUP($F462,DADOS_SINAPI,3,0),IF(G462=\"SETOP\",VLOOKUP($F462,DADOS_SETOP,3,0),IF(G462=\"CPU\",VLOOKUP($F462,DADOS_COMPOSICAO,10,0),IF(G462=\"SICRO\",VLOOKUP($F462,DADOS_SICRO,3,0),IF(G462=\"SUDECAP\",VLOOKUP(F462,DADOS_SUDECAP,3,0),IF(G462=\"COTAÇÃO\",VLOOKUP($F462,DADOS_COTACAO,9,0),\"\"))))))","v":"Kg"},{"$f":"F468","v":1540},{"$f":"TRUNC(IF(G462=\"SINAPI\",VLOOKUP($F462,DADOS_SINAPI,4,0),IF(G462=\"SETOP\",VLOOKUP($F462,DADOS_SETOP,4,0),IF(G462=\"CPU\",VLOOKUP($F462,DADOS_COMPOSICAO,13,0),IF(G462=\"SICRO\",VLOOKUP($F462,DADOS_SICRO,4,0),IF(G462=\"SUDECAP\",VLOOKUP(F462,DADOS_SUDECAP,4,0),IF(G462=\"COTAÇÃO\",VLOOKUP(F462,DADOS_COTACAO,12,0),\"\")))))),2)","v":13.63},"BDI 1",{"$f":"TRUNC(J462*(1+$N$17),2)","v":17.239999999999998},{"$f":"IFERROR(TRUNC(I462*J462,2),\"\")","v":20990.2},{"$f":"IFERROR(TRUNC(L462*I462,2),\"\")","v":26549.599999999999}]
[2000]
[2000,null,null,null,"Salas",{"$f":"60.1+6.4+128.5+36.1+182.8+86.1","v":500},"kg"]
[2000,null,null,null,"Cozinha",{"$f":"102.7+17.5+211.8+68","v":400},"kg"]
[2000,null,null,null,"Banheiros",{"$f":"72.8+11.1+176.9+43.9+231+69.4","v":605.1},"kg"]
[2000,null,null,null,"Reconstrução do muro",{"$f":"15+10.3+6.6+3","v":34.9},"kg"]
[2000,null,null,null,"Total",{"$f":"SUM(F464:F467)","v":1540},"kg"]
[2000]
[{"$f":"IFERROR(LEFT(D470,SEARCH(\".\",D470)-1),\"\")","v":"5"},{"$f":"IFERROR(LEFT(RIGHT(D470,LEN(D470)-SEARCH(\".\",D470)),SEARCH(\".\",RIGHT(D470,LEN(D470)-SEARCH(\".\",D470)))-1),\"\")","v":"3"},{"$f":"IFERROR(IF(LEN(D470)-LEN(SUBSTITUTE(D470,\".\",\"\"))<>3,\"\",MID(D470,SEARCH(\".\",D470,SEARCH(\".\",D470)+1)+1,LEN(D470)-SEARCH(\".\",D470,SEARCH(\".\",D470)+1)-(LEN(D470)-(SEARCH(\".\",D470,SEARCH(\".\",D470,SEARCH(\".\",D470)+1)+1)-1)))),\"\")","v":"1"},"5.3.1.4",{"$f":"IF($G470=\"SINAPI\",VLOOKUP($F470,DADOS_SINAPI,2,0),IF(G470=\"SETOP\",VLOOKUP($F470,DADOS_SETOP,2,0),IF(G470=\"CPU\",VLOOKUP($F470,DADOS_COMPOSICAO,2,0),IF(G470=\"SICRO\",VLOOKUP($F470,DADOS_SICRO,2,0),IF(G470=\"SUDECAP\",VLOOKUP(F470,DADOS_SUDECAP,2,0),IF(G470=\"COTAÇÃO\",VLOOKUP($F470,DADOS_COTACAO,2,0),\"\"))))))","v":"FORNECIMENTO DE CONCRETO ESTRUTURAL, USINADO BOMBEADO, COM FCK 30MPA, INCLUSIVE LANÇAMENTO, ADENSAMENTO E ACABAMENTO"},"ED-49639","SETOP",{"$f":"IF(G470=\"SINAPI\",VLOOKUP($F470,DADOS_SINAPI,3,0),IF(G470=\"SETOP\",VLOOKUP($F470,DADOS_SETOP,3,0),IF(G470=\"CPU\",VLOOKUP($F470,DADOS_COMPOSICAO,10,0),IF(G470=\"SICRO\",VLOOKUP($F470,DADOS_SICRO,3,0),IF(G470=\"SUDECAP\",VLOOKUP(F470,DADOS_SUDECAP,3,0),IF(G470=\"COTAÇÃO\",VLOOKUP($F470,DADOS_COTACAO,9,0),\"\"))))))","v":"m3"},{"$f":"F476","v":8.9},{"$f":"TRUNC(IF(G470=\"SINAPI\",VLOOKUP($F470,DADOS_SINAPI,4,0),IF(G470=\"SETOP\",VLOOKUP($F470,DADOS_SETOP,4,0),IF(G470=\"CPU\",VLOOKUP($F470,DADOS_COMPOSICAO,13,0),IF(G470=\"SICRO\",VLOOKUP($F470,DADOS_SICRO,4,0),IF(G470=\"SUDECAP\",VLOOKUP(F470,DADOS_SUDECAP,4,0),IF(G470=\"COTAÇÃO\",VLOOKUP(F470,DADOS_COTACAO,12,0),\"\")))))),2)","v":749.04},"BDI 1",{"$f":"TRUNC(J470*(1+$N$17),2)","v":947.68},{"$f":"IFERROR(TRUNC(I470*J470,2),\"\")","v":6666.45},{"$f":"IFERROR(TRUNC(L470*I470,2),\"\")","v":8434.35}]
[2000]
[2000,null,null,null,"Salas",{"$f":"0.08+0.75+2.35","v":3.18},"m³"]
[2000,null,null,null,"Cozinha",{"$f":"0.26+1.89","v":2.15},"m³"]
[2000,null,null,null,"Banheiros",{"$f":"0.15+0.98+1.95","v":3.08},"m³"]
[2000,null,null,null,"Reconstrução do muro",{"$f":"0.43+0.06","v":0.49},"m³"]
[2000,null,null,null,"Total",{"$f":"SUM(F472:F475)","v":8.9},"m³"]
[2000]
[null,null,null,"5.3.2","VIGAS SUPERIORES",null,null,null,null,null,null,null,{"$f":"IFERROR(SUMIFS(M:M,A:A,LEFT(D478,SEARCH(\".\",D478)-1),B:B,LEFT(RIGHT(D478,LEN(D478)-SEARCH(\".\",D478)),SEARCH(\".\",RIGHT(D478,LEN(D478)-SEARCH(\".\",D478)))-1),C:C,RIGHT(D478,LEN(D478)-SEARCH(\".\",D478,SEARCH(\".\",D478)+1))),\"\")","v":85334.099999999991},{"$f":"IFERROR(SUMIFS(N:N,A:A,LEFT(D478,SEARCH(\".\",D478)-1),B:B,LEFT(RIGHT(D478,LEN(D478)-SEARCH(\".\",D478)),SEARCH(\".\",RIGHT(D478,LEN(D478)-SEARCH(\".\",D478)))-1),C:C,RIGHT(D478,LEN(D478)-SEARCH(\".\",D478,SEARCH(\".\",D478)+1))),\"\")","v":107959.81}]
[{"$f":"IFERROR(LEFT(D479,SEARCH(\".\",D479)-1),\"\")","v":"5"},{"$f":"IFERROR(LEFT(RIGHT(D479,LEN(D479)-SEARCH(\".\",D479)),SEARCH(\".\",RIGHT(D479,LEN(D479)-SEARCH(\".\",D479)))-1),\"\")","v":"3"},{"$f":"IFERROR(IF(LEN(D479)-LEN(SUBSTITUTE(D479,\".\",\"\"))<>3,\"\",MID(D479,SEARCH(\".\",D479,SEARCH(\".\",D479)+1)+1,LEN(D479)-SEARCH(\".\",D479,SEARCH(\".\",D479)+1)-(LEN(D479)-(SEARCH(\".\",D479,SEARCH(\".\",D479,SEARCH(\".\",D479)+1)+1)-1)))),\"\")","v":"2"},"5.3.2.1",{"$f":"IF($G479=\"SINAPI\",VLOOKUP($F479,DADOS_SINAPI,2,0),IF(G479=\"SETOP\",VLOOKUP($F479,DADOS_SETOP,2,0),IF(G479=\"CPU\",VLOOKUP($F479,DADOS_COMPOSICAO,2,0),IF(G479=\"SICRO\",VLOOKUP($F479,DADOS_SICRO,2,0),IF(G479=\"SUDECAP\",VLOOKUP(F479,DADOS_SUDECAP,2,0),IF(G479=\"COTAÇÃO\",VLOOKUP($F479,DADOS_COTACAO,2,0),\"\"))))))","v":"MONTAGEM E DESMONTAGEM DE FÔRMA DE VIGA, ESCORAMENTO METÁLICO, PÉ-DIREITO DUPLO, EM CHAPA DE MADEIRA RESINADA, 2 UTILIZAÇÕES. AF_09/2020"},92450,"SINAPI",{"$f":"IF(G479=\"SINAPI\",VLOOKUP($F479,DADOS_SINAPI,3,0),IF(G479=\"SETOP\",VLOOKUP($F479,DADOS_SETOP,3,0),IF(G479=\"CPU\",VLOOKUP($F479,DADOS_COMPOSICAO,10,0),IF(G479=\"SICRO\",VLOOKUP($F479,DADOS_SICRO,3,0),IF(G479=\"SUDECAP\",VLOOKUP(F479,DADOS_SUDECAP,3,0),IF(G479=\"COTAÇÃO\",VLOOKUP($F479,DADOS_COTACAO,9,0),\"\"))))))","v":"M2"},{"$f":"F483","v":117.39000000000001},{"$f":"TRUNC(IF(G479=\"SINAPI\",VLOOKUP($F479,DADOS_SINAPI,4,0),IF(G479=\"SETOP\",VLOOKUP($F479,DADOS_SETOP,4,0),IF(G479=\"CPU\",VLOOKUP($F479,DADOS_COMPOSICAO,13,0),IF(G479=\"SICRO\",VLOOKUP($F479,DADOS_SICRO,4,0),IF(G479=\"SUDECAP\",VLOOKUP(F479,DADOS_SUDECAP,4,0),IF(G479=\"COTAÇÃO\",VLOOKUP(F479,DADOS_COTACAO,12,0),\"\")))))),2)","v":297.48},"BDI 1",{"$f":"TRUNC(J479*(1+$N$17),2)","v":376.37},{"$f":"IFERROR(TRUNC(I479*J479,2),\"\")","v":34921.17},{"$f":"IFERROR(TRUNC(L479*I479,2),\"\")","v":44182.07}]
[2000]
[2000,null,null,null,"Cozinha",{"$f":"68.4","v":68.400000000000006},"m²"]
[2000,null,null,null,"Banheiros",{"$f":"48.99","v":48.99},"m²"]
[2000,null,null,null,"Total",{"$f":"SUM(F481:F482)","v":117.39000000000001},"m²"]
[2000]
[{"$f":"IFERROR(LEFT(D485,SEARCH(\".\",D485)-1),\"\")","v":"5"},{"$f":"IFERROR(LEFT(RIGHT(D485,LEN(D485)-SEARCH(\".\",D485)),SEARCH(\".\",RIGHT(D485,LEN(D485)-SEARCH(\".\",D485)))-1),\"\")","v":"3"},{"$f":"IFERROR(IF(LEN(D485)-LEN(SUBSTITUTE(D485,\".\",\"\"))<>3,\"\",MID(D485,SEARCH(\".\",D485,SEARCH(\".\",D485)+1)+1,LEN(D485)-SEARCH(\".\",D485,SEARCH(\".\",D485)+1)-(LEN(D485)-(SEARCH(\".\",D485,SEARCH(\".\",D485,SEARCH(\".\",D485)+1)+1)-1)))),\"\")","v":"2"},"5.3.2.2",{"$f":"IF($G485=\"SINAPI\",VLOOKUP($F485,DADOS_SINAPI,2,0),IF(G485=\"SETOP\",VLOOKUP($F485,DADOS_SETOP,2,0),IF(G485=\"CPU\",VLOOKUP($F485,DADOS_COMPOSICAO,2,0),IF(G485=\"SICRO\",VLOOKUP($F485,DADOS_SICRO,2,0),IF(G485=\"SUDECAP\",VLOOKUP(F485,DADOS_SUDECAP,2,0),IF(G485=\"COTAÇÃO\",VLOOKUP($F485,DADOS_COTACAO,2,0),\"\"))))))","v":"MONTAGEM E DESMONTAGEM DE FÔRMA DE VIGA, ESCORAMENTO COM PONTALETE DE MADEIRA, PÉ-DIREITO SIMPLES, EM MADEIRA SERRADA, 1 UTILIZAÇÃO. AF_09/2020"},92446,"SINAPI",{"$f":"IF(G485=\"SINAPI\",VLOOKUP($F485,DADOS_SINAPI,3,0),IF(G485=\"SETOP\",VLOOKUP($F485,DADOS_SETOP,3,0),IF(G485=\"CPU\",VLOOKUP($F485,DADOS_COMPOSICAO,10,0),IF(G485=\"SICRO\",VLOOKUP($F485,DADOS_SICRO,3,0),IF(G485=\"SUDECAP\",VLOOKUP(F485,DADOS_SUDECAP,3,0),IF(G485=\"COTAÇÃO\",VLOOKUP($F485,DADOS_COTACAO,9,0),\"\"))))))","v":"M2"},{"$f":"F489","v":79.02000000000001},{"$f":"TRUNC(IF(G485=\"SINAPI\",VLOOKUP($F485,DADOS_SINAPI,4,0),IF(G485=\"SETOP\",VLOOKUP($F485,DADOS_SETOP,4,0),IF(G485=\"CPU\",VLOOKUP($F485,DADOS_COMPOSICAO,13,0),IF(G485=\"SICRO\",VLOOKUP($F485,DADOS_SICRO,4,0),IF(G485=\"SUDECAP\",VLOOKUP(F485,DADOS_SUDECAP,4,0),IF(G485=\"COTAÇÃO\",VLOOKUP(F485,DADOS_COTACAO,12,0),\"\")))))),2)","v":351.2},"BDI 1",{"$f":"TRUNC(J485*(1+$N$17),2)","v":444.33},{"$f":"IFERROR(TRUNC(I485*J485,2),\"\")","v":27751.82},35110.959999999999]
[2000]
[2000,null,null,null,"Salas",{"$f":"76.01","v":76.010000000000005},"m²"]
[2000,null,null,null,"Reconstrução do muro",3.01,"m²"]
[2000,null,null,null,"Total",{"$f":"SUM(F487:F488)","v":79.02000000000001},"m²"]
[2000]
[{"$f":"IFERROR(LEFT(D491,SEARCH(\".\",D491)-1),\"\")","v":"5"},{"$f":"IFERROR(LEFT(RIGHT(D491,LEN(D491)-SEARCH(\".\",D491)),SEARCH(\".\",RIGHT(D491,LEN(D491)-SEARCH(\".\",D491)))-1),\"\")","v":"3"},{"$f":"IFERROR(IF(LEN(D491)-LEN(SUBSTITUTE(D491,\".\",\"\"))<>3,\"\",MID(D491,SEARCH(\".\",D491,SEARCH(\".\",D491)+1)+1,LEN(D491)-SEARCH(\".\",D491,SEARCH(\".\",D491)+1)-(LEN(D491)-(SEARCH(\".\",D491,SEARCH(\".\",D491,SEARCH(\".\",D491)+1)+1)-1)))),\"\")","v":"2"},"5.3.2.3",{"$f":"IF($G491=\"SINAPI\",VLOOKUP($F491,DADOS_SINAPI,2,0),IF(G491=\"SETOP\",VLOOKUP($F491,DADOS_SETOP,2,0),IF(G491=\"CPU\",VLOOKUP($F491,DADOS_COMPOSICAO,2,0),IF(G491=\"SICRO\",VLOOKUP($F491,DADOS_SICRO,2,0),IF(G491=\"SUDECAP\",VLOOKUP(F491,DADOS_SUDECAP,2,0),IF(G491=\"COTAÇÃO\",VLOOKUP($F491,DADOS_COTACAO,2,0),\"\"))))))","v":"CORTE, DOBRA E MONTAGEM DE AÇO CA-50/60, INCLUSIVE ESPAÇADOR"},"ED-48298","SETOP",{"$f":"IF(G491=\"SINAPI\",VLOOKUP($F491,DADOS_SINAPI,3,0),IF(G491=\"SETOP\",VLOOKUP($F491,DADOS_SETOP,3,0),IF(G491=\"CPU\",VLOOKUP($F491,DADOS_COMPOSICAO,10,0),IF(G491=\"SICRO\",VLOOKUP($F491,DADOS_SICRO,3,0),IF(G491=\"SUDECAP\",VLOOKUP(F491,DADOS_SUDECAP,3,0),IF(G491=\"COTAÇÃO\",VLOOKUP($F491,DADOS_COTACAO,9,0),\"\"))))))","v":"Kg"},{"$f":"F497","v":854.2},{"$f":"TRUNC(IF(G491=\"SINAPI\",VLOOKUP($F491,DADOS_SINAPI,4,0),IF(G491=\"SETOP\",VLOOKUP($F491,DADOS_SETOP,4,0),IF(G491=\"CPU\",VLOOKUP($F491,DADOS_COMPOSICAO,13,0),IF(G491=\"SICRO\",VLOOKUP($F491,DADOS_SICRO,4,0),IF(G491=\"SUDECAP\",VLOOKUP(F491,DADOS_SUDECAP,4,0),IF(G491=\"COTAÇÃO\",VLOOKUP(F491,DADOS_COTACAO,12,0),\"\")))))),2)","v":13.63},"BDI 1",{"$f":"TRUNC(J491*(1+$N$17),2)","v":17.239999999999998},{"$f":"IFERROR(TRUNC(I491*J491,2),\"\")","v":11642.74},14726.41]
[2000]
[2000,null,null,null,"Salas",{"$f":"229.7+79.3","v":309},"kg"]
[2000,null,null,null,"Cozinha",{"$f":"211.6+71.1","v":282.7},"kg"]
[2000,null,null,null,"Banheiros",{"$f":"203.3+49.2","v":252.5},"kg"]
[2000,null,null,null,"Reconstrução do muro",{"$f":"7.3+2.7","v":10},"kg"]
[2000,null,null,null,"Total",{"$f":"SUM(F493:F496)","v":854.2},"kg"]
[2000]
[{"$f":"IFERROR(LEFT(D499,SEARCH(\".\",D499)-1),\"\")","v":"5"},{"$f":"IFERROR(LEFT(RIGHT(D499,LEN(D499)-SEARCH(\".\",D499)),SEARCH(\".\",RIGHT(D499,LEN(D499)-SEARCH(\".\",D499)))-1),\"\")","v":"3"},{"$f":"IFERROR(IF(LEN(D499)-LEN(SUBSTITUTE(D499,\".\",\"\"))<>3,\"\",MID(D499,SEARCH(\".\",D499,SEARCH(\".\",D499)+1)+1,LEN(D499)-SEARCH(\".\",D499,SEARCH(\".\",D499)+1)-(LEN(D499)-(SEARCH(\".\",D499,SEARCH(\".\",D499,SEARCH(\".\",D499)+1)+1)-1)))),\"\")","v":"2"},"5.3.2.4",{"$f":"IF($G499=\"SINAPI\",VLOOKUP($F499,DADOS_SINAPI,2,0),IF(G499=\"SETOP\",VLOOKUP($F499,DADOS_SETOP,2,0),IF(G499=\"CPU\",VLOOKUP($F499,DADOS_COMPOSICAO,2,0),IF(G499=\"SICRO\",VLOOKUP($F499,DADOS_SICRO,2,0),IF(G499=\"SUDECAP\",VLOOKUP(F499,DADOS_SUDECAP,2,0),IF(G499=\"COTAÇÃO\",VLOOKUP($F499,DADOS_COTACAO,2,0),\"\"))))))","v":"FORNECIMENTO DE CONCRETO ESTRUTURAL, USINADO BOMBEADO, COM FCK 30MPA, INCLUSIVE LANÇAMENTO, ADENSAMENTO E ACABAMENTO"},"ED-49639","SETOP",{"$f":"IF(G499=\"SINAPI\",VLOOKUP($F499,DADOS_SINAPI,3,0),IF(G499=\"SETOP\",VLOOKUP($F499,DADOS_SETOP,3,0),IF(G499=\"CPU\",VLOOKUP($F499,DADOS_COMPOSICAO,10,0),IF(G499=\"SICRO\",VLOOKUP($F499,DADOS_SICRO,3,0),IF(G499=\"SUDECAP\",VLOOKUP(F499,DADOS_SUDECAP,3,0),IF(G499=\"COTAÇÃO\",VLOOKUP($F499,DADOS_COTACAO,9,0),\"\"))))))","v":"m3"},{"$f":"F505","v":14.71},{"$f":"TRUNC(IF(G499=\"SINAPI\",VLOOKUP($F499,DADOS_SINAPI,4,0),IF(G499=\"SETOP\",VLOOKUP($F499,DADOS_SETOP,4,0),IF(G499=\"CPU\",VLOOKUP($F499,DADOS_COMPOSICAO,13,0),IF(G499=\"SICRO\",VLOOKUP($F499,DADOS_SICRO,4,0),IF(G499=\"SUDECAP\",VLOOKUP(F499,DADOS_SUDECAP,4,0),IF(G499=\"COTAÇÃO\",VLOOKUP(F499,DADOS_COTACAO,12,0),\"\")))))),2)","v":749.04},"BDI 1",{"$f":"TRUNC(J499*(1+$N$17),2)","v":947.68},{"$f":"IFERROR(TRUNC(I499*J499,2),\"\")","v":11018.37},{"$f":"IFERROR(TRUNC(L499*I499,2),\"\")","v":13940.37}]
[2000]
[2000,null,null,null,"Salas",5.51,"m³"]
[2000,null,null,null,"Cozinha",{"$f":"5.32","v":5.32},"m³"]
[2000,null,null,null,"Banheiros",3.7,"m³"]
[2000,null,null,null,"Reconstrução do muro",{"$f":"0.18","v":0.18},"m³"]
[2000,null,null,null,"Total",{"$f":"SUM(F501:F504)","v":14.71},"m³"]
[2000]
[null,null,null,"5.3.3","LAJES TRELIÇADAS",null,null,null,null,null,null,null,{"$f":"IFERROR(SUMIFS(M:M,A:A,LEFT(D507,SEARCH(\".\",D507)-1),B:B,LEFT(RIGHT(D507,LEN(D507)-SEARCH(\".\",D507)),SEARCH(\".\",RIGHT(D507,LEN(D507)-SEARCH(\".\",D507)))-1),C:C,RIGHT(D507,LEN(D507)-SEARCH(\".\",D507,SEARCH(\".\",D507)+1))),\"\")","v":60937.240000000005},{"$f":"IFERROR(SUMIFS(N:N,A:A,LEFT(D507,SEARCH(\".\",D507)-1),B:B,LEFT(RIGHT(D507,LEN(D507)-SEARCH(\".\",D507)),SEARCH(\".\",RIGHT(D507,LEN(D507)-SEARCH(\".\",D507)))-1),C:C,RIGHT(D507,LEN(D507)-SEARCH(\".\",D507,SEARCH(\".\",D507)+1))),\"\")","v":77092.11}]
[{"$f":"IFERROR(LEFT(D508,SEARCH(\".\",D508)-1),\"\")","v":"5"},{"$f":"IFERROR(LEFT(RIGHT(D508,LEN(D508)-SEARCH(\".\",D508)),SEARCH(\".\",RIGHT(D508,LEN(D508)-SEARCH(\".\",D508)))-1),\"\")","v":"3"},{"$f":"IFERROR(IF(LEN(D508)-LEN(SUBSTITUTE(D508,\".\",\"\"))<>3,\"\",MID(D508,SEARCH(\".\",D508,SEARCH(\".\",D508)+1)+1,LEN(D508)-SEARCH(\".\",D508,SEARCH(\".\",D508)+1)-(LEN(D508)-(SEARCH(\".\",D508,SEARCH(\".\",D508,SEARCH(\".\",D508)+1)+1)-1)))),\"\")","v":"3"},"5.3.3.1",{"$f":"IF($G508=\"SINAPI\",VLOOKUP($F508,DADOS_SINAPI,2,0),IF(G508=\"SETOP\",VLOOKUP($F508,DADOS_SETOP,2,0),IF(G508=\"CPU\",VLOOKUP($F508,DADOS_COMPOSICAO,2,0),IF(G508=\"SICRO\",VLOOKUP($F508,DADOS_SICRO,2,0),IF(G508=\"SUDECAP\",VLOOKUP(F508,DADOS_SUDECAP,2,0),IF(G508=\"COTAÇÃO\",VLOOKUP($F508,DADOS_COTACAO,2,0),\"\"))))))","v":"LAJE TRELIÇADA H=12 CM - INCLUSO MONTAGEM E FORNECIMENTO DE TODOS OS MATERIAIS"},"DAC-5.4","CPU",{"$f":"IF(G508=\"SINAPI\",VLOOKUP($F508,DADOS_SINAPI,3,0),IF(G508=\"SETOP\",VLOOKUP($F508,DADOS_SETOP,3,0),IF(G508=\"CPU\",VLOOKUP($F508,DADOS_COMPOSICAO,10,0),IF(G508=\"SICRO\",VLOOKUP($F508,DADOS_SICRO,3,0),IF(G508=\"SUDECAP\",VLOOKUP(F508,DADOS_SUDECAP,3,0),IF(G508=\"COTAÇÃO\",VLOOKUP($F508,DADOS_COTACAO,9,0),\"\"))))))","v":"M2"},{"$f":"F510","v":131.66},{"$f":"TRUNC(IF(G508=\"SINAPI\",VLOOKUP($F508,DADOS_SINAPI,4,0),IF(G508=\"SETOP\",VLOOKUP($F508,DADOS_SETOP,4,0),IF(G508=\"CPU\",VLOOKUP($F508,DADOS_COMPOSICAO,13,0),IF(G508=\"SICRO\",VLOOKUP($F508,DADOS_SICRO,4,0),IF(G508=\"SUDECAP\",VLOOKUP(F508,DADOS_SUDECAP,4,0),IF(G508=\"COTAÇÃO\",VLOOKUP(F508,DADOS_COTACAO,12,0),\"\")))))),2)","v":147.08000000000001},"BDI 1",{"$f":"TRUNC(J508*(1+$N$17),2)","v":186.08},{"$f":"IFERROR(TRUNC(I508*J508,2),\"\")","v":19364.55},{"$f":"IFERROR(TRUNC(L508*I508,2),\"\")","v":24499.29}]
[2000]
[2000,null,null,null,"Salas",131.66,"m²"]
[2000]
[{"$f":"IFERROR(LEFT(D512,SEARCH(\".\",D512)-1),\"\")","v":"5"},{"$f":"IFERROR(LEFT(RIGHT(D512,LEN(D512)-SEARCH(\".\",D512)),SEARCH(\".\",RIGHT(D512,LEN(D512)-SEARCH(\".\",D512)))-1),\"\")","v":"3"},{"$f":"IFERROR(IF(LEN(D512)-LEN(SUBSTITUTE(D512,\".\",\"\"))<>3,\"\",MID(D512,SEARCH(\".\",D512,SEARCH(\".\",D512)+1)+1,LEN(D512)-SEARCH(\".\",D512,SEARCH(\".\",D512)+1)-(LEN(D512)-(SEARCH(\".\",D512,SEARCH(\".\",D512,SEARCH(\".\",D512)+1)+1)-1)))),\"\")","v":"3"},"5.3.3.2",{"$f":"IF($G512=\"SINAPI\",VLOOKUP($F512,DADOS_SINAPI,2,0),IF(G512=\"SETOP\",VLOOKUP($F512,DADOS_SETOP,2,0),IF(G512=\"CPU\",VLOOKUP($F512,DADOS_COMPOSICAO,2,0),IF(G512=\"SICRO\",VLOOKUP($F512,DADOS_SICRO,2,0),IF(G512=\"SUDECAP\",VLOOKUP(F512,DADOS_SUDECAP,2,0),IF(G512=\"COTAÇÃO\",VLOOKUP($F512,DADOS_COTACAO,2,0),\"\"))))))","v":"LAJE TRELIÇADA H=16 CM - INCLUSO MONTAGEM E FORNECIMENTO DE TODOS OS MATERIAIS"},"DAC-5.5","CPU",{"$f":"IF(G512=\"SINAPI\",VLOOKUP($F512,DADOS_SINAPI,3,0),IF(G512=\"SETOP\",VLOOKUP($F512,DADOS_SETOP,3,0),IF(G512=\"CPU\",VLOOKUP($F512,DADOS_COMPOSICAO,10,0),IF(G512=\"SICRO\",VLOOKUP($F512,DADOS_SICRO,3,0),IF(G512=\"SUDECAP\",VLOOKUP(F512,DADOS_SUDECAP,3,0),IF(G512=\"COTAÇÃO\",VLOOKUP($F512,DADOS_COTACAO,9,0),\"\"))))))","v":"M2"},{"$f":"F516","v":117.69},{"$f":"TRUNC(IF(G512=\"SINAPI\",VLOOKUP($F512,DADOS_SINAPI,4,0),IF(G512=\"SETOP\",VLOOKUP($F512,DADOS_SETOP,4,0),IF(G512=\"CPU\",VLOOKUP($F512,DADOS_COMPOSICAO,13,0),IF(G512=\"SICRO\",VLOOKUP($F512,DADOS_SICRO,4,0),IF(G512=\"SUDECAP\",VLOOKUP(F512,DADOS_SUDECAP,4,0),IF(G512=\"COTAÇÃO\",VLOOKUP(F512,DADOS_COTACAO,12,0),\"\")))))),2)","v":162.08000000000001},"BDI 1",{"$f":"TRUNC(J512*(1+$N$17),2)","v":205.06},{"$f":"IFERROR(TRUNC(I512*J512,2),\"\")","v":19075.189999999999},{"$f":"IFERROR(TRUNC(L512*I512,2),\"\")","v":24133.51}]
[2000]
[2000,null,null,null,"Cozinha",50.91,"m²"]
[2000,null,null,null,"Banheiros",66.78,"m²"]
[2000,null,null,null,"Total",{"$f":"F514+F515","v":117.69},"m²"]
[2000]
[{"$f":"IFERROR(LEFT(D518,SEARCH(\".\",D518)-1),\"\")","v":"5"},{"$f":"IFERROR(LEFT(RIGHT(D518,LEN(D518)-SEARCH(\".\",D518)),SEARCH(\".\",RIGHT(D518,LEN(D518)-SEARCH(\".\",D518)))-1),\"\")","v":"3"},{"$f":"IFERROR(IF(LEN(D518)-LEN(SUBSTITUTE(D518,\".\",\"\"))<>3,\"\",MID(D518,SEARCH(\".\",D518,SEARCH(\".\",D518)+1)+1,LEN(D518)-SEARCH(\".\",D518,SEARCH(\".\",D518)+1)-(LEN(D518)-(SEARCH(\".\",D518,SEARCH(\".\",D518,SEARCH(\".\",D518)+1)+1)-1)))),\"\")","v":"3"},"5.3.3.3",{"$f":"IF($G518=\"SINAPI\",VLOOKUP($F518,DADOS_SINAPI,2,0),IF(G518=\"SETOP\",VLOOKUP($F518,DADOS_SETOP,2,0),IF(G518=\"CPU\",VLOOKUP($F518,DADOS_COMPOSICAO,2,0),IF(G518=\"SICRO\",VLOOKUP($F518,DADOS_SICRO,2,0),IF(G518=\"SUDECAP\",VLOOKUP(F518,DADOS_SUDECAP,2,0),IF(G518=\"COTAÇÃO\",VLOOKUP($F518,DADOS_COTACAO,2,0),\"\"))))))","v":"LAJE TRELIÇADA H=20 CM - INCLUSO MONTAGEM E FORNECIMENTO DE TODOS OS MATERIAIS"},"DAC-5.6","CPU",{"$f":"IF(G518=\"SINAPI\",VLOOKUP($F518,DADOS_SINAPI,3,0),IF(G518=\"SETOP\",VLOOKUP($F518,DADOS_SETOP,3,0),IF(G518=\"CPU\",VLOOKUP($F518,DADOS_COMPOSICAO,10,0),IF(G518=\"SICRO\",VLOOKUP($F518,DADOS_SICRO,3,0),IF(G518=\"SUDECAP\",VLOOKUP(F518,DADOS_SUDECAP,3,0),IF(G518=\"COTAÇÃO\",VLOOKUP($F518,DADOS_COTACAO,9,0),\"\"))))))","v":"M2"},{"$f":"F520","v":38.15},{"$f":"TRUNC(IF(G518=\"SINAPI\",VLOOKUP($F518,DADOS_SINAPI,4,0),IF(G518=\"SETOP\",VLOOKUP($F518,DADOS_SETOP,4,0),IF(G518=\"CPU\",VLOOKUP($F518,DADOS_COMPOSICAO,13,0),IF(G518=\"SICRO\",VLOOKUP($F518,DADOS_SICRO,4,0),IF(G518=\"SUDECAP\",VLOOKUP(F518,DADOS_SUDECAP,4,0),IF(G518=\"COTAÇÃO\",VLOOKUP(F518,DADOS_COTACAO,12,0),\"\")))))),2)","v":223.08},"BDI 1",{"$f":"TRUNC(J518*(1+$N$17),2)","v":282.24},{"$f":"IFERROR(TRUNC(I518*J518,2),\"\")","v":8510.5},10767.46]
[2000]
[2000,null,null,null,"Cozinha",38.15,"m²"]
[2000]
[{"$f":"IFERROR(LEFT(D522,SEARCH(\".\",D522)-1),\"\")","v":"5"},{"$f":"IFERROR(LEFT(RIGHT(D522,LEN(D522)-SEARCH(\".\",D522)),SEARCH(\".\",RIGHT(D522,LEN(D522)-SEARCH(\".\",D522)))-1),\"\")","v":"3"},{"$f":"IFERROR(IF(LEN(D522)-LEN(SUBSTITUTE(D522,\".\",\"\"))<>3,\"\",MID(D522,SEARCH(\".\",D522,SEARCH(\".\",D522)+1)+1,LEN(D522)-SEARCH(\".\",D522,SEARCH(\".\",D522)+1)-(LEN(D522)-(SEARCH(\".\",D522,SEARCH(\".\",D522,SEARCH(\".\",D522)+1)+1)-1)))),\"\")","v":"3"},"5.3.3.4",{"$f":"IF($G522=\"SINAPI\",VLOOKUP($F522,DADOS_SINAPI,2,0),IF(G522=\"SETOP\",VLOOKUP($F522,DADOS_SETOP,2,0),IF(G522=\"CPU\",VLOOKUP($F522,DADOS_COMPOSICAO,2,0),IF(G522=\"SICRO\",VLOOKUP($F522,DADOS_SICRO,2,0),IF(G522=\"SUDECAP\",VLOOKUP(F522,DADOS_SUDECAP,2,0),IF(G522=\"COTAÇÃO\",VLOOKUP($F522,DADOS_COTACAO,2,0),\"\"))))))","v":"ARMADURA DE TELA DE AÇO CA-60, SOLDADA TIPO Q-92, DIÂMETRO Ø4,2MM, TRAMA COM DIMENSÃO (150X150)MM, INCLUSIVE ESPAÇADOR, EXCLUSIVE CONCRETO"},"ED-29581","SETOP",{"$f":"IF(G522=\"SINAPI\",VLOOKUP($F522,DADOS_SINAPI,3,0),IF(G522=\"SETOP\",VLOOKUP($F522,DADOS_SETOP,3,0),IF(G522=\"CPU\",VLOOKUP($F522,DADOS_COMPOSICAO,10,0),IF(G522=\"SICRO\",VLOOKUP($F522,DADOS_SICRO,3,0),IF(G522=\"SUDECAP\",VLOOKUP(F522,DADOS_SUDECAP,3,0),IF(G522=\"COTAÇÃO\",VLOOKUP($F522,DADOS_COTACAO,9,0),\"\"))))))","v":"m2"},{"$f":"F527","v":287.5},{"$f":"TRUNC(IF(G522=\"SINAPI\",VLOOKUP($F522,DADOS_SINAPI,4,0),IF(G522=\"SETOP\",VLOOKUP($F522,DADOS_SETOP,4,0),IF(G522=\"CPU\",VLOOKUP($F522,DADOS_COMPOSICAO,13,0),IF(G522=\"SICRO\",VLOOKUP($F522,DADOS_SICRO,4,0),IF(G522=\"SUDECAP\",VLOOKUP(F522,DADOS_SUDECAP,4,0),IF(G522=\"COTAÇÃO\",VLOOKUP(F522,DADOS_COTACAO,12,0),\"\")))))),2)","v":19.190000000000001},"BDI 1",{"$f":"TRUNC(J522*(1+$N$17),2)","v":24.27},{"$f":"IFERROR(TRUNC(I522*J522,2),\"\")","v":5517.12},6977.63]
[2000]
[2000,null,null,null,"Salas",{"$f":"F510","v":131.66},"m²"]
[2000,null,null,null,"Cozinha",{"$f":"F514+F520","v":89.06},"m²"]
[2000,null,null,null,"Banheiros",{"$f":"F515","v":66.78},"m²"]
[2000,null,null,null,"Total",{"$f":"SUM(F524:F526)","v":287.5},"m²"]
[2000]
[{"$f":"IFERROR(LEFT(D529,SEARCH(\".\",D529)-1),\"\")","v":"5"},{"$f":"IFERROR(LEFT(RIGHT(D529,LEN(D529)-SEARCH(\".\",D529)),SEARCH(\".\",RIGHT(D529,LEN(D529)-SEARCH(\".\",D529)))-1),\"\")","v":"3"},{"$f":"IFERROR(IF(LEN(D529)-LEN(SUBSTITUTE(D529,\".\",\"\"))<>3,\"\",MID(D529,SEARCH(\".\",D529,SEARCH(\".\",D529)+1)+1,LEN(D529)-SEARCH(\".\",D529,SEARCH(\".\",D529)+1)-(LEN(D529)-(SEARCH(\".\",D529,SEARCH(\".\",D529,SEARCH(\".\",D529)+1)+1)-1)))),\"\")","v":"3"},"5.3.3.5",{"$f":"IF($G529=\"SINAPI\",VLOOKUP($F529,DADOS_SINAPI,2,0),IF(G529=\"SETOP\",VLOOKUP($F529,DADOS_SETOP,2,0),IF(G529=\"CPU\",VLOOKUP($F529,DADOS_COMPOSICAO,2,0),IF(G529=\"SICRO\",VLOOKUP($F529,DADOS_SICRO,2,0),IF(G529=\"SUDECAP\",VLOOKUP(F529,DADOS_SUDECAP,2,0),IF(G529=\"COTAÇÃO\",VLOOKUP($F529,DADOS_COTACAO,2,0),\"\"))))))","v":"CIMBRAMENTO PARA LAJE PRÉ-MOLDADA COM ESCORAMENTO METÁLICO, TIPO \"B\", ALTURA DE (311 ATÉ 450)CM, INCLUSIVE DESCARGA, MONTAGEM, DESMONTAGEM E CARGA"},"ED-19638","SETOP",{"$f":"IF(G529=\"SINAPI\",VLOOKUP($F529,DADOS_SINAPI,3,0),IF(G529=\"SETOP\",VLOOKUP($F529,DADOS_SETOP,3,0),IF(G529=\"CPU\",VLOOKUP($F529,DADOS_COMPOSICAO,10,0),IF(G529=\"SICRO\",VLOOKUP($F529,DADOS_SICRO,3,0),IF(G529=\"SUDECAP\",VLOOKUP(F529,DADOS_SUDECAP,3,0),IF(G529=\"COTAÇÃO\",VLOOKUP($F529,DADOS_COTACAO,9,0),\"\"))))))","v":"m2xmês"},{"$f":"F535","v":287.5},{"$f":"TRUNC(IF(G529=\"SINAPI\",VLOOKUP($F529,DADOS_SINAPI,4,0),IF(G529=\"SETOP\",VLOOKUP($F529,DADOS_SETOP,4,0),IF(G529=\"CPU\",VLOOKUP($F529,DADOS_COMPOSICAO,13,0),IF(G529=\"SICRO\",VLOOKUP($F529,DADOS_SICRO,4,0),IF(G529=\"SUDECAP\",VLOOKUP(F529,DADOS_SUDECAP,4,0),IF(G529=\"COTAÇÃO\",VLOOKUP(F529,DADOS_COTACAO,12,0),\"\")))))),2)","v":25.17},"BDI 1",{"$f":"TRUNC(J529*(1+$N$17),2)","v":31.84},{"$f":"IFERROR(TRUNC(I529*J529,2),\"\")","v":7236.37},{"$f":"IFERROR(TRUNC(L529*I529,2),\"\")","v":9154}]
[2000]
[2000,null,null,null,"Salas",{"$f":"F510","v":131.66},"m²"]
[2000,null,null,null,"Cozinha",{"$f":"F525","v":89.06},"m"]
[2000,null,null,null,"Banheiros",{"$f":"F526","v":66.78},"m²"]
[2000,null,null,null,"Tempo de escoramento",1,"mês"]
[2000,null,null,null,"Total",{"$f":"F534*(F531+F532+F533)","v":287.5},"m²xmês"]
[2000]
[{"$f":"IFERROR(LEFT(D537,SEARCH(\".\",D537)-1),\"\")","v":"5"},{"$f":"IFERROR(LEFT(RIGHT(D537,LEN(D537)-SEARCH(\".\",D537)),SEARCH(\".\",RIGHT(D537,LEN(D537)-SEARCH(\".\",D537)))-1),\"\")","v":"3"},{"$f":"IFERROR(IF(LEN(D537)-LEN(SUBSTITUTE(D537,\".\",\"\"))<>3,\"\",MID(D537,SEARCH(\".\",D537,SEARCH(\".\",D537)+1)+1,LEN(D537)-SEARCH(\".\",D537,SEARCH(\".\",D537)+1)-(LEN(D537)-(SEARCH(\".\",D537,SEARCH(\".\",D537,SEARCH(\".\",D537)+1)+1)-1)))),\"\")","v":"3"},"5.3.3.6",{"$f":"IF($G537=\"SINAPI\",VLOOKUP($F537,DADOS_SINAPI,2,0),IF(G537=\"SETOP\",VLOOKUP($F537,DADOS_SETOP,2,0),IF(G537=\"CPU\",VLOOKUP($F537,DADOS_COMPOSICAO,2,0),IF(G537=\"SICRO\",VLOOKUP($F537,DADOS_SICRO,2,0),IF(G537=\"SUDECAP\",VLOOKUP(F537,DADOS_SUDECAP,2,0),IF(G537=\"COTAÇÃO\",VLOOKUP($F537,DADOS_COTACAO,2,0),\"\"))))))","v":"CORTE, DOBRA E MONTAGEM DE AÇO CA-50/60, INCLUSIVE ESPAÇADOR"},"ED-48298","SETOP",{"$f":"IF(G537=\"SINAPI\",VLOOKUP($F537,DADOS_SINAPI,3,0),IF(G537=\"SETOP\",VLOOKUP($F537,DADOS_SETOP,3,0),IF(G537=\"CPU\",VLOOKUP($F537,DADOS_COMPOSICAO,10,0),IF(G537=\"SICRO\",VLOOKUP($F537,DADOS_SICRO,3,0),IF(G537=\"SUDECAP\",VLOOKUP(F537,DADOS_SUDECAP,3,0),IF(G537=\"COTAÇÃO\",VLOOKUP($F537,DADOS_COTACAO,9,0),\"\"))))))","v":"Kg"},{"$f":"F541","v":90.5},{"$f":"TRUNC(IF(G537=\"SINAPI\",VLOOKUP($F537,DADOS_SINAPI,4,0),IF(G537=\"SETOP\",VLOOKUP($F537,DADOS_SETOP,4,0),IF(G537=\"CPU\",VLOOKUP($F537,DADOS_COMPOSICAO,13,0),IF(G537=\"SICRO\",VLOOKUP($F537,DADOS_SICRO,4,0),IF(G537=\"SUDECAP\",VLOOKUP(F537,DADOS_SUDECAP,4,0),IF(G537=\"COTAÇÃO\",VLOOKUP(F537,DADOS_COTACAO,12,0),\"\")))))),2)","v":13.63},"BDI 1",{"$f":"TRUNC(J537*(1+$N$17),2)","v":17.239999999999998},{"$f":"IFERROR(TRUNC(I537*J537,2),\"\")","v":1233.51},{"$f":"IFERROR(TRUNC(L537*I537,2),\"\")","v":1560.22}]
[2000]
[2000,null,null,null,"Salas",97.6,"kg"]
[2000,null,null,null,"Cozinha",155.1,"kg"]
[2000,null,null,null,"Banheiros",{"$f":"89.8+0.7","v":90.5},"kg"]
[2000]
[null,null,null,"5.3.4","LAJES MACIÇAS",null,null,null,null,null,null,null,{"$f":"IFERROR(SUMIFS(M:M,A:A,LEFT(D543,SEARCH(\".\",D543)-1),B:B,LEFT(RIGHT(D543,LEN(D543)-SEARCH(\".\",D543)),SEARCH(\".\",RIGHT(D543,LEN(D543)-SEARCH(\".\",D543)))-1),C:C,RIGHT(D543,LEN(D543)-SEARCH(\".\",D543,SEARCH(\".\",D543)+1))),\"\")","v":2195.25},{"$f":"IFERROR(SUMIFS(N:N,A:A,LEFT(D543,SEARCH(\".\",D543)-1),B:B,LEFT(RIGHT(D543,LEN(D543)-SEARCH(\".\",D543)),SEARCH(\".\",RIGHT(D543,LEN(D543)-SEARCH(\".\",D543)))-1),C:C,RIGHT(D543,LEN(D543)-SEARCH(\".\",D543,SEARCH(\".\",D543)+1))),\"\")","v":2777.19}]
[{"$f":"IFERROR(LEFT(D544,SEARCH(\".\",D544)-1),\"\")","v":"5"},{"$f":"IFERROR(LEFT(RIGHT(D544,LEN(D544)-SEARCH(\".\",D544)),SEARCH(\".\",RIGHT(D544,LEN(D544)-SEARCH(\".\",D544)))-1),\"\")","v":"3"},{"$f":"IFERROR(IF(LEN(D544)-LEN(SUBSTITUTE(D544,\".\",\"\"))<>3,\"\",MID(D544,SEARCH(\".\",D544,SEARCH(\".\",D544)+1)+1,LEN(D544)-SEARCH(\".\",D544,SEARCH(\".\",D544)+1)-(LEN(D544)-(SEARCH(\".\",D544,SEARCH(\".\",D544,SEARCH(\".\",D544)+1)+1)-1)))),\"\")","v":"4"},"5.3.4.1",{"$f":"IF($G544=\"SINAPI\",VLOOKUP($F544,DADOS_SINAPI,2,0),IF(G544=\"SETOP\",VLOOKUP($F544,DADOS_SETOP,2,0),IF(G544=\"CPU\",VLOOKUP($F544,DADOS_COMPOSICAO,2,0),IF(G544=\"SICRO\",VLOOKUP($F544,DADOS_SICRO,2,0),IF(G544=\"SUDECAP\",VLOOKUP(F544,DADOS_SUDECAP,2,0),IF(G544=\"COTAÇÃO\",VLOOKUP($F544,DADOS_COTACAO,2,0),\"\"))))))","v":"MONTAGEM E DESMONTAGEM DE FÔRMA DE LAJE MACIÇA, PÉ-DIREITO SIMPLES, EM MADEIRA SERRADA, 1 UTILIZAÇÃO. AF_09/2020"},92482,"SINAPI",{"$f":"IF(G544=\"SINAPI\",VLOOKUP($F544,DADOS_SINAPI,3,0),IF(G544=\"SETOP\",VLOOKUP($F544,DADOS_SETOP,3,0),IF(G544=\"CPU\",VLOOKUP($F544,DADOS_COMPOSICAO,10,0),IF(G544=\"SICRO\",VLOOKUP($F544,DADOS_SICRO,3,0),IF(G544=\"SUDECAP\",VLOOKUP(F544,DADOS_SUDECAP,3,0),IF(G544=\"COTAÇÃO\",VLOOKUP($F544,DADOS_COTACAO,9,0),\"\"))))))","v":"M2"},{"$f":"F546","v":1.66},{"$f":"TRUNC(IF(G544=\"SINAPI\",VLOOKUP($F544,DADOS_SINAPI,4,0),IF(G544=\"SETOP\",VLOOKUP($F544,DADOS_SETOP,4,0),IF(G544=\"CPU\",VLOOKUP($F544,DADOS_COMPOSICAO,13,0),IF(G544=\"SICRO\",VLOOKUP($F544,DADOS_SICRO,4,0),IF(G544=\"SUDECAP\",VLOOKUP(F544,DADOS_SUDECAP,4,0),IF(G544=\"COTAÇÃO\",VLOOKUP(F544,DADOS_COTACAO,12,0),\"\")))))),2)","v":395.44},"BDI 1",{"$f":"TRUNC(J544*(1+$N$17),2)","v":500.31},{"$f":"IFERROR(TRUNC(I544*J544,2),\"\")","v":656.43},{"$f":"IFERROR(TRUNC(L544*I544,2),\"\")","v":830.51}]
[2000]
[2000,null,null,null,"Laje da casa de gás da cozinha",1.66,"m²"]
[2000]
[{"$f":"IFERROR(LEFT(D548,SEARCH(\".\",D548)-1),\"\")","v":"5"},{"$f":"IFERROR(LEFT(RIGHT(D548,LEN(D548)-SEARCH(\".\",D548)),SEARCH(\".\",RIGHT(D548,LEN(D548)-SEARCH(\".\",D548)))-1),\"\")","v":"3"},{"$f":"IFERROR(IF(LEN(D548)-LEN(SUBSTITUTE(D548,\".\",\"\"))<>3,\"\",MID(D548,SEARCH(\".\",D548,SEARCH(\".\",D548)+1)+1,LEN(D548)-SEARCH(\".\",D548,SEARCH(\".\",D548)+1)-(LEN(D548)-(SEARCH(\".\",D548,SEARCH(\".\",D548,SEARCH(\".\",D548)+1)+1)-1)))),\"\")","v":"4"},"5.3.4.2",{"$f":"IF($G548=\"SINAPI\",VLOOKUP($F548,DADOS_SINAPI,2,0),IF(G548=\"SETOP\",VLOOKUP($F548,DADOS_SETOP,2,0),IF(G548=\"CPU\",VLOOKUP($F548,DADOS_COMPOSICAO,2,0),IF(G548=\"SICRO\",VLOOKUP($F548,DADOS_SICRO,2,0),IF(G548=\"SUDECAP\",VLOOKUP(F548,DADOS_SUDECAP,2,0),IF(G548=\"COTAÇÃO\",VLOOKUP($F548,DADOS_COTACAO,2,0),\"\"))))))","v":"CORTE, DOBRA E MONTAGEM DE AÇO CA-50/60, INCLUSIVE ESPAÇADOR"},"ED-48298","SETOP",{"$f":"IF(G548=\"SINAPI\",VLOOKUP($F548,DADOS_SINAPI,3,0),IF(G548=\"SETOP\",VLOOKUP($F548,DADOS_SETOP,3,0),IF(G548=\"CPU\",VLOOKUP($F548,DADOS_COMPOSICAO,10,0),IF(G548=\"SICRO\",VLOOKUP($F548,DADOS_SICRO,3,0),IF(G548=\"SUDECAP\",VLOOKUP(F548,DADOS_SUDECAP,3,0),IF(G548=\"COTAÇÃO\",VLOOKUP($F548,DADOS_COTACAO,9,0),\"\"))))))","v":"Kg"},{"$f":"F550","v":51.9},{"$f":"TRUNC(IF(G548=\"SINAPI\",VLOOKUP($F548,DADOS_SINAPI,4,0),IF(G548=\"SETOP\",VLOOKUP($F548,DADOS_SETOP,4,0),IF(G548=\"CPU\",VLOOKUP($F548,DADOS_COMPOSICAO,13,0),IF(G548=\"SICRO\",VLOOKUP($F548,DADOS_SICRO,4,0),IF(G548=\"SUDECAP\",VLOOKUP(F548,DADOS_SUDECAP,4,0),IF(G548=\"COTAÇÃO\",VLOOKUP(F548,DADOS_COTACAO,12,0),\"\")))))),2)","v":13.63},"BDI 1",{"$f":"TRUNC(J548*(1+$N$17),2)","v":17.239999999999998},{"$f":"IFERROR(TRUNC(I548*J548,2),\"\")","v":707.39},894.76]
[2000]
[2000,null,null,null,"Lajes térreas dos banheiros",{"$f":"50.8+1.1","v":51.9},"kg"]
[2000]
[{"$f":"IFERROR(LEFT(D552,SEARCH(\".\",D552)-1),\"\")","v":"5"},{"$f":"IFERROR(LEFT(RIGHT(D552,LEN(D552)-SEARCH(\".\",D552)),SEARCH(\".\",RIGHT(D552,LEN(D552)-SEARCH(\".\",D552)))-1),\"\")","v":"3"},{"$f":"IFERROR(IF(LEN(D552)-LEN(SUBSTITUTE(D552,\".\",\"\"))<>3,\"\",MID(D552,SEARCH(\".\",D552,SEARCH(\".\",D552)+1)+1,LEN(D552)-SEARCH(\".\",D552,SEARCH(\".\",D552)+1)-(LEN(D552)-(SEARCH(\".\",D552,SEARCH(\".\",D552,SEARCH(\".\",D552)+1)+1)-1)))),\"\")","v":"4"},"5.3.4.3",{"$f":"IF($G552=\"SINAPI\",VLOOKUP($F552,DADOS_SINAPI,2,0),IF(G552=\"SETOP\",VLOOKUP($F552,DADOS_SETOP,2,0),IF(G552=\"CPU\",VLOOKUP($F552,DADOS_COMPOSICAO,2,0),IF(G552=\"SICRO\",VLOOKUP($F552,DADOS_SICRO,2,0),IF(G552=\"SUDECAP\",VLOOKUP(F552,DADOS_SUDECAP,2,0),IF(G552=\"COTAÇÃO\",VLOOKUP($F552,DADOS_COTACAO,2,0),\"\"))))))","v":"FORNECIMENTO DE CONCRETO ESTRUTURAL, USINADO BOMBEADO, COM FCK 30MPA, INCLUSIVE LANÇAMENTO, ADENSAMENTO E ACABAMENTO"},"ED-49639","SETOP",{"$f":"IF(G552=\"SINAPI\",VLOOKUP($F552,DADOS_SINAPI,3,0),IF(G552=\"SETOP\",VLOOKUP($F552,DADOS_SETOP,3,0),IF(G552=\"CPU\",VLOOKUP($F552,DADOS_COMPOSICAO,10,0),IF(G552=\"SICRO\",VLOOKUP($F552,DADOS_SICRO,3,0),IF(G552=\"SUDECAP\",VLOOKUP(F552,DADOS_SUDECAP,3,0),IF(G552=\"COTAÇÃO\",VLOOKUP($F552,DADOS_COTACAO,9,0),\"\"))))))","v":"m3"},{"$f":"F556","v":1.1099999999999999},{"$f":"TRUNC(IF(G552=\"SINAPI\",VLOOKUP($F552,DADOS_SINAPI,4,0),IF(G552=\"SETOP\",VLOOKUP($F552,DADOS_SETOP,4,0),IF(G552=\"CPU\",VLOOKUP($F552,DADOS_COMPOSICAO,13,0),IF(G552=\"SICRO\",VLOOKUP($F552,DADOS_SICRO,4,0),IF(G552=\"SUDECAP\",VLOOKUP(F552,DADOS_SUDECAP,4,0),IF(G552=\"COTAÇÃO\",VLOOKUP(F552,DADOS_COTACAO,12,0),\"\")))))),2)","v":749.04},"BDI 1",{"$f":"TRUNC(J552*(1+$N$17),2)","v":947.68},{"$f":"IFERROR(TRUNC(I552*J552,2),\"\")","v":831.43},{"$f":"IFERROR(TRUNC(L552*I552,2),\"\")","v":1051.92}]
[2000]
[2000,null,null,null,"Laje da casa de gás da cozinha",{"$f":"ROUND(1.66*0.1,2)","v":0.17},"m³"]
[2000,null,null,null,"Lajes térreas dos banheiros",{"$f":"0.94","v":0.94},"m³"]
[2000,null,null,null,"Total",{"$f":"F554+F555","v":1.1099999999999999},"m³"]
[2000]
[1000,null,null,6,"SISTEMA VERTICAL",null,null,null,null,null,null,null,{"$f":"SUMIF(A:A,D558,M:M)","v":100642.62},{"$f":"SUMIF(A:A,D558,N:N)","v":127322.68000000001}]
[null,null,null,"6.1","VEDAÇÃO",null,null,null,null,null,null,null,{"$f":"IFERROR(SUMIFS(M:M,A:A,LEFT(D559,SEARCH(\".\",D559)-1),B:B,RIGHT(D559,LEN(D559)-SEARCH(\".\",D559))),\"\")","v":68020.92},{"$f":"IFERROR(SUMIFS(N:N,A:A,LEFT(D559,SEARCH(\".\",D559)-1),B:B,RIGHT(D559,LEN(D559)-SEARCH(\".\",D559))),\"\")","v":86053.39}]
[{"$f":"IFERROR(LEFT(D560,SEARCH(\".\",D560)-1),\"\")","v":"6"},{"$f":"IFERROR(LEFT(RIGHT(D560,LEN(D560)-SEARCH(\".\",D560)),SEARCH(\".\",RIGHT(D560,LEN(D560)-SEARCH(\".\",D560)))-1),\"\")","v":"1"},{"$f":"IFERROR(IF(LEN(D560)-LEN(SUBSTITUTE(D560,\".\",\"\"))<>3,\"\",MID(D560,SEARCH(\".\",D560,SEARCH(\".\",D560)+1)+1,LEN(D560)-SEARCH(\".\",D560,SEARCH(\".\",D560)+1)-(LEN(D560)-(SEARCH(\".\",D560,SEARCH(\".\",D560,SEARCH(\".\",D560)+1)+1)-1)))),\"\")","v":""},"6.1.1",{"$f":"IF($G560=\"SINAPI\",VLOOKUP($F560,DADOS_SINAPI,2,0),IF(G560=\"SETOP\",VLOOKUP($F560,DADOS_SETOP,2,0),IF(G560=\"CPU\",VLOOKUP($F560,DADOS_COMPOSICAO,2,0),IF(G560=\"SICRO\",VLOOKUP($F560,DADOS_SICRO,2,0),IF(G560=\"SUDECAP\",VLOOKUP(F560,DADOS_SUDECAP,2,0),IF(G560=\"COTAÇÃO\",VLOOKUP($F560,DADOS_COTACAO,2,0),\"\"))))))","v":"ALVENARIA DE VEDAÇÃO DE BLOCOS VAZADOS DE CONCRETO DE 14X19X39 CM (ESPESSURA 14 CM)  E ARGAMASSA DE ASSENTAMENTO COM PREPARO EM BETONEIRA. AF_12/2021"},103318,"SINAPI",{"$f":"IF(G560=\"SINAPI\",VLOOKUP($F560,DADOS_SINAPI,3,0),IF(G560=\"SETOP\",VLOOKUP($F560,DADOS_SETOP,3,0),IF(G560=\"CPU\",VLOOKUP($F560,DADOS_COMPOSICAO,10,0),IF(G560=\"SICRO\",VLOOKUP($F560,DADOS_SICRO,3,0),IF(G560=\"SUDECAP\",VLOOKUP(F560,DADOS_SUDECAP,3,0),IF(G560=\"COTAÇÃO\",VLOOKUP($F560,DADOS_COTACAO,9,0),\"\"))))))","v":"M2"},{"$f":"F573","v":554.54},{"$f":"TRUNC(IF(G560=\"SINAPI\",VLOOKUP($F560,DADOS_SINAPI,4,0),IF(G560=\"SETOP\",VLOOKUP($F560,DADOS_SETOP,4,0),IF(G560=\"CPU\",VLOOKUP($F560,DADOS_COMPOSICAO,13,0),IF(G560=\"SICRO\",VLOOKUP($F560,DADOS_SICRO,4,0),IF(G560=\"SUDECAP\",VLOOKUP(F560,DADOS_SUDECAP,4,0),IF(G560=\"COTAÇÃO\",VLOOKUP(F560,DADOS_COTACAO,12,0),\"\")))))),2)","v":102.94},"BDI 1",{"$f":"TRUNC(J560*(1+$N$17),2)","v":130.22999999999999},{"$f":"IFERROR(TRUNC(I560*J560,2),\"\")","v":57084.34},{"$f":"IFERROR(TRUNC(L560*I560,2),\"\")","v":72217.740000000005}]
[2000]
[2000,null,null,null,"Sala de Aula 01",55.69,"m²"]
[2000,null,null,null,"Sala de Aula 02",34.89,"m²"]
[2000,null,null,null,"Sala de Aula 03",35,"m²"]
[2000,null,null,null,"Sala de Aula 04",41.86,"m²"]
[2000,null,null,null,"Banheiros/DML",182.98,"m²"]
[2000,null,null,null,"Casa de Gás",3.6,"m²"]
[2000,null,null,null,"Cozinha",104,"m²"]
[2000,null,null,null,"Despensa",26.89,"m²"]
[2000,null,null,null,"Refeitório",43.52,"m²"]
[2000,null,null,null,"Triagem",16.41,"m²"]
[2000,null,null,null,"Reservatório",9.6999999999999993,"m²"]
[2000,null,null,null,"Total",{"$f":"SUM(F562:F572)","v":554.54},"m²"]
[2000]
[{"$f":"IFERROR(LEFT(D575,SEARCH(\".\",D575)-1),\"\")","v":"6"},{"$f":"IFERROR(LEFT(RIGHT(D575,LEN(D575)-SEARCH(\".\",D575)),SEARCH(\".\",RIGHT(D575,LEN(D575)-SEARCH(\".\",D575)))-1),\"\")","v":"1"},{"$f":"IFERROR(IF(LEN(D575)-LEN(SUBSTITUTE(D575,\".\",\"\"))<>3,\"\",MID(D575,SEARCH(\".\",D575,SEARCH(\".\",D575)+1)+1,LEN(D575)-SEARCH(\".\",D575,SEARCH(\".\",D575)+1)-(LEN(D575)-(SEARCH(\".\",D575,SEARCH(\".\",D575,SEARCH(\".\",D575)+1)+1)-1)))),\"\")","v":""},"6.1.2",{"$f":"IF($G575=\"SINAPI\",VLOOKUP($F575,DADOS_SINAPI,2,0),IF(G575=\"SETOP\",VLOOKUP($F575,DADOS_SETOP,2,0),IF(G575=\"CPU\",VLOOKUP($F575,DADOS_COMPOSICAO,2,0),IF(G575=\"SICRO\",VLOOKUP($F575,DADOS_SICRO,2,0),IF(G575=\"SUDECAP\",VLOOKUP(F575,DADOS_SUDECAP,2,0),IF(G575=\"COTAÇÃO\",VLOOKUP($F575,DADOS_COTACAO,2,0),\"\"))))))","v":"ALVENARIA DE VEDAÇÃO DE BLOCOS VAZADOS DE CONCRETO DE 19X19X39 CM (ESPESSURA 19 CM) E ARGAMASSA DE ASSENTAMENTO COM PREPARO EM BETONEIRA. AF_12/2021"},103320,"SINAPI",{"$f":"IF(G575=\"SINAPI\",VLOOKUP($F575,DADOS_SINAPI,3,0),IF(G575=\"SETOP\",VLOOKUP($F575,DADOS_SETOP,3,0),IF(G575=\"CPU\",VLOOKUP($F575,DADOS_COMPOSICAO,10,0),IF(G575=\"SICRO\",VLOOKUP($F575,DADOS_SICRO,3,0),IF(G575=\"SUDECAP\",VLOOKUP(F575,DADOS_SUDECAP,3,0),IF(G575=\"COTAÇÃO\",VLOOKUP($F575,DADOS_COTACAO,9,0),\"\"))))))","v":"M2"},{"$f":"F578","v":10},{"$f":"TRUNC(IF(G575=\"SINAPI\",VLOOKUP($F575,DADOS_SINAPI,4,0),IF(G575=\"SETOP\",VLOOKUP($F575,DADOS_SETOP,4,0),IF(G575=\"CPU\",VLOOKUP($F575,DADOS_COMPOSICAO,13,0),IF(G575=\"SICRO\",VLOOKUP($F575,DADOS_SICRO,4,0),IF(G575=\"SUDECAP\",VLOOKUP(F575,DADOS_SUDECAP,4,0),IF(G575=\"COTAÇÃO\",VLOOKUP(F575,DADOS_COTACAO,12,0),\"\")))))),2)","v":123.81},"BDI 1",{"$f":"TRUNC(J575*(1+$N$17),2)","v":156.63999999999999},{"$f":"IFERROR(TRUNC(I575*J575,2),\"\")","v":1238.0999999999999},{"$f":"IFERROR(TRUNC(L575*I575,2),\"\")","v":1566.4}]
[2000]
[2000,null,null,null,"Reconstrução do muro",{"$f":"4*2.5","v":10},"m²"]
[2000,null,null,null,"Total",{"$f":"F577","v":10},"m²"]
[2000]
[{"$f":"IFERROR(LEFT(D580,SEARCH(\".\",D580)-1),\"\")","v":"6"},{"$f":"IFERROR(LEFT(RIGHT(D580,LEN(D580)-SEARCH(\".\",D580)),SEARCH(\".\",RIGHT(D580,LEN(D580)-SEARCH(\".\",D580)))-1),\"\")","v":"1"},{"$f":"IFERROR(IF(LEN(D580)-LEN(SUBSTITUTE(D580,\".\",\"\"))<>3,\"\",MID(D580,SEARCH(\".\",D580,SEARCH(\".\",D580)+1)+1,LEN(D580)-SEARCH(\".\",D580,SEARCH(\".\",D580)+1)-(LEN(D580)-(SEARCH(\".\",D580,SEARCH(\".\",D580,SEARCH(\".\",D580)+1)+1)-1)))),\"\")","v":""},"6.1.3",{"$f":"IF($G580=\"SINAPI\",VLOOKUP($F580,DADOS_SINAPI,2,0),IF(G580=\"SETOP\",VLOOKUP($F580,DADOS_SETOP,2,0),IF(G580=\"CPU\",VLOOKUP($F580,DADOS_COMPOSICAO,2,0),IF(G580=\"SICRO\",VLOOKUP($F580,DADOS_SICRO,2,0),IF(G580=\"SUDECAP\",VLOOKUP(F580,DADOS_SUDECAP,2,0),IF(G580=\"COTAÇÃO\",VLOOKUP($F580,DADOS_COTACAO,2,0),\"\"))))))","v":"FIXAÇÃO (ENCUNHAMENTO) DE ALVENARIA DE VEDAÇÃO COM TIJOLO MACIÇO. AF_03/2024"},93202,"SINAPI",{"$f":"IF(G580=\"SINAPI\",VLOOKUP($F580,DADOS_SINAPI,3,0),IF(G580=\"SETOP\",VLOOKUP($F580,DADOS_SETOP,3,0),IF(G580=\"CPU\",VLOOKUP($F580,DADOS_COMPOSICAO,10,0),IF(G580=\"SICRO\",VLOOKUP($F580,DADOS_SICRO,3,0),IF(G580=\"SUDECAP\",VLOOKUP(F580,DADOS_SUDECAP,3,0),IF(G580=\"COTAÇÃO\",VLOOKUP($F580,DADOS_COTACAO,9,0),\"\"))))))","v":"M"},{"$f":"F588","v":352.15999999999997},{"$f":"TRUNC(IF(G580=\"SINAPI\",VLOOKUP($F580,DADOS_SINAPI,4,0),IF(G580=\"SETOP\",VLOOKUP($F580,DADOS_SETOP,4,0),IF(G580=\"CPU\",VLOOKUP($F580,DADOS_COMPOSICAO,13,0),IF(G580=\"SICRO\",VLOOKUP($F580,DADOS_SICRO,4,0),IF(G580=\"SUDECAP\",VLOOKUP(F580,DADOS_SUDECAP,4,0),IF(G580=\"COTAÇÃO\",VLOOKUP(F580,DADOS_COTACAO,12,0),\"\")))))),2)","v":27.54},"BDI 1",{"$f":"TRUNC(J580*(1+$N$17),2)","v":34.840000000000003},{"$f":"IFERROR(TRUNC(I580*J580,2),\"\")","v":9698.48},{"$f":"IFERROR(TRUNC(L580*I580,2),\"\")","v":12269.25}]
[2000]
[2000,null,null,null,"Salas de Aulas",{"$f":"76","v":76},"m"]
[2000,null,null,null,"Cozinha",124.77,"m"]
[2000,null,null,null,"Casa de Gás",{"$f":"4.03","v":4.03},"m"]
[2000,null,null,null,"Banheiros ",114.92,"m"]
[2000,null,null,null,"Refeitório",25.3,"m"]
[2000,null,null,null,"Triagem",7.14,"m"]
[2000,null,null,null,"Total",{"$f":"SUM(F582:F587)","v":352.15999999999997},"m"]
[2000]
[null,null,null,"6.2","DIVISÓRIAS",null,null,null,null,null,null,null,{"$f":"IFERROR(SUMIFS(M:M,A:A,LEFT(D590,SEARCH(\".\",D590)-1),B:B,RIGHT(D590,LEN(D590)-SEARCH(\".\",D590))),\"\")","v":13861.21},{"$f":"IFERROR(SUMIFS(N:N,A:A,LEFT(D590,SEARCH(\".\",D590)-1),B:B,RIGHT(D590,LEN(D590)-SEARCH(\".\",D590))),\"\")","v":17537.18}]
[{"$f":"IFERROR(LEFT(D591,SEARCH(\".\",D591)-1),\"\")","v":"6"},{"$f":"IFERROR(LEFT(RIGHT(D591,LEN(D591)-SEARCH(\".\",D591)),SEARCH(\".\",RIGHT(D591,LEN(D591)-SEARCH(\".\",D591)))-1),\"\")","v":"2"},{"$f":"IFERROR(IF(LEN(D591)-LEN(SUBSTITUTE(D591,\".\",\"\"))<>3,\"\",MID(D591,SEARCH(\".\",D591,SEARCH(\".\",D591)+1)+1,LEN(D591)-SEARCH(\".\",D591,SEARCH(\".\",D591)+1)-(LEN(D591)-(SEARCH(\".\",D591,SEARCH(\".\",D591,SEARCH(\".\",D591)+1)+1)-1)))),\"\")","v":""},"6.2.1",{"$f":"IF($G591=\"SINAPI\",VLOOKUP($F591,DADOS_SINAPI,2,0),IF(G591=\"SETOP\",VLOOKUP($F591,DADOS_SETOP,2,0),IF(G591=\"CPU\",VLOOKUP($F591,DADOS_COMPOSICAO,2,0),IF(G591=\"SICRO\",VLOOKUP($F591,DADOS_SICRO,2,0),IF(G591=\"SUDECAP\",VLOOKUP(F591,DADOS_SUDECAP,2,0),IF(G591=\"COTAÇÃO\",VLOOKUP($F591,DADOS_COTACAO,2,0),\"\"))))))","v":"DIVISÓRIA EM GRANITO CINZA ANDORINHA, ESP. 3CM, INCLUSIVE INSTALAÇÃO, FERRAGENS EM LATÃO CROMADO E ACESSÓRIOS"},"ED-48533","SETOP",{"$f":"IF(G591=\"SINAPI\",VLOOKUP($F591,DADOS_SINAPI,3,0),IF(G591=\"SETOP\",VLOOKUP($F591,DADOS_SETOP,3,0),IF(G591=\"CPU\",VLOOKUP($F591,DADOS_COMPOSICAO,10,0),IF(G591=\"SICRO\",VLOOKUP($F591,DADOS_SICRO,3,0),IF(G591=\"SUDECAP\",VLOOKUP(F591,DADOS_SUDECAP,3,0),IF(G591=\"COTAÇÃO\",VLOOKUP($F591,DADOS_COTACAO,9,0),\"\"))))))","v":"m2"},{"$f":"F595","v":21.05},{"$f":"TRUNC(IF(G591=\"SINAPI\",VLOOKUP($F591,DADOS_SINAPI,4,0),IF(G591=\"SETOP\",VLOOKUP($F591,DADOS_SETOP,4,0),IF(G591=\"CPU\",VLOOKUP($F591,DADOS_COMPOSICAO,13,0),IF(G591=\"SICRO\",VLOOKUP($F591,DADOS_SICRO,4,0),IF(G591=\"SUDECAP\",VLOOKUP(F591,DADOS_SUDECAP,4,0),IF(G591=\"COTAÇÃO\",VLOOKUP(F591,DADOS_COTACAO,12,0),\"\")))))),2)","v":658.49},"BDI 1",{"$f":"TRUNC(J591*(1+$N$17),2)","v":833.12},{"$f":"IFERROR(TRUNC(I591*J591,2),\"\")","v":13861.21},17537.18]
[2000]
[2000,null,null,null,"Banheiro Feminino",{"$f":"21.05/2","v":10.525},"m²"]
[2000,null,null,null,"Banheiro Masculino",{"$f":"10.525","v":10.525},"m²"]
[2000,null,null,null,"Total",{"$f":"SUM(F593:F594)","v":21.05},"m²"]
[2000]
[null,null,null,"6.3","SEGURANÇA",null,null,null,null,null,null,null,{"$f":"IFERROR(SUMIFS(M:M,A:A,LEFT(D597,SEARCH(\".\",D597)-1),B:B,RIGHT(D597,LEN(D597)-SEARCH(\".\",D597))),\"\")","v":7258.54},{"$f":"IFERROR(SUMIFS(N:N,A:A,LEFT(D597,SEARCH(\".\",D597)-1),B:B,RIGHT(D597,LEN(D597)-SEARCH(\".\",D597))),\"\")","v":9183.51}]
[{"$f":"IFERROR(LEFT(D598,SEARCH(\".\",D598)-1),\"\")","v":"6"},{"$f":"IFERROR(LEFT(RIGHT(D598,LEN(D598)-SEARCH(\".\",D598)),SEARCH(\".\",RIGHT(D598,LEN(D598)-SEARCH(\".\",D598)))-1),\"\")","v":"3"},{"$f":"IFERROR(IF(LEN(D598)-LEN(SUBSTITUTE(D598,\".\",\"\"))<>3,\"\",MID(D598,SEARCH(\".\",D598,SEARCH(\".\",D598)+1)+1,LEN(D598)-SEARCH(\".\",D598,SEARCH(\".\",D598)+1)-(LEN(D598)-(SEARCH(\".\",D598,SEARCH(\".\",D598,SEARCH(\".\",D598)+1)+1)-1)))),\"\")","v":""},"6.3.1",{"$f":"IF($G598=\"SINAPI\",VLOOKUP($F598,DADOS_SINAPI,2,0),IF(G598=\"SETOP\",VLOOKUP($F598,DADOS_SETOP,2,0),IF(G598=\"CPU\",VLOOKUP($F598,DADOS_COMPOSICAO,2,0),IF(G598=\"SICRO\",VLOOKUP($F598,DADOS_SICRO,2,0),IF(G598=\"SUDECAP\",VLOOKUP(F598,DADOS_SUDECAP,2,0),IF(G598=\"COTAÇÃO\",VLOOKUP($F598,DADOS_COTACAO,2,0),\"\"))))))","v":"GUARDA-CORPO EXTERNO, ALTURA 130CM, EM TUBO GALVANIZADO, COM COSTURA, DIÂMETRO DE 2\", ESP. 3MM, GRADIL COM DIVISÃO HORIZONTAL EM TUBO GALVANIZADO, COM COSTURA, DIÂMETRO DE 1\", ESP. 3MM, EXCLUSIVE PINTURA"},"ED-32098","SETOP",{"$f":"IF(G598=\"SINAPI\",VLOOKUP($F598,DADOS_SINAPI,3,0),IF(G598=\"SETOP\",VLOOKUP($F598,DADOS_SETOP,3,0),IF(G598=\"CPU\",VLOOKUP($F598,DADOS_COMPOSICAO,10,0),IF(G598=\"SICRO\",VLOOKUP($F598,DADOS_SICRO,3,0),IF(G598=\"SUDECAP\",VLOOKUP(F598,DADOS_SUDECAP,3,0),IF(G598=\"COTAÇÃO\",VLOOKUP($F598,DADOS_COTACAO,9,0),\"\"))))))","v":"m"},{"$f":"F601","v":10.5},{"$f":"TRUNC(IF(G598=\"SINAPI\",VLOOKUP($F598,DADOS_SINAPI,4,0),IF(G598=\"SETOP\",VLOOKUP($F598,DADOS_SETOP,4,0),IF(G598=\"CPU\",VLOOKUP($F598,DADOS_COMPOSICAO,13,0),IF(G598=\"SICRO\",VLOOKUP($F598,DADOS_SICRO,4,0),IF(G598=\"SUDECAP\",VLOOKUP(F598,DADOS_SUDECAP,4,0),IF(G598=\"COTAÇÃO\",VLOOKUP(F598,DADOS_COTACAO,12,0),\"\")))))),2)","v":691.29},"BDI 1",{"$f":"TRUNC(J598*(1+$N$17),2)","v":874.62},{"$f":"IFERROR(TRUNC(I598*J598,2),\"\")","v":7258.54},{"$f":"IFERROR(TRUNC(L598*I598,2),\"\")","v":9183.51}]
[2000]
[2000,null,null,null,"Salas de Aula",10.5,"m"]
[2000,null,null,null,"Total",{"$f":"F600","v":10.5},"m"]
[2000]
[null,null,null,"6.4","EQUIPAMENTOS",null,null,null,null,null,null,null,{"$f":"IFERROR(SUMIFS(M:M,A:A,LEFT(D603,SEARCH(\".\",D603)-1),B:B,RIGHT(D603,LEN(D603)-SEARCH(\".\",D603))),\"\")","v":11501.95},{"$f":"IFERROR(SUMIFS(N:N,A:A,LEFT(D603,SEARCH(\".\",D603)-1),B:B,RIGHT(D603,LEN(D603)-SEARCH(\".\",D603))),\"\")","v":14548.599999999999}]
[{"$f":"IFERROR(LEFT(D604,SEARCH(\".\",D604)-1),\"\")","v":"6"},{"$f":"IFERROR(LEFT(RIGHT(D604,LEN(D604)-SEARCH(\".\",D604)),SEARCH(\".\",RIGHT(D604,LEN(D604)-SEARCH(\".\",D604)))-1),\"\")","v":"4"},{"$f":"IFERROR(IF(LEN(D604)-LEN(SUBSTITUTE(D604,\".\",\"\"))<>3,\"\",MID(D604,SEARCH(\".\",D604,SEARCH(\".\",D604)+1)+1,LEN(D604)-SEARCH(\".\",D604,SEARCH(\".\",D604)+1)-(LEN(D604)-(SEARCH(\".\",D604,SEARCH(\".\",D604,SEARCH(\".\",D604)+1)+1)-1)))),\"\")","v":""},"6.4.1",{"$f":"IF($G604=\"SINAPI\",VLOOKUP($F604,DADOS_SINAPI,2,0),IF(G604=\"SETOP\",VLOOKUP($F604,DADOS_SETOP,2,0),IF(G604=\"CPU\",VLOOKUP($F604,DADOS_COMPOSICAO,2,0),IF(G604=\"SICRO\",VLOOKUP($F604,DADOS_SICRO,2,0),IF(G604=\"SUDECAP\",VLOOKUP(F604,DADOS_SUDECAP,2,0),IF(G604=\"COTAÇÃO\",VLOOKUP($F604,DADOS_COTACAO,2,0),\"\"))))))","v":"FORNECIMENTO DE ANDAIME METÁLICO TUBULAR TIPO TORRE (LOCAÇÃO), INCLUSIVE RODÍZIOS, EXCLUSIVE MONTAGEM E DESMONTAGEM"},"ED-9076","SETOP",{"$f":"IF(G604=\"SINAPI\",VLOOKUP($F604,DADOS_SINAPI,3,0),IF(G604=\"SETOP\",VLOOKUP($F604,DADOS_SETOP,3,0),IF(G604=\"CPU\",VLOOKUP($F604,DADOS_COMPOSICAO,10,0),IF(G604=\"SICRO\",VLOOKUP($F604,DADOS_SICRO,3,0),IF(G604=\"SUDECAP\",VLOOKUP(F604,DADOS_SUDECAP,3,0),IF(G604=\"COTAÇÃO\",VLOOKUP($F604,DADOS_COTACAO,9,0),\"\"))))))","v":"mxmês"},{"$f":"F608","v":360},{"$f":"TRUNC(IF(G604=\"SINAPI\",VLOOKUP($F604,DADOS_SINAPI,4,0),IF(G604=\"SETOP\",VLOOKUP($F604,DADOS_SETOP,4,0),IF(G604=\"CPU\",VLOOKUP($F604,DADOS_COMPOSICAO,13,0),IF(G604=\"SICRO\",VLOOKUP($F604,DADOS_SICRO,4,0),IF(G604=\"SUDECAP\",VLOOKUP(F604,DADOS_SUDECAP,4,0),IF(G604=\"COTAÇÃO\",VLOOKUP(F604,DADOS_COTACAO,12,0),\"\")))))),2)","v":22},"BDI 1",{"$f":"TRUNC(J604*(1+$N$17),2)","v":27.83},{"$f":"IFERROR(TRUNC(I604*J604,2),\"\")","v":7920},{"$f":"IFERROR(TRUNC(L604*I604,2),\"\")","v":10018.799999999999}]
[2000]
[2000,null,null,null,"Altura ",90,"m"]
[2000,null,null,null,"Tempo de Utilização",4,"mês"]
[2000,null,null,null,"Total",{"$f":"F606*F607","v":360},"m.mês"]
[2000]
[{"$f":"IFERROR(LEFT(D610,SEARCH(\".\",D610)-1),\"\")","v":"6"},{"$f":"IFERROR(LEFT(RIGHT(D610,LEN(D610)-SEARCH(\".\",D610)),SEARCH(\".\",RIGHT(D610,LEN(D610)-SEARCH(\".\",D610)))-1),\"\")","v":"4"},{"$f":"IFERROR(IF(LEN(D610)-LEN(SUBSTITUTE(D610,\".\",\"\"))<>3,\"\",MID(D610,SEARCH(\".\",D610,SEARCH(\".\",D610)+1)+1,LEN(D610)-SEARCH(\".\",D610,SEARCH(\".\",D610)+1)-(LEN(D610)-(SEARCH(\".\",D610,SEARCH(\".\",D610,SEARCH(\".\",D610)+1)+1)-1)))),\"\")","v":""},"6.4.2",{"$f":"IF($G610=\"SINAPI\",VLOOKUP($F610,DADOS_SINAPI,2,0),IF(G610=\"SETOP\",VLOOKUP($F610,DADOS_SETOP,2,0),IF(G610=\"CPU\",VLOOKUP($F610,DADOS_COMPOSICAO,2,0),IF(G610=\"SICRO\",VLOOKUP($F610,DADOS_SICRO,2,0),IF(G610=\"SUDECAP\",VLOOKUP(F610,DADOS_SUDECAP,2,0),IF(G610=\"COTAÇÃO\",VLOOKUP($F610,DADOS_COTACAO,2,0),\"\"))))))","v":"MONTAGEM E DESMONTAGEM DE ANDAIME METÁLICO TUBULAR TIPO TORRE, EXCLUSIVE FORNECIMENTO DO ANDAIME"},"ED-9077","SETOP",{"$f":"IF(G610=\"SINAPI\",VLOOKUP($F610,DADOS_SINAPI,3,0),IF(G610=\"SETOP\",VLOOKUP($F610,DADOS_SETOP,3,0),IF(G610=\"CPU\",VLOOKUP($F610,DADOS_COMPOSICAO,10,0),IF(G610=\"SICRO\",VLOOKUP($F610,DADOS_SICRO,3,0),IF(G610=\"SUDECAP\",VLOOKUP(F610,DADOS_SUDECAP,3,0),IF(G610=\"COTAÇÃO\",VLOOKUP($F610,DADOS_COTACAO,9,0),\"\"))))))","v":"m"},{"$f":"F613","v":355},{"$f":"TRUNC(IF(G610=\"SINAPI\",VLOOKUP($F610,DADOS_SINAPI,4,0),IF(G610=\"SETOP\",VLOOKUP($F610,DADOS_SETOP,4,0),IF(G610=\"CPU\",VLOOKUP($F610,DADOS_COMPOSICAO,13,0),IF(G610=\"SICRO\",VLOOKUP($F610,DADOS_SICRO,4,0),IF(G610=\"SUDECAP\",VLOOKUP(F610,DADOS_SUDECAP,4,0),IF(G610=\"COTAÇÃO\",VLOOKUP(F610,DADOS_COTACAO,12,0),\"\")))))),2)","v":10.09},"BDI 1",{"$f":"TRUNC(J610*(1+$N$17),2)","v":12.76},{"$f":"IFERROR(TRUNC(I610*J610,2),\"\")","v":3581.95},{"$f":"IFERROR(TRUNC(L610*I610,2),\"\")","v":4529.8}]
[2000]
[2000,null,null,null,"Altura",355,"m"]
[2000,null,null,null,"Total",{"$f":"F612","v":355},"m"]
[2000]
[1000,null,null,7,"ESQUADRIAS",null,null,null,null,null,null,null,{"$f":"SUMIF(A:A,D615,M:M)","v":80652.039999999994},{"$f":"SUMIF(A:A,D615,N:N)","v":102041.57999999997}]
[null,null,null,"7.1","PORTAS EM MADEIRA",null,null,null,null,null,null,null,{"$f":"IFERROR(SUMIFS(M:M,A:A,LEFT(D616,SEARCH(\".\",D616)-1),B:B,RIGHT(D616,LEN(D616)-SEARCH(\".\",D616))),\"\")","v":5072.34},{"$f":"IFERROR(SUMIFS(N:N,A:A,LEFT(D616,SEARCH(\".\",D616)-1),B:B,RIGHT(D616,LEN(D616)-SEARCH(\".\",D616))),\"\")","v":6417.48}]
[{"$f":"IFERROR(LEFT(D617,SEARCH(\".\",D617)-1),\"\")","v":"7"},{"$f":"IFERROR(LEFT(RIGHT(D617,LEN(D617)-SEARCH(\".\",D617)),SEARCH(\".\",RIGHT(D617,LEN(D617)-SEARCH(\".\",D617)))-1),\"\")","v":"1"},{"$f":"IFERROR(IF(LEN(D617)-LEN(SUBSTITUTE(D617,\".\",\"\"))<>3,\"\",MID(D617,SEARCH(\".\",D617,SEARCH(\".\",D617)+1)+1,LEN(D617)-SEARCH(\".\",D617,SEARCH(\".\",D617)+1)-(LEN(D617)-(SEARCH(\".\",D617,SEARCH(\".\",D617,SEARCH(\".\",D617)+1)+1)-1)))),\"\")","v":""},"7.1.1",{"$f":"IF($G617=\"SINAPI\",VLOOKUP($F617,DADOS_SINAPI,2,0),IF(G617=\"SETOP\",VLOOKUP($F617,DADOS_SETOP,2,0),IF(G617=\"CPU\",VLOOKUP($F617,DADOS_COMPOSICAO,2,0),IF(G617=\"SICRO\",VLOOKUP($F617,DADOS_SICRO,2,0),IF(G617=\"SUDECAP\",VLOOKUP(F617,DADOS_SUDECAP,2,0),IF(G617=\"COTAÇÃO\",VLOOKUP($F617,DADOS_COTACAO,2,0),\"\"))))))","v":"KIT DE PORTA DE MADEIRA PARA PINTURA, SEMI-OCA (LEVE OU MÉDIA), PADRÃO POPULAR, 90X210CM, ESPESSURA DE 3,5CM, ITENS INCLUSOS: DOBRADIÇAS, MONTAGEM E INSTALAÇÃO DO BATENTE, SEM FECHADURA - FORNECIMENTO E INSTALAÇÃO. AF_12/2019"},91321,"SINAPI",{"$f":"IF(G617=\"SINAPI\",VLOOKUP($F617,DADOS_SINAPI,3,0),IF(G617=\"SETOP\",VLOOKUP($F617,DADOS_SETOP,3,0),IF(G617=\"CPU\",VLOOKUP($F617,DADOS_COMPOSICAO,10,0),IF(G617=\"SICRO\",VLOOKUP($F617,DADOS_SICRO,3,0),IF(G617=\"SUDECAP\",VLOOKUP(F617,DADOS_SUDECAP,3,0),IF(G617=\"COTAÇÃO\",VLOOKUP($F617,DADOS_COTACAO,9,0),\"\"))))))","v":"UN"},{"$f":"F620","v":6},{"$f":"TRUNC(IF(G617=\"SINAPI\",VLOOKUP($F617,DADOS_SINAPI,4,0),IF(G617=\"SETOP\",VLOOKUP($F617,DADOS_SETOP,4,0),IF(G617=\"CPU\",VLOOKUP($F617,DADOS_COMPOSICAO,13,0),IF(G617=\"SICRO\",VLOOKUP($F617,DADOS_SICRO,4,0),IF(G617=\"SUDECAP\",VLOOKUP(F617,DADOS_SUDECAP,4,0),IF(G617=\"COTAÇÃO\",VLOOKUP(F617,DADOS_COTACAO,12,0),\"\")))))),2)","v":845.39},"BDI 1",{"$f":"TRUNC(J617*(1+$N$17),2)","v":1069.58},{"$f":"IFERROR(TRUNC(I617*J617,2),\"\")","v":5072.34},{"$f":"IFERROR(TRUNC(L617*I617,2),\"\")","v":6417.48}]
[2000]
[2000,null,null,null,"P03",6,"un"]
[2000,null,null,null,"Total",{"$f":"SUM(F619:F619)","v":6},"un"]
[2000]
[null,null,null,"7.2","PORTAS METÁLICAS",null,null,null,null,null,null,null,{"$f":"IFERROR(SUMIFS(M:M,A:A,LEFT(D622,SEARCH(\".\",D622)-1),B:B,RIGHT(D622,LEN(D622)-SEARCH(\".\",D622))),\"\")","v":19732.88},{"$f":"IFERROR(SUMIFS(N:N,A:A,LEFT(D622,SEARCH(\".\",D622)-1),B:B,RIGHT(D622,LEN(D622)-SEARCH(\".\",D622))),\"\")","v":24965.97}]
[{"$f":"IFERROR(LEFT(D623,SEARCH(\".\",D623)-1),\"\")","v":"7"},{"$f":"IFERROR(LEFT(RIGHT(D623,LEN(D623)-SEARCH(\".\",D623)),SEARCH(\".\",RIGHT(D623,LEN(D623)-SEARCH(\".\",D623)))-1),\"\")","v":"2"},{"$f":"IFERROR(IF(LEN(D623)-LEN(SUBSTITUTE(D623,\".\",\"\"))<>3,\"\",MID(D623,SEARCH(\".\",D623,SEARCH(\".\",D623)+1)+1,LEN(D623)-SEARCH(\".\",D623,SEARCH(\".\",D623)+1)-(LEN(D623)-(SEARCH(\".\",D623,SEARCH(\".\",D623,SEARCH(\".\",D623)+1)+1)-1)))),\"\")","v":""},"7.2.1",{"$f":"IF($G623=\"SINAPI\",VLOOKUP($F623,DADOS_SINAPI,2,0),IF(G623=\"SETOP\",VLOOKUP($F623,DADOS_SETOP,2,0),IF(G623=\"CPU\",VLOOKUP($F623,DADOS_COMPOSICAO,2,0),IF(G623=\"SICRO\",VLOOKUP($F623,DADOS_SICRO,2,0),IF(G623=\"SUDECAP\",VLOOKUP(F623,DADOS_SUDECAP,2,0),IF(G623=\"COTAÇÃO\",VLOOKUP($F623,DADOS_COTACAO,2,0),\"\"))))))","v":"PORTA EM ALUMÍNIO COMPLETA, DIMENSÃO (120X210)CM, TIPO DE CORRER, COM DUAS (2) FOLHAS, LINHA 25/SUPREMA, ACABAMENTO ANODIZADO NATURAL, INCLUSIVE PERFIS, VIDRO, FERRAGENS E INSTALAÇÃO"},"ED-29485","SETOP",{"$f":"IF(G623=\"SINAPI\",VLOOKUP($F623,DADOS_SINAPI,3,0),IF(G623=\"SETOP\",VLOOKUP($F623,DADOS_SETOP,3,0),IF(G623=\"CPU\",VLOOKUP($F623,DADOS_COMPOSICAO,10,0),IF(G623=\"SICRO\",VLOOKUP($F623,DADOS_SICRO,3,0),IF(G623=\"SUDECAP\",VLOOKUP(F623,DADOS_SUDECAP,3,0),IF(G623=\"COTAÇÃO\",VLOOKUP($F623,DADOS_COTACAO,9,0),\"\"))))))","v":"un"},{"$f":"F626","v":1},{"$f":"TRUNC(IF(G623=\"SINAPI\",VLOOKUP($F623,DADOS_SINAPI,4,0),IF(G623=\"SETOP\",VLOOKUP($F623,DADOS_SETOP,4,0),IF(G623=\"CPU\",VLOOKUP($F623,DADOS_COMPOSICAO,13,0),IF(G623=\"SICRO\",VLOOKUP($F623,DADOS_SICRO,4,0),IF(G623=\"SUDECAP\",VLOOKUP(F623,DADOS_SUDECAP,4,0),IF(G623=\"COTAÇÃO\",VLOOKUP(F623,DADOS_COTACAO,12,0),\"\")))))),2)","v":1978.23},"BDI 1",{"$f":"TRUNC(J623*(1+$N$17),2)","v":2502.85},{"$f":"IFERROR(TRUNC(I623*J623,2),\"\")","v":1978.23},{"$f":"IFERROR(TRUNC(L623*I623,2),\"\")","v":2502.85}]
[2000]
[2000,null,null,null,"P05",1,"un"]
[2000,null,null,null,"Total",{"$f":"F625","v":1},{"$f":"G625","v":"un"}]
[2000]
[{"$f":"IFERROR(LEFT(D628,SEARCH(\".\",D628)-1),\"\")","v":"7"},{"$f":"IFERROR(LEFT(RIGHT(D628,LEN(D628)-SEARCH(\".\",D628)),SEARCH(\".\",RIGHT(D628,LEN(D628)-SEARCH(\".\",D628)))-1),\"\")","v":"2"},{"$f":"IFERROR(IF(LEN(D628)-LEN(SUBSTITUTE(D628,\".\",\"\"))<>3,\"\",MID(D628,SEARCH(\".\",D628,SEARCH(\".\",D628)+1)+1,LEN(D628)-SEARCH(\".\",D628,SEARCH(\".\",D628)+1)-(LEN(D628)-(SEARCH(\".\",D628,SEARCH(\".\",D628,SEARCH(\".\",D628)+1)+1)-1)))),\"\")","v":""},"7.2.2",{"$f":"IF($G628=\"SINAPI\",VLOOKUP($F628,DADOS_SINAPI,2,0),IF(G628=\"SETOP\",VLOOKUP($F628,DADOS_SETOP,2,0),IF(G628=\"CPU\",VLOOKUP($F628,DADOS_COMPOSICAO,2,0),IF(G628=\"SICRO\",VLOOKUP($F628,DADOS_SICRO,2,0),IF(G628=\"SUDECAP\",VLOOKUP(F628,DADOS_SUDECAP,2,0),IF(G628=\"COTAÇÃO\",VLOOKUP($F628,DADOS_COTACAO,2,0),\"\"))))))","v":"PORTA EM ALUMÍNIO DE CORRER COM FOLHA ÚNICA (90X210)CM COMPLETA, LINHA 25/SUPREMA, ACABAMENTO ANODIZADO NATURAL, INCLUSIVE PERFIS, VIDRO, FERRAGENS E INSTALAÇÃO"},"DAC-7.1","CPU",{"$f":"IF(G628=\"SINAPI\",VLOOKUP($F628,DADOS_SINAPI,3,0),IF(G628=\"SETOP\",VLOOKUP($F628,DADOS_SETOP,3,0),IF(G628=\"CPU\",VLOOKUP($F628,DADOS_COMPOSICAO,10,0),IF(G628=\"SICRO\",VLOOKUP($F628,DADOS_SICRO,3,0),IF(G628=\"SUDECAP\",VLOOKUP(F628,DADOS_SUDECAP,3,0),IF(G628=\"COTAÇÃO\",VLOOKUP($F628,DADOS_COTACAO,9,0),\"\"))))))","v":"UN"},{"$f":"F631","v":2},{"$f":"TRUNC(IF(G628=\"SINAPI\",VLOOKUP($F628,DADOS_SINAPI,4,0),IF(G628=\"SETOP\",VLOOKUP($F628,DADOS_SETOP,4,0),IF(G628=\"CPU\",VLOOKUP($F628,DADOS_COMPOSICAO,13,0),IF(G628=\"SICRO\",VLOOKUP($F628,DADOS_SICRO,4,0),IF(G628=\"SUDECAP\",VLOOKUP(F628,DADOS_SUDECAP,4,0),IF(G628=\"COTAÇÃO\",VLOOKUP(F628,DADOS_COTACAO,12,0),\"\")))))),2)","v":1433.4},"BDI 1",{"$f":"TRUNC(J628*(1+$N$17),2)","v":1813.53},{"$f":"IFERROR(TRUNC(I628*J628,2),\"\")","v":2866.8},{"$f":"IFERROR(TRUNC(L628*I628,2),\"\")","v":3627.06}]
[2000]
[2000,null,null,null,"P04",2,"un"]
[2000,null,null,null,"Total",{"$f":"F630","v":2},"un"]
[2000]
[{"$f":"IFERROR(LEFT(D633,SEARCH(\".\",D633)-1),\"\")","v":"7"},{"$f":"IFERROR(LEFT(RIGHT(D633,LEN(D633)-SEARCH(\".\",D633)),SEARCH(\".\",RIGHT(D633,LEN(D633)-SEARCH(\".\",D633)))-1),\"\")","v":"2"},{"$f":"IFERROR(IF(LEN(D633)-LEN(SUBSTITUTE(D633,\".\",\"\"))<>3,\"\",MID(D633,SEARCH(\".\",D633,SEARCH(\".\",D633)+1)+1,LEN(D633)-SEARCH(\".\",D633,SEARCH(\".\",D633)+1)-(LEN(D633)-(SEARCH(\".\",D633,SEARCH(\".\",D633,SEARCH(\".\",D633)+1)+1)-1)))),\"\")","v":""},"7.2.3",{"$f":"IF($G633=\"SINAPI\",VLOOKUP($F633,DADOS_SINAPI,2,0),IF(G633=\"SETOP\",VLOOKUP($F633,DADOS_SETOP,2,0),IF(G633=\"CPU\",VLOOKUP($F633,DADOS_COMPOSICAO,2,0),IF(G633=\"SICRO\",VLOOKUP($F633,DADOS_SICRO,2,0),IF(G633=\"SUDECAP\",VLOOKUP(F633,DADOS_SUDECAP,2,0),IF(G633=\"COTAÇÃO\",VLOOKUP($F633,DADOS_COTACAO,2,0),\"\"))))))","v":"PORTÃO EM TUBO DE AÇO GALVANIZADO COM COSTURA, DIÂMETRO DE 1.1/2\" (38,1MM), ESP. 2MM, COM TELA QUADRICULADA ONDULADA, TRAMA DE 1/2\" (12,70MM), FIO 12 (2,77MM), EXCLUSIVE CADEADO E PINTURA"},"ED-50986","SETOP",{"$f":"IF(G633=\"SINAPI\",VLOOKUP($F633,DADOS_SINAPI,3,0),IF(G633=\"SETOP\",VLOOKUP($F633,DADOS_SETOP,3,0),IF(G633=\"CPU\",VLOOKUP($F633,DADOS_COMPOSICAO,10,0),IF(G633=\"SICRO\",VLOOKUP($F633,DADOS_SICRO,3,0),IF(G633=\"SUDECAP\",VLOOKUP(F633,DADOS_SUDECAP,3,0),IF(G633=\"COTAÇÃO\",VLOOKUP($F633,DADOS_COTACAO,9,0),\"\"))))))","v":"m2"},{"$f":"F637","v":4.3100000000000005},{"$f":"TRUNC(IF(G633=\"SINAPI\",VLOOKUP($F633,DADOS_SINAPI,4,0),IF(G633=\"SETOP\",VLOOKUP($F633,DADOS_SETOP,4,0),IF(G633=\"CPU\",VLOOKUP($F633,DADOS_COMPOSICAO,13,0),IF(G633=\"SICRO\",VLOOKUP($F633,DADOS_SICRO,4,0),IF(G633=\"SUDECAP\",VLOOKUP(F633,DADOS_SUDECAP,4,0),IF(G633=\"COTAÇÃO\",VLOOKUP(F633,DADOS_COTACAO,12,0),\"\")))))),2)","v":572.48},"BDI 1",{"$f":"TRUNC(J633*(1+$N$17),2)","v":724.3},{"$f":"IFERROR(TRUNC(I633*J633,2),\"\")","v":2467.38},{"$f":"IFERROR(TRUNC(L633*I633,2),\"\")","v":3121.73}]
[2000]
[2000,null,null,null,"P07",{"$f":"2.1*1.1","v":2.3100000000000005},"m²"]
[2000,null,null,null,"P08",{"$f":"2*1","v":2},"m²"]
[2000,null,null,null,"Total",{"$f":"SUM(F635:F636)","v":4.3100000000000005},"m²"]
[2000]
[{"$f":"IFERROR(LEFT(D639,SEARCH(\".\",D639)-1),\"\")","v":"7"},{"$f":"IFERROR(LEFT(RIGHT(D639,LEN(D639)-SEARCH(\".\",D639)),SEARCH(\".\",RIGHT(D639,LEN(D639)-SEARCH(\".\",D639)))-1),\"\")","v":"2"},{"$f":"IFERROR(IF(LEN(D639)-LEN(SUBSTITUTE(D639,\".\",\"\"))<>3,\"\",MID(D639,SEARCH(\".\",D639,SEARCH(\".\",D639)+1)+1,LEN(D639)-SEARCH(\".\",D639,SEARCH(\".\",D639)+1)-(LEN(D639)-(SEARCH(\".\",D639,SEARCH(\".\",D639,SEARCH(\".\",D639)+1)+1)-1)))),\"\")","v":""},"7.2.4",{"$f":"IF($G639=\"SINAPI\",VLOOKUP($F639,DADOS_SINAPI,2,0),IF(G639=\"SETOP\",VLOOKUP($F639,DADOS_SETOP,2,0),IF(G639=\"CPU\",VLOOKUP($F639,DADOS_COMPOSICAO,2,0),IF(G639=\"SICRO\",VLOOKUP($F639,DADOS_SICRO,2,0),IF(G639=\"SUDECAP\",VLOOKUP(F639,DADOS_SUDECAP,2,0),IF(G639=\"COTAÇÃO\",VLOOKUP($F639,DADOS_COTACAO,2,0),\"\"))))))","v":"PORTA VENEZIANA EM ALUMÍNIO COMPLETA, DIMENSÃO (80X210)CM, TIPO DE ABRIR, COM UMA (1) FOLHA, LINHA 25/SUPREMA, ACABAMENTO ANODIZADO NATURAL, INCLUSIVE PERFIS, FERRAGENS E INSTALAÇÃO"},"ED-29479","SETOP",{"$f":"IF(G639=\"SINAPI\",VLOOKUP($F639,DADOS_SINAPI,3,0),IF(G639=\"SETOP\",VLOOKUP($F639,DADOS_SETOP,3,0),IF(G639=\"CPU\",VLOOKUP($F639,DADOS_COMPOSICAO,10,0),IF(G639=\"SICRO\",VLOOKUP($F639,DADOS_SICRO,3,0),IF(G639=\"SUDECAP\",VLOOKUP(F639,DADOS_SUDECAP,3,0),IF(G639=\"COTAÇÃO\",VLOOKUP($F639,DADOS_COTACAO,9,0),\"\"))))))","v":"un"},{"$f":"F642","v":1},{"$f":"TRUNC(IF(G639=\"SINAPI\",VLOOKUP($F639,DADOS_SINAPI,4,0),IF(G639=\"SETOP\",VLOOKUP($F639,DADOS_SETOP,4,0),IF(G639=\"CPU\",VLOOKUP($F639,DADOS_COMPOSICAO,13,0),IF(G639=\"SICRO\",VLOOKUP($F639,DADOS_SICRO,4,0),IF(G639=\"SUDECAP\",VLOOKUP(F639,DADOS_SUDECAP,4,0),IF(G639=\"COTAÇÃO\",VLOOKUP(F639,DADOS_COTACAO,12,0),\"\")))))),2)","v":1812.47},"BDI 1",{"$f":"TRUNC(J639*(1+$N$17),2)","v":2293.13},{"$f":"IFERROR(TRUNC(I639*J639,2),\"\")","v":1812.47},{"$f":"IFERROR(TRUNC(L639*I639,2),\"\")","v":2293.13}]
[2000]
[2000,null,null,null,"P02",1,"un"]
[2000,null,null,null,"Total",{"$f":"F641","v":1},"un"]
[2000]
[{"$f":"IFERROR(LEFT(D644,SEARCH(\".\",D644)-1),\"\")","v":"7"},{"$f":"IFERROR(LEFT(RIGHT(D644,LEN(D644)-SEARCH(\".\",D644)),SEARCH(\".\",RIGHT(D644,LEN(D644)-SEARCH(\".\",D644)))-1),\"\")","v":"2"},{"$f":"IFERROR(IF(LEN(D644)-LEN(SUBSTITUTE(D644,\".\",\"\"))<>3,\"\",MID(D644,SEARCH(\".\",D644,SEARCH(\".\",D644)+1)+1,LEN(D644)-SEARCH(\".\",D644,SEARCH(\".\",D644)+1)-(LEN(D644)-(SEARCH(\".\",D644,SEARCH(\".\",D644,SEARCH(\".\",D644)+1)+1)-1)))),\"\")","v":""},"7.2.5",{"$f":"IF($G644=\"SINAPI\",VLOOKUP($F644,DADOS_SINAPI,2,0),IF(G644=\"SETOP\",VLOOKUP($F644,DADOS_SETOP,2,0),IF(G644=\"CPU\",VLOOKUP($F644,DADOS_COMPOSICAO,2,0),IF(G644=\"SICRO\",VLOOKUP($F644,DADOS_SICRO,2,0),IF(G644=\"SUDECAP\",VLOOKUP(F644,DADOS_SUDECAP,2,0),IF(G644=\"COTAÇÃO\",VLOOKUP($F644,DADOS_COTACAO,2,0),\"\"))))))","v":"PORTA EM ALUMÍNIO DE ABRIR TIPO VENEZIANA, FIXAÇÃO COM PARAFUSOS - FORNECIMENTO E INSTALAÇÃO."},"DAC-7.3","CPU",{"$f":"IF(G644=\"SINAPI\",VLOOKUP($F644,DADOS_SINAPI,3,0),IF(G644=\"SETOP\",VLOOKUP($F644,DADOS_SETOP,3,0),IF(G644=\"CPU\",VLOOKUP($F644,DADOS_COMPOSICAO,10,0),IF(G644=\"SICRO\",VLOOKUP($F644,DADOS_SICRO,3,0),IF(G644=\"SUDECAP\",VLOOKUP(F644,DADOS_SUDECAP,3,0),IF(G644=\"COTAÇÃO\",VLOOKUP($F644,DADOS_COTACAO,9,0),\"\"))))))","v":"M2"},{"$f":"F648","v":9.8999999999999986},{"$f":"TRUNC(IF(G644=\"SINAPI\",VLOOKUP($F644,DADOS_SINAPI,4,0),IF(G644=\"SETOP\",VLOOKUP($F644,DADOS_SETOP,4,0),IF(G644=\"CPU\",VLOOKUP($F644,DADOS_COMPOSICAO,13,0),IF(G644=\"SICRO\",VLOOKUP($F644,DADOS_SICRO,4,0),IF(G644=\"SUDECAP\",VLOOKUP(F644,DADOS_SUDECAP,4,0),IF(G644=\"COTAÇÃO\",VLOOKUP(F644,DADOS_COTACAO,12,0),\"\")))))),2)","v":479.2},"BDI 1",{"$f":"TRUNC(J644*(1+$N$17),2)","v":606.28},{"$f":"IFERROR(TRUNC(I644*J644,2),\"\")","v":4744.08},{"$f":"IFERROR(TRUNC(L644*I644,2),\"\")","v":6002.17}]
[2000]
[2000,null,null,null,"P01",{"$f":"0.6*1.5*8","v":7.1999999999999993},"m²"]
[2000,null,null,null,"P06",{"$f":"0.9*1.5*2","v":2.7},"m²"]
[2000,null,null,null,"Total",{"$f":"SUM(F646:F647)","v":9.8999999999999986},"m²"]
[2000]
[{"$f":"IFERROR(LEFT(D650,SEARCH(\".\",D650)-1),\"\")","v":"7"},{"$f":"IFERROR(LEFT(RIGHT(D650,LEN(D650)-SEARCH(\".\",D650)),SEARCH(\".\",RIGHT(D650,LEN(D650)-SEARCH(\".\",D650)))-1),\"\")","v":"2"},{"$f":"IFERROR(IF(LEN(D650)-LEN(SUBSTITUTE(D650,\".\",\"\"))<>3,\"\",MID(D650,SEARCH(\".\",D650,SEARCH(\".\",D650)+1)+1,LEN(D650)-SEARCH(\".\",D650,SEARCH(\".\",D650)+1)-(LEN(D650)-(SEARCH(\".\",D650,SEARCH(\".\",D650,SEARCH(\".\",D650)+1)+1)-1)))),\"\")","v":""},"7.2.6",{"$f":"IF($G650=\"SINAPI\",VLOOKUP($F650,DADOS_SINAPI,2,0),IF(G650=\"SETOP\",VLOOKUP($F650,DADOS_SETOP,2,0),IF(G650=\"CPU\",VLOOKUP($F650,DADOS_COMPOSICAO,2,0),IF(G650=\"SICRO\",VLOOKUP($F650,DADOS_SICRO,2,0),IF(G650=\"SUDECAP\",VLOOKUP(F650,DADOS_SUDECAP,2,0),IF(G650=\"COTAÇÃO\",VLOOKUP($F650,DADOS_COTACAO,2,0),\"\"))))))","v":"PORTA VENEZIANA EM ALUMÍNIO COMPLETA, DIMENSÃO (90X210)CM, TIPO DE ABRIR, COM UMA (1) FOLHA, LINHA 25/SUPREMA, ACABAMENTO ANODIZADO NATURAL, INCLUSIVE PERFIS, FERRAGENS E INSTALAÇÃO"},"ED-29480","SETOP",{"$f":"IF(G650=\"SINAPI\",VLOOKUP($F650,DADOS_SINAPI,3,0),IF(G650=\"SETOP\",VLOOKUP($F650,DADOS_SETOP,3,0),IF(G650=\"CPU\",VLOOKUP($F650,DADOS_COMPOSICAO,10,0),IF(G650=\"SICRO\",VLOOKUP($F650,DADOS_SICRO,3,0),IF(G650=\"SUDECAP\",VLOOKUP(F650,DADOS_SUDECAP,3,0),IF(G650=\"COTAÇÃO\",VLOOKUP($F650,DADOS_COTACAO,9,0),\"\"))))))","v":"un"},{"$f":"F653","v":3},{"$f":"TRUNC(IF(G650=\"SINAPI\",VLOOKUP($F650,DADOS_SINAPI,4,0),IF(G650=\"SETOP\",VLOOKUP($F650,DADOS_SETOP,4,0),IF(G650=\"CPU\",VLOOKUP($F650,DADOS_COMPOSICAO,13,0),IF(G650=\"SICRO\",VLOOKUP($F650,DADOS_SICRO,4,0),IF(G650=\"SUDECAP\",VLOOKUP(F650,DADOS_SUDECAP,4,0),IF(G650=\"COTAÇÃO\",VLOOKUP(F650,DADOS_COTACAO,12,0),\"\")))))),2)","v":1954.64},"BDI 1",{"$f":"TRUNC(J650*(1+$N$17),2)","v":2473.0100000000002},{"$f":"IFERROR(TRUNC(I650*J650,2),\"\")","v":5863.92},{"$f":"IFERROR(TRUNC(L650*I650,2),\"\")","v":7419.03}]
[2000]
[2000,null,null,null,"P09",3,"un"]
[2000,null,null,null,"Total",{"$f":"F652","v":3},"un"]
[2000]
[null,null,null,"7.3","JANELAS METÁLICAS",null,null,null,null,null,null,null,{"$f":"IFERROR(SUMIFS(M:M,A:A,LEFT(D655,SEARCH(\".\",D655)-1),B:B,RIGHT(D655,LEN(D655)-SEARCH(\".\",D655))),\"\")","v":39217.920000000006},{"$f":"IFERROR(SUMIFS(N:N,A:A,LEFT(D655,SEARCH(\".\",D655)-1),B:B,RIGHT(D655,LEN(D655)-SEARCH(\".\",D655))),\"\")","v":49618.32}]
[{"$f":"IFERROR(LEFT(D656,SEARCH(\".\",D656)-1),\"\")","v":"7"},{"$f":"IFERROR(LEFT(RIGHT(D656,LEN(D656)-SEARCH(\".\",D656)),SEARCH(\".\",RIGHT(D656,LEN(D656)-SEARCH(\".\",D656)))-1),\"\")","v":"3"},{"$f":"IFERROR(IF(LEN(D656)-LEN(SUBSTITUTE(D656,\".\",\"\"))<>3,\"\",MID(D656,SEARCH(\".\",D656,SEARCH(\".\",D656)+1)+1,LEN(D656)-SEARCH(\".\",D656,SEARCH(\".\",D656)+1)-(LEN(D656)-(SEARCH(\".\",D656,SEARCH(\".\",D656,SEARCH(\".\",D656)+1)+1)-1)))),\"\")","v":""},"7.3.1",{"$f":"IF($G656=\"SINAPI\",VLOOKUP($F656,DADOS_SINAPI,2,0),IF(G656=\"SETOP\",VLOOKUP($F656,DADOS_SETOP,2,0),IF(G656=\"CPU\",VLOOKUP($F656,DADOS_COMPOSICAO,2,0),IF(G656=\"SICRO\",VLOOKUP($F656,DADOS_SICRO,2,0),IF(G656=\"SUDECAP\",VLOOKUP(F656,DADOS_SUDECAP,2,0),IF(G656=\"COTAÇÃO\",VLOOKUP($F656,DADOS_COTACAO,2,0),\"\"))))))","v":"JANELA EM ALUMÍNIO DE CORRER COM 2 FOLHAS, LINHA 25/SUPREMA, ACABAMENTO ANODIZADO NATURAL, INCLUSIVE PERFIS, VIDRO 4MM E INSTALAÇÃO, EXCLUSIVE FERRAGENS PARA JANELA DE ALUMÍNIO DE CORRER"},"ED-29484","SETOP",{"$f":"IF(G656=\"SINAPI\",VLOOKUP($F656,DADOS_SINAPI,3,0),IF(G656=\"SETOP\",VLOOKUP($F656,DADOS_SETOP,3,0),IF(G656=\"CPU\",VLOOKUP($F656,DADOS_COMPOSICAO,10,0),IF(G656=\"SICRO\",VLOOKUP($F656,DADOS_SICRO,3,0),IF(G656=\"SUDECAP\",VLOOKUP(F656,DADOS_SUDECAP,3,0),IF(G656=\"COTAÇÃO\",VLOOKUP($F656,DADOS_COTACAO,9,0),\"\"))))))","v":"m2"},{"$f":"F661","v":34.5},{"$f":"TRUNC(IF(G656=\"SINAPI\",VLOOKUP($F656,DADOS_SINAPI,4,0),IF(G656=\"SETOP\",VLOOKUP($F656,DADOS_SETOP,4,0),IF(G656=\"CPU\",VLOOKUP($F656,DADOS_COMPOSICAO,13,0),IF(G656=\"SICRO\",VLOOKUP($F656,DADOS_SICRO,4,0),IF(G656=\"SUDECAP\",VLOOKUP(F656,DADOS_SUDECAP,4,0),IF(G656=\"COTAÇÃO\",VLOOKUP(F656,DADOS_COTACAO,12,0),\"\")))))),2)","v":875.51},"BDI 1",{"$f":"TRUNC(J656*(1+$N$17),2)","v":1107.69},{"$f":"IFERROR(TRUNC(I656*J656,2),\"\")","v":30205.09},38215.31]
[2000]
[2000,null,null,null,"J04",{"$f":"1.8*0.9","v":1.62},"m²"]
[2000,null,null,null,"J05",{"$f":"1.8*1.2*5","v":10.8},"m²"]
[2000,null,null,null,"J06",{"$f":"2.3*1.2*8","v":22.08},"m²"]
[2000,null,null,null,"Total",{"$f":"SUM(F658:F660)","v":34.5},"m²"]
[2000]
[{"$f":"IFERROR(LEFT(D663,SEARCH(\".\",D663)-1),\"\")","v":"7"},{"$f":"IFERROR(LEFT(RIGHT(D663,LEN(D663)-SEARCH(\".\",D663)),SEARCH(\".\",RIGHT(D663,LEN(D663)-SEARCH(\".\",D663)))-1),\"\")","v":"3"},{"$f":"IFERROR(IF(LEN(D663)-LEN(SUBSTITUTE(D663,\".\",\"\"))<>3,\"\",MID(D663,SEARCH(\".\",D663,SEARCH(\".\",D663)+1)+1,LEN(D663)-SEARCH(\".\",D663,SEARCH(\".\",D663)+1)-(LEN(D663)-(SEARCH(\".\",D663,SEARCH(\".\",D663,SEARCH(\".\",D663)+1)+1)-1)))),\"\")","v":""},"7.3.2",{"$f":"IF($G663=\"SINAPI\",VLOOKUP($F663,DADOS_SINAPI,2,0),IF(G663=\"SETOP\",VLOOKUP($F663,DADOS_SETOP,2,0),IF(G663=\"CPU\",VLOOKUP($F663,DADOS_COMPOSICAO,2,0),IF(G663=\"SICRO\",VLOOKUP($F663,DADOS_SICRO,2,0),IF(G663=\"SUDECAP\",VLOOKUP(F663,DADOS_SUDECAP,2,0),IF(G663=\"COTAÇÃO\",VLOOKUP($F663,DADOS_COTACAO,2,0),\"\"))))))","v":"JANELA EM ALUMÍNIO MÁXIM-AR COM ALTURA DE 60CM, LINHA 25/SUPREMA, ACABAMENTO ANODIZADO NATURAL, INCLUSIVE PERFIS, VIDRO LISO 4MM E INSTALAÇÃO, EXCLUSIVE FERRAGENS PARA MÓDULO DE JANELA DE ALUMÍNIO MÁXIM-AR"},"ED-29481","SETOP",{"$f":"IF(G663=\"SINAPI\",VLOOKUP($F663,DADOS_SINAPI,3,0),IF(G663=\"SETOP\",VLOOKUP($F663,DADOS_SETOP,3,0),IF(G663=\"CPU\",VLOOKUP($F663,DADOS_COMPOSICAO,10,0),IF(G663=\"SICRO\",VLOOKUP($F663,DADOS_SICRO,3,0),IF(G663=\"SUDECAP\",VLOOKUP(F663,DADOS_SUDECAP,3,0),IF(G663=\"COTAÇÃO\",VLOOKUP($F663,DADOS_COTACAO,9,0),\"\"))))))","v":"m2"},{"$f":"F667","v":6.96},{"$f":"TRUNC(IF(G663=\"SINAPI\",VLOOKUP($F663,DADOS_SINAPI,4,0),IF(G663=\"SETOP\",VLOOKUP($F663,DADOS_SETOP,4,0),IF(G663=\"CPU\",VLOOKUP($F663,DADOS_COMPOSICAO,13,0),IF(G663=\"SICRO\",VLOOKUP($F663,DADOS_SICRO,4,0),IF(G663=\"SUDECAP\",VLOOKUP(F663,DADOS_SUDECAP,4,0),IF(G663=\"COTAÇÃO\",VLOOKUP(F663,DADOS_COTACAO,12,0),\"\")))))),2)","v":1023.62},"BDI 1",{"$f":"TRUNC(J663*(1+$N$17),2)","v":1295.08},{"$f":"IFERROR(TRUNC(I663*J663,2),\"\")","v":7124.39},9013.76]
[2000]
[2000,null,null,null,"J01",{"$f":"1*0.6*2","v":1.2},"m²"]
[2000,null,null,null,"J02",{"$f":"8*1.2*0.6","v":5.76},"m²"]
[2000,null,null,null,"Total",{"$f":"SUM(F665:F666)","v":6.96},"m²"]
[2000]
[{"$f":"IFERROR(LEFT(D669,SEARCH(\".\",D669)-1),\"\")","v":"7"},{"$f":"IFERROR(LEFT(RIGHT(D669,LEN(D669)-SEARCH(\".\",D669)),SEARCH(\".\",RIGHT(D669,LEN(D669)-SEARCH(\".\",D669)))-1),\"\")","v":"3"},{"$f":"IFERROR(IF(LEN(D669)-LEN(SUBSTITUTE(D669,\".\",\"\"))<>3,\"\",MID(D669,SEARCH(\".\",D669,SEARCH(\".\",D669)+1)+1,LEN(D669)-SEARCH(\".\",D669,SEARCH(\".\",D669)+1)-(LEN(D669)-(SEARCH(\".\",D669,SEARCH(\".\",D669,SEARCH(\".\",D669)+1)+1)-1)))),\"\")","v":""},"7.3.3",{"$f":"IF($G669=\"SINAPI\",VLOOKUP($F669,DADOS_SINAPI,2,0),IF(G669=\"SETOP\",VLOOKUP($F669,DADOS_SETOP,2,0),IF(G669=\"CPU\",VLOOKUP($F669,DADOS_COMPOSICAO,2,0),IF(G669=\"SICRO\",VLOOKUP($F669,DADOS_SICRO,2,0),IF(G669=\"SUDECAP\",VLOOKUP(F669,DADOS_SUDECAP,2,0),IF(G669=\"COTAÇÃO\",VLOOKUP($F669,DADOS_COTACAO,2,0),\"\"))))))","v":"JANELA AÇO DE ENROLAR, INCLUSIVE EIXO, MOLA, SOLEIRA, ETIQUETA, CAVALETE E GUIAS, FITAS E FECHADURAS LATERAIS "},"DAC-7.2","CPU",{"$f":"IF(G669=\"SINAPI\",VLOOKUP($F669,DADOS_SINAPI,3,0),IF(G669=\"SETOP\",VLOOKUP($F669,DADOS_SETOP,3,0),IF(G669=\"CPU\",VLOOKUP($F669,DADOS_COMPOSICAO,10,0),IF(G669=\"SICRO\",VLOOKUP($F669,DADOS_SICRO,3,0),IF(G669=\"SUDECAP\",VLOOKUP(F669,DADOS_SUDECAP,3,0),IF(G669=\"COTAÇÃO\",VLOOKUP($F669,DADOS_COTACAO,9,0),\"\"))))))","v":"UN"},{"$f":"F672","v":2.88},{"$f":"TRUNC(IF(G669=\"SINAPI\",VLOOKUP($F669,DADOS_SINAPI,4,0),IF(G669=\"SETOP\",VLOOKUP($F669,DADOS_SETOP,4,0),IF(G669=\"CPU\",VLOOKUP($F669,DADOS_COMPOSICAO,13,0),IF(G669=\"SICRO\",VLOOKUP($F669,DADOS_SICRO,4,0),IF(G669=\"SUDECAP\",VLOOKUP(F669,DADOS_SUDECAP,4,0),IF(G669=\"COTAÇÃO\",VLOOKUP(F669,DADOS_COTACAO,12,0),\"\")))))),2)","v":655.71},"BDI 1",{"$f":"TRUNC(J669*(1+$N$17),2)","v":829.6},{"$f":"IFERROR(TRUNC(I669*J669,2),\"\")","v":1888.44},2389.25]
[2000]
[2000,null,null,null,"J03",{"$f":"1.2*1.2*2","v":2.88},"m²"]
[2000,null,null,null,"Total",{"$f":"SUM(F671:F671)","v":2.88},"m²"]
[2000]
[null,null,null,"7.4","VERGAS E CONTRAVERGAS",null,null,null,null,null,null,null,{"$f":"IFERROR(SUMIFS(M:M,A:A,LEFT(D674,SEARCH(\".\",D674)-1),B:B,RIGHT(D674,LEN(D674)-SEARCH(\".\",D674))),\"\")","v":8968.42},{"$f":"IFERROR(SUMIFS(N:N,A:A,LEFT(D674,SEARCH(\".\",D674)-1),B:B,RIGHT(D674,LEN(D674)-SEARCH(\".\",D674))),\"\")","v":11345.99}]
[{"$f":"IFERROR(LEFT(D675,SEARCH(\".\",D675)-1),\"\")","v":"7"},{"$f":"IFERROR(LEFT(RIGHT(D675,LEN(D675)-SEARCH(\".\",D675)),SEARCH(\".\",RIGHT(D675,LEN(D675)-SEARCH(\".\",D675)))-1),\"\")","v":"4"},{"$f":"IFERROR(IF(LEN(D675)-LEN(SUBSTITUTE(D675,\".\",\"\"))<>3,\"\",MID(D675,SEARCH(\".\",D675,SEARCH(\".\",D675)+1)+1,LEN(D675)-SEARCH(\".\",D675,SEARCH(\".\",D675)+1)-(LEN(D675)-(SEARCH(\".\",D675,SEARCH(\".\",D675,SEARCH(\".\",D675)+1)+1)-1)))),\"\")","v":""},"7.4.1",{"$f":"IF($G675=\"SINAPI\",VLOOKUP($F675,DADOS_SINAPI,2,0),IF(G675=\"SETOP\",VLOOKUP($F675,DADOS_SETOP,2,0),IF(G675=\"CPU\",VLOOKUP($F675,DADOS_COMPOSICAO,2,0),IF(G675=\"SICRO\",VLOOKUP($F675,DADOS_SICRO,2,0),IF(G675=\"SUDECAP\",VLOOKUP(F675,DADOS_SUDECAP,2,0),IF(G675=\"COTAÇÃO\",VLOOKUP($F675,DADOS_COTACAO,2,0),\"\"))))))","v":"VERGA MOLDADA IN LOCO COM UTILIZAÇÃO DE BLOCOS CANALETA, ESPESSURA DE *15* CM. AF_03/2024"},105025,"SINAPI",{"$f":"IF(G675=\"SINAPI\",VLOOKUP($F675,DADOS_SINAPI,3,0),IF(G675=\"SETOP\",VLOOKUP($F675,DADOS_SETOP,3,0),IF(G675=\"CPU\",VLOOKUP($F675,DADOS_COMPOSICAO,10,0),IF(G675=\"SICRO\",VLOOKUP($F675,DADOS_SICRO,3,0),IF(G675=\"SUDECAP\",VLOOKUP(F675,DADOS_SUDECAP,3,0),IF(G675=\"COTAÇÃO\",VLOOKUP($F675,DADOS_COTACAO,9,0),\"\"))))))","v":"M"},{"$f":"F688","v":94.1},{"$f":"TRUNC(IF(G675=\"SINAPI\",VLOOKUP($F675,DADOS_SINAPI,4,0),IF(G675=\"SETOP\",VLOOKUP($F675,DADOS_SETOP,4,0),IF(G675=\"CPU\",VLOOKUP($F675,DADOS_COMPOSICAO,13,0),IF(G675=\"SICRO\",VLOOKUP($F675,DADOS_SICRO,4,0),IF(G675=\"SUDECAP\",VLOOKUP(F675,DADOS_SUDECAP,4,0),IF(G675=\"COTAÇÃO\",VLOOKUP(F675,DADOS_COTACAO,12,0),\"\")))))),2)","v":59.95},"BDI 1",{"$f":"TRUNC(J675*(1+$N$17),2)","v":75.84},{"$f":"IFERROR(TRUNC(I675*J675,2),\"\")","v":5641.29},{"$f":"IFERROR(TRUNC(L675*I675,2),\"\")","v":7136.54}]
[2000]
[2000,null,null,null,"P02",{"$f":"(1.8*1)","v":1.8},"m"]
[2000,null,null,null,"P03",{"$f":"6*1.9","v":11.399999999999999},"m"]
[2000,null,null,null,"P04",{"$f":"2*1.9","v":3.8},"m"]
[2000,null,null,null,"P05",{"$f":"1*2.2","v":2.2000000000000002},"m"]
[2000,null,null,null,"P09",{"$f":"3*1.9","v":5.6999999999999993},"m"]
[2000,null,null,null,"J01",{"$f":"2*2","v":4},"m"]
[2000,null,null,null,"J02",{"$f":"2.2*8","v":17.600000000000001},"m"]
[2000,null,null,null,"J03",{"$f":"2.2*2","v":4.4000000000000004},"m"]
[2000,null,null,null,"J04",{"$f":"2.8*1","v":2.8},"m"]
[2000,null,null,null,"J05",{"$f":"2.8*5","v":14},"m"]
[2000,null,null,null,"J06",{"$f":"3.3*8","v":26.4},"m"]
[2000,null,null,null,"Total",{"$f":"SUM(F677:F687)","v":94.1},{"$f":"G687","v":"m"}]
[2000]
[{"$f":"IFERROR(LEFT(D690,SEARCH(\".\",D690)-1),\"\")","v":"7"},{"$f":"IFERROR(LEFT(RIGHT(D690,LEN(D690)-SEARCH(\".\",D690)),SEARCH(\".\",RIGHT(D690,LEN(D690)-SEARCH(\".\",D690)))-1),\"\")","v":"4"},{"$f":"IFERROR(IF(LEN(D690)-LEN(SUBSTITUTE(D690,\".\",\"\"))<>3,\"\",MID(D690,SEARCH(\".\",D690,SEARCH(\".\",D690)+1)+1,LEN(D690)-SEARCH(\".\",D690,SEARCH(\".\",D690)+1)-(LEN(D690)-(SEARCH(\".\",D690,SEARCH(\".\",D690,SEARCH(\".\",D690)+1)+1)-1)))),\"\")","v":""},"7.4.2",{"$f":"IF($G690=\"SINAPI\",VLOOKUP($F690,DADOS_SINAPI,2,0),IF(G690=\"SETOP\",VLOOKUP($F690,DADOS_SETOP,2,0),IF(G690=\"CPU\",VLOOKUP($F690,DADOS_COMPOSICAO,2,0),IF(G690=\"SICRO\",VLOOKUP($F690,DADOS_SICRO,2,0),IF(G690=\"SUDECAP\",VLOOKUP(F690,DADOS_SUDECAP,2,0),IF(G690=\"COTAÇÃO\",VLOOKUP($F690,DADOS_COTACAO,2,0),\"\"))))))","v":"CONTRAVERGA MOLDADA IN LOCO COM UTILIZAÇÃO DE BLOCOS CANALETA, ESPESSURA DE *15* CM. AF_03/2024"},105031,"SINAPI",{"$f":"IF(G690=\"SINAPI\",VLOOKUP($F690,DADOS_SINAPI,3,0),IF(G690=\"SETOP\",VLOOKUP($F690,DADOS_SETOP,3,0),IF(G690=\"CPU\",VLOOKUP($F690,DADOS_COMPOSICAO,10,0),IF(G690=\"SICRO\",VLOOKUP($F690,DADOS_SICRO,3,0),IF(G690=\"SUDECAP\",VLOOKUP(F690,DADOS_SUDECAP,3,0),IF(G690=\"COTAÇÃO\",VLOOKUP($F690,DADOS_COTACAO,9,0),\"\"))))))","v":"M"},{"$f":"F698","v":69.199999999999989},{"$f":"TRUNC(IF(G690=\"SINAPI\",VLOOKUP($F690,DADOS_SINAPI,4,0),IF(G690=\"SETOP\",VLOOKUP($F690,DADOS_SETOP,4,0),IF(G690=\"CPU\",VLOOKUP($F690,DADOS_COMPOSICAO,13,0),IF(G690=\"SICRO\",VLOOKUP($F690,DADOS_SICRO,4,0),IF(G690=\"SUDECAP\",VLOOKUP(F690,DADOS_SUDECAP,4,0),IF(G690=\"COTAÇÃO\",VLOOKUP(F690,DADOS_COTACAO,12,0),\"\")))))),2)","v":48.08},"BDI 1",{"$f":"TRUNC(J690*(1+$N$17),2)","v":60.83},{"$f":"IFERROR(TRUNC(I690*J690,2),\"\")","v":3327.13},4209.45]
[2000]
[2000,null,null,null,"J01",{"$f":"2*2","v":4},"m"]
[2000,null,null,null,"J02",{"$f":"2.2*8","v":17.600000000000001},"m"]
[2000,null,null,null,"J03",{"$f":"2.2*2","v":4.4000000000000004},"m"]
[2000,null,null,null,"J04",{"$f":"2.8*1","v":2.8},"m"]
[2000,null,null,null,"J05",{"$f":"2.8*5","v":14},"m"]
[2000,null,null,null,"J06",{"$f":"3.3*8","v":26.4},"m"]
[2000,null,null,null,"Total",{"$f":"SUM(F692:F697)","v":69.199999999999989},{"$f":"G692","v":"m"}]
[2000]
[null,null,null,"7.5","ACABAMENTOS",null,null,null,null,null,null,null,{"$f":"IFERROR(SUMIFS(M:M,A:A,LEFT(D700,SEARCH(\".\",D700)-1),B:B,RIGHT(D700,LEN(D700)-SEARCH(\".\",D700))),\"\")","v":7660.48},{"$f":"IFERROR(SUMIFS(N:N,A:A,LEFT(D700,SEARCH(\".\",D700)-1),B:B,RIGHT(D700,LEN(D700)-SEARCH(\".\",D700))),\"\")","v":9693.82}]
[{"$f":"IFERROR(LEFT(D701,SEARCH(\".\",D701)-1),\"\")","v":"7"},{"$f":"IFERROR(LEFT(RIGHT(D701,LEN(D701)-SEARCH(\".\",D701)),SEARCH(\".\",RIGHT(D701,LEN(D701)-SEARCH(\".\",D701)))-1),\"\")","v":"5"},{"$f":"IFERROR(IF(LEN(D701)-LEN(SUBSTITUTE(D701,\".\",\"\"))<>3,\"\",MID(D701,SEARCH(\".\",D701,SEARCH(\".\",D701)+1)+1,LEN(D701)-SEARCH(\".\",D701,SEARCH(\".\",D701)+1)-(LEN(D701)-(SEARCH(\".\",D701,SEARCH(\".\",D701,SEARCH(\".\",D701)+1)+1)-1)))),\"\")","v":""},"7.5.1",{"$f":"IF($G701=\"SINAPI\",VLOOKUP($F701,DADOS_SINAPI,2,0),IF(G701=\"SETOP\",VLOOKUP($F701,DADOS_SETOP,2,0),IF(G701=\"CPU\",VLOOKUP($F701,DADOS_COMPOSICAO,2,0),IF(G701=\"SICRO\",VLOOKUP($F701,DADOS_SICRO,2,0),IF(G701=\"SUDECAP\",VLOOKUP(F701,DADOS_SUDECAP,2,0),IF(G701=\"COTAÇÃO\",VLOOKUP($F701,DADOS_COTACAO,2,0),\"\"))))))","v":"PINTURA ESMALTE BASE SOLVENTE EM ESTRUTURA METÁLICA, DUAS (2) DEMÃOS, COM APLICAÇÃO MANUAL, INCLUSIVE UMA (1) DEMÃO FUNDO GALVANIZADO"},"ED-50497","SETOP",{"$f":"IF(G701=\"SINAPI\",VLOOKUP($F701,DADOS_SINAPI,3,0),IF(G701=\"SETOP\",VLOOKUP($F701,DADOS_SETOP,3,0),IF(G701=\"CPU\",VLOOKUP($F701,DADOS_COMPOSICAO,10,0),IF(G701=\"SICRO\",VLOOKUP($F701,DADOS_SICRO,3,0),IF(G701=\"SUDECAP\",VLOOKUP(F701,DADOS_SUDECAP,3,0),IF(G701=\"COTAÇÃO\",VLOOKUP($F701,DADOS_COTACAO,9,0),\"\"))))))","v":"m2"},{"$f":"F717","v":71.167999999999992},{"$f":"TRUNC(IF(G701=\"SINAPI\",VLOOKUP($F701,DADOS_SINAPI,4,0),IF(G701=\"SETOP\",VLOOKUP($F701,DADOS_SETOP,4,0),IF(G701=\"CPU\",VLOOKUP($F701,DADOS_COMPOSICAO,13,0),IF(G701=\"SICRO\",VLOOKUP($F701,DADOS_SICRO,4,0),IF(G701=\"SUDECAP\",VLOOKUP(F701,DADOS_SUDECAP,4,0),IF(G701=\"COTAÇÃO\",VLOOKUP(F701,DADOS_COTACAO,12,0),\"\")))))),2)","v":34.090000000000003},"BDI 1",{"$f":"TRUNC(J701*(1+$N$17),2)","v":43.13},{"$f":"IFERROR(TRUNC(I701*J701,2),\"\")","v":2426.11},3069.56]
[2000]
[2000,null,null,null,"P01",{"$f":"2*8*0.6*1.5","v":14.399999999999999},"m²"]
[2000,null,null,null,"P02",{"$f":"2*1*0.8*2.1","v":3.3600000000000003},"m²"]
[2000,null,null,null,"P04",{"$f":"2*2*0.9*2.1","v":7.5600000000000005},"m²"]
[2000,null,null,null,"P05",{"$f":"2*1.2*2.1","v":5.04},"m²"]
[2000,null,null,null,"P06",{"$f":"2*0.9*1.5*2","v":5.4},"m²"]
[2000,null,null,null,"P07",{"$f":"2.1*1.1*0.4","v":0.92400000000000027},"m²","Considerado 40% da área"]
[2000,null,null,null,"P08",{"$f":"2*1*1*0.4","v":0.8},"m²","Considerado 40% da área"]
[2000,null,null,null,"P09",{"$f":"2*0.9*2.1*3","v":11.34},"m²"]
[2000,null,null,null,"J01",{"$f":"F665*0.4","v":0.48},"m²","Considerado 40% da área"]
[2000,null,null,null,"J02",{"$f":"F666*0.4","v":2.3039999999999998},"m²","Considerado 40% da área"]
[2000,null,null,null,"J03",{"$f":"F671*2","v":5.76},"m²"]
[2000,null,null,null,"J04",{"$f":"F658*0.4","v":0.64800000000000013},"m²","Considerado 40% da área"]
[2000,null,null,null,"J05",{"$f":"F659*0.4","v":4.32},"m²","Considerado 40% da área"]
[2000,null,null,null,"J06",{"$f":"F660*0.4","v":8.831999999999999},"m²","Considerado 40% da área"]
[2000,null,null,null,"Total",{"$f":"SUM(F703:F716)","v":71.167999999999992},"m²"]
[2000]
[{"$f":"IFERROR(LEFT(D719,SEARCH(\".\",D719)-1),\"\")","v":"7"},{"$f":"IFERROR(LEFT(RIGHT(D719,LEN(D719)-SEARCH(\".\",D719)),SEARCH(\".\",RIGHT(D719,LEN(D719)-SEARCH(\".\",D719)))-1),\"\")","v":"5"},{"$f":"IFERROR(IF(LEN(D719)-LEN(SUBSTITUTE(D719,\".\",\"\"))<>3,\"\",MID(D719,SEARCH(\".\",D719,SEARCH(\".\",D719)+1)+1,LEN(D719)-SEARCH(\".\",D719,SEARCH(\".\",D719)+1)-(LEN(D719)-(SEARCH(\".\",D719,SEARCH(\".\",D719,SEARCH(\".\",D719)+1)+1)-1)))),\"\")","v":""},"7.5.2",{"$f":"IF($G719=\"SINAPI\",VLOOKUP($F719,DADOS_SINAPI,2,0),IF(G719=\"SETOP\",VLOOKUP($F719,DADOS_SETOP,2,0),IF(G719=\"CPU\",VLOOKUP($F719,DADOS_COMPOSICAO,2,0),IF(G719=\"SICRO\",VLOOKUP($F719,DADOS_SICRO,2,0),IF(G719=\"SUDECAP\",VLOOKUP(F719,DADOS_SUDECAP,2,0),IF(G719=\"COTAÇÃO\",VLOOKUP($F719,DADOS_COTACAO,2,0),\"\"))))))","v":"EMASSAMENTO EM ESQUADRIA DE MADEIRA COM MASSA A ÓLEO, DUAS (2) DEMÃOS, INCLUSIVE LIXAMENTO PARA PINTURA  A ÓLEO OU ESMALTE"},"ED-50482","SETOP",{"$f":"IF(G719=\"SINAPI\",VLOOKUP($F719,DADOS_SINAPI,3,0),IF(G719=\"SETOP\",VLOOKUP($F719,DADOS_SETOP,3,0),IF(G719=\"CPU\",VLOOKUP($F719,DADOS_COMPOSICAO,10,0),IF(G719=\"SICRO\",VLOOKUP($F719,DADOS_SICRO,3,0),IF(G719=\"SUDECAP\",VLOOKUP(F719,DADOS_SUDECAP,3,0),IF(G719=\"COTAÇÃO\",VLOOKUP($F719,DADOS_COTACAO,9,0),\"\"))))))","v":"m2"},{"$f":"F722","v":22.680000000000003},{"$f":"TRUNC(IF(G719=\"SINAPI\",VLOOKUP($F719,DADOS_SINAPI,4,0),IF(G719=\"SETOP\",VLOOKUP($F719,DADOS_SETOP,4,0),IF(G719=\"CPU\",VLOOKUP($F719,DADOS_COMPOSICAO,13,0),IF(G719=\"SICRO\",VLOOKUP($F719,DADOS_SICRO,4,0),IF(G719=\"SUDECAP\",VLOOKUP(F719,DADOS_SUDECAP,4,0),IF(G719=\"COTAÇÃO\",VLOOKUP(F719,DADOS_COTACAO,12,0),\"\")))))),2)","v":38.020000000000003},"BDI 1",{"$f":"TRUNC(J719*(1+$N$17),2)","v":48.1},{"$f":"IFERROR(TRUNC(I719*J719,2),\"\")","v":862.29},1090.9100000000001]
[2000]
[2000,null,null,null,"P03",{"$f":"6*0.9*2.1*2","v":22.680000000000003},"m²"]
[2000,null,null,null,"Total",{"$f":"F721","v":22.680000000000003},"m²"]
[2000]
[{"$f":"IFERROR(LEFT(D724,SEARCH(\".\",D724)-1),\"\")","v":"7"},{"$f":"IFERROR(LEFT(RIGHT(D724,LEN(D724)-SEARCH(\".\",D724)),SEARCH(\".\",RIGHT(D724,LEN(D724)-SEARCH(\".\",D724)))-1),\"\")","v":"5"},{"$f":"IFERROR(IF(LEN(D724)-LEN(SUBSTITUTE(D724,\".\",\"\"))<>3,\"\",MID(D724,SEARCH(\".\",D724,SEARCH(\".\",D724)+1)+1,LEN(D724)-SEARCH(\".\",D724,SEARCH(\".\",D724)+1)-(LEN(D724)-(SEARCH(\".\",D724,SEARCH(\".\",D724,SEARCH(\".\",D724)+1)+1)-1)))),\"\")","v":""},"7.5.3",{"$f":"IF($G724=\"SINAPI\",VLOOKUP($F724,DADOS_SINAPI,2,0),IF(G724=\"SETOP\",VLOOKUP($F724,DADOS_SETOP,2,0),IF(G724=\"CPU\",VLOOKUP($F724,DADOS_COMPOSICAO,2,0),IF(G724=\"SICRO\",VLOOKUP($F724,DADOS_SICRO,2,0),IF(G724=\"SUDECAP\",VLOOKUP(F724,DADOS_SUDECAP,2,0),IF(G724=\"COTAÇÃO\",VLOOKUP($F724,DADOS_COTACAO,2,0),\"\"))))))","v":"PINTURA ESMALTE BASE SOLVENTE EM ESQUADRIA DE MADEIRA, DUAS (2) DEMÃOS, COM APLICAÇÃO MANUAL, INCLUSIVE UMA (1) DEMÃO DE FUNDO NIVELADOR E PREPARAÇÃO DA SUPERFÍCIE COM LIXAMENTO, EXCLUSIVE MASSA A ÓLEO"},"ED-50493","SETOP",{"$f":"IF(G724=\"SINAPI\",VLOOKUP($F724,DADOS_SINAPI,3,0),IF(G724=\"SETOP\",VLOOKUP($F724,DADOS_SETOP,3,0),IF(G724=\"CPU\",VLOOKUP($F724,DADOS_COMPOSICAO,10,0),IF(G724=\"SICRO\",VLOOKUP($F724,DADOS_SICRO,3,0),IF(G724=\"SUDECAP\",VLOOKUP(F724,DADOS_SUDECAP,3,0),IF(G724=\"COTAÇÃO\",VLOOKUP($F724,DADOS_COTACAO,9,0),\"\"))))))","v":"m2"},{"$f":"F727","v":22.680000000000003},{"$f":"TRUNC(IF(G724=\"SINAPI\",VLOOKUP($F724,DADOS_SINAPI,4,0),IF(G724=\"SETOP\",VLOOKUP($F724,DADOS_SETOP,4,0),IF(G724=\"CPU\",VLOOKUP($F724,DADOS_COMPOSICAO,13,0),IF(G724=\"SICRO\",VLOOKUP($F724,DADOS_SICRO,4,0),IF(G724=\"SUDECAP\",VLOOKUP(F724,DADOS_SUDECAP,4,0),IF(G724=\"COTAÇÃO\",VLOOKUP(F724,DADOS_COTACAO,12,0),\"\")))))),2)","v":33.49},"BDI 1",{"$f":"TRUNC(J724*(1+$N$17),2)","v":42.37},{"$f":"IFERROR(TRUNC(I724*J724,2),\"\")","v":759.55},{"$f":"IFERROR(TRUNC(L724*I724,2),\"\")","v":960.95}]
[2000]
[2000,null,null,null,"P03",{"$f":"6*0.9*2.1*2","v":22.680000000000003},"m²"]
[2000,null,null,null,"Total",{"$f":"F726","v":22.680000000000003},"m²"]
[2000]
["7","5","","7.5.4","PEITORIL DE GRANITO, NA COR CINZA ANDORINHA, COM PINGADEIRA, ESP. 3CM, ACABAMENTO POLIDO, ASSENTAMENTO COM ARGAMASSA INDUSTRIALIZADA, INCLUSIVE REJUNTAMENTO","ED-50998","SETOP","m2",{"$f":"F737","v":9.9359999999999999},363.58,"BDI 1",460,3612.53,4572.3999999999996]
[2000]
[2000,null,null,null,"J01",{"$f":"2*1*0.23","v":0.46},"m²"]
[2000,null,null,null,"J02",{"$f":"8*1.2*0.23","v":2.2080000000000002},"m²"]
[2000,null,null,null,"J03",{"$f":"2*1.2*0.23","v":0.55200000000000005},"m²"]
[2000,null,null,null,"J04",{"$f":"1.8*1*0.23","v":0.41400000000000003},"m²"]
[2000,null,null,null,"J05",{"$f":"1.8*5*0.23","v":2.0700000000000003},"m²"]
[2000,null,null,null,"J06",{"$f":"8*2.3*0.23","v":4.2320000000000002},"m²"]
[2000,null,null,null,"Total",{"$f":"SUM(F731:F736)","v":9.9359999999999999},"m²"]
[2000]
[1000,null,null,8,"SISTEMA DE COBERTURA",null,null,null,null,null,null,null,{"$f":"SUMIF(A:A,D739,M:M)","v":96496.94},{"$f":"SUMIF(A:A,D739,N:N)","v":122083.63999999998}]
[{"$f":"IFERROR(LEFT(D740,SEARCH(\".\",D740)-1),\"\")","v":"8"},{"$f":"IFERROR(LEFT(RIGHT(D740,LEN(D740)-SEARCH(\".\",D740)),SEARCH(\".\",RIGHT(D740,LEN(D740)-SEARCH(\".\",D740)))-1),\"\")","v":""},{"$f":"IFERROR(IF(LEN(D740)-LEN(SUBSTITUTE(D740,\".\",\"\"))<>3,\"\",MID(D740,SEARCH(\".\",D740,SEARCH(\".\",D740)+1)+1,LEN(D740)-SEARCH(\".\",D740,SEARCH(\".\",D740)+1)-(LEN(D740)-(SEARCH(\".\",D740,SEARCH(\".\",D740,SEARCH(\".\",D740)+1)+1)-1)))),\"\")","v":""},"8.1",{"$f":"IF($G740=\"SINAPI\",VLOOKUP($F740,DADOS_SINAPI,2,0),IF(G740=\"SETOP\",VLOOKUP($F740,DADOS_SETOP,2,0),IF(G740=\"CPU\",VLOOKUP($F740,DADOS_COMPOSICAO,2,0),IF(G740=\"SICRO\",VLOOKUP($F740,DADOS_SICRO,2,0),IF(G740=\"SUDECAP\",VLOOKUP(F740,DADOS_SUDECAP,2,0),IF(G740=\"COTAÇÃO\",VLOOKUP($F740,DADOS_COTACAO,2,0),\"\"))))))","v":"INSTALAÇÃO DE TESOURA (INTEIRA OU MEIA), BIAPOIADA, EM MADEIRA NÃO APARELHADA, PARA VÃOS MAIORES OU IGUAIS A 6,0 M E MENORES QUE 8,0 M, INCLUSO IÇAMENTO. AF_07/2019"},92260,"SINAPI",{"$f":"IF(G740=\"SINAPI\",VLOOKUP($F740,DADOS_SINAPI,3,0),IF(G740=\"SETOP\",VLOOKUP($F740,DADOS_SETOP,3,0),IF(G740=\"CPU\",VLOOKUP($F740,DADOS_COMPOSICAO,10,0),IF(G740=\"SICRO\",VLOOKUP($F740,DADOS_SICRO,3,0),IF(G740=\"SUDECAP\",VLOOKUP(F740,DADOS_SUDECAP,3,0),IF(G740=\"COTAÇÃO\",VLOOKUP($F740,DADOS_COTACAO,9,0),\"\"))))))","v":"UN"},{"$f":"F743","v":8},{"$f":"TRUNC(IF(G740=\"SINAPI\",VLOOKUP($F740,DADOS_SINAPI,4,0),IF(G740=\"SETOP\",VLOOKUP($F740,DADOS_SETOP,4,0),IF(G740=\"CPU\",VLOOKUP($F740,DADOS_COMPOSICAO,13,0),IF(G740=\"SICRO\",VLOOKUP($F740,DADOS_SICRO,4,0),IF(G740=\"SUDECAP\",VLOOKUP(F740,DADOS_SUDECAP,4,0),IF(G740=\"COTAÇÃO\",VLOOKUP(F740,DADOS_COTACAO,12,0),\"\")))))),2)","v":631.5},"BDI 1",{"$f":"TRUNC(J740*(1+$N$17),2)","v":798.97},{"$f":"IFERROR(TRUNC(I740*J740,2),\"\")","v":5052},{"$f":"IFERROR(TRUNC(L740*I740,2),\"\")","v":6391.76}]
[2000]
[2000,null,null,null,"Quantidade",8,"un"]
[2000,null,null,null,"Total",{"$f":"F742","v":8},"un"]
[2000]
[{"$f":"IFERROR(LEFT(D745,SEARCH(\".\",D745)-1),\"\")","v":"8"},{"$f":"IFERROR(LEFT(RIGHT(D745,LEN(D745)-SEARCH(\".\",D745)),SEARCH(\".\",RIGHT(D745,LEN(D745)-SEARCH(\".\",D745)))-1),\"\")","v":""},{"$f":"IFERROR(IF(LEN(D745)-LEN(SUBSTITUTE(D745,\".\",\"\"))<>3,\"\",MID(D745,SEARCH(\".\",D745,SEARCH(\".\",D745)+1)+1,LEN(D745)-SEARCH(\".\",D745,SEARCH(\".\",D745)+1)-(LEN(D745)-(SEARCH(\".\",D745,SEARCH(\".\",D745,SEARCH(\".\",D745)+1)+1)-1)))),\"\")","v":""},"8.2",{"$f":"IF($G745=\"SINAPI\",VLOOKUP($F745,DADOS_SINAPI,2,0),IF(G745=\"SETOP\",VLOOKUP($F745,DADOS_SETOP,2,0),IF(G745=\"CPU\",VLOOKUP($F745,DADOS_COMPOSICAO,2,0),IF(G745=\"SICRO\",VLOOKUP($F745,DADOS_SICRO,2,0),IF(G745=\"SUDECAP\",VLOOKUP(F745,DADOS_SUDECAP,2,0),IF(G745=\"COTAÇÃO\",VLOOKUP($F745,DADOS_COTACAO,2,0),\"\"))))))","v":"INSTALAÇÃO DE TESOURA (INTEIRA OU MEIA), BIAPOIADA, EM MADEIRA NÃO APARELHADA, PARA VÃOS MAIORES OU IGUAIS A 8,0 M E MENORES QUE 10,0 M, INCLUSO IÇAMENTO. AF_07/2019"},92261,"SINAPI",{"$f":"IF(G745=\"SINAPI\",VLOOKUP($F745,DADOS_SINAPI,3,0),IF(G745=\"SETOP\",VLOOKUP($F745,DADOS_SETOP,3,0),IF(G745=\"CPU\",VLOOKUP($F745,DADOS_COMPOSICAO,10,0),IF(G745=\"SICRO\",VLOOKUP($F745,DADOS_SICRO,3,0),IF(G745=\"SUDECAP\",VLOOKUP(F745,DADOS_SUDECAP,3,0),IF(G745=\"COTAÇÃO\",VLOOKUP($F745,DADOS_COTACAO,9,0),\"\"))))))","v":"UN"},{"$f":"F748","v":20},{"$f":"TRUNC(IF(G745=\"SINAPI\",VLOOKUP($F745,DADOS_SINAPI,4,0),IF(G745=\"SETOP\",VLOOKUP($F745,DADOS_SETOP,4,0),IF(G745=\"CPU\",VLOOKUP($F745,DADOS_COMPOSICAO,13,0),IF(G745=\"SICRO\",VLOOKUP($F745,DADOS_SICRO,4,0),IF(G745=\"SUDECAP\",VLOOKUP(F745,DADOS_SUDECAP,4,0),IF(G745=\"COTAÇÃO\",VLOOKUP(F745,DADOS_COTACAO,12,0),\"\")))))),2)","v":696.33},"BDI 1",{"$f":"TRUNC(J745*(1+$N$17),2)","v":880.99},{"$f":"IFERROR(TRUNC(I745*J745,2),\"\")","v":13926.6},{"$f":"IFERROR(TRUNC(L745*I745,2),\"\")","v":17619.8}]
[2000]
[2000,null,null,null,"Quantidade",20,"un"]
[2000,null,null,null,"Total",{"$f":"F747","v":20},"un"]
[2000]
[{"$f":"IFERROR(LEFT(D750,SEARCH(\".\",D750)-1),\"\")","v":"8"},{"$f":"IFERROR(LEFT(RIGHT(D750,LEN(D750)-SEARCH(\".\",D750)),SEARCH(\".\",RIGHT(D750,LEN(D750)-SEARCH(\".\",D750)))-1),\"\")","v":""},{"$f":"IFERROR(IF(LEN(D750)-LEN(SUBSTITUTE(D750,\".\",\"\"))<>3,\"\",MID(D750,SEARCH(\".\",D750,SEARCH(\".\",D750)+1)+1,LEN(D750)-SEARCH(\".\",D750,SEARCH(\".\",D750)+1)-(LEN(D750)-(SEARCH(\".\",D750,SEARCH(\".\",D750,SEARCH(\".\",D750)+1)+1)-1)))),\"\")","v":""},"8.3",{"$f":"IF($G750=\"SINAPI\",VLOOKUP($F750,DADOS_SINAPI,2,0),IF(G750=\"SETOP\",VLOOKUP($F750,DADOS_SETOP,2,0),IF(G750=\"CPU\",VLOOKUP($F750,DADOS_COMPOSICAO,2,0),IF(G750=\"SICRO\",VLOOKUP($F750,DADOS_SICRO,2,0),IF(G750=\"SUDECAP\",VLOOKUP(F750,DADOS_SUDECAP,2,0),IF(G750=\"COTAÇÃO\",VLOOKUP($F750,DADOS_COTACAO,2,0),\"\"))))))","v":"TRAMA DE AÇO COMPOSTA POR RIPAS E CAIBROS PARA TELHADOS DE ATÉ 2 ÁGUAS PARA TELHA DE ENCAIXE DE CERÂMICA OU DE CONCRETO, INCLUSO TRANSPORTE VERTICAL. AF_07/2019"},92569,"SINAPI",{"$f":"IF(G750=\"SINAPI\",VLOOKUP($F750,DADOS_SINAPI,3,0),IF(G750=\"SETOP\",VLOOKUP($F750,DADOS_SETOP,3,0),IF(G750=\"CPU\",VLOOKUP($F750,DADOS_COMPOSICAO,10,0),IF(G750=\"SICRO\",VLOOKUP($F750,DADOS_SICRO,3,0),IF(G750=\"SUDECAP\",VLOOKUP(F750,DADOS_SUDECAP,3,0),IF(G750=\"COTAÇÃO\",VLOOKUP($F750,DADOS_COTACAO,9,0),\"\"))))))","v":"M2"},{"$f":"F755","v":470.88299999999992},{"$f":"TRUNC(IF(G750=\"SINAPI\",VLOOKUP($F750,DADOS_SINAPI,4,0),IF(G750=\"SETOP\",VLOOKUP($F750,DADOS_SETOP,4,0),IF(G750=\"CPU\",VLOOKUP($F750,DADOS_COMPOSICAO,13,0),IF(G750=\"SICRO\",VLOOKUP($F750,DADOS_SICRO,4,0),IF(G750=\"SUDECAP\",VLOOKUP(F750,DADOS_SUDECAP,4,0),IF(G750=\"COTAÇÃO\",VLOOKUP(F750,DADOS_COTACAO,12,0),\"\")))))),2)","v":64.94},"BDI 1",{"$f":"TRUNC(J750*(1+$N$17),2)","v":82.16},{"$f":"IFERROR(TRUNC(I750*J750,2),\"\")","v":30579.14},38687.5]
[2000]
[2000,null,null,null,"Salas de Aula",210.6,"m²"]
[2000,null,null,null,"Cozinha",153.12299999999999,"m²"]
[2000,null,null,null,"Banheiros",107.16,"m²"]
[2000,null,null,null,"Total",{"$f":"SUM(F752:F754)","v":470.88299999999992},"m²"]
[2000]
[{"$f":"IFERROR(LEFT(D757,SEARCH(\".\",D757)-1),\"\")","v":"8"},{"$f":"IFERROR(LEFT(RIGHT(D757,LEN(D757)-SEARCH(\".\",D757)),SEARCH(\".\",RIGHT(D757,LEN(D757)-SEARCH(\".\",D757)))-1),\"\")","v":""},{"$f":"IFERROR(IF(LEN(D757)-LEN(SUBSTITUTE(D757,\".\",\"\"))<>3,\"\",MID(D757,SEARCH(\".\",D757,SEARCH(\".\",D757)+1)+1,LEN(D757)-SEARCH(\".\",D757,SEARCH(\".\",D757)+1)-(LEN(D757)-(SEARCH(\".\",D757,SEARCH(\".\",D757,SEARCH(\".\",D757)+1)+1)-1)))),\"\")","v":""},"8.4",{"$f":"IF($G757=\"SINAPI\",VLOOKUP($F757,DADOS_SINAPI,2,0),IF(G757=\"SETOP\",VLOOKUP($F757,DADOS_SETOP,2,0),IF(G757=\"CPU\",VLOOKUP($F757,DADOS_COMPOSICAO,2,0),IF(G757=\"SICRO\",VLOOKUP($F757,DADOS_SICRO,2,0),IF(G757=\"SUDECAP\",VLOOKUP(F757,DADOS_SUDECAP,2,0),IF(G757=\"COTAÇÃO\",VLOOKUP($F757,DADOS_COTACAO,2,0),\"\"))))))","v":"TELHAMENTO COM TELHA CERÂMICA DE ENCAIXE, TIPO FRANCESA, COM ATÉ 2 ÁGUAS, INCLUSO TRANSPORTE VERTICAL. AF_07/2019"},94440,"SINAPI",{"$f":"IF(G757=\"SINAPI\",VLOOKUP($F757,DADOS_SINAPI,3,0),IF(G757=\"SETOP\",VLOOKUP($F757,DADOS_SETOP,3,0),IF(G757=\"CPU\",VLOOKUP($F757,DADOS_COMPOSICAO,10,0),IF(G757=\"SICRO\",VLOOKUP($F757,DADOS_SICRO,3,0),IF(G757=\"SUDECAP\",VLOOKUP(F757,DADOS_SUDECAP,3,0),IF(G757=\"COTAÇÃO\",VLOOKUP($F757,DADOS_COTACAO,9,0),\"\"))))))","v":"M2"},{"$f":"F762","v":470.88299999999992},{"$f":"TRUNC(IF(G757=\"SINAPI\",VLOOKUP($F757,DADOS_SINAPI,4,0),IF(G757=\"SETOP\",VLOOKUP($F757,DADOS_SETOP,4,0),IF(G757=\"CPU\",VLOOKUP($F757,DADOS_COMPOSICAO,13,0),IF(G757=\"SICRO\",VLOOKUP($F757,DADOS_SICRO,4,0),IF(G757=\"SUDECAP\",VLOOKUP(F757,DADOS_SUDECAP,4,0),IF(G757=\"COTAÇÃO\",VLOOKUP(F757,DADOS_COTACAO,12,0),\"\")))))),2)","v":67.25},"BDI 1",{"$f":"TRUNC(J757*(1+$N$17),2)","v":85.08},{"$f":"IFERROR(TRUNC(I757*J757,2),\"\")","v":31666.880000000001},40062.47]
[2000]
[2000,null,null,null,"Salas de Aula",210.6,"m²"]
[2000,null,null,null,"Cozinha",153.12299999999999,"m²"]
[2000,null,null,null,"Banheiros",107.16,"m²"]
[2000,null,null,null,"Total",{"$f":"SUM(F759:F761)","v":470.88299999999992},"m²"]
[2000]
[{"$f":"IFERROR(LEFT(D764,SEARCH(\".\",D764)-1),\"\")","v":"8"},{"$f":"IFERROR(LEFT(RIGHT(D764,LEN(D764)-SEARCH(\".\",D764)),SEARCH(\".\",RIGHT(D764,LEN(D764)-SEARCH(\".\",D764)))-1),\"\")","v":""},{"$f":"IFERROR(IF(LEN(D764)-LEN(SUBSTITUTE(D764,\".\",\"\"))<>3,\"\",MID(D764,SEARCH(\".\",D764,SEARCH(\".\",D764)+1)+1,LEN(D764)-SEARCH(\".\",D764,SEARCH(\".\",D764)+1)-(LEN(D764)-(SEARCH(\".\",D764,SEARCH(\".\",D764,SEARCH(\".\",D764)+1)+1)-1)))),\"\")","v":""},"8.5",{"$f":"IF($G764=\"SINAPI\",VLOOKUP($F764,DADOS_SINAPI,2,0),IF(G764=\"SETOP\",VLOOKUP($F764,DADOS_SETOP,2,0),IF(G764=\"CPU\",VLOOKUP($F764,DADOS_COMPOSICAO,2,0),IF(G764=\"SICRO\",VLOOKUP($F764,DADOS_SICRO,2,0),IF(G764=\"SUDECAP\",VLOOKUP(F764,DADOS_SUDECAP,2,0),IF(G764=\"COTAÇÃO\",VLOOKUP($F764,DADOS_COTACAO,2,0),\"\"))))))","v":"CUMEEIRA PARA TELHA CERÂMICA EMBOÇADA COM ARGAMASSA TRAÇO 1:2:9 (CIMENTO, CAL E AREIA) PARA TELHADOS COM ATÉ 2 ÁGUAS, INCLUSO TRANSPORTE VERTICAL. AF_07/2019"},94221,"SINAPI",{"$f":"IF(G764=\"SINAPI\",VLOOKUP($F764,DADOS_SINAPI,3,0),IF(G764=\"SETOP\",VLOOKUP($F764,DADOS_SETOP,3,0),IF(G764=\"CPU\",VLOOKUP($F764,DADOS_COMPOSICAO,10,0),IF(G764=\"SICRO\",VLOOKUP($F764,DADOS_SICRO,3,0),IF(G764=\"SUDECAP\",VLOOKUP(F764,DADOS_SUDECAP,3,0),IF(G764=\"COTAÇÃO\",VLOOKUP($F764,DADOS_COTACAO,9,0),\"\"))))))","v":"M"},{"$f":"F768","v":48.650000000000006},{"$f":"TRUNC(IF(G764=\"SINAPI\",VLOOKUP($F764,DADOS_SINAPI,4,0),IF(G764=\"SETOP\",VLOOKUP($F764,DADOS_SETOP,4,0),IF(G764=\"CPU\",VLOOKUP($F764,DADOS_COMPOSICAO,13,0),IF(G764=\"SICRO\",VLOOKUP($F764,DADOS_SICRO,4,0),IF(G764=\"SUDECAP\",VLOOKUP(F764,DADOS_SUDECAP,4,0),IF(G764=\"COTAÇÃO\",VLOOKUP(F764,DADOS_COTACAO,12,0),\"\")))))),2)","v":38.79},"BDI 1",{"$f":"TRUNC(J764*(1+$N$17),2)","v":49.07},{"$f":"IFERROR(TRUNC(I764*J764,2),\"\")","v":1887.13},2387.2600000000002]
[2000]
[2000,null,null,null,"Salas de Aula",24.6,"m"]
[2000,null,null,null,"Cozinha",24.05,"m"]
[2000,null,null,null,"Total",{"$f":"SUM(F766:F767)","v":48.650000000000006},"m"]
[2000]
[{"$f":"IFERROR(LEFT(D770,SEARCH(\".\",D770)-1),\"\")","v":"8"},{"$f":"IFERROR(LEFT(RIGHT(D770,LEN(D770)-SEARCH(\".\",D770)),SEARCH(\".\",RIGHT(D770,LEN(D770)-SEARCH(\".\",D770)))-1),\"\")","v":""},{"$f":"IFERROR(IF(LEN(D770)-LEN(SUBSTITUTE(D770,\".\",\"\"))<>3,\"\",MID(D770,SEARCH(\".\",D770,SEARCH(\".\",D770)+1)+1,LEN(D770)-SEARCH(\".\",D770,SEARCH(\".\",D770)+1)-(LEN(D770)-(SEARCH(\".\",D770,SEARCH(\".\",D770,SEARCH(\".\",D770)+1)+1)-1)))),\"\")","v":""},"8.6",{"$f":"IF($G770=\"SINAPI\",VLOOKUP($F770,DADOS_SINAPI,2,0),IF(G770=\"SETOP\",VLOOKUP($F770,DADOS_SETOP,2,0),IF(G770=\"CPU\",VLOOKUP($F770,DADOS_COMPOSICAO,2,0),IF(G770=\"SICRO\",VLOOKUP($F770,DADOS_SICRO,2,0),IF(G770=\"SUDECAP\",VLOOKUP(F770,DADOS_SUDECAP,2,0),IF(G770=\"COTAÇÃO\",VLOOKUP($F770,DADOS_COTACAO,2,0),\"\"))))))","v":"COBERTURA DE POLICARBONATO 2,00 MM, INCLUSIVE ESTRUTURA METÁLICA, CALHAS E PINTURA"},"COT-ARQ-001","COTAÇÃO",{"$f":"IF(G770=\"SINAPI\",VLOOKUP($F770,DADOS_SINAPI,3,0),IF(G770=\"SETOP\",VLOOKUP($F770,DADOS_SETOP,3,0),IF(G770=\"CPU\",VLOOKUP($F770,DADOS_COMPOSICAO,10,0),IF(G770=\"SICRO\",VLOOKUP($F770,DADOS_SICRO,3,0),IF(G770=\"SUDECAP\",VLOOKUP(F770,DADOS_SUDECAP,3,0),IF(G770=\"COTAÇÃO\",VLOOKUP($F770,DADOS_COTACAO,9,0),\"\"))))))","v":"M2"},{"$f":"F775","v":20.100000000000001},{"$f":"TRUNC(IF(G770=\"SINAPI\",VLOOKUP($F770,DADOS_SINAPI,4,0),IF(G770=\"SETOP\",VLOOKUP($F770,DADOS_SETOP,4,0),IF(G770=\"CPU\",VLOOKUP($F770,DADOS_COMPOSICAO,13,0),IF(G770=\"SICRO\",VLOOKUP($F770,DADOS_SICRO,4,0),IF(G770=\"SUDECAP\",VLOOKUP(F770,DADOS_SUDECAP,4,0),IF(G770=\"COTAÇÃO\",VLOOKUP(F770,DADOS_COTACAO,12,0),\"\")))))),2)","v":665.93},"BDI 1",{"$f":"TRUNC(J770*(1+$N$17),2)","v":842.53},{"$f":"IFERROR(TRUNC(I770*J770,2),\"\")","v":13385.19},{"$f":"IFERROR(TRUNC(L770*I770,2),\"\")","v":16934.849999999999}]
[2000]
[2000,null,null,null,"CB1",{"$f":"2.6*1.5","v":3.9000000000000004},"m²"]
[2000,null,null,null,"CB2",{"$f":"2.8*1.5","v":4.1999999999999993},"m²"]
[2000,null,null,null,"CB3",{"$f":"8*1.5","v":12},"m²"]
[2000,null,null,null,"Total",{"$f":"SUM(F772:F774)","v":20.100000000000001},"m²"]
[2000]
[1000,null,null,9,"REVESTIMENTOS INTERNOS E EXTERNOS",null,null,null,null,null,null,null,{"$f":"SUMIF(A:A,D777,M:M)","v":143820.24},{"$f":"SUMIF(A:A,D777,N:N)","v":181932.02999999997}]
[null,null,null,"9.1","REVESTIMENTOS INTERNOS",null,null,null,null,null,null,null,{"$f":"IFERROR(SUMIFS(M:M,A:A,LEFT(D778,SEARCH(\".\",D778)-1),B:B,RIGHT(D778,LEN(D778)-SEARCH(\".\",D778))),\"\")","v":79649.81},{"$f":"IFERROR(SUMIFS(N:N,A:A,LEFT(D778,SEARCH(\".\",D778)-1),B:B,RIGHT(D778,LEN(D778)-SEARCH(\".\",D778))),\"\")","v":100756.74999999997}]
[{"$f":"IFERROR(LEFT(D779,SEARCH(\".\",D779)-1),\"\")","v":"9"},{"$f":"IFERROR(LEFT(RIGHT(D779,LEN(D779)-SEARCH(\".\",D779)),SEARCH(\".\",RIGHT(D779,LEN(D779)-SEARCH(\".\",D779)))-1),\"\")","v":"1"},{"$f":"IFERROR(IF(LEN(D779)-LEN(SUBSTITUTE(D779,\".\",\"\"))<>3,\"\",MID(D779,SEARCH(\".\",D779,SEARCH(\".\",D779)+1)+1,LEN(D779)-SEARCH(\".\",D779,SEARCH(\".\",D779)+1)-(LEN(D779)-(SEARCH(\".\",D779,SEARCH(\".\",D779,SEARCH(\".\",D779)+1)+1)-1)))),\"\")","v":""},"9.1.1",{"$f":"IF($G779=\"SINAPI\",VLOOKUP($F779,DADOS_SINAPI,2,0),IF(G779=\"SETOP\",VLOOKUP($F779,DADOS_SETOP,2,0),IF(G779=\"CPU\",VLOOKUP($F779,DADOS_COMPOSICAO,2,0),IF(G779=\"SICRO\",VLOOKUP($F779,DADOS_SICRO,2,0),IF(G779=\"SUDECAP\",VLOOKUP(F779,DADOS_SUDECAP,2,0),IF(G779=\"COTAÇÃO\",VLOOKUP($F779,DADOS_COTACAO,2,0),\"\"))))))","v":"CHAPISCO APLICADO EM ALVENARIAS E ESTRUTURAS DE CONCRETO INTERNAS, COM COLHER DE PEDREIRO.  ARGAMASSA TRAÇO 1:3 COM PREPARO EM BETONEIRA 400L. AF_10/2022"},87879,"SINAPI",{"$f":"IF(G779=\"SINAPI\",VLOOKUP($F779,DADOS_SINAPI,3,0),IF(G779=\"SETOP\",VLOOKUP($F779,DADOS_SETOP,3,0),IF(G779=\"CPU\",VLOOKUP($F779,DADOS_COMPOSICAO,10,0),IF(G779=\"SICRO\",VLOOKUP($F779,DADOS_SICRO,3,0),IF(G779=\"SUDECAP\",VLOOKUP(F779,DADOS_SUDECAP,3,0),IF(G779=\"COTAÇÃO\",VLOOKUP($F779,DADOS_COTACAO,9,0),\"\"))))))","v":"M2"},{"$f":"F791","v":661.91},{"$f":"TRUNC(IF(G779=\"SINAPI\",VLOOKUP($F779,DADOS_SINAPI,4,0),IF(G779=\"SETOP\",VLOOKUP($F779,DADOS_SETOP,4,0),IF(G779=\"CPU\",VLOOKUP($F779,DADOS_COMPOSICAO,13,0),IF(G779=\"SICRO\",VLOOKUP($F779,DADOS_SICRO,4,0),IF(G779=\"SUDECAP\",VLOOKUP(F779,DADOS_SUDECAP,4,0),IF(G779=\"COTAÇÃO\",VLOOKUP(F779,DADOS_COTACAO,12,0),\"\")))))),2)","v":4.51},"BDI 1",{"$f":"TRUNC(J779*(1+$N$17),2)","v":5.7},{"$f":"IFERROR(TRUNC(I779*J779,2),\"\")","v":2985.21},3772.89]
[2000]
[2000,null,null,null,"Sala de Aula 01",72.459999999999994,"m²"]
[2000,null,null,null,"Sala de Aula 02",65.92,"m²"]
[2000,null,null,null,"Sala de Aula 03",63.87,"m²"]
[2000,null,null,null,"Sala de Aula 04",71.39,"m²"]
[2000,null,null,null,"Banheiros/DML",189.13,"m²"]
[2000,null,null,null,"Casa de Gás",5.16,"m²"]
[2000,null,null,null,"Cozinha",83.7,"m²"]
[2000,null,null,null,"Despensa",29.24,"m²"]
[2000,null,null,null,"Refeitório",56.13,"m²"]
[2000,null,null,null,"Triagem",24.91,"m²"]
[2000,null,null,null,"Total",{"$f":"SUM(F781:F790)","v":661.91},"m²"]
[2000]
[{"$f":"IFERROR(LEFT(D793,SEARCH(\".\",D793)-1),\"\")","v":"9"},{"$f":"IFERROR(LEFT(RIGHT(D793,LEN(D793)-SEARCH(\".\",D793)),SEARCH(\".\",RIGHT(D793,LEN(D793)-SEARCH(\".\",D793)))-1),\"\")","v":"1"},{"$f":"IFERROR(IF(LEN(D793)-LEN(SUBSTITUTE(D793,\".\",\"\"))<>3,\"\",MID(D793,SEARCH(\".\",D793,SEARCH(\".\",D793)+1)+1,LEN(D793)-SEARCH(\".\",D793,SEARCH(\".\",D793)+1)-(LEN(D793)-(SEARCH(\".\",D793,SEARCH(\".\",D793,SEARCH(\".\",D793)+1)+1)-1)))),\"\")","v":""},"9.1.2",{"$f":"IF($G793=\"SINAPI\",VLOOKUP($F793,DADOS_SINAPI,2,0),IF(G793=\"SETOP\",VLOOKUP($F793,DADOS_SETOP,2,0),IF(G793=\"CPU\",VLOOKUP($F793,DADOS_COMPOSICAO,2,0),IF(G793=\"SICRO\",VLOOKUP($F793,DADOS_SICRO,2,0),IF(G793=\"SUDECAP\",VLOOKUP(F793,DADOS_SUDECAP,2,0),IF(G793=\"COTAÇÃO\",VLOOKUP($F793,DADOS_COTACAO,2,0),\"\"))))))","v":"MASSA ÚNICA, EM ARGAMASSA TRAÇO 1:2:8, PREPARO MECÂNICO, APLICADA MANUALMENTE EM PAREDES INTERNAS DE AMBIENTES COM ÁREA ENTRE 5M² E 10M², E = 17,5MM, COM TALISCAS. AF_03/2024"},87529,"SINAPI",{"$f":"IF(G793=\"SINAPI\",VLOOKUP($F793,DADOS_SINAPI,3,0),IF(G793=\"SETOP\",VLOOKUP($F793,DADOS_SETOP,3,0),IF(G793=\"CPU\",VLOOKUP($F793,DADOS_COMPOSICAO,10,0),IF(G793=\"SICRO\",VLOOKUP($F793,DADOS_SICRO,3,0),IF(G793=\"SUDECAP\",VLOOKUP(F793,DADOS_SUDECAP,3,0),IF(G793=\"COTAÇÃO\",VLOOKUP($F793,DADOS_COTACAO,9,0),\"\"))))))","v":"M2"},{"$f":"F805","v":661.91},{"$f":"TRUNC(IF(G793=\"SINAPI\",VLOOKUP($F793,DADOS_SINAPI,4,0),IF(G793=\"SETOP\",VLOOKUP($F793,DADOS_SETOP,4,0),IF(G793=\"CPU\",VLOOKUP($F793,DADOS_COMPOSICAO,13,0),IF(G793=\"SICRO\",VLOOKUP($F793,DADOS_SICRO,4,0),IF(G793=\"SUDECAP\",VLOOKUP(F793,DADOS_SUDECAP,4,0),IF(G793=\"COTAÇÃO\",VLOOKUP(F793,DADOS_COTACAO,12,0),\"\")))))),2)","v":37.17},"BDI 1",{"$f":"TRUNC(J793*(1+$N$17),2)","v":47.02},{"$f":"IFERROR(TRUNC(I793*J793,2),\"\")","v":24603.19},31123.01]
[2000]
[2000,null,null,null,"Sala de Aula 01",72.459999999999994,"m²"]
[2000,null,null,null,"Sala de Aula 02",65.92,"m²"]
[2000,null,null,null,"Sala de Aula 03",63.87,"m²"]
[2000,null,null,null,"Sala de Aula 04",71.39,"m²"]
[2000,null,null,null,"Banheiros/DML",189.13,"m²"]
[2000,null,null,null,"Casa de Gás",5.16,"m²"]
[2000,null,null,null,"Cozinha",83.7,"m²"]
[2000,null,null,null,"Despensa",29.24,"m²"]
[2000,null,null,null,"Refeitório",56.13,"m²"]
[2000,null,null,null,"Triagem",24.91,"m²"]
[2000,null,null,null,"Total",{"$f":"SUM(F795:F804)","v":661.91},"m²"]
[2000]
[{"$f":"IFERROR(LEFT(D807,SEARCH(\".\",D807)-1),\"\")","v":"9"},{"$f":"IFERROR(LEFT(RIGHT(D807,LEN(D807)-SEARCH(\".\",D807)),SEARCH(\".\",RIGHT(D807,LEN(D807)-SEARCH(\".\",D807)))-1),\"\")","v":"1"},{"$f":"IFERROR(IF(LEN(D807)-LEN(SUBSTITUTE(D807,\".\",\"\"))<>3,\"\",MID(D807,SEARCH(\".\",D807,SEARCH(\".\",D807)+1)+1,LEN(D807)-SEARCH(\".\",D807,SEARCH(\".\",D807)+1)-(LEN(D807)-(SEARCH(\".\",D807,SEARCH(\".\",D807,SEARCH(\".\",D807)+1)+1)-1)))),\"\")","v":""},"9.1.3",{"$f":"IF($G807=\"SINAPI\",VLOOKUP($F807,DADOS_SINAPI,2,0),IF(G807=\"SETOP\",VLOOKUP($F807,DADOS_SETOP,2,0),IF(G807=\"CPU\",VLOOKUP($F807,DADOS_COMPOSICAO,2,0),IF(G807=\"SICRO\",VLOOKUP($F807,DADOS_SICRO,2,0),IF(G807=\"SUDECAP\",VLOOKUP(F807,DADOS_SUDECAP,2,0),IF(G807=\"COTAÇÃO\",VLOOKUP($F807,DADOS_COTACAO,2,0),\"\"))))))","v":"REVESTIMENTO COM CERÂMICA APLICADO EM PAREDE, ACABAMENTO ESMALTADO, AMBIENTE INTERNO/EXTERNO, PADRÃO EXTRA, DIMENSÃO DA PEÇA ATÉ 2025 CM2, PEI III, ASSENTAMENTO COM ARGAMASSA INDUSTRIALIZADA, INCLUSIVE REJUNTAMENTO"},"ED-9081","SETOP",{"$f":"IF(G807=\"SINAPI\",VLOOKUP($F807,DADOS_SINAPI,3,0),IF(G807=\"SETOP\",VLOOKUP($F807,DADOS_SETOP,3,0),IF(G807=\"CPU\",VLOOKUP($F807,DADOS_COMPOSICAO,10,0),IF(G807=\"SICRO\",VLOOKUP($F807,DADOS_SICRO,3,0),IF(G807=\"SUDECAP\",VLOOKUP(F807,DADOS_SUDECAP,3,0),IF(G807=\"COTAÇÃO\",VLOOKUP($F807,DADOS_COTACAO,9,0),\"\"))))))","v":"m2"},{"$f":"F814","v":383.11},{"$f":"TRUNC(IF(G807=\"SINAPI\",VLOOKUP($F807,DADOS_SINAPI,4,0),IF(G807=\"SETOP\",VLOOKUP($F807,DADOS_SETOP,4,0),IF(G807=\"CPU\",VLOOKUP($F807,DADOS_COMPOSICAO,13,0),IF(G807=\"SICRO\",VLOOKUP($F807,DADOS_SICRO,4,0),IF(G807=\"SUDECAP\",VLOOKUP(F807,DADOS_SUDECAP,4,0),IF(G807=\"COTAÇÃO\",VLOOKUP(F807,DADOS_COTACAO,12,0),\"\")))))),2)","v":71.45},"BDI 1",{"$f":"TRUNC(J807*(1+$N$17),2)","v":90.39},{"$f":"IFERROR(TRUNC(I807*J807,2),\"\")","v":27373.200000000001},{"$f":"IFERROR(TRUNC(L807*I807,2),\"\")","v":34629.31}]
[2000]
[2000,null,null,null,"Banheiros/DML",189.13,"m²"]
[2000,null,null,null,"Cozinha",83.7,"m²"]
[2000,null,null,null,"Despensa",29.24,"m²"]
[2000,null,null,null,"Refeitório",56.13,"m²"]
[2000,null,null,null,"Triagem",24.91,"m²"]
[2000,null,null,null,"Total",{"$f":"SUM(F809:F813)","v":383.11},"m²"]
[2000]
[{"$f":"IFERROR(LEFT(D816,SEARCH(\".\",D816)-1),\"\")","v":"9"},{"$f":"IFERROR(LEFT(RIGHT(D816,LEN(D816)-SEARCH(\".\",D816)),SEARCH(\".\",RIGHT(D816,LEN(D816)-SEARCH(\".\",D816)))-1),\"\")","v":"1"},{"$f":"IFERROR(IF(LEN(D816)-LEN(SUBSTITUTE(D816,\".\",\"\"))<>3,\"\",MID(D816,SEARCH(\".\",D816,SEARCH(\".\",D816)+1)+1,LEN(D816)-SEARCH(\".\",D816,SEARCH(\".\",D816)+1)-(LEN(D816)-(SEARCH(\".\",D816,SEARCH(\".\",D816,SEARCH(\".\",D816)+1)+1)-1)))),\"\")","v":""},"9.1.4",{"$f":"IF($G816=\"SINAPI\",VLOOKUP($F816,DADOS_SINAPI,2,0),IF(G816=\"SETOP\",VLOOKUP($F816,DADOS_SETOP,2,0),IF(G816=\"CPU\",VLOOKUP($F816,DADOS_COMPOSICAO,2,0),IF(G816=\"SICRO\",VLOOKUP($F816,DADOS_SICRO,2,0),IF(G816=\"SUDECAP\",VLOOKUP(F816,DADOS_SUDECAP,2,0),IF(G816=\"COTAÇÃO\",VLOOKUP($F816,DADOS_COTACAO,2,0),\"\"))))))","v":"EMASSAMENTO EM PAREDE COM MASSA CORRIDA (PVA), DUAS (2) DEMÃOS, INCLUSIVE LIXAMENTO PARA PINTURA"},"ED-50478","SETOP",{"$f":"IF(G816=\"SINAPI\",VLOOKUP($F816,DADOS_SINAPI,3,0),IF(G816=\"SETOP\",VLOOKUP($F816,DADOS_SETOP,3,0),IF(G816=\"CPU\",VLOOKUP($F816,DADOS_COMPOSICAO,10,0),IF(G816=\"SICRO\",VLOOKUP($F816,DADOS_SICRO,3,0),IF(G816=\"SUDECAP\",VLOOKUP(F816,DADOS_SUDECAP,3,0),IF(G816=\"COTAÇÃO\",VLOOKUP($F816,DADOS_COTACAO,9,0),\"\"))))))","v":"m2"},{"$f":"F823","v":278.8},{"$f":"TRUNC(IF(G816=\"SINAPI\",VLOOKUP($F816,DADOS_SINAPI,4,0),IF(G816=\"SETOP\",VLOOKUP($F816,DADOS_SETOP,4,0),IF(G816=\"CPU\",VLOOKUP($F816,DADOS_COMPOSICAO,13,0),IF(G816=\"SICRO\",VLOOKUP($F816,DADOS_SICRO,4,0),IF(G816=\"SUDECAP\",VLOOKUP(F816,DADOS_SUDECAP,4,0),IF(G816=\"COTAÇÃO\",VLOOKUP(F816,DADOS_COTACAO,12,0),\"\")))))),2)","v":18.91},"BDI 1",{"$f":"TRUNC(J816*(1+$N$17),2)","v":23.92},{"$f":"IFERROR(TRUNC(I816*J816,2),\"\")","v":5272.1},6668.9]
[2000]
[2000,null,null,null,"Sala de Aula 01",72.459999999999994,"m²"]
[2000,null,null,null,"Sala de Aula 02",65.92,"m²"]
[2000,null,null,null,"Sala de Aula 03",63.87,"m²"]
[2000,null,null,null,"Sala de Aula 04",71.39,"m²"]
[2000,null,null,null,"Casa de Gás",5.16,"m²"]
[2000,null,null,null,"Total",{"$f":"SUM(F818:F822)","v":278.8},"m²"]
[2000]
[{"$f":"IFERROR(LEFT(D825,SEARCH(\".\",D825)-1),\"\")","v":"9"},{"$f":"IFERROR(LEFT(RIGHT(D825,LEN(D825)-SEARCH(\".\",D825)),SEARCH(\".\",RIGHT(D825,LEN(D825)-SEARCH(\".\",D825)))-1),\"\")","v":"1"},{"$f":"IFERROR(IF(LEN(D825)-LEN(SUBSTITUTE(D825,\".\",\"\"))<>3,\"\",MID(D825,SEARCH(\".\",D825,SEARCH(\".\",D825)+1)+1,LEN(D825)-SEARCH(\".\",D825,SEARCH(\".\",D825)+1)-(LEN(D825)-(SEARCH(\".\",D825,SEARCH(\".\",D825,SEARCH(\".\",D825)+1)+1)-1)))),\"\")","v":""},"9.1.5",{"$f":"IF($G825=\"SINAPI\",VLOOKUP($F825,DADOS_SINAPI,2,0),IF(G825=\"SETOP\",VLOOKUP($F825,DADOS_SETOP,2,0),IF(G825=\"CPU\",VLOOKUP($F825,DADOS_COMPOSICAO,2,0),IF(G825=\"SICRO\",VLOOKUP($F825,DADOS_SICRO,2,0),IF(G825=\"SUDECAP\",VLOOKUP(F825,DADOS_SUDECAP,2,0),IF(G825=\"COTAÇÃO\",VLOOKUP($F825,DADOS_COTACAO,2,0),\"\"))))))","v":"IMPERMEABILIZAÇÃO DE SUPERFÍCIE COM ARGAMASSA POLIMÉRICA / MEMBRANA ACRÍLICA, 3 DEMÃOS. AF_09/2023"},98555,"SINAPI",{"$f":"IF(G825=\"SINAPI\",VLOOKUP($F825,DADOS_SINAPI,3,0),IF(G825=\"SETOP\",VLOOKUP($F825,DADOS_SETOP,3,0),IF(G825=\"CPU\",VLOOKUP($F825,DADOS_COMPOSICAO,10,0),IF(G825=\"SICRO\",VLOOKUP($F825,DADOS_SICRO,3,0),IF(G825=\"SUDECAP\",VLOOKUP(F825,DADOS_SUDECAP,3,0),IF(G825=\"COTAÇÃO\",VLOOKUP($F825,DADOS_COTACAO,9,0),\"\"))))))","v":"M2"},{"$f":"F834","v":301.8},{"$f":"TRUNC(IF(G825=\"SINAPI\",VLOOKUP($F825,DADOS_SINAPI,4,0),IF(G825=\"SETOP\",VLOOKUP($F825,DADOS_SETOP,4,0),IF(G825=\"CPU\",VLOOKUP($F825,DADOS_COMPOSICAO,13,0),IF(G825=\"SICRO\",VLOOKUP($F825,DADOS_SICRO,4,0),IF(G825=\"SUDECAP\",VLOOKUP(F825,DADOS_SUDECAP,4,0),IF(G825=\"COTAÇÃO\",VLOOKUP(F825,DADOS_COTACAO,12,0),\"\")))))),2)","v":30.79},"BDI 1",{"$f":"TRUNC(J825*(1+$N$17),2)","v":38.950000000000003},{"$f":"IFERROR(TRUNC(I825*J825,2),\"\")","v":9292.42},{"$f":"IFERROR(TRUNC(L825*I825,2),\"\")","v":11755.11}]
[2000]
[2000,null,null,null,"Banheiros/DML",{"$f":"82.85*1.5","v":124.27499999999999},"m²"]
[2000,null,null,null,"Cozinha",{"$f":"35.62*1.5","v":53.429999999999993},"m²"]
[2000,null,null,null,"Despensa",{"$f":"12.1*1.5","v":18.149999999999999},"m²"]
[2000,null,null,null,"Refeitório",{"$f":"25.85*1.5","v":38.775000000000006},"m²"]
[2000,null,null,null,"Triagem",{"$f":"10.69*1.5","v":16.035},"m²"]
[2000,null,null,null,"Refeitório",{"$f":"25.85*1.5","v":38.775000000000006},"m²"]
[2000,null,null,null,"Casa de Gás",{"$f":"8.24*1.5","v":12.36},"m²"]
[2000,null,null,null,"Total",{"$f":"SUM(F827:F833)","v":301.8},"m²"]
[2000]
[{"$f":"IFERROR(LEFT(D836,SEARCH(\".\",D836)-1),\"\")","v":"9"},{"$f":"IFERROR(LEFT(RIGHT(D836,LEN(D836)-SEARCH(\".\",D836)),SEARCH(\".\",RIGHT(D836,LEN(D836)-SEARCH(\".\",D836)))-1),\"\")","v":"1"},{"$f":"IFERROR(IF(LEN(D836)-LEN(SUBSTITUTE(D836,\".\",\"\"))<>3,\"\",MID(D836,SEARCH(\".\",D836,SEARCH(\".\",D836)+1)+1,LEN(D836)-SEARCH(\".\",D836,SEARCH(\".\",D836)+1)-(LEN(D836)-(SEARCH(\".\",D836,SEARCH(\".\",D836,SEARCH(\".\",D836)+1)+1)-1)))),\"\")","v":""},"9.1.6",{"$f":"IF($G836=\"SINAPI\",VLOOKUP($F836,DADOS_SINAPI,2,0),IF(G836=\"SETOP\",VLOOKUP($F836,DADOS_SETOP,2,0),IF(G836=\"CPU\",VLOOKUP($F836,DADOS_COMPOSICAO,2,0),IF(G836=\"SICRO\",VLOOKUP($F836,DADOS_SICRO,2,0),IF(G836=\"SUDECAP\",VLOOKUP(F836,DADOS_SUDECAP,2,0),IF(G836=\"COTAÇÃO\",VLOOKUP($F836,DADOS_COTACAO,2,0),\"\"))))))","v":"APLICAÇÃO DE RESINA SINTÉTICA PARA APLICAÇÃO DE GESSO"},"DAC-9.1","CPU",{"$f":"IF(G836=\"SINAPI\",VLOOKUP($F836,DADOS_SINAPI,3,0),IF(G836=\"SETOP\",VLOOKUP($F836,DADOS_SETOP,3,0),IF(G836=\"CPU\",VLOOKUP($F836,DADOS_COMPOSICAO,10,0),IF(G836=\"SICRO\",VLOOKUP($F836,DADOS_SICRO,3,0),IF(G836=\"SUDECAP\",VLOOKUP(F836,DADOS_SUDECAP,3,0),IF(G836=\"COTAÇÃO\",VLOOKUP($F836,DADOS_COTACAO,9,0),\"\"))))))","v":"M2"},{"$f":"F850","v":284.02999999999997},{"$f":"TRUNC(IF(G836=\"SINAPI\",VLOOKUP($F836,DADOS_SINAPI,4,0),IF(G836=\"SETOP\",VLOOKUP($F836,DADOS_SETOP,4,0),IF(G836=\"CPU\",VLOOKUP($F836,DADOS_COMPOSICAO,13,0),IF(G836=\"SICRO\",VLOOKUP($F836,DADOS_SICRO,4,0),IF(G836=\"SUDECAP\",VLOOKUP(F836,DADOS_SUDECAP,4,0),IF(G836=\"COTAÇÃO\",VLOOKUP(F836,DADOS_COTACAO,12,0),\"\")))))),2)","v":8.27},"BDI 1",{"$f":"TRUNC(J836*(1+$N$17),2)","v":10.46},{"$f":"IFERROR(TRUNC(I836*J836,2),\"\")","v":2348.92},{"$f":"IFERROR(TRUNC(L836*I836,2),\"\")","v":2970.95}]
[2000]
[2000,null,null,null,"Sala de Aula 1",33,"m²"]
[2000,null,null,null,"Sala de Aula 2",33,"m²"]
[2000,null,null,null,"Sala de Aula 3",33,"m²"]
[2000,null,null,null,"Sala de Aula 4",33,"m²"]
[2000,null,null,null,"Triagem",6.22,"m²"]
[2000,null,null,null,"Despensa",8.39,"m²"]
[2000,null,null,null,"Cozinha",35.07,"m²"]
[2000,null,null,null,"Refeitório",38.42,"m²"]
[2000,null,null,null,"Banheiro Adulto/PNE",4.4000000000000004,"m²"]
[2000,null,null,null,"Banheiro Feminino",27.57,"m²"]
[2000,null,null,null,"Banheiro Masculino",27.56,"m²"]
[2000,null,null,null,"DML",4.4000000000000004,"m²"]
[2000,null,null,null,"Total",{"$f":"SUM(F838:F849)","v":284.02999999999997},"m²"]
[2000]
[{"$f":"IFERROR(LEFT(D852,SEARCH(\".\",D852)-1),\"\")","v":"9"},{"$f":"IFERROR(LEFT(RIGHT(D852,LEN(D852)-SEARCH(\".\",D852)),SEARCH(\".\",RIGHT(D852,LEN(D852)-SEARCH(\".\",D852)))-1),\"\")","v":"1"},{"$f":"IFERROR(IF(LEN(D852)-LEN(SUBSTITUTE(D852,\".\",\"\"))<>3,\"\",MID(D852,SEARCH(\".\",D852,SEARCH(\".\",D852)+1)+1,LEN(D852)-SEARCH(\".\",D852,SEARCH(\".\",D852)+1)-(LEN(D852)-(SEARCH(\".\",D852,SEARCH(\".\",D852,SEARCH(\".\",D852)+1)+1)-1)))),\"\")","v":""},"9.1.7",{"$f":"IF($G852=\"SINAPI\",VLOOKUP($F852,DADOS_SINAPI,2,0),IF(G852=\"SETOP\",VLOOKUP($F852,DADOS_SETOP,2,0),IF(G852=\"CPU\",VLOOKUP($F852,DADOS_COMPOSICAO,2,0),IF(G852=\"SICRO\",VLOOKUP($F852,DADOS_SICRO,2,0),IF(G852=\"SUDECAP\",VLOOKUP(F852,DADOS_SUDECAP,2,0),IF(G852=\"COTAÇÃO\",VLOOKUP($F852,DADOS_COTACAO,2,0),\"\"))))))","v":"APLICAÇÃO MANUAL DE GESSO DESEMPENADO (SEM TALISCAS) EM TETO DE AMBIENTES DE ÁREA MAIOR QUE 10M², ESPESSURA DE 1,0CM. AF_03/2023"},87414,"SINAPI",{"$f":"IF(G852=\"SINAPI\",VLOOKUP($F852,DADOS_SINAPI,3,0),IF(G852=\"SETOP\",VLOOKUP($F852,DADOS_SETOP,3,0),IF(G852=\"CPU\",VLOOKUP($F852,DADOS_COMPOSICAO,10,0),IF(G852=\"SICRO\",VLOOKUP($F852,DADOS_SICRO,3,0),IF(G852=\"SUDECAP\",VLOOKUP(F852,DADOS_SUDECAP,3,0),IF(G852=\"COTAÇÃO\",VLOOKUP($F852,DADOS_COTACAO,9,0),\"\"))))))","v":"M2"},{"$f":"F855","v":284.02999999999997},{"$f":"TRUNC(IF(G852=\"SINAPI\",VLOOKUP($F852,DADOS_SINAPI,4,0),IF(G852=\"SETOP\",VLOOKUP($F852,DADOS_SETOP,4,0),IF(G852=\"CPU\",VLOOKUP($F852,DADOS_COMPOSICAO,13,0),IF(G852=\"SICRO\",VLOOKUP($F852,DADOS_SICRO,4,0),IF(G852=\"SUDECAP\",VLOOKUP(F852,DADOS_SUDECAP,4,0),IF(G852=\"COTAÇÃO\",VLOOKUP(F852,DADOS_COTACAO,12,0),\"\")))))),2)","v":27.15},"BDI 1",{"$f":"TRUNC(J852*(1+$N$17),2)","v":34.35},{"$f":"IFERROR(TRUNC(I852*J852,2),\"\")","v":7711.41},{"$f":"IFERROR(TRUNC(L852*I852,2),\"\")","v":9756.43}]
[2000]
[2000,null,null,null,"Área Resina",{"$f":"F850","v":284.02999999999997},"m²"]
[2000,null,null,null,"Total",{"$f":"F854","v":284.02999999999997},"m²"]
[2000]
[{"$f":"IFERROR(LEFT(D857,SEARCH(\".\",D857)-1),\"\")","v":"9"},{"$f":"IFERROR(LEFT(RIGHT(D857,LEN(D857)-SEARCH(\".\",D857)),SEARCH(\".\",RIGHT(D857,LEN(D857)-SEARCH(\".\",D857)))-1),\"\")","v":"1"},{"$f":"IFERROR(IF(LEN(D857)-LEN(SUBSTITUTE(D857,\".\",\"\"))<>3,\"\",MID(D857,SEARCH(\".\",D857,SEARCH(\".\",D857)+1)+1,LEN(D857)-SEARCH(\".\",D857,SEARCH(\".\",D857)+1)-(LEN(D857)-(SEARCH(\".\",D857,SEARCH(\".\",D857,SEARCH(\".\",D857)+1)+1)-1)))),\"\")","v":""},"9.1.8",{"$f":"IF($G857=\"SINAPI\",VLOOKUP($F857,DADOS_SINAPI,2,0),IF(G857=\"SETOP\",VLOOKUP($F857,DADOS_SETOP,2,0),IF(G857=\"CPU\",VLOOKUP($F857,DADOS_COMPOSICAO,2,0),IF(G857=\"SICRO\",VLOOKUP($F857,DADOS_SICRO,2,0),IF(G857=\"SUDECAP\",VLOOKUP(F857,DADOS_SUDECAP,2,0),IF(G857=\"COTAÇÃO\",VLOOKUP($F857,DADOS_COTACAO,2,0),\"\"))))))","v":"MASSA ÚNICA, EM ARGAMASSA TRAÇO 1:2:8, PREPARO MECÂNICO, APLICADA MANUALMENTE EM TETO, E = 17,5MM, COM TALISCAS. AF_03/2024"},90406,"SINAPI",{"$f":"IF(G857=\"SINAPI\",VLOOKUP($F857,DADOS_SINAPI,3,0),IF(G857=\"SETOP\",VLOOKUP($F857,DADOS_SETOP,3,0),IF(G857=\"CPU\",VLOOKUP($F857,DADOS_COMPOSICAO,10,0),IF(G857=\"SICRO\",VLOOKUP($F857,DADOS_SICRO,3,0),IF(G857=\"SUDECAP\",VLOOKUP(F857,DADOS_SUDECAP,3,0),IF(G857=\"COTAÇÃO\",VLOOKUP($F857,DADOS_COTACAO,9,0),\"\"))))))","v":"M2"},{"$f":"F860","v":1.44},{"$f":"TRUNC(IF(G857=\"SINAPI\",VLOOKUP($F857,DADOS_SINAPI,4,0),IF(G857=\"SETOP\",VLOOKUP($F857,DADOS_SETOP,4,0),IF(G857=\"CPU\",VLOOKUP($F857,DADOS_COMPOSICAO,13,0),IF(G857=\"SICRO\",VLOOKUP($F857,DADOS_SICRO,4,0),IF(G857=\"SUDECAP\",VLOOKUP(F857,DADOS_SUDECAP,4,0),IF(G857=\"COTAÇÃO\",VLOOKUP(F857,DADOS_COTACAO,12,0),\"\")))))),2)","v":44},"BDI 1",{"$f":"TRUNC(J857*(1+$N$17),2)","v":55.66},{"$f":"IFERROR(TRUNC(I857*J857,2),\"\")","v":63.36},{"$f":"IFERROR(TRUNC(L857*I857,2),\"\")","v":80.150000000000006}]
[2000]
[2000,null,null,null,"Casa de Gás",{"$f":"0.6*2.4","v":1.44},"m²"]
[2000,null,null,null,"Total",{"$f":"SUM(F859:F859)","v":1.44},"m²"]
[2000]
[null,null,null,"9.2","REVESTIMENTOS EXTERNOS",null,null,null,null,null,null,null,{"$f":"IFERROR(SUMIFS(M:M,A:A,LEFT(D862,SEARCH(\".\",D862)-1),B:B,RIGHT(D862,LEN(D862)-SEARCH(\".\",D862))),\"\")","v":64170.43},{"$f":"IFERROR(SUMIFS(N:N,A:A,LEFT(D862,SEARCH(\".\",D862)-1),B:B,RIGHT(D862,LEN(D862)-SEARCH(\".\",D862))),\"\")","v":81175.280000000013}]
[{"$f":"IFERROR(LEFT(D863,SEARCH(\".\",D863)-1),\"\")","v":"9"},{"$f":"IFERROR(LEFT(RIGHT(D863,LEN(D863)-SEARCH(\".\",D863)),SEARCH(\".\",RIGHT(D863,LEN(D863)-SEARCH(\".\",D863)))-1),\"\")","v":"2"},{"$f":"IFERROR(IF(LEN(D863)-LEN(SUBSTITUTE(D863,\".\",\"\"))<>3,\"\",MID(D863,SEARCH(\".\",D863,SEARCH(\".\",D863)+1)+1,LEN(D863)-SEARCH(\".\",D863,SEARCH(\".\",D863)+1)-(LEN(D863)-(SEARCH(\".\",D863,SEARCH(\".\",D863,SEARCH(\".\",D863)+1)+1)-1)))),\"\")","v":""},"9.2.1",{"$f":"IF($G863=\"SINAPI\",VLOOKUP($F863,DADOS_SINAPI,2,0),IF(G863=\"SETOP\",VLOOKUP($F863,DADOS_SETOP,2,0),IF(G863=\"CPU\",VLOOKUP($F863,DADOS_COMPOSICAO,2,0),IF(G863=\"SICRO\",VLOOKUP($F863,DADOS_SICRO,2,0),IF(G863=\"SUDECAP\",VLOOKUP(F863,DADOS_SUDECAP,2,0),IF(G863=\"COTAÇÃO\",VLOOKUP($F863,DADOS_COTACAO,2,0),\"\"))))))","v":"CHAPISCO APLICADO EM ALVENARIA (COM PRESENÇA DE VÃOS) E ESTRUTURAS DE CONCRETO DE FACHADA, COM COLHER DE PEDREIRO.  ARGAMASSA TRAÇO 1:3 COM PREPARO EM BETONEIRA 400L. AF_10/2022"},87905,"SINAPI",{"$f":"IF(G863=\"SINAPI\",VLOOKUP($F863,DADOS_SINAPI,3,0),IF(G863=\"SETOP\",VLOOKUP($F863,DADOS_SETOP,3,0),IF(G863=\"CPU\",VLOOKUP($F863,DADOS_COMPOSICAO,10,0),IF(G863=\"SICRO\",VLOOKUP($F863,DADOS_SICRO,3,0),IF(G863=\"SUDECAP\",VLOOKUP(F863,DADOS_SUDECAP,3,0),IF(G863=\"COTAÇÃO\",VLOOKUP($F863,DADOS_COTACAO,9,0),\"\"))))))","v":"M2"},{"$f":"F869","v":550.62},{"$f":"TRUNC(IF(G863=\"SINAPI\",VLOOKUP($F863,DADOS_SINAPI,4,0),IF(G863=\"SETOP\",VLOOKUP($F863,DADOS_SETOP,4,0),IF(G863=\"CPU\",VLOOKUP($F863,DADOS_COMPOSICAO,13,0),IF(G863=\"SICRO\",VLOOKUP($F863,DADOS_SICRO,4,0),IF(G863=\"SUDECAP\",VLOOKUP(F863,DADOS_SUDECAP,4,0),IF(G863=\"COTAÇÃO\",VLOOKUP(F863,DADOS_COTACAO,12,0),\"\")))))),2)","v":8.17},"BDI 1",{"$f":"TRUNC(J863*(1+$N$17),2)","v":10.33},{"$f":"IFERROR(TRUNC(I863*J863,2),\"\")","v":4498.5600000000004},{"$f":"IFERROR(TRUNC(L863*I863,2),\"\")","v":5687.9}]
[2000]
[2000,null,null,null,"Salas de Aula",180.54,"m²"]
[2000,null,null,null,"Cozinha",175.79,"m²"]
[2000,null,null,null,"Casa de Gás",5.16,"m²"]
[2000,null,null,null,"Banheiros/DML",189.13,"m²"]
[2000,null,null,null,"Total",{"$f":"SUM(F865:F868)","v":550.62},"m²"]
[2000]
[{"$f":"IFERROR(LEFT(D871,SEARCH(\".\",D871)-1),\"\")","v":"9"},{"$f":"IFERROR(LEFT(RIGHT(D871,LEN(D871)-SEARCH(\".\",D871)),SEARCH(\".\",RIGHT(D871,LEN(D871)-SEARCH(\".\",D871)))-1),\"\")","v":"2"},{"$f":"IFERROR(IF(LEN(D871)-LEN(SUBSTITUTE(D871,\".\",\"\"))<>3,\"\",MID(D871,SEARCH(\".\",D871,SEARCH(\".\",D871)+1)+1,LEN(D871)-SEARCH(\".\",D871,SEARCH(\".\",D871)+1)-(LEN(D871)-(SEARCH(\".\",D871,SEARCH(\".\",D871,SEARCH(\".\",D871)+1)+1)-1)))),\"\")","v":""},"9.2.2",{"$f":"IF($G871=\"SINAPI\",VLOOKUP($F871,DADOS_SINAPI,2,0),IF(G871=\"SETOP\",VLOOKUP($F871,DADOS_SETOP,2,0),IF(G871=\"CPU\",VLOOKUP($F871,DADOS_COMPOSICAO,2,0),IF(G871=\"SICRO\",VLOOKUP($F871,DADOS_SICRO,2,0),IF(G871=\"SUDECAP\",VLOOKUP(F871,DADOS_SUDECAP,2,0),IF(G871=\"COTAÇÃO\",VLOOKUP($F871,DADOS_COTACAO,2,0),\"\"))))))","v":"EMBOÇO OU MASSA ÚNICA EM ARGAMASSA TRAÇO 1:2:8, PREPARO MECÂNICO COM BETONEIRA 400 L, APLICADA MANUALMENTE EM PANOS DE FACHADA COM PRESENÇA DE VÃOS, ESPESSURA DE 35 MM. AF_08/2022"},87779,"SINAPI",{"$f":"IF(G871=\"SINAPI\",VLOOKUP($F871,DADOS_SINAPI,3,0),IF(G871=\"SETOP\",VLOOKUP($F871,DADOS_SETOP,3,0),IF(G871=\"CPU\",VLOOKUP($F871,DADOS_COMPOSICAO,10,0),IF(G871=\"SICRO\",VLOOKUP($F871,DADOS_SICRO,3,0),IF(G871=\"SUDECAP\",VLOOKUP(F871,DADOS_SUDECAP,3,0),IF(G871=\"COTAÇÃO\",VLOOKUP($F871,DADOS_COTACAO,9,0),\"\"))))))","v":"M2"},{"$f":"F877","v":550.62},{"$f":"TRUNC(IF(G871=\"SINAPI\",VLOOKUP($F871,DADOS_SINAPI,4,0),IF(G871=\"SETOP\",VLOOKUP($F871,DADOS_SETOP,4,0),IF(G871=\"CPU\",VLOOKUP($F871,DADOS_COMPOSICAO,13,0),IF(G871=\"SICRO\",VLOOKUP($F871,DADOS_SICRO,4,0),IF(G871=\"SUDECAP\",VLOOKUP(F871,DADOS_SUDECAP,4,0),IF(G871=\"COTAÇÃO\",VLOOKUP(F871,DADOS_COTACAO,12,0),\"\")))))),2)","v":71.67},"BDI 1",{"$f":"TRUNC(J871*(1+$N$17),2)","v":90.67},{"$f":"IFERROR(TRUNC(I871*J871,2),\"\")","v":39462.93},49924.72]
[2000]
[2000,null,null,null,"Salas de Aula",{"$f":"F865","v":180.54},"m²"]
[2000,null,null,null,"Cozinha",{"$f":"F866","v":175.79},"m²"]
[2000,null,null,null,"Casa de Gás",{"$f":"F867","v":5.16},"m²"]
[2000,null,null,null,"Banheiros/DML",{"$f":"F868","v":189.13},"m²"]
[2000,null,null,null,"Total",{"$f":"SUM(F873:F876)","v":550.62},"m²"]
[2000]
[{"$f":"IFERROR(LEFT(D879,SEARCH(\".\",D879)-1),\"\")","v":"9"},{"$f":"IFERROR(LEFT(RIGHT(D879,LEN(D879)-SEARCH(\".\",D879)),SEARCH(\".\",RIGHT(D879,LEN(D879)-SEARCH(\".\",D879)))-1),\"\")","v":"2"},{"$f":"IFERROR(IF(LEN(D879)-LEN(SUBSTITUTE(D879,\".\",\"\"))<>3,\"\",MID(D879,SEARCH(\".\",D879,SEARCH(\".\",D879)+1)+1,LEN(D879)-SEARCH(\".\",D879,SEARCH(\".\",D879)+1)-(LEN(D879)-(SEARCH(\".\",D879,SEARCH(\".\",D879,SEARCH(\".\",D879)+1)+1)-1)))),\"\")","v":""},"9.2.3",{"$f":"IF($G879=\"SINAPI\",VLOOKUP($F879,DADOS_SINAPI,2,0),IF(G879=\"SETOP\",VLOOKUP($F879,DADOS_SETOP,2,0),IF(G879=\"CPU\",VLOOKUP($F879,DADOS_COMPOSICAO,2,0),IF(G879=\"SICRO\",VLOOKUP($F879,DADOS_SICRO,2,0),IF(G879=\"SUDECAP\",VLOOKUP(F879,DADOS_SUDECAP,2,0),IF(G879=\"COTAÇÃO\",VLOOKUP($F879,DADOS_COTACAO,2,0),\"\"))))))","v":"EMASSAMENTO EM PAREDE COM MASSA ACRÍLICA, DUAS (2) DEMÃOS, INCLUSIVE LIXAMENTO PARA PINTURA"},"ED-50474","SETOP",{"$f":"IF(G879=\"SINAPI\",VLOOKUP($F879,DADOS_SINAPI,3,0),IF(G879=\"SETOP\",VLOOKUP($F879,DADOS_SETOP,3,0),IF(G879=\"CPU\",VLOOKUP($F879,DADOS_COMPOSICAO,10,0),IF(G879=\"SICRO\",VLOOKUP($F879,DADOS_SICRO,3,0),IF(G879=\"SUDECAP\",VLOOKUP(F879,DADOS_SUDECAP,3,0),IF(G879=\"COTAÇÃO\",VLOOKUP($F879,DADOS_COTACAO,9,0),\"\"))))))","v":"m2"},{"$f":"F885","v":550.62},{"$f":"TRUNC(IF(G879=\"SINAPI\",VLOOKUP($F879,DADOS_SINAPI,4,0),IF(G879=\"SETOP\",VLOOKUP($F879,DADOS_SETOP,4,0),IF(G879=\"CPU\",VLOOKUP($F879,DADOS_COMPOSICAO,13,0),IF(G879=\"SICRO\",VLOOKUP($F879,DADOS_SICRO,4,0),IF(G879=\"SUDECAP\",VLOOKUP(F879,DADOS_SUDECAP,4,0),IF(G879=\"COTAÇÃO\",VLOOKUP(F879,DADOS_COTACAO,12,0),\"\")))))),2)","v":23.41},"BDI 1",{"$f":"TRUNC(J879*(1+$N$17),2)","v":29.61},{"$f":"IFERROR(TRUNC(I879*J879,2),\"\")","v":12890.01},16303.86]
[2000]
[2000,null,null,null,"Salas de Aula",{"$f":"F873","v":180.54},"m²"]
[2000,null,null,null,"Cozinha",{"$f":"F874","v":175.79},"m²"]
[2000,null,null,null,"Casa de Gás",{"$f":"F875","v":5.16},"m²"]
[2000,null,null,null,"Banheiros/DML",{"$f":"F876","v":189.13},"m²"]
[2000,null,null,null,"Total",{"$f":"SUM(F881:F884)","v":550.62},"m²"]
[2000]
[{"$f":"IFERROR(LEFT(D887,SEARCH(\".\",D887)-1),\"\")","v":"9"},{"$f":"IFERROR(LEFT(RIGHT(D887,LEN(D887)-SEARCH(\".\",D887)),SEARCH(\".\",RIGHT(D887,LEN(D887)-SEARCH(\".\",D887)))-1),\"\")","v":"2"},{"$f":"IFERROR(IF(LEN(D887)-LEN(SUBSTITUTE(D887,\".\",\"\"))<>3,\"\",MID(D887,SEARCH(\".\",D887,SEARCH(\".\",D887)+1)+1,LEN(D887)-SEARCH(\".\",D887,SEARCH(\".\",D887)+1)-(LEN(D887)-(SEARCH(\".\",D887,SEARCH(\".\",D887,SEARCH(\".\",D887)+1)+1)-1)))),\"\")","v":""},"9.2.4",{"$f":"IF($G887=\"SINAPI\",VLOOKUP($F887,DADOS_SINAPI,2,0),IF(G887=\"SETOP\",VLOOKUP($F887,DADOS_SETOP,2,0),IF(G887=\"CPU\",VLOOKUP($F887,DADOS_COMPOSICAO,2,0),IF(G887=\"SICRO\",VLOOKUP($F887,DADOS_SICRO,2,0),IF(G887=\"SUDECAP\",VLOOKUP(F887,DADOS_SUDECAP,2,0),IF(G887=\"COTAÇÃO\",VLOOKUP($F887,DADOS_COTACAO,2,0),\"\"))))))","v":"IMPERMEABILIZAÇÃO DE SUPERFÍCIE COM ARGAMASSA POLIMÉRICA / MEMBRANA ACRÍLICA, 3 DEMÃOS. AF_09/2023"},98555,"SINAPI",{"$f":"IF(G887=\"SINAPI\",VLOOKUP($F887,DADOS_SINAPI,3,0),IF(G887=\"SETOP\",VLOOKUP($F887,DADOS_SETOP,3,0),IF(G887=\"CPU\",VLOOKUP($F887,DADOS_COMPOSICAO,10,0),IF(G887=\"SICRO\",VLOOKUP($F887,DADOS_SICRO,3,0),IF(G887=\"SUDECAP\",VLOOKUP(F887,DADOS_SUDECAP,3,0),IF(G887=\"COTAÇÃO\",VLOOKUP($F887,DADOS_COTACAO,9,0),\"\"))))))","v":"M2"},{"$f":"F893","v":237.70499999999996},{"$f":"TRUNC(IF(G887=\"SINAPI\",VLOOKUP($F887,DADOS_SINAPI,4,0),IF(G887=\"SETOP\",VLOOKUP($F887,DADOS_SETOP,4,0),IF(G887=\"CPU\",VLOOKUP($F887,DADOS_COMPOSICAO,13,0),IF(G887=\"SICRO\",VLOOKUP($F887,DADOS_SICRO,4,0),IF(G887=\"SUDECAP\",VLOOKUP(F887,DADOS_SUDECAP,4,0),IF(G887=\"COTAÇÃO\",VLOOKUP(F887,DADOS_COTACAO,12,0),\"\")))))),2)","v":30.79},"BDI 1",{"$f":"TRUNC(J887*(1+$N$17),2)","v":38.950000000000003},{"$f":"IFERROR(TRUNC(I887*J887,2),\"\")","v":7318.93},9258.7999999999993]
[2000]
[2000,null,null,null,"Salas de Aula",{"$f":"58.68*1.5","v":88.02},"m²"]
[2000,null,null,null,"Cozinha",{"$f":"53.8*1.5","v":80.699999999999989},"m²"]
[2000,null,null,null,"Casa de Gás",{"$f":"F883","v":5.16},"m²"]
[2000,null,null,null,"Banheiros/DML",{"$f":"42.55*1.5","v":63.824999999999996},"m²"]
[2000,null,null,null,"Total",{"$f":"SUM(F889:F892)","v":237.70499999999996},"m²"]
[2000]
[1000,null,null,10,"SISTEMA DE PISOS",null,null,null,null,null,null,null,{"$f":"SUMIF(A:A,D895,M:M)","v":130807.43},{"$f":"SUMIF(A:A,D895,N:N)","v":165486.91}]
[null,null,null,"10.1","PISOS INTERNOS",null,null,null,null,null,null,null,{"$f":"IFERROR(SUMIFS(M:M,A:A,LEFT(D896,SEARCH(\".\",D896)-1),B:B,RIGHT(D896,LEN(D896)-SEARCH(\".\",D896))),\"\")","v":87598.37},{"$f":"IFERROR(SUMIFS(N:N,A:A,LEFT(D896,SEARCH(\".\",D896)-1),B:B,RIGHT(D896,LEN(D896)-SEARCH(\".\",D896))),\"\")","v":110823.43000000001}]
[{"$f":"IFERROR(LEFT(D897,SEARCH(\".\",D897)-1),\"\")","v":"10"},{"$f":"IFERROR(LEFT(RIGHT(D897,LEN(D897)-SEARCH(\".\",D897)),SEARCH(\".\",RIGHT(D897,LEN(D897)-SEARCH(\".\",D897)))-1),\"\")","v":"1"},{"$f":"IFERROR(IF(LEN(D897)-LEN(SUBSTITUTE(D897,\".\",\"\"))<>3,\"\",MID(D897,SEARCH(\".\",D897,SEARCH(\".\",D897)+1)+1,LEN(D897)-SEARCH(\".\",D897,SEARCH(\".\",D897)+1)-(LEN(D897)-(SEARCH(\".\",D897,SEARCH(\".\",D897,SEARCH(\".\",D897)+1)+1)-1)))),\"\")","v":""},"10.1.1",{"$f":"IF($G897=\"SINAPI\",VLOOKUP($F897,DADOS_SINAPI,2,0),IF(G897=\"SETOP\",VLOOKUP($F897,DADOS_SETOP,2,0),IF(G897=\"CPU\",VLOOKUP($F897,DADOS_COMPOSICAO,2,0),IF(G897=\"SICRO\",VLOOKUP($F897,DADOS_SICRO,2,0),IF(G897=\"SUDECAP\",VLOOKUP(F897,DADOS_SUDECAP,2,0),IF(G897=\"COTAÇÃO\",VLOOKUP($F897,DADOS_COTACAO,2,0),\"\"))))))","v":"LASTRO COM MATERIAL GRANULAR, APLICADO EM PISOS OU LAJES SOBRE SOLO, ESPESSURA DE *5 CM*. AF_01/2024"},96622,"SINAPI",{"$f":"IF(G897=\"SINAPI\",VLOOKUP($F897,DADOS_SINAPI,3,0),IF(G897=\"SETOP\",VLOOKUP($F897,DADOS_SETOP,3,0),IF(G897=\"CPU\",VLOOKUP($F897,DADOS_COMPOSICAO,10,0),IF(G897=\"SICRO\",VLOOKUP($F897,DADOS_SICRO,3,0),IF(G897=\"SUDECAP\",VLOOKUP(F897,DADOS_SUDECAP,3,0),IF(G897=\"COTAÇÃO\",VLOOKUP($F897,DADOS_COTACAO,9,0),\"\"))))))","v":"M3"},{"$f":"F913","v":14.2325},{"$f":"TRUNC(IF(G897=\"SINAPI\",VLOOKUP($F897,DADOS_SINAPI,4,0),IF(G897=\"SETOP\",VLOOKUP($F897,DADOS_SETOP,4,0),IF(G897=\"CPU\",VLOOKUP($F897,DADOS_COMPOSICAO,13,0),IF(G897=\"SICRO\",VLOOKUP($F897,DADOS_SICRO,4,0),IF(G897=\"SUDECAP\",VLOOKUP(F897,DADOS_SUDECAP,4,0),IF(G897=\"COTAÇÃO\",VLOOKUP(F897,DADOS_COTACAO,12,0),\"\")))))),2)","v":251.17},"BDI 1",{"$f":"TRUNC(J897*(1+$N$17),2)","v":317.77999999999997},{"$f":"IFERROR(TRUNC(I897*J897,2),\"\")","v":3574.77},4522.01]
[2000]
[2000,null,null,null,"Sala de Aula 1",33,"m²"]
[2000,null,null,null,"Sala de Aula 2",33,"m²"]
[2000,null,null,null,"Sala de Aula 3",33,"m²"]
[2000,null,null,null,"Sala de Aula 4",33,"m²"]
[2000,null,null,null,"Triagem",6.22,"m²"]
[2000,null,null,null,"Despensa",8.39,"m²"]
[2000,null,null,null,"Cozinha",34.18,"m²"]
[2000,null,null,null,"Refeitório",38.42,"m²"]
[2000,null,null,null,"Casa de Gás",1.44,"m²"]
[2000,null,null,null,"Banheiro Feminino",27.6,"m²"]
[2000,null,null,null,"Banheiro masculino",27.6,"m²"]
[2000,null,null,null,"DML",4.4000000000000004,"m²"]
[2000,null,null,null,"Banheiro Adultos/PNE ",4.4000000000000004,"m²"]
[2000,null,null,null,"Espessura",0.05,"m"]
[2000,null,null,null,"Total",{"$f":"(SUM(F899:F911))*F912","v":14.2325},"m³"]
[2000]
[{"$f":"IFERROR(LEFT(D915,SEARCH(\".\",D915)-1),\"\")","v":"10"},{"$f":"IFERROR(LEFT(RIGHT(D915,LEN(D915)-SEARCH(\".\",D915)),SEARCH(\".\",RIGHT(D915,LEN(D915)-SEARCH(\".\",D915)))-1),\"\")","v":"1"},{"$f":"IFERROR(IF(LEN(D915)-LEN(SUBSTITUTE(D915,\".\",\"\"))<>3,\"\",MID(D915,SEARCH(\".\",D915,SEARCH(\".\",D915)+1)+1,LEN(D915)-SEARCH(\".\",D915,SEARCH(\".\",D915)+1)-(LEN(D915)-(SEARCH(\".\",D915,SEARCH(\".\",D915,SEARCH(\".\",D915)+1)+1)-1)))),\"\")","v":""},"10.1.2",{"$f":"IF($G915=\"SINAPI\",VLOOKUP($F915,DADOS_SINAPI,2,0),IF(G915=\"SETOP\",VLOOKUP($F915,DADOS_SETOP,2,0),IF(G915=\"CPU\",VLOOKUP($F915,DADOS_COMPOSICAO,2,0),IF(G915=\"SICRO\",VLOOKUP($F915,DADOS_SICRO,2,0),IF(G915=\"SUDECAP\",VLOOKUP(F915,DADOS_SUDECAP,2,0),IF(G915=\"COTAÇÃO\",VLOOKUP($F915,DADOS_COTACAO,2,0),\"\"))))))","v":"APILOAMENTO MECANIZADO EM FUNDO DE VALA COM PLACA VIBRATÓRIA, EXCLUSIVE ESCAVAÇÃO"},"ED-51094","SETOP",{"$f":"IF(G915=\"SINAPI\",VLOOKUP($F915,DADOS_SINAPI,3,0),IF(G915=\"SETOP\",VLOOKUP($F915,DADOS_SETOP,3,0),IF(G915=\"CPU\",VLOOKUP($F915,DADOS_COMPOSICAO,10,0),IF(G915=\"SICRO\",VLOOKUP($F915,DADOS_SICRO,3,0),IF(G915=\"SUDECAP\",VLOOKUP(F915,DADOS_SUDECAP,3,0),IF(G915=\"COTAÇÃO\",VLOOKUP($F915,DADOS_COTACAO,9,0),\"\"))))))","v":"m2"},{"$f":"F930","v":284.64999999999998},{"$f":"TRUNC(IF(G915=\"SINAPI\",VLOOKUP($F915,DADOS_SINAPI,4,0),IF(G915=\"SETOP\",VLOOKUP($F915,DADOS_SETOP,4,0),IF(G915=\"CPU\",VLOOKUP($F915,DADOS_COMPOSICAO,13,0),IF(G915=\"SICRO\",VLOOKUP($F915,DADOS_SICRO,4,0),IF(G915=\"SUDECAP\",VLOOKUP(F915,DADOS_SUDECAP,4,0),IF(G915=\"COTAÇÃO\",VLOOKUP(F915,DADOS_COTACAO,12,0),\"\")))))),2)","v":13.63},"BDI 1",{"$f":"TRUNC(J915*(1+$N$17),2)","v":17.239999999999998},{"$f":"IFERROR(TRUNC(I915*J915,2),\"\")","v":3879.77},4907.37]
[2000]
[2000,null,null,null,"Sala de Aula 1",33,"m²"]
[2000,null,null,null,"Sala de Aula 2",33,"m²"]
[2000,null,null,null,"Sala de Aula 3",33,"m²"]
[2000,null,null,null,"Sala de Aula 4",33,"m²"]
[2000,null,null,null,"Triagem",6.22,"m²"]
[2000,null,null,null,"Despensa",8.39,"m²"]
[2000,null,null,null,"Cozinha",34.18,"m²"]
[2000,null,null,null,"Refeitório",38.42,"m²"]
[2000,null,null,null,"Casa de Gás",{"$f":"F907","v":1.44},"m²"]
[2000,null,null,null,"Banheiro Feminino",27.6,"m²"]
[2000,null,null,null,"Banheiro masculino",27.6,"m²"]
[2000,null,null,null,"DML",4.4000000000000004,"m²"]
[2000,null,null,null,"Banheiro Adultos/PNE ",4.4000000000000004,"m²"]
[2000,null,null,null,"Total",{"$f":"SUM(F917:F929)","v":284.64999999999998},"m²"]
[2000]
[{"$f":"IFERROR(LEFT(D932,SEARCH(\".\",D932)-1),\"\")","v":"10"},{"$f":"IFERROR(LEFT(RIGHT(D932,LEN(D932)-SEARCH(\".\",D932)),SEARCH(\".\",RIGHT(D932,LEN(D932)-SEARCH(\".\",D932)))-1),\"\")","v":"1"},{"$f":"IFERROR(IF(LEN(D932)-LEN(SUBSTITUTE(D932,\".\",\"\"))<>3,\"\",MID(D932,SEARCH(\".\",D932,SEARCH(\".\",D932)+1)+1,LEN(D932)-SEARCH(\".\",D932,SEARCH(\".\",D932)+1)-(LEN(D932)-(SEARCH(\".\",D932,SEARCH(\".\",D932,SEARCH(\".\",D932)+1)+1)-1)))),\"\")","v":""},"10.1.3",{"$f":"IF($G932=\"SINAPI\",VLOOKUP($F932,DADOS_SINAPI,2,0),IF(G932=\"SETOP\",VLOOKUP($F932,DADOS_SETOP,2,0),IF(G932=\"CPU\",VLOOKUP($F932,DADOS_COMPOSICAO,2,0),IF(G932=\"SICRO\",VLOOKUP($F932,DADOS_SICRO,2,0),IF(G932=\"SUDECAP\",VLOOKUP(F932,DADOS_SUDECAP,2,0),IF(G932=\"COTAÇÃO\",VLOOKUP($F932,DADOS_COTACAO,2,0),\"\"))))))","v":"EXECUÇÃO DE PASSEIO (CALÇADA) OU PISO DE CONCRETO COM CONCRETO MOLDADO IN LOCO, USINADO, ACABAMENTO CONVENCIONAL, ESPESSURA 10 CM, ARMADO"},"DAC-10.1","CPU",{"$f":"IF(G932=\"SINAPI\",VLOOKUP($F932,DADOS_SINAPI,3,0),IF(G932=\"SETOP\",VLOOKUP($F932,DADOS_SETOP,3,0),IF(G932=\"CPU\",VLOOKUP($F932,DADOS_COMPOSICAO,10,0),IF(G932=\"SICRO\",VLOOKUP($F932,DADOS_SICRO,3,0),IF(G932=\"SUDECAP\",VLOOKUP(F932,DADOS_SUDECAP,3,0),IF(G932=\"COTAÇÃO\",VLOOKUP($F932,DADOS_COTACAO,9,0),\"\"))))))","v":"M2"},{"$f":"F947","v":284.64999999999998},{"$f":"TRUNC(IF(G932=\"SINAPI\",VLOOKUP($F932,DADOS_SINAPI,4,0),IF(G932=\"SETOP\",VLOOKUP($F932,DADOS_SETOP,4,0),IF(G932=\"CPU\",VLOOKUP($F932,DADOS_COMPOSICAO,13,0),IF(G932=\"SICRO\",VLOOKUP($F932,DADOS_SICRO,4,0),IF(G932=\"SUDECAP\",VLOOKUP(F932,DADOS_SUDECAP,4,0),IF(G932=\"COTAÇÃO\",VLOOKUP(F932,DADOS_COTACAO,12,0),\"\")))))),2)","v":125.25},"BDI 1",{"$f":"TRUNC(J932*(1+$N$17),2)","v":158.46},{"$f":"IFERROR(TRUNC(I932*J932,2),\"\")","v":35652.410000000003},45105.64]
[2000]
[2000,null,null,null,"Sala de Aula 1",33,"m²"]
[2000,null,null,null,"Sala de Aula 2",33,"m²"]
[2000,null,null,null,"Sala de Aula 3",33,"m²"]
[2000,null,null,null,"Sala de Aula 4",33,"m²"]
[2000,null,null,null,"Triagem",6.22,"m²"]
[2000,null,null,null,"Despensa",8.39,"m²"]
[2000,null,null,null,"Cozinha",34.18,"m²"]
[2000,null,null,null,"Refeitório",38.42,"m²"]
[2000,null,null,null,"Casa de Gás",{"$f":"F925","v":1.44},"m²"]
[2000,null,null,null,"Banheiro Feminino",27.6,"m²"]
[2000,null,null,null,"Banheiro masculino",27.6,"m²"]
[2000,null,null,null,"DML",{"$f":"F928","v":4.4000000000000004},"m²"]
[2000,null,null,null,"Banheiro Adultos/PNE ",{"$f":"F929","v":4.4000000000000004},"m²"]
[2000,null,null,null,"Total",{"$f":"SUM(F934:F946)","v":284.64999999999998},"m²"]
[2000]
[{"$f":"IFERROR(LEFT(D949,SEARCH(\".\",D949)-1),\"\")","v":"10"},{"$f":"IFERROR(LEFT(RIGHT(D949,LEN(D949)-SEARCH(\".\",D949)),SEARCH(\".\",RIGHT(D949,LEN(D949)-SEARCH(\".\",D949)))-1),\"\")","v":"1"},{"$f":"IFERROR(IF(LEN(D949)-LEN(SUBSTITUTE(D949,\".\",\"\"))<>3,\"\",MID(D949,SEARCH(\".\",D949,SEARCH(\".\",D949)+1)+1,LEN(D949)-SEARCH(\".\",D949,SEARCH(\".\",D949)+1)-(LEN(D949)-(SEARCH(\".\",D949,SEARCH(\".\",D949,SEARCH(\".\",D949)+1)+1)-1)))),\"\")","v":""},"10.1.4",{"$f":"IF($G949=\"SINAPI\",VLOOKUP($F949,DADOS_SINAPI,2,0),IF(G949=\"SETOP\",VLOOKUP($F949,DADOS_SETOP,2,0),IF(G949=\"CPU\",VLOOKUP($F949,DADOS_COMPOSICAO,2,0),IF(G949=\"SICRO\",VLOOKUP($F949,DADOS_SICRO,2,0),IF(G949=\"SUDECAP\",VLOOKUP(F949,DADOS_SUDECAP,2,0),IF(G949=\"COTAÇÃO\",VLOOKUP($F949,DADOS_COTACAO,2,0),\"\"))))))","v":"CONTRAPISO EM ARGAMASSA TRAÇO 1:4 (CIMENTO E AREIA), PREPARO MECÂNICO COM BETONEIRA 400 L, APLICADO EM ÁREAS SECAS SOBRE LAJE, ADERIDO, ACABAMENTO NÃO REFORÇADO, ESPESSURA 3CM. AF_07/2021"},87630,"SINAPI",{"$f":"IF(G949=\"SINAPI\",VLOOKUP($F949,DADOS_SINAPI,3,0),IF(G949=\"SETOP\",VLOOKUP($F949,DADOS_SETOP,3,0),IF(G949=\"CPU\",VLOOKUP($F949,DADOS_COMPOSICAO,10,0),IF(G949=\"SICRO\",VLOOKUP($F949,DADOS_SICRO,3,0),IF(G949=\"SUDECAP\",VLOOKUP(F949,DADOS_SUDECAP,3,0),IF(G949=\"COTAÇÃO\",VLOOKUP($F949,DADOS_COTACAO,9,0),\"\"))))))","v":"M2"},{"$f":"F956","v":133.44},{"$f":"TRUNC(IF(G949=\"SINAPI\",VLOOKUP($F949,DADOS_SINAPI,4,0),IF(G949=\"SETOP\",VLOOKUP($F949,DADOS_SETOP,4,0),IF(G949=\"CPU\",VLOOKUP($F949,DADOS_COMPOSICAO,13,0),IF(G949=\"SICRO\",VLOOKUP($F949,DADOS_SICRO,4,0),IF(G949=\"SUDECAP\",VLOOKUP(F949,DADOS_SUDECAP,4,0),IF(G949=\"COTAÇÃO\",VLOOKUP(F949,DADOS_COTACAO,12,0),\"\")))))),2)","v":40.67},"BDI 1",{"$f":"TRUNC(J949*(1+$N$17),2)","v":51.45},{"$f":"IFERROR(TRUNC(I949*J949,2),\"\")","v":5427},6865.49]
[2000]
[2000,null,null,null,"Sala de Aula 1",33,"m²"]
[2000,null,null,null,"Sala de Aula 2",33,"m²"]
[2000,null,null,null,"Sala de Aula 3",33,"m²"]
[2000,null,null,null,"Sala de Aula 4",33,"m²"]
[2000,null,null,null,"Casa de Gás",1.44,"m²"]
[2000,null,null,null,"Total",{"$f":"SUM(F951:F955)","v":133.44},"m²"]
[2000]
[{"$f":"IFERROR(LEFT(D958,SEARCH(\".\",D958)-1),\"\")","v":"10"},{"$f":"IFERROR(LEFT(RIGHT(D958,LEN(D958)-SEARCH(\".\",D958)),SEARCH(\".\",RIGHT(D958,LEN(D958)-SEARCH(\".\",D958)))-1),\"\")","v":"1"},{"$f":"IFERROR(IF(LEN(D958)-LEN(SUBSTITUTE(D958,\".\",\"\"))<>3,\"\",MID(D958,SEARCH(\".\",D958,SEARCH(\".\",D958)+1)+1,LEN(D958)-SEARCH(\".\",D958,SEARCH(\".\",D958)+1)-(LEN(D958)-(SEARCH(\".\",D958,SEARCH(\".\",D958,SEARCH(\".\",D958)+1)+1)-1)))),\"\")","v":""},"10.1.5",{"$f":"IF($G958=\"SINAPI\",VLOOKUP($F958,DADOS_SINAPI,2,0),IF(G958=\"SETOP\",VLOOKUP($F958,DADOS_SETOP,2,0),IF(G958=\"CPU\",VLOOKUP($F958,DADOS_COMPOSICAO,2,0),IF(G958=\"SICRO\",VLOOKUP($F958,DADOS_SICRO,2,0),IF(G958=\"SUDECAP\",VLOOKUP(F958,DADOS_SUDECAP,2,0),IF(G958=\"COTAÇÃO\",VLOOKUP($F958,DADOS_COTACAO,2,0),\"\"))))))","v":"CONTRAPISO EM ARGAMASSA TRAÇO 1:4 (CIMENTO E AREIA), PREPARO MECÂNICO COM BETONEIRA 400 L, APLICADO EM ÁREAS MOLHADAS SOBRE LAJE, ADERIDO, ACABAMENTO NÃO REFORÇADO, ESPESSURA 3CM. AF_07/2021"},87745,"SINAPI",{"$f":"IF(G958=\"SINAPI\",VLOOKUP($F958,DADOS_SINAPI,3,0),IF(G958=\"SETOP\",VLOOKUP($F958,DADOS_SETOP,3,0),IF(G958=\"CPU\",VLOOKUP($F958,DADOS_COMPOSICAO,10,0),IF(G958=\"SICRO\",VLOOKUP($F958,DADOS_SICRO,3,0),IF(G958=\"SUDECAP\",VLOOKUP(F958,DADOS_SUDECAP,3,0),IF(G958=\"COTAÇÃO\",VLOOKUP($F958,DADOS_COTACAO,9,0),\"\"))))))","v":"M2"},{"$f":"F968","v":151.21},{"$f":"TRUNC(IF(G958=\"SINAPI\",VLOOKUP($F958,DADOS_SINAPI,4,0),IF(G958=\"SETOP\",VLOOKUP($F958,DADOS_SETOP,4,0),IF(G958=\"CPU\",VLOOKUP($F958,DADOS_COMPOSICAO,13,0),IF(G958=\"SICRO\",VLOOKUP($F958,DADOS_SICRO,4,0),IF(G958=\"SUDECAP\",VLOOKUP(F958,DADOS_SUDECAP,4,0),IF(G958=\"COTAÇÃO\",VLOOKUP(F958,DADOS_COTACAO,12,0),\"\")))))),2)","v":52.99},"BDI 1",{"$f":"TRUNC(J958*(1+$N$17),2)","v":67.040000000000006},{"$f":"IFERROR(TRUNC(I958*J958,2),\"\")","v":8012.61},10137.120000000001]
[2000]
[2000,null,null,null,"Triagem",6.22,"m²"]
[2000,null,null,null,"Despensa",8.39,"m²"]
[2000,null,null,null,"Cozinha",34.18,"m²"]
[2000,null,null,null,"Refeitório",38.42,"m²"]
[2000,null,null,null,"Banheiro Feminino",27.6,"m²"]
[2000,null,null,null,"Banheiro masculino",27.6,"m²"]
[2000,null,null,null,"DML",4.4000000000000004,"m²"]
[2000,null,null,null,"Banheiro Adultos/PNE ",4.4000000000000004,"m²"]
[2000,null,null,null,"Total",{"$f":"SUM(F960:F967)","v":151.21},"m²"]
[2000]
[{"$f":"IFERROR(LEFT(D970,SEARCH(\".\",D970)-1),\"\")","v":"10"},{"$f":"IFERROR(LEFT(RIGHT(D970,LEN(D970)-SEARCH(\".\",D970)),SEARCH(\".\",RIGHT(D970,LEN(D970)-SEARCH(\".\",D970)))-1),\"\")","v":"1"},{"$f":"IFERROR(IF(LEN(D970)-LEN(SUBSTITUTE(D970,\".\",\"\"))<>3,\"\",MID(D970,SEARCH(\".\",D970,SEARCH(\".\",D970)+1)+1,LEN(D970)-SEARCH(\".\",D970,SEARCH(\".\",D970)+1)-(LEN(D970)-(SEARCH(\".\",D970,SEARCH(\".\",D970,SEARCH(\".\",D970)+1)+1)-1)))),\"\")","v":""},"10.1.6",{"$f":"IF($G970=\"SINAPI\",VLOOKUP($F970,DADOS_SINAPI,2,0),IF(G970=\"SETOP\",VLOOKUP($F970,DADOS_SETOP,2,0),IF(G970=\"CPU\",VLOOKUP($F970,DADOS_COMPOSICAO,2,0),IF(G970=\"SICRO\",VLOOKUP($F970,DADOS_SICRO,2,0),IF(G970=\"SUDECAP\",VLOOKUP(F970,DADOS_SUDECAP,2,0),IF(G970=\"COTAÇÃO\",VLOOKUP($F970,DADOS_COTACAO,2,0),\"\"))))))","v":"REVESTIMENTO COM PORCELANATO APLICADO EM PISO, ACABAMENTO POLÍDO, AMBIENTE INTERNO, PADRÃO EXTRA, BORDA RETIFICADA, DIMENSÃO DA PEÇA (60X60)CM, ASSENTAMENTO COM ARGAMASSA INDUSTRIALIZADA, INCLUSIVE REJUNTAMENTO"},"ED-50754","SETOP",{"$f":"IF(G970=\"SINAPI\",VLOOKUP($F970,DADOS_SINAPI,3,0),IF(G970=\"SETOP\",VLOOKUP($F970,DADOS_SETOP,3,0),IF(G970=\"CPU\",VLOOKUP($F970,DADOS_COMPOSICAO,10,0),IF(G970=\"SICRO\",VLOOKUP($F970,DADOS_SICRO,3,0),IF(G970=\"SUDECAP\",VLOOKUP(F970,DADOS_SUDECAP,3,0),IF(G970=\"COTAÇÃO\",VLOOKUP($F970,DADOS_COTACAO,9,0),\"\"))))))","v":"m2"},{"$f":"F984","v":283.20999999999998},{"$f":"TRUNC(IF(G970=\"SINAPI\",VLOOKUP($F970,DADOS_SINAPI,4,0),IF(G970=\"SETOP\",VLOOKUP($F970,DADOS_SETOP,4,0),IF(G970=\"CPU\",VLOOKUP($F970,DADOS_COMPOSICAO,13,0),IF(G970=\"SICRO\",VLOOKUP($F970,DADOS_SICRO,4,0),IF(G970=\"SUDECAP\",VLOOKUP(F970,DADOS_SUDECAP,4,0),IF(G970=\"COTAÇÃO\",VLOOKUP(F970,DADOS_COTACAO,12,0),\"\")))))),2)","v":102.49},"BDI 1",{"$f":"TRUNC(J970*(1+$N$17),2)","v":129.66999999999999},{"$f":"IFERROR(TRUNC(I970*J970,2),\"\")","v":29026.19},{"$f":"IFERROR(TRUNC(L970*I970,2),\"\")","v":36723.839999999997}]
[2000]
[2000,null,null,null,"Sala de Aula 1",33,"m²"]
[2000,null,null,null,"Sala de Aula 2",33,"m²"]
[2000,null,null,null,"Sala de Aula 3",33,"m²"]
[2000,null,null,null,"Sala de Aula 4",33,"m²"]
[2000,null,null,null,"Triagem",6.22,"m²"]
[2000,null,null,null,"Despensa",8.39,"m²"]
[2000,null,null,null,"Cozinha",34.18,"m²"]
[2000,null,null,null,"Refeitório",38.42,"m²"]
[2000,null,null,null,"Banheiro Feminino",27.6,"m²"]
[2000,null,null,null,"Banheiro masculino",27.6,"m²"]
[2000,null,null,null,"DML",4.4000000000000004,"m²"]
[2000,null,null,null,"Banheiro Adultos/PNE ",4.4000000000000004,"m²"]
[2000,null,null,null,"Total",{"$f":"SUM(F972:F983)","v":283.20999999999998},"m²"]
[2000]
[{"$f":"IFERROR(LEFT(D986,SEARCH(\".\",D986)-1),\"\")","v":"10"},{"$f":"IFERROR(LEFT(RIGHT(D986,LEN(D986)-SEARCH(\".\",D986)),SEARCH(\".\",RIGHT(D986,LEN(D986)-SEARCH(\".\",D986)))-1),\"\")","v":"1"},{"$f":"IFERROR(IF(LEN(D986)-LEN(SUBSTITUTE(D986,\".\",\"\"))<>3,\"\",MID(D986,SEARCH(\".\",D986,SEARCH(\".\",D986)+1)+1,LEN(D986)-SEARCH(\".\",D986,SEARCH(\".\",D986)+1)-(LEN(D986)-(SEARCH(\".\",D986,SEARCH(\".\",D986,SEARCH(\".\",D986)+1)+1)-1)))),\"\")","v":""},"10.1.7",{"$f":"IF($G986=\"SINAPI\",VLOOKUP($F986,DADOS_SINAPI,2,0),IF(G986=\"SETOP\",VLOOKUP($F986,DADOS_SETOP,2,0),IF(G986=\"CPU\",VLOOKUP($F986,DADOS_COMPOSICAO,2,0),IF(G986=\"SICRO\",VLOOKUP($F986,DADOS_SICRO,2,0),IF(G986=\"SUDECAP\",VLOOKUP(F986,DADOS_SUDECAP,2,0),IF(G986=\"COTAÇÃO\",VLOOKUP($F986,DADOS_COTACAO,2,0),\"\"))))))","v":"RODAPÉ COM REVESTIMENTO EM PORCELANATO 60X60 COM BORDA RETIFICADA E ACABAMENTO POLIDO, ALTURA 10CM"},"DAC-10.2","CPU",{"$f":"IF(G986=\"SINAPI\",VLOOKUP($F986,DADOS_SINAPI,3,0),IF(G986=\"SETOP\",VLOOKUP($F986,DADOS_SETOP,3,0),IF(G986=\"CPU\",VLOOKUP($F986,DADOS_COMPOSICAO,10,0),IF(G986=\"SICRO\",VLOOKUP($F986,DADOS_SICRO,3,0),IF(G986=\"SUDECAP\",VLOOKUP(F986,DADOS_SUDECAP,3,0),IF(G986=\"COTAÇÃO\",VLOOKUP($F986,DADOS_COTACAO,9,0),\"\"))))))","v":"M"},{"$f":"F992","v":88.4},{"$f":"TRUNC(IF(G986=\"SINAPI\",VLOOKUP($F986,DADOS_SINAPI,4,0),IF(G986=\"SETOP\",VLOOKUP($F986,DADOS_SETOP,4,0),IF(G986=\"CPU\",VLOOKUP($F986,DADOS_COMPOSICAO,13,0),IF(G986=\"SICRO\",VLOOKUP($F986,DADOS_SICRO,4,0),IF(G986=\"SUDECAP\",VLOOKUP(F986,DADOS_SUDECAP,4,0),IF(G986=\"COTAÇÃO\",VLOOKUP(F986,DADOS_COTACAO,12,0),\"\")))))),2)","v":13.46},"BDI 1",{"$f":"TRUNC(J986*(1+$N$17),2)","v":17.02},{"$f":"IFERROR(TRUNC(I986*J986,2),\"\")","v":1189.8599999999999},1504.57]
[2000]
[2000,null,null,null,"Sala de Aula 1",{"$f":"23-0.9","v":22.1},"m"]
[2000,null,null,null,"Sala de Aula 2",{"$f":"23-0.9","v":22.1},"m"]
[2000,null,null,null,"Sala de Aula 3",{"$f":"23-0.9","v":22.1},"m"]
[2000,null,null,null,"Sala de Aula 4",{"$f":"23-0.9","v":22.1},"m"]
[2000,null,null,null,"Total",{"$f":"SUM(F988:F991)","v":88.4},"m"]
[2000]
[{"$f":"IFERROR(LEFT(D994,SEARCH(\".\",D994)-1),\"\")","v":"10"},{"$f":"IFERROR(LEFT(RIGHT(D994,LEN(D994)-SEARCH(\".\",D994)),SEARCH(\".\",RIGHT(D994,LEN(D994)-SEARCH(\".\",D994)))-1),\"\")","v":"1"},{"$f":"IFERROR(IF(LEN(D994)-LEN(SUBSTITUTE(D994,\".\",\"\"))<>3,\"\",MID(D994,SEARCH(\".\",D994,SEARCH(\".\",D994)+1)+1,LEN(D994)-SEARCH(\".\",D994,SEARCH(\".\",D994)+1)-(LEN(D994)-(SEARCH(\".\",D994,SEARCH(\".\",D994,SEARCH(\".\",D994)+1)+1)-1)))),\"\")","v":""},"10.1.8",{"$f":"IF($G994=\"SINAPI\",VLOOKUP($F994,DADOS_SINAPI,2,0),IF(G994=\"SETOP\",VLOOKUP($F994,DADOS_SETOP,2,0),IF(G994=\"CPU\",VLOOKUP($F994,DADOS_COMPOSICAO,2,0),IF(G994=\"SICRO\",VLOOKUP($F994,DADOS_SICRO,2,0),IF(G994=\"SUDECAP\",VLOOKUP(F994,DADOS_SUDECAP,2,0),IF(G994=\"COTAÇÃO\",VLOOKUP($F994,DADOS_COTACAO,2,0),\"\"))))))","v":"SOLEIRA DE GRANITO, NA COR CINZA ANDORINHA, ESP. 3CM, ACABAMENTO POLIDO, ASSENTAMENTO COM ARGAMASSA INDUSTRIALIZADA, INCLUSIVE REJUNTAMENTO"},"ED-51003","SETOP",{"$f":"IF(G994=\"SINAPI\",VLOOKUP($F994,DADOS_SINAPI,3,0),IF(G994=\"SETOP\",VLOOKUP($F994,DADOS_SETOP,3,0),IF(G994=\"CPU\",VLOOKUP($F994,DADOS_COMPOSICAO,10,0),IF(G994=\"SICRO\",VLOOKUP($F994,DADOS_SICRO,3,0),IF(G994=\"SUDECAP\",VLOOKUP(F994,DADOS_SUDECAP,3,0),IF(G994=\"COTAÇÃO\",VLOOKUP($F994,DADOS_COTACAO,9,0),\"\"))))))","v":"m2"},{"$f":"F1001","v":2.3800000000000003},{"$f":"TRUNC(IF(G994=\"SINAPI\",VLOOKUP($F994,DADOS_SINAPI,4,0),IF(G994=\"SETOP\",VLOOKUP($F994,DADOS_SETOP,4,0),IF(G994=\"CPU\",VLOOKUP($F994,DADOS_COMPOSICAO,13,0),IF(G994=\"SICRO\",VLOOKUP($F994,DADOS_SICRO,4,0),IF(G994=\"SUDECAP\",VLOOKUP(F994,DADOS_SUDECAP,4,0),IF(G994=\"COTAÇÃO\",VLOOKUP(F994,DADOS_COTACAO,12,0),\"\")))))),2)","v":351.16},"BDI 1",{"$f":"TRUNC(J994*(1+$N$17),2)","v":444.28},{"$f":"IFERROR(TRUNC(I994*J994,2),\"\")","v":835.76},1057.3900000000001]
[2000]
[2000,null,null,null,"P02",{"$f":"0.8*0.2","v":0.16000000000000003},"m²"]
[2000,null,null,null,"P03",{"$f":"6*0.9*0.2","v":1.08},"m²"]
[2000,null,null,null,"P04",{"$f":"2*0.9*0.2","v":0.36000000000000004},"m²"]
[2000,null,null,null,"P05",{"$f":"1.2*0.2","v":0.24},"m²"]
[2000,null,null,null,"P09",{"$f":"3*0.9*0.2","v":0.54},"m²"]
[2000,null,null,null,"Total",{"$f":"SUM(F996:F1000)","v":2.3800000000000003},"m²"]
[2000]
[null,null,null,"10.2","PISOS EXTERNOS",null,null,null,null,null,null,null,{"$f":"IFERROR(SUMIFS(M:M,A:A,LEFT(D1003,SEARCH(\".\",D1003)-1),B:B,RIGHT(D1003,LEN(D1003)-SEARCH(\".\",D1003))),\"\")","v":42395.66},{"$f":"IFERROR(SUMIFS(N:N,A:A,LEFT(D1003,SEARCH(\".\",D1003)-1),B:B,RIGHT(D1003,LEN(D1003)-SEARCH(\".\",D1003))),\"\")","v":53634.479999999996}]
[{"$f":"IFERROR(LEFT(D1004,SEARCH(\".\",D1004)-1),\"\")","v":"10"},{"$f":"IFERROR(LEFT(RIGHT(D1004,LEN(D1004)-SEARCH(\".\",D1004)),SEARCH(\".\",RIGHT(D1004,LEN(D1004)-SEARCH(\".\",D1004)))-1),\"\")","v":"2"},{"$f":"IFERROR(IF(LEN(D1004)-LEN(SUBSTITUTE(D1004,\".\",\"\"))<>3,\"\",MID(D1004,SEARCH(\".\",D1004,SEARCH(\".\",D1004)+1)+1,LEN(D1004)-SEARCH(\".\",D1004,SEARCH(\".\",D1004)+1)-(LEN(D1004)-(SEARCH(\".\",D1004,SEARCH(\".\",D1004,SEARCH(\".\",D1004)+1)+1)-1)))),\"\")","v":""},"10.2.1",{"$f":"IF($G1004=\"SINAPI\",VLOOKUP($F1004,DADOS_SINAPI,2,0),IF(G1004=\"SETOP\",VLOOKUP($F1004,DADOS_SETOP,2,0),IF(G1004=\"CPU\",VLOOKUP($F1004,DADOS_COMPOSICAO,2,0),IF(G1004=\"SICRO\",VLOOKUP($F1004,DADOS_SICRO,2,0),IF(G1004=\"SUDECAP\",VLOOKUP(F1004,DADOS_SUDECAP,2,0),IF(G1004=\"COTAÇÃO\",VLOOKUP($F1004,DADOS_COTACAO,2,0),\"\"))))))","v":"LASTRO COM MATERIAL GRANULAR, APLICADO EM PISOS OU LAJES SOBRE SOLO, ESPESSURA DE *5 CM*. AF_01/2024"},96622,"SINAPI",{"$f":"IF(G1004=\"SINAPI\",VLOOKUP($F1004,DADOS_SINAPI,3,0),IF(G1004=\"SETOP\",VLOOKUP($F1004,DADOS_SETOP,3,0),IF(G1004=\"CPU\",VLOOKUP($F1004,DADOS_COMPOSICAO,10,0),IF(G1004=\"SICRO\",VLOOKUP($F1004,DADOS_SICRO,3,0),IF(G1004=\"SUDECAP\",VLOOKUP(F1004,DADOS_SUDECAP,3,0),IF(G1004=\"COTAÇÃO\",VLOOKUP($F1004,DADOS_COTACAO,9,0),\"\"))))))","v":"M3"},{"$f":"F1009","v":7.4205000000000005},{"$f":"TRUNC(IF(G1004=\"SINAPI\",VLOOKUP($F1004,DADOS_SINAPI,4,0),IF(G1004=\"SETOP\",VLOOKUP($F1004,DADOS_SETOP,4,0),IF(G1004=\"CPU\",VLOOKUP($F1004,DADOS_COMPOSICAO,13,0),IF(G1004=\"SICRO\",VLOOKUP($F1004,DADOS_SICRO,4,0),IF(G1004=\"SUDECAP\",VLOOKUP(F1004,DADOS_SUDECAP,4,0),IF(G1004=\"COTAÇÃO\",VLOOKUP(F1004,DADOS_COTACAO,12,0),\"\")))))),2)","v":251.17},"BDI 1",{"$f":"TRUNC(J1004*(1+$N$17),2)","v":317.77999999999997},{"$f":"IFERROR(TRUNC(I1004*J1004,2),\"\")","v":1863.8},2357.9299999999998]
[2000]
[2000,null,null,null,"Cozinha - Passeio",43.23,"m²"]
[2000,null,null,null,"Banheiro e Salas de Aula - Passeio",105.18,"m²"]
[2000,null,null,null,"Espessura",0.05,"m"]
[2000,null,null,null,"Total",{"$f":"(SUM(F1006:F1007))*F1008","v":7.4205000000000005},"m³"]
[2000]
[{"$f":"IFERROR(LEFT(D1011,SEARCH(\".\",D1011)-1),\"\")","v":"10"},{"$f":"IFERROR(LEFT(RIGHT(D1011,LEN(D1011)-SEARCH(\".\",D1011)),SEARCH(\".\",RIGHT(D1011,LEN(D1011)-SEARCH(\".\",D1011)))-1),\"\")","v":"2"},{"$f":"IFERROR(IF(LEN(D1011)-LEN(SUBSTITUTE(D1011,\".\",\"\"))<>3,\"\",MID(D1011,SEARCH(\".\",D1011,SEARCH(\".\",D1011)+1)+1,LEN(D1011)-SEARCH(\".\",D1011,SEARCH(\".\",D1011)+1)-(LEN(D1011)-(SEARCH(\".\",D1011,SEARCH(\".\",D1011,SEARCH(\".\",D1011)+1)+1)-1)))),\"\")","v":""},"10.2.2",{"$f":"IF($G1011=\"SINAPI\",VLOOKUP($F1011,DADOS_SINAPI,2,0),IF(G1011=\"SETOP\",VLOOKUP($F1011,DADOS_SETOP,2,0),IF(G1011=\"CPU\",VLOOKUP($F1011,DADOS_COMPOSICAO,2,0),IF(G1011=\"SICRO\",VLOOKUP($F1011,DADOS_SICRO,2,0),IF(G1011=\"SUDECAP\",VLOOKUP(F1011,DADOS_SUDECAP,2,0),IF(G1011=\"COTAÇÃO\",VLOOKUP($F1011,DADOS_COTACAO,2,0),\"\"))))))","v":"APILOAMENTO MECANIZADO EM FUNDO DE VALA COM PLACA VIBRATÓRIA, EXCLUSIVE ESCAVAÇÃO"},"ED-51094","SETOP",{"$f":"IF(G1011=\"SINAPI\",VLOOKUP($F1011,DADOS_SINAPI,3,0),IF(G1011=\"SETOP\",VLOOKUP($F1011,DADOS_SETOP,3,0),IF(G1011=\"CPU\",VLOOKUP($F1011,DADOS_COMPOSICAO,10,0),IF(G1011=\"SICRO\",VLOOKUP($F1011,DADOS_SICRO,3,0),IF(G1011=\"SUDECAP\",VLOOKUP(F1011,DADOS_SUDECAP,3,0),IF(G1011=\"COTAÇÃO\",VLOOKUP($F1011,DADOS_COTACAO,9,0),\"\"))))))","v":"m2"},{"$f":"F1015","v":148.41},{"$f":"TRUNC(IF(G1011=\"SINAPI\",VLOOKUP($F1011,DADOS_SINAPI,4,0),IF(G1011=\"SETOP\",VLOOKUP($F1011,DADOS_SETOP,4,0),IF(G1011=\"CPU\",VLOOKUP($F1011,DADOS_COMPOSICAO,13,0),IF(G1011=\"SICRO\",VLOOKUP($F1011,DADOS_SICRO,4,0),IF(G1011=\"SUDECAP\",VLOOKUP(F1011,DADOS_SUDECAP,4,0),IF(G1011=\"COTAÇÃO\",VLOOKUP(F1011,DADOS_COTACAO,12,0),\"\")))))),2)","v":13.63},"BDI 1",{"$f":"TRUNC(J1011*(1+$N$17),2)","v":17.239999999999998},{"$f":"IFERROR(TRUNC(I1011*J1011,2),\"\")","v":2022.82},2558.59]
[2000]
[2000,null,null,null,"Cozinha - Passeio",{"$f":"F1006","v":43.23},"m²"]
[2000,null,null,null,"Banheiro e Salas de Aula - Passeio",{"$f":"F1007","v":105.18},"m²"]
[2000,null,null,null,"Total",{"$f":"SUM(F1013:F1014)","v":148.41},"m²"]
[2000]
[{"$f":"IFERROR(LEFT(D1017,SEARCH(\".\",D1017)-1),\"\")","v":"10"},{"$f":"IFERROR(LEFT(RIGHT(D1017,LEN(D1017)-SEARCH(\".\",D1017)),SEARCH(\".\",RIGHT(D1017,LEN(D1017)-SEARCH(\".\",D1017)))-1),\"\")","v":"2"},{"$f":"IFERROR(IF(LEN(D1017)-LEN(SUBSTITUTE(D1017,\".\",\"\"))<>3,\"\",MID(D1017,SEARCH(\".\",D1017,SEARCH(\".\",D1017)+1)+1,LEN(D1017)-SEARCH(\".\",D1017,SEARCH(\".\",D1017)+1)-(LEN(D1017)-(SEARCH(\".\",D1017,SEARCH(\".\",D1017,SEARCH(\".\",D1017)+1)+1)-1)))),\"\")","v":""},"10.2.3",{"$f":"IF($G1017=\"SINAPI\",VLOOKUP($F1017,DADOS_SINAPI,2,0),IF(G1017=\"SETOP\",VLOOKUP($F1017,DADOS_SETOP,2,0),IF(G1017=\"CPU\",VLOOKUP($F1017,DADOS_COMPOSICAO,2,0),IF(G1017=\"SICRO\",VLOOKUP($F1017,DADOS_SICRO,2,0),IF(G1017=\"SUDECAP\",VLOOKUP(F1017,DADOS_SUDECAP,2,0),IF(G1017=\"COTAÇÃO\",VLOOKUP($F1017,DADOS_COTACAO,2,0),\"\"))))))","v":"EXECUÇÃO DE PASSEIO (CALÇADA) OU PISO DE CONCRETO COM CONCRETO MOLDADO IN LOCO, USINADO, ACABAMENTO CONVENCIONAL, ESPESSURA 10 CM, ARMADO"},"DAC-10.1","CPU",{"$f":"IF(G1017=\"SINAPI\",VLOOKUP($F1017,DADOS_SINAPI,3,0),IF(G1017=\"SETOP\",VLOOKUP($F1017,DADOS_SETOP,3,0),IF(G1017=\"CPU\",VLOOKUP($F1017,DADOS_COMPOSICAO,10,0),IF(G1017=\"SICRO\",VLOOKUP($F1017,DADOS_SICRO,3,0),IF(G1017=\"SUDECAP\",VLOOKUP(F1017,DADOS_SUDECAP,3,0),IF(G1017=\"COTAÇÃO\",VLOOKUP($F1017,DADOS_COTACAO,9,0),\"\"))))))","v":"M2"},{"$f":"F1021","v":148.41},{"$f":"TRUNC(IF(G1017=\"SINAPI\",VLOOKUP($F1017,DADOS_SINAPI,4,0),IF(G1017=\"SETOP\",VLOOKUP($F1017,DADOS_SETOP,4,0),IF(G1017=\"CPU\",VLOOKUP($F1017,DADOS_COMPOSICAO,13,0),IF(G1017=\"SICRO\",VLOOKUP($F1017,DADOS_SICRO,4,0),IF(G1017=\"SUDECAP\",VLOOKUP(F1017,DADOS_SUDECAP,4,0),IF(G1017=\"COTAÇÃO\",VLOOKUP(F1017,DADOS_COTACAO,12,0),\"\")))))),2)","v":125.25},"BDI 1",{"$f":"TRUNC(J1017*(1+$N$17),2)","v":158.46},{"$f":"IFERROR(TRUNC(I1017*J1017,2),\"\")","v":18588.349999999999},23517.05]
[2000]
[2000,null,null,null,"Cozinha - Passeio",{"$f":"F1013","v":43.23},"m²"]
[2000,null,null,null,"Banheiro e Salas de Aula - Passeio",{"$f":"F1014","v":105.18},"m²"]
[2000,null,null,null,"Total",{"$f":"SUM(F1019:F1020)","v":148.41},"m²"]
[2000]
[{"$f":"IFERROR(LEFT(D1023,SEARCH(\".\",D1023)-1),\"\")","v":"10"},{"$f":"IFERROR(LEFT(RIGHT(D1023,LEN(D1023)-SEARCH(\".\",D1023)),SEARCH(\".\",RIGHT(D1023,LEN(D1023)-SEARCH(\".\",D1023)))-1),\"\")","v":"2"},{"$f":"IFERROR(IF(LEN(D1023)-LEN(SUBSTITUTE(D1023,\".\",\"\"))<>3,\"\",MID(D1023,SEARCH(\".\",D1023,SEARCH(\".\",D1023)+1)+1,LEN(D1023)-SEARCH(\".\",D1023,SEARCH(\".\",D1023)+1)-(LEN(D1023)-(SEARCH(\".\",D1023,SEARCH(\".\",D1023,SEARCH(\".\",D1023)+1)+1)-1)))),\"\")","v":""},"10.2.4",{"$f":"IF($G1023=\"SINAPI\",VLOOKUP($F1023,DADOS_SINAPI,2,0),IF(G1023=\"SETOP\",VLOOKUP($F1023,DADOS_SETOP,2,0),IF(G1023=\"CPU\",VLOOKUP($F1023,DADOS_COMPOSICAO,2,0),IF(G1023=\"SICRO\",VLOOKUP($F1023,DADOS_SICRO,2,0),IF(G1023=\"SUDECAP\",VLOOKUP(F1023,DADOS_SUDECAP,2,0),IF(G1023=\"COTAÇÃO\",VLOOKUP($F1023,DADOS_COTACAO,2,0),\"\"))))))","v":"CONTRAPISO EM ARGAMASSA TRAÇO 1:4 (CIMENTO E AREIA), PREPARO MECÂNICO COM BETONEIRA 400 L, APLICADO EM ÁREAS SECAS SOBRE LAJE, ADERIDO, ACABAMENTO NÃO REFORÇADO, ESPESSURA 3CM. AF_07/2021"},87630,"SINAPI",{"$f":"IF(G1023=\"SINAPI\",VLOOKUP($F1023,DADOS_SINAPI,3,0),IF(G1023=\"SETOP\",VLOOKUP($F1023,DADOS_SETOP,3,0),IF(G1023=\"CPU\",VLOOKUP($F1023,DADOS_COMPOSICAO,10,0),IF(G1023=\"SICRO\",VLOOKUP($F1023,DADOS_SICRO,3,0),IF(G1023=\"SUDECAP\",VLOOKUP(F1023,DADOS_SUDECAP,3,0),IF(G1023=\"COTAÇÃO\",VLOOKUP($F1023,DADOS_COTACAO,9,0),\"\"))))))","v":"M2"},{"$f":"F1028","v":177.01},{"$f":"TRUNC(IF(G1023=\"SINAPI\",VLOOKUP($F1023,DADOS_SINAPI,4,0),IF(G1023=\"SETOP\",VLOOKUP($F1023,DADOS_SETOP,4,0),IF(G1023=\"CPU\",VLOOKUP($F1023,DADOS_COMPOSICAO,13,0),IF(G1023=\"SICRO\",VLOOKUP($F1023,DADOS_SICRO,4,0),IF(G1023=\"SUDECAP\",VLOOKUP(F1023,DADOS_SUDECAP,4,0),IF(G1023=\"COTAÇÃO\",VLOOKUP(F1023,DADOS_COTACAO,12,0),\"\")))))),2)","v":40.67},"BDI 1",{"$f":"TRUNC(J1023*(1+$N$17),2)","v":51.45},{"$f":"IFERROR(TRUNC(I1023*J1023,2),\"\")","v":7198.99},{"$f":"IFERROR(TRUNC(L1023*I1023,2),\"\")","v":9107.16}]
[2000]
[2000,null,null,null,"Cozinha - Passeio",{"$f":"F1019","v":43.23},"m²"]
[2000,null,null,null,"Banheiro e Salas de Aula - Passeio",{"$f":"F1020","v":105.18},"m²"]
[2000,null,null,null,"Reservatório - Passeio",28.6,"m²"]
[2000,null,null,null,"Total",{"$f":"SUM(F1025:F1027)","v":177.01},"m²"]
[2000]
[{"$f":"IFERROR(LEFT(D1030,SEARCH(\".\",D1030)-1),\"\")","v":"10"},{"$f":"IFERROR(LEFT(RIGHT(D1030,LEN(D1030)-SEARCH(\".\",D1030)),SEARCH(\".\",RIGHT(D1030,LEN(D1030)-SEARCH(\".\",D1030)))-1),\"\")","v":"2"},{"$f":"IFERROR(IF(LEN(D1030)-LEN(SUBSTITUTE(D1030,\".\",\"\"))<>3,\"\",MID(D1030,SEARCH(\".\",D1030,SEARCH(\".\",D1030)+1)+1,LEN(D1030)-SEARCH(\".\",D1030,SEARCH(\".\",D1030)+1)-(LEN(D1030)-(SEARCH(\".\",D1030,SEARCH(\".\",D1030,SEARCH(\".\",D1030)+1)+1)-1)))),\"\")","v":""},"10.2.5",{"$f":"IF($G1030=\"SINAPI\",VLOOKUP($F1030,DADOS_SINAPI,2,0),IF(G1030=\"SETOP\",VLOOKUP($F1030,DADOS_SETOP,2,0),IF(G1030=\"CPU\",VLOOKUP($F1030,DADOS_COMPOSICAO,2,0),IF(G1030=\"SICRO\",VLOOKUP($F1030,DADOS_SICRO,2,0),IF(G1030=\"SUDECAP\",VLOOKUP(F1030,DADOS_SUDECAP,2,0),IF(G1030=\"COTAÇÃO\",VLOOKUP($F1030,DADOS_COTACAO,2,0),\"\"))))))","v":"PISO CIMENTADO, TRAÇO 1:3 (CIMENTO E AREIA), ACABAMENTO LISO, ESPESSURA 3,0 CM, PREPARO MECÂNICO DA ARGAMASSA. AF_09/2020"},98680,"SINAPI",{"$f":"IF(G1030=\"SINAPI\",VLOOKUP($F1030,DADOS_SINAPI,3,0),IF(G1030=\"SETOP\",VLOOKUP($F1030,DADOS_SETOP,3,0),IF(G1030=\"CPU\",VLOOKUP($F1030,DADOS_COMPOSICAO,10,0),IF(G1030=\"SICRO\",VLOOKUP($F1030,DADOS_SICRO,3,0),IF(G1030=\"SUDECAP\",VLOOKUP(F1030,DADOS_SUDECAP,3,0),IF(G1030=\"COTAÇÃO\",VLOOKUP($F1030,DADOS_COTACAO,9,0),\"\"))))))","v":"M2"},{"$f":"F1035","v":177.01},{"$f":"TRUNC(IF(G1030=\"SINAPI\",VLOOKUP($F1030,DADOS_SINAPI,4,0),IF(G1030=\"SETOP\",VLOOKUP($F1030,DADOS_SETOP,4,0),IF(G1030=\"CPU\",VLOOKUP($F1030,DADOS_COMPOSICAO,13,0),IF(G1030=\"SICRO\",VLOOKUP($F1030,DADOS_SICRO,4,0),IF(G1030=\"SUDECAP\",VLOOKUP(F1030,DADOS_SUDECAP,4,0),IF(G1030=\"COTAÇÃO\",VLOOKUP(F1030,DADOS_COTACAO,12,0),\"\")))))),2)","v":50.31},"BDI 1",{"$f":"TRUNC(J1030*(1+$N$17),2)","v":63.65},{"$f":"IFERROR(TRUNC(I1030*J1030,2),\"\")","v":8905.3700000000008},11266.69]
[2000]
[2000,null,null,null,"Cozinha - Passeio",{"$f":"F1025","v":43.23},"m²"]
[2000,null,null,null,"Banheiro e Salas de Aula - Passeio",{"$f":"F1026","v":105.18},"m²"]
[2000,null,null,null,"Reservatório - Passeio",28.6,"m²"]
[2000,null,null,null,"Total",{"$f":"SUM(F1032:F1034)","v":177.01},"m²"]
[2000]
[{"$f":"IFERROR(LEFT(D1037,SEARCH(\".\",D1037)-1),\"\")","v":"10"},{"$f":"IFERROR(LEFT(RIGHT(D1037,LEN(D1037)-SEARCH(\".\",D1037)),SEARCH(\".\",RIGHT(D1037,LEN(D1037)-SEARCH(\".\",D1037)))-1),\"\")","v":"2"},{"$f":"IFERROR(IF(LEN(D1037)-LEN(SUBSTITUTE(D1037,\".\",\"\"))<>3,\"\",MID(D1037,SEARCH(\".\",D1037,SEARCH(\".\",D1037)+1)+1,LEN(D1037)-SEARCH(\".\",D1037,SEARCH(\".\",D1037)+1)-(LEN(D1037)-(SEARCH(\".\",D1037,SEARCH(\".\",D1037,SEARCH(\".\",D1037)+1)+1)-1)))),\"\")","v":""},"10.2.6",{"$f":"IF($G1037=\"SINAPI\",VLOOKUP($F1037,DADOS_SINAPI,2,0),IF(G1037=\"SETOP\",VLOOKUP($F1037,DADOS_SETOP,2,0),IF(G1037=\"CPU\",VLOOKUP($F1037,DADOS_COMPOSICAO,2,0),IF(G1037=\"SICRO\",VLOOKUP($F1037,DADOS_SICRO,2,0),IF(G1037=\"SUDECAP\",VLOOKUP(F1037,DADOS_SUDECAP,2,0),IF(G1037=\"COTAÇÃO\",VLOOKUP($F1037,DADOS_COTACAO,2,0),\"\"))))))","v":"PINTURA DE PISO COM TINTA ACRÍLICA, APLICAÇÃO MANUAL, 2 DEMÃOS, INCLUSO FUNDO PREPARADOR. AF_05/2021"},102491,"SINAPI",{"$f":"IF(G1037=\"SINAPI\",VLOOKUP($F1037,DADOS_SINAPI,3,0),IF(G1037=\"SETOP\",VLOOKUP($F1037,DADOS_SETOP,3,0),IF(G1037=\"CPU\",VLOOKUP($F1037,DADOS_COMPOSICAO,10,0),IF(G1037=\"SICRO\",VLOOKUP($F1037,DADOS_SICRO,3,0),IF(G1037=\"SUDECAP\",VLOOKUP(F1037,DADOS_SUDECAP,3,0),IF(G1037=\"COTAÇÃO\",VLOOKUP($F1037,DADOS_COTACAO,9,0),\"\"))))))","v":"M2"},{"$f":"F1042","v":177.01},{"$f":"TRUNC(IF(G1037=\"SINAPI\",VLOOKUP($F1037,DADOS_SINAPI,4,0),IF(G1037=\"SETOP\",VLOOKUP($F1037,DADOS_SETOP,4,0),IF(G1037=\"CPU\",VLOOKUP($F1037,DADOS_COMPOSICAO,13,0),IF(G1037=\"SICRO\",VLOOKUP($F1037,DADOS_SICRO,4,0),IF(G1037=\"SUDECAP\",VLOOKUP(F1037,DADOS_SUDECAP,4,0),IF(G1037=\"COTAÇÃO\",VLOOKUP(F1037,DADOS_COTACAO,12,0),\"\")))))),2)","v":21.56},"BDI 1",{"$f":"TRUNC(J1037*(1+$N$17),2)","v":27.27},{"$f":"IFERROR(TRUNC(I1037*J1037,2),\"\")","v":3816.33},{"$f":"IFERROR(TRUNC(L1037*I1037,2),\"\")","v":4827.0600000000004}]
[2000]
[2000,null,null,null,"Cozinha - Passeio",{"$f":"F1032","v":43.23},"m²"]
[2000,null,null,null,"Banheiro e Salas de Aula - Passeio",{"$f":"F1033","v":105.18},"m²"]
[2000,null,null,null,"Reservatório - Passeio",28.6,"m²"]
[2000,null,null,null,"Total",{"$f":"SUM(F1039:F1041)","v":177.01},"m²"]
[2000]
[null,null,null,"10.3","REPARAÇÃO",null,null,null,null,null,null,null,{"$f":"IFERROR(SUMIFS(M:M,A:A,LEFT(D1044,SEARCH(\".\",D1044)-1),B:B,RIGHT(D1044,LEN(D1044)-SEARCH(\".\",D1044))),\"\")","v":813.4},{"$f":"IFERROR(SUMIFS(N:N,A:A,LEFT(D1044,SEARCH(\".\",D1044)-1),B:B,RIGHT(D1044,LEN(D1044)-SEARCH(\".\",D1044))),\"\")","v":1029}]
[{"$f":"IFERROR(LEFT(D1045,SEARCH(\".\",D1045)-1),\"\")","v":"10"},{"$f":"IFERROR(LEFT(RIGHT(D1045,LEN(D1045)-SEARCH(\".\",D1045)),SEARCH(\".\",RIGHT(D1045,LEN(D1045)-SEARCH(\".\",D1045)))-1),\"\")","v":"3"},{"$f":"IFERROR(IF(LEN(D1045)-LEN(SUBSTITUTE(D1045,\".\",\"\"))<>3,\"\",MID(D1045,SEARCH(\".\",D1045,SEARCH(\".\",D1045)+1)+1,LEN(D1045)-SEARCH(\".\",D1045,SEARCH(\".\",D1045)+1)-(LEN(D1045)-(SEARCH(\".\",D1045,SEARCH(\".\",D1045,SEARCH(\".\",D1045)+1)+1)-1)))),\"\")","v":""},"10.3.1",{"$f":"IF($G1045=\"SINAPI\",VLOOKUP($F1045,DADOS_SINAPI,2,0),IF(G1045=\"SETOP\",VLOOKUP($F1045,DADOS_SETOP,2,0),IF(G1045=\"CPU\",VLOOKUP($F1045,DADOS_COMPOSICAO,2,0),IF(G1045=\"SICRO\",VLOOKUP($F1045,DADOS_SICRO,2,0),IF(G1045=\"SUDECAP\",VLOOKUP(F1045,DADOS_SUDECAP,2,0),IF(G1045=\"COTAÇÃO\",VLOOKUP($F1045,DADOS_COTACAO,2,0),\"\"))))))","v":"CONTRAPISO EM ARGAMASSA TRAÇO 1:4 (CIMENTO E AREIA), PREPARO MECÂNICO COM BETONEIRA 400 L, APLICADO EM ÁREAS SECAS SOBRE LAJE, ADERIDO, ACABAMENTO NÃO REFORÇADO, ESPESSURA 3CM. AF_07/2021"},87630,"SINAPI",{"$f":"IF(G1045=\"SINAPI\",VLOOKUP($F1045,DADOS_SINAPI,3,0),IF(G1045=\"SETOP\",VLOOKUP($F1045,DADOS_SETOP,3,0),IF(G1045=\"CPU\",VLOOKUP($F1045,DADOS_COMPOSICAO,10,0),IF(G1045=\"SICRO\",VLOOKUP($F1045,DADOS_SICRO,3,0),IF(G1045=\"SUDECAP\",VLOOKUP(F1045,DADOS_SUDECAP,3,0),IF(G1045=\"COTAÇÃO\",VLOOKUP($F1045,DADOS_COTACAO,9,0),\"\"))))))","v":"M2"},{"$f":"F1048","v":20},{"$f":"TRUNC(IF(G1045=\"SINAPI\",VLOOKUP($F1045,DADOS_SINAPI,4,0),IF(G1045=\"SETOP\",VLOOKUP($F1045,DADOS_SETOP,4,0),IF(G1045=\"CPU\",VLOOKUP($F1045,DADOS_COMPOSICAO,13,0),IF(G1045=\"SICRO\",VLOOKUP($F1045,DADOS_SICRO,4,0),IF(G1045=\"SUDECAP\",VLOOKUP(F1045,DADOS_SUDECAP,4,0),IF(G1045=\"COTAÇÃO\",VLOOKUP(F1045,DADOS_COTACAO,12,0),\"\")))))),2)","v":40.67},"BDI 1",{"$f":"TRUNC(J1045*(1+$N$17),2)","v":51.45},{"$f":"IFERROR(TRUNC(I1045*J1045,2),\"\")","v":813.4},{"$f":"IFERROR(TRUNC(L1045*I1045,2),\"\")","v":1029}]
[2000]
[2000,null,null,null,"Área Instalação de Gás",20,"m²"]
[2000,null,null,null,"Total",{"$f":"SUM(F1047:F1047)","v":20},"m²"]
[2000]
[1000,null,null,11,"PINTURAS E ACABAMENTOS",null,null,null,null,null,null,null,{"$f":"SUMIF(A:A,D1050,M:M)","v":38519.689999999995},{"$f":"SUMIF(A:A,D1050,N:N)","v":48720.06}]
[{"$f":"IFERROR(LEFT(D1051,SEARCH(\".\",D1051)-1),\"\")","v":"11"},{"$f":"IFERROR(LEFT(RIGHT(D1051,LEN(D1051)-SEARCH(\".\",D1051)),SEARCH(\".\",RIGHT(D1051,LEN(D1051)-SEARCH(\".\",D1051)))-1),\"\")","v":""},{"$f":"IFERROR(IF(LEN(D1051)-LEN(SUBSTITUTE(D1051,\".\",\"\"))<>3,\"\",MID(D1051,SEARCH(\".\",D1051,SEARCH(\".\",D1051)+1)+1,LEN(D1051)-SEARCH(\".\",D1051,SEARCH(\".\",D1051)+1)-(LEN(D1051)-(SEARCH(\".\",D1051,SEARCH(\".\",D1051,SEARCH(\".\",D1051)+1)+1)-1)))),\"\")","v":""},"11.1",{"$f":"IF($G1051=\"SINAPI\",VLOOKUP($F1051,DADOS_SINAPI,2,0),IF(G1051=\"SETOP\",VLOOKUP($F1051,DADOS_SETOP,2,0),IF(G1051=\"CPU\",VLOOKUP($F1051,DADOS_COMPOSICAO,2,0),IF(G1051=\"SICRO\",VLOOKUP($F1051,DADOS_SICRO,2,0),IF(G1051=\"SUDECAP\",VLOOKUP(F1051,DADOS_SUDECAP,2,0),IF(G1051=\"COTAÇÃO\",VLOOKUP($F1051,DADOS_COTACAO,2,0),\"\"))))))","v":"FUNDO SELADOR ACRÍLICO, APLICAÇÃO MANUAL EM PAREDE, UMA DEMÃO. AF_04/2023"},88485,"SINAPI",{"$f":"IF(G1051=\"SINAPI\",VLOOKUP($F1051,DADOS_SINAPI,3,0),IF(G1051=\"SETOP\",VLOOKUP($F1051,DADOS_SETOP,3,0),IF(G1051=\"CPU\",VLOOKUP($F1051,DADOS_COMPOSICAO,10,0),IF(G1051=\"SICRO\",VLOOKUP($F1051,DADOS_SICRO,3,0),IF(G1051=\"SUDECAP\",VLOOKUP(F1051,DADOS_SUDECAP,3,0),IF(G1051=\"COTAÇÃO\",VLOOKUP($F1051,DADOS_COTACAO,9,0),\"\"))))))","v":"M2"},{"$f":"F1054","v":278.8},{"$f":"TRUNC(IF(G1051=\"SINAPI\",VLOOKUP($F1051,DADOS_SINAPI,4,0),IF(G1051=\"SETOP\",VLOOKUP($F1051,DADOS_SETOP,4,0),IF(G1051=\"CPU\",VLOOKUP($F1051,DADOS_COMPOSICAO,13,0),IF(G1051=\"SICRO\",VLOOKUP($F1051,DADOS_SICRO,4,0),IF(G1051=\"SUDECAP\",VLOOKUP(F1051,DADOS_SUDECAP,4,0),IF(G1051=\"COTAÇÃO\",VLOOKUP(F1051,DADOS_COTACAO,12,0),\"\")))))),2)","v":4.41},"BDI 1",{"$f":"TRUNC(J1051*(1+$N$17),2)","v":5.57},{"$f":"IFERROR(TRUNC(I1051*J1051,2),\"\")","v":1229.5},1552.92]
[2000]
[2000,null,null,null,"Área de Emassamento com Massa Corrida (PVA)",{"$f":"F823","v":278.8},"m²"]
[2000,null,null,null,"Total",{"$f":"F1053","v":278.8},"m²"]
[2000]
[{"$f":"IFERROR(LEFT(D1056,SEARCH(\".\",D1056)-1),\"\")","v":"11"},{"$f":"IFERROR(LEFT(RIGHT(D1056,LEN(D1056)-SEARCH(\".\",D1056)),SEARCH(\".\",RIGHT(D1056,LEN(D1056)-SEARCH(\".\",D1056)))-1),\"\")","v":""},{"$f":"IFERROR(IF(LEN(D1056)-LEN(SUBSTITUTE(D1056,\".\",\"\"))<>3,\"\",MID(D1056,SEARCH(\".\",D1056,SEARCH(\".\",D1056)+1)+1,LEN(D1056)-SEARCH(\".\",D1056,SEARCH(\".\",D1056)+1)-(LEN(D1056)-(SEARCH(\".\",D1056,SEARCH(\".\",D1056,SEARCH(\".\",D1056)+1)+1)-1)))),\"\")","v":""},"11.2",{"$f":"IF($G1056=\"SINAPI\",VLOOKUP($F1056,DADOS_SINAPI,2,0),IF(G1056=\"SETOP\",VLOOKUP($F1056,DADOS_SETOP,2,0),IF(G1056=\"CPU\",VLOOKUP($F1056,DADOS_COMPOSICAO,2,0),IF(G1056=\"SICRO\",VLOOKUP($F1056,DADOS_SICRO,2,0),IF(G1056=\"SUDECAP\",VLOOKUP(F1056,DADOS_SUDECAP,2,0),IF(G1056=\"COTAÇÃO\",VLOOKUP($F1056,DADOS_COTACAO,2,0),\"\"))))))","v":"PINTURA LÁTEX ACRÍLICA PREMIUM, APLICAÇÃO MANUAL EM PAREDES, DUAS DEMÃOS. AF_04/2023"},88489,"SINAPI",{"$f":"IF(G1056=\"SINAPI\",VLOOKUP($F1056,DADOS_SINAPI,3,0),IF(G1056=\"SETOP\",VLOOKUP($F1056,DADOS_SETOP,3,0),IF(G1056=\"CPU\",VLOOKUP($F1056,DADOS_COMPOSICAO,10,0),IF(G1056=\"SICRO\",VLOOKUP($F1056,DADOS_SICRO,3,0),IF(G1056=\"SUDECAP\",VLOOKUP(F1056,DADOS_SUDECAP,3,0),IF(G1056=\"COTAÇÃO\",VLOOKUP($F1056,DADOS_COTACAO,9,0),\"\"))))))","v":"M2"},{"$f":"F1059","v":278.8},{"$f":"TRUNC(IF(G1056=\"SINAPI\",VLOOKUP($F1056,DADOS_SINAPI,4,0),IF(G1056=\"SETOP\",VLOOKUP($F1056,DADOS_SETOP,4,0),IF(G1056=\"CPU\",VLOOKUP($F1056,DADOS_COMPOSICAO,13,0),IF(G1056=\"SICRO\",VLOOKUP($F1056,DADOS_SICRO,4,0),IF(G1056=\"SUDECAP\",VLOOKUP(F1056,DADOS_SUDECAP,4,0),IF(G1056=\"COTAÇÃO\",VLOOKUP(F1056,DADOS_COTACAO,12,0),\"\")))))),2)","v":13.12},"BDI 1",{"$f":"TRUNC(J1056*(1+$N$17),2)","v":16.59},{"$f":"IFERROR(TRUNC(I1056*J1056,2),\"\")","v":3657.85},{"$f":"IFERROR(TRUNC(L1056*I1056,2),\"\")","v":4625.29}]
[2000]
[2000,null,null,null,"Área de Selador",{"$f":"F1054","v":278.8},"m²"]
[2000,null,null,null,"Total",{"$f":"SUM(F1058:F1058)","v":278.8},"m²"]
[2000]
[{"$f":"IFERROR(LEFT(D1061,SEARCH(\".\",D1061)-1),\"\")","v":"11"},{"$f":"IFERROR(LEFT(RIGHT(D1061,LEN(D1061)-SEARCH(\".\",D1061)),SEARCH(\".\",RIGHT(D1061,LEN(D1061)-SEARCH(\".\",D1061)))-1),\"\")","v":""},{"$f":"IFERROR(IF(LEN(D1061)-LEN(SUBSTITUTE(D1061,\".\",\"\"))<>3,\"\",MID(D1061,SEARCH(\".\",D1061,SEARCH(\".\",D1061)+1)+1,LEN(D1061)-SEARCH(\".\",D1061,SEARCH(\".\",D1061)+1)-(LEN(D1061)-(SEARCH(\".\",D1061,SEARCH(\".\",D1061,SEARCH(\".\",D1061)+1)+1)-1)))),\"\")","v":""},"11.3",{"$f":"IF($G1061=\"SINAPI\",VLOOKUP($F1061,DADOS_SINAPI,2,0),IF(G1061=\"SETOP\",VLOOKUP($F1061,DADOS_SETOP,2,0),IF(G1061=\"CPU\",VLOOKUP($F1061,DADOS_COMPOSICAO,2,0),IF(G1061=\"SICRO\",VLOOKUP($F1061,DADOS_SICRO,2,0),IF(G1061=\"SUDECAP\",VLOOKUP(F1061,DADOS_SUDECAP,2,0),IF(G1061=\"COTAÇÃO\",VLOOKUP($F1061,DADOS_COTACAO,2,0),\"\"))))))","v":"FUNDO SELADOR ACRÍLICO, APLICAÇÃO MANUAL EM TETO, UMA DEMÃO. AF_04/2023"},88484,"SINAPI",{"$f":"IF(G1061=\"SINAPI\",VLOOKUP($F1061,DADOS_SINAPI,3,0),IF(G1061=\"SETOP\",VLOOKUP($F1061,DADOS_SETOP,3,0),IF(G1061=\"CPU\",VLOOKUP($F1061,DADOS_COMPOSICAO,10,0),IF(G1061=\"SICRO\",VLOOKUP($F1061,DADOS_SICRO,3,0),IF(G1061=\"SUDECAP\",VLOOKUP(F1061,DADOS_SUDECAP,3,0),IF(G1061=\"COTAÇÃO\",VLOOKUP($F1061,DADOS_COTACAO,9,0),\"\"))))))","v":"M2"},{"$f":"F1064","v":285.46999999999997},{"$f":"TRUNC(IF(G1061=\"SINAPI\",VLOOKUP($F1061,DADOS_SINAPI,4,0),IF(G1061=\"SETOP\",VLOOKUP($F1061,DADOS_SETOP,4,0),IF(G1061=\"CPU\",VLOOKUP($F1061,DADOS_COMPOSICAO,13,0),IF(G1061=\"SICRO\",VLOOKUP($F1061,DADOS_SICRO,4,0),IF(G1061=\"SUDECAP\",VLOOKUP(F1061,DADOS_SUDECAP,4,0),IF(G1061=\"COTAÇÃO\",VLOOKUP(F1061,DADOS_COTACAO,12,0),\"\")))))),2)","v":5.38},"BDI 1",{"$f":"TRUNC(J1061*(1+$N$17),2)","v":6.8},{"$f":"IFERROR(TRUNC(I1061*J1061,2),\"\")","v":1535.82},1941.2]
[2000]
[2000,null,null,null,"Área de Emassamento com Gesso ",{"$f":"F855+F860","v":285.46999999999997},"m²"]
[2000,null,null,null,"Total",{"$f":"SUM(F1063:F1063)","v":285.46999999999997},"m²"]
[2000]
[{"$f":"IFERROR(LEFT(D1066,SEARCH(\".\",D1066)-1),\"\")","v":"11"},{"$f":"IFERROR(LEFT(RIGHT(D1066,LEN(D1066)-SEARCH(\".\",D1066)),SEARCH(\".\",RIGHT(D1066,LEN(D1066)-SEARCH(\".\",D1066)))-1),\"\")","v":""},{"$f":"IFERROR(IF(LEN(D1066)-LEN(SUBSTITUTE(D1066,\".\",\"\"))<>3,\"\",MID(D1066,SEARCH(\".\",D1066,SEARCH(\".\",D1066)+1)+1,LEN(D1066)-SEARCH(\".\",D1066,SEARCH(\".\",D1066)+1)-(LEN(D1066)-(SEARCH(\".\",D1066,SEARCH(\".\",D1066,SEARCH(\".\",D1066)+1)+1)-1)))),\"\")","v":""},"11.4",{"$f":"IF($G1066=\"SINAPI\",VLOOKUP($F1066,DADOS_SINAPI,2,0),IF(G1066=\"SETOP\",VLOOKUP($F1066,DADOS_SETOP,2,0),IF(G1066=\"CPU\",VLOOKUP($F1066,DADOS_COMPOSICAO,2,0),IF(G1066=\"SICRO\",VLOOKUP($F1066,DADOS_SICRO,2,0),IF(G1066=\"SUDECAP\",VLOOKUP(F1066,DADOS_SUDECAP,2,0),IF(G1066=\"COTAÇÃO\",VLOOKUP($F1066,DADOS_COTACAO,2,0),\"\"))))))","v":"PINTURA LÁTEX ACRÍLICA PREMIUM, APLICAÇÃO MANUAL EM TETO, DUAS DEMÃOS. AF_04/2023"},88488,"SINAPI",{"$f":"IF(G1066=\"SINAPI\",VLOOKUP($F1066,DADOS_SINAPI,3,0),IF(G1066=\"SETOP\",VLOOKUP($F1066,DADOS_SETOP,3,0),IF(G1066=\"CPU\",VLOOKUP($F1066,DADOS_COMPOSICAO,10,0),IF(G1066=\"SICRO\",VLOOKUP($F1066,DADOS_SICRO,3,0),IF(G1066=\"SUDECAP\",VLOOKUP(F1066,DADOS_SUDECAP,3,0),IF(G1066=\"COTAÇÃO\",VLOOKUP($F1066,DADOS_COTACAO,9,0),\"\"))))))","v":"M2"},{"$f":"F1069","v":285.46999999999997},{"$f":"TRUNC(IF(G1066=\"SINAPI\",VLOOKUP($F1066,DADOS_SINAPI,4,0),IF(G1066=\"SETOP\",VLOOKUP($F1066,DADOS_SETOP,4,0),IF(G1066=\"CPU\",VLOOKUP($F1066,DADOS_COMPOSICAO,13,0),IF(G1066=\"SICRO\",VLOOKUP($F1066,DADOS_SICRO,4,0),IF(G1066=\"SUDECAP\",VLOOKUP(F1066,DADOS_SUDECAP,4,0),IF(G1066=\"COTAÇÃO\",VLOOKUP(F1066,DADOS_COTACAO,12,0),\"\")))))),2)","v":15.51},"BDI 1",{"$f":"TRUNC(J1066*(1+$N$17),2)","v":19.62},{"$f":"IFERROR(TRUNC(I1066*J1066,2),\"\")","v":4427.63},{"$f":"IFERROR(TRUNC(L1066*I1066,2),\"\")","v":5600.92}]
[2000]
[2000,null,null,null,"Área de Selador",{"$f":"F1064","v":285.46999999999997},"m²"]
[2000,null,null,null,"Total",{"$f":"SUM(F1068:F1068)","v":285.46999999999997},"m²"]
[2000]
[{"$f":"IFERROR(LEFT(D1071,SEARCH(\".\",D1071)-1),\"\")","v":"11"},{"$f":"IFERROR(LEFT(RIGHT(D1071,LEN(D1071)-SEARCH(\".\",D1071)),SEARCH(\".\",RIGHT(D1071,LEN(D1071)-SEARCH(\".\",D1071)))-1),\"\")","v":""},{"$f":"IFERROR(IF(LEN(D1071)-LEN(SUBSTITUTE(D1071,\".\",\"\"))<>3,\"\",MID(D1071,SEARCH(\".\",D1071,SEARCH(\".\",D1071)+1)+1,LEN(D1071)-SEARCH(\".\",D1071,SEARCH(\".\",D1071)+1)-(LEN(D1071)-(SEARCH(\".\",D1071,SEARCH(\".\",D1071,SEARCH(\".\",D1071)+1)+1)-1)))),\"\")","v":""},"11.5",{"$f":"IF($G1071=\"SINAPI\",VLOOKUP($F1071,DADOS_SINAPI,2,0),IF(G1071=\"SETOP\",VLOOKUP($F1071,DADOS_SETOP,2,0),IF(G1071=\"CPU\",VLOOKUP($F1071,DADOS_COMPOSICAO,2,0),IF(G1071=\"SICRO\",VLOOKUP($F1071,DADOS_SICRO,2,0),IF(G1071=\"SUDECAP\",VLOOKUP(F1071,DADOS_SUDECAP,2,0),IF(G1071=\"COTAÇÃO\",VLOOKUP($F1071,DADOS_COTACAO,2,0),\"\"))))))","v":"APLICAÇÃO MANUAL DE FUNDO SELADOR ACRÍLICO EM PAREDES EXTERNAS DE CASAS. AF_03/2024"},88415,"SINAPI",{"$f":"IF(G1071=\"SINAPI\",VLOOKUP($F1071,DADOS_SINAPI,3,0),IF(G1071=\"SETOP\",VLOOKUP($F1071,DADOS_SETOP,3,0),IF(G1071=\"CPU\",VLOOKUP($F1071,DADOS_COMPOSICAO,10,0),IF(G1071=\"SICRO\",VLOOKUP($F1071,DADOS_SICRO,3,0),IF(G1071=\"SUDECAP\",VLOOKUP(F1071,DADOS_SUDECAP,3,0),IF(G1071=\"COTAÇÃO\",VLOOKUP($F1071,DADOS_COTACAO,9,0),\"\"))))))","v":"M2"},{"$f":"F1074","v":550.62},{"$f":"TRUNC(IF(G1071=\"SINAPI\",VLOOKUP($F1071,DADOS_SINAPI,4,0),IF(G1071=\"SETOP\",VLOOKUP($F1071,DADOS_SETOP,4,0),IF(G1071=\"CPU\",VLOOKUP($F1071,DADOS_COMPOSICAO,13,0),IF(G1071=\"SICRO\",VLOOKUP($F1071,DADOS_SICRO,4,0),IF(G1071=\"SUDECAP\",VLOOKUP(F1071,DADOS_SUDECAP,4,0),IF(G1071=\"COTAÇÃO\",VLOOKUP(F1071,DADOS_COTACAO,12,0),\"\")))))),2)","v":5.33},"BDI 1",{"$f":"TRUNC(J1071*(1+$N$17),2)","v":6.74},{"$f":"IFERROR(TRUNC(I1071*J1071,2),\"\")","v":2934.8},3711.18]
[2000]
[2000,null,null,null,"Área de Massa Acrílica",{"$f":"F885","v":550.62},"m²"]
[2000,null,null,null,"Total",{"$f":"SUM(F1073:F1073)","v":550.62},"m²"]
[2000]
[{"$f":"IFERROR(LEFT(D1076,SEARCH(\".\",D1076)-1),\"\")","v":"11"},{"$f":"IFERROR(LEFT(RIGHT(D1076,LEN(D1076)-SEARCH(\".\",D1076)),SEARCH(\".\",RIGHT(D1076,LEN(D1076)-SEARCH(\".\",D1076)))-1),\"\")","v":""},{"$f":"IFERROR(IF(LEN(D1076)-LEN(SUBSTITUTE(D1076,\".\",\"\"))<>3,\"\",MID(D1076,SEARCH(\".\",D1076,SEARCH(\".\",D1076)+1)+1,LEN(D1076)-SEARCH(\".\",D1076,SEARCH(\".\",D1076)+1)-(LEN(D1076)-(SEARCH(\".\",D1076,SEARCH(\".\",D1076,SEARCH(\".\",D1076)+1)+1)-1)))),\"\")","v":""},"11.6",{"$f":"IF($G1076=\"SINAPI\",VLOOKUP($F1076,DADOS_SINAPI,2,0),IF(G1076=\"SETOP\",VLOOKUP($F1076,DADOS_SETOP,2,0),IF(G1076=\"CPU\",VLOOKUP($F1076,DADOS_COMPOSICAO,2,0),IF(G1076=\"SICRO\",VLOOKUP($F1076,DADOS_SICRO,2,0),IF(G1076=\"SUDECAP\",VLOOKUP(F1076,DADOS_SUDECAP,2,0),IF(G1076=\"COTAÇÃO\",VLOOKUP($F1076,DADOS_COTACAO,2,0),\"\"))))))","v":"APLICAÇÃO MANUAL DE TINTA LÁTEX ACRÍLICA EM PAREDE EXTERNAS DE CASAS, DUAS DEMÃOS. AF_03/2024"},95626,"SINAPI",{"$f":"IF(G1076=\"SINAPI\",VLOOKUP($F1076,DADOS_SINAPI,3,0),IF(G1076=\"SETOP\",VLOOKUP($F1076,DADOS_SETOP,3,0),IF(G1076=\"CPU\",VLOOKUP($F1076,DADOS_COMPOSICAO,10,0),IF(G1076=\"SICRO\",VLOOKUP($F1076,DADOS_SICRO,3,0),IF(G1076=\"SUDECAP\",VLOOKUP(F1076,DADOS_SUDECAP,3,0),IF(G1076=\"COTAÇÃO\",VLOOKUP($F1076,DADOS_COTACAO,9,0),\"\"))))))","v":"M2"},{"$f":"F1079","v":550.62},{"$f":"TRUNC(IF(G1076=\"SINAPI\",VLOOKUP($F1076,DADOS_SINAPI,4,0),IF(G1076=\"SETOP\",VLOOKUP($F1076,DADOS_SETOP,4,0),IF(G1076=\"CPU\",VLOOKUP($F1076,DADOS_COMPOSICAO,13,0),IF(G1076=\"SICRO\",VLOOKUP($F1076,DADOS_SICRO,4,0),IF(G1076=\"SUDECAP\",VLOOKUP(F1076,DADOS_SUDECAP,4,0),IF(G1076=\"COTAÇÃO\",VLOOKUP(F1076,DADOS_COTACAO,12,0),\"\")))))),2)","v":16.010000000000002},"BDI 1",{"$f":"TRUNC(J1076*(1+$N$17),2)","v":20.25},{"$f":"IFERROR(TRUNC(I1076*J1076,2),\"\")","v":8815.42},11150.06]
[2000]
[2000,null,null,null,"Área de Selador",{"$f":"F1074","v":550.62},"m²"]
[2000,null,null,null,"Total",{"$f":"SUM(F1078:F1078)","v":550.62},"m²"]
[2000]
[{"$f":"IFERROR(LEFT(D1081,SEARCH(\".\",D1081)-1),\"\")","v":"11"},{"$f":"IFERROR(LEFT(RIGHT(D1081,LEN(D1081)-SEARCH(\".\",D1081)),SEARCH(\".\",RIGHT(D1081,LEN(D1081)-SEARCH(\".\",D1081)))-1),\"\")","v":""},{"$f":"IFERROR(IF(LEN(D1081)-LEN(SUBSTITUTE(D1081,\".\",\"\"))<>3,\"\",MID(D1081,SEARCH(\".\",D1081,SEARCH(\".\",D1081)+1)+1,LEN(D1081)-SEARCH(\".\",D1081,SEARCH(\".\",D1081)+1)-(LEN(D1081)-(SEARCH(\".\",D1081,SEARCH(\".\",D1081,SEARCH(\".\",D1081)+1)+1)-1)))),\"\")","v":""},"11.7",{"$f":"IF($G1081=\"SINAPI\",VLOOKUP($F1081,DADOS_SINAPI,2,0),IF(G1081=\"SETOP\",VLOOKUP($F1081,DADOS_SETOP,2,0),IF(G1081=\"CPU\",VLOOKUP($F1081,DADOS_COMPOSICAO,2,0),IF(G1081=\"SICRO\",VLOOKUP($F1081,DADOS_SICRO,2,0),IF(G1081=\"SUDECAP\",VLOOKUP(F1081,DADOS_SUDECAP,2,0),IF(G1081=\"COTAÇÃO\",VLOOKUP($F1081,DADOS_COTACAO,2,0),\"\"))))))","v":"FORNECIMENTO DE ANDAIME METÁLICO PARA FACHADA (LOCAÇÃO), INCLUSIVE PISO METÁLICO E SAPATAS, EXCLUSIVE MONTAGEM E DESMONTAGEM"},"ED-9075","SETOP",{"$f":"IF(G1081=\"SINAPI\",VLOOKUP($F1081,DADOS_SINAPI,3,0),IF(G1081=\"SETOP\",VLOOKUP($F1081,DADOS_SETOP,3,0),IF(G1081=\"CPU\",VLOOKUP($F1081,DADOS_COMPOSICAO,10,0),IF(G1081=\"SICRO\",VLOOKUP($F1081,DADOS_SICRO,3,0),IF(G1081=\"SUDECAP\",VLOOKUP(F1081,DADOS_SUDECAP,3,0),IF(G1081=\"COTAÇÃO\",VLOOKUP($F1081,DADOS_COTACAO,9,0),\"\"))))))","v":"m2xmês"},{"$f":"F1085","v":560},{"$f":"TRUNC(IF(G1081=\"SINAPI\",VLOOKUP($F1081,DADOS_SINAPI,4,0),IF(G1081=\"SETOP\",VLOOKUP($F1081,DADOS_SETOP,4,0),IF(G1081=\"CPU\",VLOOKUP($F1081,DADOS_COMPOSICAO,13,0),IF(G1081=\"SICRO\",VLOOKUP($F1081,DADOS_SICRO,4,0),IF(G1081=\"SUDECAP\",VLOOKUP(F1081,DADOS_SUDECAP,4,0),IF(G1081=\"COTAÇÃO\",VLOOKUP(F1081,DADOS_COTACAO,12,0),\"\")))))),2)","v":13.5},"BDI 1",{"$f":"TRUNC(J1081*(1+$N$17),2)","v":17.079999999999998},{"$f":"IFERROR(TRUNC(I1081*J1081,2),\"\")","v":7560},{"$f":"IFERROR(TRUNC(L1081*I1081,2),\"\")","v":9564.7999999999993}]
[2000]
[2000,null,null,null,"Área",140,"m²"]
[2000,null,null,null,"Quantidade",4,"mês"]
[2000,null,null,null,"Total",{"$f":"F1083*F1084","v":560},"m²xmês"]
[2000]
[{"$f":"IFERROR(LEFT(D1087,SEARCH(\".\",D1087)-1),\"\")","v":"11"},{"$f":"IFERROR(LEFT(RIGHT(D1087,LEN(D1087)-SEARCH(\".\",D1087)),SEARCH(\".\",RIGHT(D1087,LEN(D1087)-SEARCH(\".\",D1087)))-1),\"\")","v":""},{"$f":"IFERROR(IF(LEN(D1087)-LEN(SUBSTITUTE(D1087,\".\",\"\"))<>3,\"\",MID(D1087,SEARCH(\".\",D1087,SEARCH(\".\",D1087)+1)+1,LEN(D1087)-SEARCH(\".\",D1087,SEARCH(\".\",D1087)+1)-(LEN(D1087)-(SEARCH(\".\",D1087,SEARCH(\".\",D1087,SEARCH(\".\",D1087)+1)+1)-1)))),\"\")","v":""},"11.8",{"$f":"IF($G1087=\"SINAPI\",VLOOKUP($F1087,DADOS_SINAPI,2,0),IF(G1087=\"SETOP\",VLOOKUP($F1087,DADOS_SETOP,2,0),IF(G1087=\"CPU\",VLOOKUP($F1087,DADOS_COMPOSICAO,2,0),IF(G1087=\"SICRO\",VLOOKUP($F1087,DADOS_SICRO,2,0),IF(G1087=\"SUDECAP\",VLOOKUP(F1087,DADOS_SUDECAP,2,0),IF(G1087=\"COTAÇÃO\",VLOOKUP($F1087,DADOS_COTACAO,2,0),\"\"))))))","v":"MONTAGEM E DESMONTAGEM DE ANDAIME METÁLICO PARA FACHADA COM PISO METÁLICO, INCLUSIVE RODAPÉ/GUARDA-CORPO EM MADEIRA, EXCLUSIVE FORNECIMENTO DO ANDAIME"},"ED-48245","SETOP",{"$f":"IF(G1087=\"SINAPI\",VLOOKUP($F1087,DADOS_SINAPI,3,0),IF(G1087=\"SETOP\",VLOOKUP($F1087,DADOS_SETOP,3,0),IF(G1087=\"CPU\",VLOOKUP($F1087,DADOS_COMPOSICAO,10,0),IF(G1087=\"SICRO\",VLOOKUP($F1087,DADOS_SICRO,3,0),IF(G1087=\"SUDECAP\",VLOOKUP(F1087,DADOS_SUDECAP,3,0),IF(G1087=\"COTAÇÃO\",VLOOKUP($F1087,DADOS_COTACAO,9,0),\"\"))))))","v":"m2"},{"$f":"F1090","v":551},{"$f":"TRUNC(IF(G1087=\"SINAPI\",VLOOKUP($F1087,DADOS_SINAPI,4,0),IF(G1087=\"SETOP\",VLOOKUP($F1087,DADOS_SETOP,4,0),IF(G1087=\"CPU\",VLOOKUP($F1087,DADOS_COMPOSICAO,13,0),IF(G1087=\"SICRO\",VLOOKUP($F1087,DADOS_SICRO,4,0),IF(G1087=\"SUDECAP\",VLOOKUP(F1087,DADOS_SUDECAP,4,0),IF(G1087=\"COTAÇÃO\",VLOOKUP(F1087,DADOS_COTACAO,12,0),\"\")))))),2)","v":15.17},"BDI 1",{"$f":"TRUNC(J1087*(1+$N$17),2)","v":19.190000000000001},{"$f":"IFERROR(TRUNC(I1087*J1087,2),\"\")","v":8358.67},{"$f":"IFERROR(TRUNC(L1087*I1087,2),\"\")","v":10573.69}]
[2000]
[2000,null,null,null,"Área",551,"m²"]
[2000,null,null,null,"Total",{"$f":"F1089","v":551},"m²"]
[2000]
[1000,null,null,12,"INSTALAÇÕES HIDRÁULICAS",null,null,null,null,null,null,null,{"$f":"SUMIF(A:A,D1092,M:M)","v":66198.98},{"$f":"SUMIF(A:A,D1092,N:N)","v":83752.17}]
[null,null,null,"12.1","METAIS",null,null,null,null,null,null,null,{"$f":"IFERROR(SUMIFS(M:M,A:A,LEFT(D1093,SEARCH(\".\",D1093)-1),B:B,RIGHT(D1093,LEN(D1093)-SEARCH(\".\",D1093))),\"\")","v":2677.52},{"$f":"IFERROR(SUMIFS(N:N,A:A,LEFT(D1093,SEARCH(\".\",D1093)-1),B:B,RIGHT(D1093,LEN(D1093)-SEARCH(\".\",D1093))),\"\")","v":3387.54}]
[{"$f":"IFERROR(LEFT(D1094,SEARCH(\".\",D1094)-1),\"\")","v":"12"},{"$f":"IFERROR(LEFT(RIGHT(D1094,LEN(D1094)-SEARCH(\".\",D1094)),SEARCH(\".\",RIGHT(D1094,LEN(D1094)-SEARCH(\".\",D1094)))-1),\"\")","v":"1"},{"$f":"IFERROR(IF(LEN(D1094)-LEN(SUBSTITUTE(D1094,\".\",\"\"))<>3,\"\",MID(D1094,SEARCH(\".\",D1094,SEARCH(\".\",D1094)+1)+1,LEN(D1094)-SEARCH(\".\",D1094,SEARCH(\".\",D1094)+1)-(LEN(D1094)-(SEARCH(\".\",D1094,SEARCH(\".\",D1094,SEARCH(\".\",D1094)+1)+1)-1)))),\"\")","v":""},"12.1.1",{"$f":"IF($G1094=\"SINAPI\",VLOOKUP($F1094,DADOS_SINAPI,2,0),IF(G1094=\"SETOP\",VLOOKUP($F1094,DADOS_SETOP,2,0),IF(G1094=\"CPU\",VLOOKUP($F1094,DADOS_COMPOSICAO,2,0),IF(G1094=\"SICRO\",VLOOKUP($F1094,DADOS_SICRO,2,0),IF(G1094=\"SUDECAP\",VLOOKUP(F1094,DADOS_SUDECAP,2,0),IF(G1094=\"COTAÇÃO\",VLOOKUP($F1094,DADOS_COTACAO,2,0),\"\"))))))","v":"REGISTRO DE GAVETA BRUTO, LATÃO, ROSCÁVEL, 3/4\", COM ACABAMENTO E CANOPLA CROMADOS - FORNECIMENTO E INSTALAÇÃO. AF_08/2021"},89987,"SINAPI",{"$f":"IF(G1094=\"SINAPI\",VLOOKUP($F1094,DADOS_SINAPI,3,0),IF(G1094=\"SETOP\",VLOOKUP($F1094,DADOS_SETOP,3,0),IF(G1094=\"CPU\",VLOOKUP($F1094,DADOS_COMPOSICAO,10,0),IF(G1094=\"SICRO\",VLOOKUP($F1094,DADOS_SICRO,3,0),IF(G1094=\"SUDECAP\",VLOOKUP(F1094,DADOS_SUDECAP,3,0),IF(G1094=\"COTAÇÃO\",VLOOKUP($F1094,DADOS_COTACAO,9,0),\"\"))))))","v":"UN"},{"$f":"F1096","v":13},{"$f":"TRUNC(IF(G1094=\"SINAPI\",VLOOKUP($F1094,DADOS_SINAPI,4,0),IF(G1094=\"SETOP\",VLOOKUP($F1094,DADOS_SETOP,4,0),IF(G1094=\"CPU\",VLOOKUP($F1094,DADOS_COMPOSICAO,13,0),IF(G1094=\"SICRO\",VLOOKUP($F1094,DADOS_SICRO,4,0),IF(G1094=\"SUDECAP\",VLOOKUP(F1094,DADOS_SUDECAP,4,0),IF(G1094=\"COTAÇÃO\",VLOOKUP(F1094,DADOS_COTACAO,12,0),\"\")))))),2)","v":130.86000000000001},"BDI 1",{"$f":"TRUNC(J1094*(1+$N$17),2)","v":165.56},{"$f":"IFERROR(TRUNC(I1094*J1094,2),\"\")","v":1701.18},{"$f":"IFERROR(TRUNC(L1094*I1094,2),\"\")","v":2152.2800000000002}]
[2000]
[2000,null,null,null,"Quantidade",{"$f":"7+6","v":13},"un"]
[2000]
[{"$f":"IFERROR(LEFT(D1098,SEARCH(\".\",D1098)-1),\"\")","v":"12"},{"$f":"IFERROR(LEFT(RIGHT(D1098,LEN(D1098)-SEARCH(\".\",D1098)),SEARCH(\".\",RIGHT(D1098,LEN(D1098)-SEARCH(\".\",D1098)))-1),\"\")","v":"1"},{"$f":"IFERROR(IF(LEN(D1098)-LEN(SUBSTITUTE(D1098,\".\",\"\"))<>3,\"\",MID(D1098,SEARCH(\".\",D1098,SEARCH(\".\",D1098)+1)+1,LEN(D1098)-SEARCH(\".\",D1098,SEARCH(\".\",D1098)+1)-(LEN(D1098)-(SEARCH(\".\",D1098,SEARCH(\".\",D1098,SEARCH(\".\",D1098)+1)+1)-1)))),\"\")","v":""},"12.1.2",{"$f":"IF($G1098=\"SINAPI\",VLOOKUP($F1098,DADOS_SINAPI,2,0),IF(G1098=\"SETOP\",VLOOKUP($F1098,DADOS_SETOP,2,0),IF(G1098=\"CPU\",VLOOKUP($F1098,DADOS_COMPOSICAO,2,0),IF(G1098=\"SICRO\",VLOOKUP($F1098,DADOS_SICRO,2,0),IF(G1098=\"SUDECAP\",VLOOKUP(F1098,DADOS_SUDECAP,2,0),IF(G1098=\"COTAÇÃO\",VLOOKUP($F1098,DADOS_COTACAO,2,0),\"\"))))))","v":"REGISTRO DE GAVETA BRUTO, LATÃO, ROSCÁVEL, 1 1/2\", COM ACABAMENTO E CANOPLA CROMADOS - FORNECIMENTO E INSTALAÇÃO. AF_08/2021"},94794,"SINAPI",{"$f":"IF(G1098=\"SINAPI\",VLOOKUP($F1098,DADOS_SINAPI,3,0),IF(G1098=\"SETOP\",VLOOKUP($F1098,DADOS_SETOP,3,0),IF(G1098=\"CPU\",VLOOKUP($F1098,DADOS_COMPOSICAO,10,0),IF(G1098=\"SICRO\",VLOOKUP($F1098,DADOS_SICRO,3,0),IF(G1098=\"SUDECAP\",VLOOKUP(F1098,DADOS_SUDECAP,3,0),IF(G1098=\"COTAÇÃO\",VLOOKUP($F1098,DADOS_COTACAO,9,0),\"\"))))))","v":"UN"},{"$f":"F1100","v":1},{"$f":"TRUNC(IF(G1098=\"SINAPI\",VLOOKUP($F1098,DADOS_SINAPI,4,0),IF(G1098=\"SETOP\",VLOOKUP($F1098,DADOS_SETOP,4,0),IF(G1098=\"CPU\",VLOOKUP($F1098,DADOS_COMPOSICAO,13,0),IF(G1098=\"SICRO\",VLOOKUP($F1098,DADOS_SICRO,4,0),IF(G1098=\"SUDECAP\",VLOOKUP(F1098,DADOS_SUDECAP,4,0),IF(G1098=\"COTAÇÃO\",VLOOKUP(F1098,DADOS_COTACAO,12,0),\"\")))))),2)","v":231.98},"BDI 1",{"$f":"TRUNC(J1098*(1+$N$17),2)","v":293.5},{"$f":"IFERROR(TRUNC(I1098*J1098,2),\"\")","v":231.98},{"$f":"IFERROR(TRUNC(L1098*I1098,2),\"\")","v":293.5}]
[2000]
[2000,null,null,null,"Quantidade",1,"un"]
[2000]
[{"$f":"IFERROR(LEFT(D1102,SEARCH(\".\",D1102)-1),\"\")","v":"12"},{"$f":"IFERROR(LEFT(RIGHT(D1102,LEN(D1102)-SEARCH(\".\",D1102)),SEARCH(\".\",RIGHT(D1102,LEN(D1102)-SEARCH(\".\",D1102)))-1),\"\")","v":"1"},{"$f":"IFERROR(IF(LEN(D1102)-LEN(SUBSTITUTE(D1102,\".\",\"\"))<>3,\"\",MID(D1102,SEARCH(\".\",D1102,SEARCH(\".\",D1102)+1)+1,LEN(D1102)-SEARCH(\".\",D1102,SEARCH(\".\",D1102)+1)-(LEN(D1102)-(SEARCH(\".\",D1102,SEARCH(\".\",D1102,SEARCH(\".\",D1102)+1)+1)-1)))),\"\")","v":""},"12.1.3",{"$f":"IF($G1102=\"SINAPI\",VLOOKUP($F1102,DADOS_SINAPI,2,0),IF(G1102=\"SETOP\",VLOOKUP($F1102,DADOS_SETOP,2,0),IF(G1102=\"CPU\",VLOOKUP($F1102,DADOS_COMPOSICAO,2,0),IF(G1102=\"SICRO\",VLOOKUP($F1102,DADOS_SICRO,2,0),IF(G1102=\"SUDECAP\",VLOOKUP(F1102,DADOS_SUDECAP,2,0),IF(G1102=\"COTAÇÃO\",VLOOKUP($F1102,DADOS_COTACAO,2,0),\"\"))))))","v":"REGISTRO DE PRESSÃO BRUTO, LATÃO, ROSCÁVEL, 3/4\", COM ACABAMENTO E CANOPLA CROMADOS - FORNECIMENTO E INSTALAÇÃO. AF_08/2021"},89985,"SINAPI",{"$f":"IF(G1102=\"SINAPI\",VLOOKUP($F1102,DADOS_SINAPI,3,0),IF(G1102=\"SETOP\",VLOOKUP($F1102,DADOS_SETOP,3,0),IF(G1102=\"CPU\",VLOOKUP($F1102,DADOS_COMPOSICAO,10,0),IF(G1102=\"SICRO\",VLOOKUP($F1102,DADOS_SICRO,3,0),IF(G1102=\"SUDECAP\",VLOOKUP(F1102,DADOS_SUDECAP,3,0),IF(G1102=\"COTAÇÃO\",VLOOKUP($F1102,DADOS_COTACAO,9,0),\"\"))))))","v":"UN"},{"$f":"F1104","v":6},{"$f":"TRUNC(IF(G1102=\"SINAPI\",VLOOKUP($F1102,DADOS_SINAPI,4,0),IF(G1102=\"SETOP\",VLOOKUP($F1102,DADOS_SETOP,4,0),IF(G1102=\"CPU\",VLOOKUP($F1102,DADOS_COMPOSICAO,13,0),IF(G1102=\"SICRO\",VLOOKUP($F1102,DADOS_SICRO,4,0),IF(G1102=\"SUDECAP\",VLOOKUP(F1102,DADOS_SUDECAP,4,0),IF(G1102=\"COTAÇÃO\",VLOOKUP(F1102,DADOS_COTACAO,12,0),\"\")))))),2)","v":124.06},"BDI 1",{"$f":"TRUNC(J1102*(1+$N$17),2)","v":156.96},{"$f":"IFERROR(TRUNC(I1102*J1102,2),\"\")","v":744.36},{"$f":"IFERROR(TRUNC(L1102*I1102,2),\"\")","v":941.76}]
[2000]
[2000,null,null,null,"Quantidade ",{"$f":"6","v":6},"un"]
[2000]
[null,null,null,"12.2","PVC RÍGIDO SOLDÁVEL",null,null,null,null,null,null,null,{"$f":"IFERROR(SUMIFS(M:M,A:A,LEFT(D1106,SEARCH(\".\",D1106)-1),B:B,RIGHT(D1106,LEN(D1106)-SEARCH(\".\",D1106))),\"\")","v":5392.0400000000009},{"$f":"IFERROR(SUMIFS(N:N,A:A,LEFT(D1106,SEARCH(\".\",D1106)-1),B:B,RIGHT(D1106,LEN(D1106)-SEARCH(\".\",D1106))),\"\")","v":6820.41}]
[{"$f":"IFERROR(LEFT(D1107,SEARCH(\".\",D1107)-1),\"\")","v":"12"},{"$f":"IFERROR(LEFT(RIGHT(D1107,LEN(D1107)-SEARCH(\".\",D1107)),SEARCH(\".\",RIGHT(D1107,LEN(D1107)-SEARCH(\".\",D1107)))-1),\"\")","v":"2"},null,"12.2.1",{"$f":"IF($G1107=\"SINAPI\",VLOOKUP($F1107,DADOS_SINAPI,2,0),IF(G1107=\"SETOP\",VLOOKUP($F1107,DADOS_SETOP,2,0),IF(G1107=\"CPU\",VLOOKUP($F1107,DADOS_COMPOSICAO,2,0),IF(G1107=\"SICRO\",VLOOKUP($F1107,DADOS_SICRO,2,0),IF(G1107=\"SUDECAP\",VLOOKUP(F1107,DADOS_SUDECAP,2,0),IF(G1107=\"COTAÇÃO\",VLOOKUP($F1107,DADOS_COTACAO,2,0),\"\"))))))","v":"ADAPTADOR COM FLANGES LIVRES, PVC, SOLDÁVEL, DN 50 MM X 1 1/2\", FORNECIMENTO E INSTALAÇÃO"},"DAC-12.1","CPU",{"$f":"IF(G1107=\"SINAPI\",VLOOKUP($F1107,DADOS_SINAPI,3,0),IF(G1107=\"SETOP\",VLOOKUP($F1107,DADOS_SETOP,3,0),IF(G1107=\"CPU\",VLOOKUP($F1107,DADOS_COMPOSICAO,10,0),IF(G1107=\"SICRO\",VLOOKUP($F1107,DADOS_SICRO,3,0),IF(G1107=\"SUDECAP\",VLOOKUP(F1107,DADOS_SUDECAP,3,0),IF(G1107=\"COTAÇÃO\",VLOOKUP($F1107,DADOS_COTACAO,9,0),\"\"))))))","v":"UN    "},{"$f":"F1109","v":1},{"$f":"TRUNC(IF(G1107=\"SINAPI\",VLOOKUP($F1107,DADOS_SINAPI,4,0),IF(G1107=\"SETOP\",VLOOKUP($F1107,DADOS_SETOP,4,0),IF(G1107=\"CPU\",VLOOKUP($F1107,DADOS_COMPOSICAO,13,0),IF(G1107=\"SICRO\",VLOOKUP($F1107,DADOS_SICRO,4,0),IF(G1107=\"SUDECAP\",VLOOKUP(F1107,DADOS_SUDECAP,4,0),IF(G1107=\"COTAÇÃO\",VLOOKUP(F1107,DADOS_COTACAO,12,0),\"\")))))),2)","v":65.489999999999995},"BDI 1",{"$f":"TRUNC(J1107*(1+$N$17),2)","v":82.85},{"$f":"IFERROR(TRUNC(I1107*J1107,2),\"\")","v":65.489999999999995},{"$f":"IFERROR(TRUNC(L1107*I1107,2),\"\")","v":82.85}]
[2000]
[2000,null,null,null,"Quantidade",1,"un"]
[2000]
[{"$f":"IFERROR(LEFT(D1111,SEARCH(\".\",D1111)-1),\"\")","v":"12"},{"$f":"IFERROR(LEFT(RIGHT(D1111,LEN(D1111)-SEARCH(\".\",D1111)),SEARCH(\".\",RIGHT(D1111,LEN(D1111)-SEARCH(\".\",D1111)))-1),\"\")","v":"2"},null,"12.2.2",{"$f":"IF($G1111=\"SINAPI\",VLOOKUP($F1111,DADOS_SINAPI,2,0),IF(G1111=\"SETOP\",VLOOKUP($F1111,DADOS_SETOP,2,0),IF(G1111=\"CPU\",VLOOKUP($F1111,DADOS_COMPOSICAO,2,0),IF(G1111=\"SICRO\",VLOOKUP($F1111,DADOS_SICRO,2,0),IF(G1111=\"SUDECAP\",VLOOKUP(F1111,DADOS_SUDECAP,2,0),IF(G1111=\"COTAÇÃO\",VLOOKUP($F1111,DADOS_COTACAO,2,0),\"\"))))))","v":"ADAPTADOR CURTO COM BOLSA E ROSCA PARA REGISTRO, PVC, SOLDÁVEL, DN 25MM X 3/4 , INSTALADO EM RAMAL OU SUB-RAMAL DE ÁGUA - FORNECIMENTO E INSTALAÇÃO. AF_06/2022"},89383,"SINAPI",{"$f":"IF(G1111=\"SINAPI\",VLOOKUP($F1111,DADOS_SINAPI,3,0),IF(G1111=\"SETOP\",VLOOKUP($F1111,DADOS_SETOP,3,0),IF(G1111=\"CPU\",VLOOKUP($F1111,DADOS_COMPOSICAO,10,0),IF(G1111=\"SICRO\",VLOOKUP($F1111,DADOS_SICRO,3,0),IF(G1111=\"SUDECAP\",VLOOKUP(F1111,DADOS_SUDECAP,3,0),IF(G1111=\"COTAÇÃO\",VLOOKUP($F1111,DADOS_COTACAO,9,0),\"\"))))))","v":"UN"},{"$f":"F1113","v":26},{"$f":"TRUNC(IF(G1111=\"SINAPI\",VLOOKUP($F1111,DADOS_SINAPI,4,0),IF(G1111=\"SETOP\",VLOOKUP($F1111,DADOS_SETOP,4,0),IF(G1111=\"CPU\",VLOOKUP($F1111,DADOS_COMPOSICAO,13,0),IF(G1111=\"SICRO\",VLOOKUP($F1111,DADOS_SICRO,4,0),IF(G1111=\"SUDECAP\",VLOOKUP(F1111,DADOS_SUDECAP,4,0),IF(G1111=\"COTAÇÃO\",VLOOKUP(F1111,DADOS_COTACAO,12,0),\"\")))))),2)","v":6.52},"BDI 1",{"$f":"TRUNC(J1111*(1+$N$17),2)","v":8.24},{"$f":"IFERROR(TRUNC(I1111*J1111,2),\"\")","v":169.52},{"$f":"IFERROR(TRUNC(L1111*I1111,2),\"\")","v":214.24}]
[2000]
[2000,null,null,null,"Quantidade",26,"un"]
[2000]
[{"$f":"IFERROR(LEFT(D1115,SEARCH(\".\",D1115)-1),\"\")","v":"12"},{"$f":"IFERROR(LEFT(RIGHT(D1115,LEN(D1115)-SEARCH(\".\",D1115)),SEARCH(\".\",RIGHT(D1115,LEN(D1115)-SEARCH(\".\",D1115)))-1),\"\")","v":"2"},null,"12.2.3",{"$f":"IF($G1115=\"SINAPI\",VLOOKUP($F1115,DADOS_SINAPI,2,0),IF(G1115=\"SETOP\",VLOOKUP($F1115,DADOS_SETOP,2,0),IF(G1115=\"CPU\",VLOOKUP($F1115,DADOS_COMPOSICAO,2,0),IF(G1115=\"SICRO\",VLOOKUP($F1115,DADOS_SICRO,2,0),IF(G1115=\"SUDECAP\",VLOOKUP(F1115,DADOS_SUDECAP,2,0),IF(G1115=\"COTAÇÃO\",VLOOKUP($F1115,DADOS_COTACAO,2,0),\"\"))))))","v":"ADAPTADOR CURTO COM BOLSA E ROSCA PARA REGISTRO, PVC, SOLDÁVEL, DN 32 MM X 1\", INSTALADO EM RESERVAÇÃO PREDIAL DE ÁGUA - FORNECIMENTO E INSTALAÇÃO. AF_04/2024"},94658,"SINAPI",{"$f":"IF(G1115=\"SINAPI\",VLOOKUP($F1115,DADOS_SINAPI,3,0),IF(G1115=\"SETOP\",VLOOKUP($F1115,DADOS_SETOP,3,0),IF(G1115=\"CPU\",VLOOKUP($F1115,DADOS_COMPOSICAO,10,0),IF(G1115=\"SICRO\",VLOOKUP($F1115,DADOS_SICRO,3,0),IF(G1115=\"SUDECAP\",VLOOKUP(F1115,DADOS_SUDECAP,3,0),IF(G1115=\"COTAÇÃO\",VLOOKUP($F1115,DADOS_COTACAO,9,0),\"\"))))))","v":"UN"},{"$f":"F1117","v":4},{"$f":"TRUNC(IF(G1115=\"SINAPI\",VLOOKUP($F1115,DADOS_SINAPI,4,0),IF(G1115=\"SETOP\",VLOOKUP($F1115,DADOS_SETOP,4,0),IF(G1115=\"CPU\",VLOOKUP($F1115,DADOS_COMPOSICAO,13,0),IF(G1115=\"SICRO\",VLOOKUP($F1115,DADOS_SICRO,4,0),IF(G1115=\"SUDECAP\",VLOOKUP(F1115,DADOS_SUDECAP,4,0),IF(G1115=\"COTAÇÃO\",VLOOKUP(F1115,DADOS_COTACAO,12,0),\"\")))))),2)","v":4.96},"BDI 1",{"$f":"TRUNC(J1115*(1+$N$17),2)","v":6.27},{"$f":"IFERROR(TRUNC(I1115*J1115,2),\"\")","v":19.84},{"$f":"IFERROR(TRUNC(L1115*I1115,2),\"\")","v":25.08}]
[2000]
[2000,null,null,null,"Quantidade",4,"un"]
[2000]
[{"$f":"IFERROR(LEFT(D1119,SEARCH(\".\",D1119)-1),\"\")","v":"12"},{"$f":"IFERROR(LEFT(RIGHT(D1119,LEN(D1119)-SEARCH(\".\",D1119)),SEARCH(\".\",RIGHT(D1119,LEN(D1119)-SEARCH(\".\",D1119)))-1),\"\")","v":"2"},null,"12.2.4",{"$f":"IF($G1119=\"SINAPI\",VLOOKUP($F1119,DADOS_SINAPI,2,0),IF(G1119=\"SETOP\",VLOOKUP($F1119,DADOS_SETOP,2,0),IF(G1119=\"CPU\",VLOOKUP($F1119,DADOS_COMPOSICAO,2,0),IF(G1119=\"SICRO\",VLOOKUP($F1119,DADOS_SICRO,2,0),IF(G1119=\"SUDECAP\",VLOOKUP(F1119,DADOS_SUDECAP,2,0),IF(G1119=\"COTAÇÃO\",VLOOKUP($F1119,DADOS_COTACAO,2,0),\"\"))))))","v":"BUCHA DE REDUÇÃO, LONGA, PVC, SOLDÁVEL, DN 50 X 25 MM, INSTALADO EM RAMAL DE DISTRIBUIÇÃO DE ÁGUA - FORNECIMENTO E INSTALAÇÃO. AF_06/2022"},103999,"SINAPI",{"$f":"IF(G1119=\"SINAPI\",VLOOKUP($F1119,DADOS_SINAPI,3,0),IF(G1119=\"SETOP\",VLOOKUP($F1119,DADOS_SETOP,3,0),IF(G1119=\"CPU\",VLOOKUP($F1119,DADOS_COMPOSICAO,10,0),IF(G1119=\"SICRO\",VLOOKUP($F1119,DADOS_SICRO,3,0),IF(G1119=\"SUDECAP\",VLOOKUP(F1119,DADOS_SUDECAP,3,0),IF(G1119=\"COTAÇÃO\",VLOOKUP($F1119,DADOS_COTACAO,9,0),\"\"))))))","v":"UN"},{"$f":"F1121","v":14},{"$f":"TRUNC(IF(G1119=\"SINAPI\",VLOOKUP($F1119,DADOS_SINAPI,4,0),IF(G1119=\"SETOP\",VLOOKUP($F1119,DADOS_SETOP,4,0),IF(G1119=\"CPU\",VLOOKUP($F1119,DADOS_COMPOSICAO,13,0),IF(G1119=\"SICRO\",VLOOKUP($F1119,DADOS_SICRO,4,0),IF(G1119=\"SUDECAP\",VLOOKUP(F1119,DADOS_SUDECAP,4,0),IF(G1119=\"COTAÇÃO\",VLOOKUP(F1119,DADOS_COTACAO,12,0),\"\")))))),2)","v":12.01},"BDI 1",{"$f":"TRUNC(J1119*(1+$N$17),2)","v":15.19},{"$f":"IFERROR(TRUNC(I1119*J1119,2),\"\")","v":168.14},{"$f":"IFERROR(TRUNC(L1119*I1119,2),\"\")","v":212.66}]
[2000]
[2000,null,null,null,"Quantidade ",14,"un"]
[2000]
[{"$f":"IFERROR(LEFT(D1123,SEARCH(\".\",D1123)-1),\"\")","v":"12"},{"$f":"IFERROR(LEFT(RIGHT(D1123,LEN(D1123)-SEARCH(\".\",D1123)),SEARCH(\".\",RIGHT(D1123,LEN(D1123)-SEARCH(\".\",D1123)))-1),\"\")","v":"2"},null,"12.2.5",{"$f":"IF($G1123=\"SINAPI\",VLOOKUP($F1123,DADOS_SINAPI,2,0),IF(G1123=\"SETOP\",VLOOKUP($F1123,DADOS_SETOP,2,0),IF(G1123=\"CPU\",VLOOKUP($F1123,DADOS_COMPOSICAO,2,0),IF(G1123=\"SICRO\",VLOOKUP($F1123,DADOS_SICRO,2,0),IF(G1123=\"SUDECAP\",VLOOKUP(F1123,DADOS_SUDECAP,2,0),IF(G1123=\"COTAÇÃO\",VLOOKUP($F1123,DADOS_COTACAO,2,0),\"\"))))))","v":"BUCHA DE REDUÇÃO , LONGA, PVC, SOLDÁVEL, DN 50 X 32 MM, INSTALADO EM RAMAL DE DISTRIBUIÇÃO DE ÁGUA - FORNECIMENTO E INSTALAÇÃO. AF_06/2022"},104003,"SINAPI",{"$f":"IF(G1123=\"SINAPI\",VLOOKUP($F1123,DADOS_SINAPI,3,0),IF(G1123=\"SETOP\",VLOOKUP($F1123,DADOS_SETOP,3,0),IF(G1123=\"CPU\",VLOOKUP($F1123,DADOS_COMPOSICAO,10,0),IF(G1123=\"SICRO\",VLOOKUP($F1123,DADOS_SICRO,3,0),IF(G1123=\"SUDECAP\",VLOOKUP(F1123,DADOS_SUDECAP,3,0),IF(G1123=\"COTAÇÃO\",VLOOKUP($F1123,DADOS_COTACAO,9,0),\"\"))))))","v":"UN"},{"$f":"F1125","v":1},{"$f":"TRUNC(IF(G1123=\"SINAPI\",VLOOKUP($F1123,DADOS_SINAPI,4,0),IF(G1123=\"SETOP\",VLOOKUP($F1123,DADOS_SETOP,4,0),IF(G1123=\"CPU\",VLOOKUP($F1123,DADOS_COMPOSICAO,13,0),IF(G1123=\"SICRO\",VLOOKUP($F1123,DADOS_SICRO,4,0),IF(G1123=\"SUDECAP\",VLOOKUP(F1123,DADOS_SUDECAP,4,0),IF(G1123=\"COTAÇÃO\",VLOOKUP(F1123,DADOS_COTACAO,12,0),\"\")))))),2)","v":14.04},"BDI 1",{"$f":"TRUNC(J1123*(1+$N$17),2)","v":17.760000000000002},{"$f":"IFERROR(TRUNC(I1123*J1123,2),\"\")","v":14.04},{"$f":"IFERROR(TRUNC(L1123*I1123,2),\"\")","v":17.760000000000002}]
[2000]
[2000,null,null,null,"Quantidade ",{"$f":"1","v":1},"un"]
[2000]
[{"$f":"IFERROR(LEFT(D1127,SEARCH(\".\",D1127)-1),\"\")","v":"12"},{"$f":"IFERROR(LEFT(RIGHT(D1127,LEN(D1127)-SEARCH(\".\",D1127)),SEARCH(\".\",RIGHT(D1127,LEN(D1127)-SEARCH(\".\",D1127)))-1),\"\")","v":"2"},null,"12.2.6",{"$f":"IF($G1127=\"SINAPI\",VLOOKUP($F1127,DADOS_SINAPI,2,0),IF(G1127=\"SETOP\",VLOOKUP($F1127,DADOS_SETOP,2,0),IF(G1127=\"CPU\",VLOOKUP($F1127,DADOS_COMPOSICAO,2,0),IF(G1127=\"SICRO\",VLOOKUP($F1127,DADOS_SICRO,2,0),IF(G1127=\"SUDECAP\",VLOOKUP(F1127,DADOS_SUDECAP,2,0),IF(G1127=\"COTAÇÃO\",VLOOKUP($F1127,DADOS_COTACAO,2,0),\"\"))))))","v":"CRUZETA PVC SOLDÁVEL, DN 50MM"},"COT-HID-001","COTAÇÃO",{"$f":"IF(G1127=\"SINAPI\",VLOOKUP($F1127,DADOS_SINAPI,3,0),IF(G1127=\"SETOP\",VLOOKUP($F1127,DADOS_SETOP,3,0),IF(G1127=\"CPU\",VLOOKUP($F1127,DADOS_COMPOSICAO,10,0),IF(G1127=\"SICRO\",VLOOKUP($F1127,DADOS_SICRO,3,0),IF(G1127=\"SUDECAP\",VLOOKUP(F1127,DADOS_SUDECAP,3,0),IF(G1127=\"COTAÇÃO\",VLOOKUP($F1127,DADOS_COTACAO,9,0),\"\"))))))","v":"UN "},{"$f":"F1129","v":1},{"$f":"TRUNC(IF(G1127=\"SINAPI\",VLOOKUP($F1127,DADOS_SINAPI,4,0),IF(G1127=\"SETOP\",VLOOKUP($F1127,DADOS_SETOP,4,0),IF(G1127=\"CPU\",VLOOKUP($F1127,DADOS_COMPOSICAO,13,0),IF(G1127=\"SICRO\",VLOOKUP($F1127,DADOS_SICRO,4,0),IF(G1127=\"SUDECAP\",VLOOKUP(F1127,DADOS_SUDECAP,4,0),IF(G1127=\"COTAÇÃO\",VLOOKUP(F1127,DADOS_COTACAO,12,0),\"\")))))),2)","v":45.94},"BDI 1",{"$f":"TRUNC(J1127*(1+$N$17),2)","v":58.12},{"$f":"IFERROR(TRUNC(I1127*J1127,2),\"\")","v":45.94},{"$f":"IFERROR(TRUNC(L1127*I1127,2),\"\")","v":58.12}]
[2000]
[2000,null,null,null,"Quantidade ",{"$f":"1","v":1},"un"]
[2000]
[{"$f":"IFERROR(LEFT(D1131,SEARCH(\".\",D1131)-1),\"\")","v":"12"},{"$f":"IFERROR(LEFT(RIGHT(D1131,LEN(D1131)-SEARCH(\".\",D1131)),SEARCH(\".\",RIGHT(D1131,LEN(D1131)-SEARCH(\".\",D1131)))-1),\"\")","v":"2"},null,"12.2.7",{"$f":"IF($G1131=\"SINAPI\",VLOOKUP($F1131,DADOS_SINAPI,2,0),IF(G1131=\"SETOP\",VLOOKUP($F1131,DADOS_SETOP,2,0),IF(G1131=\"CPU\",VLOOKUP($F1131,DADOS_COMPOSICAO,2,0),IF(G1131=\"SICRO\",VLOOKUP($F1131,DADOS_SICRO,2,0),IF(G1131=\"SUDECAP\",VLOOKUP(F1131,DADOS_SUDECAP,2,0),IF(G1131=\"COTAÇÃO\",VLOOKUP($F1131,DADOS_COTACAO,2,0),\"\"))))))","v":"INSTALAÇÃO DA CRUZETA DN 5 MM"},"DAC-12.2","CPU",{"$f":"IF(G1131=\"SINAPI\",VLOOKUP($F1131,DADOS_SINAPI,3,0),IF(G1131=\"SETOP\",VLOOKUP($F1131,DADOS_SETOP,3,0),IF(G1131=\"CPU\",VLOOKUP($F1131,DADOS_COMPOSICAO,10,0),IF(G1131=\"SICRO\",VLOOKUP($F1131,DADOS_SICRO,3,0),IF(G1131=\"SUDECAP\",VLOOKUP(F1131,DADOS_SUDECAP,3,0),IF(G1131=\"COTAÇÃO\",VLOOKUP($F1131,DADOS_COTACAO,9,0),\"\"))))))","v":"UN    "},{"$f":"F1133","v":1},{"$f":"TRUNC(IF(G1131=\"SINAPI\",VLOOKUP($F1131,DADOS_SINAPI,4,0),IF(G1131=\"SETOP\",VLOOKUP($F1131,DADOS_SETOP,4,0),IF(G1131=\"CPU\",VLOOKUP($F1131,DADOS_COMPOSICAO,13,0),IF(G1131=\"SICRO\",VLOOKUP($F1131,DADOS_SICRO,4,0),IF(G1131=\"SUDECAP\",VLOOKUP(F1131,DADOS_SUDECAP,4,0),IF(G1131=\"COTAÇÃO\",VLOOKUP(F1131,DADOS_COTACAO,12,0),\"\")))))),2)","v":16.350000000000001},"BDI 1",{"$f":"TRUNC(J1131*(1+$N$17),2)","v":20.68},{"$f":"IFERROR(TRUNC(I1131*J1131,2),\"\")","v":16.350000000000001},{"$f":"IFERROR(TRUNC(L1131*I1131,2),\"\")","v":20.68}]
[2000]
[2000,null,null,null,"Quantidade ",{"$f":"F1129","v":1},"un"]
[2000]
[{"$f":"IFERROR(LEFT(D1135,SEARCH(\".\",D1135)-1),\"\")","v":"12"},{"$f":"IFERROR(LEFT(RIGHT(D1135,LEN(D1135)-SEARCH(\".\",D1135)),SEARCH(\".\",RIGHT(D1135,LEN(D1135)-SEARCH(\".\",D1135)))-1),\"\")","v":"2"},null,"12.2.8",{"$f":"IF($G1135=\"SINAPI\",VLOOKUP($F1135,DADOS_SINAPI,2,0),IF(G1135=\"SETOP\",VLOOKUP($F1135,DADOS_SETOP,2,0),IF(G1135=\"CPU\",VLOOKUP($F1135,DADOS_COMPOSICAO,2,0),IF(G1135=\"SICRO\",VLOOKUP($F1135,DADOS_SICRO,2,0),IF(G1135=\"SUDECAP\",VLOOKUP(F1135,DADOS_SUDECAP,2,0),IF(G1135=\"COTAÇÃO\",VLOOKUP($F1135,DADOS_COTACAO,2,0),\"\"))))))","v":"CURVA DE TRANSPOSIÇÃO, PVC, SOLDÁVEL, DN 25MM, INSTALADO EM RAMAL OU SUB-RAMAL DE ÁGUA   FORNECIMENTO E INSTALAÇÃO. AF_06/2022"},89384,"SINAPI",{"$f":"IF(G1135=\"SINAPI\",VLOOKUP($F1135,DADOS_SINAPI,3,0),IF(G1135=\"SETOP\",VLOOKUP($F1135,DADOS_SETOP,3,0),IF(G1135=\"CPU\",VLOOKUP($F1135,DADOS_COMPOSICAO,10,0),IF(G1135=\"SICRO\",VLOOKUP($F1135,DADOS_SICRO,3,0),IF(G1135=\"SUDECAP\",VLOOKUP(F1135,DADOS_SUDECAP,3,0),IF(G1135=\"COTAÇÃO\",VLOOKUP($F1135,DADOS_COTACAO,9,0),\"\"))))))","v":"UN"},{"$f":"F1137","v":3},{"$f":"TRUNC(IF(G1135=\"SINAPI\",VLOOKUP($F1135,DADOS_SINAPI,4,0),IF(G1135=\"SETOP\",VLOOKUP($F1135,DADOS_SETOP,4,0),IF(G1135=\"CPU\",VLOOKUP($F1135,DADOS_COMPOSICAO,13,0),IF(G1135=\"SICRO\",VLOOKUP($F1135,DADOS_SICRO,4,0),IF(G1135=\"SUDECAP\",VLOOKUP(F1135,DADOS_SUDECAP,4,0),IF(G1135=\"COTAÇÃO\",VLOOKUP(F1135,DADOS_COTACAO,12,0),\"\")))))),2)","v":12.49},"BDI 1",{"$f":"TRUNC(J1135*(1+$N$17),2)","v":15.8},{"$f":"IFERROR(TRUNC(I1135*J1135,2),\"\")","v":37.47},{"$f":"IFERROR(TRUNC(L1135*I1135,2),\"\")","v":47.4}]
[2000]
[2000,null,null,null,"Quantidade ",{"$f":"3","v":3},"un"]
[2000]
[{"$f":"IFERROR(LEFT(D1139,SEARCH(\".\",D1139)-1),\"\")","v":"12"},{"$f":"IFERROR(LEFT(RIGHT(D1139,LEN(D1139)-SEARCH(\".\",D1139)),SEARCH(\".\",RIGHT(D1139,LEN(D1139)-SEARCH(\".\",D1139)))-1),\"\")","v":"2"},null,"12.2.9",{"$f":"IF($G1139=\"SINAPI\",VLOOKUP($F1139,DADOS_SINAPI,2,0),IF(G1139=\"SETOP\",VLOOKUP($F1139,DADOS_SETOP,2,0),IF(G1139=\"CPU\",VLOOKUP($F1139,DADOS_COMPOSICAO,2,0),IF(G1139=\"SICRO\",VLOOKUP($F1139,DADOS_SICRO,2,0),IF(G1139=\"SUDECAP\",VLOOKUP(F1139,DADOS_SUDECAP,2,0),IF(G1139=\"COTAÇÃO\",VLOOKUP($F1139,DADOS_COTACAO,2,0),\"\"))))))","v":"JOELHO 90 GRAUS, PVC, SOLDÁVEL, DN 25MM, INSTALADO EM RAMAL OU SUB-RAMAL DE ÁGUA - FORNECIMENTO E INSTALAÇÃO. AF_06/2022"},89362,"SINAPI",{"$f":"IF(G1139=\"SINAPI\",VLOOKUP($F1139,DADOS_SINAPI,3,0),IF(G1139=\"SETOP\",VLOOKUP($F1139,DADOS_SETOP,3,0),IF(G1139=\"CPU\",VLOOKUP($F1139,DADOS_COMPOSICAO,10,0),IF(G1139=\"SICRO\",VLOOKUP($F1139,DADOS_SICRO,3,0),IF(G1139=\"SUDECAP\",VLOOKUP(F1139,DADOS_SUDECAP,3,0),IF(G1139=\"COTAÇÃO\",VLOOKUP($F1139,DADOS_COTACAO,9,0),\"\"))))))","v":"UN"},{"$f":"F1141","v":18},{"$f":"TRUNC(IF(G1139=\"SINAPI\",VLOOKUP($F1139,DADOS_SINAPI,4,0),IF(G1139=\"SETOP\",VLOOKUP($F1139,DADOS_SETOP,4,0),IF(G1139=\"CPU\",VLOOKUP($F1139,DADOS_COMPOSICAO,13,0),IF(G1139=\"SICRO\",VLOOKUP($F1139,DADOS_SICRO,4,0),IF(G1139=\"SUDECAP\",VLOOKUP(F1139,DADOS_SUDECAP,4,0),IF(G1139=\"COTAÇÃO\",VLOOKUP(F1139,DADOS_COTACAO,12,0),\"\")))))),2)","v":9.42},"BDI 1",{"$f":"TRUNC(J1139*(1+$N$17),2)","v":11.91},{"$f":"IFERROR(TRUNC(I1139*J1139,2),\"\")","v":169.56},{"$f":"IFERROR(TRUNC(L1139*I1139,2),\"\")","v":214.38}]
[2000]
[2000,null,null,null,"Quantidade",18,"un"]
[2000]
[{"$f":"IFERROR(LEFT(D1143,SEARCH(\".\",D1143)-1),\"\")","v":"12"},{"$f":"IFERROR(LEFT(RIGHT(D1143,LEN(D1143)-SEARCH(\".\",D1143)),SEARCH(\".\",RIGHT(D1143,LEN(D1143)-SEARCH(\".\",D1143)))-1),\"\")","v":"2"},null,"12.2.10",{"$f":"IF($G1143=\"SINAPI\",VLOOKUP($F1143,DADOS_SINAPI,2,0),IF(G1143=\"SETOP\",VLOOKUP($F1143,DADOS_SETOP,2,0),IF(G1143=\"CPU\",VLOOKUP($F1143,DADOS_COMPOSICAO,2,0),IF(G1143=\"SICRO\",VLOOKUP($F1143,DADOS_SICRO,2,0),IF(G1143=\"SUDECAP\",VLOOKUP(F1143,DADOS_SUDECAP,2,0),IF(G1143=\"COTAÇÃO\",VLOOKUP($F1143,DADOS_COTACAO,2,0),\"\"))))))","v":"JOELHO 90 GRAUS, PVC, SOLDÁVEL, DN 32MM, INSTALADO EM RAMAL OU SUB-RAMAL DE ÁGUA - FORNECIMENTO E INSTALAÇÃO. AF_06/2022"},89367,"SINAPI",{"$f":"IF(G1143=\"SINAPI\",VLOOKUP($F1143,DADOS_SINAPI,3,0),IF(G1143=\"SETOP\",VLOOKUP($F1143,DADOS_SETOP,3,0),IF(G1143=\"CPU\",VLOOKUP($F1143,DADOS_COMPOSICAO,10,0),IF(G1143=\"SICRO\",VLOOKUP($F1143,DADOS_SICRO,3,0),IF(G1143=\"SUDECAP\",VLOOKUP(F1143,DADOS_SUDECAP,3,0),IF(G1143=\"COTAÇÃO\",VLOOKUP($F1143,DADOS_COTACAO,9,0),\"\"))))))","v":"UN"},{"$f":"F1145","v":2},{"$f":"TRUNC(IF(G1143=\"SINAPI\",VLOOKUP($F1143,DADOS_SINAPI,4,0),IF(G1143=\"SETOP\",VLOOKUP($F1143,DADOS_SETOP,4,0),IF(G1143=\"CPU\",VLOOKUP($F1143,DADOS_COMPOSICAO,13,0),IF(G1143=\"SICRO\",VLOOKUP($F1143,DADOS_SICRO,4,0),IF(G1143=\"SUDECAP\",VLOOKUP(F1143,DADOS_SUDECAP,4,0),IF(G1143=\"COTAÇÃO\",VLOOKUP(F1143,DADOS_COTACAO,12,0),\"\")))))),2)","v":12.87},"BDI 1",{"$f":"TRUNC(J1143*(1+$N$17),2)","v":16.28},{"$f":"IFERROR(TRUNC(I1143*J1143,2),\"\")","v":25.74},{"$f":"IFERROR(TRUNC(L1143*I1143,2),\"\")","v":32.56}]
[2000]
[2000,null,null,null,"Quantidade ",{"$f":"2","v":2},"un"]
[2000]
[{"$f":"IFERROR(LEFT(D1147,SEARCH(\".\",D1147)-1),\"\")","v":"12"},{"$f":"IFERROR(LEFT(RIGHT(D1147,LEN(D1147)-SEARCH(\".\",D1147)),SEARCH(\".\",RIGHT(D1147,LEN(D1147)-SEARCH(\".\",D1147)))-1),\"\")","v":"2"},null,"12.2.11",{"$f":"IF($G1147=\"SINAPI\",VLOOKUP($F1147,DADOS_SINAPI,2,0),IF(G1147=\"SETOP\",VLOOKUP($F1147,DADOS_SETOP,2,0),IF(G1147=\"CPU\",VLOOKUP($F1147,DADOS_COMPOSICAO,2,0),IF(G1147=\"SICRO\",VLOOKUP($F1147,DADOS_SICRO,2,0),IF(G1147=\"SUDECAP\",VLOOKUP(F1147,DADOS_SUDECAP,2,0),IF(G1147=\"COTAÇÃO\",VLOOKUP($F1147,DADOS_COTACAO,2,0),\"\"))))))","v":"JOELHO 90 GRAUS, PVC, SOLDÁVEL, DN 50MM, INSTALADO EM PRUMADA DE ÁGUA - FORNECIMENTO E INSTALAÇÃO. AF_06/2022"},89501,"SINAPI",{"$f":"IF(G1147=\"SINAPI\",VLOOKUP($F1147,DADOS_SINAPI,3,0),IF(G1147=\"SETOP\",VLOOKUP($F1147,DADOS_SETOP,3,0),IF(G1147=\"CPU\",VLOOKUP($F1147,DADOS_COMPOSICAO,10,0),IF(G1147=\"SICRO\",VLOOKUP($F1147,DADOS_SICRO,3,0),IF(G1147=\"SUDECAP\",VLOOKUP(F1147,DADOS_SUDECAP,3,0),IF(G1147=\"COTAÇÃO\",VLOOKUP($F1147,DADOS_COTACAO,9,0),\"\"))))))","v":"UN"},{"$f":"F1149","v":27},{"$f":"TRUNC(IF(G1147=\"SINAPI\",VLOOKUP($F1147,DADOS_SINAPI,4,0),IF(G1147=\"SETOP\",VLOOKUP($F1147,DADOS_SETOP,4,0),IF(G1147=\"CPU\",VLOOKUP($F1147,DADOS_COMPOSICAO,13,0),IF(G1147=\"SICRO\",VLOOKUP($F1147,DADOS_SICRO,4,0),IF(G1147=\"SUDECAP\",VLOOKUP(F1147,DADOS_SUDECAP,4,0),IF(G1147=\"COTAÇÃO\",VLOOKUP(F1147,DADOS_COTACAO,12,0),\"\")))))),2)","v":13.7},"BDI 1",{"$f":"TRUNC(J1147*(1+$N$17),2)","v":17.329999999999998},{"$f":"IFERROR(TRUNC(I1147*J1147,2),\"\")","v":369.9},{"$f":"IFERROR(TRUNC(L1147*I1147,2),\"\")","v":467.91}]
[2000]
[2000,null,null,null,"Quantidade ",27,"un"]
[2000]
[{"$f":"IFERROR(LEFT(D1151,SEARCH(\".\",D1151)-1),\"\")","v":"12"},{"$f":"IFERROR(LEFT(RIGHT(D1151,LEN(D1151)-SEARCH(\".\",D1151)),SEARCH(\".\",RIGHT(D1151,LEN(D1151)-SEARCH(\".\",D1151)))-1),\"\")","v":"2"},null,"12.2.12",{"$f":"IF($G1151=\"SINAPI\",VLOOKUP($F1151,DADOS_SINAPI,2,0),IF(G1151=\"SETOP\",VLOOKUP($F1151,DADOS_SETOP,2,0),IF(G1151=\"CPU\",VLOOKUP($F1151,DADOS_COMPOSICAO,2,0),IF(G1151=\"SICRO\",VLOOKUP($F1151,DADOS_SICRO,2,0),IF(G1151=\"SUDECAP\",VLOOKUP(F1151,DADOS_SUDECAP,2,0),IF(G1151=\"COTAÇÃO\",VLOOKUP($F1151,DADOS_COTACAO,2,0),\"\"))))))","v":"JOELHO DE REDUÇÃO, 90 GRAUS, PVC, SOLDÁVEL, DN 32 MM X 25 MM, INSTALADO EM RAMAL OU SUB-RAMAL DE ÁGUA - FORNECIMENTO E INSTALAÇÃO. AF_06/2022"},103951,"SINAPI",{"$f":"IF(G1151=\"SINAPI\",VLOOKUP($F1151,DADOS_SINAPI,3,0),IF(G1151=\"SETOP\",VLOOKUP($F1151,DADOS_SETOP,3,0),IF(G1151=\"CPU\",VLOOKUP($F1151,DADOS_COMPOSICAO,10,0),IF(G1151=\"SICRO\",VLOOKUP($F1151,DADOS_SICRO,3,0),IF(G1151=\"SUDECAP\",VLOOKUP(F1151,DADOS_SUDECAP,3,0),IF(G1151=\"COTAÇÃO\",VLOOKUP($F1151,DADOS_COTACAO,9,0),\"\"))))))","v":"UN"},{"$f":"F1153","v":2},{"$f":"TRUNC(IF(G1151=\"SINAPI\",VLOOKUP($F1151,DADOS_SINAPI,4,0),IF(G1151=\"SETOP\",VLOOKUP($F1151,DADOS_SETOP,4,0),IF(G1151=\"CPU\",VLOOKUP($F1151,DADOS_COMPOSICAO,13,0),IF(G1151=\"SICRO\",VLOOKUP($F1151,DADOS_SICRO,4,0),IF(G1151=\"SUDECAP\",VLOOKUP(F1151,DADOS_SUDECAP,4,0),IF(G1151=\"COTAÇÃO\",VLOOKUP(F1151,DADOS_COTACAO,12,0),\"\")))))),2)","v":14.55},"BDI 1",{"$f":"TRUNC(J1151*(1+$N$17),2)","v":18.399999999999999},{"$f":"IFERROR(TRUNC(I1151*J1151,2),\"\")","v":29.1},{"$f":"IFERROR(TRUNC(L1151*I1151,2),\"\")","v":36.799999999999997}]
[2000]
[2000,null,null,null,"Quantidade ",{"$f":"2","v":2},"un"]
[2000]
[{"$f":"IFERROR(LEFT(D1155,SEARCH(\".\",D1155)-1),\"\")","v":"12"},{"$f":"IFERROR(LEFT(RIGHT(D1155,LEN(D1155)-SEARCH(\".\",D1155)),SEARCH(\".\",RIGHT(D1155,LEN(D1155)-SEARCH(\".\",D1155)))-1),\"\")","v":"2"},null,"12.2.13",{"$f":"IF($G1155=\"SINAPI\",VLOOKUP($F1155,DADOS_SINAPI,2,0),IF(G1155=\"SETOP\",VLOOKUP($F1155,DADOS_SETOP,2,0),IF(G1155=\"CPU\",VLOOKUP($F1155,DADOS_COMPOSICAO,2,0),IF(G1155=\"SICRO\",VLOOKUP($F1155,DADOS_SICRO,2,0),IF(G1155=\"SUDECAP\",VLOOKUP(F1155,DADOS_SUDECAP,2,0),IF(G1155=\"COTAÇÃO\",VLOOKUP($F1155,DADOS_COTACAO,2,0),\"\"))))))","v":"LUVA DE CORRER, PVC, SOLDÁVEL, DN 25MM, INSTALADO EM RAMAL OU SUB-RAMAL DE ÁGUA - FORNECIMENTO E INSTALAÇÃO. AF_12/2014"},89379,"SINAPI",{"$f":"IF(G1155=\"SINAPI\",VLOOKUP($F1155,DADOS_SINAPI,3,0),IF(G1155=\"SETOP\",VLOOKUP($F1155,DADOS_SETOP,3,0),IF(G1155=\"CPU\",VLOOKUP($F1155,DADOS_COMPOSICAO,10,0),IF(G1155=\"SICRO\",VLOOKUP($F1155,DADOS_SICRO,3,0),IF(G1155=\"SUDECAP\",VLOOKUP(F1155,DADOS_SUDECAP,3,0),IF(G1155=\"COTAÇÃO\",VLOOKUP($F1155,DADOS_COTACAO,9,0),\"\"))))))","v":"UN"},{"$f":"F1157","v":2},{"$f":"TRUNC(IF(G1155=\"SINAPI\",VLOOKUP($F1155,DADOS_SINAPI,4,0),IF(G1155=\"SETOP\",VLOOKUP($F1155,DADOS_SETOP,4,0),IF(G1155=\"CPU\",VLOOKUP($F1155,DADOS_COMPOSICAO,13,0),IF(G1155=\"SICRO\",VLOOKUP($F1155,DADOS_SICRO,4,0),IF(G1155=\"SUDECAP\",VLOOKUP(F1155,DADOS_SUDECAP,4,0),IF(G1155=\"COTAÇÃO\",VLOOKUP(F1155,DADOS_COTACAO,12,0),\"\")))))),2)","v":17.829999999999998},"BDI 1",{"$f":"TRUNC(J1155*(1+$N$17),2)","v":22.55},{"$f":"IFERROR(TRUNC(I1155*J1155,2),\"\")","v":35.659999999999997},{"$f":"IFERROR(TRUNC(L1155*I1155,2),\"\")","v":45.1}]
[2000]
[2000,null,null,null,"Quantidade ",{"$f":"2","v":2},"un"]
[2000]
[{"$f":"IFERROR(LEFT(D1159,SEARCH(\".\",D1159)-1),\"\")","v":"12"},{"$f":"IFERROR(LEFT(RIGHT(D1159,LEN(D1159)-SEARCH(\".\",D1159)),SEARCH(\".\",RIGHT(D1159,LEN(D1159)-SEARCH(\".\",D1159)))-1),\"\")","v":"2"},null,"12.2.14",{"$f":"IF($G1159=\"SINAPI\",VLOOKUP($F1159,DADOS_SINAPI,2,0),IF(G1159=\"SETOP\",VLOOKUP($F1159,DADOS_SETOP,2,0),IF(G1159=\"CPU\",VLOOKUP($F1159,DADOS_COMPOSICAO,2,0),IF(G1159=\"SICRO\",VLOOKUP($F1159,DADOS_SICRO,2,0),IF(G1159=\"SUDECAP\",VLOOKUP(F1159,DADOS_SUDECAP,2,0),IF(G1159=\"COTAÇÃO\",VLOOKUP($F1159,DADOS_COTACAO,2,0),\"\"))))))","v":"LUVA, PVC, SOLDÁVEL, DN 25MM, INSTALADO EM RAMAL OU SUB-RAMAL DE ÁGUA - FORNECIMENTO E INSTALAÇÃO. AF_06/2022"},89378,"SINAPI",{"$f":"IF(G1159=\"SINAPI\",VLOOKUP($F1159,DADOS_SINAPI,3,0),IF(G1159=\"SETOP\",VLOOKUP($F1159,DADOS_SETOP,3,0),IF(G1159=\"CPU\",VLOOKUP($F1159,DADOS_COMPOSICAO,10,0),IF(G1159=\"SICRO\",VLOOKUP($F1159,DADOS_SICRO,3,0),IF(G1159=\"SUDECAP\",VLOOKUP(F1159,DADOS_SUDECAP,3,0),IF(G1159=\"COTAÇÃO\",VLOOKUP($F1159,DADOS_COTACAO,9,0),\"\"))))))","v":"UN"},{"$f":"F1161","v":10},{"$f":"TRUNC(IF(G1159=\"SINAPI\",VLOOKUP($F1159,DADOS_SINAPI,4,0),IF(G1159=\"SETOP\",VLOOKUP($F1159,DADOS_SETOP,4,0),IF(G1159=\"CPU\",VLOOKUP($F1159,DADOS_COMPOSICAO,13,0),IF(G1159=\"SICRO\",VLOOKUP($F1159,DADOS_SICRO,4,0),IF(G1159=\"SUDECAP\",VLOOKUP(F1159,DADOS_SUDECAP,4,0),IF(G1159=\"COTAÇÃO\",VLOOKUP(F1159,DADOS_COTACAO,12,0),\"\")))))),2)","v":6.95},"BDI 1",{"$f":"TRUNC(J1159*(1+$N$17),2)","v":8.7899999999999991},{"$f":"IFERROR(TRUNC(I1159*J1159,2),\"\")","v":69.5},{"$f":"IFERROR(TRUNC(L1159*I1159,2),\"\")","v":87.9}]
[2000]
[2000,null,null,null,"Quantidade",10,"un"]
[2000]
[{"$f":"IFERROR(LEFT(D1163,SEARCH(\".\",D1163)-1),\"\")","v":"12"},{"$f":"IFERROR(LEFT(RIGHT(D1163,LEN(D1163)-SEARCH(\".\",D1163)),SEARCH(\".\",RIGHT(D1163,LEN(D1163)-SEARCH(\".\",D1163)))-1),\"\")","v":"2"},null,"12.2.15",{"$f":"IF($G1163=\"SINAPI\",VLOOKUP($F1163,DADOS_SINAPI,2,0),IF(G1163=\"SETOP\",VLOOKUP($F1163,DADOS_SETOP,2,0),IF(G1163=\"CPU\",VLOOKUP($F1163,DADOS_COMPOSICAO,2,0),IF(G1163=\"SICRO\",VLOOKUP($F1163,DADOS_SICRO,2,0),IF(G1163=\"SUDECAP\",VLOOKUP(F1163,DADOS_SUDECAP,2,0),IF(G1163=\"COTAÇÃO\",VLOOKUP($F1163,DADOS_COTACAO,2,0),\"\"))))))","v":"LUVA, PVC, SOLDÁVEL, DN 32MM, INSTALADO EM PRUMADA DE ÁGUA - FORNECIMENTO E INSTALAÇÃO. AF_06/2022"},89541,"SINAPI",{"$f":"IF(G1163=\"SINAPI\",VLOOKUP($F1163,DADOS_SINAPI,3,0),IF(G1163=\"SETOP\",VLOOKUP($F1163,DADOS_SETOP,3,0),IF(G1163=\"CPU\",VLOOKUP($F1163,DADOS_COMPOSICAO,10,0),IF(G1163=\"SICRO\",VLOOKUP($F1163,DADOS_SICRO,3,0),IF(G1163=\"SUDECAP\",VLOOKUP(F1163,DADOS_SUDECAP,3,0),IF(G1163=\"COTAÇÃO\",VLOOKUP($F1163,DADOS_COTACAO,9,0),\"\"))))))","v":"UN"},{"$f":"F1165","v":2},{"$f":"TRUNC(IF(G1163=\"SINAPI\",VLOOKUP($F1163,DADOS_SINAPI,4,0),IF(G1163=\"SETOP\",VLOOKUP($F1163,DADOS_SETOP,4,0),IF(G1163=\"CPU\",VLOOKUP($F1163,DADOS_COMPOSICAO,13,0),IF(G1163=\"SICRO\",VLOOKUP($F1163,DADOS_SICRO,4,0),IF(G1163=\"SUDECAP\",VLOOKUP(F1163,DADOS_SUDECAP,4,0),IF(G1163=\"COTAÇÃO\",VLOOKUP(F1163,DADOS_COTACAO,12,0),\"\")))))),2)","v":6.14},"BDI 1",{"$f":"TRUNC(J1163*(1+$N$17),2)","v":7.76},{"$f":"IFERROR(TRUNC(I1163*J1163,2),\"\")","v":12.28},{"$f":"IFERROR(TRUNC(L1163*I1163,2),\"\")","v":15.52}]
[2000]
[2000,null,null,null,"Quantidade ",{"$f":"2","v":2},"un"]
[2000]
[{"$f":"IFERROR(LEFT(D1167,SEARCH(\".\",D1167)-1),\"\")","v":"12"},{"$f":"IFERROR(LEFT(RIGHT(D1167,LEN(D1167)-SEARCH(\".\",D1167)),SEARCH(\".\",RIGHT(D1167,LEN(D1167)-SEARCH(\".\",D1167)))-1),\"\")","v":"2"},null,"12.2.16",{"$f":"IF($G1167=\"SINAPI\",VLOOKUP($F1167,DADOS_SINAPI,2,0),IF(G1167=\"SETOP\",VLOOKUP($F1167,DADOS_SETOP,2,0),IF(G1167=\"CPU\",VLOOKUP($F1167,DADOS_COMPOSICAO,2,0),IF(G1167=\"SICRO\",VLOOKUP($F1167,DADOS_SICRO,2,0),IF(G1167=\"SUDECAP\",VLOOKUP(F1167,DADOS_SUDECAP,2,0),IF(G1167=\"COTAÇÃO\",VLOOKUP($F1167,DADOS_COTACAO,2,0),\"\"))))))","v":"TUBO, PVC, SOLDÁVEL, DE 25MM, INSTALADO EM RAMAL OU SUB-RAMAL DE ÁGUA - FORNECIMENTO E INSTALAÇÃO. AF_06/2022"},89356,"SINAPI",{"$f":"IF(G1167=\"SINAPI\",VLOOKUP($F1167,DADOS_SINAPI,3,0),IF(G1167=\"SETOP\",VLOOKUP($F1167,DADOS_SETOP,3,0),IF(G1167=\"CPU\",VLOOKUP($F1167,DADOS_COMPOSICAO,10,0),IF(G1167=\"SICRO\",VLOOKUP($F1167,DADOS_SICRO,3,0),IF(G1167=\"SUDECAP\",VLOOKUP(F1167,DADOS_SUDECAP,3,0),IF(G1167=\"COTAÇÃO\",VLOOKUP($F1167,DADOS_COTACAO,9,0),\"\"))))))","v":"M"},{"$f":"F1169","v":68.38},{"$f":"TRUNC(IF(G1167=\"SINAPI\",VLOOKUP($F1167,DADOS_SINAPI,4,0),IF(G1167=\"SETOP\",VLOOKUP($F1167,DADOS_SETOP,4,0),IF(G1167=\"CPU\",VLOOKUP($F1167,DADOS_COMPOSICAO,13,0),IF(G1167=\"SICRO\",VLOOKUP($F1167,DADOS_SICRO,4,0),IF(G1167=\"SUDECAP\",VLOOKUP(F1167,DADOS_SUDECAP,4,0),IF(G1167=\"COTAÇÃO\",VLOOKUP(F1167,DADOS_COTACAO,12,0),\"\")))))),2)","v":23.52},"BDI 1",{"$f":"TRUNC(J1167*(1+$N$17),2)","v":29.75},{"$f":"IFERROR(TRUNC(I1167*J1167,2),\"\")","v":1608.29},{"$f":"IFERROR(TRUNC(L1167*I1167,2),\"\")","v":2034.3}]
[2000]
[2000,null,null,null,"Quantidade",68.38,"m"]
[2000]
[{"$f":"IFERROR(LEFT(D1171,SEARCH(\".\",D1171)-1),\"\")","v":"12"},{"$f":"IFERROR(LEFT(RIGHT(D1171,LEN(D1171)-SEARCH(\".\",D1171)),SEARCH(\".\",RIGHT(D1171,LEN(D1171)-SEARCH(\".\",D1171)))-1),\"\")","v":"2"},null,"12.2.17",{"$f":"IF($G1171=\"SINAPI\",VLOOKUP($F1171,DADOS_SINAPI,2,0),IF(G1171=\"SETOP\",VLOOKUP($F1171,DADOS_SETOP,2,0),IF(G1171=\"CPU\",VLOOKUP($F1171,DADOS_COMPOSICAO,2,0),IF(G1171=\"SICRO\",VLOOKUP($F1171,DADOS_SICRO,2,0),IF(G1171=\"SUDECAP\",VLOOKUP(F1171,DADOS_SUDECAP,2,0),IF(G1171=\"COTAÇÃO\",VLOOKUP($F1171,DADOS_COTACAO,2,0),\"\"))))))","v":"TUBO, PVC, SOLDÁVEL, DE 32MM, INSTALADO EM RAMAL OU SUB-RAMAL DE ÁGUA - FORNECIMENTO E INSTALAÇÃO. AF_06/2022"},89357,"SINAPI",{"$f":"IF(G1171=\"SINAPI\",VLOOKUP($F1171,DADOS_SINAPI,3,0),IF(G1171=\"SETOP\",VLOOKUP($F1171,DADOS_SETOP,3,0),IF(G1171=\"CPU\",VLOOKUP($F1171,DADOS_COMPOSICAO,10,0),IF(G1171=\"SICRO\",VLOOKUP($F1171,DADOS_SICRO,3,0),IF(G1171=\"SUDECAP\",VLOOKUP(F1171,DADOS_SUDECAP,3,0),IF(G1171=\"COTAÇÃO\",VLOOKUP($F1171,DADOS_COTACAO,9,0),\"\"))))))","v":"M"},{"$f":"F1173","v":7.15},{"$f":"TRUNC(IF(G1171=\"SINAPI\",VLOOKUP($F1171,DADOS_SINAPI,4,0),IF(G1171=\"SETOP\",VLOOKUP($F1171,DADOS_SETOP,4,0),IF(G1171=\"CPU\",VLOOKUP($F1171,DADOS_COMPOSICAO,13,0),IF(G1171=\"SICRO\",VLOOKUP($F1171,DADOS_SICRO,4,0),IF(G1171=\"SUDECAP\",VLOOKUP(F1171,DADOS_SUDECAP,4,0),IF(G1171=\"COTAÇÃO\",VLOOKUP(F1171,DADOS_COTACAO,12,0),\"\")))))),2)","v":32.01},"BDI 1",{"$f":"TRUNC(J1171*(1+$N$17),2)","v":40.49},{"$f":"IFERROR(TRUNC(I1171*J1171,2),\"\")","v":228.87},{"$f":"IFERROR(TRUNC(L1171*I1171,2),\"\")","v":289.5}]
[2000]
[2000,null,null,null,"Quantidade ",7.15,"m"]
[2000]
[{"$f":"IFERROR(LEFT(D1175,SEARCH(\".\",D1175)-1),\"\")","v":"12"},{"$f":"IFERROR(LEFT(RIGHT(D1175,LEN(D1175)-SEARCH(\".\",D1175)),SEARCH(\".\",RIGHT(D1175,LEN(D1175)-SEARCH(\".\",D1175)))-1),\"\")","v":"2"},null,"12.2.18",{"$f":"IF($G1175=\"SINAPI\",VLOOKUP($F1175,DADOS_SINAPI,2,0),IF(G1175=\"SETOP\",VLOOKUP($F1175,DADOS_SETOP,2,0),IF(G1175=\"CPU\",VLOOKUP($F1175,DADOS_COMPOSICAO,2,0),IF(G1175=\"SICRO\",VLOOKUP($F1175,DADOS_SICRO,2,0),IF(G1175=\"SUDECAP\",VLOOKUP(F1175,DADOS_SUDECAP,2,0),IF(G1175=\"COTAÇÃO\",VLOOKUP($F1175,DADOS_COTACAO,2,0),\"\"))))))","v":"TUBO, PVC, SOLDÁVEL, DE 50MM, INSTALADO EM PRUMADA DE ÁGUA - FORNECIMENTO E INSTALAÇÃO. AF_06/2022"},89449,"SINAPI",{"$f":"IF(G1175=\"SINAPI\",VLOOKUP($F1175,DADOS_SINAPI,3,0),IF(G1175=\"SETOP\",VLOOKUP($F1175,DADOS_SETOP,3,0),IF(G1175=\"CPU\",VLOOKUP($F1175,DADOS_COMPOSICAO,10,0),IF(G1175=\"SICRO\",VLOOKUP($F1175,DADOS_SICRO,3,0),IF(G1175=\"SUDECAP\",VLOOKUP(F1175,DADOS_SUDECAP,3,0),IF(G1175=\"COTAÇÃO\",VLOOKUP($F1175,DADOS_COTACAO,9,0),\"\"))))))","v":"M"},{"$f":"F1177","v":109.28},{"$f":"TRUNC(IF(G1175=\"SINAPI\",VLOOKUP($F1175,DADOS_SINAPI,4,0),IF(G1175=\"SETOP\",VLOOKUP($F1175,DADOS_SETOP,4,0),IF(G1175=\"CPU\",VLOOKUP($F1175,DADOS_COMPOSICAO,13,0),IF(G1175=\"SICRO\",VLOOKUP($F1175,DADOS_SICRO,4,0),IF(G1175=\"SUDECAP\",VLOOKUP(F1175,DADOS_SUDECAP,4,0),IF(G1175=\"COTAÇÃO\",VLOOKUP(F1175,DADOS_COTACAO,12,0),\"\")))))),2)","v":17.010000000000002},"BDI 1",{"$f":"TRUNC(J1175*(1+$N$17),2)","v":21.52},{"$f":"IFERROR(TRUNC(I1175*J1175,2),\"\")","v":1858.85},2351.71]
[2000]
[2000,null,null,null,"Quantidade ",109.28,"m"]
[2000]
[{"$f":"IFERROR(LEFT(D1179,SEARCH(\".\",D1179)-1),\"\")","v":"12"},{"$f":"IFERROR(LEFT(RIGHT(D1179,LEN(D1179)-SEARCH(\".\",D1179)),SEARCH(\".\",RIGHT(D1179,LEN(D1179)-SEARCH(\".\",D1179)))-1),\"\")","v":"2"},null,"12.2.19",{"$f":"IF($G1179=\"SINAPI\",VLOOKUP($F1179,DADOS_SINAPI,2,0),IF(G1179=\"SETOP\",VLOOKUP($F1179,DADOS_SETOP,2,0),IF(G1179=\"CPU\",VLOOKUP($F1179,DADOS_COMPOSICAO,2,0),IF(G1179=\"SICRO\",VLOOKUP($F1179,DADOS_SICRO,2,0),IF(G1179=\"SUDECAP\",VLOOKUP(F1179,DADOS_SUDECAP,2,0),IF(G1179=\"COTAÇÃO\",VLOOKUP($F1179,DADOS_COTACAO,2,0),\"\"))))))","v":"TE, PVC, SOLDÁVEL, DN 25MM, INSTALADO EM PRUMADA DE ÁGUA - FORNECIMENTO E INSTALAÇÃO. AF_06/2022"},89617,"SINAPI",{"$f":"IF(G1179=\"SINAPI\",VLOOKUP($F1179,DADOS_SINAPI,3,0),IF(G1179=\"SETOP\",VLOOKUP($F1179,DADOS_SETOP,3,0),IF(G1179=\"CPU\",VLOOKUP($F1179,DADOS_COMPOSICAO,10,0),IF(G1179=\"SICRO\",VLOOKUP($F1179,DADOS_SICRO,3,0),IF(G1179=\"SUDECAP\",VLOOKUP(F1179,DADOS_SUDECAP,3,0),IF(G1179=\"COTAÇÃO\",VLOOKUP($F1179,DADOS_COTACAO,9,0),\"\"))))))","v":"UN"},{"$f":"F1181","v":23},{"$f":"TRUNC(IF(G1179=\"SINAPI\",VLOOKUP($F1179,DADOS_SINAPI,4,0),IF(G1179=\"SETOP\",VLOOKUP($F1179,DADOS_SETOP,4,0),IF(G1179=\"CPU\",VLOOKUP($F1179,DADOS_COMPOSICAO,13,0),IF(G1179=\"SICRO\",VLOOKUP($F1179,DADOS_SICRO,4,0),IF(G1179=\"SUDECAP\",VLOOKUP(F1179,DADOS_SUDECAP,4,0),IF(G1179=\"COTAÇÃO\",VLOOKUP(F1179,DADOS_COTACAO,12,0),\"\")))))),2)","v":7.39},"BDI 1",{"$f":"TRUNC(J1179*(1+$N$17),2)","v":9.34},{"$f":"IFERROR(TRUNC(I1179*J1179,2),\"\")","v":169.97},{"$f":"IFERROR(TRUNC(L1179*I1179,2),\"\")","v":214.82}]
[2000]
[2000,null,null,null,"Quantidade",23,"un"]
[2000]
[{"$f":"IFERROR(LEFT(D1183,SEARCH(\".\",D1183)-1),\"\")","v":"12"},{"$f":"IFERROR(LEFT(RIGHT(D1183,LEN(D1183)-SEARCH(\".\",D1183)),SEARCH(\".\",RIGHT(D1183,LEN(D1183)-SEARCH(\".\",D1183)))-1),\"\")","v":"2"},null,"12.2.20",{"$f":"IF($G1183=\"SINAPI\",VLOOKUP($F1183,DADOS_SINAPI,2,0),IF(G1183=\"SETOP\",VLOOKUP($F1183,DADOS_SETOP,2,0),IF(G1183=\"CPU\",VLOOKUP($F1183,DADOS_COMPOSICAO,2,0),IF(G1183=\"SICRO\",VLOOKUP($F1183,DADOS_SICRO,2,0),IF(G1183=\"SUDECAP\",VLOOKUP(F1183,DADOS_SUDECAP,2,0),IF(G1183=\"COTAÇÃO\",VLOOKUP($F1183,DADOS_COTACAO,2,0),\"\"))))))","v":"TE, PVC, SOLDÁVEL, DN 50MM, INSTALADO EM RAMAL DE DISTRIBUIÇÃO DE ÁGUA - FORNECIMENTO E INSTALAÇÃO. AF_06/2022"},104004,"SINAPI",{"$f":"IF(G1183=\"SINAPI\",VLOOKUP($F1183,DADOS_SINAPI,3,0),IF(G1183=\"SETOP\",VLOOKUP($F1183,DADOS_SETOP,3,0),IF(G1183=\"CPU\",VLOOKUP($F1183,DADOS_COMPOSICAO,10,0),IF(G1183=\"SICRO\",VLOOKUP($F1183,DADOS_SICRO,3,0),IF(G1183=\"SUDECAP\",VLOOKUP(F1183,DADOS_SUDECAP,3,0),IF(G1183=\"COTAÇÃO\",VLOOKUP($F1183,DADOS_COTACAO,9,0),\"\"))))))","v":"UN"},{"$f":"F1185","v":7},{"$f":"TRUNC(IF(G1183=\"SINAPI\",VLOOKUP($F1183,DADOS_SINAPI,4,0),IF(G1183=\"SETOP\",VLOOKUP($F1183,DADOS_SETOP,4,0),IF(G1183=\"CPU\",VLOOKUP($F1183,DADOS_COMPOSICAO,13,0),IF(G1183=\"SICRO\",VLOOKUP($F1183,DADOS_SICRO,4,0),IF(G1183=\"SUDECAP\",VLOOKUP(F1183,DADOS_SUDECAP,4,0),IF(G1183=\"COTAÇÃO\",VLOOKUP(F1183,DADOS_COTACAO,12,0),\"\")))))),2)","v":28.55},"BDI 1",{"$f":"TRUNC(J1183*(1+$N$17),2)","v":36.119999999999997},{"$f":"IFERROR(TRUNC(I1183*J1183,2),\"\")","v":199.85},{"$f":"IFERROR(TRUNC(L1183*I1183,2),\"\")","v":252.84}]
[2000]
[2000,null,null,null,"Quantidade ",{"$f":"7","v":7},"un"]
[2000]
[{"$f":"IFERROR(LEFT(D1187,SEARCH(\".\",D1187)-1),\"\")","v":"12"},{"$f":"IFERROR(LEFT(RIGHT(D1187,LEN(D1187)-SEARCH(\".\",D1187)),SEARCH(\".\",RIGHT(D1187,LEN(D1187)-SEARCH(\".\",D1187)))-1),\"\")","v":"2"},null,"12.2.21",{"$f":"IF($G1187=\"SINAPI\",VLOOKUP($F1187,DADOS_SINAPI,2,0),IF(G1187=\"SETOP\",VLOOKUP($F1187,DADOS_SETOP,2,0),IF(G1187=\"CPU\",VLOOKUP($F1187,DADOS_COMPOSICAO,2,0),IF(G1187=\"SICRO\",VLOOKUP($F1187,DADOS_SICRO,2,0),IF(G1187=\"SUDECAP\",VLOOKUP(F1187,DADOS_SUDECAP,2,0),IF(G1187=\"COTAÇÃO\",VLOOKUP($F1187,DADOS_COTACAO,2,0),\"\"))))))","v":"TÊ DE REDUÇÃO, PVC, SOLDÁVEL, DN 32MM X 25MM, INSTALADO EM RAMAL OU SUB-RAMAL DE ÁGUA - FORNECIMENTO E INSTALAÇÃO. AF_06/2022"},89400,"SINAPI",{"$f":"IF(G1187=\"SINAPI\",VLOOKUP($F1187,DADOS_SINAPI,3,0),IF(G1187=\"SETOP\",VLOOKUP($F1187,DADOS_SETOP,3,0),IF(G1187=\"CPU\",VLOOKUP($F1187,DADOS_COMPOSICAO,10,0),IF(G1187=\"SICRO\",VLOOKUP($F1187,DADOS_SICRO,3,0),IF(G1187=\"SUDECAP\",VLOOKUP(F1187,DADOS_SUDECAP,3,0),IF(G1187=\"COTAÇÃO\",VLOOKUP($F1187,DADOS_COTACAO,9,0),\"\"))))))","v":"UN"},{"$f":"F1189","v":4},{"$f":"TRUNC(IF(G1187=\"SINAPI\",VLOOKUP($F1187,DADOS_SINAPI,4,0),IF(G1187=\"SETOP\",VLOOKUP($F1187,DADOS_SETOP,4,0),IF(G1187=\"CPU\",VLOOKUP($F1187,DADOS_COMPOSICAO,13,0),IF(G1187=\"SICRO\",VLOOKUP($F1187,DADOS_SICRO,4,0),IF(G1187=\"SUDECAP\",VLOOKUP(F1187,DADOS_SUDECAP,4,0),IF(G1187=\"COTAÇÃO\",VLOOKUP(F1187,DADOS_COTACAO,12,0),\"\")))))),2)","v":19.420000000000002},"BDI 1",{"$f":"TRUNC(J1187*(1+$N$17),2)","v":24.57},{"$f":"IFERROR(TRUNC(I1187*J1187,2),\"\")","v":77.680000000000007},{"$f":"IFERROR(TRUNC(L1187*I1187,2),\"\")","v":98.28}]
[2000]
[2000,null,null,null,"Quantidade ",{"$f":"4","v":4},"un"]
[2000]
[null,null,null,"12.3","PVC AZUL COM BUCHA DE LATÃO",null,null,null,null,null,null,null,{"$f":"IFERROR(SUMIFS(M:M,A:A,LEFT(D1191,SEARCH(\".\",D1191)-1),B:B,RIGHT(D1191,LEN(D1191)-SEARCH(\".\",D1191))),\"\")","v":571.62},{"$f":"IFERROR(SUMIFS(N:N,A:A,LEFT(D1191,SEARCH(\".\",D1191)-1),B:B,RIGHT(D1191,LEN(D1191)-SEARCH(\".\",D1191))),\"\")","v":722.96}]
[{"$f":"IFERROR(LEFT(D1192,SEARCH(\".\",D1192)-1),\"\")","v":"12"},{"$f":"IFERROR(LEFT(RIGHT(D1192,LEN(D1192)-SEARCH(\".\",D1192)),SEARCH(\".\",RIGHT(D1192,LEN(D1192)-SEARCH(\".\",D1192)))-1),\"\")","v":"3"},null,"12.3.1",{"$f":"IF($G1192=\"SINAPI\",VLOOKUP($F1192,DADOS_SINAPI,2,0),IF(G1192=\"SETOP\",VLOOKUP($F1192,DADOS_SETOP,2,0),IF(G1192=\"CPU\",VLOOKUP($F1192,DADOS_COMPOSICAO,2,0),IF(G1192=\"SICRO\",VLOOKUP($F1192,DADOS_SICRO,2,0),IF(G1192=\"SUDECAP\",VLOOKUP(F1192,DADOS_SUDECAP,2,0),IF(G1192=\"COTAÇÃO\",VLOOKUP($F1192,DADOS_COTACAO,2,0),\"\"))))))","v":"JOELHO 90 GRAUS COM BUCHA DE LATÃO, PVC, SOLDÁVEL, DN 25MM, X 3/4  INSTALADO EM RAMAL OU SUB-RAMAL DE ÁGUA - FORNECIMENTO E INSTALAÇÃO. AF_06/2022"},89366,"SINAPI",{"$f":"IF(G1192=\"SINAPI\",VLOOKUP($F1192,DADOS_SINAPI,3,0),IF(G1192=\"SETOP\",VLOOKUP($F1192,DADOS_SETOP,3,0),IF(G1192=\"CPU\",VLOOKUP($F1192,DADOS_COMPOSICAO,10,0),IF(G1192=\"SICRO\",VLOOKUP($F1192,DADOS_SICRO,3,0),IF(G1192=\"SUDECAP\",VLOOKUP(F1192,DADOS_SUDECAP,3,0),IF(G1192=\"COTAÇÃO\",VLOOKUP($F1192,DADOS_COTACAO,9,0),\"\"))))))","v":"UN"},{"$f":"F1194","v":14},{"$f":"TRUNC(IF(G1192=\"SINAPI\",VLOOKUP($F1192,DADOS_SINAPI,4,0),IF(G1192=\"SETOP\",VLOOKUP($F1192,DADOS_SETOP,4,0),IF(G1192=\"CPU\",VLOOKUP($F1192,DADOS_COMPOSICAO,13,0),IF(G1192=\"SICRO\",VLOOKUP($F1192,DADOS_SICRO,4,0),IF(G1192=\"SUDECAP\",VLOOKUP(F1192,DADOS_SUDECAP,4,0),IF(G1192=\"COTAÇÃO\",VLOOKUP(F1192,DADOS_COTACAO,12,0),\"\")))))),2)","v":15.67},"BDI 1",{"$f":"TRUNC(J1192*(1+$N$17),2)","v":19.82},{"$f":"IFERROR(TRUNC(I1192*J1192,2),\"\")","v":219.38},{"$f":"IFERROR(TRUNC(L1192*I1192,2),\"\")","v":277.48}]
[2000]
[2000,null,null,null,"Quantidade",14,"un"]
[2000]
[{"$f":"IFERROR(LEFT(D1196,SEARCH(\".\",D1196)-1),\"\")","v":"12"},{"$f":"IFERROR(LEFT(RIGHT(D1196,LEN(D1196)-SEARCH(\".\",D1196)),SEARCH(\".\",RIGHT(D1196,LEN(D1196)-SEARCH(\".\",D1196)))-1),\"\")","v":"3"},{"$f":"IFERROR(IF(LEN(D1196)-LEN(SUBSTITUTE(D1196,\".\",\"\"))<>3,\"\",MID(D1196,SEARCH(\".\",D1196,SEARCH(\".\",D1196)+1)+1,LEN(D1196)-SEARCH(\".\",D1196,SEARCH(\".\",D1196)+1)-(LEN(D1196)-(SEARCH(\".\",D1196,SEARCH(\".\",D1196,SEARCH(\".\",D1196)+1)+1)-1)))),\"\")","v":""},"12.3.2",{"$f":"IF($G1196=\"SINAPI\",VLOOKUP($F1196,DADOS_SINAPI,2,0),IF(G1196=\"SETOP\",VLOOKUP($F1196,DADOS_SETOP,2,0),IF(G1196=\"CPU\",VLOOKUP($F1196,DADOS_COMPOSICAO,2,0),IF(G1196=\"SICRO\",VLOOKUP($F1196,DADOS_SICRO,2,0),IF(G1196=\"SUDECAP\",VLOOKUP(F1196,DADOS_SUDECAP,2,0),IF(G1196=\"COTAÇÃO\",VLOOKUP($F1196,DADOS_COTACAO,2,0),\"\"))))))","v":"JOELHO 90 GRAUS COM BUCHA DE LATÃO, PVC, SOLDÁVEL, DN 25MM, X 1/2  INSTALADO EM RAMAL OU SUB-RAMAL DE ÁGUA - FORNECIMENTO E INSTALAÇÃO. AF_06/2022"},90373,"SINAPI",{"$f":"IF(G1196=\"SINAPI\",VLOOKUP($F1196,DADOS_SINAPI,3,0),IF(G1196=\"SETOP\",VLOOKUP($F1196,DADOS_SETOP,3,0),IF(G1196=\"CPU\",VLOOKUP($F1196,DADOS_COMPOSICAO,10,0),IF(G1196=\"SICRO\",VLOOKUP($F1196,DADOS_SICRO,3,0),IF(G1196=\"SUDECAP\",VLOOKUP(F1196,DADOS_SUDECAP,3,0),IF(G1196=\"COTAÇÃO\",VLOOKUP($F1196,DADOS_COTACAO,9,0),\"\"))))))","v":"UN"},{"$f":"F1198","v":28},{"$f":"TRUNC(IF(G1196=\"SINAPI\",VLOOKUP($F1196,DADOS_SINAPI,4,0),IF(G1196=\"SETOP\",VLOOKUP($F1196,DADOS_SETOP,4,0),IF(G1196=\"CPU\",VLOOKUP($F1196,DADOS_COMPOSICAO,13,0),IF(G1196=\"SICRO\",VLOOKUP($F1196,DADOS_SICRO,4,0),IF(G1196=\"SUDECAP\",VLOOKUP(F1196,DADOS_SUDECAP,4,0),IF(G1196=\"COTAÇÃO\",VLOOKUP(F1196,DADOS_COTACAO,12,0),\"\")))))),2)","v":12.58},"BDI 1",{"$f":"TRUNC(J1196*(1+$N$17),2)","v":15.91},{"$f":"IFERROR(TRUNC(I1196*J1196,2),\"\")","v":352.24},{"$f":"IFERROR(TRUNC(L1196*I1196,2),\"\")","v":445.48}]
[2000]
[2000,null,null,null,"Quantidade",28,"un"]
[2000]
[null,null,null,"12.4","PVC MISTO SOLDÁVEL",null,null,null,null,null,null,null,{"$f":"IFERROR(SUMIFS(M:M,A:A,LEFT(D1200,SEARCH(\".\",D1200)-1),B:B,RIGHT(D1200,LEN(D1200)-SEARCH(\".\",D1200))),\"\")","v":45.82},{"$f":"IFERROR(SUMIFS(N:N,A:A,LEFT(D1200,SEARCH(\".\",D1200)-1),B:B,RIGHT(D1200,LEN(D1200)-SEARCH(\".\",D1200))),\"\")","v":57.96}]
[{"$f":"IFERROR(LEFT(D1201,SEARCH(\".\",D1201)-1),\"\")","v":"12"},{"$f":"IFERROR(LEFT(RIGHT(D1201,LEN(D1201)-SEARCH(\".\",D1201)),SEARCH(\".\",RIGHT(D1201,LEN(D1201)-SEARCH(\".\",D1201)))-1),\"\")","v":"4"},{"$f":"IFERROR(IF(LEN(D1201)-LEN(SUBSTITUTE(D1201,\".\",\"\"))<>3,\"\",MID(D1201,SEARCH(\".\",D1201,SEARCH(\".\",D1201)+1)+1,LEN(D1201)-SEARCH(\".\",D1201,SEARCH(\".\",D1201)+1)-(LEN(D1201)-(SEARCH(\".\",D1201,SEARCH(\".\",D1201,SEARCH(\".\",D1201)+1)+1)-1)))),\"\")","v":""},"12.4.1",{"$f":"IF($G1201=\"SINAPI\",VLOOKUP($F1201,DADOS_SINAPI,2,0),IF(G1201=\"SETOP\",VLOOKUP($F1201,DADOS_SETOP,2,0),IF(G1201=\"CPU\",VLOOKUP($F1201,DADOS_COMPOSICAO,2,0),IF(G1201=\"SICRO\",VLOOKUP($F1201,DADOS_SICRO,2,0),IF(G1201=\"SUDECAP\",VLOOKUP(F1201,DADOS_SUDECAP,2,0),IF(G1201=\"COTAÇÃO\",VLOOKUP($F1201,DADOS_COTACAO,2,0),\"\"))))))","v":"LUVA COM ROSCA, PVC, SOLDÁVEL, DN 50MM X 1.1/2 , INSTALADO EM PRUMADA DE ÁGUA - FORNECIMENTO E INSTALAÇÃO. AF_06/2022"},89593,"SINAPI",{"$f":"IF(G1201=\"SINAPI\",VLOOKUP($F1201,DADOS_SINAPI,3,0),IF(G1201=\"SETOP\",VLOOKUP($F1201,DADOS_SETOP,3,0),IF(G1201=\"CPU\",VLOOKUP($F1201,DADOS_COMPOSICAO,10,0),IF(G1201=\"SICRO\",VLOOKUP($F1201,DADOS_SICRO,3,0),IF(G1201=\"SUDECAP\",VLOOKUP(F1201,DADOS_SUDECAP,3,0),IF(G1201=\"COTAÇÃO\",VLOOKUP($F1201,DADOS_COTACAO,9,0),\"\"))))))","v":"UN"},{"$f":"F1203","v":2},{"$f":"TRUNC(IF(G1201=\"SINAPI\",VLOOKUP($F1201,DADOS_SINAPI,4,0),IF(G1201=\"SETOP\",VLOOKUP($F1201,DADOS_SETOP,4,0),IF(G1201=\"CPU\",VLOOKUP($F1201,DADOS_COMPOSICAO,13,0),IF(G1201=\"SICRO\",VLOOKUP($F1201,DADOS_SICRO,4,0),IF(G1201=\"SUDECAP\",VLOOKUP(F1201,DADOS_SUDECAP,4,0),IF(G1201=\"COTAÇÃO\",VLOOKUP(F1201,DADOS_COTACAO,12,0),\"\")))))),2)","v":22.91},"BDI 1",{"$f":"TRUNC(J1201*(1+$N$17),2)","v":28.98},{"$f":"IFERROR(TRUNC(I1201*J1201,2),\"\")","v":45.82},{"$f":"IFERROR(TRUNC(L1201*I1201,2),\"\")","v":57.96}]
[2000]
[2000,null,null,null,"Quantidade ",{"$f":"2","v":2},"un"]
[2000]
[null,null,null,"12.5","RESERVATÓRIO",null,null,null,null,null,null,null,{"$f":"IFERROR(SUMIFS(M:M,A:A,LEFT(D1205,SEARCH(\".\",D1205)-1),B:B,RIGHT(D1205,LEN(D1205)-SEARCH(\".\",D1205))),\"\")","v":55200},{"$f":"IFERROR(SUMIFS(N:N,A:A,LEFT(D1205,SEARCH(\".\",D1205)-1),B:B,RIGHT(D1205,LEN(D1205)-SEARCH(\".\",D1205))),\"\")","v":69839.039999999994}]
[{"$f":"IFERROR(LEFT(D1206,SEARCH(\".\",D1206)-1),\"\")","v":"12"},{"$f":"IFERROR(LEFT(RIGHT(D1206,LEN(D1206)-SEARCH(\".\",D1206)),SEARCH(\".\",RIGHT(D1206,LEN(D1206)-SEARCH(\".\",D1206)))-1),\"\")","v":"5"},{"$f":"IFERROR(IF(LEN(D1206)-LEN(SUBSTITUTE(D1206,\".\",\"\"))<>3,\"\",MID(D1206,SEARCH(\".\",D1206,SEARCH(\".\",D1206)+1)+1,LEN(D1206)-SEARCH(\".\",D1206,SEARCH(\".\",D1206)+1)-(LEN(D1206)-(SEARCH(\".\",D1206,SEARCH(\".\",D1206,SEARCH(\".\",D1206)+1)+1)-1)))),\"\")","v":""},"12.5.1",{"$f":"IF($G1206=\"SINAPI\",VLOOKUP($F1206,DADOS_SINAPI,2,0),IF(G1206=\"SETOP\",VLOOKUP($F1206,DADOS_SETOP,2,0),IF(G1206=\"CPU\",VLOOKUP($F1206,DADOS_COMPOSICAO,2,0),IF(G1206=\"SICRO\",VLOOKUP($F1206,DADOS_SICRO,2,0),IF(G1206=\"SUDECAP\",VLOOKUP(F1206,DADOS_SUDECAP,2,0),IF(G1206=\"COTAÇÃO\",VLOOKUP($F1206,DADOS_COTACAO,2,0),\"\"))))))","v":"RESERVATÓRIO TIPO TAÇA, COLUNA SECA, 35.000 LITROS - FORNECIMENTO E INSTALAÇÃO"},"COT-HID-002","COTAÇÃO",{"$f":"IF(G1206=\"SINAPI\",VLOOKUP($F1206,DADOS_SINAPI,3,0),IF(G1206=\"SETOP\",VLOOKUP($F1206,DADOS_SETOP,3,0),IF(G1206=\"CPU\",VLOOKUP($F1206,DADOS_COMPOSICAO,10,0),IF(G1206=\"SICRO\",VLOOKUP($F1206,DADOS_SICRO,3,0),IF(G1206=\"SUDECAP\",VLOOKUP(F1206,DADOS_SUDECAP,3,0),IF(G1206=\"COTAÇÃO\",VLOOKUP($F1206,DADOS_COTACAO,9,0),\"\"))))))","v":"UN "},{"$f":"F1208","v":1},{"$f":"TRUNC(IF(G1206=\"SINAPI\",VLOOKUP($F1206,DADOS_SINAPI,4,0),IF(G1206=\"SETOP\",VLOOKUP($F1206,DADOS_SETOP,4,0),IF(G1206=\"CPU\",VLOOKUP($F1206,DADOS_COMPOSICAO,13,0),IF(G1206=\"SICRO\",VLOOKUP($F1206,DADOS_SICRO,4,0),IF(G1206=\"SUDECAP\",VLOOKUP(F1206,DADOS_SUDECAP,4,0),IF(G1206=\"COTAÇÃO\",VLOOKUP(F1206,DADOS_COTACAO,12,0),\"\")))))),2)","v":55200},"BDI 1",{"$f":"TRUNC(J1206*(1+$N$17),2)","v":69839.039999999994},{"$f":"IFERROR(TRUNC(I1206*J1206,2),\"\")","v":55200},{"$f":"IFERROR(TRUNC(L1206*I1206,2),\"\")","v":69839.039999999994}]
[2000]
[2000,null,null,null,"Quantidade",1,"un"]
[2000]
[null,null,null,"12.6","RASGOS E CHUMBAMENTOS",null,null,null,null,null,null,null,{"$f":"IFERROR(SUMIFS(M:M,A:A,LEFT(D1210,SEARCH(\".\",D1210)-1),B:B,RIGHT(D1210,LEN(D1210)-SEARCH(\".\",D1210))),\"\")","v":2114.1},{"$f":"IFERROR(SUMIFS(N:N,A:A,LEFT(D1210,SEARCH(\".\",D1210)-1),B:B,RIGHT(D1210,LEN(D1210)-SEARCH(\".\",D1210))),\"\")","v":2673.9}]
[{"$f":"IFERROR(LEFT(D1211,SEARCH(\".\",D1211)-1),\"\")","v":"12"},{"$f":"IFERROR(LEFT(RIGHT(D1211,LEN(D1211)-SEARCH(\".\",D1211)),SEARCH(\".\",RIGHT(D1211,LEN(D1211)-SEARCH(\".\",D1211)))-1),\"\")","v":"6"},{"$f":"IFERROR(IF(LEN(D1211)-LEN(SUBSTITUTE(D1211,\".\",\"\"))<>3,\"\",MID(D1211,SEARCH(\".\",D1211,SEARCH(\".\",D1211)+1)+1,LEN(D1211)-SEARCH(\".\",D1211,SEARCH(\".\",D1211)+1)-(LEN(D1211)-(SEARCH(\".\",D1211,SEARCH(\".\",D1211,SEARCH(\".\",D1211)+1)+1)-1)))),\"\")","v":""},"12.6.1",{"$f":"IF($G1211=\"SINAPI\",VLOOKUP($F1211,DADOS_SINAPI,2,0),IF(G1211=\"SETOP\",VLOOKUP($F1211,DADOS_SETOP,2,0),IF(G1211=\"CPU\",VLOOKUP($F1211,DADOS_COMPOSICAO,2,0),IF(G1211=\"SICRO\",VLOOKUP($F1211,DADOS_SICRO,2,0),IF(G1211=\"SUDECAP\",VLOOKUP(F1211,DADOS_SUDECAP,2,0),IF(G1211=\"COTAÇÃO\",VLOOKUP($F1211,DADOS_COTACAO,2,0),\"\"))))))","v":"RASGO LINEAR MANUAL EM ALVENARIA, PARA RAMAIS/ DISTRIBUIÇÃO DE INSTALAÇÕES HIDRÁULICAS, DIÂMETROS MENORES OU IGUAIS A 40 MM. AF_09/2023"},90443,"SINAPI",{"$f":"IF(G1211=\"SINAPI\",VLOOKUP($F1211,DADOS_SINAPI,3,0),IF(G1211=\"SETOP\",VLOOKUP($F1211,DADOS_SETOP,3,0),IF(G1211=\"CPU\",VLOOKUP($F1211,DADOS_COMPOSICAO,10,0),IF(G1211=\"SICRO\",VLOOKUP($F1211,DADOS_SICRO,3,0),IF(G1211=\"SUDECAP\",VLOOKUP(F1211,DADOS_SUDECAP,3,0),IF(G1211=\"COTAÇÃO\",VLOOKUP($F1211,DADOS_COTACAO,9,0),\"\"))))))","v":"M"},{"$f":"F1213","v":90},{"$f":"TRUNC(IF(G1211=\"SINAPI\",VLOOKUP($F1211,DADOS_SINAPI,4,0),IF(G1211=\"SETOP\",VLOOKUP($F1211,DADOS_SETOP,4,0),IF(G1211=\"CPU\",VLOOKUP($F1211,DADOS_COMPOSICAO,13,0),IF(G1211=\"SICRO\",VLOOKUP($F1211,DADOS_SICRO,4,0),IF(G1211=\"SUDECAP\",VLOOKUP(F1211,DADOS_SUDECAP,4,0),IF(G1211=\"COTAÇÃO\",VLOOKUP(F1211,DADOS_COTACAO,12,0),\"\")))))),2)","v":8.02},"BDI 1",{"$f":"TRUNC(J1211*(1+$N$17),2)","v":10.14},{"$f":"IFERROR(TRUNC(I1211*J1211,2),\"\")","v":721.8},{"$f":"IFERROR(TRUNC(L1211*I1211,2),\"\")","v":912.6}]
[2000]
[2000,null,null,null,"Quantidade",90,"m"]
[2000]
[{"$f":"IFERROR(LEFT(D1215,SEARCH(\".\",D1215)-1),\"\")","v":"12"},{"$f":"IFERROR(LEFT(RIGHT(D1215,LEN(D1215)-SEARCH(\".\",D1215)),SEARCH(\".\",RIGHT(D1215,LEN(D1215)-SEARCH(\".\",D1215)))-1),\"\")","v":"6"},{"$f":"IFERROR(IF(LEN(D1215)-LEN(SUBSTITUTE(D1215,\".\",\"\"))<>3,\"\",MID(D1215,SEARCH(\".\",D1215,SEARCH(\".\",D1215)+1)+1,LEN(D1215)-SEARCH(\".\",D1215,SEARCH(\".\",D1215)+1)-(LEN(D1215)-(SEARCH(\".\",D1215,SEARCH(\".\",D1215,SEARCH(\".\",D1215)+1)+1)-1)))),\"\")","v":""},"12.6.2",{"$f":"IF($G1215=\"SINAPI\",VLOOKUP($F1215,DADOS_SINAPI,2,0),IF(G1215=\"SETOP\",VLOOKUP($F1215,DADOS_SETOP,2,0),IF(G1215=\"CPU\",VLOOKUP($F1215,DADOS_COMPOSICAO,2,0),IF(G1215=\"SICRO\",VLOOKUP($F1215,DADOS_SICRO,2,0),IF(G1215=\"SUDECAP\",VLOOKUP(F1215,DADOS_SUDECAP,2,0),IF(G1215=\"COTAÇÃO\",VLOOKUP($F1215,DADOS_COTACAO,2,0),\"\"))))))","v":"CHUMBAMENTO LINEAR EM ALVENARIA PARA RAMAIS/DISTRIBUIÇÃO DE INSTALAÇÕES HIDRÁULICAS COM DIÂMETROS MENORES OU IGUAIS A 40 MM. AF_09/2023"},90466,"SINAPI",{"$f":"IF(G1215=\"SINAPI\",VLOOKUP($F1215,DADOS_SINAPI,3,0),IF(G1215=\"SETOP\",VLOOKUP($F1215,DADOS_SETOP,3,0),IF(G1215=\"CPU\",VLOOKUP($F1215,DADOS_COMPOSICAO,10,0),IF(G1215=\"SICRO\",VLOOKUP($F1215,DADOS_SICRO,3,0),IF(G1215=\"SUDECAP\",VLOOKUP(F1215,DADOS_SUDECAP,3,0),IF(G1215=\"COTAÇÃO\",VLOOKUP($F1215,DADOS_COTACAO,9,0),\"\"))))))","v":"M"},{"$f":"F1217","v":90},{"$f":"TRUNC(IF(G1215=\"SINAPI\",VLOOKUP($F1215,DADOS_SINAPI,4,0),IF(G1215=\"SETOP\",VLOOKUP($F1215,DADOS_SETOP,4,0),IF(G1215=\"CPU\",VLOOKUP($F1215,DADOS_COMPOSICAO,13,0),IF(G1215=\"SICRO\",VLOOKUP($F1215,DADOS_SICRO,4,0),IF(G1215=\"SUDECAP\",VLOOKUP(F1215,DADOS_SUDECAP,4,0),IF(G1215=\"COTAÇÃO\",VLOOKUP(F1215,DADOS_COTACAO,12,0),\"\")))))),2)","v":15.47},"BDI 1",{"$f":"TRUNC(J1215*(1+$N$17),2)","v":19.57},{"$f":"IFERROR(TRUNC(I1215*J1215,2),\"\")","v":1392.3},{"$f":"IFERROR(TRUNC(L1215*I1215,2),\"\")","v":1761.3}]
[2000]
[2000,null,null,null,"Quantidade",{"$f":"F1213","v":90},"m"]
[2000]
[null,null,null,"12.7","ESCAVAÇÃO",null,null,null,null,null,null,null,{"$f":"IFERROR(SUMIFS(M:M,A:A,LEFT(D1219,SEARCH(\".\",D1219)-1),B:B,RIGHT(D1219,LEN(D1219)-SEARCH(\".\",D1219))),\"\")","v":197.88},{"$f":"IFERROR(SUMIFS(N:N,A:A,LEFT(D1219,SEARCH(\".\",D1219)-1),B:B,RIGHT(D1219,LEN(D1219)-SEARCH(\".\",D1219))),\"\")","v":250.36}]
[{"$f":"IFERROR(LEFT(D1220,SEARCH(\".\",D1220)-1),\"\")","v":"12"},{"$f":"IFERROR(LEFT(RIGHT(D1220,LEN(D1220)-SEARCH(\".\",D1220)),SEARCH(\".\",RIGHT(D1220,LEN(D1220)-SEARCH(\".\",D1220)))-1),\"\")","v":"7"},{"$f":"IFERROR(IF(LEN(D1220)-LEN(SUBSTITUTE(D1220,\".\",\"\"))<>3,\"\",MID(D1220,SEARCH(\".\",D1220,SEARCH(\".\",D1220)+1)+1,LEN(D1220)-SEARCH(\".\",D1220,SEARCH(\".\",D1220)+1)-(LEN(D1220)-(SEARCH(\".\",D1220,SEARCH(\".\",D1220,SEARCH(\".\",D1220)+1)+1)-1)))),\"\")","v":""},"12.7.1",{"$f":"IF($G1220=\"SINAPI\",VLOOKUP($F1220,DADOS_SINAPI,2,0),IF(G1220=\"SETOP\",VLOOKUP($F1220,DADOS_SETOP,2,0),IF(G1220=\"CPU\",VLOOKUP($F1220,DADOS_COMPOSICAO,2,0),IF(G1220=\"SICRO\",VLOOKUP($F1220,DADOS_SICRO,2,0),IF(G1220=\"SUDECAP\",VLOOKUP(F1220,DADOS_SUDECAP,2,0),IF(G1220=\"COTAÇÃO\",VLOOKUP($F1220,DADOS_COTACAO,2,0),\"\"))))))","v":"ESCAVAÇÃO MANUAL DE VALA. AF_09/2024"},93358,"SINAPI",{"$f":"IF(G1220=\"SINAPI\",VLOOKUP($F1220,DADOS_SINAPI,3,0),IF(G1220=\"SETOP\",VLOOKUP($F1220,DADOS_SETOP,3,0),IF(G1220=\"CPU\",VLOOKUP($F1220,DADOS_COMPOSICAO,10,0),IF(G1220=\"SICRO\",VLOOKUP($F1220,DADOS_SICRO,3,0),IF(G1220=\"SUDECAP\",VLOOKUP(F1220,DADOS_SUDECAP,3,0),IF(G1220=\"COTAÇÃO\",VLOOKUP($F1220,DADOS_COTACAO,9,0),\"\"))))))","v":"M3"},{"$f":"F1222","v":1.54},{"$f":"TRUNC(IF(G1220=\"SINAPI\",VLOOKUP($F1220,DADOS_SINAPI,4,0),IF(G1220=\"SETOP\",VLOOKUP($F1220,DADOS_SETOP,4,0),IF(G1220=\"CPU\",VLOOKUP($F1220,DADOS_COMPOSICAO,13,0),IF(G1220=\"SICRO\",VLOOKUP($F1220,DADOS_SICRO,4,0),IF(G1220=\"SUDECAP\",VLOOKUP(F1220,DADOS_SUDECAP,4,0),IF(G1220=\"COTAÇÃO\",VLOOKUP(F1220,DADOS_COTACAO,12,0),\"\")))))),2)","v":82.75},"BDI 1",{"$f":"TRUNC(J1220*(1+$N$17),2)","v":104.69},{"$f":"IFERROR(TRUNC(I1220*J1220,2),\"\")","v":127.43},{"$f":"IFERROR(TRUNC(L1220*I1220,2),\"\")","v":161.22}]
[2000]
[2000,null,null,null,"Quantidade",1.54,"m³"]
[2000]
[{"$f":"IFERROR(LEFT(D1224,SEARCH(\".\",D1224)-1),\"\")","v":"12"},{"$f":"IFERROR(LEFT(RIGHT(D1224,LEN(D1224)-SEARCH(\".\",D1224)),SEARCH(\".\",RIGHT(D1224,LEN(D1224)-SEARCH(\".\",D1224)))-1),\"\")","v":"7"},{"$f":"IFERROR(IF(LEN(D1224)-LEN(SUBSTITUTE(D1224,\".\",\"\"))<>3,\"\",MID(D1224,SEARCH(\".\",D1224,SEARCH(\".\",D1224)+1)+1,LEN(D1224)-SEARCH(\".\",D1224,SEARCH(\".\",D1224)+1)-(LEN(D1224)-(SEARCH(\".\",D1224,SEARCH(\".\",D1224,SEARCH(\".\",D1224)+1)+1)-1)))),\"\")","v":""},"12.7.2",{"$f":"IF($G1224=\"SINAPI\",VLOOKUP($F1224,DADOS_SINAPI,2,0),IF(G1224=\"SETOP\",VLOOKUP($F1224,DADOS_SETOP,2,0),IF(G1224=\"CPU\",VLOOKUP($F1224,DADOS_COMPOSICAO,2,0),IF(G1224=\"SICRO\",VLOOKUP($F1224,DADOS_SICRO,2,0),IF(G1224=\"SUDECAP\",VLOOKUP(F1224,DADOS_SUDECAP,2,0),IF(G1224=\"COTAÇÃO\",VLOOKUP($F1224,DADOS_COTACAO,2,0),\"\"))))))","v":"REATERRO MANUAL DE VALA, INCLUSIVE ESPALHAMENTO E COMPACTAÇÃO MECANIZADA COM PLACA VIBRATÓRIA"},"ED-51121","SETOP",{"$f":"IF(G1224=\"SINAPI\",VLOOKUP($F1224,DADOS_SINAPI,3,0),IF(G1224=\"SETOP\",VLOOKUP($F1224,DADOS_SETOP,3,0),IF(G1224=\"CPU\",VLOOKUP($F1224,DADOS_COMPOSICAO,10,0),IF(G1224=\"SICRO\",VLOOKUP($F1224,DADOS_SICRO,3,0),IF(G1224=\"SUDECAP\",VLOOKUP(F1224,DADOS_SUDECAP,3,0),IF(G1224=\"COTAÇÃO\",VLOOKUP($F1224,DADOS_COTACAO,9,0),\"\"))))))","v":"m3"},{"$f":"F1226","v":1.54},{"$f":"TRUNC(IF(G1224=\"SINAPI\",VLOOKUP($F1224,DADOS_SINAPI,4,0),IF(G1224=\"SETOP\",VLOOKUP($F1224,DADOS_SETOP,4,0),IF(G1224=\"CPU\",VLOOKUP($F1224,DADOS_COMPOSICAO,13,0),IF(G1224=\"SICRO\",VLOOKUP($F1224,DADOS_SICRO,4,0),IF(G1224=\"SUDECAP\",VLOOKUP(F1224,DADOS_SUDECAP,4,0),IF(G1224=\"COTAÇÃO\",VLOOKUP(F1224,DADOS_COTACAO,12,0),\"\")))))),2)","v":45.75},"BDI 1",{"$f":"TRUNC(J1224*(1+$N$17),2)","v":57.88},{"$f":"IFERROR(TRUNC(I1224*J1224,2),\"\")","v":70.45},89.14]
[2000]
[2000,null,null,null,"Quantidade",{"$f":"F1222","v":1.54},"m³"]
[2000]
[1000,null,null,13,"INSTALAÇÕES SANITÁRIAS",null,null,null,null,null,null,null,{"$f":"SUMIF(A:A,D1228,M:M)","v":16646.979999999996},{"$f":"SUMIF(A:A,D1228,N:N)","v":21059.490000000005}]
[null,null,null,"13.1","CAIXAS DE PASSAGEM",null,null,null,null,null,null,null,{"$f":"IFERROR(SUMIFS(M:M,A:A,LEFT(D1229,SEARCH(\".\",D1229)-1),B:B,RIGHT(D1229,LEN(D1229)-SEARCH(\".\",D1229))),\"\")","v":2163.84},{"$f":"IFERROR(SUMIFS(N:N,A:A,LEFT(D1229,SEARCH(\".\",D1229)-1),B:B,RIGHT(D1229,LEN(D1229)-SEARCH(\".\",D1229))),\"\")","v":2737.6800000000003}]
[{"$f":"IFERROR(LEFT(D1230,SEARCH(\".\",D1230)-1),\"\")","v":"13"},{"$f":"IFERROR(LEFT(RIGHT(D1230,LEN(D1230)-SEARCH(\".\",D1230)),SEARCH(\".\",RIGHT(D1230,LEN(D1230)-SEARCH(\".\",D1230)))-1),\"\")","v":"1"},{"$f":"IFERROR(IF(LEN(D1230)-LEN(SUBSTITUTE(D1230,\".\",\"\"))<>3,\"\",MID(D1230,SEARCH(\".\",D1230,SEARCH(\".\",D1230)+1)+1,LEN(D1230)-SEARCH(\".\",D1230,SEARCH(\".\",D1230)+1)-(LEN(D1230)-(SEARCH(\".\",D1230,SEARCH(\".\",D1230,SEARCH(\".\",D1230)+1)+1)-1)))),\"\")","v":""},"13.1.1",{"$f":"IF($G1230=\"SINAPI\",VLOOKUP($F1230,DADOS_SINAPI,2,0),IF(G1230=\"SETOP\",VLOOKUP($F1230,DADOS_SETOP,2,0),IF(G1230=\"CPU\",VLOOKUP($F1230,DADOS_COMPOSICAO,2,0),IF(G1230=\"SICRO\",VLOOKUP($F1230,DADOS_SICRO,2,0),IF(G1230=\"SUDECAP\",VLOOKUP(F1230,DADOS_SUDECAP,2,0),IF(G1230=\"COTAÇÃO\",VLOOKUP($F1230,DADOS_COTACAO,2,0),\"\"))))))","v":"CAIXA DE GORDURA ESPECIAL (CAPACIDADE: 312 L - PARA ATÉ 146 PESSOAS SERVIDAS NO PICO), RETANGULAR, EM ALVENARIA COM TIJOLOS CERÂMICOS MACIÇOS, DIMENSÕES INTERNAS = 0,4X1,2 M, ALTURA INTERNA = 1 M. AF_12/2020"},98106,"SINAPI",{"$f":"IF(G1230=\"SINAPI\",VLOOKUP($F1230,DADOS_SINAPI,3,0),IF(G1230=\"SETOP\",VLOOKUP($F1230,DADOS_SETOP,3,0),IF(G1230=\"CPU\",VLOOKUP($F1230,DADOS_COMPOSICAO,10,0),IF(G1230=\"SICRO\",VLOOKUP($F1230,DADOS_SICRO,3,0),IF(G1230=\"SUDECAP\",VLOOKUP(F1230,DADOS_SUDECAP,3,0),IF(G1230=\"COTAÇÃO\",VLOOKUP($F1230,DADOS_COTACAO,9,0),\"\"))))))","v":"UN"},{"$f":"F1232","v":1},{"$f":"TRUNC(IF(G1230=\"SINAPI\",VLOOKUP($F1230,DADOS_SINAPI,4,0),IF(G1230=\"SETOP\",VLOOKUP($F1230,DADOS_SETOP,4,0),IF(G1230=\"CPU\",VLOOKUP($F1230,DADOS_COMPOSICAO,13,0),IF(G1230=\"SICRO\",VLOOKUP($F1230,DADOS_SICRO,4,0),IF(G1230=\"SUDECAP\",VLOOKUP(F1230,DADOS_SUDECAP,4,0),IF(G1230=\"COTAÇÃO\",VLOOKUP(F1230,DADOS_COTACAO,12,0),\"\")))))),2)","v":1032.96},"BDI 1",{"$f":"TRUNC(J1230*(1+$N$17),2)","v":1306.9000000000001},{"$f":"IFERROR(TRUNC(I1230*J1230,2),\"\")","v":1032.96},{"$f":"IFERROR(TRUNC(L1230*I1230,2),\"\")","v":1306.9000000000001}]
[2000]
[2000,null,null,null,"Quantidade",1,"un"]
[2000]
[{"$f":"IFERROR(LEFT(D1234,SEARCH(\".\",D1234)-1),\"\")","v":"13"},{"$f":"IFERROR(LEFT(RIGHT(D1234,LEN(D1234)-SEARCH(\".\",D1234)),SEARCH(\".\",RIGHT(D1234,LEN(D1234)-SEARCH(\".\",D1234)))-1),\"\")","v":"1"},{"$f":"IFERROR(IF(LEN(D1234)-LEN(SUBSTITUTE(D1234,\".\",\"\"))<>3,\"\",MID(D1234,SEARCH(\".\",D1234,SEARCH(\".\",D1234)+1)+1,LEN(D1234)-SEARCH(\".\",D1234,SEARCH(\".\",D1234)+1)-(LEN(D1234)-(SEARCH(\".\",D1234,SEARCH(\".\",D1234,SEARCH(\".\",D1234)+1)+1)-1)))),\"\")","v":""},"13.1.2",{"$f":"IF($G1234=\"SINAPI\",VLOOKUP($F1234,DADOS_SINAPI,2,0),IF(G1234=\"SETOP\",VLOOKUP($F1234,DADOS_SETOP,2,0),IF(G1234=\"CPU\",VLOOKUP($F1234,DADOS_COMPOSICAO,2,0),IF(G1234=\"SICRO\",VLOOKUP($F1234,DADOS_SICRO,2,0),IF(G1234=\"SUDECAP\",VLOOKUP(F1234,DADOS_SUDECAP,2,0),IF(G1234=\"COTAÇÃO\",VLOOKUP($F1234,DADOS_COTACAO,2,0),\"\"))))))","v":"CAIXA DE ESGOTO DE INSPEÇÃO/PASSAGEM EM ALVENARIA (60X60X60CM), REVESTIMENTO EM ARGAMASSA COM ADITIVO IMPERMEABILIZANTE, COM TAMPA DE CONCRETO, INCLUSIVE ESCAVAÇÃO, REATERRO E TRANSPORTE COM RETIRADA DO MATERIAL ESCAVADO (EM CAÇAMBA)"},"ED-49883","SETOP",{"$f":"IF(G1234=\"SINAPI\",VLOOKUP($F1234,DADOS_SINAPI,3,0),IF(G1234=\"SETOP\",VLOOKUP($F1234,DADOS_SETOP,3,0),IF(G1234=\"CPU\",VLOOKUP($F1234,DADOS_COMPOSICAO,10,0),IF(G1234=\"SICRO\",VLOOKUP($F1234,DADOS_SICRO,3,0),IF(G1234=\"SUDECAP\",VLOOKUP(F1234,DADOS_SUDECAP,3,0),IF(G1234=\"COTAÇÃO\",VLOOKUP($F1234,DADOS_COTACAO,9,0),\"\"))))))","v":"un"},{"$f":"F1236","v":2},{"$f":"TRUNC(IF(G1234=\"SINAPI\",VLOOKUP($F1234,DADOS_SINAPI,4,0),IF(G1234=\"SETOP\",VLOOKUP($F1234,DADOS_SETOP,4,0),IF(G1234=\"CPU\",VLOOKUP($F1234,DADOS_COMPOSICAO,13,0),IF(G1234=\"SICRO\",VLOOKUP($F1234,DADOS_SICRO,4,0),IF(G1234=\"SUDECAP\",VLOOKUP(F1234,DADOS_SUDECAP,4,0),IF(G1234=\"COTAÇÃO\",VLOOKUP(F1234,DADOS_COTACAO,12,0),\"\")))))),2)","v":565.44000000000005},"BDI 1",{"$f":"TRUNC(J1234*(1+$N$17),2)","v":715.39},{"$f":"IFERROR(TRUNC(I1234*J1234,2),\"\")","v":1130.8800000000001},{"$f":"IFERROR(TRUNC(L1234*I1234,2),\"\")","v":1430.78}]
[2000]
[2000,null,null,null,"Quantidade ",2,{"$f":"H1234","v":"un"}]
[2000]
[null,null,null,"13.2","PVC ACESSÓRIOS",null,null,null,null,null,null,null,{"$f":"IFERROR(SUMIFS(M:M,A:A,LEFT(D1238,SEARCH(\".\",D1238)-1),B:B,RIGHT(D1238,LEN(D1238)-SEARCH(\".\",D1238))),\"\")","v":717.4},{"$f":"IFERROR(SUMIFS(N:N,A:A,LEFT(D1238,SEARCH(\".\",D1238)-1),B:B,RIGHT(D1238,LEN(D1238)-SEARCH(\".\",D1238))),\"\")","v":907.52}]
[{"$f":"IFERROR(LEFT(D1239,SEARCH(\".\",D1239)-1),\"\")","v":"13"},{"$f":"IFERROR(LEFT(RIGHT(D1239,LEN(D1239)-SEARCH(\".\",D1239)),SEARCH(\".\",RIGHT(D1239,LEN(D1239)-SEARCH(\".\",D1239)))-1),\"\")","v":"2"},null,"13.2.1",{"$f":"IF($G1239=\"SINAPI\",VLOOKUP($F1239,DADOS_SINAPI,2,0),IF(G1239=\"SETOP\",VLOOKUP($F1239,DADOS_SETOP,2,0),IF(G1239=\"CPU\",VLOOKUP($F1239,DADOS_COMPOSICAO,2,0),IF(G1239=\"SICRO\",VLOOKUP($F1239,DADOS_SICRO,2,0),IF(G1239=\"SUDECAP\",VLOOKUP(F1239,DADOS_SUDECAP,2,0),IF(G1239=\"COTAÇÃO\",VLOOKUP($F1239,DADOS_COTACAO,2,0),\"\"))))))","v":"CAIXA SIFONADA, COM GRELHA REDONDA, PVC, DN 150 X 150 X 50 MM, JUNTA SOLDÁVEL, FORNECIDA E INSTALADA EM RAMAL DE DESCARGA OU EM RAMAL DE ESGOTO SANITÁRIO. AF_08/2022"},104329,"SINAPI",{"$f":"IF(G1239=\"SINAPI\",VLOOKUP($F1239,DADOS_SINAPI,3,0),IF(G1239=\"SETOP\",VLOOKUP($F1239,DADOS_SETOP,3,0),IF(G1239=\"CPU\",VLOOKUP($F1239,DADOS_COMPOSICAO,10,0),IF(G1239=\"SICRO\",VLOOKUP($F1239,DADOS_SICRO,3,0),IF(G1239=\"SUDECAP\",VLOOKUP(F1239,DADOS_SUDECAP,3,0),IF(G1239=\"COTAÇÃO\",VLOOKUP($F1239,DADOS_COTACAO,9,0),\"\"))))))","v":"UN"},{"$f":"F1241","v":8},{"$f":"TRUNC(IF(G1239=\"SINAPI\",VLOOKUP($F1239,DADOS_SINAPI,4,0),IF(G1239=\"SETOP\",VLOOKUP($F1239,DADOS_SETOP,4,0),IF(G1239=\"CPU\",VLOOKUP($F1239,DADOS_COMPOSICAO,13,0),IF(G1239=\"SICRO\",VLOOKUP($F1239,DADOS_SICRO,4,0),IF(G1239=\"SUDECAP\",VLOOKUP(F1239,DADOS_SUDECAP,4,0),IF(G1239=\"COTAÇÃO\",VLOOKUP(F1239,DADOS_COTACAO,12,0),\"\")))))),2)","v":74.66},"BDI 1",{"$f":"TRUNC(J1239*(1+$N$17),2)","v":94.45},{"$f":"IFERROR(TRUNC(I1239*J1239,2),\"\")","v":597.28},{"$f":"IFERROR(TRUNC(L1239*I1239,2),\"\")","v":755.6}]
[2000]
[2000,null,null,null,"Quantidade",8,"un"]
[2000]
[{"$f":"IFERROR(LEFT(D1243,SEARCH(\".\",D1243)-1),\"\")","v":"13"},{"$f":"IFERROR(LEFT(RIGHT(D1243,LEN(D1243)-SEARCH(\".\",D1243)),SEARCH(\".\",RIGHT(D1243,LEN(D1243)-SEARCH(\".\",D1243)))-1),\"\")","v":"2"},null,"13.2.2","RALO SIFONADO, PVC, DN 100 X 40 MM, JUNTA SOLDÁVEL, FORNECIDO E INSTALADO EM RAMAL DE DESCARGA OU EM RAMAL DE ESGOTO SANITÁRIO. AF_08/2022",89709,"SINAPI","UN",{"$f":"F1245","v":6},20.02,"BDI 1",25.32,120.12,151.91999999999999]
[2000]
[2000,null,null,null,"Quantidade",{"$f":"2+4","v":6},"un"]
[2000]
[null,null,null,"13.3","PVC ESGOTO",null,null,null,null,null,null,null,{"$f":"IFERROR(SUMIFS(M:M,A:A,LEFT(D1247,SEARCH(\".\",D1247)-1),B:B,RIGHT(D1247,LEN(D1247)-SEARCH(\".\",D1247))),\"\")","v":8215.36},{"$f":"IFERROR(SUMIFS(N:N,A:A,LEFT(D1247,SEARCH(\".\",D1247)-1),B:B,RIGHT(D1247,LEN(D1247)-SEARCH(\".\",D1247))),\"\")","v":10392.399999999998}]
[{"$f":"IFERROR(LEFT(D1248,SEARCH(\".\",D1248)-1),\"\")","v":"13"},{"$f":"IFERROR(LEFT(RIGHT(D1248,LEN(D1248)-SEARCH(\".\",D1248)),SEARCH(\".\",RIGHT(D1248,LEN(D1248)-SEARCH(\".\",D1248)))-1),\"\")","v":"3"},{"$f":"IFERROR(IF(LEN(D1248)-LEN(SUBSTITUTE(D1248,\".\",\"\"))<>3,\"\",MID(D1248,SEARCH(\".\",D1248,SEARCH(\".\",D1248)+1)+1,LEN(D1248)-SEARCH(\".\",D1248,SEARCH(\".\",D1248)+1)-(LEN(D1248)-(SEARCH(\".\",D1248,SEARCH(\".\",D1248,SEARCH(\".\",D1248)+1)+1)-1)))),\"\")","v":""},"13.3.1",{"$f":"IF($G1248=\"SINAPI\",VLOOKUP($F1248,DADOS_SINAPI,2,0),IF(G1248=\"SETOP\",VLOOKUP($F1248,DADOS_SETOP,2,0),IF(G1248=\"CPU\",VLOOKUP($F1248,DADOS_COMPOSICAO,2,0),IF(G1248=\"SICRO\",VLOOKUP($F1248,DADOS_SICRO,2,0),IF(G1248=\"SUDECAP\",VLOOKUP(F1248,DADOS_SUDECAP,2,0),IF(G1248=\"COTAÇÃO\",VLOOKUP($F1248,DADOS_COTACAO,2,0),\"\"))))))","v":"BUCHA DE REDUÇÃO LONGA, PVC, SÉRIE NORMAL, ESGOTO PREDIAL, DN 50 X 40 MM, JUNTA SOLDÁVEL E ELÁSTICA, FORNECIDO E INSTALADO EM RAMAL DE DESCARGA OU RAMAL DE ESGOTO SANITÁRIO. AF_08/2022"},104341,"SINAPI",{"$f":"IF(G1248=\"SINAPI\",VLOOKUP($F1248,DADOS_SINAPI,3,0),IF(G1248=\"SETOP\",VLOOKUP($F1248,DADOS_SETOP,3,0),IF(G1248=\"CPU\",VLOOKUP($F1248,DADOS_COMPOSICAO,10,0),IF(G1248=\"SICRO\",VLOOKUP($F1248,DADOS_SICRO,3,0),IF(G1248=\"SUDECAP\",VLOOKUP(F1248,DADOS_SUDECAP,3,0),IF(G1248=\"COTAÇÃO\",VLOOKUP($F1248,DADOS_COTACAO,9,0),\"\"))))))","v":"UN"},{"$f":"F1250","v":4},{"$f":"TRUNC(IF(G1248=\"SINAPI\",VLOOKUP($F1248,DADOS_SINAPI,4,0),IF(G1248=\"SETOP\",VLOOKUP($F1248,DADOS_SETOP,4,0),IF(G1248=\"CPU\",VLOOKUP($F1248,DADOS_COMPOSICAO,13,0),IF(G1248=\"SICRO\",VLOOKUP($F1248,DADOS_SICRO,4,0),IF(G1248=\"SUDECAP\",VLOOKUP(F1248,DADOS_SUDECAP,4,0),IF(G1248=\"COTAÇÃO\",VLOOKUP(F1248,DADOS_COTACAO,12,0),\"\")))))),2)","v":10.63},"BDI 1",{"$f":"TRUNC(J1248*(1+$N$17),2)","v":13.44},{"$f":"IFERROR(TRUNC(I1248*J1248,2),\"\")","v":42.52},{"$f":"IFERROR(TRUNC(L1248*I1248,2),\"\")","v":53.76}]
[2000]
[2000,null,null,null,"Quantidade ",4,"un"]
[2000]
[{"$f":"IFERROR(LEFT(D1252,SEARCH(\".\",D1252)-1),\"\")","v":"13"},{"$f":"IFERROR(LEFT(RIGHT(D1252,LEN(D1252)-SEARCH(\".\",D1252)),SEARCH(\".\",RIGHT(D1252,LEN(D1252)-SEARCH(\".\",D1252)))-1),\"\")","v":"3"},null,"13.3.2",{"$f":"IF($G1252=\"SINAPI\",VLOOKUP($F1252,DADOS_SINAPI,2,0),IF(G1252=\"SETOP\",VLOOKUP($F1252,DADOS_SETOP,2,0),IF(G1252=\"CPU\",VLOOKUP($F1252,DADOS_COMPOSICAO,2,0),IF(G1252=\"SICRO\",VLOOKUP($F1252,DADOS_SICRO,2,0),IF(G1252=\"SUDECAP\",VLOOKUP(F1252,DADOS_SUDECAP,2,0),IF(G1252=\"COTAÇÃO\",VLOOKUP($F1252,DADOS_COTACAO,2,0),\"\"))))))","v":"CURVA CURTA 90 GRAUS, PVC, SERIE NORMAL, ESGOTO PREDIAL, DN 40 MM, JUNTA SOLDÁVEL, FORNECIDO E INSTALADO EM RAMAL DE DESCARGA OU RAMAL DE ESGOTO SANITÁRIO. AF_08/2022"},89728,"SINAPI",{"$f":"IF(G1252=\"SINAPI\",VLOOKUP($F1252,DADOS_SINAPI,3,0),IF(G1252=\"SETOP\",VLOOKUP($F1252,DADOS_SETOP,3,0),IF(G1252=\"CPU\",VLOOKUP($F1252,DADOS_COMPOSICAO,10,0),IF(G1252=\"SICRO\",VLOOKUP($F1252,DADOS_SICRO,3,0),IF(G1252=\"SUDECAP\",VLOOKUP(F1252,DADOS_SUDECAP,3,0),IF(G1252=\"COTAÇÃO\",VLOOKUP($F1252,DADOS_COTACAO,9,0),\"\"))))))","v":"UN"},{"$f":"F1254","v":21},{"$f":"TRUNC(IF(G1252=\"SINAPI\",VLOOKUP($F1252,DADOS_SINAPI,4,0),IF(G1252=\"SETOP\",VLOOKUP($F1252,DADOS_SETOP,4,0),IF(G1252=\"CPU\",VLOOKUP($F1252,DADOS_COMPOSICAO,13,0),IF(G1252=\"SICRO\",VLOOKUP($F1252,DADOS_SICRO,4,0),IF(G1252=\"SUDECAP\",VLOOKUP(F1252,DADOS_SUDECAP,4,0),IF(G1252=\"COTAÇÃO\",VLOOKUP(F1252,DADOS_COTACAO,12,0),\"\")))))),2)","v":13.06},"BDI 1",{"$f":"TRUNC(J1252*(1+$N$17),2)","v":16.52},{"$f":"IFERROR(TRUNC(I1252*J1252,2),\"\")","v":274.26},{"$f":"IFERROR(TRUNC(L1252*I1252,2),\"\")","v":346.92}]
[2000]
[2000,null,null,null,"Quantidade",{"$f":"7+14","v":21},"un"]
[2000]
[{"$f":"IFERROR(LEFT(D1256,SEARCH(\".\",D1256)-1),\"\")","v":"13"},{"$f":"IFERROR(LEFT(RIGHT(D1256,LEN(D1256)-SEARCH(\".\",D1256)),SEARCH(\".\",RIGHT(D1256,LEN(D1256)-SEARCH(\".\",D1256)))-1),\"\")","v":"3"},{"$f":"IFERROR(IF(LEN(D1256)-LEN(SUBSTITUTE(D1256,\".\",\"\"))<>3,\"\",MID(D1256,SEARCH(\".\",D1256,SEARCH(\".\",D1256)+1)+1,LEN(D1256)-SEARCH(\".\",D1256,SEARCH(\".\",D1256)+1)-(LEN(D1256)-(SEARCH(\".\",D1256,SEARCH(\".\",D1256,SEARCH(\".\",D1256)+1)+1)-1)))),\"\")","v":""},"13.3.3",{"$f":"IF($G1256=\"SINAPI\",VLOOKUP($F1256,DADOS_SINAPI,2,0),IF(G1256=\"SETOP\",VLOOKUP($F1256,DADOS_SETOP,2,0),IF(G1256=\"CPU\",VLOOKUP($F1256,DADOS_COMPOSICAO,2,0),IF(G1256=\"SICRO\",VLOOKUP($F1256,DADOS_SICRO,2,0),IF(G1256=\"SUDECAP\",VLOOKUP(F1256,DADOS_SUDECAP,2,0),IF(G1256=\"COTAÇÃO\",VLOOKUP($F1256,DADOS_COTACAO,2,0),\"\"))))))","v":"CURVA LONGA 90 GRAUS, PVC, SERIE NORMAL, ESGOTO PREDIAL, DN 100 MM, JUNTA ELÁSTICA, FORNECIDO E INSTALADO EM RAMAL DE DESCARGA OU RAMAL DE ESGOTO SANITÁRIO. AF_08/2022"},89750,"SINAPI",{"$f":"IF(G1256=\"SINAPI\",VLOOKUP($F1256,DADOS_SINAPI,3,0),IF(G1256=\"SETOP\",VLOOKUP($F1256,DADOS_SETOP,3,0),IF(G1256=\"CPU\",VLOOKUP($F1256,DADOS_COMPOSICAO,10,0),IF(G1256=\"SICRO\",VLOOKUP($F1256,DADOS_SICRO,3,0),IF(G1256=\"SUDECAP\",VLOOKUP(F1256,DADOS_SUDECAP,3,0),IF(G1256=\"COTAÇÃO\",VLOOKUP($F1256,DADOS_COTACAO,9,0),\"\"))))))","v":"UN"},{"$f":"F1258","v":2},{"$f":"TRUNC(IF(G1256=\"SINAPI\",VLOOKUP($F1256,DADOS_SINAPI,4,0),IF(G1256=\"SETOP\",VLOOKUP($F1256,DADOS_SETOP,4,0),IF(G1256=\"CPU\",VLOOKUP($F1256,DADOS_COMPOSICAO,13,0),IF(G1256=\"SICRO\",VLOOKUP($F1256,DADOS_SICRO,4,0),IF(G1256=\"SUDECAP\",VLOOKUP(F1256,DADOS_SUDECAP,4,0),IF(G1256=\"COTAÇÃO\",VLOOKUP(F1256,DADOS_COTACAO,12,0),\"\")))))),2)","v":76.41},"BDI 1",{"$f":"TRUNC(J1256*(1+$N$17),2)","v":96.67},{"$f":"IFERROR(TRUNC(I1256*J1256,2),\"\")","v":152.82},{"$f":"IFERROR(TRUNC(L1256*I1256,2),\"\")","v":193.34}]
[2000]
[2000,null,null,null,"Quantidade ",{"$f":"1+1","v":2},"un"]
[2000]
[{"$f":"IFERROR(LEFT(D1260,SEARCH(\".\",D1260)-1),\"\")","v":"13"},{"$f":"IFERROR(LEFT(RIGHT(D1260,LEN(D1260)-SEARCH(\".\",D1260)),SEARCH(\".\",RIGHT(D1260,LEN(D1260)-SEARCH(\".\",D1260)))-1),\"\")","v":"3"},{"$f":"IFERROR(IF(LEN(D1260)-LEN(SUBSTITUTE(D1260,\".\",\"\"))<>3,\"\",MID(D1260,SEARCH(\".\",D1260,SEARCH(\".\",D1260)+1)+1,LEN(D1260)-SEARCH(\".\",D1260,SEARCH(\".\",D1260)+1)-(LEN(D1260)-(SEARCH(\".\",D1260,SEARCH(\".\",D1260,SEARCH(\".\",D1260)+1)+1)-1)))),\"\")","v":""},"13.3.4",{"$f":"IF($G1260=\"SINAPI\",VLOOKUP($F1260,DADOS_SINAPI,2,0),IF(G1260=\"SETOP\",VLOOKUP($F1260,DADOS_SETOP,2,0),IF(G1260=\"CPU\",VLOOKUP($F1260,DADOS_COMPOSICAO,2,0),IF(G1260=\"SICRO\",VLOOKUP($F1260,DADOS_SICRO,2,0),IF(G1260=\"SUDECAP\",VLOOKUP(F1260,DADOS_SUDECAP,2,0),IF(G1260=\"COTAÇÃO\",VLOOKUP($F1260,DADOS_COTACAO,2,0),\"\"))))))","v":"JOELHO 45 GRAUS, PVC, SERIE NORMAL, ESGOTO PREDIAL, DN 100 MM, JUNTA ELÁSTICA, FORNECIDO E INSTALADO EM PRUMADA DE ESGOTO SANITÁRIO OU VENTILAÇÃO. AF_08/2022"},89810,"SINAPI",{"$f":"IF(G1260=\"SINAPI\",VLOOKUP($F1260,DADOS_SINAPI,3,0),IF(G1260=\"SETOP\",VLOOKUP($F1260,DADOS_SETOP,3,0),IF(G1260=\"CPU\",VLOOKUP($F1260,DADOS_COMPOSICAO,10,0),IF(G1260=\"SICRO\",VLOOKUP($F1260,DADOS_SICRO,3,0),IF(G1260=\"SUDECAP\",VLOOKUP(F1260,DADOS_SUDECAP,3,0),IF(G1260=\"COTAÇÃO\",VLOOKUP($F1260,DADOS_COTACAO,9,0),\"\"))))))","v":"UN"},{"$f":"F1262","v":4},{"$f":"TRUNC(IF(G1260=\"SINAPI\",VLOOKUP($F1260,DADOS_SINAPI,4,0),IF(G1260=\"SETOP\",VLOOKUP($F1260,DADOS_SETOP,4,0),IF(G1260=\"CPU\",VLOOKUP($F1260,DADOS_COMPOSICAO,13,0),IF(G1260=\"SICRO\",VLOOKUP($F1260,DADOS_SICRO,4,0),IF(G1260=\"SUDECAP\",VLOOKUP(F1260,DADOS_SUDECAP,4,0),IF(G1260=\"COTAÇÃO\",VLOOKUP(F1260,DADOS_COTACAO,12,0),\"\")))))),2)","v":28.79},"BDI 1",{"$f":"TRUNC(J1260*(1+$N$17),2)","v":36.42},{"$f":"IFERROR(TRUNC(I1260*J1260,2),\"\")","v":115.16},{"$f":"IFERROR(TRUNC(L1260*I1260,2),\"\")","v":145.68}]
[2000]
[2000,null,null,null,"Quantidade ",{"$f":"2+2","v":4},"un"]
[2000]
["13","3","","13.3.5","JOELHO 45 GRAUS, PVC, SERIE NORMAL, ESGOTO PREDIAL, DN 40 MM, JUNTA SOLDÁVEL, FORNECIDO E INSTALADO EM RAMAL DE DESCARGA OU RAMAL DE ESGOTO SANITÁRIO. AF_08/2022",89726,"SINAPI","UN",{"$f":"F1266","v":6},10.39,"BDI 1",13.14,62.34,78.84]
[2000]
[2000,null,null,null,"Quantidade ",{"$f":"4+2","v":6},"un"]
[2000]
["13","3","","13.3.6","JOELHO 45 GRAUS, PVC, SERIE NORMAL, ESGOTO PREDIAL, DN 50 MM, JUNTA ELÁSTICA, FORNECIDO E INSTALADO EM RAMAL DE DESCARGA OU RAMAL DE ESGOTO SANITÁRIO. AF_08/2022",89732,"SINAPI","UN",{"$f":"F1270","v":11},15.28,"BDI 1",19.329999999999998,168.08,212.63]
[2000]
[2000,null,null,null,"Quantidade ",11,"un"]
[2000]
["13","3","","13.3.7","JOELHO 45 GRAUS, PVC, SERIE NORMAL, ESGOTO PREDIAL, DN 75 MM, JUNTA ELÁSTICA, FORNECIDO E INSTALADO EM PRUMADA DE ESGOTO SANITÁRIO OU VENTILAÇÃO. AF_08/2022",89806,"SINAPI","UN",{"$f":"F1274","v":3},20.95,"BDI 1",26.5,62.85,79.5]
[2000]
[2000,null,null,null,"Quantidade ",{"$f":"1+2","v":3},"un"]
[2000]
[{"$f":"IFERROR(LEFT(D1276,SEARCH(\".\",D1276)-1),\"\")","v":"13"},{"$f":"IFERROR(LEFT(RIGHT(D1276,LEN(D1276)-SEARCH(\".\",D1276)),SEARCH(\".\",RIGHT(D1276,LEN(D1276)-SEARCH(\".\",D1276)))-1),\"\")","v":"3"},{"$f":"IFERROR(IF(LEN(D1276)-LEN(SUBSTITUTE(D1276,\".\",\"\"))<>3,\"\",MID(D1276,SEARCH(\".\",D1276,SEARCH(\".\",D1276)+1)+1,LEN(D1276)-SEARCH(\".\",D1276,SEARCH(\".\",D1276)+1)-(LEN(D1276)-(SEARCH(\".\",D1276,SEARCH(\".\",D1276,SEARCH(\".\",D1276)+1)+1)-1)))),\"\")","v":""},"13.3.8",{"$f":"IF($G1276=\"SINAPI\",VLOOKUP($F1276,DADOS_SINAPI,2,0),IF(G1276=\"SETOP\",VLOOKUP($F1276,DADOS_SETOP,2,0),IF(G1276=\"CPU\",VLOOKUP($F1276,DADOS_COMPOSICAO,2,0),IF(G1276=\"SICRO\",VLOOKUP($F1276,DADOS_SICRO,2,0),IF(G1276=\"SUDECAP\",VLOOKUP(F1276,DADOS_SUDECAP,2,0),IF(G1276=\"COTAÇÃO\",VLOOKUP($F1276,DADOS_COTACAO,2,0),\"\"))))))","v":"JOELHO 90 GRAUS, PVC, SERIE NORMAL, ESGOTO PREDIAL, DN 100 MM, JUNTA ELÁSTICA, FORNECIDO E INSTALADO EM PRUMADA DE ESGOTO SANITÁRIO OU VENTILAÇÃO. AF_08/2022"},89809,"SINAPI",{"$f":"IF(G1276=\"SINAPI\",VLOOKUP($F1276,DADOS_SINAPI,3,0),IF(G1276=\"SETOP\",VLOOKUP($F1276,DADOS_SETOP,3,0),IF(G1276=\"CPU\",VLOOKUP($F1276,DADOS_COMPOSICAO,10,0),IF(G1276=\"SICRO\",VLOOKUP($F1276,DADOS_SICRO,3,0),IF(G1276=\"SUDECAP\",VLOOKUP(F1276,DADOS_SUDECAP,3,0),IF(G1276=\"COTAÇÃO\",VLOOKUP($F1276,DADOS_COTACAO,9,0),\"\"))))))","v":"UN"},{"$f":"F1278","v":11},{"$f":"TRUNC(IF(G1276=\"SINAPI\",VLOOKUP($F1276,DADOS_SINAPI,4,0),IF(G1276=\"SETOP\",VLOOKUP($F1276,DADOS_SETOP,4,0),IF(G1276=\"CPU\",VLOOKUP($F1276,DADOS_COMPOSICAO,13,0),IF(G1276=\"SICRO\",VLOOKUP($F1276,DADOS_SICRO,4,0),IF(G1276=\"SUDECAP\",VLOOKUP(F1276,DADOS_SUDECAP,4,0),IF(G1276=\"COTAÇÃO\",VLOOKUP(F1276,DADOS_COTACAO,12,0),\"\")))))),2)","v":27.96},"BDI 1",{"$f":"TRUNC(J1276*(1+$N$17),2)","v":35.369999999999997},{"$f":"IFERROR(TRUNC(I1276*J1276,2),\"\")","v":307.56},{"$f":"IFERROR(TRUNC(L1276*I1276,2),\"\")","v":389.07}]
[2000]
[2000,null,null,null,"Quantidade ",11,"un"]
[2000]
["13","3","","13.3.9","JOELHO PVC, COM BOLSA E ANEL, 90 GRAUS, DN 40 X *38* MM, SERIE NORMAL, PARA ESGOTO PREDIAL - FORNECIMENTO E INSTALAÇÃO ","DAC-13.1","CPU","UN    ",{"$f":"F1282","v":15},18.260000000000002,"BDI 1",23.1,273.89999999999998,346.5]
[2000]
[2000,null,null,null,"Quantidade ",{"$f":"5+10","v":15},"un"]
[2000]
[{"$f":"IFERROR(LEFT(D1284,SEARCH(\".\",D1284)-1),\"\")","v":"13"},{"$f":"IFERROR(LEFT(RIGHT(D1284,LEN(D1284)-SEARCH(\".\",D1284)),SEARCH(\".\",RIGHT(D1284,LEN(D1284)-SEARCH(\".\",D1284)))-1),\"\")","v":"3"},null,"13.3.10","JOELHO 90 GRAUS, PVC, SERIE NORMAL, ESGOTO PREDIAL, DN 50 MM, JUNTA ELÁSTICA, FORNECIDO E INSTALADO EM PRUMADA DE ESGOTO SANITÁRIO OU VENTILAÇÃO. AF_08/2022",89801,"SINAPI","UN",{"$f":"F1286","v":36},9.33,"BDI 1",11.8,335.88,424.8]
[2000]
[2000,null,null,null,"Quantidade",{"$f":"26+10","v":36},"un"]
[2000]
["13","3",null,"13.3.11","JOELHO 90 GRAUS, PVC, SERIE NORMAL, ESGOTO PREDIAL, DN 40 MM, JUNTA SOLDÁVEL, FORNECIDO E INSTALADO EM RAMAL DE DESCARGA OU RAMAL DE ESGOTO SANITÁRIO. AF_08/2022",89724,"SINAPI","UN",{"$f":"F1290","v":26},10.16,"BDI 1",12.85,264.16000000000003,334.1]
[2000]
[2000,null,null,null,"Quantidade",{"$f":"6+20","v":26},"un"]
[2000]
[{"$f":"IFERROR(LEFT(D1292,SEARCH(\".\",D1292)-1),\"\")","v":"13"},{"$f":"IFERROR(LEFT(RIGHT(D1292,LEN(D1292)-SEARCH(\".\",D1292)),SEARCH(\".\",RIGHT(D1292,LEN(D1292)-SEARCH(\".\",D1292)))-1),\"\")","v":"3"},{"$f":"IFERROR(IF(LEN(D1292)-LEN(SUBSTITUTE(D1292,\".\",\"\"))<>3,\"\",MID(D1292,SEARCH(\".\",D1292,SEARCH(\".\",D1292)+1)+1,LEN(D1292)-SEARCH(\".\",D1292,SEARCH(\".\",D1292)+1)-(LEN(D1292)-(SEARCH(\".\",D1292,SEARCH(\".\",D1292,SEARCH(\".\",D1292)+1)+1)-1)))),\"\")","v":""},"13.3.12",{"$f":"IF($G1292=\"SINAPI\",VLOOKUP($F1292,DADOS_SINAPI,2,0),IF(G1292=\"SETOP\",VLOOKUP($F1292,DADOS_SETOP,2,0),IF(G1292=\"CPU\",VLOOKUP($F1292,DADOS_COMPOSICAO,2,0),IF(G1292=\"SICRO\",VLOOKUP($F1292,DADOS_SICRO,2,0),IF(G1292=\"SUDECAP\",VLOOKUP(F1292,DADOS_SUDECAP,2,0),IF(G1292=\"COTAÇÃO\",VLOOKUP($F1292,DADOS_COTACAO,2,0),\"\"))))))","v":"JUNÇÃO SIMPLES, PVC, SERIE NORMAL, ESGOTO PREDIAL, DN 100 X 50 MM, JUNTA ELÁSTICA, FORNECIDO E INSTALADO"},"DAC-13.2","CPU",{"$f":"IF(G1292=\"SINAPI\",VLOOKUP($F1292,DADOS_SINAPI,3,0),IF(G1292=\"SETOP\",VLOOKUP($F1292,DADOS_SETOP,3,0),IF(G1292=\"CPU\",VLOOKUP($F1292,DADOS_COMPOSICAO,10,0),IF(G1292=\"SICRO\",VLOOKUP($F1292,DADOS_SICRO,3,0),IF(G1292=\"SUDECAP\",VLOOKUP(F1292,DADOS_SUDECAP,3,0),IF(G1292=\"COTAÇÃO\",VLOOKUP($F1292,DADOS_COTACAO,9,0),\"\"))))))","v":"UN    "},{"$f":"F1294","v":9},{"$f":"TRUNC(IF(G1292=\"SINAPI\",VLOOKUP($F1292,DADOS_SINAPI,4,0),IF(G1292=\"SETOP\",VLOOKUP($F1292,DADOS_SETOP,4,0),IF(G1292=\"CPU\",VLOOKUP($F1292,DADOS_COMPOSICAO,13,0),IF(G1292=\"SICRO\",VLOOKUP($F1292,DADOS_SICRO,4,0),IF(G1292=\"SUDECAP\",VLOOKUP(F1292,DADOS_SUDECAP,4,0),IF(G1292=\"COTAÇÃO\",VLOOKUP(F1292,DADOS_COTACAO,12,0),\"\")))))),2)","v":45.06},"BDI 1",{"$f":"TRUNC(J1292*(1+$N$17),2)","v":57},{"$f":"IFERROR(TRUNC(I1292*J1292,2),\"\")","v":405.54},{"$f":"IFERROR(TRUNC(L1292*I1292,2),\"\")","v":513}]
[2000]
[2000,null,null,null,"Quantidade ",{"$f":"5+4","v":9},"un"]
[2000]
["13","3","","13.3.13","JUNÇÃO SIMPLES, PVC, SERIE NORMAL, ESGOTO PREDIAL, DN 100 X 75 MM, JUNTA ELÁSTICA, FORNECIDO E INSTALADO","DAC-13.3","CPU","UN    ",{"$f":"F1298","v":2},51.28,"BDI 1",64.87,102.56,129.74]
[2000]
[2000,null,null,null,"Quantidade ",2,"un"]
[2000]
["13","3","","13.3.14","JUNÇÃO SIMPLES, PVC, SERIE NORMAL, ESGOTO PREDIAL, DN 100 X 100 MM, JUNTA ELÁSTICA, FORNECIDO E INSTALADO EM PRUMADA DE ESGOTO SANITÁRIO OU VENTILAÇÃO. AF_08/2022",89834,"SINAPI","UN",{"$f":"F1302","v":6},51.62,"BDI 1",65.3,309.72000000000003,391.8]
[2000]
[2000,null,null,null,"Quantidade ",6,"un"]
[2000]
[{"$f":"IFERROR(LEFT(D1304,SEARCH(\".\",D1304)-1),\"\")","v":"13"},{"$f":"IFERROR(LEFT(RIGHT(D1304,LEN(D1304)-SEARCH(\".\",D1304)),SEARCH(\".\",RIGHT(D1304,LEN(D1304)-SEARCH(\".\",D1304)))-1),\"\")","v":"3"},{"$f":"IFERROR(IF(LEN(D1304)-LEN(SUBSTITUTE(D1304,\".\",\"\"))<>3,\"\",MID(D1304,SEARCH(\".\",D1304,SEARCH(\".\",D1304)+1)+1,LEN(D1304)-SEARCH(\".\",D1304,SEARCH(\".\",D1304)+1)-(LEN(D1304)-(SEARCH(\".\",D1304,SEARCH(\".\",D1304,SEARCH(\".\",D1304)+1)+1)-1)))),\"\")","v":""},"13.3.15",{"$f":"IF($G1304=\"SINAPI\",VLOOKUP($F1304,DADOS_SINAPI,2,0),IF(G1304=\"SETOP\",VLOOKUP($F1304,DADOS_SETOP,2,0),IF(G1304=\"CPU\",VLOOKUP($F1304,DADOS_COMPOSICAO,2,0),IF(G1304=\"SICRO\",VLOOKUP($F1304,DADOS_SICRO,2,0),IF(G1304=\"SUDECAP\",VLOOKUP(F1304,DADOS_SUDECAP,2,0),IF(G1304=\"COTAÇÃO\",VLOOKUP($F1304,DADOS_COTACAO,2,0),\"\"))))))","v":"JUNÇÃO SIMPLES, PVC, SERIE NORMAL, ESGOTO PREDIAL, DN 50 X 50 MM, JUNTA ELÁSTICA, FORNECIDO E INSTALADO EM PRUMADA DE ESGOTO SANITÁRIO OU VENTILAÇÃO. AF_08/2022"},89827,"SINAPI",{"$f":"IF(G1304=\"SINAPI\",VLOOKUP($F1304,DADOS_SINAPI,3,0),IF(G1304=\"SETOP\",VLOOKUP($F1304,DADOS_SETOP,3,0),IF(G1304=\"CPU\",VLOOKUP($F1304,DADOS_COMPOSICAO,10,0),IF(G1304=\"SICRO\",VLOOKUP($F1304,DADOS_SICRO,3,0),IF(G1304=\"SUDECAP\",VLOOKUP(F1304,DADOS_SUDECAP,3,0),IF(G1304=\"COTAÇÃO\",VLOOKUP($F1304,DADOS_COTACAO,9,0),\"\"))))))","v":"UN"},{"$f":"F1306","v":1},{"$f":"TRUNC(IF(G1304=\"SINAPI\",VLOOKUP($F1304,DADOS_SINAPI,4,0),IF(G1304=\"SETOP\",VLOOKUP($F1304,DADOS_SETOP,4,0),IF(G1304=\"CPU\",VLOOKUP($F1304,DADOS_COMPOSICAO,13,0),IF(G1304=\"SICRO\",VLOOKUP($F1304,DADOS_SICRO,4,0),IF(G1304=\"SUDECAP\",VLOOKUP(F1304,DADOS_SUDECAP,4,0),IF(G1304=\"COTAÇÃO\",VLOOKUP(F1304,DADOS_COTACAO,12,0),\"\")))))),2)","v":18.940000000000001},"BDI 1",{"$f":"TRUNC(J1304*(1+$N$17),2)","v":23.96},{"$f":"IFERROR(TRUNC(I1304*J1304,2),\"\")","v":18.940000000000001},{"$f":"IFERROR(TRUNC(L1304*I1304,2),\"\")","v":23.96}]
[2000]
[2000,null,null,null,"Quantidade ",1,"un"]
[2000]
[{"$f":"IFERROR(LEFT(D1308,SEARCH(\".\",D1308)-1),\"\")","v":"13"},{"$f":"IFERROR(LEFT(RIGHT(D1308,LEN(D1308)-SEARCH(\".\",D1308)),SEARCH(\".\",RIGHT(D1308,LEN(D1308)-SEARCH(\".\",D1308)))-1),\"\")","v":"3"},{"$f":"IFERROR(IF(LEN(D1308)-LEN(SUBSTITUTE(D1308,\".\",\"\"))<>3,\"\",MID(D1308,SEARCH(\".\",D1308,SEARCH(\".\",D1308)+1)+1,LEN(D1308)-SEARCH(\".\",D1308,SEARCH(\".\",D1308)+1)-(LEN(D1308)-(SEARCH(\".\",D1308,SEARCH(\".\",D1308,SEARCH(\".\",D1308)+1)+1)-1)))),\"\")","v":""},"13.3.16",{"$f":"IF($G1308=\"SINAPI\",VLOOKUP($F1308,DADOS_SINAPI,2,0),IF(G1308=\"SETOP\",VLOOKUP($F1308,DADOS_SETOP,2,0),IF(G1308=\"CPU\",VLOOKUP($F1308,DADOS_COMPOSICAO,2,0),IF(G1308=\"SICRO\",VLOOKUP($F1308,DADOS_SICRO,2,0),IF(G1308=\"SUDECAP\",VLOOKUP(F1308,DADOS_SUDECAP,2,0),IF(G1308=\"COTAÇÃO\",VLOOKUP($F1308,DADOS_COTACAO,2,0),\"\"))))))","v":"JUNÇÃO SIMPLES, PVC, SERIE NORMAL, ESGOTO PREDIAL, DN 75 X 50 MM, JUNTA ELÁSTICA, FORNECIDO E INSTALADO"},"DAC-13.4","CPU",{"$f":"IF(G1308=\"SINAPI\",VLOOKUP($F1308,DADOS_SINAPI,3,0),IF(G1308=\"SETOP\",VLOOKUP($F1308,DADOS_SETOP,3,0),IF(G1308=\"CPU\",VLOOKUP($F1308,DADOS_COMPOSICAO,10,0),IF(G1308=\"SICRO\",VLOOKUP($F1308,DADOS_SICRO,3,0),IF(G1308=\"SUDECAP\",VLOOKUP(F1308,DADOS_SUDECAP,3,0),IF(G1308=\"COTAÇÃO\",VLOOKUP($F1308,DADOS_COTACAO,9,0),\"\"))))))","v":"UN    "},{"$f":"F1310","v":5},{"$f":"TRUNC(IF(G1308=\"SINAPI\",VLOOKUP($F1308,DADOS_SINAPI,4,0),IF(G1308=\"SETOP\",VLOOKUP($F1308,DADOS_SETOP,4,0),IF(G1308=\"CPU\",VLOOKUP($F1308,DADOS_COMPOSICAO,13,0),IF(G1308=\"SICRO\",VLOOKUP($F1308,DADOS_SICRO,4,0),IF(G1308=\"SUDECAP\",VLOOKUP(F1308,DADOS_SUDECAP,4,0),IF(G1308=\"COTAÇÃO\",VLOOKUP(F1308,DADOS_COTACAO,12,0),\"\")))))),2)","v":61.51},"BDI 1",{"$f":"TRUNC(J1308*(1+$N$17),2)","v":77.819999999999993},{"$f":"IFERROR(TRUNC(I1308*J1308,2),\"\")","v":307.55},{"$f":"IFERROR(TRUNC(L1308*I1308,2),\"\")","v":389.1}]
[2000]
[2000,null,null,null,"Quantidade ",{"$f":"3+2","v":5},"un"]
[2000]
["13","3","","13.3.17","REDUÇÃO EXCÊNTRICA, PVC, SERIE R, ÁGUA PLUVIAL, DN 75 X 50 MM, JUNTA ELÁSTICA, FORNECIDO E INSTALADO EM RAMAL DE ENCAMINHAMENTO. AF_06/2022",89549,"SINAPI","UN",{"$f":"F1314","v":3},18.23,"BDI 1",23.06,54.69,69.180000000000007]
[2000]
[2000,null,null,null,"Quantidade ",{"$f":"1+2","v":3},"un"]
[2000]
[{"$f":"IFERROR(LEFT(D1316,SEARCH(\".\",D1316)-1),\"\")","v":"13"},{"$f":"IFERROR(LEFT(RIGHT(D1316,LEN(D1316)-SEARCH(\".\",D1316)),SEARCH(\".\",RIGHT(D1316,LEN(D1316)-SEARCH(\".\",D1316)))-1),\"\")","v":"3"},{"$f":"IFERROR(IF(LEN(D1316)-LEN(SUBSTITUTE(D1316,\".\",\"\"))<>3,\"\",MID(D1316,SEARCH(\".\",D1316,SEARCH(\".\",D1316)+1)+1,LEN(D1316)-SEARCH(\".\",D1316,SEARCH(\".\",D1316)+1)-(LEN(D1316)-(SEARCH(\".\",D1316,SEARCH(\".\",D1316,SEARCH(\".\",D1316)+1)+1)-1)))),\"\")","v":""},"13.3.18",{"$f":"IF($G1316=\"SINAPI\",VLOOKUP($F1316,DADOS_SINAPI,2,0),IF(G1316=\"SETOP\",VLOOKUP($F1316,DADOS_SETOP,2,0),IF(G1316=\"CPU\",VLOOKUP($F1316,DADOS_COMPOSICAO,2,0),IF(G1316=\"SICRO\",VLOOKUP($F1316,DADOS_SICRO,2,0),IF(G1316=\"SUDECAP\",VLOOKUP(F1316,DADOS_SUDECAP,2,0),IF(G1316=\"COTAÇÃO\",VLOOKUP($F1316,DADOS_COTACAO,2,0),\"\"))))))","v":"REDUÇÃO EXCÊNTRICA, PVC, SERIE R, ÁGUA PLUVIAL, DN 100 X 75 MM, JUNTA ELÁSTICA, FORNECIDO E INSTALADO EM RAMAL DE ENCAMINHAMENTO. AF_06/2022"},89557,"SINAPI",{"$f":"IF(G1316=\"SINAPI\",VLOOKUP($F1316,DADOS_SINAPI,3,0),IF(G1316=\"SETOP\",VLOOKUP($F1316,DADOS_SETOP,3,0),IF(G1316=\"CPU\",VLOOKUP($F1316,DADOS_COMPOSICAO,10,0),IF(G1316=\"SICRO\",VLOOKUP($F1316,DADOS_SICRO,3,0),IF(G1316=\"SUDECAP\",VLOOKUP(F1316,DADOS_SUDECAP,3,0),IF(G1316=\"COTAÇÃO\",VLOOKUP($F1316,DADOS_COTACAO,9,0),\"\"))))))","v":"UN"},{"$f":"F1318","v":1},{"$f":"TRUNC(IF(G1316=\"SINAPI\",VLOOKUP($F1316,DADOS_SINAPI,4,0),IF(G1316=\"SETOP\",VLOOKUP($F1316,DADOS_SETOP,4,0),IF(G1316=\"CPU\",VLOOKUP($F1316,DADOS_COMPOSICAO,13,0),IF(G1316=\"SICRO\",VLOOKUP($F1316,DADOS_SICRO,4,0),IF(G1316=\"SUDECAP\",VLOOKUP(F1316,DADOS_SUDECAP,4,0),IF(G1316=\"COTAÇÃO\",VLOOKUP(F1316,DADOS_COTACAO,12,0),\"\")))))),2)","v":30.52},"BDI 1",{"$f":"TRUNC(J1316*(1+$N$17),2)","v":38.61},{"$f":"IFERROR(TRUNC(I1316*J1316,2),\"\")","v":30.52},{"$f":"IFERROR(TRUNC(L1316*I1316,2),\"\")","v":38.61}]
[2000]
[2000,null,null,null,"Quantidade ",{"$f":"1","v":1},"un"]
[2000]
[{"$f":"IFERROR(LEFT(D1320,SEARCH(\".\",D1320)-1),\"\")","v":"13"},{"$f":"IFERROR(LEFT(RIGHT(D1320,LEN(D1320)-SEARCH(\".\",D1320)),SEARCH(\".\",RIGHT(D1320,LEN(D1320)-SEARCH(\".\",D1320)))-1),\"\")","v":"3"},{"$f":"IFERROR(IF(LEN(D1320)-LEN(SUBSTITUTE(D1320,\".\",\"\"))<>3,\"\",MID(D1320,SEARCH(\".\",D1320,SEARCH(\".\",D1320)+1)+1,LEN(D1320)-SEARCH(\".\",D1320,SEARCH(\".\",D1320)+1)-(LEN(D1320)-(SEARCH(\".\",D1320,SEARCH(\".\",D1320,SEARCH(\".\",D1320)+1)+1)-1)))),\"\")","v":""},"13.3.19",{"$f":"IF($G1320=\"SINAPI\",VLOOKUP($F1320,DADOS_SINAPI,2,0),IF(G1320=\"SETOP\",VLOOKUP($F1320,DADOS_SETOP,2,0),IF(G1320=\"CPU\",VLOOKUP($F1320,DADOS_COMPOSICAO,2,0),IF(G1320=\"SICRO\",VLOOKUP($F1320,DADOS_SICRO,2,0),IF(G1320=\"SUDECAP\",VLOOKUP(F1320,DADOS_SUDECAP,2,0),IF(G1320=\"COTAÇÃO\",VLOOKUP($F1320,DADOS_COTACAO,2,0),\"\"))))))","v":"TERMINAL DE VENTILAÇÃO, PVC, SÉRIE NORMAL, ESGOTO PREDIAL, DN 50 MM, JUNTA SOLDÁVEL, FORNECIDO E INSTALADO EM PRUMADA DE ESGOTO SANITÁRIO OU VENTILAÇÃO. AF_08/2022"},104348,"SINAPI",{"$f":"IF(G1320=\"SINAPI\",VLOOKUP($F1320,DADOS_SINAPI,3,0),IF(G1320=\"SETOP\",VLOOKUP($F1320,DADOS_SETOP,3,0),IF(G1320=\"CPU\",VLOOKUP($F1320,DADOS_COMPOSICAO,10,0),IF(G1320=\"SICRO\",VLOOKUP($F1320,DADOS_SICRO,3,0),IF(G1320=\"SUDECAP\",VLOOKUP(F1320,DADOS_SUDECAP,3,0),IF(G1320=\"COTAÇÃO\",VLOOKUP($F1320,DADOS_COTACAO,9,0),\"\"))))))","v":"UN"},{"$f":"F1322","v":5},{"$f":"TRUNC(IF(G1320=\"SINAPI\",VLOOKUP($F1320,DADOS_SINAPI,4,0),IF(G1320=\"SETOP\",VLOOKUP($F1320,DADOS_SETOP,4,0),IF(G1320=\"CPU\",VLOOKUP($F1320,DADOS_COMPOSICAO,13,0),IF(G1320=\"SICRO\",VLOOKUP($F1320,DADOS_SICRO,4,0),IF(G1320=\"SUDECAP\",VLOOKUP(F1320,DADOS_SUDECAP,4,0),IF(G1320=\"COTAÇÃO\",VLOOKUP(F1320,DADOS_COTACAO,12,0),\"\")))))),2)","v":10.85},"BDI 1",{"$f":"TRUNC(J1320*(1+$N$17),2)","v":13.72},{"$f":"IFERROR(TRUNC(I1320*J1320,2),\"\")","v":54.25},{"$f":"IFERROR(TRUNC(L1320*I1320,2),\"\")","v":68.599999999999994}]
[2000]
[2000,null,null,null,"Quantidade ",5,"un"]
[2000]
["13","3",null,"13.3.20","TUBO PVC, SERIE NORMAL, ESGOTO PREDIAL, DN 40 MM, FORNECIDO E INSTALADO EM RAMAL DE DESCARGA OU RAMAL DE ESGOTO SANITÁRIO. AF_08/2022",89711,"SINAPI","M",{"$f":"F1326","v":23.97},21.62,"BDI 1",27.35,518.23,655.58]
[2000]
[2000,null,null,null,"Quantidade",{"$f":"8.42+15.55","v":23.97},"m"]
[2000]
["13","3",null,"13.3.21","TUBO PVC, SERIE NORMAL, ESGOTO PREDIAL, DN 50 MM, FORNECIDO E INSTALADO EM RAMAL DE DESCARGA OU RAMAL DE ESGOTO SANITÁRIO. AF_08/2022",89712,"SINAPI","M",{"$f":"F1330","v":51.14},27.35,"BDI 1",34.6,1398.67,1769.44]
[2000]
[2000,null,null,null,"Quantidade",51.14,"m"]
[2000]
["13","3",null,"13.3.22","TUBO PVC, SERIE NORMAL, ESGOTO PREDIAL, DN 100 MM, FORNECIDO E INSTALADO EM RAMAL DE DESCARGA OU RAMAL DE ESGOTO SANITÁRIO. AF_08/2022",89714,"SINAPI","M",{"$f":"F1334","v":59.08},38.08,"BDI 1",48.17,2249.7600000000002,2845.88]
[2000]
[2000,null,null,null,"Quantidade",{"$f":"18.23+40.85","v":59.08},"m"]
[2000]
[{"$f":"IFERROR(LEFT(D1336,SEARCH(\".\",D1336)-1),\"\")","v":"13"},{"$f":"IFERROR(LEFT(RIGHT(D1336,LEN(D1336)-SEARCH(\".\",D1336)),SEARCH(\".\",RIGHT(D1336,LEN(D1336)-SEARCH(\".\",D1336)))-1),\"\")","v":"3"},{"$f":"IFERROR(IF(LEN(D1336)-LEN(SUBSTITUTE(D1336,\".\",\"\"))<>3,\"\",MID(D1336,SEARCH(\".\",D1336,SEARCH(\".\",D1336)+1)+1,LEN(D1336)-SEARCH(\".\",D1336,SEARCH(\".\",D1336)+1)-(LEN(D1336)-(SEARCH(\".\",D1336,SEARCH(\".\",D1336,SEARCH(\".\",D1336)+1)+1)-1)))),\"\")","v":""},"13.3.23",{"$f":"IF($G1336=\"SINAPI\",VLOOKUP($F1336,DADOS_SINAPI,2,0),IF(G1336=\"SETOP\",VLOOKUP($F1336,DADOS_SETOP,2,0),IF(G1336=\"CPU\",VLOOKUP($F1336,DADOS_COMPOSICAO,2,0),IF(G1336=\"SICRO\",VLOOKUP($F1336,DADOS_SICRO,2,0),IF(G1336=\"SUDECAP\",VLOOKUP(F1336,DADOS_SUDECAP,2,0),IF(G1336=\"COTAÇÃO\",VLOOKUP($F1336,DADOS_COTACAO,2,0),\"\"))))))","v":"TUBO PVC, SERIE NORMAL, ESGOTO PREDIAL, DN 75 MM, FORNECIDO E INSTALADO EM RAMAL DE DESCARGA OU RAMAL DE ESGOTO SANITÁRIO. AF_08/2022"},89713,"SINAPI",{"$f":"IF(G1336=\"SINAPI\",VLOOKUP($F1336,DADOS_SINAPI,3,0),IF(G1336=\"SETOP\",VLOOKUP($F1336,DADOS_SETOP,3,0),IF(G1336=\"CPU\",VLOOKUP($F1336,DADOS_COMPOSICAO,10,0),IF(G1336=\"SICRO\",VLOOKUP($F1336,DADOS_SICRO,3,0),IF(G1336=\"SUDECAP\",VLOOKUP(F1336,DADOS_SUDECAP,3,0),IF(G1336=\"COTAÇÃO\",VLOOKUP($F1336,DADOS_COTACAO,9,0),\"\"))))))","v":"M"},{"$f":"F1338","v":12.42},{"$f":"TRUNC(IF(G1336=\"SINAPI\",VLOOKUP($F1336,DADOS_SINAPI,4,0),IF(G1336=\"SETOP\",VLOOKUP($F1336,DADOS_SETOP,4,0),IF(G1336=\"CPU\",VLOOKUP($F1336,DADOS_COMPOSICAO,13,0),IF(G1336=\"SICRO\",VLOOKUP($F1336,DADOS_SICRO,4,0),IF(G1336=\"SUDECAP\",VLOOKUP(F1336,DADOS_SUDECAP,4,0),IF(G1336=\"COTAÇÃO\",VLOOKUP(F1336,DADOS_COTACAO,12,0),\"\")))))),2)","v":34.07},"BDI 1",{"$f":"TRUNC(J1336*(1+$N$17),2)","v":43.1},{"$f":"IFERROR(TRUNC(I1336*J1336,2),\"\")","v":423.14},{"$f":"IFERROR(TRUNC(L1336*I1336,2),\"\")","v":535.29999999999995}]
[2000]
[2000,null,null,null,"Quantidade ",12.42,"m"]
[2000]
[{"$f":"IFERROR(LEFT(D1340,SEARCH(\".\",D1340)-1),\"\")","v":"13"},{"$f":"IFERROR(LEFT(RIGHT(D1340,LEN(D1340)-SEARCH(\".\",D1340)),SEARCH(\".\",RIGHT(D1340,LEN(D1340)-SEARCH(\".\",D1340)))-1),\"\")","v":"3"},{"$f":"IFERROR(IF(LEN(D1340)-LEN(SUBSTITUTE(D1340,\".\",\"\"))<>3,\"\",MID(D1340,SEARCH(\".\",D1340,SEARCH(\".\",D1340)+1)+1,LEN(D1340)-SEARCH(\".\",D1340,SEARCH(\".\",D1340)+1)-(LEN(D1340)-(SEARCH(\".\",D1340,SEARCH(\".\",D1340,SEARCH(\".\",D1340)+1)+1)-1)))),\"\")","v":""},"13.3.24",{"$f":"IF($G1340=\"SINAPI\",VLOOKUP($F1340,DADOS_SINAPI,2,0),IF(G1340=\"SETOP\",VLOOKUP($F1340,DADOS_SETOP,2,0),IF(G1340=\"CPU\",VLOOKUP($F1340,DADOS_COMPOSICAO,2,0),IF(G1340=\"SICRO\",VLOOKUP($F1340,DADOS_SICRO,2,0),IF(G1340=\"SUDECAP\",VLOOKUP(F1340,DADOS_SUDECAP,2,0),IF(G1340=\"COTAÇÃO\",VLOOKUP($F1340,DADOS_COTACAO,2,0),\"\"))))))","v":"TE, PVC, SÉRIE NORMAL, ESGOTO PREDIAL, DN 100 X 50 MM, JUNTA ELÁSTICA, FORNECIDO E INSTALADO EM RAMAL DE DESCARGA OU RAMAL DE ESGOTO SANITÁRIO. AF_08/2022"},104344,"SINAPI",{"$f":"IF(G1340=\"SINAPI\",VLOOKUP($F1340,DADOS_SINAPI,3,0),IF(G1340=\"SETOP\",VLOOKUP($F1340,DADOS_SETOP,3,0),IF(G1340=\"CPU\",VLOOKUP($F1340,DADOS_COMPOSICAO,10,0),IF(G1340=\"SICRO\",VLOOKUP($F1340,DADOS_SICRO,3,0),IF(G1340=\"SUDECAP\",VLOOKUP(F1340,DADOS_SUDECAP,3,0),IF(G1340=\"COTAÇÃO\",VLOOKUP($F1340,DADOS_COTACAO,9,0),\"\"))))))","v":"UN"},{"$f":"F1342","v":5},{"$f":"TRUNC(IF(G1340=\"SINAPI\",VLOOKUP($F1340,DADOS_SINAPI,4,0),IF(G1340=\"SETOP\",VLOOKUP($F1340,DADOS_SETOP,4,0),IF(G1340=\"CPU\",VLOOKUP($F1340,DADOS_COMPOSICAO,13,0),IF(G1340=\"SICRO\",VLOOKUP($F1340,DADOS_SICRO,4,0),IF(G1340=\"SUDECAP\",VLOOKUP(F1340,DADOS_SUDECAP,4,0),IF(G1340=\"COTAÇÃO\",VLOOKUP(F1340,DADOS_COTACAO,12,0),\"\")))))),2)","v":39.659999999999997},"BDI 1",{"$f":"TRUNC(J1340*(1+$N$17),2)","v":50.17},{"$f":"IFERROR(TRUNC(I1340*J1340,2),\"\")","v":198.3},{"$f":"IFERROR(TRUNC(L1340*I1340,2),\"\")","v":250.85}]
[2000]
[2000,null,null,null,"Quantidade ",5,"un"]
[2000]
[{"$f":"IFERROR(LEFT(D1344,SEARCH(\".\",D1344)-1),\"\")","v":"13"},{"$f":"IFERROR(LEFT(RIGHT(D1344,LEN(D1344)-SEARCH(\".\",D1344)),SEARCH(\".\",RIGHT(D1344,LEN(D1344)-SEARCH(\".\",D1344)))-1),\"\")","v":"3"},{"$f":"IFERROR(IF(LEN(D1344)-LEN(SUBSTITUTE(D1344,\".\",\"\"))<>3,\"\",MID(D1344,SEARCH(\".\",D1344,SEARCH(\".\",D1344)+1)+1,LEN(D1344)-SEARCH(\".\",D1344,SEARCH(\".\",D1344)+1)-(LEN(D1344)-(SEARCH(\".\",D1344,SEARCH(\".\",D1344,SEARCH(\".\",D1344)+1)+1)-1)))),\"\")","v":""},"13.3.25",{"$f":"IF($G1344=\"SINAPI\",VLOOKUP($F1344,DADOS_SINAPI,2,0),IF(G1344=\"SETOP\",VLOOKUP($F1344,DADOS_SETOP,2,0),IF(G1344=\"CPU\",VLOOKUP($F1344,DADOS_COMPOSICAO,2,0),IF(G1344=\"SICRO\",VLOOKUP($F1344,DADOS_SICRO,2,0),IF(G1344=\"SUDECAP\",VLOOKUP(F1344,DADOS_SUDECAP,2,0),IF(G1344=\"COTAÇÃO\",VLOOKUP($F1344,DADOS_COTACAO,2,0),\"\"))))))","v":"TE, PVC, SERIE NORMAL, ESGOTO PREDIAL, DN 100 X 100 MM, JUNTA ELÁSTICA, FORNECIDO E INSTALADO EM RAMAL DE DESCARGA OU RAMAL DE ESGOTO SANITÁRIO. AF_08/2022"},89796,"SINAPI",{"$f":"IF(G1344=\"SINAPI\",VLOOKUP($F1344,DADOS_SINAPI,3,0),IF(G1344=\"SETOP\",VLOOKUP($F1344,DADOS_SETOP,3,0),IF(G1344=\"CPU\",VLOOKUP($F1344,DADOS_COMPOSICAO,10,0),IF(G1344=\"SICRO\",VLOOKUP($F1344,DADOS_SICRO,3,0),IF(G1344=\"SUDECAP\",VLOOKUP(F1344,DADOS_SUDECAP,3,0),IF(G1344=\"COTAÇÃO\",VLOOKUP($F1344,DADOS_COTACAO,9,0),\"\"))))))","v":"UN"},{"$f":"F1346","v":2},{"$f":"TRUNC(IF(G1344=\"SINAPI\",VLOOKUP($F1344,DADOS_SINAPI,4,0),IF(G1344=\"SETOP\",VLOOKUP($F1344,DADOS_SETOP,4,0),IF(G1344=\"CPU\",VLOOKUP($F1344,DADOS_COMPOSICAO,13,0),IF(G1344=\"SICRO\",VLOOKUP($F1344,DADOS_SICRO,4,0),IF(G1344=\"SUDECAP\",VLOOKUP(F1344,DADOS_SUDECAP,4,0),IF(G1344=\"COTAÇÃO\",VLOOKUP(F1344,DADOS_COTACAO,12,0),\"\")))))),2)","v":41.98},"BDI 1",{"$f":"TRUNC(J1344*(1+$N$17),2)","v":53.11},{"$f":"IFERROR(TRUNC(I1344*J1344,2),\"\")","v":83.96},{"$f":"IFERROR(TRUNC(L1344*I1344,2),\"\")","v":106.22}]
[2000]
[2000,null,null,null,"Quantidade ",2,"un"]
[2000]
[null,null,null,"13.4","RASGOS E CHUMBAMENTOS",null,null,null,null,null,null,null,{"$f":"IFERROR(SUMIFS(M:M,A:A,LEFT(D1348,SEARCH(\".\",D1348)-1),B:B,RIGHT(D1348,LEN(D1348)-SEARCH(\".\",D1348))),\"\")","v":281.88},{"$f":"IFERROR(SUMIFS(N:N,A:A,LEFT(D1348,SEARCH(\".\",D1348)-1),B:B,RIGHT(D1348,LEN(D1348)-SEARCH(\".\",D1348))),\"\")","v":356.52}]
[{"$f":"IFERROR(LEFT(D1349,SEARCH(\".\",D1349)-1),\"\")","v":"13"},{"$f":"IFERROR(LEFT(RIGHT(D1349,LEN(D1349)-SEARCH(\".\",D1349)),SEARCH(\".\",RIGHT(D1349,LEN(D1349)-SEARCH(\".\",D1349)))-1),\"\")","v":"4"},{"$f":"IFERROR(IF(LEN(D1349)-LEN(SUBSTITUTE(D1349,\".\",\"\"))<>3,\"\",MID(D1349,SEARCH(\".\",D1349,SEARCH(\".\",D1349)+1)+1,LEN(D1349)-SEARCH(\".\",D1349,SEARCH(\".\",D1349)+1)-(LEN(D1349)-(SEARCH(\".\",D1349,SEARCH(\".\",D1349,SEARCH(\".\",D1349)+1)+1)-1)))),\"\")","v":""},"13.4.1",{"$f":"IF($G1349=\"SINAPI\",VLOOKUP($F1349,DADOS_SINAPI,2,0),IF(G1349=\"SETOP\",VLOOKUP($F1349,DADOS_SETOP,2,0),IF(G1349=\"CPU\",VLOOKUP($F1349,DADOS_COMPOSICAO,2,0),IF(G1349=\"SICRO\",VLOOKUP($F1349,DADOS_SICRO,2,0),IF(G1349=\"SUDECAP\",VLOOKUP(F1349,DADOS_SUDECAP,2,0),IF(G1349=\"COTAÇÃO\",VLOOKUP($F1349,DADOS_COTACAO,2,0),\"\"))))))","v":"RASGO LINEAR MANUAL EM ALVENARIA, PARA RAMAIS/ DISTRIBUIÇÃO DE INSTALAÇÕES HIDRÁULICAS, DIÂMETROS MENORES OU IGUAIS A 40 MM. AF_09/2023"},90443,"SINAPI",{"$f":"IF(G1349=\"SINAPI\",VLOOKUP($F1349,DADOS_SINAPI,3,0),IF(G1349=\"SETOP\",VLOOKUP($F1349,DADOS_SETOP,3,0),IF(G1349=\"CPU\",VLOOKUP($F1349,DADOS_COMPOSICAO,10,0),IF(G1349=\"SICRO\",VLOOKUP($F1349,DADOS_SICRO,3,0),IF(G1349=\"SUDECAP\",VLOOKUP(F1349,DADOS_SUDECAP,3,0),IF(G1349=\"COTAÇÃO\",VLOOKUP($F1349,DADOS_COTACAO,9,0),\"\"))))))","v":"M"},{"$f":"F1351","v":12},{"$f":"TRUNC(IF(G1349=\"SINAPI\",VLOOKUP($F1349,DADOS_SINAPI,4,0),IF(G1349=\"SETOP\",VLOOKUP($F1349,DADOS_SETOP,4,0),IF(G1349=\"CPU\",VLOOKUP($F1349,DADOS_COMPOSICAO,13,0),IF(G1349=\"SICRO\",VLOOKUP($F1349,DADOS_SICRO,4,0),IF(G1349=\"SUDECAP\",VLOOKUP(F1349,DADOS_SUDECAP,4,0),IF(G1349=\"COTAÇÃO\",VLOOKUP(F1349,DADOS_COTACAO,12,0),\"\")))))),2)","v":8.02},"BDI 1",{"$f":"TRUNC(J1349*(1+$N$17),2)","v":10.14},{"$f":"IFERROR(TRUNC(I1349*J1349,2),\"\")","v":96.24},{"$f":"IFERROR(TRUNC(L1349*I1349,2),\"\")","v":121.68}]
[2000]
[2000,null,null,null,"Quantidade",12,"m"]
[2000]
[{"$f":"IFERROR(LEFT(D1353,SEARCH(\".\",D1353)-1),\"\")","v":"13"},{"$f":"IFERROR(LEFT(RIGHT(D1353,LEN(D1353)-SEARCH(\".\",D1353)),SEARCH(\".\",RIGHT(D1353,LEN(D1353)-SEARCH(\".\",D1353)))-1),\"\")","v":"4"},{"$f":"IFERROR(IF(LEN(D1353)-LEN(SUBSTITUTE(D1353,\".\",\"\"))<>3,\"\",MID(D1353,SEARCH(\".\",D1353,SEARCH(\".\",D1353)+1)+1,LEN(D1353)-SEARCH(\".\",D1353,SEARCH(\".\",D1353)+1)-(LEN(D1353)-(SEARCH(\".\",D1353,SEARCH(\".\",D1353,SEARCH(\".\",D1353)+1)+1)-1)))),\"\")","v":""},"13.4.2",{"$f":"IF($G1353=\"SINAPI\",VLOOKUP($F1353,DADOS_SINAPI,2,0),IF(G1353=\"SETOP\",VLOOKUP($F1353,DADOS_SETOP,2,0),IF(G1353=\"CPU\",VLOOKUP($F1353,DADOS_COMPOSICAO,2,0),IF(G1353=\"SICRO\",VLOOKUP($F1353,DADOS_SICRO,2,0),IF(G1353=\"SUDECAP\",VLOOKUP(F1353,DADOS_SUDECAP,2,0),IF(G1353=\"COTAÇÃO\",VLOOKUP($F1353,DADOS_COTACAO,2,0),\"\"))))))","v":"CHUMBAMENTO LINEAR EM ALVENARIA PARA RAMAIS/DISTRIBUIÇÃO DE INSTALAÇÕES HIDRÁULICAS COM DIÂMETROS MENORES OU IGUAIS A 40 MM. AF_09/2023"},90466,"SINAPI",{"$f":"IF(G1353=\"SINAPI\",VLOOKUP($F1353,DADOS_SINAPI,3,0),IF(G1353=\"SETOP\",VLOOKUP($F1353,DADOS_SETOP,3,0),IF(G1353=\"CPU\",VLOOKUP($F1353,DADOS_COMPOSICAO,10,0),IF(G1353=\"SICRO\",VLOOKUP($F1353,DADOS_SICRO,3,0),IF(G1353=\"SUDECAP\",VLOOKUP(F1353,DADOS_SUDECAP,3,0),IF(G1353=\"COTAÇÃO\",VLOOKUP($F1353,DADOS_COTACAO,9,0),\"\"))))))","v":"M"},{"$f":"F1355","v":12},{"$f":"TRUNC(IF(G1353=\"SINAPI\",VLOOKUP($F1353,DADOS_SINAPI,4,0),IF(G1353=\"SETOP\",VLOOKUP($F1353,DADOS_SETOP,4,0),IF(G1353=\"CPU\",VLOOKUP($F1353,DADOS_COMPOSICAO,13,0),IF(G1353=\"SICRO\",VLOOKUP($F1353,DADOS_SICRO,4,0),IF(G1353=\"SUDECAP\",VLOOKUP(F1353,DADOS_SUDECAP,4,0),IF(G1353=\"COTAÇÃO\",VLOOKUP(F1353,DADOS_COTACAO,12,0),\"\")))))),2)","v":15.47},"BDI 1",{"$f":"TRUNC(J1353*(1+$N$17),2)","v":19.57},{"$f":"IFERROR(TRUNC(I1353*J1353,2),\"\")","v":185.64},{"$f":"IFERROR(TRUNC(L1353*I1353,2),\"\")","v":234.84}]
[2000]
[2000,null,null,null,"Quantidade",{"$f":"F1351","v":12},"m"]
[2000,null,null,null,null,null,null," "]
[null,null,null,"13.5","ESCAVAÇÃO",null,null,null,null,null,null,null,{"$f":"IFERROR(SUMIFS(M:M,A:A,LEFT(D1357,SEARCH(\".\",D1357)-1),B:B,RIGHT(D1357,LEN(D1357)-SEARCH(\".\",D1357))),\"\")","v":5268.5},{"$f":"IFERROR(SUMIFS(N:N,A:A,LEFT(D1357,SEARCH(\".\",D1357)-1),B:B,RIGHT(D1357,LEN(D1357)-SEARCH(\".\",D1357))),\"\")","v":6665.37}]
[{"$f":"IFERROR(LEFT(D1358,SEARCH(\".\",D1358)-1),\"\")","v":"13"},{"$f":"IFERROR(LEFT(RIGHT(D1358,LEN(D1358)-SEARCH(\".\",D1358)),SEARCH(\".\",RIGHT(D1358,LEN(D1358)-SEARCH(\".\",D1358)))-1),\"\")","v":"5"},{"$f":"IFERROR(IF(LEN(D1358)-LEN(SUBSTITUTE(D1358,\".\",\"\"))<>3,\"\",MID(D1358,SEARCH(\".\",D1358,SEARCH(\".\",D1358)+1)+1,LEN(D1358)-SEARCH(\".\",D1358,SEARCH(\".\",D1358)+1)-(LEN(D1358)-(SEARCH(\".\",D1358,SEARCH(\".\",D1358,SEARCH(\".\",D1358)+1)+1)-1)))),\"\")","v":""},"13.5.1",{"$f":"IF($G1358=\"SINAPI\",VLOOKUP($F1358,DADOS_SINAPI,2,0),IF(G1358=\"SETOP\",VLOOKUP($F1358,DADOS_SETOP,2,0),IF(G1358=\"CPU\",VLOOKUP($F1358,DADOS_COMPOSICAO,2,0),IF(G1358=\"SICRO\",VLOOKUP($F1358,DADOS_SICRO,2,0),IF(G1358=\"SUDECAP\",VLOOKUP(F1358,DADOS_SUDECAP,2,0),IF(G1358=\"COTAÇÃO\",VLOOKUP($F1358,DADOS_COTACAO,2,0),\"\"))))))","v":"ESCAVAÇÃO MANUAL DE VALA. AF_09/2024"},93358,"SINAPI",{"$f":"IF(G1358=\"SINAPI\",VLOOKUP($F1358,DADOS_SINAPI,3,0),IF(G1358=\"SETOP\",VLOOKUP($F1358,DADOS_SETOP,3,0),IF(G1358=\"CPU\",VLOOKUP($F1358,DADOS_COMPOSICAO,10,0),IF(G1358=\"SICRO\",VLOOKUP($F1358,DADOS_SICRO,3,0),IF(G1358=\"SUDECAP\",VLOOKUP(F1358,DADOS_SUDECAP,3,0),IF(G1358=\"COTAÇÃO\",VLOOKUP($F1358,DADOS_COTACAO,9,0),\"\"))))))","v":"M3"},{"$f":"F1360","v":41},{"$f":"TRUNC(IF(G1358=\"SINAPI\",VLOOKUP($F1358,DADOS_SINAPI,4,0),IF(G1358=\"SETOP\",VLOOKUP($F1358,DADOS_SETOP,4,0),IF(G1358=\"CPU\",VLOOKUP($F1358,DADOS_COMPOSICAO,13,0),IF(G1358=\"SICRO\",VLOOKUP($F1358,DADOS_SICRO,4,0),IF(G1358=\"SUDECAP\",VLOOKUP(F1358,DADOS_SUDECAP,4,0),IF(G1358=\"COTAÇÃO\",VLOOKUP(F1358,DADOS_COTACAO,12,0),\"\")))))),2)","v":82.75},"BDI 1",{"$f":"TRUNC(J1358*(1+$N$17),2)","v":104.69},{"$f":"IFERROR(TRUNC(I1358*J1358,2),\"\")","v":3392.75},{"$f":"IFERROR(TRUNC(L1358*I1358,2),\"\")","v":4292.29}]
[2000]
[2000,null,null,null,"Quantidade",41,"m³"]
[2000]
[{"$f":"IFERROR(LEFT(D1362,SEARCH(\".\",D1362)-1),\"\")","v":"13"},{"$f":"IFERROR(LEFT(RIGHT(D1362,LEN(D1362)-SEARCH(\".\",D1362)),SEARCH(\".\",RIGHT(D1362,LEN(D1362)-SEARCH(\".\",D1362)))-1),\"\")","v":"5"},{"$f":"IFERROR(IF(LEN(D1362)-LEN(SUBSTITUTE(D1362,\".\",\"\"))<>3,\"\",MID(D1362,SEARCH(\".\",D1362,SEARCH(\".\",D1362)+1)+1,LEN(D1362)-SEARCH(\".\",D1362,SEARCH(\".\",D1362)+1)-(LEN(D1362)-(SEARCH(\".\",D1362,SEARCH(\".\",D1362,SEARCH(\".\",D1362)+1)+1)-1)))),\"\")","v":""},"13.5.2",{"$f":"IF($G1362=\"SINAPI\",VLOOKUP($F1362,DADOS_SINAPI,2,0),IF(G1362=\"SETOP\",VLOOKUP($F1362,DADOS_SETOP,2,0),IF(G1362=\"CPU\",VLOOKUP($F1362,DADOS_COMPOSICAO,2,0),IF(G1362=\"SICRO\",VLOOKUP($F1362,DADOS_SICRO,2,0),IF(G1362=\"SUDECAP\",VLOOKUP(F1362,DADOS_SUDECAP,2,0),IF(G1362=\"COTAÇÃO\",VLOOKUP($F1362,DADOS_COTACAO,2,0),\"\"))))))","v":"REATERRO MANUAL DE VALA, INCLUSIVE ESPALHAMENTO E COMPACTAÇÃO MECANIZADA COM PLACA VIBRATÓRIA"},"ED-51121","SETOP",{"$f":"IF(G1362=\"SINAPI\",VLOOKUP($F1362,DADOS_SINAPI,3,0),IF(G1362=\"SETOP\",VLOOKUP($F1362,DADOS_SETOP,3,0),IF(G1362=\"CPU\",VLOOKUP($F1362,DADOS_COMPOSICAO,10,0),IF(G1362=\"SICRO\",VLOOKUP($F1362,DADOS_SICRO,3,0),IF(G1362=\"SUDECAP\",VLOOKUP(F1362,DADOS_SUDECAP,3,0),IF(G1362=\"COTAÇÃO\",VLOOKUP($F1362,DADOS_COTACAO,9,0),\"\"))))))","v":"m3"},{"$f":"F1364","v":41},{"$f":"TRUNC(IF(G1362=\"SINAPI\",VLOOKUP($F1362,DADOS_SINAPI,4,0),IF(G1362=\"SETOP\",VLOOKUP($F1362,DADOS_SETOP,4,0),IF(G1362=\"CPU\",VLOOKUP($F1362,DADOS_COMPOSICAO,13,0),IF(G1362=\"SICRO\",VLOOKUP($F1362,DADOS_SICRO,4,0),IF(G1362=\"SUDECAP\",VLOOKUP(F1362,DADOS_SUDECAP,4,0),IF(G1362=\"COTAÇÃO\",VLOOKUP(F1362,DADOS_COTACAO,12,0),\"\")))))),2)","v":45.75},"BDI 1",{"$f":"TRUNC(J1362*(1+$N$17),2)","v":57.88},{"$f":"IFERROR(TRUNC(I1362*J1362,2),\"\")","v":1875.75},{"$f":"IFERROR(TRUNC(L1362*I1362,2),\"\")","v":2373.08}]
[2000]
[2000,null,null,null,"Quantidade",{"$f":"F1360","v":41},"m³"]
[2000]
[1000,null,null,14,"LOUÇAS E METAIS",null,null,null,null,null,null,null,{"$f":"SUMIF(A:A,D1366,M:M)","v":59282.49},{"$f":"SUMIF(A:A,D1366,N:N)","v":75003.430000000008}]
[{"$f":"IFERROR(LEFT(D1367,SEARCH(\".\",D1367)-1),\"\")","v":"14"},{"$f":"IFERROR(LEFT(RIGHT(D1367,LEN(D1367)-SEARCH(\".\",D1367)),SEARCH(\".\",RIGHT(D1367,LEN(D1367)-SEARCH(\".\",D1367)))-1),\"\")","v":""},{"$f":"IFERROR(IF(LEN(D1367)-LEN(SUBSTITUTE(D1367,\".\",\"\"))<>3,\"\",MID(D1367,SEARCH(\".\",D1367,SEARCH(\".\",D1367)+1)+1,LEN(D1367)-SEARCH(\".\",D1367,SEARCH(\".\",D1367)+1)-(LEN(D1367)-(SEARCH(\".\",D1367,SEARCH(\".\",D1367,SEARCH(\".\",D1367)+1)+1)-1)))),\"\")","v":""},"14.1",{"$f":"IF($G1367=\"SINAPI\",VLOOKUP($F1367,DADOS_SINAPI,2,0),IF(G1367=\"SETOP\",VLOOKUP($F1367,DADOS_SETOP,2,0),IF(G1367=\"CPU\",VLOOKUP($F1367,DADOS_COMPOSICAO,2,0),IF(G1367=\"SICRO\",VLOOKUP($F1367,DADOS_SICRO,2,0),IF(G1367=\"SUDECAP\",VLOOKUP(F1367,DADOS_SUDECAP,2,0),IF(G1367=\"COTAÇÃO\",VLOOKUP($F1367,DADOS_COTACAO,2,0),\"\"))))))","v":"CHUVEIRO ELÉTRICO COM RESISTÊNCIA BLINDADA, TENSÃO 127V/220V, POTÊNCIA 5500W/6800W, INCLUSIVE BRAÇO/CANO"},"ED-50314","SETOP",{"$f":"IF(G1367=\"SINAPI\",VLOOKUP($F1367,DADOS_SINAPI,3,0),IF(G1367=\"SETOP\",VLOOKUP($F1367,DADOS_SETOP,3,0),IF(G1367=\"CPU\",VLOOKUP($F1367,DADOS_COMPOSICAO,10,0),IF(G1367=\"SICRO\",VLOOKUP($F1367,DADOS_SICRO,3,0),IF(G1367=\"SUDECAP\",VLOOKUP(F1367,DADOS_SUDECAP,3,0),IF(G1367=\"COTAÇÃO\",VLOOKUP($F1367,DADOS_COTACAO,9,0),\"\"))))))","v":"un"},{"$f":"F1369","v":6},{"$f":"TRUNC(IF(G1367=\"SINAPI\",VLOOKUP($F1367,DADOS_SINAPI,4,0),IF(G1367=\"SETOP\",VLOOKUP($F1367,DADOS_SETOP,4,0),IF(G1367=\"CPU\",VLOOKUP($F1367,DADOS_COMPOSICAO,13,0),IF(G1367=\"SICRO\",VLOOKUP($F1367,DADOS_SICRO,4,0),IF(G1367=\"SUDECAP\",VLOOKUP(F1367,DADOS_SUDECAP,4,0),IF(G1367=\"COTAÇÃO\",VLOOKUP(F1367,DADOS_COTACAO,12,0),\"\")))))),2)","v":342.6},"BDI 1",{"$f":"TRUNC(J1367*(1+$N$17),2)","v":433.45},{"$f":"IFERROR(TRUNC(I1367*J1367,2),\"\")","v":2055.6},{"$f":"IFERROR(TRUNC(L1367*I1367,2),\"\")","v":2600.6999999999998}]
[2000]
[2000,null,null,null,"Quantidade ",6,{"$f":"H1367","v":"un"}]
[2000]
[{"$f":"IFERROR(LEFT(D1371,SEARCH(\".\",D1371)-1),\"\")","v":"14"},{"$f":"IFERROR(LEFT(RIGHT(D1371,LEN(D1371)-SEARCH(\".\",D1371)),SEARCH(\".\",RIGHT(D1371,LEN(D1371)-SEARCH(\".\",D1371)))-1),\"\")","v":""},{"$f":"IFERROR(IF(LEN(D1371)-LEN(SUBSTITUTE(D1371,\".\",\"\"))<>3,\"\",MID(D1371,SEARCH(\".\",D1371,SEARCH(\".\",D1371)+1)+1,LEN(D1371)-SEARCH(\".\",D1371,SEARCH(\".\",D1371)+1)-(LEN(D1371)-(SEARCH(\".\",D1371,SEARCH(\".\",D1371,SEARCH(\".\",D1371)+1)+1)-1)))),\"\")","v":""},"14.2",{"$f":"IF($G1371=\"SINAPI\",VLOOKUP($F1371,DADOS_SINAPI,2,0),IF(G1371=\"SETOP\",VLOOKUP($F1371,DADOS_SETOP,2,0),IF(G1371=\"CPU\",VLOOKUP($F1371,DADOS_COMPOSICAO,2,0),IF(G1371=\"SICRO\",VLOOKUP($F1371,DADOS_SICRO,2,0),IF(G1371=\"SUDECAP\",VLOOKUP(F1371,DADOS_SUDECAP,2,0),IF(G1371=\"COTAÇÃO\",VLOOKUP($F1371,DADOS_COTACAO,2,0),\"\"))))))","v":"DUCHA HIGIÊNICA COM REGISTRO PARA CONTROLE DE FLUXO DE ÁGUA, DIÂMETRO DE 1/2\" (20MM), INCLUSIVE ACESSÓRIOS"},"ED-50316","SETOP",{"$f":"IF(G1371=\"SINAPI\",VLOOKUP($F1371,DADOS_SINAPI,3,0),IF(G1371=\"SETOP\",VLOOKUP($F1371,DADOS_SETOP,3,0),IF(G1371=\"CPU\",VLOOKUP($F1371,DADOS_COMPOSICAO,10,0),IF(G1371=\"SICRO\",VLOOKUP($F1371,DADOS_SICRO,3,0),IF(G1371=\"SUDECAP\",VLOOKUP(F1371,DADOS_SUDECAP,3,0),IF(G1371=\"COTAÇÃO\",VLOOKUP($F1371,DADOS_COTACAO,9,0),\"\"))))))","v":"un"},{"$f":"F1373","v":3},{"$f":"TRUNC(IF(G1371=\"SINAPI\",VLOOKUP($F1371,DADOS_SINAPI,4,0),IF(G1371=\"SETOP\",VLOOKUP($F1371,DADOS_SETOP,4,0),IF(G1371=\"CPU\",VLOOKUP($F1371,DADOS_COMPOSICAO,13,0),IF(G1371=\"SICRO\",VLOOKUP($F1371,DADOS_SICRO,4,0),IF(G1371=\"SUDECAP\",VLOOKUP(F1371,DADOS_SUDECAP,4,0),IF(G1371=\"COTAÇÃO\",VLOOKUP(F1371,DADOS_COTACAO,12,0),\"\")))))),2)","v":191.21},"BDI 1",{"$f":"TRUNC(J1371*(1+$N$17),2)","v":241.91},{"$f":"IFERROR(TRUNC(I1371*J1371,2),\"\")","v":573.63},{"$f":"IFERROR(TRUNC(L1371*I1371,2),\"\")","v":725.73}]
[2000]
[2000,null,null,null,"Quantidade ",3,{"$f":"H1371","v":"un"}]
[2000]
[{"$f":"IFERROR(LEFT(D1375,SEARCH(\".\",D1375)-1),\"\")","v":"14"},{"$f":"IFERROR(LEFT(RIGHT(D1375,LEN(D1375)-SEARCH(\".\",D1375)),SEARCH(\".\",RIGHT(D1375,LEN(D1375)-SEARCH(\".\",D1375)))-1),\"\")","v":""},{"$f":"IFERROR(IF(LEN(D1375)-LEN(SUBSTITUTE(D1375,\".\",\"\"))<>3,\"\",MID(D1375,SEARCH(\".\",D1375,SEARCH(\".\",D1375)+1)+1,LEN(D1375)-SEARCH(\".\",D1375,SEARCH(\".\",D1375)+1)-(LEN(D1375)-(SEARCH(\".\",D1375,SEARCH(\".\",D1375,SEARCH(\".\",D1375)+1)+1)-1)))),\"\")","v":""},"14.3",{"$f":"IF($G1375=\"SINAPI\",VLOOKUP($F1375,DADOS_SINAPI,2,0),IF(G1375=\"SETOP\",VLOOKUP($F1375,DADOS_SETOP,2,0),IF(G1375=\"CPU\",VLOOKUP($F1375,DADOS_COMPOSICAO,2,0),IF(G1375=\"SICRO\",VLOOKUP($F1375,DADOS_SICRO,2,0),IF(G1375=\"SUDECAP\",VLOOKUP(F1375,DADOS_SUDECAP,2,0),IF(G1375=\"COTAÇÃO\",VLOOKUP($F1375,DADOS_COTACAO,2,0),\"\"))))))","v":"TORNEIRA METÁLICA PARA TANQUE, ACABAMENTO CROMADO, BICO COM ROSCA"},"ED-50331","SETOP",{"$f":"IF(G1375=\"SINAPI\",VLOOKUP($F1375,DADOS_SINAPI,3,0),IF(G1375=\"SETOP\",VLOOKUP($F1375,DADOS_SETOP,3,0),IF(G1375=\"CPU\",VLOOKUP($F1375,DADOS_COMPOSICAO,10,0),IF(G1375=\"SICRO\",VLOOKUP($F1375,DADOS_SICRO,3,0),IF(G1375=\"SUDECAP\",VLOOKUP(F1375,DADOS_SUDECAP,3,0),IF(G1375=\"COTAÇÃO\",VLOOKUP($F1375,DADOS_COTACAO,9,0),\"\"))))))","v":"un"},{"$f":"F1377","v":1},{"$f":"TRUNC(IF(G1375=\"SINAPI\",VLOOKUP($F1375,DADOS_SINAPI,4,0),IF(G1375=\"SETOP\",VLOOKUP($F1375,DADOS_SETOP,4,0),IF(G1375=\"CPU\",VLOOKUP($F1375,DADOS_COMPOSICAO,13,0),IF(G1375=\"SICRO\",VLOOKUP($F1375,DADOS_SICRO,4,0),IF(G1375=\"SUDECAP\",VLOOKUP(F1375,DADOS_SUDECAP,4,0),IF(G1375=\"COTAÇÃO\",VLOOKUP(F1375,DADOS_COTACAO,12,0),\"\")))))),2)","v":66.44},"BDI 1",{"$f":"TRUNC(J1375*(1+$N$17),2)","v":84.05},{"$f":"IFERROR(TRUNC(I1375*J1375,2),\"\")","v":66.44},{"$f":"IFERROR(TRUNC(L1375*I1375,2),\"\")","v":84.05}]
[2000]
[2000,null,null,null,"Quantidade ",1,{"$f":"H1375","v":"un"}]
[2000]
[{"$f":"IFERROR(LEFT(D1379,SEARCH(\".\",D1379)-1),\"\")","v":"14"},{"$f":"IFERROR(LEFT(RIGHT(D1379,LEN(D1379)-SEARCH(\".\",D1379)),SEARCH(\".\",RIGHT(D1379,LEN(D1379)-SEARCH(\".\",D1379)))-1),\"\")","v":""},{"$f":"IFERROR(IF(LEN(D1379)-LEN(SUBSTITUTE(D1379,\".\",\"\"))<>3,\"\",MID(D1379,SEARCH(\".\",D1379,SEARCH(\".\",D1379)+1)+1,LEN(D1379)-SEARCH(\".\",D1379,SEARCH(\".\",D1379)+1)-(LEN(D1379)-(SEARCH(\".\",D1379,SEARCH(\".\",D1379,SEARCH(\".\",D1379)+1)+1)-1)))),\"\")","v":""},"14.4",{"$f":"IF($G1379=\"SINAPI\",VLOOKUP($F1379,DADOS_SINAPI,2,0),IF(G1379=\"SETOP\",VLOOKUP($F1379,DADOS_SETOP,2,0),IF(G1379=\"CPU\",VLOOKUP($F1379,DADOS_COMPOSICAO,2,0),IF(G1379=\"SICRO\",VLOOKUP($F1379,DADOS_SICRO,2,0),IF(G1379=\"SUDECAP\",VLOOKUP(F1379,DADOS_SUDECAP,2,0),IF(G1379=\"COTAÇÃO\",VLOOKUP($F1379,DADOS_COTACAO,2,0),\"\"))))))","v":"VASO SANITÁRIO SIFONADO COM CAIXA ACOPLADA LOUÇA BRANCA, INCLUSO ENGATE FLEXÍVEL EM PLÁSTICO BRANCO, 1/2  X 40CM - FORNECIMENTO E INSTALAÇÃO. AF_01/2020"},86931,"SINAPI",{"$f":"IF(G1379=\"SINAPI\",VLOOKUP($F1379,DADOS_SINAPI,3,0),IF(G1379=\"SETOP\",VLOOKUP($F1379,DADOS_SETOP,3,0),IF(G1379=\"CPU\",VLOOKUP($F1379,DADOS_COMPOSICAO,10,0),IF(G1379=\"SICRO\",VLOOKUP($F1379,DADOS_SICRO,3,0),IF(G1379=\"SUDECAP\",VLOOKUP(F1379,DADOS_SUDECAP,3,0),IF(G1379=\"COTAÇÃO\",VLOOKUP($F1379,DADOS_COTACAO,9,0),\"\"))))))","v":"UN"},{"$f":"F1381","v":11},{"$f":"TRUNC(IF(G1379=\"SINAPI\",VLOOKUP($F1379,DADOS_SINAPI,4,0),IF(G1379=\"SETOP\",VLOOKUP($F1379,DADOS_SETOP,4,0),IF(G1379=\"CPU\",VLOOKUP($F1379,DADOS_COMPOSICAO,13,0),IF(G1379=\"SICRO\",VLOOKUP($F1379,DADOS_SICRO,4,0),IF(G1379=\"SUDECAP\",VLOOKUP(F1379,DADOS_SUDECAP,4,0),IF(G1379=\"COTAÇÃO\",VLOOKUP(F1379,DADOS_COTACAO,12,0),\"\")))))),2)","v":507.95},"BDI 1",{"$f":"TRUNC(J1379*(1+$N$17),2)","v":642.65},{"$f":"IFERROR(TRUNC(I1379*J1379,2),\"\")","v":5587.45},{"$f":"IFERROR(TRUNC(L1379*I1379,2),\"\")","v":7069.15}]
[2000]
[2000,null,null,null,"Quantidade ",{"$f":"11","v":11},"un"]
[2000]
[{"$f":"IFERROR(LEFT(D1383,SEARCH(\".\",D1383)-1),\"\")","v":"14"},{"$f":"IFERROR(LEFT(RIGHT(D1383,LEN(D1383)-SEARCH(\".\",D1383)),SEARCH(\".\",RIGHT(D1383,LEN(D1383)-SEARCH(\".\",D1383)))-1),\"\")","v":""},{"$f":"IFERROR(IF(LEN(D1383)-LEN(SUBSTITUTE(D1383,\".\",\"\"))<>3,\"\",MID(D1383,SEARCH(\".\",D1383,SEARCH(\".\",D1383)+1)+1,LEN(D1383)-SEARCH(\".\",D1383,SEARCH(\".\",D1383)+1)-(LEN(D1383)-(SEARCH(\".\",D1383,SEARCH(\".\",D1383,SEARCH(\".\",D1383)+1)+1)-1)))),\"\")","v":""},"14.5",{"$f":"IF($G1383=\"SINAPI\",VLOOKUP($F1383,DADOS_SINAPI,2,0),IF(G1383=\"SETOP\",VLOOKUP($F1383,DADOS_SETOP,2,0),IF(G1383=\"CPU\",VLOOKUP($F1383,DADOS_COMPOSICAO,2,0),IF(G1383=\"SICRO\",VLOOKUP($F1383,DADOS_SICRO,2,0),IF(G1383=\"SUDECAP\",VLOOKUP(F1383,DADOS_SUDECAP,2,0),IF(G1383=\"COTAÇÃO\",VLOOKUP($F1383,DADOS_COTACAO,2,0),\"\"))))))","v":"TORNEIRA METÁLICA PARA LAVATÓRIO, FECHAMENTO AUTOMÁTICO, ACABAMENTO CROMADO, COM AREJADOR, APLICAÇÃO DE MESA, INCLUSIVE ENGATE FLEXÍVEL METÁLICO"},"ED-50329","SETOP",{"$f":"IF(G1383=\"SINAPI\",VLOOKUP($F1383,DADOS_SINAPI,3,0),IF(G1383=\"SETOP\",VLOOKUP($F1383,DADOS_SETOP,3,0),IF(G1383=\"CPU\",VLOOKUP($F1383,DADOS_COMPOSICAO,10,0),IF(G1383=\"SICRO\",VLOOKUP($F1383,DADOS_SICRO,3,0),IF(G1383=\"SUDECAP\",VLOOKUP(F1383,DADOS_SUDECAP,3,0),IF(G1383=\"COTAÇÃO\",VLOOKUP($F1383,DADOS_COTACAO,9,0),\"\"))))))","v":"un"},{"$f":"F1385","v":10},{"$f":"TRUNC(IF(G1383=\"SINAPI\",VLOOKUP($F1383,DADOS_SINAPI,4,0),IF(G1383=\"SETOP\",VLOOKUP($F1383,DADOS_SETOP,4,0),IF(G1383=\"CPU\",VLOOKUP($F1383,DADOS_COMPOSICAO,13,0),IF(G1383=\"SICRO\",VLOOKUP($F1383,DADOS_SICRO,4,0),IF(G1383=\"SUDECAP\",VLOOKUP(F1383,DADOS_SUDECAP,4,0),IF(G1383=\"COTAÇÃO\",VLOOKUP(F1383,DADOS_COTACAO,12,0),\"\")))))),2)","v":221.34},"BDI 1",{"$f":"TRUNC(J1383*(1+$N$17),2)","v":280.02999999999997},{"$f":"IFERROR(TRUNC(I1383*J1383,2),\"\")","v":2213.4},{"$f":"IFERROR(TRUNC(L1383*I1383,2),\"\")","v":2800.3}]
[2000]
[2000,null,null,null,"Quantidade",10,"un"]
[2000]
[{"$f":"IFERROR(LEFT(D1387,SEARCH(\".\",D1387)-1),\"\")","v":"14"},{"$f":"IFERROR(LEFT(RIGHT(D1387,LEN(D1387)-SEARCH(\".\",D1387)),SEARCH(\".\",RIGHT(D1387,LEN(D1387)-SEARCH(\".\",D1387)))-1),\"\")","v":""},{"$f":"IFERROR(IF(LEN(D1387)-LEN(SUBSTITUTE(D1387,\".\",\"\"))<>3,\"\",MID(D1387,SEARCH(\".\",D1387,SEARCH(\".\",D1387)+1)+1,LEN(D1387)-SEARCH(\".\",D1387,SEARCH(\".\",D1387)+1)-(LEN(D1387)-(SEARCH(\".\",D1387,SEARCH(\".\",D1387,SEARCH(\".\",D1387)+1)+1)-1)))),\"\")","v":""},"14.6",{"$f":"IF($G1387=\"SINAPI\",VLOOKUP($F1387,DADOS_SINAPI,2,0),IF(G1387=\"SETOP\",VLOOKUP($F1387,DADOS_SETOP,2,0),IF(G1387=\"CPU\",VLOOKUP($F1387,DADOS_COMPOSICAO,2,0),IF(G1387=\"SICRO\",VLOOKUP($F1387,DADOS_SICRO,2,0),IF(G1387=\"SUDECAP\",VLOOKUP(F1387,DADOS_SUDECAP,2,0),IF(G1387=\"COTAÇÃO\",VLOOKUP($F1387,DADOS_COTACAO,2,0),\"\"))))))","v":"TORNEIRA CROMADA DE MESA PARA LAVATÓRIO COM SENSOR DE PRESENCA. AF_01/2020"},100854,"SINAPI",{"$f":"IF(G1387=\"SINAPI\",VLOOKUP($F1387,DADOS_SINAPI,3,0),IF(G1387=\"SETOP\",VLOOKUP($F1387,DADOS_SETOP,3,0),IF(G1387=\"CPU\",VLOOKUP($F1387,DADOS_COMPOSICAO,10,0),IF(G1387=\"SICRO\",VLOOKUP($F1387,DADOS_SICRO,3,0),IF(G1387=\"SUDECAP\",VLOOKUP(F1387,DADOS_SUDECAP,3,0),IF(G1387=\"COTAÇÃO\",VLOOKUP($F1387,DADOS_COTACAO,9,0),\"\"))))))","v":"UN"},{"$f":"F1389","v":3},{"$f":"TRUNC(IF(G1387=\"SINAPI\",VLOOKUP($F1387,DADOS_SINAPI,4,0),IF(G1387=\"SETOP\",VLOOKUP($F1387,DADOS_SETOP,4,0),IF(G1387=\"CPU\",VLOOKUP($F1387,DADOS_COMPOSICAO,13,0),IF(G1387=\"SICRO\",VLOOKUP($F1387,DADOS_SICRO,4,0),IF(G1387=\"SUDECAP\",VLOOKUP(F1387,DADOS_SUDECAP,4,0),IF(G1387=\"COTAÇÃO\",VLOOKUP(F1387,DADOS_COTACAO,12,0),\"\")))))),2)","v":1858.88},"BDI 1",{"$f":"TRUNC(J1387*(1+$N$17),2)","v":2351.85},{"$f":"IFERROR(TRUNC(I1387*J1387,2),\"\")","v":5576.64},{"$f":"IFERROR(TRUNC(L1387*I1387,2),\"\")","v":7055.55}]
[2000]
[2000,null,null,null,"Quantidade",3,"un"]
[2000]
[{"$f":"IFERROR(LEFT(D1391,SEARCH(\".\",D1391)-1),\"\")","v":"14"},{"$f":"IFERROR(LEFT(RIGHT(D1391,LEN(D1391)-SEARCH(\".\",D1391)),SEARCH(\".\",RIGHT(D1391,LEN(D1391)-SEARCH(\".\",D1391)))-1),\"\")","v":""},{"$f":"IFERROR(IF(LEN(D1391)-LEN(SUBSTITUTE(D1391,\".\",\"\"))<>3,\"\",MID(D1391,SEARCH(\".\",D1391,SEARCH(\".\",D1391)+1)+1,LEN(D1391)-SEARCH(\".\",D1391,SEARCH(\".\",D1391)+1)-(LEN(D1391)-(SEARCH(\".\",D1391,SEARCH(\".\",D1391,SEARCH(\".\",D1391)+1)+1)-1)))),\"\")","v":""},"14.7",{"$f":"IF($G1391=\"SINAPI\",VLOOKUP($F1391,DADOS_SINAPI,2,0),IF(G1391=\"SETOP\",VLOOKUP($F1391,DADOS_SETOP,2,0),IF(G1391=\"CPU\",VLOOKUP($F1391,DADOS_COMPOSICAO,2,0),IF(G1391=\"SICRO\",VLOOKUP($F1391,DADOS_SICRO,2,0),IF(G1391=\"SUDECAP\",VLOOKUP(F1391,DADOS_SUDECAP,2,0),IF(G1391=\"COTAÇÃO\",VLOOKUP($F1391,DADOS_COTACAO,2,0),\"\"))))))","v":"TORNEIRA CROMADA TUBO MÓVEL, DE MESA, 1/2\" OU 3/4\", PARA PIA DE COZINHA, PADRÃO ALTO - FORNECIMENTO E INSTALAÇÃO. AF_01/2020"},86909,"SINAPI",{"$f":"IF(G1391=\"SINAPI\",VLOOKUP($F1391,DADOS_SINAPI,3,0),IF(G1391=\"SETOP\",VLOOKUP($F1391,DADOS_SETOP,3,0),IF(G1391=\"CPU\",VLOOKUP($F1391,DADOS_COMPOSICAO,10,0),IF(G1391=\"SICRO\",VLOOKUP($F1391,DADOS_SICRO,3,0),IF(G1391=\"SUDECAP\",VLOOKUP(F1391,DADOS_SUDECAP,3,0),IF(G1391=\"COTAÇÃO\",VLOOKUP($F1391,DADOS_COTACAO,9,0),\"\"))))))","v":"UN"},{"$f":"F1393","v":4},{"$f":"TRUNC(IF(G1391=\"SINAPI\",VLOOKUP($F1391,DADOS_SINAPI,4,0),IF(G1391=\"SETOP\",VLOOKUP($F1391,DADOS_SETOP,4,0),IF(G1391=\"CPU\",VLOOKUP($F1391,DADOS_COMPOSICAO,13,0),IF(G1391=\"SICRO\",VLOOKUP($F1391,DADOS_SICRO,4,0),IF(G1391=\"SUDECAP\",VLOOKUP(F1391,DADOS_SUDECAP,4,0),IF(G1391=\"COTAÇÃO\",VLOOKUP(F1391,DADOS_COTACAO,12,0),\"\")))))),2)","v":134.91},"BDI 1",{"$f":"TRUNC(J1391*(1+$N$17),2)","v":170.68},{"$f":"IFERROR(TRUNC(I1391*J1391,2),\"\")","v":539.64},{"$f":"IFERROR(TRUNC(L1391*I1391,2),\"\")","v":682.72}]
[2000]
[2000,null,null,null,"Quantidade",4,"un"]
[2000]
[{"$f":"IFERROR(LEFT(D1395,SEARCH(\".\",D1395)-1),\"\")","v":"14"},{"$f":"IFERROR(LEFT(RIGHT(D1395,LEN(D1395)-SEARCH(\".\",D1395)),SEARCH(\".\",RIGHT(D1395,LEN(D1395)-SEARCH(\".\",D1395)))-1),\"\")","v":""},{"$f":"IFERROR(IF(LEN(D1395)-LEN(SUBSTITUTE(D1395,\".\",\"\"))<>3,\"\",MID(D1395,SEARCH(\".\",D1395,SEARCH(\".\",D1395)+1)+1,LEN(D1395)-SEARCH(\".\",D1395,SEARCH(\".\",D1395)+1)-(LEN(D1395)-(SEARCH(\".\",D1395,SEARCH(\".\",D1395,SEARCH(\".\",D1395)+1)+1)-1)))),\"\")","v":""},"14.8",{"$f":"IF($G1395=\"SINAPI\",VLOOKUP($F1395,DADOS_SINAPI,2,0),IF(G1395=\"SETOP\",VLOOKUP($F1395,DADOS_SETOP,2,0),IF(G1395=\"CPU\",VLOOKUP($F1395,DADOS_COMPOSICAO,2,0),IF(G1395=\"SICRO\",VLOOKUP($F1395,DADOS_SICRO,2,0),IF(G1395=\"SUDECAP\",VLOOKUP(F1395,DADOS_SUDECAP,2,0),IF(G1395=\"COTAÇÃO\",VLOOKUP($F1395,DADOS_COTACAO,2,0),\"\"))))))","v":"TORNEIRA METÁLICA PARA PIA, ABERTURA 1/4 DE VOLTA, ACABAMENTO CROMADO, COM AREJADOR, APLICAÇÃO DE PAREDE"},"ED-50326","SETOP",{"$f":"IF(G1395=\"SINAPI\",VLOOKUP($F1395,DADOS_SINAPI,3,0),IF(G1395=\"SETOP\",VLOOKUP($F1395,DADOS_SETOP,3,0),IF(G1395=\"CPU\",VLOOKUP($F1395,DADOS_COMPOSICAO,10,0),IF(G1395=\"SICRO\",VLOOKUP($F1395,DADOS_SICRO,3,0),IF(G1395=\"SUDECAP\",VLOOKUP(F1395,DADOS_SUDECAP,3,0),IF(G1395=\"COTAÇÃO\",VLOOKUP($F1395,DADOS_COTACAO,9,0),\"\"))))))","v":"un"},{"$f":"F1397","v":3},{"$f":"TRUNC(IF(G1395=\"SINAPI\",VLOOKUP($F1395,DADOS_SINAPI,4,0),IF(G1395=\"SETOP\",VLOOKUP($F1395,DADOS_SETOP,4,0),IF(G1395=\"CPU\",VLOOKUP($F1395,DADOS_COMPOSICAO,13,0),IF(G1395=\"SICRO\",VLOOKUP($F1395,DADOS_SICRO,4,0),IF(G1395=\"SUDECAP\",VLOOKUP(F1395,DADOS_SUDECAP,4,0),IF(G1395=\"COTAÇÃO\",VLOOKUP(F1395,DADOS_COTACAO,12,0),\"\")))))),2)","v":60.34},"BDI 1",{"$f":"TRUNC(J1395*(1+$N$17),2)","v":76.34},{"$f":"IFERROR(TRUNC(I1395*J1395,2),\"\")","v":181.02},{"$f":"IFERROR(TRUNC(L1395*I1395,2),\"\")","v":229.02}]
[2000]
[2000,null,null,null,"Quantidade",3,"un"]
[2000]
[{"$f":"IFERROR(LEFT(D1399,SEARCH(\".\",D1399)-1),\"\")","v":"14"},{"$f":"IFERROR(LEFT(RIGHT(D1399,LEN(D1399)-SEARCH(\".\",D1399)),SEARCH(\".\",RIGHT(D1399,LEN(D1399)-SEARCH(\".\",D1399)))-1),\"\")","v":""},{"$f":"IFERROR(IF(LEN(D1399)-LEN(SUBSTITUTE(D1399,\".\",\"\"))<>3,\"\",MID(D1399,SEARCH(\".\",D1399,SEARCH(\".\",D1399)+1)+1,LEN(D1399)-SEARCH(\".\",D1399,SEARCH(\".\",D1399)+1)-(LEN(D1399)-(SEARCH(\".\",D1399,SEARCH(\".\",D1399,SEARCH(\".\",D1399)+1)+1)-1)))),\"\")","v":""},"14.9",{"$f":"IF($G1399=\"SINAPI\",VLOOKUP($F1399,DADOS_SINAPI,2,0),IF(G1399=\"SETOP\",VLOOKUP($F1399,DADOS_SETOP,2,0),IF(G1399=\"CPU\",VLOOKUP($F1399,DADOS_COMPOSICAO,2,0),IF(G1399=\"SICRO\",VLOOKUP($F1399,DADOS_SICRO,2,0),IF(G1399=\"SUDECAP\",VLOOKUP(F1399,DADOS_SUDECAP,2,0),IF(G1399=\"COTAÇÃO\",VLOOKUP($F1399,DADOS_COTACAO,2,0),\"\"))))))","v":"CUBA DE EMBUTIR DE AÇO INOXIDÁVEL MÉDIA, INCLUSO VÁLVULA TIPO AMERICANA E SIFÃO TIPO GARRAFA EM METAL CROMADO - FORNECIMENTO E INSTALAÇÃO. AF_01/2020"},86936,"SINAPI",{"$f":"IF(G1399=\"SINAPI\",VLOOKUP($F1399,DADOS_SINAPI,3,0),IF(G1399=\"SETOP\",VLOOKUP($F1399,DADOS_SETOP,3,0),IF(G1399=\"CPU\",VLOOKUP($F1399,DADOS_COMPOSICAO,10,0),IF(G1399=\"SICRO\",VLOOKUP($F1399,DADOS_SICRO,3,0),IF(G1399=\"SUDECAP\",VLOOKUP(F1399,DADOS_SUDECAP,3,0),IF(G1399=\"COTAÇÃO\",VLOOKUP($F1399,DADOS_COTACAO,9,0),\"\"))))))","v":"UN"},{"$f":"F1401","v":5},{"$f":"TRUNC(IF(G1399=\"SINAPI\",VLOOKUP($F1399,DADOS_SINAPI,4,0),IF(G1399=\"SETOP\",VLOOKUP($F1399,DADOS_SETOP,4,0),IF(G1399=\"CPU\",VLOOKUP($F1399,DADOS_COMPOSICAO,13,0),IF(G1399=\"SICRO\",VLOOKUP($F1399,DADOS_SICRO,4,0),IF(G1399=\"SUDECAP\",VLOOKUP(F1399,DADOS_SUDECAP,4,0),IF(G1399=\"COTAÇÃO\",VLOOKUP(F1399,DADOS_COTACAO,12,0),\"\")))))),2)","v":556.4},"BDI 1",{"$f":"TRUNC(J1399*(1+$N$17),2)","v":703.95},{"$f":"IFERROR(TRUNC(I1399*J1399,2),\"\")","v":2782},{"$f":"IFERROR(TRUNC(L1399*I1399,2),\"\")","v":3519.75}]
[2000]
[2000,null,null,null,"Quantidade",5,"un"]
[2000]
[{"$f":"IFERROR(LEFT(D1403,SEARCH(\".\",D1403)-1),\"\")","v":"14"},{"$f":"IFERROR(LEFT(RIGHT(D1403,LEN(D1403)-SEARCH(\".\",D1403)),SEARCH(\".\",RIGHT(D1403,LEN(D1403)-SEARCH(\".\",D1403)))-1),\"\")","v":""},{"$f":"IFERROR(IF(LEN(D1403)-LEN(SUBSTITUTE(D1403,\".\",\"\"))<>3,\"\",MID(D1403,SEARCH(\".\",D1403,SEARCH(\".\",D1403)+1)+1,LEN(D1403)-SEARCH(\".\",D1403,SEARCH(\".\",D1403)+1)-(LEN(D1403)-(SEARCH(\".\",D1403,SEARCH(\".\",D1403,SEARCH(\".\",D1403)+1)+1)-1)))),\"\")","v":""},"14.10",{"$f":"IF($G1403=\"SINAPI\",VLOOKUP($F1403,DADOS_SINAPI,2,0),IF(G1403=\"SETOP\",VLOOKUP($F1403,DADOS_SETOP,2,0),IF(G1403=\"CPU\",VLOOKUP($F1403,DADOS_COMPOSICAO,2,0),IF(G1403=\"SICRO\",VLOOKUP($F1403,DADOS_SICRO,2,0),IF(G1403=\"SUDECAP\",VLOOKUP(F1403,DADOS_SUDECAP,2,0),IF(G1403=\"COTAÇÃO\",VLOOKUP($F1403,DADOS_COTACAO,2,0),\"\"))))))","v":"CUBA EM AÇO INOXIDÁVEL DE EMBUTIR, AISI 304, APLICAÇÃO PARA TANQUE (600X600X400MM), ASSENTAMENTO EM BANCADA, INCLUSIVE VÁLVULA DE ESCOAMENTO DE METAL COM ACABAMENTO CROMADO, SIFÃO DE METAL TIPO COPO COM ACABAMENTO CROMADO"},"ED-50287","SETOP",{"$f":"IF(G1403=\"SINAPI\",VLOOKUP($F1403,DADOS_SINAPI,3,0),IF(G1403=\"SETOP\",VLOOKUP($F1403,DADOS_SETOP,3,0),IF(G1403=\"CPU\",VLOOKUP($F1403,DADOS_COMPOSICAO,10,0),IF(G1403=\"SICRO\",VLOOKUP($F1403,DADOS_SICRO,3,0),IF(G1403=\"SUDECAP\",VLOOKUP(F1403,DADOS_SUDECAP,3,0),IF(G1403=\"COTAÇÃO\",VLOOKUP($F1403,DADOS_COTACAO,9,0),\"\"))))))","v":"un"},{"$f":"F1405","v":1},{"$f":"TRUNC(IF(G1403=\"SINAPI\",VLOOKUP($F1403,DADOS_SINAPI,4,0),IF(G1403=\"SETOP\",VLOOKUP($F1403,DADOS_SETOP,4,0),IF(G1403=\"CPU\",VLOOKUP($F1403,DADOS_COMPOSICAO,13,0),IF(G1403=\"SICRO\",VLOOKUP($F1403,DADOS_SICRO,4,0),IF(G1403=\"SUDECAP\",VLOOKUP(F1403,DADOS_SUDECAP,4,0),IF(G1403=\"COTAÇÃO\",VLOOKUP(F1403,DADOS_COTACAO,12,0),\"\")))))),2)","v":1469.81},"BDI 1",{"$f":"TRUNC(J1403*(1+$N$17),2)","v":1859.6},{"$f":"IFERROR(TRUNC(I1403*J1403,2),\"\")","v":1469.81},{"$f":"IFERROR(TRUNC(L1403*I1403,2),\"\")","v":1859.6}]
[2000]
[2000,null,null,null,"Quantidade",1,"un"]
[2000]
[{"$f":"IFERROR(LEFT(D1407,SEARCH(\".\",D1407)-1),\"\")","v":"14"},{"$f":"IFERROR(LEFT(RIGHT(D1407,LEN(D1407)-SEARCH(\".\",D1407)),SEARCH(\".\",RIGHT(D1407,LEN(D1407)-SEARCH(\".\",D1407)))-1),\"\")","v":""},{"$f":"IFERROR(IF(LEN(D1407)-LEN(SUBSTITUTE(D1407,\".\",\"\"))<>3,\"\",MID(D1407,SEARCH(\".\",D1407,SEARCH(\".\",D1407)+1)+1,LEN(D1407)-SEARCH(\".\",D1407,SEARCH(\".\",D1407)+1)-(LEN(D1407)-(SEARCH(\".\",D1407,SEARCH(\".\",D1407,SEARCH(\".\",D1407)+1)+1)-1)))),\"\")","v":""},"14.11",{"$f":"IF($G1407=\"SINAPI\",VLOOKUP($F1407,DADOS_SINAPI,2,0),IF(G1407=\"SETOP\",VLOOKUP($F1407,DADOS_SETOP,2,0),IF(G1407=\"CPU\",VLOOKUP($F1407,DADOS_COMPOSICAO,2,0),IF(G1407=\"SICRO\",VLOOKUP($F1407,DADOS_SICRO,2,0),IF(G1407=\"SUDECAP\",VLOOKUP(F1407,DADOS_SUDECAP,2,0),IF(G1407=\"COTAÇÃO\",VLOOKUP($F1407,DADOS_COTACAO,2,0),\"\"))))))","v":"LAVATÓRIO DE LOUÇA BRANCA COM COLUNA, TAMANHO MÉDIO, INCLUSIVE ACESSÓRIOS DE FIXAÇÃO, VÁLVULA DE ESCOAMENTO DE METAL COM ACABAMENTO CROMADO, SIFÃO DE METAL TIPO COPO COM ACABAMENTO CROMADO E REJUNTAMENTO, EXCLUSIVE TORNEIRA E ENGATE FLEXÍVEL"},"ED-50282","SETOP",{"$f":"IF(G1407=\"SINAPI\",VLOOKUP($F1407,DADOS_SINAPI,3,0),IF(G1407=\"SETOP\",VLOOKUP($F1407,DADOS_SETOP,3,0),IF(G1407=\"CPU\",VLOOKUP($F1407,DADOS_COMPOSICAO,10,0),IF(G1407=\"SICRO\",VLOOKUP($F1407,DADOS_SICRO,3,0),IF(G1407=\"SUDECAP\",VLOOKUP(F1407,DADOS_SUDECAP,3,0),IF(G1407=\"COTAÇÃO\",VLOOKUP($F1407,DADOS_COTACAO,9,0),\"\"))))))","v":"un"},{"$f":"F1409","v":2},{"$f":"TRUNC(IF(G1407=\"SINAPI\",VLOOKUP($F1407,DADOS_SINAPI,4,0),IF(G1407=\"SETOP\",VLOOKUP($F1407,DADOS_SETOP,4,0),IF(G1407=\"CPU\",VLOOKUP($F1407,DADOS_COMPOSICAO,13,0),IF(G1407=\"SICRO\",VLOOKUP($F1407,DADOS_SICRO,4,0),IF(G1407=\"SUDECAP\",VLOOKUP(F1407,DADOS_SUDECAP,4,0),IF(G1407=\"COTAÇÃO\",VLOOKUP(F1407,DADOS_COTACAO,12,0),\"\")))))),2)","v":613.87},"BDI 1",{"$f":"TRUNC(J1407*(1+$N$17),2)","v":776.66},{"$f":"IFERROR(TRUNC(I1407*J1407,2),\"\")","v":1227.74},{"$f":"IFERROR(TRUNC(L1407*I1407,2),\"\")","v":1553.32}]
[2000]
[2000,null,null,null,"Quantidade",2,"un"]
[2000]
[{"$f":"IFERROR(LEFT(D1411,SEARCH(\".\",D1411)-1),\"\")","v":"14"},{"$f":"IFERROR(LEFT(RIGHT(D1411,LEN(D1411)-SEARCH(\".\",D1411)),SEARCH(\".\",RIGHT(D1411,LEN(D1411)-SEARCH(\".\",D1411)))-1),\"\")","v":""},{"$f":"IFERROR(IF(LEN(D1411)-LEN(SUBSTITUTE(D1411,\".\",\"\"))<>3,\"\",MID(D1411,SEARCH(\".\",D1411,SEARCH(\".\",D1411)+1)+1,LEN(D1411)-SEARCH(\".\",D1411,SEARCH(\".\",D1411)+1)-(LEN(D1411)-(SEARCH(\".\",D1411,SEARCH(\".\",D1411,SEARCH(\".\",D1411)+1)+1)-1)))),\"\")","v":""},"14.12",{"$f":"IF($G1411=\"SINAPI\",VLOOKUP($F1411,DADOS_SINAPI,2,0),IF(G1411=\"SETOP\",VLOOKUP($F1411,DADOS_SETOP,2,0),IF(G1411=\"CPU\",VLOOKUP($F1411,DADOS_COMPOSICAO,2,0),IF(G1411=\"SICRO\",VLOOKUP($F1411,DADOS_SICRO,2,0),IF(G1411=\"SUDECAP\",VLOOKUP(F1411,DADOS_SUDECAP,2,0),IF(G1411=\"COTAÇÃO\",VLOOKUP($F1411,DADOS_COTACAO,2,0),\"\"))))))","v":"LAVATÓRIO DE CANTO DE LOUÇA BRANCA SEM COLUNA, TAMANHO PEQUENO, INCLUSIVE ACESSÓRIOS DE FIXAÇÃO COM PARAFUSO CASTELO, VÁLVULA DE ESCOAMENTO DE METAL COM ACABAMENTO CROMADO, SIFÃO DE METAL TIPO COPO COM ACABAMENTO CROMADO, E REJUNTAMENTO, EXCLUSIVE TORNEIRA E ENGATE FLEXÍVEL"},"ED-2552","SETOP",{"$f":"IF(G1411=\"SINAPI\",VLOOKUP($F1411,DADOS_SINAPI,3,0),IF(G1411=\"SETOP\",VLOOKUP($F1411,DADOS_SETOP,3,0),IF(G1411=\"CPU\",VLOOKUP($F1411,DADOS_COMPOSICAO,10,0),IF(G1411=\"SICRO\",VLOOKUP($F1411,DADOS_SICRO,3,0),IF(G1411=\"SUDECAP\",VLOOKUP(F1411,DADOS_SUDECAP,3,0),IF(G1411=\"COTAÇÃO\",VLOOKUP($F1411,DADOS_COTACAO,9,0),\"\"))))))","v":"un"},{"$f":"F1413","v":1},{"$f":"TRUNC(IF(G1411=\"SINAPI\",VLOOKUP($F1411,DADOS_SINAPI,4,0),IF(G1411=\"SETOP\",VLOOKUP($F1411,DADOS_SETOP,4,0),IF(G1411=\"CPU\",VLOOKUP($F1411,DADOS_COMPOSICAO,13,0),IF(G1411=\"SICRO\",VLOOKUP($F1411,DADOS_SICRO,4,0),IF(G1411=\"SUDECAP\",VLOOKUP(F1411,DADOS_SUDECAP,4,0),IF(G1411=\"COTAÇÃO\",VLOOKUP(F1411,DADOS_COTACAO,12,0),\"\")))))),2)","v":621.67999999999995},"BDI 1",{"$f":"TRUNC(J1411*(1+$N$17),2)","v":786.54},{"$f":"IFERROR(TRUNC(I1411*J1411,2),\"\")","v":621.67999999999995},{"$f":"IFERROR(TRUNC(L1411*I1411,2),\"\")","v":786.54}]
[2000]
[2000,null,null,null,"Quantidade",1,"un"]
[2000]
[{"$f":"IFERROR(LEFT(D1415,SEARCH(\".\",D1415)-1),\"\")","v":"14"},{"$f":"IFERROR(LEFT(RIGHT(D1415,LEN(D1415)-SEARCH(\".\",D1415)),SEARCH(\".\",RIGHT(D1415,LEN(D1415)-SEARCH(\".\",D1415)))-1),\"\")","v":""},{"$f":"IFERROR(IF(LEN(D1415)-LEN(SUBSTITUTE(D1415,\".\",\"\"))<>3,\"\",MID(D1415,SEARCH(\".\",D1415,SEARCH(\".\",D1415)+1)+1,LEN(D1415)-SEARCH(\".\",D1415,SEARCH(\".\",D1415)+1)-(LEN(D1415)-(SEARCH(\".\",D1415,SEARCH(\".\",D1415,SEARCH(\".\",D1415)+1)+1)-1)))),\"\")","v":""},"14.13",{"$f":"IF($G1415=\"SINAPI\",VLOOKUP($F1415,DADOS_SINAPI,2,0),IF(G1415=\"SETOP\",VLOOKUP($F1415,DADOS_SETOP,2,0),IF(G1415=\"CPU\",VLOOKUP($F1415,DADOS_COMPOSICAO,2,0),IF(G1415=\"SICRO\",VLOOKUP($F1415,DADOS_SICRO,2,0),IF(G1415=\"SUDECAP\",VLOOKUP(F1415,DADOS_SUDECAP,2,0),IF(G1415=\"COTAÇÃO\",VLOOKUP($F1415,DADOS_COTACAO,2,0),\"\"))))))","v":"BANCADA EM GRANITO CINZA ANDORINHA E = 3 CM, APOIADA EM CONSOLE DE METALON 20 X 30 MM"},"ED-48343","SETOP",{"$f":"IF(G1415=\"SINAPI\",VLOOKUP($F1415,DADOS_SINAPI,3,0),IF(G1415=\"SETOP\",VLOOKUP($F1415,DADOS_SETOP,3,0),IF(G1415=\"CPU\",VLOOKUP($F1415,DADOS_COMPOSICAO,10,0),IF(G1415=\"SICRO\",VLOOKUP($F1415,DADOS_SICRO,3,0),IF(G1415=\"SUDECAP\",VLOOKUP(F1415,DADOS_SUDECAP,3,0),IF(G1415=\"COTAÇÃO\",VLOOKUP($F1415,DADOS_COTACAO,9,0),\"\"))))))","v":"m2"},{"$f":"F1420","v":3.8200000000000003},{"$f":"TRUNC(IF(G1415=\"SINAPI\",VLOOKUP($F1415,DADOS_SINAPI,4,0),IF(G1415=\"SETOP\",VLOOKUP($F1415,DADOS_SETOP,4,0),IF(G1415=\"CPU\",VLOOKUP($F1415,DADOS_COMPOSICAO,13,0),IF(G1415=\"SICRO\",VLOOKUP($F1415,DADOS_SICRO,4,0),IF(G1415=\"SUDECAP\",VLOOKUP(F1415,DADOS_SUDECAP,4,0),IF(G1415=\"COTAÇÃO\",VLOOKUP(F1415,DADOS_COTACAO,12,0),\"\")))))),2)","v":390.68},"BDI 1",{"$f":"TRUNC(J1415*(1+$N$17),2)","v":494.28},{"$f":"IFERROR(TRUNC(I1415*J1415,2),\"\")","v":1492.39},1888.15]
[2000]
[2000,null,null,null,"Banheiro Feminino",1.56,"m²"]
[2000,null,null,null,"Banheiro Feminino",1.56,"m²"]
[2000,null,null,null,"Refeitório",0.7,"m²"]
[2000,null,null,null,"Total",{"$f":"SUM(F1417:F1419)","v":3.8200000000000003},"m²"]
[2000]
[{"$f":"IFERROR(LEFT(D1422,SEARCH(\".\",D1422)-1),\"\")","v":"14"},{"$f":"IFERROR(LEFT(RIGHT(D1422,LEN(D1422)-SEARCH(\".\",D1422)),SEARCH(\".\",RIGHT(D1422,LEN(D1422)-SEARCH(\".\",D1422)))-1),\"\")","v":""},{"$f":"IFERROR(IF(LEN(D1422)-LEN(SUBSTITUTE(D1422,\".\",\"\"))<>3,\"\",MID(D1422,SEARCH(\".\",D1422,SEARCH(\".\",D1422)+1)+1,LEN(D1422)-SEARCH(\".\",D1422,SEARCH(\".\",D1422)+1)-(LEN(D1422)-(SEARCH(\".\",D1422,SEARCH(\".\",D1422,SEARCH(\".\",D1422)+1)+1)-1)))),\"\")","v":""},"14.14",{"$f":"IF($G1422=\"SINAPI\",VLOOKUP($F1422,DADOS_SINAPI,2,0),IF(G1422=\"SETOP\",VLOOKUP($F1422,DADOS_SETOP,2,0),IF(G1422=\"CPU\",VLOOKUP($F1422,DADOS_COMPOSICAO,2,0),IF(G1422=\"SICRO\",VLOOKUP($F1422,DADOS_SICRO,2,0),IF(G1422=\"SUDECAP\",VLOOKUP(F1422,DADOS_SUDECAP,2,0),IF(G1422=\"COTAÇÃO\",VLOOKUP($F1422,DADOS_COTACAO,2,0),\"\"))))))","v":"RODABANCA/FRONTÃO PARA BANCADA EM GRANITO, COR CINZA ANDORINHA, ESP. 2CM, ALTURA DE 7CM, INCLUSIVE REJUNTAMENTO EM MASSA PLÁSTICA NA COR DA PEDRA"},"ED-48347","SETOP",{"$f":"IF(G1422=\"SINAPI\",VLOOKUP($F1422,DADOS_SINAPI,3,0),IF(G1422=\"SETOP\",VLOOKUP($F1422,DADOS_SETOP,3,0),IF(G1422=\"CPU\",VLOOKUP($F1422,DADOS_COMPOSICAO,10,0),IF(G1422=\"SICRO\",VLOOKUP($F1422,DADOS_SICRO,3,0),IF(G1422=\"SUDECAP\",VLOOKUP(F1422,DADOS_SUDECAP,3,0),IF(G1422=\"COTAÇÃO\",VLOOKUP($F1422,DADOS_COTACAO,9,0),\"\"))))))","v":"m"},{"$f":"F1427","v":7.8000000000000007},{"$f":"TRUNC(IF(G1422=\"SINAPI\",VLOOKUP($F1422,DADOS_SINAPI,4,0),IF(G1422=\"SETOP\",VLOOKUP($F1422,DADOS_SETOP,4,0),IF(G1422=\"CPU\",VLOOKUP($F1422,DADOS_COMPOSICAO,13,0),IF(G1422=\"SICRO\",VLOOKUP($F1422,DADOS_SICRO,4,0),IF(G1422=\"SUDECAP\",VLOOKUP(F1422,DADOS_SUDECAP,4,0),IF(G1422=\"COTAÇÃO\",VLOOKUP(F1422,DADOS_COTACAO,12,0),\"\")))))),2)","v":46.55},"BDI 1",{"$f":"TRUNC(J1422*(1+$N$17),2)","v":58.89},{"$f":"IFERROR(TRUNC(I1422*J1422,2),\"\")","v":363.09},{"$f":"IFERROR(TRUNC(L1422*I1422,2),\"\")","v":459.34}]
[2000]
[2000,null,null,null,"Banheiro Feminino",{"$f":"2.6+0.6","v":3.2},"m²"]
[2000,null,null,null,"Banheiro Feminino",3.2,"m²"]
[2000,null,null,null,"Refeitório",1.4,"m²"]
[2000,null,null,null,"Total",{"$f":"SUM(F1424:F1426)","v":7.8000000000000007},"m²"]
[2000]
[{"$f":"IFERROR(LEFT(D1429,SEARCH(\".\",D1429)-1),\"\")","v":"14"},{"$f":"IFERROR(LEFT(RIGHT(D1429,LEN(D1429)-SEARCH(\".\",D1429)),SEARCH(\".\",RIGHT(D1429,LEN(D1429)-SEARCH(\".\",D1429)))-1),\"\")","v":""},{"$f":"IFERROR(IF(LEN(D1429)-LEN(SUBSTITUTE(D1429,\".\",\"\"))<>3,\"\",MID(D1429,SEARCH(\".\",D1429,SEARCH(\".\",D1429)+1)+1,LEN(D1429)-SEARCH(\".\",D1429,SEARCH(\".\",D1429)+1)-(LEN(D1429)-(SEARCH(\".\",D1429,SEARCH(\".\",D1429,SEARCH(\".\",D1429)+1)+1)-1)))),\"\")","v":""},"14.15",{"$f":"IF($G1429=\"SINAPI\",VLOOKUP($F1429,DADOS_SINAPI,2,0),IF(G1429=\"SETOP\",VLOOKUP($F1429,DADOS_SETOP,2,0),IF(G1429=\"CPU\",VLOOKUP($F1429,DADOS_COMPOSICAO,2,0),IF(G1429=\"SICRO\",VLOOKUP($F1429,DADOS_SICRO,2,0),IF(G1429=\"SUDECAP\",VLOOKUP(F1429,DADOS_SUDECAP,2,0),IF(G1429=\"COTAÇÃO\",VLOOKUP($F1429,DADOS_COTACAO,2,0),\"\"))))))","v":"BANCADA EM AÇO INOX COM RODABANCA"},"DAC-14.1","CPU",{"$f":"IF(G1429=\"SINAPI\",VLOOKUP($F1429,DADOS_SINAPI,3,0),IF(G1429=\"SETOP\",VLOOKUP($F1429,DADOS_SETOP,3,0),IF(G1429=\"CPU\",VLOOKUP($F1429,DADOS_COMPOSICAO,10,0),IF(G1429=\"SICRO\",VLOOKUP($F1429,DADOS_SICRO,3,0),IF(G1429=\"SUDECAP\",VLOOKUP(F1429,DADOS_SUDECAP,3,0),IF(G1429=\"COTAÇÃO\",VLOOKUP($F1429,DADOS_COTACAO,9,0),\"\"))))))","v":"M2"},{"$f":"F1433","v":9.2999999999999989},{"$f":"TRUNC(IF(G1429=\"SINAPI\",VLOOKUP($F1429,DADOS_SINAPI,4,0),IF(G1429=\"SETOP\",VLOOKUP($F1429,DADOS_SETOP,4,0),IF(G1429=\"CPU\",VLOOKUP($F1429,DADOS_COMPOSICAO,13,0),IF(G1429=\"SICRO\",VLOOKUP($F1429,DADOS_SICRO,4,0),IF(G1429=\"SUDECAP\",VLOOKUP(F1429,DADOS_SUDECAP,4,0),IF(G1429=\"COTAÇÃO\",VLOOKUP(F1429,DADOS_COTACAO,12,0),\"\")))))),2)","v":2091.4499999999998},"BDI 1",{"$f":"TRUNC(J1429*(1+$N$17),2)","v":2646.1},{"$f":"IFERROR(TRUNC(I1429*J1429,2),\"\")","v":19450.48},{"$f":"IFERROR(TRUNC(L1429*I1429,2),\"\")","v":24608.73}]
[2000]
[2000,null,null,null,"Cozinha",{"$f":"3+2.75+2.35","v":8.1},"m²"]
[2000,null,null,null,"Triagem",1.2,"m²"]
[2000,null,null,null,"Quantidade",{"$f":"SUM(F1431:F1432)","v":9.2999999999999989},"m²"]
[2000]
[{"$f":"IFERROR(LEFT(D1435,SEARCH(\".\",D1435)-1),\"\")","v":"14"},{"$f":"IFERROR(LEFT(RIGHT(D1435,LEN(D1435)-SEARCH(\".\",D1435)),SEARCH(\".\",RIGHT(D1435,LEN(D1435)-SEARCH(\".\",D1435)))-1),\"\")","v":""},{"$f":"IFERROR(IF(LEN(D1435)-LEN(SUBSTITUTE(D1435,\".\",\"\"))<>3,\"\",MID(D1435,SEARCH(\".\",D1435,SEARCH(\".\",D1435)+1)+1,LEN(D1435)-SEARCH(\".\",D1435,SEARCH(\".\",D1435)+1)-(LEN(D1435)-(SEARCH(\".\",D1435,SEARCH(\".\",D1435,SEARCH(\".\",D1435)+1)+1)-1)))),\"\")","v":""},"14.16",{"$f":"IF($G1435=\"SINAPI\",VLOOKUP($F1435,DADOS_SINAPI,2,0),IF(G1435=\"SETOP\",VLOOKUP($F1435,DADOS_SETOP,2,0),IF(G1435=\"CPU\",VLOOKUP($F1435,DADOS_COMPOSICAO,2,0),IF(G1435=\"SICRO\",VLOOKUP($F1435,DADOS_SICRO,2,0),IF(G1435=\"SUDECAP\",VLOOKUP(F1435,DADOS_SUDECAP,2,0),IF(G1435=\"COTAÇÃO\",VLOOKUP($F1435,DADOS_COTACAO,2,0),\"\"))))))","v":"CUBA DE EMBUTIR OVAL EM LOUÇA BRANCA, 35 X 50CM OU EQUIVALENTE, INCLUSO VÁLVULA E SIFÃO TIPO GARRAFA EM METAL CROMADO - FORNECIMENTO E INSTALAÇÃO. AF_01/2020"},86938,"SINAPI",{"$f":"IF(G1435=\"SINAPI\",VLOOKUP($F1435,DADOS_SINAPI,3,0),IF(G1435=\"SETOP\",VLOOKUP($F1435,DADOS_SETOP,3,0),IF(G1435=\"CPU\",VLOOKUP($F1435,DADOS_COMPOSICAO,10,0),IF(G1435=\"SICRO\",VLOOKUP($F1435,DADOS_SICRO,3,0),IF(G1435=\"SUDECAP\",VLOOKUP(F1435,DADOS_SUDECAP,3,0),IF(G1435=\"COTAÇÃO\",VLOOKUP($F1435,DADOS_COTACAO,9,0),\"\"))))))","v":"UN"},{"$f":"F1437","v":10},{"$f":"TRUNC(IF(G1435=\"SINAPI\",VLOOKUP($F1435,DADOS_SINAPI,4,0),IF(G1435=\"SETOP\",VLOOKUP($F1435,DADOS_SETOP,4,0),IF(G1435=\"CPU\",VLOOKUP($F1435,DADOS_COMPOSICAO,13,0),IF(G1435=\"SICRO\",VLOOKUP($F1435,DADOS_SICRO,4,0),IF(G1435=\"SUDECAP\",VLOOKUP(F1435,DADOS_SUDECAP,4,0),IF(G1435=\"COTAÇÃO\",VLOOKUP(F1435,DADOS_COTACAO,12,0),\"\")))))),2)","v":484.96},"BDI 1",{"$f":"TRUNC(J1435*(1+$N$17),2)","v":613.57000000000005},{"$f":"IFERROR(TRUNC(I1435*J1435,2),\"\")","v":4849.6000000000004},{"$f":"IFERROR(TRUNC(L1435*I1435,2),\"\")","v":6135.7}]
[2000]
[2000,null,null,null,"Quantidade",10,"un"]
[2000]
[{"$f":"IFERROR(LEFT(D1439,SEARCH(\".\",D1439)-1),\"\")","v":"14"},{"$f":"IFERROR(LEFT(RIGHT(D1439,LEN(D1439)-SEARCH(\".\",D1439)),SEARCH(\".\",RIGHT(D1439,LEN(D1439)-SEARCH(\".\",D1439)))-1),\"\")","v":""},{"$f":"IFERROR(IF(LEN(D1439)-LEN(SUBSTITUTE(D1439,\".\",\"\"))<>3,\"\",MID(D1439,SEARCH(\".\",D1439,SEARCH(\".\",D1439)+1)+1,LEN(D1439)-SEARCH(\".\",D1439,SEARCH(\".\",D1439)+1)-(LEN(D1439)-(SEARCH(\".\",D1439,SEARCH(\".\",D1439,SEARCH(\".\",D1439)+1)+1)-1)))),\"\")","v":""},"14.17",{"$f":"IF($G1439=\"SINAPI\",VLOOKUP($F1439,DADOS_SINAPI,2,0),IF(G1439=\"SETOP\",VLOOKUP($F1439,DADOS_SETOP,2,0),IF(G1439=\"CPU\",VLOOKUP($F1439,DADOS_COMPOSICAO,2,0),IF(G1439=\"SICRO\",VLOOKUP($F1439,DADOS_SICRO,2,0),IF(G1439=\"SUDECAP\",VLOOKUP(F1439,DADOS_SUDECAP,2,0),IF(G1439=\"COTAÇÃO\",VLOOKUP($F1439,DADOS_COTACAO,2,0),\"\"))))))","v":"DISTRIBUIDOR/DISPENSER PARA ÁLCOOL EM GEL OU SABONETE LÍQUIDO, EM PLÁSTICO, CAPACIDADE RESERVATÓRIO 1500ML, INCLUSIVE ACESSÓRIOS PARA FIXAÇÃO"},"ED-48189","SETOP",{"$f":"IF(G1439=\"SINAPI\",VLOOKUP($F1439,DADOS_SINAPI,3,0),IF(G1439=\"SETOP\",VLOOKUP($F1439,DADOS_SETOP,3,0),IF(G1439=\"CPU\",VLOOKUP($F1439,DADOS_COMPOSICAO,10,0),IF(G1439=\"SICRO\",VLOOKUP($F1439,DADOS_SICRO,3,0),IF(G1439=\"SUDECAP\",VLOOKUP(F1439,DADOS_SUDECAP,3,0),IF(G1439=\"COTAÇÃO\",VLOOKUP($F1439,DADOS_COTACAO,9,0),\"\"))))))","v":"un"},{"$f":"F1441","v":8},{"$f":"TRUNC(IF(G1439=\"SINAPI\",VLOOKUP($F1439,DADOS_SINAPI,4,0),IF(G1439=\"SETOP\",VLOOKUP($F1439,DADOS_SETOP,4,0),IF(G1439=\"CPU\",VLOOKUP($F1439,DADOS_COMPOSICAO,13,0),IF(G1439=\"SICRO\",VLOOKUP($F1439,DADOS_SICRO,4,0),IF(G1439=\"SUDECAP\",VLOOKUP(F1439,DADOS_SUDECAP,4,0),IF(G1439=\"COTAÇÃO\",VLOOKUP(F1439,DADOS_COTACAO,12,0),\"\")))))),2)","v":94.07},"BDI 1",{"$f":"TRUNC(J1439*(1+$N$17),2)","v":119.01},{"$f":"IFERROR(TRUNC(I1439*J1439,2),\"\")","v":752.56},{"$f":"IFERROR(TRUNC(L1439*I1439,2),\"\")","v":952.08}]
[2000]
[2000,null,null,null,"Quantidade",{"$f":"2+6","v":8},"un"]
[2000]
[{"$f":"IFERROR(LEFT(D1443,SEARCH(\".\",D1443)-1),\"\")","v":"14"},{"$f":"IFERROR(LEFT(RIGHT(D1443,LEN(D1443)-SEARCH(\".\",D1443)),SEARCH(\".\",RIGHT(D1443,LEN(D1443)-SEARCH(\".\",D1443)))-1),\"\")","v":""},{"$f":"IFERROR(IF(LEN(D1443)-LEN(SUBSTITUTE(D1443,\".\",\"\"))<>3,\"\",MID(D1443,SEARCH(\".\",D1443,SEARCH(\".\",D1443)+1)+1,LEN(D1443)-SEARCH(\".\",D1443,SEARCH(\".\",D1443)+1)-(LEN(D1443)-(SEARCH(\".\",D1443,SEARCH(\".\",D1443,SEARCH(\".\",D1443)+1)+1)-1)))),\"\")","v":""},"14.18",{"$f":"IF($G1443=\"SINAPI\",VLOOKUP($F1443,DADOS_SINAPI,2,0),IF(G1443=\"SETOP\",VLOOKUP($F1443,DADOS_SETOP,2,0),IF(G1443=\"CPU\",VLOOKUP($F1443,DADOS_COMPOSICAO,2,0),IF(G1443=\"SICRO\",VLOOKUP($F1443,DADOS_SICRO,2,0),IF(G1443=\"SUDECAP\",VLOOKUP(F1443,DADOS_SUDECAP,2,0),IF(G1443=\"COTAÇÃO\",VLOOKUP($F1443,DADOS_COTACAO,2,0),\"\"))))))","v":"DISTRIBUIDOR/DISPENSER PARA PORTA PAPEL TOALHA PARA INTERFOLHAS DE DUAS (2) OU TRÊS (3) DOBRAS, EM PLÁSTICO, INCLUSIVE ACESSÓRIOS PARA FIXAÇÃO"},"ED-48182","SETOP",{"$f":"IF(G1443=\"SINAPI\",VLOOKUP($F1443,DADOS_SINAPI,3,0),IF(G1443=\"SETOP\",VLOOKUP($F1443,DADOS_SETOP,3,0),IF(G1443=\"CPU\",VLOOKUP($F1443,DADOS_COMPOSICAO,10,0),IF(G1443=\"SICRO\",VLOOKUP($F1443,DADOS_SICRO,3,0),IF(G1443=\"SUDECAP\",VLOOKUP(F1443,DADOS_SUDECAP,3,0),IF(G1443=\"COTAÇÃO\",VLOOKUP($F1443,DADOS_COTACAO,9,0),\"\"))))))","v":"un"},{"$f":"F1445","v":6},{"$f":"TRUNC(IF(G1443=\"SINAPI\",VLOOKUP($F1443,DADOS_SINAPI,4,0),IF(G1443=\"SETOP\",VLOOKUP($F1443,DADOS_SETOP,4,0),IF(G1443=\"CPU\",VLOOKUP($F1443,DADOS_COMPOSICAO,13,0),IF(G1443=\"SICRO\",VLOOKUP($F1443,DADOS_SICRO,4,0),IF(G1443=\"SUDECAP\",VLOOKUP(F1443,DADOS_SUDECAP,4,0),IF(G1443=\"COTAÇÃO\",VLOOKUP(F1443,DADOS_COTACAO,12,0),\"\")))))),2)","v":70.09},"BDI 1",{"$f":"TRUNC(J1443*(1+$N$17),2)","v":88.67},{"$f":"IFERROR(TRUNC(I1443*J1443,2),\"\")","v":420.54},{"$f":"IFERROR(TRUNC(L1443*I1443,2),\"\")","v":532.02}]
[2000]
[2000,null,null,null,"Quantidade",{"$f":"2+4","v":6},"un"]
[2000]
[{"$f":"IFERROR(LEFT(D1447,SEARCH(\".\",D1447)-1),\"\")","v":"14"},{"$f":"IFERROR(LEFT(RIGHT(D1447,LEN(D1447)-SEARCH(\".\",D1447)),SEARCH(\".\",RIGHT(D1447,LEN(D1447)-SEARCH(\".\",D1447)))-1),\"\")","v":""},{"$f":"IFERROR(IF(LEN(D1447)-LEN(SUBSTITUTE(D1447,\".\",\"\"))<>3,\"\",MID(D1447,SEARCH(\".\",D1447,SEARCH(\".\",D1447)+1)+1,LEN(D1447)-SEARCH(\".\",D1447,SEARCH(\".\",D1447)+1)-(LEN(D1447)-(SEARCH(\".\",D1447,SEARCH(\".\",D1447,SEARCH(\".\",D1447)+1)+1)-1)))),\"\")","v":""},"14.19",{"$f":"IF($G1447=\"SINAPI\",VLOOKUP($F1447,DADOS_SINAPI,2,0),IF(G1447=\"SETOP\",VLOOKUP($F1447,DADOS_SETOP,2,0),IF(G1447=\"CPU\",VLOOKUP($F1447,DADOS_COMPOSICAO,2,0),IF(G1447=\"SICRO\",VLOOKUP($F1447,DADOS_SICRO,2,0),IF(G1447=\"SUDECAP\",VLOOKUP(F1447,DADOS_SUDECAP,2,0),IF(G1447=\"COTAÇÃO\",VLOOKUP($F1447,DADOS_COTACAO,2,0),\"\"))))))","v":"COIFA INDUSTRIAL PARA FOGÃO - FORNECIMENTO E INSTALAÇÃO"},"COT-EQUI-001","COTAÇÃO",{"$f":"IF(G1447=\"SINAPI\",VLOOKUP($F1447,DADOS_SINAPI,3,0),IF(G1447=\"SETOP\",VLOOKUP($F1447,DADOS_SETOP,3,0),IF(G1447=\"CPU\",VLOOKUP($F1447,DADOS_COMPOSICAO,10,0),IF(G1447=\"SICRO\",VLOOKUP($F1447,DADOS_SICRO,3,0),IF(G1447=\"SUDECAP\",VLOOKUP(F1447,DADOS_SUDECAP,3,0),IF(G1447=\"COTAÇÃO\",VLOOKUP($F1447,DADOS_COTACAO,9,0),\"\"))))))","v":"UN "},{"$f":"F1449","v":1},{"$f":"TRUNC(IF(G1447=\"SINAPI\",VLOOKUP($F1447,DADOS_SINAPI,4,0),IF(G1447=\"SETOP\",VLOOKUP($F1447,DADOS_SETOP,4,0),IF(G1447=\"CPU\",VLOOKUP($F1447,DADOS_COMPOSICAO,13,0),IF(G1447=\"SICRO\",VLOOKUP($F1447,DADOS_SICRO,4,0),IF(G1447=\"SUDECAP\",VLOOKUP(F1447,DADOS_SUDECAP,4,0),IF(G1447=\"COTAÇÃO\",VLOOKUP(F1447,DADOS_COTACAO,12,0),\"\")))))),2)","v":5222.5},"BDI 1",{"$f":"TRUNC(J1447*(1+$N$17),2)","v":6607.5},{"$f":"IFERROR(TRUNC(I1447*J1447,2),\"\")","v":5222.5},{"$f":"IFERROR(TRUNC(L1447*I1447,2),\"\")","v":6607.5}]
[2000]
[2000,null,null,null,"Quantidade",1,"un"]
[2000]
[{"$f":"IFERROR(LEFT(D1451,SEARCH(\".\",D1451)-1),\"\")","v":"14"},{"$f":"IFERROR(LEFT(RIGHT(D1451,LEN(D1451)-SEARCH(\".\",D1451)),SEARCH(\".\",RIGHT(D1451,LEN(D1451)-SEARCH(\".\",D1451)))-1),\"\")","v":""},{"$f":"IFERROR(IF(LEN(D1451)-LEN(SUBSTITUTE(D1451,\".\",\"\"))<>3,\"\",MID(D1451,SEARCH(\".\",D1451,SEARCH(\".\",D1451)+1)+1,LEN(D1451)-SEARCH(\".\",D1451,SEARCH(\".\",D1451)+1)-(LEN(D1451)-(SEARCH(\".\",D1451,SEARCH(\".\",D1451,SEARCH(\".\",D1451)+1)+1)-1)))),\"\")","v":""},"14.20",{"$f":"IF($G1451=\"SINAPI\",VLOOKUP($F1451,DADOS_SINAPI,2,0),IF(G1451=\"SETOP\",VLOOKUP($F1451,DADOS_SETOP,2,0),IF(G1451=\"CPU\",VLOOKUP($F1451,DADOS_COMPOSICAO,2,0),IF(G1451=\"SICRO\",VLOOKUP($F1451,DADOS_SICRO,2,0),IF(G1451=\"SUDECAP\",VLOOKUP(F1451,DADOS_SUDECAP,2,0),IF(G1451=\"COTAÇÃO\",VLOOKUP($F1451,DADOS_COTACAO,2,0),\"\"))))))","v":"DISTRIBUIDOR/DISPENSER PARA PAPEL HIGIÊNICO EM PLÁSTICO, TIPO SOBREPOR, INCLUSIVE ACESSÓRIOS DE FIXAÇÃO"},"ED-48183","SETOP",{"$f":"IF(G1451=\"SINAPI\",VLOOKUP($F1451,DADOS_SINAPI,3,0),IF(G1451=\"SETOP\",VLOOKUP($F1451,DADOS_SETOP,3,0),IF(G1451=\"CPU\",VLOOKUP($F1451,DADOS_COMPOSICAO,10,0),IF(G1451=\"SICRO\",VLOOKUP($F1451,DADOS_SICRO,3,0),IF(G1451=\"SUDECAP\",VLOOKUP(F1451,DADOS_SUDECAP,3,0),IF(G1451=\"COTAÇÃO\",VLOOKUP($F1451,DADOS_COTACAO,9,0),\"\"))))))","v":"un"},{"$f":"F1453","v":11},{"$f":"TRUNC(IF(G1451=\"SINAPI\",VLOOKUP($F1451,DADOS_SINAPI,4,0),IF(G1451=\"SETOP\",VLOOKUP($F1451,DADOS_SETOP,4,0),IF(G1451=\"CPU\",VLOOKUP($F1451,DADOS_COMPOSICAO,13,0),IF(G1451=\"SICRO\",VLOOKUP($F1451,DADOS_SICRO,4,0),IF(G1451=\"SUDECAP\",VLOOKUP(F1451,DADOS_SUDECAP,4,0),IF(G1451=\"COTAÇÃO\",VLOOKUP(F1451,DADOS_COTACAO,12,0),\"\")))))),2)","v":60.13},"BDI 1",{"$f":"TRUNC(J1451*(1+$N$17),2)","v":76.069999999999993},{"$f":"IFERROR(TRUNC(I1451*J1451,2),\"\")","v":661.43},{"$f":"IFERROR(TRUNC(L1451*I1451,2),\"\")","v":836.77}]
[2000]
[2000,null,null,null,"Quantidade ",11,"un"]
[]
[{"$f":"IFERROR(LEFT(D1455,SEARCH(\".\",D1455)-1),\"\")","v":"14"},{"$f":"IFERROR(LEFT(RIGHT(D1455,LEN(D1455)-SEARCH(\".\",D1455)),SEARCH(\".\",RIGHT(D1455,LEN(D1455)-SEARCH(\".\",D1455)))-1),\"\")","v":""},{"$f":"IFERROR(IF(LEN(D1455)-LEN(SUBSTITUTE(D1455,\".\",\"\"))<>3,\"\",MID(D1455,SEARCH(\".\",D1455,SEARCH(\".\",D1455)+1)+1,LEN(D1455)-SEARCH(\".\",D1455,SEARCH(\".\",D1455)+1)-(LEN(D1455)-(SEARCH(\".\",D1455,SEARCH(\".\",D1455,SEARCH(\".\",D1455)+1)+1)-1)))),\"\")","v":""},"14.21",{"$f":"IF($G1455=\"SINAPI\",VLOOKUP($F1455,DADOS_SINAPI,2,0),IF(G1455=\"SETOP\",VLOOKUP($F1455,DADOS_SETOP,2,0),IF(G1455=\"CPU\",VLOOKUP($F1455,DADOS_COMPOSICAO,2,0),IF(G1455=\"SICRO\",VLOOKUP($F1455,DADOS_SICRO,2,0),IF(G1455=\"SUDECAP\",VLOOKUP(F1455,DADOS_SUDECAP,2,0),IF(G1455=\"COTAÇÃO\",VLOOKUP($F1455,DADOS_COTACAO,2,0),\"\"))))))","v":"TANQUE DE LOUÇA BRANCA COM COLUNA, 30L OU EQUIVALENTE - FORNECIMENTO E INSTALAÇÃO. AF_01/2020"},86872,"SINAPI",{"$f":"IF(G1455=\"SINAPI\",VLOOKUP($F1455,DADOS_SINAPI,3,0),IF(G1455=\"SETOP\",VLOOKUP($F1455,DADOS_SETOP,3,0),IF(G1455=\"CPU\",VLOOKUP($F1455,DADOS_COMPOSICAO,10,0),IF(G1455=\"SICRO\",VLOOKUP($F1455,DADOS_SICRO,3,0),IF(G1455=\"SUDECAP\",VLOOKUP(F1455,DADOS_SUDECAP,3,0),IF(G1455=\"COTAÇÃO\",VLOOKUP($F1455,DADOS_COTACAO,9,0),\"\"))))))","v":"UN"},{"$f":"F1457","v":1},{"$f":"TRUNC(IF(G1455=\"SINAPI\",VLOOKUP($F1455,DADOS_SINAPI,4,0),IF(G1455=\"SETOP\",VLOOKUP($F1455,DADOS_SETOP,4,0),IF(G1455=\"CPU\",VLOOKUP($F1455,DADOS_COMPOSICAO,13,0),IF(G1455=\"SICRO\",VLOOKUP($F1455,DADOS_SICRO,4,0),IF(G1455=\"SUDECAP\",VLOOKUP(F1455,DADOS_SUDECAP,4,0),IF(G1455=\"COTAÇÃO\",VLOOKUP(F1455,DADOS_COTACAO,12,0),\"\")))))),2)","v":737.98},"BDI 1",{"$f":"TRUNC(J1455*(1+$N$17),2)","v":933.69},{"$f":"IFERROR(TRUNC(I1455*J1455,2),\"\")","v":737.98},{"$f":"IFERROR(TRUNC(L1455*I1455,2),\"\")","v":933.69}]
[2000]
[2000,null,null,null,"Quantidade ",1,"un"]
[2000]
[{"$f":"IFERROR(LEFT(D1459,SEARCH(\".\",D1459)-1),\"\")","v":"14"},{"$f":"IFERROR(LEFT(RIGHT(D1459,LEN(D1459)-SEARCH(\".\",D1459)),SEARCH(\".\",RIGHT(D1459,LEN(D1459)-SEARCH(\".\",D1459)))-1),\"\")","v":""},{"$f":"IFERROR(IF(LEN(D1459)-LEN(SUBSTITUTE(D1459,\".\",\"\"))<>3,\"\",MID(D1459,SEARCH(\".\",D1459,SEARCH(\".\",D1459)+1)+1,LEN(D1459)-SEARCH(\".\",D1459,SEARCH(\".\",D1459)+1)-(LEN(D1459)-(SEARCH(\".\",D1459,SEARCH(\".\",D1459,SEARCH(\".\",D1459)+1)+1)-1)))),\"\")","v":""},"14.22",{"$f":"IF($G1459=\"SINAPI\",VLOOKUP($F1459,DADOS_SINAPI,2,0),IF(G1459=\"SETOP\",VLOOKUP($F1459,DADOS_SETOP,2,0),IF(G1459=\"CPU\",VLOOKUP($F1459,DADOS_COMPOSICAO,2,0),IF(G1459=\"SICRO\",VLOOKUP($F1459,DADOS_SICRO,2,0),IF(G1459=\"SUDECAP\",VLOOKUP(F1459,DADOS_SUDECAP,2,0),IF(G1459=\"COTAÇÃO\",VLOOKUP($F1459,DADOS_COTACAO,2,0),\"\"))))))","v":"ASSENTO SANITÁRIO CONVENCIONAL - FORNECIMENTO E INSTALACAO. AF_01/2020"},100849,"SINAPI",{"$f":"IF(G1459=\"SINAPI\",VLOOKUP($F1459,DADOS_SINAPI,3,0),IF(G1459=\"SETOP\",VLOOKUP($F1459,DADOS_SETOP,3,0),IF(G1459=\"CPU\",VLOOKUP($F1459,DADOS_COMPOSICAO,10,0),IF(G1459=\"SICRO\",VLOOKUP($F1459,DADOS_SICRO,3,0),IF(G1459=\"SUDECAP\",VLOOKUP(F1459,DADOS_SUDECAP,3,0),IF(G1459=\"COTAÇÃO\",VLOOKUP($F1459,DADOS_COTACAO,9,0),\"\"))))))","v":"UN"},{"$f":"F1461","v":11},{"$f":"TRUNC(IF(G1459=\"SINAPI\",VLOOKUP($F1459,DADOS_SINAPI,4,0),IF(G1459=\"SETOP\",VLOOKUP($F1459,DADOS_SETOP,4,0),IF(G1459=\"CPU\",VLOOKUP($F1459,DADOS_COMPOSICAO,13,0),IF(G1459=\"SICRO\",VLOOKUP($F1459,DADOS_SICRO,4,0),IF(G1459=\"SUDECAP\",VLOOKUP(F1459,DADOS_SUDECAP,4,0),IF(G1459=\"COTAÇÃO\",VLOOKUP(F1459,DADOS_COTACAO,12,0),\"\")))))),2)","v":42.19},"BDI 1",{"$f":"TRUNC(J1459*(1+$N$17),2)","v":53.37},{"$f":"IFERROR(TRUNC(I1459*J1459,2),\"\")","v":464.09},{"$f":"IFERROR(TRUNC(L1459*I1459,2),\"\")","v":587.07000000000005}]
[2000]
[2000,null,null,null,"Quantidade ",11,"un"]
[2000]
[{"$f":"IFERROR(LEFT(D1463,SEARCH(\".\",D1463)-1),\"\")","v":"14"},{"$f":"IFERROR(LEFT(RIGHT(D1463,LEN(D1463)-SEARCH(\".\",D1463)),SEARCH(\".\",RIGHT(D1463,LEN(D1463)-SEARCH(\".\",D1463)))-1),\"\")","v":""},{"$f":"IFERROR(IF(LEN(D1463)-LEN(SUBSTITUTE(D1463,\".\",\"\"))<>3,\"\",MID(D1463,SEARCH(\".\",D1463,SEARCH(\".\",D1463)+1)+1,LEN(D1463)-SEARCH(\".\",D1463,SEARCH(\".\",D1463)+1)-(LEN(D1463)-(SEARCH(\".\",D1463,SEARCH(\".\",D1463,SEARCH(\".\",D1463)+1)+1)-1)))),\"\")","v":""},"14.23",{"$f":"IF($G1463=\"SINAPI\",VLOOKUP($F1463,DADOS_SINAPI,2,0),IF(G1463=\"SETOP\",VLOOKUP($F1463,DADOS_SETOP,2,0),IF(G1463=\"CPU\",VLOOKUP($F1463,DADOS_COMPOSICAO,2,0),IF(G1463=\"SICRO\",VLOOKUP($F1463,DADOS_SICRO,2,0),IF(G1463=\"SUDECAP\",VLOOKUP(F1463,DADOS_SUDECAP,2,0),IF(G1463=\"COTAÇÃO\",VLOOKUP($F1463,DADOS_COTACAO,2,0),\"\"))))))","v":"SÓCULO COM ENCHIMENTO EM TIJOLOS MACIÇOS, ALTURA DE 10CM À 12CM, INCLUSIVE ACABAMENTO EM REVESTIMENTO DE ARGAMASSA, ESP. 20MM, COM APLICAÇÃO MANUAL"},"ED-50621","SETOP",{"$f":"IF(G1463=\"SINAPI\",VLOOKUP($F1463,DADOS_SINAPI,3,0),IF(G1463=\"SETOP\",VLOOKUP($F1463,DADOS_SETOP,3,0),IF(G1463=\"CPU\",VLOOKUP($F1463,DADOS_COMPOSICAO,10,0),IF(G1463=\"SICRO\",VLOOKUP($F1463,DADOS_SICRO,3,0),IF(G1463=\"SUDECAP\",VLOOKUP(F1463,DADOS_SUDECAP,3,0),IF(G1463=\"COTAÇÃO\",VLOOKUP($F1463,DADOS_COTACAO,9,0),\"\"))))))","v":"m2"},{"$f":"F1465","v":3},{"$f":"TRUNC(IF(G1463=\"SINAPI\",VLOOKUP($F1463,DADOS_SINAPI,4,0),IF(G1463=\"SETOP\",VLOOKUP($F1463,DADOS_SETOP,4,0),IF(G1463=\"CPU\",VLOOKUP($F1463,DADOS_COMPOSICAO,13,0),IF(G1463=\"SICRO\",VLOOKUP($F1463,DADOS_SICRO,4,0),IF(G1463=\"SUDECAP\",VLOOKUP(F1463,DADOS_SUDECAP,4,0),IF(G1463=\"COTAÇÃO\",VLOOKUP(F1463,DADOS_COTACAO,12,0),\"\")))))),2)","v":132.44},"BDI 1",{"$f":"TRUNC(J1463*(1+$N$17),2)","v":167.56},{"$f":"IFERROR(TRUNC(I1463*J1463,2),\"\")","v":397.32},{"$f":"IFERROR(TRUNC(L1463*I1463,2),\"\")","v":502.68}]
[2000]
[2000,null,null,null,"Quantidade ",3,"un"]
[2000]
[{"$f":"IFERROR(LEFT(D1467,SEARCH(\".\",D1467)-1),\"\")","v":"14"},{"$f":"IFERROR(LEFT(RIGHT(D1467,LEN(D1467)-SEARCH(\".\",D1467)),SEARCH(\".\",RIGHT(D1467,LEN(D1467)-SEARCH(\".\",D1467)))-1),\"\")","v":""},{"$f":"IFERROR(IF(LEN(D1467)-LEN(SUBSTITUTE(D1467,\".\",\"\"))<>3,\"\",MID(D1467,SEARCH(\".\",D1467,SEARCH(\".\",D1467)+1)+1,LEN(D1467)-SEARCH(\".\",D1467,SEARCH(\".\",D1467)+1)-(LEN(D1467)-(SEARCH(\".\",D1467,SEARCH(\".\",D1467,SEARCH(\".\",D1467)+1)+1)-1)))),\"\")","v":""},"14.24",{"$f":"IF($G1467=\"SINAPI\",VLOOKUP($F1467,DADOS_SINAPI,2,0),IF(G1467=\"SETOP\",VLOOKUP($F1467,DADOS_SETOP,2,0),IF(G1467=\"CPU\",VLOOKUP($F1467,DADOS_COMPOSICAO,2,0),IF(G1467=\"SICRO\",VLOOKUP($F1467,DADOS_SICRO,2,0),IF(G1467=\"SUDECAP\",VLOOKUP(F1467,DADOS_SUDECAP,2,0),IF(G1467=\"COTAÇÃO\",VLOOKUP($F1467,DADOS_COTACAO,2,0),\"\"))))))","v":"BEBEDOURO INDUSTRIAL 50L"},"10.47.07","SUDECAP",{"$f":"IF(G1467=\"SINAPI\",VLOOKUP($F1467,DADOS_SINAPI,3,0),IF(G1467=\"SETOP\",VLOOKUP($F1467,DADOS_SETOP,3,0),IF(G1467=\"CPU\",VLOOKUP($F1467,DADOS_COMPOSICAO,10,0),IF(G1467=\"SICRO\",VLOOKUP($F1467,DADOS_SICRO,3,0),IF(G1467=\"SUDECAP\",VLOOKUP(F1467,DADOS_SUDECAP,3,0),IF(G1467=\"COTAÇÃO\",VLOOKUP($F1467,DADOS_COTACAO,9,0),\"\"))))))","v":"UN"},{"$f":"F1469","v":1},{"$f":"TRUNC(IF(G1467=\"SINAPI\",VLOOKUP($F1467,DADOS_SINAPI,4,0),IF(G1467=\"SETOP\",VLOOKUP($F1467,DADOS_SETOP,4,0),IF(G1467=\"CPU\",VLOOKUP($F1467,DADOS_COMPOSICAO,13,0),IF(G1467=\"SICRO\",VLOOKUP($F1467,DADOS_SICRO,4,0),IF(G1467=\"SUDECAP\",VLOOKUP(F1467,DADOS_SUDECAP,4,0),IF(G1467=\"COTAÇÃO\",VLOOKUP(F1467,DADOS_COTACAO,12,0),\"\")))))),2)","v":1575.46},"BDI 1",{"$f":"TRUNC(J1467*(1+$N$17),2)","v":1993.27},{"$f":"IFERROR(TRUNC(I1467*J1467,2),\"\")","v":1575.46},{"$f":"IFERROR(TRUNC(L1467*I1467,2),\"\")","v":1993.27}]
[2000]
[2000,null,null,null,"Quantidade ",1,"un"]
[2000]
[1000,null,null,15,"DRENAGEM PLUVIAL",null,null,null,null,null,null,null,{"$f":"SUMIF(A:A,D1471,M:M)","v":92532.37000000001},{"$f":"SUMIF(A:A,D1471,N:N)","v":117070.24}]
[null,null,null,"15.1","CALHA METÁLICA E ACESSÓRIOS ",null,null,null,null,null,null,null,{"$f":"IFERROR(SUMIFS(M:M,A:A,LEFT(D1472,SEARCH(\".\",D1472)-1),B:B,RIGHT(D1472,LEN(D1472)-SEARCH(\".\",D1472))),\"\")","v":23052.58},{"$f":"IFERROR(SUMIFS(N:N,A:A,LEFT(D1472,SEARCH(\".\",D1472)-1),B:B,RIGHT(D1472,LEN(D1472)-SEARCH(\".\",D1472))),\"\")","v":29165.5}]
[{"$f":"IFERROR(LEFT(D1473,SEARCH(\".\",D1473)-1),\"\")","v":"15"},{"$f":"IFERROR(LEFT(RIGHT(D1473,LEN(D1473)-SEARCH(\".\",D1473)),SEARCH(\".\",RIGHT(D1473,LEN(D1473)-SEARCH(\".\",D1473)))-1),\"\")","v":"1"},{"$f":"IFERROR(IF(LEN(D1473)-LEN(SUBSTITUTE(D1473,\".\",\"\"))<>3,\"\",MID(D1473,SEARCH(\".\",D1473,SEARCH(\".\",D1473)+1)+1,LEN(D1473)-SEARCH(\".\",D1473,SEARCH(\".\",D1473)+1)-(LEN(D1473)-(SEARCH(\".\",D1473,SEARCH(\".\",D1473,SEARCH(\".\",D1473)+1)+1)-1)))),\"\")","v":""},"15.1.1",{"$f":"IF($G1473=\"SINAPI\",VLOOKUP($F1473,DADOS_SINAPI,2,0),IF(G1473=\"SETOP\",VLOOKUP($F1473,DADOS_SETOP,2,0),IF(G1473=\"CPU\",VLOOKUP($F1473,DADOS_COMPOSICAO,2,0),IF(G1473=\"SICRO\",VLOOKUP($F1473,DADOS_SICRO,2,0),IF(G1473=\"SUDECAP\",VLOOKUP(F1473,DADOS_SUDECAP,2,0),IF(G1473=\"COTAÇÃO\",VLOOKUP($F1473,DADOS_COTACAO,2,0),\"\"))))))","v":"CALHA EM CHAPA DE AÇO GALVANIZADO NÚMERO 24, DESENVOLVIMENTO DE 100 CM, INCLUSO TRANSPORTE VERTICAL. AF_07/2019"},94229,"SINAPI",{"$f":"IF(G1473=\"SINAPI\",VLOOKUP($F1473,DADOS_SINAPI,3,0),IF(G1473=\"SETOP\",VLOOKUP($F1473,DADOS_SETOP,3,0),IF(G1473=\"CPU\",VLOOKUP($F1473,DADOS_COMPOSICAO,10,0),IF(G1473=\"SICRO\",VLOOKUP($F1473,DADOS_SICRO,3,0),IF(G1473=\"SUDECAP\",VLOOKUP(F1473,DADOS_SUDECAP,3,0),IF(G1473=\"COTAÇÃO\",VLOOKUP($F1473,DADOS_COTACAO,9,0),\"\"))))))","v":"M"},{"$f":"F1475","v":115.16},{"$f":"TRUNC(IF(G1473=\"SINAPI\",VLOOKUP($F1473,DADOS_SINAPI,4,0),IF(G1473=\"SETOP\",VLOOKUP($F1473,DADOS_SETOP,4,0),IF(G1473=\"CPU\",VLOOKUP($F1473,DADOS_COMPOSICAO,13,0),IF(G1473=\"SICRO\",VLOOKUP($F1473,DADOS_SICRO,4,0),IF(G1473=\"SUDECAP\",VLOOKUP(F1473,DADOS_SUDECAP,4,0),IF(G1473=\"COTAÇÃO\",VLOOKUP(F1473,DADOS_COTACAO,12,0),\"\")))))),2)","v":195.87},"BDI 1",{"$f":"TRUNC(J1473*(1+$N$17),2)","v":247.81},{"$f":"IFERROR(TRUNC(I1473*J1473,2),\"\")","v":22556.38},28537.8]
[2000]
[2000,null,null,null,"Quantidade",{"$f":"17.3+97.86","v":115.16},"m"]
[2000]
[{"$f":"IFERROR(LEFT(D1477,SEARCH(\".\",D1477)-1),\"\")","v":"15"},{"$f":"IFERROR(LEFT(RIGHT(D1477,LEN(D1477)-SEARCH(\".\",D1477)),SEARCH(\".\",RIGHT(D1477,LEN(D1477)-SEARCH(\".\",D1477)))-1),\"\")","v":"1"},{"$f":"IFERROR(IF(LEN(D1477)-LEN(SUBSTITUTE(D1477,\".\",\"\"))<>3,\"\",MID(D1477,SEARCH(\".\",D1477,SEARCH(\".\",D1477)+1)+1,LEN(D1477)-SEARCH(\".\",D1477,SEARCH(\".\",D1477)+1)-(LEN(D1477)-(SEARCH(\".\",D1477,SEARCH(\".\",D1477,SEARCH(\".\",D1477)+1)+1)-1)))),\"\")","v":""},"15.1.2",{"$f":"IF($G1477=\"SINAPI\",VLOOKUP($F1477,DADOS_SINAPI,2,0),IF(G1477=\"SETOP\",VLOOKUP($F1477,DADOS_SETOP,2,0),IF(G1477=\"CPU\",VLOOKUP($F1477,DADOS_COMPOSICAO,2,0),IF(G1477=\"SICRO\",VLOOKUP($F1477,DADOS_SICRO,2,0),IF(G1477=\"SUDECAP\",VLOOKUP(F1477,DADOS_SUDECAP,2,0),IF(G1477=\"COTAÇÃO\",VLOOKUP($F1477,DADOS_COTACAO,2,0),\"\"))))))","v":"RALO HEMISFÉRICO, TIPO ABACAXI, DIÂMETRO DE 100MM, EXCLUSIVE CONDUTOR DE ÁGUA PLUVIAL"},"ED-49962","SETOP",{"$f":"IF(G1477=\"SINAPI\",VLOOKUP($F1477,DADOS_SINAPI,3,0),IF(G1477=\"SETOP\",VLOOKUP($F1477,DADOS_SETOP,3,0),IF(G1477=\"CPU\",VLOOKUP($F1477,DADOS_COMPOSICAO,10,0),IF(G1477=\"SICRO\",VLOOKUP($F1477,DADOS_SICRO,3,0),IF(G1477=\"SUDECAP\",VLOOKUP(F1477,DADOS_SUDECAP,3,0),IF(G1477=\"COTAÇÃO\",VLOOKUP($F1477,DADOS_COTACAO,9,0),\"\"))))))","v":"un"},{"$f":"F1479","v":10},{"$f":"TRUNC(IF(G1477=\"SINAPI\",VLOOKUP($F1477,DADOS_SINAPI,4,0),IF(G1477=\"SETOP\",VLOOKUP($F1477,DADOS_SETOP,4,0),IF(G1477=\"CPU\",VLOOKUP($F1477,DADOS_COMPOSICAO,13,0),IF(G1477=\"SICRO\",VLOOKUP($F1477,DADOS_SICRO,4,0),IF(G1477=\"SUDECAP\",VLOOKUP(F1477,DADOS_SUDECAP,4,0),IF(G1477=\"COTAÇÃO\",VLOOKUP(F1477,DADOS_COTACAO,12,0),\"\")))))),2)","v":49.62},"BDI 1",{"$f":"TRUNC(J1477*(1+$N$17),2)","v":62.77},{"$f":"IFERROR(TRUNC(I1477*J1477,2),\"\")","v":496.2},{"$f":"IFERROR(TRUNC(L1477*I1477,2),\"\")","v":627.70000000000005}]
[2000]
[2000,null,null,null,"Quantidade ",10,{"$f":"H1477","v":"un"}]
[2000]
[null,null,null,"15.2","CAIXAS DE PASSAGEM",null,null,null,null,null,null,null,{"$f":"IFERROR(SUMIFS(M:M,A:A,LEFT(D1481,SEARCH(\".\",D1481)-1),B:B,RIGHT(D1481,LEN(D1481)-SEARCH(\".\",D1481))),\"\")","v":1130.8800000000001},{"$f":"IFERROR(SUMIFS(N:N,A:A,LEFT(D1481,SEARCH(\".\",D1481)-1),B:B,RIGHT(D1481,LEN(D1481)-SEARCH(\".\",D1481))),\"\")","v":1430.78}]
[{"$f":"IFERROR(LEFT(D1482,SEARCH(\".\",D1482)-1),\"\")","v":"15"},{"$f":"IFERROR(LEFT(RIGHT(D1482,LEN(D1482)-SEARCH(\".\",D1482)),SEARCH(\".\",RIGHT(D1482,LEN(D1482)-SEARCH(\".\",D1482)))-1),\"\")","v":"2"},{"$f":"IFERROR(IF(LEN(D1482)-LEN(SUBSTITUTE(D1482,\".\",\"\"))<>3,\"\",MID(D1482,SEARCH(\".\",D1482,SEARCH(\".\",D1482)+1)+1,LEN(D1482)-SEARCH(\".\",D1482,SEARCH(\".\",D1482)+1)-(LEN(D1482)-(SEARCH(\".\",D1482,SEARCH(\".\",D1482,SEARCH(\".\",D1482)+1)+1)-1)))),\"\")","v":""},"15.2.1",{"$f":"IF($G1482=\"SINAPI\",VLOOKUP($F1482,DADOS_SINAPI,2,0),IF(G1482=\"SETOP\",VLOOKUP($F1482,DADOS_SETOP,2,0),IF(G1482=\"CPU\",VLOOKUP($F1482,DADOS_COMPOSICAO,2,0),IF(G1482=\"SICRO\",VLOOKUP($F1482,DADOS_SICRO,2,0),IF(G1482=\"SUDECAP\",VLOOKUP(F1482,DADOS_SUDECAP,2,0),IF(G1482=\"COTAÇÃO\",VLOOKUP($F1482,DADOS_COTACAO,2,0),\"\"))))))","v":"CAIXA DE ESGOTO DE INSPEÇÃO/PASSAGEM EM ALVENARIA (60X60X60CM), REVESTIMENTO EM ARGAMASSA COM ADITIVO IMPERMEABILIZANTE, COM TAMPA DE CONCRETO, INCLUSIVE ESCAVAÇÃO, REATERRO E TRANSPORTE COM RETIRADA DO MATERIAL ESCAVADO (EM CAÇAMBA)"},"ED-49883","SETOP",{"$f":"IF(G1482=\"SINAPI\",VLOOKUP($F1482,DADOS_SINAPI,3,0),IF(G1482=\"SETOP\",VLOOKUP($F1482,DADOS_SETOP,3,0),IF(G1482=\"CPU\",VLOOKUP($F1482,DADOS_COMPOSICAO,10,0),IF(G1482=\"SICRO\",VLOOKUP($F1482,DADOS_SICRO,3,0),IF(G1482=\"SUDECAP\",VLOOKUP(F1482,DADOS_SUDECAP,3,0),IF(G1482=\"COTAÇÃO\",VLOOKUP($F1482,DADOS_COTACAO,9,0),\"\"))))))","v":"un"},{"$f":"F1484","v":2},{"$f":"TRUNC(IF(G1482=\"SINAPI\",VLOOKUP($F1482,DADOS_SINAPI,4,0),IF(G1482=\"SETOP\",VLOOKUP($F1482,DADOS_SETOP,4,0),IF(G1482=\"CPU\",VLOOKUP($F1482,DADOS_COMPOSICAO,13,0),IF(G1482=\"SICRO\",VLOOKUP($F1482,DADOS_SICRO,4,0),IF(G1482=\"SUDECAP\",VLOOKUP(F1482,DADOS_SUDECAP,4,0),IF(G1482=\"COTAÇÃO\",VLOOKUP(F1482,DADOS_COTACAO,12,0),\"\")))))),2)","v":565.44000000000005},"BDI 1",{"$f":"TRUNC(J1482*(1+$N$17),2)","v":715.39},{"$f":"IFERROR(TRUNC(I1482*J1482,2),\"\")","v":1130.8800000000001},{"$f":"IFERROR(TRUNC(L1482*I1482,2),\"\")","v":1430.78}]
[2000]
[2000,null,null,null,"Quantidade",{"$f":"2","v":2},"un"]
[2000]
[null,null,null,"15.3","PVC SERIE R",null,null,null,null,null,null,null,{"$f":"IFERROR(SUMIFS(M:M,A:A,LEFT(D1486,SEARCH(\".\",D1486)-1),B:B,RIGHT(D1486,LEN(D1486)-SEARCH(\".\",D1486))),\"\")","v":2971.27},{"$f":"IFERROR(SUMIFS(N:N,A:A,LEFT(D1486,SEARCH(\".\",D1486)-1),B:B,RIGHT(D1486,LEN(D1486)-SEARCH(\".\",D1486))),\"\")","v":3759.04}]
[{"$f":"IFERROR(LEFT(D1487,SEARCH(\".\",D1487)-1),\"\")","v":"15"},{"$f":"IFERROR(LEFT(RIGHT(D1487,LEN(D1487)-SEARCH(\".\",D1487)),SEARCH(\".\",RIGHT(D1487,LEN(D1487)-SEARCH(\".\",D1487)))-1),\"\")","v":"3"},{"$f":"IFERROR(IF(LEN(D1487)-LEN(SUBSTITUTE(D1487,\".\",\"\"))<>3,\"\",MID(D1487,SEARCH(\".\",D1487,SEARCH(\".\",D1487)+1)+1,LEN(D1487)-SEARCH(\".\",D1487,SEARCH(\".\",D1487)+1)-(LEN(D1487)-(SEARCH(\".\",D1487,SEARCH(\".\",D1487,SEARCH(\".\",D1487)+1)+1)-1)))),\"\")","v":""},"15.3.2",{"$f":"IF($G1487=\"SINAPI\",VLOOKUP($F1487,DADOS_SINAPI,2,0),IF(G1487=\"SETOP\",VLOOKUP($F1487,DADOS_SETOP,2,0),IF(G1487=\"CPU\",VLOOKUP($F1487,DADOS_COMPOSICAO,2,0),IF(G1487=\"SICRO\",VLOOKUP($F1487,DADOS_SICRO,2,0),IF(G1487=\"SUDECAP\",VLOOKUP(F1487,DADOS_SUDECAP,2,0),IF(G1487=\"COTAÇÃO\",VLOOKUP($F1487,DADOS_COTACAO,2,0),\"\"))))))","v":"TUBO PVC, SÉRIE R, ÁGUA PLUVIAL, DN 100 MM, FORNECIDO E INSTALADO EM CONDUTORES VERTICAIS DE ÁGUAS PLUVIAIS. AF_06/2022"},89578,"SINAPI",{"$f":"IF(G1487=\"SINAPI\",VLOOKUP($F1487,DADOS_SINAPI,3,0),IF(G1487=\"SETOP\",VLOOKUP($F1487,DADOS_SETOP,3,0),IF(G1487=\"CPU\",VLOOKUP($F1487,DADOS_COMPOSICAO,10,0),IF(G1487=\"SICRO\",VLOOKUP($F1487,DADOS_SICRO,3,0),IF(G1487=\"SUDECAP\",VLOOKUP(F1487,DADOS_SUDECAP,3,0),IF(G1487=\"COTAÇÃO\",VLOOKUP($F1487,DADOS_COTACAO,9,0),\"\"))))))","v":"M"},{"$f":"F1489","v":51.41},{"$f":"TRUNC(IF(G1487=\"SINAPI\",VLOOKUP($F1487,DADOS_SINAPI,4,0),IF(G1487=\"SETOP\",VLOOKUP($F1487,DADOS_SETOP,4,0),IF(G1487=\"CPU\",VLOOKUP($F1487,DADOS_COMPOSICAO,13,0),IF(G1487=\"SICRO\",VLOOKUP($F1487,DADOS_SICRO,4,0),IF(G1487=\"SUDECAP\",VLOOKUP(F1487,DADOS_SUDECAP,4,0),IF(G1487=\"COTAÇÃO\",VLOOKUP(F1487,DADOS_COTACAO,12,0),\"\")))))),2)","v":32.82},"BDI 1",{"$f":"TRUNC(J1487*(1+$N$17),2)","v":41.52},{"$f":"IFERROR(TRUNC(I1487*J1487,2),\"\")","v":1687.27},{"$f":"IFERROR(TRUNC(L1487*I1487,2),\"\")","v":2134.54}]
[2000]
[2000,null,null,null,"Quantidade",51.41,"m"]
[2000]
[{"$f":"IFERROR(LEFT(D1491,SEARCH(\".\",D1491)-1),\"\")","v":"15"},{"$f":"IFERROR(LEFT(RIGHT(D1491,LEN(D1491)-SEARCH(\".\",D1491)),SEARCH(\".\",RIGHT(D1491,LEN(D1491)-SEARCH(\".\",D1491)))-1),\"\")","v":"3"},{"$f":"IFERROR(IF(LEN(D1491)-LEN(SUBSTITUTE(D1491,\".\",\"\"))<>3,\"\",MID(D1491,SEARCH(\".\",D1491,SEARCH(\".\",D1491)+1)+1,LEN(D1491)-SEARCH(\".\",D1491,SEARCH(\".\",D1491)+1)-(LEN(D1491)-(SEARCH(\".\",D1491,SEARCH(\".\",D1491,SEARCH(\".\",D1491)+1)+1)-1)))),\"\")","v":""},"15.3.4",{"$f":"IF($G1491=\"SINAPI\",VLOOKUP($F1491,DADOS_SINAPI,2,0),IF(G1491=\"SETOP\",VLOOKUP($F1491,DADOS_SETOP,2,0),IF(G1491=\"CPU\",VLOOKUP($F1491,DADOS_COMPOSICAO,2,0),IF(G1491=\"SICRO\",VLOOKUP($F1491,DADOS_SICRO,2,0),IF(G1491=\"SUDECAP\",VLOOKUP(F1491,DADOS_SUDECAP,2,0),IF(G1491=\"COTAÇÃO\",VLOOKUP($F1491,DADOS_COTACAO,2,0),\"\"))))))","v":"JOELHO 90 GRAUS, PVC, SERIE R, ÁGUA PLUVIAL, DN 100 MM, JUNTA ELÁSTICA, FORNECIDO E INSTALADO EM CONDUTORES VERTICAIS DE ÁGUAS PLUVIAIS. AF_06/2022"},89584,"SINAPI",{"$f":"IF(G1491=\"SINAPI\",VLOOKUP($F1491,DADOS_SINAPI,3,0),IF(G1491=\"SETOP\",VLOOKUP($F1491,DADOS_SETOP,3,0),IF(G1491=\"CPU\",VLOOKUP($F1491,DADOS_COMPOSICAO,10,0),IF(G1491=\"SICRO\",VLOOKUP($F1491,DADOS_SICRO,3,0),IF(G1491=\"SUDECAP\",VLOOKUP(F1491,DADOS_SUDECAP,3,0),IF(G1491=\"COTAÇÃO\",VLOOKUP($F1491,DADOS_COTACAO,9,0),\"\"))))))","v":"UN"},{"$f":"F1493","v":30},{"$f":"TRUNC(IF(G1491=\"SINAPI\",VLOOKUP($F1491,DADOS_SINAPI,4,0),IF(G1491=\"SETOP\",VLOOKUP($F1491,DADOS_SETOP,4,0),IF(G1491=\"CPU\",VLOOKUP($F1491,DADOS_COMPOSICAO,13,0),IF(G1491=\"SICRO\",VLOOKUP($F1491,DADOS_SICRO,4,0),IF(G1491=\"SUDECAP\",VLOOKUP(F1491,DADOS_SUDECAP,4,0),IF(G1491=\"COTAÇÃO\",VLOOKUP(F1491,DADOS_COTACAO,12,0),\"\")))))),2)","v":42.8},"BDI 1",{"$f":"TRUNC(J1491*(1+$N$17),2)","v":54.15},{"$f":"IFERROR(TRUNC(I1491*J1491,2),\"\")","v":1284},{"$f":"IFERROR(TRUNC(L1491*I1491,2),\"\")","v":1624.5}]
[2000]
[2000,null,null,null,"Quantidade ",{"$f":"24+6","v":30},"un"]
[2000]
[null,null,null,"15.4","CANALETAS",null,null,null,null,null,null,null,{"$f":"IFERROR(SUMIFS(M:M,A:A,LEFT(D1495,SEARCH(\".\",D1495)-1),B:B,RIGHT(D1495,LEN(D1495)-SEARCH(\".\",D1495))),\"\")","v":60571.74},{"$f":"IFERROR(SUMIFS(N:N,A:A,LEFT(D1495,SEARCH(\".\",D1495)-1),B:B,RIGHT(D1495,LEN(D1495)-SEARCH(\".\",D1495))),\"\")","v":76634.8}]
[{"$f":"IFERROR(LEFT(D1496,SEARCH(\".\",D1496)-1),\"\")","v":"15"},{"$f":"IFERROR(LEFT(RIGHT(D1496,LEN(D1496)-SEARCH(\".\",D1496)),SEARCH(\".\",RIGHT(D1496,LEN(D1496)-SEARCH(\".\",D1496)))-1),\"\")","v":"4"},{"$f":"IFERROR(IF(LEN(D1496)-LEN(SUBSTITUTE(D1496,\".\",\"\"))<>3,\"\",MID(D1496,SEARCH(\".\",D1496,SEARCH(\".\",D1496)+1)+1,LEN(D1496)-SEARCH(\".\",D1496,SEARCH(\".\",D1496)+1)-(LEN(D1496)-(SEARCH(\".\",D1496,SEARCH(\".\",D1496,SEARCH(\".\",D1496)+1)+1)-1)))),\"\")","v":""},"15.4.1",{"$f":"IF($G1496=\"SINAPI\",VLOOKUP($F1496,DADOS_SINAPI,2,0),IF(G1496=\"SETOP\",VLOOKUP($F1496,DADOS_SETOP,2,0),IF(G1496=\"CPU\",VLOOKUP($F1496,DADOS_COMPOSICAO,2,0),IF(G1496=\"SICRO\",VLOOKUP($F1496,DADOS_SICRO,2,0),IF(G1496=\"SUDECAP\",VLOOKUP(F1496,DADOS_SUDECAP,2,0),IF(G1496=\"COTAÇÃO\",VLOOKUP($F1496,DADOS_COTACAO,2,0),\"\"))))))","v":"CANALETA DE CONCRETO ARMADO 0,20 X 0,20M - INCLUSIVE GRELHA EM FERRO FUNDIDO"},"DAC-15.1","CPU",{"$f":"IF(G1496=\"SINAPI\",VLOOKUP($F1496,DADOS_SINAPI,3,0),IF(G1496=\"SETOP\",VLOOKUP($F1496,DADOS_SETOP,3,0),IF(G1496=\"CPU\",VLOOKUP($F1496,DADOS_COMPOSICAO,10,0),IF(G1496=\"SICRO\",VLOOKUP($F1496,DADOS_SICRO,3,0),IF(G1496=\"SUDECAP\",VLOOKUP(F1496,DADOS_SUDECAP,3,0),IF(G1496=\"COTAÇÃO\",VLOOKUP($F1496,DADOS_COTACAO,9,0),\"\"))))))","v":"M"},{"$f":"F1498","v":56.2},{"$f":"TRUNC(IF(G1496=\"SINAPI\",VLOOKUP($F1496,DADOS_SINAPI,4,0),IF(G1496=\"SETOP\",VLOOKUP($F1496,DADOS_SETOP,4,0),IF(G1496=\"CPU\",VLOOKUP($F1496,DADOS_COMPOSICAO,13,0),IF(G1496=\"SICRO\",VLOOKUP($F1496,DADOS_SICRO,4,0),IF(G1496=\"SUDECAP\",VLOOKUP(F1496,DADOS_SUDECAP,4,0),IF(G1496=\"COTAÇÃO\",VLOOKUP(F1496,DADOS_COTACAO,12,0),\"\")))))),2)","v":307.33999999999997},"BDI 1",{"$f":"TRUNC(J1496*(1+$N$17),2)","v":388.84},{"$f":"IFERROR(TRUNC(I1496*J1496,2),\"\")","v":17272.5},21852.81]
[2000]
[2000,null,null,null,"Quantidade",56.2,"m"]
[2000]
[{"$f":"IFERROR(LEFT(D1500,SEARCH(\".\",D1500)-1),\"\")","v":"15"},{"$f":"IFERROR(LEFT(RIGHT(D1500,LEN(D1500)-SEARCH(\".\",D1500)),SEARCH(\".\",RIGHT(D1500,LEN(D1500)-SEARCH(\".\",D1500)))-1),\"\")","v":"4"},{"$f":"IFERROR(IF(LEN(D1500)-LEN(SUBSTITUTE(D1500,\".\",\"\"))<>3,\"\",MID(D1500,SEARCH(\".\",D1500,SEARCH(\".\",D1500)+1)+1,LEN(D1500)-SEARCH(\".\",D1500,SEARCH(\".\",D1500)+1)-(LEN(D1500)-(SEARCH(\".\",D1500,SEARCH(\".\",D1500,SEARCH(\".\",D1500)+1)+1)-1)))),\"\")","v":""},"15.4.1",{"$f":"IF($G1500=\"SINAPI\",VLOOKUP($F1500,DADOS_SINAPI,2,0),IF(G1500=\"SETOP\",VLOOKUP($F1500,DADOS_SETOP,2,0),IF(G1500=\"CPU\",VLOOKUP($F1500,DADOS_COMPOSICAO,2,0),IF(G1500=\"SICRO\",VLOOKUP($F1500,DADOS_SICRO,2,0),IF(G1500=\"SUDECAP\",VLOOKUP(F1500,DADOS_SUDECAP,2,0),IF(G1500=\"COTAÇÃO\",VLOOKUP($F1500,DADOS_COTACAO,2,0),\"\"))))))","v":"CANALETA DE CONCRETO ARMADO 0,30 X 0,20M - INCLUSIVE GRELHA EM FERRO FUNDIDO"},"DAC-15.2","CPU",{"$f":"IF(G1500=\"SINAPI\",VLOOKUP($F1500,DADOS_SINAPI,3,0),IF(G1500=\"SETOP\",VLOOKUP($F1500,DADOS_SETOP,3,0),IF(G1500=\"CPU\",VLOOKUP($F1500,DADOS_COMPOSICAO,10,0),IF(G1500=\"SICRO\",VLOOKUP($F1500,DADOS_SICRO,3,0),IF(G1500=\"SUDECAP\",VLOOKUP(F1500,DADOS_SUDECAP,3,0),IF(G1500=\"COTAÇÃO\",VLOOKUP($F1500,DADOS_COTACAO,9,0),\"\"))))))","v":"M"},{"$f":"F1502","v":97.04},{"$f":"TRUNC(IF(G1500=\"SINAPI\",VLOOKUP($F1500,DADOS_SINAPI,4,0),IF(G1500=\"SETOP\",VLOOKUP($F1500,DADOS_SETOP,4,0),IF(G1500=\"CPU\",VLOOKUP($F1500,DADOS_COMPOSICAO,13,0),IF(G1500=\"SICRO\",VLOOKUP($F1500,DADOS_SICRO,4,0),IF(G1500=\"SUDECAP\",VLOOKUP(F1500,DADOS_SUDECAP,4,0),IF(G1500=\"COTAÇÃO\",VLOOKUP(F1500,DADOS_COTACAO,12,0),\"\")))))),2)","v":446.2},"BDI 1",{"$f":"TRUNC(J1500*(1+$N$17),2)","v":564.53},{"$f":"IFERROR(TRUNC(I1500*J1500,2),\"\")","v":43299.24},{"$f":"IFERROR(TRUNC(L1500*I1500,2),\"\")","v":54781.99}]
[2000]
[2000,null,null,null,"Quantidade",97.04,"m"]
[2000]
[null,null,null,"15.5","ESCAVAÇÃO",null,null,null,null,null,null,null,{"$f":"IFERROR(SUMIFS(M:M,A:A,LEFT(D1504,SEARCH(\".\",D1504)-1),B:B,RIGHT(D1504,LEN(D1504)-SEARCH(\".\",D1504))),\"\")","v":4805.8999999999996},{"$f":"IFERROR(SUMIFS(N:N,A:A,LEFT(D1504,SEARCH(\".\",D1504)-1),B:B,RIGHT(D1504,LEN(D1504)-SEARCH(\".\",D1504))),\"\")","v":6080.12}]
[{"$f":"IFERROR(LEFT(D1505,SEARCH(\".\",D1505)-1),\"\")","v":"15"},{"$f":"IFERROR(LEFT(RIGHT(D1505,LEN(D1505)-SEARCH(\".\",D1505)),SEARCH(\".\",RIGHT(D1505,LEN(D1505)-SEARCH(\".\",D1505)))-1),\"\")","v":"5"},{"$f":"IFERROR(IF(LEN(D1505)-LEN(SUBSTITUTE(D1505,\".\",\"\"))<>3,\"\",MID(D1505,SEARCH(\".\",D1505,SEARCH(\".\",D1505)+1)+1,LEN(D1505)-SEARCH(\".\",D1505,SEARCH(\".\",D1505)+1)-(LEN(D1505)-(SEARCH(\".\",D1505,SEARCH(\".\",D1505,SEARCH(\".\",D1505)+1)+1)-1)))),\"\")","v":""},"15.5.1",{"$f":"IF($G1505=\"SINAPI\",VLOOKUP($F1505,DADOS_SINAPI,2,0),IF(G1505=\"SETOP\",VLOOKUP($F1505,DADOS_SETOP,2,0),IF(G1505=\"CPU\",VLOOKUP($F1505,DADOS_COMPOSICAO,2,0),IF(G1505=\"SICRO\",VLOOKUP($F1505,DADOS_SICRO,2,0),IF(G1505=\"SUDECAP\",VLOOKUP(F1505,DADOS_SUDECAP,2,0),IF(G1505=\"COTAÇÃO\",VLOOKUP($F1505,DADOS_COTACAO,2,0),\"\"))))))","v":"ESCAVAÇÃO MANUAL DE VALA. AF_09/2024"},93358,"SINAPI",{"$f":"IF(G1505=\"SINAPI\",VLOOKUP($F1505,DADOS_SINAPI,3,0),IF(G1505=\"SETOP\",VLOOKUP($F1505,DADOS_SETOP,3,0),IF(G1505=\"CPU\",VLOOKUP($F1505,DADOS_COMPOSICAO,10,0),IF(G1505=\"SICRO\",VLOOKUP($F1505,DADOS_SICRO,3,0),IF(G1505=\"SUDECAP\",VLOOKUP(F1505,DADOS_SUDECAP,3,0),IF(G1505=\"COTAÇÃO\",VLOOKUP($F1505,DADOS_COTACAO,9,0),\"\"))))))","v":"M3"},{"$f":"F1507","v":37.4},{"$f":"TRUNC(IF(G1505=\"SINAPI\",VLOOKUP($F1505,DADOS_SINAPI,4,0),IF(G1505=\"SETOP\",VLOOKUP($F1505,DADOS_SETOP,4,0),IF(G1505=\"CPU\",VLOOKUP($F1505,DADOS_COMPOSICAO,13,0),IF(G1505=\"SICRO\",VLOOKUP($F1505,DADOS_SICRO,4,0),IF(G1505=\"SUDECAP\",VLOOKUP(F1505,DADOS_SUDECAP,4,0),IF(G1505=\"COTAÇÃO\",VLOOKUP(F1505,DADOS_COTACAO,12,0),\"\")))))),2)","v":82.75},"BDI 1",{"$f":"TRUNC(J1505*(1+$N$17),2)","v":104.69},{"$f":"IFERROR(TRUNC(I1505*J1505,2),\"\")","v":3094.85},3915.41]
[2000]
[2000,null,null,null,"Quantidade",37.4,"m³"]
[2000]
[{"$f":"IFERROR(LEFT(D1509,SEARCH(\".\",D1509)-1),\"\")","v":"15"},{"$f":"IFERROR(LEFT(RIGHT(D1509,LEN(D1509)-SEARCH(\".\",D1509)),SEARCH(\".\",RIGHT(D1509,LEN(D1509)-SEARCH(\".\",D1509)))-1),\"\")","v":"5"},{"$f":"IFERROR(IF(LEN(D1509)-LEN(SUBSTITUTE(D1509,\".\",\"\"))<>3,\"\",MID(D1509,SEARCH(\".\",D1509,SEARCH(\".\",D1509)+1)+1,LEN(D1509)-SEARCH(\".\",D1509,SEARCH(\".\",D1509)+1)-(LEN(D1509)-(SEARCH(\".\",D1509,SEARCH(\".\",D1509,SEARCH(\".\",D1509)+1)+1)-1)))),\"\")","v":""},"15.5.2",{"$f":"IF($G1509=\"SINAPI\",VLOOKUP($F1509,DADOS_SINAPI,2,0),IF(G1509=\"SETOP\",VLOOKUP($F1509,DADOS_SETOP,2,0),IF(G1509=\"CPU\",VLOOKUP($F1509,DADOS_COMPOSICAO,2,0),IF(G1509=\"SICRO\",VLOOKUP($F1509,DADOS_SICRO,2,0),IF(G1509=\"SUDECAP\",VLOOKUP(F1509,DADOS_SUDECAP,2,0),IF(G1509=\"COTAÇÃO\",VLOOKUP($F1509,DADOS_COTACAO,2,0),\"\"))))))","v":"REATERRO MANUAL DE VALA, INCLUSIVE ESPALHAMENTO E COMPACTAÇÃO MECANIZADA COM PLACA VIBRATÓRIA"},"ED-51121","SETOP",{"$f":"IF(G1509=\"SINAPI\",VLOOKUP($F1509,DADOS_SINAPI,3,0),IF(G1509=\"SETOP\",VLOOKUP($F1509,DADOS_SETOP,3,0),IF(G1509=\"CPU\",VLOOKUP($F1509,DADOS_COMPOSICAO,10,0),IF(G1509=\"SICRO\",VLOOKUP($F1509,DADOS_SICRO,3,0),IF(G1509=\"SUDECAP\",VLOOKUP(F1509,DADOS_SUDECAP,3,0),IF(G1509=\"COTAÇÃO\",VLOOKUP($F1509,DADOS_COTACAO,9,0),\"\"))))))","v":"m3"},{"$f":"F1511","v":37.4},{"$f":"TRUNC(IF(G1509=\"SINAPI\",VLOOKUP($F1509,DADOS_SINAPI,4,0),IF(G1509=\"SETOP\",VLOOKUP($F1509,DADOS_SETOP,4,0),IF(G1509=\"CPU\",VLOOKUP($F1509,DADOS_COMPOSICAO,13,0),IF(G1509=\"SICRO\",VLOOKUP($F1509,DADOS_SICRO,4,0),IF(G1509=\"SUDECAP\",VLOOKUP(F1509,DADOS_SUDECAP,4,0),IF(G1509=\"COTAÇÃO\",VLOOKUP(F1509,DADOS_COTACAO,12,0),\"\")))))),2)","v":45.75},"BDI 1",{"$f":"TRUNC(J1509*(1+$N$17),2)","v":57.88},{"$f":"IFERROR(TRUNC(I1509*J1509,2),\"\")","v":1711.05},{"$f":"IFERROR(TRUNC(L1509*I1509,2),\"\")","v":2164.71}]
[2000]
[2000,null,null,null,"Quantidade",{"$f":"F1507","v":37.4},"m³"]
[2000]
[1000,null,null,16,"INSTALAÇÕES DE GÁS",null,null,null,null,null,null,null,{"$f":"SUMIF(A:A,D1513,M:M)","v":3420.4300000000003},{"$f":"SUMIF(A:A,D1513,N:N)","v":4326.9800000000005}]
[{"$f":"IFERROR(LEFT(D1514,SEARCH(\".\",D1514)-1),\"\")","v":"16"},{"$f":"IFERROR(LEFT(RIGHT(D1514,LEN(D1514)-SEARCH(\".\",D1514)),SEARCH(\".\",RIGHT(D1514,LEN(D1514)-SEARCH(\".\",D1514)))-1),\"\")","v":""},{"$f":"IFERROR(IF(LEN(D1514)-LEN(SUBSTITUTE(D1514,\".\",\"\"))<>3,\"\",MID(D1514,SEARCH(\".\",D1514,SEARCH(\".\",D1514)+1)+1,LEN(D1514)-SEARCH(\".\",D1514,SEARCH(\".\",D1514)+1)-(LEN(D1514)-(SEARCH(\".\",D1514,SEARCH(\".\",D1514,SEARCH(\".\",D1514)+1)+1)-1)))),\"\")","v":""},"16.1",{"$f":"IF($G1514=\"SINAPI\",VLOOKUP($F1514,DADOS_SINAPI,2,0),IF(G1514=\"SETOP\",VLOOKUP($F1514,DADOS_SETOP,2,0),IF(G1514=\"CPU\",VLOOKUP($F1514,DADOS_COMPOSICAO,2,0),IF(G1514=\"SICRO\",VLOOKUP($F1514,DADOS_SICRO,2,0),IF(G1514=\"SUDECAP\",VLOOKUP(F1514,DADOS_SUDECAP,2,0),IF(G1514=\"COTAÇÃO\",VLOOKUP($F1514,DADOS_COTACAO,2,0),\"\"))))))","v":"MANGUEIRA PLÁSTICA PARA GÁS D = 3/8\" X 1,50 M"},"ED-49821","SETOP",{"$f":"IF(G1514=\"SINAPI\",VLOOKUP($F1514,DADOS_SINAPI,3,0),IF(G1514=\"SETOP\",VLOOKUP($F1514,DADOS_SETOP,3,0),IF(G1514=\"CPU\",VLOOKUP($F1514,DADOS_COMPOSICAO,10,0),IF(G1514=\"SICRO\",VLOOKUP($F1514,DADOS_SICRO,3,0),IF(G1514=\"SUDECAP\",VLOOKUP(F1514,DADOS_SUDECAP,3,0),IF(G1514=\"COTAÇÃO\",VLOOKUP($F1514,DADOS_COTACAO,9,0),\"\"))))))","v":"U"},{"$f":"F1516","v":6},{"$f":"TRUNC(IF(G1514=\"SINAPI\",VLOOKUP($F1514,DADOS_SINAPI,4,0),IF(G1514=\"SETOP\",VLOOKUP($F1514,DADOS_SETOP,4,0),IF(G1514=\"CPU\",VLOOKUP($F1514,DADOS_COMPOSICAO,13,0),IF(G1514=\"SICRO\",VLOOKUP($F1514,DADOS_SICRO,4,0),IF(G1514=\"SUDECAP\",VLOOKUP(F1514,DADOS_SUDECAP,4,0),IF(G1514=\"COTAÇÃO\",VLOOKUP(F1514,DADOS_COTACAO,12,0),\"\")))))),2)","v":26.2},"BDI 1",{"$f":"TRUNC(J1514*(1+$N$17),2)","v":33.14},{"$f":"IFERROR(TRUNC(I1514*J1514,2),\"\")","v":157.19999999999999},{"$f":"IFERROR(TRUNC(L1514*I1514,2),\"\")","v":198.84}]
[2000]
[2000,null,null,null,"Quantidade",6,"un"]
[2000]
[{"$f":"IFERROR(LEFT(D1518,SEARCH(\".\",D1518)-1),\"\")","v":"16"},{"$f":"IFERROR(LEFT(RIGHT(D1518,LEN(D1518)-SEARCH(\".\",D1518)),SEARCH(\".\",RIGHT(D1518,LEN(D1518)-SEARCH(\".\",D1518)))-1),\"\")","v":""},{"$f":"IFERROR(IF(LEN(D1518)-LEN(SUBSTITUTE(D1518,\".\",\"\"))<>3,\"\",MID(D1518,SEARCH(\".\",D1518,SEARCH(\".\",D1518)+1)+1,LEN(D1518)-SEARCH(\".\",D1518,SEARCH(\".\",D1518)+1)-(LEN(D1518)-(SEARCH(\".\",D1518,SEARCH(\".\",D1518,SEARCH(\".\",D1518)+1)+1)-1)))),\"\")","v":""},"16.2",{"$f":"IF($G1518=\"SINAPI\",VLOOKUP($F1518,DADOS_SINAPI,2,0),IF(G1518=\"SETOP\",VLOOKUP($F1518,DADOS_SETOP,2,0),IF(G1518=\"CPU\",VLOOKUP($F1518,DADOS_COMPOSICAO,2,0),IF(G1518=\"SICRO\",VLOOKUP($F1518,DADOS_SICRO,2,0),IF(G1518=\"SUDECAP\",VLOOKUP(F1518,DADOS_SUDECAP,2,0),IF(G1518=\"COTAÇÃO\",VLOOKUP($F1518,DADOS_COTACAO,2,0),\"\"))))))","v":"REGISTRO OU REGULADOR DE GÁS DE COZINHA - FORNECIMENTO E INSTALAÇÃO. AF_08/2021"},103029,"SINAPI",{"$f":"IF(G1518=\"SINAPI\",VLOOKUP($F1518,DADOS_SINAPI,3,0),IF(G1518=\"SETOP\",VLOOKUP($F1518,DADOS_SETOP,3,0),IF(G1518=\"CPU\",VLOOKUP($F1518,DADOS_COMPOSICAO,10,0),IF(G1518=\"SICRO\",VLOOKUP($F1518,DADOS_SICRO,3,0),IF(G1518=\"SUDECAP\",VLOOKUP(F1518,DADOS_SUDECAP,3,0),IF(G1518=\"COTAÇÃO\",VLOOKUP($F1518,DADOS_COTACAO,9,0),\"\"))))))","v":"UN"},{"$f":"F1520","v":3},{"$f":"TRUNC(IF(G1518=\"SINAPI\",VLOOKUP($F1518,DADOS_SINAPI,4,0),IF(G1518=\"SETOP\",VLOOKUP($F1518,DADOS_SETOP,4,0),IF(G1518=\"CPU\",VLOOKUP($F1518,DADOS_COMPOSICAO,13,0),IF(G1518=\"SICRO\",VLOOKUP($F1518,DADOS_SICRO,4,0),IF(G1518=\"SUDECAP\",VLOOKUP(F1518,DADOS_SUDECAP,4,0),IF(G1518=\"COTAÇÃO\",VLOOKUP(F1518,DADOS_COTACAO,12,0),\"\")))))),2)","v":62.81},"BDI 1",{"$f":"TRUNC(J1518*(1+$N$17),2)","v":79.459999999999994},{"$f":"IFERROR(TRUNC(I1518*J1518,2),\"\")","v":188.43},{"$f":"IFERROR(TRUNC(L1518*I1518,2),\"\")","v":238.38}]
[2000]
[2000,null,null,null,"Quantidade",3,"un"]
[2000]
[{"$f":"IFERROR(LEFT(D1522,SEARCH(\".\",D1522)-1),\"\")","v":"16"},{"$f":"IFERROR(LEFT(RIGHT(D1522,LEN(D1522)-SEARCH(\".\",D1522)),SEARCH(\".\",RIGHT(D1522,LEN(D1522)-SEARCH(\".\",D1522)))-1),\"\")","v":""},{"$f":"IFERROR(IF(LEN(D1522)-LEN(SUBSTITUTE(D1522,\".\",\"\"))<>3,\"\",MID(D1522,SEARCH(\".\",D1522,SEARCH(\".\",D1522)+1)+1,LEN(D1522)-SEARCH(\".\",D1522,SEARCH(\".\",D1522)+1)-(LEN(D1522)-(SEARCH(\".\",D1522,SEARCH(\".\",D1522,SEARCH(\".\",D1522)+1)+1)-1)))),\"\")","v":""},"16.3",{"$f":"IF($G1522=\"SINAPI\",VLOOKUP($F1522,DADOS_SINAPI,2,0),IF(G1522=\"SETOP\",VLOOKUP($F1522,DADOS_SETOP,2,0),IF(G1522=\"CPU\",VLOOKUP($F1522,DADOS_COMPOSICAO,2,0),IF(G1522=\"SICRO\",VLOOKUP($F1522,DADOS_SICRO,2,0),IF(G1522=\"SUDECAP\",VLOOKUP(F1522,DADOS_SUDECAP,2,0),IF(G1522=\"COTAÇÃO\",VLOOKUP($F1522,DADOS_COTACAO,2,0),\"\"))))))","v":"TUBO DE AÇO GALVANIZADO COM COSTURA, CLASSE MÉDIA, CONEXÃO ROSQUEADA, DN 20 (3/4\"), INSTALADO EM RAMAIS E SUB-RAMAIS DE GÁS - FORNECIMENTO E INSTALAÇÃO. AF_10/2020"},92688,"SINAPI",{"$f":"IF(G1522=\"SINAPI\",VLOOKUP($F1522,DADOS_SINAPI,3,0),IF(G1522=\"SETOP\",VLOOKUP($F1522,DADOS_SETOP,3,0),IF(G1522=\"CPU\",VLOOKUP($F1522,DADOS_COMPOSICAO,10,0),IF(G1522=\"SICRO\",VLOOKUP($F1522,DADOS_SICRO,3,0),IF(G1522=\"SUDECAP\",VLOOKUP(F1522,DADOS_SUDECAP,3,0),IF(G1522=\"COTAÇÃO\",VLOOKUP($F1522,DADOS_COTACAO,9,0),\"\"))))))","v":"M"},{"$f":"F1524","v":44.527999999999999},{"$f":"TRUNC(IF(G1522=\"SINAPI\",VLOOKUP($F1522,DADOS_SINAPI,4,0),IF(G1522=\"SETOP\",VLOOKUP($F1522,DADOS_SETOP,4,0),IF(G1522=\"CPU\",VLOOKUP($F1522,DADOS_COMPOSICAO,13,0),IF(G1522=\"SICRO\",VLOOKUP($F1522,DADOS_SICRO,4,0),IF(G1522=\"SUDECAP\",VLOOKUP(F1522,DADOS_SUDECAP,4,0),IF(G1522=\"COTAÇÃO\",VLOOKUP(F1522,DADOS_COTACAO,12,0),\"\")))))),2)","v":43.06},"BDI 1",{"$f":"TRUNC(J1522*(1+$N$17),2)","v":54.47},{"$f":"IFERROR(TRUNC(I1522*J1522,2),\"\")","v":1917.37},2425.5500000000002]
[2000]
[2000,null,null,null,"Quantidade",{"$f":"(16.74+20.44+(1.1*3))+((10/100)*(16.74+20.44+(1.1*3)))","v":44.527999999999999},"m"]
[2000]
[{"$f":"IFERROR(LEFT(D1526,SEARCH(\".\",D1526)-1),\"\")","v":"16"},{"$f":"IFERROR(LEFT(RIGHT(D1526,LEN(D1526)-SEARCH(\".\",D1526)),SEARCH(\".\",RIGHT(D1526,LEN(D1526)-SEARCH(\".\",D1526)))-1),\"\")","v":""},{"$f":"IFERROR(IF(LEN(D1526)-LEN(SUBSTITUTE(D1526,\".\",\"\"))<>3,\"\",MID(D1526,SEARCH(\".\",D1526,SEARCH(\".\",D1526)+1)+1,LEN(D1526)-SEARCH(\".\",D1526,SEARCH(\".\",D1526)+1)-(LEN(D1526)-(SEARCH(\".\",D1526,SEARCH(\".\",D1526,SEARCH(\".\",D1526)+1)+1)-1)))),\"\")","v":""},"16.4",{"$f":"IF($G1526=\"SINAPI\",VLOOKUP($F1526,DADOS_SINAPI,2,0),IF(G1526=\"SETOP\",VLOOKUP($F1526,DADOS_SETOP,2,0),IF(G1526=\"CPU\",VLOOKUP($F1526,DADOS_COMPOSICAO,2,0),IF(G1526=\"SICRO\",VLOOKUP($F1526,DADOS_SICRO,2,0),IF(G1526=\"SUDECAP\",VLOOKUP(F1526,DADOS_SUDECAP,2,0),IF(G1526=\"COTAÇÃO\",VLOOKUP($F1526,DADOS_COTACAO,2,0),\"\"))))))","v":"NIPLE DE FERRO GALVANIZADO, COM ROSCA BSP, DE 1/2\""},4177,"SINAPI",{"$f":"IF(G1526=\"SINAPI\",VLOOKUP($F1526,DADOS_SINAPI,3,0),IF(G1526=\"SETOP\",VLOOKUP($F1526,DADOS_SETOP,3,0),IF(G1526=\"CPU\",VLOOKUP($F1526,DADOS_COMPOSICAO,10,0),IF(G1526=\"SICRO\",VLOOKUP($F1526,DADOS_SICRO,3,0),IF(G1526=\"SUDECAP\",VLOOKUP(F1526,DADOS_SUDECAP,3,0),IF(G1526=\"COTAÇÃO\",VLOOKUP($F1526,DADOS_COTACAO,9,0),\"\"))))))","v":"UN"},{"$f":"F1528","v":9},{"$f":"TRUNC(IF(G1526=\"SINAPI\",VLOOKUP($F1526,DADOS_SINAPI,4,0),IF(G1526=\"SETOP\",VLOOKUP($F1526,DADOS_SETOP,4,0),IF(G1526=\"CPU\",VLOOKUP($F1526,DADOS_COMPOSICAO,13,0),IF(G1526=\"SICRO\",VLOOKUP($F1526,DADOS_SICRO,4,0),IF(G1526=\"SUDECAP\",VLOOKUP(F1526,DADOS_SUDECAP,4,0),IF(G1526=\"COTAÇÃO\",VLOOKUP(F1526,DADOS_COTACAO,12,0),\"\")))))),2)","v":5.64},"BDI 1",{"$f":"TRUNC(J1526*(1+$N$17),2)","v":7.13},{"$f":"IFERROR(TRUNC(I1526*J1526,2),\"\")","v":50.76},{"$f":"IFERROR(TRUNC(L1526*I1526,2),\"\")","v":64.17}]
[2000]
[2000,null,null,null,"Quantidade",9,"un"]
[2000]
[{"$f":"IFERROR(LEFT(D1530,SEARCH(\".\",D1530)-1),\"\")","v":"16"},{"$f":"IFERROR(LEFT(RIGHT(D1530,LEN(D1530)-SEARCH(\".\",D1530)),SEARCH(\".\",RIGHT(D1530,LEN(D1530)-SEARCH(\".\",D1530)))-1),\"\")","v":""},{"$f":"IFERROR(IF(LEN(D1530)-LEN(SUBSTITUTE(D1530,\".\",\"\"))<>3,\"\",MID(D1530,SEARCH(\".\",D1530,SEARCH(\".\",D1530)+1)+1,LEN(D1530)-SEARCH(\".\",D1530,SEARCH(\".\",D1530)+1)-(LEN(D1530)-(SEARCH(\".\",D1530,SEARCH(\".\",D1530,SEARCH(\".\",D1530)+1)+1)-1)))),\"\")","v":""},"16.5",{"$f":"IF($G1530=\"SINAPI\",VLOOKUP($F1530,DADOS_SINAPI,2,0),IF(G1530=\"SETOP\",VLOOKUP($F1530,DADOS_SETOP,2,0),IF(G1530=\"CPU\",VLOOKUP($F1530,DADOS_COMPOSICAO,2,0),IF(G1530=\"SICRO\",VLOOKUP($F1530,DADOS_SICRO,2,0),IF(G1530=\"SUDECAP\",VLOOKUP(F1530,DADOS_SUDECAP,2,0),IF(G1530=\"COTAÇÃO\",VLOOKUP($F1530,DADOS_COTACAO,2,0),\"\"))))))","v":"INSTALAÇÃO DO NIPLE DE FERRO GALVANIZADO, COM ROSCA BSP, DE 1/2\""},"DAC-16.1","CPU",{"$f":"IF(G1530=\"SINAPI\",VLOOKUP($F1530,DADOS_SINAPI,3,0),IF(G1530=\"SETOP\",VLOOKUP($F1530,DADOS_SETOP,3,0),IF(G1530=\"CPU\",VLOOKUP($F1530,DADOS_COMPOSICAO,10,0),IF(G1530=\"SICRO\",VLOOKUP($F1530,DADOS_SICRO,3,0),IF(G1530=\"SUDECAP\",VLOOKUP(F1530,DADOS_SUDECAP,3,0),IF(G1530=\"COTAÇÃO\",VLOOKUP($F1530,DADOS_COTACAO,9,0),\"\"))))))","v":"UN    "},{"$f":"F1532","v":9},{"$f":"TRUNC(IF(G1530=\"SINAPI\",VLOOKUP($F1530,DADOS_SINAPI,4,0),IF(G1530=\"SETOP\",VLOOKUP($F1530,DADOS_SETOP,4,0),IF(G1530=\"CPU\",VLOOKUP($F1530,DADOS_COMPOSICAO,13,0),IF(G1530=\"SICRO\",VLOOKUP($F1530,DADOS_SICRO,4,0),IF(G1530=\"SUDECAP\",VLOOKUP(F1530,DADOS_SUDECAP,4,0),IF(G1530=\"COTAÇÃO\",VLOOKUP(F1530,DADOS_COTACAO,12,0),\"\")))))),2)","v":15.49},"BDI 1",{"$f":"TRUNC(J1530*(1+$N$17),2)","v":19.59},{"$f":"IFERROR(TRUNC(I1530*J1530,2),\"\")","v":139.41},{"$f":"IFERROR(TRUNC(L1530*I1530,2),\"\")","v":176.31}]
[2000]
[2000,null,null,null,"Quantidade",9,"un"]
[2000]
[{"$f":"IFERROR(LEFT(D1534,SEARCH(\".\",D1534)-1),\"\")","v":"16"},{"$f":"IFERROR(LEFT(RIGHT(D1534,LEN(D1534)-SEARCH(\".\",D1534)),SEARCH(\".\",RIGHT(D1534,LEN(D1534)-SEARCH(\".\",D1534)))-1),\"\")","v":""},{"$f":"IFERROR(IF(LEN(D1534)-LEN(SUBSTITUTE(D1534,\".\",\"\"))<>3,\"\",MID(D1534,SEARCH(\".\",D1534,SEARCH(\".\",D1534)+1)+1,LEN(D1534)-SEARCH(\".\",D1534,SEARCH(\".\",D1534)+1)-(LEN(D1534)-(SEARCH(\".\",D1534,SEARCH(\".\",D1534,SEARCH(\".\",D1534)+1)+1)-1)))),\"\")","v":""},"16.6",{"$f":"IF($G1534=\"SINAPI\",VLOOKUP($F1534,DADOS_SINAPI,2,0),IF(G1534=\"SETOP\",VLOOKUP($F1534,DADOS_SETOP,2,0),IF(G1534=\"CPU\",VLOOKUP($F1534,DADOS_COMPOSICAO,2,0),IF(G1534=\"SICRO\",VLOOKUP($F1534,DADOS_SICRO,2,0),IF(G1534=\"SUDECAP\",VLOOKUP(F1534,DADOS_SUDECAP,2,0),IF(G1534=\"COTAÇÃO\",VLOOKUP($F1534,DADOS_COTACAO,2,0),\"\"))))))","v":"JOELHO 90 GRAUS, EM FERRO GALVANIZADO, CONEXÃO ROSQUEADA, DN 15 (1/2\"), INSTALADO EM RAMAIS E SUB-RAMAIS DE GÁS - FORNECIMENTO E INSTALAÇÃO. AF_10/2020"},92699,"SINAPI",{"$f":"IF(G1534=\"SINAPI\",VLOOKUP($F1534,DADOS_SINAPI,3,0),IF(G1534=\"SETOP\",VLOOKUP($F1534,DADOS_SETOP,3,0),IF(G1534=\"CPU\",VLOOKUP($F1534,DADOS_COMPOSICAO,10,0),IF(G1534=\"SICRO\",VLOOKUP($F1534,DADOS_SICRO,3,0),IF(G1534=\"SUDECAP\",VLOOKUP(F1534,DADOS_SUDECAP,3,0),IF(G1534=\"COTAÇÃO\",VLOOKUP($F1534,DADOS_COTACAO,9,0),\"\"))))))","v":"UN"},{"$f":"F1536","v":6},{"$f":"TRUNC(IF(G1534=\"SINAPI\",VLOOKUP($F1534,DADOS_SINAPI,4,0),IF(G1534=\"SETOP\",VLOOKUP($F1534,DADOS_SETOP,4,0),IF(G1534=\"CPU\",VLOOKUP($F1534,DADOS_COMPOSICAO,13,0),IF(G1534=\"SICRO\",VLOOKUP($F1534,DADOS_SICRO,4,0),IF(G1534=\"SUDECAP\",VLOOKUP(F1534,DADOS_SUDECAP,4,0),IF(G1534=\"COTAÇÃO\",VLOOKUP(F1534,DADOS_COTACAO,12,0),\"\")))))),2)","v":20.190000000000001},"BDI 1",{"$f":"TRUNC(J1534*(1+$N$17),2)","v":25.54},{"$f":"IFERROR(TRUNC(I1534*J1534,2),\"\")","v":121.14},{"$f":"IFERROR(TRUNC(L1534*I1534,2),\"\")","v":153.24}]
[2000]
[2000,null,null,null,"Quantidade",6,"un"]
[2000]
[{"$f":"IFERROR(LEFT(D1538,SEARCH(\".\",D1538)-1),\"\")","v":"16"},{"$f":"IFERROR(LEFT(RIGHT(D1538,LEN(D1538)-SEARCH(\".\",D1538)),SEARCH(\".\",RIGHT(D1538,LEN(D1538)-SEARCH(\".\",D1538)))-1),\"\")","v":""},{"$f":"IFERROR(IF(LEN(D1538)-LEN(SUBSTITUTE(D1538,\".\",\"\"))<>3,\"\",MID(D1538,SEARCH(\".\",D1538,SEARCH(\".\",D1538)+1)+1,LEN(D1538)-SEARCH(\".\",D1538,SEARCH(\".\",D1538)+1)-(LEN(D1538)-(SEARCH(\".\",D1538,SEARCH(\".\",D1538,SEARCH(\".\",D1538)+1)+1)-1)))),\"\")","v":""},"16.7",{"$f":"IF($G1538=\"SINAPI\",VLOOKUP($F1538,DADOS_SINAPI,2,0),IF(G1538=\"SETOP\",VLOOKUP($F1538,DADOS_SETOP,2,0),IF(G1538=\"CPU\",VLOOKUP($F1538,DADOS_COMPOSICAO,2,0),IF(G1538=\"SICRO\",VLOOKUP($F1538,DADOS_SICRO,2,0),IF(G1538=\"SUDECAP\",VLOOKUP(F1538,DADOS_SUDECAP,2,0),IF(G1538=\"COTAÇÃO\",VLOOKUP($F1538,DADOS_COTACAO,2,0),\"\"))))))","v":"UNIÃO, EM FERRO GALVANIZADO, CONEXÃO ROSQUEADA, DN 20 (3/4\"), INSTALADO EM RAMAIS E SUB-RAMAIS DE GÁS - FORNECIMENTO E INSTALAÇÃO. AF_10/2020"},92905,"SINAPI",{"$f":"IF(G1538=\"SINAPI\",VLOOKUP($F1538,DADOS_SINAPI,3,0),IF(G1538=\"SETOP\",VLOOKUP($F1538,DADOS_SETOP,3,0),IF(G1538=\"CPU\",VLOOKUP($F1538,DADOS_COMPOSICAO,10,0),IF(G1538=\"SICRO\",VLOOKUP($F1538,DADOS_SICRO,3,0),IF(G1538=\"SUDECAP\",VLOOKUP(F1538,DADOS_SUDECAP,3,0),IF(G1538=\"COTAÇÃO\",VLOOKUP($F1538,DADOS_COTACAO,9,0),\"\"))))))","v":"UN"},{"$f":"F1540","v":3},{"$f":"TRUNC(IF(G1538=\"SINAPI\",VLOOKUP($F1538,DADOS_SINAPI,4,0),IF(G1538=\"SETOP\",VLOOKUP($F1538,DADOS_SETOP,4,0),IF(G1538=\"CPU\",VLOOKUP($F1538,DADOS_COMPOSICAO,13,0),IF(G1538=\"SICRO\",VLOOKUP($F1538,DADOS_SICRO,4,0),IF(G1538=\"SUDECAP\",VLOOKUP(F1538,DADOS_SUDECAP,4,0),IF(G1538=\"COTAÇÃO\",VLOOKUP(F1538,DADOS_COTACAO,12,0),\"\")))))),2)","v":47.41},"BDI 1",{"$f":"TRUNC(J1538*(1+$N$17),2)","v":59.98},{"$f":"IFERROR(TRUNC(I1538*J1538,2),\"\")","v":142.22999999999999},{"$f":"IFERROR(TRUNC(L1538*I1538,2),\"\")","v":179.94}]
[2000]
[2000,null,null,null,"Quantidade",3,"un"]
[2000]
[{"$f":"IFERROR(LEFT(D1542,SEARCH(\".\",D1542)-1),\"\")","v":"16"},{"$f":"IFERROR(LEFT(RIGHT(D1542,LEN(D1542)-SEARCH(\".\",D1542)),SEARCH(\".\",RIGHT(D1542,LEN(D1542)-SEARCH(\".\",D1542)))-1),\"\")","v":""},{"$f":"IFERROR(IF(LEN(D1542)-LEN(SUBSTITUTE(D1542,\".\",\"\"))<>3,\"\",MID(D1542,SEARCH(\".\",D1542,SEARCH(\".\",D1542)+1)+1,LEN(D1542)-SEARCH(\".\",D1542,SEARCH(\".\",D1542)+1)-(LEN(D1542)-(SEARCH(\".\",D1542,SEARCH(\".\",D1542,SEARCH(\".\",D1542)+1)+1)-1)))),\"\")","v":""},"16.8",{"$f":"IF($G1542=\"SINAPI\",VLOOKUP($F1542,DADOS_SINAPI,2,0),IF(G1542=\"SETOP\",VLOOKUP($F1542,DADOS_SETOP,2,0),IF(G1542=\"CPU\",VLOOKUP($F1542,DADOS_COMPOSICAO,2,0),IF(G1542=\"SICRO\",VLOOKUP($F1542,DADOS_SICRO,2,0),IF(G1542=\"SUDECAP\",VLOOKUP(F1542,DADOS_SUDECAP,2,0),IF(G1542=\"COTAÇÃO\",VLOOKUP($F1542,DADOS_COTACAO,2,0),\"\"))))))","v":"TÊ, EM FERRO GALVANIZADO, CONEXÃO ROSQUEADA, DN 20 (3/4\"), INSTALADO EM RAMAIS E SUB-RAMAIS DE GÁS - FORNECIMENTO E INSTALAÇÃO. AF_10/2020"},92705,"SINAPI",{"$f":"IF(G1542=\"SINAPI\",VLOOKUP($F1542,DADOS_SINAPI,3,0),IF(G1542=\"SETOP\",VLOOKUP($F1542,DADOS_SETOP,3,0),IF(G1542=\"CPU\",VLOOKUP($F1542,DADOS_COMPOSICAO,10,0),IF(G1542=\"SICRO\",VLOOKUP($F1542,DADOS_SICRO,3,0),IF(G1542=\"SUDECAP\",VLOOKUP(F1542,DADOS_SUDECAP,3,0),IF(G1542=\"COTAÇÃO\",VLOOKUP($F1542,DADOS_COTACAO,9,0),\"\"))))))","v":"UN"},{"$f":"F1544","v":2},{"$f":"TRUNC(IF(G1542=\"SINAPI\",VLOOKUP($F1542,DADOS_SINAPI,4,0),IF(G1542=\"SETOP\",VLOOKUP($F1542,DADOS_SETOP,4,0),IF(G1542=\"CPU\",VLOOKUP($F1542,DADOS_COMPOSICAO,13,0),IF(G1542=\"SICRO\",VLOOKUP($F1542,DADOS_SICRO,4,0),IF(G1542=\"SUDECAP\",VLOOKUP(F1542,DADOS_SUDECAP,4,0),IF(G1542=\"COTAÇÃO\",VLOOKUP(F1542,DADOS_COTACAO,12,0),\"\")))))),2)","v":43.72},"BDI 1",{"$f":"TRUNC(J1542*(1+$N$17),2)","v":55.31},{"$f":"IFERROR(TRUNC(I1542*J1542,2),\"\")","v":87.44},{"$f":"IFERROR(TRUNC(L1542*I1542,2),\"\")","v":110.62}]
[2000]
[2000,null,null,null,"Quantidade",2,"un"]
[2000]
[{"$f":"IFERROR(LEFT(D1546,SEARCH(\".\",D1546)-1),\"\")","v":"16"},{"$f":"IFERROR(LEFT(RIGHT(D1546,LEN(D1546)-SEARCH(\".\",D1546)),SEARCH(\".\",RIGHT(D1546,LEN(D1546)-SEARCH(\".\",D1546)))-1),\"\")","v":""},{"$f":"IFERROR(IF(LEN(D1546)-LEN(SUBSTITUTE(D1546,\".\",\"\"))<>3,\"\",MID(D1546,SEARCH(\".\",D1546,SEARCH(\".\",D1546)+1)+1,LEN(D1546)-SEARCH(\".\",D1546,SEARCH(\".\",D1546)+1)-(LEN(D1546)-(SEARCH(\".\",D1546,SEARCH(\".\",D1546,SEARCH(\".\",D1546)+1)+1)-1)))),\"\")","v":""},"16.9",{"$f":"IF($G1546=\"SINAPI\",VLOOKUP($F1546,DADOS_SINAPI,2,0),IF(G1546=\"SETOP\",VLOOKUP($F1546,DADOS_SETOP,2,0),IF(G1546=\"CPU\",VLOOKUP($F1546,DADOS_COMPOSICAO,2,0),IF(G1546=\"SICRO\",VLOOKUP($F1546,DADOS_SICRO,2,0),IF(G1546=\"SUDECAP\",VLOOKUP(F1546,DADOS_SUDECAP,2,0),IF(G1546=\"COTAÇÃO\",VLOOKUP($F1546,DADOS_COTACAO,2,0),\"\"))))))","v":"MANÔMETRO 0 A 200 PSI (0 A 14 KGF/CM2), D = 50MM - FORNECIMENTO E INSTALAÇÃO. AF_10/2020"},101917,"SINAPI",{"$f":"IF(G1546=\"SINAPI\",VLOOKUP($F1546,DADOS_SINAPI,3,0),IF(G1546=\"SETOP\",VLOOKUP($F1546,DADOS_SETOP,3,0),IF(G1546=\"CPU\",VLOOKUP($F1546,DADOS_COMPOSICAO,10,0),IF(G1546=\"SICRO\",VLOOKUP($F1546,DADOS_SICRO,3,0),IF(G1546=\"SUDECAP\",VLOOKUP(F1546,DADOS_SUDECAP,3,0),IF(G1546=\"COTAÇÃO\",VLOOKUP($F1546,DADOS_COTACAO,9,0),\"\"))))))","v":"UN"},{"$f":"F1548","v":1},{"$f":"TRUNC(IF(G1546=\"SINAPI\",VLOOKUP($F1546,DADOS_SINAPI,4,0),IF(G1546=\"SETOP\",VLOOKUP($F1546,DADOS_SETOP,4,0),IF(G1546=\"CPU\",VLOOKUP($F1546,DADOS_COMPOSICAO,13,0),IF(G1546=\"SICRO\",VLOOKUP($F1546,DADOS_SICRO,4,0),IF(G1546=\"SUDECAP\",VLOOKUP(F1546,DADOS_SUDECAP,4,0),IF(G1546=\"COTAÇÃO\",VLOOKUP(F1546,DADOS_COTACAO,12,0),\"\")))))),2)","v":176.17},"BDI 1",{"$f":"TRUNC(J1546*(1+$N$17),2)","v":222.89},{"$f":"IFERROR(TRUNC(I1546*J1546,2),\"\")","v":176.17},{"$f":"IFERROR(TRUNC(L1546*I1546,2),\"\")","v":222.89}]
[2000]
[2000,null,null,null,"Quantidade",1,"un"]
[2000]
[{"$f":"IFERROR(LEFT(D1550,SEARCH(\".\",D1550)-1),\"\")","v":"16"},{"$f":"IFERROR(LEFT(RIGHT(D1550,LEN(D1550)-SEARCH(\".\",D1550)),SEARCH(\".\",RIGHT(D1550,LEN(D1550)-SEARCH(\".\",D1550)))-1),\"\")","v":""},{"$f":"IFERROR(IF(LEN(D1550)-LEN(SUBSTITUTE(D1550,\".\",\"\"))<>3,\"\",MID(D1550,SEARCH(\".\",D1550,SEARCH(\".\",D1550)+1)+1,LEN(D1550)-SEARCH(\".\",D1550,SEARCH(\".\",D1550)+1)-(LEN(D1550)-(SEARCH(\".\",D1550,SEARCH(\".\",D1550,SEARCH(\".\",D1550)+1)+1)-1)))),\"\")","v":""},"16.10",{"$f":"IF($G1550=\"SINAPI\",VLOOKUP($F1550,DADOS_SINAPI,2,0),IF(G1550=\"SETOP\",VLOOKUP($F1550,DADOS_SETOP,2,0),IF(G1550=\"CPU\",VLOOKUP($F1550,DADOS_COMPOSICAO,2,0),IF(G1550=\"SICRO\",VLOOKUP($F1550,DADOS_SICRO,2,0),IF(G1550=\"SUDECAP\",VLOOKUP(F1550,DADOS_SUDECAP,2,0),IF(G1550=\"COTAÇÃO\",VLOOKUP($F1550,DADOS_COTACAO,2,0),\"\"))))))","v":"VÁLVULA DE ESFERA BRUTA, BRONZE, ROSCÁVEL, 1/2\" - FORNECIMENTO E INSTALAÇÃO. AF_08/2021"},95248,"SINAPI",{"$f":"IF(G1550=\"SINAPI\",VLOOKUP($F1550,DADOS_SINAPI,3,0),IF(G1550=\"SETOP\",VLOOKUP($F1550,DADOS_SETOP,3,0),IF(G1550=\"CPU\",VLOOKUP($F1550,DADOS_COMPOSICAO,10,0),IF(G1550=\"SICRO\",VLOOKUP($F1550,DADOS_SICRO,3,0),IF(G1550=\"SUDECAP\",VLOOKUP(F1550,DADOS_SUDECAP,3,0),IF(G1550=\"COTAÇÃO\",VLOOKUP($F1550,DADOS_COTACAO,9,0),\"\"))))))","v":"UN"},{"$f":"F1552","v":6},{"$f":"TRUNC(IF(G1550=\"SINAPI\",VLOOKUP($F1550,DADOS_SINAPI,4,0),IF(G1550=\"SETOP\",VLOOKUP($F1550,DADOS_SETOP,4,0),IF(G1550=\"CPU\",VLOOKUP($F1550,DADOS_COMPOSICAO,13,0),IF(G1550=\"SICRO\",VLOOKUP($F1550,DADOS_SICRO,4,0),IF(G1550=\"SUDECAP\",VLOOKUP(F1550,DADOS_SUDECAP,4,0),IF(G1550=\"COTAÇÃO\",VLOOKUP(F1550,DADOS_COTACAO,12,0),\"\")))))),2)","v":73.38},"BDI 1",{"$f":"TRUNC(J1550*(1+$N$17),2)","v":92.84},{"$f":"IFERROR(TRUNC(I1550*J1550,2),\"\")","v":440.28},{"$f":"IFERROR(TRUNC(L1550*I1550,2),\"\")","v":557.04}]
[2000]
[2000,null,null,null,"Quantidade",6,"un"]
[2000]
[1000,null,null,17,"INSTALAÇÕES ELÉTRICAS",null,null,null,null,null,null,null,{"$f":"SUMIF(A:A,D1554,M:M)","v":81937.940000000031},{"$f":"SUMIF(A:A,D1554,N:N)","v":103654.06999999998}]
[null,null,null,"17.1","ACESSÓRIOS P/ ELETRODUTOS",null,null,null,null,null,null,null,{"$f":"IFERROR(SUMIFS(M:M,A:A,LEFT(D1555,SEARCH(\".\",D1555)-1),B:B,RIGHT(D1555,LEN(D1555)-SEARCH(\".\",D1555))),\"\")","v":3299.7599999999998},{"$f":"IFERROR(SUMIFS(N:N,A:A,LEFT(D1555,SEARCH(\".\",D1555)-1),B:B,RIGHT(D1555,LEN(D1555)-SEARCH(\".\",D1555))),\"\")","v":4173.6000000000004}]
[{"$f":"IFERROR(LEFT(D1556,SEARCH(\".\",D1556)-1),\"\")","v":"17"},{"$f":"IFERROR(LEFT(RIGHT(D1556,LEN(D1556)-SEARCH(\".\",D1556)),SEARCH(\".\",RIGHT(D1556,LEN(D1556)-SEARCH(\".\",D1556)))-1),\"\")","v":"1"},{"$f":"IFERROR(IF(LEN(D1556)-LEN(SUBSTITUTE(D1556,\".\",\"\"))<>3,\"\",MID(D1556,SEARCH(\".\",D1556,SEARCH(\".\",D1556)+1)+1,LEN(D1556)-SEARCH(\".\",D1556,SEARCH(\".\",D1556)+1)-(LEN(D1556)-(SEARCH(\".\",D1556,SEARCH(\".\",D1556,SEARCH(\".\",D1556)+1)+1)-1)))),\"\")","v":""},"17.1.1",{"$f":"IF($G1556=\"SINAPI\",VLOOKUP($F1556,DADOS_SINAPI,2,0),IF(G1556=\"SETOP\",VLOOKUP($F1556,DADOS_SETOP,2,0),IF(G1556=\"CPU\",VLOOKUP($F1556,DADOS_COMPOSICAO,2,0),IF(G1556=\"SICRO\",VLOOKUP($F1556,DADOS_SICRO,2,0),IF(G1556=\"SUDECAP\",VLOOKUP(F1556,DADOS_SUDECAP,2,0),IF(G1556=\"COTAÇÃO\",VLOOKUP($F1556,DADOS_COTACAO,2,0),\"\"))))))","v":"CAIXA RETANGULAR 4\" X 4\" BAIXA (0,30 M DO PISO), PVC, INSTALADA EM PAREDE - FORNECIMENTO E INSTALAÇÃO. AF_03/2023"},91944,"SINAPI",{"$f":"IF(G1556=\"SINAPI\",VLOOKUP($F1556,DADOS_SINAPI,3,0),IF(G1556=\"SETOP\",VLOOKUP($F1556,DADOS_SETOP,3,0),IF(G1556=\"CPU\",VLOOKUP($F1556,DADOS_COMPOSICAO,10,0),IF(G1556=\"SICRO\",VLOOKUP($F1556,DADOS_SICRO,3,0),IF(G1556=\"SUDECAP\",VLOOKUP(F1556,DADOS_SUDECAP,3,0),IF(G1556=\"COTAÇÃO\",VLOOKUP($F1556,DADOS_COTACAO,9,0),\"\"))))))","v":"UN"},{"$f":"F1558","v":68},{"$f":"TRUNC(IF(G1556=\"SINAPI\",VLOOKUP($F1556,DADOS_SINAPI,4,0),IF(G1556=\"SETOP\",VLOOKUP($F1556,DADOS_SETOP,4,0),IF(G1556=\"CPU\",VLOOKUP($F1556,DADOS_COMPOSICAO,13,0),IF(G1556=\"SICRO\",VLOOKUP($F1556,DADOS_SICRO,4,0),IF(G1556=\"SUDECAP\",VLOOKUP(F1556,DADOS_SUDECAP,4,0),IF(G1556=\"COTAÇÃO\",VLOOKUP(F1556,DADOS_COTACAO,12,0),\"\")))))),2)","v":15.42},"BDI 1",{"$f":"TRUNC(J1556*(1+$N$17),2)","v":19.5},{"$f":"IFERROR(TRUNC(I1556*J1556,2),\"\")","v":1048.56},{"$f":"IFERROR(TRUNC(L1556*I1556,2),\"\")","v":1326}]
[2000]
[2000,null,null,null,"Total",68,"un"]
[2000]
[{"$f":"IFERROR(LEFT(D1560,SEARCH(\".\",D1560)-1),\"\")","v":"17"},{"$f":"IFERROR(LEFT(RIGHT(D1560,LEN(D1560)-SEARCH(\".\",D1560)),SEARCH(\".\",RIGHT(D1560,LEN(D1560)-SEARCH(\".\",D1560)))-1),\"\")","v":"1"},{"$f":"IFERROR(IF(LEN(D1560)-LEN(SUBSTITUTE(D1560,\".\",\"\"))<>3,\"\",MID(D1560,SEARCH(\".\",D1560,SEARCH(\".\",D1560)+1)+1,LEN(D1560)-SEARCH(\".\",D1560,SEARCH(\".\",D1560)+1)-(LEN(D1560)-(SEARCH(\".\",D1560,SEARCH(\".\",D1560,SEARCH(\".\",D1560)+1)+1)-1)))),\"\")","v":""},"17.1.2",{"$f":"IF($G1560=\"SINAPI\",VLOOKUP($F1560,DADOS_SINAPI,2,0),IF(G1560=\"SETOP\",VLOOKUP($F1560,DADOS_SETOP,2,0),IF(G1560=\"CPU\",VLOOKUP($F1560,DADOS_COMPOSICAO,2,0),IF(G1560=\"SICRO\",VLOOKUP($F1560,DADOS_SICRO,2,0),IF(G1560=\"SUDECAP\",VLOOKUP(F1560,DADOS_SUDECAP,2,0),IF(G1560=\"COTAÇÃO\",VLOOKUP($F1560,DADOS_COTACAO,2,0),\"\"))))))","v":"CAIXA RETANGULAR 4\" X 2\" MÉDIA (1,30 M DO PISO), PVC, INSTALADA EM PAREDE - FORNECIMENTO E INSTALAÇÃO. AF_03/2023"},91940,"SINAPI",{"$f":"IF(G1560=\"SINAPI\",VLOOKUP($F1560,DADOS_SINAPI,3,0),IF(G1560=\"SETOP\",VLOOKUP($F1560,DADOS_SETOP,3,0),IF(G1560=\"CPU\",VLOOKUP($F1560,DADOS_COMPOSICAO,10,0),IF(G1560=\"SICRO\",VLOOKUP($F1560,DADOS_SICRO,3,0),IF(G1560=\"SUDECAP\",VLOOKUP(F1560,DADOS_SUDECAP,3,0),IF(G1560=\"COTAÇÃO\",VLOOKUP($F1560,DADOS_COTACAO,9,0),\"\"))))))","v":"UN"},{"$f":"F1562","v":120},{"$f":"TRUNC(IF(G1560=\"SINAPI\",VLOOKUP($F1560,DADOS_SINAPI,4,0),IF(G1560=\"SETOP\",VLOOKUP($F1560,DADOS_SETOP,4,0),IF(G1560=\"CPU\",VLOOKUP($F1560,DADOS_COMPOSICAO,13,0),IF(G1560=\"SICRO\",VLOOKUP($F1560,DADOS_SICRO,4,0),IF(G1560=\"SUDECAP\",VLOOKUP(F1560,DADOS_SUDECAP,4,0),IF(G1560=\"COTAÇÃO\",VLOOKUP(F1560,DADOS_COTACAO,12,0),\"\")))))),2)","v":18.760000000000002},"BDI 1",{"$f":"TRUNC(J1560*(1+$N$17),2)","v":23.73},{"$f":"IFERROR(TRUNC(I1560*J1560,2),\"\")","v":2251.1999999999998},{"$f":"IFERROR(TRUNC(L1560*I1560,2),\"\")","v":2847.6}]
[2000]
[2000,null,null,null,"Total",120,"un"]
[2000]
[null,null,null,"17.2","CABO UNIPOLAR (COBRE)",null,null,null,null,null,null,null,{"$f":"IFERROR(SUMIFS(M:M,A:A,LEFT(D1564,SEARCH(\".\",D1564)-1),B:B,RIGHT(D1564,LEN(D1564)-SEARCH(\".\",D1564))),\"\")","v":31197.33},{"$f":"IFERROR(SUMIFS(N:N,A:A,LEFT(D1564,SEARCH(\".\",D1564)-1),B:B,RIGHT(D1564,LEN(D1564)-SEARCH(\".\",D1564))),\"\")","v":39464.840000000004}]
[{"$f":"IFERROR(LEFT(D1565,SEARCH(\".\",D1565)-1),\"\")","v":"17"},{"$f":"IFERROR(LEFT(RIGHT(D1565,LEN(D1565)-SEARCH(\".\",D1565)),SEARCH(\".\",RIGHT(D1565,LEN(D1565)-SEARCH(\".\",D1565)))-1),\"\")","v":"2"},{"$f":"IFERROR(IF(LEN(D1565)-LEN(SUBSTITUTE(D1565,\".\",\"\"))<>3,\"\",MID(D1565,SEARCH(\".\",D1565,SEARCH(\".\",D1565)+1)+1,LEN(D1565)-SEARCH(\".\",D1565,SEARCH(\".\",D1565)+1)-(LEN(D1565)-(SEARCH(\".\",D1565,SEARCH(\".\",D1565,SEARCH(\".\",D1565)+1)+1)-1)))),\"\")","v":""},"17.2.1",{"$f":"IF($G1565=\"SINAPI\",VLOOKUP($F1565,DADOS_SINAPI,2,0),IF(G1565=\"SETOP\",VLOOKUP($F1565,DADOS_SETOP,2,0),IF(G1565=\"CPU\",VLOOKUP($F1565,DADOS_COMPOSICAO,2,0),IF(G1565=\"SICRO\",VLOOKUP($F1565,DADOS_SICRO,2,0),IF(G1565=\"SUDECAP\",VLOOKUP(F1565,DADOS_SUDECAP,2,0),IF(G1565=\"COTAÇÃO\",VLOOKUP($F1565,DADOS_COTACAO,2,0),\"\"))))))","v":"CABO DE COBRE FLEXÍVEL ISOLADO, 10 MM², ANTI-CHAMA 0,6/1,0 KV, PARA CIRCUITOS TERMINAIS - FORNECIMENTO E INSTALAÇÃO. AF_03/2023"},91933,"SINAPI",{"$f":"IF(G1565=\"SINAPI\",VLOOKUP($F1565,DADOS_SINAPI,3,0),IF(G1565=\"SETOP\",VLOOKUP($F1565,DADOS_SETOP,3,0),IF(G1565=\"CPU\",VLOOKUP($F1565,DADOS_COMPOSICAO,10,0),IF(G1565=\"SICRO\",VLOOKUP($F1565,DADOS_SICRO,3,0),IF(G1565=\"SUDECAP\",VLOOKUP(F1565,DADOS_SUDECAP,3,0),IF(G1565=\"COTAÇÃO\",VLOOKUP($F1565,DADOS_COTACAO,9,0),\"\"))))))","v":"M"},{"$f":"F1572","v":150},{"$f":"TRUNC(IF(G1565=\"SINAPI\",VLOOKUP($F1565,DADOS_SINAPI,4,0),IF(G1565=\"SETOP\",VLOOKUP($F1565,DADOS_SETOP,4,0),IF(G1565=\"CPU\",VLOOKUP($F1565,DADOS_COMPOSICAO,13,0),IF(G1565=\"SICRO\",VLOOKUP($F1565,DADOS_SICRO,4,0),IF(G1565=\"SUDECAP\",VLOOKUP(F1565,DADOS_SUDECAP,4,0),IF(G1565=\"COTAÇÃO\",VLOOKUP(F1565,DADOS_COTACAO,12,0),\"\")))))),2)","v":16.190000000000001},"BDI 1",{"$f":"TRUNC(J1565*(1+$N$17),2)","v":20.48},{"$f":"IFERROR(TRUNC(I1565*J1565,2),\"\")","v":2428.5},{"$f":"IFERROR(TRUNC(L1565*I1565,2),\"\")","v":3072}]
[2000]
[2000,null,null,null,"Azul Claro",30,"m"]
[2000,null,null,null,"Branco",30,"m"]
[2000,null,null,null,"Preto",30,"m"]
[2000,null,null,null,"Verde-Amarelo",30,"m"]
[2000,null,null,null,"Vermelho",30,"m"]
[2000,null,null,null,"Total",{"$f":"SUM(F1567:F1571)","v":150},"m"]
[2000]
[{"$f":"IFERROR(LEFT(D1574,SEARCH(\".\",D1574)-1),\"\")","v":"17"},{"$f":"IFERROR(LEFT(RIGHT(D1574,LEN(D1574)-SEARCH(\".\",D1574)),SEARCH(\".\",RIGHT(D1574,LEN(D1574)-SEARCH(\".\",D1574)))-1),\"\")","v":"2"},{"$f":"IFERROR(IF(LEN(D1574)-LEN(SUBSTITUTE(D1574,\".\",\"\"))<>3,\"\",MID(D1574,SEARCH(\".\",D1574,SEARCH(\".\",D1574)+1)+1,LEN(D1574)-SEARCH(\".\",D1574,SEARCH(\".\",D1574)+1)-(LEN(D1574)-(SEARCH(\".\",D1574,SEARCH(\".\",D1574,SEARCH(\".\",D1574)+1)+1)-1)))),\"\")","v":""},"17.2.2",{"$f":"IF($G1574=\"SINAPI\",VLOOKUP($F1574,DADOS_SINAPI,2,0),IF(G1574=\"SETOP\",VLOOKUP($F1574,DADOS_SETOP,2,0),IF(G1574=\"CPU\",VLOOKUP($F1574,DADOS_COMPOSICAO,2,0),IF(G1574=\"SICRO\",VLOOKUP($F1574,DADOS_SICRO,2,0),IF(G1574=\"SUDECAP\",VLOOKUP(F1574,DADOS_SUDECAP,2,0),IF(G1574=\"COTAÇÃO\",VLOOKUP($F1574,DADOS_COTACAO,2,0),\"\"))))))","v":"CABO DE COBRE FLEXÍVEL ISOLADO, 16 MM², ANTI-CHAMA 0,6/1,0 KV, PARA CIRCUITOS TERMINAIS - FORNECIMENTO E INSTALAÇÃO. AF_03/2023"},91935,"SINAPI",{"$f":"IF(G1574=\"SINAPI\",VLOOKUP($F1574,DADOS_SINAPI,3,0),IF(G1574=\"SETOP\",VLOOKUP($F1574,DADOS_SETOP,3,0),IF(G1574=\"CPU\",VLOOKUP($F1574,DADOS_COMPOSICAO,10,0),IF(G1574=\"SICRO\",VLOOKUP($F1574,DADOS_SICRO,3,0),IF(G1574=\"SUDECAP\",VLOOKUP(F1574,DADOS_SUDECAP,3,0),IF(G1574=\"COTAÇÃO\",VLOOKUP($F1574,DADOS_COTACAO,9,0),\"\"))))))","v":"M"},{"$f":"F1577","v":15.37},{"$f":"TRUNC(IF(G1574=\"SINAPI\",VLOOKUP($F1574,DADOS_SINAPI,4,0),IF(G1574=\"SETOP\",VLOOKUP($F1574,DADOS_SETOP,4,0),IF(G1574=\"CPU\",VLOOKUP($F1574,DADOS_COMPOSICAO,13,0),IF(G1574=\"SICRO\",VLOOKUP($F1574,DADOS_SICRO,4,0),IF(G1574=\"SUDECAP\",VLOOKUP(F1574,DADOS_SUDECAP,4,0),IF(G1574=\"COTAÇÃO\",VLOOKUP(F1574,DADOS_COTACAO,12,0),\"\")))))),2)","v":25.4},"BDI 1",{"$f":"TRUNC(J1574*(1+$N$17),2)","v":32.130000000000003},{"$f":"IFERROR(TRUNC(I1574*J1574,2),\"\")","v":390.39},493.84]
[2000]
[2000,null,null,null,"Verde-Amarelo",15.37,"m"]
[2000,null,null,null,"Total",{"$f":"SUM(F1576:F1576)","v":15.37},"m"]
[2000]
[{"$f":"IFERROR(LEFT(D1579,SEARCH(\".\",D1579)-1),\"\")","v":"17"},{"$f":"IFERROR(LEFT(RIGHT(D1579,LEN(D1579)-SEARCH(\".\",D1579)),SEARCH(\".\",RIGHT(D1579,LEN(D1579)-SEARCH(\".\",D1579)))-1),\"\")","v":"2"},{"$f":"IFERROR(IF(LEN(D1579)-LEN(SUBSTITUTE(D1579,\".\",\"\"))<>3,\"\",MID(D1579,SEARCH(\".\",D1579,SEARCH(\".\",D1579)+1)+1,LEN(D1579)-SEARCH(\".\",D1579,SEARCH(\".\",D1579)+1)-(LEN(D1579)-(SEARCH(\".\",D1579,SEARCH(\".\",D1579,SEARCH(\".\",D1579)+1)+1)-1)))),\"\")","v":""},"17.2.3",{"$f":"IF($G1579=\"SINAPI\",VLOOKUP($F1579,DADOS_SINAPI,2,0),IF(G1579=\"SETOP\",VLOOKUP($F1579,DADOS_SETOP,2,0),IF(G1579=\"CPU\",VLOOKUP($F1579,DADOS_COMPOSICAO,2,0),IF(G1579=\"SICRO\",VLOOKUP($F1579,DADOS_SICRO,2,0),IF(G1579=\"SUDECAP\",VLOOKUP(F1579,DADOS_SUDECAP,2,0),IF(G1579=\"COTAÇÃO\",VLOOKUP($F1579,DADOS_COTACAO,2,0),\"\"))))))","v":"CABO DE COBRE FLEXÍVEL ISOLADO, 35 MM², ANTI-CHAMA 0,6/1,0 KV, PARA REDE ENTERRADA DE DISTRIBUIÇÃO DE ENERGIA ELÉTRICA - FORNECIMENTO E INSTALAÇÃO. AF_12/2021"},92986,"SINAPI",{"$f":"IF(G1579=\"SINAPI\",VLOOKUP($F1579,DADOS_SINAPI,3,0),IF(G1579=\"SETOP\",VLOOKUP($F1579,DADOS_SETOP,3,0),IF(G1579=\"CPU\",VLOOKUP($F1579,DADOS_COMPOSICAO,10,0),IF(G1579=\"SICRO\",VLOOKUP($F1579,DADOS_SICRO,3,0),IF(G1579=\"SUDECAP\",VLOOKUP(F1579,DADOS_SUDECAP,3,0),IF(G1579=\"COTAÇÃO\",VLOOKUP($F1579,DADOS_COTACAO,9,0),\"\"))))))","v":"M"},{"$f":"F1586","v":101.6},{"$f":"TRUNC(IF(G1579=\"SINAPI\",VLOOKUP($F1579,DADOS_SINAPI,4,0),IF(G1579=\"SETOP\",VLOOKUP($F1579,DADOS_SETOP,4,0),IF(G1579=\"CPU\",VLOOKUP($F1579,DADOS_COMPOSICAO,13,0),IF(G1579=\"SICRO\",VLOOKUP($F1579,DADOS_SICRO,4,0),IF(G1579=\"SUDECAP\",VLOOKUP(F1579,DADOS_SUDECAP,4,0),IF(G1579=\"COTAÇÃO\",VLOOKUP(F1579,DADOS_COTACAO,12,0),\"\")))))),2)","v":38.35},"BDI 1",{"$f":"TRUNC(J1579*(1+$N$17),2)","v":48.52},{"$f":"IFERROR(TRUNC(I1579*J1579,2),\"\")","v":3896.36},{"$f":"IFERROR(TRUNC(L1579*I1579,2),\"\")","v":4929.63}]
[2000]
[2000,null,null,null,"Azul Claro",15.37,"m"]
[2000,null,null,null,"Branco",15.37,"m"]
[2000,null,null,null,"Preto",15.37,"m"]
[2000,null,null,null,"Verde-Amarelo",15.37,"m"]
[2000,null,null,null,"Vermelho",40.119999999999997,"m"]
[2000,null,null,null,"Total",{"$f":"SUM(F1581:F1585)","v":101.6},"m"]
[2000]
[{"$f":"IFERROR(LEFT(D1588,SEARCH(\".\",D1588)-1),\"\")","v":"17"},{"$f":"IFERROR(LEFT(RIGHT(D1588,LEN(D1588)-SEARCH(\".\",D1588)),SEARCH(\".\",RIGHT(D1588,LEN(D1588)-SEARCH(\".\",D1588)))-1),\"\")","v":"2"},{"$f":"IFERROR(IF(LEN(D1588)-LEN(SUBSTITUTE(D1588,\".\",\"\"))<>3,\"\",MID(D1588,SEARCH(\".\",D1588,SEARCH(\".\",D1588)+1)+1,LEN(D1588)-SEARCH(\".\",D1588,SEARCH(\".\",D1588)+1)-(LEN(D1588)-(SEARCH(\".\",D1588,SEARCH(\".\",D1588,SEARCH(\".\",D1588)+1)+1)-1)))),\"\")","v":""},"17.2.4",{"$f":"IF($G1588=\"SINAPI\",VLOOKUP($F1588,DADOS_SINAPI,2,0),IF(G1588=\"SETOP\",VLOOKUP($F1588,DADOS_SETOP,2,0),IF(G1588=\"CPU\",VLOOKUP($F1588,DADOS_COMPOSICAO,2,0),IF(G1588=\"SICRO\",VLOOKUP($F1588,DADOS_SICRO,2,0),IF(G1588=\"SUDECAP\",VLOOKUP(F1588,DADOS_SUDECAP,2,0),IF(G1588=\"COTAÇÃO\",VLOOKUP($F1588,DADOS_COTACAO,2,0),\"\"))))))","v":"CABO DE COBRE FLEXÍVEL ISOLADO, 70 MM², ANTI-CHAMA 0,6/1,0 KV, PARA REDE ENTERRADA DE DISTRIBUIÇÃO DE ENERGIA ELÉTRICA - FORNECIMENTO E INSTALAÇÃO. AF_12/2021"},92990,"SINAPI",{"$f":"IF(G1588=\"SINAPI\",VLOOKUP($F1588,DADOS_SINAPI,3,0),IF(G1588=\"SETOP\",VLOOKUP($F1588,DADOS_SETOP,3,0),IF(G1588=\"CPU\",VLOOKUP($F1588,DADOS_COMPOSICAO,10,0),IF(G1588=\"SICRO\",VLOOKUP($F1588,DADOS_SICRO,3,0),IF(G1588=\"SUDECAP\",VLOOKUP(F1588,DADOS_SUDECAP,3,0),IF(G1588=\"COTAÇÃO\",VLOOKUP($F1588,DADOS_COTACAO,9,0),\"\"))))))","v":"M"},{"$f":"F1594","v":183.36},{"$f":"TRUNC(IF(G1588=\"SINAPI\",VLOOKUP($F1588,DADOS_SINAPI,4,0),IF(G1588=\"SETOP\",VLOOKUP($F1588,DADOS_SETOP,4,0),IF(G1588=\"CPU\",VLOOKUP($F1588,DADOS_COMPOSICAO,13,0),IF(G1588=\"SICRO\",VLOOKUP($F1588,DADOS_SICRO,4,0),IF(G1588=\"SUDECAP\",VLOOKUP(F1588,DADOS_SUDECAP,4,0),IF(G1588=\"COTAÇÃO\",VLOOKUP(F1588,DADOS_COTACAO,12,0),\"\")))))),2)","v":77.06},"BDI 1",{"$f":"TRUNC(J1588*(1+$N$17),2)","v":97.49},{"$f":"IFERROR(TRUNC(I1588*J1588,2),\"\")","v":14129.72},17875.77]
[2000]
[2000,null,null,null,"Azul Claro",45.84,"m"]
[2000,null,null,null,"Branco",45.84,"m"]
[2000,null,null,null,"Preto",45.84,"m"]
[2000,null,null,null,"Vermelho",45.84,"m"]
[2000,null,null,null,"Total",{"$f":"SUM(F1590:F1593)","v":183.36},"m"]
[2000]
[{"$f":"IFERROR(LEFT(D1596,SEARCH(\".\",D1596)-1),\"\")","v":"17"},{"$f":"IFERROR(LEFT(RIGHT(D1596,LEN(D1596)-SEARCH(\".\",D1596)),SEARCH(\".\",RIGHT(D1596,LEN(D1596)-SEARCH(\".\",D1596)))-1),\"\")","v":"2"},{"$f":"IFERROR(IF(LEN(D1596)-LEN(SUBSTITUTE(D1596,\".\",\"\"))<>3,\"\",MID(D1596,SEARCH(\".\",D1596,SEARCH(\".\",D1596)+1)+1,LEN(D1596)-SEARCH(\".\",D1596,SEARCH(\".\",D1596)+1)-(LEN(D1596)-(SEARCH(\".\",D1596,SEARCH(\".\",D1596,SEARCH(\".\",D1596)+1)+1)-1)))),\"\")","v":""},"17.2.5",{"$f":"IF($G1596=\"SINAPI\",VLOOKUP($F1596,DADOS_SINAPI,2,0),IF(G1596=\"SETOP\",VLOOKUP($F1596,DADOS_SETOP,2,0),IF(G1596=\"CPU\",VLOOKUP($F1596,DADOS_COMPOSICAO,2,0),IF(G1596=\"SICRO\",VLOOKUP($F1596,DADOS_SICRO,2,0),IF(G1596=\"SUDECAP\",VLOOKUP(F1596,DADOS_SUDECAP,2,0),IF(G1596=\"COTAÇÃO\",VLOOKUP($F1596,DADOS_COTACAO,2,0),\"\"))))))","v":"CABO DE COBRE FLEXÍVEL ISOLADO, 1,5 MM², ANTI-CHAMA 450/750 V, PARA CIRCUITOS TERMINAIS - FORNECIMENTO E INSTALAÇÃO. AF_03/2023"},91924,"SINAPI",{"$f":"IF(G1596=\"SINAPI\",VLOOKUP($F1596,DADOS_SINAPI,3,0),IF(G1596=\"SETOP\",VLOOKUP($F1596,DADOS_SETOP,3,0),IF(G1596=\"CPU\",VLOOKUP($F1596,DADOS_COMPOSICAO,10,0),IF(G1596=\"SICRO\",VLOOKUP($F1596,DADOS_SICRO,3,0),IF(G1596=\"SUDECAP\",VLOOKUP(F1596,DADOS_SUDECAP,3,0),IF(G1596=\"COTAÇÃO\",VLOOKUP($F1596,DADOS_COTACAO,9,0),\"\"))))))","v":"M"},{"$f":"F1603","v":778.28},{"$f":"TRUNC(IF(G1596=\"SINAPI\",VLOOKUP($F1596,DADOS_SINAPI,4,0),IF(G1596=\"SETOP\",VLOOKUP($F1596,DADOS_SETOP,4,0),IF(G1596=\"CPU\",VLOOKUP($F1596,DADOS_COMPOSICAO,13,0),IF(G1596=\"SICRO\",VLOOKUP($F1596,DADOS_SICRO,4,0),IF(G1596=\"SUDECAP\",VLOOKUP(F1596,DADOS_SUDECAP,4,0),IF(G1596=\"COTAÇÃO\",VLOOKUP(F1596,DADOS_COTACAO,12,0),\"\")))))),2)","v":2.99},"BDI 1",{"$f":"TRUNC(J1596*(1+$N$17),2)","v":3.78},{"$f":"IFERROR(TRUNC(I1596*J1596,2),\"\")","v":2327.0500000000002},2941.9]
[2000]
[2000,null,null,null,"Amarelo",338.45,"m"]
[2000,null,null,null,"Azul Claro",209.42,"m"]
[2000,null,null,null,"Branco",104.26,"m"]
[2000,null,null,null,"Verde-Amarelo",51.35,"m"]
[2000,null,null,null,"Vermelho",74.8,"m"]
[2000,null,null,null,"Total",{"$f":"SUM(F1598:F1602)","v":778.28},"m"]
[2000]
[{"$f":"IFERROR(LEFT(D1605,SEARCH(\".\",D1605)-1),\"\")","v":"17"},{"$f":"IFERROR(LEFT(RIGHT(D1605,LEN(D1605)-SEARCH(\".\",D1605)),SEARCH(\".\",RIGHT(D1605,LEN(D1605)-SEARCH(\".\",D1605)))-1),\"\")","v":"2"},{"$f":"IFERROR(IF(LEN(D1605)-LEN(SUBSTITUTE(D1605,\".\",\"\"))<>3,\"\",MID(D1605,SEARCH(\".\",D1605,SEARCH(\".\",D1605)+1)+1,LEN(D1605)-SEARCH(\".\",D1605,SEARCH(\".\",D1605)+1)-(LEN(D1605)-(SEARCH(\".\",D1605,SEARCH(\".\",D1605,SEARCH(\".\",D1605)+1)+1)-1)))),\"\")","v":""},"17.2.6",{"$f":"IF($G1605=\"SINAPI\",VLOOKUP($F1605,DADOS_SINAPI,2,0),IF(G1605=\"SETOP\",VLOOKUP($F1605,DADOS_SETOP,2,0),IF(G1605=\"CPU\",VLOOKUP($F1605,DADOS_COMPOSICAO,2,0),IF(G1605=\"SICRO\",VLOOKUP($F1605,DADOS_SICRO,2,0),IF(G1605=\"SUDECAP\",VLOOKUP(F1605,DADOS_SUDECAP,2,0),IF(G1605=\"COTAÇÃO\",VLOOKUP($F1605,DADOS_COTACAO,2,0),\"\"))))))","v":"CABO DE COBRE FLEXÍVEL ISOLADO, 2,5 MM², ANTI-CHAMA 450/750 V, PARA CIRCUITOS TERMINAIS - FORNECIMENTO E INSTALAÇÃO. AF_03/2023"},91926,"SINAPI",{"$f":"IF(G1605=\"SINAPI\",VLOOKUP($F1605,DADOS_SINAPI,3,0),IF(G1605=\"SETOP\",VLOOKUP($F1605,DADOS_SETOP,3,0),IF(G1605=\"CPU\",VLOOKUP($F1605,DADOS_COMPOSICAO,10,0),IF(G1605=\"SICRO\",VLOOKUP($F1605,DADOS_SICRO,3,0),IF(G1605=\"SUDECAP\",VLOOKUP(F1605,DADOS_SUDECAP,3,0),IF(G1605=\"COTAÇÃO\",VLOOKUP($F1605,DADOS_COTACAO,9,0),\"\"))))))","v":"M"},{"$f":"F1611","v":1345.32},{"$f":"TRUNC(IF(G1605=\"SINAPI\",VLOOKUP($F1605,DADOS_SINAPI,4,0),IF(G1605=\"SETOP\",VLOOKUP($F1605,DADOS_SETOP,4,0),IF(G1605=\"CPU\",VLOOKUP($F1605,DADOS_COMPOSICAO,13,0),IF(G1605=\"SICRO\",VLOOKUP($F1605,DADOS_SICRO,4,0),IF(G1605=\"SUDECAP\",VLOOKUP(F1605,DADOS_SUDECAP,4,0),IF(G1605=\"COTAÇÃO\",VLOOKUP(F1605,DADOS_COTACAO,12,0),\"\")))))),2)","v":4.34},"BDI 1",{"$f":"TRUNC(J1605*(1+$N$17),2)","v":5.49},{"$f":"IFERROR(TRUNC(I1605*J1605,2),\"\")","v":5838.68},7385.81]
[2000]
[2000,null,null,null,"Azul claro",482.96,"m"]
[2000,null,null,null,"Branco",345.03,"m"]
[2000,null,null,null,"Verde-amarelo",379.4,"m"]
[2000,null,null,null,"Vermelho",137.93,"m"]
[2000,null,null,null,"Total",{"$f":"SUM(F1607:F1610)","v":1345.32},"m"]
[2000]
[{"$f":"IFERROR(LEFT(D1613,SEARCH(\".\",D1613)-1),\"\")","v":"17"},{"$f":"IFERROR(LEFT(RIGHT(D1613,LEN(D1613)-SEARCH(\".\",D1613)),SEARCH(\".\",RIGHT(D1613,LEN(D1613)-SEARCH(\".\",D1613)))-1),\"\")","v":"2"},{"$f":"IFERROR(IF(LEN(D1613)-LEN(SUBSTITUTE(D1613,\".\",\"\"))<>3,\"\",MID(D1613,SEARCH(\".\",D1613,SEARCH(\".\",D1613)+1)+1,LEN(D1613)-SEARCH(\".\",D1613,SEARCH(\".\",D1613)+1)-(LEN(D1613)-(SEARCH(\".\",D1613,SEARCH(\".\",D1613,SEARCH(\".\",D1613)+1)+1)-1)))),\"\")","v":""},"17.2.7",{"$f":"IF($G1613=\"SINAPI\",VLOOKUP($F1613,DADOS_SINAPI,2,0),IF(G1613=\"SETOP\",VLOOKUP($F1613,DADOS_SETOP,2,0),IF(G1613=\"CPU\",VLOOKUP($F1613,DADOS_COMPOSICAO,2,0),IF(G1613=\"SICRO\",VLOOKUP($F1613,DADOS_SICRO,2,0),IF(G1613=\"SUDECAP\",VLOOKUP(F1613,DADOS_SUDECAP,2,0),IF(G1613=\"COTAÇÃO\",VLOOKUP($F1613,DADOS_COTACAO,2,0),\"\"))))))","v":"CABO DE COBRE FLEXÍVEL ISOLADO, 4 MM², ANTI-CHAMA 450/750 V, PARA CIRCUITOS TERMINAIS - FORNECIMENTO E INSTALAÇÃO. AF_03/2023"},91928,"SINAPI",{"$f":"IF(G1613=\"SINAPI\",VLOOKUP($F1613,DADOS_SINAPI,3,0),IF(G1613=\"SETOP\",VLOOKUP($F1613,DADOS_SETOP,3,0),IF(G1613=\"CPU\",VLOOKUP($F1613,DADOS_COMPOSICAO,10,0),IF(G1613=\"SICRO\",VLOOKUP($F1613,DADOS_SICRO,3,0),IF(G1613=\"SUDECAP\",VLOOKUP(F1613,DADOS_SUDECAP,3,0),IF(G1613=\"COTAÇÃO\",VLOOKUP($F1613,DADOS_COTACAO,9,0),\"\"))))))","v":"M"},{"$f":"F1620","v":228.30999999999997},{"$f":"TRUNC(IF(G1613=\"SINAPI\",VLOOKUP($F1613,DADOS_SINAPI,4,0),IF(G1613=\"SETOP\",VLOOKUP($F1613,DADOS_SETOP,4,0),IF(G1613=\"CPU\",VLOOKUP($F1613,DADOS_COMPOSICAO,13,0),IF(G1613=\"SICRO\",VLOOKUP($F1613,DADOS_SICRO,4,0),IF(G1613=\"SUDECAP\",VLOOKUP(F1613,DADOS_SUDECAP,4,0),IF(G1613=\"COTAÇÃO\",VLOOKUP(F1613,DADOS_COTACAO,12,0),\"\")))))),2)","v":6.72},"BDI 1",{"$f":"TRUNC(J1613*(1+$N$17),2)","v":8.5},{"$f":"IFERROR(TRUNC(I1613*J1613,2),\"\")","v":1534.24},1940.64]
[2000]
[2000,null,null,null,"Azul Claro",84.1,"m"]
[2000,null,null,null,"Branco",28.47,"m"]
[2000,null,null,null,"Preto",40.950000000000003,"m"]
[2000,null,null,null,"Verde-Amarelo",60.12,"m"]
[2000,null,null,null,"Vermelho",14.67,"m"]
[2000,null,null,null,"Total",{"$f":"SUM(F1615:F1619)","v":228.30999999999997},"m"]
[2000]
[{"$f":"IFERROR(LEFT(D1622,SEARCH(\".\",D1622)-1),\"\")","v":"17"},{"$f":"IFERROR(LEFT(RIGHT(D1622,LEN(D1622)-SEARCH(\".\",D1622)),SEARCH(\".\",RIGHT(D1622,LEN(D1622)-SEARCH(\".\",D1622)))-1),\"\")","v":"2"},{"$f":"IFERROR(IF(LEN(D1622)-LEN(SUBSTITUTE(D1622,\".\",\"\"))<>3,\"\",MID(D1622,SEARCH(\".\",D1622,SEARCH(\".\",D1622)+1)+1,LEN(D1622)-SEARCH(\".\",D1622,SEARCH(\".\",D1622)+1)-(LEN(D1622)-(SEARCH(\".\",D1622,SEARCH(\".\",D1622,SEARCH(\".\",D1622)+1)+1)-1)))),\"\")","v":""},"17.2.8",{"$f":"IF($G1622=\"SINAPI\",VLOOKUP($F1622,DADOS_SINAPI,2,0),IF(G1622=\"SETOP\",VLOOKUP($F1622,DADOS_SETOP,2,0),IF(G1622=\"CPU\",VLOOKUP($F1622,DADOS_COMPOSICAO,2,0),IF(G1622=\"SICRO\",VLOOKUP($F1622,DADOS_SICRO,2,0),IF(G1622=\"SUDECAP\",VLOOKUP(F1622,DADOS_SUDECAP,2,0),IF(G1622=\"COTAÇÃO\",VLOOKUP($F1622,DADOS_COTACAO,2,0),\"\"))))))","v":"CABO DE COBRE FLEXÍVEL ISOLADO, 6 MM², ANTI-CHAMA 450/750 V, PARA CIRCUITOS TERMINAIS - FORNECIMENTO E INSTALAÇÃO. AF_03/2023"},91930,"SINAPI",{"$f":"IF(G1622=\"SINAPI\",VLOOKUP($F1622,DADOS_SINAPI,3,0),IF(G1622=\"SETOP\",VLOOKUP($F1622,DADOS_SETOP,3,0),IF(G1622=\"CPU\",VLOOKUP($F1622,DADOS_COMPOSICAO,10,0),IF(G1622=\"SICRO\",VLOOKUP($F1622,DADOS_SICRO,3,0),IF(G1622=\"SUDECAP\",VLOOKUP(F1622,DADOS_SUDECAP,3,0),IF(G1622=\"COTAÇÃO\",VLOOKUP($F1622,DADOS_COTACAO,9,0),\"\"))))))","v":"M"},{"$f":"F1628","v":69.699999999999989},{"$f":"TRUNC(IF(G1622=\"SINAPI\",VLOOKUP($F1622,DADOS_SINAPI,4,0),IF(G1622=\"SETOP\",VLOOKUP($F1622,DADOS_SETOP,4,0),IF(G1622=\"CPU\",VLOOKUP($F1622,DADOS_COMPOSICAO,13,0),IF(G1622=\"SICRO\",VLOOKUP($F1622,DADOS_SICRO,4,0),IF(G1622=\"SUDECAP\",VLOOKUP(F1622,DADOS_SUDECAP,4,0),IF(G1622=\"COTAÇÃO\",VLOOKUP(F1622,DADOS_COTACAO,12,0),\"\")))))),2)","v":9.36},"BDI 1",{"$f":"TRUNC(J1622*(1+$N$17),2)","v":11.84},{"$f":"IFERROR(TRUNC(I1622*J1622,2),\"\")","v":652.39},825.25]
[2000]
[2000,null,null,null,"Branco",11.53,"m"]
[2000,null,null,null,"Preto",20.059999999999999,"m"]
[2000,null,null,null,"Verde-Amarelo",23.23,"m"]
[2000,null,null,null,"Vermelho",14.88,"m"]
[2000,null,null,null,"Total",{"$f":"SUM(F1624:F1627)","v":69.699999999999989},"m"]
[2000]
[null,null,null,"17.3","CAIXA DE PASSAGEM - EMBUTIR",null,null,null,null,null,null,null,{"$f":"IFERROR(SUMIFS(M:M,A:A,LEFT(D1630,SEARCH(\".\",D1630)-1),B:B,RIGHT(D1630,LEN(D1630)-SEARCH(\".\",D1630))),\"\")","v":2544.96},{"$f":"IFERROR(SUMIFS(N:N,A:A,LEFT(D1630,SEARCH(\".\",D1630)-1),B:B,RIGHT(D1630,LEN(D1630)-SEARCH(\".\",D1630))),\"\")","v":3219.84}]
[{"$f":"IFERROR(LEFT(D1631,SEARCH(\".\",D1631)-1),\"\")","v":"17"},{"$f":"IFERROR(LEFT(RIGHT(D1631,LEN(D1631)-SEARCH(\".\",D1631)),SEARCH(\".\",RIGHT(D1631,LEN(D1631)-SEARCH(\".\",D1631)))-1),\"\")","v":"3"},{"$f":"IFERROR(IF(LEN(D1631)-LEN(SUBSTITUTE(D1631,\".\",\"\"))<>3,\"\",MID(D1631,SEARCH(\".\",D1631,SEARCH(\".\",D1631)+1)+1,LEN(D1631)-SEARCH(\".\",D1631,SEARCH(\".\",D1631)+1)-(LEN(D1631)-(SEARCH(\".\",D1631,SEARCH(\".\",D1631,SEARCH(\".\",D1631)+1)+1)-1)))),\"\")","v":""},"17.3.1",{"$f":"IF($G1631=\"SINAPI\",VLOOKUP($F1631,DADOS_SINAPI,2,0),IF(G1631=\"SETOP\",VLOOKUP($F1631,DADOS_SETOP,2,0),IF(G1631=\"CPU\",VLOOKUP($F1631,DADOS_COMPOSICAO,2,0),IF(G1631=\"SICRO\",VLOOKUP($F1631,DADOS_SICRO,2,0),IF(G1631=\"SUDECAP\",VLOOKUP(F1631,DADOS_SUDECAP,2,0),IF(G1631=\"COTAÇÃO\",VLOOKUP($F1631,DADOS_COTACAO,2,0),\"\"))))))","v":"CAIXA DE INSPEÇÃO EM CONCRETO, TIPO \"ZA\" PASSEIO, PADRÃO CEMIG, DIMENSÃO (28X28)CM, ALTURA 40CM, COM TAMPA E ARO ARTICULADO EM FERRO FUNDIDO, INCLUSIVE ESCAVAÇÃO, APILOAMENTO, LASTRO DE BRITA, REATERRO E TRANSPORTE COM RETIRADA DO MATERIAL ESCAVADO (EM CAÇAMBA)"},"ED-49197","SETOP",{"$f":"IF(G1631=\"SINAPI\",VLOOKUP($F1631,DADOS_SINAPI,3,0),IF(G1631=\"SETOP\",VLOOKUP($F1631,DADOS_SETOP,3,0),IF(G1631=\"CPU\",VLOOKUP($F1631,DADOS_COMPOSICAO,10,0),IF(G1631=\"SICRO\",VLOOKUP($F1631,DADOS_SICRO,3,0),IF(G1631=\"SUDECAP\",VLOOKUP(F1631,DADOS_SUDECAP,3,0),IF(G1631=\"COTAÇÃO\",VLOOKUP($F1631,DADOS_COTACAO,9,0),\"\"))))))","v":"un"},{"$f":"F1633","v":12},{"$f":"TRUNC(IF(G1631=\"SINAPI\",VLOOKUP($F1631,DADOS_SINAPI,4,0),IF(G1631=\"SETOP\",VLOOKUP($F1631,DADOS_SETOP,4,0),IF(G1631=\"CPU\",VLOOKUP($F1631,DADOS_COMPOSICAO,13,0),IF(G1631=\"SICRO\",VLOOKUP($F1631,DADOS_SICRO,4,0),IF(G1631=\"SUDECAP\",VLOOKUP(F1631,DADOS_SUDECAP,4,0),IF(G1631=\"COTAÇÃO\",VLOOKUP(F1631,DADOS_COTACAO,12,0),\"\")))))),2)","v":212.08},"BDI 1",{"$f":"TRUNC(J1631*(1+$N$17),2)","v":268.32},{"$f":"IFERROR(TRUNC(I1631*J1631,2),\"\")","v":2544.96},{"$f":"IFERROR(TRUNC(L1631*I1631,2),\"\")","v":3219.84}]
[2000]
[2000,null,null,null,"Total",12,"un"]
[2000]
[null,null,null,"17.4","DISPOSITIVO ELÉTRICO - EMBUTIR",null,null,null,null,null,null,null,{"$f":"IFERROR(SUMIFS(M:M,A:A,LEFT(D1635,SEARCH(\".\",D1635)-1),B:B,RIGHT(D1635,LEN(D1635)-SEARCH(\".\",D1635))),\"\")","v":4833.0099999999993},{"$f":"IFERROR(SUMIFS(N:N,A:A,LEFT(D1635,SEARCH(\".\",D1635)-1),B:B,RIGHT(D1635,LEN(D1635)-SEARCH(\".\",D1635))),\"\")","v":6113.9099999999989}]
[{"$f":"IFERROR(LEFT(D1636,SEARCH(\".\",D1636)-1),\"\")","v":"17"},{"$f":"IFERROR(LEFT(RIGHT(D1636,LEN(D1636)-SEARCH(\".\",D1636)),SEARCH(\".\",RIGHT(D1636,LEN(D1636)-SEARCH(\".\",D1636)))-1),\"\")","v":"4"},{"$f":"IFERROR(IF(LEN(D1636)-LEN(SUBSTITUTE(D1636,\".\",\"\"))<>3,\"\",MID(D1636,SEARCH(\".\",D1636,SEARCH(\".\",D1636)+1)+1,LEN(D1636)-SEARCH(\".\",D1636,SEARCH(\".\",D1636)+1)-(LEN(D1636)-(SEARCH(\".\",D1636,SEARCH(\".\",D1636,SEARCH(\".\",D1636)+1)+1)-1)))),\"\")","v":""},"17.4.1",{"$f":"IF($G1636=\"SINAPI\",VLOOKUP($F1636,DADOS_SINAPI,2,0),IF(G1636=\"SETOP\",VLOOKUP($F1636,DADOS_SETOP,2,0),IF(G1636=\"CPU\",VLOOKUP($F1636,DADOS_COMPOSICAO,2,0),IF(G1636=\"SICRO\",VLOOKUP($F1636,DADOS_SICRO,2,0),IF(G1636=\"SUDECAP\",VLOOKUP(F1636,DADOS_SUDECAP,2,0),IF(G1636=\"COTAÇÃO\",VLOOKUP($F1636,DADOS_COTACAO,2,0),\"\"))))))","v":"TOMADA MÉDIA DE EMBUTIR (2 MÓDULOS), 2P+T 10 A, INCLUINDO SUPORTE E PLACA - FORNECIMENTO E INSTALAÇÃO. AF_03/2023"},92004,"SINAPI",{"$f":"IF(G1636=\"SINAPI\",VLOOKUP($F1636,DADOS_SINAPI,3,0),IF(G1636=\"SETOP\",VLOOKUP($F1636,DADOS_SETOP,3,0),IF(G1636=\"CPU\",VLOOKUP($F1636,DADOS_COMPOSICAO,10,0),IF(G1636=\"SICRO\",VLOOKUP($F1636,DADOS_SICRO,3,0),IF(G1636=\"SUDECAP\",VLOOKUP(F1636,DADOS_SUDECAP,3,0),IF(G1636=\"COTAÇÃO\",VLOOKUP($F1636,DADOS_COTACAO,9,0),\"\"))))))","v":"UN"},{"$f":"F1638","v":4},{"$f":"TRUNC(IF(G1636=\"SINAPI\",VLOOKUP($F1636,DADOS_SINAPI,4,0),IF(G1636=\"SETOP\",VLOOKUP($F1636,DADOS_SETOP,4,0),IF(G1636=\"CPU\",VLOOKUP($F1636,DADOS_COMPOSICAO,13,0),IF(G1636=\"SICRO\",VLOOKUP($F1636,DADOS_SICRO,4,0),IF(G1636=\"SUDECAP\",VLOOKUP(F1636,DADOS_SUDECAP,4,0),IF(G1636=\"COTAÇÃO\",VLOOKUP(F1636,DADOS_COTACAO,12,0),\"\")))))),2)","v":55.26},"BDI 1",{"$f":"TRUNC(J1636*(1+$N$17),2)","v":69.91},{"$f":"IFERROR(TRUNC(I1636*J1636,2),\"\")","v":221.04},{"$f":"IFERROR(TRUNC(L1636*I1636,2),\"\")","v":279.64}]
[2000]
[2000,null,null,null,"Total",4,"un"]
[2000]
[{"$f":"IFERROR(LEFT(D1640,SEARCH(\".\",D1640)-1),\"\")","v":"17"},{"$f":"IFERROR(LEFT(RIGHT(D1640,LEN(D1640)-SEARCH(\".\",D1640)),SEARCH(\".\",RIGHT(D1640,LEN(D1640)-SEARCH(\".\",D1640)))-1),\"\")","v":"4"},{"$f":"IFERROR(IF(LEN(D1640)-LEN(SUBSTITUTE(D1640,\".\",\"\"))<>3,\"\",MID(D1640,SEARCH(\".\",D1640,SEARCH(\".\",D1640)+1)+1,LEN(D1640)-SEARCH(\".\",D1640,SEARCH(\".\",D1640)+1)-(LEN(D1640)-(SEARCH(\".\",D1640,SEARCH(\".\",D1640,SEARCH(\".\",D1640)+1)+1)-1)))),\"\")","v":""},"17.4.2",{"$f":"IF($G1640=\"SINAPI\",VLOOKUP($F1640,DADOS_SINAPI,2,0),IF(G1640=\"SETOP\",VLOOKUP($F1640,DADOS_SETOP,2,0),IF(G1640=\"CPU\",VLOOKUP($F1640,DADOS_COMPOSICAO,2,0),IF(G1640=\"SICRO\",VLOOKUP($F1640,DADOS_SICRO,2,0),IF(G1640=\"SUDECAP\",VLOOKUP(F1640,DADOS_SUDECAP,2,0),IF(G1640=\"COTAÇÃO\",VLOOKUP($F1640,DADOS_COTACAO,2,0),\"\"))))))","v":"TOMADA ALTA DE EMBUTIR (1 MÓDULO), 2P+T 10 A, INCLUINDO SUPORTE E PLACA - FORNECIMENTO E INSTALAÇÃO. AF_03/2023"},91992,"SINAPI",{"$f":"IF(G1640=\"SINAPI\",VLOOKUP($F1640,DADOS_SINAPI,3,0),IF(G1640=\"SETOP\",VLOOKUP($F1640,DADOS_SETOP,3,0),IF(G1640=\"CPU\",VLOOKUP($F1640,DADOS_COMPOSICAO,10,0),IF(G1640=\"SICRO\",VLOOKUP($F1640,DADOS_SICRO,3,0),IF(G1640=\"SUDECAP\",VLOOKUP(F1640,DADOS_SUDECAP,3,0),IF(G1640=\"COTAÇÃO\",VLOOKUP($F1640,DADOS_COTACAO,9,0),\"\"))))))","v":"UN"},{"$f":"F1642","v":68},{"$f":"TRUNC(IF(G1640=\"SINAPI\",VLOOKUP($F1640,DADOS_SINAPI,4,0),IF(G1640=\"SETOP\",VLOOKUP($F1640,DADOS_SETOP,4,0),IF(G1640=\"CPU\",VLOOKUP($F1640,DADOS_COMPOSICAO,13,0),IF(G1640=\"SICRO\",VLOOKUP($F1640,DADOS_SICRO,4,0),IF(G1640=\"SUDECAP\",VLOOKUP(F1640,DADOS_SUDECAP,4,0),IF(G1640=\"COTAÇÃO\",VLOOKUP(F1640,DADOS_COTACAO,12,0),\"\")))))),2)","v":44.83},"BDI 1",{"$f":"TRUNC(J1640*(1+$N$17),2)","v":56.71},{"$f":"IFERROR(TRUNC(I1640*J1640,2),\"\")","v":3048.44},3856.28]
[2000]
[2000,null,null,null,"Total",68,"un"]
[2000]
[{"$f":"IFERROR(LEFT(D1644,SEARCH(\".\",D1644)-1),\"\")","v":"17"},{"$f":"IFERROR(LEFT(RIGHT(D1644,LEN(D1644)-SEARCH(\".\",D1644)),SEARCH(\".\",RIGHT(D1644,LEN(D1644)-SEARCH(\".\",D1644)))-1),\"\")","v":"4"},{"$f":"IFERROR(IF(LEN(D1644)-LEN(SUBSTITUTE(D1644,\".\",\"\"))<>3,\"\",MID(D1644,SEARCH(\".\",D1644,SEARCH(\".\",D1644)+1)+1,LEN(D1644)-SEARCH(\".\",D1644,SEARCH(\".\",D1644)+1)-(LEN(D1644)-(SEARCH(\".\",D1644,SEARCH(\".\",D1644,SEARCH(\".\",D1644)+1)+1)-1)))),\"\")","v":""},"17.4.3",{"$f":"IF($G1644=\"SINAPI\",VLOOKUP($F1644,DADOS_SINAPI,2,0),IF(G1644=\"SETOP\",VLOOKUP($F1644,DADOS_SETOP,2,0),IF(G1644=\"CPU\",VLOOKUP($F1644,DADOS_COMPOSICAO,2,0),IF(G1644=\"SICRO\",VLOOKUP($F1644,DADOS_SICRO,2,0),IF(G1644=\"SUDECAP\",VLOOKUP(F1644,DADOS_SUDECAP,2,0),IF(G1644=\"COTAÇÃO\",VLOOKUP($F1644,DADOS_COTACAO,2,0),\"\"))))))","v":"TOMADA ALTA DE EMBUTIR (1 MÓDULO), 2P+T 20 A, INCLUINDO SUPORTE E PLACA - FORNECIMENTO E INSTALAÇÃO. AF_03/2023"},91993,"SINAPI",{"$f":"IF(G1644=\"SINAPI\",VLOOKUP($F1644,DADOS_SINAPI,3,0),IF(G1644=\"SETOP\",VLOOKUP($F1644,DADOS_SETOP,3,0),IF(G1644=\"CPU\",VLOOKUP($F1644,DADOS_COMPOSICAO,10,0),IF(G1644=\"SICRO\",VLOOKUP($F1644,DADOS_SICRO,3,0),IF(G1644=\"SUDECAP\",VLOOKUP(F1644,DADOS_SUDECAP,3,0),IF(G1644=\"COTAÇÃO\",VLOOKUP($F1644,DADOS_COTACAO,9,0),\"\"))))))","v":"UN"},{"$f":"F1646","v":16},{"$f":"TRUNC(IF(G1644=\"SINAPI\",VLOOKUP($F1644,DADOS_SINAPI,4,0),IF(G1644=\"SETOP\",VLOOKUP($F1644,DADOS_SETOP,4,0),IF(G1644=\"CPU\",VLOOKUP($F1644,DADOS_COMPOSICAO,13,0),IF(G1644=\"SICRO\",VLOOKUP($F1644,DADOS_SICRO,4,0),IF(G1644=\"SUDECAP\",VLOOKUP(F1644,DADOS_SUDECAP,4,0),IF(G1644=\"COTAÇÃO\",VLOOKUP(F1644,DADOS_COTACAO,12,0),\"\")))))),2)","v":46.85},"BDI 1",{"$f":"TRUNC(J1644*(1+$N$17),2)","v":59.27},{"$f":"IFERROR(TRUNC(I1644*J1644,2),\"\")","v":749.6},{"$f":"IFERROR(TRUNC(L1644*I1644,2),\"\")","v":948.32}]
[2000]
[2000,null,null,null,"Total",16,"un"]
[2000]
[{"$f":"IFERROR(LEFT(D1648,SEARCH(\".\",D1648)-1),\"\")","v":"17"},{"$f":"IFERROR(LEFT(RIGHT(D1648,LEN(D1648)-SEARCH(\".\",D1648)),SEARCH(\".\",RIGHT(D1648,LEN(D1648)-SEARCH(\".\",D1648)))-1),\"\")","v":"4"},{"$f":"IFERROR(IF(LEN(D1648)-LEN(SUBSTITUTE(D1648,\".\",\"\"))<>3,\"\",MID(D1648,SEARCH(\".\",D1648,SEARCH(\".\",D1648)+1)+1,LEN(D1648)-SEARCH(\".\",D1648,SEARCH(\".\",D1648)+1)-(LEN(D1648)-(SEARCH(\".\",D1648,SEARCH(\".\",D1648,SEARCH(\".\",D1648)+1)+1)-1)))),\"\")","v":""},"17.4.4",{"$f":"IF($G1648=\"SINAPI\",VLOOKUP($F1648,DADOS_SINAPI,2,0),IF(G1648=\"SETOP\",VLOOKUP($F1648,DADOS_SETOP,2,0),IF(G1648=\"CPU\",VLOOKUP($F1648,DADOS_COMPOSICAO,2,0),IF(G1648=\"SICRO\",VLOOKUP($F1648,DADOS_SICRO,2,0),IF(G1648=\"SUDECAP\",VLOOKUP(F1648,DADOS_SUDECAP,2,0),IF(G1648=\"COTAÇÃO\",VLOOKUP($F1648,DADOS_COTACAO,2,0),\"\"))))))","v":"CONJUNTO DE UM (1) MÓDULO COM FURO PARA SAÍDA DE FIO Ø10MM, COM PLACA 4\"X2\" DE UM (1) POSTO, INCLUSIVE FORNECIMENTO, INSTALAÇÃO, SUPORTE, MÓDULO E PLACA"},"ED-15763","SETOP",{"$f":"IF(G1648=\"SINAPI\",VLOOKUP($F1648,DADOS_SINAPI,3,0),IF(G1648=\"SETOP\",VLOOKUP($F1648,DADOS_SETOP,3,0),IF(G1648=\"CPU\",VLOOKUP($F1648,DADOS_COMPOSICAO,10,0),IF(G1648=\"SICRO\",VLOOKUP($F1648,DADOS_SICRO,3,0),IF(G1648=\"SUDECAP\",VLOOKUP(F1648,DADOS_SUDECAP,3,0),IF(G1648=\"COTAÇÃO\",VLOOKUP($F1648,DADOS_COTACAO,9,0),\"\"))))))","v":"un"},{"$f":"F1650","v":6},{"$f":"TRUNC(IF(G1648=\"SINAPI\",VLOOKUP($F1648,DADOS_SINAPI,4,0),IF(G1648=\"SETOP\",VLOOKUP($F1648,DADOS_SETOP,4,0),IF(G1648=\"CPU\",VLOOKUP($F1648,DADOS_COMPOSICAO,13,0),IF(G1648=\"SICRO\",VLOOKUP($F1648,DADOS_SICRO,4,0),IF(G1648=\"SUDECAP\",VLOOKUP(F1648,DADOS_SUDECAP,4,0),IF(G1648=\"COTAÇÃO\",VLOOKUP(F1648,DADOS_COTACAO,12,0),\"\")))))),2)","v":16.11},"BDI 1",{"$f":"TRUNC(J1648*(1+$N$17),2)","v":20.38},{"$f":"IFERROR(TRUNC(I1648*J1648,2),\"\")","v":96.66},{"$f":"IFERROR(TRUNC(L1648*I1648,2),\"\")","v":122.28}]
[2000]
[2000,null,null,null,"Total",6,"un"]
[2000]
[{"$f":"IFERROR(LEFT(D1652,SEARCH(\".\",D1652)-1),\"\")","v":"17"},{"$f":"IFERROR(LEFT(RIGHT(D1652,LEN(D1652)-SEARCH(\".\",D1652)),SEARCH(\".\",RIGHT(D1652,LEN(D1652)-SEARCH(\".\",D1652)))-1),\"\")","v":"4"},{"$f":"IFERROR(IF(LEN(D1652)-LEN(SUBSTITUTE(D1652,\".\",\"\"))<>3,\"\",MID(D1652,SEARCH(\".\",D1652,SEARCH(\".\",D1652)+1)+1,LEN(D1652)-SEARCH(\".\",D1652,SEARCH(\".\",D1652)+1)-(LEN(D1652)-(SEARCH(\".\",D1652,SEARCH(\".\",D1652,SEARCH(\".\",D1652)+1)+1)-1)))),\"\")","v":""},"17.4.5",{"$f":"IF($G1652=\"SINAPI\",VLOOKUP($F1652,DADOS_SINAPI,2,0),IF(G1652=\"SETOP\",VLOOKUP($F1652,DADOS_SETOP,2,0),IF(G1652=\"CPU\",VLOOKUP($F1652,DADOS_COMPOSICAO,2,0),IF(G1652=\"SICRO\",VLOOKUP($F1652,DADOS_SICRO,2,0),IF(G1652=\"SUDECAP\",VLOOKUP(F1652,DADOS_SUDECAP,2,0),IF(G1652=\"COTAÇÃO\",VLOOKUP($F1652,DADOS_COTACAO,2,0),\"\"))))))","v":"INTERRUPTOR SIMPLES (1 MÓDULO), 10A/250V, INCLUINDO SUPORTE E PLACA - FORNECIMENTO E INSTALAÇÃO. AF_03/2023"},91953,"SINAPI",{"$f":"IF(G1652=\"SINAPI\",VLOOKUP($F1652,DADOS_SINAPI,3,0),IF(G1652=\"SETOP\",VLOOKUP($F1652,DADOS_SETOP,3,0),IF(G1652=\"CPU\",VLOOKUP($F1652,DADOS_COMPOSICAO,10,0),IF(G1652=\"SICRO\",VLOOKUP($F1652,DADOS_SICRO,3,0),IF(G1652=\"SUDECAP\",VLOOKUP(F1652,DADOS_SUDECAP,3,0),IF(G1652=\"COTAÇÃO\",VLOOKUP($F1652,DADOS_COTACAO,9,0),\"\"))))))","v":"UN"},{"$f":"F1654","v":11},{"$f":"TRUNC(IF(G1652=\"SINAPI\",VLOOKUP($F1652,DADOS_SINAPI,4,0),IF(G1652=\"SETOP\",VLOOKUP($F1652,DADOS_SETOP,4,0),IF(G1652=\"CPU\",VLOOKUP($F1652,DADOS_COMPOSICAO,13,0),IF(G1652=\"SICRO\",VLOOKUP($F1652,DADOS_SICRO,4,0),IF(G1652=\"SUDECAP\",VLOOKUP(F1652,DADOS_SUDECAP,4,0),IF(G1652=\"COTAÇÃO\",VLOOKUP(F1652,DADOS_COTACAO,12,0),\"\")))))),2)","v":29.31},"BDI 1",{"$f":"TRUNC(J1652*(1+$N$17),2)","v":37.08},{"$f":"IFERROR(TRUNC(I1652*J1652,2),\"\")","v":322.41000000000003},{"$f":"IFERROR(TRUNC(L1652*I1652,2),\"\")","v":407.88}]
[2000]
[2000,null,null,null,"Total",11,"un"]
[2000]
[{"$f":"IFERROR(LEFT(D1656,SEARCH(\".\",D1656)-1),\"\")","v":"17"},{"$f":"IFERROR(LEFT(RIGHT(D1656,LEN(D1656)-SEARCH(\".\",D1656)),SEARCH(\".\",RIGHT(D1656,LEN(D1656)-SEARCH(\".\",D1656)))-1),\"\")","v":"4"},{"$f":"IFERROR(IF(LEN(D1656)-LEN(SUBSTITUTE(D1656,\".\",\"\"))<>3,\"\",MID(D1656,SEARCH(\".\",D1656,SEARCH(\".\",D1656)+1)+1,LEN(D1656)-SEARCH(\".\",D1656,SEARCH(\".\",D1656)+1)-(LEN(D1656)-(SEARCH(\".\",D1656,SEARCH(\".\",D1656,SEARCH(\".\",D1656)+1)+1)-1)))),\"\")","v":""},"17.4.6",{"$f":"IF($G1656=\"SINAPI\",VLOOKUP($F1656,DADOS_SINAPI,2,0),IF(G1656=\"SETOP\",VLOOKUP($F1656,DADOS_SETOP,2,0),IF(G1656=\"CPU\",VLOOKUP($F1656,DADOS_COMPOSICAO,2,0),IF(G1656=\"SICRO\",VLOOKUP($F1656,DADOS_SICRO,2,0),IF(G1656=\"SUDECAP\",VLOOKUP(F1656,DADOS_SUDECAP,2,0),IF(G1656=\"COTAÇÃO\",VLOOKUP($F1656,DADOS_COTACAO,2,0),\"\"))))))","v":"INTERRUPTOR SIMPLES (2 MÓDULOS), 10A/250V, INCLUINDO SUPORTE E PLACA - FORNECIMENTO E INSTALAÇÃO. AF_03/2023"},91959,"SINAPI",{"$f":"IF(G1656=\"SINAPI\",VLOOKUP($F1656,DADOS_SINAPI,3,0),IF(G1656=\"SETOP\",VLOOKUP($F1656,DADOS_SETOP,3,0),IF(G1656=\"CPU\",VLOOKUP($F1656,DADOS_COMPOSICAO,10,0),IF(G1656=\"SICRO\",VLOOKUP($F1656,DADOS_SICRO,3,0),IF(G1656=\"SUDECAP\",VLOOKUP(F1656,DADOS_SUDECAP,3,0),IF(G1656=\"COTAÇÃO\",VLOOKUP($F1656,DADOS_COTACAO,9,0),\"\"))))))","v":"UN"},{"$f":"F1658","v":1},{"$f":"TRUNC(IF(G1656=\"SINAPI\",VLOOKUP($F1656,DADOS_SINAPI,4,0),IF(G1656=\"SETOP\",VLOOKUP($F1656,DADOS_SETOP,4,0),IF(G1656=\"CPU\",VLOOKUP($F1656,DADOS_COMPOSICAO,13,0),IF(G1656=\"SICRO\",VLOOKUP($F1656,DADOS_SICRO,4,0),IF(G1656=\"SUDECAP\",VLOOKUP(F1656,DADOS_SUDECAP,4,0),IF(G1656=\"COTAÇÃO\",VLOOKUP(F1656,DADOS_COTACAO,12,0),\"\")))))),2)","v":44.58},"BDI 1",{"$f":"TRUNC(J1656*(1+$N$17),2)","v":56.4},{"$f":"IFERROR(TRUNC(I1656*J1656,2),\"\")","v":44.58},{"$f":"IFERROR(TRUNC(L1656*I1656,2),\"\")","v":56.4}]
[2000]
[2000,null,null,null,"Total",1,"un"]
[2000]
[{"$f":"IFERROR(LEFT(D1660,SEARCH(\".\",D1660)-1),\"\")","v":"17"},{"$f":"IFERROR(LEFT(RIGHT(D1660,LEN(D1660)-SEARCH(\".\",D1660)),SEARCH(\".\",RIGHT(D1660,LEN(D1660)-SEARCH(\".\",D1660)))-1),\"\")","v":"4"},{"$f":"IFERROR(IF(LEN(D1660)-LEN(SUBSTITUTE(D1660,\".\",\"\"))<>3,\"\",MID(D1660,SEARCH(\".\",D1660,SEARCH(\".\",D1660)+1)+1,LEN(D1660)-SEARCH(\".\",D1660,SEARCH(\".\",D1660)+1)-(LEN(D1660)-(SEARCH(\".\",D1660,SEARCH(\".\",D1660,SEARCH(\".\",D1660)+1)+1)-1)))),\"\")","v":""},"17.4.7",{"$f":"IF($G1660=\"SINAPI\",VLOOKUP($F1660,DADOS_SINAPI,2,0),IF(G1660=\"SETOP\",VLOOKUP($F1660,DADOS_SETOP,2,0),IF(G1660=\"CPU\",VLOOKUP($F1660,DADOS_COMPOSICAO,2,0),IF(G1660=\"SICRO\",VLOOKUP($F1660,DADOS_SICRO,2,0),IF(G1660=\"SUDECAP\",VLOOKUP(F1660,DADOS_SUDECAP,2,0),IF(G1660=\"COTAÇÃO\",VLOOKUP($F1660,DADOS_COTACAO,2,0),\"\"))))))","v":"INTERRUPTOR SIMPLES (1 MÓDULO) COM INTERRUPTOR PARALELO (1 MÓDULO), 10A/250V, INCLUINDO SUPORTE E PLACA - FORNECIMENTO E INSTALAÇÃO. AF_03/2023"},91957,"SINAPI",{"$f":"IF(G1660=\"SINAPI\",VLOOKUP($F1660,DADOS_SINAPI,3,0),IF(G1660=\"SETOP\",VLOOKUP($F1660,DADOS_SETOP,3,0),IF(G1660=\"CPU\",VLOOKUP($F1660,DADOS_COMPOSICAO,10,0),IF(G1660=\"SICRO\",VLOOKUP($F1660,DADOS_SICRO,3,0),IF(G1660=\"SUDECAP\",VLOOKUP(F1660,DADOS_SUDECAP,3,0),IF(G1660=\"COTAÇÃO\",VLOOKUP($F1660,DADOS_COTACAO,9,0),\"\"))))))","v":"UN"},{"$f":"F1662","v":1},{"$f":"TRUNC(IF(G1660=\"SINAPI\",VLOOKUP($F1660,DADOS_SINAPI,4,0),IF(G1660=\"SETOP\",VLOOKUP($F1660,DADOS_SETOP,4,0),IF(G1660=\"CPU\",VLOOKUP($F1660,DADOS_COMPOSICAO,13,0),IF(G1660=\"SICRO\",VLOOKUP($F1660,DADOS_SICRO,4,0),IF(G1660=\"SUDECAP\",VLOOKUP(F1660,DADOS_SUDECAP,4,0),IF(G1660=\"COTAÇÃO\",VLOOKUP(F1660,DADOS_COTACAO,12,0),\"\")))))),2)","v":50.92},"BDI 1",{"$f":"TRUNC(J1660*(1+$N$17),2)","v":64.42},{"$f":"IFERROR(TRUNC(I1660*J1660,2),\"\")","v":50.92},{"$f":"IFERROR(TRUNC(L1660*I1660,2),\"\")","v":64.42}]
[2000]
[2000,null,null,null,"Total",1,"un"]
[2000]
[{"$f":"IFERROR(LEFT(D1664,SEARCH(\".\",D1664)-1),\"\")","v":"17"},{"$f":"IFERROR(LEFT(RIGHT(D1664,LEN(D1664)-SEARCH(\".\",D1664)),SEARCH(\".\",RIGHT(D1664,LEN(D1664)-SEARCH(\".\",D1664)))-1),\"\")","v":"4"},{"$f":"IFERROR(IF(LEN(D1664)-LEN(SUBSTITUTE(D1664,\".\",\"\"))<>3,\"\",MID(D1664,SEARCH(\".\",D1664,SEARCH(\".\",D1664)+1)+1,LEN(D1664)-SEARCH(\".\",D1664,SEARCH(\".\",D1664)+1)-(LEN(D1664)-(SEARCH(\".\",D1664,SEARCH(\".\",D1664,SEARCH(\".\",D1664)+1)+1)-1)))),\"\")","v":""},"17.4.8",{"$f":"IF($G1664=\"SINAPI\",VLOOKUP($F1664,DADOS_SINAPI,2,0),IF(G1664=\"SETOP\",VLOOKUP($F1664,DADOS_SETOP,2,0),IF(G1664=\"CPU\",VLOOKUP($F1664,DADOS_COMPOSICAO,2,0),IF(G1664=\"SICRO\",VLOOKUP($F1664,DADOS_SICRO,2,0),IF(G1664=\"SUDECAP\",VLOOKUP(F1664,DADOS_SUDECAP,2,0),IF(G1664=\"COTAÇÃO\",VLOOKUP($F1664,DADOS_COTACAO,2,0),\"\"))))))","v":"INTERRUPTOR PARALELO (1 MÓDULO), 10A/250V, INCLUINDO SUPORTE E PLACA - FORNECIMENTO E INSTALAÇÃO. AF_03/2023"},91955,"SINAPI",{"$f":"IF(G1664=\"SINAPI\",VLOOKUP($F1664,DADOS_SINAPI,3,0),IF(G1664=\"SETOP\",VLOOKUP($F1664,DADOS_SETOP,3,0),IF(G1664=\"CPU\",VLOOKUP($F1664,DADOS_COMPOSICAO,10,0),IF(G1664=\"SICRO\",VLOOKUP($F1664,DADOS_SICRO,3,0),IF(G1664=\"SUDECAP\",VLOOKUP(F1664,DADOS_SUDECAP,3,0),IF(G1664=\"COTAÇÃO\",VLOOKUP($F1664,DADOS_COTACAO,9,0),\"\"))))))","v":"UN"},{"$f":"F1666","v":7},{"$f":"TRUNC(IF(G1664=\"SINAPI\",VLOOKUP($F1664,DADOS_SINAPI,4,0),IF(G1664=\"SETOP\",VLOOKUP($F1664,DADOS_SETOP,4,0),IF(G1664=\"CPU\",VLOOKUP($F1664,DADOS_COMPOSICAO,13,0),IF(G1664=\"SICRO\",VLOOKUP($F1664,DADOS_SICRO,4,0),IF(G1664=\"SUDECAP\",VLOOKUP(F1664,DADOS_SUDECAP,4,0),IF(G1664=\"COTAÇÃO\",VLOOKUP(F1664,DADOS_COTACAO,12,0),\"\")))))),2)","v":35.700000000000003},"BDI 1",{"$f":"TRUNC(J1664*(1+$N$17),2)","v":45.16},{"$f":"IFERROR(TRUNC(I1664*J1664,2),\"\")","v":249.9},{"$f":"IFERROR(TRUNC(L1664*I1664,2),\"\")","v":316.12}]
[2000]
[2000,null,null,null,"Total",7,"un"]
[2000]
[{"$f":"IFERROR(LEFT(D1668,SEARCH(\".\",D1668)-1),\"\")","v":"17"},{"$f":"IFERROR(LEFT(RIGHT(D1668,LEN(D1668)-SEARCH(\".\",D1668)),SEARCH(\".\",RIGHT(D1668,LEN(D1668)-SEARCH(\".\",D1668)))-1),\"\")","v":"4"},{"$f":"IFERROR(IF(LEN(D1668)-LEN(SUBSTITUTE(D1668,\".\",\"\"))<>3,\"\",MID(D1668,SEARCH(\".\",D1668,SEARCH(\".\",D1668)+1)+1,LEN(D1668)-SEARCH(\".\",D1668,SEARCH(\".\",D1668)+1)-(LEN(D1668)-(SEARCH(\".\",D1668,SEARCH(\".\",D1668,SEARCH(\".\",D1668)+1)+1)-1)))),\"\")","v":""},"17.4.9",{"$f":"IF($G1668=\"SINAPI\",VLOOKUP($F1668,DADOS_SINAPI,2,0),IF(G1668=\"SETOP\",VLOOKUP($F1668,DADOS_SETOP,2,0),IF(G1668=\"CPU\",VLOOKUP($F1668,DADOS_COMPOSICAO,2,0),IF(G1668=\"SICRO\",VLOOKUP($F1668,DADOS_SICRO,2,0),IF(G1668=\"SUDECAP\",VLOOKUP(F1668,DADOS_SUDECAP,2,0),IF(G1668=\"COTAÇÃO\",VLOOKUP($F1668,DADOS_COTACAO,2,0),\"\"))))))","v":"INTERRUPTOR INTERMEDIÁRIO (1 MÓDULO), 10A/250V, INCLUINDO SUPORTE E PLACA - FORNECIMENTO E INSTALAÇÃO. AF_03/2023"},91979,"SINAPI",{"$f":"IF(G1668=\"SINAPI\",VLOOKUP($F1668,DADOS_SINAPI,3,0),IF(G1668=\"SETOP\",VLOOKUP($F1668,DADOS_SETOP,3,0),IF(G1668=\"CPU\",VLOOKUP($F1668,DADOS_COMPOSICAO,10,0),IF(G1668=\"SICRO\",VLOOKUP($F1668,DADOS_SICRO,3,0),IF(G1668=\"SUDECAP\",VLOOKUP(F1668,DADOS_SUDECAP,3,0),IF(G1668=\"COTAÇÃO\",VLOOKUP($F1668,DADOS_COTACAO,9,0),\"\"))))))","v":"UN"},{"$f":"F1670","v":1},{"$f":"TRUNC(IF(G1668=\"SINAPI\",VLOOKUP($F1668,DADOS_SINAPI,4,0),IF(G1668=\"SETOP\",VLOOKUP($F1668,DADOS_SETOP,4,0),IF(G1668=\"CPU\",VLOOKUP($F1668,DADOS_COMPOSICAO,13,0),IF(G1668=\"SICRO\",VLOOKUP($F1668,DADOS_SICRO,4,0),IF(G1668=\"SUDECAP\",VLOOKUP(F1668,DADOS_SUDECAP,4,0),IF(G1668=\"COTAÇÃO\",VLOOKUP(F1668,DADOS_COTACAO,12,0),\"\")))))),2)","v":49.46},"BDI 1",{"$f":"TRUNC(J1668*(1+$N$17),2)","v":62.57},{"$f":"IFERROR(TRUNC(I1668*J1668,2),\"\")","v":49.46},{"$f":"IFERROR(TRUNC(L1668*I1668,2),\"\")","v":62.57}]
[2000]
[2000,null,null,null,"Total",1,"un"]
[2000]
[null,null,null,"17.5","DISPOSITIVO DE PROTEÇÃO",null,null,null,null,null,null,null,{"$f":"IFERROR(SUMIFS(M:M,A:A,LEFT(D1672,SEARCH(\".\",D1672)-1),B:B,RIGHT(D1672,LEN(D1672)-SEARCH(\".\",D1672))),\"\")","v":5092.2700000000004},{"$f":"IFERROR(SUMIFS(N:N,A:A,LEFT(D1672,SEARCH(\".\",D1672)-1),B:B,RIGHT(D1672,LEN(D1672)-SEARCH(\".\",D1672))),\"\")","v":6442.47}]
[{"$f":"IFERROR(LEFT(D1673,SEARCH(\".\",D1673)-1),\"\")","v":"17"},{"$f":"IFERROR(LEFT(RIGHT(D1673,LEN(D1673)-SEARCH(\".\",D1673)),SEARCH(\".\",RIGHT(D1673,LEN(D1673)-SEARCH(\".\",D1673)))-1),\"\")","v":"5"},{"$f":"IFERROR(IF(LEN(D1673)-LEN(SUBSTITUTE(D1673,\".\",\"\"))<>3,\"\",MID(D1673,SEARCH(\".\",D1673,SEARCH(\".\",D1673)+1)+1,LEN(D1673)-SEARCH(\".\",D1673,SEARCH(\".\",D1673)+1)-(LEN(D1673)-(SEARCH(\".\",D1673,SEARCH(\".\",D1673,SEARCH(\".\",D1673)+1)+1)-1)))),\"\")","v":""},"17.5.1",{"$f":"IF($G1673=\"SINAPI\",VLOOKUP($F1673,DADOS_SINAPI,2,0),IF(G1673=\"SETOP\",VLOOKUP($F1673,DADOS_SETOP,2,0),IF(G1673=\"CPU\",VLOOKUP($F1673,DADOS_COMPOSICAO,2,0),IF(G1673=\"SICRO\",VLOOKUP($F1673,DADOS_SICRO,2,0),IF(G1673=\"SUDECAP\",VLOOKUP(F1673,DADOS_SUDECAP,2,0),IF(G1673=\"COTAÇÃO\",VLOOKUP($F1673,DADOS_COTACAO,2,0),\"\"))))))","v":"DISJUNTOR BIPOLAR TIPO DIN, CORRENTE NOMINAL DE 32A - FORNECIMENTO E INSTALAÇÃO. AF_10/2020"},93664,"SINAPI",{"$f":"IF(G1673=\"SINAPI\",VLOOKUP($F1673,DADOS_SINAPI,3,0),IF(G1673=\"SETOP\",VLOOKUP($F1673,DADOS_SETOP,3,0),IF(G1673=\"CPU\",VLOOKUP($F1673,DADOS_COMPOSICAO,10,0),IF(G1673=\"SICRO\",VLOOKUP($F1673,DADOS_SICRO,3,0),IF(G1673=\"SUDECAP\",VLOOKUP(F1673,DADOS_SUDECAP,3,0),IF(G1673=\"COTAÇÃO\",VLOOKUP($F1673,DADOS_COTACAO,9,0),\"\"))))))","v":"UN"},{"$f":"F1675","v":6},{"$f":"TRUNC(IF(G1673=\"SINAPI\",VLOOKUP($F1673,DADOS_SINAPI,4,0),IF(G1673=\"SETOP\",VLOOKUP($F1673,DADOS_SETOP,4,0),IF(G1673=\"CPU\",VLOOKUP($F1673,DADOS_COMPOSICAO,13,0),IF(G1673=\"SICRO\",VLOOKUP($F1673,DADOS_SICRO,4,0),IF(G1673=\"SUDECAP\",VLOOKUP(F1673,DADOS_SUDECAP,4,0),IF(G1673=\"COTAÇÃO\",VLOOKUP(F1673,DADOS_COTACAO,12,0),\"\")))))),2)","v":81.150000000000006},"BDI 1",{"$f":"TRUNC(J1673*(1+$N$17),2)","v":102.67},{"$f":"IFERROR(TRUNC(I1673*J1673,2),\"\")","v":486.9},{"$f":"IFERROR(TRUNC(L1673*I1673,2),\"\")","v":616.02}]
[2000]
[2000,null,null,null,"Total",6,"un"]
[2000]
[{"$f":"IFERROR(LEFT(D1677,SEARCH(\".\",D1677)-1),\"\")","v":"17"},{"$f":"IFERROR(LEFT(RIGHT(D1677,LEN(D1677)-SEARCH(\".\",D1677)),SEARCH(\".\",RIGHT(D1677,LEN(D1677)-SEARCH(\".\",D1677)))-1),\"\")","v":"5"},{"$f":"IFERROR(IF(LEN(D1677)-LEN(SUBSTITUTE(D1677,\".\",\"\"))<>3,\"\",MID(D1677,SEARCH(\".\",D1677,SEARCH(\".\",D1677)+1)+1,LEN(D1677)-SEARCH(\".\",D1677,SEARCH(\".\",D1677)+1)-(LEN(D1677)-(SEARCH(\".\",D1677,SEARCH(\".\",D1677,SEARCH(\".\",D1677)+1)+1)-1)))),\"\")","v":""},"17.5.2",{"$f":"IF($G1677=\"SINAPI\",VLOOKUP($F1677,DADOS_SINAPI,2,0),IF(G1677=\"SETOP\",VLOOKUP($F1677,DADOS_SETOP,2,0),IF(G1677=\"CPU\",VLOOKUP($F1677,DADOS_COMPOSICAO,2,0),IF(G1677=\"SICRO\",VLOOKUP($F1677,DADOS_SICRO,2,0),IF(G1677=\"SUDECAP\",VLOOKUP(F1677,DADOS_SUDECAP,2,0),IF(G1677=\"COTAÇÃO\",VLOOKUP($F1677,DADOS_COTACAO,2,0),\"\"))))))","v":"DISJUNTOR MONOPOLAR TIPO DIN, CORRENTE NOMINAL DE 10A - FORNECIMENTO E INSTALAÇÃO. AF_10/2020"},93653,"SINAPI",{"$f":"IF(G1677=\"SINAPI\",VLOOKUP($F1677,DADOS_SINAPI,3,0),IF(G1677=\"SETOP\",VLOOKUP($F1677,DADOS_SETOP,3,0),IF(G1677=\"CPU\",VLOOKUP($F1677,DADOS_COMPOSICAO,10,0),IF(G1677=\"SICRO\",VLOOKUP($F1677,DADOS_SICRO,3,0),IF(G1677=\"SUDECAP\",VLOOKUP(F1677,DADOS_SUDECAP,3,0),IF(G1677=\"COTAÇÃO\",VLOOKUP($F1677,DADOS_COTACAO,9,0),\"\"))))))","v":"UN"},{"$f":"F1679","v":14},{"$f":"TRUNC(IF(G1677=\"SINAPI\",VLOOKUP($F1677,DADOS_SINAPI,4,0),IF(G1677=\"SETOP\",VLOOKUP($F1677,DADOS_SETOP,4,0),IF(G1677=\"CPU\",VLOOKUP($F1677,DADOS_COMPOSICAO,13,0),IF(G1677=\"SICRO\",VLOOKUP($F1677,DADOS_SICRO,4,0),IF(G1677=\"SUDECAP\",VLOOKUP(F1677,DADOS_SUDECAP,4,0),IF(G1677=\"COTAÇÃO\",VLOOKUP(F1677,DADOS_COTACAO,12,0),\"\")))))),2)","v":14.96},"BDI 1",{"$f":"TRUNC(J1677*(1+$N$17),2)","v":18.920000000000002},{"$f":"IFERROR(TRUNC(I1677*J1677,2),\"\")","v":209.44},{"$f":"IFERROR(TRUNC(L1677*I1677,2),\"\")","v":264.88}]
[2000]
[2000,null,null,null,"Total",14,"un"]
[2000]
[{"$f":"IFERROR(LEFT(D1681,SEARCH(\".\",D1681)-1),\"\")","v":"17"},{"$f":"IFERROR(LEFT(RIGHT(D1681,LEN(D1681)-SEARCH(\".\",D1681)),SEARCH(\".\",RIGHT(D1681,LEN(D1681)-SEARCH(\".\",D1681)))-1),\"\")","v":"5"},{"$f":"IFERROR(IF(LEN(D1681)-LEN(SUBSTITUTE(D1681,\".\",\"\"))<>3,\"\",MID(D1681,SEARCH(\".\",D1681,SEARCH(\".\",D1681)+1)+1,LEN(D1681)-SEARCH(\".\",D1681,SEARCH(\".\",D1681)+1)-(LEN(D1681)-(SEARCH(\".\",D1681,SEARCH(\".\",D1681,SEARCH(\".\",D1681)+1)+1)-1)))),\"\")","v":""},"17.5.3",{"$f":"IF($G1681=\"SINAPI\",VLOOKUP($F1681,DADOS_SINAPI,2,0),IF(G1681=\"SETOP\",VLOOKUP($F1681,DADOS_SETOP,2,0),IF(G1681=\"CPU\",VLOOKUP($F1681,DADOS_COMPOSICAO,2,0),IF(G1681=\"SICRO\",VLOOKUP($F1681,DADOS_SICRO,2,0),IF(G1681=\"SUDECAP\",VLOOKUP(F1681,DADOS_SUDECAP,2,0),IF(G1681=\"COTAÇÃO\",VLOOKUP($F1681,DADOS_COTACAO,2,0),\"\"))))))","v":"DISJUNTOR MONOPOLAR TIPO DIN, CORRENTE NOMINAL DE 16A - FORNECIMENTO E INSTALAÇÃO. AF_10/2020"},93654,"SINAPI",{"$f":"IF(G1681=\"SINAPI\",VLOOKUP($F1681,DADOS_SINAPI,3,0),IF(G1681=\"SETOP\",VLOOKUP($F1681,DADOS_SETOP,3,0),IF(G1681=\"CPU\",VLOOKUP($F1681,DADOS_COMPOSICAO,10,0),IF(G1681=\"SICRO\",VLOOKUP($F1681,DADOS_SICRO,3,0),IF(G1681=\"SUDECAP\",VLOOKUP(F1681,DADOS_SUDECAP,3,0),IF(G1681=\"COTAÇÃO\",VLOOKUP($F1681,DADOS_COTACAO,9,0),\"\"))))))","v":"UN"},{"$f":"F1683","v":10},{"$f":"TRUNC(IF(G1681=\"SINAPI\",VLOOKUP($F1681,DADOS_SINAPI,4,0),IF(G1681=\"SETOP\",VLOOKUP($F1681,DADOS_SETOP,4,0),IF(G1681=\"CPU\",VLOOKUP($F1681,DADOS_COMPOSICAO,13,0),IF(G1681=\"SICRO\",VLOOKUP($F1681,DADOS_SICRO,4,0),IF(G1681=\"SUDECAP\",VLOOKUP(F1681,DADOS_SUDECAP,4,0),IF(G1681=\"COTAÇÃO\",VLOOKUP(F1681,DADOS_COTACAO,12,0),\"\")))))),2)","v":15.6},"BDI 1",{"$f":"TRUNC(J1681*(1+$N$17),2)","v":19.73},{"$f":"IFERROR(TRUNC(I1681*J1681,2),\"\")","v":156},{"$f":"IFERROR(TRUNC(L1681*I1681,2),\"\")","v":197.3}]
[2000]
[2000,null,null,null,"Total",10,"un"]
[2000]
[{"$f":"IFERROR(LEFT(D1685,SEARCH(\".\",D1685)-1),\"\")","v":"17"},{"$f":"IFERROR(LEFT(RIGHT(D1685,LEN(D1685)-SEARCH(\".\",D1685)),SEARCH(\".\",RIGHT(D1685,LEN(D1685)-SEARCH(\".\",D1685)))-1),\"\")","v":"5"},{"$f":"IFERROR(IF(LEN(D1685)-LEN(SUBSTITUTE(D1685,\".\",\"\"))<>3,\"\",MID(D1685,SEARCH(\".\",D1685,SEARCH(\".\",D1685)+1)+1,LEN(D1685)-SEARCH(\".\",D1685,SEARCH(\".\",D1685)+1)-(LEN(D1685)-(SEARCH(\".\",D1685,SEARCH(\".\",D1685,SEARCH(\".\",D1685)+1)+1)-1)))),\"\")","v":""},"17.5.4",{"$f":"IF($G1685=\"SINAPI\",VLOOKUP($F1685,DADOS_SINAPI,2,0),IF(G1685=\"SETOP\",VLOOKUP($F1685,DADOS_SETOP,2,0),IF(G1685=\"CPU\",VLOOKUP($F1685,DADOS_COMPOSICAO,2,0),IF(G1685=\"SICRO\",VLOOKUP($F1685,DADOS_SICRO,2,0),IF(G1685=\"SUDECAP\",VLOOKUP(F1685,DADOS_SUDECAP,2,0),IF(G1685=\"COTAÇÃO\",VLOOKUP($F1685,DADOS_COTACAO,2,0),\"\"))))))","v":"DISJUNTOR TRIPOLAR TIPO DIN, CORRENTE NOMINAL DE 32A - FORNECIMENTO E INSTALAÇÃO. AF_10/2020"},93671,"SINAPI",{"$f":"IF(G1685=\"SINAPI\",VLOOKUP($F1685,DADOS_SINAPI,3,0),IF(G1685=\"SETOP\",VLOOKUP($F1685,DADOS_SETOP,3,0),IF(G1685=\"CPU\",VLOOKUP($F1685,DADOS_COMPOSICAO,10,0),IF(G1685=\"SICRO\",VLOOKUP($F1685,DADOS_SICRO,3,0),IF(G1685=\"SUDECAP\",VLOOKUP(F1685,DADOS_SUDECAP,3,0),IF(G1685=\"COTAÇÃO\",VLOOKUP($F1685,DADOS_COTACAO,9,0),\"\"))))))","v":"UN"},{"$f":"F1687","v":2},{"$f":"TRUNC(IF(G1685=\"SINAPI\",VLOOKUP($F1685,DADOS_SINAPI,4,0),IF(G1685=\"SETOP\",VLOOKUP($F1685,DADOS_SETOP,4,0),IF(G1685=\"CPU\",VLOOKUP($F1685,DADOS_COMPOSICAO,13,0),IF(G1685=\"SICRO\",VLOOKUP($F1685,DADOS_SICRO,4,0),IF(G1685=\"SUDECAP\",VLOOKUP(F1685,DADOS_SUDECAP,4,0),IF(G1685=\"COTAÇÃO\",VLOOKUP(F1685,DADOS_COTACAO,12,0),\"\")))))),2)","v":103.24},"BDI 1",{"$f":"TRUNC(J1685*(1+$N$17),2)","v":130.61000000000001},{"$f":"IFERROR(TRUNC(I1685*J1685,2),\"\")","v":206.48},{"$f":"IFERROR(TRUNC(L1685*I1685,2),\"\")","v":261.22000000000003}]
[2000]
[2000,null,null,null,"Total",2,"un"]
[2000]
[{"$f":"IFERROR(LEFT(D1689,SEARCH(\".\",D1689)-1),\"\")","v":"17"},{"$f":"IFERROR(LEFT(RIGHT(D1689,LEN(D1689)-SEARCH(\".\",D1689)),SEARCH(\".\",RIGHT(D1689,LEN(D1689)-SEARCH(\".\",D1689)))-1),\"\")","v":"5"},{"$f":"IFERROR(IF(LEN(D1689)-LEN(SUBSTITUTE(D1689,\".\",\"\"))<>3,\"\",MID(D1689,SEARCH(\".\",D1689,SEARCH(\".\",D1689)+1)+1,LEN(D1689)-SEARCH(\".\",D1689,SEARCH(\".\",D1689)+1)-(LEN(D1689)-(SEARCH(\".\",D1689,SEARCH(\".\",D1689,SEARCH(\".\",D1689)+1)+1)-1)))),\"\")","v":""},"17.5.5",{"$f":"IF($G1689=\"SINAPI\",VLOOKUP($F1689,DADOS_SINAPI,2,0),IF(G1689=\"SETOP\",VLOOKUP($F1689,DADOS_SETOP,2,0),IF(G1689=\"CPU\",VLOOKUP($F1689,DADOS_COMPOSICAO,2,0),IF(G1689=\"SICRO\",VLOOKUP($F1689,DADOS_SICRO,2,0),IF(G1689=\"SUDECAP\",VLOOKUP(F1689,DADOS_SUDECAP,2,0),IF(G1689=\"COTAÇÃO\",VLOOKUP($F1689,DADOS_COTACAO,2,0),\"\"))))))","v":"DISJUNTOR TERMOMAGNÉTICO TRIPOLAR , CORRENTE NOMINAL DE 125A - FORNECIMENTO E INSTALAÇÃO. AF_10/2020"},101895,"SINAPI",{"$f":"IF(G1689=\"SINAPI\",VLOOKUP($F1689,DADOS_SINAPI,3,0),IF(G1689=\"SETOP\",VLOOKUP($F1689,DADOS_SETOP,3,0),IF(G1689=\"CPU\",VLOOKUP($F1689,DADOS_COMPOSICAO,10,0),IF(G1689=\"SICRO\",VLOOKUP($F1689,DADOS_SICRO,3,0),IF(G1689=\"SUDECAP\",VLOOKUP(F1689,DADOS_SUDECAP,3,0),IF(G1689=\"COTAÇÃO\",VLOOKUP($F1689,DADOS_COTACAO,9,0),\"\"))))))","v":"UN"},{"$f":"F1691","v":2},{"$f":"TRUNC(IF(G1689=\"SINAPI\",VLOOKUP($F1689,DADOS_SINAPI,4,0),IF(G1689=\"SETOP\",VLOOKUP($F1689,DADOS_SETOP,4,0),IF(G1689=\"CPU\",VLOOKUP($F1689,DADOS_COMPOSICAO,13,0),IF(G1689=\"SICRO\",VLOOKUP($F1689,DADOS_SICRO,4,0),IF(G1689=\"SUDECAP\",VLOOKUP(F1689,DADOS_SUDECAP,4,0),IF(G1689=\"COTAÇÃO\",VLOOKUP(F1689,DADOS_COTACAO,12,0),\"\")))))),2)","v":541.52},"BDI 1",{"$f":"TRUNC(J1689*(1+$N$17),2)","v":685.13},{"$f":"IFERROR(TRUNC(I1689*J1689,2),\"\")","v":1083.04},{"$f":"IFERROR(TRUNC(L1689*I1689,2),\"\")","v":1370.26}]
[2000]
[2000,null,null,null,"Total",2,"un"]
[2000]
[{"$f":"IFERROR(LEFT(D1693,SEARCH(\".\",D1693)-1),\"\")","v":"17"},{"$f":"IFERROR(LEFT(RIGHT(D1693,LEN(D1693)-SEARCH(\".\",D1693)),SEARCH(\".\",RIGHT(D1693,LEN(D1693)-SEARCH(\".\",D1693)))-1),\"\")","v":"5"},{"$f":"IFERROR(IF(LEN(D1693)-LEN(SUBSTITUTE(D1693,\".\",\"\"))<>3,\"\",MID(D1693,SEARCH(\".\",D1693,SEARCH(\".\",D1693)+1)+1,LEN(D1693)-SEARCH(\".\",D1693,SEARCH(\".\",D1693)+1)-(LEN(D1693)-(SEARCH(\".\",D1693,SEARCH(\".\",D1693,SEARCH(\".\",D1693)+1)+1)-1)))),\"\")","v":""},"17.5.6",{"$f":"IF($G1693=\"SINAPI\",VLOOKUP($F1693,DADOS_SINAPI,2,0),IF(G1693=\"SETOP\",VLOOKUP($F1693,DADOS_SETOP,2,0),IF(G1693=\"CPU\",VLOOKUP($F1693,DADOS_COMPOSICAO,2,0),IF(G1693=\"SICRO\",VLOOKUP($F1693,DADOS_SICRO,2,0),IF(G1693=\"SUDECAP\",VLOOKUP(F1693,DADOS_SUDECAP,2,0),IF(G1693=\"COTAÇÃO\",VLOOKUP($F1693,DADOS_COTACAO,2,0),\"\"))))))","v":"DISJUNTOR TERMOMAGNETICO TRIPOLAR 150 A / 600 V, TIPO FXD / ICC - 35 KA"},2374,"SINAPI",{"$f":"IF(G1693=\"SINAPI\",VLOOKUP($F1693,DADOS_SINAPI,3,0),IF(G1693=\"SETOP\",VLOOKUP($F1693,DADOS_SETOP,3,0),IF(G1693=\"CPU\",VLOOKUP($F1693,DADOS_COMPOSICAO,10,0),IF(G1693=\"SICRO\",VLOOKUP($F1693,DADOS_SICRO,3,0),IF(G1693=\"SUDECAP\",VLOOKUP(F1693,DADOS_SUDECAP,3,0),IF(G1693=\"COTAÇÃO\",VLOOKUP($F1693,DADOS_COTACAO,9,0),\"\"))))))","v":"UN"},{"$f":"F1695","v":2},{"$f":"TRUNC(IF(G1693=\"SINAPI\",VLOOKUP($F1693,DADOS_SINAPI,4,0),IF(G1693=\"SETOP\",VLOOKUP($F1693,DADOS_SETOP,4,0),IF(G1693=\"CPU\",VLOOKUP($F1693,DADOS_COMPOSICAO,13,0),IF(G1693=\"SICRO\",VLOOKUP($F1693,DADOS_SICRO,4,0),IF(G1693=\"SUDECAP\",VLOOKUP(F1693,DADOS_SUDECAP,4,0),IF(G1693=\"COTAÇÃO\",VLOOKUP(F1693,DADOS_COTACAO,12,0),\"\")))))),2)","v":510.03},"BDI 1",{"$f":"TRUNC(J1693*(1+$N$17),2)","v":645.28},{"$f":"IFERROR(TRUNC(I1693*J1693,2),\"\")","v":1020.06},{"$f":"IFERROR(TRUNC(L1693*I1693,2),\"\")","v":1290.56}]
[2000]
[2000,null,null,null,"Total",2,"un"]
[2000]
[{"$f":"IFERROR(LEFT(D1697,SEARCH(\".\",D1697)-1),\"\")","v":"17"},{"$f":"IFERROR(LEFT(RIGHT(D1697,LEN(D1697)-SEARCH(\".\",D1697)),SEARCH(\".\",RIGHT(D1697,LEN(D1697)-SEARCH(\".\",D1697)))-1),\"\")","v":"5"},{"$f":"IFERROR(IF(LEN(D1697)-LEN(SUBSTITUTE(D1697,\".\",\"\"))<>3,\"\",MID(D1697,SEARCH(\".\",D1697,SEARCH(\".\",D1697)+1)+1,LEN(D1697)-SEARCH(\".\",D1697,SEARCH(\".\",D1697)+1)-(LEN(D1697)-(SEARCH(\".\",D1697,SEARCH(\".\",D1697,SEARCH(\".\",D1697)+1)+1)-1)))),\"\")","v":""},"17.5.7",{"$f":"IF($G1697=\"SINAPI\",VLOOKUP($F1697,DADOS_SINAPI,2,0),IF(G1697=\"SETOP\",VLOOKUP($F1697,DADOS_SETOP,2,0),IF(G1697=\"CPU\",VLOOKUP($F1697,DADOS_COMPOSICAO,2,0),IF(G1697=\"SICRO\",VLOOKUP($F1697,DADOS_SICRO,2,0),IF(G1697=\"SUDECAP\",VLOOKUP(F1697,DADOS_SUDECAP,2,0),IF(G1697=\"COTAÇÃO\",VLOOKUP($F1697,DADOS_COTACAO,2,0),\"\"))))))","v":"DISPOSITIVO DPS CLASSE II, 1 POLO, TENSAO MAXIMA DE 175 V, CORRENTE MAXIMA DE *20* KA (TIPO AC)"},39465,"SINAPI",{"$f":"IF(G1697=\"SINAPI\",VLOOKUP($F1697,DADOS_SINAPI,3,0),IF(G1697=\"SETOP\",VLOOKUP($F1697,DADOS_SETOP,3,0),IF(G1697=\"CPU\",VLOOKUP($F1697,DADOS_COMPOSICAO,10,0),IF(G1697=\"SICRO\",VLOOKUP($F1697,DADOS_SICRO,3,0),IF(G1697=\"SUDECAP\",VLOOKUP(F1697,DADOS_SUDECAP,3,0),IF(G1697=\"COTAÇÃO\",VLOOKUP($F1697,DADOS_COTACAO,9,0),\"\"))))))","v":"UN"},{"$f":"F1699","v":4},{"$f":"TRUNC(IF(G1697=\"SINAPI\",VLOOKUP($F1697,DADOS_SINAPI,4,0),IF(G1697=\"SETOP\",VLOOKUP($F1697,DADOS_SETOP,4,0),IF(G1697=\"CPU\",VLOOKUP($F1697,DADOS_COMPOSICAO,13,0),IF(G1697=\"SICRO\",VLOOKUP($F1697,DADOS_SICRO,4,0),IF(G1697=\"SUDECAP\",VLOOKUP(F1697,DADOS_SUDECAP,4,0),IF(G1697=\"COTAÇÃO\",VLOOKUP(F1697,DADOS_COTACAO,12,0),\"\")))))),2)","v":87.82},"BDI 1",{"$f":"TRUNC(J1697*(1+$N$17),2)","v":111.1},{"$f":"IFERROR(TRUNC(I1697*J1697,2),\"\")","v":351.28},{"$f":"IFERROR(TRUNC(L1697*I1697,2),\"\")","v":444.4}]
[2000]
[2000,null,null,null,"Total",4,"un"]
[2000]
[{"$f":"IFERROR(LEFT(D1701,SEARCH(\".\",D1701)-1),\"\")","v":"17"},{"$f":"IFERROR(LEFT(RIGHT(D1701,LEN(D1701)-SEARCH(\".\",D1701)),SEARCH(\".\",RIGHT(D1701,LEN(D1701)-SEARCH(\".\",D1701)))-1),\"\")","v":"5"},{"$f":"IFERROR(IF(LEN(D1701)-LEN(SUBSTITUTE(D1701,\".\",\"\"))<>3,\"\",MID(D1701,SEARCH(\".\",D1701,SEARCH(\".\",D1701)+1)+1,LEN(D1701)-SEARCH(\".\",D1701,SEARCH(\".\",D1701)+1)-(LEN(D1701)-(SEARCH(\".\",D1701,SEARCH(\".\",D1701,SEARCH(\".\",D1701)+1)+1)-1)))),\"\")","v":""},"17.5.8",{"$f":"IF($G1701=\"SINAPI\",VLOOKUP($F1701,DADOS_SINAPI,2,0),IF(G1701=\"SETOP\",VLOOKUP($F1701,DADOS_SETOP,2,0),IF(G1701=\"CPU\",VLOOKUP($F1701,DADOS_COMPOSICAO,2,0),IF(G1701=\"SICRO\",VLOOKUP($F1701,DADOS_SICRO,2,0),IF(G1701=\"SUDECAP\",VLOOKUP(F1701,DADOS_SUDECAP,2,0),IF(G1701=\"COTAÇÃO\",VLOOKUP($F1701,DADOS_COTACAO,2,0),\"\"))))))","v":"DISJUNTOR DE PROTEÇÃO DIFERENCIAL RESIDUAL (DR), TETRAPOLAR TIPO DIN, CORRENTE NOMINAL DE 125A, SENSIBILIDADE DE 30MA, FORNECIMENTO E INSTALAÇÃO, INCLUSIVE TERMINAL DE COMPRESSÃO"},"ED-5444","SETOP",{"$f":"IF(G1701=\"SINAPI\",VLOOKUP($F1701,DADOS_SINAPI,3,0),IF(G1701=\"SETOP\",VLOOKUP($F1701,DADOS_SETOP,3,0),IF(G1701=\"CPU\",VLOOKUP($F1701,DADOS_COMPOSICAO,10,0),IF(G1701=\"SICRO\",VLOOKUP($F1701,DADOS_SICRO,3,0),IF(G1701=\"SUDECAP\",VLOOKUP(F1701,DADOS_SUDECAP,3,0),IF(G1701=\"COTAÇÃO\",VLOOKUP($F1701,DADOS_COTACAO,9,0),\"\"))))))","v":"un"},{"$f":"F1703","v":2},{"$f":"TRUNC(IF(G1701=\"SINAPI\",VLOOKUP($F1701,DADOS_SINAPI,4,0),IF(G1701=\"SETOP\",VLOOKUP($F1701,DADOS_SETOP,4,0),IF(G1701=\"CPU\",VLOOKUP($F1701,DADOS_COMPOSICAO,13,0),IF(G1701=\"SICRO\",VLOOKUP($F1701,DADOS_SICRO,4,0),IF(G1701=\"SUDECAP\",VLOOKUP(F1701,DADOS_SUDECAP,4,0),IF(G1701=\"COTAÇÃO\",VLOOKUP(F1701,DADOS_COTACAO,12,0),\"\")))))),2)","v":697.4},"BDI 1",{"$f":"TRUNC(J1701*(1+$N$17),2)","v":882.35},{"$f":"IFERROR(TRUNC(I1701*J1701,2),\"\")","v":1394.8},{"$f":"IFERROR(TRUNC(L1701*I1701,2),\"\")","v":1764.7}]
[2000]
[2000,null,null,null,"Total",2,"un"]
[2000]
[{"$f":"IFERROR(LEFT(D1705,SEARCH(\".\",D1705)-1),\"\")","v":"17"},{"$f":"IFERROR(LEFT(RIGHT(D1705,LEN(D1705)-SEARCH(\".\",D1705)),SEARCH(\".\",RIGHT(D1705,LEN(D1705)-SEARCH(\".\",D1705)))-1),\"\")","v":"5"},{"$f":"IFERROR(IF(LEN(D1705)-LEN(SUBSTITUTE(D1705,\".\",\"\"))<>3,\"\",MID(D1705,SEARCH(\".\",D1705,SEARCH(\".\",D1705)+1)+1,LEN(D1705)-SEARCH(\".\",D1705,SEARCH(\".\",D1705)+1)-(LEN(D1705)-(SEARCH(\".\",D1705,SEARCH(\".\",D1705,SEARCH(\".\",D1705)+1)+1)-1)))),\"\")","v":""},"17.5.9",{"$f":"IF($G1705=\"SINAPI\",VLOOKUP($F1705,DADOS_SINAPI,2,0),IF(G1705=\"SETOP\",VLOOKUP($F1705,DADOS_SETOP,2,0),IF(G1705=\"CPU\",VLOOKUP($F1705,DADOS_COMPOSICAO,2,0),IF(G1705=\"SICRO\",VLOOKUP($F1705,DADOS_SICRO,2,0),IF(G1705=\"SUDECAP\",VLOOKUP(F1705,DADOS_SUDECAP,2,0),IF(G1705=\"COTAÇÃO\",VLOOKUP($F1705,DADOS_COTACAO,2,0),\"\"))))))","v":"DISJUNTOR DE PROTEÇÃO DIFERENCIAL RESIDUAL (DR), TETRAPOLAR TIPO DIN, CORRENTE NOMINAL DE 40A, SENSIBILIDADE DE 30MA, FORNECIMENTO E INSTALAÇÃO, INCLUSIVE TERMINAL ILHÓS"},"ED-5439","SETOP",{"$f":"IF(G1705=\"SINAPI\",VLOOKUP($F1705,DADOS_SINAPI,3,0),IF(G1705=\"SETOP\",VLOOKUP($F1705,DADOS_SETOP,3,0),IF(G1705=\"CPU\",VLOOKUP($F1705,DADOS_COMPOSICAO,10,0),IF(G1705=\"SICRO\",VLOOKUP($F1705,DADOS_SICRO,3,0),IF(G1705=\"SUDECAP\",VLOOKUP(F1705,DADOS_SUDECAP,3,0),IF(G1705=\"COTAÇÃO\",VLOOKUP($F1705,DADOS_COTACAO,9,0),\"\"))))))","v":"un"},{"$f":"F1707","v":1},{"$f":"TRUNC(IF(G1705=\"SINAPI\",VLOOKUP($F1705,DADOS_SINAPI,4,0),IF(G1705=\"SETOP\",VLOOKUP($F1705,DADOS_SETOP,4,0),IF(G1705=\"CPU\",VLOOKUP($F1705,DADOS_COMPOSICAO,13,0),IF(G1705=\"SICRO\",VLOOKUP($F1705,DADOS_SICRO,4,0),IF(G1705=\"SUDECAP\",VLOOKUP(F1705,DADOS_SUDECAP,4,0),IF(G1705=\"COTAÇÃO\",VLOOKUP(F1705,DADOS_COTACAO,12,0),\"\")))))),2)","v":184.27},"BDI 1",{"$f":"TRUNC(J1705*(1+$N$17),2)","v":233.13},{"$f":"IFERROR(TRUNC(I1705*J1705,2),\"\")","v":184.27},{"$f":"IFERROR(TRUNC(L1705*I1705,2),\"\")","v":233.13}]
[2000]
[2000,null,null,null,"Total",1,"un"]
[2000]
[null,null,null,"17.6","ELETRODUTO PVC FLEXÍVEL",null,null,null,null,null,null,null,{"$f":"IFERROR(SUMIFS(M:M,A:A,LEFT(D1709,SEARCH(\".\",D1709)-1),B:B,RIGHT(D1709,LEN(D1709)-SEARCH(\".\",D1709))),\"\")","v":13715.070000000002},{"$f":"IFERROR(SUMIFS(N:N,A:A,LEFT(D1709,SEARCH(\".\",D1709)-1),B:B,RIGHT(D1709,LEN(D1709)-SEARCH(\".\",D1709))),\"\")","v":17347.089999999997}]
[{"$f":"IFERROR(LEFT(D1710,SEARCH(\".\",D1710)-1),\"\")","v":"17"},{"$f":"IFERROR(LEFT(RIGHT(D1710,LEN(D1710)-SEARCH(\".\",D1710)),SEARCH(\".\",RIGHT(D1710,LEN(D1710)-SEARCH(\".\",D1710)))-1),\"\")","v":"6"},{"$f":"IFERROR(IF(LEN(D1710)-LEN(SUBSTITUTE(D1710,\".\",\"\"))<>3,\"\",MID(D1710,SEARCH(\".\",D1710,SEARCH(\".\",D1710)+1)+1,LEN(D1710)-SEARCH(\".\",D1710,SEARCH(\".\",D1710)+1)-(LEN(D1710)-(SEARCH(\".\",D1710,SEARCH(\".\",D1710,SEARCH(\".\",D1710)+1)+1)-1)))),\"\")","v":""},"17.6.1",{"$f":"IF($G1710=\"SINAPI\",VLOOKUP($F1710,DADOS_SINAPI,2,0),IF(G1710=\"SETOP\",VLOOKUP($F1710,DADOS_SETOP,2,0),IF(G1710=\"CPU\",VLOOKUP($F1710,DADOS_COMPOSICAO,2,0),IF(G1710=\"SICRO\",VLOOKUP($F1710,DADOS_SICRO,2,0),IF(G1710=\"SUDECAP\",VLOOKUP(F1710,DADOS_SUDECAP,2,0),IF(G1710=\"COTAÇÃO\",VLOOKUP($F1710,DADOS_COTACAO,2,0),\"\"))))))","v":"ELETRODUTO FLEXÍVEL CORRUGADO, PVC, DN 25 MM (3/4\"), PARA CIRCUITOS TERMINAIS, INSTALADO EM FORRO - FORNECIMENTO E INSTALAÇÃO. AF_03/2023"},91834,"SINAPI",{"$f":"IF(G1710=\"SINAPI\",VLOOKUP($F1710,DADOS_SINAPI,3,0),IF(G1710=\"SETOP\",VLOOKUP($F1710,DADOS_SETOP,3,0),IF(G1710=\"CPU\",VLOOKUP($F1710,DADOS_COMPOSICAO,10,0),IF(G1710=\"SICRO\",VLOOKUP($F1710,DADOS_SICRO,3,0),IF(G1710=\"SUDECAP\",VLOOKUP(F1710,DADOS_SUDECAP,3,0),IF(G1710=\"COTAÇÃO\",VLOOKUP($F1710,DADOS_COTACAO,9,0),\"\"))))))","v":"M"},{"$f":"F1712","v":504.91},{"$f":"TRUNC(IF(G1710=\"SINAPI\",VLOOKUP($F1710,DADOS_SINAPI,4,0),IF(G1710=\"SETOP\",VLOOKUP($F1710,DADOS_SETOP,4,0),IF(G1710=\"CPU\",VLOOKUP($F1710,DADOS_COMPOSICAO,13,0),IF(G1710=\"SICRO\",VLOOKUP($F1710,DADOS_SICRO,4,0),IF(G1710=\"SUDECAP\",VLOOKUP(F1710,DADOS_SUDECAP,4,0),IF(G1710=\"COTAÇÃO\",VLOOKUP(F1710,DADOS_COTACAO,12,0),\"\")))))),2)","v":17.829999999999998},"BDI 1",{"$f":"TRUNC(J1710*(1+$N$17),2)","v":22.55},{"$f":"IFERROR(TRUNC(I1710*J1710,2),\"\")","v":9002.5400000000009},{"$f":"IFERROR(TRUNC(L1710*I1710,2),\"\")","v":11385.72}]
[2000]
[2000,null,null,null,"Total",504.91,"m"]
[2000]
[{"$f":"IFERROR(LEFT(D1714,SEARCH(\".\",D1714)-1),\"\")","v":"17"},{"$f":"IFERROR(LEFT(RIGHT(D1714,LEN(D1714)-SEARCH(\".\",D1714)),SEARCH(\".\",RIGHT(D1714,LEN(D1714)-SEARCH(\".\",D1714)))-1),\"\")","v":"6"},{"$f":"IFERROR(IF(LEN(D1714)-LEN(SUBSTITUTE(D1714,\".\",\"\"))<>3,\"\",MID(D1714,SEARCH(\".\",D1714,SEARCH(\".\",D1714)+1)+1,LEN(D1714)-SEARCH(\".\",D1714,SEARCH(\".\",D1714)+1)-(LEN(D1714)-(SEARCH(\".\",D1714,SEARCH(\".\",D1714,SEARCH(\".\",D1714)+1)+1)-1)))),\"\")","v":""},"17.6.2",{"$f":"IF($G1714=\"SINAPI\",VLOOKUP($F1714,DADOS_SINAPI,2,0),IF(G1714=\"SETOP\",VLOOKUP($F1714,DADOS_SETOP,2,0),IF(G1714=\"CPU\",VLOOKUP($F1714,DADOS_COMPOSICAO,2,0),IF(G1714=\"SICRO\",VLOOKUP($F1714,DADOS_SICRO,2,0),IF(G1714=\"SUDECAP\",VLOOKUP(F1714,DADOS_SUDECAP,2,0),IF(G1714=\"COTAÇÃO\",VLOOKUP($F1714,DADOS_COTACAO,2,0),\"\"))))))","v":"ELETRODUTO FLEXÍVEL CORRUGADO, PVC, DN 32 MM (1\"), PARA CIRCUITOS TERMINAIS, INSTALADO EM FORRO - FORNECIMENTO E INSTALAÇÃO. AF_03/2023"},91836,"SINAPI",{"$f":"IF(G1714=\"SINAPI\",VLOOKUP($F1714,DADOS_SINAPI,3,0),IF(G1714=\"SETOP\",VLOOKUP($F1714,DADOS_SETOP,3,0),IF(G1714=\"CPU\",VLOOKUP($F1714,DADOS_COMPOSICAO,10,0),IF(G1714=\"SICRO\",VLOOKUP($F1714,DADOS_SICRO,3,0),IF(G1714=\"SUDECAP\",VLOOKUP(F1714,DADOS_SUDECAP,3,0),IF(G1714=\"COTAÇÃO\",VLOOKUP($F1714,DADOS_COTACAO,9,0),\"\"))))))","v":"M"},{"$f":"F1716","v":75.72},{"$f":"TRUNC(IF(G1714=\"SINAPI\",VLOOKUP($F1714,DADOS_SINAPI,4,0),IF(G1714=\"SETOP\",VLOOKUP($F1714,DADOS_SETOP,4,0),IF(G1714=\"CPU\",VLOOKUP($F1714,DADOS_COMPOSICAO,13,0),IF(G1714=\"SICRO\",VLOOKUP($F1714,DADOS_SICRO,4,0),IF(G1714=\"SUDECAP\",VLOOKUP(F1714,DADOS_SUDECAP,4,0),IF(G1714=\"COTAÇÃO\",VLOOKUP(F1714,DADOS_COTACAO,12,0),\"\")))))),2)","v":20.91},"BDI 1",{"$f":"TRUNC(J1714*(1+$N$17),2)","v":26.45},{"$f":"IFERROR(TRUNC(I1714*J1714,2),\"\")","v":1583.3},{"$f":"IFERROR(TRUNC(L1714*I1714,2),\"\")","v":2002.79}]
[2000]
[2000,null,null,null,"Total",75.72,"m"]
[2000]
[{"$f":"IFERROR(LEFT(D1718,SEARCH(\".\",D1718)-1),\"\")","v":"17"},{"$f":"IFERROR(LEFT(RIGHT(D1718,LEN(D1718)-SEARCH(\".\",D1718)),SEARCH(\".\",RIGHT(D1718,LEN(D1718)-SEARCH(\".\",D1718)))-1),\"\")","v":"6"},{"$f":"IFERROR(IF(LEN(D1718)-LEN(SUBSTITUTE(D1718,\".\",\"\"))<>3,\"\",MID(D1718,SEARCH(\".\",D1718,SEARCH(\".\",D1718)+1)+1,LEN(D1718)-SEARCH(\".\",D1718,SEARCH(\".\",D1718)+1)-(LEN(D1718)-(SEARCH(\".\",D1718,SEARCH(\".\",D1718,SEARCH(\".\",D1718)+1)+1)-1)))),\"\")","v":""},"17.6.3",{"$f":"IF($G1718=\"SINAPI\",VLOOKUP($F1718,DADOS_SINAPI,2,0),IF(G1718=\"SETOP\",VLOOKUP($F1718,DADOS_SETOP,2,0),IF(G1718=\"CPU\",VLOOKUP($F1718,DADOS_COMPOSICAO,2,0),IF(G1718=\"SICRO\",VLOOKUP($F1718,DADOS_SICRO,2,0),IF(G1718=\"SUDECAP\",VLOOKUP(F1718,DADOS_SUDECAP,2,0),IF(G1718=\"COTAÇÃO\",VLOOKUP($F1718,DADOS_COTACAO,2,0),\"\"))))))","v":"ELETRODUTO FLEXÍVEL CORRUGADO, PEAD, DN 50 (1 1/2\"), PARA REDE ENTERRADA DE DISTRIBUIÇÃO DE ENERGIA ELÉTRICA - FORNECIMENTO E INSTALAÇÃO. AF_12/2021"},97667,"SINAPI",{"$f":"IF(G1718=\"SINAPI\",VLOOKUP($F1718,DADOS_SINAPI,3,0),IF(G1718=\"SETOP\",VLOOKUP($F1718,DADOS_SETOP,3,0),IF(G1718=\"CPU\",VLOOKUP($F1718,DADOS_COMPOSICAO,10,0),IF(G1718=\"SICRO\",VLOOKUP($F1718,DADOS_SICRO,3,0),IF(G1718=\"SUDECAP\",VLOOKUP(F1718,DADOS_SUDECAP,3,0),IF(G1718=\"COTAÇÃO\",VLOOKUP($F1718,DADOS_COTACAO,9,0),\"\"))))))","v":"M"},{"$f":"F1720","v":28.01},{"$f":"TRUNC(IF(G1718=\"SINAPI\",VLOOKUP($F1718,DADOS_SINAPI,4,0),IF(G1718=\"SETOP\",VLOOKUP($F1718,DADOS_SETOP,4,0),IF(G1718=\"CPU\",VLOOKUP($F1718,DADOS_COMPOSICAO,13,0),IF(G1718=\"SICRO\",VLOOKUP($F1718,DADOS_SICRO,4,0),IF(G1718=\"SUDECAP\",VLOOKUP(F1718,DADOS_SUDECAP,4,0),IF(G1718=\"COTAÇÃO\",VLOOKUP(F1718,DADOS_COTACAO,12,0),\"\")))))),2)","v":8.07},"BDI 1",{"$f":"TRUNC(J1718*(1+$N$17),2)","v":10.210000000000001},{"$f":"IFERROR(TRUNC(I1718*J1718,2),\"\")","v":226.04},{"$f":"IFERROR(TRUNC(L1718*I1718,2),\"\")","v":285.98}]
[2000]
[2000,null,null,null,"Total",28.01,"m"]
[2000]
[{"$f":"IFERROR(LEFT(D1722,SEARCH(\".\",D1722)-1),\"\")","v":"17"},{"$f":"IFERROR(LEFT(RIGHT(D1722,LEN(D1722)-SEARCH(\".\",D1722)),SEARCH(\".\",RIGHT(D1722,LEN(D1722)-SEARCH(\".\",D1722)))-1),\"\")","v":"6"},{"$f":"IFERROR(IF(LEN(D1722)-LEN(SUBSTITUTE(D1722,\".\",\"\"))<>3,\"\",MID(D1722,SEARCH(\".\",D1722,SEARCH(\".\",D1722)+1)+1,LEN(D1722)-SEARCH(\".\",D1722,SEARCH(\".\",D1722)+1)-(LEN(D1722)-(SEARCH(\".\",D1722,SEARCH(\".\",D1722,SEARCH(\".\",D1722)+1)+1)-1)))),\"\")","v":""},"17.6.4",{"$f":"IF($G1722=\"SINAPI\",VLOOKUP($F1722,DADOS_SINAPI,2,0),IF(G1722=\"SETOP\",VLOOKUP($F1722,DADOS_SETOP,2,0),IF(G1722=\"CPU\",VLOOKUP($F1722,DADOS_COMPOSICAO,2,0),IF(G1722=\"SICRO\",VLOOKUP($F1722,DADOS_SICRO,2,0),IF(G1722=\"SUDECAP\",VLOOKUP(F1722,DADOS_SUDECAP,2,0),IF(G1722=\"COTAÇÃO\",VLOOKUP($F1722,DADOS_COTACAO,2,0),\"\"))))))","v":"DUTO CORRUGADO EM PEAD (POLIETILENO DE ALTA DENSIDADE), PARA PROTEÇÃO DE CABOS SUBTERRÂNEOS DN 75 MM (3\")"},"ED-49297","SETOP","M",{"$f":"F1724","v":61.21},{"$f":"TRUNC(IF(G1722=\"SINAPI\",VLOOKUP($F1722,DADOS_SINAPI,4,0),IF(G1722=\"SETOP\",VLOOKUP($F1722,DADOS_SETOP,4,0),IF(G1722=\"CPU\",VLOOKUP($F1722,DADOS_COMPOSICAO,13,0),IF(G1722=\"SICRO\",VLOOKUP($F1722,DADOS_SICRO,4,0),IF(G1722=\"SUDECAP\",VLOOKUP(F1722,DADOS_SUDECAP,4,0),IF(G1722=\"COTAÇÃO\",VLOOKUP(F1722,DADOS_COTACAO,12,0),\"\")))))),2)","v":47.43},"BDI 1",{"$f":"TRUNC(J1722*(1+$N$17),2)","v":60},{"$f":"IFERROR(TRUNC(I1722*J1722,2),\"\")","v":2903.19},{"$f":"IFERROR(TRUNC(L1722*I1722,2),\"\")","v":3672.6}]
[2000]
[2000,null,null,null,"Total",61.21,"m"]
[2000]
[null,null,null,"17.7","LUMINÁRIAS E ACESSÓRIOS",null,null,null,null,null,null,null,{"$f":"IFERROR(SUMIFS(M:M,A:A,LEFT(D1726,SEARCH(\".\",D1726)-1),B:B,RIGHT(D1726,LEN(D1726)-SEARCH(\".\",D1726))),\"\")","v":11747.68},{"$f":"IFERROR(SUMIFS(N:N,A:A,LEFT(D1726,SEARCH(\".\",D1726)-1),B:B,RIGHT(D1726,LEN(D1726)-SEARCH(\".\",D1726))),\"\")","v":14862.76}]
[{"$f":"IFERROR(LEFT(D1727,SEARCH(\".\",D1727)-1),\"\")","v":"17"},{"$f":"IFERROR(LEFT(RIGHT(D1727,LEN(D1727)-SEARCH(\".\",D1727)),SEARCH(\".\",RIGHT(D1727,LEN(D1727)-SEARCH(\".\",D1727)))-1),\"\")","v":"7"},{"$f":"IFERROR(IF(LEN(D1727)-LEN(SUBSTITUTE(D1727,\".\",\"\"))<>3,\"\",MID(D1727,SEARCH(\".\",D1727,SEARCH(\".\",D1727)+1)+1,LEN(D1727)-SEARCH(\".\",D1727,SEARCH(\".\",D1727)+1)-(LEN(D1727)-(SEARCH(\".\",D1727,SEARCH(\".\",D1727,SEARCH(\".\",D1727)+1)+1)-1)))),\"\")","v":""},"17.7.1",{"$f":"IF($G1727=\"SINAPI\",VLOOKUP($F1727,DADOS_SINAPI,2,0),IF(G1727=\"SETOP\",VLOOKUP($F1727,DADOS_SETOP,2,0),IF(G1727=\"CPU\",VLOOKUP($F1727,DADOS_COMPOSICAO,2,0),IF(G1727=\"SICRO\",VLOOKUP($F1727,DADOS_SICRO,2,0),IF(G1727=\"SUDECAP\",VLOOKUP(F1727,DADOS_SUDECAP,2,0),IF(G1727=\"COTAÇÃO\",VLOOKUP($F1727,DADOS_COTACAO,2,0),\"\"))))))","v":"LUMINÁRIA COMERCIAL CHANFRADA DE SOBREPOR COMPLETA, PARA DUAS (2) LÂMPADAS TUBULARES LED 2X18W-ØT8, TEMPERATURA DA COR 6500K, FORNECIMENTO E INSTALAÇÃO, INCLUSIVE BASE E LÂMPADAS"},"ED-13338","SETOP",{"$f":"IF(G1727=\"SINAPI\",VLOOKUP($F1727,DADOS_SINAPI,3,0),IF(G1727=\"SETOP\",VLOOKUP($F1727,DADOS_SETOP,3,0),IF(G1727=\"CPU\",VLOOKUP($F1727,DADOS_COMPOSICAO,10,0),IF(G1727=\"SICRO\",VLOOKUP($F1727,DADOS_SICRO,3,0),IF(G1727=\"SUDECAP\",VLOOKUP(F1727,DADOS_SUDECAP,3,0),IF(G1727=\"COTAÇÃO\",VLOOKUP($F1727,DADOS_COTACAO,9,0),\"\"))))))","v":"un"},{"$f":"F1729","v":68},{"$f":"TRUNC(IF(G1727=\"SINAPI\",VLOOKUP($F1727,DADOS_SINAPI,4,0),IF(G1727=\"SETOP\",VLOOKUP($F1727,DADOS_SETOP,4,0),IF(G1727=\"CPU\",VLOOKUP($F1727,DADOS_COMPOSICAO,13,0),IF(G1727=\"SICRO\",VLOOKUP($F1727,DADOS_SICRO,4,0),IF(G1727=\"SUDECAP\",VLOOKUP(F1727,DADOS_SUDECAP,4,0),IF(G1727=\"COTAÇÃO\",VLOOKUP(F1727,DADOS_COTACAO,12,0),\"\")))))),2)","v":172.76},"BDI 1",{"$f":"TRUNC(J1727*(1+$N$17),2)","v":218.57},{"$f":"IFERROR(TRUNC(I1727*J1727,2),\"\")","v":11747.68},{"$f":"IFERROR(TRUNC(L1727*I1727,2),\"\")","v":14862.76}]
[2000]
[2000,null,null,null,"Total",68,"un"]
[2000]
[null,null,null,"17.8","QUADRO DISTRIB. CHAPA PINTADA - SOBREPOR",null,null,null,null,null,null,null,{"$f":"IFERROR(SUMIFS(M:M,A:A,LEFT(D1731,SEARCH(\".\",D1731)-1),B:B,RIGHT(D1731,LEN(D1731)-SEARCH(\".\",D1731))),\"\")","v":2457.37},{"$f":"IFERROR(SUMIFS(N:N,A:A,LEFT(D1731,SEARCH(\".\",D1731)-1),B:B,RIGHT(D1731,LEN(D1731)-SEARCH(\".\",D1731))),\"\")","v":3109.06}]
[{"$f":"IFERROR(LEFT(D1732,SEARCH(\".\",D1732)-1),\"\")","v":"17"},{"$f":"IFERROR(LEFT(RIGHT(D1732,LEN(D1732)-SEARCH(\".\",D1732)),SEARCH(\".\",RIGHT(D1732,LEN(D1732)-SEARCH(\".\",D1732)))-1),\"\")","v":"8"},{"$f":"IFERROR(IF(LEN(D1732)-LEN(SUBSTITUTE(D1732,\".\",\"\"))<>3,\"\",MID(D1732,SEARCH(\".\",D1732,SEARCH(\".\",D1732)+1)+1,LEN(D1732)-SEARCH(\".\",D1732,SEARCH(\".\",D1732)+1)-(LEN(D1732)-(SEARCH(\".\",D1732,SEARCH(\".\",D1732,SEARCH(\".\",D1732)+1)+1)-1)))),\"\")","v":""},"17.8.1",{"$f":"IF($G1732=\"SINAPI\",VLOOKUP($F1732,DADOS_SINAPI,2,0),IF(G1732=\"SETOP\",VLOOKUP($F1732,DADOS_SETOP,2,0),IF(G1732=\"CPU\",VLOOKUP($F1732,DADOS_COMPOSICAO,2,0),IF(G1732=\"SICRO\",VLOOKUP($F1732,DADOS_SICRO,2,0),IF(G1732=\"SUDECAP\",VLOOKUP(F1732,DADOS_SUDECAP,2,0),IF(G1732=\"COTAÇÃO\",VLOOKUP($F1732,DADOS_COTACAO,2,0),\"\"))))))","v":"QUADRO DE DISTRIBUIÇÃO DE ENERGIA EM CHAPA DE AÇO GALVANIZADO, DE EMBUTIR, COM BARRAMENTO TRIFÁSICO, PARA 30 DISJUNTORES DIN 225A - FORNECIMENTO E INSTALAÇÃO. AF_10/2020"},101882,"SINAPI",{"$f":"IF(G1732=\"SINAPI\",VLOOKUP($F1732,DADOS_SINAPI,3,0),IF(G1732=\"SETOP\",VLOOKUP($F1732,DADOS_SETOP,3,0),IF(G1732=\"CPU\",VLOOKUP($F1732,DADOS_COMPOSICAO,10,0),IF(G1732=\"SICRO\",VLOOKUP($F1732,DADOS_SICRO,3,0),IF(G1732=\"SUDECAP\",VLOOKUP(F1732,DADOS_SUDECAP,3,0),IF(G1732=\"COTAÇÃO\",VLOOKUP($F1732,DADOS_COTACAO,9,0),\"\"))))))","v":"UN"},{"$f":"F1734","v":1},{"$f":"TRUNC(IF(G1732=\"SINAPI\",VLOOKUP($F1732,DADOS_SINAPI,4,0),IF(G1732=\"SETOP\",VLOOKUP($F1732,DADOS_SETOP,4,0),IF(G1732=\"CPU\",VLOOKUP($F1732,DADOS_COMPOSICAO,13,0),IF(G1732=\"SICRO\",VLOOKUP($F1732,DADOS_SICRO,4,0),IF(G1732=\"SUDECAP\",VLOOKUP(F1732,DADOS_SUDECAP,4,0),IF(G1732=\"COTAÇÃO\",VLOOKUP(F1732,DADOS_COTACAO,12,0),\"\")))))),2)","v":1354.57},"BDI 1",{"$f":"TRUNC(J1732*(1+$N$17),2)","v":1713.8},{"$f":"IFERROR(TRUNC(I1732*J1732,2),\"\")","v":1354.57},{"$f":"IFERROR(TRUNC(L1732*I1732,2),\"\")","v":1713.8}]
[2000]
[2000,null,null,null,"Total",1,"un"]
[2000]
[{"$f":"IFERROR(LEFT(D1736,SEARCH(\".\",D1736)-1),\"\")","v":"17"},{"$f":"IFERROR(LEFT(RIGHT(D1736,LEN(D1736)-SEARCH(\".\",D1736)),SEARCH(\".\",RIGHT(D1736,LEN(D1736)-SEARCH(\".\",D1736)))-1),\"\")","v":"8"},{"$f":"IFERROR(IF(LEN(D1736)-LEN(SUBSTITUTE(D1736,\".\",\"\"))<>3,\"\",MID(D1736,SEARCH(\".\",D1736,SEARCH(\".\",D1736)+1)+1,LEN(D1736)-SEARCH(\".\",D1736,SEARCH(\".\",D1736)+1)-(LEN(D1736)-(SEARCH(\".\",D1736,SEARCH(\".\",D1736,SEARCH(\".\",D1736)+1)+1)-1)))),\"\")","v":""},"17.8.2",{"$f":"IF($G1736=\"SINAPI\",VLOOKUP($F1736,DADOS_SINAPI,2,0),IF(G1736=\"SETOP\",VLOOKUP($F1736,DADOS_SETOP,2,0),IF(G1736=\"CPU\",VLOOKUP($F1736,DADOS_COMPOSICAO,2,0),IF(G1736=\"SICRO\",VLOOKUP($F1736,DADOS_SICRO,2,0),IF(G1736=\"SUDECAP\",VLOOKUP(F1736,DADOS_SUDECAP,2,0),IF(G1736=\"COTAÇÃO\",VLOOKUP($F1736,DADOS_COTACAO,2,0),\"\"))))))","v":"QUADRO DE DISTRIBUIÇÃO DE ENERGIA EM CHAPA DE AÇO GALVANIZADO, DE EMBUTIR, COM BARRAMENTO TRIFÁSICO, PARA 18 DISJUNTORES DIN 100A - FORNECIMENTO E INSTALAÇÃO. AF_10/2020"},101883,"SINAPI",{"$f":"IF(G1736=\"SINAPI\",VLOOKUP($F1736,DADOS_SINAPI,3,0),IF(G1736=\"SETOP\",VLOOKUP($F1736,DADOS_SETOP,3,0),IF(G1736=\"CPU\",VLOOKUP($F1736,DADOS_COMPOSICAO,10,0),IF(G1736=\"SICRO\",VLOOKUP($F1736,DADOS_SICRO,3,0),IF(G1736=\"SUDECAP\",VLOOKUP(F1736,DADOS_SUDECAP,3,0),IF(G1736=\"COTAÇÃO\",VLOOKUP($F1736,DADOS_COTACAO,9,0),\"\"))))))","v":"UN"},{"$f":"F1738","v":2},{"$f":"TRUNC(IF(G1736=\"SINAPI\",VLOOKUP($F1736,DADOS_SINAPI,4,0),IF(G1736=\"SETOP\",VLOOKUP($F1736,DADOS_SETOP,4,0),IF(G1736=\"CPU\",VLOOKUP($F1736,DADOS_COMPOSICAO,13,0),IF(G1736=\"SICRO\",VLOOKUP($F1736,DADOS_SICRO,4,0),IF(G1736=\"SUDECAP\",VLOOKUP(F1736,DADOS_SUDECAP,4,0),IF(G1736=\"COTAÇÃO\",VLOOKUP(F1736,DADOS_COTACAO,12,0),\"\")))))),2)","v":551.4},"BDI 1",{"$f":"TRUNC(J1736*(1+$N$17),2)","v":697.63},{"$f":"IFERROR(TRUNC(I1736*J1736,2),\"\")","v":1102.8},{"$f":"IFERROR(TRUNC(L1736*I1736,2),\"\")","v":1395.26}]
[2000]
[2000,null,null,null,"Total",2,"un"]
[2000]
[null,null,null,"17.9","ENTRADA DE SERVIÇO",null,null,null,null,null,null,null,{"$f":"IFERROR(SUMIFS(M:M,A:A,LEFT(D1740,SEARCH(\".\",D1740)-1),B:B,RIGHT(D1740,LEN(D1740)-SEARCH(\".\",D1740))),\"\")","v":5103.8},{"$f":"IFERROR(SUMIFS(N:N,A:A,LEFT(D1740,SEARCH(\".\",D1740)-1),B:B,RIGHT(D1740,LEN(D1740)-SEARCH(\".\",D1740))),\"\")","v":6457.32}]
[{"$f":"IFERROR(LEFT(D1741,SEARCH(\".\",D1741)-1),\"\")","v":"17"},{"$f":"IFERROR(LEFT(RIGHT(D1741,LEN(D1741)-SEARCH(\".\",D1741)),SEARCH(\".\",RIGHT(D1741,LEN(D1741)-SEARCH(\".\",D1741)))-1),\"\")","v":"9"},{"$f":"IFERROR(IF(LEN(D1741)-LEN(SUBSTITUTE(D1741,\".\",\"\"))<>3,\"\",MID(D1741,SEARCH(\".\",D1741,SEARCH(\".\",D1741)+1)+1,LEN(D1741)-SEARCH(\".\",D1741,SEARCH(\".\",D1741)+1)-(LEN(D1741)-(SEARCH(\".\",D1741,SEARCH(\".\",D1741,SEARCH(\".\",D1741)+1)+1)-1)))),\"\")","v":""},"17.9.1",{"$f":"IF($G1741=\"SINAPI\",VLOOKUP($F1741,DADOS_SINAPI,2,0),IF(G1741=\"SETOP\",VLOOKUP($F1741,DADOS_SETOP,2,0),IF(G1741=\"CPU\",VLOOKUP($F1741,DADOS_COMPOSICAO,2,0),IF(G1741=\"SICRO\",VLOOKUP($F1741,DADOS_SICRO,2,0),IF(G1741=\"SUDECAP\",VLOOKUP(F1741,DADOS_SUDECAP,2,0),IF(G1741=\"COTAÇÃO\",VLOOKUP($F1741,DADOS_COTACAO,2,0),\"\"))))))","v":"ENTRADA DE ENERGIA AÉREA, TIPO C6, PADRÃO CEMIG, CARGA INSTALADA DE 47,1KVA ATÉ 57KVA, TRIFÁSICO, COM SAÍDA SUBTERRÂNEA, INCLUSIVE POSTE, CAIXA PARA MEDIDOR, DISJUNTOR, BARRAMENTO, ATERRAMENTO E ACESSÓRIOS"},"ED-20586","SETOP",{"$f":"IF(G1741=\"SINAPI\",VLOOKUP($F1741,DADOS_SINAPI,3,0),IF(G1741=\"SETOP\",VLOOKUP($F1741,DADOS_SETOP,3,0),IF(G1741=\"CPU\",VLOOKUP($F1741,DADOS_COMPOSICAO,10,0),IF(G1741=\"SICRO\",VLOOKUP($F1741,DADOS_SICRO,3,0),IF(G1741=\"SUDECAP\",VLOOKUP(F1741,DADOS_SUDECAP,3,0),IF(G1741=\"COTAÇÃO\",VLOOKUP($F1741,DADOS_COTACAO,9,0),\"\"))))))","v":"un"},{"$f":"F1743","v":1},{"$f":"TRUNC(IF(G1741=\"SINAPI\",VLOOKUP($F1741,DADOS_SINAPI,4,0),IF(G1741=\"SETOP\",VLOOKUP($F1741,DADOS_SETOP,4,0),IF(G1741=\"CPU\",VLOOKUP($F1741,DADOS_COMPOSICAO,13,0),IF(G1741=\"SICRO\",VLOOKUP($F1741,DADOS_SICRO,4,0),IF(G1741=\"SUDECAP\",VLOOKUP(F1741,DADOS_SUDECAP,4,0),IF(G1741=\"COTAÇÃO\",VLOOKUP(F1741,DADOS_COTACAO,12,0),\"\")))))),2)","v":5103.8},"BDI 1",{"$f":"TRUNC(J1741*(1+$N$17),2)","v":6457.32},{"$f":"IFERROR(TRUNC(I1741*J1741,2),\"\")","v":5103.8},{"$f":"IFERROR(TRUNC(L1741*I1741,2),\"\")","v":6457.32}]
[2000]
[2000,null,null,null,"Total",1,"un"]
[2000]
[null,null,null,"17.10","SERVIÇOS COMPLEMENTARES",null,null,null,null,null,null,null,{"$f":"IFERROR(SUMIFS(M:M,A:A,LEFT(D1745,SEARCH(\".\",D1745)-1),B:B,RIGHT(D1745,LEN(D1745)-SEARCH(\".\",D1745))),\"\")","v":1946.69},{"$f":"IFERROR(SUMIFS(N:N,A:A,LEFT(D1745,SEARCH(\".\",D1745)-1),B:B,RIGHT(D1745,LEN(D1745)-SEARCH(\".\",D1745))),\"\")","v":2463.1800000000003}]
[{"$f":"IFERROR(LEFT(D1746,SEARCH(\".\",D1746)-1),\"\")","v":"17"},{"$f":"IFERROR(LEFT(RIGHT(D1746,LEN(D1746)-SEARCH(\".\",D1746)),SEARCH(\".\",RIGHT(D1746,LEN(D1746)-SEARCH(\".\",D1746)))-1),\"\")","v":"10"},{"$f":"IFERROR(IF(LEN(D1746)-LEN(SUBSTITUTE(D1746,\".\",\"\"))<>3,\"\",MID(D1746,SEARCH(\".\",D1746,SEARCH(\".\",D1746)+1)+1,LEN(D1746)-SEARCH(\".\",D1746,SEARCH(\".\",D1746)+1)-(LEN(D1746)-(SEARCH(\".\",D1746,SEARCH(\".\",D1746,SEARCH(\".\",D1746)+1)+1)-1)))),\"\")","v":""},"17.10.1",{"$f":"IF($G1746=\"SINAPI\",VLOOKUP($F1746,DADOS_SINAPI,2,0),IF(G1746=\"SETOP\",VLOOKUP($F1746,DADOS_SETOP,2,0),IF(G1746=\"CPU\",VLOOKUP($F1746,DADOS_COMPOSICAO,2,0),IF(G1746=\"SICRO\",VLOOKUP($F1746,DADOS_SICRO,2,0),IF(G1746=\"SUDECAP\",VLOOKUP(F1746,DADOS_SUDECAP,2,0),IF(G1746=\"COTAÇÃO\",VLOOKUP($F1746,DADOS_COTACAO,2,0),\"\"))))))","v":"ESCAVAÇÃO MANUAL DE VALA. AF_09/2024"},93358,"SINAPI",{"$f":"IF(G1746=\"SINAPI\",VLOOKUP($F1746,DADOS_SINAPI,3,0),IF(G1746=\"SETOP\",VLOOKUP($F1746,DADOS_SETOP,3,0),IF(G1746=\"CPU\",VLOOKUP($F1746,DADOS_COMPOSICAO,10,0),IF(G1746=\"SICRO\",VLOOKUP($F1746,DADOS_SICRO,3,0),IF(G1746=\"SUDECAP\",VLOOKUP(F1746,DADOS_SUDECAP,3,0),IF(G1746=\"COTAÇÃO\",VLOOKUP($F1746,DADOS_COTACAO,9,0),\"\"))))))","v":"M3"},{"$f":"F1751","v":18.736199999999997},{"$f":"TRUNC(IF(G1746=\"SINAPI\",VLOOKUP($F1746,DADOS_SINAPI,4,0),IF(G1746=\"SETOP\",VLOOKUP($F1746,DADOS_SETOP,4,0),IF(G1746=\"CPU\",VLOOKUP($F1746,DADOS_COMPOSICAO,13,0),IF(G1746=\"SICRO\",VLOOKUP($F1746,DADOS_SICRO,4,0),IF(G1746=\"SUDECAP\",VLOOKUP(F1746,DADOS_SUDECAP,4,0),IF(G1746=\"COTAÇÃO\",VLOOKUP(F1746,DADOS_COTACAO,12,0),\"\")))))),2)","v":82.75},"BDI 1",{"$f":"TRUNC(J1746*(1+$N$17),2)","v":104.69},{"$f":"IFERROR(TRUNC(I1746*J1746,2),\"\")","v":1550.42},1961.89]
[2000]
[2000,null,null,null,"Largura",0.3,"m"]
[2000,null,null,null,"Profundide",0.7,"m"]
[2000,null,null,null,"Comprimento",{"$f":"61.21+28.01","v":89.22},"m"]
[2000,null,null,null,"Total",{"$f":"F1750*F1749*F1748","v":18.736199999999997},"m³"]
[2000]
[{"$f":"IFERROR(LEFT(D1753,SEARCH(\".\",D1753)-1),\"\")","v":"17"},{"$f":"IFERROR(LEFT(RIGHT(D1753,LEN(D1753)-SEARCH(\".\",D1753)),SEARCH(\".\",RIGHT(D1753,LEN(D1753)-SEARCH(\".\",D1753)))-1),\"\")","v":"10"},{"$f":"IFERROR(IF(LEN(D1753)-LEN(SUBSTITUTE(D1753,\".\",\"\"))<>3,\"\",MID(D1753,SEARCH(\".\",D1753,SEARCH(\".\",D1753)+1)+1,LEN(D1753)-SEARCH(\".\",D1753,SEARCH(\".\",D1753)+1)-(LEN(D1753)-(SEARCH(\".\",D1753,SEARCH(\".\",D1753,SEARCH(\".\",D1753)+1)+1)-1)))),\"\")","v":""},"17.10.2",{"$f":"IF($G1753=\"SINAPI\",VLOOKUP($F1753,DADOS_SINAPI,2,0),IF(G1753=\"SETOP\",VLOOKUP($F1753,DADOS_SETOP,2,0),IF(G1753=\"CPU\",VLOOKUP($F1753,DADOS_COMPOSICAO,2,0),IF(G1753=\"SICRO\",VLOOKUP($F1753,DADOS_SICRO,2,0),IF(G1753=\"SUDECAP\",VLOOKUP(F1753,DADOS_SUDECAP,2,0),IF(G1753=\"COTAÇÃO\",VLOOKUP($F1753,DADOS_COTACAO,2,0),\"\"))))))","v":"REATERRO MANUAL DE VALAS, COM PLACA VIBRATÓRIA. AF_08/2023"},104737,"SINAPI",{"$f":"IF(G1753=\"SINAPI\",VLOOKUP($F1753,DADOS_SINAPI,3,0),IF(G1753=\"SETOP\",VLOOKUP($F1753,DADOS_SETOP,3,0),IF(G1753=\"CPU\",VLOOKUP($F1753,DADOS_COMPOSICAO,10,0),IF(G1753=\"SICRO\",VLOOKUP($F1753,DADOS_SICRO,3,0),IF(G1753=\"SUDECAP\",VLOOKUP(F1753,DADOS_SUDECAP,3,0),IF(G1753=\"COTAÇÃO\",VLOOKUP($F1753,DADOS_COTACAO,9,0),\"\"))))))","v":"M3"},{"$f":"F1758","v":18.736199999999997},{"$f":"TRUNC(IF(G1753=\"SINAPI\",VLOOKUP($F1753,DADOS_SINAPI,4,0),IF(G1753=\"SETOP\",VLOOKUP($F1753,DADOS_SETOP,4,0),IF(G1753=\"CPU\",VLOOKUP($F1753,DADOS_COMPOSICAO,13,0),IF(G1753=\"SICRO\",VLOOKUP($F1753,DADOS_SICRO,4,0),IF(G1753=\"SUDECAP\",VLOOKUP(F1753,DADOS_SUDECAP,4,0),IF(G1753=\"COTAÇÃO\",VLOOKUP(F1753,DADOS_COTACAO,12,0),\"\")))))),2)","v":21.15},"BDI 1",{"$f":"TRUNC(J1753*(1+$N$17),2)","v":26.75},{"$f":"IFERROR(TRUNC(I1753*J1753,2),\"\")","v":396.27},501.29]
[2000]
[2000,null,null,null,"Largura",0.3,"m"]
[2000,null,null,null,"Profundide",0.7,"m"]
[2000,null,null,null,"Comprimento",{"$f":"F1750","v":89.22},"m"]
[2000,null,null,null,"Total",{"$f":"F1757*F1756*F1755","v":18.736199999999997},"m³"]
[2000]
[1000,null,null,18,"CABEAMENTO ESTRUTURADO E CFTV",null,null,null,null,null,null,null,{"$f":"SUMIF(A:A,D1760,M:M)","v":23344.410000000003},{"$f":"SUMIF(A:A,D1760,N:N)","v":29532.800000000007}]
[null,null,null,"18.1","ACESSÓRIOS CABEAMENTO ",null,null,null,null,null,null,null,{"$f":"IFERROR(SUMIFS(M:M,A:A,LEFT(D1761,SEARCH(\".\",D1761)-1),B:B,RIGHT(D1761,LEN(D1761)-SEARCH(\".\",D1761))),\"\")","v":9041.5499999999993},{"$f":"IFERROR(SUMIFS(N:N,A:A,LEFT(D1761,SEARCH(\".\",D1761)-1),B:B,RIGHT(D1761,LEN(D1761)-SEARCH(\".\",D1761))),\"\")","v":11438.990000000002}]
[{"$f":"IFERROR(LEFT(D1762,SEARCH(\".\",D1762)-1),\"\")","v":"18"},{"$f":"IFERROR(LEFT(RIGHT(D1762,LEN(D1762)-SEARCH(\".\",D1762)),SEARCH(\".\",RIGHT(D1762,LEN(D1762)-SEARCH(\".\",D1762)))-1),\"\")","v":"1"},{"$f":"IFERROR(IF(LEN(D1762)-LEN(SUBSTITUTE(D1762,\".\",\"\"))<>3,\"\",MID(D1762,SEARCH(\".\",D1762,SEARCH(\".\",D1762)+1)+1,LEN(D1762)-SEARCH(\".\",D1762,SEARCH(\".\",D1762)+1)-(LEN(D1762)-(SEARCH(\".\",D1762,SEARCH(\".\",D1762,SEARCH(\".\",D1762)+1)+1)-1)))),\"\")","v":""},"18.1.1",{"$f":"IF($G1762=\"SINAPI\",VLOOKUP($F1762,DADOS_SINAPI,2,0),IF(G1762=\"SETOP\",VLOOKUP($F1762,DADOS_SETOP,2,0),IF(G1762=\"CPU\",VLOOKUP($F1762,DADOS_COMPOSICAO,2,0),IF(G1762=\"SICRO\",VLOOKUP($F1762,DADOS_SICRO,2,0),IF(G1762=\"SUDECAP\",VLOOKUP(F1762,DADOS_SUDECAP,2,0),IF(G1762=\"COTAÇÃO\",VLOOKUP($F1762,DADOS_COTACAO,2,0),\"\"))))))","v":"ACCESS POINT"},"COT-DAD-005","COTAÇÃO",{"$f":"IF(G1762=\"SINAPI\",VLOOKUP($F1762,DADOS_SINAPI,3,0),IF(G1762=\"SETOP\",VLOOKUP($F1762,DADOS_SETOP,3,0),IF(G1762=\"CPU\",VLOOKUP($F1762,DADOS_COMPOSICAO,10,0),IF(G1762=\"SICRO\",VLOOKUP($F1762,DADOS_SICRO,3,0),IF(G1762=\"SUDECAP\",VLOOKUP(F1762,DADOS_SUDECAP,3,0),IF(G1762=\"COTAÇÃO\",VLOOKUP($F1762,DADOS_COTACAO,9,0),\"\"))))))","v":"UN "},{"$f":"F1764","v":2},{"$f":"TRUNC(IF(G1762=\"SINAPI\",VLOOKUP($F1762,DADOS_SINAPI,4,0),IF(G1762=\"SETOP\",VLOOKUP($F1762,DADOS_SETOP,4,0),IF(G1762=\"CPU\",VLOOKUP($F1762,DADOS_COMPOSICAO,13,0),IF(G1762=\"SICRO\",VLOOKUP($F1762,DADOS_SICRO,4,0),IF(G1762=\"SUDECAP\",VLOOKUP(F1762,DADOS_SUDECAP,4,0),IF(G1762=\"COTAÇÃO\",VLOOKUP(F1762,DADOS_COTACAO,12,0),\"\")))))),2)","v":976.79},"BDI 1",{"$f":"TRUNC(J1762*(1+$N$17),2)","v":1235.83},{"$f":"IFERROR(TRUNC(I1762*J1762,2),\"\")","v":1953.58},{"$f":"IFERROR(TRUNC(L1762*I1762,2),\"\")","v":2471.66}]
[2000]
[2000,null,null,null,"Quantidade",2,"un"]
[2000]
[{"$f":"IFERROR(LEFT(D1766,SEARCH(\".\",D1766)-1),\"\")","v":"18"},{"$f":"IFERROR(LEFT(RIGHT(D1766,LEN(D1766)-SEARCH(\".\",D1766)),SEARCH(\".\",RIGHT(D1766,LEN(D1766)-SEARCH(\".\",D1766)))-1),\"\")","v":"1"},{"$f":"IFERROR(IF(LEN(D1766)-LEN(SUBSTITUTE(D1766,\".\",\"\"))<>3,\"\",MID(D1766,SEARCH(\".\",D1766,SEARCH(\".\",D1766)+1)+1,LEN(D1766)-SEARCH(\".\",D1766,SEARCH(\".\",D1766)+1)-(LEN(D1766)-(SEARCH(\".\",D1766,SEARCH(\".\",D1766,SEARCH(\".\",D1766)+1)+1)-1)))),\"\")","v":""},"18.1.2",{"$f":"IF($G1766=\"SINAPI\",VLOOKUP($F1766,DADOS_SINAPI,2,0),IF(G1766=\"SETOP\",VLOOKUP($F1766,DADOS_SETOP,2,0),IF(G1766=\"CPU\",VLOOKUP($F1766,DADOS_COMPOSICAO,2,0),IF(G1766=\"SICRO\",VLOOKUP($F1766,DADOS_SICRO,2,0),IF(G1766=\"SUDECAP\",VLOOKUP(F1766,DADOS_SUDECAP,2,0),IF(G1766=\"COTAÇÃO\",VLOOKUP($F1766,DADOS_COTACAO,2,0),\"\"))))))","v":"CONECTOR RJ45 - PACOTE COM 100 UNIDADES"},"COT-DAD-009","COTAÇÃO",{"$f":"IF(G1766=\"SINAPI\",VLOOKUP($F1766,DADOS_SINAPI,3,0),IF(G1766=\"SETOP\",VLOOKUP($F1766,DADOS_SETOP,3,0),IF(G1766=\"CPU\",VLOOKUP($F1766,DADOS_COMPOSICAO,10,0),IF(G1766=\"SICRO\",VLOOKUP($F1766,DADOS_SICRO,3,0),IF(G1766=\"SUDECAP\",VLOOKUP(F1766,DADOS_SUDECAP,3,0),IF(G1766=\"COTAÇÃO\",VLOOKUP($F1766,DADOS_COTACAO,9,0),\"\"))))))","v":"UN "},{"$f":"F1768","v":1},{"$f":"TRUNC(IF(G1766=\"SINAPI\",VLOOKUP($F1766,DADOS_SINAPI,4,0),IF(G1766=\"SETOP\",VLOOKUP($F1766,DADOS_SETOP,4,0),IF(G1766=\"CPU\",VLOOKUP($F1766,DADOS_COMPOSICAO,13,0),IF(G1766=\"SICRO\",VLOOKUP($F1766,DADOS_SICRO,4,0),IF(G1766=\"SUDECAP\",VLOOKUP(F1766,DADOS_SUDECAP,4,0),IF(G1766=\"COTAÇÃO\",VLOOKUP(F1766,DADOS_COTACAO,12,0),\"\")))))),2)","v":34.5},"BDI 1",{"$f":"TRUNC(J1766*(1+$N$17),2)","v":43.64},{"$f":"IFERROR(TRUNC(I1766*J1766,2),\"\")","v":34.5},{"$f":"IFERROR(TRUNC(L1766*I1766,2),\"\")","v":43.64}]
[2000]
[2000,null,null,null,"Quantidade",1,"un"]
[2000]
[{"$f":"IFERROR(LEFT(D1770,SEARCH(\".\",D1770)-1),\"\")","v":"18"},{"$f":"IFERROR(LEFT(RIGHT(D1770,LEN(D1770)-SEARCH(\".\",D1770)),SEARCH(\".\",RIGHT(D1770,LEN(D1770)-SEARCH(\".\",D1770)))-1),\"\")","v":"1"},{"$f":"IFERROR(IF(LEN(D1770)-LEN(SUBSTITUTE(D1770,\".\",\"\"))<>3,\"\",MID(D1770,SEARCH(\".\",D1770,SEARCH(\".\",D1770)+1)+1,LEN(D1770)-SEARCH(\".\",D1770,SEARCH(\".\",D1770)+1)-(LEN(D1770)-(SEARCH(\".\",D1770,SEARCH(\".\",D1770,SEARCH(\".\",D1770)+1)+1)-1)))),\"\")","v":""},"18.1.3",{"$f":"IF($G1770=\"SINAPI\",VLOOKUP($F1770,DADOS_SINAPI,2,0),IF(G1770=\"SETOP\",VLOOKUP($F1770,DADOS_SETOP,2,0),IF(G1770=\"CPU\",VLOOKUP($F1770,DADOS_COMPOSICAO,2,0),IF(G1770=\"SICRO\",VLOOKUP($F1770,DADOS_SICRO,2,0),IF(G1770=\"SUDECAP\",VLOOKUP(F1770,DADOS_SUDECAP,2,0),IF(G1770=\"COTAÇÃO\",VLOOKUP($F1770,DADOS_COTACAO,2,0),\"\"))))))","v":"NVR 16 PORTAS"},"COT-DAD-001","COTAÇÃO",{"$f":"IF(G1770=\"SINAPI\",VLOOKUP($F1770,DADOS_SINAPI,3,0),IF(G1770=\"SETOP\",VLOOKUP($F1770,DADOS_SETOP,3,0),IF(G1770=\"CPU\",VLOOKUP($F1770,DADOS_COMPOSICAO,10,0),IF(G1770=\"SICRO\",VLOOKUP($F1770,DADOS_SICRO,3,0),IF(G1770=\"SUDECAP\",VLOOKUP(F1770,DADOS_SUDECAP,3,0),IF(G1770=\"COTAÇÃO\",VLOOKUP($F1770,DADOS_COTACAO,9,0),\"\"))))))","v":"UN "},{"$f":"F1772","v":1},{"$f":"TRUNC(IF(G1770=\"SINAPI\",VLOOKUP($F1770,DADOS_SINAPI,4,0),IF(G1770=\"SETOP\",VLOOKUP($F1770,DADOS_SETOP,4,0),IF(G1770=\"CPU\",VLOOKUP($F1770,DADOS_COMPOSICAO,13,0),IF(G1770=\"SICRO\",VLOOKUP($F1770,DADOS_SICRO,4,0),IF(G1770=\"SUDECAP\",VLOOKUP(F1770,DADOS_SUDECAP,4,0),IF(G1770=\"COTAÇÃO\",VLOOKUP(F1770,DADOS_COTACAO,12,0),\"\")))))),2)","v":3079.66},"BDI 1",{"$f":"TRUNC(J1770*(1+$N$17),2)","v":3896.38},{"$f":"IFERROR(TRUNC(I1770*J1770,2),\"\")","v":3079.66},{"$f":"IFERROR(TRUNC(L1770*I1770,2),\"\")","v":3896.38}]
[2000]
[2000,null,null,null,"Quantidade",1,"un"]
[2000]
[{"$f":"IFERROR(LEFT(D1774,SEARCH(\".\",D1774)-1),\"\")","v":"18"},{"$f":"IFERROR(LEFT(RIGHT(D1774,LEN(D1774)-SEARCH(\".\",D1774)),SEARCH(\".\",RIGHT(D1774,LEN(D1774)-SEARCH(\".\",D1774)))-1),\"\")","v":"1"},{"$f":"IFERROR(IF(LEN(D1774)-LEN(SUBSTITUTE(D1774,\".\",\"\"))<>3,\"\",MID(D1774,SEARCH(\".\",D1774,SEARCH(\".\",D1774)+1)+1,LEN(D1774)-SEARCH(\".\",D1774,SEARCH(\".\",D1774)+1)-(LEN(D1774)-(SEARCH(\".\",D1774,SEARCH(\".\",D1774,SEARCH(\".\",D1774)+1)+1)-1)))),\"\")","v":""},"18.1.4",{"$f":"IF($G1774=\"SINAPI\",VLOOKUP($F1774,DADOS_SINAPI,2,0),IF(G1774=\"SETOP\",VLOOKUP($F1774,DADOS_SETOP,2,0),IF(G1774=\"CPU\",VLOOKUP($F1774,DADOS_COMPOSICAO,2,0),IF(G1774=\"SICRO\",VLOOKUP($F1774,DADOS_SICRO,2,0),IF(G1774=\"SUDECAP\",VLOOKUP(F1774,DADOS_SUDECAP,2,0),IF(G1774=\"COTAÇÃO\",VLOOKUP($F1774,DADOS_COTACAO,2,0),\"\"))))))","v":"HD 2 TB"},"COT-DAD-002","COTAÇÃO",{"$f":"IF(G1774=\"SINAPI\",VLOOKUP($F1774,DADOS_SINAPI,3,0),IF(G1774=\"SETOP\",VLOOKUP($F1774,DADOS_SETOP,3,0),IF(G1774=\"CPU\",VLOOKUP($F1774,DADOS_COMPOSICAO,10,0),IF(G1774=\"SICRO\",VLOOKUP($F1774,DADOS_SICRO,3,0),IF(G1774=\"SUDECAP\",VLOOKUP(F1774,DADOS_SUDECAP,3,0),IF(G1774=\"COTAÇÃO\",VLOOKUP($F1774,DADOS_COTACAO,9,0),\"\"))))))","v":"UN "},{"$f":"F1776","v":1},{"$f":"TRUNC(IF(G1774=\"SINAPI\",VLOOKUP($F1774,DADOS_SINAPI,4,0),IF(G1774=\"SETOP\",VLOOKUP($F1774,DADOS_SETOP,4,0),IF(G1774=\"CPU\",VLOOKUP($F1774,DADOS_COMPOSICAO,13,0),IF(G1774=\"SICRO\",VLOOKUP($F1774,DADOS_SICRO,4,0),IF(G1774=\"SUDECAP\",VLOOKUP(F1774,DADOS_SUDECAP,4,0),IF(G1774=\"COTAÇÃO\",VLOOKUP(F1774,DADOS_COTACAO,12,0),\"\")))))),2)","v":755.08},"BDI 1",{"$f":"TRUNC(J1774*(1+$N$17),2)","v":955.32},{"$f":"IFERROR(TRUNC(I1774*J1774,2),\"\")","v":755.08},{"$f":"IFERROR(TRUNC(L1774*I1774,2),\"\")","v":955.32}]
[2000]
[2000,null,null,null,"Quantidade",1,"un"]
[2000]
[{"$f":"IFERROR(LEFT(D1778,SEARCH(\".\",D1778)-1),\"\")","v":"18"},{"$f":"IFERROR(LEFT(RIGHT(D1778,LEN(D1778)-SEARCH(\".\",D1778)),SEARCH(\".\",RIGHT(D1778,LEN(D1778)-SEARCH(\".\",D1778)))-1),\"\")","v":"1"},{"$f":"IFERROR(IF(LEN(D1778)-LEN(SUBSTITUTE(D1778,\".\",\"\"))<>3,\"\",MID(D1778,SEARCH(\".\",D1778,SEARCH(\".\",D1778)+1)+1,LEN(D1778)-SEARCH(\".\",D1778,SEARCH(\".\",D1778)+1)-(LEN(D1778)-(SEARCH(\".\",D1778,SEARCH(\".\",D1778,SEARCH(\".\",D1778)+1)+1)-1)))),\"\")","v":""},"18.1.5",{"$f":"IF($G1778=\"SINAPI\",VLOOKUP($F1778,DADOS_SINAPI,2,0),IF(G1778=\"SETOP\",VLOOKUP($F1778,DADOS_SETOP,2,0),IF(G1778=\"CPU\",VLOOKUP($F1778,DADOS_COMPOSICAO,2,0),IF(G1778=\"SICRO\",VLOOKUP($F1778,DADOS_SICRO,2,0),IF(G1778=\"SUDECAP\",VLOOKUP(F1778,DADOS_SUDECAP,2,0),IF(G1778=\"COTAÇÃO\",VLOOKUP($F1778,DADOS_COTACAO,2,0),\"\"))))))","v":"PATCH CORD RJ45/RJ45 UTP-4P METÁLICO CATEGORIA 6, PINAGEM T568A (VOZ), COMPRIMENTO 3 METROS"},"ED-48372","SETOP",{"$f":"IF(G1778=\"SINAPI\",VLOOKUP($F1778,DADOS_SINAPI,3,0),IF(G1778=\"SETOP\",VLOOKUP($F1778,DADOS_SETOP,3,0),IF(G1778=\"CPU\",VLOOKUP($F1778,DADOS_COMPOSICAO,10,0),IF(G1778=\"SICRO\",VLOOKUP($F1778,DADOS_SICRO,3,0),IF(G1778=\"SUDECAP\",VLOOKUP(F1778,DADOS_SUDECAP,3,0),IF(G1778=\"COTAÇÃO\",VLOOKUP($F1778,DADOS_COTACAO,9,0),\"\"))))))","v":"un"},{"$f":"F1780","v":40},{"$f":"TRUNC(IF(G1778=\"SINAPI\",VLOOKUP($F1778,DADOS_SINAPI,4,0),IF(G1778=\"SETOP\",VLOOKUP($F1778,DADOS_SETOP,4,0),IF(G1778=\"CPU\",VLOOKUP($F1778,DADOS_COMPOSICAO,13,0),IF(G1778=\"SICRO\",VLOOKUP($F1778,DADOS_SICRO,4,0),IF(G1778=\"SUDECAP\",VLOOKUP(F1778,DADOS_SUDECAP,4,0),IF(G1778=\"COTAÇÃO\",VLOOKUP(F1778,DADOS_COTACAO,12,0),\"\")))))),2)","v":22.28},"BDI 1",{"$f":"TRUNC(J1778*(1+$N$17),2)","v":28.18},{"$f":"IFERROR(TRUNC(I1778*J1778,2),\"\")","v":891.2},{"$f":"IFERROR(TRUNC(L1778*I1778,2),\"\")","v":1127.2}]
[2000]
[2000,null,null,null,"Quantidade",40,"un"]
[2000]
[{"$f":"IFERROR(LEFT(D1782,SEARCH(\".\",D1782)-1),\"\")","v":"18"},{"$f":"IFERROR(LEFT(RIGHT(D1782,LEN(D1782)-SEARCH(\".\",D1782)),SEARCH(\".\",RIGHT(D1782,LEN(D1782)-SEARCH(\".\",D1782)))-1),\"\")","v":"1"},{"$f":"IFERROR(IF(LEN(D1782)-LEN(SUBSTITUTE(D1782,\".\",\"\"))<>3,\"\",MID(D1782,SEARCH(\".\",D1782,SEARCH(\".\",D1782)+1)+1,LEN(D1782)-SEARCH(\".\",D1782,SEARCH(\".\",D1782)+1)-(LEN(D1782)-(SEARCH(\".\",D1782,SEARCH(\".\",D1782,SEARCH(\".\",D1782)+1)+1)-1)))),\"\")","v":""},"18.1.6",{"$f":"IF($G1782=\"SINAPI\",VLOOKUP($F1782,DADOS_SINAPI,2,0),IF(G1782=\"SETOP\",VLOOKUP($F1782,DADOS_SETOP,2,0),IF(G1782=\"CPU\",VLOOKUP($F1782,DADOS_COMPOSICAO,2,0),IF(G1782=\"SICRO\",VLOOKUP($F1782,DADOS_SICRO,2,0),IF(G1782=\"SUDECAP\",VLOOKUP(F1782,DADOS_SUDECAP,2,0),IF(G1782=\"COTAÇÃO\",VLOOKUP($F1782,DADOS_COTACAO,2,0),\"\"))))))","v":"PATCH PANEL 24 POSIÇÕES, CATEGORIA COM GUIA TRASEIRO"},"ED-48373","SETOP",{"$f":"IF(G1782=\"SINAPI\",VLOOKUP($F1782,DADOS_SINAPI,3,0),IF(G1782=\"SETOP\",VLOOKUP($F1782,DADOS_SETOP,3,0),IF(G1782=\"CPU\",VLOOKUP($F1782,DADOS_COMPOSICAO,10,0),IF(G1782=\"SICRO\",VLOOKUP($F1782,DADOS_SICRO,3,0),IF(G1782=\"SUDECAP\",VLOOKUP(F1782,DADOS_SUDECAP,3,0),IF(G1782=\"COTAÇÃO\",VLOOKUP($F1782,DADOS_COTACAO,9,0),\"\"))))))","v":"cj"},{"$f":"F1784","v":1},{"$f":"TRUNC(IF(G1782=\"SINAPI\",VLOOKUP($F1782,DADOS_SINAPI,4,0),IF(G1782=\"SETOP\",VLOOKUP($F1782,DADOS_SETOP,4,0),IF(G1782=\"CPU\",VLOOKUP($F1782,DADOS_COMPOSICAO,13,0),IF(G1782=\"SICRO\",VLOOKUP($F1782,DADOS_SICRO,4,0),IF(G1782=\"SUDECAP\",VLOOKUP(F1782,DADOS_SUDECAP,4,0),IF(G1782=\"COTAÇÃO\",VLOOKUP(F1782,DADOS_COTACAO,12,0),\"\")))))),2)","v":960.07},"BDI 1",{"$f":"TRUNC(J1782*(1+$N$17),2)","v":1214.68},{"$f":"IFERROR(TRUNC(I1782*J1782,2),\"\")","v":960.07},{"$f":"IFERROR(TRUNC(L1782*I1782,2),\"\")","v":1214.68}]
[2000]
[2000,null,null,null,"Quantidade",1,"cj"]
[2000]
[{"$f":"IFERROR(LEFT(D1786,SEARCH(\".\",D1786)-1),\"\")","v":"18"},{"$f":"IFERROR(LEFT(RIGHT(D1786,LEN(D1786)-SEARCH(\".\",D1786)),SEARCH(\".\",RIGHT(D1786,LEN(D1786)-SEARCH(\".\",D1786)))-1),\"\")","v":"1"},{"$f":"IFERROR(IF(LEN(D1786)-LEN(SUBSTITUTE(D1786,\".\",\"\"))<>3,\"\",MID(D1786,SEARCH(\".\",D1786,SEARCH(\".\",D1786)+1)+1,LEN(D1786)-SEARCH(\".\",D1786,SEARCH(\".\",D1786)+1)-(LEN(D1786)-(SEARCH(\".\",D1786,SEARCH(\".\",D1786,SEARCH(\".\",D1786)+1)+1)-1)))),\"\")","v":""},"18.1.7",{"$f":"IF($G1786=\"SINAPI\",VLOOKUP($F1786,DADOS_SINAPI,2,0),IF(G1786=\"SETOP\",VLOOKUP($F1786,DADOS_SETOP,2,0),IF(G1786=\"CPU\",VLOOKUP($F1786,DADOS_COMPOSICAO,2,0),IF(G1786=\"SICRO\",VLOOKUP($F1786,DADOS_SICRO,2,0),IF(G1786=\"SUDECAP\",VLOOKUP(F1786,DADOS_SUDECAP,2,0),IF(G1786=\"COTAÇÃO\",VLOOKUP($F1786,DADOS_COTACAO,2,0),\"\"))))))","v":"SWITCH GIGABIT 24 PORTAS POE"},"COT-DAD-003","COTAÇÃO",{"$f":"IF(G1786=\"SINAPI\",VLOOKUP($F1786,DADOS_SINAPI,3,0),IF(G1786=\"SETOP\",VLOOKUP($F1786,DADOS_SETOP,3,0),IF(G1786=\"CPU\",VLOOKUP($F1786,DADOS_COMPOSICAO,10,0),IF(G1786=\"SICRO\",VLOOKUP($F1786,DADOS_SICRO,3,0),IF(G1786=\"SUDECAP\",VLOOKUP(F1786,DADOS_SUDECAP,3,0),IF(G1786=\"COTAÇÃO\",VLOOKUP($F1786,DADOS_COTACAO,9,0),\"\"))))))","v":"UN "},{"$f":"F1788","v":1},{"$f":"TRUNC(IF(G1786=\"SINAPI\",VLOOKUP($F1786,DADOS_SINAPI,4,0),IF(G1786=\"SETOP\",VLOOKUP($F1786,DADOS_SETOP,4,0),IF(G1786=\"CPU\",VLOOKUP($F1786,DADOS_COMPOSICAO,13,0),IF(G1786=\"SICRO\",VLOOKUP($F1786,DADOS_SICRO,4,0),IF(G1786=\"SUDECAP\",VLOOKUP(F1786,DADOS_SUDECAP,4,0),IF(G1786=\"COTAÇÃO\",VLOOKUP(F1786,DADOS_COTACAO,12,0),\"\")))))),2)","v":1367.46},"BDI 1",{"$f":"TRUNC(J1786*(1+$N$17),2)","v":1730.11},{"$f":"IFERROR(TRUNC(I1786*J1786,2),\"\")","v":1367.46},{"$f":"IFERROR(TRUNC(L1786*I1786,2),\"\")","v":1730.11}]
[2000]
[2000,null,null,null,"Quantidade",1,"un"]
[2000]
[null,null,null,"18.2","ACESSÓRIOS CABEAMENTO - RACK",null,null,null,null,null,null,null,{"$f":"IFERROR(SUMIFS(M:M,A:A,LEFT(D1790,SEARCH(\".\",D1790)-1),B:B,RIGHT(D1790,LEN(D1790)-SEARCH(\".\",D1790))),\"\")","v":374.44},{"$f":"IFERROR(SUMIFS(N:N,A:A,LEFT(D1790,SEARCH(\".\",D1790)-1),B:B,RIGHT(D1790,LEN(D1790)-SEARCH(\".\",D1790))),\"\")","v":473.7}]
[{"$f":"IFERROR(LEFT(D1791,SEARCH(\".\",D1791)-1),\"\")","v":"18"},{"$f":"IFERROR(LEFT(RIGHT(D1791,LEN(D1791)-SEARCH(\".\",D1791)),SEARCH(\".\",RIGHT(D1791,LEN(D1791)-SEARCH(\".\",D1791)))-1),\"\")","v":"2"},{"$f":"IFERROR(IF(LEN(D1791)-LEN(SUBSTITUTE(D1791,\".\",\"\"))<>3,\"\",MID(D1791,SEARCH(\".\",D1791,SEARCH(\".\",D1791)+1)+1,LEN(D1791)-SEARCH(\".\",D1791,SEARCH(\".\",D1791)+1)-(LEN(D1791)-(SEARCH(\".\",D1791,SEARCH(\".\",D1791,SEARCH(\".\",D1791)+1)+1)-1)))),\"\")","v":""},"18.2.1",{"$f":"IF($G1791=\"SINAPI\",VLOOKUP($F1791,DADOS_SINAPI,2,0),IF(G1791=\"SETOP\",VLOOKUP($F1791,DADOS_SETOP,2,0),IF(G1791=\"CPU\",VLOOKUP($F1791,DADOS_COMPOSICAO,2,0),IF(G1791=\"SICRO\",VLOOKUP($F1791,DADOS_SICRO,2,0),IF(G1791=\"SUDECAP\",VLOOKUP(F1791,DADOS_SUDECAP,2,0),IF(G1791=\"COTAÇÃO\",VLOOKUP($F1791,DADOS_COTACAO,2,0),\"\"))))))","v":"RÉGUA COM 8 TOMADAS (2P+T), PARA FIXAÇÃO NO RACK DE 19\" (1U)"},"ED-48375","SETOP",{"$f":"IF(G1791=\"SINAPI\",VLOOKUP($F1791,DADOS_SINAPI,3,0),IF(G1791=\"SETOP\",VLOOKUP($F1791,DADOS_SETOP,3,0),IF(G1791=\"CPU\",VLOOKUP($F1791,DADOS_COMPOSICAO,10,0),IF(G1791=\"SICRO\",VLOOKUP($F1791,DADOS_SICRO,3,0),IF(G1791=\"SUDECAP\",VLOOKUP(F1791,DADOS_SUDECAP,3,0),IF(G1791=\"COTAÇÃO\",VLOOKUP($F1791,DADOS_COTACAO,9,0),\"\"))))))","v":"un"},{"$f":"F1793","v":1},{"$f":"TRUNC(IF(G1791=\"SINAPI\",VLOOKUP($F1791,DADOS_SINAPI,4,0),IF(G1791=\"SETOP\",VLOOKUP($F1791,DADOS_SETOP,4,0),IF(G1791=\"CPU\",VLOOKUP($F1791,DADOS_COMPOSICAO,13,0),IF(G1791=\"SICRO\",VLOOKUP($F1791,DADOS_SICRO,4,0),IF(G1791=\"SUDECAP\",VLOOKUP(F1791,DADOS_SUDECAP,4,0),IF(G1791=\"COTAÇÃO\",VLOOKUP(F1791,DADOS_COTACAO,12,0),\"\")))))),2)","v":88.66},"BDI 1",{"$f":"TRUNC(J1791*(1+$N$17),2)","v":112.17},{"$f":"IFERROR(TRUNC(I1791*J1791,2),\"\")","v":88.66},{"$f":"IFERROR(TRUNC(L1791*I1791,2),\"\")","v":112.17}]
[2000]
[2000,null,null,null,"Quantidade",1,"un"]
[2000]
[{"$f":"IFERROR(LEFT(D1795,SEARCH(\".\",D1795)-1),\"\")","v":"18"},{"$f":"IFERROR(LEFT(RIGHT(D1795,LEN(D1795)-SEARCH(\".\",D1795)),SEARCH(\".\",RIGHT(D1795,LEN(D1795)-SEARCH(\".\",D1795)))-1),\"\")","v":"2"},{"$f":"IFERROR(IF(LEN(D1795)-LEN(SUBSTITUTE(D1795,\".\",\"\"))<>3,\"\",MID(D1795,SEARCH(\".\",D1795,SEARCH(\".\",D1795)+1)+1,LEN(D1795)-SEARCH(\".\",D1795,SEARCH(\".\",D1795)+1)-(LEN(D1795)-(SEARCH(\".\",D1795,SEARCH(\".\",D1795,SEARCH(\".\",D1795)+1)+1)-1)))),\"\")","v":""},"18.2.2",{"$f":"IF($G1795=\"SINAPI\",VLOOKUP($F1795,DADOS_SINAPI,2,0),IF(G1795=\"SETOP\",VLOOKUP($F1795,DADOS_SETOP,2,0),IF(G1795=\"CPU\",VLOOKUP($F1795,DADOS_COMPOSICAO,2,0),IF(G1795=\"SICRO\",VLOOKUP($F1795,DADOS_SICRO,2,0),IF(G1795=\"SUDECAP\",VLOOKUP(F1795,DADOS_SUDECAP,2,0),IF(G1795=\"COTAÇÃO\",VLOOKUP($F1795,DADOS_COTACAO,2,0),\"\"))))))","v":"ORGANIZADOR DE CABOS DE 1U PARA RACK 19\""},"ED-48377","SETOP",{"$f":"IF(G1795=\"SINAPI\",VLOOKUP($F1795,DADOS_SINAPI,3,0),IF(G1795=\"SETOP\",VLOOKUP($F1795,DADOS_SETOP,3,0),IF(G1795=\"CPU\",VLOOKUP($F1795,DADOS_COMPOSICAO,10,0),IF(G1795=\"SICRO\",VLOOKUP($F1795,DADOS_SICRO,3,0),IF(G1795=\"SUDECAP\",VLOOKUP(F1795,DADOS_SUDECAP,3,0),IF(G1795=\"COTAÇÃO\",VLOOKUP($F1795,DADOS_COTACAO,9,0),\"\"))))))","v":"cj"},{"$f":"F1797","v":3},{"$f":"TRUNC(IF(G1795=\"SINAPI\",VLOOKUP($F1795,DADOS_SINAPI,4,0),IF(G1795=\"SETOP\",VLOOKUP($F1795,DADOS_SETOP,4,0),IF(G1795=\"CPU\",VLOOKUP($F1795,DADOS_COMPOSICAO,13,0),IF(G1795=\"SICRO\",VLOOKUP($F1795,DADOS_SICRO,4,0),IF(G1795=\"SUDECAP\",VLOOKUP(F1795,DADOS_SUDECAP,4,0),IF(G1795=\"COTAÇÃO\",VLOOKUP(F1795,DADOS_COTACAO,12,0),\"\")))))),2)","v":75.510000000000005},"BDI 1",{"$f":"TRUNC(J1795*(1+$N$17),2)","v":95.53},{"$f":"IFERROR(TRUNC(I1795*J1795,2),\"\")","v":226.53},{"$f":"IFERROR(TRUNC(L1795*I1795,2),\"\")","v":286.58999999999997}]
[2000]
[2000,null,null,null,"Quantidade",3,"cj"]
[2000]
[{"$f":"IFERROR(LEFT(D1799,SEARCH(\".\",D1799)-1),\"\")","v":"18"},{"$f":"IFERROR(LEFT(RIGHT(D1799,LEN(D1799)-SEARCH(\".\",D1799)),SEARCH(\".\",RIGHT(D1799,LEN(D1799)-SEARCH(\".\",D1799)))-1),\"\")","v":"2"},{"$f":"IFERROR(IF(LEN(D1799)-LEN(SUBSTITUTE(D1799,\".\",\"\"))<>3,\"\",MID(D1799,SEARCH(\".\",D1799,SEARCH(\".\",D1799)+1)+1,LEN(D1799)-SEARCH(\".\",D1799,SEARCH(\".\",D1799)+1)-(LEN(D1799)-(SEARCH(\".\",D1799,SEARCH(\".\",D1799,SEARCH(\".\",D1799)+1)+1)-1)))),\"\")","v":""},"18.2.3",{"$f":"IF($G1799=\"SINAPI\",VLOOKUP($F1799,DADOS_SINAPI,2,0),IF(G1799=\"SETOP\",VLOOKUP($F1799,DADOS_SETOP,2,0),IF(G1799=\"CPU\",VLOOKUP($F1799,DADOS_COMPOSICAO,2,0),IF(G1799=\"SICRO\",VLOOKUP($F1799,DADOS_SICRO,2,0),IF(G1799=\"SUDECAP\",VLOOKUP(F1799,DADOS_SUDECAP,2,0),IF(G1799=\"COTAÇÃO\",VLOOKUP($F1799,DADOS_COTACAO,2,0),\"\"))))))","v":"TAMPA CEGA DE 1U PARA RACK 19\""},"ED-48378","SETOP",{"$f":"IF(G1799=\"SINAPI\",VLOOKUP($F1799,DADOS_SINAPI,3,0),IF(G1799=\"SETOP\",VLOOKUP($F1799,DADOS_SETOP,3,0),IF(G1799=\"CPU\",VLOOKUP($F1799,DADOS_COMPOSICAO,10,0),IF(G1799=\"SICRO\",VLOOKUP($F1799,DADOS_SICRO,3,0),IF(G1799=\"SUDECAP\",VLOOKUP(F1799,DADOS_SUDECAP,3,0),IF(G1799=\"COTAÇÃO\",VLOOKUP($F1799,DADOS_COTACAO,9,0),\"\"))))))","v":"cj"},{"$f":"F1801","v":3},{"$f":"TRUNC(IF(G1799=\"SINAPI\",VLOOKUP($F1799,DADOS_SINAPI,4,0),IF(G1799=\"SETOP\",VLOOKUP($F1799,DADOS_SETOP,4,0),IF(G1799=\"CPU\",VLOOKUP($F1799,DADOS_COMPOSICAO,13,0),IF(G1799=\"SICRO\",VLOOKUP($F1799,DADOS_SICRO,4,0),IF(G1799=\"SUDECAP\",VLOOKUP(F1799,DADOS_SUDECAP,4,0),IF(G1799=\"COTAÇÃO\",VLOOKUP(F1799,DADOS_COTACAO,12,0),\"\")))))),2)","v":19.75},"BDI 1",{"$f":"TRUNC(J1799*(1+$N$17),2)","v":24.98},{"$f":"IFERROR(TRUNC(I1799*J1799,2),\"\")","v":59.25},{"$f":"IFERROR(TRUNC(L1799*I1799,2),\"\")","v":74.94}]
[2000]
[2000,null,null,null,"Quantidade",3,"cj"]
[2000]
[null,null,null,"18.3","ACESSÓRIOS PARA ELETRODUTOS",null,null,null,null,null,null,null,{"$f":"IFERROR(SUMIFS(M:M,A:A,LEFT(D1803,SEARCH(\".\",D1803)-1),B:B,RIGHT(D1803,LEN(D1803)-SEARCH(\".\",D1803))),\"\")","v":427.02},{"$f":"IFERROR(SUMIFS(N:N,A:A,LEFT(D1803,SEARCH(\".\",D1803)-1),B:B,RIGHT(D1803,LEN(D1803)-SEARCH(\".\",D1803))),\"\")","v":540.12000000000012}]
[{"$f":"IFERROR(LEFT(D1804,SEARCH(\".\",D1804)-1),\"\")","v":"18"},{"$f":"IFERROR(LEFT(RIGHT(D1804,LEN(D1804)-SEARCH(\".\",D1804)),SEARCH(\".\",RIGHT(D1804,LEN(D1804)-SEARCH(\".\",D1804)))-1),\"\")","v":"3"},{"$f":"IFERROR(IF(LEN(D1804)-LEN(SUBSTITUTE(D1804,\".\",\"\"))<>3,\"\",MID(D1804,SEARCH(\".\",D1804,SEARCH(\".\",D1804)+1)+1,LEN(D1804)-SEARCH(\".\",D1804,SEARCH(\".\",D1804)+1)-(LEN(D1804)-(SEARCH(\".\",D1804,SEARCH(\".\",D1804,SEARCH(\".\",D1804)+1)+1)-1)))),\"\")","v":""},"18.3.1",{"$f":"IF($G1804=\"SINAPI\",VLOOKUP($F1804,DADOS_SINAPI,2,0),IF(G1804=\"SETOP\",VLOOKUP($F1804,DADOS_SETOP,2,0),IF(G1804=\"CPU\",VLOOKUP($F1804,DADOS_COMPOSICAO,2,0),IF(G1804=\"SICRO\",VLOOKUP($F1804,DADOS_SICRO,2,0),IF(G1804=\"SUDECAP\",VLOOKUP(F1804,DADOS_SUDECAP,2,0),IF(G1804=\"COTAÇÃO\",VLOOKUP($F1804,DADOS_COTACAO,2,0),\"\"))))))","v":"CAIXA RETANGULAR 4\" X 2\" ALTA (2,00 M DO PISO), PVC, INSTALADA EM PAREDE - FORNECIMENTO E INSTALAÇÃO. AF_03/2023"},91939,"SINAPI",{"$f":"IF(G1804=\"SINAPI\",VLOOKUP($F1804,DADOS_SINAPI,3,0),IF(G1804=\"SETOP\",VLOOKUP($F1804,DADOS_SETOP,3,0),IF(G1804=\"CPU\",VLOOKUP($F1804,DADOS_COMPOSICAO,10,0),IF(G1804=\"SICRO\",VLOOKUP($F1804,DADOS_SICRO,3,0),IF(G1804=\"SUDECAP\",VLOOKUP(F1804,DADOS_SUDECAP,3,0),IF(G1804=\"COTAÇÃO\",VLOOKUP($F1804,DADOS_COTACAO,9,0),\"\"))))))","v":"UN"},{"$f":"F1806","v":6},{"$f":"TRUNC(IF(G1804=\"SINAPI\",VLOOKUP($F1804,DADOS_SINAPI,4,0),IF(G1804=\"SETOP\",VLOOKUP($F1804,DADOS_SETOP,4,0),IF(G1804=\"CPU\",VLOOKUP($F1804,DADOS_COMPOSICAO,13,0),IF(G1804=\"SICRO\",VLOOKUP($F1804,DADOS_SICRO,4,0),IF(G1804=\"SUDECAP\",VLOOKUP(F1804,DADOS_SUDECAP,4,0),IF(G1804=\"COTAÇÃO\",VLOOKUP(F1804,DADOS_COTACAO,12,0),\"\")))))),2)","v":32.35},"BDI 1",{"$f":"TRUNC(J1804*(1+$N$17),2)","v":40.92},{"$f":"IFERROR(TRUNC(I1804*J1804,2),\"\")","v":194.1},{"$f":"IFERROR(TRUNC(L1804*I1804,2),\"\")","v":245.52}]
[2000]
[2000,null,null,null,"Quantidade",6,"un"]
[2000]
[{"$f":"IFERROR(LEFT(D1808,SEARCH(\".\",D1808)-1),\"\")","v":"18"},{"$f":"IFERROR(LEFT(RIGHT(D1808,LEN(D1808)-SEARCH(\".\",D1808)),SEARCH(\".\",RIGHT(D1808,LEN(D1808)-SEARCH(\".\",D1808)))-1),\"\")","v":"3"},{"$f":"IFERROR(IF(LEN(D1808)-LEN(SUBSTITUTE(D1808,\".\",\"\"))<>3,\"\",MID(D1808,SEARCH(\".\",D1808,SEARCH(\".\",D1808)+1)+1,LEN(D1808)-SEARCH(\".\",D1808,SEARCH(\".\",D1808)+1)-(LEN(D1808)-(SEARCH(\".\",D1808,SEARCH(\".\",D1808,SEARCH(\".\",D1808)+1)+1)-1)))),\"\")","v":""},"18.3.2",{"$f":"IF($G1808=\"SINAPI\",VLOOKUP($F1808,DADOS_SINAPI,2,0),IF(G1808=\"SETOP\",VLOOKUP($F1808,DADOS_SETOP,2,0),IF(G1808=\"CPU\",VLOOKUP($F1808,DADOS_COMPOSICAO,2,0),IF(G1808=\"SICRO\",VLOOKUP($F1808,DADOS_SICRO,2,0),IF(G1808=\"SUDECAP\",VLOOKUP(F1808,DADOS_SUDECAP,2,0),IF(G1808=\"COTAÇÃO\",VLOOKUP($F1808,DADOS_COTACAO,2,0),\"\"))))))","v":"CAIXA RETANGULAR 4\" X 4\" ALTA (2,00 M DO PISO), METÁLICA, INSTALADA EM PAREDE - FORNECIMENTO E INSTALAÇÃO. AF_03/2023"},92870,"SINAPI",{"$f":"IF(G1808=\"SINAPI\",VLOOKUP($F1808,DADOS_SINAPI,3,0),IF(G1808=\"SETOP\",VLOOKUP($F1808,DADOS_SETOP,3,0),IF(G1808=\"CPU\",VLOOKUP($F1808,DADOS_COMPOSICAO,10,0),IF(G1808=\"SICRO\",VLOOKUP($F1808,DADOS_SICRO,3,0),IF(G1808=\"SUDECAP\",VLOOKUP(F1808,DADOS_SUDECAP,3,0),IF(G1808=\"COTAÇÃO\",VLOOKUP($F1808,DADOS_COTACAO,9,0),\"\"))))))","v":"UN"},{"$f":"F1810","v":6},{"$f":"TRUNC(IF(G1808=\"SINAPI\",VLOOKUP($F1808,DADOS_SINAPI,4,0),IF(G1808=\"SETOP\",VLOOKUP($F1808,DADOS_SETOP,4,0),IF(G1808=\"CPU\",VLOOKUP($F1808,DADOS_COMPOSICAO,13,0),IF(G1808=\"SICRO\",VLOOKUP($F1808,DADOS_SICRO,4,0),IF(G1808=\"SUDECAP\",VLOOKUP(F1808,DADOS_SUDECAP,4,0),IF(G1808=\"COTAÇÃO\",VLOOKUP(F1808,DADOS_COTACAO,12,0),\"\")))))),2)","v":34.08},"BDI 1",{"$f":"TRUNC(J1808*(1+$N$17),2)","v":43.11},{"$f":"IFERROR(TRUNC(I1808*J1808,2),\"\")","v":204.48},{"$f":"IFERROR(TRUNC(L1808*I1808,2),\"\")","v":258.66000000000003}]
[2000]
[2000,null,null,null,"Quantidade",6,"un"]
[2000]
[{"$f":"IFERROR(LEFT(D1812,SEARCH(\".\",D1812)-1),\"\")","v":"18"},{"$f":"IFERROR(LEFT(RIGHT(D1812,LEN(D1812)-SEARCH(\".\",D1812)),SEARCH(\".\",RIGHT(D1812,LEN(D1812)-SEARCH(\".\",D1812)))-1),\"\")","v":"3"},{"$f":"IFERROR(IF(LEN(D1812)-LEN(SUBSTITUTE(D1812,\".\",\"\"))<>3,\"\",MID(D1812,SEARCH(\".\",D1812,SEARCH(\".\",D1812)+1)+1,LEN(D1812)-SEARCH(\".\",D1812,SEARCH(\".\",D1812)+1)-(LEN(D1812)-(SEARCH(\".\",D1812,SEARCH(\".\",D1812,SEARCH(\".\",D1812)+1)+1)-1)))),\"\")","v":""},"18.3.3",{"$f":"IF($G1812=\"SINAPI\",VLOOKUP($F1812,DADOS_SINAPI,2,0),IF(G1812=\"SETOP\",VLOOKUP($F1812,DADOS_SETOP,2,0),IF(G1812=\"CPU\",VLOOKUP($F1812,DADOS_COMPOSICAO,2,0),IF(G1812=\"SICRO\",VLOOKUP($F1812,DADOS_SICRO,2,0),IF(G1812=\"SUDECAP\",VLOOKUP(F1812,DADOS_SUDECAP,2,0),IF(G1812=\"COTAÇÃO\",VLOOKUP($F1812,DADOS_COTACAO,2,0),\"\"))))))","v":"ESPELHO / PLACA CEGA 4\" X 4\", PARA INSTALACAO DE TOMADAS E INTERRUPTORES"},38095,"SINAPI",{"$f":"IF(G1812=\"SINAPI\",VLOOKUP($F1812,DADOS_SINAPI,3,0),IF(G1812=\"SETOP\",VLOOKUP($F1812,DADOS_SETOP,3,0),IF(G1812=\"CPU\",VLOOKUP($F1812,DADOS_COMPOSICAO,10,0),IF(G1812=\"SICRO\",VLOOKUP($F1812,DADOS_SICRO,3,0),IF(G1812=\"SUDECAP\",VLOOKUP(F1812,DADOS_SUDECAP,3,0),IF(G1812=\"COTAÇÃO\",VLOOKUP($F1812,DADOS_COTACAO,9,0),\"\"))))))","v":"UN"},{"$f":"F1814","v":6},{"$f":"TRUNC(IF(G1812=\"SINAPI\",VLOOKUP($F1812,DADOS_SINAPI,4,0),IF(G1812=\"SETOP\",VLOOKUP($F1812,DADOS_SETOP,4,0),IF(G1812=\"CPU\",VLOOKUP($F1812,DADOS_COMPOSICAO,13,0),IF(G1812=\"SICRO\",VLOOKUP($F1812,DADOS_SICRO,4,0),IF(G1812=\"SUDECAP\",VLOOKUP(F1812,DADOS_SUDECAP,4,0),IF(G1812=\"COTAÇÃO\",VLOOKUP(F1812,DADOS_COTACAO,12,0),\"\")))))),2)","v":4.74},"BDI 1",{"$f":"TRUNC(J1812*(1+$N$17),2)","v":5.99},{"$f":"IFERROR(TRUNC(I1812*J1812,2),\"\")","v":28.44},{"$f":"IFERROR(TRUNC(L1812*I1812,2),\"\")","v":35.94}]
[2000]
[2000,null,null,null,"Quantidade",6,"un"]
[2000]
[null,null,null,"18.4","CABEAMENTO ESTRUTURADO METÁLICO",null,null,null,null,null,null,null,{"$f":"IFERROR(SUMIFS(M:M,A:A,LEFT(D1816,SEARCH(\".\",D1816)-1),B:B,RIGHT(D1816,LEN(D1816)-SEARCH(\".\",D1816))),\"\")","v":1483.3600000000001},{"$f":"IFERROR(SUMIFS(N:N,A:A,LEFT(D1816,SEARCH(\".\",D1816)-1),B:B,RIGHT(D1816,LEN(D1816)-SEARCH(\".\",D1816))),\"\")","v":1875.46}]
[{"$f":"IFERROR(LEFT(D1817,SEARCH(\".\",D1817)-1),\"\")","v":"18"},{"$f":"IFERROR(LEFT(RIGHT(D1817,LEN(D1817)-SEARCH(\".\",D1817)),SEARCH(\".\",RIGHT(D1817,LEN(D1817)-SEARCH(\".\",D1817)))-1),\"\")","v":"4"},{"$f":"IFERROR(IF(LEN(D1817)-LEN(SUBSTITUTE(D1817,\".\",\"\"))<>3,\"\",MID(D1817,SEARCH(\".\",D1817,SEARCH(\".\",D1817)+1)+1,LEN(D1817)-SEARCH(\".\",D1817,SEARCH(\".\",D1817)+1)-(LEN(D1817)-(SEARCH(\".\",D1817,SEARCH(\".\",D1817,SEARCH(\".\",D1817)+1)+1)-1)))),\"\")","v":""},"18.4.1",{"$f":"IF($G1817=\"SINAPI\",VLOOKUP($F1817,DADOS_SINAPI,2,0),IF(G1817=\"SETOP\",VLOOKUP($F1817,DADOS_SETOP,2,0),IF(G1817=\"CPU\",VLOOKUP($F1817,DADOS_COMPOSICAO,2,0),IF(G1817=\"SICRO\",VLOOKUP($F1817,DADOS_SICRO,2,0),IF(G1817=\"SUDECAP\",VLOOKUP(F1817,DADOS_SUDECAP,2,0),IF(G1817=\"COTAÇÃO\",VLOOKUP($F1817,DADOS_COTACAO,2,0),\"\"))))))","v":"CABO ELETRÔNICO CATEGORIA 5E, INSTALADO EM EDIFICAÇÃO INSTITUCIONAL - FORNECIMENTO E INSTALAÇÃO. AF_11/2019"},98295,"SINAPI",{"$f":"IF(G1817=\"SINAPI\",VLOOKUP($F1817,DADOS_SINAPI,3,0),IF(G1817=\"SETOP\",VLOOKUP($F1817,DADOS_SETOP,3,0),IF(G1817=\"CPU\",VLOOKUP($F1817,DADOS_COMPOSICAO,10,0),IF(G1817=\"SICRO\",VLOOKUP($F1817,DADOS_SICRO,3,0),IF(G1817=\"SUDECAP\",VLOOKUP(F1817,DADOS_SUDECAP,3,0),IF(G1817=\"COTAÇÃO\",VLOOKUP($F1817,DADOS_COTACAO,9,0),\"\"))))))","v":"M"},{"$f":"F1819","v":132.97},{"$f":"TRUNC(IF(G1817=\"SINAPI\",VLOOKUP($F1817,DADOS_SINAPI,4,0),IF(G1817=\"SETOP\",VLOOKUP($F1817,DADOS_SETOP,4,0),IF(G1817=\"CPU\",VLOOKUP($F1817,DADOS_COMPOSICAO,13,0),IF(G1817=\"SICRO\",VLOOKUP($F1817,DADOS_SICRO,4,0),IF(G1817=\"SUDECAP\",VLOOKUP(F1817,DADOS_SUDECAP,4,0),IF(G1817=\"COTAÇÃO\",VLOOKUP(F1817,DADOS_COTACAO,12,0),\"\")))))),2)","v":5.24},"BDI 1",{"$f":"TRUNC(J1817*(1+$N$17),2)","v":6.62},{"$f":"IFERROR(TRUNC(I1817*J1817,2),\"\")","v":696.76},{"$f":"IFERROR(TRUNC(L1817*I1817,2),\"\")","v":880.26}]
[2000]
[2000,null,null,null,"Quantidade",132.97,"m"]
[2000]
[{"$f":"IFERROR(LEFT(D1821,SEARCH(\".\",D1821)-1),\"\")","v":"18"},{"$f":"IFERROR(LEFT(RIGHT(D1821,LEN(D1821)-SEARCH(\".\",D1821)),SEARCH(\".\",RIGHT(D1821,LEN(D1821)-SEARCH(\".\",D1821)))-1),\"\")","v":"4"},{"$f":"IFERROR(IF(LEN(D1821)-LEN(SUBSTITUTE(D1821,\".\",\"\"))<>3,\"\",MID(D1821,SEARCH(\".\",D1821,SEARCH(\".\",D1821)+1)+1,LEN(D1821)-SEARCH(\".\",D1821,SEARCH(\".\",D1821)+1)-(LEN(D1821)-(SEARCH(\".\",D1821,SEARCH(\".\",D1821,SEARCH(\".\",D1821)+1)+1)-1)))),\"\")","v":""},"18.4.2",{"$f":"IF($G1821=\"SINAPI\",VLOOKUP($F1821,DADOS_SINAPI,2,0),IF(G1821=\"SETOP\",VLOOKUP($F1821,DADOS_SETOP,2,0),IF(G1821=\"CPU\",VLOOKUP($F1821,DADOS_COMPOSICAO,2,0),IF(G1821=\"SICRO\",VLOOKUP($F1821,DADOS_SICRO,2,0),IF(G1821=\"SUDECAP\",VLOOKUP(F1821,DADOS_SUDECAP,2,0),IF(G1821=\"COTAÇÃO\",VLOOKUP($F1821,DADOS_COTACAO,2,0),\"\"))))))","v":"CABO FTP  5E (BLINDADO) - 305 METROS"},"COT-DAD-010","COTAÇÃO",{"$f":"IF(G1821=\"SINAPI\",VLOOKUP($F1821,DADOS_SINAPI,3,0),IF(G1821=\"SETOP\",VLOOKUP($F1821,DADOS_SETOP,3,0),IF(G1821=\"CPU\",VLOOKUP($F1821,DADOS_COMPOSICAO,10,0),IF(G1821=\"SICRO\",VLOOKUP($F1821,DADOS_SICRO,3,0),IF(G1821=\"SUDECAP\",VLOOKUP(F1821,DADOS_SUDECAP,3,0),IF(G1821=\"COTAÇÃO\",VLOOKUP($F1821,DADOS_COTACAO,9,0),\"\"))))))","v":"UN "},{"$f":"F1823","v":1},{"$f":"TRUNC(IF(G1821=\"SINAPI\",VLOOKUP($F1821,DADOS_SINAPI,4,0),IF(G1821=\"SETOP\",VLOOKUP($F1821,DADOS_SETOP,4,0),IF(G1821=\"CPU\",VLOOKUP($F1821,DADOS_COMPOSICAO,13,0),IF(G1821=\"SICRO\",VLOOKUP($F1821,DADOS_SICRO,4,0),IF(G1821=\"SUDECAP\",VLOOKUP(F1821,DADOS_SUDECAP,4,0),IF(G1821=\"COTAÇÃO\",VLOOKUP(F1821,DADOS_COTACAO,12,0),\"\")))))),2)","v":786.6},"BDI 1",{"$f":"TRUNC(J1821*(1+$N$17),2)","v":995.2},{"$f":"IFERROR(TRUNC(I1821*J1821,2),\"\")","v":786.6},{"$f":"IFERROR(TRUNC(L1821*I1821,2),\"\")","v":995.2}]
[2000]
[2000,null,null,null,"Quantidade",1,"un"]
[2000]
[null,null,null,"18.5","CAIXA DE PASSAGEM",null,null,null,null,null,null,null,{"$f":"IFERROR(SUMIFS(M:M,A:A,LEFT(D1825,SEARCH(\".\",D1825)-1),B:B,RIGHT(D1825,LEN(D1825)-SEARCH(\".\",D1825))),\"\")","v":1054.9100000000001},{"$f":"IFERROR(SUMIFS(N:N,A:A,LEFT(D1825,SEARCH(\".\",D1825)-1),B:B,RIGHT(D1825,LEN(D1825)-SEARCH(\".\",D1825))),\"\")","v":1334.6399999999999}]
[{"$f":"IFERROR(LEFT(D1826,SEARCH(\".\",D1826)-1),\"\")","v":"18"},{"$f":"IFERROR(LEFT(RIGHT(D1826,LEN(D1826)-SEARCH(\".\",D1826)),SEARCH(\".\",RIGHT(D1826,LEN(D1826)-SEARCH(\".\",D1826)))-1),\"\")","v":"5"},{"$f":"IFERROR(IF(LEN(D1826)-LEN(SUBSTITUTE(D1826,\".\",\"\"))<>3,\"\",MID(D1826,SEARCH(\".\",D1826,SEARCH(\".\",D1826)+1)+1,LEN(D1826)-SEARCH(\".\",D1826,SEARCH(\".\",D1826)+1)-(LEN(D1826)-(SEARCH(\".\",D1826,SEARCH(\".\",D1826,SEARCH(\".\",D1826)+1)+1)-1)))),\"\")","v":""},"18.5.1",{"$f":"IF($G1826=\"SINAPI\",VLOOKUP($F1826,DADOS_SINAPI,2,0),IF(G1826=\"SETOP\",VLOOKUP($F1826,DADOS_SETOP,2,0),IF(G1826=\"CPU\",VLOOKUP($F1826,DADOS_COMPOSICAO,2,0),IF(G1826=\"SICRO\",VLOOKUP($F1826,DADOS_SICRO,2,0),IF(G1826=\"SUDECAP\",VLOOKUP(F1826,DADOS_SUDECAP,2,0),IF(G1826=\"COTAÇÃO\",VLOOKUP($F1826,DADOS_COTACAO,2,0),\"\"))))))","v":"CAIXA DE PASSAGEM, DIMENSÃO (20X20)CM, EM CHAPA DE AÇO, TIPO DE EMBUTIR, COM ACABAMENTO EM PINTURA ELETROSTÁTICA E TAMPA CEGA, INCLUSIVE FIXAÇÃO EM ALVENARIA"},"ED-49149","SETOP",{"$f":"IF(G1826=\"SINAPI\",VLOOKUP($F1826,DADOS_SINAPI,3,0),IF(G1826=\"SETOP\",VLOOKUP($F1826,DADOS_SETOP,3,0),IF(G1826=\"CPU\",VLOOKUP($F1826,DADOS_COMPOSICAO,10,0),IF(G1826=\"SICRO\",VLOOKUP($F1826,DADOS_SICRO,3,0),IF(G1826=\"SUDECAP\",VLOOKUP(F1826,DADOS_SUDECAP,3,0),IF(G1826=\"COTAÇÃO\",VLOOKUP($F1826,DADOS_COTACAO,9,0),\"\"))))))","v":"un"},{"$f":"F1828","v":5},{"$f":"TRUNC(IF(G1826=\"SINAPI\",VLOOKUP($F1826,DADOS_SINAPI,4,0),IF(G1826=\"SETOP\",VLOOKUP($F1826,DADOS_SETOP,4,0),IF(G1826=\"CPU\",VLOOKUP($F1826,DADOS_COMPOSICAO,13,0),IF(G1826=\"SICRO\",VLOOKUP($F1826,DADOS_SICRO,4,0),IF(G1826=\"SUDECAP\",VLOOKUP(F1826,DADOS_SUDECAP,4,0),IF(G1826=\"COTAÇÃO\",VLOOKUP(F1826,DADOS_COTACAO,12,0),\"\")))))),2)","v":126.15},"BDI 1",{"$f":"TRUNC(J1826*(1+$N$17),2)","v":159.6},{"$f":"IFERROR(TRUNC(I1826*J1826,2),\"\")","v":630.75},{"$f":"IFERROR(TRUNC(L1826*I1826,2),\"\")","v":798}]
[2000]
[2000,null,null,null,"Quantidade",5,"un"]
[2000]
[{"$f":"IFERROR(LEFT(D1830,SEARCH(\".\",D1830)-1),\"\")","v":"18"},{"$f":"IFERROR(LEFT(RIGHT(D1830,LEN(D1830)-SEARCH(\".\",D1830)),SEARCH(\".\",RIGHT(D1830,LEN(D1830)-SEARCH(\".\",D1830)))-1),\"\")","v":"5"},{"$f":"IFERROR(IF(LEN(D1830)-LEN(SUBSTITUTE(D1830,\".\",\"\"))<>3,\"\",MID(D1830,SEARCH(\".\",D1830,SEARCH(\".\",D1830)+1)+1,LEN(D1830)-SEARCH(\".\",D1830,SEARCH(\".\",D1830)+1)-(LEN(D1830)-(SEARCH(\".\",D1830,SEARCH(\".\",D1830,SEARCH(\".\",D1830)+1)+1)-1)))),\"\")","v":""},"18.5.1",{"$f":"IF($G1830=\"SINAPI\",VLOOKUP($F1830,DADOS_SINAPI,2,0),IF(G1830=\"SETOP\",VLOOKUP($F1830,DADOS_SETOP,2,0),IF(G1830=\"CPU\",VLOOKUP($F1830,DADOS_COMPOSICAO,2,0),IF(G1830=\"SICRO\",VLOOKUP($F1830,DADOS_SICRO,2,0),IF(G1830=\"SUDECAP\",VLOOKUP(F1830,DADOS_SUDECAP,2,0),IF(G1830=\"COTAÇÃO\",VLOOKUP($F1830,DADOS_COTACAO,2,0),\"\"))))))","v":"CAIXA DE INSPEÇÃO EM CONCRETO, TIPO \"ZA\" PASSEIO, PADRÃO CEMIG, DIMENSÃO (28X28)CM, ALTURA 40CM, COM TAMPA E ARO ARTICULADO EM FERRO FUNDIDO, INCLUSIVE ESCAVAÇÃO, APILOAMENTO, LASTRO DE BRITA, REATERRO E TRANSPORTE COM RETIRADA DO MATERIAL ESCAVADO (EM CAÇAMBA)"},"ED-49197","SETOP",{"$f":"IF(G1830=\"SINAPI\",VLOOKUP($F1830,DADOS_SINAPI,3,0),IF(G1830=\"SETOP\",VLOOKUP($F1830,DADOS_SETOP,3,0),IF(G1830=\"CPU\",VLOOKUP($F1830,DADOS_COMPOSICAO,10,0),IF(G1830=\"SICRO\",VLOOKUP($F1830,DADOS_SICRO,3,0),IF(G1830=\"SUDECAP\",VLOOKUP(F1830,DADOS_SUDECAP,3,0),IF(G1830=\"COTAÇÃO\",VLOOKUP($F1830,DADOS_COTACAO,9,0),\"\"))))))","v":"un"},{"$f":"F1832","v":2},{"$f":"TRUNC(IF(G1830=\"SINAPI\",VLOOKUP($F1830,DADOS_SINAPI,4,0),IF(G1830=\"SETOP\",VLOOKUP($F1830,DADOS_SETOP,4,0),IF(G1830=\"CPU\",VLOOKUP($F1830,DADOS_COMPOSICAO,13,0),IF(G1830=\"SICRO\",VLOOKUP($F1830,DADOS_SICRO,4,0),IF(G1830=\"SUDECAP\",VLOOKUP(F1830,DADOS_SUDECAP,4,0),IF(G1830=\"COTAÇÃO\",VLOOKUP(F1830,DADOS_COTACAO,12,0),\"\")))))),2)","v":212.08},"BDI 1",{"$f":"TRUNC(J1830*(1+$N$17),2)","v":268.32},{"$f":"IFERROR(TRUNC(I1830*J1830,2),\"\")","v":424.16},{"$f":"IFERROR(TRUNC(L1830*I1830,2),\"\")","v":536.64}]
[2000]
[2000,null,null,null,"Quantidade",2,"un"]
[2000]
[null,null,null,"18.6","DISPOSITIVO LÓGICA",null,null,null,null,null,null,null,{"$f":"IFERROR(SUMIFS(M:M,A:A,LEFT(D1834,SEARCH(\".\",D1834)-1),B:B,RIGHT(D1834,LEN(D1834)-SEARCH(\".\",D1834))),\"\")","v":3944.94},{"$f":"IFERROR(SUMIFS(N:N,A:A,LEFT(D1834,SEARCH(\".\",D1834)-1),B:B,RIGHT(D1834,LEN(D1834)-SEARCH(\".\",D1834))),\"\")","v":4991.1000000000004}]
[{"$f":"IFERROR(LEFT(D1835,SEARCH(\".\",D1835)-1),\"\")","v":"18"},{"$f":"IFERROR(LEFT(RIGHT(D1835,LEN(D1835)-SEARCH(\".\",D1835)),SEARCH(\".\",RIGHT(D1835,LEN(D1835)-SEARCH(\".\",D1835)))-1),\"\")","v":"6"},{"$f":"IFERROR(IF(LEN(D1835)-LEN(SUBSTITUTE(D1835,\".\",\"\"))<>3,\"\",MID(D1835,SEARCH(\".\",D1835,SEARCH(\".\",D1835)+1)+1,LEN(D1835)-SEARCH(\".\",D1835,SEARCH(\".\",D1835)+1)-(LEN(D1835)-(SEARCH(\".\",D1835,SEARCH(\".\",D1835,SEARCH(\".\",D1835)+1)+1)-1)))),\"\")","v":""},"18.6.1",{"$f":"IF($G1835=\"SINAPI\",VLOOKUP($F1835,DADOS_SINAPI,2,0),IF(G1835=\"SETOP\",VLOOKUP($F1835,DADOS_SETOP,2,0),IF(G1835=\"CPU\",VLOOKUP($F1835,DADOS_COMPOSICAO,2,0),IF(G1835=\"SICRO\",VLOOKUP($F1835,DADOS_SICRO,2,0),IF(G1835=\"SUDECAP\",VLOOKUP(F1835,DADOS_SUDECAP,2,0),IF(G1835=\"COTAÇÃO\",VLOOKUP($F1835,DADOS_COTACAO,2,0),\"\"))))))","v":"CAMERA POE"},"COT-DAD-006","COTAÇÃO",{"$f":"IF(G1835=\"SINAPI\",VLOOKUP($F1835,DADOS_SINAPI,3,0),IF(G1835=\"SETOP\",VLOOKUP($F1835,DADOS_SETOP,3,0),IF(G1835=\"CPU\",VLOOKUP($F1835,DADOS_COMPOSICAO,10,0),IF(G1835=\"SICRO\",VLOOKUP($F1835,DADOS_SICRO,3,0),IF(G1835=\"SUDECAP\",VLOOKUP(F1835,DADOS_SUDECAP,3,0),IF(G1835=\"COTAÇÃO\",VLOOKUP($F1835,DADOS_COTACAO,9,0),\"\"))))))","v":"UN "},{"$f":"F1837","v":6},{"$f":"TRUNC(IF(G1835=\"SINAPI\",VLOOKUP($F1835,DADOS_SINAPI,4,0),IF(G1835=\"SETOP\",VLOOKUP($F1835,DADOS_SETOP,4,0),IF(G1835=\"CPU\",VLOOKUP($F1835,DADOS_COMPOSICAO,13,0),IF(G1835=\"SICRO\",VLOOKUP($F1835,DADOS_SICRO,4,0),IF(G1835=\"SUDECAP\",VLOOKUP(F1835,DADOS_SUDECAP,4,0),IF(G1835=\"COTAÇÃO\",VLOOKUP(F1835,DADOS_COTACAO,12,0),\"\")))))),2)","v":605},"BDI 1",{"$f":"TRUNC(J1835*(1+$N$17),2)","v":765.44},{"$f":"IFERROR(TRUNC(I1835*J1835,2),\"\")","v":3630},{"$f":"IFERROR(TRUNC(L1835*I1835,2),\"\")","v":4592.6400000000003}]
[2000]
[2000,null,null,null,"Quantidade",6,"un"]
[2000]
[{"$f":"IFERROR(LEFT(D1839,SEARCH(\".\",D1839)-1),\"\")","v":"18"},{"$f":"IFERROR(LEFT(RIGHT(D1839,LEN(D1839)-SEARCH(\".\",D1839)),SEARCH(\".\",RIGHT(D1839,LEN(D1839)-SEARCH(\".\",D1839)))-1),\"\")","v":"6"},{"$f":"IFERROR(IF(LEN(D1839)-LEN(SUBSTITUTE(D1839,\".\",\"\"))<>3,\"\",MID(D1839,SEARCH(\".\",D1839,SEARCH(\".\",D1839)+1)+1,LEN(D1839)-SEARCH(\".\",D1839,SEARCH(\".\",D1839)+1)-(LEN(D1839)-(SEARCH(\".\",D1839,SEARCH(\".\",D1839,SEARCH(\".\",D1839)+1)+1)-1)))),\"\")","v":""},"18.6.2",{"$f":"IF($G1839=\"SINAPI\",VLOOKUP($F1839,DADOS_SINAPI,2,0),IF(G1839=\"SETOP\",VLOOKUP($F1839,DADOS_SETOP,2,0),IF(G1839=\"CPU\",VLOOKUP($F1839,DADOS_COMPOSICAO,2,0),IF(G1839=\"SICRO\",VLOOKUP($F1839,DADOS_SICRO,2,0),IF(G1839=\"SUDECAP\",VLOOKUP(F1839,DADOS_SUDECAP,2,0),IF(G1839=\"COTAÇÃO\",VLOOKUP($F1839,DADOS_COTACAO,2,0),\"\"))))))","v":"INSTALAÇÃO DE CÂMERA POE"},"DAC-18.1","CPU",{"$f":"IF(G1839=\"SINAPI\",VLOOKUP($F1839,DADOS_SINAPI,3,0),IF(G1839=\"SETOP\",VLOOKUP($F1839,DADOS_SETOP,3,0),IF(G1839=\"CPU\",VLOOKUP($F1839,DADOS_COMPOSICAO,10,0),IF(G1839=\"SICRO\",VLOOKUP($F1839,DADOS_SICRO,3,0),IF(G1839=\"SUDECAP\",VLOOKUP(F1839,DADOS_SUDECAP,3,0),IF(G1839=\"COTAÇÃO\",VLOOKUP($F1839,DADOS_COTACAO,9,0),\"\"))))))","v":"UN"},{"$f":"F1841","v":6},{"$f":"TRUNC(IF(G1839=\"SINAPI\",VLOOKUP($F1839,DADOS_SINAPI,4,0),IF(G1839=\"SETOP\",VLOOKUP($F1839,DADOS_SETOP,4,0),IF(G1839=\"CPU\",VLOOKUP($F1839,DADOS_COMPOSICAO,13,0),IF(G1839=\"SICRO\",VLOOKUP($F1839,DADOS_SICRO,4,0),IF(G1839=\"SUDECAP\",VLOOKUP(F1839,DADOS_SUDECAP,4,0),IF(G1839=\"COTAÇÃO\",VLOOKUP(F1839,DADOS_COTACAO,12,0),\"\")))))),2)","v":52.49},"BDI 1",{"$f":"TRUNC(J1839*(1+$N$17),2)","v":66.41},{"$f":"IFERROR(TRUNC(I1839*J1839,2),\"\")","v":314.94},{"$f":"IFERROR(TRUNC(L1839*I1839,2),\"\")","v":398.46}]
[2000]
[2000,null,null,null,"Quantidade",6,"un"]
[2000]
[null,null,null,"18.7","DISPOSITIVO CABEAMENTO",null,null,null,null,null,null,null,{"$f":"IFERROR(SUMIFS(M:M,A:A,LEFT(D1843,SEARCH(\".\",D1843)-1),B:B,RIGHT(D1843,LEN(D1843)-SEARCH(\".\",D1843))),\"\")","v":417.9},{"$f":"IFERROR(SUMIFS(N:N,A:A,LEFT(D1843,SEARCH(\".\",D1843)-1),B:B,RIGHT(D1843,LEN(D1843)-SEARCH(\".\",D1843))),\"\")","v":528.72}]
[{"$f":"IFERROR(LEFT(D1844,SEARCH(\".\",D1844)-1),\"\")","v":"18"},{"$f":"IFERROR(LEFT(RIGHT(D1844,LEN(D1844)-SEARCH(\".\",D1844)),SEARCH(\".\",RIGHT(D1844,LEN(D1844)-SEARCH(\".\",D1844)))-1),\"\")","v":"7"},{"$f":"IFERROR(IF(LEN(D1844)-LEN(SUBSTITUTE(D1844,\".\",\"\"))<>3,\"\",MID(D1844,SEARCH(\".\",D1844,SEARCH(\".\",D1844)+1)+1,LEN(D1844)-SEARCH(\".\",D1844,SEARCH(\".\",D1844)+1)-(LEN(D1844)-(SEARCH(\".\",D1844,SEARCH(\".\",D1844,SEARCH(\".\",D1844)+1)+1)-1)))),\"\")","v":""},"18.7.1",{"$f":"IF($G1844=\"SINAPI\",VLOOKUP($F1844,DADOS_SINAPI,2,0),IF(G1844=\"SETOP\",VLOOKUP($F1844,DADOS_SETOP,2,0),IF(G1844=\"CPU\",VLOOKUP($F1844,DADOS_COMPOSICAO,2,0),IF(G1844=\"SICRO\",VLOOKUP($F1844,DADOS_SICRO,2,0),IF(G1844=\"SUDECAP\",VLOOKUP(F1844,DADOS_SUDECAP,2,0),IF(G1844=\"COTAÇÃO\",VLOOKUP($F1844,DADOS_COTACAO,2,0),\"\"))))))","v":"CONJUNTO DE UMA (1) TOMADA DE DADOS (CONECTOR RJ45 CAT.6E), COM PLACA 4\"X2\" DE UM (1) POSTO, INCLUSIVE FORNECIMENTO, INSTALAÇÃO, SUPORTE, MÓDULO E PLACA"},"ED-15752","SETOP",{"$f":"IF(G1844=\"SINAPI\",VLOOKUP($F1844,DADOS_SINAPI,3,0),IF(G1844=\"SETOP\",VLOOKUP($F1844,DADOS_SETOP,3,0),IF(G1844=\"CPU\",VLOOKUP($F1844,DADOS_COMPOSICAO,10,0),IF(G1844=\"SICRO\",VLOOKUP($F1844,DADOS_SICRO,3,0),IF(G1844=\"SUDECAP\",VLOOKUP(F1844,DADOS_SUDECAP,3,0),IF(G1844=\"COTAÇÃO\",VLOOKUP($F1844,DADOS_COTACAO,9,0),\"\"))))))","v":"un"},{"$f":"F1846","v":6},{"$f":"TRUNC(IF(G1844=\"SINAPI\",VLOOKUP($F1844,DADOS_SINAPI,4,0),IF(G1844=\"SETOP\",VLOOKUP($F1844,DADOS_SETOP,4,0),IF(G1844=\"CPU\",VLOOKUP($F1844,DADOS_COMPOSICAO,13,0),IF(G1844=\"SICRO\",VLOOKUP($F1844,DADOS_SICRO,4,0),IF(G1844=\"SUDECAP\",VLOOKUP(F1844,DADOS_SUDECAP,4,0),IF(G1844=\"COTAÇÃO\",VLOOKUP(F1844,DADOS_COTACAO,12,0),\"\")))))),2)","v":69.650000000000006},"BDI 1",{"$f":"TRUNC(J1844*(1+$N$17),2)","v":88.12},{"$f":"IFERROR(TRUNC(I1844*J1844,2),\"\")","v":417.9},{"$f":"IFERROR(TRUNC(L1844*I1844,2),\"\")","v":528.72}]
[2000]
[2000,null,null,null,"Quantidade",6,"un"]
[2000]
[null,null,null,"18.8","ELETRODUTO PVC FLEXÍVEL",null,null,null,null,null,null,null,{"$f":"IFERROR(SUMIFS(M:M,A:A,LEFT(D1848,SEARCH(\".\",D1848)-1),B:B,RIGHT(D1848,LEN(D1848)-SEARCH(\".\",D1848))),\"\")","v":2053.81},{"$f":"IFERROR(SUMIFS(N:N,A:A,LEFT(D1848,SEARCH(\".\",D1848)-1),B:B,RIGHT(D1848,LEN(D1848)-SEARCH(\".\",D1848))),\"\")","v":2597.87}]
[{"$f":"IFERROR(LEFT(D1849,SEARCH(\".\",D1849)-1),\"\")","v":"18"},{"$f":"IFERROR(LEFT(RIGHT(D1849,LEN(D1849)-SEARCH(\".\",D1849)),SEARCH(\".\",RIGHT(D1849,LEN(D1849)-SEARCH(\".\",D1849)))-1),\"\")","v":"8"},{"$f":"IFERROR(IF(LEN(D1849)-LEN(SUBSTITUTE(D1849,\".\",\"\"))<>3,\"\",MID(D1849,SEARCH(\".\",D1849,SEARCH(\".\",D1849)+1)+1,LEN(D1849)-SEARCH(\".\",D1849,SEARCH(\".\",D1849)+1)-(LEN(D1849)-(SEARCH(\".\",D1849,SEARCH(\".\",D1849,SEARCH(\".\",D1849)+1)+1)-1)))),\"\")","v":""},"18.8.1",{"$f":"IF($G1849=\"SINAPI\",VLOOKUP($F1849,DADOS_SINAPI,2,0),IF(G1849=\"SETOP\",VLOOKUP($F1849,DADOS_SETOP,2,0),IF(G1849=\"CPU\",VLOOKUP($F1849,DADOS_COMPOSICAO,2,0),IF(G1849=\"SICRO\",VLOOKUP($F1849,DADOS_SICRO,2,0),IF(G1849=\"SUDECAP\",VLOOKUP(F1849,DADOS_SUDECAP,2,0),IF(G1849=\"COTAÇÃO\",VLOOKUP($F1849,DADOS_COTACAO,2,0),\"\"))))))","v":"ELETRODUTO FLEXÍVEL CORRUGADO REFORÇADO, PVC, DN 25 MM (3/4\"), PARA CIRCUITOS TERMINAIS, INSTALADO EM LAJE - FORNECIMENTO E INSTALAÇÃO. AF_03/2023"},91845,"SINAPI",{"$f":"IF(G1849=\"SINAPI\",VLOOKUP($F1849,DADOS_SINAPI,3,0),IF(G1849=\"SETOP\",VLOOKUP($F1849,DADOS_SETOP,3,0),IF(G1849=\"CPU\",VLOOKUP($F1849,DADOS_COMPOSICAO,10,0),IF(G1849=\"SICRO\",VLOOKUP($F1849,DADOS_SICRO,3,0),IF(G1849=\"SUDECAP\",VLOOKUP(F1849,DADOS_SUDECAP,3,0),IF(G1849=\"COTAÇÃO\",VLOOKUP($F1849,DADOS_COTACAO,9,0),\"\"))))))","v":"M"},{"$f":"F1851","v":103.47},{"$f":"TRUNC(IF(G1849=\"SINAPI\",VLOOKUP($F1849,DADOS_SINAPI,4,0),IF(G1849=\"SETOP\",VLOOKUP($F1849,DADOS_SETOP,4,0),IF(G1849=\"CPU\",VLOOKUP($F1849,DADOS_COMPOSICAO,13,0),IF(G1849=\"SICRO\",VLOOKUP($F1849,DADOS_SICRO,4,0),IF(G1849=\"SUDECAP\",VLOOKUP(F1849,DADOS_SUDECAP,4,0),IF(G1849=\"COTAÇÃO\",VLOOKUP(F1849,DADOS_COTACAO,12,0),\"\")))))),2)","v":8.76},"BDI 1",{"$f":"TRUNC(J1849*(1+$N$17),2)","v":11.08},{"$f":"IFERROR(TRUNC(I1849*J1849,2),\"\")","v":906.39},1146.45]
[2000]
[2000,null,null,null,"Quantidade",103.47,"m"]
[2000]
[{"$f":"IFERROR(LEFT(D1853,SEARCH(\".\",D1853)-1),\"\")","v":"18"},{"$f":"IFERROR(LEFT(RIGHT(D1853,LEN(D1853)-SEARCH(\".\",D1853)),SEARCH(\".\",RIGHT(D1853,LEN(D1853)-SEARCH(\".\",D1853)))-1),\"\")","v":"8"},{"$f":"IFERROR(IF(LEN(D1853)-LEN(SUBSTITUTE(D1853,\".\",\"\"))<>3,\"\",MID(D1853,SEARCH(\".\",D1853,SEARCH(\".\",D1853)+1)+1,LEN(D1853)-SEARCH(\".\",D1853,SEARCH(\".\",D1853)+1)-(LEN(D1853)-(SEARCH(\".\",D1853,SEARCH(\".\",D1853,SEARCH(\".\",D1853)+1)+1)-1)))),\"\")","v":""},"18.8.2",{"$f":"IF($G1853=\"SINAPI\",VLOOKUP($F1853,DADOS_SINAPI,2,0),IF(G1853=\"SETOP\",VLOOKUP($F1853,DADOS_SETOP,2,0),IF(G1853=\"CPU\",VLOOKUP($F1853,DADOS_COMPOSICAO,2,0),IF(G1853=\"SICRO\",VLOOKUP($F1853,DADOS_SICRO,2,0),IF(G1853=\"SUDECAP\",VLOOKUP(F1853,DADOS_SUDECAP,2,0),IF(G1853=\"COTAÇÃO\",VLOOKUP($F1853,DADOS_COTACAO,2,0),\"\"))))))","v":"ELETRODUTO FLEXÍVEL CORRUGADO, PVC, DN 32 MM (1\"), PARA CIRCUITOS TERMINAIS, INSTALADO EM PAREDE - FORNECIMENTO E INSTALAÇÃO. AF_03/2023"},91856,"SINAPI",{"$f":"IF(G1853=\"SINAPI\",VLOOKUP($F1853,DADOS_SINAPI,3,0),IF(G1853=\"SETOP\",VLOOKUP($F1853,DADOS_SETOP,3,0),IF(G1853=\"CPU\",VLOOKUP($F1853,DADOS_COMPOSICAO,10,0),IF(G1853=\"SICRO\",VLOOKUP($F1853,DADOS_SICRO,3,0),IF(G1853=\"SUDECAP\",VLOOKUP(F1853,DADOS_SUDECAP,3,0),IF(G1853=\"COTAÇÃO\",VLOOKUP($F1853,DADOS_COTACAO,9,0),\"\"))))))","v":"M"},{"$f":"F1855","v":58.34},{"$f":"TRUNC(IF(G1853=\"SINAPI\",VLOOKUP($F1853,DADOS_SINAPI,4,0),IF(G1853=\"SETOP\",VLOOKUP($F1853,DADOS_SETOP,4,0),IF(G1853=\"CPU\",VLOOKUP($F1853,DADOS_COMPOSICAO,13,0),IF(G1853=\"SICRO\",VLOOKUP($F1853,DADOS_SICRO,4,0),IF(G1853=\"SUDECAP\",VLOOKUP(F1853,DADOS_SUDECAP,4,0),IF(G1853=\"COTAÇÃO\",VLOOKUP(F1853,DADOS_COTACAO,12,0),\"\")))))),2)","v":13.02},"BDI 1",{"$f":"TRUNC(J1853*(1+$N$17),2)","v":16.47},{"$f":"IFERROR(TRUNC(I1853*J1853,2),\"\")","v":759.58},960.86]
[2000]
[2000,null,null,null,"Quantidade",58.34,"m"]
[2000]
[{"$f":"IFERROR(LEFT(D1857,SEARCH(\".\",D1857)-1),\"\")","v":"18"},{"$f":"IFERROR(LEFT(RIGHT(D1857,LEN(D1857)-SEARCH(\".\",D1857)),SEARCH(\".\",RIGHT(D1857,LEN(D1857)-SEARCH(\".\",D1857)))-1),\"\")","v":"8"},{"$f":"IFERROR(IF(LEN(D1857)-LEN(SUBSTITUTE(D1857,\".\",\"\"))<>3,\"\",MID(D1857,SEARCH(\".\",D1857,SEARCH(\".\",D1857)+1)+1,LEN(D1857)-SEARCH(\".\",D1857,SEARCH(\".\",D1857)+1)-(LEN(D1857)-(SEARCH(\".\",D1857,SEARCH(\".\",D1857,SEARCH(\".\",D1857)+1)+1)-1)))),\"\")","v":""},"18.8.3",{"$f":"IF($G1857=\"SINAPI\",VLOOKUP($F1857,DADOS_SINAPI,2,0),IF(G1857=\"SETOP\",VLOOKUP($F1857,DADOS_SETOP,2,0),IF(G1857=\"CPU\",VLOOKUP($F1857,DADOS_COMPOSICAO,2,0),IF(G1857=\"SICRO\",VLOOKUP($F1857,DADOS_SICRO,2,0),IF(G1857=\"SUDECAP\",VLOOKUP(F1857,DADOS_SUDECAP,2,0),IF(G1857=\"COTAÇÃO\",VLOOKUP($F1857,DADOS_COTACAO,2,0),\"\"))))))","v":"ELETRODUTO FLEXÍVEL CORRUGADO, PEAD, DN 40 MM (1 1/4\"), PARA CIRCUITOS TERMINAIS, INSTALADO EM FORRO - FORNECIMENTO E INSTALAÇÃO. AF_03/2023"},91840,"SINAPI",{"$f":"IF(G1857=\"SINAPI\",VLOOKUP($F1857,DADOS_SINAPI,3,0),IF(G1857=\"SETOP\",VLOOKUP($F1857,DADOS_SETOP,3,0),IF(G1857=\"CPU\",VLOOKUP($F1857,DADOS_COMPOSICAO,10,0),IF(G1857=\"SICRO\",VLOOKUP($F1857,DADOS_SICRO,3,0),IF(G1857=\"SUDECAP\",VLOOKUP(F1857,DADOS_SUDECAP,3,0),IF(G1857=\"COTAÇÃO\",VLOOKUP($F1857,DADOS_COTACAO,9,0),\"\"))))))","v":"M"},{"$f":"F1859","v":19.2},{"$f":"TRUNC(IF(G1857=\"SINAPI\",VLOOKUP($F1857,DADOS_SINAPI,4,0),IF(G1857=\"SETOP\",VLOOKUP($F1857,DADOS_SETOP,4,0),IF(G1857=\"CPU\",VLOOKUP($F1857,DADOS_COMPOSICAO,13,0),IF(G1857=\"SICRO\",VLOOKUP($F1857,DADOS_SICRO,4,0),IF(G1857=\"SUDECAP\",VLOOKUP(F1857,DADOS_SUDECAP,4,0),IF(G1857=\"COTAÇÃO\",VLOOKUP(F1857,DADOS_COTACAO,12,0),\"\")))))),2)","v":20.2},"BDI 1",{"$f":"TRUNC(J1857*(1+$N$17),2)","v":25.55},{"$f":"IFERROR(TRUNC(I1857*J1857,2),\"\")","v":387.84},490.56]
[2000]
[2000,null,null,null,"Quantidade",19.2,"m"]
[2000]
[null,null,null,"18.9","RACK",null,null,null,null,null,null,null,{"$f":"IFERROR(SUMIFS(M:M,A:A,LEFT(D1861,SEARCH(\".\",D1861)-1),B:B,RIGHT(D1861,LEN(D1861)-SEARCH(\".\",D1861))),\"\")","v":4546.4800000000005},{"$f":"IFERROR(SUMIFS(N:N,A:A,LEFT(D1861,SEARCH(\".\",D1861)-1),B:B,RIGHT(D1861,LEN(D1861)-SEARCH(\".\",D1861))),\"\")","v":5752.2}]
[{"$f":"IFERROR(LEFT(D1862,SEARCH(\".\",D1862)-1),\"\")","v":"18"},{"$f":"IFERROR(LEFT(RIGHT(D1862,LEN(D1862)-SEARCH(\".\",D1862)),SEARCH(\".\",RIGHT(D1862,LEN(D1862)-SEARCH(\".\",D1862)))-1),\"\")","v":"9"},{"$f":"IFERROR(IF(LEN(D1862)-LEN(SUBSTITUTE(D1862,\".\",\"\"))<>3,\"\",MID(D1862,SEARCH(\".\",D1862,SEARCH(\".\",D1862)+1)+1,LEN(D1862)-SEARCH(\".\",D1862,SEARCH(\".\",D1862)+1)-(LEN(D1862)-(SEARCH(\".\",D1862,SEARCH(\".\",D1862,SEARCH(\".\",D1862)+1)+1)-1)))),\"\")","v":""},"18.9.1",{"$f":"IF($G1862=\"SINAPI\",VLOOKUP($F1862,DADOS_SINAPI,2,0),IF(G1862=\"SETOP\",VLOOKUP($F1862,DADOS_SETOP,2,0),IF(G1862=\"CPU\",VLOOKUP($F1862,DADOS_COMPOSICAO,2,0),IF(G1862=\"SICRO\",VLOOKUP($F1862,DADOS_SICRO,2,0),IF(G1862=\"SUDECAP\",VLOOKUP(F1862,DADOS_SUDECAP,2,0),IF(G1862=\"COTAÇÃO\",VLOOKUP($F1862,DADOS_COTACAO,2,0),\"\"))))))","v":"RACK 12U 19\" 570mm"},"COT-DAD-008","COTAÇÃO",{"$f":"IF(G1862=\"SINAPI\",VLOOKUP($F1862,DADOS_SINAPI,3,0),IF(G1862=\"SETOP\",VLOOKUP($F1862,DADOS_SETOP,3,0),IF(G1862=\"CPU\",VLOOKUP($F1862,DADOS_COMPOSICAO,10,0),IF(G1862=\"SICRO\",VLOOKUP($F1862,DADOS_SICRO,3,0),IF(G1862=\"SUDECAP\",VLOOKUP(F1862,DADOS_SUDECAP,3,0),IF(G1862=\"COTAÇÃO\",VLOOKUP($F1862,DADOS_COTACAO,9,0),\"\"))))))","v":"UN "},{"$f":"F1864","v":1},{"$f":"TRUNC(IF(G1862=\"SINAPI\",VLOOKUP($F1862,DADOS_SINAPI,4,0),IF(G1862=\"SETOP\",VLOOKUP($F1862,DADOS_SETOP,4,0),IF(G1862=\"CPU\",VLOOKUP($F1862,DADOS_COMPOSICAO,13,0),IF(G1862=\"SICRO\",VLOOKUP($F1862,DADOS_SICRO,4,0),IF(G1862=\"SUDECAP\",VLOOKUP(F1862,DADOS_SUDECAP,4,0),IF(G1862=\"COTAÇÃO\",VLOOKUP(F1862,DADOS_COTACAO,12,0),\"\")))))),2)","v":1312.16},"BDI 1",{"$f":"TRUNC(J1862*(1+$N$17),2)","v":1660.14},{"$f":"IFERROR(TRUNC(I1862*J1862,2),\"\")","v":1312.16},{"$f":"IFERROR(TRUNC(L1862*I1862,2),\"\")","v":1660.14}]
[2000]
[2000,null,null,null,"Quantidade",1,"un"]
[2000]
[{"$f":"IFERROR(LEFT(D1866,SEARCH(\".\",D1866)-1),\"\")","v":"18"},{"$f":"IFERROR(LEFT(RIGHT(D1866,LEN(D1866)-SEARCH(\".\",D1866)),SEARCH(\".\",RIGHT(D1866,LEN(D1866)-SEARCH(\".\",D1866)))-1),\"\")","v":"9"},{"$f":"IFERROR(IF(LEN(D1866)-LEN(SUBSTITUTE(D1866,\".\",\"\"))<>3,\"\",MID(D1866,SEARCH(\".\",D1866,SEARCH(\".\",D1866)+1)+1,LEN(D1866)-SEARCH(\".\",D1866,SEARCH(\".\",D1866)+1)-(LEN(D1866)-(SEARCH(\".\",D1866,SEARCH(\".\",D1866,SEARCH(\".\",D1866)+1)+1)-1)))),\"\")","v":""},"18.9.2",{"$f":"IF($G1866=\"SINAPI\",VLOOKUP($F1866,DADOS_SINAPI,2,0),IF(G1866=\"SETOP\",VLOOKUP($F1866,DADOS_SETOP,2,0),IF(G1866=\"CPU\",VLOOKUP($F1866,DADOS_COMPOSICAO,2,0),IF(G1866=\"SICRO\",VLOOKUP($F1866,DADOS_SICRO,2,0),IF(G1866=\"SUDECAP\",VLOOKUP(F1866,DADOS_SUDECAP,2,0),IF(G1866=\"COTAÇÃO\",VLOOKUP($F1866,DADOS_COTACAO,2,0),\"\"))))))","v":"MONTAGEM DO HACK E COMPONENTES - ACESSÓRIOS DE CABEAMENTO DO HACK"},"DAC-18.2","CPU",{"$f":"IF(G1866=\"SINAPI\",VLOOKUP($F1866,DADOS_SINAPI,3,0),IF(G1866=\"SETOP\",VLOOKUP($F1866,DADOS_SETOP,3,0),IF(G1866=\"CPU\",VLOOKUP($F1866,DADOS_COMPOSICAO,10,0),IF(G1866=\"SICRO\",VLOOKUP($F1866,DADOS_SICRO,3,0),IF(G1866=\"SUDECAP\",VLOOKUP(F1866,DADOS_SUDECAP,3,0),IF(G1866=\"COTAÇÃO\",VLOOKUP($F1866,DADOS_COTACAO,9,0),\"\"))))))","v":"UN"},{"$f":"F1868","v":1},{"$f":"TRUNC(IF(G1866=\"SINAPI\",VLOOKUP($F1866,DADOS_SINAPI,4,0),IF(G1866=\"SETOP\",VLOOKUP($F1866,DADOS_SETOP,4,0),IF(G1866=\"CPU\",VLOOKUP($F1866,DADOS_COMPOSICAO,13,0),IF(G1866=\"SICRO\",VLOOKUP($F1866,DADOS_SICRO,4,0),IF(G1866=\"SUDECAP\",VLOOKUP(F1866,DADOS_SUDECAP,4,0),IF(G1866=\"COTAÇÃO\",VLOOKUP(F1866,DADOS_COTACAO,12,0),\"\")))))),2)","v":3234.32},"BDI 1",{"$f":"TRUNC(J1866*(1+$N$17),2)","v":4092.06},{"$f":"IFERROR(TRUNC(I1866*J1866,2),\"\")","v":3234.32},{"$f":"IFERROR(TRUNC(L1866*I1866,2),\"\")","v":4092.06}]
[2000]
[2000,null,null,null,"Quantidade",1,"un"]
[2000]
[1000,null,null,19,"SISTEMA DE PROTEÇÃO CONTRA DESCARGAS ATMOSFÉRICAS",null,null,null,null,null,null,null,{"$f":"SUMIF(A:A,D1870,M:M)","v":56593.249999999993},{"$f":"SUMIF(A:A,D1870,N:N)","v":71597.17}]
[null,null,null,"19.1","ATERRAMENTO",null,null,null,null,null,null,null,{"$f":"IFERROR(SUMIFS(M:M,A:A,LEFT(D1871,SEARCH(\".\",D1871)-1),B:B,RIGHT(D1871,LEN(D1871)-SEARCH(\".\",D1871))),\"\")","v":20697.219999999998},{"$f":"IFERROR(SUMIFS(N:N,A:A,LEFT(D1871,SEARCH(\".\",D1871)-1),B:B,RIGHT(D1871,LEN(D1871)-SEARCH(\".\",D1871))),\"\")","v":26185.979999999996}]
[{"$f":"IFERROR(LEFT(D1872,SEARCH(\".\",D1872)-1),\"\")","v":"19"},{"$f":"IFERROR(LEFT(RIGHT(D1872,LEN(D1872)-SEARCH(\".\",D1872)),SEARCH(\".\",RIGHT(D1872,LEN(D1872)-SEARCH(\".\",D1872)))-1),\"\")","v":"1"},{"$f":"IFERROR(IF(LEN(D1872)-LEN(SUBSTITUTE(D1872,\".\",\"\"))<>3,\"\",MID(D1872,SEARCH(\".\",D1872,SEARCH(\".\",D1872)+1)+1,LEN(D1872)-SEARCH(\".\",D1872,SEARCH(\".\",D1872)+1)-(LEN(D1872)-(SEARCH(\".\",D1872,SEARCH(\".\",D1872,SEARCH(\".\",D1872)+1)+1)-1)))),\"\")","v":""},"19.1.1",{"$f":"IF($G1872=\"SINAPI\",VLOOKUP($F1872,DADOS_SINAPI,2,0),IF(G1872=\"SETOP\",VLOOKUP($F1872,DADOS_SETOP,2,0),IF(G1872=\"CPU\",VLOOKUP($F1872,DADOS_COMPOSICAO,2,0),IF(G1872=\"SICRO\",VLOOKUP($F1872,DADOS_SICRO,2,0),IF(G1872=\"SUDECAP\",VLOOKUP(F1872,DADOS_SUDECAP,2,0),IF(G1872=\"COTAÇÃO\",VLOOKUP($F1872,DADOS_COTACAO,2,0),\"\"))))))","v":"CAIXA DE EQUALIZAÇÃO PARA USO INTERNO E EXTERNO COM 9 TERMINAIS 380X320X175MM EM AÇO E ACABAMENTO EM EPOXI"},"ED-51054","SETOP",{"$f":"IF(G1872=\"SINAPI\",VLOOKUP($F1872,DADOS_SINAPI,3,0),IF(G1872=\"SETOP\",VLOOKUP($F1872,DADOS_SETOP,3,0),IF(G1872=\"CPU\",VLOOKUP($F1872,DADOS_COMPOSICAO,10,0),IF(G1872=\"SICRO\",VLOOKUP($F1872,DADOS_SICRO,3,0),IF(G1872=\"SUDECAP\",VLOOKUP(F1872,DADOS_SUDECAP,3,0),IF(G1872=\"COTAÇÃO\",VLOOKUP($F1872,DADOS_COTACAO,9,0),\"\"))))))","v":"U"},{"$f":"F1874","v":1},{"$f":"TRUNC(IF(G1872=\"SINAPI\",VLOOKUP($F1872,DADOS_SINAPI,4,0),IF(G1872=\"SETOP\",VLOOKUP($F1872,DADOS_SETOP,4,0),IF(G1872=\"CPU\",VLOOKUP($F1872,DADOS_COMPOSICAO,13,0),IF(G1872=\"SICRO\",VLOOKUP($F1872,DADOS_SICRO,4,0),IF(G1872=\"SUDECAP\",VLOOKUP(F1872,DADOS_SUDECAP,4,0),IF(G1872=\"COTAÇÃO\",VLOOKUP(F1872,DADOS_COTACAO,12,0),\"\")))))),2)","v":590.5},"BDI 1",{"$f":"TRUNC(J1872*(1+$N$17),2)","v":747.1},{"$f":"IFERROR(TRUNC(I1872*J1872,2),\"\")","v":590.5},{"$f":"IFERROR(TRUNC(L1872*I1872,2),\"\")","v":747.1}]
[2000]
[2000,null,null,null,"Total",1,"un"]
[2000]
[{"$f":"IFERROR(LEFT(D1876,SEARCH(\".\",D1876)-1),\"\")","v":"19"},{"$f":"IFERROR(LEFT(RIGHT(D1876,LEN(D1876)-SEARCH(\".\",D1876)),SEARCH(\".\",RIGHT(D1876,LEN(D1876)-SEARCH(\".\",D1876)))-1),\"\")","v":"1"},{"$f":"IFERROR(IF(LEN(D1876)-LEN(SUBSTITUTE(D1876,\".\",\"\"))<>3,\"\",MID(D1876,SEARCH(\".\",D1876,SEARCH(\".\",D1876)+1)+1,LEN(D1876)-SEARCH(\".\",D1876,SEARCH(\".\",D1876)+1)-(LEN(D1876)-(SEARCH(\".\",D1876,SEARCH(\".\",D1876,SEARCH(\".\",D1876)+1)+1)-1)))),\"\")","v":""},"19.1.2",{"$f":"IF($G1876=\"SINAPI\",VLOOKUP($F1876,DADOS_SINAPI,2,0),IF(G1876=\"SETOP\",VLOOKUP($F1876,DADOS_SETOP,2,0),IF(G1876=\"CPU\",VLOOKUP($F1876,DADOS_COMPOSICAO,2,0),IF(G1876=\"SICRO\",VLOOKUP($F1876,DADOS_SICRO,2,0),IF(G1876=\"SUDECAP\",VLOOKUP(F1876,DADOS_SUDECAP,2,0),IF(G1876=\"COTAÇÃO\",VLOOKUP($F1876,DADOS_COTACAO,2,0),\"\"))))))","v":"ATERRAMENTO COMPLETO PARA PARA-RAIOS, COM HASTE DE COBRE DE ALTA CAMADA, TIPO COPPERWELD, DIÂMETRO DE 3/4\", COMPRIMENTO DE 240CM, EXCLUSIVE CABO, INCLUSIVE CAIXA DE INSPEÇÃO COM TAMPA EM FERRO FUNDIDO E GRAMPO PARA HASTE"},"ED-51017","SETOP",{"$f":"IF(G1876=\"SINAPI\",VLOOKUP($F1876,DADOS_SINAPI,3,0),IF(G1876=\"SETOP\",VLOOKUP($F1876,DADOS_SETOP,3,0),IF(G1876=\"CPU\",VLOOKUP($F1876,DADOS_COMPOSICAO,10,0),IF(G1876=\"SICRO\",VLOOKUP($F1876,DADOS_SICRO,3,0),IF(G1876=\"SUDECAP\",VLOOKUP(F1876,DADOS_SUDECAP,3,0),IF(G1876=\"COTAÇÃO\",VLOOKUP($F1876,DADOS_COTACAO,9,0),\"\"))))))","v":"un"},{"$f":"F1878","v":16},{"$f":"TRUNC(IF(G1876=\"SINAPI\",VLOOKUP($F1876,DADOS_SINAPI,4,0),IF(G1876=\"SETOP\",VLOOKUP($F1876,DADOS_SETOP,4,0),IF(G1876=\"CPU\",VLOOKUP($F1876,DADOS_COMPOSICAO,13,0),IF(G1876=\"SICRO\",VLOOKUP($F1876,DADOS_SICRO,4,0),IF(G1876=\"SUDECAP\",VLOOKUP(F1876,DADOS_SUDECAP,4,0),IF(G1876=\"COTAÇÃO\",VLOOKUP(F1876,DADOS_COTACAO,12,0),\"\")))))),2)","v":1149.0999999999999},"BDI 1",{"$f":"TRUNC(J1876*(1+$N$17),2)","v":1453.84},{"$f":"IFERROR(TRUNC(I1876*J1876,2),\"\")","v":18385.599999999999},{"$f":"IFERROR(TRUNC(L1876*I1876,2),\"\")","v":23261.439999999999}]
[2000]
[2000,null,null,null,"Total",16,"un"]
[2000]
[{"$f":"IFERROR(LEFT(D1880,SEARCH(\".\",D1880)-1),\"\")","v":"19"},{"$f":"IFERROR(LEFT(RIGHT(D1880,LEN(D1880)-SEARCH(\".\",D1880)),SEARCH(\".\",RIGHT(D1880,LEN(D1880)-SEARCH(\".\",D1880)))-1),\"\")","v":"1"},{"$f":"IFERROR(IF(LEN(D1880)-LEN(SUBSTITUTE(D1880,\".\",\"\"))<>3,\"\",MID(D1880,SEARCH(\".\",D1880,SEARCH(\".\",D1880)+1)+1,LEN(D1880)-SEARCH(\".\",D1880,SEARCH(\".\",D1880)+1)-(LEN(D1880)-(SEARCH(\".\",D1880,SEARCH(\".\",D1880,SEARCH(\".\",D1880)+1)+1)-1)))),\"\")","v":""},"19.1.3",{"$f":"IF($G1880=\"SINAPI\",VLOOKUP($F1880,DADOS_SINAPI,2,0),IF(G1880=\"SETOP\",VLOOKUP($F1880,DADOS_SETOP,2,0),IF(G1880=\"CPU\",VLOOKUP($F1880,DADOS_COMPOSICAO,2,0),IF(G1880=\"SICRO\",VLOOKUP($F1880,DADOS_SICRO,2,0),IF(G1880=\"SUDECAP\",VLOOKUP(F1880,DADOS_SUDECAP,2,0),IF(G1880=\"COTAÇÃO\",VLOOKUP($F1880,DADOS_COTACAO,2,0),\"\"))))))","v":"ATERRAMENTO COM HASTE DE COBRE, TIPO COPPERWELD, DIÂMETRO DE  5/8\", COMPRIMENTO DE 240CM, EXCLUSIVE CABO E CAIXA PARA ATERRAMENTO, INCLUSIVE GRAMPO PARA HASTE E INSTALAÇÃO"},"ED-48700","SETOP",{"$f":"IF(G1880=\"SINAPI\",VLOOKUP($F1880,DADOS_SINAPI,3,0),IF(G1880=\"SETOP\",VLOOKUP($F1880,DADOS_SETOP,3,0),IF(G1880=\"CPU\",VLOOKUP($F1880,DADOS_COMPOSICAO,10,0),IF(G1880=\"SICRO\",VLOOKUP($F1880,DADOS_SICRO,3,0),IF(G1880=\"SUDECAP\",VLOOKUP(F1880,DADOS_SUDECAP,3,0),IF(G1880=\"COTAÇÃO\",VLOOKUP($F1880,DADOS_COTACAO,9,0),\"\"))))))","v":"un"},{"$f":"F1882","v":16},{"$f":"TRUNC(IF(G1880=\"SINAPI\",VLOOKUP($F1880,DADOS_SINAPI,4,0),IF(G1880=\"SETOP\",VLOOKUP($F1880,DADOS_SETOP,4,0),IF(G1880=\"CPU\",VLOOKUP($F1880,DADOS_COMPOSICAO,13,0),IF(G1880=\"SICRO\",VLOOKUP($F1880,DADOS_SICRO,4,0),IF(G1880=\"SUDECAP\",VLOOKUP(F1880,DADOS_SUDECAP,4,0),IF(G1880=\"COTAÇÃO\",VLOOKUP(F1880,DADOS_COTACAO,12,0),\"\")))))),2)","v":107.57},"BDI 1",{"$f":"TRUNC(J1880*(1+$N$17),2)","v":136.09},{"$f":"IFERROR(TRUNC(I1880*J1880,2),\"\")","v":1721.12},{"$f":"IFERROR(TRUNC(L1880*I1880,2),\"\")","v":2177.44}]
[2000]
[2000,null,null,null,"Total",16,"un"]
[2000]
[null,null,null,"19.2","CAPTORES",null,null,null,null,null,null,null,{"$f":"IFERROR(SUMIFS(M:M,A:A,LEFT(D1884,SEARCH(\".\",D1884)-1),B:B,RIGHT(D1884,LEN(D1884)-SEARCH(\".\",D1884))),\"\")","v":1394.19},{"$f":"IFERROR(SUMIFS(N:N,A:A,LEFT(D1884,SEARCH(\".\",D1884)-1),B:B,RIGHT(D1884,LEN(D1884)-SEARCH(\".\",D1884))),\"\")","v":1763.74}]
[{"$f":"IFERROR(LEFT(D1885,SEARCH(\".\",D1885)-1),\"\")","v":"19"},{"$f":"IFERROR(LEFT(RIGHT(D1885,LEN(D1885)-SEARCH(\".\",D1885)),SEARCH(\".\",RIGHT(D1885,LEN(D1885)-SEARCH(\".\",D1885)))-1),\"\")","v":"2"},{"$f":"IFERROR(IF(LEN(D1885)-LEN(SUBSTITUTE(D1885,\".\",\"\"))<>3,\"\",MID(D1885,SEARCH(\".\",D1885,SEARCH(\".\",D1885)+1)+1,LEN(D1885)-SEARCH(\".\",D1885,SEARCH(\".\",D1885)+1)-(LEN(D1885)-(SEARCH(\".\",D1885,SEARCH(\".\",D1885,SEARCH(\".\",D1885)+1)+1)-1)))),\"\")","v":""},"19.2.1",{"$f":"IF($G1885=\"SINAPI\",VLOOKUP($F1885,DADOS_SINAPI,2,0),IF(G1885=\"SETOP\",VLOOKUP($F1885,DADOS_SETOP,2,0),IF(G1885=\"CPU\",VLOOKUP($F1885,DADOS_COMPOSICAO,2,0),IF(G1885=\"SICRO\",VLOOKUP($F1885,DADOS_SICRO,2,0),IF(G1885=\"SUDECAP\",VLOOKUP(F1885,DADOS_SUDECAP,2,0),IF(G1885=\"COTAÇÃO\",VLOOKUP($F1885,DADOS_COTACAO,2,0),\"\"))))))","v":"MINI CAPTOR PARA SPDA - FORNECIMENTO E INSTALAÇÃO. AF_08/2023"},104746,"SINAPI",{"$f":"IF(G1885=\"SINAPI\",VLOOKUP($F1885,DADOS_SINAPI,3,0),IF(G1885=\"SETOP\",VLOOKUP($F1885,DADOS_SETOP,3,0),IF(G1885=\"CPU\",VLOOKUP($F1885,DADOS_COMPOSICAO,10,0),IF(G1885=\"SICRO\",VLOOKUP($F1885,DADOS_SICRO,3,0),IF(G1885=\"SUDECAP\",VLOOKUP(F1885,DADOS_SUDECAP,3,0),IF(G1885=\"COTAÇÃO\",VLOOKUP($F1885,DADOS_COTACAO,9,0),\"\"))))))","v":"UN"},{"$f":"F1887","v":47},{"$f":"TRUNC(IF(G1885=\"SINAPI\",VLOOKUP($F1885,DADOS_SINAPI,4,0),IF(G1885=\"SETOP\",VLOOKUP($F1885,DADOS_SETOP,4,0),IF(G1885=\"CPU\",VLOOKUP($F1885,DADOS_COMPOSICAO,13,0),IF(G1885=\"SICRO\",VLOOKUP($F1885,DADOS_SICRO,4,0),IF(G1885=\"SUDECAP\",VLOOKUP(F1885,DADOS_SUDECAP,4,0),IF(G1885=\"COTAÇÃO\",VLOOKUP(F1885,DADOS_COTACAO,12,0),\"\")))))),2)","v":26.41},"BDI 1",{"$f":"TRUNC(J1885*(1+$N$17),2)","v":33.409999999999997},{"$f":"IFERROR(TRUNC(I1885*J1885,2),\"\")","v":1241.27},{"$f":"IFERROR(TRUNC(L1885*I1885,2),\"\")","v":1570.27}]
[2000]
[2000,null,null,null,"Total",47,"un"]
[2000]
[{"$f":"IFERROR(LEFT(D1889,SEARCH(\".\",D1889)-1),\"\")","v":"19"},{"$f":"IFERROR(LEFT(RIGHT(D1889,LEN(D1889)-SEARCH(\".\",D1889)),SEARCH(\".\",RIGHT(D1889,LEN(D1889)-SEARCH(\".\",D1889)))-1),\"\")","v":"2"},{"$f":"IFERROR(IF(LEN(D1889)-LEN(SUBSTITUTE(D1889,\".\",\"\"))<>3,\"\",MID(D1889,SEARCH(\".\",D1889,SEARCH(\".\",D1889)+1)+1,LEN(D1889)-SEARCH(\".\",D1889,SEARCH(\".\",D1889)+1)-(LEN(D1889)-(SEARCH(\".\",D1889,SEARCH(\".\",D1889,SEARCH(\".\",D1889)+1)+1)-1)))),\"\")","v":""},"19.2.2",{"$f":"IF($G1889=\"SINAPI\",VLOOKUP($F1889,DADOS_SINAPI,2,0),IF(G1889=\"SETOP\",VLOOKUP($F1889,DADOS_SETOP,2,0),IF(G1889=\"CPU\",VLOOKUP($F1889,DADOS_COMPOSICAO,2,0),IF(G1889=\"SICRO\",VLOOKUP($F1889,DADOS_SICRO,2,0),IF(G1889=\"SUDECAP\",VLOOKUP(F1889,DADOS_SUDECAP,2,0),IF(G1889=\"COTAÇÃO\",VLOOKUP($F1889,DADOS_COTACAO,2,0),\"\"))))))","v":"MASTRO 1 ½\", COM 3 METROS, PARA SPDA - FORNECIMENTO E INSTALAÇÃO. AF_08/2023"},96988,"SINAPI",{"$f":"IF(G1889=\"SINAPI\",VLOOKUP($F1889,DADOS_SINAPI,3,0),IF(G1889=\"SETOP\",VLOOKUP($F1889,DADOS_SETOP,3,0),IF(G1889=\"CPU\",VLOOKUP($F1889,DADOS_COMPOSICAO,10,0),IF(G1889=\"SICRO\",VLOOKUP($F1889,DADOS_SICRO,3,0),IF(G1889=\"SUDECAP\",VLOOKUP(F1889,DADOS_SUDECAP,3,0),IF(G1889=\"COTAÇÃO\",VLOOKUP($F1889,DADOS_COTACAO,9,0),\"\"))))))","v":"UN"},{"$f":"F1891","v":1},{"$f":"TRUNC(IF(G1889=\"SINAPI\",VLOOKUP($F1889,DADOS_SINAPI,4,0),IF(G1889=\"SETOP\",VLOOKUP($F1889,DADOS_SETOP,4,0),IF(G1889=\"CPU\",VLOOKUP($F1889,DADOS_COMPOSICAO,13,0),IF(G1889=\"SICRO\",VLOOKUP($F1889,DADOS_SICRO,4,0),IF(G1889=\"SUDECAP\",VLOOKUP(F1889,DADOS_SUDECAP,4,0),IF(G1889=\"COTAÇÃO\",VLOOKUP(F1889,DADOS_COTACAO,12,0),\"\")))))),2)","v":152.91999999999999},"BDI 1",{"$f":"TRUNC(J1889*(1+$N$17),2)","v":193.47},{"$f":"IFERROR(TRUNC(I1889*J1889,2),\"\")","v":152.91999999999999},{"$f":"IFERROR(TRUNC(L1889*I1889,2),\"\")","v":193.47}]
[2000]
[2000,null,null,null,"Total",1,"un"]
[2000]
[null,null,null,"19.3","CONDUTORES DE PROTEÇÃO",null,null,null,null,null,null,null,{"$f":"IFERROR(SUMIFS(M:M,A:A,LEFT(D1893,SEARCH(\".\",D1893)-1),B:B,RIGHT(D1893,LEN(D1893)-SEARCH(\".\",D1893))),\"\")","v":34501.839999999997},{"$f":"IFERROR(SUMIFS(N:N,A:A,LEFT(D1893,SEARCH(\".\",D1893)-1),B:B,RIGHT(D1893,LEN(D1893)-SEARCH(\".\",D1893))),\"\")","v":43647.45}]
[{"$f":"IFERROR(LEFT(D1894,SEARCH(\".\",D1894)-1),\"\")","v":"19"},{"$f":"IFERROR(LEFT(RIGHT(D1894,LEN(D1894)-SEARCH(\".\",D1894)),SEARCH(\".\",RIGHT(D1894,LEN(D1894)-SEARCH(\".\",D1894)))-1),\"\")","v":"3"},{"$f":"IFERROR(IF(LEN(D1894)-LEN(SUBSTITUTE(D1894,\".\",\"\"))<>3,\"\",MID(D1894,SEARCH(\".\",D1894,SEARCH(\".\",D1894)+1)+1,LEN(D1894)-SEARCH(\".\",D1894,SEARCH(\".\",D1894)+1)-(LEN(D1894)-(SEARCH(\".\",D1894,SEARCH(\".\",D1894,SEARCH(\".\",D1894)+1)+1)-1)))),\"\")","v":""},"19.3.1",{"$f":"IF($G1894=\"SINAPI\",VLOOKUP($F1894,DADOS_SINAPI,2,0),IF(G1894=\"SETOP\",VLOOKUP($F1894,DADOS_SETOP,2,0),IF(G1894=\"CPU\",VLOOKUP($F1894,DADOS_COMPOSICAO,2,0),IF(G1894=\"SICRO\",VLOOKUP($F1894,DADOS_SICRO,2,0),IF(G1894=\"SUDECAP\",VLOOKUP(F1894,DADOS_SUDECAP,2,0),IF(G1894=\"COTAÇÃO\",VLOOKUP($F1894,DADOS_COTACAO,2,0),\"\"))))))","v":"BARRA CHATA DE ALUMÍNIO 7/8\" X 1/8\" X 3M"},"ED-51019","SETOP",{"$f":"IF(G1894=\"SINAPI\",VLOOKUP($F1894,DADOS_SINAPI,3,0),IF(G1894=\"SETOP\",VLOOKUP($F1894,DADOS_SETOP,3,0),IF(G1894=\"CPU\",VLOOKUP($F1894,DADOS_COMPOSICAO,10,0),IF(G1894=\"SICRO\",VLOOKUP($F1894,DADOS_SICRO,3,0),IF(G1894=\"SUDECAP\",VLOOKUP(F1894,DADOS_SUDECAP,3,0),IF(G1894=\"COTAÇÃO\",VLOOKUP($F1894,DADOS_COTACAO,9,0),\"\"))))))","v":"U"},{"$f":"F1896","v":261},{"$f":"TRUNC(IF(G1894=\"SINAPI\",VLOOKUP($F1894,DADOS_SINAPI,4,0),IF(G1894=\"SETOP\",VLOOKUP($F1894,DADOS_SETOP,4,0),IF(G1894=\"CPU\",VLOOKUP($F1894,DADOS_COMPOSICAO,13,0),IF(G1894=\"SICRO\",VLOOKUP($F1894,DADOS_SICRO,4,0),IF(G1894=\"SUDECAP\",VLOOKUP(F1894,DADOS_SUDECAP,4,0),IF(G1894=\"COTAÇÃO\",VLOOKUP(F1894,DADOS_COTACAO,12,0),\"\")))))),2)","v":29.25},"BDI 1",{"$f":"TRUNC(J1894*(1+$N$17),2)","v":37},{"$f":"IFERROR(TRUNC(I1894*J1894,2),\"\")","v":7634.25},{"$f":"IFERROR(TRUNC(L1894*I1894,2),\"\")","v":9657}]
[2000]
[2000,null,null,null,"Total",{"$f":"ROUNDUP(782.24/3,0)","v":261},"un"]
[2000]
[{"$f":"IFERROR(LEFT(D1898,SEARCH(\".\",D1898)-1),\"\")","v":"19"},{"$f":"IFERROR(LEFT(RIGHT(D1898,LEN(D1898)-SEARCH(\".\",D1898)),SEARCH(\".\",RIGHT(D1898,LEN(D1898)-SEARCH(\".\",D1898)))-1),\"\")","v":"3"},{"$f":"IFERROR(IF(LEN(D1898)-LEN(SUBSTITUTE(D1898,\".\",\"\"))<>3,\"\",MID(D1898,SEARCH(\".\",D1898,SEARCH(\".\",D1898)+1)+1,LEN(D1898)-SEARCH(\".\",D1898,SEARCH(\".\",D1898)+1)-(LEN(D1898)-(SEARCH(\".\",D1898,SEARCH(\".\",D1898,SEARCH(\".\",D1898)+1)+1)-1)))),\"\")","v":""},"19.3.2",{"$f":"IF($G1898=\"SINAPI\",VLOOKUP($F1898,DADOS_SINAPI,2,0),IF(G1898=\"SETOP\",VLOOKUP($F1898,DADOS_SETOP,2,0),IF(G1898=\"CPU\",VLOOKUP($F1898,DADOS_COMPOSICAO,2,0),IF(G1898=\"SICRO\",VLOOKUP($F1898,DADOS_SICRO,2,0),IF(G1898=\"SUDECAP\",VLOOKUP(F1898,DADOS_SUDECAP,2,0),IF(G1898=\"COTAÇÃO\",VLOOKUP($F1898,DADOS_COTACAO,2,0),\"\"))))))","v":"CABO DE COBRE NU #35MM2 - 7 FIOSX2,50MM, PARA ELEMENTOS DE CAPTAÇÃO/ANEL DE CINTAMENTO (SPDA), INCLUSIVE PRESILHA DE FIXAÇÃO"},"ED-13934","SETOP",{"$f":"IF(G1898=\"SINAPI\",VLOOKUP($F1898,DADOS_SINAPI,3,0),IF(G1898=\"SETOP\",VLOOKUP($F1898,DADOS_SETOP,3,0),IF(G1898=\"CPU\",VLOOKUP($F1898,DADOS_COMPOSICAO,10,0),IF(G1898=\"SICRO\",VLOOKUP($F1898,DADOS_SICRO,3,0),IF(G1898=\"SUDECAP\",VLOOKUP(F1898,DADOS_SUDECAP,3,0),IF(G1898=\"COTAÇÃO\",VLOOKUP($F1898,DADOS_COTACAO,9,0),\"\"))))))","v":"m"},{"$f":"F1900","v":81.83},{"$f":"TRUNC(IF(G1898=\"SINAPI\",VLOOKUP($F1898,DADOS_SINAPI,4,0),IF(G1898=\"SETOP\",VLOOKUP($F1898,DADOS_SETOP,4,0),IF(G1898=\"CPU\",VLOOKUP($F1898,DADOS_COMPOSICAO,13,0),IF(G1898=\"SICRO\",VLOOKUP($F1898,DADOS_SICRO,4,0),IF(G1898=\"SUDECAP\",VLOOKUP(F1898,DADOS_SUDECAP,4,0),IF(G1898=\"COTAÇÃO\",VLOOKUP(F1898,DADOS_COTACAO,12,0),\"\")))))),2)","v":44.96},"BDI 1",{"$f":"TRUNC(J1898*(1+$N$17),2)","v":56.88},{"$f":"IFERROR(TRUNC(I1898*J1898,2),\"\")","v":3679.07},{"$f":"IFERROR(TRUNC(L1898*I1898,2),\"\")","v":4654.49}]
[2000]
[2000,null,null,null,"Total",81.83,"m"]
[2000]
[{"$f":"IFERROR(LEFT(D1902,SEARCH(\".\",D1902)-1),\"\")","v":"19"},{"$f":"IFERROR(LEFT(RIGHT(D1902,LEN(D1902)-SEARCH(\".\",D1902)),SEARCH(\".\",RIGHT(D1902,LEN(D1902)-SEARCH(\".\",D1902)))-1),\"\")","v":"3"},{"$f":"IFERROR(IF(LEN(D1902)-LEN(SUBSTITUTE(D1902,\".\",\"\"))<>3,\"\",MID(D1902,SEARCH(\".\",D1902,SEARCH(\".\",D1902)+1)+1,LEN(D1902)-SEARCH(\".\",D1902,SEARCH(\".\",D1902)+1)-(LEN(D1902)-(SEARCH(\".\",D1902,SEARCH(\".\",D1902,SEARCH(\".\",D1902)+1)+1)-1)))),\"\")","v":""},"19.3.3",{"$f":"IF($G1902=\"SINAPI\",VLOOKUP($F1902,DADOS_SINAPI,2,0),IF(G1902=\"SETOP\",VLOOKUP($F1902,DADOS_SETOP,2,0),IF(G1902=\"CPU\",VLOOKUP($F1902,DADOS_COMPOSICAO,2,0),IF(G1902=\"SICRO\",VLOOKUP($F1902,DADOS_SICRO,2,0),IF(G1902=\"SUDECAP\",VLOOKUP(F1902,DADOS_SUDECAP,2,0),IF(G1902=\"COTAÇÃO\",VLOOKUP($F1902,DADOS_COTACAO,2,0),\"\"))))))","v":"CABO DE COBRE NU #50 MM2 - 7 FIOSX3,00MM, PARA ELEMENTOS DE CAPTAÇÃO/ANEL DE CINTAMENTO (SPDA), INCLUSIVE PRESILHA DE FIXAÇÃO"},"ED-13935","SETOP",{"$f":"IF(G1902=\"SINAPI\",VLOOKUP($F1902,DADOS_SINAPI,3,0),IF(G1902=\"SETOP\",VLOOKUP($F1902,DADOS_SETOP,3,0),IF(G1902=\"CPU\",VLOOKUP($F1902,DADOS_COMPOSICAO,10,0),IF(G1902=\"SICRO\",VLOOKUP($F1902,DADOS_SICRO,3,0),IF(G1902=\"SUDECAP\",VLOOKUP(F1902,DADOS_SUDECAP,3,0),IF(G1902=\"COTAÇÃO\",VLOOKUP($F1902,DADOS_COTACAO,9,0),\"\"))))))","v":"m"},{"$f":"F1904","v":257.3},{"$f":"TRUNC(IF(G1902=\"SINAPI\",VLOOKUP($F1902,DADOS_SINAPI,4,0),IF(G1902=\"SETOP\",VLOOKUP($F1902,DADOS_SETOP,4,0),IF(G1902=\"CPU\",VLOOKUP($F1902,DADOS_COMPOSICAO,13,0),IF(G1902=\"SICRO\",VLOOKUP($F1902,DADOS_SICRO,4,0),IF(G1902=\"SUDECAP\",VLOOKUP(F1902,DADOS_SUDECAP,4,0),IF(G1902=\"COTAÇÃO\",VLOOKUP(F1902,DADOS_COTACAO,12,0),\"\")))))),2)","v":60.34},"BDI 1",{"$f":"TRUNC(J1902*(1+$N$17),2)","v":76.34},{"$f":"IFERROR(TRUNC(I1902*J1902,2),\"\")","v":15525.48},{"$f":"IFERROR(TRUNC(L1902*I1902,2),\"\")","v":19642.28}]
[2000]
[2000,null,null,null,"Total",257.3,"m"]
[2000]
[{"$f":"IFERROR(LEFT(D1906,SEARCH(\".\",D1906)-1),\"\")","v":"19"},{"$f":"IFERROR(LEFT(RIGHT(D1906,LEN(D1906)-SEARCH(\".\",D1906)),SEARCH(\".\",RIGHT(D1906,LEN(D1906)-SEARCH(\".\",D1906)))-1),\"\")","v":"3"},{"$f":"IFERROR(IF(LEN(D1906)-LEN(SUBSTITUTE(D1906,\".\",\"\"))<>3,\"\",MID(D1906,SEARCH(\".\",D1906,SEARCH(\".\",D1906)+1)+1,LEN(D1906)-SEARCH(\".\",D1906,SEARCH(\".\",D1906)+1)-(LEN(D1906)-(SEARCH(\".\",D1906,SEARCH(\".\",D1906,SEARCH(\".\",D1906)+1)+1)-1)))),\"\")","v":""},"19.3.4",{"$f":"IF($G1906=\"SINAPI\",VLOOKUP($F1906,DADOS_SINAPI,2,0),IF(G1906=\"SETOP\",VLOOKUP($F1906,DADOS_SETOP,2,0),IF(G1906=\"CPU\",VLOOKUP($F1906,DADOS_COMPOSICAO,2,0),IF(G1906=\"SICRO\",VLOOKUP($F1906,DADOS_SICRO,2,0),IF(G1906=\"SUDECAP\",VLOOKUP(F1906,DADOS_SUDECAP,2,0),IF(G1906=\"COTAÇÃO\",VLOOKUP($F1906,DADOS_COTACAO,2,0),\"\"))))))","v":"ELETRODUTO RÍGIDO ROSCÁVEL, PVC, DN 32 MM (1\"), PARA CIRCUITOS TERMINAIS, INSTALADO EM PAREDE - FORNECIMENTO E INSTALAÇÃO. AF_03/2023"},91872,"SINAPI",{"$f":"IF(G1906=\"SINAPI\",VLOOKUP($F1906,DADOS_SINAPI,3,0),IF(G1906=\"SETOP\",VLOOKUP($F1906,DADOS_SETOP,3,0),IF(G1906=\"CPU\",VLOOKUP($F1906,DADOS_COMPOSICAO,10,0),IF(G1906=\"SICRO\",VLOOKUP($F1906,DADOS_SICRO,3,0),IF(G1906=\"SUDECAP\",VLOOKUP(F1906,DADOS_SUDECAP,3,0),IF(G1906=\"COTAÇÃO\",VLOOKUP($F1906,DADOS_COTACAO,9,0),\"\"))))))","v":"M"},{"$f":"F1908","v":96},{"$f":"TRUNC(IF(G1906=\"SINAPI\",VLOOKUP($F1906,DADOS_SINAPI,4,0),IF(G1906=\"SETOP\",VLOOKUP($F1906,DADOS_SETOP,4,0),IF(G1906=\"CPU\",VLOOKUP($F1906,DADOS_COMPOSICAO,13,0),IF(G1906=\"SICRO\",VLOOKUP($F1906,DADOS_SICRO,4,0),IF(G1906=\"SUDECAP\",VLOOKUP(F1906,DADOS_SUDECAP,4,0),IF(G1906=\"COTAÇÃO\",VLOOKUP(F1906,DADOS_COTACAO,12,0),\"\")))))),2)","v":19.39},"BDI 1",{"$f":"TRUNC(J1906*(1+$N$17),2)","v":24.53},{"$f":"IFERROR(TRUNC(I1906*J1906,2),\"\")","v":1861.44},{"$f":"IFERROR(TRUNC(L1906*I1906,2),\"\")","v":2354.88}]
[2000]
[2000,null,null,null,"Total",{"$f":"32*3","v":96},"m"]
[2000]
[{"$f":"IFERROR(LEFT(D1910,SEARCH(\".\",D1910)-1),\"\")","v":"19"},{"$f":"IFERROR(LEFT(RIGHT(D1910,LEN(D1910)-SEARCH(\".\",D1910)),SEARCH(\".\",RIGHT(D1910,LEN(D1910)-SEARCH(\".\",D1910)))-1),\"\")","v":"3"},{"$f":"IFERROR(IF(LEN(D1910)-LEN(SUBSTITUTE(D1910,\".\",\"\"))<>3,\"\",MID(D1910,SEARCH(\".\",D1910,SEARCH(\".\",D1910)+1)+1,LEN(D1910)-SEARCH(\".\",D1910,SEARCH(\".\",D1910)+1)-(LEN(D1910)-(SEARCH(\".\",D1910,SEARCH(\".\",D1910,SEARCH(\".\",D1910)+1)+1)-1)))),\"\")","v":""},"19.3.5",{"$f":"IF($G1910=\"SINAPI\",VLOOKUP($F1910,DADOS_SINAPI,2,0),IF(G1910=\"SETOP\",VLOOKUP($F1910,DADOS_SETOP,2,0),IF(G1910=\"CPU\",VLOOKUP($F1910,DADOS_COMPOSICAO,2,0),IF(G1910=\"SICRO\",VLOOKUP($F1910,DADOS_SICRO,2,0),IF(G1910=\"SUDECAP\",VLOOKUP(F1910,DADOS_SUDECAP,2,0),IF(G1910=\"COTAÇÃO\",VLOOKUP($F1910,DADOS_COTACAO,2,0),\"\"))))))","v":"FIXAÇÃO DE SUPORTE PARA BARRA CHATA "},"DAC-19.1","CPU",{"$f":"IF(G1910=\"SINAPI\",VLOOKUP($F1910,DADOS_SINAPI,3,0),IF(G1910=\"SETOP\",VLOOKUP($F1910,DADOS_SETOP,3,0),IF(G1910=\"CPU\",VLOOKUP($F1910,DADOS_COMPOSICAO,10,0),IF(G1910=\"SICRO\",VLOOKUP($F1910,DADOS_SICRO,3,0),IF(G1910=\"SUDECAP\",VLOOKUP(F1910,DADOS_SUDECAP,3,0),IF(G1910=\"COTAÇÃO\",VLOOKUP($F1910,DADOS_COTACAO,9,0),\"\"))))))","v":"UN"},{"$f":"F1912","v":140},{"$f":"TRUNC(IF(G1910=\"SINAPI\",VLOOKUP($F1910,DADOS_SINAPI,4,0),IF(G1910=\"SETOP\",VLOOKUP($F1910,DADOS_SETOP,4,0),IF(G1910=\"CPU\",VLOOKUP($F1910,DADOS_COMPOSICAO,13,0),IF(G1910=\"SICRO\",VLOOKUP($F1910,DADOS_SICRO,4,0),IF(G1910=\"SUDECAP\",VLOOKUP(F1910,DADOS_SUDECAP,4,0),IF(G1910=\"COTAÇÃO\",VLOOKUP(F1910,DADOS_COTACAO,12,0),\"\")))))),2)","v":41.44},"BDI 1",{"$f":"TRUNC(J1910*(1+$N$17),2)","v":52.42},{"$f":"IFERROR(TRUNC(I1910*J1910,2),\"\")","v":5801.6},{"$f":"IFERROR(TRUNC(L1910*I1910,2),\"\")","v":7338.8}]
[2000]
[2000,null,null,null,"Total",140,"un"]
[2000]
[1000,null,null,20,"SISTEMA DE PROTEÇÃO CONTRA INCÊNDIO E PÂNICO",null,null,null,null,null,null,null,{"$f":"SUMIF(A:A,D1914,M:M)","v":2732.3500000000004},{"$f":"SUMIF(A:A,D1914,N:N)","v":3456.66}]
[null,null,null,"20.1","ILUMINAÇÃO DE EMERGÊNCIA",null,null,null,null,null,null,null,{"$f":"IFERROR(SUMIFS(M:M,A:A,LEFT(D1915,SEARCH(\".\",D1915)-1),B:B,RIGHT(D1915,LEN(D1915)-SEARCH(\".\",D1915))),\"\")","v":220.99},{"$f":"IFERROR(SUMIFS(N:N,A:A,LEFT(D1915,SEARCH(\".\",D1915)-1),B:B,RIGHT(D1915,LEN(D1915)-SEARCH(\".\",D1915))),\"\")","v":279.51}]
[{"$f":"IFERROR(LEFT(D1916,SEARCH(\".\",D1916)-1),\"\")","v":"20"},{"$f":"IFERROR(LEFT(RIGHT(D1916,LEN(D1916)-SEARCH(\".\",D1916)),SEARCH(\".\",RIGHT(D1916,LEN(D1916)-SEARCH(\".\",D1916)))-1),\"\")","v":"1"},{"$f":"IFERROR(IF(LEN(D1916)-LEN(SUBSTITUTE(D1916,\".\",\"\"))<>3,\"\",MID(D1916,SEARCH(\".\",D1916,SEARCH(\".\",D1916)+1)+1,LEN(D1916)-SEARCH(\".\",D1916,SEARCH(\".\",D1916)+1)-(LEN(D1916)-(SEARCH(\".\",D1916,SEARCH(\".\",D1916,SEARCH(\".\",D1916)+1)+1)-1)))),\"\")","v":""},"20.1.1",{"$f":"IF($G1916=\"SINAPI\",VLOOKUP($F1916,DADOS_SINAPI,2,0),IF(G1916=\"SETOP\",VLOOKUP($F1916,DADOS_SETOP,2,0),IF(G1916=\"CPU\",VLOOKUP($F1916,DADOS_COMPOSICAO,2,0),IF(G1916=\"SICRO\",VLOOKUP($F1916,DADOS_SICRO,2,0),IF(G1916=\"SUDECAP\",VLOOKUP(F1916,DADOS_SUDECAP,2,0),IF(G1916=\"COTAÇÃO\",VLOOKUP($F1916,DADOS_COTACAO,2,0),\"\"))))))","v":"LUMINÁRIA DE EMERGÊNCIA, COM 30 LÂMPADAS LED DE 2 W, SEM REATOR - FORNECIMENTO E INSTALAÇÃO. AF_09/2024"},97599,"SINAPI",{"$f":"IF(G1916=\"SINAPI\",VLOOKUP($F1916,DADOS_SINAPI,3,0),IF(G1916=\"SETOP\",VLOOKUP($F1916,DADOS_SETOP,3,0),IF(G1916=\"CPU\",VLOOKUP($F1916,DADOS_COMPOSICAO,10,0),IF(G1916=\"SICRO\",VLOOKUP($F1916,DADOS_SICRO,3,0),IF(G1916=\"SUDECAP\",VLOOKUP(F1916,DADOS_SUDECAP,3,0),IF(G1916=\"COTAÇÃO\",VLOOKUP($F1916,DADOS_COTACAO,9,0),\"\"))))))","v":"UN"},{"$f":"F1918","v":11},{"$f":"TRUNC(IF(G1916=\"SINAPI\",VLOOKUP($F1916,DADOS_SINAPI,4,0),IF(G1916=\"SETOP\",VLOOKUP($F1916,DADOS_SETOP,4,0),IF(G1916=\"CPU\",VLOOKUP($F1916,DADOS_COMPOSICAO,13,0),IF(G1916=\"SICRO\",VLOOKUP($F1916,DADOS_SICRO,4,0),IF(G1916=\"SUDECAP\",VLOOKUP(F1916,DADOS_SUDECAP,4,0),IF(G1916=\"COTAÇÃO\",VLOOKUP(F1916,DADOS_COTACAO,12,0),\"\")))))),2)","v":20.09},"BDI 1",{"$f":"TRUNC(J1916*(1+$N$17),2)","v":25.41},{"$f":"IFERROR(TRUNC(I1916*J1916,2),\"\")","v":220.99},{"$f":"IFERROR(TRUNC(L1916*I1916,2),\"\")","v":279.51}]
[2000]
[2000,null,null,null,"Quantidade",11,"un"]
[2000]
[null,null,null,"20.2","SINALIZAÇÃO DE EMERGÊNCIA",null,null,null,null,null,null,null,{"$f":"IFERROR(SUMIFS(M:M,A:A,LEFT(D1920,SEARCH(\".\",D1920)-1),B:B,RIGHT(D1920,LEN(D1920)-SEARCH(\".\",D1920))),\"\")","v":824.83},{"$f":"IFERROR(SUMIFS(N:N,A:A,LEFT(D1920,SEARCH(\".\",D1920)-1),B:B,RIGHT(D1920,LEN(D1920)-SEARCH(\".\",D1920))),\"\")","v":1043.4100000000001}]
[{"$f":"IFERROR(LEFT(D1921,SEARCH(\".\",D1921)-1),\"\")","v":"20"},{"$f":"IFERROR(LEFT(RIGHT(D1921,LEN(D1921)-SEARCH(\".\",D1921)),SEARCH(\".\",RIGHT(D1921,LEN(D1921)-SEARCH(\".\",D1921)))-1),\"\")","v":"2"},{"$f":"IFERROR(IF(LEN(D1921)-LEN(SUBSTITUTE(D1921,\".\",\"\"))<>3,\"\",MID(D1921,SEARCH(\".\",D1921,SEARCH(\".\",D1921)+1)+1,LEN(D1921)-SEARCH(\".\",D1921,SEARCH(\".\",D1921)+1)-(LEN(D1921)-(SEARCH(\".\",D1921,SEARCH(\".\",D1921,SEARCH(\".\",D1921)+1)+1)-1)))),\"\")","v":""},"20.2.1",{"$f":"IF($G1921=\"SINAPI\",VLOOKUP($F1921,DADOS_SINAPI,2,0),IF(G1921=\"SETOP\",VLOOKUP($F1921,DADOS_SETOP,2,0),IF(G1921=\"CPU\",VLOOKUP($F1921,DADOS_COMPOSICAO,2,0),IF(G1921=\"SICRO\",VLOOKUP($F1921,DADOS_SICRO,2,0),IF(G1921=\"SUDECAP\",VLOOKUP(F1921,DADOS_SUDECAP,2,0),IF(G1921=\"COTAÇÃO\",VLOOKUP($F1921,DADOS_COTACAO,2,0),\"\"))))))","v":"PLACA FOTOLUMINESCENTE PARA SINALIZAÇÃO DE EMERGÊNCIA, TIPO \"P1\", DIÂMETRO DE 300MM, EXCLUSIVE FIXAÇÃO"},"COT-INC-001","COTAÇÃO",{"$f":"IF(G1921=\"SINAPI\",VLOOKUP($F1921,DADOS_SINAPI,3,0),IF(G1921=\"SETOP\",VLOOKUP($F1921,DADOS_SETOP,3,0),IF(G1921=\"CPU\",VLOOKUP($F1921,DADOS_COMPOSICAO,10,0),IF(G1921=\"SICRO\",VLOOKUP($F1921,DADOS_SICRO,3,0),IF(G1921=\"SUDECAP\",VLOOKUP(F1921,DADOS_SUDECAP,3,0),IF(G1921=\"COTAÇÃO\",VLOOKUP($F1921,DADOS_COTACAO,9,0),\"\"))))))","v":"UN "},{"$f":"F1923","v":2},{"$f":"TRUNC(IF(G1921=\"SINAPI\",VLOOKUP($F1921,DADOS_SINAPI,4,0),IF(G1921=\"SETOP\",VLOOKUP($F1921,DADOS_SETOP,4,0),IF(G1921=\"CPU\",VLOOKUP($F1921,DADOS_COMPOSICAO,13,0),IF(G1921=\"SICRO\",VLOOKUP($F1921,DADOS_SICRO,4,0),IF(G1921=\"SUDECAP\",VLOOKUP(F1921,DADOS_SUDECAP,4,0),IF(G1921=\"COTAÇÃO\",VLOOKUP(F1921,DADOS_COTACAO,12,0),\"\")))))),2)","v":49.27},"BDI 1",{"$f":"TRUNC(J1921*(1+$N$17),2)","v":62.33},{"$f":"IFERROR(TRUNC(I1921*J1921,2),\"\")","v":98.54},{"$f":"IFERROR(TRUNC(L1921*I1921,2),\"\")","v":124.66}]
[2000]
[2000,null,null,null,"Quantidade",2,"un"]
[2000]
[{"$f":"IFERROR(LEFT(D1925,SEARCH(\".\",D1925)-1),\"\")","v":"20"},{"$f":"IFERROR(LEFT(RIGHT(D1925,LEN(D1925)-SEARCH(\".\",D1925)),SEARCH(\".\",RIGHT(D1925,LEN(D1925)-SEARCH(\".\",D1925)))-1),\"\")","v":"2"},{"$f":"IFERROR(IF(LEN(D1925)-LEN(SUBSTITUTE(D1925,\".\",\"\"))<>3,\"\",MID(D1925,SEARCH(\".\",D1925,SEARCH(\".\",D1925)+1)+1,LEN(D1925)-SEARCH(\".\",D1925,SEARCH(\".\",D1925)+1)-(LEN(D1925)-(SEARCH(\".\",D1925,SEARCH(\".\",D1925,SEARCH(\".\",D1925)+1)+1)-1)))),\"\")","v":""},"20.2.2",{"$f":"IF($G1925=\"SINAPI\",VLOOKUP($F1925,DADOS_SINAPI,2,0),IF(G1925=\"SETOP\",VLOOKUP($F1925,DADOS_SETOP,2,0),IF(G1925=\"CPU\",VLOOKUP($F1925,DADOS_COMPOSICAO,2,0),IF(G1925=\"SICRO\",VLOOKUP($F1925,DADOS_SICRO,2,0),IF(G1925=\"SUDECAP\",VLOOKUP(F1925,DADOS_SUDECAP,2,0),IF(G1925=\"COTAÇÃO\",VLOOKUP($F1925,DADOS_COTACAO,2,0),\"\"))))))","v":"PLACA FOTOLUMINESCENTE PARA SINALIZAÇÃO DE EMERGÊNCIA, TIPO \"P2\", DIÂMETRO DE 300MM, INCLUSIVE FIXAÇÃO"},"ED-50207","SETOP",{"$f":"IF(G1925=\"SINAPI\",VLOOKUP($F1925,DADOS_SINAPI,3,0),IF(G1925=\"SETOP\",VLOOKUP($F1925,DADOS_SETOP,3,0),IF(G1925=\"CPU\",VLOOKUP($F1925,DADOS_COMPOSICAO,10,0),IF(G1925=\"SICRO\",VLOOKUP($F1925,DADOS_SICRO,3,0),IF(G1925=\"SUDECAP\",VLOOKUP(F1925,DADOS_SUDECAP,3,0),IF(G1925=\"COTAÇÃO\",VLOOKUP($F1925,DADOS_COTACAO,9,0),\"\"))))))","v":"un"},{"$f":"F1927","v":2},{"$f":"TRUNC(IF(G1925=\"SINAPI\",VLOOKUP($F1925,DADOS_SINAPI,4,0),IF(G1925=\"SETOP\",VLOOKUP($F1925,DADOS_SETOP,4,0),IF(G1925=\"CPU\",VLOOKUP($F1925,DADOS_COMPOSICAO,13,0),IF(G1925=\"SICRO\",VLOOKUP($F1925,DADOS_SICRO,4,0),IF(G1925=\"SUDECAP\",VLOOKUP(F1925,DADOS_SUDECAP,4,0),IF(G1925=\"COTAÇÃO\",VLOOKUP(F1925,DADOS_COTACAO,12,0),\"\")))))),2)","v":23.25},"BDI 1",{"$f":"TRUNC(J1925*(1+$N$17),2)","v":29.41},{"$f":"IFERROR(TRUNC(I1925*J1925,2),\"\")","v":46.5},{"$f":"IFERROR(TRUNC(L1925*I1925,2),\"\")","v":58.82}]
[2000]
[2000,null,null,null,"Quantidade",2,"un"]
[2000]
[{"$f":"IFERROR(LEFT(D1929,SEARCH(\".\",D1929)-1),\"\")","v":"20"},{"$f":"IFERROR(LEFT(RIGHT(D1929,LEN(D1929)-SEARCH(\".\",D1929)),SEARCH(\".\",RIGHT(D1929,LEN(D1929)-SEARCH(\".\",D1929)))-1),\"\")","v":"2"},{"$f":"IFERROR(IF(LEN(D1929)-LEN(SUBSTITUTE(D1929,\".\",\"\"))<>3,\"\",MID(D1929,SEARCH(\".\",D1929,SEARCH(\".\",D1929)+1)+1,LEN(D1929)-SEARCH(\".\",D1929,SEARCH(\".\",D1929)+1)-(LEN(D1929)-(SEARCH(\".\",D1929,SEARCH(\".\",D1929,SEARCH(\".\",D1929)+1)+1)-1)))),\"\")","v":""},"20.2.3",{"$f":"IF($G1929=\"SINAPI\",VLOOKUP($F1929,DADOS_SINAPI,2,0),IF(G1929=\"SETOP\",VLOOKUP($F1929,DADOS_SETOP,2,0),IF(G1929=\"CPU\",VLOOKUP($F1929,DADOS_COMPOSICAO,2,0),IF(G1929=\"SICRO\",VLOOKUP($F1929,DADOS_SICRO,2,0),IF(G1929=\"SUDECAP\",VLOOKUP(F1929,DADOS_SUDECAP,2,0),IF(G1929=\"COTAÇÃO\",VLOOKUP($F1929,DADOS_COTACAO,2,0),\"\"))))))","v":"PLACA FOTOLUMINESCENTE PARA SINALIZAÇÃO DE EMERGÊNCIA, TIPO \"A2\", DIMENSÃO DA BASE 300MM, INCLUSIVE FIXAÇÃO"},"ED-50206","SETOP",{"$f":"IF(G1929=\"SINAPI\",VLOOKUP($F1929,DADOS_SINAPI,3,0),IF(G1929=\"SETOP\",VLOOKUP($F1929,DADOS_SETOP,3,0),IF(G1929=\"CPU\",VLOOKUP($F1929,DADOS_COMPOSICAO,10,0),IF(G1929=\"SICRO\",VLOOKUP($F1929,DADOS_SICRO,3,0),IF(G1929=\"SUDECAP\",VLOOKUP(F1929,DADOS_SUDECAP,3,0),IF(G1929=\"COTAÇÃO\",VLOOKUP($F1929,DADOS_COTACAO,9,0),\"\"))))))","v":"un"},{"$f":"F1931","v":2},{"$f":"TRUNC(IF(G1929=\"SINAPI\",VLOOKUP($F1929,DADOS_SINAPI,4,0),IF(G1929=\"SETOP\",VLOOKUP($F1929,DADOS_SETOP,4,0),IF(G1929=\"CPU\",VLOOKUP($F1929,DADOS_COMPOSICAO,13,0),IF(G1929=\"SICRO\",VLOOKUP($F1929,DADOS_SICRO,4,0),IF(G1929=\"SUDECAP\",VLOOKUP(F1929,DADOS_SUDECAP,4,0),IF(G1929=\"COTAÇÃO\",VLOOKUP(F1929,DADOS_COTACAO,12,0),\"\")))))),2)","v":16.97},"BDI 1",{"$f":"TRUNC(J1929*(1+$N$17),2)","v":21.47},{"$f":"IFERROR(TRUNC(I1929*J1929,2),\"\")","v":33.94},{"$f":"IFERROR(TRUNC(L1929*I1929,2),\"\")","v":42.94}]
[2000]
[2000,null,null,null,"Quantidade",2,"un"]
[2000]
[{"$f":"IFERROR(LEFT(D1933,SEARCH(\".\",D1933)-1),\"\")","v":"20"},{"$f":"IFERROR(LEFT(RIGHT(D1933,LEN(D1933)-SEARCH(\".\",D1933)),SEARCH(\".\",RIGHT(D1933,LEN(D1933)-SEARCH(\".\",D1933)))-1),\"\")","v":"2"},{"$f":"IFERROR(IF(LEN(D1933)-LEN(SUBSTITUTE(D1933,\".\",\"\"))<>3,\"\",MID(D1933,SEARCH(\".\",D1933,SEARCH(\".\",D1933)+1)+1,LEN(D1933)-SEARCH(\".\",D1933,SEARCH(\".\",D1933)+1)-(LEN(D1933)-(SEARCH(\".\",D1933,SEARCH(\".\",D1933,SEARCH(\".\",D1933)+1)+1)-1)))),\"\")","v":""},"20.2.4",{"$f":"IF($G1933=\"SINAPI\",VLOOKUP($F1933,DADOS_SINAPI,2,0),IF(G1933=\"SETOP\",VLOOKUP($F1933,DADOS_SETOP,2,0),IF(G1933=\"CPU\",VLOOKUP($F1933,DADOS_COMPOSICAO,2,0),IF(G1933=\"SICRO\",VLOOKUP($F1933,DADOS_SICRO,2,0),IF(G1933=\"SUDECAP\",VLOOKUP(F1933,DADOS_SUDECAP,2,0),IF(G1933=\"COTAÇÃO\",VLOOKUP($F1933,DADOS_COTACAO,2,0),\"\"))))))","v":"PLACA FOTOLUMINESCENTE PARA SINALIZAÇÃO DE EMERGÊNCIA, TIPO \"S2\", DIMENSÃO (380X190)MM, INCLUSIVE FIXAÇÃO"},"ED-50201","SETOP",{"$f":"IF(G1933=\"SINAPI\",VLOOKUP($F1933,DADOS_SINAPI,3,0),IF(G1933=\"SETOP\",VLOOKUP($F1933,DADOS_SETOP,3,0),IF(G1933=\"CPU\",VLOOKUP($F1933,DADOS_COMPOSICAO,10,0),IF(G1933=\"SICRO\",VLOOKUP($F1933,DADOS_SICRO,3,0),IF(G1933=\"SUDECAP\",VLOOKUP(F1933,DADOS_SUDECAP,3,0),IF(G1933=\"COTAÇÃO\",VLOOKUP($F1933,DADOS_COTACAO,9,0),\"\"))))))","v":"un"},{"$f":"F1935","v":3},{"$f":"TRUNC(IF(G1933=\"SINAPI\",VLOOKUP($F1933,DADOS_SINAPI,4,0),IF(G1933=\"SETOP\",VLOOKUP($F1933,DADOS_SETOP,4,0),IF(G1933=\"CPU\",VLOOKUP($F1933,DADOS_COMPOSICAO,13,0),IF(G1933=\"SICRO\",VLOOKUP($F1933,DADOS_SICRO,4,0),IF(G1933=\"SUDECAP\",VLOOKUP(F1933,DADOS_SUDECAP,4,0),IF(G1933=\"COTAÇÃO\",VLOOKUP(F1933,DADOS_COTACAO,12,0),\"\")))))),2)","v":25.67},"BDI 1",{"$f":"TRUNC(J1933*(1+$N$17),2)","v":32.47},{"$f":"IFERROR(TRUNC(I1933*J1933,2),\"\")","v":77.010000000000005},{"$f":"IFERROR(TRUNC(L1933*I1933,2),\"\")","v":97.41}]
[2000]
[2000,null,null,null,"Quantidade",3,"un"]
[2000]
[{"$f":"IFERROR(LEFT(D1937,SEARCH(\".\",D1937)-1),\"\")","v":"20"},{"$f":"IFERROR(LEFT(RIGHT(D1937,LEN(D1937)-SEARCH(\".\",D1937)),SEARCH(\".\",RIGHT(D1937,LEN(D1937)-SEARCH(\".\",D1937)))-1),\"\")","v":"2"},{"$f":"IFERROR(IF(LEN(D1937)-LEN(SUBSTITUTE(D1937,\".\",\"\"))<>3,\"\",MID(D1937,SEARCH(\".\",D1937,SEARCH(\".\",D1937)+1)+1,LEN(D1937)-SEARCH(\".\",D1937,SEARCH(\".\",D1937)+1)-(LEN(D1937)-(SEARCH(\".\",D1937,SEARCH(\".\",D1937,SEARCH(\".\",D1937)+1)+1)-1)))),\"\")","v":""},"20.2.5",{"$f":"IF($G1937=\"SINAPI\",VLOOKUP($F1937,DADOS_SINAPI,2,0),IF(G1937=\"SETOP\",VLOOKUP($F1937,DADOS_SETOP,2,0),IF(G1937=\"CPU\",VLOOKUP($F1937,DADOS_COMPOSICAO,2,0),IF(G1937=\"SICRO\",VLOOKUP($F1937,DADOS_SICRO,2,0),IF(G1937=\"SUDECAP\",VLOOKUP(F1937,DADOS_SUDECAP,2,0),IF(G1937=\"COTAÇÃO\",VLOOKUP($F1937,DADOS_COTACAO,2,0),\"\"))))))","v":"PLACA FOTOLUMINESCENTE PARA SINALIZAÇÃO DE EMERGÊNCIA, TIPO \"S3\", DIMENSÃO (380X190)MM, INCLUSIVE FIXAÇÃO"},"ED-29400","SETOP",{"$f":"IF(G1937=\"SINAPI\",VLOOKUP($F1937,DADOS_SINAPI,3,0),IF(G1937=\"SETOP\",VLOOKUP($F1937,DADOS_SETOP,3,0),IF(G1937=\"CPU\",VLOOKUP($F1937,DADOS_COMPOSICAO,10,0),IF(G1937=\"SICRO\",VLOOKUP($F1937,DADOS_SICRO,3,0),IF(G1937=\"SUDECAP\",VLOOKUP(F1937,DADOS_SUDECAP,3,0),IF(G1937=\"COTAÇÃO\",VLOOKUP($F1937,DADOS_COTACAO,9,0),\"\"))))))","v":"un"},{"$f":"F1939","v":6},{"$f":"TRUNC(IF(G1937=\"SINAPI\",VLOOKUP($F1937,DADOS_SINAPI,4,0),IF(G1937=\"SETOP\",VLOOKUP($F1937,DADOS_SETOP,4,0),IF(G1937=\"CPU\",VLOOKUP($F1937,DADOS_COMPOSICAO,13,0),IF(G1937=\"SICRO\",VLOOKUP($F1937,DADOS_SICRO,4,0),IF(G1937=\"SUDECAP\",VLOOKUP(F1937,DADOS_SUDECAP,4,0),IF(G1937=\"COTAÇÃO\",VLOOKUP(F1937,DADOS_COTACAO,12,0),\"\")))))),2)","v":25.67},"BDI 1",{"$f":"TRUNC(J1937*(1+$N$17),2)","v":32.47},{"$f":"IFERROR(TRUNC(I1937*J1937,2),\"\")","v":154.02000000000001},{"$f":"IFERROR(TRUNC(L1937*I1937,2),\"\")","v":194.82}]
[2000]
[2000,null,null,null,"Quantidade",6,"un"]
[2000]
[{"$f":"IFERROR(LEFT(D1941,SEARCH(\".\",D1941)-1),\"\")","v":"20"},{"$f":"IFERROR(LEFT(RIGHT(D1941,LEN(D1941)-SEARCH(\".\",D1941)),SEARCH(\".\",RIGHT(D1941,LEN(D1941)-SEARCH(\".\",D1941)))-1),\"\")","v":"2"},{"$f":"IFERROR(IF(LEN(D1941)-LEN(SUBSTITUTE(D1941,\".\",\"\"))<>3,\"\",MID(D1941,SEARCH(\".\",D1941,SEARCH(\".\",D1941)+1)+1,LEN(D1941)-SEARCH(\".\",D1941,SEARCH(\".\",D1941)+1)-(LEN(D1941)-(SEARCH(\".\",D1941,SEARCH(\".\",D1941,SEARCH(\".\",D1941)+1)+1)-1)))),\"\")","v":""},"20.2.6",{"$f":"IF($G1941=\"SINAPI\",VLOOKUP($F1941,DADOS_SINAPI,2,0),IF(G1941=\"SETOP\",VLOOKUP($F1941,DADOS_SETOP,2,0),IF(G1941=\"CPU\",VLOOKUP($F1941,DADOS_COMPOSICAO,2,0),IF(G1941=\"SICRO\",VLOOKUP($F1941,DADOS_SICRO,2,0),IF(G1941=\"SUDECAP\",VLOOKUP(F1941,DADOS_SUDECAP,2,0),IF(G1941=\"COTAÇÃO\",VLOOKUP($F1941,DADOS_COTACAO,2,0),\"\"))))))","v":"PLACA FOTOLUMINESCENTE PARA SINALIZAÇÃO DE EMERGÊNCIA, TIPO \"E5\", DIMENSÃO (300X300)MM, INCLUSIVE FIXAÇÃO"},"ED-50199","SETOP",{"$f":"IF(G1941=\"SINAPI\",VLOOKUP($F1941,DADOS_SINAPI,3,0),IF(G1941=\"SETOP\",VLOOKUP($F1941,DADOS_SETOP,3,0),IF(G1941=\"CPU\",VLOOKUP($F1941,DADOS_COMPOSICAO,10,0),IF(G1941=\"SICRO\",VLOOKUP($F1941,DADOS_SICRO,3,0),IF(G1941=\"SUDECAP\",VLOOKUP(F1941,DADOS_SUDECAP,3,0),IF(G1941=\"COTAÇÃO\",VLOOKUP($F1941,DADOS_COTACAO,9,0),\"\"))))))","v":"un"},{"$f":"F1943","v":4},{"$f":"TRUNC(IF(G1941=\"SINAPI\",VLOOKUP($F1941,DADOS_SINAPI,4,0),IF(G1941=\"SETOP\",VLOOKUP($F1941,DADOS_SETOP,4,0),IF(G1941=\"CPU\",VLOOKUP($F1941,DADOS_COMPOSICAO,13,0),IF(G1941=\"SICRO\",VLOOKUP($F1941,DADOS_SICRO,4,0),IF(G1941=\"SUDECAP\",VLOOKUP(F1941,DADOS_SUDECAP,4,0),IF(G1941=\"COTAÇÃO\",VLOOKUP(F1941,DADOS_COTACAO,12,0),\"\")))))),2)","v":17.260000000000002},"BDI 1",{"$f":"TRUNC(J1941*(1+$N$17),2)","v":21.83},{"$f":"IFERROR(TRUNC(I1941*J1941,2),\"\")","v":69.040000000000006},{"$f":"IFERROR(TRUNC(L1941*I1941,2),\"\")","v":87.32}]
[2000]
[2000,null,null,null,"Quantidade",4,"un"]
[2000]
[{"$f":"IFERROR(LEFT(D1945,SEARCH(\".\",D1945)-1),\"\")","v":"20"},{"$f":"IFERROR(LEFT(RIGHT(D1945,LEN(D1945)-SEARCH(\".\",D1945)),SEARCH(\".\",RIGHT(D1945,LEN(D1945)-SEARCH(\".\",D1945)))-1),\"\")","v":"2"},{"$f":"IFERROR(IF(LEN(D1945)-LEN(SUBSTITUTE(D1945,\".\",\"\"))<>3,\"\",MID(D1945,SEARCH(\".\",D1945,SEARCH(\".\",D1945)+1)+1,LEN(D1945)-SEARCH(\".\",D1945,SEARCH(\".\",D1945)+1)-(LEN(D1945)-(SEARCH(\".\",D1945,SEARCH(\".\",D1945,SEARCH(\".\",D1945)+1)+1)-1)))),\"\")","v":""},"20.2.7",{"$f":"IF($G1945=\"SINAPI\",VLOOKUP($F1945,DADOS_SINAPI,2,0),IF(G1945=\"SETOP\",VLOOKUP($F1945,DADOS_SETOP,2,0),IF(G1945=\"CPU\",VLOOKUP($F1945,DADOS_COMPOSICAO,2,0),IF(G1945=\"SICRO\",VLOOKUP($F1945,DADOS_SICRO,2,0),IF(G1945=\"SUDECAP\",VLOOKUP(F1945,DADOS_SUDECAP,2,0),IF(G1945=\"COTAÇÃO\",VLOOKUP($F1945,DADOS_COTACAO,2,0),\"\"))))))","v":"PLACA FOTOLUMINESCENTE PARA SINALIZAÇÃO DE EMERGÊNCIA, TIPO \"E12\", INSTALADA EM PISO, DIMENSÃO (100X100)CM, INCLUSIVE FIXAÇÃO"},"ED-29395","SETOP",{"$f":"IF(G1945=\"SINAPI\",VLOOKUP($F1945,DADOS_SINAPI,3,0),IF(G1945=\"SETOP\",VLOOKUP($F1945,DADOS_SETOP,3,0),IF(G1945=\"CPU\",VLOOKUP($F1945,DADOS_COMPOSICAO,10,0),IF(G1945=\"SICRO\",VLOOKUP($F1945,DADOS_SICRO,3,0),IF(G1945=\"SUDECAP\",VLOOKUP(F1945,DADOS_SUDECAP,3,0),IF(G1945=\"COTAÇÃO\",VLOOKUP($F1945,DADOS_COTACAO,9,0),\"\"))))))","v":"un"},{"$f":"F1947","v":4},{"$f":"TRUNC(IF(G1945=\"SINAPI\",VLOOKUP($F1945,DADOS_SINAPI,4,0),IF(G1945=\"SETOP\",VLOOKUP($F1945,DADOS_SETOP,4,0),IF(G1945=\"CPU\",VLOOKUP($F1945,DADOS_COMPOSICAO,13,0),IF(G1945=\"SICRO\",VLOOKUP($F1945,DADOS_SICRO,4,0),IF(G1945=\"SUDECAP\",VLOOKUP(F1945,DADOS_SUDECAP,4,0),IF(G1945=\"COTAÇÃO\",VLOOKUP(F1945,DADOS_COTACAO,12,0),\"\")))))),2)","v":80.91},"BDI 1",{"$f":"TRUNC(J1945*(1+$N$17),2)","v":102.36},{"$f":"IFERROR(TRUNC(I1945*J1945,2),\"\")","v":323.64},{"$f":"IFERROR(TRUNC(L1945*I1945,2),\"\")","v":409.44}]
[2000]
[2000,null,null,null,"Quantidade",4,"un"]
[2000]
[{"$f":"IFERROR(LEFT(D1949,SEARCH(\".\",D1949)-1),\"\")","v":"20"},{"$f":"IFERROR(LEFT(RIGHT(D1949,LEN(D1949)-SEARCH(\".\",D1949)),SEARCH(\".\",RIGHT(D1949,LEN(D1949)-SEARCH(\".\",D1949)))-1),\"\")","v":"2"},{"$f":"IFERROR(IF(LEN(D1949)-LEN(SUBSTITUTE(D1949,\".\",\"\"))<>3,\"\",MID(D1949,SEARCH(\".\",D1949,SEARCH(\".\",D1949)+1)+1,LEN(D1949)-SEARCH(\".\",D1949,SEARCH(\".\",D1949)+1)-(LEN(D1949)-(SEARCH(\".\",D1949,SEARCH(\".\",D1949,SEARCH(\".\",D1949)+1)+1)-1)))),\"\")","v":""},"20.2.8",{"$f":"IF($G1949=\"SINAPI\",VLOOKUP($F1949,DADOS_SINAPI,2,0),IF(G1949=\"SETOP\",VLOOKUP($F1949,DADOS_SETOP,2,0),IF(G1949=\"CPU\",VLOOKUP($F1949,DADOS_COMPOSICAO,2,0),IF(G1949=\"SICRO\",VLOOKUP($F1949,DADOS_SICRO,2,0),IF(G1949=\"SUDECAP\",VLOOKUP(F1949,DADOS_SUDECAP,2,0),IF(G1949=\"COTAÇÃO\",VLOOKUP($F1949,DADOS_COTACAO,2,0),\"\"))))))","v":"FIXAÇÃO DE PLACAS FOTOLUMINESCENTES PARA SINALIZAÇÃO DE EMERGÊNCIA"},"DAC-20.1","CPU",{"$f":"IF(G1949=\"SINAPI\",VLOOKUP($F1949,DADOS_SINAPI,3,0),IF(G1949=\"SETOP\",VLOOKUP($F1949,DADOS_SETOP,3,0),IF(G1949=\"CPU\",VLOOKUP($F1949,DADOS_COMPOSICAO,10,0),IF(G1949=\"SICRO\",VLOOKUP($F1949,DADOS_SICRO,3,0),IF(G1949=\"SUDECAP\",VLOOKUP(F1949,DADOS_SUDECAP,3,0),IF(G1949=\"COTAÇÃO\",VLOOKUP($F1949,DADOS_COTACAO,9,0),\"\"))))))","v":"UN"},{"$f":"F1951","v":2},{"$f":"TRUNC(IF(G1949=\"SINAPI\",VLOOKUP($F1949,DADOS_SINAPI,4,0),IF(G1949=\"SETOP\",VLOOKUP($F1949,DADOS_SETOP,4,0),IF(G1949=\"CPU\",VLOOKUP($F1949,DADOS_COMPOSICAO,13,0),IF(G1949=\"SICRO\",VLOOKUP($F1949,DADOS_SICRO,4,0),IF(G1949=\"SUDECAP\",VLOOKUP(F1949,DADOS_SUDECAP,4,0),IF(G1949=\"COTAÇÃO\",VLOOKUP(F1949,DADOS_COTACAO,12,0),\"\")))))),2)","v":11.07},"BDI 1",{"$f":"TRUNC(J1949*(1+$N$17),2)","v":14},{"$f":"IFERROR(TRUNC(I1949*J1949,2),\"\")","v":22.14},{"$f":"IFERROR(TRUNC(L1949*I1949,2),\"\")","v":28}]
[2000]
[2000,null,null,null,"Quantidade",{"$f":"F1923","v":2},"un"]
[2000]
[null,null,null,"20.3","EXTINTORES",null,null,null,null,null,null,null,{"$f":"IFERROR(SUMIFS(M:M,A:A,LEFT(D1953,SEARCH(\".\",D1953)-1),B:B,RIGHT(D1953,LEN(D1953)-SEARCH(\".\",D1953))),\"\")","v":1686.53},{"$f":"IFERROR(SUMIFS(N:N,A:A,LEFT(D1953,SEARCH(\".\",D1953)-1),B:B,RIGHT(D1953,LEN(D1953)-SEARCH(\".\",D1953))),\"\")","v":2133.7399999999998}]
[{"$f":"IFERROR(LEFT(D1954,SEARCH(\".\",D1954)-1),\"\")","v":"20"},{"$f":"IFERROR(LEFT(RIGHT(D1954,LEN(D1954)-SEARCH(\".\",D1954)),SEARCH(\".\",RIGHT(D1954,LEN(D1954)-SEARCH(\".\",D1954)))-1),\"\")","v":"3"},{"$f":"IFERROR(IF(LEN(D1954)-LEN(SUBSTITUTE(D1954,\".\",\"\"))<>3,\"\",MID(D1954,SEARCH(\".\",D1954,SEARCH(\".\",D1954)+1)+1,LEN(D1954)-SEARCH(\".\",D1954,SEARCH(\".\",D1954)+1)-(LEN(D1954)-(SEARCH(\".\",D1954,SEARCH(\".\",D1954,SEARCH(\".\",D1954)+1)+1)-1)))),\"\")","v":""},"20.3.1",{"$f":"IF($G1954=\"SINAPI\",VLOOKUP($F1954,DADOS_SINAPI,2,0),IF(G1954=\"SETOP\",VLOOKUP($F1954,DADOS_SETOP,2,0),IF(G1954=\"CPU\",VLOOKUP($F1954,DADOS_COMPOSICAO,2,0),IF(G1954=\"SICRO\",VLOOKUP($F1954,DADOS_SICRO,2,0),IF(G1954=\"SUDECAP\",VLOOKUP(F1954,DADOS_SUDECAP,2,0),IF(G1954=\"COTAÇÃO\",VLOOKUP($F1954,DADOS_COTACAO,2,0),\"\"))))))","v":"EXTINTOR DE INCÊNDIO TIPO PÓ QUÍMICO 4-A:40-B:C, CAPACIDADE 6 KG, EXCLUISVE INSTALAÇÃO"},"COT-INC-002","COTAÇÃO",{"$f":"IF(G1954=\"SINAPI\",VLOOKUP($F1954,DADOS_SINAPI,3,0),IF(G1954=\"SETOP\",VLOOKUP($F1954,DADOS_SETOP,3,0),IF(G1954=\"CPU\",VLOOKUP($F1954,DADOS_COMPOSICAO,10,0),IF(G1954=\"SICRO\",VLOOKUP($F1954,DADOS_SICRO,3,0),IF(G1954=\"SUDECAP\",VLOOKUP(F1954,DADOS_SUDECAP,3,0),IF(G1954=\"COTAÇÃO\",VLOOKUP($F1954,DADOS_COTACAO,9,0),\"\"))))))","v":"UN "},{"$f":"F1956","v":4},{"$f":"TRUNC(IF(G1954=\"SINAPI\",VLOOKUP($F1954,DADOS_SINAPI,4,0),IF(G1954=\"SETOP\",VLOOKUP($F1954,DADOS_SETOP,4,0),IF(G1954=\"CPU\",VLOOKUP($F1954,DADOS_COMPOSICAO,13,0),IF(G1954=\"SICRO\",VLOOKUP($F1954,DADOS_SICRO,4,0),IF(G1954=\"SUDECAP\",VLOOKUP(F1954,DADOS_SUDECAP,4,0),IF(G1954=\"COTAÇÃO\",VLOOKUP(F1954,DADOS_COTACAO,12,0),\"\")))))),2)","v":328.61},"BDI 1",{"$f":"TRUNC(J1954*(1+$N$17),2)","v":415.75},{"$f":"IFERROR(TRUNC(I1954*J1954,2),\"\")","v":1314.44},{"$f":"IFERROR(TRUNC(L1954*I1954,2),\"\")","v":1663}]
[2000]
[2000,null,null,null,"Quantidade",4,"un"]
[2000]
[{"$f":"IFERROR(LEFT(D1958,SEARCH(\".\",D1958)-1),\"\")","v":"20"},{"$f":"IFERROR(LEFT(RIGHT(D1958,LEN(D1958)-SEARCH(\".\",D1958)),SEARCH(\".\",RIGHT(D1958,LEN(D1958)-SEARCH(\".\",D1958)))-1),\"\")","v":"3"},{"$f":"IFERROR(IF(LEN(D1958)-LEN(SUBSTITUTE(D1958,\".\",\"\"))<>3,\"\",MID(D1958,SEARCH(\".\",D1958,SEARCH(\".\",D1958)+1)+1,LEN(D1958)-SEARCH(\".\",D1958,SEARCH(\".\",D1958)+1)-(LEN(D1958)-(SEARCH(\".\",D1958,SEARCH(\".\",D1958,SEARCH(\".\",D1958)+1)+1)-1)))),\"\")","v":""},"20.3.2",{"$f":"IF($G1958=\"SINAPI\",VLOOKUP($F1958,DADOS_SINAPI,2,0),IF(G1958=\"SETOP\",VLOOKUP($F1958,DADOS_SETOP,2,0),IF(G1958=\"CPU\",VLOOKUP($F1958,DADOS_COMPOSICAO,2,0),IF(G1958=\"SICRO\",VLOOKUP($F1958,DADOS_SICRO,2,0),IF(G1958=\"SUDECAP\",VLOOKUP(F1958,DADOS_SUDECAP,2,0),IF(G1958=\"COTAÇÃO\",VLOOKUP($F1958,DADOS_COTACAO,2,0),\"\"))))))","v":"INSTALAÇÃO DE EXTINTOR DE INCÊNDIO TIPO PÓ QUÍMICO 4-A:40-B:C, CAPACIDADE 6 KG"},"DAC-20.2","CPU",{"$f":"IF(G1958=\"SINAPI\",VLOOKUP($F1958,DADOS_SINAPI,3,0),IF(G1958=\"SETOP\",VLOOKUP($F1958,DADOS_SETOP,3,0),IF(G1958=\"CPU\",VLOOKUP($F1958,DADOS_COMPOSICAO,10,0),IF(G1958=\"SICRO\",VLOOKUP($F1958,DADOS_SICRO,3,0),IF(G1958=\"SUDECAP\",VLOOKUP(F1958,DADOS_SUDECAP,3,0),IF(G1958=\"COTAÇÃO\",VLOOKUP($F1958,DADOS_COTACAO,9,0),\"\"))))))","v":"UN"},{"$f":"F1960","v":4},{"$f":"TRUNC(IF(G1958=\"SINAPI\",VLOOKUP($F1958,DADOS_SINAPI,4,0),IF(G1958=\"SETOP\",VLOOKUP($F1958,DADOS_SETOP,4,0),IF(G1958=\"CPU\",VLOOKUP($F1958,DADOS_COMPOSICAO,13,0),IF(G1958=\"SICRO\",VLOOKUP($F1958,DADOS_SICRO,4,0),IF(G1958=\"SUDECAP\",VLOOKUP(F1958,DADOS_SUDECAP,4,0),IF(G1958=\"COTAÇÃO\",VLOOKUP(F1958,DADOS_COTACAO,12,0),\"\")))))),2)","v":13.84},"BDI 1",{"$f":"TRUNC(J1958*(1+$N$17),2)","v":17.510000000000002},{"$f":"IFERROR(TRUNC(I1958*J1958,2),\"\")","v":55.36},{"$f":"IFERROR(TRUNC(L1958*I1958,2),\"\")","v":70.040000000000006}]
[2000]
[2000,null,null,null,"Quantidade",{"$f":"F1956","v":4},"un"]
[2000]
[{"$f":"IFERROR(LEFT(D1962,SEARCH(\".\",D1962)-1),\"\")","v":"20"},{"$f":"IFERROR(LEFT(RIGHT(D1962,LEN(D1962)-SEARCH(\".\",D1962)),SEARCH(\".\",RIGHT(D1962,LEN(D1962)-SEARCH(\".\",D1962)))-1),\"\")","v":"3"},{"$f":"IFERROR(IF(LEN(D1962)-LEN(SUBSTITUTE(D1962,\".\",\"\"))<>3,\"\",MID(D1962,SEARCH(\".\",D1962,SEARCH(\".\",D1962)+1)+1,LEN(D1962)-SEARCH(\".\",D1962,SEARCH(\".\",D1962)+1)-(LEN(D1962)-(SEARCH(\".\",D1962,SEARCH(\".\",D1962,SEARCH(\".\",D1962)+1)+1)-1)))),\"\")","v":""},"20.3.3",{"$f":"IF($G1962=\"SINAPI\",VLOOKUP($F1962,DADOS_SINAPI,2,0),IF(G1962=\"SETOP\",VLOOKUP($F1962,DADOS_SETOP,2,0),IF(G1962=\"CPU\",VLOOKUP($F1962,DADOS_COMPOSICAO,2,0),IF(G1962=\"SICRO\",VLOOKUP($F1962,DADOS_SICRO,2,0),IF(G1962=\"SUDECAP\",VLOOKUP(F1962,DADOS_SUDECAP,2,0),IF(G1962=\"COTAÇÃO\",VLOOKUP($F1962,DADOS_COTACAO,2,0),\"\"))))))","v":"ABRIGO EM CHAPA DE AÇO CARBONO DE SOBREPOR, PINTADO DE VERMELHO NAS DIMENSÕES (75X30X25)CM COM UMA PORTA COM VIDRO TRANSPARENTE COM A INSCRIÇÃO \"INCÊNDIO\", PARA EXTINTOR, FORNECIMENTO E INSTALAÇÃO, EXCLUSIVE EXTINTOR"},"ED-22698","SETOP",{"$f":"IF(G1962=\"SINAPI\",VLOOKUP($F1962,DADOS_SINAPI,3,0),IF(G1962=\"SETOP\",VLOOKUP($F1962,DADOS_SETOP,3,0),IF(G1962=\"CPU\",VLOOKUP($F1962,DADOS_COMPOSICAO,10,0),IF(G1962=\"SICRO\",VLOOKUP($F1962,DADOS_SICRO,3,0),IF(G1962=\"SUDECAP\",VLOOKUP(F1962,DADOS_SUDECAP,3,0),IF(G1962=\"COTAÇÃO\",VLOOKUP($F1962,DADOS_COTACAO,9,0),\"\"))))))","v":"un"},{"$f":"F1964","v":1},{"$f":"TRUNC(IF(G1962=\"SINAPI\",VLOOKUP($F1962,DADOS_SINAPI,4,0),IF(G1962=\"SETOP\",VLOOKUP($F1962,DADOS_SETOP,4,0),IF(G1962=\"CPU\",VLOOKUP($F1962,DADOS_COMPOSICAO,13,0),IF(G1962=\"SICRO\",VLOOKUP($F1962,DADOS_SICRO,4,0),IF(G1962=\"SUDECAP\",VLOOKUP(F1962,DADOS_SUDECAP,4,0),IF(G1962=\"COTAÇÃO\",VLOOKUP(F1962,DADOS_COTACAO,12,0),\"\")))))),2)","v":285.32},"BDI 1",{"$f":"TRUNC(J1962*(1+$N$17),2)","v":360.98},{"$f":"IFERROR(TRUNC(I1962*J1962,2),\"\")","v":285.32},{"$f":"IFERROR(TRUNC(L1962*I1962,2),\"\")","v":360.98}]
[2000]
[2000,null,null,null,"Quantidade",1,"un"]
[2000]
[{"$f":"IFERROR(LEFT(D1966,SEARCH(\".\",D1966)-1),\"\")","v":"20"},{"$f":"IFERROR(LEFT(RIGHT(D1966,LEN(D1966)-SEARCH(\".\",D1966)),SEARCH(\".\",RIGHT(D1966,LEN(D1966)-SEARCH(\".\",D1966)))-1),\"\")","v":"3"},{"$f":"IFERROR(IF(LEN(D1966)-LEN(SUBSTITUTE(D1966,\".\",\"\"))<>3,\"\",MID(D1966,SEARCH(\".\",D1966,SEARCH(\".\",D1966)+1)+1,LEN(D1966)-SEARCH(\".\",D1966,SEARCH(\".\",D1966)+1)-(LEN(D1966)-(SEARCH(\".\",D1966,SEARCH(\".\",D1966,SEARCH(\".\",D1966)+1)+1)-1)))),\"\")","v":""},"20.3.4",{"$f":"IF($G1966=\"SINAPI\",VLOOKUP($F1966,DADOS_SINAPI,2,0),IF(G1966=\"SETOP\",VLOOKUP($F1966,DADOS_SETOP,2,0),IF(G1966=\"CPU\",VLOOKUP($F1966,DADOS_COMPOSICAO,2,0),IF(G1966=\"SICRO\",VLOOKUP($F1966,DADOS_SICRO,2,0),IF(G1966=\"SUDECAP\",VLOOKUP(F1966,DADOS_SUDECAP,2,0),IF(G1966=\"COTAÇÃO\",VLOOKUP($F1966,DADOS_COTACAO,2,0),\"\"))))))","v":"PINTURA ACRÍLICA PARA SINALIZAÇÃO HORIZONTAL EM PISO"},"DAC-20.3","CPU",{"$f":"IF(G1966=\"SINAPI\",VLOOKUP($F1966,DADOS_SINAPI,3,0),IF(G1966=\"SETOP\",VLOOKUP($F1966,DADOS_SETOP,3,0),IF(G1966=\"CPU\",VLOOKUP($F1966,DADOS_COMPOSICAO,10,0),IF(G1966=\"SICRO\",VLOOKUP($F1966,DADOS_SICRO,3,0),IF(G1966=\"SUDECAP\",VLOOKUP(F1966,DADOS_SUDECAP,3,0),IF(G1966=\"COTAÇÃO\",VLOOKUP($F1966,DADOS_COTACAO,9,0),\"\"))))))","v":"UN"},{"$f":"F1968","v":3},{"$f":"TRUNC(IF(G1966=\"SINAPI\",VLOOKUP($F1966,DADOS_SINAPI,4,0),IF(G1966=\"SETOP\",VLOOKUP($F1966,DADOS_SETOP,4,0),IF(G1966=\"CPU\",VLOOKUP($F1966,DADOS_COMPOSICAO,13,0),IF(G1966=\"SICRO\",VLOOKUP($F1966,DADOS_SICRO,4,0),IF(G1966=\"SUDECAP\",VLOOKUP(F1966,DADOS_SUDECAP,4,0),IF(G1966=\"COTAÇÃO\",VLOOKUP(F1966,DADOS_COTACAO,12,0),\"\")))))),2)","v":10.47},"BDI 1",{"$f":"TRUNC(J1966*(1+$N$17),2)","v":13.24},{"$f":"IFERROR(TRUNC(I1966*J1966,2),\"\")","v":31.41},{"$f":"IFERROR(TRUNC(L1966*I1966,2),\"\")","v":39.72}]
[2000]
[2000,null,null,null,"Quantidade",{"$f":"F1956-F1964","v":3},"un"]
[2000]
[1000,null,null,21,"ACESSIBILIDADE",null,null,null,null,null,null,null,{"$f":"SUMIF(A:A,D1970,M:M)","v":16770.709999999995},{"$f":"SUMIF(A:A,D1970,N:N)","v":21216.28}]
[null,null,null,"21.1","PORTAS",null,null,null,null,null,null,null,{"$f":"IFERROR(SUMIFS(M:M,A:A,LEFT(D1971,SEARCH(\".\",D1971)-1),B:B,RIGHT(D1971,LEN(D1971)-SEARCH(\".\",D1971))),\"\")","v":6179.94},{"$f":"IFERROR(SUMIFS(N:N,A:A,LEFT(D1971,SEARCH(\".\",D1971)-1),B:B,RIGHT(D1971,LEN(D1971)-SEARCH(\".\",D1971))),\"\")","v":7818.84}]
[{"$f":"IFERROR(LEFT(D1972,SEARCH(\".\",D1972)-1),\"\")","v":"21"},{"$f":"IFERROR(LEFT(RIGHT(D1972,LEN(D1972)-SEARCH(\".\",D1972)),SEARCH(\".\",RIGHT(D1972,LEN(D1972)-SEARCH(\".\",D1972)))-1),\"\")","v":"1"},{"$f":"IFERROR(IF(LEN(D1972)-LEN(SUBSTITUTE(D1972,\".\",\"\"))<>3,\"\",MID(D1972,SEARCH(\".\",D1972,SEARCH(\".\",D1972)+1)+1,LEN(D1972)-SEARCH(\".\",D1972,SEARCH(\".\",D1972)+1)-(LEN(D1972)-(SEARCH(\".\",D1972,SEARCH(\".\",D1972,SEARCH(\".\",D1972)+1)+1)-1)))),\"\")","v":""},"21.1.1",{"$f":"IF($G1972=\"SINAPI\",VLOOKUP($F1972,DADOS_SINAPI,2,0),IF(G1972=\"SETOP\",VLOOKUP($F1972,DADOS_SETOP,2,0),IF(G1972=\"CPU\",VLOOKUP($F1972,DADOS_COMPOSICAO,2,0),IF(G1972=\"SICRO\",VLOOKUP($F1972,DADOS_SICRO,2,0),IF(G1972=\"SUDECAP\",VLOOKUP(F1972,DADOS_SUDECAP,2,0),IF(G1972=\"COTAÇÃO\",VLOOKUP($F1972,DADOS_COTACAO,2,0),\"\"))))))","v":"PUXADOR PARA PCD, FIXADO NA PORTA - FORNECIMENTO E INSTALAÇÃO. AF_01/2020"},100874,"SINAPI",{"$f":"IF(G1972=\"SINAPI\",VLOOKUP($F1972,DADOS_SINAPI,3,0),IF(G1972=\"SETOP\",VLOOKUP($F1972,DADOS_SETOP,3,0),IF(G1972=\"CPU\",VLOOKUP($F1972,DADOS_COMPOSICAO,10,0),IF(G1972=\"SICRO\",VLOOKUP($F1972,DADOS_SICRO,3,0),IF(G1972=\"SUDECAP\",VLOOKUP(F1972,DADOS_SUDECAP,3,0),IF(G1972=\"COTAÇÃO\",VLOOKUP($F1972,DADOS_COTACAO,9,0),\"\"))))))","v":"UN"},{"$f":"F1974","v":18},{"$f":"TRUNC(IF(G1972=\"SINAPI\",VLOOKUP($F1972,DADOS_SINAPI,4,0),IF(G1972=\"SETOP\",VLOOKUP($F1972,DADOS_SETOP,4,0),IF(G1972=\"CPU\",VLOOKUP($F1972,DADOS_COMPOSICAO,13,0),IF(G1972=\"SICRO\",VLOOKUP($F1972,DADOS_SICRO,4,0),IF(G1972=\"SUDECAP\",VLOOKUP(F1972,DADOS_SUDECAP,4,0),IF(G1972=\"COTAÇÃO\",VLOOKUP(F1972,DADOS_COTACAO,12,0),\"\")))))),2)","v":343.33},"BDI 1",{"$f":"TRUNC(J1972*(1+$N$17),2)","v":434.38},{"$f":"IFERROR(TRUNC(I1972*J1972,2),\"\")","v":6179.94},{"$f":"IFERROR(TRUNC(L1972*I1972,2),\"\")","v":7818.84}]
[2000]
[2000,null,null,null,"Quantidade",18,"un"]
[2000]
[null,null,null,"21.2","SANITÁRIOS",null,null,null,null,null,null,null,{"$f":"IFERROR(SUMIFS(M:M,A:A,LEFT(D1976,SEARCH(\".\",D1976)-1),B:B,RIGHT(D1976,LEN(D1976)-SEARCH(\".\",D1976))),\"\")","v":7332.6600000000008},{"$f":"IFERROR(SUMIFS(N:N,A:A,LEFT(D1976,SEARCH(\".\",D1976)-1),B:B,RIGHT(D1976,LEN(D1976)-SEARCH(\".\",D1976))),\"\")","v":9277.1700000000019}]
[{"$f":"IFERROR(LEFT(D1977,SEARCH(\".\",D1977)-1),\"\")","v":"21"},{"$f":"IFERROR(LEFT(RIGHT(D1977,LEN(D1977)-SEARCH(\".\",D1977)),SEARCH(\".\",RIGHT(D1977,LEN(D1977)-SEARCH(\".\",D1977)))-1),\"\")","v":"2"},{"$f":"IFERROR(IF(LEN(D1977)-LEN(SUBSTITUTE(D1977,\".\",\"\"))<>3,\"\",MID(D1977,SEARCH(\".\",D1977,SEARCH(\".\",D1977)+1)+1,LEN(D1977)-SEARCH(\".\",D1977,SEARCH(\".\",D1977)+1)-(LEN(D1977)-(SEARCH(\".\",D1977,SEARCH(\".\",D1977,SEARCH(\".\",D1977)+1)+1)-1)))),\"\")","v":""},"21.2.1",{"$f":"IF($G1977=\"SINAPI\",VLOOKUP($F1977,DADOS_SINAPI,2,0),IF(G1977=\"SETOP\",VLOOKUP($F1977,DADOS_SETOP,2,0),IF(G1977=\"CPU\",VLOOKUP($F1977,DADOS_COMPOSICAO,2,0),IF(G1977=\"SICRO\",VLOOKUP($F1977,DADOS_SICRO,2,0),IF(G1977=\"SUDECAP\",VLOOKUP(F1977,DADOS_SUDECAP,2,0),IF(G1977=\"COTAÇÃO\",VLOOKUP($F1977,DADOS_COTACAO,2,0),\"\"))))))","v":"BANCO ARTICULADO, EM ACO INOX, PARA PCD, FIXADO NA PAREDE - FORNECIMENTO E INSTALAÇÃO. AF_01/2020"},100875,"SINAPI",{"$f":"IF(G1977=\"SINAPI\",VLOOKUP($F1977,DADOS_SINAPI,3,0),IF(G1977=\"SETOP\",VLOOKUP($F1977,DADOS_SETOP,3,0),IF(G1977=\"CPU\",VLOOKUP($F1977,DADOS_COMPOSICAO,10,0),IF(G1977=\"SICRO\",VLOOKUP($F1977,DADOS_SICRO,3,0),IF(G1977=\"SUDECAP\",VLOOKUP(F1977,DADOS_SUDECAP,3,0),IF(G1977=\"COTAÇÃO\",VLOOKUP($F1977,DADOS_COTACAO,9,0),\"\"))))))","v":"UN"},{"$f":"F1979","v":2},{"$f":"TRUNC(IF(G1977=\"SINAPI\",VLOOKUP($F1977,DADOS_SINAPI,4,0),IF(G1977=\"SETOP\",VLOOKUP($F1977,DADOS_SETOP,4,0),IF(G1977=\"CPU\",VLOOKUP($F1977,DADOS_COMPOSICAO,13,0),IF(G1977=\"SICRO\",VLOOKUP($F1977,DADOS_SICRO,4,0),IF(G1977=\"SUDECAP\",VLOOKUP(F1977,DADOS_SUDECAP,4,0),IF(G1977=\"COTAÇÃO\",VLOOKUP(F1977,DADOS_COTACAO,12,0),\"\")))))),2)","v":1180.51},"BDI 1",{"$f":"TRUNC(J1977*(1+$N$17),2)","v":1493.58},{"$f":"IFERROR(TRUNC(I1977*J1977,2),\"\")","v":2361.02},{"$f":"IFERROR(TRUNC(L1977*I1977,2),\"\")","v":2987.16}]
[2000]
[2000,null,null,null,"Quantidade",2,"un"]
[2000]
[{"$f":"IFERROR(LEFT(D1981,SEARCH(\".\",D1981)-1),\"\")","v":"21"},{"$f":"IFERROR(LEFT(RIGHT(D1981,LEN(D1981)-SEARCH(\".\",D1981)),SEARCH(\".\",RIGHT(D1981,LEN(D1981)-SEARCH(\".\",D1981)))-1),\"\")","v":"2"},{"$f":"IFERROR(IF(LEN(D1981)-LEN(SUBSTITUTE(D1981,\".\",\"\"))<>3,\"\",MID(D1981,SEARCH(\".\",D1981,SEARCH(\".\",D1981)+1)+1,LEN(D1981)-SEARCH(\".\",D1981,SEARCH(\".\",D1981)+1)-(LEN(D1981)-(SEARCH(\".\",D1981,SEARCH(\".\",D1981,SEARCH(\".\",D1981)+1)+1)-1)))),\"\")","v":""},"21.2.2",{"$f":"IF($G1981=\"SINAPI\",VLOOKUP($F1981,DADOS_SINAPI,2,0),IF(G1981=\"SETOP\",VLOOKUP($F1981,DADOS_SETOP,2,0),IF(G1981=\"CPU\",VLOOKUP($F1981,DADOS_COMPOSICAO,2,0),IF(G1981=\"SICRO\",VLOOKUP($F1981,DADOS_SICRO,2,0),IF(G1981=\"SUDECAP\",VLOOKUP(F1981,DADOS_SUDECAP,2,0),IF(G1981=\"COTAÇÃO\",VLOOKUP($F1981,DADOS_COTACAO,2,0),\"\"))))))","v":"BARRA DE APOIO EM AÇO INOX POLIDO RETA, DIÂMETRO DE 1.1/4\", PARA ACESSIBILIDADE (PMR/PCR), COMPRIMENTO 70CM, INSTALADO EM PAREDE, INCLUSIVE ACESSÓRIOS PARA FIXAÇÃO"},"ED-48164","SETOP",{"$f":"IF(G1981=\"SINAPI\",VLOOKUP($F1981,DADOS_SINAPI,3,0),IF(G1981=\"SETOP\",VLOOKUP($F1981,DADOS_SETOP,3,0),IF(G1981=\"CPU\",VLOOKUP($F1981,DADOS_COMPOSICAO,10,0),IF(G1981=\"SICRO\",VLOOKUP($F1981,DADOS_SICRO,3,0),IF(G1981=\"SUDECAP\",VLOOKUP(F1981,DADOS_SUDECAP,3,0),IF(G1981=\"COTAÇÃO\",VLOOKUP($F1981,DADOS_COTACAO,9,0),\"\"))))))","v":"un"},{"$f":"F1983","v":3},{"$f":"TRUNC(IF(G1981=\"SINAPI\",VLOOKUP($F1981,DADOS_SINAPI,4,0),IF(G1981=\"SETOP\",VLOOKUP($F1981,DADOS_SETOP,4,0),IF(G1981=\"CPU\",VLOOKUP($F1981,DADOS_COMPOSICAO,13,0),IF(G1981=\"SICRO\",VLOOKUP($F1981,DADOS_SICRO,4,0),IF(G1981=\"SUDECAP\",VLOOKUP(F1981,DADOS_SUDECAP,4,0),IF(G1981=\"COTAÇÃO\",VLOOKUP(F1981,DADOS_COTACAO,12,0),\"\")))))),2)","v":237.31},"BDI 1",{"$f":"TRUNC(J1981*(1+$N$17),2)","v":300.24},{"$f":"IFERROR(TRUNC(I1981*J1981,2),\"\")","v":711.93},{"$f":"IFERROR(TRUNC(L1981*I1981,2),\"\")","v":900.72}]
[2000]
[2000,null,null,null,"Quantidade",3,"un"]
[2000,null,null,null,null,0]
[{"$f":"IFERROR(LEFT(D1985,SEARCH(\".\",D1985)-1),\"\")","v":"21"},{"$f":"IFERROR(LEFT(RIGHT(D1985,LEN(D1985)-SEARCH(\".\",D1985)),SEARCH(\".\",RIGHT(D1985,LEN(D1985)-SEARCH(\".\",D1985)))-1),\"\")","v":"2"},{"$f":"IFERROR(IF(LEN(D1985)-LEN(SUBSTITUTE(D1985,\".\",\"\"))<>3,\"\",MID(D1985,SEARCH(\".\",D1985,SEARCH(\".\",D1985)+1)+1,LEN(D1985)-SEARCH(\".\",D1985,SEARCH(\".\",D1985)+1)-(LEN(D1985)-(SEARCH(\".\",D1985,SEARCH(\".\",D1985,SEARCH(\".\",D1985)+1)+1)-1)))),\"\")","v":""},"21.2.3",{"$f":"IF($G1985=\"SINAPI\",VLOOKUP($F1985,DADOS_SINAPI,2,0),IF(G1985=\"SETOP\",VLOOKUP($F1985,DADOS_SETOP,2,0),IF(G1985=\"CPU\",VLOOKUP($F1985,DADOS_COMPOSICAO,2,0),IF(G1985=\"SICRO\",VLOOKUP($F1985,DADOS_SICRO,2,0),IF(G1985=\"SUDECAP\",VLOOKUP(F1985,DADOS_SUDECAP,2,0),IF(G1985=\"COTAÇÃO\",VLOOKUP($F1985,DADOS_COTACAO,2,0),\"\"))))))","v":"BARRA DE APOIO EM AÇO INOX POLIDO RETA, DIÂMETRO DE 1.1/4\", PARA ACESSIBILIDADE (PMR/PCR), COMPRIMENTO 80CM, INSTALADO EM PAREDE, INCLUSIVE ACESSÓRIOS PARA FIXAÇÃO"},"ED-48160","SETOP",{"$f":"IF(G1985=\"SINAPI\",VLOOKUP($F1985,DADOS_SINAPI,3,0),IF(G1985=\"SETOP\",VLOOKUP($F1985,DADOS_SETOP,3,0),IF(G1985=\"CPU\",VLOOKUP($F1985,DADOS_COMPOSICAO,10,0),IF(G1985=\"SICRO\",VLOOKUP($F1985,DADOS_SICRO,3,0),IF(G1985=\"SUDECAP\",VLOOKUP(F1985,DADOS_SUDECAP,3,0),IF(G1985=\"COTAÇÃO\",VLOOKUP($F1985,DADOS_COTACAO,9,0),\"\"))))))","v":"un"},{"$f":"F1987","v":6},{"$f":"TRUNC(IF(G1985=\"SINAPI\",VLOOKUP($F1985,DADOS_SINAPI,4,0),IF(G1985=\"SETOP\",VLOOKUP($F1985,DADOS_SETOP,4,0),IF(G1985=\"CPU\",VLOOKUP($F1985,DADOS_COMPOSICAO,13,0),IF(G1985=\"SICRO\",VLOOKUP($F1985,DADOS_SICRO,4,0),IF(G1985=\"SUDECAP\",VLOOKUP(F1985,DADOS_SUDECAP,4,0),IF(G1985=\"COTAÇÃO\",VLOOKUP(F1985,DADOS_COTACAO,12,0),\"\")))))),2)","v":197.52},"BDI 1",{"$f":"TRUNC(J1985*(1+$N$17),2)","v":249.9},{"$f":"IFERROR(TRUNC(I1985*J1985,2),\"\")","v":1185.1199999999999},{"$f":"IFERROR(TRUNC(L1985*I1985,2),\"\")","v":1499.4}]
[2000]
[2000,null,null,null,"Quantidade",6,"un"]
[2000]
[{"$f":"IFERROR(LEFT(D1989,SEARCH(\".\",D1989)-1),\"\")","v":"21"},{"$f":"IFERROR(LEFT(RIGHT(D1989,LEN(D1989)-SEARCH(\".\",D1989)),SEARCH(\".\",RIGHT(D1989,LEN(D1989)-SEARCH(\".\",D1989)))-1),\"\")","v":"2"},{"$f":"IFERROR(IF(LEN(D1989)-LEN(SUBSTITUTE(D1989,\".\",\"\"))<>3,\"\",MID(D1989,SEARCH(\".\",D1989,SEARCH(\".\",D1989)+1)+1,LEN(D1989)-SEARCH(\".\",D1989,SEARCH(\".\",D1989)+1)-(LEN(D1989)-(SEARCH(\".\",D1989,SEARCH(\".\",D1989,SEARCH(\".\",D1989)+1)+1)-1)))),\"\")","v":""},"21.2.4",{"$f":"IF($G1989=\"SINAPI\",VLOOKUP($F1989,DADOS_SINAPI,2,0),IF(G1989=\"SETOP\",VLOOKUP($F1989,DADOS_SETOP,2,0),IF(G1989=\"CPU\",VLOOKUP($F1989,DADOS_COMPOSICAO,2,0),IF(G1989=\"SICRO\",VLOOKUP($F1989,DADOS_SICRO,2,0),IF(G1989=\"SUDECAP\",VLOOKUP(F1989,DADOS_SUDECAP,2,0),IF(G1989=\"COTAÇÃO\",VLOOKUP($F1989,DADOS_COTACAO,2,0),\"\"))))))","v":"BARRA DE APOIO EM AÇO INOX POLIDO PARA LAVATÓRIO DE CANTO, DIÂMETRO DE 1.1/4\", PARA ACESSIBILIDADE (PMR/PCR), INSTALADO EM PAREDE, INCLUSIVE ACESSÓRIOS PARA FIXAÇÃO"},"ED-48167","SETOP",{"$f":"IF(G1989=\"SINAPI\",VLOOKUP($F1989,DADOS_SINAPI,3,0),IF(G1989=\"SETOP\",VLOOKUP($F1989,DADOS_SETOP,3,0),IF(G1989=\"CPU\",VLOOKUP($F1989,DADOS_COMPOSICAO,10,0),IF(G1989=\"SICRO\",VLOOKUP($F1989,DADOS_SICRO,3,0),IF(G1989=\"SUDECAP\",VLOOKUP(F1989,DADOS_SUDECAP,3,0),IF(G1989=\"COTAÇÃO\",VLOOKUP($F1989,DADOS_COTACAO,9,0),\"\"))))))","v":"un"},{"$f":"F1991","v":2},{"$f":"TRUNC(IF(G1989=\"SINAPI\",VLOOKUP($F1989,DADOS_SINAPI,4,0),IF(G1989=\"SETOP\",VLOOKUP($F1989,DADOS_SETOP,4,0),IF(G1989=\"CPU\",VLOOKUP($F1989,DADOS_COMPOSICAO,13,0),IF(G1989=\"SICRO\",VLOOKUP($F1989,DADOS_SICRO,4,0),IF(G1989=\"SUDECAP\",VLOOKUP(F1989,DADOS_SUDECAP,4,0),IF(G1989=\"COTAÇÃO\",VLOOKUP(F1989,DADOS_COTACAO,12,0),\"\")))))),2)","v":158.03},"BDI 1",{"$f":"TRUNC(J1989*(1+$N$17),2)","v":199.93},{"$f":"IFERROR(TRUNC(I1989*J1989,2),\"\")","v":316.06},{"$f":"IFERROR(TRUNC(L1989*I1989,2),\"\")","v":399.86}]
[2000]
[2000,null,null,null,"Quantidade",2,"un"]
[2000]
[{"$f":"IFERROR(LEFT(D1993,SEARCH(\".\",D1993)-1),\"\")","v":"21"},{"$f":"IFERROR(LEFT(RIGHT(D1993,LEN(D1993)-SEARCH(\".\",D1993)),SEARCH(\".\",RIGHT(D1993,LEN(D1993)-SEARCH(\".\",D1993)))-1),\"\")","v":"2"},{"$f":"IFERROR(IF(LEN(D1993)-LEN(SUBSTITUTE(D1993,\".\",\"\"))<>3,\"\",MID(D1993,SEARCH(\".\",D1993,SEARCH(\".\",D1993)+1)+1,LEN(D1993)-SEARCH(\".\",D1993,SEARCH(\".\",D1993)+1)-(LEN(D1993)-(SEARCH(\".\",D1993,SEARCH(\".\",D1993,SEARCH(\".\",D1993)+1)+1)-1)))),\"\")","v":""},"21.2.5",{"$f":"IF($G1993=\"SINAPI\",VLOOKUP($F1993,DADOS_SINAPI,2,0),IF(G1993=\"SETOP\",VLOOKUP($F1993,DADOS_SETOP,2,0),IF(G1993=\"CPU\",VLOOKUP($F1993,DADOS_COMPOSICAO,2,0),IF(G1993=\"SICRO\",VLOOKUP($F1993,DADOS_SICRO,2,0),IF(G1993=\"SUDECAP\",VLOOKUP(F1993,DADOS_SUDECAP,2,0),IF(G1993=\"COTAÇÃO\",VLOOKUP($F1993,DADOS_COTACAO,2,0),\"\"))))))","v":"BARRA DE APOIO EM AÇO INOX POLIDO RETA, DIÂMETRO DE 1.1/4\", PARA ACESSIBILIDADE (PMR/PCR), COMPRIMENTO 40CM, INSTALADO EM PORTA/PAREDE, INCLUSIVE ACESSÓRIOS PARA FIXAÇÃO"},"ED-48163","SETOP",{"$f":"IF(G1993=\"SINAPI\",VLOOKUP($F1993,DADOS_SINAPI,3,0),IF(G1993=\"SETOP\",VLOOKUP($F1993,DADOS_SETOP,3,0),IF(G1993=\"CPU\",VLOOKUP($F1993,DADOS_COMPOSICAO,10,0),IF(G1993=\"SICRO\",VLOOKUP($F1993,DADOS_SICRO,3,0),IF(G1993=\"SUDECAP\",VLOOKUP(F1993,DADOS_SUDECAP,3,0),IF(G1993=\"COTAÇÃO\",VLOOKUP($F1993,DADOS_COTACAO,9,0),\"\"))))))","v":"un"},{"$f":"F1995","v":2},{"$f":"TRUNC(IF(G1993=\"SINAPI\",VLOOKUP($F1993,DADOS_SINAPI,4,0),IF(G1993=\"SETOP\",VLOOKUP($F1993,DADOS_SETOP,4,0),IF(G1993=\"CPU\",VLOOKUP($F1993,DADOS_COMPOSICAO,13,0),IF(G1993=\"SICRO\",VLOOKUP($F1993,DADOS_SICRO,4,0),IF(G1993=\"SUDECAP\",VLOOKUP(F1993,DADOS_SUDECAP,4,0),IF(G1993=\"COTAÇÃO\",VLOOKUP(F1993,DADOS_COTACAO,12,0),\"\")))))),2)","v":181.82},"BDI 1",{"$f":"TRUNC(J1993*(1+$N$17),2)","v":230.03},{"$f":"IFERROR(TRUNC(I1993*J1993,2),\"\")","v":363.64},{"$f":"IFERROR(TRUNC(L1993*I1993,2),\"\")","v":460.06}]
[2000]
[2000,null,null,null,"Quantidade",2,"un"]
[2000]
[{"$f":"IFERROR(LEFT(D1997,SEARCH(\".\",D1997)-1),\"\")","v":"21"},{"$f":"IFERROR(LEFT(RIGHT(D1997,LEN(D1997)-SEARCH(\".\",D1997)),SEARCH(\".\",RIGHT(D1997,LEN(D1997)-SEARCH(\".\",D1997)))-1),\"\")","v":"2"},{"$f":"IFERROR(IF(LEN(D1997)-LEN(SUBSTITUTE(D1997,\".\",\"\"))<>3,\"\",MID(D1997,SEARCH(\".\",D1997,SEARCH(\".\",D1997)+1)+1,LEN(D1997)-SEARCH(\".\",D1997,SEARCH(\".\",D1997)+1)-(LEN(D1997)-(SEARCH(\".\",D1997,SEARCH(\".\",D1997,SEARCH(\".\",D1997)+1)+1)-1)))),\"\")","v":""},"21.2.6",{"$f":"IF($G1997=\"SINAPI\",VLOOKUP($F1997,DADOS_SINAPI,2,0),IF(G1997=\"SETOP\",VLOOKUP($F1997,DADOS_SETOP,2,0),IF(G1997=\"CPU\",VLOOKUP($F1997,DADOS_COMPOSICAO,2,0),IF(G1997=\"SICRO\",VLOOKUP($F1997,DADOS_SICRO,2,0),IF(G1997=\"SUDECAP\",VLOOKUP(F1997,DADOS_SUDECAP,2,0),IF(G1997=\"COTAÇÃO\",VLOOKUP($F1997,DADOS_COTACAO,2,0),\"\"))))))","v":"PLACA DE SINALIZACAO EM CHAPA DE ALUMINIO COM PINTURA REFLETIVA, E = 2 MM - FORNECIMENTO E INSTALAÇÃO"},"DAC-21.1","CPU",{"$f":"IF(G1997=\"SINAPI\",VLOOKUP($F1997,DADOS_SINAPI,3,0),IF(G1997=\"SETOP\",VLOOKUP($F1997,DADOS_SETOP,3,0),IF(G1997=\"CPU\",VLOOKUP($F1997,DADOS_COMPOSICAO,10,0),IF(G1997=\"SICRO\",VLOOKUP($F1997,DADOS_SICRO,3,0),IF(G1997=\"SUDECAP\",VLOOKUP(F1997,DADOS_SUDECAP,3,0),IF(G1997=\"COTAÇÃO\",VLOOKUP($F1997,DADOS_COTACAO,9,0),\"\"))))))","v":"M2    "},{"$f":"F1999","v":0.57000000000000006},{"$f":"TRUNC(IF(G1997=\"SINAPI\",VLOOKUP($F1997,DADOS_SINAPI,4,0),IF(G1997=\"SETOP\",VLOOKUP($F1997,DADOS_SETOP,4,0),IF(G1997=\"CPU\",VLOOKUP($F1997,DADOS_COMPOSICAO,13,0),IF(G1997=\"SICRO\",VLOOKUP($F1997,DADOS_SICRO,4,0),IF(G1997=\"SUDECAP\",VLOOKUP(F1997,DADOS_SUDECAP,4,0),IF(G1997=\"COTAÇÃO\",VLOOKUP(F1997,DADOS_COTACAO,12,0),\"\")))))),2)","v":1282.77},"BDI 1",{"$f":"TRUNC(J1997*(1+$N$17),2)","v":1622.96},{"$f":"IFERROR(TRUNC(I1997*J1997,2),\"\")","v":731.17},925.09]
[2000]
[2000,null,null,null,"Quantidade",{"$f":"3*0.19","v":0.57000000000000006},"m²"]
[2000]
[{"$f":"IFERROR(LEFT(D2001,SEARCH(\".\",D2001)-1),\"\")","v":"21"},{"$f":"IFERROR(LEFT(RIGHT(D2001,LEN(D2001)-SEARCH(\".\",D2001)),SEARCH(\".\",RIGHT(D2001,LEN(D2001)-SEARCH(\".\",D2001)))-1),\"\")","v":"2"},{"$f":"IFERROR(IF(LEN(D2001)-LEN(SUBSTITUTE(D2001,\".\",\"\"))<>3,\"\",MID(D2001,SEARCH(\".\",D2001,SEARCH(\".\",D2001)+1)+1,LEN(D2001)-SEARCH(\".\",D2001,SEARCH(\".\",D2001)+1)-(LEN(D2001)-(SEARCH(\".\",D2001,SEARCH(\".\",D2001,SEARCH(\".\",D2001)+1)+1)-1)))),\"\")","v":""},"21.2.7",{"$f":"IF($G2001=\"SINAPI\",VLOOKUP($F2001,DADOS_SINAPI,2,0),IF(G2001=\"SETOP\",VLOOKUP($F2001,DADOS_SETOP,2,0),IF(G2001=\"CPU\",VLOOKUP($F2001,DADOS_COMPOSICAO,2,0),IF(G2001=\"SICRO\",VLOOKUP($F2001,DADOS_SICRO,2,0),IF(G2001=\"SUDECAP\",VLOOKUP(F2001,DADOS_SUDECAP,2,0),IF(G2001=\"COTAÇÃO\",VLOOKUP($F2001,DADOS_COTACAO,2,0),\"\"))))))","v":"CHAPA DE PROTEÇÃO IMPACTO PARA PORTA 40X80"},"COT-ACE-001","COTAÇÃO",{"$f":"IF(G2001=\"SINAPI\",VLOOKUP($F2001,DADOS_SINAPI,3,0),IF(G2001=\"SETOP\",VLOOKUP($F2001,DADOS_SETOP,3,0),IF(G2001=\"CPU\",VLOOKUP($F2001,DADOS_COMPOSICAO,10,0),IF(G2001=\"SICRO\",VLOOKUP($F2001,DADOS_SICRO,3,0),IF(G2001=\"SUDECAP\",VLOOKUP(F2001,DADOS_SUDECAP,3,0),IF(G2001=\"COTAÇÃO\",VLOOKUP($F2001,DADOS_COTACAO,9,0),\"\"))))))","v":"UN "},{"$f":"F2003","v":8},{"$f":"TRUNC(IF(G2001=\"SINAPI\",VLOOKUP($F2001,DADOS_SINAPI,4,0),IF(G2001=\"SETOP\",VLOOKUP($F2001,DADOS_SETOP,4,0),IF(G2001=\"CPU\",VLOOKUP($F2001,DADOS_COMPOSICAO,13,0),IF(G2001=\"SICRO\",VLOOKUP($F2001,DADOS_SICRO,4,0),IF(G2001=\"SUDECAP\",VLOOKUP(F2001,DADOS_SUDECAP,4,0),IF(G2001=\"COTAÇÃO\",VLOOKUP(F2001,DADOS_COTACAO,12,0),\"\")))))),2)","v":204.83},"BDI 1",{"$f":"TRUNC(J2001*(1+$N$17),2)","v":259.14999999999998},{"$f":"IFERROR(TRUNC(I2001*J2001,2),\"\")","v":1638.64},{"$f":"IFERROR(TRUNC(L2001*I2001,2),\"\")","v":2073.1999999999998}]
[2000]
[2000,null,null,null,"Quantidade",8,"un"]
[2000]
[{"$f":"IFERROR(LEFT(D2005,SEARCH(\".\",D2005)-1),\"\")","v":"21"},{"$f":"IFERROR(LEFT(RIGHT(D2005,LEN(D2005)-SEARCH(\".\",D2005)),SEARCH(\".\",RIGHT(D2005,LEN(D2005)-SEARCH(\".\",D2005)))-1),\"\")","v":"2"},{"$f":"IFERROR(IF(LEN(D2005)-LEN(SUBSTITUTE(D2005,\".\",\"\"))<>3,\"\",MID(D2005,SEARCH(\".\",D2005,SEARCH(\".\",D2005)+1)+1,LEN(D2005)-SEARCH(\".\",D2005,SEARCH(\".\",D2005)+1)-(LEN(D2005)-(SEARCH(\".\",D2005,SEARCH(\".\",D2005,SEARCH(\".\",D2005)+1)+1)-1)))),\"\")","v":""},"21.2.8",{"$f":"IF($G2005=\"SINAPI\",VLOOKUP($F2005,DADOS_SINAPI,2,0),IF(G2005=\"SETOP\",VLOOKUP($F2005,DADOS_SETOP,2,0),IF(G2005=\"CPU\",VLOOKUP($F2005,DADOS_COMPOSICAO,2,0),IF(G2005=\"SICRO\",VLOOKUP($F2005,DADOS_SICRO,2,0),IF(G2005=\"SUDECAP\",VLOOKUP(F2005,DADOS_SUDECAP,2,0),IF(G2005=\"COTAÇÃO\",VLOOKUP($F2005,DADOS_COTACAO,2,0),\"\"))))))","v":"INSTALAÇÃO CHAPA DE PROTEÇÃO IMPACTO PARA PORTA 40X80"},"DAC-21.2","CPU",{"$f":"IF(G2005=\"SINAPI\",VLOOKUP($F2005,DADOS_SINAPI,3,0),IF(G2005=\"SETOP\",VLOOKUP($F2005,DADOS_SETOP,3,0),IF(G2005=\"CPU\",VLOOKUP($F2005,DADOS_COMPOSICAO,10,0),IF(G2005=\"SICRO\",VLOOKUP($F2005,DADOS_SICRO,3,0),IF(G2005=\"SUDECAP\",VLOOKUP(F2005,DADOS_SUDECAP,3,0),IF(G2005=\"COTAÇÃO\",VLOOKUP($F2005,DADOS_COTACAO,9,0),\"\"))))))","v":"UN"},{"$f":"F2007","v":6},{"$f":"TRUNC(IF(G2005=\"SINAPI\",VLOOKUP($F2005,DADOS_SINAPI,4,0),IF(G2005=\"SETOP\",VLOOKUP($F2005,DADOS_SETOP,4,0),IF(G2005=\"CPU\",VLOOKUP($F2005,DADOS_COMPOSICAO,13,0),IF(G2005=\"SICRO\",VLOOKUP($F2005,DADOS_SICRO,4,0),IF(G2005=\"SUDECAP\",VLOOKUP(F2005,DADOS_SUDECAP,4,0),IF(G2005=\"COTAÇÃO\",VLOOKUP(F2005,DADOS_COTACAO,12,0),\"\")))))),2)","v":4.18},"BDI 1",{"$f":"TRUNC(J2005*(1+$N$17),2)","v":5.28},{"$f":"IFERROR(TRUNC(I2005*J2005,2),\"\")","v":25.08},{"$f":"IFERROR(TRUNC(L2005*I2005,2),\"\")","v":31.68}]
[2000]
[2000,null,null,null,"Quantidade",6,"un"]
[2000]
[null,null,null,"21.3","SINALIZAÇÃO TÁTIL E BRAILLE",null,null,null,null,null,null,null,{"$f":"IFERROR(SUMIFS(M:M,A:A,LEFT(D2009,SEARCH(\".\",D2009)-1),B:B,RIGHT(D2009,LEN(D2009)-SEARCH(\".\",D2009))),\"\")","v":1412.59},{"$f":"IFERROR(SUMIFS(N:N,A:A,LEFT(D2009,SEARCH(\".\",D2009)-1),B:B,RIGHT(D2009,LEN(D2009)-SEARCH(\".\",D2009))),\"\")","v":1785.39}]
[{"$f":"IFERROR(LEFT(D2010,SEARCH(\".\",D2010)-1),\"\")","v":"21"},{"$f":"IFERROR(LEFT(RIGHT(D2010,LEN(D2010)-SEARCH(\".\",D2010)),SEARCH(\".\",RIGHT(D2010,LEN(D2010)-SEARCH(\".\",D2010)))-1),\"\")","v":"3"},{"$f":"IFERROR(IF(LEN(D2010)-LEN(SUBSTITUTE(D2010,\".\",\"\"))<>3,\"\",MID(D2010,SEARCH(\".\",D2010,SEARCH(\".\",D2010)+1)+1,LEN(D2010)-SEARCH(\".\",D2010,SEARCH(\".\",D2010)+1)-(LEN(D2010)-(SEARCH(\".\",D2010,SEARCH(\".\",D2010,SEARCH(\".\",D2010)+1)+1)-1)))),\"\")","v":""},"21.3.1",{"$f":"IF($G2010=\"SINAPI\",VLOOKUP($F2010,DADOS_SINAPI,2,0),IF(G2010=\"SETOP\",VLOOKUP($F2010,DADOS_SETOP,2,0),IF(G2010=\"CPU\",VLOOKUP($F2010,DADOS_COMPOSICAO,2,0),IF(G2010=\"SICRO\",VLOOKUP($F2010,DADOS_SICRO,2,0),IF(G2010=\"SUDECAP\",VLOOKUP(F2010,DADOS_SUDECAP,2,0),IF(G2010=\"COTAÇÃO\",VLOOKUP($F2010,DADOS_COTACAO,2,0),\"\"))))))","v":"PISO TATIL DE ALERTA OU DIRECIONAL, DE BORRACHA, PRETO, 25 X 25 CM, E = 12 MM, PARA ARGAMASSA - FORNECIMENTO E INSTALAÇÃO "},"DAC-21.3","CPU",{"$f":"IF(G2010=\"SINAPI\",VLOOKUP($F2010,DADOS_SINAPI,3,0),IF(G2010=\"SETOP\",VLOOKUP($F2010,DADOS_SETOP,3,0),IF(G2010=\"CPU\",VLOOKUP($F2010,DADOS_COMPOSICAO,10,0),IF(G2010=\"SICRO\",VLOOKUP($F2010,DADOS_SICRO,3,0),IF(G2010=\"SUDECAP\",VLOOKUP(F2010,DADOS_SUDECAP,3,0),IF(G2010=\"COTAÇÃO\",VLOOKUP($F2010,DADOS_COTACAO,9,0),\"\"))))))","v":"M2    "},{"$f":"F2014","v":1.8125},{"$f":"TRUNC(IF(G2010=\"SINAPI\",VLOOKUP($F2010,DADOS_SINAPI,4,0),IF(G2010=\"SETOP\",VLOOKUP($F2010,DADOS_SETOP,4,0),IF(G2010=\"CPU\",VLOOKUP($F2010,DADOS_COMPOSICAO,13,0),IF(G2010=\"SICRO\",VLOOKUP($F2010,DADOS_SICRO,4,0),IF(G2010=\"SUDECAP\",VLOOKUP(F2010,DADOS_SUDECAP,4,0),IF(G2010=\"COTAÇÃO\",VLOOKUP(F2010,DADOS_COTACAO,12,0),\"\")))))),2)","v":562.29},"BDI 1",{"$f":"TRUNC(J2010*(1+$N$17),2)","v":711.4},{"$f":"IFERROR(TRUNC(I2010*J2010,2),\"\")","v":1019.15},1287.6300000000001]
[2000]
[2000,null,null,null,"Quantidade de Pisos Tateis - Externos",29,"un"]
[2000,null,null,null,"Área de cada piso Tátil",6.25E-2,"m²"]
[2000,null,null,null,"Total",{"$f":"F2013*F2012","v":1.8125},"m²"]
[2000]
["21","3","","21.3.2","PLACA TÁTIL BRAILLE EM ACRÍLICO 30X10 CM (ATÉ 3 PALAVRAS) - FORNECIMENTO E INSTALAÇÃO","DAC-21.4","CPU","UN",{"$f":"F2018","v":8},49.18,"BDI 1",62.22,393.44,{"$f":"IFERROR(TRUNC(L2016*I2016,2),\"\")","v":497.76}]
[2000]
[2000,null,null,null,"Quantidade",8,"un"]
[2000]
[null,null,null,"21.4","SALAS",null,null,null,null,null,null,null,{"$f":"IFERROR(SUMIFS(M:M,A:A,LEFT(D2020,SEARCH(\".\",D2020)-1),B:B,RIGHT(D2020,LEN(D2020)-SEARCH(\".\",D2020))),\"\")","v":1845.52},{"$f":"IFERROR(SUMIFS(N:N,A:A,LEFT(D2020,SEARCH(\".\",D2020)-1),B:B,RIGHT(D2020,LEN(D2020)-SEARCH(\".\",D2020))),\"\")","v":2334.88}]
[{"$f":"IFERROR(LEFT(D2021,SEARCH(\".\",D2021)-1),\"\")","v":"21"},{"$f":"IFERROR(LEFT(RIGHT(D2021,LEN(D2021)-SEARCH(\".\",D2021)),SEARCH(\".\",RIGHT(D2021,LEN(D2021)-SEARCH(\".\",D2021)))-1),\"\")","v":"4"},{"$f":"IFERROR(IF(LEN(D2021)-LEN(SUBSTITUTE(D2021,\".\",\"\"))<>3,\"\",MID(D2021,SEARCH(\".\",D2021,SEARCH(\".\",D2021)+1)+1,LEN(D2021)-SEARCH(\".\",D2021,SEARCH(\".\",D2021)+1)-(LEN(D2021)-(SEARCH(\".\",D2021,SEARCH(\".\",D2021,SEARCH(\".\",D2021)+1)+1)-1)))),\"\")","v":""},"21.4.1",{"$f":"IF($G2021=\"SINAPI\",VLOOKUP($F2021,DADOS_SINAPI,2,0),IF(G2021=\"SETOP\",VLOOKUP($F2021,DADOS_SETOP,2,0),IF(G2021=\"CPU\",VLOOKUP($F2021,DADOS_COMPOSICAO,2,0),IF(G2021=\"SICRO\",VLOOKUP($F2021,DADOS_SICRO,2,0),IF(G2021=\"SUDECAP\",VLOOKUP(F2021,DADOS_SUDECAP,2,0),IF(G2021=\"COTAÇÃO\",VLOOKUP($F2021,DADOS_COTACAO,2,0),\"\"))))))","v":"ADESIVO DE SINALIZAÇÃO PARA CADEIRANTE PARA PISO"},"COT-ACE-002","COTAÇÃO",{"$f":"IF(G2021=\"SINAPI\",VLOOKUP($F2021,DADOS_SINAPI,3,0),IF(G2021=\"SETOP\",VLOOKUP($F2021,DADOS_SETOP,3,0),IF(G2021=\"CPU\",VLOOKUP($F2021,DADOS_COMPOSICAO,10,0),IF(G2021=\"SICRO\",VLOOKUP($F2021,DADOS_SICRO,3,0),IF(G2021=\"SUDECAP\",VLOOKUP(F2021,DADOS_SUDECAP,3,0),IF(G2021=\"COTAÇÃO\",VLOOKUP($F2021,DADOS_COTACAO,9,0),\"\"))))))","v":"UN "},{"$f":"F2023","v":8},{"$f":"TRUNC(IF(G2021=\"SINAPI\",VLOOKUP($F2021,DADOS_SINAPI,4,0),IF(G2021=\"SETOP\",VLOOKUP($F2021,DADOS_SETOP,4,0),IF(G2021=\"CPU\",VLOOKUP($F2021,DADOS_COMPOSICAO,13,0),IF(G2021=\"SICRO\",VLOOKUP($F2021,DADOS_SICRO,4,0),IF(G2021=\"SUDECAP\",VLOOKUP(F2021,DADOS_SUDECAP,4,0),IF(G2021=\"COTAÇÃO\",VLOOKUP(F2021,DADOS_COTACAO,12,0),\"\")))))),2)","v":220.23},"BDI 1",{"$f":"TRUNC(J2021*(1+$N$17),2)","v":278.63},{"$f":"IFERROR(TRUNC(I2021*J2021,2),\"\")","v":1761.84},{"$f":"IFERROR(TRUNC(L2021*I2021,2),\"\")","v":2229.04}]
[2000]
[2000,null,null,null,"Quantidade",8,"un"]
[2000]
[{"$f":"IFERROR(LEFT(D2025,SEARCH(\".\",D2025)-1),\"\")","v":"21"},{"$f":"IFERROR(LEFT(RIGHT(D2025,LEN(D2025)-SEARCH(\".\",D2025)),SEARCH(\".\",RIGHT(D2025,LEN(D2025)-SEARCH(\".\",D2025)))-1),\"\")","v":"4"},{"$f":"IFERROR(IF(LEN(D2025)-LEN(SUBSTITUTE(D2025,\".\",\"\"))<>3,\"\",MID(D2025,SEARCH(\".\",D2025,SEARCH(\".\",D2025)+1)+1,LEN(D2025)-SEARCH(\".\",D2025,SEARCH(\".\",D2025)+1)-(LEN(D2025)-(SEARCH(\".\",D2025,SEARCH(\".\",D2025,SEARCH(\".\",D2025)+1)+1)-1)))),\"\")","v":""},"21.4.2",{"$f":"IF($G2025=\"SINAPI\",VLOOKUP($F2025,DADOS_SINAPI,2,0),IF(G2025=\"SETOP\",VLOOKUP($F2025,DADOS_SETOP,2,0),IF(G2025=\"CPU\",VLOOKUP($F2025,DADOS_COMPOSICAO,2,0),IF(G2025=\"SICRO\",VLOOKUP($F2025,DADOS_SICRO,2,0),IF(G2025=\"SUDECAP\",VLOOKUP(F2025,DADOS_SUDECAP,2,0),IF(G2025=\"COTAÇÃO\",VLOOKUP($F2025,DADOS_COTACAO,2,0),\"\"))))))","v":"INSTALAÇÃO DE ADESIVO DE SINALIZAÇÃO PARA CADEIRANTE PARA PISO"},"DAC-21.5","CPU",{"$f":"IF(G2025=\"SINAPI\",VLOOKUP($F2025,DADOS_SINAPI,3,0),IF(G2025=\"SETOP\",VLOOKUP($F2025,DADOS_SETOP,3,0),IF(G2025=\"CPU\",VLOOKUP($F2025,DADOS_COMPOSICAO,10,0),IF(G2025=\"SICRO\",VLOOKUP($F2025,DADOS_SICRO,3,0),IF(G2025=\"SUDECAP\",VLOOKUP(F2025,DADOS_SUDECAP,3,0),IF(G2025=\"COTAÇÃO\",VLOOKUP($F2025,DADOS_COTACAO,9,0),\"\"))))))","v":"UN"},{"$f":"F2027","v":8},{"$f":"TRUNC(IF(G2025=\"SINAPI\",VLOOKUP($F2025,DADOS_SINAPI,4,0),IF(G2025=\"SETOP\",VLOOKUP($F2025,DADOS_SETOP,4,0),IF(G2025=\"CPU\",VLOOKUP($F2025,DADOS_COMPOSICAO,13,0),IF(G2025=\"SICRO\",VLOOKUP($F2025,DADOS_SICRO,4,0),IF(G2025=\"SUDECAP\",VLOOKUP(F2025,DADOS_SUDECAP,4,0),IF(G2025=\"COTAÇÃO\",VLOOKUP(F2025,DADOS_COTACAO,12,0),\"\")))))),2)","v":10.46},"BDI 1",{"$f":"TRUNC(J2025*(1+$N$17),2)","v":13.23},{"$f":"IFERROR(TRUNC(I2025*J2025,2),\"\")","v":83.68},{"$f":"IFERROR(TRUNC(L2025*I2025,2),\"\")","v":105.84}]
[2000]
[2000,null,null,null,"Quantidade",8,"un"]
[2000]
[1000,null,null,22,"COMPENSAÇÃO AMBIENTAL",null,null,null,null,null,null,null,{"$f":"SUMIF(A:A,D2029,M:M)","v":7410.1599999999989},{"$f":"SUMIF(A:A,D2029,N:N)","v":9374.7999999999993}]
[{"$f":"IFERROR(LEFT(D2030,SEARCH(\".\",D2030)-1),\"\")","v":"22"},{"$f":"IFERROR(LEFT(RIGHT(D2030,LEN(D2030)-SEARCH(\".\",D2030)),SEARCH(\".\",RIGHT(D2030,LEN(D2030)-SEARCH(\".\",D2030)))-1),\"\")","v":""},{"$f":"IFERROR(IF(LEN(D2030)-LEN(SUBSTITUTE(D2030,\".\",\"\"))<>3,\"\",MID(D2030,SEARCH(\".\",D2030,SEARCH(\".\",D2030)+1)+1,LEN(D2030)-SEARCH(\".\",D2030,SEARCH(\".\",D2030)+1)-(LEN(D2030)-(SEARCH(\".\",D2030,SEARCH(\".\",D2030,SEARCH(\".\",D2030)+1)+1)-1)))),\"\")","v":""},"22.1",{"$f":"IF($G2030=\"SINAPI\",VLOOKUP($F2030,DADOS_SINAPI,2,0),IF(G2030=\"SETOP\",VLOOKUP($F2030,DADOS_SETOP,2,0),IF(G2030=\"CPU\",VLOOKUP($F2030,DADOS_COMPOSICAO,2,0),IF(G2030=\"SICRO\",VLOOKUP($F2030,DADOS_SICRO,2,0),IF(G2030=\"SUDECAP\",VLOOKUP(F2030,DADOS_SUDECAP,2,0),IF(G2030=\"COTAÇÃO\",VLOOKUP($F2030,DADOS_COTACAO,2,0),\"\"))))))","v":"PLANTIO DE ÁRVORE ORNAMENTAL COM ALTURA DE MUDA MENOR OU IGUAL A 2,00 M . AF_07/2024"},98510,"SINAPI",{"$f":"IF(G2030=\"SINAPI\",VLOOKUP($F2030,DADOS_SINAPI,3,0),IF(G2030=\"SETOP\",VLOOKUP($F2030,DADOS_SETOP,3,0),IF(G2030=\"CPU\",VLOOKUP($F2030,DADOS_COMPOSICAO,10,0),IF(G2030=\"SICRO\",VLOOKUP($F2030,DADOS_SICRO,3,0),IF(G2030=\"SUDECAP\",VLOOKUP(F2030,DADOS_SUDECAP,3,0),IF(G2030=\"COTAÇÃO\",VLOOKUP($F2030,DADOS_COTACAO,9,0),\"\"))))))","v":"UN"},{"$f":"F2033","v":80},{"$f":"TRUNC(IF(G2030=\"SINAPI\",VLOOKUP($F2030,DADOS_SINAPI,4,0),IF(G2030=\"SETOP\",VLOOKUP($F2030,DADOS_SETOP,4,0),IF(G2030=\"CPU\",VLOOKUP($F2030,DADOS_COMPOSICAO,13,0),IF(G2030=\"SICRO\",VLOOKUP($F2030,DADOS_SICRO,4,0),IF(G2030=\"SUDECAP\",VLOOKUP(F2030,DADOS_SUDECAP,4,0),IF(G2030=\"COTAÇÃO\",VLOOKUP(F2030,DADOS_COTACAO,12,0),\"\")))))),2)","v":91.08},"BDI 1",{"$f":"TRUNC(J2030*(1+$N$17),2)","v":115.23},{"$f":"IFERROR(TRUNC(I2030*J2030,2),\"\")","v":7286.4},{"$f":"IFERROR(TRUNC(L2030*I2030,2),\"\")","v":9218.4}]
[2000]
[2000,null,null,null,"Quantidade",{"$f":"55+25","v":80},"un"]
[2000,null,null,null,"Total",{"$f":"SUM(F2032:F2032)","v":80},"un"]
[2000]
[{"$f":"IFERROR(LEFT(D2035,SEARCH(\".\",D2035)-1),\"\")","v":"22"},{"$f":"IFERROR(LEFT(RIGHT(D2035,LEN(D2035)-SEARCH(\".\",D2035)),SEARCH(\".\",RIGHT(D2035,LEN(D2035)-SEARCH(\".\",D2035)))-1),\"\")","v":""},{"$f":"IFERROR(IF(LEN(D2035)-LEN(SUBSTITUTE(D2035,\".\",\"\"))<>3,\"\",MID(D2035,SEARCH(\".\",D2035,SEARCH(\".\",D2035)+1)+1,LEN(D2035)-SEARCH(\".\",D2035,SEARCH(\".\",D2035)+1)-(LEN(D2035)-(SEARCH(\".\",D2035,SEARCH(\".\",D2035,SEARCH(\".\",D2035)+1)+1)-1)))),\"\")","v":""},"22.2",{"$f":"IF($G2035=\"SINAPI\",VLOOKUP($F2035,DADOS_SINAPI,2,0),IF(G2035=\"SETOP\",VLOOKUP($F2035,DADOS_SETOP,2,0),IF(G2035=\"CPU\",VLOOKUP($F2035,DADOS_COMPOSICAO,2,0),IF(G2035=\"SICRO\",VLOOKUP($F2035,DADOS_SICRO,2,0),IF(G2035=\"SUDECAP\",VLOOKUP(F2035,DADOS_SUDECAP,2,0),IF(G2035=\"COTAÇÃO\",VLOOKUP($F2035,DADOS_COTACAO,2,0),\"\"))))))","v":"APLICAÇÃO DE ADUBO EM SOLO. AF_07/2024"},98520,"SINAPI",{"$f":"IF(G2035=\"SINAPI\",VLOOKUP($F2035,DADOS_SINAPI,3,0),IF(G2035=\"SETOP\",VLOOKUP($F2035,DADOS_SETOP,3,0),IF(G2035=\"CPU\",VLOOKUP($F2035,DADOS_COMPOSICAO,10,0),IF(G2035=\"SICRO\",VLOOKUP($F2035,DADOS_SICRO,3,0),IF(G2035=\"SUDECAP\",VLOOKUP(F2035,DADOS_SUDECAP,3,0),IF(G2035=\"COTAÇÃO\",VLOOKUP($F2035,DADOS_COTACAO,9,0),\"\"))))))","v":"M2"},{"$f":"F2039","v":7.1999999999999993},{"$f":"TRUNC(IF(G2035=\"SINAPI\",VLOOKUP($F2035,DADOS_SINAPI,4,0),IF(G2035=\"SETOP\",VLOOKUP($F2035,DADOS_SETOP,4,0),IF(G2035=\"CPU\",VLOOKUP($F2035,DADOS_COMPOSICAO,13,0),IF(G2035=\"SICRO\",VLOOKUP($F2035,DADOS_SICRO,4,0),IF(G2035=\"SUDECAP\",VLOOKUP(F2035,DADOS_SUDECAP,4,0),IF(G2035=\"COTAÇÃO\",VLOOKUP(F2035,DADOS_COTACAO,12,0),\"\")))))),2)","v":5.75},"BDI 1",{"$f":"TRUNC(J2035*(1+$N$17),2)","v":7.27},{"$f":"IFERROR(TRUNC(I2035*J2035,2),\"\")","v":41.4},{"$f":"IFERROR(TRUNC(L2035*I2035,2),\"\")","v":52.34}]
[2000]
[2000,null,null,null,"Cova (30x30)",{"$f":"0.3*0.3","v":0.09},"m²"]
[2000,null,null,null,"Quantidade",{"$f":"F2033","v":80},"un"]
[2000,null,null,null,"Total",{"$f":"F2037*F2038","v":7.1999999999999993},"m²"]
[2000]
[{"$f":"IFERROR(LEFT(D2041,SEARCH(\".\",D2041)-1),\"\")","v":"22"},{"$f":"IFERROR(LEFT(RIGHT(D2041,LEN(D2041)-SEARCH(\".\",D2041)),SEARCH(\".\",RIGHT(D2041,LEN(D2041)-SEARCH(\".\",D2041)))-1),\"\")","v":""},{"$f":"IFERROR(IF(LEN(D2041)-LEN(SUBSTITUTE(D2041,\".\",\"\"))<>3,\"\",MID(D2041,SEARCH(\".\",D2041,SEARCH(\".\",D2041)+1)+1,LEN(D2041)-SEARCH(\".\",D2041,SEARCH(\".\",D2041)+1)-(LEN(D2041)-(SEARCH(\".\",D2041,SEARCH(\".\",D2041,SEARCH(\".\",D2041)+1)+1)-1)))),\"\")","v":""},"22.3",{"$f":"IF($G2041=\"SINAPI\",VLOOKUP($F2041,DADOS_SINAPI,2,0),IF(G2041=\"SETOP\",VLOOKUP($F2041,DADOS_SETOP,2,0),IF(G2041=\"CPU\",VLOOKUP($F2041,DADOS_COMPOSICAO,2,0),IF(G2041=\"SICRO\",VLOOKUP($F2041,DADOS_SICRO,2,0),IF(G2041=\"SUDECAP\",VLOOKUP(F2041,DADOS_SUDECAP,2,0),IF(G2041=\"COTAÇÃO\",VLOOKUP($F2041,DADOS_COTACAO,2,0),\"\"))))))","v":"FERTILIZANTE NPK -  10:10:10"},44539,"SINAPI",{"$f":"IF(G2041=\"SINAPI\",VLOOKUP($F2041,DADOS_SINAPI,3,0),IF(G2041=\"SETOP\",VLOOKUP($F2041,DADOS_SETOP,3,0),IF(G2041=\"CPU\",VLOOKUP($F2041,DADOS_COMPOSICAO,10,0),IF(G2041=\"SICRO\",VLOOKUP($F2041,DADOS_SICRO,3,0),IF(G2041=\"SUDECAP\",VLOOKUP(F2041,DADOS_SUDECAP,3,0),IF(G2041=\"COTAÇÃO\",VLOOKUP($F2041,DADOS_COTACAO,9,0),\"\"))))))","v":"KG"},{"$f":"F2045","v":24},{"$f":"TRUNC(IF(G2041=\"SINAPI\",VLOOKUP($F2041,DADOS_SINAPI,4,0),IF(G2041=\"SETOP\",VLOOKUP($F2041,DADOS_SETOP,4,0),IF(G2041=\"CPU\",VLOOKUP($F2041,DADOS_COMPOSICAO,13,0),IF(G2041=\"SICRO\",VLOOKUP($F2041,DADOS_SICRO,4,0),IF(G2041=\"SUDECAP\",VLOOKUP(F2041,DADOS_SUDECAP,4,0),IF(G2041=\"COTAÇÃO\",VLOOKUP(F2041,DADOS_COTACAO,12,0),\"\")))))),2)","v":3},"BDI 1",{"$f":"TRUNC(J2041*(1+$N$17),2)","v":3.79},{"$f":"IFERROR(TRUNC(I2041*J2041,2),\"\")","v":72},{"$f":"IFERROR(TRUNC(L2041*I2041,2),\"\")","v":90.96}]
[2000]
[2000,null,null,null,"Quantidade",{"$f":"F2032","v":80},"un"]
[2000,null,null,null,"Coeficiente",0.3,"kg/un"]
[2000,null,null,null,"Total",{"$f":"F2043*F2044","v":24},"kg"]
[2000]
[{"$f":"IFERROR(LEFT(D2047,SEARCH(\".\",D2047)-1),\"\")","v":"22"},{"$f":"IFERROR(LEFT(RIGHT(D2047,LEN(D2047)-SEARCH(\".\",D2047)),SEARCH(\".\",RIGHT(D2047,LEN(D2047)-SEARCH(\".\",D2047)))-1),\"\")","v":""},{"$f":"IFERROR(IF(LEN(D2047)-LEN(SUBSTITUTE(D2047,\".\",\"\"))<>3,\"\",MID(D2047,SEARCH(\".\",D2047,SEARCH(\".\",D2047)+1)+1,LEN(D2047)-SEARCH(\".\",D2047,SEARCH(\".\",D2047)+1)-(LEN(D2047)-(SEARCH(\".\",D2047,SEARCH(\".\",D2047,SEARCH(\".\",D2047)+1)+1)-1)))),\"\")","v":""},"22.4",{"$f":"IF($G2047=\"SINAPI\",VLOOKUP($F2047,DADOS_SINAPI,2,0),IF(G2047=\"SETOP\",VLOOKUP($F2047,DADOS_SETOP,2,0),IF(G2047=\"CPU\",VLOOKUP($F2047,DADOS_COMPOSICAO,2,0),IF(G2047=\"SICRO\",VLOOKUP($F2047,DADOS_SICRO,2,0),IF(G2047=\"SUDECAP\",VLOOKUP(F2047,DADOS_SUDECAP,2,0),IF(G2047=\"COTAÇÃO\",VLOOKUP($F2047,DADOS_COTACAO,2,0),\"\"))))))","v":"APLICAÇÃO DE FERTILIZANTE EM SOLO"},"DAC-22.1","CPU",{"$f":"IF(G2047=\"SINAPI\",VLOOKUP($F2047,DADOS_SINAPI,3,0),IF(G2047=\"SETOP\",VLOOKUP($F2047,DADOS_SETOP,3,0),IF(G2047=\"CPU\",VLOOKUP($F2047,DADOS_COMPOSICAO,10,0),IF(G2047=\"SICRO\",VLOOKUP($F2047,DADOS_SICRO,3,0),IF(G2047=\"SUDECAP\",VLOOKUP(F2047,DADOS_SUDECAP,3,0),IF(G2047=\"COTAÇÃO\",VLOOKUP($F2047,DADOS_COTACAO,9,0),\"\"))))))","v":"M2    "},{"$f":"F2051","v":7.1999999999999993},{"$f":"TRUNC(IF(G2047=\"SINAPI\",VLOOKUP($F2047,DADOS_SINAPI,4,0),IF(G2047=\"SETOP\",VLOOKUP($F2047,DADOS_SETOP,4,0),IF(G2047=\"CPU\",VLOOKUP($F2047,DADOS_COMPOSICAO,13,0),IF(G2047=\"SICRO\",VLOOKUP($F2047,DADOS_SICRO,4,0),IF(G2047=\"SUDECAP\",VLOOKUP(F2047,DADOS_SUDECAP,4,0),IF(G2047=\"COTAÇÃO\",VLOOKUP(F2047,DADOS_COTACAO,12,0),\"\")))))),2)","v":1.44},"BDI 1",{"$f":"TRUNC(J2047*(1+$N$17),2)","v":1.82},{"$f":"IFERROR(TRUNC(I2047*J2047,2),\"\")","v":10.36},{"$f":"IFERROR(TRUNC(L2047*I2047,2),\"\")","v":13.1}]
[2000]
[2000,null,null,null,"Cova (30x30)",{"$f":"0.3*0.3","v":0.09},"m²"]
[2000,null,null,null,"Quantidade",{"$f":"F2038","v":80},"un"]
[2000,null,null,null,"Total",{"$f":"F2049*F2050","v":7.1999999999999993},"kg"]
[2000]
[1000,null,null,23,"LAUDOS CAUTELARES",null,null,null,null,null,null,null,{"$f":"SUMIF(A:A,D2053,M:M)","v":729.66},{"$f":"SUMIF(A:A,D2053,N:N)","v":923.16}]
[{"$f":"IFERROR(LEFT(D2054,SEARCH(\".\",D2054)-1),\"\")","v":"23"},{"$f":"IFERROR(LEFT(RIGHT(D2054,LEN(D2054)-SEARCH(\".\",D2054)),SEARCH(\".\",RIGHT(D2054,LEN(D2054)-SEARCH(\".\",D2054)))-1),\"\")","v":""},{"$f":"IFERROR(IF(LEN(D2054)-LEN(SUBSTITUTE(D2054,\".\",\"\"))<>3,\"\",MID(D2054,SEARCH(\".\",D2054,SEARCH(\".\",D2054)+1)+1,LEN(D2054)-SEARCH(\".\",D2054,SEARCH(\".\",D2054)+1)-(LEN(D2054)-(SEARCH(\".\",D2054,SEARCH(\".\",D2054,SEARCH(\".\",D2054)+1)+1)-1)))),\"\")","v":""},"23.1",{"$f":"IF($G2054=\"SINAPI\",VLOOKUP($F2054,DADOS_SINAPI,2,0),IF(G2054=\"SETOP\",VLOOKUP($F2054,DADOS_SETOP,2,0),IF(G2054=\"CPU\",VLOOKUP($F2054,DADOS_COMPOSICAO,2,0),IF(G2054=\"SICRO\",VLOOKUP($F2054,DADOS_SICRO,2,0),IF(G2054=\"SUDECAP\",VLOOKUP(F2054,DADOS_SUDECAP,2,0),IF(G2054=\"COTAÇÃO\",VLOOKUP($F2054,DADOS_COTACAO,2,0),\"\"))))))","v":"LAUDO CAUTELAR - EDIFICAÇÕES RESIDENCIAIS"},{"$f":"CPU!A265","v":"DAC-23.1"},"CPU",{"$f":"IF(G2054=\"SINAPI\",VLOOKUP($F2054,DADOS_SINAPI,3,0),IF(G2054=\"SETOP\",VLOOKUP($F2054,DADOS_SETOP,3,0),IF(G2054=\"CPU\",VLOOKUP($F2054,DADOS_COMPOSICAO,10,0),IF(G2054=\"SICRO\",VLOOKUP($F2054,DADOS_SICRO,3,0),IF(G2054=\"SUDECAP\",VLOOKUP(F2054,DADOS_SUDECAP,3,0),IF(G2054=\"COTAÇÃO\",VLOOKUP($F2054,DADOS_COTACAO,9,0),\"\"))))))","v":"UN"},{"$f":"F2056","v":1},{"$f":"TRUNC(IF(G2054=\"SINAPI\",VLOOKUP($F2054,DADOS_SINAPI,4,0),IF(G2054=\"SETOP\",VLOOKUP($F2054,DADOS_SETOP,4,0),IF(G2054=\"CPU\",VLOOKUP($F2054,DADOS_COMPOSICAO,13,0),IF(G2054=\"SICRO\",VLOOKUP($F2054,DADOS_SICRO,4,0),IF(G2054=\"SUDECAP\",VLOOKUP(F2054,DADOS_SUDECAP,4,0),IF(G2054=\"COTAÇÃO\",VLOOKUP(F2054,DADOS_COTACAO,12,0),\"\")))))),2)","v":729.66},"BDI 1",{"$f":"TRUNC(J2054*(1+$N$17),2)","v":923.16},{"$f":"IFERROR(TRUNC(I2054*J2054,2),\"\")","v":729.66},{"$f":"IFERROR(TRUNC(L2054*I2054,2),\"\")","v":923.16}]
[2000]
[2000,null,null,null,"Total",1,"un "]
[2000]
[1000,null,null,24,"SERVIÇOS FINAIS",null,null,null,null,null,null,null,{"$f":"SUMIF(A:A,D2058,M:M)","v":2643.25},{"$f":"SUMIF(A:A,D2058,N:N)","v":3341.72}]
[{"$f":"IFERROR(LEFT(D2059,SEARCH(\".\",D2059)-1),\"\")","v":"24"},{"$f":"IFERROR(LEFT(RIGHT(D2059,LEN(D2059)-SEARCH(\".\",D2059)),SEARCH(\".\",RIGHT(D2059,LEN(D2059)-SEARCH(\".\",D2059)))-1),\"\")","v":""},{"$f":"IFERROR(IF(LEN(D2059)-LEN(SUBSTITUTE(D2059,\".\",\"\"))<>3,\"\",MID(D2059,SEARCH(\".\",D2059,SEARCH(\".\",D2059)+1)+1,LEN(D2059)-SEARCH(\".\",D2059,SEARCH(\".\",D2059)+1)-(LEN(D2059)-(SEARCH(\".\",D2059,SEARCH(\".\",D2059,SEARCH(\".\",D2059)+1)+1)-1)))),\"\")","v":""},"24.1",{"$f":"IF($G2059=\"SINAPI\",VLOOKUP($F2059,DADOS_SINAPI,2,0),IF(G2059=\"SETOP\",VLOOKUP($F2059,DADOS_SETOP,2,0),IF(G2059=\"CPU\",VLOOKUP($F2059,DADOS_COMPOSICAO,2,0),IF(G2059=\"SICRO\",VLOOKUP($F2059,DADOS_SICRO,2,0),IF(G2059=\"SUDECAP\",VLOOKUP(F2059,DADOS_SUDECAP,2,0),IF(G2059=\"COTAÇÃO\",VLOOKUP($F2059,DADOS_COTACAO,2,0),\"\"))))))","v":"LIMPEZA FINAL PARA ENTREGA DA OBRA"},"ED-50266","SETOP",{"$f":"IF(G2059=\"SINAPI\",VLOOKUP($F2059,DADOS_SINAPI,3,0),IF(G2059=\"SETOP\",VLOOKUP($F2059,DADOS_SETOP,3,0),IF(G2059=\"CPU\",VLOOKUP($F2059,DADOS_COMPOSICAO,10,0),IF(G2059=\"SICRO\",VLOOKUP($F2059,DADOS_SICRO,3,0),IF(G2059=\"SUDECAP\",VLOOKUP(F2059,DADOS_SUDECAP,3,0),IF(G2059=\"COTAÇÃO\",VLOOKUP($F2059,DADOS_COTACAO,9,0),\"\"))))))","v":"m2"},{"$f":"F2065","v":342.39},{"$f":"TRUNC(IF(G2059=\"SINAPI\",VLOOKUP($F2059,DADOS_SINAPI,4,0),IF(G2059=\"SETOP\",VLOOKUP($F2059,DADOS_SETOP,4,0),IF(G2059=\"CPU\",VLOOKUP($F2059,DADOS_COMPOSICAO,13,0),IF(G2059=\"SICRO\",VLOOKUP($F2059,DADOS_SICRO,4,0),IF(G2059=\"SUDECAP\",VLOOKUP(F2059,DADOS_SUDECAP,4,0),IF(G2059=\"COTAÇÃO\",VLOOKUP(F2059,DADOS_COTACAO,12,0),\"\")))))),2)","v":7.72},"BDI 1",{"$f":"TRUNC(J2059*(1+$N$17),2)","v":9.76},{"$f":"IFERROR(TRUNC(I2059*J2059,2),\"\")","v":2643.25},{"$f":"IFERROR(TRUNC(L2059*I2059,2),\"\")","v":3341.72}]
[2000]
[2000,null,null,null,"Área Salas de Aula",147.19999999999999,"m²"]
[2000,null,null,null,"Área Cozinha",103.24,"m²"]
[2000,null,null,null,"Área Banheiros",67.47,"m²"]
[2000,null,null,null,"Área Reservatório",24.48,"m²"]
[2000,null,null,null,"Total",{"$f":"SUM(F2061:F2064)","v":342.39},"m²"]
[2000]
[null,null,null,"TOTAL INCLUINDO ADMINISTRAÇÃO",null,null,null,null,null,null,null,null,{"$f":"IFERROR(SUMIF(A:A,1000,M:M),\"\")","v":1558649.5499999996}]
[null,null,null,"BDI",null,null,null,null,null,null,null,null,{"$f":"IFERROR(M2069-M2067,\"\")","v":413185.40000000014}]
[null,null,null,"TOTAL GERAL",null,null,null,null,null,null,null,null,{"$f":"IFERROR(SUMIF(A:A,1000,N:N),\"\")","v":1971834.9499999997}]
[]
[]
[]
[]
[]
[]
[null,null,null,null,"RESPONSÁVEL TÉCNICO:",{"$f":"DADOS!D16","v":"ALOISIO CAETANO FERREIRA"}]
[null,null,null,null,null,{"$f":"DADOS!D18","v":"CREA -  MG 97.132/D"}]

{"sheet":"ABC","index":4,"n_rows":426,"n_cols":9,"rows_kept":426,"cut":false,"hidden":false,"merged":[[424,3,424,5],[425,3,425,5],[1,0,2,6],[4,7,6,8],[4,0,8,1],[10,0,10,8],[415,7,415,8],[416,7,416,8],[417,7,417,8],[415,0,415,6],[416,0,416,6],[417,0,417,6]]}
[]
["CURVA ABC DE SERVIÇOS",null,null,null,null,null,null,"Revisão:",{"$f":"DADOS!D6","v":"R01"}]
[null,null,null,null,null,null,null,"Data: ",{"$f":"DADOS!D2","v":"2025-04-04"}]
["Projeto:",null,"Responsável:","Cliente:",null,null,null,"Bancos:"]
[{"$f":"DADOS!D8","v":"AMPLIAÇÃO DO C.E.I.M. MARILISA LOPES DE OLIVEIRA"},null,null,null,null,null,null,{"$f":"DADOS!D14","v":"SINAPI: 02/2025 Minas Gerais\nSETOP: 10/2024 Minas Gerais\nSICRO : 10/2024 Minas Gerais\nSUDECAP: 10/2024 Minas Gerais"}]
[]
[]
[null,null,null,null,null,null,null,"BDI 1:",{"$f":"DADOS!D10","v":0.26519999999999999}]
[null,null,null,null,null,null,null,"BDI 2:",{"$f":"DADOS!D12","v":"-"}]
[]
[{"$f":"A2&\" DE \"&DADOS!D20&\" - \"&A5","v":"CURVA ABC DE SERVIÇOS DE PROJETO EXECUTIVO - AMPLIAÇÃO DO C.E.I.M. MARILISA LOPES DE OLIVEIRA"}]
[]
["Código","Banco","Descrição","Unidade","Quantidade","Valor Unitário","Total","Peso (%)","Peso Acumulado (%)"]
[]
["ED-48298","SETOP","CORTE, DOBRA E MONTAGEM DE AÇO CA-50/60, INCLUSIVE ESPAÇADOR","Kg",4913.9999999999991,17.239999999999998,84717.37,4.2963722699001797E-2,4.2963722699001797E-2]
[103318,"SINAPI","ALVENARIA DE VEDAÇÃO DE BLOCOS VAZADOS DE CONCRETO DE 14X19X39 CM (ESPESSURA 14 CM)  E ARGAMASSA DE ASSENTAMENTO COM PREPARO EM BETONEIRA. AF_12/2021","M2",554.54,130.22999999999999,72217.740000000005,3.6624637371398691E-2,7.9588360070400488E-2]
["COT-HID-002","COTAÇÃO","RESERVATÓRIO TIPO TAÇA, COLUNA SECA, 35.000 LITROS - FORNECIMENTO E INSTALAÇÃO","UN ",1,69839.039999999994,69839.039999999994,3.5418299082283763E-2,0.11500665915268425]
["DAC-10.1","CPU","EXECUÇÃO DE PASSEIO (CALÇADA) OU PISO DE CONCRETO COM CONCRETO MOLDADO IN LOCO, USINADO, ACABAMENTO CONVENCIONAL, ESPESSURA 10 CM, ARMADO","M2",433.05999999999995,158.46,68622.69,3.4801437108110927E-2,0.14980809626079516]
["DAC-5.2","CPU","ESTACA DO TIPO STRAUSS, COM DIÂMETRO DE 32CM, CONCRETO C-20, ARMAÇÃO, MOBILIZAÇÃO E DESMOBILIZAÇÃO","M",336,198.58,66722.880000000005,3.3837963973607457E-2,0.18364606023440261]
["DAC-15.2","CPU","CANALETA DE CONCRETO ARMADO 0,30 X 0,20M - INCLUSIVE GRELHA EM FERRO FUNDIDO","M",97.04,564.53,54781.99,2.7782239076348681E-2,0.2114282993107513]
[87779,"SINAPI","EMBOÇO OU MASSA ÚNICA EM ARGAMASSA TRAÇO 1:2:8, PREPARO MECÂNICO COM BETONEIRA 400 L, APLICADA MANUALMENTE EM PANOS DE FACHADA COM PRESENÇA DE VÃOS, ESPESSURA DE 35 MM. AF_08/2022","M2",550.62,90.67,49924.72,2.5318914242797069E-2,0.23674721355354836]
[92450,"SINAPI","MONTAGEM E DESMONTAGEM DE FÔRMA DE VIGA, ESCORAMENTO METÁLICO, PÉ-DIREITO DUPLO, EM CHAPA DE MADEIRA RESINADA, 2 UTILIZAÇÕES. AF_09/2020","M2",117.39000000000001,376.37,44182.07,2.2406576169065284E-2,0.25915378972261366]
[94440,"SINAPI","TELHAMENTO COM TELHA CERÂMICA DE ENCAIXE, TIPO FRANCESA, COM ATÉ 2 ÁGUAS, INCLUSO TRANSPORTE VERTICAL. AF_07/2019","M2",470.88299999999992,85.08,40062.47,2.0317354654860963E-2,0.27947114437747461]
[92569,"SINAPI","TRAMA DE AÇO COMPOSTA POR RIPAS E CAIBROS PARA TELHADOS DE ATÉ 2 ÁGUAS PARA TELHA DE ENCAIXE DE CERÂMICA OU DE CONCRETO, INCLUSO TRANSPORTE VERTICAL. AF_07/2019","M2",470.88299999999992,82.16,38687.5,1.9620049842406957E-2,0.29909119421988156]
["ED-29484","SETOP","JANELA EM ALUMÍNIO DE CORRER COM 2 FOLHAS, LINHA 25/SUPREMA, ACABAMENTO ANODIZADO NATURAL, INCLUSIVE PERFIS, VIDRO 4MM E INSTALAÇÃO, EXCLUSIVE FERRAGENS PARA JANELA DE ALUMÍNIO DE CORRER","m2",34.5,1107.69,38215.31,1.9380582538107476E-2,0.31847177675798904]
["ED-50754","SETOP","REVESTIMENTO COM PORCELANATO APLICADO EM PISO, ACABAMENTO POLÍDO, AMBIENTE INTERNO, PADRÃO EXTRA, BORDA RETIFICADA, DIMENSÃO DA PEÇA (60X60)CM, ASSENTAMENTO COM ARGAMASSA INDUSTRIALIZADA, INCLUSIVE REJUNTAMENTO","m2",283.20999999999998,129.66999999999999,36723.839999999997,1.86241957015723E-2,0.33709597245956135]
["ED-29823","SETOP","TAPUME FIXO DE PROTEÇÃO PARA FECHAMENTO DE OBRA EM TELHA METÁLICA GALVANIZADA, TIPO TRAPEZOIDAL, ESP. 0,5MM, COM MÓDULO NA DIMENSÃO DE (300X220)CM, COM REAPROVEITAMENTO, EXCLUSIVE PINTURA ESMALTE, INCLUSIVE PONTALETE E FIXAÇÃO","m2",463.65,77.650000000000006,36002.42,1.8258333437086115E-2,0.35535430589664746]
[92446,"SINAPI","MONTAGEM E DESMONTAGEM DE FÔRMA DE VIGA, ESCORAMENTO COM PONTALETE DE MADEIRA, PÉ-DIREITO SIMPLES, EM MADEIRA SERRADA, 1 UTILIZAÇÃO. AF_09/2020","M2",79.02000000000001,444.33,35110.959999999999,1.7806236774533298E-2,0.37316054267118076]
["ED-9081","SETOP","REVESTIMENTO COM CERÂMICA APLICADO EM PAREDE, ACABAMENTO ESMALTADO, AMBIENTE INTERNO/EXTERNO, PADRÃO EXTRA, DIMENSÃO DA PEÇA ATÉ 2025 CM2, PEI III, ASSENTAMENTO COM ARGAMASSA INDUSTRIALIZADA, INCLUSIVE REJUNTAMENTO","m2",383.11,90.39,34629.31,1.7561971908450061E-2,0.39072251457963081]
["ED-49806","SETOP","FORNECIMENTO DE CONCRETO ESTRUTURAL, USINADO BOMBEADO, COM FCK 30MPA, INCLUSIVE LANÇAMENTO, ADENSAMENTO E ACABAMENTO (FUNDAÇÃO)","m3",35.159999999999997,929.07,32666.09,1.6566340910023947E-2,0.40728885548965477]
[87529,"SINAPI","MASSA ÚNICA, EM ARGAMASSA TRAÇO 1:2:8, PREPARO MECÂNICO, APLICADA MANUALMENTE EM PAREDES INTERNAS DE AMBIENTES COM ÁREA ENTRE 5M² E 10M², E = 17,5MM, COM TALISCAS. AF_03/2024","M2",661.91,47.02,31123.01,1.5783780483249892E-2,0.42307263597290468]
["ED-49810","SETOP","FÔRMA E DESFORMA PARA VIGA-CINTA/BLOCO COM TÁBUA E SARRAFO, REAPROVEITAMENTO (3X) (FUNDAÇÃO)","m2",346.17999999999995,88.65,30688.86,1.5563604854452968E-2,0.43863624082735764]
[94229,"SINAPI","CALHA EM CHAPA DE AÇO GALVANIZADO NÚMERO 24, DESENVOLVIMENTO DE 100 CM, INCLUSO TRANSPORTE VERTICAL. AF_07/2019","M",115.16,247.81,28537.8,1.4472712333250825E-2,0.45310895316060845]
["ED-51096","SETOP","COMPACTAÇÃO MECANIZADA DE ATERRO COM PLACA VIBRATÓRIA, INCLUSIVE ESPALHAMENTO MANUAL","m3",429.5,64.47,27689.87,1.4042691554889025E-2,0.46715164471549747]
["DAC-14.1","CPU","BANCADA EM AÇO INOX COM RODABANCA","M2",9.2999999999999989,2646.1,24608.73,1.2480116553365696E-2,0.47963176126886314]
["DAC-5.4","CPU","LAJE TRELIÇADA H=12 CM - INCLUSO MONTAGEM E FORNECIMENTO DE TODOS OS MATERIAIS","M2",131.66,186.08,24499.29,1.2424614950658027E-2,0.4920563762195212]
["DAC-5.5","CPU","LAJE TRELIÇADA H=16 CM - INCLUSO MONTAGEM E FORNECIMENTO DE TODOS OS MATERIAIS","M2",117.69,205.06,24133.51,1.2239112609298268E-2,0.50429548882881947]
["ED-49639","SETOP","FORNECIMENTO DE CONCRETO ESTRUTURAL, USINADO BOMBEADO, COM FCK 30MPA, INCLUSIVE LANÇAMENTO, ADENSAMENTO E ACABAMENTO","m3",24.72,947.68,23426.639999999999,1.188062925854926E-2,0.51617611808736874]
["ED-51017","SETOP","ATERRAMENTO COMPLETO PARA PARA-RAIOS, COM HASTE DE COBRE DE ALTA CAMADA, TIPO COPPERWELD, DIÂMETRO DE 3/4\", COMPRIMENTO DE 240CM, EXCLUSIVE CABO, INCLUSIVE CAIXA DE INSPEÇÃO COM TAMPA EM FERRO FUNDIDO E GRAMPO PARA HASTE","un",16,1453.84,23261.439999999999,1.1796849426976643E-2,0.52797296751434541]
[6077,"SINAPI","ARGILA OU BARRO PARA ATERRO/REATERRO (RETIRADO NA JAZIDA, SEM TRANSPORTE)","M3",477.22222222222223,47.25,22548.65,1.1435363796549006E-2,0.53940833131089438]
["DAC-15.1","CPU","CANALETA DE CONCRETO ARMADO 0,20 X 0,20M - INCLUSIVE GRELHA EM FERRO FUNDIDO","M",56.2,388.84,21852.81,1.1082474220268802E-2,0.55049080553116314]
[95875,"SINAPI","TRANSPORTE COM CAMINHÃO BASCULANTE DE 10 M³, EM VIA URBANA PAVIMENTADA, DMT ATÉ 30 KM (UNIDADE: M3XKM). AF_07/2020","M3XKM",6762.3121111111104,3.2,21639.39,1.097424000928679E-2,0.56146504554044996]
[98555,"SINAPI","IMPERMEABILIZAÇÃO DE SUPERFÍCIE COM ARGAMASSA POLIMÉRICA / MEMBRANA ACRÍLICA, 3 DEMÃOS. AF_09/2023","M2",539.505,38.950000000000003,21013.91,1.0657032932700589E-2,0.57212207847315055]
["ED-13935","SETOP","CABO DE COBRE NU #50 MM2 - 7 FIOSX3,00MM, PARA ELEMENTOS DE CAPTAÇÃO/ANEL DE CINTAMENTO (SPDA), INCLUSIVE PRESILHA DE FIXAÇÃO","m",257.3,76.34,19642.28,9.96142197398419E-3,0.58208350044713475]
["ED-51131","SETOP","CARGA MANUAL DE MATERIAL DE QUALQUER NATUREZA SOBRE CAMINHÃO, EXCLUSIVE TRANSPORTE","m3",365.84045999999995,52.98,19382.199999999997,9.8295245248594537E-3,0.59191302497199416]
["ED-50155","SETOP","LOCAÇÃO DE BANHEIRO QUÍMICO, DIMENSÃO (110X120X230)CM, LINHA PADRÃO, CONTENDO UMA (1) PIA/HIGIENIZADOR DE MÃOS, INCLUSIVE MANUTENÇÃO E MOBILIZAÇÃO/DESMOBILIZAÇÃO","mês",16,1138.68,18218.88,9.2395562823348962E-3,0.60115258125432902]
[92990,"SINAPI","CABO DE COBRE FLEXÍVEL ISOLADO, 70 MM², ANTI-CHAMA 0,6/1,0 KV, PARA REDE ENTERRADA DE DISTRIBUIÇÃO DE ENERGIA ELÉTRICA - FORNECIMENTO E INSTALAÇÃO. AF_12/2021","M",183.36,97.49,17875.77,9.0655508464336804E-3,0.6102181321007627]
[99059,"SINAPI","LOCAÇÃO CONVENCIONAL DE OBRA, UTILIZANDO GABARITO DE TÁBUAS CORRIDAS PONTALETADAS A CADA 2,00M -  2 UTILIZAÇÕES. AF_03/2024","M",202.15,88.42,17874.099999999999,9.0647039195648777E-3,0.61928283602032763]
[92415,"SINAPI","MONTAGEM E DESMONTAGEM DE FÔRMA DE PILARES RETANGULARES E ESTRUTURAS SIMILARES, PÉ-DIREITO SIMPLES, EM CHAPA DE MADEIRA COMPENSADA RESINADA, 2 UTILIZAÇÕES. AF_09/2020","M2",98.899999999999991,178.6,17663.54,8.9579201342384236E-3,0.62824075615456609]
[92261,"SINAPI","INSTALAÇÃO DE TESOURA (INTEIRA OU MEIA), BIAPOIADA, EM MADEIRA NÃO APARELHADA, PARA VÃOS MAIORES OU IGUAIS A 8,0 M E MENORES QUE 10,0 M, INCLUSO IÇAMENTO. AF_07/2019","UN",20,880.99,17619.8,8.9357377502615083E-3,0.63717649390482756]
["ED-48533","SETOP","DIVISÓRIA EM GRANITO CINZA ANDORINHA, ESP. 3CM, INCLUSIVE INSTALAÇÃO, FERRAGENS EM LATÃO CROMADO E ACESSÓRIOS","m2",21.05,833.12,17537.18,8.8938376916384478E-3,0.64607033159646599]
[87630,"SINAPI","CONTRAPISO EM ARGAMASSA TRAÇO 1:4 (CIMENTO E AREIA), PREPARO MECÂNICO COM BETONEIRA 400 L, APLICADO EM ÁREAS SECAS SOBRE LAJE, ADERIDO, ACABAMENTO NÃO REFORÇADO, ESPESSURA 3CM. AF_07/2021","M2",330.45,51.45,17001.650000000001,8.6222480233449639E-3,0.65469257961981098]
["COT-ARQ-001","COTAÇÃO","COBERTURA DE POLICARBONATO 2,00 MM, INCLUSIVE ESTRUTURA METÁLICA, CALHAS E PINTURA","M2",20.100000000000001,842.53,16934.849999999999,8.5883709485928394E-3,0.66328095056840386]
["ED-50474","SETOP","EMASSAMENTO EM PAREDE COM MASSA ACRÍLICA, DUAS (2) DEMÃOS, INCLUSIVE LIXAMENTO PARA PINTURA","m2",550.62,29.61,16303.86,8.2683695204814247E-3,0.67154932008888524]
[92417,"SINAPI","MONTAGEM E DESMONTAGEM DE FÔRMA DE PILARES RETANGULARES E ESTRUTURAS SIMILARES, PÉ-DIREITO DUPLO, EM CHAPA DE MADEIRA COMPENSADA RESINADA, 2 UTILIZAÇÕES. AF_09/2020","M2",76.91,208.4,16028.04,8.1284896588327618E-3,0.67967780974771796]
["ED-13338","SETOP","LUMINÁRIA COMERCIAL CHANFRADA DE SOBREPOR COMPLETA, PARA DUAS (2) LÂMPADAS TUBULARES LED 2X18W-ØT8, TEMPERATURA DA COR 6500K, FORNECIMENTO E INSTALAÇÃO, INCLUSIVE BASE E LÂMPADAS","un",68,218.57,14862.76,7.5375274183064932E-3,0.68721533716602445]
["DAC-5.3","CPU","ESTACA DO TIPO BROCA MANUAL, COM DIÂMETRO DE 25CM, CONCRETO C-20, COM ARMAÇÃO","M",91,152.62,13888.42,7.0433988402528371E-3,0.6942587360062773]
["DAC-5.1","CPU","ESTACA DO TIPO ESCAVADA COM TRADO MECÂNICO, SEM FLUIDO ESTABILIZANTE, COM DIÂMETRO DE 30CM, CONCRETO C-25 LANÇADO POR CAMINHÃO BETONEIRA (EXCLUSIVE MOBILIZAÇÃO E DESMOBILIZAÇÃO) ","M",81,169.48,13727.88,6.9619822896434666E-3,0.70122071829592081]
[93202,"SINAPI","FIXAÇÃO (ENCUNHAMENTO) DE ALVENARIA DE VEDAÇÃO COM TIJOLO MACIÇO. AF_03/2024","M",352.15999999999997,34.840000000000003,12269.25,6.2222499910552908E-3,0.70744296828697606]
[91834,"SINAPI","ELETRODUTO FLEXÍVEL CORRUGADO, PVC, DN 25 MM (3/4\"), PARA CIRCUITOS TERMINAIS, INSTALADO EM FORRO - FORNECIMENTO E INSTALAÇÃO. AF_03/2023","M",504.91,22.55,11385.72,5.7741749632746944E-3,0.71321714325025076]
[98680,"SINAPI","PISO CIMENTADO, TRAÇO 1:3 (CIMENTO E AREIA), ACABAMENTO LISO, ESPESSURA 3,0 CM, PREPARO MECÂNICO DA ARGAMASSA. AF_09/2020","M2",177.01,63.65,11266.69,5.7138098703443767E-3,0.71893095312059518]
[95626,"SINAPI","APLICAÇÃO MANUAL DE TINTA LÁTEX ACRÍLICA EM PAREDE EXTERNAS DE CASAS, DUAS DEMÃOS. AF_03/2024","M2",550.62,20.25,11150.06,5.6546619178243131E-3,0.72458561503841945]
["DAC-5.6","CPU","LAJE TRELIÇADA H=20 CM - INCLUSO MONTAGEM E FORNECIMENTO DE TODOS OS MATERIAIS","M2",38.15,282.24,10767.46,5.4606294507560122E-3,0.73004624448917543]
["ED-48245","SETOP","MONTAGEM E DESMONTAGEM DE ANDAIME METÁLICO PARA FACHADA COM PISO METÁLICO, INCLUSIVE RODAPÉ/GUARDA-CORPO EM MADEIRA, EXCLUSIVE FORNECIMENTO DO ANDAIME","m2",551,19.190000000000001,10573.69,5.3623605768829737E-3,0.73540860506605843]
[93358,"SINAPI","ESCAVAÇÃO MANUAL DE VALA. AF_09/2024","M3",98.676199999999994,104.69,10330.81,5.2391859673650721E-3,0.74064779103342349]
[87745,"SINAPI","CONTRAPISO EM ARGAMASSA TRAÇO 1:4 (CIMENTO E AREIA), PREPARO MECÂNICO COM BETONEIRA 400 L, APLICADO EM ÁREAS MOLHADAS SOBRE LAJE, ADERIDO, ACABAMENTO NÃO REFORÇADO, ESPESSURA 3CM. AF_07/2021","M2",151.21,67.040000000000006,10137.120000000001,5.1409576648390421E-3,0.7457887486982625]
["ED-9076","SETOP","FORNECIMENTO DE ANDAIME METÁLICO TUBULAR TIPO TORRE (LOCAÇÃO), INCLUSIVE RODÍZIOS, EXCLUSIVE MONTAGEM E DESMONTAGEM","mxmês",360,27.83,10018.799999999999,5.0809526426134231E-3,0.75086970134087594]
[87414,"SINAPI","APLICAÇÃO MANUAL DE GESSO DESEMPENADO (SEM TALISCAS) EM TETO DE AMBIENTES DE ÁREA MAIOR QUE 10M², ESPESSURA DE 1,0CM. AF_03/2023","M2",284.02999999999997,34.35,9756.43,4.9478938386805695E-3,0.75581759517955649]
["ED-51019","SETOP","BARRA CHATA DE ALUMÍNIO 7/8\" X 1/8\" X 3M","U",261,37,9657,4.8974687257673406E-3,0.76071506390532384]
["ED-9075","SETOP","FORNECIMENTO DE ANDAIME METÁLICO PARA FACHADA (LOCAÇÃO), INCLUSIVE PISO METÁLICO E SAPATAS, EXCLUSIVE MONTAGEM E DESMONTAGEM","m2xmês",560,17.079999999999998,9564.7999999999993,4.8507102483400077E-3,0.76556577415366389]
[98510,"SINAPI","PLANTIO DE ÁRVORE ORNAMENTAL COM ALTURA DE MUDA MENOR OU IGUAL A 2,00 M . AF_07/2024","UN",80,115.23,9218.4,4.6750363157930675E-3,0.77024081046945692]
["ED-32098","SETOP","GUARDA-CORPO EXTERNO, ALTURA 130CM, EM TUBO GALVANIZADO, COM COSTURA, DIÂMETRO DE 2\", ESP. 3MM, GRADIL COM DIVISÃO HORIZONTAL EM TUBO GALVANIZADO, COM COSTURA, DIÂMETRO DE 1\", ESP. 3MM, EXCLUSIVE PINTURA","m",10.5,874.62,9183.51,4.6573421370789724E-3,0.77489815260653594]
["ED-19638","SETOP","CIMBRAMENTO PARA LAJE PRÉ-MOLDADA COM ESCORAMENTO METÁLICO, TIPO \"B\", ALTURA DE (311 ATÉ 450)CM, INCLUSIVE DESCARGA, MONTAGEM, DESMONTAGEM E CARGA","m2xmês",287.5,31.84,9154,4.6423763814511998E-3,0.77954052898798709]
["ED-29481","SETOP","JANELA EM ALUMÍNIO MÁXIM-AR COM ALTURA DE 60CM, LINHA 25/SUPREMA, ACABAMENTO ANODIZADO NATURAL, INCLUSIVE PERFIS, VIDRO LISO 4MM E INSTALAÇÃO, EXCLUSIVE FERRAGENS PARA MÓDULO DE JANELA DE ALUMÍNIO MÁXIM-AR","m2",6.96,1295.08,9013.76,4.5712548101452446E-3,0.78411178379813229]
["ED-16350","SETOP","LOCAÇÃO DE CONTAINER COM ISOLAMENTO TÉRMICO, TIPO 3, PARA DEPÓSITO/FERRAMENTARIA DE OBRA, COM MEDIDAS REFERENCIAIS DE (6) METROS COMPRIMENTO, (2,3) METROS LARGURA E (2,5) METROS ALTURA ÚTIL INTERNA, INCLUSIVE LIGAÇÕES ELÉTRICAS INTERNAS, EXCLUSIVE MOBILIZAÇÃO/DESMOBILIZAÇÃO E LIGAÇÕES PROVISÓRIAS EXTERNAS","mês",8,1014.71,8117.68,4.1168151523026846E-3,0.78822859895043496]
[100874,"SINAPI","PUXADOR PARA PCD, FIXADO NA PORTA - FORNECIMENTO E INSTALAÇÃO. AF_01/2020","UN",18,434.38,7818.84,3.9652608855523163E-3,0.79219385983598722]
[98557,"SINAPI","IMPERMEABILIZAÇÃO DE SUPERFÍCIE COM EMULSÃO ASFÁLTICA, 2 DEMÃOS. AF_09/2023","M2",142.35999999999999,52.53,7478.17,3.7924928757348611E-3,0.79598635271172213]
["ED-51094","SETOP","APILOAMENTO MECANIZADO EM FUNDO DE VALA COM PLACA VIBRATÓRIA, EXCLUSIVE ESCAVAÇÃO","m2",433.05999999999995,17.239999999999998,7465.96,3.786300673897684E-3,0.79977265338561987]
["ED-29480","SETOP","PORTA VENEZIANA EM ALUMÍNIO COMPLETA, DIMENSÃO (90X210)CM, TIPO DE ABRIR, COM UMA (1) FOLHA, LINHA 25/SUPREMA, ACABAMENTO ANODIZADO NATURAL, INCLUSIVE PERFIS, FERRAGENS E INSTALAÇÃO","un",3,2473.0100000000002,7419.03,3.7625005074588044E-3,0.80353515389307872]
[91926,"SINAPI","CABO DE COBRE FLEXÍVEL ISOLADO, 2,5 MM², ANTI-CHAMA 450/750 V, PARA CIRCUITOS TERMINAIS - FORNECIMENTO E INSTALAÇÃO. AF_03/2023","M",1345.32,5.49,7385.81,3.745653255613512E-3,0.80728080714869221]
["DAC-19.1","CPU","FIXAÇÃO DE SUPORTE PARA BARRA CHATA ","UN",140,52.42,7338.8,3.7218125178276238E-3,0.81100261966651987]
[105025,"SINAPI","VERGA MOLDADA IN LOCO COM UTILIZAÇÃO DE BLOCOS CANALETA, ESPESSURA DE *15* CM. AF_03/2024","M",94.1,75.84,7136.54,3.6192380097533039E-3,0.81462185767627315]
[86931,"SINAPI","VASO SANITÁRIO SIFONADO COM CAIXA ACOPLADA LOUÇA BRANCA, INCLUSO ENGATE FLEXÍVEL EM PLÁSTICO BRANCO, 1/2  X 40CM - FORNECIMENTO E INSTALAÇÃO. AF_01/2020","UN",11,642.65,7069.15,3.5850617213169923E-3,0.81820691939759016]
[100854,"SINAPI","TORNEIRA CROMADA DE MESA PARA LAVATÓRIO COM SENSOR DE PRESENCA. AF_01/2020","UN",3,2351.85,7055.55,3.5781645923255423E-3,0.82178508398991568]
["ED-29581","SETOP","ARMADURA DE TELA DE AÇO CA-60, SOLDADA TIPO Q-92, DIÂMETRO Ø4,2MM, TRAMA COM DIMENSÃO (150X150)MM, INCLUSIVE ESPAÇADOR, EXCLUSIVE CONCRETO","m2",287.5,24.27,6977.63,3.5386481003392327E-3,0.82532373209025489]
[96622,"SINAPI","LASTRO COM MATERIAL GRANULAR, APLICADO EM PISOS OU LAJES SOBRE SOLO, ESPESSURA DE *5 CM*. AF_01/2024","M3",21.652999999999999,317.77999999999997,6879.9400000000005,3.48910541422344E-3,0.82881283750447832]
["ED-50478","SETOP","EMASSAMENTO EM PAREDE COM MASSA CORRIDA (PVA), DUAS (2) DEMÃOS, INCLUSIVE LIXAMENTO PARA PINTURA","m2",278.8,23.92,6668.9,3.3820782008149339E-3,0.83219491570529325]
["COT-EQUI-001","COTAÇÃO","COIFA INDUSTRIAL PARA FOGÃO - FORNECIMENTO E INSTALAÇÃO","UN ",1,6607.5,6607.5,3.3509396919858864E-3,0.8355458553972791]
["ED-20586","SETOP","ENTRADA DE ENERGIA AÉREA, TIPO C6, PADRÃO CEMIG, CARGA INSTALADA DE 47,1KVA ATÉ 57KVA, TRIFÁSICO, COM SAÍDA SUBTERRÂNEA, INCLUSIVE POSTE, CAIXA PARA MEDIDOR, DISJUNTOR, BARRAMENTO, ATERRAMENTO E ACESSÓRIOS","un",1,6457.32,6457.32,3.2747771308141208E-3,0.83882063252809325]
[91321,"SINAPI","KIT DE PORTA DE MADEIRA PARA PINTURA, SEMI-OCA (LEVE OU MÉDIA), PADRÃO POPULAR, 90X210CM, ESPESSURA DE 3,5CM, ITENS INCLUSOS: DOBRADIÇAS, MONTAGEM E INSTALAÇÃO DO BATENTE, SEM FECHADURA - FORNECIMENTO E INSTALAÇÃO. AF_12/2019","UN",6,1069.58,6417.48,3.254572600003872E-3,0.84207520512809708]
[92260,"SINAPI","INSTALAÇÃO DE TESOURA (INTEIRA OU MEIA), BIAPOIADA, EM MADEIRA NÃO APARELHADA, PARA VÃOS MAIORES OU IGUAIS A 6,0 M E MENORES QUE 8,0 M, INCLUSO IÇAMENTO. AF_07/2019","UN",8,798.97,6391.76,3.2415289119406294E-3,0.84531673404003771]
[86938,"SINAPI","CUBA DE EMBUTIR OVAL EM LOUÇA BRANCA, 35 X 50CM OU EQUIVALENTE, INCLUSO VÁLVULA E SIFÃO TIPO GARRAFA EM METAL CROMADO - FORNECIMENTO E INSTALAÇÃO. AF_01/2020","UN",10,613.57000000000005,6135.7,3.1116701730030728E-3,0.84842840421304078]
["DAC-7.3","CPU","PORTA EM ALUMÍNIO DE ABRIR TIPO VENEZIANA, FIXAÇÃO COM PARAFUSOS - FORNECIMENTO E INSTALAÇÃO.","M2",9.8999999999999986,606.28,6002.17,3.0439515234274577E-3,0.85147235573646829]
[87905,"SINAPI","CHAPISCO APLICADO EM ALVENARIA (COM PRESENÇA DE VÃOS) E ESTRUTURAS DE CONCRETO DE FACHADA, COM COLHER DE PEDREIRO.  ARGAMASSA TRAÇO 1:3 COM PREPARO EM BETONEIRA 400L. AF_10/2022","M2",550.62,10.33,5687.9,2.8845720581228184E-3,0.85435692779459116]
[88488,"SINAPI","PINTURA LÁTEX ACRÍLICA PREMIUM, APLICAÇÃO MANUAL EM TETO, DUAS DEMÃOS. AF_04/2023","M2",285.46999999999997,19.62,5600.92,2.8404608610877926E-3,0.85719738865567896]
[100978,"SINAPI","CARGA, MANOBRA E DESCARGA DE SOLOS E MATERIAIS GRANULARES EM CAMINHÃO BASCULANTE 10 M³ - CARGA COM ESCAVADEIRA HIDRÁULICA (CAÇAMBA DE 1,20 M³ / 155 HP) E DESCARGA LIVRE (UNIDADE: M3). AF_07/2020","M3",620.38888888888891,9,5583.51,2.8316315216950611E-3,0.86002902017737404]
[92986,"SINAPI","CABO DE COBRE FLEXÍVEL ISOLADO, 35 MM², ANTI-CHAMA 0,6/1,0 KV, PARA REDE ENTERRADA DE DISTRIBUIÇÃO DE ENERGIA ELÉTRICA - FORNECIMENTO E INSTALAÇÃO. AF_12/2021","M",101.6,48.52,4929.63,2.5000216169208302E-3,0.8625290417942949]
[102491,"SINAPI","PINTURA DE PISO COM TINTA ACRÍLICA, APLICAÇÃO MANUAL, 2 DEMÃOS, INCLUSO FUNDO PREPARADOR. AF_05/2021","M2",177.01,27.27,4827.0600000000004,2.4480040786375172E-3,0.86497704587293245]
["ED-29817","SETOP","MOBILIZAÇÃO E DESMOBILIZAÇÃO DE EQUIPAMENTO PARA ESTACA TIPO TRADO ROTATIVO (CUSTO FIXO), INCLUSIVE CARGA E DESCARGA, EXCLUSIVE TRANSPORTE EM QUILÔMETRO RODADO (CUSTO VARIÁVEL)","un",1,4727.3900000000003,4727.3900000000003,2.3974572516832632E-3,0.86737450312461573]
["ED-13934","SETOP","CABO DE COBRE NU #35MM2 - 7 FIOSX2,50MM, PARA ELEMENTOS DE CAPTAÇÃO/ANEL DE CINTAMENTO (SPDA), INCLUSIVE PRESILHA DE FIXAÇÃO","m",81.83,56.88,4654.49,2.3604866117217385E-3,0.86973498973633745]
["ED-51121","SETOP","REATERRO MANUAL DE VALA, INCLUSIVE ESPALHAMENTO E COMPACTAÇÃO MECANIZADA COM PLACA VIBRATÓRIA","m3",79.94,57.88,4626.93,2.3465097826772998E-3,0.8720814995190147]
[88489,"SINAPI","PINTURA LÁTEX ACRÍLICA PREMIUM, APLICAÇÃO MANUAL EM PAREDES, DUAS DEMÃOS. AF_04/2023","M2",278.8,16.59,4625.29,2.3456780700636245E-3,0.87442717758907829]
["COT-DAD-006","COTAÇÃO","CAMERA POE","UN ",6,765.44,4592.6400000000003,2.3291198890657682E-3,0.8767562974781441]
["ED-50998","SETOP","PEITORIL DE GRANITO, NA COR CINZA ANDORINHA, COM PINGADEIRA, ESP. 3CM, ACABAMENTO POLIDO, ASSENTAMENTO COM ARGAMASSA INDUSTRIALIZADA, INCLUSIVE REJUNTAMENTO","m2",9.9359999999999999,460,4572.3999999999996,2.3188553382726095E-3,0.87907515281641668]
["ED-9077","SETOP","MONTAGEM E DESMONTAGEM DE ANDAIME METÁLICO TUBULAR TIPO TORRE, EXCLUSIVE FORNECIMENTO DO ANDAIME","m",355,12.76,4529.8,2.2972510959905668E-3,0.88137240391240723]
[105031,"SINAPI","CONTRAVERGA MOLDADA IN LOCO COM UTILIZAÇÃO DE BLOCOS CANALETA, ESPESSURA DE *15* CM. AF_03/2024","M",69.199999999999989,60.83,4209.45,2.1347882083132788E-3,0.88350719212072049]
["DAC-18.2","CPU","MONTAGEM DO HACK E COMPONENTES - ACESSÓRIOS DE CABEAMENTO DO HACK","UN",1,4092.06,4092.06,2.0752548279966351E-3,0.88558244694871713]
["COT-DAD-001","COTAÇÃO","NVR 16 PORTAS","UN ",1,3896.38,3896.38,1.9760173132137675E-3,0.88755846426193086]
[91992,"SINAPI","TOMADA ALTA DE EMBUTIR (1 MÓDULO), 2P+T 10 A, INCLUINDO SUPORTE E PLACA - FORNECIMENTO E INSTALAÇÃO. AF_03/2023","UN",68,56.71,3856.28,1.9556809255257411E-3,0.88951414518745664]
[87879,"SINAPI","CHAPISCO APLICADO EM ALVENARIAS E ESTRUTURAS DE CONCRETO INTERNAS, COM COLHER DE PEDREIRO.  ARGAMASSA TRAÇO 1:3 COM PREPARO EM BETONEIRA 400L. AF_10/2022","M2",661.91,5.7,3772.89,1.913390367687723E-3,0.89142753555514431]
["ED-49197","SETOP","CAIXA DE INSPEÇÃO EM CONCRETO, TIPO \"ZA\" PASSEIO, PADRÃO CEMIG, DIMENSÃO (28X28)CM, ALTURA 40CM, COM TAMPA E ARO ARTICULADO EM FERRO FUNDIDO, INCLUSIVE ESCAVAÇÃO, APILOAMENTO, LASTRO DE BRITA, REATERRO E TRANSPORTE COM RETIRADA DO MATERIAL ESCAVADO (EM CAÇAMBA)","un",14,268.32,3756.48,1.9050681701325981E-3,0.8933326037252769]
[88415,"SINAPI","APLICAÇÃO MANUAL DE FUNDO SELADOR ACRÍLICO EM PAREDES EXTERNAS DE CASAS. AF_03/2024","M2",550.62,6.74,3711.18,1.8820946448890171E-3,0.89521469837016587]
["ED-49297","SETOP","DUTO CORRUGADO EM PEAD (POLIETILENO DE ALTA DENSIDADE), PARA PROTEÇÃO DE CABOS SUBTERRÂNEOS DN 75 MM (3\")","M",61.21,60,3672.6,1.8625291127941531E-3,0.89707722748296004]
["DAC-7.1","CPU","PORTA EM ALUMÍNIO DE CORRER COM FOLHA ÚNICA (90X210)CM COMPLETA, LINHA 25/SUPREMA, ACABAMENTO ANODIZADO NATURAL, INCLUSIVE PERFIS, VIDRO, FERRAGENS E INSTALAÇÃO","UN",2,1813.53,3627.06,1.8394338735095465E-3,0.89891666135646964]
[96523,"SINAPI","ESCAVAÇÃO MANUAL PARA BLOCO DE COROAMENTO OU SAPATA (INCLUINDO ESCAVAÇÃO PARA COLOCAÇÃO DE FÔRMAS). AF_01/2024","M3",30.349999999999998,117.67,3571.28,1.8111455018078482E-3,0.90072780685827747]
[86936,"SINAPI","CUBA DE EMBUTIR DE AÇO INOXIDÁVEL MÉDIA, INCLUSO VÁLVULA TIPO AMERICANA E SIFÃO TIPO GARRAFA EM METAL CROMADO - FORNECIMENTO E INSTALAÇÃO. AF_01/2020","UN",5,703.95,3519.75,1.7850124829159779E-3,0.90251281934119343]
["ED-50266","SETOP","LIMPEZA FINAL PARA ENTREGA DA OBRA","m2",342.39,9.76,3341.72,1.6947260215668673E-3,0.90420754536276027]
["ED-50986","SETOP","PORTÃO EM TUBO DE AÇO GALVANIZADO COM COSTURA, DIÂMETRO DE 1.1/2\" (38,1MM), ESP. 2MM, COM TELA QUADRICULADA ONDULADA, TRAMA DE 1/2\" (12,70MM), FIO 12 (2,77MM), EXCLUSIVE CADEADO E PINTURA","m2",4.3100000000000005,724.3,3121.73,1.5831598887117823E-3,0.90579070525147209]
[91933,"SINAPI","CABO DE COBRE FLEXÍVEL ISOLADO, 10 MM², ANTI-CHAMA 0,6/1,0 KV, PARA CIRCUITOS TERMINAIS - FORNECIMENTO E INSTALAÇÃO. AF_03/2023","M",150,20.48,3072,1.557939725127604E-3,0.90734864497659973]
["ED-50497","SETOP","PINTURA ESMALTE BASE SOLVENTE EM ESTRUTURA METÁLICA, DUAS (2) DEMÃOS, COM APLICAÇÃO MANUAL, INCLUSIVE UMA (1) DEMÃO FUNDO GALVANIZADO","m2",71.167999999999992,43.13,3069.56,1.5567022990438436E-3,0.90890534727564354]
[100875,"SINAPI","BANCO ARTICULADO, EM ACO INOX, PARA PCD, FIXADO NA PAREDE - FORNECIMENTO E INSTALAÇÃO. AF_01/2020","UN",2,1493.58,2987.16,1.5149138116250563E-3,0.91042026108726859]
["DAC-9.1","CPU","APLICAÇÃO DE RESINA SINTÉTICA PARA APLICAÇÃO DE GESSO","M2",284.02999999999997,10.46,2970.95,1.5066930424374526E-3,0.91192695412970604]
[91924,"SINAPI","CABO DE COBRE FLEXÍVEL ISOLADO, 1,5 MM², ANTI-CHAMA 450/750 V, PARA CIRCUITOS TERMINAIS - FORNECIMENTO E INSTALAÇÃO. AF_03/2023","M",778.28,3.78,2941.9,1.4919605720549798E-3,0.91341891470176106]
["ED-49883","SETOP","CAIXA DE ESGOTO DE INSPEÇÃO/PASSAGEM EM ALVENARIA (60X60X60CM), REVESTIMENTO EM ARGAMASSA COM ADITIVO IMPERMEABILIZANTE, COM TAMPA DE CONCRETO, INCLUSIVE ESCAVAÇÃO, REATERRO E TRANSPORTE COM RETIRADA DO MATERIAL ESCAVADO (EM CAÇAMBA)","un",4,715.39,2861.56,1.4512167968216622E-3,0.91487013149858276]
[91940,"SINAPI","CAIXA RETANGULAR 4\" X 2\" MÉDIA (1,30 M DO PISO), PVC, INSTALADA EM PAREDE - FORNECIMENTO E INSTALAÇÃO. AF_03/2023","UN",120,23.73,2847.6,1.4441370967686734E-3,0.91631426859535148]
[89714,"SINAPI","TUBO PVC, SERIE NORMAL, ESGOTO PREDIAL, DN 100 MM, FORNECIDO E INSTALADO EM RAMAL DE DESCARGA OU RAMAL DE ESGOTO SANITÁRIO. AF_08/2022","M",59.08,48.17,2845.88,1.4432648128079901E-3,0.91775753340815946]
["ED-50329","SETOP","TORNEIRA METÁLICA PARA LAVATÓRIO, FECHAMENTO AUTOMÁTICO, ACABAMENTO CROMADO, COM AREJADOR, APLICAÇÃO DE MESA, INCLUSIVE ENGATE FLEXÍVEL METÁLICO","un",10,280.02999999999997,2800.3,1.4201492878498795E-3,0.9191776826960093]
["ED-48198","SETOP","ALVENARIA ESTRUTURAL COM BLOCO DE CONCRETO, ESP. 14CM, (FBK 4,5MPA), PARA REVESTIMENTO, INCLUSIVE ARGAMASSA PARA ASSENTAMENTO","m2",26.2,99.88,2616.86,1.327119189159317E-3,0.92050480188516859]
["ED-50314","SETOP","CHUVEIRO ELÉTRICO COM RESISTÊNCIA BLINDADA, TENSÃO 127V/220V, POTÊNCIA 5500W/6800W, INCLUSIVE BRAÇO/CANO","un",6,433.45,2600.6999999999998,1.3189237770635934E-3,0.92182372566223214]
[98562,"SINAPI","IMPERMEABILIZAÇÃO DE SUPERFÍCIE COM ARGAMASSA DE CIMENTO E AREIA, COM ADITIVO IMPERMEABILIZANTE, E = 1,5CM. AF_09/2023","M2",39.799999999999997,63.08,2510.58,1.2732201546584829E-3,0.92309694581689061]
["ED-29485","SETOP","PORTA EM ALUMÍNIO COMPLETA, DIMENSÃO (120X210)CM, TIPO DE CORRER, COM DUAS (2) FOLHAS, LINHA 25/SUPREMA, ACABAMENTO ANODIZADO NATURAL, INCLUSIVE PERFIS, VIDRO, FERRAGENS E INSTALAÇÃO","un",1,2502.85,2502.85,1.2692999482537836E-3,0.92436624576514437]
["COT-DAD-005","COTAÇÃO","ACCESS POINT","UN ",2,1235.83,2471.66,1.2534821943388323E-3,0.92561972795948322]
[92688,"SINAPI","TUBO DE AÇO GALVANIZADO COM COSTURA, CLASSE MÉDIA, CONEXÃO ROSQUEADA, DN 20 (3/4\"), INSTALADO EM RAMAIS E SUB-RAMAIS DE GÁS - FORNECIMENTO E INSTALAÇÃO. AF_10/2020","M",44.527999999999999,54.47,2425.5500000000002,1.2300978842067903E-3,0.92684982584369002]
["DAC-7.2","CPU","JANELA AÇO DE ENROLAR, INCLUSIVE EIXO, MOLA, SOLEIRA, ETIQUETA, CAVALETE E GUIAS, FITAS E FECHADURAS LATERAIS ","UN",2.88,829.6,2389.25,1.2116886355016691E-3,0.92806151447919172]
[94221,"SINAPI","CUMEEIRA PARA TELHA CERÂMICA EMBOÇADA COM ARGAMASSA TRAÇO 1:2:9 (CIMENTO, CAL E AREIA) PARA TELHADOS COM ATÉ 2 ÁGUAS, INCLUSO TRANSPORTE VERTICAL. AF_07/2019","M",48.650000000000006,49.07,2387.2600000000002,1.2106794232448321E-3,0.92927219390243654]
[91872,"SINAPI","ELETRODUTO RÍGIDO ROSCÁVEL, PVC, DN 32 MM (1\"), PARA CIRCUITOS TERMINAIS, INSTALADO EM PAREDE - FORNECIMENTO E INSTALAÇÃO. AF_03/2023","M",96,24.53,2354.88,1.194258170543129E-3,0.93046645207297962]
[89449,"SINAPI","TUBO, PVC, SOLDÁVEL, DE 50MM, INSTALADO EM PRUMADA DE ÁGUA - FORNECIMENTO E INSTALAÇÃO. AF_06/2022","M",109.28,21.52,2351.71,1.1926505309179159E-3,0.9316591026038975]
["ED-29479","SETOP","PORTA VENEZIANA EM ALUMÍNIO COMPLETA, DIMENSÃO (80X210)CM, TIPO DE ABRIR, COM UMA (1) FOLHA, LINHA 25/SUPREMA, ACABAMENTO ANODIZADO NATURAL, INCLUSIVE PERFIS, FERRAGENS E INSTALAÇÃO","un",1,2293.13,2293.13,1.1629421620709189E-3,0.93282204476596842]
[96527,"SINAPI","ESCAVAÇÃO MANUAL PARA VIGA BALDRAME OU SAPATA CORRIDA (INCLUINDO ESCAVAÇÃO PARA COLOCAÇÃO DE FÔRMAS). AF_01/2024","M3",17.41,129.35,2251.98,1.1420732754534055E-3,0.93396411804142188]
["COT-ACE-002","COTAÇÃO","ADESIVO DE SINALIZAÇÃO PARA CADEIRANTE PARA PISO","UN ",8,278.63,2229.04,1.1304394416987091E-3,0.93509455748312054]
["ED-48700","SETOP","ATERRAMENTO COM HASTE DE COBRE, TIPO COPPERWELD, DIÂMETRO DE  5/8\", COMPRIMENTO DE 240CM, EXCLUSIVE CABO E CAIXA PARA ATERRAMENTO, INCLUSIVE GRAMPO PARA HASTE E INSTALAÇÃO","un",16,136.09,2177.44,1.1042709228782064E-3,0.93619882840599877]
[96623,"SINAPI","LASTRO COM MATERIAL GRANULAR, APLICADO EM BLOCOS DE COROAMENTO, ESPESSURA DE *10 CM*. AF_01/2024","M3",7.54,288.45999999999998,2174.9899999999998,1.1030284253760699E-3,0.93730185683137479]
[89987,"SINAPI","REGISTRO DE GAVETA BRUTO, LATÃO, ROSCÁVEL, 3/4\", COM ACABAMENTO E CANOPLA CROMADOS - FORNECIMENTO E INSTALAÇÃO. AF_08/2021","UN",13,165.56,2152.2800000000002,1.0915112342440234E-3,0.93839336806561879]
[89578,"SINAPI","TUBO PVC, SÉRIE R, ÁGUA PLUVIAL, DN 100 MM, FORNECIDO E INSTALADO EM CONDUTORES VERTICAIS DE ÁGUAS PLUVIAIS. AF_06/2022","M",51.41,41.52,2134.54,1.0825145380448814E-3,0.93947588260366366]
["COT-ACE-001","COTAÇÃO","CHAPA DE PROTEÇÃO IMPACTO PARA PORTA 40X80","UN ",8,259.14999999999998,2073.1999999999998,1.0514064577260898E-3,0.94052728906138972]
[89356,"SINAPI","TUBO, PVC, SOLDÁVEL, DE 25MM, INSTALADO EM RAMAL OU SUB-RAMAL DE ÁGUA - FORNECIMENTO E INSTALAÇÃO. AF_06/2022","M",68.38,29.75,2034.3,1.0316786402431916E-3,0.94155896770163294]
[91836,"SINAPI","ELETRODUTO FLEXÍVEL CORRUGADO, PVC, DN 32 MM (1\"), PARA CIRCUITOS TERMINAIS, INSTALADO EM FORRO - FORNECIMENTO E INSTALAÇÃO. AF_03/2023","M",75.72,26.45,2002.79,1.0156986009402062E-3,0.94257466630257314]
[95876,"SINAPI","TRANSPORTE COM CAMINHÃO BASCULANTE DE 14 M³, EM VIA URBANA PAVIMENTADA, DMT ATÉ 30 KM (UNIDADE: M3XKM). AF_07/2020","M3XKM",708.90091999999993,2.82,1999.1,1.0138272475594377E-3,0.94358849355013252]
[90466,"SINAPI","CHUMBAMENTO LINEAR EM ALVENARIA PARA RAMAIS/DISTRIBUIÇÃO DE INSTALAÇÕES HIDRÁULICAS COM DIÂMETROS MENORES OU IGUAIS A 40 MM. AF_09/2023","M",102,19.57,1996.1399999999999,1.0123261077201221E-3,0.9446008196578527]
["10.47.07","SUDECAP","BEBEDOURO INDUSTRIAL 50L","UN",1,1993.27,1993.27,1.010870610646191E-3,0.94561169026849889]
["ED-50137","SETOP","MOBILIZAÇÃO E DESMOBILIZAÇÃO DE CONTAINER, INCLUSIVE CARGA, DESCARGA E TRANSPORTE EM CAMINHÃO CARROCERIA COM GUINDAUTO (MUNCK), EXCLUSIVE LOCAÇÃO DO CONTAINER","un",1,1941.22,1941.22,9.844738779987653E-4,0.94659616414649761]
[88484,"SINAPI","FUNDO SELADOR ACRÍLICO, APLICAÇÃO MANUAL EM TETO, UMA DEMÃO. AF_04/2023","M2",285.46999999999997,6.8,1941.2,9.8446373516201317E-4,0.94758062788165964]
[91928,"SINAPI","CABO DE COBRE FLEXÍVEL ISOLADO, 4 MM², ANTI-CHAMA 450/750 V, PARA CIRCUITOS TERMINAIS - FORNECIMENTO E INSTALAÇÃO. AF_03/2023","M",228.30999999999997,8.5,1940.64,9.8417973573295368E-4,0.94856480761739259]
["ED-48343","SETOP","BANCADA EM GRANITO CINZA ANDORINHA E = 3 CM, APOIADA EM CONSOLE DE METALON 20 X 30 MM","m2",3.8200000000000003,494.28,1888.15,9.5755986067698094E-4,0.94952236747806962]
["ED-50287","SETOP","CUBA EM AÇO INOXIDÁVEL DE EMBUTIR, AISI 304, APLICAÇÃO PARA TANQUE (600X600X400MM), ASSENTAMENTO EM BANCADA, INCLUSIVE VÁLVULA DE ESCOAMENTO DE METAL COM ACABAMENTO CROMADO, SIFÃO DE METAL TIPO COPO COM ACABAMENTO CROMADO","un",1,1859.6,1859.6,9.4308096121331121E-4,0.95046544843928293]
[89712,"SINAPI","TUBO PVC, SERIE NORMAL, ESGOTO PREDIAL, DN 50 MM, FORNECIDO E INSTALADO EM RAMAL DE DESCARGA OU RAMAL DE ESGOTO SANITÁRIO. AF_08/2022","M",51.14,34.6,1769.44,8.9735705313469651E-4,0.95136280549241758]
["ED-5444","SETOP","DISJUNTOR DE PROTEÇÃO DIFERENCIAL RESIDUAL (DR), TETRAPOLAR TIPO DIN, CORRENTE NOMINAL DE 125A, SENSIBILIDADE DE 30MA, FORNECIMENTO E INSTALAÇÃO, INCLUSIVE TERMINAL DE COMPRESSÃO","un",2,882.35,1764.7,8.9495320082444093E-4,0.95225775869324203]
["COT-DAD-003","COTAÇÃO","SWITCH GIGABIT 24 PORTAS POE","UN ",1,1730.11,1730.11,8.7741116466162714E-4,0.9531351698579037]
[101882,"SINAPI","QUADRO DE DISTRIBUIÇÃO DE ENERGIA EM CHAPA DE AÇO GALVANIZADO, DE EMBUTIR, COM BARRAMENTO TRIFÁSICO, PARA 30 DISJUNTORES DIN 225A - FORNECIMENTO E INSTALAÇÃO. AF_10/2020","UN",1,1713.8,1713.8,8.6913968129026281E-4,0.95400430953919391]
["COT-INC-002","COTAÇÃO","EXTINTOR DE INCÊNDIO TIPO PÓ QUÍMICO 4-A:40-B:C, CAPACIDADE 6 KG, EXCLUISVE INSTALAÇÃO","UN ",4,415.75,1663,8.4337687593984546E-4,0.95484768641513373]
["COT-DAD-008","COTAÇÃO","RACK 12U 19\" 570mm","UN ",1,1660.14,1660.14,8.4192645028429054E-4,0.95568961286541798]
["ED-48503","SETOP","DEMOLIÇÃO MANUAL DE REVESTIMENTO DE PEDRA (MÁRMORE, GRANITO, ARDÓSIA, ETC.), INCLUSIVE AFASTAMENTO E EMPILHAMENTO, EXCLUSIVE DEMOLIÇÃO DO REBOCO OU EMBOÇO, TRANSPORTE E RETIRADA DO MATERIAL DEMOLIDO","m2",50.42,32.700000000000003,1648.73,8.3613996191719874E-4,0.95652575282733521]
[97637,"SINAPI","REMOÇÃO DE TAPUME/ CHAPAS METÁLICAS E DE MADEIRA, DE FORMA MANUAL, SEM REAPROVEITAMENTO. AF_09/2023","M2",463.65,3.54,1641.32,8.323820409005335E-4,0.95735813486823573]
[89584,"SINAPI","JOELHO 90 GRAUS, PVC, SERIE R, ÁGUA PLUVIAL, DN 100 MM, JUNTA ELÁSTICA, FORNECIDO E INSTALADO EM CONDUTORES VERTICAIS DE ÁGUAS PLUVIAIS. AF_06/2022","UN",30,54.15,1624.5,8.238519151919898E-4,0.9581819867834277]
[104746,"SINAPI","MINI CAPTOR PARA SPDA - FORNECIMENTO E INSTALAÇÃO. AF_08/2023","UN",47,33.409999999999997,1570.27,7.9634961333858154E-4,0.95897833639676633]
[103320,"SINAPI","ALVENARIA DE VEDAÇÃO DE BLOCOS VAZADOS DE CONCRETO DE 19X19X39 CM (ESPESSURA 19 CM) E ARGAMASSA DE ASSENTAMENTO COM PREPARO EM BETONEIRA. AF_12/2021","M2",10,156.63999999999999,1566.4,7.9438697442704394E-4,0.95977272337119335]
["ED-50282","SETOP","LAVATÓRIO DE LOUÇA BRANCA COM COLUNA, TAMANHO MÉDIO, INCLUSIVE ACESSÓRIOS DE FIXAÇÃO, VÁLVULA DE ESCOAMENTO DE METAL COM ACABAMENTO CROMADO, SIFÃO DE METAL TIPO COPO COM ACABAMENTO CROMADO E REJUNTAMENTO, EXCLUSIVE TORNEIRA E ENGATE FLEXÍVEL","un",2,776.66,1553.32,7.8775355919114898E-4,0.96056047693038449]
[88485,"SINAPI","FUNDO SELADOR ACRÍLICO, APLICAÇÃO MANUAL EM PAREDE, UMA DEMÃO. AF_04/2023","M2",278.8,5.57,1552.92,7.8755070245610634E-4,0.96134802763284055]
["DAC-10.2","CPU","RODAPÉ COM REVESTIMENTO EM PORCELANATO 60X60 COM BORDA RETIFICADA E ACABAMENTO POLIDO, ALTURA 10CM","M",88.4,17.02,1504.57,7.6303039460782519E-4,0.96211105802744834]
["ED-48160","SETOP","BARRA DE APOIO EM AÇO INOX POLIDO RETA, DIÂMETRO DE 1.1/4\", PARA ACESSIBILIDADE (PMR/PCR), COMPRIMENTO 80CM, INSTALADO EM PAREDE, INCLUSIVE ACESSÓRIOS PARA FIXAÇÃO","un",6,249.9,1499.4,7.6040847130739888E-4,0.96287146649875577]
["ED-28427","SETOP","FORNECIMENTO E COLOCAÇÃO DE PLACA DE OBRA EM CHAPA GALVANIZADA #26, ESP. 0,45MM, DIMENSÃO (3X1,5)M, PLOTADA COM ADESIVO VINÍLICO, AFIXADA COM REBITES 4,8X40MM, EM ESTRUTURA METÁLICA DE METALON 20X20MM, ESP. 1,25MM, INCLUSIVE SUPORTE EM EUCALIPTO AUTOCLAVADO PINTADO COM TINTA PVA DUAS (2) DEMÃOS","un",1,1492.35,1492.35,7.5683312135227203E-4,0.96362829962010799]
["ED-50703","SETOP","LIMPEZA DE TERRENO, INCLUSIVE CAPINA, RASTELAMENTO COM AFASTAMENTO ATÉ VINTE (20) METROS E QUEIMA CONTROLADA","m2",458.43,3.13,1434.89,7.2769275136339441E-4,0.9643559923714714]
[101883,"SINAPI","QUADRO DE DISTRIBUIÇÃO DE ENERGIA EM CHAPA DE AÇO GALVANIZADO, DE EMBUTIR, COM BARRAMENTO TRIFÁSICO, PARA 18 DISJUNTORES DIN 100A - FORNECIMENTO E INSTALAÇÃO. AF_10/2020","UN",2,697.63,1395.26,7.0759472033904316E-4,0.96506358709181039]
[101895,"SINAPI","DISJUNTOR TERMOMAGNÉTICO TRIPOLAR , CORRENTE NOMINAL DE 125A - FORNECIMENTO E INSTALAÇÃO. AF_10/2020","UN",2,685.13,1370.26,6.9491617439887713E-4,0.96575850326620927]
[91944,"SINAPI","CAIXA RETANGULAR 4\" X 4\" BAIXA (0,30 M DO PISO), PVC, INSTALADA EM PAREDE - FORNECIMENTO E INSTALAÇÃO. AF_03/2023","UN",68,19.5,1326,6.7247007666640715E-4,0.96643097334287564]
[96531,"SINAPI","FABRICAÇÃO, MONTAGEM E DESMONTAGEM DE FÔRMA PARA BLOCO DE COROAMENTO, EM MADEIRA SERRADA, E=25 MM, 2 UTILIZAÇÕES. AF_01/2024","M2",9.8000000000000007,134.06,1313.79,6.6627787482923006E-4,0.96709725121770485]
[98106,"SINAPI","CAIXA DE GORDURA ESPECIAL (CAPACIDADE: 312 L - PARA ATÉ 146 PESSOAS SERVIDAS NO PICO), RETANGULAR, EM ALVENARIA COM TIJOLOS CERÂMICOS MACIÇOS, DIMENSÕES INTERNAS = 0,4X1,2 M, ALTURA INTERNA = 1 M. AF_12/2020","UN",1,1306.9000000000001,1306.9000000000001,6.6278366756812037E-4,0.96776003488527296]
["ED-48441","SETOP","DEMOLIÇÃO MANUAL DE CONCRETO ARMADO, INCLUSIVE AFASTAMENTO E EMPILHAMENTO, EXCLUSIVE TRANSPORTE E RETIRADA DO MATERIAL DEMOLIDO","m3",2.0699999999999998,630.94000000000005,1306.05,6.6235259700615464E-4,0.96842238748227916]
[2374,"SINAPI","DISJUNTOR TERMOMAGNETICO TRIPOLAR 150 A / 600 V, TIPO FXD / ICC - 35 KA","UN",2,645.28,1290.56,6.5449696994162774E-4,0.96907688445222073]
["DAC-21.3","CPU","PISO TATIL DE ALERTA OU DIRECIONAL, DE BORRACHA, PRETO, 25 X 25 CM, E = 12 MM, PARA ARGAMASSA - FORNECIMENTO E INSTALAÇÃO ","M2    ",1.8125,711.4,1287.6300000000001,6.5301104435744035E-4,0.96972989549657818]
["ED-48373","SETOP","PATCH PANEL 24 POSIÇÕES, CATEGORIA COM GUIA TRASEIRO","cj",1,1214.68,1214.68,6.1601504730403583E-4,0.9703459105438822]
[103946,"SINAPI","PLANTIO DE GRAMA ESMERALDA OU SÃO CARLOS OU CURITIBANA, EM PLACAS. AF_07/2024","M2",58.43,20,1168.5999999999999,5.926459514271217E-4,0.97093855649530936]
[91845,"SINAPI","ELETRODUTO FLEXÍVEL CORRUGADO REFORÇADO, PVC, DN 25 MM (3/4\"), PARA CIRCUITOS TERMINAIS, INSTALADO EM LAJE - FORNECIMENTO E INSTALAÇÃO. AF_03/2023","M",103.47,11.08,1146.45,5.8141275972413463E-4,0.97151996925503348]
[90278,"SINAPI","GRAUTE FGK=15 MPA; TRAÇO 1:0,04:2,2:2,5 (EM MASSA SECA DE CIMENTO/CAL/AREIA GROSSA/BRITA 0) - PREPARO MECÂNICO COM BETONEIRA 400 L. AF_09/2021","M3",1.65,688.57,1136.1400000000001,5.7618412737841021E-4,0.97209615338241184]
["ED-48372","SETOP","PATCH CORD RJ45/RJ45 UTP-4P METÁLICO CATEGORIA 6, PINAGEM T568A (VOZ), COMPRIMENTO 3 METROS","un",40,28.18,1127.2,5.7165027935020675E-4,0.97266780366176209]
["ED-50482","SETOP","EMASSAMENTO EM ESQUADRIA DE MADEIRA COM MASSA A ÓLEO, DUAS (2) DEMÃOS, INCLUSIVE LIXAMENTO PARA PINTURA  A ÓLEO OU ESMALTE","m2",22.680000000000003,48.1,1090.9100000000001,5.5324610206346171E-4,0.97322104976382551]
["ED-51003","SETOP","SOLEIRA DE GRANITO, NA COR CINZA ANDORINHA, ESP. 3CM, ACABAMENTO POLIDO, ASSENTAMENTO COM ARGAMASSA INDUSTRIALIZADA, INCLUSIVE REJUNTAMENTO","m2",2.3800000000000003,444.28,1057.3900000000001,5.362467076668871E-4,0.97375729647149234]
[90443,"SINAPI","RASGO LINEAR MANUAL EM ALVENARIA, PARA RAMAIS/ DISTRIBUIÇÃO DE INSTALAÇÕES HIDRÁULICAS, DIÂMETROS MENORES OU IGUAIS A 40 MM. AF_09/2023","M",102,10.14,1034.28,5.2452665979979757E-4,0.97428182313129219]
["COT-DAD-010","COTAÇÃO","CABO FTP  5E (BLINDADO) - 305 METROS","UN ",1,995.2,995.2,5.0470755678613008E-4,0.9747865306880783]
["ED-50493","SETOP","PINTURA ESMALTE BASE SOLVENTE EM ESQUADRIA DE MADEIRA, DUAS (2) DEMÃOS, COM APLICAÇÃO MANUAL, INCLUSIVE UMA (1) DEMÃO DE FUNDO NIVELADOR E PREPARAÇÃO DA SUPERFÍCIE COM LIXAMENTO, EXCLUSIVE MASSA A ÓLEO","m2",22.680000000000003,42.37,960.95,4.8733794884810253E-4,0.97527386863692644]
[91856,"SINAPI","ELETRODUTO FLEXÍVEL CORRUGADO, PVC, DN 32 MM (1\"), PARA CIRCUITOS TERMINAIS, INSTALADO EM PAREDE - FORNECIMENTO E INSTALAÇÃO. AF_03/2023","M",58.34,16.47,960.86,4.8729230608271794E-4,0.97576116094300913]
["COT-DAD-002","COTAÇÃO","HD 2 TB","UN ",1,955.32,955.32,4.8448274030237718E-4,0.97624564368331146]
["ED-48189","SETOP","DISTRIBUIDOR/DISPENSER PARA ÁLCOOL EM GEL OU SABONETE LÍQUIDO, EM PLÁSTICO, CAPACIDADE RESERVATÓRIO 1500ML, INCLUSIVE ACESSÓRIOS PARA FIXAÇÃO","un",8,119.01,952.08,4.8283960074853164E-4,0.97672848328406003]
[91993,"SINAPI","TOMADA ALTA DE EMBUTIR (1 MÓDULO), 2P+T 20 A, INCLUINDO SUPORTE E PLACA - FORNECIMENTO E INSTALAÇÃO. AF_03/2023","UN",16,59.27,948.32,4.8093274743913066E-4,0.97720941603149913]
[89985,"SINAPI","REGISTRO DE PRESSÃO BRUTO, LATÃO, ROSCÁVEL, 3/4\", COM ACABAMENTO E CANOPLA CROMADOS - FORNECIMENTO E INSTALAÇÃO. AF_08/2021","UN",6,156.96,941.76,4.7760589698443105E-4,0.97768702192848356]
[86872,"SINAPI","TANQUE DE LOUÇA BRANCA COM COLUNA, 30L OU EQUIVALENTE - FORNECIMENTO E INSTALAÇÃO. AF_01/2020","UN",1,933.69,933.69,4.735132623549455E-4,0.97816053519083845]
["DAC-21.1","CPU","PLACA DE SINALIZACAO EM CHAPA DE ALUMINIO COM PINTURA REFLETIVA, E = 2 MM - FORNECIMENTO E INSTALAÇÃO","M2    ",0.57000000000000006,1622.96,925.09,4.6915184255152839E-4,0.97862968703338993]
["DAC-23.1","CPU","LAUDO CAUTELAR - EDIFICAÇÕES RESIDENCIAIS","UN",1,923.16,923.16,4.6817305880494752E-4,0.9790978600921949]
["ED-48164","SETOP","BARRA DE APOIO EM AÇO INOX POLIDO RETA, DIÂMETRO DE 1.1/4\", PARA ACESSIBILIDADE (PMR/PCR), COMPRIMENTO 70CM, INSTALADO EM PAREDE, INCLUSIVE ACESSÓRIOS PARA FIXAÇÃO","un",3,300.24,900.72,4.5679279596905453E-4,0.97955465288816401]
["DAC-2.1","CPU","REMOÇÃO DE POSTE METÁLICO","UN",5,179.2,896,4.5439908649555114E-4,0.9800090519746596]
[98295,"SINAPI","CABO ELETRÔNICO CATEGORIA 5E, INSTALADO EM EDIFICAÇÃO INSTITUCIONAL - FORNECIMENTO E INSTALAÇÃO. AF_11/2019","M",132.97,6.62,880.26,4.4641667397162259E-4,0.9804554686486312]
["ED-48183","SETOP","DISTRIBUIDOR/DISPENSER PARA PAPEL HIGIÊNICO EM PLÁSTICO, TIPO SOBREPOR, INCLUSIVE ACESSÓRIOS DE FIXAÇÃO","un",11,76.069999999999993,836.77,4.2436107545410976E-4,0.98087982972408527]
[92482,"SINAPI","MONTAGEM E DESMONTAGEM DE FÔRMA DE LAJE MACIÇA, PÉ-DIREITO SIMPLES, EM MADEIRA SERRADA, 1 UTILIZAÇÃO. AF_09/2020","M2",1.66,500.31,830.51,4.2118636755069218E-4,0.981301016091636]
[91930,"SINAPI","CABO DE COBRE FLEXÍVEL ISOLADO, 6 MM², ANTI-CHAMA 450/750 V, PARA CIRCUITOS TERMINAIS - FORNECIMENTO E INSTALAÇÃO. AF_03/2023","M",69.699999999999989,11.84,825.25,4.1851880148488122E-4,0.98171953489312092]
["ED-29818","SETOP","MOBILIZAÇÃO E DESMOBILIZAÇÃO DE EQUIPAMENTO PARA ESTACA TIPO TRADO ROTATIVO (CUSTO VARIÁVEL), EXCLUSIVE CUSTO FIXO DE TRANSPORTE","km",30,26.97,809.1,4.1032846080753395E-4,0.98212986335392849]
["ED-49149","SETOP","CAIXA DE PASSAGEM, DIMENSÃO (20X20)CM, EM CHAPA DE AÇO, TIPO DE EMBUTIR, COM ACABAMENTO EM PINTURA ELETROSTÁTICA E TAMPA CEGA, INCLUSIVE FIXAÇÃO EM ALVENARIA","un",5,159.6,798,4.0469918641010026E-4,0.98253456254033855]
["ED-2552","SETOP","LAVATÓRIO DE CANTO DE LOUÇA BRANCA SEM COLUNA, TAMANHO PEQUENO, INCLUSIVE ACESSÓRIOS DE FIXAÇÃO COM PARAFUSO CASTELO, VÁLVULA DE ESCOAMENTO DE METAL COM ACABAMENTO CROMADO, SIFÃO DE METAL TIPO COPO COM ACABAMENTO CROMADO, E REJUNTAMENTO, EXCLUSIVE TORNEIRA E ENGATE FLEXÍVEL","un",1,786.54,786.54,3.9888734095112812E-4,0.98293344988128972]
[104329,"SINAPI","CAIXA SIFONADA, COM GRELHA REDONDA, PVC, DN 150 X 150 X 50 MM, JUNTA SOLDÁVEL, FORNECIDA E INSTALADA EM RAMAL DE DESCARGA OU EM RAMAL DE ESGOTO SANITÁRIO. AF_08/2022","UN",8,94.45,755.6,3.8319637249557863E-4,0.98331664625378534]
["ED-51054","SETOP","CAIXA DE EQUALIZAÇÃO PARA USO INTERNO E EXTERNO COM 9 TERMINAIS 380X320X175MM EM AÇO E ACABAMENTO EM EPOXI","U",1,747.1,747.1,3.7888566687592219E-4,0.98369553192066128]
["ED-50316","SETOP","DUCHA HIGIÊNICA COM REGISTRO PARA CONTROLE DE FLUXO DE ÁGUA, DIÂMETRO DE 1/2\" (20MM), INCLUSIVE ACESSÓRIOS","un",3,241.91,725.73,3.6804804580626823E-4,0.98406357996646754]
[86909,"SINAPI","TORNEIRA CROMADA TUBO MÓVEL, DE MESA, 1/2\" OU 3/4\", PARA PIA DE COZINHA, PADRÃO ALTO - FORNECIMENTO E INSTALAÇÃO. AF_01/2020","UN",4,170.68,682.72,3.4623587537080657E-4,0.9844098158418384]
["ED-48435","SETOP","DEMOLIÇÃO MANUAL DE ALVENARIA DE TIJOLO CERÂMICO OU BLOCO DE CONCRETO, INCLUSIVE AFASTAMENTO E EMPILHAMENTO, EXCLUSIVE TRANSPORTE E RETIRADA DO MATERIAL DEMOLIDO","m3",4.8857999999999997,138.02000000000001,674.92,3.4228016903747476E-4,0.98475209601087588]
[89711,"SINAPI","TUBO PVC, SERIE NORMAL, ESGOTO PREDIAL, DN 40 MM, FORNECIDO E INSTALADO EM RAMAL DE DESCARGA OU RAMAL DE ESGOTO SANITÁRIO. AF_08/2022","M",23.97,27.35,655.58,3.3247204589816233E-4,0.98508456805677402]
["DAC-2.2","CPU","REMOÇÃO MANUAL DE GUIA DE MEIO-FIO PRÉ-MOLDADA EM CONCRETO, SEM REAPROVEITAMENTO, INCLUSIVE AFASTAMENTO E EMPILHAMENTO, EXCLUSIVE TRANSPORTE E RETIRADA DO MATERIAL REMOVIDO NÃO REAPROVEITÁVEL","M",21.37,30.61,654.14,3.3174176165200875E-4,0.98541630981842598]
["ED-49962","SETOP","RALO HEMISFÉRICO, TIPO ABACAXI, DIÂMETRO DE 100MM, EXCLUSIVE CONDUTOR DE ÁGUA PLUVIAL","un",10,62.77,627.70000000000005,3.1833293146568914E-4,0.98573464274989164]
[93664,"SINAPI","DISJUNTOR BIPOLAR TIPO DIN, CORRENTE NOMINAL DE 32A - FORNECIMENTO E INSTALAÇÃO. AF_10/2020","UN",6,102.67,616.02,3.1240951480244355E-4,0.98604705226469413]
[100849,"SINAPI","ASSENTO SANITÁRIO CONVENCIONAL - FORNECIMENTO E INSTALACAO. AF_01/2020","UN",11,53.37,587.07000000000005,2.9772775860373128E-4,0.98634478002329784]
[98527,"SINAPI","REMOÇÃO DE RAÍZES REMANESCENTES DE TRONCO DE ÁRVORE COM DIÂMETRO MAIOR OU IGUAL A 0,40 M E MENOR QUE 0,60 M. AF_03/2024","UN",2,287.68,575.36,2.9178912768535749E-4,0.98663656915098319]
[95248,"SINAPI","VÁLVULA DE ESFERA BRUTA, BRONZE, ROSCÁVEL, 1/2\" - FORNECIMENTO E INSTALAÇÃO. AF_08/2021","UN",6,92.84,557.04,2.8249828922040376E-4,0.98691906744020363]
[89713,"SINAPI","TUBO PVC, SERIE NORMAL, ESGOTO PREDIAL, DN 75 MM, FORNECIDO E INSTALADO EM RAMAL DE DESCARGA OU RAMAL DE ESGOTO SANITÁRIO. AF_08/2022","M",12.42,43.1,535.29999999999995,2.7147302567083541E-4,0.98719054046587451]
["ED-48182","SETOP","DISTRIBUIDOR/DISPENSER PARA PORTA PAPEL TOALHA PARA INTERFOLHAS DE DUAS (2) OU TRÊS (3) DOBRAS, EM PLÁSTICO, INCLUSIVE ACESSÓRIOS PARA FIXAÇÃO","un",6,88.67,532.02,2.698096004434856E-4,0.98746035006631805]
["ED-15752","SETOP","CONJUNTO DE UMA (1) TOMADA DE DADOS (CONECTOR RJ45 CAT.6E), COM PLACA 4\"X2\" DE UM (1) POSTO, INCLUSIVE FORNECIMENTO, INSTALAÇÃO, SUPORTE, MÓDULO E PLACA","un",6,88.12,528.72,2.6813603237938372E-4,0.98772848609869746]
["DAC-13.2","CPU","JUNÇÃO SIMPLES, PVC, SERIE NORMAL, ESGOTO PREDIAL, DN 100 X 50 MM, JUNTA ELÁSTICA, FORNECIDO E INSTALADO","UN    ",9,57,513,2.6016376269220729E-4,0.98798864986138968]
["ED-50621","SETOP","SÓCULO COM ENCHIMENTO EM TIJOLOS MACIÇOS, ALTURA DE 10CM À 12CM, INCLUSIVE ACABAMENTO EM REVESTIMENTO DE ARGAMASSA, ESP. 20MM, COM APLICAÇÃO MANUAL","m2",3,167.56,502.68,2.5493005892810675E-4,0.98824357992031775]
[104737,"SINAPI","REATERRO MANUAL DE VALAS, COM PLACA VIBRATÓRIA. AF_08/2023","M3",18.736199999999997,26.75,501.29,2.542251317738335E-4,0.98849780505209162]
["DAC-21.4","CPU","PLACA TÁTIL BRAILLE EM ACRÍLICO 30X10 CM (ATÉ 3 PALAVRAS) - FORNECIMENTO E INSTALAÇÃO","UN",8,62.22,497.76,2.5243492108708204E-4,0.98875023997317868]
[91935,"SINAPI","CABO DE COBRE FLEXÍVEL ISOLADO, 16 MM², ANTI-CHAMA 0,6/1,0 KV, PARA CIRCUITOS TERMINAIS - FORNECIMENTO E INSTALAÇÃO. AF_03/2023","M",15.37,32.130000000000003,493.84,2.50446925083664E-4,0.98900068689826237]
[91840,"SINAPI","ELETRODUTO FLEXÍVEL CORRUGADO, PEAD, DN 40 MM (1 1/4\"), PARA CIRCUITOS TERMINAIS, INSTALADO EM FORRO - FORNECIMENTO E INSTALAÇÃO. AF_03/2023","M",19.2,25.55,490.56,2.4878349985631425E-4,0.98924947039811872]
[98531,"SINAPI","CORTE RASO E RECORTE DE ÁRVORE COM DIÂMETRO DE TRONCO MAIOR OU IGUAL A 0,60 M. AF_03/2024","UN",1,489.36,489.36,2.4817492965118631E-4,0.98949764532776996]
[98520,"SINAPI","APLICAÇÃO DE ADUBO EM SOLO. AF_07/2024","M2",65.63,7.27,477.13,2.4197258497725706E-4,0.98973961791274723]
[89501,"SINAPI","JOELHO 90 GRAUS, PVC, SOLDÁVEL, DN 50MM, INSTALADO EM PRUMADA DE ÁGUA - FORNECIMENTO E INSTALAÇÃO. AF_06/2022","UN",27,17.329999999999998,467.91,2.3729673723452382E-4,0.98997691464998172]
["ED-48163","SETOP","BARRA DE APOIO EM AÇO INOX POLIDO RETA, DIÂMETRO DE 1.1/4\", PARA ACESSIBILIDADE (PMR/PCR), COMPRIMENTO 40CM, INSTALADO EM PORTA/PAREDE, INCLUSIVE ACESSÓRIOS PARA FIXAÇÃO","un",2,230.03,460.06,2.3331567380931168E-4,0.99021023032379107]
["ED-48347","SETOP","RODABANCA/FRONTÃO PARA BANCADA EM GRANITO, COR CINZA ANDORINHA, ESP. 2CM, ALTURA DE 7CM, INCLUSIVE REJUNTAMENTO EM MASSA PLÁSTICA NA COR DA PEDRA","m",7.8000000000000007,58.89,459.34,2.3295053168623489E-4,0.99044318085547733]
[90373,"SINAPI","JOELHO 90 GRAUS COM BUCHA DE LATÃO, PVC, SOLDÁVEL, DN 25MM, X 1/2  INSTALADO EM RAMAL OU SUB-RAMAL DE ÁGUA - FORNECIMENTO E INSTALAÇÃO. AF_06/2022","UN",28,15.91,445.48,2.2592154581700685E-4,0.99066910240129435]
[39465,"SINAPI","DISPOSITIVO DPS CLASSE II, 1 POLO, TENSAO MAXIMA DE 175 V, CORRENTE MAXIMA DE *20* KA (TIPO AC)","UN",4,111.1,444.4,2.2537383263239165E-4,0.99089447623392679]
["ED-48480","SETOP","DEMOLIÇÃO MANUAL DE PISO CERÂMICO OU LADRILHO HIDRÁULICO, INCLUSIVE AFASTAMENTO E EMPILHAMENTO, EXCLUSIVE DEMOLIÇÃO DE CONTRAPISO, TRANSPORTE E RETIRADA DO MATERIAL DEMOLIDO","m2",20,21.79,435.8,2.2101241282897454E-4,0.9911154886467558]
[89801,"SINAPI","JOELHO 90 GRAUS, PVC, SERIE NORMAL, ESGOTO PREDIAL, DN 50 MM, JUNTA ELÁSTICA, FORNECIDO E INSTALADO EM PRUMADA DE ESGOTO SANITÁRIO OU VENTILAÇÃO. AF_08/2022","UN",36,11.8,424.8,2.1543385261530148E-4,0.99133092249937116]
["ED-29395","SETOP","PLACA FOTOLUMINESCENTE PARA SINALIZAÇÃO DE EMERGÊNCIA, TIPO \"E12\", INSTALADA EM PISO, DIMENSÃO (100X100)CM, INCLUSIVE FIXAÇÃO","un",4,102.36,409.44,2.0764415398966346E-4,0.99153856665336082]
[91953,"SINAPI","INTERRUPTOR SIMPLES (1 MÓDULO), 10A/250V, INCLUINDO SUPORTE E PLACA - FORNECIMENTO E INSTALAÇÃO. AF_03/2023","UN",11,37.08,407.88,2.0685301272299709E-4,0.99174541966608387]
["ED-48167","SETOP","BARRA DE APOIO EM AÇO INOX POLIDO PARA LAVATÓRIO DE CANTO, DIÂMETRO DE 1.1/4\", PARA ACESSIBILIDADE (PMR/PCR), INSTALADO EM PAREDE, INCLUSIVE ACESSÓRIOS PARA FIXAÇÃO","un",2,199.93,399.86,2.0278573518539184E-4,0.99194820540126927]
["DAC-18.1","CPU","INSTALAÇÃO DE CÂMERA POE","UN",6,66.41,398.46,2.0207573661274253E-4,0.99215028113788206]
[89834,"SINAPI","JUNÇÃO SIMPLES, PVC, SERIE NORMAL, ESGOTO PREDIAL, DN 100 X 100 MM, JUNTA ELÁSTICA, FORNECIDO E INSTALADO EM PRUMADA DE ESGOTO SANITÁRIO OU VENTILAÇÃO. AF_08/2022","UN",6,65.3,391.8,1.9869817197428231E-4,0.99234897930985633]
["DAC-13.4","CPU","JUNÇÃO SIMPLES, PVC, SERIE NORMAL, ESGOTO PREDIAL, DN 75 X 50 MM, JUNTA ELÁSTICA, FORNECIDO E INSTALADO","UN    ",5,77.819999999999993,389.1,1.9732888901274437E-4,0.99254630819886902]
[89809,"SINAPI","JOELHO 90 GRAUS, PVC, SERIE NORMAL, ESGOTO PREDIAL, DN 100 MM, JUNTA ELÁSTICA, FORNECIDO E INSTALADO EM PRUMADA DE ESGOTO SANITÁRIO OU VENTILAÇÃO. AF_08/2022","UN",11,35.369999999999997,389.07,1.9731367475761617E-4,0.99274362187362664]
[98528,"SINAPI","REMOÇÃO DE RAÍZES REMANESCENTES DE TRONCO DE ÁRVORE COM DIÂMETRO MAIOR OU IGUAL A 0,60 M. AF_03/2024","UN",1,379.18,379.18,1.9229804198368647E-4,0.99293591991561037]
["ED-16358","SETOP","LIGAÇÕES PROVISÓRIAS PARA CONTAINER TIPO 3 (CORRESPONDENTE AO CÓDIGO ED-16350)","un",1,378.63,378.63,1.9201911397300281E-4,0.99312793902958341]
[98530,"SINAPI","CORTE RASO E RECORTE DE ÁRVORE COM DIÂMETRO DE TRONCO MAIOR OU IGUAL A 0,40 M E MENOR QUE 0,60 M. AF_03/2024","UN",2,182.4,364.8,1.8500534235890297E-4,0.99331294437194229]
["ED-22698","SETOP","ABRIGO EM CHAPA DE AÇO CARBONO DE SOBREPOR, PINTADO DE VERMELHO NAS DIMENSÕES (75X30X25)CM COM UMA PORTA COM VIDRO TRANSPARENTE COM A INSCRIÇÃO \"INCÊNDIO\", PARA EXTINTOR, FORNECIMENTO E INSTALAÇÃO, EXCLUSIVE EXTINTOR","un",1,360.98,360.98,1.8306806053924559E-4,0.99349601243248153]
[89728,"SINAPI","CURVA CURTA 90 GRAUS, PVC, SERIE NORMAL, ESGOTO PREDIAL, DN 40 MM, JUNTA SOLDÁVEL, FORNECIDO E INSTALADO EM RAMAL DE DESCARGA OU RAMAL DE ESGOTO SANITÁRIO. AF_08/2022","UN",21,16.52,346.92,1.7593764630249623E-4,0.99367195007878406]
[98526,"SINAPI","REMOÇÃO DE RAÍZES REMANESCENTES DE TRONCO DE ÁRVORE COM DIÂMETRO MAIOR OU IGUAL A 0,20 M E MENOR QUE 0,40 M. AF_03/2024","UN",2,173.34,346.68,1.7581593226147061E-4,0.99384776601104552]
["DAC-13.1","CPU","JOELHO PVC, COM BOLSA E ANEL, 90 GRAUS, DN 40 X *38* MM, SERIE NORMAL, PARA ESGOTO PREDIAL - FORNECIMENTO E INSTALAÇÃO ","UN    ",15,23.1,346.5,1.7572464673070142E-4,0.99402349065777618]
[89724,"SINAPI","JOELHO 90 GRAUS, PVC, SERIE NORMAL, ESGOTO PREDIAL, DN 40 MM, JUNTA SOLDÁVEL, FORNECIDO E INSTALADO EM RAMAL DE DESCARGA OU RAMAL DE ESGOTO SANITÁRIO. AF_08/2022","UN",26,12.85,334.1,1.6943608794437907E-4,0.99419292674572057]
[91955,"SINAPI","INTERRUPTOR PARALELO (1 MÓDULO), 10A/250V, INCLUINDO SUPORTE E PLACA - FORNECIMENTO E INSTALAÇÃO. AF_03/2023","UN",7,45.16,316.12,1.6031767770421164E-4,0.99435324442342476]
[94794,"SINAPI","REGISTRO DE GAVETA BRUTO, LATÃO, ROSCÁVEL, 1 1/2\", COM ACABAMENTO E CANOPLA CROMADOS - FORNECIMENTO E INSTALAÇÃO. AF_08/2021","UN",1,293.5,293.5,1.4884612933754941E-4,0.99450209055276229]
[89357,"SINAPI","TUBO, PVC, SOLDÁVEL, DE 32MM, INSTALADO EM RAMAL OU SUB-RAMAL DE ÁGUA - FORNECIMENTO E INSTALAÇÃO. AF_06/2022","M",7.15,40.49,289.5,1.4681756198712284E-4,0.99464890811474937]
["ED-48377","SETOP","ORGANIZADOR DE CABOS DE 1U PARA RACK 19\"","cj",3,95.53,286.58999999999997,1.4534177923968748E-4,0.99479424989398901]
[97667,"SINAPI","ELETRODUTO FLEXÍVEL CORRUGADO, PEAD, DN 50 (1 1/2\"), PARA REDE ENTERRADA DE DISTRIBUIÇÃO DE ENERGIA ELÉTRICA - FORNECIMENTO E INSTALAÇÃO. AF_12/2021","M",28.01,10.210000000000001,285.98,1.4503242271874745E-4,0.99493928231670781]
[92004,"SINAPI","TOMADA MÉDIA DE EMBUTIR (2 MÓDULOS), 2P+T 10 A, INCLUINDO SUPORTE E PLACA - FORNECIMENTO E INSTALAÇÃO. AF_03/2023","UN",4,69.91,279.64,1.4181714346832134E-4,0.99508109946017609]
[97599,"SINAPI","LUMINÁRIA DE EMERGÊNCIA, COM 30 LÂMPADAS LED DE 2 W, SEM REATOR - FORNECIMENTO E INSTALAÇÃO. AF_09/2024","UN",11,25.41,279.51,1.4175121502943248E-4,0.99522285067520555]
[89366,"SINAPI","JOELHO 90 GRAUS COM BUCHA DE LATÃO, PVC, SOLDÁVEL, DN 25MM, X 3/4  INSTALADO EM RAMAL OU SUB-RAMAL DE ÁGUA - FORNECIMENTO E INSTALAÇÃO. AF_06/2022","UN",14,19.82,277.48,1.40721717099091E-4,0.99536357239230466]
[93653,"SINAPI","DISJUNTOR MONOPOLAR TIPO DIN, CORRENTE NOMINAL DE 10A - FORNECIMENTO E INSTALAÇÃO. AF_10/2020","UN",14,18.920000000000002,264.88,1.343317299452473E-4,0.99549790412224992]
[93671,"SINAPI","DISJUNTOR TRIPOLAR TIPO DIN, CORRENTE NOMINAL DE 32A - FORNECIMENTO E INSTALAÇÃO. AF_10/2020","UN",2,130.61000000000001,261.22000000000003,1.32475590819607E-4,0.99563037971306956]
[92870,"SINAPI","CAIXA RETANGULAR 4\" X 4\" ALTA (2,00 M DO PISO), METÁLICA, INSTALADA EM PAREDE - FORNECIMENTO E INSTALAÇÃO. AF_03/2023","UN",6,43.11,258.66000000000003,1.3117730771533402E-4,0.99576155702078484]
[104004,"SINAPI","TE, PVC, SOLDÁVEL, DN 50MM, INSTALADO EM RAMAL DE DISTRIBUIÇÃO DE ÁGUA - FORNECIMENTO E INSTALAÇÃO. AF_06/2022","UN",7,36.119999999999997,252.84,1.2822574222046335E-4,0.99588978276300533]
[104344,"SINAPI","TE, PVC, SÉRIE NORMAL, ESGOTO PREDIAL, DN 100 X 50 MM, JUNTA ELÁSTICA, FORNECIDO E INSTALADO EM RAMAL DE DESCARGA OU RAMAL DE ESGOTO SANITÁRIO. AF_08/2022","UN",5,50.17,250.85,1.2721652996362611E-4,0.99601699929296894]
[91939,"SINAPI","CAIXA RETANGULAR 4\" X 2\" ALTA (2,00 M DO PISO), PVC, INSTALADA EM PAREDE - FORNECIMENTO E INSTALAÇÃO. AF_03/2023","UN",6,40.92,245.52,1.2451346396918271E-4,0.99614151275693807]
[103029,"SINAPI","REGISTRO OU REGULADOR DE GÁS DE COZINHA - FORNECIMENTO E INSTALAÇÃO. AF_08/2021","UN",3,79.459999999999994,238.38,1.2089247124867129E-4,0.99626240522818676]
["ED-5439","SETOP","DISJUNTOR DE PROTEÇÃO DIFERENCIAL RESIDUAL (DR), TETRAPOLAR TIPO DIN, CORRENTE NOMINAL DE 40A, SENSIBILIDADE DE 30MA, FORNECIMENTO E INSTALAÇÃO, INCLUSIVE TERMINAL ILHÓS","un",1,233.13,233.13,1.1822997660123643E-4,0.99638063520478803]
["ED-50326","SETOP","TORNEIRA METÁLICA PARA PIA, ABERTURA 1/4 DE VOLTA, ACABAMENTO CROMADO, COM AREJADOR, APLICAÇÃO DE PAREDE","un",3,76.34,229.02,1.1614562364867313E-4,0.99649678082843673]
[101917,"SINAPI","MANÔMETRO 0 A 200 PSI (0 A 14 KGF/CM2), D = 50MM - FORNECIMENTO E INSTALAÇÃO. AF_10/2020","UN",1,222.89,222.89,1.130368441841444E-4,0.99660981767262091]
[89617,"SINAPI","TE, PVC, SOLDÁVEL, DN 25MM, INSTALADO EM PRUMADA DE ÁGUA - FORNECIMENTO E INSTALAÇÃO. AF_06/2022","UN",23,9.34,214.82,1.0894420955465881E-4,0.99671876188217556]
[89362,"SINAPI","JOELHO 90 GRAUS, PVC, SOLDÁVEL, DN 25MM, INSTALADO EM RAMAL OU SUB-RAMAL DE ÁGUA - FORNECIMENTO E INSTALAÇÃO. AF_06/2022","UN",18,11.91,214.38,1.0872106714611189E-4,0.99682748294932166]
[89383,"SINAPI","ADAPTADOR CURTO COM BOLSA E ROSCA PARA REGISTRO, PVC, SOLDÁVEL, DN 25MM X 3/4 , INSTALADO EM RAMAL OU SUB-RAMAL DE ÁGUA - FORNECIMENTO E INSTALAÇÃO. AF_06/2022","UN",26,8.24,214.24,1.0865006728884696E-4,0.99693613301661055]
[103999,"SINAPI","BUCHA DE REDUÇÃO, LONGA, PVC, SOLDÁVEL, DN 50 X 25 MM, INSTALADO EM RAMAL DE DISTRIBUIÇÃO DE ÁGUA - FORNECIMENTO E INSTALAÇÃO. AF_06/2022","UN",14,15.19,212.66,1.0784878318542846E-4,0.99704398179979603]
[89732,"SINAPI","JOELHO 45 GRAUS, PVC, SERIE NORMAL, ESGOTO PREDIAL, DN 50 MM, JUNTA ELÁSTICA, FORNECIDO E INSTALADO EM RAMAL DE DESCARGA OU RAMAL DE ESGOTO SANITÁRIO. AF_08/2022","UN",11,19.329999999999998,212.63,1.0783356893030026E-4,0.99715181536872632]
["ED-49821","SETOP","MANGUEIRA PLÁSTICA PARA GÁS D = 3/8\" X 1,50 M","U",6,33.14,198.84,1.0084008298970467E-4,0.99725265545171604]
[93654,"SINAPI","DISJUNTOR MONOPOLAR TIPO DIN, CORRENTE NOMINAL DE 16A - FORNECIMENTO E INSTALAÇÃO. AF_10/2020","UN",10,19.73,197.3,1.0005908455979046E-4,0.99735271453627583]
["ED-29400","SETOP","PLACA FOTOLUMINESCENTE PARA SINALIZAÇÃO DE EMERGÊNCIA, TIPO \"S3\", DIMENSÃO (380X190)MM, INCLUSIVE FIXAÇÃO","un",6,32.47,194.82,9.8801372802525969E-5,0.99745151590907832]
[96988,"SINAPI","MASTRO 1 ½\", COM 3 METROS, PARA SPDA - FORNECIMENTO E INSTALAÇÃO. AF_08/2023","UN",1,193.47,193.47,9.8116731321757012E-5,0.99754963264040009]
[89750,"SINAPI","CURVA LONGA 90 GRAUS, PVC, SERIE NORMAL, ESGOTO PREDIAL, DN 100 MM, JUNTA ELÁSTICA, FORNECIDO E INSTALADO EM RAMAL DE DESCARGA OU RAMAL DE ESGOTO SANITÁRIO. AF_08/2022","UN",2,96.67,193.34,9.8050802882868152E-5,0.99764768344328292]
[98529,"SINAPI","CORTE RASO E RECORTE DE ÁRVORE COM DIÂMETRO DE TRONCO MAIOR OU IGUAL A 0,20 M E MENOR QUE 0,40 M. AF_03/2024","UN",2,92.92,185.84,9.4247239100818335E-5,0.9977419306823837]
[92905,"SINAPI","UNIÃO, EM FERRO GALVANIZADO, CONEXÃO ROSQUEADA, DN 20 (3/4\"), INSTALADO EM RAMAIS E SUB-RAMAIS DE GÁS - FORNECIMENTO E INSTALAÇÃO. AF_10/2020","UN",3,59.98,179.94,9.1255102258939143E-5,0.99783318578464264]
["DAC-16.1","CPU","INSTALAÇÃO DO NIPLE DE FERRO GALVANIZADO, COM ROSCA BSP, DE 1/2\"","UN    ",9,19.59,176.31,8.9414177388427035E-5,0.99792259996203103]
[100977,"SINAPI","CARGA, MANOBRA E DESCARGA DE SOLOS E MATERIAIS GRANULARES EM CAMINHÃO BASCULANTE 6 M³ - CARGA COM ESCAVADEIRA HIDRÁULICA (CAÇAMBA DE 1,20 M³ / 155 HP) E DESCARGA LIVRE (UNIDADE: M3). AF_07/2020","M3",16.18,9.9600000000000009,161.15,8.1725907130310343E-5,0.99800432586916132]
[92699,"SINAPI","JOELHO 90 GRAUS, EM FERRO GALVANIZADO, CONEXÃO ROSQUEADA, DN 15 (1/2\"), INSTALADO EM RAMAIS E SUB-RAMAIS DE GÁS - FORNECIMENTO E INSTALAÇÃO. AF_10/2020","UN",6,25.54,153.24,7.7714415194841813E-5,0.99808204028435621]
[89709,"SINAPI","RALO SIFONADO, PVC, DN 100 X 40 MM, JUNTA SOLDÁVEL, FORNECIDO E INSTALADO EM RAMAL DE DESCARGA OU EM RAMAL DE ESGOTO SANITÁRIO. AF_08/2022","UN",6,25.32,151.91999999999999,7.7044987969201027E-5,0.99815908527232544]
[89810,"SINAPI","JOELHO 45 GRAUS, PVC, SERIE NORMAL, ESGOTO PREDIAL, DN 100 MM, JUNTA ELÁSTICA, FORNECIDO E INSTALADO EM PRUMADA DE ESGOTO SANITÁRIO OU VENTILAÇÃO. AF_08/2022","UN",4,36.42,145.68,7.3880422902535599E-5,0.99823296569522801]
[97913,"SINAPI","TRANSPORTE COM CAMINHÃO BASCULANTE DE 6 M³, EM VIA URBANA EM REVESTIMENTO PRIMÁRIO (UNIDADE: M3XKM). AF_07/2020","M3XKM",32.36,4.2,135.91,6.8925647149118698E-5,0.99830189134237712]
["DAC-13.3","CPU","JUNÇÃO SIMPLES, PVC, SERIE NORMAL, ESGOTO PREDIAL, DN 100 X 75 MM, JUNTA ELÁSTICA, FORNECIDO E INSTALADO","UN    ",2,64.87,129.74,6.579658201108572E-5,0.99836768792438824]
["COT-INC-001","COTAÇÃO","PLACA FOTOLUMINESCENTE PARA SINALIZAÇÃO DE EMERGÊNCIA, TIPO \"P1\", DIÂMETRO DE 300MM, EXCLUSIVE FIXAÇÃO","UN ",2,62.33,124.66,6.322030147604398E-5,0.99843090822586433]
["ED-15763","SETOP","CONJUNTO DE UM (1) MÓDULO COM FURO PARA SAÍDA DE FIO Ø10MM, COM PLACA 4\"X2\" DE UM (1) POSTO, INCLUSIVE FORNECIMENTO, INSTALAÇÃO, SUPORTE, MÓDULO E PLACA","un",6,20.38,122.28,6.2013303902540168E-5,0.99849292152976687]
[97650,"SINAPI","REMOÇÃO DE TRAMA DE MADEIRA PARA COBERTURA, DE FORMA MANUAL, SEM REAPROVEITAMENTO. AF_09/2023","M2",12,9.67,116.04,5.8848738835874727E-5,0.99855177026860276]
["ED-48375","SETOP","RÉGUA COM 8 TOMADAS (2P+T), PARA FIXAÇÃO NO RACK DE 19\" (1U)","un",1,112.17,112.17,5.6886099924337024E-5,0.99860865636852714]
[92705,"SINAPI","TÊ, EM FERRO GALVANIZADO, CONEXÃO ROSQUEADA, DN 20 (3/4\"), INSTALADO EM RAMAIS E SUB-RAMAIS DE GÁS - FORNECIMENTO E INSTALAÇÃO. AF_10/2020","UN",2,55.31,110.62,5.610003007604673E-5,0.99866475639860319]
[89796,"SINAPI","TE, PVC, SERIE NORMAL, ESGOTO PREDIAL, DN 100 X 100 MM, JUNTA ELÁSTICA, FORNECIDO E INSTALADO EM RAMAL DE DESCARGA OU RAMAL DE ESGOTO SANITÁRIO. AF_08/2022","UN",2,53.11,106.22,5.3868605990577501E-5,0.99871862500459374]
["DAC-21.5","CPU","INSTALAÇÃO DE ADESIVO DE SINALIZAÇÃO PARA CADEIRANTE PARA PISO","UN",8,13.23,105.84,5.3675892092286981E-5,0.998772300896686]
["DAC-2.3","CPU","REMOÇÃO DE ESTRUTURA EM MADEIRA, SEM REAPROVEITAMENTO ","UN",1,98.83,98.83,5.0120827810664419E-5,0.99882242172449665]
[89400,"SINAPI","TÊ DE REDUÇÃO, PVC, SOLDÁVEL, DN 32MM X 25MM, INSTALADO EM RAMAL OU SUB-RAMAL DE ÁGUA - FORNECIMENTO E INSTALAÇÃO. AF_06/2022","UN",4,24.57,98.28,4.9841899799980767E-5,0.9988722636242966]
["ED-50201","SETOP","PLACA FOTOLUMINESCENTE PARA SINALIZAÇÃO DE EMERGÊNCIA, TIPO \"S2\", DIMENSÃO (380X190)MM, INCLUSIVE FIXAÇÃO","un",3,32.47,97.41,4.9400686401262985E-5,0.99892166431069784]
[44539,"SINAPI","FERTILIZANTE NPK -  10:10:10","KG",24,3.79,90.96,4.6129621548700141E-5,0.99896779393224655]
[89378,"SINAPI","LUVA, PVC, SOLDÁVEL, DN 25MM, INSTALADO EM RAMAL OU SUB-RAMAL DE ÁGUA - FORNECIMENTO E INSTALAÇÃO. AF_06/2022","UN",10,8.7899999999999991,87.9,4.4577767525623824E-5,0.99901237169977219]
["ED-50199","SETOP","PLACA FOTOLUMINESCENTE PARA SINALIZAÇÃO DE EMERGÊNCIA, TIPO \"E5\", DIMENSÃO (300X300)MM, INCLUSIVE FIXAÇÃO","un",4,21.83,87.32,4.4283625259811967E-5,0.99905665532503196]
["ED-50331","SETOP","TORNEIRA METÁLICA PARA TANQUE, ACABAMENTO CROMADO, BICO COM ROSCA","un",1,84.05,84.05,4.2625271450838247E-5,0.99909928059648279]
["DAC-12.1","CPU","ADAPTADOR COM FLANGES LIVRES, PVC, SOLDÁVEL, DN 50 MM X 1 1/2\", FORNECIMENTO E INSTALAÇÃO","UN    ",1,82.85,82.85,4.2016701245710282E-5,0.99914129729772849]
[90406,"SINAPI","MASSA ÚNICA, EM ARGAMASSA TRAÇO 1:2:8, PREPARO MECÂNICO, APLICADA MANUALMENTE EM TETO, E = 17,5MM, COM TALISCAS. AF_03/2024","M2",1.44,55.66,80.150000000000006,4.0647418284172353E-5,0.99918194471601263]
[89806,"SINAPI","JOELHO 45 GRAUS, PVC, SERIE NORMAL, ESGOTO PREDIAL, DN 75 MM, JUNTA ELÁSTICA, FORNECIDO E INSTALADO EM PRUMADA DE ESGOTO SANITÁRIO OU VENTILAÇÃO. AF_08/2022","UN",3,26.5,79.5,4.0317776089728033E-5,0.99922226249210233]
[89726,"SINAPI","JOELHO 45 GRAUS, PVC, SERIE NORMAL, ESGOTO PREDIAL, DN 40 MM, JUNTA SOLDÁVEL, FORNECIDO E INSTALADO EM RAMAL DE DESCARGA OU RAMAL DE ESGOTO SANITÁRIO. AF_08/2022","UN",6,13.14,78.84,3.9983062476907647E-5,0.99926224555457921]
["ED-48378","SETOP","TAMPA CEGA DE 1U PARA RACK 19\"","cj",3,24.98,74.94,3.8005209310241746E-5,0.9993002507638894]
["DAC-20.2","CPU","INSTALAÇÃO DE EXTINTOR DE INCÊNDIO TIPO PÓ QUÍMICO 4-A:40-B:C, CAPACIDADE 6 KG","UN",4,17.510000000000002,70.040000000000006,3.5520214305969203E-5,0.99933577097819537]
[89549,"SINAPI","REDUÇÃO EXCÊNTRICA, PVC, SERIE R, ÁGUA PLUVIAL, DN 75 X 50 MM, JUNTA ELÁSTICA, FORNECIDO E INSTALADO EM RAMAL DE ENCAMINHAMENTO. AF_06/2022","UN",3,23.06,69.180000000000007,3.5084072325627493E-5,0.99937085505052103]
[104348,"SINAPI","TERMINAL DE VENTILAÇÃO, PVC, SÉRIE NORMAL, ESGOTO PREDIAL, DN 50 MM, JUNTA SOLDÁVEL, FORNECIDO E INSTALADO EM PRUMADA DE ESGOTO SANITÁRIO OU VENTILAÇÃO. AF_08/2022","UN",5,13.72,68.599999999999994,3.4789930059815629E-5,0.99940564498058082]
[97649,"SINAPI","REMOÇÃO DE TELHAS DE FIBROCIMENTO, METÁLICA E CERÂMICA, DE FORMA MECANIZADA, COM USO DE GUINDASTE, SEM REAPROVEITAMENTO. AF_09/2023","M2",12,5.71,68.52,3.47493587128071E-5,0.99944039433929366]
[91957,"SINAPI","INTERRUPTOR SIMPLES (1 MÓDULO) COM INTERRUPTOR PARALELO (1 MÓDULO), 10A/250V, INCLUINDO SUPORTE E PLACA - FORNECIMENTO E INSTALAÇÃO. AF_03/2023","UN",1,64.42,64.42,3.267007717861987E-5,0.99947306441647232]
[4177,"SINAPI","NIPLE DE FERRO GALVANIZADO, COM ROSCA BSP, DE 1/2\"","UN",9,7.13,64.17,3.2543291719218209E-5,0.99950560770819152]
[91979,"SINAPI","INTERRUPTOR INTERMEDIÁRIO (1 MÓDULO), 10A/250V, INCLUINDO SUPORTE E PLACA - FORNECIMENTO E INSTALAÇÃO. AF_03/2023","UN",1,62.57,62.57,3.1731864779047584E-5,0.99953733957297053]
["ED-50207","SETOP","PLACA FOTOLUMINESCENTE PARA SINALIZAÇÃO DE EMERGÊNCIA, TIPO \"P2\", DIÂMETRO DE 300MM, INCLUSIVE FIXAÇÃO","un",2,29.41,58.82,2.9830082888022676E-5,0.99956716965585857]
["COT-HID-001","COTAÇÃO","CRUZETA PVC SOLDÁVEL, DN 50MM","UN ",1,58.12,58.12,2.9475083601698025E-5,0.9995966447394603]
[89593,"SINAPI","LUVA COM ROSCA, PVC, SOLDÁVEL, DN 50MM X 1.1/2 , INSTALADO EM PRUMADA DE ÁGUA - FORNECIMENTO E INSTALAÇÃO. AF_06/2022","UN",2,28.98,57.96,2.9393940907680966E-5,0.99962603868036803]
[91959,"SINAPI","INTERRUPTOR SIMPLES (2 MÓDULOS), 10A/250V, INCLUINDO SUPORTE E PLACA - FORNECIMENTO E INSTALAÇÃO. AF_03/2023","UN",1,56.4,56.4,2.8602799641014603E-5,0.99965464148000904]
[104341,"SINAPI","BUCHA DE REDUÇÃO LONGA, PVC, SÉRIE NORMAL, ESGOTO PREDIAL, DN 50 X 40 MM, JUNTA SOLDÁVEL E ELÁSTICA, FORNECIDO E INSTALADO EM RAMAL DE DESCARGA OU RAMAL DE ESGOTO SANITÁRIO. AF_08/2022","UN",4,13.44,53.76,2.7263945189733068E-5,0.99968190542519875]
[89384,"SINAPI","CURVA DE TRANSPOSIÇÃO, PVC, SOLDÁVEL, DN 25MM, INSTALADO EM RAMAL OU SUB-RAMAL DE ÁGUA   FORNECIMENTO E INSTALAÇÃO. AF_06/2022","UN",3,15.8,47.4,2.4038523102554826E-5,0.99970594394830126]
[89379,"SINAPI","LUVA DE CORRER, PVC, SOLDÁVEL, DN 25MM, INSTALADO EM RAMAL OU SUB-RAMAL DE ÁGUA - FORNECIMENTO E INSTALAÇÃO. AF_12/2014","UN",2,22.55,45.1,2.287209687605955E-5,0.99972881604517727]
["COT-DAD-009","COTAÇÃO","CONECTOR RJ45 - PACOTE COM 100 UNIDADES","UN ",1,43.64,43.64,2.2131669793153854E-5,0.99975094771497042]
["ED-50206","SETOP","PLACA FOTOLUMINESCENTE PARA SINALIZAÇÃO DE EMERGÊNCIA, TIPO \"A2\", DIMENSÃO DA BASE 300MM, INCLUSIVE FIXAÇÃO","un",2,21.47,42.94,2.1776670506829204E-5,0.99977272438547726]
["DAC-20.3","CPU","PINTURA ACRÍLICA PARA SINALIZAÇÃO HORIZONTAL EM PISO","UN",3,13.24,39.72,2.0143673789735815E-5,0.99979286805926704]
[89557,"SINAPI","REDUÇÃO EXCÊNTRICA, PVC, SERIE R, ÁGUA PLUVIAL, DN 100 X 75 MM, JUNTA ELÁSTICA, FORNECIDO E INSTALADO EM RAMAL DE ENCAMINHAMENTO. AF_06/2022","UN",1,38.61,38.61,1.9580746349992445E-5,0.99981244880561704]
[103951,"SINAPI","JOELHO DE REDUÇÃO, 90 GRAUS, PVC, SOLDÁVEL, DN 32 MM X 25 MM, INSTALADO EM RAMAL OU SUB-RAMAL DE ÁGUA - FORNECIMENTO E INSTALAÇÃO. AF_06/2022","UN",2,18.399999999999999,36.799999999999997,1.866281962392442E-5,0.99983111162524096]
[38095,"SINAPI","ESPELHO / PLACA CEGA 4\" X 4\", PARA INSTALACAO DE TOMADAS E INTERRUPTORES","UN",6,5.99,35.94,1.8226677643582708E-5,0.99984933830288458]
["ED-48487","SETOP","DEMOLIÇÃO MANUAL DE LAJE DE CONCRETO ARMADO, COM ESPESSURA DE ATÉ 15CM, INCLUSIVE AFASTAMENTO E EMPILHAMENTO, EXCLUSIVE TRANSPORTE E RETIRADA DO MATERIAL DEMOLIDO","m2",0.64,55.21,35.33,1.7917321122642659E-5,0.99986725562400725]
[89367,"SINAPI","JOELHO 90 GRAUS, PVC, SOLDÁVEL, DN 32MM, INSTALADO EM RAMAL OU SUB-RAMAL DE ÁGUA - FORNECIMENTO E INSTALAÇÃO. AF_06/2022","UN",2,16.28,32.56,1.651253823247226E-5,0.99988376816223967]
["DAC-21.2","CPU","INSTALAÇÃO CHAPA DE PROTEÇÃO IMPACTO PARA PORTA 40X80","UN",6,5.28,31.68,1.6066253415378415E-5,0.999899834415655]
[100574,"SINAPI","ESPALHAMENTO DE MATERIAL COM TRATOR DE ESTEIRAS. AF_09/2024","M3",16.18,1.82,29.45,1.4935327117515604E-5,0.99991476974277249]
["DAC-20.1","CPU","FIXAÇÃO DE PLACAS FOTOLUMINESCENTES PARA SINALIZAÇÃO DE EMERGÊNCIA","UN",2,14,28,1.4199971452985973E-5,0.99992896971422551]
[94658,"SINAPI","ADAPTADOR CURTO COM BOLSA E ROSCA PARA REGISTRO, PVC, SOLDÁVEL, DN 32 MM X 1\", INSTALADO EM RESERVAÇÃO PREDIAL DE ÁGUA - FORNECIMENTO E INSTALAÇÃO. AF_04/2024","UN",4,6.27,25.08,1.2719117287174577E-5,0.99994168883151269]
[98521,"SINAPI","APLICAÇÃO DE CALCÁRIO PARA CORREÇÃO DO PH DO SOLO. AF_07/2024","M2",58.43,0.41,23.96,1.215111842905514E-5,0.99995383994994169]
[89827,"SINAPI","JUNÇÃO SIMPLES, PVC, SERIE NORMAL, ESGOTO PREDIAL, DN 50 X 50 MM, JUNTA ELÁSTICA, FORNECIDO E INSTALADO EM PRUMADA DE ESGOTO SANITÁRIO OU VENTILAÇÃO. AF_08/2022","UN",1,23.96,23.96,1.215111842905514E-5,0.9999659910683707]
["DAC-12.2","CPU","INSTALAÇÃO DA CRUZETA DN 5 MM","UN    ",1,20.68,20.68,1.0487693201705354E-5,0.99997647876157236]
[104003,"SINAPI","BUCHA DE REDUÇÃO , LONGA, PVC, SOLDÁVEL, DN 50 X 32 MM, INSTALADO EM RAMAL DE DISTRIBUIÇÃO DE ÁGUA - FORNECIMENTO E INSTALAÇÃO. AF_06/2022","UN",1,17.760000000000002,17.760000000000002,9.0068390358939613E-6,0.99998548560060829]
[89541,"SINAPI","LUVA, PVC, SOLDÁVEL, DN 32MM, INSTALADO EM PRUMADA DE ÁGUA - FORNECIMENTO E INSTALAÇÃO. AF_06/2022","UN",2,7.76,15.52,7.8708413196550823E-6,0.99999335644192799]
["DAC-22.1","CPU","APLICAÇÃO DE FERTILIZANTE EM SOLO","M2    ",7.1999999999999993,1.82,13.1,6.6435580726470084E-6,1.0000000000000007]
[]
[]
[]
[]
[]
[]
[]
[]
[]
[]
[]
[]
[]
[]
[]
[]
[]
[]
[]
[]
[]
[]
[]
[]
[]
[]
[]
[]
[]
[]
[]
[]
[]
[]
[]
[]
[]
[]
[]
[]
[]
[]
[]
[]
[]
[]
[]
[]
[]
[]
[]
[]
[]
[]
[]
[]
[]
[]
[]
[]
[]
[]
[]
[]
[]
[]
[]
[]
[]
[]
[]
[]
[]
[]
[]
["TOTAL INCLUINDO ADMINISTRAÇÃO",null,null,null,null,null,null,{"$f":"ORC!M2067","v":1558649.5499999996}]
["BDI",null,null,null,null,null,null,{"$f":"ORC!M2068","v":413185.40000000014}]
["TOTAL GERAL",null,null,null,null,null,null,{"$f":"IF(ORC!M2069=SUM(G:G),ORC!M2069,\"ERRO\")","v":1971834.9499999997}]
[]
[]
[]
[]
[]
[]
[null,null,"RESPONSÁVEL TÉCNICO:",{"$f":"DADOS!D16","v":"ALOISIO CAETANO FERREIRA"}]
[null,null,null,{"$f":"DADOS!D18","v":"CREA -  MG 97.132/D"}]

{"sheet":"Auxiliar_ABC","index":5,"n_rows":326,"n_cols":24,"rows_kept":326,"cut":false,"hidden":true,"merged":[]}
["ED-48298","SETOP","CORTE, DOBRA E MONTAGEM DE AÇO CA-50/60, INCLUSIVE ESPAÇADOR","Kg",4913.9999999999991,17.239999999999998,84717.37,4.2963722699001797E-2,4.2963722699001797E-2,null,null,null,null,null,null,null,null,"QUANTIDADE TOTAL",null,null,null,"VALOR TOTAL","%",{"$f":"W1","v":"%"}]
[103318,"SINAPI","ALVENARIA DE VEDAÇÃO DE BLOCOS VAZADOS DE CONCRETO DE 14X19X39 CM (ESPESSURA 14 CM)  E ARGAMASSA DE ASSENTAMENTO COM PREPARO EM BETONEIRA. AF_12/2021","M2",554.54,130.22999999999999,72217.740000000005,3.6624637371398691E-2,7.9588360070400488E-2,null,null,null,null,null,null,null,null,{"$f":"SUMIF(ORC!$F:$F,O2,ORC!$I:$I)","v":0},null,null,null,{"$f":"SUMIF(ORC!$F:$F,O2,ORC!$N:$N)","v":0},{"$f":"V2/SUM($I:$I)","v":0},{"$f":"W2+X1","v":{"$error":"#VALUE!"}}]
["COT-HID-002","COTAÇÃO","RESERVATÓRIO TIPO TAÇA, COLUNA SECA, 35.000 LITROS - FORNECIMENTO E INSTALAÇÃO","UN ",1,69839.039999999994,69839.039999999994,3.5418299082283763E-2,0.11500665915268425]
["DAC-10.1","CPU","EXECUÇÃO DE PASSEIO (CALÇADA) OU PISO DE CONCRETO COM CONCRETO MOLDADO IN LOCO, USINADO, ACABAMENTO CONVENCIONAL, ESPESSURA 10 CM, ARMADO","M2",433.05999999999995,158.46,68622.69,3.4801437108110927E-2,0.14980809626079516]
["DAC-5.2","CPU","ESTACA DO TIPO STRAUSS, COM DIÂMETRO DE 32CM, CONCRETO C-20, ARMAÇÃO, MOBILIZAÇÃO E DESMOBILIZAÇÃO","M",336,198.58,66722.880000000005,3.3837963973607457E-2,0.18364606023440261]
["DAC-15.2","CPU","CANALETA DE CONCRETO ARMADO 0,30 X 0,20M - INCLUSIVE GRELHA EM FERRO FUNDIDO","M",97.04,564.53,54781.99,2.7782239076348681E-2,0.2114282993107513]
[87779,"SINAPI","EMBOÇO OU MASSA ÚNICA EM ARGAMASSA TRAÇO 1:2:8, PREPARO MECÂNICO COM BETONEIRA 400 L, APLICADA MANUALMENTE EM PANOS DE FACHADA COM PRESENÇA DE VÃOS, ESPESSURA DE 35 MM. AF_08/2022","M2",550.62,90.67,49924.72,2.5318914242797069E-2,0.23674721355354836]
[92450,"SINAPI","MONTAGEM E DESMONTAGEM DE FÔRMA DE VIGA, ESCORAMENTO METÁLICO, PÉ-DIREITO DUPLO, EM CHAPA DE MADEIRA RESINADA, 2 UTILIZAÇÕES. AF_09/2020","M2",117.39000000000001,376.37,44182.07,2.2406576169065284E-2,0.25915378972261366]
[94440,"SINAPI","TELHAMENTO COM TELHA CERÂMICA DE ENCAIXE, TIPO FRANCESA, COM ATÉ 2 ÁGUAS, INCLUSO TRANSPORTE VERTICAL. AF_07/2019","M2",470.88299999999992,85.08,40062.47,2.0317354654860963E-2,0.27947114437747461]
[92569,"SINAPI","TRAMA DE AÇO COMPOSTA POR RIPAS E CAIBROS PARA TELHADOS DE ATÉ 2 ÁGUAS PARA TELHA DE ENCAIXE DE CERÂMICA OU DE CONCRETO, INCLUSO TRANSPORTE VERTICAL. AF_07/2019","M2",470.88299999999992,82.16,38687.5,1.9620049842406957E-2,0.29909119421988156]
["ED-29484","SETOP","JANELA EM ALUMÍNIO DE CORRER COM 2 FOLHAS, LINHA 25/SUPREMA, ACABAMENTO ANODIZADO NATURAL, INCLUSIVE PERFIS, VIDRO 4MM E INSTALAÇÃO, EXCLUSIVE FERRAGENS PARA JANELA DE ALUMÍNIO DE CORRER","m2",34.5,1107.69,38215.31,1.9380582538107476E-2,0.31847177675798904]
["ED-50754","SETOP","REVESTIMENTO COM PORCELANATO APLICADO EM PISO, ACABAMENTO POLÍDO, AMBIENTE INTERNO, PADRÃO EXTRA, BORDA RETIFICADA, DIMENSÃO DA PEÇA (60X60)CM, ASSENTAMENTO COM ARGAMASSA INDUSTRIALIZADA, INCLUSIVE REJUNTAMENTO","m2",283.20999999999998,129.66999999999999,36723.839999999997,1.86241957015723E-2,0.33709597245956135]
["ED-29823","SETOP","TAPUME FIXO DE PROTEÇÃO PARA FECHAMENTO DE OBRA EM TELHA METÁLICA GALVANIZADA, TIPO TRAPEZOIDAL, ESP. 0,5MM, COM MÓDULO NA DIMENSÃO DE (300X220)CM, COM REAPROVEITAMENTO, EXCLUSIVE PINTURA ESMALTE, INCLUSIVE PONTALETE E FIXAÇÃO","m2",463.65,77.650000000000006,36002.42,1.8258333437086115E-2,0.35535430589664746]
[92446,"SINAPI","MONTAGEM E DESMONTAGEM DE FÔRMA DE VIGA, ESCORAMENTO COM PONTALETE DE MADEIRA, PÉ-DIREITO SIMPLES, EM MADEIRA SERRADA, 1 UTILIZAÇÃO. AF_09/2020","M2",79.02000000000001,444.33,35110.959999999999,1.7806236774533298E-2,0.37316054267118076]
["ED-9081","SETOP","REVESTIMENTO COM CERÂMICA APLICADO EM PAREDE, ACABAMENTO ESMALTADO, AMBIENTE INTERNO/EXTERNO, PADRÃO EXTRA, DIMENSÃO DA PEÇA ATÉ 2025 CM2, PEI III, ASSENTAMENTO COM ARGAMASSA INDUSTRIALIZADA, INCLUSIVE REJUNTAMENTO","m2",383.11,90.39,34629.31,1.7561971908450061E-2,0.39072251457963081]
["ED-49806","SETOP","FORNECIMENTO DE CONCRETO ESTRUTURAL, USINADO BOMBEADO, COM FCK 30MPA, INCLUSIVE LANÇAMENTO, ADENSAMENTO E ACABAMENTO (FUNDAÇÃO)","m3",35.159999999999997,929.07,32666.09,1.6566340910023947E-2,0.40728885548965477]
[87529,"SINAPI","MASSA ÚNICA, EM ARGAMASSA TRAÇO 1:2:8, PREPARO MECÂNICO, APLICADA MANUALMENTE EM PAREDES INTERNAS DE AMBIENTES COM ÁREA ENTRE 5M² E 10M², E = 17,5MM, COM TALISCAS. AF_03/2024","M2",661.91,47.02,31123.01,1.5783780483249892E-2,0.42307263597290468]
["ED-49810","SETOP","FÔRMA E DESFORMA PARA VIGA-CINTA/BLOCO COM TÁBUA E SARRAFO, REAPROVEITAMENTO (3X) (FUNDAÇÃO)","m2",346.17999999999995,88.65,30688.86,1.5563604854452968E-2,0.43863624082735764]
[94229,"SINAPI","CALHA EM CHAPA DE AÇO GALVANIZADO NÚMERO 24, DESENVOLVIMENTO DE 100 CM, INCLUSO TRANSPORTE VERTICAL. AF_07/2019","M",115.16,247.81,28537.8,1.4472712333250825E-2,0.45310895316060845]
["ED-51096","SETOP","COMPACTAÇÃO MECANIZADA DE ATERRO COM PLACA VIBRATÓRIA, INCLUSIVE ESPALHAMENTO MANUAL","m3",429.5,64.47,27689.87,1.4042691554889025E-2,0.46715164471549747]
["DAC-14.1","CPU","BANCADA EM AÇO INOX COM RODABANCA","M2",9.2999999999999989,2646.1,24608.73,1.2480116553365696E-2,0.47963176126886314]
["DAC-5.4","CPU","LAJE TRELIÇADA H=12 CM - INCLUSO MONTAGEM E FORNECIMENTO DE TODOS OS MATERIAIS","M2",131.66,186.08,24499.29,1.2424614950658027E-2,0.4920563762195212]
["DAC-5.5","CPU","LAJE TRELIÇADA H=16 CM - INCLUSO MONTAGEM E FORNECIMENTO DE TODOS OS MATERIAIS","M2",117.69,205.06,24133.51,1.2239112609298268E-2,0.50429548882881947]
["ED-49639","SETOP","FORNECIMENTO DE CONCRETO ESTRUTURAL, USINADO BOMBEADO, COM FCK 30MPA, INCLUSIVE LANÇAMENTO, ADENSAMENTO E ACABAMENTO","m3",24.72,947.68,23426.639999999999,1.188062925854926E-2,0.51617611808736874]
["ED-51017","SETOP","ATERRAMENTO COMPLETO PARA PARA-RAIOS, COM HASTE DE COBRE DE ALTA CAMADA, TIPO COPPERWELD, DIÂMETRO DE 3/4\", COMPRIMENTO DE 240CM, EXCLUSIVE CABO, INCLUSIVE CAIXA DE INSPEÇÃO COM TAMPA EM FERRO FUNDIDO E GRAMPO PARA HASTE","un",16,1453.84,23261.439999999999,1.1796849426976643E-2,0.52797296751434541]
[6077,"SINAPI","ARGILA OU BARRO PARA ATERRO/REATERRO (RETIRADO NA JAZIDA, SEM TRANSPORTE)","M3",477.22222222222223,47.25,22548.65,1.1435363796549006E-2,0.53940833131089438]
["DAC-15.1","CPU","CANALETA DE CONCRETO ARMADO 0,20 X 0,20M - INCLUSIVE GRELHA EM FERRO FUNDIDO","M",56.2,388.84,21852.81,1.1082474220268802E-2,0.55049080553116314]
[95875,"SINAPI","TRANSPORTE COM CAMINHÃO BASCULANTE DE 10 M³, EM VIA URBANA PAVIMENTADA, DMT ATÉ 30 KM (UNIDADE: M3XKM). AF_07/2020","M3XKM",6762.3121111111104,3.2,21639.39,1.097424000928679E-2,0.56146504554044996]
[98555,"SINAPI","IMPERMEABILIZAÇÃO DE SUPERFÍCIE COM ARGAMASSA POLIMÉRICA / MEMBRANA ACRÍLICA, 3 DEMÃOS. AF_09/2023","M2",539.505,38.950000000000003,21013.91,1.0657032932700589E-2,0.57212207847315055]
["ED-13935","SETOP","CABO DE COBRE NU #50 MM2 - 7 FIOSX3,00MM, PARA ELEMENTOS DE CAPTAÇÃO/ANEL DE CINTAMENTO (SPDA), INCLUSIVE PRESILHA DE FIXAÇÃO","m",257.3,76.34,19642.28,9.96142197398419E-3,0.58208350044713475]
["ED-51131","SETOP","CARGA MANUAL DE MATERIAL DE QUALQUER NATUREZA SOBRE CAMINHÃO, EXCLUSIVE TRANSPORTE","m3",365.84045999999995,52.98,19382.199999999997,9.8295245248594537E-3,0.59191302497199416]
["ED-50155","SETOP","LOCAÇÃO DE BANHEIRO QUÍMICO, DIMENSÃO (110X120X230)CM, LINHA PADRÃO, CONTENDO UMA (1) PIA/HIGIENIZADOR DE MÃOS, INCLUSIVE MANUTENÇÃO E MOBILIZAÇÃO/DESMOBILIZAÇÃO","mês",16,1138.68,18218.88,9.2395562823348962E-3,0.60115258125432902]
[92990,"SINAPI","CABO DE COBRE FLEXÍVEL ISOLADO, 70 MM², ANTI-CHAMA 0,6/1,0 KV, PARA REDE ENTERRADA DE DISTRIBUIÇÃO DE ENERGIA ELÉTRICA - FORNECIMENTO E INSTALAÇÃO. AF_12/2021","M",183.36,97.49,17875.77,9.0655508464336804E-3,0.6102181321007627]
[99059,"SINAPI","LOCAÇÃO CONVENCIONAL DE OBRA, UTILIZANDO GABARITO DE TÁBUAS CORRIDAS PONTALETADAS A CADA 2,00M -  2 UTILIZAÇÕES. AF_03/2024","M",202.15,88.42,17874.099999999999,9.0647039195648777E-3,0.61928283602032763]
[92415,"SINAPI","MONTAGEM E DESMONTAGEM DE FÔRMA DE PILARES RETANGULARES E ESTRUTURAS SIMILARES, PÉ-DIREITO SIMPLES, EM CHAPA DE MADEIRA COMPENSADA RESINADA, 2 UTILIZAÇÕES. AF_09/2020","M2",98.899999999999991,178.6,17663.54,8.9579201342384236E-3,0.62824075615456609]
[92261,"SINAPI","INSTALAÇÃO DE TESOURA (INTEIRA OU MEIA), BIAPOIADA, EM MADEIRA NÃO APARELHADA, PARA VÃOS MAIORES OU IGUAIS A 8,0 M E MENORES QUE 10,0 M, INCLUSO IÇAMENTO. AF_07/2019","UN",20,880.99,17619.8,8.9357377502615083E-3,0.63717649390482756]
["ED-48533","SETOP","DIVISÓRIA EM GRANITO CINZA ANDORINHA, ESP. 3CM, INCLUSIVE INSTALAÇÃO, FERRAGENS EM LATÃO CROMADO E ACESSÓRIOS","m2",21.05,833.12,17537.18,8.8938376916384478E-3,0.64607033159646599]
[87630,"SINAPI","CONTRAPISO EM ARGAMASSA TRAÇO 1:4 (CIMENTO E AREIA), PREPARO MECÂNICO COM BETONEIRA 400 L, APLICADO EM ÁREAS SECAS SOBRE LAJE, ADERIDO, ACABAMENTO NÃO REFORÇADO, ESPESSURA 3CM. AF_07/2021","M2",330.45,51.45,17001.650000000001,8.6222480233449639E-3,0.65469257961981098]
["COT-ARQ-001","COTAÇÃO","COBERTURA DE POLICARBONATO 2,00 MM, INCLUSIVE ESTRUTURA METÁLICA, CALHAS E PINTURA","M2",20.100000000000001,842.53,16934.849999999999,8.5883709485928394E-3,0.66328095056840386]
["ED-50474","SETOP","EMASSAMENTO EM PAREDE COM MASSA ACRÍLICA, DUAS (2) DEMÃOS, INCLUSIVE LIXAMENTO PARA PINTURA","m2",550.62,29.61,16303.86,8.2683695204814247E-3,0.67154932008888524]
[92417,"SINAPI","MONTAGEM E DESMONTAGEM DE FÔRMA DE PILARES RETANGULARES E ESTRUTURAS SIMILARES, PÉ-DIREITO DUPLO, EM CHAPA DE MADEIRA COMPENSADA RESINADA, 2 UTILIZAÇÕES. AF_09/2020","M2",76.91,208.4,16028.04,8.1284896588327618E-3,0.67967780974771796]
["ED-13338","SETOP","LUMINÁRIA COMERCIAL CHANFRADA DE SOBREPOR COMPLETA, PARA DUAS (2) LÂMPADAS TUBULARES LED 2X18W-ØT8, TEMPERATURA DA COR 6500K, FORNECIMENTO E INSTALAÇÃO, INCLUSIVE BASE E LÂMPADAS","un",68,218.57,14862.76,7.5375274183064932E-3,0.68721533716602445]
["DAC-5.3","CPU","ESTACA DO TIPO BROCA MANUAL, COM DIÂMETRO DE 25CM, CONCRETO C-20, COM ARMAÇÃO","M",91,152.62,13888.42,7.0433988402528371E-3,0.6942587360062773]
["DAC-5.1","CPU","ESTACA DO TIPO ESCAVADA COM TRADO MECÂNICO, SEM FLUIDO ESTABILIZANTE, COM DIÂMETRO DE 30CM, CONCRETO C-25 LANÇADO POR CAMINHÃO BETONEIRA (EXCLUSIVE MOBILIZAÇÃO E DESMOBILIZAÇÃO) ","M",81,169.48,13727.88,6.9619822896434666E-3,0.70122071829592081]
[93202,"SINAPI","FIXAÇÃO (ENCUNHAMENTO) DE ALVENARIA DE VEDAÇÃO COM TIJOLO MACIÇO. AF_03/2024","M",352.15999999999997,34.840000000000003,12269.25,6.2222499910552908E-3,0.70744296828697606]
[91834,"SINAPI","ELETRODUTO FLEXÍVEL CORRUGADO, PVC, DN 25 MM (3/4\"), PARA CIRCUITOS TERMINAIS, INSTALADO EM FORRO - FORNECIMENTO E INSTALAÇÃO. AF_03/2023","M",504.91,22.55,11385.72,5.7741749632746944E-3,0.71321714325025076]
[98680,"SINAPI","PISO CIMENTADO, TRAÇO 1:3 (CIMENTO E AREIA), ACABAMENTO LISO, ESPESSURA 3,0 CM, PREPARO MECÂNICO DA ARGAMASSA. AF_09/2020","M2",177.01,63.65,11266.69,5.7138098703443767E-3,0.71893095312059518]
[95626,"SINAPI","APLICAÇÃO MANUAL DE TINTA LÁTEX ACRÍLICA EM PAREDE EXTERNAS DE CASAS, DUAS DEMÃOS. AF_03/2024","M2",550.62,20.25,11150.06,5.6546619178243131E-3,0.72458561503841945]
["DAC-5.6","CPU","LAJE TRELIÇADA H=20 CM - INCLUSO MONTAGEM E FORNECIMENTO DE TODOS OS MATERIAIS","M2",38.15,282.24,10767.46,5.4606294507560122E-3,0.73004624448917543]
["ED-48245","SETOP","MONTAGEM E DESMONTAGEM DE ANDAIME METÁLICO PARA FACHADA COM PISO METÁLICO, INCLUSIVE RODAPÉ/GUARDA-CORPO EM MADEIRA, EXCLUSIVE FORNECIMENTO DO ANDAIME","m2",551,19.190000000000001,10573.69,5.3623605768829737E-3,0.73540860506605843]
[93358,"SINAPI","ESCAVAÇÃO MANUAL DE VALA. AF_09/2024","M3",98.676199999999994,104.69,10330.81,5.2391859673650721E-3,0.74064779103342349]
[87745,"SINAPI","CONTRAPISO EM ARGAMASSA TRAÇO 1:4 (CIMENTO E AREIA), PREPARO MECÂNICO COM BETONEIRA 400 L, APLICADO EM ÁREAS MOLHADAS SOBRE LAJE, ADERIDO, ACABAMENTO NÃO REFORÇADO, ESPESSURA 3CM. AF_07/2021","M2",151.21,67.040000000000006,10137.120000000001,5.1409576648390421E-3,0.7457887486982625]
["ED-9076","SETOP","FORNECIMENTO DE ANDAIME METÁLICO TUBULAR TIPO TORRE (LOCAÇÃO), INCLUSIVE RODÍZIOS, EXCLUSIVE MONTAGEM E DESMONTAGEM","mxmês",360,27.83,10018.799999999999,5.0809526426134231E-3,0.75086970134087594]
[87414,"SINAPI","APLICAÇÃO MANUAL DE GESSO DESEMPENADO (SEM TALISCAS) EM TETO DE AMBIENTES DE ÁREA MAIOR QUE 10M², ESPESSURA DE 1,0CM. AF_03/2023","M2",284.02999999999997,34.35,9756.43,4.9478938386805695E-3,0.75581759517955649]
["ED-51019","SETOP","BARRA CHATA DE ALUMÍNIO 7/8\" X 1/8\" X 3M","U",261,37,9657,4.8974687257673406E-3,0.76071506390532384]
["ED-9075","SETOP","FORNECIMENTO DE ANDAIME METÁLICO PARA FACHADA (LOCAÇÃO), INCLUSIVE PISO METÁLICO E SAPATAS, EXCLUSIVE MONTAGEM E DESMONTAGEM","m2xmês",560,17.079999999999998,9564.7999999999993,4.8507102483400077E-3,0.76556577415366389]
[98510,"SINAPI","PLANTIO DE ÁRVORE ORNAMENTAL COM ALTURA DE MUDA MENOR OU IGUAL A 2,00 M . AF_07/2024","UN",80,115.23,9218.4,4.6750363157930675E-3,0.77024081046945692]
["ED-32098","SETOP","GUARDA-CORPO EXTERNO, ALTURA 130CM, EM TUBO GALVANIZADO, COM COSTURA, DIÂMETRO DE 2\", ESP. 3MM, GRADIL COM DIVISÃO HORIZONTAL EM TUBO GALVANIZADO, COM COSTURA, DIÂMETRO DE 1\", ESP. 3MM, EXCLUSIVE PINTURA","m",10.5,874.62,9183.51,4.6573421370789724E-3,0.77489815260653594]
["ED-19638","SETOP","CIMBRAMENTO PARA LAJE PRÉ-MOLDADA COM ESCORAMENTO METÁLICO, TIPO \"B\", ALTURA DE (311 ATÉ 450)CM, INCLUSIVE DESCARGA, MONTAGEM, DESMONTAGEM E CARGA","m2xmês",287.5,31.84,9154,4.6423763814511998E-3,0.77954052898798709]
["ED-29481","SETOP","JANELA EM ALUMÍNIO MÁXIM-AR COM ALTURA DE 60CM, LINHA 25/SUPREMA, ACABAMENTO ANODIZADO NATURAL, INCLUSIVE PERFIS, VIDRO LISO 4MM E INSTALAÇÃO, EXCLUSIVE FERRAGENS PARA MÓDULO DE JANELA DE ALUMÍNIO MÁXIM-AR","m2",6.96,1295.08,9013.76,4.5712548101452446E-3,0.78411178379813229]
["ED-16350","SETOP","LOCAÇÃO DE CONTAINER COM ISOLAMENTO TÉRMICO, TIPO 3, PARA DEPÓSITO/FERRAMENTARIA DE OBRA, COM MEDIDAS REFERENCIAIS DE (6) METROS COMPRIMENTO, (2,3) METROS LARGURA E (2,5) METROS ALTURA ÚTIL INTERNA, INCLUSIVE LIGAÇÕES ELÉTRICAS INTERNAS, EXCLUSIVE MOBILIZAÇÃO/DESMOBILIZAÇÃO E LIGAÇÕES PROVISÓRIAS EXTERNAS","mês",8,1014.71,8117.68,4.1168151523026846E-3,0.78822859895043496]
[100874,"SINAPI","PUXADOR PARA PCD, FIXADO NA PORTA - FORNECIMENTO E INSTALAÇÃO. AF_01/2020","UN",18,434.38,7818.84,3.9652608855523163E-3,0.79219385983598722]
[98557,"SINAPI","IMPERMEABILIZAÇÃO DE SUPERFÍCIE COM EMULSÃO ASFÁLTICA, 2 DEMÃOS. AF_09/2023","M2",142.35999999999999,52.53,7478.17,3.7924928757348611E-3,0.79598635271172213]
["ED-51094","SETOP","APILOAMENTO MECANIZADO EM FUNDO DE VALA COM PLACA VIBRATÓRIA, EXCLUSIVE ESCAVAÇÃO","m2",433.05999999999995,17.239999999999998,7465.96,3.786300673897684E-3,0.79977265338561987]
["ED-29480","SETOP","PORTA VENEZIANA EM ALUMÍNIO COMPLETA, DIMENSÃO (90X210)CM, TIPO DE ABRIR, COM UMA (1) FOLHA, LINHA 25/SUPREMA, ACABAMENTO ANODIZADO NATURAL, INCLUSIVE PERFIS, FERRAGENS E INSTALAÇÃO","un",3,2473.0100000000002,7419.03,3.7625005074588044E-3,0.80353515389307872]
[91926,"SINAPI","CABO DE COBRE FLEXÍVEL ISOLADO, 2,5 MM², ANTI-CHAMA 450/750 V, PARA CIRCUITOS TERMINAIS - FORNECIMENTO E INSTALAÇÃO. AF_03/2023","M",1345.32,5.49,7385.81,3.745653255613512E-3,0.80728080714869221]
["DAC-19.1","CPU","FIXAÇÃO DE SUPORTE PARA BARRA CHATA ","UN",140,52.42,7338.8,3.7218125178276238E-3,0.81100261966651987]
[105025,"SINAPI","VERGA MOLDADA IN LOCO COM UTILIZAÇÃO DE BLOCOS CANALETA, ESPESSURA DE *15* CM. AF_03/2024","M",94.1,75.84,7136.54,3.6192380097533039E-3,0.81462185767627315]
[86931,"SINAPI","VASO SANITÁRIO SIFONADO COM CAIXA ACOPLADA LOUÇA BRANCA, INCLUSO ENGATE FLEXÍVEL EM PLÁSTICO BRANCO, 1/2  X 40CM - FORNECIMENTO E INSTALAÇÃO. AF_01/2020","UN",11,642.65,7069.15,3.5850617213169923E-3,0.81820691939759016]
[100854,"SINAPI","TORNEIRA CROMADA DE MESA PARA LAVATÓRIO COM SENSOR DE PRESENCA. AF_01/2020","UN",3,2351.85,7055.55,3.5781645923255423E-3,0.82178508398991568]
["ED-29581","SETOP","ARMADURA DE TELA DE AÇO CA-60, SOLDADA TIPO Q-92, DIÂMETRO Ø4,2MM, TRAMA COM DIMENSÃO (150X150)MM, INCLUSIVE ESPAÇADOR, EXCLUSIVE CONCRETO","m2",287.5,24.27,6977.63,3.5386481003392327E-3,0.82532373209025489]
[96622,"SINAPI","LASTRO COM MATERIAL GRANULAR, APLICADO EM PISOS OU LAJES SOBRE SOLO, ESPESSURA DE *5 CM*. AF_01/2024","M3",21.652999999999999,317.77999999999997,6879.9400000000005,3.48910541422344E-3,0.82881283750447832]
["ED-50478","SETOP","EMASSAMENTO EM PAREDE COM MASSA CORRIDA (PVA), DUAS (2) DEMÃOS, INCLUSIVE LIXAMENTO PARA PINTURA","m2",278.8,23.92,6668.9,3.3820782008149339E-3,0.83219491570529325]
["COT-EQUI-001","COTAÇÃO","COIFA INDUSTRIAL PARA FOGÃO - FORNECIMENTO E INSTALAÇÃO","UN ",1,6607.5,6607.5,3.3509396919858864E-3,0.8355458553972791]
["ED-20586","SETOP","ENTRADA DE ENERGIA AÉREA, TIPO C6, PADRÃO CEMIG, CARGA INSTALADA DE 47,1KVA ATÉ 57KVA, TRIFÁSICO, COM SAÍDA SUBTERRÂNEA, INCLUSIVE POSTE, CAIXA PARA MEDIDOR, DISJUNTOR, BARRAMENTO, ATERRAMENTO E ACESSÓRIOS","un",1,6457.32,6457.32,3.2747771308141208E-3,0.83882063252809325]
[91321,"SINAPI","KIT DE PORTA DE MADEIRA PARA PINTURA, SEMI-OCA (LEVE OU MÉDIA), PADRÃO POPULAR, 90X210CM, ESPESSURA DE 3,5CM, ITENS INCLUSOS: DOBRADIÇAS, MONTAGEM E INSTALAÇÃO DO BATENTE, SEM FECHADURA - FORNECIMENTO E INSTALAÇÃO. AF_12/2019","UN",6,1069.58,6417.48,3.254572600003872E-3,0.84207520512809708]
[92260,"SINAPI","INSTALAÇÃO DE TESOURA (INTEIRA OU MEIA), BIAPOIADA, EM MADEIRA NÃO APARELHADA, PARA VÃOS MAIORES OU IGUAIS A 6,0 M E MENORES QUE 8,0 M, INCLUSO IÇAMENTO. AF_07/2019","UN",8,798.97,6391.76,3.2415289119406294E-3,0.84531673404003771]
[86938,"SINAPI","CUBA DE EMBUTIR OVAL EM LOUÇA BRANCA, 35 X 50CM OU EQUIVALENTE, INCLUSO VÁLVULA E SIFÃO TIPO GARRAFA EM METAL CROMADO - FORNECIMENTO E INSTALAÇÃO. AF_01/2020","UN",10,613.57000000000005,6135.7,3.1116701730030728E-3,0.84842840421304078]
["DAC-7.3","CPU","PORTA EM ALUMÍNIO DE ABRIR TIPO VENEZIANA, FIXAÇÃO COM PARAFUSOS - FORNECIMENTO E INSTALAÇÃO.","M2",9.8999999999999986,606.28,6002.17,3.0439515234274577E-3,0.85147235573646829]
[87905,"SINAPI","CHAPISCO APLICADO EM ALVENARIA (COM PRESENÇA DE VÃOS) E ESTRUTURAS DE CONCRETO DE FACHADA, COM COLHER DE PEDREIRO.  ARGAMASSA TRAÇO 1:3 COM PREPARO EM BETONEIRA 400L. AF_10/2022","M2",550.62,10.33,5687.9,2.8845720581228184E-3,0.85435692779459116]
[88488,"SINAPI","PINTURA LÁTEX ACRÍLICA PREMIUM, APLICAÇÃO MANUAL EM TETO, DUAS DEMÃOS. AF_04/2023","M2",285.46999999999997,19.62,5600.92,2.8404608610877926E-3,0.85719738865567896]
[100978,"SINAPI","CARGA, MANOBRA E DESCARGA DE SOLOS E MATERIAIS GRANULARES EM CAMINHÃO BASCULANTE 10 M³ - CARGA COM ESCAVADEIRA HIDRÁULICA (CAÇAMBA DE 1,20 M³ / 155 HP) E DESCARGA LIVRE (UNIDADE: M3). AF_07/2020","M3",620.38888888888891,9,5583.51,2.8316315216950611E-3,0.86002902017737404]
[92986,"SINAPI","CABO DE COBRE FLEXÍVEL ISOLADO, 35 MM², ANTI-CHAMA 0,6/1,0 KV, PARA REDE ENTERRADA DE DISTRIBUIÇÃO DE ENERGIA ELÉTRICA - FORNECIMENTO E INSTALAÇÃO. AF_12/2021","M",101.6,48.52,4929.63,2.5000216169208302E-3,0.8625290417942949]
[102491,"SINAPI","PINTURA DE PISO COM TINTA ACRÍLICA, APLICAÇÃO MANUAL, 2 DEMÃOS, INCLUSO FUNDO PREPARADOR. AF_05/2021","M2",177.01,27.27,4827.0600000000004,2.4480040786375172E-3,0.86497704587293245]
["ED-29817","SETOP","MOBILIZAÇÃO E DESMOBILIZAÇÃO DE EQUIPAMENTO PARA ESTACA TIPO TRADO ROTATIVO (CUSTO FIXO), INCLUSIVE CARGA E DESCARGA, EXCLUSIVE TRANSPORTE EM QUILÔMETRO RODADO (CUSTO VARIÁVEL)","un",1,4727.3900000000003,4727.3900000000003,2.3974572516832632E-3,0.86737450312461573]
["ED-13934","SETOP","CABO DE COBRE NU #35MM2 - 7 FIOSX2,50MM, PARA ELEMENTOS DE CAPTAÇÃO/ANEL DE CINTAMENTO (SPDA), INCLUSIVE PRESILHA DE FIXAÇÃO","m",81.83,56.88,4654.49,2.3604866117217385E-3,0.86973498973633745]
["ED-51121","SETOP","REATERRO MANUAL DE VALA, INCLUSIVE ESPALHAMENTO E COMPACTAÇÃO MECANIZADA COM PLACA VIBRATÓRIA","m3",79.94,57.88,4626.93,2.3465097826772998E-3,0.8720814995190147]
[88489,"SINAPI","PINTURA LÁTEX ACRÍLICA PREMIUM, APLICAÇÃO MANUAL EM PAREDES, DUAS DEMÃOS. AF_04/2023","M2",278.8,16.59,4625.29,2.3456780700636245E-3,0.87442717758907829]
["COT-DAD-006","COTAÇÃO","CAMERA POE","UN ",6,765.44,4592.6400000000003,2.3291198890657682E-3,0.8767562974781441]
["ED-50998","SETOP","PEITORIL DE GRANITO, NA COR CINZA ANDORINHA, COM PINGADEIRA, ESP. 3CM, ACABAMENTO POLIDO, ASSENTAMENTO COM ARGAMASSA INDUSTRIALIZADA, INCLUSIVE REJUNTAMENTO","m2",9.9359999999999999,460,4572.3999999999996,2.3188553382726095E-3,0.87907515281641668]
["ED-9077","SETOP","MONTAGEM E DESMONTAGEM DE ANDAIME METÁLICO TUBULAR TIPO TORRE, EXCLUSIVE FORNECIMENTO DO ANDAIME","m",355,12.76,4529.8,2.2972510959905668E-3,0.88137240391240723]
[105031,"SINAPI","CONTRAVERGA MOLDADA IN LOCO COM UTILIZAÇÃO DE BLOCOS CANALETA, ESPESSURA DE *15* CM. AF_03/2024","M",69.199999999999989,60.83,4209.45,2.1347882083132788E-3,0.88350719212072049]
["DAC-18.2","CPU","MONTAGEM DO HACK E COMPONENTES - ACESSÓRIOS DE CABEAMENTO DO HACK","UN",1,4092.06,4092.06,2.0752548279966351E-3,0.88558244694871713]
["COT-DAD-001","COTAÇÃO","NVR 16 PORTAS","UN ",1,3896.38,3896.38,1.9760173132137675E-3,0.88755846426193086]
[91992,"SINAPI","TOMADA ALTA DE EMBUTIR (1 MÓDULO), 2P+T 10 A, INCLUINDO SUPORTE E PLACA - FORNECIMENTO E INSTALAÇÃO. AF_03/2023","UN",68,56.71,3856.28,1.9556809255257411E-3,0.88951414518745664]
[87879,"SINAPI","CHAPISCO APLICADO EM ALVENARIAS E ESTRUTURAS DE CONCRETO INTERNAS, COM COLHER DE PEDREIRO.  ARGAMASSA TRAÇO 1:3 COM PREPARO EM BETONEIRA 400L. AF_10/2022","M2",661.91,5.7,3772.89,1.913390367687723E-3,0.89142753555514431]
["ED-49197","SETOP","CAIXA DE INSPEÇÃO EM CONCRETO, TIPO \"ZA\" PASSEIO, PADRÃO CEMIG, DIMENSÃO (28X28)CM, ALTURA 40CM, COM TAMPA E ARO ARTICULADO EM FERRO FUNDIDO, INCLUSIVE ESCAVAÇÃO, APILOAMENTO, LASTRO DE BRITA, REATERRO E TRANSPORTE COM RETIRADA DO MATERIAL ESCAVADO (EM CAÇAMBA)","un",14,268.32,3756.48,1.9050681701325981E-3,0.8933326037252769]
[88415,"SINAPI","APLICAÇÃO MANUAL DE FUNDO SELADOR ACRÍLICO EM PAREDES EXTERNAS DE CASAS. AF_03/2024","M2",550.62,6.74,3711.18,1.8820946448890171E-3,0.89521469837016587]
["ED-49297","SETOP","DUTO CORRUGADO EM PEAD (POLIETILENO DE ALTA DENSIDADE), PARA PROTEÇÃO DE CABOS SUBTERRÂNEOS DN 75 MM (3\")","M",61.21,60,3672.6,1.8625291127941531E-3,0.89707722748296004]
["DAC-7.1","CPU","PORTA EM ALUMÍNIO DE CORRER COM FOLHA ÚNICA (90X210)CM COMPLETA, LINHA 25/SUPREMA, ACABAMENTO ANODIZADO NATURAL, INCLUSIVE PERFIS, VIDRO, FERRAGENS E INSTALAÇÃO","UN",2,1813.53,3627.06,1.8394338735095465E-3,0.89891666135646964]
[96523,"SINAPI","ESCAVAÇÃO MANUAL PARA BLOCO DE COROAMENTO OU SAPATA (INCLUINDO ESCAVAÇÃO PARA COLOCAÇÃO DE FÔRMAS). AF_01/2024","M3",30.349999999999998,117.67,3571.28,1.8111455018078482E-3,0.90072780685827747]
[86936,"SINAPI","CUBA DE EMBUTIR DE AÇO INOXIDÁVEL MÉDIA, INCLUSO VÁLVULA TIPO AMERICANA E SIFÃO TIPO GARRAFA EM METAL CROMADO - FORNECIMENTO E INSTALAÇÃO. AF_01/2020","UN",5,703.95,3519.75,1.7850124829159779E-3,0.90251281934119343]
["ED-50266","SETOP","LIMPEZA FINAL PARA ENTREGA DA OBRA","m2",342.39,9.76,3341.72,1.6947260215668673E-3,0.90420754536276027]
["ED-50986","SETOP","PORTÃO EM TUBO DE AÇO GALVANIZADO COM COSTURA, DIÂMETRO DE 1.1/2\" (38,1MM), ESP. 2MM, COM TELA QUADRICULADA ONDULADA, TRAMA DE 1/2\" (12,70MM), FIO 12 (2,77MM), EXCLUSIVE CADEADO E PINTURA","m2",4.3100000000000005,724.3,3121.73,1.5831598887117823E-3,0.90579070525147209]
[91933,"SINAPI","CABO DE COBRE FLEXÍVEL ISOLADO, 10 MM², ANTI-CHAMA 0,6/1,0 KV, PARA CIRCUITOS TERMINAIS - FORNECIMENTO E INSTALAÇÃO. AF_03/2023","M",150,20.48,3072,1.557939725127604E-3,0.90734864497659973]
["ED-50497","SETOP","PINTURA ESMALTE BASE SOLVENTE EM ESTRUTURA METÁLICA, DUAS (2) DEMÃOS, COM APLICAÇÃO MANUAL, INCLUSIVE UMA (1) DEMÃO FUNDO GALVANIZADO","m2",71.167999999999992,43.13,3069.56,1.5567022990438436E-3,0.90890534727564354]
[100875,"SINAPI","BANCO ARTICULADO, EM ACO INOX, PARA PCD, FIXADO NA PAREDE - FORNECIMENTO E INSTALAÇÃO. AF_01/2020","UN",2,1493.58,2987.16,1.5149138116250563E-3,0.91042026108726859]
["DAC-9.1","CPU","APLICAÇÃO DE RESINA SINTÉTICA PARA APLICAÇÃO DE GESSO","M2",284.02999999999997,10.46,2970.95,1.5066930424374526E-3,0.91192695412970604]
[91924,"SINAPI","CABO DE COBRE FLEXÍVEL ISOLADO, 1,5 MM², ANTI-CHAMA 450/750 V, PARA CIRCUITOS TERMINAIS - FORNECIMENTO E INSTALAÇÃO. AF_03/2023","M",778.28,3.78,2941.9,1.4919605720549798E-3,0.91341891470176106]
["ED-49883","SETOP","CAIXA DE ESGOTO DE INSPEÇÃO/PASSAGEM EM ALVENARIA (60X60X60CM), REVESTIMENTO EM ARGAMASSA COM ADITIVO IMPERMEABILIZANTE, COM TAMPA DE CONCRETO, INCLUSIVE ESCAVAÇÃO, REATERRO E TRANSPORTE COM RETIRADA DO MATERIAL ESCAVADO (EM CAÇAMBA)","un",4,715.39,2861.56,1.4512167968216622E-3,0.91487013149858276]
[91940,"SINAPI","CAIXA RETANGULAR 4\" X 2\" MÉDIA (1,30 M DO PISO), PVC, INSTALADA EM PAREDE - FORNECIMENTO E INSTALAÇÃO. AF_03/2023","UN",120,23.73,2847.6,1.4441370967686734E-3,0.91631426859535148]
[89714,"SINAPI","TUBO PVC, SERIE NORMAL, ESGOTO PREDIAL, DN 100 MM, FORNECIDO E INSTALADO EM RAMAL DE DESCARGA OU RAMAL DE ESGOTO SANITÁRIO. AF_08/2022","M",59.08,48.17,2845.88,1.4432648128079901E-3,0.91775753340815946]
["ED-50329","SETOP","TORNEIRA METÁLICA PARA LAVATÓRIO, FECHAMENTO AUTOMÁTICO, ACABAMENTO CROMADO, COM AREJADOR, APLICAÇÃO DE MESA, INCLUSIVE ENGATE FLEXÍVEL METÁLICO","un",10,280.02999999999997,2800.3,1.4201492878498795E-3,0.9191776826960093]
["ED-48198","SETOP","ALVENARIA ESTRUTURAL COM BLOCO DE CONCRETO, ESP. 14CM, (FBK 4,5MPA), PARA REVESTIMENTO, INCLUSIVE ARGAMASSA PARA ASSENTAMENTO","m2",26.2,99.88,2616.86,1.327119189159317E-3,0.92050480188516859]
["ED-50314","SETOP","CHUVEIRO ELÉTRICO COM RESISTÊNCIA BLINDADA, TENSÃO 127V/220V, POTÊNCIA 5500W/6800W, INCLUSIVE BRAÇO/CANO","un",6,433.45,2600.6999999999998,1.3189237770635934E-3,0.92182372566223214]
[98562,"SINAPI","IMPERMEABILIZAÇÃO DE SUPERFÍCIE COM ARGAMASSA DE CIMENTO E AREIA, COM ADITIVO IMPERMEABILIZANTE, E = 1,5CM. AF_09/2023","M2",39.799999999999997,63.08,2510.58,1.2732201546584829E-3,0.92309694581689061]
["ED-29485","SETOP","PORTA EM ALUMÍNIO COMPLETA, DIMENSÃO (120X210)CM, TIPO DE CORRER, COM DUAS (2) FOLHAS, LINHA 25/SUPREMA, ACABAMENTO ANODIZADO NATURAL, INCLUSIVE PERFIS, VIDRO, FERRAGENS E INSTALAÇÃO","un",1,2502.85,2502.85,1.2692999482537836E-3,0.92436624576514437]
["COT-DAD-005","COTAÇÃO","ACCESS POINT","UN ",2,1235.83,2471.66,1.2534821943388323E-3,0.92561972795948322]
[92688,"SINAPI","TUBO DE AÇO GALVANIZADO COM COSTURA, CLASSE MÉDIA, CONEXÃO ROSQUEADA, DN 20 (3/4\"), INSTALADO EM RAMAIS E SUB-RAMAIS DE GÁS - FORNECIMENTO E INSTALAÇÃO. AF_10/2020","M",44.527999999999999,54.47,2425.5500000000002,1.2300978842067903E-3,0.92684982584369002]
["DAC-7.2","CPU","JANELA AÇO DE ENROLAR, INCLUSIVE EIXO, MOLA, SOLEIRA, ETIQUETA, CAVALETE E GUIAS, FITAS E FECHADURAS LATERAIS ","UN",2.88,829.6,2389.25,1.2116886355016691E-3,0.92806151447919172]
[94221,"SINAPI","CUMEEIRA PARA TELHA CERÂMICA EMBOÇADA COM ARGAMASSA TRAÇO 1:2:9 (CIMENTO, CAL E AREIA) PARA TELHADOS COM ATÉ 2 ÁGUAS, INCLUSO TRANSPORTE VERTICAL. AF_07/2019","M",48.650000000000006,49.07,2387.2600000000002,1.2106794232448321E-3,0.92927219390243654]
[91872,"SINAPI","ELETRODUTO RÍGIDO ROSCÁVEL, PVC, DN 32 MM (1\"), PARA CIRCUITOS TERMINAIS, INSTALADO EM PAREDE - FORNECIMENTO E INSTALAÇÃO. AF_03/2023","M",96,24.53,2354.88,1.194258170543129E-3,0.93046645207297962]
[89449,"SINAPI","TUBO, PVC, SOLDÁVEL, DE 50MM, INSTALADO EM PRUMADA DE ÁGUA - FORNECIMENTO E INSTALAÇÃO. AF_06/2022","M",109.28,21.52,2351.71,1.1926505309179159E-3,0.9316591026038975]
["ED-29479","SETOP","PORTA VENEZIANA EM ALUMÍNIO COMPLETA, DIMENSÃO (80X210)CM, TIPO DE ABRIR, COM UMA (1) FOLHA, LINHA 25/SUPREMA, ACABAMENTO ANODIZADO NATURAL, INCLUSIVE PERFIS, FERRAGENS E INSTALAÇÃO","un",1,2293.13,2293.13,1.1629421620709189E-3,0.93282204476596842]
[96527,"SINAPI","ESCAVAÇÃO MANUAL PARA VIGA BALDRAME OU SAPATA CORRIDA (INCLUINDO ESCAVAÇÃO PARA COLOCAÇÃO DE FÔRMAS). AF_01/2024","M3",17.41,129.35,2251.98,1.1420732754534055E-3,0.93396411804142188]
["COT-ACE-002","COTAÇÃO","ADESIVO DE SINALIZAÇÃO PARA CADEIRANTE PARA PISO","UN ",8,278.63,2229.04,1.1304394416987091E-3,0.93509455748312054]
["ED-48700","SETOP","ATERRAMENTO COM HASTE DE COBRE, TIPO COPPERWELD, DIÂMETRO DE  5/8\", COMPRIMENTO DE 240CM, EXCLUSIVE CABO E CAIXA PARA ATERRAMENTO, INCLUSIVE GRAMPO PARA HASTE E INSTALAÇÃO","un",16,136.09,2177.44,1.1042709228782064E-3,0.93619882840599877]
[96623,"SINAPI","LASTRO COM MATERIAL GRANULAR, APLICADO EM BLOCOS DE COROAMENTO, ESPESSURA DE *10 CM*. AF_01/2024","M3",7.54,288.45999999999998,2174.9899999999998,1.1030284253760699E-3,0.93730185683137479]
[89987,"SINAPI","REGISTRO DE GAVETA BRUTO, LATÃO, ROSCÁVEL, 3/4\", COM ACABAMENTO E CANOPLA CROMADOS - FORNECIMENTO E INSTALAÇÃO. AF_08/2021","UN",13,165.56,2152.2800000000002,1.0915112342440234E-3,0.93839336806561879]
[89578,"SINAPI","TUBO PVC, SÉRIE R, ÁGUA PLUVIAL, DN 100 MM, FORNECIDO E INSTALADO EM CONDUTORES VERTICAIS DE ÁGUAS PLUVIAIS. AF_06/2022","M",51.41,41.52,2134.54,1.0825145380448814E-3,0.93947588260366366]
["COT-ACE-001","COTAÇÃO","CHAPA DE PROTEÇÃO IMPACTO PARA PORTA 40X80","UN ",8,259.14999999999998,2073.1999999999998,1.0514064577260898E-3,0.94052728906138972]
[89356,"SINAPI","TUBO, PVC, SOLDÁVEL, DE 25MM, INSTALADO EM RAMAL OU SUB-RAMAL DE ÁGUA - FORNECIMENTO E INSTALAÇÃO. AF_06/2022","M",68.38,29.75,2034.3,1.0316786402431916E-3,0.94155896770163294]
[91836,"SINAPI","ELETRODUTO FLEXÍVEL CORRUGADO, PVC, DN 32 MM (1\"), PARA CIRCUITOS TERMINAIS, INSTALADO EM FORRO - FORNECIMENTO E INSTALAÇÃO. AF_03/2023","M",75.72,26.45,2002.79,1.0156986009402062E-3,0.94257466630257314]
[95876,"SINAPI","TRANSPORTE COM CAMINHÃO BASCULANTE DE 14 M³, EM VIA URBANA PAVIMENTADA, DMT ATÉ 30 KM (UNIDADE: M3XKM). AF_07/2020","M3XKM",708.90091999999993,2.82,1999.1,1.0138272475594377E-3,0.94358849355013252]
[90466,"SINAPI","CHUMBAMENTO LINEAR EM ALVENARIA PARA RAMAIS/DISTRIBUIÇÃO DE INSTALAÇÕES HIDRÁULICAS COM DIÂMETROS MENORES OU IGUAIS A 40 MM. AF_09/2023","M",102,19.57,1996.1399999999999,1.0123261077201221E-3,0.9446008196578527]
["10.47.07","SUDECAP","BEBEDOURO INDUSTRIAL 50L","UN",1,1993.27,1993.27,1.010870610646191E-3,0.94561169026849889]
["ED-50137","SETOP","MOBILIZAÇÃO E DESMOBILIZAÇÃO DE CONTAINER, INCLUSIVE CARGA, DESCARGA E TRANSPORTE EM CAMINHÃO CARROCERIA COM GUINDAUTO (MUNCK), EXCLUSIVE LOCAÇÃO DO CONTAINER","un",1,1941.22,1941.22,9.844738779987653E-4,0.94659616414649761]
[88484,"SINAPI","FUNDO SELADOR ACRÍLICO, APLICAÇÃO MANUAL EM TETO, UMA DEMÃO. AF_04/2023","M2",285.46999999999997,6.8,1941.2,9.8446373516201317E-4,0.94758062788165964]
[91928,"SINAPI","CABO DE COBRE FLEXÍVEL ISOLADO, 4 MM², ANTI-CHAMA 450/750 V, PARA CIRCUITOS TERMINAIS - FORNECIMENTO E INSTALAÇÃO. AF_03/2023","M",228.30999999999997,8.5,1940.64,9.8417973573295368E-4,0.94856480761739259]
["ED-48343","SETOP","BANCADA EM GRANITO CINZA ANDORINHA E = 3 CM, APOIADA EM CONSOLE DE METALON 20 X 30 MM","m2",3.8200000000000003,494.28,1888.15,9.5755986067698094E-4,0.94952236747806962]
["ED-50287","SETOP","CUBA EM AÇO INOXIDÁVEL DE EMBUTIR, AISI 304, APLICAÇÃO PARA TANQUE (600X600X400MM), ASSENTAMENTO EM BANCADA, INCLUSIVE VÁLVULA DE ESCOAMENTO DE METAL COM ACABAMENTO CROMADO, SIFÃO DE METAL TIPO COPO COM ACABAMENTO CROMADO","un",1,1859.6,1859.6,9.4308096121331121E-4,0.95046544843928293]
[89712,"SINAPI","TUBO PVC, SERIE NORMAL, ESGOTO PREDIAL, DN 50 MM, FORNECIDO E INSTALADO EM RAMAL DE DESCARGA OU RAMAL DE ESGOTO SANITÁRIO. AF_08/2022","M",51.14,34.6,1769.44,8.9735705313469651E-4,0.95136280549241758]
["ED-5444","SETOP","DISJUNTOR DE PROTEÇÃO DIFERENCIAL RESIDUAL (DR), TETRAPOLAR TIPO DIN, CORRENTE NOMINAL DE 125A, SENSIBILIDADE DE 30MA, FORNECIMENTO E INSTALAÇÃO, INCLUSIVE TERMINAL DE COMPRESSÃO","un",2,882.35,1764.7,8.9495320082444093E-4,0.95225775869324203]
["COT-DAD-003","COTAÇÃO","SWITCH GIGABIT 24 PORTAS POE","UN ",1,1730.11,1730.11,8.7741116466162714E-4,0.9531351698579037]
[101882,"SINAPI","QUADRO DE DISTRIBUIÇÃO DE ENERGIA EM CHAPA DE AÇO GALVANIZADO, DE EMBUTIR, COM BARRAMENTO TRIFÁSICO, PARA 30 DISJUNTORES DIN 225A - FORNECIMENTO E INSTALAÇÃO. AF_10/2020","UN",1,1713.8,1713.8,8.6913968129026281E-4,0.95400430953919391]
["COT-INC-002","COTAÇÃO","EXTINTOR DE INCÊNDIO TIPO PÓ QUÍMICO 4-A:40-B:C, CAPACIDADE 6 KG, EXCLUISVE INSTALAÇÃO","UN ",4,415.75,1663,8.4337687593984546E-4,0.95484768641513373]
["COT-DAD-008","COTAÇÃO","RACK 12U 19\" 570mm","UN ",1,1660.14,1660.14,8.4192645028429054E-4,0.95568961286541798]
["ED-48503","SETOP","DEMOLIÇÃO MANUAL DE REVESTIMENTO DE PEDRA (MÁRMORE, GRANITO, ARDÓSIA, ETC.), INCLUSIVE AFASTAMENTO E EMPILHAMENTO, EXCLUSIVE DEMOLIÇÃO DO REBOCO OU EMBOÇO, TRANSPORTE E RETIRADA DO MATERIAL DEMOLIDO","m2",50.42,32.700000000000003,1648.73,8.3613996191719874E-4,0.95652575282733521]
[97637,"SINAPI","REMOÇÃO DE TAPUME/ CHAPAS METÁLICAS E DE MADEIRA, DE FORMA MANUAL, SEM REAPROVEITAMENTO. AF_09/2023","M2",463.65,3.54,1641.32,8.323820409005335E-4,0.95735813486823573]
[89584,"SINAPI","JOELHO 90 GRAUS, PVC, SERIE R, ÁGUA PLUVIAL, DN 100 MM, JUNTA ELÁSTICA, FORNECIDO E INSTALADO EM CONDUTORES VERTICAIS DE ÁGUAS PLUVIAIS. AF_06/2022","UN",30,54.15,1624.5,8.238519151919898E-4,0.9581819867834277]
[104746,"SINAPI","MINI CAPTOR PARA SPDA - FORNECIMENTO E INSTALAÇÃO. AF_08/2023","UN",47,33.409999999999997,1570.27,7.9634961333858154E-4,0.95897833639676633]
[103320,"SINAPI","ALVENARIA DE VEDAÇÃO DE BLOCOS VAZADOS DE CONCRETO DE 19X19X39 CM (ESPESSURA 19 CM) E ARGAMASSA DE ASSENTAMENTO COM PREPARO EM BETONEIRA. AF_12/2021","M2",10,156.63999999999999,1566.4,7.9438697442704394E-4,0.95977272337119335]
["ED-50282","SETOP","LAVATÓRIO DE LOUÇA BRANCA COM COLUNA, TAMANHO MÉDIO, INCLUSIVE ACESSÓRIOS DE FIXAÇÃO, VÁLVULA DE ESCOAMENTO DE METAL COM ACABAMENTO CROMADO, SIFÃO DE METAL TIPO COPO COM ACABAMENTO CROMADO E REJUNTAMENTO, EXCLUSIVE TORNEIRA E ENGATE FLEXÍVEL","un",2,776.66,1553.32,7.8775355919114898E-4,0.96056047693038449]
[88485,"SINAPI","FUNDO SELADOR ACRÍLICO, APLICAÇÃO MANUAL EM PAREDE, UMA DEMÃO. AF_04/2023","M2",278.8,5.57,1552.92,7.8755070245610634E-4,0.96134802763284055]
["DAC-10.2","CPU","RODAPÉ COM REVESTIMENTO EM PORCELANATO 60X60 COM BORDA RETIFICADA E ACABAMENTO POLIDO, ALTURA 10CM","M",88.4,17.02,1504.57,7.6303039460782519E-4,0.96211105802744834]
["ED-48160","SETOP","BARRA DE APOIO EM AÇO INOX POLIDO RETA, DIÂMETRO DE 1.1/4\", PARA ACESSIBILIDADE (PMR/PCR), COMPRIMENTO 80CM, INSTALADO EM PAREDE, INCLUSIVE ACESSÓRIOS PARA FIXAÇÃO","un",6,249.9,1499.4,7.6040847130739888E-4,0.96287146649875577]
["ED-28427","SETOP","FORNECIMENTO E COLOCAÇÃO DE PLACA DE OBRA EM CHAPA GALVANIZADA #26, ESP. 0,45MM, DIMENSÃO (3X1,5)M, PLOTADA COM ADESIVO VINÍLICO, AFIXADA COM REBITES 4,8X40MM, EM ESTRUTURA METÁLICA DE METALON 20X20MM, ESP. 1,25MM, INCLUSIVE SUPORTE EM EUCALIPTO AUTOCLAVADO PINTADO COM TINTA PVA DUAS (2) DEMÃOS","un",1,1492.35,1492.35,7.5683312135227203E-4,0.96362829962010799]
["ED-50703","SETOP","LIMPEZA DE TERRENO, INCLUSIVE CAPINA, RASTELAMENTO COM AFASTAMENTO ATÉ VINTE (20) METROS E QUEIMA CONTROLADA","m2",458.43,3.13,1434.89,7.2769275136339441E-4,0.9643559923714714]
[101883,"SINAPI","QUADRO DE DISTRIBUIÇÃO DE ENERGIA EM CHAPA DE AÇO GALVANIZADO, DE EMBUTIR, COM BARRAMENTO TRIFÁSICO, PARA 18 DISJUNTORES DIN 100A - FORNECIMENTO E INSTALAÇÃO. AF_10/2020","UN",2,697.63,1395.26,7.0759472033904316E-4,0.96506358709181039]
[101895,"SINAPI","DISJUNTOR TERMOMAGNÉTICO TRIPOLAR , CORRENTE NOMINAL DE 125A - FORNECIMENTO E INSTALAÇÃO. AF_10/2020","UN",2,685.13,1370.26,6.9491617439887713E-4,0.96575850326620927]
[91944,"SINAPI","CAIXA RETANGULAR 4\" X 4\" BAIXA (0,30 M DO PISO), PVC, INSTALADA EM PAREDE - FORNECIMENTO E INSTALAÇÃO. AF_03/2023","UN",68,19.5,1326,6.7247007666640715E-4,0.96643097334287564]
[96531,"SINAPI","FABRICAÇÃO, MONTAGEM E DESMONTAGEM DE FÔRMA PARA BLOCO DE COROAMENTO, EM MADEIRA SERRADA, E=25 MM, 2 UTILIZAÇÕES. AF_01/2024","M2",9.8000000000000007,134.06,1313.79,6.6627787482923006E-4,0.96709725121770485]
[98106,"SINAPI","CAIXA DE GORDURA ESPECIAL (CAPACIDADE: 312 L - PARA ATÉ 146 PESSOAS SERVIDAS NO PICO), RETANGULAR, EM ALVENARIA COM TIJOLOS CERÂMICOS MACIÇOS, DIMENSÕES INTERNAS = 0,4X1,2 M, ALTURA INTERNA = 1 M. AF_12/2020","UN",1,1306.9000000000001,1306.9000000000001,6.6278366756812037E-4,0.96776003488527296]
["ED-48441","SETOP","DEMOLIÇÃO MANUAL DE CONCRETO ARMADO, INCLUSIVE AFASTAMENTO E EMPILHAMENTO, EXCLUSIVE TRANSPORTE E RETIRADA DO MATERIAL DEMOLIDO","m3",2.0699999999999998,630.94000000000005,1306.05,6.6235259700615464E-4,0.96842238748227916]
[2374,"SINAPI","DISJUNTOR TERMOMAGNETICO TRIPOLAR 150 A / 600 V, TIPO FXD / ICC - 35 KA","UN",2,645.28,1290.56,6.5449696994162774E-4,0.96907688445222073]
["DAC-21.3","CPU","PISO TATIL DE ALERTA OU DIRECIONAL, DE BORRACHA, PRETO, 25 X 25 CM, E = 12 MM, PARA ARGAMASSA - FORNECIMENTO E INSTALAÇÃO ","M2    ",1.8125,711.4,1287.6300000000001,6.5301104435744035E-4,0.96972989549657818]
["ED-48373","SETOP","PATCH PANEL 24 POSIÇÕES, CATEGORIA COM GUIA TRASEIRO","cj",1,1214.68,1214.68,6.1601504730403583E-4,0.9703459105438822]
[103946,"SINAPI","PLANTIO DE GRAMA ESMERALDA OU SÃO CARLOS OU CURITIBANA, EM PLACAS. AF_07/2024","M2",58.43,20,1168.5999999999999,5.926459514271217E-4,0.97093855649530936]
[91845,"SINAPI","ELETRODUTO FLEXÍVEL CORRUGADO REFORÇADO, PVC, DN 25 MM (3/4\"), PARA CIRCUITOS TERMINAIS, INSTALADO EM LAJE - FORNECIMENTO E INSTALAÇÃO. AF_03/2023","M",103.47,11.08,1146.45,5.8141275972413463E-4,0.97151996925503348]
[90278,"SINAPI","GRAUTE FGK=15 MPA; TRAÇO 1:0,04:2,2:2,5 (EM MASSA SECA DE CIMENTO/CAL/AREIA GROSSA/BRITA 0) - PREPARO MECÂNICO COM BETONEIRA 400 L. AF_09/2021","M3",1.65,688.57,1136.1400000000001,5.7618412737841021E-4,0.97209615338241184]
["ED-48372","SETOP","PATCH CORD RJ45/RJ45 UTP-4P METÁLICO CATEGORIA 6, PINAGEM T568A (VOZ), COMPRIMENTO 3 METROS","un",40,28.18,1127.2,5.7165027935020675E-4,0.97266780366176209]
["ED-50482","SETOP","EMASSAMENTO EM ESQUADRIA DE MADEIRA COM MASSA A ÓLEO, DUAS (2) DEMÃOS, INCLUSIVE LIXAMENTO PARA PINTURA  A ÓLEO OU ESMALTE","m2",22.680000000000003,48.1,1090.9100000000001,5.5324610206346171E-4,0.97322104976382551]
["ED-51003","SETOP","SOLEIRA DE GRANITO, NA COR CINZA ANDORINHA, ESP. 3CM, ACABAMENTO POLIDO, ASSENTAMENTO COM ARGAMASSA INDUSTRIALIZADA, INCLUSIVE REJUNTAMENTO","m2",2.3800000000000003,444.28,1057.3900000000001,5.362467076668871E-4,0.97375729647149234]
[90443,"SINAPI","RASGO LINEAR MANUAL EM ALVENARIA, PARA RAMAIS/ DISTRIBUIÇÃO DE INSTALAÇÕES HIDRÁULICAS, DIÂMETROS MENORES OU IGUAIS A 40 MM. AF_09/2023","M",102,10.14,1034.28,5.2452665979979757E-4,0.97428182313129219]
["COT-DAD-010","COTAÇÃO","CABO FTP  5E (BLINDADO) - 305 METROS","UN ",1,995.2,995.2,5.0470755678613008E-4,0.9747865306880783]
["ED-50493","SETOP","PINTURA ESMALTE BASE SOLVENTE EM ESQUADRIA DE MADEIRA, DUAS (2) DEMÃOS, COM APLICAÇÃO MANUAL, INCLUSIVE UMA (1) DEMÃO DE FUNDO NIVELADOR E PREPARAÇÃO DA SUPERFÍCIE COM LIXAMENTO, EXCLUSIVE MASSA A ÓLEO","m2",22.680000000000003,42.37,960.95,4.8733794884810253E-4,0.97527386863692644]
[91856,"SINAPI","ELETRODUTO FLEXÍVEL CORRUGADO, PVC, DN 32 MM (1\"), PARA CIRCUITOS TERMINAIS, INSTALADO EM PAREDE - FORNECIMENTO E INSTALAÇÃO. AF_03/2023","M",58.34,16.47,960.86,4.8729230608271794E-4,0.97576116094300913]
["COT-DAD-002","COTAÇÃO","HD 2 TB","UN ",1,955.32,955.32,4.8448274030237718E-4,0.97624564368331146]
["ED-48189","SETOP","DISTRIBUIDOR/DISPENSER PARA ÁLCOOL EM GEL OU SABONETE LÍQUIDO, EM PLÁSTICO, CAPACIDADE RESERVATÓRIO 1500ML, INCLUSIVE ACESSÓRIOS PARA FIXAÇÃO","un",8,119.01,952.08,4.8283960074853164E-4,0.97672848328406003]
[91993,"SINAPI","TOMADA ALTA DE EMBUTIR (1 MÓDULO), 2P+T 20 A, INCLUINDO SUPORTE E PLACA - FORNECIMENTO E INSTALAÇÃO. AF_03/2023","UN",16,59.27,948.32,4.8093274743913066E-4,0.97720941603149913]
[89985,"SINAPI","REGISTRO DE PRESSÃO BRUTO, LATÃO, ROSCÁVEL, 3/4\", COM ACABAMENTO E CANOPLA CROMADOS - FORNECIMENTO E INSTALAÇÃO. AF_08/2021","UN",6,156.96,941.76,4.7760589698443105E-4,0.97768702192848356]
[86872,"SINAPI","TANQUE DE LOUÇA BRANCA COM COLUNA, 30L OU EQUIVALENTE - FORNECIMENTO E INSTALAÇÃO. AF_01/2020","UN",1,933.69,933.69,4.735132623549455E-4,0.97816053519083845]
["DAC-21.1","CPU","PLACA DE SINALIZACAO EM CHAPA DE ALUMINIO COM PINTURA REFLETIVA, E = 2 MM - FORNECIMENTO E INSTALAÇÃO","M2    ",0.57000000000000006,1622.96,925.09,4.6915184255152839E-4,0.97862968703338993]
["DAC-23.1","CPU","LAUDO CAUTELAR - EDIFICAÇÕES RESIDENCIAIS","UN",1,923.16,923.16,4.6817305880494752E-4,0.9790978600921949]
["ED-48164","SETOP","BARRA DE APOIO EM AÇO INOX POLIDO RETA, DIÂMETRO DE 1.1/4\", PARA ACESSIBILIDADE (PMR/PCR), COMPRIMENTO 70CM, INSTALADO EM PAREDE, INCLUSIVE ACESSÓRIOS PARA FIXAÇÃO","un",3,300.24,900.72,4.5679279596905453E-4,0.97955465288816401]
["DAC-2.1","CPU","REMOÇÃO DE POSTE METÁLICO","UN",5,179.2,896,4.5439908649555114E-4,0.9800090519746596]
[98295,"SINAPI","CABO ELETRÔNICO CATEGORIA 5E, INSTALADO EM EDIFICAÇÃO INSTITUCIONAL - FORNECIMENTO E INSTALAÇÃO. AF_11/2019","M",132.97,6.62,880.26,4.4641667397162259E-4,0.9804554686486312]
["ED-48183","SETOP","DISTRIBUIDOR/DISPENSER PARA PAPEL HIGIÊNICO EM PLÁSTICO, TIPO SOBREPOR, INCLUSIVE ACESSÓRIOS DE FIXAÇÃO","un",11,76.069999999999993,836.77,4.2436107545410976E-4,0.98087982972408527]
[92482,"SINAPI","MONTAGEM E DESMONTAGEM DE FÔRMA DE LAJE MACIÇA, PÉ-DIREITO SIMPLES, EM MADEIRA SERRADA, 1 UTILIZAÇÃO. AF_09/2020","M2",1.66,500.31,830.51,4.2118636755069218E-4,0.981301016091636]
[91930,"SINAPI","CABO DE COBRE FLEXÍVEL ISOLADO, 6 MM², ANTI-CHAMA 450/750 V, PARA CIRCUITOS TERMINAIS - FORNECIMENTO E INSTALAÇÃO. AF_03/2023","M",69.699999999999989,11.84,825.25,4.1851880148488122E-4,0.98171953489312092]
["ED-29818","SETOP","MOBILIZAÇÃO E DESMOBILIZAÇÃO DE EQUIPAMENTO PARA ESTACA TIPO TRADO ROTATIVO (CUSTO VARIÁVEL), EXCLUSIVE CUSTO FIXO DE TRANSPORTE","km",30,26.97,809.1,4.1032846080753395E-4,0.98212986335392849]
["ED-49149","SETOP","CAIXA DE PASSAGEM, DIMENSÃO (20X20)CM, EM CHAPA DE AÇO, TIPO DE EMBUTIR, COM ACABAMENTO EM PINTURA ELETROSTÁTICA E TAMPA CEGA, INCLUSIVE FIXAÇÃO EM ALVENARIA","un",5,159.6,798,4.0469918641010026E-4,0.98253456254033855]
["ED-2552","SETOP","LAVATÓRIO DE CANTO DE LOUÇA BRANCA SEM COLUNA, TAMANHO PEQUENO, INCLUSIVE ACESSÓRIOS DE FIXAÇÃO COM PARAFUSO CASTELO, VÁLVULA DE ESCOAMENTO DE METAL COM ACABAMENTO CROMADO, SIFÃO DE METAL TIPO COPO COM ACABAMENTO CROMADO, E REJUNTAMENTO, EXCLUSIVE TORNEIRA E ENGATE FLEXÍVEL","un",1,786.54,786.54,3.9888734095112812E-4,0.98293344988128972]
[104329,"SINAPI","CAIXA SIFONADA, COM GRELHA REDONDA, PVC, DN 150 X 150 X 50 MM, JUNTA SOLDÁVEL, FORNECIDA E INSTALADA EM RAMAL DE DESCARGA OU EM RAMAL DE ESGOTO SANITÁRIO. AF_08/2022","UN",8,94.45,755.6,3.8319637249557863E-4,0.98331664625378534]
["ED-51054","SETOP","CAIXA DE EQUALIZAÇÃO PARA USO INTERNO E EXTERNO COM 9 TERMINAIS 380X320X175MM EM AÇO E ACABAMENTO EM EPOXI","U",1,747.1,747.1,3.7888566687592219E-4,0.98369553192066128]
["ED-50316","SETOP","DUCHA HIGIÊNICA COM REGISTRO PARA CONTROLE DE FLUXO DE ÁGUA, DIÂMETRO DE 1/2\" (20MM), INCLUSIVE ACESSÓRIOS","un",3,241.91,725.73,3.6804804580626823E-4,0.98406357996646754]
[86909,"SINAPI","TORNEIRA CROMADA TUBO MÓVEL, DE MESA, 1/2\" OU 3/4\", PARA PIA DE COZINHA, PADRÃO ALTO - FORNECIMENTO E INSTALAÇÃO. AF_01/2020","UN",4,170.68,682.72,3.4623587537080657E-4,0.9844098158418384]
["ED-48435","SETOP","DEMOLIÇÃO MANUAL DE ALVENARIA DE TIJOLO CERÂMICO OU BLOCO DE CONCRETO, INCLUSIVE AFASTAMENTO E EMPILHAMENTO, EXCLUSIVE TRANSPORTE E RETIRADA DO MATERIAL DEMOLIDO","m3",4.8857999999999997,138.02000000000001,674.92,3.4228016903747476E-4,0.98475209601087588]
[89711,"SINAPI","TUBO PVC, SERIE NORMAL, ESGOTO PREDIAL, DN 40 MM, FORNECIDO E INSTALADO EM RAMAL DE DESCARGA OU RAMAL DE ESGOTO SANITÁRIO. AF_08/2022","M",23.97,27.35,655.58,3.3247204589816233E-4,0.98508456805677402]
["DAC-2.2","CPU","REMOÇÃO MANUAL DE GUIA DE MEIO-FIO PRÉ-MOLDADA EM CONCRETO, SEM REAPROVEITAMENTO, INCLUSIVE AFASTAMENTO E EMPILHAMENTO, EXCLUSIVE TRANSPORTE E RETIRADA DO MATERIAL REMOVIDO NÃO REAPROVEITÁVEL","M",21.37,30.61,654.14,3.3174176165200875E-4,0.98541630981842598]
["ED-49962","SETOP","RALO HEMISFÉRICO, TIPO ABACAXI, DIÂMETRO DE 100MM, EXCLUSIVE CONDUTOR DE ÁGUA PLUVIAL","un",10,62.77,627.70000000000005,3.1833293146568914E-4,0.98573464274989164]
[93664,"SINAPI","DISJUNTOR BIPOLAR TIPO DIN, CORRENTE NOMINAL DE 32A - FORNECIMENTO E INSTALAÇÃO. AF_10/2020","UN",6,102.67,616.02,3.1240951480244355E-4,0.98604705226469413]
[100849,"SINAPI","ASSENTO SANITÁRIO CONVENCIONAL - FORNECIMENTO E INSTALACAO. AF_01/2020","UN",11,53.37,587.07000000000005,2.9772775860373128E-4,0.98634478002329784]
[98527,"SINAPI","REMOÇÃO DE RAÍZES REMANESCENTES DE TRONCO DE ÁRVORE COM DIÂMETRO MAIOR OU IGUAL A 0,40 M E MENOR QUE 0,60 M. AF_03/2024","UN",2,287.68,575.36,2.9178912768535749E-4,0.98663656915098319]
[95248,"SINAPI","VÁLVULA DE ESFERA BRUTA, BRONZE, ROSCÁVEL, 1/2\" - FORNECIMENTO E INSTALAÇÃO. AF_08/2021","UN",6,92.84,557.04,2.8249828922040376E-4,0.98691906744020363]
[89713,"SINAPI","TUBO PVC, SERIE NORMAL, ESGOTO PREDIAL, DN 75 MM, FORNECIDO E INSTALADO EM RAMAL DE DESCARGA OU RAMAL DE ESGOTO SANITÁRIO. AF_08/2022","M",12.42,43.1,535.29999999999995,2.7147302567083541E-4,0.98719054046587451]
["ED-48182","SETOP","DISTRIBUIDOR/DISPENSER PARA PORTA PAPEL TOALHA PARA INTERFOLHAS DE DUAS (2) OU TRÊS (3) DOBRAS, EM PLÁSTICO, INCLUSIVE ACESSÓRIOS PARA FIXAÇÃO","un",6,88.67,532.02,2.698096004434856E-4,0.98746035006631805]
["ED-15752","SETOP","CONJUNTO DE UMA (1) TOMADA DE DADOS (CONECTOR RJ45 CAT.6E), COM PLACA 4\"X2\" DE UM (1) POSTO, INCLUSIVE FORNECIMENTO, INSTALAÇÃO, SUPORTE, MÓDULO E PLACA","un",6,88.12,528.72,2.6813603237938372E-4,0.98772848609869746]
["DAC-13.2","CPU","JUNÇÃO SIMPLES, PVC, SERIE NORMAL, ESGOTO PREDIAL, DN 100 X 50 MM, JUNTA ELÁSTICA, FORNECIDO E INSTALADO","UN    ",9,57,513,2.6016376269220729E-4,0.98798864986138968]
["ED-50621","SETOP","SÓCULO COM ENCHIMENTO EM TIJOLOS MACIÇOS, ALTURA DE 10CM À 12CM, INCLUSIVE ACABAMENTO EM REVESTIMENTO DE ARGAMASSA, ESP. 20MM, COM APLICAÇÃO MANUAL","m2",3,167.56,502.68,2.5493005892810675E-4,0.98824357992031775]
[104737,"SINAPI","REATERRO MANUAL DE VALAS, COM PLACA VIBRATÓRIA. AF_08/2023","M3",18.736199999999997,26.75,501.29,2.542251317738335E-4,0.98849780505209162]
["DAC-21.4","CPU","PLACA TÁTIL BRAILLE EM ACRÍLICO 30X10 CM (ATÉ 3 PALAVRAS) - FORNECIMENTO E INSTALAÇÃO","UN",8,62.22,497.76,2.5243492108708204E-4,0.98875023997317868]
[91935,"SINAPI","CABO DE COBRE FLEXÍVEL ISOLADO, 16 MM², ANTI-CHAMA 0,6/1,0 KV, PARA CIRCUITOS TERMINAIS - FORNECIMENTO E INSTALAÇÃO. AF_03/2023","M",15.37,32.130000000000003,493.84,2.50446925083664E-4,0.98900068689826237]
[91840,"SINAPI","ELETRODUTO FLEXÍVEL CORRUGADO, PEAD, DN 40 MM (1 1/4\"), PARA CIRCUITOS TERMINAIS, INSTALADO EM FORRO - FORNECIMENTO E INSTALAÇÃO. AF_03/2023","M",19.2,25.55,490.56,2.4878349985631425E-4,0.98924947039811872]
[98531,"SINAPI","CORTE RASO E RECORTE DE ÁRVORE COM DIÂMETRO DE TRONCO MAIOR OU IGUAL A 0,60 M. AF_03/2024","UN",1,489.36,489.36,2.4817492965118631E-4,0.98949764532776996]
[98520,"SINAPI","APLICAÇÃO DE ADUBO EM SOLO. AF_07/2024","M2",65.63,7.27,477.13,2.4197258497725706E-4,0.98973961791274723]
[89501,"SINAPI","JOELHO 90 GRAUS, PVC, SOLDÁVEL, DN 50MM, INSTALADO EM PRUMADA DE ÁGUA - FORNECIMENTO E INSTALAÇÃO. AF_06/2022","UN",27,17.329999999999998,467.91,2.3729673723452382E-4,0.98997691464998172]
["ED-48163","SETOP","BARRA DE APOIO EM AÇO INOX POLIDO RETA, DIÂMETRO DE 1.1/4\", PARA ACESSIBILIDADE (PMR/PCR), COMPRIMENTO 40CM, INSTALADO EM PORTA/PAREDE, INCLUSIVE ACESSÓRIOS PARA FIXAÇÃO","un",2,230.03,460.06,2.3331567380931168E-4,0.99021023032379107]
["ED-48347","SETOP","RODABANCA/FRONTÃO PARA BANCADA EM GRANITO, COR CINZA ANDORINHA, ESP. 2CM, ALTURA DE 7CM, INCLUSIVE REJUNTAMENTO EM MASSA PLÁSTICA NA COR DA PEDRA","m",7.8000000000000007,58.89,459.34,2.3295053168623489E-4,0.99044318085547733]
[90373,"SINAPI","JOELHO 90 GRAUS COM BUCHA DE LATÃO, PVC, SOLDÁVEL, DN 25MM, X 1/2  INSTALADO EM RAMAL OU SUB-RAMAL DE ÁGUA - FORNECIMENTO E INSTALAÇÃO. AF_06/2022","UN",28,15.91,445.48,2.2592154581700685E-4,0.99066910240129435]
[39465,"SINAPI","DISPOSITIVO DPS CLASSE II, 1 POLO, TENSAO MAXIMA DE 175 V, CORRENTE MAXIMA DE *20* KA (TIPO AC)","UN",4,111.1,444.4,2.2537383263239165E-4,0.99089447623392679]
["ED-48480","SETOP","DEMOLIÇÃO MANUAL DE PISO CERÂMICO OU LADRILHO HIDRÁULICO, INCLUSIVE AFASTAMENTO E EMPILHAMENTO, EXCLUSIVE DEMOLIÇÃO DE CONTRAPISO, TRANSPORTE E RETIRADA DO MATERIAL DEMOLIDO","m2",20,21.79,435.8,2.2101241282897454E-4,0.9911154886467558]
[89801,"SINAPI","JOELHO 90 GRAUS, PVC, SERIE NORMAL, ESGOTO PREDIAL, DN 50 MM, JUNTA ELÁSTICA, FORNECIDO E INSTALADO EM PRUMADA DE ESGOTO SANITÁRIO OU VENTILAÇÃO. AF_08/2022","UN",36,11.8,424.8,2.1543385261530148E-4,0.99133092249937116]
["ED-29395","SETOP","PLACA FOTOLUMINESCENTE PARA SINALIZAÇÃO DE EMERGÊNCIA, TIPO \"E12\", INSTALADA EM PISO, DIMENSÃO (100X100)CM, INCLUSIVE FIXAÇÃO","un",4,102.36,409.44,2.0764415398966346E-4,0.99153856665336082]
[91953,"SINAPI","INTERRUPTOR SIMPLES (1 MÓDULO), 10A/250V, INCLUINDO SUPORTE E PLACA - FORNECIMENTO E INSTALAÇÃO. AF_03/2023","UN",11,37.08,407.88,2.0685301272299709E-4,0.99174541966608387]
["ED-48167","SETOP","BARRA DE APOIO EM AÇO INOX POLIDO PARA LAVATÓRIO DE CANTO, DIÂMETRO DE 1.1/4\", PARA ACESSIBILIDADE (PMR/PCR), INSTALADO EM PAREDE, INCLUSIVE ACESSÓRIOS PARA FIXAÇÃO","un",2,199.93,399.86,2.0278573518539184E-4,0.99194820540126927]
["DAC-18.1","CPU","INSTALAÇÃO DE CÂMERA POE","UN",6,66.41,398.46,2.0207573661274253E-4,0.99215028113788206]
[89834,"SINAPI","JUNÇÃO SIMPLES, PVC, SERIE NORMAL, ESGOTO PREDIAL, DN 100 X 100 MM, JUNTA ELÁSTICA, FORNECIDO E INSTALADO EM PRUMADA DE ESGOTO SANITÁRIO OU VENTILAÇÃO. AF_08/2022","UN",6,65.3,391.8,1.9869817197428231E-4,0.99234897930985633]
["DAC-13.4","CPU","JUNÇÃO SIMPLES, PVC, SERIE NORMAL, ESGOTO PREDIAL, DN 75 X 50 MM, JUNTA ELÁSTICA, FORNECIDO E INSTALADO","UN    ",5,77.819999999999993,389.1,1.9732888901274437E-4,0.99254630819886902]
[89809,"SINAPI","JOELHO 90 GRAUS, PVC, SERIE NORMAL, ESGOTO PREDIAL, DN 100 MM, JUNTA ELÁSTICA, FORNECIDO E INSTALADO EM PRUMADA DE ESGOTO SANITÁRIO OU VENTILAÇÃO. AF_08/2022","UN",11,35.369999999999997,389.07,1.9731367475761617E-4,0.99274362187362664]
[98528,"SINAPI","REMOÇÃO DE RAÍZES REMANESCENTES DE TRONCO DE ÁRVORE COM DIÂMETRO MAIOR OU IGUAL A 0,60 M. AF_03/2024","UN",1,379.18,379.18,1.9229804198368647E-4,0.99293591991561037]
["ED-16358","SETOP","LIGAÇÕES PROVISÓRIAS PARA CONTAINER TIPO 3 (CORRESPONDENTE AO CÓDIGO ED-16350)","un",1,378.63,378.63,1.9201911397300281E-4,0.99312793902958341]
[98530,"SINAPI","CORTE RASO E RECORTE DE ÁRVORE COM DIÂMETRO DE TRONCO MAIOR OU IGUAL A 0,40 M E MENOR QUE 0,60 M. AF_03/2024","UN",2,182.4,364.8,1.8500534235890297E-4,0.99331294437194229]
["ED-22698","SETOP","ABRIGO EM CHAPA DE AÇO CARBONO DE SOBREPOR, PINTADO DE VERMELHO NAS DIMENSÕES (75X30X25)CM COM UMA PORTA COM VIDRO TRANSPARENTE COM A INSCRIÇÃO \"INCÊNDIO\", PARA EXTINTOR, FORNECIMENTO E INSTALAÇÃO, EXCLUSIVE EXTINTOR","un",1,360.98,360.98,1.8306806053924559E-4,0.99349601243248153]
[89728,"SINAPI","CURVA CURTA 90 GRAUS, PVC, SERIE NORMAL, ESGOTO PREDIAL, DN 40 MM, JUNTA SOLDÁVEL, FORNECIDO E INSTALADO EM RAMAL DE DESCARGA OU RAMAL DE ESGOTO SANITÁRIO. AF_08/2022","UN",21,16.52,346.92,1.7593764630249623E-4,0.99367195007878406]
[98526,"SINAPI","REMOÇÃO DE RAÍZES REMANESCENTES DE TRONCO DE ÁRVORE COM DIÂMETRO MAIOR OU IGUAL A 0,20 M E MENOR QUE 0,40 M. AF_03/2024","UN",2,173.34,346.68,1.7581593226147061E-4,0.99384776601104552]
["DAC-13.1","CPU","JOELHO PVC, COM BOLSA E ANEL, 90 GRAUS, DN 40 X *38* MM, SERIE NORMAL, PARA ESGOTO PREDIAL - FORNECIMENTO E INSTALAÇÃO ","UN    ",15,23.1,346.5,1.7572464673070142E-4,0.99402349065777618]
[89724,"SINAPI","JOELHO 90 GRAUS, PVC, SERIE NORMAL, ESGOTO PREDIAL, DN 40 MM, JUNTA SOLDÁVEL, FORNECIDO E INSTALADO EM RAMAL DE DESCARGA OU RAMAL DE ESGOTO SANITÁRIO. AF_08/2022","UN",26,12.85,334.1,1.6943608794437907E-4,0.99419292674572057]
[91955,"SINAPI","INTERRUPTOR PARALELO (1 MÓDULO), 10A/250V, INCLUINDO SUPORTE E PLACA - FORNECIMENTO E INSTALAÇÃO. AF_03/2023","UN",7,45.16,316.12,1.6031767770421164E-4,0.99435324442342476]
[94794,"SINAPI","REGISTRO DE GAVETA BRUTO, LATÃO, ROSCÁVEL, 1 1/2\", COM ACABAMENTO E CANOPLA CROMADOS - FORNECIMENTO E INSTALAÇÃO. AF_08/2021","UN",1,293.5,293.5,1.4884612933754941E-4,0.99450209055276229]
[89357,"SINAPI","TUBO, PVC, SOLDÁVEL, DE 32MM, INSTALADO EM RAMAL OU SUB-RAMAL DE ÁGUA - FORNECIMENTO E INSTALAÇÃO. AF_06/2022","M",7.15,40.49,289.5,1.4681756198712284E-4,0.99464890811474937]
["ED-48377","SETOP","ORGANIZADOR DE CABOS DE 1U PARA RACK 19\"","cj",3,95.53,286.58999999999997,1.4534177923968748E-4,0.99479424989398901]
[97667,"SINAPI","ELETRODUTO FLEXÍVEL CORRUGADO, PEAD, DN 50 (1 1/2\"), PARA REDE ENTERRADA DE DISTRIBUIÇÃO DE ENERGIA ELÉTRICA - FORNECIMENTO E INSTALAÇÃO. AF_12/2021","M",28.01,10.210000000000001,285.98,1.4503242271874745E-4,0.99493928231670781]
[92004,"SINAPI","TOMADA MÉDIA DE EMBUTIR (2 MÓDULOS), 2P+T 10 A, INCLUINDO SUPORTE E PLACA - FORNECIMENTO E INSTALAÇÃO. AF_03/2023","UN",4,69.91,279.64,1.4181714346832134E-4,0.99508109946017609]
[97599,"SINAPI","LUMINÁRIA DE EMERGÊNCIA, COM 30 LÂMPADAS LED DE 2 W, SEM REATOR - FORNECIMENTO E INSTALAÇÃO. AF_09/2024","UN",11,25.41,279.51,1.4175121502943248E-4,0.99522285067520555]
[89366,"SINAPI","JOELHO 90 GRAUS COM BUCHA DE LATÃO, PVC, SOLDÁVEL, DN 25MM, X 3/4  INSTALADO EM RAMAL OU SUB-RAMAL DE ÁGUA - FORNECIMENTO E INSTALAÇÃO. AF_06/2022","UN",14,19.82,277.48,1.40721717099091E-4,0.99536357239230466]
[93653,"SINAPI","DISJUNTOR MONOPOLAR TIPO DIN, CORRENTE NOMINAL DE 10A - FORNECIMENTO E INSTALAÇÃO. AF_10/2020","UN",14,18.920000000000002,264.88,1.343317299452473E-4,0.99549790412224992]
[93671,"SINAPI","DISJUNTOR TRIPOLAR TIPO DIN, CORRENTE NOMINAL DE 32A - FORNECIMENTO E INSTALAÇÃO. AF_10/2020","UN",2,130.61000000000001,261.22000000000003,1.32475590819607E-4,0.99563037971306956]
[92870,"SINAPI","CAIXA RETANGULAR 4\" X 4\" ALTA (2,00 M DO PISO), METÁLICA, INSTALADA EM PAREDE - FORNECIMENTO E INSTALAÇÃO. AF_03/2023","UN",6,43.11,258.66000000000003,1.3117730771533402E-4,0.99576155702078484]
[104004,"SINAPI","TE, PVC, SOLDÁVEL, DN 50MM, INSTALADO EM RAMAL DE DISTRIBUIÇÃO DE ÁGUA - FORNECIMENTO E INSTALAÇÃO. AF_06/2022","UN",7,36.119999999999997,252.84,1.2822574222046335E-4,0.99588978276300533]
[104344,"SINAPI","TE, PVC, SÉRIE NORMAL, ESGOTO PREDIAL, DN 100 X 50 MM, JUNTA ELÁSTICA, FORNECIDO E INSTALADO EM RAMAL DE DESCARGA OU RAMAL DE ESGOTO SANITÁRIO. AF_08/2022","UN",5,50.17,250.85,1.2721652996362611E-4,0.99601699929296894]
[91939,"SINAPI","CAIXA RETANGULAR 4\" X 2\" ALTA (2,00 M DO PISO), PVC, INSTALADA EM PAREDE - FORNECIMENTO E INSTALAÇÃO. AF_03/2023","UN",6,40.92,245.52,1.2451346396918271E-4,0.99614151275693807]
[103029,"SINAPI","REGISTRO OU REGULADOR DE GÁS DE COZINHA - FORNECIMENTO E INSTALAÇÃO. AF_08/2021","UN",3,79.459999999999994,238.38,1.2089247124867129E-4,0.99626240522818676]
["ED-5439","SETOP","DISJUNTOR DE PROTEÇÃO DIFERENCIAL RESIDUAL (DR), TETRAPOLAR TIPO DIN, CORRENTE NOMINAL DE 40A, SENSIBILIDADE DE 30MA, FORNECIMENTO E INSTALAÇÃO, INCLUSIVE TERMINAL ILHÓS","un",1,233.13,233.13,1.1822997660123643E-4,0.99638063520478803]
["ED-50326","SETOP","TORNEIRA METÁLICA PARA PIA, ABERTURA 1/4 DE VOLTA, ACABAMENTO CROMADO, COM AREJADOR, APLICAÇÃO DE PAREDE","un",3,76.34,229.02,1.1614562364867313E-4,0.99649678082843673]
[101917,"SINAPI","MANÔMETRO 0 A 200 PSI (0 A 14 KGF/CM2), D = 50MM - FORNECIMENTO E INSTALAÇÃO. AF_10/2020","UN",1,222.89,222.89,1.130368441841444E-4,0.99660981767262091]
[89617,"SINAPI","TE, PVC, SOLDÁVEL, DN 25MM, INSTALADO EM PRUMADA DE ÁGUA - FORNECIMENTO E INSTALAÇÃO. AF_06/2022","UN",23,9.34,214.82,1.0894420955465881E-4,0.99671876188217556]
[89362,"SINAPI","JOELHO 90 GRAUS, PVC, SOLDÁVEL, DN 25MM, INSTALADO EM RAMAL OU SUB-RAMAL DE ÁGUA - FORNECIMENTO E INSTALAÇÃO. AF_06/2022","UN",18,11.91,214.38,1.0872106714611189E-4,0.99682748294932166]
[89383,"SINAPI","ADAPTADOR CURTO COM BOLSA E ROSCA PARA REGISTRO, PVC, SOLDÁVEL, DN 25MM X 3/4 , INSTALADO EM RAMAL OU SUB-RAMAL DE ÁGUA - FORNECIMENTO E INSTALAÇÃO. AF_06/2022","UN",26,8.24,214.24,1.0865006728884696E-4,0.99693613301661055]
[103999,"SINAPI","BUCHA DE REDUÇÃO, LONGA, PVC, SOLDÁVEL, DN 50 X 25 MM, INSTALADO EM RAMAL DE DISTRIBUIÇÃO DE ÁGUA - FORNECIMENTO E INSTALAÇÃO. AF_06/2022","UN",14,15.19,212.66,1.0784878318542846E-4,0.99704398179979603]
[89732,"SINAPI","JOELHO 45 GRAUS, PVC, SERIE NORMAL, ESGOTO PREDIAL, DN 50 MM, JUNTA ELÁSTICA, FORNECIDO E INSTALADO EM RAMAL DE DESCARGA OU RAMAL DE ESGOTO SANITÁRIO. AF_08/2022","UN",11,19.329999999999998,212.63,1.0783356893030026E-4,0.99715181536872632]
["ED-49821","SETOP","MANGUEIRA PLÁSTICA PARA GÁS D = 3/8\" X 1,50 M","U",6,33.14,198.84,1.0084008298970467E-4,0.99725265545171604]
[93654,"SINAPI","DISJUNTOR MONOPOLAR TIPO DIN, CORRENTE NOMINAL DE 16A - FORNECIMENTO E INSTALAÇÃO. AF_10/2020","UN",10,19.73,197.3,1.0005908455979046E-4,0.99735271453627583]
["ED-29400","SETOP","PLACA FOTOLUMINESCENTE PARA SINALIZAÇÃO DE EMERGÊNCIA, TIPO \"S3\", DIMENSÃO (380X190)MM, INCLUSIVE FIXAÇÃO","un",6,32.47,194.82,9.8801372802525969E-5,0.99745151590907832]
[96988,"SINAPI","MASTRO 1 ½\", COM 3 METROS, PARA SPDA - FORNECIMENTO E INSTALAÇÃO. AF_08/2023","UN",1,193.47,193.47,9.8116731321757012E-5,0.99754963264040009]
[89750,"SINAPI","CURVA LONGA 90 GRAUS, PVC, SERIE NORMAL, ESGOTO PREDIAL, DN 100 MM, JUNTA ELÁSTICA, FORNECIDO E INSTALADO EM RAMAL DE DESCARGA OU RAMAL DE ESGOTO SANITÁRIO. AF_08/2022","UN",2,96.67,193.34,9.8050802882868152E-5,0.99764768344328292]
[98529,"SINAPI","CORTE RASO E RECORTE DE ÁRVORE COM DIÂMETRO DE TRONCO MAIOR OU IGUAL A 0,20 M E MENOR QUE 0,40 M. AF_03/2024","UN",2,92.92,185.84,9.4247239100818335E-5,0.9977419306823837]
[92905,"SINAPI","UNIÃO, EM FERRO GALVANIZADO, CONEXÃO ROSQUEADA, DN 20 (3/4\"), INSTALADO EM RAMAIS E SUB-RAMAIS DE GÁS - FORNECIMENTO E INSTALAÇÃO. AF_10/2020","UN",3,59.98,179.94,9.1255102258939143E-5,0.99783318578464264]
["DAC-16.1","CPU","INSTALAÇÃO DO NIPLE DE FERRO GALVANIZADO, COM ROSCA BSP, DE 1/2\"","UN    ",9,19.59,176.31,8.9414177388427035E-5,0.99792259996203103]
[100977,"SINAPI","CARGA, MANOBRA E DESCARGA DE SOLOS E MATERIAIS GRANULARES EM CAMINHÃO BASCULANTE 6 M³ - CARGA COM ESCAVADEIRA HIDRÁULICA (CAÇAMBA DE 1,20 M³ / 155 HP) E DESCARGA LIVRE (UNIDADE: M3). AF_07/2020","M3",16.18,9.9600000000000009,161.15,8.1725907130310343E-5,0.99800432586916132]
[92699,"SINAPI","JOELHO 90 GRAUS, EM FERRO GALVANIZADO, CONEXÃO ROSQUEADA, DN 15 (1/2\"), INSTALADO EM RAMAIS E SUB-RAMAIS DE GÁS - FORNECIMENTO E INSTALAÇÃO. AF_10/2020","UN",6,25.54,153.24,7.7714415194841813E-5,0.99808204028435621]
[89709,"SINAPI","RALO SIFONADO, PVC, DN 100 X 40 MM, JUNTA SOLDÁVEL, FORNECIDO E INSTALADO EM RAMAL DE DESCARGA OU EM RAMAL DE ESGOTO SANITÁRIO. AF_08/2022","UN",6,25.32,151.91999999999999,7.7044987969201027E-5,0.99815908527232544]
[89810,"SINAPI","JOELHO 45 GRAUS, PVC, SERIE NORMAL, ESGOTO PREDIAL, DN 100 MM, JUNTA ELÁSTICA, FORNECIDO E INSTALADO EM PRUMADA DE ESGOTO SANITÁRIO OU VENTILAÇÃO. AF_08/2022","UN",4,36.42,145.68,7.3880422902535599E-5,0.99823296569522801]
[97913,"SINAPI","TRANSPORTE COM CAMINHÃO BASCULANTE DE 6 M³, EM VIA URBANA EM REVESTIMENTO PRIMÁRIO (UNIDADE: M3XKM). AF_07/2020","M3XKM",32.36,4.2,135.91,6.8925647149118698E-5,0.99830189134237712]
["DAC-13.3","CPU","JUNÇÃO SIMPLES, PVC, SERIE NORMAL, ESGOTO PREDIAL, DN 100 X 75 MM, JUNTA ELÁSTICA, FORNECIDO E INSTALADO","UN    ",2,64.87,129.74,6.579658201108572E-5,0.99836768792438824]
["COT-INC-001","COTAÇÃO","PLACA FOTOLUMINESCENTE PARA SINALIZAÇÃO DE EMERGÊNCIA, TIPO \"P1\", DIÂMETRO DE 300MM, EXCLUSIVE FIXAÇÃO","UN ",2,62.33,124.66,6.322030147604398E-5,0.99843090822586433]
["ED-15763","SETOP","CONJUNTO DE UM (1) MÓDULO COM FURO PARA SAÍDA DE FIO Ø10MM, COM PLACA 4\"X2\" DE UM (1) POSTO, INCLUSIVE FORNECIMENTO, INSTALAÇÃO, SUPORTE, MÓDULO E PLACA","un",6,20.38,122.28,6.2013303902540168E-5,0.99849292152976687]
[97650,"SINAPI","REMOÇÃO DE TRAMA DE MADEIRA PARA COBERTURA, DE FORMA MANUAL, SEM REAPROVEITAMENTO. AF_09/2023","M2",12,9.67,116.04,5.8848738835874727E-5,0.99855177026860276]
["ED-48375","SETOP","RÉGUA COM 8 TOMADAS (2P+T), PARA FIXAÇÃO NO RACK DE 19\" (1U)","un",1,112.17,112.17,5.6886099924337024E-5,0.99860865636852714]
[92705,"SINAPI","TÊ, EM FERRO GALVANIZADO, CONEXÃO ROSQUEADA, DN 20 (3/4\"), INSTALADO EM RAMAIS E SUB-RAMAIS DE GÁS - FORNECIMENTO E INSTALAÇÃO. AF_10/2020","UN",2,55.31,110.62,5.610003007604673E-5,0.99866475639860319]
[89796,"SINAPI","TE, PVC, SERIE NORMAL, ESGOTO PREDIAL, DN 100 X 100 MM, JUNTA ELÁSTICA, FORNECIDO E INSTALADO EM RAMAL DE DESCARGA OU RAMAL DE ESGOTO SANITÁRIO. AF_08/2022","UN",2,53.11,106.22,5.3868605990577501E-5,0.99871862500459374]
["DAC-21.5","CPU","INSTALAÇÃO DE ADESIVO DE SINALIZAÇÃO PARA CADEIRANTE PARA PISO","UN",8,13.23,105.84,5.3675892092286981E-5,0.998772300896686]
["DAC-2.3","CPU","REMOÇÃO DE ESTRUTURA EM MADEIRA, SEM REAPROVEITAMENTO ","UN",1,98.83,98.83,5.0120827810664419E-5,0.99882242172449665]
[89400,"SINAPI","TÊ DE REDUÇÃO, PVC, SOLDÁVEL, DN 32MM X 25MM, INSTALADO EM RAMAL OU SUB-RAMAL DE ÁGUA - FORNECIMENTO E INSTALAÇÃO. AF_06/2022","UN",4,24.57,98.28,4.9841899799980767E-5,0.9988722636242966]
["ED-50201","SETOP","PLACA FOTOLUMINESCENTE PARA SINALIZAÇÃO DE EMERGÊNCIA, TIPO \"S2\", DIMENSÃO (380X190)MM, INCLUSIVE FIXAÇÃO","un",3,32.47,97.41,4.9400686401262985E-5,0.99892166431069784]
[44539,"SINAPI","FERTILIZANTE NPK -  10:10:10","KG",24,3.79,90.96,4.6129621548700141E-5,0.99896779393224655]
[89378,"SINAPI","LUVA, PVC, SOLDÁVEL, DN 25MM, INSTALADO EM RAMAL OU SUB-RAMAL DE ÁGUA - FORNECIMENTO E INSTALAÇÃO. AF_06/2022","UN",10,8.7899999999999991,87.9,4.4577767525623824E-5,0.99901237169977219]
["ED-50199","SETOP","PLACA FOTOLUMINESCENTE PARA SINALIZAÇÃO DE EMERGÊNCIA, TIPO \"E5\", DIMENSÃO (300X300)MM, INCLUSIVE FIXAÇÃO","un",4,21.83,87.32,4.4283625259811967E-5,0.99905665532503196]
["ED-50331","SETOP","TORNEIRA METÁLICA PARA TANQUE, ACABAMENTO CROMADO, BICO COM ROSCA","un",1,84.05,84.05,4.2625271450838247E-5,0.99909928059648279]
["DAC-12.1","CPU","ADAPTADOR COM FLANGES LIVRES, PVC, SOLDÁVEL, DN 50 MM X 1 1/2\", FORNECIMENTO E INSTALAÇÃO","UN    ",1,82.85,82.85,4.2016701245710282E-5,0.99914129729772849]
[90406,"SINAPI","MASSA ÚNICA, EM ARGAMASSA TRAÇO 1:2:8, PREPARO MECÂNICO, APLICADA MANUALMENTE EM TETO, E = 17,5MM, COM TALISCAS. AF_03/2024","M2",1.44,55.66,80.150000000000006,4.0647418284172353E-5,0.99918194471601263]
[89806,"SINAPI","JOELHO 45 GRAUS, PVC, SERIE NORMAL, ESGOTO PREDIAL, DN 75 MM, JUNTA ELÁSTICA, FORNECIDO E INSTALADO EM PRUMADA DE ESGOTO SANITÁRIO OU VENTILAÇÃO. AF_08/2022","UN",3,26.5,79.5,4.0317776089728033E-5,0.99922226249210233]
[89726,"SINAPI","JOELHO 45 GRAUS, PVC, SERIE NORMAL, ESGOTO PREDIAL, DN 40 MM, JUNTA SOLDÁVEL, FORNECIDO E INSTALADO EM RAMAL DE DESCARGA OU RAMAL DE ESGOTO SANITÁRIO. AF_08/2022","UN",6,13.14,78.84,3.9983062476907647E-5,0.99926224555457921]
["ED-48378","SETOP","TAMPA CEGA DE 1U PARA RACK 19\"","cj",3,24.98,74.94,3.8005209310241746E-5,0.9993002507638894]
["DAC-20.2","CPU","INSTALAÇÃO DE EXTINTOR DE INCÊNDIO TIPO PÓ QUÍMICO 4-A:40-B:C, CAPACIDADE 6 KG","UN",4,17.510000000000002,70.040000000000006,3.5520214305969203E-5,0.99933577097819537]
[89549,"SINAPI","REDUÇÃO EXCÊNTRICA, PVC, SERIE R, ÁGUA PLUVIAL, DN 75 X 50 MM, JUNTA ELÁSTICA, FORNECIDO E INSTALADO EM RAMAL DE ENCAMINHAMENTO. AF_06/2022","UN",3,23.06,69.180000000000007,3.5084072325627493E-5,0.99937085505052103]
[104348,"SINAPI","TERMINAL DE VENTILAÇÃO, PVC, SÉRIE NORMAL, ESGOTO PREDIAL, DN 50 MM, JUNTA SOLDÁVEL, FORNECIDO E INSTALADO EM PRUMADA DE ESGOTO SANITÁRIO OU VENTILAÇÃO. AF_08/2022","UN",5,13.72,68.599999999999994,3.4789930059815629E-5,0.99940564498058082]
[97649,"SINAPI","REMOÇÃO DE TELHAS DE FIBROCIMENTO, METÁLICA E CERÂMICA, DE FORMA MECANIZADA, COM USO DE GUINDASTE, SEM REAPROVEITAMENTO. AF_09/2023","M2",12,5.71,68.52,3.47493587128071E-5,0.99944039433929366]
[91957,"SINAPI","INTERRUPTOR SIMPLES (1 MÓDULO) COM INTERRUPTOR PARALELO (1 MÓDULO), 10A/250V, INCLUINDO SUPORTE E PLACA - FORNECIMENTO E INSTALAÇÃO. AF_03/2023","UN",1,64.42,64.42,3.267007717861987E-5,0.99947306441647232]
[4177,"SINAPI","NIPLE DE FERRO GALVANIZADO, COM ROSCA BSP, DE 1/2\"","UN",9,7.13,64.17,3.2543291719218209E-5,0.99950560770819152]
[91979,"SINAPI","INTERRUPTOR INTERMEDIÁRIO (1 MÓDULO), 10A/250V, INCLUINDO SUPORTE E PLACA - FORNECIMENTO E INSTALAÇÃO. AF_03/2023","UN",1,62.57,62.57,3.1731864779047584E-5,0.99953733957297053]
["ED-50207","SETOP","PLACA FOTOLUMINESCENTE PARA SINALIZAÇÃO DE EMERGÊNCIA, TIPO \"P2\", DIÂMETRO DE 300MM, INCLUSIVE FIXAÇÃO","un",2,29.41,58.82,2.9830082888022676E-5,0.99956716965585857]
["COT-HID-001","COTAÇÃO","CRUZETA PVC SOLDÁVEL, DN 50MM","UN ",1,58.12,58.12,2.9475083601698025E-5,0.9995966447394603]
[89593,"SINAPI","LUVA COM ROSCA, PVC, SOLDÁVEL, DN 50MM X 1.1/2 , INSTALADO EM PRUMADA DE ÁGUA - FORNECIMENTO E INSTALAÇÃO. AF_06/2022","UN",2,28.98,57.96,2.9393940907680966E-5,0.99962603868036803]
[91959,"SINAPI","INTERRUPTOR SIMPLES (2 MÓDULOS), 10A/250V, INCLUINDO SUPORTE E PLACA - FORNECIMENTO E INSTALAÇÃO. AF_03/2023","UN",1,56.4,56.4,2.8602799641014603E-5,0.99965464148000904]
[104341,"SINAPI","BUCHA DE REDUÇÃO LONGA, PVC, SÉRIE NORMAL, ESGOTO PREDIAL, DN 50 X 40 MM, JUNTA SOLDÁVEL E ELÁSTICA, FORNECIDO E INSTALADO EM RAMAL DE DESCARGA OU RAMAL DE ESGOTO SANITÁRIO. AF_08/2022","UN",4,13.44,53.76,2.7263945189733068E-5,0.99968190542519875]
[89384,"SINAPI","CURVA DE TRANSPOSIÇÃO, PVC, SOLDÁVEL, DN 25MM, INSTALADO EM RAMAL OU SUB-RAMAL DE ÁGUA   FORNECIMENTO E INSTALAÇÃO. AF_06/2022","UN",3,15.8,47.4,2.4038523102554826E-5,0.99970594394830126]
[89379,"SINAPI","LUVA DE CORRER, PVC, SOLDÁVEL, DN 25MM, INSTALADO EM RAMAL OU SUB-RAMAL DE ÁGUA - FORNECIMENTO E INSTALAÇÃO. AF_12/2014","UN",2,22.55,45.1,2.287209687605955E-5,0.99972881604517727]
["COT-DAD-009","COTAÇÃO","CONECTOR RJ45 - PACOTE COM 100 UNIDADES","UN ",1,43.64,43.64,2.2131669793153854E-5,0.99975094771497042]
["ED-50206","SETOP","PLACA FOTOLUMINESCENTE PARA SINALIZAÇÃO DE EMERGÊNCIA, TIPO \"A2\", DIMENSÃO DA BASE 300MM, INCLUSIVE FIXAÇÃO","un",2,21.47,42.94,2.1776670506829204E-5,0.99977272438547726]
["DAC-20.3","CPU","PINTURA ACRÍLICA PARA SINALIZAÇÃO HORIZONTAL EM PISO","UN",3,13.24,39.72,2.0143673789735815E-5,0.99979286805926704]
[89557,"SINAPI","REDUÇÃO EXCÊNTRICA, PVC, SERIE R, ÁGUA PLUVIAL, DN 100 X 75 MM, JUNTA ELÁSTICA, FORNECIDO E INSTALADO EM RAMAL DE ENCAMINHAMENTO. AF_06/2022","UN",1,38.61,38.61,1.9580746349992445E-5,0.99981244880561704]
[103951,"SINAPI","JOELHO DE REDUÇÃO, 90 GRAUS, PVC, SOLDÁVEL, DN 32 MM X 25 MM, INSTALADO EM RAMAL OU SUB-RAMAL DE ÁGUA - FORNECIMENTO E INSTALAÇÃO. AF_06/2022","UN",2,18.399999999999999,36.799999999999997,1.866281962392442E-5,0.99983111162524096]
[38095,"SINAPI","ESPELHO / PLACA CEGA 4\" X 4\", PARA INSTALACAO DE TOMADAS E INTERRUPTORES","UN",6,5.99,35.94,1.8226677643582708E-5,0.99984933830288458]
["ED-48487","SETOP","DEMOLIÇÃO MANUAL DE LAJE DE CONCRETO ARMADO, COM ESPESSURA DE ATÉ 15CM, INCLUSIVE AFASTAMENTO E EMPILHAMENTO, EXCLUSIVE TRANSPORTE E RETIRADA DO MATERIAL DEMOLIDO","m2",0.64,55.21,35.33,1.7917321122642659E-5,0.99986725562400725]
[89367,"SINAPI","JOELHO 90 GRAUS, PVC, SOLDÁVEL, DN 32MM, INSTALADO EM RAMAL OU SUB-RAMAL DE ÁGUA - FORNECIMENTO E INSTALAÇÃO. AF_06/2022","UN",2,16.28,32.56,1.651253823247226E-5,0.99988376816223967]
["DAC-21.2","CPU","INSTALAÇÃO CHAPA DE PROTEÇÃO IMPACTO PARA PORTA 40X80","UN",6,5.28,31.68,1.6066253415378415E-5,0.999899834415655]
[100574,"SINAPI","ESPALHAMENTO DE MATERIAL COM TRATOR DE ESTEIRAS. AF_09/2024","M3",16.18,1.82,29.45,1.4935327117515604E-5,0.99991476974277249]
["DAC-20.1","CPU","FIXAÇÃO DE PLACAS FOTOLUMINESCENTES PARA SINALIZAÇÃO DE EMERGÊNCIA","UN",2,14,28,1.4199971452985973E-5,0.99992896971422551]
[94658,"SINAPI","ADAPTADOR CURTO COM BOLSA E ROSCA PARA REGISTRO, PVC, SOLDÁVEL, DN 32 MM X 1\", INSTALADO EM RESERVAÇÃO PREDIAL DE ÁGUA - FORNECIMENTO E INSTALAÇÃO. AF_04/2024","UN",4,6.27,25.08,1.2719117287174577E-5,0.99994168883151269]
[98521,"SINAPI","APLICAÇÃO DE CALCÁRIO PARA CORREÇÃO DO PH DO SOLO. AF_07/2024","M2",58.43,0.41,23.96,1.215111842905514E-5,0.99995383994994169]
[89827,"SINAPI","JUNÇÃO SIMPLES, PVC, SERIE NORMAL, ESGOTO PREDIAL, DN 50 X 50 MM, JUNTA ELÁSTICA, FORNECIDO E INSTALADO EM PRUMADA DE ESGOTO SANITÁRIO OU VENTILAÇÃO. AF_08/2022","UN",1,23.96,23.96,1.215111842905514E-5,0.9999659910683707]
["DAC-12.2","CPU","INSTALAÇÃO DA CRUZETA DN 5 MM","UN    ",1,20.68,20.68,1.0487693201705354E-5,0.99997647876157236]
[104003,"SINAPI","BUCHA DE REDUÇÃO , LONGA, PVC, SOLDÁVEL, DN 50 X 32 MM, INSTALADO EM RAMAL DE DISTRIBUIÇÃO DE ÁGUA - FORNECIMENTO E INSTALAÇÃO. AF_06/2022","UN",1,17.760000000000002,17.760000000000002,9.0068390358939613E-6,0.99998548560060829]
[89541,"SINAPI","LUVA, PVC, SOLDÁVEL, DN 32MM, INSTALADO EM PRUMADA DE ÁGUA - FORNECIMENTO E INSTALAÇÃO. AF_06/2022","UN",2,7.76,15.52,7.8708413196550823E-6,0.99999335644192799]
["DAC-22.1","CPU","APLICAÇÃO DE FERTILIZANTE EM SOLO","M2    ",7.1999999999999993,1.82,13.1,6.6435580726470084E-6,1.0000000000000007]

{"sheet":"Auxiliar_ABC2","index":6,"n_rows":356,"n_cols":14,"rows_kept":356,"cut":false,"hidden":true,"merged":[]}
["1","","","1.1","LOCAÇÃO DE CONTAINER COM ISOLAMENTO TÉRMICO, TIPO 3, PARA DEPÓSITO/FERRAMENTARIA DE OBRA, COM MEDIDAS REFERENCIAIS DE (6) METROS COMPRIMENTO, (2,3) METROS LARGURA E (2,5) METROS ALTURA ÚTIL INTERNA, INCLUSIVE LIGAÇÕES ELÉTRICAS INTERNAS, EXCLUSIVE MOBILIZAÇÃO/DESMOBILIZAÇÃO E LIGAÇÕES PROVISÓRIAS EXTERNAS","ED-16350","SETOP","mês",8,802.02,"BDI 1",1014.71,6416.16,8117.68]
["1","","","1.2","LIGAÇÕES PROVISÓRIAS PARA CONTAINER TIPO 3 (CORRESPONDENTE AO CÓDIGO ED-16350)","ED-16358","SETOP","un",1,299.27,"BDI 1",378.63,299.27,378.63]
["1","","","1.3","MOBILIZAÇÃO E DESMOBILIZAÇÃO DE CONTAINER, INCLUSIVE CARGA, DESCARGA E TRANSPORTE EM CAMINHÃO CARROCERIA COM GUINDAUTO (MUNCK), EXCLUSIVE LOCAÇÃO DO CONTAINER","ED-50137","SETOP","un",1,1534.32,"BDI 1",1941.22,1534.32,1941.22]
["1","","","1.4","LOCAÇÃO DE BANHEIRO QUÍMICO, DIMENSÃO (110X120X230)CM, LINHA PADRÃO, CONTENDO UMA (1) PIA/HIGIENIZADOR DE MÃOS, INCLUSIVE MANUTENÇÃO E MOBILIZAÇÃO/DESMOBILIZAÇÃO","ED-50155","SETOP","mês",16,900,"BDI 1",1138.68,14400,18218.88]
["1","","","1.5","TAPUME FIXO DE PROTEÇÃO PARA FECHAMENTO DE OBRA EM TELHA METÁLICA GALVANIZADA, TIPO TRAPEZOIDAL, ESP. 0,5MM, COM MÓDULO NA DIMENSÃO DE (300X220)CM, COM REAPROVEITAMENTO, EXCLUSIVE PINTURA ESMALTE, INCLUSIVE PONTALETE E FIXAÇÃO","ED-29823","SETOP","m2",463.65,61.38,"BDI 1",77.650000000000006,28458.83,36002.42]
["1","","","1.6","REMOÇÃO DE TAPUME/ CHAPAS METÁLICAS E DE MADEIRA, DE FORMA MANUAL, SEM REAPROVEITAMENTO. AF_09/2023",97637,"SINAPI","M2",463.65,2.8,"BDI 1",3.54,1298.22,1641.32]
["2","","","2.1","FORNECIMENTO E COLOCAÇÃO DE PLACA DE OBRA EM CHAPA GALVANIZADA #26, ESP. 0,45MM, DIMENSÃO (3X1,5)M, PLOTADA COM ADESIVO VINÍLICO, AFIXADA COM REBITES 4,8X40MM, EM ESTRUTURA METÁLICA DE METALON 20X20MM, ESP. 1,25MM, INCLUSIVE SUPORTE EM EUCALIPTO AUTOCLAVADO PINTADO COM TINTA PVA DUAS (2) DEMÃOS","ED-28427","SETOP","un",1,1179.54,"BDI 1",1492.35,1179.54,1492.35]
["2","","","2.2","LOCAÇÃO CONVENCIONAL DE OBRA, UTILIZANDO GABARITO DE TÁBUAS CORRIDAS PONTALETADAS A CADA 2,00M -  2 UTILIZAÇÕES. AF_03/2024",99059,"SINAPI","M",202.15,69.89,"BDI 1",88.42,14128.26,17874.099999999999]
["3","","","3.1","CORTE RASO E RECORTE DE ÁRVORE COM DIÂMETRO DE TRONCO MAIOR OU IGUAL A 0,20 M E MENOR QUE 0,40 M. AF_03/2024",98529,"SINAPI","UN",2,73.45,"BDI 1",92.92,146.9,185.84]
["3","","","3.2","CORTE RASO E RECORTE DE ÁRVORE COM DIÂMETRO DE TRONCO MAIOR OU IGUAL A 0,40 M E MENOR QUE 0,60 M. AF_03/2024",98530,"SINAPI","UN",2,144.16999999999999,"BDI 1",182.4,288.33999999999997,364.8]
["3","","","3.3","CORTE RASO E RECORTE DE ÁRVORE COM DIÂMETRO DE TRONCO MAIOR OU IGUAL A 0,60 M. AF_03/2024",98531,"SINAPI","UN",1,386.79,"BDI 1",489.36,386.79,489.36]
["3","","","3.4","REMOÇÃO DE RAÍZES REMANESCENTES DE TRONCO DE ÁRVORE COM DIÂMETRO MAIOR OU IGUAL A 0,20 M E MENOR QUE 0,40 M. AF_03/2024",98526,"SINAPI","UN",2,137.01,"BDI 1",173.34,274.02,346.68]
["3","","","3.5","REMOÇÃO DE RAÍZES REMANESCENTES DE TRONCO DE ÁRVORE COM DIÂMETRO MAIOR OU IGUAL A 0,40 M E MENOR QUE 0,60 M. AF_03/2024",98527,"SINAPI","UN",2,227.38,"BDI 1",287.68,454.76,575.36]
["3","","","3.6","REMOÇÃO DE RAÍZES REMANESCENTES DE TRONCO DE ÁRVORE COM DIÂMETRO MAIOR OU IGUAL A 0,60 M. AF_03/2024",98528,"SINAPI","UN",1,299.7,"BDI 1",379.18,299.7,379.18]
["3","","","3.7","DEMOLIÇÃO MANUAL DE ALVENARIA DE TIJOLO CERÂMICO OU BLOCO DE CONCRETO, INCLUSIVE AFASTAMENTO E EMPILHAMENTO, EXCLUSIVE TRANSPORTE E RETIRADA DO MATERIAL DEMOLIDO","ED-48435","SETOP","m3",4.8857999999999997,109.09,"BDI 1",138.02000000000001,532.99,674.92]
["3","","","3.8","DEMOLIÇÃO MANUAL DE LAJE DE CONCRETO ARMADO, COM ESPESSURA DE ATÉ 15CM, INCLUSIVE AFASTAMENTO E EMPILHAMENTO, EXCLUSIVE TRANSPORTE E RETIRADA DO MATERIAL DEMOLIDO","ED-48487","SETOP","m2",0.64,43.64,"BDI 1",55.21,27.92,35.33]
["3","","","3.9","DEMOLIÇÃO MANUAL DE REVESTIMENTO DE PEDRA (MÁRMORE, GRANITO, ARDÓSIA, ETC.), INCLUSIVE AFASTAMENTO E EMPILHAMENTO, EXCLUSIVE DEMOLIÇÃO DO REBOCO OU EMBOÇO, TRANSPORTE E RETIRADA DO MATERIAL DEMOLIDO","ED-48503","SETOP","m2",50.42,25.85,"BDI 1",32.700000000000003,1303.3499999999999,1648.73]
["3","","","3.10","DEMOLIÇÃO MANUAL DE CONCRETO ARMADO, INCLUSIVE AFASTAMENTO E EMPILHAMENTO, EXCLUSIVE TRANSPORTE E RETIRADA DO MATERIAL DEMOLIDO","ED-48441","SETOP","m3",2.0699999999999998,498.69,"BDI 1",630.94000000000005,1032.28,1306.05]
["3","","","3.11","REMOÇÃO DE POSTE METÁLICO","DAC-2.1","CPU","UN",5,141.63999999999999,"BDI 1",179.2,708.2,896]
["3","","","3.12","LIMPEZA DE TERRENO, INCLUSIVE CAPINA, RASTELAMENTO COM AFASTAMENTO ATÉ VINTE (20) METROS E QUEIMA CONTROLADA","ED-50703","SETOP","m2",458.43,2.48,"BDI 1",3.13,1136.9000000000001,1434.89]
["3","","","3.13","DEMOLIÇÃO MANUAL DE PISO CERÂMICO OU LADRILHO HIDRÁULICO, INCLUSIVE AFASTAMENTO E EMPILHAMENTO, EXCLUSIVE DEMOLIÇÃO DE CONTRAPISO, TRANSPORTE E RETIRADA DO MATERIAL DEMOLIDO","ED-48480","SETOP","m2",20,17.23,"BDI 1",21.79,344.6,435.8]
["3","","","3.14","REMOÇÃO MANUAL DE GUIA DE MEIO-FIO PRÉ-MOLDADA EM CONCRETO, SEM REAPROVEITAMENTO, INCLUSIVE AFASTAMENTO E EMPILHAMENTO, EXCLUSIVE TRANSPORTE E RETIRADA DO MATERIAL REMOVIDO NÃO REAPROVEITÁVEL","DAC-2.2","CPU","M",21.37,24.2,"BDI 1",30.61,517.15,654.14]
["3","","","3.15","REMOÇÃO DE TRAMA DE MADEIRA PARA COBERTURA, DE FORMA MANUAL, SEM REAPROVEITAMENTO. AF_09/2023",97650,"SINAPI","M2",12,7.65,"BDI 1",9.67,91.8,116.04]
["3","","","3.16","REMOÇÃO DE TELHAS DE FIBROCIMENTO, METÁLICA E CERÂMICA, DE FORMA MECANIZADA, COM USO DE GUINDASTE, SEM REAPROVEITAMENTO. AF_09/2023",97649,"SINAPI","M2",12,4.5199999999999996,"BDI 1",5.71,54.24,68.52]
["3","","","3.17","REMOÇÃO DE ESTRUTURA EM MADEIRA, SEM REAPROVEITAMENTO ","DAC-2.3","CPU","UN",1,78.12,"BDI 1",98.83,78.12,98.83]
["3","","","3.18","CARGA MANUAL DE MATERIAL DE QUALQUER NATUREZA SOBRE CAMINHÃO, EXCLUSIVE TRANSPORTE","ED-51131","SETOP","m3",354.45045999999996,41.88,"BDI 1",52.98,14844.38,18778.759999999998]
["3","","","3.19","TRANSPORTE COM CAMINHÃO BASCULANTE DE 14 M³, EM VIA URBANA PAVIMENTADA, DMT ATÉ 30 KM (UNIDADE: M3XKM). AF_07/2020",95876,"SINAPI","M3XKM",708.90091999999993,2.23,"BDI 1",2.82,1580.84,1999.1]
["4","1","","4.1.1","COMPACTAÇÃO MECANIZADA DE ATERRO COM PLACA VIBRATÓRIA, INCLUSIVE ESPALHAMENTO MANUAL","ED-51096","SETOP","m3",429.5,50.96,"BDI 1",64.47,21887.32,27689.87]
["4","2","","4.2.1","ARGILA OU BARRO PARA ATERRO/REATERRO (RETIRADO NA JAZIDA, SEM TRANSPORTE)",6077,"SINAPI","M3",477.22222222222223,37.35,"BDI 1",47.25,17824.25,22548.65]
["4","2","","4.2.2","CARGA, MANOBRA E DESCARGA DE SOLOS E MATERIAIS GRANULARES EM CAMINHÃO BASCULANTE 10 M³ - CARGA COM ESCAVADEIRA HIDRÁULICA (CAÇAMBA DE 1,20 M³ / 155 HP) E DESCARGA LIVRE (UNIDADE: M3). AF_07/2020",100978,"SINAPI","M3",620.38888888888891,7.12,"BDI 1",9,4417.16,5583.51]
["4","2","","4.2.3","TRANSPORTE COM CAMINHÃO BASCULANTE DE 10 M³, EM VIA URBANA PAVIMENTADA, DMT ATÉ 30 KM (UNIDADE: M3XKM). AF_07/2020",95875,"SINAPI","M3XKM",6638.1611111111106,2.5299999999999998,"BDI 1",3.2,16794.54,21242.11]
["4","3","","4.3.1","PLANTIO DE GRAMA ESMERALDA OU SÃO CARLOS OU CURITIBANA, EM PLACAS. AF_07/2024",103946,"SINAPI","M2",58.43,15.81,"BDI 1",20,923.77,1168.5999999999999]
["4","3","","4.3.2","CARGA MANUAL DE MATERIAL DE QUALQUER NATUREZA SOBRE CAMINHÃO, EXCLUSIVE TRANSPORTE","ED-51131","SETOP","m3",11.39,41.88,"BDI 1",52.98,477.01,603.44000000000005]
["4","3","","4.3.3","TRANSPORTE COM CAMINHÃO BASCULANTE DE 10 M³, EM VIA URBANA PAVIMENTADA, DMT ATÉ 30 KM (UNIDADE: M3XKM). AF_07/2020",95875,"SINAPI","M3XKM",124.15100000000001,2.5299999999999998,"BDI 1",3.2,314.10000000000002,397.28]
["4","3","","4.3.4","APLICAÇÃO DE ADUBO EM SOLO. AF_07/2024",98520,"SINAPI","M2",58.43,5.75,"BDI 1",7.27,335.97,424.79]
["4","3","","4.3.5","APLICAÇÃO DE CALCÁRIO PARA CORREÇÃO DO PH DO SOLO. AF_07/2024",98521,"SINAPI","M2",58.43,0.33,"BDI 1",0.41,19.28,23.96]
["5","1","1","5.1.1.1","ESCAVAÇÃO MANUAL PARA BLOCO DE COROAMENTO OU SAPATA (INCLUINDO ESCAVAÇÃO PARA COLOCAÇÃO DE FÔRMAS). AF_01/2024",96523,"SINAPI","M3",30.349999999999998,93.01,"BDI 1",117.67,2822.85,3571.28]
["5","1","1","5.1.1.2","ESCAVAÇÃO MANUAL PARA VIGA BALDRAME OU SAPATA CORRIDA (INCLUINDO ESCAVAÇÃO PARA COLOCAÇÃO DE FÔRMAS). AF_01/2024",96527,"SINAPI","M3",17.41,102.24,"BDI 1",129.35,1779.99,2251.98]
["5","1","1","5.1.1.3","LASTRO COM MATERIAL GRANULAR, APLICADO EM BLOCOS DE COROAMENTO, ESPESSURA DE *10 CM*. AF_01/2024",96623,"SINAPI","M3",7.54,228,"BDI 1",288.45999999999998,1719.12,2174.9899999999998]
["5","1","2","5.1.2.1","CARGA, MANOBRA E DESCARGA DE SOLOS E MATERIAIS GRANULARES EM CAMINHÃO BASCULANTE 6 M³ - CARGA COM ESCAVADEIRA HIDRÁULICA (CAÇAMBA DE 1,20 M³ / 155 HP) E DESCARGA LIVRE (UNIDADE: M3). AF_07/2020",100977,"SINAPI","M3",16.18,7.88,"BDI 1",9.9600000000000009,127.49,161.15]
["5","1","2","5.1.2.2","TRANSPORTE COM CAMINHÃO BASCULANTE DE 6 M³, EM VIA URBANA EM REVESTIMENTO PRIMÁRIO (UNIDADE: M3XKM). AF_07/2020",97913,"SINAPI","M3XKM",32.36,3.32,"BDI 1",4.2,107.43,135.91]
["5","1","2","5.1.2.3","ESPALHAMENTO DE MATERIAL COM TRATOR DE ESTEIRAS. AF_09/2024",100574,"SINAPI","M3",16.18,1.44,"BDI 1",1.82,23.29,29.45]
["5","2","1","5.2.1.1","MOBILIZAÇÃO E DESMOBILIZAÇÃO DE EQUIPAMENTO PARA ESTACA TIPO TRADO ROTATIVO (CUSTO FIXO), INCLUSIVE CARGA E DESCARGA, EXCLUSIVE TRANSPORTE EM QUILÔMETRO RODADO (CUSTO VARIÁVEL)","ED-29817","SETOP","un",1,3736.48,"BDI 1",4727.3900000000003,3736.48,4727.3900000000003]
["5","2","1","5.2.1.2","MOBILIZAÇÃO E DESMOBILIZAÇÃO DE EQUIPAMENTO PARA ESTACA TIPO TRADO ROTATIVO (CUSTO VARIÁVEL), EXCLUSIVE CUSTO FIXO DE TRANSPORTE","ED-29818","SETOP","km",30,21.32,"BDI 1",26.97,639.6,809.1]
["5","2","1","5.2.1.3","ESTACA DO TIPO ESCAVADA COM TRADO MECÂNICO, SEM FLUIDO ESTABILIZANTE, COM DIÂMETRO DE 30CM, CONCRETO C-25 LANÇADO POR CAMINHÃO BETONEIRA (EXCLUSIVE MOBILIZAÇÃO E DESMOBILIZAÇÃO) ","DAC-5.1","CPU","M",81,133.96,"BDI 1",169.48,10850.76,13727.88]
["5","2","1","5.2.1.4","ESTACA DO TIPO STRAUSS, COM DIÂMETRO DE 32CM, CONCRETO C-20, ARMAÇÃO, MOBILIZAÇÃO E DESMOBILIZAÇÃO","DAC-5.2","CPU","M",336,156.96,"BDI 1",198.58,52738.559999999998,66722.880000000005]
["5","2","1","5.2.1.5","ESTACA DO TIPO BROCA MANUAL, COM DIÂMETRO DE 25CM, CONCRETO C-20, COM ARMAÇÃO","DAC-5.3","CPU","M",91,120.63,"BDI 1",152.62,10977.33,13888.42]
["5","2","2","5.2.2.1","FABRICAÇÃO, MONTAGEM E DESMONTAGEM DE FÔRMA PARA BLOCO DE COROAMENTO, EM MADEIRA SERRADA, E=25 MM, 2 UTILIZAÇÕES. AF_01/2024",96531,"SINAPI","M2",9.8000000000000007,105.96,"BDI 1",134.06,1038.4000000000001,1313.79]
["5","2","2","5.2.2.2","CORTE, DOBRA E MONTAGEM DE AÇO CA-50/60, INCLUSIVE ESPAÇADOR","ED-48298","SETOP","Kg",934.3,13.63,"BDI 1",17.239999999999998,12734.5,16107.33]
["5","2","2","5.2.2.3","FORNECIMENTO DE CONCRETO ESTRUTURAL, USINADO BOMBEADO, COM FCK 30MPA, INCLUSIVE LANÇAMENTO, ADENSAMENTO E ACABAMENTO (FUNDAÇÃO)","ED-49806","SETOP","m3",8.6,734.33,"BDI 1",929.07,6315.23,7990]
["5","2","3","5.2.3.1","FÔRMA E DESFORMA PARA VIGA-CINTA/BLOCO COM TÁBUA E SARRAFO, REAPROVEITAMENTO (3X) (FUNDAÇÃO)","ED-49810","SETOP","m2",61.48,70.069999999999993,"BDI 1",88.65,4307.8999999999996,5450.2]
["5","2","3","5.2.3.2","CORTE, DOBRA E MONTAGEM DE AÇO CA-50/60, INCLUSIVE ESPAÇADOR","ED-48298","SETOP","Kg",262.2,13.63,"BDI 1",17.239999999999998,3573.78,4520.33]
["5","2","3","5.2.3.3","FORNECIMENTO DE CONCRETO ESTRUTURAL, USINADO BOMBEADO, COM FCK 30MPA, INCLUSIVE LANÇAMENTO, ADENSAMENTO E ACABAMENTO (FUNDAÇÃO)","ED-49806","SETOP","m3",8.92,734.33,"BDI 1",929.07,6550.22,8287.2999999999993]
["5","2","4","5.2.4.1","FÔRMA E DESFORMA PARA VIGA-CINTA/BLOCO COM TÁBUA E SARRAFO, REAPROVEITAMENTO (3X) (FUNDAÇÃO)","ED-49810","SETOP","m2",284.69999999999993,70.069999999999993,"BDI 1",88.65,19948.919999999998,25238.66]
["5","2","4","5.2.4.2","CORTE, DOBRA E MONTAGEM DE AÇO CA-50/60, INCLUSIVE ESPAÇADOR","ED-48298","SETOP","Kg",1026.2,13.63,"BDI 1",17.239999999999998,13987.1,17691.689999999999]
["5","2","4","5.2.4.3","FORNECIMENTO DE CONCRETO ESTRUTURAL, USINADO BOMBEADO, COM FCK 30MPA, INCLUSIVE LANÇAMENTO, ADENSAMENTO E ACABAMENTO (FUNDAÇÃO)","ED-49806","SETOP","m3",17.639999999999997,734.33,"BDI 1",929.07,12953.58,16388.79]
["5","2","4","5.2.4.4","IMPERMEABILIZAÇÃO DE SUPERFÍCIE COM EMULSÃO ASFÁLTICA, 2 DEMÃOS. AF_09/2023",98557,"SINAPI","M2",142.35999999999999,41.52,"BDI 1",52.53,5910.78,7478.17]
["5","2","5","5.2.5.1","ALVENARIA ESTRUTURAL COM BLOCO DE CONCRETO, ESP. 14CM, (FBK 4,5MPA), PARA REVESTIMENTO, INCLUSIVE ARGAMASSA PARA ASSENTAMENTO","ED-48198","SETOP","m2",26.2,78.95,"BDI 1",99.88,2068.4899999999998,2616.86]
["5","2","5","5.2.5.2","CORTE, DOBRA E MONTAGEM DE AÇO CA-50/60, INCLUSIVE ESPAÇADOR","ED-48298","SETOP","Kg",154.69999999999999,13.63,"BDI 1",17.239999999999998,2108.56,2667.03]
["5","2","5","5.2.5.3","GRAUTE FGK=15 MPA; TRAÇO 1:0,04:2,2:2,5 (EM MASSA SECA DE CIMENTO/CAL/AREIA GROSSA/BRITA 0) - PREPARO MECÂNICO COM BETONEIRA 400 L. AF_09/2021",90278,"SINAPI","M3",1.65,544.24,"BDI 1",688.57,897.99,1136.1400000000001]
["5","2","5","5.2.5.4","IMPERMEABILIZAÇÃO DE SUPERFÍCIE COM ARGAMASSA DE CIMENTO E AREIA, COM ADITIVO IMPERMEABILIZANTE, E = 1,5CM. AF_09/2023",98562,"SINAPI","M2",39.799999999999997,49.86,"BDI 1",63.08,1984.42,2510.58]
["5","3","1","5.3.1.1","MONTAGEM E DESMONTAGEM DE FÔRMA DE PILARES RETANGULARES E ESTRUTURAS SIMILARES, PÉ-DIREITO DUPLO, EM CHAPA DE MADEIRA COMPENSADA RESINADA, 2 UTILIZAÇÕES. AF_09/2020",92417,"SINAPI","M2",76.91,164.72,"BDI 1",208.4,12668.61,16028.04]
["5","3","1","5.3.1.2","MONTAGEM E DESMONTAGEM DE FÔRMA DE PILARES RETANGULARES E ESTRUTURAS SIMILARES, PÉ-DIREITO SIMPLES, EM CHAPA DE MADEIRA COMPENSADA RESINADA, 2 UTILIZAÇÕES. AF_09/2020",92415,"SINAPI","M2",98.899999999999991,141.16999999999999,"BDI 1",178.6,13961.71,17663.54]
["5","3","1","5.3.1.3","CORTE, DOBRA E MONTAGEM DE AÇO CA-50/60, INCLUSIVE ESPAÇADOR","ED-48298","SETOP","Kg",1540,13.63,"BDI 1",17.239999999999998,20990.2,26549.599999999999]
["5","3","1","5.3.1.4","FORNECIMENTO DE CONCRETO ESTRUTURAL, USINADO BOMBEADO, COM FCK 30MPA, INCLUSIVE LANÇAMENTO, ADENSAMENTO E ACABAMENTO","ED-49639","SETOP","m3",8.9,749.04,"BDI 1",947.68,6666.45,8434.35]
["5","3","2","5.3.2.1","MONTAGEM E DESMONTAGEM DE FÔRMA DE VIGA, ESCORAMENTO METÁLICO, PÉ-DIREITO DUPLO, EM CHAPA DE MADEIRA RESINADA, 2 UTILIZAÇÕES. AF_09/2020",92450,"SINAPI","M2",117.39000000000001,297.48,"BDI 1",376.37,34921.17,44182.07]
["5","3","2","5.3.2.2","MONTAGEM E DESMONTAGEM DE FÔRMA DE VIGA, ESCORAMENTO COM PONTALETE DE MADEIRA, PÉ-DIREITO SIMPLES, EM MADEIRA SERRADA, 1 UTILIZAÇÃO. AF_09/2020",92446,"SINAPI","M2",79.02000000000001,351.2,"BDI 1",444.33,27751.82,35110.959999999999]
["5","3","2","5.3.2.3","CORTE, DOBRA E MONTAGEM DE AÇO CA-50/60, INCLUSIVE ESPAÇADOR","ED-48298","SETOP","Kg",854.2,13.63,"BDI 1",17.239999999999998,11642.74,14726.41]
["5","3","2","5.3.2.4","FORNECIMENTO DE CONCRETO ESTRUTURAL, USINADO BOMBEADO, COM FCK 30MPA, INCLUSIVE LANÇAMENTO, ADENSAMENTO E ACABAMENTO","ED-49639","SETOP","m3",14.71,749.04,"BDI 1",947.68,11018.37,13940.37]
["5","3","3","5.3.3.1","LAJE TRELIÇADA H=12 CM - INCLUSO MONTAGEM E FORNECIMENTO DE TODOS OS MATERIAIS","DAC-5.4","CPU","M2",131.66,147.08000000000001,"BDI 1",186.08,19364.55,24499.29]
["5","3","3","5.3.3.2","LAJE TRELIÇADA H=16 CM - INCLUSO MONTAGEM E FORNECIMENTO DE TODOS OS MATERIAIS","DAC-5.5","CPU","M2",117.69,162.08000000000001,"BDI 1",205.06,19075.189999999999,24133.51]
["5","3","3","5.3.3.3","LAJE TRELIÇADA H=20 CM - INCLUSO MONTAGEM E FORNECIMENTO DE TODOS OS MATERIAIS","DAC-5.6","CPU","M2",38.15,223.08,"BDI 1",282.24,8510.5,10767.46]
["5","3","3","5.3.3.4","ARMADURA DE TELA DE AÇO CA-60, SOLDADA TIPO Q-92, DIÂMETRO Ø4,2MM, TRAMA COM DIMENSÃO (150X150)MM, INCLUSIVE ESPAÇADOR, EXCLUSIVE CONCRETO","ED-29581","SETOP","m2",287.5,19.190000000000001,"BDI 1",24.27,5517.12,6977.63]
["5","3","3","5.3.3.5","CIMBRAMENTO PARA LAJE PRÉ-MOLDADA COM ESCORAMENTO METÁLICO, TIPO \"B\", ALTURA DE (311 ATÉ 450)CM, INCLUSIVE DESCARGA, MONTAGEM, DESMONTAGEM E CARGA","ED-19638","SETOP","m2xmês",287.5,25.17,"BDI 1",31.84,7236.37,9154]
["5","3","3","5.3.3.6","CORTE, DOBRA E MONTAGEM DE AÇO CA-50/60, INCLUSIVE ESPAÇADOR","ED-48298","SETOP","Kg",90.5,13.63,"BDI 1",17.239999999999998,1233.51,1560.22]
["5","3","4","5.3.4.1","MONTAGEM E DESMONTAGEM DE FÔRMA DE LAJE MACIÇA, PÉ-DIREITO SIMPLES, EM MADEIRA SERRADA, 1 UTILIZAÇÃO. AF_09/2020",92482,"SINAPI","M2",1.66,395.44,"BDI 1",500.31,656.43,830.51]
["5","3","4","5.3.4.2","CORTE, DOBRA E MONTAGEM DE AÇO CA-50/60, INCLUSIVE ESPAÇADOR","ED-48298","SETOP","Kg",51.9,13.63,"BDI 1",17.239999999999998,707.39,894.76]
["5","3","4","5.3.4.3","FORNECIMENTO DE CONCRETO ESTRUTURAL, USINADO BOMBEADO, COM FCK 30MPA, INCLUSIVE LANÇAMENTO, ADENSAMENTO E ACABAMENTO","ED-49639","SETOP","m3",1.1099999999999999,749.04,"BDI 1",947.68,831.43,1051.92]
["6","1","","6.1.1","ALVENARIA DE VEDAÇÃO DE BLOCOS VAZADOS DE CONCRETO DE 14X19X39 CM (ESPESSURA 14 CM)  E ARGAMASSA DE ASSENTAMENTO COM PREPARO EM BETONEIRA. AF_12/2021",103318,"SINAPI","M2",554.54,102.94,"BDI 1",130.22999999999999,57084.34,72217.740000000005]
["6","1","","6.1.2","ALVENARIA DE VEDAÇÃO DE BLOCOS VAZADOS DE CONCRETO DE 19X19X39 CM (ESPESSURA 19 CM) E ARGAMASSA DE ASSENTAMENTO COM PREPARO EM BETONEIRA. AF_12/2021",103320,"SINAPI","M2",10,123.81,"BDI 1",156.63999999999999,1238.0999999999999,1566.4]
["6","1","","6.1.3","FIXAÇÃO (ENCUNHAMENTO) DE ALVENARIA DE VEDAÇÃO COM TIJOLO MACIÇO. AF_03/2024",93202,"SINAPI","M",352.15999999999997,27.54,"BDI 1",34.840000000000003,9698.48,12269.25]
["6","2","","6.2.1","DIVISÓRIA EM GRANITO CINZA ANDORINHA, ESP. 3CM, INCLUSIVE INSTALAÇÃO, FERRAGENS EM LATÃO CROMADO E ACESSÓRIOS","ED-48533","SETOP","m2",21.05,658.49,"BDI 1",833.12,13861.21,17537.18]
["6","3","","6.3.1","GUARDA-CORPO EXTERNO, ALTURA 130CM, EM TUBO GALVANIZADO, COM COSTURA, DIÂMETRO DE 2\", ESP. 3MM, GRADIL COM DIVISÃO HORIZONTAL EM TUBO GALVANIZADO, COM COSTURA, DIÂMETRO DE 1\", ESP. 3MM, EXCLUSIVE PINTURA","ED-32098","SETOP","m",10.5,691.29,"BDI 1",874.62,7258.54,9183.51]
["6","4","","6.4.1","FORNECIMENTO DE ANDAIME METÁLICO TUBULAR TIPO TORRE (LOCAÇÃO), INCLUSIVE RODÍZIOS, EXCLUSIVE MONTAGEM E DESMONTAGEM","ED-9076","SETOP","mxmês",360,22,"BDI 1",27.83,7920,10018.799999999999]
["6","4","","6.4.2","MONTAGEM E DESMONTAGEM DE ANDAIME METÁLICO TUBULAR TIPO TORRE, EXCLUSIVE FORNECIMENTO DO ANDAIME","ED-9077","SETOP","m",355,10.09,"BDI 1",12.76,3581.95,4529.8]
["7","1","","7.1.1","KIT DE PORTA DE MADEIRA PARA PINTURA, SEMI-OCA (LEVE OU MÉDIA), PADRÃO POPULAR, 90X210CM, ESPESSURA DE 3,5CM, ITENS INCLUSOS: DOBRADIÇAS, MONTAGEM E INSTALAÇÃO DO BATENTE, SEM FECHADURA - FORNECIMENTO E INSTALAÇÃO. AF_12/2019",91321,"SINAPI","UN",6,845.39,"BDI 1",1069.58,5072.34,6417.48]
["7","2","","7.2.1","PORTA EM ALUMÍNIO COMPLETA, DIMENSÃO (120X210)CM, TIPO DE CORRER, COM DUAS (2) FOLHAS, LINHA 25/SUPREMA, ACABAMENTO ANODIZADO NATURAL, INCLUSIVE PERFIS, VIDRO, FERRAGENS E INSTALAÇÃO","ED-29485","SETOP","un",1,1978.23,"BDI 1",2502.85,1978.23,2502.85]
["7","2","","7.2.2","PORTA EM ALUMÍNIO DE CORRER COM FOLHA ÚNICA (90X210)CM COMPLETA, LINHA 25/SUPREMA, ACABAMENTO ANODIZADO NATURAL, INCLUSIVE PERFIS, VIDRO, FERRAGENS E INSTALAÇÃO","DAC-7.1","CPU","UN",2,1433.4,"BDI 1",1813.53,2866.8,3627.06]
["7","2","","7.2.3","PORTÃO EM TUBO DE AÇO GALVANIZADO COM COSTURA, DIÂMETRO DE 1.1/2\" (38,1MM), ESP. 2MM, COM TELA QUADRICULADA ONDULADA, TRAMA DE 1/2\" (12,70MM), FIO 12 (2,77MM), EXCLUSIVE CADEADO E PINTURA","ED-50986","SETOP","m2",4.3100000000000005,572.48,"BDI 1",724.3,2467.38,3121.73]
["7","2","","7.2.4","PORTA VENEZIANA EM ALUMÍNIO COMPLETA, DIMENSÃO (80X210)CM, TIPO DE ABRIR, COM UMA (1) FOLHA, LINHA 25/SUPREMA, ACABAMENTO ANODIZADO NATURAL, INCLUSIVE PERFIS, FERRAGENS E INSTALAÇÃO","ED-29479","SETOP","un",1,1812.47,"BDI 1",2293.13,1812.47,2293.13]
["7","2","","7.2.5","PORTA EM ALUMÍNIO DE ABRIR TIPO VENEZIANA, FIXAÇÃO COM PARAFUSOS - FORNECIMENTO E INSTALAÇÃO.","DAC-7.3","CPU","M2",9.8999999999999986,479.2,"BDI 1",606.28,4744.08,6002.17]
["7","2","","7.2.6","PORTA VENEZIANA EM ALUMÍNIO COMPLETA, DIMENSÃO (90X210)CM, TIPO DE ABRIR, COM UMA (1) FOLHA, LINHA 25/SUPREMA, ACABAMENTO ANODIZADO NATURAL, INCLUSIVE PERFIS, FERRAGENS E INSTALAÇÃO","ED-29480","SETOP","un",3,1954.64,"BDI 1",2473.0100000000002,5863.92,7419.03]
["7","3","","7.3.1","JANELA EM ALUMÍNIO DE CORRER COM 2 FOLHAS, LINHA 25/SUPREMA, ACABAMENTO ANODIZADO NATURAL, INCLUSIVE PERFIS, VIDRO 4MM E INSTALAÇÃO, EXCLUSIVE FERRAGENS PARA JANELA DE ALUMÍNIO DE CORRER","ED-29484","SETOP","m2",34.5,875.51,"BDI 1",1107.69,30205.09,38215.31]
["7","3","","7.3.2","JANELA EM ALUMÍNIO MÁXIM-AR COM ALTURA DE 60CM, LINHA 25/SUPREMA, ACABAMENTO ANODIZADO NATURAL, INCLUSIVE PERFIS, VIDRO LISO 4MM E INSTALAÇÃO, EXCLUSIVE FERRAGENS PARA MÓDULO DE JANELA DE ALUMÍNIO MÁXIM-AR","ED-29481","SETOP","m2",6.96,1023.62,"BDI 1",1295.08,7124.39,9013.76]
["7","3","","7.3.3","JANELA AÇO DE ENROLAR, INCLUSIVE EIXO, MOLA, SOLEIRA, ETIQUETA, CAVALETE E GUIAS, FITAS E FECHADURAS LATERAIS ","DAC-7.2","CPU","UN",2.88,655.71,"BDI 1",829.6,1888.44,2389.25]
["7","4","","7.4.1","VERGA MOLDADA IN LOCO COM UTILIZAÇÃO DE BLOCOS CANALETA, ESPESSURA DE *15* CM. AF_03/2024",105025,"SINAPI","M",94.1,59.95,"BDI 1",75.84,5641.29,7136.54]
["7","4","","7.4.2","CONTRAVERGA MOLDADA IN LOCO COM UTILIZAÇÃO DE BLOCOS CANALETA, ESPESSURA DE *15* CM. AF_03/2024",105031,"SINAPI","M",69.199999999999989,48.08,"BDI 1",60.83,3327.13,4209.45]
["7","5","","7.5.1","PINTURA ESMALTE BASE SOLVENTE EM ESTRUTURA METÁLICA, DUAS (2) DEMÃOS, COM APLICAÇÃO MANUAL, INCLUSIVE UMA (1) DEMÃO FUNDO GALVANIZADO","ED-50497","SETOP","m2",71.167999999999992,34.090000000000003,"BDI 1",43.13,2426.11,3069.56]
["7","5","","7.5.2","EMASSAMENTO EM ESQUADRIA DE MADEIRA COM MASSA A ÓLEO, DUAS (2) DEMÃOS, INCLUSIVE LIXAMENTO PARA PINTURA  A ÓLEO OU ESMALTE","ED-50482","SETOP","m2",22.680000000000003,38.020000000000003,"BDI 1",48.1,862.29,1090.9100000000001]
["7","5","","7.5.3","PINTURA ESMALTE BASE SOLVENTE EM ESQUADRIA DE MADEIRA, DUAS (2) DEMÃOS, COM APLICAÇÃO MANUAL, INCLUSIVE UMA (1) DEMÃO DE FUNDO NIVELADOR E PREPARAÇÃO DA SUPERFÍCIE COM LIXAMENTO, EXCLUSIVE MASSA A ÓLEO","ED-50493","SETOP","m2",22.680000000000003,33.49,"BDI 1",42.37,759.55,960.95]
["7","5","","7.5.4","PEITORIL DE GRANITO, NA COR CINZA ANDORINHA, COM PINGADEIRA, ESP. 3CM, ACABAMENTO POLIDO, ASSENTAMENTO COM ARGAMASSA INDUSTRIALIZADA, INCLUSIVE REJUNTAMENTO","ED-50998","SETOP","m2",9.9359999999999999,363.58,"BDI 1",460,3612.53,4572.3999999999996]
["8","","","8.1","INSTALAÇÃO DE TESOURA (INTEIRA OU MEIA), BIAPOIADA, EM MADEIRA NÃO APARELHADA, PARA VÃOS MAIORES OU IGUAIS A 6,0 M E MENORES QUE 8,0 M, INCLUSO IÇAMENTO. AF_07/2019",92260,"SINAPI","UN",8,631.5,"BDI 1",798.97,5052,6391.76]
["8","","","8.2","INSTALAÇÃO DE TESOURA (INTEIRA OU MEIA), BIAPOIADA, EM MADEIRA NÃO APARELHADA, PARA VÃOS MAIORES OU IGUAIS A 8,0 M E MENORES QUE 10,0 M, INCLUSO IÇAMENTO. AF_07/2019",92261,"SINAPI","UN",20,696.33,"BDI 1",880.99,13926.6,17619.8]
["8","","","8.3","TRAMA DE AÇO COMPOSTA POR RIPAS E CAIBROS PARA TELHADOS DE ATÉ 2 ÁGUAS PARA TELHA DE ENCAIXE DE CERÂMICA OU DE CONCRETO, INCLUSO TRANSPORTE VERTICAL. AF_07/2019",92569,"SINAPI","M2",470.88299999999992,64.94,"BDI 1",82.16,30579.14,38687.5]
["8","","","8.4","TELHAMENTO COM TELHA CERÂMICA DE ENCAIXE, TIPO FRANCESA, COM ATÉ 2 ÁGUAS, INCLUSO TRANSPORTE VERTICAL. AF_07/2019",94440,"SINAPI","M2",470.88299999999992,67.25,"BDI 1",85.08,31666.880000000001,40062.47]
["8","","","8.5","CUMEEIRA PARA TELHA CERÂMICA EMBOÇADA COM ARGAMASSA TRAÇO 1:2:9 (CIMENTO, CAL E AREIA) PARA TELHADOS COM ATÉ 2 ÁGUAS, INCLUSO TRANSPORTE VERTICAL. AF_07/2019",94221,"SINAPI","M",48.650000000000006,38.79,"BDI 1",49.07,1887.13,2387.2600000000002]
["8","","","8.6","COBERTURA DE POLICARBONATO 2,00 MM, INCLUSIVE ESTRUTURA METÁLICA, CALHAS E PINTURA","COT-ARQ-001","COTAÇÃO","M2",20.100000000000001,665.93,"BDI 1",842.53,13385.19,16934.849999999999]
["9","1","","9.1.1","CHAPISCO APLICADO EM ALVENARIAS E ESTRUTURAS DE CONCRETO INTERNAS, COM COLHER DE PEDREIRO.  ARGAMASSA TRAÇO 1:3 COM PREPARO EM BETONEIRA 400L. AF_10/2022",87879,"SINAPI","M2",661.91,4.51,"BDI 1",5.7,2985.21,3772.89]
["9","1","","9.1.2","MASSA ÚNICA, EM ARGAMASSA TRAÇO 1:2:8, PREPARO MECÂNICO, APLICADA MANUALMENTE EM PAREDES INTERNAS DE AMBIENTES COM ÁREA ENTRE 5M² E 10M², E = 17,5MM, COM TALISCAS. AF_03/2024",87529,"SINAPI","M2",661.91,37.17,"BDI 1",47.02,24603.19,31123.01]
["9","1","","9.1.3","REVESTIMENTO COM CERÂMICA APLICADO EM PAREDE, ACABAMENTO ESMALTADO, AMBIENTE INTERNO/EXTERNO, PADRÃO EXTRA, DIMENSÃO DA PEÇA ATÉ 2025 CM2, PEI III, ASSENTAMENTO COM ARGAMASSA INDUSTRIALIZADA, INCLUSIVE REJUNTAMENTO","ED-9081","SETOP","m2",383.11,71.45,"BDI 1",90.39,27373.200000000001,34629.31]
["9","1","","9.1.4","EMASSAMENTO EM PAREDE COM MASSA CORRIDA (PVA), DUAS (2) DEMÃOS, INCLUSIVE LIXAMENTO PARA PINTURA","ED-50478","SETOP","m2",278.8,18.91,"BDI 1",23.92,5272.1,6668.9]
["9","1","","9.1.5","IMPERMEABILIZAÇÃO DE SUPERFÍCIE COM ARGAMASSA POLIMÉRICA / MEMBRANA ACRÍLICA, 3 DEMÃOS. AF_09/2023",98555,"SINAPI","M2",301.8,30.79,"BDI 1",38.950000000000003,9292.42,11755.11]
["9","1","","9.1.6","APLICAÇÃO DE RESINA SINTÉTICA PARA APLICAÇÃO DE GESSO","DAC-9.1","CPU","M2",284.02999999999997,8.27,"BDI 1",10.46,2348.92,2970.95]
["9","1","","9.1.7","APLICAÇÃO MANUAL DE GESSO DESEMPENADO (SEM TALISCAS) EM TETO DE AMBIENTES DE ÁREA MAIOR QUE 10M², ESPESSURA DE 1,0CM. AF_03/2023",87414,"SINAPI","M2",284.02999999999997,27.15,"BDI 1",34.35,7711.41,9756.43]
["9","1","","9.1.8","MASSA ÚNICA, EM ARGAMASSA TRAÇO 1:2:8, PREPARO MECÂNICO, APLICADA MANUALMENTE EM TETO, E = 17,5MM, COM TALISCAS. AF_03/2024",90406,"SINAPI","M2",1.44,44,"BDI 1",55.66,63.36,80.150000000000006]
["9","2","","9.2.1","CHAPISCO APLICADO EM ALVENARIA (COM PRESENÇA DE VÃOS) E ESTRUTURAS DE CONCRETO DE FACHADA, COM COLHER DE PEDREIRO.  ARGAMASSA TRAÇO 1:3 COM PREPARO EM BETONEIRA 400L. AF_10/2022",87905,"SINAPI","M2",550.62,8.17,"BDI 1",10.33,4498.5600000000004,5687.9]
["9","2","","9.2.2","EMBOÇO OU MASSA ÚNICA EM ARGAMASSA TRAÇO 1:2:8, PREPARO MECÂNICO COM BETONEIRA 400 L, APLICADA MANUALMENTE EM PANOS DE FACHADA COM PRESENÇA DE VÃOS, ESPESSURA DE 35 MM. AF_08/2022",87779,"SINAPI","M2",550.62,71.67,"BDI 1",90.67,39462.93,49924.72]
["9","2","","9.2.3","EMASSAMENTO EM PAREDE COM MASSA ACRÍLICA, DUAS (2) DEMÃOS, INCLUSIVE LIXAMENTO PARA PINTURA","ED-50474","SETOP","m2",550.62,23.41,"BDI 1",29.61,12890.01,16303.86]
["9","2","","9.2.4","IMPERMEABILIZAÇÃO DE SUPERFÍCIE COM ARGAMASSA POLIMÉRICA / MEMBRANA ACRÍLICA, 3 DEMÃOS. AF_09/2023",98555,"SINAPI","M2",237.70499999999996,30.79,"BDI 1",38.950000000000003,7318.93,9258.7999999999993]
["10","1","","10.1.1","LASTRO COM MATERIAL GRANULAR, APLICADO EM PISOS OU LAJES SOBRE SOLO, ESPESSURA DE *5 CM*. AF_01/2024",96622,"SINAPI","M3",14.2325,251.17,"BDI 1",317.77999999999997,3574.77,4522.01]
["10","1","","10.1.2","APILOAMENTO MECANIZADO EM FUNDO DE VALA COM PLACA VIBRATÓRIA, EXCLUSIVE ESCAVAÇÃO","ED-51094","SETOP","m2",284.64999999999998,13.63,"BDI 1",17.239999999999998,3879.77,4907.37]
["10","1","","10.1.3","EXECUÇÃO DE PASSEIO (CALÇADA) OU PISO DE CONCRETO COM CONCRETO MOLDADO IN LOCO, USINADO, ACABAMENTO CONVENCIONAL, ESPESSURA 10 CM, ARMADO","DAC-10.1","CPU","M2",284.64999999999998,125.25,"BDI 1",158.46,35652.410000000003,45105.64]
["10","1","","10.1.4","CONTRAPISO EM ARGAMASSA TRAÇO 1:4 (CIMENTO E AREIA), PREPARO MECÂNICO COM BETONEIRA 400 L, APLICADO EM ÁREAS SECAS SOBRE LAJE, ADERIDO, ACABAMENTO NÃO REFORÇADO, ESPESSURA 3CM. AF_07/2021",87630,"SINAPI","M2",133.44,40.67,"BDI 1",51.45,5427,6865.49]
["10","1","","10.1.5","CONTRAPISO EM ARGAMASSA TRAÇO 1:4 (CIMENTO E AREIA), PREPARO MECÂNICO COM BETONEIRA 400 L, APLICADO EM ÁREAS MOLHADAS SOBRE LAJE, ADERIDO, ACABAMENTO NÃO REFORÇADO, ESPESSURA 3CM. AF_07/2021",87745,"SINAPI","M2",151.21,52.99,"BDI 1",67.040000000000006,8012.61,10137.120000000001]
["10","1","","10.1.6","REVESTIMENTO COM PORCELANATO APLICADO EM PISO, ACABAMENTO POLÍDO, AMBIENTE INTERNO, PADRÃO EXTRA, BORDA RETIFICADA, DIMENSÃO DA PEÇA (60X60)CM, ASSENTAMENTO COM ARGAMASSA INDUSTRIALIZADA, INCLUSIVE REJUNTAMENTO","ED-50754","SETOP","m2",283.20999999999998,102.49,"BDI 1",129.66999999999999,29026.19,36723.839999999997]
["10","1","","10.1.7","RODAPÉ COM REVESTIMENTO EM PORCELANATO 60X60 COM BORDA RETIFICADA E ACABAMENTO POLIDO, ALTURA 10CM","DAC-10.2","CPU","M",88.4,13.46,"BDI 1",17.02,1189.8599999999999,1504.57]
["10","1","","10.1.8","SOLEIRA DE GRANITO, NA COR CINZA ANDORINHA, ESP. 3CM, ACABAMENTO POLIDO, ASSENTAMENTO COM ARGAMASSA INDUSTRIALIZADA, INCLUSIVE REJUNTAMENTO","ED-51003","SETOP","m2",2.3800000000000003,351.16,"BDI 1",444.28,835.76,1057.3900000000001]
["10","2","","10.2.1","LASTRO COM MATERIAL GRANULAR, APLICADO EM PISOS OU LAJES SOBRE SOLO, ESPESSURA DE *5 CM*. AF_01/2024",96622,"SINAPI","M3",7.4205000000000005,251.17,"BDI 1",317.77999999999997,1863.8,2357.9299999999998]
["10","2","","10.2.2","APILOAMENTO MECANIZADO EM FUNDO DE VALA COM PLACA VIBRATÓRIA, EXCLUSIVE ESCAVAÇÃO","ED-51094","SETOP","m2",148.41,13.63,"BDI 1",17.239999999999998,2022.82,2558.59]
["10","2","","10.2.3","EXECUÇÃO DE PASSEIO (CALÇADA) OU PISO DE CONCRETO COM CONCRETO MOLDADO IN LOCO, USINADO, ACABAMENTO CONVENCIONAL, ESPESSURA 10 CM, ARMADO","DAC-10.1","CPU","M2",148.41,125.25,"BDI 1",158.46,18588.349999999999,23517.05]
["10","2","","10.2.4","CONTRAPISO EM ARGAMASSA TRAÇO 1:4 (CIMENTO E AREIA), PREPARO MECÂNICO COM BETONEIRA 400 L, APLICADO EM ÁREAS SECAS SOBRE LAJE, ADERIDO, ACABAMENTO NÃO REFORÇADO, ESPESSURA 3CM. AF_07/2021",87630,"SINAPI","M2",177.01,40.67,"BDI 1",51.45,7198.99,9107.16]
["10","2","","10.2.5","PISO CIMENTADO, TRAÇO 1:3 (CIMENTO E AREIA), ACABAMENTO LISO, ESPESSURA 3,0 CM, PREPARO MECÂNICO DA ARGAMASSA. AF_09/2020",98680,"SINAPI","M2",177.01,50.31,"BDI 1",63.65,8905.3700000000008,11266.69]
["10","2","","10.2.6","PINTURA DE PISO COM TINTA ACRÍLICA, APLICAÇÃO MANUAL, 2 DEMÃOS, INCLUSO FUNDO PREPARADOR. AF_05/2021",102491,"SINAPI","M2",177.01,21.56,"BDI 1",27.27,3816.33,4827.0600000000004]
["10","3","","10.3.1","CONTRAPISO EM ARGAMASSA TRAÇO 1:4 (CIMENTO E AREIA), PREPARO MECÂNICO COM BETONEIRA 400 L, APLICADO EM ÁREAS SECAS SOBRE LAJE, ADERIDO, ACABAMENTO NÃO REFORÇADO, ESPESSURA 3CM. AF_07/2021",87630,"SINAPI","M2",20,40.67,"BDI 1",51.45,813.4,1029]
["11","","","11.1","FUNDO SELADOR ACRÍLICO, APLICAÇÃO MANUAL EM PAREDE, UMA DEMÃO. AF_04/2023",88485,"SINAPI","M2",278.8,4.41,"BDI 1",5.57,1229.5,1552.92]
["11","","","11.2","PINTURA LÁTEX ACRÍLICA PREMIUM, APLICAÇÃO MANUAL EM PAREDES, DUAS DEMÃOS. AF_04/2023",88489,"SINAPI","M2",278.8,13.12,"BDI 1",16.59,3657.85,4625.29]
["11","","","11.3","FUNDO SELADOR ACRÍLICO, APLICAÇÃO MANUAL EM TETO, UMA DEMÃO. AF_04/2023",88484,"SINAPI","M2",285.46999999999997,5.38,"BDI 1",6.8,1535.82,1941.2]
["11","","","11.4","PINTURA LÁTEX ACRÍLICA PREMIUM, APLICAÇÃO MANUAL EM TETO, DUAS DEMÃOS. AF_04/2023",88488,"SINAPI","M2",285.46999999999997,15.51,"BDI 1",19.62,4427.63,5600.92]
["11","","","11.5","APLICAÇÃO MANUAL DE FUNDO SELADOR ACRÍLICO EM PAREDES EXTERNAS DE CASAS. AF_03/2024",88415,"SINAPI","M2",550.62,5.33,"BDI 1",6.74,2934.8,3711.18]
["11","","","11.6","APLICAÇÃO MANUAL DE TINTA LÁTEX ACRÍLICA EM PAREDE EXTERNAS DE CASAS, DUAS DEMÃOS. AF_03/2024",95626,"SINAPI","M2",550.62,16.010000000000002,"BDI 1",20.25,8815.42,11150.06]
["11","","","11.7","FORNECIMENTO DE ANDAIME METÁLICO PARA FACHADA (LOCAÇÃO), INCLUSIVE PISO METÁLICO E SAPATAS, EXCLUSIVE MONTAGEM E DESMONTAGEM","ED-9075","SETOP","m2xmês",560,13.5,"BDI 1",17.079999999999998,7560,9564.7999999999993]
["11","","","11.8","MONTAGEM E DESMONTAGEM DE ANDAIME METÁLICO PARA FACHADA COM PISO METÁLICO, INCLUSIVE RODAPÉ/GUARDA-CORPO EM MADEIRA, EXCLUSIVE FORNECIMENTO DO ANDAIME","ED-48245","SETOP","m2",551,15.17,"BDI 1",19.190000000000001,8358.67,10573.69]
["12","1","","12.1.1","REGISTRO DE GAVETA BRUTO, LATÃO, ROSCÁVEL, 3/4\", COM ACABAMENTO E CANOPLA CROMADOS - FORNECIMENTO E INSTALAÇÃO. AF_08/2021",89987,"SINAPI","UN",13,130.86000000000001,"BDI 1",165.56,1701.18,2152.2800000000002]
["12","1","","12.1.2","REGISTRO DE GAVETA BRUTO, LATÃO, ROSCÁVEL, 1 1/2\", COM ACABAMENTO E CANOPLA CROMADOS - FORNECIMENTO E INSTALAÇÃO. AF_08/2021",94794,"SINAPI","UN",1,231.98,"BDI 1",293.5,231.98,293.5]
["12","1","","12.1.3","REGISTRO DE PRESSÃO BRUTO, LATÃO, ROSCÁVEL, 3/4\", COM ACABAMENTO E CANOPLA CROMADOS - FORNECIMENTO E INSTALAÇÃO. AF_08/2021",89985,"SINAPI","UN",6,124.06,"BDI 1",156.96,744.36,941.76]
["12","2",null,"12.2.1","ADAPTADOR COM FLANGES LIVRES, PVC, SOLDÁVEL, DN 50 MM X 1 1/2\", FORNECIMENTO E INSTALAÇÃO","DAC-12.1","CPU","UN    ",1,65.489999999999995,"BDI 1",82.85,65.489999999999995,82.85]
["12","2",null,"12.2.2","ADAPTADOR CURTO COM BOLSA E ROSCA PARA REGISTRO, PVC, SOLDÁVEL, DN 25MM X 3/4 , INSTALADO EM RAMAL OU SUB-RAMAL DE ÁGUA - FORNECIMENTO E INSTALAÇÃO. AF_06/2022",89383,"SINAPI","UN",26,6.52,"BDI 1",8.24,169.52,214.24]
["12","2",null,"12.2.3","ADAPTADOR CURTO COM BOLSA E ROSCA PARA REGISTRO, PVC, SOLDÁVEL, DN 32 MM X 1\", INSTALADO EM RESERVAÇÃO PREDIAL DE ÁGUA - FORNECIMENTO E INSTALAÇÃO. AF_04/2024",94658,"SINAPI","UN",4,4.96,"BDI 1",6.27,19.84,25.08]
["12","2",null,"12.2.4","BUCHA DE REDUÇÃO, LONGA, PVC, SOLDÁVEL, DN 50 X 25 MM, INSTALADO EM RAMAL DE DISTRIBUIÇÃO DE ÁGUA - FORNECIMENTO E INSTALAÇÃO. AF_06/2022",103999,"SINAPI","UN",14,12.01,"BDI 1",15.19,168.14,212.66]
["12","2",null,"12.2.5","BUCHA DE REDUÇÃO , LONGA, PVC, SOLDÁVEL, DN 50 X 32 MM, INSTALADO EM RAMAL DE DISTRIBUIÇÃO DE ÁGUA - FORNECIMENTO E INSTALAÇÃO. AF_06/2022",104003,"SINAPI","UN",1,14.04,"BDI 1",17.760000000000002,14.04,17.760000000000002]
["12","2",null,"12.2.6","CRUZETA PVC SOLDÁVEL, DN 50MM","COT-HID-001","COTAÇÃO","UN ",1,45.94,"BDI 1",58.12,45.94,58.12]
["12","2",null,"12.2.7","INSTALAÇÃO DA CRUZETA DN 5 MM","DAC-12.2","CPU","UN    ",1,16.350000000000001,"BDI 1",20.68,16.350000000000001,20.68]
["12","2",null,"12.2.8","CURVA DE TRANSPOSIÇÃO, PVC, SOLDÁVEL, DN 25MM, INSTALADO EM RAMAL OU SUB-RAMAL DE ÁGUA   FORNECIMENTO E INSTALAÇÃO. AF_06/2022",89384,"SINAPI","UN",3,12.49,"BDI 1",15.8,37.47,47.4]
["12","2",null,"12.2.9","JOELHO 90 GRAUS, PVC, SOLDÁVEL, DN 25MM, INSTALADO EM RAMAL OU SUB-RAMAL DE ÁGUA - FORNECIMENTO E INSTALAÇÃO. AF_06/2022",89362,"SINAPI","UN",18,9.42,"BDI 1",11.91,169.56,214.38]
["12","2",null,"12.2.10","JOELHO 90 GRAUS, PVC, SOLDÁVEL, DN 32MM, INSTALADO EM RAMAL OU SUB-RAMAL DE ÁGUA - FORNECIMENTO E INSTALAÇÃO. AF_06/2022",89367,"SINAPI","UN",2,12.87,"BDI 1",16.28,25.74,32.56]
["12","2",null,"12.2.11","JOELHO 90 GRAUS, PVC, SOLDÁVEL, DN 50MM, INSTALADO EM PRUMADA DE ÁGUA - FORNECIMENTO E INSTALAÇÃO. AF_06/2022",89501,"SINAPI","UN",27,13.7,"BDI 1",17.329999999999998,369.9,467.91]
["12","2",null,"12.2.12","JOELHO DE REDUÇÃO, 90 GRAUS, PVC, SOLDÁVEL, DN 32 MM X 25 MM, INSTALADO EM RAMAL OU SUB-RAMAL DE ÁGUA - FORNECIMENTO E INSTALAÇÃO. AF_06/2022",103951,"SINAPI","UN",2,14.55,"BDI 1",18.399999999999999,29.1,36.799999999999997]
["12","2",null,"12.2.13","LUVA DE CORRER, PVC, SOLDÁVEL, DN 25MM, INSTALADO EM RAMAL OU SUB-RAMAL DE ÁGUA - FORNECIMENTO E INSTALAÇÃO. AF_12/2014",89379,"SINAPI","UN",2,17.829999999999998,"BDI 1",22.55,35.659999999999997,45.1]
["12","2",null,"12.2.14","LUVA, PVC, SOLDÁVEL, DN 25MM, INSTALADO EM RAMAL OU SUB-RAMAL DE ÁGUA - FORNECIMENTO E INSTALAÇÃO. AF_06/2022",89378,"SINAPI","UN",10,6.95,"BDI 1",8.7899999999999991,69.5,87.9]
["12","2",null,"12.2.15","LUVA, PVC, SOLDÁVEL, DN 32MM, INSTALADO EM PRUMADA DE ÁGUA - FORNECIMENTO E INSTALAÇÃO. AF_06/2022",89541,"SINAPI","UN",2,6.14,"BDI 1",7.76,12.28,15.52]
["12","2",null,"12.2.16","TUBO, PVC, SOLDÁVEL, DE 25MM, INSTALADO EM RAMAL OU SUB-RAMAL DE ÁGUA - FORNECIMENTO E INSTALAÇÃO. AF_06/2022",89356,"SINAPI","M",68.38,23.52,"BDI 1",29.75,1608.29,2034.3]
["12","2",null,"12.2.17","TUBO, PVC, SOLDÁVEL, DE 32MM, INSTALADO EM RAMAL OU SUB-RAMAL DE ÁGUA - FORNECIMENTO E INSTALAÇÃO. AF_06/2022",89357,"SINAPI","M",7.15,32.01,"BDI 1",40.49,228.87,289.5]
["12","2",null,"12.2.18","TUBO, PVC, SOLDÁVEL, DE 50MM, INSTALADO EM PRUMADA DE ÁGUA - FORNECIMENTO E INSTALAÇÃO. AF_06/2022",89449,"SINAPI","M",109.28,17.010000000000002,"BDI 1",21.52,1858.85,2351.71]
["12","2",null,"12.2.19","TE, PVC, SOLDÁVEL, DN 25MM, INSTALADO EM PRUMADA DE ÁGUA - FORNECIMENTO E INSTALAÇÃO. AF_06/2022",89617,"SINAPI","UN",23,7.39,"BDI 1",9.34,169.97,214.82]
["12","2",null,"12.2.20","TE, PVC, SOLDÁVEL, DN 50MM, INSTALADO EM RAMAL DE DISTRIBUIÇÃO DE ÁGUA - FORNECIMENTO E INSTALAÇÃO. AF_06/2022",104004,"SINAPI","UN",7,28.55,"BDI 1",36.119999999999997,199.85,252.84]
["12","2",null,"12.2.21","TÊ DE REDUÇÃO, PVC, SOLDÁVEL, DN 32MM X 25MM, INSTALADO EM RAMAL OU SUB-RAMAL DE ÁGUA - FORNECIMENTO E INSTALAÇÃO. AF_06/2022",89400,"SINAPI","UN",4,19.420000000000002,"BDI 1",24.57,77.680000000000007,98.28]
["12","3",null,"12.3.1","JOELHO 90 GRAUS COM BUCHA DE LATÃO, PVC, SOLDÁVEL, DN 25MM, X 3/4  INSTALADO EM RAMAL OU SUB-RAMAL DE ÁGUA - FORNECIMENTO E INSTALAÇÃO. AF_06/2022",89366,"SINAPI","UN",14,15.67,"BDI 1",19.82,219.38,277.48]
["12","3","","12.3.2","JOELHO 90 GRAUS COM BUCHA DE LATÃO, PVC, SOLDÁVEL, DN 25MM, X 1/2  INSTALADO EM RAMAL OU SUB-RAMAL DE ÁGUA - FORNECIMENTO E INSTALAÇÃO. AF_06/2022",90373,"SINAPI","UN",28,12.58,"BDI 1",15.91,352.24,445.48]
["12","4","","12.4.1","LUVA COM ROSCA, PVC, SOLDÁVEL, DN 50MM X 1.1/2 , INSTALADO EM PRUMADA DE ÁGUA - FORNECIMENTO E INSTALAÇÃO. AF_06/2022",89593,"SINAPI","UN",2,22.91,"BDI 1",28.98,45.82,57.96]
["12","5","","12.5.1","RESERVATÓRIO TIPO TAÇA, COLUNA SECA, 35.000 LITROS - FORNECIMENTO E INSTALAÇÃO","COT-HID-002","COTAÇÃO","UN ",1,55200,"BDI 1",69839.039999999994,55200,69839.039999999994]
["12","6","","12.6.1","RASGO LINEAR MANUAL EM ALVENARIA, PARA RAMAIS/ DISTRIBUIÇÃO DE INSTALAÇÕES HIDRÁULICAS, DIÂMETROS MENORES OU IGUAIS A 40 MM. AF_09/2023",90443,"SINAPI","M",90,8.02,"BDI 1",10.14,721.8,912.6]
["12","6","","12.6.2","CHUMBAMENTO LINEAR EM ALVENARIA PARA RAMAIS/DISTRIBUIÇÃO DE INSTALAÇÕES HIDRÁULICAS COM DIÂMETROS MENORES OU IGUAIS A 40 MM. AF_09/2023",90466,"SINAPI","M",90,15.47,"BDI 1",19.57,1392.3,1761.3]
["12","7","","12.7.1","ESCAVAÇÃO MANUAL DE VALA. AF_09/2024",93358,"SINAPI","M3",1.54,82.75,"BDI 1",104.69,127.43,161.22]
["12","7","","12.7.2","REATERRO MANUAL DE VALA, INCLUSIVE ESPALHAMENTO E COMPACTAÇÃO MECANIZADA COM PLACA VIBRATÓRIA","ED-51121","SETOP","m3",1.54,45.75,"BDI 1",57.88,70.45,89.14]
["13","1","","13.1.1","CAIXA DE GORDURA ESPECIAL (CAPACIDADE: 312 L - PARA ATÉ 146 PESSOAS SERVIDAS NO PICO), RETANGULAR, EM ALVENARIA COM TIJOLOS CERÂMICOS MACIÇOS, DIMENSÕES INTERNAS = 0,4X1,2 M, ALTURA INTERNA = 1 M. AF_12/2020",98106,"SINAPI","UN",1,1032.96,"BDI 1",1306.9000000000001,1032.96,1306.9000000000001]
["13","1","","13.1.2","CAIXA DE ESGOTO DE INSPEÇÃO/PASSAGEM EM ALVENARIA (60X60X60CM), REVESTIMENTO EM ARGAMASSA COM ADITIVO IMPERMEABILIZANTE, COM TAMPA DE CONCRETO, INCLUSIVE ESCAVAÇÃO, REATERRO E TRANSPORTE COM RETIRADA DO MATERIAL ESCAVADO (EM CAÇAMBA)","ED-49883","SETOP","un",2,565.44000000000005,"BDI 1",715.39,1130.8800000000001,1430.78]
["13","2",null,"13.2.1","CAIXA SIFONADA, COM GRELHA REDONDA, PVC, DN 150 X 150 X 50 MM, JUNTA SOLDÁVEL, FORNECIDA E INSTALADA EM RAMAL DE DESCARGA OU EM RAMAL DE ESGOTO SANITÁRIO. AF_08/2022",104329,"SINAPI","UN",8,74.66,"BDI 1",94.45,597.28,755.6]
["13","2",null,"13.2.2","RALO SIFONADO, PVC, DN 100 X 40 MM, JUNTA SOLDÁVEL, FORNECIDO E INSTALADO EM RAMAL DE DESCARGA OU EM RAMAL DE ESGOTO SANITÁRIO. AF_08/2022",89709,"SINAPI","UN",6,20.02,"BDI 1",25.32,120.12,151.91999999999999]
["13","3","","13.3.1","BUCHA DE REDUÇÃO LONGA, PVC, SÉRIE NORMAL, ESGOTO PREDIAL, DN 50 X 40 MM, JUNTA SOLDÁVEL E ELÁSTICA, FORNECIDO E INSTALADO EM RAMAL DE DESCARGA OU RAMAL DE ESGOTO SANITÁRIO. AF_08/2022",104341,"SINAPI","UN",4,10.63,"BDI 1",13.44,42.52,53.76]
["13","3",null,"13.3.2","CURVA CURTA 90 GRAUS, PVC, SERIE NORMAL, ESGOTO PREDIAL, DN 40 MM, JUNTA SOLDÁVEL, FORNECIDO E INSTALADO EM RAMAL DE DESCARGA OU RAMAL DE ESGOTO SANITÁRIO. AF_08/2022",89728,"SINAPI","UN",21,13.06,"BDI 1",16.52,274.26,346.92]
["13","3","","13.3.3","CURVA LONGA 90 GRAUS, PVC, SERIE NORMAL, ESGOTO PREDIAL, DN 100 MM, JUNTA ELÁSTICA, FORNECIDO E INSTALADO EM RAMAL DE DESCARGA OU RAMAL DE ESGOTO SANITÁRIO. AF_08/2022",89750,"SINAPI","UN",2,76.41,"BDI 1",96.67,152.82,193.34]
["13","3","","13.3.4","JOELHO 45 GRAUS, PVC, SERIE NORMAL, ESGOTO PREDIAL, DN 100 MM, JUNTA ELÁSTICA, FORNECIDO E INSTALADO EM PRUMADA DE ESGOTO SANITÁRIO OU VENTILAÇÃO. AF_08/2022",89810,"SINAPI","UN",4,28.79,"BDI 1",36.42,115.16,145.68]
["13","3","","13.3.5","JOELHO 45 GRAUS, PVC, SERIE NORMAL, ESGOTO PREDIAL, DN 40 MM, JUNTA SOLDÁVEL, FORNECIDO E INSTALADO EM RAMAL DE DESCARGA OU RAMAL DE ESGOTO SANITÁRIO. AF_08/2022",89726,"SINAPI","UN",6,10.39,"BDI 1",13.14,62.34,78.84]
["13","3","","13.3.6","JOELHO 45 GRAUS, PVC, SERIE NORMAL, ESGOTO PREDIAL, DN 50 MM, JUNTA ELÁSTICA, FORNECIDO E INSTALADO EM RAMAL DE DESCARGA OU RAMAL DE ESGOTO SANITÁRIO. AF_08/2022",89732,"SINAPI","UN",11,15.28,"BDI 1",19.329999999999998,168.08,212.63]
["13","3","","13.3.7","JOELHO 45 GRAUS, PVC, SERIE NORMAL, ESGOTO PREDIAL, DN 75 MM, JUNTA ELÁSTICA, FORNECIDO E INSTALADO EM PRUMADA DE ESGOTO SANITÁRIO OU VENTILAÇÃO. AF_08/2022",89806,"SINAPI","UN",3,20.95,"BDI 1",26.5,62.85,79.5]
["13","3","","13.3.8","JOELHO 90 GRAUS, PVC, SERIE NORMAL, ESGOTO PREDIAL, DN 100 MM, JUNTA ELÁSTICA, FORNECIDO E INSTALADO EM PRUMADA DE ESGOTO SANITÁRIO OU VENTILAÇÃO. AF_08/2022",89809,"SINAPI","UN",11,27.96,"BDI 1",35.369999999999997,307.56,389.07]
["13","3","","13.3.9","JOELHO PVC, COM BOLSA E ANEL, 90 GRAUS, DN 40 X *38* MM, SERIE NORMAL, PARA ESGOTO PREDIAL - FORNECIMENTO E INSTALAÇÃO ","DAC-13.1","CPU","UN    ",15,18.260000000000002,"BDI 1",23.1,273.89999999999998,346.5]
["13","3",null,"13.3.10","JOELHO 90 GRAUS, PVC, SERIE NORMAL, ESGOTO PREDIAL, DN 50 MM, JUNTA ELÁSTICA, FORNECIDO E INSTALADO EM PRUMADA DE ESGOTO SANITÁRIO OU VENTILAÇÃO. AF_08/2022",89801,"SINAPI","UN",36,9.33,"BDI 1",11.8,335.88,424.8]
["13","3",null,"13.3.11","JOELHO 90 GRAUS, PVC, SERIE NORMAL, ESGOTO PREDIAL, DN 40 MM, JUNTA SOLDÁVEL, FORNECIDO E INSTALADO EM RAMAL DE DESCARGA OU RAMAL DE ESGOTO SANITÁRIO. AF_08/2022",89724,"SINAPI","UN",26,10.16,"BDI 1",12.85,264.16000000000003,334.1]
["13","3","","13.3.12","JUNÇÃO SIMPLES, PVC, SERIE NORMAL, ESGOTO PREDIAL, DN 100 X 50 MM, JUNTA ELÁSTICA, FORNECIDO E INSTALADO","DAC-13.2","CPU","UN    ",9,45.06,"BDI 1",57,405.54,513]
["13","3","","13.3.13","JUNÇÃO SIMPLES, PVC, SERIE NORMAL, ESGOTO PREDIAL, DN 100 X 75 MM, JUNTA ELÁSTICA, FORNECIDO E INSTALADO","DAC-13.3","CPU","UN    ",2,51.28,"BDI 1",64.87,102.56,129.74]
["13","3","","13.3.14","JUNÇÃO SIMPLES, PVC, SERIE NORMAL, ESGOTO PREDIAL, DN 100 X 100 MM, JUNTA ELÁSTICA, FORNECIDO E INSTALADO EM PRUMADA DE ESGOTO SANITÁRIO OU VENTILAÇÃO. AF_08/2022",89834,"SINAPI","UN",6,51.62,"BDI 1",65.3,309.72000000000003,391.8]
["13","3","","13.3.15","JUNÇÃO SIMPLES, PVC, SERIE NORMAL, ESGOTO PREDIAL, DN 50 X 50 MM, JUNTA ELÁSTICA, FORNECIDO E INSTALADO EM PRUMADA DE ESGOTO SANITÁRIO OU VENTILAÇÃO. AF_08/2022",89827,"SINAPI","UN",1,18.940000000000001,"BDI 1",23.96,18.940000000000001,23.96]
["13","3","","13.3.16","JUNÇÃO SIMPLES, PVC, SERIE NORMAL, ESGOTO PREDIAL, DN 75 X 50 MM, JUNTA ELÁSTICA, FORNECIDO E INSTALADO","DAC-13.4","CPU","UN    ",5,61.51,"BDI 1",77.819999999999993,307.55,389.1]
["13","3","","13.3.17","REDUÇÃO EXCÊNTRICA, PVC, SERIE R, ÁGUA PLUVIAL, DN 75 X 50 MM, JUNTA ELÁSTICA, FORNECIDO E INSTALADO EM RAMAL DE ENCAMINHAMENTO. AF_06/2022",89549,"SINAPI","UN",3,18.23,"BDI 1",23.06,54.69,69.180000000000007]
["13","3","","13.3.18","REDUÇÃO EXCÊNTRICA, PVC, SERIE R, ÁGUA PLUVIAL, DN 100 X 75 MM, JUNTA ELÁSTICA, FORNECIDO E INSTALADO EM RAMAL DE ENCAMINHAMENTO. AF_06/2022",89557,"SINAPI","UN",1,30.52,"BDI 1",38.61,30.52,38.61]
["13","3","","13.3.19","TERMINAL DE VENTILAÇÃO, PVC, SÉRIE NORMAL, ESGOTO PREDIAL, DN 50 MM, JUNTA SOLDÁVEL, FORNECIDO E INSTALADO EM PRUMADA DE ESGOTO SANITÁRIO OU VENTILAÇÃO. AF_08/2022",104348,"SINAPI","UN",5,10.85,"BDI 1",13.72,54.25,68.599999999999994]
["13","3",null,"13.3.20","TUBO PVC, SERIE NORMAL, ESGOTO PREDIAL, DN 40 MM, FORNECIDO E INSTALADO EM RAMAL DE DESCARGA OU RAMAL DE ESGOTO SANITÁRIO. AF_08/2022",89711,"SINAPI","M",23.97,21.62,"BDI 1",27.35,518.23,655.58]
["13","3",null,"13.3.21","TUBO PVC, SERIE NORMAL, ESGOTO PREDIAL, DN 50 MM, FORNECIDO E INSTALADO EM RAMAL DE DESCARGA OU RAMAL DE ESGOTO SANITÁRIO. AF_08/2022",89712,"SINAPI","M",51.14,27.35,"BDI 1",34.6,1398.67,1769.44]
["13","3",null,"13.3.22","TUBO PVC, SERIE NORMAL, ESGOTO PREDIAL, DN 100 MM, FORNECIDO E INSTALADO EM RAMAL DE DESCARGA OU RAMAL DE ESGOTO SANITÁRIO. AF_08/2022",89714,"SINAPI","M",59.08,38.08,"BDI 1",48.17,2249.7600000000002,2845.88]
["13","3","","13.3.23","TUBO PVC, SERIE NORMAL, ESGOTO PREDIAL, DN 75 MM, FORNECIDO E INSTALADO EM RAMAL DE DESCARGA OU RAMAL DE ESGOTO SANITÁRIO. AF_08/2022",89713,"SINAPI","M",12.42,34.07,"BDI 1",43.1,423.14,535.29999999999995]
["13","3","","13.3.24","TE, PVC, SÉRIE NORMAL, ESGOTO PREDIAL, DN 100 X 50 MM, JUNTA ELÁSTICA, FORNECIDO E INSTALADO EM RAMAL DE DESCARGA OU RAMAL DE ESGOTO SANITÁRIO. AF_08/2022",104344,"SINAPI","UN",5,39.659999999999997,"BDI 1",50.17,198.3,250.85]
["13","3","","13.3.25","TE, PVC, SERIE NORMAL, ESGOTO PREDIAL, DN 100 X 100 MM, JUNTA ELÁSTICA, FORNECIDO E INSTALADO EM RAMAL DE DESCARGA OU RAMAL DE ESGOTO SANITÁRIO. AF_08/2022",89796,"SINAPI","UN",2,41.98,"BDI 1",53.11,83.96,106.22]
["13","4","","13.4.1","RASGO LINEAR MANUAL EM ALVENARIA, PARA RAMAIS/ DISTRIBUIÇÃO DE INSTALAÇÕES HIDRÁULICAS, DIÂMETROS MENORES OU IGUAIS A 40 MM. AF_09/2023",90443,"SINAPI","M",12,8.02,"BDI 1",10.14,96.24,121.68]
["13","4","","13.4.2","CHUMBAMENTO LINEAR EM ALVENARIA PARA RAMAIS/DISTRIBUIÇÃO DE INSTALAÇÕES HIDRÁULICAS COM DIÂMETROS MENORES OU IGUAIS A 40 MM. AF_09/2023",90466,"SINAPI","M",12,15.47,"BDI 1",19.57,185.64,234.84]
["13","5","","13.5.1","ESCAVAÇÃO MANUAL DE VALA. AF_09/2024",93358,"SINAPI","M3",41,82.75,"BDI 1",104.69,3392.75,4292.29]
["13","5","","13.5.2","REATERRO MANUAL DE VALA, INCLUSIVE ESPALHAMENTO E COMPACTAÇÃO MECANIZADA COM PLACA VIBRATÓRIA","ED-51121","SETOP","m3",41,45.75,"BDI 1",57.88,1875.75,2373.08]
["14","","","14.1","CHUVEIRO ELÉTRICO COM RESISTÊNCIA BLINDADA, TENSÃO 127V/220V, POTÊNCIA 5500W/6800W, INCLUSIVE BRAÇO/CANO","ED-50314","SETOP","un",6,342.6,"BDI 1",433.45,2055.6,2600.6999999999998]
["14","","","14.2","DUCHA HIGIÊNICA COM REGISTRO PARA CONTROLE DE FLUXO DE ÁGUA, DIÂMETRO DE 1/2\" (20MM), INCLUSIVE ACESSÓRIOS","ED-50316","SETOP","un",3,191.21,"BDI 1",241.91,573.63,725.73]
["14","","","14.3","TORNEIRA METÁLICA PARA TANQUE, ACABAMENTO CROMADO, BICO COM ROSCA","ED-50331","SETOP","un",1,66.44,"BDI 1",84.05,66.44,84.05]
["14","","","14.4","VASO SANITÁRIO SIFONADO COM CAIXA ACOPLADA LOUÇA BRANCA, INCLUSO ENGATE FLEXÍVEL EM PLÁSTICO BRANCO, 1/2  X 40CM - FORNECIMENTO E INSTALAÇÃO. AF_01/2020",86931,"SINAPI","UN",11,507.95,"BDI 1",642.65,5587.45,7069.15]
["14","","","14.5","TORNEIRA METÁLICA PARA LAVATÓRIO, FECHAMENTO AUTOMÁTICO, ACABAMENTO CROMADO, COM AREJADOR, APLICAÇÃO DE MESA, INCLUSIVE ENGATE FLEXÍVEL METÁLICO","ED-50329","SETOP","un",10,221.34,"BDI 1",280.02999999999997,2213.4,2800.3]
["14","","","14.6","TORNEIRA CROMADA DE MESA PARA LAVATÓRIO COM SENSOR DE PRESENCA. AF_01/2020",100854,"SINAPI","UN",3,1858.88,"BDI 1",2351.85,5576.64,7055.55]
["14","","","14.7","TORNEIRA CROMADA TUBO MÓVEL, DE MESA, 1/2\" OU 3/4\", PARA PIA DE COZINHA, PADRÃO ALTO - FORNECIMENTO E INSTALAÇÃO. AF_01/2020",86909,"SINAPI","UN",4,134.91,"BDI 1",170.68,539.64,682.72]
["14","","","14.8","TORNEIRA METÁLICA PARA PIA, ABERTURA 1/4 DE VOLTA, ACABAMENTO CROMADO, COM AREJADOR, APLICAÇÃO DE PAREDE","ED-50326","SETOP","un",3,60.34,"BDI 1",76.34,181.02,229.02]
["14","","","14.9","CUBA DE EMBUTIR DE AÇO INOXIDÁVEL MÉDIA, INCLUSO VÁLVULA TIPO AMERICANA E SIFÃO TIPO GARRAFA EM METAL CROMADO - FORNECIMENTO E INSTALAÇÃO. AF_01/2020",86936,"SINAPI","UN",5,556.4,"BDI 1",703.95,2782,3519.75]
["14","","","14.10","CUBA EM AÇO INOXIDÁVEL DE EMBUTIR, AISI 304, APLICAÇÃO PARA TANQUE (600X600X400MM), ASSENTAMENTO EM BANCADA, INCLUSIVE VÁLVULA DE ESCOAMENTO DE METAL COM ACABAMENTO CROMADO, SIFÃO DE METAL TIPO COPO COM ACABAMENTO CROMADO","ED-50287","SETOP","un",1,1469.81,"BDI 1",1859.6,1469.81,1859.6]
["14","","","14.11","LAVATÓRIO DE LOUÇA BRANCA COM COLUNA, TAMANHO MÉDIO, INCLUSIVE ACESSÓRIOS DE FIXAÇÃO, VÁLVULA DE ESCOAMENTO DE METAL COM ACABAMENTO CROMADO, SIFÃO DE METAL TIPO COPO COM ACABAMENTO CROMADO E REJUNTAMENTO, EXCLUSIVE TORNEIRA E ENGATE FLEXÍVEL","ED-50282","SETOP","un",2,613.87,"BDI 1",776.66,1227.74,1553.32]
["14","","","14.12","LAVATÓRIO DE CANTO DE LOUÇA BRANCA SEM COLUNA, TAMANHO PEQUENO, INCLUSIVE ACESSÓRIOS DE FIXAÇÃO COM PARAFUSO CASTELO, VÁLVULA DE ESCOAMENTO DE METAL COM ACABAMENTO CROMADO, SIFÃO DE METAL TIPO COPO COM ACABAMENTO CROMADO, E REJUNTAMENTO, EXCLUSIVE TORNEIRA E ENGATE FLEXÍVEL","ED-2552","SETOP","un",1,621.67999999999995,"BDI 1",786.54,621.67999999999995,786.54]
["14","","","14.13","BANCADA EM GRANITO CINZA ANDORINHA E = 3 CM, APOIADA EM CONSOLE DE METALON 20 X 30 MM","ED-48343","SETOP","m2",3.8200000000000003,390.68,"BDI 1",494.28,1492.39,1888.15]
["14","","","14.14","RODABANCA/FRONTÃO PARA BANCADA EM GRANITO, COR CINZA ANDORINHA, ESP. 2CM, ALTURA DE 7CM, INCLUSIVE REJUNTAMENTO EM MASSA PLÁSTICA NA COR DA PEDRA","ED-48347","SETOP","m",7.8000000000000007,46.55,"BDI 1",58.89,363.09,459.34]
["14","","","14.15","BANCADA EM AÇO INOX COM RODABANCA","DAC-14.1","CPU","M2",9.2999999999999989,2091.4499999999998,"BDI 1",2646.1,19450.48,24608.73]
["14","","","14.16","CUBA DE EMBUTIR OVAL EM LOUÇA BRANCA, 35 X 50CM OU EQUIVALENTE, INCLUSO VÁLVULA E SIFÃO TIPO GARRAFA EM METAL CROMADO - FORNECIMENTO E INSTALAÇÃO. AF_01/2020",86938,"SINAPI","UN",10,484.96,"BDI 1",613.57000000000005,4849.6000000000004,6135.7]
["14","","","14.17","DISTRIBUIDOR/DISPENSER PARA ÁLCOOL EM GEL OU SABONETE LÍQUIDO, EM PLÁSTICO, CAPACIDADE RESERVATÓRIO 1500ML, INCLUSIVE ACESSÓRIOS PARA FIXAÇÃO","ED-48189","SETOP","un",8,94.07,"BDI 1",119.01,752.56,952.08]
["14","","","14.18","DISTRIBUIDOR/DISPENSER PARA PORTA PAPEL TOALHA PARA INTERFOLHAS DE DUAS (2) OU TRÊS (3) DOBRAS, EM PLÁSTICO, INCLUSIVE ACESSÓRIOS PARA FIXAÇÃO","ED-48182","SETOP","un",6,70.09,"BDI 1",88.67,420.54,532.02]
["14","","","14.19","COIFA INDUSTRIAL PARA FOGÃO - FORNECIMENTO E INSTALAÇÃO","COT-EQUI-001","COTAÇÃO","UN ",1,5222.5,"BDI 1",6607.5,5222.5,6607.5]
["14","","","14.20","DISTRIBUIDOR/DISPENSER PARA PAPEL HIGIÊNICO EM PLÁSTICO, TIPO SOBREPOR, INCLUSIVE ACESSÓRIOS DE FIXAÇÃO","ED-48183","SETOP","un",11,60.13,"BDI 1",76.069999999999993,661.43,836.77]
["14","","","14.21","TANQUE DE LOUÇA BRANCA COM COLUNA, 30L OU EQUIVALENTE - FORNECIMENTO E INSTALAÇÃO. AF_01/2020",86872,"SINAPI","UN",1,737.98,"BDI 1",933.69,737.98,933.69]
["14","","","14.22","ASSENTO SANITÁRIO CONVENCIONAL - FORNECIMENTO E INSTALACAO. AF_01/2020",100849,"SINAPI","UN",11,42.19,"BDI 1",53.37,464.09,587.07000000000005]
["14","","","14.23","SÓCULO COM ENCHIMENTO EM TIJOLOS MACIÇOS, ALTURA DE 10CM À 12CM, INCLUSIVE ACABAMENTO EM REVESTIMENTO DE ARGAMASSA, ESP. 20MM, COM APLICAÇÃO MANUAL","ED-50621","SETOP","m2",3,132.44,"BDI 1",167.56,397.32,502.68]
["14","","","14.24","BEBEDOURO INDUSTRIAL 50L","10.47.07","SUDECAP","UN",1,1575.46,"BDI 1",1993.27,1575.46,1993.27]
["15","1","","15.1.1","CALHA EM CHAPA DE AÇO GALVANIZADO NÚMERO 24, DESENVOLVIMENTO DE 100 CM, INCLUSO TRANSPORTE VERTICAL. AF_07/2019",94229,"SINAPI","M",115.16,195.87,"BDI 1",247.81,22556.38,28537.8]
["15","1","","15.1.2","RALO HEMISFÉRICO, TIPO ABACAXI, DIÂMETRO DE 100MM, EXCLUSIVE CONDUTOR DE ÁGUA PLUVIAL","ED-49962","SETOP","un",10,49.62,"BDI 1",62.77,496.2,627.70000000000005]
["15","2","","15.2.1","CAIXA DE ESGOTO DE INSPEÇÃO/PASSAGEM EM ALVENARIA (60X60X60CM), REVESTIMENTO EM ARGAMASSA COM ADITIVO IMPERMEABILIZANTE, COM TAMPA DE CONCRETO, INCLUSIVE ESCAVAÇÃO, REATERRO E TRANSPORTE COM RETIRADA DO MATERIAL ESCAVADO (EM CAÇAMBA)","ED-49883","SETOP","un",2,565.44000000000005,"BDI 1",715.39,1130.8800000000001,1430.78]
["15","3","","15.3.2","TUBO PVC, SÉRIE R, ÁGUA PLUVIAL, DN 100 MM, FORNECIDO E INSTALADO EM CONDUTORES VERTICAIS DE ÁGUAS PLUVIAIS. AF_06/2022",89578,"SINAPI","M",51.41,32.82,"BDI 1",41.52,1687.27,2134.54]
["15","3","","15.3.4","JOELHO 90 GRAUS, PVC, SERIE R, ÁGUA PLUVIAL, DN 100 MM, JUNTA ELÁSTICA, FORNECIDO E INSTALADO EM CONDUTORES VERTICAIS DE ÁGUAS PLUVIAIS. AF_06/2022",89584,"SINAPI","UN",30,42.8,"BDI 1",54.15,1284,1624.5]
["15","4","","15.4.1","CANALETA DE CONCRETO ARMADO 0,20 X 0,20M - INCLUSIVE GRELHA EM FERRO FUNDIDO","DAC-15.1","CPU","M",56.2,307.33999999999997,"BDI 1",388.84,17272.5,21852.81]
["15","4","","15.4.1","CANALETA DE CONCRETO ARMADO 0,30 X 0,20M - INCLUSIVE GRELHA EM FERRO FUNDIDO","DAC-15.2","CPU","M",97.04,446.2,"BDI 1",564.53,43299.24,54781.99]
["15","5","","15.5.1","ESCAVAÇÃO MANUAL DE VALA. AF_09/2024",93358,"SINAPI","M3",37.4,82.75,"BDI 1",104.69,3094.85,3915.41]
["15","5","","15.5.2","REATERRO MANUAL DE VALA, INCLUSIVE ESPALHAMENTO E COMPACTAÇÃO MECANIZADA COM PLACA VIBRATÓRIA","ED-51121","SETOP","m3",37.4,45.75,"BDI 1",57.88,1711.05,2164.71]
["16","","","16.1","MANGUEIRA PLÁSTICA PARA GÁS D = 3/8\" X 1,50 M","ED-49821","SETOP","U",6,26.2,"BDI 1",33.14,157.19999999999999,198.84]
["16","","","16.2","REGISTRO OU REGULADOR DE GÁS DE COZINHA - FORNECIMENTO E INSTALAÇÃO. AF_08/2021",103029,"SINAPI","UN",3,62.81,"BDI 1",79.459999999999994,188.43,238.38]
["16","","","16.3","TUBO DE AÇO GALVANIZADO COM COSTURA, CLASSE MÉDIA, CONEXÃO ROSQUEADA, DN 20 (3/4\"), INSTALADO EM RAMAIS E SUB-RAMAIS DE GÁS - FORNECIMENTO E INSTALAÇÃO. AF_10/2020",92688,"SINAPI","M",44.527999999999999,43.06,"BDI 1",54.47,1917.37,2425.5500000000002]
["16","","","16.4","NIPLE DE FERRO GALVANIZADO, COM ROSCA BSP, DE 1/2\"",4177,"SINAPI","UN",9,5.64,"BDI 1",7.13,50.76,64.17]
["16","","","16.5","INSTALAÇÃO DO NIPLE DE FERRO GALVANIZADO, COM ROSCA BSP, DE 1/2\"","DAC-16.1","CPU","UN    ",9,15.49,"BDI 1",19.59,139.41,176.31]
["16","","","16.6","JOELHO 90 GRAUS, EM FERRO GALVANIZADO, CONEXÃO ROSQUEADA, DN 15 (1/2\"), INSTALADO EM RAMAIS E SUB-RAMAIS DE GÁS - FORNECIMENTO E INSTALAÇÃO. AF_10/2020",92699,"SINAPI","UN",6,20.190000000000001,"BDI 1",25.54,121.14,153.24]
["16","","","16.7","UNIÃO, EM FERRO GALVANIZADO, CONEXÃO ROSQUEADA, DN 20 (3/4\"), INSTALADO EM RAMAIS E SUB-RAMAIS DE GÁS - FORNECIMENTO E INSTALAÇÃO. AF_10/2020",92905,"SINAPI","UN",3,47.41,"BDI 1",59.98,142.22999999999999,179.94]
["16","","","16.8","TÊ, EM FERRO GALVANIZADO, CONEXÃO ROSQUEADA, DN 20 (3/4\"), INSTALADO EM RAMAIS E SUB-RAMAIS DE GÁS - FORNECIMENTO E INSTALAÇÃO. AF_10/2020",92705,"SINAPI","UN",2,43.72,"BDI 1",55.31,87.44,110.62]
["16","","","16.9","MANÔMETRO 0 A 200 PSI (0 A 14 KGF/CM2), D = 50MM - FORNECIMENTO E INSTALAÇÃO. AF_10/2020",101917,"SINAPI","UN",1,176.17,"BDI 1",222.89,176.17,222.89]
["16","","","16.10","VÁLVULA DE ESFERA BRUTA, BRONZE, ROSCÁVEL, 1/2\" - FORNECIMENTO E INSTALAÇÃO. AF_08/2021",95248,"SINAPI","UN",6,73.38,"BDI 1",92.84,440.28,557.04]
["17","1","","17.1.1","CAIXA RETANGULAR 4\" X 4\" BAIXA (0,30 M DO PISO), PVC, INSTALADA EM PAREDE - FORNECIMENTO E INSTALAÇÃO. AF_03/2023",91944,"SINAPI","UN",68,15.42,"BDI 1",19.5,1048.56,1326]
["17","1","","17.1.2","CAIXA RETANGULAR 4\" X 2\" MÉDIA (1,30 M DO PISO), PVC, INSTALADA EM PAREDE - FORNECIMENTO E INSTALAÇÃO. AF_03/2023",91940,"SINAPI","UN",120,18.760000000000002,"BDI 1",23.73,2251.1999999999998,2847.6]
["17","2","","17.2.1","CABO DE COBRE FLEXÍVEL ISOLADO, 10 MM², ANTI-CHAMA 0,6/1,0 KV, PARA CIRCUITOS TERMINAIS - FORNECIMENTO E INSTALAÇÃO. AF_03/2023",91933,"SINAPI","M",150,16.190000000000001,"BDI 1",20.48,2428.5,3072]
["17","2","","17.2.2","CABO DE COBRE FLEXÍVEL ISOLADO, 16 MM², ANTI-CHAMA 0,6/1,0 KV, PARA CIRCUITOS TERMINAIS - FORNECIMENTO E INSTALAÇÃO. AF_03/2023",91935,"SINAPI","M",15.37,25.4,"BDI 1",32.130000000000003,390.39,493.84]
["17","2","","17.2.3","CABO DE COBRE FLEXÍVEL ISOLADO, 35 MM², ANTI-CHAMA 0,6/1,0 KV, PARA REDE ENTERRADA DE DISTRIBUIÇÃO DE ENERGIA ELÉTRICA - FORNECIMENTO E INSTALAÇÃO. AF_12/2021",92986,"SINAPI","M",101.6,38.35,"BDI 1",48.52,3896.36,4929.63]
["17","2","","17.2.4","CABO DE COBRE FLEXÍVEL ISOLADO, 70 MM², ANTI-CHAMA 0,6/1,0 KV, PARA REDE ENTERRADA DE DISTRIBUIÇÃO DE ENERGIA ELÉTRICA - FORNECIMENTO E INSTALAÇÃO. AF_12/2021",92990,"SINAPI","M",183.36,77.06,"BDI 1",97.49,14129.72,17875.77]
["17","2","","17.2.5","CABO DE COBRE FLEXÍVEL ISOLADO, 1,5 MM², ANTI-CHAMA 450/750 V, PARA CIRCUITOS TERMINAIS - FORNECIMENTO E INSTALAÇÃO. AF_03/2023",91924,"SINAPI","M",778.28,2.99,"BDI 1",3.78,2327.0500000000002,2941.9]
["17","2","","17.2.6","CABO DE COBRE FLEXÍVEL ISOLADO, 2,5 MM², ANTI-CHAMA 450/750 V, PARA CIRCUITOS TERMINAIS - FORNECIMENTO E INSTALAÇÃO. AF_03/2023",91926,"SINAPI","M",1345.32,4.34,"BDI 1",5.49,5838.68,7385.81]
["17","2","","17.2.7","CABO DE COBRE FLEXÍVEL ISOLADO, 4 MM², ANTI-CHAMA 450/750 V, PARA CIRCUITOS TERMINAIS - FORNECIMENTO E INSTALAÇÃO. AF_03/2023",91928,"SINAPI","M",228.30999999999997,6.72,"BDI 1",8.5,1534.24,1940.64]
["17","2","","17.2.8","CABO DE COBRE FLEXÍVEL ISOLADO, 6 MM², ANTI-CHAMA 450/750 V, PARA CIRCUITOS TERMINAIS - FORNECIMENTO E INSTALAÇÃO. AF_03/2023",91930,"SINAPI","M",69.699999999999989,9.36,"BDI 1",11.84,652.39,825.25]
["17","3","","17.3.1","CAIXA DE INSPEÇÃO EM CONCRETO, TIPO \"ZA\" PASSEIO, PADRÃO CEMIG, DIMENSÃO (28X28)CM, ALTURA 40CM, COM TAMPA E ARO ARTICULADO EM FERRO FUNDIDO, INCLUSIVE ESCAVAÇÃO, APILOAMENTO, LASTRO DE BRITA, REATERRO E TRANSPORTE COM RETIRADA DO MATERIAL ESCAVADO (EM CAÇAMBA)","ED-49197","SETOP","un",12,212.08,"BDI 1",268.32,2544.96,3219.84]
["17","4","","17.4.1","TOMADA MÉDIA DE EMBUTIR (2 MÓDULOS), 2P+T 10 A, INCLUINDO SUPORTE E PLACA - FORNECIMENTO E INSTALAÇÃO. AF_03/2023",92004,"SINAPI","UN",4,55.26,"BDI 1",69.91,221.04,279.64]
["17","4","","17.4.2","TOMADA ALTA DE EMBUTIR (1 MÓDULO), 2P+T 10 A, INCLUINDO SUPORTE E PLACA - FORNECIMENTO E INSTALAÇÃO. AF_03/2023",91992,"SINAPI","UN",68,44.83,"BDI 1",56.71,3048.44,3856.28]
["17","4","","17.4.3","TOMADA ALTA DE EMBUTIR (1 MÓDULO), 2P+T 20 A, INCLUINDO SUPORTE E PLACA - FORNECIMENTO E INSTALAÇÃO. AF_03/2023",91993,"SINAPI","UN",16,46.85,"BDI 1",59.27,749.6,948.32]
["17","4","","17.4.4","CONJUNTO DE UM (1) MÓDULO COM FURO PARA SAÍDA DE FIO Ø10MM, COM PLACA 4\"X2\" DE UM (1) POSTO, INCLUSIVE FORNECIMENTO, INSTALAÇÃO, SUPORTE, MÓDULO E PLACA","ED-15763","SETOP","un",6,16.11,"BDI 1",20.38,96.66,122.28]
["17","4","","17.4.5","INTERRUPTOR SIMPLES (1 MÓDULO), 10A/250V, INCLUINDO SUPORTE E PLACA - FORNECIMENTO E INSTALAÇÃO. AF_03/2023",91953,"SINAPI","UN",11,29.31,"BDI 1",37.08,322.41000000000003,407.88]
["17","4","","17.4.6","INTERRUPTOR SIMPLES (2 MÓDULOS), 10A/250V, INCLUINDO SUPORTE E PLACA - FORNECIMENTO E INSTALAÇÃO. AF_03/2023",91959,"SINAPI","UN",1,44.58,"BDI 1",56.4,44.58,56.4]
["17","4","","17.4.7","INTERRUPTOR SIMPLES (1 MÓDULO) COM INTERRUPTOR PARALELO (1 MÓDULO), 10A/250V, INCLUINDO SUPORTE E PLACA - FORNECIMENTO E INSTALAÇÃO. AF_03/2023",91957,"SINAPI","UN",1,50.92,"BDI 1",64.42,50.92,64.42]
["17","4","","17.4.8","INTERRUPTOR PARALELO (1 MÓDULO), 10A/250V, INCLUINDO SUPORTE E PLACA - FORNECIMENTO E INSTALAÇÃO. AF_03/2023",91955,"SINAPI","UN",7,35.700000000000003,"BDI 1",45.16,249.9,316.12]
["17","4","","17.4.9","INTERRUPTOR INTERMEDIÁRIO (1 MÓDULO), 10A/250V, INCLUINDO SUPORTE E PLACA - FORNECIMENTO E INSTALAÇÃO. AF_03/2023",91979,"SINAPI","UN",1,49.46,"BDI 1",62.57,49.46,62.57]
["17","5","","17.5.1","DISJUNTOR BIPOLAR TIPO DIN, CORRENTE NOMINAL DE 32A - FORNECIMENTO E INSTALAÇÃO. AF_10/2020",93664,"SINAPI","UN",6,81.150000000000006,"BDI 1",102.67,486.9,616.02]
["17","5","","17.5.2","DISJUNTOR MONOPOLAR TIPO DIN, CORRENTE NOMINAL DE 10A - FORNECIMENTO E INSTALAÇÃO. AF_10/2020",93653,"SINAPI","UN",14,14.96,"BDI 1",18.920000000000002,209.44,264.88]
["17","5","","17.5.3","DISJUNTOR MONOPOLAR TIPO DIN, CORRENTE NOMINAL DE 16A - FORNECIMENTO E INSTALAÇÃO. AF_10/2020",93654,"SINAPI","UN",10,15.6,"BDI 1",19.73,156,197.3]
["17","5","","17.5.4","DISJUNTOR TRIPOLAR TIPO DIN, CORRENTE NOMINAL DE 32A - FORNECIMENTO E INSTALAÇÃO. AF_10/2020",93671,"SINAPI","UN",2,103.24,"BDI 1",130.61000000000001,206.48,261.22000000000003]
["17","5","","17.5.5","DISJUNTOR TERMOMAGNÉTICO TRIPOLAR , CORRENTE NOMINAL DE 125A - FORNECIMENTO E INSTALAÇÃO. AF_10/2020",101895,"SINAPI","UN",2,541.52,"BDI 1",685.13,1083.04,1370.26]
["17","5","","17.5.6","DISJUNTOR TERMOMAGNETICO TRIPOLAR 150 A / 600 V, TIPO FXD / ICC - 35 KA",2374,"SINAPI","UN",2,510.03,"BDI 1",645.28,1020.06,1290.56]
["17","5","","17.5.7","DISPOSITIVO DPS CLASSE II, 1 POLO, TENSAO MAXIMA DE 175 V, CORRENTE MAXIMA DE *20* KA (TIPO AC)",39465,"SINAPI","UN",4,87.82,"BDI 1",111.1,351.28,444.4]
["17","5","","17.5.8","DISJUNTOR DE PROTEÇÃO DIFERENCIAL RESIDUAL (DR), TETRAPOLAR TIPO DIN, CORRENTE NOMINAL DE 125A, SENSIBILIDADE DE 30MA, FORNECIMENTO E INSTALAÇÃO, INCLUSIVE TERMINAL DE COMPRESSÃO","ED-5444","SETOP","un",2,697.4,"BDI 1",882.35,1394.8,1764.7]
["17","5","","17.5.9","DISJUNTOR DE PROTEÇÃO DIFERENCIAL RESIDUAL (DR), TETRAPOLAR TIPO DIN, CORRENTE NOMINAL DE 40A, SENSIBILIDADE DE 30MA, FORNECIMENTO E INSTALAÇÃO, INCLUSIVE TERMINAL ILHÓS","ED-5439","SETOP","un",1,184.27,"BDI 1",233.13,184.27,233.13]
["17","6","","17.6.1","ELETRODUTO FLEXÍVEL CORRUGADO, PVC, DN 25 MM (3/4\"), PARA CIRCUITOS TERMINAIS, INSTALADO EM FORRO - FORNECIMENTO E INSTALAÇÃO. AF_03/2023",91834,"SINAPI","M",504.91,17.829999999999998,"BDI 1",22.55,9002.5400000000009,11385.72]
["17","6","","17.6.2","ELETRODUTO FLEXÍVEL CORRUGADO, PVC, DN 32 MM (1\"), PARA CIRCUITOS TERMINAIS, INSTALADO EM FORRO - FORNECIMENTO E INSTALAÇÃO. AF_03/2023",91836,"SINAPI","M",75.72,20.91,"BDI 1",26.45,1583.3,2002.79]
["17","6","","17.6.3","ELETRODUTO FLEXÍVEL CORRUGADO, PEAD, DN 50 (1 1/2\"), PARA REDE ENTERRADA DE DISTRIBUIÇÃO DE ENERGIA ELÉTRICA - FORNECIMENTO E INSTALAÇÃO. AF_12/2021",97667,"SINAPI","M",28.01,8.07,"BDI 1",10.210000000000001,226.04,285.98]
["17","6","","17.6.4","DUTO CORRUGADO EM PEAD (POLIETILENO DE ALTA DENSIDADE), PARA PROTEÇÃO DE CABOS SUBTERRÂNEOS DN 75 MM (3\")","ED-49297","SETOP","M",61.21,47.43,"BDI 1",60,2903.19,3672.6]
["17","7","","17.7.1","LUMINÁRIA COMERCIAL CHANFRADA DE SOBREPOR COMPLETA, PARA DUAS (2) LÂMPADAS TUBULARES LED 2X18W-ØT8, TEMPERATURA DA COR 6500K, FORNECIMENTO E INSTALAÇÃO, INCLUSIVE BASE E LÂMPADAS","ED-13338","SETOP","un",68,172.76,"BDI 1",218.57,11747.68,14862.76]
["17","8","","17.8.1","QUADRO DE DISTRIBUIÇÃO DE ENERGIA EM CHAPA DE AÇO GALVANIZADO, DE EMBUTIR, COM BARRAMENTO TRIFÁSICO, PARA 30 DISJUNTORES DIN 225A - FORNECIMENTO E INSTALAÇÃO. AF_10/2020",101882,"SINAPI","UN",1,1354.57,"BDI 1",1713.8,1354.57,1713.8]
["17","8","","17.8.2","QUADRO DE DISTRIBUIÇÃO DE ENERGIA EM CHAPA DE AÇO GALVANIZADO, DE EMBUTIR, COM BARRAMENTO TRIFÁSICO, PARA 18 DISJUNTORES DIN 100A - FORNECIMENTO E INSTALAÇÃO. AF_10/2020",101883,"SINAPI","UN",2,551.4,"BDI 1",697.63,1102.8,1395.26]
["17","9","","17.9.1","ENTRADA DE ENERGIA AÉREA, TIPO C6, PADRÃO CEMIG, CARGA INSTALADA DE 47,1KVA ATÉ 57KVA, TRIFÁSICO, COM SAÍDA SUBTERRÂNEA, INCLUSIVE POSTE, CAIXA PARA MEDIDOR, DISJUNTOR, BARRAMENTO, ATERRAMENTO E ACESSÓRIOS","ED-20586","SETOP","un",1,5103.8,"BDI 1",6457.32,5103.8,6457.32]
["17","10","","17.10.1","ESCAVAÇÃO MANUAL DE VALA. AF_09/2024",93358,"SINAPI","M3",18.736199999999997,82.75,"BDI 1",104.69,1550.42,1961.89]
["17","10","","17.10.2","REATERRO MANUAL DE VALAS, COM PLACA VIBRATÓRIA. AF_08/2023",104737,"SINAPI","M3",18.736199999999997,21.15,"BDI 1",26.75,396.27,501.29]
["18","1","","18.1.1","ACCESS POINT","COT-DAD-005","COTAÇÃO","UN ",2,976.79,"BDI 1",1235.83,1953.58,2471.66]
["18","1","","18.1.2","CONECTOR RJ45 - PACOTE COM 100 UNIDADES","COT-DAD-009","COTAÇÃO","UN ",1,34.5,"BDI 1",43.64,34.5,43.64]
["18","1","","18.1.3","NVR 16 PORTAS","COT-DAD-001","COTAÇÃO","UN ",1,3079.66,"BDI 1",3896.38,3079.66,3896.38]
["18","1","","18.1.4","HD 2 TB","COT-DAD-002","COTAÇÃO","UN ",1,755.08,"BDI 1",955.32,755.08,955.32]
["18","1","","18.1.5","PATCH CORD RJ45/RJ45 UTP-4P METÁLICO CATEGORIA 6, PINAGEM T568A (VOZ), COMPRIMENTO 3 METROS","ED-48372","SETOP","un",40,22.28,"BDI 1",28.18,891.2,1127.2]
["18","1","","18.1.6","PATCH PANEL 24 POSIÇÕES, CATEGORIA COM GUIA TRASEIRO","ED-48373","SETOP","cj",1,960.07,"BDI 1",1214.68,960.07,1214.68]
["18","1","","18.1.7","SWITCH GIGABIT 24 PORTAS POE","COT-DAD-003","COTAÇÃO","UN ",1,1367.46,"BDI 1",1730.11,1367.46,1730.11]
["18","2","","18.2.1","RÉGUA COM 8 TOMADAS (2P+T), PARA FIXAÇÃO NO RACK DE 19\" (1U)","ED-48375","SETOP","un",1,88.66,"BDI 1",112.17,88.66,112.17]
["18","2","","18.2.2","ORGANIZADOR DE CABOS DE 1U PARA RACK 19\"","ED-48377","SETOP","cj",3,75.510000000000005,"BDI 1",95.53,226.53,286.58999999999997]
["18","2","","18.2.3","TAMPA CEGA DE 1U PARA RACK 19\"","ED-48378","SETOP","cj",3,19.75,"BDI 1",24.98,59.25,74.94]
["18","3","","18.3.1","CAIXA RETANGULAR 4\" X 2\" ALTA (2,00 M DO PISO), PVC, INSTALADA EM PAREDE - FORNECIMENTO E INSTALAÇÃO. AF_03/2023",91939,"SINAPI","UN",6,32.35,"BDI 1",40.92,194.1,245.52]
["18","3","","18.3.2","CAIXA RETANGULAR 4\" X 4\" ALTA (2,00 M DO PISO), METÁLICA, INSTALADA EM PAREDE - FORNECIMENTO E INSTALAÇÃO. AF_03/2023",92870,"SINAPI","UN",6,34.08,"BDI 1",43.11,204.48,258.66000000000003]
["18","3","","18.3.3","ESPELHO / PLACA CEGA 4\" X 4\", PARA INSTALACAO DE TOMADAS E INTERRUPTORES",38095,"SINAPI","UN",6,4.74,"BDI 1",5.99,28.44,35.94]
["18","4","","18.4.1","CABO ELETRÔNICO CATEGORIA 5E, INSTALADO EM EDIFICAÇÃO INSTITUCIONAL - FORNECIMENTO E INSTALAÇÃO. AF_11/2019",98295,"SINAPI","M",132.97,5.24,"BDI 1",6.62,696.76,880.26]
["18","4","","18.4.2","CABO FTP  5E (BLINDADO) - 305 METROS","COT-DAD-010","COTAÇÃO","UN ",1,786.6,"BDI 1",995.2,786.6,995.2]
["18","5","","18.5.1","CAIXA DE PASSAGEM, DIMENSÃO (20X20)CM, EM CHAPA DE AÇO, TIPO DE EMBUTIR, COM ACABAMENTO EM PINTURA ELETROSTÁTICA E TAMPA CEGA, INCLUSIVE FIXAÇÃO EM ALVENARIA","ED-49149","SETOP","un",5,126.15,"BDI 1",159.6,630.75,798]
["18","5","","18.5.1","CAIXA DE INSPEÇÃO EM CONCRETO, TIPO \"ZA\" PASSEIO, PADRÃO CEMIG, DIMENSÃO (28X28)CM, ALTURA 40CM, COM TAMPA E ARO ARTICULADO EM FERRO FUNDIDO, INCLUSIVE ESCAVAÇÃO, APILOAMENTO, LASTRO DE BRITA, REATERRO E TRANSPORTE COM RETIRADA DO MATERIAL ESCAVADO (EM CAÇAMBA)","ED-49197","SETOP","un",2,212.08,"BDI 1",268.32,424.16,536.64]
["18","6","","18.6.1","CAMERA POE","COT-DAD-006","COTAÇÃO","UN ",6,605,"BDI 1",765.44,3630,4592.6400000000003]
["18","6","","18.6.2","INSTALAÇÃO DE CÂMERA POE","DAC-18.1","CPU","UN",6,52.49,"BDI 1",66.41,314.94,398.46]
["18","7","","18.7.1","CONJUNTO DE UMA (1) TOMADA DE DADOS (CONECTOR RJ45 CAT.6E), COM PLACA 4\"X2\" DE UM (1) POSTO, INCLUSIVE FORNECIMENTO, INSTALAÇÃO, SUPORTE, MÓDULO E PLACA","ED-15752","SETOP","un",6,69.650000000000006,"BDI 1",88.12,417.9,528.72]
["18","8","","18.8.1","ELETRODUTO FLEXÍVEL CORRUGADO REFORÇADO, PVC, DN 25 MM (3/4\"), PARA CIRCUITOS TERMINAIS, INSTALADO EM LAJE - FORNECIMENTO E INSTALAÇÃO. AF_03/2023",91845,"SINAPI","M",103.47,8.76,"BDI 1",11.08,906.39,1146.45]
["18","8","","18.8.2","ELETRODUTO FLEXÍVEL CORRUGADO, PVC, DN 32 MM (1\"), PARA CIRCUITOS TERMINAIS, INSTALADO EM PAREDE - FORNECIMENTO E INSTALAÇÃO. AF_03/2023",91856,"SINAPI","M",58.34,13.02,"BDI 1",16.47,759.58,960.86]
["18","8","","18.8.3","ELETRODUTO FLEXÍVEL CORRUGADO, PEAD, DN 40 MM (1 1/4\"), PARA CIRCUITOS TERMINAIS, INSTALADO EM FORRO - FORNECIMENTO E INSTALAÇÃO. AF_03/2023",91840,"SINAPI","M",19.2,20.2,"BDI 1",25.55,387.84,490.56]
["18","9","","18.9.1","RACK 12U 19\" 570mm","COT-DAD-008","COTAÇÃO","UN ",1,1312.16,"BDI 1",1660.14,1312.16,1660.14]
["18","9","","18.9.2","MONTAGEM DO HACK E COMPONENTES - ACESSÓRIOS DE CABEAMENTO DO HACK","DAC-18.2","CPU","UN",1,3234.32,"BDI 1",4092.06,3234.32,4092.06]
["19","1","","19.1.1","CAIXA DE EQUALIZAÇÃO PARA USO INTERNO E EXTERNO COM 9 TERMINAIS 380X320X175MM EM AÇO E ACABAMENTO EM EPOXI","ED-51054","SETOP","U",1,590.5,"BDI 1",747.1,590.5,747.1]
["19","1","","19.1.2","ATERRAMENTO COMPLETO PARA PARA-RAIOS, COM HASTE DE COBRE DE ALTA CAMADA, TIPO COPPERWELD, DIÂMETRO DE 3/4\", COMPRIMENTO DE 240CM, EXCLUSIVE CABO, INCLUSIVE CAIXA DE INSPEÇÃO COM TAMPA EM FERRO FUNDIDO E GRAMPO PARA HASTE","ED-51017","SETOP","un",16,1149.0999999999999,"BDI 1",1453.84,18385.599999999999,23261.439999999999]
["19","1","","19.1.3","ATERRAMENTO COM HASTE DE COBRE, TIPO COPPERWELD, DIÂMETRO DE  5/8\", COMPRIMENTO DE 240CM, EXCLUSIVE CABO E CAIXA PARA ATERRAMENTO, INCLUSIVE GRAMPO PARA HASTE E INSTALAÇÃO","ED-48700","SETOP","un",16,107.57,"BDI 1",136.09,1721.12,2177.44]
["19","2","","19.2.1","MINI CAPTOR PARA SPDA - FORNECIMENTO E INSTALAÇÃO. AF_08/2023",104746,"SINAPI","UN",47,26.41,"BDI 1",33.409999999999997,1241.27,1570.27]
["19","2","","19.2.2","MASTRO 1 ½\", COM 3 METROS, PARA SPDA - FORNECIMENTO E INSTALAÇÃO. AF_08/2023",96988,"SINAPI","UN",1,152.91999999999999,"BDI 1",193.47,152.91999999999999,193.47]
["19","3","","19.3.1","BARRA CHATA DE ALUMÍNIO 7/8\" X 1/8\" X 3M","ED-51019","SETOP","U",261,29.25,"BDI 1",37,7634.25,9657]
["19","3","","19.3.2","CABO DE COBRE NU #35MM2 - 7 FIOSX2,50MM, PARA ELEMENTOS DE CAPTAÇÃO/ANEL DE CINTAMENTO (SPDA), INCLUSIVE PRESILHA DE FIXAÇÃO","ED-13934","SETOP","m",81.83,44.96,"BDI 1",56.88,3679.07,4654.49]
["19","3","","19.3.3","CABO DE COBRE NU #50 MM2 - 7 FIOSX3,00MM, PARA ELEMENTOS DE CAPTAÇÃO/ANEL DE CINTAMENTO (SPDA), INCLUSIVE PRESILHA DE FIXAÇÃO","ED-13935","SETOP","m",257.3,60.34,"BDI 1",76.34,15525.48,19642.28]
["19","3","","19.3.4","ELETRODUTO RÍGIDO ROSCÁVEL, PVC, DN 32 MM (1\"), PARA CIRCUITOS TERMINAIS, INSTALADO EM PAREDE - FORNECIMENTO E INSTALAÇÃO. AF_03/2023",91872,"SINAPI","M",96,19.39,"BDI 1",24.53,1861.44,2354.88]
["19","3","","19.3.5","FIXAÇÃO DE SUPORTE PARA BARRA CHATA ","DAC-19.1","CPU","UN",140,41.44,"BDI 1",52.42,5801.6,7338.8]
["20","1","","20.1.1","LUMINÁRIA DE EMERGÊNCIA, COM 30 LÂMPADAS LED DE 2 W, SEM REATOR - FORNECIMENTO E INSTALAÇÃO. AF_09/2024",97599,"SINAPI","UN",11,20.09,"BDI 1",25.41,220.99,279.51]
["20","2","","20.2.1","PLACA FOTOLUMINESCENTE PARA SINALIZAÇÃO DE EMERGÊNCIA, TIPO \"P1\", DIÂMETRO DE 300MM, EXCLUSIVE FIXAÇÃO","COT-INC-001","COTAÇÃO","UN ",2,49.27,"BDI 1",62.33,98.54,124.66]
["20","2","","20.2.2","PLACA FOTOLUMINESCENTE PARA SINALIZAÇÃO DE EMERGÊNCIA, TIPO \"P2\", DIÂMETRO DE 300MM, INCLUSIVE FIXAÇÃO","ED-50207","SETOP","un",2,23.25,"BDI 1",29.41,46.5,58.82]
["20","2","","20.2.3","PLACA FOTOLUMINESCENTE PARA SINALIZAÇÃO DE EMERGÊNCIA, TIPO \"A2\", DIMENSÃO DA BASE 300MM, INCLUSIVE FIXAÇÃO","ED-50206","SETOP","un",2,16.97,"BDI 1",21.47,33.94,42.94]
["20","2","","20.2.4","PLACA FOTOLUMINESCENTE PARA SINALIZAÇÃO DE EMERGÊNCIA, TIPO \"S2\", DIMENSÃO (380X190)MM, INCLUSIVE FIXAÇÃO","ED-50201","SETOP","un",3,25.67,"BDI 1",32.47,77.010000000000005,97.41]
["20","2","","20.2.5","PLACA FOTOLUMINESCENTE PARA SINALIZAÇÃO DE EMERGÊNCIA, TIPO \"S3\", DIMENSÃO (380X190)MM, INCLUSIVE FIXAÇÃO","ED-29400","SETOP","un",6,25.67,"BDI 1",32.47,154.02000000000001,194.82]
["20","2","","20.2.6","PLACA FOTOLUMINESCENTE PARA SINALIZAÇÃO DE EMERGÊNCIA, TIPO \"E5\", DIMENSÃO (300X300)MM, INCLUSIVE FIXAÇÃO","ED-50199","SETOP","un",4,17.260000000000002,"BDI 1",21.83,69.040000000000006,87.32]
["20","2","","20.2.7","PLACA FOTOLUMINESCENTE PARA SINALIZAÇÃO DE EMERGÊNCIA, TIPO \"E12\", INSTALADA EM PISO, DIMENSÃO (100X100)CM, INCLUSIVE FIXAÇÃO","ED-29395","SETOP","un",4,80.91,"BDI 1",102.36,323.64,409.44]
["20","2","","20.2.8","FIXAÇÃO DE PLACAS FOTOLUMINESCENTES PARA SINALIZAÇÃO DE EMERGÊNCIA","DAC-20.1","CPU","UN",2,11.07,"BDI 1",14,22.14,28]
["20","3","","20.3.1","EXTINTOR DE INCÊNDIO TIPO PÓ QUÍMICO 4-A:40-B:C, CAPACIDADE 6 KG, EXCLUISVE INSTALAÇÃO","COT-INC-002","COTAÇÃO","UN ",4,328.61,"BDI 1",415.75,1314.44,1663]
["20","3","","20.3.2","INSTALAÇÃO DE EXTINTOR DE INCÊNDIO TIPO PÓ QUÍMICO 4-A:40-B:C, CAPACIDADE 6 KG","DAC-20.2","CPU","UN",4,13.84,"BDI 1",17.510000000000002,55.36,70.040000000000006]
["20","3","","20.3.3","ABRIGO EM CHAPA DE AÇO CARBONO DE SOBREPOR, PINTADO DE VERMELHO NAS DIMENSÕES (75X30X25)CM COM UMA PORTA COM VIDRO TRANSPARENTE COM A INSCRIÇÃO \"INCÊNDIO\", PARA EXTINTOR, FORNECIMENTO E INSTALAÇÃO, EXCLUSIVE EXTINTOR","ED-22698","SETOP","un",1,285.32,"BDI 1",360.98,285.32,360.98]
["20","3","","20.3.4","PINTURA ACRÍLICA PARA SINALIZAÇÃO HORIZONTAL EM PISO","DAC-20.3","CPU","UN",3,10.47,"BDI 1",13.24,31.41,39.72]
["21","1","","21.1.1","PUXADOR PARA PCD, FIXADO NA PORTA - FORNECIMENTO E INSTALAÇÃO. AF_01/2020",100874,"SINAPI","UN",18,343.33,"BDI 1",434.38,6179.94,7818.84]
["21","2","","21.2.1","BANCO ARTICULADO, EM ACO INOX, PARA PCD, FIXADO NA PAREDE - FORNECIMENTO E INSTALAÇÃO. AF_01/2020",100875,"SINAPI","UN",2,1180.51,"BDI 1",1493.58,2361.02,2987.16]
["21","2","","21.2.2","BARRA DE APOIO EM AÇO INOX POLIDO RETA, DIÂMETRO DE 1.1/4\", PARA ACESSIBILIDADE (PMR/PCR), COMPRIMENTO 70CM, INSTALADO EM PAREDE, INCLUSIVE ACESSÓRIOS PARA FIXAÇÃO","ED-48164","SETOP","un",3,237.31,"BDI 1",300.24,711.93,900.72]
["21","2","","21.2.3","BARRA DE APOIO EM AÇO INOX POLIDO RETA, DIÂMETRO DE 1.1/4\", PARA ACESSIBILIDADE (PMR/PCR), COMPRIMENTO 80CM, INSTALADO EM PAREDE, INCLUSIVE ACESSÓRIOS PARA FIXAÇÃO","ED-48160","SETOP","un",6,197.52,"BDI 1",249.9,1185.1199999999999,1499.4]
["21","2","","21.2.4","BARRA DE APOIO EM AÇO INOX POLIDO PARA LAVATÓRIO DE CANTO, DIÂMETRO DE 1.1/4\", PARA ACESSIBILIDADE (PMR/PCR), INSTALADO EM PAREDE, INCLUSIVE ACESSÓRIOS PARA FIXAÇÃO","ED-48167","SETOP","un",2,158.03,"BDI 1",199.93,316.06,399.86]
["21","2","","21.2.5","BARRA DE APOIO EM AÇO INOX POLIDO RETA, DIÂMETRO DE 1.1/4\", PARA ACESSIBILIDADE (PMR/PCR), COMPRIMENTO 40CM, INSTALADO EM PORTA/PAREDE, INCLUSIVE ACESSÓRIOS PARA FIXAÇÃO","ED-48163","SETOP","un",2,181.82,"BDI 1",230.03,363.64,460.06]
["21","2","","21.2.6","PLACA DE SINALIZACAO EM CHAPA DE ALUMINIO COM PINTURA REFLETIVA, E = 2 MM - FORNECIMENTO E INSTALAÇÃO","DAC-21.1","CPU","M2    ",0.57000000000000006,1282.77,"BDI 1",1622.96,731.17,925.09]
["21","2","","21.2.7","CHAPA DE PROTEÇÃO IMPACTO PARA PORTA 40X80","COT-ACE-001","COTAÇÃO","UN ",8,204.83,"BDI 1",259.14999999999998,1638.64,2073.1999999999998]
["21","2","","21.2.8","INSTALAÇÃO CHAPA DE PROTEÇÃO IMPACTO PARA PORTA 40X80","DAC-21.2","CPU","UN",6,4.18,"BDI 1",5.28,25.08,31.68]
["21","3","","21.3.1","PISO TATIL DE ALERTA OU DIRECIONAL, DE BORRACHA, PRETO, 25 X 25 CM, E = 12 MM, PARA ARGAMASSA - FORNECIMENTO E INSTALAÇÃO ","DAC-21.3","CPU","M2    ",1.8125,562.29,"BDI 1",711.4,1019.15,1287.6300000000001]
["21","3","","21.3.2","PLACA TÁTIL BRAILLE EM ACRÍLICO 30X10 CM (ATÉ 3 PALAVRAS) - FORNECIMENTO E INSTALAÇÃO","DAC-21.4","CPU","UN",8,49.18,"BDI 1",62.22,393.44,497.76]
["21","4","","21.4.1","ADESIVO DE SINALIZAÇÃO PARA CADEIRANTE PARA PISO","COT-ACE-002","COTAÇÃO","UN ",8,220.23,"BDI 1",278.63,1761.84,2229.04]
["21","4","","21.4.2","INSTALAÇÃO DE ADESIVO DE SINALIZAÇÃO PARA CADEIRANTE PARA PISO","DAC-21.5","CPU","UN",8,10.46,"BDI 1",13.23,83.68,105.84]
["22","","","22.1","PLANTIO DE ÁRVORE ORNAMENTAL COM ALTURA DE MUDA MENOR OU IGUAL A 2,00 M . AF_07/2024",98510,"SINAPI","UN",80,91.08,"BDI 1",115.23,7286.4,9218.4]
["22","","","22.2","APLICAÇÃO DE ADUBO EM SOLO. AF_07/2024",98520,"SINAPI","M2",7.1999999999999993,5.75,"BDI 1",7.27,41.4,52.34]
["22","","","22.3","FERTILIZANTE NPK -  10:10:10",44539,"SINAPI","KG",24,3,"BDI 1",3.79,72,90.96]
["22","","","22.4","APLICAÇÃO DE FERTILIZANTE EM SOLO","DAC-22.1","CPU","M2    ",7.1999999999999993,1.44,"BDI 1",1.82,10.36,13.1]
["23","","","23.1","LAUDO CAUTELAR - EDIFICAÇÕES RESIDENCIAIS","DAC-23.1","CPU","UN",1,729.66,"BDI 1",923.16,729.66,923.16]
["24","","","24.1","LIMPEZA FINAL PARA ENTREGA DA OBRA","ED-50266","SETOP","m2",342.39,7.72,"BDI 1",9.76,2643.25,3341.72]

{"sheet":"CPU","index":7,"n_rows":277,"n_cols":13,"rows_kept":277,"cut":false,"hidden":false,"merged":[[276,6,276,9],[275,3,275,5],[275,6,275,9],[12,1,12,7],[4,11,6,12],[82,1,82,7],[103,1,103,7],[109,1,109,7],[88,1,88,7],[119,1,119,7],[15,1,15,7],[19,1,19,7],[95,1,95,7],[143,1,143,7],[149,1,149,7],[157,1,157,7],[232,1,232,7],[1,0,2,10],[4,0,8,2],[9,0,9,12],[10,0,10,12],[180,1,180,7],[127,1,127,7],[135,1,135,7],[23,1,23,7],[54,1,54,7],[63,1,63,7],[72,1,72,7],[28,1,28,7],[38,1,38,7],[48,1,48,7],[264,1,264,7],[259,1,259,7],[165,1,165,7],[255,1,255,7],[238,1,238,7],[242,1,242,7],[245,1,245,7],[251,1,251,7],[222,1,222,7],[227,1,227,7],[174,1,174,7],[215,1,215,7],[188,1,188,7],[204,1,204,7],[209,1,209,7],[197,1,197,7]]}
[]
["COMPOSIÇÕES DE CUSTO",null,null,null,null,null,null,null,null,null,null,"Revisão:",{"$f":"DADOS!D6","v":"R01"}]
[null,null,null,null,null,null,null,null,null,null,null,"Data: ",{"$f":"DADOS!D2","v":"2025-04-04"}]
["Projeto:",null,null,"Cliente:",null,null,null,"Cliente:",null,null,null,"Bancos:"]
[{"$f":"DADOS!D8","v":"AMPLIAÇÃO DO C.E.I.M. MARILISA LOPES DE OLIVEIRA"},null,null,null,null,null,null,null,null,null,null,{"$f":"DADOS!D14","v":"SINAPI: 02/2025 Minas Gerais\nSETOP: 10/2024 Minas Gerais\nSICRO : 10/2024 Minas Gerais\nSUDECAP: 10/2024 Minas Gerais"}]
[]
[]
[null,null,null,null,null,null,null,null,null,null,null,"BDI 1:",{"$f":"DADOS!D10","v":0.26519999999999999}]
[null,null,null,null,null,null,null,null,null,null,null,"BDI 2:",{"$f":"DADOS!D12","v":"-"}]
[]
[{"$f":"A2&\" DE \"&DADOS!D20&\" - \"&A5","v":"COMPOSIÇÕES DE CUSTO DE PROJETO EXECUTIVO - AMPLIAÇÃO DO C.E.I.M. MARILISA LOPES DE OLIVEIRA"}]
[]
["CÓDIGO","DESCRIÇÃO",null,null,null,null,null,null,"Banco","Unid.","Coeficiente","Preço Unit.","Total"]
[]
[2,"LIMPEZAS E DEMOLIÇÕES"]
["DAC-2.1","REMOÇÃO DE POSTE METÁLICO",null,null,null,null,null,null,"CPU","UN",null,null,{"$f":"SUM(M17:M18)","v":141.64000000000001}]
[null,88264,{"$f":"IF(I17=\"SINAPI\",VLOOKUP(B17,DADOS_SINAPI,2,0),IF(I17=\"SETOP\",VLOOKUP(B17,DADOS_SETOP,2,0),IF(I17=\"SICRO\",VLOOKUP(B17,DADOS_SICRO,2,0),IF(I17=\"SUDECAP\",VLOOKUP(B17,DADOS_SUDECAP,2,0),IF(I17=\"COTAÇÃO\",VLOOKUP(B17,DADOS_COTACAO,2,0),VLOOKUP(B17,DADOS_COMPOSICAO,2,0))))))","v":"ELETRICISTA COM ENCARGOS COMPLEMENTARES"},null,null,null,null,null,"SINAPI",{"$f":"IF(I17=\"SINAPI\",VLOOKUP(B17,DADOS_SINAPI,3,0),IF(I17=\"SETOP\",VLOOKUP(B17,DADOS_SETOP,3,0),IF(I17=\"SICRO\",VLOOKUP(B17,DADOS_SICRO,3,0),IF(I17=\"SUDECAP\",VLOOKUP(B17,DADOS_SUDECAP,3,0),IF(I17=\"COTAÇÃO\",VLOOKUP(B17,DADOS_COTACAO,9,0),VLOOKUP(B17,DADOS_COMPOSICAO,10,0))))))","v":"H"},2,{"$f":"IF(I17=\"SINAPI\",VLOOKUP(B17,DADOS_SINAPI,4,0),IF(I17=\"SETOP\",VLOOKUP(B17,DADOS_SETOP,4,0),IF(I17=\"SICRO\",VLOOKUP(B17,DADOS_SICRO,4,0),IF(I17=\"SUDECAP\",VLOOKUP(B17,DADOS_SUDECAP,4,0),IF(I17=\"COTAÇÃO\",VLOOKUP(B17,DADOS_COTACAO,12,0),VLOOKUP(B17,DADOS_COMPOSICAO,13,0))))))","v":28.98},{"$f":"K17*L17","v":57.96}]
[null,88316,{"$f":"IF(I18=\"SINAPI\",VLOOKUP(B18,DADOS_SINAPI,2,0),IF(I18=\"SETOP\",VLOOKUP(B18,DADOS_SETOP,2,0),IF(I18=\"SICRO\",VLOOKUP(B18,DADOS_SICRO,2,0),IF(I18=\"SUDECAP\",VLOOKUP(B18,DADOS_SUDECAP,2,0),IF(I18=\"COTAÇÃO\",VLOOKUP(B18,DADOS_COTACAO,2,0),VLOOKUP(B18,DADOS_COMPOSICAO,2,0))))))","v":"SERVENTE COM ENCARGOS COMPLEMENTARES"},null,null,null,null,null,"SINAPI",{"$f":"IF(I18=\"SINAPI\",VLOOKUP(B18,DADOS_SINAPI,3,0),IF(I18=\"SETOP\",VLOOKUP(B18,DADOS_SETOP,3,0),IF(I18=\"SICRO\",VLOOKUP(B18,DADOS_SICRO,3,0),IF(I18=\"SUDECAP\",VLOOKUP(B18,DADOS_SUDECAP,3,0),IF(I18=\"COTAÇÃO\",VLOOKUP(B18,DADOS_COTACAO,9,0),VLOOKUP(B18,DADOS_COMPOSICAO,10,0))))))","v":"H"},4,{"$f":"IF(I18=\"SINAPI\",VLOOKUP(B18,DADOS_SINAPI,4,0),IF(I18=\"SETOP\",VLOOKUP(B18,DADOS_SETOP,4,0),IF(I18=\"SICRO\",VLOOKUP(B18,DADOS_SICRO,4,0),IF(I18=\"SUDECAP\",VLOOKUP(B18,DADOS_SUDECAP,4,0),IF(I18=\"COTAÇÃO\",VLOOKUP(B18,DADOS_COTACAO,12,0),VLOOKUP(B18,DADOS_COMPOSICAO,13,0))))))","v":20.92},83.68]
[]
["DAC-2.2","REMOÇÃO MANUAL DE GUIA DE MEIO-FIO PRÉ-MOLDADA EM CONCRETO, SEM REAPROVEITAMENTO, INCLUSIVE AFASTAMENTO E EMPILHAMENTO, EXCLUSIVE TRANSPORTE E RETIRADA DO MATERIAL REMOVIDO NÃO REAPROVEITÁVEL",null,null,null,null,null,null,"CPU","M",null,null,{"$f":"SUM(M21:M22)","v":24.209595}]
[null,88309,{"$f":"IF(I21=\"SINAPI\",VLOOKUP(B21,DADOS_SINAPI,2,0),IF(I21=\"SETOP\",VLOOKUP(B21,DADOS_SETOP,2,0),IF(I21=\"SICRO\",VLOOKUP(B21,DADOS_SICRO,2,0),IF(I21=\"SUDECAP\",VLOOKUP(B21,DADOS_SUDECAP,2,0),IF(I21=\"COTAÇÃO\",VLOOKUP(B21,DADOS_COTACAO,2,0),VLOOKUP(B21,DADOS_COMPOSICAO,2,0))))))","v":"PEDREIRO COM ENCARGOS COMPLEMENTARES"},null,null,null,null,null,"SINAPI",{"$f":"IF(I21=\"SINAPI\",VLOOKUP(B21,DADOS_SINAPI,3,0),IF(I21=\"SETOP\",VLOOKUP(B21,DADOS_SETOP,3,0),IF(I21=\"SICRO\",VLOOKUP(B21,DADOS_SICRO,3,0),IF(I21=\"SUDECAP\",VLOOKUP(B21,DADOS_SUDECAP,3,0),IF(I21=\"COTAÇÃO\",VLOOKUP(B21,DADOS_COTACAO,9,0),VLOOKUP(B21,DADOS_COMPOSICAO,10,0))))))","v":"H"},0.48888900000000002,{"$f":"IF(I21=\"SINAPI\",VLOOKUP(B21,DADOS_SINAPI,4,0),IF(I21=\"SETOP\",VLOOKUP(B21,DADOS_SETOP,4,0),IF(I21=\"SICRO\",VLOOKUP(B21,DADOS_SICRO,4,0),IF(I21=\"SUDECAP\",VLOOKUP(B21,DADOS_SUDECAP,4,0),IF(I21=\"COTAÇÃO\",VLOOKUP(B21,DADOS_COTACAO,12,0),VLOOKUP(B21,DADOS_COMPOSICAO,13,0))))))","v":28.6},{"$f":"K21*L21","v":13.982225400000001}]
[null,88316,{"$f":"IF(I22=\"SINAPI\",VLOOKUP(B22,DADOS_SINAPI,2,0),IF(I22=\"SETOP\",VLOOKUP(B22,DADOS_SETOP,2,0),IF(I22=\"SICRO\",VLOOKUP(B22,DADOS_SICRO,2,0),IF(I22=\"SUDECAP\",VLOOKUP(B22,DADOS_SUDECAP,2,0),IF(I22=\"COTAÇÃO\",VLOOKUP(B22,DADOS_COTACAO,2,0),VLOOKUP(B22,DADOS_COMPOSICAO,2,0))))))","v":"SERVENTE COM ENCARGOS COMPLEMENTARES"},null,null,null,null,null,"SINAPI",{"$f":"IF(I22=\"SINAPI\",VLOOKUP(B22,DADOS_SINAPI,3,0),IF(I22=\"SETOP\",VLOOKUP(B22,DADOS_SETOP,3,0),IF(I22=\"SICRO\",VLOOKUP(B22,DADOS_SICRO,3,0),IF(I22=\"SUDECAP\",VLOOKUP(B22,DADOS_SUDECAP,3,0),IF(I22=\"COTAÇÃO\",VLOOKUP(B22,DADOS_COTACAO,9,0),VLOOKUP(B22,DADOS_COMPOSICAO,10,0))))))","v":"H"},0.48887999999999998,{"$f":"IF(I22=\"SINAPI\",VLOOKUP(B22,DADOS_SINAPI,4,0),IF(I22=\"SETOP\",VLOOKUP(B22,DADOS_SETOP,4,0),IF(I22=\"SICRO\",VLOOKUP(B22,DADOS_SICRO,4,0),IF(I22=\"SUDECAP\",VLOOKUP(B22,DADOS_SUDECAP,4,0),IF(I22=\"COTAÇÃO\",VLOOKUP(B22,DADOS_COTACAO,12,0),VLOOKUP(B22,DADOS_COMPOSICAO,13,0))))))","v":20.92},10.227369600000001]
[]
["DAC-2.3","REMOÇÃO DE ESTRUTURA EM MADEIRA, SEM REAPROVEITAMENTO ",null,null,null,null,null,null,"CPU","UN",null,null,{"$f":"SUM(M25:M26)","v":78.12}]
[null,88309,{"$f":"IF(I25=\"SINAPI\",VLOOKUP(B25,DADOS_SINAPI,2,0),IF(I25=\"SETOP\",VLOOKUP(B25,DADOS_SETOP,2,0),IF(I25=\"SICRO\",VLOOKUP(B25,DADOS_SICRO,2,0),IF(I25=\"SUDECAP\",VLOOKUP(B25,DADOS_SUDECAP,2,0),IF(I25=\"COTAÇÃO\",VLOOKUP(B25,DADOS_COTACAO,2,0),VLOOKUP(B25,DADOS_COMPOSICAO,2,0))))))","v":"PEDREIRO COM ENCARGOS COMPLEMENTARES"},null,null,null,null,null,"SINAPI",{"$f":"IF(I25=\"SINAPI\",VLOOKUP(B25,DADOS_SINAPI,3,0),IF(I25=\"SETOP\",VLOOKUP(B25,DADOS_SETOP,3,0),IF(I25=\"SICRO\",VLOOKUP(B25,DADOS_SICRO,3,0),IF(I25=\"SUDECAP\",VLOOKUP(B25,DADOS_SUDECAP,3,0),IF(I25=\"COTAÇÃO\",VLOOKUP(B25,DADOS_COTACAO,9,0),VLOOKUP(B25,DADOS_COMPOSICAO,10,0))))))","v":"H"},2,{"$f":"IF(I25=\"SINAPI\",VLOOKUP(B25,DADOS_SINAPI,4,0),IF(I25=\"SETOP\",VLOOKUP(B25,DADOS_SETOP,4,0),IF(I25=\"SICRO\",VLOOKUP(B25,DADOS_SICRO,4,0),IF(I25=\"SUDECAP\",VLOOKUP(B25,DADOS_SUDECAP,4,0),IF(I25=\"COTAÇÃO\",VLOOKUP(B25,DADOS_COTACAO,12,0),VLOOKUP(B25,DADOS_COMPOSICAO,13,0))))))","v":28.6},{"$f":"K25*L25","v":57.2}]
[null,88316,{"$f":"IF(I26=\"SINAPI\",VLOOKUP(B26,DADOS_SINAPI,2,0),IF(I26=\"SETOP\",VLOOKUP(B26,DADOS_SETOP,2,0),IF(I26=\"SICRO\",VLOOKUP(B26,DADOS_SICRO,2,0),IF(I26=\"SUDECAP\",VLOOKUP(B26,DADOS_SUDECAP,2,0),IF(I26=\"COTAÇÃO\",VLOOKUP(B26,DADOS_COTACAO,2,0),VLOOKUP(B26,DADOS_COMPOSICAO,2,0))))))","v":"SERVENTE COM ENCARGOS COMPLEMENTARES"},null,null,null,null,null,"SINAPI",{"$f":"IF(I26=\"SINAPI\",VLOOKUP(B26,DADOS_SINAPI,3,0),IF(I26=\"SETOP\",VLOOKUP(B26,DADOS_SETOP,3,0),IF(I26=\"SICRO\",VLOOKUP(B26,DADOS_SICRO,3,0),IF(I26=\"SUDECAP\",VLOOKUP(B26,DADOS_SUDECAP,3,0),IF(I26=\"COTAÇÃO\",VLOOKUP(B26,DADOS_COTACAO,9,0),VLOOKUP(B26,DADOS_COMPOSICAO,10,0))))))","v":"H"},1,{"$f":"IF(I26=\"SINAPI\",VLOOKUP(B26,DADOS_SINAPI,4,0),IF(I26=\"SETOP\",VLOOKUP(B26,DADOS_SETOP,4,0),IF(I26=\"SICRO\",VLOOKUP(B26,DADOS_SICRO,4,0),IF(I26=\"SUDECAP\",VLOOKUP(B26,DADOS_SUDECAP,4,0),IF(I26=\"COTAÇÃO\",VLOOKUP(B26,DADOS_COTACAO,12,0),VLOOKUP(B26,DADOS_COMPOSICAO,13,0))))))","v":20.92},20.92]
[]
[5,{"$f":"VLOOKUP(A28,ORC!$D$77:$N$2069,2,0)","v":"ESTRUTURA"}]
["DAC-5.1","ESTACA DO TIPO ESCAVADA COM TRADO MECÂNICO, SEM FLUIDO ESTABILIZANTE, COM DIÂMETRO DE 30CM, CONCRETO C-25 LANÇADO POR CAMINHÃO BETONEIRA (EXCLUSIVE MOBILIZAÇÃO E DESMOBILIZAÇÃO) ",null,null,null,null,null,null,"CPU","M",null,null,{"$f":"SUM(M30:M37)","v":133.96052415111191}]
[null,38405,{"$f":"IF(I30=\"SINAPI\",VLOOKUP(B30,DADOS_SINAPI,2,0),IF(I30=\"SETOP\",VLOOKUP(B30,DADOS_SETOP,2,0),IF(I30=\"SICRO\",VLOOKUP(B30,DADOS_SICRO,2,0),IF(I30=\"SUDECAP\",VLOOKUP(B30,DADOS_SUDECAP,2,0),IF(I30=\"COTAÇÃO\",VLOOKUP(B30,DADOS_COTACAO,2,0),VLOOKUP(B30,DADOS_COMPOSICAO,2,0))))))","v":"CONCRETO USINADO BOMBEAVEL, CLASSE DE RESISTENCIA C25, COM BRITA 0 E 1, SLUMP = 130 +/- 20 MM, EXCLUI SERVICO DE BOMBEAMENTO (NBR 8953)"},null,null,null,null,null,"SINAPI",{"$f":"IF(I30=\"SINAPI\",VLOOKUP(B30,DADOS_SINAPI,3,0),IF(I30=\"SETOP\",VLOOKUP(B30,DADOS_SETOP,3,0),IF(I30=\"SICRO\",VLOOKUP(B30,DADOS_SICRO,3,0),IF(I30=\"SUDECAP\",VLOOKUP(B30,DADOS_SUDECAP,3,0),IF(I30=\"COTAÇÃO\",VLOOKUP(B30,DADOS_COTACAO,9,0),VLOOKUP(B30,DADOS_COMPOSICAO,10,0))))))","v":"M3"},{"$f":"3.14159*0.15*0.15*1.1","v":7.7754352499999999E-2},{"$f":"IF(I30=\"SINAPI\",VLOOKUP(B30,DADOS_SINAPI,4,0),IF(I30=\"SETOP\",VLOOKUP(B30,DADOS_SETOP,4,0),IF(I30=\"SICRO\",VLOOKUP(B30,DADOS_SICRO,4,0),IF(I30=\"SUDECAP\",VLOOKUP(B30,DADOS_SUDECAP,4,0),IF(I30=\"COTAÇÃO\",VLOOKUP(B30,DADOS_COTACAO,12,0),VLOOKUP(B30,DADOS_COMPOSICAO,13,0))))))","v":587.26},{"$f":"K30*L30","v":45.662021049149999}]
[null,88316,"SERVENTE COM ENCARGOS COMPLEMENTARES",null,null,null,null,null,"SINAPI","H",0.27950000000000003,20.92,5.8471400000000013]
[null,90680,"PERFURATRIZ HIDRÁULICA SOBRE CAMINHÃO COM TRADO CURTO ACOPLADO, PROFUNDIDADE MÁXIMA DE 20 M, DIÂMETRO MÁXIMO DE 1500 MM, POTÊNCIA INSTALADA DE 137 HP, MESA ROTATIVA COM TORQUE MÁXIMO DE 30 KNM - CHP DIURNO. AF_06/2015",null,null,null,null,null,"SINAPI","CHP",3.4200000000000001E-2,393.36,13.452912000000001]
[null,90681,"PERFURATRIZ HIDRÁULICA SOBRE CAMINHÃO COM TRADO CURTO ACOPLADO, PROFUNDIDADE MÁXIMA DE 20 M, DIÂMETRO MÁXIMO DE 1500 MM, POTÊNCIA INSTALADA DE 137 HP, MESA ROTATIVA COM TORQUE MÁXIMO DE 30 KNM - CHI DIURNO. AF_06/2015",null,null,null,null,null,"SINAPI","CHI",6.1199999999999997E-2,166.44,10.186128]
[null,90778,"ENGENHEIRO CIVIL DE OBRA PLENO COM ENCARGOS COMPLEMENTARES",null,null,null,null,null,"SINAPI","H",6.4000000000000003E-3,121.61,0.778304]
[null,"ED-48298","CORTE, DOBRA E MONTAGEM DE AÇO CA-50/60, INCLUSIVE ESPAÇADOR",null,null,null,null,null,"SETOP","Kg",{"$f":"339.4/(9*9)","v":4.1901234567901229},13.63,57.111382716049377]
[null,97913,"TRANSPORTE COM CAMINHÃO BASCULANTE DE 6 M³, EM VIA URBANA EM REVESTIMENTO PRIMÁRIO (UNIDADE: M3XKM). AF_07/2020",null,null,null,null,null,"SINAPI","M3XKM",5.2400000000000002E-2,3.32,0.17396800000000001]
[null,100973,"CARGA, MANOBRA E DESCARGA DE SOLOS E MATERIAIS GRANULARES EM CAMINHÃO BASCULANTE 6 M³ - CARGA COM PÁ CARREGADEIRA (CAÇAMBA DE 1,7 A 2,8 M³ / 128 HP) E DESCARGA LIVRE (UNIDADE: M3). AF_07/2020",null,null,null,null,null,"SINAPI","M3",{"$f":"3.14159*0.15*0.15*1.15","v":8.1288641249999988E-2},9.2100000000000009,0.74866838591249996]
[]
["DAC-5.2","ESTACA DO TIPO STRAUSS, COM DIÂMETRO DE 32CM, CONCRETO C-20, ARMAÇÃO, MOBILIZAÇÃO E DESMOBILIZAÇÃO",null,null,null,null,null,null,"CPU","M",null,null,{"$f":"SUM(M40:M47)","v":156.96890845535717}]
[null,"ED-29821",{"$f":"IF(I40=\"SINAPI\",VLOOKUP(B40,DADOS_SINAPI,2,0),IF(I40=\"SETOP\",VLOOKUP(B40,DADOS_SETOP,2,0),IF(I40=\"SICRO\",VLOOKUP(B40,DADOS_SICRO,2,0),IF(I40=\"SUDECAP\",VLOOKUP(B40,DADOS_SUDECAP,2,0),IF(I40=\"COTAÇÃO\",VLOOKUP(B40,DADOS_COTACAO,2,0),VLOOKUP(B40,DADOS_COMPOSICAO,2,0))))))","v":"MOBILIZAÇÃO E DESMOBILIZAÇÃO DE EQUIPAMENTO PARA ESTACA TIPO STRAUSS (CUSTO FIXO), INCLUSIVE CARGA E DESCARGA, EXCLUSIVE TRANSPORTE EM QUILÔMETRO RODADO (CUSTO VARIÁVEL)"},null,null,null,null,null,"SETOP",{"$f":"IF(I40=\"SINAPI\",VLOOKUP(B40,DADOS_SINAPI,3,0),IF(I40=\"SETOP\",VLOOKUP(B40,DADOS_SETOP,3,0),IF(I40=\"SICRO\",VLOOKUP(B40,DADOS_SICRO,3,0),IF(I40=\"SUDECAP\",VLOOKUP(B40,DADOS_SUDECAP,3,0),IF(I40=\"COTAÇÃO\",VLOOKUP(B40,DADOS_COTACAO,9,0),VLOOKUP(B40,DADOS_COMPOSICAO,10,0))))))","v":"un"},{"$f":"1/(16*8)","v":7.8125E-3},{"$f":"IF(I40=\"SINAPI\",VLOOKUP(B40,DADOS_SINAPI,4,0),IF(I40=\"SETOP\",VLOOKUP(B40,DADOS_SETOP,4,0),IF(I40=\"SICRO\",VLOOKUP(B40,DADOS_SICRO,4,0),IF(I40=\"SUDECAP\",VLOOKUP(B40,DADOS_SUDECAP,4,0),IF(I40=\"COTAÇÃO\",VLOOKUP(B40,DADOS_COTACAO,12,0),VLOOKUP(B40,DADOS_COMPOSICAO,13,0))))))","v":4698.6000000000004},{"$f":"K40*L40","v":36.707812500000003}]
[null,"ED-29822","MOBILIZAÇÃO E DESMOBILIZAÇÃO DE EQUIPAMENTO PARA ESTACA TIPO STRAUSS (CUSTO VARIÁVEL), EXCLUSIVE CUSTO FIXO DE TRANSPORTE",null,null,null,null,null,"SETOP","km",{"$f":"30/(16*8)","v":0.234375},10.06,2.3578125000000001]
[null,38404,"CONCRETO USINADO BOMBEAVEL, CLASSE DE RESISTENCIA C20, COM BRITA 0 E 1, SLUMP = 130 +/- 20 MM, EXCLUI SERVICO DE BOMBEAMENTO (NBR 8953)",null,null,null,null,null,"SINAPI","M3",{"$f":"11.3/(16*8)","v":8.8281250000000006E-2},569.69000000000005,50.292945312500009]
[null,"ED-48298","CORTE, DOBRA E MONTAGEM DE AÇO CA-50/60, INCLUSIVE ESPAÇADOR",null,null,null,null,null,"SETOP","Kg",{"$f":"(396.1+297+346.7)/(16*8+12*8+14*8)","v":3.094642857142857},13.63,42.179982142857142]
[null,90778,"ENGENHEIRO CIVIL DE OBRA PLENO COM ENCARGOS COMPLEMENTARES",null,null,null,null,null,"SINAPI","H",2.1999999999999999E-2,121.61,2.6754199999999999]
[null,88316,"SERVENTE COM ENCARGOS COMPLEMENTARES",null,null,null,null,null,"SINAPI","H",0.76900000000000002,20.92,16.087480000000003]
[null,88309,"PEDREIRO COM ENCARGOS COMPLEMENTARES",null,null,null,null,null,"SINAPI","H",0.223,28.6,6.3778000000000006]
[null,41985,"TUBO DE REVESTIMENTO, EM ACO, CORPO SCHEDULE 40, PONTEIRA SCHEDULE 80, ROSQUEAVEL E SEGMENTADO PARA PERFURACAO, DIAMETRO 6\" (200 MM)",null,null,null,null,null,"SINAPI","M",2.0000000000000001E-4,1448.28,0.28965600000000002]
[]
["DAC-5.3","ESTACA DO TIPO BROCA MANUAL, COM DIÂMETRO DE 25CM, CONCRETO C-20, COM ARMAÇÃO",null,null,null,null,null,null,"CPU","M",null,null,{"$f":"SUM(M50:M53)","v":120.6335891620879}]
[null,38404,{"$f":"IF(I50=\"SINAPI\",VLOOKUP(B50,DADOS_SINAPI,2,0),IF(I50=\"SETOP\",VLOOKUP(B50,DADOS_SETOP,2,0),IF(I50=\"SICRO\",VLOOKUP(B50,DADOS_SICRO,2,0),IF(I50=\"SUDECAP\",VLOOKUP(B50,DADOS_SUDECAP,2,0),IF(I50=\"COTAÇÃO\",VLOOKUP(B50,DADOS_COTACAO,2,0),VLOOKUP(B50,DADOS_COMPOSICAO,2,0))))))","v":"CONCRETO USINADO BOMBEAVEL, CLASSE DE RESISTENCIA C20, COM BRITA 0 E 1, SLUMP = 130 +/- 20 MM, EXCLUI SERVICO DE BOMBEAMENTO (NBR 8953)"},null,null,null,null,null,"SINAPI",{"$f":"IF(I50=\"SINAPI\",VLOOKUP(B50,DADOS_SINAPI,3,0),IF(I50=\"SETOP\",VLOOKUP(B50,DADOS_SETOP,3,0),IF(I50=\"SICRO\",VLOOKUP(B50,DADOS_SICRO,3,0),IF(I50=\"SUDECAP\",VLOOKUP(B50,DADOS_SUDECAP,3,0),IF(I50=\"COTAÇÃO\",VLOOKUP(B50,DADOS_COTACAO,9,0),VLOOKUP(B50,DADOS_COMPOSICAO,10,0))))))","v":"M3"},{"$f":"(0.9+1.73+0.43)*1.15/(56)","v":6.2839285714285709E-2},{"$f":"IF(I50=\"SINAPI\",VLOOKUP(B50,DADOS_SINAPI,4,0),IF(I50=\"SETOP\",VLOOKUP(B50,DADOS_SETOP,4,0),IF(I50=\"SICRO\",VLOOKUP(B50,DADOS_SICRO,4,0),IF(I50=\"SUDECAP\",VLOOKUP(B50,DADOS_SUDECAP,4,0),IF(I50=\"COTAÇÃO\",VLOOKUP(B50,DADOS_COTACAO,12,0),VLOOKUP(B50,DADOS_COMPOSICAO,13,0))))))","v":569.69000000000005},{"$f":"K50*L50","v":35.798912678571426}]
[null,"ED-48298","CORTE, DOBRA E MONTAGEM DE AÇO CA-50/60, INCLUSIVE ESPAÇADOR",null,null,null,null,null,"SETOP","Kg",{"$f":"(37.5+112.5+25.1+100.1)/(3*5+9*4+8*4+2*4)","v":3.0241758241758241},13.63,41.219516483516486]
[null,88316,"SERVENTE COM ENCARGOS COMPLEMENTARES",null,null,null,null,null,"SINAPI","H",0.998,20.92,20.878160000000001]
[null,88309,"PEDREIRO COM ENCARGOS COMPLEMENTARES",null,null,null,null,null,"SINAPI","H",0.79500000000000004,28.6,22.737000000000002]
[]
["DAC-5.4","LAJE TRELIÇADA H=12 CM - INCLUSO MONTAGEM E FORNECIMENTO DE TODOS OS MATERIAIS",null,null,null,null,null,null,"CPU","M2",null,null,{"$f":"SUM(M56:M62)","v":147.08868760000001}]
[null,"55.10.50",{"$f":"IF(I56=\"SINAPI\",VLOOKUP(B56,DADOS_SINAPI,2,0),IF(I56=\"SETOP\",VLOOKUP(B56,DADOS_SETOP,2,0),IF(I56=\"SICRO\",VLOOKUP(B56,DADOS_SICRO,2,0),IF(I56=\"SUDECAP\",VLOOKUP(B56,DADOS_SUDECAP,2,0),IF(I56=\"COTAÇÃO\",VLOOKUP(B56,DADOS_COTACAO,2,0),VLOOKUP(B56,DADOS_COMPOSICAO,2,0))))))","v":"CARPINTEIRO"},null,null,null,null,null,"SUDECAP",{"$f":"IF(I56=\"SINAPI\",VLOOKUP(B56,DADOS_SINAPI,3,0),IF(I56=\"SETOP\",VLOOKUP(B56,DADOS_SETOP,3,0),IF(I56=\"SICRO\",VLOOKUP(B56,DADOS_SICRO,3,0),IF(I56=\"SUDECAP\",VLOOKUP(B56,DADOS_SUDECAP,3,0),IF(I56=\"COTAÇÃO\",VLOOKUP(B56,DADOS_COTACAO,9,0),VLOOKUP(B56,DADOS_COMPOSICAO,10,0))))))","v":"H"},0.55881999999999998,{"$f":"IF(I56=\"SINAPI\",VLOOKUP(B56,DADOS_SINAPI,4,0),IF(I56=\"SETOP\",VLOOKUP(B56,DADOS_SETOP,4,0),IF(I56=\"SICRO\",VLOOKUP(B56,DADOS_SICRO,4,0),IF(I56=\"SUDECAP\",VLOOKUP(B56,DADOS_SUDECAP,4,0),IF(I56=\"COTAÇÃO\",VLOOKUP(B56,DADOS_COTACAO,12,0),VLOOKUP(B56,DADOS_COMPOSICAO,13,0))))))","v":21.79},{"$f":"K56*L56","v":12.1766878}]
[null,"55.10.88","SERVENTE",null,null,null,null,null,"SUDECAP","H",0.34237000000000001,15.49,5.3033112999999998]
[null,"71.01.05","TABUA DE MADEIRA APARELHADA 2,5 X 25 CM REF 3990",null,null,null,null,null,"SUDECAP","M2",0.46750000000000003,30.9,14.44575]
[null,"71.30.04","MADEIRA ROLICA D=  6 A 10 CM COMPRIMENTO 6 METROS",null,null,null,null,null,"SUDECAP","M",1.2706999999999999,13.83,17.573781]
[null,"76.08.03","LAJE PRÉ-MOLDADA TRELIÇADA, UNIDIRECIONAL, BI-APOIADA, C/TRELIÇA METÁLICA TR08 E ENCHIMENTO EM EPS, SC=300Kgf/m², VÃO ATÉ 4 METROS, SEM COLOCAÇÃO",null,null,null,null,null,"SUDECAP","M2",1,59,59]
[null,"77.05.51","PREGO DE ACO POLIDO COM CABECA 18 X 30 (2 3/4 X 10) REF 5075",null,null,null,null,null,"SUDECAP","KG",6.2309999999999997E-2,18.25,1.1371575]
[null,"ED-49639","FORNECIMENTO DE CONCRETO ESTRUTURAL, USINADO BOMBEADO, COM FCK 30MPA, INCLUSIVE LANÇAMENTO, ADENSAMENTO E ACABAMENTO",null,null,null,null,null,"SETOP","m3",0.05,749.04,37.451999999999998]
[]
["DAC-5.5","LAJE TRELIÇADA H=16 CM - INCLUSO MONTAGEM E FORNECIMENTO DE TODOS OS MATERIAIS",null,null,null,null,null,null,"CPU","M2",null,null,{"$f":"SUM(M65:M71)","v":162.08868760000001}]
[null,"55.10.50",{"$f":"IF(I65=\"SINAPI\",VLOOKUP(B65,DADOS_SINAPI,2,0),IF(I65=\"SETOP\",VLOOKUP(B65,DADOS_SETOP,2,0),IF(I65=\"SICRO\",VLOOKUP(B65,DADOS_SICRO,2,0),IF(I65=\"SUDECAP\",VLOOKUP(B65,DADOS_SUDECAP,2,0),IF(I65=\"COTAÇÃO\",VLOOKUP(B65,DADOS_COTACAO,2,0),VLOOKUP(B65,DADOS_COMPOSICAO,2,0))))))","v":"CARPINTEIRO"},null,null,null,null,null,"SUDECAP",{"$f":"IF(I65=\"SINAPI\",VLOOKUP(B65,DADOS_SINAPI,3,0),IF(I65=\"SETOP\",VLOOKUP(B65,DADOS_SETOP,3,0),IF(I65=\"SICRO\",VLOOKUP(B65,DADOS_SICRO,3,0),IF(I65=\"SUDECAP\",VLOOKUP(B65,DADOS_SUDECAP,3,0),IF(I65=\"COTAÇÃO\",VLOOKUP(B65,DADOS_COTACAO,9,0),VLOOKUP(B65,DADOS_COMPOSICAO,10,0))))))","v":"H"},0.55881999999999998,{"$f":"IF(I65=\"SINAPI\",VLOOKUP(B65,DADOS_SINAPI,4,0),IF(I65=\"SETOP\",VLOOKUP(B65,DADOS_SETOP,4,0),IF(I65=\"SICRO\",VLOOKUP(B65,DADOS_SICRO,4,0),IF(I65=\"SUDECAP\",VLOOKUP(B65,DADOS_SUDECAP,4,0),IF(I65=\"COTAÇÃO\",VLOOKUP(B65,DADOS_COTACAO,12,0),VLOOKUP(B65,DADOS_COMPOSICAO,13,0))))))","v":21.79},{"$f":"K65*L65","v":12.1766878}]
[null,"55.10.88","SERVENTE",null,null,null,null,null,"SUDECAP","H",0.34237000000000001,15.49,5.3033112999999998]
[null,"71.01.05","TABUA DE MADEIRA APARELHADA 2,5 X 25 CM REF 3990",null,null,null,null,null,"SUDECAP","M2",0.46750000000000003,30.9,14.44575]
[null,"71.30.04","MADEIRA ROLICA D=  6 A 10 CM COMPRIMENTO 6 METROS",null,null,null,null,null,"SUDECAP","M",1.2706999999999999,13.83,17.573781]
[null,"76.08.13","LAJE PRÉ-MOLDADA TRELIÇADA, UNIDIRECIONAL, BI-APOIADA, C/TRELIÇA METÁLICA TR12 E ENCHIMENTO EM EPS, SC=300Kgf/m², VÃO ATÉ 5 METROS, SEM COLOCAÇÃO",null,null,null,null,null,"SUDECAP","M2",1,74,74]
[null,"77.05.51","PREGO DE ACO POLIDO COM CABECA 18 X 30 (2 3/4 X 10) REF 5075",null,null,null,null,null,"SUDECAP","KG",6.2309999999999997E-2,18.25,1.1371575]
[null,"ED-49639","FORNECIMENTO DE CONCRETO ESTRUTURAL, USINADO BOMBEADO, COM FCK 30MPA, INCLUSIVE LANÇAMENTO, ADENSAMENTO E ACABAMENTO",null,null,null,null,null,"SETOP","m3",0.05,749.04,37.451999999999998]
[]
["DAC-5.6","LAJE TRELIÇADA H=20 CM - INCLUSO MONTAGEM E FORNECIMENTO DE TODOS OS MATERIAIS",null,null,null,null,null,null,"CPU","M2",null,null,{"$f":"SUM(M74:M80)","v":223.08868760000001}]
[null,"55.10.50",{"$f":"IF(I74=\"SINAPI\",VLOOKUP(B74,DADOS_SINAPI,2,0),IF(I74=\"SETOP\",VLOOKUP(B74,DADOS_SETOP,2,0),IF(I74=\"SICRO\",VLOOKUP(B74,DADOS_SICRO,2,0),IF(I74=\"SUDECAP\",VLOOKUP(B74,DADOS_SUDECAP,2,0),IF(I74=\"COTAÇÃO\",VLOOKUP(B74,DADOS_COTACAO,2,0),VLOOKUP(B74,DADOS_COMPOSICAO,2,0))))))","v":"CARPINTEIRO"},null,null,null,null,null,"SUDECAP",{"$f":"IF(I74=\"SINAPI\",VLOOKUP(B74,DADOS_SINAPI,3,0),IF(I74=\"SETOP\",VLOOKUP(B74,DADOS_SETOP,3,0),IF(I74=\"SICRO\",VLOOKUP(B74,DADOS_SICRO,3,0),IF(I74=\"SUDECAP\",VLOOKUP(B74,DADOS_SUDECAP,3,0),IF(I74=\"COTAÇÃO\",VLOOKUP(B74,DADOS_COTACAO,9,0),VLOOKUP(B74,DADOS_COMPOSICAO,10,0))))))","v":"H"},0.55881999999999998,{"$f":"IF(I74=\"SINAPI\",VLOOKUP(B74,DADOS_SINAPI,4,0),IF(I74=\"SETOP\",VLOOKUP(B74,DADOS_SETOP,4,0),IF(I74=\"SICRO\",VLOOKUP(B74,DADOS_SICRO,4,0),IF(I74=\"SUDECAP\",VLOOKUP(B74,DADOS_SUDECAP,4,0),IF(I74=\"COTAÇÃO\",VLOOKUP(B74,DADOS_COTACAO,12,0),VLOOKUP(B74,DADOS_COMPOSICAO,13,0))))))","v":21.79},{"$f":"K74*L74","v":12.1766878}]
[null,"55.10.88","SERVENTE",null,null,null,null,null,"SUDECAP","H",0.34237000000000001,15.49,5.3033112999999998]
[null,"71.01.05","TABUA DE MADEIRA APARELHADA 2,5 X 25 CM REF 3990",null,null,null,null,null,"SUDECAP","M2",0.46750000000000003,30.9,14.44575]
[null,"71.30.04","MADEIRA ROLICA D=  6 A 10 CM COMPRIMENTO 6 METROS",null,null,null,null,null,"SUDECAP","M",1.2706999999999999,13.83,17.573781]
[null,"76.08.23","LAJE PRÉ-MOLDADA TRELIÇADA, UNIDIRECIONAL, BI-APOIADA, C/TRELIÇA METÁLICA TR16 E ENCHIMENTO EM EPS, SC=300Kgf/m², VÃO ATÉ 6 METROS, SEM COLOCAÇÃO",null,null,null,null,null,"SUDECAP","M2",1,135,135]
[null,"77.05.51","PREGO DE ACO POLIDO COM CABECA 18 X 30 (2 3/4 X 10) REF 5075",null,null,null,null,null,"SUDECAP","KG",6.2309999999999997E-2,18.25,1.1371575]
[null,"ED-49639","FORNECIMENTO DE CONCRETO ESTRUTURAL, USINADO BOMBEADO, COM FCK 30MPA, INCLUSIVE LANÇAMENTO, ADENSAMENTO E ACABAMENTO",null,null,null,null,null,"SETOP","m3",0.05,749.04,37.451999999999998]
[]
[7,{"$f":"VLOOKUP(A82,ORC!$D$77:$N$2069,2,0)","v":"ESQUADRIAS"}]
["DAC-7.1","PORTA EM ALUMÍNIO DE CORRER COM FOLHA ÚNICA (90X210)CM COMPLETA, LINHA 25/SUPREMA, ACABAMENTO ANODIZADO NATURAL, INCLUSIVE PERFIS, VIDRO, FERRAGENS E INSTALAÇÃO",null,null,null,null,null,null,"CPU","UN",null,null,{"$f":"SUM(M84:M87)","v":1433.4036000000001}]
[null,"ED-50934",{"$f":"IF(I84=\"SINAPI\",VLOOKUP(B84,DADOS_SINAPI,2,0),IF(I84=\"SETOP\",VLOOKUP(B84,DADOS_SETOP,2,0),IF(I84=\"SICRO\",VLOOKUP(B84,DADOS_SICRO,2,0),IF(I84=\"SUDECAP\",VLOOKUP(B84,DADOS_SUDECAP,2,0),IF(I84=\"COTAÇÃO\",VLOOKUP(B84,DADOS_COTACAO,2,0),VLOOKUP(B84,DADOS_COMPOSICAO,2,0))))))","v":"ASSENTAMENTO DE PORTA METÁLICA DE AÇO OU FERRO, COM UMA (1) OU DUAS (2) FOLHAS, EXCLUSIVE FORNECIMENTO"},null,null,null,null,null,"SETOP",{"$f":"IF(I84=\"SINAPI\",VLOOKUP(B84,DADOS_SINAPI,3,0),IF(I84=\"SETOP\",VLOOKUP(B84,DADOS_SETOP,3,0),IF(I84=\"SICRO\",VLOOKUP(B84,DADOS_SICRO,3,0),IF(I84=\"SUDECAP\",VLOOKUP(B84,DADOS_SUDECAP,3,0),IF(I84=\"COTAÇÃO\",VLOOKUP(B84,DADOS_COTACAO,9,0),VLOOKUP(B84,DADOS_COMPOSICAO,10,0))))))","v":"m2"},{"$f":"K86","v":1.8900000000000001},{"$f":"IF(I84=\"SINAPI\",VLOOKUP(B84,DADOS_SINAPI,4,0),IF(I84=\"SETOP\",VLOOKUP(B84,DADOS_SETOP,4,0),IF(I84=\"SICRO\",VLOOKUP(B84,DADOS_SICRO,4,0),IF(I84=\"SUDECAP\",VLOOKUP(B84,DADOS_SUDECAP,4,0),IF(I84=\"COTAÇÃO\",VLOOKUP(B84,DADOS_COTACAO,12,0),VLOOKUP(B84,DADOS_COMPOSICAO,13,0))))))","v":79.680000000000007},{"$f":"K84*L84","v":150.59520000000003}]
[null,"ED-29454",{"$f":"IF(I85=\"SINAPI\",VLOOKUP(B85,DADOS_SINAPI,2,0),IF(I85=\"SETOP\",VLOOKUP(B85,DADOS_SETOP,2,0),IF(I85=\"SICRO\",VLOOKUP(B85,DADOS_SICRO,2,0),IF(I85=\"SUDECAP\",VLOOKUP(B85,DADOS_SUDECAP,2,0),IF(I85=\"COTAÇÃO\",VLOOKUP(B85,DADOS_COTACAO,2,0),VLOOKUP(B85,DADOS_COMPOSICAO,2,0))))))","v":"FERRAGENS PARA PORTA DE ALUMÍNIO PARA CONJUNTO DE DUAS (2) FOLHAS DE CORRER, INCLUSIVE ROLDANAS E ACESSÓRIOS, FORNECIMENTO E INSTALAÇÃO, EXCLUSIVE PORTA"},null,null,null,null,null,"SETOP",{"$f":"IF(I85=\"SINAPI\",VLOOKUP(B85,DADOS_SINAPI,3,0),IF(I85=\"SETOP\",VLOOKUP(B85,DADOS_SETOP,3,0),IF(I85=\"SICRO\",VLOOKUP(B85,DADOS_SICRO,3,0),IF(I85=\"SUDECAP\",VLOOKUP(B85,DADOS_SUDECAP,3,0),IF(I85=\"COTAÇÃO\",VLOOKUP(B85,DADOS_COTACAO,9,0),VLOOKUP(B85,DADOS_COMPOSICAO,10,0))))))","v":"un"},1,{"$f":"IF(I85=\"SINAPI\",VLOOKUP(B85,DADOS_SINAPI,4,0),IF(I85=\"SETOP\",VLOOKUP(B85,DADOS_SETOP,4,0),IF(I85=\"SICRO\",VLOOKUP(B85,DADOS_SICRO,4,0),IF(I85=\"SUDECAP\",VLOOKUP(B85,DADOS_SUDECAP,4,0),IF(I85=\"COTAÇÃO\",VLOOKUP(B85,DADOS_COTACAO,12,0),VLOOKUP(B85,DADOS_COMPOSICAO,13,0))))))","v":166.65},166.65]
[null,4922,{"$f":"IF(I86=\"SINAPI\",VLOOKUP(B86,DADOS_SINAPI,2,0),IF(I86=\"SETOP\",VLOOKUP(B86,DADOS_SETOP,2,0),IF(I86=\"SICRO\",VLOOKUP(B86,DADOS_SICRO,2,0),IF(I86=\"SUDECAP\",VLOOKUP(B86,DADOS_SUDECAP,2,0),IF(I86=\"COTAÇÃO\",VLOOKUP(B86,DADOS_COTACAO,2,0),VLOOKUP(B86,DADOS_COMPOSICAO,2,0))))))","v":"PORTA DE CORRER EM ALUMINIO, DUAS FOLHAS MOVEIS COM VIDRO, FECHADURA E PUXADOR EMBUTIDO, ACABAMENTO ANODIZADO NATURAL, SEM GUARNICAO/ALIZAR/VISTA"},null,null,null,null,null,"SINAPI",{"$f":"IF(I86=\"SINAPI\",VLOOKUP(B86,DADOS_SINAPI,3,0),IF(I86=\"SETOP\",VLOOKUP(B86,DADOS_SETOP,3,0),IF(I86=\"SICRO\",VLOOKUP(B86,DADOS_SICRO,3,0),IF(I86=\"SUDECAP\",VLOOKUP(B86,DADOS_SUDECAP,3,0),IF(I86=\"COTAÇÃO\",VLOOKUP(B86,DADOS_COTACAO,9,0),VLOOKUP(B86,DADOS_COMPOSICAO,10,0))))))","v":"M2"},{"$f":"0.9*2.1","v":1.8900000000000001},{"$f":"IF(I86=\"SINAPI\",VLOOKUP(B86,DADOS_SINAPI,4,0),IF(I86=\"SETOP\",VLOOKUP(B86,DADOS_SETOP,4,0),IF(I86=\"SICRO\",VLOOKUP(B86,DADOS_SICRO,4,0),IF(I86=\"SUDECAP\",VLOOKUP(B86,DADOS_SUDECAP,4,0),IF(I86=\"COTAÇÃO\",VLOOKUP(B86,DADOS_COTACAO,12,0),VLOOKUP(B86,DADOS_COMPOSICAO,13,0))))))","v":400.36},{"$f":"K86*L86","v":756.68040000000008}]
[null,"ED-51156",{"$f":"IF(I87=\"SINAPI\",VLOOKUP(B87,DADOS_SINAPI,2,0),IF(I87=\"SETOP\",VLOOKUP(B87,DADOS_SETOP,2,0),IF(I87=\"SICRO\",VLOOKUP(B87,DADOS_SICRO,2,0),IF(I87=\"SUDECAP\",VLOOKUP(B87,DADOS_SUDECAP,2,0),IF(I87=\"COTAÇÃO\",VLOOKUP(B87,DADOS_COTACAO,2,0),VLOOKUP(B87,DADOS_COMPOSICAO,2,0))))))","v":"VIDRO COMUM TRANSPARENTE INCOLOR, ESP. 4MM, INCLUSIVE FIXAÇÃO E VEDAÇÃO COM GUARNIÇÃO/GAXETA DE BORRACHA NEOPRENE, FORNECIMENTO E INSTALAÇÃO, EXCLUSIVE CAIXILHO/PERFIL"},null,null,null,null,null,"SETOP",{"$f":"IF(I87=\"SINAPI\",VLOOKUP(B87,DADOS_SINAPI,3,0),IF(I87=\"SETOP\",VLOOKUP(B87,DADOS_SETOP,3,0),IF(I87=\"SICRO\",VLOOKUP(B87,DADOS_SICRO,3,0),IF(I87=\"SUDECAP\",VLOOKUP(B87,DADOS_SUDECAP,3,0),IF(I87=\"COTAÇÃO\",VLOOKUP(B87,DADOS_COTACAO,9,0),VLOOKUP(B87,DADOS_COMPOSICAO,10,0))))))","v":"m2"},{"$f":"0.9*2.1","v":1.8900000000000001},{"$f":"IF(I87=\"SINAPI\",VLOOKUP(B87,DADOS_SINAPI,4,0),IF(I87=\"SETOP\",VLOOKUP(B87,DADOS_SETOP,4,0),IF(I87=\"SICRO\",VLOOKUP(B87,DADOS_SICRO,4,0),IF(I87=\"SUDECAP\",VLOOKUP(B87,DADOS_SUDECAP,4,0),IF(I87=\"COTAÇÃO\",VLOOKUP(B87,DADOS_COTACAO,12,0),VLOOKUP(B87,DADOS_COMPOSICAO,13,0))))))","v":190.2},359.47800000000001]
[]
["DAC-7.2","JANELA AÇO DE ENROLAR, INCLUSIVE EIXO, MOLA, SOLEIRA, ETIQUETA, CAVALETE E GUIAS, FITAS E FECHADURAS LATERAIS ",null,null,null,null,null,null,"CPU","UN",null,null,{"$f":"SUM(M90:M94)","v":655.71873657600008}]
[null,"MATED-9724","GRAXA LUBRIFICANTE (BASE : CÁLCIO)",null,null,null,null,null,"SETOP","kg",7.0000000000000007E-2,40.06,{"$f":"K90*L90","v":2.8042000000000002}]
[null,"MATED-12673","PORTA AÇO DE ENROLAR, INCLUSIVE EIXO, MOLA, SOLEIRA, ETIQUETA, CAVALETE E GUIAS, FITAS E FECHADURAS LATERAIS ( TIPO DE LÂMINA: RAIADA LARGA|CHAPA: 24|LARGURA ÚTIL: 100MM|ACIONAMENTO: MANUAL|QUANTIDADE DE FECHADURA COM TRAVA LATERAL E TETRA CHAVE: 2)",null,null,null,null,null,"SETOP","m2",{"$f":"1.2*1.2","v":1.44},407.69,587.07359999999994]
[null,"ED-48307",{"$f":"IF(I92=\"SINAPI\",VLOOKUP(B92,DADOS_SINAPI,2,0),IF(I92=\"SETOP\",VLOOKUP(B92,DADOS_SETOP,2,0),IF(I92=\"SICRO\",VLOOKUP(B92,DADOS_SICRO,2,0),IF(I92=\"SUDECAP\",VLOOKUP(B92,DADOS_SUDECAP,2,0),IF(I92=\"COTAÇÃO\",VLOOKUP(B92,DADOS_COTACAO,2,0),VLOOKUP(B92,DADOS_COMPOSICAO,2,0))))))","v":"ARGAMASSA, TRAÇO 1:2:8 (CIMENTO, CAL E AREIA), COM PREPARO MECANIZADO"},null,null,null,null,null,"SETOP",{"$f":"IF(I92=\"SINAPI\",VLOOKUP(B92,DADOS_SINAPI,3,0),IF(I92=\"SETOP\",VLOOKUP(B92,DADOS_SETOP,3,0),IF(I92=\"SICRO\",VLOOKUP(B92,DADOS_SICRO,3,0),IF(I92=\"SUDECAP\",VLOOKUP(B92,DADOS_SUDECAP,3,0),IF(I92=\"COTAÇÃO\",VLOOKUP(B92,DADOS_COTACAO,9,0),VLOOKUP(B92,DADOS_COMPOSICAO,10,0))))))","v":"m3"},2.5164800000000001E-2,{"$f":"IF(I92=\"SINAPI\",VLOOKUP(B92,DADOS_SINAPI,4,0),IF(I92=\"SETOP\",VLOOKUP(B92,DADOS_SETOP,4,0),IF(I92=\"SICRO\",VLOOKUP(B92,DADOS_SICRO,4,0),IF(I92=\"SUDECAP\",VLOOKUP(B92,DADOS_SUDECAP,4,0),IF(I92=\"COTAÇÃO\",VLOOKUP(B92,DADOS_COTACAO,12,0),VLOOKUP(B92,DADOS_COMPOSICAO,13,0))))))","v":647.37},16.290936576]
[null,"ED-50381",{"$f":"IF(I93=\"SINAPI\",VLOOKUP(B93,DADOS_SINAPI,2,0),IF(I93=\"SETOP\",VLOOKUP(B93,DADOS_SETOP,2,0),IF(I93=\"SICRO\",VLOOKUP(B93,DADOS_SICRO,2,0),IF(I93=\"SUDECAP\",VLOOKUP(B93,DADOS_SUDECAP,2,0),IF(I93=\"COTAÇÃO\",VLOOKUP(B93,DADOS_COTACAO,2,0),VLOOKUP(B93,DADOS_COMPOSICAO,2,0))))))","v":"PEDREIRO COM ENCARGOS COMPLEMENTARES"},null,null,null,null,null,"SETOP",{"$f":"IF(I93=\"SINAPI\",VLOOKUP(B93,DADOS_SINAPI,3,0),IF(I93=\"SETOP\",VLOOKUP(B93,DADOS_SETOP,3,0),IF(I93=\"SICRO\",VLOOKUP(B93,DADOS_SICRO,3,0),IF(I93=\"SUDECAP\",VLOOKUP(B93,DADOS_SUDECAP,3,0),IF(I93=\"COTAÇÃO\",VLOOKUP(B93,DADOS_COTACAO,9,0),VLOOKUP(B93,DADOS_COMPOSICAO,10,0))))))","v":"hora"},1,{"$f":"IF(I93=\"SINAPI\",VLOOKUP(B93,DADOS_SINAPI,4,0),IF(I93=\"SETOP\",VLOOKUP(B93,DADOS_SETOP,4,0),IF(I93=\"SICRO\",VLOOKUP(B93,DADOS_SICRO,4,0),IF(I93=\"SUDECAP\",VLOOKUP(B93,DADOS_SUDECAP,4,0),IF(I93=\"COTAÇÃO\",VLOOKUP(B93,DADOS_COTACAO,12,0),VLOOKUP(B93,DADOS_COMPOSICAO,13,0))))))","v":28.61},28.61]
[null,"ED-50367",{"$f":"IF(I94=\"SINAPI\",VLOOKUP(B94,DADOS_SINAPI,2,0),IF(I94=\"SETOP\",VLOOKUP(B94,DADOS_SETOP,2,0),IF(I94=\"SICRO\",VLOOKUP(B94,DADOS_SICRO,2,0),IF(I94=\"SUDECAP\",VLOOKUP(B94,DADOS_SUDECAP,2,0),IF(I94=\"COTAÇÃO\",VLOOKUP(B94,DADOS_COTACAO,2,0),VLOOKUP(B94,DADOS_COMPOSICAO,2,0))))))","v":"SERVENTE COM ENCARGOS COMPLEMENTARES"},null,null,null,null,null,"SETOP",{"$f":"IF(I94=\"SINAPI\",VLOOKUP(B94,DADOS_SINAPI,3,0),IF(I94=\"SETOP\",VLOOKUP(B94,DADOS_SETOP,3,0),IF(I94=\"SICRO\",VLOOKUP(B94,DADOS_SICRO,3,0),IF(I94=\"SUDECAP\",VLOOKUP(B94,DADOS_SUDECAP,3,0),IF(I94=\"COTAÇÃO\",VLOOKUP(B94,DADOS_COTACAO,9,0),VLOOKUP(B94,DADOS_COMPOSICAO,10,0))))))","v":"hora"},1,{"$f":"IF(I94=\"SINAPI\",VLOOKUP(B94,DADOS_SINAPI,4,0),IF(I94=\"SETOP\",VLOOKUP(B94,DADOS_SETOP,4,0),IF(I94=\"SICRO\",VLOOKUP(B94,DADOS_SICRO,4,0),IF(I94=\"SUDECAP\",VLOOKUP(B94,DADOS_SUDECAP,4,0),IF(I94=\"COTAÇÃO\",VLOOKUP(B94,DADOS_COTACAO,12,0),VLOOKUP(B94,DADOS_COMPOSICAO,13,0))))))","v":20.94},{"$f":"K94*L94","v":20.94}]
[]
["DAC-7.3","PORTA EM ALUMÍNIO DE ABRIR TIPO VENEZIANA, FIXAÇÃO COM PARAFUSOS - FORNECIMENTO E INSTALAÇÃO.",null,null,null,null,null,null,"CPU","M2",null,null,{"$f":"SUM(M97:M101)","v":479.20280500000001}]
[null,88309,{"$f":"IF(I97=\"SINAPI\",VLOOKUP(B97,DADOS_SINAPI,2,0),IF(I97=\"SETOP\",VLOOKUP(B97,DADOS_SETOP,2,0),IF(I97=\"SICRO\",VLOOKUP(B97,DADOS_SICRO,2,0),IF(I97=\"SUDECAP\",VLOOKUP(B97,DADOS_SUDECAP,2,0),IF(I97=\"COTAÇÃO\",VLOOKUP(B97,DADOS_COTACAO,2,0),VLOOKUP(B97,DADOS_COMPOSICAO,2,0))))))","v":"PEDREIRO COM ENCARGOS COMPLEMENTARES"},null,null,null,null,null,"SINAPI",{"$f":"IF(I97=\"SINAPI\",VLOOKUP(B97,DADOS_SINAPI,3,0),IF(I97=\"SETOP\",VLOOKUP(B97,DADOS_SETOP,3,0),IF(I97=\"SICRO\",VLOOKUP(B97,DADOS_SICRO,3,0),IF(I97=\"SUDECAP\",VLOOKUP(B97,DADOS_SUDECAP,3,0),IF(I97=\"COTAÇÃO\",VLOOKUP(B97,DADOS_COTACAO,9,0),VLOOKUP(B97,DADOS_COMPOSICAO,10,0))))))","v":"H"},0.3826,{"$f":"IF(I97=\"SINAPI\",VLOOKUP(B97,DADOS_SINAPI,4,0),IF(I97=\"SETOP\",VLOOKUP(B97,DADOS_SETOP,4,0),IF(I97=\"SICRO\",VLOOKUP(B97,DADOS_SICRO,4,0),IF(I97=\"SUDECAP\",VLOOKUP(B97,DADOS_SUDECAP,4,0),IF(I97=\"COTAÇÃO\",VLOOKUP(B97,DADOS_COTACAO,12,0),VLOOKUP(B97,DADOS_COMPOSICAO,13,0))))))","v":28.6},{"$f":"K97*L97","v":10.942360000000001}]
[null,88316,{"$f":"IF(I98=\"SINAPI\",VLOOKUP(B98,DADOS_SINAPI,2,0),IF(I98=\"SETOP\",VLOOKUP(B98,DADOS_SETOP,2,0),IF(I98=\"SICRO\",VLOOKUP(B98,DADOS_SICRO,2,0),IF(I98=\"SUDECAP\",VLOOKUP(B98,DADOS_SUDECAP,2,0),IF(I98=\"COTAÇÃO\",VLOOKUP(B98,DADOS_COTACAO,2,0),VLOOKUP(B98,DADOS_COMPOSICAO,2,0))))))","v":"SERVENTE COM ENCARGOS COMPLEMENTARES"},null,null,null,null,null,"SINAPI",{"$f":"IF(I98=\"SINAPI\",VLOOKUP(B98,DADOS_SINAPI,3,0),IF(I98=\"SETOP\",VLOOKUP(B98,DADOS_SETOP,3,0),IF(I98=\"SICRO\",VLOOKUP(B98,DADOS_SICRO,3,0),IF(I98=\"SUDECAP\",VLOOKUP(B98,DADOS_SUDECAP,3,0),IF(I98=\"COTAÇÃO\",VLOOKUP(B98,DADOS_COTACAO,9,0),VLOOKUP(B98,DADOS_COMPOSICAO,10,0))))))","v":"H"},0.191,{"$f":"IF(I98=\"SINAPI\",VLOOKUP(B98,DADOS_SINAPI,4,0),IF(I98=\"SETOP\",VLOOKUP(B98,DADOS_SETOP,4,0),IF(I98=\"SICRO\",VLOOKUP(B98,DADOS_SICRO,4,0),IF(I98=\"SUDECAP\",VLOOKUP(B98,DADOS_SUDECAP,4,0),IF(I98=\"COTAÇÃO\",VLOOKUP(B98,DADOS_COTACAO,12,0),VLOOKUP(B98,DADOS_COMPOSICAO,13,0))))))","v":20.92},3.9957200000000004]
[null,7568,{"$f":"IF(I99=\"SINAPI\",VLOOKUP(B99,DADOS_SINAPI,2,0),IF(I99=\"SETOP\",VLOOKUP(B99,DADOS_SETOP,2,0),IF(I99=\"SICRO\",VLOOKUP(B99,DADOS_SICRO,2,0),IF(I99=\"SUDECAP\",VLOOKUP(B99,DADOS_SUDECAP,2,0),IF(I99=\"COTAÇÃO\",VLOOKUP(B99,DADOS_COTACAO,2,0),VLOOKUP(B99,DADOS_COMPOSICAO,2,0))))))","v":"BUCHA DE NYLON SEM ABA S10, COM PARAFUSO DE 6,10 X 65 MM EM ACO ZINCADO COM ROSCA SOBERBA, CABECA CHATA E FENDA PHILLIPS"},null,null,null,null,null,"SINAPI",{"$f":"IF(I99=\"SINAPI\",VLOOKUP(B99,DADOS_SINAPI,3,0),IF(I99=\"SETOP\",VLOOKUP(B99,DADOS_SETOP,3,0),IF(I99=\"SICRO\",VLOOKUP(B99,DADOS_SICRO,3,0),IF(I99=\"SUDECAP\",VLOOKUP(B99,DADOS_SUDECAP,3,0),IF(I99=\"COTAÇÃO\",VLOOKUP(B99,DADOS_COTACAO,9,0),VLOOKUP(B99,DADOS_COMPOSICAO,10,0))))))","v":"UN"},4.8166000000000002,{"$f":"IF(I99=\"SINAPI\",VLOOKUP(B99,DADOS_SINAPI,4,0),IF(I99=\"SETOP\",VLOOKUP(B99,DADOS_SETOP,4,0),IF(I99=\"SICRO\",VLOOKUP(B99,DADOS_SICRO,4,0),IF(I99=\"SUDECAP\",VLOOKUP(B99,DADOS_SUDECAP,4,0),IF(I99=\"COTAÇÃO\",VLOOKUP(B99,DADOS_COTACAO,12,0),VLOOKUP(B99,DADOS_COMPOSICAO,13,0))))))","v":0.92},4.4312720000000008]
[null,39025,{"$f":"IF(I100=\"SINAPI\",VLOOKUP(B100,DADOS_SINAPI,2,0),IF(I100=\"SETOP\",VLOOKUP(B100,DADOS_SETOP,2,0),IF(I100=\"SICRO\",VLOOKUP(B100,DADOS_SICRO,2,0),IF(I100=\"SUDECAP\",VLOOKUP(B100,DADOS_SUDECAP,2,0),IF(I100=\"COTAÇÃO\",VLOOKUP(B100,DADOS_COTACAO,2,0),VLOOKUP(B100,DADOS_COMPOSICAO,2,0))))))","v":"PORTA DE ABRIR, TIPO VENEZIANA, EM ALUMINIO, ACABAMENTO ANODIZADO NATURAL, 90 CM X 210 CM (LARGURA X ALTURA), SEM GUARNICAO/ALIZAR/VISTA"},null,null,null,null,null,"SINAPI",{"$f":"IF(I100=\"SINAPI\",VLOOKUP(B100,DADOS_SINAPI,3,0),IF(I100=\"SETOP\",VLOOKUP(B100,DADOS_SETOP,3,0),IF(I100=\"SICRO\",VLOOKUP(B100,DADOS_SICRO,3,0),IF(I100=\"SUDECAP\",VLOOKUP(B100,DADOS_SUDECAP,3,0),IF(I100=\"COTAÇÃO\",VLOOKUP(B100,DADOS_COTACAO,9,0),VLOOKUP(B100,DADOS_COMPOSICAO,10,0))))))","v":"UN"},0.54730000000000001,{"$f":"IF(I100=\"SINAPI\",VLOOKUP(B100,DADOS_SINAPI,4,0),IF(I100=\"SETOP\",VLOOKUP(B100,DADOS_SETOP,4,0),IF(I100=\"SICRO\",VLOOKUP(B100,DADOS_SICRO,4,0),IF(I100=\"SUDECAP\",VLOOKUP(B100,DADOS_SUDECAP,4,0),IF(I100=\"COTAÇÃO\",VLOOKUP(B100,DADOS_COTACAO,12,0),VLOOKUP(B100,DADOS_COMPOSICAO,13,0))))))","v":790.37},432.569501]
[null,142,{"$f":"IF(I101=\"SINAPI\",VLOOKUP(B101,DADOS_SINAPI,2,0),IF(I101=\"SETOP\",VLOOKUP(B101,DADOS_SETOP,2,0),IF(I101=\"SICRO\",VLOOKUP(B101,DADOS_SICRO,2,0),IF(I101=\"SUDECAP\",VLOOKUP(B101,DADOS_SUDECAP,2,0),IF(I101=\"COTAÇÃO\",VLOOKUP(B101,DADOS_COTACAO,2,0),VLOOKUP(B101,DADOS_COMPOSICAO,2,0))))))","v":"SELANTE ELASTICO MONOCOMPONENTE A BASE DE POLIURETANO (PU) PARA JUNTAS DIVERSAS"},null,null,null,null,null,"SINAPI",{"$f":"IF(I101=\"SINAPI\",VLOOKUP(B101,DADOS_SINAPI,3,0),IF(I101=\"SETOP\",VLOOKUP(B101,DADOS_SETOP,3,0),IF(I101=\"SICRO\",VLOOKUP(B101,DADOS_SICRO,3,0),IF(I101=\"SUDECAP\",VLOOKUP(B101,DADOS_SUDECAP,3,0),IF(I101=\"COTAÇÃO\",VLOOKUP(B101,DADOS_COTACAO,9,0),VLOOKUP(B101,DADOS_COMPOSICAO,10,0))))))","v":"310ML"},0.88290000000000002,{"$f":"IF(I101=\"SINAPI\",VLOOKUP(B101,DADOS_SINAPI,4,0),IF(I101=\"SETOP\",VLOOKUP(B101,DADOS_SETOP,4,0),IF(I101=\"SICRO\",VLOOKUP(B101,DADOS_SICRO,4,0),IF(I101=\"SUDECAP\",VLOOKUP(B101,DADOS_SUDECAP,4,0),IF(I101=\"COTAÇÃO\",VLOOKUP(B101,DADOS_COTACAO,12,0),VLOOKUP(B101,DADOS_COMPOSICAO,13,0))))))","v":30.88},{"$f":"K101*L101","v":27.263952}]
[]
[9,{"$f":"VLOOKUP(A103,ORC!$D$77:$N$2069,2,0)","v":"REVESTIMENTOS INTERNOS E EXTERNOS"}]
["DAC-9.1","APLICAÇÃO DE RESINA SINTÉTICA PARA APLICAÇÃO DE GESSO",null,null,null,null,null,null,"CPU","M2",null,null,{"$f":"SUM(M105:M107)","v":8.272000000000002}]
[null,88316,{"$f":"IF(I105=\"SINAPI\",VLOOKUP(B105,DADOS_SINAPI,2,0),IF(I105=\"SETOP\",VLOOKUP(B105,DADOS_SETOP,2,0),IF(I105=\"SICRO\",VLOOKUP(B105,DADOS_SICRO,2,0),IF(I105=\"SUDECAP\",VLOOKUP(B105,DADOS_SUDECAP,2,0),IF(I105=\"COTAÇÃO\",VLOOKUP(B105,DADOS_COTACAO,2,0),VLOOKUP(B105,DADOS_COMPOSICAO,2,0))))))","v":"SERVENTE COM ENCARGOS COMPLEMENTARES"},null,null,null,null,null,"SINAPI",{"$f":"IF(I105=\"SINAPI\",VLOOKUP(B105,DADOS_SINAPI,3,0),IF(I105=\"SETOP\",VLOOKUP(B105,DADOS_SETOP,3,0),IF(I105=\"SICRO\",VLOOKUP(B105,DADOS_SICRO,3,0),IF(I105=\"SUDECAP\",VLOOKUP(B105,DADOS_SUDECAP,3,0),IF(I105=\"COTAÇÃO\",VLOOKUP(B105,DADOS_COTACAO,9,0),VLOOKUP(B105,DADOS_COMPOSICAO,10,0))))))","v":"H"},0.25,{"$f":"IF(I105=\"SINAPI\",VLOOKUP(B105,DADOS_SINAPI,4,0),IF(I105=\"SETOP\",VLOOKUP(B105,DADOS_SETOP,4,0),IF(I105=\"SICRO\",VLOOKUP(B105,DADOS_SICRO,4,0),IF(I105=\"SUDECAP\",VLOOKUP(B105,DADOS_SUDECAP,4,0),IF(I105=\"COTAÇÃO\",VLOOKUP(B105,DADOS_COTACAO,12,0),VLOOKUP(B105,DADOS_COMPOSICAO,13,0))))))","v":20.92},{"$f":"K105*L105","v":5.23}]
[null,7334,{"$f":"IF(I106=\"SINAPI\",VLOOKUP(B106,DADOS_SINAPI,2,0),IF(I106=\"SETOP\",VLOOKUP(B106,DADOS_SETOP,2,0),IF(I106=\"SICRO\",VLOOKUP(B106,DADOS_SICRO,2,0),IF(I106=\"SUDECAP\",VLOOKUP(B106,DADOS_SUDECAP,2,0),IF(I106=\"COTAÇÃO\",VLOOKUP(B106,DADOS_COTACAO,2,0),VLOOKUP(B106,DADOS_COMPOSICAO,2,0))))))","v":"ADITIVO ADESIVO LIQUIDO PARA ARGAMASSAS DE REVESTIMENTOS CIMENTICIOS"},null,null,null,null,null,"SINAPI",{"$f":"IF(I106=\"SINAPI\",VLOOKUP(B106,DADOS_SINAPI,3,0),IF(I106=\"SETOP\",VLOOKUP(B106,DADOS_SETOP,3,0),IF(I106=\"SICRO\",VLOOKUP(B106,DADOS_SICRO,3,0),IF(I106=\"SUDECAP\",VLOOKUP(B106,DADOS_SUDECAP,3,0),IF(I106=\"COTAÇÃO\",VLOOKUP(B106,DADOS_COTACAO,9,0),VLOOKUP(B106,DADOS_COMPOSICAO,10,0))))))","v":"L"},0.2,{"$f":"IF(I106=\"SINAPI\",VLOOKUP(B106,DADOS_SINAPI,4,0),IF(I106=\"SETOP\",VLOOKUP(B106,DADOS_SETOP,4,0),IF(I106=\"SICRO\",VLOOKUP(B106,DADOS_SICRO,4,0),IF(I106=\"SUDECAP\",VLOOKUP(B106,DADOS_SUDECAP,4,0),IF(I106=\"COTAÇÃO\",VLOOKUP(B106,DADOS_COTACAO,12,0),VLOOKUP(B106,DADOS_COMPOSICAO,13,0))))))","v":14.51},2.9020000000000001]
[null,1381,{"$f":"IF(I107=\"SINAPI\",VLOOKUP(B107,DADOS_SINAPI,2,0),IF(I107=\"SETOP\",VLOOKUP(B107,DADOS_SETOP,2,0),IF(I107=\"SICRO\",VLOOKUP(B107,DADOS_SICRO,2,0),IF(I107=\"SUDECAP\",VLOOKUP(B107,DADOS_SUDECAP,2,0),IF(I107=\"COTAÇÃO\",VLOOKUP(B107,DADOS_COTACAO,2,0),VLOOKUP(B107,DADOS_COMPOSICAO,2,0))))))","v":"ARGAMASSA COLANTE AC I PARA CERAMICAS"},null,null,null,null,null,"SINAPI",{"$f":"IF(I107=\"SINAPI\",VLOOKUP(B107,DADOS_SINAPI,3,0),IF(I107=\"SETOP\",VLOOKUP(B107,DADOS_SETOP,3,0),IF(I107=\"SICRO\",VLOOKUP(B107,DADOS_SICRO,3,0),IF(I107=\"SUDECAP\",VLOOKUP(B107,DADOS_SUDECAP,3,0),IF(I107=\"COTAÇÃO\",VLOOKUP(B107,DADOS_COTACAO,9,0),VLOOKUP(B107,DADOS_COMPOSICAO,10,0))))))","v":"KG"},0.2,{"$f":"IF(I107=\"SINAPI\",VLOOKUP(B107,DADOS_SINAPI,4,0),IF(I107=\"SETOP\",VLOOKUP(B107,DADOS_SETOP,4,0),IF(I107=\"SICRO\",VLOOKUP(B107,DADOS_SICRO,4,0),IF(I107=\"SUDECAP\",VLOOKUP(B107,DADOS_SUDECAP,4,0),IF(I107=\"COTAÇÃO\",VLOOKUP(B107,DADOS_COTACAO,12,0),VLOOKUP(B107,DADOS_COMPOSICAO,13,0))))))","v":0.7},0.13999999999999999]
[]
[10,{"$f":"VLOOKUP(A109,ORC!$D$77:$N$2069,2,0)","v":"SISTEMA DE PISOS"}]
["DAC-10.1","EXECUÇÃO DE PASSEIO (CALÇADA) OU PISO DE CONCRETO COM CONCRETO MOLDADO IN LOCO, USINADO, ACABAMENTO CONVENCIONAL, ESPESSURA 10 CM, ARMADO",null,null,null,null,null,null,"CPU","M2",null,null,{"$f":"SUM(M111:XFD118)","v":125.25454000000001}]
[null,88262,{"$f":"IF(I111=\"SINAPI\",VLOOKUP(B111,DADOS_SINAPI,2,0),IF(I111=\"SETOP\",VLOOKUP(B111,DADOS_SETOP,2,0),IF(I111=\"SICRO\",VLOOKUP(B111,DADOS_SICRO,2,0),IF(I111=\"SUDECAP\",VLOOKUP(B111,DADOS_SUDECAP,2,0),IF(I111=\"COTAÇÃO\",VLOOKUP(B111,DADOS_COTACAO,2,0),VLOOKUP(B111,DADOS_COMPOSICAO,2,0))))))","v":"CARPINTEIRO DE FORMAS COM ENCARGOS COMPLEMENTARES"},null,null,null,null,null,"SINAPI",{"$f":"IF(I111=\"SINAPI\",VLOOKUP(B111,DADOS_SINAPI,3,0),IF(I111=\"SETOP\",VLOOKUP(B111,DADOS_SETOP,3,0),IF(I111=\"SICRO\",VLOOKUP(B111,DADOS_SICRO,3,0),IF(I111=\"SUDECAP\",VLOOKUP(B111,DADOS_SUDECAP,3,0),IF(I111=\"COTAÇÃO\",VLOOKUP(B111,DADOS_COTACAO,9,0),VLOOKUP(B111,DADOS_COMPOSICAO,10,0))))))","v":"H"},0.22559999999999999,{"$f":"IF(I111=\"SINAPI\",VLOOKUP(B111,DADOS_SINAPI,4,0),IF(I111=\"SETOP\",VLOOKUP(B111,DADOS_SETOP,4,0),IF(I111=\"SICRO\",VLOOKUP(B111,DADOS_SICRO,4,0),IF(I111=\"SUDECAP\",VLOOKUP(B111,DADOS_SUDECAP,4,0),IF(I111=\"COTAÇÃO\",VLOOKUP(B111,DADOS_COTACAO,12,0),VLOOKUP(B111,DADOS_COMPOSICAO,13,0))))))","v":28.17},{"$f":"K111*L111","v":6.3551520000000004}]
[null,88309,"PEDREIRO COM ENCARGOS COMPLEMENTARES",null,null,null,null,null,"SINAPI","H",0.15939999999999999,28.6,4.55884]
[null,88316,"SERVENTE COM ENCARGOS COMPLEMENTARES",null,null,null,null,null,"SINAPI","H",0.38500000000000001,20.92,{"$f":"K113*L113","v":8.0542000000000016}]
[null,3777,"LONA PLASTICA PESADA PRETA, E = 150 MICRA",null,null,null,null,null,"SINAPI","M2",1.1279999999999999,1.48,1.6694399999999998]
[null,4460,"SARRAFO NAO APARELHADO *2,5 X 10* CM, EM MACARANDUBA/MASSARANDUBA, ANGELIM OU EQUIVALENTE DA REGIAO - BRUTA",null,null,null,null,null,"SINAPI","M",0.25,12.69,3.1724999999999999]
[null,4517,"SARRAFO *2,5 X 7,5* CM EM PINUS, MISTA OU EQUIVALENTE DA REGIAO - BRUTA",null,null,null,null,null,"SINAPI","M",0.2,2.93,{"$f":"K116*L116","v":0.58600000000000008}]
[null,7156,{"$f":"IF(I117=\"SINAPI\",VLOOKUP(B117,DADOS_SINAPI,2,0),IF(I117=\"SETOP\",VLOOKUP(B117,DADOS_SETOP,2,0),IF(I117=\"SICRO\",VLOOKUP(B117,DADOS_SICRO,2,0),IF(I117=\"SUDECAP\",VLOOKUP(B117,DADOS_SUDECAP,2,0),IF(I117=\"COTAÇÃO\",VLOOKUP(B117,DADOS_COTACAO,2,0),VLOOKUP(B117,DADOS_COMPOSICAO,2,0))))))","v":"TELA DE ACO SOLDADA NERVURADA, CA-60, Q-196, (3,11 KG/M2), DIAMETRO DO FIO = 5,0 MM, LARGURA = 2,45 M, ESPACAMENTO DA MALHA = 10 X 10 CM"},null,null,null,null,null,"SINAPI",{"$f":"IF(I117=\"SINAPI\",VLOOKUP(B117,DADOS_SINAPI,3,0),IF(I117=\"SETOP\",VLOOKUP(B117,DADOS_SETOP,3,0),IF(I117=\"SICRO\",VLOOKUP(B117,DADOS_SICRO,3,0),IF(I117=\"SUDECAP\",VLOOKUP(B117,DADOS_SUDECAP,3,0),IF(I117=\"COTAÇÃO\",VLOOKUP(B117,DADOS_COTACAO,9,0),VLOOKUP(B117,DADOS_COMPOSICAO,10,0))))))","v":"M2"},1.1224000000000001,{"$f":"IF(I117=\"SINAPI\",VLOOKUP(B117,DADOS_SINAPI,4,0),IF(I117=\"SETOP\",VLOOKUP(B117,DADOS_SETOP,4,0),IF(I117=\"SICRO\",VLOOKUP(B117,DADOS_SICRO,4,0),IF(I117=\"SUDECAP\",VLOOKUP(B117,DADOS_SUDECAP,4,0),IF(I117=\"COTAÇÃO\",VLOOKUP(B117,DADOS_COTACAO,12,0),VLOOKUP(B117,DADOS_COMPOSICAO,13,0))))))","v":30.42},34.143408000000001]
[null,34492,"CONCRETO USINADO BOMBEAVEL, CLASSE DE RESISTENCIA C20, COM BRITA 0 E 1, SLUMP = 100 +/- 20 MM, EXCLUI SERVICO DE BOMBEAMENTO (NBR 8953)",null,null,null,null,null,"SINAPI","M3",0.12130000000000001,550,{"$f":"K118*L118","v":66.715000000000003}]
[]
["DAC-10.2","RODAPÉ COM REVESTIMENTO EM PORCELANATO 60X60 COM BORDA RETIFICADA E ACABAMENTO POLIDO, ALTURA 10CM",null,null,null,null,null,null,"CPU","M",null,null,{"$f":"SUM(M121:XFD125)","v":13.464047900000001}]
[null,88256,{"$f":"IF(I121=\"SINAPI\",VLOOKUP(B121,DADOS_SINAPI,2,0),IF(I121=\"SETOP\",VLOOKUP(B121,DADOS_SETOP,2,0),IF(I121=\"SICRO\",VLOOKUP(B121,DADOS_SICRO,2,0),IF(I121=\"SUDECAP\",VLOOKUP(B121,DADOS_SUDECAP,2,0),IF(I121=\"COTAÇÃO\",VLOOKUP(B121,DADOS_COTACAO,2,0),VLOOKUP(B121,DADOS_COMPOSICAO,2,0))))))","v":"AZULEJISTA OU LADRILHISTA COM ENCARGOS COMPLEMENTARES"},null,null,null,null,null,"SINAPI",{"$f":"IF(I121=\"SINAPI\",VLOOKUP(B121,DADOS_SINAPI,3,0),IF(I121=\"SETOP\",VLOOKUP(B121,DADOS_SETOP,3,0),IF(I121=\"SICRO\",VLOOKUP(B121,DADOS_SICRO,3,0),IF(I121=\"SUDECAP\",VLOOKUP(B121,DADOS_SUDECAP,3,0),IF(I121=\"COTAÇÃO\",VLOOKUP(B121,DADOS_COTACAO,9,0),VLOOKUP(B121,DADOS_COMPOSICAO,10,0))))))","v":"H"},0.14666999999999999,{"$f":"IF(I121=\"SINAPI\",VLOOKUP(B121,DADOS_SINAPI,4,0),IF(I121=\"SETOP\",VLOOKUP(B121,DADOS_SETOP,4,0),IF(I121=\"SICRO\",VLOOKUP(B121,DADOS_SICRO,4,0),IF(I121=\"SUDECAP\",VLOOKUP(B121,DADOS_SUDECAP,4,0),IF(I121=\"COTAÇÃO\",VLOOKUP(B121,DADOS_COTACAO,12,0),VLOOKUP(B121,DADOS_COMPOSICAO,13,0))))))","v":30.29},{"$f":"K121*L121","v":4.4426342999999999}]
[null,88316,"SERVENTE COM ENCARGOS COMPLEMENTARES",null,null,null,null,null,"SINAPI","H",7.3330000000000006E-2,20.92,1.5340636000000003]
[null,1381,"ARGAMASSA COLANTE AC I PARA CERAMICAS",null,null,null,null,null,"SINAPI","KG",0.47249999999999998,0.7,0.33074999999999999]
[null,45190,"PISO EM PORCELANATO, RETIFICADO, LISO, MONOCOLOR, ACETINADO OU POLIDO, FORMATO MAIOR QUE 2500 ATE 6400 CM2",null,null,null,null,null,"SINAPI","M2",0.11,60.95,6.7045000000000003]
[null,34357,"REJUNTE CIMENTICIO, QUALQUER COR",null,null,null,null,null,"SINAPI","KG",0.11,4.1100000000000003,0.45210000000000006]
[]
[12,{"$f":"VLOOKUP(A127,ORC!$D$77:$N$2069,2,0)","v":"INSTALAÇÕES HIDRÁULICAS"}]
["DAC-12.1","ADAPTADOR COM FLANGES LIVRES, PVC, SOLDÁVEL, DN 50 MM X 1 1/2\", FORNECIMENTO E INSTALAÇÃO",null,null,null,null,null,null,"CPU","UN    ",null,null,{"$f":"SUM(M129:M134)","v":65.494121000000007}]
[null,88248,{"$f":"IF(I129=\"SINAPI\",VLOOKUP(B129,DADOS_SINAPI,2,0),IF(I129=\"SETOP\",VLOOKUP(B129,DADOS_SETOP,2,0),IF(I129=\"SICRO\",VLOOKUP(B129,DADOS_SICRO,2,0),IF(I129=\"SUDECAP\",VLOOKUP(B129,DADOS_SUDECAP,2,0),IF(I129=\"COTAÇÃO\",VLOOKUP(B129,DADOS_COTACAO,2,0),VLOOKUP(B129,DADOS_COMPOSICAO,2,0))))))","v":"AUXILIAR DE ENCANADOR OU BOMBEIRO HIDRÁULICO COM ENCARGOS COMPLEMENTARES"},null,null,null,null,null,"SINAPI","H",0.27260000000000001,{"$f":"IF(I129=\"SINAPI\",VLOOKUP(B129,DADOS_SINAPI,4,0),IF(I129=\"SETOP\",VLOOKUP(B129,DADOS_SETOP,4,0),IF(I129=\"SICRO\",VLOOKUP(B129,DADOS_SICRO,4,0),IF(I129=\"SUDECAP\",VLOOKUP(B129,DADOS_SUDECAP,4,0),IF(I129=\"COTAÇÃO\",VLOOKUP(B129,DADOS_COTACAO,12,0),VLOOKUP(B129,DADOS_COMPOSICAO,13,0))))))","v":22.52},{"$f":"L129*K129","v":6.1389519999999997}]
[null,88267,"ENCANADOR OU BOMBEIRO HIDRÁULICO COM ENCARGOS COMPLEMENTARES",null,null,null,null,null,"SINAPI","H",0.27260000000000001,27.88,{"$f":"L130*K130","v":7.6000880000000004}]
[null,"73.05.55","ADAPTADOR SOLDÁVEL CURTO C/FLANGES LIVRES P/CX D´ÁGUA D= 50MM (1 1/2\")",null,null,null,null,null,"SUDECAP","UN    ",1,49.17,49.17]
[null,122,"ADESIVO PLASTICO PARA PVC, FRASCO COM *850* GR",null,null,null,null,null,"SINAPI","UN    ",1.29E-2,61.55,0.79399500000000001]
[null,38383,"LIXA D'AGUA EM FOLHA, COR PRETA, GRAO 100",null,null,null,null,null,"SINAPI","UN    ",1.54E-2,3.09,4.7585999999999996E-2]
[null,20083,"SOLUCAO PREPARADORA / LIMPADORA PARA PVC, FRASCO COM 1000 CM3",null,null,null,null,null,"SINAPI","UN    ",2.5000000000000001E-2,69.739999999999995,1.7435]
[]
["DAC-12.2","INSTALAÇÃO DA CRUZETA DN 5 MM",null,null,null,null,null,null,"CPU","UN    ",null,null,{"$f":"SUM(M137:M141)","v":16.357299999999999}]
[null,88248,{"$f":"IF(I137=\"SINAPI\",VLOOKUP(B137,DADOS_SINAPI,2,0),IF(I137=\"SETOP\",VLOOKUP(B137,DADOS_SETOP,2,0),IF(I137=\"SICRO\",VLOOKUP(B137,DADOS_SICRO,2,0),IF(I137=\"SUDECAP\",VLOOKUP(B137,DADOS_SUDECAP,2,0),IF(I137=\"COTAÇÃO\",VLOOKUP(B137,DADOS_COTACAO,2,0),VLOOKUP(B137,DADOS_COMPOSICAO,2,0))))))","v":"AUXILIAR DE ENCANADOR OU BOMBEIRO HIDRÁULICO COM ENCARGOS COMPLEMENTARES"},null,null,null,null,null,"SINAPI","H",0.1694,{"$f":"IF(I137=\"SINAPI\",VLOOKUP(B137,DADOS_SINAPI,4,0),IF(I137=\"SETOP\",VLOOKUP(B137,DADOS_SETOP,4,0),IF(I137=\"SICRO\",VLOOKUP(B137,DADOS_SICRO,4,0),IF(I137=\"SUDECAP\",VLOOKUP(B137,DADOS_SUDECAP,4,0),IF(I137=\"COTAÇÃO\",VLOOKUP(B137,DADOS_COTACAO,12,0),VLOOKUP(B137,DADOS_COMPOSICAO,13,0))))))","v":22.52},{"$f":"L137*K137","v":3.8148879999999998}]
[null,88267,"ENCANADOR OU BOMBEIRO HIDRÁULICO COM ENCARGOS COMPLEMENTARES",null,null,null,null,null,"SINAPI","H",0.1694,27.88,{"$f":"L138*K138","v":4.7228719999999997}]
[null,122,"ADESIVO PLASTICO PARA PVC, FRASCO COM *850* GR",null,null,null,null,null,"SINAPI","UN    ",{"$f":"0.0247*2","v":4.9399999999999999E-2},61.55,3.0405699999999998]
[null,38383,"LIXA D'AGUA EM FOLHA, COR PRETA, GRAO 100",null,null,null,null,null,"SINAPI","UN    ",{"$f":"0.0285*2","v":5.7000000000000002E-2},3.09,0.17613000000000001]
[null,20083,"SOLUCAO PREPARADORA / LIMPADORA PARA PVC, FRASCO COM 1000 CM3",null,null,null,null,null,"SINAPI","UN    ",{"$f":"0.033*2","v":6.6000000000000003E-2},69.739999999999995,4.6028399999999996]
[]
[13,{"$f":"VLOOKUP(A143,ORC!$D$77:$N$2069,2,0)","v":"INSTALAÇÕES SANITÁRIAS"}]
["DAC-13.1","JOELHO PVC, COM BOLSA E ANEL, 90 GRAUS, DN 40 X *38* MM, SERIE NORMAL, PARA ESGOTO PREDIAL - FORNECIMENTO E INSTALAÇÃO ",null,null,null,null,null,null,"CPU","UN    ",null,null,{"$f":"SUM(M145:M148)","v":18.268039999999999}]
[null,88248,{"$f":"IF(I145=\"SINAPI\",VLOOKUP(B145,DADOS_SINAPI,2,0),IF(I145=\"SETOP\",VLOOKUP(B145,DADOS_SETOP,2,0),IF(I145=\"SICRO\",VLOOKUP(B145,DADOS_SICRO,2,0),IF(I145=\"SUDECAP\",VLOOKUP(B145,DADOS_SUDECAP,2,0),IF(I145=\"COTAÇÃO\",VLOOKUP(B145,DADOS_COTACAO,2,0),VLOOKUP(B145,DADOS_COMPOSICAO,2,0))))))","v":"AUXILIAR DE ENCANADOR OU BOMBEIRO HIDRÁULICO COM ENCARGOS COMPLEMENTARES"},null,null,null,null,null,"SINAPI","H",0.19259999999999999,{"$f":"IF(I145=\"SINAPI\",VLOOKUP(B145,DADOS_SINAPI,4,0),IF(I145=\"SETOP\",VLOOKUP(B145,DADOS_SETOP,4,0),IF(I145=\"SICRO\",VLOOKUP(B145,DADOS_SICRO,4,0),IF(I145=\"SUDECAP\",VLOOKUP(B145,DADOS_SUDECAP,4,0),IF(I145=\"COTAÇÃO\",VLOOKUP(B145,DADOS_COTACAO,12,0),VLOOKUP(B145,DADOS_COMPOSICAO,13,0))))))","v":22.52},{"$f":"L145*K145","v":4.3373520000000001}]
[null,88267,{"$f":"IF(I146=\"SINAPI\",VLOOKUP(B146,DADOS_SINAPI,2,0),IF(I146=\"SETOP\",VLOOKUP(B146,DADOS_SETOP,2,0),IF(I146=\"SICRO\",VLOOKUP(B146,DADOS_SICRO,2,0),IF(I146=\"SUDECAP\",VLOOKUP(B146,DADOS_SUDECAP,2,0),IF(I146=\"COTAÇÃO\",VLOOKUP(B146,DADOS_COTACAO,2,0),VLOOKUP(B146,DADOS_COMPOSICAO,2,0))))))","v":"ENCANADOR OU BOMBEIRO HIDRÁULICO COM ENCARGOS COMPLEMENTARES"},null,null,null,null,null,"SINAPI","H",0.19259999999999999,{"$f":"IF(I146=\"SINAPI\",VLOOKUP(B146,DADOS_SINAPI,4,0),IF(I146=\"SETOP\",VLOOKUP(B146,DADOS_SETOP,4,0),IF(I146=\"SICRO\",VLOOKUP(B146,DADOS_SICRO,4,0),IF(I146=\"SUDECAP\",VLOOKUP(B146,DADOS_SUDECAP,4,0),IF(I146=\"COTAÇÃO\",VLOOKUP(B146,DADOS_COTACAO,12,0),VLOOKUP(B146,DADOS_COMPOSICAO,13,0))))))","v":27.88},{"$f":"L146*K146","v":5.369688}]
[null,10835,{"$f":"IF(I147=\"SINAPI\",VLOOKUP(B147,DADOS_SINAPI,2,0),IF(I147=\"SETOP\",VLOOKUP(B147,DADOS_SETOP,2,0),IF(I147=\"SICRO\",VLOOKUP(B147,DADOS_SICRO,2,0),IF(I147=\"SUDECAP\",VLOOKUP(B147,DADOS_SUDECAP,2,0),IF(I147=\"COTAÇÃO\",VLOOKUP(B147,DADOS_COTACAO,2,0),VLOOKUP(B147,DADOS_COMPOSICAO,2,0))))))","v":"JOELHO PVC, COM BOLSA E ANEL, 90 GRAUS, DN 40 X *38* MM, SERIE NORMAL, PARA ESGOTO PREDIAL"},null,null,null,null,null,"SINAPI","UN    ",1,{"$f":"IF(I147=\"SINAPI\",VLOOKUP(B147,DADOS_SINAPI,4,0),IF(I147=\"SETOP\",VLOOKUP(B147,DADOS_SETOP,4,0),IF(I147=\"SICRO\",VLOOKUP(B147,DADOS_SICRO,4,0),IF(I147=\"SUDECAP\",VLOOKUP(B147,DADOS_SUDECAP,4,0),IF(I147=\"COTAÇÃO\",VLOOKUP(B147,DADOS_COTACAO,12,0),VLOOKUP(B147,DADOS_COMPOSICAO,13,0))))))","v":5.64},5.64]
[null,20078,{"$f":"IF(I148=\"SINAPI\",VLOOKUP(B148,DADOS_SINAPI,2,0),IF(I148=\"SETOP\",VLOOKUP(B148,DADOS_SETOP,2,0),IF(I148=\"SICRO\",VLOOKUP(B148,DADOS_SICRO,2,0),IF(I148=\"SUDECAP\",VLOOKUP(B148,DADOS_SUDECAP,2,0),IF(I148=\"COTAÇÃO\",VLOOKUP(B148,DADOS_COTACAO,2,0),VLOOKUP(B148,DADOS_COMPOSICAO,2,0))))))","v":"PASTA LUBRIFICANTE PARA TUBOS E CONEXOES COM JUNTA ELASTICA, EMBALAGEM DE *400* GR (USO EM PVC, ACO, POLIETILENO E OUTROS)"},null,null,null,null,null,"SINAPI","UN    ",0.115,{"$f":"IF(I148=\"SINAPI\",VLOOKUP(B148,DADOS_SINAPI,4,0),IF(I148=\"SETOP\",VLOOKUP(B148,DADOS_SETOP,4,0),IF(I148=\"SICRO\",VLOOKUP(B148,DADOS_SICRO,4,0),IF(I148=\"SUDECAP\",VLOOKUP(B148,DADOS_SUDECAP,4,0),IF(I148=\"COTAÇÃO\",VLOOKUP(B148,DADOS_COTACAO,12,0),VLOOKUP(B148,DADOS_COMPOSICAO,13,0))))))","v":25.4},2.9209999999999998]
[]
["DAC-13.2","JUNÇÃO SIMPLES, PVC, SERIE NORMAL, ESGOTO PREDIAL, DN 100 X 50 MM, JUNTA ELÁSTICA, FORNECIDO E INSTALADO",null,null,null,null,null,null,"CPU","UN    ",null,null,{"$f":"SUM(M151:M156)","v":45.067340000000002}]
[null,88248,{"$f":"IF(I151=\"SINAPI\",VLOOKUP(B151,DADOS_SINAPI,2,0),IF(I151=\"SETOP\",VLOOKUP(B151,DADOS_SETOP,2,0),IF(I151=\"SICRO\",VLOOKUP(B151,DADOS_SICRO,2,0),IF(I151=\"SUDECAP\",VLOOKUP(B151,DADOS_SUDECAP,2,0),IF(I151=\"COTAÇÃO\",VLOOKUP(B151,DADOS_COTACAO,2,0),VLOOKUP(B151,DADOS_COMPOSICAO,2,0))))))","v":"AUXILIAR DE ENCANADOR OU BOMBEIRO HIDRÁULICO COM ENCARGOS COMPLEMENTARES"},null,null,null,null,null,"SINAPI","H",0.28960000000000002,{"$f":"IF(I151=\"SINAPI\",VLOOKUP(B151,DADOS_SINAPI,4,0),IF(I151=\"SETOP\",VLOOKUP(B151,DADOS_SETOP,4,0),IF(I151=\"SICRO\",VLOOKUP(B151,DADOS_SICRO,4,0),IF(I151=\"SUDECAP\",VLOOKUP(B151,DADOS_SUDECAP,4,0),IF(I151=\"COTAÇÃO\",VLOOKUP(B151,DADOS_COTACAO,12,0),VLOOKUP(B151,DADOS_COMPOSICAO,13,0))))))","v":22.52},{"$f":"L151*K151","v":6.5217920000000005}]
[null,88267,"ENCANADOR OU BOMBEIRO HIDRÁULICO COM ENCARGOS COMPLEMENTARES",null,null,null,null,null,"SINAPI","H",0.28960000000000002,27.88,{"$f":"L152*K152","v":8.0740480000000012}]
[null,301,"ANEL BORRACHA PARA TUBO ESGOTO PREDIAL, DN 100 MM (NBR 5688)",null,null,null,null,null,"SINAPI","UN    ",2,2.92,5.84]
[null,296,"ANEL BORRACHA PARA TUBO ESGOTO PREDIAL, DN 50 MM (NBR 5688)",null,null,null,null,null,"SINAPI","UN    ",1,1.65,1.65]
[null,3659,"JUNCAO SIMPLES DE REDUCAO, PVC, DN 100 X 50 MM, SERIE NORMAL PARA ESGOTO PREDIAL",null,null,null,null,null,"SINAPI","UN    ",1,18.600000000000001,18.600000000000001]
[null,20078,"PASTA LUBRIFICANTE PARA TUBOS E CONEXOES COM JUNTA ELASTICA, EMBALAGEM DE *400* GR (USO EM PVC, ACO, POLIETILENO E OUTROS)",null,null,null,null,null,"SINAPI","UN    ",0.17249999999999999,25.4,4.3814999999999991]
[]
["DAC-13.3","JUNÇÃO SIMPLES, PVC, SERIE NORMAL, ESGOTO PREDIAL, DN 100 X 75 MM, JUNTA ELÁSTICA, FORNECIDO E INSTALADO",null,null,null,null,null,null,"CPU","UN    ",null,null,{"$f":"SUM(M159:M164)","v":51.28734}]
[null,88248,{"$f":"IF(I159=\"SINAPI\",VLOOKUP(B159,DADOS_SINAPI,2,0),IF(I159=\"SETOP\",VLOOKUP(B159,DADOS_SETOP,2,0),IF(I159=\"SICRO\",VLOOKUP(B159,DADOS_SICRO,2,0),IF(I159=\"SUDECAP\",VLOOKUP(B159,DADOS_SUDECAP,2,0),IF(I159=\"COTAÇÃO\",VLOOKUP(B159,DADOS_COTACAO,2,0),VLOOKUP(B159,DADOS_COMPOSICAO,2,0))))))","v":"AUXILIAR DE ENCANADOR OU BOMBEIRO HIDRÁULICO COM ENCARGOS COMPLEMENTARES"},null,null,null,null,null,"SINAPI","H",0.28960000000000002,{"$f":"IF(I159=\"SINAPI\",VLOOKUP(B159,DADOS_SINAPI,4,0),IF(I159=\"SETOP\",VLOOKUP(B159,DADOS_SETOP,4,0),IF(I159=\"SICRO\",VLOOKUP(B159,DADOS_SICRO,4,0),IF(I159=\"SUDECAP\",VLOOKUP(B159,DADOS_SUDECAP,4,0),IF(I159=\"COTAÇÃO\",VLOOKUP(B159,DADOS_COTACAO,12,0),VLOOKUP(B159,DADOS_COMPOSICAO,13,0))))))","v":22.52},{"$f":"L159*K159","v":6.5217920000000005}]
[null,88267,"ENCANADOR OU BOMBEIRO HIDRÁULICO COM ENCARGOS COMPLEMENTARES",null,null,null,null,null,"SINAPI","H",0.28960000000000002,27.88,{"$f":"L160*K160","v":8.0740480000000012}]
[null,301,"ANEL BORRACHA PARA TUBO ESGOTO PREDIAL, DN 100 MM (NBR 5688)",null,null,null,null,null,"SINAPI","UN    ",2,2.92,5.84]
[null,297,"ANEL BORRACHA PARA TUBO ESGOTO PREDIAL, DN 75 MM (NBR 5688)",null,null,null,null,null,"SINAPI","UN    ",1,2.42,2.42]
[null,3660,"JUNCAO SIMPLES DE REDUCAO, PVC, DN 100 X 75 MM, SERIE NORMAL PARA ESGOTO PREDIAL",null,null,null,null,null,"SINAPI","UN    ",1,24.05,24.05]
[null,20078,"PASTA LUBRIFICANTE PARA TUBOS E CONEXOES COM JUNTA ELASTICA, EMBALAGEM DE *400* GR (USO EM PVC, ACO, POLIETILENO E OUTROS)",null,null,null,null,null,"SINAPI","UN    ",0.17249999999999999,25.4,4.3814999999999991]
[]
["DAC-13.4","JUNÇÃO SIMPLES, PVC, SERIE NORMAL, ESGOTO PREDIAL, DN 75 X 50 MM, JUNTA ELÁSTICA, FORNECIDO E INSTALADO",null,null,null,null,null,null,"CPU","UN    ",null,null,{"$f":"SUM(M167:M172)","v":61.517340000000004}]
[null,88248,{"$f":"IF(I167=\"SINAPI\",VLOOKUP(B167,DADOS_SINAPI,2,0),IF(I167=\"SETOP\",VLOOKUP(B167,DADOS_SETOP,2,0),IF(I167=\"SICRO\",VLOOKUP(B167,DADOS_SICRO,2,0),IF(I167=\"SUDECAP\",VLOOKUP(B167,DADOS_SUDECAP,2,0),IF(I167=\"COTAÇÃO\",VLOOKUP(B167,DADOS_COTACAO,2,0),VLOOKUP(B167,DADOS_COMPOSICAO,2,0))))))","v":"AUXILIAR DE ENCANADOR OU BOMBEIRO HIDRÁULICO COM ENCARGOS COMPLEMENTARES"},null,null,null,null,null,"SINAPI","H",0.28960000000000002,{"$f":"IF(I167=\"SINAPI\",VLOOKUP(B167,DADOS_SINAPI,4,0),IF(I167=\"SETOP\",VLOOKUP(B167,DADOS_SETOP,4,0),IF(I167=\"SICRO\",VLOOKUP(B167,DADOS_SICRO,4,0),IF(I167=\"SUDECAP\",VLOOKUP(B167,DADOS_SUDECAP,4,0),IF(I167=\"COTAÇÃO\",VLOOKUP(B167,DADOS_COTACAO,12,0),VLOOKUP(B167,DADOS_COMPOSICAO,13,0))))))","v":22.52},{"$f":"L167*K167","v":6.5217920000000005}]
[null,88267,"ENCANADOR OU BOMBEIRO HIDRÁULICO COM ENCARGOS COMPLEMENTARES",null,null,null,null,null,"SINAPI","H",0.28960000000000002,27.88,{"$f":"L168*K168","v":8.0740480000000012}]
[null,297,"ANEL BORRACHA PARA TUBO ESGOTO PREDIAL, DN 75 MM (NBR 5688)",null,null,null,null,null,"SINAPI","UN    ",2,2.42,4.84]
[null,296,"ANEL BORRACHA PARA TUBO ESGOTO PREDIAL, DN 50 MM (NBR 5688)",null,null,null,null,null,"SINAPI","UN    ",1,1.65,1.65]
[null,"COT-SAN-001","JUNÇÃO SIMPLES, PVC, SERIE NORMAL, ESGOTO PREDIAL, DN 75 X 50 MM, JUNTA ELÁSTICA",null,null,null,null,null,"COTAÇÃO","UN    ",1,36.049999999999997,36.049999999999997]
[null,20078,"PASTA LUBRIFICANTE PARA TUBOS E CONEXOES COM JUNTA ELASTICA, EMBALAGEM DE *400* GR (USO EM PVC, ACO, POLIETILENO E OUTROS)",null,null,null,null,null,"SINAPI","UN    ",0.17249999999999999,25.4,4.3814999999999991]
[]
[14,{"$f":"VLOOKUP(A174,ORC!$D$77:$N$2069,2,0)","v":"LOUÇAS E METAIS"}]
["DAC-14.1","BANCADA EM AÇO INOX COM RODABANCA",null,null,null,null,null,null,"CPU","M2",null,null,{"$f":"SUM(M176:M178)","v":2091.4558999999999}]
[null,88309,{"$f":"IF(I176=\"SINAPI\",VLOOKUP(B176,DADOS_SINAPI,2,0),IF(I176=\"SETOP\",VLOOKUP(B176,DADOS_SETOP,2,0),IF(I176=\"SICRO\",VLOOKUP(B176,DADOS_SICRO,2,0),IF(I176=\"SUDECAP\",VLOOKUP(B176,DADOS_SUDECAP,2,0),IF(I176=\"COTAÇÃO\",VLOOKUP(B176,DADOS_COTACAO,2,0),VLOOKUP(B176,DADOS_COMPOSICAO,2,0))))))","v":"PEDREIRO COM ENCARGOS COMPLEMENTARES"},null,null,null,null,null,"SINAPI",{"$f":"IF(I176=\"SINAPI\",VLOOKUP(B176,DADOS_SINAPI,3,0),IF(I176=\"SETOP\",VLOOKUP(B176,DADOS_SETOP,3,0),IF(I176=\"SICRO\",VLOOKUP(B176,DADOS_SICRO,3,0),IF(I176=\"SUDECAP\",VLOOKUP(B176,DADOS_SUDECAP,3,0),IF(I176=\"COTAÇÃO\",VLOOKUP(B176,DADOS_COTACAO,9,0),VLOOKUP(B176,DADOS_COMPOSICAO,10,0))))))","v":"H"},6,{"$f":"IF(I176=\"SINAPI\",VLOOKUP(B176,DADOS_SINAPI,4,0),IF(I176=\"SETOP\",VLOOKUP(B176,DADOS_SETOP,4,0),IF(I176=\"SICRO\",VLOOKUP(B176,DADOS_SICRO,4,0),IF(I176=\"SUDECAP\",VLOOKUP(B176,DADOS_SUDECAP,4,0),IF(I176=\"COTAÇÃO\",VLOOKUP(B176,DADOS_COTACAO,12,0),VLOOKUP(B176,DADOS_COMPOSICAO,13,0))))))","v":28.6},{"$f":"K176*L176","v":171.60000000000002}]
[null,88316,{"$f":"IF(I177=\"SINAPI\",VLOOKUP(B177,DADOS_SINAPI,2,0),IF(I177=\"SETOP\",VLOOKUP(B177,DADOS_SETOP,2,0),IF(I177=\"SICRO\",VLOOKUP(B177,DADOS_SICRO,2,0),IF(I177=\"SUDECAP\",VLOOKUP(B177,DADOS_SUDECAP,2,0),IF(I177=\"COTAÇÃO\",VLOOKUP(B177,DADOS_COTACAO,2,0),VLOOKUP(B177,DADOS_COMPOSICAO,2,0))))))","v":"SERVENTE COM ENCARGOS COMPLEMENTARES"},null,null,null,null,null,"SINAPI",{"$f":"IF(I177=\"SINAPI\",VLOOKUP(B177,DADOS_SINAPI,3,0),IF(I177=\"SETOP\",VLOOKUP(B177,DADOS_SETOP,3,0),IF(I177=\"SICRO\",VLOOKUP(B177,DADOS_SICRO,3,0),IF(I177=\"SUDECAP\",VLOOKUP(B177,DADOS_SUDECAP,3,0),IF(I177=\"COTAÇÃO\",VLOOKUP(B177,DADOS_COTACAO,9,0),VLOOKUP(B177,DADOS_COMPOSICAO,10,0))))))","v":"H"},3.5,{"$f":"IF(I177=\"SINAPI\",VLOOKUP(B177,DADOS_SINAPI,4,0),IF(I177=\"SETOP\",VLOOKUP(B177,DADOS_SETOP,4,0),IF(I177=\"SICRO\",VLOOKUP(B177,DADOS_SICRO,4,0),IF(I177=\"SUDECAP\",VLOOKUP(B177,DADOS_SUDECAP,4,0),IF(I177=\"COTAÇÃO\",VLOOKUP(B177,DADOS_COTACAO,12,0),VLOOKUP(B177,DADOS_COMPOSICAO,13,0))))))","v":20.92},73.22]
[null,11687,{"$f":"IF(I178=\"SINAPI\",VLOOKUP(B178,DADOS_SINAPI,2,0),IF(I178=\"SETOP\",VLOOKUP(B178,DADOS_SETOP,2,0),IF(I178=\"SICRO\",VLOOKUP(B178,DADOS_SICRO,2,0),IF(I178=\"SUDECAP\",VLOOKUP(B178,DADOS_SUDECAP,2,0),IF(I178=\"COTAÇÃO\",VLOOKUP(B178,DADOS_COTACAO,2,0),VLOOKUP(B178,DADOS_COMPOSICAO,2,0))))))","v":"BANCADA/TAMPO ACO INOX (AISI 304), LARGURA 60 CM, COM RODABANCA (NAO INCLUI PES DE APOIO)"},null,null,null,null,null,"SINAPI",{"$f":"IF(I178=\"SINAPI\",VLOOKUP(B178,DADOS_SINAPI,3,0),IF(I178=\"SETOP\",VLOOKUP(B178,DADOS_SETOP,3,0),IF(I178=\"SICRO\",VLOOKUP(B178,DADOS_SICRO,3,0),IF(I178=\"SUDECAP\",VLOOKUP(B178,DADOS_SUDECAP,3,0),IF(I178=\"COTAÇÃO\",VLOOKUP(B178,DADOS_COTACAO,9,0),VLOOKUP(B178,DADOS_COMPOSICAO,10,0))))))","v":"M"},1.67,{"$f":"IF(I178=\"SINAPI\",VLOOKUP(B178,DADOS_SINAPI,4,0),IF(I178=\"SETOP\",VLOOKUP(B178,DADOS_SETOP,4,0),IF(I178=\"SICRO\",VLOOKUP(B178,DADOS_SICRO,4,0),IF(I178=\"SUDECAP\",VLOOKUP(B178,DADOS_SUDECAP,4,0),IF(I178=\"COTAÇÃO\",VLOOKUP(B178,DADOS_COTACAO,12,0),VLOOKUP(B178,DADOS_COMPOSICAO,13,0))))))","v":1105.77},1846.6359]
[]
[15,{"$f":"VLOOKUP(A180,ORC!$D$77:$N$2069,2,0)","v":"DRENAGEM PLUVIAL"}]
["DAC-15.1","CANALETA DE CONCRETO ARMADO 0,20 X 0,20M - INCLUSIVE GRELHA EM FERRO FUNDIDO",null,null,null,null,null,null,"CPU","M",null,null,{"$f":"SUM(M182:M187)","v":307.34676000000002}]
[null,93358,{"$f":"IF(I182=\"SINAPI\",VLOOKUP(B182,DADOS_SINAPI,2,0),IF(I182=\"SETOP\",VLOOKUP(B182,DADOS_SETOP,2,0),IF(I182=\"SICRO\",VLOOKUP(B182,DADOS_SICRO,2,0),IF(I182=\"SUDECAP\",VLOOKUP(B182,DADOS_SUDECAP,2,0),IF(I182=\"COTAÇÃO\",VLOOKUP(B182,DADOS_COTACAO,2,0),VLOOKUP(B182,DADOS_COMPOSICAO,2,0))))))","v":"ESCAVAÇÃO MANUAL DE VALA. AF_09/2024"},null,null,null,null,null,"SINAPI",{"$f":"IF(I182=\"SINAPI\",VLOOKUP(B182,DADOS_SINAPI,3,0),IF(I182=\"SETOP\",VLOOKUP(B182,DADOS_SETOP,3,0),IF(I182=\"SICRO\",VLOOKUP(B182,DADOS_SICRO,3,0),IF(I182=\"SUDECAP\",VLOOKUP(B182,DADOS_SUDECAP,3,0),IF(I182=\"COTAÇÃO\",VLOOKUP(B182,DADOS_COTACAO,9,0),VLOOKUP(B182,DADOS_COMPOSICAO,10,0))))))","v":"M3"},0.04,{"$f":"IF(I182=\"SINAPI\",VLOOKUP(B182,DADOS_SINAPI,4,0),IF(I182=\"SETOP\",VLOOKUP(B182,DADOS_SETOP,4,0),IF(I182=\"SICRO\",VLOOKUP(B182,DADOS_SICRO,4,0),IF(I182=\"SUDECAP\",VLOOKUP(B182,DADOS_SUDECAP,4,0),IF(I182=\"COTAÇÃO\",VLOOKUP(B182,DADOS_COTACAO,12,0),VLOOKUP(B182,DADOS_COMPOSICAO,13,0))))))","v":82.75},{"$f":"K182*L182","v":3.31}]
[null,94965,"CONCRETO FCK = 25MPA, TRAÇO 1:2,3:2,7 (EM MASSA SECA DE CIMENTO/ AREIA MÉDIA/ BRITA 1) - PREPARO MECÂNICO COM BETONEIRA 400 L. AF_05/2021",null,null,null,null,null,"SINAPI","M3",7.1999999999999995E-2,525.92999999999995,{"$f":"K183*L183","v":37.866959999999992}]
[null,"ED-48298","CORTE, DOBRA E MONTAGEM DE AÇO CA-50/60, INCLUSIVE ESPAÇADOR",null,null,null,null,null,"SETOP","Kg",0.96,13.63,13.0848]
[null,"ED-49643","FÔRMA E DESFORMA DE TÁBUA E SARRAFO, REAPROVEITAMENTO (3X), EXCLUSIVE ESCORAMENTO",null,null,null,null,null,"SETOP","m2",0.7,67.63,47.340999999999994]
[null,"ED-51093","APILOAMENTO MANUAL EM FUNDO DE VALA COM SOQUETE, EXCLUSIVE ESCAVAÇÃO",null,null,null,null,null,"SETOP","m2",0.2,24.08,{"$f":"K186*L186","v":4.8159999999999998}]
[null,11236,"GRELHA FOFO SIMPLES COM REQUADRO, CARGA MAXIMA 1,5 T, 200 X 1000 MM, E= *15* MM",null,null,null,null,null,"SINAPI","UN",1.05,191.36,{"$f":"K187*L187","v":200.92800000000003}]
[]
["DAC-15.2","CANALETA DE CONCRETO ARMADO 0,30 X 0,20M - INCLUSIVE GRELHA EM FERRO FUNDIDO",null,null,null,null,null,null,"CPU","M",null,null,{"$f":"SUM(M190:M195)","v":446.20463999999998}]
[null,93358,{"$f":"IF(I190=\"SINAPI\",VLOOKUP(B190,DADOS_SINAPI,2,0),IF(I190=\"SETOP\",VLOOKUP(B190,DADOS_SETOP,2,0),IF(I190=\"SICRO\",VLOOKUP(B190,DADOS_SICRO,2,0),IF(I190=\"SUDECAP\",VLOOKUP(B190,DADOS_SUDECAP,2,0),IF(I190=\"COTAÇÃO\",VLOOKUP(B190,DADOS_COTACAO,2,0),VLOOKUP(B190,DADOS_COMPOSICAO,2,0))))))","v":"ESCAVAÇÃO MANUAL DE VALA. AF_09/2024"},null,null,null,null,null,"SINAPI",{"$f":"IF(I190=\"SINAPI\",VLOOKUP(B190,DADOS_SINAPI,3,0),IF(I190=\"SETOP\",VLOOKUP(B190,DADOS_SETOP,3,0),IF(I190=\"SICRO\",VLOOKUP(B190,DADOS_SICRO,3,0),IF(I190=\"SUDECAP\",VLOOKUP(B190,DADOS_SUDECAP,3,0),IF(I190=\"COTAÇÃO\",VLOOKUP(B190,DADOS_COTACAO,9,0),VLOOKUP(B190,DADOS_COMPOSICAO,10,0))))))","v":"M3"},0.06,{"$f":"IF(I190=\"SINAPI\",VLOOKUP(B190,DADOS_SINAPI,4,0),IF(I190=\"SETOP\",VLOOKUP(B190,DADOS_SETOP,4,0),IF(I190=\"SICRO\",VLOOKUP(B190,DADOS_SICRO,4,0),IF(I190=\"SUDECAP\",VLOOKUP(B190,DADOS_SUDECAP,4,0),IF(I190=\"COTAÇÃO\",VLOOKUP(B190,DADOS_COTACAO,12,0),VLOOKUP(B190,DADOS_COMPOSICAO,13,0))))))","v":82.75},{"$f":"K190*L190","v":4.9649999999999999}]
[null,94965,"CONCRETO FCK = 25MPA, TRAÇO 1:2,3:2,7 (EM MASSA SECA DE CIMENTO/ AREIA MÉDIA/ BRITA 1) - PREPARO MECÂNICO COM BETONEIRA 400 L. AF_05/2021",null,null,null,null,null,"SINAPI","M3",0.10799999999999998,525.92999999999995,56.800439999999988]
[null,"ED-48298","CORTE, DOBRA E MONTAGEM DE AÇO CA-50/60, INCLUSIVE ESPAÇADOR",null,null,null,null,null,"SETOP","Kg",1.4399999999999997,13.63,19.627199999999998]
[null,"ED-49643","FÔRMA E DESFORMA DE TÁBUA E SARRAFO, REAPROVEITAMENTO (3X), EXCLUSIVE ESCORAMENTO",null,null,null,null,null,"SETOP","m2",1.0499999999999998,67.63,71.011499999999984]
[null,"ED-51093","APILOAMENTO MANUAL EM FUNDO DE VALA COM SOQUETE, EXCLUSIVE ESCAVAÇÃO",null,null,null,null,null,"SETOP","m2",0.3,24.08,7.2239999999999993]
[null,11245,"GRELHA FOFO SIMPLES COM REQUADRO, CARGA MAXIMA 12,5 T, *300 X 1000* MM, E= *15* MM, AREA ESTACIONAMENTO CARRO PASSEIO",null,null,null,null,null,"SINAPI","UN",1.05,272.93,286.57650000000001]
[]
[16,{"$f":"VLOOKUP(A197,ORC!$D$77:$N$2069,2,0)","v":"INSTALAÇÕES DE GÁS"}]
["DAC-16.1","INSTALAÇÃO DO NIPLE DE FERRO GALVANIZADO, COM ROSCA BSP, DE 1/2\"",null,null,null,null,null,null,"CPU","UN    ",null,null,{"$f":"SUM(M199:M202)","v":15.492359999999998}]
[null,88248,{"$f":"IF(I199=\"SINAPI\",VLOOKUP(B199,DADOS_SINAPI,2,0),IF(I199=\"SETOP\",VLOOKUP(B199,DADOS_SETOP,2,0),IF(I199=\"SICRO\",VLOOKUP(B199,DADOS_SICRO,2,0),IF(I199=\"SUDECAP\",VLOOKUP(B199,DADOS_SUDECAP,2,0),IF(I199=\"COTAÇÃO\",VLOOKUP(B199,DADOS_COTACAO,2,0),VLOOKUP(B199,DADOS_COMPOSICAO,2,0))))))","v":"AUXILIAR DE ENCANADOR OU BOMBEIRO HIDRÁULICO COM ENCARGOS COMPLEMENTARES"},null,null,null,null,null,"SINAPI",{"$f":"IF(I199=\"SINAPI\",VLOOKUP(B199,DADOS_SINAPI,3,0),IF(I199=\"SETOP\",VLOOKUP(B199,DADOS_SETOP,3,0),IF(I199=\"SICRO\",VLOOKUP(B199,DADOS_SICRO,3,0),IF(I199=\"SUDECAP\",VLOOKUP(B199,DADOS_SUDECAP,3,0),IF(I199=\"COTAÇÃO\",VLOOKUP(B199,DADOS_COTACAO,9,0),VLOOKUP(B199,DADOS_COMPOSICAO,10,0))))))","v":"H"},0.3,{"$f":"IF(I199=\"SINAPI\",VLOOKUP(B199,DADOS_SINAPI,4,0),IF(I199=\"SETOP\",VLOOKUP(B199,DADOS_SETOP,4,0),IF(I199=\"SICRO\",VLOOKUP(B199,DADOS_SICRO,4,0),IF(I199=\"SUDECAP\",VLOOKUP(B199,DADOS_SUDECAP,4,0),IF(I199=\"COTAÇÃO\",VLOOKUP(B199,DADOS_COTACAO,12,0),VLOOKUP(B199,DADOS_COMPOSICAO,13,0))))))","v":22.52},{"$f":"K199*L199","v":6.7559999999999993}]
[null,88267,"ENCANADOR OU BOMBEIRO HIDRÁULICO COM ENCARGOS COMPLEMENTARES",null,null,null,null,null,"SINAPI","H",0.30099999999999999,27.88,8.3918799999999987]
[null,3148,"FITA VEDA ROSCA, EM PTFE, ROLO DE 18 MM X 50 M (L X C)",null,null,null,null,null,"SINAPI","UN",1.2999999999999999E-2,14.75,0.19175]
[null,7307,"FUNDO ANTICORROSIVO PARA METAIS FERROSOS (ZARCAO)",null,null,null,null,null,"SINAPI","L",3.0000000000000001E-3,50.91,0.15273]
[]
[18,{"$f":"VLOOKUP(A204,ORC!$D$77:$N$2069,2,0)","v":"CABEAMENTO ESTRUTURADO E CFTV"}]
["DAC-18.1","INSTALAÇÃO DE CÂMERA POE",null,null,null,null,null,null,"CPU","UN",null,null,{"$f":"SUM(M206:XFD207)","v":52.49}]
[null,88247,{"$f":"IF(I206=\"SINAPI\",VLOOKUP(B206,DADOS_SINAPI,2,0),IF(I206=\"SETOP\",VLOOKUP(B206,DADOS_SETOP,2,0),IF(I206=\"SICRO\",VLOOKUP(B206,DADOS_SICRO,2,0),IF(I206=\"SUDECAP\",VLOOKUP(B206,DADOS_SUDECAP,2,0),IF(I206=\"COTAÇÃO\",VLOOKUP(B206,DADOS_COTACAO,2,0),VLOOKUP(B206,DADOS_COMPOSICAO,2,0))))))","v":"AUXILIAR DE ELETRICISTA COM ENCARGOS COMPLEMENTARES"},null,null,null,null,null,"SINAPI",{"$f":"IF(I206=\"SINAPI\",VLOOKUP(B206,DADOS_SINAPI,3,0),IF(I206=\"SETOP\",VLOOKUP(B206,DADOS_SETOP,3,0),IF(I206=\"SICRO\",VLOOKUP(B206,DADOS_SICRO,3,0),IF(I206=\"SUDECAP\",VLOOKUP(B206,DADOS_SUDECAP,3,0),IF(I206=\"COTAÇÃO\",VLOOKUP(B206,DADOS_COTACAO,9,0),VLOOKUP(B206,DADOS_COMPOSICAO,10,0))))))","v":"H"},1,{"$f":"IF(I206=\"SINAPI\",VLOOKUP(B206,DADOS_SINAPI,4,0),IF(I206=\"SETOP\",VLOOKUP(B206,DADOS_SETOP,4,0),IF(I206=\"SICRO\",VLOOKUP(B206,DADOS_SICRO,4,0),IF(I206=\"SUDECAP\",VLOOKUP(B206,DADOS_SUDECAP,4,0),IF(I206=\"COTAÇÃO\",VLOOKUP(B206,DADOS_COTACAO,12,0),VLOOKUP(B206,DADOS_COMPOSICAO,13,0))))))","v":23.51},{"$f":"K206*L206","v":23.51}]
[null,88264,{"$f":"IF(I207=\"SINAPI\",VLOOKUP(B207,DADOS_SINAPI,2,0),IF(I207=\"SETOP\",VLOOKUP(B207,DADOS_SETOP,2,0),IF(I207=\"SICRO\",VLOOKUP(B207,DADOS_SICRO,2,0),IF(I207=\"SUDECAP\",VLOOKUP(B207,DADOS_SUDECAP,2,0),IF(I207=\"COTAÇÃO\",VLOOKUP(B207,DADOS_COTACAO,2,0),VLOOKUP(B207,DADOS_COMPOSICAO,2,0))))))","v":"ELETRICISTA COM ENCARGOS COMPLEMENTARES"},null,null,null,null,null,"SINAPI",{"$f":"IF(I207=\"SINAPI\",VLOOKUP(B207,DADOS_SINAPI,3,0),IF(I207=\"SETOP\",VLOOKUP(B207,DADOS_SETOP,3,0),IF(I207=\"SICRO\",VLOOKUP(B207,DADOS_SICRO,3,0),IF(I207=\"SUDECAP\",VLOOKUP(B207,DADOS_SUDECAP,3,0),IF(I207=\"COTAÇÃO\",VLOOKUP(B207,DADOS_COTACAO,9,0),VLOOKUP(B207,DADOS_COMPOSICAO,10,0))))))","v":"H"},1,{"$f":"IF(I207=\"SINAPI\",VLOOKUP(B207,DADOS_SINAPI,4,0),IF(I207=\"SETOP\",VLOOKUP(B207,DADOS_SETOP,4,0),IF(I207=\"SICRO\",VLOOKUP(B207,DADOS_SICRO,4,0),IF(I207=\"SUDECAP\",VLOOKUP(B207,DADOS_SUDECAP,4,0),IF(I207=\"COTAÇÃO\",VLOOKUP(B207,DADOS_COTACAO,12,0),VLOOKUP(B207,DADOS_COMPOSICAO,13,0))))))","v":28.98},28.98]
[]
[""]
["DAC-18.2","MONTAGEM DO HACK E COMPONENTES - ACESSÓRIOS DE CABEAMENTO DO HACK",null,null,null,null,null,null,"CPU","UN",null,null,{"$f":"SUM(M211:XFD212)","v":3234.3288200000002}]
[null,88247,{"$f":"IF(I211=\"SINAPI\",VLOOKUP(B211,DADOS_SINAPI,2,0),IF(I211=\"SETOP\",VLOOKUP(B211,DADOS_SETOP,2,0),IF(I211=\"SICRO\",VLOOKUP(B211,DADOS_SICRO,2,0),IF(I211=\"SUDECAP\",VLOOKUP(B211,DADOS_SUDECAP,2,0),IF(I211=\"COTAÇÃO\",VLOOKUP(B211,DADOS_COTACAO,2,0),VLOOKUP(B211,DADOS_COMPOSICAO,2,0))))))","v":"AUXILIAR DE ELETRICISTA COM ENCARGOS COMPLEMENTARES"},null,null,null,null,null,"SINAPI",{"$f":"IF(I211=\"SINAPI\",VLOOKUP(B211,DADOS_SINAPI,3,0),IF(I211=\"SETOP\",VLOOKUP(B211,DADOS_SETOP,3,0),IF(I211=\"SICRO\",VLOOKUP(B211,DADOS_SICRO,3,0),IF(I211=\"SUDECAP\",VLOOKUP(B211,DADOS_SUDECAP,3,0),IF(I211=\"COTAÇÃO\",VLOOKUP(B211,DADOS_COTACAO,9,0),VLOOKUP(B211,DADOS_COMPOSICAO,10,0))))))","v":"H"},61.618000000000002,{"$f":"IF(I211=\"SINAPI\",VLOOKUP(B211,DADOS_SINAPI,4,0),IF(I211=\"SETOP\",VLOOKUP(B211,DADOS_SETOP,4,0),IF(I211=\"SICRO\",VLOOKUP(B211,DADOS_SICRO,4,0),IF(I211=\"SUDECAP\",VLOOKUP(B211,DADOS_SUDECAP,4,0),IF(I211=\"COTAÇÃO\",VLOOKUP(B211,DADOS_COTACAO,12,0),VLOOKUP(B211,DADOS_COMPOSICAO,13,0))))))","v":23.51},{"$f":"K211*L211","v":1448.6391800000001}]
[null,88264,{"$f":"IF(I212=\"SINAPI\",VLOOKUP(B212,DADOS_SINAPI,2,0),IF(I212=\"SETOP\",VLOOKUP(B212,DADOS_SETOP,2,0),IF(I212=\"SICRO\",VLOOKUP(B212,DADOS_SICRO,2,0),IF(I212=\"SUDECAP\",VLOOKUP(B212,DADOS_SUDECAP,2,0),IF(I212=\"COTAÇÃO\",VLOOKUP(B212,DADOS_COTACAO,2,0),VLOOKUP(B212,DADOS_COMPOSICAO,2,0))))))","v":"ELETRICISTA COM ENCARGOS COMPLEMENTARES"},null,null,null,null,null,"SINAPI",{"$f":"IF(I212=\"SINAPI\",VLOOKUP(B212,DADOS_SINAPI,3,0),IF(I212=\"SETOP\",VLOOKUP(B212,DADOS_SETOP,3,0),IF(I212=\"SICRO\",VLOOKUP(B212,DADOS_SICRO,3,0),IF(I212=\"SUDECAP\",VLOOKUP(B212,DADOS_SUDECAP,3,0),IF(I212=\"COTAÇÃO\",VLOOKUP(B212,DADOS_COTACAO,9,0),VLOOKUP(B212,DADOS_COMPOSICAO,10,0))))))","v":"H"},61.618000000000002,{"$f":"IF(I212=\"SINAPI\",VLOOKUP(B212,DADOS_SINAPI,4,0),IF(I212=\"SETOP\",VLOOKUP(B212,DADOS_SETOP,4,0),IF(I212=\"SICRO\",VLOOKUP(B212,DADOS_SICRO,4,0),IF(I212=\"SUDECAP\",VLOOKUP(B212,DADOS_SUDECAP,4,0),IF(I212=\"COTAÇÃO\",VLOOKUP(B212,DADOS_COTACAO,12,0),VLOOKUP(B212,DADOS_COMPOSICAO,13,0))))))","v":28.98},1785.6896400000001]
[]
[""]
[19,{"$f":"VLOOKUP(A215,ORC!$D$77:$N$2069,2,0)","v":"SISTEMA DE PROTEÇÃO CONTRA DESCARGAS ATMOSFÉRICAS"}]
["DAC-19.1","FIXAÇÃO DE SUPORTE PARA BARRA CHATA ",null,null,null,null,null,null,"CPU","UN",null,null,{"$f":"SUM(M217:XFD219)","v":41.448}]
[null,{"$f":"COT!A81","v":"COT-SPDA-001"},{"$f":"IF(I217=\"SINAPI\",VLOOKUP(B217,DADOS_SINAPI,2,0),IF(I217=\"SETOP\",VLOOKUP(B217,DADOS_SETOP,2,0),IF(I217=\"SICRO\",VLOOKUP(B217,DADOS_SICRO,2,0),IF(I217=\"SUDECAP\",VLOOKUP(B217,DADOS_SUDECAP,2,0),IF(I217=\"COTAÇÃO\",VLOOKUP(B217,DADOS_COTACAO,2,0),VLOOKUP(B217,DADOS_COMPOSICAO,2,0))))))","v":"SUPORTE DE FIXAÇÃO PARA BARRA CHATA TEL 726"},null,null,null,null,null,"COTAÇÃO",{"$f":"IF(I217=\"SINAPI\",VLOOKUP(B217,DADOS_SINAPI,3,0),IF(I217=\"SETOP\",VLOOKUP(B217,DADOS_SETOP,3,0),IF(I217=\"SICRO\",VLOOKUP(B217,DADOS_SICRO,3,0),IF(I217=\"SUDECAP\",VLOOKUP(B217,DADOS_SUDECAP,3,0),IF(I217=\"COTAÇÃO\",VLOOKUP(B217,DADOS_COTACAO,9,0),VLOOKUP(B217,DADOS_COMPOSICAO,10,0))))))","v":"UN "},1,{"$f":"IF(I217=\"SINAPI\",VLOOKUP(B217,DADOS_SINAPI,4,0),IF(I217=\"SETOP\",VLOOKUP(B217,DADOS_SETOP,4,0),IF(I217=\"SICRO\",VLOOKUP(B217,DADOS_SICRO,4,0),IF(I217=\"SUDECAP\",VLOOKUP(B217,DADOS_SUDECAP,4,0),IF(I217=\"COTAÇÃO\",VLOOKUP(B217,DADOS_COTACAO,12,0),VLOOKUP(B217,DADOS_COMPOSICAO,13,0))))))","v":30.950000000000003},{"$f":"K217*L217","v":30.950000000000003}]
[null,88247,{"$f":"IF(I218=\"SINAPI\",VLOOKUP(B218,DADOS_SINAPI,2,0),IF(I218=\"SETOP\",VLOOKUP(B218,DADOS_SETOP,2,0),IF(I218=\"SICRO\",VLOOKUP(B218,DADOS_SICRO,2,0),IF(I218=\"SUDECAP\",VLOOKUP(B218,DADOS_SUDECAP,2,0),IF(I218=\"COTAÇÃO\",VLOOKUP(B218,DADOS_COTACAO,2,0),VLOOKUP(B218,DADOS_COMPOSICAO,2,0))))))","v":"AUXILIAR DE ELETRICISTA COM ENCARGOS COMPLEMENTARES"},null,null,null,null,null,"SINAPI",{"$f":"IF(I218=\"SINAPI\",VLOOKUP(B218,DADOS_SINAPI,3,0),IF(I218=\"SETOP\",VLOOKUP(B218,DADOS_SETOP,3,0),IF(I218=\"SICRO\",VLOOKUP(B218,DADOS_SICRO,3,0),IF(I218=\"SUDECAP\",VLOOKUP(B218,DADOS_SUDECAP,3,0),IF(I218=\"COTAÇÃO\",VLOOKUP(B218,DADOS_COTACAO,9,0),VLOOKUP(B218,DADOS_COMPOSICAO,10,0))))))","v":"H"},0.2,{"$f":"IF(I218=\"SINAPI\",VLOOKUP(B218,DADOS_SINAPI,4,0),IF(I218=\"SETOP\",VLOOKUP(B218,DADOS_SETOP,4,0),IF(I218=\"SICRO\",VLOOKUP(B218,DADOS_SICRO,4,0),IF(I218=\"SUDECAP\",VLOOKUP(B218,DADOS_SUDECAP,4,0),IF(I218=\"COTAÇÃO\",VLOOKUP(B218,DADOS_COTACAO,12,0),VLOOKUP(B218,DADOS_COMPOSICAO,13,0))))))","v":23.51},4.7020000000000008]
[null,88264,{"$f":"IF(I219=\"SINAPI\",VLOOKUP(B219,DADOS_SINAPI,2,0),IF(I219=\"SETOP\",VLOOKUP(B219,DADOS_SETOP,2,0),IF(I219=\"SICRO\",VLOOKUP(B219,DADOS_SICRO,2,0),IF(I219=\"SUDECAP\",VLOOKUP(B219,DADOS_SUDECAP,2,0),IF(I219=\"COTAÇÃO\",VLOOKUP(B219,DADOS_COTACAO,2,0),VLOOKUP(B219,DADOS_COMPOSICAO,2,0))))))","v":"ELETRICISTA COM ENCARGOS COMPLEMENTARES"},null,null,null,null,null,"SINAPI",{"$f":"IF(I219=\"SINAPI\",VLOOKUP(B219,DADOS_SINAPI,3,0),IF(I219=\"SETOP\",VLOOKUP(B219,DADOS_SETOP,3,0),IF(I219=\"SICRO\",VLOOKUP(B219,DADOS_SICRO,3,0),IF(I219=\"SUDECAP\",VLOOKUP(B219,DADOS_SUDECAP,3,0),IF(I219=\"COTAÇÃO\",VLOOKUP(B219,DADOS_COTACAO,9,0),VLOOKUP(B219,DADOS_COMPOSICAO,10,0))))))","v":"H"},0.2,{"$f":"IF(I219=\"SINAPI\",VLOOKUP(B219,DADOS_SINAPI,4,0),IF(I219=\"SETOP\",VLOOKUP(B219,DADOS_SETOP,4,0),IF(I219=\"SICRO\",VLOOKUP(B219,DADOS_SICRO,4,0),IF(I219=\"SUDECAP\",VLOOKUP(B219,DADOS_SUDECAP,4,0),IF(I219=\"COTAÇÃO\",VLOOKUP(B219,DADOS_COTACAO,12,0),VLOOKUP(B219,DADOS_COMPOSICAO,13,0))))))","v":28.98},5.7960000000000003]
[]
[""]
[20,{"$f":"VLOOKUP(A222,ORC!$D$77:$N$2069,2,0)","v":"SISTEMA DE PROTEÇÃO CONTRA INCÊNDIO E PÂNICO"}]
["DAC-20.1","FIXAÇÃO DE PLACAS FOTOLUMINESCENTES PARA SINALIZAÇÃO DE EMERGÊNCIA",null,null,null,null,null,null,"CPU","UN",null,null,{"$f":"SUM(M224:XFD226)","v":11.073484799999999}]
[null,88309,{"$f":"IF(I224=\"SINAPI\",VLOOKUP(B224,DADOS_SINAPI,2,0),IF(I224=\"SETOP\",VLOOKUP(B224,DADOS_SETOP,2,0),IF(I224=\"SICRO\",VLOOKUP(B224,DADOS_SICRO,2,0),IF(I224=\"SUDECAP\",VLOOKUP(B224,DADOS_SUDECAP,2,0),IF(I224=\"COTAÇÃO\",VLOOKUP(B224,DADOS_COTACAO,2,0),VLOOKUP(B224,DADOS_COMPOSICAO,2,0))))))","v":"PEDREIRO COM ENCARGOS COMPLEMENTARES"},null,null,null,null,null,"SINAPI",{"$f":"IF(I224=\"SINAPI\",VLOOKUP(B224,DADOS_SINAPI,3,0),IF(I224=\"SETOP\",VLOOKUP(B224,DADOS_SETOP,3,0),IF(I224=\"SICRO\",VLOOKUP(B224,DADOS_SICRO,3,0),IF(I224=\"SUDECAP\",VLOOKUP(B224,DADOS_SUDECAP,3,0),IF(I224=\"COTAÇÃO\",VLOOKUP(B224,DADOS_COTACAO,9,0),VLOOKUP(B224,DADOS_COMPOSICAO,10,0))))))","v":"H"},0.12222,{"$f":"IF(I224=\"SINAPI\",VLOOKUP(B224,DADOS_SINAPI,4,0),IF(I224=\"SETOP\",VLOOKUP(B224,DADOS_SETOP,4,0),IF(I224=\"SICRO\",VLOOKUP(B224,DADOS_SICRO,4,0),IF(I224=\"SUDECAP\",VLOOKUP(B224,DADOS_SUDECAP,4,0),IF(I224=\"COTAÇÃO\",VLOOKUP(B224,DADOS_COTACAO,12,0),VLOOKUP(B224,DADOS_COMPOSICAO,13,0))))))","v":28.6},{"$f":"K224*L224","v":3.495492}]
[null,88242,{"$f":"IF(I225=\"SINAPI\",VLOOKUP(B225,DADOS_SINAPI,2,0),IF(I225=\"SETOP\",VLOOKUP(B225,DADOS_SETOP,2,0),IF(I225=\"SICRO\",VLOOKUP(B225,DADOS_SICRO,2,0),IF(I225=\"SUDECAP\",VLOOKUP(B225,DADOS_SUDECAP,2,0),IF(I225=\"COTAÇÃO\",VLOOKUP(B225,DADOS_COTACAO,2,0),VLOOKUP(B225,DADOS_COMPOSICAO,2,0))))))","v":"AJUDANTE DE PEDREIRO COM ENCARGOS COMPLEMENTARES"},null,null,null,null,null,"SINAPI",{"$f":"IF(I225=\"SINAPI\",VLOOKUP(B225,DADOS_SINAPI,3,0),IF(I225=\"SETOP\",VLOOKUP(B225,DADOS_SETOP,3,0),IF(I225=\"SICRO\",VLOOKUP(B225,DADOS_SICRO,3,0),IF(I225=\"SUDECAP\",VLOOKUP(B225,DADOS_SUDECAP,3,0),IF(I225=\"COTAÇÃO\",VLOOKUP(B225,DADOS_COTACAO,9,0),VLOOKUP(B225,DADOS_COMPOSICAO,10,0))))))","v":"H"},0.24443999999999999,{"$f":"IF(I225=\"SINAPI\",VLOOKUP(B225,DADOS_SINAPI,4,0),IF(I225=\"SETOP\",VLOOKUP(B225,DADOS_SETOP,4,0),IF(I225=\"SICRO\",VLOOKUP(B225,DADOS_SICRO,4,0),IF(I225=\"SUDECAP\",VLOOKUP(B225,DADOS_SUDECAP,4,0),IF(I225=\"COTAÇÃO\",VLOOKUP(B225,DADOS_COTACAO,12,0),VLOOKUP(B225,DADOS_COMPOSICAO,13,0))))))","v":23.12},5.6514528000000004]
[null,"83.41.04",{"$f":"IF(I226=\"SINAPI\",VLOOKUP(B226,DADOS_SINAPI,2,0),IF(I226=\"SETOP\",VLOOKUP(B226,DADOS_SETOP,2,0),IF(I226=\"SICRO\",VLOOKUP(B226,DADOS_SICRO,2,0),IF(I226=\"SUDECAP\",VLOOKUP(B226,DADOS_SUDECAP,2,0),IF(I226=\"COTAÇÃO\",VLOOKUP(B226,DADOS_COTACAO,2,0),VLOOKUP(B226,DADOS_COMPOSICAO,2,0))))))","v":"FITA DUPLA FACE TRANSFERIVEL VHB12MMX20M UNITARIO 3M OU EQUIVALENTE"},null,null,null,null,null,"SUDECAP",0,0.126,{"$f":"IF(I226=\"SINAPI\",VLOOKUP(B226,DADOS_SINAPI,4,0),IF(I226=\"SETOP\",VLOOKUP(B226,DADOS_SETOP,4,0),IF(I226=\"SICRO\",VLOOKUP(B226,DADOS_SICRO,4,0),IF(I226=\"SUDECAP\",VLOOKUP(B226,DADOS_SUDECAP,4,0),IF(I226=\"COTAÇÃO\",VLOOKUP(B226,DADOS_COTACAO,12,0),VLOOKUP(B226,DADOS_COMPOSICAO,13,0))))))","v":15.29},1.9265399999999999]
[]
["DAC-20.2","INSTALAÇÃO DE EXTINTOR DE INCÊNDIO TIPO PÓ QUÍMICO 4-A:40-B:C, CAPACIDADE 6 KG",null,null,null,null,null,null,"CPU","UN",null,null,{"$f":"SUM(M229:M231)","v":13.84}]
[null,88267,{"$f":"IF(I229=\"SINAPI\",VLOOKUP(B229,DADOS_SINAPI,2,0),IF(I229=\"SETOP\",VLOOKUP(B229,DADOS_SETOP,2,0),IF(I229=\"SICRO\",VLOOKUP(B229,DADOS_SICRO,2,0),IF(I229=\"SUDECAP\",VLOOKUP(B229,DADOS_SUDECAP,2,0),IF(I229=\"COTAÇÃO\",VLOOKUP(B229,DADOS_COTACAO,2,0),VLOOKUP(B229,DADOS_COMPOSICAO,2,0))))))","v":"ENCANADOR OU BOMBEIRO HIDRÁULICO COM ENCARGOS COMPLEMENTARES"},null,null,null,null,null,"SINAPI",{"$f":"IF(I229=\"SINAPI\",VLOOKUP(B229,DADOS_SINAPI,3,0),IF(I229=\"SETOP\",VLOOKUP(B229,DADOS_SETOP,3,0),IF(I229=\"SICRO\",VLOOKUP(B229,DADOS_SICRO,3,0),IF(I229=\"SUDECAP\",VLOOKUP(B229,DADOS_SUDECAP,3,0),IF(I229=\"COTAÇÃO\",VLOOKUP(B229,DADOS_COTACAO,9,0),VLOOKUP(B229,DADOS_COMPOSICAO,10,0))))))","v":"H"},0.25,{"$f":"IF(I229=\"SINAPI\",VLOOKUP(B229,DADOS_SINAPI,4,0),IF(I229=\"SETOP\",VLOOKUP(B229,DADOS_SETOP,4,0),IF(I229=\"SICRO\",VLOOKUP(B229,DADOS_SICRO,4,0),IF(I229=\"SUDECAP\",VLOOKUP(B229,DADOS_SUDECAP,4,0),IF(I229=\"COTAÇÃO\",VLOOKUP(B229,DADOS_COTACAO,12,0),VLOOKUP(B229,DADOS_COMPOSICAO,13,0))))))","v":27.88},{"$f":"K229*L229","v":6.97}]
[null,88248,{"$f":"IF(I230=\"SINAPI\",VLOOKUP(B230,DADOS_SINAPI,2,0),IF(I230=\"SETOP\",VLOOKUP(B230,DADOS_SETOP,2,0),IF(I230=\"SICRO\",VLOOKUP(B230,DADOS_SICRO,2,0),IF(I230=\"SUDECAP\",VLOOKUP(B230,DADOS_SUDECAP,2,0),IF(I230=\"COTAÇÃO\",VLOOKUP(B230,DADOS_COTACAO,2,0),VLOOKUP(B230,DADOS_COMPOSICAO,2,0))))))","v":"AUXILIAR DE ENCANADOR OU BOMBEIRO HIDRÁULICO COM ENCARGOS COMPLEMENTARES"},null,null,null,null,null,"SINAPI",{"$f":"IF(I230=\"SINAPI\",VLOOKUP(B230,DADOS_SINAPI,3,0),IF(I230=\"SETOP\",VLOOKUP(B230,DADOS_SETOP,3,0),IF(I230=\"SICRO\",VLOOKUP(B230,DADOS_SICRO,3,0),IF(I230=\"SUDECAP\",VLOOKUP(B230,DADOS_SUDECAP,3,0),IF(I230=\"COTAÇÃO\",VLOOKUP(B230,DADOS_COTACAO,9,0),VLOOKUP(B230,DADOS_COMPOSICAO,10,0))))))","v":"H"},0.25,{"$f":"IF(I230=\"SINAPI\",VLOOKUP(B230,DADOS_SINAPI,4,0),IF(I230=\"SETOP\",VLOOKUP(B230,DADOS_SETOP,4,0),IF(I230=\"SICRO\",VLOOKUP(B230,DADOS_SICRO,4,0),IF(I230=\"SUDECAP\",VLOOKUP(B230,DADOS_SUDECAP,4,0),IF(I230=\"COTAÇÃO\",VLOOKUP(B230,DADOS_COTACAO,12,0),VLOOKUP(B230,DADOS_COMPOSICAO,13,0))))))","v":22.52},5.63]
[null,7583,{"$f":"IF(I231=\"SINAPI\",VLOOKUP(B231,DADOS_SINAPI,2,0),IF(I231=\"SETOP\",VLOOKUP(B231,DADOS_SETOP,2,0),IF(I231=\"SICRO\",VLOOKUP(B231,DADOS_SICRO,2,0),IF(I231=\"SUDECAP\",VLOOKUP(B231,DADOS_SUDECAP,2,0),IF(I231=\"COTAÇÃO\",VLOOKUP(B231,DADOS_COTACAO,2,0),VLOOKUP(B231,DADOS_COMPOSICAO,2,0))))))","v":"BUCHA DE NYLON SEM ABA S8, COM PARAFUSO DE 4,80 X 50 MM EM ACO ZINCADO COM ROSCA SOBERBA, CABECA CHATA E FENDA PHILLIPS"},null,null,null,null,null,"SINAPI",{"$f":"IF(I231=\"SINAPI\",VLOOKUP(B231,DADOS_SINAPI,3,0),IF(I231=\"SETOP\",VLOOKUP(B231,DADOS_SETOP,3,0),IF(I231=\"SICRO\",VLOOKUP(B231,DADOS_SICRO,3,0),IF(I231=\"SUDECAP\",VLOOKUP(B231,DADOS_SUDECAP,3,0),IF(I231=\"COTAÇÃO\",VLOOKUP(B231,DADOS_COTACAO,9,0),VLOOKUP(B231,DADOS_COMPOSICAO,10,0))))))","v":"UN"},2,{"$f":"IF(I231=\"SINAPI\",VLOOKUP(B231,DADOS_SINAPI,4,0),IF(I231=\"SETOP\",VLOOKUP(B231,DADOS_SETOP,4,0),IF(I231=\"SICRO\",VLOOKUP(B231,DADOS_SICRO,4,0),IF(I231=\"SUDECAP\",VLOOKUP(B231,DADOS_SUDECAP,4,0),IF(I231=\"COTAÇÃO\",VLOOKUP(B231,DADOS_COTACAO,12,0),VLOOKUP(B231,DADOS_COMPOSICAO,13,0))))))","v":0.62},1.24]
[]
["DAC-20.3","PINTURA ACRÍLICA PARA SINALIZAÇÃO HORIZONTAL EM PISO",null,null,null,null,null,null,"CPU","UN",null,null,{"$f":"SUM(M234:XFD236)","v":10.472999999999999}]
[null,88310,{"$f":"IF(I234=\"SINAPI\",VLOOKUP(B234,DADOS_SINAPI,2,0),IF(I234=\"SETOP\",VLOOKUP(B234,DADOS_SETOP,2,0),IF(I234=\"SICRO\",VLOOKUP(B234,DADOS_SICRO,2,0),IF(I234=\"SUDECAP\",VLOOKUP(B234,DADOS_SUDECAP,2,0),IF(I234=\"COTAÇÃO\",VLOOKUP(B234,DADOS_COTACAO,2,0),VLOOKUP(B234,DADOS_COMPOSICAO,2,0))))))","v":"PINTOR COM ENCARGOS COMPLEMENTARES"},null,null,null,null,null,"SINAPI",{"$f":"IF(I234=\"SINAPI\",VLOOKUP(B234,DADOS_SINAPI,3,0),IF(I234=\"SETOP\",VLOOKUP(B234,DADOS_SETOP,3,0),IF(I234=\"SICRO\",VLOOKUP(B234,DADOS_SICRO,3,0),IF(I234=\"SUDECAP\",VLOOKUP(B234,DADOS_SUDECAP,3,0),IF(I234=\"COTAÇÃO\",VLOOKUP(B234,DADOS_COTACAO,9,0),VLOOKUP(B234,DADOS_COMPOSICAO,10,0))))))","v":"H"},0.3,{"$f":"IF(I234=\"SINAPI\",VLOOKUP(B234,DADOS_SINAPI,4,0),IF(I234=\"SETOP\",VLOOKUP(B234,DADOS_SETOP,4,0),IF(I234=\"SICRO\",VLOOKUP(B234,DADOS_SICRO,4,0),IF(I234=\"SUDECAP\",VLOOKUP(B234,DADOS_SUDECAP,4,0),IF(I234=\"COTAÇÃO\",VLOOKUP(B234,DADOS_COTACAO,12,0),VLOOKUP(B234,DADOS_COMPOSICAO,13,0))))))","v":30.27},{"$f":"K234*L234","v":9.0809999999999995}]
[null,88831,{"$f":"IF(I235=\"SINAPI\",VLOOKUP(B235,DADOS_SINAPI,2,0),IF(I235=\"SETOP\",VLOOKUP(B235,DADOS_SETOP,2,0),IF(I235=\"SICRO\",VLOOKUP(B235,DADOS_SICRO,2,0),IF(I235=\"SUDECAP\",VLOOKUP(B235,DADOS_SUDECAP,2,0),IF(I235=\"COTAÇÃO\",VLOOKUP(B235,DADOS_COTACAO,2,0),VLOOKUP(B235,DADOS_COMPOSICAO,2,0))))))","v":"BETONEIRA CAPACIDADE NOMINAL DE 400 L, CAPACIDADE DE MISTURA 280 L, MOTOR ELÉTRICO TRIFÁSICO POTÊNCIA DE 2 CV, SEM CARREGADOR - CHI DIURNO. AF_05/2023"},null,null,null,null,null,"SINAPI",{"$f":"IF(I235=\"SINAPI\",VLOOKUP(B235,DADOS_SINAPI,3,0),IF(I235=\"SETOP\",VLOOKUP(B235,DADOS_SETOP,3,0),IF(I235=\"SICRO\",VLOOKUP(B235,DADOS_SICRO,3,0),IF(I235=\"SUDECAP\",VLOOKUP(B235,DADOS_SUDECAP,3,0),IF(I235=\"COTAÇÃO\",VLOOKUP(B235,DADOS_COTACAO,9,0),VLOOKUP(B235,DADOS_COMPOSICAO,10,0))))))","v":"CHI"},0.3,{"$f":"IF(I235=\"SINAPI\",VLOOKUP(B235,DADOS_SINAPI,4,0),IF(I235=\"SETOP\",VLOOKUP(B235,DADOS_SETOP,4,0),IF(I235=\"SICRO\",VLOOKUP(B235,DADOS_SICRO,4,0),IF(I235=\"SUDECAP\",VLOOKUP(B235,DADOS_SUDECAP,4,0),IF(I235=\"COTAÇÃO\",VLOOKUP(B235,DADOS_COTACAO,12,0),VLOOKUP(B235,DADOS_COMPOSICAO,13,0))))))","v":0.49},0.14699999999999999]
[null,7348,{"$f":"IF(I236=\"SINAPI\",VLOOKUP(B236,DADOS_SINAPI,2,0),IF(I236=\"SETOP\",VLOOKUP(B236,DADOS_SETOP,2,0),IF(I236=\"SICRO\",VLOOKUP(B236,DADOS_SICRO,2,0),IF(I236=\"SUDECAP\",VLOOKUP(B236,DADOS_SUDECAP,2,0),IF(I236=\"COTAÇÃO\",VLOOKUP(B236,DADOS_COTACAO,2,0),VLOOKUP(B236,DADOS_COMPOSICAO,2,0))))))","v":"TINTA ACRILICA PREMIUM PARA PISO"},null,null,null,null,null,"SINAPI",{"$f":"IF(I236=\"SINAPI\",VLOOKUP(B236,DADOS_SINAPI,3,0),IF(I236=\"SETOP\",VLOOKUP(B236,DADOS_SETOP,3,0),IF(I236=\"SICRO\",VLOOKUP(B236,DADOS_SICRO,3,0),IF(I236=\"SUDECAP\",VLOOKUP(B236,DADOS_SUDECAP,3,0),IF(I236=\"COTAÇÃO\",VLOOKUP(B236,DADOS_COTACAO,9,0),VLOOKUP(B236,DADOS_COMPOSICAO,10,0))))))","v":"L"},0.06,{"$f":"IF(I236=\"SINAPI\",VLOOKUP(B236,DADOS_SINAPI,4,0),IF(I236=\"SETOP\",VLOOKUP(B236,DADOS_SETOP,4,0),IF(I236=\"SICRO\",VLOOKUP(B236,DADOS_SICRO,4,0),IF(I236=\"SUDECAP\",VLOOKUP(B236,DADOS_SUDECAP,4,0),IF(I236=\"COTAÇÃO\",VLOOKUP(B236,DADOS_COTACAO,12,0),VLOOKUP(B236,DADOS_COMPOSICAO,13,0))))))","v":20.75},1.2449999999999999]
[]
[21,{"$f":"VLOOKUP(A238,ORC!$D$77:$N$2069,2,0)","v":"ACESSIBILIDADE"}]
["DAC-21.1","PLACA DE SINALIZACAO EM CHAPA DE ALUMINIO COM PINTURA REFLETIVA, E = 2 MM - FORNECIMENTO E INSTALAÇÃO",null,null,null,null,null,null,"CPU","M2    ",null,null,{"$f":"SUM(M240:M241)","v":1282.778}]
[null,34721,{"$f":"IF(I240=\"SINAPI\",VLOOKUP(B240,DADOS_SINAPI,2,0),IF(I240=\"SETOP\",VLOOKUP(B240,DADOS_SETOP,2,0),IF(I240=\"SICRO\",VLOOKUP(B240,DADOS_SICRO,2,0),IF(I240=\"SUDECAP\",VLOOKUP(B240,DADOS_SUDECAP,2,0),IF(I240=\"COTAÇÃO\",VLOOKUP(B240,DADOS_COTACAO,2,0),VLOOKUP(B240,DADOS_COMPOSICAO,2,0))))))","v":"PLACA DE SINALIZACAO EM CHAPA DE ALUMINIO COM PINTURA REFLETIVA, E = 2 MM"},null,null,null,null,null,"SINAPI",{"$f":"IF(I240=\"SINAPI\",VLOOKUP(B240,DADOS_SINAPI,3,0),IF(I240=\"SETOP\",VLOOKUP(B240,DADOS_SETOP,3,0),IF(I240=\"SICRO\",VLOOKUP(B240,DADOS_SICRO,3,0),IF(I240=\"SUDECAP\",VLOOKUP(B240,DADOS_SUDECAP,3,0),IF(I240=\"COTAÇÃO\",VLOOKUP(B240,DADOS_COTACAO,9,0),VLOOKUP(B240,DADOS_COMPOSICAO,10,0))))))","v":"M2"},1,{"$f":"IF(I240=\"SINAPI\",VLOOKUP(B240,DADOS_SINAPI,4,0),IF(I240=\"SETOP\",VLOOKUP(B240,DADOS_SETOP,4,0),IF(I240=\"SICRO\",VLOOKUP(B240,DADOS_SICRO,4,0),IF(I240=\"SUDECAP\",VLOOKUP(B240,DADOS_SUDECAP,4,0),IF(I240=\"COTAÇÃO\",VLOOKUP(B240,DADOS_COTACAO,12,0),VLOOKUP(B240,DADOS_COMPOSICAO,13,0))))))","v":1274.4100000000001},{"$f":"K240*L240","v":1274.4100000000001}]
[null,88316,{"$f":"IF(I241=\"SINAPI\",VLOOKUP(B241,DADOS_SINAPI,2,0),IF(I241=\"SETOP\",VLOOKUP(B241,DADOS_SETOP,2,0),IF(I241=\"SICRO\",VLOOKUP(B241,DADOS_SICRO,2,0),IF(I241=\"SUDECAP\",VLOOKUP(B241,DADOS_SUDECAP,2,0),IF(I241=\"COTAÇÃO\",VLOOKUP(B241,DADOS_COTACAO,2,0),VLOOKUP(B241,DADOS_COMPOSICAO,2,0))))))","v":"SERVENTE COM ENCARGOS COMPLEMENTARES"},null,null,null,null,null,"SINAPI",{"$f":"IF(I241=\"SINAPI\",VLOOKUP(B241,DADOS_SINAPI,3,0),IF(I241=\"SETOP\",VLOOKUP(B241,DADOS_SETOP,3,0),IF(I241=\"SICRO\",VLOOKUP(B241,DADOS_SICRO,3,0),IF(I241=\"SUDECAP\",VLOOKUP(B241,DADOS_SUDECAP,3,0),IF(I241=\"COTAÇÃO\",VLOOKUP(B241,DADOS_COTACAO,9,0),VLOOKUP(B241,DADOS_COMPOSICAO,10,0))))))","v":"H"},0.4,{"$f":"IF(I241=\"SINAPI\",VLOOKUP(B241,DADOS_SINAPI,4,0),IF(I241=\"SETOP\",VLOOKUP(B241,DADOS_SETOP,4,0),IF(I241=\"SICRO\",VLOOKUP(B241,DADOS_SICRO,4,0),IF(I241=\"SUDECAP\",VLOOKUP(B241,DADOS_SUDECAP,4,0),IF(I241=\"COTAÇÃO\",VLOOKUP(B241,DADOS_COTACAO,12,0),VLOOKUP(B241,DADOS_COMPOSICAO,13,0))))))","v":20.92},8.3680000000000003]
[]
["DAC-21.2","INSTALAÇÃO CHAPA DE PROTEÇÃO IMPACTO PARA PORTA 40X80",null,null,null,null,null,null,"CPU","UN",null,null,{"$f":"SUM(M244:M244)","v":4.1840000000000002}]
[null,88316,{"$f":"IF(I244=\"SINAPI\",VLOOKUP(B244,DADOS_SINAPI,2,0),IF(I244=\"SETOP\",VLOOKUP(B244,DADOS_SETOP,2,0),IF(I244=\"SICRO\",VLOOKUP(B244,DADOS_SICRO,2,0),IF(I244=\"SUDECAP\",VLOOKUP(B244,DADOS_SUDECAP,2,0),IF(I244=\"COTAÇÃO\",VLOOKUP(B244,DADOS_COTACAO,2,0),VLOOKUP(B244,DADOS_COMPOSICAO,2,0))))))","v":"SERVENTE COM ENCARGOS COMPLEMENTARES"},null,null,null,null,null,"SINAPI",{"$f":"IF(I244=\"SINAPI\",VLOOKUP(B244,DADOS_SINAPI,3,0),IF(I244=\"SETOP\",VLOOKUP(B244,DADOS_SETOP,3,0),IF(I244=\"SICRO\",VLOOKUP(B244,DADOS_SICRO,3,0),IF(I244=\"SUDECAP\",VLOOKUP(B244,DADOS_SUDECAP,3,0),IF(I244=\"COTAÇÃO\",VLOOKUP(B244,DADOS_COTACAO,9,0),VLOOKUP(B244,DADOS_COMPOSICAO,10,0))))))","v":"H"},0.2,{"$f":"IF(I244=\"SINAPI\",VLOOKUP(B244,DADOS_SINAPI,4,0),IF(I244=\"SETOP\",VLOOKUP(B244,DADOS_SETOP,4,0),IF(I244=\"SICRO\",VLOOKUP(B244,DADOS_SICRO,4,0),IF(I244=\"SUDECAP\",VLOOKUP(B244,DADOS_SUDECAP,4,0),IF(I244=\"COTAÇÃO\",VLOOKUP(B244,DADOS_COTACAO,12,0),VLOOKUP(B244,DADOS_COMPOSICAO,13,0))))))","v":20.92},4.1840000000000002]
[]
["DAC-21.3","PISO TATIL DE ALERTA OU DIRECIONAL, DE BORRACHA, PRETO, 25 X 25 CM, E = 12 MM, PARA ARGAMASSA - FORNECIMENTO E INSTALAÇÃO ",null,null,null,null,null,null,"CPU","M2    ",null,null,{"$f":"SUM(M247:M250)","v":562.29830000000015}]
[null,88316,{"$f":"IF(I247=\"SINAPI\",VLOOKUP(B247,DADOS_SINAPI,2,0),IF(I247=\"SETOP\",VLOOKUP(B247,DADOS_SETOP,2,0),IF(I247=\"SICRO\",VLOOKUP(B247,DADOS_SICRO,2,0),IF(I247=\"SUDECAP\",VLOOKUP(B247,DADOS_SUDECAP,2,0),IF(I247=\"COTAÇÃO\",VLOOKUP(B247,DADOS_COTACAO,2,0),VLOOKUP(B247,DADOS_COMPOSICAO,2,0))))))","v":"SERVENTE COM ENCARGOS COMPLEMENTARES"},null,null,null,null,null,"SINAPI",{"$f":"IF(I247=\"SINAPI\",VLOOKUP(B247,DADOS_SINAPI,3,0),IF(I247=\"SETOP\",VLOOKUP(B247,DADOS_SETOP,3,0),IF(I247=\"SICRO\",VLOOKUP(B247,DADOS_SICRO,3,0),IF(I247=\"SUDECAP\",VLOOKUP(B247,DADOS_SUDECAP,3,0),IF(I247=\"COTAÇÃO\",VLOOKUP(B247,DADOS_COTACAO,9,0),VLOOKUP(B247,DADOS_COMPOSICAO,10,0))))))","v":"H"},0.4,{"$f":"IF(I247=\"SINAPI\",VLOOKUP(B247,DADOS_SINAPI,4,0),IF(I247=\"SETOP\",VLOOKUP(B247,DADOS_SETOP,4,0),IF(I247=\"SICRO\",VLOOKUP(B247,DADOS_SICRO,4,0),IF(I247=\"SUDECAP\",VLOOKUP(B247,DADOS_SUDECAP,4,0),IF(I247=\"COTAÇÃO\",VLOOKUP(B247,DADOS_COTACAO,12,0),VLOOKUP(B247,DADOS_COMPOSICAO,13,0))))))","v":20.92},{"$f":"K247*L247","v":8.3680000000000003}]
[null,38185,{"$f":"IF(I248=\"SINAPI\",VLOOKUP(B248,DADOS_SINAPI,2,0),IF(I248=\"SETOP\",VLOOKUP(B248,DADOS_SETOP,2,0),IF(I248=\"SICRO\",VLOOKUP(B248,DADOS_SICRO,2,0),IF(I248=\"SUDECAP\",VLOOKUP(B248,DADOS_SUDECAP,2,0),IF(I248=\"COTAÇÃO\",VLOOKUP(B248,DADOS_COTACAO,2,0),VLOOKUP(B248,DADOS_COMPOSICAO,2,0))))))","v":"PISO TATIL DE ALERTA OU DIRECIONAL, DE BORRACHA, PRETO, 25 X 25 CM, E = 12 MM, PARA ARGAMASSA"},null,null,null,null,null,"SINAPI",{"$f":"IF(I248=\"SINAPI\",VLOOKUP(B248,DADOS_SINAPI,3,0),IF(I248=\"SETOP\",VLOOKUP(B248,DADOS_SETOP,3,0),IF(I248=\"SICRO\",VLOOKUP(B248,DADOS_SICRO,3,0),IF(I248=\"SUDECAP\",VLOOKUP(B248,DADOS_SUDECAP,3,0),IF(I248=\"COTAÇÃO\",VLOOKUP(B248,DADOS_COTACAO,9,0),VLOOKUP(B248,DADOS_COMPOSICAO,10,0))))))","v":"M2"},1,{"$f":"IF(I248=\"SINAPI\",VLOOKUP(B248,DADOS_SINAPI,4,0),IF(I248=\"SETOP\",VLOOKUP(B248,DADOS_SETOP,4,0),IF(I248=\"SICRO\",VLOOKUP(B248,DADOS_SICRO,4,0),IF(I248=\"SUDECAP\",VLOOKUP(B248,DADOS_SUDECAP,4,0),IF(I248=\"COTAÇÃO\",VLOOKUP(B248,DADOS_COTACAO,12,0),VLOOKUP(B248,DADOS_COMPOSICAO,13,0))))))","v":533.94000000000005},533.94000000000005]
[null,88309,{"$f":"IF(I249=\"SINAPI\",VLOOKUP(B249,DADOS_SINAPI,2,0),IF(I249=\"SETOP\",VLOOKUP(B249,DADOS_SETOP,2,0),IF(I249=\"SICRO\",VLOOKUP(B249,DADOS_SICRO,2,0),IF(I249=\"SUDECAP\",VLOOKUP(B249,DADOS_SUDECAP,2,0),IF(I249=\"COTAÇÃO\",VLOOKUP(B249,DADOS_COTACAO,2,0),VLOOKUP(B249,DADOS_COMPOSICAO,2,0))))))","v":"PEDREIRO COM ENCARGOS COMPLEMENTARES"},null,null,null,null,null,"SINAPI",{"$f":"IF(I249=\"SINAPI\",VLOOKUP(B249,DADOS_SINAPI,3,0),IF(I249=\"SETOP\",VLOOKUP(B249,DADOS_SETOP,3,0),IF(I249=\"SICRO\",VLOOKUP(B249,DADOS_SICRO,3,0),IF(I249=\"SUDECAP\",VLOOKUP(B249,DADOS_SUDECAP,3,0),IF(I249=\"COTAÇÃO\",VLOOKUP(B249,DADOS_COTACAO,9,0),VLOOKUP(B249,DADOS_COMPOSICAO,10,0))))))","v":"H"},0.4,{"$f":"IF(I249=\"SINAPI\",VLOOKUP(B249,DADOS_SINAPI,4,0),IF(I249=\"SETOP\",VLOOKUP(B249,DADOS_SETOP,4,0),IF(I249=\"SICRO\",VLOOKUP(B249,DADOS_SICRO,4,0),IF(I249=\"SUDECAP\",VLOOKUP(B249,DADOS_SUDECAP,4,0),IF(I249=\"COTAÇÃO\",VLOOKUP(B249,DADOS_COTACAO,12,0),VLOOKUP(B249,DADOS_COMPOSICAO,13,0))))))","v":28.6},11.440000000000001]
[null,"ED-48303",{"$f":"IF(I250=\"SINAPI\",VLOOKUP(B250,DADOS_SINAPI,2,0),IF(I250=\"SETOP\",VLOOKUP(B250,DADOS_SETOP,2,0),IF(I250=\"SICRO\",VLOOKUP(B250,DADOS_SICRO,2,0),IF(I250=\"SUDECAP\",VLOOKUP(B250,DADOS_SUDECAP,2,0),IF(I250=\"COTAÇÃO\",VLOOKUP(B250,DADOS_COTACAO,2,0),VLOOKUP(B250,DADOS_COMPOSICAO,2,0))))))","v":"ARGAMASSA, TRAÇO 1:4 (CIMENTO E AREIA), COM PREPARO MECANIZADO"},null,null,null,null,null,"SETOP",{"$f":"IF(I250=\"SINAPI\",VLOOKUP(B250,DADOS_SINAPI,3,0),IF(I250=\"SETOP\",VLOOKUP(B250,DADOS_SETOP,3,0),IF(I250=\"SICRO\",VLOOKUP(B250,DADOS_SICRO,3,0),IF(I250=\"SUDECAP\",VLOOKUP(B250,DADOS_SUDECAP,3,0),IF(I250=\"COTAÇÃO\",VLOOKUP(B250,DADOS_COTACAO,9,0),VLOOKUP(B250,DADOS_COMPOSICAO,10,0))))))","v":"m3"},1.4999999999999999E-2,{"$f":"IF(I250=\"SINAPI\",VLOOKUP(B250,DADOS_SINAPI,4,0),IF(I250=\"SETOP\",VLOOKUP(B250,DADOS_SETOP,4,0),IF(I250=\"SICRO\",VLOOKUP(B250,DADOS_SICRO,4,0),IF(I250=\"SUDECAP\",VLOOKUP(B250,DADOS_SUDECAP,4,0),IF(I250=\"COTAÇÃO\",VLOOKUP(B250,DADOS_COTACAO,12,0),VLOOKUP(B250,DADOS_COMPOSICAO,13,0))))))","v":570.02},8.5503]
[]
["DAC-21.4","PLACA TÁTIL BRAILLE EM ACRÍLICO 30X10 CM (ATÉ 3 PALAVRAS) - FORNECIMENTO E INSTALAÇÃO",null,null,null,null,null,null,"CPU","UN",null,null,{"$f":"SUM(M253:XFD254)","v":49.183999999999997}]
[null,88316,{"$f":"IF(I253=\"SINAPI\",VLOOKUP(B253,DADOS_SINAPI,2,0),IF(I253=\"SETOP\",VLOOKUP(B253,DADOS_SETOP,2,0),IF(I253=\"SICRO\",VLOOKUP(B253,DADOS_SICRO,2,0),IF(I253=\"SUDECAP\",VLOOKUP(B253,DADOS_SUDECAP,2,0),IF(I253=\"COTAÇÃO\",VLOOKUP(B253,DADOS_COTACAO,2,0),VLOOKUP(B253,DADOS_COMPOSICAO,2,0))))))","v":"SERVENTE COM ENCARGOS COMPLEMENTARES"},null,null,null,null,null,"SINAPI",{"$f":"IF(I253=\"SINAPI\",VLOOKUP(B253,DADOS_SINAPI,3,0),IF(I253=\"SETOP\",VLOOKUP(B253,DADOS_SETOP,3,0),IF(I253=\"SICRO\",VLOOKUP(B253,DADOS_SICRO,3,0),IF(I253=\"SUDECAP\",VLOOKUP(B253,DADOS_SUDECAP,3,0),IF(I253=\"COTAÇÃO\",VLOOKUP(B253,DADOS_COTACAO,9,0),VLOOKUP(B253,DADOS_COMPOSICAO,10,0))))))","v":"H"},0.2,{"$f":"IF(I253=\"SINAPI\",VLOOKUP(B253,DADOS_SINAPI,4,0),IF(I253=\"SETOP\",VLOOKUP(B253,DADOS_SETOP,4,0),IF(I253=\"SICRO\",VLOOKUP(B253,DADOS_SICRO,4,0),IF(I253=\"SUDECAP\",VLOOKUP(B253,DADOS_SUDECAP,4,0),IF(I253=\"COTAÇÃO\",VLOOKUP(B253,DADOS_COTACAO,12,0),VLOOKUP(B253,DADOS_COMPOSICAO,13,0))))))","v":20.92},{"$f":"K253*L253","v":4.1840000000000002}]
[null,"83.17.52",{"$f":"IF(I254=\"SINAPI\",VLOOKUP(B254,DADOS_SINAPI,2,0),IF(I254=\"SETOP\",VLOOKUP(B254,DADOS_SETOP,2,0),IF(I254=\"SICRO\",VLOOKUP(B254,DADOS_SICRO,2,0),IF(I254=\"SUDECAP\",VLOOKUP(B254,DADOS_SUDECAP,2,0),IF(I254=\"COTAÇÃO\",VLOOKUP(B254,DADOS_COTACAO,2,0),VLOOKUP(B254,DADOS_COMPOSICAO,2,0))))))","v":"PLACA TÁTIL BRAILLE EM ACRÍLICO 30X10 CM (ATÉ 3 PALAVRAS)"},null,null,null,null,null,"SUDECAP",{"$f":"IF(I254=\"SINAPI\",VLOOKUP(B254,DADOS_SINAPI,3,0),IF(I254=\"SETOP\",VLOOKUP(B254,DADOS_SETOP,3,0),IF(I254=\"SICRO\",VLOOKUP(B254,DADOS_SICRO,3,0),IF(I254=\"SUDECAP\",VLOOKUP(B254,DADOS_SUDECAP,3,0),IF(I254=\"COTAÇÃO\",VLOOKUP(B254,DADOS_COTACAO,9,0),VLOOKUP(B254,DADOS_COMPOSICAO,10,0))))))","v":"UN"},1,{"$f":"IF(I254=\"SINAPI\",VLOOKUP(B254,DADOS_SINAPI,4,0),IF(I254=\"SETOP\",VLOOKUP(B254,DADOS_SETOP,4,0),IF(I254=\"SICRO\",VLOOKUP(B254,DADOS_SICRO,4,0),IF(I254=\"SUDECAP\",VLOOKUP(B254,DADOS_SUDECAP,4,0),IF(I254=\"COTAÇÃO\",VLOOKUP(B254,DADOS_COTACAO,12,0),VLOOKUP(B254,DADOS_COMPOSICAO,13,0))))))","v":45},45]
[]
["DAC-21.5","INSTALAÇÃO DE ADESIVO DE SINALIZAÇÃO PARA CADEIRANTE PARA PISO",null,null,null,null,null,null,"CPU","UN",null,null,{"$f":"SUM(M257)","v":10.46}]
[null,88316,{"$f":"IF(I257=\"SINAPI\",VLOOKUP(B257,DADOS_SINAPI,2,0),IF(I257=\"SETOP\",VLOOKUP(B257,DADOS_SETOP,2,0),IF(I257=\"SICRO\",VLOOKUP(B257,DADOS_SICRO,2,0),IF(I257=\"SUDECAP\",VLOOKUP(B257,DADOS_SUDECAP,2,0),IF(I257=\"COTAÇÃO\",VLOOKUP(B257,DADOS_COTACAO,2,0),VLOOKUP(B257,DADOS_COMPOSICAO,2,0))))))","v":"SERVENTE COM ENCARGOS COMPLEMENTARES"},null,null,null,null,null,"SINAPI",{"$f":"IF(I257=\"SINAPI\",VLOOKUP(B257,DADOS_SINAPI,3,0),IF(I257=\"SETOP\",VLOOKUP(B257,DADOS_SETOP,3,0),IF(I257=\"SICRO\",VLOOKUP(B257,DADOS_SICRO,3,0),IF(I257=\"SUDECAP\",VLOOKUP(B257,DADOS_SUDECAP,3,0),IF(I257=\"COTAÇÃO\",VLOOKUP(B257,DADOS_COTACAO,9,0),VLOOKUP(B257,DADOS_COMPOSICAO,10,0))))))","v":"H"},0.5,{"$f":"IF(I257=\"SINAPI\",VLOOKUP(B257,DADOS_SINAPI,4,0),IF(I257=\"SETOP\",VLOOKUP(B257,DADOS_SETOP,4,0),IF(I257=\"SICRO\",VLOOKUP(B257,DADOS_SICRO,4,0),IF(I257=\"SUDECAP\",VLOOKUP(B257,DADOS_SUDECAP,4,0),IF(I257=\"COTAÇÃO\",VLOOKUP(B257,DADOS_COTACAO,12,0),VLOOKUP(B257,DADOS_COMPOSICAO,13,0))))))","v":20.92},{"$f":"K257*L257","v":10.46}]
[]
[22,{"$f":"VLOOKUP(A259,ORC!$D$77:$N$2069,2,0)","v":"COMPENSAÇÃO AMBIENTAL"}]
["DAC-22.1","APLICAÇÃO DE FERTILIZANTE EM SOLO",null,null,null,null,null,null,"CPU","M2    ",null,null,{"$f":"SUM(M261:M262)","v":1.4401680000000001}]
[null,88441,{"$f":"IF(I261=\"SINAPI\",VLOOKUP(B261,DADOS_SINAPI,2,0),IF(I261=\"SETOP\",VLOOKUP(B261,DADOS_SETOP,2,0),IF(I261=\"SICRO\",VLOOKUP(B261,DADOS_SICRO,2,0),IF(I261=\"SUDECAP\",VLOOKUP(B261,DADOS_SUDECAP,2,0),IF(I261=\"COTAÇÃO\",VLOOKUP(B261,DADOS_COTACAO,2,0),VLOOKUP(B261,DADOS_COMPOSICAO,2,0))))))","v":"JARDINEIRO COM ENCARGOS COMPLEMENTARES"},null,null,null,null,null,"SINAPI",{"$f":"IF(I261=\"SINAPI\",VLOOKUP(B261,DADOS_SINAPI,3,0),IF(I261=\"SETOP\",VLOOKUP(B261,DADOS_SETOP,3,0),IF(I261=\"SICRO\",VLOOKUP(B261,DADOS_SICRO,3,0),IF(I261=\"SUDECAP\",VLOOKUP(B261,DADOS_SUDECAP,3,0),IF(I261=\"COTAÇÃO\",VLOOKUP(B261,DADOS_COTACAO,9,0),VLOOKUP(B261,DADOS_COMPOSICAO,10,0))))))","v":"H"},1.12E-2,{"$f":"IF(I261=\"SINAPI\",VLOOKUP(B261,DADOS_SINAPI,4,0),IF(I261=\"SETOP\",VLOOKUP(B261,DADOS_SETOP,4,0),IF(I261=\"SICRO\",VLOOKUP(B261,DADOS_SICRO,4,0),IF(I261=\"SUDECAP\",VLOOKUP(B261,DADOS_SUDECAP,4,0),IF(I261=\"COTAÇÃO\",VLOOKUP(B261,DADOS_COTACAO,12,0),VLOOKUP(B261,DADOS_COMPOSICAO,13,0))))))","v":24.36},{"$f":"K261*L261","v":0.27283199999999996}]
[null,88316,{"$f":"IF(I262=\"SINAPI\",VLOOKUP(B262,DADOS_SINAPI,2,0),IF(I262=\"SETOP\",VLOOKUP(B262,DADOS_SETOP,2,0),IF(I262=\"SICRO\",VLOOKUP(B262,DADOS_SICRO,2,0),IF(I262=\"SUDECAP\",VLOOKUP(B262,DADOS_SUDECAP,2,0),IF(I262=\"COTAÇÃO\",VLOOKUP(B262,DADOS_COTACAO,2,0),VLOOKUP(B262,DADOS_COMPOSICAO,2,0))))))","v":"SERVENTE COM ENCARGOS COMPLEMENTARES"},null,null,null,null,null,"SINAPI",{"$f":"IF(I262=\"SINAPI\",VLOOKUP(B262,DADOS_SINAPI,3,0),IF(I262=\"SETOP\",VLOOKUP(B262,DADOS_SETOP,3,0),IF(I262=\"SICRO\",VLOOKUP(B262,DADOS_SICRO,3,0),IF(I262=\"SUDECAP\",VLOOKUP(B262,DADOS_SUDECAP,3,0),IF(I262=\"COTAÇÃO\",VLOOKUP(B262,DADOS_COTACAO,9,0),VLOOKUP(B262,DADOS_COMPOSICAO,10,0))))))","v":"H"},5.5800000000000002E-2,{"$f":"IF(I262=\"SINAPI\",VLOOKUP(B262,DADOS_SINAPI,4,0),IF(I262=\"SETOP\",VLOOKUP(B262,DADOS_SETOP,4,0),IF(I262=\"SICRO\",VLOOKUP(B262,DADOS_SICRO,4,0),IF(I262=\"SUDECAP\",VLOOKUP(B262,DADOS_SUDECAP,4,0),IF(I262=\"COTAÇÃO\",VLOOKUP(B262,DADOS_COTACAO,12,0),VLOOKUP(B262,DADOS_COMPOSICAO,13,0))))))","v":20.92},1.1673360000000002]
[]
[23,{"$f":"VLOOKUP(A264,ORC!$D$77:$N$2069,2,0)","v":"LAUDOS CAUTELARES"}]
["DAC-23.1","LAUDO CAUTELAR - EDIFICAÇÕES RESIDENCIAIS",null,null,null,null,null,null,"CPU","UN",null,null,{"$f":"SUM(M266:M267)","v":729.66}]
[null,90778,{"$f":"IF(I266=\"SINAPI\",VLOOKUP(B266,DADOS_SINAPI,2,0),IF(I266=\"SETOP\",VLOOKUP(B266,DADOS_SETOP,2,0),IF(I266=\"SICRO\",VLOOKUP(B266,DADOS_SICRO,2,0),IF(I266=\"SUDECAP\",VLOOKUP(B266,DADOS_SUDECAP,2,0),IF(I266=\"COTAÇÃO\",VLOOKUP(B266,DADOS_COTACAO,2,0),VLOOKUP(B266,DADOS_COMPOSICAO,2,0))))))","v":"ENGENHEIRO CIVIL DE OBRA PLENO COM ENCARGOS COMPLEMENTARES"},null,null,null,null,null,"SINAPI",{"$f":"IF(I266=\"SINAPI\",VLOOKUP(B266,DADOS_SINAPI,3,0),IF(I266=\"SETOP\",VLOOKUP(B266,DADOS_SETOP,3,0),IF(I266=\"SICRO\",VLOOKUP(B266,DADOS_SICRO,3,0),IF(I266=\"SUDECAP\",VLOOKUP(B266,DADOS_SUDECAP,3,0),IF(I266=\"COTAÇÃO\",VLOOKUP(B266,DADOS_COTACAO,9,0),VLOOKUP(B266,DADOS_COMPOSICAO,10,0))))))","v":"H"},6,{"$f":"IF(I266=\"SINAPI\",VLOOKUP(B266,DADOS_SINAPI,4,0),IF(I266=\"SETOP\",VLOOKUP(B266,DADOS_SETOP,4,0),IF(I266=\"SICRO\",VLOOKUP(B266,DADOS_SICRO,4,0),IF(I266=\"SUDECAP\",VLOOKUP(B266,DADOS_SUDECAP,4,0),IF(I266=\"COTAÇÃO\",VLOOKUP(B266,DADOS_COTACAO,12,0),VLOOKUP(B266,DADOS_COMPOSICAO,13,0))))))","v":121.61},{"$f":"K266*L266","v":729.66}]
[]
[]
[]
[]
[]
[]
[]
[]
[]
[null,null,null,"RESPONSÁVEL TÉCNICO:",null,null,{"$f":"DADOS!D16","v":"ALOISIO CAETANO FERREIRA"}]
[null,null,null,null,null,null,{"$f":"DADOS!D18","v":"CREA -  MG 97.132/D"}]

{"sheet":"COT","index":8,"n_rows":139,"n_cols":12,"rows_kept":139,"cut":false,"hidden":false,"merged":[[122,1,122,7],[124,2,124,5],[125,2,125,5],[126,2,126,5],[96,1,96,7],[98,2,98,5],[99,2,99,5],[100,2,100,5],[119,2,119,5],[120,2,120,5],[102,1,102,7],[104,2,104,5],[111,1,111,7],[113,2,113,5],[114,2,114,5],[115,2,115,5],[75,1,75,7],[77,2,77,5],[90,1,90,7],[92,2,92,5],[93,2,93,5],[78,2,78,5],[84,1,84,7],[86,2,86,5],[87,2,87,5],[88,2,88,5],[80,1,80,7],[82,2,82,5],[73,2,73,5],[60,2,60,5],[61,2,61,5],[63,1,63,7],[65,2,65,5],[66,2,66,5],[67,2,67,5],[69,1,69,7],[55,2,55,5],[57,1,57,7],[59,2,59,5],[71,2,71,5],[72,2,72,5],[1,0,2,9],[4,0,8,2],[4,10,6,11],[9,0,9,11],[10,0,10,11],[53,2,53,5],[54,2,54,5],[138,5,138,6],[14,2,14,5],[137,2,137,4],[137,5,137,6],[21,1,21,7],[23,2,23,5],[24,2,24,5],[25,2,25,5],[27,1,27,7],[29,2,29,5],[30,2,30,5],[31,2,31,5],[33,1,33,7],[35,2,35,5],[45,1,45,7],[47,2,47,5],[48,2,48,5],[49,2,49,5],[51,1,51,7],[12,1,12,7],[39,1,39,7],[41,2,41,5],[42,2,42,5],[43,2,43,5],[36,2,36,5],[37,2,37,5],[16,1,16,7],[18,2,18,5],[19,2,19,5],[117,1,117,7],[106,1,106,7],[108,2,108,5],[109,2,109,5],[94,2,94,5]]}
[]
["PLANILHA DE COTAÇÕES",null,null,null,null,null,null,null,null,null,"Revisão:",{"$f":"DADOS!D6","v":"R01"}]
[null,null,null,null,null,null,null,null,null,null,"Data: ",{"$f":"DADOS!D2","v":"2025-04-04"}]
["Projeto:",null,null,"Responsável:",null,null,"Cliente:",null,null,null,"Bancos:"]
[{"$f":"DADOS!D8","v":"AMPLIAÇÃO DO C.E.I.M. MARILISA LOPES DE OLIVEIRA"},null,null,{"$f":"DADOS!G8","v":0},null,null,null,null,null,null,{"$f":"DADOS!D14","v":"SINAPI: 02/2025 Minas Gerais\nSETOP: 10/2024 Minas Gerais\nSICRO : 10/2024 Minas Gerais\nSUDECAP: 10/2024 Minas Gerais"}]
[]
[]
[null,null,null,null,null,null,null,null,null,null,"BDI 1:",{"$f":"DADOS!D10","v":0.26519999999999999}]
[null,null,null,null,null,null,null,null,null,null,"BDI 2:",{"$f":"DADOS!D12","v":"-"}]
[]
[{"$f":"A2&\" DE \"&DADOS!D20&\" - \"&A5","v":"PLANILHA DE COTAÇÕES DE PROJETO EXECUTIVO - AMPLIAÇÃO DO C.E.I.M. MARILISA LOPES DE OLIVEIRA"}]
[]
["COT-ARQ-001","COBERTURA DE POLICARBONATO 2,00 MM, INCLUSIVE ESTRUTURA METÁLICA, CALHAS E PINTURA",null,null,null,null,null,null,"M2",null,null,{"$f":"MEDIAN(L15:XFD15)","v":665.93000000000006}]
["EMPRESA","CIDADE","LOCAL / LINK",null,null,null,"CNPJ","CONTATO ","UN ","VALOR","FRETE","TOTAL"]
["VISION COMUNICAÇÃO VISUAL",null,"PROPOSTA COMERCIAL",null,null,null,"37.242.993/0001-90","(35) 9860-3531","M2",636.94000000000005,28.99,{"$f":"J15+K15","v":665.93000000000006}]
[]
["COT-EQUI-001","COIFA INDUSTRIAL PARA FOGÃO - FORNECIMENTO E INSTALAÇÃO",null,null,null,null,null,null,"UN ",null,null,{"$f":"MEDIAN(L19:XFD20)","v":5222.5}]
["EMPRESA","CIDADE","LOCAL / LINK",null,null,null,"CNPJ","CONTATO ","UN ","VALOR","FRETE","TOTAL"]
["INOXSIM",null,"PROPOSTA COMERCIAL",null,null,null,"29.358.545/0001-56","(35) 9915-0100","UN ",5870,0,{"$f":"J19+K19","v":5870}]
["POUSO INOX",null,"PROPOSTA COMERCIAL",null,null,null,"12.115.379/0001-64","(35) 9927-5518","UN ",4575,0,{"$f":"J20+K20","v":4575}]
[]
["COT-DAD-001","NVR 16 PORTAS",null,null,null,null,null,null,"UN ",null,null,{"$f":"MEDIAN(L24:XFD26)","v":3079.66}]
["EMPRESA","CIDADE","LOCAL / LINK",null,null,null,"CNPJ","CONTATO ","UN ","VALOR","FRETE","TOTAL"]
["AMAZON",null,"https://www.amazon.com.br/gravador-canais-v%C3%ADdeo-Intelbras-3316-P/dp/B0B1LVWBM7?source=ps-sl-shoppingads-lpcontext&ref_=fplfs&psc=1&smid=A3FH3SY6IF6Y95",null,null,null,"15.436.940/0001-03","0800 038 0541","UN ",3046.86,53.52,{"$f":"J24+K24","v":3100.38}]
["TUDO FORTE",null,"https://www.tudoforte.com.br/gravador-de-video-intelbras-nvd-3316-p-4k-16-canais-com-16-portas-poe-suporta-cameras-ip?parceiro=6347&srsltid=AfmBOop3Dczt7AZk7OlnLdro-edMfbEzSkxsNncZ7J3TxPPBdunXYQ3BGrQ",null,null,null,"17.666.002/0001-17","(11) 4062-7849","UN ",3010.1,0,{"$f":"J25+K25","v":3010.1}]
["KABUM",null,"https://www.kabum.com.br/produto/367602/gravador-de-video-intelbras-serie-3000-nvr-16-canais-3316?srsltid=AfmBOopXiTyyAiHZI_C-QR9GMEQ4AtE5ADopXN-3vH19auT-f7aRcyERRV8",null,null,null,"05.570.714/0001-59","(19) 2114-4444","UN ",3038.98,40.68,{"$f":"J26+K26","v":3079.66}]
[]
["COT-DAD-002","HD 2 TB",null,null,null,null,null,null,"UN ",null,null,{"$f":"MEDIAN(L30:XFD32)","v":755.08}]
["EMPRESA","CIDADE","LOCAL / LINK",null,null,null,"CNPJ","CONTATO ","UN ","VALOR","FRETE","TOTAL"]
["AMAZON",null,"https://www.kabum.com.br/produto/204584/hd-externo-seagate-firecuda-gaming-2tb-led-rgb-usb-preto-stkl2000400",null,null,null,"15.436.940/0001-03","0800 038 0541","UN ",427.5,18.600000000000001,{"$f":"J30+K30","v":446.1}]
["MAGAZINE LUIZA",null,"https://www.magazineluiza.com.br/hd-seagate-barracuda-2tb-3-5-st2000dm008/p/ak91ek16ab/in/armt/",null,null,null,"15.436.940/0001-03","0800 773 3838","UN ",799.99,18.600000000000001,{"$f":"J31+K31","v":818.59}]
["TUDO FORTE",null,"https://www.tudoforte.com.br/hd-interno-wd-purple-2tb-surveillance-sata-iii-6gb/s-5400-rpm-wd20purz?parceiro=6347&utm_source=google&utm_medium=cpc&utm_term=&campaignid=16698014837&adgroupid=&targetid=&adid=&rnd=10771864723408634540&gclid=CjwKCAjw69moBhBgEiwAUFCx2KmvOQ4JdKIRBNkt4eXMuHO54vl0fYeIqU1CsR8JOvybxVyRGVQ27xoChwQQAvD_BwE",null,null,null,"17.666.002/0001-17","(11) 4062-7849","UN ",706.45,48.63,{"$f":"J32+K32","v":755.08}]
[]
["COT-DAD-003","SWITCH GIGABIT 24 PORTAS POE",null,null,null,null,null,null,"UN ",null,null,{"$f":"MEDIAN(L36:XFD38)","v":1367.46}]
["EMPRESA","CIDADE","LOCAL / LINK",null,null,null,"CNPJ","CONTATO ","UN ","VALOR","FRETE","TOTAL"]
["GIGANTEC",null,"https://www.gigantec.com.br/switch-gerenciavel-tp-link-tl-sg3428-l2-24-portas-gigabit-10-100-1000mbps-4-slots-sfp.html",null,null,null,"09.634.457/0001-22","(41) 3033-7179","UN ",1329.9,37.56,{"$f":"J36+K36","v":1367.46}]
["AMAZON",null,"https://www.amazon.com.br/SWITCH-GERENCI%C3%81VEL-GIGABIT-JETSTREAM-TL-SG3428/dp/B08MH7LN99?source=ps-sl-shoppingads-lpcontext&ref_=fplfs&psc=1&smid=A3PPGJX18DKYL",null,null,null,"15.436.940/0001-03","0800 038 0541","UN ",1499,0,{"$f":"J37+K37","v":1499}]
["KABUM",null,"https://www.kabum.com.br/produto/190124/switch-tp-link-tl-sg3428-t1600g-28ts-t2600g-28ts-gerenciavel-gigabit-l2-com-4-slots-24-portas?srsltid=AfmBOorbltDStpb-ap1WA5tlmPOmd5AaNU7nO2x0da77qBi5P9zHNgkpmN0",null,null,null,"05.570.714/0001-59","(19) 2114-4444","UN ",1323,28.08,{"$f":"J38+K38","v":1351.08}]
[]
["COT-DAD-004","SWITCH GIGABIT 48 PORTAS POE",null,null,null,null,null,null,"UN ",null,null,{"$f":"MEDIAN(L42:XFD44)","v":5842.79}]
["EMPRESA","CIDADE","LOCAL / LINK",null,null,null,"CNPJ","CONTATO ","UN ","VALOR","FRETE","TOTAL"]
["AMERICANAS",null,"https://www.americanas.com.br/produto/6609588924/switch-48-portas-poe-tp-link-gigabit-10-100-1000mbps-tl-sg3452p?opn=YSMESP&offerId=6389f7b5401db3b86bae9ea3&srsltid=AfmBOop3jXf-qRa8nQkko658NGvjBY9wSluT-U4BxcSX7sIezCYnP2ukrvY",null,null,null,"00.776.574/0006-60","4003 4848","UN ",5842.79,0,{"$f":"J42+K42","v":5842.79}]
["MAGAZINE LUIZA",null,"https://www.magazineluiza.com.br/switch-48-portas-poe-tp-link-gigabit-10-100-1000mbps-tl-sg3452p/p/ae065kajgg/in/swit/?seller_id=gigantec",null,null,null,"15.436.940/0001-03","0800 773 3838","UN ",5700.09,61.3,{"$f":"J43+K43","v":5761.39}]
["SUBMARINO",null,"https://www.submarino.com.br/produto/6609588924?opn=XMLGOOGLE&offerId=6389f7b5401db3b86bae9ea3",null,null,null,"00.776.574/0006-60","4003 5544","UN ",5842.79,0,{"$f":"J44+K44","v":5842.79}]
[]
["COT-DAD-005","ACCESS POINT",null,null,null,null,null,null,"UN ",null,null,{"$f":"MEDIAN(L48:XFD50)","v":976.79}]
["EMPRESA","CIDADE","LOCAL / LINK",null,null,null,"CNPJ","CONTATO ","UN ","VALOR","FRETE","TOTAL"]
["KABUM",null,"https://www.kabum.com.br/produto/409430/access-point-ubiquiti-unifi-6-lite-u6-lite-dual-band-2-4-ghz-e-5-ghz-1201mbps-gigabit-poe?srsltid=AfmBOopcj-kBWMVO-aSwQl3BTEurz_7zVGP3saaynSHt8LTkZdTRG1zDrXs",null,null,null,"05.570.714/0001-59","(11) 3777-7502","UN ",960.4,16.39,{"$f":"J48+K48","v":976.79}]
["AMAZON",null,"https://www.amazon.com.br/Ponto-acesso-Ubiquiti-U6-LITE-UniFi/dp/B08T6CKG5B?source=ps-sl-shoppingads-lpcontext&ref_=fplfs&psc=1&smid=A17SCC0J0BZUPZ",null,null,null,"15.436.940/0001-03","0800 038 0541","UN ",949.99,0,{"$f":"J49+K49","v":949.99}]
["MAGAZINE LUIZA",null,"https://www.magazineluiza.com.br/access-point-ubiquiti-ap-unifi-uap-ac-pro-br-mimo-poe/p/gg2f5j9de3/in/sspt/",null,null,null,"15.436.940/0001-03","0800 773 3838","UN ",1399,85.55,{"$f":"J50+K50","v":1484.55}]
[]
["COT-DAD-006","CAMERA POE",null,null,null,null,null,null,"UN ",null,null,{"$f":"MEDIAN(L54:XFD56)","v":605}]
["EMPRESA","CIDADE","LOCAL / LINK",null,null,null,"CNPJ","CONTATO ","UN ","VALOR","FRETE","TOTAL"]
["AMERICANAS",null,"https://www.americanas.com.br/produto/1976104223?opn=YSMESP&offerId=5f450f9fcc79e88b8678b67d&srsltid=AfmBOoqxrOjpeOqp98Ys0zecFuLTRLBMnGXTxQP4xJIm0mnUk9G5BsPQEj8&voltagem=12v%20%2F%20Poe&condition=NEW",null,null,null,"00.776.574/0006-60","4003 4848","UN ",605,0,{"$f":"J54+K54","v":605}]
["AMAZON",null,"https://www.amazon.com.br/C%C3%82MERA-DIGITAL-HIKVISION-2560X1440-DS-2CD1043G0-I/dp/B08H5TR1J3",null,null,null,"15.436.940/0001-03","0800 038 0541","UN ",573.42999999999995,17.27,{"$f":"J55+K55","v":590.69999999999993}]
["MAGAZINE LUIZA",null,"https://www.magazineluiza.com.br/camera-ip-hikvision-bullet-ds-2cd1043g2-i-4mp-2-8m/p/ca045e0037/cj/cagu/",null,null,null,"15.436.940/0001-03","0800 773 3838","UN ",685.52,0,{"$f":"J56+K56","v":685.52}]
[]
["COT-DAD-007","RACK 16U 19\" 570mm",null,null,null,null,null,null,"UN ",null,null,{"$f":"MEDIAN(L60:XFD62)","v":1599.74}]
["EMPRESA","CIDADE","LOCAL / LINK",null,null,null,"CNPJ","CONTATO ","UN ","VALOR","FRETE","TOTAL"]
["KABUM",null,"https://www.kabum.com.br/produto/453183/rack-max-eletron-servidor-padrao-19-polegadas-16u-x-570mm-acr-solda-piso-5017?gclid=CjwKCAjw69moBhBgEiwAUFCx2Gt3rx1YxcQAmvJ1YLYHUV-oYIHs7R7YUjaCPcXV2Vl5LZCldZ1prBoCenEQAvD_BwE",null,null,null,"05.570.714/0001-59","(11) 3777-7502","UN ",1386.64,213.1,{"$f":"J60+K60","v":1599.74}]
["RACKFORT",null,"https://www.rackfort.com.br/rack-fechado/rack-servidor-fechado-16u-x-570mm?utm_source=Site&utm_medium=GoogleMerchant&utm_campaign=GoogleMerchant",null,null,null,"31.690.876/0001-30","(41) 4103-1717","UN ",1322.3,151.13999999999999,{"$f":"J61+K61","v":1473.44}]
["BETANMAX",null,"https://www.betanmax.com.br/racks-de-piso-fechado-19/rack-de-piso-16us-x-570mm-x-19-fechado-cor-preta",null,null,null,"17.030.448/0001-50","(13) 3468-2421","UN ",1030,602.94000000000005,{"$f":"J62+K62","v":1632.94}]
[]
["COT-DAD-008","RACK 12U 19\" 570mm",null,null,null,null,null,null,"UN ",null,null,{"$f":"MEDIAN(L66:XFD68)","v":1312.1599999999999}]
["EMPRESA","CIDADE","LOCAL / LINK",null,null,null,"CNPJ","CONTATO ","UN ","VALOR","FRETE","TOTAL"]
["KABUM",null,"https://www.kabum.com.br/produto/453157/rack-max-eletron-servidor-padrao-19-polegadas-12u-x-570mm-acr-solda-parede",null,null,null,"05.570.714/0001-59","(11) 3777-7502","UN ",608.16,212.76,{"$f":"J66+K66","v":820.92}]
["RACKFORT",null,"https://www.rackfort.com.br/rack-servidor-fechado-12u-x-570mm",null,null,null,"31.690.876/0001-30","(41) 4103-1717","UN ",1191.5999999999999,120.56,{"$f":"J67+K67","v":1312.1599999999999}]
["BETANMAX",null,"https://www.betanmax.com.br/racks-de-piso/rack-de-piso-12us-x-570mm-x-19-fechado-cor-preta",null,null,null,"17.030.448/0001-50","(13) 3468-2421","UN ",850,667.11,{"$f":"J68+K68","v":1517.1100000000001}]
[]
["COT-DAD-009","CONECTOR RJ45 - PACOTE COM 100 UNIDADES",null,null,null,null,null,null,"UN ",null,null,{"$f":"MEDIAN(L72:XFD74)","v":34.5}]
["EMPRESA","CIDADE","LOCAL / LINK",null,null,null,"CNPJ","CONTATO ","UN ","VALOR","FRETE","TOTAL"]
["AMAZON",null,"https://www.amazon.com.br/conectores-RJ45-para-cabo-rede/dp/B07L9FV41Q?source=ps-sl-shoppingads-lpcontext&ref_=fplfs&psc=1&smid=A2QHCDPKVBIA4S",null,null,null,"15.436.940/0001-03","0800 038 0541","UN ",13.1,21.4,{"$f":"J72+K72","v":34.5}]
["MAGAZINE LUIZA",null,"https://www.magazineluiza.com.br/conector-rj45-plug-cristal-8p8c-cat5e-caixa-com-100-unidades-o-m/p/be4gckd935/in/aprf/?seller_id=piertelecom",null,null,null,"47.960.950/1088-36","0800 773 3838","UN ",18.75,17.16,{"$f":"J73+K73","v":35.909999999999997}]
["CASAS BAHIA",null,"https://www.casasbahia.com.br/conector-macho-rj45-cat5-cat5e-exbom-pacote-c-100-unidades/p/1545923827?utm_campaign=DescontoEspecial&utm_medium=BuscaOrganica&utm_source=Google",null,null,null,"33.041.260/0652-90","4003 4336","UN ",16.399999999999999,17.489999999999998,{"$f":"J74+K74","v":33.89}]
[]
["COT-DAD-010","CABO FTP  5E (BLINDADO) - 305 METROS",null,null,null,null,null,null,"UN ",null,null,{"$f":"MEDIAN(L78:L79)","v":786.60500000000002}]
["EMPRESA","CIDADE","LOCAL / LINK",null,null,null,"CNPJ","CONTATO ","UN ","VALOR","FRETE","TOTAL"]
["AMAZON",null,"https://www.amazon.com.br/Cabo-rede-Impact-Cat5E-Intelbras/dp/B0BC1VBKRG/ref=asc_df_B0BC1VBKRG/?tag=googleshopp00-20&linkCode=df0&hvadid=379792773830&hvpos=&hvnetw=g&hvrand=9525657084879236792&hvpone=&hvptwo=&hvqmt=&hvdev=c&hvdvcmdl=&hvlocint=&hvlocphy=9101220&hvtargid=pla-1943877224613&psc=1&mcid=151bd44090743709a917792c378c12e6",null,null,null,"15.436.940/0001-03","0800 038 0541","UN ",799,0,{"$f":"J78+K78","v":799}]
["KABUM",null,"https://www.kabum.com.br/produto/114680/cabo-de-rede-cat-5e-furukawa-305-metros-preto-23200100?gad_source=4&gclid=CjwKCAiA_OetBhAtEiwAPTeQZxsBwr5CcFYDnTVOmT4lQGro52EFAtSLRP2YzluSjbV54mqncqdLPRoC2G4QAvD_BwE",null,null,null,"05.570.714/0001-59","(11) 3777-7502","UN ",749.9,24.31,{"$f":"J79+K79","v":774.20999999999992}]
[]
["COT-SPDA-001","SUPORTE DE FIXAÇÃO PARA BARRA CHATA TEL 726",null,null,null,null,null,null,"UN ",null,null,{"$f":"MEDIAN(L83)","v":30.950000000000003}]
["EMPRESA","CIDADE","LOCAL / LINK",null,null,null,"CNPJ","CONTATO ","UN ","VALOR","FRETE","TOTAL"]
["ELETROCENTER",null,"https://www.eletrocenterlondrina.com.br/suporte-guia-fixacao-barra-chata-ou-cabos-tel0726yt?utm_source=Site&utm_medium=GoogleShopping&utm_campaign=IntegracaoGoogle",null,null,null,"03.590.055/0001-97","(43)98839-4677","UN ",4.42,26.53,{"$f":"J83+K83","v":30.950000000000003}]
[]
["COT-INC-001","PLACA FOTOLUMINESCENTE PARA SINALIZAÇÃO DE EMERGÊNCIA, TIPO \"P1\", DIÂMETRO DE 300MM, EXCLUSIVE FIXAÇÃO",null,null,null,null,null,null,"UN ",null,null,{"$f":"MEDIAN(L87:XFD89)","v":49.269999999999996}]
["EMPRESA","CIDADE","LOCAL / LINK",null,null,null,"CNPJ","CONTATO ","UN ","VALOR","FRETE","TOTAL"]
["ENFOQUE VISUAL",null,"https://enfoquevisual.com.br/products/p1-sinalizacao-de-emergencia-proibicao-proibido-fumar-elx-070?variant=32363680923714",null,null,null,"53.982.666/0001-59","(11) 4972 4933","UN ",37,0,{"$f":"J87+K87","v":37}]
["VALDÔ PLACAS",null,"https://valdoplacas.com.br/produtos/placa-proibido-fumar-p1/?pf=gs&variant=263578068&gad_source=1&gclid=Cj0KCQiA2eKtBhDcARIsAEGTG403mJ7evtFo82ysZuNJZHBo88dlrnZahSOviMfq5gqB9v0ausF5qV0aAlVdEALw_wcB",null,null,null,"00.321.078/0001-08","(51) 3724-2500","UN ",19.5,29.77,{"$f":"J88+K88","v":49.269999999999996}]
["ISINALIZA.COM",null,"https://www.isinaliza.com/placa-proibido-fumar-p1/p?skuId=66203",null,null,null,"82.962.127.0001-56 ","(11) 93004-1270","UN ",54.99,27.95,{"$f":"J89+K89","v":82.94}]
[]
["COT-INC-002","EXTINTOR DE INCÊNDIO TIPO PÓ QUÍMICO 4-A:40-B:C, CAPACIDADE 6 KG, EXCLUISVE INSTALAÇÃO",null,null,null,null,null,null,"UN ",null,null,{"$f":"MEDIAN(L93:XFD95)","v":328.61}]
["EMPRESA","CIDADE","LOCAL / LINK",null,null,null,"CNPJ","CONTATO ","UN ","VALOR","FRETE","TOTAL"]
["BRASIL FIRE",null,"https://www.lojabrasilfire.com.br/extintores/extintor-de-incendio-06-kg-de-po-abc?parceiro=8463",null,null,null,"11.164.650/0001-99","(16) 99774-5724","UN ",172.9,187.28,{"$f":"J93+K93","v":360.18}]
["CONTRA INCÊNDIO",null,"https://contraincendio.com.br/produto/extintores-de-incendio/po-quimico-classe-abc/extintor-de-po-quimico-seco-pqs-abc-6kg/?utm_source=Google%20Shopping&utm_campaign=Google%20Shopping&utm_medium=cpc&utm_term=4021&gad_source=1&gclid=Cj0KCQiA2eKtBhDcARIsAEGTG42yFUP9j72o-5Y9wrLcZ_LN8GppGFlV-kKbMXlCYWmKYdK37nCOr1waArgeEALw_wcB",null,null,null,"15.579.136/0001-75","(15) 3233-5959","UN ",164.83,40.35,{"$f":"J94+K94","v":205.18}]
["MEGA THOR",null,"https://www.megathor.com.br/extintores/extintor-abc-6-kg?parceiro=2543&srsltid=AfmBOooE-oUh_TkfJBiLijZi9-_CSBxeT4kwUh0kuF_vRk1oy_QLK7ngJBg",null,null,null,"40.863.901/0001-21","(11) 4395-1324","UN ",179.61,149,{"$f":"J95+K95","v":328.61}]
[]
["COT-HID-001","CRUZETA PVC SOLDÁVEL, DN 50MM",null,null,null,null,null,null,"UN ",null,null,{"$f":"MEDIAN(L99:XFD101)","v":45.94}]
["EMPRESA","CIDADE","LOCAL / LINK",null,null,null,"CNPJ","CONTATO ","UN ","VALOR","FRETE","TOTAL"]
["LOJA DO PEDRÃO",null,"https://www.lojadopedrao.com.br/cruzeta-pvc-soldavel-50mm-%7C-1-1-2----tigre-1603/p?idsku=1603",null,null,null," 60.344.348/0001-28","16 3434-3535","UN ",29.46,16.13,{"$f":"J99+K99","v":45.59}]
["CRISTIANO CASA E CONSTRUÇÃO",null,"https://www.cristianocec.com.br/categoria-nerus/cruzeta-sold-50mm-22090500-pc?parceiro=6915",null,null,null,"25.682.303/0001-62","(31) 3503-8000","UN ",31.03,17.45,{"$f":"J100+K100","v":48.480000000000004}]
["MERC",null,"https://www.lojamerc.com.br/cruzeta-pvc-soldavel-marrom---tigre---22090259/p?idsku=108800001",null,null,null,"08.760.239/0001-71","11 96989-4902","UN ",29.9,16.04,{"$f":"J101+K101","v":45.94}]
[]
["COT-HID-002","RESERVATÓRIO TIPO TAÇA, COLUNA SECA, 35.000 LITROS - FORNECIMENTO E INSTALAÇÃO",null,null,null,null,null,null,"UN ",null,null,{"$f":"MEDIAN(L105)","v":55200}]
["EMPRESA","CIDADE","LOCAL / LINK",null,null,null,"CNPJ","CONTATO ","UN ","VALOR","FRETE","TOTAL"]
["FAZ FORTE",null,"PROPOSTA COMERCIAL ",null,null,null,"22.600.664/0002-05","(18) 99820-9056","UN ",55200,0,{"$f":"J105+K105","v":55200}]
[]
["COT-HID-003","CRUZETA PVC SOLDÁVEL, DN 25MM",null,null,null,null,null,null,"UN ",null,null,{"$f":"MEDIAN(L109:XFD110)","v":38.78}]
["EMPRESA","CIDADE","LOCAL / LINK",null,null,null,"CNPJ","CONTATO ","UN ","VALOR","FRETE","TOTAL"]
["CONSTRUBEL",null,"https://www.construbel.com.br/cruzeta-sold-25mm-tigre",null,null,null,"18.670.828/0001-12","(31) 3817-8888","UN ",18.600000000000001,18.97,{"$f":"J109+K109","v":37.57}]
["MAGAZINE LUIZA",null,"https://www.magazineluiza.com.br/cruzeta-conexao-soldavel-pvc-marrom-para-canos-e-tubos-de-agua-fria-3-4-polegadas-25mm-tigre/p/dad6ajjfa9/cj/tuch/",null,null,null,"47.960.650/1088-36","0800 773 3838","UN ",39.99,0,{"$f":"J110+K110","v":39.99}]
[]
["COT-ACE-001","CHAPA DE PROTEÇÃO IMPACTO PARA PORTA 40X80",null,null,null,null,null,null,"UN ",null,null,{"$f":"MEDIAN(L114:L116)","v":204.83}]
["EMPRESA","CIDADE","LOCAL / LINK",null,null,null,"CNPJ","CONTATO ","UN ","VALOR","FRETE","TOTAL"]
["MAGAZINE LUIZA",null,"https://www.magazineluiza.com.br/chapa-de-protecao-impacto-para-porta-40x90-cm-aco-inox-loren-metais/p/cd28kegajb/ud/chbf/?seller_id=oliststore&utm_source=google&utm_medium=pla&utm_campaign=&partner_id=73929&gclid=CjwKCAjwjaWoBhAmEiwAXz8DBV5tMrM6_0jflL8-xkaPR_HCoyQd_IJhiwD3J8njZ6WGJ6UbbZqdVhoCZYsQAvD_BwE&gclsrc=aw.ds",null,null,null,"47.960.650/1088-36","0800 773 3838","UN ",198.1,0,{"$f":"J114+K114","v":198.1}]
["CASAS BAHIA",null,"https://www.casasbahia.com.br/chapa-de-protecao-impacto-para-porta-40x90-cm-aco-inox-1549476999/p/1549476999?utm_medium=Cpc&utm_source=GP_PLA&IdSku=1549476999&idLojista=145305&tipoLojista=3P&&utm_campaign=3p_gg_pmax_longtail_agro&gclid=CjwKCAjwjaWoBhAmEiwAXz8DBWaAd5A6JtyABW-12zplZbI1g1hm1cUDRbWsDJBsdUDuw2DB3q8ABRoCfF4QAvD_BwE&gclsrc=aw.ds",null,null,null,"33.041.260/0652-90","0800   200 4336","UN ",210.76,0,{"$f":"J115+K115","v":210.76}]
["CARREFOUR",null,"https://www.carrefour.com.br/chapa-de-protecao-impacto-para-porta-40x90-cm-aco-inox-mp927239685/p?utm_medium=sem&utm_source=google_pmax_4p&utm_campaign=4p_performancemax_todos_os_produtos&gclid=CjwKCAjwjaWoBhAmEiwAXz8DBXzvb8LzlBH7qP1RJ-l4bqdFeIc1yL7BFzHTJ3VhWTSkJ5AYOZ1H7hoChx0QAvD_BwE",null,null,null,"45.543.915/0846-95","(11) 3004-2222","UN ",204.83,"-",{"$f":"SUM(J116:K116)","v":204.83}]
[]
["COT-ACE-002","ADESIVO DE SINALIZAÇÃO PARA CADEIRANTE PARA PISO",null,null,null,null,null,null,"UN ",null,null,{"$f":"MEDIAN(L120:L121)","v":220.23500000000001}]
["EMPRESA","CIDADE","LOCAL / LINK",null,null,null,"CNPJ","CONTATO ","UN ","VALOR","FRETE","TOTAL"]
["MAGAZINE LUIZA",null,"https://www.magazineluiza.com.br/adesivo-de-sinalizacao-cadeirante-para-chao-presente-brinde/p/dfe7b60c5b/de/svch/?&seller_id=presentebrinde&utm_source=google&utm_medium=pla&utm_campaign&partner_id=69099&gad_source=4",null,null,null,"47.960.650/1088-36","0800 773 3838","UN ",198.1,0,{"$f":"J120+K120","v":198.1}]
["CASA DA ACESSIBILIDADE",null,"https://www.casadaacessibilidade.com.br/produto/adesivo-modulo-cadeirante-120-x-080-m.html",null,null,null,"08.035.976/0001-01","(34) 3212-7081","UN ",220,22.37,{"$f":"J121+K121","v":242.37}]
[]
["COT-SAN-001","JUNÇÃO SIMPLES, PVC, SERIE NORMAL, ESGOTO PREDIAL, DN 75 X 50 MM, JUNTA ELÁSTICA",null,null,null,null,null,null,"UN ",null,null,{"$f":"MEDIAN(L125:L127)","v":36.049999999999997}]
["EMPRESA","CIDADE","LOCAL / LINK",null,null,null,"CNPJ","CONTATO ","UN ","VALOR","FRETE","TOTAL"]
["HIDRAULICA TROPEIRO",null,"https://www.hidraulicatropeiro.com.br/juncao-simples-esgoto-75x50mm-tigre-00103?srsltid=AfmBOorhrhDLzQ6-pe8TSoNi7ztj3OerxXysLUR6joP5NJPfBGXXnssSLY0",null,null,null,"03.595.416/0003-50","(15) 3281-7179","UN ",12.44,19.47,{"$f":"J125+K125","v":31.909999999999997}]
["MAGAZINE LUIZA",null,"https://www.magazineluiza.com.br/juncao-para-esgoto-75x50-simples-p-krona/p/jbd98g1cdc/cj/jues/?seller_id=apiguana&srsltid=AfmBOopH_rIgelvUNIX0vrOVHCyplObofc_FPV5aPrdVmY8O6yWGgi9oRwY",null,null,null,"47.960.650/1088-36","0800 773 3838","UN ",6.17,47.71,{"$f":"J126+K126","v":53.88}]
["ABC DA CONSTRUÇÃO",null,"https://www.abcdaconstrucao.com.br/produto/juncao-simples-de-reducao-esgoto-75x50mm-amanco-74008?srsltid=AfmBOoppFUKcU1POzBY21Ytsb_Kt9JPtzllx7WY9qd_vLLiKaVjCxen2qdA",null,null,null,"38.542.718/0052-22","(31) 3058-0299","UN ",11.76,24.29,{"$f":"SUM(J127:K127)","v":36.049999999999997}]
[]
[]
[]
[]
[]
[]
[]
[]
[]
[]
[null,null,"RESPONSÁVEL TÉCNICO:",null,null,{"$f":"DADOS!D16","v":"ALOISIO CAETANO FERREIRA"}]
[null,null,null,null,null,{"$f":"DADOS!D18","v":"CREA -  MG 97.132/D"}]

{"sheet":"SINAPI","index":9,"n_rows":14484,"n_cols":4,"rows_kept":14484,"cut":false,"hidden":false,"merged":[]}
[null,"SINAPI FEVEREIRO 2025"]
["CÓDIGO","DESCRIÇÃO","UNIDADE","PREÇO"]
[11270,"ABRACADEIRA DE LATAO PARA FIXACAO DE CABO PARA-RAIO, DIMENSOES 32 X 24 X 24 MM","UN",3.12]
[412,"ABRACADEIRA DE NYLON PARA AMARRACAO DE CABOS, COMPRIMENTO DE *230* X *7,6* MM","UN",1.02]
[414,"ABRACADEIRA DE NYLON PARA AMARRACAO DE CABOS, COMPRIMENTO DE 100 X 2,5 MM","UN",0.06]
[410,"ABRACADEIRA DE NYLON PARA AMARRACAO DE CABOS, COMPRIMENTO DE 150 X *3,6* MM","UN",0.15]
[411,"ABRACADEIRA DE NYLON PARA AMARRACAO DE CABOS, COMPRIMENTO DE 200 X *4,6* MM","UN",0.2]
[408,"ABRACADEIRA DE NYLON PARA AMARRACAO DE CABOS, COMPRIMENTO DE 390 X *4,6* MM","UN",0.99]
[39131,"ABRACADEIRA EM ACO PARA AMARRACAO DE ELETRODUTOS, TIPO D, COM 1 1/2\" E CUNHA DE FIXACAO","UN",3.2]
[394,"ABRACADEIRA EM ACO PARA AMARRACAO DE ELETRODUTOS, TIPO D, COM 1 1/2\" E PARAFUSO DE FIXACAO","UN",3.24]
[39130,"ABRACADEIRA EM ACO PARA AMARRACAO DE ELETRODUTOS, TIPO D, COM 1 1/4\" E CUNHA DE FIXACAO","UN",2.92]
[395,"ABRACADEIRA EM ACO PARA AMARRACAO DE ELETRODUTOS, TIPO D, COM 1 1/4\" E PARAFUSO DE FIXACAO","UN",3.12]
[39129,"ABRACADEIRA EM ACO PARA AMARRACAO DE ELETRODUTOS, TIPO D, COM 1\" E CUNHA DE FIXACAO","UN",1.79]
[393,"ABRACADEIRA EM ACO PARA AMARRACAO DE ELETRODUTOS, TIPO D, COM 1\" E PARAFUSO DE FIXACAO","UN",1.88]
[39127,"ABRACADEIRA EM ACO PARA AMARRACAO DE ELETRODUTOS, TIPO D, COM 1/2\" E CUNHA DE FIXACAO","UN",1.53]
[392,"ABRACADEIRA EM ACO PARA AMARRACAO DE ELETRODUTOS, TIPO D, COM 1/2\" E PARAFUSO DE FIXACAO","UN",1.57]
[39133,"ABRACADEIRA EM ACO PARA AMARRACAO DE ELETRODUTOS, TIPO D, COM 2 1/2\" E CUNHA DE FIXACAO","UN",4.2]
[397,"ABRACADEIRA EM ACO PARA AMARRACAO DE ELETRODUTOS, TIPO D, COM 2 1/2\" E PARAFUSO DE FIXACAO","UN",4.63]
[39132,"ABRACADEIRA EM ACO PARA AMARRACAO DE ELETRODUTOS, TIPO D, COM 2\" E CUNHA DE FIXACAO","UN",3.35]
[396,"ABRACADEIRA EM ACO PARA AMARRACAO DE ELETRODUTOS, TIPO D, COM 2\" E PARAFUSO DE FIXACAO","UN",3.59]
[39135,"ABRACADEIRA EM ACO PARA AMARRACAO DE ELETRODUTOS, TIPO D, COM 3 1/2\" E CUNHA DE FIXACAO","UN",6.72]
[39134,"ABRACADEIRA EM ACO PARA AMARRACAO DE ELETRODUTOS, TIPO D, COM 3\" E CUNHA DE FIXACAO","UN",5.59]
[398,"ABRACADEIRA EM ACO PARA AMARRACAO DE ELETRODUTOS, TIPO D, COM 3\" E PARAFUSO DE FIXACAO","UN",5.16]
[39128,"ABRACADEIRA EM ACO PARA AMARRACAO DE ELETRODUTOS, TIPO D, COM 3/4\" E CUNHA DE FIXACAO","UN",1.67]
[400,"ABRACADEIRA EM ACO PARA AMARRACAO DE ELETRODUTOS, TIPO D, COM 3/4\" E PARAFUSO DE FIXACAO","UN",1.63]
[39125,"ABRACADEIRA EM ACO PARA AMARRACAO DE ELETRODUTOS, TIPO D, COM 3/8\" E PARAFUSO DE FIXACAO","UN",1.67]
[39126,"ABRACADEIRA EM ACO PARA AMARRACAO DE ELETRODUTOS, TIPO D, COM 4\" E CUNHA DE FIXACAO","UN",7.56]
[399,"ABRACADEIRA EM ACO PARA AMARRACAO DE ELETRODUTOS, TIPO D, COM 4\" E PARAFUSO DE FIXACAO","UN",6.66]
[39158,"ABRACADEIRA EM ACO PARA AMARRACAO DE ELETRODUTOS, TIPO ECONOMICA (GOTA), COM 8\"","UN",17.88]
[39141,"ABRACADEIRA EM ACO PARA AMARRACAO DE ELETRODUTOS, TIPO U SIMPLES, COM 1 1/2\"","UN",1.3]
[39140,"ABRACADEIRA EM ACO PARA AMARRACAO DE ELETRODUTOS, TIPO U SIMPLES, COM 1 1/4\"","UN",1.18]
[39139,"ABRACADEIRA EM ACO PARA AMARRACAO DE ELETRODUTOS, TIPO U SIMPLES, COM 1\"","UN",0.98]
[39137,"ABRACADEIRA EM ACO PARA AMARRACAO DE ELETRODUTOS, TIPO U SIMPLES, COM 1/2\"","UN",0.67]
[39143,"ABRACADEIRA EM ACO PARA AMARRACAO DE ELETRODUTOS, TIPO U SIMPLES, COM 2 1/2\"","UN",2.67]
[39142,"ABRACADEIRA EM ACO PARA AMARRACAO DE ELETRODUTOS, TIPO U SIMPLES, COM 2\"","UN",1.92]
[39144,"ABRACADEIRA EM ACO PARA AMARRACAO DE ELETRODUTOS, TIPO U SIMPLES, COM 3\"","UN",3.12]
[39138,"ABRACADEIRA EM ACO PARA AMARRACAO DE ELETRODUTOS, TIPO U SIMPLES, COM 3/4\"","UN",0.71]
[39136,"ABRACADEIRA EM ACO PARA AMARRACAO DE ELETRODUTOS, TIPO U SIMPLES, COM 3/8\"","UN",0.47]
[39145,"ABRACADEIRA EM ACO PARA AMARRACAO DE ELETRODUTOS, TIPO U SIMPLES, COM 4\"","UN",5.14]
[12615,"ABRACADEIRA PVC, PARA CALHA PLUVIAL, DIAMETRO ENTRE *80 E 100* MM, PARA DRENAGEM PLUVIAL PREDIAL","UN",12.44]
[11927,"ABRACADEIRA, GALVANIZADA/ZINCADA, ROSCA SEM FIM, PARAFUSO INOX, LARGURA FITA *12,6 A *14 MM, D = 2\" A 2 1/2\"","UN",9.31]
[11928,"ABRACADEIRA, GALVANIZADA/ZINCADA, ROSCA SEM FIM, PARAFUSO INOX, LARGURA FITA *12,6 A *14 MM, D = 3\" A 3 3/4\"","UN",10.67]
[11929,"ABRACADEIRA, GALVANIZADA/ZINCADA, ROSCA SEM FIM, PARAFUSO INOX, LARGURA FITA *12,6 A *14 MM, D = 4\" A 4 3/4\"","UN",16.5]
[36801,"ACABAMENTO DE METAL CROMADO PARA REGISTRO PEQUENO, DE PAREDE, 1/2\" OU 3/4\"","UN",36.159999999999997]
[36246,"ACABAMENTO SIMPLES/CONVENCIONAL PARA FORRO PVC, TIPO \"U\" OU \"C\", COR BRANCA, COMPRIMENTO 6 M","M",3.85]
[37600,"ACESSORIO DE LIGACAO NAO ELETRICO PARA CARGAS EXPLOSIVAS, TUBO DE 6 M","UN"]
[37599,"ACESSORIO INICIADOR NAO ELETRICO, TUBO DE 6 M, TEMPO DE RETARDO DE *160* MS","UN"]
[1,"ACETILENO (RECARGA DE GAS ACETILENO PARA CILINDRO DE CONJUNTO OXICORTE GRANDE) NAO INCLUI TROCA/MANUTENCAO DO CILINDRO","KG",124]
[3,"ACIDO CLORIDRICO / ACIDO MURIATICO, DILUICAO 10% A 12% PARA USO EM LIMPEZA","L",22.96]
[43054,"ACO CA-25, 10,0 MM, OU 12,5 MM, OU 16,0 MM, OU 20,0 MM, OU 25,0 MM, VERGALHAO","KG",8.31]
[42402,"ACO CA-25, 16,0 MM, BARRA DE TRANSFERENCIA","KG",7.94]
[42403,"ACO CA-25, 20,0 MM, BARRA DE TRANSFERENCIA","KG",10.19]
[42404,"ACO CA-25, 25,0 MM, BARRA DE TRANSFERENCIA","KG",10.130000000000001]
[42405,"ACO CA-25, 32,0 MM, BARRA DE TRANSFERENCIA","KG",10.79]
[34341,"ACO CA-25, 32,0 MM, VERGALHAO","KG",9.3699999999999992]
[43053,"ACO CA-25, 6,3 MM OU 8,0 MM, VERGALHAO","KG",7.42]
[43058,"ACO CA-50, 10,0 MM, OU 12,5 MM, OU 16,0 MM, OU 20,0 MM, DOBRADO E CORTADO","KG",7.7]
[34,"ACO CA-50, 10,0 MM, VERGALHAO","KG",7.73]
[43055,"ACO CA-50, 12,5 MM OU 16,0 MM, VERGALHAO","KG",6.7]
[43056,"ACO CA-50, 20,0 MM OU 25,0 MM, VERGALHAO","KG",7.72]
[43057,"ACO CA-50, 32,0 MM, VERGALHAO","KG",8.49]
[34449,"ACO CA-50, 6,3 MM, DOBRADO E CORTADO","KG",9.07]
[32,"ACO CA-50, 6,3 MM, VERGALHAO","KG",8.16]
[33,"ACO CA-50, 8,0 MM, VERGALHAO","KG",8.1999999999999993]
[43061,"ACO CA-60, 4,2 MM OU 5,0 MM, DOBRADO E CORTADO","KG",7.67]
[43059,"ACO CA-60, 4,2 MM, OU 5,0 MM, OU 6,0 MM, OU 7,0 MM, VERGALHAO","KG",7.32]
[43062,"ACO CA-60, 6,0 MM OU 7,0 MM, DOBRADO E CORTADO","KG",8.11]
[43060,"ACO CA-60, 8,0 MM OU 9,5 MM, VERGALHAO","KG",6.37]
[40410,"ACOPLAMENTO RIGIDO EM FERRO FUNDIDO PARA SISTEMA DE TUBULACAO RANHURADA, DN 50 MM (2\")","UN"]
[40411,"ACOPLAMENTO RIGIDO EM FERRO FUNDIDO PARA SISTEMA DE TUBULACAO RANHURADA, DN 65 MM (2 1/2\")","UN"]
[40412,"ACOPLAMENTO RIGIDO EM FERRO FUNDIDO PARA SISTEMA DE TUBULACAO RANHURADA, DN 80 MM (3\")","UN"]
[44254,"ADAPTADOR CPVC, ROSCAVEL, COM FLANGES E ANEL DE VEDACAO, 15 MM, CAIXA D'AGUA PARA AGUA QUENTE","UN",29.05]
[44255,"ADAPTADOR CPVC, ROSCAVEL, COM FLANGES E ANEL DE VEDACAO, 22 MM, CAIXA D'AGUA PARA AGUA QUENTE","UN",32.200000000000003]
[44256,"ADAPTADOR CPVC, ROSCAVEL, COM FLANGES E ANEL DE VEDACAO, 28 MM, CAIXA D'AGUA PARA AGUA QUENTE","UN",36.36]
[44257,"ADAPTADOR CPVC, ROSCAVEL, COM FLANGES E ANEL DE VEDACAO, 35 MM, CAIXA D'AGUA PARA AGUA QUENTE","UN",57.53]
[44258,"ADAPTADOR CPVC, ROSCAVEL, COM FLANGES E ANEL DE VEDACAO, 42 MM, CAIXA D'AGUA PARA AGUA QUENTE","UN",65.75]
[44259,"ADAPTADOR CPVC, ROSCAVEL, COM FLANGES E ANEL DE VEDACAO, 54 MM, CAIXA D'AGUA PARA AGUA QUENTE","UN",90.25]
[37997,"ADAPTADOR CPVC, SOLDAVEL, 15 MM, PARA AGUA QUENTE","UN",17.309999999999999]
[37998,"ADAPTADOR CPVC, SOLDAVEL, 22 MM, PARA AGUA QUENTE","UN",23.17]
[55,"ADAPTADOR DE COMPRESSAO EM POLIPROPILENO (PP), PARA TUBO EM PEAD, 20 MM X 1/2\", PARA LIGACAO PREDIAL DE AGUA (NTS 179)","UN",4.7]
[61,"ADAPTADOR DE COMPRESSAO EM POLIPROPILENO (PP), PARA TUBO EM PEAD, 20 MM X 3/4\", PARA LIGACAO PREDIAL DE AGUA (NTS 179)","UN",4.4400000000000004]
[62,"ADAPTADOR DE COMPRESSAO EM POLIPROPILENO (PP), PARA TUBO EM PEAD, 32 MM X 1\", PARA LIGACAO PREDIAL DE AGUA (NTS 179)","UN",9.2100000000000009]
[10899,"ADAPTADOR EM LATAO, ENGATE RAPIDO 2 1/2\" X ROSCA INTERNA 5 FIOS 2 1/2\", PARA INSTALACAO PREDIAL DE COMBATE A INCENDIO","UN",63.52]
[10900,"ADAPTADOR EM LATAO, ENGATE RAPIDO1 1/2\" X ROSCA INTERNA 5 FIOS 2 1/2\", PARA INSTALACAO PREDIAL DE COMBATE A INCENDIO","UN",49.71]
[47,"ADAPTADOR PVC PBA, BOLSA/ROSCA, JE, DN 100 / DE 110 MM","UN",83.73]
[48,"ADAPTADOR PVC PBA, BOLSA/ROSCA, JE, DN 50 / DE 60 MM","UN",21.84]
[46,"ADAPTADOR PVC PBA, BOLSA/ROSCA, JE, DN 75 / DE 85 MM","UN",48.97]
[52,"ADAPTADOR PVC PBA, PONTA/ROSCA, JE, DN 50 / DE 60 MM","UN",16.59]
[43,"ADAPTADOR PVC PBA, PONTA/ROSCA, JE, DN 75 / DE 85 MM","UN",56]
[103,"ADAPTADOR PVC SOLDAVEL CURTO COM BOLSA E ROSCA, 110 MM X 4\", PARA AGUA FRIA","UN",40.83]
[107,"ADAPTADOR PVC SOLDAVEL CURTO COM BOLSA E ROSCA, 20 MM X 1/2\", PARA AGUA FRIA","UN",0.77]
[65,"ADAPTADOR PVC SOLDAVEL CURTO COM BOLSA E ROSCA, 25 MM X 3/4\", PARA AGUA FRIA","UN",0.84]
[108,"ADAPTADOR PVC SOLDAVEL CURTO COM BOLSA E ROSCA, 32 MM X 1\", PARA AGUA FRIA","UN",1.69]
[110,"ADAPTADOR PVC SOLDAVEL CURTO COM BOLSA E ROSCA, 40 MM X 1 1/2\", PARA AGUA FRIA","UN",5.87]
[109,"ADAPTADOR PVC SOLDAVEL CURTO COM BOLSA E ROSCA, 40 MM X 1 1/4\", PARA AGUA FRIA","UN",3.5]
[111,"ADAPTADOR PVC SOLDAVEL CURTO COM BOLSA E ROSCA, 50 MM X 1 1/4\", PARA AGUA FRIA","UN",7.95]
[112,"ADAPTADOR PVC SOLDAVEL CURTO COM BOLSA E ROSCA, 50 MM X1 1/2\", PARA AGUA FRIA","UN",4.21]
[113,"ADAPTADOR PVC SOLDAVEL CURTO COM BOLSA E ROSCA, 60 MM X 2\", PARA AGUA FRIA","UN",10.54]
[104,"ADAPTADOR PVC SOLDAVEL CURTO COM BOLSA E ROSCA, 75 MM X 2 1/2\", PARA AGUA FRIA","UN",18.350000000000001]
[102,"ADAPTADOR PVC SOLDAVEL CURTO COM BOLSA E ROSCA, 85 MM X 3\", PARA AGUA FRIA","UN",25.3]
[95,"ADAPTADOR PVC SOLDAVEL, COM FLANGE E ANEL DE VEDACAO, 20 MM X 1/2\", PARA CAIXA D'AGUA","UN",10.69]
[96,"ADAPTADOR PVC SOLDAVEL, COM FLANGE E ANEL DE VEDACAO, 25 MM X 3/4\", PARA CAIXA D'AGUA","UN",11.63]
[97,"ADAPTADOR PVC SOLDAVEL, COM FLANGE E ANEL DE VEDACAO, 32 MM X 1\", PARA CAIXA D'AGUA","UN",17.489999999999998]
[98,"ADAPTADOR PVC SOLDAVEL, COM FLANGE E ANEL DE VEDACAO, 40 MM X 1 1/4\", PARA CAIXA D'AGUA","UN",26.19]
[99,"ADAPTADOR PVC SOLDAVEL, COM FLANGE E ANEL DE VEDACAO, 50 MM X 1 1/2\", PARA CAIXA D'AGUA","UN",24.75]
[60,"ADAPTADOR PVC, COM REGISTRO, PARA PEAD, 20 MM X 3/4\", PARA LIGACAO PREDIAL DE AGUA","UN",6.1]
[72,"ADAPTADOR PVC, ROSCAVEL, COM FLANGES E ANEL DE VEDACAO, 1 1/2\", PARA CAIXA D'AGUA","UN",47.47]
[71,"ADAPTADOR PVC, ROSCAVEL, COM FLANGES E ANEL DE VEDACAO, 1\", PARA CAIXA D'AGUA","UN",29.32]
[67,"ADAPTADOR PVC, ROSCAVEL, COM FLANGES E ANEL DE VEDACAO, 1/2\", PARA CAIXA D'AGUA","UN",15.35]
[73,"ADAPTADOR PVC, ROSCAVEL, COM FLANGES E ANEL DE VEDACAO, 3/4\", PARA CAIXA D'AGUA","UN",14.69]
[100,"ADAPTADOR PVC, SOLDAVEL, COM FLANGES E ANEL DE VEDACAO, 60 MM X 2\", PARA CAIXA D'AGUA","UN",43.25]
[75,"ADAPTADOR PVC, SOLDAVEL, COM FLANGES LIVRES, 110 MM X 4\", PARA CAIXA D'AGUA","UN",252.13]
[83,"ADAPTADOR PVC, SOLDAVEL, COM FLANGES LIVRES, 75 MM X 2 1/2\", PARA CAIXA D'AGUA","UN",201.57]
[74,"ADAPTADOR PVC, SOLDAVEL, COM FLANGES LIVRES, 85 MM X 3\", PARA CAIXA D'AGUA","UN",288.2]
[106,"ADAPTADOR PVC, SOLDAVEL, LONGO, COM FLANGE LIVRE, 110 MM X 4\", PARA CAIXA D'AGUA","UN",364.43]
[88,"ADAPTADOR PVC, SOLDAVEL, LONGO, COM FLANGE LIVRE, 32 MM X 1\", PARA CAIXA D'AGUA","UN",10.24]
[82,"ADAPTADOR PVC, SOLDAVEL, LONGO, COM FLANGE LIVRE, 75 MM X 2 1/2\", PARA CAIXA D'AGUA","UN",191.78]
[105,"ADAPTADOR PVC, SOLDAVEL, LONGO, COM FLANGE LIVRE, 85 MM X 3\", PARA CAIXA D'AGUA","UN",271.75]
[39719,"ADESIVO / COLA DE CONTATO LIQUIDO, A BASE DE RESINAS, PARA COLAGEM DE ESPUMA PARA ISOLAMENTO TERMICO FLEXIVEL","L",160.12]
[3410,"ADESIVO / COLA PARA EPS (ISOPOR) E OUTROS MATERIAIS","KG",36.020000000000003]
[4791,"ADESIVO ACRILICO DE BASE AQUOSA / COLA DE CONTATO","KG",50.19]
[157,"ADESIVO ESTRUTURAL A BASE DE RESINA EPOXI PARA INJECAO EM TRINCAS, BICOMPONENTE, BAIXA VISCOSIDADE","KG",134.05000000000001]
[156,"ADESIVO ESTRUTURAL A BASE DE RESINA EPOXI, BICOMPONENTE, FLUIDO","KG",47.73]
[131,"ADESIVO ESTRUTURAL A BASE DE RESINA EPOXI, BICOMPONENTE, PASTOSO (TIXOTROPICO)","KG",40.82]
[21114,"ADESIVO PARA TUBOS CPVC, *75* G","UN",31.56]
[119,"ADESIVO PLASTICO PARA PVC, BISNAGA COM 75 GR","UN",8]
[122,"ADESIVO PLASTICO PARA PVC, FRASCO COM *850* GR","UN",61.55]
[20080,"ADESIVO PLASTICO PARA PVC, FRASCO COM 175 GR","UN",20.09]
[124,"ADITIVO ACELERADOR DE PEGA E ENDURECIMENTO PARA ARGAMASSAS E CONCRETOS, LIQUIDO E ISENTO DE CLORETOS","L",15.74]
[7334,"ADITIVO ADESIVO LIQUIDO PARA ARGAMASSAS DE REVESTIMENTOS CIMENTICIOS","L",14.51]
[45146,"ADITIVO IMPERMEABILIZANTE CRISTALIZANTE PARA CONCRETO","KG",30.18]
[123,"ADITIVO IMPERMEABILIZANTE DE PEGA NORMAL PARA ARGAMASSAS E CONCRETOS SEM ARMACAO, LIQUIDO E ISENTO DE CLORETOS","L",6.44]
[127,"ADITIVO IMPERMEABILIZANTE DE PEGA ULTRARRAPIDA, LIQUIDO E ISENTO DE CLORETOS","L",15.37]
[133,"ADITIVO LIQUIDO INCORPORADOR DE AR PARA CONCRETO E ARGAMASSA, LIQUIDO E ISENTO DE CLORETOS","L",6.38]
[43617,"ADITIVO PLASTIFICANTE E ESTABILIZADOR PARA ARGAMASSAS DE ASSENTAMENTO E REBOCO, LIQUIDO E ISENTO DE CLORETOS","L",7.13]
[132,"ADITIVO PLASTIFICANTE RETARDADOR DE PEGA E REDUTOR DE AGUA PARA CONCRETO, LIQUIDO E ISENTO DE CLORETOS","L",6.62]
[43618,"ADITIVO SUPERPLASTIFICANTE DE PEGA NORMAL PARA CONCRETO, LIQUIDO E ISENTO DE CLORETOS","KG",16.66]
[37476,"ADUELA/ GALERIA PRE-MOLDADA DE CONCRETO ARMADO, SECAO QUADRADA INTERNA DE 1,50 X 1,50 M (L X A), MISULA DE 20 X 20 CM, C = 1,00 M, ESPESSURA MIN = 15 CM, TB-45 E FCK DO CONCRETO = 30 MPA","UN",3394.28]
[37478,"ADUELA/ GALERIA PRE-MOLDADA DE CONCRETO ARMADO, SECAO RETANGULAR INTERNA DE 2,00 X 2,00 M (L X A), MISULA DE 20 X 20 CM, C = 1,00 M, ESPESSURA MIN = 15 CM, TB-45 E FCK DO CONCRETO = 30 MPA","UN",4251.42]
[37477,"ADUELA/ GALERIA PRE-MOLDADA DE CONCRETO ARMADO, SECAO RETANGULAR INTERNA DE 2,50 X 2,50 M (L X A), MISULA DE 20 X 20 CM, C = 1,00 M, ESPESSURA MIN = 15 CM, TB-45 E FCK DO CONCRETO = 30 MPA","UN",5759.99]
[37479,"ADUELA/ GALERIA PRE-MOLDADA DE CONCRETO ARMADO, SECAO RETANGULAR INTERNA DE 3,00 X 3,00 M (L X A), MISULA DE 20 X 20 CM, C = 1.00 M, ESPESSURA MIN = 20 CM, TB-45 E FCK DO CONCRETO = 30 MPA","UN",6831.42]
[4319,"AFASTADOR PARA TELHA DE FIBROCIMENTO CANALETE 90 OU KALHETAO","UN",2.37]
[42409,"AGENTE DE CURA, PROTETOR DA EVAPORACAO DA AGUA DE HIDRATACAO DO CONCRETO","KG",10.49]
[40553,"AGREGADO RECICLADO, TIPO RACHAO RECICLADO CINZA, CLASSE A","M3"]
[6114,"AJUDANTE DE ARMADOR (HORISTA)","H",16.3]
[40912,"AJUDANTE DE ARMADOR (MENSALISTA)","MES",2877.48]
[247,"AJUDANTE DE ELETRICISTA (HORISTA)","H",16.3]
[40919,"AJUDANTE DE ELETRICISTA (MENSALISTA)","MES",2877.48]
[44499,"AJUDANTE DE ESTRUTURAS METALICAS (HORISTA)","H",16.3]
[40984,"AJUDANTE DE ESTRUTURAS METALICAS (MENSALISTA)","MES",2877.48]
[248,"AJUDANTE DE OPERACAO EM GERAL (HORISTA)","H",17.649999999999999]
[41086,"AJUDANTE DE OPERACAO EM GERAL (MENSALISTA)","MES",3118.66]
[34466,"AJUDANTE DE PINTOR (HORISTA)","H",16.3]
[41083,"AJUDANTE DE PINTOR (MENSALISTA)","MES",2877.48]
[252,"AJUDANTE DE SERRALHEIRO (HORISTA)","H",16.3]
[40909,"AJUDANTE DE SERRALHEIRO (MENSALISTA)","MES",2877.48]
[242,"AJUDANTE ESPECIALIZADO (HORISTA)","H",17.649999999999999]
[41085,"AJUDANTE ESPECIALIZADO (MENSALISTA)","MES",3118.66]
[427,"ALCA PREFORMADA DE CONTRA POSTE, EM ACO GALVANIZADO, PARA CABO 3/16\", COMPRIMENTO *860* MM","UN"]
[417,"ALCA PREFORMADA DE DISTRIBUICAO, EM ACO GALVANIZADO, PARA CABO DE ALUMINIO DIAMETRO 16 A 25 MM","UN"]
[11273,"ALCA PREFORMADA DE DISTRIBUICAO, EM ACO GALVANIZADO, PARA CONDUTORES DE ALUMINIO AWG 1/0 (CAA 6/1 OU CA 7 FIOS)","UN"]
[11272,"ALCA PREFORMADA DE DISTRIBUICAO, EM ACO GALVANIZADO, PARA CONDUTORES DE ALUMINIO AWG 2 (CAA 6/1 OU CA 7 FIOS)","UN"]
[11275,"ALCA PREFORMADA DE SERVICO, EM ACO GALVANIZADO, PARA CONDUTORES DE ALUMINIO AWG 4 (CAA 6/1)","UN"]
[11274,"ALCA PREFORMADA DE SERVICO, EM ACO GALVANIZADO, PARA CONDUTORES DE ALUMINIO AWG 6 (CAA 6/1)","UN"]
[38470,"ALICATE DE CORTE DIAGONAL 6\" COM ISOLAMENTO","UN",32.5]
[38547,"ALICATE DE CRIMPAR RJ11, RJ12 E RJ45, COM CATRACA","UN",88.68]
[38467,"ALICATE DE PRESSAO 11\" PARA SOLDA, TIPO C","UN",53.65]
[38468,"ALICATE DE PRESSAO 11\" PARA SOLDA, TIPO U","UN",59.04]
[38469,"ALICATE DE PRESSAO PARA SOLDA DE CHAPA 18\"","UN",95.36]
[38471,"ALICATE PARA ANEIS DE PISTAO, CAPACIDADE *50* A 100 MM","UN",76.67]
[37370,"ALIMENTACAO - HORISTA (COLETADO CAIXA - ENCARGOS COMPLEMENTARES)","H",2.12]
[40862,"ALIMENTACAO - MENSALISTA (COLETADO CAIXA - ENCARGOS COMPLEMENTARES)","MES",399.66]
[10658,"ALISADORA DE CONCRETO COM MOTOR A GASOLINA DE 5,5 HP, PESO COM MOTOR DE 78 KG, 4 PAS","UN"]
[253,"ALMOXARIFE (HORISTA)","H",21.57]
[40809,"ALMOXARIFE (MENSALISTA)","MES",3807.32]
[42428,"ALONGADOR COM TRES ALTURAS, EM TUBO DE ACO CARBONO, PINTURA NO PROCESSO ELETROSTATICO - EQUIPAMENTO DE GINASTICA PARA ACADEMIA AO AR LIVRE / ACADEMIA DA TERCEIRA IDADE - ATI","UN"]
[301,"ANEL BORRACHA PARA TUBO ESGOTO PREDIAL, DN 100 MM (NBR 5688)","UN",2.92]
[296,"ANEL BORRACHA PARA TUBO ESGOTO PREDIAL, DN 50 MM (NBR 5688)","UN",1.65]
[297,"ANEL BORRACHA PARA TUBO ESGOTO PREDIAL, DN 75 MM (NBR 5688)","UN",2.42]
[299,"ANEL BORRACHA, DN 100 MM, PARA TUBO SERIE REFORCADA ESGOTO PREDIAL","UN",3.42]
[300,"ANEL BORRACHA, DN 150 MM, PARA TUBO SERIE REFORCADA ESGOTO PREDIAL","UN",11.85]
[20085,"ANEL BORRACHA, DN 50 MM, PARA TUBO SERIE REFORCADA ESGOTO PREDIAL","UN",2.16]
[298,"ANEL BORRACHA, DN 75 MM, PARA TUBO SERIE REFORCADA ESGOTO PREDIAL","UN",2.63]
[311,"ANEL BORRACHA, PARA TUBO PVC DEFOFO, DN 100 MM (NBR 7665)","UN",9.77]
[318,"ANEL BORRACHA, PARA TUBO PVC DEFOFO, DN 150 MM (NBR 7665)","UN",19.68]
[319,"ANEL BORRACHA, PARA TUBO PVC DEFOFO, DN 200 MM (NBR 7665)","UN",30.86]
[303,"ANEL BORRACHA, PARA TUBO PVC, REDE COLETOR ESGOTO, DN 100 MM (NBR 7362)","UN",3.23]
[305,"ANEL BORRACHA, PARA TUBO PVC, REDE COLETOR ESGOTO, DN 150 MM (NBR 7362)","UN",10.17]
[306,"ANEL BORRACHA, PARA TUBO PVC, REDE COLETOR ESGOTO, DN 200 MM (NBR 7362)","UN",15.43]
[307,"ANEL BORRACHA, PARA TUBO PVC, REDE COLETOR ESGOTO, DN 250 MM (NBR 7362)","UN",38.99]
[309,"ANEL BORRACHA, PARA TUBO PVC, REDE COLETOR ESGOTO, DN 350 MM (NBR 7362)","UN",63.87]
[310,"ANEL BORRACHA, PARA TUBO PVC, REDE COLETOR ESGOTO, DN 400 MM (NBR 7362)","UN",88.52]
[308,"ANEL BORRACHA, PARA TUBO, PVC REDE COLETOR ESGOTO, DN 300 MM (NBR 7362)","UN",87.02]
[328,"ANEL BORRACHA, PARA TUBO/CONEXAO PVC PBA, DN 100 MM, PARA REDE AGUA","UN",7.74]
[325,"ANEL BORRACHA, PARA TUBO/CONEXAO PVC PBA, DN 50 MM, PARA REDE AGUA","UN",2.2799999999999998]
[20326,"ANEL BORRACHA, PARA TUBO/CONEXAO PVC PBA, DN 60 MM, PARA REDE AGUA","UN",4.17]
[329,"ANEL BORRACHA, PARA TUBO/CONEXAO PVC PBA, DN 75 MM, PARA REDE AGUA","UN",6.47]
[39642,"ANEL DE BORRACHA PARA VEDACAO DE DUTO PEAD CORRUGADO PARA ELETRICA, DN 1 1/2\" (NBR 15715)","UN",2.86]
[39641,"ANEL DE BORRACHA PARA VEDACAO DE DUTO PEAD CORRUGADO PARA ELETRICA, DN 1 1/4\" (NBR 15715)","UN",2.5099999999999998]
[39643,"ANEL DE BORRACHA PARA VEDACAO DE DUTO PEAD CORRUGADO PARA ELETRICA, DN 2\" (NBR 15715)","UN",3.37]
[39644,"ANEL DE BORRACHA PARA VEDACAO DE DUTO PEAD CORRUGADO PARA ELETRICA, DN 3\" (NBR 15715)","UN",5.22]
[39645,"ANEL DE BORRACHA PARA VEDACAO DE DUTO PEAD CORRUGADO PARA ELETRICA, DN 4\" (NBR 15715)","UN",5.72]
[41610,"ANEL DE CONCRETO ARMADO COM FUNDO, PARA FOSSA E POCO 1,50 X *0,50* M","UN",629.72]
[41611,"ANEL DE CONCRETO ARMADO COM FUNDO, PARA FOSSA E POCO 2,00 X *0,50* M","UN",992.57]
[41612,"ANEL DE CONCRETO ARMADO COM FUNDO, PARA FOSSA E POCO 2,50 X *0,50* M","UN",1393.71]
[41637,"ANEL DE CONCRETO ARMADO, COM FUROS/DRENO PARA SUMIDOURO, D = 0,80 M, H = 0,50 M","UN",130.28]
[41638,"ANEL DE CONCRETO ARMADO, COM FUROS/DRENO PARA SUMIDOURO, D = 1,00 M, H = 0,50M","UN",169.71]
[41639,"ANEL DE CONCRETO ARMADO, COM FUROS/DRENO PARA SUMIDOURO, D = 1,50 M, H = 0,50 M","UN",410.57]
[11789,"ANEL DE DISTRIBUICAO EM ACO GALVANIZADO PARA FIO FE-160","UN"]
[20975,"ANEL DE EXPANSAO EM COBRE, ENGATE RAPIDO 1 1/2\", PARA EMPATACAO MANGUEIRA DE COMBATE A INCENDIO PREDIAL","UN",9.9600000000000009]
[20976,"ANEL DE EXPANSAO EM COBRE, ENGATE RAPIDO 2 1/2\", PARA EMPATACAO MANGUEIRA DE COMBATE A INCENDIO PREDIAL","UN",15.05]
[6138,"ANEL DE VEDACAO, PVC FLEXIVEL, 100 MM, PARA SAIDA DE BACIA / VASO SANITARIO","UN",10.34]
[40340,"ANEL DE VEDACAO/JUNTA ELASTICA, H = *16* MM, PARA TUBO DE CONCRETO, DN 300 MM","UN",21.48]
[40341,"ANEL DE VEDACAO/JUNTA ELASTICA, H = *16* MM, PARA TUBO DE CONCRETO, DN 400 MM","UN",25.63]
[40342,"ANEL DE VEDACAO/JUNTA ELASTICA, H = *16* MM, PARA TUBO DE CONCRETO, DN 500 MM","UN",30.57]
[40343,"ANEL DE VEDACAO/JUNTA ELASTICA, H = *16* MM, PARA TUBO DE CONCRETO, DN 600 MM","UN",36.26]
[40344,"ANEL DE VEDACAO/JUNTA ELASTICA, H = *18* MM, PARA TUBO DE CONCRETO, DN 700 MM","UN",49.43]
[40345,"ANEL DE VEDACAO/JUNTA ELASTICA, H = *19* MM, PARA TUBO DE CONCRETO, DN 800 MM","UN",60.91]
[40346,"ANEL DE VEDACAO/JUNTA ELASTICA, H = *19* MM, PARA TUBO DE CONCRETO, DN 900 MM","UN",70.66]
[40347,"ANEL DE VEDACAO/JUNTA ELASTICA, H = *21* MM, PARA TUBO DE CONCRETO, DN 1000 MM","UN",88.78]
[43424,"ANEL EM CONCRETO ARMADO, LISO, PARA FOSSAS SEPTICAS E SUMIDOUROS, COM FUNDO, DIAMETRO INTERNO DE 1,20 M E ALTURA DE 0,50 M","UN",527.6]
[43426,"ANEL EM CONCRETO ARMADO, LISO, PARA FOSSAS SEPTICAS E SUMIDOUROS, COM FUNDO, DIAMETRO INTERNO DE 3,00 M E ALTURA DE 0,50 M","UN",1819.71]
[12565,"ANEL EM CONCRETO ARMADO, LISO, PARA FOSSAS SEPTICAS E SUMIDOUROS, SEM FUNDO, DIAMETRO INTERNO DE 2,00 M E ALTURA DE 0,50 M","UN",638.15]
[12567,"ANEL EM CONCRETO ARMADO, LISO, PARA FOSSAS SEPTICAS E SUMIDOUROS, SEM FUNDO, DIAMETRO INTERNO DE 2,50 M E ALTURA DE 0,50 M","UN",857.14]
[12568,"ANEL EM CONCRETO ARMADO, LISO, PARA FOSSAS SEPTICAS E SUMIDOUROS, SEM FUNDO, DIAMETRO INTERNO DE 3,00 M E ALTURA DE 0,50 M","UN",1199.99]
[43441,"ANEL EM CONCRETO ARMADO, LISO, PARA POCOS DE INSPECAO, COM FUNDO, DIAMETRO INTERNO DE 0,60 M E ALTURA DE 0,50 M","UN",154.28]
[43423,"ANEL EM CONCRETO ARMADO, LISO, PARA POCOS DE INSPECAO, SEM FUNDO, DIAMETRO INTERNO DE 0,60 M E ALTURA DE 0,20 M","UN",72]
[12532,"ANEL EM CONCRETO ARMADO, LISO, PARA POCOS DE INSPECAO, SEM FUNDO, DIAMETRO INTERNO DE 0,60 M E ALTURA DE 0,50 M","UN",111.04]
[43444,"ANEL EM CONCRETO ARMADO, LISO, PARA POCOS DE VISITA, POCOS DE INSPECAO, FOSSAS SEPTICAS E SUMIDOUROS, COM FUNDO, DIAMETRO INTERNO DE 1,20 M E ALTURA DE 0,75 M","UN",372.85]
[12551,"ANEL EM CONCRETO ARMADO, LISO, PARA POCOS DE VISITA, POCOS DE INSPECAO, FOSSAS SEPTICAS E SUMIDOUROS, SEM FUNDO, DIAMETRO INTERNO DE 1,20 M E ALTURA DE 0,50 M","UN",266.02]
[43442,"ANEL EM CONCRETO ARMADO, LISO, PARA POCOS DE VISITAS, POCOS DE INSPECAO, FOSSAS SEPTICAS E SUMIDOUROS, COM FUNDO, DIAMETRO INTERNO DE 0,80 M E ALTURA DE 0,50 M","UN",205.71]
[43443,"ANEL EM CONCRETO ARMADO, LISO, PARA POCOS DE VISITAS, POCOS DE INSPECAO, FOSSAS SEPTICAS E SUMIDOUROS, COM FUNDO, DIAMETRO INTERNO DE 1,00 M E ALTURA DE 0,50 M","UN",269.99]
[12544,"ANEL EM CONCRETO ARMADO, LISO, PARA POCOS DE VISITAS, POCOS DE INSPECAO, FOSSAS SEPTICAS E SUMIDOUROS, SEM FUNDO, DIAMETRO INTERNO DE 0,80 M E ALTURA DE 0,50 M","UN",145.71]
[12547,"ANEL EM CONCRETO ARMADO, LISO, PARA POCOS DE VISITAS, POCOS DE INSPECAO, FOSSAS SEPTICAS E SUMIDOUROS, SEM FUNDO, DIAMETRO INTERNO DE 1,00 M E ALTURA DE 0,50 M","UN",195.97]
[43445,"ANEL EM CONCRETO ARMADO, LISO, PARA, POCOS DE VISITA, POCOS DE INSPECAO, FOSSAS SEPTICAS E SUMIDOUROS, COM FUNDO, DIAMETRO INTERNO DE 1,50 M E ALTURA DE 1,00 M","UN",514.28]
[12563,"ANEL EM CONCRETO ARMADO, LISO, PARA, POCOS DE VISITA, POCOS DE INSPECAO, FOSSAS SEPTICAS E SUMIDOUROS, SEM FUNDO, DIAMETRO INTERNO DE 1,50 M E ALTURA DE 0,50 M","UN",367.95]
[43425,"ANEL EM CONCRETO ARMADO, PERFURADO, PARA FOSSAS SEPTICAS E SUMIDOUROS, SEM FUNDO, DIAMETRO INTERNO DE 1,20 M E ALTURA DE 0,50 M","UN",231.42]
[43446,"ANEL EM CONCRETO ARMADO, PERFURADO, PARA FOSSAS SEPTICAS E SUMIDOUROS, SEM FUNDO, DIAMETRO INTERNO DE 2,00 M E ALTURA DE 0,50 M","UN",488.57]
[43447,"ANEL EM CONCRETO ARMADO, PERFURADO, PARA FOSSAS SEPTICAS E SUMIDOUROS, SEM FUNDO, DIAMETRO INTERNO DE 2,50 M E ALTURA DE 0,50 M","UN",600]
[43448,"ANEL EM CONCRETO ARMADO, PERFURADO, PARA FOSSAS SEPTICAS E SUMIDOUROS, SEM FUNDO, DIAMETRO INTERNO DE 3,00 M E ALTURA DE 0,50 M","UN",840]
[13761,"APARELHO CORTE OXI-ACETILENO PARA SOLDA E CORTE CONTENDO MACARICO SOLDA, BICO DE CORTE, CILINDROS, REGULADORES, MANGUEIRAS E CARRINHO","UN",3017.41]
[4814,"APARELHO SINALIZADOR LUMINOSO COM LED, PARA SAIDA GARAGEM, COM 2 LENTES EM POLICARBONATO, BIVOLT (INCLUI SUPORTE DE FIXACAO)","UN",60.25]
[44473,"APOIO DO PORTA DENTE PARA FRESADORA DE  ASFALTO","UN"]
[6122,"APONTADOR OU APROPRIADOR DE MAO DE OBRA (HORISTA)","H",18.739999999999998]
[40810,"APONTADOR OU APROPRIADOR DE MAO DE OBRA (MENSALISTA)","MES",3309.68]
[21100,"AQUECEDOR DE AGUA A GAS GLP/GN COM CAPACIDADE DE ARMAZENAMENTO DE 50 A 80 L","UN",1902.85]
[11811,"AQUECEDOR DE AGUA ELETRICO HORIZONTAL, RESERVATORIO DE 200 L CILINDRICO EM COBRE, REFORCADO COM ACO CARBONO, MONOFASICO, TENSAO NOMINAL 220 V","UN",2746.81]
[11816,"AQUECEDOR DE AGUA ELETRICO RESERVATORIO DE 100 L CILINDRICO EM COBRE, REFORCADO COM ACO CARBONO, MONOFASICO, TENSAO NOMINAL 220 V","UN",2029]
[11814,"AQUECEDOR DE AGUA ELETRICO RESERVATORIO DE 500 L CILINDRICO EM COBRE, REFORCADO COM ACO CARBONO, MONOFASICO, TENSAO NOMINAL 220 V","UN",4416.62]
[14186,"AQUECEDOR DE AGUA ELETRICO RESERVATORIO DE 500 L CILINDRICO EM COBRE, REFORCADO COM ACO CARBONO, TRIFASICO, TENSAO NOMINAL 220/380/400 V, POTENCIA 24 KW","UN",5545.66]
[14185,"AQUECEDOR DE AGUA ELETRICO RESERVATORIO DE 700 L CILINDRICO EM COBRE, REFORCADO COM ACO CARBONO, MONOFASICO, TENSAO NOMINAL 220 V","UN",7183.8]
[44498,"AQUECEDOR DE OLEO BPF (FLUIDO) TERMICO, CAPACIDADE DE 300.000  KCAL/H","UN"]
[34469,"AQUECEDOR SOLAR COM RESERVATORIO TERMICO DE 1000 L E *5* PLACAS COLETORAS DE *2,0* M2 (NAO INCLUI ACESSORIOS) (SEM INSTALACAO)","UN",9061.7000000000007]
[34476,"AQUECEDOR SOLAR COM RESERVATORIO TERMICO DE 400 L E *2* PLACAS COLETORAS DE *2,0* M2 (NAO INCLUI ACESSORIOS) (SEM INSTALACAO)","UN",4726.05]
[34477,"AQUECEDOR SOLAR COM RESERVATORIO TERMICO DE 600 L E *3* PLACAS COLETORAS DE *2,0* M2 (NAO INCLUI ACESSORIOS) (SEM INSTALACAO)","UN",6272.39]
[34482,"AQUECEDOR SOLAR COM RESERVATORIO TERMICO DE 800 L E *4* PLACAS COLETORAS DE *2,0* M2 (NAO INCLUI ACESSORIOS) (SEM INSTALACAO)","UN",5858.06]
[34472,"AQUECEDOR SOLAR DE INSTALACAO EXTERNA, KIT COMPACTO, CONJUNTO COM RESERVATORIO TERMICO DE 200 L, PLACA COLETORA DE *2,0* M2 E INCLUSO ACESSORIOS (RESIDENCIAS ATE 120,00 M2 E DE 4 A 5 BANHOS POR DIA) (SEM INSTALACAO)","UN",2788]
[42425,"AR CONDICIONADO SPLIT INVERTER, HI-WALL (PAREDE), 12000 BTU/H, CICLO FRIO, 60HZ, CLASSIFICACAO A (SELO PROCEL), GAS HFC, CONTROLE S/FIO","UN",2509.6999999999998]
[42422,"AR CONDICIONADO SPLIT INVERTER, HI-WALL (PAREDE), 18000 BTU/H, CICLO FRIO, 60HZ, CLASSIFICACAO A (SELO PROCEL), GAS HFC, CONTROLE S/FIO","UN",3725.73]
[43184,"AR CONDICIONADO SPLIT INVERTER, HI-WALL (PAREDE), 24000 BTU/H, CICLO FRIO, 60HZ, CLASSIFICACAO A (SELO PROCEL), GAS HFC, CONTROLE S/FIO","UN",5149.3100000000004]
[42424,"AR CONDICIONADO SPLIT INVERTER, HI-WALL (PAREDE), 9000 BTU/H, CICLO FRIO, 60HZ, CLASSIFICACAO A (SELO PROCEL), GAS HFC, CONTROLE S/FIO","UN",2241.38]
[42416,"AR CONDICIONADO SPLIT INVERTER, PISO TETO, 18000 BTU/H, CICLO FRIO, 60HZ, CLASSIFICACAO ENERGETICA A OU B (SELO PROCEL), GAS HFC, CONTROLE S/FIO","UN",9662.32]
[42417,"AR CONDICIONADO SPLIT INVERTER, PISO TETO, 24000 BTU/H, CICLO FRIO, 60HZ, CLASSIFICACAO ENERGETICA A OU B (SELO PROCEL), GAS HFC, CONTROLE S/FIO","UN",10832.26]
[42419,"AR CONDICIONADO SPLIT INVERTER, PISO TETO, 36000 BTU/H, CICLO FRIO, 60HZ, CLASSIFICACAO ENERGETICA A OU B (SELO PROCEL), GAS HFC, CONTROLE S/FIO","UN",12238.15]
[42420,"AR CONDICIONADO SPLIT INVERTER, PISO TETO, 48000 BTU/H, CICLO FRIO, 60HZ, CLASSIFICACAO ENERGETICA A OU B (SELO PROCEL), GAS HFC, CONTROLE S/FIO","UN",16820.43]
[42421,"AR CONDICIONADO SPLIT INVERTER, PISO TETO, APRESENTANDO ENTRE 54000 E 58000 BTU/H, CICLO FRIO, 60HZ, CLASSIFICACAO ENERGETICA A OU B (SELO PROCEL), GAS HFC, CONTROLE S/FIO","UN",20407.5]
[39556,"AR CONDICIONADO SPLIT ON/OFF, CASSETE (TETO), 18000 BTUS/H, CICLO QUENTE/FRIO, 60 HZ, CLASSIFICACAO ENERGETICA C - SELO PROCEL, GAS HFC, CONTROLE S/ FIO","UN",7087.07]
[39557,"AR CONDICIONADO SPLIT ON/OFF, CASSETE (TETO), 24000 BTUS/H, CICLO QUENTE/FRIO, 60 HZ, CLASSIFICACAO ENERGETICA C - SELO PROCEL, GAS HFC, CONTROLE S/ FIO","UN",7631.23]
[39559,"AR CONDICIONADO SPLIT ON/OFF, CASSETE (TETO), 36000 BTUS/H, CICLO QUENTE/FRIO, 60 HZ, CLASSIFICACAO ENERGETICA A - SELO PROCEL, GAS HFC, CONTROLE S/ FIO","UN",11277.48]
[39560,"AR CONDICIONADO SPLIT ON/OFF, CASSETE (TETO), 48000 BTUS/H, CICLO QUENTE/FRIO, 60 HZ, CLASSIFICACAO ENERGETICA A - SELO PROCEL, GAS HFC, CONTROLE S/ FIO","UN",13046.95]
[39561,"AR CONDICIONADO SPLIT ON/OFF, CASSETE (TETO), 60000 BTUS/H, CICLO QUENTE/FRIO, 60 HZ, CLASSIFICACAO ENERGETICA A - SELO PROCEL, GAS HFC, CONTROLE S/ FIO","UN",13648.77]
[43195,"AR CONDICIONADO SPLIT ON/OFF, CASSETE (TETO), FRIO 4 VIAS 18000 BTUS/H, CLASSIFICACAO ENERGETICA C - SELO PROCEL, GAS HFC, CONTROLE S/ FIO","UN",5922.71]
[43196,"AR CONDICIONADO SPLIT ON/OFF, CASSETE (TETO), FRIO 4 VIAS 24000 BTUS/H, CLASSIFICACAO ENERGETICA C - SELO PROCEL, GAS HFC, CONTROLE S/ FIO","UN",7340.35]
[43198,"AR CONDICIONADO SPLIT ON/OFF, CASSETE (TETO), FRIO 4 VIAS 36000 BTUS/H, CLASSIFICACAO ENERGETICA C - SELO PROCEL, GAS HFC, CONTROLE S/ FIO","UN",10907.59]
[43199,"AR CONDICIONADO SPLIT ON/OFF, CASSETE (TETO), FRIO 4 VIAS 48000 BTUS/H, CLASSIFICACAO ENERGETICA C - SELO PROCEL, GAS HFC, CONTROLE S/ FIO","UN",11307.28]
[43200,"AR CONDICIONADO SPLIT ON/OFF, CASSETE (TETO), FRIO 4 VIAS 60000 BTUS/H, CLASSIFICACAO ENERGETICA C - SELO PROCEL, GAS HFC, CONTROLE S/ FIO","UN",12975.93]
[43190,"AR CONDICIONADO SPLIT ON/OFF, HI-WALL (PAREDE), 12000 BTUS/H, CICLO FRIO, 60 HZ, CLASSIFICACAO ENERGETICA A - SELO PROCEL, GAS HFC, CONTROLE S/ FIO","UN",2014.2]
[39555,"AR CONDICIONADO SPLIT ON/OFF, HI-WALL (PAREDE), 12000 BTUS/H, CICLO QUENTE/FRIO, 60 HZ, CLASSIFICACAO ENERGETICA A - SELO PROCEL, GAS HFC, CONTROLE S/ FIO","UN",2178.84]
[43191,"AR CONDICIONADO SPLIT ON/OFF, HI-WALL (PAREDE), 18000 BTUS/H, CICLO FRIO, 60 HZ, CLASSIFICACAO ENERGETICA A - SELO PROCEL, GAS HFC, CONTROLE S/ FIO","UN",2898.16]
[39548,"AR CONDICIONADO SPLIT ON/OFF, HI-WALL (PAREDE), 18000 BTUS/H, CICLO QUENTE/FRIO, 60 HZ, CLASSIFICACAO ENERGETICA A - SELO PROCEL, GAS HFC, CONTROLE S/ FIO","UN",3231.9]
[43192,"AR CONDICIONADO SPLIT ON/OFF, HI-WALL (PAREDE), 24000 BTUS/H, CICLO FRIO, 60 HZ, CLASSIFICACAO ENERGETICA A - SELO PROCEL, GAS HFC, CONTROLE S/ FIO","UN",3796.33]
[39554,"AR CONDICIONADO SPLIT ON/OFF, HI-WALL (PAREDE), 24000 BTUS/H, CICLO QUENTE/FRIO, 60 HZ, CLASSIFICACAO ENERGETICA A - SELO PROCEL, GAS HFC, CONTROLE S/ FIO","UN",4273.7]
[43194,"AR CONDICIONADO SPLIT ON/OFF, HI-WALL (PAREDE), 9000 BTUS/H, CICLO FRIO, 60 HZ, CLASSIFICACAO ENERGETICA A - SELO PROCEL, GAS HFC, CONTROLE S/ FIO","UN",1725.5]
[39551,"AR CONDICIONADO SPLIT ON/OFF, HI-WALL (PAREDE), 9000 BTUS/H, CICLO QUENTE/FRIO, 60 HZ, CLASSIFICACAO ENERGETICA A - SELO PROCEL, GAS HFC, CONTROLE S/ FIO","UN",1899.96]
[43185,"AR CONDICIONADO SPLIT ON/OFF, PISO TETO, 18.000 BTU/H, CICLO FRIO, 60HZ, CLASSIFICACAO ENERGETICA C - SELO PROCEL, GAS HFC, CONTROLE S/FIO","UN",5399.35]
[43186,"AR CONDICIONADO SPLIT ON/OFF, PISO TETO, 24.000 BTU/H, CICLO FRIO, 60HZ, CLASSIFICACAO ENERGETICA C - SELO PROCEL, GAS HFC, CONTROLE S/FIO","UN",5695.23]
[43187,"AR CONDICIONADO SPLIT ON/OFF, PISO TETO, 36.000 BTU/H, CICLO FRIO, 60HZ, CLASSIFICACAO ENERGETICA C - SELO PROCEL, GAS HFC, CONTROLE S/FIO","UN",7557.62]
[43188,"AR CONDICIONADO SPLIT ON/OFF, PISO TETO, 48.000 BTU/H, CICLO FRIO, 60HZ, CLASSIFICACAO ENERGETICA C - SELO PROCEL, GAS HFC, CONTROLE S/FIO","UN",9157.07]
[43189,"AR CONDICIONADO SPLIT ON/OFF, PISO TETO, 60.000 BTU/H, CICLO FRIO, 60HZ, CLASSIFICACAO ENERGETICA C - SELO PROCEL, GAS HFC, CONTROLE S/FIO","UN",10300.17]
[39580,"AR-CONDICIONADO FRIO SPLITAO INVERTER 30 TR","UN",81169.570000000007]
[39577,"AR-CONDICIONADO FRIO SPLITAO MODULAR 10 TR","UN",25405.9]
[39578,"AR-CONDICIONADO FRIO SPLITAO MODULAR 15 TR","UN",32786.82]
[39579,"AR-CONDICIONADO FRIO SPLITAO MODULAR 20 TR","UN",47702.26]
[39826,"AR-CONDICIONADO SPLIT INVERTER, PISO TETO, 24000 BTU/H, QUENTE/FRIO, 60HZ, CLASSIFICACAO ENERGETICA A - SELO PROCEL, GAS HFC, CONTROLE S/FIO","UN",5858.7]
[10700,"ARADO REVERSIVEL COM 3 DISCOS DE 26\" X 6MM REBOCAVEL","UN"]
[346,"ARAME DE ACO OVALADO 15 X 17 (45,7 KG, 700 KGF), ROLO 1000 M","KG",26.06]
[3312,"ARAME DE AMARRACAO PARA GABIAO GALVANIZADO, DIAMETRO 2,2 MM","KG",23.08]
[339,"ARAME FARPADO GALVANIZADO, 14 BWG (2,11 MM), CLASSE 250","M",1.34]
[340,"ARAME FARPADO GALVANIZADO, 16 BWG (1,65 MM), CLASSE 250","M",1.21]
[43130,"ARAME GALVANIZADO 12 BWG, D = 2,76 MM (0,048 KG/M) OU 14 BWG, D = 2,11 MM (0,026 KG/M)","KG",22]
[344,"ARAME GALVANIZADO 16 BWG, D = 1,65MM (0,0166 KG/M)","KG",28.92]
[345,"ARAME GALVANIZADO 18 BWG, D = 1,24MM (0,009 KG/M)","KG",31.38]
[43131,"ARAME GALVANIZADO 6 BWG, D = 5,16 MM (0,157 KG/M), OU 8 BWG, D = 4,19 MM (0,101 KG/M), OU 10 BWG, D = 3,40 MM (0,0713 KG/M)","KG",25.55]
[3313,"ARAME PROTEGIDO COM POLIMERO PARA GABIAO, DIAMETRO 2,2 MM","KG",29.7]
[43132,"ARAME RECOZIDO 16 BWG, D = 1,65 MM (0,016 KG/M) OU 18 BWG, D = 1,25 MM (0,01 KG/M)","KG",22]
[366,"AREIA FINA - POSTO JAZIDA/FORNECEDOR (RETIRADO NA JAZIDA, SEM TRANSPORTE)","M3",130]
[367,"AREIA GROSSA - POSTO JAZIDA/FORNECEDOR (RETIRADO NA JAZIDA, SEM TRANSPORTE)","M3",131.69]
[370,"AREIA MEDIA - POSTO JAZIDA/FORNECEDOR (RETIRADO NA JAZIDA, SEM TRANSPORTE)","M3",130]
[368,"AREIA PARA ATERRO - POSTO JAZIDA/FORNECEDOR (RETIRADO NA JAZIDA, SEM TRANSPORTE)","M3",65]
[11075,"AREIA PARA LEITO FILTRANTE (0,42 A 1,68 MM) - POSTO JAZIDA/FORNECEDOR (RETIRADO NA JAZIDA, SEM TRANSPORTE)","M3",1491.99]
[1381,"ARGAMASSA COLANTE AC I PARA CERAMICAS","KG",0.7]
[34353,"ARGAMASSA COLANTE AC II","KG",1.3]
[37595,"ARGAMASSA COLANTE TIPO AC III","KG",2.15]
[37596,"ARGAMASSA COLANTE TIPO AC III E","KG",2.4700000000000002]
[371,"ARGAMASSA INDUSTRIALIZADA MULTIUSO, PARA REVESTIMENTO INTERNO E EXTERNO E ASSENTAMENTO DE BLOCOS DIVERSOS","KG",0.76]
[37553,"ARGAMASSA INDUSTRIALIZADA PARA CHAPISCO COLANTE","KG",1.43]
[37552,"ARGAMASSA INDUSTRIALIZADA PARA CHAPISCO ROLADO","KG",2.2999999999999998]
[36880,"ARGAMASSA PARA REVESTIMENTO DECORATIVO MONOCAMADA","KG",2.33]
[34355,"ARGAMASSA PISO SOBRE PISO","KG",2.0099999999999998]
[130,"ARGAMASSA POLIMERICA DE REPARO ESTRUTURAL, BICOMPONENTE","KG",3.67]
[135,"ARGAMASSA POLIMERICA IMPERMEABILIZANTE SEMIFLEXIVEL, BICOMPONENTE, A BASE DE CIMENTO E ADITIVOS","KG",2.95]
[36886,"ARGAMASSA PRONTA PARA CONTRAPISO","KG",0.72]
[38546,"ARGAMASSA USINADA AUTOADENSAVEL E AUTONIVELANTE PARA CONTRAPISO, COM BOMBEAMENTO (DISPONIBILIZACAO DE BOMBA), SEM O LANCAMENTO","M3",600.13]
[34549,"ARGILA EXPANDIDA, GRANULOMETRIA 2215","M3",747.19]
[6081,"ARGILA OU BARRO PARA ATERRO/REATERRO (COM TRANSPORTE ATE 10 KM)","M3"]
[6077,"ARGILA OU BARRO PARA ATERRO/REATERRO (RETIRADO NA JAZIDA, SEM TRANSPORTE)","M3",37.35]
[6079,"ARGILA, ARGILA VERMELHA OU ARGILA ARENOSA (RETIRADA NA JAZIDA, SEM TRANSPORTE)","M3"]
[1091,"ARMACAO VERTICAL COM HASTE E CONTRA-PINO, EM CHAPA DE ACO GALVANIZADO 3/16\", COM 1 ESTRIBO E 1 ISOLADOR","UN"]
[1094,"ARMACAO VERTICAL COM HASTE E CONTRA-PINO, EM CHAPA DE ACO GALVANIZADO 3/16\", COM 1 ESTRIBO, SEM ISOLADOR","UN"]
[1095,"ARMACAO VERTICAL COM HASTE E CONTRA-PINO, EM CHAPA DE ACO GALVANIZADO 3/16\", COM 2 ESTRIBOS, E 2 ISOLADORES","UN"]
[1092,"ARMACAO VERTICAL COM HASTE E CONTRA-PINO, EM CHAPA DE ACO GALVANIZADO 3/16\", COM 2 ESTRIBOS, SEM ISOLADOR","UN"]
[1093,"ARMACAO VERTICAL COM HASTE E CONTRA-PINO, EM CHAPA DE ACO GALVANIZADO 3/16\", COM 3 ESTRIBOS E 3 ISOLADORES","UN"]
[1090,"ARMACAO VERTICAL COM HASTE E CONTRA-PINO, EM CHAPA DE ACO GALVANIZADO 3/16\", COM 3 ESTRIBOS, SEM ISOLADOR","UN"]
[1096,"ARMACAO VERTICAL COM HASTE E CONTRA-PINO, EM CHAPA DE ACO GALVANIZADO 3/16\", COM 4 ESTRIBOS E 4 ISOLADORES","UN"]
[1097,"ARMACAO VERTICAL COM HASTE E CONTRA-PINO, EM CHAPA DE ACO GALVANIZADO 3/16\", COM 4 ESTRIBOS, SEM ISOLADOR","UN"]
[378,"ARMADOR (HORISTA)","H",21.57]
[40911,"ARMADOR (MENSALISTA)","MES",3807.32]
[33939,"ARQUITETO JUNIOR (HORISTA)","H",110.11]
[40815,"ARQUITETO JUNIOR (MENSALISTA)","MES",19436.71]
[33952,"ARQUITETO PLENO (HORISTA)","H",116.18]
[40816,"ARQUITETO PLENO (MENSALISTA)","MES",20506.39]
[33953,"ARQUITETO SENIOR (HORISTA)","H",119.86]
[40817,"ARQUITETO SENIOR (MENSALISTA)","MES",21154.27]
[13348,"ARRUELA EM ACO GALVANIZADO, DIAMETRO EXTERNO = 35MM, ESPESSURA = 3MM, DIAMETRO DO FURO= 18MM","UN"]
[39212,"ARRUELA EM ALUMINIO, COM ROSCA, DE 1 1/2\", PARA ELETRODUTO","UN",2.37]
[39211,"ARRUELA EM ALUMINIO, COM ROSCA, DE 1 1/4\", PARA ELETRODUTO","UN",2.13]
[39210,"ARRUELA EM ALUMINIO, COM ROSCA, DE 1\", PARA ELETRODUTO","UN",1.19]
[39208,"ARRUELA EM ALUMINIO, COM ROSCA, DE 1/2\", PARA ELETRODUTO","UN",0.65]
[39214,"ARRUELA EM ALUMINIO, COM ROSCA, DE 2 1/2\", PARA ELETRODUTO","UN",4.4000000000000004]
[39213,"ARRUELA EM ALUMINIO, COM ROSCA, DE 2\", PARA ELETRODUTO","UN",3.11]
[39215,"ARRUELA EM ALUMINIO, COM ROSCA, DE 3\", PARA ELETRODUTO","UN",8.02]
[39209,"ARRUELA EM ALUMINIO, COM ROSCA, DE 3/4\", PARA ELETRODUTO","UN",0.77]
[39207,"ARRUELA EM ALUMINIO, COM ROSCA, DE 3/8\", PARA ELETRODUTO","UN",1.19]
[39216,"ARRUELA EM ALUMINIO, COM ROSCA, DE 4\", PARA ELETRODUTO","UN",11.18]
[11267,"ARRUELA LISA, REDONDA, DE LATAO POLIDO, DIAMETRO NOMINAL 5/8\", DIAMETRO EXTERNO = 34 MM, DIAMETRO DO FURO = 17 MM, ESPESSURA = *2,5* MM","UN"]
[379,"ARRUELA QUADRADA EM ACO GALVANIZADO, DIMENSAO = 38 MM, ESPESSURA = 3MM, DIAMETRO DO FURO= 18 MM","UN"]
[510,"ASFALTO MODIFICADO TIPO I - NBR 9910 (ASFALTO OXIDADO PARA IMPERMEABILIZACAO, COEFICIENTE DE PENETRACAO 25-40)","KG",12.6]
[516,"ASFALTO MODIFICADO TIPO II - NBR 9910 (ASFALTO OXIDADO PARA IMPERMEABILIZACAO, COEFICIENTE DE PENETRACAO 20-35)","KG",14.93]
[509,"ASFALTO MODIFICADO TIPO III - NBR 9910 (ASFALTO OXIDADO PARA IMPERMEABILIZACAO, COEFICIENTE DE PENETRACAO 15-25)","KG",16.760000000000002]
[40331,"ASSENTADOR DE MANILHAS (HORISTA)","H",16.2]
[40930,"ASSENTADOR DE MANILHAS (MENSALISTA)","MES",2862.57]
[377,"ASSENTO SANITARIO DE PLASTICO, TIPO CONVENCIONAL","UN",36.9]
[11761,"ASSENTO VASO SANITARIO INFANTIL EM PLASTICO BRANCO","UN",78.52]
[7588,"AUTOMATICO DE BOIA SUPERIOR / INFERIOR, *15* A / 250 V","UN",56.2]
[34551,"AUXILIAR DE AZULEJISTA (HORISTA)","H",14.51]
[41078,"AUXILIAR DE AZULEJISTA (MENSALISTA)","MES",2564.5100000000002]
[246,"AUXILIAR DE ENCANADOR OU BOMBEIRO HIDRAULICO (HORISTA)","H",16.3]
[40927,"AUXILIAR DE ENCANADOR OU BOMBEIRO HIDRAULICO (MENSALISTA)","MES",2877.48]
[2350,"AUXILIAR DE ESCRITORIO (HORISTA)","H",17.77]
[40812,"AUXILIAR DE ESCRITORIO (MENSALISTA)","MES",3138.37]
[245,"AUXILIAR DE LABORATORISTA DE SOLOS E DE CONCRETO (HORISTA)","H",27.65]
[41090,"AUXILIAR DE LABORATORISTA DE SOLOS E DE CONCRETO (MENSALISTA)","MES",4883.42]
[251,"AUXILIAR DE MECANICO (HORISTA)","H",16.3]
[40975,"AUXILIAR DE MECANICO (MENSALISTA)","MES",2877.48]
[6127,"AUXILIAR DE PEDREIRO (HORISTA)","H",16.3]
[41072,"AUXILIAR DE PEDREIRO (MENSALISTA)","MES",2877.48]
[6121,"AUXILIAR DE SERVICOS GERAIS (HORISTA)","H",14.47]
[41071,"AUXILIAR DE SERVICOS GERAIS (MENSALISTA)","MES",2557.0300000000002]
[244,"AUXILIAR DE TOPOGRAFO (HORISTA)","H",18.079999999999998]
[41093,"AUXILIAR DE TOPOGRAFO (MENSALISTA)","MES",3194.35]
[532,"AUXILIAR TECNICO / ASSISTENTE DE ENGENHARIA (HORISTA)","H",33.549999999999997]
[40931,"AUXILIAR TECNICO / ASSISTENTE DE ENGENHARIA (MENSALISTA)","MES",5923.31]
[36150,"AVENTAL DE SEGURANCA DE RASPA DE COURO 1,00 X 0,60 M","UN",39.94]
[4760,"AZULEJISTA OU LADRILHEIRO (HORISTA)","H",23.37]
[41069,"AZULEJISTA OU LADRILHEIRO (MENSALISTA)","MES",4128.49]
[10422,"BACIA SANITARIA (VASO) COM CAIXA ACOPLADA, SIFAO APARENTE, DE LOUCA BRANCA (SEM ASSENTO)","UN",392.34]
[44019,"BACIA SANITARIA (VASO) COM CAIXA ACOPLADA, SIFAO OCULTO / CARENADO, DE LOUCA BRANCA (SEM ASSENTO) - PADRAO ALTO","UN",543.1]
[36520,"BACIA SANITARIA (VASO) CONVENCIONAL PARA PCD, SEM FURO FRONTAL, DE LOUCA BRANCA (SEM ASSENTO)","UN",660.35]
[42319,"BACIA SANITARIA (VASO) CONVENCIONAL PARA USO ESPECIFICO (HOSPITAIS, CLINICAS), COM FURO FRONTAL, DE LOUCA BRANCA, SEM ASSENTO","UN",591.71]
[10420,"BACIA SANITARIA (VASO) CONVENCIONAL, DE LOUCA BRANCA, SIFAO APARENTE, SAIDA VERTICAL (SEM ASSENTO)","UN",209.9]
[10421,"BACIA SANITARIA (VASO) CONVENCIONAL, DE LOUCA COLORIDA, SIFAO APARENTE, SAIDA VERTICAL (SEM ASSENTO)","UN",230.65]
[11786,"BACIA SANITARIA (VASO) INFANTIL, SIFONADO, DE LOUCA BRANCA, (SEM ASSENTO)","UN",465.08]
[4815,"BALDE VERMELHO PARA SINALIZACAO DE VIAS","UN",5.64]
[541,"BANCADA DE MARMORE SINTETICO COM UMA CUBA, 120 X *60* CM","UN",199.59]
[542,"BANCADA DE MARMORE SINTETICO COM UMA CUBA, 150 X *60* CM","UN",250.19]
[540,"BANCADA DE MARMORE SINTETICO COM UMA CUBA, 200 X *60* CM","UN",563.79]
[38364,"BANCADA/ BANCA EM GRANITO, POLIDO, TIPO ANDORINHA/ QUARTZ/ CASTELO/ CORUMBA OU OUTROS EQUIVALENTES DA REGIAO, COM CUBA INOX, FORMATO *120 X 60* CM, E= *2* CM","UN",633.12]
[11692,"BANCADA/ BANCA/ BALCAO/ TAMPO EM MARMORE BRANCO COMUM, POLIDO, LISO, ACABAMENTO RETO, E= *3* CM (SEM FUROS)","M2",410.74]
[1746,"BANCADA/BANCA/PIA DE ACO INOXIDAVEL (AISI 430) COM 1 CUBA CENTRAL, COM VALVULA, ESCORREDOR DUPLO, DE *0,55 X 1,20* M","UN",255.5]
[1748,"BANCADA/BANCA/PIA DE ACO INOXIDAVEL (AISI 430) COM 1 CUBA CENTRAL, COM VALVULA, ESCORREDOR DUPLO, DE *0,55 X 1,40* M","UN",339.75]
[1749,"BANCADA/BANCA/PIA DE ACO INOXIDAVEL (AISI 430) COM 1 CUBA CENTRAL, COM VALVULA, ESCORREDOR DUPLO, DE *0,55 X 1,80* M","UN",492.24]
[37412,"BANCADA/BANCA/PIA DE ACO INOXIDAVEL (AISI 430) COM 1 CUBA CENTRAL, COM VALVULA, LISA (SEM ESCORREDOR), DE *0,55 X 1,20* M","UN",249.75]
[1745,"BANCADA/BANCA/PIA DE ACO INOXIDAVEL (AISI 430) COM 1 CUBA CENTRAL, SEM VALVULA, ESCORREDOR DUPLO, DE *0,55 X 1,60* M","UN",296.98]
[1750,"BANCADA/BANCA/PIA DE ACO INOXIDAVEL (AISI 430) COM 2 CUBAS, COM VALVULAS, ESCORREDOR DUPLO, DE *0,55 X 2,00* M","UN",694.01]
[11687,"BANCADA/TAMPO ACO INOX (AISI 304), LARGURA 60 CM, COM RODABANCA (NAO INCLUI PES DE APOIO)","M",1105.77]
[11689,"BANCADA/TAMPO ACO INOX (AISI 304), LARGURA 70 CM, COM RODABANCA (NAO INCLUI PES DE APOIO)","M",1385.47]
[11693,"BANCADA/TAMPO LISO (SEM CUBA) EM MARMORE SINTETICO","M2",221.3]
[36215,"BANCO ARTICULADO PARA BANHO, EM ACO INOX POLIDO, 70* CM X 45* CM","UN"]
[42439,"BANCO COM ENCOSTO, 1,60M* DE COMPRIMENTO, EM TUBO DE ACO CARBONO E PINTURA NO PROCESSO ELETROSTATICO - PARA ACADEMIA AO AR LIVRE / ACADEMIA DA TERCEIRA IDADE - ATI","UN"]
[38381,"BANDEJA DE PINTURA PARA ROLO 23 CM","UN",14.07]
[39621,"BARRA ANTIPANICO DUPLA, CEGA EM LADO OPOSTO, COR CINZA","PAR",1102.22]
[39624,"BARRA ANTIPANICO DUPLA, PARA PORTA DE VIDRO, COR CINZA","PAR",1215.8699999999999]
[39615,"BARRA ANTIPANICO SIMPLES, CEGA EM LADO OPOSTO, COR CINZA","UN",491.32]
[39620,"BARRA ANTIPANICO SIMPLES, COM FECHADURA LADO OPOSTO, COR CINZA","UN",750.39]
[39623,"BARRA ANTIPANICO SIMPLES, PARA PORTA DE VIDRO, COR CINZA","UN",803.73]
[546,"BARRA DE ACO CHATA, RETANGULAR (QUALQUER BITOLA)","KG",9.4499999999999993]
[566,"BARRA DE ACO CHATO, RETANGULAR, 19,05 MM X 3,17 MM (L X E), 0,47 KG/M","M",4.4800000000000004]
[565,"BARRA DE ACO CHATO, RETANGULAR, 25,4 MM X 4,76 MM (L X E), 0,94 KG/M","M",16.34]
[555,"BARRA DE ACO CHATO, RETANGULAR, 25,4 MM X 6,35 MM (L X E), 1,2265 KG/M","M",11.59]
[557,"BARRA DE ACO CHATO, RETANGULAR, 38,1 MM X 12,7 MM (L X E), 3,79 KG/M","M",36.36]
[552,"BARRA DE ACO CHATO, RETANGULAR, 38,1 MM X 6,35 MM (L X E), 1,89 KG/M","M",18.04]
[563,"BARRA DE ACO CHATO, RETANGULAR, 38,1 MM X 9,53 MM (L X E), 2,84 KG/M","M",27.11]
[549,"BARRA DE ACO CHATO, RETANGULAR, 50,8 MM X 12,7 MM (L X E), 5,06 KG/M","M",48.79]
[551,"BARRA DE ACO CHATO, RETANGULAR, 50,8 MM X 25,4 MM (L X E), 10,12 KG/M","M",96.6]
[559,"BARRA DE ACO CHATO, RETANGULAR, 50,8 MM X 6,35 MM (L X E), 2,53 KG/M","M",24.15]
[560,"BARRA DE ACO CHATO, RETANGULAR, 50,8 MM X 7,94 MM (L X E), 3,162 KG/M","M",30.21]
[547,"BARRA DE ACO CHATO, RETANGULAR, 50,8 MM X 9,53 MM (L X E), 3,79KG/M","M",36.18]
[36207,"BARRA DE APOIO EM \"L\", EM ACO INOX POLIDO 70 X 70 CM, DIAMETRO MINIMO 3 CM","UN"]
[36209,"BARRA DE APOIO EM \"L\", EM ACO INOX POLIDO 80 X 80 CM, DIAMETRO MINIMO 3 CM","UN"]
[36210,"BARRA DE APOIO LATERAL ARTICULADA, COM TRAVA, EM ACO INOX POLIDO, 70 CM, DIAMETRO MINIMO 3 CM","UN"]
[36204,"BARRA DE APOIO RETA, EM ACO INOX POLIDO, COMPRIMENTO 60CM, DIAMETRO MINIMO 3 CM","UN"]
[36205,"BARRA DE APOIO RETA, EM ACO INOX POLIDO, COMPRIMENTO 70CM, DIAMETRO MINIMO 3 CM","UN"]
[36081,"BARRA DE APOIO RETA, EM ACO INOX POLIDO, COMPRIMENTO 80CM, DIAMETRO MINIMO 3 CM","UN"]
[36206,"BARRA DE APOIO RETA, EM ACO INOX POLIDO, COMPRIMENTO 90 CM, DIAMETRO MINIMO 3 CM","UN"]
[36218,"BARRA DE APOIO RETA, EM ALUMINIO, COMPRIMENTO 60CM, DIAMETRO MINIMO 3 CM","UN"]
[36220,"BARRA DE APOIO RETA, EM ALUMINIO, COMPRIMENTO 70CM, DIAMETRO MINIMO 3 CM","UN"]
[36080,"BARRA DE APOIO RETA, EM ALUMINIO, COMPRIMENTO 80 CM, DIAMETRO MINIMO 3 CM","UN"]
[36223,"BARRA DE APOIO RETA, EM ALUMINIO, COMPRIMENTO 90 CM, DIAMETRO MINIMO 3 CM","UN"]
[38127,"BASE DE MISTURADOR MONOCOMANDO PARA CHUVEIRO, DE PAREDE (NAO INCLUI ACABAMENTOS)","UN",460.33]
[38060,"BASE PARA MASTRO DE PARA-RAIOS DIAMETRO NOMINAL 1 1/2\"","UN",48.8]
[10956,"BASE PARA MASTRO DE PARA-RAIOS DIAMETRO NOMINAL 2\"","UN",53.51]
[39380,"BASE PARA RELE COM SUPORTE METALICO","UN"]
[44172,"BASTIDOR PARA BLOCO M10","UN",7.83]
[37597,"BATE-ESTACAS POR GRAVIDADE, POTENCIA160 HP, PESO DO MARTELO ATE 3 TONELADAS","UN"]
[183,"BATENTE / PORTAL / ADUELA / MARCO EM MADEIRA MACICA COM REBAIXO, E = *3* CM, L = *14* CM, PARA PORTAS DE GIRO DE *60 CM A 120* CM X *210* CM, CEDRINHO / ANGELIM COMERCIAL / TAURI / CURUPIXA / PEROBA / CUMARU OU EQUIVALENTE DA REGIAO (NAO INCLUI ALIZARES)","JG",211.9]
[184,"BATENTE / PORTAL / ADUELA / MARCO EM MADEIRA MACICA COM REBAIXO, E = *3* CM, L = *14* CM, PARA PORTAS DE GIRO DE *60 CM A 120* CM X *210* CM, PINUS / EUCALIPTO / VIROLA OU EQUIVALENTE DA REGIAO (NAO INCLUI ALIZARES)","JG",131.24]
[181,"BATENTE / PORTAL / ADUELA / MARCO EM MADEIRA MACICA COM REBAIXO, E = *3* CM, L = *16* CM, PARA PORTAS DE GIRO DE *60 CM A 120* CM X *210* CM, CEDRINHO / ANGELIM COMERCIAL / TAURI / CURUPIXA / PEROBA / CUMARU OU EQUIVALENTE DA REGIAO (NAO INCLUI ALIZARES)","JG",282.98]
[20001,"BATENTE / PORTAL / ADUELA / MARCO EM MADEIRA MACICA COM REBAIXO, E = *3* CM, L = *16* CM, PARA PORTAS DE GIRO DE *60 CM A 120* CM X *210* CM, PINUS / EUCALIPTO / VIROLA OU EQUIVALENTE DA REGIAO (NAO INCLUI ALIZARES)","JG",164.05]
[39837,"BATENTE/PORTAL/ADUELA/MARCO, EM MDF/PVC WOOD/POLIESTIRENO OU MADEIRA LAMINADA, L = *9,0* CM COM GUARNICAO REGULAVEL 2 FACES = *35* MM, PRIMER","JG",426.95]
[43366,"BENTONITA, ARGILA CONSTITUIDA POR  MONTMORILONITA","KG"]
[10535,"BETONEIRA CAPACIDADE NOMINAL 400 L, CAPACIDADE DE MISTURA 280 L, MOTOR ELETRICO TRIFASICO 220/380 V POTENCIA 2 CV, SEM CARREGADOR","UN",6399]
[10537,"BETONEIRA CAPACIDADE NOMINAL 400 L, CAPACIDADE DE MISTURA 310 L, MOTOR A DIESEL POTENCIA 5 CV, SEM CARREGADOR","UN",8726.5]
[13891,"BETONEIRA CAPACIDADE NOMINAL 400 L, CAPACIDADE DE MISTURA 310 L, MOTOR A GASOLINA POTENCIA 5,5 CV, SEM CARREGADOR","UN",8004.17]
[44492,"BETONEIRA CAPACIDADE NOMINAL 600 L, CAPACIDADE DE MISTURA 440 L, MOTOR A GASOLINA POTENCIA 10 HP, COM  CARREGADOR","UN",34814.89]
[36396,"BETONEIRA, CAPACIDADE NOMINAL 400 L, CAPACIDADE DE MISTURA 310L, MOTOR ELETRICO TRIFASICO 220/380V POTENCIA 2 CV, SEM CARREGADOR","UN",7320.88]
[36397,"BETONEIRA, CAPACIDADE NOMINAL 600 L, CAPACIDADE DE MISTURA 360L, MOTOR ELETRICO TRIFASICO 220/380V, POTENCIA 4CV, EXCLUSO CARREGADOR","UN",26029.83]
[36398,"BETONEIRA, CAPACIDADE NOMINAL 600 L, CAPACIDADE DE MISTURA 440 L, MOTOR A DIESEL POTENCIA 10 CV, COM CARREGADOR","UN",31637.08]
[647,"BLASTER, DINAMITADOR OU CABO DE FOGO (HORISTA)","H",18.66]
[40920,"BLASTER, DINAMITADOR OU CABO DE FOGO (MENSALISTA)","MES",3297.55]
[715,"BLOCO / TIJOLO DE VIDRO INCOLOR, CANELADO / ONDULADO, *19 X 19 X 8* CM (A X L X E)","UN",17.79]
[716,"BLOCO / TIJOLO DE VIDRO INCOLOR, XADREZ, *20 X 20 X 10* CM (A X L X E)","UN",20.11]
[7270,"BLOCO CERAMICO / TIJOLO VAZADO PARA ALVENARIA DE VEDACAO, 4 FUROS NA HORIZONTAL DE 9 X 9 X 19 CM (L X A X C)","UN",0.74]
[44460,"BLOCO CERAMICO / TIJOLO VAZADO PARA ALVENARIA DE VEDACAO, 6 FUROS NA HORIZONTAL DE 11,5 X 19 X 29 CM (L X A X C)","UN",1.24]
[44461,"BLOCO CERAMICO / TIJOLO VAZADO PARA ALVENARIA DE VEDACAO, 6 FUROS NA HORIZONTAL DE 11,5 X 19 X 39 CM (L X A X C)","UN",1.69]
[7267,"BLOCO CERAMICO / TIJOLO VAZADO PARA ALVENARIA DE VEDACAO, 6 FUROS NA HORIZONTAL DE 9 X 14 X 19 CM (L X A X C)","UN",0.62]
[44458,"BLOCO CERAMICO / TIJOLO VAZADO PARA ALVENARIA DE VEDACAO, 6 FUROS NA HORIZONTAL DE 9 X 14 X 24 CM (L X A X C)","UN",0.75]
[44457,"BLOCO CERAMICO / TIJOLO VAZADO PARA ALVENARIA DE VEDACAO, 6 FUROS NA HORIZONTAL DE 9 X 19 X 39 CM (L X A X C)","UN",1.46]
[7271,"BLOCO CERAMICO / TIJOLO VAZADO PARA ALVENARIA DE VEDACAO, 8 FUROS NA HORIZONTAL DE 9 X 19 X 19 CM (L X A X C)","UN",0.79]
[7268,"BLOCO CERAMICO / TIJOLO VAZADO PARA ALVENARIA DE VEDACAO, 8 FUROS NA HORIZONTAL DE 9 X 19 X 29 CM (L X A X C)","UN",1.23]
[44459,"BLOCO CERAMICO / TIJOLO VAZADO PARA ALVENARIA DE VEDACAO, 9 FUROS NA HORIZONTAL DE 11,5 X 14 X 24 CM (L X A X C)","UN",0.79]
[44462,"BLOCO CERAMICO / TIJOLO VAZADO PARA ALVENARIA DE VEDACAO, 9 FUROS NA HORIZONTAL DE 14 X 19 X 29 CM (L X A X C)","UN",1.41]
[44463,"BLOCO CERAMICO / TIJOLO VAZADO PARA ALVENARIA DE VEDACAO, 9 FUROS NA HORIZONTAL DE 14 X 19 X 39 CM (L X A X C)","UN",1.81]
[44464,"BLOCO CERAMICO / TIJOLO VAZADO PARA ALVENARIA DE VEDACAO, 9 FUROS NA HORIZONTAL DE 19 X 19 X 29 CM (L X A X C)","UN",1.88]
[44465,"BLOCO CERAMICO / TIJOLO VAZADO PARA ALVENARIA DE VEDACAO, 9 FUROS NA HORIZONTAL DE 19 X 19 X 39 CM (L X A X C)","UN",2.58]
[38783,"BLOCO CERAMICO / TIJOLO VAZADO PARA ALVENARIA DE VEDACAO, FUROS NA HORIZONTAL DE 11,5 X 19 X 19 CM (L X A X C)","UN",0.9]
[44466,"BLOCO CERAMICO / TIJOLO VAZADO PARA ALVENARIA DE VEDACAO, FUROS NA VERTICAL DE 11,5 X 19 X 29 CM (L X A X C)","UN",1.83]
[44467,"BLOCO CERAMICO / TIJOLO VAZADO PARA ALVENARIA DE VEDACAO, FUROS NA VERTICAL DE 11,5 X 19 X 39 CM (L X A X C)","UN",2.2000000000000002]
[44468,"BLOCO CERAMICO / TIJOLO VAZADO PARA ALVENARIA DE VEDACAO, FUROS NA VERTICAL DE 14 X 19 X 29 CM (L X A X C)","UN",1.91]
[37593,"BLOCO CERAMICO / TIJOLO VAZADO PARA ALVENARIA DE VEDACAO, FUROS NA VERTICAL DE 14 X 19 X 39 CM (L X A X C)","UN",2.46]
[37594,"BLOCO CERAMICO / TIJOLO VAZADO PARA ALVENARIA DE VEDACAO, FUROS NA VERTICAL DE 19 X 19 X 39 CM (L X A X C)","UN",2.92]
[37592,"BLOCO CERAMICO / TIJOLO VAZADO PARA ALVENARIA DE VEDACAO, FUROS NA VERTICAL DE 9 X 19 X 39 CM (L X A X C)","UN",1.95]
[41372,"BLOCO CONCRETO CELULAR AUTOCLAVADO 12,5 X 30 X 60 CM (E X A X C)","M2",115.88]
[41371,"BLOCO CONCRETO CELULAR AUTOCLAVADO 7,5 X 30 X 60 CM (E X A X C)","M2",68.489999999999995]
[34556,"BLOCO DE CONCRETO ESTRUTURAL 14 X 19 X 29 CM, FBK 10 MPA (NBR 6136)","UN",5]
[37873,"BLOCO DE CONCRETO ESTRUTURAL 14 X 19 X 29 CM, FBK 12 MPA (NBR 6136)","UN",5.09]
[34564,"BLOCO DE CONCRETO ESTRUTURAL 14 X 19 X 29 CM, FBK 14 MPA (NBR 6136)","UN",5.33]
[34565,"BLOCO DE CONCRETO ESTRUTURAL 14 X 19 X 29 CM, FBK 16 MPA (NBR 6136)","UN",5.64]
[38590,"BLOCO DE CONCRETO ESTRUTURAL 14 X 19 X 29 CM, FBK 4,5 MPA (NBR 6136)","UN",4.17]
[34566,"BLOCO DE CONCRETO ESTRUTURAL 14 X 19 X 29 CM, FBK 6 MPA (NBR 6136)","UN",4.38]
[34567,"BLOCO DE CONCRETO ESTRUTURAL 14 X 19 X 29 CM, FBK 8 MPA (NBR 6136)","UN",4.6399999999999997]
[38591,"BLOCO DE CONCRETO ESTRUTURAL 14 X 19 X 34 CM, FBK 4,5 MPA (NBR 6136)","UN",4.21]
[34568,"BLOCO DE CONCRETO ESTRUTURAL 14 X 19 X 39 CM, FBK 10 MPA (NBR 6136)","UN",5.49]
[34569,"BLOCO DE CONCRETO ESTRUTURAL 14 X 19 X 39 CM, FBK 12 MPA (NBR 6136)","UN",5.64]
[34570,"BLOCO DE CONCRETO ESTRUTURAL 14 X 19 X 39 CM, FBK 14 MPA (NBR 6136)","UN",6.13]
[25070,"BLOCO DE CONCRETO ESTRUTURAL 14 X 19 X 39 CM, FBK 4,5 MPA (NBR 6136)","UN",4.6100000000000003]
[34571,"BLOCO DE CONCRETO ESTRUTURAL 14 X 19 X 39 CM, FBK 6 MPA (NBR 6136)","UN",4.6500000000000004]
[34573,"BLOCO DE CONCRETO ESTRUTURAL 14 X 19 X 39 CM, FBK 8 MPA (NBR 6136)","UN",4.8899999999999997]
[37107,"BLOCO DE CONCRETO ESTRUTURAL 14 X 19 X 39, FCK 16 MPA (NBR 6136)","UN",6.47]
[34576,"BLOCO DE CONCRETO ESTRUTURAL 19 X 19 X 39 CM, FBK 10 MPA (NBR 6136)","UN",7.14]
[34577,"BLOCO DE CONCRETO ESTRUTURAL 19 X 19 X 39 CM, FBK 12 MPA (NBR 6136)","UN",7.44]
[34578,"BLOCO DE CONCRETO ESTRUTURAL 19 X 19 X 39 CM, FBK 14 MPA (NBR 6136)","UN",8.07]
[34579,"BLOCO DE CONCRETO ESTRUTURAL 19 X 19 X 39 CM, FBK 16 MPA (NBR 6136)","UN",8.61]
[25067,"BLOCO DE CONCRETO ESTRUTURAL 19 X 19 X 39 CM, FBK 4,5 MPA (NBR 6136)","UN",5.76]
[34580,"BLOCO DE CONCRETO ESTRUTURAL 19 X 19 X 39 CM, FBK 8 MPA (NBR 6136)","UN",6.43]
[25071,"BLOCO DE CONCRETO ESTRUTURAL 9 X 19 X 39 CM, FBK 4,5 MPA (NBR 6136)","UN",3.2]
[44171,"BLOCO DE ENGATE RAPIDO PARA BASTIDOR TIPO M10","UN",22.34]
[38395,"BLOCO DE ESPUMA MULTIUSO *23X 13 X 8* CM","UN",11.75]
[34583,"BLOCO DE GESSO COMPACTO / MACICO, BRANCO, E = 10 CM, DIMENSOES *67 X 50* CM","M2",60.06]
[34584,"BLOCO DE GESSO VAZADO, BRANCO, E = *7* CM, DIMENSOES *67 X 50* CM","M2",44.04]
[709,"BLOCO DE POLIETILENO ALTA DENSIDADE, *27* X *30* X *100* CM, ACOMPANHADOS PLACAS TERMINAIS E LONGARINAS, PARA FUNDO DE FILTRO","M2"]
[34592,"BLOCO DE VEDACAO CONCRETO 14 X 19 X 29 CM (CLASSE C - NBR 6136)","UN",3.66]
[34599,"BLOCO DE VEDACAO CONCRETO APARENTE 9 X 19 X 39 CM (CLASSE C - NBR 6136)","UN",3.29]
[651,"BLOCO DE VEDACAO DE CONCRETO 14 X 19 X 39 CM (CLASSE C - NBR 6136)","UN",4.04]
[654,"BLOCO DE VEDACAO DE CONCRETO 19 X 19 X 39 CM (CLASSE C - NBR 6136)","UN",5]
[37103,"BLOCO DE VEDACAO DE CONCRETO APARENTE 14 X 19 X 39 CM (CLASSE C - NBR 6136)","UN",4.1900000000000004]
[34555,"BLOCO DE VEDACAO DE CONCRETO APARENTE 19 X 19 X 39 CM (CLASSE C - NBR 6136)","UN",5.32]
[674,"BLOCO DE VEDACAO DE CONCRETO CELULAR AUTOCLAVADO 10 X 30 X 60 CM (E X A X C)","M2",82.57]
[34600,"BLOCO DE VEDACAO DE CONCRETO CELULAR AUTOCLAVADO 15 X 30 X 60 CM (E X A X C)","M2",121.28]
[652,"BLOCO DE VEDACAO DE CONCRETO CELULAR AUTOCLAVADO 20 X 30 X 60 CM (E X A X C)","M2",185.78]
[650,"BLOCO DE VEDACAO DE CONCRETO, 9 X 19 X 39 CM (CLASSE C - NBR 6136)","UN",3.23]
[718,"BLOCO DE VIDRO / ELEMENTO VAZADO, INCOLOR, VENEZIANA, *20 X 20 X 6* CM (A X L X E)","UN",17.579999999999998]
[11981,"BLOCO DE VIDRO / ELEMENTO VAZADO, INCOLOR, VENEZIANA, DE *20 X 10 X 8* CM (A X L X E)","UN",17.07]
[34586,"BLOCO ESTRUTURAL CERAMICO DE 14 X 19 X 29 CM (L X A X C) E 6,0 MPA","UN",1.95]
[38603,"BLOCO ESTRUTURAL CERAMICO DE 14 X 19 X 34 CM (L X A X C) E 6,0 MPA","UN",2.31]
[34588,"BLOCO ESTRUTURAL CERAMICO DE 14 X 19 X 39 CM (L X A X C) E 6,0 MPA","UN",2.63]
[34590,"BLOCO ESTRUTURAL CERAMICO DE 19 X 19 X 29 CM (L X A X C) E 6,0 MPA","UN",2.6]
[34591,"BLOCO ESTRUTURAL CERAMICO DE 19 X 19 X 39 CM (L X A X C) E 6,0 MPA","UN",3.18]
[40517,"BLOQUETE/PISO DE CONCRETO - MODELO PISOGRAMA/CONCREGRAMA 2 FUROS, DIMENSOES APROX. DE *35 X 15* CM E ESPESSURA DE 7 CM (+/- 1 CM), COR NATURAL","M2",61.37]
[40515,"BLOQUETE/PISO DE CONCRETO - MODELO PISOGRAMA/CONCREGRAMA/PAVI-GRADE/GRAMEIRO, DIMENSOES APROXIMADAS DE *60 X 45* CM E ESPESSURA DE 8 CM (+/- 1 CM), COR NATURAL","M2",138.09]
[40524,"BLOQUETE/PISO INTERTRAVADO DE CONCRETO - MODELO ONDA/16 FACES/RETANGULAR/TIJOLINHO/PAVER/HOLANDES/PARALELEPIPEDO, *20 X 10* CM, E = 10 CM, RESISTENCIA DE 35 MPA, COR NATURAL","M2",86.3]
[40529,"BLOQUETE/PISO INTERTRAVADO DE CONCRETO - MODELO ONDA/16 FACES/RETANGULAR/TIJOLINHO/PAVER/HOLANDES/PARALELEPIPEDO, *20 X 10* CM, E = 10 CM, RESISTENCIA DE 50 MPA, COR NATURAL","M2",88.22]
[36156,"BLOQUETE/PISO INTERTRAVADO DE CONCRETO - MODELO ONDA/16 FACES/RETANGULAR/TIJOLINHO/PAVER/HOLANDES/PARALELEPIPEDO, *20 X 10* CM, E = 6 CM, RESISTENCIA DE 35 MPA, COLORIDO","M2",67.12]
[36155,"BLOQUETE/PISO INTERTRAVADO DE CONCRETO - MODELO ONDA/16 FACES/RETANGULAR/TIJOLINHO/PAVER/HOLANDES/PARALELEPIPEDO, *20 X 10* CM, E = 6 CM, RESISTENCIA DE 35 MPA, COR NATURAL","M2",57.95]
[36154,"BLOQUETE/PISO INTERTRAVADO DE CONCRETO - MODELO ONDA/16 FACES/RETANGULAR/TIJOLINHO/PAVER/HOLANDES/PARALELEPIPEDO, *20 X 10* CM, E = 8 CM, RESISTENCIA DE 35 MPA, COLORIDO","M2",80.55]
[36170,"BLOQUETE/PISO INTERTRAVADO DE CONCRETO - MODELO ONDA/16 FACES/RETANGULAR/TIJOLINHO/PAVER/HOLANDES/PARALELEPIPEDO, *20 X 10* CM, E = 8 CM, RESISTENCIA DE 35 MPA, COR NATURAL","M2",73.2]
[695,"BLOQUETE/PISO INTERTRAVADO DE CONCRETO - MODELO RAQUETE, *22 X 13,5* CM, E = 6 CM, RESISTENCIA DE 35 MPA, COR NATURAL","M2",59.16]
[679,"BLOQUETE/PISO INTERTRAVADO DE CONCRETO - MODELO SEXTAVADO / HEXAGONAL, *25 X 25* CM, E = 10 CM, RESISTENCIA DE 35 MPA, COR NATURAL","M2",88.22]
[711,"BLOQUETE/PISO INTERTRAVADO DE CONCRETO - MODELO SEXTAVADO / HEXAGONAL, *25 X 25* CM, E = 6 CM, RESISTENCIA DE 35 MPA, COR NATURAL","M2",58.36]
[712,"BLOQUETE/PISO INTERTRAVADO DE CONCRETO - MODELO SEXTAVADO / HEXAGONAL, *25 X 25* CM, E = 8 CM, RESISTENCIA DE 35 MPA, COR NATURAL","M2",73.510000000000005]
[12614,"BOCAL PVC, PARA CALHA PLUVIAL, DIAMETRO DA SAIDA ENTRE *75 E 120* MM, PARA DRENAGEM PLUVIAL PREDIAL","UN",53.65]
[6140,"BOLSA DE LIGACAO EM PVC FLEXIVEL PARA VASO SANITARIO 40 MM (1 1/2\")","UN",4.25]
[38399,"BOLSA DE LONA PARA FERRAMENTAS *50 X 35 X 25* CM","UN",292.74]
[729,"BOMBA CENTRIFUGA COM MOTOR ELETRICO MONOFASICO, POTENCIA 0,33 HP, BOCAIS 1\" X 3/4\", DIAMETRO DO ROTOR 99 MM, HM/Q = 4 MCA / 8,5 M3/H A 18 MCA / 0,90 M3/H","UN",1143.96]
[39925,"BOMBA CENTRIFUGA MONOESTAGIO COM MOTOR ELETRICO MONOFASICO, POTENCIA 15 HP, DIAMETRO DO ROTOR *173* MM, HM/Q = *30* MCA / *90* M3/H A *45* MCA / *55* M3/H","UN",16530.12]
[731,"BOMBA CENTRIFUGA MOTOR ELETRICO MONOFASICO 0,49 HP BOCAIS 1\" X 3/4\", DIAMETRO DO ROTOR 110 MM, HM/Q: 6 M / 8,3 M3/H A 20 M / 1,2 M3/H","UN",1113.3499999999999]
[10575,"BOMBA CENTRIFUGA MOTOR ELETRICO MONOFASICO 0,50 CV DIAMETRO DE SUCCAO X ELEVACAO 3/4\" X 3/4\", MONOESTAGIO, DIAMETRO DOS ROTORES 114 MM, HM/Q: 2 M / 2,99 M3/H A 24 M / 0,71 M3/H","UN",1737.47]
[733,"BOMBA CENTRIFUGA MOTOR ELETRICO MONOFASICO 0,74HP DIAMETRO DE SUCCAO X ELEVACAO 1 1/4\" X 1\", DIAMETRO DO ROTOR 120 MM, HM/Q: 8 M / 7,70 M3/H A 24 M / 2,80 M3/H","UN",1902.32]
[732,"BOMBA CENTRIFUGA MOTOR ELETRICO TRIFASICO 0,99HP DIAMETRO DE SUCCAO X ELEVACAO 1\" X 1\", DIAMETRO DO ROTOR 145 MM, HM/Q: 14 M / 8,4 M3/H A 40 M / 0,60 M3/H","UN",1876.75]
[735,"BOMBA CENTRIFUGA MOTOR ELETRICO TRIFASICO 1,48HP DIAMETRO DE SUCCAO X ELEVACAO 1\" X 1\", 4 ESTAGIOS, DIAMETRO DOS ROTORES 3 X 107 MM + 1 X 100 MM, HM/Q: 10 M / 5,3 M3/H A 70 M / 1,8 M3/H","UN",3338.63]
[737,"BOMBA CENTRIFUGA MOTOR ELETRICO TRIFASICO 14,8 HP, DIAMETRO DE SUCCAO X ELEVACAO 2 1/2\" X 2\", DIAMETRO DO ROTOR 195 MM, HM/Q: 62 M / 55,5 M3/H A 80 M / 31,50 M3/H","UN",10524.24]
[736,"BOMBA CENTRIFUGA MOTOR ELETRICO TRIFASICO 2,96HP, DIAMETRO DE SUCCAO X ELEVACAO 1 1/2\" X 1 1/4\", DIAMETRO DO ROTOR 148 MM, HM/Q: 34 M / 14,80 M3/H A 40 M / 8,60 M3/H","UN",2807.19]
[738,"BOMBA CENTRIFUGA MOTOR ELETRICO TRIFASICO 5HP, DIAMETRO DE SUCCAO X ELEVACAO 2\" X 1 1/2\", DIAMETRO DO ROTOR 155 MM, HM/Q: 40 M / 20,40 M3/H A 46 M / 9,20 M3/H","UN",4880.0200000000004]
[740,"BOMBA CENTRIFUGA MOTOR ELETRICO TRIFASICO 9,86 DIAMETRO DE SUCCAO X ELEVACAO 1\" X 1\", 4 ESTAGIOS, DIAMETRO DOS ROTORES 4 X 146 MM, HM/Q: 85 M / 14,9 M3/H A 140 M / 4,2 M3/H","UN",9900.5400000000009]
[734,"BOMBA CENTRIFUGA, MOTOR ELETRICO TRIFASICO 1,48HP DIAMETRO DE SUCCAO X ELEVACAO 1 1/2\" X 1\", DIAMETRO DO ROTOR 117 MM, HM/Q: 10 M / 21,9 M3/H A 24 M / 6,1 M3/H","UN",2011.87]
[39008,"BOMBA DE PROJECAO DE CONCRETO SECO, POTENCIA 10 CV, VAZAO 3 M3/H","UN",78005.759999999995]
[39009,"BOMBA DE PROJECAO DE CONCRETO SECO, POTENCIA 10 CV, VAZAO 6 M3/H","UN",83573.509999999995]
[10587,"BOMBA SUBMERSA PARA POCOS TUBULARES PROFUNDOS DIAMETRO DE 4 POLEGADAS, ELETRICA, MONOFASICA, POTENCIA 0,49 HP, 13 ESTAGIOS, BOCAL DE DESCARGA DIAMETRO DE UMA POLEGADA E MEIA, HM/Q = 18 M / 1,90 M3/H A 85 M / 0,60 M3/H","UN",5162.8599999999997]
[759,"BOMBA SUBMERSA PARA POCOS TUBULARES PROFUNDOS DIAMETRO DE 4 POLEGADAS, ELETRICA, TRIFASICA, POTENCIA 1,97 HP, 20 ESTAGIOS, BOCAL DE DESCARGA DIAMETRO DE UMA POLEGADA E MEIA, HM/Q = 18 M / 5,40 M3/H A 164 M / 0,80 M3/H","UN",7423.17]
[761,"BOMBA SUBMERSA PARA POCOS TUBULARES PROFUNDOS DIAMETRO DE 4 POLEGADAS, ELETRICA, TRIFASICA, POTENCIA 5,42 HP, 15 ESTAGIOS, BOCAL DE DESCARGA DIAMETRO DE 2 POLEGADAS, HM/Q = 18 M / 18,10 M3/H A 121 M / 2,90 M3/H","UN",12582.9]
[750,"BOMBA SUBMERSA PARA POCOS TUBULARES PROFUNDOS DIAMETRO DE 4 POLEGADAS, ELETRICA, TRIFASICA, POTENCIA 5,42 HP, 29 ESTAGIOS, BOCAL DE DESCARGA DE UMA POLEGADA E MEIA, HM/Q = 18 M / 8,10 M3/H A 201 M / 3,2 M3/H","UN",11946.46]
[755,"BOMBA SUBMERSA PARA POCOS TUBULARES PROFUNDOS DIAMETRO DE 6 POLEGADAS, ELETRICA, TRIFASICA, POTENCIA 27,12 HP, 7 ESTAGIOS, BOCAL DE DESCARGA DIAMETRO DE 4 POLEGADAS, HM/Q = 13,9 M / 90 M3/H A 44,0 M / 25,0 M3/H","UN",49022.48]
[749,"BOMBA SUBMERSA PARA POCOS TUBULARES PROFUNDOS DIAMETRO DE 6 POLEGADAS, ELETRICA, TRIFASICA, POTENCIA 3,45 HP, 5 ESTAGIOS, BOCAL DE DESCARGA DIAMETRO DE 2 POLEGADAS, HM/Q = 68,5 M / 6,12 M3/H A 39,5 M / 14,04 M3/H","UN",18029.560000000001]
[756,"BOMBA SUBMERSA PARA POCOS TUBULARES PROFUNDOS DIAMETRO DE 6 POLEGADAS, ELETRICA, TRIFASICA, POTENCIA 32 HP, 9 ESTAGIOS, BOCAL DE DESCARGA DIAMETRO DE 4 POLEGADAS, HM/Q = 114,0 M / 13,9 M3/H A 57,0 M / 25,0 M3/H","UN",53465.57]
[10588,"BOMBA SUBMERSIVEL, ELETRICA, TRIFASICA, POTENCIA 0,98 HP, DIAMETRO DO ROTOR 142 MM SEMIABERTO, BOCAL DE SAIDA DIAMETRO DE 2 POLEGADAS, HM/Q = 2 M / 32 M3/H A 8 M / 16 M3/H","UN",5359.7]
[10592,"BOMBA SUBMERSIVEL, ELETRICA, TRIFASICA, POTENCIA 0,99 HP, DIAMETRO ROTOR 98 MM SEMIABERTO, BOCAL DE SAIDA DIAMETRO 2 POLEGADAS, HM/Q = 2 M / 28,90 M3/H A 14 M / 7 M3/H","UN",6473.81]
[10589,"BOMBA SUBMERSIVEL, ELETRICA, TRIFASICA, POTENCIA 1,97 HP, DIAMETRO DO ROTOR 144 MM SEMIABERTO, BOCAL DE SAIDA DIAMETRO DE 2 POLEGADAS, HM/Q = 2 M / 26,8 M3/H A 28 M / 4,6 M3/H","UN",8697.15]
[760,"BOMBA SUBMERSIVEL, ELETRICA, TRIFASICA, POTENCIA 13 HP, DIAMETRO DO ROTOR 170 MM, BOCAL DE SAIDA DIAMETRO DE 3 POLEGADAS, HM/Q = 11 M / 68,40 M3/H A 72 M / 3,6 M3/H","UN",48553.57]
[751,"BOMBA SUBMERSIVEL, ELETRICA, TRIFASICA, POTENCIA 2,96 HP, DIAMETRO DO ROTOR 144 MM SEMIABERTO, BOCAL DE SAIDA DIAMETRO DE DUAS POLEGADAS, HM/Q = 2 M / 38,8 M3/H A 28 M / 5 M3/H","UN",7647.18]
[754,"BOMBA SUBMERSIVEL, ELETRICA, TRIFASICA, POTENCIA 3,75 HP, DIAMETRO DO ROTOR 90 MM SEMIABERTO, BOCAL DE SAIDA DIAMETRO DE 2 POLEGADAS, HM/Q = 5 M / 61,2 M3/H A 25,5 M / 3,6 M3/H","UN",12138.39]
[757,"BOMBA SUBMERSIVEL, ELETRICA, TRIFASICA, POTENCIA 6 HP, DIAMETRO DO ROTOR 127 MM, BOCAL DE SAIDA DIAMETRO DE 3 POLEGADAS, HM/Q = 7 M / 66,90 M3/H A 26 M / 2,88 M3/H","UN",24276.78]
[44489,"BOMBA TRIPLEX COM MOTOR A DIESEL, NACIONAL, DIAMETRO DE SUCCAO DE 2 1/2\"","UN",284387.94]
[39917,"BOMBA TRIPLEX, PARA INJECAO DE CALDA DE CIMENTO, VAZAO MAXIMA DE *100* LITROS/MINUTO, PRESSAO MAXIMA DE *70* BAR, POTENCIA DE 15 CV","UN",119822.48]
[38167,"BORBOLETA PARA JANELA TIPO GUILHOTINA, EM ZAMAC CROMADO","PAR",28.2]
[36145,"BOTA DE PVC PRETA, CANO MEDIO, SEM FORRO","PAR",38.729999999999997]
[12893,"BOTA DE SEGURANCA COM BIQUEIRA DE ACO E COLARINHO ACOLCHOADO","PAR",64.56]
[11685,"BRACO / CANO PARA CHUVEIRO ELETRICO, EM ALUMINIO, 30 CM X 1/2\"","UN",39.43]
[11680,"BRACO OU HASTE COM CANOPLA PLASTICA, 1/2 \", PARA CHUVEIRO SIMPLES","UN",15.82]
[11679,"BRACO OU HASTE RETA COM CANOPLA PLASTICA, 1/2 \", PARA CHUVEIRO ELETRICO","UN",21.45]
[2512,"BRACO P/ LUMINARIA PUBLICA 1 X 1,50M ROMAGNOLE OU EQUIV","UN"]
[4374,"BUCHA DE NYLON SEM ABA S10","UN",0.55000000000000004]
[7568,"BUCHA DE NYLON SEM ABA S10, COM PARAFUSO DE 6,10 X 65 MM EM ACO ZINCADO COM ROSCA SOBERBA, CABECA CHATA E FENDA PHILLIPS","UN",0.92]
[7584,"BUCHA DE NYLON SEM ABA S12, COM PARAFUSO DE 5/16\" X 80 MM EM ACO ZINCADO COM ROSCA SOBERBA E CABECA SEXTAVADA","UN",1.4]
[11945,"BUCHA DE NYLON SEM ABA S4","UN",0.09]
[11946,"BUCHA DE NYLON SEM ABA S5","UN",0.1]
[4375,"BUCHA DE NYLON SEM ABA S6","UN",0.15]
[11950,"BUCHA DE NYLON SEM ABA S6, COM PARAFUSO DE 4,20 X 40 MM EM ACO ZINCADO COM ROSCA SOBERBA, CABECA CHATA E FENDA PHILLIPS","UN",0.31]
[4376,"BUCHA DE NYLON SEM ABA S8","UN",0.28999999999999998]
[7583,"BUCHA DE NYLON SEM ABA S8, COM PARAFUSO DE 4,80 X 50 MM EM ACO ZINCADO COM ROSCA SOBERBA, CABECA CHATA E FENDA PHILLIPS","UN",0.62]
[4350,"BUCHA DE NYLON, DIAMETRO DO FURO 8 MM, COMPRIMENTO 40 MM, COM PARAFUSO DE ROSCA SOBERBA, CABECA CHATA, FENDA SIMPLES, 4,8 X 50 MM","UN",0.76]
[44400,"BUCHA DE REDUCAO CPVC, SOLDAVEL, 54 X 28 MM, PARA AGUA QUENTE","UN",32.08]
[39886,"BUCHA DE REDUCAO DE COBRE SEM ANEL DE SOLDA, PONTA X BOLSA, 22 X 15 MM","UN"]
[39887,"BUCHA DE REDUCAO DE COBRE SEM ANEL DE SOLDA, PONTA X BOLSA, 28 X 22 MM","UN"]
[39888,"BUCHA DE REDUCAO DE COBRE SEM ANEL DE SOLDA, PONTA X BOLSA, 35 X 28 MM","UN"]
[39890,"BUCHA DE REDUCAO DE COBRE SEM ANEL DE SOLDA, PONTA X BOLSA, 42 X 35 MM","UN"]
[39891,"BUCHA DE REDUCAO DE COBRE SEM ANEL DE SOLDA, PONTA X BOLSA, 54 X 42 MM","UN"]
[39892,"BUCHA DE REDUCAO DE COBRE SEM ANEL DE SOLDA, PONTA X BOLSA, 66 X 54 MM","UN"]
[790,"BUCHA DE REDUCAO DE FERRO GALVANIZADO, COM ROSCA BSP, DE 1 1/2\" X 1 1/4\"","UN",20.69]
[791,"BUCHA DE REDUCAO DE FERRO GALVANIZADO, COM ROSCA BSP, DE 1 1/2\" X 1\"","UN",20.69]
[766,"BUCHA DE REDUCAO DE FERRO GALVANIZADO, COM ROSCA BSP, DE 1 1/2\" X 1/2\"","UN",20.69]
[767,"BUCHA DE REDUCAO DE FERRO GALVANIZADO, COM ROSCA BSP, DE 1 1/2\" X 3/4\"","UN",20.69]
[789,"BUCHA DE REDUCAO DE FERRO GALVANIZADO, COM ROSCA BSP, DE 1 1/4\" X 1\"","UN",15.9]
[768,"BUCHA DE REDUCAO DE FERRO GALVANIZADO, COM ROSCA BSP, DE 1 1/4\" X 1/2\"","UN",16.25]
[769,"BUCHA DE REDUCAO DE FERRO GALVANIZADO, COM ROSCA BSP, DE 1 1/4\" X 3/4\"","UN",16.25]
[764,"BUCHA DE REDUCAO DE FERRO GALVANIZADO, COM ROSCA BSP, DE 1\" X 1/2\"","UN",10]
[765,"BUCHA DE REDUCAO DE FERRO GALVANIZADO, COM ROSCA BSP, DE 1\" X 3/4\"","UN",10]
[770,"BUCHA DE REDUCAO DE FERRO GALVANIZADO, COM ROSCA BSP, DE 1/2\" X 1/4\"","UN",5.73]
[12394,"BUCHA DE REDUCAO DE FERRO GALVANIZADO, COM ROSCA BSP, DE 1/2\" X 3/8\"","UN",5.73]
[787,"BUCHA DE REDUCAO DE FERRO GALVANIZADO, COM ROSCA BSP, DE 2 1/2\" X 1 1/2\"","UN",44.67]
[774,"BUCHA DE REDUCAO DE FERRO GALVANIZADO, COM ROSCA BSP, DE 2 1/2\" X 1 1/4\"","UN",44.67]
[773,"BUCHA DE REDUCAO DE FERRO GALVANIZADO, COM ROSCA BSP, DE 2 1/2\" X 1\"","UN",44.67]
[775,"BUCHA DE REDUCAO DE FERRO GALVANIZADO, COM ROSCA BSP, DE 2 1/2\" X 2\"","UN",44.67]
[788,"BUCHA DE REDUCAO DE FERRO GALVANIZADO, COM ROSCA BSP, DE 2\" X 1 1/2\"","UN",27.76]
[772,"BUCHA DE REDUCAO DE FERRO GALVANIZADO, COM ROSCA BSP, DE 2\" X 1 1/4\"","UN",27.76]
[771,"BUCHA DE REDUCAO DE FERRO GALVANIZADO, COM ROSCA BSP, DE 2\" X 1\"","UN",27.76]
[776,"BUCHA DE REDUCAO DE FERRO GALVANIZADO, COM ROSCA BSP, DE 3\" X 1 1/2\"","UN",65.849999999999994]
[777,"BUCHA DE REDUCAO DE FERRO GALVANIZADO, COM ROSCA BSP, DE 3\" X 1 1/4\"","UN",64.010000000000005]
[780,"BUCHA DE REDUCAO DE FERRO GALVANIZADO, COM ROSCA BSP, DE 3\" X 2 1/2\"","UN",64.33]
[778,"BUCHA DE REDUCAO DE FERRO GALVANIZADO, COM ROSCA BSP, DE 3\" X 2\"","UN",65.849999999999994]
[779,"BUCHA DE REDUCAO DE FERRO GALVANIZADO, COM ROSCA BSP, DE 3/4\" X 1/2\"","UN",6.9]
[781,"BUCHA DE REDUCAO DE FERRO GALVANIZADO, COM ROSCA BSP, DE 4\" X 2 1/2\"","UN",121.66]
[786,"BUCHA DE REDUCAO DE FERRO GALVANIZADO, COM ROSCA BSP, DE 4\" X 2\"","UN",121.66]
[782,"BUCHA DE REDUCAO DE FERRO GALVANIZADO, COM ROSCA BSP, DE 4\" X 3\"","UN",121.66]
[783,"BUCHA DE REDUCAO DE FERRO GALVANIZADO, COM ROSCA BSP, DE 5\" X 4\"","UN",332.99]
[785,"BUCHA DE REDUCAO DE FERRO GALVANIZADO, COM ROSCA BSP, DE 6\" X 4\"","UN",351.83]
[784,"BUCHA DE REDUCAO DE FERRO GALVANIZADO, COM ROSCA BSP, DE 6\" X 5\"","UN",377.43]
[828,"BUCHA DE REDUCAO DE PVC, SOLDAVEL, CURTA, COM 25 X 20 MM, PARA AGUA FRIA PREDIAL","UN",0.56000000000000005]
[829,"BUCHA DE REDUCAO DE PVC, SOLDAVEL, CURTA, COM 32 X 25 MM, PARA AGUA FRIA PREDIAL","UN",0.9]
[812,"BUCHA DE REDUCAO DE PVC, SOLDAVEL, CURTA, COM 40 X 32 MM, PARA AGUA FRIA PREDIAL","UN",1.99]
[819,"BUCHA DE REDUCAO DE PVC, SOLDAVEL, CURTA, COM 50 X 40 MM, PARA AGUA FRIA PREDIAL","UN",3.45]
[818,"BUCHA DE REDUCAO DE PVC, SOLDAVEL, CURTA, COM 60 X 50 MM, PARA AGUA FRIA PREDIAL","UN",6.43]
[20086,"BUCHA DE REDUCAO DE PVC, SOLDAVEL, LONGA, 50 X 40 MM, PARA ESGOTO PREDIAL","UN",3.07]
[832,"BUCHA DE REDUCAO DE PVC, SOLDAVEL, LONGA, COM 32 X 20 MM, PARA AGUA FRIA PREDIAL","UN",2.66]
[834,"BUCHA DE REDUCAO DE PVC, SOLDAVEL, LONGA, COM 40 X 25 MM, PARA AGUA FRIA PREDIAL","UN",3.44]
[813,"BUCHA DE REDUCAO DE PVC, SOLDAVEL, LONGA, COM 50 X 25 MM, PARA AGUA FRIA PREDIAL","UN",4]
[820,"BUCHA DE REDUCAO DE PVC, SOLDAVEL, LONGA, COM 50 X 32 MM, PARA AGUA FRIA PREDIAL","UN",5.39]
[816,"BUCHA DE REDUCAO DE PVC, SOLDAVEL, LONGA, COM 60 X 25 MM, PARA AGUA FRIA PREDIAL","UN",9.6]
[814,"BUCHA DE REDUCAO DE PVC, SOLDAVEL, LONGA, COM 60 X 32 MM, PARA AGUA FRIA PREDIAL","UN",11.93]
[822,"BUCHA DE REDUCAO DE PVC, SOLDAVEL, LONGA, COM 60 X 50 MM, PARA AGUA FRIA PREDIAL","UN",15.57]
[821,"BUCHA DE REDUCAO DE PVC, SOLDAVEL, LONGA, COM 75 X 50 MM, PARA AGUA FRIA PREDIAL","UN",17.809999999999999]
[39191,"BUCHA DE REDUCAO EM ALUMINIO, COM ROSCA, DE 1 1/2\" X 1 1/4\", PARA ELETRODUTO","UN",24.98]
[39190,"BUCHA DE REDUCAO EM ALUMINIO, COM ROSCA, DE 1 1/2\" X 1\", PARA ELETRODUTO","UN",26.1]
[39189,"BUCHA DE REDUCAO EM ALUMINIO, COM ROSCA, DE 1 1/2\" X 3/4\", PARA ELETRODUTO","UN",27.62]
[39188,"BUCHA DE REDUCAO EM ALUMINIO, COM ROSCA, DE 1 1/4\" X 1\", PARA ELETRODUTO","UN",20.329999999999998]
[39186,"BUCHA DE REDUCAO EM ALUMINIO, COM ROSCA, DE 1 1/4\" X 1/2\", PARA ELETRODUTO","UN",24.71]
[39187,"BUCHA DE REDUCAO EM ALUMINIO, COM ROSCA, DE 1 1/4\" X 3/4\", PARA ELETRODUTO","UN",21.31]
[39184,"BUCHA DE REDUCAO EM ALUMINIO, COM ROSCA, DE 1\" X 1/2\", PARA ELETRODUTO","UN",8.02]
[39185,"BUCHA DE REDUCAO EM ALUMINIO, COM ROSCA, DE 1\" X 3/4\", PARA ELETRODUTO","UN",7.31]
[39198,"BUCHA DE REDUCAO EM ALUMINIO, COM ROSCA, DE 2 1/2\" X 1 1/2\", PARA ELETRODUTO","UN",81.95]
[39197,"BUCHA DE REDUCAO EM ALUMINIO, COM ROSCA, DE 2 1/2\" X 1 1/4\", PARA ELETRODUTO","UN",85.61]
[39196,"BUCHA DE REDUCAO EM ALUMINIO, COM ROSCA, DE 2 1/2\" X 1\", PARA ELETRODUTO","UN",88.29]
[39199,"BUCHA DE REDUCAO EM ALUMINIO, COM ROSCA, DE 2 1/2\" X 2\", PARA ELETRODUTO","UN",78.87]
[39195,"BUCHA DE REDUCAO EM ALUMINIO, COM ROSCA, DE 2\" X 1 1/2\", PARA ELETRODUTO","UN",45.52]
[39194,"BUCHA DE REDUCAO EM ALUMINIO, COM ROSCA, DE 2\" X 1 1/4\", PARA ELETRODUTO","UN",48.72]
[39193,"BUCHA DE REDUCAO EM ALUMINIO, COM ROSCA, DE 2\" X 1\", PARA ELETRODUTO","UN",53.39]
[39192,"BUCHA DE REDUCAO EM ALUMINIO, COM ROSCA, DE 2\" X 3/4\", PARA ELETRODUTO","UN",55.54]
[39201,"BUCHA DE REDUCAO EM ALUMINIO, COM ROSCA, DE 3\" X 1 1/2\", PARA ELETRODUTO","UN",97.98]
[39200,"BUCHA DE REDUCAO EM ALUMINIO, COM ROSCA, DE 3\" X 1 1/4\", PARA ELETRODUTO","UN",98.77]
[39203,"BUCHA DE REDUCAO EM ALUMINIO, COM ROSCA, DE 3\" X 2 1/2\", PARA ELETRODUTO","UN",79.75]
[39202,"BUCHA DE REDUCAO EM ALUMINIO, COM ROSCA, DE 3\" X 2\", PARA ELETRODUTO","UN",93.68]
[39920,"BUCHA DE REDUCAO EM ALUMINIO, COM ROSCA, DE 3/4\" X 1/2\",  PARA ELETRODUTO","UN",6.72]
[39205,"BUCHA DE REDUCAO EM ALUMINIO, COM ROSCA, DE 4\" X 2 1/2\", PARA ELETRODUTO","UN",156.30000000000001]
[39204,"BUCHA DE REDUCAO EM ALUMINIO, COM ROSCA, DE 4\" X 2\", PARA ELETRODUTO","UN",160.08000000000001]
[39206,"BUCHA DE REDUCAO EM ALUMINIO, COM ROSCA, DE 4\" X 3\", PARA ELETRODUTO","UN",151.87]
[798,"BUCHA DE REDUCAO PVC ROSCAVEL 3/4\" X 1/2\"","UN",1.1100000000000001]
[797,"BUCHA DE REDUCAO PVC, ROSCAVEL 1 1/2\" X 1\"","UN",8.06]
[796,"BUCHA DE REDUCAO PVC, ROSCAVEL, 1 1/2\" X 3/4\"","UN",6.85]
[799,"BUCHA DE REDUCAO PVC, ROSCAVEL, 1\" X 1/2\"","UN",3.31]
[792,"BUCHA DE REDUCAO PVC, ROSCAVEL, 1\" X 3/4\"","UN",3.21]
[38001,"BUCHA DE REDUCAO, CPVC, SOLDAVEL, 22 X 15 MM, PARA AGUA QUENTE","UN",1.19]
[38002,"BUCHA DE REDUCAO, CPVC, SOLDAVEL, 28 X 22 MM, PARA AGUA QUENTE","UN",4.1399999999999997]
[38003,"BUCHA DE REDUCAO, CPVC, SOLDAVEL, 35 X 28 MM, PARA AGUA QUENTE","UN",28.28]
[38004,"BUCHA DE REDUCAO, CPVC, SOLDAVEL, 42 X 22 MM, PARA AGUA QUENTE","UN",32.53]
[44263,"BUCHA DE REDUCAO, CPVC, SOLDAVEL, 54 X 35 MM, PARA AGUA QUENTE","UN",58.4]
[36327,"BUCHA DE REDUCAO, PPR, DN 25 X 20 MM, PARA AGUA QUENTE PREDIAL","UN"]
[38992,"BUCHA DE REDUCAO, PPR, DN 32 X 25 MM, PARA AGUA QUENTE E FRIA PREDIAL","UN"]
[38993,"BUCHA DE REDUCAO, PPR, DN 40 X 25 MM, PARA AGUA QUENTE E FRIA PREDIAL","UN"]
[44175,"BUCHA DE REDUCAO, PPR, DN 50 X 25 MM, PARA AGUA QUENTE E FRIA PREDIAL","UN"]
[44177,"BUCHA DE REDUCAO, PPR, DN 50 X 32 MM, PARA AGUA QUENTE E FRIA PREDIAL","UN"]
[38418,"BUCHA DE REDUCAO, PVC, LONGA, SERIE R, DN 50 X 40 MM, PARA ESGOTO PREDIAL","UN",5.27]
[39178,"BUCHA EM ALUMINIO, COM ROSCA, DE 1 1/2\", PARA ELETRODUTO","UN",2.7]
[39177,"BUCHA EM ALUMINIO, COM ROSCA, DE 1 1/4\", PARA ELETRODUTO","UN",2.44]
[39176,"BUCHA EM ALUMINIO, COM ROSCA, DE 1\", PARA ELETRODUTO","UN",1.6]
[39174,"BUCHA EM ALUMINIO, COM ROSCA, DE 1/2\", PARA ELETRODUTO","UN",1.22]
[39180,"BUCHA EM ALUMINIO, COM ROSCA, DE 2 1/2\", PARA ELETRODUTO","UN",7.34]
[39179,"BUCHA EM ALUMINIO, COM ROSCA, DE 2\", PARA ELETRODUTO","UN",6.49]
[39181,"BUCHA EM ALUMINIO, COM ROSCA, DE 3\", PARA ELETRODUTO","UN",9.84]
[39175,"BUCHA EM ALUMINIO, COM ROSCA, DE 3/4\", PARA ELETRODUTO","UN",1.49]
[39217,"BUCHA EM ALUMINIO, COM ROSCA, DE 3/8\", PARA ELETRODUTO","UN",1.1499999999999999]
[39182,"BUCHA EM ALUMINIO, COM ROSCA, DE 4\", PARA ELETRODUTO","UN",13.83]
[12616,"CABECEIRA DIREITA OU ESQUERDA, PVC, PARA CALHA PLUVIAL, DIAMETRO ENTRE *119 E 170* MM, PARA DRENAGEM PLUVIAL PREDIAL","UN",16.27]
[1049,"CABECOTE PARA ENTRADA DE LINHA DE ALIMENTACAO PARA ELETRODUTO, EM LIGA DE ALUMINIO COM ACABAMENTO ANTI CORROSIVO, COM FIXACAO POR ENCAIXE LISO DE 360 GRAUS, DE 1 1/2\"","UN",11.58]
[1099,"CABECOTE PARA ENTRADA DE LINHA DE ALIMENTACAO PARA ELETRODUTO, EM LIGA DE ALUMINIO COM ACABAMENTO ANTI CORROSIVO, COM FIXACAO POR ENCAIXE LISO DE 360 GRAUS, DE 1 1/4\"","UN",8.86]
[1050,"CABECOTE PARA ENTRADA DE LINHA DE ALIMENTACAO PARA ELETRODUTO, EM LIGA DE ALUMINIO COM ACABAMENTO ANTI CORROSIVO, COM FIXACAO POR ENCAIXE LISO DE 360 GRAUS, DE 1\"","UN",6.06]
[39678,"CABECOTE PARA ENTRADA DE LINHA DE ALIMENTACAO PARA ELETRODUTO, EM LIGA DE ALUMINIO COM ACABAMENTO ANTI CORROSIVO, COM FIXACAO POR ENCAIXE LISO DE 360 GRAUS, DE 1/2\"","UN",3.57]
[1101,"CABECOTE PARA ENTRADA DE LINHA DE ALIMENTACAO PARA ELETRODUTO, EM LIGA DE ALUMINIO COM ACABAMENTO ANTI CORROSIVO, COM FIXACAO POR ENCAIXE LISO DE 360 GRAUS, DE 2 1/2\"","UN",38.19]
[1100,"CABECOTE PARA ENTRADA DE LINHA DE ALIMENTACAO PARA ELETRODUTO, EM LIGA DE ALUMINIO COM ACABAMENTO ANTI CORROSIVO, COM FIXACAO POR ENCAIXE LISO DE 360 GRAUS, DE 2\"","UN",19.71]
[39679,"CABECOTE PARA ENTRADA DE LINHA DE ALIMENTACAO PARA ELETRODUTO, EM LIGA DE ALUMINIO COM ACABAMENTO ANTI CORROSIVO, COM FIXACAO POR ENCAIXE LISO DE 360 GRAUS, DE 3 1/2\"","UN",76.12]
[1102,"CABECOTE PARA ENTRADA DE LINHA DE ALIMENTACAO PARA ELETRODUTO, EM LIGA DE ALUMINIO COM ACABAMENTO ANTI CORROSIVO, COM FIXACAO POR ENCAIXE LISO DE 360 GRAUS, DE 3\"","UN",56.95]
[1098,"CABECOTE PARA ENTRADA DE LINHA DE ALIMENTACAO PARA ELETRODUTO, EM LIGA DE ALUMINIO COM ACABAMENTO ANTI CORROSIVO, COM FIXACAO POR ENCAIXE LISO DE 360 GRAUS, DE 3/4\"","UN",4.7300000000000004]
[1051,"CABECOTE PARA ENTRADA DE LINHA DE ALIMENTACAO PARA ELETRODUTO, EM LIGA DE ALUMINIO COM ACABAMENTO ANTI CORROSIVO, COM FIXACAO POR ENCAIXE LISO DE 360 GRAUS, DE 4\"","UN",82.78]
[37399,"CABIDE/GANCHO DE BANHEIRO SIMPLES EM METAL CROMADO","UN",20.34]
[43834,"CABO COAXIAL RG11 95% DE MALHA","M",17.97]
[43835,"CABO COAXIAL RG59 95% DE MALHA","M",1.61]
[43833,"CABO COAXIAL RG6 95% DE MALHA","M",1.67]
[41955,"CABO DE ACO GALVANIZADO, DIAMETRO 12,7 MM (1/2\"), COM ALMA DE ACO CABO INDEPENDENTE 6 X 25 F","KG",73.63]
[41953,"CABO DE ACO GALVANIZADO, DIAMETRO 12,7 MM (1/2\"), COM ALMA DE FIBRA 6 X 25 F","KG",70.27]
[41954,"CABO DE ACO GALVANIZADO, DIAMETRO 9,53 MM (3/8\"), COM ALMA DE FIBRA 6 X 25 F","KG",69.599999999999994]
[25004,"CABO DE ALUMINIO NU COM ALMA DE ACO, BITOLA 1/0 AWG","KG",49.11]
[25002,"CABO DE ALUMINIO NU COM ALMA DE ACO, BITOLA 2 AWG","KG",49.11]
[37409,"CABO DE ALUMINIO NU COM ALMA DE ACO, BITOLA 2/0 AWG","KG",49.11]
[841,"CABO DE ALUMINIO NU COM ALMA DE ACO, BITOLA 4 AWG","KG",49.71]
[25005,"CABO DE ALUMINIO NU SEM ALMA DE ACO, BITOLA 1/0 AWG","KG",53.88]
[25003,"CABO DE ALUMINIO NU SEM ALMA DE ACO, BITOLA 2 AWG","KG",54.7]
[37410,"CABO DE ALUMINIO NU SEM ALMA DE ACO, BITOLA 2/0 AWG","KG",53.88]
[842,"CABO DE ALUMINIO NU SEM ALMA DE ACO, BITOLA 4 AWG","KG",54.65]
[44391,"CABO DE COBRE FLEXIVEL NAO HALOGENADO, SEM EMISSAO DE FUMACA, 750V, SECAO NOMINAL 120 MM","M",116.45]
[44388,"CABO DE COBRE FLEXIVEL NAO HALOGENADO, SEM EMISSAO DE FUMACA, 750V, SECAO NOMINAL 2,5 MM","M",2.52]
[44392,"CABO DE COBRE FLEXIVEL NAO HALOGENADO, SEM EMISSAO DE FUMACA, 750V, SECAO NOMINAL 240 MM","M",231.87]
[44390,"CABO DE COBRE FLEXIVEL NAO HALOGENADO, SEM EMISSAO DE FUMACA, 750V, SECAO NOMINAL 50 MM","M",49.13]
[44389,"CABO DE COBRE FLEXIVEL NAO HALOGENADO, SEM EMISSAO DE FUMACA, 750V, SECAO NOMINAL 6,0 MM","M",5.8]
[862,"CABO DE COBRE NU 10 MM2 MEIO-DURO","M",10.62]
[866,"CABO DE COBRE NU 120 MM2 MEIO-DURO","M",135.02000000000001]
[892,"CABO DE COBRE NU 150 MM2 MEIO-DURO","M",163.44]
[857,"CABO DE COBRE NU 16 MM2 MEIO-DURO","M",17.77]
[37404,"CABO DE COBRE NU 185 MM2 MEIO-DURO","M",189.1]
[868,"CABO DE COBRE NU 25 MM2 MEIO-DURO","M",25.33]
[863,"CABO DE COBRE NU 35 MM2 MEIO-DURO","M",37.31]
[867,"CABO DE COBRE NU 50 MM2 MEIO-DURO","M",53.15]
[864,"CABO DE COBRE NU 70 MM2 MEIO-DURO","M",70.2]
[865,"CABO DE COBRE NU 95 MM2 MEIO-DURO","M",100.98]
[39251,"CABO DE COBRE, FLEXIVEL, CLASSE 4 OU 5, ISOLACAO EM PVC/A, ANTICHAMA BWF-B, 1 CONDUTOR, 450/750 V, SECAO NOMINAL 0,5 MM2","M",0.66]
[1011,"CABO DE COBRE, FLEXIVEL, CLASSE 4 OU 5, ISOLACAO EM PVC/A, ANTICHAMA BWF-B, 1 CONDUTOR, 450/750 V, SECAO NOMINAL 0,75 MM2","M",0.9]
[39252,"CABO DE COBRE, FLEXIVEL, CLASSE 4 OU 5, ISOLACAO EM PVC/A, ANTICHAMA BWF-B, 1 CONDUTOR, 450/750 V, SECAO NOMINAL 1,0 MM2","M",1.18]
[1013,"CABO DE COBRE, FLEXIVEL, CLASSE 4 OU 5, ISOLACAO EM PVC/A, ANTICHAMA BWF-B, 1 CONDUTOR, 450/750 V, SECAO NOMINAL 1,5 MM2","M",1.42]
[980,"CABO DE COBRE, FLEXIVEL, CLASSE 4 OU 5, ISOLACAO EM PVC/A, ANTICHAMA BWF-B, 1 CONDUTOR, 450/750 V, SECAO NOMINAL 10 MM2","M",10.27]
[39237,"CABO DE COBRE, FLEXIVEL, CLASSE 4 OU 5, ISOLACAO EM PVC/A, ANTICHAMA BWF-B, 1 CONDUTOR, 450/750 V, SECAO NOMINAL 120 MM2","M",109.31]
[39238,"CABO DE COBRE, FLEXIVEL, CLASSE 4 OU 5, ISOLACAO EM PVC/A, ANTICHAMA BWF-B, 1 CONDUTOR, 450/750 V, SECAO NOMINAL 150 MM2","M",137.86000000000001]
[979,"CABO DE COBRE, FLEXIVEL, CLASSE 4 OU 5, ISOLACAO EM PVC/A, ANTICHAMA BWF-B, 1 CONDUTOR, 450/750 V, SECAO NOMINAL 16 MM2","M",14.68]
[39239,"CABO DE COBRE, FLEXIVEL, CLASSE 4 OU 5, ISOLACAO EM PVC/A, ANTICHAMA BWF-B, 1 CONDUTOR, 450/750 V, SECAO NOMINAL 185 MM2","M",166.55]
[1014,"CABO DE COBRE, FLEXIVEL, CLASSE 4 OU 5, ISOLACAO EM PVC/A, ANTICHAMA BWF-B, 1 CONDUTOR, 450/750 V, SECAO NOMINAL 2,5 MM2","M",2.25]
[39240,"CABO DE COBRE, FLEXIVEL, CLASSE 4 OU 5, ISOLACAO EM PVC/A, ANTICHAMA BWF-B, 1 CONDUTOR, 450/750 V, SECAO NOMINAL 240 MM2","M",219.05]
[39232,"CABO DE COBRE, FLEXIVEL, CLASSE 4 OU 5, ISOLACAO EM PVC/A, ANTICHAMA BWF-B, 1 CONDUTOR, 450/750 V, SECAO NOMINAL 25 MM2","M",22.99]
[39233,"CABO DE COBRE, FLEXIVEL, CLASSE 4 OU 5, ISOLACAO EM PVC/A, ANTICHAMA BWF-B, 1 CONDUTOR, 450/750 V, SECAO NOMINAL 35 MM2","M",33.51]
[981,"CABO DE COBRE, FLEXIVEL, CLASSE 4 OU 5, ISOLACAO EM PVC/A, ANTICHAMA BWF-B, 1 CONDUTOR, 450/750 V, SECAO NOMINAL 4 MM2","M",3.74]
[39234,"CABO DE COBRE, FLEXIVEL, CLASSE 4 OU 5, ISOLACAO EM PVC/A, ANTICHAMA BWF-B, 1 CONDUTOR, 450/750 V, SECAO NOMINAL 50 MM2","M",46.64]
[982,"CABO DE COBRE, FLEXIVEL, CLASSE 4 OU 5, ISOLACAO EM PVC/A, ANTICHAMA BWF-B, 1 CONDUTOR, 450/750 V, SECAO NOMINAL 6 MM2","M",5.37]
[39235,"CABO DE COBRE, FLEXIVEL, CLASSE 4 OU 5, ISOLACAO EM PVC/A, ANTICHAMA BWF-B, 1 CONDUTOR, 450/750 V, SECAO NOMINAL 70 MM2","M",68.790000000000006]
[39236,"CABO DE COBRE, FLEXIVEL, CLASSE 4 OU 5, ISOLACAO EM PVC/A, ANTICHAMA BWF-B, 1 CONDUTOR, 450/750 V, SECAO NOMINAL 95 MM2","M",91.17]
[993,"CABO DE COBRE, FLEXIVEL, CLASSE 4 OU 5, ISOLACAO EM PVC/A, ANTICHAMA BWF-B, COBERTURA PVC-ST1, ANTICHAMA BWF-B, 1 CONDUTOR, 0,6/1 KV, SECAO NOMINAL 1,5 MM2","M",1.92]
[1020,"CABO DE COBRE, FLEXIVEL, CLASSE 4 OU 5, ISOLACAO EM PVC/A, ANTICHAMA BWF-B, COBERTURA PVC-ST1, ANTICHAMA BWF-B, 1 CONDUTOR, 0,6/1 KV, SECAO NOMINAL 10 MM2","M",9.8000000000000007]
[1017,"CABO DE COBRE, FLEXIVEL, CLASSE 4 OU 5, ISOLACAO EM PVC/A, ANTICHAMA BWF-B, COBERTURA PVC-ST1, ANTICHAMA BWF-B, 1 CONDUTOR, 0,6/1 KV, SECAO NOMINAL 120 MM2","M",120.07]
[999,"CABO DE COBRE, FLEXIVEL, CLASSE 4 OU 5, ISOLACAO EM PVC/A, ANTICHAMA BWF-B, COBERTURA PVC-ST1, ANTICHAMA BWF-B, 1 CONDUTOR, 0,6/1 KV, SECAO NOMINAL 150 MM2","M",145.46]
[995,"CABO DE COBRE, FLEXIVEL, CLASSE 4 OU 5, ISOLACAO EM PVC/A, ANTICHAMA BWF-B, COBERTURA PVC-ST1, ANTICHAMA BWF-B, 1 CONDUTOR, 0,6/1 KV, SECAO NOMINAL 16 MM2","M",15.6]
[1000,"CABO DE COBRE, FLEXIVEL, CLASSE 4 OU 5, ISOLACAO EM PVC/A, ANTICHAMA BWF-B, COBERTURA PVC-ST1, ANTICHAMA BWF-B, 1 CONDUTOR, 0,6/1 KV, SECAO NOMINAL 185 MM2","M",178.67]
[1022,"CABO DE COBRE, FLEXIVEL, CLASSE 4 OU 5, ISOLACAO EM PVC/A, ANTICHAMA BWF-B, COBERTURA PVC-ST1, ANTICHAMA BWF-B, 1 CONDUTOR, 0,6/1 KV, SECAO NOMINAL 2,5 MM2","M",2.68]
[1015,"CABO DE COBRE, FLEXIVEL, CLASSE 4 OU 5, ISOLACAO EM PVC/A, ANTICHAMA BWF-B, COBERTURA PVC-ST1, ANTICHAMA BWF-B, 1 CONDUTOR, 0,6/1 KV, SECAO NOMINAL 240 MM2","M",237.43]
[996,"CABO DE COBRE, FLEXIVEL, CLASSE 4 OU 5, ISOLACAO EM PVC/A, ANTICHAMA BWF-B, COBERTURA PVC-ST1, ANTICHAMA BWF-B, 1 CONDUTOR, 0,6/1 KV, SECAO NOMINAL 25 MM2","M",24.19]
[1001,"CABO DE COBRE, FLEXIVEL, CLASSE 4 OU 5, ISOLACAO EM PVC/A, ANTICHAMA BWF-B, COBERTURA PVC-ST1, ANTICHAMA BWF-B, 1 CONDUTOR, 0,6/1 KV, SECAO NOMINAL 300 MM2","M",308.06]
[1019,"CABO DE COBRE, FLEXIVEL, CLASSE 4 OU 5, ISOLACAO EM PVC/A, ANTICHAMA BWF-B, COBERTURA PVC-ST1, ANTICHAMA BWF-B, 1 CONDUTOR, 0,6/1 KV, SECAO NOMINAL 35 MM2","M",34.18]
[1021,"CABO DE COBRE, FLEXIVEL, CLASSE 4 OU 5, ISOLACAO EM PVC/A, ANTICHAMA BWF-B, COBERTURA PVC-ST1, ANTICHAMA BWF-B, 1 CONDUTOR, 0,6/1 KV, SECAO NOMINAL 4 MM2","M",4.1100000000000003]
[39249,"CABO DE COBRE, FLEXIVEL, CLASSE 4 OU 5, ISOLACAO EM PVC/A, ANTICHAMA BWF-B, COBERTURA PVC-ST1, ANTICHAMA BWF-B, 1 CONDUTOR, 0,6/1 KV, SECAO NOMINAL 400 MM2","M",414.21]
[1018,"CABO DE COBRE, FLEXIVEL, CLASSE 4 OU 5, ISOLACAO EM PVC/A, ANTICHAMA BWF-B, COBERTURA PVC-ST1, ANTICHAMA BWF-B, 1 CONDUTOR, 0,6/1 KV, SECAO NOMINAL 50 MM2","M",50.55]
[39250,"CABO DE COBRE, FLEXIVEL, CLASSE 4 OU 5, ISOLACAO EM PVC/A, ANTICHAMA BWF-B, COBERTURA PVC-ST1, ANTICHAMA BWF-B, 1 CONDUTOR, 0,6/1 KV, SECAO NOMINAL 500 MM2","M",495.49]
[994,"CABO DE COBRE, FLEXIVEL, CLASSE 4 OU 5, ISOLACAO EM PVC/A, ANTICHAMA BWF-B, COBERTURA PVC-ST1, ANTICHAMA BWF-B, 1 CONDUTOR, 0,6/1 KV, SECAO NOMINAL 6 MM2","M",5.98]
[977,"CABO DE COBRE, FLEXIVEL, CLASSE 4 OU 5, ISOLACAO EM PVC/A, ANTICHAMA BWF-B, COBERTURA PVC-ST1, ANTICHAMA BWF-B, 1 CONDUTOR, 0,6/1 KV, SECAO NOMINAL 70 MM2","M",70.709999999999994]
[998,"CABO DE COBRE, FLEXIVEL, CLASSE 4 OU 5, ISOLACAO EM PVC/A, ANTICHAMA BWF-B, COBERTURA PVC-ST1, ANTICHAMA BWF-B, 1 CONDUTOR, 0,6/1 KV, SECAO NOMINAL 95 MM2","M",91.81]
[1006,"CABO DE COBRE, RIGIDO, CLASSE 2, ISOLACAO EM PVC, ANTI-CHAMA BWF-B, 1 CONDUTOR, 450/750 V, DIAMETRO 120 MM2","M",121.66]
[990,"CABO DE COBRE, RIGIDO, CLASSE 2, ISOLACAO EM PVC/A, ANTICHAMA BWF-B, 1 CONDUTOR, 450/750 V, SECAO NOMINAL 150 MM2","M",161.77000000000001]
[39241,"CABO DE COBRE, RIGIDO, CLASSE 2, ISOLACAO EM PVC/A, ANTICHAMA BWF-B, 1 CONDUTOR, 450/750 V, SECAO NOMINAL 16 MM2","M",15.92]
[1005,"CABO DE COBRE, RIGIDO, CLASSE 2, ISOLACAO EM PVC/A, ANTICHAMA BWF-B, 1 CONDUTOR, 450/750 V, SECAO NOMINAL 185 MM2","M",201.41]
[991,"CABO DE COBRE, RIGIDO, CLASSE 2, ISOLACAO EM PVC/A, ANTICHAMA BWF-B, 1 CONDUTOR, 450/750 V, SECAO NOMINAL 240 MM2","M",263.8]
[986,"CABO DE COBRE, RIGIDO, CLASSE 2, ISOLACAO EM PVC/A, ANTICHAMA BWF-B, 1 CONDUTOR, 450/750 V, SECAO NOMINAL 25 MM2","M",25.16]
[987,"CABO DE COBRE, RIGIDO, CLASSE 2, ISOLACAO EM PVC/A, ANTICHAMA BWF-B, 1 CONDUTOR, 450/750 V, SECAO NOMINAL 35 MM2","M",34.44]
[1007,"CABO DE COBRE, RIGIDO, CLASSE 2, ISOLACAO EM PVC/A, ANTICHAMA BWF-B, 1 CONDUTOR, 450/750 V, SECAO NOMINAL 50 MM2","M",47.68]
[1008,"CABO DE COBRE, RIGIDO, CLASSE 2, ISOLACAO EM PVC/A, ANTICHAMA BWF-B, 1 CONDUTOR, 450/750 V, SECAO NOMINAL 6 MM2","M",6.05]
[988,"CABO DE COBRE, RIGIDO, CLASSE 2, ISOLACAO EM PVC/A, ANTICHAMA BWF-B, 1 CONDUTOR, 450/750 V, SECAO NOMINAL 70 MM2","M",65.739999999999995]
[989,"CABO DE COBRE, RIGIDO, CLASSE 2, ISOLACAO EM PVC/A, ANTICHAMA BWF-B, 1 CONDUTOR, 450/750 V, SECAO NOMINAL 95 MM2","M",90.75]
[43972,"CABO DE REDE, PAR TRANCADO U/UTP, 4 PARES, CATEGORIA 5E (CAT 5E), ISOLAMENTO PVC (CM)","M",3.43]
[43971,"CABO DE REDE, PAR TRANCADO U/UTP, 4 PARES, CATEGORIA 5E (CAT 5E), ISOLAMENTO PVC (CMX)","M",2.62]
[39598,"CABO DE REDE, PAR TRANCADO U/UTP, 4 PARES, CATEGORIA 5E (CAT 5E), ISOLAMENTO PVC (LSZH)","M",4.8600000000000003]
[43973,"CABO DE REDE, PAR TRANCADO U/UTP, 4 PARES, CATEGORIA 6 (CAT 6), ISOLAMENTO PVC (CM)","M",3.58]
[39599,"CABO DE REDE, PAR TRANCADO UTP, 4 PARES, CATEGORIA 6 (CAT 6), ISOLAMENTO PVC (LSZH)","M",6.99]
[43832,"CABO ELETRONICO CATEGORIA 6A U/UTP 23AWG X 4P","M",18.41]
[34602,"CABO FLEXIVEL PVC 750 V, 2 CONDUTORES DE 1,5 MM2","M",4.16]
[34607,"CABO FLEXIVEL PVC 750 V, 2 CONDUTORES DE 4,0 MM2","M",10.199999999999999]
[34609,"CABO FLEXIVEL PVC 750 V, 2 CONDUTORES DE 6,0 MM2","M",14.84]
[34618,"CABO FLEXIVEL PVC 750 V, 3 CONDUTORES DE 1,5 MM2","M",5.67]
[34621,"CABO FLEXIVEL PVC 750 V, 3 CONDUTORES DE 4,0 MM2","M",14.06]
[34622,"CABO FLEXIVEL PVC 750 V, 3 CONDUTORES DE 6,0 MM2","M",20.89]
[34624,"CABO FLEXIVEL PVC 750 V, 4 CONDUTORES DE 1,5 MM2","M",7.58]
[34627,"CABO FLEXIVEL PVC 750 V, 4 CONDUTORES DE 4,0 MM2","M",18.27]
[34629,"CABO FLEXIVEL PVC 750 V, 4 CONDUTORES DE 6,0 MM2","M",27.91]
[39257,"CABO MULTIPOLAR DE COBRE, FLEXIVEL, CLASSE 4 OU 5, ISOLACAO EM HEPR, COBERTURA EM PVC-ST2, ANTICHAMA BWF-B, 0,6/1 KV, 3 CONDUTORES DE 1,5 MM2","M",5.68]
[39261,"CABO MULTIPOLAR DE COBRE, FLEXIVEL, CLASSE 4 OU 5, ISOLACAO EM HEPR, COBERTURA EM PVC-ST2, ANTICHAMA BWF-B, 0,6/1 KV, 3 CONDUTORES DE 10 MM2","M",32.520000000000003]
[39268,"CABO MULTIPOLAR DE COBRE, FLEXIVEL, CLASSE 4 OU 5, ISOLACAO EM HEPR, COBERTURA EM PVC-ST2, ANTICHAMA BWF-B, 0,6/1 KV, 3 CONDUTORES DE 120 MM2","M",508.34]
[39262,"CABO MULTIPOLAR DE COBRE, FLEXIVEL, CLASSE 4 OU 5, ISOLACAO EM HEPR, COBERTURA EM PVC-ST2, ANTICHAMA BWF-B, 0,6/1 KV, 3 CONDUTORES DE 16 MM2","M",51.79]
[39258,"CABO MULTIPOLAR DE COBRE, FLEXIVEL, CLASSE 4 OU 5, ISOLACAO EM HEPR, COBERTURA EM PVC-ST2, ANTICHAMA BWF-B, 0,6/1 KV, 3 CONDUTORES DE 2,5 MM2","M",8.56]
[39263,"CABO MULTIPOLAR DE COBRE, FLEXIVEL, CLASSE 4 OU 5, ISOLACAO EM HEPR, COBERTURA EM PVC-ST2, ANTICHAMA BWF-B, 0,6/1 KV, 3 CONDUTORES DE 25 MM2","M",89.55]
[39264,"CABO MULTIPOLAR DE COBRE, FLEXIVEL, CLASSE 4 OU 5, ISOLACAO EM HEPR, COBERTURA EM PVC-ST2, ANTICHAMA BWF-B, 0,6/1 KV, 3 CONDUTORES DE 35 MM2","M",124.06]
[39259,"CABO MULTIPOLAR DE COBRE, FLEXIVEL, CLASSE 4 OU 5, ISOLACAO EM HEPR, COBERTURA EM PVC-ST2, ANTICHAMA BWF-B, 0,6/1 KV, 3 CONDUTORES DE 4 MM2","M",13.18]
[39265,"CABO MULTIPOLAR DE COBRE, FLEXIVEL, CLASSE 4 OU 5, ISOLACAO EM HEPR, COBERTURA EM PVC-ST2, ANTICHAMA BWF-B, 0,6/1 KV, 3 CONDUTORES DE 50 MM2","M",168.42]
[39260,"CABO MULTIPOLAR DE COBRE, FLEXIVEL, CLASSE 4 OU 5, ISOLACAO EM HEPR, COBERTURA EM PVC-ST2, ANTICHAMA BWF-B, 0,6/1 KV, 3 CONDUTORES DE 6 MM2","M",20.190000000000001]
[39266,"CABO MULTIPOLAR DE COBRE, FLEXIVEL, CLASSE 4 OU 5, ISOLACAO EM HEPR, COBERTURA EM PVC-ST2, ANTICHAMA BWF-B, 0,6/1 KV, 3 CONDUTORES DE 70 MM2","M",254.15]
[39267,"CABO MULTIPOLAR DE COBRE, FLEXIVEL, CLASSE 4 OU 5, ISOLACAO EM HEPR, COBERTURA EM PVC-ST2, ANTICHAMA BWF-B, 0,6/1 KV, 3 CONDUTORES DE 95 MM2","M",317.75]
[11901,"CABO TELEFONICO CCI 50, 1 PAR, USO INTERNO, SEM BLINDAGEM","M",0.63]
[11902,"CABO TELEFONICO CCI 50, 2 PARES, USO INTERNO, SEM BLINDAGEM","M",1.2]
[11903,"CABO TELEFONICO CCI 50, 3 PARES, USO INTERNO, SEM BLINDAGEM","M",1.27]
[11904,"CABO TELEFONICO CCI 50, 4 PARES, USO INTERNO, SEM BLINDAGEM","M",1.93]
[11905,"CABO TELEFONICO CCI 50, 5 PARES, USO INTERNO, SEM BLINDAGEM","M",2.36]
[11906,"CABO TELEFONICO CCI 50, 6 PARES, USO INTERNO, SEM BLINDAGEM","M",3]
[11919,"CABO TELEFONICO CI 50, 10 PARES, USO INTERNO","M",5.49]
[11920,"CABO TELEFONICO CI 50, 20 PARES, USO INTERNO","M",10.44]
[11924,"CABO TELEFONICO CI 50, 200 PARES, USO INTERNO","M",87.65]
[11921,"CABO TELEFONICO CI 50, 30 PARES, USO INTERNO","M",15.28]
[11922,"CABO TELEFONICO CI 50, 50 PARES, USO INTERNO","M",24.7]
[11923,"CABO TELEFONICO CI 50, 75 PARES, USO INTERNO","M",36.159999999999997]
[11916,"CABO TELEFONICO CTP - APL - 50, 10 PARES, USO EXTERNO","M",7.52]
[11914,"CABO TELEFONICO CTP - APL - 50, 100 PARES, USO EXTERNO","M",54.18]
[11917,"CABO TELEFONICO CTP - APL - 50, 20 PARES, USO EXTERNO","M",13.24]
[11918,"CABO TELEFONICO CTP - APL - 50, 30 PARES, USO EXTERNO","M",15.71]
[37734,"CACAMBA METALICA BASCULANTE COM CAPACIDADE DE 10 M3 (INCLUI MONTAGEM, NAO INCLUI CAMINHAO)","UN",83230.070000000007]
[42251,"CACAMBA METALICA BASCULANTE COM CAPACIDADE DE 12 M3 (INCLUI MONTAGEM, NAO INCLUI CAMINHAO)","UN",94512.82]
[37733,"CACAMBA METALICA BASCULANTE COM CAPACIDADE DE 6 M3 (INCLUI MONTAGEM, NAO INCLUI CAMINHAO)","UN",62405.59]
[37735,"CACAMBA METALICA BASCULANTE COM CAPACIDADE DE 8 M3 (INCLUI MONTAGEM, NAO INCLUI CAMINHAO)","UN",75198.740000000005]
[5090,"CADEADO SIMPLES, CORPO EM LATAO MACICO, COM LARGURA DE 25 MM E ALTURA DE APROX 25 MM, HASTE CEMENTADA (NAO LONGA), EM ACO TEMPERADO COM DIAMETRO DE APROX 5,0 MM, INCLUINDO 2 CHAVES","UN",20.7]
[5085,"CADEADO SIMPLES, CORPO EM LATAO MACICO, COM LARGURA DE 35 MM E ALTURA DE APROX 30 MM, HASTE CEMENTADA (NAO LONGA), EM ACO TEMPERADO COM DIAMETRO DE APROX 6,0 MM, INCLUINDO 2 CHAVES","UN",30.81]
[43603,"CADEADO SIMPLES, CORPO EM LATAO MACICO, COM LARGURA DE 50 MM E ALTURA DE APROX 40 MM, HASTE CEMENTADA EM ACO TEMPERADO COM DIAMETRO DE APROX 8,0 MM, INCLUINDO 2 CHAVES","UN",44.02]
[38374,"CADEIRA SUSPENSA MANUAL / BALANCIM INDIVIDUAL (NBR 14751)","UN",971.02]
[4513,"CAIBRO 5 X 5 CM EM PINUS, MISTA OU EQUIVALENTE DA REGIAO - BRUTA","M",5.91]
[20212,"CAIBRO APARELHADO *6 X 8* CM, EM MACARANDUBA/MASSARANDUBA, ANGELIM OU EQUIVALENTE DA REGIAO","M",30.72]
[20209,"CAIBRO APARELHADO *7,5 X 7,5* CM, EM MACARANDUBA/MASSARANDUBA, ANGELIM OU EQUIVALENTE DA REGIAO","M",36.700000000000003]
[4430,"CAIBRO NAO APARELHADO *5 X 6* CM, EM MACARANDUBA/MASSARANDUBA, ANGELIM OU EQUIVALENTE DA REGIAO - BRUTA","M",17.98]
[4433,"CAIBRO NAO APARELHADO *6 X 6* CM, EM MACARANDUBA/MASSARANDUBA, ANGELIM OU EQUIVALENTE DA REGIAO - BRUTA","M",35.159999999999997]
[4400,"CAIBRO NAO APARELHADO, *6 X 8* CM, EM MACARANDUBA/MASSARANDUBA, ANGELIM OU EQUIVALENTE DA REGIAO - BRUTA","M",28.61]
[2729,"CAIBRO ROLICO DE MADEIRA TRATADA, D = 4 A 7 CM, H = 3,00 M, EM EUCALIPTO OU EQUIVALENTE DA REGIAO","UN",24.23]
[37106,"CAIXA D'AGUA / RESERVATORIO EM POLIESTER REFORCADO COM FIBRA DE VIDRO, 10000 LITROS, COM TAMPA","UN",5319.2]
[11869,"CAIXA D'AGUA / RESERVATORIO EM POLIESTER REFORCADO COM FIBRA DE VIDRO, 1500 LITROS, COM TAMPA","UN",1063.8399999999999]
[43981,"CAIXA D'AGUA / RESERVATORIO EM POLIESTER REFORCADO COM FIBRA DE VIDRO, 15000 LITROS, COM TAMPA","UN",8015.99]
[37104,"CAIXA D'AGUA / RESERVATORIO EM POLIESTER REFORCADO COM FIBRA DE VIDRO, 2000 LITROS, COM TAMPA","UN",1335.14]
[43982,"CAIXA D'AGUA / RESERVATORIO EM POLIESTER REFORCADO COM FIBRA DE VIDRO, 20000 LITROS, COM TAMPA","UN",12663.25]
[43978,"CAIXA D'AGUA / RESERVATORIO EM POLIESTER REFORCADO COM FIBRA DE VIDRO, 3000 LITROS, COM TAMPA","UN",1978.65]
[11871,"CAIXA D'AGUA / RESERVATORIO EM POLIESTER REFORCADO COM FIBRA DE VIDRO, 500 LITROS, COM TAMPA","UN",495.91]
[37105,"CAIXA D'AGUA / RESERVATORIO EM POLIESTER REFORCADO COM FIBRA DE VIDRO, 5000 LITROS, COM TAMPA","UN",3051.3]
[43980,"CAIXA D'AGUA / RESERVATORIO EM POLIESTER REFORCADO COM FIBRA DE VIDRO, 7000 LITROS, COM TAMPA","UN",3800.08]
[43979,"CAIXA D'AGUA / RESERVATORIO EM POLIESTER REFORCADO COM FIBRA DE VIDRO, 750 LITROS, COM TAMPA","UN",713.99]
[11868,"CAIXA D'AGUA / RESERVATORIO EM POLIESTER REFORCADO COM FIBRA DE VIDRO,1000 LITROS, COM TAMPA","UN",690.51]
[34636,"CAIXA D'AGUA / RESERVATORIO EM POLIETILENO, 1000 LITROS, COM TAMPA","UN",490.35]
[34639,"CAIXA D'AGUA / RESERVATORIO EM POLIETILENO, 1500 LITROS, COM TAMPA","UN",1131.81]
[34640,"CAIXA D'AGUA / RESERVATORIO EM POLIETILENO, 2000 LITROS, COM TAMPA","UN",1283.8699999999999]
[43977,"CAIXA D'AGUA / RESERVATORIO EM POLIETILENO, 3000 LITROS, COM TAMPA","UN",2213.31]
[34637,"CAIXA D'AGUA / RESERVATORIO EM POLIETILENO, 500 LITROS, COM TAMPA","UN",296.54000000000002]
[34638,"CAIXA D'AGUA / RESERVATORIO EM POLIETILENO, 750 LITROS, COM TAMPA","UN",458.69]
[34641,"CAIXA DE ATERRAMENTO EM CONCRETO PRE-MOLDADO, DIAMETRO DE 0,30 M E ALTURA DE 0,35 M, SEM FUNDO E COM TAMPA","UN",95.13]
[43434,"CAIXA DE CONCRETO ARMADO PRE-MOLDADO, COM FUNDO E SEM TAMPA, DIMENSOES DE 0,30 X 0,30 X 0,30 M","UN",102.85]
[43435,"CAIXA DE CONCRETO ARMADO PRE-MOLDADO, COM FUNDO E SEM TAMPA, DIMENSOES DE 0,40 X 0,40 X 0,40 M","UN",188.57]
[43436,"CAIXA DE CONCRETO ARMADO PRE-MOLDADO, COM FUNDO E SEM TAMPA, DIMENSOES DE 0,60 X 0,60 X 0,50 M","UN",330]
[43437,"CAIXA DE CONCRETO ARMADO PRE-MOLDADO, COM FUNDO E SEM TAMPA, DIMENSOES DE 0,80 X 0,80 X 0,50 M","UN",598.28]
[43438,"CAIXA DE CONCRETO ARMADO PRE-MOLDADO, COM FUNDO E SEM TAMPA, DIMENSOES DE 1,00 X 1,00 X 0,50 M","UN",1071.42]
[41627,"CAIXA DE CONCRETO ARMADO PRE-MOLDADO, COM FUNDO E TAMPA, DIMENSOES DE 0,30 X 0,30 X 0,30 M","UN",158.57]
[41628,"CAIXA DE CONCRETO ARMADO PRE-MOLDADO, COM FUNDO E TAMPA, DIMENSOES DE 0,40 X 0,40 X 0,40 M","UN",291.42]
[41629,"CAIXA DE CONCRETO ARMADO PRE-MOLDADO, COM FUNDO E TAMPA, DIMENSOES DE 0,60 X 0,60 X 0,50 M","UN",370.28]
[43429,"CAIXA DE CONCRETO ARMADO PRE-MOLDADO, SEM FUNDO, QUADRADA, DIMENSOES DE 0,30 X 0,30 X 0,30 M","UN",82.04]
[43430,"CAIXA DE CONCRETO ARMADO PRE-MOLDADO, SEM FUNDO, QUADRADA, DIMENSOES DE 0,40 X 0,40 X 0,40 M","UN",136.28]
[43431,"CAIXA DE CONCRETO ARMADO PRE-MOLDADO, SEM FUNDO, QUADRADA, DIMENSOES DE 0,60 X 0,60 X 0,50 M","UN",263.99]
[43432,"CAIXA DE CONCRETO ARMADO PRE-MOLDADO, SEM FUNDO, QUADRADA, DIMENSOES DE 0,80 X 0,80 X 0,50 M","UN",548.57000000000005]
[43433,"CAIXA DE CONCRETO ARMADO PRE-MOLDADO, SEM FUNDO, QUADRADA, DIMENSOES DE 1,00 X 1,00 X 0,50 M","UN",864.85]
[43094,"CAIXA DE DERIVACAO PARA MEDIDOR DE ENERGIA, COM BARRAMENTO MONOFASICO, EM POLICARBONATO / TERMOPLASTICO - MODULO (PADRAO CONCESSIONARIA LOCAL)","UN",290.58]
[43093,"CAIXA DE DERIVACAO PARA MEDIDOR DE ENERGIA, COM BARRAMENTO POLIFASICO, EM POLICARBONATO / TERMOPLASTICO - MODULO (PADRAO CONCESSIONARIA LOCAL)","UN",308.8]
[11694,"CAIXA DE DESCARGA PLASTICA PARA BACIA / VASO SANITARIO DE EMBUTIR, COM ESPELHO ACIONADOR EM PLASTICO, CAPACIDADE 6 A 10 LITROS, (COMPLETA - ACESSORIOS INCLUSOS)","UN",1080.94]
[1030,"CAIXA DE DESCARGA PLASTICA PARA BACIA / VASO SANITARIO, EXTERNA, CAPACIDADE 9 LITROS, PUXADOR FIO DE NYLON, NAO INCLUSO CANO, BOLSA, ENGATE","UN",48.9]
[11881,"CAIXA DE GORDURA CILINDRICA EM CONCRETO SIMPLES, PRE-MOLDADA, COM DIAMETRO DE 40 CM E ALTURA DE 45 CM, COM TAMPA","UN",145.71]
[35277,"CAIXA DE GORDURA EM PVC, DIAMETRO MINIMO 300 MM, DIAMETRO DE SAIDA 100 MM, CAPACIDADE APROXIMADA 18 LITROS, COM TAMPA E CESTO","UN",339.38]
[10521,"CAIXA DE INCENDIO/ABRIGO PARA MANGUEIRA, DE EMBUTIR/INTERNA, COM 75 X 45 X 17 CM, EM CHAPA DE ACO, PORTA COM VENTILACAO, VISOR COM A INSCRICAO \"INCENDIO\", SUPORTE/CESTA INTERNA PARA A MANGUEIRA, PINTURA ELETROSTATICA VERMELHA","UN",250.09]
[10885,"CAIXA DE INCENDIO/ABRIGO PARA MANGUEIRA, DE EMBUTIR/INTERNA, COM 90 X 60 X 17 CM, EM CHAPA DE ACO, PORTA COM VENTILACAO, VISOR COM A INSCRICAO \"INCENDIO\", SUPORTE/CESTA INTERNA PARA A MANGUEIRA, PINTURA ELETROSTATICA VERMELHA","UN",316.33]
[20962,"CAIXA DE INCENDIO/ABRIGO PARA MANGUEIRA, DE SOBREPOR/EXTERNA, COM 75 X 45 X 17 CM, EM CHAPA DE ACO, PORTA COM VENTILACAO, VISOR COM A INSCRICAO \"INCENDIO\", SUPORTE/CESTA INTERNA PARA A MANGUEIRA, PINTURA ELETROSTATICA VERMELHA","UN",262]
[20963,"CAIXA DE INCENDIO/ABRIGO PARA MANGUEIRA, DE SOBREPOR/EXTERNA, COM 90 X 60 X 17 CM, EM CHAPA DE ACO, PORTA COM VENTILACAO, VISOR COM A INSCRICAO \"INCENDIO\", SUPORTE/CESTA INTERNA PARA A MANGUEIRA, PINTURA ELETROSTATICA VERMELHA","UN",320.05]
[34643,"CAIXA DE INSPECAO PARA ATERRAMENTO E PARA RAIOS, EM POLIPROPILENO, DIAMETRO = 300 MM X ALTURA = 400 MM","UN",39.08]
[41480,"CAIXA DE INSPECAO PARA ATERRAMENTO OU OUTRO USO, EM PVC, DN = 250 X 250 MM","UN",45.31]
[41474,"CAIXA DE INSPECAO PARA ATERRAMENTO OU OUTRO USO, EM PVC, DN = 300 X *300* MM","UN",72.39]
[41475,"CAIXA DE INSPECAO PARA ATERRAMENTO OU OUTRO USO, EM PVC, DN = 300 X 250 MM","UN",61.76]
[41476,"CAIXA DE INSPECAO PARA ATERRAMENTO OU OUTRO USO, EM PVC, DN = 300 X 600 MM","UN",135.24]
[2555,"CAIXA DE LUZ \"3 X 3\" EM ACO ESMALTADA","UN",1.56]
[2556,"CAIXA DE LUZ \"4 X 2\" EM ACO ESMALTADA","UN",1.62]
[2557,"CAIXA DE LUZ \"4 X 4\" EM ACO ESMALTADA","UN",3.42]
[10569,"CAIXA DE PASSAGEM / DERIVACAO / LUZ, OCTOGONAL 4 X4, EM ACO ESMALTADA, COM FUNDO MOVEL SIMPLES (FMS)","UN",3.42]
[39810,"CAIXA DE PASSAGEM ELETRICA DE PAREDE, DE EMBUTIR, EM PVC, COM TAMPA APARAFUSADA, DIMENSOES 120 X 120 X *75* MM","UN",39.21]
[39811,"CAIXA DE PASSAGEM ELETRICA DE PAREDE, DE EMBUTIR, EM PVC, COM TAMPA APARAFUSADA, DIMENSOES 150 X 150 X *75* MM","UN",47.96]
[39812,"CAIXA DE PASSAGEM ELETRICA DE PAREDE, DE EMBUTIR, EM PVC, COM TAMPA APARAFUSADA, DIMENSOES 200 X 200 X *90* MM","UN",78.87]
[43096,"CAIXA DE PASSAGEM ELETRICA DE PAREDE, DE EMBUTIR, EM TERMOPLASTICO / PVC, COM TAMPA APARAFUSADA, DIMENSOES 400 X 400 X *120* MM","UN",261.43]
[43102,"CAIXA DE PASSAGEM ELETRICA DE PAREDE, DE SOBREPOR, EM PVC, COM TAMPA APARAFUSADA, DIMENSOES 300 X 300 X *100* MM","UN",158.96]
[43103,"CAIXA DE PASSAGEM ELETRICA DE PAREDE, DE SOBREPOR, EM PVC, COM TAMPA APARAFUSADA, DIMENSOES, 400 X 400 X *120* MM","UN",234.07]
[43098,"CAIXA DE PASSAGEM ELETRICA DE PAREDE, DE SOBREPOR, EM TERMOPLASTICO / PVC, COM TAMPA APARAFUSADA, DIMENSOES 200 X 200 X *100* MM","UN",88.55]
[43097,"CAIXA DE PASSAGEM ELETRICA DE PAREDE, DE SOBREPOR, EM TERMOPLASTICO / PVC, COM TAMPA APARAFUSADA, DIMENSOES, 150 X 150 X *100* MM","UN",52.46]
[43104,"CAIXA DE PASSAGEM ELETRICA, PARA PISO, EM PVC, DIMENSOES DE 3/4\" A 4\"","UN",620.59]
[39771,"CAIXA DE PASSAGEM METALICA DE SOBREPOR COM TAMPA PARAFUSADA, DIMENSOES 20 X 20 X 10 CM","UN",32.880000000000003]
[39772,"CAIXA DE PASSAGEM METALICA DE SOBREPOR COM TAMPA PARAFUSADA, DIMENSOES 30 X 30 X 10 CM","UN",64.63]
[39773,"CAIXA DE PASSAGEM METALICA DE SOBREPOR COM TAMPA PARAFUSADA, DIMENSOES 40 X 40 X 15 CM","UN",103.88]
[39774,"CAIXA DE PASSAGEM METALICA DE SOBREPOR COM TAMPA PARAFUSADA, DIMENSOES 50 X 50 X 15 CM","UN",155.37]
[39775,"CAIXA DE PASSAGEM METALICA DE SOBREPOR COM TAMPA PARAFUSADA, DIMENSOES 60 X 60 X 20 CM","UN",207.37]
[39776,"CAIXA DE PASSAGEM METALICA DE SOBREPOR COM TAMPA PARAFUSADA, DIMENSOES 70 X 70 X 20 CM","UN",250.61]
[39777,"CAIXA DE PASSAGEM METALICA DE SOBREPOR COM TAMPA PARAFUSADA, DIMENSOES 80 X 80 X 20 CM","UN",317.64]
[20254,"CAIXA DE PASSAGEM METALICA, DE SOBREPOR, COM TAMPA APARAFUSADA, DIMENSOES 15 X 15 X *10* CM","UN",23.05]
[20253,"CAIXA DE PASSAGEM METALICA, DE SOBREPOR, COM TAMPA APARAFUSADA, DIMENSOES 35 X 35 X *12* CM","UN",75.709999999999994]
[1872,"CAIXA DE PASSAGEM, EM PVC, DE 4\" X 2\", PARA ELETRODUTO FLEXIVEL CORRUGADO","UN",2.89]
[1873,"CAIXA DE PASSAGEM, EM PVC, DE 4\" X 4\", PARA ELETRODUTO FLEXIVEL CORRUGADO","UN",5.75]
[14055,"CAIXA DE PASSAGEM/ LUZ / TELEFONIA, DE EMBUTIR, EM CHAPA DE ACO GALVANIZADO, DIMENSOES 120 X 120 X *12* CM (PADRAO CONCESSIONARIA LOCAL)","UN",691.82]
[11247,"CAIXA DE PASSAGEM/ LUZ / TELEFONIA, DE EMBUTIR, EM CHAPA DE ACO GALVANIZADO, DIMENSOES 150 X 150 X 15 CM (PADRAO CONCESSIONARIA LOCAL)","UN",1455.75]
[11250,"CAIXA DE PASSAGEM/ LUZ / TELEFONIA, DE EMBUTIR, EM CHAPA DE ACO GALVANIZADO, DIMENSOES 20 X 20 X *12* CM (PADRAO CONCESSIONARIA LOCAL)","UN",62.67]
[11249,"CAIXA DE PASSAGEM/ LUZ / TELEFONIA, DE EMBUTIR, EM CHAPA DE ACO GALVANIZADO, DIMENSOES 200 X 200 X 20 CM (PADRAO CONCESSIONARIA LOCAL)","UN",2843.59]
[11251,"CAIXA DE PASSAGEM/ LUZ / TELEFONIA, DE EMBUTIR, EM CHAPA DE ACO GALVANIZADO, DIMENSOES 40 X 40 X *12* CM (PADRAO CONCESSIONARIA LOCAL)","UN",138.82]
[11253,"CAIXA DE PASSAGEM/ LUZ / TELEFONIA, DE EMBUTIR, EM CHAPA DE ACO GALVANIZADO, DIMENSOES 60 X 60 X *12* CM (PADRAO CONCESSIONARIA LOCAL)","UN",230.04]
[11255,"CAIXA DE PASSAGEM/ LUZ / TELEFONIA, DE EMBUTIR, EM CHAPA DE ACO GALVANIZADO, DIMENSOES 80 X 80 X *12* CM (PADRAO CONCESSIONARIA LOCAL)","UN",343.91]
[11256,"CAIXA DE PASSAGEM/ LUZ / TELEFONIA, DE SOBREPOR, EM CHAPA DE ACO GALVANIZADO, DIMENSOES 80 X 80 X *12* CM (PADRAO CONCESSIONARIA LOCAL)","UN",430.78]
[39693,"CAIXA DE PROTECAO EXTERNA PARA MEDIDOR HOROSAZONAL, DE BAIXA TENSAO, COM MODULO, EM CHAPA DE ACO (PADRAO DA CONCESSIONARIA LOCAL)","UN",2705.51]
[39692,"CAIXA DE PROTECAO PARA TRANSFORMADOR CORRENTE, EM CHAPA DE ACO 18 USG (PADRAO DA CONCESSIONARIA LOCAL)","UN",865.7]
[1062,"CAIXA INTERNA/EXTERNA DE MEDICAO PARA 1 MEDIDOR TRIFASICO, COM VISOR, EM CHAPA DE ACO 18 USG (PADRAO DA CONCESSIONARIA LOCAL)","UN",274.35000000000002]
[39686,"CAIXA INTERNA/EXTERNA DE MEDICAO PARA 4 MEDIDORES MONOFASICOS, COM VISOR, EM CHAPA DE ACO 18 USG (PADRAO DA CONCESSIONARIA LOCAL)","UN",444.24]
[43095,"CAIXA MODULAR PARA MEDIDOR DE ENERGIA AGRUPADA, EM POLICARBONATO / TERMOPLASTICO, COM SUPORTE PARA DISJUNTOR (PADRAO DA CONCESSIONARIA LOCAL)","UN",172.27]
[1871,"CAIXA OCTOGONAL DE FUNDO MOVEL, EM PVC, DE 3\" X 3\", PARA ELETRODUTO FLEXIVEL CORRUGADO","UN",5.18]
[12001,"CAIXA OCTOGONAL DE FUNDO MOVEL, EM PVC, DE 4\" X 4\", PARA ELETRODUTO FLEXIVEL CORRUGADO","UN",7.48]
[11882,"CAIXA PARA HIDROMETRO CONCRETO PRE MOLDADO, *0,24 M X 0,45 M X 0,30* M (L X C X A)","UN",104.57]
[1068,"CAIXA PARA MEDICAO COLETIVA TIPO L, PADRAO BIFASICO OU TRIFASICO, PARA ATE 4 MEDIDORES, SEM BARRAMENTO E COM PORTAS INFERIOR E SUPERIOR","UN",1809.66]
[39690,"CAIXA PARA MEDICAO COLETIVA TIPO M, PADRAO BIFASICO OU TRIFASICO, PARA ATE 8 MEDIDORES, SEM BARRAMENTO E COM PORTAS INFERIOR E SUPERIOR","UN",3036.01]
[39691,"CAIXA PARA MEDICAO COLETIVA TIPO N, PADRAO BIFASICO OU TRIFASICO, PARA ATE 12 MEDIDORES, SEM BARRAMENTO E COM PORTAS INFERIOR E SUPERIOR","UN",3818.45]
[39808,"CAIXA PARA MEDIDOR MONOFASICO, EM POLICARBONATO / TERMOPLASTICO, PARA ALOJAR 1 DISJUNTOR (PADRAO DA CONCESSIONARIA LOCAL)","UN",89.94]
[39809,"CAIXA PARA MEDIDOR POLIFASICO, EM POLICARBONATO / TERMOPLASTICO, PARA ALOJAR 1 DISJUNTOR (PADRAO DA CONCESSIONARIA LOCAL)","UN",213.32]
[43439,"CAIXA PRE-MOLDADA PARA BOCA DE LOBO, EM CONCRETO ARMADO, COM FCK DE 25 MPA, COM DIMENSOES 1,10 X 0,65 X 1,00 M (COMPRIMENTO X LARGURA X ALTURA)","UN",480]
[5103,"CAIXA SIFONADA PVC, 100 X 100 X 50 MM, COM GRELHA REDONDA, BRANCA","UN",21.48]
[11880,"CAIXA SIFONADA PVC, 250 X 230 X 75 MM, COM TAMPA CEGA QUADRADA, BRANCA","UN",90.37]
[11714,"CAIXA SIFONADA, PVC, 150 X *185* X 75 MM, COM GRELHA QUADRADA, BRANCA","UN",61.56]
[11712,"CAIXA SIFONADA, PVC, 150 X 150 X 50 MM, COM GRELHA QUADRADA, BRANCA (NBR 5688)","UN",40.200000000000003]
[11717,"CAIXA SIFONADA, PVC, 150 X 150 X 50 MM, COM GRELHA REDONDA, BRANCA","UN",48.46]
[1106,"CAL HIDRATADA CH-I PARA ARGAMASSAS","KG",1.17]
[11161,"CAL HIDRATADA PARA PINTURA","KG",1.95]
[1107,"CAL VIRGEM COMUM PARA ARGAMASSAS (NBR 6453)","KG",0.99]
[44479,"CALCARIO DOLOMITICO A (POSTO PEDREIRA/FORNECEDOR,  SEM FRETE)","KG",0.19]
[4759,"CALCETEIRO / RASTELEIRO (HORISTA)","H",15.39]
[41068,"CALCETEIRO / RASTELEIRO (MENSALISTA)","MES",2719.19]
[12618,"CALHA / PERFIL PLUVIAL DE PVC, DIAMETRO ENTRE *119 E 170* MM, COMPRIMENTO DE 3 M, PARA DRENAGEM PLUVIAL PREDIAL","UN",166.04]
[1108,"CALHA MOLDURA AMERICANA DE CHAPA DE ACO GALVANIZADA NUM 26, CORTE 33 CM","M",29.51]
[1117,"CALHA PARA AGUA FURTADA DE CHAPA DE ACO GALVANIZADA NUM 26, CORTE 40 CM","M",29.74]
[1118,"CALHA PARA AGUA FURTADA DE CHAPA DE ACO GALVANIZADA NUM 26, CORTE 50 CM","M",35.15]
[1110,"CALHA PLATIBANDA DE CHAPA DE ACO GALVANIZADA NUM 26, CORTE 45 CM","M",35.15]
[40784,"CALHA QUADRADA DE CHAPA DE ACO GALVANIZADA NUM 24, CORTE 100 CM","M",96.96]
[40782,"CALHA QUADRADA DE CHAPA DE ACO GALVANIZADA NUM 24, CORTE 33 CM","M",38.049999999999997]
[40783,"CALHA QUADRADA DE CHAPA DE ACO GALVANIZADA NUM 24, CORTE 50 CM","M",49.56]
[1109,"CALHA QUADRADA DE CHAPA DE ACO GALVANIZADA NUM 26, CORTE 33 CM","M",29.51]
[1119,"CALHA QUADRADA DE CHAPA DE ACO GALVANIZADA NUM 28, CORTE 25 CM","M",19.02]
[13115,"CALHA/CANALETA DE CONCRETO SIMPLES, TIPO MEIA CANA, DIAMETRO DE 20 CM, PARA AGUA PLUVIAL","M",37.49]
[10541,"CALHA/CANALETA DE CONCRETO SIMPLES, TIPO MEIA CANA, DIAMETRO DE 30 CM, PARA AGUA PLUVIAL","M",45.82]
[10542,"CALHA/CANALETA DE CONCRETO SIMPLES, TIPO MEIA CANA, DIAMETRO DE 40 CM, PARA AGUA PLUVIAL","M",59.92]
[10543,"CALHA/CANALETA DE CONCRETO SIMPLES, TIPO MEIA CANA, DIAMETRO DE 50 CM, PARA AGUA PLUVIAL","M",97.22]
[10544,"CALHA/CANALETA DE CONCRETO SIMPLES, TIPO MEIA CANA, DIAMETRO DE 60 CM, PARA AGUA PLUVIAL","M",125.75]
[10545,"CALHA/CANALETA DE CONCRETO SIMPLES, TIPO MEIA CANA, DIAMETRO DE 80 CM, PARA AGUA PLUVIAL","M",234.99]
[38365,"CAMADA SEPARADORA DE FILME DE POLIETILENO 20 A 25 MICRA","M2",1.94]
[44056,"CAMINHAO TOCO, PESO BRUTO TOTAL 10700 KG, CARGA UTIL MAXIMA 7400 KG, DISTANCIA ENTRE EIXOS 4,00 M, POTENCIA 175 CV (INCLUI CABINE E CHASSI, NAO INCLUI CARROCERIA)","UN",449212.05]
[44057,"CAMINHAO TOCO, PESO BRUTO TOTAL 13200 KG, CARGA UTIL MAXIMA 9200 KG, DISTANCIA ENTRE EIXOS 3,31 M, POTENCIA 175 CV (INCLUI CABINE E CHASSI, NAO INCLUI CARROCERIA)","UN",479447.5]
[37754,"CAMINHAO TOCO, PESO BRUTO TOTAL 14300 KG, CARGA UTIL MAXIMA 9480 KG, DISTANCIA ENTRE EIXOS 4,80 M, POTENCIA 185 CV (INCLUI CABINE E CHASSI, NAO INCLUI CARROCERIA)","UN",495688.25]
[37757,"CAMINHAO TOCO, PESO BRUTO TOTAL 16000 KG, CARGA UTIL MAXIMA 10600 KG, DISTANCIA ENTRE EIXOS 4,80 M, POTENCIA 277 CV (INCLUI CABINE E CHASSI, NAO INCLUI CARROCERIA)","UN",552876.41]
[44058,"CAMINHAO TOCO, PESO BRUTO TOTAL 16000 KG, CARGA UTIL MAXIMA 10830 KG, DISTANCIA ENTRE EIXOS 3,56 M, POTENCIA 226 CV (INCLUI CABINE E CHASSI, NAO INCLUI CARROCERIA)","UN",522640.97]
[37752,"CAMINHAO TOCO, PESO BRUTO TOTAL 16000 KG, CARGA UTIL MAXIMA 11030 KG, DISTANCIA ENTRE EIXOS 5,41 M, POTENCIA 185 CV (INCLUI CABINE E CHASSI, NAO INCLUI CARROCERIA)","UN",544237.68000000005]
[44059,"CAMINHAO TOCO, PESO BRUTO TOTAL 8500 KG, CARGA UTIL MAXIMA 5600 KG, DISTANCIA ENTRE EIXOS 3,40 M, POTENCIA 167 CV (INCLUI CABINE E CHASSI, NAO INCLUI CARROCERIA)","UN",430206.94]
[37750,"CAMINHAO TOCO, PESO BRUTO TOTAL 9600 KG, CARGA UTIL MAXIMA 6190 KG, DISTANCIA ENTRE EIXOS 3,70 M, POTENCIA 156 CV (INCLUI CABINE E CHASSI, NAO INCLUI CARROCERIA)","UN",431070.81]
[37758,"CAMINHAO TRUCADO, PESO BRUTO TOTAL 23000 KG, CARGA UTIL MAXIMA 15285 KG, DISTANCIA ENTRE EIXOS 4,80 M, POTENCIA 326 CV (INCLUI CABINE E CHASSI, NAO INCLUI CARROCERIA)","UN",685912.26]
[44060,"CAMINHAO TRUCADO, PESO BRUTO TOTAL 23000 KG, CARGA UTIL MAXIMA 15460 KG, DISTANCIA ENTRE EIXOS 4,80 M, POTENCIA 286 CV (INCLUI CABINE E CHASSI, NAO INCLUI CARROCERIA)","UN",663451.68000000005]
[37749,"CAMINHAO TRUCADO, PESO BRUTO TOTAL 23000 KG, CARGA UTIL MAXIMA 16360 KG, CABINE ESTENDIDA, DISTANCIA ENTRE EIXOS 3,56 M, POTENCIA 277 CV (INCLUI CABINE E CHASSI, NAO INCLUI CARROCERIA)","UN",708372.89]
[44061,"CAMINHAO TRUCADO, PESO BRUTO TOTAL 23000 KG, CARGA UTIL MAXIMA 16540 KG, DISTANCIA ENTRE EIXOS 4,80 M, POTENCIA 256 CV (INCLUI CABINE E CHASSI, NAO INCLUI CARROCERIA)","UN",650493.65]
[1159,"CAMINHONETE COM MOTOR A DIESEL, POTENCIA *160* CV, CABINE DUPLA, 4X4","UN",265433.83]
[12114,"CAMPAINHA ALTA POTENCIA 110V / 220V, DIAMETRO 150 MM","UN",125.34]
[38106,"CAMPAINHA CIGARRA 127 V / 220 V (APENAS MODULO)","UN",17.03]
[38085,"CAMPAINHA CIGARRA 127 V / 220 V, CONJUNTO MONTADO PARA EMBUTIR 4\" X 2\" (PLACA + SUPORTE + MODULO)","UN",20.12]
[659,"CANALETA DE CONCRETO 14 X 19 X 19 CM (CLASSE C - NBR 6136)","UN",2.98]
[660,"CANALETA DE CONCRETO 19 X 19 X 19 CM (CLASSE C - NBR 6136)","UN",3.58]
[658,"CANALETA DE CONCRETO 9 X 19 X 19 CM (CLASSE C - NBR 6136)","UN",2.02]
[38599,"CANALETA DE CONCRETO ESTRUTURAL 14 X 19 X 29 CM, FBK 14 MPA (NBR 6136)","UN",6.21]
[38596,"CANALETA DE CONCRETO ESTRUTURAL 14 X 19 X 29 CM, FBK 4,5 MPA (NBR 6136)","UN",5.16]
[38600,"CANALETA DE CONCRETO ESTRUTURAL 14 X 19 X 39 CM, FBK 14 MPA (NBR 6136)","UN",6.59]
[38597,"CANALETA DE CONCRETO ESTRUTURAL 14 X 19 X 39 CM, FBK 4,5 MPA (NBR 6136)","UN",5.19]
[38548,"CANALETA ESTRUTURAL CERAMICA DE 14 X 19 X 19 CM (L X A X C) E 6,0 MPA","UN",1.77]
[34649,"CANALETA ESTRUTURAL CERAMICA DE 14 X 19 X 29 CM (L X A X C) E 6,0 MPA","UN",2.6]
[34655,"CANALETA ESTRUTURAL CERAMICA DE 14 X 19 X 39 CM (L X A X C) E 6,0 MPA","UN",3.82]
[40607,"CANOPLA ACABAMENTO CROMADO PARA INSTALACAO DE SPRINKLER, SOB FORRO, 15 MM","UN",7.35]
[567,"CANTONEIRA (ABAS IGUAIS) EM ACO CARBONO, 25,4 MM X 3,17 MM (L X E), 1,27KG/M","M",11.98]
[574,"CANTONEIRA (ABAS IGUAIS) EM ACO CARBONO, 38,1 MM X 3,17 MM (L X E), 3,48 KG/M","M",31.51]
[568,"CANTONEIRA (ABAS IGUAIS) EM ACO CARBONO, 50,8 MM X 9,53 MM (L X E), 6,99 KG/M","M",66.39]
[4777,"CANTONEIRA ACO ABAS IGUAIS (QUALQUER BITOLA), ESPESSURA ENTRE 1/8\" E 1/4\"","KG",7.44]
[592,"CANTONEIRA EM ALUMINIO, ABAS IGUAIS, LARGURA DE 25,40 MM (1\"), ESPESSURA DE 3,17 MM (1/8\") E PESO LINEAR DE APROXIMADAMENTE 0,408 KG/M","KG",56.78]
[586,"CANTONEIRA EM ALUMINIO, ABAS IGUAIS, LARGURA DE 25,40 MM (1\"), ESPESSURA DE 4,76 MM (3/16\") E PESO LINEAR DE APROXIMADAMENTE 0,593 KG/M","M",33.380000000000003]
[588,"CANTONEIRA EM ALUMINIO, ABAS IGUAIS, LARGURA DE 31,75 MM (1 1/4\"), ESPESSURA DE 4,76 MM (3/16\") E PESO LINEAR DE APROXIMADAMENTE 0,755 KG/M","M",52.8]
[591,"CANTONEIRA EM ALUMINIO, ABAS IGUAIS, LARGURA DE 38,10 MM (1 1/2\"), ESPESSURA DE 4,76 MM (3/16\") E PESO LINEAR DE APROXIMADAMENTE 0,915 KG/M","KG",52.99]
[584,"CANTONEIRA EM ALUMINIO, ABAS IGUAIS, LARGURA DE 50,80 MM (2\"), ESPESSURA DE 3,17 MM (1/8\") E PESO LINEAR DE APROXIMADAMENTE 0,842 KG/M","M",56.4]
[589,"CANTONEIRA EM ALUMINIO, ABAS IGUAIS, LARGURA DE 50,80 MM (2\"), ESPESSURA DE 6,35 MM (1/4\") E PESO LINEAR DE APROXIMADAMENTE 1,630 KG/M","M",89.25]
[1165,"CAP OU TAMPAO DE FERRO GALVANIZADO, COM ROSCA BSP, DE 1 1/2\"","UN",19.170000000000002]
[1164,"CAP OU TAMPAO DE FERRO GALVANIZADO, COM ROSCA BSP, DE 1 1/4\"","UN",15.53]
[1170,"CAP OU TAMPAO DE FERRO GALVANIZADO, COM ROSCA BSP, DE 1\"","UN",10.17]
[1162,"CAP OU TAMPAO DE FERRO GALVANIZADO, COM ROSCA BSP, DE 1/2\"","UN",5.4]
[12395,"CAP OU TAMPAO DE FERRO GALVANIZADO, COM ROSCA BSP, DE 1/4\"","UN",5.25]
[1169,"CAP OU TAMPAO DE FERRO GALVANIZADO, COM ROSCA BSP, DE 2 1/2\"","UN",49.96]
[1166,"CAP OU TAMPAO DE FERRO GALVANIZADO, COM ROSCA BSP, DE 2\"","UN",27.7]
[1168,"CAP OU TAMPAO DE FERRO GALVANIZADO, COM ROSCA BSP, DE 3\"","UN",71.209999999999994]
[1163,"CAP OU TAMPAO DE FERRO GALVANIZADO, COM ROSCA BSP, DE 3/4\"","UN",6.98]
[12396,"CAP OU TAMPAO DE FERRO GALVANIZADO, COM ROSCA BSP, DE 3/8\"","UN",5.25]
[1167,"CAP OU TAMPAO DE FERRO GALVANIZADO, COM ROSCA BSP, DE 4\"","UN",119.12]
[36331,"CAP PPR DN 20 MM, PARA AGUA QUENTE PREDIAL","UN"]
[36346,"CAP PPR DN 25 MM, PARA AGUA QUENTE PREDIAL","UN"]
[1202,"CAP PVC, ROSCAVEL, 1\", PARA AGUA FRIA PREDIAL","UN",4.6900000000000004]
[1197,"CAP PVC, ROSCAVEL, 1/2\", PARA AGUA FRIA PREDIAL","UN",1.65]
[1198,"CAP PVC, ROSCAVEL, 3/4\", PARA AGUA FRIA PREDIAL","UN",2.17]
[20088,"CAP PVC, SERIE R, DN 100 MM, PARA ESGOTO PREDIAL","UN",12.77]
[20089,"CAP PVC, SERIE R, DN 150 MM, PARA ESGOTO PREDIAL","UN",62.63]
[20087,"CAP PVC, SERIE R, DN 75 MM, PARA ESGOTO PREDIAL","UN",10.57]
[1191,"CAP PVC, SOLDAVEL, 20 MM, PARA AGUA FRIA PREDIAL","UN",1.18]
[1185,"CAP PVC, SOLDAVEL, 25 MM, PARA AGUA FRIA PREDIAL","UN",1.18]
[1189,"CAP PVC, SOLDAVEL, 32 MM, PARA AGUA FRIA PREDIAL","UN",1.93]
[1193,"CAP PVC, SOLDAVEL, 40 MM, PARA AGUA FRIA PREDIAL","UN",3.71]
[1194,"CAP PVC, SOLDAVEL, 50 MM, PARA AGUA FRIA PREDIAL","UN",6.7]
[1195,"CAP PVC, SOLDAVEL, 60 MM, PARA AGUA FRIA PREDIAL","UN",11.27]
[1204,"CAP PVC, SOLDAVEL, 75 MM, PARA AGUA FRIA PREDIAL","UN",19.72]
[1200,"CAP PVC, SOLDAVEL, DN 100 MM, SERIE NORMAL, PARA ESGOTO PREDIAL","UN",9.6]
[12909,"CAP PVC, SOLDAVEL, DN 50 MM, SERIE NORMAL, PARA ESGOTO PREDIAL","UN",4.45]
[12910,"CAP PVC, SOLDAVEL, DN 75 MM, SERIE NORMAL, PARA ESGOTO PREDIAL","UN",8]
[1207,"CAP, PVC PBA, JE, DN 100 / DE 110 MM, PARA REDE DE AGUA (NBR 10351)","UN",34.299999999999997]
[1206,"CAP, PVC PBA, JE, DN 50 / DE 60 MM, PARA REDE DE AGUA (NBR 10351)","UN",8.6]
[1183,"CAP, PVC PBA, JE, DN 75 / DE 85 MM, PARA REDE DE AGUA (NBR 10351)","UN",22.4]
[42685,"CAP, PVC, JE, OCRE, DN 150 MM (CONEXAO PARA TUBO COLETOR DE ESGOTO)","UN",64.900000000000006]
[42686,"CAP, PVC, JE, OCRE, DN 200 MM (CONEXAO PARA TUBO COLETOR DE ESGOTO)","UN",71.48]
[12894,"CAPA PARA CHUVA EM PVC COM FORRO DE POLIESTER, COM CAPUZ (AMARELA OU AZUL)","UN",17.48]
[12895,"CAPACETE DE SEGURANCA ABA FRONTAL COM SUSPENSAO DE POLIETILENO, SEM JUGULAR (CLASSE B)","UN",13.45]
[1631,"CAPACITOR TRIFASICO, POTENCIA 2,5 KVAR, TENSAO 220 V, FORNECIDO COM CAPA PROTETORA, RESISTOR INTERNO A UNIDADE CAPACITIVA","UN",221.05]
[1633,"CAPACITOR TRIFASICO, POTENCIA 5 KVAR, TENSAO 220 V, FORNECIDO COM CAPA PROTETORA, RESISTOR INTERNO A UNIDADE CAPACITIVA","UN",375.59]
[10818,"CAPIM BRAQUIARIA DECUMBENS/ BRAQUIARINHA, VC *70*% MINIMO","KG",40.25]
[41410,"CAPTOR FRANKLIN (4 PONTAS), EM LATAO CROMADO, H = 300 MM, DUAS DESCIDAS","UN",68.959999999999994]
[41411,"CAPTOR FRANKLIN (4 PONTAS), EM LATAO CROMADO, H = 300 MM, UMA DESCIDA","UN",62.52]
[41412,"CAPTOR FRANKLIN (4 PONTAS), EM LATAO CROMADO, H = 350 MM, DUAS DESCIDAS","UN",120.93]
[41413,"CAPTOR FRANKLIN (4 PONTAS), EM LATAO CROMADO, H=350 MM, UMA DESCIDA","UN",108.82]
[39359,"CARENAGEM /TAMPA, EM PLASTICO, COR BRANCA, UTILIZADO EM KIT CHASSI METALICO PARA INSTAL. HIDRAULICA DE CUBA SIMPLES SEM MAQUINA DE LAVAR ROUPA, *355* X *670* MM (L X H) (COM FUROS E DEMAIS ENCAIXES)","UN"]
[39360,"CARENAGEM /TAMPA, EM PLASTICO, COR BRANCA, UTILIZADO EM KIT CHASSI METALICO PARA INSTAL. HIDRAULICA DE TANQUE COM MAQUINA DE LAVAR ROUPA, *360* X *470* MM (L X H) (COM FUROS E DEMAIS ENCAIXES)","UN"]
[10710,"CARPETE DE NYLON EM MANTA PARA TRAFEGO COMERCIAL PESADO, E = 6 A 7 MM (INSTALADO)","M2"]
[10709,"CARPETE DE NYLON EM MANTA PARA TRAFEGO COMERCIAL PESADO, E = 9 A 10 MM (INSTALADO)","M2"]
[39636,"CARPETE DE NYLON EM PLACAS 50 X 50 CM PARA TRAFEGO COMERCIAL PESADO, E = 6,5 MM (INSTALADO)","M2"]
[10708,"CARPETE DE POLIESTER EM MANTA PARA TRAFEGO COMERCIAL PESADO, E = 4 A 5 MM (INSTALADO)","M2"]
[39635,"CARPETE DE POLIPROPILENO EM MANTA PARA TRAFEGO COMERCIAL MEDIO, E = 5 A 6 MM (INSTALADO)","M2"]
[6117,"CARPINTEIRO AUXILIAR (HORISTA)","H",16.3]
[40913,"CARPINTEIRO AUXILIAR (MENSALISTA)","MES",2877.48]
[1214,"CARPINTEIRO DE ESQUADRIAS (HORISTA)","H",25]
[40915,"CARPINTEIRO DE ESQUADRIAS (MENSALISTA)","MES",4415.01]
[40914,"CARPINTEIRO DE FORMAS OU OFICIAL (MENSALISTA)","MES",3807.32]
[1213,"CARPINTEIRO DE FORMAS PARA CONCRETO (HORISTA)","H",21.57]
[5091,"CARRANCA PARA JANELA VENEZIANA DE ABRIR, EM LATAO CROMADO, SIMPLES, PARA APARAFUSAR NA PAREDE","UN",20.21]
[14615,"CARRINHO COM 2 PNEUS PARA TRANSPORTAR TUBO CONCRETO, ALTURA ATE 1,0 M E DIAMETRO ATE 1000MM, COM ESTRUTURA EM PERFIL OU TUBO METALICO","UN",2933.46]
[2711,"CARRINHO DE MAO, EM ACO, COM CAPACIDADE DE *45 A 65* L / *100* KG, PNEU COM CAMARA","UN",236.9]
[37727,"CARROCERIA FIXA ABERTA DE MADEIRA PARA TRANSPORTE GERAL DE CARGA SECA DIMENSOES APROXIMADAS 2,25 X 4,10 X 0,50 M (INCLUI MONTAGEM, NAO INCLUI CAMINHAO)","UN",19400]
[37728,"CARROCERIA FIXA ABERTA DE MADEIRA PARA TRANSPORTE GERAL DE CARGA SECA DIMENSOES APROXIMADAS 2,5 X 5,5 X 0,50 M (INCLUI MONTAGEM, NAO INCLUI CAMINHAO)","UN",26318.880000000001]
[37729,"CARROCERIA FIXA ABERTA DE MADEIRA PARA TRANSPORTE GERAL DE CARGA SECA DIMENSOES APROXIMADAS 2,5 X 6,00 X 0,50 M (INCLUI MONTAGEM, NAO INCLUI CAMINHAO)","UN",28489.51]
[37730,"CARROCERIA FIXA ABERTA DE MADEIRA PARA TRANSPORTE GERAL DE CARGA SECA DIMENSOES APROXIMADAS 2,5 X 6,5 X 0,50 M (INCLUI MONTAGEM, NAO INCLUI CAMINHAO)","UN",30660.14]
[37731,"CARROCERIA FIXA ABERTA DE MADEIRA PARA TRANSPORTE GERAL DE CARGA SECA DIMENSOES APROXIMADAS 2,5 X 7,00 X 0,50 M (INCLUI MONTAGEM, NAO INCLUI CAMINHAO)","UN",32830.76]
[37732,"CARROCERIA FIXA ABERTA DE MADEIRA PARA TRANSPORTE GERAL DE CARGA SECA DIMENSOES APROXIMADAS 2,5 X 7,5 X 0,50 M (INCLUI MONTAGEM, NAO INCLUI CAMINHAO)","UN",37443.35]
[36496,"CAVALETE PARA TALHA COM ESTRUTURA EM TUBO METALICO ALTURA MINIMA 3,2 M EQUIPADO COM RODAS DE BORRACHA PARA MOVIMENTACAO DE TUBOS DE CONCRETO NA CENTRAL DE PREMOLDADOS COM CAPACIDADE DE CARGA DE 3 TONELADAS","UN",7448.01]
[37762,"CAVALO MECANICO TRACAO 4X2, PESO BRUTO TOTAL 16000 KG, CAPACIDADE MAXIMA DE TRACAO *36000* KG, DISTANCIA ENTRE EIXOS *3,56* M, POTENCIA *286* CV (INCLUI CABINE E CHASSI, NAO INCLUI SEMIRREBOQUE)","UN",726572.86]
[37763,"CAVALO MECANICO TRACAO 4X2, PESO BRUTO TOTAL 16000 KG, CAPACIDADE MAXIMA DE TRACAO *45000* KG, DISTANCIA ENTRE EIXOS *3,56* M, POTENCIA *330* CV (INCLUI CABINE E CHASSI, NAO INCLUI SEMIRREBOQUE)","UN",735397.51]
[41992,"CAVALO MECANICO TRACAO 4X2, PESO BRUTO TOTAL 16000 KG, CAPACIDADE MAXIMA DE TRACAO *80000* KG, POTENCIA *380* CV (INCLUI CABINE E CHASSI, NAO INCLUI SEMIRREBOQUE)","UN",836000]
[10630,"CAVALO MECANICO TRACAO 4X2, PESO BRUTO TOTAL COMBINADO 49000 KG, CAPACIDADE MAXIMA DE TRACAO *66000* KG, POTENCIA *360* CV (INCLUI CABINE E CHASSI, NAO INCLUI SEMIRREBOQUE)","UN",847177.9]
[13215,"CAVALO MECANICO TRACAO 6X2, PESO BRUTO TOTAL COMBINADO 56000 KG, CAPACIDADE MAXIMA DE TRACAO *66000* KG, POTENCIA *360* CV (INCLUI CABINE E CHASSI, NAO INCLUI SEMIRREBOQUE)","UN",1025144.16]
[4235,"CAVOUQUEIRO OU OPERADOR DE PERFURATRIZ / ROMPEDOR (HORISTA)","H",25.21]
[40976,"CAVOUQUEIRO OU OPERADOR DE PERFURATRIZ / ROMPEDOR (MENSALISTA)","MES",4453.6499999999996]
[43091,"CENTRO DE MEDICAO AGRUPADA, EM POLICARBONATO / PVC, COM 12 MEDIDORES E PROTECAO GERAL (INCLUI BARRAMENTO, DISJUNTORES E ACESSORIOS DE FIXACAO) (PADRAO CONCESSIONARIA LOCAL)","UN",7195.36]
[43092,"CENTRO DE MEDICAO AGRUPADA, EM POLICARBONATO / PVC, COM 16 MEDIDORES E PROTECAO GERAL (INCLUI BARRAMENTO, DISJUNTORES E ACESSORIOS DE FIXACAO) (PADRAO CONCESSIONARIA LOCAL)","UN",9593.81]
[43089,"CENTRO DE MEDICAO AGRUPADA, EM POLICARBONATO / PVC, COM 4 MEDIDORES E PROTECAO GERAL (INCLUI BARRAMENTO, DISJUNTORES E ACESSORIOS DE FIXACAO) (PADRAO CONCESSIONARIA LOCAL)","UN",1671.99]
[43090,"CENTRO DE MEDICAO AGRUPADA, EM POLICARBONATO / PVC, COM 8 MEDIDORES E PROTECAO GERAL (INCLUI BARRAMENTO, DISJUNTORES E ACESSORIOS DE FIXACAO) (PADRAO CONCESSIONARIA LOCAL)","UN",3689.92]
[41967,"CERA LIQUIDA INCOLOR MULTIPISO","L",31.56]
[12760,"CHAPA ACO INOX AISI 304 NUMERO 4 (E = 6 MM), ACABAMENTO NUMERO 1 (LAMINADO A QUENTE, FOSCO)","M2",1485.73]
[12759,"CHAPA ACO INOX AISI 304 NUMERO 9 (E = 4 MM), ACABAMENTO NUMERO 1 (LAMINADO A QUENTE, FOSCO)","M2",990.47]
[43105,"CHAPA DE ACO CARBONO GALVANIZADA, PERFURADA (GRADE FUROS) E = 1,5 MM, DIAMETRO DO FURO = 9,52 MM (FUROS ALTERNADOS HORIZ.)","KG",38.380000000000003]
[40424,"CHAPA DE ACO CARBONO LAMINADO A QUENTE, QUALIDADE ESTRUTURAL, BITOLA 3/16\", E =4,75 MM (37,29 KG/M2)","KG",9.75]
[1325,"CHAPA DE ACO FINA A FRIO BITOLA MSG 20, E = 0,90 MM (7,20 KG/M2)","KG",10.68]
[1327,"CHAPA DE ACO FINA A FRIO BITOLA MSG 24, E = 0,60 MM (4,80 KG/M2)","KG",11.37]
[1328,"CHAPA DE ACO FINA A FRIO BITOLA MSG 26, E = 0,45 MM (3,60 KG/M2)","KG",10.7]
[1321,"CHAPA DE ACO FINA A QUENTE BITOLA MSG 13, E = 2,25 MM (18,00 KG/M2)","KG",9.91]
[1318,"CHAPA DE ACO FINA A QUENTE BITOLA MSG 14, E = 2,00 MM (16,0 KG/M2)","KG",9.92]
[1322,"CHAPA DE ACO FINA A QUENTE BITOLA MSG 16, E = 1,50 MM (12,00 KG/M2)","KG",10.48]
[1323,"CHAPA DE ACO FINA A QUENTE BITOLA MSG 18, E = 1,20 MM (9,60 KG/M2)","KG",10.48]
[1319,"CHAPA DE ACO FINA A QUENTE BITOLA MSG 3/16\", E = 4,75 MM (38,00 KG/M2)","KG",8.83]
[11026,"CHAPA DE ACO GALVANIZADA BITOLA GSG 14, E = 1,95 MM (15,60 KG/M2)","KG",12.15]
[11027,"CHAPA DE ACO GALVANIZADA BITOLA GSG 16, E = 1,55 MM (12,40 KG/M2)","KG",12.64]
[11046,"CHAPA DE ACO GALVANIZADA BITOLA GSG 18, E = 1,25 MM (10,00 KG/M2)","KG",12.11]
[11047,"CHAPA DE ACO GALVANIZADA BITOLA GSG 19, E = 1,11 MM (8,88 KG/M2)","KG",13.2]
[43668,"CHAPA DE ACO GALVANIZADA BITOLA GSG 20, E = 0,95 MM (7,60 KG/M2)","KG",11.65]
[11049,"CHAPA DE ACO GALVANIZADA BITOLA GSG 22, E = 0,80 MM (6,40 KG/M2)","KG",12.62]
[43106,"CHAPA DE ACO GALVANIZADA BITOLA GSG 24, E = 0,64 (5,12 KG/M2)","KG",12.7]
[11051,"CHAPA DE ACO GALVANIZADA BITOLA GSG 26, E = 0,50 MM (4,00 KG/M2)","KG",13.25]
[11061,"CHAPA DE ACO GALVANIZADA BITOLA GSG 30, E = 0,35 MM (2,80 KG/M2)","KG",15.9]
[43667,"CHAPA DE ACO GROSSA, ASTM A36, E = 1\" (25,40 MM) 199,18 KG/M2","KG",11.55]
[1333,"CHAPA DE ACO GROSSA, ASTM A36, E = 1/2\" (12,70 MM) 99,59 KG/M2","KG",9.6199999999999992]
[1330,"CHAPA DE ACO GROSSA, ASTM A36, E = 1/4\" (6,35 MM) 49,79 KG/M2","KG",9.5299999999999994]
[10957,"CHAPA DE ACO GROSSA, ASTM A36, E = 3/4\" (19,05 MM) 149,39 KG/M2","KG",10.99]
[1332,"CHAPA DE ACO GROSSA, ASTM A36, E = 3/8\" (9,53 MM) 74,69 KG/M2","KG",9.7799999999999994]
[1334,"CHAPA DE ACO GROSSA, ASTM A36, E = 5/8\" (15,88 MM) 124,49 KG/M2","KG",10.84]
[1335,"CHAPA DE ACO GROSSA, ASTM A36, E = 7/8\" (22,23 MM) 174,28 KG/M2","KG",11.2]
[40425,"CHAPA DE ACO GROSSA, SAE 1020, BITOLA 1/4\", E = 6,35 MM (49,85 KG/M2)","KG",9.59]
[1337,"CHAPA DE ACO XADREZ PARA PISOS, E = 1/4\" (6,30 MM) 54,53 KG/M2","KG",10.99]
[1338,"CHAPA DE LAMINADO MELAMINICO, LISO BRILHANTE, DE 1,25 X 3,08 METROS, ESPESSURA = 0,8 MILIMETROS","M2"]
[1340,"CHAPA DE LAMINADO MELAMINICO, LISO FOSCO, DE 1,25 X 3,08 METROS, ESPESSURA = 0,8 MILIMETROS","M2"]
[1341,"CHAPA DE LAMINADO MELAMINICO, TEXTURIZADO, DE 1,25 X 3,08 METROS, ESPESSURA = 0,8 MILIMETROS","M2"]
[34659,"CHAPA DE MDF BRANCO LISO 1 FACE, E = 12 MM, DE *2,75 X 1,85* M","M2",40.72]
[34514,"CHAPA DE MDF BRANCO LISO 1 FACE, E = 15 MM, DE *2,75 X 1,85* M","M2",45.1]
[34660,"CHAPA DE MDF BRANCO LISO 1 FACE, E = 18 MM, DE *2,75 X 1,85* M","M2",57.23]
[34661,"CHAPA DE MDF BRANCO LISO 1 FACE, E = 25 MM, DE *2,75 X 1,85* M","M2",82.2]
[34667,"CHAPA DE MDF BRANCO LISO 1 FACE, E = 6 MM, DE *2,75 X 1,85* M","M2",29.77]
[34668,"CHAPA DE MDF BRANCO LISO 1 FACE, E = 9 MM, DE *2,75 X 1,85* M","M2",38.9]
[34741,"CHAPA DE MDF BRANCO LISO 2 FACES, E = 12 MM, DE *2,75 X 1,85* M","M2",42.8]
[34664,"CHAPA DE MDF BRANCO LISO 2 FACES, E = 15 MM, DE *2,75 X 1,85* M","M2",46.71]
[34665,"CHAPA DE MDF BRANCO LISO 2 FACES, E = 18 MM, DE *2,75 X 1,85* M","M2",57.98]
[34666,"CHAPA DE MDF BRANCO LISO 2 FACES, E = 25 MM, DE *2,75 X 1,85* M","M2",87.58]
[34669,"CHAPA DE MDF BRANCO LISO 2 FACES, E = 6 MM, DE *2,75 X 1,85* M","M2",32.11]
[34670,"CHAPA DE MDF BRANCO LISO 2 FACES, E = 9 MM, DE *2,75 X 1,85* M","M2",39.28]
[34671,"CHAPA DE MDF CRU, E = 12 MM, DE *2,75 X 1,85* M","M2",32.78]
[34672,"CHAPA DE MDF CRU, E = 15 MM, DE *2,75 X 1,85* M","M2",34.57]
[34673,"CHAPA DE MDF CRU, E = 18 MM, DE *2,75 X 1,85* M","M2",42.18]
[34674,"CHAPA DE MDF CRU, E = 20 MM, DE *2,75 X 1,85* M","M2",56.08]
[34675,"CHAPA DE MDF CRU, E = 25 MM, DE *2,75 X 1,85* M","M2",68.37]
[34676,"CHAPA DE MDF CRU, E = 6 MM, DE *2,75 X 1,85* M","M2",19.68]
[34677,"CHAPA DE MDF CRU, E = 9 MM, DE *2,75 X 1,85* M","M2",26.46]
[43126,"CHAPA EM ACO GALVANIZADO PARA STEEL DECK, COM NERVURAS TRAPEZOIDAIS, LARGURA UTIL DE 915 MM E ESPESSURA DE 0,80 MM","M2",83.01]
[43124,"CHAPA EM ACO GALVANIZADO PARA STEEL DECK, COM NERVURAS TRAPEZOIDAIS, LARGURA UTIL DE 915 MM E ESPESSURA DE 0,95 MM","M2",96.92]
[43125,"CHAPA EM ACO GALVANIZADO PARA STEEL DECK, COM NERVURAS TRAPEZOIDAIS, LARGURA UTIL DE 915 MM E ESPESSURA DE 1,25 MM","M2",125.7]
[40623,"CHAPA PARA EMENDA DE VIGA, EM ACO GROSSO, QUALIDADE ESTRUTURAL, BITOLA 3/16 \", E= 4,75 MM, 4 FUROS, LARGURA 45 MM, COMPRIMENTO 500 MM","PAR",107.04]
[43701,"CHAPA/BOBINA LISA EM ALUMINIO, LIGA 1.200 - H14, QUALQUER ESPESSURA, QUALQUER LARGURA","KG",55]
[1345,"CHAPA/PAINEL DE MADEIRA COMPENSADA PLASTIFICADA (MADEIRITE PLASTIFICADO) PARA FORMA DE CONCRETO, DE 2200 X 1100 MM, E = *17* MM","M2",88.3]
[1346,"CHAPA/PAINEL DE MADEIRA COMPENSADA PLASTIFICADA (MADEIRITE PLASTIFICADO) PARA FORMA DE CONCRETO, DE 2200 X 1100 MM, E = 10 MM","M2",51.36]
[1347,"CHAPA/PAINEL DE MADEIRA COMPENSADA PLASTIFICADA (MADEIRITE PLASTIFICADO) PARA FORMA DE CONCRETO, DE 2200 X 1100 MM, E = 12 MM","M2",63.64]
[43678,"CHAPA/PAINEL DE MADEIRA COMPENSADA PLASTIFICADA (MADEIRITE PLASTIFICADO) PARA FORMA DE CONCRETO, DE 2200 X 1100 MM, E = 14 MM","M2",73.819999999999993]
[43680,"CHAPA/PAINEL DE MADEIRA COMPENSADA PLASTIFICADA (MADEIRITE PLASTIFICADO) PARA FORMA DE CONCRETO, DE 2200 X 1100 MM, E = 20 MM","M2",106.34]
[43679,"CHAPA/PAINEL DE MADEIRA COMPENSADA PLASTIFICADA (MADEIRITE PLASTIFICADO) PARA FORMA DE CONCRETO, DE 2200 X 1100 MM, E = 6 MM","M2",37.32]
[1355,"CHAPA/PAINEL DE MADEIRA COMPENSADA RESINADA (MADEIRITE RESINADO ROSA) PARA FORMA DE CONCRETO, DE 2200 X 1100 MM, E = 14 MM","M2",42.47]
[1358,"CHAPA/PAINEL DE MADEIRA COMPENSADA RESINADA (MADEIRITE RESINADO ROSA) PARA FORMA DE CONCRETO, DE 2200 X 1100 MM, E = 17 MM","M2",52.14]
[43677,"CHAPA/PAINEL DE MADEIRA COMPENSADA RESINADA (MADEIRITE RESINADO ROSA) PARA FORMA DE CONCRETO, DE 2200 X 1100 MM, E = 20 MM","M2",64.69]
[43682,"CHAPA/PAINEL DE MADEIRA COMPENSADA RESINADA (MADEIRITE RESINADO ROSA) PARA FORMA DE CONCRETO, DE 2200 X 1100 MM, E = 6 MM","M2",19.829999999999998]
[43681,"CHAPA/PAINEL DE MADEIRA COMPENSADA RESINADA (MADEIRITE RESINADO ROSA) PARA FORMA DE CONCRETO, DE 2200 X 1100 MM, E = 8 A 12 MM","M2",32.85]
[20971,"CHAVE DUPLA PARA CONEXOES TIPO STORZ, ENGATE RAPIDO 1 1/2\" X 2 1/2\", EM LATAO, PARA INSTALACAO PREDIAL COMBATE A INCENDIO","UN",13.8]
[39746,"CHUMBADOR DE ACO GALVANIZADO, 1\" X 600 MM, PARA POSTES DE ACO COM BASE, INCLUSO PORCA E ARRUELA","UN",98.22]
[13279,"CHUMBADOR DE ACO TIPO PARABOLT, * 5/8\" X 200* MM, COM PORCA E ARRUELA","KG",24.86]
[11977,"CHUMBADOR DE ACO ZINCADO, DIAMETRO 1/2\", COMPRIMENTO 75 MM","UN",12.88]
[11976,"CHUMBADOR DE ACO ZINCADO, DIAMETRO 1/4\" COM PARAFUSO 1/4\" X 40 MM","UN",1.44]
[11975,"CHUMBADOR DE ACO ZINCADO, DIAMETRO 5/8\", COMPRIMENTO 6\", COM PORCA","UN",28.23]
[1368,"CHUVEIRO COMUM EM PLASTICO BRANCO, COM CANO, 3 TEMPERATURAS, 5500 W (110/220 V)","UN",85.3]
[1367,"CHUVEIRO COMUM EM PLASTICO CROMADO, COM CANO, 4 TEMPERATURAS (110/220 V)","UN",275.92]
[1380,"CIMENTO BRANCO NAO ESTRUTURAL (CPB - NAO ESTRUTURAL)","KG",4.95]
[1375,"CIMENTO IMPERMEABILIZANTE DE PEGA ULTRARRAPIDA PARA TAMPONAMENTOS","KG",15.17]
[1379,"CIMENTO PORTLAND COMPOSTO CP II-32","KG",0.74]
[13284,"CIMENTO PORTLAND DE ALTO FORNO (AF) CP III-40","KG",0.67]
[44528,"CIMENTO PORTLAND ESTRUTURAL BRANCO CPB - 32 OU CPB - 40","KG",3.94]
[34753,"CIMENTO PORTLAND POZOLANICO CP IV-32","KG",0.72]
[420,"CINTA CIRCULAR EM ACO GALVANIZADO DE 150 MM DE DIAMETRO PARA FIXACAO DE CAIXA MEDICAO, INCLUI PARAFUSOS E PORCAS","UN"]
[12327,"CINTA CIRCULAR EM ACO GALVANIZADO DE 210 MM DE DIAMETRO PARA INSTALACAO DE TRANSFORMADOR EM POSTE DE CONCRETO","UN"]
[36148,"CINTURAO DE SEGURANCA TIPO PARAQUEDISTA, FIVELA EM ACO, AJUSTE NO SUSPENSORIO, CINTURA E PERNAS","UN",64.56]
[12329,"COBRE ELETROLITICO EM BARRA OU CHAPA","KG",128.47999999999999]
[1339,"COLA A BASE DE RESINA SINTETICA PARA CHAPA DE LAMINADO MELAMINICO E OUTROS","KG"]
[44396,"COLA BRANCA BASE PVA","KG",45.36]
[44327,"COLA PARA TUBOS E MANTAS ELASTOMERICAS, A BASE DE SOLVENTE","L",154.28]
[37418,"COLAR DE TOMADA EM POLIPROPILENO, PP, COM PARAFUSOS, PARA PEAD, 63 X 1/2\" - LIGACAO PREDIAL DE AGUA","UN",18.7]
[37419,"COLAR DE TOMADA EM POLIPROPILENO, PP, COM PARAFUSOS, PARA PEAD, 63 X 3/4\" - LIGACAO PREDIAL DE AGUA","UN",19.21]
[1427,"COLAR TOMADA PVC, COM TRAVAS, SAIDA COM ROSCA, DE 110 MM X 1/2\" OU 110 MM X 3/4\", PARA LIGACAO PREDIAL DE AGUA","UN",20.170000000000002]
[1402,"COLAR TOMADA PVC, COM TRAVAS, SAIDA COM ROSCA, DE 32 MM X 1/2\" OU 32 MM X 3/4\", PARA LIGACAO PREDIAL DE AGUA","UN",6.98]
[1420,"COLAR TOMADA PVC, COM TRAVAS, SAIDA COM ROSCA, DE 40 MM X 1/2\" OU 40 MM X 3/4\", PARA LIGACAO PREDIAL DE AGUA","UN",8.98]
[1419,"COLAR TOMADA PVC, COM TRAVAS, SAIDA COM ROSCA, DE 50 MM X 1/2\" OU 50 MM X 3/4\", PARA LIGACAO PREDIAL DE AGUA","UN",10.84]
[1414,"COLAR TOMADA PVC, COM TRAVAS, SAIDA COM ROSCA, DE 60 MM X 1/2\" OU 60 MM X 3/4\", PARA LIGACAO PREDIAL DE AGUA","UN",10.61]
[1413,"COLAR TOMADA PVC, COM TRAVAS, SAIDA COM ROSCA, DE 75 MM X 1/2\" OU 75 MM X 3/4\", PARA LIGACAO PREDIAL DE AGUA","UN",15.67]
[1412,"COLAR TOMADA PVC, COM TRAVAS, SAIDA COM ROSCA, DE 85 MM X 1/2\" OU 85 MM X 3/4\", PARA LIGACAO PREDIAL DE AGUA","UN",13.27]
[1406,"COLAR TOMADA PVC, COM TRAVAS, SAIDA ROSCAVEL COM BUCHA DE LATAO, DE 60 MM X 1/2\" OU 60 MM X 3/4\", PARA LIGACAO PREDIAL DE AGUA","UN",16.02]
[11281,"COMPACTADOR DE SOLO A PERCUSSAO (SOQUETE), A GASOLINA 4 TEMPOS, PESO 55 A 65 KG, FORCA DE IMPACTO 1.000 A 1.500 KGF, FREQ. 600 A 700 GOLPES P/ MINUTO, VELOCIDADE TRABALHO DE 10 A 15 M/MIN, POT. DE 2,00 A 3,00 HP","UN",9990]
[1442,"COMPACTADOR DE SOLO TIPO PLACA VIBRATORIA REVERSIVEL, A GASOLINA 4 TEMPOS, PESO 125 A 150 KG, FORCA CENTRIF. 2500 A 2800 KGF, LARG. TRABALHO 400 A 450 MM, FREQ. VIBRACAO 4300 A 4500 RPM, VELOC. TRABALHO 15 A 20 M/MIN, POT. 5,5 A 6,0 HP","UN",8386.5300000000007]
[13457,"COMPACTADOR DE SOLO TIPO PLACA VIBRATORIA REVERSIVEL, A GASOLINA 4 TEMPOS, PESO 150 A 175 KG, FORCA CENTRIF. 2800 A 3100 KGF, LARG. TRABALHO DE 450 A 520 MM, FREQ. VIBRACAO 4000 A 4300 RPM, VELOC. TRABALHO DE 15 A 20 M/MIN, POT. DE 6,0 A 7,0 HP","UN",7239.12]
[40699,"COMPACTADOR DE SOLO, TIPO PLACA VIBRATORIA NAO REVERSIVEL, A GASOLINA 4 TEMPOS, PESO 80 A 120 KG, FORCA CENTRIF. DE 1300 A 2000 KGF, LARG. TRABALHO DE 400 A 500 MM, FREQ. VIBRACAO DE 4800 A 6000 RPM, VELOCIDADE TRABALHO DE 20 A 30 M/MIN, POT. DE 5,0 A 6,0 HP","UN",5596.12]
[40701,"COMPACTADOR DE SOLO, TIPO PLACA VIBRATORIA REVERSIVEL, A DIESEL, PESO 700 A 820 KG, FORCA CENTRIF. DE 6.200 A 10.000 KGF, LARG. TRABALHO DE 650 A 720 MM, FREQ. VIBRACAO DE 3.000 A 3.500 RPM, VELOCIDADE TRABALHO DE 25 A 30 M/MIN, POT. DE 13,0 A 15,0 HP","UN",98947.1]
[40700,"COMPACTADOR DE SOLO, TIPO PLACA VIBRATORIA REVERSIVEL, A GASOLINA 4 TEMPOS, PESO 160 A 265 KG, FORCA CENTRIF. DE 2750 A 4000 KGF, LARG. TRABALHO DE 430 A 550 MM, FREQ. VIBRACAO DE 4000 A 5500 RPM, VELOCIDADE TRABALHO DE 20 A 25 M/MIN, POT. DE 7,5 A 9,0 HP","UN",13027.04]
[13458,"COMPACTADOR DE SOLOS DE PERCURSAO (SOQUETE) COM MOTOR A GASOLINA 4 TEMPOS DE 4 HP (4 CV)","UN",12378.91]
[11134,"COMPENSADO NAVAL - CHAPA/PAINEL EM MADEIRA COMPENSADA PRENSADA, DE 2200 X 1600 MM, E = 10 MM","M2",73.17]
[11135,"COMPENSADO NAVAL - CHAPA/PAINEL EM MADEIRA COMPENSADA PRENSADA, DE 2200 X 1600 MM, E = 12 MM","M2",79]
[11136,"COMPENSADO NAVAL - CHAPA/PAINEL EM MADEIRA COMPENSADA PRENSADA, DE 2200 X 1600 MM, E = 15 MM","M2",90.45]
[34743,"COMPENSADO NAVAL - CHAPA/PAINEL EM MADEIRA COMPENSADA PRENSADA, DE 2200 X 1600 MM, E = 18 MM","M2",109.14]
[11137,"COMPENSADO NAVAL - CHAPA/PAINEL EM MADEIRA COMPENSADA PRENSADA, DE 2200 X 1600 MM, E = 20 MM","M2",123.96]
[34745,"COMPENSADO NAVAL - CHAPA/PAINEL EM MADEIRA COMPENSADA PRENSADA, DE 2200 X 1600 MM, E = 25 MM","M2",147.41]
[34746,"COMPENSADO NAVAL - CHAPA/PAINEL EM MADEIRA COMPENSADA PRENSADA, DE 2200 X 1600 MM, E = 4 MM","M2",40.200000000000003]
[1360,"COMPENSADO NAVAL - CHAPA/PAINEL EM MADEIRA COMPENSADA PRENSADA, DE 2200 X 1600 MM, E = 6 MM","M2",46.9]
[36524,"COMPRESSOR DE AR ESTACIONARIO, VAZAO 620 PCM, PRESSAO EFETIVA DE TRABALHO 109 PSI, MOTOR ELETRICO, POTENCIA 127 CV","UN"]
[36526,"COMPRESSOR DE AR REBOCAVEL VAZAO 400 PCM, PRESSAO EFETIVA DE TRABALHO 102 PSI, MOTOR DIESEL, POTENCIA 110 CV","UN"]
[36523,"COMPRESSOR DE AR REBOCAVEL VAZAO 748 PCM, PRESSAO EFETIVA DE TRABALHO 102 PSI, MOTOR DIESEL, POTENCIA 210 CV","UN"]
[36527,"COMPRESSOR DE AR REBOCAVEL VAZAO 860 PCM, PRESSAO EFETIVA DE TRABALHO 102 PSI, MOTOR DIESEL, POTENCIA 250 CV","UN"]
[38642,"COMPRESSOR DE AR REBOCAVEL, VAZAO 152 PCM, PRESSAO EFETIVA DE TRABALHO 102 PSI, MOTOR DIESEL, POTENCIA 31,5 KW","UN"]
[36522,"COMPRESSOR DE AR REBOCAVEL, VAZAO 189 PCM, PRESSAO EFETIVA DE TRABALHO 102 PSI, MOTOR DIESEL, POTENCIA 63 CV","UN"]
[36525,"COMPRESSOR DE AR REBOCAVEL, VAZAO 250 PCM, PRESSAO EFETIVA DE TRABALHO 102 PSI, MOTOR DIESEL, POTENCIA 81 CV","UN"]
[13803,"COMPRESSOR DE AR REBOCAVEL, VAZAO 89 PCM, PRESSAO EFETIVA DE TRABALHO *102* PSI, MOTOR DIESEL, POTENCIA *20* CV","UN"]
[34348,"CONCERTINA CLIPADA (DUPLA) EM ACO GALVANIZADO DE ALTA RESISTENCIA, COM ESPIRAL DE 300 MM, D = 2,76 MM","M",23.04]
[34347,"CONCERTINA SIMPLES EM ACO GALVANIZADO DE ALTA RESISTENCIA, COM ESPIRAL DE 300 MM, D = 2,76 MM","M",16.47]
[11146,"CONCRETO AUTOADENSAVEL (CAA) CLASSE DE RESISTENCIA C15, ESPALHAMENTO SF2, COM BOMBEAMENTO (DISPONIBILIZACAO DE BOMBA), SEM O LANCAMENTO (NBR 15823)","M3",618.89]
[11147,"CONCRETO AUTOADENSAVEL (CAA) CLASSE DE RESISTENCIA C20, ESPALHAMENTO SF2, COM BOMBEAMENTO (DISPONIBILIZACAO DE BOMBA), SEM O LANCAMENTO (NBR 15823)","M3",643.11]
[34872,"CONCRETO AUTOADENSAVEL (CAA) CLASSE DE RESISTENCIA C25, ESPALHAMENTO SF2, COM BOMBEAMENTO (DISPONIBILIZACAO DE BOMBA), SEM O LANCAMENTO (NBR 15823)","M3",650.33000000000004]
[34491,"CONCRETO AUTOADENSAVEL (CAA) CLASSE DE RESISTENCIA C30, ESPALHAMENTO SF2, COM BOMBEAMENTO (DISPONIBILIZACAO DE BOMBA), SEM O LANCAMENTO (NBR 15823)","M3",669.17]
[34770,"CONCRETO BETUMINOSO USINADO A QUENTE (CBUQ) PARA PAVIMENTACAO ASFALTICA, PADRAO DNIT, FAIXA C, COM CAP 30/45 - AQUISICAO POSTO USINA","T",691.52]
[1518,"CONCRETO BETUMINOSO USINADO A QUENTE (CBUQ) PARA PAVIMENTACAO ASFALTICA, PADRAO DNIT, FAIXA C, COM CAP 50/70 - AQUISICAO POSTO USINA","T",705]
[41965,"CONCRETO BETUMINOSO USINADO A QUENTE (CBUQ) PARA PAVIMENTACAO ASFALTICA, PADRAO DNIT, PARA BINDER, COM CAP 50/70 - AQUISICAO POSTO USINA","T",618.16999999999996]
[1524,"CONCRETO USINADO BOMBEAVEL, CLASSE DE RESISTENCIA C20, BRITA 0 E 1, SLUMP = 100 +/- 20 MM, COM BOMBEAMENTO (DISPONIBILIZACAO DE BOMBA), SEM O LANCAMENTO (NBR 8953)","M3",593.77]
[34492,"CONCRETO USINADO BOMBEAVEL, CLASSE DE RESISTENCIA C20, COM BRITA 0 E 1, SLUMP = 100 +/- 20 MM, EXCLUI SERVICO DE BOMBEAMENTO (NBR 8953)","M3",550]
[38404,"CONCRETO USINADO BOMBEAVEL, CLASSE DE RESISTENCIA C20, COM BRITA 0 E 1, SLUMP = 130 +/- 20 MM, EXCLUI SERVICO DE BOMBEAMENTO (NBR 8953)","M3",569.69000000000005]
[39849,"CONCRETO USINADO BOMBEAVEL, CLASSE DE RESISTENCIA C20, COM BRITA 0 E 1, SLUMP = 190 +/- 20 MM, COM BOMBEAMENTO (DISPONIBILIZACAO DE BOMBA), SEM O LANCAMENTO (NBR 8953)","M3",652.87]
[38464,"CONCRETO USINADO BOMBEAVEL, CLASSE DE RESISTENCIA C20, COM BRITA 0, SLUMP = 220 +/- 20 MM, COM BOMBEAMENTO (DISPONIBILIZACAO DE BOMBA), SEM O LANCAMENTO (NBR 8953)","M3",662.34]
[1527,"CONCRETO USINADO BOMBEAVEL, CLASSE DE RESISTENCIA C25, BRITA 0 E 1, SLUMP = 100 +/- 20 MM, COM BOMBEAMENTO (DISPONIBILIZACAO DE BOMBA), SEM O LANCAMENTO (NBR 8953)","M3",612.63]
[34493,"CONCRETO USINADO BOMBEAVEL, CLASSE DE RESISTENCIA C25, COM BRITA 0 E 1, SLUMP = 100 +/- 20 MM, EXCLUI SERVICO DE BOMBEAMENTO (NBR 8953)","M3",565.5]
[38405,"CONCRETO USINADO BOMBEAVEL, CLASSE DE RESISTENCIA C25, COM BRITA 0 E 1, SLUMP = 130 +/- 20 MM, EXCLUI SERVICO DE BOMBEAMENTO (NBR 8953)","M3",587.26]
[38408,"CONCRETO USINADO BOMBEAVEL, CLASSE DE RESISTENCIA C25, COM BRITA 0 E 1, SLUMP = 190 +/- 20 MM, EXCLUI SERVICO DE BOMBEAMENTO (NBR 8953)","M3",650.04]
[1525,"CONCRETO USINADO BOMBEAVEL, CLASSE DE RESISTENCIA C30, BRITA 0 E 1, SLUMP = 100 +/- 20 MM, COM BOMBEAMENTO (DISPONIBILIZACAO DE BOMBA), SEM O LANCAMENTO (NBR 8953)","M3",631.47]
[34494,"CONCRETO USINADO BOMBEAVEL, CLASSE DE RESISTENCIA C30, COM BRITA 0 E 1, SLUMP = 100 +/- 20 MM, EXCLUI SERVICO DE BOMBEAMENTO (NBR 8953)","M3",584.35]
[38406,"CONCRETO USINADO BOMBEAVEL, CLASSE DE RESISTENCIA C30, COM BRITA 0 E 1, SLUMP = 130 +/- 20 MM, EXCLUI SERVICO DE BOMBEAMENTO (NBR 8953)","M3",620.11]
[38409,"CONCRETO USINADO BOMBEAVEL, CLASSE DE RESISTENCIA C30, COM BRITA 0 E 1, SLUMP = 190 +/- 20 MM, EXCLUI SERVICO DE BOMBEAMENTO (NBR 8953)","M3",654.47]
[43360,"CONCRETO USINADO BOMBEAVEL, CLASSE DE RESISTENCIA C30, COM BRITA 0 E 1, SLUMP = 220 +/- 30 MM, EXCLUI SERVICO DE BOMBEAMENTO (NBR 8953)","M3",682.43]
[11145,"CONCRETO USINADO BOMBEAVEL, CLASSE DE RESISTENCIA C35, BRITA 0 E 1, SLUMP = 100 +/- 20 MM, COM BOMBEAMENTO (DISPONIBILIZACAO DE BOMBA), SEM O LANCAMENTO (NBR 8953)","M3",650.33000000000004]
[34495,"CONCRETO USINADO BOMBEAVEL, CLASSE DE RESISTENCIA C35, COM BRITA 0 E 1, SLUMP = 100 +/- 20 MM, EXCLUI SERVICO DE BOMBEAMENTO (NBR 8953)","M3",603.20000000000005]
[34479,"CONCRETO USINADO BOMBEAVEL, CLASSE DE RESISTENCIA C40, BRITA 0 E 1, SLUMP = 100 +/- 20 MM, COM BOMBEAMENTO (DISPONIBILIZACAO DE BOMBA), SEM O LANCAMENTO (NBR 8953)","M3",669.17]
[34496,"CONCRETO USINADO BOMBEAVEL, CLASSE DE RESISTENCIA C40, COM BRITA 0 E 1, SLUMP = 100 +/- 20 MM, EXCLUI SERVICO DE BOMBEAMENTO (NBR 8953)","M3",629.24]
[34481,"CONCRETO USINADO BOMBEAVEL, CLASSE DE RESISTENCIA C45, BRITA 0 E 1, SLUMP = 100 +/- 20 MM, COM BOMBEAMENTO (DISPONIBILIZACAO DE BOMBA), SEM O LANCAMENTO (NBR 8953)","M3",699.21]
[34483,"CONCRETO USINADO BOMBEAVEL, CLASSE DE RESISTENCIA C50, BRITA 0 E 1, SLUMP = 100 +/- 20 MM, COM BOMBEAMENTO (DISPONIBILIZACAO DE BOMBA), SEM O LANCAMENTO (NBR 8953)","M3",747.05]
[34485,"CONCRETO USINADO BOMBEAVEL, CLASSE DE RESISTENCIA C60, COM BRITA 0 E 1, SLUMP = 100 +/- 20 MM, COM BOMBEAMENTO (DISPONIBILIZACAO DE BOMBA), SEM O LANCAMENTO (NBR 8953)","M3",798.89]
[14041,"CONCRETO USINADO CONVENCIONAL (NAO BOMBEAVEL) CLASSE DE RESISTENCIA C10, COM BRITA 1 E 2, SLUMP = 80 MM +/- 10 MM (NBR 8953)","M3",519.30999999999995]
[1523,"CONCRETO USINADO CONVENCIONAL (NAO BOMBEAVEL) CLASSE DE RESISTENCIA C15, COM BRITA 1 E 2, SLUMP = 80 MM +/- 10 MM (NBR 8953)","M3",527.79999999999995]
[14054,"CONDULETE DE ALUMINIO TIPO B, PARA ELETRODUTO ROSCAVEL DE 1\", COM TAMPA CEGA","UN",20.79]
[14052,"CONDULETE DE ALUMINIO TIPO B, PARA ELETRODUTO ROSCAVEL DE 1/2\", COM TAMPA CEGA","UN",16]
[14053,"CONDULETE DE ALUMINIO TIPO B, PARA ELETRODUTO ROSCAVEL DE 3/4\", COM TAMPA CEGA","UN",16.239999999999998]
[2560,"CONDULETE DE ALUMINIO TIPO C, PARA ELETRODUTO ROSCAVEL DE 1\", COM TAMPA CEGA","UN",21.52]
[2558,"CONDULETE DE ALUMINIO TIPO C, PARA ELETRODUTO ROSCAVEL DE 1/2\", COM TAMPA CEGA","UN",12.23]
[2559,"CONDULETE DE ALUMINIO TIPO C, PARA ELETRODUTO ROSCAVEL DE 3/4\", COM TAMPA CEGA","UN",17.21]
[2592,"CONDULETE DE ALUMINIO TIPO C, PARA ELETRODUTO ROSCAVEL DE 4\", COM TAMPA CEGA","UN",285.3]
[2589,"CONDULETE DE ALUMINIO TIPO E, PARA ELETRODUTO ROSCAVEL DE 1 1/2\", COM TAMPA CEGA","UN",38.159999999999997]
[2566,"CONDULETE DE ALUMINIO TIPO E, PARA ELETRODUTO ROSCAVEL DE 1 1/4\", COM TAMPA CEGA","UN",28.71]
[2590,"CONDULETE DE ALUMINIO TIPO E, PARA ELETRODUTO ROSCAVEL DE 1\", COM TAMPA CEGA","UN",23.42]
[2591,"CONDULETE DE ALUMINIO TIPO E, PARA ELETRODUTO ROSCAVEL DE 1/2\", COM TAMPA CEGA","UN",13.92]
[2567,"CONDULETE DE ALUMINIO TIPO E, PARA ELETRODUTO ROSCAVEL DE 2\", COM TAMPA CEGA","UN",55.98]
[2568,"CONDULETE DE ALUMINIO TIPO E, PARA ELETRODUTO ROSCAVEL DE 3\", COM TAMPA CEGA","UN",155.44]
[2565,"CONDULETE DE ALUMINIO TIPO E, PARA ELETRODUTO ROSCAVEL DE 3/4\", COM TAMPA CEGA","UN",13.94]
[2594,"CONDULETE DE ALUMINIO TIPO E, PARA ELETRODUTO ROSCAVEL DE 4\", COM TAMPA CEGA","UN",258.95]
[2587,"CONDULETE DE ALUMINIO TIPO LR, PARA ELETRODUTO ROSCAVEL DE 1 1/2\", COM TAMPA CEGA","UN",44.13]
[2588,"CONDULETE DE ALUMINIO TIPO LR, PARA ELETRODUTO ROSCAVEL DE 1 1/4\", COM TAMPA CEGA","UN",35.06]
[2570,"CONDULETE DE ALUMINIO TIPO LR, PARA ELETRODUTO ROSCAVEL DE 1\", COM TAMPA CEGA","UN",22.64]
[2569,"CONDULETE DE ALUMINIO TIPO LR, PARA ELETRODUTO ROSCAVEL DE 1/2\", COM TAMPA CEGA","UN",13.51]
[2571,"CONDULETE DE ALUMINIO TIPO LR, PARA ELETRODUTO ROSCAVEL DE 2\", COM TAMPA CEGA","UN",67.22]
[2572,"CONDULETE DE ALUMINIO TIPO LR, PARA ELETRODUTO ROSCAVEL DE 3\", COM TAMPA CEGA","UN",198.78]
[2593,"CONDULETE DE ALUMINIO TIPO LR, PARA ELETRODUTO ROSCAVEL DE 3/4\", COM TAMPA CEGA","UN",14.4]
[2595,"CONDULETE DE ALUMINIO TIPO LR, PARA ELETRODUTO ROSCAVEL DE 4\", COM TAMPA CEGA","UN",310.14]
[2576,"CONDULETE DE ALUMINIO TIPO T, PARA ELETRODUTO ROSCAVEL DE 1 1/2\", COM TAMPA CEGA","UN",52.87]
[2575,"CONDULETE DE ALUMINIO TIPO T, PARA ELETRODUTO ROSCAVEL DE 1 1/4\", COM TAMPA CEGA","UN",39.74]
[2586,"CONDULETE DE ALUMINIO TIPO T, PARA ELETRODUTO ROSCAVEL DE 1\", COM TAMPA CEGA","UN",26.75]
[2573,"CONDULETE DE ALUMINIO TIPO T, PARA ELETRODUTO ROSCAVEL DE 1/2\", COM TAMPA CEGA","UN",16.5]
[2577,"CONDULETE DE ALUMINIO TIPO T, PARA ELETRODUTO ROSCAVEL DE 2\", COM TAMPA CEGA","UN",71.64]
[2578,"CONDULETE DE ALUMINIO TIPO T, PARA ELETRODUTO ROSCAVEL DE 3\", COM TAMPA CEGA","UN",223.66]
[2574,"CONDULETE DE ALUMINIO TIPO T, PARA ELETRODUTO ROSCAVEL DE 3/4\", COM TAMPA CEGA","UN",16.61]
[2585,"CONDULETE DE ALUMINIO TIPO T, PARA ELETRODUTO ROSCAVEL DE 4\", COM TAMPA CEGA","UN",306.92]
[12008,"CONDULETE DE ALUMINIO TIPO TB, PARA ELETRODUTO ROSCAVEL DE 3\", COM TAMPA CEGA","UN",164.67]
[2582,"CONDULETE DE ALUMINIO TIPO X, PARA ELETRODUTO ROSCAVEL DE 1 1/2\", COM TAMPA CEGA","UN",49.04]
[2597,"CONDULETE DE ALUMINIO TIPO X, PARA ELETRODUTO ROSCAVEL DE 1 1/4\", COM TAMPA CEGA","UN",42.03]
[2581,"CONDULETE DE ALUMINIO TIPO X, PARA ELETRODUTO ROSCAVEL DE 1\", COM TAMPA CEGA","UN",25.6]
[2579,"CONDULETE DE ALUMINIO TIPO X, PARA ELETRODUTO ROSCAVEL DE 1/2\", COM TAMPA CEGA","UN",20.010000000000002]
[2596,"CONDULETE DE ALUMINIO TIPO X, PARA ELETRODUTO ROSCAVEL DE 2\", COM TAMPA CEGA","UN",75.72]
[2583,"CONDULETE DE ALUMINIO TIPO X, PARA ELETRODUTO ROSCAVEL DE 3\", COM TAMPA CEGA","UN",184.18]
[2580,"CONDULETE DE ALUMINIO TIPO X, PARA ELETRODUTO ROSCAVEL DE 3/4\", COM TAMPA CEGA","UN",21.93]
[2584,"CONDULETE DE ALUMINIO TIPO X, PARA ELETRODUTO ROSCAVEL DE 4\", COM TAMPA CEGA","UN",306.61]
[39329,"CONDULETE EM PVC, TIPO \"B\", SEM TAMPA, DE 1\"","UN",12.72]
[12010,"CONDULETE EM PVC, TIPO \"B\", SEM TAMPA, DE 1/2\" OU 3/4\"","UN",12.16]
[39332,"CONDULETE EM PVC, TIPO \"C\", SEM TAMPA, DE 1\"","UN",14.95]
[39330,"CONDULETE EM PVC, TIPO \"C\", SEM TAMPA, DE 1/2\"","UN",13.38]
[39331,"CONDULETE EM PVC, TIPO \"C\", SEM TAMPA, DE 3/4\"","UN",11.9]
[39335,"CONDULETE EM PVC, TIPO \"E\", SEM TAMPA, DE 1\"","UN",13.43]
[39333,"CONDULETE EM PVC, TIPO \"E\", SEM TAMPA, DE 1/2\"","UN",11.6]
[39334,"CONDULETE EM PVC, TIPO \"E\", SEM TAMPA, DE 3/4\"","UN",10.67]
[12015,"CONDULETE EM PVC, TIPO \"LB\", SEM TAMPA, DE 1\"","UN",15.6]
[12016,"CONDULETE EM PVC, TIPO \"LB\", SEM TAMPA, DE 1/2\" OU 3/4\"","UN",13.4]
[12019,"CONDULETE EM PVC, TIPO \"LL\", SEM TAMPA, DE 1\"","UN",15.6]
[12020,"CONDULETE EM PVC, TIPO \"LL\", SEM TAMPA, DE 1/2\" OU 3/4\"","UN",13.4]
[39338,"CONDULETE EM PVC, TIPO \"LR\", SEM TAMPA, DE 1\"","UN",14.95]
[39336,"CONDULETE EM PVC, TIPO \"LR\", SEM TAMPA, DE 1/2\"","UN",13.38]
[39337,"CONDULETE EM PVC, TIPO \"LR\", SEM TAMPA, DE 3/4\"","UN",11.9]
[39341,"CONDULETE EM PVC, TIPO \"T\", SEM TAMPA, DE 1\"","UN",19.489999999999998]
[39340,"CONDULETE EM PVC, TIPO \"T\", SEM TAMPA, DE 3/4\"","UN",14.31]
[39342,"CONDULETE EM PVC, TIPO \"TB\", SEM TAMPA, DE 1\"","UN",19.489999999999998]
[12025,"CONDULETE EM PVC, TIPO \"TB\", SEM TAMPA, DE 1/2\" OU 3/4\"","UN",14.78]
[39345,"CONDULETE EM PVC, TIPO \"X\", SEM TAMPA, DE 1\"","UN",22.27]
[39343,"CONDULETE EM PVC, TIPO \"X\", SEM TAMPA, DE 1/2\"","UN",16.46]
[39344,"CONDULETE EM PVC, TIPO \"X\", SEM TAMPA, DE 3/4\"","UN",15.91]
[12623,"CONDUTOR PLUVIAL, PVC, CIRCULAR, DIAMETRO ENTRE 80 E 100 MM, PARA DRENAGEM PLUVIAL PREDIAL","M",43.77]
[34498,"CONE DE SINALIZACAO EM PVC FLEXIVEL, H = 70 / 76 CM (NBR 15071)","UN",98.11]
[13244,"CONE DE SINALIZACAO EM PVC RIGIDO COM FAIXA REFLETIVA, H = 70 / 76 CM","UN",41.3]
[38998,"CONECTOR / ADAPTADOR F/F, COM INSERTO METALICO, PPR, DN 25 MM X 1/2\", PARA AGUA QUENTE E FRIA PREDIAL","UN"]
[38999,"CONECTOR / ADAPTADOR F/F, COM INSERTO METALICO, PPR, DN 32 MM X 3/4\", PARA AGUA QUENTE E FRIA PREDIAL","UN"]
[38996,"CONECTOR / ADAPTADOR F/M, COM INSERTO METALICO, PPR, DN 25 MM X 1/2\", PARA AGUA QUENTE E FRIA PREDIAL","UN"]
[44173,"CONECTOR / ADAPTADOR F/M, COM INSERTO METALICO, PPR, DN 25 MM X 3/4\", PARA AGUA QUENTE E FRIA PREDIAL","UN"]
[44174,"CONECTOR / ADAPTADOR F/M, COM INSERTO METALICO, PPR, DN 32 MM X 1\", PARA AGUA QUENTE E FRIA PREDIAL","UN"]
[38997,"CONECTOR / ADAPTADOR F/M, COM INSERTO METALICO, PPR, DN 32 MM X 3/4\", PARA AGUA QUENTE E FRIA PREDIAL","UN"]
[39600,"CONECTOR / TOMADA FEMEA RJ 45, CATEGORIA 5 E (CAT 5E) PARA CABOS","UN",13.74]
[39601,"CONECTOR / TOMADA FEMEA RJ 45, CATEGORIA 6 (CAT 6) PARA CABOS","UN",29.14]
[39862,"CONECTOR BRONZE/LATAO SEM ANEL DE SOLDA, BOLSA X ROSCA F, 15 MM X 1/2\"","UN"]
[39863,"CONECTOR BRONZE/LATAO SEM ANEL DE SOLDA, BOLSA X ROSCA F, 22 MM X 1/2\"","UN"]
[39864,"CONECTOR BRONZE/LATAO SEM ANEL DE SOLDA, BOLSA X ROSCA F, 22 MM X 3/4\"","UN"]
[39865,"CONECTOR BRONZE/LATAO SEM ANEL DE SOLDA, BOLSA X ROSCA F, 28 MM X 1/2\"","UN"]
[2517,"CONECTOR CURVO 90 GRAUS DE ALUMINIO, BITOLA 1 1/2\", PARA ADAPTAR ENTRADA DE ELETRODUTO METALICO FLEXIVEL EM QUADROS","UN",30.55]
[2522,"CONECTOR CURVO 90 GRAUS DE ALUMINIO, BITOLA 1 1/4\", PARA ADAPTAR ENTRADA DE ELETRODUTO METALICO FLEXIVEL EM QUADROS","UN",19.739999999999998]
[2516,"CONECTOR CURVO 90 GRAUS DE ALUMINIO, BITOLA 1\", PARA ADAPTAR ENTRADA DE ELETRODUTO METALICO FLEXIVEL EM QUADROS","UN",15.85]
[2548,"CONECTOR CURVO 90 GRAUS DE ALUMINIO, BITOLA 1/2\", PARA ADAPTAR ENTRADA DE ELETRODUTO METALICO FLEXIVEL EM QUADROS","UN",12.14]
[2518,"CONECTOR CURVO 90 GRAUS DE ALUMINIO, BITOLA 2 1/2\", PARA ADAPTAR ENTRADA DE ELETRODUTO METALICO FLEXIVEL EM QUADROS","UN",145.41]
[2521,"CONECTOR CURVO 90 GRAUS DE ALUMINIO, BITOLA 2\", PARA ADAPTAR ENTRADA DE ELETRODUTO METALICO FLEXIVEL EM QUADROS","UN",61.9]
[2519,"CONECTOR CURVO 90 GRAUS DE ALUMINIO, BITOLA 3\", PARA ADAPTAR ENTRADA DE ELETRODUTO METALICO FLEXIVEL EM QUADROS","UN",175.33]
[2515,"CONECTOR CURVO 90 GRAUS DE ALUMINIO, BITOLA 3/4\", PARA ADAPTAR ENTRADA DE ELETRODUTO METALICO FLEXIVEL EM QUADROS","UN",13.19]
[2520,"CONECTOR CURVO 90 GRAUS DE ALUMINIO, BITOLA 4\", PARA ADAPTAR ENTRADA DE ELETRODUTO METALICO FLEXIVEL EM QUADROS","UN",322.70999999999998]
[1602,"CONECTOR DE ALUMINIO TIPO PRENSA CABO, BITOLA 1 1/2\", PARA CABOS DE DIAMETRO DE 37 A 40 MM","UN",68.489999999999995]
[1601,"CONECTOR DE ALUMINIO TIPO PRENSA CABO, BITOLA 1 1/4\", PARA CABOS DE DIAMETRO DE 31 A 34 MM","UN",61.04]
[1600,"CONECTOR DE ALUMINIO TIPO PRENSA CABO, BITOLA 1\", PARA CABOS DE DIAMETRO DE 22,5 A 25 MM","UN",26.66]
[1598,"CONECTOR DE ALUMINIO TIPO PRENSA CABO, BITOLA 1/2\", PARA CABOS DE DIAMETRO DE 12,5 A 15 MM","UN",18.07]
[1603,"CONECTOR DE ALUMINIO TIPO PRENSA CABO, BITOLA 2\", PARA CABOS DE DIAMETRO DE 47,5 A 50 MM","UN",103.41]
[1599,"CONECTOR DE ALUMINIO TIPO PRENSA CABO, BITOLA 3/4\", PARA CABOS DE DIAMETRO DE 17,5 A 20 MM","UN",20.96]
[1597,"CONECTOR DE ALUMINIO TIPO PRENSA CABO, BITOLA 3/8\", PARA CABOS DE DIAMETRO DE 9 A 10 MM","UN",16.98]
[39602,"CONECTOR MACHO RJ 45, CATEGORIA 5 E (CAT 5E) PARA CABOS","UN",1.45]
[39603,"CONECTOR MACHO RJ 45, CATEGORIA 6 (CAT 6) PARA CABOS","UN",3.1]
[11821,"CONECTOR METALICO TIPO PARAFUSO FENDIDO (SPLIT BOLT), COM SEPARADOR DE CABOS BIMETALICOS, PARA CABOS ATE 25 MM2","UN",13.95]
[1562,"CONECTOR METALICO TIPO PARAFUSO FENDIDO (SPLIT BOLT), COM SEPARADOR DE CABOS BIMETALICOS, PARA CABOS ATE 50 MM2","UN",22.85]
[1563,"CONECTOR METALICO TIPO PARAFUSO FENDIDO (SPLIT BOLT), COM SEPARADOR DE CABOS BIMETALICOS, PARA CABOS ATE 70 MM2","UN",30.66]
[11856,"CONECTOR METALICO TIPO PARAFUSO FENDIDO (SPLIT BOLT), PARA CABOS ATE 10 MM2","UN",9.14]
[11857,"CONECTOR METALICO TIPO PARAFUSO FENDIDO (SPLIT BOLT), PARA CABOS ATE 120 MM2","UN",48.1]
[11858,"CONECTOR METALICO TIPO PARAFUSO FENDIDO (SPLIT BOLT), PARA CABOS ATE 150 MM2","UN",59.7]
[1539,"CONECTOR METALICO TIPO PARAFUSO FENDIDO (SPLIT BOLT), PARA CABOS ATE 16 MM2","UN",10.74]
[11859,"CONECTOR METALICO TIPO PARAFUSO FENDIDO (SPLIT BOLT), PARA CABOS ATE 185 MM2","UN",81.23]
[1550,"CONECTOR METALICO TIPO PARAFUSO FENDIDO (SPLIT BOLT), PARA CABOS ATE 25 MM2","UN",11.33]
[11854,"CONECTOR METALICO TIPO PARAFUSO FENDIDO (SPLIT BOLT), PARA CABOS ATE 35 MM2","UN",14.16]
[11862,"CONECTOR METALICO TIPO PARAFUSO FENDIDO (SPLIT BOLT), PARA CABOS ATE 50 MM2","UN",19.86]
[11863,"CONECTOR METALICO TIPO PARAFUSO FENDIDO (SPLIT BOLT), PARA CABOS ATE 6 MM2","UN",8.02]
[11855,"CONECTOR METALICO TIPO PARAFUSO FENDIDO (SPLIT BOLT), PARA CABOS ATE 70 MM2","UN",29.65]
[11864,"CONECTOR METALICO TIPO PARAFUSO FENDIDO (SPLIT BOLT), PARA CABOS ATE 95 MM2","UN",44.82]
[2527,"CONECTOR RETO DE ALUMINIO PARA ELETRODUTO DE 1 1/2\", PARA ADAPTAR ENTRADA DE ELETRODUTO METALICO FLEXIVEL EM QUADROS","UN",10.93]
[2526,"CONECTOR RETO DE ALUMINIO PARA ELETRODUTO DE 1 1/4\", PARA ADAPTAR ENTRADA DE ELETRODUTO METALICO FLEXIVEL EM QUADROS","UN",7]
[2483,"CONECTOR RETO DE ALUMINIO PARA ELETRODUTO DE 1\", PARA ADAPTAR ENTRADA DE ELETRODUTO METALICO FLEXIVEL EM QUADROS","UN",4.99]
[2487,"CONECTOR RETO DE ALUMINIO PARA ELETRODUTO DE 1/2\", PARA ADAPTAR ENTRADA DE ELETRODUTO METALICO FLEXIVEL EM QUADROS","UN",2.39]
[2528,"CONECTOR RETO DE ALUMINIO PARA ELETRODUTO DE 2 1/2\", PARA ADAPTAR ENTRADA DE ELETRODUTO METALICO FLEXIVEL EM QUADROS","UN",27.51]
[2489,"CONECTOR RETO DE ALUMINIO PARA ELETRODUTO DE 2\", PARA ADAPTAR ENTRADA DE ELETRODUTO METALICO FLEXIVEL EM QUADROS","UN",12.12]
[2484,"CONECTOR RETO DE ALUMINIO PARA ELETRODUTO DE 3\", PARA ADAPTAR ENTRADA DE ELETRODUTO METALICO FLEXIVEL EM QUADROS","UN",39.96]
[2488,"CONECTOR RETO DE ALUMINIO PARA ELETRODUTO DE 3/4\", PARA ADAPTAR ENTRADA DE ELETRODUTO METALICO FLEXIVEL EM QUADROS","UN",2.8]
[2485,"CONECTOR RETO DE ALUMINIO PARA ELETRODUTO DE 4\", PARA ADAPTAR ENTRADA DE ELETRODUTO METALICO FLEXIVEL EM QUADROS","UN",62.64]
[44247,"CONECTOR, CPVC, SOLDAVEL, 114 MM X 4\", PARA AGUA QUENTE","UN",1595.37]
[38005,"CONECTOR, CPVC, SOLDAVEL, 15 MM X 1/2\", PARA AGUA QUENTE","UN",18.97]
[38006,"CONECTOR, CPVC, SOLDAVEL, 22 MM X 1/2\", PARA AGUA QUENTE","UN",25.21]
[38428,"CONECTOR, CPVC, SOLDAVEL, 22 MM X 3/4\", PARA AGUA QUENTE","UN",22.57]
[38007,"CONECTOR, CPVC, SOLDAVEL, 28 MM X 1\", PARA AGUA QUENTE","UN",29.08]
[38008,"CONECTOR, CPVC, SOLDAVEL, 35 MM X 1 1/4\", PARA AGUA QUENTE","UN",46.54]
[38009,"CONECTOR, CPVC, SOLDAVEL, 42 MM X 1 1/2\", PARA AGUA QUENTE","UN",56.97]
[44248,"CONECTOR, CPVC, SOLDAVEL, 54 MM X 2\", PARA AGUA QUENTE","UN",92.87]
[44249,"CONECTOR, CPVC, SOLDAVEL, 73 MM X 2 1/2\", PARA AGUA QUENTE","UN",358.3]
[44250,"CONECTOR, CPVC, SOLDAVEL, 89 MM X 3\", PARA AGUA QUENTE","UN",520.33000000000004]
[39279,"CONECTOR/ADAPTADOR FIXO, ROSCA FEMEA, EM PLASTICO, DN 16 MM X 1/2\", PARA CONEXAO COM CRIMPAGEM, EM TUBO PEX PARA INST. AGUA QUENTE/FRIA","UN"]
[39280,"CONECTOR/ADAPTADOR FIXO, ROSCA FEMEA, EM PLASTICO, DN 20 MM X 1/2\", PARA CONEXAO COM CRIMPAGEM, EM TUBO PEX PARA INST. AGUA QUENTE/FRIA","UN"]
[39281,"CONECTOR/ADAPTADOR FIXO, ROSCA FEMEA, EM PLASTICO, DN 20 MM X 3/4\", PARA CONEXAO COM CRIMPAGEM, EM TUBO PEX PARA INST. AGUA QUENTE/FRIA","UN"]
[39282,"CONECTOR/ADAPTADOR FIXO, ROSCA FEMEA, EM PLASTICO, DN 25 MM X 3/4\", PARA CONEXAO COM CRIMPAGEM, EM TUBO PEX PARA INST. AGUA QUENTE/FRIA","UN"]
[38844,"CONECTOR/ADAPTADOR FIXO, ROSCA FEMEA, METALICA, COM ANEL DESLIZANTE, DN 16 MM X 1/2\", PARA TUBO PEX PARA INST. AGUA QUENTE/FRIA","UN"]
[38846,"CONECTOR/ADAPTADOR FIXO, ROSCA FEMEA, METALICA, COM ANEL DESLIZANTE, DN 20 MM X 1/2\", PARA TUBO PEX PARA INST. AGUA QUENTE/FRIA","UN"]
[38847,"CONECTOR/ADAPTADOR FIXO, ROSCA FEMEA, METALICA, COM ANEL DESLIZANTE, DN 20 MM X 3/4\", PARA TUBO PEX PARA INST. AGUA QUENTE/FRIA","UN"]
[38850,"CONECTOR/ADAPTADOR FIXO, ROSCA FEMEA, METALICA, COM ANEL DESLIZANTE, DN 25 MM X 1\", PARA TUBO PEX PARA INST. AGUA QUENTE/FRIA","UN"]
[38848,"CONECTOR/ADAPTADOR FIXO, ROSCA FEMEA, METALICA, COM ANEL DESLIZANTE, DN 25 MM X 3/4\", PARA TUBO PEX PARA INST. AGUA QUENTE/FRIA","UN"]
[38851,"CONECTOR/ADAPTADOR FIXO, ROSCA FEMEA, METALICA, COM ANEL DESLIZANTE, DN 32 MM X 1\", PARA TUBO PEX PARA INST. AGUA QUENTE/FRIA","UN"]
[38854,"CONECTOR/ADAPTADOR MOVEL, ROSCA FEMEA, METALICA, COM ANEL DESLIZANTE, DN 16 MM X 3/4\", PARA TUBO PEX PARA INST. AGUA QUENTE/FRIA","UN"]
[3104,"CONJ. DE FERRAGENS PARA PORTA DE VIDRO TEMPERADO, EM ZAMAC CROMADO, CONTEMPLANDO DOBRADICA INF., DOBRADICA SUP., PIVO PARA DOBRADICA INF., PIVO PARA DOBRADICA SUP., FECHADURA CENTRAL EM ZAMC. CROMADO, CONTRA FECHADURA DE PRESSAO","CJ",146.24]
[1607,"CONJUNTO ARRUELAS DE VEDACAO 5/16\" PARA TELHA FIBROCIMENTO (UMA ARRUELA METALICA E UMA ARRUELA PVC - CONICAS)","CJ",0.35]
[38169,"CONJUNTO DE FERRAGENS PIVO, PARA PORTA PIVOTANTE DE ATE 100 KG, REGULAVEL COM ESFERA, CROMADO - SUPERIOR E INFERIOR - COMPLETO","CJ",81.81]
[6142,"CONJUNTO DE LIGACAO AJUSTAVEL, PARA VASO / BACIA SANITARIA, EM PLASTICO BRANCO, COM TUBO, CANOPLA E ESPUDE","UN",9.25]
[11686,"CONJUNTO DE LIGACAO PARA VASO / BACIA SANITARIA, EM PLASTICO BRANCO, COM TUBO, CANOPLA E ANEL DE EXPANSAO (TUBO 1.1/2\" X 20 CM)","UN",12.84]
[37598,"CONJUNTO MONTADO ESTOPIM COM ESPOLETA COMUM NUMERO 8, COM CABECA ACENDEDORA, 1,5 M","UN"]
[25398,"CONJUNTO PARA FUTSAL COM PAR DE TRAVES OFICIAIS DE 3,00 X 2,00 M EM TUBO DE ACO GALVANIZADO 3\" COM REQUADROS EM TUBO DE 1\", PINTURA EM PRIMER COM TINTA ESMALTE SINTETICO E REDES DE POLIETILENO FIO 4 MM","UN"]
[25399,"CONJUNTO PARA QUADRA DE VOLEI COM POSTES EM TUBO DE ACO GALVANIZADO 3\", H = *255* CM, PINTURA EM TINTA ESMALTE SINTETICO, REDE DE NYLON COM 2 MM, MALHA 10 X 10 CM E ANTENAS OFICIAIS EM FIBRA DE VIDRO","UN"]
[43440,"CONJUNTO PRE-MOLDADO COMPOSTO POR GRELHA (0,99 X 0,45 M), QUADRO (1,10 X 0,52 M) E CANTONEIRA (1,10 X 0,35 M), EM CONCRETO ARMADO, COM FCK DE 21 MPA","UN",414]
[10667,"CONTAINER ALMOXARIFADO, DE *2,40* X *6,00* M, PADRAO SIMPLES, SEM REVESTIMENTO E SEM DIVISORIAS INTERNOS E SEM SANITARIO, PARA USO EM CANTEIRO DE OBRAS","UN",23580]
[1613,"CONTATOR TRIPOLAR, CORRENTE DE *110* A, TENSAO NOMINAL DE *500* V, CATEGORIA AC-2 E AC-3","UN",2218.64]
[1626,"CONTATOR TRIPOLAR, CORRENTE DE *185* A, TENSAO NOMINAL DE *500* V, CATEGORIA AC-2 E AC-3","UN",3318.24]
[1625,"CONTATOR TRIPOLAR, CORRENTE DE *22* A, TENSAO NOMINAL DE *500* V, CATEGORIA AC-2 E AC-3","UN",231.77]
[1622,"CONTATOR TRIPOLAR, CORRENTE DE *265* A, TENSAO NOMINAL DE *500* V, CATEGORIA AC-2 E AC-3","UN",7487.91]
[1620,"CONTATOR TRIPOLAR, CORRENTE DE *38* A, TENSAO NOMINAL DE *500* V, CATEGORIA AC-2 E AC-3","UN",488.22]
[1629,"CONTATOR TRIPOLAR, CORRENTE DE *500* A, TENSAO NOMINAL DE *500* V, CATEGORIA AC-2 E AC-3","UN",18223.8]
[1627,"CONTATOR TRIPOLAR, CORRENTE DE *65* A, TENSAO NOMINAL DE *500* V, CATEGORIA AC-2 E AC-3","UN",933.22]
[1623,"CONTATOR TRIPOLAR, CORRENTE DE 12 A, TENSAO NOMINAL DE *500* V, CATEGORIA AC-2 E AC-3","UN",189.01]
[1619,"CONTATOR TRIPOLAR, CORRENTE DE 25 A, TENSAO NOMINAL DE *500* V, CATEGORIA AC-2 E AC-3","UN",260]
[1630,"CONTATOR TRIPOLAR, CORRENTE DE 250 A, TENSAO NOMINAL DE *500* V, PARA ACIONAMENTO DE CAPACITORES","UN",5724.67]
[1616,"CONTATOR TRIPOLAR, CORRENTE DE 300 A, TENSAO NOMINAL DE *500* V, CATEGORIA AC-2 E AC-3","UN",8804.64]
[1614,"CONTATOR TRIPOLAR, CORRENTE DE 32 A, TENSAO NOMINAL DE *500* V, CATEGORIA AC-2 E AC-3","UN",402.4]
[1617,"CONTATOR TRIPOLAR, CORRENTE DE 400 A, TENSAO NOMINAL DE *500* V, CATEGORIA AC-2 E AC-3","UN",10510.83]
[1621,"CONTATOR TRIPOLAR, CORRENTE DE 45 A, TENSAO NOMINAL DE *500* V, CATEGORIA AC-2 E AC-3","UN",719.69]
[1624,"CONTATOR TRIPOLAR, CORRENTE DE 630 A, TENSAO NOMINAL DE *500* V, CATEGORIA AC-2 E AC-3","UN",25836.13]
[1615,"CONTATOR TRIPOLAR, CORRENTE DE 75 A, TENSAO NOMINAL DE *500* V, CATEGORIA AC-2 E AC-3","UN",1351.46]
[1612,"CONTATOR TRIPOLAR, CORRENTE DE 9 A, TENSAO NOMINAL DE *500* V, CATEGORIA AC-2 E AC-3","UN",178]
[1618,"CONTATOR TRIPOLAR, CORRENTE DE 95 A, TENSAO NOMINAL DE *500* V, CATEGORIA AC-2 E AC-3","UN",1857.11]
[14211,"CONTRA-PORCA SEXTAVADA, DIAMETRO NOMINAL 1 3/8\", ALTURA 35 MM","UN",53.8]
[43657,"CONTRAMARCO DE ALUMINIO (PERFIL 25) PARA ESQUADRIAS, TIPO CONVENCIONAL / CADEIRINHA, 60 MM (CM-060), INCLUSO CONEXOES, GRAPAS E TRAVAMENTOS","M",5.41]
[38200,"CORDA DE POLIAMIDA 12 MM TIPO BOMBEIRO, PARA TRABALHO EM ALTURA","100M",574.08000000000004]
[39269,"CORDAO DE COBRE, FLEXIVEL, TORCIDO, CLASSE 4 OU 5, ISOLACAO EM PVC/D, 300 V, 2 CONDUTORES DE 0,5 MM2","M",1.35]
[11889,"CORDAO DE COBRE, FLEXIVEL, TORCIDO, CLASSE 4 OU 5, ISOLACAO EM PVC/D, 300 V, 2 CONDUTORES DE 0,75 MM2","M",1.86]
[39270,"CORDAO DE COBRE, FLEXIVEL, TORCIDO, CLASSE 4 OU 5, ISOLACAO EM PVC/D, 300 V, 2 CONDUTORES DE 1,0 MM2","M",2.41]
[11890,"CORDAO DE COBRE, FLEXIVEL, TORCIDO, CLASSE 4 OU 5, ISOLACAO EM PVC/D, 300 V, 2 CONDUTORES DE 1,5 MM2","M",3.29]
[11891,"CORDAO DE COBRE, FLEXIVEL, TORCIDO, CLASSE 4 OU 5, ISOLACAO EM PVC/D, 300 V, 2 CONDUTORES DE 2,5 MM2","M",5.33]
[11892,"CORDAO DE COBRE, FLEXIVEL, TORCIDO, CLASSE 4 OU 5, ISOLACAO EM PVC/D, 300 V, 2 CONDUTORES DE 4 MM2","M",8.7100000000000009]
[37601,"CORDEL DETONANTE, NP 05 G/M","M"]
[1634,"CORDEL DETONANTE, NP 10 G/M","M"]
[44274,"COROA PARA PERFURATRIZ T38, D = 2 1/2\", 6 X 4 BOTOES BALISTICOS, FACE PLANA","UN",653.54]
[5086,"CORRENTE DE ELO CURTO COMUM, SOLDADA, GALVANIZADA, ESPESSURA DO ELO = 1/2\" (12,5 MM)","KG",33.869999999999997]
[11280,"CORTADEIRA DE PISO DE CONCRETO E ASFALTO, PARA DISCO PADRAO DE DIAMETRO 350 MM (14\") OU 450 MM (18\"), MOTOR A GASOLINA, POTENCIA 13 HP, SEM DISCO","UN",11049.41]
[40519,"CORTADEIRA HIDRAULICA DE VERGALHAO, PARA ACO DE DIAMETRO ATE 50 MM, MOTOR ELETRICO TRIFASICO, POTENCIA DE 5,5 HP A 7,5 HP","UN",91087.54]
[3446,"COTOVELO 45 GRAUS DE FERRO GALVANIZADO, COM ROSCA BSP, DE 1 1/2\"","UN",35.86]
[3445,"COTOVELO 45 GRAUS DE FERRO GALVANIZADO, COM ROSCA BSP, DE 1 1/4\"","UN",29.28]
[3444,"COTOVELO 45 GRAUS DE FERRO GALVANIZADO, COM ROSCA BSP, DE 1\"","UN",18.02]
[3441,"COTOVELO 45 GRAUS DE FERRO GALVANIZADO, COM ROSCA BSP, DE 1/2\"","UN",8.26]
[12402,"COTOVELO 45 GRAUS DE FERRO GALVANIZADO, COM ROSCA BSP, DE 2 1/2\"","UN",100.8]
[3447,"COTOVELO 45 GRAUS DE FERRO GALVANIZADO, COM ROSCA BSP, DE 2\"","UN",52.15]
[3448,"COTOVELO 45 GRAUS DE FERRO GALVANIZADO, COM ROSCA BSP, DE 3\"","UN",147.38]
[3442,"COTOVELO 45 GRAUS DE FERRO GALVANIZADO, COM ROSCA BSP, DE 3/4\"","UN",12.36]
[3449,"COTOVELO 45 GRAUS DE FERRO GALVANIZADO, COM ROSCA BSP, DE 4\"","UN",258.24]
[37438,"COTOVELO 45 GRAUS, PEAD PE 100, DE 125 MM, PARA ELETROFUSAO","UN"]
[37439,"COTOVELO 45 GRAUS, PEAD PE 100, DE 200 MM, PARA ELETROFUSAO","UN"]
[37435,"COTOVELO 45 GRAUS, PEAD PE 100, DE 32 MM, PARA ELETROFUSAO","UN"]
[37436,"COTOVELO 45 GRAUS, PEAD PE 100, DE 40 MM, PARA ELETROFUSAO","UN"]
[37437,"COTOVELO 45 GRAUS, PEAD PE 100, DE 63 MM, PARA ELETROFUSAO","UN"]
[3473,"COTOVELO 90 GRAUS DE FERRO GALVANIZADO, COM ROSCA BSP MACHO/FEMEA, DE 1 1/2\"","UN",40.549999999999997]
[3474,"COTOVELO 90 GRAUS DE FERRO GALVANIZADO, COM ROSCA BSP MACHO/FEMEA, DE 1 1/4\"","UN",33.42]
[3443,"COTOVELO 90 GRAUS DE FERRO GALVANIZADO, COM ROSCA BSP MACHO/FEMEA, DE 1\"","UN",20.79]
[3450,"COTOVELO 90 GRAUS DE FERRO GALVANIZADO, COM ROSCA BSP MACHO/FEMEA, DE 1/2\"","UN",9.69]
[3453,"COTOVELO 90 GRAUS DE FERRO GALVANIZADO, COM ROSCA BSP MACHO/FEMEA, DE 2 1/2\"","UN",118.35]
[3452,"COTOVELO 90 GRAUS DE FERRO GALVANIZADO, COM ROSCA BSP MACHO/FEMEA, DE 2\"","UN",58.42]
[3454,"COTOVELO 90 GRAUS DE FERRO GALVANIZADO, COM ROSCA BSP MACHO/FEMEA, DE 3\"","UN",180.01]
[3451,"COTOVELO 90 GRAUS DE FERRO GALVANIZADO, COM ROSCA BSP MACHO/FEMEA, DE 3/4\"","UN",11.59]
[3458,"COTOVELO 90 GRAUS DE FERRO GALVANIZADO, COM ROSCA BSP, DE 1 1/2\"","UN",32.5]
[3457,"COTOVELO 90 GRAUS DE FERRO GALVANIZADO, COM ROSCA BSP, DE 1 1/4\"","UN",24.4]
[3472,"COTOVELO 90 GRAUS DE FERRO GALVANIZADO, COM ROSCA BSP, DE 1\"","UN",15.57]
[3455,"COTOVELO 90 GRAUS DE FERRO GALVANIZADO, COM ROSCA BSP, DE 1/2\"","UN",6.93]
[3470,"COTOVELO 90 GRAUS DE FERRO GALVANIZADO, COM ROSCA BSP, DE 2 1/2\"","UN",90.75]
[3471,"COTOVELO 90 GRAUS DE FERRO GALVANIZADO, COM ROSCA BSP, DE 2\"","UN",49.87]
[3459,"COTOVELO 90 GRAUS DE FERRO GALVANIZADO, COM ROSCA BSP, DE 3\"","UN",128.01]
[3456,"COTOVELO 90 GRAUS DE FERRO GALVANIZADO, COM ROSCA BSP, DE 3/4\"","UN",10.37]
[3469,"COTOVELO 90 GRAUS DE FERRO GALVANIZADO, COM ROSCA BSP, DE 4\"","UN",243.44]
[3460,"COTOVELO 90 GRAUS DE FERRO GALVANIZADO, COM ROSCA BSP, DE 5\"","UN",355.21]
[3461,"COTOVELO 90 GRAUS DE FERRO GALVANIZADO, COM ROSCA BSP, DE 6\"","UN",907.89]
[37433,"COTOVELO 90 GRAUS, PEAD PE 100, DE 125 MM, PARA ELETROFUSAO","UN"]
[37430,"COTOVELO 90 GRAUS, PEAD PE 100, DE 20 MM, PARA ELETROFUSAO","UN"]
[37434,"COTOVELO 90 GRAUS, PEAD PE 100, DE 200 MM, PARA ELETROFUSAO","UN"]
[37431,"COTOVELO 90 GRAUS, PEAD PE 100, DE 32 MM, PARA ELETROFUSAO","UN"]
[37432,"COTOVELO 90 GRAUS, PEAD PE 100, DE 63 MM, PARA ELETROFUSAO","UN"]
[39869,"COTOVELO BRONZE/LATAO SEM ANEL DE SOLDA, BOLSA X ROSCA F, 15MM X 1/2\"","UN"]
[39870,"COTOVELO BRONZE/LATAO SEM ANEL DE SOLDA, BOLSA X ROSCA F, 22MM X 1/2\"","UN"]
[39871,"COTOVELO BRONZE/LATAO SEM ANEL DE SOLDA, BOLSA X ROSCA F, 22MM X 3/4\"","UN"]
[12722,"COTOVELO DE COBRE 90 GRAUS SEM ANEL DE SOLDA, BOLSA X BOLSA, 104 MM","UN"]
[12714,"COTOVELO DE COBRE 90 GRAUS SEM ANEL DE SOLDA, BOLSA X BOLSA, 15 MM","UN"]
[12715,"COTOVELO DE COBRE 90 GRAUS SEM ANEL DE SOLDA, BOLSA X BOLSA, 22 MM","UN"]
[12716,"COTOVELO DE COBRE 90 GRAUS SEM ANEL DE SOLDA, BOLSA X BOLSA, 28 MM","UN"]
[12717,"COTOVELO DE COBRE 90 GRAUS SEM ANEL DE SOLDA, BOLSA X BOLSA, 35 MM","UN"]
[12718,"COTOVELO DE COBRE 90 GRAUS SEM ANEL DE SOLDA, BOLSA X BOLSA, 42 MM","UN"]
[12719,"COTOVELO DE COBRE 90 GRAUS SEM ANEL DE SOLDA, BOLSA X BOLSA, 54 MM","UN"]
[12720,"COTOVELO DE COBRE 90 GRAUS SEM ANEL DE SOLDA, BOLSA X BOLSA, 66 MM","UN"]
[12721,"COTOVELO DE COBRE 90 GRAUS SEM ANEL DE SOLDA, BOLSA X BOLSA, 79 MM","UN"]
[3468,"COTOVELO DE REDUCAO 90 GRAUS DE FERRO GALVANIZADO, COM ROSCA BSP, DE 1 1/2\" X 1\"","UN",42.42]
[3465,"COTOVELO DE REDUCAO 90 GRAUS DE FERRO GALVANIZADO, COM ROSCA BSP, DE 1 1/2\" X 3/4\"","UN",42.41]
[12403,"COTOVELO DE REDUCAO 90 GRAUS DE FERRO GALVANIZADO, COM ROSCA BSP, DE 1 1/4\" X 1\"","UN",30.23]
[3463,"COTOVELO DE REDUCAO 90 GRAUS DE FERRO GALVANIZADO, COM ROSCA BSP, DE 1\" X 1/2\"","UN",17.66]
[3464,"COTOVELO DE REDUCAO 90 GRAUS DE FERRO GALVANIZADO, COM ROSCA BSP, DE 1\" X 3/4\"","UN",17.66]
[3466,"COTOVELO DE REDUCAO 90 GRAUS DE FERRO GALVANIZADO, COM ROSCA BSP, DE 2 1/2\" X 2\"","UN",107.71]
[3467,"COTOVELO DE REDUCAO 90 GRAUS DE FERRO GALVANIZADO, COM ROSCA BSP, DE 2\" X 1 1/2\"","UN",60.83]
[3462,"COTOVELO DE REDUCAO 90 GRAUS DE FERRO GALVANIZADO, COM ROSCA BSP, DE 3/4\" X 1/2\"","UN",11.65]
[37416,"COTOVELO/JOELHO 90 GRAUS, EM POLIPROPILENO, PN 16, PARA TUBOS PEAD, 20 X 20 MM - LIGACAO PREDIAL DE AGUA","UN",4.01]
[37417,"COTOVELO/JOELHO 90 GRAUS, EM POLIPROPILENO, PN 16, PARA TUBOS PEAD, 32 X 32 MM - LIGACAO PREDIAL DE AGUA","UN",5.76]
[37413,"COTOVELO/JOELHO COM ADAPTADOR, 90 GRAUS, EM POLIPROPILENO, PN 16, PARA TUBOS PEAD, 20 MM X 1/2\" - LIGACAO PREDIAL DE AGUA","UN",4.28]
[37414,"COTOVELO/JOELHO COM ADAPTADOR, 90 GRAUS, EM POLIPROPILENO, PN 16, PARA TUBOS PEAD, 20 MM X 3/4\" - LIGACAO PREDIAL DE AGUA","UN",4.8600000000000003]
[37415,"COTOVELO/JOELHO COM ADAPTADOR, 90 GRAUS, EM POLIPROPILENO, PN 16, PARA TUBOS PEAD, 32 MM X 1\" - LIGACAO PREDIAL DE AGUA","UN",8.84]
[43590,"CREMONA RETANGULAR INJETADA LISA COM CHAVE, COM CASTANHA / ALCA, EM LATAO, COM ACABAMENTO CROMADO, DE SOBREPOR / EMBUTIR","UN",157.44999999999999]
[43589,"CREMONA RETANGULAR INJETADA LISA, COM CASTANHA / ALCA, EM LATAO, COM ACABAMENTO CROMADO, DE SOBREPOR / EMBUTIR","UN",28.48]
[34519,"CRUZETA DE CONCRETO LEVE, COMP. 2000 MM SECAO, 90 X 90 MM","UN",124.57]
[1649,"CRUZETA DE FERRO GALVANIZADO, COM ROSCA BSP, DE 1 1/2\"","UN",76.64]
[1653,"CRUZETA DE FERRO GALVANIZADO, COM ROSCA BSP, DE 1 1/4\"","UN",60.03]
[1648,"CRUZETA DE FERRO GALVANIZADO, COM ROSCA BSP, DE 1\"","UN",41.28]
[1647,"CRUZETA DE FERRO GALVANIZADO, COM ROSCA BSP, DE 1/2\"","UN",21.5]
[1651,"CRUZETA DE FERRO GALVANIZADO, COM ROSCA BSP, DE 2 1/2\"","UN",191.5]
[1650,"CRUZETA DE FERRO GALVANIZADO, COM ROSCA BSP, DE 2\"","UN",105.85]
[1652,"CRUZETA DE FERRO GALVANIZADO, COM ROSCA BSP, DE 3\"","UN",274.85000000000002]
[1654,"CRUZETA DE FERRO GALVANIZADO, COM ROSCA BSP, DE 3/4\"","UN",29.51]
[10510,"CRUZETA DE MADEIRA TRATADA, *90 X 115 X 2400* MM, EM EUCALIPTO OU EQUIVALENTE DA REGIAO","UN",125.48]
[1744,"CUBA ACO INOX (AISI 304) DE EMBUTIR COM VALVULA 3 1/2 \", DE *40 X 34 X 12* CM","UN",141.16999999999999]
[1743,"CUBA ACO INOX (AISI 304) DE EMBUTIR COM VALVULA 3 1/2 \", DE *46 X 30 X 12* CM","UN",185.38]
[1747,"CUBA ACO INOX (AISI 304) DE EMBUTIR COM VALVULA DE 3 1/2 \", DE *56 X 33 X 12* CM","UN",203.81]
[39640,"CUMEEIRA ARTICULADA (ABA INFERIOR) PARA TELHA ONDULADA DE FIBROCIMENTO E = 4 MM, ABA *330* MM, COMPRIMENTO 500 MM (SEM AMIANTO)","UN",10.48]
[7216,"CUMEEIRA NORMAL PARA TELHA ESTRUTURAL DE FIBROCIMENTO 2 ABAS, E = 6 MM, DE 1050 X 935 MM (SEM AMIANTO)","UN",56.29]
[20235,"CUMEEIRA NORMAL PARA TELHA ONDULADA DE FIBROCIMENTO, E = 6 MM, ABA 300 MM, COMPRIMENTO 1100 MM (SEM AMIANTO)","UN",45.26]
[7181,"CUMEEIRA PARA TELHA CERAMICA, COMPRIMENTO DE *41* CM, RENDIMENTO DE *3* TELHAS/M","UN",7.51]
[40742,"CUMEEIRA PARA TELHA DE CONCRETO, PARA 2 AGUAS DE TELHADO, COR CINZA, RENDIMENTO DE *3* TELHAS/M","UN",12.08]
[7214,"CUMEEIRA SHED PARA TELHA ONDULADA DE FIBROCIMENTO, E = 6 MM, ABA 280 MM, COMPRIMENTO 1100 MM (SEM AMIANTO)","UN",54.97]
[7219,"CUMEEIRA UNIVERSAL PARA TELHA ONDULADA DE FIBROCIMENTO, E = 6 MM, ABA 210 MM, COMPRIMENTO 1100 MM (SEM AMIANTO)","UN",48.76]
[2628,"CURVA 135 GRAUS PARA ELETRODUTO, EM ACO GALVANIZADO ELETROLITICO, COM ROSCA, DIAMETRO DE 100 MM (4\")","UN",266.38]
[2622,"CURVA 135 GRAUS PARA ELETRODUTO, EM ACO GALVANIZADO ELETROLITICO, COM ROSCA, DIAMETRO DE 15 MM (1/2\"), ESPESSURA DE 1,50 MM","UN",6.32]
[2623,"CURVA 135 GRAUS PARA ELETRODUTO, EM ACO GALVANIZADO ELETROLITICO, COM ROSCA, DIAMETRO DE 20 MM (3/4\"), ESPESSURA DE 1,50 MM","UN",7.61]
[2624,"CURVA 135 GRAUS PARA ELETRODUTO, EM ACO GALVANIZADO ELETROLITICO, COM ROSCA, DIAMETRO DE 25 MM (1\"), ESPESSURA DE 1,50 MM","UN",12.11]
[2625,"CURVA 135 GRAUS PARA ELETRODUTO, EM ACO GALVANIZADO ELETROLITICO, COM ROSCA, DIAMETRO DE 32 MM (1 1/4\"), ESPESSURA DE 1,50 MM","UN",25.56]
[2626,"CURVA 135 GRAUS PARA ELETRODUTO, EM ACO GALVANIZADO ELETROLITICO, COM ROSCA, DIAMETRO DE 40 MM (1 1/2\"), ESPESSURA DE 1,50 MM","UN",37.450000000000003]
[2630,"CURVA 135 GRAUS PARA ELETRODUTO, EM ACO GALVANIZADO ELETROLITICO, COM ROSCA, DIAMETRO DE 50 MM (2\")","UN",56.96]
[2627,"CURVA 135 GRAUS PARA ELETRODUTO, EM ACO GALVANIZADO ELETROLITICO, COM ROSCA, DIAMETRO DE 65 MM (2 1/2\")","UN",100.33]
[2629,"CURVA 135 GRAUS PARA ELETRODUTO, EM ACO GALVANIZADO ELETROLITICO, COM ROSCA, DIAMETRO DE 80 MM (3\")","UN",135.71]
[1880,"CURVA 135 GRAUS, DE PVC RIGIDO ROSCAVEL, DE 1\", PARA ELETRODUTO","UN",3.98]
[39274,"CURVA 135 GRAUS, DE PVC RIGIDO ROSCAVEL, DE 3/4\", PARA ELETRODUTO","UN",3.08]
[12033,"CURVA 180 GRAUS, DE PVC RIGIDO ROSCAVEL, DE 1 1/2\", PARA ELETRODUTO","UN",12.7]
[40408,"CURVA 180 GRAUS, DE PVC RIGIDO ROSCAVEL, DE 1 1/4\", PARA ELETRODUTO","UN",8.34]
[39276,"CURVA 180 GRAUS, DE PVC RIGIDO ROSCAVEL, DE 1\", PARA ELETRODUTO","UN",7.52]
[40409,"CURVA 180 GRAUS, DE PVC RIGIDO ROSCAVEL, DE 1/2\", PARA ELETRODUTO","UN",2.95]
[39277,"CURVA 180 GRAUS, DE PVC RIGIDO ROSCAVEL, DE 2\", PARA ELETRODUTO","UN",20.3]
[12034,"CURVA 180 GRAUS, DE PVC RIGIDO ROSCAVEL, DE 3/4\", PARA ELETRODUTO","UN",5.75]
[39879,"CURVA 45 GRAUS DE COBRE SEM ANEL DE SOLDA, BOLSA X BOLSA, 15 MM","UN"]
[39880,"CURVA 45 GRAUS DE COBRE SEM ANEL DE SOLDA, BOLSA X BOLSA, 22 MM","UN"]
[39881,"CURVA 45 GRAUS DE COBRE SEM ANEL DE SOLDA, BOLSA X BOLSA, 28 MM","UN"]
[39882,"CURVA 45 GRAUS DE COBRE SEM ANEL DE SOLDA, BOLSA X BOLSA, 35 MM","UN"]
[39883,"CURVA 45 GRAUS DE COBRE SEM ANEL DE SOLDA, BOLSA X BOLSA, 42 MM","UN"]
[39884,"CURVA 45 GRAUS DE COBRE SEM ANEL DE SOLDA, BOLSA X BOLSA, 54 MM","UN"]
[39885,"CURVA 45 GRAUS DE COBRE SEM ANEL DE SOLDA, BOLSA X BOLSA, 66 MM","UN"]
[1777,"CURVA 45 GRAUS DE FERRO GALVANIZADO, COM ROSCA BSP FEMEA, DE 1 1/2\"","UN",82.64]
[1819,"CURVA 45 GRAUS DE FERRO GALVANIZADO, COM ROSCA BSP FEMEA, DE 1 1/4\"","UN",60.12]
[1776,"CURVA 45 GRAUS DE FERRO GALVANIZADO, COM ROSCA BSP FEMEA, DE 1\"","UN",48.92]
[1775,"CURVA 45 GRAUS DE FERRO GALVANIZADO, COM ROSCA BSP FEMEA, DE 1/2\"","UN",17.98]
[1778,"CURVA 45 GRAUS DE FERRO GALVANIZADO, COM ROSCA BSP FEMEA, DE 2 1/2\"","UN",200.03]
[1818,"CURVA 45 GRAUS DE FERRO GALVANIZADO, COM ROSCA BSP FEMEA, DE 2\"","UN",132.78]
[1779,"CURVA 45 GRAUS DE FERRO GALVANIZADO, COM ROSCA BSP FEMEA, DE 3\"","UN",290.92]
[1820,"CURVA 45 GRAUS DE FERRO GALVANIZADO, COM ROSCA BSP FEMEA, DE 3/4\"","UN",25.96]
[1780,"CURVA 45 GRAUS DE FERRO GALVANIZADO, COM ROSCA BSP FEMEA, DE 4\"","UN",599.74]
[1783,"CURVA 45 GRAUS DE FERRO GALVANIZADO, COM ROSCA BSP MACHO/FEMEA, DE 1 1/2\"","UN",63.41]
[1782,"CURVA 45 GRAUS DE FERRO GALVANIZADO, COM ROSCA BSP MACHO/FEMEA, DE 1 1/4\"","UN",50.14]
[1781,"CURVA 45 GRAUS DE FERRO GALVANIZADO, COM ROSCA BSP MACHO/FEMEA, DE 1\"","UN",32.67]
[1817,"CURVA 45 GRAUS DE FERRO GALVANIZADO, COM ROSCA BSP MACHO/FEMEA, DE 1/2\"","UN",14.94]
[1784,"CURVA 45 GRAUS DE FERRO GALVANIZADO, COM ROSCA BSP MACHO/FEMEA, DE 2 1/2\"","UN",179.06]
[1810,"CURVA 45 GRAUS DE FERRO GALVANIZADO, COM ROSCA BSP MACHO/FEMEA, DE 2\"","UN",99.31]
[1812,"CURVA 45 GRAUS DE FERRO GALVANIZADO, COM ROSCA BSP MACHO/FEMEA, DE 3\"","UN",250.71]
[1811,"CURVA 45 GRAUS DE FERRO GALVANIZADO, COM ROSCA BSP MACHO/FEMEA, DE 3/4\"","UN",21.48]
[40386,"CURVA 45 GRAUS EM ACO CARBONO, SOLDAVEL, PRESSAO 3.000 LBS, DN 1 1/2\"","UN"]
[40384,"CURVA 45 GRAUS EM ACO CARBONO, SOLDAVEL, PRESSAO 3.000 LBS, DN 1 1/4\"","UN"]
[40423,"CURVA 45 GRAUS EM ACO CARBONO, SOLDAVEL, PRESSAO 3.000 LBS, DN 1\"","UN"]
[40379,"CURVA 45 GRAUS EM ACO CARBONO, SOLDAVEL, PRESSAO 3.000 LBS, DN 1/2\"","UN"]
[40389,"CURVA 45 GRAUS EM ACO CARBONO, SOLDAVEL, PRESSAO 3.000 LBS, DN 2 1/2\"","UN"]
[40388,"CURVA 45 GRAUS EM ACO CARBONO, SOLDAVEL, PRESSAO 3.000 LBS, DN 2\"","UN"]
[40391,"CURVA 45 GRAUS EM ACO CARBONO, SOLDAVEL, PRESSAO 3.000 LBS, DN 3\"","UN"]
[40381,"CURVA 45 GRAUS EM ACO CARBONO, SOLDAVEL, PRESSAO 3.000 LBS, DN 3/4\"","UN"]
[2609,"CURVA 45 GRAUS PARA ELETRODUTO, EM ACO GALVANIZADO ELETROLITICO, COM ROSCA, DIAMETRO DE 20 MM (3/4\"), ESPESSURA DE 1,50 MM","UN",5.94]
[2634,"CURVA 45 GRAUS PARA ELETRODUTO, EM ACO GALVANIZADO ELETROLITICO, COM ROSCA, DIAMETRO DE 25 MM (1\"), ESPESSURA DE 1,50 MM","UN",7.8]
[2611,"CURVA 45 GRAUS PARA ELETRODUTO, EM ACO GALVANIZADO ELETROLITICO, COM ROSCA, DIAMETRO DE 40 MM (1 1/2\"), ESPESSURA DE 1,50 MM","UN",22]
[40414,"CURVA 45 GRAUS RANHURADA EM FERRO FUNDIDO, DN 50 MM (2\")","UN"]
[40416,"CURVA 45 GRAUS RANHURADA EM FERRO FUNDIDO, DN 65 MM (2 1/2\")","UN"]
[40418,"CURVA 45 GRAUS RANHURADA EM FERRO FUNDIDO, DN 80 MM (3\")","UN"]
[34359,"CURVA 90 GRAUS DE BARRA CHATA EM ALUMINIO 3/4\" X 1/4\" X 300 MM","UN",16.84]
[1789,"CURVA 90 GRAUS DE FERRO GALVANIZADO, COM ROSCA BSP FEMEA, DE 1 1/2\"","UN",79.31]
[1788,"CURVA 90 GRAUS DE FERRO GALVANIZADO, COM ROSCA BSP FEMEA, DE 1 1/4\"","UN",63.58]
[1787,"CURVA 90 GRAUS DE FERRO GALVANIZADO, COM ROSCA BSP FEMEA, DE 1\"","UN",37.799999999999997]
[1786,"CURVA 90 GRAUS DE FERRO GALVANIZADO, COM ROSCA BSP FEMEA, DE 1/2\"","UN",15.78]
[1791,"CURVA 90 GRAUS DE FERRO GALVANIZADO, COM ROSCA BSP FEMEA, DE 2 1/2\"","UN",229.22]
[1790,"CURVA 90 GRAUS DE FERRO GALVANIZADO, COM ROSCA BSP FEMEA, DE 2\"","UN",132.09]
[1792,"CURVA 90 GRAUS DE FERRO GALVANIZADO, COM ROSCA BSP FEMEA, DE 3\"","UN",309.42]
[1813,"CURVA 90 GRAUS DE FERRO GALVANIZADO, COM ROSCA BSP FEMEA, DE 3/4\"","UN",25.05]
[1793,"CURVA 90 GRAUS DE FERRO GALVANIZADO, COM ROSCA BSP FEMEA, DE 4\"","UN",625.23]
[1797,"CURVA 90 GRAUS DE FERRO GALVANIZADO, COM ROSCA BSP MACHO, DE 1 1/2\"","UN",90.06]
[1796,"CURVA 90 GRAUS DE FERRO GALVANIZADO, COM ROSCA BSP MACHO, DE 1 1/4\"","UN",69.08]
[1816,"CURVA 90 GRAUS DE FERRO GALVANIZADO, COM ROSCA BSP MACHO, DE 1\"","UN",37.18]
[1794,"CURVA 90 GRAUS DE FERRO GALVANIZADO, COM ROSCA BSP MACHO, DE 1/2\"","UN",16.489999999999998]
[1815,"CURVA 90 GRAUS DE FERRO GALVANIZADO, COM ROSCA BSP MACHO, DE 2 1/2\"","UN",285.55]
[1798,"CURVA 90 GRAUS DE FERRO GALVANIZADO, COM ROSCA BSP MACHO, DE 2\"","UN",127.77]
[1799,"CURVA 90 GRAUS DE FERRO GALVANIZADO, COM ROSCA BSP MACHO, DE 3\"","UN",371.91]
[1795,"CURVA 90 GRAUS DE FERRO GALVANIZADO, COM ROSCA BSP MACHO, DE 3/4\"","UN",22.84]
[1800,"CURVA 90 GRAUS DE FERRO GALVANIZADO, COM ROSCA BSP MACHO, DE 4\"","UN",710.03]
[1802,"CURVA 90 GRAUS DE FERRO GALVANIZADO, COM ROSCA BSP MACHO, DE 6\"","UN",1776.08]
[1809,"CURVA 90 GRAUS DE FERRO GALVANIZADO, COM ROSCA BSP MACHO/FEMEA, DE 1 1/2\"","UN",74.36]
[1814,"CURVA 90 GRAUS DE FERRO GALVANIZADO, COM ROSCA BSP MACHO/FEMEA, DE 1 1/4\"","UN",61.09]
[1805,"CURVA 90 GRAUS DE FERRO GALVANIZADO, COM ROSCA BSP MACHO/FEMEA, DE 1\"","UN",35.450000000000003]
[1803,"CURVA 90 GRAUS DE FERRO GALVANIZADO, COM ROSCA BSP MACHO/FEMEA, DE 1/2\"","UN",15.44]
[1821,"CURVA 90 GRAUS DE FERRO GALVANIZADO, COM ROSCA BSP MACHO/FEMEA, DE 2 1/2\"","UN",209.43]
[1806,"CURVA 90 GRAUS DE FERRO GALVANIZADO, COM ROSCA BSP MACHO/FEMEA, DE 2\"","UN",124.65]
[1807,"CURVA 90 GRAUS DE FERRO GALVANIZADO, COM ROSCA BSP MACHO/FEMEA, DE 3\"","UN",299.52]
[1804,"CURVA 90 GRAUS DE FERRO GALVANIZADO, COM ROSCA BSP MACHO/FEMEA, DE 3/4\"","UN",21.97]
[1808,"CURVA 90 GRAUS DE FERRO GALVANIZADO, COM ROSCA BSP MACHO/FEMEA, DE 4\"","UN",600.48]
[40385,"CURVA 90 GRAUS EM ACO CARBONO, RAIO CURTO, SOLDAVEL, PRESSAO 3.000 LBS, DN 1 1/2\"","UN"]
[40383,"CURVA 90 GRAUS EM ACO CARBONO, RAIO CURTO, SOLDAVEL, PRESSAO 3.000 LBS, DN 1 1/4\"","UN"]
[40382,"CURVA 90 GRAUS EM ACO CARBONO, RAIO CURTO, SOLDAVEL, PRESSAO 3.000 LBS, DN 1\"","UN"]
[40378,"CURVA 90 GRAUS EM ACO CARBONO, RAIO CURTO, SOLDAVEL, PRESSAO 3.000 LBS, DN 1/2\"","UN"]
[40422,"CURVA 90 GRAUS EM ACO CARBONO, RAIO CURTO, SOLDAVEL, PRESSAO 3.000 LBS, DN 2 1/2\"","UN"]
[40387,"CURVA 90 GRAUS EM ACO CARBONO, RAIO CURTO, SOLDAVEL, PRESSAO 3.000 LBS, DN 2\"","UN"]
[40390,"CURVA 90 GRAUS EM ACO CARBONO, RAIO CURTO, SOLDAVEL, PRESSAO 3.000 LBS, DN 3\"","UN"]
[40380,"CURVA 90 GRAUS EM ACO CARBONO, RAIO CURTO, SOLDAVEL, PRESSAO 3.000 LBS, DN 3/4\"","UN"]
[2621,"CURVA 90 GRAUS PARA ELETRODUTO, EM ACO GALVANIZADO ELETROLITICO, COM ROSCA, DIAMETRO DE 100 MM (4\")","UN",188.21]
[2616,"CURVA 90 GRAUS PARA ELETRODUTO, EM ACO GALVANIZADO ELETROLITICO, COM ROSCA, DIAMETRO DE 15 MM (1/2\"), ESPESSURA DE 1,50 MM","UN",5.32]
[2633,"CURVA 90 GRAUS PARA ELETRODUTO, EM ACO GALVANIZADO ELETROLITICO, COM ROSCA, DIAMETRO DE 20 MM (3/4\"), ESPESSURA DE 1,50 MM","UN",6.02]
[2617,"CURVA 90 GRAUS PARA ELETRODUTO, EM ACO GALVANIZADO ELETROLITICO, COM ROSCA, DIAMETRO DE 25 MM (1\"), ESPESSURA DE 1,50 MM","UN",8.19]
[2618,"CURVA 90 GRAUS PARA ELETRODUTO, EM ACO GALVANIZADO ELETROLITICO, COM ROSCA, DIAMETRO DE 32 MM (1 1/4\"), ESPESSURA DE 1,50 MM","UN",18.64]
[2632,"CURVA 90 GRAUS PARA ELETRODUTO, EM ACO GALVANIZADO ELETROLITICO, COM ROSCA, DIAMETRO DE 40 MM (1 1/2\"), ESPESSURA DE 1,50 MM","UN",22.74]
[2631,"CURVA 90 GRAUS PARA ELETRODUTO, EM ACO GALVANIZADO ELETROLITICO, COM ROSCA, DIAMETRO DE 50 MM (2\")","UN",33.380000000000003]
[2619,"CURVA 90 GRAUS PARA ELETRODUTO, EM ACO GALVANIZADO ELETROLITICO, COM ROSCA, DIAMETRO DE 65 MM (2 1/2\")","UN",84.52]
[2620,"CURVA 90 GRAUS PARA ELETRODUTO, EM ACO GALVANIZADO ELETROLITICO, COM ROSCA, DIAMETRO DE 80 MM (3\")","UN",110.97]
[40413,"CURVA 90 GRAUS RANHURADA EM FERRO FUNDIDO, DN 50 MM (2\")","UN"]
[40415,"CURVA 90 GRAUS RANHURADA EM FERRO FUNDIDO, DN 65 MM (2 1/2\")","UN"]
[40417,"CURVA 90 GRAUS RANHURADA EM FERRO FUNDIDO, DN 80 MM (3\")","UN"]
[39273,"CURVA 90 GRAUS, CURTA, DE PVC RIGIDO ROSCAVEL, DE 1\", PARA ELETRODUTO","UN",4.34]
[39271,"CURVA 90 GRAUS, CURTA, DE PVC RIGIDO ROSCAVEL, DE 1/2\", PARA ELETRODUTO","UN",2.56]
[39272,"CURVA 90 GRAUS, CURTA, DE PVC RIGIDO ROSCAVEL, DE 3/4\", PARA ELETRODUTO","UN",3.14]
[1875,"CURVA 90 GRAUS, LONGA, DE PVC RIGIDO ROSCAVEL, DE 1 1/2\", PARA ELETRODUTO","UN",6.94]
[1874,"CURVA 90 GRAUS, LONGA, DE PVC RIGIDO ROSCAVEL, DE 1 1/4\", PARA ELETRODUTO","UN",5.73]
[1884,"CURVA 90 GRAUS, LONGA, DE PVC RIGIDO ROSCAVEL, DE 1\", PARA ELETRODUTO","UN",5.08]
[1870,"CURVA 90 GRAUS, LONGA, DE PVC RIGIDO ROSCAVEL, DE 1/2\", PARA ELETRODUTO","UN",3.31]
[1887,"CURVA 90 GRAUS, LONGA, DE PVC RIGIDO ROSCAVEL, DE 2 1/2\", PARA ELETRODUTO","UN",28.78]
[1876,"CURVA 90 GRAUS, LONGA, DE PVC RIGIDO ROSCAVEL, DE 2\", PARA ELETRODUTO","UN",11.28]
[1877,"CURVA 90 GRAUS, LONGA, DE PVC RIGIDO ROSCAVEL, DE 3\", PARA ELETRODUTO","UN",28.82]
[1879,"CURVA 90 GRAUS, LONGA, DE PVC RIGIDO ROSCAVEL, DE 3/4\", PARA ELETRODUTO","UN",3.35]
[1878,"CURVA 90 GRAUS, LONGA, DE PVC RIGIDO ROSCAVEL, DE 4\", PARA ELETRODUTO","UN",57.9]
[37971,"CURVA CPVC, 90 GRAUS, SOLDAVEL, 15 MM, PARA AGUA QUENTE","UN",5.15]
[37972,"CURVA CPVC, 90 GRAUS, SOLDAVEL, 22 MM, PARA AGUA QUENTE","UN",7.31]
[37973,"CURVA CPVC, 90 GRAUS, SOLDAVEL, 28 MM, PARA AGUA QUENTE","UN",13.74]
[1926,"CURVA DE PVC 45 GRAUS, SOLDAVEL, 20 MM, COR MARROM, PARA AGUA FRIA PREDIAL","UN",2.06]
[1927,"CURVA DE PVC 45 GRAUS, SOLDAVEL, 25 MM, COR MARROM, PARA AGUA FRIA PREDIAL","UN",2.31]
[1923,"CURVA DE PVC 45 GRAUS, SOLDAVEL, 32 MM, COR MARROM, PARA AGUA FRIA PREDIAL","UN",4.22]
[1929,"CURVA DE PVC 45 GRAUS, SOLDAVEL, 40 MM, COR MARROM, PARA AGUA FRIA PREDIAL","UN",5.1100000000000003]
[1930,"CURVA DE PVC 45 GRAUS, SOLDAVEL, 50 MM, COR MARROM, PARA AGUA FRIA PREDIAL","UN",8.75]
[1924,"CURVA DE PVC 45 GRAUS, SOLDAVEL, 60 MM, COR MARROM, PARA AGUA FRIA PREDIAL","UN",14.13]
[1922,"CURVA DE PVC 45 GRAUS, SOLDAVEL, 75 MM, COR MARROM, PARA AGUA FRIA PREDIAL","UN",29.22]
[1953,"CURVA DE PVC 45 GRAUS, SOLDAVEL, 85 MM, COR MARROM, PARA AGUA FRIA PREDIAL","UN",35.67]
[1962,"CURVA DE PVC 90 GRAUS, SOLDAVEL, 110 MM, COR MARROM, PARA AGUA FRIA PREDIAL","UN",173.29]
[1955,"CURVA DE PVC 90 GRAUS, SOLDAVEL, 20 MM, COR MARROM, PARA AGUA FRIA PREDIAL","UN",1.99]
[1956,"CURVA DE PVC 90 GRAUS, SOLDAVEL, 25 MM, COR MARROM, PARA AGUA FRIA PREDIAL","UN",2.82]
[1957,"CURVA DE PVC 90 GRAUS, SOLDAVEL, 32 MM, COR MARROM, PARA AGUA FRIA PREDIAL","UN",6.09]
[1958,"CURVA DE PVC 90 GRAUS, SOLDAVEL, 40 MM, COR MARROM, PARA AGUA FRIA PREDIAL","UN",11.35]
[1959,"CURVA DE PVC 90 GRAUS, SOLDAVEL, 50 MM, COR MARROM, PARA AGUA FRIA PREDIAL","UN",12.31]
[1925,"CURVA DE PVC 90 GRAUS, SOLDAVEL, 60 MM, COR MARROM, PARA AGUA FRIA PREDIAL","UN",32.18]
[1960,"CURVA DE PVC 90 GRAUS, SOLDAVEL, 75 MM, COR MARROM, PARA AGUA FRIA PREDIAL","UN",49.41]
[1961,"CURVA DE PVC 90 GRAUS, SOLDAVEL, 85 MM, COR MARROM, PARA AGUA FRIA PREDIAL","UN",63.3]
[38423,"CURVA DE PVC, 90 GRAUS, SERIE R, DN 100 MM, PARA ESGOTO PREDIAL","UN",35.26]
[39866,"CURVA DE TRANSPOSICAO BRONZE/LATAO SEM ANEL DE SOLDA, BOLSA X BOLSA, 15 MM","UN"]
[39867,"CURVA DE TRANSPOSICAO BRONZE/LATAO SEM ANEL DE SOLDA, BOLSA X BOLSA, 22 MM","UN"]
[39868,"CURVA DE TRANSPOSICAO BRONZE/LATAO SEM ANEL DE SOLDA, BOLSA X BOLSA, 28 MM","UN"]
[37999,"CURVA DE TRANSPOSICAO, CPVC, SOLDAVEL, 15 MM","UN",8.69]
[38000,"CURVA DE TRANSPOSICAO, CPVC, SOLDAVEL, 22 MM","UN",10.15]
[38129,"CURVA DE TRANSPOSICAO, PVC SOLDAVEL, 20 MM, COR MARROM, PARA AGUA FRIA PREDIAL","UN",4.6500000000000004]
[38025,"CURVA DE TRANSPOSICAO, PVC, SOLDAVEL, 25 MM, COR MARROM, PARA AGUA FRIA PREDIAL","UN",6.31]
[38026,"CURVA DE TRANSPOSICAO, PVC, SOLDAVEL, 32 MM, COR MARROM, PARA AGUA FRIA PREDIAL","UN",15.57]
[1858,"CURVA LONGA PVC, PB, JE, 45 GRAUS, DN 100 MM, PARA REDE COLETORA ESGOTO","UN",54.64]
[1844,"CURVA LONGA PVC, PB, JE, 45 GRAUS, DN 150 MM, PARA REDE COLETORA ESGOTO","UN",125.14]
[1863,"CURVA LONGA PVC, PB, JE, 90 GRAUS, DN 100 MM, PARA REDE COLETORA ESGOTO","UN",58.15]
[1865,"CURVA LONGA PVC, PB, JE, 90 GRAUS, DN 150 MM, PARA REDE COLETORA ESGOTO","UN",151.5]
[36355,"CURVA PPR 90 GRAUS, F/F, DN 20 MM, PARA AGUA QUENTE PREDIAL","UN"]
[36356,"CURVA PPR 90 GRAUS, F/F, DN 25 MM, PARA AGUA QUENTE PREDIAL","UN"]
[1940,"CURVA PVC 90 GRAUS, ROSCAVEL, 1 1/4\", COR BRANCA, AGUA FRIA PREDIAL","UN",31.44]
[1939,"CURVA PVC 90 GRAUS, ROSCAVEL, 1\", COR BRANCA, AGUA FRIA PREDIAL","UN",8.6199999999999992]
[1937,"CURVA PVC 90 GRAUS, ROSCAVEL, 1/2\", COR BRANCA, AGUA FRIA PREDIAL","UN",5.31]
[1938,"CURVA PVC 90 GRAUS, ROSCAVEL, 3/4\", COR BRANCA, AGUA FRIA PREDIAL","UN",6.03]
[1966,"CURVA PVC CURTA 90 GRAUS, DN 100 MM, PARA ESGOTO PREDIAL","UN",23.19]
[1933,"CURVA PVC CURTA 90 GRAUS, DN 40 MM, PARA ESGOTO PREDIAL","UN",5]
[1932,"CURVA PVC CURTA 90 GRAUS, DN 50 MM, PARA ESGOTO PREDIAL","UN",11.44]
[1951,"CURVA PVC CURTA 90 GRAUS, DN 75 MM, PARA ESGOTO PREDIAL","UN",23.86]
[1970,"CURVA PVC LONGA 90 GRAUS, DN 100 MM, PARA ESGOTO PREDIAL","UN",57.96]
[1967,"CURVA PVC LONGA 90 GRAUS, DN 40 MM, PARA ESGOTO PREDIAL","UN",6.88]
[1968,"CURVA PVC LONGA 90 GRAUS, DN 50 MM, PARA ESGOTO PREDIAL","UN",13.6]
[1969,"CURVA PVC LONGA 90 GRAUS, DN 75 MM, PARA ESGOTO PREDIAL","UN",44.28]
[1827,"CURVA PVC PBA, JE, PB, 45 GRAUS, DN 100 / DE 110 MM, PARA REDE DE AGUA","UN",143.13999999999999]
[1831,"CURVA PVC PBA, JE, PB, 45 GRAUS, DN 50 / DE 60 MM, PARA REDE DE AGUA","UN",31.25]
[1825,"CURVA PVC PBA, JE, PB, 45 GRAUS, DN 75 / DE 85 MM, PARA REDE DE AGUA","UN",77.12]
[1828,"CURVA PVC PBA, JE, PB, 90 GRAUS, DN 100 / DE 110 MM, PARA REDE DE AGUA","UN",174.68]
[1845,"CURVA PVC PBA, JE, PB, 90 GRAUS, DN 50 / DE 60 MM, PARA REDE DE AGUA","UN",39.159999999999997]
[1824,"CURVA PVC PBA, JE, PB, 90 GRAUS, DN 75 / DE 85 MM, PARA REDE DE AGUA","UN",92.45]
[42693,"CURVA PVC, BB, JE, 45 GRAUS, DN 250 MM, PARA TUBO CORRUGADO E/OU LISO, REDE COLETORA ESGOTO","UN",425.6]
[42695,"CURVA PVC, BB, JE, 90 GRAUS, DN 200 MM, PARA TUBO CORRUGADO E/OU LISO, REDE COLETORA ESGOTO","UN",297.35000000000002]
[42694,"CURVA PVC, BB, JE, 90 GRAUS, DN 250 MM, PARA TUBO CORRUGADO E/OU LISO, REDE COLETORA ESGOTO","UN",569.54]
[20097,"CURVA PVC, SERIE R, 87.30 GRAUS, CURTA, PARA PE-DE-COLUNA, DN 100 MM, PARA ESGOTO PREDIAL","UN",24.69]
[20098,"CURVA PVC, SERIE R, 87.30 GRAUS, CURTA, PARA PE-DE-COLUNA, DN 150 MM, PARA ESGOTO PREDIAL","UN",100.93]
[20096,"CURVA PVC, SERIE R, 87.30 GRAUS, CURTA, PARA PE-DE-COLUNA, DN 75 MM, PARA ESGOTO PREDIAL","UN",25.56]
[44472,"DENTE PARA  FRESADORA","UN"]
[38369,"DESEMPENADEIRA DE ACO DENTADA 12 X *25* CM, DENTES 8 X 8 MM, CABO FECHADO DE MADEIRA","UN",23.71]
[38370,"DESEMPENADEIRA DE ACO LISA 12 X *25* CM COM CABO FECHADO DE MADEIRA","UN",23.71]
[38372,"DESEMPENADEIRA PLASTICA LISA *14 X 27* CM","UN",28.5]
[2358,"DESENHISTA PROJETISTA (HORISTA)","H",40.85]
[40807,"DESENHISTA PROJETISTA (MENSALISTA)","MES",7213.66]
[44330,"DESINFETANTE PRONTO USO","L",14.27]
[43144,"DESMOLDANTE PARA CONCRETO ESTAMPADO","KG",33.65]
[39397,"DESMOLDANTE PARA FORMAS METALICAS A BASE DE OLEO VEGETAL","L",15.34]
[2692,"DESMOLDANTE PROTETOR PARA FORMAS DE MADEIRA, DE BASE OLEOSA EMULSIONADA EM AGUA","L",6.19]
[44329,"DETERGENTE NEUTRO USO GERAL, CONCENTRADO","L",18.7]
[5318,"DILUENTE AGUARRAS","L",30.24]
[5330,"DILUENTE EPOXI","L",68.930000000000007]
[44532,"DISCO DE BORRACHA PARA LIXADEIRA RIGIDO 7\" COM ARRUELA CENTRAL","UN",25.95]
[44531,"DISCO DE CORTE DIAMANTADO SEGMENTADO DIAMETRO DE 180 MM PARA ESMERILHADEIRA 7\"","UN",82.47]
[13887,"DISCO DE CORTE DIAMANTADO SEGMENTADO PARA CONCRETO/ASFALTO, DIAMETRO DE *350* MM, FURO DE 25,40 MM","UN",473.51]
[38140,"DISCO DE CORTE DIAMANTADO SEGMENTADO, DIAMETRO DE *110* MM, FURO DE 20 MM","UN",20]
[44495,"DISCO DE CORTE PARA METAL COM DUAS TELAS 12 X 1/8 X 3/4\" (300 X 3,2 X 19,05 MM)","UN",21.08]
[44533,"DISCO DE DESBASTE PARA METAL FERROSO EM GERAL, COM TRES TELAS, 9 X 1/4 X 7/8\" (228,6 X 6,4 X 22,2 MM)","UN",19.899999999999999]
[44534,"DISCO DE LIXA PARA METAL, DIAMETRO = 180 MM, GRAO  120","UN",5.19]
[34729,"DISJUNTOR TERMOMAGNETICO AJUSTAVEL, TRIPOLAR DE 100 ATE 250A, CAPACIDADE DE INTERRUPCAO DE 35KA","UN",1528.09]
[34734,"DISJUNTOR TERMOMAGNETICO AJUSTAVEL, TRIPOLAR DE 300 ATE 400A, CAPACIDADE DE INTERRUPCAO DE 35KA","UN",2365.9699999999998]
[34738,"DISJUNTOR TERMOMAGNETICO AJUSTAVEL, TRIPOLAR DE 450 ATE 600A, CAPACIDADE DE INTERRUPCAO DE 35KA","UN",5527.65]
[34623,"DISJUNTOR TERMOMAGNETICO PARA TRILHO DIN (IEC), BIPOLAR, 40 - 50 A","UN",66.239999999999995]
[34616,"DISJUNTOR TERMOMAGNETICO PARA TRILHO DIN (IEC), BIPOLAR, 6 - 32 A","UN",67.27]
[34628,"DISJUNTOR TERMOMAGNETICO PARA TRILHO DIN (IEC), BIPOLAR, 63 A","UN",94.88]
[34686,"DISJUNTOR TERMOMAGNETICO PARA TRILHO DIN (IEC), MONOPOLAR, 40 - 50 A","UN",17.399999999999999]
[34653,"DISJUNTOR TERMOMAGNETICO PARA TRILHO DIN (IEC), MONOPOLAR, 6 - 32 A","UN",11.73]
[34688,"DISJUNTOR TERMOMAGNETICO PARA TRILHO DIN (IEC), MONOPOLAR, 63 A","UN",21.27]
[34709,"DISJUNTOR TERMOMAGNETICO PARA TRILHO DIN (IEC), TRIPOLAR, 10 - 50 A","UN",82.42]
[34714,"DISJUNTOR TERMOMAGNETICO PARA TRILHO DIN (IEC), TRIPOLAR, 63 A","UN",98.44]
[2391,"DISJUNTOR TERMOMAGNETICO TRIPOLAR 125 A / 425 V / ICC - 25 KA","UN",449.58]
[2374,"DISJUNTOR TERMOMAGNETICO TRIPOLAR 150 A / 600 V, TIPO FXD / ICC - 35 KA","UN",510.03]
[2377,"DISJUNTOR TERMOMAGNETICO TRIPOLAR 200 A / 600 V, TIPO FXD / ICC - 35 KA","UN",715.78]
[2393,"DISJUNTOR TERMOMAGNETICO TRIPOLAR 250 A / 600 V, TIPO FXD","UN",1198.67]
[34705,"DISJUNTOR TERMOMAGNETICO TRIPOLAR 3 X 250 A/ICC - 25 KA","UN",1048.4100000000001]
[34707,"DISJUNTOR TERMOMAGNETICO TRIPOLAR 3 X 350 A/ICC - 25 KA","UN",1942.72]
[34544,"DISJUNTOR TERMOMAGNETICO TRIPOLAR 3 X 400 A / ICC - 25 KA","UN",1942.52]
[2378,"DISJUNTOR TERMOMAGNETICO TRIPOLAR 300 A / 600 V, TIPO JXD / ICC - 40 KA","UN",1646.53]
[2379,"DISJUNTOR TERMOMAGNETICO TRIPOLAR 400 A / 600 V, TIPO JXD / ICC - 40 KA","UN",1646.53]
[2376,"DISJUNTOR TERMOMAGNETICO TRIPOLAR 600 A / 600 V, TIPO LXD / ICC - 40 KA","UN",2711.83]
[2394,"DISJUNTOR TERMOMAGNETICO TRIPOLAR 800 A / 600 V, TIPO LMXD","UN",5797.4]
[2388,"DISJUNTOR TIPO NEMA, BIPOLAR 10 ATE 50 A, TENSAO MAXIMA 415 V","UN",81.8]
[34606,"DISJUNTOR TIPO NEMA, BIPOLAR 60 ATE 100A, TENSAO MAXIMA 415 V","UN",125.48]
[2370,"DISJUNTOR TIPO NEMA, MONOPOLAR 10 ATE 30A, TENSAO MAXIMA DE 240 V","UN",15.2]
[2386,"DISJUNTOR TIPO NEMA, MONOPOLAR 35 ATE 50 A, TENSAO MAXIMA DE 240 V","UN",25.5]
[34689,"DISJUNTOR TIPO NEMA, MONOPOLAR DE 60 ATE 70A, TENSAO MAXIMA DE 240 V","UN",39.950000000000003]
[2392,"DISJUNTOR TIPO NEMA, TRIPOLAR 10 ATE 50A, TENSAO MAXIMA DE 415 V","UN",102.03]
[2373,"DISJUNTOR TIPO NEMA, TRIPOLAR 60 ATE 100 A, TENSAO MAXIMA DE 415 V","UN",143.76]
[39465,"DISPOSITIVO DPS CLASSE II, 1 POLO, TENSAO MAXIMA DE 175 V, CORRENTE MAXIMA DE *20* KA (TIPO AC)","UN",87.82]
[39466,"DISPOSITIVO DPS CLASSE II, 1 POLO, TENSAO MAXIMA DE 175 V, CORRENTE MAXIMA DE *30* KA (TIPO AC)","UN",98.8]
[39467,"DISPOSITIVO DPS CLASSE II, 1 POLO, TENSAO MAXIMA DE 175 V, CORRENTE MAXIMA DE *45* KA (TIPO AC)","UN",126.37]
[39468,"DISPOSITIVO DPS CLASSE II, 1 POLO, TENSAO MAXIMA DE 175 V, CORRENTE MAXIMA DE *90* KA (TIPO AC)","UN",224.63]
[39469,"DISPOSITIVO DPS CLASSE II, 1 POLO, TENSAO MAXIMA DE 275 V, CORRENTE MAXIMA DE *20* KA (TIPO AC)","UN",91.5]
[39470,"DISPOSITIVO DPS CLASSE II, 1 POLO, TENSAO MAXIMA DE 275 V, CORRENTE MAXIMA DE *30* KA (TIPO AC)","UN",112.42]
[39471,"DISPOSITIVO DPS CLASSE II, 1 POLO, TENSAO MAXIMA DE 275 V, CORRENTE MAXIMA DE *45* KA (TIPO AC)","UN",135.11000000000001]
[39472,"DISPOSITIVO DPS CLASSE II, 1 POLO, TENSAO MAXIMA DE 275 V, CORRENTE MAXIMA DE *90* KA (TIPO AC)","UN",234.75]
[39473,"DISPOSITIVO DPS CLASSE II, 1 POLO, TENSAO MAXIMA DE 385 V, CORRENTE MAXIMA DE *20* KA (TIPO AC)","UN",151.65]
[39474,"DISPOSITIVO DPS CLASSE II, 1 POLO, TENSAO MAXIMA DE 385 V, CORRENTE MAXIMA DE *30* KA (TIPO AC)","UN",161.66]
[39475,"DISPOSITIVO DPS CLASSE II, 1 POLO, TENSAO MAXIMA DE 385 V, CORRENTE MAXIMA DE *45* KA (TIPO AC)","UN",183.43]
[39476,"DISPOSITIVO DPS CLASSE II, 1 POLO, TENSAO MAXIMA DE 385 V, CORRENTE MAXIMA DE *90* KA (TIPO AC)","UN",345.29]
[39477,"DISPOSITIVO DPS CLASSE II, 1 POLO, TENSAO MAXIMA DE 460 V, CORRENTE MAXIMA DE *20* KA (TIPO AC)","UN",169.18]
[39478,"DISPOSITIVO DPS CLASSE II, 1 POLO, TENSAO MAXIMA DE 460 V, CORRENTE MAXIMA DE *30* KA (TIPO AC)","UN",174.42]
[39479,"DISPOSITIVO DPS CLASSE II, 1 POLO, TENSAO MAXIMA DE 460 V, CORRENTE MAXIMA DE *45* KA (TIPO AC)","UN",205.5]
[39480,"DISPOSITIVO DPS CLASSE II, 1 POLO, TENSAO MAXIMA DE 460 V, CORRENTE MAXIMA DE *90* KA (TIPO AC)","UN",424.04]
[39459,"DISPOSITIVO DR, 2 POLOS, SENSIBILIDADE DE 30 MA, CORRENTE DE 100 A, TIPO AC","UN",359.91]
[39445,"DISPOSITIVO DR, 2 POLOS, SENSIBILIDADE DE 30 MA, CORRENTE DE 25 A, TIPO AC","UN",180.71]
[39446,"DISPOSITIVO DR, 2 POLOS, SENSIBILIDADE DE 30 MA, CORRENTE DE 40 A, TIPO AC","UN",183.92]
[39447,"DISPOSITIVO DR, 2 POLOS, SENSIBILIDADE DE 30 MA, CORRENTE DE 63 A, TIPO AC","UN",196.68]
[39448,"DISPOSITIVO DR, 2 POLOS, SENSIBILIDADE DE 30 MA, CORRENTE DE 80 A, TIPO AC","UN",335.38]
[39450,"DISPOSITIVO DR, 2 POLOS, SENSIBILIDADE DE 300 MA, CORRENTE DE 25 A, TIPO AC","UN",204.62]
[39451,"DISPOSITIVO DR, 2 POLOS, SENSIBILIDADE DE 300 MA, CORRENTE DE 40 A, TIPO AC","UN",223.18]
[39452,"DISPOSITIVO DR, 2 POLOS, SENSIBILIDADE DE 300 MA, CORRENTE DE 63 A, TIPO AC","UN",224.52]
[39523,"DISPOSITIVO DR, 2 POLOS, SENSIBILIDADE DE 300 MA, CORRENTE DE 80 A, TIPO  AC","UN",375.72]
[39449,"DISPOSITIVO DR, 4 POLOS, SENSIBILIDADE DE 30 MA, CORRENTE DE 100 A, TIPO AC","UN",416.09]
[39455,"DISPOSITIVO DR, 4 POLOS, SENSIBILIDADE DE 30 MA, CORRENTE DE 25 A, TIPO AC","UN",205.89]
[39456,"DISPOSITIVO DR, 4 POLOS, SENSIBILIDADE DE 30 MA, CORRENTE DE 40 A, TIPO AC","UN",206.04]
[39457,"DISPOSITIVO DR, 4 POLOS, SENSIBILIDADE DE 30 MA, CORRENTE DE 63 A, TIPO AC","UN",224.62]
[39458,"DISPOSITIVO DR, 4 POLOS, SENSIBILIDADE DE 30 MA, CORRENTE DE 80 A, TIPO AC","UN",419.15]
[39464,"DISPOSITIVO DR, 4 POLOS, SENSIBILIDADE DE 300 MA, CORRENTE DE 100 A, TIPO AC","UN",674.03]
[39460,"DISPOSITIVO DR, 4 POLOS, SENSIBILIDADE DE 300 MA, CORRENTE DE 25 A, TIPO AC","UN",255.64]
[39461,"DISPOSITIVO DR, 4 POLOS, SENSIBILIDADE DE 300 MA, CORRENTE DE 40 A, TIPO AC","UN",299.55]
[39462,"DISPOSITIVO DR, 4 POLOS, SENSIBILIDADE DE 300 MA, CORRENTE DE 63 A, TIPO AC","UN",288.69]
[39463,"DISPOSITIVO DR, 4 POLOS, SENSIBILIDADE DE 300 MA, CORRENTE DE 80 A, TIPO AC","UN",668.8]
[26039,"DISTRIBUIDOR DE AGREGADOS AUTOPROPELIDO, CAP 3 M3, A DIESEL, 6 CC, 176 CV","UN"]
[2401,"DISTRIBUIDOR DE AGREGADOS REBOCAVEL, CAPACIDADE 1,9 M3, LARGURA DE TRABALHO 3,66 M","UN"]
[38870,"DISTRIBUIDOR METALICO, COM ROSCA, 2 SAIDAS, DN 1\" X 1/2\", PARA CONEXAO COM ANEL DESLIZANTE EM TUBO PEX PARA INST. AGUA QUENTE/FRIA","UN"]
[38869,"DISTRIBUIDOR METALICO, COM ROSCA, 2 SAIDAS, DN 3/4\" X 1/2\", PARA CONEXAO COM ANEL DESLIZANTE EM TUBO PEX PARA INST. AGUA QUENTE/FRIA","UN"]
[38872,"DISTRIBUIDOR METALICO, COM ROSCA, 3 SAIDAS, DN 1\" X 1/2\", PARA CONEXAO COM ANEL DESLIZANTE EM TUBO PEX PARA INST. AGUA QUENTE/FRIA","UN"]
[38871,"DISTRIBUIDOR METALICO, COM ROSCA, 3 SAIDAS, DN 3/4\" X 1/2\", PARA CONEXAO COM ANEL DESLIZANTE EM TUBO PEX PARA INST. AGUA QUENTE/FRIA","UN"]
[39283,"DISTRIBUIDOR, PLASTICO, 2 SAIDAS, DN 32 X 16 MM, PARA CONEXAO COM CRIMPAGEM, EM TUBO PEX PARA INST. AGUA QUENTE/FRIA","UN"]
[39285,"DISTRIBUIDOR, PLASTICO, 2 SAIDAS, DN 32 X 25 MM, PARA CONEXAO COM CRIMPAGEM, EM TUBO PEX PARA INST. AGUA QUENTE/FRIA","UN"]
[39286,"DISTRIBUIDOR, PLASTICO, 3 SAIDAS, DN 32 X 16 MM, PARA CONEXAO COM CRIMPAGEM, EM TUBO PEX PARA INST. AGUA QUENTE/FRIA","UN"]
[39288,"DISTRIBUIDOR, PLASTICO, 3 SAIDAS, DN 32 X 25 MM, PARA CONEXAO COM CRIMPAGEM, EM TUBO PEX PARA INST. AGUA QUENTE/FRIA","UN"]
[44476,"DIVISORIA EM GRANITO, COM DUAS FACES POLIDAS, TIPO ANDORINHA/ QUARTZ/ CASTELO/ CORUMBA OU OUTROS EQUIVALENTES DA REGIAO, E= *3,0* CM","M2",505.23]
[10629,"DIVISORIA EM MARMORE, COM DUAS FACES POLIDAS, BRANCO COMUM, E= *3,0* CM","M2",520.51]
[10698,"DIVISORIA, PLACA PRE-MOLDADA EM GRANILITE, MARMORITE OU GRANITINA, E = *3 CM","M2",208.52]
[40521,"DOBRADEIRA ELETROMECANICA DE VERGALHAO, PARA ACO DE DIAMETRO ATE 1 1/2\", MOTOR ELETRICO TRIFASICO, POTENCIA DE 3 HP ATE 5 HP","UN",96538.15]
[2432,"DOBRADICA EM ACO/FERRO, 3 1/2\" X 3\", E= 1,9 A 2 MM, COM ANEL, CROMADO OU ZINCADO, TAMPA BOLA, COM PARAFUSOS","UN",22.89]
[2418,"DOBRADICA EM ACO/FERRO, 3\" X 2 1/2\", E= 1,2 A 1,8 MM, SEM ANEL, CROMADO OU ZINCADO, TAMPA BOLA, COM PARAFUSOS","UN",10.62]
[2433,"DOBRADICA EM ACO/FERRO, 3\" X 2 1/2\", E= 1,2 A 1,8 MM, SEM ANEL, CROMADO OU ZINCADO, TAMPA CHATA, COM PARAFUSOS","UN",7.75]
[2420,"DOBRADICA EM ACO/FERRO, 3\" X 2 1/2\", E= 1,9 A 2 MM, SEM ANEL, CROMADO OU ZINCADO, TAMPA BOLA, COM PARAFUSOS","UN",13.32]
[11447,"DOBRADICA EM LATAO, 3\" X 2 1/2 \", E= 1,9 A 2 MM, COM ANEL, CROMADO, TAMPA BOLA, COM PARAFUSOS","UN",26.32]
[11451,"DOBRADICA TIPO VAI-E-VEM EM ACO/FERRO, TAMANHO 3\", GALVANIZADO, COM PARAFUSOS","UN",70.569999999999993]
[11116,"DOMOS / CLARABOIA INDIVIDUAL, EM ACRILICO BRANCO/LEITOSO, *95 X 95* CM, INCLUI ACESSORIOS DE FIXACAO, SEM INSTALACAO","UN",781.66]
[38411,"DOSADOR DE AREIA, CAPACIDADE DE *26* LITROS","UN",2120.0500000000002]
[38189,"DUCHA / CHUVEIRO METALICO, DE PAREDE, ARTICULAVEL, COM BRACO/CANO, SEM DESVIADOR","UN",179.44]
[38190,"DUCHA / CHUVEIRO METALICO, DE PAREDE, ARTICULAVEL, COM DESVIADOR E DUCHA MANUAL","UN",378.04]
[7608,"DUCHA / CHUVEIRO PLASTICO SIMPLES, 5\", BRANCO, PARA ACOPLAR EM HASTE 1/2\", AGUA FRIA","UN",10.99]
[1370,"DUCHA HIGIENICA PLASTICA COM REGISTRO METALICO 1/2\"","UN",116.16]
[36516,"DUMPER COM CAPACIDADE DE CARGA DE 1700 KG, PARTIDA ELETRICA, MOTOR DIESEL COM POTENCIA DE 16 CV","UN",153130.81]
[34777,"ELEMENTO VAZADO CERAMICO DIAGONAL (TIPO FLOR/QUADRADO/XIS) DE *7 X 18 X 25* CM (L X A X C)","UN",2.92]
[7272,"ELEMENTO VAZADO CERAMICO QUADRADO (TIPO RETO OU REDONDO) DE *7 A 9 X 20 X 20* CM (L X A X C)","UN",2.19]
[10605,"ELEMENTO VAZADO DE CONCRETO, QUADRICULADO, 1 FURO *10 X 10 X 10* CM","UN",5.65]
[10604,"ELEMENTO VAZADO DE CONCRETO, QUADRICULADO, 1 FURO *20 X 10 X 7* CM","UN",13.18]
[672,"ELEMENTO VAZADO DE CONCRETO, QUADRICULADO, 1 FURO *20 X 20 X 6,5* CM","UN",18.12]
[668,"ELEMENTO VAZADO DE CONCRETO, QUADRICULADO, 16 FUROS *29 X 29 X 6* CM","UN",21.88]
[10578,"ELEMENTO VAZADO DE CONCRETO, QUADRICULADO, 16 FUROS *33 X 33 X 10* CM","UN",25.48]
[666,"ELEMENTO VAZADO DE CONCRETO, QUADRICULADO, 16 FUROS *40 X 40 X 7* CM","UN",28.34]
[665,"ELEMENTO VAZADO DE CONCRETO, QUADRICULADO, 16 FUROS *50 X 50 X 7* CM","UN",37.9]
[10577,"ELEMENTO VAZADO DE CONCRETO, QUADRICULADO, 25 FUROS *50 X 50 X 5* CM","UN",33.61]
[10583,"ELEMENTO VAZADO DE CONCRETO, VENEZIANA *39 X 22 X 15* CM","UN",17.46]
[10579,"ELEMENTO VAZADO DE CONCRETO, VENEZIANA *39 X 29 X 10* CM","UN",30.44]
[10582,"ELEMENTO VAZADO DE CONCRETO, VENEZIANA *40 X 10 X 10* CM","UN",15.38]
[2436,"ELETRICISTA (HORISTA)","H",21.57]
[40918,"ELETRICISTA (MENSALISTA)","MES",3807.32]
[10998,"ELETRODO REVESTIDO AWS - E-6010, DIAMETRO IGUAL A 4,00 MM","KG",70.69]
[11002,"ELETRODO REVESTIDO AWS - E6013, DIAMETRO IGUAL A 2,50 MM","KG",64.760000000000005]
[10999,"ELETRODO REVESTIDO AWS - E6013, DIAMETRO IGUAL A 4,00 MM","KG",62.22]
[10997,"ELETRODO REVESTIDO AWS - E7018, DIAMETRO IGUAL A 4,00 MM","KG",67.44]
[2685,"ELETRODUTO DE PVC RIGIDO ROSCAVEL DE 1 \", SEM LUVA","M",8.91]
[2680,"ELETRODUTO DE PVC RIGIDO ROSCAVEL DE 1 1/2 \", SEM LUVA","M",13.04]
[2684,"ELETRODUTO DE PVC RIGIDO ROSCAVEL DE 1 1/4 \", SEM LUVA","M",11.86]
[2673,"ELETRODUTO DE PVC RIGIDO ROSCAVEL DE 1/2 \", SEM LUVA","M",4.58]
[2681,"ELETRODUTO DE PVC RIGIDO ROSCAVEL DE 2 \", SEM LUVA","M",21.31]
[2682,"ELETRODUTO DE PVC RIGIDO ROSCAVEL DE 2 1/2 \", SEM LUVA","M",31.09]
[2686,"ELETRODUTO DE PVC RIGIDO ROSCAVEL DE 3 \", SEM LUVA","M",38.99]
[2674,"ELETRODUTO DE PVC RIGIDO ROSCAVEL DE 3/4 \", SEM LUVA","M",5.7]
[2683,"ELETRODUTO DE PVC RIGIDO ROSCAVEL DE 4 \", SEM LUVA","M",61.44]
[2676,"ELETRODUTO DE PVC RIGIDO SOLDAVEL, CLASSE B, DE 20 MM","M",2.66]
[2678,"ELETRODUTO DE PVC RIGIDO SOLDAVEL, CLASSE B, DE 25 MM","M",3.33]
[2679,"ELETRODUTO DE PVC RIGIDO SOLDAVEL, CLASSE B, DE 32 MM","M",5.14]
[12070,"ELETRODUTO DE PVC RIGIDO SOLDAVEL, CLASSE B, DE 40 MM","M",7.16]
[2675,"ELETRODUTO DE PVC RIGIDO SOLDAVEL, CLASSE B, DE 50 MM","M",9.3000000000000007]
[12067,"ELETRODUTO DE PVC RIGIDO SOLDAVEL, CLASSE B, DE 60 MM","M",12.62]
[21128,"ELETRODUTO EM ACO GALVANIZADO ELETROLITICO, LEVE, DIAMETRO 3/4\", PAREDE DE 0,90 MM","M",12.33]
[40400,"ELETRODUTO FLEXIVEL PLANO EM PEAD, COR PRETA E LARANJA, DIAMETRO 25 MM","M",1.62]
[40401,"ELETRODUTO FLEXIVEL PLANO EM PEAD, COR PRETA E LARANJA, DIAMETRO 32 MM","M",2.39]
[40402,"ELETRODUTO FLEXIVEL PLANO EM PEAD, COR PRETA E LARANJA, DIAMETRO 40 MM","M",3.06]
[21137,"ELETRODUTO FLEXIVEL, EM FITA DE ACO GALVANIZADO, REVESTIDO COM PVC PRETO, DIAMETRO EXTERNO DE 15 MM, DN = 3/8\", TIPO SEALTUBO","M",12.62]
[2504,"ELETRODUTO FLEXIVEL, EM FITA DE ACO GALVANIZADO, REVESTIDO COM PVC PRETO, DIAMETRO EXTERNO DE 25 MM, DN = 3/4\", TIPO SEALTUBO","M",13.68]
[2501,"ELETRODUTO FLEXIVEL, EM FITA DE ACO GALVANIZADO, REVESTIDO COM PVC PRETO, DIAMETRO EXTERNO DE 32 MM, DN = 1\", TIPO SEALTUBO","M",17.940000000000001]
[2502,"ELETRODUTO FLEXIVEL, EM FITA DE ACO GALVANIZADO, REVESTIDO COM PVC PRETO, DIAMETRO EXTERNO DE 40 MM, DN = 1 1/4\", TIPO SEALTUBO","M",27.07]
[2503,"ELETRODUTO FLEXIVEL, EM FITA DE ACO GALVANIZADO, REVESTIDO COM PVC PRETO, DIAMETRO EXTERNO DE 50 MM, DN = 1 1/2\", TIPO SEALTUBO","M",34.840000000000003]
[2500,"ELETRODUTO FLEXIVEL, EM FITA DE ACO GALVANIZADO, REVESTIDO COM PVC PRETO, DIAMETRO EXTERNO DE 60 MM, DN = 2\", TIPO SEALTUBO","M",46.41]
[2505,"ELETRODUTO FLEXIVEL, EM FITA DE ACO GALVANIZADO, REVESTIDO COM PVC PRETO, DIAMETRO EXTERNO DE 75 MM, DN = 2 1/2\", TIPO SEALTUBO","M",72.319999999999993]
[12056,"ELETRODUTO FLEXIVEL, EM FITA DE ACO GALVANIZADO, SEM REVESTIMENTO, DIAMETRO NOMINAL 1 1/2\"","M",29.22]
[12057,"ELETRODUTO FLEXIVEL, EM FITA DE ACO GALVANIZADO, SEM REVESTIMENTO, DIAMETRO NOMINAL 1 1/4\"","M",24.82]
[12058,"ELETRODUTO FLEXIVEL, EM FITA DE ACO GALVANIZADO, SEM REVESTIMENTO, DIAMETRO NOMINAL 1\"","M",15.47]
[12059,"ELETRODUTO FLEXIVEL, EM FITA DE ACO GALVANIZADO, SEM REVESTIMENTO, DIAMETRO NOMINAL 1/2\"","M",8.7100000000000009]
[12060,"ELETRODUTO FLEXIVEL, EM FITA DE ACO GALVANIZADO, SEM REVESTIMENTO, DIAMETRO NOMINAL 2 1/2\"","M",64.489999999999995]
[12061,"ELETRODUTO FLEXIVEL, EM FITA DE ACO GALVANIZADO, SEM REVESTIMENTO, DIAMETRO NOMINAL 2\"","M",39.380000000000003]
[12062,"ELETRODUTO FLEXIVEL, EM FITA DE ACO GALVANIZADO, SEM REVESTIMENTO, DIAMETRO NOMINAL 3\"","M",72.62]
[2687,"ELETRODUTO PVC FLEXIVEL CORRUGADO, COR AMARELA, DE 16 MM","M",2.3199999999999998]
[2689,"ELETRODUTO PVC FLEXIVEL CORRUGADO, COR AMARELA, DE 20 MM","M",2.77]
[2688,"ELETRODUTO PVC FLEXIVEL CORRUGADO, COR AMARELA, DE 25 MM","M",3]
[2690,"ELETRODUTO PVC FLEXIVEL CORRUGADO, COR AMARELA, DE 32 MM","M",5.13]
[39243,"ELETRODUTO PVC FLEXIVEL CORRUGADO, REFORCADO, COR LARANJA, DE 20 MM, PARA LAJES E PISOS","M",3.38]
[39244,"ELETRODUTO PVC FLEXIVEL CORRUGADO, REFORCADO, COR LARANJA, DE 25 MM, PARA LAJES E PISOS","M",4.57]
[39245,"ELETRODUTO PVC FLEXIVEL CORRUGADO, REFORCADO, COR LARANJA, DE 32 MM, PARA LAJES E PISOS","M",8.7899999999999991]
[39255,"ELETRODUTO/CONDULETE DE PVC RIGIDO, LISO, COR CINZA, DE 1\", PARA INSTALACOES APARENTES (NBR 5410)","M",24.34]
[39254,"ELETRODUTO/CONDULETE DE PVC RIGIDO, LISO, COR CINZA, DE 1/2\", PARA INSTALACOES APARENTES (NBR 5410)","M",13.15]
[39253,"ELETRODUTO/CONDULETE DE PVC RIGIDO, LISO, COR CINZA, DE 3/4\", PARA INSTALACOES APARENTES (NBR 5410)","M",16.760000000000002]
[39246,"ELETRODUTO/DUTO PEAD FLEXIVEL PAREDE SIMPLES, CORRUGACAO HELICOIDAL, COR PRETA, SEM ROSCA, DE 1 1/2\", CRC 680 N, PARA CABEAMENTO SUBTERRANEO (NBR 15715)","M",4.1500000000000004]
[39247,"ELETRODUTO/DUTO PEAD FLEXIVEL PAREDE SIMPLES, CORRUGACAO HELICOIDAL, COR PRETA, SEM ROSCA, DE 1 1/4\", CRC 680 N, PARA CABEAMENTO SUBTERRANEO (NBR 15715)","M",3.62]
[2446,"ELETRODUTO/DUTO PEAD FLEXIVEL PAREDE SIMPLES, CORRUGACAO HELICOIDAL, COR PRETA, SEM ROSCA, DE 2\", CRC 680 N, PARA CABEAMENTO SUBTERRANEO (NBR 15715)","M",5.96]
[2442,"ELETRODUTO/DUTO PEAD FLEXIVEL PAREDE SIMPLES, CORRUGACAO HELICOIDAL, COR PRETA, SEM ROSCA, DE 3\", CRC 680 N, PARA CABEAMENTO SUBTERRANEO (NBR 15715)","M",8.35]
[39248,"ELETRODUTO/DUTO PEAD FLEXIVEL PAREDE SIMPLES, CORRUGACAO HELICOIDAL, COR PRETA, SEM ROSCA, DE 4\", CRC 680 N, PARA CABEAMENTO SUBTERRANEO (NBR 15715)","M",11.63]
[2438,"ELETROTECNICO (HORISTA)","H",33.700000000000003]
[40922,"ELETROTECNICO (MENSALISTA)","MES",5949.96]
[36486,"ELEVADOR DE CARGA A CABO, CABINE SEMI FECHADA 2,0 X 1,5 X 2,0 M, CAPACIDADE DE CARGA 1000 KG, TORRE 2,38 X 2,21 X 15 M, GUINCHO DE EMBREAGEM, FREIO DE SEGURANCA, LIMITADOR DE VELOCIDADE E CANCELA","UN"]
[37777,"ELEVADOR DE CREMALHEIRA CABINE FECHADA 1,5 X 2,5 X 2,35 M (UMA POR TORRE), CAPACIDADE DE CARGA 1200 KG (15 PESSOAS), TORRE 24 M (16 MODULOS), FREIO DE SEGURANCA, LIMITADOR DE CARGA","UN"]
[12624,"EMENDA PARA CALHA PLUVIAL, PVC, DIAMETRO ENTRE 119 E 170 MM, PARA DRENAGEM PLUVIAL PREDIAL","UN",31.88]
[517,"EMULSAO ASFALTICA ANIONICA","L",8.6999999999999993]
[37534,"EMULSAO EXPLOSIVA EM CARTUCHOS DE 1\" X 12\", DENSIDADE 1.15 G/CM3, INICIACAO ESPOLETA N. 8 / CORDEL","KG"]
[37535,"EMULSAO EXPLOSIVA EM CARTUCHOS DE 1\" X 24\", DENSIDADE 1.15 G/CM3, INICIACAO ESPOLETA N. 8 / CORDEL","KG"]
[37533,"EMULSAO EXPLOSIVA EM CARTUCHOS DE 1\" X 8\", DENSIDADE 1.15 G/CM3, INICIACAO ESPOLETA N. 8 / CORDEL","KG"]
[37537,"EMULSAO EXPLOSIVA EM CARTUCHOS DE 2 1/2\" X 24\", DENSIDADE 1.15 G/CM3, INICIACAO ESPOLETA N. 8 / CORDEL","KG"]
[37536,"EMULSAO EXPLOSIVA EM CARTUCHOS DE 2 1/4\" X 24\", DENSIDADE 1.15 G/CM3, INICIACAO ESPOLETA N. 8 / CORDEL","KG"]
[37532,"EMULSAO EXPLOSIVA EM CARTUCHOS DE 2\" X 24\", DENSIDADE 1.15 G/CM3, INICIACAO ESPOLETA N. 8 / CORDEL","KG"]
[2696,"ENCANADOR OU BOMBEIRO HIDRAULICO (HORISTA)","H",21.57]
[40928,"ENCANADOR OU BOMBEIRO HIDRAULICO (MENSALISTA)","MES",3807.32]
[4083,"ENCARREGADO GERAL DE OBRAS (HORISTA)","H",50.16]
[40818,"ENCARREGADO GERAL DE OBRAS (MENSALISTA)","MES",8852.9699999999993]
[43146,"ENDURECEDOR MINERAL DE BASE CIMENTICIA PARA PISO DE CONCRETO","KG",7.92]
[2705,"ENERGIA ELETRICA ATE 2000 KWH INDUSTRIAL, SEM DEMANDA","KWH",1]
[14250,"ENERGIA ELETRICA COMERCIAL, BAIXA TENSAO, RELATIVA AO CONSUMO DE ATE 100 KWH, INCLUINDO ICMS, PIS/PASEP E COFINS","KWH",1.02]
[11683,"ENGATE / RABICHO FLEXIVEL INOX 1/2\" X 30 CM","UN",55.92]
[11684,"ENGATE / RABICHO FLEXIVEL INOX 1/2\" X 40 CM","UN",61.21]
[6141,"ENGATE/RABICHO FLEXIVEL PLASTICO (PVC OU ABS) BRANCO 1/2\" X 30 CM","UN",5.87]
[11681,"ENGATE/RABICHO FLEXIVEL PLASTICO (PVC OU ABS) BRANCO 1/2\" X 40 CM","UN",7.41]
[2706,"ENGENHEIRO CIVIL DE OBRA JUNIOR (HORISTA)","H",113.68]
[40811,"ENGENHEIRO CIVIL DE OBRA JUNIOR (MENSALISTA)","MES",20062.87]
[2707,"ENGENHEIRO CIVIL DE OBRA PLENO (HORISTA)","H",117.59]
[40813,"ENGENHEIRO CIVIL DE OBRA PLENO (MENSALISTA)","MES",20754.240000000002]
[2708,"ENGENHEIRO CIVIL DE OBRA SENIOR (HORISTA)","H",147.09]
[40814,"ENGENHEIRO CIVIL DE OBRA SENIOR (MENSALISTA)","MES",25963.45]
[38403,"ENXADA ESTREITA, EM ACO, *25 X 23* CM, COM CABO DE MADEIRA DE *150* CM","UN",58.69]
[43482,"EPI - FAMILIA ALMOXARIFE - HORISTA (ENCARGOS COMPLEMENTARES - COLETADO CAIXA)","H",0.81]
[43494,"EPI - FAMILIA ALMOXARIFE - MENSALISTA (ENCARGOS COMPLEMENTARES - COLETADO CAIXA)","MES",153.54]
[43483,"EPI - FAMILIA CARPINTEIRO DE FORMAS - HORISTA (ENCARGOS COMPLEMENTARES - COLETADO CAIXA)","H",1.43]
[43495,"EPI - FAMILIA CARPINTEIRO DE FORMAS - MENSALISTA (ENCARGOS COMPLEMENTARES - COLETADO CAIXA)","MES",270.51]
[43484,"EPI - FAMILIA ELETRICISTA - HORISTA (ENCARGOS COMPLEMENTARES - COLETADO CAIXA)","H",1.26]
[43496,"EPI - FAMILIA ELETRICISTA - MENSALISTA (ENCARGOS COMPLEMENTARES - COLETADO CAIXA)","MES",238.02]
[43485,"EPI - FAMILIA ENCANADOR - HORISTA (ENCARGOS COMPLEMENTARES - COLETADO CAIXA)","H",1.1299999999999999]
[43497,"EPI - FAMILIA ENCANADOR - MENSALISTA (ENCARGOS COMPLEMENTARES - COLETADO CAIXA)","MES",212.45]
[43487,"EPI - FAMILIA ENCARREGADO GERAL - HORISTA (ENCARGOS COMPLEMENTARES - COLETADO CAIXA)","H",1.28]
[43499,"EPI - FAMILIA ENCARREGADO GERAL - MENSALISTA (ENCARGOS COMPLEMENTARES - COLETADO CAIXA)","MES",241.99]
[43486,"EPI - FAMILIA ENGENHEIRO CIVIL - HORISTA (ENCARGOS COMPLEMENTARES - COLETADO CAIXA)","H",0.77]
[43498,"EPI - FAMILIA ENGENHEIRO CIVIL - MENSALISTA (ENCARGOS COMPLEMENTARES - COLETADO CAIXA)","MES",146]
[43488,"EPI - FAMILIA OPERADOR ESCAVADEIRA - HORISTA (ENCARGOS COMPLEMENTARES - COLETADO CAIXA)","H",0.89]
[43500,"EPI - FAMILIA OPERADOR ESCAVADEIRA - MENSALISTA (ENCARGOS COMPLEMENTARES - COLETADO CAIXA)","MES",167.95]
[43489,"EPI - FAMILIA PEDREIRO - HORISTA (ENCARGOS COMPLEMENTARES - COLETADO CAIXA)","H",1.31]
[43501,"EPI - FAMILIA PEDREIRO - MENSALISTA (ENCARGOS COMPLEMENTARES - COLETADO CAIXA)","MES",247.11]
[43490,"EPI - FAMILIA PINTOR - HORISTA (ENCARGOS COMPLEMENTARES - COLETADO CAIXA)","H",1.85]
[43502,"EPI - FAMILIA PINTOR - MENSALISTA (ENCARGOS COMPLEMENTARES - COLETADO CAIXA)","MES",348.39]
[43491,"EPI - FAMILIA SERVENTE - HORISTA (ENCARGOS COMPLEMENTARES - COLETADO CAIXA)","H",1.39]
[43503,"EPI - FAMILIA SERVENTE - MENSALISTA (ENCARGOS COMPLEMENTARES - COLETADO CAIXA)","MES",261.93]
[43492,"EPI - FAMILIA SOLDADOR - HORISTA (ENCARGOS COMPLEMENTARES - COLETADO CAIXA)","H",1.82]
[43504,"EPI - FAMILIA SOLDADOR - MENSALISTA (ENCARGOS COMPLEMENTARES - COLETADO CAIXA)","MES",342.83]
[43493,"EPI - FAMILIA TOPOGRAFO - HORISTA (ENCARGOS COMPLEMENTARES - COLETADO CAIXA)","H",0.74]
[43505,"EPI - FAMILIA TOPOGRAFO - MENSALISTA (ENCARGOS COMPLEMENTARES - COLETADO CAIXA)","MES",138.97999999999999]
[37774,"EQUIPAMENTO DE LIMPEZA COMBINADO (VACUO/ALTA PRESSAO) 95% VACUO, TANQUE 7000 L, BOMBA 140 KGF/CM2 66 L/MIN COM MOTOR INDEPENDENTE A DIESEL DE 60 CV (INCLUI MONTAGEM, NAO INCLUI CAMINHAO)","UN"]
[38629,"EQUIPAMENTO P/ DEMARCACAO DE FAIXAS DE TRAFEGO A QUENTE, A SER MONTADO SOBRE CAMINHAO DE PBT MIN. DE 17 T, DIST. MIN. ENTRE EIXOS 5,2 M, CAPACIDADE PARA 1.000 KG DE MATERIAL TERMOPLASTICO (INCLUI MONTAGEM, NAO INCLUI CAMINHAO, NEM COMPRESSOR DE AR)","UN",2955468.75]
[38630,"EQUIPAMENTO PARA DEMARCACAO DE FAIXAS DE TRAFEGO A FRIO, A SER MONTADO SOBRE CAMINHAO DE PBT MINIMO DE 9 T E DISTANCIA MINIMA ENTRE EIXOS DE 4,3 M, CAPACIDADE PARA 800 L DE TINTA (INCLUI MONTAGEM, NAO INCLUI CAMINHAO)","UN",1985468.75]
[38476,"ESCADA DUPLA DE ABRIR EM ALUMINIO, COM SAPATAS DE BORRACHA, *2,30* X *0,57* M (ALTURA UTIL X LARGURA MINIMA), MODELO PINTOR, 8 DEGRAUS, CAPACIDADE *100* KG","UN",441.07]
[38477,"ESCADA EXTENSIVEL EM ALUMINIO, COM SAPATAS DE BORRACHA, ALTURA FECHADA 3,60 M, ALTURA ESTENDIDA DE 6,0 A 6,30 M, LARGURA MINIMA DE 35 CM, CACIDADE *120* KG","UN",1249.1099999999999]
[45112,"ESCAVADEIRA HIDRAULICA DE BRACO LONGO (LONGO ALCANCE) SOBRE ESTEIRAS, CACAMBA 0,52 M3, PESO OPERACIONAL 24 T, POTENCIA LIQUIDA 155 HP","UN",1029643.86]
[14525,"ESCAVADEIRA HIDRAULICA SOBRE ESTEIRAS COM CACAMBA DE 1,20 M3, PESO OPERACIONAL 21 T, POTENCIA BRUTA 155 HP","UN",895177.2]
[36408,"ESCAVADEIRA HIDRAULICA SOBRE ESTEIRAS, CACAMBA 0,4 A 1,70 M3, PESO OPERACIONAL 23,2 T, POTENCIA BRUTA 183 HP","UN",1092838.45]
[2723,"ESCAVADEIRA HIDRAULICA SOBRE ESTEIRAS, CACAMBA 0,62M3, PESO OPERACIONAL 12,61T, POTENCIA LIQUIDA 95HP","UN",665205.97]
[10685,"ESCAVADEIRA HIDRAULICA SOBRE ESTEIRAS, CACAMBA 0,80M3, PESO OPERACIONAL 17T, POTENCIA BRUTA 111HP","UN",791120]
[40636,"ESCAVADEIRA HIDRAULICA SOBRE ESTEIRAS, CAPACIDADE DA CACAMBA ENTRE 1,20 E 1,50 M3, PESO OPERACIONAL ENTRE 20,00 E 22,00 TON, POTENCIA LIQUIDA ENTRE 150 E 155 HP, EQUIPADA COM CLAMSHELL","UN",1095502.3899999999]
[4111,"ESCORA PRE-MOLDADA EM CONCRETO, *10 X 10* CM, H = 2,30M","UN",79.8]
[44538,"ESCOVA CIRCULAR EM ACO LATONADO, 6 X 1\" (DIAMETRO X ESPESSURA), FURO DE 1 1/4 \", FIO ONDULADO *0,30* MM","UN",47.92]
[12,"ESCOVA DE ACO, COM CABO, *4 X 15* FILEIRAS DE CERDAS","UN",14.4]
[37554,"ESGUICHO JATO REGULAVEL, TIPO ELKHART, ENGATE RAPIDO 1 1/2\", PARA COMBATE A INCENDIO","UN",170.28]
[37555,"ESGUICHO JATO REGULAVEL, TIPO ELKHART, ENGATE RAPIDO 2 1/2\", PARA COMBATE A INCENDIO","UN",207.14]
[10902,"ESGUICHO TIPO JATO SOLIDO, EM LATAO, ENGATE RAPIDO 1 1/2\" X 13 MM, PARA MANGUEIRA EM INSTALACAO PREDIAL COMBATE A INCENDIO","UN",51.97]
[20965,"ESGUICHO TIPO JATO SOLIDO, EM LATAO, ENGATE RAPIDO 1 1/2\" X 16 MM, PARA MANGUEIRA EM INSTALACAO PREDIAL COMBATE A INCENDIO","UN",52.46]
[20966,"ESGUICHO TIPO JATO SOLIDO, EM LATAO, ENGATE RAPIDO 1 1/2\" X 19 MM, PARA MANGUEIRA EM INSTALACAO PREDIAL COMBATE A INCENDIO","UN",56.48]
[10903,"ESGUICHO TIPO JATO SOLIDO, EM LATAO, ENGATE RAPIDO 2 1/2\" X 13 MM, PARA MANGUEIRA EM INSTALACAO PREDIAL COMBATE A INCENDIO","UN",85.61]
[20967,"ESGUICHO TIPO JATO SOLIDO, EM LATAO, ENGATE RAPIDO 2 1/2\" X 16 MM, PARA MANGUEIRA EM INSTALACAO PREDIAL COMBATE A INCENDIO","UN",85.61]
[20968,"ESGUICHO TIPO JATO SOLIDO, EM LATAO, ENGATE RAPIDO 2 1/2\" X 19 MM, PARA MANGUEIRA EM INSTALACAO PREDIAL COMBATE A INCENDIO","UN",93.9]
[11359,"ESMERILHADEIRA ANGULAR ELETRICA, DIAMETRO DO DISCO 7\" (180 MM), ROTACAO 8500 RPM, POTENCIA 2400 W","UN",799.78]
[39017,"ESPACADOR / DISTANCIADOR CIRCULAR COM ENTRADA LATERAL, EM PLASTICO, PARA VERGALHAO *4,2 A 12,5* MM, COBRIMENTO 20 MM","UN",0.21]
[39315,"ESPACADOR / DISTANCIADOR TIPO GARRA DUPLA, EM PLASTICO, COBRIMENTO *20* MM, PARA FERRAGENS DE LAJES E FUNDO DE VIGAS","UN",0.35]
[39016,"ESPACADOR / DISTANCIADOR TIPO PINO EM PLASTICO, PARA VERGALHAO ATE 10 MM, PARA APOIO DE ARMADURA","UN",0.35]
[39481,"ESPACADOR OU DISTANCIADOR, EM PLASTICO, TIPO APOIO DE CORDOALHA (CARANGUEJO), PARA ARMADURA NEGATIVA E PROTENSAO, COBRIMENTO 50 MM","UN",1.7]
[39013,"ESPACADOR/SEPARADOR /CENTRALIZADOR DE BARRA DE ACO, PLASTICO, (CHUMBADOR TIPO CARAMBOLA - CB), DIAMETRO INTERNO ATE 20 MM","UN",1.45]
[44919,"ESPACADOR/SEPARADOR /CENTRALIZADOR DE BARRA DE ACO, PLASTICO, (CHUMBADOR TIPO CARAMBOLA - CB), DIAMETRO INTERNO ENTRE 25 A 32 MM","UN",2.71]
[40433,"ESPACADOR/SEPARADOR DE CORDOALHA TIPO DISCO 12 FUROS DE 14 MM, PARA TIRANTES","UN",1.5]
[20219,"ESPARGIDOR DE ASFALTO PRESSURIZADO, REBOCAVEL, TANQUE DE 2500 L, PNEUMATICO, COM MOTOR A GASOLINA 3,4HP","UN"]
[36484,"ESPARGIDOR DE ASFALTO PRESSURIZADO, TANQUE 6 M3 COM ISOLACAO TERMICA, AQUECIDO COM 2 MACARICOS, COM BARRA ESPARGIDORA 3,60 M, A SER MONTADO SOBRE CAMINHAO","UN"]
[38368,"ESPATULA DE PLASTICO LISA, LARGURA *10* CM","UN",11.08]
[38367,"ESPATULA EM ACO INOX COM CABO DE MADEIRA E LARGURA DE *8* CM","UN",23.7]
[38091,"ESPELHO / PLACA CEGA 4\" X 2\", PARA INSTALACAO DE TOMADAS E INTERRUPTORES","UN",2.2400000000000002]
[38095,"ESPELHO / PLACA CEGA 4\" X 4\", PARA INSTALACAO DE TOMADAS E INTERRUPTORES","UN",4.74]
[38092,"ESPELHO / PLACA DE 1 POSTO 4\" X 2\", PARA INSTALACAO DE TOMADAS E INTERRUPTORES","UN",2.12]
[38093,"ESPELHO / PLACA DE 2 POSTOS 4\" X 2\", PARA INSTALACAO DE TOMADAS E INTERRUPTORES","UN",2.2000000000000002]
[38096,"ESPELHO / PLACA DE 2 POSTOS 4\" X 4\", PARA INSTALACAO DE TOMADAS E INTERRUPTORES","UN",5.0999999999999996]
[38094,"ESPELHO / PLACA DE 3 POSTOS 4\" X 2\", PARA INSTALACAO DE TOMADAS E INTERRUPTORES","UN",2.69]
[38097,"ESPELHO / PLACA DE 4 POSTOS 4\" X 4\", PARA INSTALACAO DE TOMADAS E INTERRUPTORES","UN",5.47]
[38098,"ESPELHO / PLACA DE 6 POSTOS 4\" X 4\", PARA INSTALACAO DE TOMADAS E INTERRUPTORES","UN",5.47]
[11186,"ESPELHO CRISTAL E = 4 MM","M2",285.23]
[11558,"ESPELHO, RETO OU CURVO, EM LATAO CROMADO, ESPESSURA ATE 6 MM, LARGURA *40*MM, ALTURA *180*MM - PARA FECHADURA DE EMBUTIR","PAR",14.84]
[11557,"ESPELHO, RETO OU CURVO, EM LATAO CROMADO, ESPESSURA MINIMA 6 MM, LARGURA *43*MM, ALTURA *230*MM - PARA FECHADURA DE EMBUTIR","PAR",37.56]
[2759,"ESPOLETA SIMPLES N 8.","UN"]
[38124,"ESPUMA EXPANSIVA DE POLIURETANO, APLICACAO MANUAL - 500 ML","UN",28.48]
[38380,"ESQUADRO DE ACO 12\" (300 MM), CABO DE ALUMINIO","UN",37.65]
[42429,"ESQUI TRIPLO, EM TUBO DE ACO CARBONO, PINTURA NO PROCESSO ELETROSTATICO - EQUIPAMENTO DE GINASTICA PARA ACADEMIA AO AR LIVRE / ACADEMIA DA TERCEIRA IDADE - ATI","UN"]
[39616,"ESTABILIZADOR BIVOLT AUTOMATICO, 1000 VA","UN",455.37]
[39618,"ESTABILIZADOR BIVOLT AUTOMATICO, 1500 VA","UN",825.96]
[39619,"ESTABILIZADOR BIVOLT AUTOMATICO, 2000 VA","UN",1131.23]
[39613,"ESTABILIZADOR BIVOLT AUTOMATICO, 300 VA","UN",180.88]
[39614,"ESTABILIZADOR BIVOLT AUTOMATICO, 500 VA","UN",263.89]
[38538,"ESTACA PRE-MOLDADA MACICA DE CONCRETO VIBRADO ARMADO, PARA CARGA DE 25 T, SECAO QUADRADA DE *16 X 16*, COM ANEL METALICO INCORPORADO A PECA (SOMENTE FORNECIMENTO)","M"]
[38539,"ESTACA PRE-MOLDADA MACICA DE CONCRETO VIBRADO ARMADO, PARA CARGA DE 50 T, SECAO QUADRADA, COM ANEL METALICO INCORPORADO A PECA (SOMENTE FORNECIMENTO)","M"]
[38540,"ESTACA PRE-MOLDADA VAZADA DE CONCRETO CENTRIFUGADO, PARA CARGA DE 100 T, SECAO CIRCULAR, COM ANEL METALICO INCORPORADO A PECA (SOMENTE FORNECIMENTO)","M"]
[38384,"ESTILETE DE METAL, LAMINA 18 MM","UN",28.72]
[13,"ESTOPA","KG",22.17]
[2762,"ESTOPIM SIMPLES","M"]
[21142,"ESTRIBO COM PARAFUSO EM CHAPA DE FERRO FUNDIDO DE 2\" X 3/16\" X 35 CM, SECAO \"U\", PARA MADEIRAMENTO DE TELHADO","UN",43.6]
[4223,"ETANOL","L",4.42]
[37372,"EXAMES - HORISTA (COLETADO CAIXA - ENCARGOS COMPLEMENTARES)","H",1.43]
[40863,"EXAMES - MENSALISTA (COLETADO CAIXA - ENCARGOS COMPLEMENTARES)","MES",270.51]
[38475,"EXTENSAO DE SOLDA 201 ACETILENO, E = *1,5 A 2,5* MM","UN",24.5]
[38474,"EXTENSAO DE SOLDA 201 GLP, E = *2,5 A 4,0* MM","UN",30.29]
[10886,"EXTINTOR DE INCENDIO PORTATIL COM CARGA DE AGUA PRESSURIZADA DE 10 L, CLASSE A","UN",151.37]
[10888,"EXTINTOR DE INCENDIO PORTATIL COM CARGA DE GAS CARBONICO CO2 DE 4 KG, CLASSE BC","UN",479.07]
[10889,"EXTINTOR DE INCENDIO PORTATIL COM CARGA DE GAS CARBONICO CO2 DE 6 KG, CLASSE BC","UN",519]
[10890,"EXTINTOR DE INCENDIO PORTATIL COM CARGA DE PO QUIMICO SECO (PQS) DE 12 KG, CLASSE BC","UN",239.53]
[10891,"EXTINTOR DE INCENDIO PORTATIL COM CARGA DE PO QUIMICO SECO (PQS) DE 4 KG, CLASSE BC","UN",146.38]
[10892,"EXTINTOR DE INCENDIO PORTATIL COM CARGA DE PO QUIMICO SECO (PQS) DE 6 KG, CLASSE BC","UN",173]
[20977,"EXTINTOR DE INCENDIO PORTATIL COM CARGA DE PO QUIMICO SECO (PQS) DE 8 KG, CLASSE BC","UN",206.26]
[3073,"EXTREMIDADE PVC PBA, BF, JE, DN 100/ DE 110 MM","UN",210.53]
[3074,"EXTREMIDADE PVC PBA, BF, JE, DN 75/ DE 85 MM","UN",132.91]
[3076,"EXTREMIDADE PVC PBA, PF, JE, DN 100 / DE 110 MM","UN",173.08]
[3075,"EXTREMIDADE PVC PBA, PF, JE, DN 75 / DE 85 MM","UN",109.38]
[10781,"EXTREMIDADE/TUBETE PARA HIDROMETRO PVC, COM ROSCA, CURTA, COM BUCHA LATAO, 3/4\" OU 1/2\"","UN",14.83]
[11480,"FECHADURA AUXILIAR DE SEGURANCA PARA PORTA EXTERNA, EM ACO INOX, BROCA DE 45 A 55 MM, LINGUETA COM 3 AVANCOS, INCLUINDO 2 CHAVES TIPO CILINDRO","CJ",117.35]
[43612,"FECHADURA BICO DE PAPAGAIO PARA PORTA DE CORRER EXTERNA, EM ACO INOX COM ACABAMENTO CROMADO, MAQUINA COM 45 MM, INCLUINDO CHAVE TIPO CILINDRO","CJ",92.37]
[43613,"FECHADURA BICO DE PAPAGAIO PARA PORTA DE CORRER INTERNA, EM ACO INOX COM ACABAMENTO CROMADO, MAQUINA COM 45 MM, INCLUINDO CHAVE TIPO BIPARTIDA","CJ",76.47]
[11469,"FECHADURA DE EMBUTIR PARA GAVETA E MOVEIS DE MADEIRA, EM ACO INOX COM ACABAMENTO CROMADO, COM ABAS LATERAIS, CILINDRO COM 22 MM DE DIAMETRO, INCLUINDO CHAVE COM PERFIL METALICO E CAPA ESCAMOTEAVEL","UN",12.53]
[11468,"FECHADURA DE SOBREPOR PARA GAVETAS E ARMARIOS, EM ACO INOX COM ACABAMENTO CROMADO, COM CILINDRO DE APROX 20 MM","UN",12.53]
[11484,"FECHADURA DE SOBREPOR PARA PORTAO, EM ACO INOX COM ACABAMENTO CROMADO, CAIXA DE 100 MM, INCLUINDO CHAVE TIPO CILINDRO","UN",55.06]
[38155,"FECHADURA DE SOBREPOR PARA PORTAO, EM ACO INOX COM ACABAMENTO CROMADO, CAIXA DE 100 MM, INCLUINDO CHAVE TIPO TETRA","UN",85.48]
[11467,"FECHADURA DE SOBREPOR TIPO CAIXAO, EM FERRO COM ACABAMENTO RESINADO, SEM MACANETA, SEM CILINDRO, INCLUINDO CHAVE TIPO SIMPLES","UN",19.53]
[38153,"FECHADURA ESPELHO PARA PORTA DE BANHEIRO, EM ACO INOX (MAQUINA, TESTA E CONTRA-TESTA) E EM ZAMAC (MACANETA, LINGUETA E TRINCOS) COM ACABAMENTO CROMADO, MAQUINA DE 40 MM, INCLUINDO CHAVE TIPO TRANQUETA","CJ",49.89]
[43607,"FECHADURA ESPELHO PARA PORTA DE BANHEIRO, EM ACO INOX (MAQUINA, TESTA E CONTRA-TESTA) E EM ZAMAC (MACANETA, LINGUETA E TRINCOS) COM ACABAMENTO CROMADO, MAQUINA DE 55 MM, INCLUINDO CHAVE TIPO TRANQUETA (CONJUNTO DE FECHADURAS)","CJ",94.37]
[3080,"FECHADURA ESPELHO PARA PORTA EXTERNA, EM ACO INOX (MAQUINA, TESTA E CONTRA-TESTA) E EM ZAMAC (MACANETA, LINGUETA E TRINCOS) COM ACABAMENTO CROMADO, MAQUINA DE 40 MM, INCLUINDO CHAVE TIPO CILINDRO","CJ",63.45]
[3081,"FECHADURA ESPELHO PARA PORTA EXTERNA, EM ACO INOX (MAQUINA, TESTA E CONTRA-TESTA) E EM ZAMAC (MACANETA, LINGUETA E TRINCOS) COM ACABAMENTO CROMADO, MAQUINA DE 55 MM, INCLUINDO CHAVE TIPO CILINDRO","CJ",125.53]
[3090,"FECHADURA ESPELHO PARA PORTA INTERNA, EM ACO INOX (MAQUINA, TESTA E CONTRA-TESTA) E EM ZAMAC (MACANETA, LINGUETA E TRINCOS) COM ACABAMENTO CROMADO, MAQUINA DE 40 MM, INCLUINDO CHAVE TIPO INTERNA","CJ",56.63]
[43611,"FECHADURA ESPELHO PARA PORTA INTERNA, EM ACO INOX (MAQUINA, TESTA E CONTRA-TESTA) E EM ZAMAC (MACANETA, LINGUETA E TRINCOS) COM ACABAMENTO CROMADO, MAQUINA DE 55 MM, INCLUINDO CHAVE TIPO INTERNA","CJ",93.97]
[3103,"FECHADURA PARA PORTA PIVOTANTE DE VIDRO TEMPERADO, EM ACO INOX COM ACABAMENTO CROMADO, RECORTE PADRAO SANTA MARINA, COM CILINDRO EM LATAO, INCLUINDO CHAVE TIPO CILINDRO","UN",46.95]
[3097,"FECHADURA ROSETA REDONDA PARA PORTA DE BANHEIRO, EM ACO INOX (MAQUINA, TESTA E CONTRA-TESTA) E EM ZAMAC (MACANETA, LINGUETA E TRINCOS) COM ACABAMENTO CROMADO, MAQUINA DE 40 MM, INCLUINDO CHAVE TIPO TRANQUETA","CJ",71.040000000000006]
[3099,"FECHADURA ROSETA REDONDA PARA PORTA DE BANHEIRO, EM ACO INOX (MAQUINA, TESTA E CONTRA-TESTA) E EM ZAMAC (MACANETA, LINGUETA E TRINCOS) COM ACABAMENTO CROMADO, MAQUINA DE 55 MM, INCLUINDO CHAVE TIPO TRANQUETA","CJ",113.75]
[38151,"FECHADURA ROSETA REDONDA PARA PORTA EXTERNA, EM ACO INOX (MAQUINA, TESTA E CONTRA-TESTA) E EM ZAMAC (MACANETA, LINGUETA E TRINCOS) COM ACABAMENTO CROMADO, MAQUINA DE 40 MM, INCLUINDO CHAVE TIPO CILINDRO","CJ",82.46]
[38152,"FECHADURA ROSETA REDONDA PARA PORTA EXTERNA, EM ACO INOX (MAQUINA, TESTA E CONTRA-TESTA) E EM ZAMAC (MACANETA, LINGUETA E TRINCOS) COM ACABAMENTO CROMADO, MAQUINA DE 55 MM, INCLUINDO CHAVE TIPO CILINDRO","CJ",133.03]
[43610,"FECHADURA ROSETA REDONDA PARA PORTA INTERNA, EM ACO INOX (MAQUINA, TESTA E CONTRA-TESTA) E EM ZAMAC (MACANETA, LINGUETA E TRINCOS) COM ACABAMENTO CROMADO, MAQUINA DE 40 MM, INCLUINDO CHAVE TIPO INTERNA (CONJUNTO DE FECHADURAS)","CJ",70.489999999999995]
[3093,"FECHADURA ROSETA REDONDA PARA PORTA INTERNA, EM ACO INOX (MAQUINA, TESTA E CONTRA-TESTA) E EM ZAMAC (MACANETA, LINGUETA E TRINCOS) COM ACABAMENTO CROMADO, MAQUINA DE 55 MM, INCLUINDO CHAVE TIPO INTERNA","CJ",113.75]
[38165,"FECHO / FECHADURA COM PUXADOR CONCHA, COM TRANCA TIPO TRAVA, PARA JANELA / PORTA DE CORRER (INCLUI TESTA, FECHADURA, PUXADOR) - COMPLETA","CJ",71.38]
[38177,"FECHO / TRINCO TIPO AVIAO, EM ZAMAC CROMADO, *60* MM, PARA JANELAS - INCLUI PARAFUSOS","UN",21.21]
[11458,"FECHO DE SEGURANCA, TIPO BATOM, EM LATAO / ZAMAC, CROMADO, PARA PORTAS E JANELAS - INCLUI PARAFUSOS","UN",25.32]
[3108,"FECHO QUEBRA UNHA, EM LATAO COM ACABAMENTO CROMADO, DE EMBUTIR, COM COMANDO ALAVANCA, ALTURA DE DE 22 CM, LARGURA MINIMA DE 1,90 CM E ESPESSURA MINIMA DE 1,90 MM, PARA PORTAS E JANELAS (INCLUI PARAFUSOS)","UN",107.65]
[3105,"FECHO QUEBRA UNHA, EM LATAO COM ACABAMENTO CROMADO, DE EMBUTIR, COM COMANDO ALAVANCA, ALTURA DE DE 40 CM, LARGURA MINIMA DE 1,90 CM E ESPESSURA MINIMA DE 1,90 MM, PARA PORTAS E JANELAS (INCLUI PARAFUSOS)","UN",140.80000000000001]
[38178,"FECHO QUEBRA UNHA, EM LATAO COM ACABAMENTO CROMADO, DE EMBUTIR, COM COMANDO DESLIZANTE, ALTURA DE 12 CM, LARGURA MINIMA DE 1,90 CM E ESPESSURA MINIMA DE 1,90 MM","UN",23.34]
[43575,"FECHO QUEBRA UNHA, EM LATAO COM ACABAMENTO CROMADO, DE EMBUTIR, COM COMANDO DESLIZANTE, ALTURA DE 22 CM, LARGURA MINIMA DE 1,90 CM E ESPESSURA MINIMA DE 1,90 MM","UN",50.57]
[43577,"FECHO QUEBRA UNHA, EM LATAO COM ACABAMENTO CROMADO, DE EMBUTIR, COM COMANDO DESLIZANTE, ALTURA DE 40 CM, LARGURA MINIMA DE 1,90 CM E ESPESSURA MINIMA DE 1,90 MM","UN",87.92]
[43458,"FERRAMENTAS - FAMILIA ALMOXARIFE - HORISTA (ENCARGOS COMPLEMENTARES - COLETADO CAIXA)","H",0.06]
[43470,"FERRAMENTAS - FAMILIA ALMOXARIFE - MENSALISTA (ENCARGOS COMPLEMENTARES - COLETADO CAIXA)","MES",11.14]
[43459,"FERRAMENTAS - FAMILIA CARPINTEIRO DE FORMAS - HORISTA (ENCARGOS COMPLEMENTARES - COLETADO CAIXA)","H",0.44]
[43471,"FERRAMENTAS - FAMILIA CARPINTEIRO DE FORMAS - MENSALISTA (ENCARGOS COMPLEMENTARES - COLETADO CAIXA)","MES",82.31]
[43460,"FERRAMENTAS - FAMILIA ELETRICISTA - HORISTA (ENCARGOS COMPLEMENTARES - COLETADO CAIXA)","H",0.86]
[43472,"FERRAMENTAS - FAMILIA ELETRICISTA - MENSALISTA (ENCARGOS COMPLEMENTARES - COLETADO CAIXA)","MES",161.72999999999999]
[43461,"FERRAMENTAS - FAMILIA ENCANADOR - HORISTA (ENCARGOS COMPLEMENTARES - COLETADO CAIXA)","H",0.31]
[43473,"FERRAMENTAS - FAMILIA ENCANADOR - MENSALISTA (ENCARGOS COMPLEMENTARES - COLETADO CAIXA)","MES",59.01]
[43463,"FERRAMENTAS - FAMILIA ENCARREGADO GERAL - HORISTA (ENCARGOS COMPLEMENTARES - COLETADO CAIXA)","H",0.08]
[43475,"FERRAMENTAS - FAMILIA ENCARREGADO GERAL - MENSALISTA (ENCARGOS COMPLEMENTARES - COLETADO CAIXA)","MES",15.46]
[43462,"FERRAMENTAS - FAMILIA ENGENHEIRO CIVIL - HORISTA (ENCARGOS COMPLEMENTARES - COLETADO CAIXA)","H",0.01]
[43474,"FERRAMENTAS - FAMILIA ENGENHEIRO CIVIL - MENSALISTA (ENCARGOS COMPLEMENTARES - COLETADO CAIXA)","MES",2.35]
[43464,"FERRAMENTAS - FAMILIA OPERADOR ESCAVADEIRA - HORISTA (ENCARGOS COMPLEMENTARES - COLETADO CAIXA)","H",0.01]
[43476,"FERRAMENTAS - FAMILIA OPERADOR ESCAVADEIRA - MENSALISTA (ENCARGOS COMPLEMENTARES - COLETADO CAIXA)","MES",0.01]
[43465,"FERRAMENTAS - FAMILIA PEDREIRO - HORISTA (ENCARGOS COMPLEMENTARES - COLETADO CAIXA)","H",0.78]
[43477,"FERRAMENTAS - FAMILIA PEDREIRO - MENSALISTA (ENCARGOS COMPLEMENTARES - COLETADO CAIXA)","MES",147.87]
[43466,"FERRAMENTAS - FAMILIA PINTOR - HORISTA (ENCARGOS COMPLEMENTARES - COLETADO CAIXA)","H",2.0499999999999998]
[43478,"FERRAMENTAS - FAMILIA PINTOR - MENSALISTA (ENCARGOS COMPLEMENTARES - COLETADO CAIXA)","MES",387.36]
[43467,"FERRAMENTAS - FAMILIA SERVENTE - HORISTA (ENCARGOS COMPLEMENTARES - COLETADO CAIXA)","H",0.61]
[43479,"FERRAMENTAS - FAMILIA SERVENTE - MENSALISTA (ENCARGOS COMPLEMENTARES - COLETADO CAIXA)","MES",114.77]
[43468,"FERRAMENTAS - FAMILIA SOLDADOR - HORISTA (ENCARGOS COMPLEMENTARES - COLETADO CAIXA)","H",1.21]
[43480,"FERRAMENTAS - FAMILIA SOLDADOR - MENSALISTA (ENCARGOS COMPLEMENTARES - COLETADO CAIXA)","MES",228.92]
[43469,"FERRAMENTAS - FAMILIA TOPOGRAFO - HORISTA (ENCARGOS COMPLEMENTARES - COLETADO CAIXA)","H",0.05]
[43481,"FERRAMENTAS - FAMILIA TOPOGRAFO - MENSALISTA (ENCARGOS COMPLEMENTARES - COLETADO CAIXA)","MES",9.89]
[3119,"FERROLHO COM FECHO / TRINCO REDONDO, EM ACO GALVANIZADO / ZINCADO, DE SOBREPOR, COM COMPRIMENTO DE 2\" E ESPESSURA MINIMA DA CHAPA DE 0,90 MM, PARA PORTAS E JANELAS","UN",2.74]
[3122,"FERROLHO COM FECHO / TRINCO REDONDO, EM ACO GALVANIZADO / ZINCADO, DE SOBREPOR, COM COMPRIMENTO DE 3\" A 4\" E ESPESSURA MINIMA DA CHAPA DE 0,90 MM","UN",5.58]
[3121,"FERROLHO COM FECHO / TRINCO REDONDO, EM ACO GALVANIZADO / ZINCADO, DE SOBREPOR, COM COMPRIMENTO DE 5\" E ESPESSURA MINIMA DA CHAPA DE 0,90 MM","UN",6.32]
[3120,"FERROLHO COM FECHO / TRINCO REDONDO, EM ACO GALVANIZADO / ZINCADO, DE SOBREPOR, COM COMPRIMENTO DE 6\" E ESPESSURA MINIMA DA CHAPA DE 1,50 MM","UN",11.98]
[11455,"FERROLHO COM FECHO / TRINCO REDONDO, EM ACO GALVANIZADO / ZINCADO, DE SOBREPOR, COM COMPRIMENTO DE 8\" E ESPESSURA MINIMA DA CHAPA DE 1,50 MM","UN",17.34]
[11456,"FERROLHO COM FECHO /TRINCO REDONDO, EM ACO GALVANIZADO / ZINCADO, DE SOBREPOR, COM COMPRIMENTO DE 10\" A 12\" E ESPESSURA MINIMA DA CHAPA DE 1,50 MM","UN",20.72]
[3107,"FERROLHO COM FECHO CHATO E PORTA CADEADO, EM ACO GALVANIZADO / ZINCADO, DE SOBREPOR, COM COMPRIMENTO DE 3\" A 4\", CHAPA COM ESPESSURA MINIMA DE 0,90 MM E LARGURA MINIMA DE 3,20 CM (FECHO SIMPLES / LEVE) (INCLUI PARAFUSOS)","UN",8.74]
[43583,"FERROLHO COM FECHO CHATO E PORTA CADEADO, EM ACO GALVANIZADO / ZINCADO, DE SOBREPOR, COM COMPRIMENTO DE 3\" A 4\", CHAPA COM ESPESSURA MINIMA DE 1,70 MM E LARGURA MINIMA DE 5,00 CM (FECHO REFORCADO)","UN",9.86]
[43586,"FERROLHO COM FECHO CHATO E PORTA CADEADO, EM ACO GALVANIZADO / ZINCADO, DE SOBREPOR, COM COMPRIMENTO DE 5\", CHAPA COM ESPESSURA MINIMA DE 0,90 MM E LARGURA MINIMA DE 3,20 CM (FECHO SIMPLES)","UN",10.1]
[11461,"FERROLHO COM FECHO CHATO E PORTA CADEADO, EM ACO GALVANIZADO / ZINCADO, DE SOBREPOR, COM COMPRIMENTO DE 5\", CHAPA COM ESPESSURA MINIMA DE 1,70 MM E LARGURA MINIMA DE 5,00 CM (FECHO REFORCADO)","UN",11.01]
[43587,"FERROLHO COM FECHO CHATO E PORTA CADEADO, EM ACO GALVANIZADO / ZINCADO, DE SOBREPOR, COM COMPRIMENTO DE 6\", CHAPA COM ESPESSURA MINIMA DE 0,90 MM E LARGURA MINIMA DE 3,80 CM (FECHO SIMPLES)","UN",12.7]
[3106,"FERROLHO COM FECHO CHATO E PORTA CADEADO, EM ACO GALVANIZADO / ZINCADO, DE SOBREPOR, COM COMPRIMENTO DE 6\", CHAPA COM ESPESSURA MINIMA DE 1,70 MM E LARGURA /MINIMA DE 5,00 CM (FECHO REFORCADO) (INCLUI PARAFUSOS)","UN",16.12]
[44539,"FERTILIZANTE NPK -  10:10:10","KG",3]
[3123,"FERTILIZANTE NPK - 4: 14: 8","KG",2.8]
[38125,"FERTILIZANTE ORGANICO COMPOSTO, CLASSE A","KG",1.5]
[39014,"FIBRA DE ACO PARA REFORCO DO CONCRETO, SOLTA, TIPO A-I, FATOR DE FORMA *50* L / D, COMPRIMENTO DE *30* MM E RESISTENCIA A TRACAO DO ACO MAIOR 1000 MPA","KG",8.66]
[39365,"FILTRO ANAEROBIO, EM POLIETILENO DE ALTA DENSIDADE (PEAD), CAPACIDADE *1100* LITROS (NBR 13969)","UN",2102.7399999999998]
[39366,"FILTRO ANAEROBIO, EM POLIETILENO DE ALTA DENSIDADE (PEAD), CAPACIDADE *2800* LITROS (NBR 13969)","UN",3190.21]
[39367,"FILTRO ANAEROBIO, EM POLIETILENO DE ALTA DENSIDADE (PEAD), CAPACIDADE *5000* LITROS (NBR 13969)","UN",5466.21]
[37394,"FINCAPINO CURTO CALIBRE 22, CARGA MEDIA POTENCIA 5 (PARA FERRAMENTA DE ACAO DIRETA) COR VERMELHA","CENTO",93.28]
[14146,"FINCAPINO LONGO CALIBRE 22, CARGA FORTE POTENCIA 7 (PARA FERRAMENTA DE ACAO DIRETA), COR AMARELA","CENTO",150]
[938,"FIO DE COBRE, SOLIDO, CLASSE 1, ISOLACAO EM PVC/A, ANTICHAMA BWF-B, 450/750V, SECAO NOMINAL 1,5 MM2","M",1.56]
[937,"FIO DE COBRE, SOLIDO, CLASSE 1, ISOLACAO EM PVC/A, ANTICHAMA BWF-B, 450/750V, SECAO NOMINAL 10 MM2","M",9.08]
[939,"FIO DE COBRE, SOLIDO, CLASSE 1, ISOLACAO EM PVC/A, ANTICHAMA BWF-B, 450/750V, SECAO NOMINAL 2,5 MM2","M",2.52]
[944,"FIO DE COBRE, SOLIDO, CLASSE 1, ISOLACAO EM PVC/A, ANTICHAMA BWF-B, 450/750V, SECAO NOMINAL 4 MM2","M",3.98]
[940,"FIO DE COBRE, SOLIDO, CLASSE 1, ISOLACAO EM PVC/A, ANTICHAMA BWF-B, 450/750V, SECAO NOMINAL 6 MM2","M",5.74]
[44397,"FITA / CINTA AUTOADESIVA ELASTOMERICA PARA VEDACAO, L= 50 MM, E = 3 MM","M",3.99]
[406,"FITA ACO INOX PARA CINTAR POSTE, L = 19 MM, E = 0,5 MM (ROLO DE 30M)","UN",88.07]
[42529,"FITA ADESIVA ALUMINIZADA, PARA INSTALACAO DE MANTAS DE SUBCOBERTURA, L = *5* CM","M",1.21]
[39634,"FITA ADESIVA ANTICORROSIVA DE PVC FLEXIVEL, COR PRETA, PARA PROTECAO TUBULACAO, 50 MM X 30 M (L X C), E= *0,25* MM","M",7.79]
[39701,"FITA ADESIVA ASFALTICA ALUMINIZADA MULTIUSO, L = 10 CM, ROLO DE 10 M","UN",89.82]
[12815,"FITA CREPE ROLO DE *25* MM X 50 M","UN",12.64]
[39431,"FITA DE PAPEL MICROPERFURADO, 50 X 150 MM, PARA TRATAMENTO DE JUNTAS DE CHAPA DE GESSO PARA DRYWALL","M",0.33]
[39432,"FITA DE PAPEL REFORCADA COM LAMINA DE METAL PARA REFORCO DE CANTOS DE CHAPA DE GESSO PARA DRYWALL","M",2.91]
[20111,"FITA ISOLANTE ADESIVA ANTICHAMA, USO ATE 750 V, EM ROLO DE 19 MM X 20 M","UN",8.6999999999999993]
[21127,"FITA ISOLANTE ADESIVA ANTICHAMA, USO ATE 750 V, EM ROLO DE 19 MM X 5 M","UN",3.29]
[404,"FITA ISOLANTE DE BORRACHA AUTOFUSAO, USO ATE 69 KV (ALTA TENSAO), LARGURA DE 19 MM","M",1.18]
[14151,"FITA METALICA GRAVADA, L = 17 MM, ROLO DE 25 M, CARGA RECOMENDADA = *120* KGF","UN",107.81]
[14153,"FITA METALICA PERFURADA, L = *18* MM, ROLO DE 30 M, CARGA RECOMENDADA = *30* KGF","UN",121.87]
[14152,"FITA METALICA PERFURADA, L = 17 MM, ROLO DE 30 M, CARGA RECOMENDADA = *19* KGF","UN",93.56]
[14154,"FITA METALICA PERFURADA, L = 25 MM, ROLO DE 30 M, CARGA RECOMENDADA = *222,5* KGF","UN",327.45999999999998]
[3143,"FITA VEDA ROSCA, EM PTFE, ROLO  DE 18 MM X 25 M (L X C)","UN",9.1]
[3146,"FITA VEDA ROSCA, EM PTFE, ROLO DE 18 MM X 10 M (L X C)","UN",4]
[3148,"FITA VEDA ROSCA, EM PTFE, ROLO DE 18 MM X 50 M (L X C)","UN",14.75]
[4310,"FIXADOR DE ABA AUTOTRAVANTE PARA TELHA DE FIBROCIMENTO, TIPO CANALETE 90 OU KALHETAO","UN",4.16]
[4311,"FIXADOR DE ABA SIMPLES PARA TELHA DE FIBROCIMENTO, TIPO CANALETA 49 OU KALHETA","UN",2.93]
[4312,"FIXADOR DE ABA SIMPLES PARA TELHA DE FIBROCIMENTO, TIPO CANALETA 90 OU KALHETAO","UN",4.1100000000000003]
[13261,"FLANELA *30 X 40* CM","UN",3.41]
[3272,"FLANGE SEXTAVADO DE FERRO GALVANIZADO, COM ROSCA BSP, DE 1 1/2\"","UN",52.84]
[3265,"FLANGE SEXTAVADO DE FERRO GALVANIZADO, COM ROSCA BSP, DE 1 1/4\"","UN",41.98]
[3264,"FLANGE SEXTAVADO DE FERRO GALVANIZADO, COM ROSCA BSP, DE 1\"","UN",30.19]
[3262,"FLANGE SEXTAVADO DE FERRO GALVANIZADO, COM ROSCA BSP, DE 1/2\"","UN",18.38]
[3267,"FLANGE SEXTAVADO DE FERRO GALVANIZADO, COM ROSCA BSP, DE 2 1/2\"","UN",98.6]
[3266,"FLANGE SEXTAVADO DE FERRO GALVANIZADO, COM ROSCA BSP, DE 2\"","UN",62.73]
[3268,"FLANGE SEXTAVADO DE FERRO GALVANIZADO, COM ROSCA BSP, DE 3\"","UN",133.31]
[3263,"FLANGE SEXTAVADO DE FERRO GALVANIZADO, COM ROSCA BSP, DE 3/4\"","UN",25.1]
[3271,"FLANGE SEXTAVADO DE FERRO GALVANIZADO, COM ROSCA BSP, DE 4\"","UN",197.08]
[3270,"FLANGE SEXTAVADO DE FERRO GALVANIZADO, COM ROSCA BSP, DE 6\"","UN",331.11]
[3275,"FORRO COMPOSTO POR PAINEIS DE LA DE VIDRO, REVESTIDOS EM PVC MICROPERFURADO, DE *1250 X 625* MM, ESPESSURA 15 MM (COM COLOCACAO)","M2",114.83]
[39512,"FORRO DE FIBRA MINERAL EM PLACAS DE 1250 X 625 MM, E = 15 MM, BORDA RETA, COM PINTURA ANTIMOFO, APOIADO EM PERFIL DE ACO GALVANIZADO COM 24 MM DE BASE - INSTALADO","M2"]
[39511,"FORRO DE FIBRA MINERAL EM PLACAS DE 625 X 625 MM, E = 15 MM, BORDA RETA, COM PINTURA ANTIMOFO, APOIADO EM PERFIL DE ACO GALVANIZADO COM 24 MM DE BASE - INSTALADO","M2"]
[39513,"FORRO DE FIBRA MINERAL EM PLACAS DE 625 X 625 MM, E = 15/16 MM, BORDA REBAIXADA, COM PINTURA ANTIMOFO, APOIADO EM PERFIL DE ACO GALVANIZADO COM 24 MM DE BASE - INSTALADO","M2"]
[3286,"FORRO DE MADEIRA CEDRINHO OU EQUIVALENTE DA REGIAO, ENCAIXE MACHO/FEMEA COM FRISO, *10 X 1* CM (SEM COLOCACAO)","M2",140.29]
[3287,"FORRO DE MADEIRA CUMARU/IPE CHAMPANHE OU EQUIVALENTE DA REGIAO, ENCAIXE MACHO/FEMEA COM FRISO, *10 X 1* CM (SEM COLOCACAO)","M2",212]
[3283,"FORRO DE MADEIRA PINUS OU EQUIVALENTE DA REGIAO, ENCAIXE MACHO/FEMEA COM FRISO, *10 X 1* CM (SEM COLOCACAO)","M2",44.53]
[11587,"FORRO DE PVC LISO, BRANCO, REGUA DE 10 CM, ESPESSURA APROXIMADA DE 8 MM (COM COLOCACAO / SEM ESTRUTURA METALICA)","M2",78.739999999999995]
[36225,"FORRO DE PVC LISO, BRANCO, REGUA DE 20 CM, ESPESSURA APROXIMADA DE 8 MM, COMPRIMENTO 6 M (SEM COLOCACAO)","M2",31.98]
[36230,"FORRO DE PVC, FRISADO, BRANCO, REGUA DE 10 CM, ESPESSURA APROXIMADA DE 8 MM E COMPRIMENTO 6 M (SEM COLOCACAO)","M2",23.5]
[36238,"FORRO DE PVC, FRISADO, BRANCO, REGUA DE 20 CM, ESPESSURA APROXIMADA DE 8 MM E COMPRIMENTO 6 M (SEM COLOCACAO)","M2",22.96]
[39363,"FOSSA SEPTICA, SEM FILTRO, EM POLIETILENO DE ALTA DENSIDADE (PEAD), PARA 15 A 30 CONTRIBUINTES, CILINDRICA, COM TAMPA, CAPACIDADE APROXIMADA DE *5500* LITROS (NBR 7229)","UN",6198.17]
[39361,"FOSSA SEPTICA, SEM FILTRO, EM POLIETILENO DE ALTA DENSIDADE (PEAD), PARA 4 A 7 CONTRIBUINTES, CILINDRICA, COM TAMPA, CAPACIDADE APROXIMADA DE *1100* LITROS (NBR 7229)","UN",1893.58]
[39362,"FOSSA SEPTICA, SEM FILTRO, EM POLIETILENO DE ALTA DENSIDADE (PEAD), PARA 8 A 14 CONTRIBUINTES, CILINDRICA, COM TAMPA, CAPACIDADE APROXIMADA DE *3000* LITROS (NBR 7229)","UN",3345.11]
[39364,"FOSSA SEPTICA,SEM FILTRO, EM POLIETILENO DE ALTA DENSIDADE (PEAD), PARA 40 A 52 CONTRIBUINTES, CILINDRICA, COM TAMPA, CAPACIDADE APROXIMADA DE *10000* LITROS (NBR 7229)","UN",13073.58]
[14576,"FRESADORA DE ASFALTO A FRIO SOBRE ESTEIRAS, LARG. FRESAGEM 2,00 M, POT. 410 KW/550 HP","UN"]
[13877,"FRESADORA DE ASFALTO A FRIO SOBRE RODAS, LARG. FRESAGEM 1,00 M, POT. 155 KW/208 HP","UN"]
[7307,"FUNDO ANTICORROSIVO PARA METAIS FERROSOS (ZARCAO)","L",50.91]
[38122,"FUNDO PREPARADOR ACRILICO BASE AGUA","L",20.85]
[43653,"FUNDO SINTETICO NIVELADOR BRANCO FOSCO PARA MADEIRA","L",36.1]
[12344,"FUSIVEL DIAZED 20 A TAMANHO DII, CAPACIDADE DE INTERRUPCAO DE 50 KA EM VCA E 8 KA EM VCC, TENSAO NOMINAL DE 500 V","UN"]
[12343,"FUSIVEL DIAZED 35 A TAMANHO DIII, CAPACIDADE DE INTERRUPCAO DE 50 KA EM VCA E 8 KA EM VCC, TENSAO NOMINAL DE 500 V","UN"]
[3295,"FUSIVEL NH *36* A 80 AMPERES, TAMANHO 00, CAPACIDADE DE INTERRUPCAO DE 120 KA, TENSAO NOMINAL DE 500 V","UN"]
[3302,"FUSIVEL NH 100 A TAMANHO 00, CAPACIDADE DE INTERRUPCAO DE 120 KA, TENSAO NOMINAL DE 500 V","UN"]
[3297,"FUSIVEL NH 125 A TAMANHO 00, CAPACIDADE DE INTERRUPCAO DE 120 KA, TENSAO NOMINAL DE 500 V","UN"]
[3294,"FUSIVEL NH 160 A TAMANHO 00, CAPACIDADE DE INTERRUPCAO DE 120 KA, TENSAO NOMINAL DE 500 V","UN"]
[3292,"FUSIVEL NH 20 A TAMANHO 000, CAPACIDADE DE INTERRUPCAO DE 120 KA, TENSAO NOMINAL DE 500 V","UN"]
[3298,"FUSIVEL NH 200 A 250 AMPERES, TAMANHO 1, CAPACIDADE DE INTERRUPCAO DE 120 KA, TENSAO NOMINAL DE 500 V","UN"]
[34802,"GABIAO MANTA (COLCHAO) MALHA HEXAGONAL 6 X 8 CM (ZN/AL REVESTIDO COM POLIMERO), DIMENSOES 4,0 X 2,0 X 0,17 M (C X L X A) FIO 2 MM","UN",1282.7]
[11588,"GABIAO MANTA (COLCHAO) MALHA HEXAGONAL 6 X 8 CM (ZN/AL REVESTIDO COM POLIMERO), FIO 2 MM, DIMENSOES 4,0 X 2,0 X 0,23 M (C X L X A)","UN",1383.82]
[34383,"GABIAO MANTA (COLCHAO) MALHA HEXAGONAL 6 X 8 CM (ZN/AL REVESTIDO COM POLIMERO), FIO 2 MM, DIMENSOES 4,0 X 2,0 X 0,3 M (C X L X A)","UN",1522.3]
[40451,"GABIAO MANTA (COLCHAO) MALHA HEXAGONAL 6 X 8 CM (ZN/AL REVESTIDO COM POLIMERO), FIO 2,0 MM, DIMENSOES 5,0 X 2,0 X 0,17 M (C X L X A)","M2",123.05]
[40453,"GABIAO MANTA (COLCHAO) MALHA HEXAGONAL 6 X 8 CM (ZN/AL REVESTIDO COM POLIMERO), FIO 2,0 MM, DIMENSOES 5,0 X 2,0 X 0,23 M (C X L X A)","M2",133.13999999999999]
[40452,"GABIAO MANTA (COLCHAO) MALHA HEXAGONAL 6 X 8 CM (ZN/AL REVESTIDO COM POLIMERO), FIO 2,0 MM, DIMENSOES 5,0 X 2,0 X 0,30 M (C X L X A)","M2",146.04]
[11594,"GABIAO SACO MALHA HEXAGONAL 8 X 10 CM (ZN/AL REVESTIDO COM POLIMERO), FIO 2,4 MM, DIMENSOES 3,0 X 0,65 M","UN",441.06]
[3311,"GABIAO SACO MALHA HEXAGONAL 8 X 10 CM (ZN/AL REVESTIDO COM POLIMERO), FIO 2,4 MM, H = 0,65 M","M3",441.06]
[11599,"GABIAO SACO MALHA HEXAGONAL 8 X 10 CM (ZN/AL), FIO 2,7 MM, DIMENSOES 4,0 X 0,65 M","UN",586.55999999999995]
[11593,"GABIAO TIPO CAIXA MALHA HEXAGONAL 8 X 10 CM (ZN/AL REVESTIDO COM POLIMERO), FIO 2,4 MM, DIMENSOES 2,0 X 1,0 X 1,0 M (C X L X A)","UN",822.32]
[3314,"GABIAO TIPO CAIXA MALHA HEXAGONAL 8 X 10 CM (ZN/AL REVESTIDO COM POLIMERO), FIO 2,4 MM, H = 0,50 M","M3",588.13]
[11597,"GABIAO TIPO CAIXA MALHA HEXAGONAL 8 X 10 CM (ZN/AL), FIO 2,7 MM, DIMENSOES 2,0 X 1,0 X 1,0 M (C X L X A)","UN",683.92]
[3309,"GABIAO TIPO CAIXA MALHA HEXAGONAL 8 X 10 CM (ZN/AL), FIO 2,7 MM, H = 0,50 M","M3",467.06]
[40440,"GABIAO TIPO CAIXA PARA SOLO REFORCADO, MALHA HEXAGONAL 8 X 10 CM (ZN/AL REVESTIDO COM POLIMERO), FIO 2,7 MM, DIMENSOES 2,0 X 1,0 X 0,5 M, COM CAUDA DE 4,0 M","M3",612.6]
[40441,"GABIAO TIPO CAIXA PARA SOLO REFORCADO, MALHA HEXAGONAL 8 X 10 CM (ZN/AL REVESTIDO COM POLIMERO), FIO 2,7 MM, DIMENSOES 2,0 X 1,0 X 1,0 M, COM CAUDA DE 4,0 M","M3",391.11]
[34612,"GABIAO TIPO CAIXA PARA SOLO REFORCADO, MALHA HEXAGONAL DE DUPLA TORCAO 8 X 10 CM (ZN/AL REVESTIDO COM POLIMERO), FIO 2,7 MM, DIMENSOES 2,0 X 1,0 X 0,5 M, COM CAUDA DE 3,0 M","UN",845.89]
[34635,"GABIAO TIPO CAIXA PARA SOLO REFORCADO, MALHA HEXAGONAL DE DUPLA TORCAO 8 X 10 CM (ZN/AL REVESTIDO COM POLIMERO), FIO 2,7 MM, DIMENSOES 2,0 X 1,0 X 1,0 M, COM CAUDA DE 3,0 M","UN",1087.78]
[34633,"GABIAO TIPO CAIXA PARA SOLO REFORCADO, MALHA HEXAGONAL DE DUPLA TORCAO 8 X 10 CM (ZN/AL REVESTIDO COM POLIMERO), FIO 2,7 MM, DIMENSOES 2,0 X 1,0 X 1,0 M, COM CAUDA DE 4,0 M","UN",1199.02]
[40449,"GABIAO TIPO CAIXA TRAPEZOIDAL, MALHA HEXAGONAL 10 X 12 CM (ZN/AL REVESTIDO COM POLIMERO) FIO 2,7 MM, FACE COM 65 GRAUS, COM GEOSSINTETICO, DIMENSOES 2,0 X 1,5 X 1,0 M (C X L X A)","M3",328.79]
[11592,"GABIAO TIPO CAIXA, MALHA HEXAGONAL 8 X 10 CM (ZN/AL REVESTIDO COM POLIMERO), FIO 2,4 MM, DIMENSOES 2,0 X 1,0 X 0,5 M (C X L X A)","UN",588.13]
[34800,"GABIAO TIPO CAIXA, MALHA HEXAGONAL 8 X 10 CM (ZN/AL REVESTIDO COM POLIMERO), FIO DE 2,4 MM, DIMENSOES 2,0 X 1,0 X 1,0 M (C X L X A)","M3",411.16]
[11596,"GABIAO TIPO CAIXA, MALHA HEXAGONAL 8 X 10 CM (ZN/AL), FIO 2,7 MM, DIMENSOES 2,0 X 1,0 X 0,5 M (C X L X A)","UN",467.06]
[40438,"GABIAO TIPO CAIXA, MALHA HEXAGONAL 8 X 10 CM (ZN/AL), FIO DE 2,7 MM, DIMENSOES 2,0 X 1,0 X 1,0 M (C X L X A)","M3",273.92]
[40436,"GABIAO TIPO CAIXA, MALHA HEXAGONAL 8 X 10 CM (ZN/AL), FIO DE 2,7 MM, DIMENSOES 5,0 X 1,0 X 1,0 M (C X L X A)","M3",341.56]
[4315,"GANCHO CHATO EM ACO GALVANIZADO, L = 110 MM, RECOBRIMENTO = 100MM, SECAO 1/8 X 1/2\" (3 MM X 12 MM), PARA FIXAR TELHA DE FIBROCIMENTO ONDULADA","UN",3.02]
[402,"GANCHO OLHAL EM ACO GALVANIZADO, ESPESSURA 16MM, ABERTURA 21MM","UN"]
[4226,"GAS DE COZINHA - GLP","KG",8.08]
[4222,"GASOLINA COMUM","L",6.22]
[34804,"GEOGRELHA TECIDA COM FILAMENTOS DE POLIESTER + PVC, RESISTENCIA LONGITUDINAL: 90 KN/M, RESISTENCIA TRANSVERSAL: 30 KN/M, ALONGAMENTO = 12 POR CENTO","M2",49.65]
[4013,"GEOTEXTIL NAO TECIDO AGULHADO DE FILAMENTOS CONTINUOS 100% POLIESTER, RESITENCIA A TRACAO = 09 KN/M","M2",6.33]
[4011,"GEOTEXTIL NAO TECIDO AGULHADO DE FILAMENTOS CONTINUOS 100% POLIESTER, RESITENCIA A TRACAO = 10 KN/M","M2",7.07]
[4021,"GEOTEXTIL NAO TECIDO AGULHADO DE FILAMENTOS CONTINUOS 100% POLIESTER, RESITENCIA A TRACAO = 14 KN/M","M2",8.82]
[4019,"GEOTEXTIL NAO TECIDO AGULHADO DE FILAMENTOS CONTINUOS 100% POLIESTER, RESITENCIA A TRACAO = 16 KN/M","M2",10.59]
[4012,"GEOTEXTIL NAO TECIDO AGULHADO DE FILAMENTOS CONTINUOS 100% POLIESTER, RESITENCIA A TRACAO = 21 KN/M","M2",14.19]
[4020,"GEOTEXTIL NAO TECIDO AGULHADO DE FILAMENTOS CONTINUOS 100% POLIESTER, RESITENCIA A TRACAO = 26 KN/M","M2",17.78]
[4018,"GEOTEXTIL NAO TECIDO AGULHADO DE FILAMENTOS CONTINUOS 100% POLIESTER, RESITENCIA A TRACAO = 31 KN/M","M2",21.29]
[36498,"GERADOR PORTATIL MONOFASICO, POTENCIA 5500 VA, MOTOR A GASOLINA, POTENCIA DO MOTOR 13 CV","UN"]
[12872,"GESSEIRO (HORISTA)","H",22.21]
[41075,"GESSEIRO (MENSALISTA)","MES",3920.75]
[44324,"GESSO COLA, EM PO, PARA FIXACAO DE MOLDURAS, SANCAS E BLOCOS DE GESSO","KG",2.88]
[3315,"GESSO EM PO PARA REVESTIMENTOS/MOLDURAS/SANCAS E USO GERAL","KG",0.83]
[36870,"GESSO PROJETADO","KG",0.64]
[5092,"GONZO DE EMBUTIR, EM LATAO / ZAMAC, *20 X 48* MM, PARA JANELA BASCULANTE / PIVOTANTE, JOGO COM 4 PECAS (PAR) - INCLUI PARAFUSOS","PAR",18.16]
[11462,"GONZO DE SOBREPOR, EM LATAO / ZAMAC, PARA JANELA PIVOTANTE - INCLUI PARAFUSOS","PAR",18.57]
[36529,"GRADE DE DISCOS COM CONTROLE REMOTO, REBOCAVEL, COM 24 DISCOS 24\" X 6 MM, COM PNEUS PARA TRANSPORTE","UN"]
[3318,"GRADE DE DISCOS MECANICA 20X24\" COM 20 DISCOS 24\" X 6MM COM PNEUS PARA TRANSPORTE","UN"]
[3324,"GRAMA BATATAIS EM PLACAS, SEM PLANTIO","M2",8.74]
[3322,"GRAMA ESMERALDA OU SAO CARLOS OU CURITIBANA, EM PLACAS, SEM PLANTIO","M2",12.25]
[5076,"GRAMPO DE ACO POLIDO 1\" X 9","KG",18.43]
[5077,"GRAMPO DE ACO POLIDO 7/8\" X 9","KG",20.37]
[11837,"GRAMPO LINHA VIVA DE LATAO ESTANHADO, DIAMETRO DO CONDUTOR PRINCIPAL DE 10 A 120 MM2, DIAMETRO DA DERIVACAO DE 10 A 70 MM2","UN",104.77]
[415,"GRAMPO METALICO TIPO OLHAL PARA HASTE DE ATERRAMENTO DE 1\", CONDUTOR DE *10* A 50 MM2","UN",42.96]
[38055,"GRAMPO METALICO TIPO OLHAL PARA HASTE DE ATERRAMENTO DE 1/2\", CONDUTOR DE *10* A 50 MM2","UN",9.5]
[416,"GRAMPO METALICO TIPO OLHAL PARA HASTE DE ATERRAMENTO DE 3/4\", CONDUTOR DE *10* A 50 MM2","UN",15.73]
[425,"GRAMPO METALICO TIPO OLHAL PARA HASTE DE ATERRAMENTO DE 5/8\", CONDUTOR DE *10* A 50 MM2","UN",9.75]
[426,"GRAMPO METALICO TIPO U PARA HASTE DE ATERRAMENTO DE ATE 3/4\", CONDUTOR DE 10 A 25 MM2","UN",53.69]
[38056,"GRAMPO METALICO TIPO U PARA HASTE DE ATERRAMENTO DE ATE 5/8\", CONDUTOR DE 10 A 25 MM2","UN",52.43]
[1564,"GRAMPO PARALELO METALICO PARA CABO DE 6 A 50 MM2, COM 2 PARAFUSOS","UN",20.010000000000002]
[11032,"GRAMPO U DE 5/8\" N8 EM ACO GALVANIZADO","UN",17.03]
[36786,"GRANALHA DE ACO, ANGULAR (GRIT), PARA JATEAMENTO, PENEIRA 0,117 A 1,00 MM, (SAE G-40 A G-80)","SC25KG"]
[36785,"GRANALHA DE ACO, ANGULAR (GRIT), PARA JATEAMENTO, PENEIRA 1,41 A 1,19 MM (SAE G16)","SC25KG"]
[36782,"GRANALHA DE ACO, ESFERICA (SHOT), PARA JATEAMENTO, PENEIRA 0,40 A 1,00 MM (SAE S-170 A S-280)","SC25KG"]
[44481,"GRANALHA DE ACO, ESFERICA (SHOT), PARA JATEAMENTO, PENEIRA 1,19 A 1,00 MM  (SAE S390)","SC25KG"]
[4824,"GRANILHA/ GRANA/ PEDRISCO OU AGREGADO EM MARMORE/ GRANITO/ QUARTZO E CALCARIO, PRETO, CINZA, PALHA OU BRANCO","KG",0.48]
[11795,"GRANITO PARA BANCADA, POLIDO, TIPO ANDORINHA/ QUARTZ/ CASTELO/ CORUMBA OU OUTROS EQUIVALENTES DA REGIAO, E= *2,5* CM","M2",455.84]
[134,"GRAUTE CIMENTICIO PARA USO GERAL","KG",1.51]
[4229,"GRAXA LUBRIFICANTE A BASE DE LITIO, DE MULTIPLAS APLICACOES E CONTENDO ADITIVOS DE EXTREMA PRESSAO (GRAU DE VISCOSIDADE NLGI 2)","KG",46.7]
[11731,"GRELHA FIXA, EM PVC BRANCA, QUADRADA, 150 X 150 MM, PARA RALOS E CAIXAS","UN",9.18]
[11732,"GRELHA FIXA, PVC CROMADA, REDONDA, 150 MM, PARA RALOS E CAIXAS","UN",24.06]
[11244,"GRELHA FOFO ARTICULADA, CARGA MAXIMA 1,5 T, *300 X 1000* MM, E= *15* MM","UN",197.33]
[11235,"GRELHA FOFO SIMPLES COM REQUADRO, CARGA MAXIMA 1,5 T, 150 X 1000 MM, E= *15* MM","UN",150.58000000000001]
[11236,"GRELHA FOFO SIMPLES COM REQUADRO, CARGA MAXIMA 1,5 T, 200 X 1000 MM, E= *15* MM","UN",191.36]
[11245,"GRELHA FOFO SIMPLES COM REQUADRO, CARGA MAXIMA 12,5 T, *300 X 1000* MM, E= *15* MM, AREA ESTACIONAMENTO CARRO PASSEIO","UN",272.93]
[36494,"GRUA ASCENCIONAL, LANCA DE 30 M, CAPACIDADE DE 1,0 T A 30 M, ALTURA ATE 39 M","UN"]
[36493,"GRUA ASCENCIONAL, LANCA DE 42 M, CAPACIDADE DE 1,5 T A 30 M, ALTURA ATE 39 M","UN"]
[36492,"GRUA ASCENCIONAL, LANCA DE 50 M, CAPACIDADE DE 2,33 T A 30 M, ALTURA ATE 48 M","UN"]
[36499,"GRUPO GERADOR A GASOLINA, POTENCIA NOMINAL 2,2 KW, TENSAO DE SAIDA 110/220 V, MOTOR POTENCIA 6,5 HP","UN"]
[13533,"GRUPO GERADOR DE SOLDA ELETRICA, COM MAQUINA DE SOLDA, ATE 400 AMPERES E GERADOR A DIESEL 30 CV, MOTOR 4 CILINDROS, TANQUE COMBUST., CARENAGEM DE PROTECAO SOBRE RODAS","UN"]
[13333,"GRUPO GERADOR DE SOLDA ELETRICA, COM MAQUINA DE SOLDA, ATE 400 AMPERES E GERADOR A DIESEL 60 CV, MOTOR 4 CILINDROS, TANQUE COMBUST., CARENAGEM DE PROTECAO SOBRE RODAS","UN"]
[39585,"GRUPO GERADOR DIESEL, COM CARENAGEM, POTENCIA STANDART ENTRE 100 E 110 KVA, VELOCIDADE DE 1800 RPM, FREQUENCIA DE 60 HZ","UN"]
[39586,"GRUPO GERADOR DIESEL, COM CARENAGEM, POTENCIA STANDART ENTRE 140 E 150 KVA, VELOCIDADE DE 1800 RPM, FREQUENCIA DE 60 HZ","UN"]
[39587,"GRUPO GERADOR DIESEL, COM CARENAGEM, POTENCIA STANDART ENTRE 210 E 220 KVA, VELOCIDADE DE 1800 RPM, FREQUENCIA DE 60 HZ","UN"]
[39588,"GRUPO GERADOR DIESEL, COM CARENAGEM, POTENCIA STANDART ENTRE 250 E 260 KVA, VELOCIDADE DE 1800 RPM, FREQUENCIA DE 60 HZ","UN"]
[39584,"GRUPO GERADOR DIESEL, COM CARENAGEM, POTENCIA STANDART ENTRE 50 E 55 KVA, VELOCIDADE DE 1800 RPM, FREQUENCIA DE 60 HZ","UN"]
[39590,"GRUPO GERADOR DIESEL, SEM CARENAGEM, POTENCIA STANDART ENTRE 100 E 110 KVA, VELOCIDADE DE 1800 RPM, FREQUENCIA DE 60 HZ","UN"]
[39592,"GRUPO GERADOR DIESEL, SEM CARENAGEM, POTENCIA STANDART ENTRE 210 E 220 KVA, VELOCIDADE DE 1800 RPM, FREQUENCIA DE 60 HZ","UN"]
[39593,"GRUPO GERADOR DIESEL, SEM CARENAGEM, POTENCIA STANDART ENTRE 250 E 260 KVA, VELOCIDADE DE 1800 RPM, FREQUENCIA DE 60 HZ","UN"]
[14254,"GRUPO GERADOR DIESEL, SEM CARENAGEM, POTENCIA STANDART ENTRE 80 E 90 KVA, VELOCIDADE DE 1800 RPM, FREQUENCIA DE 60 HZ","UN"]
[44494,"GRUPO GERADOR ESTACIONARIO SILENCIADO, POTENCIA 50 KVA, MOTOR  DIESEL","UN"]
[25019,"GRUPO GERADOR ESTACIONARIO, MOTOR DIESEL POTENCIA 170 KVA","UN"]
[36501,"GRUPO GERADOR ESTACIONARIO, POTENCIA 150 KVA, MOTOR DIESEL","UN"]
[44493,"GRUPO GERADOR ESTACIONARIO, SILENCIADO, POTENCIA 180 KVA, MOTOR  DIESEL","UN"]
[36500,"GRUPO GERADOR REBOCAVEL, POTENCIA *66* KVA, MOTOR A DIESEL","UN"]
[20017,"GUARNICAO / ALIZAR / VISTA LISA EM MADEIRA MACICA, PARA PORTA, E = *1* CM, L = *5* CM, CEDRINHO / ANGELIM COMERCIAL / TAURI/ CURUPIXA / PEROBA / CUMARU OU EQUIVALENTE DA REGIAO","M",7.7]
[20007,"GUARNICAO / ALIZAR / VISTA LISA EM MADEIRA MACICA, PARA PORTA, E = *1* CM, L = *5* CM, PINUS /EUCALIPTO / VIROLA OU EQUIVALENTE DA REGIAO","M",4.5999999999999996]
[39831,"GUARNICAO / ALIZAR / VISTA, E = *1,5* CM, L = *5,0* CM, EM POLIESTIRENO, BRANCO (JOGO PARA 1 FACE)","JG",334.16]
[36888,"GUARNICAO / MOLDURA / ARREMATE DE ACABAMENTO PARA ESQUADRIA, EM ALUMINIO PERFIL 25, ACABAMENTO ANODIZADO BRANCO OU BRILHANTE, PARA 1 FACE","M",20.65]
[39836,"GUARNICAO/ALIZAR/VISTA, E = *1,3* CM, L = *5,0* CM HASTE REGULAVEL = *35* MM, EM MDF/PVC WOOD/ POLIESTIRENO OU MADEIRA LAMINADA, PRIMER BRANCO (JOGO PARA 1 FACE)","JG",293.62]
[39830,"GUARNICAO/ALIZAR/VISTA, E = *1,3* CM, L = *7,0* CM, EM POLIESTIRENO, BRANCO (JOGO PARA 1 FACE)","JG",334.87]
[36497,"GUINCHO DE ALAVANCA MANUAL, CAPACIDADE 3,2 T COM 20 M DE CABO DE ACO DIAMETRO 16,3 MM","UN",2185.84]
[40527,"GUINCHO DE ALAVANCA MANUAL, CAPACIDADE DE 1,6 T, COM 20 M DE CABO DE ACO (AQUISICAO)","UN",1914.7]
[36487,"GUINCHO ELETRICO DE COLUNA, CAPACIDADE 400 KG, COM MOTO FREIO, MOTOR TRIFASICO DE 1,25 CV","UN",3805.88]
[44475,"GUINDASTE HIDRAULICO AUTOPROPELIDO, COM LANCA TELESCOPICA 28,80 M, CAPACIDADE MAXIMA 30 T, POTENCIA 97 KW, TRACAO  4 X 4","UN"]
[44474,"GUINDASTE HIDRAULICO AUTOPROPELIDO, COM LANCA TELESCOPICA 40 M, CAPACIDADE MAXIMA 60 T, POTENCIA 260 KW, TRACAO  6 X 6","UN"]
[44490,"GUINDASTE HIDRAULICO AUTOPROPELIDO, COM LANCA TELESCOPICA 50 M, CAPACIDADE MAXIMA 100 T, POTENCIA 350 KW,  TRACAO 10 X 6","UN"]
[37776,"GUINDAUTO HIDRAULICO, CAPACIDADE MAXIMA DE CARGA 10000 KG, MOMENTO MAXIMO DE CARGA 23 TM, ALCANCE MAXIMO HORIZONTAL 11,80 M, PARA MONTAGEM SOBRE CHASSI DE CAMINHAO PBT MINIMO 15000 KG (INCLUI MONTAGEM, NAO INCLUI CAMINHAO)","UN"]
[37775,"GUINDAUTO HIDRAULICO, CAPACIDADE MAXIMA DE CARGA 14340 KG, MOMENTO MAXIMO DE CARGA 42,3 TM, ALCANCE MAXIMO HORIZONTAL 16,80 M, PARA MONTAGEM SOBRE CHASSI DE CAMINHAO PBT MINIMO 23000 KG (INCLUI MONTAGEM, NAO INCLUI CAMINHAO)","UN"]
[36491,"GUINDAUTO HIDRAULICO, CAPACIDADE MAXIMA DE CARGA 30000 KG, MOMENTO MAXIMO DE CARGA 92,2 TM, ALCANCE MAXIMO HORIZONTAL 22,00 M, PARA MONTAGEM SOBRE CHASSI DE CAMINHAO PBT MINIMO 30000 KG (INCLUI MONTAGEM, NAO INCLUI CAMINHAO)","UN"]
[10712,"GUINDAUTO HIDRAULICO, CAPACIDADE MAXIMA DE CARGA 3300 KG, MOMENTO MAXIMO DE CARGA 5,8 TM, ALCANCE MAXIMO HORIZONTAL 7,60 M, PARA MONTAGEM SOBRE CHASSI DE CAMINHAO PBT MINIMO 8000 KG (INCLUI MONTAGEM, NAO INCLUI CAMINHAO)","UN"]
[3363,"GUINDAUTO HIDRAULICO, CAPACIDADE MAXIMA DE CARGA 6200 KG, MOMENTO MAXIMO DE CARGA 11,7 TM, ALCANCE MAXIMO HORIZONTAL 9,70 M, PARA MONTAGEM SOBRE CHASSI DE CAMINHAO PBT MINIMO 13000 KG (INCLUI MONTAGEM, NAO INCLUI CAMINHAO)","UN"]
[3365,"GUINDAUTO HIDRAULICO, CAPACIDADE MAXIMA DE CARGA 8500 KG, MOMENTO MAXIMO DE CARGA 30,4 TM, ALCANCE MAXIMO HORIZONTAL 14,30 M, PARA MONTAGEM SOBRE CHASSI DE CAMINHAO PBT MINIMO 23000 KG (INCLUI MONTAGEM, NAO INCLUI CAMINHAO)","UN"]
[7569,"HASTE ANCORA EM ACO GALVANIZADO, DIMENSOES 16 MM X 2000 MM","UN"]
[3378,"HASTE DE ATERRAMENTO EM ACO COM 3,00 M DE COMPRIMENTO E DN = 3/4\", REVESTIDA COM BAIXA CAMADA DE COBRE, SEM CONECTOR","UN",152.07]
[3380,"HASTE DE ATERRAMENTO EM ACO COM 3,00 M DE COMPRIMENTO E DN = 5/8\", REVESTIDA COM BAIXA CAMADA DE COBRE, COM CONECTOR TIPO GRAMPO","UN",106.45]
[3379,"HASTE DE ATERRAMENTO EM ACO COM 3,00 M DE COMPRIMENTO E DN = 5/8\", REVESTIDA COM BAIXA CAMADA DE COBRE, SEM CONECTOR","UN",102.77]
[11991,"HASTE DE ATERRAMENTO EM ACO GALVANIZADO TIPO CANTONEIRA COM 2,00 M DE COMPRIMENTO, 25 X 25 MM E CHAPA DE 3/16\"","UN",119.33]
[44305,"HASTE PARA PERFURATRIZ DE ESTEIRA T38, D= 1 1/2\" X *3 M*, PARA PROLONGAR BROCA","UN",1778.99]
[34349,"HASTE RETA DE ACO GALVANIZADO, H = *30* CM, BASE RETANGULAR, PARA FIXACAO DE CONCERTINA SIMPLES DE 30 CM (NAO INCLUI OS FIXADORES)","UN",28.21]
[11029,"HASTE RETA PARA GANCHO DE FERRO GALVANIZADO, COM ROSCA 1/4\" X 30 CM PARA FIXACAO DE TELHA METALICA, INCLUI PORCA E ARRUELAS DE VEDACAO","CJ",2.61]
[4316,"HASTE RETA PARA GANCHO DE FERRO GALVANIZADO, COM ROSCA 1/4\" X 40 CM PARA FIXACAO DE TELHA DE FIBROCIMENTO, INCLUI PORCA SEXTAVADA DE ZINCO","UN",2.64]
[4313,"HASTE RETA PARA GANCHO DE FERRO GALVANIZADO, COM ROSCA 5/16\" X 35 CM PARA FIXACAO DE TELHA DE FIBROCIMENTO, INCLUI PORCA E ARRUELAS DE VEDACAO","CJ",3.78]
[4317,"HASTE RETA PARA GANCHO DE FERRO GALVANIZADO, COM ROSCA 5/16\" X 40 CM PARA FIXACAO DE TELHA DE FIBROCIMENTO, INCLUI PORCA SEXTAVADA DE ZINCO","UN",4.3099999999999996]
[4314,"HASTE RETA PARA GANCHO DE FERRO GALVANIZADO, COM ROSCA 5/16\" X 45 CM PARA FIXACAO DE TELHA DE FIBROCIMENTO, INCLUI PORCA E ARRUELAS DE VEDACAO","CJ",5.05]
[10921,"HIDRANTE DE COLUNA COMPLETO, EM FERRO FUNDIDO, DN = 100 MM, COM REGISTRO, CUNHA DE BORRACHA, CURVA DESSIMETRICA, EXTREMIDADE E TAMPAS (INCLUI KIT FIXACAO)","UN"]
[10922,"HIDRANTE DE COLUNA COMPLETO, EM FERRO FUNDIDO, DN = 75 MM, COM REGISTRO, CUNHA DE BORRACHA, CURVA DESSIMETRICA, EXTREMIDADE E TAMPAS (INCLUI KIT FIXACAO)","UN"]
[10923,"HIDRANTE SUBTERRANEO, EM FERRO FUNDIDO, COM CURVA CURTA E CAIXA, DN 75 MM","UN"]
[10924,"HIDRANTE SUBTERRANEO, EM FERRO FUNDIDO, COM CURVA LONGA E CAIXA, DN 75 MM","UN"]
[37772,"HIDROJATEADORA PARA DESOBSTRUCAO DE REDES E GALERIAS, TANQUE 7000 L, BOMBA TRIPLEX 120 KGF/CM2 128 L/MIN (INCLUI MONTAGEM, NAO INCLUI CAMINHAO)","UN"]
[37771,"HIDROJATEADORA PARA DESOBSTRUCAO DE REDES E GALERIAS, TANQUE 7000 L, BOMBA TRIPLEX 140 KGF/CM2 260 L/MIN ALIMENTADA POR MOTOR INDEPENDENTE A DIESEL POTENCIA 125 CV (INCLUI MONTAGEM, NAO INCLUI CAMINHAO)","UN"]
[12772,"HIDROMETRO MULTIJATO / MEDIDOR DE AGUA, DN 1 1/2\", VAZAO MAXIMA DE 20 M3/H, PARA AGUA POTAVEL FRIA, RELOJOARIA PLANA, CLASSE B, HORIZONTAL (SEM CONEXOES)","UN",1245.94]
[12770,"HIDROMETRO MULTIJATO / MEDIDOR DE AGUA, DN 1\", VAZAO MAXIMA DE 10 M3/H, PARA AGUA POTAVEL FRIA, RELOJOARIA PLANA, CLASSE B, HORIZONTAL (SEM CONEXOES)","UN",749.67]
[12775,"HIDROMETRO MULTIJATO / MEDIDOR DE AGUA, DN 1\", VAZAO MAXIMA DE 7 M3/H, PARA AGUA POTAVEL FRIA, RELOJOARIA PLANA, CLASSE B, HORIZONTAL (SEM CONEXOES)","UN",549.04999999999995]
[12768,"HIDROMETRO MULTIJATO / MEDIDOR DE AGUA, DN 2\", VAZAO MAXIMA DE 30 M3/H, PARA AGUA POTAVEL FRIA, RELOJOARIA PLANA, CLASSE B, HORIZONTAL (SEM CONEXOES)","UN",1752.76]
[12769,"HIDROMETRO UNIJATO / MEDIDOR DE AGUA, DN 1/2\", VAZAO MAXIMA DE 1,5 M3/H, PARA AGUA POTAVEL FRIA, RELOJOARIA PLANA, CLASSE B, HORIZONTAL (SEM CONEXOES)","UN",143.6]
[12773,"HIDROMETRO UNIJATO / MEDIDOR DE AGUA, DN 1/2\", VAZAO MAXIMA DE 3 M3/H, PARA AGUA POTAVEL FRIA, RELOJOARIA PLANA, CLASSE B, HORIZONTAL (SEM CONEXOES)","UN",154.15]
[12774,"HIDROMETRO UNIJATO / MEDIDOR DE AGUA, DN 3/4\", VAZAO MAXIMA DE 5 M3/H, PARA AGUA POTAVEL FRIA, RELOJOARIA PLANA, CLASSE B, HORIZONTAL (SEM CONEXOES)0,","UN",190.05]
[12776,"HIDROMETRO WOLTMANN, DN 2\", VAZAO MAXIMA DE 50 M3/H, PARA AGUA POTAVEL FRIA, RELOJOARIA PLANA, TURBINA HORIZONTAL, EQUIPADO COM TELEMETRIA (SEM CONEXOES)","UN",2829.76]
[12777,"HIDROMETRO WOLTMANN, DN 3\", VAZAO MAXIMA DE 80 M3/H, PARA AGUA POTAVEL FRIA, RELOJOARIA PLANA, TURBINA HORIZONTAL, EQUIPADO COM TELEMETRIA (SEM CONEXOES)","UN",3695.58]
[12873,"IMPERMEABILIZADOR (HORISTA)","H",21.57]
[41076,"IMPERMEABILIZADOR (MENSALISTA)","MES",3807.32]
[140,"IMPERMEABILIZANTE FLEXIVEL BRANCO DE BASE ACRILICA PARA COBERTURAS","KG",16.93]
[151,"IMPERMEABILIZANTE INCOLOR, BASE SILICONE, PARA TRATAMENTO DE FACHADAS, TELHAS, PEDRAS E OUTRAS SUPERFICIES","L",24.98]
[7340,"IMUNIZANTE PARA MADEIRA, INCOLOR","L",27.09]
[40929,"INSTALADOR DE TUBULACOES (TUBOS/EQUIPAMENTOS) (MENSALISTA)","MES",3106.02]
[2701,"INSTALADOR DE TUBULACOES - TUBOS/EQUIPAMENTOS (HORISTA)","H",17.579999999999998]
[38064,"INTERRUPTOR BIPOLAR 10A, 250V, CONJUNTO MONTADO PARA EMBUTIR 4\" X 2\" (PLACA + SUPORTE + MODULO)","UN",18.41]
[38114,"INTERRUPTOR BIPOLAR SIMPLES 10 A, 250 V (APENAS MODULO)","UN",16.47]
[38115,"INTERRUPTOR INTERMEDIARIO 10 A, 250 V (APENAS MODULO)","UN",17.579999999999998]
[38065,"INTERRUPTOR INTERMEDIARIO 10A, 250V, CONJUNTO MONTADO PARA EMBUTIR 4\" X 2\" (PLACA + SUPORTE + MODULO)","UN",26.12]
[38078,"INTERRUPTOR PARALELO + TOMADA 2P+T 10A, 250V, CONJUNTO MONTADO PARA EMBUTIR 4\" X 2\" (PLACA + SUPORTE + MODULOS)","UN",15.24]
[38113,"INTERRUPTOR PARALELO 10A, 250V (APENAS MODULO)","UN",8.2799999999999994]
[38063,"INTERRUPTOR PARALELO 10A, 250V, CONJUNTO MONTADO PARA EMBUTIR 4\" X 2\" (PLACA + SUPORTE + MODULO)","UN",8.8800000000000008]
[38073,"INTERRUPTOR SIMPLES + 2 INTERRUPTORES PARALELOS 10A, 250V, CONJUNTO MONTADO PARA EMBUTIR 4\" X 2\" (PLACA + SUPORTE + MODULOS)","UN",21.55]
[38080,"INTERRUPTOR SIMPLES + INTERRUPTOR PARALELO + TOMADA 2P+T 10A, 250V, CONJUNTO MONTADO PARA EMBUTIR 4\" X 2\" (PLACA + SUPORTE + MODULOS)","UN",26.47]
[38069,"INTERRUPTOR SIMPLES + INTERRUPTOR PARALELO 10A, 250V, CONJUNTO MONTADO PARA EMBUTIR 4\" X 2\" (PLACA + SUPORTE + MODULOS)","UN",14.48]
[38077,"INTERRUPTOR SIMPLES + TOMADA 2P+T 10A, 250V, CONJUNTO MONTADO PARA EMBUTIR 4\" X 2\" (PLACA + SUPORTE + MODULOS)","UN",14.15]
[38112,"INTERRUPTOR SIMPLES 10A, 250V (APENAS MODULO)","UN",6.35]
[38062,"INTERRUPTOR SIMPLES 10A, 250V, CONJUNTO MONTADO PARA EMBUTIR 4\" X 2\" (PLACA + SUPORTE + MODULO)","UN",6.52]
[12129,"INTERRUPTOR SIMPLES 10A, 250V, CONJUNTO MONTADO PARA SOBREPOR 4\" X 2\" (CAIXA + 2 MODULOS)","UN",11.53]
[12128,"INTERRUPTOR SIMPLES 10A, 250V, CONJUNTO MONTADO PARA SOBREPOR 4\" X 2\" (CAIXA + MODULO)","UN",8.7200000000000006]
[38081,"INTERRUPTORES PARALELOS (2 MODULOS) + TOMADA 2P+T 10A, 250V, CONJUNTO MONTADO PARA EMBUTIR 4\" X 2\" (PLACA + SUPORTE + MODULOS)","UN",22.45]
[38070,"INTERRUPTORES PARALELOS (2 MODULOS) 10A, 250V, CONJUNTO MONTADO PARA EMBUTIR 4\" X 2\" (PLACA + SUPORTE + MODULOS)","UN",15.47]
[38074,"INTERRUPTORES PARALELOS (3 MODULOS) 10A, 250V, CONJUNTO MONTADO PARA EMBUTIR 4\" X 2\" (PLACA + SUPORTE + MODULO)","UN",23.52]
[38072,"INTERRUPTORES SIMPLES (2 MODULOS) + 1 INTERRUPTOR PARALELO 10A, 250V, CONJUNTO MONTADO PARA EMBUTIR 4\" X 2\" (PLACA + SUPORTE + MODULOS)","UN",19.399999999999999]
[38079,"INTERRUPTORES SIMPLES (2 MODULOS) + TOMADA 2P+T 10A, 250V, CONJUNTO MONTADO PARA EMBUTIR 4\" X 2\" (PLACA + SUPORTE + MODULOS)","UN",20.190000000000001]
[38068,"INTERRUPTORES SIMPLES (2 MODULOS) 10A, 250V, CONJUNTO MONTADO PARA EMBUTIR 4\" X 2\" (PLACA + SUPORTE + MODULOS)","UN",13.39]
[38071,"INTERRUPTORES SIMPLES (3 MODULOS) 10A, 250V, CONJUNTO MONTADO PARA EMBUTIR 4\" X 2\" (PLACA + SUPORTE + MODULOS)","UN",16.010000000000002]
[38412,"INVERSOR DE SOLDA MONOFASICO DE 160 A, POTENCIA DE 5400 W, TENSAO DE 220 V, TURBO VENTILADO, PROTECAO POR FUSIVEL TERMICO, PARA ELETRODOS DE 2,0 A 4,0 MM","UN",1148]
[3405,"ISOLADOR DE PORCELANA SUSPENSO, DISCO TIPO GARFO OLHAL, DIAMETRO DE 152 MM, PARA TENSAO DE *15* KV","UN",96.54]
[3394,"ISOLADOR DE PORCELANA, TIPO BUCHA, PARA TENSAO DE *15* KV","UN",509.6]
[3393,"ISOLADOR DE PORCELANA, TIPO BUCHA, PARA TENSAO DE *35* KV","UN",867.65]
[3406,"ISOLADOR DE PORCELANA, TIPO PINO MONOCORPO, PARA TENSAO DE *15* KV","UN",29.55]
[3395,"ISOLADOR DE PORCELANA, TIPO PINO MONOCORPO, PARA TENSAO DE *35* KV","UN",124.65]
[3398,"ISOLADOR DE PORCELANA, TIPO ROLDANA, DIMENSOES DE *72* X *72* MM, PARA USO EM BAIXA TENSAO","UN",5.92]
[40662,"JANELA BASCULANTE EM MADEIRA PINUS/ EUCALIPTO/ TAUARI/ VIROLA OU EQUIVALENTE DA REGIAO, *60 X 60*, CAIXA DO BATENTE/ MARCO E = *10* CM, 2 BASCULAS PARA VIDRO, COM FERRAGENS (SEM VIDRO, SEM GUARNICAO/ALIZAR E SEM ACABAMENTO)","UN",248.76]
[3437,"JANELA BASCULANTE EM MADEIRA PINUS/ EUCALIPTO/ TAUARI/ VIROLA OU EQUIVALENTE DA REGIAO, CAIXA DO BATENTE/ MARCO *10* CM, *2* FOLHAS BASCULANTES PARA VIDRO, COM FERRAGENS (SEM VIDRO, SEM GUARNICAO/ALIZAR E SEM ACABAMENTO)","M2",691.01]
[11190,"JANELA BASCULANTE, ACO, COM BATENTE/REQUADRO, 60 X 60 CM (SEM VIDROS)","UN"]
[34377,"JANELA BASCULANTE, EM ALUMINIO PERFIL 20, 80 X 60 CM (A X L), 4 FLS (1 FIXA E 3 MOVEIS), ACABAMENTO BRANCO OU BRILHANTE, BATENTE DE 3 A 4 CM, COM VIDRO 4 MM, SEM GUARNICAO","UN",145.43]
[40659,"JANELA DE 6 FOLHAS DE CORRER EM MADEIRA CEDRINHO/ ANGELIM COMERCIAL/ CURUPIXA/ CUMARU OU EQUIVALENTE DA REGIAO, CAIXA DO BATENTE/MARCO *10* CM, 2 FOLHAS DE CORRER VENEZIANA, 2 FOLHAS FIXAS VENEZIANA E 2 FOLHAS DE CORRER PARA VIDRO, COM FERRAGENS (SEM VIDRO, SEM ACABAMENTO E SEM GUARNICAO/ALIZAR)","M2",977.68]
[40660,"JANELA DE 6 FOLHAS DE CORRER EM MADEIRA IMBUIA/CEDRO ARANA/CEDRO ROSA OU EQUIVALENTE DA REGIAO, CAIXA DO BATENTE/MARCO *10* CM, 2 FOLHAS DE CORRER VENEZIANA, 2 FOLHAS FIXAS VENEZIANA E 2 FOLHAS DE CORRER PARA VIDRO, COM FERRAGENS (SEM VIDRO, SEM ACABAMENTO E SEM GUARNICAO/ALIZAR)","M2",1239.0999999999999]
[40661,"JANELA DE 6 FOLHAS DE CORRER EM MADEIRA PINUS/ EUCALIPTO/ TAUARI/ VIROLA OU EQUIVALENTE DA REGIAO, CAIXA DO BATENTE/MARCO *10* CM, 2 FOLHAS DE CORRER VENEZIANA, 2 FOLHAS FIXAS VENEZIANA E 2 FOLHAS DE CORRER PARA VIDRO, COM FERRAGENS (SEM VIDRO, SEM ACABAMENTO E SEM GUARNICAO/ALIZAR)","M2",761.83]
[3428,"JANELA DE ABRIR EM MADEIRA IMBUIA/CEDRO ARANA/CEDRO ROSA OU EQUIVALENTE DA REGIAO, CAIXA DO BATENTE/MARCO *10* CM, 2 FOLHAS DE ABRIR TIPO VENEZIANA E 2 FOLHAS DE ABRIR PARA VIDRO, COM GUARNICAO/ALIZAR, COM FERRAGENS, (SEM VIDRO E SEM ACABAMENTO)","M2",1025]
[3429,"JANELA DE ABRIR EM MADEIRA PINUS/EUCALIPTO/TAUARI/VIROLA OU EQUIVALENTE DA REGIAO, CAIXA DO BATENTE/MARCO *10* CM, 2 FOLHAS DE ABRIR TIPO VENEZIANA E 2 FOLHAS GUILHOTINA PARA VIDRO, COM FERRAGENS (SEM VIDRO, SEM GUARNICAO/ALIZAR E SEM ACABAMENTO)","M2",585.63]
[11199,"JANELA DE CORRER, ACO, BATENTE/REQUADRO DE 6 A 14 CM, COM DIVISAO HORIZ, PINT ANTICORROSIVA, SEM VIDRO, BANDEIRA COM BASCULA, 4 FLS, 120 X 150 CM (A X L)","UN"]
[36896,"JANELA DE CORRER, EM ALUMINIO PERFIL 25, 100 X 120 CM (A X L), 2 FLS MOVEIS, SEM BANDEIRA, ACABAMENTO BRANCO OU BRILHANTE, BATENTE DE 6 A 7 CM, COM VIDRO 4 MM, SEM GUARNICAO","UN",281.68]
[34367,"JANELA DE CORRER, EM ALUMINIO PERFIL 25, 100 X 150 CM (A X L), 2 FLS MOVEIS, SEM BANDEIRA, ACABAMENTO BRANCO OU BRILHANTE, BATENTE DE 6 A 7 CM, COM VIDRO 4 MM, SEM GUARNICAO","UN",363.04]
[36897,"JANELA DE CORRER, EM ALUMINIO PERFIL 25, 100 X 150 CM (A X L), 4 FLS MOVEIS, SEM BANDEIRA, ACABAMENTO BRANCO OU BRILHANTE, BATENTE DE 6 A 7 CM, COM VIDRO 4 MM, SEM GUARNICAO/ALIZAR","UN",439.55]
[34369,"JANELA DE CORRER, EM ALUMINIO PERFIL 25, 100 X 200 CM (A X L), 4 FLS, SEM BANDEIRA, ACABAMENTO BRANCO OU BRILHANTE, BATENTE DE 6 A 7 CM, COM VIDRO 4 MM, SEM GUARNICAO/ALIZAR","UN",505.84]
[34364,"JANELA DE CORRER, EM ALUMINIO PERFIL 25, 120 X 150 CM (A X L), 4 FLS, BANDEIRA COM BASCULA, ACABAMENTO BRANCO OU BRILHANTE, BATENTE/REQUADRO DE 6 A 14 CM, COM VIDRO 4 MM, SEM GUARNICAO/ALIZAR","UN",477.2]
[3421,"JANELA EM MADEIRA CEDRINHO/ ANGELIM COMERCIAL/ CURUPIXA/ CUMARU OU EQUIVALENTE DA REGIAO, CAIXA DO BATENTE/MARCO *10* CM, 2 FOLHAS DE ABRIR TIPO VENEZIANA E 2 FOLHAS GUILHOTINA PARA VIDRO, COM GUARNICAO/ALIZAR, COM FERRAGENS (SEM VIDRO E SEM ACABAMENTO)","M2",767.66]
[599,"JANELA FIXA, EM ALUMINIO PERFIL 20, 60 X 80 CM (A X L), BATENTE/REQUADRO DE 3 A 14 CM, COM VIDRO 4 MM, SEM GUARNICAO/ALIZAR, ACABAMENTO ALUM BRANCO OU BRILHANTE","M2",513.72]
[44053,"JANELA INTEGRADA VENEZIANA EM ALUMINIO PERFIL 25, 120 X 120 CM (A X L), 2 FLS (2 VIDROS) E VENEZIANA COM ACIONAMENTO MANUAL, SEM BANDEIRA, ACABAMENTO BRILHANTE, BATENTE DE 11,50 A 12,50 CM, COM VIDRO 4 MM, INCLUSO GUARNICAO","UN",1140.22]
[3423,"JANELA MAXIM-AR EM MADEIRA CEDRINHO/ ANGELIM COMERCIAL/ CURUPIXA/ CUMARU OU EQUIVALENTE DA REGIAO, CAIXA DO BATENTE/MARCO *10* CM, 1 FOLHA PARA VIDRO, COM GUARNICAO/ALIZAR, COM FERRAGENS, (SEM VIDRO E SEM ACABAMENTO)","M2",1082.58]
[34797,"JANELA MAXIM-AR, ACO GALVANIZADO PINT. ANTICORROSIVA, COM BATENTE/REQUADRO DE 6 A 14 CM, SEM VIDRO, COM GRADE, 1 FL, 60 X 80 CM (A X L)","UN"]
[34381,"JANELA MAXIM-AR, EM ALUMINIO PERFIL 25, 60 X 80 CM (A X L), ACABAMENTO BRANCO OU BRILHANTE, BATENTE DE 4 A 5 CM, COM VIDRO 4 MM, SEM GUARNICAO/ALIZAR","UN",207.43]
[44054,"JANELA VENEZIANA DE CORRER, EM ALUMINIO PERFIL 25, 100 X 120 CM (A X L), 3 FLS (2 VENEZIANAS E 1 VIDRO), SEM BANDEIRA, ACABAMENTO BRANCO OU BRILHANTE, BATENTE DE 8 A 9 CM, COM VIDRO 4 MM, SEM GUARNICAO/ALIZAR","UN",409.04]
[44399,"JANELA VENEZIANA DE CORRER, EM ALUMINIO PERFIL 25, 100 X 150 CM (A X L), 6 FLS (4 VENEZIANAS E 2 VIDROS), SEM BANDEIRA, ACABAMENTO BRANCO OU BRILHANTE, BATENTE DE 8 A 9 CM, COM VIDRO 4 MM, SEM GUARNICAO / ALIZAR","UN",558.88]
[44503,"JARDINEIRO (HORISTA)","H",17.690000000000001]
[41077,"JARDINEIRO (MENSALISTA)","MES",3124.05]
[37963,"JOELHO CPVC, SOLDAVEL, 45 GRAUS, 15 MM, PARA AGUA QUENTE","UN",4.5]
[37964,"JOELHO CPVC, SOLDAVEL, 45 GRAUS, 22 MM, PARA AGUA QUENTE","UN",6.02]
[37965,"JOELHO CPVC, SOLDAVEL, 45 GRAUS, 28 MM, PARA AGUA QUENTE","UN",8.68]
[37966,"JOELHO CPVC, SOLDAVEL, 45 GRAUS, 35 MM, PARA AGUA QUENTE","UN",15.24]
[37967,"JOELHO CPVC, SOLDAVEL, 45 GRAUS, 42 MM, PARA AGUA QUENTE","UN",25.61]
[37968,"JOELHO CPVC, SOLDAVEL, 45 GRAUS, 54 MM, PARA AGUA QUENTE","UN",54.39]
[37969,"JOELHO CPVC, SOLDAVEL, 45 GRAUS, 73 MM, PARA AGUA QUENTE","UN",137.43]
[37970,"JOELHO CPVC, SOLDAVEL, 45 GRAUS, 89 MM, PARA AGUA QUENTE","UN",198.83]
[44251,"JOELHO CPVC, SOLDAVEL, 90 GRAUS, 114 MM, PARA AGUA QUENTE","UN",229.66]
[21118,"JOELHO CPVC, SOLDAVEL, 90 GRAUS, 15 MM, PARA AGUA QUENTE","UN",3.58]
[37956,"JOELHO CPVC, SOLDAVEL, 90 GRAUS, 22 MM, PARA AGUA QUENTE","UN",4.3899999999999997]
[37957,"JOELHO CPVC, SOLDAVEL, 90 GRAUS, 28 MM, PARA AGUA QUENTE","UN",9.35]
[37958,"JOELHO CPVC, SOLDAVEL, 90 GRAUS, 35 MM, PARA AGUA QUENTE","UN",16.899999999999999]
[37959,"JOELHO CPVC, SOLDAVEL, 90 GRAUS, 42 MM, PARA AGUA QUENTE","UN",26.02]
[37960,"JOELHO CPVC, SOLDAVEL, 90 GRAUS, 54 MM, PARA AGUA QUENTE","UN",66.5]
[37961,"JOELHO CPVC, SOLDAVEL, 90 GRAUS, 73 MM, PARA AGUA QUENTE","UN",142.91]
[37962,"JOELHO CPVC, SOLDAVEL, 90 GRAUS, 89 MM, PARA AGUA QUENTE","UN",164.75]
[3533,"JOELHO DE REDUCAO, PVC SOLDAVEL, 90 GRAUS, 25 MM X 20 MM, COR MARROM, PARA AGUA FRIA PREDIAL","UN",2.58]
[3538,"JOELHO DE REDUCAO, PVC SOLDAVEL, 90 GRAUS, 32 MM X 25 MM, COR MARROM, PARA AGUA FRIA PREDIAL","UN",4.8899999999999997]
[3498,"JOELHO DE REDUCAO, PVC, ROSCAVEL, 90 GRAUS, 1\" X 3/4\", COR BRANCA, PARA AGUA FRIA PREDIAL","UN",4.74]
[3496,"JOELHO DE REDUCAO, PVC, ROSCAVEL, 90 GRAUS, 3/4\" X 1/2\", COR BRANCA, PARA AGUA FRIA PREDIAL","UN",3.17]
[38429,"JOELHO DE TRANSICAO, CPVC, SOLDAVEL, 90 GRAUS, 15 MM X 1/2\", PARA AGUA QUENTE","UN",12.17]
[38431,"JOELHO DE TRANSICAO, CPVC, SOLDAVEL, 90 GRAUS, 22 MM X 1/2\", PARA AGUA QUENTE","UN",15.26]
[38430,"JOELHO DE TRANSICAO, CPVC, SOLDAVEL, 90 GRAUS, 22 MM X 3/4\", PARA AGUA QUENTE","UN",23.66]
[36348,"JOELHO PPR 45 GRAUS, SOLDAVEL, F/F, DN 20 MM, PARA AGUA QUENTE PREDIAL","UN"]
[36349,"JOELHO PPR 45 GRAUS, SOLDAVEL, F/F, DN 25 MM, PARA AGUA QUENTE PREDIAL","UN"]
[38987,"JOELHO PPR 45 GRAUS, SOLDAVEL, F/F, DN 40 MM, PARA AQUA QUENTE E FRIA PREDIAL","UN"]
[38988,"JOELHO PPR 45 GRAUS, SOLDAVEL, F/F, DN 50 MM, PARA AQUA QUENTE E FRIA PREDIAL","UN"]
[38989,"JOELHO PPR 45 GRAUS, SOLDAVEL, F/F, DN 63 MM, PARA AQUA QUENTE E FRIA PREDIAL","UN"]
[38990,"JOELHO PPR 45 GRAUS, SOLDAVEL, F/F, DN 75 MM, PARA AQUA QUENTE E FRIA PREDIAL","UN"]
[38991,"JOELHO PPR 45 GRAUS, SOLDAVEL, F/F, DN 90 MM, PARA AQUA QUENTE E FRIA PREDIAL","UN"]
[38433,"JOELHO PPR, 45 GRAUS, SOLDAVEL, F/F, DN 32 MM, PARA AGUA QUENTE PREDIAL","UN"]
[38440,"JOELHO PPR, 90 GRAUS, SOLDAVEL, F/F, DN 110 MM, PARA AGUA QUENTE PREDIAL","UN"]
[36359,"JOELHO PPR, 90 GRAUS, SOLDAVEL, F/F, DN 20 MM, PARA AGUA QUENTE PREDIAL","UN"]
[36360,"JOELHO PPR, 90 GRAUS, SOLDAVEL, F/F, DN 25 MM, PARA AGUA QUENTE PREDIAL","UN"]
[38434,"JOELHO PPR, 90 GRAUS, SOLDAVEL, F/F, DN 32 MM, PARA AGUA QUENTE PREDIAL","UN"]
[38435,"JOELHO PPR, 90 GRAUS, SOLDAVEL, F/F, DN 40 MM, PARA AGUA QUENTE PREDIAL","UN"]
[38436,"JOELHO PPR, 90 GRAUS, SOLDAVEL, F/F, DN 50 MM, PARA AGUA QUENTE PREDIAL","UN"]
[38437,"JOELHO PPR, 90 GRAUS, SOLDAVEL, F/F, DN 63 MM, PARA AGUA QUENTE PREDIAL","UN"]
[38438,"JOELHO PPR, 90 GRAUS, SOLDAVEL, F/F, DN 75 MM, PARA AGUA QUENTE PREDIAL","UN"]
[38439,"JOELHO PPR, 90 GRAUS, SOLDAVEL, F/F, DN 90 MM, PARA AGUA QUENTE PREDIAL","UN"]
[10836,"JOELHO PVC COM VISITA, 90 GRAUS, DN 100 X 50 MM, SERIE NORMAL, PARA ESGOTO PREDIAL","UN",20.190000000000001]
[3510,"JOELHO PVC, 90 GRAUS, ROSCAVEL, 1 1/4\", COR BRANCA, AGUA FRIA PREDIAL","UN",11.9]
[10835,"JOELHO PVC, COM BOLSA E ANEL, 90 GRAUS, DN 40 X *38* MM, SERIE NORMAL, PARA ESGOTO PREDIAL","UN",5.64]
[3485,"JOELHO PVC, ROSCAVEL, 45 GRAUS, 1\", COR BRANCA, PARA AGUA FRIA PREDIAL","UN",12.51]
[3475,"JOELHO PVC, ROSCAVEL, 45 GRAUS, 1/2\", COR BRANCA, PARA AGUA FRIA PREDIAL","UN",4.5199999999999996]
[3534,"JOELHO PVC, ROSCAVEL, 45 GRAUS, 3/4\", COR BRANCA, PARA AGUA FRIA PREDIAL","UN",7.17]
[3482,"JOELHO PVC, ROSCAVEL, 90 GRAUS, 1\", COR BRANCA, PARA AGUA FRIA PREDIAL","UN",5.13]
[3543,"JOELHO PVC, ROSCAVEL, 90 GRAUS, 1/2\", COR BRANCA, PARA AGUA FRIA PREDIAL","UN",1.66]
[3505,"JOELHO PVC, ROSCAVEL, 90 GRAUS, 3/4\", COR BRANCA, PARA AGUA FRIA PREDIAL","UN",2.4700000000000002]
[3521,"JOELHO PVC, SOLDAVEL COM ROSCA, 90 GRAUS, 20 MM X 1/2\", COR MARROM, PARA AGUA FRIA PREDIAL","UN",1.86]
[3531,"JOELHO PVC, SOLDAVEL COM ROSCA, 90 GRAUS, 25 MM X 1/2\", COR MARROM, PARA AGUA FRIA PREDIAL","UN",3.55]
[3522,"JOELHO PVC, SOLDAVEL COM ROSCA, 90 GRAUS, 25 MM X 3/4\", COR MARROM, PARA AGUA FRIA PREDIAL","UN",2.29]
[3527,"JOELHO PVC, SOLDAVEL COM ROSCA, 90 GRAUS, 32 MM X 3/4\", COR MARROM, PARA AGUA FRIA PREDIAL","UN",12.05]
[3530,"JOELHO PVC, SOLDAVEL, 90 GRAUS, 110 MM, COR MARROM, PARA AGUA FRIA PREDIAL","UN",195.21]
[3542,"JOELHO PVC, SOLDAVEL, 90 GRAUS, 20 MM, COR MARROM, PARA AGUA FRIA PREDIAL","UN",0.56000000000000005]
[3529,"JOELHO PVC, SOLDAVEL, 90 GRAUS, 25 MM, COR MARROM, PARA AGUA FRIA PREDIAL","UN",0.69]
[3536,"JOELHO PVC, SOLDAVEL, 90 GRAUS, 32 MM, COR MARROM, PARA AGUA FRIA PREDIAL","UN",2.29]
[3535,"JOELHO PVC, SOLDAVEL, 90 GRAUS, 40 MM, COR MARROM, PARA AGUA FRIA PREDIAL","UN",5.57]
[3540,"JOELHO PVC, SOLDAVEL, 90 GRAUS, 50 MM, COR MARROM, PARA AGUA FRIA PREDIAL","UN",4.71]
[3539,"JOELHO PVC, SOLDAVEL, 90 GRAUS, 60 MM, COR MARROM, PARA AGUA FRIA PREDIAL","UN",27.32]
[3513,"JOELHO PVC, SOLDAVEL, 90 GRAUS, 85 MM, COR MARROM, PARA AGUA FRIA PREDIAL","UN",96.34]
[3516,"JOELHO PVC, SOLDAVEL, BB, 45 GRAUS, DN 40 MM, PARA ESGOTO PREDIAL","UN",2.33]
[3517,"JOELHO PVC, SOLDAVEL, BB, 90 GRAUS, SEM ANEL, DN 40 MM, PARA ESGOTO PREDIAL SECUNDARIO","UN",2.1]
[3515,"JOELHO PVC, SOLDAVEL, COM BUCHA DE LATAO, 90 GRAUS, 20 MM X 1/2\", PARA AGUA FRIA PREDIAL","UN",6.15]
[20147,"JOELHO PVC, SOLDAVEL, COM BUCHA DE LATAO, 90 GRAUS, 25 MM X 1/2\", PARA AGUA FRIA PREDIAL","UN",5.05]
[3524,"JOELHO PVC, SOLDAVEL, COM BUCHA DE LATAO, 90 GRAUS, 25 MM X 3/4\", PARA AGUA FRIA PREDIAL","UN",7.61]
[3532,"JOELHO PVC, SOLDAVEL, COM BUCHA DE LATAO, 90 GRAUS, 32 MM X 3/4\", PARA AGUA FRIA PREDIAL","UN",17.579999999999998]
[3528,"JOELHO PVC, SOLDAVEL, PB, 45 GRAUS, DN 100 MM, PARA ESGOTO PREDIAL","UN",9.09]
[37952,"JOELHO PVC, SOLDAVEL, PB, 45 GRAUS, DN 150 MM, PARA ESGOTO PREDIAL","UN",65.150000000000006]
[37951,"JOELHO PVC, SOLDAVEL, PB, 45 GRAUS, DN 40 MM, PARA ESGOTO PREDIAL","UN",2.4500000000000002]
[3518,"JOELHO PVC, SOLDAVEL, PB, 45 GRAUS, DN 50 MM, PARA ESGOTO PREDIAL","UN",3.77]
[3519,"JOELHO PVC, SOLDAVEL, PB, 45 GRAUS, DN 75 MM, PARA ESGOTO PREDIAL","UN",7.88]
[3520,"JOELHO PVC, SOLDAVEL, PB, 90 GRAUS, DN 100 MM, PARA ESGOTO PREDIAL","UN",8.26]
[37950,"JOELHO PVC, SOLDAVEL, PB, 90 GRAUS, DN 150 MM, PARA ESGOTO PREDIAL","UN",59.98]
[37949,"JOELHO PVC, SOLDAVEL, PB, 90 GRAUS, DN 40 MM, PARA ESGOTO PREDIAL","UN",2.21]
[3526,"JOELHO PVC, SOLDAVEL, PB, 90 GRAUS, DN 50 MM, PARA ESGOTO PREDIAL","UN",3.04]
[3509,"JOELHO PVC, SOLDAVEL, PB, 90 GRAUS, DN 75 MM, PARA ESGOTO PREDIAL","UN",6.91]
[20151,"JOELHO, PVC SERIE R, 45 GRAUS, DN 100 MM, PARA ESGOTO PREDIAL","UN",20.32]
[20152,"JOELHO, PVC SERIE R, 45 GRAUS, DN 150 MM, PARA ESGOTO PREDIAL","UN",73.52]
[20148,"JOELHO, PVC SERIE R, 45 GRAUS, DN 40 MM, PARA ESGOTO PREDIAL","UN",3.99]
[20149,"JOELHO, PVC SERIE R, 45 GRAUS, DN 50 MM, PARA ESGOTO PREDIAL","UN",6.67]
[20150,"JOELHO, PVC SERIE R, 45 GRAUS, DN 75 MM, PARA ESGOTO PREDIAL","UN",17.190000000000001]
[20157,"JOELHO, PVC SERIE R, 90 GRAUS, DN 100 MM, PARA ESGOTO PREDIAL","UN",19.3]
[20158,"JOELHO, PVC SERIE R, 90 GRAUS, DN 150 MM, PARA ESGOTO PREDIAL","UN",76.64]
[20154,"JOELHO, PVC SERIE R, 90 GRAUS, DN 40 MM, PARA ESGOTO PREDIAL","UN",3.91]
[20155,"JOELHO, PVC SERIE R, 90 GRAUS, DN 50 MM, PARA ESGOTO PREDIAL","UN",5.95]
[20156,"JOELHO, PVC SERIE R, 90 GRAUS, DN 75 MM, PARA ESGOTO PREDIAL","UN",16.739999999999998]
[3499,"JOELHO, PVC SOLDAVEL, 45 GRAUS, 20 MM, COR MARROM, PARA AGUA FRIA PREDIAL","UN",1.07]
[3500,"JOELHO, PVC SOLDAVEL, 45 GRAUS, 25 MM, COR MARROM, PARA AGUA FRIA PREDIAL","UN",1.42]
[3501,"JOELHO, PVC SOLDAVEL, 45 GRAUS, 32 MM, COR MARROM, PARA AGUA FRIA PREDIAL","UN",3.91]
[3502,"JOELHO, PVC SOLDAVEL, 45 GRAUS, 40 MM, COR MARROM, PARA AGUA FRIA PREDIAL","UN",5.62]
[3503,"JOELHO, PVC SOLDAVEL, 45 GRAUS, 50 MM, COR MARROM, PARA AGUA FRIA PREDIAL","UN",7.06]
[3477,"JOELHO, PVC SOLDAVEL, 45 GRAUS, 60 MM, COR MARROM, PARA AGUA FRIA PREDIAL","UN",25.67]
[3478,"JOELHO, PVC SOLDAVEL, 45 GRAUS, 75 MM, COR MARROM, PARA AGUA FRIA PREDIAL","UN",61.56]
[3525,"JOELHO, PVC SOLDAVEL, 45 GRAUS, 85 MM, COR MARROM, PARA AGUA FRIA PREDIAL","UN",75.97]
[3511,"JOELHO, PVC SOLDAVEL, 90 GRAUS, 75 MM, COR MARROM, PARA AGUA FRIA PREDIAL","UN",80.58]
[38913,"JOELHO/COTOVELO 90 GRAUS, METALICO, PARA CONEXAO COM ANEL DESLIZANTE, DN 16 MM, EM TUBO PEX PARA INST. AGUA QUENTE/FRIA","UN"]
[38914,"JOELHO/COTOVELO 90 GRAUS, METALICO, PARA CONEXAO COM ANEL DESLIZANTE, DN 20 MM, EM TUBO PEX PARA INST. AGUA QUENTE/FRIA","UN"]
[38915,"JOELHO/COTOVELO 90 GRAUS, METALICO, PARA CONEXAO COM ANEL DESLIZANTE, DN 25 MM, EM TUBO PEX PARA INST. AGUA QUENTE/FRIA","UN"]
[38916,"JOELHO/COTOVELO 90 GRAUS, METALICO, PARA CONEXAO COM ANEL DESLIZANTE, DN 32 MM, EM TUBO PEX PARA INST. AGUA QUENTE/FRIA","UN"]
[39300,"JOELHO/COTOVELO 90 GRAUS, PLASTICO, PARA CONEXAO COM CRIMPAGEM, DN 16 MM, EM TUBO PEX PARA INST. AGUA QUENTE/FRIA","UN"]
[39301,"JOELHO/COTOVELO 90 GRAUS, PLASTICO, PARA CONEXAO COM CRIMPAGEM, DN 20 MM, EM TUBO PEX PARA INST. AGUA QUENTE/FRIA","UN"]
[39302,"JOELHO/COTOVELO 90 GRAUS, PLASTICO, PARA CONEXAO COM CRIMPAGEM, DN 25 MM, EM TUBO PEX PARA INST. AGUA QUENTE/FRIA","UN"]
[38941,"JOELHO/COTOVELO 90 GRAUS, ROSCA FEMEA MOVEL, METALICO, PARA CONEXAO COM ANEL DESLIZANTE, DN 20 MM X 3/4\", EM TUBO PEX PARA INST. AGUA QUENTE/FRIA","UN"]
[38923,"JOELHO/COTOVELO 90 GRAUS, ROSCA FEMEA TERMINAL, METALICO, PARA CONEXAO COM ANEL DESLIZANTE, DN 16 MM X 1/2\", EM TUBO PEX PARA INST. AGUA QUENTE/FRIA","UN"]
[38925,"JOELHO/COTOVELO 90 GRAUS, ROSCA FEMEA TERMINAL, METALICO, PARA CONEXAO COM ANEL DESLIZANTE, DN 20 MM X 1/2\", EM TUBO PEX PARA INST. AGUA QUENTE/FRIA","UN"]
[38926,"JOELHO/COTOVELO 90 GRAUS, ROSCA FEMEA TERMINAL, METALICO, PARA CONEXAO COM ANEL DESLIZANTE, DN 20 MM X 3/4\", EM TUBO PEX PARA INST. AGUA QUENTE/FRIA","UN"]
[38927,"JOELHO/COTOVELO 90 GRAUS, ROSCA FEMEA TERMINAL, METALICO, PARA CONEXAO COM ANEL DESLIZANTE, DN 25 MM X 3/4\", EM TUBO PEX PARA INST. AGUA QUENTE/FRIA","UN"]
[39304,"JOELHO/COTOVELO 90 GRAUS, ROSCA FEMEA TERMINAL, PLASTICO, PARA CONEXAO COM CRIMPAGEM, DN 16 MM X 1/2\", EM TUBO PEX PARA INST. AGUA QUENTE/FRIA","UN"]
[39305,"JOELHO/COTOVELO 90 GRAUS, ROSCA FEMEA TERMINAL, PLASTICO, PARA CONEXAO COM CRIMPAGEM, DN 20 MM X 1/2\", EM TUBO PEX PARA INST. AGUA QUENTE/FRIA","UN"]
[39306,"JOELHO/COTOVELO 90 GRAUS, ROSCA FEMEA TERMINAL, PLASTICO, PARA CONEXAO COM CRIMPAGEM, DN 20 MM X 3/4\", EM TUBO PEX PARA INST. AGUA QUENTE/FRIA","UN"]
[38928,"JOELHO/COTOVELO 90 GRAUS, ROSCA FEMEA TERMINAL, PLASTICO, PARA CONEXAO COM CRIMPAGEM, DN 25 MM X 1/2\", EM TUBO PEX PARA INST. AGUA QUENTE/FRIA","UN"]
[38917,"JOELHO/COTOVELO 90 GRAUS, ROSCA FEMEA, COM BASE FIXA, METALICO, PARA CONEXAO COM ANEL DESLIZANTE, DN 16 MM X 1/2\", EM TUBO PEX PARA INST. AGUA QUENTE/FRIA","UN"]
[38919,"JOELHO/COTOVELO 90 GRAUS, ROSCA FEMEA, COM BASE FIXA, METALICO, PARA CONEXAO COM ANEL DESLIZANTE, DN 20 MM X 1/2\", EM TUBO PEX PARA INST. AGUA QUENTE/FRIA","UN"]
[38922,"JOELHO/COTOVELO 90 GRAUS, ROSCA FEMEA, COM BASE FIXA, METALICO, PARA CONEXAO COM ANEL DESLIZANTE, DN 25 MM X 3/4\", EM TUBO PEX PARA INST. AGUA QUENTE/FRIA","UN"]
[12032,"JOGO DE TRANQUETA E ROSETA QUADRADA DE SOBREPOR SEM FUROS, EM LATAO CROMADO, *50 X 50* MM, PARA FECHADURA DE PORTA DE BANHEIRO","JG",56.53]
[12030,"JOGO DE TRANQUETA E ROSETA REDONDA DE SOBREPOR SEM FUROS, EM LATAO CROMADO, DIAMETRO *50* MM, PARA FECHADURA DE PORTA DE BANHEIRO","JG",53.11]
[14157,"JUNCAO 2 GARRAS PARA FITA PERFURADA","UN",2.79]
[10908,"JUNCAO DE REDUCAO INVERTIDA, PVC SOLDAVEL, 100 X 50 MM, SERIE NORMAL PARA ESGOTO PREDIAL","UN",18.97]
[10909,"JUNCAO DE REDUCAO INVERTIDA, PVC SOLDAVEL, 100 X 75 MM, SERIE NORMAL PARA ESGOTO PREDIAL","UN",22.07]
[3669,"JUNCAO DE REDUCAO INVERTIDA, PVC SOLDAVEL, 75 X 50 MM, SERIE NORMAL PARA ESGOTO PREDIAL","UN",13.56]
[20139,"JUNCAO DUPLA, PVC SERIE R, DN 100 X 100 X 100 MM, PARA ESGOTO PREDIAL","UN",116.59]
[3668,"JUNCAO DUPLA, PVC SOLDAVEL, DN 100 X 100 X 100 MM, SERIE NORMAL PARA ESGOTO PREDIAL","UN",41.65]
[10911,"JUNCAO INVERTIDA, PVC SOLDAVEL, 75 X 75 MM, SERIE NORMAL PARA ESGOTO PREDIAL","UN",18.260000000000002]
[3659,"JUNCAO SIMPLES DE REDUCAO, PVC, DN 100 X 50 MM, SERIE NORMAL PARA ESGOTO PREDIAL","UN",18.600000000000001]
[3660,"JUNCAO SIMPLES DE REDUCAO, PVC, DN 100 X 75 MM, SERIE NORMAL PARA ESGOTO PREDIAL","UN",24.05]
[20144,"JUNCAO SIMPLES, PVC SERIE R, DN 100 X 100 MM, PARA ESGOTO PREDIAL","UN",53.87]
[20143,"JUNCAO SIMPLES, PVC SERIE R, DN 100 X 75 MM, PARA ESGOTO PREDIAL","UN",68.92]
[20145,"JUNCAO SIMPLES, PVC SERIE R, DN 150 X 100 MM, PARA ESGOTO PREDIAL","UN",132.94999999999999]
[20146,"JUNCAO SIMPLES, PVC SERIE R, DN 150 X 150 MM, PARA ESGOTO PREDIAL","UN",181.74]
[20140,"JUNCAO SIMPLES, PVC SERIE R, DN 40 X 40 MM, PARA ESGOTO PREDIAL","UN",8.52]
[20141,"JUNCAO SIMPLES, PVC SERIE R, DN 50 X 50 MM, PARA ESGOTO PREDIAL","UN",20.88]
[20142,"JUNCAO SIMPLES, PVC SERIE R, DN 75 X 75 MM, PARA ESGOTO PREDIAL","UN",36.729999999999997]
[3670,"JUNCAO SIMPLES, PVC, 45 GRAUS, DN 100 X 100 MM, SERIE NORMAL PARA ESGOTO PREDIAL","UN",23.89]
[3666,"JUNCAO SIMPLES, PVC, 45 GRAUS, DN 40 X 40 MM, SERIE NORMAL PARA ESGOTO PREDIAL","UN",3.76]
[3662,"JUNCAO SIMPLES, PVC, 45 GRAUS, DN 50 X 50 MM, SERIE NORMAL PARA ESGOTO PREDIAL","UN",9.8000000000000007]
[3658,"JUNCAO SIMPLES, PVC, 45 GRAUS, DN 75 X 75 MM, SERIE NORMAL PARA ESGOTO PREDIAL","UN",18.57]
[42696,"JUNCAO, PVC, 45 GRAUS, JE, BBB, DN 150 MM, PARA TUBO CORRUGADO E/OU LISO, REDE COLETORA DE ESGOTO","UN",147.27000000000001]
[39875,"JUNTA DE EXPANSAO BRONZE/LATAO, PONTA X PONTA, 35 MM","UN"]
[39876,"JUNTA DE EXPANSAO BRONZE/LATAO, PONTA X PONTA, 42 MM","UN"]
[39877,"JUNTA DE EXPANSAO BRONZE/LATAO, PONTA X PONTA, 54 MM","UN"]
[39878,"JUNTA DE EXPANSAO BRONZE/LATAO, PONTA X PONTA, 66 MM","UN"]
[39872,"JUNTA DE EXPANSAO DE COBRE, PONTA X PONTA, 15 MM","UN"]
[39873,"JUNTA DE EXPANSAO DE COBRE, PONTA X PONTA, 22 MM","UN"]
[39874,"JUNTA DE EXPANSAO DE COBRE, PONTA X PONTA, 28 MM","UN"]
[3674,"JUNTA DILATACAO ELASTICA PARA CONCRETO (FUGENBAND) O-12, ATE 5 MCA","M",177.82]
[3681,"JUNTA DILATACAO ELASTICA PARA CONCRETO (FUGENBAND) O-22, ATE 30 MCA","M",264.56]
[3676,"JUNTA DILATACAO ELASTICA PARA CONCRETO (FUGENBAND) O-35/10, ATE 100 MCA","M",995.64]
[3679,"JUNTA DILATACAO ELASTICA PARA CONCRETO (FUGENBAND) O-35/6, ATE 100 MCA","M",823.71]
[3672,"JUNTA PLASTICA DE DILATACAO PARA PISOS, COR CINZA, 10 X 4,5 MM (ALTURA X ESPESSURA)","M",2.81]
[3671,"JUNTA PLASTICA DE DILATACAO PARA PISOS, COR CINZA, 17 X 3 MM (ALTURA X ESPESSURA)","M",2.65]
[3673,"JUNTA PLASTICA DE DILATACAO PARA PISOS, COR CINZA, 27 X 3 MM (ALTURA X ESPESSURA)","M",4.16]
[38394,"KIT ACESSORIOS PARA COMPRESSOR DE AR, 5 PECAS (PISTOLAS PINTURA, LIMPEZA E PULVERIZACAO, CALIBRADOR E MANGUEIRA)","UN",453.23]
[3729,"KIT CAVALETE, PVC, COM REGISTRO, PARA HIDROMETRO, BITOLAS 1/2\" OU 3/4\" - COMPLETO","UN",130.88999999999999]
[39357,"KIT CHASSI COZINHA, CUBA SIMPLES SEM MAQUINA LAVAR LOUCA, INSTAL. PEX, QUADRO METALICO C/ TRAVESSA C/ FURO P/ESGOTO DN 50 MM E FUROS SUPERIORES P/AGUA, *340* X *650* MM (L X H), P/ CONEXAO COM ANEL DESLIZANTE (CONJUNTO COMPLETO)","UN"]
[39358,"KIT CHASSI COZINHA, CUBA SIMPLES SEM MAQUINA LAVAR LOUCA, INSTAL. PEX, QUADRO METALICO C/ TRAVESSA COM FURO P/ESGOTO DN 50 MM E FUROS SUPERIORES P/AGUA, *340* X *650* MM (L X H), P/ CONEXAO COM CRIMPAGEM (CONJUNTO COMPLETO)","UN"]
[39355,"KIT CHASSI TANQUE E MAQUINA LAVAR ROUPA, INSTAL. PEX, QUADRO METALICO C/ TRAVESSA C/ FURO P/ ESGOTO DN 50 MM, FURO LATERAL P/ MAQUINA E FUROS SUPERIORES P/ AGUA, *344* X *442* MM (L X H), P/ CONEXAO COM ANEL DESLIZANTE (CONJUNTO COMPLETO)","UN"]
[39356,"KIT CHASSI TANQUE E MAQUINA LAVAR ROUPA, INSTAL. PEX, QUADRO METALICO C/ TRAVESSA C/ FURO P/ ESGOTO DN 50 MM, FURO LATERAL P/MAQUINA E FUROS SUPERIORES P/AGUA, *344* X *442* MM (L X H), P/ CONEXAO COM CRIMPAGEM (CONJUNTO COMPLETO)","UN"]
[39353,"KIT CHUVEIRO, INSTAL. PEX, QUADRO METALICO C/ 2 TRAVESSAS, SUPERIOR C/ ESPERA P/ CHUVEIRO, INFERIOR C/ 2 REGISTROS DE PRESSAO 1/2 \", *390* X *900* MM (L X H), CONEXAO COM ANEL DESLIZANTE (CONJUNTO COMPLETO)","UN"]
[39354,"KIT CHUVEIRO, INSTAL. PEX, QUADRO METALICO C/2 TRAVESSAS, SUPERIOR C/ ESPERA P/ CHUVEIRO E INFERIOR C/2 REGISTROS DE PRESSAO 1/2 \", *390* X *900* MM (L X H), CONEXAO COM CRIMPAGEM (CONJUNTO COMPLETO)","UN"]
[39398,"KIT DE ACESSORIOS PARA BANHEIRO EM METAL CROMADO, 5 PECAS","UN",78.959999999999994]
[13343,"KIT DE MATERIAIS PARA BRACADEIRA PARA FIXACAO EM POSTE CIRCULAR, CONTEM TRES FIXADORES E UM ROLO DE FITA DE 3 M EM ACO CARBONO","UN",53.58]
[12118,"KIT DE PROTECAO ARSTOP PARA AR CONDICIONADO, TOMADA PADRAO 2P+T 20 A, COM DISJUNTOR UNIPOLAR DIN 20A","UN",20.92]
[39482,"KIT PORTA PRONTA DE MADEIRA, FOLHA LEVE (NBR 15930) DE 600 X 2100 MM OU 700 X 2100 MM, DE 35 MM A 40 MM DE ESPESSURA, COM MARCO EM ACO, NUCLEO COLMEIA, CAPA LISA EM HDF, ACABAMENTO MELAMINICO BRANCO (INCLUI MARCO, ALIZARES, DOBRADICAS E FECHADURA)","UN",574.42999999999995]
[39486,"KIT PORTA PRONTA DE MADEIRA, FOLHA LEVE (NBR 15930) DE 600 X 2100 MM OU 700 X 2100 MM, DE 35 MM A 40 MM DE ESPESSURA, NUCLEO COLMEIA, ESTRUTURA USINADA PARA FECHADURA, CAPA LISA EM HDF, ACABAMENTO EM PRIMER PARA PINTURA (INCLUI MARCO, ALIZARES E DOBRADICAS)","UN",468.82]
[39484,"KIT PORTA PRONTA DE MADEIRA, FOLHA LEVE (NBR 15930) DE 800 X 2100 MM, DE 35 MM A 40 MM DE ESPESSURA, COM MARCO EM ACO, NUCLEO COLMEIA, CAPA LISA EM HDF, ACABAMENTO MELAMINICO BRANCO (INCLUI MARCO, ALIZARES, DOBRADICAS E FECHADURA)","UN",574.42999999999995]
[39488,"KIT PORTA PRONTA DE MADEIRA, FOLHA LEVE (NBR 15930) DE 800 X 2100 MM, DE 35 MM A 40 MM DE ESPESSURA, NUCLEO COLMEIA, ESTRUTURA USINADA PARA FECHADURA, CAPA LISA EM HDF, ACABAMENTO EM PRIMER PARA PINTURA (INCLUI MARCO, ALIZARES E DOBRADICAS)","UN",476.49]
[39485,"KIT PORTA PRONTA DE MADEIRA, FOLHA LEVE (NBR 15930) DE 900 X 2100 MM, DE 35 MM A 40 MM DE ESPESSURA, COM MARCO EM ACO, NUCLEO COLMEIA, CAPA LISA EM HDF, ACABAMENTO MELAMINICO BRANCO (INCLUI MARCO, ALIZARES, DOBRADICAS E FECHADURA)","UN",574.42999999999995]
[39489,"KIT PORTA PRONTA DE MADEIRA, FOLHA LEVE (NBR 15930) DE 900 X 2100 MM, DE 35 MM A 40 MM DE ESPESSURA, NUCLEO COLMEIA, ESTRUTURA USINADA PARA FECHADURA, CAPA LISA EM HDF, ACABAMENTO EM PRIMER PARA PINTURA (INCLUI MARCO, ALIZARES E DOBRADICAS)","UN",484.57]
[39490,"KIT PORTA PRONTA DE MADEIRA, FOLHA MEDIA (NBR 15930) DE 600 X 2100 MM OU 700 X 2100 MM, DE 35 MM A 40 MM DE ESPESSURA, NUCLEO SEMI-SOLIDO (SARRAFEADO), ESTRUTURA USINADA PARA FECHADURA, CAPA LISA EM HDF, ACABAMENTO MELAMINICO BRANCO (INCLUI MARCO, ALIZARES E DOBRADICAS)","UN",722.08]
[39494,"KIT PORTA PRONTA DE MADEIRA, FOLHA MEDIA (NBR 15930) DE 600 X 2100 MM, DE 35 MM A 40 MM DE ESPESSURA, NUCLEO SEMI-SOLIDO (SARRAFEADO), ESTRUTURA USINADA PARA FECHADURA, CAPA LISA EM HDF, ACABAMENTO EM PRIMER PARA PINTURA (INCLUI MARCO, ALIZARES E DOBRADICAS)","UN",518.51]
[39495,"KIT PORTA PRONTA DE MADEIRA, FOLHA MEDIA (NBR 15930) DE 700 X 2100 MM, DE 35 MM A 40 MM DE ESPESSURA, NUCLEO SEMI-SOLIDO (SARRAFEADO), ESTRUTURA USINADA PARA FECHADURA, CAPA LISA EM HDF, ACABAMENTO EM PRIMER PARA PINTURA (INCLUI MARCO, ALIZARES E DOBRADICAS)","UN",584.29]
[39496,"KIT PORTA PRONTA DE MADEIRA, FOLHA MEDIA (NBR 15930) DE 800 X 2100 MM, DE 35 MM A 40 MM DE ESPESSURA, NUCLEO SEMI-SOLIDO (SARRAFEADO), ESTRUTURA USINADA PARA FECHADURA, CAPA LISA EM HDF, ACABAMENTO EM PRIMER PARA PINTURA (INCLUI MARCO, ALIZARES E DOBRADICAS)","UN",642.72]
[39492,"KIT PORTA PRONTA DE MADEIRA, FOLHA MEDIA (NBR 15930) DE 800 X 2100 MM, DE 35 MM A 40 MM DE ESPESSURA, NUCLEO SEMI-SOLIDO (SARRAFEADO), ESTRUTURA USINADA PARA FECHADURA, CAPA LISA EM HDF, ACABAMENTO MELAMINICO BRANCO (INCLUI MARCO, ALIZARES E DOBRADICAS)","UN",744.1]
[39497,"KIT PORTA PRONTA DE MADEIRA, FOLHA MEDIA (NBR 15930) DE 900 X 2100 MM, DE 35 MM A 40 MM DE ESPESSURA, NUCLEO SEMI-SOLIDO (SARRAFEADO), ESTRUTURA USINADA PARA FECHADURA, CAPA LISA EM HDF, ACABAMENTO EM PRIMER PARA PINTURA (INCLUI MARCO, ALIZARES E DOBRADICAS)","UN",672.11]
[39493,"KIT PORTA PRONTA DE MADEIRA, FOLHA MEDIA (NBR 15930) DE 900 X 2100 MM, DE 35 MM A 40 MM DE ESPESSURA, NUCLEO SEMI-SOLIDO (SARRAFEADO), ESTRUTURA USINADA PARA FECHADURA, CAPA LISA EM HDF, ACABAMENTO MELAMINICO BRANCO (INCLUI MARCO, ALIZARES E DOBRADICAS)","UN",798.11]
[43628,"KIT PORTA PRONTA DE MADEIRA, FOLHA PESADA (NBR 15930) DE 800 X 2100 MM, DE 40 MM A 45 MM DE ESPESSURA, COM MARCO EM ACO, NUCLEO SOLIDO, CAPA LISA EM HDF, ACABAMENTO MELAMINICO BRANCO (INCLUI MARCO, ALIZARES, DOBRADICAS E FECHADURA)","UN",846.54]
[39500,"KIT PORTA PRONTA DE MADEIRA, FOLHA PESADA (NBR 15930) DE 800 X 2100 MM, DE 40 MM A 45 MM DE ESPESSURA, NUCLEO SOLIDO, CAPA LISA EM HDF, ACABAMENTO MELAMINICO BRANCO (INCLUI MARCO, ALIZARES, DOBRADICAS E FECHADURA EXTERNA)","UN",870.81]
[39498,"KIT PORTA PRONTA DE MADEIRA, FOLHA PESADA (NBR 15930) DE 800 X 2100 MM, DE 40 MM A 45 MM DE ESPESSURA, NUCLEO SOLIDO, ESTRUTURA USINADA PARA FECHADURA, CAPA LISA EM HDF, ACABAMENTO EM LAMINADO NATURAL COM VERNIZ (INCLUI MARCO, ALIZARES E DOBRADICAS)","UN",1073.99]
[43621,"KIT PORTA PRONTA DE MADEIRA, FOLHA PESADA (NBR 15930) DE 900 X 2100 MM, DE 40 MM A 45 MM DE ESPESSURA, COM MARCO EM ACO, NUCLEO SOLIDO, CAPA LISA EM HDF, ACABAMENTO MELAMINICO BRANCO (INCLUI MARCO, ALIZARES, DOBRADICAS E FECHADURA)","UN",899.45]
[39501,"KIT PORTA PRONTA DE MADEIRA, FOLHA PESADA (NBR 15930) DE 900 X 2100 MM, DE 40 MM A 45 MM DE ESPESSURA, NUCLEO SOLIDO, CAPA LISA EM HDF, ACABAMENTO MELAMINICO BRANCO (INCLUI MARCO, ALIZARES, DOBRADICAS E FECHADURA EXTERNA)","UN",894.39]
[39499,"KIT PORTA PRONTA DE MADEIRA, FOLHA PESADA (NBR 15930) DE 900 X 2100 MM, DE 40 MM A 45 MM DE ESPESSURA, NUCLEO SOLIDO, ESTRUTURA USINADA PARA FECHADURA, CAPA LISA EM HDF, ACABAMENTO EM LAMINADO NATURAL COM VERNIZ (INCLUI MARCO, ALIZARES E DOBRADICAS)","UN",1089.25]
[3733,"LADRILHO HIDRAULICO, *20 X 20* CM, E= 2 CM, PADRAO COPACABANA, 2 CORES (PRETO E BRANCO)","M2",60.22]
[3731,"LADRILHO HIDRAULICO, *20 X 20* CM, E= 2 CM, PADRAO DADOS, COR NATURAL","M2",55.9]
[38137,"LADRILHO HIDRAULICO, *25 X 25* CM, E= 2 CM, PADRAO RAMPA, COR NATURAL","M2",56.23]
[38138,"LADRILHO HIDRAULICO, *30 X 30* CM, E= 2 CM, PADRAO MILANO, COR NATURAL","M2",55.21]
[3745,"LAJE PRE-MOLDADA CONVENCIONAL (LAJOTAS + VIGOTAS) PARA FORRO, UNIDIRECIONAL, SOBRECARGA 100 KG/M2, VAO ATE 5,00 M (SEM COLOCACAO)","M2",68.56]
[3736,"LAJE PRE-MOLDADA CONVENCIONAL (LAJOTAS + VIGOTAS) PARA FORRO, UNIDIRECIONAL, SOBRECARGA DE 100 KG/M2, VAO ATE 4,00 M (SEM COLOCACAO)","M2",61]
[3741,"LAJE PRE-MOLDADA CONVENCIONAL (LAJOTAS + VIGOTAS) PARA FORRO, UNIDIRECIONAL, SOBRECARGA DE 100 KG/M2, VAO ATE 4,50 M (SEM COLOCACAO)","M2",63.58]
[3747,"LAJE PRE-MOLDADA CONVENCIONAL (LAJOTAS + VIGOTAS) PARA PISO, UNIDIRECIONAL, SOBRECARGA 350 KG/M2 VAO ATE 3,50 M (SEM COLOCACAO)","M2",69.739999999999995]
[3743,"LAJE PRE-MOLDADA CONVENCIONAL (LAJOTAS + VIGOTAS) PARA PISO, UNIDIRECIONAL, SOBRECARGA DE 200 KG/M2, VAO ATE 3,50 M (SEM COLOCACAO)","M2",63.36]
[3744,"LAJE PRE-MOLDADA CONVENCIONAL (LAJOTAS + VIGOTAS) PARA PISO, UNIDIRECIONAL, SOBRECARGA DE 200 KG/M2, VAO ATE 4,50 M (SEM COLOCACAO)","M2",69.739999999999995]
[3739,"LAJE PRE-MOLDADA CONVENCIONAL (LAJOTAS + VIGOTAS) PARA PISO, UNIDIRECIONAL, SOBRECARGA DE 200 KG/M2, VAO ATE 5,00 M (SEM COLOCACAO)","M2",73.290000000000006]
[3737,"LAJE PRE-MOLDADA CONVENCIONAL (LAJOTAS + VIGOTAS) PARA PISO, UNIDIRECIONAL, SOBRECARGA DE 350 KG/M2, VAO ATE 4,50 M (SEM COLOCACAO)","M2",76.84]
[3738,"LAJE PRE-MOLDADA CONVENCIONAL (LAJOTAS + VIGOTAS) PARA PISO, UNIDIRECIONAL, SOBRECARGA DE 350 KG/M2, VAO ATE 5,00 M (SEM COLOCACAO)","M2",88.66]
[11649,"LAJE PRE-MOLDADA DE TRANSICAO EXCENTRICA EM CONCRETO ARMADO, DN 1200 MM, FURO CIRCULAR DN 600 MM, ESPESSURA 12 CM","UN",505.96]
[11650,"LAJE PRE-MOLDADA DE TRANSICAO EXCENTRICA EM CONCRETO ARMADO, DN 1500 MM, FURO CIRCULAR DN 530 MM, ESPESSURA 15 CM","UN",862.39]
[3742,"LAJE PRE-MOLDADA TRELICADA (LAJOTAS + VIGOTAS) PARA FORRO, UNIDIRECIONAL, SOBRECARGA DE 100 KG/M2, VAO ATE 6,00 M (SEM COLOCACAO)","M2",91.97]
[3746,"LAJE PRE-MOLDADA TRELICADA (LAJOTAS + VIGOTAS) PARA PISO, UNIDIRECIONAL, SOBRECARGA DE 200 KG/M2, VAO ATE 6,00 M (SEM COLOCACAO)","M2",107.38]
[21106,"LAMBRI EM ALUMINIO, DE APROXIMADAMENTE 0,6 KG/M, COM APROXIMADAMENTE 168,0 MM DE LARGURA, 6,0 MM DE ALTURA E 6,0 M DE EXTENSAO","KG",54.37]
[38194,"LAMPADA LED 10 W BIVOLT BRANCA, FORMATO TRADICIONAL (BASE E27)","UN",5.45]
[38193,"LAMPADA LED 6 W BIVOLT BRANCA, FORMATO TRADICIONAL (BASE E27)","UN",4.7300000000000004]
[39388,"LAMPADA LED TIPO DICROICA BIVOLT, LUZ BRANCA, 5 W (BASE GU10)","UN",6.7]
[39387,"LAMPADA LED TUBULAR BIVOLT 18/20 W, BASE G13","UN",10.45]
[39386,"LAMPADA LED TUBULAR BIVOLT 9/10 W, BASE G13","UN",7.28]
[746,"LAVADORA DE ALTA PRESSAO (LAVA - JATO) PARA AGUA FRIA, PRESSAO DE OPERACAO ENTRE 1400 E 1900 LIB/POL2, VAZAO MAXIMA ENTRE 400 E 700 L/H, POTENCIA DE OPERACAO ENTRE 2,50 E 3,00 CV","UN",2609]
[20269,"LAVATORIO / CUBA DE EMBUTIR, OVAL, DE LOUCA BRANCA, SEM LADRAO, DIMENSOES *50 X 35* CM (L X C)","UN",98.75]
[20270,"LAVATORIO / CUBA DE EMBUTIR, OVAL, DE LOUCA COLORIDA, SEM LADRAO, DIMENSOES *50 X 35* CM (L X C)","UN",109.11]
[11696,"LAVATORIO / CUBA DE SOBREPOR, OVAL PEQUENA, DE LOUCA BRANCA, SEM LADRAO, DIMENSOES *44 X 31* CM (L X C)","UN",174.67]
[10427,"LAVATORIO / CUBA DE SOBREPOR, RETANGULAR, DE LOUCA BRANCA, COM LADRAO, DIMENSOES *52 X 45* CM (L X C)","UN",488.79]
[10428,"LAVATORIO / CUBA DE SOBREPOR, RETANGULAR, DE LOUCA COLORIDA, COM LADRAO, DIMENSOES *52 X 45* CM (L X C)","UN",503.61]
[36521,"LAVATORIO DE CANTO DE LOUCA BRANCA, SUSPENSO (SEM COLUNA), DIMENSOES *40 X 30* CM (L X C)","UN",157.13]
[36794,"LAVATORIO DE LOUCA BRANCA, COM COLUNA, DIMENSOES *44 X 35* CM (L X C)","UN",167.28]
[10426,"LAVATORIO DE LOUCA BRANCA, COM COLUNA, DIMENSOES *54 X 44* CM (L X C)","UN",187.32]
[10425,"LAVATORIO DE LOUCA BRANCA, SUSPENSO (SEM COLUNA), DIMENSOES *40 X 30* CM","UN",95.03]
[10431,"LAVATORIO DE LOUCA COLORIDA, COM COLUNA, DIMENSOES *54 X 44* CM (L X C)","UN",325.35000000000002]
[10429,"LAVATORIO DE LOUCA COLORIDA, SUSPENSO (SEM COLUNA), DIMENSOES *40 X 30* CM (L X C)","UN",160.5]
[10853,"LETRA ACO INOX (AISI 304), CHAPA NUM. 22, RECORTADO, H= 20 CM (SEM RELEVO)","UN",104.07]
[5093,"LEVANTADOR DE JANELA GUILHOTINA, EM LATAO CROMADO","PAR",17.96]
[44331,"LIMPA VIDROS COM PULVERIZADOR","L",74.489999999999995]
[37768,"LIMPADORA A SUCCAO, TANQUE 12000 L, BASCULAMENTO HIDRAULICO, BOMBA 12 M3/MIN 95% VACUO (INCLUI MONTAGEM, NAO INCLUI CAMINHAO)","UN"]
[37773,"LIMPADORA DE SUCCAO TANQUE 7000 L, BOMBA 12 M3/MIN 95% VACUO (INCLUI MONTAGEM, NAO INCLUI CAMINHAO)","UN"]
[37769,"LIMPADORA DE SUCCAO, TANQUE 11000 L, BOMBA 340 M3/MIN (INCLUI MONTAGEM, NAO INCLUI CAMINHAO)","UN"]
[37770,"LIMPADORA DE SUCCAO, TANQUE 5500 L, BOMBA 60M3/MIN, VACUO 500 MBAR (INCLUI MONTAGEM, NAO INCLUI CAMINHAO)","UN"]
[38382,"LINHA PARA PEDREIRO LISA, 0,8 MM X 100 M","UN",16.489999999999998]
[38383,"LIXA D'AGUA EM FOLHA, COR PRETA, GRAO 100","UN",3.09]
[3768,"LIXA EM FOLHA PARA FERRO, NUMERO 150","UN",3.7]
[3767,"LIXA EM FOLHA PARA PAREDE OU MADEIRA, NUMERO 120, COR VERMELHA","UN",1.24]
[13192,"LIXADEIRA ELETRICA ANGULAR PARA CONCRETO, POTENCIA 1.400 W, PRATO DIAMANTADO DE 5\"","UN",4985.7299999999996]
[38413,"LIXADEIRA ELETRICA ANGULAR, PARA DISCO DE 7\" (180 MM), POTENCIA DE 2.200 W, *5.000* RPM, 220 V","UN",824.56]
[42440,"LIXEIRA DUPLA, COM CAPACIDADE VOLUMETRICA DE 60L*, FABRICADA EM TUBO DE ACO CARBONO, CESTOS EM CHAPA DE ACO E PINTURA NO PROCESSO ELETROSTATICO - PARA ACADEMIA AO AR LIVRE / ACADEMIA DA TERCEIRA IDADE - ATI","UN"]
[20193,"LOCACAO DE ANDAIME METALICO TIPO FACHADEIRO, PECAS COM APROXIMADAMENTE 1,20 M DE LARGURA E 2,0 M DE ALTURA, INCLUINDO DIAGONAIS EM X, BARRAS DE LIGACAO, SAPATAS E DEMAIS ITENS NECESSARIOS A MONTAGEM (NAO INCLUI INSTALACAO)","M2XMES",16.5]
[10527,"LOCACAO DE ANDAIME METALICO TUBULAR DE ENCAIXE, TIPO DE TORRE, CADA PAINEL COM LARGURA DE 1 ATE 1,5 M E ALTURA DE *1,00* M, INCLUINDO DIAGONAL, BARRAS DE LIGACAO, SAPATAS OU RODIZIOS E DEMAIS ITENS NECESSARIOS A MONTAGEM (NAO INCLUI INSTALACAO)","MXMES",22]
[41805,"LOCACAO DE ANDAIME SUSPENSO OU BALANCIM MANUAL, CAPACIDADE DE CARGA TOTAL DE APROXIMADAMENTE 250 KG/M2, PLATAFORMA DE 1,50 M X 0,80 M (C X L), CABO DE 45 M","MES",632.5]
[40271,"LOCACAO DE APRUMADOR METALICO DE PILAR, COM ALTURA E ANGULO REGULAVEIS, EXTENSAO DE *1,50* A *2,80* M","UNXMES",16.84]
[40287,"LOCACAO DE BARRA DE ANCORAGEM DE 0,80 A 1,20 M DE EXTENSAO, COM ROSCA DE 5/8\", INCLUINDO PORCA E FLANGE","MES",6.48]
[4084,"LOCACAO DE BOMBA SUBMERSIVEL PARA DRENAGEM E ESGOTAMENTO, MOTOR ELETRICO TRIFASICO, POTENCIA DE 1 CV, DIAMETRO DE RECALQUE DE 2\". FAIXA DE OPERACAO Q=25 M3/H (+ OU - 1 M3/H) E AMT=2 M, Q=12 M3/H (+ OU - 2 M3/H) E AMT = 12 M (+ OU - 2 M)","H",1.76]
[743,"LOCACAO DE BOMBA SUBMERSIVEL PARA DRENAGEM E ESGOTAMENTO, MOTOR ELETRICO TRIFASICO, POTENCIA DE 2 CV, DIAMETRO DE RECALQUE DE 2\", FAIXA DE OPERACAO Q=35 M3/H (+ OU - 3 M3/H) E AMT=2 M, Q=13 M3/H (+ OU - 3 M3/H) E AMT = 17 M (+ OU - 3 M)","H",1.76]
[40293,"LOCACAO DE BOMBA SUBMERSIVEL PARA DRENAGEM E ESGOTAMENTO, MOTOR ELETRICO TRIFASICO, POTENCIA DE 2 CV, DIAMETRO DE RECALQUE DE 3\". FAIXA DE OPERACAO Q=70 M3/H (+ OU - 2 M3/H) E AMT=2 M, Q=9,5 M3/H (+ OU - 3,5 M3/H) E AMT = 10 M (+ OU - 2 M)","H",2.11]
[40294,"LOCACAO DE BOMBA SUBMERSIVEL PARA DRENAGEM E ESGOTAMENTO, MOTOR ELETRICO TRIFASICO, POTENCIA DE 3 CV, DIAMETRO DE RECALQUE DE 2\", FAIXA DE OPERACAO Q=84 M3/H (+ OU - 2,5 M3/H) E AMT=2 M, Q=9,1 M3/H (+ OU - 2 M3/H) E AMT = 12 M (+ OU - 2 M)","H",1.76]
[4085,"LOCACAO DE BOMBA SUBMERSIVEL PARA DRENAGEM E ESGOTAMENTO, MOTOR ELETRICO TRIFASICO, POTENCIA DE 4 CV, DIAMETRO DE RECALQUE DE 3\". FAIXA DE OPERACAO Q=60 M3/H (+ OU - 1 M3/H) E AMT=2 M, Q=11 M3/H (+ OU - 1 M3/H) E AMT = 23 M (+ OU - 1 M)","H",2.46]
[10779,"LOCACAO DE CONTAINER 2,30 X 4,30 M, ALT. 2,50 M, P/ SANITARIO, C/ 5 BACIAS, 1 LAVATORIO E 4 MICTORIOS (NAO INCLUI MOBILIZACAO/DESMOBILIZACAO)","MES",1200]
[10777,"LOCACAO DE CONTAINER 2,30 X 4,30 M, ALT. 2,50 M, PARA SANITARIO, COM 3 BACIAS, 4 CHUVEIROS, 1 LAVATORIO E 1 MICTORIO (NAO INCLUI MOBILIZACAO/DESMOBILIZACAO)","MES",1090]
[10775,"LOCACAO DE CONTAINER 2,30 X 6,00 M, ALT. 2,50 M, COM 1 SANITARIO, PARA ESCRITORIO, COMPLETO, SEM DIVISORIAS INTERNAS (NAO INCLUI MOBILIZACAO/DESMOBILIZACAO)","MES",960]
[10776,"LOCACAO DE CONTAINER 2,30 X 6,00 M, ALT. 2,50 M, PARA ESCRITORIO, SEM DIVISORIAS INTERNAS E SEM SANITARIO (NAO INCLUI MOBILIZACAO/DESMOBILIZACAO)","MES",750]
[10778,"LOCACAO DE CONTAINER 2,30 X 6,00 M, ALT. 2,50 M, PARA SANITARIO, COM 4 BACIAS, 8 CHUVEIROS,1 LAVATORIO E 1 MICTORIO (NAO INCLUI MOBILIZACAO/DESMOBILIZACAO)","MES",1200]
[40339,"LOCACAO DE CRUZETA, SIMPLES, PARA ESCORA METALICA, COMPRIMENTO ENTRE 50 A 60 CM, PARA ESCORA DE 1,80 A 3,20 METROS E TUBO EXTERNO ATE 48 MM DE DIAMETRO","UNXMES",5.9]
[10749,"LOCACAO DE ESCORA METALICA TELESCOPICA, COM ALTURA REGULAVEL DE *1,80* A *3,20* M, COM CAPACIDADE DE CARGA DE NO MINIMO 1000 KGF (10 KN), INCLUSO TRIPE E FORCADO","UNXMES",19.52]
[40290,"LOCACAO DE FORMA PLASTICA PARA LAJE NERVURADA, DIMENSOES *60* X *60* X *16* CM","UNXMES",10.56]
[3346,"LOCACAO DE GRUPO GERADOR *80 A 125* KVA, MOTOR DIESEL, REBOCAVEL, ACIONAMENTO MANUAL","H",20.3]
[3348,"LOCACAO DE GRUPO GERADOR ACIMA DE * 125 ATE 180* KVA, MOTOR DIESEL, REBOCAVEL, ACIONAMENTO MANUAL","H",24.28]
[39833,"LOCACAO DE GRUPO GERADOR DE *260* KVA, DIESEL REBOCAVEL, ACIONAMENTO MANUAL","H",33.26]
[7252,"LOCACAO DE NIVEL OPTICO, COM PRECISAO DE 0,7 MM, AUMENTO DE 32X","H",2.0299999999999998]
[7247,"LOCACAO DE TEODOLITO ELETRONICO, PRECISAO ANGULAR DE 5 A 7 SEGUNDOS, INCLUINDO TRIPE","H",2.0299999999999998]
[40291,"LOCACAO DE TORRE METALICA COMPLETA PARA UMA CARGA DE 8 TF (80 KN) E PE DIREITO DE 6 M, INCLUINDO MODULOS, DIAGONAIS, SAPATAS E FORCADOS","UNXMES",550]
[40275,"LOCACAO DE VIGA SANDUICHE METALICA VAZADA PARA TRAVAMENTO DE PILARES, ALTURA DE *8* CM, LARGURA DE *6* CM E EXTENSAO DE 2 M","UNXMES",17.600000000000001]
[42408,"LONA PLASTICA EXTRA FORTE PRETA, E = 200 MICRA","M2",2.0499999999999998]
[3777,"LONA PLASTICA PESADA PRETA, E = 150 MICRA","M2",1.48]
[44699,"LUBRIFICANTE REDUTOR DE TORQUE E ARRASTO DE ALTO DESEMPENHO, PARA PERFURACAO HORIZONTAL DIRECIONAL, HDD","KG",50.06]
[3798,"LUMINARIA ABERTA P/ ILUMINACAO PUBLICA, TIPO X-57 PETERCO OU EQUIV","UN"]
[38769,"LUMINARIA ARANDELA TIPO MEIA-LUA COM VIDRO FOSCO *30 X 15* CM, PARA 1 LAMPADA, BASE E27, POTENCIA MAXIMA 40/60 W (NAO INCLUI LAMPADA)","UN"]
[38774,"LUMINARIA DE EMERGENCIA 30 LEDS, POTENCIA 2 W, BATERIA DE LITIO, AUTONOMIA DE 6 HORAS","UN",13.69]
[42247,"LUMINARIA DE LED PARA ILUMINACAO PUBLICA, DE 138 W ATE 180 W, INVOLUCRO EM ALUMINIO OU ACO INOX","UN",467.33]
[42248,"LUMINARIA DE LED PARA ILUMINACAO PUBLICA, DE 181 W ATE 239 W, INVOLUCRO EM ALUMINIO OU ACO INOX","UN",542.84]
[42249,"LUMINARIA DE LED PARA ILUMINACAO PUBLICA, DE 240 W ATE 350 W, INVOLUCRO EM ALUMINIO OU ACO INOX","UN",899.29]
[42244,"LUMINARIA DE LED PARA ILUMINACAO PUBLICA, DE 33 W ATE 50 W, INVOLUCRO EM ALUMINIO OU ACO INOX","UN",140.44]
[42245,"LUMINARIA DE LED PARA ILUMINACAO PUBLICA, DE 51 W ATE 67 W, INVOLUCRO EM ALUMINIO OU ACO INOX","UN",259.16000000000003]
[42246,"LUMINARIA DE LED PARA ILUMINACAO PUBLICA, DE 68 W ATE 97 W, INVOLUCRO EM ALUMINIO OU ACO INOX","UN",286.88]
[42243,"LUMINARIA DE LED PARA ILUMINACAO PUBLICA, DE 98 W ATE 137 W, INVOLUCRO EM ALUMINIO OU ACO INOX","UN",345.92]
[38889,"LUMINARIA DE SOBREPOR EM CHAPA DE ACO COM ALETAS PLASTICAS, PARA 1 LAMPADA, BASE E27, POTENCIA MAXIMA 40/60 W (NAO INCLUI LAMPADA)","UN"]
[38784,"LUMINARIA DE SOBREPOR EM CHAPA DE ACO COM ALETAS PLASTICAS, PARA 2 LAMPADAS, BASE E27, POTENCIA MAXIMA 40/60 W (NAO INCLUI LAMPADAS)","UN"]
[3780,"LUMINARIA DE SOBREPOR EM CHAPA DE ACO PARA 1 LAMPADA FLUORESCENTE DE *36* W, ALETADA, COMPLETA (LAMPADA E REATOR INCLUSOS)","UN"]
[38773,"LUMINARIA DE TETO PLAFON/PLAFONIER EM PLASTICO COM BASE E27, POTENCIA MAXIMA 60 W (NAO INCLUI LAMPADA)","UN"]
[12271,"LUMINARIA DUPLA P/SINALIZACAO, TIPO WETZEL AS-2/110 OU EQUIV","UN"]
[39385,"LUMINARIA LED PLAFON REDONDO DE SOBREPOR BIVOLT 12/13 W, D = *17* CM","UN",12.52]
[39389,"LUMINARIA LED REFLETOR RETANGULAR BIVOLT, LUZ BRANCA, 10 W","UN",13.58]
[39390,"LUMINARIA LED REFLETOR RETANGULAR BIVOLT, LUZ BRANCA, 30 W","UN",28.48]
[39391,"LUMINARIA LED REFLETOR RETANGULAR BIVOLT, LUZ BRANCA, 50 W","UN",31.97]
[3803,"LUMINARIA PLAFON REDONDO COM VIDRO FOSCO DIAMETRO *25* CM, PARA 1 LAMPADA, BASE E27, POTENCIA MAXIMA 40/60 W (NAO INCLUI LAMPADA)","UN"]
[38770,"LUMINARIA PLAFON REDONDO COM VIDRO FOSCO DIAMETRO *30* CM, PARA 2 LAMPADAS, BASE E27, POTENCIA MAXIMA 40/60 W (NAO INCLUI LAMPADAS)","UN"]
[12267,"LUMINARIA PROVA DE TEMPO PETERCO Y.31/1","UN"]
[43265,"LUMINARIA SOLAR LED EXTERNA, TIPO ARANDELA DE PAREDE, EM ALUMINIO, 16 LEDS, LUZ BRANCA, *180* LUMENS, CAPACIDADE DE ILUMINACAO ATE 36 H, RETANGULAR, *13 X 9 X 7* (C X L X A), COM SENSOR DE MOVIMENTO / PRESENCA, BATERIA RECARREGAVEL COM LUZ SOLAR, RESISTENTE AO CALOR, A PROVA DE AGUA E POEIRA/ IMPERMEAVEL, IP65","UN",39.159999999999997]
[12266,"LUMINARIA SPOT DE SOBREPOR EM ALUMINIO COM ALETA PLASTICA PARA 1 LAMPADA, BASE E27, POTENCIA MAXIMA 40/60 W (NAO INCLUI LAMPADA)","UN"]
[39378,"LUMINARIA SPOT DE SOBREPOR EM ALUMINIO COM ALETA PLASTICA PARA 2 LAMPADAS, BASE E27, POTENCIA MAXIMA 40/60 W (NAO INCLUI LAMPADA)","UN"]
[43543,"LUMINARIA TIPO TARTARUGA A PROVA DE TEMPO, GASES, VAPOR E PO, EM ALUMINIO, COM GRADE, BASE E27, POTENCIA MAXIMA 100 W (NAO INCLUI LAMPADA)","UN"]
[38775,"LUMINARIA TIPO TARTARUGA PARA AREA EXTERNA EM ALUMINIO, COM GRADE, PARA 1 LAMPADA, BASE E27, POTENCIA MAXIMA 40/60 W (NAO INCLUI LAMPADA)","UN"]
[44252,"LUVA CPVC, SOLDAVEL, 114 MM, PARA AGUA QUENTE PREDIAL","UN",187.96]
[21119,"LUVA CPVC, SOLDAVEL, 15 MM, PARA AGUA QUENTE PREDIAL","UN",1.89]
[37974,"LUVA CPVC, SOLDAVEL, 22 MM, PARA AGUA QUENTE PREDIAL","UN",2.44]
[37975,"LUVA CPVC, SOLDAVEL, 28 MM, PARA AGUA QUENTE PREDIAL","UN",5.43]
[37976,"LUVA CPVC, SOLDAVEL, 35 MM, PARA AGUA QUENTE PREDIAL","UN",12.08]
[37977,"LUVA CPVC, SOLDAVEL, 42 MM, PARA AGUA QUENTE PREDIAL","UN",16.72]
[37978,"LUVA CPVC, SOLDAVEL, 54 MM, PARA AGUA QUENTE PREDIAL","UN",33.159999999999997]
[37979,"LUVA CPVC, SOLDAVEL, 73 MM, PARA AGUA QUENTE PREDIAL","UN",140.71]
[37980,"LUVA CPVC, SOLDAVEL, 89 MM, PARA AGUA QUENTE PREDIAL","UN",161.63999999999999]
[36147,"LUVA DE BORRACHA ISOLANTE PARA ALTA TENSAO, RESISTENTE A OZONIO, TENSAO DE ENSAIO 2,5 KV (PAR)","PAR",348.03]
[12731,"LUVA DE COBRE SEM ANEL DE SOLDA, BOLSA X BOLSA, 104 MM","UN"]
[12723,"LUVA DE COBRE SEM ANEL DE SOLDA, BOLSA X BOLSA, 15 MM","UN"]
[12724,"LUVA DE COBRE SEM ANEL DE SOLDA, BOLSA X BOLSA, 22 MM","UN"]
[12725,"LUVA DE COBRE SEM ANEL DE SOLDA, BOLSA X BOLSA, 28 MM","UN"]
[12726,"LUVA DE COBRE SEM ANEL DE SOLDA, BOLSA X BOLSA, 35 MM","UN"]
[12727,"LUVA DE COBRE SEM ANEL DE SOLDA, BOLSA X BOLSA, 42 MM","UN"]
[12728,"LUVA DE COBRE SEM ANEL DE SOLDA, BOLSA X BOLSA, 54 MM","UN"]
[12729,"LUVA DE COBRE SEM ANEL DE SOLDA, BOLSA X BOLSA, 66 MM","UN"]
[12730,"LUVA DE COBRE SEM ANEL DE SOLDA, BOLSA X BOLSA, 79 MM","UN"]
[3840,"LUVA DE CORRER COM TRAVAS DEFOFO, PVC, JE, DN 100 MM","UN",55.35]
[3838,"LUVA DE CORRER COM TRAVAS DEFOFO, PVC, JE, DN 150 MM","UN",122.15]
[3844,"LUVA DE CORRER COM TRAVAS DEFOFO, PVC, JE, DN 200 MM","UN",217.88]
[3839,"LUVA DE CORRER COM TRAVAS DEFOFO, PVC, JE, DN 250 MM","UN",396.86]
[3843,"LUVA DE CORRER COM TRAVAS DEFOFO, PVC, JE, DN 300 MM","UN",544.70000000000005]
[3900,"LUVA DE CORRER PARA TUBO ROSCAVEL, PVC, 1 1/2\", PARA AGUA FRIA PREDIAL","UN",44.01]
[3846,"LUVA DE CORRER PARA TUBO ROSCAVEL, PVC, 1/2\", PARA AGUA FRIA PREDIAL","UN",13.22]
[3886,"LUVA DE CORRER PARA TUBO ROSCAVEL, PVC, 3/4\", PARA AGUA FRIA PREDIAL","UN",17.55]
[3854,"LUVA DE CORRER PARA TUBO SOLDAVEL, PVC, 20 MM, PARA AGUA FRIA PREDIAL","UN",10.01]
[3873,"LUVA DE CORRER PARA TUBO SOLDAVEL, PVC, 25 MM, PARA AGUA FRIA PREDIAL","UN",11.65]
[38021,"LUVA DE CORRER PARA TUBO SOLDAVEL, PVC, 32 MM, PARA AGUA FRIA PREDIAL","UN",20.68]
[43838,"LUVA DE CORRER PARA TUBO SOLDAVEL, PVC, 40 MM, PARA AGUA FRIA PREDIAL","UN",26.73]
[3847,"LUVA DE CORRER PARA TUBO SOLDAVEL, PVC, 50 MM, PARA AGUA FRIA PREDIAL","UN",26.96]
[38022,"LUVA DE CORRER PARA TUBO SOLDAVEL, PVC, 60 MM, PARA AGUA FRIA PREDIAL","UN",37.049999999999997]
[3826,"LUVA DE CORRER PVC PBA, JE, DN 100 / DE 110 MM, PARA REDE DE AGUA","UN",54.92]
[3825,"LUVA DE CORRER PVC PBA, JE, DN 50 / DE 60 MM, PARA REDE DE AGUA","UN",15.79]
[3827,"LUVA DE CORRER PVC PBA, JE, DN 75 / DE 85 MM, PARA REDE DE AGUA","UN",34.51]
[3830,"LUVA DE CORRER PVC, JE, DN 250 MM, PARA REDE COLETORA DE ESGOTO","UN",196.56]
[37981,"LUVA DE CORRER, CPVC, SOLDAVEL, 15 MM, PARA AGUA QUENTE PREDIAL","UN",7.04]
[37982,"LUVA DE CORRER, CPVC, SOLDAVEL, 22 MM, PARA AGUA QUENTE PREDIAL","UN",10.220000000000001]
[37983,"LUVA DE CORRER, CPVC, SOLDAVEL, 28 MM, PARA AGUA QUENTE PREDIAL","UN",15.1]
[37984,"LUVA DE CORRER, CPVC, SOLDAVEL, 35 MM, PARA AGUA QUENTE PREDIAL","UN",21.21]
[37985,"LUVA DE CORRER, CPVC, SOLDAVEL, 42 MM, PARA AGUA QUENTE PREDIAL","UN",30.14]
[20165,"LUVA DE CORRER, PVC SERIE R, 100 MM, PARA ESGOTO PREDIAL","UN",24.37]
[20166,"LUVA DE CORRER, PVC SERIE R, 150 MM, PARA ESGOTO PREDIAL","UN",74.42]
[20164,"LUVA DE CORRER, PVC SERIE R, 75 MM, PARA ESGOTO PREDIAL","UN",11.7]
[3893,"LUVA DE CORRER, PVC, DN 100 MM, PARA ESGOTO PREDIAL","UN",18.350000000000001]
[3848,"LUVA DE CORRER, PVC, DN 50 MM, PARA ESGOTO PREDIAL","UN",11.19]
[3895,"LUVA DE CORRER, PVC, DN 75 MM, PARA ESGOTO PREDIAL","UN",12.42]
[12404,"LUVA DE FERRO GALVANIZADO, COM ROSCA BSP MACHO/FEMEA, DE 3/4\"","UN",11.12]
[3939,"LUVA DE FERRO GALVANIZADO, COM ROSCA BSP, DE 1 1/2\"","UN",22.92]
[3911,"LUVA DE FERRO GALVANIZADO, COM ROSCA BSP, DE 1 1/4\"","UN",18.72]
[3910,"LUVA DE FERRO GALVANIZADO, COM ROSCA BSP, DE 1\"","UN",13.4]
[3908,"LUVA DE FERRO GALVANIZADO, COM ROSCA BSP, DE 1/2\"","UN",6.05]
[3913,"LUVA DE FERRO GALVANIZADO, COM ROSCA BSP, DE 2 1/2\"","UN",64.040000000000006]
[3912,"LUVA DE FERRO GALVANIZADO, COM ROSCA BSP, DE 2\"","UN",35.1]
[3914,"LUVA DE FERRO GALVANIZADO, COM ROSCA BSP, DE 3\"","UN",96.61]
[3909,"LUVA DE FERRO GALVANIZADO, COM ROSCA BSP, DE 3/4\"","UN",8.24]
[3915,"LUVA DE FERRO GALVANIZADO, COM ROSCA BSP, DE 4\"","UN",152.34]
[3916,"LUVA DE FERRO GALVANIZADO, COM ROSCA BSP, DE 5\"","UN",277.54000000000002]
[3917,"LUVA DE FERRO GALVANIZADO, COM ROSCA BSP, DE 6\"","UN",457.77]
[1904,"LUVA DE PRESSAO, EM PVC, DE 20 MM, PARA ELETRODUTO FLEXIVEL","UN",1.1499999999999999]
[1899,"LUVA DE PRESSAO, EM PVC, DE 25 MM, PARA ELETRODUTO FLEXIVEL","UN",1.3]
[1900,"LUVA DE PRESSAO, EM PVC, DE 32 MM, PARA ELETRODUTO FLEXIVEL","UN",2.11]
[12407,"LUVA DE REDUCAO DE FERRO GALVANIZADO, COM ROSCA BSP MACHO/FEMEA, DE 1 1/2\" X 1\"","UN",34.65]
[12408,"LUVA DE REDUCAO DE FERRO GALVANIZADO, COM ROSCA BSP MACHO/FEMEA, DE 1\" X 1/2\"","UN",19.559999999999999]
[12409,"LUVA DE REDUCAO DE FERRO GALVANIZADO, COM ROSCA BSP MACHO/FEMEA, DE 1\" X 3/4\"","UN",19.559999999999999]
[12410,"LUVA DE REDUCAO DE FERRO GALVANIZADO, COM ROSCA BSP MACHO/FEMEA, DE 3/4\" X 1/2\"","UN",13.47]
[3936,"LUVA DE REDUCAO DE FERRO GALVANIZADO, COM ROSCA BSP, DE 1 1/2\" X 1 1/4\"","UN",24.35]
[3924,"LUVA DE REDUCAO DE FERRO GALVANIZADO, COM ROSCA BSP, DE 1 1/2\" X 1\"","UN",24.35]
[3922,"LUVA DE REDUCAO DE FERRO GALVANIZADO, COM ROSCA BSP, DE 1 1/2\" X 1/2\"","UN",22.4]
[3923,"LUVA DE REDUCAO DE FERRO GALVANIZADO, COM ROSCA BSP, DE 1 1/2\" X 3/4\"","UN",24.35]
[3921,"LUVA DE REDUCAO DE FERRO GALVANIZADO, COM ROSCA BSP, DE 1 1/4\" X 1\"","UN",20.100000000000001]
[3937,"LUVA DE REDUCAO DE FERRO GALVANIZADO, COM ROSCA BSP, DE 1 1/4\" X 1/2\"","UN",20.079999999999998]
[3920,"LUVA DE REDUCAO DE FERRO GALVANIZADO, COM ROSCA BSP, DE 1 1/4\" X 3/4\"","UN",20.079999999999998]
[3938,"LUVA DE REDUCAO DE FERRO GALVANIZADO, COM ROSCA BSP, DE 1\" X 1/2\"","UN",13.24]
[3919,"LUVA DE REDUCAO DE FERRO GALVANIZADO, COM ROSCA BSP, DE 1\" X 3/4\"","UN",13.5]
[3927,"LUVA DE REDUCAO DE FERRO GALVANIZADO, COM ROSCA BSP, DE 2 1/2\" X 1 1/2\"","UN",68.38]
[3928,"LUVA DE REDUCAO DE FERRO GALVANIZADO, COM ROSCA BSP, DE 2 1/2\" X 2\"","UN",68.38]
[3926,"LUVA DE REDUCAO DE FERRO GALVANIZADO, COM ROSCA BSP, DE 2\" X 1 1/2\"","UN",38.979999999999997]
[3935,"LUVA DE REDUCAO DE FERRO GALVANIZADO, COM ROSCA BSP, DE 2\" X 1 1/4\"","UN",38.979999999999997]
[3925,"LUVA DE REDUCAO DE FERRO GALVANIZADO, COM ROSCA BSP, DE 2\" X 1\"","UN",38.979999999999997]
[3929,"LUVA DE REDUCAO DE FERRO GALVANIZADO, COM ROSCA BSP, DE 3\" X 1 1/2\"","UN",104.18]
[3931,"LUVA DE REDUCAO DE FERRO GALVANIZADO, COM ROSCA BSP, DE 3\" X 2 1/2\"","UN",104.18]
[3930,"LUVA DE REDUCAO DE FERRO GALVANIZADO, COM ROSCA BSP, DE 3\" X 2\"","UN",104.18]
[12406,"LUVA DE REDUCAO DE FERRO GALVANIZADO, COM ROSCA BSP, DE 3/4\" X 1/2\"","UN",9.57]
[3932,"LUVA DE REDUCAO DE FERRO GALVANIZADO, COM ROSCA BSP, DE 4\" X 2 1/2\"","UN",179.89]
[3933,"LUVA DE REDUCAO DE FERRO GALVANIZADO, COM ROSCA BSP, DE 4\" X 2\"","UN",179.89]
[3934,"LUVA DE REDUCAO DE FERRO GALVANIZADO, COM ROSCA BSP, DE 4\" X 3\"","UN",179.89]
[40355,"LUVA DE REDUCAO EM ACO CARBONO, COM ENCAIXE PARA SOLDA DN SW, PRESSAO 3.000 LBS, 3/4\" X 1/2\"","UN"]
[40364,"LUVA DE REDUCAO EM ACO CARBONO, COM ENCAIXE PARA SOLDA DN SW, PRESSAO 3.000 LBS, DN 1 1/2\" X 1 1/4\"","UN"]
[40361,"LUVA DE REDUCAO EM ACO CARBONO, COM ENCAIXE PARA SOLDA DN SW, PRESSAO 3.000 LBS, DN 1 1/4\" X 1\"","UN"]
[40358,"LUVA DE REDUCAO EM ACO CARBONO, COM ENCAIXE PARA SOLDA DN SW, PRESSAO 3.000 LBS, DN 1\" X 3/4\"","UN"]
[40370,"LUVA DE REDUCAO EM ACO CARBONO, COM ENCAIXE PARA SOLDA DN SW, PRESSAO 3.000 LBS, DN 2 1/2\" X 2\"","UN"]
[40367,"LUVA DE REDUCAO EM ACO CARBONO, COM ENCAIXE PARA SOLDA DN SW, PRESSAO 3.000 LBS, DN 2\" X 1 1/2\"","UN"]
[40373,"LUVA DE REDUCAO EM ACO CARBONO, COM ENCAIXE PARA SOLDA DN SW, PRESSAO 3.000 LBS, DN 3\" X 2 1/2\"","UN"]
[3907,"LUVA DE REDUCAO ROSCAVEL, PVC, 1\" X 3/4\", PARA AGUA FRIA PREDIAL","UN",5.07]
[3889,"LUVA DE REDUCAO ROSCAVEL, PVC, 3/4\" X 1/2\", PARA AGUA FRIA PREDIAL","UN",3.6]
[3868,"LUVA DE REDUCAO SOLDAVEL, PVC, 25 MM X 20 MM, PARA AGUA FRIA PREDIAL","UN",1.32]
[3869,"LUVA DE REDUCAO SOLDAVEL, PVC, 32 MM X 25 MM, PARA AGUA FRIA PREDIAL","UN",2.93]
[3872,"LUVA DE REDUCAO SOLDAVEL, PVC, 40 MM X 32 MM, PARA AGUA FRIA PREDIAL","UN",5]
[3850,"LUVA DE REDUCAO SOLDAVEL, PVC, 60 MM X 50 MM, PARA AGUA FRIA PREDIAL","UN",11.54]
[38023,"LUVA DE REDUCAO, SOLDAVEL, PVC, 50 X 25 MM, PARA AGUA FRIA PREDIAL","UN",5.87]
[37986,"LUVA DE TRANSICAO DE CPVC X PVC, SOLDAVEL, 22 X 25 MM, PARA AGUA QUENTE","UN",2.4]
[21120,"LUVA DE TRANSICAO, CPVC, 15 MM X 1/2\", PARA AGUA QUENTE PREDIAL","UN",12.26]
[39318,"LUVA DE TRANSICAO, CPVC, 22 MM X 1/2\", PARA AGUA QUENTE","UN",11.4]
[37987,"LUVA DE TRANSICAO, CPVC, SOLDAVEL, 42 MM X 1 1/2\", PARA AGUA QUENTE","UN",119.9]
[37988,"LUVA DE TRANSICAO, CPVC, SOLDAVEL, 54 MM X 2\", PARA AGUA QUENTE PREDIAL","UN",190.53]
[40366,"LUVA EM ACO CARBONO, SOLDAVEL, PRESSAO 3.000 LBS, DN 1 1/2\"","UN"]
[40363,"LUVA EM ACO CARBONO, SOLDAVEL, PRESSAO 3.000 LBS, DN 1 1/4\"","UN"]
[40360,"LUVA EM ACO CARBONO, SOLDAVEL, PRESSAO 3.000 LBS, DN 1\"","UN"]
[40354,"LUVA EM ACO CARBONO, SOLDAVEL, PRESSAO 3.000 LBS, DN 1/2\"","UN"]
[40372,"LUVA EM ACO CARBONO, SOLDAVEL, PRESSAO 3.000 LBS, DN 2 1/2\"","UN"]
[40369,"LUVA EM ACO CARBONO, SOLDAVEL, PRESSAO 3.000 LBS, DN 2\"","UN"]
[40375,"LUVA EM ACO CARBONO, SOLDAVEL, PRESSAO 3.000 LBS, DN 3\"","UN"]
[40357,"LUVA EM ACO CARBONO, SOLDAVEL, PRESSAO 3.000 LBS, DN 3/4\"","UN"]
[1893,"LUVA EM PVC RIGIDO ROSCAVEL, DE 1 1/2\", PARA ELETRODUTO","UN",4.33]
[1902,"LUVA EM PVC RIGIDO ROSCAVEL, DE 1 1/4\", PARA ELETRODUTO","UN",3.15]
[1892,"LUVA EM PVC RIGIDO ROSCAVEL, DE 1\", PARA ELETRODUTO","UN",2.0299999999999998]
[1901,"LUVA EM PVC RIGIDO ROSCAVEL, DE 1/2\", PARA ELETRODUTO","UN",0.98]
[1907,"LUVA EM PVC RIGIDO ROSCAVEL, DE 2 1/2\", PARA ELETRODUTO","UN",13.94]
[1894,"LUVA EM PVC RIGIDO ROSCAVEL, DE 2\", PARA ELETRODUTO","UN",6.27]
[1896,"LUVA EM PVC RIGIDO ROSCAVEL, DE 3\", PARA ELETRODUTO","UN",18.72]
[1891,"LUVA EM PVC RIGIDO ROSCAVEL, DE 3/4\", PARA ELETRODUTO","UN",1.45]
[1895,"LUVA EM PVC RIGIDO ROSCAVEL, DE 4\", PARA ELETRODUTO","UN",32.9]
[2641,"LUVA PARA ELETRODUTO, EM ACO GALVANIZADO ELETROLITICO, COM ROSCA, DIAMETRO DE 100 MM (4\")","UN",33.14]
[2636,"LUVA PARA ELETRODUTO, EM ACO GALVANIZADO ELETROLITICO, COM ROSCA, DIAMETRO DE 15 MM (1/2\")","UN",2.13]
[2637,"LUVA PARA ELETRODUTO, EM ACO GALVANIZADO ELETROLITICO, COM ROSCA, DIAMETRO DE 20 MM (3/4\")","UN",2.27]
[2638,"LUVA PARA ELETRODUTO, EM ACO GALVANIZADO ELETROLITICO, COM ROSCA, DIAMETRO DE 25 MM (1\")","UN",2.64]
[2639,"LUVA PARA ELETRODUTO, EM ACO GALVANIZADO ELETROLITICO, COM ROSCA, DIAMETRO DE 32 MM (1 1/4\")","UN",4.68]
[2644,"LUVA PARA ELETRODUTO, EM ACO GALVANIZADO ELETROLITICO, COM ROSCA, DIAMETRO DE 40 MM (1 1/2\")","UN",6.78]
[2640,"LUVA PARA ELETRODUTO, EM ACO GALVANIZADO ELETROLITICO, COM ROSCA, DIAMETRO DE 65 MM (2 1/2\")","UN",13.79]
[2642,"LUVA PARA ELETRODUTO, EM ACO GALVANIZADO ELETROLITICO, COM ROSCA, DIAMETRO DE 80 MM (3\")","UN",21]
[2643,"LUVA PARA ELETRODUTO, EM ACO GALVANIZADO ELETROLITICO, COM ROSCA,DIAMETRO DE 50 MM (2\")","UN",9.4499999999999993]
[44281,"LUVA PARA PERFURATRIZ DE ESTEIRA T38, D = 1 1/2\"","UN",253.47]
[39855,"LUVA PASSANTE DE COBRE SEM ANEL DE SOLDA, BOLSA 15 MM","UN"]
[39856,"LUVA PASSANTE DE COBRE SEM ANEL DE SOLDA, BOLSA 22 MM","UN"]
[39857,"LUVA PASSANTE DE COBRE SEM ANEL DE SOLDA, BOLSA 28 MM","UN"]
[39858,"LUVA PASSANTE DE COBRE SEM ANEL DE SOLDA, BOLSA 35 MM","UN"]
[39859,"LUVA PASSANTE DE COBRE SEM ANEL DE SOLDA, BOLSA 42 MM","UN"]
[39860,"LUVA PASSANTE DE COBRE SEM ANEL DE SOLDA, BOLSA 54 MM","UN"]
[39861,"LUVA PASSANTE DE COBRE SEM ANEL DE SOLDA, BOLSA 66 MM","UN"]
[3867,"LUVA PVC SOLDAVEL, 110 MM, PARA AGUA FRIA PREDIAL","UN",70.290000000000006]
[3861,"LUVA PVC SOLDAVEL, 20 MM, PARA AGUA FRIA PREDIAL","UN",0.73]
[3904,"LUVA PVC SOLDAVEL, 25 MM, PARA AGUA FRIA PREDIAL","UN",0.77]
[3903,"LUVA PVC SOLDAVEL, 32 MM, PARA AGUA FRIA PREDIAL","UN",1.88]
[3862,"LUVA PVC SOLDAVEL, 40 MM, PARA AGUA FRIA PREDIAL","UN",4.0199999999999996]
[3863,"LUVA PVC SOLDAVEL, 50 MM, PARA AGUA FRIA PREDIAL","UN",4.12]
[3864,"LUVA PVC SOLDAVEL, 60 MM, PARA AGUA FRIA PREDIAL","UN",12.61]
[3865,"LUVA PVC SOLDAVEL, 75 MM, PARA AGUA FRIA PREDIAL","UN",18.440000000000001]
[3866,"LUVA PVC SOLDAVEL, 85 MM, PARA AGUA FRIA PREDIAL","UN",41.39]
[3878,"LUVA PVC, ROSCAVEL, 1 1/2\", AGUA FRIA PREDIAL","UN",11.29]
[3876,"LUVA PVC, ROSCAVEL, 1\", AGUA FRIA PREDIAL","UN",4.49]
[3883,"LUVA PVC, ROSCAVEL, 1/2\", AGUA FRIA PREDIAL","UN",1.44]
[3884,"LUVA PVC, ROSCAVEL, 3/4\", AGUA FRIA PREDIAL","UN",2.2799999999999998]
[12892,"LUVA RASPA DE COURO, CANO CURTO (PUNHO *7* CM)","PAR",12.1]
[38447,"LUVA SIMPLES PPR, F/F, SOLDAVEL, DN 110 MM, PARA AGUA QUENTE PREDIAL","UN"]
[36320,"LUVA SIMPLES PPR, F/F, SOLDAVEL, DN 20 MM, PARA AGUA QUENTE PREDIAL","UN"]
[36324,"LUVA SIMPLES PPR, F/F, SOLDAVEL, DN 25 MM, PARA AGUA QUENTE PREDIAL","UN"]
[38441,"LUVA SIMPLES PPR, F/F, SOLDAVEL, DN 32 MM, PARA AGUA QUENTE PREDIAL","UN"]
[38442,"LUVA SIMPLES PPR, F/F, SOLDAVEL, DN 40 MM, PARA AGUA QUENTE PREDIAL","UN"]
[38443,"LUVA SIMPLES PPR, F/F, SOLDAVEL, DN 50 MM, PARA AGUA QUENTE PREDIAL","UN"]
[38444,"LUVA SIMPLES PPR, F/F, SOLDAVEL, DN 63 MM, PARA AGUA QUENTE PREDIAL","UN"]
[38445,"LUVA SIMPLES PPR, F/F, SOLDAVEL, DN 75 MM, PARA AGUA QUENTE PREDIAL","UN"]
[38446,"LUVA SIMPLES PPR, F/F, SOLDAVEL, DN 90 MM, PARA AGUA QUENTE PREDIAL","UN"]
[3837,"LUVA SIMPLES PVC PBA, JE, DN 100 / DE 110 MM, PARA REDE DE AGUA","UN",47.67]
[3845,"LUVA SIMPLES PVC PBA, JE, DN 50 / DE 60 MM, PARA REDE DE AGUA","UN",17.41]
[11045,"LUVA SIMPLES PVC PBA, JE, DN 75 / DE 85 MM, PARA REDE DE AGUA","UN",33.590000000000003]
[20170,"LUVA SIMPLES, PVC SERIE R, 100 MM, PARA ESGOTO PREDIAL","UN",13.5]
[20171,"LUVA SIMPLES, PVC SERIE R, 150 MM, PARA ESGOTO PREDIAL","UN",38.92]
[20167,"LUVA SIMPLES, PVC SERIE R, 40 MM, PARA ESGOTO PREDIAL","UN",4.8899999999999997]
[20168,"LUVA SIMPLES, PVC SERIE R, 50 MM, PARA ESGOTO PREDIAL","UN",10.07]
[20169,"LUVA SIMPLES, PVC SERIE R, 75 MM, PARA ESGOTO PREDIAL","UN",11.76]
[3899,"LUVA SIMPLES, PVC, SOLDAVEL, DN 100 MM, SERIE NORMAL, PARA ESGOTO PREDIAL","UN",6.52]
[38676,"LUVA SIMPLES, PVC, SOLDAVEL, DN 150 MM, SERIE NORMAL, PARA ESGOTO PREDIAL","UN",32.61]
[3897,"LUVA SIMPLES, PVC, SOLDAVEL, DN 40 MM, SERIE NORMAL, PARA ESGOTO PREDIAL","UN",1.59]
[3875,"LUVA SIMPLES, PVC, SOLDAVEL, DN 50 MM, SERIE NORMAL, PARA ESGOTO PREDIAL","UN",3.29]
[3898,"LUVA SIMPLES, PVC, SOLDAVEL, DN 75 MM, SERIE NORMAL, PARA ESGOTO PREDIAL","UN",6.67]
[3855,"LUVA SOLDAVEL COM BUCHA DE LATAO, PVC, 20 MM X 1/2\"","UN",4.87]
[3874,"LUVA SOLDAVEL COM BUCHA DE LATAO, PVC, 25 MM X 1/2\"","UN",5.65]
[3870,"LUVA SOLDAVEL COM BUCHA DE LATAO, PVC, 25 MM X 3/4\"","UN",6.2]
[38678,"LUVA SOLDAVEL COM BUCHA DE LATAO, PVC, 32 MM X 1\"","UN",16.399999999999999]
[3859,"LUVA SOLDAVEL COM ROSCA, PVC, 20 MM X 1/2\", PARA AGUA FRIA PREDIAL","UN",1.25]
[3856,"LUVA SOLDAVEL COM ROSCA, PVC, 25 MM X 1/2\", PARA AGUA FRIA PREDIAL","UN",1.73]
[3906,"LUVA SOLDAVEL COM ROSCA, PVC, 25 MM X 3/4\", PARA AGUA FRIA PREDIAL","UN",1.43]
[3860,"LUVA SOLDAVEL COM ROSCA, PVC, 32 MM X 1\", PARA AGUA FRIA PREDIAL","UN",4.25]
[3905,"LUVA SOLDAVEL COM ROSCA, PVC, 40 MM X 1 1/4\", PARA AGUA FRIA PREDIAL","UN",9.74]
[3871,"LUVA SOLDAVEL COM ROSCA, PVC, 50 MM X 1 1/2\", PARA AGUA FRIA PREDIAL","UN",17.239999999999998]
[37427,"LUVA, PEAD PE 100, DE 125 MM, PARA ELETROFUSAO","UN"]
[37424,"LUVA, PEAD PE 100, DE 20 MM, PARA ELETROFUSAO","UN"]
[37428,"LUVA, PEAD PE 100, DE 200 MM, PARA ELETROFUSAO","UN"]
[37425,"LUVA, PEAD PE 100, DE 32 MM, PARA ELETROFUSAO","UN"]
[37429,"LUVA, PEAD PE 100, DE 400 MM, PARA ELETROFUSAO","UN"]
[37426,"LUVA, PEAD PE 100, DE 63 MM, PARA ELETROFUSAO","UN"]
[39292,"LUVA/UNIAO DE REDUCAO METALICA, PARA CONEXAO COM ANEL DESLIZANTE, DN 20 X 16 MM, EM TUBO PEX PARA INST. AGUA QUENTE/FRIA","UN"]
[39293,"LUVA/UNIAO DE REDUCAO METALICA, PARA CONEXAO COM ANEL DESLIZANTE, DN 25 X 16 MM, EM TUBO PEX PARA INST. AGUA QUENTE/FRIA","UN"]
[39294,"LUVA/UNIAO DE REDUCAO METALICA, PARA CONEXAO COM ANEL DESLIZANTE, DN 25 X 20 MM, EM TUBO PEX PARA INST. AGUA QUENTE/FRIA","UN"]
[39295,"LUVA/UNIAO DE REDUCAO METALICA, PARA CONEXAO COM ANEL DESLIZANTE, DN 32 X 25 MM, EM TUBO PEX PARA INST. AGUA QUENTE/FRIA","UN"]
[39312,"LUVA/UNIAO DE REDUCAO, PLASTICA, PARA CONEXAO COM CRIMPAGEM, DN 20 X 16 MM, EM TUBO PEX PARA INST. AGUA QUENTE/FRIA","UN"]
[39313,"LUVA/UNIAO DE REDUCAO, PLASTICA, PARA CONEXAO COM CRIMPAGEM, DN 25 X 16 MM, EM TUBO PEX PARA INST. AGUA QUENTE/FRIA","UN"]
[39314,"LUVA/UNIAO DE REDUCAO, PLASTICA, PARA CONEXAO COM CRIMPAGEM, DN 32 X 25 MM, EM TUBO PEX PARA INST. AGUA QUENTE/FRIA","UN"]
[39296,"LUVA/UNIAO METALICA, PARA CONEXAO COM ANEL DESLIZANTE, DN 16 MM, EM TUBO PEX PARA INST. AGUA QUENTE/FRIA","UN"]
[39297,"LUVA/UNIAO METALICA, PARA CONEXAO COM ANEL DESLIZANTE, DN 20 MM, EM TUBO PEX PARA INST. AGUA QUENTE/FRIA","UN"]
[39298,"LUVA/UNIAO METALICA, PARA CONEXAO COM ANEL DESLIZANTE, DN 25 MM, EM TUBO PEX PARA INST. AGUA QUENTE/FRIA","UN"]
[39299,"LUVA/UNIAO METALICA, PARA CONEXAO COM ANEL DESLIZANTE, DN 32 MM, EM TUBO PEX PARA INST. AGUA QUENTE/FRIA","UN"]
[39308,"LUVA/UNIAO, PLASTICA, PARA CONEXAO COM CRIMPAGEM, DN 16 MM, EM TUBO PEX PARA INST. AGUA QUENTE/FRIA","UN"]
[39309,"LUVA/UNIAO, PLASTICA, PARA CONEXAO COM CRIMPAGEM, DN 20 MM, EM TUBO PEX PARA INST. AGUA QUENTE/FRIA","UN"]
[39310,"LUVA/UNIAO, PLASTICA, PARA CONEXAO COM CRIMPAGEM, DN 25 MM, EM TUBO PEX PARA INST. AGUA QUENTE/FRIA","UN"]
[39311,"LUVA/UNIAO, PLASTICA, PARA CONEXAO COM CRIMPAGEM, DN 32 MM, EM TUBO PEX PARA INST. AGUA QUENTE/FRIA","UN"]
[11519,"MACANETA ALAVANCA RETA OCA, EM ZAMAC COM ACABAMENTO CROMADO, COMPRIMENTO APROX DE 15 CM","PAR",47.48]
[11520,"MACANETA ALAVANCA, RETA SIMPLES / OCA, CROMADA, COMPRIMENTO DE 10 A 16 CM, ACABAMENTO PADRAO POPULAR - SOMENTE MACANETAS","PAR",21.95]
[11518,"MACANETA BOLA, EM ZAMAC COM ACABAMENTO CROMADO, DIAMETRO DE APROX 2 1/2\"","PAR",79.819999999999993]
[38473,"MACARICO DE SOLDA 201 PARA EXTENSAO GLP OU ACETILENO","UN",101.95]
[4244,"MACARIQUEIRO (HORISTA)","H",20.6]
[40977,"MACARIQUEIRO (MENSALISTA)","MES",3636.69]
[4115,"MADEIRA ROLICA TRATADA, D = 12 A 15 CM, H = 3,00 M, EM EUCALIPTO OU EQUIVALENTE DA REGIAO","M",23.71]
[4119,"MADEIRA ROLICA TRATADA, D = 16 A 20 CM, H = 6,00 M, EM EUCALIPTO OU EQUIVALENTE DA REGIAO","M",47.89]
[2794,"MADEIRA ROLICA TRATADA, D = 25 A 29 CM, H = 6,50 M, EM EUCALIPTO OU EQUIVALENTE DA REGIAO","M",127.05]
[2788,"MADEIRA ROLICA TRATADA, D = 30 A 34 CM, H = 6,50 M, EM EUCALIPTO OU EQUIVALENTE DA REGIAO","M",185.08]
[4006,"MADEIRA SERRADA EM PINUS, MISTA OU EQUIVALENTE DA REGIAO - BRUTA","M3",1889.52]
[36151,"MANGOTE DE SEGURANCA EM RASPA DE COURO","UN",26.9]
[37461,"MANGUEIRA CRISTAL TRANCADA, PVC COM REFORCO, COM PRESSAO DE TRABALHO (PT) 250 LBS/POL2, DE 3/4\" X *2,8* MM","M",14.46]
[37460,"MANGUEIRA CRISTAL TRANCADA, PVC COM REFORCO, PRESSAO DE TRABALHO (PT) 250 LBS/POL2, DE 1\" X *3,1* MM","M",19.75]
[37458,"MANGUEIRA CRISTAL, LISA, PVC TRANSPARENTE, 1/2\" X 2 MM","M",5.79]
[37454,"MANGUEIRA CRISTAL, LISA, PVC TRANSPARENTE, 1/4\" X1 MM","M",1.52]
[37455,"MANGUEIRA CRISTAL, LISA, PVC TRANSPARENTE, 1/4\" X1,5 MM","M",2.5499999999999998]
[37459,"MANGUEIRA CRISTAL, LISA, PVC TRANSPARENTE, 3/4\" X 2 MM","M",8.1300000000000008]
[37457,"MANGUEIRA CRISTAL, LISA, PVC TRANSPARENTE, 3/8\" X 1,5 MM","M",3.89]
[37456,"MANGUEIRA CRISTAL, LISA, PVC TRANSPARENTE, 5/16\" X 1 MM","M",2.0499999999999998]
[21029,"MANGUEIRA DE INCENDIO, TIPO 1, DE 1 1/2\", COMPRIMENTO = 15 M, TECIDO EM FIO DE POLIESTER E TUBO INTERNO EM BORRACHA SINTETICA, COM UNIOES ENGATE RAPIDO","UN",331.5]
[21030,"MANGUEIRA DE INCENDIO, TIPO 1, DE 1 1/2\", COMPRIMENTO = 20 M, TECIDO EM FIO DE POLIESTER E TUBO INTERNO EM BORRACHA SINTETICA, COM UNIOES ENGATE RAPIDO","UN",408.63]
[21031,"MANGUEIRA DE INCENDIO, TIPO 1, DE 1 1/2\", COMPRIMENTO = 25 M, TECIDO EM FIO DE POLIESTER E TUBO INTERNO EM BORRACHA SINTETICA, COM UNIOES ENGATE RAPIDO","UN",508.73]
[21032,"MANGUEIRA DE INCENDIO, TIPO 1, DE 1 1/2\", COMPRIMENTO = 30 M, TECIDO EM FIO DE POLIESTER E TUBO INTERNO EM BORRACHA SINTETICA, COM UNIOES ENGATE RAPIDO","UN",543.20000000000005]
[37527,"MANGUEIRA DE INCENDIO, TIPO 2, DE 1 1/2\", COMPRIMENTO = 15 M, TECIDO EM FIO DE POLIESTER E TUBO INTERNO EM BORRACHA SINTETICA, COM UNIOES ENGATE RAPIDO","UN",490.68]
[37528,"MANGUEIRA DE INCENDIO, TIPO 2, DE 1 1/2\", COMPRIMENTO = 20 M, TECIDO EM FIO DE POLIESTER E TUBO INTERNO EM BORRACHA SINTETICA, COM UNIOES","UN",585.04]
[37529,"MANGUEIRA DE INCENDIO, TIPO 2, DE 1 1/2\", COMPRIMENTO = 25 M, TECIDO EM FIO DE POLIESTER E TUBO INTERNO EM BORRACHA SINTETICA, COM UNIOES","UN",590.79]
[37530,"MANGUEIRA DE INCENDIO, TIPO 2, DE 1 1/2\", COMPRIMENTO = 30 M, TECIDO EM FIO DE POLIESTER E TUBO INTERNO EM BORRACHA SINTETICA, COM UNIOES","UN",771.31]
[21034,"MANGUEIRA DE INCENDIO, TIPO 2, DE 2 1/2\", COMPRIMENTO = 15 M, TECIDO EM FIO DE POLIESTER E TUBO INTERNO EM BORRACHA SINTETICA, COM UNIOES ENGATE RAPIDO","UN",658.07]
[37531,"MANGUEIRA DE INCENDIO, TIPO 2, DE 2 1/2\", COMPRIMENTO = 20 M, TECIDO EM FIO DE POLIESTER E TUBO INTERNO EM BORRACHA SINTETICA, COM UNIOES","UN",828.75]
[21036,"MANGUEIRA DE INCENDIO, TIPO 2, DE 2 1/2\", COMPRIMENTO = 25 M, TECIDO EM FIO DE POLIESTER E TUBO INTERNO EM BORRACHA SINTETICA, COM UNIOES ENGATE RAPIDO","UN",1007.62]
[21037,"MANGUEIRA DE INCENDIO, TIPO 2, DE 2 1/2\", COMPRIMENTO = 30 M, TECIDO EM FIO DE POLIESTER E TUBO INTERNO EM BORRACHA SINTETICA, COM UNIOES ENGATE RAPIDO","UN",1148.76]
[20185,"MANGUEIRA DE PVC FLEXIVEL, TIPO FLAT/ACHATADA, D = 1 1/2\" (40 MM), PARA CONDUCAO DE AGUA, SERVICOS LEVES E MEDIOS","M",23.52]
[20260,"MANGUEIRA PARA GAS - GLP, PVC, TRANCADA, DIAMETRO DE 3/8\", COMPRIMENTO DE 1M (NORMATIZADA)","UN",18.91]
[37523,"MANIPULADOR TELESCOPICO, POTENCIA DE 101 HP, CAPACIDADE DE CARGA DE 3.500 KG, ALTURA MAXIMA DE ELEVACAO DE 12 M","UN"]
[37515,"MANIPULADOR TELESCOPICO, POTENCIA DE 85 HP, CAPACIDADE DE CARGA DE 3.500 KG, ALTURA MAXIMA DE ELEVACAO DE 12,3 M","UN"]
[12899,"MANOMETRO COM CAIXA EM ACO PINTADO, ESCALA *10* KGF/CM2 (*10* BAR), DIAMETRO NOMINAL DE *63* MM, CONEXAO DE 1/4\"","UN"]
[12898,"MANOMETRO COM CAIXA EM ACO PINTADO, ESCALA *10* KGF/CM2 (*10* BAR), DIAMETRO NOMINAL DE 100 MM, CONEXAO DE 1/2\"","UN"]
[39699,"MANTA / LENCOL DE BORRACHA, SBR, ANTIRRUIDO, E = 5 MM","M2",16.71]
[39696,"MANTA ALUMINIZADA 1 FACE PARA SUBCOBERTURA, E = *1* MM","M2",5.75]
[42528,"MANTA ALUMINIZADA NAS DUAS FACES, PARA SUBCOBERTURA,  E = *2* MM","M2",8.18]
[39700,"MANTA ANTIRRUIDO DE POLIESTER (PET) PARA CONTRAPISO E = *8* MM","M2",24.34]
[4014,"MANTA ASFALTICA ELASTOMERICA EM POLIESTER 3 MM, TIPO III, CLASSE B, ACABAMENTO PP (NBR 9952)","M2",50.1]
[4015,"MANTA ASFALTICA ELASTOMERICA EM POLIESTER 4 MM, TIPO III, CLASSE B, ACABAMENTO PP (NBR 9952)","M2",61.53]
[4017,"MANTA ASFALTICA ELASTOMERICA EM POLIESTER 5 MM, TIPO III, CLASSE B, ACABAMENTO PP (NBR 9952)","M2",89.52]
[11621,"MANTA ASFALTICA ELASTOMERICA EM POLIESTER ALUMINIZADA 3 MM, TIPO III, CLASSE B (NBR 9952)","M2",48.42]
[4016,"MANTA ASFALTICA ELASTOMERICA TIPO GLASS 3 MM, TIPO II, CLASSE C, ACABAMENTO PP (NBR 9952)","M2",35.36]
[38544,"MANTA DE POLIETILENO EXPANDIDO (PEBD) ANTICHAMAS, E = 8 MM","M2",9.07]
[38545,"MANTA DE POLIETILENO EXPANDIDO (PEBD), E = 5 MM","M2",5.83]
[42527,"MANTA DE POLIETILENO EXPANDIDO, COM 1 FACE METALIZADA PARA SUBCOBERTURA, E = *5* MM","M2",21.6]
[39323,"MANTA GEOTEXTIL TECIDO DE LAMINETES DE POLIPROPILENO, RESISTENCIA A TRACAO = *25* KN/M","M2",22.24]
[626,"MANTA LIQUIDA DE BASE ASFALTICA MODIFICADA COM A ADICAO DE ELASTOMEROS DILUIDOS EM SOLVENTE ORGANICO, APLICACAO A FRIO (MEMBRANA DE EMULSAO ASFALTICA PARA IMPERMEABILIZACAO FLEXIVEL)","KG",17.920000000000002]
[44504,"MANTA TERMOPLASTICA, PEAD, GEOMEMBRANA LISA, E = 0,50 MM (NBR 15352)","M2"]
[44505,"MANTA TERMOPLASTICA, PEAD, GEOMEMBRANA LISA, E = 0,75 MM (NBR 15352)","M2"]
[44506,"MANTA TERMOPLASTICA, PEAD, GEOMEMBRANA LISA, E = 0,80 MM (NBR 15352)","M2"]
[44507,"MANTA TERMOPLASTICA, PEAD, GEOMEMBRANA LISA, E = 1,00 MM (NBR 15352)","M2"]
[44508,"MANTA TERMOPLASTICA, PEAD, GEOMEMBRANA LISA, E = 1,50 MM (NBR 15352)","M2"]
[44509,"MANTA TERMOPLASTICA, PEAD, GEOMEMBRANA LISA, E = 2,00 MM (NBR 15352)","M2"]
[44510,"MANTA TERMOPLASTICA, PEAD, GEOMEMBRANA LISA, E = 2,50 MM (NBR 15352)","M2"]
[44512,"MANTA TERMOPLASTICA, PEAD, GEOMEMBRANA TEXTURIZADA EM AMBAS AS FACES, E = 0,50 MM ( NBR 15352)","M2"]
[44513,"MANTA TERMOPLASTICA, PEAD, GEOMEMBRANA TEXTURIZADA EM AMBAS AS FACES, E = 0,75 MM ( NBR 15352)","M2"]
[44514,"MANTA TERMOPLASTICA, PEAD, GEOMEMBRANA TEXTURIZADA EM AMBAS AS FACES, E = 0,80 MM ( NBR 15352)","M2"]
[44515,"MANTA TERMOPLASTICA, PEAD, GEOMEMBRANA TEXTURIZADA EM AMBAS AS FACES, E = 1,00 MM ( NBR 15352)","M2"]
[44511,"MANTA TERMOPLASTICA, PEAD, GEOMEMBRANA TEXTURIZADA EM AMBAS AS FACES, E = 1,50 MM ( NBR 15352)","M2"]
[44516,"MANTA TERMOPLASTICA, PEAD, GEOMEMBRANA TEXTURIZADA EM AMBAS AS FACES, E = 2,00 MM ( NBR 15352)","M2"]
[44517,"MANTA TERMOPLASTICA, PEAD, GEOMEMBRANA TEXTURIZADA EM AMBAS AS FACES, E = 2,50 MM ( NBR 15352)","M2"]
[11479,"MAQUINA DE 40 MM PARA FECHADURA DE EMBUTIR EXTERNA, EM ACO INOX","UN",33.340000000000003]
[11481,"MAQUINA DE 40 MM PARA FECHADURA, PARA PORTA DE BANHEIRO, EM ACO INOX","UN",30.16]
[43609,"MAQUINA DE 40 MM PARA FECHADURA, PARA PORTA INTERNA, EM ACO INOX","UN",30.16]
[11478,"MAQUINA DE 55 MM PARA FECHADURA DE EMBUTIR EXTERNA, EM ACO INOX","UN",57.21]
[43608,"MAQUINA DE 55 MM PARA FECHADURA, PARA PORTA DE BANHEIRO, EM ACO INOX","UN",43.65]
[11476,"MAQUINA DE 55 MM PARA FECHADURA, PARA PORTA INTERNA, EM ACO INOX","UN",43.65]
[40637,"MAQUINA DEMARCADORA DE FAIXA DE TRAFEGO A FRIO, AUTOPROPELIDA, MOTOR DIESEL 38 HP","UN"]
[13836,"MAQUINA EXTRUSORA DE CONCRETO PARA GUIAS E SARJETAS, COM MOTOR A DIESEL E POTENCIA DE 14 CV","UN"]
[14534,"MAQUINA MANUAL TIPO PRENSA PARA PRODUCAO DE BLOCOS E PAVIMENTOS DE CONCRETO, COM MOTOR ELETRICO TRIFASICO PARA VIBRACAO, POTENCIA TOTAL INSTALADA DE 1,5 KW","UN"]
[14619,"MAQUINA PARA CORTE COM DISCO ABRASIVO DE DIAMETRO DE 18\" (450 MM), COM MOTOR ELETRICO TRIFASICO DE 10 CV","UN",14093.28]
[14535,"MAQUINA TIPO PRENSA HIDRAULICA, PARA FABRICACAO DE TUBOS DE CONCRETO PARA AGUAS PLUVIAIS, DN 200 A DN 600 MM X 1000 MM DE COMPRIMENTO, COM MOTOR PRINCIPAL COM POTENCIA DE 20 CV","UN"]
[39813,"MAQUINA TIPO VASO/TANQUE/JATO DE PRESSAO PORTATIL P/ JATEAMENTO, CONTROLE AUTOMATICO E REMOTO, CAMARA DE 1 SAIDA, 280 L, DIAM. *670* MM, BICO JATO CURTO VENTURI 5/16\", MANGUEIRA 1\" DE 10 M, COMPLETA (VALVULAS POP UP E DOSADORA, FUNDO CONICO ETC)","UN"]
[12868,"MARCENEIRO (HORISTA)","H",21.59]
[40916,"MARCENEIRO (MENSALISTA)","MES",3812.25]
[4755,"MARMORISTA / GRANITEIRO (HORISTA)","H",22.85]
[41067,"MARMORISTA / GRANITEIRO (MENSALISTA)","MES",4035.07]
[38463,"MARTELO DE SOLDADOR/PICADOR DE SOLDA","UN",24.76]
[40703,"MARTELO DEMOLIDOR ELETRICO, COM POTENCIA DE 2.000 W, FREQUENCIA DE 1.000 IMPACTOS POR MINUTO, FORCA DE IMPACTO ENTRE 60 E 65 J, PESO DE 30 KG","UN",12000]
[14531,"MARTELO DEMOLIDOR PNEUMATICO MANUAL, COM REDUCAO DE VIBRACAO, PESO DE 21 KG","UN",22372.52]
[36533,"MARTELO DEMOLIDOR PNEUMATICO MANUAL, COM REDUCAO DE VIBRACAO, PESO DE 31,5 KG","UN",25745.05]
[11616,"MARTELO DEMOLIDOR PNEUMATICO MANUAL, PADRAO, PESO DE 32 KG","UN",24315.82]
[41898,"MARTELO DEMOLIDOR PNEUMATICO MANUAL, PESO DE 28 KG, COM SILENCIADOR","UN",27358.61]
[13447,"MARTELO PERFURADOR PNEUMATICO MANUAL, DE SUPERFICIE, COM AVANCO DE COLUNA, PESO DE 22 KG","UN",50341.71]
[14529,"MARTELO PERFURADOR PNEUMATICO MANUAL, HASTE 25 X 75 MM, 21 KG","UN",28154.84]
[10747,"MARTELO PERFURADOR PNEUMATICO MANUAL, PESO DE 25 KG, COM SILENCIADOR","UN",27624.2]
[36141,"MASCARA DE SEGURANCA PARA SOLDA COM ESCUDO DE CELERON E CARNEIRA DE PLASTICO COM REGULAGEM","UN",36.31]
[43651,"MASSA ACRILICA PARA SUPERFICIES INTERNAS E EXTERNAS","KG",6.6]
[43626,"MASSA CORRIDA PARA SUPERFICIES DE AMBIENTES INTERNOS","KG",3.67]
[39434,"MASSA DE REJUNTE EM PO PARA DRYWALL, A BASE DE GESSO, SECAGEM RAPIDA, PARA TRATAMENTO DE JUNTAS DE CHAPA DE GESSO (NECESSITA ADICAO DE AGUA)","KG",3.64]
[39433,"MASSA DE REJUNTE PRONTA PARA TRATAMENTO DE JUNTAS DE CHAPA DE GESSO PARA DRYWALL, SEM ADICAO DE AGUA","KG",2.89]
[4049,"MASSA EPOXI BICOMPONENTE (MASSA + CATALISADOR)","L",73.66]
[38120,"MASSA EPOXI BICOMPONENTE PARA REPAROS","KG",127.53]
[43652,"MASSA PARA MADEIRA - INTERIOR E EXTERIOR","KG",14.79]
[10498,"MASSA PARA VIDRO","KG",6.33]
[4823,"MASSA PLASTICA PARA MARMORE/GRANITO","KG",36.369999999999997]
[38877,"MASSA PREMIUM PARA TEXTURA LISA DE BASE ACRILICA, USO INTERNO E EXTERNO","KG",7.38]
[34546,"MASSA PREMIUM PARA TEXTURA RUSTICA DE BASE ACRILICA, COR BRANCA, USO INTERNO E EXTERNO","KG",7.59]
[41387,"MASTRO SIMPLES GALVANIZADO DIAMETRO NOMINAL 1 1/2\"","M",48.06]
[41388,"MASTRO SIMPLES GALVANIZADO DIAMETRO NOMINAL 2\"","M",57.66]
[41380,"MASTRO TELESCOPICO DE 4 METROS (3 M X DN= 2\" + 1 M X DN= 1 1/2\")","UN",383.66]
[41381,"MASTRO TELESCOPICO GALVANIZADO 5 METROS (3 M X DN= 2\" + 2 M X DN= 1 1/2\")","UN",401.93]
[41382,"MASTRO TELESCOPICO GALVANIZADO 6 METROS (3 M X DN= 2\" + 3 M X DN= 1 1/2\")","UN",389.05]
[41383,"MASTRO TELESCOPICO GALVANIZADO 7 METROS (6 M X DN= 2\" + 1 M X DN= 1 1/2\")","UN",528.04999999999995]
[41385,"MASTRO TELESCOPICO GALVANIZADO 9 METROS (6 M X DN= 2\" + 3 M X DN= 1 1/2\")","UN",657.09]
[4058,"MECANICO DE EQUIPAMENTOS PESADOS (HORISTA)","H",29.44]
[40974,"MECANICO DE EQUIPAMENTOS PESADOS (MENSALISTA)","MES",5198.8999999999996]
[34794,"MECANICO DE REFRIGERACAO (HORISTA)","H",23.29]
[40925,"MECANICO DE REFRIGERACAO (MENSALISTA)","MES",4113.78]
[13741,"MEDIDOR DE NIVEL ESTATICO E DINAMICO PARA POCO, COMPRIMENTO DE 200 M","UN",2995.18]
[3288,"MEIA CANA DE MADEIRA CEDRINHO OU EQUIVALENTE DA REGIAO, ACABAMENTO PARA FORRO PAULISTA, *2,5 X 2,5* CM","M",10.6]
[13587,"MEIA CANA DE MADEIRA PINUS OU EQUIVALENTE DA REGIAO, ACABAMENTO PARA FORRO PAULISTA, *2,5 X 2,5* CM","M",6.4]
[38598,"MEIA CANALETA DE CONCRETO ESTRUTURAL 14 X 19 X 19 CM, FBK 14 MPA (NBR 6136)","UN",3.66]
[38595,"MEIA CANALETA DE CONCRETO ESTRUTURAL 14 X 19 X 19 CM, FBK 4,5 MPA (NBR 6136)","UN",3.1]
[38592,"MEIO BLOCO DE CONCRETO ESTRUTURAL 14 X 19 X 14 CM, FBK 14 MPA (NBR 6136)","UN",3.14]
[38588,"MEIO BLOCO DE CONCRETO ESTRUTURAL 14 X 19 X 14 CM, FBK 4,5 MPA (NBR 6136)","UN",2.5099999999999998]
[38593,"MEIO BLOCO DE CONCRETO ESTRUTURAL 14 X 19 X 19 CM, FBK 14 MPA (NBR 6136)","UN",3.47]
[38589,"MEIO BLOCO DE CONCRETO ESTRUTURAL 14 X 19 X 19 CM, FBK 4,5 MPA (NBR 6136)","UN",2.63]
[38594,"MEIO BLOCO DE CONCRETO ESTRUTURAL 14 X 19 X 34 CM, FBK 14 MPA (NBR 6136)","UN",5.47]
[34774,"MEIO BLOCO DE VEDACAO DE CONCRETO 14 X 19 X 19 CM (CLASSE C - NBR 6136)","UN",2.46]
[34771,"MEIO BLOCO DE VEDACAO DE CONCRETO 19 X 19 X 19 CM (CLASSE C - NBR 6136)","UN",2.96]
[34764,"MEIO BLOCO DE VEDACAO DE CONCRETO 9 X 19 X 19 CM (CLASSE C - NBR 6136)","UN",1.94]
[34773,"MEIO BLOCO DE VEDACAO DE CONCRETO APARENTE 14 X 19 X 19 CM (CLASSE C - NBR 6136)","UN",2.59]
[34769,"MEIO BLOCO DE VEDACAO DE CONCRETO APARENTE 19 X 19 X 19 CM (CLASSE C - NBR 6136)","UN",3.2]
[34763,"MEIO BLOCO DE VEDACAO DE CONCRETO APARENTE 9 X 19 X 19 CM (CLASSE C - NBR 6136)","UN",1.97]
[34788,"MEIO BLOCO ESTRUTURAL CERAMICO DE 14 X 19 X 14 CM (L X A X C) E 6,0 MPA","UN",1.2]
[34781,"MEIO BLOCO ESTRUTURAL CERAMICO DE 14 X 19 X 19 CM (L X A X C) E 6,0 MPA","UN",1.65]
[41682,"MEIO-FIO OU GUIA DE CONCRETO PRE MOLDADO, COMP 1 M, *30 X 10/12* CM (H X L1/L2)","UN",49.42]
[41683,"MEIO-FIO OU GUIA DE CONCRETO PRE MOLDADO, COMP 80 CM, *30 X 10/10* (H X L1/L2)","UN",36.36]
[41680,"MEIO-FIO OU GUIA DE CONCRETO PRE-MOLDADO, COMP *39* CM, *19 X 6,5/6,5* CM (H X L1/L2)","UN",19.579999999999998]
[41679,"MEIO-FIO OU GUIA DE CONCRETO PRE-MOLDADO, COMP 1 M, *20 X 12/15* CM (H X L1/L2)","UN",44.75]
[41681,"MEIO-FIO OU GUIA DE CONCRETO PRE-MOLDADO, COMP 80 CM, *25 X 08/08* CM (H X L1/L2)","UN",30.63]
[43386,"MEIO-FIO OU GUIA DE CONCRETO PRE-MOLDADO, TIPO CHAPEU PARA BOCA DE LOBO,  DIMENSOES *1,20* X 0,15 X 0,30 M","UN",69.930000000000007]
[4059,"MEIO-FIO OU GUIA DE CONCRETO, PRE-MOLDADO, COMP 1 M, *30 X 12/15* CM (H X L1/L2)","M",49.42]
[4062,"MEIO-FIO OU GUIA DE CONCRETO, PRE-MOLDADO, COMP 1 M, *30 X 15* CM (H X L)","UN",49.42]
[4061,"MEIO-FIO OU GUIA DE CONCRETO, PRE-MOLDADO, COMP 80 CM, *45 X 12/18* CM (H X L1/L2)","UN",61.54]
[41315,"MEMBRANA IMPERMEABILIZANTE A BASE DE POLIUREIA, BICOMPONENTE, APLICACAO A FRIO","KG",78.92]
[43148,"MEMBRANA IMPERMEABILIZANTE A BASE DE POLIURETANO","KG",53.57]
[43147,"MEMBRANA IMPERMEABILIZANTE ACRILICA MONOCOMPONENTE","KG",20.74]
[10608,"MESA VIBRATORIA COM DIMENSOES DE 2,0 X 1,0 M, COM MOTOR ELETRICO DE 2 POLOS E POTENCIA DE 3 CV","UN"]
[4069,"MESTRE DE OBRAS (HORISTA)","H",81.81]
[40819,"MESTRE DE OBRAS (MENSALISTA)","MES",14441.35]
[34361,"METACAULIM DE ALTA REATIVIDADE/CAULIM CALCINADO","KG",15.1]
[36512,"MICRO-TRATOR CORTADOR DE GRAMA COM LARGURA DO CORTE DE 107 CM, COM 2 LAMINAS E DESCARTE LATERAL","UN",22630.81]
[44478,"MICROESFERAS DE VIDRO PARA SINALIZACAO HORIZONTAL VIARIA, TIPO I-B (PREMIX) - NBR  16184","KG",8.2899999999999991]
[44477,"MICROESFERAS DE VIDRO PARA SINALIZACAO HORIZONTAL VIARIA, TIPO II-A (DROP-ON) - NBR  16184","KG",8.2899999999999991]
[11697,"MICTORIO COLETIVO ACO INOX (AISI 304), E = 0,8 MM, DE *100 X 40 X 30* CM (C X A X P)","UN",712.05]
[11698,"MICTORIO COLETIVO ACO INOX (AISI 304), E = 0,8 MM, DE *100 X 50 X 35* CM (C X A X P)","UN",849.44]
[11699,"MICTORIO INDIVIDUAL ACO INOX (AISI 304), E = 0,8 MM, DE *50 X 45 X 35* (C X A X P)","UN",938.82]
[10432,"MICTORIO INDIVIDUAL, SIFONADO, DE LOUCA BRANCA, SEM COMPLEMENTOS","UN",365.45]
[44020,"MICTORIO INDIVIDUAL, SIFONADO, VALVULA EMBUTIDA, DE LOUCA BRANCA, SEM COMPLEMENTOS - PADRAO ALTO","UN",901.61]
[41419,"MINICAPTOR, EM ACO GALVANIZADO A FOGO, FIXACAO COM ROSCA SOBERBA OU MECANICA, H=300 MM X DN=10 MM","UN",7.19]
[41420,"MINICAPTOR, EM ACO GALVANIZADO A FOGO, FIXACAO COM ROSCA SOBERBA OU MECANICA, H=600 MM X DN=10 MM","UN",9.7799999999999994]
[41421,"MINICAPTOR, EM ACO GALVANIZADO A FOGO, FIXACAO HORIZONTAL COM BANDEIRA A 20 CM, H=300 MM E X DN=10 MM","UN",9.76]
[41422,"MINICAPTOR, EM ACO GALVANIZADO A FOGO, FIXACAO HORIZONTAL COM BANDEIRA A 20 CM, H=600 MM E X DN=10 MM","UN",13.36]
[41425,"MINICAPTOR, EM ACO GALVANIZADO A FOGO, FIXACAO HORIZONTAL DE 1 FUROS, SEM BANDEIRA, H=300 MM X DN=10 MM","UN",6.83]
[41426,"MINICAPTOR, EM ACO GALVANIZADO A FOGO, FIXACAO HORIZONTAL DE 2 FUROS, SEM BANDEIRA, H=600 MM X DN=10 MM","UN",12.32]
[41414,"MINICAPTORES DE INSERCAO, EM ACO GALVANIZADO A FOGO, H=300 MM X DN=10 MM","UN",22.62]
[41415,"MINICAPTORES DE INSERCAO, EM ACO GALVANIZADO A FOGO, H=600,MM X DN=10,MM","UN",26.34]
[37514,"MINICARREGADEIRA SOBRE RODAS, POTENCIA LIQUIDA DE *47* HP, CAPACIDADE NOMINAL DE OPERACAO DE *646* KG","UN",300000]
[37519,"MINICARREGADEIRA SOBRE RODAS, POTENCIA LIQUIDA DE *72* HP, CAPACIDADE NOMINAL DE OPERACAO DE *1200* KG","UN",462988.02]
[37520,"MINIESCAVADEIRA SOBRE ESTEIRAS, POTENCIA LIQUIDA DE *30* HP, PESO OPERACIONAL DE *3.500* KG","UN",455398.05]
[37521,"MINIESCAVADEIRA SOBRE ESTEIRAS, POTENCIA LIQUIDA DE *42* HP, PESO OPERACIONAL DE *4.500* KG","UN",555585.63]
[37522,"MINIESCAVADEIRA SOBRE ESTEIRAS, POTENCIA LIQUIDA DE *42* HP, PESO OPERACIONAL DE *5.300* KG","UN",572300.85]
[37546,"MISTURADOR DE ARGAMASSA, EIXO HORIZONTAL, CAPACIDADE DE MISTURA 160 KG, MOTOR ELETRICO TRIFASICO 220/380 V, POTENCIA 3 CV","UN",16035.7]
[37544,"MISTURADOR DE ARGAMASSA, EIXO HORIZONTAL, CAPACIDADE DE MISTURA 300 KG, MOTOR ELETRICO TRIFASICO 220/380 V, POTENCIA 5 CV","UN",16960.45]
[37545,"MISTURADOR DE ARGAMASSA, EIXO HORIZONTAL, CAPACIDADE DE MISTURA 600 KG, MOTOR ELETRICO TRIFASICO 220/380 V, POTENCIA 7,5 CV","UN",20180.66]
[36793,"MISTURADOR DE METAL CROMADO DE PAREDE PARA LAVATORIO","UN",913.69]
[11769,"MISTURADOR DE METAL CROMADO, DE MESA/BANCADA, COM BICA BAIXA, PARA LAVATORIO","UN",403.78]
[11771,"MISTURADOR DE PAREDE, DE METAL CROMADO, PARA COZINHA, BICA ALTA MOVEL, COM AREJADOR ARTICULADO","UN",494.58]
[39919,"MISTURADOR DUPLO HORIZONTAL DE ALTA TURBULENCIA, CAPACIDADE / VOLUME 2 X 500 LITROS, MOTORES ELETRICOS MINIMO 5 CV CADA, PARA NATA CIMENTO, ARGAMASSA E OUTROS","UN",80267.56]
[38385,"MISTURADOR MANUAL DE TINTAS PARA FURADEIRA, HASTE METALICA *60* CM, COM HELICE (MEXEDOR DE TINTA)","UN",67.59]
[36800,"MISTURADOR METALICO, BASE PARA CHUVEIRO/BANHEIRA, 1/2\" OU 3/4 \", SOLDAVEL OU ROSCAVEL (NAO INCLUI ACABAMENTOS)","UN",242.62]
[37587,"MISTURADOR MONOCOMANDO PARA CHUVEIRO, BASE BRUTA, METALICO COM ACABAMENTO CROMADO","UN",533.04]
[11561,"MOLA HIDRAULICA AEREA, PARA PORTAS DE ATE 1.100 MM E PESO DE ATE 85 KG, COM CORPO EM ALUMINIO E BRACO EM ACO, SEM BRACO DE PARADA","UN",239.7]
[43604,"MOLA HIDRAULICA AEREA, PARA PORTAS DE ATE 850 MM E PESO DE ATE 50 KG, COM CORPO EM ALUMINIO E BRACO EM ACO, SEM BRACO DE PARADA","UN",127.78]
[11560,"MOLA HIDRAULICA AEREA, PARA PORTAS DE ATE 950 MM E PESO DE ATE 65 KG, COM CORPO EM ALUMINIO E BRACO EM ACO, SEM BRACO DE PARADA","UN",185.01]
[11499,"MOLA HIDRAULICA DE PISO, PARA PORTAS DE ATE 1100 MM E PESO DE ATE 120 KG, COM CORPO EM ACO INOX","UN",788.12]
[34761,"MONTADOR DE ELETROELETRONICOS (HORISTA)","H",16.989999999999998]
[40924,"MONTADOR DE ELETROELETRONICOS (MENSALISTA)","MES",3002.37]
[40983,"MONTADOR DE ESTRUTURAS METALICAS (MENSALISTA)","MES",3274.63]
[44497,"MONTADOR DE ESTRUTURAS METALICAS HORISTA","H",18.54]
[2437,"MONTADOR DE MAQUINAS (HORISTA)","H",23.84]
[40921,"MONTADOR DE MAQUINAS (MENSALISTA)","MES",4210.24]
[14252,"MOTOBOMBA AUTOESCORVANTE MOTOR A GASOLINA, POTENCIA 6,0HP, BOCAIS 3\" X 3\", HM/Q = 5 MCA / 24 M3/H A 52,5 MCA / 5,0 M3/H","UN",3785.31]
[730,"MOTOBOMBA AUTOESCORVANTE MOTOR ELETRICO TRIFASICO 7,4HP BOCA DIAMETRO DE SUCCAO X RECLAQUE: 2\"X2\", HM/ Q = 10 M / 73,5 M3/H A 28 M / 8,2 M3 /H","UN",10113.65]
[723,"MOTOBOMBA AUTOESCORVANTE POTENCIA 5,42 HP, BOCAIS SUCCAO X RECALQUE 2\" X 2\", A GASOLINA, DIAMETRO DO ROTOR 122 MM HM/Q = 6 MCA / 33,0 M3/H A 28 MCA / 8,0 M3/H","UN",5026.84]
[36502,"MOTOBOMBA CENTRIFUGA, MOTOR A GASOLINA, POTENCIA 5,42 HP, BOCAIS 1 1/2\" X 1\", DIAMETRO ROTOR 143 MM HM/Q = 6 MCA / 16,8 M3/H A 38 MCA / 6,6 M3/H","UN",4724.63]
[36503,"MOTOBOMBA TRASH (PARA AGUA SUJA) AUTO ESCORVANTE, MOTOR GASOLINA DE 6,41 HP, DIAMETROS DE SUCCAO X RECALQUE: 3\" X 3\", HM/Q: 10/60 A 23/0","UN",5826.02]
[4090,"MOTONIVELADORA POTENCIA BASICA LIQUIDA (PRIMEIRA MARCHA) 125 HP, PESO BRUTO 13843 KG, LARGURA DA LAMINA DE 3,7 M","UN",1151400]
[13227,"MOTONIVELADORA POTENCIA BASICA LIQUIDA (PRIMEIRA MARCHA) 171 HP, PESO BRUTO 14768 KG, LARGURA DA LAMINA DE 3,7 M","UN",1430758.07]
[10597,"MOTONIVELADORA POTENCIA BASICA LIQUIDA (PRIMEIRA MARCHA) 186 HP, PESO BRUTO 15785 KG, LARGURA DA LAMINA DE 4,3 M","UN",1506057.45]
[39628,"MOTOR A DIESEL PARA VIBRADOR DE IMERSAO, DE *4,7* CV","UN"]
[39404,"MOTOR A GASOLINA PARA VIBRADOR DE IMERSAO, 4 TEMPOS, DE 5,5 CV","UN"]
[39402,"MOTOR ELETRICO PARA VIBRADOR DE IMERSAO, DE 2 CV, MONOFASICO, 110/220 V","UN"]
[39403,"MOTOR ELETRICO PARA VIBRADOR DE IMERSAO, DE 2 CV, TRIFASICO, 220/380 V","UN"]
[4093,"MOTORISTA DE CAMINHAO (HORISTA)","H",24.53]
[10512,"MOTORISTA DE CAMINHAO (MENSALISTA)","MES",4330.7]
[4243,"MOTORISTA DE CAMINHAO BETONEIRA (HORISTA)","H",23.86]
[20020,"MOTORISTA DE CAMINHAO-BASCULANTE (HORISTA)","H",25.48]
[41038,"MOTORISTA DE CAMINHAO-BASCULANTE (MENSALISTA)","MES",4500.4799999999996]
[4094,"MOTORISTA DE CAMINHAO-CARRETA (HORISTA)","H",30.5]
[40988,"MOTORISTA DE CAMINHAO-CARRETA (MENSALISTA)","MES",5386.62]
[4095,"MOTORISTA DE CARRO DE PASSEIO (HORISTA)","H",21.53]
[40990,"MOTORISTA DE CARRO DE PASSEIO (MENSALISTA)","MES",3801.38]
[4096,"MOTORISTA OPERADOR DE CAMINHAO COM MUNCK (HORISTA)","H",27.5]
[40992,"MOTORISTA OPERADOR DE CAMINHAO COM MUNCK (MENSALISTA)","MES",4856.34]
[4114,"MOURAO CONCRETO CURVO, SECAO \"T\", H = 2,80 M + CURVA COM 0,45 M, COM FUROS PARA FIOS","UN",113.29]
[36797,"MOURAO DE CONCRETO CURVO, *10 X 10* CM, H= *2,60* M + CURVA DE 0,40 M","UN",100.87]
[4107,"MOURAO DE CONCRETO RETO, SECAO QUADRADA *10 X 10* CM, H= *2,30* M","UN",95.1]
[4102,"MOURAO DE CONCRETO RETO, SECAO QUADRADA, *10 X 10* CM, H= 3,00 M","UN",116.09]
[36799,"MOURAO DE CONCRETO RETO, TIPO ESTICADOR, *10 X 10* CM, H= 2,50 M","UN",97.9]
[2747,"MOURAO ROLICO DE MADEIRA TRATADA, D = 16 A 20 CM, H = 2,20 M, EM EUCALIPTO OU EQUIVALENTE DA REGIAO (PARA CERCA)","M",26.87]
[21138,"MOURAO ROLICO DE MADEIRA TRATADA, D = 8 A 11 CM, H = 2,20 M, EM EUCALIPTO OU EQUIVALENTE DA REGIAO (PARA CERCA)","M",8.52]
[10826,"MUDA DE ARBUSTO FLORIFERO, CLUSIA/GARDENIA/MOREIA BRANCA/ AZALEIA OU EQUIVALENTE DA REGIAO, H= *50 A 70* CM","UN",86.2]
[365,"MUDA DE ARBUSTO FOLHAGEM, SANSAO-DO-CAMPO OU EQUIVALENTE DA REGIAO, H= *50 A 70* CM","UN",53.44]
[38639,"MUDA DE ARBUSTO, BUXINHO, H= *50* CM","UN",206.89]
[38640,"MUDA DE ARBUSTO, PINGO DE OURO/ VIOLETEIRA, H = *10 A 20* CM","UN",3.1]
[358,"MUDA DE ARVORE ORNAMENTAL, OITI/AROEIRA SALSA/ANGICO/IPE/JACARANDA OU EQUIVALENTE DA REGIAO, H= *1* M","UN",63.79]
[359,"MUDA DE ARVORE ORNAMENTAL, OITI/AROEIRA SALSA/ANGICO/IPE/JACARANDA OU EQUIVALENTE DA REGIAO, H= *2* M","UN",131.03]
[38641,"MUDA DE PALMEIRA ARECA, H= *1,50* M","UN",129.31]
[360,"MUDA DE RASTEIRA/FORRACAO, AMENDOIM RASTEIRO/ONZE HORAS/AZULZINHA/IMPATIENS OU EQUIVALENTE DA REGIAO","UN",3]
[42430,"MULTIEXERCITADOR COM SEIS FUNCOES, EM TUBO DE ACO CARBONO, PINTURA NO PROCESSO ELETROSTATICO - EQUIPAMENTO DE GINASTICA PARA ACADEMIA AO AR LIVRE / ACADEMIA DA TERCEIRA IDADE - ATI","UN"]
[4209,"NIPLE DE FERRO GALVANIZADO, COM ROSCA BSP, DE 1 1/2\"","UN",22.59]
[4180,"NIPLE DE FERRO GALVANIZADO, COM ROSCA BSP, DE 1 1/4\"","UN",17]
[4179,"NIPLE DE FERRO GALVANIZADO, COM ROSCA BSP, DE 1\"","UN",11.55]
[4177,"NIPLE DE FERRO GALVANIZADO, COM ROSCA BSP, DE 1/2\"","UN",5.64]
[4208,"NIPLE DE FERRO GALVANIZADO, COM ROSCA BSP, DE 2 1/2\"","UN",53.77]
[4181,"NIPLE DE FERRO GALVANIZADO, COM ROSCA BSP, DE 2\"","UN",35.130000000000003]
[4182,"NIPLE DE FERRO GALVANIZADO, COM ROSCA BSP, DE 3\"","UN",87.47]
[4178,"NIPLE DE FERRO GALVANIZADO, COM ROSCA BSP, DE 3/4\"","UN",7.83]
[4183,"NIPLE DE FERRO GALVANIZADO, COM ROSCA BSP, DE 4\"","UN",140.82]
[4184,"NIPLE DE FERRO GALVANIZADO, COM ROSCA BSP, DE 5\"","UN",310.83999999999997]
[4185,"NIPLE DE FERRO GALVANIZADO, COM ROSCA BSP, DE 6\"","UN",516.48]
[4205,"NIPLE DE REDUCAO DE FERRO GALVANIZADO, COM ROSCA BSP, DE 1 1/2\" X 1 1/4\"","UN",29.83]
[4192,"NIPLE DE REDUCAO DE FERRO GALVANIZADO, COM ROSCA BSP, DE 1 1/2\" X 1\"","UN",29.83]
[4191,"NIPLE DE REDUCAO DE FERRO GALVANIZADO, COM ROSCA BSP, DE 1 1/2\" X 3/4\"","UN",29.83]
[4206,"NIPLE DE REDUCAO DE FERRO GALVANIZADO, COM ROSCA BSP, DE 1 1/4\" X 1\"","UN",23.31]
[4207,"NIPLE DE REDUCAO DE FERRO GALVANIZADO, COM ROSCA BSP, DE 1 1/4\" X 1/2\"","UN",24]
[4190,"NIPLE DE REDUCAO DE FERRO GALVANIZADO, COM ROSCA BSP, DE 1 1/4\" X 3/4\"","UN",23.31]
[4188,"NIPLE DE REDUCAO DE FERRO GALVANIZADO, COM ROSCA BSP, DE 1\" X 1/2\"","UN",14.06]
[4189,"NIPLE DE REDUCAO DE FERRO GALVANIZADO, COM ROSCA BSP, DE 1\" X 3/4\"","UN",14.06]
[4186,"NIPLE DE REDUCAO DE FERRO GALVANIZADO, COM ROSCA BSP, DE 1/2\" X 1/4\"","UN",6.89]
[4197,"NIPLE DE REDUCAO DE FERRO GALVANIZADO, COM ROSCA BSP, DE 2 1/2\" X 2\"","UN",74.48]
[4194,"NIPLE DE REDUCAO DE FERRO GALVANIZADO, COM ROSCA BSP, DE 2\" X 1 1/2\"","UN",45]
[4193,"NIPLE DE REDUCAO DE FERRO GALVANIZADO, COM ROSCA BSP, DE 2\" X 1 1/4\"","UN",45]
[4204,"NIPLE DE REDUCAO DE FERRO GALVANIZADO, COM ROSCA BSP, DE 2\" X 1\"","UN",45]
[4202,"NIPLE DE REDUCAO DE FERRO GALVANIZADO, COM ROSCA BSP, DE 3\" X 2 1/2\"","UN",136.02000000000001]
[4203,"NIPLE DE REDUCAO DE FERRO GALVANIZADO, COM ROSCA BSP, DE 3\" X 2\"","UN",120.12]
[4187,"NIPLE DE REDUCAO DE FERRO GALVANIZADO, COM ROSCA BSP, DE 3/4\" X 1/2\"","UN",8.9700000000000006]
[40368,"NIPLE SEXTAVADO EM ACO CARBONO, COM ROSCA BSP, PRESSAO 3.000 LBS, DN 1 1/2\"","UN"]
[40365,"NIPLE SEXTAVADO EM ACO CARBONO, COM ROSCA BSP, PRESSAO 3.000 LBS, DN 1 1/4\"","UN"]
[40362,"NIPLE SEXTAVADO EM ACO CARBONO, COM ROSCA BSP, PRESSAO 3.000 LBS, DN 1\"","UN"]
[40356,"NIPLE SEXTAVADO EM ACO CARBONO, COM ROSCA BSP, PRESSAO 3.000 LBS, DN 1/2\"","UN"]
[40374,"NIPLE SEXTAVADO EM ACO CARBONO, COM ROSCA BSP, PRESSAO 3.000 LBS, DN 2 1/2\"","UN"]
[40371,"NIPLE SEXTAVADO EM ACO CARBONO, COM ROSCA BSP, PRESSAO 3.000 LBS, DN 2\"","UN"]
[40359,"NIPLE SEXTAVADO EM ACO CARBONO, COM ROSCA BSP, PRESSAO 3.000 LBS, DN 3/4\"","UN"]
[7595,"NIVELADOR (HORISTA)","H",16.3]
[41094,"NIVELADOR (MENSALISTA)","MES",2877.48]
[39609,"NOBREAK TRIFASICO, DE 10 KVA FATOR DE POTENCIA DE 0,8, AUTONOMIA MINIMA DE 30 MINUTOS A PLENA CARGA","UN",63073.93]
[39610,"NOBREAK TRIFASICO, DE 15 KVA FATOR DE POTENCIA DE 0,8, AUTONOMIA MINIMA DE 30 MINUTOS A PLENA CARGA","UN",92068.26]
[39611,"NOBREAK TRIFASICO, DE 20 KVA FATOR DE POTENCIA DE 0,8, AUTONOMIA MINIMA DE 30 MINUTOS A PLENA CARGA","UN",111417.67]
[39612,"NOBREAK TRIFASICO, DE 25 KVA FATOR DE POTENCIA DE 0,8, AUTONOMIA MINIMA DE 30 MINUTOS A PLENA CARGA","UN",174538.29]
[39608,"NOBREAK TRIFASICO, DE 5 KVA FATOR DE POTENCIA DE 0,8, AUTONOMIA MINIMA DE 30 MINUTOS A PLENA CARGA","UN",50433.25]
[38175,"NUMERO / ALGARISMO PARA RESIDENCIA (FACHADA), EM ZAMAC, COM ALTURA DE APROX *45* MM, INCLUSIVE PARAFUSOS","UN",4.8]
[38176,"NUMERO / ALGARISMO PARA RESIDENCIA (FACHADA), EM ZAMAC, COM ALTURA DE APROX 125 MM, INCLUSIVE PARAFUSOS","UN",14.14]
[36152,"OCULOS DE SEGURANCA CONTRA IMPACTOS COM LENTE INCOLOR, ARMACAO NYLON, COM PROTECAO UVA E UVB","UN",5.24]
[4221,"OLEO DIESEL COMBUSTIVEL COMUM METROPOLITANO S-10 OU S-500","L",6.27]
[4227,"OLEO LUBRIFICANTE MINERAL MONOVISCOSO, SAE 40, PARA MOTORES DE EQUIPAMENTOS PESADOS (CAMINHOES, TRATORES, RETROS E ETC)","L",29.24]
[38170,"OLHO MAGICO PARA PORTAS, EM LATAO, COM LENTE DE POLICARBONATO, ANGULO DE *200* GRAUS, ESPESSURA ENTRE *25 E 46* MM, INCLUINDO FECHO JANELA","UN",21.01]
[4252,"OPERADOR DE BATE-ESTACAS (HORISTA)","H",21.41]
[40980,"OPERADOR DE BATE-ESTACAS (MENSALISTA)","MES",3780.36]
[41031,"OPERADOR DE BETONEIRA (CAMINHAO) (MENSALISTA)","MES",4212.6099999999997]
[37666,"OPERADOR DE BETONEIRA ESTACIONARIA / MISTURADOR (HORISTA)","H",19.440000000000001]
[40986,"OPERADOR DE BETONEIRA ESTACIONARIA / MISTURADOR (MENSALISTA)","MES",3433.32]
[4250,"OPERADOR DE COMPRESSOR DE AR OU COMPRESSORISTA (HORISTA)","H",19.18]
[40978,"OPERADOR DE COMPRESSOR DE AR OU COMPRESSORISTA (MENSALISTA)","MES",3389.94]
[44501,"OPERADOR DE DEMARCADORA DE FAIXAS DE TRAFEGO (HORISTA)","H",23.86]
[41043,"OPERADOR DE DEMARCADORA DE FAIXAS DE TRAFEGO (MENSALISTA)","MES",4212.6099999999997]
[4234,"OPERADOR DE ESCAVADEIRA (HORISTA)","H",30.17]
[40987,"OPERADOR DE ESCAVADEIRA (MENSALISTA)","MES",5326.15]
[4253,"OPERADOR DE GUINCHO OU GUINCHEIRO (HORISTA)","H",19.440000000000001]
[40981,"OPERADOR DE GUINCHO OU GUINCHEIRO (MENSALISTA)","MES",3433.32]
[4254,"OPERADOR DE GUINDASTE (HORISTA)","H",28.88]
[41036,"OPERADOR DE GUINDASTE (MENSALISTA)","MES",5097.9399999999996]
[4251,"OPERADOR DE JATO ABRASIVO OU JATISTA (HORISTA)","H",21.49]
[40979,"OPERADOR DE JATO ABRASIVO OU JATISTA (MENSALISTA)","MES",3796.07]
[4230,"OPERADOR DE MAQUINAS E TRATORES DIVERSOS - TERRAPLANAGEM (HORISTA)","H",27.64]
[40998,"OPERADOR DE MAQUINAS E TRATORES DIVERSOS - TERRAPLANAGEM (MENSALISTA)","MES",4878.5200000000004]
[4257,"OPERADOR DE MARTELETE OU MARTELETEIRO (HORISTA)","H",19.09]
[40982,"OPERADOR DE MARTELETE OU MARTELETEIRO (MENSALISTA)","MES",3372.39]
[4240,"OPERADOR DE MOTO SCRAPER (HORISTA)","H",31.84]
[41026,"OPERADOR DE MOTO SCRAPER (MENSALISTA)","MES",5621.92]
[4239,"OPERADOR DE MOTONIVELADORA (HORISTA)","H",31.84]
[41024,"OPERADOR DE MOTONIVELADORA (MENSALISTA)","MES",5621.92]
[4248,"OPERADOR DE PA CARREGADEIRA (HORISTA)","H",23.86]
[41033,"OPERADOR DE PA CARREGADEIRA (MENSALISTA)","MES",4212.6099999999997]
[44500,"OPERADOR DE PAVIMENTADORA / MESA VIBROACABADORA (HORISTA)","H",23.86]
[41040,"OPERADOR DE PAVIMENTADORA / MESA VIBROACABADORA (MENSALISTA)","MES",4212.6099999999997]
[4238,"OPERADOR DE ROLO COMPACTADOR (HORISTA)","H",17.940000000000001]
[41012,"OPERADOR DE ROLO COMPACTADOR (MENSALISTA)","MES",3168.04]
[4233,"OPERADOR DE USINA DE ASFALTO, DE SOLOS OU DE CONCRETO (HORISTA)","H",31.84]
[41001,"OPERADOR DE USINA DE ASFALTO, DE SOLOS OU DE CONCRETO (MENSALISTA)","MES",5621.92]
[2,"OXIGENIO, RECARGA PARA CILINDRO DE CONJUNTO OXICORTE GRANDE","M3",27.17]
[14221,"PA CARREGADEIRA SOBRE RODAS, POTENCIA 152 HP, CAPACIDADE DA CACAMBA DE 1,53 A 2,30 M3, PESO OPERACIONAL MAXIMO DE 10216 KG","UN",706109.84]
[36517,"PA CARREGADEIRA SOBRE RODAS, POTENCIA BRUTA *127* CV, CAPACIDADE DA CACAMBA DE 2,0 A 2,4 M3, PESO OPERACIONAL MAXIMO DE 10330 KG","UN",680563.19999999995]
[4262,"PA CARREGADEIRA SOBRE RODAS, POTENCIA LIQUIDA 128 HP, CAPACIDADE DA CACAMBA DE 1,7 A 2,8 M3, PESO OPERACIONAL MAXIMO DE 11632 KG","UN",766400]
[4263,"PA CARREGADEIRA SOBRE RODAS, POTENCIA LIQUIDA 197 HP, CAPACIDADE DA CACAMBA DE 2,5 A 3,5 M3, PESO OPERACIONAL MAXIMO DE 18338 KG","UN",1062741.28]
[36518,"PA CARREGADEIRA SOBRE RODAS, POTENCIA LIQUIDA 213 HP, CAPACIDADE DA CACAMBA DE 1,9 A 3,5 M3, PESO OPERACIONAL MAXIMO DE 19234 KG","UN",1209890.08]
[38402,"PA DE LIXO PLASTICA, CABO LONGO","UN",13.94]
[3412,"PAINEL DE LA DE VIDRO SEM REVESTIMENTO PSI 20, E = 25 MM, DE 1200 X 600 MM","M2",13.56]
[3413,"PAINEL DE LA DE VIDRO SEM REVESTIMENTO PSI 20, E = 50 MM, DE 1200 X 600 MM","M2",30.54]
[39744,"PAINEL DE LA DE VIDRO SEM REVESTIMENTO PSI 40, E = 25 MM, DE 1200 X 600 MM","M2",23.71]
[39745,"PAINEL DE LA DE VIDRO SEM REVESTIMENTO PSI 40, E = 50 MM, DE 1200 X 600 MM","M2",50.05]
[39637,"PAINEL ESTRUTURAL PARA LAJE SECA REVESTIDO EM PLACA CIMENTICIA, DE 1,20 X 2,50 M, E = 23 MM","M2",80.34]
[39638,"PAINEL ESTRUTURAL PARA LAJE SECA REVESTIDO EM PLACA CIMENTICIA, DE 1,20 X 2,50 M, E = 40 MM","M2",90.91]
[39639,"PAINEL ESTRUTURAL PARA LAJE SECA REVESTIDO EM PLACA CIMENTICIA, DE 1,20 X 2,50 M, E = 55 MM","M2",137.16]
[39517,"PAINEL TERMOISOLANTE PARA FECHAMENTOS VERTICAIS (INCLUI PARAFUSOS DE FIXACAO) REVESTIDO EM ACO GALVALUME, LARGURA UTIL DE 1100 MM, REVESTIMENTO COM ESPESSURA DE 0,50 MM, COM PRE-PINTURA NAS DUAS FACES, NUCLEO EM POLIURETANO (PUR) COM ESPESSURA 40/50 MM","M2",182.76]
[39518,"PAINEL TERMOISOLANTE PARA FECHAMENTOS VERTICAIS (INCLUI PARAFUSOS DE FIXACAO) REVESTIDO EM ACO GALVALUME, LARGURA UTIL DE 1100 MM, REVESTIMENTO COM ESPESSURA DE 0,50 MM, COM PRE-PINTURA NAS DUAS FACES, NUCLEO EM POLIURETANO (PUR) COM ESPESSURA 70/80 MM","M2",216.67]
[38366,"PAPEL KRAFT BETUMADO","M2",5.14]
[11703,"PAPELEIRA DE PAREDE EM METAL CROMADO SEM TAMPA","UN",30.72]
[37400,"PAPELEIRA PLASTICA TIPO DISPENSER PARA PAPEL HIGIENICO ROLAO","UN",41.98]
[25400,"PAR DE TABELAS DE BASQUETE EM COMPENSADO NAVAL, OFICIAL, 1800 X 1200 MM, INCLUINDO ARO DE METAL E REDE EM POLIPROPILENO 100% (SEM SUPORTE DE FIXACAO)","UN",3207.73]
[4276,"PARA-RAIOS DE DISTRIBUICAO, TENSAO NOMINAL 15 KV, CORRENTE NOMINAL DE DESCARGA 5 KA","UN",182.06]
[4273,"PARA-RAIOS DE DISTRIBUICAO, TENSAO NOMINAL 30 KV, CORRENTE NOMINAL DE DESCARGA 10 KA","UN",330.55]
[4274,"PARA-RAIOS TIPO FRANKLIN 350 MM, EM LATAO CROMADO, DUAS DESCIDAS, PARA PROTECAO DE EDIFICACOES CONTRA DESCARGAS ATMOSFERICAS","UN",120.93]
[39438,"PARAFUSO CABECA TROMBETA E PONTA AGULHA (GN55), COMPRIMENTO 55 MM, EM ACO FOSFATIZADO, PARA FIXAR CHAPA DE GESSO EM PERFIL DRYWALL METALICO MAXIMO 0,7 MM","UN",0.31]
[4379,"PARAFUSO DE ACO ZINCADO COM ROSCA SOBERBA, CABECA CHATA E FENDA SIMPLES, DIAMETRO 2,5 MM, COMPRIMENTO * 9,5 * MM","UN",0.06]
[4377,"PARAFUSO DE ACO ZINCADO COM ROSCA SOBERBA, CABECA CHATA E FENDA SIMPLES, DIAMETRO 4,2 MM, COMPRIMENTO * 32 * MM","UN",0.22]
[4356,"PARAFUSO DE ACO ZINCADO COM ROSCA SOBERBA, CABECA CHATA E FENDA SIMPLES, DIAMETRO 4,8 MM, COMPRIMENTO 45 MM","UN",0.31]
[13246,"PARAFUSO DE ACO ZINCADO, SEXTAVADO, COM ROSCA INTEIRA, DIAMETRO 5/16\", COMPRIMENTO 3/4\", COM PORCA E ARRUELA LISA LEVE","UN",0.54]
[13294,"PARAFUSO DE ACO ZINCADO, SEXTAVADO, COM ROSCA SOBERBA, DIAMETRO 3/8\", COMPRIMENTO 80 MM","UN",1.8]
[11963,"PARAFUSO DE ACO ZINCADO, TIPO CHUMBADOR PARABOLT, DIAMETRO 1/2\", COMPRIMENTO 75 MM","UN",11.37]
[11964,"PARAFUSO DE ACO ZINCADO, TIPO CHUMBADOR PARABOLT, DIAMETRO 3/8\", COMPRIMENTO 75 MM","UN",2.87]
[4346,"PARAFUSO DE FERRO POLIDO, SEXTAVADO, COM ROSCA PARCIAL, DIAMETRO 5/8\", COMPRIMENTO 6\", COM PORCA E ARRUELA DE PRESSAO MEDIA","UN",12.18]
[11955,"PARAFUSO DE LATAO COM ACABAMENTO CROMADO PARA FIXAR PECA SANITARIA, INCLUI PORCA CEGA, ARRUELA E BUCHA DE NYLON TAMANHO S-10","UN",5.33]
[11960,"PARAFUSO DE LATAO COM ROSCA SOBERBA, CABECA CHATA E FENDA SIMPLES, DIAMETRO 2,5 MM, COMPRIMENTO 12 MM","UN",0.18]
[4333,"PARAFUSO DE LATAO COM ROSCA SOBERBA, CABECA CHATA E FENDA SIMPLES, DIAMETRO 3,2 MM, COMPRIMENTO 16 MM","UN",0.31]
[4358,"PARAFUSO DE LATAO COM ROSCA SOBERBA, CABECA CHATA E FENDA SIMPLES, DIAMETRO 4,8 MM, COMPRIMENTO 65 MM","UN",2.44]
[39435,"PARAFUSO DRY WALL, EM ACO FOSFATIZADO, CABECA TROMBETA E PONTA AGULHA (TA), COMPRIMENTO 25 MM","UN",0.12]
[39436,"PARAFUSO DRY WALL, EM ACO FOSFATIZADO, CABECA TROMBETA E PONTA AGULHA (TA), COMPRIMENTO 35 MM","UN",0.21]
[39437,"PARAFUSO DRY WALL, EM ACO FOSFATIZADO, CABECA TROMBETA E PONTA AGULHA (TA), COMPRIMENTO 45 MM","UN",0.27]
[39439,"PARAFUSO DRY WALL, EM ACO FOSFATIZADO, CABECA TROMBETA E PONTA BROCA (TB), COMPRIMENTO 25 MM","UN",0.19]
[39440,"PARAFUSO DRY WALL, EM ACO FOSFATIZADO, CABECA TROMBETA E PONTA BROCA (TB), COMPRIMENTO 35 MM","UN",0.24]
[39441,"PARAFUSO DRY WALL, EM ACO FOSFATIZADO, CABECA TROMBETA E PONTA BROCA (TB), COMPRIMENTO 45 MM","UN",0.3]
[39442,"PARAFUSO DRY WALL, EM ACO ZINCADO, CABECA LENTILHA E PONTA AGULHA (LA), LARGURA 4,2 MM, COMPRIMENTO 13 MM","UN",0.22]
[39443,"PARAFUSO DRY WALL, EM ACO ZINCADO, CABECA LENTILHA E PONTA BROCA (LB), LARGURA 4,2 MM, COMPRIMENTO 13 MM","UN",0.28999999999999998]
[4329,"PARAFUSO EM ACO GALVANIZADO, TIPO MAQUINA, SEXTAVADO, SEM PORCA, DIAMETRO 1/2\", COMPRIMENTO 2\"","UN",2.6]
[436,"PARAFUSO FRANCES M16 EM ACO GALVANIZADO, COMPRIMENTO = 150 MM, DIAMETRO = 16 MM, CABECA ABAULADA","UN"]
[442,"PARAFUSO FRANCES M16 EM ACO GALVANIZADO, COMPRIMENTO = 45 MM, DIAMETRO = 16 MM, CABECA ABAULADA","UN"]
[4383,"PARAFUSO FRANCES METRICO ZINCADO, DIAMETRO 12 MM, COMPRIMENTO 140MM, COM PORCA SEXTAVADA E ARRUELA DE PRESSAO MEDIA","UN",23.51]
[4344,"PARAFUSO FRANCES METRICO ZINCADO, DIAMETRO 12 MM, COMPRIMENTO 150 MM, COM PORCA SEXTAVADA E ARRUELA DE PRESSAO MEDIA","UN",24.64]
[4335,"PARAFUSO FRANCES ZINCADO, DIAMETRO 1/2\", COMPRIMENTO 12\", COM PORCA E ARRUELA LISA MEDIA","UN",16.54]
[4334,"PARAFUSO FRANCES ZINCADO, DIAMETRO 1/2\", COMPRIMENTO 15\", COM PORCA E ARRUELA LISA MEDIA","UN",22.69]
[11953,"PARAFUSO FRANCES ZINCADO, DIAMETRO 1/2\", COMPRIMENTO 2\", COM PORCA E ARRUELA","UN",3.91]
[4343,"PARAFUSO FRANCES ZINCADO, DIAMETRO 1/2\", COMPRIMENTO 4\", COM PORCA E ARRUELA","UN",5.58]
[430,"PARAFUSO M16 EM ACO GALVANIZADO, COMPRIMENTO = 125 MM, DIAMETRO = 16 MM, ROSCA MAQUINA, CABECA QUADRADA","UN"]
[441,"PARAFUSO M16 EM ACO GALVANIZADO, COMPRIMENTO = 150 MM, DIAMETRO = 16 MM, ROSCA MAQUINA, CABECA QUADRADA","UN"]
[431,"PARAFUSO M16 EM ACO GALVANIZADO, COMPRIMENTO = 200 MM, DIAMETRO = 16 MM, ROSCA MAQUINA, CABECA QUADRADA","UN"]
[432,"PARAFUSO M16 EM ACO GALVANIZADO, COMPRIMENTO = 250 MM, DIAMETRO = 16 MM, ROSCA MAQUINA, CABECA QUADRADA","UN"]
[429,"PARAFUSO M16 EM ACO GALVANIZADO, COMPRIMENTO = 300 MM, DIAMETRO = 16 MM, ROSCA DUPLA","UN"]
[439,"PARAFUSO M16 EM ACO GALVANIZADO, COMPRIMENTO = 300 MM, DIAMETRO = 16 MM, ROSCA MAQUINA, CABECA QUADRADA","UN"]
[433,"PARAFUSO M16 EM ACO GALVANIZADO, COMPRIMENTO = 350 MM, DIAMETRO = 16 MM, ROSCA MAQUINA, CABECA QUADRADA","UN"]
[437,"PARAFUSO M16 EM ACO GALVANIZADO, COMPRIMENTO = 400 MM, DIAMETRO = 16 MM, ROSCA DUPLA","UN"]
[11790,"PARAFUSO M16 EM ACO GALVANIZADO, COMPRIMENTO = 450 MM, DIAMETRO = 16 MM, ROSCA MAQUINA, CABECA QUADRADA","UN"]
[428,"PARAFUSO M16 EM ACO GALVANIZADO, COMPRIMENTO = 500 MM, DIAMETRO = 16 MM, ROSCA MAQUINA, COM CABECA SEXTAVADA E PORCA","UN"]
[4351,"PARAFUSO NIQUELADO 3 1/2\" COM ACABAMENTO CROMADO PARA FIXAR PECA SANITARIA, INCLUI PORCA CEGA, ARRUELA E BUCHA DE NYLON TAMANHO S-8","UN",20.03]
[4384,"PARAFUSO NIQUELADO COM ACABAMENTO CROMADO PARA FIXAR PECA SANITARIA, INCLUI PORCA CEGA, ARRUELA E BUCHA DE NYLON TAMANHO S-10","UN",27.01]
[11054,"PARAFUSO ROSCA SOBERBA ZINCADO CABECA CHATA FENDA SIMPLES 3,2 X 20 MM (3/4 \")","UN",0.06]
[11055,"PARAFUSO ROSCA SOBERBA ZINCADO CABECA CHATA FENDA SIMPLES 3,5 X 25 MM (1 \")","UN",0.1]
[11056,"PARAFUSO ROSCA SOBERBA ZINCADO CABECA CHATA FENDA SIMPLES 3,8 X 30 MM (1.1/4 \")","UN",0.11]
[11057,"PARAFUSO ROSCA SOBERBA ZINCADO CABECA CHATA FENDA SIMPLES 4,8 X 40 MM (1.1/2 \")","UN",0.23]
[11059,"PARAFUSO ROSCA SOBERBA ZINCADO CABECA CHATA FENDA SIMPLES 5,5 X 50 MM (2 \")","UN",0.45]
[11058,"PARAFUSO ROSCA SOBERBA ZINCADO CABECA CHATA FENDA SIMPLES 5,5 X 65 MM (2.1/2 \")","UN",0.57999999999999996]
[4320,"PARAFUSO ZINCADO 5/16\" X 250 MM PARA FIXACAO DE TELHA DE FIBROCIMENTO CANALETE 49, INCLUI BUCHA NYLON S-10","UN",4.66]
[4318,"PARAFUSO ZINCADO 5/16\" X 85 MM PARA FIXACAO DE TELHA DE FIBROCIMENTO CANALETE 90, INCLUI BUCHA NYLON S-10","UN",2.27]
[4380,"PARAFUSO ZINCADO ROSCA SOBERBA 5/16\" X 120 MM PARA TELHA FIBROCIMENTO","UN",1.96]
[4299,"PARAFUSO ZINCADO ROSCA SOBERBA, CABECA SEXTAVADA, 5/16\" X 110 MM, PARA FIXACAO DE TELHA EM MADEIRA","UN",1.85]
[4304,"PARAFUSO ZINCADO ROSCA SOBERBA, CABECA SEXTAVADA, 5/16\" X 150 MM, PARA FIXACAO DE TELHA EM MADEIRA","UN",2.52]
[4305,"PARAFUSO ZINCADO ROSCA SOBERBA, CABECA SEXTAVADA, 5/16\" X 180 MM, PARA FIXACAO DE TELHA EM MADEIRA","UN",2.93]
[4306,"PARAFUSO ZINCADO ROSCA SOBERBA, CABECA SEXTAVADA, 5/16\" X 200 MM, PARA FIXACAO DE TELHA EM MADEIRA","UN",3.4]
[4308,"PARAFUSO ZINCADO ROSCA SOBERBA, CABECA SEXTAVADA, 5/16\" X 230 MM, PARA FIXACAO DE TELHA EM MADEIRA","UN",7.04]
[4302,"PARAFUSO ZINCADO ROSCA SOBERBA, CABECA SEXTAVADA, 5/16\" X 250 MM, PARA FIXACAO DE TELHA EM MADEIRA","UN",5.28]
[4300,"PARAFUSO ZINCADO ROSCA SOBERBA, CABECA SEXTAVADA, 5/16\" X 50 MM, PARA FIXACAO DE TELHA EM MADEIRA","UN",1.26]
[4301,"PARAFUSO ZINCADO ROSCA SOBERBA, CABECA SEXTAVADA, 5/16\" X 85 MM, PARA FIXACAO DE TELHA EM MADEIRA","UN",1.54]
[40547,"PARAFUSO ZINCADO, AUTOBROCANTE, FLANGEADO, 4,2 MM X 19 MM","CENTO",32.82]
[11962,"PARAFUSO ZINCADO, SEXTAVADO, COM ROSCA INTEIRA, DIAMETRO 1/4\", COMPRIMENTO 1/2\"","UN",0.27]
[4332,"PARAFUSO ZINCADO, SEXTAVADO, COM ROSCA INTEIRA, DIAMETRO 3/8\", COMPRIMENTO 2\"","UN",1.31]
[4331,"PARAFUSO ZINCADO, SEXTAVADO, COM ROSCA INTEIRA, DIAMETRO 5/8\", COMPRIMENTO 2 1/4\"","UN",4.92]
[4336,"PARAFUSO ZINCADO, SEXTAVADO, COM ROSCA INTEIRA, DIAMETRO 5/8\", COMPRIMENTO 3\", COM PORCA E ARRUELA DE PRESSAO MEDIA","UN",6.3]
[11948,"PARAFUSO ZINCADO, SEXTAVADO, COM ROSCA SOBERBA, DIAMETRO 5/16\", COMPRIMENTO 40 MM","UN",0.81]
[4382,"PARAFUSO ZINCADO, SEXTAVADO, COM ROSCA SOBERBA, DIAMETRO 5/16\", COMPRIMENTO 80 MM","UN",1.35]
[4354,"PARAFUSO ZINCADO, SEXTAVADO, GRAU 5, ROSCA INTEIRA, DIAMETRO 1 1/2\", COMPRIMENTO 4\"","UN",56.52]
[40839,"PARAFUSO, ASTM A307 - GRAU A, SEXTAVADO, ZINCADO, DIAMETRO 3/8\" (9,52 MM), COMPRIMENTO 1\" (25,4 MM)","CENTO",136]
[40552,"PARAFUSO, AUTOATARRAXANTE, CABECA CHATA, FENDA SIMPLES, EM ACO ZINCADO, 1/4\" (6,35 MM) X 25 MM","CENTO",56.27]
[40549,"PARAFUSO, COMUM, ASTM A307, SEXTAVADO, DIAMETRO 1/2\" (12,7 MM), COMPRIMENTO 1\" (25,4 MM)","CENTO",222.76]
[4385,"PARALELEPIPEDO GRANITICO OU BASALTICO, PARA PAVIMENTACAO, SEM FRETE (VARIACAO REGIONAL DE PECAS POR M2)","MIL",4823.38]
[20078,"PASTA LUBRIFICANTE PARA TUBOS E CONEXOES COM JUNTA ELASTICA, EMBALAGEM DE *400* GR (USO EM PVC, ACO, POLIETILENO E OUTROS)","UN",25.4]
[39897,"PASTA PARA SOLDA DE TUBOS E CONEXOES DE COBRE (EMBALAGEM COM 250 G)","UN"]
[118,"PASTA VEDA JUNTAS/ROSCA, EMBALAGEM DE *500* G, PARA INSTALACOES DE AGUA, GAS E OUTROS","UN",53.71]
[4396,"PASTILHA CERAMICA/PORCELANA, REVEST INT/EXT E PISCINA, CORES BRANCA OU FRIAS, SOLIDAS, SEM MESCLAGEM/MISTURA, ACABAMENTO LISO *2,5 X 2,5* CM","M2",250.15]
[36881,"PASTILHA CERAMICA/PORCELANA, REVEST INT/EXT E PISCINA, CORES BRANCA OU FRIAS, SOLIDAS, SEM MESCLAGEM/MISTURA, ACABAMENTO LISO *5 X 5* CM","M2",182.62]
[4397,"PASTILHA CERAMICA/PORCELANA, REVEST INT/EXT E PISCINA, CORES LISAS/SOLIDAS, QUENTES, SEM MESCLAGEM/MISTURA, *2,5 X 2,5* CM","M2",254.32]
[36882,"PASTILHA CERAMICA/PORCELANA, REVEST INT/EXT E PISCINA, CORES LISAS/SOLIDAS, QUENTES, SEM MESCLAGEM/MISTURA, *5 X 5* CM","M2",186.22]
[4751,"PASTILHEIRO (HORISTA)","H",21.57]
[41066,"PASTILHEIRO (MENSALISTA)","MES",3807.87]
[39604,"PATCH CORD (CABO DE REDE), CATEGORIA 5 E (CAT 5E) UTP, 24 AWG, 4 PARES, EXTENSAO DE 1,50 M","UN",11.61]
[39605,"PATCH CORD (CABO DE REDE), CATEGORIA 5 E (CAT 5E) UTP, 24 AWG, 4 PARES, EXTENSAO DE 2,50 M","UN",12.61]
[39606,"PATCH CORD (CABO DE REDE), CATEGORIA 6 (CAT 6) UTP, 23 AWG, 4 PARES, EXTENSAO DE 1,50 M","UN",22.08]
[39607,"PATCH CORD (CABO DE REDE), CATEGORIA 6 (CAT 6) UTP, 23 AWG, 4 PARES, EXTENSAO DE 2,50 M","UN",29.88]
[39594,"PATCH PANEL, 24 PORTAS, CATEGORIA 5E, COM RACKS DE 19\" DE LARGURA E 1 U DE ALTURA","UN",340.99]
[39596,"PATCH PANEL, 24 PORTAS, CATEGORIA 6, COM RACKS DE 19\" DE LARGURA E 1 U DE ALTURA","UN",913.2]
[39595,"PATCH PANEL, 48 PORTAS, CATEGORIA 5E, COM RACKS DE 19\" DE LARGURA E 2 U DE ALTURA","UN",2051.83]
[39597,"PATCH PANEL, 48 PORTAS, CATEGORIA 6, COM RACKS DE 19\" DE LARGURA E 2 U DE ALTURA","UN",3218.57]
[10731,"PEDRA ARDOSIA, CINZA, *40 X 40* CM, E= *1 CM","M2"]
[4704,"PEDRA ARDOSIA, CINZA, 20 X 40 CM, E= *1 CM","M2"]
[10730,"PEDRA ARDOSIA, CINZA, 30 X 30, E= *1 CM","M2"]
[4720,"PEDRA BRITADA N. 0, OU PEDRISCO (4,8 A 9,5 MM) POSTO PEDREIRA/FORNECEDOR, SEM FRETE","M3",149.22]
[4721,"PEDRA BRITADA N. 1 (9,5 A 19 MM) POSTO PEDREIRA/FORNECEDOR, SEM FRETE","M3",129.25]
[4718,"PEDRA BRITADA N. 2 (19 A 38 MM) POSTO PEDREIRA/FORNECEDOR, SEM FRETE","M3",129.93]
[4722,"PEDRA BRITADA N. 3 (38 A 50 MM) POSTO PEDREIRA/FORNECEDOR, SEM FRETE","M3",122.09]
[4730,"PEDRA DE MAO OU PEDRA RACHAO PARA ARRIMO/FUNDACAO (POSTO PEDREIRA/FORNECEDOR, SEM FRETE)","M3",121.48]
[13186,"PEDRA GRANITICA OU BASALTICA IRREGULAR, FAIXA GRANULOMETRICA 100 A 150 MM PARA PAVIMENTACAO OU CALCAMENTO POLIEDRICO, POSTO PEDREIRA / FORNECEDOR (SEM FRETE)","M3",140.16999999999999]
[10737,"PEDRA GRANITICA OU BASALTO, CACO, RETALHO, CAVACO, TIPO MIRACEMA, MADEIRA, PADUANA, RACHINHA, SANTA ISABEL OU OUTRAS SIMILARES, E= *1,0 A *2,0 CM","M2"]
[10734,"PEDRA GRANITICA, SERRADA, TIPO MIRACEMA, MADEIRA, PADUANA, RACHINHA, SANTA ISABEL OU OUTRAS SIMILARES, *11,5 X *23 CM, E= *1,0 A *2,0 CM","M2"]
[4708,"PEDRA PORTUGUESA OU PETIT PAVE, BRANCA OU PRETA","M2"]
[4712,"PEDRA QUARTZITO OU CALCARIO LAMINADO, CACO, TIPO CARIRI, ITACOLOMI, LAGOA SANTA, LUMINARIA, PIRENOPOLIS, SAO TOME OU OUTRAS SIMILARES DA REGIAO, E= *1,5 A *2,5 CM","M2"]
[4710,"PEDRA QUARTZITO OU CALCARIO LAMINADO, SERRADA, TIPO CARIRI, ITACOLOMI, LAGOA SANTA, LUMINARIA, PIRENOPOLIS, SAO TOME OU OUTRAS SIMILARES DA REGIAO, *20 X *40 CM, E= *1,5 A *2,5 CM","M2"]
[4750,"PEDREIRO (HORISTA)","H",21.57]
[41065,"PEDREIRO (MENSALISTA)","MES",3807.32]
[34747,"PEITORIL EM MARMORE, POLIDO, BRANCO COMUM, L= *15* CM, E= *2,0* CM, COM PINGADEIRA","M",80.64]
[4826,"PEITORIL EM MARMORE, POLIDO, BRANCO COMUM, L= *15* CM, E= *3* CM, CORTE RETO","M",86.71]
[41975,"PEITORIL PRE-MOLDADO EM GRANILITE, MARMORITE OU GRANITINA, L = *15* CM","M2",94.78]
[4825,"PEITORIL/ SOLEIRA EM MARMORE, POLIDO, BRANCO COMUM, L= *25* CM, E= *3* CM, CORTE RETO","M",120.02]
[34744,"PELICULA REFLETIVA, GT 7 ANOS PARA SINALIZACAO VERTICAL","M2",41.15]
[39430,"PENDURAL OU PRESILHA REGULADORA, EM ACO GALVANIZADO, COM CORPO, MOLA E REBITE, PARA PERFIL TIPO CANALETA DE ESTRUTURA EM FORROS DRYWALL","UN",1.85]
[39573,"PENDURAL OU REGULADOR, COM MOLA, EM ACO GALVANIZADO, PARA PERFIL TIPO T CLICADO DE FORROS REMOVIVEL","UN",1.82]
[38410,"PENEIRA ROTATIVA COM MOTOR ELETRICO TRIFASICO DE 2 CV, CILINDRO DE 1 M X 0,60 M, COM FUROS DE 3,17 MM","UN",18777.580000000002]
[43082,"PERFIL \"I\" OU \"W\" EM ACO LAMINADO, QUAISQUER DIMENSOES","KG",9.2799999999999994]
[43083,"PERFIL \"U\" ENRIJECIDO, EM CHAPA DOBRADA DE ACO LAMINADO, E = 3,75 MM, H = 200 MM, L = 75 MM (9,94 KG/M)","KG",8.0399999999999991]
[40535,"PERFIL \"U\" SIMPLES, EM CHAPA DOBRADA DE ACO LAMINADO, E = 2,65 MM, H = 75 MM, L = 40 MM (3,04 KG/M)","KG",8.0399999999999991]
[40598,"PERFIL \"U\" SIMPLES, EM CHAPA DOBRADA DE ACO LAMINADO, E = 3 MM, H = 125 MM, L = 50 MM (5,07 KG/M)","KG",7.84]
[43692,"PERFIL \"U\" SIMPLES, EM CHAPA DOBRADA DE ACO LAMINADO, E = 3 MM, H = 200 MM, L = 50 MM (6,83 KG/M)","KG",8.4700000000000006]
[43665,"PERFIL \"U\" SIMPLES, EM CHAPA DOBRADA DE ACO LAMINADO, E = 4,75 MM, H = 100 MM, L = 75 MM (8,74 KG/M)","KG",7.97]
[10966,"PERFIL \"U\" SIMPLES, EM CHAPA DOBRADA DE ACO LAMINADO, E = 8 MM, H = 150 MM, L = 75 MM (16,97 KG/M)","KG",8.4700000000000006]
[39427,"PERFIL CANALETA, FORMATO C, EM ACO ZINCADO, PARA ESTRUTURA FORRO DRYWALL, E = 0,5 MM, *46 X 18* (L X H), COMPRIMENTO 3 M","M",4.91]
[39424,"PERFIL CANTONEIRA L, LISA, EM ACO, 25 X 30 MM, E = 0,5 MM, PARA ESTRUTURA DRYWALL","M",2.92]
[39425,"PERFIL CANTONEIRA L, PERFURADA, EM ACO, 23 X 23 MM, E = 0,5 MM, PARA ESTRUTURA DRYWALL","M",2.88]
[40664,"PERFIL CARTOLA DE ACO GALVANIZADO, *20 X 30 X 10* MM, E = 0,8 MM","KG",16.489999999999998]
[34360,"PERFIL DE ALUMINIO ANODIZADO","KG",66.239999999999995]
[20259,"PERFIL DE BORRACHA EPDM MACICO *12 X 15* MM PARA ESQUADRIAS","M",26.5]
[14077,"PERFIL ELASTOMERICO PRE-FORMADO EM EPMD, PARA JUNTA DE DILATACAO DE PISOS COM POUCA SOLICITACAO, 15 MM DE LARGURA, MOVIMENTACAO DE *11 A 19* MM","M",405.61]
[3678,"PERFIL ELASTOMERICO PRE-FORMADO EM EPMD, PARA JUNTA DE DILATACAO DE USO GERAL EM MEDIAS SOLICITACOES, 8 MM DE LARGURA, MOVIMENTACAO DE *5 A 11* MM","M",183.33]
[11552,"PERFIL EM ALUMINIO, FORMATO U, ABAS IGUAIS, LARGURA DE 12,70 MM (1/2 POL), ESPESSURA 1,58 MM (1/16 POL) E PESO LINEAR DE APROXIMADAMENTE 0,149 KG/M","M",7.41]
[585,"PERFIL EM ALUMINIO, FORMATO U, ABAS IGUAIS, LARGURA DE 25,4 MM (1\"), ESPESSURA DE 2,38 MM (3/32\") E PESO LINEAR DE APROXIMADAMENTE 0,460 KG/M","KG",52.99]
[39418,"PERFIL GUIA, FORMATO U, EM ACO ZINCADO, PARA ESTRUTURA PAREDE DRYWALL, E = 0,5 MM, 48 X 3000 MM (L X C)","M",5.48]
[39419,"PERFIL GUIA, FORMATO U, EM ACO ZINCADO, PARA ESTRUTURA PAREDE DRYWALL, E = 0,5 MM, 70 X 3000 MM (L X C)","M",6.68]
[39420,"PERFIL GUIA, FORMATO U, EM ACO ZINCADO, PARA ESTRUTURA PAREDE DRYWALL, E = 0,5 MM, 90 X 3000 MM (L X C)","M",7.37]
[39571,"PERFIL LONGARINA (PRINCIPAL), T CLICADO, EM ACO, BRANCO NAS FACES APARENTES, PARA FORRO REMOVIVEL, 24 X 32 X 3750 MM (L X H X C","M",4.45]
[39421,"PERFIL MONTANTE, FORMATO C, EM ACO ZINCADO, PARA ESTRUTURA PAREDE DRYWALL, E = 0,5 MM, 48 X 3000 MM (L X C)","M",6.49]
[39422,"PERFIL MONTANTE, FORMATO C, EM ACO ZINCADO, PARA ESTRUTURA PAREDE DRYWALL, E = 0,5 MM, 70 X 3000 MM (L X C)","M",7.58]
[39423,"PERFIL MONTANTE, FORMATO C, EM ACO ZINCADO, PARA ESTRUTURA PAREDE DRYWALL, E = 0,5 MM, 90 X 3000 MM (L X C)","M",8.8000000000000007]
[39426,"PERFIL RODAPE DE IMPERMEABILIZACAO, FORMATO L, EM ACO ZINCADO, PARA ESTRUTURA DRYWALL, E = 0,5 MM, 220 X 3000 MM (H X C)","M",19.78]
[39429,"PERFIL TABICA ABERTA, PERFURADA, FORMATO Z, EM ACO GALVANIZADO NATURAL, LARGURA APROXIMADA 40 MM, PARA ESTRUTURA FORRO DRYWALL","M",6.24]
[39428,"PERFIL TABICA FECHADA, LISA, FORMATO Z, EM ACO GALVANIZADO NATURAL, LARGURA TOTAL NA HORIZONTAL *40* MM, PARA ESTRUTURA FORRO DRYWALL","M",4.7699999999999996]
[39572,"PERFIL TIPO CANTONEIRA EM L, EM ACO GALVANIZADO, BRANCO, PARA FORRO REMOVIVEL, *23* X 3000 MM (L X C)","M",4.13]
[39570,"PERFIL TRAVESSA (SECUNDARIO), T CLICADO, EM ACO GALVANIZADO, BRANCO, PARA FORRO REMOVIVEL, 24 X 1250 MM (L X C)","M",4.38]
[39569,"PERFIL TRAVESSA (SECUNDARIO), T CLICADO, EM ACO GALVANIZADO, BRANCO, PARA FORRO REMOVIVEL, 24 X 625 MM (L X C)","M",4.32]
[39328,"PERFILADO PERFURADO 19 X 38 MM, CHAPA 22","M",4.47]
[39029,"PERFILADO PERFURADO DUPLO 38 X 76 MM, CHAPA 22","M",13.97]
[39028,"PERFILADO PERFURADO SIMPLES 38 X 38 MM, CHAPA 22","M",8.1300000000000008]
[38541,"PERFURATRIZ COM TORRE METALICA PARA EXECUCAO DE ESTACA HELICE CONTINUA, PROFUNDIDADE MAXIMA DE 30 M, DIAMETRO MAXIMO DE 800 MM, POTENCIA INSTALADA DE 268 HP, MESA ROTATIVA COM TORQUE MAXIMO DE 170 KNM","UN",4276324.32]
[38542,"PERFURATRIZ COM TORRE METALICA PARA EXECUCAO DE ESTACA HELICE CONTINUA, PROFUNDIDADE MAXIMA DE 32 M, DIAMETRO MAXIMO DE 1000 MM, POTENCIA INSTALADA DE 350 HP, MESA ROTATIVA COM TORQUE MAXIMO DE 263 KNM","UN",6557030.6299999999]
[45080,"PERFURATRIZ DE COROA DIAMANTADA PARA CONCRETO, DIAMETRO ATE 250 MM, MOTOR ELETRICO 220 V, POTENCIA 2.500W","UN",14200.44]
[38543,"PERFURATRIZ HIDRAULICA COM TRADO CURTO ACOPLADO, PROFUNDIDADE MAXIMA DE 20 M, DIAMETRO MAXIMO DE 1500 MM, POTENCIA INSTALADA DE 137 HP, MESA ROTATIVA COM TORQUE MAXIMO DE 30 KNM (INCLUI MONTAGEM, NAO INCLUI CAMINHAO)","UN",1335168.95]
[44002,"PERFURATRIZ HIDRAULICA SOBRE ESTEIRA, TORQUE MAXIMO 161 KNM, PROFUNDIDADE MAXIMA 54 M, DIAMETRO MAXIMO 1500 MM, POTENCIA MOTOR 268 HP","UN",6236496.3399999999]
[43886,"PERFURATRIZ HIDRAULICA SOBRE ESTEIRA, TORQUE MAXIMO 98 KNM, PROFUNDIDADE MAXIMA 25 M, DIAMETRO MAXIMO 115 MM, POTENCIA MOTOR 190 HP","UN",3026690.15]
[40406,"PERFURATRIZ MANUAL, TORQUE MAXIMO 55 KGF.M, POTENCIA 5 CV, COM DIAMETRO MAXIMO 8 1/2\" (INCLUI SUPORTE/CHASSI TIPO MESA)","UN",80810.8]
[40789,"PERFURATRIZ MANUAL, TORQUE MAXIMO 83 N.M, POTENCIA 5 CV, COM DIAMETRO MAXIMO 4\" (NAO INCLUI SUPORTE / CHASSI)","UN",11645.66]
[40791,"PERFURATRIZ MANUAL, TORQUE MAXIMO 83 N.M, POTENCIA 5 CV, COM DIAMETRO MAXIMO 4\", PARA SOLO GRAMPEADO (INCLUI SUPORTE OU CHASSI TIPO MESA)","UN",36456]
[44003,"PERFURATRIZ PARA EXECUCAO DE ESTACAS SECANTES, TIPO HELICE CONTINUA COM CABECOTE DUPLO E TUBO METALICO 300 KW","UN",8666683.9900000002]
[44548,"PERFURATRIZ PARA FURO DIRECIONAL HORIZONTAL (HDD) COM CAPACIDADE ATE 89 KN, POTENCIA 24,8 HP A 80 HP (INCLUSO FERRAMENTAS E LOCALIZADOR), PARA REDE SUBTERRANEA","UN",2650475.33]
[44550,"PERFURATRIZ PARA FURO DIRECIONAL HORIZONTAL (HDD) COM CAPACIDADE DE 201 KN A 560 KN, POTENCIA 200 HP A 260 HP (INCLUSO FERRAMENTAS E LOCALIZADOR), PARA REDE SUBTERRANEA","UN",8315455.1900000004]
[44549,"PERFURATRIZ PARA FURO DIRECIONAL HORIZONTAL (HDD) COM CAPACIDADE DE 90 KN A 200 KN, POTENCIA 100 HP A 160 HP (INCLUSO FERRAMENTAS E LOCALIZADOR), PARA REDE SUBTERRANEA","UN",6080676.6299999999]
[11651,"PERFURATRIZ PNEUMATICA MANUAL DE PESO MEDIO, 18KG, COMPRIMENTO DE CURSO DE 6 M, DIAMETRO DO PISTAO DE 5,5 CM","UN",19938.3]
[41982,"PERFURATRIZ ROTATIVA SOBRE ESTEIRA, TORQUE MAXIMO 2500 KGM, POTENCIA 110 HP, MOTOR DIESEL","UN",1615500.26]
[39012,"PERFURATRIZ SOBRE ESTEIRA, TORQUE MAXIMO 600 KGF, PESO MEDIO 1000 KG, POTENCIA 20 HP, DIAMETRO MAXIMO 10\"","UN",947918.55]
[40435,"PERFURATRIZ SOBRE ESTEIRA, TORQUE MAXIMO DE 600 KGF, POTENCIA ENTRE 50 E 60 HP, DIAMETRO MAXIMO DE 10\"","UN",957189.61]
[13617,"PICAPE CABINE SIMPLES COM MOTOR 1.6 FLEX, CAMBIO MANUAL, POTENCIA 101/104 CV, 2 PORTAS","UN",97258.93]
[35274,"PILAR QUADRADO NAO APARELHADO *10 X 10* CM, EM MACARANDUBA/MASSARANDUBA, ANGELIM OU EQUIVALENTE DA REGIAO - BRUTA","M",68.430000000000007]
[35275,"PILAR QUADRADO NAO APARELHADO *15 X 15* CM, EM MACARANDUBA/MASSARANDUBA, ANGELIM OU EQUIVALENTE DA REGIAO - BRUTA","M",145.25]
[35276,"PILAR QUADRADO NAO APARELHADO *20 X 20* CM, EM MACARANDUBA/MASSARANDUBA, ANGELIM OU EQUIVALENTE DA REGIAO - BRUTA","M",252.73]
[11091,"PINGADEIRA PLASTICA PARA TELHA DE FIBROCIMENTO CANALETE 49/KALHETA OU CANALETE 90/KALHETAO","UN",2.2599999999999998]
[37586,"PINO DE ACO COM ARRUELA CONICA, DIAMETRO ARRUELA = *23* MM E COMP HASTE = *27* MM (ACAO INDIRETA)","CENTO",103.03]
[37395,"PINO DE ACO COM FURO, HASTE = 27 MM (ACAO DIRETA)","CENTO",88.59]
[14147,"PINO DE ACO COM ROSCA 1/4 \", COMPRIMENTO DA HASTE = 30 MM E ROSCA = 20 MM (ACAO DIRETA)","CENTO",117.51]
[37396,"PINO DE ACO LISO 1/4 \", HASTE = *36,5* MM (ACAO DIRETA)","CENTO",72.489999999999995]
[37397,"PINO DE ACO LISO 1/4 \", HASTE = *53* MM (ACAO DIRETA)","CENTO",75.930000000000007]
[43606,"PINO GUIA RETO, EM LATAO, CHAPA COM 3 MM DE ESPESSURA E GUIA COM ROLETE DE 9 MM","UN",8.8800000000000008]
[444,"PINO ROSCA EXTERNA, EM ACO GALVANIZADO, PARA ISOLADOR DE 15KV, DIAMETRO 25 MM, COMPRIMENTO *290* MM","UN"]
[445,"PINO ROSCA EXTERNA, EM ACO GALVANIZADO, PARA ISOLADOR DE 25KV, DIAMETRO 35MM, COMPRIMENTO *320* MM","UN"]
[4783,"PINTOR (HORISTA)","H",21.57]
[41079,"PINTOR (MENSALISTA)","MES",3807.32]
[12874,"PINTOR DE LETREIROS (HORISTA)","H",20.93]
[41082,"PINTOR DE LETREIROS (MENSALISTA)","MES",3697.16]
[4785,"PINTOR PARA TINTA EPOXI (HORISTA)","H",21.57]
[41081,"PINTOR PARA TINTA EPOXI (MENSALISTA)","MES",3807.32]
[4801,"PISO DE BORRACHA CANELADO EM PLACAS 50 X 50 CM, E = *3,5* MM, PARA COLA","M2",79.66]
[4794,"PISO DE BORRACHA ESPORTIVO EM PLACAS 50 X 50 CM, E = 15 MM, PARA ARGAMASSA, PRETO","M2",362.8]
[4796,"PISO DE BORRACHA FRISADO OU PASTILHADO, PRETO, EM PLACAS 50 X 50 CM, E = 7 MM, PARA ARGAMASSA","M2",220.36]
[4800,"PISO DE BORRACHA PASTILHADO EM PLACAS 50 X 50 CM, E = *3,5* MM, PARA COLA, PRETO","M2",60.6]
[4795,"PISO DE BORRACHA PASTILHADO EM PLACAS 50 X 50 CM, E = 15 MM, PARA ARGAMASSA, PRETO","M2",353.17]
[39694,"PISO ELEVADO COM 2 PLACAS DE ACO COM ENCHIMENTO DE CONCRETO CELULAR, INCLUSO BASE/HASTE/CRUZETAS, 60 X 60 CM, H = *28* CM, RESISTENCIA CARGA CONCENTRADA 496 KG (COM COLOCACAO)","M2",369.1]
[1292,"PISO EM CERAMICA ESMALTADA, COR LISA, PEI MAIOR OU IGUAL A 4, FORMATO MAIOR QUE 2025 CM2","M2",36.909999999999997]
[1287,"PISO EM CERAMICA ESMALTADA, COR LISA, PEI MAIOR OU IGUAL A 4, FORMATO MENOR OU IGUAL A 2025 CM2","M2",29.55]
[4786,"PISO EM GRANILITE, MARMORITE OU GRANITINA, AGREGADO COR PRETO, CINZA, PALHA OU BRANCO, E= *8* MM (INCLUSO EXECUCAO)","M2",109]
[10840,"PISO EM GRANITO, POLIDO, TIPO AMENDOA/ AMARELO CAPRI/ AMARELO DOURADO CARIOCA OU OUTROS EQUIVALENTES DA REGIAO, FORMATO MENOR OU IGUAL A 3025 CM2, E= *2* CM","M2",302]
[10841,"PISO EM GRANITO, POLIDO, TIPO ANDORINHA/ QUARTZ/ CASTELO/ CORUMBA OU OUTROS EQUIVALENTES DA REGIAO, FORMATO MENOR OU IGUAL A 3025 CM2, E= *2* CM","M2",227.92]
[44540,"PISO EM GRANITO, POLIDO, TIPO MARFIM, DALLAS, CARAVELAS OU OUTROS EQUIVALENTES DA REGIAO, FORMATO MENOR OU IGUAL A 3025 CM2, E= *2*CM","M2",291.23]
[10842,"PISO EM GRANITO, POLIDO, TIPO PRETO SAO GABRIEL/ TIJUCA OU OUTROS EQUIVALENTES DA REGIAO, FORMATO MENOR OU IGUAL A 3025 CM2, E= *2* CM","M2",329.22]
[45190,"PISO EM PORCELANATO, RETIFICADO, LISO, MONOCOLOR, ACETINADO OU POLIDO, FORMATO MAIOR QUE 2500 ATE 6400 CM2","M2",60.95]
[45191,"PISO EM PORCELANATO,RETIFICADO, LISO, MONOCOLOR, ACETINADO OU POLIDO, FORMATO MAIOR QUE 6400 CM2","M2",103.4]
[38180,"PISO EM REGUA VINILICA SEMIFLEXIVEL, ENCAIXE CLICADO, E = 4 MM (SEM COLOCACAO)","M2",177.42]
[40648,"PISO EPOXI AUTONIVELANTE, ESPESSURA *4* MM (INCLUSO EXECUCAO)","M2",209.28]
[40649,"PISO EPOXI MULTILAYER, ESPESSURA *2* MM (INCLUSO EXECUCAO)","M2",121.9]
[40650,"PISO FULGET (GRANITO LAVADO) EM PLACAS DE *40 X 40* CM, E = 2,0 CM (SEM COLOCACAO)","M2",156.96]
[40651,"PISO FULGET (GRANITO LAVADO) EM PLACAS DE *75 X 75* CM, E = 2,0 CM (SEM COLOCACAO)","M2",289.5]
[40652,"PISO FULGET (GRANITO LAVADO) MOLDADO IN LOCO (INCLUSO EXECUCAO)","M2",155.21]
[40647,"PISO INDUSTRIAL EM CONCRETO ARMADO DE ACABAMENTO POLIDO, ESPESSURA 12 CM (CIMENTO QUEIMADO) (INCLUSO EXECUCAO)","M2",170.91]
[40653,"PISO KORODUR (INCLUSO EXECUCAO)","M2",130.80000000000001]
[38135,"PISO TATIL / PODOTATIL, LADRILHO HIDRAULICO / CONCRETO, *25 X 25* CM, E= *2,5* CM, PADRAO TATIL ALERTA OU DIRECIONAL, COR AMARELA","M2",71.28]
[36178,"PISO TATIL / PODOTATIL, LADRILHO HIDRAULICO/CONCRETO, *40 X 40* CM, E= 2,5* CM, PADRAO TATIL ALERTA OU DIRECIONAL, COR NATURAL","UN",15.34]
[38181,"PISO TATIL ALERTA OU DIRECIONAL, DE BORRACHA, COLORIDO, 25 X 25 CM, E = 5 MM, PARA COLA","M2",242.2]
[38182,"PISO TATIL DE ALERTA OU DIRECIONAL DE BORRACHA, PRETO, 25 X 25 CM, E = 5 MM, PARA COLA","M2",230.71]
[38186,"PISO TATIL DE ALERTA OU DIRECIONAL, DE BORRACHA, COLORIDO, 25 X 25 CM, E = 12 MM, PARA ARGAMASSA","M2",599.69000000000005]
[38185,"PISO TATIL DE ALERTA OU DIRECIONAL, DE BORRACHA, PRETO, 25 X 25 CM, E = 12 MM, PARA ARGAMASSA","M2",533.94000000000005]
[40654,"PISO URETANO, VERSAO REVESTIMENTO AUTONIVELANTE, ESPESSURA VARIAVEL DE 3 A 4 MM (INCLUSO EXECUCAO)","M2",203.17]
[44541,"PISO/ REVESTIMENTO EM GRANITO, POLIDO, TIPO ANDORINHA/ QUARTZ/ CASTELO/ CORUMBA OU OUTROS EQUIVALENTES DA REGIAO, FORMATO MAIOR OU IGUAL A 3025 CM2, E = *2*CM","M2",240.58]
[4822,"PISO/ REVESTIMENTO EM MARMORE, POLIDO, BRANCO COMUM, FORMATO MAIOR OU IGUAL A 3025 CM2, E = *2* CM","M2",332.22]
[4818,"PISO/ REVESTIMENTO EM MARMORE, POLIDO, BRANCO COMUM, FORMATO MENOR OU IGUAL A 3025 CM2, E = *2* CM","M2",341.48]
[39567,"PLACA / CHAPA DE GESSO ACARTONADO, ACABAMENTO VINILICO LISO EM UMA DAS FACES, COR BRANCA, BORDA QUADRADA, E = 9,5 MM, *625 X 1250* MM (L X C), PARA FORRO REMOVIVEL","M2",44.08]
[39566,"PLACA / CHAPA DE GESSO ACARTONADO, ACABAMENTO VINILICO LISO EM UMA DAS FACES, COR BRANCA, BORDA QUADRADA, E = 9,5 MM, *625 X 625* MM (L X C), PARA FORRO REMOVIVEL","M2",46.65]
[39416,"PLACA / CHAPA DE GESSO ACARTONADO, RESISTENTE A UMIDADE (RU), COR VERDE, E = 12,5 MM, 1200 X 1800 MM (L X C)","M2",28.43]
[39417,"PLACA / CHAPA DE GESSO ACARTONADO, RESISTENTE A UMIDADE (RU), COR VERDE, E = 12,5 MM, 1200 X 2400 MM (L X C)","M2",27.73]
[43742,"PLACA / CHAPA DE GESSO ACARTONADO, RESISTENTE A UMIDADE (RU), COR VERDE, E = 15 MM, 1200 X 2400 MM (L X C)","M2",29.91]
[39414,"PLACA / CHAPA DE GESSO ACARTONADO, RESISTENTE AO FOGO (RF), COR ROSA, E = 12,5 MM, 1200 X 1800 MM (L X C)","M2",26.93]
[39415,"PLACA / CHAPA DE GESSO ACARTONADO, RESISTENTE AO FOGO (RF), COR ROSA, E = 12,5 MM, 1200 X 2400 MM (L X C)","M2",23.21]
[43740,"PLACA / CHAPA DE GESSO ACARTONADO, RESISTENTE AO FOGO (RF), COR ROSA, E = 15 MM, 1200 X 2400 MM (L X C)","M2",28.34]
[39412,"PLACA / CHAPA DE GESSO ACARTONADO, STANDARD (ST), COR BRANCA, E = 12,5 MM, 1200 X 1800 MM (L X C)","M2",19.440000000000001]
[39413,"PLACA / CHAPA DE GESSO ACARTONADO, STANDARD (ST), COR BRANCA, E = 12,5 MM, 1200 X 2400 MM (L X C)","M2",21.02]
[43741,"PLACA / CHAPA DE GESSO ACARTONADO, STANDARD (ST), COR BRANCA, E = 15 MM, 1200 X 2400 MM (L X C)","M2",22.41]
[11062,"PLACA CIMENTICIA LISA E = 10 MM, DE 1,20 X *2,50* M (SEM AMIANTO)","M2",41.81]
[11063,"PLACA CIMENTICIA LISA E = 6 MM, DE 1,20 X *2,50* M (SEM AMIANTO)","M2",25.59]
[13521,"PLACA DE ACO ESMALTADA PARA IDENTIFICACAO DE RUA, *45 CM X 20* CM","UN",146.02000000000001]
[10851,"PLACA DE ACRILICO TRANSPARENTE ADESIVADA PARA SINALIZACAO DE PORTAS, BORDA POLIDA, DE *25 X 8*, E = 6 MM (NAO INCLUI ACESSORIOS PARA FIXACAO)","UN",76.989999999999995]
[39515,"PLACA DE FIBRA MINERAL PARA FORRO, DE 1250 X 625 MM, E = 15 MM, BORDA RETA, COM PINTURA ANTIMOFO (NAO INCLUI PERFIS)","UN"]
[39516,"PLACA DE FIBRA MINERAL PARA FORRO, DE 625 X 625 MM, E = 15 MM, BORDA REBAIXADA PARA PERFIL 24 MM, COM PINTURA ANTIMOFO (NAO INCLUI PERFIS)","UN"]
[39514,"PLACA DE FIBRA MINERAL PARA FORRO, DE 625 X 625 MM, E = 15 MM, BORDA RETA, COM PINTURA ANTIMOFO (NAO INCLUI PERFIS)","UN"]
[4812,"PLACA DE GESSO PARA FORRO, *60 X 60* CM, ESPESSURA DE 12 MM (SEM COLOCACAO)","M2",11.66]
[10849,"PLACA DE INAUGURACAO EM BRONZE *35X 50*CM","UN",2124.02]
[10848,"PLACA DE INAUGURACAO METALICA, *40* CM X *60* CM","UN",1334.15]
[4813,"PLACA DE OBRA (PARA CONSTRUCAO CIVIL) EM CHAPA GALVANIZADA *N. 22*, ADESIVADA, DE *2,4 X 1,2* M (SEM POSTES PARA FIXACAO)","M2",442.5]
[37560,"PLACA DE SINALIZACAO DE SEGURANCA CONTRA INCENDIO - ALERTA, TRIANGULAR, BASE DE *30* CM, EM PVC *2* MM ANTI-CHAMAS (SIMBOLOS, CORES E PICTOGRAMAS CONFORME NBR 16820)","UN",19.68]
[37557,"PLACA DE SINALIZACAO DE SEGURANCA CONTRA INCENDIO, FOTOLUMINESCENTE, QUADRADA, *14 X 14* CM, EM PVC *2* MM ANTI-CHAMAS (SIMBOLOS, CORES E PICTOGRAMAS CONFORME NBR 16820)","UN",5.97]
[37556,"PLACA DE SINALIZACAO DE SEGURANCA CONTRA INCENDIO, FOTOLUMINESCENTE, QUADRADA, *20 X 20* CM, EM PVC *2* MM ANTI-CHAMAS (SIMBOLOS, CORES E PICTOGRAMAS CONFORME NBR 16820)","UN",11.56]
[37559,"PLACA DE SINALIZACAO DE SEGURANCA CONTRA INCENDIO, FOTOLUMINESCENTE, RETANGULAR, *12 X 40* CM, EM PVC *2* MM ANTI-CHAMAS (SIMBOLOS, CORES E PICTOGRAMAS CONFORME NBR 16820)","UN",14.18]
[37539,"PLACA DE SINALIZACAO DE SEGURANCA CONTRA INCENDIO, FOTOLUMINESCENTE, RETANGULAR, *13 X 26* CM, EM PVC *2* MM ANTI-CHAMAS (SIMBOLOS, CORES E PICTOGRAMAS CONFORME NBR 16820)","UN",10]
[37558,"PLACA DE SINALIZACAO DE SEGURANCA CONTRA INCENDIO, FOTOLUMINESCENTE, RETANGULAR, *20 X 40* CM, EM PVC *2* MM ANTI-CHAMAS (SIMBOLOS, CORES E PICTOGRAMAS CONFORME NBR 16820)","UN",18.64]
[34723,"PLACA DE SINALIZACAO EM CHAPA DE ACO NUM 16 COM PINTURA REFLETIVA","M2",1022.18]
[34721,"PLACA DE SINALIZACAO EM CHAPA DE ALUMINIO COM PINTURA REFLETIVA, E = 2 MM","M2",1274.4100000000001]
[4309,"PLACA DE VENTILACAO PARA TELHA DE FIBROCIMENTO CANALETE 49 KALHETA","UN",10.130000000000001]
[4307,"PLACA DE VENTILACAO PARA TELHA DE FIBROCIMENTO, CANALETE 90 OU KALHETAO","UN",17.32]
[10850,"PLACA NUMERACAO RESIDENCIAL EM CHAPA GALVANIZADA ESMALTADA 12 X 18 CM","UN",66.37]
[42438,"PLACA ORIENTATIVA SOBRE EXERCICIOS, 2,00 M X 1,00 M (CHAPA GALVANIZADA #20), ESTRUTURA EM TUBOS REDONDOS DE ACO CARBONO, PINTURA NO PROCESSO ELETROSTATICO, ADESIVO FRENTE E VERSO - PARA ACADEMIA AO AR LIVRE / ACADEMIA DA TERCEIRA IDADE - ATI","UN"]
[4792,"PLACA VINILICA SEMIFLEXIVEL PARA PISOS, E = 3,2 MM, 30 X 30 CM (SEM COLOCACAO)","M2",170.31]
[4790,"PLACA VINILICA SEMIFLEXIVEL PARA REVESTIMENTO DE PISOS E PAREDES, E = 2 MM (SEM COLOCACAO)","M2",102.4]
[40671,"PLACA/PISO DE CONCRETO POROSO/ PAVIMENTO PERMEAVEL/BLOCO DRENANTE DE CONCRETO, *40 X 40* CM, E = 6 CM, COR NATURAL","M2",100.69]
[7552,"PLACA/TAMPA CEGA EM LATAO ESCOVADO PARA CONDULETE EM LIGA DE ALUMINIO 4 X 4\"","UN",30.82]
[4893,"PLUG OU BUJAO DE FERRO GALVANIZADO, DE 1 1/2\"","UN",14.09]
[4894,"PLUG OU BUJAO DE FERRO GALVANIZADO, DE 1 1/4\"","UN",12.09]
[4890,"PLUG OU BUJAO DE FERRO GALVANIZADO, DE 1\"","UN",7.74]
[4888,"PLUG OU BUJAO DE FERRO GALVANIZADO, DE 1/2\"","UN",4.12]
[12411,"PLUG OU BUJAO DE FERRO GALVANIZADO, DE 2 1/2\"","UN",41.66]
[4891,"PLUG OU BUJAO DE FERRO GALVANIZADO, DE 2\"","UN",20.83]
[4892,"PLUG OU BUJAO DE FERRO GALVANIZADO, DE 3\"","UN",58.34]
[4889,"PLUG OU BUJAO DE FERRO GALVANIZADO, DE 3/4\"","UN",5.57]
[12412,"PLUG OU BUJAO DE FERRO GALVANIZADO, DE 4\"","UN",108.43]
[4907,"PLUG PVC, JE, DN 100 MM, PARA REDE COLETORA ESGOTO","UN",21.19]
[4902,"PLUG PVC, JE, DN 150 MM, PARA REDE COLETORA ESGOTO","UN",54.96]
[4741,"PO DE PEDRA (POSTO PEDREIRA/FORNECEDOR, SEM FRETE)","M3",122.09]
[4752,"POCEIRO / ESCAVADOR DE VALAS E TUBULOES (HORISTA)","H",19.440000000000001]
[41091,"POCEIRO / ESCAVADOR DE VALAS E TUBULOES (MENSALISTA)","MES",3433.32]
[13954,"POLIDORA DE PISO (POLITRIZ) ELETRICA, MOTOR MONOFASICO DE 4 HP, PESO DE 100 KG, DIAMETRO DO TRABALHO DE 450 MM","UN"]
[3411,"POLIESTIRENO EXPANDIDO/EPS (ISOPOR), PEROLAS, PARA CONCRETO LEVE","KG",38.08]
[39995,"POLIESTIRENO EXPANDIDO/EPS (ISOPOR), TIPO 2F, BLOCO","M3",292.98]
[11615,"POLIESTIRENO EXPANDIDO/EPS (ISOPOR), TIPO 2F, PLACA, ISOLAMENTO TERMOACUSTICO, E = 10 MM, 1000 X 500 MM","M2",2.48]
[3408,"POLIESTIRENO EXPANDIDO/EPS (ISOPOR), TIPO 2F, PLACA, ISOLAMENTO TERMOACUSTICO, E = 20 MM, 1000 X 500 MM","M2",6.6]
[3409,"POLIESTIRENO EXPANDIDO/EPS (ISOPOR), TIPO 2F, PLACA, ISOLAMENTO TERMOACUSTICO, E = 50 MM, 1000 X 500 MM","M2",16.5]
[11427,"POLVORA NEGRA","KG"]
[4491,"PONTALETE *7,5 X 7,5* CM EM PINUS, MISTA OU EQUIVALENTE DA REGIAO - BRUTA","M",8.39]
[2745,"PONTALETE ROLICO SEM TRATAMENTO, D = 8 A 11 CM, H = 3 M, EM EUCALIPTO OU EQUIVALENTE DA REGIAO - BRUTA (PARA ESCORAMENTO)","M",3.13]
[14439,"PONTALETE ROLICO SEM TRATAMENTO, D = 8 A 11 CM, H = 6 M, EM EUCALIPTO OU EQUIVALENTE DA REGIAO - BRUTA (PARA ESCORAMENTO)","M",3.89]
[44496,"PONTEIRO PARA MARTELO ROMPEDOR, DIAMETRO = *28* MM, COMPRIMENTO = *520* MM, ENCAIXE  SEXTAVADO","UN",133.07]
[12362,"PORCA OLHAL EM ACO GALVANIZADO, ESPESSURA 16MM, ABERTURA 21MM","UN"]
[421,"PORCA OLHAL M 16, EM ACO GALVANIZADO, DIAMETRO = 16 MM","UN"]
[14148,"PORCA UNIAO/JUNCAO ZINCADA SEXTAVADA 1/4 \", CHAVE 7/16 \", COMPRIMENTO = 25 MM","UN",2]
[4341,"PORCA ZINCADA, QUADRADA, DIAMETRO 3/8\"","UN",1.22]
[4337,"PORCA ZINCADA, QUADRADA, DIAMETRO 5/8\"","UN",3.07]
[11971,"PORCA ZINCADA, SEXTAVADA, DIAMETRO 1\"","UN",5.08]
[4339,"PORCA ZINCADA, SEXTAVADA, DIAMETRO 1/2\"","UN",0.65]
[39997,"PORCA ZINCADA, SEXTAVADA, DIAMETRO 1/4\"","UN",0.36]
[4342,"PORCA ZINCADA, SEXTAVADA, DIAMETRO 3/8\"","UN",0.27]
[4330,"PORCA ZINCADA, SEXTAVADA, DIAMETRO 5/16\"","UN",0.18]
[4340,"PORCA ZINCADA, SEXTAVADA, DIAMETRO 5/8\"","UN",1.42]
[5088,"PORTA CADEADO EM ACO GALVANIZADO, COMPRIMENTO DE 3 1/2\"","UN",6.93]
[11154,"PORTA CORTA-FOGO SIMPLES PARA SAIDA DE EMERGENCIA, 1 FOLHA DE ABRIR, 5 CM, ACABAMENTO NATURAL / SEM PINTURA, COM FECHADURA TIPO TRINCO, DOBRADICAS E BATENTE, VAO LUZ DE 90 X 210 CM, CLASSE P-90 (NBR 11742)","UN",1306.28]
[4989,"PORTA DE ABRIR / GIRO, DE MADEIRA FOLHA MEDIA (NBR 15930) DE 1000 X 2100 MM, DE 35 MM A 40 MM DE ESPESSURA, NUCLEO SEMI-SOLIDO (SARRAFEADO), CAPA LISA EM HDF, ACABAMENTO EM LAMINADO NATURAL PARA VERNIZ","UN",303.58999999999997]
[4982,"PORTA DE ABRIR / GIRO, DE MADEIRA FOLHA MEDIA (NBR 15930) DE 1000 X 2100 MM, DE 35 MM A 40 MM DE ESPESSURA, NUCLEO SEMI-SOLIDO (SARRAFEADO), CAPA LISA EM HDF, ACABAMENTO EM PRIMER PARA PINTURA","UN",284.75]
[4962,"PORTA DE ABRIR / GIRO, DE MADEIRA FOLHA MEDIA (NBR 15930) DE 700 X 2100 MM, DE 35 MM A 40 MM DE ESPESSURA, NUCLEO SEMI-SOLIDO (SARRAFEADO), CAPA FRISADA EM HDF, ACABAMENTO MELAMINICO EM PADRAO MADEIRA","UN",224.56]
[4981,"PORTA DE ABRIR / GIRO, DE MADEIRA FOLHA MEDIA (NBR 15930) DE 700 X 2100 MM, DE 35 MM A 40 MM DE ESPESSURA, NUCLEO SEMI-SOLIDO (SARRAFEADO), CAPA LISA EM HDF, ACABAMENTO EM LAMINADO NATURAL PARA VERNIZ","UN",199.92]
[4964,"PORTA DE ABRIR / GIRO, DE MADEIRA FOLHA MEDIA (NBR 15930) DE 800 X 2100 MM, DE 35 MM A 40 MM DE ESPESSURA, NUCLEO SEMI-SOLIDO (SARRAFEADO), CAPA FRISADA EM HDF, ACABAMENTO MELAMINICO EM PADRAO MADEIRA","UN",253.62]
[4992,"PORTA DE ABRIR / GIRO, DE MADEIRA FOLHA MEDIA (NBR 15930) DE 800 X 2100 MM, DE 35 MM A 40 MM DE ESPESSURA, NUCLEO SEMI-SOLIDO (SARRAFEADO), CAPA LISA EM HDF, ACABAMENTO EM LAMINADO NATURAL PARA VERNIZ","UN",247.74]
[4987,"PORTA DE ABRIR / GIRO, DE MADEIRA FOLHA MEDIA (NBR 15930) DE 900 X 2100 MM, DE 35 MM A 40 MM DE ESPESSURA, NUCLEO SEMI-SOLIDO (SARRAFEADO), CAPA LISA EM HDF, ACABAMENTO EM LAMINADO NATURAL PARA VERNIZ","UN",283.44]
[4930,"PORTA DE ABRIR / GIRO, EM GRADIL FERRO, COM BARRA CHATA 3 CM X 1/4\", COM REQUADRO E GUARNICAO - COMPLETO - ACABAMENTO NATURAL","M2",553.29]
[4998,"PORTA DE ABRIR / GIRO, EM MADEIRA MACICA (ANGELIM OU EQUIVALENTE REGIONAL), QUALQUER DESENHO (VERTICAL/DIAGONAL/HORIZ.), E = *3,5* CM, DIMENSOES 2,10 X 0,70 (SOMENTE FOLHA DE PORTA, ACABAMENTO NATURAL)","M2",853.84]
[39021,"PORTA DE ABRIR EM ACO, COM DIVISAO HORIZONTAL PARA VIDROS, 90 X 210 CM, COM FUNDO ANTICORROSIVO/PRIMER DE PROTECAO, INCLUI FECHADURA, MACANETA E PARAFUSO, SEM GUARNICAO/ALIZAR/VISTA, VIDROS NAO INCLUSOS","UN",588.29]
[39022,"PORTA DE ABRIR EM ACO, TIPO VENEZIANA, 90 X 210 CM, COM FUNDO ANTICORROSIVO / PRIMER DE PROTECAO, INCLUI FECHADURA, MACANETA E PARAFUSOS, SEM GUARNICAO/ALIZAR/VISTA","UN",526.95000000000005]
[39024,"PORTA DE ABRIR EM ALUMINIO COM DIVISAO HORIZONTAL PARA VIDROS, ACABAMENTO ANODIZADO NATURAL, VIDROS INCLUSOS, SEM GUARNICAO/ALIZAR/VISTA, 87 CM X 210 CM","UN"]
[4914,"PORTA DE ABRIR EM ALUMINIO COM LAMBRI HORIZONTAL/LAMINADA, ACABAMENTO ANODIZADO NATURAL, SEM GUARNICAO/ALIZAR/VISTA","M2"]
[4917,"PORTA DE ABRIR EM ALUMINIO TIPO VENEZIANA, ACABAMENTO ANODIZADO NATURAL, SEM GUARNICAO/ALIZAR/VISTA","M2"]
[39025,"PORTA DE ABRIR, TIPO VENEZIANA, EM ALUMINIO, ACABAMENTO ANODIZADO NATURAL, 90 CM X 210 CM (LARGURA X ALTURA), SEM GUARNICAO/ALIZAR/VISTA","UN",790.37]
[4922,"PORTA DE CORRER EM ALUMINIO, DUAS FOLHAS MOVEIS COM VIDRO, FECHADURA E PUXADOR EMBUTIDO, ACABAMENTO ANODIZADO NATURAL, SEM GUARNICAO/ALIZAR/VISTA","M2",400.36]
[4911,"PORTA DE ENROLAR MANUAL COMPLETA, ARTICULADA RAIADA LARGA, EM ACO GALVANIZADO NATURAL, CHAPA NUMERO 24 (SEM INSTALACAO)","M2",353.36]
[37518,"PORTA DE ENROLAR MANUAL COMPLETA, PERFIL MEIA CANA CEGA, EM ACO GALVANIZADO COM PINTURA ELETROSTATICA, CHAPA NUMERO 24\" (SEM INSTALACAO)","M2",574.21]
[4910,"PORTA DE ENROLAR MANUAL COMPLETA, PERFIL MEIA CANA CEGA, EM ACO GALVANIZADO NATURAL, CHAPA NUMERO 24 (SEM INSTALACAO)","M2",484.06]
[4943,"PORTA DE ENROLAR MANUAL COMPLETA, PERFIL MEIA CANA VAZADA TIJOLINHO, EM ACO GALVANIZADO NATURAL, CHAPA NUMERO 24 (SEM INSTALACAO)","M2",721.14]
[5002,"PORTA DE MADEIRA QUADRICULADA PARA VIDRO, DE CORRER (EUCALIPTO OU EQUIVALENTE REGIONAL), E = *3,5* CM","M2",622.42999999999995]
[4977,"PORTA DE MADEIRA TIPO VENEZIANA (EUCALIPTO OU EQUIVALENTE REGIONAL), E = *3,5* CM","M2",420.16]
[11364,"PORTA DE MADEIRA, FOLHA LEVE (NBR 15930) DE 600 X 2100 MM, DE 35 MM A 40 MM DE ESPESSURA, NUCLEO COLMEIA, CAPA LISA EM HDF, ACABAMENTO EM PRIMER PARA PINTURA","UN",171.75]
[11365,"PORTA DE MADEIRA, FOLHA LEVE (NBR 15930) DE 700 X 2100 MM, DE 35 MM A 40 MM DE ESPESSURA, NUCLEO COLMEIA, CAPA LISA EM HDF, ACABAMENTO EM PRIMER PARA PINTURA","UN",178.23]
[11366,"PORTA DE MADEIRA, FOLHA LEVE (NBR 15930) DE 800 X 2100 MM, DE 35 MM A 40 MM DE ESPESSURA, NUCLEO COLMEIA, CAPA LISA EM HDF, ACABAMENTO EM PRIMER PARA PINTURA","UN",189.46]
[43777,"PORTA DE MADEIRA, FOLHA LEVE (NBR 15930), DE 600 X 2100 MM, E = 35 MM, NUCLEO COLMEIA, CAPA LISA EM HDF, ACABAMENTO MELAMINICO EM PADRAO MADEIRA","UN",222.55]
[20322,"PORTA DE MADEIRA, FOLHA MEDIA (NBR 15930) DE 600 X 2100 MM, DE 35 MM A 40 MM DE ESPESSURA, NUCLEO SEMI-SOLIDO (SARRAFEADO), CAPA FRISADA EM HDF, ACABAMENTO MELAMINICO EM PADRAO MADEIRA","UN",206.59]
[10553,"PORTA DE MADEIRA, FOLHA MEDIA (NBR 15930) DE 600 X 2100 MM, DE 35 MM A 40 MM DE ESPESSURA, NUCLEO SEMI-SOLIDO (SARRAFEADO), CAPA LISA EM HDF, ACABAMENTO EM PRIMER PARA PINTURA","UN",187.59]
[5020,"PORTA DE MADEIRA, FOLHA MEDIA (NBR 15930) DE 600 X 2100 MM, DE 35 MM A 40 MM DE ESPESSURA, NUCLEO SEMI-SOLIDO (SARRAFEADO), CAPA LISA EM HDF, ACABAMENTO LAMINADO NATURAL PARA VERNIZ","UN",197.77]
[10554,"PORTA DE MADEIRA, FOLHA MEDIA (NBR 15930) DE 700 X 2100 MM, DE 35 MM A 40 MM DE ESPESSURA, NUCLEO SEMI-SOLIDO (SARRAFEADO), CAPA LISA EM HDF, ACABAMENTO EM PRIMER PARA PINTURA","UN",189.25]
[10555,"PORTA DE MADEIRA, FOLHA MEDIA (NBR 15930) DE 800 X 2100 MM, DE 35 MM A 40 MM DE ESPESSURA, NUCLEO SEMI-SOLIDO (SARRAFEADO), CAPA LISA EM HDF, ACABAMENTO EM PRIMER PARA PINTURA","UN",206.38]
[10556,"PORTA DE MADEIRA, FOLHA MEDIA (NBR 15930) DE 900 X 2100 MM, DE 35 MM A 40 MM DE ESPESSURA, NUCLEO SEMI-SOLIDO (SARRAFEADO), CAPA LISA EM HDF, ACABAMENTO EM PRIMER PARA PINTURA","UN",274.41000000000003]
[39502,"PORTA DE MADEIRA, FOLHA PESADA (NBR 15930) DE 800 X 2100 MM, DE 40 MM A 45 MM DE ESPESSURA, NUCLEO SOLIDO, CAPA LISA EM HDF, ACABAMENTO EM LAMINADO NATURAL PARA VERNIZ","UN",385.33]
[39504,"PORTA DE MADEIRA, FOLHA PESADA (NBR 15930) DE 800 X 2100 MM, DE 40 MM A 45 MM DE ESPESSURA, NUCLEO SOLIDO, CAPA LISA EM HDF, ACABAMENTO EM PRIMER PARA PINTURA","UN",426.1]
[39503,"PORTA DE MADEIRA, FOLHA PESADA (NBR 15930) DE 900 X 2100 MM, DE 40 MM A 45 MM DE ESPESSURA, NUCLEO SOLIDO, CAPA LISA EM HDF, ACABAMENTO EM LAMINADO NATURAL PARA VERNIZ","UN",448.46]
[39505,"PORTA DE MADEIRA, FOLHA PESADA (NBR 15930) DE 900 X 2100 MM, DE 40 MM A 45 MM DE ESPESSURA, NUCLEO SOLIDO, CAPA LISA EM HDF, ACABAMENTO EM PRIMER PARA PINTURA","UN",483.28]
[5028,"PORTA DE MADEIRA-DE-LEI QUADRICULADA PARA VIDRO, DE CORRER (ANGELIM OU EQUIVALENTE REGIONAL), E = *3,5* CM","M2",1028.08]
[4969,"PORTA DE MADEIRA-DE-LEI TIPO VENEZIANA (ANGELIM OU EQUIVALENTE REGIONAL), E = *3,5* CM","M2",594.24]
[44471,"PORTA DENTE PARA  FRESADORA","UN"]
[4944,"PORTA GRADE DE ENROLAR MANUAL COMPLETA, PERFIL TUBULAR TIJOLINHO 3/4 \", EM ACO GALVANIZADO NATURAL (SEM INSTALACAO)","M2",1078.0999999999999]
[21102,"PORTA TOALHA BANHO EM METAL CROMADO, TIPO BARRA","UN",36.549999999999997]
[21101,"PORTA TOALHA ROSTO EM METAL CROMADO, TIPO ARGOLA","UN",23.47]
[34713,"PORTA VIDRO TEMPERADO INCOLOR, 2 FOLHAS DE CORRER, E = 10 MM (SEM FERRAGENS E SEM COLOCACAO)","M2",229.01]
[37563,"PORTAO BASCULANTE, MANUAL, EM ACO GALVANIZADO, CHAPA 26, TIPO LAMBRIL, COM REQUADRO, ACABAMENTO NATURAL","M2",608.83000000000004]
[4948,"PORTAO DE ABRIR / GIRO, EM GRADIL DE METALON REDONDO DE 3/4\" VERTICAL, COM REQUADRO, ACABAMENTO NATURAL - COMPLETO","M2",529.69000000000005]
[37561,"PORTAO DE CORRER EM CHAPA TIPO PAINEL LAMBRIL QUADRADO, COM PORTA SOCIAL COMPLETA INCLUIDA, COM REQUADRO, ACABAMENTO NATURAL, COM TRILHOS E ROLDANAS","M2",494.01]
[37562,"PORTAO DE CORRER EM GRADIL FIXO DE BARRA DE FERRO CHATA DE 3 X 1/4\" NA VERTICAL, SEM REQUADRO, ACABAMENTO NATURAL, COM TRILHOS E ROLDANAS","M2",647.70000000000005]
[14164,"POSTE CONICO CONTINUO EM ACO GALVANIZADO, CURVO, BRACO DUPLO, ENGASTADO, H = 9 M, DIAMETRO INFERIOR/BASE = *135* MM","UN"]
[14163,"POSTE CONICO CONTINUO EM ACO GALVANIZADO, CURVO, BRACO DUPLO, FLANGEADO, H = 9 M, DIAMETRO INFERIOR = *135* MM","UN"]
[5051,"POSTE CONICO CONTINUO EM ACO GALVANIZADO, CURVO, BRACO SIMPLES, ENGASTADO, H = 9 M, DIAMETRO INFERIOR = *135* MM","UN"]
[5052,"POSTE CONICO CONTINUO EM ACO GALVANIZADO, CURVO, BRACO SIMPLES, FLANGEADO, H = 7 M, DIAMETRO INFERIOR = *125* MM","UN"]
[14162,"POSTE CONICO CONTINUO EM ACO GALVANIZADO, CURVO, BRACO SIMPLES, FLANGEADO, H = 9 M, DIAMETRO INFERIOR = *135* MM","UN"]
[14166,"POSTE CONICO CONTINUO EM ACO GALVANIZADO, RETO, ENGASTADO, H = 7 M, DIAMETRO INFERIOR = *125* MM","UN"]
[14165,"POSTE CONICO CONTINUO EM ACO GALVANIZADO, RETO, ENGASTADO, H = 9 M, DIAMETRO INFERIOR = *145* MM","UN"]
[5050,"POSTE CONICO CONTINUO EM ACO GALVANIZADO, RETO, FLANGEADO, H = 3 M, DIAMETRO INFERIOR = *95* MM","UN"]
[12366,"POSTE DE CONCRETO ARMADO DE SECAO CIRCULAR, EXTENSAO DE 10,00 M, RESISTENCIA DE 150 A 200 DAN, TIPO C-14","UN",1589.61]
[5045,"POSTE DE CONCRETO ARMADO DE SECAO CIRCULAR, EXTENSAO DE 11,00 M, RESISTENCIA DE 200 A 300 DAN, TIPO C-14","UN",2195.96]
[5035,"POSTE DE CONCRETO ARMADO DE SECAO CIRCULAR, EXTENSAO DE 11,00 M, RESISTENCIA DE 300 A 400 DAN, TIPO C-17","UN",2524.83]
[41180,"POSTE DE CONCRETO ARMADO DE SECAO CIRCULAR, EXTENSAO DE 13,00 M, RESISTENCIA DE 1000 DAN, TIPO C-23","UN",5675.77]
[41181,"POSTE DE CONCRETO ARMADO DE SECAO CIRCULAR, EXTENSAO DE 13,00 M, RESISTENCIA DE 1500 DAN, TIPO C-29","UN",7514.54]
[41182,"POSTE DE CONCRETO ARMADO DE SECAO CIRCULAR, EXTENSAO DE 13,00 M, RESISTENCIA DE 2000 DAN, TIPO C-29","UN",10780.23]
[41183,"POSTE DE CONCRETO ARMADO DE SECAO CIRCULAR, EXTENSAO DE 13,00 M, RESISTENCIA DE 2500 DAN, TIPO C-29","UN",13459.33]
[41184,"POSTE DE CONCRETO ARMADO DE SECAO CIRCULAR, EXTENSAO DE 13,00 M, RESISTENCIA DE 3000 DAN, TIPO C-29","UN",20492.66]
[41185,"POSTE DE CONCRETO ARMADO DE SECAO CIRCULAR, EXTENSAO DE 14,00 M, RESISTENCIA DE 1000 DAN, TIPO C-23","UN",7599.6]
[41186,"POSTE DE CONCRETO ARMADO DE SECAO CIRCULAR, EXTENSAO DE 14,00 M, RESISTENCIA DE 1500 DAN, TIPO C-29","UN",10649.96]
[41187,"POSTE DE CONCRETO ARMADO DE SECAO CIRCULAR, EXTENSAO DE 14,00 M, RESISTENCIA DE 2000 DAN, TIPO C-29","UN",14282.48]
[41188,"POSTE DE CONCRETO ARMADO DE SECAO CIRCULAR, EXTENSAO DE 14,00 M, RESISTENCIA DE 2500 DAN, TIPO C-29","UN",18264.11]
[5036,"POSTE DE CONCRETO ARMADO DE SECAO CIRCULAR, EXTENSAO DE 14,00 M, RESISTENCIA DE 300 A 400 DAN, TIPO C-17","UN",3873.54]
[41189,"POSTE DE CONCRETO ARMADO DE SECAO CIRCULAR, EXTENSAO DE 14,00 M, RESISTENCIA DE 3000 DAN, TIPO C-29","UN",23480.42]
[41190,"POSTE DE CONCRETO ARMADO DE SECAO CIRCULAR, EXTENSAO DE 15,00 M, RESISTENCIA DE 1000 DAN, TIPO C-23","UN",8165.67]
[41191,"POSTE DE CONCRETO ARMADO DE SECAO CIRCULAR, EXTENSAO DE 15,00 M, RESISTENCIA DE 1500 DAN, TIPO C-29","UN",12521.74]
[41192,"POSTE DE CONCRETO ARMADO DE SECAO CIRCULAR, EXTENSAO DE 15,00 M, RESISTENCIA DE 2000 DAN, TIPO C-29","UN",13053.82]
[41193,"POSTE DE CONCRETO ARMADO DE SECAO CIRCULAR, EXTENSAO DE 15,00 M, RESISTENCIA DE 2500 DAN, TIPO C-29","UN",21329.52]
[41194,"POSTE DE CONCRETO ARMADO DE SECAO CIRCULAR, EXTENSAO DE 15,00 M, RESISTENCIA DE 3000 DAN, TIPO C-29","UN",25450.95]
[5044,"POSTE DE CONCRETO ARMADO DE SECAO CIRCULAR, EXTENSAO DE 9,00 M, RESISTENCIA DE 200 A 300 DAN, TIPO C-14","UN",1369.52]
[5059,"POSTE DE CONCRETO ARMADO DE SECAO CIRCULAR, EXTENSAO DE 9,00 M, RESISTENCIA DE 300 A 400 DAN, TIPO C-17","UN",1637.78]
[41201,"POSTE DE CONCRETO ARMADO DE SECAO DUPLO T, EXTENSAO DE 10,00 M, RESISTENCIA DE 1000 DAN, TIPO B-1,5","UN",3323.74]
[41199,"POSTE DE CONCRETO ARMADO DE SECAO DUPLO T, EXTENSAO DE 10,00 M, RESISTENCIA DE 150 DAN, TIPO D","UN",1068.04]
[5057,"POSTE DE CONCRETO ARMADO DE SECAO DUPLO T, EXTENSAO DE 10,00 M, RESISTENCIA DE 300 A 400 DAN, TIPO B OU D","UN",1445.93]
[41200,"POSTE DE CONCRETO ARMADO DE SECAO DUPLO T, EXTENSAO DE 10,00 M, RESISTENCIA DE 600 DAN, TIPO B","UN",2078.79]
[41205,"POSTE DE CONCRETO ARMADO DE SECAO DUPLO T, EXTENSAO DE 11,00 M, RESISTENCIA DE 1000 DAN, TIPO B-1,5","UN",3851.95]
[41202,"POSTE DE CONCRETO ARMADO DE SECAO DUPLO T, EXTENSAO DE 11,00 M, RESISTENCIA DE 150 DAN, TIPO D","UN",1124.02]
[41206,"POSTE DE CONCRETO ARMADO DE SECAO DUPLO T, EXTENSAO DE 11,00 M, RESISTENCIA DE 1500 DAN, TIPO B-3,0","UN",5078.62]
[12372,"POSTE DE CONCRETO ARMADO DE SECAO DUPLO T, EXTENSAO DE 11,00 M, RESISTENCIA DE 200 DAN, TIPO D","UN",1180.23]
[41207,"POSTE DE CONCRETO ARMADO DE SECAO DUPLO T, EXTENSAO DE 11,00 M, RESISTENCIA DE 2000 DAN, TIPO B-4,5","UN",6836.83]
[41203,"POSTE DE CONCRETO ARMADO DE SECAO DUPLO T, EXTENSAO DE 11,00 M, RESISTENCIA DE 300 DAN, TIPO B","UN",1800.56]
[41204,"POSTE DE CONCRETO ARMADO DE SECAO DUPLO T, EXTENSAO DE 11,00 M, RESISTENCIA DE 600 DAN, TIPO B","UN",2545.54]
[41210,"POSTE DE CONCRETO ARMADO DE SECAO DUPLO T, EXTENSAO DE 12,00 M, RESISTENCIA DE 1000 DAN, TIPO B-1,5","UN",4252.26]
[41208,"POSTE DE CONCRETO ARMADO DE SECAO DUPLO T, EXTENSAO DE 12,00 M, RESISTENCIA DE 150 DAN, TIPO D","UN",1488.54]
[41211,"POSTE DE CONCRETO ARMADO DE SECAO DUPLO T, EXTENSAO DE 12,00 M, RESISTENCIA DE 1500 DAN, TIPO B-3,0","UN",5991.37]
[13339,"POSTE DE CONCRETO ARMADO DE SECAO DUPLO T, EXTENSAO DE 12,00 M, RESISTENCIA DE 300 A 400 DAN, TIPO B OU D","UN",2017.33]
[41213,"POSTE DE CONCRETO ARMADO DE SECAO DUPLO T, EXTENSAO DE 12,00 M, RESISTENCIA DE 3000 DAN, TIPO B-6,0","UN",12418.63]
[41209,"POSTE DE CONCRETO ARMADO DE SECAO DUPLO T, EXTENSAO DE 12,00 M, RESISTENCIA DE 600 DAN, TIPO B","UN",2775.59]
[41216,"POSTE DE CONCRETO ARMADO DE SECAO DUPLO T, EXTENSAO DE 13,00 M, RESISTENCIA DE 1000 DAN, TIPO B-1,5","UN",5199.05]
[41217,"POSTE DE CONCRETO ARMADO DE SECAO DUPLO T, EXTENSAO DE 13,00 M, RESISTENCIA DE 1500 DAN, TIPO B-3,0","UN",8335.92]
[41218,"POSTE DE CONCRETO ARMADO DE SECAO DUPLO T, EXTENSAO DE 13,00 M, RESISTENCIA DE 2000 DAN, TIPO B-4,5","UN",11178.73]
[41214,"POSTE DE CONCRETO ARMADO DE SECAO DUPLO T, EXTENSAO DE 13,00 M, RESISTENCIA DE 300 DAN, TIPO B","UN",2357.0100000000002]
[41215,"POSTE DE CONCRETO ARMADO DE SECAO DUPLO T, EXTENSAO DE 13,00 M, RESISTENCIA DE 600 DAN, TIPO B","UN",3548.81]
[41221,"POSTE DE CONCRETO ARMADO DE SECAO DUPLO T, EXTENSAO DE 15,00 M, RESISTENCIA DE 1500 DAN, TIPO B-3,0","UN",10275.620000000001]
[41222,"POSTE DE CONCRETO ARMADO DE SECAO DUPLO T, EXTENSAO DE 15,00 M, RESISTENCIA DE 2000 DAN, TIPO B-4,5","UN",14704.53]
[41195,"POSTE DE CONCRETO ARMADO DE SECAO DUPLO T, EXTENSAO DE 8,00 M, RESISTENCIA DE 150 DAN, TIPO D","UN",755.77]
[41198,"POSTE DE CONCRETO ARMADO DE SECAO DUPLO T, EXTENSAO DE 9,00 M, RESISTENCIA DE 1000 DAN, TIPO B-1,5","UN",2953.37]
[41196,"POSTE DE CONCRETO ARMADO DE SECAO DUPLO T, EXTENSAO DE 9,00 M, RESISTENCIA DE 150 DAN, TIPO D","UN",936.82]
[5033,"POSTE DE CONCRETO ARMADO DE SECAO DUPLO T, EXTENSAO DE 9,00 M, RESISTENCIA DE 300 A 400 DAN, TIPO B OU D","UN",1230]
[41197,"POSTE DE CONCRETO ARMADO DE SECAO DUPLO T, EXTENSAO DE 9,00 M, RESISTENCIA DE 600 DAN, TIPO B","UN",1827.01]
[12388,"POSTE DECORATIVO PARA JARDIM EM ACO TUBULAR, SEM LUMINARIA, H = *2,5* M","UN"]
[2731,"POSTE ROLICO DE MADEIRA TRATADA, D = 20 A 25 CM, H = 12,00 M, EM EUCALIPTO OU EQUIVALENTE DA REGIAO","M",89.53]
[41457,"POSTES METALICOS AUTOPORTANTES, CONICO OU TELESCOPICO, PARA SPDA, ALTURA 10 METROS LIVRES","UN",1425.9]
[41458,"POSTES METALICOS AUTOPORTANTES, CONICO OU TELESCOPICO, PARA SPDA, ALTURA 12 METROS LIVRES","UN",1990.62]
[41459,"POSTES METALICOS AUTOPORTANTES, CONICO OU TELESCOPICO, PARA SPDA, ALTURA 15 METROS LIVRES","UN",2776.77]
[41461,"POSTES METALICOS AUTOPORTANTES, CONICO OU TELESCOPICO, PARA SPDA, ALTURA 20 METROS LIVRES","UN",3785.98]
[44537,"POZOLANA DE CLASSE  C","T",313.63]
[11844,"PRANCHA APARELHADA *4 X 30* CM, EM MACARANDUBA/MASSARANDUBA, ANGELIM OU EQUIVALENTE DA REGIAO","M",71.66]
[4465,"PRANCHA NAO APARELHADA *6 X 25* CM, EM MACARANDUBA/MASSARANDUBA, ANGELIM OU EQUIVALENTE DA REGIAO - BRUTA","M",59.55]
[35273,"PRANCHA NAO APARELHADA *6 X 30* CM, EM MACARANDUBA/MASSARANDUBA, ANGELIM OU EQUIVALENTE DA REGIAO - BRUTA","M",71.42]
[4470,"PRANCHA NAO APARELHADA *6 X 40* CM, EM MACARANDUBA/MASSARANDUBA, ANGELIM OU EQUIVALENTE DA REGIAO - BRUTA","M",164.82]
[20204,"PRANCHAO APARELHADO *7,5 X 23* CM, EM MACARANDUBA/MASSARANDUBA, ANGELIM OU EQUIVALENTE DA REGIAO","M",109.88]
[20208,"PRANCHAO APARELHADO *8 X 30* CM, EM MACARANDUBA/MASSARANDUBA, ANGELIM OU EQUIVALENTE DA REGIAO","M",148.34]
[4437,"PRANCHAO NAO APARELHADO *7,5 X 23* CM, EM MACARANDUBA/MASSARANDUBA, ANGELIM OU EQUIVALENTE DA REGIAO - BRUTA","M",123.62]
[14580,"PRANCHAO NAO APARELHADO *8 X 30* CM, EM MACARANDUBA/MASSARANDUBA, ANGELIM OU EQUIVALENTE DA REGIAO - BRUTA","M",123.62]
[5065,"PREGO DE ACO POLIDO COM CABECA 10 X 10 (7/8 X 17)","KG",34.71]
[5072,"PREGO DE ACO POLIDO COM CABECA 10 X 11 (1 X 17)","KG",32.11]
[5066,"PREGO DE ACO POLIDO COM CABECA 12 X 12","KG",24.04]
[5063,"PREGO DE ACO POLIDO COM CABECA 14 X 18 (1 1/2 X 14)","KG",21.77]
[20247,"PREGO DE ACO POLIDO COM CABECA 15 X 15 (1 1/4 X 13)","KG",20.21]
[5074,"PREGO DE ACO POLIDO COM CABECA 15 X 18 (1 1/2 X 13)","KG",20.45]
[5067,"PREGO DE ACO POLIDO COM CABECA 16 X 24 (2 1/4 X 12)","KG",19.45]
[5078,"PREGO DE ACO POLIDO COM CABECA 16 X 27 (2 1/2 X 12)","KG",19.23]
[5068,"PREGO DE ACO POLIDO COM CABECA 17 X 21 (2 X 11)","KG",18.25]
[5073,"PREGO DE ACO POLIDO COM CABECA 17 X 24 (2 1/4 X 11)","KG",18.600000000000001]
[5069,"PREGO DE ACO POLIDO COM CABECA 17 X 27 (2 1/2 X 11)","KG",18.600000000000001]
[5070,"PREGO DE ACO POLIDO COM CABECA 17 X 30 (2 3/4 X 11)","KG",18.8]
[5071,"PREGO DE ACO POLIDO COM CABECA 18 X 24 (2 1/4 X 10)","KG",18.25]
[5061,"PREGO DE ACO POLIDO COM CABECA 18 X 27 (2 1/2 X 10)","KG",17.940000000000001]
[5075,"PREGO DE ACO POLIDO COM CABECA 18 X 30 (2 3/4 X 10)","KG",18.25]
[39027,"PREGO DE ACO POLIDO COM CABECA 19  X 36 (3 1/4  X  9)","KG",18.23]
[5062,"PREGO DE ACO POLIDO COM CABECA 19 X 33 (3 X 9)","KG",18.489999999999998]
[40568,"PREGO DE ACO POLIDO COM CABECA 22 X 48 (4 1/4 X 5)","KG",18.38]
[40304,"PREGO DE ACO POLIDO COM CABECA DUPLA 17 X 27 (2 1/2 X 11)","KG",22.52]
[39026,"PREGO DE ACO POLIDO SEM CABECA 15 X 15 (1 1/4 X 13)","KG",20.52]
[42431,"PRESSAO DE PERNAS TRIPLO, EM TUBO DE ACO CARBONO, PINTURA NO PROCESSO ELETROSTATICO - EQUIPAMENTO DE GINASTICA PARA ACADEMIA AO AR LIVRE / ACADEMIA DA TERCEIRA IDADE - ATI","UN"]
[44074,"PRIMER DE POLIURETANO","L",500.97]
[44072,"PRIMER EPOXI / EPOXIDICO","L",146.62]
[511,"PRIMER PARA MANTA ASFALTICA A BASE DE ASFALTO MODIFICADO DILUIDO EM SOLVENTE, APLICACAO A FRIO","L",18.45]
[37540,"PROJETOR DE ARGAMASSA, CAPACIDADE DE PROJECAO 1,5 M3/H, ALCANCE DA PROJECAO 30 ATE 60 M, MOTOR ELETRICO TRIFASICO","UN",104337.86]
[37548,"PROJETOR DE ARGAMASSA, CAPACIDADE DE PROJECAO 2,0 M3/H, ALCANCE DA PROJECAO ATE 50 M, MOTOR ELETRICO TRIFASICO","UN",138299.31]
[39828,"PROJETOR PNEUMATICO DE ARGAMASSA PARA CHAPISCO E REBOCO COM RECIPIENTE ACOPLADO, TIPO CANEQUINHA, COM VOLUME DE 1,50 L, SEM COMPRESSOR","UN",829.66]
[38392,"PROLONGADOR/ EXTENSOR TELESCOPICO, EM CHAPA METALICA, COM 3 METROS, PARA ROLO DE PINTURA","UN",80.010000000000005]
[11735,"PROLONGAMENTO / PROLONGADOR PARA CAIXA SIFONADA, PVC, 100 MM X 200 MM (NBR 5688)","UN",8.4499999999999993]
[11737,"PROLONGAMENTO / PROLONGADOR PARA CAIXA SIFONADA, PVC, 150 MM X 150 MM (NBR 5688)","UN",11.99]
[11738,"PROLONGAMENTO / PROLONGADOR PARA CAIXA SIFONADA, PVC, 150 MM X 200 MM (NBR 5688)","UN",15.11]
[36143,"PROTETOR AUDITIVO TIPO CONCHA COM ABAFADOR DE RUIDOS, ATENUACAO ACIMA DE 22 DB","UN",27.57]
[36142,"PROTETOR AUDITIVO TIPO PLUG DE INSERCAO COM CORDAO, ATENUACAO SUPERIOR A 15 DB","UN",2.0099999999999998]
[36146,"PROTETOR SOLAR FPS 30, EMBALAGEM 2 LITROS","UN",228.65]
[39015,"PROTETOR/PONTEIRA PLASTICA PARA PONTA DE VERGALHAO DE ATE 1\", TIPO PROTETOR DE ESPERA","UN",0.95]
[38377,"PRUMO DE CENTRO EM ACO *400* G, COM CORDAO EM NYLON E CALCO GUIA EM ACO OU MADEIRA","UN",47.62]
[38376,"PRUMO DE PAREDE EM ACO 700 A 750 G, COM CORDAO EM NYLON E TACO","UN",54.3]
[38116,"PULSADOR CAMPAINHA 10A, 250V (APENAS MODULO)","UN",5.32]
[38066,"PULSADOR CAMPAINHA 10A, 250V, CONJUNTO MONTADO PARA EMBUTIR 4\" X 2\" (PLACA + SUPORTE + MODULO)","UN",8.7899999999999991]
[38117,"PULSADOR MINUTERIA 10A, 250V (APENAS MODULO)","UN",9.07]
[38067,"PULSADOR MINUTERIA 10A, 250V, CONJUNTO MONTADO PARA EMBUTIR 4\" X 2\" (PLACA + SUPORTE + MODULO)","UN",12.37]
[44313,"PUNHO PARA PERFURATRIZ DE ESTEIRA T38, D = 1 1/2\" (38 MM), C = 380 MM","UN",908.75]
[11522,"PUXADOR DE EMBUTIR TIPO CONCHA, COM FURO PARA CHAVE, EM LATAO CROMADO, COMPRIMENTO DE APROX *100* MM E LARGURA DE APROX *40* MM","UN",13.43]
[43600,"PUXADOR TIPO ALCA, EM ZAMAC CROMADO, COM COMPRIMENTO DE APROX 150 MM, COM ROSETA PARA PORTAS DE MADEIRAS, INCLUINDO PARAFUSOS","UN",53.84]
[5080,"PUXADOR TIPO ALCA, EM ZAMAC CROMADO, COM ROSETAS, COMPRIMENTO DE APROX *100* MM, PARA PORTAS E JANELAS DE MADEIRA, INCLUINDO PARAFUSOS","UN",20.99]
[38168,"PUXADOR TUBULAR RETO DUPLO, EM ALUMINIO CROMADO, COMPRIMENTO DE APROX 400 MM E DIAMETRO DE 25 MM (1\")","UN",146.57]
[43601,"PUXADOR TUBULAR RETO SIMPLES, EM ALUMINIO CROMADO, COM COMPRIMENTO DE APROX 400 MM E DIAMETRO DE 25 MM","UN",73.28]
[13393,"QUADRO DE DISTRIBUICAO COM BARRAMENTO TRIFASICO, DE EMBUTIR, EM CHAPA DE ACO GALVANIZADO, PARA 12 DISJUNTORES DIN, 100 A","UN",366.64]
[13395,"QUADRO DE DISTRIBUICAO COM BARRAMENTO TRIFASICO, DE EMBUTIR, EM CHAPA DE ACO GALVANIZADO, PARA 18 DISJUNTORES DIN, 100 A","UN",513.80999999999995]
[12039,"QUADRO DE DISTRIBUICAO COM BARRAMENTO TRIFASICO, DE EMBUTIR, EM CHAPA DE ACO GALVANIZADO, PARA 24 DISJUNTORES DIN, 100 A","UN",539.96]
[13396,"QUADRO DE DISTRIBUICAO COM BARRAMENTO TRIFASICO, DE EMBUTIR, EM CHAPA DE ACO GALVANIZADO, PARA 28 DISJUNTORES DIN, 100 A","UN",758.34]
[12041,"QUADRO DE DISTRIBUICAO COM BARRAMENTO TRIFASICO, DE EMBUTIR, EM CHAPA DE ACO GALVANIZADO, PARA 30 DISJUNTORES DIN, 150 A","UN",619.23]
[12043,"QUADRO DE DISTRIBUICAO COM BARRAMENTO TRIFASICO, DE EMBUTIR, EM CHAPA DE ACO GALVANIZADO, PARA 30 DISJUNTORES DIN, 225 A","UN",1307.4100000000001]
[39762,"QUADRO DE DISTRIBUICAO COM BARRAMENTO TRIFASICO, DE EMBUTIR, EM CHAPA DE ACO GALVANIZADO, PARA 36 DISJUNTORES DIN, 100 A","UN",622.36]
[12042,"QUADRO DE DISTRIBUICAO COM BARRAMENTO TRIFASICO, DE EMBUTIR, EM CHAPA DE ACO GALVANIZADO, PARA 40 DISJUNTORES DIN, 100 A","UN",908.63]
[39763,"QUADRO DE DISTRIBUICAO COM BARRAMENTO TRIFASICO, DE EMBUTIR, EM CHAPA DE ACO GALVANIZADO, PARA 48 DISJUNTORES DIN, 100 A","UN",1063.43]
[39760,"QUADRO DE DISTRIBUICAO COM BARRAMENTO TRIFASICO, DE SOBREPOR, EM CHAPA DE ACO GALVANIZADO, PARA *42* DISJUNTORES DIN, 100 A","UN",1059.93]
[39756,"QUADRO DE DISTRIBUICAO COM BARRAMENTO TRIFASICO, DE SOBREPOR, EM CHAPA DE ACO GALVANIZADO, PARA 12 DISJUNTORES DIN, 100 A","UN",380.58]
[12038,"QUADRO DE DISTRIBUICAO COM BARRAMENTO TRIFASICO, DE SOBREPOR, EM CHAPA DE ACO GALVANIZADO, PARA 18 DISJUNTORES DIN, 100 A","UN",475.54]
[39757,"QUADRO DE DISTRIBUICAO COM BARRAMENTO TRIFASICO, DE SOBREPOR, EM CHAPA DE ACO GALVANIZADO, PARA 28 DISJUNTORES DIN, 100 A","UN",439.73]
[39758,"QUADRO DE DISTRIBUICAO COM BARRAMENTO TRIFASICO, DE SOBREPOR, EM CHAPA DE ACO GALVANIZADO, PARA 30 DISJUNTORES DIN, 100 A","UN",640.85]
[39759,"QUADRO DE DISTRIBUICAO COM BARRAMENTO TRIFASICO, DE SOBREPOR, EM CHAPA DE ACO GALVANIZADO, PARA 36 DISJUNTORES DIN, 100 A","UN",791.45]
[39761,"QUADRO DE DISTRIBUICAO COM BARRAMENTO TRIFASICO, DE SOBREPOR, EM CHAPA DE ACO GALVANIZADO, PARA 48 DISJUNTORES DIN, 100 A","UN",951.34]
[39805,"QUADRO DE DISTRIBUICAO, EM PVC, DE EMBUTIR, COM BARRAMENTO TERRA / NEUTRO, PARA 12 DISJUNTORES NEMA OU 16 DISJUNTORES DIN","UN",163.69]
[39806,"QUADRO DE DISTRIBUICAO, EM PVC, DE EMBUTIR, COM BARRAMENTO TERRA / NEUTRO, PARA 18 DISJUNTORES NEMA OU 24 DISJUNTORES DIN","UN",303.27]
[39807,"QUADRO DE DISTRIBUICAO, EM PVC, DE EMBUTIR, COM BARRAMENTO TERRA / NEUTRO, PARA 27 DISJUNTORES NEMA OU 36 DISJUNTORES DIN","UN",657.26]
[43100,"QUADRO DE DISTRIBUICAO, EM PVC, DE EMBUTIR, COM BARRAMENTO TERRA / NEUTRO, PARA 48 DISJUNTORES DIN","UN",513.84]
[39804,"QUADRO DE DISTRIBUICAO, EM PVC, DE EMBUTIR, COM BARRAMENTO TERRA / NEUTRO, PARA 6 DISJUNTORES NEMA OU 8 DISJUNTORES DIN","UN",96.12]
[39796,"QUADRO DE DISTRIBUICAO, SEM BARRAMENTO, EM PVC, DE EMBUTIR, PARA 12 DISJUNTORES NEMA OU 16 DISJUNTORES DIN","UN",99.55]
[39797,"QUADRO DE DISTRIBUICAO, SEM BARRAMENTO, EM PVC, DE EMBUTIR, PARA 18 DISJUNTORES NEMA OU 24 DISJUNTORES DIN","UN",156.28]
[39798,"QUADRO DE DISTRIBUICAO, SEM BARRAMENTO, EM PVC, DE EMBUTIR, PARA 27 DISJUNTORES NEMA OU 36 DISJUNTORES DIN","UN",268.07]
[39794,"QUADRO DE DISTRIBUICAO, SEM BARRAMENTO, EM PVC, DE EMBUTIR, PARA 3 DISJUNTORES NEMA OU 4 DISJUNTORES DIN","UN",42.26]
[39795,"QUADRO DE DISTRIBUICAO, SEM BARRAMENTO, EM PVC, DE EMBUTIR, PARA 6 DISJUNTORES NEMA OU 8 DISJUNTORES DIN","UN",66.760000000000005]
[39801,"QUADRO DE DISTRIBUICAO, SEM BARRAMENTO, EM PVC, DE SOBREPOR, PARA 12 DISJUNTORES NEMA OU 16 DISJUNTORES DIN","UN",140.97]
[39802,"QUADRO DE DISTRIBUICAO, SEM BARRAMENTO, EM PVC, DE SOBREPOR, PARA 18 DISJUNTORES NEMA OU 24 DISJUNTORES DIN","UN",206.64]
[39803,"QUADRO DE DISTRIBUICAO, SEM BARRAMENTO, EM PVC, DE SOBREPOR, PARA 27 DISJUNTORES NEMA OU 36 DISJUNTORES DIN","UN",288.27]
[39799,"QUADRO DE DISTRIBUICAO, SEM BARRAMENTO, EM PVC, DE SOBREPOR, PARA 3 DISJUNTORES NEMA OU 4 DISJUNTORES DIN","UN",49.26]
[39800,"QUADRO DE DISTRIBUICAO, SEM BARRAMENTO, EM PVC, DE SOBREPOR, PARA 6 DISJUNTORES NEMA OU 8 DISJUNTORES DIN","UN",83.91]
[43837,"RACK DE PISO PARA SERVIDOR, ABERTO, EM COLUNA, 44U X *570* MM","UN",1363.71]
[43836,"RACK DE PISO PARA SERVIDOR, FECHADO, 44U, COM PORTA, 44U X *570* MM","UN",2774.91]
[21059,"RALO FOFO COM REQUADRO, QUADRADO 150 X 150 MM","UN",43.29]
[11234,"RALO FOFO COM REQUADRO, QUADRADO 200 X 200 MM","UN",65.25]
[21060,"RALO FOFO COM REQUADRO, QUADRADO 250 X 250 MM","UN",80.31]
[21061,"RALO FOFO COM REQUADRO, QUADRADO 300 X 300 MM","UN",100.39]
[21062,"RALO FOFO COM REQUADRO, QUADRADO 400 X 400 MM","UN",158.11000000000001]
[11708,"RALO FOFO SEMIESFERICO, 100 MM, PARA LAJES/ CALHAS","UN",17.25]
[11709,"RALO FOFO SEMIESFERICO, 150 MM, PARA LAJES/ CALHAS","UN",40.53]
[11710,"RALO FOFO SEMIESFERICO, 200 MM, PARA LAJES/ CALHAS","UN",93.17]
[11707,"RALO FOFO SEMIESFERICO, 75 MM, PARA LAJES/ CALHAS","UN",12.92]
[5102,"RALO SECO / RALO DE PASSAGEM EM PVC, QUADRADO, 100 X 100 X 53 MM, SAIDA 40 MM, COM GRELHA BRANCA","UN",11.88]
[11711,"RALO SECO CONICO, PVC, 100 X 40 MM, COM GRELHA QUADRADA BRANCA","UN",9.89]
[11739,"RALO SECO CONICO, PVC, 100 X 40 MM, COM GRELHA REDONDA BRANCA","UN",8.4600000000000009]
[11741,"RALO SIFONADO CILINDRICO, PVC, 100 X 40 MM, COM GRELHA REDONDA BRANCA","UN",10.77]
[11745,"RALO SIFONADO QUADRADO, PVC, 100 X 53 MM, SAIDA 40 MM, COM GRELHA QUADRADA BRANCA","UN",14.2]
[11743,"RALO SIFONADO REDONDO CONICO, PVC, 100 X 40 MM, COM GRELHA REDONDA BRANCA","UN",9.0500000000000007]
[5104,"REBITE DE REPUXO EM ALUMINIO VAZADO, DIAMETRO 3,2 X 8 MM DE COMPRIMENTO (1KG = 1025 UNIDADES)","KG",107.99]
[44530,"REBOLO ABRASIVO RETO DE USO GERAL GRAO 36, DE 6 X 1\" (DIAMETRO X ESPESSURA)","UN",47.27]
[2710,"REBOLO ABRASIVO RETO DE USO GERAL GRAO 36, DE 6 X 3/4\" (DIAMETRO X ESPESSURA)","UN",37.75]
[14575,"RECICLADORA DE ASFALTO A FRIO SOBRE RODAS, LARG. FRESAGEM 2,00 M, POT. 315 KW/422 HP","UN"]
[20043,"REDUCAO EXCENTRICA PVC, DN 100 X 50 MM, PARA ESGOTO PREDIAL","UN",8.92]
[20044,"REDUCAO EXCENTRICA PVC, DN 100 X 75 MM, PARA ESGOTO PREDIAL","UN",10.34]
[20042,"REDUCAO EXCENTRICA PVC, DN 75 X 50 MM, PARA ESGOTO PREDIAL","UN",7.74]
[20046,"REDUCAO EXCENTRICA PVC, SERIE R, DN 100 X 75 MM, PARA ESGOTO PREDIAL","UN",18.32]
[20047,"REDUCAO EXCENTRICA PVC, SERIE R, DN 150 X 100 MM, PARA ESGOTO PREDIAL","UN",54.94]
[20045,"REDUCAO EXCENTRICA PVC, SERIE R, DN 75 X 50 MM, PARA ESGOTO PREDIAL","UN",9.27]
[20972,"REDUCAO FIXA TIPO STORZ, ENGATE RAPIDO 2.1/2\" X 1.1/2\", EM LATAO, PARA INSTALACAO PREDIAL COMBATE A INCENDIO PREDIAL","UN",103.57]
[11321,"REDUCAO PVC PBA, JE, PB, DN 100 X 50 / DE 110 X 60 MM, PARA REDE DE AGUA","UN",30.98]
[11323,"REDUCAO PVC PBA, JE, PB, DN 100 X 75 / DE 110 X 85 MM, PARA REDE DE AGUA","UN",35.630000000000003]
[20327,"REDUCAO PVC PBA, JE, PB, DN 75 X 50 / DE 85 X 60 MM, PARA REDE DE AGUA","UN",20.22]
[6034,"REGISTRO DE ESFERA DE PASSEIO, PVC PARA POLIETILENO, 20 MM","UN",6.56]
[6036,"REGISTRO DE ESFERA PVC, COM BORBOLETA, COM ROSCA EXTERNA, DE 1/2\"","UN",8.94]
[6031,"REGISTRO DE ESFERA PVC, COM BORBOLETA, COM ROSCA EXTERNA, DE 3/4\"","UN",10.51]
[6029,"REGISTRO DE ESFERA PVC, COM CABECA QUADRADA, COM ROSCA EXTERNA, 1/2\"","UN",10.62]
[6033,"REGISTRO DE ESFERA PVC, COM CABECA QUADRADA, COM ROSCA EXTERNA, 3/4\"","UN",14]
[11672,"REGISTRO DE ESFERA, PVC, COM VOLANTE, VS, ROSCAVEL, DN 1 1/2\", COM CORPO DIVIDIDO","UN",30.45]
[11669,"REGISTRO DE ESFERA, PVC, COM VOLANTE, VS, ROSCAVEL, DN 1 1/4\", COM CORPO DIVIDIDO","UN",29]
[20055,"REGISTRO DE ESFERA, PVC, COM VOLANTE, VS, ROSCAVEL, DN 1\", COM CORPO DIVIDIDO","UN",21.72]
[11670,"REGISTRO DE ESFERA, PVC, COM VOLANTE, VS, ROSCAVEL, DN 1/2\", COM CORPO DIVIDIDO","UN",11.11]
[11671,"REGISTRO DE ESFERA, PVC, COM VOLANTE, VS, ROSCAVEL, DN 2\", COM CORPO DIVIDIDO","UN",46.6]
[6032,"REGISTRO DE ESFERA, PVC, COM VOLANTE, VS, ROSCAVEL, DN 3/4\", COM CORPO DIVIDIDO","UN",13.31]
[11673,"REGISTRO DE ESFERA, PVC, COM VOLANTE, VS, SOLDAVEL, DN 20 MM, COM CORPO DIVIDIDO","UN",10.48]
[11674,"REGISTRO DE ESFERA, PVC, COM VOLANTE, VS, SOLDAVEL, DN 25 MM, COM CORPO DIVIDIDO","UN",13.5]
[11675,"REGISTRO DE ESFERA, PVC, COM VOLANTE, VS, SOLDAVEL, DN 32 MM, COM CORPO DIVIDIDO","UN",21.43]
[11676,"REGISTRO DE ESFERA, PVC, COM VOLANTE, VS, SOLDAVEL, DN 40 MM, COM CORPO DIVIDIDO","UN",28.66]
[11677,"REGISTRO DE ESFERA, PVC, COM VOLANTE, VS, SOLDAVEL, DN 50 MM, COM CORPO DIVIDIDO","UN",29.6]
[11678,"REGISTRO DE ESFERA, PVC, COM VOLANTE, VS, SOLDAVEL, DN 60 MM, COM CORPO DIVIDIDO","UN",54.21]
[6038,"REGISTRO DE PRESSAO PVC, ROSCAVEL, VOLANTE SIMPLES, DE 1/2\"","UN",3.44]
[11718,"REGISTRO DE PRESSAO PVC, ROSCAVEL, VOLANTE SIMPLES, DE 3/4\"","UN",9.8000000000000007]
[6037,"REGISTRO DE PRESSAO PVC, SOLDAVEL, VOLANTE SIMPLES, DE 20 MM","UN",7.15]
[11719,"REGISTRO DE PRESSAO PVC, SOLDAVEL, VOLANTE SIMPLES, DE 25 MM","UN",7.95]
[6010,"REGISTRO GAVETA BRUTO EM LATAO FORJADO, BITOLA 1 1/2\"","UN",133.11000000000001]
[6017,"REGISTRO GAVETA BRUTO EM LATAO FORJADO, BITOLA 1 1/4\"","UN",105.44]
[6019,"REGISTRO GAVETA BRUTO EM LATAO FORJADO, BITOLA 1\"","UN",77.36]
[6020,"REGISTRO GAVETA BRUTO EM LATAO FORJADO, BITOLA 1/2\"","UN",46.46]
[6011,"REGISTRO GAVETA BRUTO EM LATAO FORJADO, BITOLA 2 1/2\"","UN",384.52]
[6028,"REGISTRO GAVETA BRUTO EM LATAO FORJADO, BITOLA 2\"","UN",185.41]
[6012,"REGISTRO GAVETA BRUTO EM LATAO FORJADO, BITOLA 3\"","UN",465.53]
[6016,"REGISTRO GAVETA BRUTO EM LATAO FORJADO, BITOLA 3/4\"","UN",49.01]
[6027,"REGISTRO GAVETA BRUTO EM LATAO FORJADO, BITOLA 4\"","UN",970]
[6015,"REGISTRO GAVETA COM ACABAMENTO E CANOPLA CROMADOS, SIMPLES, BITOLA 1 1/2\"","UN",212.85]
[6014,"REGISTRO GAVETA COM ACABAMENTO E CANOPLA CROMADOS, SIMPLES, BITOLA 1 1/4\"","UN",203.5]
[6013,"REGISTRO GAVETA COM ACABAMENTO E CANOPLA CROMADOS, SIMPLES, BITOLA 1\"","UN",146.37]
[6006,"REGISTRO GAVETA COM ACABAMENTO E CANOPLA CROMADOS, SIMPLES, BITOLA 1/2\"","UN",105.99]
[6005,"REGISTRO GAVETA COM ACABAMENTO E CANOPLA CROMADOS, SIMPLES, BITOLA 3/4\"","UN",119.57]
[11756,"REGISTRO OU REGULADOR DE GAS COZINHA, VAZAO DE 2 KG/H, 2,8 KPA","UN",57.11]
[10904,"REGISTRO OU VALVULA GLOBO ANGULAR EM LATAO, PARA HIDRANTES EM INSTALACAO PREDIAL DE INCENDIO, 45 GRAUS, DIAMETRO DE 2 1/2\", COM VOLANTE, CLASSE DE PRESSAO DE ATE 200 PSI","UN",145]
[11752,"REGISTRO PRESSAO BRUTO EM LATAO FORJADO, BITOLA 1/2\"","UN",32.93]
[11753,"REGISTRO PRESSAO BRUTO EM LATAO FORJADO, BITOLA 3/4\"","UN",39.31]
[6021,"REGISTRO PRESSAO COM ACABAMENTO E CANOPLA CROMADA, SIMPLES, BITOLA 1/2\"","UN",109.1]
[6024,"REGISTRO PRESSAO COM ACABAMENTO E CANOPLA CROMADA, SIMPLES, BITOLA 3/4\"","UN",112.77]
[38379,"REGUA DE ALUMINIO PARA PEDREIRO 2 M X *25,5* MM","M",63.71]
[13897,"REGUA VIBRADORA DUPLA PARA CONCRETO A GASOLINA 5,5 HP, PESO DE 60 KG, COMPRIMENTO 4 M","UN"]
[10640,"REGUA VIBRATORIA DE CONCRETO TRELICADA, EQUIPADA COM MOTOR A GASOLINA DE 9 HP","UN"]
[34357,"REJUNTE CIMENTICIO, QUALQUER COR","KG",4.1100000000000003]
[37329,"REJUNTE EPOXI, QUALQUER COR","KG",86.57]
[2510,"RELE FOTOELETRICO INTERNO E EXTERNO BIVOLT 1000 W, DE CONECTOR, SEM BASE","UN"]
[12359,"RELE TERMICO BIMETAL PARA USO EM MOTORES TRIFASICOS, TENSAO 380 V, POTENCIA ATE 15 CV, CORRENTE NOMINAL MAXIMA 22 A","UN",192.4]
[7353,"RESINA ACRILICA PREMIUM BASE AGUA - COR BRANCA","L",34.28]
[36144,"RESPIRADOR DESCARTAVEL SEM VALVULA DE EXALACAO, PFF 1","UN",1.5]
[10518,"RETARDO PARA CORDEL DETONANTE","UN"]
[36530,"RETROESCAVADEIRA SOBRE RODAS COM CARREGADEIRA, TRACAO 4 X 2, POTENCIA LIQUIDA 79 HP, PESO OPERACIONAL MINIMO DE 6570 KG, CAPACIDADE DA CARREGADEIRA DE 1,00 M3 E DA RETROESCAVADEIRA MINIMA DE 0,20 M3, PROFUNDIDADE DE ESCAVACAO MAXIMA DE 4,37 M","UN",433317.06]
[6046,"RETROESCAVADEIRA SOBRE RODAS COM CARREGADEIRA, TRACAO 4 X 4, POTENCIA LIQUIDA 72 HP, PESO OPERACIONAL MINIMO DE 7140 KG, CAPACIDADE MINIMA DA CARREGADEIRA DE 0,79 M3 E DA RETROESCAVADEIRA MINIMA DE 0,18 M3, PROFUNDIDADE DE ESCAVACAO MAXIMA DE 4,50 M","UN",470000]
[36531,"RETROESCAVADEIRA SOBRE RODAS COM CARREGADEIRA, TRACAO 4 X 4, POTENCIA LIQUIDA 88 HP, PESO OPERACIONAL MINIMO DE 6674 KG, CAPACIDADE DA CARREGADEIRA DE 1,00 M3 E DA RETROESCAVADEIRA MINIMA DE 0,26 M3, PROFUNDIDADE DE ESCAVACAO MAXIMA DE 4,37 M","UN",487195.09]
[34684,"REVESTIMENTO DE PAREDE EM GRANILITE, MARMORITE OU GRANITINA - ESP = 5 MM (INCLUSO EXECUCAO)","M2",257.8]
[34683,"REVESTIMENTO DE PAREDE EM GRANILITE, MARMORITE OU GRANITINA COLORIDO - ESP = 5 MM (INCLUSO EXECUCAO)","M2",161.13]
[44954,"REVESTIMENTO EM CERAMICA ESMALTADA PARA FACHADAS, PECAS NO FORMATO APROX. *5 X 15* CM, FORNECIDAS EM PLACAS COM PECAS UNIDAS EM PONTOS","M2",98.3]
[44955,"REVESTIMENTO EM CERAMICA ESMALTADA PARA FACHADAS, PECAS NO FORMATO APROX. *7 X 26* CM, FORNECIDAS EM PLACAS COM PECAS UNIDAS EM PONTOS","M2",143.66]
[10515,"REVESTIMENTO EM CERAMICA ESMALTADA, FORMATO MAIOR A 2025 CM2","M2",48.8]
[153,"REVESTIMENTO EPOXI DE ALTA RESISTENCIA QUIMICA, ISENTO DE SOLVENTES, BICOMPONENTE","L",86.86]
[34682,"REVESTIMENTO PARA ESCADA EM GRANILITE, MARMORITE OU GRANITINA ESP = 8 MM (INCLUSO EXECUCAO)","M2",123.21]
[536,"REVESTIMENTO PARA PAREDE, EM CERAMICA ESMALTADA, FORMATO MENOR OU IGUAL A 2025 CM2","M2",27.49]
[20205,"RIPA APARELHADA *1,5 X 5* CM, EM MACARANDUBA/MASSARANDUBA, ANGELIM OU EQUIVALENTE DA REGIAO","M",4.58]
[4412,"RIPA NAO APARELHADA *1 X 3* CM, EM MACARANDUBA/MASSARANDUBA, ANGELIM OU EQUIVALENTE DA REGIAO - BRUTA","M",2.74]
[4408,"RIPA NAO APARELHADA, *1,5 X 5* CM, EM MACARANDUBA/MASSARANDUBA, ANGELIM OU EQUIVALENTE DA REGIAO - BRUTA","M",3.42]
[36250,"RODAFORRO EM PVC, PARA FORRO DE PVC, COMPRIMENTO 6 M","M",4.37]
[10857,"RODAPE ARDOSIA, CINZA, 10 CM, E= *1CM","M"]
[4803,"RODAPE DE BORRACHA LISO, H = 70 MM, E = *2* MM, PARA ARGAMASSA, PRETO","M",32.39]
[6186,"RODAPE DE MADEIRA MACICA CUMARU/IPE CHAMPANHE OU EQUIVALENTE DA REGIAO, *1,5 X 7 CM","M"]
[4829,"RODAPE EM MARMORE, POLIDO, BRANCO COMUM, L= *7* CM, E= *2* CM, CORTE RETO","M",40.65]
[39829,"RODAPE EM POLIESTIRENO, BRANCO, H = *5* CM, E = *1,5* CM","M",41.08]
[20231,"RODAPE OU RODABANCADA EM GRANITO, POLIDO, TIPO ANDORINHA/ QUARTZ/ CASTELO/ CORUMBA OU OUTROS EQUIVALENTES DA REGIAO, H= 10 CM, E= *2,0* CM","M",44.95]
[4804,"RODAPE PLANO PARA PISO VINILICO, H = 5 CM","M",24.86]
[34680,"RODAPE PRE-MOLDADO DE GRANILITE, MARMORITE OU GRANITINA L = 10 CM","M",37.909999999999997]
[11573,"RODIZIO TIPO NAPOLEAO PARA JANELAS DE CORRER, EM ZAMAC, COMPRIMENTO DE APROX 60 CM, COM ROLAMENTO EM ACO","UN",6.01]
[38401,"RODO PARA CHAO 40 CM, COM BORRACHA DUPLA E CABO","UN",16.59]
[11575,"ROLDANA CONCAVA DUPLA, 4 RODAS, EM ZAMAC COM CHAPA DE LATAO, ROLAMENTOS EM ACO, PARA PORTAS E JANELAS DE CORRER","UN",57.98]
[38179,"ROLDANA CONCAVA DUPLA, 4 RODAS, PARA PORTA DE CORRER, EM ZAMAC COM CHAPA DE ACO, ROLAMENTO INTERNO BLINDADO DE ACO REVESTIDO EM NYLON","UN",47.94]
[20256,"ROLDANA PLASTICA COM PREGO, TAMANHO 30 X 30 MM, PARA INSTALACAO ELETRICA APARENTE","UN",0.34]
[14511,"ROLO COMPACTADOR DE PNEUS, ESTATICO, PRESSAO VARIAVEL, POTENCIA 110 HP, PESO SEM/COM LASTRO 10,8/27 T, LARGURA DE ROLAGEM 2,30 M","UN"]
[10642,"ROLO COMPACTADOR DE PNEUS, ESTATICO, PRESSAO VARIAVEL, POTENCIA 111 HP, PESO SEM/COM LASTRO 9,5/26,0 T, LARGURA DE ROLAGEM 1,90 M","UN"]
[14489,"ROLO COMPACTADOR PE DE CARNEIRO VIBRATORIO, POTENCIA 125 HP, PESO OPERACIONAL SEM/COM LASTRO 11,95/13,30 T, IMPACTO DINAMICO 38,5/22,5 T, LARGURA DE TRABALHO 2,15 M","UN"]
[14513,"ROLO COMPACTADOR PE DE CARNEIRO VIBRATORIO, POTENCIA 80 HP, PESO OPERACIONAL SEM/COM LASTRO 7,4/8,8 T, LARGURA DE TRABALHO 1,68 M","UN"]
[13600,"ROLO COMPACTADOR VIBRATORIO DE UM CILINDRO LISO DE ACO, POTENCIA 125 HP, PESO SEM/COM LASTRO 10,75/12,92 T, IMPACTO DINAMICO 31,5/18,5 T, LARGURA TRABALHO 2,15 M","UN"]
[10646,"ROLO COMPACTADOR VIBRATORIO DE UM CILINDRO, ACO LISO, POTENCIA 80 HP, PESO OPERACIONAL MAXIMO 8,1 T, IMPACTO DINAMICO 16,15/9,5 T, LARGURA TRABALHO 1,68 M","UN"]
[6070,"ROLO COMPACTADOR VIBRATORIO PE DE CARNEIRO, COM CONTROLE REMOTO POR RADIO, POTENCIA 12,5 KW, PESO OPERACIONAL DE 1,675 T, LARGURA DE TRABALHO 0,85 M","UN"]
[6069,"ROLO COMPACTADOR VIBRATORIO REBOCAVEL, CILINDRO DE ACO LISO, POTENCIA DE TRACAO DE 65 CV, PESO DE 4,7 T, IMPACTO DINAMICO TOTAL DE 18,3 T, LARGURA DO ROLO 1,67 M","UN"]
[14626,"ROLO COMPACTADOR VIBRATORIO TANDEM, ACO LISO, POTENCIA 125 HP, PESO SEM/COM LASTRO 10,20/11,65 T, LARGURA DE TRABALHO 1,73 M","UN"]
[6067,"ROLO COMPACTADOR VIBRATORIO TANDEM, ACO LISO, POTENCIA 58 CV, PESO SEM/COM LASTRO 6,5/9,4 T, LARGURA DE TRABALHO 1,20 M","UN"]
[38393,"ROLO DE ESPUMA POLIESTER, 23 CM X 68 MM (COMPRIMENTO X DIAMETRO), SEM CABO","UN",22.41]
[38390,"ROLO DE LA DE CARNEIRO 25 MM X 23 CM (ALTURA DA LA X COMPRIMENTO), SEM CABO","UN",49.7]
[11578,"ROSETA QUADRADA, SEM FUROS, EM ACO INOX POLIDO, LARGURA APROXIMADA DE 50 MM, PARA FECHADURA DE PORTA - PARAFUSOS INCLUIDOS","UN",12.52]
[11577,"ROSETA REDONDA DE SOBREPOR, SEM FUROS, EM ACO INOX POLIDO, DIAMETRO APROXIMADO DE 50 MM, PARA FECHADURA DE PORTA - PARAFUSOS INCLUIDOS","UN",11.95]
[42432,"ROTACAO DIAGONAL DUPLA, APARELHO TRIPLO, EM TUBO DE ACO CARBONO, PINTURA NO PROCESSO ELETROSTATICO - EQUIPAMENTO DE GINASTICA PARA ACADEMIA AO AR LIVRE / ACADEMIA DA TERCEIRA IDADE - ATI","UN"]
[42437,"ROTACAO VERTICAL DUPLO, EM TUBO DE ACO CARBONO, PINTURA NO PROCESSO ELETROSTATICO - EQUIPAMENTO DE GINASTICA PARA ACADEMIA AO AR LIVRE / ACADEMIA DA TERCEIRA IDADE - ATI","UN"]
[1116,"RUFO EXTERNO DE CHAPA DE ACO GALVANIZADA NUM 26, CORTE 25 CM","M",21.06]
[1115,"RUFO EXTERNO DE CHAPA DE ACO GALVANIZADA NUM 26, CORTE 28 CM","M",25.24]
[1113,"RUFO EXTERNO/INTERNO DE CHAPA DE ACO GALVANIZADA NUM 26, CORTE 33 CM","M",29.51]
[1114,"RUFO INTERNO DE CHAPA DE ACO GALVANIZADA NUM 26, CORTE 50 CM","M",35.15]
[40873,"RUFO INTERNO/EXTERNO DE CHAPA DE ACO GALVANIZADA NUM 24, CORTE 25 CM","M",27.51]
[20214,"RUFO PARA TELHA ESTRUTURAL DE FIBROCIMENTO 1 ABA (SEM AMIANTO)","UN",46.9]
[7237,"RUFO PARA TELHA ONDULADA DE FIBROCIMENTO, E = 6 MM, ABA *260* MM, COMPRIMENTO 1100 MM (SEM AMIANTO)","UN",45.91]
[11757,"SABONETEIRA DE PAREDE EM METAL CROMADO","UN",29.95]
[11758,"SABONETEIRA PLASTICA TIPO DISPENSER PARA SABONETE LIQUIDO COM RESERVATORIO 800 A 1500 ML","UN",40.33]
[37526,"SACO DE RAFIA PARA ENTULHO, NOVO, LISO (SEM CLICHE), *60 X 90* CM","UN",2.88]
[6076,"SAIBRO PARA ARGAMASSA (COLETADO NO COMERCIO)","M3"]
[13109,"SAPATA DE PVC ADITIVADO NERVURADO D = 6 POLEGADAS","UN"]
[13110,"SAPATA DE PVC ADITIVADO NERVURADO D = 8 POLEGADAS","UN"]
[7581,"SAPATILHA EM ACO GALVANIZADO PARA CABOS COM DIAMETRO NOMINAL ATE 5/8\"","UN"]
[4509,"SARRAFO *2,5 X 10* CM EM PINUS, MISTA OU EQUIVALENTE DA REGIAO - BRUTA","M",4.26]
[4512,"SARRAFO *2,5 X 5* CM EM PINUS, MISTA OU EQUIVALENTE DA REGIAO - BRUTA","M",2.0299999999999998]
[4517,"SARRAFO *2,5 X 7,5* CM EM PINUS, MISTA OU EQUIVALENTE DA REGIAO - BRUTA","M",2.93]
[20206,"SARRAFO APARELHADO *2 X 10* CM, EM MACARANDUBA/MASSARANDUBA, ANGELIM OU EQUIVALENTE DA REGIAO","M",12.36]
[4460,"SARRAFO NAO APARELHADO *2,5 X 10* CM, EM MACARANDUBA/MASSARANDUBA, ANGELIM OU EQUIVALENTE DA REGIAO - BRUTA","M",12.69]
[4415,"SARRAFO NAO APARELHADO *2,5 X 5* CM, EM MACARANDUBA/MASSARANDUBA, ANGELIM, PEROBA-ROSA OU EQUIVALENTE DA REGIAO - BRUTA","M",6.79]
[4417,"SARRAFO NAO APARELHADO *2,5 X 7* CM, EM MACARANDUBA/MASSARANDUBA, ANGELIM, PEROBA-ROSA OU EQUIVALENTE DA REGIAO - BRUTA","M",9.7799999999999994]
[37373,"SEGURO - HORISTA (COLETADO CAIXA - ENCARGOS COMPLEMENTARES)","H",0.08]
[40864,"SEGURO - MENSALISTA (COLETADO CAIXA - ENCARGOS COMPLEMENTARES)","MES",15.46]
[4734,"SEIXO ROLADO PARA APLICACAO EM CONCRETO (POSTO PEDREIRA/FORNECEDOR, SEM FRETE)","M3",424.88]
[6085,"SELADOR ACRILICO OPACO PREMIUM INTERIOR/EXTERIOR","L",11.65]
[38396,"SELADOR HORIZONTAL PARA FITA DE ACO 1\" (25 MM)","UN",418.18]
[11622,"SELANTE A BASE DE ALCATRAO E POLIURETANO PARA JUNTAS HORIZONTAIS","KG",65.45]
[43143,"SELANTE ACRILICO PARA TRATAMENTO / ACABAMENTO SUPERFICIAL DE CONCRETO ESTAMPADO, APARENTE, PEDRAS E OUTROS","L",24.72]
[7317,"SELANTE DE BASE ASFALTICA PARA VEDACAO","KG",37.770000000000003]
[142,"SELANTE ELASTICO MONOCOMPONENTE A BASE DE POLIURETANO (PU) PARA JUNTAS DIVERSAS","310ML",30.88]
[43142,"SELANTE MONOCOMPONENTE A BASE DE SILICONE DE BAIXO MODULO, PARA JUNTAS DE PAVIMENTACAO","L",140.29]
[38123,"SELANTE TIPO VEDA CALHA PARA METAL E FIBROCIMENTO","KG",73.650000000000006]
[42699,"SELIM PVC, COM TRAVA, JE, 90 GRAUS, DN 125 X 100 MM OU 150 X 100 MM, PARA REDE COLETORA ESGOTO","UN",32.1]
[37743,"SEMIRREBOQUE COM DOIS EIXOS EM TANDEM TIPO BASCULANTE COM CACAMBA METALICA 14 M3 (INCLUI MONTAGEM, NAO INCLUI CAVALO MECANICO)","UN",242296.5]
[37744,"SEMIRREBOQUE COM TRES EIXOS EM TANDEM TIPO BASCULANTE COM CACAMBA METALICA 18 M3 (INCLUI MONTAGEM, NAO INCLUI CAVALO MECANICO)","UN",284895.09999999998]
[37741,"SEMIRREBOQUE COM TRES EIXOS, PARA TRANSPORTE DE CARGA SECA, DIMENSOES APROXIMADAS 2,60 X 12,50 X 0,50 M (NAO INCLUI CAVALO MECANICO)","UN",220318.88]
[39396,"SENSOR DE PRESENCA BIVOLT COM FOTOCELULA PARA QUALQUER TIPO DE LAMPADA, POTENCIA MAXIMA *1000* W, USO EXTERNO","UN"]
[39392,"SENSOR DE PRESENCA BIVOLT DE PAREDE COM FOTOCELULA PARA QUALQUER TIPO DE LAMPADA POTENCIA MAXIMA *1000* W, USO INTERNO","UN"]
[39393,"SENSOR DE PRESENCA BIVOLT DE PAREDE SEM FOTOCELULA PARA QUALQUER TIPO DE LAMPADA POTENCIA MAXIMA *1000* W, USO INTERNO","UN"]
[39394,"SENSOR DE PRESENCA BIVOLT DE TETO COM FOTOCELULA PARA QUALQUER TIPO DE LAMPADA POTENCIA MAXIMA *1000* W, USO INTERNO","UN"]
[39395,"SENSOR DE PRESENCA BIVOLT DE TETO SEM FOTOCELULA PARA QUALQUER TIPO DE LAMPADA POTENCIA MAXIMA *900* W, USO INTERNO","UN"]
[14618,"SERRA CIRCULAR DE BANCADA COM MOTOR ELETRICO, POTENCIA DE *1600* W, PARA DISCO DE DIAMETRO DE 10\" (250 MM)","UN",1203.45]
[40269,"SERRA CIRCULAR DE BANCADA, MODELO PICA-PAU, DIAMETRO DE 350 MM. CARACTERISTICAS DO MOTOR: TRIFASICO, POTENCIA DE 5 HP, FREQUENCIA DE 60 HZ","UN",4848.6099999999997]
[6110,"SERRALHEIRO (HORISTA)","H",21.57]
[40910,"SERRALHEIRO (MENSALISTA)","MES",3807.32]
[6111,"SERVENTE DE OBRAS (HORISTA)","H",14.14]
[41084,"SERVENTE DE OBRAS (MENSALISTA)","MES",2497.16]
[44535,"SERVICO DE BOMBEAMENTO DE CONCRETO COM CONSUMO MINIMO DE 40 M3, (DISPONIBILIZACAO DE BOMBA), SEM O LANCAMENTO","M3",56.55]
[44945,"SIFAO / TUBO SINFONADO EXTENSIVEL/SANFONADO, UNIVERSAL/ SIMPLES, ENTRE *50 A 70* CM, DE PLASTICO BRANCO","UN",9.7100000000000009]
[38637,"SIFAO EM METAL CROMADO PARA PIA AMERICANA, 1.1/2 X 1.1/2\"","UN",306.49]
[6150,"SIFAO EM METAL CROMADO PARA PIA AMERICANA, 1.1/2 X 2\"","UN",310.23]
[6136,"SIFAO EM METAL CROMADO PARA PIA OU LAVATORIO, 1 X 1.1/2\"","UN",243.86]
[38638,"SIFAO EM METAL CROMADO PARA TANQUE, 1.1/4 X 1.1/2\"","UN",258.26]
[20262,"SIFAO PLASTICO EXTENSIVEL UNIVERSAL, TIPO COPO","UN",17.78]
[6145,"SIFAO PLASTICO TIPO COPO PARA PIA AMERICANA 1.1/2 X 1.1/2\"","UN",19.64]
[6149,"SIFAO PLASTICO TIPO COPO PARA PIA OU LAVATORIO, 1 X 1.1/2\"","UN",12.98]
[6146,"SIFAO PLASTICO TIPO COPO PARA TANQUE, 1.1/4 X 1.1/2\"","UN",18.66]
[44536,"SILICA ATIVA PARA ADICAO EM CONCRETO E  ARGAMASSA","KG",2.59]
[39961,"SILICONE ACETICO USO GERAL INCOLOR 280 G","UN",20.41]
[42433,"SIMULADOR DE CAMINHADA TRIPLO, EM TUBO DE ACO CARBONO, PINTURA NO PROCESSO ELETROSTATICO - EQUIPAMENTO DE GINASTICA PARA ACADEMIA AO AR LIVRE / ACADEMIA DA TERCEIRA IDADE - ATI","UN"]
[42434,"SIMULADOR DE CAVALGADA TRIPLO, EM TUBO DE ACO CARBONO, PINTURA NO PROCESSO ELETROSTATICO - EQUIPAMENTO DE GINASTICA PARA ACADEMIA AO AR LIVRE / ACADEMIA DA TERCEIRA IDADE - ATI","UN"]
[42435,"SIMULADOR DE REMO INDIVIDUAL, EM TUBO DE ACO CARBONO, PINTURA NO PROCESSO ELETROSTATICO - EQUIPAMENTO DE GINASTICA PARA ACADEMIA AO AR LIVRE / ACADEMIA DA TERCEIRA IDADE - ATI","UN"]
[38061,"SINALIZADOR NOTURNO SIMPLES PARA PARA-RAIOS, SEM RELE FOTOELETRICO","UN",43.11]
[20250,"SISAL EM FIBRA / ESTOPA SISAL PARA GESSO","KG",13]
[13388,"SOLDA EM BARRA DE ESTANHO-CHUMBO 50/50","KG",328.19]
[39914,"SOLDA EM VARETA FOSCOPER, D = *2,5* MM X COMPRIMENTO 500 MM","KG"]
[12732,"SOLDA ESTANHO/COBRE PARA CONEXOES DE COBRE, FIO 2,5 MM, CARRETEL 500 GR (SEM CHUMBO)","UN"]
[6160,"SOLDADOR (HORISTA)","H",22.98]
[41087,"SOLDADOR (MENSALISTA)","MES",4057.04]
[6166,"SOLDADOR ELETRICO (PARA SOLDA A SER TESTADA COM RAIOS \"X\") (HORISTA)","H",31.34]
[41088,"SOLDADOR ELETRICO (PARA SOLDA A SER TESTADA COM RAIOS \"X\") (MENSALISTA)","MES",5531.77]
[20232,"SOLEIRA EM GRANITO, POLIDO, TIPO ANDORINHA/ QUARTZ/ CASTELO/ CORUMBA OU OUTROS EQUIVALENTES DA REGIAO, L= *15* CM, E= *2,0* CM","M",63.62]
[10856,"SOLEIRA PRE-MOLDADA EM GRANILITE, MARMORITE OU GRANITINA, L = *15 CM","M",104.26]
[4828,"SOLEIRA/ PEITORIL EM MARMORE, POLIDO, BRANCO COMUM, L= *15* CM, E= *2* CM, CORTE RETO","M",60.68]
[20249,"SOLEIRA/ TABEIRA EM MARMORE, POLIDO, BRANCO COMUM, L= 5 CM, E= *2,0* CM","M",33.22]
[11609,"SOLUCAO ASFALTICA ELASTOMERICA PARA IMPRIMACAO, APLICACAO A FRIO","L",10.87]
[20083,"SOLUCAO PREPARADORA / LIMPADORA PARA PVC, FRASCO COM 1000 CM3","UN",69.739999999999995]
[10691,"SOLVENTE PARA COLA A BASE DE RESINA SINTETICA (PARA COLA DE LAMINADO MELAMINICO E OUTRAS SUPERFICIES)","L"]
[12295,"SOQUETE DE BAQUELITE BASE E27, PARA LAMPADAS","UN",2.92]
[12296,"SOQUETE DE PORCELANA BASE E27, FIXO DE TETO, PARA LAMPADAS","UN",3.77]
[12294,"SOQUETE DE PORCELANA BASE E27, PARA USO AO TEMPO, PARA LAMPADAS","UN",9.07]
[14543,"SOQUETE DE PVC / TERMOPLASTICO BASE E27, COM CHAVE, PARA LAMPADAS","UN",6.47]
[13329,"SOQUETE DE PVC / TERMOPLASTICO BASE E27, COM RABICHO, PARA LAMPADAS","UN",3.8]
[21047,"SPRINKLER TIPO PENDENTE, BULBO AMARELO DE RESPOSTA RAPIDA, 79 GRAUS CELSIUS, ACABAMENTO CROMADO, D = 20 MM (3/4\")","UN",67.8]
[21042,"SPRINKLER TIPO PENDENTE, BULBO AMARELO DE RESPOSTA RAPIDA, 79 GRAUS CELSIUS, ACABAMENTO NATURAL OU CROMADO, D = 15 MM (1/2\")","UN",52.26]
[21043,"SPRINKLER TIPO PENDENTE, BULBO AMARELO DE RESPOSTA RAPIDA, 79 GRAUS CELSIUS, ACABAMENTO NATURAL, D = 20 MM (3/4\")","UN",66.010000000000005]
[21044,"SPRINKLER TIPO PENDENTE, BULBO VERMELHO DE RESPOSTA RAPIDA, 68 GRAUS CELSIUS, ACABAMENTO CROMADO, D = 15 MM (1/2\")","UN",45.99]
[21045,"SPRINKLER TIPO PENDENTE, BULBO VERMELHO DE RESPOSTA RAPIDA, 68 GRAUS CELSIUS, ACABAMENTO CROMADO, D = 20 MM (3/4\")","UN",62.98]
[21041,"SPRINKLER TIPO PENDENTE, BULBO VERMELHO DE RESPOSTA RAPIDA, 68 GRAUS CELSIUS, ACABAMENTO NATURAL, D = 20 MM (3/4\")","UN",54.32]
[21040,"SPRINKLER TIPO PENDENTE, BULBO VERMELHO RESPOSTA RAPIDA, 68 GRAUS CELSIUS, ACABAMENTO NATURAL, D = 15 MM (1/2\")","UN",45]
[14149,"SUPORTE \"Y\" PARA FITA PERFURADA","CENTO",418.17]
[38099,"SUPORTE DE FIXACAO PARA ESPELHO / PLACA 4\" X 2\", PARA 3 MODULOS, PARA INSTALACAO DE TOMADAS E INTERRUPTORES (SOMENTE SUPORTE)","UN",1.4]
[38100,"SUPORTE DE FIXACAO PARA ESPELHO / PLACA 4\" X 4\", PARA 6 MODULOS, PARA INSTALACAO DE TOMADAS E INTERRUPTORES (SOMENTE SUPORTE)","UN",2.29]
[7576,"SUPORTE EM ACO GALVANIZADO PARA TRANSFORMADOR PARA POSTE DUPLO T 185 X 95 MM, CHAPA DE 5/16\"","UN"]
[3384,"SUPORTE GUIA SIMPLES COM ROLDANA EM POLIPROPILENO PARA CHUMBAR, H = 20 CM","UN",12.2]
[7572,"SUPORTE ISOLADOR REFORCADO DIAMETRO NOMINAL 5/16\", COM ROSCA SOBERBA E BUCHA","UN",7.05]
[3396,"SUPORTE ISOLADOR SIMPLES DIAMETRO NOMINAL 5/16\", COM ROSCA SOBERBA E BUCHA","UN",4.76]
[37590,"SUPORTE MAO-FRANCESA EM ACO, ABAS IGUAIS 30 CM, CAPACIDADE MINIMA 60 KG, BRANCO","UN",15.65]
[37591,"SUPORTE MAO-FRANCESA EM ACO, ABAS IGUAIS 40 CM, CAPACIDADE MINIMA 70 KG, BRANCO","UN",18.809999999999999]
[12626,"SUPORTE METALICO PARA CALHA PLUVIAL, ZINCADO, DOBRADO, DIAMETRO ENTRE 119 E 170 MM, PARA DRENAGEM PLUVIAL PREDIAL","UN",40.61]
[11033,"SUPORTE PARA CALHA DE 150 MM EM ACO GALVANIZADO","UN",9.69]
[390,"SUPORTE PARA TUBO DIAMETRO NOMINAL 2\", COM ROSCA MECANICA","UN",8.6199999999999992]
[42436,"SURF DUPLO, EM TUBO DE ACO CARBONO, PINTURA NO PROCESSO ELETROSTATICO - EQUIPAMENTO DE GINASTICA PARA ACADEMIA AO AR LIVRE / ACADEMIA DA TERCEIRA IDADE - ATI","UN"]
[6194,"TABUA *2,5 X 15 CM EM PINUS, MISTA OU EQUIVALENTE DA REGIAO - BRUTA","M",5.99]
[10567,"TABUA *2,5 X 23* CM EM PINUS, MISTA OU EQUIVALENTE DA REGIAO - BRUTA","M",9.48]
[6212,"TABUA *2,5 X 30 CM EM PINUS, MISTA OU EQUIVALENTE DA REGIAO - BRUTA","M",13.92]
[3993,"TABUA APARELHADA *2,5 X 15* CM, EM MACARANDUBA/MASSARANDUBA, ANGELIM OU EQUIVALENTE DA REGIAO","M2",164.23]
[3990,"TABUA APARELHADA *2,5 X 25* CM, EM MACARANDUBA/MASSARANDUBA, ANGELIM OU EQUIVALENTE DA REGIAO","M",30.9]
[3992,"TABUA APARELHADA *2,5 X 30* CM, EM MACARANDUBA/MASSARANDUBA, ANGELIM OU EQUIVALENTE DA REGIAO","M",41.72]
[6178,"TABUA DE MADEIRA PARA PISO, CUMARU/IPE CHAMPANHE OU EQUIVALENTE DA REGIAO, ENCAIXE MACHO/FEMEA, *10 X 2* CM","M2"]
[6180,"TABUA DE MADEIRA PARA PISO, CUMARU/IPE CHAMPANHE OU EQUIVALENTE DA REGIAO, ENCAIXE MACHO/FEMEA, *15 X 2* CM","M2"]
[6182,"TABUA DE MADEIRA PARA PISO, IPE (CERNE) OU EQUIVALENTE DA REGIAO, ENCAIXE MACHO/FEMEA, *20 X 2* CM","M2"]
[43614,"TABUA NAO APARELHADA *2,5 X 15* CM, EM MACARANDUBA/MASSARANDUBA, ANGELIM OU EQUIVALENTE DA REGIAO - BRUTA","M",20.87]
[6193,"TABUA NAO APARELHADA *2,5 X 20* CM, EM MACARANDUBA/MASSARANDUBA, ANGELIM OU EQUIVALENTE DA REGIAO - BRUTA","M",25.41]
[6189,"TABUA NAO APARELHADA *2,5 X 30* CM, EM MACARANDUBA/MASSARANDUBA, ANGELIM OU EQUIVALENTE DA REGIAO - BRUTA","M",37.08]
[6214,"TACO DE MADEIRA PARA PISO, IPE (CERNE) OU EQUIVALENTE DA REGIAO, 7 X 42 CM, E = 2 CM","M2"]
[36153,"TALABARTE DE SEGURANCA, 2 MOSQUETOES TRAVA DUPLA *53* MM DE ABERTURA, COM ABSORVEDOR DE ENERGIA","UN",179.89]
[10740,"TALHA ELETRICA 3 T, VELOCIDADE 2,1 M / MIN, POTENCIA 1,3 KW","UN",8486.2000000000007]
[13914,"TALHA MANUAL DE CORRENTE, CAPACIDADE DE 1 T COM ELEVACAO DE 3 M","UN",614.01]
[10742,"TALHA MANUAL DE CORRENTE, CAPACIDADE DE 2 T COM ELEVACAO DE 3 M","UN",895.54]
[38465,"TALHADEIRA COM PUNHO DE PROTECAO *20 X 250* MM","UN",25.25]
[7543,"TAMPA CEGA EM PVC PARA CONDULETE 4 X 2\"","UN",6.52]
[43427,"TAMPA DE CONCRETO ARMADO PARA FOSSA SEPTICA, DIAMETRO NOMINAL DE 3,00 M E ESPESSURA MINIMA DE 100 MM","UN",1653.42]
[41613,"TAMPA DE CONCRETO ARMADO PARA FOSSA, D = *0,90* M, E = 0,05 M","UN",106.28]
[41614,"TAMPA DE CONCRETO ARMADO PARA FOSSA, D = *1,10* M, E = 0,05 M","UN",135.41999999999999]
[41615,"TAMPA DE CONCRETO ARMADO PARA FOSSA, D = *1,35* M, E = 0,05 M","UN",209.31]
[41616,"TAMPA DE CONCRETO ARMADO PARA FOSSA, D = 1,50 M, E = 0,05 M","UN",312.74]
[41617,"TAMPA DE CONCRETO ARMADO PARA FOSSA, D = 2,00 M, E = 0,05 M","UN",621.85]
[41618,"TAMPA DE CONCRETO ARMADO PARA FOSSA, D = 2,50 M, E = 0,05 M","UN",1144.79]
[43428,"TAMPA DE CONCRETO ARMADO PARA POCO DE INSPECAO, COM FURO E TAMPINHA, DIAMETRO NOMINAL DE 3,00 M E ESPESSURA MINIMA DE 100 MM","UN",2010.85]
[41619,"TAMPA DE CONCRETO ARMADO PARA POCO, COM FURO E TAMPINHA, D = *0,90* M, E = 0,05 M","UN",130.28]
[41620,"TAMPA DE CONCRETO ARMADO PARA POCO, COM FURO E TAMPINHA, D = *1,10* M, E = 0,05 M","UN",164.57]
[41622,"TAMPA DE CONCRETO ARMADO PARA POCO, COM FURO E TAMPINHA, D = *1,35* M, E = 0,05 M","UN",285.42]
[41623,"TAMPA DE CONCRETO ARMADO PARA POCO, COM FURO E TAMPINHA, D = 1,50 M, E = 0,05 M","UN",438.85]
[41624,"TAMPA DE CONCRETO ARMADO PARA POCO, COM FURO E TAMPINHA, D = 2,00 M, E = 0,05 M","UN",822.85]
[41625,"TAMPA DE CONCRETO ARMADO PARA POCO, COM FURO E TAMPINHA, D = 2,50 M, E = 0,05 M","UN",1266]
[39346,"TAMPA PARA CONDULETE, EM PVC, PARA 1 INTERRUPTOR","UN",4.0199999999999996]
[39350,"TAMPA PARA CONDULETE, EM PVC, PARA 1 MODULO RJ","UN",4.33]
[39351,"TAMPA PARA CONDULETE, EM PVC, PARA 2 MODULOS RJ","UN",5.01]
[39352,"TAMPA PARA CONDULETE, EM PVC, PARA TOMADA HEXAGONAL","UN",4.0199999999999996]
[38837,"TAMPAO / CAP, ROSCA MACHO, DN 1\", PARA TUBO PEX PARA INST. AGUA QUENTE/FRIA","UN"]
[38836,"TAMPAO / CAP, ROSCA MACHO, DN 3/4\", PARA TUBO PEX PARA INST. AGUA QUENTE/FRIA","UN"]
[2666,"TAMPAO / TERMINAL / PLUG, D = 1 1/4\", PARA DUTO CORRUGADO PEAD (CABEAMENTO SUBTERRANEO)","UN",6.01]
[2668,"TAMPAO / TERMINAL / PLUG, D = 2\", PARA DUTO CORRUGADO PEAD (CABEAMENTO SUBTERRANEO)","UN",6.87]
[2664,"TAMPAO / TERMINAL / PLUG, D = 3\", PARA DUTO CORRUGADO PEAD (CABEAMENTO SUBTERRANEO)","UN",10.130000000000001]
[2662,"TAMPAO / TERMINAL / PLUG, D = 4\", PARA DUTO CORRUGADO PEAD (CABEAMENTO SUBTERRANEO)","UN",12.43]
[20964,"TAMPAO COM CORRENTE, EM LATAO, ENGATE RAPIDO 1 1/2\", PARA INSTALACAO PREDIAL DE COMBATE A INCENDIO","UN",56.61]
[10905,"TAMPAO COM CORRENTE, EM LATAO, ENGATE RAPIDO 2 1/2\", PARA INSTALACAO PREDIAL DE COMBATE A INCENDIO","UN",75.95]
[11289,"TAMPAO FOFO ARTICULADO P/ REGISTRO, COM BASE / REQUADRO, CLASSE A15 CARGA MAX 1,5 T, *200 X 200* MM (COM INSCRICAO EM RELEVO DO TIPO DE REDE)","UN",70.27]
[11241,"TAMPAO FOFO ARTICULADO P/ REGISTRO, COM BASE / REQUADRO, CLASSE A15 CARGA MAXIMA 1,5 T, *400 X 400* MM (COM INSCRICAO EM RELEVO DO TIPO DE REDE)","UN",175.68]
[11301,"TAMPAO FOFO ARTICULADO, COM BASE / REQUADRO, CLASSE B125 CARGA MAX 12,5 T, REDONDO, TAMPA 600 MM (COM INSCRICAO EM RELEVO DO TIPO DE REDE)","UN",445.48]
[21090,"TAMPAO FOFO ARTICULADO, COM BASE / REQUADRO, CLASSE D400 CARGA MAX 40 T, REDONDO, TAMPA 600 MM (COM INSCRICAO EM RELEVO DO TIPO DE REDE)","UN",545.87]
[11315,"TAMPAO FOFO SIMPLES COM BASE / REQUADRO, CLASSE A15 CARGA MAX. 1,5 T, 300 X 300 MM (COM INSCRICAO EM RELEVO DO TIPO DE REDE)","UN",106.66]
[21071,"TAMPAO FOFO SIMPLES COM BASE / REQUADRO, CLASSE A15 CARGA MAX. 1,5 T, 400 X 400 MM (COM INSCRICAO EM RELEVO DO TIPO DE REDE)","UN",163.13]
[14112,"TAMPAO FOFO SIMPLES COM BASE / REQUADRO, CLASSE A15 CARGA MAX. 1,5 T, 400 X 600 MM (COM INSCRICAO EM RELEVO DO TIPO DE REDE)","UN",227.76]
[11316,"TAMPAO FOFO SIMPLES COM BASE / REQUADRO, CLASSE B125 CARGA MAX. 12,5 T, REDONDO, TAMPA 500 MM (COM INSCRICAO EM RELEVO DO TIPO DE REDE)","UN",351.36]
[6243,"TAMPAO FOFO SIMPLES COM BASE / REQUADRO, CLASSE B125 CARGA MAX. 12,5 T, REDONDO, TAMPA 600 MM (COM INSCRICAO EM RELEVO DO TIPO DE REDE)","UN",404.7]
[6240,"TAMPAO FOFO SIMPLES COM BASE / REQUADRO, CLASSE D400 CARGA MAX. 40 T, REDONDO, TAMPA 600 MM (COM INSCRICAO EM RELEVO DO TIPO DE REDE)","UN",535.83000000000004]
[11296,"TAMPAO FOFO SIMPLES COM BASE / REQUADRO, CLASSE D400 CARGA MAX. 40 T, REDONDO, TAMPA 900 MM (COM INSCRICAO EM RELEVO DO TIPO DE REDE)","UN",1707.26]
[11299,"TAMPAO FOFO SIMPLES COM BASE / REQUADRO, R-2, CLASSE A15 CARGA MAX. 1,5 T, 550 X 1100 MM (COM INSCRICAO EM RELEVO DO TIPO DE REDE)","UN",577.87]
[11688,"TANQUE ACO INOXIDAVEL (ACO 304) COM ESFREGADOR E VALVULA, DE *50 X 40 X 22* CM","UN",509.82]
[37736,"TANQUE DE ACO CARBONO NAO REVESTIDO, PARA TRANSPORTE DE AGUA COM CAPACIDADE DE 10 M3, COM BOMBA CENTRIFUGA POR TOMADA DE FORCA, VAZAO MAXIMA *75* M3/H (INCLUI MONTAGEM, NAO INCLUI CAMINHAO)","UN"]
[37739,"TANQUE DE ACO PARA TRANSPORTE DE AGUA COM CAPACIDADE DE 14 M3 (INCLUI MONTAGEM, NAO INCLUI CAMINHAO)","UN"]
[37740,"TANQUE DE ACO PARA TRANSPORTE DE AGUA COM CAPACIDADE DE 4 M3 (INCLUI MONTAGEM, NAO INCLUI CAMINHAO)","UN"]
[37738,"TANQUE DE ACO PARA TRANSPORTE DE AGUA COM CAPACIDADE DE 6 M3 (INCLUI MONTAGEM, NAO INCLUI CAMINHAO)","UN"]
[37737,"TANQUE DE ACO PARA TRANSPORTE DE AGUA COM CAPACIDADE DE 8 M3 (INCLUI MONTAGEM, NAO INCLUI CAMINHAO)","UN"]
[25014,"TANQUE DE ASFALTO ESTACIONARIO COM MACARICO, CAPACIDADE 20.000 L","UN"]
[25013,"TANQUE DE ASFALTO ESTACIONARIO COM SERPENTINA, CAPACIDADE 20.000 L","UN"]
[14405,"TANQUE DE ASFALTO ESTACIONARIO COM SERPENTINA, CAPACIDADE 30.000 L","UN"]
[20271,"TANQUE DE LOUCA BRANCA, COM COLUNA, *30* L","UN",547.54999999999995]
[10423,"TANQUE DE LOUCA BRANCA, SUSPENSO, *20* L","UN",402.02]
[36790,"TANQUE DUPLO EM MARMORE SINTETICO COM CUBA LISA E ESFREGADOR, *110 X 60* CM","UN",300.5]
[37589,"TANQUE SIMPLES EM MARMORE SINTETICO COM COLUNA, CAPACIDADE *22* L, *60 X 46* CM","UN",368.2]
[11690,"TANQUE SIMPLES EM MARMORE SINTETICO DE FIXAR NA PAREDE, CAPACIDADE *22* L, *60 X 46* CM","UN",195.59]
[20234,"TANQUE SIMPLES EM MARMORE SINTETICO SUSPENSO, CAPACIDADE *38* L, *60 X 60* CM","UN",247.53]
[44480,"TARIFA \"A\" ENTRE 0 E 20M3 FORNECIMENTO D'AGUA","M3",19.3]
[11457,"TARJETA LIVRE / OCUPADO PARA PORTA DE BANHEIRO, CORPO EM ZAMAC E ESPELHO EM LATAO","UN",47.4]
[44073,"TARUGO DELIMITADOR DE PROFUNDIDADE EM ESPUMA DE POLIETILENO DE BAIXA DENSIDADE 10 MM, CINZA","M",1.06]
[3593,"TE 45 GRAUS DE FERRO GALVANIZADO, COM ROSCA BSP, DE 1 1/2\"","UN",90.84]
[3588,"TE 45 GRAUS DE FERRO GALVANIZADO, COM ROSCA BSP, DE 1 1/4\"","UN",70.02]
[3587,"TE 45 GRAUS DE FERRO GALVANIZADO, COM ROSCA BSP, DE 1\"","UN",43.45]
[3585,"TE 45 GRAUS DE FERRO GALVANIZADO, COM ROSCA BSP, DE 1/2\"","UN",21.63]
[3590,"TE 45 GRAUS DE FERRO GALVANIZADO, COM ROSCA BSP, DE 2 1/2\"","UN",257.93]
[3589,"TE 45 GRAUS DE FERRO GALVANIZADO, COM ROSCA BSP, DE 2\"","UN",138.44]
[3592,"TE 45 GRAUS DE FERRO GALVANIZADO, COM ROSCA BSP, DE 3\"","UN",407.71]
[3586,"TE 45 GRAUS DE FERRO GALVANIZADO, COM ROSCA BSP, DE 3/4\"","UN",28.33]
[3591,"TE 45 GRAUS DE FERRO GALVANIZADO, COM ROSCA BSP, DE 4\"","UN",653.58000000000004]
[40396,"TE 90 GRAUS EM ACO CARBONO, SOLDAVEL, PRESSAO 3.000 LBS, DN 1 1/2\"","UN"]
[40395,"TE 90 GRAUS EM ACO CARBONO, SOLDAVEL, PRESSAO 3.000 LBS, DN 1 1/4\"","UN"]
[40394,"TE 90 GRAUS EM ACO CARBONO, SOLDAVEL, PRESSAO 3.000 LBS, DN 1\"","UN"]
[40392,"TE 90 GRAUS EM ACO CARBONO, SOLDAVEL, PRESSAO 3.000 LBS, DN 1/2\"","UN"]
[40398,"TE 90 GRAUS EM ACO CARBONO, SOLDAVEL, PRESSAO 3.000 LBS, DN 2 1/2\"","UN"]
[40397,"TE 90 GRAUS EM ACO CARBONO, SOLDAVEL, PRESSAO 3.000 LBS, DN 2\"","UN"]
[40399,"TE 90 GRAUS EM ACO CARBONO, SOLDAVEL, PRESSAO 3.000 LBS, DN 3\"","UN"]
[40393,"TE 90 GRAUS EM ACO CARBONO, SOLDAVEL, PRESSAO 3.000 LBS, DN 3/4\"","UN"]
[44253,"TE CPVC, SOLDAVEL, 90 GRAUS, 114 MM, PARA AGUA QUENTE PREDIAL","UN",277.64999999999998]
[21121,"TE CPVC, SOLDAVEL, 90 GRAUS, 15 MM, PARA AGUA QUENTE PREDIAL","UN",3.98]
[38010,"TE CPVC, SOLDAVEL, 90 GRAUS, 22 MM, PARA AGUA QUENTE PREDIAL","UN",4.96]
[38011,"TE CPVC, SOLDAVEL, 90 GRAUS, 28 MM, PARA AGUA QUENTE PREDIAL","UN",9.94]
[38012,"TE CPVC, SOLDAVEL, 90 GRAUS, 35 MM, PARA AGUA QUENTE PREDIAL","UN",37.9]
[38013,"TE CPVC, SOLDAVEL, 90 GRAUS, 42 MM, PARA AGUA QUENTE PREDIAL","UN",48.69]
[38014,"TE CPVC, SOLDAVEL, 90 GRAUS, 54 MM, PARA AGUA QUENTE PREDIAL","UN",81.31]
[38015,"TE CPVC, SOLDAVEL, 90 GRAUS, 73 MM, PARA AGUA QUENTE PREDIAL","UN",191.16]
[38016,"TE CPVC, SOLDAVEL, 90 GRAUS, 89 MM, PARA AGUA QUENTE PREDIAL","UN",222.3]
[12741,"TE DE COBRE SEM ANEL DE SOLDA, BOLSA X BOLSA X BOLSA, 104 MM","UN"]
[12733,"TE DE COBRE SEM ANEL DE SOLDA, BOLSA X BOLSA X BOLSA, 15 MM","UN"]
[12734,"TE DE COBRE SEM ANEL DE SOLDA, BOLSA X BOLSA X BOLSA, 22 MM","UN"]
[12735,"TE DE COBRE SEM ANEL DE SOLDA, BOLSA X BOLSA X BOLSA, 28 MM","UN"]
[12736,"TE DE COBRE SEM ANEL DE SOLDA, BOLSA X BOLSA X BOLSA, 35 MM","UN"]
[12737,"TE DE COBRE SEM ANEL DE SOLDA, BOLSA X BOLSA X BOLSA, 42 MM","UN"]
[12738,"TE DE COBRE SEM ANEL DE SOLDA, BOLSA X BOLSA X BOLSA, 54 MM","UN"]
[12739,"TE DE COBRE SEM ANEL DE SOLDA, BOLSA X BOLSA X BOLSA, 66 MM","UN"]
[12740,"TE DE COBRE SEM ANEL DE SOLDA, BOLSA X BOLSA X BOLSA, 79 MM","UN"]
[6297,"TE DE FERRO GALVANIZADO, DE 1 1/2\"","UN",41.86]
[6296,"TE DE FERRO GALVANIZADO, DE 1 1/4\"","UN",33.04]
[6323,"TE DE FERRO GALVANIZADO, DE 1\"","UN",21.59]
[6294,"TE DE FERRO GALVANIZADO, DE 1/2\"","UN",9.42]
[6299,"TE DE FERRO GALVANIZADO, DE 2 1/2\"","UN",125.89]
[6298,"TE DE FERRO GALVANIZADO, DE 2\"","UN",66.3]
[6322,"TE DE FERRO GALVANIZADO, DE 3\"","UN",168.61]
[6295,"TE DE FERRO GALVANIZADO, DE 3/4\"","UN",13.41]
[6300,"TE DE FERRO GALVANIZADO, DE 4\"","UN",310.86]
[6321,"TE DE FERRO GALVANIZADO, DE 5\"","UN",444.04]
[6301,"TE DE FERRO GALVANIZADO, DE 6\"","UN",1040.78]
[7105,"TE DE INSPECAO, PVC, 100 X 75 MM, SERIE NORMAL PARA ESGOTO PREDIAL","UN",40.81]
[20183,"TE DE INSPECAO, PVC, SERIE R, 100 X 75 MM, PARA ESGOTO PREDIAL","UN",50.28]
[38448,"TE DE INSPECAO, PVC, SERIE R, 150 X 100 MM, PARA ESGOTO PREDIAL","UN",228.15]
[20182,"TE DE INSPECAO, PVC, SERIE R, 75 X 75 MM, PARA ESGOTO PREDIAL","UN",29.23]
[7119,"TE DE REDUCAO COM ROSCA, PVC, 90 GRAUS, 1 X 3/4\", PARA AGUA FRIA PREDIAL","UN",10.64]
[7126,"TE DE REDUCAO COM ROSCA, PVC, 90 GRAUS, 1.1/2\" X 3/4\", AGUA FRIA PREDIAL","UN",21.72]
[7120,"TE DE REDUCAO COM ROSCA, PVC, 90 GRAUS, 3/4 X 1/2\", PARA AGUA FRIA PREDIAL","UN",8.16]
[6319,"TE DE REDUCAO DE FERRO GALVANIZADO, COM ROSCA BSP, DE 1 1/2\" X 1\"","UN",49.17]
[6304,"TE DE REDUCAO DE FERRO GALVANIZADO, COM ROSCA BSP, DE 1 1/2\" X 3/4\"","UN",49.17]
[21116,"TE DE REDUCAO DE FERRO GALVANIZADO, COM ROSCA BSP, DE 1 1/4\" X 3/4\"","UN",37.24]
[6320,"TE DE REDUCAO DE FERRO GALVANIZADO, COM ROSCA BSP, DE 1\" X 1/2\"","UN",25.32]
[6303,"TE DE REDUCAO DE FERRO GALVANIZADO, COM ROSCA BSP, DE 1\" X 3/4\"","UN",25.32]
[6308,"TE DE REDUCAO DE FERRO GALVANIZADO, COM ROSCA BSP, DE 2 1/2\" X 1 1/2\"","UN",136.07]
[6317,"TE DE REDUCAO DE FERRO GALVANIZADO, COM ROSCA BSP, DE 2 1/2\" X 1 1/4\"","UN",136.07]
[6307,"TE DE REDUCAO DE FERRO GALVANIZADO, COM ROSCA BSP, DE 2 1/2\" X 1\"","UN",136.07]
[6309,"TE DE REDUCAO DE FERRO GALVANIZADO, COM ROSCA BSP, DE 2 1/2\" X 2\"","UN",140.02000000000001]
[6318,"TE DE REDUCAO DE FERRO GALVANIZADO, COM ROSCA BSP, DE 2\" X 1 1/2\"","UN",73.400000000000006]
[6306,"TE DE REDUCAO DE FERRO GALVANIZADO, COM ROSCA BSP, DE 2\" X 1 1/4\"","UN",73.400000000000006]
[6305,"TE DE REDUCAO DE FERRO GALVANIZADO, COM ROSCA BSP, DE 2\" X 1\"","UN",73.400000000000006]
[6312,"TE DE REDUCAO DE FERRO GALVANIZADO, COM ROSCA BSP, DE 3\" X 1 1/2\"","UN",195.72]
[6311,"TE DE REDUCAO DE FERRO GALVANIZADO, COM ROSCA BSP, DE 3\" X 1 1/4\"","UN",195.72]
[6310,"TE DE REDUCAO DE FERRO GALVANIZADO, COM ROSCA BSP, DE 3\" X 1\"","UN",195.72]
[6314,"TE DE REDUCAO DE FERRO GALVANIZADO, COM ROSCA BSP, DE 3\" X 2 1/2\"","UN",195.72]
[6313,"TE DE REDUCAO DE FERRO GALVANIZADO, COM ROSCA BSP, DE 3\" X 2\"","UN",195.72]
[6302,"TE DE REDUCAO DE FERRO GALVANIZADO, COM ROSCA BSP, DE 3/4\" X 1/2\"","UN",15.57]
[6315,"TE DE REDUCAO DE FERRO GALVANIZADO, COM ROSCA BSP, DE 4\" X 2\"","UN",370.59]
[6316,"TE DE REDUCAO DE FERRO GALVANIZADO, COM ROSCA BSP, DE 4\" X 3\"","UN",370.59]
[39324,"TE DE REDUCAO, CPVC, 22 X 15 MM, PARA AGUA QUENTE PREDIAL","UN",5.18]
[39325,"TE DE REDUCAO, CPVC, 28 X 22 MM, PARA AGUA QUENTE PREDIAL","UN",7.81]
[39326,"TE DE REDUCAO, CPVC, 35 X 28 MM, PARA AGUA QUENTE PREDIAL","UN",28.03]
[39327,"TE DE REDUCAO, CPVC, 42 X 35 MM, PARA AGUA QUENTE PREDIAL","UN",42.29]
[11378,"TE DE REDUCAO, PVC PBA, BBB, JE, DN 100 X 50 / DE 110 X 60 MM, PARA REDE DE AGUA","UN",96.92]
[11379,"TE DE REDUCAO, PVC PBA, BBB, JE, DN 100 X 75 / DE 110 X 85 MM, PARA REDE DE AGUA","UN",81.900000000000006]
[11493,"TE DE REDUCAO, PVC PBA, BBB, JE, DN 75 X 50 / DE 85 X 60 MM, PARA REDE DE AGUA","UN",47.24]
[7106,"TE DE REDUCAO, PVC, SOLDAVEL, 90 GRAUS, 110 MM X 60 MM, PARA AGUA FRIA PREDIAL","UN",134.4]
[7104,"TE DE REDUCAO, PVC, SOLDAVEL, 90 GRAUS, 25 MM X 20 MM, PARA AGUA FRIA PREDIAL","UN",3.62]
[7136,"TE DE REDUCAO, PVC, SOLDAVEL, 90 GRAUS, 32 MM X 25 MM, PARA AGUA FRIA PREDIAL","UN",6.31]
[7128,"TE DE REDUCAO, PVC, SOLDAVEL, 90 GRAUS, 40 MM X 32 MM, PARA AGUA FRIA PREDIAL","UN",8.18]
[7108,"TE DE REDUCAO, PVC, SOLDAVEL, 90 GRAUS, 50 MM X 20 MM, PARA AGUA FRIA PREDIAL","UN",8.16]
[7129,"TE DE REDUCAO, PVC, SOLDAVEL, 90 GRAUS, 50 MM X 25 MM, PARA AGUA FRIA PREDIAL","UN",9.61]
[7130,"TE DE REDUCAO, PVC, SOLDAVEL, 90 GRAUS, 50 MM X 32 MM, PARA AGUA FRIA PREDIAL","UN",13.96]
[7131,"TE DE REDUCAO, PVC, SOLDAVEL, 90 GRAUS, 50 MM X 40 MM, PARA AGUA FRIA PREDIAL","UN",17.07]
[7132,"TE DE REDUCAO, PVC, SOLDAVEL, 90 GRAUS, 75 MM X 50 MM, PARA AGUA FRIA PREDIAL","UN",40.200000000000003]
[7133,"TE DE REDUCAO, PVC, SOLDAVEL, 90 GRAUS, 85 MM X 60 MM, PARA AGUA FRIA PREDIAL","UN",92.9]
[37422,"TE DE SERVICO INTEGRADO, EM POLIPROPILENO (PP), PARA TUBOS EM PEAD, 63 X 20 MM - LIGACAO PREDIAL DE AGUA","UN",57.74]
[37420,"TE DE SERVICO INTEGRADO, EM POLIPROPILENO (PP), PARA TUBOS EM PEAD/PVC, 60 X 20 MM - LIGACAO PREDIAL DE AGUA","UN",45.13]
[37421,"TE DE SERVICO INTEGRADO, EM POLIPROPILENO (PP), PARA TUBOS EM PEAD/PVC, 60 X 32 MM - LIGACAO PREDIAL DE AGUA","UN",61.68]
[37443,"TE DE SERVICO, PEAD PE 100, DE 125 X 20 MM, PARA ELETROFUSAO","UN"]
[37444,"TE DE SERVICO, PEAD PE 100, DE 125 X 32 MM, PARA ELETROFUSAO","UN"]
[37445,"TE DE SERVICO, PEAD PE 100, DE 125 X 63 MM, PARA ELETROFUSAO","UN"]
[37446,"TE DE SERVICO, PEAD PE 100, DE 200 X 20 MM, PARA ELETROFUSAO","UN"]
[37447,"TE DE SERVICO, PEAD PE 100, DE 200 X 32 MM, PARA ELETROFUSAO","UN"]
[37448,"TE DE SERVICO, PEAD PE 100, DE 200 X 63 MM, PARA ELETROFUSAO","UN"]
[37440,"TE DE SERVICO, PEAD PE 100, DE 63 X 20 MM, PARA ELETROFUSAO","UN"]
[37441,"TE DE SERVICO, PEAD PE 100, DE 63 X 32 MM, PARA ELETROFUSAO","UN"]
[37442,"TE DE SERVICO, PEAD PE 100, DE 63 X 63 MM, PARA ELETROFUSAO","UN"]
[38017,"TE DE TRANSICAO, CPVC, SOLDAVEL, 15 MM X 1/2\", PARA AGUA QUENTE","UN",10.6]
[38018,"TE DE TRANSICAO, CPVC, SOLDAVEL, 22 MM X 1/2\", PARA AGUA QUENTE","UN",11.91]
[39895,"TE DUPLA CURVA BRONZE/LATAO SEM ANEL DE SOLDA, ROSCA F X BOLSA X ROSCA F, 1/2\" X 15 X 1/2\"","UN"]
[39896,"TE DUPLA CURVA BRONZE/LATAO SEM ANEL DE SOLDA, ROSCA F X BOLSA X ROSCA F, 3/4\" X 22 X 3/4\"","UN"]
[38873,"TE METALICO, PARA CONEXAO COM ANEL DESLIZANTE, DN 16 MM, EM TUBO PEX PARA INST. AGUA QUENTE/FRIA","UN"]
[38874,"TE METALICO, PARA CONEXAO COM ANEL DESLIZANTE, DN 20 MM, EM TUBO PEX PARA INST. AGUA QUENTE/FRIA","UN"]
[38875,"TE METALICO, PARA CONEXAO COM ANEL DESLIZANTE, DN 25 MM, EM TUBO PEX PARA INST. AGUA QUENTE/FRIA","UN"]
[38876,"TE METALICO, PARA CONEXAO COM ANEL DESLIZANTE, DN 32 MM, EM TUBO PEX PARA INST. AGUA QUENTE/FRIA","UN"]
[39000,"TE MISTURADOR COM INSERTO METALICO, FEMEA, PPR, DN 25 MM X 3/4\", PARA AGUA QUENTE E FRIA PREDIAL","UN"]
[38674,"TE MISTURADOR DE TRANSICAO, CPVC, COM ROSCA, 22 MM X 3/4\", PARA AGUA QUENTE","UN",35.659999999999997]
[38019,"TE MISTURADOR, CPVC, SOLDAVEL, 15 MM, PARA AGUA QUENTE","UN",7.54]
[38020,"TE MISTURADOR, CPVC, SOLDAVEL, 22 MM, PARA AGUA QUENTE","UN",9.2899999999999991]
[38454,"TE MISTURADOR, PPR, F/M/M, DN 20 X 20 MM, PARA AGUA QUENTE PREDIAL","UN"]
[38455,"TE MISTURADOR, PPR, F/M/M, DN 25 X 25 MM, PARA AGUA QUENTE PREDIAL","UN"]
[38462,"TE NORMAL, PPR, F/F/F, SOLDAVEL, 90 GRAUS, DN 110 X 110 X 110 MM, PARA AGUA QUENTE PREDIAL","UN"]
[36362,"TE NORMAL, PPR, F/F/F, SOLDAVEL, 90 GRAUS, DN 20 X 20 X 20 MM, PARA AGUA QUENTE PREDIAL","UN"]
[36298,"TE NORMAL, PPR, F/F/F, SOLDAVEL, 90 GRAUS, DN 25 X 25 X 25 MM, PARA AGUA QUENTE PREDIAL","UN"]
[38456,"TE NORMAL, PPR, F/F/F, SOLDAVEL, 90 GRAUS, DN 32 X 32 X 32 MM, PARA AGUA QUENTE PREDIAL","UN"]
[38457,"TE NORMAL, PPR, F/F/F, SOLDAVEL, 90 GRAUS, DN 40 X 40 X 40 MM, PARA AGUA QUENTE PREDIAL","UN"]
[38458,"TE NORMAL, PPR, F/F/F, SOLDAVEL, 90 GRAUS, DN 50 X 50 X 50 MM, PARA AGUA QUENTE PREDIAL","UN"]
[38459,"TE NORMAL, PPR, F/F/F, SOLDAVEL, 90 GRAUS, DN 63 X 63 X 63 MM, PARA AGUA QUENTE PREDIAL","UN"]
[38460,"TE NORMAL, PPR, F/F/F, SOLDAVEL, 90 GRAUS, DN 75 X 75 X 75 MM, PARA AGUA QUENTE PREDIAL","UN"]
[38461,"TE NORMAL, PPR, F/F/F, SOLDAVEL, 90 GRAUS, DN 90 X 90 X 90 MM, PARA AGUA QUENTE PREDIAL","UN"]
[7094,"TE PVC ROSCAVEL 90 GRAUS, 1\", PARA AGUA FRIA PREDIAL","UN",11.83]
[7116,"TE PVC SOLDAVEL, BBB, 90 GRAUS, DN 40 MM, PARA ESGOTO SECUNDARIO PREDIAL","UN",3.66]
[7118,"TE PVC, ROSCAVEL, 90 GRAUS, 1 1/2\", AGUA FRIA PREDIAL","UN",24.32]
[7098,"TE PVC, ROSCAVEL, 90 GRAUS, 1/2\", AGUA FRIA PREDIAL","UN",3.61]
[7110,"TE PVC, ROSCAVEL, 90 GRAUS, 2\", AGUA FRIA PREDIAL","UN",46.24]
[7123,"TE PVC, ROSCAVEL, 90 GRAUS, 3/4\", AGUA FRIA PREDIAL","UN",4.37]
[7121,"TE PVC, SOLDAVEL, COM BUCHA DE LATAO NA BOLSA CENTRAL, 90 GRAUS, 20 MM X 1/2\", PARA AGUA FRIA PREDIAL","UN",8.65]
[7137,"TE PVC, SOLDAVEL, COM BUCHA DE LATAO NA BOLSA CENTRAL, 90 GRAUS, 25 MM X 1/2\", PARA AGUA FRIA PREDIAL","UN",9.44]
[7122,"TE PVC, SOLDAVEL, COM BUCHA DE LATAO NA BOLSA CENTRAL, 90 GRAUS, 25 MM X 3/4\", PARA AGUA FRIA PREDIAL","UN",10.39]
[7114,"TE PVC, SOLDAVEL, COM BUCHA DE LATAO NA BOLSA CENTRAL, 90 GRAUS, 32 MM X 3/4\", PARA AGUA FRIA PREDIAL","UN",12.09]
[7109,"TE PVC, SOLDAVEL, COM ROSCA NA BOLSA CENTRAL, 90 GRAUS, 20 MM X 1/2\", PARA AGUA FRIA PREDIAL","UN",2.39]
[7135,"TE PVC, SOLDAVEL, COM ROSCA NA BOLSA CENTRAL, 90 GRAUS, 25 MM X 1/2\", PARA AGUA FRIA PREDIAL","UN",4.91]
[37947,"TE PVC, SOLDAVEL, COM ROSCA NA BOLSA CENTRAL, 90 GRAUS, 25 MM X 3/4\", PARA AGUA FRIA PREDIAL","UN",3.99]
[7103,"TE PVC, SOLDAVEL, COM ROSCA NA BOLSA CENTRAL, 90 GRAUS, 32 MM X 3/4\", PARA AGUA FRIA PREDIAL","UN",13]
[40419,"TE RANHURADO EM FERRO FUNDIDO, DN 50 (2\")","UN"]
[40420,"TE RANHURADO EM FERRO FUNDIDO, DN 65 (2 1/2\")","UN"]
[40421,"TE RANHURADO EM FERRO FUNDIDO, DN 80 (3\")","UN"]
[38905,"TE ROSCA FEMEA, METALICO, PARA CONEXAO COM ANEL DESLIZANTE, DN 16 MM X 1/2\", EM TUBO PEX PARA INST. AGUA QUENTE/FRIA","UN"]
[38907,"TE ROSCA FEMEA, METALICO, PARA CONEXAO COM ANEL DESLIZANTE, DN 20 MM X 1/2\", EM TUBO PEX PARA INST. AGUA QUENTE/FRIA","UN"]
[38910,"TE ROSCA FEMEA, METALICO, PARA CONEXAO COM ANEL DESLIZANTE, DN 25 MM X 3/4\", EM TUBO PEX PARA INST. AGUA QUENTE/FRIA","UN"]
[11655,"TE SANITARIO DE REDUCAO, PVC, DN 100 X 50 MM, SERIE NORMAL, PARA ESGOTO PREDIAL","UN",16.91]
[11656,"TE SANITARIO DE REDUCAO, PVC, DN 100 X 75 MM, SERIE NORMAL PARA ESGOTO PREDIAL","UN",19.420000000000002]
[7091,"TE SANITARIO, PVC, DN 100 X 100 MM, SERIE NORMAL, PARA ESGOTO PREDIAL","UN",15.91]
[37948,"TE SANITARIO, PVC, DN 40 X 40 MM, SERIE NORMAL, PARA ESGOTO PREDIAL","UN",3.68]
[7097,"TE SANITARIO, PVC, DN 50 X 50 MM, SERIE NORMAL, PARA ESGOTO PREDIAL","UN",7.47]
[11658,"TE SANITARIO, PVC, DN 75 X 75 MM, SERIE NORMAL PARA ESGOTO PREDIAL","UN",16.510000000000002]
[7146,"TE SOLDAVEL, PVC, 90 GRAUS, 110 MM, PARA AGUA FRIA PREDIAL (NBR 5648)","UN",158.26]
[7138,"TE SOLDAVEL, PVC, 90 GRAUS, 20 MM, PARA AGUA FRIA PREDIAL (NBR 5648)","UN",1]
[7139,"TE SOLDAVEL, PVC, 90 GRAUS, 25 MM, PARA AGUA FRIA PREDIAL (NBR 5648)","UN",1.1299999999999999]
[7140,"TE SOLDAVEL, PVC, 90 GRAUS, 32 MM, PARA AGUA FRIA PREDIAL (NBR 5648)","UN",3.56]
[7141,"TE SOLDAVEL, PVC, 90 GRAUS, 40 MM, PARA AGUA FRIA PREDIAL (NBR 5648)","UN",8.7100000000000009]
[7143,"TE SOLDAVEL, PVC, 90 GRAUS, 60 MM, PARA AGUA FRIA PREDIAL (NBR 5648)","UN",29.22]
[7144,"TE SOLDAVEL, PVC, 90 GRAUS, 75 MM, PARA AGUA FRIA PREDIAL (NBR 5648)","UN",54.2]
[7145,"TE SOLDAVEL, PVC, 90 GRAUS, 85 MM, PARA AGUA FRIA PREDIAL (NBR 5648)","UN",73.7]
[7142,"TE SOLDAVEL, PVC, 90 GRAUS,50 MM, PARA AGUA FRIA PREDIAL (NBR 5648)","UN",9.1]
[39322,"TE, PLASTICO, DN 16 MM, PARA CONEXAO COM CRIMPAGEM, EM TUBO PEX PARA INST. AGUA QUENTE/FRIA","UN"]
[39289,"TE, PLASTICO, DN 20 MM, PARA CONEXAO COM CRIMPAGEM, EM TUBO PEX PARA INST. AGUA QUENTE/FRIA","UN"]
[39290,"TE, PLASTICO, DN 25 MM, PARA CONEXAO COM CRIMPAGEM, EM TUBO PEX PARA INST. AGUA QUENTE/FRIA","UN"]
[39291,"TE, PLASTICO, DN 32 MM, PARA CONEXAO COM CRIMPAGEM, EM TUBO PEX PARA INST. AGUA QUENTE/FRIA","UN"]
[41892,"TE, PVC PBA, BBB, 90 GRAUS, DN 100 / DE 110 MM, PARA REDE DE AGUA","UN",121.97]
[7048,"TE, PVC PBA, BBB, 90 GRAUS, DN 50 / DE 60 MM, PARA REDE DE AGUA","UN",26.32]
[7088,"TE, PVC PBA, BBB, 90 GRAUS, DN 75 / DE 85 MM, PARA REDE DE AGUA","UN",57.57]
[7070,"TE, PVC, 90 GRAUS, BBB, JE, DN 200 MM, PARA REDE COLETORA ESGOTO","UN",204.64]
[20179,"TE, PVC, SERIE R, 100 X 100 MM, PARA ESGOTO PREDIAL","UN",43.52]
[20178,"TE, PVC, SERIE R, 100 X 75 MM, PARA ESGOTO PREDIAL","UN",52.17]
[20180,"TE, PVC, SERIE R, 150 X 100 MM, PARA ESGOTO PREDIAL","UN",86.1]
[20181,"TE, PVC, SERIE R, 150 X 150 MM, PARA ESGOTO PREDIAL","UN",115.29]
[20177,"TE, PVC, SERIE R, 75 X 75 MM, PARA ESGOTO PREDIAL","UN",28.52]
[40945,"TECNICO DE EDIFICACOES (HORISTA)","H",31.76]
[40946,"TECNICO DE EDIFICACOES (MENSALISTA)","MES",5608.41]
[7153,"TECNICO EM LABORATORIO E CAMPO DE CONSTRUCAO CIVIL (HORISTA)","H",35.43]
[41089,"TECNICO EM LABORATORIO E CAMPO DE CONSTRUCAO CIVIL (MENSALISTA)","MES",6255.92]
[40943,"TECNICO EM SEGURANCA DO TRABALHO (HORISTA)","H",35.29]
[40944,"TECNICO EM SEGURANCA DO TRABALHO (MENSALISTA)","MES",6231.71]
[6175,"TECNICO EM SONDAGEM (HORISTA)","H",22.29]
[41092,"TECNICO EM SONDAGEM (MENSALISTA)","MES",3934.3]
[37712,"TELA ARAME GALVANIZADO REVESTIDO COM POLIMERO, MALHA HEXAGONAL DUPLA TORCAO, 8 X 10 CM (ZN/AL REVESTIDO COM POLIMERO), FIO *2,4* MM","M2",67.2]
[34558,"TELA DE ACO SOLDADA GALVANIZADA/ZINCADA PARA ALVENARIA, FIO D = *1,20 A 1,70* MM, MALHA 15 X 15 MM, (C X L) *50 X 10,5* CM","M",3.46]
[34547,"TELA DE ACO SOLDADA GALVANIZADA/ZINCADA PARA ALVENARIA, FIO D = *1,20 A 1,70* MM, MALHA 15 X 15 MM, (C X L) *50 X 12* CM","M",4.25]
[34548,"TELA DE ACO SOLDADA GALVANIZADA/ZINCADA PARA ALVENARIA, FIO D = *1,20 A 1,70* MM, MALHA 15 X 15 MM, (C X L) *50 X 17,5* CM","M",6.98]
[34550,"TELA DE ACO SOLDADA GALVANIZADA/ZINCADA PARA ALVENARIA, FIO D = *1,20 A 1,70* MM, MALHA 15 X 15 MM, (C X L) *50 X 6* CM","M",1.84]
[34557,"TELA DE ACO SOLDADA GALVANIZADA/ZINCADA PARA ALVENARIA, FIO D = *1,20 A 1,70* MM, MALHA 15 X 15 MM, (C X L) *50 X 7,5* CM","M",2.69]
[37411,"TELA DE ACO SOLDADA GALVANIZADA/ZINCADA PARA ALVENARIA, FIO D = *1,24 MM, MALHA 25 X 25 MM","M2",19.71]
[39508,"TELA DE ACO SOLDADA NERVURADA, CA-60, L-159, (1,69 KG/M2), DIAMETRO DO FIO = 4,5 MM, LARGURA = 2,45 M, ESPACAMENTO DA MALHA = 30 X 10 CM","M2",11.07]
[39507,"TELA DE ACO SOLDADA NERVURADA, CA-60, Q-113, (1,8 KG/M2), DIAMETRO DO FIO = 3,8 MM, LARGURA = 2,45 M, ESPACAMENTO DA MALHA = 10 X 10 CM","M2",16.52]
[7155,"TELA DE ACO SOLDADA NERVURADA, CA-60, Q-138, (2,20 KG/M2), DIAMETRO DO FIO = 4,2 MM, LARGURA = 2,45 M, ESPACAMENTO DA MALHA = 10 X 10 CM","M2",21.2]
[42406,"TELA DE ACO SOLDADA NERVURADA, CA-60, Q-159, (2,52 KG/M2), DIAMETRO DO FIO = 4,5 MM, LARGURA = 2,45 M, ESPACAMENTO DA MALHA = 10 X 10 CM","M2",24.31]
[7156,"TELA DE ACO SOLDADA NERVURADA, CA-60, Q-196, (3,11 KG/M2), DIAMETRO DO FIO = 5,0 MM, LARGURA = 2,45 M, ESPACAMENTO DA MALHA = 10 X 10 CM","M2",30.42]
[43127,"TELA DE ACO SOLDADA NERVURADA, CA-60, Q-283 (4,48 KG/M2), DIAMETRO DO FIO = 6,0 MM, LARGURA = 2,45 X 6,00 M DE COMPRIMENTO, ESPACAMENTO DA MALHA = 10 X 10 CM","M2",43.53]
[10917,"TELA DE ACO SOLDADA NERVURADA, CA-60, Q-61, (0,97 KG/M2), DIAMETRO DO FIO = 3,4 MM, LARGURA = 2,45 M, ESPACAMENTO DA MALHA = 15 X 15 CM","M2",9.19]
[21141,"TELA DE ACO SOLDADA NERVURADA, CA-60, Q-92, (1,48 KG/M2), DIAMETRO DO FIO = 4,2 MM, LARGURA = 2,45 X 60 M DE COMPRIMENTO, ESPACAMENTO DA MALHA = 15 X 15 CM","M2",14.22]
[39509,"TELA DE ACO SOLDADA NERVURADA, CA-60, T-196, (2,11 KG/M2), DIAMETRO DO FIO = 5,0 MM, LARGURA = 2,45 M, ESPACAMENTO DA MALHA = 30 X 10 CM","M2",13.68]
[44529,"TELA DE ANIAGEM ( JUTA)","M2",11.67]
[7167,"TELA DE ARAME GALVANIZADA QUADRANGULAR / LOSANGULAR, FIO 2,11 MM (14 BWG), MALHA 5 X 5 CM, H = 2 M","M2",23.81]
[10928,"TELA DE ARAME GALVANIZADA QUADRANGULAR / LOSANGULAR, FIO 2,11 MM (14 BWG), MALHA 8 X 8 CM, H = 2 M","M2",13.68]
[10933,"TELA DE ARAME GALVANIZADA QUADRANGULAR / LOSANGULAR, FIO 2,77 MM (12 BWG), MALHA 10 X 10 CM, H = 2 M","M2",20.63]
[7158,"TELA DE ARAME GALVANIZADA QUADRANGULAR / LOSANGULAR, FIO 2,77 MM (12 BWG), MALHA 5 X 5 CM, H = 2 M","M2",35]
[10927,"TELA DE ARAME GALVANIZADA QUADRANGULAR / LOSANGULAR, FIO 2,77 MM (12 BWG), MALHA 8 X 8 CM, H = 2 M","M2",22.38]
[7162,"TELA DE ARAME GALVANIZADA QUADRANGULAR / LOSANGULAR, FIO 3,4 MM (10 BWG), MALHA 5 X 5 CM, H = 2 M","M2",54.77]
[10932,"TELA DE ARAME GALVANIZADA QUADRANGULAR / LOSANGULAR, FIO 4,19 MM (8 BWG), MALHA 5 X 5 CM, H = 2 M","M2",95.26]
[10937,"TELA DE ARAME GALVANIZADA REVESTIDA EM PVC, QUADRANGULAR / LOSANGULAR, FIO 2,11 MM (14 BWG), BITOLA FINAL = *2,8* MM, MALHA *8 X 8* CM, H = 2 M","M2",24.48]
[10935,"TELA DE ARAME GALVANIZADA REVESTIDA EM PVC, QUADRANGULAR / LOSANGULAR, FIO 2,77 MM (12 BWG), BITOLA FINAL = *3,8* MM, MALHA 7,5 X 7,5 CM, H = 2 M","M2",42.46]
[10931,"TELA DE ARAME GALVANIZADA, HEXAGONAL, FIO 0,56 MM (24 BWG), MALHA 1/2\", H = 1 M","M2",11.94]
[7164,"TELA DE ARAME ONDULADA, FIO *2,77* MM (12 BWG), MALHA 5 X 5 CM, H = 2 M","M2",39.53]
[36887,"TELA DE FIBRA DE VIDRO, ACABAMENTO ANTI-ALCALINO, MALHA 10 X 10 MM","M2",8.92]
[34630,"TELA EM MALHA HEXAGONAL DE DUPLA TORCAO 8 X 10 CM (ZN/AL REVESTIDO COM POLIMERO), FIO 2,7 MM, COM GEOMANTA OU BIOMANTA, DIMENSOES 4,0 X 2,0 X 0,6 M, COM INCLINACAO DE 70 GRAUS, PARA SOLO REFORCADO","UN",1092.26]
[7161,"TELA EM METAL PARA ESTUQUE (DEPLOYE)","M2",4.92]
[7170,"TELA FACHADEIRA EM POLIETILENO, ROLO DE 3 X 100 M (L X C), COR BRANCA, SEM LOGOMARCA - PARA PROTECAO DE OBRAS","M2",2.15]
[37524,"TELA PLASTICA LARANJA, TIPO TAPUME PARA SINALIZACAO, MALHA RETANGULAR, ROLO 1.20 X 50 M (L X C)","M",1.97]
[37525,"TELA PLASTICA TECIDA LISTRADA BRANCA E LARANJA, TIPO GUARDA CORPO, EM POLIETILENO MONOFILADO, ROLO 1,20 X 50 M (L X C)","M",2.69]
[36789,"TELHA CERAMICA TIPO AMERICANA, COMPRIMENTO DE *45* CM, RENDIMENTO DE *12* TELHAS/M2","UN",4.49]
[7173,"TELHA DE BARRO / CERAMICA, NAO ESMALTADA, TIPO COLONIAL, CANAL, PLAN, PAULISTA, COMPRIMENTO DE *44 A 50* CM, RENDIMENTO DE COBERTURA DE *26* TELHAS/M2","MIL",2900]
[7175,"TELHA DE BARRO / CERAMICA, NAO ESMALTADA, TIPO ROMANA, AMERICANA, PORTUGUESA, FRANCESA, COMPRIMENTO DE *41* CM, RENDIMENTO DE *16* TELHAS/M2","UN",3.28]
[40741,"TELHA DE CONCRETO TIPO CLASSICA, COR CINZA, COMPRIMENTO DE *42* CM, RENDIMENTO DE *10* TELHAS/M2","UN",3.35]
[7184,"TELHA DE FIBRA DE VIDRO ONDULADA, TRANSLUCIDA / INCOLOR, E = *0,6* MM, DE *0,50 X 2,44* M (L X C)","M2",49]
[34458,"TELHA DE FIBROCIMENTO E = 6 MM, DE 3,00 X 1,06 M (SEM AMIANTO)","UN",128.09]
[34464,"TELHA DE FIBROCIMENTO E = 6 MM, DE 4,10 X 1,06 M (SEM AMIANTO)","UN",190.67]
[34468,"TELHA DE FIBROCIMENTO E = 6 MM, DE 4,60 X 1,06 M (SEM AMIANTO)","UN",240.38]
[34473,"TELHA DE FIBROCIMENTO E = 8 MM, DE 3,00 X 1,06 M (SEM AMIANTO)","UN",145.82]
[34480,"TELHA DE FIBROCIMENTO E = 8 MM, DE 4,10 X 1,06 M (SEM AMIANTO)","UN",269.48]
[34486,"TELHA DE FIBROCIMENTO E = 8 MM, DE 4,60 X 1,06 M (SEM AMIANTO)","UN",319.06]
[7190,"TELHA DE FIBROCIMENTO ONDULADA E = 4 MM, DE 1,22 X 0,50 M (SEM AMIANTO)","UN",10.65]
[34417,"TELHA DE FIBROCIMENTO ONDULADA E = 4 MM, DE 2,13 X 0,50 M (SEM AMIANTO)","UN",17.04]
[7213,"TELHA DE FIBROCIMENTO ONDULADA E = 4 MM, DE 2,44 X 0,50 M (SEM AMIANTO)","M2",15.63]
[7195,"TELHA DE FIBROCIMENTO ONDULADA E = 6 MM, DE 1,53 X 1,10 M (SEM AMIANTO)","UN",45.9]
[7186,"TELHA DE FIBROCIMENTO ONDULADA E = 6 MM, DE 1,83 X 1,10 M (SEM AMIANTO)","UN",50]
[7194,"TELHA DE FIBROCIMENTO ONDULADA E = 6 MM, DE 2,44 X 1,10 M (SEM AMIANTO)","M2",23.05]
[7197,"TELHA DE FIBROCIMENTO ONDULADA E = 6 MM, DE 3,66 X 1,10 M (SEM AMIANTO)","UN",97.3]
[7192,"TELHA DE FIBROCIMENTO ONDULADA E = 8 MM, DE 1,53 X 1,10 M (SEM AMIANTO)","UN",87.17]
[7193,"TELHA DE FIBROCIMENTO ONDULADA E = 8 MM, DE 1,83 X 1,10 M (SEM AMIANTO)","UN",98.14]
[7189,"TELHA DE FIBROCIMENTO ONDULADA E = 8 MM, DE 2,44 X 1,10 M (SEM AMIANTO)","UN",114.05]
[34402,"TELHA DE FIBROCIMENTO ONDULADA E = 8 MM, DE 3,66 X 1,10 M (SEM AMIANTO)","UN",161.02000000000001]
[7245,"TELHA DE VIDRO TIPO FRANCESA, *39 X 23* CM","UN",32.58]
[34425,"TELHA ESTRUTURAL DE FIBROCIMENTO 1 ABA, DE 0,52 X 2,00 M (SEM AMIANTO)","UN",103.44]
[7223,"TELHA ESTRUTURAL DE FIBROCIMENTO 1 ABA, DE 0,52 X 2,50 M (SEM AMIANTO)","UN",115.27]
[7234,"TELHA ESTRUTURAL DE FIBROCIMENTO 1 ABA, DE 0,52 X 3,60 M (SEM AMIANTO)","UN",173.94]
[7224,"TELHA ESTRUTURAL DE FIBROCIMENTO 1 ABA, DE 0,52 X 4,00 M (SEM AMIANTO)","UN",211.91]
[7225,"TELHA ESTRUTURAL DE FIBROCIMENTO 1 ABA, DE 0,52 X 5,00 M (SEM AMIANTO)","UN",227.22]
[7226,"TELHA ESTRUTURAL DE FIBROCIMENTO 1 ABA, DE 0,52 X 5,50 M (SEM AMIANTO)","UN",242.48]
[7227,"TELHA ESTRUTURAL DE FIBROCIMENTO 1 ABA, DE 0,52 X 6,50 M (SEM AMIANTO)","UN",276]
[7212,"TELHA ESTRUTURAL DE FIBROCIMENTO 1 ABA, DE 0,52 X 7,20 M (SEM AMIANTO)","UN",303.26]
[7229,"TELHA ESTRUTURAL DE FIBROCIMENTO 2 ABAS, DE 1,00 X 3,00 M (SEM AMIANTO)","UN",192.22]
[7230,"TELHA ESTRUTURAL DE FIBROCIMENTO 2 ABAS, DE 1,00 X 4,60 M (SEM AMIANTO)","UN",320.02]
[7231,"TELHA ESTRUTURAL DE FIBROCIMENTO 2 ABAS, DE 1,00 X 6,00 M (SEM AMIANTO)","UN",453.97]
[7220,"TELHA ESTRUTURAL DE FIBROCIMENTO 2 ABAS, DE 1,00 X 7,40 M (SEM AMIANTO)","UN",560.38]
[34447,"TELHA ESTRUTURAL DE FIBROCIMENTO 2 ABAS, DE 1,00 X 8,20 M (SEM AMIANTO)","UN",626.59]
[7233,"TELHA ESTRUTURAL DE FIBROCIMENTO 2 ABAS, DE 1,00 X 9,20 M (SEM AMIANTO)","UN",718.8]
[40740,"TELHA GALVALUME COM ISOLAMENTO TERMOACUSTICO EM ESPUMA RIGIDA DE POLIURETANO (PU) INJETADO, ESPESSURA DE 30 MM, DENSIDADE DE 35 KG/M3, REVESTIMENTO EM TELHA TRAPEZOIDAL NAS DUAS FACES COM ESPESSURA DE 0,50 MM CADA, ACABAMENTO NATURAL (NAO INCLUI ACESSORIOS DE FIXACAO)","M2",131.33000000000001]
[25007,"TELHA ONDULADA EM ACO ZINCADO, ALTURA DE 17 MM, ESPESSURA DE 0,50 MM, LARGURA UTIL DE APROXIMADAMENTE 985 MM, SEM PINTURA","M2",37.58]
[43071,"TELHA TERMOISOLANTE REVESTIDA EM ACO GALVALUME, FACE SUPERIOR TRAPEZOIDAL E FACE INFERIOR PLANA (NAO INCLUI ACESSORIOS DE FIXACAO), REVEST COM ESPESSURA DE 0,50 MM, COM PRE-PINTURA DE COR BRANCA NAS DUAS FACES, NUCLEO EM POLIISOCIANURATO (PIR) COM ESPESSURA DE 50 MM","M2",147.88]
[39520,"TELHA TERMOISOLANTE REVESTIDA EM ACO GALVANIZADO, FACE SUPERIOR EM TELHA TRAPEZOIDAL E FACE INFERIOR EM CHAPA PLANA (SEM ACESSORIOS DE FIXACAO), REVESTIMENTO COM ESPESSURA DE 0,50 MM COM PRE-PINTURA NAS DUAS FACES, NUCLEO EM POLIESTIRENO (EPS) DE 30 MM","M2",120.64]
[39521,"TELHA TERMOISOLANTE REVESTIDA EM ACO GALVANIZADO, FACE SUPERIOR EM TELHA TRAPEZOIDAL E FACE INFERIOR EM CHAPA PLANA (SEM ACESSORIOS DE FIXACAO), REVESTIMENTO COM ESPESSURA DE 0,50 MM COM PRE-PINTURA NAS DUAS FACES, NUCLEO EM POLIESTIRENO (EPS) DE 50 MM","M2",124.58]
[39522,"TELHA TERMOISOLANTE REVESTIDA EM ACO GALVANIZADO, FACES SUPERIOR E INFERIOR EM TELHA TRAPEZOIDAL (SEM ACESSORIOS DE FIXACAO), REVESTIMENTO COM ESPESSURA DE 0,50 MM COM PRE-PINTURA NAS DUAS FACES, NUCLEO EM POLIESTIRENO (EPS) DE 50 MM","M2",128.65]
[7243,"TELHA TRAPEZOIDAL EM ACO ZINCADO, SEM PINTURA, ALTURA DE APROXIMADAMENTE 40 MM, ESPESSURA DE 0,50 MM E LARGURA UTIL DE 980 MM","M2",39.270000000000003]
[11067,"TELHA TRAPEZOIDAL EM ALUMINIO, ALTURA DE *38* MM E ESPESSURA DE 0,5 MM (LARGURA TOTAL DE 1056 MM E COMPRIMENTO DE 5000 MM)","UN",553.72]
[11068,"TELHA TRAPEZOIDAL EM ALUMINIO, ALTURA DE *38* MM E ESPESSURA DE 0,7 MM (LARGURA TOTAL DE 1056 MM E COMPRIMENTO DE 5000 MM)","UN",699.54]
[7246,"TELHA VIDRO TIPO CANAL OU COLONIAL, C = 46 A 50 CM","UN",35.979999999999997]
[12869,"TELHADOR / TELHADISTA (HORISTA)","H",21.3]
[41097,"TELHADOR / TELHADISTA (MENSALISTA)","MES",3762.06]
[1574,"TERMINAL A COMPRESSAO EM COBRE ESTANHADO PARA CABO 10 MM2, 1 FURO E 1 COMPRESSAO, PARA PARAFUSO DE FIXACAO M6","UN",2.33]
[1581,"TERMINAL A COMPRESSAO EM COBRE ESTANHADO PARA CABO 120 MM2, 1 FURO E 1 COMPRESSAO, PARA PARAFUSO DE FIXACAO M12","UN",16.18]
[1575,"TERMINAL A COMPRESSAO EM COBRE ESTANHADO PARA CABO 16 MM2, 1 FURO E 1 COMPRESSAO, PARA PARAFUSO DE FIXACAO M6","UN",2.77]
[1570,"TERMINAL A COMPRESSAO EM COBRE ESTANHADO PARA CABO 2,5 MM2, 1 FURO E 1 COMPRESSAO, PARA PARAFUSO DE FIXACAO M5","UN",1.39]
[1576,"TERMINAL A COMPRESSAO EM COBRE ESTANHADO PARA CABO 25 MM2, 1 FURO E 1 COMPRESSAO, PARA PARAFUSO DE FIXACAO M8","UN",3.83]
[1577,"TERMINAL A COMPRESSAO EM COBRE ESTANHADO PARA CABO 35 MM2, 1 FURO E 1 COMPRESSAO, PARA PARAFUSO DE FIXACAO M8","UN",4.32]
[1571,"TERMINAL A COMPRESSAO EM COBRE ESTANHADO PARA CABO 4 MM2, 1 FURO E 1 COMPRESSAO, PARA PARAFUSO DE FIXACAO M5","UN",1.81]
[1578,"TERMINAL A COMPRESSAO EM COBRE ESTANHADO PARA CABO 50 MM2, 1 FURO E 1 COMPRESSAO, PARA PARAFUSO DE FIXACAO M8","UN",7.5]
[1573,"TERMINAL A COMPRESSAO EM COBRE ESTANHADO PARA CABO 6 MM2, 1 FURO E 1 COMPRESSAO, PARA PARAFUSO DE FIXACAO M6","UN",2.16]
[1579,"TERMINAL A COMPRESSAO EM COBRE ESTANHADO PARA CABO 70 MM2, 1 FURO E 1 COMPRESSAO, PARA PARAFUSO DE FIXACAO M10","UN",9.34]
[1580,"TERMINAL A COMPRESSAO EM COBRE ESTANHADO PARA CABO 95 MM2, 1 FURO E 1 COMPRESSAO, PARA PARAFUSO DE FIXACAO M12","UN",11.51]
[39321,"TERMINAL DE VENTILACAO, 100 MM, SERIE NORMAL, ESGOTO PREDIAL","UN",21.81]
[39319,"TERMINAL DE VENTILACAO, 50 MM, SERIE NORMAL, ESGOTO PREDIAL","UN",9.07]
[39320,"TERMINAL DE VENTILACAO, 75 MM, SERIE NORMAL, ESGOTO PREDIAL","UN",17.45]
[1542,"TERMINAL METALICO A PRESSAO 1 CABO, PARA CABOS DE 4 A 10 MM2, COM 2 FUROS PARA FIXACAO","UN",31.88]
[1591,"TERMINAL METALICO A PRESSAO PARA 1 CABO DE 120 MM2, COM 1 FURO DE FIXACAO","UN",35.68]
[1547,"TERMINAL METALICO A PRESSAO PARA 1 CABO DE 150 A 185 MM2, COM 2 FUROS PARA FIXACAO","UN",186.98]
[38196,"TERMINAL METALICO A PRESSAO PARA 1 CABO DE 150 MM2, COM 1 FURO DE FIXACAO","UN",36.42]
[1543,"TERMINAL METALICO A PRESSAO PARA 1 CABO DE 16 A 25 MM2, COM 2 FUROS PARA FIXACAO","UN",38.700000000000003]
[1585,"TERMINAL METALICO A PRESSAO PARA 1 CABO DE 16 MM2, COM 1 FURO DE FIXACAO","UN",7.5]
[1593,"TERMINAL METALICO A PRESSAO PARA 1 CABO DE 185 MM2, COM 1 FURO DE FIXACAO","UN",39.799999999999997]
[11838,"TERMINAL METALICO A PRESSAO PARA 1 CABO DE 240 MM2, COM 1 FURO DE FIXACAO","UN",52.52]
[1594,"TERMINAL METALICO A PRESSAO PARA 1 CABO DE 25 A 35 MM2, COM 2 FUROS PARA FIXACAO","UN",53.09]
[1586,"TERMINAL METALICO A PRESSAO PARA 1 CABO DE 25 MM2, COM 1 FURO DE FIXACAO","UN",9.48]
[11839,"TERMINAL METALICO A PRESSAO PARA 1 CABO DE 300 MM2, COM 1 FURO DE FIXACAO","UN",76.41]
[1587,"TERMINAL METALICO A PRESSAO PARA 1 CABO DE 35 MM2, COM 1 FURO DE FIXACAO","UN",9.66]
[1545,"TERMINAL METALICO A PRESSAO PARA 1 CABO DE 50 A 70 MM2, COM 2 FUROS PARA FIXACAO","UN",91.69]
[1588,"TERMINAL METALICO A PRESSAO PARA 1 CABO DE 50 MM2, COM 1 FURO DE FIXACAO","UN",13.25]
[1535,"TERMINAL METALICO A PRESSAO PARA 1 CABO DE 6 A 10 MM2, COM 1 FURO DE FIXACAO","UN",7.63]
[1589,"TERMINAL METALICO A PRESSAO PARA 1 CABO DE 70 MM2, COM 1 FURO DE FIXACAO","UN",13.67]
[1546,"TERMINAL METALICO A PRESSAO PARA 1 CABO DE 95 A 120 MM2, COM 2 FUROS PARA FIXACAO","UN",154.72999999999999]
[1590,"TERMINAL METALICO A PRESSAO PARA 1 CABO DE 95 MM2, COM 1 FURO DE FIXACAO","UN",24.07]
[38415,"TERMOFUSORA PARA TUBOS E CONEXOES EM PPR COM DIAMETROS DE 20 A 63 MM, POTENCIA DE 800 W, TENSAO 220 V","UN",892.41]
[38414,"TERMOFUSORA PARA TUBOS E CONEXOES EM PPR COM DIAMETROS DE 75 A 110 MM, POTENCIA DE *1100* W, TENSAO 220 V","UN",1252.51]
[38128,"TERRA VEGETAL (ENSACADA)","KG",0.88]
[7253,"TERRA VEGETAL (GRANEL)","M3",188.57]
[4806,"TESTEIRA ANTIDERRAPANTE PARA PISO VINILICO *5 X 2,5* CM, E = 2 MM","M",18.8]
[34401,"TIJOLO CERAMICO LAMINADO DE *5,5 X 11 X 23* CM (L X A X C), COM 21 FUROS","UN",1.54]
[7256,"TIJOLO CERAMICO MACICO APARENTE 2 FUROS DE *6,5 X 10 X 20* CM (L X A X C)","UN",1.1000000000000001]
[7260,"TIJOLO CERAMICO MACICO APARENTE DE *6 X 12 X 24* CM (L X A X C)","UN",2.08]
[7258,"TIJOLO CERAMICO MACICO COMUM DE *5 X 10 X 20* CM (L X A X C)","UN",0.54]
[34400,"TIJOLO CERAMICO REFRATARIO DE *2,5 X 11,4 X 22,9* CM (L X A X C)","UN",4.29]
[10617,"TIJOLO CERAMICO REFRATARIO DE *6,3 X 11,4 X 22,9* CM (L X A X C)","UN",5.53]
[44261,"TIL CONDOMINIAL, PVC, DN 100 X 100 MM, PARA REDE COLETORA DE ESGOTO","UN",144.88999999999999]
[7274,"TIL PARA LIGACAO PREDIAL, EM PVC, JE, BBB, DN 100 X 100 MM, PARA REDE COLETORA ESGOTO","UN",70.14]
[44326,"TIL RADIAL, PVC, JE, BBB, DN 300 X 200 MM, PARA REDE COLETORA DE ESGOTO (NBR 10.569)","UN",1514.96]
[154,"TINTA / REVESTIMENTO A BASE DE RESINA EPOXI COM ALCATRAO, BICOMPONENTE","L",65.290000000000006]
[38121,"TINTA A BASE DE RESINA ACRILICA EMULSIONADA EM AGUA, PARA SINALIZACAO HORIZONTAL VIARIA (NBR 13699:2012)","L",24.37]
[43776,"TINTA A OLEO BRILHANTE, PARA MADEIRAS E METAIS","L",32.86]
[7343,"TINTA ACRILICA A BASE DE SOLVENTE, PARA SINALIZACAO HORIZONTAL VIARIA (NBR 11862)","L",35.85]
[7348,"TINTA ACRILICA PREMIUM PARA PISO","L",20.75]
[7313,"TINTA ASFALTICA IMPERMEABILIZANTE DILUIDA EM SOLVENTE, PARA MATERIAIS CIMENTICIOS, METAL E MADEIRA","L",19.940000000000001]
[7319,"TINTA ASFALTICA IMPERMEABILIZANTE DISPERSA EM AGUA, PARA MATERIAIS CIMENTICIOS","L",11.41]
[7314,"TINTA BORRACHA CLORADA, ACABAMENTO SEMIBRILHO, QUALQUER COR","L",85.18]
[7304,"TINTA EPOXI BASE AGUA PREMIUM, BRANCA","L",97.38]
[43649,"TINTA ESMALTE BASE AGUA PREMIUM ACETINADO","L",50.36]
[43650,"TINTA ESMALTE BASE AGUA PREMIUM BRILHANTE","L",47.59]
[7311,"TINTA ESMALTE SINTETICO PREMIUM ACETINADO","L",48.75]
[7292,"TINTA ESMALTE SINTETICO PREMIUM BRILHANTE","L",47.2]
[7293,"TINTA ESMALTE SINTETICO PREMIUM DE DUPLA ACAO GRAFITE FOSCO PARA SUPERFICIES METALICAS FERROSAS","L",52.22]
[7306,"TINTA ESMALTE SINTETICO PREMIUM DE EFEITO PROTETOR DE SUPERFICIE METALICA ALUMINIO","L",57.63]
[7288,"TINTA ESMALTE SINTETICO PREMIUM FOSCO","L",47.85]
[43625,"TINTA ESMALTE SINTETICO STANDARD ACETINADO","L",38.630000000000003]
[43647,"TINTA ESMALTE SINTETICO STANDARD BRILHANTE","L",35.090000000000003]
[43648,"TINTA ESMALTE SINTETICO STANDARD FOSCO","L",33.86]
[35693,"TINTA LATEX ACRILICA ECONOMICA, COR BRANCA","L",12.9]
[7356,"TINTA LATEX ACRILICA PREMIUM, COR BRANCO FOSCO","L",30.94]
[35692,"TINTA LATEX ACRILICA STANDARD, COR BRANCA","L",20.25]
[43624,"TINTA LATEX ACRILICA SUPER PREMIUM, COR BRANCO FOSCO","L",37.71]
[7342,"TINTA MINERAL IMPERMEAVEL EM PO, BRANCA","KG",2.19]
[7350,"TINTA/RESINA ACRILICA PREMIUM PARA CERAMICA, PEDRAS E OUTROS","L",44.66]
[39574,"TIRANTE COM ELO, EM ARAME GALVANIZADO RIGIDO, NUMERO 10, COMPRIMENTO 2000 MM, PARA PENDURAL DE FORRO REMOVIVEL","UN",4.16]
[11060,"TIRANTE EM FERRO GALVANIZADO PARA CONTRAVENTAMENTO DE TELHA CANALETE 90, 1/4\" X 400 MM","UN",57.4]
[37401,"TOALHEIRO PLASTICO TIPO DISPENSER PARA PAPEL TOALHA INTERFOLHADO","UN",41.98]
[38101,"TOMADA 2P+T 10A, 250V (APENAS MODULO)","UN",7.23]
[7528,"TOMADA 2P+T 10A, 250V, CONJUNTO MONTADO PARA EMBUTIR 4\" X 2\" (PLACA + SUPORTE + MODULO)","UN",8.5]
[12147,"TOMADA 2P+T 10A, 250V, CONJUNTO MONTADO PARA SOBREPOR 4\" X 2\" (CAIXA + MODULO)","UN",12.96]
[38075,"TOMADA 2P+T 20A 250V, CONJUNTO MONTADO PARA EMBUTIR 4\" X 2\" (PLACA + SUPORTE + MODULO)","UN",14.72]
[38102,"TOMADA 2P+T 20A, 250V (APENAS MODULO)","UN",9.25]
[7525,"TOMADA INDUSTRIAL DE EMBUTIR 3P+T 30 A, 440 V, COM TRAVA, COM PLACA","UN",41.85]
[7524,"TOMADA INDUSTRIAL DE EMBUTIR 3P+T 30 A, 440 V, COM TRAVA, SEM PLACA","UN",39.44]
[38105,"TOMADA PARA ANTENA DE TV, CABO COAXIAL DE 9 MM (APENAS MODULO)","UN",10.130000000000001]
[38084,"TOMADA PARA ANTENA DE TV, CABO COAXIAL DE 9 MM, CONJUNTO MONTADO PARA EMBUTIR 4\" X 2\" (PLACA + SUPORTE + MODULO)","UN",14.39]
[38103,"TOMADA RJ11, 2 FIOS (APENAS MODULO)","UN",15.21]
[38082,"TOMADA RJ11, 2 FIOS, CONJUNTO MONTADO PARA EMBUTIR 4\" X 2\" (PLACA + SUPORTE + MODULO)","UN",18.73]
[38104,"TOMADA RJ45, 8 FIOS, CAT 5E (APENAS MODULO)","UN",29.78]
[38083,"TOMADA RJ45, 8 FIOS, CAT 5E, CONJUNTO MONTADO PARA EMBUTIR 4\" X 2\" (PLACA + SUPORTE + MODULO)","UN",33.06]
[38076,"TOMADAS (2 MODULOS) 2P+T 10A, 250V, CONJUNTO MONTADO PARA EMBUTIR 4\" X 2\" (PLACA + SUPORTE + MODULOS)","UN",16.5]
[7592,"TOPOGRAFO (HORISTA)","H",40.21]
[40820,"TOPOGRAFO (MENSALISTA)","MES",7098.11]
[11826,"TORNEIRA DE BOIA BALAO METALICO, VAZAO TOTAL, PARA CAIXA D'AGUA, AGUA QUENTE, ROSCA 1/2 \", COM HASTE, TORNEIRA E BALAO METALICOS","UN",47.5]
[7606,"TORNEIRA DE BOIA BALAO METALICO, VAZAO TOTAL, PARA CAIXA D'AGUA, AGUA QUENTE, ROSCA 3/4 \", COM HASTE, TORNEIRA E BALAO METALICOS","UN",57.12]
[11825,"TORNEIRA DE BOIA CONVENCIONAL PARA CAIXA D'AGUA, 1\", AGUA FRIA, COM HASTE E TORNEIRA METALICOS E BALAO PLASTICO","UN",60.09]
[11767,"TORNEIRA DE BOIA CONVENCIONAL PARA CAIXA D'AGUA, 2\", AGUA FRIA, COM HASTE E TORNEIRA METALICOS E BALAO PLASTICO","UN",160.04]
[11763,"TORNEIRA DE BOIA CONVENCIONAL PARA CAIXA D'AGUA, AGUA FRIA, 1.1/2\", COM HASTE E TORNEIRA METALICOS E BALAO PLASTICO","UN",124.73]
[11764,"TORNEIRA DE BOIA CONVENCIONAL PARA CAIXA D'AGUA, AGUA FRIA, 1.1/4\", COM HASTE E TORNEIRA METALICOS E BALAO PLASTICO","UN",102.34]
[11829,"TORNEIRA DE BOIA CONVENCIONAL PARA CAIXA D'AGUA, AGUA FRIA, 1/2\", COM HASTE E TORNEIRA METALICOS E BALAO PLASTICO","UN",24.73]
[11830,"TORNEIRA DE BOIA CONVENCIONAL PARA CAIXA D'AGUA, AGUA FRIA, 3/4\", COM HASTE E TORNEIRA METALICOS E BALAO PLASTICO","UN",26.71]
[11765,"TORNEIRA DE BOIA VAZAO TOTAL PARA CAIXA D'AGUA, AGUA FRIA, BITOLA 1\", COM HASTE E TORNEIRA METALICOS E BALAO PLASTICO","UN",68.2]
[11766,"TORNEIRA DE BOIA VAZAO TOTAL PARA CAIXA D'AGUA, AGUA FRIA, BITOLA 1/2\", COM HASTE E TORNEIRA METALICOS E BALAO PLASTICO","UN",37.299999999999997]
[11824,"TORNEIRA DE BOIA VAZAO TOTAL PARA CAIXA D'AGUA, AGUA FRIA, BITOLA 3/4\", COM HASTE E TORNEIRA METALICOS E BALAO PLASTICO","UN",43.88]
[44045,"TORNEIRA DE MESA PARA LAVATORIO, METALICA CROMADA, COM MISTURADOR MONOCOMANDO, BICA BAIXA","UN",340.8]
[39702,"TORNEIRA DE MESA PARA LAVATORIO, METALICA CROMADA, COM SENSOR DE APROXIMACAO ELETRICO, BIVOLT","UN",2263.42]
[13415,"TORNEIRA DE MESA/BANCADA, PARA LAVATORIO, FIXA, METALICA CROMADA, PADRAO POPULAR, 1/2\" OU 3/4\"","UN",74.31]
[7602,"TORNEIRA DE METAL AMARELO, PARA TANQUE / JARDIM, DE PAREDE, COM BICO PLASTICO, CANO CURTO, AREA EXTERNA, PADRAO POPULAR / USO GERAL, 1/2\" OU 3/4\"","UN",47.42]
[7603,"TORNEIRA DE METAL AMARELO, PARA TANQUE / JARDIM, DE PAREDE, SEM BICO, CANO CURTO, PADRAO POPULAR / USO GERAL, 1/2\" OU 3/4\"","UN",40.229999999999997]
[11777,"TORNEIRA ELETRICA DE PAREDE, PLASTICA, BICA ALTA, PARA COZINHA, 5500 W (110/220 V)","UN",184.96]
[13417,"TORNEIRA METALICA CROMADA CANO CURTO, SEM BICO, SEM AREJADOR, DE PAREDE, PARA TANQUE E USO GERAL, 1/2\" OU 3/4\"","UN",96.78]
[36791,"TORNEIRA METALICA CROMADA DE MESA PARA LAVATORIO, BICA ALTA, COM AREJADOR","UN",145.25]
[36795,"TORNEIRA METALICA CROMADA DE MESA PARA LAVATORIO, COM SENSOR DE PRESENCA A PILHA, COM AREJADOR EMBUTIDO","UN",1836.56]
[36796,"TORNEIRA METALICA CROMADA DE MESA, PARA LAVATORIO, TEMPORIZADA PRESSAO FECHAMENTO AUTOMATICO, BICA BAIXA","UN",152.61000000000001]
[36792,"TORNEIRA METALICA CROMADA DE PAREDE LONGA PARA LAVATORIO, COM AREJADOR, ACIONAMENTO ALAVANCA, 1/4 DE VOLTA","UN",193.32]
[11773,"TORNEIRA METALICA CROMADA DE PAREDE, PARA COZINHA, BICA MOVEL, COM AREJADOR, 1/2\" OU 3/4\"","UN",128.69]
[11762,"TORNEIRA METALICA CROMADA PARA JARDIM / TANQUE, COM BICO PLASTICO, CANO LONGO, DE PAREDE, PADRAO POPULAR / USO GERAL, 1/2\" OU 3/4\"","UN",61.04]
[7604,"TORNEIRA METALICA CROMADA PARA TANQUE / JARDIM, SEM BICO, CANO LONGO, DE PAREDE, PADRAO POPULAR / USO GERAL, 1/2\" OU 3/4\"","UN",51.68]
[13984,"TORNEIRA METALICA CROMADA, CANO CURTO, COM AREJADOR, SEM BICO PLASTICO, DE PAREDE, PARA USO GERAL, 1/2\" OU 3/4\"","UN",75.11]
[11772,"TORNEIRA METALICA CROMADA, DE MESA/BANCADA, PARA COZINHA, BICA MOVEL, COM AREJADOR, 1/2\" OU 3/4\"","UN",129.1]
[13983,"TORNEIRA METALICA CROMADA, RETA, DE PAREDE, PARA COZINHA, COM AREJADOR, PADRAO POPULAR, 1/2\" OU 3/4\"","UN",97.77]
[13416,"TORNEIRA METALICA CROMADA, RETA, DE PAREDE, PARA COZINHA, SEM BICO, SEM AREJADOR, PADRAO POPULAR, 1/2\" OU 3/4\"","UN",86.84]
[40329,"TORNEIRA PLASTICA DE BOIA CONVENCIONAL PARA CAIXA DE AGUA, AGUA FRIA, 3/4 \", COM HASTE METALICA E COM TORNEIRA E BALAO PLASTICOS (PADRAO POPULAR)","UN",15.5]
[11823,"TORNEIRA PLASTICA DE BOIA PARA CAIXA DE DESCARGA, 1/2\", BALAO E TORNEIRA PLASTICOS, COM HASTE METALICA","UN",6.53]
[11822,"TORNEIRA PLASTICA DE MESA, BICA MOVEL, PARA COZINHA 1/2\"","UN",30.87]
[11831,"TORNEIRA PLASTICA PARA TANQUE 1/2\" OU 3/4\" COM BICO PARA MANGUEIRA","UN",18.579999999999998]
[7613,"TRANSFORMADOR TRIFASICO DE DISTRIBUICAO, POTENCIA DE 1000 KVA, TENSAO NOMINAL DE 15 KV, TENSAO SECUNDARIA DE 220/127V, EM OLEO ISOLANTE TIPO MINERAL","UN",117504.77]
[7619,"TRANSFORMADOR TRIFASICO DE DISTRIBUICAO, POTENCIA DE 112,5 KVA, TENSAO NOMINAL DE 15 KV, TENSAO SECUNDARIA DE 220/127V, EM OLEO ISOLANTE TIPO MINERAL","UN",18163.72]
[12076,"TRANSFORMADOR TRIFASICO DE DISTRIBUICAO, POTENCIA DE 15 KVA, TENSAO NOMINAL DE 15 KV, TENSAO SECUNDARIA DE 220/127V, EM OLEO ISOLANTE TIPO MINERAL","UN",8331.98]
[7614,"TRANSFORMADOR TRIFASICO DE DISTRIBUICAO, POTENCIA DE 150 KVA, TENSAO NOMINAL DE 15 KV, TENSAO SECUNDARIA DE 220/127V, EM OLEO ISOLANTE TIPO MINERAL","UN",22908.78]
[7618,"TRANSFORMADOR TRIFASICO DE DISTRIBUICAO, POTENCIA DE 1500 KVA, TENSAO NOMINAL DE 15 KV, TENSAO SECUNDARIA DE 220/127V, EM OLEO ISOLANTE TIPO MINERAL","UN",148580.69]
[7620,"TRANSFORMADOR TRIFASICO DE DISTRIBUICAO, POTENCIA DE 225 KVA, TENSAO NOMINAL DE 15 KV, TENSAO SECUNDARIA DE 220/127V, EM OLEO ISOLANTE TIPO MINERAL","UN",32137.65]
[7610,"TRANSFORMADOR TRIFASICO DE DISTRIBUICAO, POTENCIA DE 30 KVA, TENSAO NOMINAL DE 15 KV, TENSAO SECUNDARIA DE 220/127V, EM OLEO ISOLANTE TIPO MINERAL","UN",10176.92]
[7615,"TRANSFORMADOR TRIFASICO DE DISTRIBUICAO, POTENCIA DE 300 KVA, TENSAO NOMINAL DE 15 KV, TENSAO SECUNDARIA DE 220/127V, EM OLEO ISOLANTE TIPO MINERAL","UN",37493.919999999998]
[7617,"TRANSFORMADOR TRIFASICO DE DISTRIBUICAO, POTENCIA DE 45 KVA, TENSAO NOMINAL DE 15 KV, TENSAO SECUNDARIA DE 220/127V, EM OLEO ISOLANTE TIPO MINERAL","UN",11367.2]
[7616,"TRANSFORMADOR TRIFASICO DE DISTRIBUICAO, POTENCIA DE 500 KVA, TENSAO NOMINAL DE 15 KV, TENSAO SECUNDARIA DE 220/127V, EM OLEO ISOLANTE TIPO MINERAL","UN",61184.13]
[7611,"TRANSFORMADOR TRIFASICO DE DISTRIBUICAO, POTENCIA DE 75 KVA, TENSAO NOMINAL DE 15 KV, TENSAO SECUNDARIA DE 220/127V, EM OLEO ISOLANTE TIPO MINERAL","UN",14700]
[7612,"TRANSFORMADOR TRIFASICO DE DISTRIBUICAO, POTENCIA DE 750 KVA, TENSAO NOMINAL DE 15 KV, TENSAO SECUNDARIA DE 220/127V, EM OLEO ISOLANTE TIPO MINERAL","UN",83924.5]
[37371,"TRANSPORTE - HORISTA (COLETADO CAIXA - ENCARGOS COMPLEMENTARES)","H",0.86]
[40861,"TRANSPORTE - MENSALISTA (COLETADO CAIXA - ENCARGOS COMPLEMENTARES)","MES",162.4]
[36509,"TRATOR DE ESTEIRAS, POTENCIA 125 HP, PESO OPERACIONAL DE 12,9 T, COM LAMINA COM CAPACIDADE DE 2,7 M3","UN",1122363.23]
[36510,"TRATOR DE ESTEIRAS, POTENCIA BRUTA DE 133 HP, PESO OPERACIONAL DE 14 T, COM LAMINA COM CAPACIDADE DE 3,00 M3","UN",1105357.75]
[25020,"TRATOR DE ESTEIRAS, POTENCIA BRUTA DE 347 HP, PESO OPERACIONAL DE 38,5 T, COM ESCARIFICADOR E LAMINA COM CAPACIDADE DE 4,70M3","UN",4553685.04]
[7622,"TRATOR DE ESTEIRAS, POTENCIA DE 100 HP, PESO OPERACIONAL DE 9,4 T, COM LAMINA COM CAPACIDADE DE 2,19 M3","UN",1072358.57]
[7624,"TRATOR DE ESTEIRAS, POTENCIA DE 150 HP, PESO OPERACIONAL DE 16,7 T, COM RODA MOTRIZ ELEVADA E LAMINA COM CONTATO DE 3,18M3","UN",1390200]
[7625,"TRATOR DE ESTEIRAS, POTENCIA DE 170 HP, PESO OPERACIONAL DE 19 T, COM LAMINA COM CAPACIDADE DE 5,2 M3","UN",1381697.11]
[7623,"TRATOR DE ESTEIRAS, POTENCIA DE 347 HP, PESO OPERACIONAL DE 38,5 T, COM LAMINA COM CAPACIDADE DE 8,70M3","UN",4553685.04]
[36508,"TRATOR DE ESTEIRAS, POTENCIA NO VOLANTE DE 200 HP, PESO OPERACIONAL DE 20,1 T, COM RODA MOTRIZ ELEVADA E LAMINA COM CAPACIDADE DE 3,89 M3","UN",2047972.85]
[13238,"TRATOR DE PNEUS COM POTENCIA DE 105 CV, TRACAO 4 X 4, PESO COM LASTRO DE 5775 KG","UN",341495.3]
[36511,"TRATOR DE PNEUS COM POTENCIA DE 122 CV, TRACAO 4 X 4, PESO COM LASTRO DE 4510 KG","UN",395700.91]
[36515,"TRATOR DE PNEUS COM POTENCIA DE 15 CV, PESO COM LASTRO DE 1160 KG","UN",116542.03]
[10598,"TRATOR DE PNEUS COM POTENCIA DE 50 CV, TRACAO 4 X 2, PESO COM LASTRO DE 2714 KG","UN",188990.53]
[7640,"TRATOR DE PNEUS COM POTENCIA DE 85 CV, TRACAO 4 X 4, PESO COM LASTRO DE 4675 KG","UN",290000]
[36513,"TRATOR DE PNEUS COM POTENCIA DE 85 CV, TURBO, PESO COM LASTRO DE 4900 KG","UN",279362.13]
[36514,"TRATOR DE PNEUS COM POTENCIA DE 95 CV, TRACAO 4 X 4, PESO MAXIMO DE 5225 KG","UN",311682.21999999997]
[11572,"TRAVA / PRENDEDOR DE PORTA, EM LATAO CROMADO, MONTADO EM PISO","UN",32.22]
[36149,"TRAVA-QUEDAS EM ACO PARA CORDA DE 12 MM, EXTENSOR DE 25 X 300 MM, COM MOSQUETAO TIPO GANCHO TRAVA DUPLA","UN",158.03]
[42407,"TRELICA NERVURADA (ESPACADOR), ALTURA = 120,0 MM, DIAMETRO DOS BANZOS INFERIORES E SUPERIOR = 6,0 MM, DIAMETRO DA DIAGONAL = 4,2 MM","M",6.94]
[11581,"TRILHO PANTOGRAFICO CONCAVO, TIPO U, EM ALUMINIO, COM DIMENSOES DE APROX *35 X 35* MM, PARA ROLDANA DE PORTA DE CORRER","M",21.26]
[43605,"TRILHO PANTOGRAFICO RETO, EM ALUMINIO, TIPO U, COM DIMENSOES DE *38 X 38* MM PARA PORTA DE CORRER","M",43.51]
[11580,"TRILHO QUADRADO FRISADO PARA RODIZIO (VERGALHAO MACICO), EM ALUMINIO, COM DIMENSOES DE *6 X 6* MM","M",8.5299999999999994]
[38386,"TRINCHA CERDAS GRIS 1.1/2\" (38 MM)","UN",7.25]
[10743,"TROLEY MANUAL CAPACIDADE 1 T","UN",495.78]
[39848,"TUBO / MANGUEIRA PRETA EM POLIETILENO, LINHA PESADA OU REFORCADA, TIPO ESPAGUETE, PARA INJECAO DE CALDA DE CIMENTO, D = 1/2\", ESPESSURA 1,5 MM","M"]
[7667,"TUBO 26\" EM CHAPA PRETA, E= 3/16\", 147 KG/6 M","M"]
[7660,"TUBO 30\" EM CHAPA PRETA, E= 1/4\", 175 KG/6 M","M"]
[7676,"TUBO 30\" EM CHAPA PRETA, E= 3/8\", 177 KG/6 M","M"]
[20999,"TUBO ACO CARBONO COM COSTURA, NBR 5580, CLASSE L, DN = 15 MM, E = 2,25 MM, 1,06 KG/M","M",12.95]
[21001,"TUBO ACO CARBONO COM COSTURA, NBR 5580, CLASSE L, DN = 25 MM, E = 2,65 MM, 2,02 KG/M","M",24.17]
[21003,"TUBO ACO CARBONO COM COSTURA, NBR 5580, CLASSE L, DN = 40 MM, E = 3,0 MM, 3,34 KG/M","M",39.72]
[21006,"TUBO ACO CARBONO COM COSTURA, NBR 5580, CLASSE L, DN = 80 MM, E = 3,35 MM, 7,07 KG/M","M",84.29]
[21019,"TUBO ACO CARBONO COM COSTURA, NBR 5580, CLASSE M, DN = 25 MM, E = 3,35 MM, *2,50* KG//M","M",29.3]
[21021,"TUBO ACO CARBONO COM COSTURA, NBR 5580, CLASSE M, DN = 40 MM, E = 3,35 MM, *3,71* KG//M","M",46.32]
[21024,"TUBO ACO CARBONO COM COSTURA, NBR 5580, CLASSE M, DN = 80 MM, E = 4,05 MM, *8,47* KG/M","M",99.24]
[40624,"TUBO ACO CARBONO SEM COSTURA 1 1/2\", E= *3,68 MM, SCHEDULE 40, 4,05 KG/M","M"]
[42575,"TUBO ACO CARBONO SEM COSTURA 1 1/4\", E= *3,56 MM, SCHEDULE 40, *3,38* KG/M","M"]
[42574,"TUBO ACO CARBONO SEM COSTURA 1\", E= *3,38 MM, SCHEDULE 40, *2,50* KG/M","M"]
[13127,"TUBO ACO CARBONO SEM COSTURA 1/2\", E= *2,77 MM, SCHEDULE 40, *1,27 KG/M","M"]
[13137,"TUBO ACO CARBONO SEM COSTURA 1/2\", E= *3,73 MM, SCHEDULE 80, *1,62 KG/M","M"]
[20989,"TUBO ACO CARBONO SEM COSTURA 14\", E= *11,13 MM, SCHEDULE 40, *94,55 KG/M","M"]
[21147,"TUBO ACO CARBONO SEM COSTURA 2 1/2\", E = 5,16 MM, SCHEDULE 40 (8,62 KG/M)","M"]
[21148,"TUBO ACO CARBONO SEM COSTURA 2\", E= *3,91* MM, SCHEDULE 40, *5,43* KG/M","M"]
[20984,"TUBO ACO CARBONO SEM COSTURA 20\", E= *12,70 MM, SCHEDULE 30, *154,97 KG/M","M"]
[13042,"TUBO ACO CARBONO SEM COSTURA 20\", E= *6,35 MM, SCHEDULE 10, *78,46 KG/M","M"]
[42576,"TUBO ACO CARBONO SEM COSTURA 3\", E= *5,49 MM, SCHEDULE 40, *11,28* KG/M","M"]
[21150,"TUBO ACO CARBONO SEM COSTURA 3/4\", E= *2,87 MM, SCHEDULE 40, *1,69 KG/M","M"]
[13141,"TUBO ACO CARBONO SEM COSTURA 3/4\", E= *3,91 MM, SCHEDULE 80, *2,19 KG/M.","M"]
[21151,"TUBO ACO CARBONO SEM COSTURA 4\", E= *6,02 MM, SCHEDULE 40, *16,06 KG/M","M"]
[13142,"TUBO ACO CARBONO SEM COSTURA 4\", E= *8,56 MM, SCHEDULE 80, *22,31 KG/M","M"]
[42577,"TUBO ACO CARBONO SEM COSTURA 5\", E= *6,55 MM, SCHEDULE 40, *21,75* KG/M","M"]
[20994,"TUBO ACO CARBONO SEM COSTURA 6\", E= *10,97 MM, SCHEDULE 80, *42,56 KG/M","M"]
[7672,"TUBO ACO CARBONO SEM COSTURA 6\", E= 7,11 MM, SCHEDULE 40, *28,26 KG/M","M"]
[20995,"TUBO ACO CARBONO SEM COSTURA 8\", E= *12,70 MM, SCHEDULE 80, *64,64 KG/M","M"]
[7690,"TUBO ACO CARBONO SEM COSTURA 8\", E= *6,35 MM, SCHEDULE 20, *33,27 KG/M","M"]
[20980,"TUBO ACO CARBONO SEM COSTURA 8\", E= *7,04 MM, SCHEDULE 30, *36,75 KG/M","M"]
[7661,"TUBO ACO CARBONO SEM COSTURA 8\", E= *8,18 MM, SCHEDULE 40, *42,55 KG/M","M"]
[21016,"TUBO ACO GALVANIZADO COM COSTURA, CLASSE LEVE, DN 100 MM (4\"), E = 3,75 MM, *10,55* KG/M (NBR 5580)","M",178.58]
[21008,"TUBO ACO GALVANIZADO COM COSTURA, CLASSE LEVE, DN 15 MM (1/2\"), E = 2,25 MM, *1,2* KG/M (NBR 5580)","M",20.86]
[21009,"TUBO ACO GALVANIZADO COM COSTURA, CLASSE LEVE, DN 20 MM (3/4\"), E = 2,25 MM, *1,3* KG/M (NBR 5580)","M",27.16]
[21010,"TUBO ACO GALVANIZADO COM COSTURA, CLASSE LEVE, DN 25 MM (1\"), E = 2,65 MM, *2,11* KG/M (NBR 5580)","M",36.47]
[21011,"TUBO ACO GALVANIZADO COM COSTURA, CLASSE LEVE, DN 32 MM (1 1/4\"), E = 2,65 MM, *2,71* KG/M (NBR 5580)","M",53.15]
[21012,"TUBO ACO GALVANIZADO COM COSTURA, CLASSE LEVE, DN 40 MM (1 1/2\"), E = 3,00 MM, *3,48* KG/M (NBR 5580)","M",58.74]
[21013,"TUBO ACO GALVANIZADO COM COSTURA, CLASSE LEVE, DN 50 MM (2\"), E = 3,00 MM, *4,40* KG/M (NBR 5580)","M",76.650000000000006]
[21014,"TUBO ACO GALVANIZADO COM COSTURA, CLASSE LEVE, DN 65 MM (2 1/2\"), E = 3,35 MM, * 6,23* KG/M (NBR 5580)","M",107.25]
[21015,"TUBO ACO GALVANIZADO COM COSTURA, CLASSE LEVE, DN 80 MM (3\"), E = 3,35 MM, *7,32* KG/M (NBR 5580)","M",123.22]
[40626,"TUBO ACO GALVANIZADO COM COSTURA, CLASSE MEDIA, DN 1\", E = 3,38 MM, PESO 2,50 KG/M (NBR 5580)","M",40.130000000000003]
[7697,"TUBO ACO GALVANIZADO COM COSTURA, CLASSE MEDIA, DN 1.1/2\", E = *3,25* MM, PESO *3,61* KG/M (NBR 5580)","M",58.8]
[7698,"TUBO ACO GALVANIZADO COM COSTURA, CLASSE MEDIA, DN 1.1/4\", E = *3,25* MM, PESO *3,14* KG/M (NBR 5580)","M",50.61]
[7691,"TUBO ACO GALVANIZADO COM COSTURA, CLASSE MEDIA, DN 1/2\", E = *2,65* MM, PESO *1,22* KG/M (NBR 5580)","M",21.38]
[7696,"TUBO ACO GALVANIZADO COM COSTURA, CLASSE MEDIA, DN 2\", E = *3,65* MM, PESO *5,10* KG/M (NBR 5580)","M",84.79]
[7701,"TUBO ACO GALVANIZADO COM COSTURA, CLASSE MEDIA, DN 2.1/2\", E = *3,65* MM, PESO *6,51* KG/M (NBR 5580)","M",105.22]
[7694,"TUBO ACO GALVANIZADO COM COSTURA, CLASSE MEDIA, DN 3\", E = *4,05* MM, PESO *8,47* KG/M (NBR 5580)","M",141.59]
[7700,"TUBO ACO GALVANIZADO COM COSTURA, CLASSE MEDIA, DN 3/4\", E = *2,65* MM, PESO *1,58* KG/M (NBR 5580)","M",27.05]
[7693,"TUBO ACO GALVANIZADO COM COSTURA, CLASSE MEDIA, DN 4\", E = 4,50* MM, PESO 12,10* KG/M (NBR 5580)","M",195.01]
[7692,"TUBO ACO GALVANIZADO COM COSTURA, CLASSE MEDIA, DN 5\", E = *5,40* MM, PESO *17,80* KG/M (NBR 5580)","M",291.95999999999998]
[7695,"TUBO ACO GALVANIZADO COM COSTURA, CLASSE MEDIA, DN 6\", E = 4,85* MM, PESO 19,68* KG/M (NBR 5580)","M",316.64]
[13356,"TUBO ACO INDUSTRIAL DN 2\" (50,8 MM) E=1,50MM, PESO= 1,8237 KG/M","M",22.96]
[36365,"TUBO COLETOR DE ESGOTO PVC, JEI, DN 100 MM (NBR  7362)","M",39.909999999999997]
[41930,"TUBO COLETOR DE ESGOTO PVC, JEI, DN 200 MM (NBR 7362)","M",132.94]
[41931,"TUBO COLETOR DE ESGOTO PVC, JEI, DN 250 MM (NBR 7362)","M",208.21]
[41932,"TUBO COLETOR DE ESGOTO PVC, JEI, DN 300 MM (NBR 7362)","M",320.48]
[41933,"TUBO COLETOR DE ESGOTO PVC, JEI, DN 350 MM (NBR 7362)","M",452.91]
[41934,"TUBO COLETOR DE ESGOTO PVC, JEI, DN 400 MM (NBR 7362)","M",527.46]
[41936,"TUBO COLETOR DE ESGOTO, PVC, JEI, DN 150 MM (NBR 7362)","M",78.28]
[44812,"TUBO CORRUGADO PEAD, PAREDE DUPLA, INTERNA LISA, JEI DN/DI 500 MM (DRENAGEM/ESGOTO)","M",415.55]
[41785,"TUBO CORRUGADO PEAD, PAREDE DUPLA, INTERNA LISA, JEI, DN/DI *1000* MM, PARA SANEAMENTO (DRENAGEM/ESGOTO)","M",1539.99]
[41781,"TUBO CORRUGADO PEAD, PAREDE DUPLA, INTERNA LISA, JEI, DN/DI *400* MM, PARA SANEAMENTO (DRENAGEM/ESGOTO)","M",278.07]
[41783,"TUBO CORRUGADO PEAD, PAREDE DUPLA, INTERNA LISA, JEI, DN/DI *800* MM, PARA SANEAMENTO (DRENAGEM/ESGOTO)","M",999.68]
[41786,"TUBO CORRUGADO PEAD, PAREDE DUPLA, INTERNA LISA, JEI, DN/DI 1200 MM, PARA SANEAMENTO (DRENAGEM/ESGOTO)","M",2128.36]
[41779,"TUBO CORRUGADO PEAD, PAREDE DUPLA, INTERNA LISA, JEI, DN/DI 250 MM, PARA SANEAMENTO (DRENAGEM/ESGOTO)","M",109.51]
[41780,"TUBO CORRUGADO PEAD, PAREDE DUPLA, INTERNA LISA, JEI, DN/DI 300 MM, PARA SANEAMENTO (DRENAGEM/ESGOTO)","M",171.57]
[41782,"TUBO CORRUGADO PEAD, PAREDE DUPLA, INTERNA LISA, JEI, DN/DI 600 MM, PARA SANEAMENTO (DRENAGEM/ESGOTO)","M",614.61]
[38130,"TUBO CPVC SOLDAVEL, 35 MM, AGUA QUENTE PREDIAL (NBR 15884)","M",43.19]
[44260,"TUBO CPVC, SOLDAVEL, 114 MM, AGUA QUENTE (NBR 15884)","M",408.81]
[21123,"TUBO CPVC, SOLDAVEL, 15 MM, AGUA QUENTE PREDIAL (NBR 15884)","M",12.02]
[21124,"TUBO CPVC, SOLDAVEL, 22 MM, AGUA QUENTE PREDIAL (NBR 15884)","M",19.2]
[21125,"TUBO CPVC, SOLDAVEL, 28 MM, AGUA QUENTE PREDIAL (NBR 15884)","M",33.07]
[38028,"TUBO CPVC, SOLDAVEL, 42 MM, AGUA QUENTE PREDIAL (NBR 15884)","M",57.82]
[38029,"TUBO CPVC, SOLDAVEL, 54 MM, AGUA QUENTE PREDIAL (NBR 15884)","M",84.63]
[38030,"TUBO CPVC, SOLDAVEL, 73 MM, AGUA QUENTE PREDIAL (NBR 15884)","M",136.85]
[38031,"TUBO CPVC, SOLDAVEL, 89 MM, AGUA QUENTE PREDIAL (NBR 15884)","M",214.8]
[39735,"TUBO DE BORRACHA ELASTOMERICA FLEXIVEL, PRETA, PARA ISOLAMENTO TERMICO DE TUBULACAO, DN 1 1/8\" (28 MM), E= 32 MM, COEFICIENTE DE CONDUTIVIDADE TERMICA 0,036W/MK, VAPOR DE AGUA MAIOR OU IGUAL A 10.000","M",73.25]
[39734,"TUBO DE BORRACHA ELASTOMERICA FLEXIVEL, PRETA, PARA ISOLAMENTO TERMICO DE TUBULACAO, DN 1 3/8\" (35 MM), E= 32 MM, COEFICIENTE DE CONDUTIVIDADE TERMICA 0,036W/MK, VAPOR DE AGUA MAIOR OU IGUAL A 10.000","M",86.89]
[39736,"TUBO DE BORRACHA ELASTOMERICA FLEXIVEL, PRETA, PARA ISOLAMENTO TERMICO DE TUBULACAO, DN 1 5/8\" (42 MM), E= 32 MM, COEFICIENTE DE CONDUTIVIDADE TERMICA 0,036W/MK, VAPOR DE AGUA MAIOR OU IGUAL A 10.000","M",99.16]
[39739,"TUBO DE BORRACHA ELASTOMERICA FLEXIVEL, PRETA, PARA ISOLAMENTO TERMICO DE TUBULACAO, DN 1\" (25 MM), E= 32 MM, COEFICIENTE DE CONDUTIVIDADE TERMICA 0,036W/MK, VAPOR DE AGUA MAIOR OU IGUAL A 10.000","M",68.569999999999993]
[39737,"TUBO DE BORRACHA ELASTOMERICA FLEXIVEL, PRETA, PARA ISOLAMENTO TERMICO DE TUBULACAO, DN 1/2\" (12 MM), E= 19 MM, COEFICIENTE DE CONDUTIVIDADE TERMICA 0,036W/MK, VAPOR DE AGUA MAIOR OU IGUAL A 10.000","M",13.34]
[39738,"TUBO DE BORRACHA ELASTOMERICA FLEXIVEL, PRETA, PARA ISOLAMENTO TERMICO DE TUBULACAO, DN 1/4\" (6 MM), E= 9 MM, COEFICIENTE DE CONDUTIVIDADE TERMICA 0,036W/MK, VAPOR DE AGUA MAIOR OU IGUAL A 10.000","M",4.82]
[39733,"TUBO DE BORRACHA ELASTOMERICA FLEXIVEL, PRETA, PARA ISOLAMENTO TERMICO DE TUBULACAO, DN 2 1/8\" (54 MM), E= 32 MM, COEFICIENTE DE CONDUTIVIDADE TERMICA 0,036W/MK, VAPOR DE AGUA MAIOR OU IGUAL A 10.000","M",118.67]
[39854,"TUBO DE BORRACHA ELASTOMERICA FLEXIVEL, PRETA, PARA ISOLAMENTO TERMICO DE TUBULACAO, DN 2 5/8\" (*64* MM), E= *32* MM, COEFICIENTE DE CONDUTIVIDADE TERMICA 0,036W/MK, VAPOR DE AGUA MAIOR OU IGUAL A 10.000","M",120.35]
[39740,"TUBO DE BORRACHA ELASTOMERICA FLEXIVEL, PRETA, PARA ISOLAMENTO TERMICO DE TUBULACAO, DN 3/4\" (18 MM), E= 32 MM, COEFICIENTE DE CONDUTIVIDADE TERMICA 0,036W/MK, VAPOR DE AGUA MAIOR OU IGUAL A 10.000","M",65.849999999999994]
[39741,"TUBO DE BORRACHA ELASTOMERICA FLEXIVEL, PRETA, PARA ISOLAMENTO TERMICO DE TUBULACAO, DN 3/8\" (10 MM), E= 19 MM, COEFICIENTE DE CONDUTIVIDADE TERMICA 0,036W/MK, VAPOR DE AGUA MAIOR OU IGUAL A 10.000","M",12.13]
[39853,"TUBO DE BORRACHA ELASTOMERICA FLEXIVEL, PRETA, PARA ISOLAMENTO TERMICO DE TUBULACAO, DN 5/8\" (15 MM), E= 19 MM, COEFICIENTE DE CONDUTIVIDADE TERMICA 0,036W/MK, VAPOR DE AGUA MAIOR OU IGUAL A 10.000","M",15.94]
[39742,"TUBO DE BORRACHA ELASTOMERICA FLEXIVEL, PRETA, PARA ISOLAMENTO TERMICO DE TUBULACAO, DN 7/8\" (22 MM), E= 32 MM, COEFICIENTE DE CONDUTIVIDADE TERMICA 0,036W/MK, VAPOR DE AGUA MAIOR OU IGUAL A 10.000","M",52.93]
[39751,"TUBO DE COBRE CLASSE \"A\", DN = 1 1/2\" (42 MM), PARA INSTALACOES DE MEDIA PRESSAO PARA GASES COMBUSTIVEIS E MEDICINAIS","M"]
[39750,"TUBO DE COBRE CLASSE \"A\", DN = 1 1/4\" (35 MM), PARA INSTALACOES DE MEDIA PRESSAO PARA GASES COMBUSTIVEIS E MEDICINAIS","M"]
[39749,"TUBO DE COBRE CLASSE \"A\", DN = 1\" (28 MM), PARA INSTALACOES DE MEDIA PRESSAO PARA GASES COMBUSTIVEIS E MEDICINAIS","M"]
[39747,"TUBO DE COBRE CLASSE \"A\", DN = 1/2\" (15 MM), PARA INSTALACOES DE MEDIA PRESSAO PARA GASES COMBUSTIVEIS E MEDICINAIS","M"]
[39753,"TUBO DE COBRE CLASSE \"A\", DN = 2 1/2\" (66 MM), PARA INSTALACOES DE MEDIA PRESSAO PARA GASES COMBUSTIVEIS E MEDICINAIS","M"]
[39752,"TUBO DE COBRE CLASSE \"A\", DN = 2\" (54 MM), PARA INSTALACOES DE MEDIA PRESSAO PARA GASES COMBUSTIVEIS E MEDICINAIS","M"]
[39754,"TUBO DE COBRE CLASSE \"A\", DN = 3\" (79 MM), PARA INSTALACOES DE MEDIA PRESSAO PARA GASES COMBUSTIVEIS E MEDICINAIS","M"]
[39748,"TUBO DE COBRE CLASSE \"A\", DN = 3/4\" (22 MM), PARA INSTALACOES DE MEDIA PRESSAO PARA GASES COMBUSTIVEIS E MEDICINAIS","M"]
[39755,"TUBO DE COBRE CLASSE \"A\", DN = 4\" (104 MM), PARA INSTALACOES DE MEDIA PRESSAO PARA GASES COMBUSTIVEIS E MEDICINAIS","M"]
[12742,"TUBO DE COBRE CLASSE \"E\", DN = 104 MM, PARA INSTALACAO HIDRAULICA PREDIAL","M"]
[12713,"TUBO DE COBRE CLASSE \"E\", DN = 15 MM, PARA INSTALACAO HIDRAULICA PREDIAL","M"]
[12743,"TUBO DE COBRE CLASSE \"E\", DN = 22 MM, PARA INSTALACAO HIDRAULICA PREDIAL","M"]
[12744,"TUBO DE COBRE CLASSE \"E\", DN = 28 MM, PARA INSTALACAO HIDRAULICA PREDIAL","M"]
[12745,"TUBO DE COBRE CLASSE \"E\", DN = 35 MM, PARA INSTALACAO HIDRAULICA PREDIAL","M"]
[12746,"TUBO DE COBRE CLASSE \"E\", DN = 42 MM, PARA INSTALACAO HIDRAULICA PREDIAL","M"]
[12747,"TUBO DE COBRE CLASSE \"E\", DN = 54 MM, PARA INSTALACAO HIDRAULICA PREDIAL","M"]
[12748,"TUBO DE COBRE CLASSE \"E\", DN = 66 MM, PARA INSTALACAO HIDRAULICA PREDIAL","M"]
[12749,"TUBO DE COBRE CLASSE \"E\", DN = 79 MM, PARA INSTALACAO HIDRAULICA PREDIAL","M"]
[39660,"TUBO DE COBRE FLEXIVEL, D = 1/2 \", E = 0,79 MM, PARA AR-CONDICIONADO/ INSTALACOES GAS RESIDENCIAIS E COMERCIAIS","M"]
[39662,"TUBO DE COBRE FLEXIVEL, D = 1/4 \", E = 0,79 MM, PARA AR-CONDICIONADO/ INSTALACOES GAS RESIDENCIAIS E COMERCIAIS","M"]
[39661,"TUBO DE COBRE FLEXIVEL, D = 3/16 \", E = 0,79 MM, PARA AR-CONDICIONADO/ INSTALACOES GAS RESIDENCIAIS E COMERCIAIS","M"]
[39666,"TUBO DE COBRE FLEXIVEL, D = 3/4 \", E = 0,79 MM, PARA AR-CONDICIONADO/ INSTALACOES GAS RESIDENCIAIS E COMERCIAIS","M"]
[39664,"TUBO DE COBRE FLEXIVEL, D = 3/8 \", E = 0,79 MM, PARA AR-CONDICIONADO/ INSTALACOES GAS RESIDENCIAIS E COMERCIAIS","M"]
[39663,"TUBO DE COBRE FLEXIVEL, D = 5/16 \", E = 0,79 MM, PARA AR-CONDICIONADO/ INSTALACOES GAS RESIDENCIAIS E COMERCIAIS","M"]
[39665,"TUBO DE COBRE FLEXIVEL, D = 5/8 \", E = 0,79 MM, PARA AR-CONDICIONADO/ INSTALACOES GAS RESIDENCIAIS E COMERCIAIS","M"]
[7753,"TUBO DE CONCRETO ARMADO PARA AGUAS PLUVIAIS, CLASSE PA-1, COM ENCAIXE PONTA E BOLSA, DIAMETRO NOMINAL DE 1000 MM","M",397.71]
[13256,"TUBO DE CONCRETO ARMADO PARA AGUAS PLUVIAIS, CLASSE PA-1, COM ENCAIXE PONTA E BOLSA, DIAMETRO NOMINAL DE 1100 MM","M",557.14]
[7757,"TUBO DE CONCRETO ARMADO PARA AGUAS PLUVIAIS, CLASSE PA-1, COM ENCAIXE PONTA E BOLSA, DIAMETRO NOMINAL DE 1200 MM","M",593.99]
[7758,"TUBO DE CONCRETO ARMADO PARA AGUAS PLUVIAIS, CLASSE PA-1, COM ENCAIXE PONTA E BOLSA, DIAMETRO NOMINAL DE 1500 MM","M",860.57]
[7759,"TUBO DE CONCRETO ARMADO PARA AGUAS PLUVIAIS, CLASSE PA-1, COM ENCAIXE PONTA E BOLSA, DIAMETRO NOMINAL DE 2000 MM","M",2384.64]
[40334,"TUBO DE CONCRETO ARMADO PARA AGUAS PLUVIAIS, CLASSE PA-1, COM ENCAIXE PONTA E BOLSA, DIAMETRO NOMINAL DE 300 MM","M",93.42]
[7745,"TUBO DE CONCRETO ARMADO PARA AGUAS PLUVIAIS, CLASSE PA-1, COM ENCAIXE PONTA E BOLSA, DIAMETRO NOMINAL DE 400 MM","M",105.42]
[7742,"TUBO DE CONCRETO ARMADO PARA AGUAS PLUVIAIS, CLASSE PA-1, COM ENCAIXE PONTA E BOLSA, DIAMETRO NOMINAL DE 700 MM","M",278.05]
[7750,"TUBO DE CONCRETO ARMADO PARA AGUAS PLUVIAIS, CLASSE PA-1, COM ENCAIXE PONTA E BOLSA, DIAMETRO NOMINAL DE 800 MM","M",339.42]
[7756,"TUBO DE CONCRETO ARMADO PARA AGUAS PLUVIAIS, CLASSE PA-1, COM ENCAIXE PONTA E BOLSA, DIAMETRO NOMINAL DE 900 MM","M",389.99]
[7725,"TUBO DE CONCRETO ARMADO PARA AGUAS PLUVIAIS, CLASSE PA-1, COM ENCAIXE PONTA E BOLSA, DIAMETRO NOMINAL DE = 600 MM","M",204]
[7765,"TUBO DE CONCRETO ARMADO PARA AGUAS PLUVIAIS, CLASSE PA-2, COM ENCAIXE PONTA E BOLSA, DIAMETRO NOMINAL DE 1000 MM","M",437.14]
[12569,"TUBO DE CONCRETO ARMADO PARA AGUAS PLUVIAIS, CLASSE PA-2, COM ENCAIXE PONTA E BOLSA, DIAMETRO NOMINAL DE 1100 MM","M",603.41999999999996]
[7766,"TUBO DE CONCRETO ARMADO PARA AGUAS PLUVIAIS, CLASSE PA-2, COM ENCAIXE PONTA E BOLSA, DIAMETRO NOMINAL DE 1200 MM","M",641.14]
[7767,"TUBO DE CONCRETO ARMADO PARA AGUAS PLUVIAIS, CLASSE PA-2, COM ENCAIXE PONTA E BOLSA, DIAMETRO NOMINAL DE 1500 MM","M",920.57]
[7727,"TUBO DE CONCRETO ARMADO PARA AGUAS PLUVIAIS, CLASSE PA-2, COM ENCAIXE PONTA E BOLSA, DIAMETRO NOMINAL DE 2000 MM","M",2674.28]
[7760,"TUBO DE CONCRETO ARMADO PARA AGUAS PLUVIAIS, CLASSE PA-2, COM ENCAIXE PONTA E BOLSA, DIAMETRO NOMINAL DE 300 MM","M",106.28]
[7761,"TUBO DE CONCRETO ARMADO PARA AGUAS PLUVIAIS, CLASSE PA-2, COM ENCAIXE PONTA E BOLSA, DIAMETRO NOMINAL DE 400 MM","M",111.42]
[7752,"TUBO DE CONCRETO ARMADO PARA AGUAS PLUVIAIS, CLASSE PA-2, COM ENCAIXE PONTA E BOLSA, DIAMETRO NOMINAL DE 500 MM","M",135.41999999999999]
[7762,"TUBO DE CONCRETO ARMADO PARA AGUAS PLUVIAIS, CLASSE PA-2, COM ENCAIXE PONTA E BOLSA, DIAMETRO NOMINAL DE 600 MM","M",177]
[7722,"TUBO DE CONCRETO ARMADO PARA AGUAS PLUVIAIS, CLASSE PA-2, COM ENCAIXE PONTA E BOLSA, DIAMETRO NOMINAL DE 700 MM","M",270.85000000000002]
[7763,"TUBO DE CONCRETO ARMADO PARA AGUAS PLUVIAIS, CLASSE PA-2, COM ENCAIXE PONTA E BOLSA, DIAMETRO NOMINAL DE 800 MM","M",330]
[7764,"TUBO DE CONCRETO ARMADO PARA AGUAS PLUVIAIS, CLASSE PA-2, COM ENCAIXE PONTA E BOLSA, DIAMETRO NOMINAL DE 900 MM","M",394.28]
[12572,"TUBO DE CONCRETO ARMADO PARA AGUAS PLUVIAIS, CLASSE PA-3, COM ENCAIXE PONTA E BOLSA, DIAMETRO NOMINAL DE 1000 MM","M",557.14]
[12573,"TUBO DE CONCRETO ARMADO PARA AGUAS PLUVIAIS, CLASSE PA-3, COM ENCAIXE PONTA E BOLSA, DIAMETRO NOMINAL DE 1100 MM","M",732.85]
[12574,"TUBO DE CONCRETO ARMADO PARA AGUAS PLUVIAIS, CLASSE PA-3, COM ENCAIXE PONTA E BOLSA, DIAMETRO NOMINAL DE 1200 MM","M",886.11]
[12575,"TUBO DE CONCRETO ARMADO PARA AGUAS PLUVIAIS, CLASSE PA-3, COM ENCAIXE PONTA E BOLSA, DIAMETRO NOMINAL DE 1500 MM","M",1345.71]
[12576,"TUBO DE CONCRETO ARMADO PARA AGUAS PLUVIAIS, CLASSE PA-3, COM ENCAIXE PONTA E BOLSA, DIAMETRO NOMINAL DE 400 MM","M",162.85]
[12577,"TUBO DE CONCRETO ARMADO PARA AGUAS PLUVIAIS, CLASSE PA-3, COM ENCAIXE PONTA E BOLSA, DIAMETRO NOMINAL DE 500 MM","M",219.42]
[12578,"TUBO DE CONCRETO ARMADO PARA AGUAS PLUVIAIS, CLASSE PA-3, COM ENCAIXE PONTA E BOLSA, DIAMETRO NOMINAL DE 600 MM","M",265.70999999999998]
[12579,"TUBO DE CONCRETO ARMADO PARA AGUAS PLUVIAIS, CLASSE PA-3, COM ENCAIXE PONTA E BOLSA, DIAMETRO NOMINAL DE 700 MM","M",457.71]
[12580,"TUBO DE CONCRETO ARMADO PARA AGUAS PLUVIAIS, CLASSE PA-3, COM ENCAIXE PONTA E BOLSA, DIAMETRO NOMINAL DE 800 MM","M",476.91]
[12581,"TUBO DE CONCRETO ARMADO PARA AGUAS PLUVIAIS, CLASSE PA-3, COM ENCAIXE PONTA E BOLSA, DIAMETRO NOMINAL DE 900 MM","M",510.85]
[7720,"TUBO DE CONCRETO ARMADO PARA ESGOTO SANITARIO, CLASSE EA-2, COM ENCAIXE PONTA E BOLSA, COM JUNTA ELASTICA, DIAMETRO NOMINAL DE 1000 MM","M",798.85]
[40335,"TUBO DE CONCRETO ARMADO PARA ESGOTO SANITARIO, CLASSE EA-2, COM ENCAIXE PONTA E BOLSA, COM JUNTA ELASTICA, DIAMETRO NOMINAL DE 300 MM","M",167.14]
[7740,"TUBO DE CONCRETO ARMADO PARA ESGOTO SANITARIO, CLASSE EA-2, COM ENCAIXE PONTA E BOLSA, COM JUNTA ELASTICA, DIAMETRO NOMINAL DE 400 MM","M",171.42]
[7741,"TUBO DE CONCRETO ARMADO PARA ESGOTO SANITARIO, CLASSE EA-2, COM ENCAIXE PONTA E BOLSA, COM JUNTA ELASTICA, DIAMETRO NOMINAL DE 500 MM","M",317.14]
[7774,"TUBO DE CONCRETO ARMADO PARA ESGOTO SANITARIO, CLASSE EA-2, COM ENCAIXE PONTA E BOLSA, COM JUNTA ELASTICA, DIAMETRO NOMINAL DE 600 MM","M",389.14]
[7744,"TUBO DE CONCRETO ARMADO PARA ESGOTO SANITARIO, CLASSE EA-2, COM ENCAIXE PONTA E BOLSA, COM JUNTA ELASTICA, DIAMETRO NOMINAL DE 700 MM","M",508.28]
[7773,"TUBO DE CONCRETO ARMADO PARA ESGOTO SANITARIO, CLASSE EA-2, COM ENCAIXE PONTA E BOLSA, COM JUNTA ELASTICA, DIAMETRO NOMINAL DE 800 MM","M",519.51]
[7754,"TUBO DE CONCRETO ARMADO PARA ESGOTO SANITARIO, CLASSE EA-2, COM ENCAIXE PONTA E BOLSA, COM JUNTA ELASTICA, DIAMETRO NOMINAL DE 900 MM","M",787.71]
[7735,"TUBO DE CONCRETO ARMADO PARA ESGOTO SANITARIO, CLASSE EA-3, COM ENCAIXE PONTA E BOLSA, COM JUNTA ELASTICA, DIAMETRO NOMINAL DE 1000 MM","M",1020]
[7755,"TUBO DE CONCRETO ARMADO PARA ESGOTO SANITARIO, CLASSE EA-3, COM ENCAIXE PONTA E BOLSA, COM JUNTA ELASTICA, DIAMETRO NOMINAL DE 400 MM","M",202.28]
[7776,"TUBO DE CONCRETO ARMADO PARA ESGOTO SANITARIO, CLASSE EA-3, COM ENCAIXE PONTA E BOLSA, COM JUNTA ELASTICA, DIAMETRO NOMINAL DE 500 MM","M",421.71]
[7743,"TUBO DE CONCRETO ARMADO PARA ESGOTO SANITARIO, CLASSE EA-3, COM ENCAIXE PONTA E BOLSA, COM JUNTA ELASTICA, DIAMETRO NOMINAL DE 600 MM","M",446.57]
[7733,"TUBO DE CONCRETO ARMADO PARA ESGOTO SANITARIO, CLASSE EA-3, COM ENCAIXE PONTA E BOLSA, COM JUNTA ELASTICA, DIAMETRO NOMINAL DE 700 MM","M",582.85]
[7775,"TUBO DE CONCRETO ARMADO PARA ESGOTO SANITARIO, CLASSE EA-3, COM ENCAIXE PONTA E BOLSA, COM JUNTA ELASTICA, DIAMETRO NOMINAL DE 800 MM","M",638.57000000000005]
[7734,"TUBO DE CONCRETO ARMADO PARA ESGOTO SANITARIO, CLASSE EA-3, COM ENCAIXE PONTA E BOLSA, COM JUNTA ELASTICA, DIAMETRO NOMINAL DE 900 MM","M",904.28]
[7714,"TUBO DE CONCRETO ARMADO, PRE MOLDADO PARA AGUAS PLUVIAIS, CLASSE PA-1, COM ENCAIXE PONTA E BOLSA, DIAMETRO NOMINAL DE 500 MM","M",126]
[37449,"TUBO DE CONCRETO SIMPLES PARA AGUAS PLUVIAIS, CLASSE PS1, COM ENCAIXE MACHO E FEMEA, DIAMETRO NOMINAL DE 200 MM","M",55]
[37450,"TUBO DE CONCRETO SIMPLES PARA AGUAS PLUVIAIS, CLASSE PS1, COM ENCAIXE MACHO E FEMEA, DIAMETRO NOMINAL DE 300 MM","M",76.989999999999995]
[37451,"TUBO DE CONCRETO SIMPLES PARA AGUAS PLUVIAIS, CLASSE PS1, COM ENCAIXE MACHO E FEMEA, DIAMETRO NOMINAL DE 400 MM","M",107.5]
[37452,"TUBO DE CONCRETO SIMPLES PARA AGUAS PLUVIAIS, CLASSE PS1, COM ENCAIXE MACHO E FEMEA, DIAMETRO NOMINAL DE 500 MM","M",156.25]
[37453,"TUBO DE CONCRETO SIMPLES PARA AGUAS PLUVIAIS, CLASSE PS1, COM ENCAIXE MACHO E FEMEA, DIAMETRO NOMINAL DE 600 MM","M",179.93]
[7778,"TUBO DE CONCRETO SIMPLES PARA AGUAS PLUVIAIS, CLASSE PS1, COM ENCAIXE PONTA E BOLSA, DIAMETRO NOMINAL DE 200 MM","M",67.489999999999995]
[7796,"TUBO DE CONCRETO SIMPLES PARA AGUAS PLUVIAIS, CLASSE PS1, COM ENCAIXE PONTA E BOLSA, DIAMETRO NOMINAL DE 300 MM","M",92.5]
[7781,"TUBO DE CONCRETO SIMPLES PARA AGUAS PLUVIAIS, CLASSE PS1, COM ENCAIXE PONTA E BOLSA, DIAMETRO NOMINAL DE 400 MM","M",109.31]
[7795,"TUBO DE CONCRETO SIMPLES PARA AGUAS PLUVIAIS, CLASSE PS1, COM ENCAIXE PONTA E BOLSA, DIAMETRO NOMINAL DE 500 MM","M",162.68]
[7791,"TUBO DE CONCRETO SIMPLES PARA AGUAS PLUVIAIS, CLASSE PS1, COM ENCAIXE PONTA E BOLSA, DIAMETRO NOMINAL DE 600 MM","M",194.74]
[7783,"TUBO DE CONCRETO SIMPLES PARA AGUAS PLUVIAIS, CLASSE PS2, COM ENCAIXE PONTA E BOLSA, DIAMETRO NOMINAL DE 200 MM","M",69.010000000000005]
[7790,"TUBO DE CONCRETO SIMPLES PARA AGUAS PLUVIAIS, CLASSE PS2, COM ENCAIXE PONTA E BOLSA, DIAMETRO NOMINAL DE 300 MM","M",108.75]
[7785,"TUBO DE CONCRETO SIMPLES PARA AGUAS PLUVIAIS, CLASSE PS2, COM ENCAIXE PONTA E BOLSA, DIAMETRO NOMINAL DE 400 MM","M",120]
[7792,"TUBO DE CONCRETO SIMPLES PARA AGUAS PLUVIAIS, CLASSE PS2, COM ENCAIXE PONTA E BOLSA, DIAMETRO NOMINAL DE 500 MM","M",170.18]
[7793,"TUBO DE CONCRETO SIMPLES PARA AGUAS PLUVIAIS, CLASSE PS2, COM ENCAIXE PONTA E BOLSA, DIAMETRO NOMINAL DE 600 MM","M",201]
[13159,"TUBO DE CONCRETO SIMPLES PARA ESGOTO SANITARIO, CLASSE ES, COM ENCAIXE PONTA E BOLSA, COM JUNTA ELASTICA, DIAMETRO NOMINAL DE 400 MM","M",175]
[13168,"TUBO DE CONCRETO SIMPLES PARA ESGOTO SANITARIO, CLASSE ES, COM ENCAIXE PONTA E BOLSA, COM JUNTA ELASTICA, DIAMETRO NOMINAL DE 500 MM","M",212.5]
[13173,"TUBO DE CONCRETO SIMPLES PARA ESGOTO SANITARIO, CLASSE ES, COM ENCAIXE PONTA E BOLSA, COM JUNTA ELASTICA, DIAMETRO NOMINAL DE 600 MM","M",287.49]
[12583,"TUBO DE CONCRETO SIMPLES POROSO PARA DRENAGEM (DRENO POROSO), COM ENCAIXE MACHO E FEMEA, DIAMETRO NOMINAL DE 200 MM","M",57.49]
[12584,"TUBO DE CONCRETO SIMPLES POROSO PARA DRENAGEM (DRENO POROSO), COM ENCAIXE MACHO E FEMEA, DIAMETRO NOMINAL DE 300 MM","M",74.989999999999995]
[12613,"TUBO DE DESCARGA, TIPO BENGALA, PARA LIGACAO CAIXA DE DESCARGA - EMBUTIR, PVC, 40 MM X 150 CM","UN",18.059999999999999]
[1031,"TUBO DE DESCIDA EXTERNO, DE PVC, PARA CAIXA DE DESCARGA EXTERNA ALTA - DIAMETRO DE 40 MM E ALTURA DE APROXIMADAMENTE 1,55 M","UN",14.82]
[39707,"TUBO DE ESPUMA DE POLIETILENO EXPANDIDO FLEXIVEL PARA ISOLAMENTO TERMICO DE TUBULACAO DE AR CONDICIONADO, AGUA QUENTE, DN 1 1/2\", E= 10 MM","M",5.85]
[39708,"TUBO DE ESPUMA DE POLIETILENO EXPANDIDO FLEXIVEL PARA ISOLAMENTO TERMICO DE TUBULACAO DE AR CONDICIONADO, AGUA QUENTE, DN 1 1/4\", E= 10 MM","M",5.67]
[39710,"TUBO DE ESPUMA DE POLIETILENO EXPANDIDO FLEXIVEL PARA ISOLAMENTO TERMICO DE TUBULACAO DE AR CONDICIONADO, AGUA QUENTE, DN 1 1/8\", E= 10 MM","M",3.99]
[39709,"TUBO DE ESPUMA DE POLIETILENO EXPANDIDO FLEXIVEL PARA ISOLAMENTO TERMICO DE TUBULACAO DE AR CONDICIONADO, AGUA QUENTE, DN 1 3/8\", E= 10 MM","M",5.54]
[39711,"TUBO DE ESPUMA DE POLIETILENO EXPANDIDO FLEXIVEL PARA ISOLAMENTO TERMICO DE TUBULACAO DE AR CONDICIONADO, AGUA QUENTE, DN 1 5/8\", E= 10 MM","M",6.22]
[39714,"TUBO DE ESPUMA DE POLIETILENO EXPANDIDO FLEXIVEL PARA ISOLAMENTO TERMICO DE TUBULACAO DE AR CONDICIONADO, AGUA QUENTE, DN 1\", E= 10 MM","M",3.95]
[39712,"TUBO DE ESPUMA DE POLIETILENO EXPANDIDO FLEXIVEL PARA ISOLAMENTO TERMICO DE TUBULACAO DE AR CONDICIONADO, AGUA QUENTE, DN 1/2\", E= 10 MM","M",2.1800000000000002]
[39713,"TUBO DE ESPUMA DE POLIETILENO EXPANDIDO FLEXIVEL PARA ISOLAMENTO TERMICO DE TUBULACAO DE AR CONDICIONADO, AGUA QUENTE, DN 1/4\", E= 10 MM","M",1.72]
[39715,"TUBO DE ESPUMA DE POLIETILENO EXPANDIDO FLEXIVEL PARA ISOLAMENTO TERMICO DE TUBULACAO DE AR CONDICIONADO, AGUA QUENTE, DN 3/4\", E= 10 MM","M",2.81]
[39716,"TUBO DE ESPUMA DE POLIETILENO EXPANDIDO FLEXIVEL PARA ISOLAMENTO TERMICO DE TUBULACAO DE AR CONDICIONADO, AGUA QUENTE, DN 3/8\", E= 10 MM","M",2.13]
[39718,"TUBO DE ESPUMA DE POLIETILENO EXPANDIDO FLEXIVEL PARA ISOLAMENTO TERMICO DE TUBULACAO DE AR CONDICIONADO, AGUA QUENTE, DN 7/8\", E= 10 MM","M",3.63]
[9813,"TUBO DE POLIETILENO DE ALTA DENSIDADE (PEAD), PE-80, DE = 20 MM X 2,3 MM DE PAREDE, PARA LIGACAO DE AGUA PREDIAL (NBR 15561)","M"]
[9815,"TUBO DE POLIETILENO DE ALTA DENSIDADE (PEAD), PE-80, DE = 32 MM X 3,0 MM DE PAREDE, PARA LIGACAO DE AGUA PREDIAL (NBR 15561)","M"]
[44543,"TUBO DE POLIETILENO DE ALTA DENSIDADE, PEAD, PE-80, DE = 1000 MM X 38,5 MM PAREDE, (SDR 26 - PN 05) PARA REDE DE AGUA OU ESGOTO (NBR 15561)","M"]
[44526,"TUBO DE POLIETILENO DE ALTA DENSIDADE, PEAD, PE-80, DE = 110 MM X 10,0 MM PAREDE, (SDR 11 - PN 12,5) PARA REDE DE AGUA OU ESGOTO (NBR 15561)","M"]
[44545,"TUBO DE POLIETILENO DE ALTA DENSIDADE, PEAD, PE-80, DE = 160 MM X 14,6 MM PAREDE, (SDR 11 - PN 12,5) PARA REDE DE AGUA OU ESGOTO (NBR 15561)","M"]
[44525,"TUBO DE POLIETILENO DE ALTA DENSIDADE, PEAD, PE-80, DE = 900 MM X 34,7 MM PAREDE, (SDR 26 - PN 05) PARA REDE DE AGUA OU ESGOTO (NBR 15561)","M"]
[44547,"TUBO DE POLIETILENO DE ALTA DENSIDADE, PEAD, PE-80, DE= 200 MM X 18,2 MM PAREDE, (SDR 11 - PN 12,5) PARA REDE DE AGUA OU ESGOTO (NBR 15561)","M"]
[44519,"TUBO DE POLIETILENO DE ALTA DENSIDADE, PEAD, PE-80, DE= 315 MM X 28,7 MM PAREDE, (SDR 11 - PN 12,5) PARA REDE DE AGUA OU ESGOTO (NBR 15561)","M"]
[44520,"TUBO DE POLIETILENO DE ALTA DENSIDADE, PEAD, PE-80, DE= 400 MM X 36,4 MM PAREDE, (SDR 11 - PN 12,5) PARA REDE DE AGUA OU ESGOTO (NBR 15561)","M"]
[44521,"TUBO DE POLIETILENO DE ALTA DENSIDADE, PEAD, PE-80, DE= 50 MM X 4,6 MM PAREDE, (SDR 11 - PN 12,5) PARA REDE DE AGUA OU ESGOTO ( NBR 15561)","M"]
[44522,"TUBO DE POLIETILENO DE ALTA DENSIDADE, PEAD, PE-80, DE= 500 MM X 45,5 MM PAREDE, (SDR 11 - PN 12,5) PARA REDE DE AGUA OU ESGOTO (NBR 15561)","M"]
[44523,"TUBO DE POLIETILENO DE ALTA DENSIDADE, PEAD, PE-80, DE= 630 MM X 57,3 MM PAREDE (SDR 11 - PN 12,5) PARA REDE DE AGUA OU ESGOTO (NBR 15561)","M"]
[44527,"TUBO DE POLIETILENO DE ALTA DENSIDADE, PEAD, PE-80, DE= 730 MM X 34,1 MM PAREDE, (SDR 21 - PN 06) PARA REDE DE AGUA OU ESGOTO (NBR 15561)","M"]
[44524,"TUBO DE POLIETILENO DE ALTA DENSIDADE, PEAD, PE-80, DE= 75 MM X 6,9 MM PAREDE, (SRD 11 - PN 12,5) PARA REDE DE AGUA OU ESGOTO (NBR 15561)","M"]
[44542,"TUBO DE POLIETILENO DE ALTA DENSIDADE, PEAD, PE-80, DE= 800 MM X 30,8 MM PAREDE, (SDR 26 - PN 05) PARA REDE DE AGUA OU ESGOTO (NBR 15561)","M"]
[9877,"TUBO DE PVC, PBL, TIPO LEVE, DN = 250 MM, PARA VENTILACAO","M",122.97]
[9878,"TUBO DE PVC, PBL, TIPO LEVE, DN = 300 MM, PARA VENTILACAO","M",151.38999999999999]
[41986,"TUBO DE REVESTIMENTO, EM ACO, CORPO SCHEDULE 40, PONTEIRA SCHEDULE 80, ROSQUEAVEL E SEGMENTADO PARA PERFURACAO, DIAMETRO 10\" (273 MM)","M"]
[43422,"TUBO DE REVESTIMENTO, EM ACO, CORPO SCHEDULE 40, PONTEIRA SCHEDULE 80, ROSQUEAVEL E SEGMENTADO PARA PERFURACAO, DIAMETRO 12\" (320 MM)","M"]
[41987,"TUBO DE REVESTIMENTO, EM ACO, CORPO SCHEDULE 40, PONTEIRA SCHEDULE 80, ROSQUEAVEL E SEGMENTADO PARA PERFURACAO, DIAMETRO 14\" (400 MM)","M"]
[41988,"TUBO DE REVESTIMENTO, EM ACO, CORPO SCHEDULE 40, PONTEIRA SCHEDULE 80, ROSQUEAVEL E SEGMENTADO PARA PERFURACAO, DIAMETRO 16\" (450 MM)","M"]
[41697,"TUBO DE REVESTIMENTO, EM ACO, CORPO SCHEDULE 40, PONTEIRA SCHEDULE 80, ROSQUEAVEL E SEGMENTADO PARA PERFURACAO, DIAMETRO 4\" (450 MM)","M"]
[41985,"TUBO DE REVESTIMENTO, EM ACO, CORPO SCHEDULE 40, PONTEIRA SCHEDULE 80, ROSQUEAVEL E SEGMENTADO PARA PERFURACAO, DIAMETRO 6\" (200 MM)","M",1448.28]
[41699,"TUBO DE REVESTIMENTO, EM ACO, CORPO SCHEDULE 40, PONTEIRA SCHEDULE 80, ROSQUEAVEL E SEGMENTADO PARA PERFURACAO, DIAMETRO 8\" (200 MM)","M"]
[38053,"TUBO DRENO, CORRUGADO, ESPIRALADO, FLEXIVEL, PERFURADO, EM POLIETILENO DE ALTA DENSIDADE (PEAD), DN *160* MM, (6\") PARA DRENAGEM - EM BARRA (NORMA DNIT 093/2006 - EM)","M"]
[38054,"TUBO DRENO, CORRUGADO, ESPIRALADO, FLEXIVEL, PERFURADO, EM POLIETILENO DE ALTA DENSIDADE (PEAD), DN *200* MM, (8\") PARA DRENAGEM - EM BARRA (NORMA DNIT 093/2006 - EM)","M"]
[38052,"TUBO DRENO, CORRUGADO, ESPIRALADO, FLEXIVEL, PERFURADO, EM POLIETILENO DE ALTA DENSIDADE (PEAD), DN 100 MM, (4\") PARA DRENAGEM - EM ROLO (NORMA DNIT 093/2006 - E.M)","M"]
[38051,"TUBO DRENO, CORRUGADO, ESPIRALADO, FLEXIVEL, PERFURADO, EM POLIETILENO DE ALTA DENSIDADE (PEAD), DN 65 MM, (2 1/2\") PARA DRENAGEM - EM ROLO (NORMA DNIT 093/2006 - EM)","M"]
[38787,"TUBO MONOCAMADA PEX, DN 16 MM, PARA AGUA QUENTE E FRIA","M"]
[38825,"TUBO MONOCAMADA PEX, DN 20 MM, PARA AGUA QUENTE E FRIA","M"]
[38826,"TUBO MONOCAMADA PEX, DN 25 MM, PARA AGUA QUENTE E FRIA","M"]
[38827,"TUBO MONOCAMADA PEX, DN 32 MM, PARA AGUA QUENTE E FRIA","M"]
[38828,"TUBO MULTICAMADA PEX GAS, DN *16* MM","M"]
[38829,"TUBO MULTICAMADA PEX GAS, DN *20* MM","M"]
[38830,"TUBO MULTICAMADA PEX GAS, DN *26* MM","M"]
[38831,"TUBO MULTICAMADA PEX GAS, DN *32* MM","M"]
[36274,"TUBO PPR PN 20, DN 20 MM, PARA AGUA QUENTE PREDIAL","M"]
[36278,"TUBO PPR PN 20, DN 25 MM, PARA AGUA QUENTE PREDIAL","M"]
[38977,"TUBO PPR, CLASSE PN 12, DN 110 MM","M"]
[38971,"TUBO PPR, CLASSE PN 12, DN 32 MM","M"]
[38972,"TUBO PPR, CLASSE PN 12, DN 40 MM","M"]
[38973,"TUBO PPR, CLASSE PN 12, DN 50 MM","M"]
[38974,"TUBO PPR, CLASSE PN 12, DN 63 MM","M"]
[38975,"TUBO PPR, CLASSE PN 12, DN 75 MM","M"]
[38976,"TUBO PPR, CLASSE PN 12, DN 90 MM","M"]
[44176,"TUBO PPR, CLASSE PN 20, SOLDAVEL, DN 32 MM PARA AGUA FRIA OU QUENTE PREDIAL","M"]
[38986,"TUBO PPR, CLASSE PN 25, DN 110 MM, PARA AGUA QUENTE E FRIA PREDIAL","M"]
[38978,"TUBO PPR, CLASSE PN 25, DN 20 MM, PARA AGUA QUENTE E FRIA PREDIAL","M"]
[38979,"TUBO PPR, CLASSE PN 25, DN 25 MM, PARA AGUA QUENTE E FRIA PREDIAL","M"]
[38980,"TUBO PPR, CLASSE PN 25, DN 32 MM, PARA AGUA QUENTE E FRIA PREDIAL","M"]
[38981,"TUBO PPR, CLASSE PN 25, DN 40 MM, PARA AGUA QUENTE E FRIA PREDIAL","M"]
[38982,"TUBO PPR, CLASSE PN 25, DN 50 MM, PARA AGUA QUENTE E FRIA PREDIAL","M"]
[38983,"TUBO PPR, CLASSE PN 25, DN 63 MM, PARA AGUA QUENTE E FRIA PREDIAL","M"]
[38984,"TUBO PPR, CLASSE PN 25, DN 75 MM, PARA AGUA QUENTE E FRIA PREDIAL","M"]
[38985,"TUBO PPR, CLASSE PN 25, DN 90 MM, PARA AGUA QUENTE E FRIA PREDIAL","M"]
[38032,"TUBO PVC CORRUGADO, PAREDE DUPLA, JE, DN 150 MM/ DE 160 MM, REDE COLETORA ESGOTO","M",58.56]
[38033,"TUBO PVC CORRUGADO, PAREDE DUPLA, JE, DN 200 MM/ DE 200 MM, REDE COLETORA ESGOTO","M",99.54]
[38034,"TUBO PVC CORRUGADO, PAREDE DUPLA, JE, DN 250 MM/ DE 250 MM, REDE COLETORA ESGOTO","M",155.93]
[38035,"TUBO PVC CORRUGADO, PAREDE DUPLA, JE, DN 300 MM/ DE 315 MM, REDE COLETORA ESGOTO","M",229.4]
[38036,"TUBO PVC CORRUGADO, PAREDE DUPLA, JE, DN 350 MM/ DE 355 MM, REDE COLETORA ESGOTO","M",309.02999999999997]
[38037,"TUBO PVC CORRUGADO, PAREDE DUPLA, JE, DN 400 MM/ DE 400 MM, REDE COLETORA ESGOTO","M",408.19]
[9850,"TUBO PVC DE REVESTIMENTO GEOMECANICO NERVURADO REFORCADO, DN = 150 MM, COMPRIMENTO = 2 M","M"]
[9853,"TUBO PVC DE REVESTIMENTO GEOMECANICO NERVURADO REFORCADO, DN = 200 MM, COMPRIMENTO = 2 M","M"]
[9854,"TUBO PVC DE REVESTIMENTO GEOMECANICO NERVURADO STANDARD, DN = 154 MM, COMPRIMENTO = 2 M","M"]
[9851,"TUBO PVC DE REVESTIMENTO GEOMECANICO NERVURADO STANDARD, DN = 206 MM, COMPRIMENTO = 2 M","M"]
[9825,"TUBO PVC DEFOFO, JEI, 1 MPA, DN 100 MM, PARA REDE DE AGUA (NBR 7665)","M",49.43]
[9828,"TUBO PVC DEFOFO, JEI, 1 MPA, DN 150 MM, PARA REDE DE AGUA (NBR 7665)","M",133.02000000000001]
[9829,"TUBO PVC DEFOFO, JEI, 1 MPA, DN 200 MM, PARA REDE DE AGUA (NBR 7665)","M",225.43]
[9826,"TUBO PVC DEFOFO, JEI, 1 MPA, DN 250 MM, PARA REDE DE AGUA (NBR 7665)","M",343.18]
[9827,"TUBO PVC DEFOFO, JEI, 1 MPA, DN 300 MM, PARA REDE DE AGUA (NBR 7665)","M",487.32]
[36374,"TUBO PVC PBA JEI, CLASSE 12, DN 100 MM, PARA REDE DE AGUA (NBR 5647)","M",59.24]
[36084,"TUBO PVC PBA JEI, CLASSE 12, DN 50 MM, PARA REDE DE AGUA (NBR 5647)","M",17.55]
[36373,"TUBO PVC PBA JEI, CLASSE 12, DN 75 MM, PARA REDE DE AGUA (NBR 5647)","M",36.44]
[36377,"TUBO PVC PBA JEI, CLASSE 15, DN 100 MM, PARA REDE DE AGUA (NBR 5647)","M",71.06]
[36375,"TUBO PVC PBA JEI, CLASSE 15, DN 50 MM, PARA REDE DE AGUA (NBR 5647)","M",21.66]
[36376,"TUBO PVC PBA JEI, CLASSE 15, DN 75 MM, PARA REDE DE AGUA (NBR 5647)","M",42.53]
[36380,"TUBO PVC PBA JEI, CLASSE 20, DN 100 MM, PARA REDE DE AGUA (NBR 5647)","M",88.85]
[36378,"TUBO PVC PBA JEI, CLASSE 20, DN 50 MM, PARA REDE DE AGUA (NBR 5647)","M",26.62]
[36379,"TUBO PVC PBA JEI, CLASSE 20, DN 75 MM, PARA REDE DE AGUA (NBR 5647)","M",53.67]
[9859,"TUBO PVC ROSCAVEL, 3/4\", AGUA FRIA PREDIAL","M",9.59]
[9836,"TUBO PVC SERIE NORMAL, DN 100 MM, PARA ESGOTO PREDIAL (NBR 5688)","M",14.82]
[20065,"TUBO PVC SERIE NORMAL, DN 150 MM, PARA ESGOTO PREDIAL (NBR 5688)","M",38.74]
[9835,"TUBO PVC SERIE NORMAL, DN 40 MM, PARA ESGOTO PREDIAL (NBR 5688)","M",6.47]
[9838,"TUBO PVC SERIE NORMAL, DN 50 MM, PARA ESGOTO PREDIAL (NBR 5688)","M",10.69]
[9837,"TUBO PVC SERIE NORMAL, DN 75 MM, PARA ESGOTO PREDIAL (NBR 5688)","M",14.03]
[44315,"TUBO PVC, RIGIDO, CORRUGADO, PERFURADO DN 100 MM, PARA DRENAGEM, SISTEMA IRRIGACAO","M",58.02]
[9862,"TUBO PVC, ROSCAVEL, 1 1/2\", AGUA FRIA PREDIAL","M",29.58]
[9861,"TUBO PVC, ROSCAVEL, 1 1/4\", AGUA FRIA PREDIAL","M",23.23]
[9866,"TUBO PVC, ROSCAVEL, 1\", AGUA FRIA PREDIAL","M",20.04]
[9856,"TUBO PVC, ROSCAVEL, 1/2\", AGUA FRIA PREDIAL","M",7.49]
[9863,"TUBO PVC, ROSCAVEL, 2 1/2\", AGUA FRIA PREDIAL","M",57.98]
[9860,"TUBO PVC, ROSCAVEL, 2\", PARA AGUA FRIA PREDIAL","M",42.32]
[9841,"TUBO PVC, SERIE R, DN 100 MM, PARA ESGOTO OU AGUAS PLUVIAIS PREDIAL (NBR 5688)","M",27.91]
[9840,"TUBO PVC, SERIE R, DN 150 MM, PARA ESGOTO OU AGUAS PLUVIAIS PREDIAL (NBR 5688)","M",58.95]
[20067,"TUBO PVC, SERIE R, DN 40 MM, PARA ESGOTO OU AGUAS PLUVIAIS PREDIAL (NBR 5688)","M",9.0500000000000007]
[20068,"TUBO PVC, SERIE R, DN 50 MM, PARA ESGOTO OU AGUAS PLUVIAIS PREDIAL (NBR 5688)","M",12.75]
[9839,"TUBO PVC, SERIE R, DN 75 MM, PARA ESGOTO OU AGUAS PLUVIAIS PREDIAL (NBR 5688)","M",23.12]
[9870,"TUBO PVC, SOLDAVEL, DE 110 MM, AGUA FRIA (NBR-5648)","M",86.48]
[9867,"TUBO PVC, SOLDAVEL, DE 20 MM, AGUA FRIA (NBR-5648)","M",3.47]
[9868,"TUBO PVC, SOLDAVEL, DE 25 MM, AGUA FRIA (NBR-5648)","M",3.92]
[9869,"TUBO PVC, SOLDAVEL, DE 32 MM, AGUA FRIA (NBR-5648)","M",8.4600000000000009]
[9874,"TUBO PVC, SOLDAVEL, DE 40 MM, AGUA FRIA (NBR-5648)","M",13.28]
[9875,"TUBO PVC, SOLDAVEL, DE 50 MM, AGUA FRIA (NBR-5648)","M",14.57]
[9873,"TUBO PVC, SOLDAVEL, DE 60 MM, AGUA FRIA (NBR-5648)","M",23.97]
[9871,"TUBO PVC, SOLDAVEL, DE 75 MM, AGUA FRIA (NBR-5648)","M",39.72]
[9872,"TUBO PVC, SOLDAVEL, DE 85 MM, AGUA FRIA (NBR-5648)","M",55.26]
[12425,"UNIAO COM ASSENTO CONICO DE BRONZE, DIAMETRO 1\"","UN",62.36]
[12426,"UNIAO COM ASSENTO CONICO DE BRONZE, DIAMETRO 1/2\"","UN",45.39]
[12427,"UNIAO COM ASSENTO CONICO DE BRONZE, DIAMETRO 2 1/2\"","UN",258.83]
[12428,"UNIAO COM ASSENTO CONICO DE BRONZE, DIAMETRO 2\"","UN",166.13]
[12429,"UNIAO COM ASSENTO CONICO DE BRONZE, DIAMETRO 3\"","UN",418.53]
[12430,"UNIAO COM ASSENTO CONICO DE BRONZE, DIAMETRO 3/4\"","UN",55.64]
[12431,"UNIAO COM ASSENTO CONICO DE BRONZE, DIAMETRO 4\"","UN",712.27]
[12432,"UNIAO COM ASSENTO CONICO DE FERRO LONGO (MACHO-FEMEA), DIAMETRO 1 1/2\"","UN",146.49]
[12433,"UNIAO COM ASSENTO CONICO DE FERRO LONGO (MACHO-FEMEA), DIAMETRO 1\"","UN",93.26]
[12434,"UNIAO COM ASSENTO CONICO DE FERRO LONGO (MACHO-FEMEA), DIAMETRO 1/2\"","UN",47.74]
[12435,"UNIAO COM ASSENTO CONICO DE FERRO LONGO (MACHO-FEMEA), DIAMETRO 2 1/2\"","UN",288.61]
[12437,"UNIAO COM ASSENTO CONICO DE FERRO LONGO (MACHO-FEMEA), DIAMETRO 2\"","UN",233.09]
[12438,"UNIAO COM ASSENTO CONICO DE FERRO LONGO (MACHO-FEMEA), DIAMETRO 3\"","UN",421.82]
[12439,"UNIAO COM ASSENTO CONICO DE FERRO LONGO (MACHO-FEMEA), DIAMETRO 3/4\"","UN",74.81]
[12436,"UNIAO COM ASSENTO CONICO DE FERRO LONGO (MACHO-FEMEA), DIAMETRO 4\"","UN",532.84]
[36357,"UNIAO COM FLANGE PPR, COM PARAFUSOS, DN 40 MM, PARA AGUA QUENTE PREDIAL","UN"]
[12424,"UNIAO DE FERRO GALVANIZADO, COM ASSENTO CONICO DE BRONZE, DE 1 1/2\"","UN",96.02]
[12440,"UNIAO DE FERRO GALVANIZADO, COM ASSENTO CONICO DE BRONZE, DE 1 1/4\"","UN",92.81]
[9884,"UNIAO DE FERRO GALVANIZADO, COM ROSCA BSP, COM ASSENTO PLANO, DE 1 1/2\"","UN",69.22]
[9888,"UNIAO DE FERRO GALVANIZADO, COM ROSCA BSP, COM ASSENTO PLANO, DE 1 1/4\"","UN",55.62]
[9886,"UNIAO DE FERRO GALVANIZADO, COM ROSCA BSP, COM ASSENTO PLANO, DE 1\"","UN",33.24]
[9883,"UNIAO DE FERRO GALVANIZADO, COM ROSCA BSP, COM ASSENTO PLANO, DE 1/2\"","UN",24.27]
[9889,"UNIAO DE FERRO GALVANIZADO, COM ROSCA BSP, COM ASSENTO PLANO, DE 2 1/2\"","UN",168.42]
[9887,"UNIAO DE FERRO GALVANIZADO, COM ROSCA BSP, COM ASSENTO PLANO, DE 2\"","UN",101.79]
[9890,"UNIAO DE FERRO GALVANIZADO, COM ROSCA BSP, COM ASSENTO PLANO, DE 3\"","UN",260.92]
[9885,"UNIAO DE FERRO GALVANIZADO, COM ROSCA BSP, COM ASSENTO PLANO, DE 3/4\"","UN",32.14]
[9891,"UNIAO DE FERRO GALVANIZADO, COM ROSCA BSP, COM ASSENTO PLANO, DE 4\"","UN",366.29]
[36316,"UNIAO DUPLA PPR DN 25 MM, PARA AGUA QUENTE PREDIAL","UN"]
[36313,"UNIAO DUPLA PPR, DN 20 MM, PARA AGUA QUENTE PREDIAL","UN"]
[64,"UNIAO EM POLIPROPILENO (PP), PARA TUBO EM PEAD, 20 MM - LIGACAO PREDIAL DE AGUA","UN",5.37]
[37423,"UNIAO EM POLIPROPILENO (PP), PARA TUBO EM PEAD, 32 MM - LIGACAO PREDIAL DE AGUA","UN",13.26]
[9892,"UNIAO PVC, ROSCAVEL 1/2\", AGUA FRIA PREDIAL","UN",6.36]
[9901,"UNIAO PVC, ROSCAVEL, 1 1/2\", AGUA FRIA PREDIAL","UN",30.78]
[9900,"UNIAO PVC, ROSCAVEL, 1\", AGUA FRIA PREDIAL","UN",17.829999999999998]
[9899,"UNIAO PVC, ROSCAVEL, 3/4\", AGUA FRIA PREDIAL","UN",8]
[9908,"UNIAO PVC, SOLDAVEL, 110 MM, PARA AGUA FRIA PREDIAL","UN",359.52]
[9905,"UNIAO PVC, SOLDAVEL, 20 MM, PARA AGUA FRIA PREDIAL","UN",6.25]
[9906,"UNIAO PVC, SOLDAVEL, 25 MM, PARA AGUA FRIA PREDIAL","UN",7.54]
[9895,"UNIAO PVC, SOLDAVEL, 32 MM, PARA AGUA FRIA PREDIAL","UN",12.7]
[9894,"UNIAO PVC, SOLDAVEL, 40 MM, PARA AGUA FRIA PREDIAL","UN",24.43]
[9897,"UNIAO PVC, SOLDAVEL, 50 MM, PARA AGUA FRIA PREDIAL","UN",26.08]
[9910,"UNIAO PVC, SOLDAVEL, 60 MM, PARA AGUA FRIA PREDIAL","UN",67.86]
[9909,"UNIAO PVC, SOLDAVEL, 75 MM, PARA AGUA FRIA PREDIAL","UN",138.21]
[9907,"UNIAO PVC, SOLDAVEL, 85 MM, PARA AGUA FRIA PREDIAL","UN",163.18]
[20973,"UNIAO TIPO STORZ, COM EMPATACAO INTERNA TIPO ANEL DE EXPANSAO, ENGATE RAPIDO 1 1/2\", PARA MANGUEIRA DE COMBATE A INCENDIO PREDIAL","UN",88.8]
[20974,"UNIAO TIPO STORZ, COM EMPATACAO INTERNA TIPO ANEL DE EXPANSAO, ENGATE RAPIDO 2 1/2\", PARA MANGUEIRA DE COMBATE A INCENDIO PREDIAL","UN",127.04]
[37989,"UNIAO, CPVC, SOLDAVEL, 15 MM, PARA AGUA QUENTE PREDIAL","UN",15.05]
[37990,"UNIAO, CPVC, SOLDAVEL, 22 MM, PARA AGUA QUENTE PREDIAL","UN",16.600000000000001]
[37991,"UNIAO, CPVC, SOLDAVEL, 28 MM, PARA AGUA QUENTE PREDIAL","UN",22.1]
[37992,"UNIAO, CPVC, SOLDAVEL, 35 MM, PARA AGUA QUENTE PREDIAL","UN",34.29]
[37993,"UNIAO, CPVC, SOLDAVEL, 42 MM, PARA AGUA QUENTE PREDIAL","UN",52.03]
[37994,"UNIAO, CPVC, SOLDAVEL, 54 MM, PARA AGUA QUENTE PREDIAL","UN",123.89]
[37995,"UNIAO, CPVC, SOLDAVEL, 73 MM, PARA AGUA QUENTE PREDIAL","UN",161.47999999999999]
[37996,"UNIAO, CPVC, SOLDAVEL, 89 MM, PARA AGUA QUENTE PREDIAL","UN",245.9]
[13883,"USINA DE ASFALTO A FRIO, CAPACIDADE DE 30 A 40 T/H, ELETRICA, POTENCIA DE 30 CV","UN"]
[38604,"USINA DE ASFALTO A FRIO, CAPACIDADE DE 40 A 60 T/H, ELETRICA, POTENCIA DE 30 CV","UN"]
[10601,"USINA DE ASFALTO A QUENTE, FIXA, TIPO CONTRA FLUXO, CAPACIDADE DE 100 A 140 T/H, POTENCIA DE 280 KW, COM MISTURADOR EXTERNO ROTATIVO","UN"]
[44469,"USINA DE ASFALTO, GRAVIMETRICA, CAPACIDADE DE 150 T/H, POTENCIA DE 400  KW","UN"]
[13894,"USINA DE CONCRETO FIXA, CAPACIDADE NOMINAL DE 40 M3/H, SEM SILO","UN"]
[13895,"USINA DE CONCRETO FIXA, CAPACIDADE NOMINAL DE 60 M3/H, SEM SILO","UN"]
[13892,"USINA DE CONCRETO FIXA, CAPACIDADE NOMINAL DE 80 M3/H, SEM SILO","UN"]
[9914,"USINA DE CONCRETO FIXA, CAPACIDADE NOMINAL DE 90 A 120 M3/H, SEM SILO","UN"]
[36485,"USINA DE LAMA ASFALTICA, PROD 30 A 50 T/H, SILO DE AGREGADO 7 M3, RESERVATORIOS PARA EMULSAO E AGUA DE 2,3 M3 CADA, MISTURADOR TIPO PUGG-MILL A SER MONTADO SOBRE CAMINHAO","UN"]
[9912,"USINA DE MISTURAS ASFALTICAS A QUENTE, MOVEL, TIPO CONTRA FLUXO, CAPACIDADE DE 40 A 80 T/H","UN"]
[9921,"USINA MISTURADORA DE SOLOS, DOSADORES TRIPLOS, CALHA VIBRATORIA CAPACIDADE DE 200 A 500 T/H, POTENCIA DE 75 KW","UN"]
[21112,"VALVULA DE DESCARGA EM METAL CROMADO PARA MICTORIO COM ACIONAMENTO POR PRESSAO E FECHAMENTO AUTOMATICO","UN",300.51]
[10228,"VALVULA DE DESCARGA METALICA, BASE 1 1/2\" E ACABAMENTO METALICO CROMADO","UN",349.1]
[11781,"VALVULA DE DESCARGA METALICA, BASE 1 1/4\" E ACABAMENTO METALICO CROMADO","UN",282.81]
[37588,"VALVULA DE ESCOAMENTO PARA TANQUE, EM METAL CROMADO, 1.1/2 \", SEM LADRAO, COM TAMPAO PLASTICO","UN",76.709999999999994]
[11751,"VALVULA DE ESFERA BRUTA EM BRONZE, BITOLA 1 1/2\"","UN",194.94]
[11750,"VALVULA DE ESFERA BRUTA EM BRONZE, BITOLA 1 1/4\"","UN",161.78]
[11746,"VALVULA DE ESFERA BRUTA EM BRONZE, BITOLA 1\"","UN",108.54]
[11748,"VALVULA DE ESFERA BRUTA EM BRONZE, BITOLA 1/2\"","UN",69.650000000000006]
[11747,"VALVULA DE ESFERA BRUTA EM BRONZE, BITOLA 2\"","UN",300.61]
[11749,"VALVULA DE ESFERA BRUTA EM BRONZE, BITOLA 3/4\"","UN",80.400000000000006]
[10236,"VALVULA DE RETENCAO DE BRONZE, PE COM CRIVOS, EXTREMIDADE COM ROSCA, DE 1 1/2\", PARA FUNDO DE POCO","UN",124.02]
[10233,"VALVULA DE RETENCAO DE BRONZE, PE COM CRIVOS, EXTREMIDADE COM ROSCA, DE 1 1/4\", PARA FUNDO DE POCO","UN",116.22]
[10234,"VALVULA DE RETENCAO DE BRONZE, PE COM CRIVOS, EXTREMIDADE COM ROSCA, DE 1\", PARA FUNDO DE POCO","UN",73.209999999999994]
[10231,"VALVULA DE RETENCAO DE BRONZE, PE COM CRIVOS, EXTREMIDADE COM ROSCA, DE 2 1/2\", PARA FUNDO DE POCO","UN",335.72]
[10232,"VALVULA DE RETENCAO DE BRONZE, PE COM CRIVOS, EXTREMIDADE COM ROSCA, DE 2\", PARA FUNDO DE POCO","UN",187.86]
[10235,"VALVULA DE RETENCAO DE BRONZE, PE COM CRIVOS, EXTREMIDADE COM ROSCA, DE 3\", PARA FUNDO DE POCO","UN",460.24]
[10229,"VALVULA DE RETENCAO DE BRONZE, PE COM CRIVOS, EXTREMIDADE COM ROSCA, DE 3/4\", PARA FUNDO DE POCO","UN",66.209999999999994]
[10230,"VALVULA DE RETENCAO DE BRONZE, PE COM CRIVOS, EXTREMIDADE COM ROSCA, DE 4\", PARA FUNDO DE POCO","UN",809.97]
[10409,"VALVULA DE RETENCAO HORIZONTAL, DE BRONZE (PN-25), 1 1/2\", 400 PSI, TAMPA DE PORCA DE UNIAO, EXTREMIDADES COM ROSCA","UN",240.63]
[10411,"VALVULA DE RETENCAO HORIZONTAL, DE BRONZE (PN-25), 1 1/4\", 400 PSI, TAMPA DE PORCA DE UNIAO, EXTREMIDADES COM ROSCA","UN",215.32]
[10410,"VALVULA DE RETENCAO HORIZONTAL, DE BRONZE (PN-25), 1\", 400 PSI, TAMPA DE PORCA DE UNIAO, EXTREMIDADES COM ROSCA","UN",143.83000000000001]
[10404,"VALVULA DE RETENCAO HORIZONTAL, DE BRONZE (PN-25), 1/2\", 400 PSI, TAMPA DE PORCA DE UNIAO, EXTREMIDADES COM ROSCA","UN",87.32]
[10405,"VALVULA DE RETENCAO HORIZONTAL, DE BRONZE (PN-25), 2 1/2\", 400 PSI, TAMPA DE PORCA DE UNIAO, EXTREMIDADES COM ROSCA","UN",482.11]
[10408,"VALVULA DE RETENCAO HORIZONTAL, DE BRONZE (PN-25), 2\", 400 PSI, TAMPA DE PORCA DE UNIAO, EXTREMIDADES COM ROSCA","UN",337.13]
[10406,"VALVULA DE RETENCAO HORIZONTAL, DE BRONZE (PN-25), 3\", 400 PSI, TAMPA DE PORCA DE UNIAO, EXTREMIDADES COM ROSCA","UN",665.89]
[10412,"VALVULA DE RETENCAO HORIZONTAL, DE BRONZE (PN-25), 3/4\", 400 PSI, TAMPA DE PORCA DE UNIAO, EXTREMIDADES COM ROSCA","UN",105.82]
[10407,"VALVULA DE RETENCAO HORIZONTAL, DE BRONZE (PN-25), 4\", 400 PSI, TAMPA DE PORCA DE UNIAO, EXTREMIDADES COM ROSCA","UN",1032.81]
[10416,"VALVULA DE RETENCAO VERTICAL, DE BRONZE (PN-16), 1 1/2\", 200 PSI, EXTREMIDADES COM ROSCA","UN",128.11000000000001]
[10419,"VALVULA DE RETENCAO VERTICAL, DE BRONZE (PN-16), 1 1/4\", 200 PSI, EXTREMIDADES COM ROSCA","UN",111.2]
[10418,"VALVULA DE RETENCAO VERTICAL, DE BRONZE (PN-16), 1\", 200 PSI, EXTREMIDADES COM ROSCA","UN",74.12]
[21092,"VALVULA DE RETENCAO VERTICAL, DE BRONZE (PN-16), 1/2\", 200 PSI, EXTREMIDADES COM ROSCA","UN",63.57]
[12657,"VALVULA DE RETENCAO VERTICAL, DE BRONZE (PN-16), 2 1/2\", 200 PSI, EXTREMIDADES COM ROSCA","UN",299.10000000000002]
[10417,"VALVULA DE RETENCAO VERTICAL, DE BRONZE (PN-16), 2\", 200 PSI, EXTREMIDADES COM ROSCA","UN",186.66]
[10414,"VALVULA DE RETENCAO VERTICAL, DE BRONZE (PN-16), 3\", 200 PSI, EXTREMIDADES COM ROSCA","UN",408.45]
[10413,"VALVULA DE RETENCAO VERTICAL, DE BRONZE (PN-16), 3/4\", 200 PSI, EXTREMIDADES COM ROSCA","UN",67.84]
[10415,"VALVULA DE RETENCAO VERTICAL, DE BRONZE (PN-16), 4\", 200 PSI, EXTREMIDADES COM ROSCA","UN",708.88]
[38643,"VALVULA EM METAL CROMADO PARA LAVATORIO, 1\" SEM LADRAO","UN",60.96]
[6157,"VALVULA EM METAL CROMADO PARA PIA AMERICANA 3.1/2 X 1.1/2\"","UN",83.28]
[6158,"VALVULA EM PLASTICO BRANCO PARA LAVATORIO 1 \", SEM UNHO, COM LADRAO","UN",8.2899999999999991]
[6156,"VALVULA EM PLASTICO BRANCO PARA TANQUE 1.1/4\" X 1.1/2 \", SEM UNHO E SEM LADRAO","UN",7.12]
[6153,"VALVULA EM PLASTICO BRANCO PARA TANQUE OU LAVATORIO 1 \", SEM UNHO E SEM LADRAO","UN",5.71]
[6154,"VALVULA EM PLASTICO CROMADO PARA LAVATORIO 1 \", SEM UNHO, COM LADRAO","UN",10.15]
[6155,"VALVULA EM PLASTICO CROMADO TIPO AMERICANA PARA PIA DE COZINHA 3.1/2\" X 1.1/2 \", SEM ADAPTADOR","UN",23.36]
[43595,"VARA FINA PARA CREMONA, EM FERRO ZINCADO BRANCO, COM DIAMETRO DE APROX 10 MM E COMPRIMENTO DE 1,20 M","UN",19.27]
[43596,"VARA FINA PARA CREMONA, EM FERRO ZINCADO BRANCO, COM DIAMETRO DE APROX 10 MM E COMPRIMENTO DE 1,50 M","UN",22.27]
[38108,"VARIADOR DE LUMINOSIDADE ROTATIVO (DIMMER) 127 V, 300 W (APENAS MODULO)","UN",44.27]
[38087,"VARIADOR DE LUMINOSIDADE ROTATIVO (DIMMER) 127V, 300W, CONJUNTO MONTADO PARA EMBUTIR 4\" X 2\" (PLACA + SUPORTE + MODULO)","UN",56.94]
[38109,"VARIADOR DE LUMINOSIDADE ROTATIVO (DIMMER) 220 V, 600 W (APENAS MODULO)","UN",70.75]
[38088,"VARIADOR DE LUMINOSIDADE ROTATIVO (DIMMER) 220V, 600W, CONJUNTO MONTADO PARA EMBUTIR 4\" X 2\" (PLACA + SUPORTE + MODULO)","UN",74.39]
[38110,"VARIADOR DE VELOCIDADE PARA VENTILADOR 127 V, 150 W (APENAS MODULO)","UN",27.21]
[38089,"VARIADOR DE VELOCIDADE PARA VENTILADOR 127V, 150W + 2 INTERRUPTORES PARALELOS, PARA REVERSAO E LAMPADA, CONJUNTO MONTADO PARA EMBUTIR 4\" X 2\" (PLACA + SUPORTE + MODULOS)","UN",47.42]
[38111,"VARIADOR DE VELOCIDADE PARA VENTILADOR 220 V, 250 W (APENAS MODULO)","UN",30.43]
[38090,"VARIADOR DE VELOCIDADE PARA VENTILADOR 220V, 250W + 2 INTERRUPTORES PARALELOS, PARA REVERSAO E LAMPADA, CONJUNTO MONTADO PARA EMBUTIR 4\" X 2\" (PLACA + SUPORTE + MODULOS)","UN",49.01]
[38400,"VASSOURA 40 CM COM CABO","UN",23.21]
[13726,"VASSOURA MECANICA REBOCAVEL COM ESCOVA CILINDRICA LARGURA UTIL DE VARRIMENTO = 2,44M","UN"]
[12627,"VEDACAO DE CALHA, EM BORRACHA COR PRETA, MEDIDA ENTRE 119 E 170 MM, PARA DRENAGEM PLUVIAL PREDIAL","UN",1.27]
[39996,"VERGALHAO ZINCADO ROSCA TOTAL, 1/4\" (6,3 MM)","M",3.12]
[10478,"VERNIZ A BASE RESINA ALQUIDICA COM POLIURETANO PARA MADEIRA, COM FILTRO SOLAR, BRILHANTE, USO INTERNO E EXTERNO","L",42]
[10481,"VERNIZ MARITIMO PREMIUM PARA MADEIRA, COM FILTRO SOLAR, BRILHANTE, USO INTERNO E EXTERNO","L",37.35]
[10475,"VERNIZ TIPO COPAL PARA MADEIRA, BRILHANTE, USO INTERNO","L",36.14]
[4030,"VEU DE POLIESTER PARA IMPERMEABILIZACAO","M2",6.56]
[4031,"VEU DE VIDRO/VEU DE SUPERFICIE 30 A 35 G/M2","M2",30.86]
[39399,"VIBRADOR DE IMERSAO, COM PONTEIRA DE *35* MM, MANGOTE DE 5 M, SEM MOTOR","UN"]
[39400,"VIBRADOR DE IMERSAO, COM PONTEIRA DE *45* MM, MANGOTE DE 5 M, SEM MOTOR.","UN"]
[39401,"VIBRADOR DE IMERSAO, COM PONTEIRA DE *60* MM, MANGOTE DE 5 M, SEM MOTOR.","UN"]
[11652,"VIBRADOR DE IMERSAO, DIAMETRO DA PONTEIRA DE *35* MM, COM MOTOR 4 TEMPOS A GASOLINA DE 5,5 HP (5,5 CV)","UN"]
[13475,"VIBRADOR DE IMERSAO, DIAMETRO DA PONTEIRA DE *45* MM, COM MOTOR 4 TEMPOS A GASOLINA DE 5,5 HP (5,5 CV)","UN"]
[13896,"VIBRADOR DE IMERSAO, DIAMETRO DA PONTEIRA DE *45* MM, COM MOTOR ELETRICO TRIFASICO DE 2 HP (2 CV)","UN"]
[44470,"VIBROACABADORA DE ASFALTO SOBRE ESTEIRAS, LARG. PAVIM. 2,13 M A 4,55 M, POT. 74 KW/ 100 HP, CAP. 400  T/ H","UN"]
[13476,"VIBROACABADORA DE ASFALTO SOBRE ESTEIRAS, LARG. PAVIM. 2,60 M A 5,75 M, POT. 110 HP, CAP. 450 T/ H","UN"]
[44491,"VIBROACABADORA DE ASFALTO SOBRE ESTEIRAS, LARG. PAVIM. MAX. 8,00 M, POT. 100 KW/ 134 HP, CAP.  600 T/ H","UN"]
[10488,"VIBROACABADORA DE ASFALTO SOBRE ESTEIRAS, LARG. PAVIMENT. 1,90 A 5,3 M, POT. 78 KW/105 HP, CAP. 450 T/H","UN"]
[13606,"VIBROACABADORA DE ASFALTO SOBRE RODAS, LARGURA DE PAVIMENTACAO DE 1,70 A 4,20 M, POTENCIA 78 KW/105 HP, CAPACIDADE 300 T/H","UN"]
[10489,"VIDRACEIRO (HORISTA)","H",16.28]
[41073,"VIDRACEIRO (MENSALISTA)","MES",2876.28]
[34391,"VIDRO COMUM LAMINADO LISO INCOLOR DUPLO, ESPESSURA TOTAL 8 MM (CADA CAMADA DE 4 MM) - COLOCADO","M2",476.35]
[10496,"VIDRO COMUM LAMINADO, LISO, INCOLOR, DUPLO, ESPESSURA TOTAL 6 MM (CADA CAMADA E= 3 MM) - COLOCADO","M2",414.58]
[10497,"VIDRO COMUM LAMINADO, LISO, INCOLOR, TRIPLO, ESPESSURA TOTAL 12 MM (CADA CAMADA E= 4 MM) - COLOCADO","M2",1077.9100000000001]
[10504,"VIDRO COMUM LAMINADO, LISO, INCOLOR, TRIPLO, ESPESSURA TOTAL 15 MM (CADA CAMADA E = 5 MM) - COLOCADO","M2",1260.33]
[34390,"VIDRO CRISTAL COLORIDO, 10 MM, PINTADO NA COR BRANCA","M2",371.46]
[34389,"VIDRO CRISTAL COLORIDO, 4 MM, PINTADO NA COR BRANCA","M2",116.08]
[34388,"VIDRO CRISTAL COLORIDO, 6 MM, PINTADO NA COR BRANCA","M2",164.98]
[34387,"VIDRO CRISTAL COLORIDO, 8 MM, PINTADO NA COR BRANCA","M2",267.82]
[11188,"VIDRO LISO FUME E = 4MM - SEM COLOCACAO","M2",132.66]
[11189,"VIDRO LISO FUME E = 6MM - SEM COLOCACAO","M2",199]
[21107,"VIDRO LISO FUME, E = 5 MM - SEM COLOCACAO","M2",143.21]
[34386,"VIDRO LISO INCOLOR 10 MM - SEM COLOCACAO","M2",248.75]
[10490,"VIDRO LISO INCOLOR 2 A 3 MM - SEM COLOCACAO","M2",87.06]
[10492,"VIDRO LISO INCOLOR 4MM - SEM COLOCACAO","M2",99.5]
[10493,"VIDRO LISO INCOLOR 5MM - SEM COLOCACAO","M2",116.08]
[10491,"VIDRO LISO INCOLOR 6 MM - SEM COLOCACAO","M2",140.94999999999999]
[34385,"VIDRO LISO INCOLOR 8MM  -  SEM COLOCACAO","M2",205.63]
[10499,"VIDRO MARTELADO OU CANELADO, 4 MM - SEM COLOCACAO","M2",82.91]
[34384,"VIDRO PLANO ARAMADO E = 6 MM - SEM COLOCACAO","M2",248.75]
[11185,"VIDRO PLANO ARAMADO E = 7MM - SEM COLOCACAO","M2",257.04000000000002]
[10507,"VIDRO TEMPERADO INCOLOR E = 10 MM, SEM COLOCACAO","M2",223.35]
[10505,"VIDRO TEMPERADO INCOLOR E = 6 MM, SEM COLOCACAO","M2",131.79]
[10506,"VIDRO TEMPERADO INCOLOR E = 8 MM, SEM COLOCACAO","M2",172.04]
[5031,"VIDRO TEMPERADO INCOLOR PARA PORTA DE ABRIR, E = 10 MM (SEM FERRAGENS E SEM COLOCACAO)","M2",241.58]
[10502,"VIDRO TEMPERADO VERDE E = 10 MM, SEM COLOCACAO","M2",281.49]
[10501,"VIDRO TEMPERADO VERDE E = 6 MM, SEM COLOCACAO","M2",159.03]
[10503,"VIDRO TEMPERADO VERDE E = 8 MM, SEM COLOCACAO","M2",214.86]
[4500,"VIGA *7,5 X 10* CM EM PINUS, MISTA OU EQUIVALENTE DA REGIAO - BRUTA","M",16.18]
[4448,"VIGA *7,5 X 15 CM EM PINUS, MISTA OU EQUIVALENTE DA REGIAO - BRUTA","M",22.23]
[20213,"VIGA APARELHADA *6 X 12* CM, EM MACARANDUBA/MASSARANDUBA, ANGELIM OU EQUIVALENTE DA REGIAO","M",34.75]
[20211,"VIGA APARELHADA *6 X 16* CM, EM MACARANDUBA/MASSARANDUBA, ANGELIM OU EQUIVALENTE DA REGIAO","M",46.01]
[40270,"VIGA DE ESCORAMENTO H20, DE MADEIRA, PESO DE 5,00 A 5,20 KG/M, COM EXTREMIDADES PLASTICAS","M"]
[4425,"VIGA NAO APARELHADA *6 X 12* CM, EM MACARANDUBA/MASSARANDUBA, ANGELIM OU EQUIVALENTE DA REGIAO - BRUTA","M",38.03]
[4472,"VIGA NAO APARELHADA *6 X 16* CM, EM MACARANDUBA/MASSARANDUBA, ANGELIM OU EQUIVALENTE DA REGIAO - BRUTA","M",47.51]
[35272,"VIGA NAO APARELHADA *6 X 20* CM, EM MACARANDUBA/MASSARANDUBA, ANGELIM OU EQUIVALENTE DA REGIAO - BRUTA","M",68.67]
[4481,"VIGA NAO APARELHADA *8 X 16* CM EM MACARANDUBA/MASSARANDUBA, ANGELIM OU EQUIVALENTE DA REGIAO - BRUTA","M",73.510000000000005]
[34345,"VIGIA DIURNO (HORISTA)","H",17.23]
[41096,"VIGIA DIURNO (MENSALISTA)","MES",3044.36]
[104658,"PISO PODOTÁTIL DE ALERTA OU DIRECIONAL, DE CONCRETO, ASSENTADO SOBRE ARGAMASSA. AF_03/2024","M2",155.94999999999999]
[105002,"RAMPA DE ACESSIBILIDADE EM CONCRETO MOLDADO IN LOCO, EM CALÇADA NOVA COM LARGURA MAIOR OU IGUAL À 3,00 M, FCK 25MPA, COM PISO PODOTÁTIL. AF_03/2024","UN",714.48]
[105004,"RAMPA DE ACESSIBILIDADE EM CONCRETO MOLDADO IN LOCO, EM CALÇADA NOVA COM LARGURA MENOR À 3,00 M, FCK 25MPA, COM PISO PODOTÁTIL. AF_03/2024","M2",122.01]
[105003,"RAMPA DE ACESSIBILIDADE EM CONCRETO MOLDADO IN LOCO, EM CALÇADA PRÉ EXISTENTE COM LARGURA MAIOR OU IGUAL À 3,00 M, FCK 25MPA, COM PISO PODOTÁTIL. AF_03/2024","UN",1151.26]
[105005,"RAMPA DE ACESSIBILIDADE EM CONCRETO MOLDADO IN LOCO, EM CALÇADA PRÉ EXISTENTE COM LARGURA MENOR À 3,00 M, FCK 25MPA, COM PISO PODOTÁTIL. AF_03/2024","M2",202.87]
[105006,"RAMPA DE ACESSIBILIDADE EM CONCRETO PRÉ MOLDADO, EM CALÇADA NOVA COM LARGURA MAIOR OU IGUAL À 3,00 M, FCK 25MPA, COM PISO PODOTÁTIL. AF_03/2024","UN",0]
[104999,"RAMPA DE ACESSIBILIDADE EM CONCRETO PRÉ MOLDADO, EM CALÇADA PRÉ EXISTENTE COM LARGURA MAIOR OU IGUAL À 3,00 M, FCK 25MPA, COM PISO PODOTÁTIL. AF_03/2024","UN",0]
[105000,"RAMPA DE ACESSIBILIDADE PARA ACESSO A EDIFICAÇÕES COM INCLINAÇÃO DE 8,33% EM CONCRETO MOLDADO IN LOCO, COM LARGURA DE 1,20M, FCK 25MPA, NÃO ARMADA, COM JUNTA A CADA 2M COM CORTE À SECO. AF_03/2024","M",1473.73]
[105001,"RAMPA DE ACESSIBILIDADE PARA ACESSO A EDIFICAÇÕES COM INCLINAÇÃO DE 8,33% EM CONCRETO MOLDADO IN LOCO, COM LARGURA DE 1,50M, FCK 25MPA, NÃO ARMADA, COM JUNTA A CADA 2M COM CORTE À SECO. AF_03/2024","M",1508.34]
[89306,"ALVENARIA ESTRUTURAL DE BLOCOS CERÂMICOS 14X19X29, (ESPESSURA DE 14 CM), UTILIZANDO COLHER DE PEDREIRO E ARGAMASSA DE ASSENTAMENTO COM PREPARO EM BETONEIRA. AF_03/2023","M2",93.67]
[89307,"ALVENARIA ESTRUTURAL DE BLOCOS CERÂMICOS 14X19X29, (ESPESSURA DE 14 CM), UTILIZANDO COLHER DE PEDREIRO E ARGAMASSA DE ASSENTAMENTO COM PREPARO MANUAL. AF_03/2023","M2",95.55]
[89290,"ALVENARIA ESTRUTURAL DE BLOCOS CERÂMICOS 14X19X29, (ESPESSURA DE 14 CM), UTILIZANDO PALHETA E ARGAMASSA DE ASSENTAMENTO COM PREPARO EM BETONEIRA. AF_03/2023","M2",77.349999999999994]
[89291,"ALVENARIA ESTRUTURAL DE BLOCOS CERÂMICOS 14X19X29, (ESPESSURA DE 14 CM), UTILIZANDO PALHETA E ARGAMASSA DE ASSENTAMENTO COM PREPARO MANUAL. AF_03/2023","M2",78.75]
[89298,"ALVENARIA ESTRUTURAL DE BLOCOS CERÂMICOS 14X19X39, (ESPESSURA DE 14 CM), UTILIZANDO COLHER DE PEDREIRO E ARGAMASSA DE ASSENTAMENTO COM PREPARO EM BETONEIRA. AF_03/2023","M2",80.78]
[89299,"ALVENARIA ESTRUTURAL DE BLOCOS CERÂMICOS 14X19X39, (ESPESSURA DE 14 CM), UTILIZANDO COLHER DE PEDREIRO E ARGAMASSA DE ASSENTAMENTO COM PREPARO MANUAL. AF_03/2023","M2",82.47]
[89282,"ALVENARIA ESTRUTURAL DE BLOCOS CERÂMICOS 14X19X39, (ESPESSURA DE 14 CM), UTILIZANDO PALHETA E ARGAMASSA DE ASSENTAMENTO COM PREPARO EM BETONEIRA. AF_03/2023","M2",69.260000000000005]
[89283,"ALVENARIA ESTRUTURAL DE BLOCOS CERÂMICOS 14X19X39, (ESPESSURA DE 14 CM), UTILIZANDO PALHETA E ARGAMASSA DE ASSENTAMENTO COM PREPARO MANUAL. AF_03/2023","M2",70.52]
[89480,"ALVENARIA DE BLOCOS DE CONCRETO ESTRUTURAL 14X19X29 CM (ESPESSURA 14 CM), FBK = 14 MPA, UTILIZANDO COLHER DE PEDREIRO. AF_10/2022","M2",160.52000000000001]
[89464,"ALVENARIA DE BLOCOS DE CONCRETO ESTRUTURAL 14X19X29 CM (ESPESSURA 14 CM), FBK = 14,0 MPA, UTILIZANDO PALHETA. AF_10/2022","M2",140.55000000000001]
[89478,"ALVENARIA DE BLOCOS DE CONCRETO ESTRUTURAL 14X19X29 CM (ESPESSURA 14 CM), FBK = 4,5 MPA, UTILIZANDO COLHER DE PEDREIRO. AF_10/2022","M2",138.1]
[89462,"ALVENARIA DE BLOCOS DE CONCRETO ESTRUTURAL 14X19X29 CM (ESPESSURA 14 CM), FBK = 4,5 MPA, UTILIZANDO PALHETA. AF_10/2022","M2",119.13]
[104444,"ALVENARIA DE BLOCOS DE CONCRETO ESTRUTURAL 14X19X29 CM (ESPESSURA 14 CM), FBK = 8 MPA, UTILIZANDO COLHER DE PEDREIRO. AF_10/2022","M2",0]
[104442,"ALVENARIA DE BLOCOS DE CONCRETO ESTRUTURAL 14X19X29 CM (ESPESSURA 14 CM), FBK = 8 MPA, UTILIZANDO PALHETA. AF_10/2022","M2",0]
[89472,"ALVENARIA DE BLOCOS DE CONCRETO ESTRUTURAL 14X19X39 CM (ESPESSURA 14 CM), FBK = 14 MPA, UTILIZANDO COLHER DE PEDREIRO. AF_10/2022","M2",123.29]
[89455,"ALVENARIA DE BLOCOS DE CONCRETO ESTRUTURAL 14X19X39 CM (ESPESSURA 14 CM), FBK = 14 MPA, UTILIZANDO PALHETA. AF_10/2022","M2",110.66]
[89470,"ALVENARIA DE BLOCOS DE CONCRETO ESTRUTURAL 14X19X39 CM (ESPESSURA 14 CM), FBK = 4,5 MPA, UTILIZANDO COLHER DE PEDREIRO. AF_10/2022","M2",102.53]
[89453,"ALVENARIA DE BLOCOS DE CONCRETO ESTRUTURAL 14X19X39 CM (ESPESSURA 14 CM), FBK = 4,5 MPA, UTILIZANDO PALHETA. AF_10/2022","M2",90.91]
[104443,"ALVENARIA DE BLOCOS DE CONCRETO ESTRUTURAL 14X19X39 CM (ESPESSURA 14 CM), FBK = 8 MPA, UTILIZANDO COLHER DE PEDREIRO. AF_10/2022","M2",0]
[104441,"ALVENARIA DE BLOCOS DE CONCRETO ESTRUTURAL 14X19X39 CM (ESPESSURA 14 CM), FBK = 8 MPA, UTILIZANDO PALHETA. AF_10/2022","M2",0]
[103338,"ALVENARIA DE VEDAÇÃO DE BLOCOS  VAZADOS DE CONCRETO APARENTE DE 14X19X39 CM (ESPESSURA 14 CM) E ARGAMASSA DE ASSENTAMENTO COM PREPARO EM BETONEIRA. AF_12/2021","M2",116.69]
[103339,"ALVENARIA DE VEDAÇÃO DE BLOCOS  VAZADOS DE CONCRETO APARENTE DE 14X19X39 CM (ESPESSURA 14 CM) E ARGAMASSA DE ASSENTAMENTO COM PREPARO MANUAL. AF_12/2021","M2",117.78]
[103340,"ALVENARIA DE VEDAÇÃO DE BLOCOS  VAZADOS DE CONCRETO APARENTE DE 19X19X39 CM (ESPESSURA 19 CM) E ARGAMASSA DE ASSENTAMENTO COM PREPARO EM BETONEIRA. AF_12/2021","M2",141.44999999999999]
[103341,"ALVENARIA DE VEDAÇÃO DE BLOCOS  VAZADOS DE CONCRETO APARENTE DE 19X19X39 CM (ESPESSURA 19 CM) E ARGAMASSA DE ASSENTAMENTO COM PREPARO MANUAL. AF_12/2021","M2",142.82]
[103336,"ALVENARIA DE VEDAÇÃO DE BLOCOS  VAZADOS DE CONCRETO APARENTE DE 9X19X39 CM (ESPESSURA 9 CM) E ARGAMASSA DE ASSENTAMENTO COM PREPARO EM BETONEIRA. AF_12/2021","M2",88.75]
[103337,"ALVENARIA DE VEDAÇÃO DE BLOCOS  VAZADOS DE CONCRETO APARENTE DE 9X19X39 CM (ESPESSURA 9 CM) E ARGAMASSA DE ASSENTAMENTO COM PREPARO MANUAL. AF_12/2021","M2",89.69]
[103342,"ALVENARIA DE VEDAÇÃO DE BLOCOS  VAZADOS DE CONCRETO DE 14X19X29 CM (ESPESSURA 14 CM) E ARGAMASSA DE ASSENTAMENTO COM PREPARO EM BETONEIRA. AF_12/2021","M2",120.12]
[103343,"ALVENARIA DE VEDAÇÃO DE BLOCOS  VAZADOS DE CONCRETO DE 14X19X29 CM (ESPESSURA 14 CM) E ARGAMASSA DE ASSENTAMENTO COM PREPARO MANUAL. AF_12/2021","M2",121.34]
[103354,"ALVENARIA DE VEDAÇÃO DE BLOCOS CERÂMICOS FURADOS NA HORIZONTAL DE 11,5X14X24 CM (ESPESSURA 11,5 CM) E ARGAMASSA DE ASSENTAMENTO COM PREPARO EM BETONEIRA. AF_12/2021","M2",87.37]
[103355,"ALVENARIA DE VEDAÇÃO DE BLOCOS CERÂMICOS FURADOS NA HORIZONTAL DE 11,5X14X24 CM (ESPESSURA 11,5 CM) E ARGAMASSA DE ASSENTAMENTO COM PREPARO MANUAL. AF_12/2021","M2",88.49]
[103330,"ALVENARIA DE VEDAÇÃO DE BLOCOS CERÂMICOS FURADOS NA HORIZONTAL DE 11,5X19X19 CM (ESPESSURA 11,5 CM) E ARGAMASSA DE ASSENTAMENTO COM PREPARO EM BETONEIRA. AF_12/2021","M2",80.7]
[103331,"ALVENARIA DE VEDAÇÃO DE BLOCOS CERÂMICOS FURADOS NA HORIZONTAL DE 11,5X19X19 CM (ESPESSURA 11,5 CM) E ARGAMASSA DE ASSENTAMENTO COM PREPARO MANUAL. AF_12/2021","M2",81.75]
[103358,"ALVENARIA DE VEDAÇÃO DE BLOCOS CERÂMICOS FURADOS NA HORIZONTAL DE 11,5X19X29 CM (ESPESSURA 11,5 CM) E ARGAMASSA DE ASSENTAMENTO COM PREPARO EM BETONEIRA. AF_12/2021","M2",68.319999999999993]
[103359,"ALVENARIA DE VEDAÇÃO DE BLOCOS CERÂMICOS FURADOS NA HORIZONTAL DE 11,5X19X29 CM (ESPESSURA 11,5 CM) E ARGAMASSA DE ASSENTAMENTO COM PREPARO MANUAL. AF_12/2021","M2",69.209999999999994]
[103366,"ALVENARIA DE VEDAÇÃO DE BLOCOS CERÂMICOS FURADOS NA HORIZONTAL DE 11,5X19X39 CM (ESPESSURA 11,5 CM) E ARGAMASSA DE ASSENTAMENTO COM PREPARO EM BETONEIRA. AF_12/2021","M2",59.75]
[103367,"ALVENARIA DE VEDAÇÃO DE BLOCOS CERÂMICOS FURADOS NA HORIZONTAL DE 11,5X19X39 CM (ESPESSURA 11,5 CM) E ARGAMASSA DE ASSENTAMENTO COM PREPARO MANUAL. AF_12/2021","M2",60.56]
[103360,"ALVENARIA DE VEDAÇÃO DE BLOCOS CERÂMICOS FURADOS NA HORIZONTAL DE 14X19X29 CM (ESPESSURA 14 CM) E ARGAMASSA DE ASSENTAMENTO COM PREPARO EM BETONEIRA. AF_12/2021","M2",79.84]
[103361,"ALVENARIA DE VEDAÇÃO DE BLOCOS CERÂMICOS FURADOS NA HORIZONTAL DE 14X19X29 CM (ESPESSURA 14 CM) E ARGAMASSA DE ASSENTAMENTO COM PREPARO MANUAL. AF_12/2021","M2",80.97]
[103368,"ALVENARIA DE VEDAÇÃO DE BLOCOS CERÂMICOS FURADOS NA HORIZONTAL DE 14X19X39 CM (ESPESSURA 14 CM) E ARGAMASSA DE ASSENTAMENTO COM PREPARO EM BETONEIRA. AF_12/2021","M2",67.7]
[103369,"ALVENARIA DE VEDAÇÃO DE BLOCOS CERÂMICOS FURADOS NA HORIZONTAL DE 14X19X39 CM (ESPESSURA 14 CM) E ARGAMASSA DE ASSENTAMENTO COM PREPARO MANUAL. AF_12/2021","M2",68.709999999999994]
[103334,"ALVENARIA DE VEDAÇÃO DE BLOCOS CERÂMICOS FURADOS NA HORIZONTAL DE 14X9X19 CM (ESPESSURA 14 CM, BLOCO DEITADO) E ARGAMASSA DE ASSENTAMENTO COM PREPARO EM BETONEIRA. AF_12/2021","M2",142.09]
[103335,"ALVENARIA DE VEDAÇÃO DE BLOCOS CERÂMICOS FURADOS NA HORIZONTAL DE 14X9X19 CM (ESPESSURA 14 CM, BLOCO DEITADO) E ARGAMASSA DE ASSENTAMENTO COM PREPARO MANUAL. AF_12/2021","M2",144.06]
[103362,"ALVENARIA DE VEDAÇÃO DE BLOCOS CERÂMICOS FURADOS NA HORIZONTAL DE 19X19X29 CM (ESPESSURA 19 CM) E ARGAMASSA DE ASSENTAMENTO COM PREPARO EM BETONEIRA. AF_12/2021","M2",96.92]
[103363,"ALVENARIA DE VEDAÇÃO DE BLOCOS CERÂMICOS FURADOS NA HORIZONTAL DE 19X19X29 CM (ESPESSURA 19 CM) E ARGAMASSA DE ASSENTAMENTO COM PREPARO MANUAL. AF_12/2021","M2",98.19]
[103370,"ALVENARIA DE VEDAÇÃO DE BLOCOS CERÂMICOS FURADOS NA HORIZONTAL DE 19X19X39 CM (ESPESSURA 19 CM) E ARGAMASSA DE ASSENTAMENTO COM PREPARO EM BETONEIRA. AF_12/2021","M2",85.55]
[103371,"ALVENARIA DE VEDAÇÃO DE BLOCOS CERÂMICOS FURADOS NA HORIZONTAL DE 19X19X39 CM (ESPESSURA 19 CM) E ARGAMASSA DE ASSENTAMENTO COM PREPARO MANUAL. AF_12/2021","M2",86.7]
[103332,"ALVENARIA DE VEDAÇÃO DE BLOCOS CERÂMICOS FURADOS NA HORIZONTAL DE 9X14X19 CM (ESPESSURA 9 CM) E ARGAMASSA DE ASSENTAMENTO COM PREPARO EM BETONEIRA. AF_12/2021","M2",117.95]
[103333,"ALVENARIA DE VEDAÇÃO DE BLOCOS CERÂMICOS FURADOS NA HORIZONTAL DE 9X14X19 CM (ESPESSURA 9 CM) E ARGAMASSA DE ASSENTAMENTO COM PREPARO MANUAL. AF_12/2021","M2",119.08]
[103352,"ALVENARIA DE VEDAÇÃO DE BLOCOS CERÂMICOS FURADOS NA HORIZONTAL DE 9X14X24 CM (ESPESSURA 9 CM) E ARGAMASSA DE ASSENTAMENTO COM PREPARO EM BETONEIRA. AF_12/2021","M2",101.08]
[103353,"ALVENARIA DE VEDAÇÃO DE BLOCOS CERÂMICOS FURADOS NA HORIZONTAL DE 9X14X24 CM (ESPESSURA 9 CM) E ARGAMASSA DE ASSENTAMENTO COM PREPARO MANUAL. AF_12/2021","M2",102.12]
[103328,"ALVENARIA DE VEDAÇÃO DE BLOCOS CERÂMICOS FURADOS NA HORIZONTAL DE 9X19X19 CM (ESPESSURA 9 CM) E ARGAMASSA DE ASSENTAMENTO COM PREPARO EM BETONEIRA. AF_12/2021","M2",92.4]
[103329,"ALVENARIA DE VEDAÇÃO DE BLOCOS CERÂMICOS FURADOS NA HORIZONTAL DE 9X19X19 CM (ESPESSURA 9 CM) E ARGAMASSA DE ASSENTAMENTO COM PREPARO MANUAL. AF_12/2021","M2",93.38]
[103356,"ALVENARIA DE VEDAÇÃO DE BLOCOS CERÂMICOS FURADOS NA HORIZONTAL DE 9X19X29 CM (ESPESSURA 9 CM) E ARGAMASSA DE ASSENTAMENTO COM PREPARO EM BETONEIRA. AF_12/2021","M2",59.58]
[103357,"ALVENARIA DE VEDAÇÃO DE BLOCOS CERÂMICOS FURADOS NA HORIZONTAL DE 9X19X29 CM (ESPESSURA 9 CM) E ARGAMASSA DE ASSENTAMENTO COM PREPARO MANUAL. AF_12/2021","M2",60.4]
[103364,"ALVENARIA DE VEDAÇÃO DE BLOCOS CERÂMICOS FURADOS NA HORIZONTAL DE 9X19X39 CM (ESPESSURA 9 CM) E ARGAMASSA DE ASSENTAMENTO COM PREPARO EM BETONEIRA. AF_12/2021","M2",49.93]
[103365,"ALVENARIA DE VEDAÇÃO DE BLOCOS CERÂMICOS FURADOS NA HORIZONTAL DE 9X19X39 CM (ESPESSURA 9 CM) E ARGAMASSA DE ASSENTAMENTO COM PREPARO MANUAL. AF_12/2021","M2",50.23]
[103350,"ALVENARIA DE VEDAÇÃO DE BLOCOS CERÂMICOS FURADOS NA HORIZONTAL DE 9X9X19 CM (ESPESSURA 9 CM) E ARGAMASSA DE ASSENTAMENTO COM PREPARO EM BETONEIRA. AF_12/2021","M2",171.49]
[103351,"ALVENARIA DE VEDAÇÃO DE BLOCOS CERÂMICOS FURADOS NA HORIZONTAL DE 9X9X19 CM (ESPESSURA 9 CM) E ARGAMASSA DE ASSENTAMENTO COM PREPARO MANUAL. AF_12/2021","M2",172.92]
[103344,"ALVENARIA DE VEDAÇÃO DE BLOCOS CERÂMICOS FURADOS NA VERTICAL DE 11,5X19X29 CM (ESPESSURA 11,5 CM) E ARGAMASSA DE ASSENTAMENTO COM PREPARO EM BETONEIRA. AF_12/2021","M2",80.52]
[103345,"ALVENARIA DE VEDAÇÃO DE BLOCOS CERÂMICOS FURADOS NA VERTICAL DE 11,5X19X29 CM (ESPESSURA 11,5 CM) E ARGAMASSA DE ASSENTAMENTO COM PREPARO MANUAL. AF_12/2021","M2",81.83]
[103348,"ALVENARIA DE VEDAÇÃO DE BLOCOS CERÂMICOS FURADOS NA VERTICAL DE 11,5X19X39 CM (ESPESSURA 11,5 CM) E ARGAMASSA DE ASSENTAMENTO COM PREPARO EM BETONEIRA. AF_12/2021","M2",67.98]
[103349,"ALVENARIA DE VEDAÇÃO DE BLOCOS CERÂMICOS FURADOS NA VERTICAL DE 11,5X19X39 CM (ESPESSURA 11,5 CM) E ARGAMASSA DE ASSENTAMENTO COM PREPARO MANUAL. AF_12/2021","M2",69.17]
[103346,"ALVENARIA DE VEDAÇÃO DE BLOCOS CERÂMICOS FURADOS NA VERTICAL DE 14X19X29 CM (ESPESSURA 14 CM) E ARGAMASSA DE ASSENTAMENTO COM PREPARO EM BETONEIRA. AF_12/2021","M2",89.42]
[103347,"ALVENARIA DE VEDAÇÃO DE BLOCOS CERÂMICOS FURADOS NA VERTICAL DE 14X19X29 CM (ESPESSURA 14 CM) E ARGAMASSA DE ASSENTAMENTO COM PREPARO MANUAL. AF_12/2021","M2",90.82]
[103324,"ALVENARIA DE VEDAÇÃO DE BLOCOS CERÂMICOS FURADOS NA VERTICAL DE 14X19X39 CM (ESPESSURA 14 CM) E ARGAMASSA DE ASSENTAMENTO COM PREPARO EM BETONEIRA. AF_12/2021","M2",76.95]
[103325,"ALVENARIA DE VEDAÇÃO DE BLOCOS CERÂMICOS FURADOS NA VERTICAL DE 14X19X39 CM (ESPESSURA 14 CM) E ARGAMASSA DE ASSENTAMENTO COM PREPARO MANUAL. AF_12/2021","M2",78.22]
[103326,"ALVENARIA DE VEDAÇÃO DE BLOCOS CERÂMICOS FURADOS NA VERTICAL DE 19X19X39 CM (ESPESSURA 19 CM) E ARGAMASSA DE ASSENTAMENTO COM PREPARO EM BETONEIRA. AF_12/2021","M2",90.67]
[103327,"ALVENARIA DE VEDAÇÃO DE BLOCOS CERÂMICOS FURADOS NA VERTICAL DE 19X19X39 CM (ESPESSURA 19 CM) E ARGAMASSA DE ASSENTAMENTO COM PREPARO MANUAL. AF_12/2021","M2",92.15]
[103322,"ALVENARIA DE VEDAÇÃO DE BLOCOS CERÂMICOS FURADOS NA VERTICAL DE 9X19X39 CM (ESPESSURA 9 CM) E ARGAMASSA DE ASSENTAMENTO COM PREPARO EM BETONEIRA. AF_12/2021","M2",57.52]
[103323,"ALVENARIA DE VEDAÇÃO DE BLOCOS CERÂMICOS FURADOS NA VERTICAL DE 9X19X39 CM (ESPESSURA 9 CM) E ARGAMASSA DE ASSENTAMENTO COM PREPARO MANUAL. AF_12/2021","M2",58.64]
[103318,"ALVENARIA DE VEDAÇÃO DE BLOCOS VAZADOS DE CONCRETO DE 14X19X39 CM (ESPESSURA 14 CM)  E ARGAMASSA DE ASSENTAMENTO COM PREPARO EM BETONEIRA. AF_12/2021","M2",102.94]
[103319,"ALVENARIA DE VEDAÇÃO DE BLOCOS VAZADOS DE CONCRETO DE 14X19X39 CM (ESPESSURA 14 CM) E ARGAMASSA DE ASSENTAMENTO COM PREPARO MANUAL. AF_12/2021","M2",104.03]
[103320,"ALVENARIA DE VEDAÇÃO DE BLOCOS VAZADOS DE CONCRETO DE 19X19X39 CM (ESPESSURA 19 CM) E ARGAMASSA DE ASSENTAMENTO COM PREPARO EM BETONEIRA. AF_12/2021","M2",123.81]
[103321,"ALVENARIA DE VEDAÇÃO DE BLOCOS VAZADOS DE CONCRETO DE 19X19X39 CM (ESPESSURA 19 CM) E ARGAMASSA DE ASSENTAMENTO COM PREPARO MANUAL. AF_12/2021","M2",125.18]
[103316,"ALVENARIA DE VEDAÇÃO DE BLOCOS VAZADOS DE CONCRETO DE 9X19X39 CM (ESPESSURA 9 CM) E ARGAMASSA DE ASSENTAMENTO COM PREPARO EM BETONEIRA. AF_12/2021","M2",79.33]
[103317,"ALVENARIA DE VEDAÇÃO DE BLOCOS VAZADOS DE CONCRETO DE 9X19X39 CM (ESPESSURA 9 CM) E ARGAMASSA DE ASSENTAMENTO COM PREPARO MANUAL. AF_12/2021","M2",80.27]
[101166,"ALVENARIA DE EMBASAMENTO COM BLOCO ESTRUTURAL DE CERÂMICA, DE 14X19X29CM E ARGAMASSA DE ASSENTAMENTO COM PREPARO EM BETONEIRA. AF_05/2020","M3",644.37]
[101165,"ALVENARIA DE EMBASAMENTO COM BLOCO ESTRUTURAL DE CONCRETO, DE 14X19X29CM E ARGAMASSA DE ASSENTAMENTO COM PREPARO EM BETONEIRA. AF_05/2020","M3",1016.47]
[101163,"ALVENARIA DE VEDAÇÃO COM BLOCO DE VIDRO VAZADO, TIPO VENEZIANA, DE 6X20X20CM E ARGAMASSA DE ASSENTAMENTO COM PREPARO EM BETONEIRA. AF_05/2020","M2",625.6]
[101164,"ALVENARIA DE VEDAÇÃO COM BLOCO DE VIDRO, TIPO CANELADO, DE 8X19X19CM E ARGAMASSA DE ASSENTAMENTO COM PREPARO EM BETONEIRA. AF_05/2020","M2",635.29999999999995]
[101162,"ALVENARIA DE VEDAÇÃO COM ELEMENTO VAZADO DE CERÂMICA (COBOGÓ) DE 7X20X20CM E ARGAMASSA DE ASSENTAMENTO COM PREPARO EM BETONEIRA. AF_05/2020","M2",151.07]
[101161,"ALVENARIA DE VEDAÇÃO COM ELEMENTO VAZADO DE CONCRETO (COBOGÓ) DE 7X50X50CM E ARGAMASSA DE ASSENTAMENTO COM PREPARO EM BETONEIRA. AF_05/2020","M2",235.78]
[101160,"ALVENARIA DE VEDAÇÃO DE BLOCO DE SOLO-CIMENTO (TIJOLO ECOLÓGICO) DE 7X15X30CM  (ESPESSURA 15CM). AF_05/2020","M2",0]
[101159,"ALVENARIA DE VEDAÇÃO DE BLOCOS CERÂMICOS MACIÇOS DE 5X10X20CM (ESPESSURA 10CM) E ARGAMASSA DE ASSENTAMENTO COM PREPARO EM BETONEIRA. AF_05/2020","M2",132.66]
[101154,"ALVENARIA DE VEDAÇÃO DE BLOCOS DE CONCRETO CELULAR DE 10X30X60CM (ESPESSURA 10CM) E ARGAMASSA DE ASSENTAMENTO COM PREPARO EM BETONEIRA. AF_05/2020","M2",127.23]
[101155,"ALVENARIA DE VEDAÇÃO DE BLOCOS DE CONCRETO CELULAR DE 15X30X60CM (ESPESSURA 15CM) E ARGAMASSA DE ASSENTAMENTO COM PREPARO EM BETONEIRA. AF_05/2020","M2",178.34]
[101156,"ALVENARIA DE VEDAÇÃO DE BLOCOS DE CONCRETO CELULAR DE 20X30X60CM (ESPESSURA 20CM) E ARGAMASSA DE ASSENTAMENTO COM PREPARO EM BETONEIRA. AF_05/2020","M2",261.63]
[101158,"ALVENARIA DE VEDAÇÃO DE BLOCOS DE GESSO DE 10X50X66CM (ESPESSURA 10CM). AF_05/2020","M2",83.85]
[101157,"ALVENARIA DE VEDAÇÃO DE BLOCOS DE GESSO DE 7X50X66CM (ESPESSURA 7CM). AF_05/2020","M2",64.14]
[87382,"ARGAMASSA INDUSTRIALIZADA MULTIUSO PARA REVESTIMENTOS E ASSENTAMENTO DA ALVENARIA, PREPARO COM MISTURADOR DE EIXO HORIZONTAL DE 160 KG. AF_08/2019","M3",1518.26]
[87383,"ARGAMASSA INDUSTRIALIZADA MULTIUSO PARA REVESTIMENTOS E ASSENTAMENTO DA ALVENARIA, PREPARO COM MISTURADOR DE EIXO HORIZONTAL DE 300 KG. AF_08/2019","M3",1507.94]
[87384,"ARGAMASSA INDUSTRIALIZADA MULTIUSO PARA REVESTIMENTOS E ASSENTAMENTO DA ALVENARIA, PREPARO COM MISTURADOR DE EIXO HORIZONTAL DE 600 KG. AF_08/2019","M3",1492.95]
[87398,"ARGAMASSA INDUSTRIALIZADA MULTIUSO PARA REVESTIMENTOS E ASSENTAMENTO DA ALVENARIA, PREPARO MANUAL. AF_08/2019","M3",1699.78]
[87395,"ARGAMASSA INDUSTRIALIZADA PARA CHAPISCO COLANTE, PREPARO COM MISTURADOR DE EIXO HORIZONTAL DE 160 KG. AF_08/2019","M3",2952.39]
[87396,"ARGAMASSA INDUSTRIALIZADA PARA CHAPISCO COLANTE, PREPARO COM MISTURADOR DE EIXO HORIZONTAL DE 300 KG. AF_08/2019","M3",2962.11]
[87397,"ARGAMASSA INDUSTRIALIZADA PARA CHAPISCO COLANTE, PREPARO COM MISTURADOR DE EIXO HORIZONTAL DE 600 KG. AF_08/2019","M3",2970.71]
[87402,"ARGAMASSA INDUSTRIALIZADA PARA CHAPISCO COLANTE, PREPARO MANUAL. AF_08/2019","M3",3182.96]
[87391,"ARGAMASSA INDUSTRIALIZADA PARA CHAPISCO ROLADO, PREPARO COM MISTURADOR DE EIXO HORIZONTAL DE 160 KG. AF_08/2019","M3",4653.22]
[87393,"ARGAMASSA INDUSTRIALIZADA PARA CHAPISCO ROLADO, PREPARO COM MISTURADOR DE EIXO HORIZONTAL DE 300 KG. AF_08/2019","M3",4685.78]
[87394,"ARGAMASSA INDUSTRIALIZADA PARA CHAPISCO ROLADO, PREPARO COM MISTURADOR DE EIXO HORIZONTAL DE 600 KG. AF_08/2019","M3",4716.2]
[87401,"ARGAMASSA INDUSTRIALIZADA PARA CHAPISCO ROLADO, PREPARO MANUAL. AF_08/2019","M3",4918.6099999999997]
[87407,"ARGAMASSA INDUSTRIALIZADA PARA REVESTIMENTOS, MISTURA E PROJEÇÃO DE 1,5 M³/H DE ARGAMASSA. AF_08/2019","M3",1558.4]
[87408,"ARGAMASSA INDUSTRIALIZADA PARA REVESTIMENTOS, MISTURA E PROJEÇÃO DE 2 M³/H DE ARGAMASSA. AF_08/2019","M3",1540.36]
[87404,"ARGAMASSA PARA REVESTIMENTO DECORATIVO MONOCAMADA (MONOCAPA), MISTURA E PROJEÇÃO DE 1,5 M3/H DE ARGAMASSA. AF_08/2019","M3",4362.07]
[87405,"ARGAMASSA PARA REVESTIMENTO DECORATIVO MONOCAMADA (MONOCAPA), MISTURA E PROJEÇÃO DE 2 M3/H DE ARGAMASSA. AF_08/2019","M3",4360.37]
[87388,"ARGAMASSA PARA REVESTIMENTO DECORATIVO MONOCAMADA (MONOCAPA), PREPARO COM MISTURADOR DE EIXO HORIZONTAL DE 160 KG. AF_08/2019","M3",4169.1899999999996]
[87389,"ARGAMASSA PARA REVESTIMENTO DECORATIVO MONOCAMADA (MONOCAPA), PREPARO COM MISTURADOR DE EIXO HORIZONTAL DE 300 KG. AF_08/2019","M3",4177.2299999999996]
[87390,"ARGAMASSA PARA REVESTIMENTO DECORATIVO MONOCAMADA (MONOCAPA), PREPARO COM MISTURADOR DE EIXO HORIZONTAL DE 600 KG. AF_08/2019","M3",4189.8599999999997]
[87385,"ARGAMASSA PRONTA PARA CONTRAPISO, PREPARO COM MISTURADOR DE EIXO HORIZONTAL DE 160 KG. AF_08/2019","M3",1765.61]
[87386,"ARGAMASSA PRONTA PARA CONTRAPISO, PREPARO COM MISTURADOR DE EIXO HORIZONTAL DE 300 KG. AF_08/2019","M3",1748.56]
[87387,"ARGAMASSA PRONTA PARA CONTRAPISO, PREPARO COM MISTURADOR DE EIXO HORIZONTAL DE 600 KG. AF_08/2019","M3",1734.47]
[87399,"ARGAMASSA PRONTA PARA CONTRAPISO, PREPARO MANUAL. AF_08/2019","M3",1946.24]
[100463,"ARGAMASSA TRAÇO 1:0,5:4,5  (EM VOLUME DE CIMENTO, CAL E AREIA MÉDIA ÚMIDA), PREPARO MECÂNICO COM BETONEIRA 250 L. AF_08/2019","M3",0]
[100464,"ARGAMASSA TRAÇO 1:0,5:4,5  (EM VOLUME DE CIMENTO, CAL E AREIA MÉDIA ÚMIDA), PREPARO MECÂNICO COM MISTURADOR DE EIXO HORIZONTAL DE 160 KG. AF_08/2019","M3",617.13]
[100465,"ARGAMASSA TRAÇO 1:0,5:4,5  (EM VOLUME DE CIMENTO, CAL E AREIA MÉDIA ÚMIDA), PREPARO MECÂNICO COM MISTURADOR DE EIXO HORIZONTAL DE 300 KG. AF_08/2019","M3",573.37]
[100466,"ARGAMASSA TRAÇO 1:0,5:4,5  (EM VOLUME DE CIMENTO, CAL E AREIA MÉDIA ÚMIDA), PREPARO MECÂNICO COM MISTURADOR DE EIXO HORIZONTAL DE 600 KG. AF_08/2019","M3",549.59]
[88627,"ARGAMASSA TRAÇO 1:0,5:4,5 (EM VOLUME DE CIMENTO, CAL E AREIA MÉDIA ÚMIDA) PARA ASSENTAMENTO DE ALVENARIA, PREPARO MANUAL. AF_08/2019","M3",670.17]
[88626,"ARGAMASSA TRAÇO 1:0,5:4,5 (EM VOLUME DE CIMENTO, CAL E AREIA MÉDIA ÚMIDA), PREPARO MECÂNICO COM BETONEIRA 400 L. AF_08/2019","M3",586.87]
[100488,"ARGAMASSA TRAÇO 1:0,5:4,5 (EM VOLUME DE CIMENTO, CAL E AREIA MÉDIA ÚMIDA), PREPARO MECÂNICO COM BETONEIRA 600 L. AF_08/2019","M3",574.72]
[87368,"ARGAMASSA TRAÇO 1:1,5:7,5 (EM VOLUME DE CIMENTO, CAL E AREIA MÉDIA ÚMIDA) PARA EMBOÇO/MASSA ÚNICA/ASSENTAMENTO DE ALVENARIA DE VEDAÇÃO, PREPARO MANUAL. AF_08/2019","M3",703.77]
[100450,"ARGAMASSA TRAÇO 1:1,5:7,5 (EM VOLUME DE CIMENTO, CAL E AREIA MÉDIA ÚMIDA) PARA EMBOÇO/MASSA ÚNICA/ASSENTAMENTO DE ALVENARIA DE VEDAÇÃO, PREPARO MECÂNICO COM BETONEIRA 250 L. AF_08/2019","M3",0]
[87289,"ARGAMASSA TRAÇO 1:1,5:7,5 (EM VOLUME DE CIMENTO, CAL E AREIA MÉDIA ÚMIDA) PARA EMBOÇO/MASSA ÚNICA/ASSENTAMENTO DE ALVENARIA DE VEDAÇÃO, PREPARO MECÂNICO COM BETONEIRA 400 L. AF_08/2019","M3",601.03]
[87290,"ARGAMASSA TRAÇO 1:1,5:7,5 (EM VOLUME DE CIMENTO, CAL E AREIA MÉDIA ÚMIDA) PARA EMBOÇO/MASSA ÚNICA/ASSENTAMENTO DE ALVENARIA DE VEDAÇÃO, PREPARO MECÂNICO COM BETONEIRA 600 L. AF_08/2019","M3",587.82000000000005]
[87333,"ARGAMASSA TRAÇO 1:1,5:7,5 (EM VOLUME DE CIMENTO, CAL E AREIA MÉDIA ÚMIDA) PARA EMBOÇO/MASSA ÚNICA/ASSENTAMENTO DE ALVENARIA DE VEDAÇÃO, PREPARO MECÂNICO COM MISTURADOR DE EIXO HORIZONTAL DE 300 KG. AF_08/2019","M3",607.05999999999995]
[87334,"ARGAMASSA TRAÇO 1:1,5:7,5 (EM VOLUME DE CIMENTO, CAL E AREIA MÉDIA ÚMIDA) PARA EMBOÇO/MASSA ÚNICA/ASSENTAMENTO DE ALVENARIA DE VEDAÇÃO, PREPARO MECÂNICO COM MISTURADOR DE EIXO HORIZONTAL DE 600 KG. AF_08/2019","M3",562.30999999999995]
[105515,"ARGAMASSA TRAÇO 1:1,93 (EM VOLUME DE CIMENTO E AREIA MÉDIA ÚMIDA), FCK 20MPA, PREPARO MECÂNICO COM MISTURADOR DUPLO HORIZONTAL DE ALTA TURBULÊNCIA. AF_03/2020","M3",842.11]
[87367,"ARGAMASSA TRAÇO 1:1:6 (EM VOLUME DE CIMENTO, CAL E AREIA MÉDIA ÚMIDA) PARA EMBOÇO/MASSA ÚNICA/ASSENTAMENTO DE ALVENARIA DE VEDAÇÃO, PREPARO MANUAL. AF_08/2019","M3",715.7]
[100449,"ARGAMASSA TRAÇO 1:1:6 (EM VOLUME DE CIMENTO, CAL E AREIA MÉDIA ÚMIDA) PARA EMBOÇO/MASSA ÚNICA/ASSENTAMENTO DE ALVENARIA DE VEDAÇÃO, PREPARO MECÂNICO COM BETONEIRA 250 L. AF_08/2019","M3",0]
[87286,"ARGAMASSA TRAÇO 1:1:6 (EM VOLUME DE CIMENTO, CAL E AREIA MÉDIA ÚMIDA) PARA EMBOÇO/MASSA ÚNICA/ASSENTAMENTO DE ALVENARIA DE VEDAÇÃO, PREPARO MECÂNICO COM BETONEIRA 400 L. AF_08/2019","M3",617.89]
[87287,"ARGAMASSA TRAÇO 1:1:6 (EM VOLUME DE CIMENTO, CAL E AREIA MÉDIA ÚMIDA) PARA EMBOÇO/MASSA ÚNICA/ASSENTAMENTO DE ALVENARIA DE VEDAÇÃO, PREPARO MECÂNICO COM BETONEIRA 600 L. AF_08/2019","M3",594.82000000000005]
[87331,"ARGAMASSA TRAÇO 1:1:6 (EM VOLUME DE CIMENTO, CAL E AREIA MÉDIA ÚMIDA) PARA EMBOÇO/MASSA ÚNICA/ASSENTAMENTO DE ALVENARIA DE VEDAÇÃO, PREPARO MECÂNICO COM MISTURADOR DE EIXO HORIZONTAL DE 300 KG. AF_08/2019","M3",644.02]
[87332,"ARGAMASSA TRAÇO 1:1:6 (EM VOLUME DE CIMENTO, CAL E AREIA MÉDIA ÚMIDA) PARA EMBOÇO/MASSA ÚNICA/ASSENTAMENTO DE ALVENARIA DE VEDAÇÃO, PREPARO MECÂNICO COM MISTURADOR DE EIXO HORIZONTAL DE 600 KG. AF_08/2019","M3",571.66]
[87369,"ARGAMASSA TRAÇO 1:2:8 (EM VOLUME DE CIMENTO, CAL E AREIA MÉDIA ÚMIDA) PARA EMBOÇO/MASSA ÚNICA/ASSENTAMENTO DE ALVENARIA DE VEDAÇÃO, PREPARO MANUAL. AF_08/2019","M3",723.09]
[100451,"ARGAMASSA TRAÇO 1:2:8 (EM VOLUME DE CIMENTO, CAL E AREIA MÉDIA ÚMIDA) PARA EMBOÇO/MASSA ÚNICA/ASSENTAMENTO DE ALVENARIA DE VEDAÇÃO, PREPARO MECÂNICO COM BETONEIRA 250 L. AF_08/2019","M3",0]
[87292,"ARGAMASSA TRAÇO 1:2:8 (EM VOLUME DE CIMENTO, CAL E AREIA MÉDIA ÚMIDA) PARA EMBOÇO/MASSA ÚNICA/ASSENTAMENTO DE ALVENARIA DE VEDAÇÃO, PREPARO MECÂNICO COM BETONEIRA 400 L. AF_08/2019","M3",615.84]
[87335,"ARGAMASSA TRAÇO 1:2:8 (EM VOLUME DE CIMENTO, CAL E AREIA MÉDIA ÚMIDA) PARA EMBOÇO/MASSA ÚNICA/ASSENTAMENTO DE ALVENARIA DE VEDAÇÃO, PREPARO MECÂNICO COM MISTURADOR DE EIXO HORIZONTAL DE 300 KG. AF_08/2019","M3",598.79]
[87336,"ARGAMASSA TRAÇO 1:2:8 (EM VOLUME DE CIMENTO, CAL E AREIA MÉDIA ÚMIDA) PARA EMBOÇO/MASSA ÚNICA/ASSENTAMENTO DE ALVENARIA DE VEDAÇÃO, PREPARO MECÂNICO COM MISTURADOR DE EIXO HORIZONTAL DE 600 KG. AF_08/2019","M3",582.37]
[87370,"ARGAMASSA TRAÇO 1:2:9 (EM VOLUME DE CIMENTO, CAL E AREIA MÉDIA ÚMIDA) PARA EMBOÇO/MASSA ÚNICA/ASSENTAMENTO DE ALVENARIA DE VEDAÇÃO, PREPARO MANUAL. AF_08/2019","M3",697.87]
[100452,"ARGAMASSA TRAÇO 1:2:9 (EM VOLUME DE CIMENTO, CAL E AREIA MÉDIA ÚMIDA) PARA EMBOÇO/MASSA ÚNICA/ASSENTAMENTO DE ALVENARIA DE VEDAÇÃO, PREPARO MECÂNICO COM BETONEIRA 250 L. AF_08/2019","M3",0]
[88715,"ARGAMASSA TRAÇO 1:2:9 (EM VOLUME DE CIMENTO, CAL E AREIA MÉDIA ÚMIDA) PARA EMBOÇO/MASSA ÚNICA/ASSENTAMENTO DE ALVENARIA DE VEDAÇÃO, PREPARO MECÂNICO COM BETONEIRA 400 L. AF_08/2019","M3",583.19000000000005]
[87294,"ARGAMASSA TRAÇO 1:2:9 (EM VOLUME DE CIMENTO, CAL E AREIA MÉDIA ÚMIDA) PARA EMBOÇO/MASSA ÚNICA/ASSENTAMENTO DE ALVENARIA DE VEDAÇÃO, PREPARO MECÂNICO COM BETONEIRA 600 L. AF_08/2019","M3",587.5]
[87337,"ARGAMASSA TRAÇO 1:2:9 (EM VOLUME DE CIMENTO, CAL E AREIA MÉDIA ÚMIDA) PARA EMBOÇO/MASSA ÚNICA/ASSENTAMENTO DE ALVENARIA DE VEDAÇÃO, PREPARO MECÂNICO COM MISTURADOR DE EIXO HORIZONTAL DE 300 KG. AF_08/2019","M3",593.42999999999995]
[100487,"ARGAMASSA TRAÇO 1:2:9 (EM VOLUME DE CIMENTO, CAL E AREIA MÉDIA ÚMIDA) PARA EMBOÇO/MASSA ÚNICA/ASSENTAMENTO DE ALVENARIA DE VEDAÇÃO, PREPARO MECÂNICO COM MISTURADOR DE EIXO HORIZONTAL DE 600 KG. AF_08/2019","M3",552.88]
[100467,"ARGAMASSA TRAÇO 1:3  (EM VOLUME DE CIMENTO E AREIA MÉDIA ÚMIDA), PREPARO MECÂNICO COM BETONEIRA 250 L. AF_08/2019","M3",0]
[87380,"ARGAMASSA TRAÇO 1:3 (EM VOLUME DE CIMENTO E AREIA GROSSA ÚMIDA) COM ADIÇÃO DE EMULSÃO POLIMÉRICA PARA CHAPISCO ROLADO, PREPARO MANUAL. AF_08/2019","M3",3318.73]
[100461,"ARGAMASSA TRAÇO 1:3 (EM VOLUME DE CIMENTO E AREIA GROSSA ÚMIDA) COM ADIÇÃO DE EMULSÃO POLIMÉRICA PARA CHAPISCO ROLADO, PREPARO MECÂNICO COM BETONEIRA 250 L. AF_08/2019","M3",0]
[87322,"ARGAMASSA TRAÇO 1:3 (EM VOLUME DE CIMENTO E AREIA GROSSA ÚMIDA) COM ADIÇÃO DE EMULSÃO POLIMÉRICA PARA CHAPISCO ROLADO, PREPARO MECÂNICO COM BETONEIRA 400 L. AF_08/2019","M3",3241.71]
[87323,"ARGAMASSA TRAÇO 1:3 (EM VOLUME DE CIMENTO E AREIA GROSSA ÚMIDA) COM ADIÇÃO DE EMULSÃO POLIMÉRICA PARA CHAPISCO ROLADO, PREPARO MECÂNICO COM BETONEIRA 600 L. AF_08/2019","M3",3234.1]
[87360,"ARGAMASSA TRAÇO 1:3 (EM VOLUME DE CIMENTO E AREIA GROSSA ÚMIDA) COM ADIÇÃO DE EMULSÃO POLIMÉRICA PARA CHAPISCO ROLADO, PREPARO MECÂNICO COM MISTURADOR DE EIXO HORIZONTAL DE 160 KG. AF_08/2019","M3",3219.21]
[87361,"ARGAMASSA TRAÇO 1:3 (EM VOLUME DE CIMENTO E AREIA GROSSA ÚMIDA) COM ADIÇÃO DE EMULSÃO POLIMÉRICA PARA CHAPISCO ROLADO, PREPARO MECÂNICO COM MISTURADOR DE EIXO HORIZONTAL DE 300 KG. AF_08/2019","M3",3164.67]
[87362,"ARGAMASSA TRAÇO 1:3 (EM VOLUME DE CIMENTO E AREIA GROSSA ÚMIDA) COM ADIÇÃO DE EMULSÃO POLIMÉRICA PARA CHAPISCO ROLADO, PREPARO MECÂNICO COM MISTURADOR DE EIXO HORIZONTAL DE 600 KG. AF_08/2019","M3",3155.26]
[87377,"ARGAMASSA TRAÇO 1:3 (EM VOLUME DE CIMENTO E AREIA GROSSA ÚMIDA) PARA CHAPISCO CONVENCIONAL, PREPARO MANUAL. AF_08/2019","M3",667.05]
[100458,"ARGAMASSA TRAÇO 1:3 (EM VOLUME DE CIMENTO E AREIA GROSSA ÚMIDA) PARA CHAPISCO CONVENCIONAL, PREPARO MECÂNICO COM BETONEIRA 250 L. AF_08/2019","M3",0]
[87313,"ARGAMASSA TRAÇO 1:3 (EM VOLUME DE CIMENTO E AREIA GROSSA ÚMIDA) PARA CHAPISCO CONVENCIONAL, PREPARO MECÂNICO COM BETONEIRA 400 L. AF_08/2019","M3",552.47]
[87314,"ARGAMASSA TRAÇO 1:3 (EM VOLUME DE CIMENTO E AREIA GROSSA ÚMIDA) PARA CHAPISCO CONVENCIONAL, PREPARO MECÂNICO COM BETONEIRA 600 L. AF_08/2019","M3",540.82000000000005]
[87352,"ARGAMASSA TRAÇO 1:3 (EM VOLUME DE CIMENTO E AREIA GROSSA ÚMIDA) PARA CHAPISCO CONVENCIONAL, PREPARO MECÂNICO COM MISTURADOR DE EIXO HORIZONTAL DE 160 KG. AF_08/2019","M3",646.37]
[87353,"ARGAMASSA TRAÇO 1:3 (EM VOLUME DE CIMENTO E AREIA GROSSA ÚMIDA) PARA CHAPISCO CONVENCIONAL, PREPARO MECÂNICO COM MISTURADOR DE EIXO HORIZONTAL DE 300 KG. AF_08/2019","M3",558.83000000000004]
[87354,"ARGAMASSA TRAÇO 1:3 (EM VOLUME DE CIMENTO E AREIA GROSSA ÚMIDA) PARA CHAPISCO CONVENCIONAL, PREPARO MECÂNICO COM MISTURADOR DE EIXO HORIZONTAL DE 600 KG. AF_08/2019","M3",517.26]
[100480,"ARGAMASSA TRAÇO 1:3 (EM VOLUME DE CIMENTO E AREIA MÉDIA ÚMIDA) COM ADIÇÃO DE IMPERMEABILIZANTE, PREPARO MANUAL. AF_08/2019","M3",810.1]
[100476,"ARGAMASSA TRAÇO 1:3 (EM VOLUME DE CIMENTO E AREIA MÉDIA ÚMIDA) COM ADIÇÃO DE IMPERMEABILIZANTE, PREPARO MECÂNICO COM BETONEIRA 250 L. AF_08/2019","M3",0]
[100475,"ARGAMASSA TRAÇO 1:3 (EM VOLUME DE CIMENTO E AREIA MÉDIA ÚMIDA) COM ADIÇÃO DE IMPERMEABILIZANTE, PREPARO MECÂNICO COM BETONEIRA 400 L. AF_08/2019","M3",722.24]
[100491,"ARGAMASSA TRAÇO 1:3 (EM VOLUME DE CIMENTO E AREIA MÉDIA ÚMIDA) COM ADIÇÃO DE IMPERMEABILIZANTE, PREPARO MECÂNICO COM BETONEIRA 600 L. AF_08/2019","M3",718.74]
[100477,"ARGAMASSA TRAÇO 1:3 (EM VOLUME DE CIMENTO E AREIA MÉDIA ÚMIDA) COM ADIÇÃO DE IMPERMEABILIZANTE, PREPARO MECÂNICO COM MISTURADOR DE EIXO HORIZONTAL DE 160 KG. AF_08/2019","M3",795.67]
[100478,"ARGAMASSA TRAÇO 1:3 (EM VOLUME DE CIMENTO E AREIA MÉDIA ÚMIDA) COM ADIÇÃO DE IMPERMEABILIZANTE, PREPARO MECÂNICO COM MISTURADOR DE EIXO HORIZONTAL DE 300 KG. AF_08/2019","M3",709.28]
[100479,"ARGAMASSA TRAÇO 1:3 (EM VOLUME DE CIMENTO E AREIA MÉDIA ÚMIDA) COM ADIÇÃO DE IMPERMEABILIZANTE, PREPARO MECÂNICO COM MISTURADOR DE EIXO HORIZONTAL DE 600 KG. AF_08/2019","M3",688.13]
[87372,"ARGAMASSA TRAÇO 1:3 (EM VOLUME DE CIMENTO E AREIA MÉDIA ÚMIDA) PARA CONTRAPISO, PREPARO MANUAL. AF_08/2019","M3",823.26]
[100453,"ARGAMASSA TRAÇO 1:3 (EM VOLUME DE CIMENTO E AREIA MÉDIA ÚMIDA) PARA CONTRAPISO, PREPARO MECÂNICO COM BETONEIRA 250 L. AF_08/2019","M3",0]
[87298,"ARGAMASSA TRAÇO 1:3 (EM VOLUME DE CIMENTO E AREIA MÉDIA ÚMIDA) PARA CONTRAPISO, PREPARO MECÂNICO COM BETONEIRA 400 L. AF_08/2019","M3",703.92]
[87299,"ARGAMASSA TRAÇO 1:3 (EM VOLUME DE CIMENTO E AREIA MÉDIA ÚMIDA) PARA CONTRAPISO, PREPARO MECÂNICO COM BETONEIRA 600 L. AF_08/2019","M3",476.47]
[87339,"ARGAMASSA TRAÇO 1:3 (EM VOLUME DE CIMENTO E AREIA MÉDIA ÚMIDA) PARA CONTRAPISO, PREPARO MECÂNICO COM MISTURADOR DE EIXO HORIZONTAL DE 160 KG. AF_08/2019","M3",845.22]
[87340,"ARGAMASSA TRAÇO 1:3 (EM VOLUME DE CIMENTO E AREIA MÉDIA ÚMIDA) PARA CONTRAPISO, PREPARO MECÂNICO COM MISTURADOR DE EIXO HORIZONTAL DE 300 KG. AF_08/2019","M3",703.77]
[87341,"ARGAMASSA TRAÇO 1:3 (EM VOLUME DE CIMENTO E AREIA MÉDIA ÚMIDA) PARA CONTRAPISO, PREPARO MECÂNICO COM MISTURADOR DE EIXO HORIZONTAL DE 600 KG. AF_08/2019","M3",665.79]
[88629,"ARGAMASSA TRAÇO 1:3 (EM VOLUME DE CIMENTO E AREIA MÉDIA ÚMIDA), PREPARO MANUAL. AF_08/2019","M3",675.77]
[88628,"ARGAMASSA TRAÇO 1:3 (EM VOLUME DE CIMENTO E AREIA MÉDIA ÚMIDA), PREPARO MECÂNICO COM BETONEIRA 400 L. AF_08/2019","M3",585.51]
[100489,"ARGAMASSA TRAÇO 1:3 (EM VOLUME DE CIMENTO E AREIA MÉDIA ÚMIDA), PREPARO MECÂNICO COM BETONEIRA 600 L. AF_08/2019","M3",581.14]
[100468,"ARGAMASSA TRAÇO 1:3 (EM VOLUME DE CIMENTO E AREIA MÉDIA ÚMIDA), PREPARO MECÂNICO COM MISTURADOR DE EIXO HORIZONTAL DE 160 KG. AF_08/2019","M3",724.05]
[100469,"ARGAMASSA TRAÇO 1:3 (EM VOLUME DE CIMENTO E AREIA MÉDIA ÚMIDA), PREPARO MECÂNICO COM MISTURADOR DE EIXO HORIZONTAL DE 300 KG. AF_08/2019","M3",575.69000000000005]
[100470,"ARGAMASSA TRAÇO 1:3 (EM VOLUME DE CIMENTO E AREIA MÉDIA ÚMIDA), PREPARO MECÂNICO COM MISTURADOR DE EIXO HORIZONTAL DE 600 KG. AF_08/2019","M3",528.35]
[87371,"ARGAMASSA TRAÇO 1:3:12 (EM VOLUME DE CIMENTO, CAL E AREIA MÉDIA ÚMIDA) PARA EMBOÇO/MASSA ÚNICA/ASSENTAMENTO DE ALVENARIA DE VEDAÇÃO, PREPARO MANUAL. AF_08/2019","M3",689.2]
[87295,"ARGAMASSA TRAÇO 1:3:12 (EM VOLUME DE CIMENTO, CAL E AREIA MÉDIA ÚMIDA) PARA EMBOÇO/MASSA ÚNICA/ASSENTAMENTO DE ALVENARIA DE VEDAÇÃO, PREPARO MECÂNICO COM BETONEIRA 400 L. AF_08/2019","M3",609.02]
[87296,"ARGAMASSA TRAÇO 1:3:12 (EM VOLUME DE CIMENTO, CAL E AREIA MÉDIA ÚMIDA) PARA EMBOÇO/MASSA ÚNICA/ASSENTAMENTO DE ALVENARIA DE VEDAÇÃO, PREPARO MECÂNICO COM BETONEIRA 600 L. AF_08/2019","M3",574.59]
[87338,"ARGAMASSA TRAÇO 1:3:12 (EM VOLUME DE CIMENTO, CAL E AREIA MÉDIA ÚMIDA) PARA EMBOÇO/MASSA ÚNICA/ASSENTAMENTO DE ALVENARIA DE VEDAÇÃO, PREPARO MECÂNICO COM MISTURADOR DE EIXO HORIZONTAL DE 600 KG. AF_08/2019","M3",572.83000000000004]
[88630,"ARGAMASSA TRAÇO 1:4 (CIMENTO E AREIA MÉDIA), PREPARO MECÂNICO COM BETONEIRA 400 L. AF_08/2019","M3",509.54]
[87381,"ARGAMASSA TRAÇO 1:4 (EM VOLUME DE CIMENTO E AREIA GROSSA ÚMIDA) COM ADIÇÃO DE EMULSÃO POLIMÉRICA PARA CHAPISCO ROLADO, PREPARO MANUAL. AF_08/2019","M3",3261.3]
[100462,"ARGAMASSA TRAÇO 1:4 (EM VOLUME DE CIMENTO E AREIA GROSSA ÚMIDA) COM ADIÇÃO DE EMULSÃO POLIMÉRICA PARA CHAPISCO ROLADO, PREPARO MECÂNICO COM BETONEIRA 250 L. AF_08/2019","M3",0]
[87325,"ARGAMASSA TRAÇO 1:4 (EM VOLUME DE CIMENTO E AREIA GROSSA ÚMIDA) COM ADIÇÃO DE EMULSÃO POLIMÉRICA PARA CHAPISCO ROLADO, PREPARO MECÂNICO COM BETONEIRA 400 L. AF_08/2019","M3",3167.9]
[87326,"ARGAMASSA TRAÇO 1:4 (EM VOLUME DE CIMENTO E AREIA GROSSA ÚMIDA) COM ADIÇÃO DE EMULSÃO POLIMÉRICA PARA CHAPISCO ROLADO, PREPARO MECÂNICO COM BETONEIRA 600 L. AF_08/2019","M3",3167.47]
[87363,"ARGAMASSA TRAÇO 1:4 (EM VOLUME DE CIMENTO E AREIA GROSSA ÚMIDA) COM ADIÇÃO DE EMULSÃO POLIMÉRICA PARA CHAPISCO ROLADO, PREPARO MECÂNICO COM MISTURADOR DE EIXO HORIZONTAL DE 300 KG. AF_08/2019","M3",3150.98]
[87364,"ARGAMASSA TRAÇO 1:4 (EM VOLUME DE CIMENTO E AREIA GROSSA ÚMIDA) COM ADIÇÃO DE EMULSÃO POLIMÉRICA PARA CHAPISCO ROLADO, PREPARO MECÂNICO COM MISTURADOR DE EIXO HORIZONTAL DE 600 KG. AF_08/2019","M3",3108.5]
[87378,"ARGAMASSA TRAÇO 1:4 (EM VOLUME DE CIMENTO E AREIA GROSSA ÚMIDA) PARA CHAPISCO CONVENCIONAL, PREPARO MANUAL. AF_08/2019","M3",607.9]
[100459,"ARGAMASSA TRAÇO 1:4 (EM VOLUME DE CIMENTO E AREIA GROSSA ÚMIDA) PARA CHAPISCO CONVENCIONAL, PREPARO MECÂNICO COM BETONEIRA 250 L. AF_08/2019","M3",0]
[87316,"ARGAMASSA TRAÇO 1:4 (EM VOLUME DE CIMENTO E AREIA GROSSA ÚMIDA) PARA CHAPISCO CONVENCIONAL, PREPARO MECÂNICO COM BETONEIRA 400 L. AF_08/2019","M3",508.56]
[87317,"ARGAMASSA TRAÇO 1:4 (EM VOLUME DE CIMENTO E AREIA GROSSA ÚMIDA) PARA CHAPISCO CONVENCIONAL, PREPARO MECÂNICO COM BETONEIRA 600 L. AF_08/2019","M3",488.8]
[87355,"ARGAMASSA TRAÇO 1:4 (EM VOLUME DE CIMENTO E AREIA GROSSA ÚMIDA) PARA CHAPISCO CONVENCIONAL, PREPARO MECÂNICO COM MISTURADOR DE EIXO HORIZONTAL DE 160 KG. AF_08/2019","M3",553.46]
[87356,"ARGAMASSA TRAÇO 1:4 (EM VOLUME DE CIMENTO E AREIA GROSSA ÚMIDA) PARA CHAPISCO CONVENCIONAL, PREPARO MECÂNICO COM MISTURADOR DE EIXO HORIZONTAL DE 300 KG. AF_08/2019","M3",494.41]
[87357,"ARGAMASSA TRAÇO 1:4 (EM VOLUME DE CIMENTO E AREIA GROSSA ÚMIDA) PARA CHAPISCO CONVENCIONAL, PREPARO MECÂNICO COM MISTURADOR DE EIXO HORIZONTAL DE 600 KG. AF_08/2019","M3",463.59]
[100486,"ARGAMASSA TRAÇO 1:4 (EM VOLUME DE CIMENTO E AREIA MÉDIA ÚMIDA) COM ADIÇÃO DE IMPERMEABILIZANTE, PREPARO MANUAL. AF_08/2019","M3",724.75]
[100482,"ARGAMASSA TRAÇO 1:4 (EM VOLUME DE CIMENTO E AREIA MÉDIA ÚMIDA) COM ADIÇÃO DE IMPERMEABILIZANTE, PREPARO MECÂNICO COM BETONEIRA 250 L. AF_08/2019","M3",0]
[100481,"ARGAMASSA TRAÇO 1:4 (EM VOLUME DE CIMENTO E AREIA MÉDIA ÚMIDA) COM ADIÇÃO DE IMPERMEABILIZANTE, PREPARO MECÂNICO COM BETONEIRA 400 L. AF_08/2019","M3",631.16]
[100492,"ARGAMASSA TRAÇO 1:4 (EM VOLUME DE CIMENTO E AREIA MÉDIA ÚMIDA) COM ADIÇÃO DE IMPERMEABILIZANTE, PREPARO MECÂNICO COM BETONEIRA 600 L. AF_08/2019","M3",628.26]
[100483,"ARGAMASSA TRAÇO 1:4 (EM VOLUME DE CIMENTO E AREIA MÉDIA ÚMIDA) COM ADIÇÃO DE IMPERMEABILIZANTE, PREPARO MECÂNICO COM MISTURADOR DE EIXO HORIZONTAL DE 160 KG. AF_08/2019","M3",685.89]
[100484,"ARGAMASSA TRAÇO 1:4 (EM VOLUME DE CIMENTO E AREIA MÉDIA ÚMIDA) COM ADIÇÃO DE IMPERMEABILIZANTE, PREPARO MECÂNICO COM MISTURADOR DE EIXO HORIZONTAL DE 300 KG. AF_08/2019","M3",631.35]
[100485,"ARGAMASSA TRAÇO 1:4 (EM VOLUME DE CIMENTO E AREIA MÉDIA ÚMIDA) COM ADIÇÃO DE IMPERMEABILIZANTE, PREPARO MECÂNICO COM MISTURADOR DE EIXO HORIZONTAL DE 600 KG. AF_08/2019","M3",606.37]
[87373,"ARGAMASSA TRAÇO 1:4 (EM VOLUME DE CIMENTO E AREIA MÉDIA ÚMIDA) PARA CONTRAPISO, PREPARO MANUAL. AF_08/2019","M3",742.41]
[100454,"ARGAMASSA TRAÇO 1:4 (EM VOLUME DE CIMENTO E AREIA MÉDIA ÚMIDA) PARA CONTRAPISO, PREPARO MECÂNICO COM BETONEIRA 250 L. AF_08/2019","M3",0]
[87301,"ARGAMASSA TRAÇO 1:4 (EM VOLUME DE CIMENTO E AREIA MÉDIA ÚMIDA) PARA CONTRAPISO, PREPARO MECÂNICO COM BETONEIRA 400 L. AF_08/2019","M3",642.55999999999995]
[87302,"ARGAMASSA TRAÇO 1:4 (EM VOLUME DE CIMENTO E AREIA MÉDIA ÚMIDA) PARA CONTRAPISO, PREPARO MECÂNICO COM BETONEIRA 600 L. AF_08/2019","M3",629.46]
[87342,"ARGAMASSA TRAÇO 1:4 (EM VOLUME DE CIMENTO E AREIA MÉDIA ÚMIDA) PARA CONTRAPISO, PREPARO MECÂNICO COM MISTURADOR DE EIXO HORIZONTAL DE 160 KG. AF_08/2019","M3",725.48]
[87343,"ARGAMASSA TRAÇO 1:4 (EM VOLUME DE CIMENTO E AREIA MÉDIA ÚMIDA) PARA CONTRAPISO, PREPARO MECÂNICO COM MISTURADOR DE EIXO HORIZONTAL DE 300 KG. AF_08/2019","M3",645.46]
[87344,"ARGAMASSA TRAÇO 1:4 (EM VOLUME DE CIMENTO E AREIA MÉDIA ÚMIDA) PARA CONTRAPISO, PREPARO MECÂNICO COM MISTURADOR DE EIXO HORIZONTAL DE 600 KG. AF_08/2019","M3",598.71]
[88631,"ARGAMASSA TRAÇO 1:4 (EM VOLUME DE CIMENTO E AREIA MÉDIA ÚMIDA), PREPARO MANUAL. AF_08/2019","M3",611.16999999999996]
[100471,"ARGAMASSA TRAÇO 1:4 (EM VOLUME DE CIMENTO E AREIA MÉDIA ÚMIDA), PREPARO MECÂNICO COM BETONEIRA 250 L. AF_08/2019","M3",0]
[100490,"ARGAMASSA TRAÇO 1:4 (EM VOLUME DE CIMENTO E AREIA MÉDIA ÚMIDA), PREPARO MECÂNICO COM BETONEIRA 600 L. AF_08/2019","M3",518.85]
[100472,"ARGAMASSA TRAÇO 1:4 (EM VOLUME DE CIMENTO E AREIA MÉDIA ÚMIDA), PREPARO MECÂNICO COM MISTURADOR DE EIXO HORIZONTAL DE 160 KG. AF_08/2019","M3",580.66]
[100473,"ARGAMASSA TRAÇO 1:4 (EM VOLUME DE CIMENTO E AREIA MÉDIA ÚMIDA), PREPARO MECÂNICO COM MISTURADOR DE EIXO HORIZONTAL DE 300 KG. AF_08/2019","M3",525.12]
[100474,"ARGAMASSA TRAÇO 1:4 (EM VOLUME DE CIMENTO E AREIA MÉDIA ÚMIDA), PREPARO MECÂNICO COM MISTURADOR DE EIXO HORIZONTAL DE 600 KG. AF_08/2019","M3",498.6]
[87379,"ARGAMASSA TRAÇO 1:5 (EM VOLUME DE CIMENTO E AREIA GROSSA ÚMIDA) COM ADIÇÃO DE EMULSÃO POLIMÉRICA PARA CHAPISCO ROLADO, PREPARO MANUAL. AF_08/2019","M3",3231.45]
[100460,"ARGAMASSA TRAÇO 1:5 (EM VOLUME DE CIMENTO E AREIA GROSSA ÚMIDA) COM ADIÇÃO DE EMULSÃO POLIMÉRICA PARA CHAPISCO ROLADO, PREPARO MECÂNICO COM BETONEIRA 250 L. AF_08/2019","M3",0]
[87319,"ARGAMASSA TRAÇO 1:5 (EM VOLUME DE CIMENTO E AREIA GROSSA ÚMIDA) COM ADIÇÃO DE EMULSÃO POLIMÉRICA PARA CHAPISCO ROLADO, PREPARO MECÂNICO COM BETONEIRA 400 L. AF_08/2019","M3",3139.8]
[87320,"ARGAMASSA TRAÇO 1:5 (EM VOLUME DE CIMENTO E AREIA GROSSA ÚMIDA) COM ADIÇÃO DE EMULSÃO POLIMÉRICA PARA CHAPISCO ROLADO, PREPARO MECÂNICO COM BETONEIRA 600 L. AF_08/2019","M3",3140.66]
[87358,"ARGAMASSA TRAÇO 1:5 (EM VOLUME DE CIMENTO E AREIA GROSSA ÚMIDA) COM ADIÇÃO DE EMULSÃO POLIMÉRICA PARA CHAPISCO ROLADO, PREPARO MECÂNICO COM MISTURADOR DE EIXO HORIZONTAL DE 300 KG. AF_08/2019","M3",3113.77]
[87359,"ARGAMASSA TRAÇO 1:5 (EM VOLUME DE CIMENTO E AREIA GROSSA ÚMIDA) COM ADIÇÃO DE EMULSÃO POLIMÉRICA PARA CHAPISCO ROLADO, PREPARO MECÂNICO COM MISTURADOR DE EIXO HORIZONTAL DE 600 KG. AF_08/2019","M3",3075.97]
[87376,"ARGAMASSA TRAÇO 1:5 (EM VOLUME DE CIMENTO E AREIA GROSSA ÚMIDA) PARA CHAPISCO CONVENCIONAL, PREPARO MANUAL. AF_08/2019","M3",576.39]
[100457,"ARGAMASSA TRAÇO 1:5 (EM VOLUME DE CIMENTO E AREIA GROSSA ÚMIDA) PARA CHAPISCO CONVENCIONAL, PREPARO MECÂNICO COM BETONEIRA 250 L. AF_08/2019","M3",0]
[87310,"ARGAMASSA TRAÇO 1:5 (EM VOLUME DE CIMENTO E AREIA GROSSA ÚMIDA) PARA CHAPISCO CONVENCIONAL, PREPARO MECÂNICO COM BETONEIRA 400 L. AF_08/2019","M3",466.24]
[87311,"ARGAMASSA TRAÇO 1:5 (EM VOLUME DE CIMENTO E AREIA GROSSA ÚMIDA) PARA CHAPISCO CONVENCIONAL, PREPARO MECÂNICO COM BETONEIRA 600 L. AF_08/2019","M3",452.85]
[87350,"ARGAMASSA TRAÇO 1:5 (EM VOLUME DE CIMENTO E AREIA GROSSA ÚMIDA) PARA CHAPISCO CONVENCIONAL, PREPARO MECÂNICO COM MISTURADOR DE EIXO HORIZONTAL DE 300 KG. AF_08/2019","M3",519.54]
[87351,"ARGAMASSA TRAÇO 1:5 (EM VOLUME DE CIMENTO E AREIA GROSSA ÚMIDA) PARA CHAPISCO CONVENCIONAL, PREPARO MECÂNICO COM MISTURADOR DE EIXO HORIZONTAL DE 600 KG. AF_08/2019","M3",435.5]
[87374,"ARGAMASSA TRAÇO 1:5 (EM VOLUME DE CIMENTO E AREIA MÉDIA ÚMIDA) PARA CONTRAPISO, PREPARO MANUAL. AF_08/2019","M3",697.37]
[100455,"ARGAMASSA TRAÇO 1:5 (EM VOLUME DE CIMENTO E AREIA MÉDIA ÚMIDA) PARA CONTRAPISO, PREPARO MECÂNICO COM BETONEIRA 250 L. AF_08/2019","M3",0]
[87304,"ARGAMASSA TRAÇO 1:5 (EM VOLUME DE CIMENTO E AREIA MÉDIA ÚMIDA) PARA CONTRAPISO, PREPARO MECÂNICO COM BETONEIRA 400 L. AF_08/2019","M3",586.26]
[87305,"ARGAMASSA TRAÇO 1:5 (EM VOLUME DE CIMENTO E AREIA MÉDIA ÚMIDA) PARA CONTRAPISO, PREPARO MECÂNICO COM BETONEIRA 600 L. AF_08/2019","M3",586.41]
[87345,"ARGAMASSA TRAÇO 1:5 (EM VOLUME DE CIMENTO E AREIA MÉDIA ÚMIDA) PARA CONTRAPISO, PREPARO MECÂNICO COM MISTURADOR DE EIXO HORIZONTAL DE 160 KG. AF_08/2019","M3",655.92]
[87346,"ARGAMASSA TRAÇO 1:5 (EM VOLUME DE CIMENTO E AREIA MÉDIA ÚMIDA) PARA CONTRAPISO, PREPARO MECÂNICO COM MISTURADOR DE EIXO HORIZONTAL DE 300 KG. AF_08/2019","M3",589.88]
[87347,"ARGAMASSA TRAÇO 1:5 (EM VOLUME DE CIMENTO E AREIA MÉDIA ÚMIDA) PARA CONTRAPISO, PREPARO MECÂNICO COM MISTURADOR DE EIXO HORIZONTAL DE 600 KG. AF_08/2019","M3",552.45000000000005]
[87366,"ARGAMASSA TRAÇO 1:6 (EM VOLUME DE CIMENTO E AREIA MÉDIA ÚMIDA) COM ADIÇÃO DE PLASTIFICANTE PARA EMBOÇO/MASSA ÚNICA/ASSENTAMENTO DE ALVENARIA DE VEDAÇÃO, PREPARO MANUAL. AF_08/2019","M3",603.83000000000004]
[100448,"ARGAMASSA TRAÇO 1:6 (EM VOLUME DE CIMENTO E AREIA MÉDIA ÚMIDA) COM ADIÇÃO DE PLASTIFICANTE PARA EMBOÇO/MASSA ÚNICA/ASSENTAMENTO DE ALVENARIA DE VEDAÇÃO, PREPARO MECÂNICO COM BETONEIRA 250 L. AF_08/2019","M3",0]
[87283,"ARGAMASSA TRAÇO 1:6 (EM VOLUME DE CIMENTO E AREIA MÉDIA ÚMIDA) COM ADIÇÃO DE PLASTIFICANTE PARA EMBOÇO/MASSA ÚNICA/ASSENTAMENTO DE ALVENARIA DE VEDAÇÃO, PREPARO MECÂNICO COM BETONEIRA 400 L. AF_08/2019","M3",489.82]
[87284,"ARGAMASSA TRAÇO 1:6 (EM VOLUME DE CIMENTO E AREIA MÉDIA ÚMIDA) COM ADIÇÃO DE PLASTIFICANTE PARA EMBOÇO/MASSA ÚNICA/ASSENTAMENTO DE ALVENARIA DE VEDAÇÃO, PREPARO MECÂNICO COM BETONEIRA 600 L. AF_08/2019","M3",478.34]
[87329,"ARGAMASSA TRAÇO 1:6 (EM VOLUME DE CIMENTO E AREIA MÉDIA ÚMIDA) COM ADIÇÃO DE PLASTIFICANTE PARA EMBOÇO/MASSA ÚNICA/ASSENTAMENTO DE ALVENARIA DE VEDAÇÃO, PREPARO MECÂNICO COM MISTURADOR DE EIXO HORIZONTAL DE 300 KG. AF_08/2019","M3",537.45000000000005]
[87330,"ARGAMASSA TRAÇO 1:6 (EM VOLUME DE CIMENTO E AREIA MÉDIA ÚMIDA) COM ADIÇÃO DE PLASTIFICANTE PARA EMBOÇO/MASSA ÚNICA/ASSENTAMENTO DE ALVENARIA DE VEDAÇÃO, PREPARO MECÂNICO COM MISTURADOR DE EIXO HORIZONTAL DE 600 KG. AF_08/2019","M3",458.9]
[87375,"ARGAMASSA TRAÇO 1:6 (EM VOLUME DE CIMENTO E AREIA MÉDIA ÚMIDA) PARA CONTRAPISO, PREPARO MANUAL. AF_08/2019","M3",668.95]
[100456,"ARGAMASSA TRAÇO 1:6 (EM VOLUME DE CIMENTO E AREIA MÉDIA ÚMIDA) PARA CONTRAPISO, PREPARO MECÂNICO COM BETONEIRA 250 L. AF_08/2019","M3",0]
[87307,"ARGAMASSA TRAÇO 1:6 (EM VOLUME DE CIMENTO E AREIA MÉDIA ÚMIDA) PARA CONTRAPISO, PREPARO MECÂNICO COM BETONEIRA 400 L. AF_08/2019","M3",563.84]
[87308,"ARGAMASSA TRAÇO 1:6 (EM VOLUME DE CIMENTO E AREIA MÉDIA ÚMIDA) PARA CONTRAPISO, PREPARO MECÂNICO COM BETONEIRA 600 L. AF_08/2019","M3",550.04999999999995]
[87348,"ARGAMASSA TRAÇO 1:6 (EM VOLUME DE CIMENTO E AREIA MÉDIA ÚMIDA) PARA CONTRAPISO, PREPARO MECÂNICO COM MISTURADOR DE EIXO HORIZONTAL DE 160 KG. AF_08/2019","M3",603.97]
[87349,"ARGAMASSA TRAÇO 1:6 (EM VOLUME DE CIMENTO E AREIA MÉDIA ÚMIDA) PARA CONTRAPISO, PREPARO MECÂNICO COM MISTURADOR DE EIXO HORIZONTAL DE 600 KG. AF_08/2019","M3",515.12]
[87365,"ARGAMASSA TRAÇO 1:7 (EM VOLUME DE CIMENTO E AREIA MÉDIA ÚMIDA) COM ADIÇÃO DE PLASTIFICANTE PARA EMBOÇO/MASSA ÚNICA/ASSENTAMENTO DE ALVENARIA DE VEDAÇÃO, PREPARO MANUAL. AF_08/2019","M3",575.13]
[100447,"ARGAMASSA TRAÇO 1:7 (EM VOLUME DE CIMENTO E AREIA MÉDIA ÚMIDA) COM ADIÇÃO DE PLASTIFICANTE PARA EMBOÇO/MASSA ÚNICA/ASSENTAMENTO DE ALVENARIA DE VEDAÇÃO, PREPARO MECÂNICO COM BETONEIRA 250 L. AF_08/2019","M3",0]
[87280,"ARGAMASSA TRAÇO 1:7 (EM VOLUME DE CIMENTO E AREIA MÉDIA ÚMIDA) COM ADIÇÃO DE PLASTIFICANTE PARA EMBOÇO/MASSA ÚNICA/ASSENTAMENTO DE ALVENARIA DE VEDAÇÃO, PREPARO MECÂNICO COM BETONEIRA 400 L. AF_08/2019","M3",476.42]
[87281,"ARGAMASSA TRAÇO 1:7 (EM VOLUME DE CIMENTO E AREIA MÉDIA ÚMIDA) COM ADIÇÃO DE PLASTIFICANTE PARA EMBOÇO/MASSA ÚNICA/ASSENTAMENTO DE ALVENARIA DE VEDAÇÃO, PREPARO MECÂNICO COM BETONEIRA 600 L. AF_08/2019","M3",466.48]
[87327,"ARGAMASSA TRAÇO 1:7 (EM VOLUME DE CIMENTO E AREIA MÉDIA ÚMIDA) COM ADIÇÃO DE PLASTIFICANTE PARA EMBOÇO/MASSA ÚNICA/ASSENTAMENTO DE ALVENARIA DE VEDAÇÃO, PREPARO MECÂNICO COM MISTURADOR DE EIXO HORIZONTAL DE 300 KG. AF_08/2019","M3",503.47]
[87328,"ARGAMASSA TRAÇO 1:7 (EM VOLUME DE CIMENTO E AREIA MÉDIA ÚMIDA) COM ADIÇÃO DE PLASTIFICANTE PARA EMBOÇO/MASSA ÚNICA/ASSENTAMENTO DE ALVENARIA DE VEDAÇÃO, PREPARO MECÂNICO COM MISTURADOR DE EIXO HORIZONTAL DE 600 KG. AF_08/2019","M3",433.89]
[87410,"ARGAMASSA À BASE DE GESSO, MISTURA E PROJEÇÃO DE 1,5 M³/H DE ARGAMASSA. AF_08/2019","M3",903.01]
[95577,"MONTAGEM DE ARMADURA DE ESTACAS, DIÂMETRO = 10,0 MM. AF_09/2021_PS","KG",10.4]
[95578,"MONTAGEM DE ARMADURA DE ESTACAS, DIÂMETRO = 12,5 MM. AF_09/2021_PS","KG",8.6199999999999992]
[95579,"MONTAGEM DE ARMADURA DE ESTACAS, DIÂMETRO = 16,0 MM. AF_09/2021_PS","KG",8.32]
[95580,"MONTAGEM DE ARMADURA DE ESTACAS, DIÂMETRO = 20,0 MM. AF_09/2021_PS","KG",9.56]
[95581,"MONTAGEM DE ARMADURA DE ESTACAS, DIÂMETRO = 25,0 MM. AF_09/2021_PS","KG",9.52]
[95582,"MONTAGEM DE ARMADURA DE ESTACAS, DIÂMETRO = 32,0 MM. AF_09/2021_PS","KG",10.35]
[95576,"MONTAGEM DE ARMADURA DE ESTACAS, DIÂMETRO = 8,0 MM. AF_09/2021_PS","KG",12.31]
[95583,"MONTAGEM DE ARMADURA TRANSVERSAL DE ESTACAS DE SEÇÃO CIRCULAR, DIÂMETRO = 5,0 MM. AF_09/2021_PS","KG",15.81]
[95584,"MONTAGEM DE ARMADURA TRANSVERSAL DE ESTACAS DE SEÇÃO CIRCULAR, DIÂMETRO = 6,30 MM. AF_09/2021_PS","KG",13.78]
[95593,"MONTAGEM DE ARMADURA TRANSVERSAL DE ESTACAS DE SEÇÃO RETANGULAR, DIÂMETRO = 6,30 MM. AF_09/2021_PS","KG",13.78]
[95592,"MONTAGEM DE ARMADURA TRANVERSAL DE ESTACAS DE SEÇÃO RETANGULAR, DIÂMETRO = 5,0 MM. AF_09/2021_PS","KG",15.81]
[92919,"ARMAÇÃO DE ESTRUTURAS DIVERSAS DE CONCRETO ARMADO, EXCETO VIGAS, PILARES, LAJES E FUNDAÇÕES, UTILIZANDO AÇO CA-50 DE 10,0 MM - MONTAGEM. AF_06/2022","KG",11.78]
[92921,"ARMAÇÃO DE ESTRUTURAS DIVERSAS DE CONCRETO ARMADO, EXCETO VIGAS, PILARES, LAJES E FUNDAÇÕES, UTILIZANDO AÇO CA-50 DE 12,5 MM - MONTAGEM. AF_06/2022","KG",9.67]
[92922,"ARMAÇÃO DE ESTRUTURAS DIVERSAS DE CONCRETO ARMADO, EXCETO VIGAS, PILARES, LAJES E FUNDAÇÕES, UTILIZANDO AÇO CA-50 DE 16,0 MM - MONTAGEM. AF_06/2022","KG",9.2100000000000009]
[92923,"ARMAÇÃO DE ESTRUTURAS DIVERSAS DE CONCRETO ARMADO, EXCETO VIGAS, PILARES, LAJES E FUNDAÇÕES, UTILIZANDO AÇO CA-50 DE 20,0 MM - MONTAGEM. AF_06/2022","KG",10.28]
[92924,"ARMAÇÃO DE ESTRUTURAS DIVERSAS DE CONCRETO ARMADO, EXCETO VIGAS, PILARES, LAJES E FUNDAÇÕES, UTILIZANDO AÇO CA-50 DE 25,0 MM - MONTAGEM. AF_06/2022","KG",10.08]
[104104,"ARMAÇÃO DE ESTRUTURAS DIVERSAS DE CONCRETO ARMADO, EXCETO VIGAS, PILARES, LAJES E FUNDAÇÕES, UTILIZANDO AÇO CA-50 DE 32,0 MM - MONTAGEM. AF_06/2022","KG",10.51]
[92916,"ARMAÇÃO DE ESTRUTURAS DIVERSAS DE CONCRETO ARMADO, EXCETO VIGAS, PILARES, LAJES E FUNDAÇÕES, UTILIZANDO AÇO CA-50 DE 6,3 MM - MONTAGEM. AF_06/2022","KG",15.05]
[92917,"ARMAÇÃO DE ESTRUTURAS DIVERSAS DE CONCRETO ARMADO, EXCETO VIGAS, PILARES, LAJES E FUNDAÇÕES, UTILIZANDO AÇO CA-50 DE 8,0 MM - MONTAGEM. AF_06/2022","KG",13.56]
[92915,"ARMAÇÃO DE ESTRUTURAS DIVERSAS DE CONCRETO ARMADO, EXCETO VIGAS, PILARES, LAJES E FUNDAÇÕES, UTILIZANDO AÇO CA-60 DE 5,0 MM - MONTAGEM. AF_06/2022","KG",16.670000000000002]
[92771,"ARMAÇÃO DE LAJE DE ESTRUTURA CONVENCIONAL DE CONCRETO ARMADO UTILIZANDO AÇO CA-50 DE 10,0 MM - MONTAGEM. AF_06/2022","KG",10.29]
[92772,"ARMAÇÃO DE LAJE DE ESTRUTURA CONVENCIONAL DE CONCRETO ARMADO UTILIZANDO AÇO CA-50 DE 12,5 MM - MONTAGEM. AF_06/2022","KG",8.6]
[92773,"ARMAÇÃO DE LAJE DE ESTRUTURA CONVENCIONAL DE CONCRETO ARMADO UTILIZANDO AÇO CA-50 DE 16,0 MM - MONTAGEM. AF_06/2022","KG",8.43]
[92774,"ARMAÇÃO DE LAJE DE ESTRUTURA CONVENCIONAL DE CONCRETO ARMADO UTILIZANDO AÇO CA-50 DE 20,0 MM - MONTAGEM. AF_06/2022","KG",9.7200000000000006]
[92769,"ARMAÇÃO DE LAJE DE ESTRUTURA CONVENCIONAL DE CONCRETO ARMADO UTILIZANDO AÇO CA-50 DE 6,3 MM - MONTAGEM. AF_06/2022","KG",12.45]
[92770,"ARMAÇÃO DE LAJE DE ESTRUTURA CONVENCIONAL DE CONCRETO ARMADO UTILIZANDO AÇO CA-50 DE 8,0 MM - MONTAGEM. AF_06/2022","KG",11.59]
[92767,"ARMAÇÃO DE LAJE DE ESTRUTURA CONVENCIONAL DE CONCRETO ARMADO UTILIZANDO AÇO CA-60 DE 4,2 MM - MONTAGEM. AF_06/2022","KG",15.34]
[92768,"ARMAÇÃO DE LAJE DE ESTRUTURA CONVENCIONAL DE CONCRETO ARMADO UTILIZANDO AÇO CA-60 DE 5,0 MM - MONTAGEM. AF_06/2022","KG",13.35]
[92762,"ARMAÇÃO DE PILAR OU VIGA DE ESTRUTURA CONVENCIONAL DE CONCRETO ARMADO UTILIZANDO AÇO CA-50 DE 10,0 MM - MONTAGEM. AF_06/2022","KG",10.76]
[92763,"ARMAÇÃO DE PILAR OU VIGA DE ESTRUTURA CONVENCIONAL DE CONCRETO ARMADO UTILIZANDO AÇO CA-50 DE 12,5 MM - MONTAGEM. AF_06/2022","KG",9]
[92764,"ARMAÇÃO DE PILAR OU VIGA DE ESTRUTURA CONVENCIONAL DE CONCRETO ARMADO UTILIZANDO AÇO CA-50 DE 16,0 MM - MONTAGEM. AF_06/2022","KG",8.7100000000000009]
[92765,"ARMAÇÃO DE PILAR OU VIGA DE ESTRUTURA CONVENCIONAL DE CONCRETO ARMADO UTILIZANDO AÇO CA-50 DE 20,0 MM - MONTAGEM. AF_06/2022","KG",9.8800000000000008]
[92766,"ARMAÇÃO DE PILAR OU VIGA DE ESTRUTURA CONVENCIONAL DE CONCRETO ARMADO UTILIZANDO AÇO CA-50 DE 25,0 MM - MONTAGEM. AF_06/2022","KG",9.77]
[104105,"ARMAÇÃO DE PILAR OU VIGA DE ESTRUTURA CONVENCIONAL DE CONCRETO ARMADO UTILIZANDO AÇO CA-50 DE 32,0 MM. AF_06/2022","KG",10.52]
[92760,"ARMAÇÃO DE PILAR OU VIGA DE ESTRUTURA CONVENCIONAL DE CONCRETO ARMADO UTILIZANDO AÇO CA-50 DE 6,3 MM - MONTAGEM. AF_06/2022","KG",13]
[92761,"ARMAÇÃO DE PILAR OU VIGA DE ESTRUTURA CONVENCIONAL DE CONCRETO ARMADO UTILIZANDO AÇO CA-50 DE 8,0 MM - MONTAGEM. AF_06/2022","KG",12.1]
[92759,"ARMAÇÃO DE PILAR OU VIGA DE ESTRUTURA CONVENCIONAL DE CONCRETO ARMADO UTILIZANDO AÇO CA-60 DE 5,0 MM - MONTAGEM. AF_06/2022","KG",13.9]
[104108,"ARMAÇÃO DE PILAR OU VIGA DE ESTRUTURA DE CONCRETO ARMADO EMBUTIDA EM ALVENARIA DE VEDAÇÃO UTILIZANDO AÇO CA-50 DE 10,0 MM - MONTAGEM. AF_06/2022","KG",12.57]
[104107,"ARMAÇÃO DE PILAR OU VIGA DE ESTRUTURA DE CONCRETO ARMADO EMBUTIDA EM ALVENARIA DE VEDAÇÃO UTILIZANDO AÇO CA-50 DE 12,5 MM - MONTAGEM. AF_06/2022","KG",10.56]
[104106,"ARMAÇÃO DE PILAR OU VIGA DE ESTRUTURA DE CONCRETO ARMADO EMBUTIDA EM ALVENARIA DE VEDAÇÃO UTILIZANDO AÇO CA-50 DE 16,0 MM - MONTAGEM. AF_06/2022","KG",9.89]
[104110,"ARMAÇÃO DE PILAR OU VIGA DE ESTRUTURA DE CONCRETO ARMADO EMBUTIDA EM ALVENARIA DE VEDAÇÃO UTILIZANDO AÇO CA-50 DE 6,3 MM - MONTAGEM. AF_06/2022","KG",17.809999999999999]
[104109,"ARMAÇÃO DE PILAR OU VIGA DE ESTRUTURA DE CONCRETO ARMADO EMBUTIDA EM ALVENARIA DE VEDAÇÃO UTILIZANDO AÇO CA-50 DE 8,0 MM - MONTAGEM. AF_06/2022","KG",15.52]
[104111,"ARMAÇÃO DE PILAR OU VIGA DE ESTRUTURA DE CONCRETO ARMADO EMBUTIDA EM ALVENARIA DE VEDAÇÃO UTILIZANDO AÇO CA-60 DE 5,0 MM - MONTAGEM. AF_06/2022","KG",20.41]
[92884,"ARMAÇÃO UTILIZANDO AÇO CA-25 DE 10,0 MM - MONTAGEM. AF_06/2022","KG",11.96]
[92885,"ARMAÇÃO UTILIZANDO AÇO CA-25 DE 12,5 MM - MONTAGEM. AF_06/2022","KG",11.28]
[92886,"ARMAÇÃO UTILIZANDO AÇO CA-25 DE 16,0 MM - MONTAGEM. AF_06/2022","KG",10.74]
[92887,"ARMAÇÃO UTILIZANDO AÇO CA-25 DE 20,0 MM - MONTAGEM. AF_06/2022","KG",10.63]
[92888,"ARMAÇÃO UTILIZANDO AÇO CA-25 DE 25,0 MM - MONTAGEM. AF_06/2022","KG",10.36]
[92882,"ARMAÇÃO UTILIZANDO AÇO CA-25 DE 6,3 MM - MONTAGEM. AF_06/2022","KG",13.03]
[92883,"ARMAÇÃO UTILIZANDO AÇO CA-25 DE 8,0 MM - MONTAGEM. AF_06/2022","KG",11.89]
[92877,"CORTE E DOBRA DE AÇO CA-25, DIÂMETRO DE 10,0 MM. AF_06/2022","KG",9.61]
[92878,"CORTE E DOBRA DE AÇO CA-25, DIÂMETRO DE 12,5 MM. AF_06/2022","KG",9.43]
[92879,"CORTE E DOBRA DE AÇO CA-25, DIÂMETRO DE 16,0 MM. AF_06/2022","KG",9.32]
[92880,"CORTE E DOBRA DE AÇO CA-25, DIÂMETRO DE 20,0 MM. AF_06/2022","KG",9.52]
[92881,"CORTE E DOBRA DE AÇO CA-25, DIÂMETRO DE 25,0 MM. AF_06/2022","KG",9.5]
[92875,"CORTE E DOBRA DE AÇO CA-25, DIÂMETRO DE 6,3 MM. AF_06/2022","KG",9.25]
[92876,"CORTE E DOBRA DE AÇO CA-25, DIÂMETRO DE 8,0 MM. AF_06/2022","KG",8.93]
[92803,"CORTE E DOBRA DE AÇO CA-50, DIÂMETRO DE 10,0 MM. AF_06/2022","KG",8.85]
[92804,"CORTE E DOBRA DE AÇO CA-50, DIÂMETRO DE 12,5 MM. AF_06/2022","KG",7.57]
[92805,"CORTE E DOBRA DE AÇO CA-50, DIÂMETRO DE 16,0 MM. AF_06/2022","KG",7.5]
[92806,"CORTE E DOBRA DE AÇO CA-50, DIÂMETRO DE 20,0 MM. AF_06/2022","KG",8.83]
[92798,"CORTE E DOBRA DE AÇO CA-50, DIÂMETRO DE 25,0 MM. AF_06/2022","KG",8.83]
[95448,"CORTE E DOBRA DE AÇO CA-50, DIÂMETRO DE 32 MM. AF_06/2022","KG",9.68]
[92801,"CORTE E DOBRA DE AÇO CA-50, DIÂMETRO DE 6,3 MM. AF_06/2022","KG",9.7200000000000006]
[92802,"CORTE E DOBRA DE AÇO CA-50, DIÂMETRO DE 8,0 MM. AF_06/2022","KG",9.6]
[92799,"CORTE E DOBRA DE AÇO CA-60, DIÂMETRO DE 4,2 MM. AF_06/2022","KG",10.82]
[92800,"CORTE E DOBRA DE AÇO CA-60, DIÂMETRO DE 5,0 MM. AF_06/2022","KG",9.68]
[95605,"ARRASAMENTO MECANICO DE ESTACA DE CONCRETO ARMADO, DIAMETROS DE 101 CM A 150 CM. AF_05/2021","UN",134.55000000000001]
[95602,"ARRASAMENTO MECANICO DE ESTACA DE CONCRETO ARMADO, DIAMETROS DE 41 CM A 60 CM. AF_05/2021","UN",27.68]
[95603,"ARRASAMENTO MECANICO DE ESTACA DE CONCRETO ARMADO, DIAMETROS DE 61 CM A 80 CM. AF_05/2021","UN",47.21]
[95604,"ARRASAMENTO MECANICO DE ESTACA DE CONCRETO ARMADO, DIAMETROS DE 81 CM A 100 CM. AF_05/2021","UN",73.28]
[95601,"ARRASAMENTO MECANICO DE ESTACA DE CONCRETO ARMADO, DIAMETROS DE ATÉ 40 CM. AF_05/2021","UN",17.29]
[102521,"ARRASAMENTO MECÂNICO DE ESTACA BARRETE DE CONCRETO ARMADO, SEÇÃO DE 0,40 X 2,50 M. AF_05/2021","UN",111]
[102522,"ARRASAMENTO MECÂNICO DE ESTACA BARRETE DE CONCRETO ARMADO, SEÇÃO DE 0,60 X 2,50 M. AF_05/2021","UN",162.84]
[102523,"ARRASAMENTO MECÂNICO DE ESTACA BARRETE DE CONCRETO ARMADO, SEÇÃO DE 0,80 X 2,50 M. AF_05/2021","UN",214.68]
[95608,"ARRASAMENTO MECÂNICO DE ESTACA METÁLICA, PERFIL LAMINADO TIPO  H - FAMÍLIA 250. AF_05/2021","UN",38.71]
[95609,"ARRASAMENTO MECÂNICO DE ESTACA METÁLICA, PERFIL LAMINADO TIPO  H - FAMÍLIA 310. AF_05/2021","UN",49.09]
[95607,"ARRASAMENTO MECÂNICO DE ESTACA METÁLICA, PERFIL LAMINADO TIPO  I  FAMÍLIA 250. AF_05/2021","UN",26.68]
[95996,"EXECUÇÃO DE PAVIMENTO COM APLICAÇÃO DE CONCRETO ASFÁLTICO, CAMADA DE BINDER - EXCLUSIVE CARGA E TRANSPORTE. AF_11/2019","M3",1667.34]
[95995,"EXECUÇÃO DE PAVIMENTO COM APLICAÇÃO DE CONCRETO ASFÁLTICO, CAMADA DE ROLAMENTO - EXCLUSIVE CARGA E TRANSPORTE. AF_11/2019","M3",1923.14]
[104372,"EXECUÇÃO DE PAVIMENTO COM APLICAÇÃO DE PRÉ-MISTURADO A FRIO, CAMADA DE BINDER - EXCLUSIVE CARGA E TRANSPORTE. AF_11/2019","M3",0]
[104371,"EXECUÇÃO DE PAVIMENTO COM APLICAÇÃO DE PRÉ-MISTURADO A FRIO, CAMADA DE ROLAMENTO - EXCLUSIVE CARGA E TRANSPORTE. AF_11/2019","M3",0]
[96001,"FRESAGEM DE PAVIMENTO ASFÁLTICO (PROFUNDIDADE ATÉ 5,0 CM) - EXCLUSIVE TRANSPORTE. AF_11/2019","M2",7.25]
[94880,"ASSENTAMENTO DE TUBO DE PEAD CORRUGADO DE DUPLA PAREDE PARA REDE COLETORA DE ESGOTO, DN 1000 MM, JUNTA ELÁSTICA INTEGRADA (NÃO INCLUI FORNECIMENTO). AF_01/2021","M",42.3]
[94882,"ASSENTAMENTO DE TUBO DE PEAD CORRUGADO DE DUPLA PAREDE PARA REDE COLETORA DE ESGOTO, DN 1200 MM, JUNTA ELÁSTICA INTEGRADA (NÃO INCLUI FORNECIMENTO). AF_01/2021","M",49.19]
[94884,"ASSENTAMENTO DE TUBO DE PEAD CORRUGADO DE DUPLA PAREDE PARA REDE COLETORA DE ESGOTO, DN 1500 MM, JUNTA ELÁSTICA INTEGRADA (NÃO INCLUI FORNECIMENTO). AF_01/2021","M",63.17]
[94870,"ASSENTAMENTO DE TUBO DE PEAD CORRUGADO DE DUPLA PAREDE PARA REDE COLETORA DE ESGOTO, DN 250 MM, JUNTA ELÁSTICA INTEGRADA (NÃO INCLUI FORNECIMENTO). AF_01/2021","M",1.8]
[94872,"ASSENTAMENTO DE TUBO DE PEAD CORRUGADO DE DUPLA PAREDE PARA REDE COLETORA DE ESGOTO, DN 300 MM, JUNTA ELÁSTICA INTEGRADA  (NÃO INCLUI FORNECIMENTO). AF_01/2021","M",2.54]
[90746,"ASSENTAMENTO DE TUBO DE PEAD CORRUGADO DE DUPLA PAREDE PARA REDE COLETORA DE ESGOTO, DN 450 MM, JUNTA ELÁSTICA INTEGRADA (NÃO INCLUI FORNECIMENTO). AF_01/2021","M",3.47]
[90747,"ASSENTAMENTO DE TUBO DE PEAD CORRUGADO DE DUPLA PAREDE PARA REDE COLETORA DE ESGOTO, DN 600 MM, JUNTA ELÁSTICA INTEGRADA (NÃO INCLUI FORNECIMENTO). AF_01/2021","M",17.010000000000002]
[94876,"ASSENTAMENTO DE TUBO DE PEAD CORRUGADO DE DUPLA PAREDE PARA REDE COLETORA DE ESGOTO, DN 800 MM, JUNTA ELÁSTICA INTEGRADA  (NÃO INCLUI FORNECIMENTO). AF_01/2021","M",28.39]
[94878,"ASSENTAMENTO DE TUBO DE PEAD CORRUGADO DE DUPLA PAREDE PARA REDE COLETORA DE ESGOTO, DN 900 MM, JUNTA ELÁSTICA INTEGRADA (NÃO INCLUI FORNECIMENTO). AF_01/2021","M",32.869999999999997]
[90740,"ASSENTAMENTO DE TUBO DE PVC CORRUGADO DE DUPLA PAREDE PARA REDE COLETORA DE ESGOTO, DN 150 MM, JUNTA ELÁSTICA (NÃO INCLUI FORNECIMENTO). AF_01/2021","M",4.2300000000000004]
[90741,"ASSENTAMENTO DE TUBO DE PVC CORRUGADO DE DUPLA PAREDE PARA REDE COLETORA DE ESGOTO, DN 200 MM, JUNTA ELÁSTICA (NÃO INCLUI FORNECIMENTO). AF_01/2021","M",4.83]
[90742,"ASSENTAMENTO DE TUBO DE PVC CORRUGADO DE DUPLA PAREDE PARA REDE COLETORA DE ESGOTO, DN 250 MM, JUNTA ELÁSTICA (NÃO INCLUI FORNECIMENTO). AF_01/2021","M",5.42]
[90743,"ASSENTAMENTO DE TUBO DE PVC CORRUGADO DE DUPLA PAREDE PARA REDE COLETORA DE ESGOTO, DN 300 MM, JUNTA ELÁSTICA (NÃO INCLUI FORNECIMENTO). AF_01/2021","M",6.01]
[90744,"ASSENTAMENTO DE TUBO DE PVC CORRUGADO DE DUPLA PAREDE PARA REDE COLETORA DE ESGOTO, DN 350 MM, JUNTA ELÁSTICA (NÃO INCLUI FORNECIMENTO). AF_01/2021","M",6.61]
[90745,"ASSENTAMENTO DE TUBO DE PVC CORRUGADO DE DUPLA PAREDE PARA REDE COLETORA DE ESGOTO, DN 400 MM, JUNTA ELÁSTICA  (NÃO INCLUI FORNECIMENTO). AF_01/2021","M",10.51]
[90733,"ASSENTAMENTO DE TUBO DE PVC PARA REDE COLETORA DE ESGOTO DE PAREDE MACIÇA, DN 100 MM, JUNTA ELÁSTICA (NÃO INCLUI FORNECIMENTO). AF_01/2021","M",3.21]
[90734,"ASSENTAMENTO DE TUBO DE PVC PARA REDE COLETORA DE ESGOTO DE PAREDE MACIÇA, DN 150 MM, JUNTA ELÁSTICA,  (NÃO INCLUI FORNECIMENTO). AF_01/2021","M",3.8]
[90735,"ASSENTAMENTO DE TUBO DE PVC PARA REDE COLETORA DE ESGOTO DE PAREDE MACIÇA, DN 200 MM, JUNTA ELÁSTICA (NÃO INCLUI FORNECIMENTO). AF_01/2021","M",4.3899999999999997]
[90736,"ASSENTAMENTO DE TUBO DE PVC PARA REDE COLETORA DE ESGOTO DE PAREDE MACIÇA, DN 250 MM, JUNTA ELÁSTICA (NÃO INCLUI FORNECIMENTO). AF_01/2021","M",4.99]
[90737,"ASSENTAMENTO DE TUBO DE PVC PARA REDE COLETORA DE ESGOTO DE PAREDE MACIÇA, DN 300 MM, JUNTA ELÁSTICA  (NÃO INCLUI FORNECIMENTO). AF_01/2021","M",5.58]
[90738,"ASSENTAMENTO DE TUBO DE PVC PARA REDE COLETORA DE ESGOTO DE PAREDE MACIÇA, DN 350 MM, JUNTA ELÁSTICA (NÃO INCLUI FORNECIMENTO). AF_01/2021","M",6.17]
[90739,"ASSENTAMENTO DE TUBO DE PVC PARA REDE COLETORA DE ESGOTO DE PAREDE MACIÇA, DN 400 MM, JUNTA ELÁSTICA (NÃO INCLUI FORNECIMENTO). AF_01/2021","M",9.42]
[90724,"JUNTA ARGAMASSADA ENTRE TUBO DN 100 MM E O POÇO DE VISITA/ CAIXA DE CONCRETO OU ALVENARIA EM REDES DE ESGOTO. AF_01/2021","UN",22.93]
[102267,"JUNTA ARGAMASSADA ENTRE TUBO DN 1000 MM E O POÇO DE VISITA/ CAIXA DE CONCRETO OU ALVENARIA EM REDES DE ESGOTO. AF_01/2021","UN",123.9]
[102268,"JUNTA ARGAMASSADA ENTRE TUBO DN 1200 MM E O POÇO DE VISITA/ CAIXA DE CONCRETO OU ALVENARIA EM REDES DE ESGOTO. AF_01/2021","UN",139.83000000000001]
[90725,"JUNTA ARGAMASSADA ENTRE TUBO DN 150 MM E O POÇO DE VISITA/ CAIXA DE CONCRETO OU ALVENARIA EM REDES DE ESGOTO. AF_01/2021","UN",28.24]
[102269,"JUNTA ARGAMASSADA ENTRE TUBO DN 1500 MM E O POÇO DE VISITA/ CAIXA DE CONCRETO OU ALVENARIA EM REDES DE ESGOTO. AF_01/2021","UN",171.66]
[90726,"JUNTA ARGAMASSADA ENTRE TUBO DN 200 MM E O POÇO/ CAIXA DE CONCRETO OU ALVENARIA EM REDES DE ESGOTO. AF_01/2021","UN",33.630000000000003]
[90727,"JUNTA ARGAMASSADA ENTRE TUBO DN 250 MM E O POÇO DE VISITA/ CAIXA DE CONCRETO OU ALVENARIA EM REDES DE ESGOTO. AF_01/2021","UN",38.93]
[90728,"JUNTA ARGAMASSADA ENTRE TUBO DN 300 MM E O POÇO DE VISITA/ CAIXA DE CONCRETO OU ALVENARIA EM REDES DE ESGOTO. AF_01/2021","UN",44.23]
[90729,"JUNTA ARGAMASSADA ENTRE TUBO DN 350 MM E O POÇO DE VISITA/ CAIXA DE CONCRETO OU ALVENARIA EM REDES DE ESGOTO. AF_01/2021","UN",49.54]
[90730,"JUNTA ARGAMASSADA ENTRE TUBO DN 400 MM E O POÇO DE VISITA/ CAIXA DE CONCRETO OU ALVENARIA EM REDES DE ESGOTO. AF_01/2021","UN",54.85]
[90731,"JUNTA ARGAMASSADA ENTRE TUBO DN 450 MM E O POÇO DE VISITA/ CAIXA DE CONCRETO OU ALVENARIA EM REDES DE ESGOTO. AF_01/2021","UN",60.16]
[90732,"JUNTA ARGAMASSADA ENTRE TUBO DN 600 MM E O POÇO DE VISITA/ CAIXA DE CONCRETO OU ALVENARIA EM REDES DE ESGOTO. AF_01/2021","UN",76.08]
[102265,"JUNTA ARGAMASSADA ENTRE TUBO DN 800 MM E O POÇO DE VISITA/ CAIXA DE CONCRETO OU ALVENARIA EM REDES DE ESGOTO. AF_01/2021","UN",97.3]
[102266,"JUNTA ARGAMASSADA ENTRE TUBO DN 900 MM E O POÇO DE VISITA/ CAIXA DE CONCRETO OU ALVENARIA EM REDES DE ESGOTO. AF_01/2021","UN",107.92]
[94879,"TUBO DE PEAD CORRUGADO DE DUPLA PAREDE PARA REDE COLETORA DE ESGOTO, DN 1000 MM, JUNTA ELÁSTICA INTEGRADA - FORNECIMENTO E ASSENTAMENTO. AF_01/2021","M",1659.28]
[94881,"TUBO DE PEAD CORRUGADO DE DUPLA PAREDE PARA REDE COLETORA DE ESGOTO, DN 1200 MM, JUNTA ELÁSTICA INTEGRADA - FORNECIMENTO E ASSENTAMENTO. AF_01/2021","M",2283.96]
[94869,"TUBO DE PEAD CORRUGADO DE DUPLA PAREDE PARA REDE COLETORA DE ESGOTO, DN 250 MM, JUNTA ELÁSTICA INTEGRADA - FORNECIMENTO E ASSENTAMENTO. AF_01/2021","M",116.78]
[94871,"TUBO DE PEAD CORRUGADO DE DUPLA PAREDE PARA REDE COLETORA DE ESGOTO, DN 300 MM, JUNTA ELÁSTICA INTEGRADA - FORNECIMENTO E ASSENTAMENTO. AF_01/2021","M",182.68]
[90708,"TUBO DE PEAD CORRUGADO DE DUPLA PAREDE PARA REDE COLETORA DE ESGOTO, DN 600 MM, JUNTA ELÁSTICA INTEGRADA - FORNECIMENTO E ASSENTAMENTO. AF_01/2021","M",664.11]
[94875,"TUBO DE PEAD CORRUGADO DE DUPLA PAREDE PARA REDE COLETORA DE ESGOTO, DN 800 MM, JUNTA ELÁSTICA INTEGRADA - FORNECIMENTO E ASSENTAMENTO. AF_01/2021","M",1078.05]
[102264,"TUBO DE PVC BRANCO PARA REDE COLETORA DE ESGOTO CONDOMINIAL DE PAREDE MACIÇA, DN 100 MM, JUNTA ELÁSTICA - FORNECIMENTO E ASSENTAMENTO. AF_01/2021","M",19.559999999999999]
[90701,"TUBO DE PVC CORRUGADO DE DUPLA PAREDE PARA REDE COLETORA DE ESGOTO, DN 150 MM, JUNTA ELÁSTICA - FORNECIMENTO E ASSENTAMENTO. AF_01/2021","M",67.77]
[90702,"TUBO DE PVC CORRUGADO DE DUPLA PAREDE PARA REDE COLETORA DE ESGOTO, DN 200 MM, JUNTA ELÁSTICA - FORNECIMENTO E ASSENTAMENTO. AF_01/2021","M",112.33]
[90703,"TUBO DE PVC CORRUGADO DE DUPLA PAREDE PARA REDE COLETORA DE ESGOTO, DN 250 MM, JUNTA ELÁSTICA - FORNECIMENTO E ASSENTAMENTO. AF_01/2021","M",176.1]
[90704,"TUBO DE PVC CORRUGADO DE DUPLA PAREDE PARA REDE COLETORA DE ESGOTO, DN 300 MM, JUNTA ELÁSTICA - FORNECIMENTO E ASSENTAMENTO. AF_01/2021","M",261.89999999999998]
[90705,"TUBO DE PVC CORRUGADO DE DUPLA PAREDE PARA REDE COLETORA DE ESGOTO, DN 350 MM, JUNTA ELÁSTICA - FORNECIMENTO E ASSENTAMENTO. AF_01/2021","M",342.31]
[90706,"TUBO DE PVC CORRUGADO DE DUPLA PAREDE PARA REDE COLETORA DE ESGOTO, DN 400 MM, JUNTA ELÁSTICA - FORNECIMENTO E ASSENTAMENTO. AF_01/2021","M",454.48]
[90694,"TUBO DE PVC PARA REDE COLETORA DE ESGOTO DE PAREDE MACIÇA, DN 100 MM, JUNTA ELÁSTICA - FORNECIMENTO E ASSENTAMENTO. AF_01/2021","M",45.37]
[90695,"TUBO DE PVC PARA REDE COLETORA DE ESGOTO DE PAREDE MACIÇA, DN 150 MM, JUNTA ELÁSTICA  - FORNECIMENTO E ASSENTAMENTO. AF_01/2021","M",86.36]
[90696,"TUBO DE PVC PARA REDE COLETORA DE ESGOTO DE PAREDE MACIÇA, DN 200 MM, JUNTA ELÁSTICA - FORNECIMENTO E ASSENTAMENTO. AF_01/2021","M",144.38999999999999]
[90697,"TUBO DE PVC PARA REDE COLETORA DE ESGOTO DE PAREDE MACIÇA, DN 250 MM, JUNTA ELÁSTICA  - FORNECIMENTO E ASSENTAMENTO. AF_01/2021","M",224.13]
[90698,"TUBO DE PVC PARA REDE COLETORA DE ESGOTO DE PAREDE MACIÇA, DN 300 MM, JUNTA ELÁSTICA,  FORNECIMENTO E ASSENTAMENTO. AF_01/2021","M",342.71]
[90699,"TUBO DE PVC PARA REDE COLETORA DE ESGOTO DE PAREDE MACIÇA, DN 350 MM, JUNTA ELÁSTICA  - FORNECIMENTO E ASSENTAMENTO. AF_01/2021","M",482.46]
[90700,"TUBO DE PVC PARA REDE COLETORA DE ESGOTO DE PAREDE MACIÇA, DN 400 MM, JUNTA ELÁSTICA  FORNECIMENTO E ASSENTAMENTO. AF_01/2021","M",564.09]
[105378,"ASSENTAMENTO DE CONEXÃO 2 ACESSOS ALINHADOS DE FERRO FUNDIDO PARA REDE DE ÁGUA, DN 100, JUNTA ELÁSTICA, INSTALADO EM LOCAL COM NÍVEL ALTO DE INTERFERÊNCIAS (NÃO INCLUI FORNECIMENTO). AF_05/2024","UN",12.23]
[105373,"ASSENTAMENTO DE CONEXÃO 2 ACESSOS ALINHADOS DE FERRO FUNDIDO PARA REDE DE ÁGUA, DN 100, JUNTA ELÁSTICA, INSTALADO EM LOCAL COM NÍVEL BAIXO DE INTERFERÊNCIAS (NÃO INCLUI FORNECIMENTO). AF_05/2024","UN",9.44]
[105380,"ASSENTAMENTO DE CONEXÃO 2 ACESSOS ALINHADOS DE FERRO FUNDIDO PARA REDE DE ÁGUA, DN 1000, JUNTA ELÁSTICA, INSTALADO EM LOCAL COM NÍVEL ALTO DE INTERFERÊNCIAS (NÃO INCLUI FORNECIMENTO). AF_05/2024","UN",93.84]
[105267,"ASSENTAMENTO DE CONEXÃO 2 ACESSOS ALINHADOS DE FERRO FUNDIDO PARA REDE DE ÁGUA, DN 1000, JUNTA ELÁSTICA, INSTALADO EM LOCAL COM NÍVEL BAIXO DE INTERFERÊNCIAS (NÃO INCLUI FORNECIMENTO). AF_05/2024","UN",75.84]
[105249,"ASSENTAMENTO DE CONEXÃO 2 ACESSOS ALINHADOS DE FERRO FUNDIDO PARA REDE DE ÁGUA, DN 1200, JUNTA ELÁSTICA, INSTALADO EM LOCAL COM NÍVEL ALTO DE INTERFERÊNCIAS (NÃO INCLUI FORNECIMENTO). AF_05/2024","UN",114.43]
[105268,"ASSENTAMENTO DE CONEXÃO 2 ACESSOS ALINHADOS DE FERRO FUNDIDO PARA REDE DE ÁGUA, DN 1200, JUNTA ELÁSTICA, INSTALADO EM LOCAL COM NÍVEL BAIXO DE INTERFERÊNCIAS (NÃO INCLUI FORNECIMENTO). AF_05/2024","UN",93.19]
[105379,"ASSENTAMENTO DE CONEXÃO 2 ACESSOS ALINHADOS DE FERRO FUNDIDO PARA REDE DE ÁGUA, DN 150, JUNTA ELÁSTICA, INSTALADO EM LOCAL COM NÍVEL ALTO DE INTERFERÊNCIAS (NÃO INCLUI FORNECIMENTO). AF_05/2024","UN",16.100000000000001]
[105388,"ASSENTAMENTO DE CONEXÃO 2 ACESSOS ALINHADOS DE FERRO FUNDIDO PARA REDE DE ÁGUA, DN 150, JUNTA ELÁSTICA, INSTALADO EM LOCAL COM NÍVEL BAIXO DE INTERFERÊNCIAS (NÃO INCLUI FORNECIMENTO). AF_05/2024","UN",12.64]
[105392,"ASSENTAMENTO DE CONEXÃO 2 ACESSOS ALINHADOS DE FERRO FUNDIDO PARA REDE DE ÁGUA, DN 200, JUNTA ELÁSTICA, INSTALADO EM LOCAL COM NÍVEL ALTO DE INTERFERÊNCIAS (NÃO INCLUI FORNECIMENTO). AF_05/2024","UN",19.989999999999998]
[105389,"ASSENTAMENTO DE CONEXÃO 2 ACESSOS ALINHADOS DE FERRO FUNDIDO PARA REDE DE ÁGUA, DN 200, JUNTA ELÁSTICA, INSTALADO EM LOCAL COM NÍVEL BAIXO DE INTERFERÊNCIAS (NÃO INCLUI FORNECIMENTO). AF_05/2024","UN",15.87]
[105393,"ASSENTAMENTO DE CONEXÃO 2 ACESSOS ALINHADOS DE FERRO FUNDIDO PARA REDE DE ÁGUA, DN 250, JUNTA ELÁSTICA, INSTALADO EM LOCAL COM NÍVEL ALTO DE INTERFERÊNCIAS (NÃO INCLUI FORNECIMENTO). AF_05/2024","UN",24.02]
[105316,"ASSENTAMENTO DE CONEXÃO 2 ACESSOS ALINHADOS DE FERRO FUNDIDO PARA REDE DE ÁGUA, DN 250, JUNTA ELÁSTICA, INSTALADO EM LOCAL COM NÍVEL BAIXO DE INTERFERÊNCIAS (NÃO INCLUI FORNECIMENTO). AF_05/2024","UN",19.22]
[105394,"ASSENTAMENTO DE CONEXÃO 2 ACESSOS ALINHADOS DE FERRO FUNDIDO PARA REDE DE ÁGUA, DN 300, JUNTA ELÁSTICA, INSTALADO EM LOCAL COM NÍVEL ALTO DE INTERFERÊNCIAS (NÃO INCLUI FORNECIMENTO). AF_05/2024","UN",28.02]
[105317,"ASSENTAMENTO DE CONEXÃO 2 ACESSOS ALINHADOS DE FERRO FUNDIDO PARA REDE DE ÁGUA, DN 300, JUNTA ELÁSTICA, INSTALADO EM LOCAL COM NÍVEL BAIXO DE INTERFERÊNCIAS (NÃO INCLUI FORNECIMENTO). AF_05/2024","UN",22.56]
[105395,"ASSENTAMENTO DE CONEXÃO 2 ACESSOS ALINHADOS DE FERRO FUNDIDO PARA REDE DE ÁGUA, DN 350, JUNTA ELÁSTICA, INSTALADO EM LOCAL COM NÍVEL ALTO DE INTERFERÊNCIAS (NÃO INCLUI FORNECIMENTO). AF_05/2024","UN",32.03]
[105318,"ASSENTAMENTO DE CONEXÃO 2 ACESSOS ALINHADOS DE FERRO FUNDIDO PARA REDE DE ÁGUA, DN 350, JUNTA ELÁSTICA, INSTALADO EM LOCAL COM NÍVEL BAIXO DE INTERFERÊNCIAS (NÃO INCLUI FORNECIMENTO). AF_05/2024","UN",25.9]
[105396,"ASSENTAMENTO DE CONEXÃO 2 ACESSOS ALINHADOS DE FERRO FUNDIDO PARA REDE DE ÁGUA, DN 400, JUNTA ELÁSTICA, INSTALADO EM LOCAL COM NÍVEL ALTO DE INTERFERÊNCIAS (NÃO INCLUI FORNECIMENTO). AF_05/2024","UN",36.04]
[105258,"ASSENTAMENTO DE CONEXÃO 2 ACESSOS ALINHADOS DE FERRO FUNDIDO PARA REDE DE ÁGUA, DN 400, JUNTA ELÁSTICA, INSTALADO EM LOCAL COM NÍVEL BAIXO DE INTERFERÊNCIAS (NÃO INCLUI FORNECIMENTO). AF_05/2024","UN",29.24]
[105397,"ASSENTAMENTO DE CONEXÃO 2 ACESSOS ALINHADOS DE FERRO FUNDIDO PARA REDE DE ÁGUA, DN 450, JUNTA ELÁSTICA, INSTALADO EM LOCAL COM NÍVEL ALTO DE INTERFERÊNCIAS (NÃO INCLUI FORNECIMENTO). AF_05/2024","UN",40.17]
[105261,"ASSENTAMENTO DE CONEXÃO 2 ACESSOS ALINHADOS DE FERRO FUNDIDO PARA REDE DE ÁGUA, DN 450, JUNTA ELÁSTICA, INSTALADO EM LOCAL COM NÍVEL BAIXO DE INTERFERÊNCIAS (NÃO INCLUI FORNECIMENTO). AF_05/2024","UN",32.69]
[105398,"ASSENTAMENTO DE CONEXÃO 2 ACESSOS ALINHADOS DE FERRO FUNDIDO PARA REDE DE ÁGUA, DN 500, JUNTA ELÁSTICA, INSTALADO EM LOCAL COM NÍVEL ALTO DE INTERFERÊNCIAS (NÃO INCLUI FORNECIMENTO). AF_05/2024","UN",49.89]
[105262,"ASSENTAMENTO DE CONEXÃO 2 ACESSOS ALINHADOS DE FERRO FUNDIDO PARA REDE DE ÁGUA, DN 500, JUNTA ELÁSTICA, INSTALADO EM LOCAL COM NÍVEL BAIXO DE INTERFERÊNCIAS (NÃO INCLUI FORNECIMENTO). AF_05/2024","UN",39.94]
[105399,"ASSENTAMENTO DE CONEXÃO 2 ACESSOS ALINHADOS DE FERRO FUNDIDO PARA REDE DE ÁGUA, DN 600, JUNTA ELÁSTICA, INSTALADO EM LOCAL COM NÍVEL ALTO DE INTERFERÊNCIAS (NÃO INCLUI FORNECIMENTO). AF_05/2024","UN",58.98]
[105263,"ASSENTAMENTO DE CONEXÃO 2 ACESSOS ALINHADOS DE FERRO FUNDIDO PARA REDE DE ÁGUA, DN 600, JUNTA ELÁSTICA, INSTALADO EM LOCAL COM NÍVEL BAIXO DE INTERFERÊNCIAS (NÃO INCLUI FORNECIMENTO). AF_05/2024","UN",47.43]
[105400,"ASSENTAMENTO DE CONEXÃO 2 ACESSOS ALINHADOS DE FERRO FUNDIDO PARA REDE DE ÁGUA, DN 700, JUNTA ELÁSTICA, INSTALADO EM LOCAL COM NÍVEL ALTO DE INTERFERÊNCIAS (NÃO INCLUI FORNECIMENTO). AF_05/2024","UN",67.39]
[105264,"ASSENTAMENTO DE CONEXÃO 2 ACESSOS ALINHADOS DE FERRO FUNDIDO PARA REDE DE ÁGUA, DN 700, JUNTA ELÁSTICA, INSTALADO EM LOCAL COM NÍVEL BAIXO DE INTERFERÊNCIAS (NÃO INCLUI FORNECIMENTO). AF_05/2024","UN",54.22]
[105297,"ASSENTAMENTO DE CONEXÃO 2 ACESSOS ALINHADOS DE FERRO FUNDIDO PARA REDE DE ÁGUA, DN 80, JUNTA ELÁSTICA, INSTALADO EM LOCAL COM NÍVEL ALTO DE INTERFERÊNCIAS (NÃO INCLUI FORNECIMENTO). AF_05/2024","UN",10.64]
[105372,"ASSENTAMENTO DE CONEXÃO 2 ACESSOS ALINHADOS DE FERRO FUNDIDO PARA REDE DE ÁGUA, DN 80, JUNTA ELÁSTICA, INSTALADO EM LOCAL COM NÍVEL BAIXO DE INTERFERÊNCIAS (NÃO INCLUI FORNECIMENTO). AF_05/2024","UN",8.1300000000000008]
[105401,"ASSENTAMENTO DE CONEXÃO 2 ACESSOS ALINHADOS DE FERRO FUNDIDO PARA REDE DE ÁGUA, DN 800, JUNTA ELÁSTICA, INSTALADO EM LOCAL COM NÍVEL ALTO DE INTERFERÊNCIAS (NÃO INCLUI FORNECIMENTO). AF_05/2024","UN",76.05]
[105265,"ASSENTAMENTO DE CONEXÃO 2 ACESSOS ALINHADOS DE FERRO FUNDIDO PARA REDE DE ÁGUA, DN 800, JUNTA ELÁSTICA, INSTALADO EM LOCAL COM NÍVEL BAIXO DE INTERFERÊNCIAS (NÃO INCLUI FORNECIMENTO). AF_05/2024","UN",61.26]
[105402,"ASSENTAMENTO DE CONEXÃO 2 ACESSOS ALINHADOS DE FERRO FUNDIDO PARA REDE DE ÁGUA, DN 900, JUNTA ELÁSTICA, INSTALADO EM LOCAL COM NÍVEL ALTO DE INTERFERÊNCIAS (NÃO INCLUI FORNECIMENTO). AF_05/2024","UN",84.91]
[105266,"ASSENTAMENTO DE CONEXÃO 2 ACESSOS ALINHADOS DE FERRO FUNDIDO PARA REDE DE ÁGUA, DN 900, JUNTA ELÁSTICA, INSTALADO EM LOCAL COM NÍVEL BAIXO DE INTERFERÊNCIAS (NÃO INCLUI FORNECIMENTO). AF_05/2024","UN",68.510000000000005]
[105361,"ASSENTAMENTO DE CONEXÃO 2 ACESSOS ALINHADOS DE PVC PBA PARA REDE DE ÁGUA, DN 100, JUNTA ELÁSTICA INTEGRADA, INSTALADO EM LOCAL COM NÍVEL ALTO DE INTERFERÊNCIAS (NÃO INCLUI FORNECIMENTO). AF_05/2024","UN",16.48]
[105382,"ASSENTAMENTO DE CONEXÃO 2 ACESSOS ALINHADOS DE PVC PBA PARA REDE DE ÁGUA, DN 100, JUNTA ELÁSTICA INTEGRADA, INSTALADO EM LOCAL COM NÍVEL BAIXO DE INTERFERÊNCIAS (NÃO INCLUI FORNECIMENTO). AF_05/2024","UN",13.63]
[105359,"ASSENTAMENTO DE CONEXÃO 2 ACESSOS ALINHADOS DE PVC PBA PARA REDE DE ÁGUA, DN 50, JUNTA ELÁSTICA INTEGRADA, INSTALADO EM LOCAL COM NÍVEL ALTO DE INTERFERÊNCIAS (NÃO INCLUI FORNECIMENTO). AF_05/2024","UN",11.67]
[105315,"ASSENTAMENTO DE CONEXÃO 2 ACESSOS ALINHADOS DE PVC PBA PARA REDE DE ÁGUA, DN 50, JUNTA ELÁSTICA INTEGRADA, INSTALADO EM LOCAL COM NÍVEL BAIXO DE INTERFERÊNCIAS (NÃO INCLUI FORNECIMENTO). AF_05/2024","UN",9.58]
[105360,"ASSENTAMENTO DE CONEXÃO 2 ACESSOS ALINHADOS DE PVC PBA PARA REDE DE ÁGUA, DN 75, JUNTA ELÁSTICA INTEGRADA, INSTALADO EM LOCAL COM NÍVEL ALTO DE INTERFERÊNCIAS (NÃO INCLUI FORNECIMENTO). AF_05/2024","UN",14.15]
[105381,"ASSENTAMENTO DE CONEXÃO 2 ACESSOS ALINHADOS DE PVC PBA PARA REDE DE ÁGUA, DN 75, JUNTA ELÁSTICA INTEGRADA, INSTALADO EM LOCAL COM NÍVEL BAIXO DE INTERFERÊNCIAS (NÃO INCLUI FORNECIMENTO). AF_05/2024","UN",11.69]
[105251,"ASSENTAMENTO DE CONEXÃO 2 ACESSOS INCLINADOS DE FERRO FUNDIDO PARA REDE DE ÁGUA, DN 100, JUNTA ELÁSTICA, INSTALADO EM LOCAL COM NÍVEL ALTO DE INTERFERÊNCIAS (NÃO INCLUI FORNECIMENTO). AF_05/2024","UN",17.940000000000001]
[105282,"ASSENTAMENTO DE CONEXÃO 2 ACESSOS INCLINADOS DE FERRO FUNDIDO PARA REDE DE ÁGUA, DN 100, JUNTA ELÁSTICA, INSTALADO EM LOCAL COM NÍVEL BAIXO DE INTERFERÊNCIAS (NÃO INCLUI FORNECIMENTO). AF_05/2024","UN",13.75]
[105276,"ASSENTAMENTO DE CONEXÃO 2 ACESSOS INCLINADOS DE FERRO FUNDIDO PARA REDE DE ÁGUA, DN 1000, JUNTA ELÁSTICA, INSTALADO EM LOCAL COM NÍVEL ALTO DE INTERFERÊNCIAS (NÃO INCLUI FORNECIMENTO). AF_05/2024","UN",137.19999999999999]
[105341,"ASSENTAMENTO DE CONEXÃO 2 ACESSOS INCLINADOS DE FERRO FUNDIDO PARA REDE DE ÁGUA, DN 1000, JUNTA ELÁSTICA, INSTALADO EM LOCAL COM NÍVEL BAIXO DE INTERFERÊNCIAS (NÃO INCLUI FORNECIMENTO). AF_05/2024","UN",110.19]
[105277,"ASSENTAMENTO DE CONEXÃO 2 ACESSOS INCLINADOS DE FERRO FUNDIDO PARA REDE DE ÁGUA, DN 1200, JUNTA ELÁSTICA, INSTALADO EM LOCAL COM NÍVEL ALTO DE INTERFERÊNCIAS (NÃO INCLUI FORNECIMENTO). AF_05/2024","UN",165.88]
[105342,"ASSENTAMENTO DE CONEXÃO 2 ACESSOS INCLINADOS DE FERRO FUNDIDO PARA REDE DE ÁGUA, DN 1200, JUNTA ELÁSTICA, INSTALADO EM LOCAL COM NÍVEL BAIXO DE INTERFERÊNCIAS (NÃO INCLUI FORNECIMENTO). AF_05/2024","UN",134.04]
[105252,"ASSENTAMENTO DE CONEXÃO 2 ACESSOS INCLINADOS DE FERRO FUNDIDO PARA REDE DE ÁGUA, DN 150, JUNTA ELÁSTICA, INSTALADO EM LOCAL COM NÍVEL ALTO DE INTERFERÊNCIAS (NÃO INCLUI FORNECIMENTO). AF_05/2024","UN",23.64]
[105298,"ASSENTAMENTO DE CONEXÃO 2 ACESSOS INCLINADOS DE FERRO FUNDIDO PARA REDE DE ÁGUA, DN 150, JUNTA ELÁSTICA, INSTALADO EM LOCAL COM NÍVEL BAIXO DE INTERFERÊNCIAS (NÃO INCLUI FORNECIMENTO). AF_05/2024","UN",18.440000000000001]
[105253,"ASSENTAMENTO DE CONEXÃO 2 ACESSOS INCLINADOS DE FERRO FUNDIDO PARA REDE DE ÁGUA, DN 200, JUNTA ELÁSTICA, INSTALADO EM LOCAL COM NÍVEL ALTO DE INTERFERÊNCIAS (NÃO INCLUI FORNECIMENTO). AF_05/2024","UN",29.34]
[105299,"ASSENTAMENTO DE CONEXÃO 2 ACESSOS INCLINADOS DE FERRO FUNDIDO PARA REDE DE ÁGUA, DN 200, JUNTA ELÁSTICA, INSTALADO EM LOCAL COM NÍVEL BAIXO DE INTERFERÊNCIAS (NÃO INCLUI FORNECIMENTO). AF_05/2024","UN",23.14]
[105254,"ASSENTAMENTO DE CONEXÃO 2 ACESSOS INCLINADOS DE FERRO FUNDIDO PARA REDE DE ÁGUA, DN 250, JUNTA ELÁSTICA, INSTALADO EM LOCAL COM NÍVEL ALTO DE INTERFERÊNCIAS (NÃO INCLUI FORNECIMENTO). AF_05/2024","UN",35.17]
[105300,"ASSENTAMENTO DE CONEXÃO 2 ACESSOS INCLINADOS DE FERRO FUNDIDO PARA REDE DE ÁGUA, DN 250, JUNTA ELÁSTICA, INSTALADO EM LOCAL COM NÍVEL BAIXO DE INTERFERÊNCIAS (NÃO INCLUI FORNECIMENTO). AF_05/2024","UN",27.98]
[105255,"ASSENTAMENTO DE CONEXÃO 2 ACESSOS INCLINADOS DE FERRO FUNDIDO PARA REDE DE ÁGUA, DN 300, JUNTA ELÁSTICA, INSTALADO EM LOCAL COM NÍVEL ALTO DE INTERFERÊNCIAS (NÃO INCLUI FORNECIMENTO). AF_05/2024","UN",41.01]
[105301,"ASSENTAMENTO DE CONEXÃO 2 ACESSOS INCLINADOS DE FERRO FUNDIDO PARA REDE DE ÁGUA, DN 300, JUNTA ELÁSTICA, INSTALADO EM LOCAL COM NÍVEL BAIXO DE INTERFERÊNCIAS (NÃO INCLUI FORNECIMENTO). AF_05/2024","UN",32.81]
[105256,"ASSENTAMENTO DE CONEXÃO 2 ACESSOS INCLINADOS DE FERRO FUNDIDO PARA REDE DE ÁGUA, DN 350, JUNTA ELÁSTICA, INSTALADO EM LOCAL COM NÍVEL ALTO DE INTERFERÊNCIAS (NÃO INCLUI FORNECIMENTO). AF_05/2024","UN",46.83]
[105302,"ASSENTAMENTO DE CONEXÃO 2 ACESSOS INCLINADOS DE FERRO FUNDIDO PARA REDE DE ÁGUA, DN 350, JUNTA ELÁSTICA, INSTALADO EM LOCAL COM NÍVEL BAIXO DE INTERFERÊNCIAS (NÃO INCLUI FORNECIMENTO). AF_05/2024","UN",37.630000000000003]
[105257,"ASSENTAMENTO DE CONEXÃO 2 ACESSOS INCLINADOS DE FERRO FUNDIDO PARA REDE DE ÁGUA, DN 400, JUNTA ELÁSTICA, INSTALADO EM LOCAL COM NÍVEL ALTO DE INTERFERÊNCIAS (NÃO INCLUI FORNECIMENTO). AF_05/2024","UN",52.64]
[105303,"ASSENTAMENTO DE CONEXÃO 2 ACESSOS INCLINADOS DE FERRO FUNDIDO PARA REDE DE ÁGUA, DN 400, JUNTA ELÁSTICA, INSTALADO EM LOCAL COM NÍVEL BAIXO DE INTERFERÊNCIAS (NÃO INCLUI FORNECIMENTO). AF_05/2024","UN",42.42]
[105270,"ASSENTAMENTO DE CONEXÃO 2 ACESSOS INCLINADOS DE FERRO FUNDIDO PARA REDE DE ÁGUA, DN 450, JUNTA ELÁSTICA, INSTALADO EM LOCAL COM NÍVEL ALTO DE INTERFERÊNCIAS (NÃO INCLUI FORNECIMENTO). AF_05/2024","UN",58.59]
[105304,"ASSENTAMENTO DE CONEXÃO 2 ACESSOS INCLINADOS DE FERRO FUNDIDO PARA REDE DE ÁGUA, DN 450, JUNTA ELÁSTICA, INSTALADO EM LOCAL COM NÍVEL BAIXO DE INTERFERÊNCIAS (NÃO INCLUI FORNECIMENTO). AF_05/2024","UN",47.39]
[105271,"ASSENTAMENTO DE CONEXÃO 2 ACESSOS INCLINADOS DE FERRO FUNDIDO PARA REDE DE ÁGUA, DN 500, JUNTA ELÁSTICA, INSTALADO EM LOCAL COM NÍVEL ALTO DE INTERFERÊNCIAS (NÃO INCLUI FORNECIMENTO). AF_05/2024","UN",72.95]
[105305,"ASSENTAMENTO DE CONEXÃO 2 ACESSOS INCLINADOS DE FERRO FUNDIDO PARA REDE DE ÁGUA, DN 500, JUNTA ELÁSTICA, INSTALADO EM LOCAL COM NÍVEL BAIXO DE INTERFERÊNCIAS (NÃO INCLUI FORNECIMENTO). AF_05/2024","UN",58.02]
[105272,"ASSENTAMENTO DE CONEXÃO 2 ACESSOS INCLINADOS DE FERRO FUNDIDO PARA REDE DE ÁGUA, DN 600, JUNTA ELÁSTICA, INSTALADO EM LOCAL COM NÍVEL ALTO DE INTERFERÊNCIAS (NÃO INCLUI FORNECIMENTO). AF_05/2024","UN",86.11]
[105306,"ASSENTAMENTO DE CONEXÃO 2 ACESSOS INCLINADOS DE FERRO FUNDIDO PARA REDE DE ÁGUA, DN 600, JUNTA ELÁSTICA, INSTALADO EM LOCAL COM NÍVEL BAIXO DE INTERFERÊNCIAS (NÃO INCLUI FORNECIMENTO). AF_05/2024","UN",68.760000000000005]
[105273,"ASSENTAMENTO DE CONEXÃO 2 ACESSOS INCLINADOS DE FERRO FUNDIDO PARA REDE DE ÁGUA, DN 700, JUNTA ELÁSTICA, INSTALADO EM LOCAL COM NÍVEL ALTO DE INTERFERÊNCIAS (NÃO INCLUI FORNECIMENTO). AF_05/2024","UN",98.57]
[105307,"ASSENTAMENTO DE CONEXÃO 2 ACESSOS INCLINADOS DE FERRO FUNDIDO PARA REDE DE ÁGUA, DN 700, JUNTA ELÁSTICA, INSTALADO EM LOCAL COM NÍVEL BAIXO DE INTERFERÊNCIAS (NÃO INCLUI FORNECIMENTO). AF_05/2024","UN",78.81]
[105250,"ASSENTAMENTO DE CONEXÃO 2 ACESSOS INCLINADOS DE FERRO FUNDIDO PARA REDE DE ÁGUA, DN 80, JUNTA ELÁSTICA, INSTALADO EM LOCAL COM NÍVEL ALTO DE INTERFERÊNCIAS (NÃO INCLUI FORNECIMENTO). AF_05/2024","UN",15.63]
[105269,"ASSENTAMENTO DE CONEXÃO 2 ACESSOS INCLINADOS DE FERRO FUNDIDO PARA REDE DE ÁGUA, DN 80, JUNTA ELÁSTICA, INSTALADO EM LOCAL COM NÍVEL BAIXO DE INTERFERÊNCIAS (NÃO INCLUI FORNECIMENTO). AF_05/2024","UN",11.86]
[105274,"ASSENTAMENTO DE CONEXÃO 2 ACESSOS INCLINADOS DE FERRO FUNDIDO PARA REDE DE ÁGUA, DN 800, JUNTA ELÁSTICA, INSTALADO EM LOCAL COM NÍVEL ALTO DE INTERFERÊNCIAS (NÃO INCLUI FORNECIMENTO). AF_05/2024","UN",111.28]
[105340,"ASSENTAMENTO DE CONEXÃO 2 ACESSOS INCLINADOS DE FERRO FUNDIDO PARA REDE DE ÁGUA, DN 800, JUNTA ELÁSTICA, INSTALADO EM LOCAL COM NÍVEL BAIXO DE INTERFERÊNCIAS (NÃO INCLUI FORNECIMENTO). AF_05/2024","UN",89.1]
[105275,"ASSENTAMENTO DE CONEXÃO 2 ACESSOS INCLINADOS DE FERRO FUNDIDO PARA REDE DE ÁGUA, DN 900, JUNTA ELÁSTICA, INSTALADO EM LOCAL COM NÍVEL ALTO DE INTERFERÊNCIAS (NÃO INCLUI FORNECIMENTO). AF_05/2024","UN",124.18]
[105390,"ASSENTAMENTO DE CONEXÃO 2 ACESSOS INCLINADOS DE FERRO FUNDIDO PARA REDE DE ÁGUA, DN 900, JUNTA ELÁSTICA, INSTALADO EM LOCAL COM NÍVEL BAIXO DE INTERFERÊNCIAS (NÃO INCLUI FORNECIMENTO). AF_05/2024","UN",99.58]
[105364,"ASSENTAMENTO DE CONEXÃO 2 ACESSOS INCLINADOS DE PVC PBA PARA REDE DE ÁGUA, DN 100, JUNTA ELÁSTICA INTEGRADA, INSTALADO EM LOCAL COM NÍVEL ALTO DE INTERFERÊNCIAS (NÃO INCLUI FORNECIMENTO). AF_05/2024","UN",24]
[105385,"ASSENTAMENTO DE CONEXÃO 2 ACESSOS INCLINADOS DE PVC PBA PARA REDE DE ÁGUA, DN 100, JUNTA ELÁSTICA INTEGRADA, INSTALADO EM LOCAL COM NÍVEL BAIXO DE INTERFERÊNCIAS (NÃO INCLUI FORNECIMENTO). AF_05/2024","UN",19.739999999999998]
[105362,"ASSENTAMENTO DE CONEXÃO 2 ACESSOS INCLINADOS DE PVC PBA PARA REDE DE ÁGUA, DN 50, JUNTA ELÁSTICA INTEGRADA, INSTALADO EM LOCAL COM NÍVEL ALTO DE INTERFERÊNCIAS (NÃO INCLUI FORNECIMENTO). AF_05/2024","UN",17.190000000000001]
[105383,"ASSENTAMENTO DE CONEXÃO 2 ACESSOS INCLINADOS DE PVC PBA PARA REDE DE ÁGUA, DN 50, JUNTA ELÁSTICA INTEGRADA, INSTALADO EM LOCAL COM NÍVEL BAIXO DE INTERFERÊNCIAS (NÃO INCLUI FORNECIMENTO). AF_05/2024","UN",14.07]
[105363,"ASSENTAMENTO DE CONEXÃO 2 ACESSOS INCLINADOS DE PVC PBA PARA REDE DE ÁGUA, DN 75, JUNTA ELÁSTICA INTEGRADA, INSTALADO EM LOCAL COM NÍVEL ALTO DE INTERFERÊNCIAS (NÃO INCLUI FORNECIMENTO). AF_05/2024","UN",20.68]
[105384,"ASSENTAMENTO DE CONEXÃO 2 ACESSOS INCLINADOS DE PVC PBA PARA REDE DE ÁGUA, DN 75, JUNTA ELÁSTICA INTEGRADA, INSTALADO EM LOCAL COM NÍVEL BAIXO DE INTERFERÊNCIAS (NÃO INCLUI FORNECIMENTO). AF_05/2024","UN",16.98]
[105279,"ASSENTAMENTO DE CONEXÃO 3 ACESSOS DE FERRO FUNDIDO PARA REDE DE ÁGUA, DN 100, JUNTA ELÁSTICA, INSTALADO EM LOCAL COM NÍVEL ALTO DE INTERFERÊNCIAS (NÃO INCLUI FORNECIMENTO). AF_05/2024","UN",24.48]
[105259,"ASSENTAMENTO DE CONEXÃO 3 ACESSOS DE FERRO FUNDIDO PARA REDE DE ÁGUA, DN 100, JUNTA ELÁSTICA, INSTALADO EM LOCAL COM NÍVEL BAIXO DE INTERFERÊNCIAS (NÃO INCLUI FORNECIMENTO). AF_05/2024","UN",18.920000000000002]
[105357,"ASSENTAMENTO DE CONEXÃO 3 ACESSOS DE FERRO FUNDIDO PARA REDE DE ÁGUA, DN 1000, JUNTA ELÁSTICA, INSTALADO EM LOCAL COM NÍVEL ALTO DE INTERFERÊNCIAS (NÃO INCLUI FORNECIMENTO). AF_05/2024","UN",187.73]
[105346,"ASSENTAMENTO DE CONEXÃO 3 ACESSOS DE FERRO FUNDIDO PARA REDE DE ÁGUA, DN 1000, JUNTA ELÁSTICA, INSTALADO EM LOCAL COM NÍVEL BAIXO DE INTERFERÊNCIAS (NÃO INCLUI FORNECIMENTO). AF_05/2024","UN",151.71]
[105358,"ASSENTAMENTO DE CONEXÃO 3 ACESSOS DE FERRO FUNDIDO PARA REDE DE ÁGUA, DN 1200, JUNTA ELÁSTICA, INSTALADO EM LOCAL COM NÍVEL ALTO DE INTERFERÊNCIAS (NÃO INCLUI FORNECIMENTO). AF_05/2024","UN",228.86]
[105347,"ASSENTAMENTO DE CONEXÃO 3 ACESSOS DE FERRO FUNDIDO PARA REDE DE ÁGUA, DN 1200, JUNTA ELÁSTICA, INSTALADO EM LOCAL COM NÍVEL BAIXO DE INTERFERÊNCIAS (NÃO INCLUI FORNECIMENTO). AF_05/2024","UN",186.38]
[105280,"ASSENTAMENTO DE CONEXÃO 3 ACESSOS DE FERRO FUNDIDO PARA REDE DE ÁGUA, DN 150, JUNTA ELÁSTICA, INSTALADO EM LOCAL COM NÍVEL ALTO DE INTERFERÊNCIAS (NÃO INCLUI FORNECIMENTO). AF_05/2024","UN",32.24]
[105283,"ASSENTAMENTO DE CONEXÃO 3 ACESSOS DE FERRO FUNDIDO PARA REDE DE ÁGUA, DN 150, JUNTA ELÁSTICA, INSTALADO EM LOCAL COM NÍVEL BAIXO DE INTERFERÊNCIAS (NÃO INCLUI FORNECIMENTO). AF_05/2024","UN",25.33]
[105281,"ASSENTAMENTO DE CONEXÃO 3 ACESSOS DE FERRO FUNDIDO PARA REDE DE ÁGUA, DN 200, JUNTA ELÁSTICA, INSTALADO EM LOCAL COM NÍVEL ALTO DE INTERFERÊNCIAS (NÃO INCLUI FORNECIMENTO). AF_05/2024","UN",39.99]
[105319,"ASSENTAMENTO DE CONEXÃO 3 ACESSOS DE FERRO FUNDIDO PARA REDE DE ÁGUA, DN 200, JUNTA ELÁSTICA, INSTALADO EM LOCAL COM NÍVEL BAIXO DE INTERFERÊNCIAS (NÃO INCLUI FORNECIMENTO). AF_05/2024","UN",31.75]
[105284,"ASSENTAMENTO DE CONEXÃO 3 ACESSOS DE FERRO FUNDIDO PARA REDE DE ÁGUA, DN 250, JUNTA ELÁSTICA, INSTALADO EM LOCAL COM NÍVEL ALTO DE INTERFERÊNCIAS (NÃO INCLUI FORNECIMENTO). AF_05/2024","UN",48.06]
[105320,"ASSENTAMENTO DE CONEXÃO 3 ACESSOS DE FERRO FUNDIDO PARA REDE DE ÁGUA, DN 250, JUNTA ELÁSTICA, INSTALADO EM LOCAL COM NÍVEL BAIXO DE INTERFERÊNCIAS (NÃO INCLUI FORNECIMENTO). AF_05/2024","UN",38.47]
[105348,"ASSENTAMENTO DE CONEXÃO 3 ACESSOS DE FERRO FUNDIDO PARA REDE DE ÁGUA, DN 300, JUNTA ELÁSTICA, INSTALADO EM LOCAL COM NÍVEL ALTO DE INTERFERÊNCIAS (NÃO INCLUI FORNECIMENTO). AF_05/2024","UN",56.08]
[105321,"ASSENTAMENTO DE CONEXÃO 3 ACESSOS DE FERRO FUNDIDO PARA REDE DE ÁGUA, DN 300, JUNTA ELÁSTICA, INSTALADO EM LOCAL COM NÍVEL BAIXO DE INTERFERÊNCIAS (NÃO INCLUI FORNECIMENTO). AF_05/2024","UN",45.15]
[105349,"ASSENTAMENTO DE CONEXÃO 3 ACESSOS DE FERRO FUNDIDO PARA REDE DE ÁGUA, DN 350, JUNTA ELÁSTICA, INSTALADO EM LOCAL COM NÍVEL ALTO DE INTERFERÊNCIAS (NÃO INCLUI FORNECIMENTO). AF_05/2024","UN",64.11]
[105322,"ASSENTAMENTO DE CONEXÃO 3 ACESSOS DE FERRO FUNDIDO PARA REDE DE ÁGUA, DN 350, JUNTA ELÁSTICA, INSTALADO EM LOCAL COM NÍVEL BAIXO DE INTERFERÊNCIAS (NÃO INCLUI FORNECIMENTO). AF_05/2024","UN",51.83]
[105350,"ASSENTAMENTO DE CONEXÃO 3 ACESSOS DE FERRO FUNDIDO PARA REDE DE ÁGUA, DN 400, JUNTA ELÁSTICA, INSTALADO EM LOCAL COM NÍVEL ALTO DE INTERFERÊNCIAS (NÃO INCLUI FORNECIMENTO). AF_05/2024","UN",72.11]
[105323,"ASSENTAMENTO DE CONEXÃO 3 ACESSOS DE FERRO FUNDIDO PARA REDE DE ÁGUA, DN 400, JUNTA ELÁSTICA, INSTALADO EM LOCAL COM NÍVEL BAIXO DE INTERFERÊNCIAS (NÃO INCLUI FORNECIMENTO). AF_05/2024","UN",58.51]
[105351,"ASSENTAMENTO DE CONEXÃO 3 ACESSOS DE FERRO FUNDIDO PARA REDE DE ÁGUA, DN 450, JUNTA ELÁSTICA, INSTALADO EM LOCAL COM NÍVEL ALTO DE INTERFERÊNCIAS (NÃO INCLUI FORNECIMENTO). AF_05/2024","UN",80.38]
[105324,"ASSENTAMENTO DE CONEXÃO 3 ACESSOS DE FERRO FUNDIDO PARA REDE DE ÁGUA, DN 450, JUNTA ELÁSTICA, INSTALADO EM LOCAL COM NÍVEL BAIXO DE INTERFERÊNCIAS (NÃO INCLUI FORNECIMENTO). AF_05/2024","UN",65.430000000000007]
[105352,"ASSENTAMENTO DE CONEXÃO 3 ACESSOS DE FERRO FUNDIDO PARA REDE DE ÁGUA, DN 500, JUNTA ELÁSTICA, INSTALADO EM LOCAL COM NÍVEL ALTO DE INTERFERÊNCIAS (NÃO INCLUI FORNECIMENTO). AF_05/2024","UN",99.8]
[105325,"ASSENTAMENTO DE CONEXÃO 3 ACESSOS DE FERRO FUNDIDO PARA REDE DE ÁGUA, DN 500, JUNTA ELÁSTICA, INSTALADO EM LOCAL COM NÍVEL BAIXO DE INTERFERÊNCIAS (NÃO INCLUI FORNECIMENTO). AF_05/2024","UN",79.89]
[105353,"ASSENTAMENTO DE CONEXÃO 3 ACESSOS DE FERRO FUNDIDO PARA REDE DE ÁGUA, DN 600, JUNTA ELÁSTICA, INSTALADO EM LOCAL COM NÍVEL ALTO DE INTERFERÊNCIAS (NÃO INCLUI FORNECIMENTO). AF_05/2024","UN",118.01]
[105326,"ASSENTAMENTO DE CONEXÃO 3 ACESSOS DE FERRO FUNDIDO PARA REDE DE ÁGUA, DN 600, JUNTA ELÁSTICA, INSTALADO EM LOCAL COM NÍVEL BAIXO DE INTERFERÊNCIAS (NÃO INCLUI FORNECIMENTO). AF_05/2024","UN",94.88]
[105354,"ASSENTAMENTO DE CONEXÃO 3 ACESSOS DE FERRO FUNDIDO PARA REDE DE ÁGUA, DN 700, JUNTA ELÁSTICA, INSTALADO EM LOCAL COM NÍVEL ALTO DE INTERFERÊNCIAS (NÃO INCLUI FORNECIMENTO). AF_05/2024","UN",134.80000000000001]
[105344,"ASSENTAMENTO DE CONEXÃO 3 ACESSOS DE FERRO FUNDIDO PARA REDE DE ÁGUA, DN 700, JUNTA ELÁSTICA, INSTALADO EM LOCAL COM NÍVEL BAIXO DE INTERFERÊNCIAS (NÃO INCLUI FORNECIMENTO). AF_05/2024","UN",108.45]
[105278,"ASSENTAMENTO DE CONEXÃO 3 ACESSOS DE FERRO FUNDIDO PARA REDE DE ÁGUA, DN 80, JUNTA ELÁSTICA, INSTALADO EM LOCAL COM NÍVEL ALTO DE INTERFERÊNCIAS (NÃO INCLUI FORNECIMENTO). AF_05/2024","UN",21.3]
[105343,"ASSENTAMENTO DE CONEXÃO 3 ACESSOS DE FERRO FUNDIDO PARA REDE DE ÁGUA, DN 80, JUNTA ELÁSTICA, INSTALADO EM LOCAL COM NÍVEL BAIXO DE INTERFERÊNCIAS (NÃO INCLUI FORNECIMENTO). AF_05/2024","UN",16.27]
[105355,"ASSENTAMENTO DE CONEXÃO 3 ACESSOS DE FERRO FUNDIDO PARA REDE DE ÁGUA, DN 800, JUNTA ELÁSTICA, INSTALADO EM LOCAL COM NÍVEL ALTO DE INTERFERÊNCIAS (NÃO INCLUI FORNECIMENTO). AF_05/2024","UN",152.11000000000001]
[105391,"ASSENTAMENTO DE CONEXÃO 3 ACESSOS DE FERRO FUNDIDO PARA REDE DE ÁGUA, DN 800, JUNTA ELÁSTICA, INSTALADO EM LOCAL COM NÍVEL BAIXO DE INTERFERÊNCIAS (NÃO INCLUI FORNECIMENTO). AF_05/2024","UN",122.53]
[105356,"ASSENTAMENTO DE CONEXÃO 3 ACESSOS DE FERRO FUNDIDO PARA REDE DE ÁGUA, DN 900, JUNTA ELÁSTICA, INSTALADO EM LOCAL COM NÍVEL ALTO DE INTERFERÊNCIAS (NÃO INCLUI FORNECIMENTO). AF_05/2024","UN",169.8]
[105345,"ASSENTAMENTO DE CONEXÃO 3 ACESSOS DE FERRO FUNDIDO PARA REDE DE ÁGUA, DN 900, JUNTA ELÁSTICA, INSTALADO EM LOCAL COM NÍVEL BAIXO DE INTERFERÊNCIAS (NÃO INCLUI FORNECIMENTO). AF_05/2024","UN",137.01]
[105367,"ASSENTAMENTO DE CONEXÃO 3 ACESSOS DE PVC PBA PARA REDE DE ÁGUA, DN 100, JUNTA ELÁSTICA INTEGRADA, INSTALADO EM LOCAL COM NÍVEL ALTO DE INTERFERÊNCIAS (NÃO INCLUI FORNECIMENTO). AF_05/2024","UN",32.950000000000003]
[105371,"ASSENTAMENTO DE CONEXÃO 3 ACESSOS DE PVC PBA PARA REDE DE ÁGUA, DN 100, JUNTA ELÁSTICA INTEGRADA, INSTALADO EM LOCAL COM NÍVEL BAIXO DE INTERFERÊNCIAS (NÃO INCLUI FORNECIMENTO). AF_05/2024","UN",27.27]
[105365,"ASSENTAMENTO DE CONEXÃO 3 ACESSOS DE PVC PBA PARA REDE DE ÁGUA, DN 50, JUNTA ELÁSTICA INTEGRADA, INSTALADO EM LOCAL COM NÍVEL ALTO DE INTERFERÊNCIAS (NÃO INCLUI FORNECIMENTO). AF_05/2024","UN",23.35]
[105386,"ASSENTAMENTO DE CONEXÃO 3 ACESSOS DE PVC PBA PARA REDE DE ÁGUA, DN 50, JUNTA ELÁSTICA INTEGRADA, INSTALADO EM LOCAL COM NÍVEL BAIXO DE INTERFERÊNCIAS (NÃO INCLUI FORNECIMENTO). AF_05/2024","UN",19.190000000000001]
[105366,"ASSENTAMENTO DE CONEXÃO 3 ACESSOS DE PVC PBA PARA REDE DE ÁGUA, DN 75, JUNTA ELÁSTICA INTEGRADA, INSTALADO EM LOCAL COM NÍVEL ALTO DE INTERFERÊNCIAS (NÃO INCLUI FORNECIMENTO). AF_05/2024","UN",28.31]
[105387,"ASSENTAMENTO DE CONEXÃO 3 ACESSOS DE PVC PBA PARA REDE DE ÁGUA, DN 75, JUNTA ELÁSTICA INTEGRADA, INSTALADO EM LOCAL COM NÍVEL BAIXO DE INTERFERÊNCIAS (NÃO INCLUI FORNECIMENTO). AF_05/2024","UN",23.39]
[97177,"ASSENTAMENTO DE TUBO DE AÇO CARBONO PARA REDE DE ÁGUA, DN 1000 MM (40\") OU DN 1100 MM (44\"), JUNTA SOLDADA, INSTALADO EM LOCAL COM NÍVEL ALTO DE INTERFERÊNCIAS (NÃO INCLUI FORNECIMENTO). AF_05/2024","M",83.57]
[97187,"ASSENTAMENTO DE TUBO DE AÇO CARBONO PARA REDE DE ÁGUA, DN 1000 MM (40\") OU DN 1100 MM (44\"), JUNTA SOLDADA, INSTALADO EM LOCAL COM NÍVEL BAIXO DE INTERFERÊNCIAS (NÃO INCLUI FORNECIMENTO). AF_05/2024","M",75.849999999999994]
[97178,"ASSENTAMENTO DE TUBO DE AÇO CARBONO PARA REDE DE ÁGUA, DN 1200 MM (48\") OU DN 1300 MM (52\"), JUNTA SOLDADA, INSTALADO EM LOCAL COM NÍVEL ALTO DE INTERFERÊNCIAS (NÃO INCLUI FORNECIMENTO). AF_05/2024","M",101.47]
[97188,"ASSENTAMENTO DE TUBO DE AÇO CARBONO PARA REDE DE ÁGUA, DN 1200 MM (48\") OU DN 1300 MM (52\"), JUNTA SOLDADA, INSTALADO EM LOCAL COM NÍVEL BAIXO DE INTERFERÊNCIAS (NÃO INCLUI FORNECIMENTO). AF_05/2024","M",92.19]
[97179,"ASSENTAMENTO DE TUBO DE AÇO CARBONO PARA REDE DE ÁGUA, DN 1400 MM (56'') OU DN 1500 MM (60\"), JUNTA SOLDADA, INSTALADO EM LOCAL COM NÍVEL ALTO DE INTERFERÊNCIAS (NÃO INCLUI FORNECIMENTO). AF_05/2024","M",119.38]
[97189,"ASSENTAMENTO DE TUBO DE AÇO CARBONO PARA REDE DE ÁGUA, DN 1400 MM (56'') OU DN 1500 MM (60\"), JUNTA SOLDADA, INSTALADO EM LOCAL COM NÍVEL BAIXO DE INTERFERÊNCIAS (NÃO INCLUI FORNECIMENTO). AF_05/2024","M",108.53]
[97180,"ASSENTAMENTO DE TUBO DE AÇO CARBONO PARA REDE DE ÁGUA, DN 1600 MM (64\") OU DN 1700 MM (68\"), JUNTA SOLDADA, INSTALADO EM LOCAL COM NÍVEL ALTO DE INTERFERÊNCIAS (NÃO INCLUI FORNECIMENTO). AF_05/2024","M",137.29]
[97190,"ASSENTAMENTO DE TUBO DE AÇO CARBONO PARA REDE DE ÁGUA, DN 1600 MM (64\") OU DN 1700 MM (68\"), JUNTA SOLDADA, INSTALADO EM LOCAL COM NÍVEL BAIXO DE INTERFERÊNCIAS (NÃO INCLUI FORNECIMENTO). AF_05/2024","M",124.86]
[97181,"ASSENTAMENTO DE TUBO DE AÇO CARBONO PARA REDE DE ÁGUA, DN 1800 MM (72\") OU DN 1900 MM (76\"), JUNTA SOLDADA, INSTALADO EM LOCAL COM NÍVEL ALTO DE INTERFERÊNCIAS (NÃO INCLUI FORNECIMENTO). AF_05/2024","M",155.19]
[97191,"ASSENTAMENTO DE TUBO DE AÇO CARBONO PARA REDE DE ÁGUA, DN 1800 MM (72\") OU DN 1900 MM (76\"), JUNTA SOLDADA, INSTALADO EM LOCAL COM NÍVEL BAIXO DE INTERFERÊNCIAS (NÃO INCLUI FORNECIMENTO). AF_05/2024","M",141.19]
[97182,"ASSENTAMENTO DE TUBO DE AÇO CARBONO PARA REDE DE ÁGUA, DN 2000 MM (80\") OU DN 2100 MM (84\"), JUNTA SOLDADA, INSTALADO EM LOCAL COM NÍVEL ALTO DE INTERFERÊNCIAS (NÃO INCLUI FORNECIMENTO). AF_05/2024","M",177.31]
[97192,"ASSENTAMENTO DE TUBO DE AÇO CARBONO PARA REDE DE ÁGUA, DN 2000 MM (80\") OU DN 2100 MM (84\"), JUNTA SOLDADA, INSTALADO EM LOCAL COM NÍVEL BAIXO DE INTERFERÊNCIAS (NÃO INCLUI FORNECIMENTO). AF_05/2024","M",160.78]
[97173,"ASSENTAMENTO DE TUBO DE AÇO CARBONO PARA REDE DE ÁGUA, DN 600 MM (24\"), JUNTA SOLDADA, INSTALADO EM LOCAL COM NÍVEL ALTO DE INTERFERÊNCIAS (NÃO INCLUI FORNECIMENTO). AF_05/2024","M",47.75]
[97183,"ASSENTAMENTO DE TUBO DE AÇO CARBONO PARA REDE DE ÁGUA, DN 600 MM (24\"), JUNTA SOLDADA, INSTALADO EM LOCAL COM NÍVEL BAIXO DE INTERFERÊNCIAS (NÃO INCLUI FORNECIMENTO). AF_05/2024","M",43.19]
[97174,"ASSENTAMENTO DE TUBO DE AÇO CARBONO PARA REDE DE ÁGUA, DN 700 MM (28\"), JUNTA SOLDADA, INSTALADO EM LOCAL COM NÍVEL ALTO DE INTERFERÊNCIAS (NÃO INCLUI FORNECIMENTO). AF_05/2024","M",56.71]
[97184,"ASSENTAMENTO DE TUBO DE AÇO CARBONO PARA REDE DE ÁGUA, DN 700 MM (28\"), JUNTA SOLDADA, INSTALADO EM LOCAL COM NÍVEL BAIXO DE INTERFERÊNCIAS (NÃO INCLUI FORNECIMENTO). AF_05/2024","M",51.35]
[97175,"ASSENTAMENTO DE TUBO DE AÇO CARBONO PARA REDE DE ÁGUA, DN 800 MM (32\"), JUNTA SOLDADA, INSTALADO EM LOCAL COM NÍVEL ALTO DE INTERFERÊNCIAS (NÃO INCLUI FORNECIMENTO). AF_05/2024","M",65.66]
[97185,"ASSENTAMENTO DE TUBO DE AÇO CARBONO PARA REDE DE ÁGUA, DN 800 MM (32\"), JUNTA SOLDADA, INSTALADO EM LOCAL COM NÍVEL BAIXO DE INTERFERÊNCIAS (NÃO INCLUI FORNECIMENTO). AF_05/2024","M",59.51]
[97176,"ASSENTAMENTO DE TUBO DE AÇO CARBONO PARA REDE DE ÁGUA, DN 900 MM (36\"), JUNTA SOLDADA, INSTALADO EM LOCAL COM NÍVEL ALTO DE INTERFERÊNCIAS (NÃO INCLUI FORNECIMENTO). AF_05/2024","M",74.62]
[97186,"ASSENTAMENTO DE TUBO DE AÇO CARBONO PARA REDE DE ÁGUA, DN 900 MM (36\"), JUNTA SOLDADA, INSTALADO EM LOCAL COM NÍVEL BAIXO DE INTERFERÊNCIAS (NÃO INCLUI FORNECIMENTO). AF_05/2024","M",67.680000000000007]
[97142,"ASSENTAMENTO DE TUBO DE FERRO FUNDIDO PARA REDE DE ÁGUA, DN 100 MM, JUNTA ELÁSTICA, INSTALADO EM LOCAL COM NÍVEL ALTO DE INTERFERÊNCIAS (NÃO INCLUI FORNECIMENTO). AF_05/2024","M",5.68]
[97158,"ASSENTAMENTO DE TUBO DE FERRO FUNDIDO PARA REDE DE ÁGUA, DN 100 MM, JUNTA ELÁSTICA, INSTALADO EM LOCAL COM NÍVEL BAIXO DE INTERFERÊNCIAS (NÃO INCLUI FORNECIMENTO). AF_05/2024","M",4.32]
[97155,"ASSENTAMENTO DE TUBO DE FERRO FUNDIDO PARA REDE DE ÁGUA, DN 1000 MM, JUNTA ELÁSTICA, INSTALADO EM LOCAL COM NÍVEL ALTO DE INTERFERÊNCIAS (NÃO INCLUI FORNECIMENTO). AF_05/2024","M",43.27]
[97171,"ASSENTAMENTO DE TUBO DE FERRO FUNDIDO PARA REDE DE ÁGUA, DN 1000 MM, JUNTA ELÁSTICA, INSTALADO EM LOCAL COM NÍVEL BAIXO DE INTERFERÊNCIAS (NÃO INCLUI FORNECIMENTO). AF_05/2024","M",34.479999999999997]
[97156,"ASSENTAMENTO DE TUBO DE FERRO FUNDIDO PARA REDE DE ÁGUA, DN 1200 MM, JUNTA ELÁSTICA, INSTALADO EM LOCAL COM NÍVEL ALTO DE INTERFERÊNCIAS (NÃO INCLUI FORNECIMENTO). AF_05/2024","M",51.8]
[97172,"ASSENTAMENTO DE TUBO DE FERRO FUNDIDO PARA REDE DE ÁGUA, DN 1200 MM, JUNTA ELÁSTICA, INSTALADO EM LOCAL COM NÍVEL BAIXO DE INTERFERÊNCIAS (NÃO INCLUI FORNECIMENTO). AF_05/2024","M",41.45]
[97143,"ASSENTAMENTO DE TUBO DE FERRO FUNDIDO PARA REDE DE ÁGUA, DN 150 MM, JUNTA ELÁSTICA, INSTALADO EM LOCAL COM NÍVEL ALTO DE INTERFERÊNCIAS (NÃO INCLUI FORNECIMENTO). AF_05/2024","M",7.5]
[97159,"ASSENTAMENTO DE TUBO DE FERRO FUNDIDO PARA REDE DE ÁGUA, DN 150 MM, JUNTA ELÁSTICA, INSTALADO EM LOCAL COM NÍVEL BAIXO DE INTERFERÊNCIAS (NÃO INCLUI FORNECIMENTO). AF_05/2024","M",5.81]
[97144,"ASSENTAMENTO DE TUBO DE FERRO FUNDIDO PARA REDE DE ÁGUA, DN 200 MM, JUNTA ELÁSTICA, INSTALADO EM LOCAL COM NÍVEL ALTO DE INTERFERÊNCIAS (NÃO INCLUI FORNECIMENTO). AF_05/2024","M",9.32]
[97160,"ASSENTAMENTO DE TUBO DE FERRO FUNDIDO PARA REDE DE ÁGUA, DN 200 MM, JUNTA ELÁSTICA, INSTALADO EM LOCAL COM NÍVEL BAIXO DE INTERFERÊNCIAS (NÃO INCLUI FORNECIMENTO). AF_05/2024","M",7.31]
[97145,"ASSENTAMENTO DE TUBO DE FERRO FUNDIDO PARA REDE DE ÁGUA, DN 250 MM, JUNTA ELÁSTICA, INSTALADO EM LOCAL COM NÍVEL ALTO DE INTERFERÊNCIAS (NÃO INCLUI FORNECIMENTO). AF_05/2024","M",11.15]
[97161,"ASSENTAMENTO DE TUBO DE FERRO FUNDIDO PARA REDE DE ÁGUA, DN 250 MM, JUNTA ELÁSTICA, INSTALADO EM LOCAL COM NÍVEL BAIXO DE INTERFERÊNCIAS (NÃO INCLUI FORNECIMENTO). AF_05/2024","M",8.81]
[97146,"ASSENTAMENTO DE TUBO DE FERRO FUNDIDO PARA REDE DE ÁGUA, DN 300 MM, JUNTA ELÁSTICA, INSTALADO EM LOCAL COM NÍVEL ALTO DE INTERFERÊNCIAS (NÃO INCLUI FORNECIMENTO). AF_05/2024","M",12.99]
[97162,"ASSENTAMENTO DE TUBO DE FERRO FUNDIDO PARA REDE DE ÁGUA, DN 300 MM, JUNTA ELÁSTICA, INSTALADO EM LOCAL COM NÍVEL BAIXO DE INTERFERÊNCIAS (NÃO INCLUI FORNECIMENTO). AF_05/2024","M",10.32]
[97147,"ASSENTAMENTO DE TUBO DE FERRO FUNDIDO PARA REDE DE ÁGUA, DN 350 MM, JUNTA ELÁSTICA, INSTALADO EM LOCAL COM NÍVEL ALTO DE INTERFERÊNCIAS (NÃO INCLUI FORNECIMENTO). AF_05/2024","M",14.81]
[97163,"ASSENTAMENTO DE TUBO DE FERRO FUNDIDO PARA REDE DE ÁGUA, DN 350 MM, JUNTA ELÁSTICA, INSTALADO EM LOCAL COM NÍVEL BAIXO DE INTERFERÊNCIAS (NÃO INCLUI FORNECIMENTO). AF_05/2024","M",11.82]
[97148,"ASSENTAMENTO DE TUBO DE FERRO FUNDIDO PARA REDE DE ÁGUA, DN 400 MM, JUNTA ELÁSTICA, INSTALADO EM LOCAL COM NÍVEL ALTO DE INTERFERÊNCIAS (NÃO INCLUI FORNECIMENTO). AF_05/2024","M",16.64]
[97164,"ASSENTAMENTO DE TUBO DE FERRO FUNDIDO PARA REDE DE ÁGUA, DN 400 MM, JUNTA ELÁSTICA, INSTALADO EM LOCAL COM NÍVEL BAIXO DE INTERFERÊNCIAS (NÃO INCLUI FORNECIMENTO). AF_05/2024","M",13.33]
[97149,"ASSENTAMENTO DE TUBO DE FERRO FUNDIDO PARA REDE DE ÁGUA, DN 450 MM, JUNTA ELÁSTICA, INSTALADO EM LOCAL COM NÍVEL ALTO DE INTERFERÊNCIAS (NÃO INCLUI FORNECIMENTO). AF_05/2024","M",18.5]
[97165,"ASSENTAMENTO DE TUBO DE FERRO FUNDIDO PARA REDE DE ÁGUA, DN 450 MM, JUNTA ELÁSTICA, INSTALADO EM LOCAL COM NÍVEL BAIXO DE INTERFERÊNCIAS (NÃO INCLUI FORNECIMENTO). AF_05/2024","M",14.85]
[97150,"ASSENTAMENTO DE TUBO DE FERRO FUNDIDO PARA REDE DE ÁGUA, DN 500 MM, JUNTA ELÁSTICA, INSTALADO EM LOCAL COM NÍVEL ALTO DE INTERFERÊNCIAS (NÃO INCLUI FORNECIMENTO). AF_05/2024","M",23.09]
[97166,"ASSENTAMENTO DE TUBO DE FERRO FUNDIDO PARA REDE DE ÁGUA, DN 500 MM, JUNTA ELÁSTICA, INSTALADO EM LOCAL COM NÍVEL BAIXO DE INTERFERÊNCIAS (NÃO INCLUI FORNECIMENTO). AF_05/2024","M",18.239999999999998]
[97151,"ASSENTAMENTO DE TUBO DE FERRO FUNDIDO PARA REDE DE ÁGUA, DN 600 MM, JUNTA ELÁSTICA, INSTALADO EM LOCAL COM NÍVEL ALTO DE INTERFERÊNCIAS (NÃO INCLUI FORNECIMENTO). AF_05/2024","M",27.22]
[97167,"ASSENTAMENTO DE TUBO DE FERRO FUNDIDO PARA REDE DE ÁGUA, DN 600 MM, JUNTA ELÁSTICA, INSTALADO EM LOCAL COM NÍVEL BAIXO DE INTERFERÊNCIAS (NÃO INCLUI FORNECIMENTO). AF_05/2024","M",21.58]
[97152,"ASSENTAMENTO DE TUBO DE FERRO FUNDIDO PARA REDE DE ÁGUA, DN 700 MM, JUNTA ELÁSTICA, INSTALADO EM LOCAL COM NÍVEL ALTO DE INTERFERÊNCIAS (NÃO INCLUI FORNECIMENTO). AF_05/2024","M",31.1]
[97168,"ASSENTAMENTO DE TUBO DE FERRO FUNDIDO PARA REDE DE ÁGUA, DN 700 MM, JUNTA ELÁSTICA, INSTALADO EM LOCAL COM NÍVEL BAIXO DE INTERFERÊNCIAS (NÃO INCLUI FORNECIMENTO). AF_05/2024","M",24.69]
[97141,"ASSENTAMENTO DE TUBO DE FERRO FUNDIDO PARA REDE DE ÁGUA, DN 80 MM, JUNTA ELÁSTICA, INSTALADO EM LOCAL COM NÍVEL ALTO DE INTERFERÊNCIAS (NÃO INCLUI FORNECIMENTO). AF_05/2024","M",4.93]
[97157,"ASSENTAMENTO DE TUBO DE FERRO FUNDIDO PARA REDE DE ÁGUA, DN 80 MM, JUNTA ELÁSTICA, INSTALADO EM LOCAL COM NÍVEL BAIXO DE INTERFERÊNCIAS (NÃO INCLUI FORNECIMENTO). AF_05/2024","M",3.71]
[97153,"ASSENTAMENTO DE TUBO DE FERRO FUNDIDO PARA REDE DE ÁGUA, DN 800 MM, JUNTA ELÁSTICA, INSTALADO EM LOCAL COM NÍVEL ALTO DE INTERFERÊNCIAS (NÃO INCLUI FORNECIMENTO). AF_05/2024","M",35.130000000000003]
[97169,"ASSENTAMENTO DE TUBO DE FERRO FUNDIDO PARA REDE DE ÁGUA, DN 800 MM, JUNTA ELÁSTICA, INSTALADO EM LOCAL COM NÍVEL BAIXO DE INTERFERÊNCIAS (NÃO INCLUI FORNECIMENTO). AF_05/2024","M",27.92]
[97154,"ASSENTAMENTO DE TUBO DE FERRO FUNDIDO PARA REDE DE ÁGUA, DN 900 MM, JUNTA ELÁSTICA, INSTALADO EM LOCAL COM NÍVEL ALTO DE INTERFERÊNCIAS (NÃO INCLUI FORNECIMENTO). AF_05/2024","M",39.19]
[97170,"ASSENTAMENTO DE TUBO DE FERRO FUNDIDO PARA REDE DE ÁGUA, DN 900 MM, JUNTA ELÁSTICA, INSTALADO EM LOCAL COM NÍVEL BAIXO DE INTERFERÊNCIAS (NÃO INCLUI FORNECIMENTO). AF_05/2024","M",31.19]
[105311,"ASSENTAMENTO DE TUBO DE PVC DEFOFO OU PRFV OU RPVC PARA REDE DE ÁGUA, DN 100, JUNTA ELÁSTICA INTEGRADA, INSTALADO EM LOCAL COM NÍVEL ALTO DE INTERFERÊNCIAS (NÃO INCLUI FORNECIMENTO). AF_05/2024","M",3.66]
[105339,"ASSENTAMENTO DE TUBO DE PVC DEFOFO OU PRFV OU RPVC PARA REDE DE ÁGUA, DN 100, JUNTA ELÁSTICA INTEGRADA, INSTALADO EM LOCAL COM NÍVEL BAIXO DE INTERFERÊNCIAS (NÃO INCLUI FORNECIMENTO). AF_05/2024","M",3.01]
[97127,"ASSENTAMENTO DE TUBO DE PVC DEFOFO OU PRFV OU RPVC PARA REDE DE ÁGUA, DN 150 MM, JUNTA ELÁSTICA INTEGRADA, INSTALADO EM LOCAL COM NÍVEL ALTO DE INTERFERÊNCIAS (NÃO INCLUI FORNECIMENTO). AF_05/2024","M",4.8]
[97134,"ASSENTAMENTO DE TUBO DE PVC DEFOFO OU PRFV OU RPVC PARA REDE DE ÁGUA, DN 150 MM, JUNTA ELÁSTICA INTEGRADA, INSTALADO EM LOCAL COM NÍVEL BAIXO DE INTERFERÊNCIAS (NÃO INCLUI FORNECIMENTO). AF_05/2024","M",3.96]
[97128,"ASSENTAMENTO DE TUBO DE PVC DEFOFO OU PRFV OU RPVC PARA REDE DE ÁGUA, DN 200 MM, JUNTA ELÁSTICA INTEGRADA, INSTALADO EM LOCAL COM NÍVEL ALTO DE INTERFERÊNCIAS (NÃO INCLUI FORNECIMENTO). AF_05/2024","M",9.8800000000000008]
[97135,"ASSENTAMENTO DE TUBO DE PVC DEFOFO OU PRFV OU RPVC PARA REDE DE ÁGUA, DN 200 MM, JUNTA ELÁSTICA INTEGRADA, INSTALADO EM LOCAL COM NÍVEL BAIXO DE INTERFERÊNCIAS (NÃO INCLUI FORNECIMENTO). AF_05/2024","M",7.5]
[97129,"ASSENTAMENTO DE TUBO DE PVC DEFOFO OU PRFV OU RPVC PARA REDE DE ÁGUA, DN 250 MM, JUNTA ELÁSTICA INTEGRADA, INSTALADO EM LOCAL COM NÍVEL ALTO DE INTERFERÊNCIAS (NÃO INCLUI FORNECIMENTO). AF_05/2024","M",11.71]
[97136,"ASSENTAMENTO DE TUBO DE PVC DEFOFO OU PRFV OU RPVC PARA REDE DE ÁGUA, DN 250 MM, JUNTA ELÁSTICA INTEGRADA, INSTALADO EM LOCAL COM NÍVEL BAIXO DE INTERFERÊNCIAS (NÃO INCLUI FORNECIMENTO). AF_05/2024","M",8.9]
[97130,"ASSENTAMENTO DE TUBO DE PVC DEFOFO OU PRFV OU RPVC PARA REDE DE ÁGUA, DN 300 MM, JUNTA ELÁSTICA INTEGRADA, INSTALADO EM LOCAL COM NÍVEL ALTO DE INTERFERÊNCIAS (NÃO INCLUI FORNECIMENTO). AF_05/2024","M",13.53]
[97137,"ASSENTAMENTO DE TUBO DE PVC DEFOFO OU PRFV OU RPVC PARA REDE DE ÁGUA, DN 300 MM, JUNTA ELÁSTICA INTEGRADA, INSTALADO EM LOCAL COM NÍVEL BAIXO DE INTERFERÊNCIAS (NÃO INCLUI FORNECIMENTO). AF_05/2024","M",10.29]
[97131,"ASSENTAMENTO DE TUBO DE PVC DEFOFO OU PRFV OU RPVC PARA REDE DE ÁGUA, DN 350 MM, JUNTA ELÁSTICA INTEGRADA, INSTALADO EM LOCAL COM NÍVEL ALTO DE INTERFERÊNCIAS (NÃO INCLUI FORNECIMENTO). AF_05/2024","M",15.36]
[97138,"ASSENTAMENTO DE TUBO DE PVC DEFOFO OU PRFV OU RPVC PARA REDE DE ÁGUA, DN 350 MM, JUNTA ELÁSTICA INTEGRADA, INSTALADO EM LOCAL COM NÍVEL BAIXO DE INTERFERÊNCIAS (NÃO INCLUI FORNECIMENTO). AF_05/2024","M",11.69]
[97132,"ASSENTAMENTO DE TUBO DE PVC DEFOFO OU PRFV OU RPVC PARA REDE DE ÁGUA, DN 400 MM, JUNTA ELÁSTICA INTEGRADA, INSTALADO EM LOCAL COM NÍVEL ALTO DE INTERFERÊNCIAS (NÃO INCLUI FORNECIMENTO). AF_05/2024","M",17.2]
[97139,"ASSENTAMENTO DE TUBO DE PVC DEFOFO OU PRFV OU RPVC PARA REDE DE ÁGUA, DN 400 MM, JUNTA ELÁSTICA INTEGRADA, INSTALADO EM LOCAL COM NÍVEL BAIXO DE INTERFERÊNCIAS (NÃO INCLUI FORNECIMENTO). AF_05/2024","M",13.09]
[97133,"ASSENTAMENTO DE TUBO DE PVC DEFOFO OU PRFV OU RPVC PARA REDE DE ÁGUA, DN 500 MM, JUNTA ELÁSTICA INTEGRADA, INSTALADO EM LOCAL COM NÍVEL ALTO DE INTERFERÊNCIAS (NÃO INCLUI FORNECIMENTO). AF_05/2024","M",20.86]
[97140,"ASSENTAMENTO DE TUBO DE PVC DEFOFO OU PRFV OU RPVC PARA REDE DE ÁGUA, DN 500 MM, JUNTA ELÁSTICA INTEGRADA, INSTALADO EM LOCAL COM NÍVEL BAIXO DE INTERFERÊNCIAS (NÃO INCLUI FORNECIMENTO). AF_05/2024","M",15.86]
[97123,"ASSENTAMENTO DE TUBO DE PVC PBA PARA REDE DE ÁGUA, DN 100 MM, JUNTA ELÁSTICA INTEGRADA, INSTALADO EM LOCAL COM NÍVEL ALTO DE INTERFERÊNCIAS (NÃO INCLUI FORNECIMENTO). AF_05/2024","M",3.95]
[97126,"ASSENTAMENTO DE TUBO DE PVC PBA PARA REDE DE ÁGUA, DN 100 MM, JUNTA ELÁSTICA INTEGRADA, INSTALADO EM LOCAL COM NÍVEL BAIXO DE INTERFERÊNCIAS (NÃO INCLUI FORNECIMENTO). AF_05/2024","M",3.24]
[105308,"ASSENTAMENTO DE TUBO DE PVC PBA PARA REDE DE ÁGUA, DN 125, JUNTA ELÁSTICA INTEGRADA, INSTALADO EM LOCAL COM NÍVEL ALTO DE INTERFERÊNCIAS (NÃO INCLUI FORNECIMENTO). AF_05/2024","M",4.55]
[105312,"ASSENTAMENTO DE TUBO DE PVC PBA PARA REDE DE ÁGUA, DN 125, JUNTA ELÁSTICA INTEGRADA, INSTALADO EM LOCAL COM NÍVEL BAIXO DE INTERFERÊNCIAS (NÃO INCLUI FORNECIMENTO). AF_05/2024","M",3.75]
[105309,"ASSENTAMENTO DE TUBO DE PVC PBA PARA REDE DE ÁGUA, DN 140, JUNTA ELÁSTICA INTEGRADA, INSTALADO EM LOCAL COM NÍVEL ALTO DE INTERFERÊNCIAS (NÃO INCLUI FORNECIMENTO). AF_05/2024","M",4.9000000000000004]
[105313,"ASSENTAMENTO DE TUBO DE PVC PBA PARA REDE DE ÁGUA, DN 140, JUNTA ELÁSTICA INTEGRADA, INSTALADO EM LOCAL COM NÍVEL BAIXO DE INTERFERÊNCIAS (NÃO INCLUI FORNECIMENTO). AF_05/2024","M",4.05]
[105310,"ASSENTAMENTO DE TUBO DE PVC PBA PARA REDE DE ÁGUA, DN 180, JUNTA ELÁSTICA INTEGRADA, INSTALADO EM LOCAL COM NÍVEL ALTO DE INTERFERÊNCIAS (NÃO INCLUI FORNECIMENTO). AF_05/2024","M",5.78]
[105314,"ASSENTAMENTO DE TUBO DE PVC PBA PARA REDE DE ÁGUA, DN 180, JUNTA ELÁSTICA INTEGRADA, INSTALADO EM LOCAL COM NÍVEL BAIXO DE INTERFERÊNCIAS (NÃO INCLUI FORNECIMENTO). AF_05/2024","M",4.78]
[97121,"ASSENTAMENTO DE TUBO DE PVC PBA PARA REDE DE ÁGUA, DN 50 MM, JUNTA ELÁSTICA INTEGRADA, INSTALADO EM LOCAL COM NÍVEL ALTO DE INTERFERÊNCIAS (NÃO INCLUI FORNECIMENTO). AF_05/2024","M",2.82]
[97124,"ASSENTAMENTO DE TUBO DE PVC PBA PARA REDE DE ÁGUA, DN 50 MM, JUNTA ELÁSTICA INTEGRADA, INSTALADO EM LOCAL COM NÍVEL BAIXO DE INTERFERÊNCIAS (NÃO INCLUI FORNECIMENTO). AF_05/2024","M",2.31]
[97122,"ASSENTAMENTO DE TUBO DE PVC PBA PARA REDE DE ÁGUA, DN 75 MM, JUNTA ELÁSTICA INTEGRADA, INSTALADO EM LOCAL COM NÍVEL ALTO DE INTERFERÊNCIAS (NÃO INCLUI FORNECIMENTO). AF_05/2024","M",3.4]
[97125,"ASSENTAMENTO DE TUBO DE PVC PBA PARA REDE DE ÁGUA, DN 75 MM, JUNTA ELÁSTICA INTEGRADA, INSTALADO EM LOCAL COM NÍVEL BAIXO DE INTERFERÊNCIAS (NÃO INCLUI FORNECIMENTO). AF_05/2024","M",2.79]
[105296,"ASSENTAMENTO E FORNECIMENTO DE CURVA PVC PBA, JE, PB, 45 GRAUS, DN 100 / DE 110 MM, PARA REDE AGUA, JUNTA ELÁSTICA INTEGRADA, INSTALADO EM LOCAL COM NÍVEL ALTO DE INTERFERÊNCIAS (INCLUI FORNECIMENTO). AF_05/2024","UN",167.14]
[105374,"ASSENTAMENTO E FORNECIMENTO DE CURVA PVC PBA, JE, PB, 45 GRAUS, DN 100 / DE 110 MM, PARA REDE AGUA, JUNTA ELÁSTICA INTEGRADA, INSTALADO EM LOCAL COM NÍVEL BAIXO DE INTERFERÊNCIAS (INCLUI FORNECIMENTO). AF_05/2024","UN",162.88]
[105292,"ASSENTAMENTO E FORNECIMENTO DE CURVA PVC PBA, JE, PB, 45 GRAUS, DN 50 / DE 60 MM, PARA REDE AGUA, JUNTA ELÁSTICA INTEGRADA, INSTALADO EM LOCAL COM NÍVEL ALTO DE INTERFERÊNCIAS (INCLUI FORNECIMENTO). AF_05/2024","UN",48.44]
[105293,"ASSENTAMENTO E FORNECIMENTO DE CURVA PVC PBA, JE, PB, 45 GRAUS, DN 50 / DE 60 MM, PARA REDE AGUA, JUNTA ELÁSTICA INTEGRADA, INSTALADO EM LOCAL COM NÍVEL BAIXO DE INTERFERÊNCIAS (INCLUI FORNECIMENTO). AF_05/2024","UN",45.32]
[105294,"ASSENTAMENTO E FORNECIMENTO DE CURVA PVC PBA, JE, PB, 45 GRAUS, DN 75 / DE 85 MM, PARA REDE AGUA, JUNTA ELÁSTICA INTEGRADA, INSTALADO EM LOCAL COM NÍVEL ALTO DE INTERFERÊNCIAS (INCLUI FORNECIMENTO). AF_05/2024","UN",97.8]
[105295,"ASSENTAMENTO E FORNECIMENTO DE CURVA PVC PBA, JE, PB, 45 GRAUS, DN 75 / DE 85 MM, PARA REDE AGUA, JUNTA ELÁSTICA INTEGRADA, INSTALADO EM LOCAL COM NÍVEL BAIXO DE INTERFERÊNCIAS (INCLUI FORNECIMENTO). AF_05/2024","UN",94.1]
[105290,"ASSENTAMENTO E FORNECIMENTO DE LUVA SIMPLES, PVC PBA, JE, DN 100 / DE 110 MM, PARA REDE AGUA, JUNTA ELÁSTICA INTEGRADA, INSTALADO EM LOCAL COM NÍVEL ALTO DE INTERFERÊNCIAS (INCLUI FORNECIMENTO). AF_05/2024","UN",64.150000000000006]
[105291,"ASSENTAMENTO E FORNECIMENTO DE LUVA SIMPLES, PVC PBA, JE, DN 100 / DE 110 MM, PARA REDE AGUA, JUNTA ELÁSTICA INTEGRADA, INSTALADO EM LOCAL COM NÍVEL BAIXO DE INTERFERÊNCIAS (INCLUI FORNECIMENTO). AF_05/2024","UN",61.3]
[105286,"ASSENTAMENTO E FORNECIMENTO DE LUVA SIMPLES, PVC PBA, JE, DN 50 / DE 60 MM, PARA REDE AGUA, JUNTA ELÁSTICA INTEGRADA, INSTALADO EM LOCAL COM NÍVEL ALTO DE INTERFERÊNCIAS (INCLUI FORNECIMENTO). AF_05/2024","UN",29.08]
[105287,"ASSENTAMENTO E FORNECIMENTO DE LUVA SIMPLES, PVC PBA, JE, DN 50 / DE 60 MM, PARA REDE AGUA, JUNTA ELÁSTICA INTEGRADA, INSTALADO EM LOCAL COM NÍVEL BAIXO DE INTERFERÊNCIAS (INCLUI FORNECIMENTO). AF_05/2024","UN",26.99]
[105288,"ASSENTAMENTO E FORNECIMENTO DE LUVA SIMPLES, PVC PBA, JE, DN 75 / DE 85 MM, PARA REDE AGUA, JUNTA ELÁSTICA INTEGRADA, INSTALADO EM LOCAL COM NÍVEL ALTO DE INTERFERÊNCIAS (INCLUI FORNECIMENTO). AF_05/2024","UN",47.74]
[105289,"ASSENTAMENTO E FORNECIMENTO DE LUVA SIMPLES, PVC PBA, JE, DN 75 / DE 85 MM, PARA REDE AGUA, JUNTA ELÁSTICA INTEGRADA, INSTALADO EM LOCAL COM NÍVEL BAIXO DE INTERFERÊNCIAS (INCLUI FORNECIMENTO). AF_05/2024","UN",45.28]
[105375,"ASSENTAMENTO E FORNECIMENTO DE TE DE REDUCAO, PVC PBA, BBB, JE, DN 100 X 50 / DE 110 X 60 MM, PARA REDE AGUA, JUNTA ELÁSTICA INTEGRADA, INSTALADO EM LOCAL COM NÍVEL ALTO DE INTERFERÊNCIAS (INCLUI FORNECIMENTO). AF_05/2024","UN",129.87]
[105376,"ASSENTAMENTO E FORNECIMENTO DE TE DE REDUCAO, PVC PBA, BBB, JE, DN 100 X 50 / DE 110 X 60 MM, PARA REDE AGUA, JUNTA ELÁSTICA INTEGRADA, INSTALADO EM LOCAL COM NÍVEL BAIXO DE INTERFERÊNCIAS (INCLUI FORNECIMENTO). AF_05/2024","UN",124.19]
[105331,"ASSENTAMENTO E FORNECIMENTO DE TUBO DE PVC DEFOFO OU PRFV OU RPVC PARA REDE DE ÁGUA, DN 100, JUNTA ELÁSTICA INTEGRADA, INSTALADO EM LOCAL COM NÍVEL ALTO DE INTERFERÊNCIAS (INCLUI FORNECIMENTO). AF_05/2024","M",54.32]
[105332,"ASSENTAMENTO E FORNECIMENTO DE TUBO DE PVC DEFOFO OU PRFV OU RPVC PARA REDE DE ÁGUA, DN 100, JUNTA ELÁSTICA INTEGRADA, INSTALADO EM LOCAL COM NÍVEL BAIXO DE INTERFERÊNCIAS (INCLUI FORNECIMENTO). AF_05/2024","M",53.67]
[105333,"ASSENTAMENTO E FORNECIMENTO DE TUBO DE PVC DEFOFO PARA REDE DE ÁGUA, DN 200, JUNTA ELÁSTICA INTEGRADA, INSTALADO EM LOCAL COM NÍVEL ALTO DE INTERFERÊNCIAS (INCLUI FORNECIMENTO). AF_05/2024","M",240.94]
[105334,"ASSENTAMENTO E FORNECIMENTO DE TUBO DE PVC DEFOFO PARA REDE DE ÁGUA, DN 200, JUNTA ELÁSTICA INTEGRADA, INSTALADO EM LOCAL COM NÍVEL BAIXO DE INTERFERÊNCIAS (INCLUI FORNECIMENTO). AF_05/2024","M",238.56]
[105335,"ASSENTAMENTO E FORNECIMENTO DE TUBO DE PVC DEFOFO PARA REDE DE ÁGUA, DN 250, JUNTA ELÁSTICA INTEGRADA, INSTALADO EM LOCAL COM NÍVEL ALTO DE INTERFERÊNCIAS (INCLUI FORNECIMENTO). AF_05/2024","M",363.46]
[105336,"ASSENTAMENTO E FORNECIMENTO DE TUBO DE PVC DEFOFO PARA REDE DE ÁGUA, DN 250, JUNTA ELÁSTICA INTEGRADA, INSTALADO EM LOCAL COM NÍVEL BAIXO DE INTERFERÊNCIAS (INCLUI FORNECIMENTO). AF_05/2024","M",360.65]
[105337,"ASSENTAMENTO E FORNECIMENTO DE TUBO DE PVC DEFOFO PARA REDE DE ÁGUA, DN 300, JUNTA ELÁSTICA INTEGRADA, INSTALADO EM LOCAL COM NÍVEL ALTO DE INTERFERÊNCIAS (INCLUI FORNECIMENTO). AF_05/2024","M",513.03]
[105338,"ASSENTAMENTO E FORNECIMENTO DE TUBO DE PVC DEFOFO PARA REDE DE ÁGUA, DN 300, JUNTA ELÁSTICA INTEGRADA, INSTALADO EM LOCAL COM NÍVEL BAIXO DE INTERFERÊNCIAS (INCLUI FORNECIMENTO). AF_05/2024","M",509.79]
[105329,"ASSENTAMENTO E FORNECIMENTO DE TUBO DE PVC PBA PARA REDE DE ÁGUA, DN 100, JUNTA ELÁSTICA INTEGRADA, INSTALADO EM LOCAL COM NÍVEL ALTO DE INTERFERÊNCIAS (INCLUI FORNECIMENTO). AF_05/2024","UN",76.78]
[105330,"ASSENTAMENTO E FORNECIMENTO DE TUBO DE PVC PBA PARA REDE DE ÁGUA, DN 100, JUNTA ELÁSTICA INTEGRADA, INSTALADO EM LOCAL COM NÍVEL BAIXO DE INTERFERÊNCIAS (INCLUI FORNECIMENTO). AF_05/2024","UN",76.069999999999993]
[105260,"ASSENTAMENTO E FORNECIMENTO DE TUBO DE PVC PBA PARA REDE DE ÁGUA, DN 50, JUNTA ELÁSTICA INTEGRADA, INSTALADO EM LOCAL COM NÍVEL ALTO DE INTERFERÊNCIAS (INCLUI FORNECIMENTO). AF_05/2024","UN",25.02]
[105285,"ASSENTAMENTO E FORNECIMENTO DE TUBO DE PVC PBA PARA REDE DE ÁGUA, DN 50, JUNTA ELÁSTICA INTEGRADA, INSTALADO EM LOCAL COM NÍVEL BAIXO DE INTERFERÊNCIAS (INCLUI FORNECIMENTO). AF_05/2024","UN",24.51]
[105327,"ASSENTAMENTO E FORNECIMENTO DE TUBO DE PVC PBA PARA REDE DE ÁGUA, DN 75, JUNTA ELÁSTICA INTEGRADA, INSTALADO EM LOCAL COM NÍVEL ALTO DE INTERFERÊNCIAS (INCLUI FORNECIMENTO). AF_05/2024","UN",46.99]
[105328,"ASSENTAMENTO E FORNECIMENTO DE TUBO DE PVC PBA PARA REDE DE ÁGUA, DN 75, JUNTA ELÁSTICA INTEGRADA, INSTALADO EM LOCAL COM NÍVEL BAIXO DE INTERFERÊNCIAS (INCLUI FORNECIMENTO). AF_05/2024","UN",46.38]
[105377,"FORNECIMENTO E ASSENTAMENTO DE CURVA 45 GRAUS RANHURADA EM FERRO FUNDIDO, DN 80 MM (3\") PARA REDE DE ÁGUA, INSTALADO EM LOCAL COM NÍVEL ALTO DE INTERFERÊNCIAS (INCLUI FORNECIMENTO). AF_05/2024","UN",45.2]
[105368,"FORNECIMENTO E ASSENTAMENTO DE CURVA 45 GRAUS RANHURADA EM FERRO FUNDIDO, DN 80 MM (3\") PARA REDE DE ÁGUA, INSTALADO EM LOCAL COM NÍVEL BAIXO DE INTERFERÊNCIAS (INCLUI FORNECIMENTO). AF_05/2024","UN",41.43]
[105369,"FORNECIMENTO E ASSENTAMENTO DE TE RANHURADO EM FERRO FUNDIDO, DN 80 (3\") PARA REDE DE ÁGUA, INSTALADO EM LOCAL COM NÍVEL ALTO DE INTERFERÊNCIAS (INCLUI FORNECIMENTO). AF_05/2024","UN",70.87]
[105370,"FORNECIMENTO E ASSENTAMENTO DE TE RANHURADO EM FERRO FUNDIDO, DN 80 (3\") PARA REDE DE ÁGUA, INSTALADO EM LOCAL COM NÍVEL BAIXO DE INTERFERÊNCIAS (INCLUI FORNECIMENTO). AF_05/2024","UN",65.84]
[92864,"ASSENTAMENTO DE TUBO DE CONCRETO PARA REDES COLETORAS DE ESGOTO SANITÁRIO, DIÂMETRO DE 1000 MM, JUNTA ELÁSTICA, INSTALADO EM LOCAL COM ALTO NÍVEL DE INTERFERÊNCIAS (NÃO INCLUI FORNECIMENTO). AF_03/2024","M",88.38]
[92848,"ASSENTAMENTO DE TUBO DE CONCRETO PARA REDES COLETORAS DE ESGOTO SANITÁRIO, DIÂMETRO DE 1000 MM, JUNTA ELÁSTICA, INSTALADO EM LOCAL COM BAIXO NÍVEL DE INTERFERÊNCIAS (NÃO INCLUI FORNECIMENTO). AF_03/2024","M",78.73]
[104937,"ASSENTAMENTO DE TUBO DE CONCRETO PARA REDES COLETORAS DE ESGOTO SANITÁRIO, DIÂMETRO DE 1200 MM, JUNTA ELÁSTICA, INSTALADO EM LOCAL COM ALTO NÍVEL DE INTERFERÊNCIAS (NÃO INCLUI FORNECIMENTO). AF_03/2024","M",0]
[104933,"ASSENTAMENTO DE TUBO DE CONCRETO PARA REDES COLETORAS DE ESGOTO SANITÁRIO, DIÂMETRO DE 1200 MM, JUNTA ELÁSTICA, INSTALADO EM LOCAL COM BAIXO NÍVEL DE INTERFERÊNCIAS (NÃO INCLUI FORNECIMENTO). AF_03/2024","M",0]
[104939,"ASSENTAMENTO DE TUBO DE CONCRETO PARA REDES COLETORAS DE ESGOTO SANITÁRIO, DIÂMETRO DE 1500 MM, JUNTA ELÁSTICA, INSTALADO EM LOCAL COM ALTO NÍVEL DE INTERFERÊNCIAS (NÃO INCLUI FORNECIMENTO). AF_03/2024","M",0]
[104935,"ASSENTAMENTO DE TUBO DE CONCRETO PARA REDES COLETORAS DE ESGOTO SANITÁRIO, DIÂMETRO DE 1500 MM, JUNTA ELÁSTICA, INSTALADO EM LOCAL COM BAIXO NÍVEL DE INTERFERÊNCIAS (NÃO INCLUI FORNECIMENTO). AF_03/2024","M",0]
[92850,"ASSENTAMENTO DE TUBO DE CONCRETO PARA REDES COLETORAS DE ESGOTO SANITÁRIO, DIÂMETRO DE 300 MM, JUNTA ELÁSTICA, INSTALADO EM LOCAL COM ALTO NÍVEL DE INTERFERÊNCIAS (NÃO INCLUI FORNECIMENTO). AF_03/2024","M",21.84]
[92834,"ASSENTAMENTO DE TUBO DE CONCRETO PARA REDES COLETORAS DE ESGOTO SANITÁRIO, DIÂMETRO DE 300 MM, JUNTA ELÁSTICA, INSTALADO EM LOCAL COM BAIXO NÍVEL DE INTERFERÊNCIAS (NÃO INCLUI FORNECIMENTO). AF_03/2024","M",19.420000000000002]
[92852,"ASSENTAMENTO DE TUBO DE CONCRETO PARA REDES COLETORAS DE ESGOTO SANITÁRIO, DIÂMETRO DE 400 MM, JUNTA ELÁSTICA, INSTALADO EM LOCAL COM ALTO NÍVEL DE INTERFERÊNCIAS (NÃO INCLUI FORNECIMENTO). AF_03/2024","M",29.16]
[92836,"ASSENTAMENTO DE TUBO DE CONCRETO PARA REDES COLETORAS DE ESGOTO SANITÁRIO, DIÂMETRO DE 400 MM, JUNTA ELÁSTICA, INSTALADO EM LOCAL COM BAIXO NÍVEL DE INTERFERÊNCIAS (NÃO INCLUI FORNECIMENTO). AF_03/2024","M",25.69]
[92854,"ASSENTAMENTO DE TUBO DE CONCRETO PARA REDES COLETORAS DE ESGOTO SANITÁRIO, DIÂMETRO DE 500 MM, JUNTA ELÁSTICA, INSTALADO EM LOCAL COM ALTO NÍVEL DE INTERFERÊNCIAS (NÃO INCLUI FORNECIMENTO). AF_03/2024","M",36.78]
[92838,"ASSENTAMENTO DE TUBO DE CONCRETO PARA REDES COLETORAS DE ESGOTO SANITÁRIO, DIÂMETRO DE 500 MM, JUNTA ELÁSTICA, INSTALADO EM LOCAL COM BAIXO NÍVEL DE INTERFERÊNCIAS (NÃO INCLUI FORNECIMENTO). AF_03/2024","M",32.31]
[92856,"ASSENTAMENTO DE TUBO DE CONCRETO PARA REDES COLETORAS DE ESGOTO SANITÁRIO, DIÂMETRO DE 600 MM, JUNTA ELÁSTICA, INSTALADO EM LOCAL COM ALTO NÍVEL DE INTERFERÊNCIAS (NÃO INCLUI FORNECIMENTO). AF_03/2024","M",44.71]
[92840,"ASSENTAMENTO DE TUBO DE CONCRETO PARA REDES COLETORAS DE ESGOTO SANITÁRIO, DIÂMETRO DE 600 MM, JUNTA ELÁSTICA, INSTALADO EM LOCAL COM BAIXO NÍVEL DE INTERFERÊNCIAS (NÃO INCLUI FORNECIMENTO). AF_03/2024","M",39.200000000000003]
[92858,"ASSENTAMENTO DE TUBO DE CONCRETO PARA REDES COLETORAS DE ESGOTO SANITÁRIO, DIÂMETRO DE 700 MM, JUNTA ELÁSTICA, INSTALADO EM LOCAL COM ALTO NÍVEL DE INTERFERÊNCIAS (NÃO INCLUI FORNECIMENTO). AF_03/2024","M",55.66]
[92842,"ASSENTAMENTO DE TUBO DE CONCRETO PARA REDES COLETORAS DE ESGOTO SANITÁRIO, DIÂMETRO DE 700 MM, JUNTA ELÁSTICA, INSTALADO EM LOCAL COM BAIXO NÍVEL DE INTERFERÊNCIAS (NÃO INCLUI FORNECIMENTO). AF_03/2024","M",49.11]
[92860,"ASSENTAMENTO DE TUBO DE CONCRETO PARA REDES COLETORAS DE ESGOTO SANITÁRIO, DIÂMETRO DE 800 MM, JUNTA ELÁSTICA, INSTALADO EM LOCAL COM ALTO NÍVEL DE INTERFERÊNCIAS (NÃO INCLUI FORNECIMENTO). AF_03/2024","M",65.91]
[92844,"ASSENTAMENTO DE TUBO DE CONCRETO PARA REDES COLETORAS DE ESGOTO SANITÁRIO, DIÂMETRO DE 800 MM, JUNTA ELÁSTICA, INSTALADO EM LOCAL COM BAIXO NÍVEL DE INTERFERÊNCIAS (NÃO INCLUI FORNECIMENTO). AF_03/2024","M",58.31]
[92862,"ASSENTAMENTO DE TUBO DE CONCRETO PARA REDES COLETORAS DE ESGOTO SANITÁRIO, DIÂMETRO DE 900 MM, JUNTA ELÁSTICA, INSTALADO EM LOCAL COM ALTO NÍVEL DE INTERFERÊNCIAS (NÃO INCLUI FORNECIMENTO). AF_03/2024","M",75.48]
[92846,"ASSENTAMENTO DE TUBO DE CONCRETO PARA REDES COLETORAS DE ESGOTO SANITÁRIO, DIÂMETRO DE 900 MM, JUNTA ELÁSTICA, INSTALADO EM LOCAL COM BAIXO NÍVEL DE INTERFERÊNCIAS (NÃO INCLUI FORNECIMENTO). AF_03/2024","M",66.86]
[92828,"ASSENTAMENTO DE TUBO DE CONCRETO PARA REDES COLETORAS DE ÁGUAS PLUVIAIS, DIÂMETRO DE 1000 MM, JUNTA RÍGIDA, INSTALADO EM LOCAL COM ALTO NÍVEL DE INTERFERÊNCIAS (NÃO INCLUI FORNECIMENTO). AF_03/2024","M",105.85]
[92815,"ASSENTAMENTO DE TUBO DE CONCRETO PARA REDES COLETORAS DE ÁGUAS PLUVIAIS, DIÂMETRO DE 1000 MM, JUNTA RÍGIDA, INSTALADO EM LOCAL COM BAIXO NÍVEL DE INTERFERÊNCIAS (NÃO INCLUI FORNECIMENTO). AF_03/2024","M",96.18]
[92830,"ASSENTAMENTO DE TUBO DE CONCRETO PARA REDES COLETORAS DE ÁGUAS PLUVIAIS, DIÂMETRO DE 1200 MM, JUNTA RÍGIDA, INSTALADO EM LOCAL COM ALTO NÍVEL DE INTERFERÊNCIAS (NÃO INCLUI FORNECIMENTO). AF_03/2024","M",130.78]
[92817,"ASSENTAMENTO DE TUBO DE CONCRETO PARA REDES COLETORAS DE ÁGUAS PLUVIAIS, DIÂMETRO DE 1200 MM, JUNTA RÍGIDA, INSTALADO EM LOCAL COM BAIXO NÍVEL DE INTERFERÊNCIAS (NÃO INCLUI FORNECIMENTO). AF_03/2024","M",119.05]
[92832,"ASSENTAMENTO DE TUBO DE CONCRETO PARA REDES COLETORAS DE ÁGUAS PLUVIAIS, DIÂMETRO DE 1500 MM, JUNTA RÍGIDA, INSTALADO EM LOCAL COM ALTO NÍVEL DE INTERFERÊNCIAS (NÃO INCLUI FORNECIMENTO). AF_03/2024","M",170.06]
[92819,"ASSENTAMENTO DE TUBO DE CONCRETO PARA REDES COLETORAS DE ÁGUAS PLUVIAIS, DIÂMETRO DE 1500 MM, JUNTA RÍGIDA, INSTALADO EM LOCAL COM BAIXO NÍVEL DE INTERFERÊNCIAS (NÃO INCLUI FORNECIMENTO). AF_03/2024","M",155.24]
[92820,"ASSENTAMENTO DE TUBO DE CONCRETO PARA REDES COLETORAS DE ÁGUAS PLUVIAIS, DIÂMETRO DE 300 MM, JUNTA RÍGIDA, INSTALADO EM LOCAL COM ALTO NÍVEL DE INTERFERÊNCIAS (NÃO INCLUI FORNECIMENTO). AF_03/2024","M",26.63]
[92808,"ASSENTAMENTO DE TUBO DE CONCRETO PARA REDES COLETORAS DE ÁGUAS PLUVIAIS, DIÂMETRO DE 300 MM, JUNTA RÍGIDA, INSTALADO EM LOCAL COM BAIXO NÍVEL DE INTERFERÊNCIAS (NÃO INCLUI FORNECIMENTO). AF_03/2024","M",24.18]
[92821,"ASSENTAMENTO DE TUBO DE CONCRETO PARA REDES COLETORAS DE ÁGUAS PLUVIAIS, DIÂMETRO DE 400 MM, JUNTA RÍGIDA, INSTALADO EM LOCAL COM ALTO NÍVEL DE INTERFERÊNCIAS (NÃO INCLUI FORNECIMENTO). AF_03/2024","M",37.130000000000003]
[92809,"ASSENTAMENTO DE TUBO DE CONCRETO PARA REDES COLETORAS DE ÁGUAS PLUVIAIS, DIÂMETRO DE 400 MM, JUNTA RÍGIDA, INSTALADO EM LOCAL COM BAIXO NÍVEL DE INTERFERÊNCIAS (NÃO INCLUI FORNECIMENTO). AF_03/2024","M",33.67]
[92822,"ASSENTAMENTO DE TUBO DE CONCRETO PARA REDES COLETORAS DE ÁGUAS PLUVIAIS, DIÂMETRO DE 500 MM, JUNTA RÍGIDA, INSTALADO EM LOCAL COM ALTO NÍVEL DE INTERFERÊNCIAS (NÃO INCLUI FORNECIMENTO). AF_03/2024","M",47.97]
[92810,"ASSENTAMENTO DE TUBO DE CONCRETO PARA REDES COLETORAS DE ÁGUAS PLUVIAIS, DIÂMETRO DE 500 MM, JUNTA RÍGIDA, INSTALADO EM LOCAL COM BAIXO NÍVEL DE INTERFERÊNCIAS (NÃO INCLUI FORNECIMENTO). AF_03/2024","M",43.47]
[92824,"ASSENTAMENTO DE TUBO DE CONCRETO PARA REDES COLETORAS DE ÁGUAS PLUVIAIS, DIÂMETRO DE 600 MM, JUNTA RÍGIDA, INSTALADO EM LOCAL COM ALTO NÍVEL DE INTERFERÊNCIAS (NÃO INCLUI FORNECIMENTO). AF_03/2024","M",59]
[92811,"ASSENTAMENTO DE TUBO DE CONCRETO PARA REDES COLETORAS DE ÁGUAS PLUVIAIS, DIÂMETRO DE 600 MM, JUNTA RÍGIDA, INSTALADO EM LOCAL COM BAIXO NÍVEL DE INTERFERÊNCIAS (NÃO INCLUI FORNECIMENTO). AF_03/2024","M",53.5]
[92825,"ASSENTAMENTO DE TUBO DE CONCRETO PARA REDES COLETORAS DE ÁGUAS PLUVIAIS, DIÂMETRO DE 700 MM, JUNTA RÍGIDA, INSTALADO EM LOCAL COM ALTO NÍVEL DE INTERFERÊNCIAS (NÃO INCLUI FORNECIMENTO). AF_03/2024","M",70.33]
[92812,"ASSENTAMENTO DE TUBO DE CONCRETO PARA REDES COLETORAS DE ÁGUAS PLUVIAIS, DIÂMETRO DE 700 MM, JUNTA RÍGIDA, INSTALADO EM LOCAL COM BAIXO NÍVEL DE INTERFERÊNCIAS (NÃO INCLUI FORNECIMENTO). AF_03/2024","M",63.79]
[92826,"ASSENTAMENTO DE TUBO DE CONCRETO PARA REDES COLETORAS DE ÁGUAS PLUVIAIS, DIÂMETRO DE 800 MM, JUNTA RÍGIDA, INSTALADO EM LOCAL COM ALTO NÍVEL DE INTERFERÊNCIAS (NÃO INCLUI FORNECIMENTO). AF_03/2024","M",81.91]
[92813,"ASSENTAMENTO DE TUBO DE CONCRETO PARA REDES COLETORAS DE ÁGUAS PLUVIAIS, DIÂMETRO DE 800 MM, JUNTA RÍGIDA, INSTALADO EM LOCAL COM BAIXO NÍVEL DE INTERFERÊNCIAS (NÃO INCLUI FORNECIMENTO). AF_03/2024","M",74.349999999999994]
[92827,"ASSENTAMENTO DE TUBO DE CONCRETO PARA REDES COLETORAS DE ÁGUAS PLUVIAIS, DIÂMETRO DE 900 MM, JUNTA RÍGIDA, INSTALADO EM LOCAL COM ALTO NÍVEL DE INTERFERÊNCIAS (NÃO INCLUI FORNECIMENTO). AF_03/2024","M",93.79]
[92814,"ASSENTAMENTO DE TUBO DE CONCRETO PARA REDES COLETORAS DE ÁGUAS PLUVIAIS, DIÂMETRO DE 900 MM, JUNTA RÍGIDA, INSTALADO EM LOCAL COM BAIXO NÍVEL DE INTERFERÊNCIAS (NÃO INCLUI FORNECIMENTO). AF_03/2024","M",85.15]
[95570,"TUBO DE CONCRETO (SIMPLES) PARA REDES COLETORAS DE ÁGUAS PLUVIAIS, DIÂMETRO DE 300 MM, JUNTA RÍGIDA, INSTALADO EM LOCAL COM ALTO NÍVEL DE INTERFERÊNCIAS - FORNECIMENTO E ASSENTAMENTO. AF_03/2024","M",121.9]
[95567,"TUBO DE CONCRETO (SIMPLES) PARA REDES COLETORAS DE ÁGUAS PLUVIAIS, DIÂMETRO DE 300 MM, JUNTA RÍGIDA, INSTALADO EM LOCAL COM BAIXO NÍVEL DE INTERFERÊNCIAS - FORNECIMENTO E ASSENTAMENTO. AF_03/2024","M",119.45]
[95571,"TUBO DE CONCRETO (SIMPLES) PARA REDES COLETORAS DE ÁGUAS PLUVIAIS, DIÂMETRO DE 400 MM, JUNTA RÍGIDA, INSTALADO EM LOCAL COM ALTO NÍVEL DE INTERFERÊNCIAS - FORNECIMENTO E ASSENTAMENTO. AF_03/2024","M",149.71]
[95568,"TUBO DE CONCRETO (SIMPLES) PARA REDES COLETORAS DE ÁGUAS PLUVIAIS, DIÂMETRO DE 400 MM, JUNTA RÍGIDA, INSTALADO EM LOCAL COM BAIXO NÍVEL DE INTERFERÊNCIAS - FORNECIMENTO E ASSENTAMENTO. AF_03/2024","M",146.25]
[95572,"TUBO DE CONCRETO (SIMPLES) PARA REDES COLETORAS DE ÁGUAS PLUVIAIS, DIÂMETRO DE 500 MM, JUNTA RÍGIDA, INSTALADO EM LOCAL COM ALTO NÍVEL DE INTERFERÊNCIAS - FORNECIMENTO E ASSENTAMENTO. AF_03/2024","M",215.53]
[95569,"TUBO DE CONCRETO (SIMPLES) PARA REDES COLETORAS DE ÁGUAS PLUVIAIS, DIÂMETRO DE 500 MM, JUNTA RÍGIDA, INSTALADO EM LOCAL COM BAIXO NÍVEL DE INTERFERÊNCIAS - FORNECIMENTO E ASSENTAMENTO. AF_03/2024","M",211.03]
[92863,"TUBO DE CONCRETO PARA REDES COLETORAS DE ESGOTO SANITÁRIO, DIÂMETRO DE 1000 MM, JUNTA ELÁSTICA, INSTALADO EM LOCAL COM ALTO NÍVEL DE INTERFERÊNCIAS - FORNECIMENTO E ASSENTAMENTO. AF_03/2024","M",911.19]
[92847,"TUBO DE CONCRETO PARA REDES COLETORAS DE ESGOTO SANITÁRIO, DIÂMETRO DE 1000 MM, JUNTA ELÁSTICA, INSTALADO EM LOCAL COM BAIXO NÍVEL DE INTERFERÊNCIAS - FORNECIMENTO E ASSENTAMENTO. AF_03/2024","M",901.54]
[104936,"TUBO DE CONCRETO PARA REDES COLETORAS DE ESGOTO SANITÁRIO, DIÂMETRO DE 1200 MM, JUNTA ELÁSTICA, INSTALADO EM LOCAL COM ALTO NÍVEL DE INTERFERÊNCIAS - FORNECIMENTO E ASSENTAMENTO. AF_03/2024","M",0]
[104932,"TUBO DE CONCRETO PARA REDES COLETORAS DE ESGOTO SANITÁRIO, DIÂMETRO DE 1200 MM, JUNTA ELÁSTICA, INSTALADO EM LOCAL COM BAIXO NÍVEL DE INTERFERÊNCIAS - FORNECIMENTO E ASSENTAMENTO. AF_03/2024","M",0]
[104938,"TUBO DE CONCRETO PARA REDES COLETORAS DE ESGOTO SANITÁRIO, DIÂMETRO DE 1500 MM, JUNTA ELÁSTICA, INSTALADO EM LOCAL COM ALTO NÍVEL DE INTERFERÊNCIAS - FORNECIMENTO E ASSENTAMENTO. AF_03/2024","M",0]
[104934,"TUBO DE CONCRETO PARA REDES COLETORAS DE ESGOTO SANITÁRIO, DIÂMETRO DE 1500 MM, JUNTA ELÁSTICA, INSTALADO EM LOCAL COM BAIXO NÍVEL DE INTERFERÊNCIAS - FORNECIMENTO E ASSENTAMENTO. AF_03/2024","M",0]
[92849,"TUBO DE CONCRETO PARA REDES COLETORAS DE ESGOTO SANITÁRIO, DIÂMETRO DE 300 MM, JUNTA ELÁSTICA, INSTALADO EM LOCAL COM ALTO NÍVEL DE INTERFERÊNCIAS - FORNECIMENTO E ASSENTAMENTO. AF_03/2024","M",193.99]
[92833,"TUBO DE CONCRETO PARA REDES COLETORAS DE ESGOTO SANITÁRIO, DIÂMETRO DE 300 MM, JUNTA ELÁSTICA, INSTALADO EM LOCAL COM BAIXO NÍVEL DE INTERFERÊNCIAS - FORNECIMENTO E ASSENTAMENTO. AF_03/2024","M",191.57]
[92851,"TUBO DE CONCRETO PARA REDES COLETORAS DE ESGOTO SANITÁRIO, DIÂMETRO DE 400 MM, JUNTA ELÁSTICA, INSTALADO EM LOCAL COM ALTO NÍVEL DE INTERFERÊNCIAS - FORNECIMENTO E ASSENTAMENTO. AF_03/2024","M",205.72]
[92835,"TUBO DE CONCRETO PARA REDES COLETORAS DE ESGOTO SANITÁRIO, DIÂMETRO DE 400 MM, JUNTA ELÁSTICA, INSTALADO EM LOCAL COM BAIXO NÍVEL DE INTERFERÊNCIAS - FORNECIMENTO E ASSENTAMENTO. AF_03/2024","M",202.25]
[92853,"TUBO DE CONCRETO PARA REDES COLETORAS DE ESGOTO SANITÁRIO, DIÂMETRO DE 500 MM, JUNTA ELÁSTICA, INSTALADO EM LOCAL COM ALTO NÍVEL DE INTERFERÊNCIAS - FORNECIMENTO E ASSENTAMENTO. AF_03/2024","M",363.43]
[92837,"TUBO DE CONCRETO PARA REDES COLETORAS DE ESGOTO SANITÁRIO, DIÂMETRO DE 500 MM, JUNTA ELÁSTICA, INSTALADO EM LOCAL COM BAIXO NÍVEL DE INTERFERÊNCIAS - FORNECIMENTO E ASSENTAMENTO. AF_03/2024","M",358.96]
[92855,"TUBO DE CONCRETO PARA REDES COLETORAS DE ESGOTO SANITÁRIO, DIÂMETRO DE 600 MM, JUNTA ELÁSTICA, INSTALADO EM LOCAL COM ALTO NÍVEL DE INTERFERÊNCIAS - FORNECIMENTO E ASSENTAMENTO. AF_03/2024","M",445.52]
[92839,"TUBO DE CONCRETO PARA REDES COLETORAS DE ESGOTO SANITÁRIO, DIÂMETRO DE 600 MM, JUNTA ELÁSTICA, INSTALADO EM LOCAL COM BAIXO NÍVEL DE INTERFERÊNCIAS - FORNECIMENTO E ASSENTAMENTO. AF_03/2024","M",440.01]
[92857,"TUBO DE CONCRETO PARA REDES COLETORAS DE ESGOTO SANITÁRIO, DIÂMETRO DE 700 MM, JUNTA ELÁSTICA, INSTALADO EM LOCAL COM ALTO NÍVEL DE INTERFERÊNCIAS - FORNECIMENTO E ASSENTAMENTO. AF_03/2024","M",579.17999999999995]
[92841,"TUBO DE CONCRETO PARA REDES COLETORAS DE ESGOTO SANITÁRIO, DIÂMETRO DE 700 MM, JUNTA ELÁSTICA, INSTALADO EM LOCAL COM BAIXO NÍVEL DE INTERFERÊNCIAS - FORNECIMENTO E ASSENTAMENTO. AF_03/2024","M",572.63]
[92859,"TUBO DE CONCRETO PARA REDES COLETORAS DE ESGOTO SANITÁRIO, DIÂMETRO DE 800 MM, JUNTA ELÁSTICA, INSTALADO EM LOCAL COM ALTO NÍVEL DE INTERFERÊNCIAS - FORNECIMENTO E ASSENTAMENTO. AF_03/2024","M",601]
[92843,"TUBO DE CONCRETO PARA REDES COLETORAS DE ESGOTO SANITÁRIO, DIÂMETRO DE 800 MM, JUNTA ELÁSTICA, INSTALADO EM LOCAL COM BAIXO NÍVEL DE INTERFERÊNCIAS - FORNECIMENTO E ASSENTAMENTO. AF_03/2024","M",593.4]
[92861,"TUBO DE CONCRETO PARA REDES COLETORAS DE ESGOTO SANITÁRIO, DIÂMETRO DE 900 MM, JUNTA ELÁSTICA, INSTALADO EM LOCAL COM ALTO NÍVEL DE INTERFERÊNCIAS - FORNECIMENTO E ASSENTAMENTO. AF_03/2024","M",886.82]
[92845,"TUBO DE CONCRETO PARA REDES COLETORAS DE ESGOTO SANITÁRIO, DIÂMETRO DE 900 MM, JUNTA ELÁSTICA, INSTALADO EM LOCAL COM BAIXO NÍVEL DE INTERFERÊNCIAS - FORNECIMENTO E ASSENTAMENTO. AF_03/2024","M",878.2]
[92226,"TUBO DE CONCRETO PARA REDES COLETORAS DE ÁGUAS PLUVIAIS, DIÂMETRO DE 1000 MM, JUNTA RÍGIDA, INSTALADO EM LOCAL COM ALTO NÍVEL DE INTERFERÊNCIAS - FORNECIMENTO E ASSENTAMENTO. AF_03/2024","M",515.49]
[92216,"TUBO DE CONCRETO PARA REDES COLETORAS DE ÁGUAS PLUVIAIS, DIÂMETRO DE 1000 MM, JUNTA RÍGIDA, INSTALADO EM LOCAL COM BAIXO NÍVEL DE INTERFERÊNCIAS - FORNECIMENTO E ASSENTAMENTO. AF_03/2024","M",505.82]
[92829,"TUBO DE CONCRETO PARA REDES COLETORAS DE ÁGUAS PLUVIAIS, DIÂMETRO DE 1200 MM, JUNTA RÍGIDA, INSTALADO EM LOCAL COM ALTO NÍVEL DE INTERFERÊNCIAS - FORNECIMENTO E ASSENTAMENTO. AF_03/2024","M",742.58]
[92816,"TUBO DE CONCRETO PARA REDES COLETORAS DE ÁGUAS PLUVIAIS, DIÂMETRO DE 1200 MM, JUNTA RÍGIDA, INSTALADO EM LOCAL COM BAIXO NÍVEL DE INTERFERÊNCIAS - FORNECIMENTO E ASSENTAMENTO. AF_03/2024","M",730.85]
[92831,"TUBO DE CONCRETO PARA REDES COLETORAS DE ÁGUAS PLUVIAIS, DIÂMETRO DE 1500 MM, JUNTA RÍGIDA, INSTALADO EM LOCAL COM ALTO NÍVEL DE INTERFERÊNCIAS - FORNECIMENTO E ASSENTAMENTO. AF_03/2024","M",1056.44]
[92818,"TUBO DE CONCRETO PARA REDES COLETORAS DE ÁGUAS PLUVIAIS, DIÂMETRO DE 1500 MM, JUNTA RÍGIDA, INSTALADO EM LOCAL COM BAIXO NÍVEL DE INTERFERÊNCIAS - FORNECIMENTO E ASSENTAMENTO. AF_03/2024","M",1041.6199999999999]
[95566,"TUBO DE CONCRETO PARA REDES COLETORAS DE ÁGUAS PLUVIAIS, DIÂMETRO DE 300MM, JUNTA RÍGIDA, INSTALADO EM LOCAL COM ALTO NÍVEL DE INTERFERÊNCIAS - FORNECIMENTO E ASSENTAMENTO. AF_03/2024","M",122.85]
[95565,"TUBO DE CONCRETO PARA REDES COLETORAS DE ÁGUAS PLUVIAIS, DIÂMETRO DE 300MM, JUNTA RÍGIDA, INSTALADO EM LOCAL COM BAIXO NÍVEL DE INTERFERÊNCIAS - FORNECIMENTO E ASSENTAMENTO. AF_03/2024","M",120.4]
[92219,"TUBO DE CONCRETO PARA REDES COLETORAS DE ÁGUAS PLUVIAIS, DIÂMETRO DE 400 MM, JUNTA RÍGIDA, INSTALADO EM LOCAL COM ALTO NÍVEL DE INTERFERÊNCIAS - FORNECIMENTO E ASSENTAMENTO. AF_03/2024","M",145.71]
[92210,"TUBO DE CONCRETO PARA REDES COLETORAS DE ÁGUAS PLUVIAIS, DIÂMETRO DE 400 MM, JUNTA RÍGIDA, INSTALADO EM LOCAL COM BAIXO NÍVEL DE INTERFERÊNCIAS - FORNECIMENTO E ASSENTAMENTO. AF_03/2024","M",142.25]
[92220,"TUBO DE CONCRETO PARA REDES COLETORAS DE ÁGUAS PLUVIAIS, DIÂMETRO DE 500 MM, JUNTA RÍGIDA, INSTALADO EM LOCAL COM ALTO NÍVEL DE INTERFERÊNCIAS - FORNECIMENTO E ASSENTAMENTO. AF_03/2024","M",177.75]
[92211,"TUBO DE CONCRETO PARA REDES COLETORAS DE ÁGUAS PLUVIAIS, DIÂMETRO DE 500 MM, JUNTA RÍGIDA, INSTALADO EM LOCAL COM BAIXO NÍVEL DE INTERFERÊNCIAS - FORNECIMENTO E ASSENTAMENTO. AF_03/2024","M",173.25]
[92221,"TUBO DE CONCRETO PARA REDES COLETORAS DE ÁGUAS PLUVIAIS, DIÂMETRO DE 600 MM, JUNTA RÍGIDA, INSTALADO EM LOCAL COM ALTO NÍVEL DE INTERFERÊNCIAS - FORNECIMENTO E ASSENTAMENTO. AF_03/2024","M",269.12]
[92212,"TUBO DE CONCRETO PARA REDES COLETORAS DE ÁGUAS PLUVIAIS, DIÂMETRO DE 600 MM, JUNTA RÍGIDA, INSTALADO EM LOCAL COM BAIXO NÍVEL DE INTERFERÊNCIAS - FORNECIMENTO E ASSENTAMENTO. AF_03/2024","M",263.62]
[92222,"TUBO DE CONCRETO PARA REDES COLETORAS DE ÁGUAS PLUVIAIS, DIÂMETRO DE 700 MM, JUNTA RÍGIDA, INSTALADO EM LOCAL COM ALTO NÍVEL DE INTERFERÊNCIAS - FORNECIMENTO E ASSENTAMENTO. AF_03/2024","M",356.72]
[92213,"TUBO DE CONCRETO PARA REDES COLETORAS DE ÁGUAS PLUVIAIS, DIÂMETRO DE 700 MM, JUNTA RÍGIDA, INSTALADO EM LOCAL COM BAIXO NÍVEL DE INTERFERÊNCIAS - FORNECIMENTO E ASSENTAMENTO. AF_03/2024","M",350.18]
[92223,"TUBO DE CONCRETO PARA REDES COLETORAS DE ÁGUAS PLUVIAIS, DIÂMETRO DE 800 MM, JUNTA RÍGIDA, INSTALADO EM LOCAL COM ALTO NÍVEL DE INTERFERÊNCIAS - FORNECIMENTO E ASSENTAMENTO. AF_03/2024","M",431.51]
[92214,"TUBO DE CONCRETO PARA REDES COLETORAS DE ÁGUAS PLUVIAIS, DIÂMETRO DE 800 MM, JUNTA RÍGIDA, INSTALADO EM LOCAL COM BAIXO NÍVEL DE INTERFERÊNCIAS - FORNECIMENTO E ASSENTAMENTO. AF_03/2024","M",423.95]
[92224,"TUBO DE CONCRETO PARA REDES COLETORAS DE ÁGUAS PLUVIAIS, DIÂMETRO DE 900 MM, JUNTA RÍGIDA, INSTALADO EM LOCAL COM ALTO NÍVEL DE INTERFERÊNCIAS - FORNECIMENTO E ASSENTAMENTO. AF_03/2024","M",495.47]
[92215,"TUBO DE CONCRETO PARA REDES COLETORAS DE ÁGUAS PLUVIAIS, DIÂMETRO DE 900 MM, JUNTA RÍGIDA, INSTALADO EM LOCAL COM BAIXO NÍVEL DE INTERFERÊNCIAS - FORNECIMENTO E ASSENTAMENTO. AF_03/2024","M",486.83]
[94342,"ATERRO MANUAL DE VALAS COM AREIA PARA ATERRO. AF_08/2023","M3",116.62]
[94319,"ATERRO MANUAL DE VALAS COM SOLO ARGILO-ARENOSO. AF_08/2023","M3",78.22]
[94304,"ATERRO MECANIZADO DE VALA COM ESCAVADEIRA HIDRÁULICA (CAPACIDADE DA CAÇAMBA: 0,8 M³ / POTÊNCIA: 111 HP), LARGURA ATÉ 2,5 M, PROFUNDIDADE ATÉ 1,5 M, COM SOLO ARGILO-ARENOSO. AF_08/2023","M3",75.88]
[94306,"ATERRO MECANIZADO DE VALA COM ESCAVADEIRA HIDRÁULICA (CAPACIDADE DA CAÇAMBA: 0,8 M³ / POTÊNCIA: 111 HP), LARGURA ATÉ 2,5 M, PROFUNDIDADE DE 1,5 A 3,0 M, COM SOLO ARGILO-ARENOSO. AF_08/2023","M3",69.290000000000006]
[94327,"ATERRO MECANIZADO DE VALA COM ESCAVADEIRA HIDRÁULICA (CAPACIDADE DA CAÇAMBA: 0,8 M³/POTÊNCIA: 111 HP), LARGURA ATÉ 2,5 M, PROFUNDIDADE ATÉ 1,5 M, COM AREIA PARA ATERRO. AF_08/2023","M3",114.28]
[94329,"ATERRO MECANIZADO DE VALA COM ESCAVADEIRA HIDRÁULICA (CAPACIDADE DA CAÇAMBA: 0,8 M³/POTÊNCIA: 111 HP), LARGURA ATÉ 2,5 M, PROFUNDIDADE DE 1,5 A 3,0 M, COM AREIA PARA ATERRO. AF_08/2023","M3",107.69]
[94333,"ATERRO MECANIZADO DE VALA COM ESCAVADEIRA HIDRÁULICA (CAPACIDADE DA CAÇAMBA: 0,8 M³/POTÊNCIA: 111 HP), LARGURA ATÉ 2,5 M, PROFUNDIDADE DE 3,0 A 6,0 M, COM AREIA PARA ATERRO. AF_08/2023","M3",104.71]
[94310,"ATERRO MECANIZADO DE VALA COM ESCAVADEIRA HIDRÁULICA (CAPACIDADE DA CAÇAMBA: 0,8 M³/POTÊNCIA: 111 HP), LARGURA ATÉ 2,5 M, PROFUNDIDADE DE 3,0 A 6,0 M, COM SOLO ARGILO-ARENOSO. AF_08/2023","M3",66.31]
[104739,"ATERRO MECANIZADO DE VALA COM MINICARREGADEIRA, COM AREIA PARA ATERRO. AF_08/2023","M3",118.15]
[104738,"ATERRO MECANIZADO DE VALA COM MINICARREGADEIRA, COM SOLO ARGILO-ARENOSO. AF_08/2023","M3",79.75]
[94316,"ATERRO MECANIZADO DE VALA COM RETROESCAVADEIRA (CAPACIDADE DA CAÇAMBA DA RETRO: 0,26 M³ / POTÊNCIA: 88 HP), LARGURA ATÉ 1,5 M, PROFUNDIDADE ATÉ 1,5 M, COM SOLO ARGILO-ARENOSO. AF_08/2023","M3",71.400000000000006]
[94318,"ATERRO MECANIZADO DE VALA COM RETROESCAVADEIRA (CAPACIDADE DA CAÇAMBA DA RETRO: 0,26 M³ / POTÊNCIA: 88 HP), LARGURA ATÉ 1,5 M, PROFUNDIDADE DE 1,5 A 3,0 M, COM SOLO ARGILO-ARENOSO. AF_08/2023","M3",65.349999999999994]
[94339,"ATERRO MECANIZADO DE VALA COM RETROESCAVADEIRA (CAPACIDADE DA CAÇAMBA DA RETRO: 0,26 M³/POTÊNCIA: 88 HP), LARGURA ATÉ 1,5 M, PROFUNDIDADE ATÉ 1,5 M, COM AREIA PARA ATERRO. AF_08/2023","M3",109.8]
[94341,"ATERRO MECANIZADO DE VALA COM RETROESCAVADEIRA (CAPACIDADE DA CAÇAMBA DA RETRO: 0,26 M³/POTÊNCIA: 88 HP), LARGURA ATÉ 1,5 M, PROFUNDIDADE DE 1,5 A 3,0 M, COM AREIA PARA ATERRO. AF_08/2023","M3",103.75]
[104742,"COMPACTAÇÃO DE VALAS COM ROLO COMPRESSOR. AF_08/2023","M2",8.5500000000000007]
[93382,"REATERRO MANUAL DE VALAS, COM COMPACTADOR DE SOLOS DE PERCUSSÃO. AF_08/2023","M3",26.35]
[104737,"REATERRO MANUAL DE VALAS, COM PLACA VIBRATÓRIA. AF_08/2023","M3",21.15]
[93369,"REATERRO MECANIZADO DE VALA COM ESCAVADEIRA HIDRÁULICA (CAPACIDADE DA CAÇAMBA: 0,8 M³/POTÊNCIA: 111 HP), LARGURA 1,5 A 2,5 M, PROFUNDIDADE 1,5 A 3,0 M, COM SOLO (SEM SUBSTITUIÇÃO) DE 1ª CATEGORIA, COM COMPACTADOR DE SOLOS DE PERCUSSÃO. AF_08/2023","M3",17.420000000000002]
[93373,"REATERRO MECANIZADO DE VALA COM ESCAVADEIRA HIDRÁULICA (CAPACIDADE DA CAÇAMBA: 0,8 M³/POTÊNCIA: 111 HP), LARGURA 1,5 A 2,5 M, PROFUNDIDADE 3,0 A 6,0 M, COM SOLO (SEM SUBSTITUIÇÃO) DE 1ª CATEGORIA, COM COMPACTADOR DE SOLOS DE PERCUSSÃO. AF_08/2023","M3",14.44]
[93368,"REATERRO MECANIZADO DE VALA COM ESCAVADEIRA HIDRÁULICA (CAPACIDADE DA CAÇAMBA: 0,8 M³/POTÊNCIA: 111 HP), LARGURA ATÉ 1,5 M, PROFUNDIDADE DE 1,5 A 3,0 M, COM SOLO (SEM SUBSTITUIÇÃO) DE 1ª CATEGORIA, COM COMPACTADOR DE SOLOS DE PERCUSSÃO. AF_08/2023","M3",21.08]
[104729,"REATERRO MECANIZADO DE VALA COM ESCAVADEIRA HIDRÁULICA (CAPACIDADE DA CAÇAMBA: 0,8 M³/POTÊNCIA: 111 HP), LARGURA ATÉ 1,5 M, PROFUNDIDADE DE 1,5 A 3,0 M, COM SOLO (SEM SUBSTITUIÇÃO) DE 1ª CATEGORIA, COM PLACA VIBRATÓRIA. AF_08/2023","M3",16.579999999999998]
[93372,"REATERRO MECANIZADO DE VALA COM ESCAVADEIRA HIDRÁULICA (CAPACIDADE DA CAÇAMBA: 0,8 M³/POTÊNCIA: 111 HP), LARGURA ATÉ 1,5 M, PROFUNDIDADE DE 3,0 A 6,0 M, COM SOLO (SEM SUBSTITUIÇÃO) DE 1ª CATEGORIA, COM COMPACTADOR DE SOLOS DE PERCUSSÃO. AF_08/2023","M3",16.75]
[104731,"REATERRO MECANIZADO DE VALA COM ESCAVADEIRA HIDRÁULICA (CAPACIDADE DA CAÇAMBA: 0,8 M³/POTÊNCIA: 111 HP), LARGURA ATÉ 1,5 M, PROFUNDIDADE DE 3,0 A 6,0 M, COM SOLO (SEM SUBSTITUIÇÃO) DE 1ª CATEGORIA, COM PLACA VIBRATÓRIA. AF_08/2023","M3",12.3]
[93367,"REATERRO MECANIZADO DE VALA COM ESCAVADEIRA HIDRÁULICA (CAPACIDADE DA CAÇAMBA: 0,8 M³/POTÊNCIA: 111 HP), LARGURA DE 1,5 A 2,5 M, PROFUNDIDADE ATÉ 1,5 M, COM SOLO (SEM SUBSTITUIÇÃO) DE 1ª CATEGORIA, COM COMPACTADOR DE SOLOS DE PERCUSSÃO. AF_08/2023","M3",24.01]
[104728,"REATERRO MECANIZADO DE VALA COM ESCAVADEIRA HIDRÁULICA (CAPACIDADE DA CAÇAMBA: 0,8 M³/POTÊNCIA: 111 HP), LARGURA DE 1,5 A 2,5 M, PROFUNDIDADE ATÉ 1,5 M, COM SOLO (SEM SUBSTITUIÇÃO) DE 1ª CATEGORIA, COM PLACA VIBRATÓRIA. AF_08/2023","M3",19.46]
[104730,"REATERRO MECANIZADO DE VALA COM ESCAVADEIRA HIDRÁULICA (CAPACIDADE DA CAÇAMBA: 0,8 M³/POTÊNCIA: 111 HP), LARGURA DE 1,5 A 2,5 M, PROFUNDIDADE DE 1,5 A 3,0 M, COM SOLO (SEM SUBSTITUIÇÃO) DE 1ª CATEGORIA, COM PLACA VIBRATÓRIA. AF_08/2023","M3",12.95]
[104732,"REATERRO MECANIZADO DE VALA COM ESCAVADEIRA HIDRÁULICA (CAPACIDADE DA CAÇAMBA: 0,8 M³/POTÊNCIA: 111 HP), LARGURA DE 1,5 A 2,5 M, PROFUNDIDADE DE 3,0 A 6,0 M, COM SOLO (SEM SUBSTITUIÇÃO) DE 1ª CATEGORIA, COM PLACA VIBRATÓRIA. AF_08/2023","M3",9.98]
[104740,"REATERRO MECANIZADO DE VALA COM MINICARREGADEIRA, COM COMPACTADOR DE SOLOS DE PERCUSSÃO. AF_08/2023","M3",27.88]
[104741,"REATERRO MECANIZADO DE VALA COM MINICARREGADEIRA, COM PLACA VIBRATÓRIA. AF_08/2023","M3",22.68]
[104733,"REATERRO MECANIZADO DE VALA COM RETROESCAVADEIRA (CAPACIDADE   DA   CAÇAMBA   DA RETRO: 0,26 M³/POTÊNCIA: 88 HP), LARGURA ATÉ 0,8 M, PROFUNDIDADE ATÉ 1,5 M, COM SOLO (SEM SUBSTITUIÇÃO) DE 1ª CATEGORIA, COM PLACA VIBRATÓRIA. AF_08/2023","M3",20.18]
[104735,"REATERRO MECANIZADO DE VALA COM RETROESCAVADEIRA (CAPACIDADE   DA   CAÇAMBA   DA RETRO: 0,26 M³/POTÊNCIA: 88 HP), LARGURA ATÉ 0,8 M, PROFUNDIDADE DE 1,5 A 3,0 M, COM SOLO (SEM SUBSTITUIÇÃO) DE 1ª CATEGORIA, COM PLACA VIBRATÓRIA. AF_08/2023","M3",11.98]
[104734,"REATERRO MECANIZADO DE VALA COM RETROESCAVADEIRA (CAPACIDADE   DA   CAÇAMBA   DA RETRO: 0,26 M³/POTÊNCIA: 88 HP), LARGURA DE 0,8 A 1,5 M, PROFUNDIDADE ATÉ 1,5 M, COM SOLO (SEM SUBSTITUIÇÃO) DE 1ª CATEGORIA, COM PLACA VIBRATÓRIA. AF_08/2023","M3",14.67]
[104736,"REATERRO MECANIZADO DE VALA COM RETROESCAVADEIRA (CAPACIDADE   DA   CAÇAMBA   DA RETRO: 0,26 M³/POTÊNCIA: 88 HP), LARGURA DE 0,8 A 1,5 M, PROFUNDIDADE DE 1,5 A 3,0 M, COM SOLO (SEM SUBSTITUIÇÃO) DE 1ª CATEGORIA, COM PLACA VIBRATÓRIA. AF_08/2023","M3",8.98]
[93381,"REATERRO MECANIZADO DE VALA COM RETROESCAVADEIRA (CAPACIDADE DA CAÇAMBA   DA RETRO: 0,26 M³/POTÊNCIA: 88 HP), LARGURA 0,8 A 1,5 M, PROFUNDIDADE 1,5 A 3,0 M, COM SOLO (SEM SUBSTITUIÇÃO) DE 1ª CATEGORIA E COMPACTADOR DE SOLOS DE PERCUSSÃO. AF_08/2023","M3",13.48]
[93379,"REATERRO MECANIZADO DE VALA COM RETROESCAVADEIRA (CAPACIDADE DA CAÇAMBA   DA RETRO: 0,26 M³/POTÊNCIA: 88 HP), LARGURA 0,8 A 1,5 M, PROFUNDIDADE ATÉ 1,5 M, COM SOLO (SEM SUBSTITUIÇÃO) DE 1ª CATEGORIA, COM COMPACTADOR DE SOLOS DE PERCUSSÃO AF_08/2023","M3",19.53]
[93380,"REATERRO MECANIZADO DE VALA COM RETROESCAVADEIRA (CAPACIDADE DA CAÇAMBA   DA RETRO: 0,26 M³/POTÊNCIA: 88 HP), LARGURA ATÉ 0,8 M, PROFUNDIDADE 1,5 A 3,0 M, COM SOLO (SEM SUBSTITUIÇÃO) DE 1ª CATEGORIA, COM COMPACTADOR DE SOLOS DE PERCUSSÃO AF_08/2023","M3",16.62]
[93378,"REATERRO MECANIZADO DE VALA COM RETROESCAVADEIRA (CAPACIDADE DA CAÇAMBA   DA RETRO: 0,26 M³/POTÊNCIA: 88 HP), LARGURA ATÉ 0,8 M, PROFUNDIDADE ATÉ 1,5 M, COM SOLO (SEM SUBSTITUIÇÃO) DE 1ª CATEGORIA, COM COMPACTADOR DE SOLOS DE PERCUSSÃO. AF_08/2023","M3",25.38]
[105732,"CONSTRUÇÃO DE BASE E SUB-BASE PARA PAVIMENTAÇÃO DE BRITA GRADUADA SIMPLES TRATADA COM CIMENTO, COM ESPESSURA DE 10 CM - EXCLUSIVE CARGA E TRANSPORTE. AF_09/2024","M3",285.06]
[96397,"CONSTRUÇÃO DE BASE E SUB-BASE PARA PAVIMENTAÇÃO DE BRITA GRADUADA SIMPLES TRATADA COM CIMENTO, COM ESPESSURA DE 15 CM - EXCLUSIVE CARGA E TRANSPORTE. AF_09/2024","M3",280.64]
[105735,"CONSTRUÇÃO DE BASE E SUB-BASE PARA PAVIMENTAÇÃO DE BRITA GRADUADA SIMPLES TRATADA COM CIMENTO, COM ESPESSURA DE 20 CM - EXCLUSIVE CARGA E TRANSPORTE. AF_09/2024","M3",278.42]
[105727,"CONSTRUÇÃO DE BASE E SUB-BASE PARA PAVIMENTAÇÃO DE BRITA GRADUADA SIMPLES, COM ESPESSURA DE 10 CM - EXCLUSIVE CARGA E TRANSPORTE. AF_09/2024","M3",221.08]
[96396,"CONSTRUÇÃO DE BASE E SUB-BASE PARA PAVIMENTAÇÃO DE BRITA GRADUADA SIMPLES, COM ESPESSURA DE 15 CM - EXCLUSIVE CARGA E TRANSPORTE. AF_09/2024","M3",217.68]
[105730,"CONSTRUÇÃO DE BASE E SUB-BASE PARA PAVIMENTAÇÃO DE BRITA GRADUADA SIMPLES, COM ESPESSURA DE 20 CM - EXCLUSIVE CARGA E TRANSPORTE. AF_09/2024","M3",215.96]
[105737,"CONSTRUÇÃO DE BASE E SUB-BASE PARA PAVIMENTAÇÃO DE CONCRETO COMPACTADO COM ROLO, COM ESPESSURA DE 10 CM - EXCLUSIVE CARGA E TRANSPORTE. AF_09/2024","M3",367.74]
[96398,"CONSTRUÇÃO DE BASE E SUB-BASE PARA PAVIMENTAÇÃO DE CONCRETO COMPACTADO COM ROLO, COM ESPESSURA DE 15 CM - EXCLUSIVE CARGA E TRANSPORTE. AF_09/2024","M3",364.44]
[105740,"CONSTRUÇÃO DE BASE E SUB-BASE PARA PAVIMENTAÇÃO DE CONCRETO COMPACTADO COM ROLO, COM ESPESSURA DE 20 CM - EXCLUSIVE CARGA E TRANSPORTE. AF_09/2024","M3",362.66]
[105749,"CONSTRUÇÃO DE BASE E SUB-BASE PARA PAVIMENTAÇÃO DE MACADAME SECO, COM ESPESSURA DE 10 CM - EXCLUSIVE CARGA E TRANSPORTE. AF_09/2024","M3",198.01]
[96400,"CONSTRUÇÃO DE BASE E SUB-BASE PARA PAVIMENTAÇÃO DE MACADAME SECO, COM ESPESSURA DE 15 CM - EXCLUSIVE CARGA E TRANSPORTE. AF_09/2024","M3",196.18]
[105752,"CONSTRUÇÃO DE BASE E SUB-BASE PARA PAVIMENTAÇÃO DE MACADAME SECO, COM ESPESSURA DE 20 CM - EXCLUSIVE CARGA E TRANSPORTE. AF_09/2024","M3",194.57]
[105754,"CONSTRUÇÃO DE BASE E SUB-BASE PARA PAVIMENTAÇÃO DE MACADAME SECO, COM ESPESSURA DE 25 CM - EXCLUSIVE CARGA E TRANSPORTE. AF_09/2024","M3",193.06]
[105742,"CONSTRUÇÃO DE BASE E SUB-BASE PARA PAVIMENTAÇÃO DE RACHÃO, COM ESPESSURA DE 30 CM - EXCLUSIVE CARGA E TRANSPORTE. AF_09/2024","M3",152.03]
[96399,"CONSTRUÇÃO DE BASE E SUB-BASE PARA PAVIMENTAÇÃO DE RACHÃO, COM ESPESSURA DE 40 CM - EXCLUSIVE CARGA E TRANSPORTE. AF_09/2024","M3",150.43]
[105745,"CONSTRUÇÃO DE BASE E SUB-BASE PARA PAVIMENTAÇÃO DE RACHÃO, COM ESPESSURA DE 50 CM - EXCLUSIVE CARGA E TRANSPORTE. AF_09/2024","M3",148.82]
[105747,"CONSTRUÇÃO DE BASE E SUB-BASE PARA PAVIMENTAÇÃO DE RACHÃO, COM ESPESSURA DE 60 CM - EXCLUSIVE CARGA E TRANSPORTE. AF_09/2024","M3",147.19999999999999]
[105657,"CONSTRUÇÃO DE BASE E SUB-BASE PARA PAVIMENTAÇÃO DE SOLO (PREDOMINANTEMENTE ARENOSO) BRITA - 40%-60% COM CIMENTO - 4%, MISTURA EM PISTA, COM ESPESSURA DE 10 CM - EXCLUSIVE ESCAVAÇÃO, CARGA E TRANSPORTE E SOLO. AF_09/2024","M3",202.27]
[100566,"CONSTRUÇÃO DE BASE E SUB-BASE PARA PAVIMENTAÇÃO DE SOLO (PREDOMINANTEMENTE ARENOSO) BRITA - 40%-60% COM CIMENTO - 4%, MISTURA EM PISTA, COM ESPESSURA DE 15 CM - EXCLUSIVE ESCAVAÇÃO, CARGA E TRANSPORTE E SOLO. AF_09/2024","M3",195.2]
[105666,"CONSTRUÇÃO DE BASE E SUB-BASE PARA PAVIMENTAÇÃO DE SOLO (PREDOMINANTEMENTE ARENOSO) BRITA - 40%-60% COM CIMENTO - 4%, MISTURA EM PISTA, COM ESPESSURA DE 20 CM - EXCLUSIVE ESCAVAÇÃO, CARGA E TRANSPORTE E SOLO. AF_09/2024","M3",191.67]
[105639,"CONSTRUÇÃO DE BASE E SUB-BASE PARA PAVIMENTAÇÃO DE SOLO (PREDOMINANTEMENTE ARENOSO) BRITA - 40%-60% COM CIMENTO - 4%, MISTURA EM USINA, COM ESPESSURA DE 10 CM - EXCLUSIVE CARGA E TRANSPORTE. AF_09/2024","M3",0]
[105645,"CONSTRUÇÃO DE BASE E SUB-BASE PARA PAVIMENTAÇÃO DE SOLO (PREDOMINANTEMENTE ARENOSO) BRITA - 40%-60% COM CIMENTO - 4%, MISTURA EM USINA, COM ESPESSURA DE 15 CM - EXCLUSIVE CARGA E TRANSPORTE. AF_09/2024","M3",0]
[105651,"CONSTRUÇÃO DE BASE E SUB-BASE PARA PAVIMENTAÇÃO DE SOLO (PREDOMINANTEMENTE ARENOSO) BRITA - 40%-60% COM CIMENTO - 4%, MISTURA EM USINA, COM ESPESSURA DE 20 CM - EXCLUSIVE CARGA E TRANSPORTE. AF_09/2024","M3",0]
[105658,"CONSTRUÇÃO DE BASE E SUB-BASE PARA PAVIMENTAÇÃO DE SOLO (PREDOMINANTEMENTE ARENOSO) BRITA - 40%-60% COM CIMENTO - 6%, MISTURA EM PISTA, COM ESPESSURA DE 10 CM - EXCLUSIVE ESCAVAÇÃO, CARGA E TRANSPORTE E SOLO. AF_09/2024","M3",232.43]
[100567,"CONSTRUÇÃO DE BASE E SUB-BASE PARA PAVIMENTAÇÃO DE SOLO (PREDOMINANTEMENTE ARENOSO) BRITA - 40%-60% COM CIMENTO - 6%, MISTURA EM PISTA, COM ESPESSURA DE 15 CM - EXCLUSIVE ESCAVAÇÃO, CARGA E TRANSPORTE E SOLO. AF_09/2024","M3",225.36]
[105667,"CONSTRUÇÃO DE BASE E SUB-BASE PARA PAVIMENTAÇÃO DE SOLO (PREDOMINANTEMENTE ARENOSO) BRITA - 40%-60% COM CIMENTO - 6%, MISTURA EM PISTA, COM ESPESSURA DE 20 CM - EXCLUSIVE ESCAVAÇÃO, CARGA E TRANSPORTE E SOLO. AF_09/2024","M3",221.83]
[105640,"CONSTRUÇÃO DE BASE E SUB-BASE PARA PAVIMENTAÇÃO DE SOLO (PREDOMINANTEMENTE ARENOSO) BRITA - 40%-60% COM CIMENTO - 6%, MISTURA EM USINA, COM ESPESSURA DE 10 CM - EXCLUSIVE CARGA E TRANSPORTE. AF_09/2024","M3",0]
[105646,"CONSTRUÇÃO DE BASE E SUB-BASE PARA PAVIMENTAÇÃO DE SOLO (PREDOMINANTEMENTE ARENOSO) BRITA - 40%-60% COM CIMENTO - 6%, MISTURA EM USINA, COM ESPESSURA DE 15 CM - EXCLUSIVE CARGA E TRANSPORTE. AF_09/2024","M3",0]
[105652,"CONSTRUÇÃO DE BASE E SUB-BASE PARA PAVIMENTAÇÃO DE SOLO (PREDOMINANTEMENTE ARENOSO) BRITA - 40%-60% COM CIMENTO - 6%, MISTURA EM USINA, COM ESPESSURA DE 20 CM - EXCLUSIVE CARGA E TRANSPORTE. AF_09/2024","M3",0]
[105659,"CONSTRUÇÃO DE BASE E SUB-BASE PARA PAVIMENTAÇÃO DE SOLO (PREDOMINANTEMENTE ARENOSO) BRITA - 40%-60% COM CIMENTO - 8%, MISTURA EM PISTA, COM ESPESSURA DE 10 CM - EXCLUSIVE ESCAVAÇÃO, CARGA E TRANSPORTE E SOLO. AF_09/2024","M3",262.17]
[100568,"CONSTRUÇÃO DE BASE E SUB-BASE PARA PAVIMENTAÇÃO DE SOLO (PREDOMINANTEMENTE ARENOSO) BRITA - 40%-60% COM CIMENTO - 8%, MISTURA EM PISTA, COM ESPESSURA DE 15 CM - EXCLUSIVE ESCAVAÇÃO, CARGA E TRANSPORTE E SOLO. AF_09/2024","M3",255.1]
[105668,"CONSTRUÇÃO DE BASE E SUB-BASE PARA PAVIMENTAÇÃO DE SOLO (PREDOMINANTEMENTE ARENOSO) BRITA - 40%-60% COM CIMENTO - 8%, MISTURA EM PISTA, COM ESPESSURA DE 20 CM - EXCLUSIVE ESCAVAÇÃO, CARGA E TRANSPORTE E SOLO. AF_09/2024","M3",251.57]
[105641,"CONSTRUÇÃO DE BASE E SUB-BASE PARA PAVIMENTAÇÃO DE SOLO (PREDOMINANTEMENTE ARENOSO) BRITA - 40%-60% COM CIMENTO - 8%, MISTURA EM USINA, COM ESPESSURA DE 10 CM - EXCLUSIVE CARGA E TRANSPORTE. AF_09/2024","M3",0]
[105647,"CONSTRUÇÃO DE BASE E SUB-BASE PARA PAVIMENTAÇÃO DE SOLO (PREDOMINANTEMENTE ARENOSO) BRITA - 40%-60% COM CIMENTO - 8%, MISTURA EM USINA, COM ESPESSURA DE 15 CM - EXCLUSIVE CARGA E TRANSPORTE. AF_09/2024","M3",0]
[105653,"CONSTRUÇÃO DE BASE E SUB-BASE PARA PAVIMENTAÇÃO DE SOLO (PREDOMINANTEMENTE ARENOSO) BRITA - 40%-60% COM CIMENTO - 8%, MISTURA EM USINA, COM ESPESSURA DE 20 CM - EXCLUSIVE CARGA E TRANSPORTE. AF_09/2024","M3",0]
[105710,"CONSTRUÇÃO DE BASE E SUB-BASE PARA PAVIMENTAÇÃO DE SOLO (PREDOMINANTEMENTE ARENOSO) BRITA - 40%-60%, MISTURA EM PISTA, COM ESPESSURA DE 10 CM - EXCLUSIVE ESCAVAÇÃO, CARGA E TRANSPORTE E SOLO. AF_09/2024","M3",137.79]
[100564,"CONSTRUÇÃO DE BASE E SUB-BASE PARA PAVIMENTAÇÃO DE SOLO (PREDOMINANTEMENTE ARENOSO) BRITA - 40%-60%, MISTURA EM PISTA, COM ESPESSURA DE 15 CM - EXCLUSIVE ESCAVAÇÃO, CARGA E TRANSPORTE E SOLO. AF_09/2024","M3",130.72]
[105711,"CONSTRUÇÃO DE BASE E SUB-BASE PARA PAVIMENTAÇÃO DE SOLO (PREDOMINANTEMENTE ARENOSO) BRITA - 40%-60%, MISTURA EM PISTA, COM ESPESSURA DE 20 CM - EXCLUSIVE ESCAVAÇÃO, CARGA E TRANSPORTE E SOLO. AF_09/2024","M3",127.19]
[105705,"CONSTRUÇÃO DE BASE E SUB-BASE PARA PAVIMENTAÇÃO DE SOLO (PREDOMINANTEMENTE ARENOSO) BRITA - 40%-60%, MISTURA EM USINA, COM ESPESSURA DE 10 CM - EXCLUSIVE CARGA E TRANSPORTE. AF_09/2024","M3",0]
[105706,"CONSTRUÇÃO DE BASE E SUB-BASE PARA PAVIMENTAÇÃO DE SOLO (PREDOMINANTEMENTE ARENOSO) BRITA - 40%-60%, MISTURA EM USINA, COM ESPESSURA DE 15 CM - EXCLUSIVE CARGA E TRANSPORTE. AF_09/2024","M3",0]
[105708,"CONSTRUÇÃO DE BASE E SUB-BASE PARA PAVIMENTAÇÃO DE SOLO (PREDOMINANTEMENTE ARENOSO) BRITA - 40%-60%, MISTURA EM USINA, COM ESPESSURA DE 20 CM - EXCLUSIVE CARGA E TRANSPORTE. AF_09/2024","M3",0]
[105690,"CONSTRUÇÃO DE BASE E SUB-BASE PARA PAVIMENTAÇÃO DE SOLO (PREDOMINANTEMENTE ARENOSO) BRITA - 50%-50% COM CIMENTO - 4%, MISTURA EM PISTA, COM ESPESSURA DE 10 CM - EXCLUSIVE ESCAVAÇÃO, CARGA E TRANSPORTE E SOLO. AF_09/2024","M3",185.2]
[100569,"CONSTRUÇÃO DE BASE E SUB-BASE PARA PAVIMENTAÇÃO DE SOLO (PREDOMINANTEMENTE ARENOSO) BRITA - 50%-50% COM CIMENTO - 4%, MISTURA EM PISTA, COM ESPESSURA DE 15 CM - EXCLUSIVE ESCAVAÇÃO, CARGA E TRANSPORTE E SOLO. AF_09/2024","M3",178.13]
[105699,"CONSTRUÇÃO DE BASE E SUB-BASE PARA PAVIMENTAÇÃO DE SOLO (PREDOMINANTEMENTE ARENOSO) BRITA - 50%-50% COM CIMENTO - 4%, MISTURA EM PISTA, COM ESPESSURA DE 20 CM - EXCLUSIVE ESCAVAÇÃO, CARGA E TRANSPORTE E SOLO. AF_09/2024","M3",174.6]
[105672,"CONSTRUÇÃO DE BASE E SUB-BASE PARA PAVIMENTAÇÃO DE SOLO (PREDOMINANTEMENTE ARENOSO) BRITA - 50%-50% COM CIMENTO - 4%, MISTURA EM USINA, COM ESPESSURA DE 10 CM - EXCLUSIVE CARGA E TRANSPORTE. AF_09/2024","M3",0]
[105678,"CONSTRUÇÃO DE BASE E SUB-BASE PARA PAVIMENTAÇÃO DE SOLO (PREDOMINANTEMENTE ARENOSO) BRITA - 50%-50% COM CIMENTO - 4%, MISTURA EM USINA, COM ESPESSURA DE 15 CM - EXCLUSIVE CARGA E TRANSPORTE. AF_09/2024","M3",0]
[105684,"CONSTRUÇÃO DE BASE E SUB-BASE PARA PAVIMENTAÇÃO DE SOLO (PREDOMINANTEMENTE ARENOSO) BRITA - 50%-50% COM CIMENTO - 4%, MISTURA EM USINA, COM ESPESSURA DE 20 CM - EXCLUSIVE CARGA E TRANSPORTE. AF_09/2024","M3",0]
[105691,"CONSTRUÇÃO DE BASE E SUB-BASE PARA PAVIMENTAÇÃO DE SOLO (PREDOMINANTEMENTE ARENOSO) BRITA - 50%-50% COM CIMENTO - 6%, MISTURA EM PISTA, COM ESPESSURA DE 10 CM - EXCLUSIVE ESCAVAÇÃO, CARGA E TRANSPORTE E SOLO. AF_09/2024","M3",215.72]
[100570,"CONSTRUÇÃO DE BASE E SUB-BASE PARA PAVIMENTAÇÃO DE SOLO (PREDOMINANTEMENTE ARENOSO) BRITA - 50%-50% COM CIMENTO - 6%, MISTURA EM PISTA, COM ESPESSURA DE 15 CM - EXCLUSIVE ESCAVAÇÃO, CARGA E TRANSPORTE E SOLO. AF_09/2024","M3",208.65]
[105700,"CONSTRUÇÃO DE BASE E SUB-BASE PARA PAVIMENTAÇÃO DE SOLO (PREDOMINANTEMENTE ARENOSO) BRITA - 50%-50% COM CIMENTO - 6%, MISTURA EM PISTA, COM ESPESSURA DE 20 CM - EXCLUSIVE ESCAVAÇÃO, CARGA E TRANSPORTE E SOLO. AF_09/2024","M3",205.12]
[105673,"CONSTRUÇÃO DE BASE E SUB-BASE PARA PAVIMENTAÇÃO DE SOLO (PREDOMINANTEMENTE ARENOSO) BRITA - 50%-50% COM CIMENTO - 6%, MISTURA EM USINA, COM ESPESSURA DE 10 CM - EXCLUSIVE CARGA E TRANSPORTE. AF_09/2024","M3",0]
[105679,"CONSTRUÇÃO DE BASE E SUB-BASE PARA PAVIMENTAÇÃO DE SOLO (PREDOMINANTEMENTE ARENOSO) BRITA - 50%-50% COM CIMENTO - 6%, MISTURA EM USINA, COM ESPESSURA DE 15 CM - EXCLUSIVE CARGA E TRANSPORTE. AF_09/2024","M3",0]
[105685,"CONSTRUÇÃO DE BASE E SUB-BASE PARA PAVIMENTAÇÃO DE SOLO (PREDOMINANTEMENTE ARENOSO) BRITA - 50%-50% COM CIMENTO - 6%, MISTURA EM USINA, COM ESPESSURA DE 20 CM - EXCLUSIVE CARGA E TRANSPORTE. AF_09/2024","M3",0]
[105692,"CONSTRUÇÃO DE BASE E SUB-BASE PARA PAVIMENTAÇÃO DE SOLO (PREDOMINANTEMENTE ARENOSO) BRITA - 50%-50% COM CIMENTO - 8%, MISTURA EM PISTA, COM ESPESSURA DE 10 CM - EXCLUSIVE ESCAVAÇÃO, CARGA E TRANSPORTE E SOLO. AF_09/2024","M3",245.82]
[100571,"CONSTRUÇÃO DE BASE E SUB-BASE PARA PAVIMENTAÇÃO DE SOLO (PREDOMINANTEMENTE ARENOSO) BRITA - 50%-50% COM CIMENTO - 8%, MISTURA EM PISTA, COM ESPESSURA DE 15 CM - EXCLUSIVE ESCAVAÇÃO, CARGA E TRANSPORTE E SOLO. AF_09/2024","M3",238.75]
[105701,"CONSTRUÇÃO DE BASE E SUB-BASE PARA PAVIMENTAÇÃO DE SOLO (PREDOMINANTEMENTE ARENOSO) BRITA - 50%-50% COM CIMENTO - 8%, MISTURA EM PISTA, COM ESPESSURA DE 20 CM - EXCLUSIVE ESCAVAÇÃO, CARGA E TRANSPORTE E SOLO. AF_09/2024","M3",235.22]
[105674,"CONSTRUÇÃO DE BASE E SUB-BASE PARA PAVIMENTAÇÃO DE SOLO (PREDOMINANTEMENTE ARENOSO) BRITA - 50%-50% COM CIMENTO - 8%, MISTURA EM USINA, COM ESPESSURA DE 10 CM - EXCLUSIVE CARGA E TRANSPORTE. AF_09/2024","M3",0]
[105680,"CONSTRUÇÃO DE BASE E SUB-BASE PARA PAVIMENTAÇÃO DE SOLO (PREDOMINANTEMENTE ARENOSO) BRITA - 50%-50% COM CIMENTO - 8%, MISTURA EM USINA, COM ESPESSURA DE 15 CM - EXCLUSIVE CARGA E TRANSPORTE. AF_09/2024","M3",0]
[105686,"CONSTRUÇÃO DE BASE E SUB-BASE PARA PAVIMENTAÇÃO DE SOLO (PREDOMINANTEMENTE ARENOSO) BRITA - 50%-50% COM CIMENTO - 8%, MISTURA EM USINA, COM ESPESSURA DE 20 CM - EXCLUSIVE CARGA E TRANSPORTE. AF_09/2024","M3",0]
[105718,"CONSTRUÇÃO DE BASE E SUB-BASE PARA PAVIMENTAÇÃO DE SOLO (PREDOMINANTEMENTE ARENOSO) BRITA - 50%-50%, MISTURA EM PISTA, COM ESPESSURA DE 10 CM - EXCLUSIVE ESCAVAÇÃO, CARGA E TRANSPORTE E SOLO. AF_09/2024","M3",120.02]
[100565,"CONSTRUÇÃO DE BASE E SUB-BASE PARA PAVIMENTAÇÃO DE SOLO (PREDOMINANTEMENTE ARENOSO) BRITA - 50%-50%, MISTURA EM PISTA, COM ESPESSURA DE 15 CM - EXCLUSIVE ESCAVAÇÃO, CARGA E TRANSPORTE E SOLO. AF_09/2024","M3",112.95]
[105581,"CONSTRUÇÃO DE BASE E SUB-BASE PARA PAVIMENTAÇÃO DE SOLO (PREDOMINANTEMENTE ARENOSO) BRITA - 50%-50%, MISTURA EM PISTA, COM ESPESSURA DE 20 CM - EXCLUSIVE ESCAVAÇÃO, CARGA E TRANSPORTE E SOLO. AF_09/2024","M3",109.42]
[105713,"CONSTRUÇÃO DE BASE E SUB-BASE PARA PAVIMENTAÇÃO DE SOLO (PREDOMINANTEMENTE ARENOSO) BRITA - 50%-50%, MISTURA EM USINA, COM ESPESSURA DE 10 CM - EXCLUSIVE CARGA E TRANSPORTE. AF_09/2024","M3",0]
[105714,"CONSTRUÇÃO DE BASE E SUB-BASE PARA PAVIMENTAÇÃO DE SOLO (PREDOMINANTEMENTE ARENOSO) BRITA - 50%-50%, MISTURA EM USINA, COM ESPESSURA DE 15 CM - EXCLUSIVE CARGA E TRANSPORTE. AF_09/2024","M3",0]
[105716,"CONSTRUÇÃO DE BASE E SUB-BASE PARA PAVIMENTAÇÃO DE SOLO (PREDOMINANTEMENTE ARENOSO) BRITA - 50%-50%, MISTURA EM USINA, COM ESPESSURA DE 20 CM - EXCLUSIVE CARGA E TRANSPORTE. AF_09/2024","M3",0]
[105624,"CONSTRUÇÃO DE BASE E SUB-BASE PARA PAVIMENTAÇÃO DE SOLO (PREDOMINANTEMENTE ARENOSO) COM CIMENTO - 6%, MISTURA EM PISTA, COM ESPESSURA DE 10 CM - EXCLUSIVE ESCAVAÇÃO, CARGA E TRANSPORTE E SOLO. AF_09/2024","M3",120.33]
[96391,"CONSTRUÇÃO DE BASE E SUB-BASE PARA PAVIMENTAÇÃO DE SOLO (PREDOMINANTEMENTE ARENOSO) COM CIMENTO - 6%, MISTURA EM PISTA, COM ESPESSURA DE 15 CM - EXCLUSIVE ESCAVAÇÃO, CARGA E TRANSPORTE E SOLO. AF_09/2024","M3",114.64]
[105632,"CONSTRUÇÃO DE BASE E SUB-BASE PARA PAVIMENTAÇÃO DE SOLO (PREDOMINANTEMENTE ARENOSO) COM CIMENTO - 6%, MISTURA EM PISTA, COM ESPESSURA DE 20 CM - EXCLUSIVE ESCAVAÇÃO, CARGA E TRANSPORTE E SOLO. AF_09/2024","M3",113.73]
[105601,"CONSTRUÇÃO DE BASE E SUB-BASE PARA PAVIMENTAÇÃO DE SOLO (PREDOMINANTEMENTE ARENOSO) COM CIMENTO - 6%, MISTURA EM USINA, COM ESPESSURA DE 10 CM - EXCLUSIVE CARGA E TRANSPORTE. AF_09/2024","M3",0]
[105609,"CONSTRUÇÃO DE BASE E SUB-BASE PARA PAVIMENTAÇÃO DE SOLO (PREDOMINANTEMENTE ARENOSO) COM CIMENTO - 6%, MISTURA EM USINA, COM ESPESSURA DE 15 CM - EXCLUSIVE CARGA E TRANSPORTE. AF_09/2024","M3",0]
[105617,"CONSTRUÇÃO DE BASE E SUB-BASE PARA PAVIMENTAÇÃO DE SOLO (PREDOMINANTEMENTE ARENOSO) COM CIMENTO - 6%, MISTURA EM USINA, COM ESPESSURA DE 20 CM - EXCLUSIVE CARGA E TRANSPORTE. AF_09/2024","M3",0]
[105625,"CONSTRUÇÃO DE BASE E SUB-BASE PARA PAVIMENTAÇÃO DE SOLO (PREDOMINANTEMENTE ARENOSO) COM CIMENTO - 8%, MISTURA EM PISTA, COM ESPESSURA DE 10 CM - EXCLUSIVE ESCAVAÇÃO, CARGA E TRANSPORTE E SOLO. AF_09/2024","M3",152.19999999999999]
[96392,"CONSTRUÇÃO DE BASE E SUB-BASE PARA PAVIMENTAÇÃO DE SOLO (PREDOMINANTEMENTE ARENOSO) COM CIMENTO - 8%, MISTURA EM PISTA, COM ESPESSURA DE 15 CM - EXCLUSIVE ESCAVAÇÃO, CARGA E TRANSPORTE E SOLO. AF_09/2024","M3",146.51]
[105633,"CONSTRUÇÃO DE BASE E SUB-BASE PARA PAVIMENTAÇÃO DE SOLO (PREDOMINANTEMENTE ARENOSO) COM CIMENTO - 8%, MISTURA EM PISTA, COM ESPESSURA DE 20 CM - EXCLUSIVE ESCAVAÇÃO, CARGA E TRANSPORTE E SOLO. AF_09/2024","M3",145.6]
[105602,"CONSTRUÇÃO DE BASE E SUB-BASE PARA PAVIMENTAÇÃO DE SOLO (PREDOMINANTEMENTE ARENOSO) COM CIMENTO - 8%, MISTURA EM USINA, COM ESPESSURA DE 10 CM - EXCLUSIVE CARGA E TRANSPORTE. AF_09/2024","M3",0]
[105610,"CONSTRUÇÃO DE BASE E SUB-BASE PARA PAVIMENTAÇÃO DE SOLO (PREDOMINANTEMENTE ARENOSO) COM CIMENTO - 8%, MISTURA EM USINA, COM ESPESSURA DE 15 CM - EXCLUSIVE CARGA E TRANSPORTE. AF_09/2024","M3",0]
[105618,"CONSTRUÇÃO DE BASE E SUB-BASE PARA PAVIMENTAÇÃO DE SOLO (PREDOMINANTEMENTE ARENOSO) COM CIMENTO - 8%, MISTURA EM USINA, COM ESPESSURA DE 20 CM - EXCLUSIVE CARGA E TRANSPORTE. AF_09/2024","M3",0]
[105571,"CONSTRUÇÃO DE BASE E SUB-BASE PARA PAVIMENTAÇÃO DE SOLO (PREDOMINANTEMENTE ARENOSO) MELHORADO COM CIMENTO - 2%, MISTURA EM PISTA, COM ESPESSURA DE 10 CM - EXCLUSIVE ESCAVAÇÃO, CARGA E TRANSPORTE E SOLO. AF_09/2024","M3",54.84]
[96389,"CONSTRUÇÃO DE BASE E SUB-BASE PARA PAVIMENTAÇÃO DE SOLO (PREDOMINANTEMENTE ARENOSO) MELHORADO COM CIMENTO - 2%, MISTURA EM PISTA, COM ESPESSURA DE 15 CM - EXCLUSIVE ESCAVAÇÃO, CARGA E TRANSPORTE E SOLO. AF_09/2024","M3",49.15]
[105575,"CONSTRUÇÃO DE BASE E SUB-BASE PARA PAVIMENTAÇÃO DE SOLO (PREDOMINANTEMENTE ARENOSO) MELHORADO COM CIMENTO - 2%, MISTURA EM PISTA, COM ESPESSURA DE 20 CM - EXCLUSIVE ESCAVAÇÃO, CARGA E TRANSPORTE E SOLO. AF_09/2024","M3",48.24]
[105599,"CONSTRUÇÃO DE BASE E SUB-BASE PARA PAVIMENTAÇÃO DE SOLO (PREDOMINANTEMENTE ARENOSO) MELHORADO COM CIMENTO - 2%, MISTURA EM USINA, COM ESPESSURA DE 10 CM - EXCLUSIVE CARGA E TRANSPORTE. AF_09/2024","M3",0]
[105607,"CONSTRUÇÃO DE BASE E SUB-BASE PARA PAVIMENTAÇÃO DE SOLO (PREDOMINANTEMENTE ARENOSO) MELHORADO COM CIMENTO - 2%, MISTURA EM USINA, COM ESPESSURA DE 15 CM - EXCLUSIVE CARGA E TRANSPORTE. AF_09/2024","M3",0]
[105615,"CONSTRUÇÃO DE BASE E SUB-BASE PARA PAVIMENTAÇÃO DE SOLO (PREDOMINANTEMENTE ARENOSO) MELHORADO COM CIMENTO - 2%, MISTURA EM USINA, COM ESPESSURA DE 20 CM - EXCLUSIVE CARGA E TRANSPORTE. AF_09/2024","M3",0]
[105623,"CONSTRUÇÃO DE BASE E SUB-BASE PARA PAVIMENTAÇÃO DE SOLO (PREDOMINANTEMENTE ARENOSO) MELHORADO COM CIMENTO - 4%, MISTURA EM PISTA, COM ESPESSURA DE 10 CM - EXCLUSIVE ESCAVAÇÃO, CARGA E TRANSPORTE E SOLO. AF_09/2024","M3",88.03]
[96390,"CONSTRUÇÃO DE BASE E SUB-BASE PARA PAVIMENTAÇÃO DE SOLO (PREDOMINANTEMENTE ARENOSO) MELHORADO COM CIMENTO - 4%, MISTURA EM PISTA, COM ESPESSURA DE 15 CM - EXCLUSIVE ESCAVAÇÃO, CARGA E TRANSPORTE E SOLO. AF_09/2024","M3",82.34]
[105631,"CONSTRUÇÃO DE BASE E SUB-BASE PARA PAVIMENTAÇÃO DE SOLO (PREDOMINANTEMENTE ARENOSO) MELHORADO COM CIMENTO - 4%, MISTURA EM PISTA, COM ESPESSURA DE 20 CM - EXCLUSIVE ESCAVAÇÃO, CARGA E TRANSPORTE E SOLO. AF_09/2024","M3",81.430000000000007]
[105600,"CONSTRUÇÃO DE BASE E SUB-BASE PARA PAVIMENTAÇÃO DE SOLO (PREDOMINANTEMENTE ARENOSO) MELHORADO COM CIMENTO - 4%, MISTURA EM USINA, COM ESPESSURA DE 10 CM - EXCLUSIVE CARGA E TRANSPORTE. AF_09/2024","M3",0]
[105608,"CONSTRUÇÃO DE BASE E SUB-BASE PARA PAVIMENTAÇÃO DE SOLO (PREDOMINANTEMENTE ARENOSO) MELHORADO COM CIMENTO - 4%, MISTURA EM USINA, COM ESPESSURA DE 15 CM - EXCLUSIVE CARGA E TRANSPORTE. AF_09/2024","M3",0]
[105616,"CONSTRUÇÃO DE BASE E SUB-BASE PARA PAVIMENTAÇÃO DE SOLO (PREDOMINANTEMENTE ARENOSO) MELHORADO COM CIMENTO - 4%, MISTURA EM USINA, COM ESPESSURA DE 20 CM - EXCLUSIVE CARGA E TRANSPORTE. AF_09/2024","M3",0]
[105585,"CONSTRUÇÃO DE BASE E SUB-BASE PARA PAVIMENTAÇÃO DE SOLO (PREDOMINANTEMENTE ARGILOSO) BRITA - 40%-60%, MISTURA EM PISTA, COM ESPESSURA DE 10 CM - EXCLUSIVE ESCAVAÇÃO, CARGA E TRANSPORTE E SOLO. AF_09/2024","M3",145.62]
[100572,"CONSTRUÇÃO DE BASE E SUB-BASE PARA PAVIMENTAÇÃO DE SOLO (PREDOMINANTEMENTE ARGILOSO) BRITA - 40%-60%, MISTURA EM PISTA, COM ESPESSURA DE 15 CM - EXCLUSIVE ESCAVAÇÃO, CARGA E TRANSPORTE E SOLO. AF_09/2024","M3",135.96]
[105588,"CONSTRUÇÃO DE BASE E SUB-BASE PARA PAVIMENTAÇÃO DE SOLO (PREDOMINANTEMENTE ARGILOSO) BRITA - 40%-60%, MISTURA EM PISTA, COM ESPESSURA DE 20 CM - EXCLUSIVE ESCAVAÇÃO, CARGA E TRANSPORTE E SOLO. AF_09/2024","M3",134.97999999999999]
[105583,"CONSTRUÇÃO DE BASE E SUB-BASE PARA PAVIMENTAÇÃO DE SOLO (PREDOMINANTEMENTE ARGILOSO) BRITA - 40%-60%, MISTURA EM USINA, COM ESPESSURA DE 10 CM - EXCLUSIVE CARGA E TRANSPORTE. AF_09/2024","M3",0]
[105719,"CONSTRUÇÃO DE BASE E SUB-BASE PARA PAVIMENTAÇÃO DE SOLO (PREDOMINANTEMENTE ARGILOSO) BRITA - 40%-60%, MISTURA EM USINA, COM ESPESSURA DE 15 CM - EXCLUSIVE CARGA E TRANSPORTE. AF_09/2024","M3",0]
[105721,"CONSTRUÇÃO DE BASE E SUB-BASE PARA PAVIMENTAÇÃO DE SOLO (PREDOMINANTEMENTE ARGILOSO) BRITA - 40%-60%, MISTURA EM USINA, COM ESPESSURA DE 20 CM - EXCLUSIVE CARGA E TRANSPORTE. AF_09/2024","M3",0]
[105592,"CONSTRUÇÃO DE BASE E SUB-BASE PARA PAVIMENTAÇÃO DE SOLO (PREDOMINANTEMENTE ARGILOSO) BRITA - 50%-50%, MISTURA EM PISTA, COM ESPESSURA DE 10 CM - EXCLUSIVE ESCAVAÇÃO, CARGA E TRANSPORTE E SOLO. AF_09/2024","M3",127.85]
[100573,"CONSTRUÇÃO DE BASE E SUB-BASE PARA PAVIMENTAÇÃO DE SOLO (PREDOMINANTEMENTE ARGILOSO) BRITA - 50%-50%, MISTURA EM PISTA, COM ESPESSURA DE 15 CM - EXCLUSIVE ESCAVAÇÃO, CARGA E TRANSPORTE E SOLO. AF_09/2024","M3",118.19]
[105595,"CONSTRUÇÃO DE BASE E SUB-BASE PARA PAVIMENTAÇÃO DE SOLO (PREDOMINANTEMENTE ARGILOSO) BRITA - 50%-50%, MISTURA EM PISTA, COM ESPESSURA DE 20 CM - EXCLUSIVE ESCAVAÇÃO, CARGA E TRANSPORTE E SOLO. AF_09/2024","M3",117.21]
[105590,"CONSTRUÇÃO DE BASE E SUB-BASE PARA PAVIMENTAÇÃO DE SOLO (PREDOMINANTEMENTE ARGILOSO) BRITA - 50%-50%, MISTURA EM USINA, COM ESPESSURA DE 10 CM - EXCLUSIVE CARGA E TRANSPORTE. AF_09/2024","M3",0]
[105723,"CONSTRUÇÃO DE BASE E SUB-BASE PARA PAVIMENTAÇÃO DE SOLO (PREDOMINANTEMENTE ARGILOSO) BRITA - 50%-50%, MISTURA EM USINA, COM ESPESSURA DE 15 CM - EXCLUSIVE CARGA E TRANSPORTE. AF_09/2024","M3",0]
[105725,"CONSTRUÇÃO DE BASE E SUB-BASE PARA PAVIMENTAÇÃO DE SOLO (PREDOMINANTEMENTE ARGILOSO) BRITA - 50%-50%, MISTURA EM USINA, COM ESPESSURA DE 20 CM - EXCLUSIVE CARGA E TRANSPORTE. AF_09/2024","M3",0]
[105566,"CONSTRUÇÃO DE BASE E SUB-BASE PARA PAVIMENTAÇÃO DE SOLO DE COMPORTAMENTO LATERÍTICO (ARENOSO), COM ESPESSURA DE 10 CM - EXCLUSIVE ESCAVAÇÃO, CARGA E TRANSPORTE E SOLO. AF_09/2024","M3",11.29]
[96388,"CONSTRUÇÃO DE BASE E SUB-BASE PARA PAVIMENTAÇÃO DE SOLO DE COMPORTAMENTO LATERÍTICO (ARENOSO), COM ESPESSURA DE 15 CM - EXCLUSIVE ESCAVAÇÃO, CARGA E TRANSPORTE E SOLO. AF_09/2024","M3",9.0299999999999994]
[105569,"CONSTRUÇÃO DE BASE E SUB-BASE PARA PAVIMENTAÇÃO DE SOLO DE COMPORTAMENTO LATERÍTICO (ARENOSO), COM ESPESSURA DE 20 CM - EXCLUSIVE ESCAVAÇÃO, CARGA E TRANSPORTE E SOLO. AF_09/2024","M3",7.51]
[101767,"CONSTRUÇÃO DE BASE E SUB-BASE PARA PAVIMENTAÇÃO DE SOLO ESTABILIZADO GRANULOMETRICAMENTE COM MISTURA DE SOLOS EM PISTA - EXCLUSIVE SOLO, ESCAVAÇÃO, CARGA E TRANSPORTE. AF_09/2024","M3",29.63]
[101768,"CONSTRUÇÃO DE BASE E SUB-BASE PARA PAVIMENTAÇÃO DE SOLO ESTABILIZADO GRANULOMETRICAMENTE SEM MISTURA DE SOLOS - EXCLUSIVE SOLO, ESCAVAÇÃO, CARGA E TRANSPORTE. AF_09/2024","M3",25.9]
[100574,"ESPALHAMENTO DE MATERIAL COM TRATOR DE ESTEIRAS. AF_09/2024","M3",1.44]
[102470,"EXECUÇÃO DE IMPRIMAÇÃO COM ASFALTO DILUÍDO CM-30, PARA OBRAS DE CONSTRUÇÃO DE PAVIMENTOS. AF_09/2024","M2",0]
[105756,"EXECUÇÃO DE IMPRIMAÇÃO COM ASFALTO DILUÍDO CM-30, PARA OBRAS DE RECONSTRUÇÃO DE PAVIMENTOS. AF_09/2024","M2",0]
[104375,"EXECUÇÃO DE PINTURA DE LIGAÇÃO COM EMULSÃO ASFÁLTICA RR-2C, PARA OBRAS DE CONSTRUÇÃO DE PAVIMENTOS. AF_09/2024","M2",0]
[105757,"EXECUÇÃO DE PINTURA DE LIGAÇÃO COM EMULSÃO ASFÁLTICA RR-2C, PARA OBRAS DE RECONSTRUÇÃO DE PAVIMENTOS. AF_09/2024","M2",0]
[105562,"EXECUÇÃO E COMPACTAÇÃO DE CAMADA FINAL DE ATERRO (100% DE ENERGIA DO PROCTOR NORMAL) COM SOLO PREDOMINANTEMENTE ARENOSO, EM CAMADAS COM ESPESSURA DE 10 CM - EXCLUSIVE ESCAVAÇÃO, CARGA E TRANSPORTE E SOLO. AF_09/2024","M3",8.31]
[105563,"EXECUÇÃO E COMPACTAÇÃO DE CAMADA FINAL DE ATERRO (100% DE ENERGIA DO PROCTOR NORMAL) COM SOLO PREDOMINANTEMENTE ARENOSO, EM CAMADAS COM ESPESSURA DE 15 CM - EXCLUSIVE ESCAVAÇÃO, CARGA E TRANSPORTE E SOLO. AF_09/2024","M3",6.71]
[105565,"EXECUÇÃO E COMPACTAÇÃO DE CAMADA FINAL DE ATERRO (100% DE ENERGIA DO PROCTOR NORMAL) COM SOLO PREDOMINANTEMENTE ARENOSO, EM CAMADAS COM ESPESSURA DE 20 CM - EXCLUSIVE ESCAVAÇÃO, CARGA E TRANSPORTE E SOLO. AF_09/2024","M3",6.23]
[105557,"EXECUÇÃO E COMPACTAÇÃO DE CAMADA FINAL DE ATERRO (100% DE ENERGIA DO PROCTOR NORMAL) COM SOLO PREDOMINANTEMENTE ARGILOSO, EM CAMADAS COM ESPESSURA DE 10 CM - EXCLUSIVE ESCAVAÇÃO, CARGA E TRANSPORTE E SOLO. AF_09/2024","M3",15.67]
[105558,"EXECUÇÃO E COMPACTAÇÃO DE CAMADA FINAL DE ATERRO (100% DE ENERGIA DO PROCTOR NORMAL) COM SOLO PREDOMINANTEMENTE ARGILOSO, EM CAMADAS COM ESPESSURA DE 15 CM - EXCLUSIVE ESCAVAÇÃO, CARGA E TRANSPORTE E SOLO. AF_09/2024","M3",13.5]
[105560,"EXECUÇÃO E COMPACTAÇÃO DE CAMADA FINAL DE ATERRO (100% DE ENERGIA DO PROCTOR NORMAL) COM SOLO PREDOMINANTEMENTE ARGILOSO, EM CAMADAS COM ESPESSURA DE 20 CM - EXCLUSIVE ESCAVAÇÃO, CARGA E TRANSPORTE E SOLO. AF_09/2024","M3",12.33]
[96386,"EXECUÇÃO E COMPACTAÇÃO DE CORPO DE ATERRO (95% DE ENERGIA DO PROCTOR NORMAL) COM SOLO PREDOMINANTEMENTE ARENOSO ESPESSURA 15CM - EXCLUSIVE MATERIAL, ESCAVAÇÃO, CARGA E TRANSPORTE. AF_09/2024","M3",6.65]
[105564,"EXECUÇÃO E COMPACTAÇÃO DE CORPO DE ATERRO (95% DE ENERGIA DO PROCTOR NORMAL) COM SOLO PREDOMINANTEMENTE ARENOSO, EM CAMADAS COM ESPESSURA DE 20 CM - EXCLUSIVE ESCAVAÇÃO, CARGA E TRANSPORTE E SOLO. AF_09/2024","M3",6.18]
[105561,"EXECUÇÃO E COMPACTAÇÃO DE CORPO DE ATERRO DE ATERRO (95% DE ENERGIA DO PROCTOR NORMAL) COM SOLO PREDOMINANTEMENTE ARENOSO, EM CAMADAS COM ESPESSURA DE 10 CM - EXCLUSIVE ESCAVAÇÃO, CARGA E TRANSPORTE E SOLO. AF_09/2024","M3",8.1300000000000008]
[96385,"EXECUÇÃO E COMPACTAÇÃO DE CORPO DE ATERRO DE ATERRO (95% DE ENERGIA DO PROCTOR NORMAL) COM SOLO PREDOMINANTEMENTE ARGILOSO ESPESSURA 15 CM - EXCLUSIVE MATERIAL, ESCAVAÇÃO, CARGA E TRANSPORTE. AF_09/2024","M3",12.2]
[105556,"EXECUÇÃO E COMPACTAÇÃO DE CORPO DE ATERRO DE ATERRO (95% DE ENERGIA DO PROCTOR NORMAL) COM SOLO PREDOMINANTEMENTE ARGILOSO, EM CAMADAS COM ESPESSURA DE 10 CM - EXCLUSIVE ESCAVAÇÃO, CARGA E TRANSPORTE E SOLO. AF_09/2024","M3",13.7]
[105559,"EXECUÇÃO E COMPACTAÇÃO DE CORPO DE ATERRO DE ATERRO (95% DE ENERGIA DO PROCTOR NORMAL) COM SOLO PREDOMINANTEMENTE ARGILOSO, EM CAMADAS COM ESPESSURA DE 20 CM - EXCLUSIVE ESCAVAÇÃO, CARGA E TRANSPORTE E SOLO. AF_09/2024","M3",10.37]
[105733,"RECONSTRUÇÃO DE BASE E SUB-BASE PARA PAVIMENTAÇÃO DE BRITA GRADUADA SIMPLES TRATADA COM CIMENTO, COM ESPESSURA DE 10 CM - EXCLUSIVE CARGA E TRANSPORTE. AF_09/2024","M3",292.57]
[105734,"RECONSTRUÇÃO DE BASE E SUB-BASE PARA PAVIMENTAÇÃO DE BRITA GRADUADA SIMPLES TRATADA COM CIMENTO, COM ESPESSURA DE 15 CM - EXCLUSIVE CARGA E TRANSPORTE. AF_09/2024","M3",286.48]
[105736,"RECONSTRUÇÃO DE BASE E SUB-BASE PARA PAVIMENTAÇÃO DE BRITA GRADUADA SIMPLES TRATADA COM CIMENTO, COM ESPESSURA DE 20 CM - EXCLUSIVE CARGA E TRANSPORTE. AF_09/2024","M3",283.43]
[105728,"RECONSTRUÇÃO DE BASE E SUB-BASE PARA PAVIMENTAÇÃO DE BRITA GRADUADA SIMPLES, COM ESPESSURA DE 10 CM - EXCLUSIVE CARGA E TRANSPORTE. AF_09/2024","M3",227.34]
[105729,"RECONSTRUÇÃO DE BASE E SUB-BASE PARA PAVIMENTAÇÃO DE BRITA GRADUADA SIMPLES, COM ESPESSURA DE 15 CM - EXCLUSIVE CARGA E TRANSPORTE. AF_09/2024","M3",222.68]
[105731,"RECONSTRUÇÃO DE BASE E SUB-BASE PARA PAVIMENTAÇÃO DE BRITA GRADUADA SIMPLES, COM ESPESSURA DE 20 CM - EXCLUSIVE CARGA E TRANSPORTE. AF_09/2024","M3",220.34]
[105738,"RECONSTRUÇÃO DE BASE E SUB-BASE PARA PAVIMENTAÇÃO DE CONCRETO COMPACTADO COM ROLO, COM ESPESSURA DE 10 CM - EXCLUSIVE CARGA E TRANSPORTE. AF_09/2024","M3",374]
[105739,"RECONSTRUÇÃO DE BASE E SUB-BASE PARA PAVIMENTAÇÃO DE CONCRETO COMPACTADO COM ROLO, COM ESPESSURA DE 15 CM - EXCLUSIVE CARGA E TRANSPORTE. AF_09/2024","M3",369.44]
[105741,"RECONSTRUÇÃO DE BASE E SUB-BASE PARA PAVIMENTAÇÃO DE CONCRETO COMPACTADO COM ROLO, COM ESPESSURA DE 20 CM - EXCLUSIVE CARGA E TRANSPORTE. AF_09/2024","M3",367.05]
[105750,"RECONSTRUÇÃO DE BASE E SUB-BASE PARA PAVIMENTAÇÃO DE MACADAME SECO, COM ESPESSURA DE 10 CM - EXCLUSIVE CARGA E TRANSPORTE. AF_09/2024","M3",208.02]
[105751,"RECONSTRUÇÃO DE BASE E SUB-BASE PARA PAVIMENTAÇÃO DE MACADAME SECO, COM ESPESSURA DE 15 CM - EXCLUSIVE CARGA E TRANSPORTE. AF_09/2024","M3",205.64]
[105753,"RECONSTRUÇÃO DE BASE E SUB-BASE PARA PAVIMENTAÇÃO DE MACADAME SECO, COM ESPESSURA DE 20 CM - EXCLUSIVE CARGA E TRANSPORTE. AF_09/2024","M3",203.49]
[105755,"RECONSTRUÇÃO DE BASE E SUB-BASE PARA PAVIMENTAÇÃO DE MACADAME SECO, COM ESPESSURA DE 25 CM - EXCLUSIVE CARGA E TRANSPORTE. AF_09/2024","M3",201.44]
[105743,"RECONSTRUÇÃO DE BASE E SUB-BASE PARA PAVIMENTAÇÃO DE RACHÃO, COM ESPESSURA DE 30 CM - EXCLUSIVE CARGA E TRANSPORTE. AF_09/2024","M3",158.97]
[105744,"RECONSTRUÇÃO DE BASE E SUB-BASE PARA PAVIMENTAÇÃO DE RACHÃO, COM ESPESSURA DE 40 CM - EXCLUSIVE CARGA E TRANSPORTE. AF_09/2024","M3",156.72999999999999]
[105746,"RECONSTRUÇÃO DE BASE E SUB-BASE PARA PAVIMENTAÇÃO DE RACHÃO, COM ESPESSURA DE 50 CM - EXCLUSIVE CARGA E TRANSPORTE. AF_09/2024","M3",154.47999999999999]
[105748,"RECONSTRUÇÃO DE BASE E SUB-BASE PARA PAVIMENTAÇÃO DE RACHÃO, COM ESPESSURA DE 60 CM - EXCLUSIVE CARGA E TRANSPORTE. AF_09/2024","M3",152.21]
[105660,"RECONSTRUÇÃO DE BASE E SUB-BASE PARA PAVIMENTAÇÃO DE SOLO (PREDOMINANTEMENTE ARENOSO) BRITA - 40%-60% COM CIMENTO - 4%, MISTURA EM PISTA, COM ESPESSURA DE 10 CM - EXCLUSIVE ESCAVAÇÃO, CARGA E TRANSPORTE E SOLO. AF_09/2024","M3",213.95]
[105663,"RECONSTRUÇÃO DE BASE E SUB-BASE PARA PAVIMENTAÇÃO DE SOLO (PREDOMINANTEMENTE ARENOSO) BRITA - 40%-60% COM CIMENTO - 4%, MISTURA EM PISTA, COM ESPESSURA DE 15 CM - EXCLUSIVE ESCAVAÇÃO, CARGA E TRANSPORTE E SOLO. AF_09/2024","M3",204.1]
[105669,"RECONSTRUÇÃO DE BASE E SUB-BASE PARA PAVIMENTAÇÃO DE SOLO (PREDOMINANTEMENTE ARENOSO) BRITA - 40%-60% COM CIMENTO - 4%, MISTURA EM PISTA, COM ESPESSURA DE 20 CM - EXCLUSIVE ESCAVAÇÃO, CARGA E TRANSPORTE E SOLO. AF_09/2024","M3",199.19]
[105642,"RECONSTRUÇÃO DE BASE E SUB-BASE PARA PAVIMENTAÇÃO DE SOLO (PREDOMINANTEMENTE ARENOSO) BRITA - 40%-60% COM CIMENTO - 4%, MISTURA EM USINA, COM ESPESSURA DE 10 CM - EXCLUSIVE CARGA E TRANSPORTE. AF_09/2024","M3",0]
[105648,"RECONSTRUÇÃO DE BASE E SUB-BASE PARA PAVIMENTAÇÃO DE SOLO (PREDOMINANTEMENTE ARENOSO) BRITA - 40%-60% COM CIMENTO - 4%, MISTURA EM USINA, COM ESPESSURA DE 15 CM - EXCLUSIVE CARGA E TRANSPORTE. AF_09/2024","M3",0]
[105654,"RECONSTRUÇÃO DE BASE E SUB-BASE PARA PAVIMENTAÇÃO DE SOLO (PREDOMINANTEMENTE ARENOSO) BRITA - 40%-60% COM CIMENTO - 4%, MISTURA EM USINA, COM ESPESSURA DE 20 CM - EXCLUSIVE CARGA E TRANSPORTE. AF_09/2024","M3",0]
[105661,"RECONSTRUÇÃO DE BASE E SUB-BASE PARA PAVIMENTAÇÃO DE SOLO (PREDOMINANTEMENTE ARENOSO) BRITA - 40%-60% COM CIMENTO - 6%, MISTURA EM PISTA, COM ESPESSURA DE 10 CM - EXCLUSIVE ESCAVAÇÃO, CARGA E TRANSPORTE E SOLO. AF_09/2024","M3",244.11]
[105664,"RECONSTRUÇÃO DE BASE E SUB-BASE PARA PAVIMENTAÇÃO DE SOLO (PREDOMINANTEMENTE ARENOSO) BRITA - 40%-60% COM CIMENTO - 6%, MISTURA EM PISTA, COM ESPESSURA DE 15 CM - EXCLUSIVE ESCAVAÇÃO, CARGA E TRANSPORTE E SOLO. AF_09/2024","M3",234.26]
[105670,"RECONSTRUÇÃO DE BASE E SUB-BASE PARA PAVIMENTAÇÃO DE SOLO (PREDOMINANTEMENTE ARENOSO) BRITA - 40%-60% COM CIMENTO - 6%, MISTURA EM PISTA, COM ESPESSURA DE 20 CM - EXCLUSIVE ESCAVAÇÃO, CARGA E TRANSPORTE E SOLO. AF_09/2024","M3",229.35]
[105643,"RECONSTRUÇÃO DE BASE E SUB-BASE PARA PAVIMENTAÇÃO DE SOLO (PREDOMINANTEMENTE ARENOSO) BRITA - 40%-60% COM CIMENTO - 6%, MISTURA EM USINA, COM ESPESSURA DE 10 CM - EXCLUSIVE CARGA E TRANSPORTE. AF_09/2024","M3",0]
[105649,"RECONSTRUÇÃO DE BASE E SUB-BASE PARA PAVIMENTAÇÃO DE SOLO (PREDOMINANTEMENTE ARENOSO) BRITA - 40%-60% COM CIMENTO - 6%, MISTURA EM USINA, COM ESPESSURA DE 15 CM - EXCLUSIVE CARGA E TRANSPORTE. AF_09/2024","M3",0]
[105655,"RECONSTRUÇÃO DE BASE E SUB-BASE PARA PAVIMENTAÇÃO DE SOLO (PREDOMINANTEMENTE ARENOSO) BRITA - 40%-60% COM CIMENTO - 6%, MISTURA EM USINA, COM ESPESSURA DE 20 CM - EXCLUSIVE CARGA E TRANSPORTE. AF_09/2024","M3",0]
[105662,"RECONSTRUÇÃO DE BASE E SUB-BASE PARA PAVIMENTAÇÃO DE SOLO (PREDOMINANTEMENTE ARENOSO) BRITA - 40%-60% COM CIMENTO - 8%, MISTURA EM PISTA, COM ESPESSURA DE 10 CM - EXCLUSIVE ESCAVAÇÃO, CARGA E TRANSPORTE E SOLO. AF_09/2024","M3",273.85000000000002]
[105665,"RECONSTRUÇÃO DE BASE E SUB-BASE PARA PAVIMENTAÇÃO DE SOLO (PREDOMINANTEMENTE ARENOSO) BRITA - 40%-60% COM CIMENTO - 8%, MISTURA EM PISTA, COM ESPESSURA DE 15 CM - EXCLUSIVE ESCAVAÇÃO, CARGA E TRANSPORTE E SOLO. AF_09/2024","M3",264]
[105671,"RECONSTRUÇÃO DE BASE E SUB-BASE PARA PAVIMENTAÇÃO DE SOLO (PREDOMINANTEMENTE ARENOSO) BRITA - 40%-60% COM CIMENTO - 8%, MISTURA EM PISTA, COM ESPESSURA DE 20 CM - EXCLUSIVE ESCAVAÇÃO, CARGA E TRANSPORTE E SOLO. AF_09/2024","M3",259.08999999999997]
[105644,"RECONSTRUÇÃO DE BASE E SUB-BASE PARA PAVIMENTAÇÃO DE SOLO (PREDOMINANTEMENTE ARENOSO) BRITA - 40%-60% COM CIMENTO - 8%, MISTURA EM USINA, COM ESPESSURA DE 10 CM - EXCLUSIVE CARGA E TRANSPORTE. AF_09/2024","M3",0]
[105650,"RECONSTRUÇÃO DE BASE E SUB-BASE PARA PAVIMENTAÇÃO DE SOLO (PREDOMINANTEMENTE ARENOSO) BRITA - 40%-60% COM CIMENTO - 8%, MISTURA EM USINA, COM ESPESSURA DE 15 CM - EXCLUSIVE CARGA E TRANSPORTE. AF_09/2024","M3",0]
[105656,"RECONSTRUÇÃO DE BASE E SUB-BASE PARA PAVIMENTAÇÃO DE SOLO (PREDOMINANTEMENTE ARENOSO) BRITA - 40%-60% COM CIMENTO - 8%, MISTURA EM USINA, COM ESPESSURA DE 20 CM - EXCLUSIVE CARGA E TRANSPORTE. AF_09/2024","M3",0]
[105577,"RECONSTRUÇÃO DE BASE E SUB-BASE PARA PAVIMENTAÇÃO DE SOLO (PREDOMINANTEMENTE ARENOSO) BRITA - 40%-60%, MISTURA EM PISTA, COM ESPESSURA DE 10 CM - EXCLUSIVE ESCAVAÇÃO, CARGA E TRANSPORTE E SOLO. AF_09/2024","M3",149.47999999999999]
[105578,"RECONSTRUÇÃO DE BASE E SUB-BASE PARA PAVIMENTAÇÃO DE SOLO (PREDOMINANTEMENTE ARENOSO) BRITA - 40%-60%, MISTURA EM PISTA, COM ESPESSURA DE 15 CM - EXCLUSIVE ESCAVAÇÃO, CARGA E TRANSPORTE E SOLO. AF_09/2024","M3",139.62]
[105712,"RECONSTRUÇÃO DE BASE E SUB-BASE PARA PAVIMENTAÇÃO DE SOLO (PREDOMINANTEMENTE ARENOSO) BRITA - 40%-60%, MISTURA EM PISTA, COM ESPESSURA DE 20 CM - EXCLUSIVE ESCAVAÇÃO, CARGA E TRANSPORTE E SOLO. AF_09/2024","M3",134.72]
[105637,"RECONSTRUÇÃO DE BASE E SUB-BASE PARA PAVIMENTAÇÃO DE SOLO (PREDOMINANTEMENTE ARENOSO) BRITA - 40%-60%, MISTURA EM USINA, COM ESPESSURA DE 10 CM - EXCLUSIVE CARGA E TRANSPORTE. AF_09/2024","M3",0]
[105707,"RECONSTRUÇÃO DE BASE E SUB-BASE PARA PAVIMENTAÇÃO DE SOLO (PREDOMINANTEMENTE ARENOSO) BRITA - 40%-60%, MISTURA EM USINA, COM ESPESSURA DE 15 CM - EXCLUSIVE CARGA E TRANSPORTE. AF_09/2024","M3",0]
[105709,"RECONSTRUÇÃO DE BASE E SUB-BASE PARA PAVIMENTAÇÃO DE SOLO (PREDOMINANTEMENTE ARENOSO) BRITA - 40%-60%, MISTURA EM USINA, COM ESPESSURA DE 20 CM - EXCLUSIVE CARGA E TRANSPORTE. AF_09/2024","M3",0]
[105693,"RECONSTRUÇÃO DE BASE E SUB-BASE PARA PAVIMENTAÇÃO DE SOLO (PREDOMINANTEMENTE ARENOSO) BRITA - 50%-50% COM CIMENTO - 4%, MISTURA EM PISTA, COM ESPESSURA DE 10 CM - EXCLUSIVE ESCAVAÇÃO, CARGA E TRANSPORTE E SOLO. AF_09/2024","M3",196.88]
[105696,"RECONSTRUÇÃO DE BASE E SUB-BASE PARA PAVIMENTAÇÃO DE SOLO (PREDOMINANTEMENTE ARENOSO) BRITA - 50%-50% COM CIMENTO - 4%, MISTURA EM PISTA, COM ESPESSURA DE 15 CM - EXCLUSIVE ESCAVAÇÃO, CARGA E TRANSPORTE E SOLO. AF_09/2024","M3",187.03]
[105702,"RECONSTRUÇÃO DE BASE E SUB-BASE PARA PAVIMENTAÇÃO DE SOLO (PREDOMINANTEMENTE ARENOSO) BRITA - 50%-50% COM CIMENTO - 4%, MISTURA EM PISTA, COM ESPESSURA DE 20 CM - EXCLUSIVE ESCAVAÇÃO, CARGA E TRANSPORTE E SOLO. AF_09/2024","M3",182.12]
[105675,"RECONSTRUÇÃO DE BASE E SUB-BASE PARA PAVIMENTAÇÃO DE SOLO (PREDOMINANTEMENTE ARENOSO) BRITA - 50%-50% COM CIMENTO - 4%, MISTURA EM USINA, COM ESPESSURA DE 10 CM - EXCLUSIVE CARGA E TRANSPORTE. AF_09/2024","M3",0]
[105681,"RECONSTRUÇÃO DE BASE E SUB-BASE PARA PAVIMENTAÇÃO DE SOLO (PREDOMINANTEMENTE ARENOSO) BRITA - 50%-50% COM CIMENTO - 4%, MISTURA EM USINA, COM ESPESSURA DE 15 CM - EXCLUSIVE CARGA E TRANSPORTE. AF_09/2024","M3",0]
[105687,"RECONSTRUÇÃO DE BASE E SUB-BASE PARA PAVIMENTAÇÃO DE SOLO (PREDOMINANTEMENTE ARENOSO) BRITA - 50%-50% COM CIMENTO - 4%, MISTURA EM USINA, COM ESPESSURA DE 20 CM - EXCLUSIVE CARGA E TRANSPORTE. AF_09/2024","M3",0]
[105694,"RECONSTRUÇÃO DE BASE E SUB-BASE PARA PAVIMENTAÇÃO DE SOLO (PREDOMINANTEMENTE ARENOSO) BRITA - 50%-50% COM CIMENTO - 6%, MISTURA EM PISTA, COM ESPESSURA DE 10 CM - EXCLUSIVE ESCAVAÇÃO, CARGA E TRANSPORTE E SOLO. AF_09/2024","M3",227.4]
[105697,"RECONSTRUÇÃO DE BASE E SUB-BASE PARA PAVIMENTAÇÃO DE SOLO (PREDOMINANTEMENTE ARENOSO) BRITA - 50%-50% COM CIMENTO - 6%, MISTURA EM PISTA, COM ESPESSURA DE 15 CM - EXCLUSIVE ESCAVAÇÃO, CARGA E TRANSPORTE E SOLO. AF_09/2024","M3",217.55]
[105703,"RECONSTRUÇÃO DE BASE E SUB-BASE PARA PAVIMENTAÇÃO DE SOLO (PREDOMINANTEMENTE ARENOSO) BRITA - 50%-50% COM CIMENTO - 6%, MISTURA EM PISTA, COM ESPESSURA DE 20 CM - EXCLUSIVE ESCAVAÇÃO, CARGA E TRANSPORTE E SOLO. AF_09/2024","M3",212.64]
[105676,"RECONSTRUÇÃO DE BASE E SUB-BASE PARA PAVIMENTAÇÃO DE SOLO (PREDOMINANTEMENTE ARENOSO) BRITA - 50%-50% COM CIMENTO - 6%, MISTURA EM USINA, COM ESPESSURA DE 10 CM - EXCLUSIVE CARGA E TRANSPORTE. AF_09/2024","M3",0]
[105682,"RECONSTRUÇÃO DE BASE E SUB-BASE PARA PAVIMENTAÇÃO DE SOLO (PREDOMINANTEMENTE ARENOSO) BRITA - 50%-50% COM CIMENTO - 6%, MISTURA EM USINA, COM ESPESSURA DE 15 CM - EXCLUSIVE CARGA E TRANSPORTE. AF_09/2024","M3",0]
[105688,"RECONSTRUÇÃO DE BASE E SUB-BASE PARA PAVIMENTAÇÃO DE SOLO (PREDOMINANTEMENTE ARENOSO) BRITA - 50%-50% COM CIMENTO - 6%, MISTURA EM USINA, COM ESPESSURA DE 20 CM - EXCLUSIVE CARGA E TRANSPORTE. AF_09/2024","M3",0]
[105695,"RECONSTRUÇÃO DE BASE E SUB-BASE PARA PAVIMENTAÇÃO DE SOLO (PREDOMINANTEMENTE ARENOSO) BRITA - 50%-50% COM CIMENTO - 8%, MISTURA EM PISTA, COM ESPESSURA DE 10 CM - EXCLUSIVE ESCAVAÇÃO, CARGA E TRANSPORTE E SOLO. AF_09/2024","M3",257.5]
[105698,"RECONSTRUÇÃO DE BASE E SUB-BASE PARA PAVIMENTAÇÃO DE SOLO (PREDOMINANTEMENTE ARENOSO) BRITA - 50%-50% COM CIMENTO - 8%, MISTURA EM PISTA, COM ESPESSURA DE 15 CM - EXCLUSIVE ESCAVAÇÃO, CARGA E TRANSPORTE E SOLO. AF_09/2024","M3",247.65]
[105704,"RECONSTRUÇÃO DE BASE E SUB-BASE PARA PAVIMENTAÇÃO DE SOLO (PREDOMINANTEMENTE ARENOSO) BRITA - 50%-50% COM CIMENTO - 8%, MISTURA EM PISTA, COM ESPESSURA DE 20 CM - EXCLUSIVE ESCAVAÇÃO, CARGA E TRANSPORTE E SOLO. AF_09/2024","M3",242.74]
[105677,"RECONSTRUÇÃO DE BASE E SUB-BASE PARA PAVIMENTAÇÃO DE SOLO (PREDOMINANTEMENTE ARENOSO) BRITA - 50%-50% COM CIMENTO - 8%, MISTURA EM USINA, COM ESPESSURA DE 10 CM - EXCLUSIVE CARGA E TRANSPORTE. AF_09/2024","M3",0]
[105683,"RECONSTRUÇÃO DE BASE E SUB-BASE PARA PAVIMENTAÇÃO DE SOLO (PREDOMINANTEMENTE ARENOSO) BRITA - 50%-50% COM CIMENTO - 8%, MISTURA EM USINA, COM ESPESSURA DE 15 CM - EXCLUSIVE CARGA E TRANSPORTE. AF_09/2024","M3",0]
[105689,"RECONSTRUÇÃO DE BASE E SUB-BASE PARA PAVIMENTAÇÃO DE SOLO (PREDOMINANTEMENTE ARENOSO) BRITA - 50%-50% COM CIMENTO - 8%, MISTURA EM USINA, COM ESPESSURA DE 20 CM - EXCLUSIVE CARGA E TRANSPORTE. AF_09/2024","M3",0]
[105579,"RECONSTRUÇÃO DE BASE E SUB-BASE PARA PAVIMENTAÇÃO DE SOLO (PREDOMINANTEMENTE ARENOSO) BRITA - 50%-50%, MISTURA EM PISTA, COM ESPESSURA DE 10 CM - EXCLUSIVE ESCAVAÇÃO, CARGA E TRANSPORTE E SOLO. AF_09/2024","M3",131.71]
[105580,"RECONSTRUÇÃO DE BASE E SUB-BASE PARA PAVIMENTAÇÃO DE SOLO (PREDOMINANTEMENTE ARENOSO) BRITA - 50%-50%, MISTURA EM PISTA, COM ESPESSURA DE 15 CM - EXCLUSIVE ESCAVAÇÃO, CARGA E TRANSPORTE E SOLO. AF_09/2024","M3",121.85]
[105582,"RECONSTRUÇÃO DE BASE E SUB-BASE PARA PAVIMENTAÇÃO DE SOLO (PREDOMINANTEMENTE ARENOSO) BRITA - 50%-50%, MISTURA EM PISTA, COM ESPESSURA DE 20 CM - EXCLUSIVE ESCAVAÇÃO, CARGA E TRANSPORTE E SOLO. AF_09/2024","M3",116.95]
[105638,"RECONSTRUÇÃO DE BASE E SUB-BASE PARA PAVIMENTAÇÃO DE SOLO (PREDOMINANTEMENTE ARENOSO) BRITA - 50%-50%, MISTURA EM USINA, COM ESPESSURA DE 10 CM - EXCLUSIVE CARGA E TRANSPORTE. AF_09/2024","M3",0]
[105715,"RECONSTRUÇÃO DE BASE E SUB-BASE PARA PAVIMENTAÇÃO DE SOLO (PREDOMINANTEMENTE ARENOSO) BRITA - 50%-50%, MISTURA EM USINA, COM ESPESSURA DE 15 CM - EXCLUSIVE CARGA E TRANSPORTE. AF_09/2024","M3",0]
[105717,"RECONSTRUÇÃO DE BASE E SUB-BASE PARA PAVIMENTAÇÃO DE SOLO (PREDOMINANTEMENTE ARENOSO) BRITA - 50%-50%, MISTURA EM USINA, COM ESPESSURA DE 20 CM - EXCLUSIVE CARGA E TRANSPORTE. AF_09/2024","M3",0]
[105626,"RECONSTRUÇÃO DE BASE E SUB-BASE PARA PAVIMENTAÇÃO DE SOLO (PREDOMINANTEMENTE ARENOSO) COM CIMENTO - 6%, MISTURA EM PISTA, COM ESPESSURA DE 10 CM - EXCLUSIVE ESCAVAÇÃO, CARGA E TRANSPORTE E SOLO. AF_09/2024","M3",127.02]
[105629,"RECONSTRUÇÃO DE BASE E SUB-BASE PARA PAVIMENTAÇÃO DE SOLO (PREDOMINANTEMENTE ARENOSO) COM CIMENTO - 6%, MISTURA EM PISTA, COM ESPESSURA DE 15 CM - EXCLUSIVE ESCAVAÇÃO, CARGA E TRANSPORTE E SOLO. AF_09/2024","M3",119.11]
[105635,"RECONSTRUÇÃO DE BASE E SUB-BASE PARA PAVIMENTAÇÃO DE SOLO (PREDOMINANTEMENTE ARENOSO) COM CIMENTO - 6%, MISTURA EM PISTA, COM ESPESSURA DE 20 CM - EXCLUSIVE ESCAVAÇÃO, CARGA E TRANSPORTE E SOLO. AF_09/2024","M3",118]
[105605,"RECONSTRUÇÃO DE BASE E SUB-BASE PARA PAVIMENTAÇÃO DE SOLO (PREDOMINANTEMENTE ARENOSO) COM CIMENTO - 6%, MISTURA EM USINA, COM ESPESSURA DE 10 CM - EXCLUSIVE CARGA E TRANSPORTE. AF_09/2024","M3",0]
[105613,"RECONSTRUÇÃO DE BASE E SUB-BASE PARA PAVIMENTAÇÃO DE SOLO (PREDOMINANTEMENTE ARENOSO) COM CIMENTO - 6%, MISTURA EM USINA, COM ESPESSURA DE 15 CM - EXCLUSIVE CARGA E TRANSPORTE. AF_09/2024","M3",0]
[105621,"RECONSTRUÇÃO DE BASE E SUB-BASE PARA PAVIMENTAÇÃO DE SOLO (PREDOMINANTEMENTE ARENOSO) COM CIMENTO - 6%, MISTURA EM USINA, COM ESPESSURA DE 20 CM - EXCLUSIVE CARGA E TRANSPORTE. AF_09/2024","M3",0]
[105627,"RECONSTRUÇÃO DE BASE E SUB-BASE PARA PAVIMENTAÇÃO DE SOLO (PREDOMINANTEMENTE ARENOSO) COM CIMENTO - 8%, MISTURA EM PISTA, COM ESPESSURA DE 10 CM - EXCLUSIVE ESCAVAÇÃO, CARGA E TRANSPORTE E SOLO. AF_09/2024","M3",158.88999999999999]
[105630,"RECONSTRUÇÃO DE BASE E SUB-BASE PARA PAVIMENTAÇÃO DE SOLO (PREDOMINANTEMENTE ARENOSO) COM CIMENTO - 8%, MISTURA EM PISTA, COM ESPESSURA DE 15 CM - EXCLUSIVE ESCAVAÇÃO, CARGA E TRANSPORTE E SOLO. AF_09/2024","M3",150.97999999999999]
[105636,"RECONSTRUÇÃO DE BASE E SUB-BASE PARA PAVIMENTAÇÃO DE SOLO (PREDOMINANTEMENTE ARENOSO) COM CIMENTO - 8%, MISTURA EM PISTA, COM ESPESSURA DE 20 CM - EXCLUSIVE ESCAVAÇÃO, CARGA E TRANSPORTE E SOLO. AF_09/2024","M3",149.87]
[105606,"RECONSTRUÇÃO DE BASE E SUB-BASE PARA PAVIMENTAÇÃO DE SOLO (PREDOMINANTEMENTE ARENOSO) COM CIMENTO - 8%, MISTURA EM USINA, COM ESPESSURA DE 10 CM - EXCLUSIVE CARGA E TRANSPORTE. AF_09/2024","M3",0]
[105614,"RECONSTRUÇÃO DE BASE E SUB-BASE PARA PAVIMENTAÇÃO DE SOLO (PREDOMINANTEMENTE ARENOSO) COM CIMENTO - 8%, MISTURA EM USINA, COM ESPESSURA DE 15 CM - EXCLUSIVE CARGA E TRANSPORTE. AF_09/2024","M3",0]
[105622,"RECONSTRUÇÃO DE BASE E SUB-BASE PARA PAVIMENTAÇÃO DE SOLO (PREDOMINANTEMENTE ARENOSO) COM CIMENTO - 8%, MISTURA EM USINA, COM ESPESSURA DE 20 CM - EXCLUSIVE CARGA E TRANSPORTE. AF_09/2024","M3",0]
[105572,"RECONSTRUÇÃO DE BASE E SUB-BASE PARA PAVIMENTAÇÃO DE SOLO (PREDOMINANTEMENTE ARENOSO) MELHORADO COM CIMENTO - 2%, MISTURA EM PISTA, COM ESPESSURA DE 10 CM - EXCLUSIVE ESCAVAÇÃO, CARGA E TRANSPORTE E SOLO. AF_09/2024","M3",61.53]
[105574,"RECONSTRUÇÃO DE BASE E SUB-BASE PARA PAVIMENTAÇÃO DE SOLO (PREDOMINANTEMENTE ARENOSO) MELHORADO COM CIMENTO - 2%, MISTURA EM PISTA, COM ESPESSURA DE 15 CM - EXCLUSIVE ESCAVAÇÃO, CARGA E TRANSPORTE E SOLO. AF_09/2024","M3",53.62]
[105576,"RECONSTRUÇÃO DE BASE E SUB-BASE PARA PAVIMENTAÇÃO DE SOLO (PREDOMINANTEMENTE ARENOSO) MELHORADO COM CIMENTO - 2%, MISTURA EM PISTA, COM ESPESSURA DE 20 CM - EXCLUSIVE ESCAVAÇÃO, CARGA E TRANSPORTE E SOLO. AF_09/2024","M3",52.51]
[105603,"RECONSTRUÇÃO DE BASE E SUB-BASE PARA PAVIMENTAÇÃO DE SOLO (PREDOMINANTEMENTE ARENOSO) MELHORADO COM CIMENTO - 2%, MISTURA EM USINA, COM ESPESSURA DE 10 CM - EXCLUSIVE CARGA E TRANSPORTE. AF_09/2024","M3",0]
[105611,"RECONSTRUÇÃO DE BASE E SUB-BASE PARA PAVIMENTAÇÃO DE SOLO (PREDOMINANTEMENTE ARENOSO) MELHORADO COM CIMENTO - 2%, MISTURA EM USINA, COM ESPESSURA DE 15 CM - EXCLUSIVE CARGA E TRANSPORTE. AF_09/2024","M3",0]
[105619,"RECONSTRUÇÃO DE BASE E SUB-BASE PARA PAVIMENTAÇÃO DE SOLO (PREDOMINANTEMENTE ARENOSO) MELHORADO COM CIMENTO - 2%, MISTURA EM USINA, COM ESPESSURA DE 20 CM - EXCLUSIVE CARGA E TRANSPORTE. AF_09/2024","M3",0]
[105573,"RECONSTRUÇÃO DE BASE E SUB-BASE PARA PAVIMENTAÇÃO DE SOLO (PREDOMINANTEMENTE ARENOSO) MELHORADO COM CIMENTO - 4%, MISTURA EM PISTA, COM ESPESSURA DE 10 CM - EXCLUSIVE ESCAVAÇÃO, CARGA E TRANSPORTE E SOLO. AF_09/2024","M3",94.72]
[105628,"RECONSTRUÇÃO DE BASE E SUB-BASE PARA PAVIMENTAÇÃO DE SOLO (PREDOMINANTEMENTE ARENOSO) MELHORADO COM CIMENTO - 4%, MISTURA EM PISTA, COM ESPESSURA DE 15 CM - EXCLUSIVE ESCAVAÇÃO, CARGA E TRANSPORTE E SOLO. AF_09/2024","M3",86.81]
[105634,"RECONSTRUÇÃO DE BASE E SUB-BASE PARA PAVIMENTAÇÃO DE SOLO (PREDOMINANTEMENTE ARENOSO) MELHORADO COM CIMENTO - 4%, MISTURA EM PISTA, COM ESPESSURA DE 20 CM - EXCLUSIVE ESCAVAÇÃO, CARGA E TRANSPORTE E SOLO. AF_09/2024","M3",85.7]
[105604,"RECONSTRUÇÃO DE BASE E SUB-BASE PARA PAVIMENTAÇÃO DE SOLO (PREDOMINANTEMENTE ARENOSO) MELHORADO COM CIMENTO - 4%, MISTURA EM USINA, COM ESPESSURA DE 10 CM - EXCLUSIVE CARGA E TRANSPORTE. AF_09/2024","M3",0]
[105612,"RECONSTRUÇÃO DE BASE E SUB-BASE PARA PAVIMENTAÇÃO DE SOLO (PREDOMINANTEMENTE ARENOSO) MELHORADO COM CIMENTO - 4%, MISTURA EM USINA, COM ESPESSURA DE 15 CM - EXCLUSIVE CARGA E TRANSPORTE. AF_09/2024","M3",0]
[105620,"RECONSTRUÇÃO DE BASE E SUB-BASE PARA PAVIMENTAÇÃO DE SOLO (PREDOMINANTEMENTE ARENOSO) MELHORADO COM CIMENTO - 4%, MISTURA EM USINA, COM ESPESSURA DE 20 CM - EXCLUSIVE CARGA E TRANSPORTE. AF_09/2024","M3",0]
[105586,"RECONSTRUÇÃO DE BASE E SUB-BASE PARA PAVIMENTAÇÃO DE SOLO (PREDOMINANTEMENTE ARGILOSO) BRITA - 40%-60%, MISTURA EM PISTA, COM ESPESSURA DE 10 CM - EXCLUSIVE ESCAVAÇÃO, CARGA E TRANSPORTE E SOLO. AF_09/2024","M3",160.74]
[105587,"RECONSTRUÇÃO DE BASE E SUB-BASE PARA PAVIMENTAÇÃO DE SOLO (PREDOMINANTEMENTE ARGILOSO) BRITA - 40%-60%, MISTURA EM PISTA, COM ESPESSURA DE 15 CM - EXCLUSIVE ESCAVAÇÃO, CARGA E TRANSPORTE E SOLO. AF_09/2024","M3",147.15]
[105589,"RECONSTRUÇÃO DE BASE E SUB-BASE PARA PAVIMENTAÇÃO DE SOLO (PREDOMINANTEMENTE ARGILOSO) BRITA - 40%-60%, MISTURA EM PISTA, COM ESPESSURA DE 20 CM - EXCLUSIVE ESCAVAÇÃO, CARGA E TRANSPORTE E SOLO. AF_09/2024","M3",145.9]
[105584,"RECONSTRUÇÃO DE BASE E SUB-BASE PARA PAVIMENTAÇÃO DE SOLO (PREDOMINANTEMENTE ARGILOSO) BRITA - 40%-60%, MISTURA EM USINA, COM ESPESSURA DE 10 CM - EXCLUSIVE CARGA E TRANSPORTE. AF_09/2024","M3",0]
[105720,"RECONSTRUÇÃO DE BASE E SUB-BASE PARA PAVIMENTAÇÃO DE SOLO (PREDOMINANTEMENTE ARGILOSO) BRITA - 40%-60%, MISTURA EM USINA, COM ESPESSURA DE 15 CM - EXCLUSIVE CARGA E TRANSPORTE. AF_09/2024","M3",0]
[105722,"RECONSTRUÇÃO DE BASE E SUB-BASE PARA PAVIMENTAÇÃO DE SOLO (PREDOMINANTEMENTE ARGILOSO) BRITA - 40%-60%, MISTURA EM USINA, COM ESPESSURA DE 20 CM - EXCLUSIVE CARGA E TRANSPORTE. AF_09/2024","M3",0]
[105593,"RECONSTRUÇÃO DE BASE E SUB-BASE PARA PAVIMENTAÇÃO DE SOLO (PREDOMINANTEMENTE ARGILOSO) BRITA - 50%-50%, MISTURA EM PISTA, COM ESPESSURA DE 10 CM - EXCLUSIVE ESCAVAÇÃO, CARGA E TRANSPORTE E SOLO. AF_09/2024","M3",142.97]
[105594,"RECONSTRUÇÃO DE BASE E SUB-BASE PARA PAVIMENTAÇÃO DE SOLO (PREDOMINANTEMENTE ARGILOSO) BRITA - 50%-50%, MISTURA EM PISTA, COM ESPESSURA DE 15 CM - EXCLUSIVE ESCAVAÇÃO, CARGA E TRANSPORTE E SOLO. AF_09/2024","M3",129.38]
[105596,"RECONSTRUÇÃO DE BASE E SUB-BASE PARA PAVIMENTAÇÃO DE SOLO (PREDOMINANTEMENTE ARGILOSO) BRITA - 50%-50%, MISTURA EM PISTA, COM ESPESSURA DE 20 CM - EXCLUSIVE ESCAVAÇÃO, CARGA E TRANSPORTE E SOLO. AF_09/2024","M3",128.13]
[105591,"RECONSTRUÇÃO DE BASE E SUB-BASE PARA PAVIMENTAÇÃO DE SOLO (PREDOMINANTEMENTE ARGILOSO) BRITA - 50%-50%, MISTURA EM USINA, COM ESPESSURA DE 10 CM - EXCLUSIVE CARGA E TRANSPORTE. AF_09/2024","M3",0]
[105724,"RECONSTRUÇÃO DE BASE E SUB-BASE PARA PAVIMENTAÇÃO DE SOLO (PREDOMINANTEMENTE ARGILOSO) BRITA - 50%-50%, MISTURA EM USINA, COM ESPESSURA DE 15 CM - EXCLUSIVE CARGA E TRANSPORTE. AF_09/2024","M3",0]
[105726,"RECONSTRUÇÃO DE BASE E SUB-BASE PARA PAVIMENTAÇÃO DE SOLO (PREDOMINANTEMENTE ARGILOSO) BRITA - 50%-50%, MISTURA EM USINA, COM ESPESSURA DE 20 CM - EXCLUSIVE CARGA E TRANSPORTE. AF_09/2024","M3",0]
[105567,"RECONSTRUÇÃO DE BASE E SUB-BASE PARA PAVIMENTAÇÃO DE SOLO DE COMPORTAMENTO LATERÍTICO (ARENOSO), COM ESPESSURA DE 10 CM - EXCLUSIVE ESCAVAÇÃO, CARGA E TRANSPORTE E SOLO. AF_09/2024","M3",14.88]
[105568,"RECONSTRUÇÃO DE BASE E SUB-BASE PARA PAVIMENTAÇÃO DE SOLO DE COMPORTAMENTO LATERÍTICO (ARENOSO), COM ESPESSURA DE 15 CM - EXCLUSIVE ESCAVAÇÃO, CARGA E TRANSPORTE E SOLO. AF_09/2024","M3",11.86]
[105570,"RECONSTRUÇÃO DE BASE E SUB-BASE PARA PAVIMENTAÇÃO DE SOLO DE COMPORTAMENTO LATERÍTICO (ARENOSO), COM ESPESSURA DE 20 CM - EXCLUSIVE ESCAVAÇÃO, CARGA E TRANSPORTE E SOLO. AF_09/2024","M3",9.8000000000000007]
[100575,"REGULARIZAÇÃO DE SUPERFÍCIES COM MOTONIVELADORA. AF_09/2024","M2",1.89]
[100577,"REGULARIZAÇÃO E COMPACTAÇÃO DE SUBLEITO DE SOLO PREDOMINANTEMENTE ARENOSO, PARA OBRAS DE CONSTRUÇÃO DE PAVIMENTOS. AF_09/2024","M2",0.47]
[105598,"REGULARIZAÇÃO E COMPACTAÇÃO DE SUBLEITO DE SOLO PREDOMINANTEMENTE ARENOSO, PARA OBRAS DE RECONSTRUÇÃO DE PAVIMENTOS. AF_09/2024","M2",1.92]
[100576,"REGULARIZAÇÃO E COMPACTAÇÃO DE SUBLEITO DE SOLO PREDOMINANTEMENTE ARGILOSO, PARA OBRAS DE CONSTRUÇÃO DE PAVIMENTOS. AF_09/2024","M2",2.04]
[105597,"REGULARIZAÇÃO E COMPACTAÇÃO DE SUBLEITO DE SOLO PREDOMINANTEMENTE ARGILOSO, PARA OBRAS DE RECONSTRUÇÃO DE PAVIMENTOS. AF_09/2024","M2",3.82]
[102730,"ARMAÇÃO DE MURO ALA E MURO TESTA UTILIZANDO AÇO CA-50 DE 10 MM - MONTAGEM. AF_07/2021","KG",11.67]
[102731,"ARMAÇÃO DE MURO ALA E MURO TESTA UTILIZANDO AÇO CA-50 DE 12,5 MM - MONTAGEM. AF_07/2021","KG",9.76]
[102732,"ARMAÇÃO DE MURO ALA E MURO TESTA UTILIZANDO AÇO CA-50 DE 16 MM - MONTAGEM. AF_07/2021","KG",9.15]
[102733,"ARMAÇÃO DE MURO ALA E MURO TESTA UTILIZANDO AÇO CA-50 DE 20 MM - MONTAGEM. AF_07/2021","KG",10.1]
[102728,"ARMAÇÃO DE MURO ALA E MURO TESTA UTILIZANDO AÇO CA-50 DE 6,3 MM - MONTAGEM. AF_07/2021","KG",14.34]
[102729,"ARMAÇÃO DE MURO ALA E MURO TESTA UTILIZANDO AÇO CA-50 DE 8 MM - MONTAGEM. AF_07/2021","KG",13.18]
[102734,"ARMAÇÃO DE SOLEIRA UTILIZANDO AÇO CA-50 DE 6,3 MM - MONTAGEM. AF_07/2021","KG",13.36]
[102735,"ARMAÇÃO DE SOLEIRA UTILIZANDO AÇO CA-50 DE 8 MM - MONTAGEM. AF_07/2021","KG",12.33]
[102765,"BOCA PARA BUEIRO DUPLO CELULAR 150 X 150 CM EM CONCRETO, ALAS COM ESCONSIDADE DE 30°, INCLUINDO FÔRMAS E MATERIAIS. AF_07/2021","UN",16401.53]
[102795,"BOCA PARA BUEIRO DUPLO CELULAR 150 X 150 CM EM GABIÃO, ALAS COM ESCONSIDADE DE 45°, INCLUINDO FÔRMAS E MATERIAIS. AF_07/2021","UN",32763.1]
[102766,"BOCA PARA BUEIRO DUPLO CELULAR 200 X 200 CM EM CONCRETO, ALAS COM ESCONSIDADE DE 30°, INCLUINDO FÔRMAS E MATERIAIS. AF_07/2021","UN",24729.05]
[102796,"BOCA PARA BUEIRO DUPLO CELULAR 200 X 200 CM EM GABIÃO, ALAS COM ESCONSIDADE DE 45°, INCLUINDO FÔRMAS E MATERIAIS. AF_07/2021","UN",52865.96]
[102767,"BOCA PARA BUEIRO DUPLO CELULAR 250 X 250 CM EM CONCRETO, ALAS COM ESCONSIDADE DE 30°, INCLUINDO FÔRMAS E MATERIAIS. AF_07/2021","UN",34525.199999999997]
[102797,"BOCA PARA BUEIRO DUPLO CELULAR 250 X 250 CM EM GABIÃO, ALAS COM ESCONSIDADE DE 45°, INCLUINDO FÔRMAS E MATERIAIS. AF_07/2021","UN",74920.66]
[102768,"BOCA PARA BUEIRO DUPLO CELULAR 300 X 300 CM EM CONCRETO, ALAS COM ESCONSIDADE DE 30°, INCLUINDO FÔRMAS E MATERIAIS. AF_07/2021","UN",48226.29]
[102798,"BOCA PARA BUEIRO DUPLO CELULAR 300 X 300 CM EM GABIÃO, ALAS COM ESCONSIDADE DE 45°, INCLUINDO FÔRMAS E MATERIAIS. AF_07/2021","UN",91768.26]
[102744,"BOCA PARA BUEIRO DUPLO TUBULAR D = 100 CM EM CONCRETO, ALAS COM ESCONSIDADE DE 0°, INCLUINDO FÔRMAS E MATERIAIS. AF_07/2021","UN",6889.84]
[102755,"BOCA PARA BUEIRO DUPLO TUBULAR D = 100 CM EM CONCRETO, ALAS COM ESCONSIDADE DE 30°, INCLUINDO FÔRMAS E MATERIAIS. AF_07/2021","UN",10668.9]
[102782,"BOCA PARA BUEIRO DUPLO TUBULAR D = 100 CM EM GABIÃO, ALAS COM ESCONSIDADE DE 45°, INCLUINDO FÔRMAS E MATERIAIS. AF_07/2021","UN",15978.19]
[102745,"BOCA PARA BUEIRO DUPLO TUBULAR D = 120 CM EM CONCRETO, ALAS COM ESCONSIDADE DE 0°, INCLUINDO FÔRMAS E MATERIAIS. AF_07/2021","UN",9679.3799999999992]
[102756,"BOCA PARA BUEIRO DUPLO TUBULAR D = 120 CM EM CONCRETO, ALAS COM ESCONSIDADE DE 30°, INCLUINDO FÔRMAS E MATERIAIS. AF_07/2021","UN",15834.09]
[102783,"BOCA PARA BUEIRO DUPLO TUBULAR D = 120 CM EM GABIÃO, ALAS COM ESCONSIDADE DE 45°, INCLUINDO FÔRMAS E MATERIAIS. AF_07/2021","UN",21195.27]
[102746,"BOCA PARA BUEIRO DUPLO TUBULAR D = 150 CM EM CONCRETO, ALAS COM ESCONSIDADE DE 0°, INCLUINDO FÔRMAS E MATERIAIS. AF_07/2021","UN",16778.38]
[102757,"BOCA PARA BUEIRO DUPLO TUBULAR D = 150 CM EM CONCRETO, ALAS COM ESCONSIDADE DE 30°, INCLUINDO FÔRMAS E MATERIAIS. AF_07/2021","UN",29462.67]
[102784,"BOCA PARA BUEIRO DUPLO TUBULAR D = 150 CM EM GABIÃO, ALAS COM ESCONSIDADE DE 45°, INCLUINDO FÔRMAS E MATERIAIS. AF_07/2021","UN",32969.019999999997]
[102779,"BOCA PARA BUEIRO DUPLO TUBULAR D = 40 CM EM GABIÃO, ALAS COM ESCONSIDADE DE 45°, INCLUINDO FÔRMAS E MATERIAIS. AF_07/2021","UN",8408.18]
[102780,"BOCA PARA BUEIRO DUPLO TUBULAR D = 60 CM EM GABIÃO, ALAS COM ESCONSIDADE DE 45°, INCLUINDO FÔRMAS E MATERIAIS. AF_07/2021","UN",9672.4500000000007]
[102743,"BOCA PARA BUEIRO DUPLO TUBULAR D = 80 CM EM CONCRETO, ALAS COM ESCONSIDADE DE 0°, INCLUINDO FÔRMAS E MATERIAIS. AF_07/2021","UN",4602.46]
[102781,"BOCA PARA BUEIRO DUPLO TUBULAR D = 80 CM EM GABIÃO, ALAS COM ESCONSIDADE DE 45°, INCLUINDO FÔRMAS E MATERIAIS. AF_07/2021","UN",14367.81]
[102761,"BOCA PARA BUEIRO SIMPLES CELULAR 150 X 150 CM EM CONCRETO, ALAS COM ESCONSIDADE DE 30°, INCLUINDO FÔRMAS E MATERIAIS. AF_07/2021","UN",13124.6]
[102791,"BOCA PARA BUEIRO SIMPLES CELULAR 150 X 150 CM EM GABIÃO, ALAS COM ESCONSIDADE DE 45°, INCLUINDO FÔRMAS E MATERIAIS. AF_07/2021","UN",30731.27]
[102762,"BOCA PARA BUEIRO SIMPLES CELULAR 200 X 200 CM EM CONCRETO, ALAS COM ESCONSIDADE DE 30°, INCLUINDO FÔRMAS E MATERIAIS. AF_07/2021","UN",20288.169999999998]
[102792,"BOCA PARA BUEIRO SIMPLES CELULAR 200 X 200 CM EM GABIÃO, ALAS COM ESCONSIDADE DE 45°, INCLUINDO FÔRMAS E MATERIAIS. AF_07/2021","UN",50005.46]
[102763,"BOCA PARA BUEIRO SIMPLES CELULAR 250 X 250 CM EM CONCRETO, ALAS COM ESCONSIDADE DE 30°, INCLUINDO FÔRMAS E MATERIAIS. AF_07/2021","UN",28178.63]
[102793,"BOCA PARA BUEIRO SIMPLES CELULAR 250 X 250 CM EM GABIÃO, ALAS COM ESCONSIDADE DE 45°, INCLUINDO FÔRMAS E MATERIAIS. AF_07/2021","UN",67305.289999999994]
[102764,"BOCA PARA BUEIRO SIMPLES CELULAR 300 X 300 CM EM CONCRETO, ALAS COM ESCONSIDADE DE 30°, INCLUINDO FÔRMAS E MATERIAIS. AF_07/2021","UN",39733.07]
[102794,"BOCA PARA BUEIRO SIMPLES CELULAR 300 X 300 CM EM GABIÃO, ALAS COM ESCONSIDADE DE 45°, INCLUINDO FÔRMAS E MATERIAIS. AF_07/2021","UN",96519.88]
[102740,"BOCA PARA BUEIRO SIMPLES TUBULAR D = 100 CM EM CONCRETO, ALAS COM ESCONSIDADE DE 0°, INCLUINDO FÔRMAS E MATERIAIS. AF_07/2021","UN",5673.81]
[102752,"BOCA PARA BUEIRO SIMPLES TUBULAR D = 100 CM EM CONCRETO, ALAS COM ESCONSIDADE DE 30°, INCLUINDO FÔRMAS E MATERIAIS. AF_07/2021","UN",7628.37]
[102776,"BOCA PARA BUEIRO SIMPLES TUBULAR D = 100 CM EM GABIÃO, ALAS COM ESCONSIDADE DE 45°, INCLUINDO FÔRMAS E MATERIAIS. AF_07/2021","UN",12581.84]
[102741,"BOCA PARA BUEIRO SIMPLES TUBULAR D = 120 CM EM CONCRETO, ALAS COM ESCONSIDADE DE 0°, INCLUINDO FÔRMAS E MATERIAIS. AF_07/2021","UN",7961.36]
[102753,"BOCA PARA BUEIRO SIMPLES TUBULAR D = 120 CM EM CONCRETO, ALAS COM ESCONSIDADE DE 30°, INCLUINDO FÔRMAS E MATERIAIS. AF_07/2021","UN",11286.62]
[102777,"BOCA PARA BUEIRO SIMPLES TUBULAR D = 120 CM EM GABIÃO, ALAS COM ESCONSIDADE DE 45°, INCLUINDO FÔRMAS E MATERIAIS. AF_07/2021","UN",19063.18]
[102742,"BOCA PARA BUEIRO SIMPLES TUBULAR D = 150 CM EM CONCRETO, ALAS COM ESCONSIDADE DE 0°, INCLUINDO FÔRMAS E MATERIAIS. AF_07/2021","UN",13784.17]
[102754,"BOCA PARA BUEIRO SIMPLES TUBULAR D = 150 CM EM CONCRETO, ALAS COM ESCONSIDADE DE 30°, INCLUINDO FÔRMAS E MATERIAIS. AF_07/2021","UN",21462.33]
[102778,"BOCA PARA BUEIRO SIMPLES TUBULAR D = 150 CM EM GABIÃO, ALAS COM ESCONSIDADE DE 45°, INCLUINDO FÔRMAS E MATERIAIS. AF_07/2021","UN",28333.74]
[102737,"BOCA PARA BUEIRO SIMPLES TUBULAR D = 40 CM EM CONCRETO, ALAS COM ESCONSIDADE DE 0°, INCLUINDO FÔRMAS E MATERIAIS. AF_07/2021","UN",1105.3699999999999]
[102773,"BOCA PARA BUEIRO SIMPLES TUBULAR D = 40 CM EM GABIÃO, ALAS COM ESCONSIDADE DE 45°, INCLUINDO FÔRMAS E MATERIAIS. AF_07/2021","UN",8408.18]
[102738,"BOCA PARA BUEIRO SIMPLES TUBULAR D = 60 CM EM CONCRETO, ALAS COM ESCONSIDADE DE 0°, INCLUINDO FÔRMAS E MATERIAIS. AF_07/2021","UN",2263.81]
[102750,"BOCA PARA BUEIRO SIMPLES TUBULAR D = 60 CM EM CONCRETO, ALAS COM ESCONSIDADE DE 30°, INCLUINDO FÔRMAS E MATERIAIS. AF_07/2021","UN",2760.09]
[102774,"BOCA PARA BUEIRO SIMPLES TUBULAR D = 60 CM EM GABIÃO, ALAS COM ESCONSIDADE DE 45°, INCLUINDO FÔRMAS E MATERIAIS. AF_07/2021","UN",8408.18]
[102739,"BOCA PARA BUEIRO SIMPLES TUBULAR D = 80 CM EM CONCRETO, ALAS COM ESCONSIDADE DE 0°, INCLUINDO FÔRMAS E MATERIAIS. AF_07/2021","UN",3787.24]
[102751,"BOCA PARA BUEIRO SIMPLES TUBULAR D = 80 CM EM CONCRETO, ALAS COM ESCONSIDADE DE 30°, INCLUINDO FÔRMAS E MATERIAIS. AF_07/2021","UN",4790.99]
[102775,"BOCA PARA BUEIRO SIMPLES TUBULAR D = 80 CM EM GABIÃO, ALAS COM ESCONSIDADE DE 45°, INCLUINDO FÔRMAS E MATERIAIS. AF_07/2021","UN",12581.84]
[102769,"BOCA PARA BUEIRO TRIPLO CELULAR 150 X 150 CM EM CONCRETO, ALAS COM ESCONSIDADE DE 30°, INCLUINDO FÔRMAS E MATERIAIS. AF_07/2021","UN",19040.22]
[102799,"BOCA PARA BUEIRO TRIPLO CELULAR 150 X 150 CM EM GABIÃO, ALAS COM ESCONSIDADE DE 45°, INCLUINDO FÔRMAS E MATERIAIS. AF_07/2021","UN",33458.71]
[102770,"BOCA PARA BUEIRO TRIPLO CELULAR 200 X 200 CM EM CONCRETO, ALAS COM ESCONSIDADE DE 30°, INCLUINDO FÔRMAS E MATERIAIS. AF_07/2021","UN",29220.05]
[102800,"BOCA PARA BUEIRO TRIPLO CELULAR 200 X 200 CM EM GABIÃO, ALAS COM ESCONSIDADE DE 45°, INCLUINDO FÔRMAS E MATERIAIS. AF_07/2021","UN",58009.14]
[102771,"BOCA PARA BUEIRO TRIPLO CELULAR 250 X 250 CM EM CONCRETO, ALAS COM ESCONSIDADE DE 30°, INCLUINDO FÔRMAS E MATERIAIS. AF_07/2021","UN",40780.18]
[102801,"BOCA PARA BUEIRO TRIPLO CELULAR 250 X 250 CM EM GABIÃO, ALAS COM ESCONSIDADE DE 45°, INCLUINDO FÔRMAS E MATERIAIS. AF_07/2021","UN",81196.42]
[102772,"BOCA PARA BUEIRO TRIPLO CELULAR 300 X 300 CM EM CONCRETO, ALAS COM ESCONSIDADE DE 30°, INCLUINDO FÔRMAS E MATERIAIS. AF_07/2021","UN",57274.53]
[102802,"BOCA PARA BUEIRO TRIPLO CELULAR 300 X 300 CM EM GABIÃO, ALAS COM ESCONSIDADE DE 45°, INCLUINDO FÔRMAS E MATERIAIS. AF_07/2021","UN",97403.16]
[102747,"BOCA PARA BUEIRO TRIPLO TUBULAR D = 100 CM EM CONCRETO, ALAS COM ESCONSIDADE DE 0°, INCLUINDO FÔRMAS E MATERIAIS. AF_07/2021","UN",8564.99]
[102758,"BOCA PARA BUEIRO TRIPLO TUBULAR D = 100 CM EM CONCRETO, ALAS COM ESCONSIDADE DE 30°, INCLUINDO FÔRMAS E MATERIAIS. AF_07/2021","UN",13723.11]
[102788,"BOCA PARA BUEIRO TRIPLO TUBULAR D = 100 CM EM GABIÃO, ALAS COM ESCONSIDADE DE 45°, INCLUINDO FÔRMAS E MATERIAIS. AF_07/2021","UN",17555.64]
[102748,"BOCA PARA BUEIRO TRIPLO TUBULAR D = 120 CM EM CONCRETO, ALAS COM ESCONSIDADE DE 0°, INCLUINDO FÔRMAS E MATERIAIS. AF_07/2021","UN",11980.12]
[102759,"BOCA PARA BUEIRO TRIPLO TUBULAR D = 120 CM EM CONCRETO, ALAS COM ESCONSIDADE DE 30°, INCLUINDO FÔRMAS E MATERIAIS. AF_07/2021","UN",20402.240000000002]
[102789,"BOCA PARA BUEIRO TRIPLO TUBULAR D = 120 CM EM GABIÃO, ALAS COM ESCONSIDADE DE 45°, INCLUINDO FÔRMAS E MATERIAIS. AF_07/2021","UN",23129.8]
[102749,"BOCA PARA BUEIRO TRIPLO TUBULAR D = 150 CM EM CONCRETO, ALAS COM ESCONSIDADE DE 0°, INCLUINDO FÔRMAS E MATERIAIS. AF_07/2021","UN",20568.48]
[102760,"BOCA PARA BUEIRO TRIPLO TUBULAR D = 150 CM EM CONCRETO, ALAS COM ESCONSIDADE DE 30°, INCLUINDO FÔRMAS E MATERIAIS. AF_07/2021","UN",37611.67]
[102790,"BOCA PARA BUEIRO TRIPLO TUBULAR D = 150 CM EM GABIÃO, ALAS COM ESCONSIDADE DE 45°, INCLUINDO FÔRMAS E MATERIAIS. AF_07/2021","UN",38153.050000000003]
[102785,"BOCA PARA BUEIRO TRIPLO TUBULAR D = 40 CM EM GABIÃO, ALAS COM ESCONSIDADE DE 45°, INCLUINDO FÔRMAS E MATERIAIS. AF_07/2021","UN",9672.4500000000007]
[102786,"BOCA PARA BUEIRO TRIPLO TUBULAR D = 60 CM EM GABIÃO, ALAS COM ESCONSIDADE DE 45°, INCLUINDO FÔRMAS E MATERIAIS. AF_07/2021","UN",10761.12]
[102787,"BOCA PARA BUEIRO TRIPLO TUBULAR D = 80 CM EM GABIÃO, ALAS COM ESCONSIDADE DE 45°, INCLUINDO FÔRMAS E MATERIAIS. AF_07/2021","UN",15978.19]
[102736,"CONCRETAGEM DE BOCA PARA BUEIRO, FCK = 20 MPA, COM USO DE BOMBA - LANÇAMENTO, ADENSAMENTO E ACABAMENTO. AF_07/2021","M3",701.27]
[102727,"FABRICAÇÃO, MONTAGEM E DESMONTAGEM DE FÔRMA PARA BOCA PARA BUEIRO, EM CHAPA DE MADEIRA COMPENSADA RESINADA, E = 17 MM, 2 UTILIZAÇÕES. AF_07/2021","M2",98.4]
[102112,"BOMBA CENTRÍFUGA, MONOFÁSICA, 0,5 CV OU 0,49 HP, HM 6 A 20 M, Q 1,2 A 8,3 M3/H (NÃO INCLUI O FORNECIMENTO DA BOMBA). AF_12/2020","UN",143.93]
[102111,"BOMBA CENTRÍFUGA, MONOFÁSICA, 0,5 CV OU 0,49 HP, HM 6 A 20 M, Q 1,2 A 8,3 M3/H - FORNECIMENTO E INSTALAÇÃO. AF_12/2020","UN",1257.28]
[102114,"BOMBA CENTRÍFUGA, TRIFÁSICA, 1 CV OU 0,99 HP, HM 14 A 40 M, Q 0,6 A 8,4 M3/H (NÃO INCLUI O FORNECIMENTO DA BOMBA). AF_12/2020","UN",147.57]
[102113,"BOMBA CENTRÍFUGA, TRIFÁSICA, 1 CV OU 0,99 HP, HM 14 A 40 M, Q 0,6 A 8,4 M3/H - FORNECIMENTO E INSTALAÇÃO. AF_12/2020","UN",2024.32]
[102117,"BOMBA CENTRÍFUGA, TRIFÁSICA, 1,5 CV OU 1,48 HP (NÃO INCLUI O FORNECIMENTO DA BOMBA). AF_12/2020","UN",151.97]
[102116,"BOMBA CENTRÍFUGA, TRIFÁSICA, 1,5 CV OU 1,48 HP, HM 10 A 24 M, Q 6,1 A 21,9 M3/H - FORNECIMENTO E INSTALAÇÃO. AF_12/2020","UN",2163.84]
[102132,"BOMBA CENTRÍFUGA, TRIFÁSICA, 1,5 CV OU 1,48 HP, HM 10 A 24 M, Q 6,1 A 21,9 M3/H, 2 UNIDADES, INCLUSO QUADRO ELÉTRICO - FORNECIMENTO E INSTALAÇÃO. AF_12/2020","UN",0]
[102115,"BOMBA CENTRÍFUGA, TRIFÁSICA, 1,5 CV OU 1,48 HP, HM 10 A 70 M, Q 1,8 A 5,3 M3/H - FORNECIMENTO E INSTALAÇÃO. AF_12/2020","UN",3545.38]
[102123,"BOMBA CENTRÍFUGA, TRIFÁSICA, 10 CV OU 9,86 HP, HM 85 A 140 M, Q 4,2 A 14,9 M3/H (NÃO INCLUI O FORNECIMENTO DA BOMBA). AF_12/2020","UN",206.75]
[102122,"BOMBA CENTRÍFUGA, TRIFÁSICA, 10 CV OU 9,86 HP, HM 85 A 140 M, Q 4,2 A 14,9 M3/H - FORNECIMENTO E INSTALAÇÃO. AF_12/2020","UN",10107.290000000001]
[102119,"BOMBA CENTRÍFUGA, TRIFÁSICA, 3 CV OU 2,96 HP, HM 34 A 40 M, Q 8,6 A 14,8 M3/H (NÃO INCLUI O FORNECIMENTO DA BOMBA). AF_12/2020","UN",155.77000000000001]
[102118,"BOMBA CENTRÍFUGA, TRIFÁSICA, 3 CV OU 2,96 HP, HM 34 A 40 M, Q 8,6 A 14,8 M3/H - FORNECIMENTO E INSTALAÇÃO. AF_12/2020","UN",2962.96]
[102133,"BOMBA CENTRÍFUGA, TRIFÁSICA, 3 CV OU 2,96 HP, HM 34 A 40 M, Q 8,6 A 14,8 M3/H, 2 UNIDADES, INCLUSO QUADRO ELÉTRICO - FORNECIMENTO E INSTALAÇÃO. AF_12/2020","UN",0]
[102127,"BOMBA SUBMERSÍVEL, TRIFÁSICA, 3,80 CV OU 3,75 HP, HM 5 A 25,5 M, Q 3,6 A 61,2 M3/H (NÃO INCLUI O FORNECIMENTO DA BOMBA). AF_12/2020","UN",0]
[102126,"BOMBA SUBMERSÍVEL, TRIFÁSICA, 3,80 CV OU 3,75 HP, HM 5 A 25,5 M, Q 3,6 A 61,2 M3/H - FORNECIMENTO E INSTALAÇÃO. AF_12/2020","UN",0]
[102137,"CHAVE DE BOIA AUTOMÁTICA SUPERIOR/INFERIOR 15A/250V - FORNECIMENTO E INSTALAÇÃO. AF_12/2020","UN",89.42]
[102136,"INSTALAÇÃO DE QUADRO ELÉTRICO PARA BOMBAS TRIFÁSICAS ATÉ 25 CV (NÃO INCLUI O FORNECIMENTO DO QUADRO). AF_12/2020","UN",74.91]
[102121,"MOTO BOMBA HORIZONTAL ATÉ 10 CV, HM 75 A 80 M, Q 25,4 A 48 (NÃO INCLUI O FORNECIMENTO DA BOMBA). AF_12/2020","UN",195.45]
[102120,"MOTO BOMBA HORIZONTAL ATÉ 10 CV, HM 75 A 80 M, Q 25,4 A 48 - FORNECIMENTO E INSTALAÇÃO. AF_12/2020","UN",0]
[102138,"MOTO BOMBA HORIZONTAL DE 12,5 A 25 CV, HM 140 M (NÃO INCLUI O FORNECIMENTO DA BOMBA). AF_12/2020","UN",225.16]
[102334,"MOTO BOMBA HORIZONTAL DE 12,5 A 25CV, HM 140 M - FORNECIMENTO E INSTALAÇÃO. AF_12/2020","UN",0]
[102129,"MOTO BOMBA SUBMERSÍVEL ATÉ 10 CV, HM 21 M (NÃO INCLUI O FORNECIMENTO DA BOMBA). AF_12/2020","UN",0]
[102128,"MOTO BOMBA SUBMERSÍVEL ATÉ 10 CV, HM 21 M - FORNECIMENTO E INSTALAÇÃO. AF_12/2020","UN",0]
[102131,"MOTO BOMBA SUBMERSÍVEL DE 11 A 25 CV, HM 33 M (NÃO INCLUI O FORNECIMENTO DA BOMBA). AF_12/2020","UN",0]
[102130,"MOTO BOMBA SUBMERSÍVEL DE 11 A 25 CV, HM 33 M - FORNECIMENTO E INSTALAÇÃO. AF_12/2020","UN",0]
[102134,"QUADRO ELÉTRICO PARA 2 BOMBAS CENTRÍFUGAS TRIFÁSICAS 1,5 CV - FORNECIMENTO E INSTALAÇÃO. AF_12/2020","UN",0]
[102135,"QUADRO ELÉTRICO PARA 2 BOMBAS CENTRÍFUGAS TRIFÁSICAS 3 CV - FORNECIMENTO E INSTALAÇÃO. AF_12/2020","UN",0]
[104941,"FORNECIMENTO E INSTALAÇÃO DE BRISE DE ALUMÍNIO B57, COM PINTURA ELETROSTÁTICA BRANCA, ACABAMENTO LISO, FIXADO EM PORTA-PAINEL RANHURADO. AF_03/2024","M2",0]
[104942,"FORNECIMENTO E INSTALAÇÃO DE BRISE DE ALUZINC SL4, COM PINTURA ELETROSTÁTICA BRANCA, INCLINAÇÃO DE 45°, ACABAMENTO LISO, FIXADO EM PORTA-PAINEL RANHURADO. AF_03/2024","M2",0]
[104940,"FORNECIMENTO E INSTALAÇÃO DE CAIXA DE ALUMÍNIO PROTETORA PARA CONDENSADORA DE AR-CONDICIONADO, PINTURA ELETROSTÁTICA BRANCA, DIMENSÕES 100 CM X 78 CM X 50 CM. AF_03/2024","UN",0]
[104943,"FORNECIMENTO E INSTALAÇÃO DE CONJUNTO DE BRISE EM REQUADRO DE ALUMÍNIO DESLIZANTE, COM PERFIS INTERNOS TUBULARES FIXOS, COM PINTURA ELETROSTÁTICA BRANCA, ACABAMENTO, 150 CM X 265 CM. AF_03/2024","M2",0]
[101801,"CAIXA COM GRELHA RETANGULAR DE FERRO FUNDIDO, EM ALVENARIA COM BLOCOS DE CONCRETO, DIMENSÕES INTERNAS: 0,30 X 1,00 X 1,00. AF_12/2020","UN",997.49]
[101800,"CAIXA COM GRELHA RETANGULAR DE FERRO FUNDIDO, EM ALVENARIA COM TIJOLOS CERÂMICOS MACIÇOS, DIMENSÕES INTERNAS: 0,30 X 1,00 X 1,00. AF_12/2020","UN",1362.35]
[98108,"CAIXA DE GORDURA DUPLA (CAPACIDADE: 126 L), RETANGULAR, EM ALVENARIA COM BLOCOS DE CONCRETO, DIMENSÕES INTERNAS = 0,4X0,7 M, ALTURA INTERNA = 0,8 M. AF_12/2020","UN",497.82]
[98105,"CAIXA DE GORDURA DUPLA (CAPACIDADE: 126 L), RETANGULAR, EM ALVENARIA COM TIJOLOS CERÂMICOS MACIÇOS, DIMENSÕES INTERNAS = 0,4X0,7 M, ALTURA INTERNA = 0,8 M. AF_12/2020","UN",627.34]
[98109,"CAIXA DE GORDURA ESPECIAL (CAPACIDADE: 312 L - PARA ATÉ 146 PESSOAS SERVIDAS NO PICO), RETANGULAR, EM ALVENARIA COM BLOCOS DE CONCRETO, DIMENSÕES INTERNAS = 0,4X1,2 M, ALTURA INTERNA = 1 M. AF_12/2020","UN",808.3]
[98106,"CAIXA DE GORDURA ESPECIAL (CAPACIDADE: 312 L - PARA ATÉ 146 PESSOAS SERVIDAS NO PICO), RETANGULAR, EM ALVENARIA COM TIJOLOS CERÂMICOS MACIÇOS, DIMENSÕES INTERNAS = 0,4X1,2 M, ALTURA INTERNA = 1 M. AF_12/2020","UN",1032.96]
[98110,"CAIXA DE GORDURA PEQUENA (CAPACIDADE: 19 L), CIRCULAR, EM PVC, DIÂMETRO INTERNO= 0,3 M. AF_12/2020","UN",355.95]
[98107,"CAIXA DE GORDURA SIMPLES (CAPACIDADE: 36 L), RETANGULAR, EM ALVENARIA COM BLOCOS DE CONCRETO, DIMENSÕES INTERNAS = 0,2X0,4 M, ALTURA INTERNA = 0,8 M. AF_12/2020","UN",279.11]
[98104,"CAIXA DE GORDURA SIMPLES (CAPACIDADE: 36L), RETANGULAR, EM ALVENARIA COM TIJOLOS CERÂMICOS MACIÇOS, DIMENSÕES INTERNAS = 0,2X0,4 M, ALTURA INTERNA = 0,8 M. AF_12/2020","UN",359.29]
[98102,"CAIXA DE GORDURA SIMPLES, CIRCULAR, EM CONCRETO PRÉ-MOLDADO, DIÂMETRO INTERNO = 0,4 M, ALTURA INTERNA = 0,4 M. AF_12/2020","UN",157.38999999999999]
[98111,"CAIXA DE INSPEÇÃO PARA ATERRAMENTO, CIRCULAR, EM POLIETILENO, DIÂMETRO INTERNO = 0,3 M. AF_12/2020","UN",49.09]
[97891,"CAIXA ENTERRADA ELÉTRICA RETANGULAR, EM ALVENARIA COM BLOCOS DE CONCRETO, FUNDO COM BRITA, DIMENSÕES INTERNAS: 0,4X0,4X0,4 M. AF_12/2020","UN",207.87]
[97892,"CAIXA ENTERRADA ELÉTRICA RETANGULAR, EM ALVENARIA COM BLOCOS DE CONCRETO, FUNDO COM BRITA, DIMENSÕES INTERNAS: 0,6X0,6X0,6 M. AF_12/2020","UN",389.84]
[97893,"CAIXA ENTERRADA ELÉTRICA RETANGULAR, EM ALVENARIA COM BLOCOS DE CONCRETO, FUNDO COM BRITA, DIMENSÕES INTERNAS: 0,8X0,8X0,6 M. AF_12/2020","UN",538.76]
[97894,"CAIXA ENTERRADA ELÉTRICA RETANGULAR, EM ALVENARIA COM BLOCOS DE CONCRETO, FUNDO COM BRITA, DIMENSÕES INTERNAS: 1X1X0,6 M. AF_12/2020","UN",599]
[97886,"CAIXA ENTERRADA ELÉTRICA RETANGULAR, EM ALVENARIA COM TIJOLOS CERÂMICOS MACIÇOS, FUNDO COM BRITA, DIMENSÕES INTERNAS: 0,3X0,3X0,3 M. AF_12/2020","UN",164.16]
[97887,"CAIXA ENTERRADA ELÉTRICA RETANGULAR, EM ALVENARIA COM TIJOLOS CERÂMICOS MACIÇOS, FUNDO COM BRITA, DIMENSÕES INTERNAS: 0,4X0,4X0,4 M. AF_12/2020","UN",258.02999999999997]
[97888,"CAIXA ENTERRADA ELÉTRICA RETANGULAR, EM ALVENARIA COM TIJOLOS CERÂMICOS MACIÇOS, FUNDO COM BRITA, DIMENSÕES INTERNAS: 0,6X0,6X0,6 M. AF_12/2020","UN",495.9]
[97889,"CAIXA ENTERRADA ELÉTRICA RETANGULAR, EM ALVENARIA COM TIJOLOS CERÂMICOS MACIÇOS, FUNDO COM BRITA, DIMENSÕES INTERNAS: 0,8X0,8X0,6 M. AF_12/2020","UN",674.03]
[97890,"CAIXA ENTERRADA ELÉTRICA RETANGULAR, EM ALVENARIA COM TIJOLOS CERÂMICOS MACIÇOS, FUNDO COM BRITA, DIMENSÕES INTERNAS: 1X1X0,6 M. AF_12/2020","UN",762.89]
[97881,"CAIXA ENTERRADA ELÉTRICA RETANGULAR, EM CONCRETO PRÉ-MOLDADO, FUNDO COM BRITA, DIMENSÕES INTERNAS: 0,3X0,3X0,3 M. AF_12/2020","UN",125.91]
[97882,"CAIXA ENTERRADA ELÉTRICA RETANGULAR, EM CONCRETO PRÉ-MOLDADO, FUNDO COM BRITA, DIMENSÕES INTERNAS: 0,4X0,4X0,4 M. AF_12/2020","UN",197.74]
[97883,"CAIXA ENTERRADA ELÉTRICA RETANGULAR, EM CONCRETO PRÉ-MOLDADO, FUNDO COM BRITA, DIMENSÕES INTERNAS: 0,6X0,6X0,5 M. AF_12/2020","UN",382.31]
[97884,"CAIXA ENTERRADA ELÉTRICA RETANGULAR, EM CONCRETO PRÉ-MOLDADO, FUNDO COM BRITA, DIMENSÕES INTERNAS: 0,8X0,8X0,5 M. AF_12/2020","UN",744.99]
[97885,"CAIXA ENTERRADA ELÉTRICA RETANGULAR, EM CONCRETO PRÉ-MOLDADO, FUNDO COM BRITA, DIMENSÕES INTERNAS: 1X1X0,5 M. AF_12/2020","UN",1145.1300000000001]
[99250,"CAIXA ENTERRADA HIDRÁULICA RETANGULAR EM ALVENARIA COM TIJOLOS CERÂMICOS MACIÇOS, DIMENSÕES INTERNAS: 0,3X0,3X0,3 M PARA REDE DE DRENAGEM. AF_12/2020","UN",181.14]
[97900,"CAIXA ENTERRADA HIDRÁULICA RETANGULAR EM ALVENARIA COM TIJOLOS CERÂMICOS MACIÇOS, DIMENSÕES INTERNAS: 0,3X0,3X0,3 M PARA REDE DE ESGOTO. AF_12/2020","UN",185.24]
[99251,"CAIXA ENTERRADA HIDRÁULICA RETANGULAR EM ALVENARIA COM TIJOLOS CERÂMICOS MACIÇOS, DIMENSÕES INTERNAS: 0,4X0,4X0,4 M PARA REDE DE DRENAGEM. AF_12/2020","UN",282.69]
[97901,"CAIXA ENTERRADA HIDRÁULICA RETANGULAR EM ALVENARIA COM TIJOLOS CERÂMICOS MACIÇOS, DIMENSÕES INTERNAS: 0,4X0,4X0,4 M PARA REDE DE ESGOTO. AF_12/2020","UN",289.73]
[99253,"CAIXA ENTERRADA HIDRÁULICA RETANGULAR EM ALVENARIA COM TIJOLOS CERÂMICOS MACIÇOS, DIMENSÕES INTERNAS: 0,6X0,6X0,6 M PARA REDE DE DRENAGEM. AF_12/2020","UN",543.52]
[97902,"CAIXA ENTERRADA HIDRÁULICA RETANGULAR EM ALVENARIA COM TIJOLOS CERÂMICOS MACIÇOS, DIMENSÕES INTERNAS: 0,6X0,6X0,6 M PARA REDE DE ESGOTO. AF_12/2020","UN",559.33000000000004]
[99255,"CAIXA ENTERRADA HIDRÁULICA RETANGULAR EM ALVENARIA COM TIJOLOS CERÂMICOS MACIÇOS, DIMENSÕES INTERNAS: 0,8X0,8X0,6 M PARA REDE DE DRENAGEM. AF_12/2020","UN",758.17]
[97903,"CAIXA ENTERRADA HIDRÁULICA RETANGULAR EM ALVENARIA COM TIJOLOS CERÂMICOS MACIÇOS, DIMENSÕES INTERNAS: 0,8X0,8X0,6 M PARA REDE DE ESGOTO. AF_12/2020","UN",779.84]
[99257,"CAIXA ENTERRADA HIDRÁULICA RETANGULAR EM ALVENARIA COM TIJOLOS CERÂMICOS MACIÇOS, DIMENSÕES INTERNAS: 1X1X0,6 M PARA REDE DE DRENAGEM. AF_12/2020","UN",888.13]
[97904,"CAIXA ENTERRADA HIDRÁULICA RETANGULAR EM ALVENARIA COM TIJOLOS CERÂMICOS MACIÇOS, DIMENSÕES INTERNAS: 1X1X0,6 M PARA REDE DE ESGOTO. AF_12/2020","UN",916.16]
[99258,"CAIXA ENTERRADA HIDRÁULICA RETANGULAR, EM ALVENARIA COM BLOCOS DE CONCRETO, DIMENSÕES INTERNAS: 0,4X0,4X0,4 M PARA REDE DE DRENAGEM. AF_12/2020","UN",241.41]
[97905,"CAIXA ENTERRADA HIDRÁULICA RETANGULAR, EM ALVENARIA COM BLOCOS DE CONCRETO, DIMENSÕES INTERNAS: 0,4X0,4X0,4 M PARA REDE DE ESGOTO. AF_12/2020","UN",245.88]
[99260,"CAIXA ENTERRADA HIDRÁULICA RETANGULAR, EM ALVENARIA COM BLOCOS DE CONCRETO, DIMENSÕES INTERNAS: 0,6X0,6X0,6 M PARA REDE DE DRENAGEM. AF_12/2020","UN",445.61]
[97906,"CAIXA ENTERRADA HIDRÁULICA RETANGULAR, EM ALVENARIA COM BLOCOS DE CONCRETO, DIMENSÕES INTERNAS: 0,6X0,6X0,6 M PARA REDE DE ESGOTO. AF_12/2020","UN",455.56]
[99262,"CAIXA ENTERRADA HIDRÁULICA RETANGULAR, EM ALVENARIA COM BLOCOS DE CONCRETO, DIMENSÕES INTERNAS: 0,8X0,8X0,6 M PARA REDE DE DRENAGEM. AF_12/2020","UN",633.24]
[97907,"CAIXA ENTERRADA HIDRÁULICA RETANGULAR, EM ALVENARIA COM BLOCOS DE CONCRETO, DIMENSÕES INTERNAS: 0,8X0,8X0,6 M PARA REDE DE ESGOTO. AF_12/2020","UN",647.45000000000005]
[99264,"CAIXA ENTERRADA HIDRÁULICA RETANGULAR, EM ALVENARIA COM BLOCOS DE CONCRETO, DIMENSÕES INTERNAS: 1X1X0,6 M PARA REDE DE DRENAGEM. AF_12/2020","UN",740.3]
[97908,"CAIXA ENTERRADA HIDRÁULICA RETANGULAR, EM ALVENARIA COM BLOCOS DE CONCRETO, DIMENSÕES INTERNAS: 1X1X0,6 M PARA REDE DE ESGOTO. AF_12/2020","UN",759.5]
[97895,"CAIXA ENTERRADA HIDRÁULICA RETANGULAR, EM CONCRETO PRÉ-MOLDADO, DIMENSÕES INTERNAS: 0,3X0,3X0,3 M. AF_12/2020","UN",164.58]
[97896,"CAIXA ENTERRADA HIDRÁULICA RETANGULAR, EM CONCRETO PRÉ-MOLDADO, DIMENSÕES INTERNAS: 0,4X0,4X0,4 M. AF_12/2020","UN",305.64]
[97897,"CAIXA ENTERRADA HIDRÁULICA RETANGULAR, EM CONCRETO PRÉ-MOLDADO, DIMENSÕES INTERNAS: 0,6X0,6X0,5 M. AF_12/2020","UN",398.18]
[97898,"CAIXA ENTERRADA HIDRÁULICA RETANGULAR, EM CONCRETO PRÉ-MOLDADO, DIMENSÕES INTERNAS: 0,8X0,8X0,5 M. AF_12/2020","UN",782.81]
[97899,"CAIXA ENTERRADA HIDRÁULICA RETANGULAR, EM CONCRETO PRÉ-MOLDADO, DIMENSÕES INTERNAS: 1X1X0,5 M. AF_12/2020","UN",0]
[101795,"CAIXA ENTERRADA PARA INSTALAÇÕES TELEFÔNICAS TIPO R1, EM ALVENARIA COM BLOCOS DE CONCRETO, DIMENSÕES INTERNAS: 0,35X0,60X0,60 M, EXCLUINDO TAMPÃO. AF_12/2020","UN",600.04999999999995]
[101796,"CAIXA ENTERRADA PARA INSTALAÇÕES TELEFÔNICAS TIPO R2, EM ALVENARIA COM BLOCOS DE CONCRETO, DIMENSÕES INTERNAS: 0,52X1,07X0,60 M, EXCLUINDO TAMPÃO. AF_12/2020","UN",0]
[101797,"CAIXA ENTERRADA PARA INSTALAÇÕES TELEFÔNICAS TIPO R3, EM ALVENARIA COM BLOCOS DE CONCRETO, DIMENSÕES INTERNAS: 1,2X1,5X1,40 M, EXCLUINDO TAMPÃO. AF_12/2020","UN",0]
[101802,"CAIXA ENTERRADA RETENTORA DE AREIA RETANGULAR, EM ALVENARIA COM BLOCOS DE CONCRETO, DIMENSÕES INTERNAS: 1,00 X 1,00 X 1,20 M, EXCLUINDO TAMPÃO. AF_12/2020","UN",1751.09]
[101803,"CAIXA ENTERRADA SEPARADORA DE ÓLEO RETANGULAR, EM ALVENARIA COM BLOCOS DE CONCRETO, DIMENSÕES INTERNAS: 0,6 X 0,6 X 1,00 M, EXCLUINDO TAMPÃO. AF_12/2020","UN",1113.8399999999999]
[101804,"CAIXA ENTERRADA SEPARADORA DE ÓLEO RETANGULAR, EM ALVENARIA COM BLOCOS DE CONCRETO, DIMENSÕES INTERNAS: 0,8 X 0,8 X 1,00 M, EXCLUINDO TAMPÃO. AF_12/2020","UN",1396.65]
[101805,"CAIXA ENTERRADA SEPARADORA DE ÓLEO RETANGULAR, EM ALVENARIA COM BLOCOS DE CONCRETO, DIMENSÕES INTERNAS: 1,00 X 1,00 X 1,00 M, EXCLUINDO TAMPÃO. AF_12/2020","UN",1775.55]
[98115,"TAMPA CIRCULAR PARA ESGOTO E DRENAGEM, EM CONCRETO PRÉ-MOLDADO, DIÂMETRO INTERNO = 0,60 M E ALTURA = 0,10 M. AF_12/2020","UN",99.26]
[98114,"TAMPA CIRCULAR PARA ESGOTO E DRENAGEM, EM FERRO FUNDIDO, DIÂMETRO INTERNO = 0,6 M. AF_12/2020","UN",511.11]
[98112,"TIL (TUBO DE INSPEÇÃO E LIMPEZA) CONDOMINIAL PARA ESGOTO, EM PVC, DN 100 X 100 MM. AF_12/2020","UN",95.44]
[100128,"TIL (TUBO DE INSPEÇÃO E LIMPEZA) RADIAL PARA ESGOTO, EM PVC, DN 300X200 MM. AF_12/2020","UN",1557.88]
[102623,"CAIXA D´ÁGUA EM POLIETILENO, 1000 LITROS (INCLUSOS TUBOS, CONEXÕES E TORNEIRA DE BÓIA) - FORNECIMENTO E INSTALAÇÃO. AF_06/2021","UN",795.52]
[102607,"CAIXA D´ÁGUA EM POLIETILENO, 1000 LITROS - FORNECIMENTO E INSTALAÇÃO. AF_06/2021","UN",497.95]
[102608,"CAIXA D´ÁGUA EM POLIETILENO, 1500 LITROS - FORNECIMENTO E INSTALAÇÃO. AF_06/2021","UN",1141.92]
[102609,"CAIXA D´ÁGUA EM POLIETILENO, 2000 LITROS - FORNECIMENTO E INSTALAÇÃO. AF_06/2021","UN",1297.3900000000001]
[102610,"CAIXA D´ÁGUA EM POLIETILENO, 3000 LITROS - FORNECIMENTO E INSTALAÇÃO. AF_06/2021","UN",2230.2800000000002]
[102622,"CAIXA D´ÁGUA EM POLIETILENO, 500 LITROS (INCLUSOS TUBOS, CONEXÕES E TORNEIRA DE BÓIA) - FORNECIMENTO E INSTALAÇÃO. AF_06/2021","UN",557.61]
[102605,"CAIXA D´ÁGUA EM POLIETILENO, 500 LITROS - FORNECIMENTO E INSTALAÇÃO. AF_06/2021","UN",301.83]
[102606,"CAIXA D´ÁGUA EM POLIETILENO, 750 LITROS - FORNECIMENTO E INSTALAÇÃO. AF_06/2021","UN",465.22]
[102613,"CAIXA D´ÁGUA EM POLIÉSTER REFORÇADO COM FIBRA DE VIDRO, 1000 LITROS - FORNECIMENTO E INSTALAÇÃO. AF_06/2021","UN",698.25]
[102619,"CAIXA D´ÁGUA EM POLIÉSTER REFORÇADO COM FIBRA DE VIDRO, 10000 LITROS - FORNECIMENTO E INSTALAÇÃO. AF_06/2021","UN",5920.68]
[102614,"CAIXA D´ÁGUA EM POLIÉSTER REFORÇADO COM FIBRA DE VIDRO, 1500 LITROS - FORNECIMENTO E INSTALAÇÃO. AF_06/2021","UN",1073.78]
[102620,"CAIXA D´ÁGUA EM POLIÉSTER REFORÇADO COM FIBRA DE VIDRO, 15000 LITROS - FORNECIMENTO E INSTALAÇÃO. AF_06/2021","UN",8617.4699999999993]
[102615,"CAIXA D´ÁGUA EM POLIÉSTER REFORÇADO COM FIBRA DE VIDRO, 2000 LITROS - FORNECIMENTO E INSTALAÇÃO. AF_06/2021","UN",1347.59]
[102621,"CAIXA D´ÁGUA EM POLIÉSTER REFORÇADO COM FIBRA DE VIDRO, 20000 LITROS - FORNECIMENTO E INSTALAÇÃO. AF_06/2021","UN",13264.73]
[102616,"CAIXA D´ÁGUA EM POLIÉSTER REFORÇADO COM FIBRA DE VIDRO, 3000 LITROS - FORNECIMENTO E INSTALAÇÃO. AF_06/2021","UN",1995.02]
[102611,"CAIXA D´ÁGUA EM POLIÉSTER REFORÇADO COM FIBRA DE VIDRO, 500 LITROS - FORNECIMENTO E INSTALAÇÃO. AF_06/2021","UN",501.7]
[102617,"CAIXA D´ÁGUA EM POLIÉSTER REFORÇADO COM FIBRA DE VIDRO, 5000 LITROS - FORNECIMENTO E INSTALAÇÃO. AF_06/2021","UN",3652.78]
[102618,"CAIXA D´ÁGUA EM POLIÉSTER REFORÇADO COM FIBRA DE VIDRO, 7000 LITROS - FORNECIMENTO E INSTALAÇÃO. AF_06/2021","UN",4401.5600000000004]
[102612,"CAIXA D´ÁGUA EM POLIÉSTER REFORÇADO COM FIBRA DE VIDRO, 750 LITROS - FORNECIMENTO E INSTALAÇÃO. AF_06/2021","UN",720.42]
[102603,"FURO EM CAIXA D'ÁGUA COM ESPESSURA DE 2 ATÉ 5 MM E DIÂMETRO DE 100 MM. AF_06/2021","UN",10.27]
[102587,"FURO EM CAIXA D'ÁGUA COM ESPESSURA DE 2 ATÉ 5 MM E DIÂMETRO DE 15 MM. AF_06/2021","UN",3.52]
[102589,"FURO EM CAIXA D'ÁGUA COM ESPESSURA DE 2 ATÉ 5 MM E DIÂMETRO DE 20 MM. AF_06/2021","UN",3.91]
[102591,"FURO EM CAIXA D'ÁGUA COM ESPESSURA DE 2 ATÉ 5 MM E DIÂMETRO DE 25 MM. AF_06/2021","UN",4.3]
[102593,"FURO EM CAIXA D'ÁGUA COM ESPESSURA DE 2 ATÉ 5 MM E DIÂMETRO DE 32 MM. AF_06/2021","UN",4.8600000000000003]
[102595,"FURO EM CAIXA D'ÁGUA COM ESPESSURA DE 2 ATÉ 5 MM E DIÂMETRO DE 40 MM. AF_06/2021","UN",5.5]
[102597,"FURO EM CAIXA D'ÁGUA COM ESPESSURA DE 2 ATÉ 5 MM E DIÂMETRO DE 50 MM. AF_06/2021","UN",6.29]
[102599,"FURO EM CAIXA D'ÁGUA COM ESPESSURA DE 2 ATÉ 5 MM E DIÂMETRO DE 60 MM. AF_06/2021","UN",7.09]
[102601,"FURO EM CAIXA D'ÁGUA COM ESPESSURA DE 2 ATÉ 5 MM E DIÂMETRO DE 75 MM. AF_06/2021","UN",8.2799999999999994]
[102604,"FURO EM CAIXA D'ÁGUA COM ESPESSURA DE 6 ATÉ 8 MM E DIÂMETRO DE 100 MM. AF_06/2021","UN",11.84]
[102588,"FURO EM CAIXA D'ÁGUA COM ESPESSURA DE 6 ATÉ 8 MM E DIÂMETRO DE 15 MM. AF_06/2021","UN",5.09]
[102590,"FURO EM CAIXA D'ÁGUA COM ESPESSURA DE 6 ATÉ 8 MM E DIÂMETRO DE 20 MM. AF_06/2021","UN",5.49]
[102592,"FURO EM CAIXA D'ÁGUA COM ESPESSURA DE 6 ATÉ 8 MM E DIÂMETRO DE 25 MM. AF_06/2021","UN",5.88]
[102594,"FURO EM CAIXA D'ÁGUA COM ESPESSURA DE 6 ATÉ 8 MM E DIÂMETRO DE 32 MM. AF_06/2021","UN",6.44]
[102596,"FURO EM CAIXA D'ÁGUA COM ESPESSURA DE 6 ATÉ 8 MM E DIÂMETRO DE 40 MM. AF_06/2021","UN",7.07]
[102598,"FURO EM CAIXA D'ÁGUA COM ESPESSURA DE 6 ATÉ 8 MM E DIÂMETRO DE 50 MM. AF_06/2021","UN",7.86]
[102600,"FURO EM CAIXA D'ÁGUA COM ESPESSURA DE 6 ATÉ 8 MM E DIÂMETRO DE 60 MM. AF_06/2021","UN",8.66]
[102602,"FURO EM CAIXA D'ÁGUA COM ESPESSURA DE 6 ATÉ 8 MM E DIÂMETRO DE 75 MM. AF_06/2021","UN",9.85]
[103005,"CAIXA COM GRELHA RETANGULAR DE FERRO FUNDIDO, EM ALVENARIA COM TIJOLOS CERÂMICOS MACIÇOS, DIMENSÕES INTERNAS: 0,15 X 1,00 X 0,3 M. AF_08/2021","UN",529.04999999999995]
[103006,"CAIXA COM GRELHA RETANGULAR DE FERRO FUNDIDO, EM ALVENARIA COM TIJOLOS CERÂMICOS MACIÇOS, DIMENSÕES INTERNAS: 0,20 X 1,00 X 0,4 M. AF_08/2021","UN",734.3]
[103007,"CAIXA COM GRELHA RETANGULAR DE FERRO FUNDIDO, EM ALVENARIA COM TIJOLOS CERÂMICOS MACIÇOS, DIMENSÕES INTERNAS: 0,30 X 1,00 X 0,5 M. AF_08/2021","UN",962.53]
[103004,"CANALETA DE CONCRETO POLIMÉRICO COM GRELHA, LARGURA DE 13 CM - FORNECIMENTO E INSTALAÇÃO. AF_08/2021","M",0]
[102989,"CANALETA MEIA CANA PRÉ-MOLDADA DE CONCRETO (D = 20 CM) - FORNECIMENTO E INSTALAÇÃO. AF_08/2021","M",51.32]
[102990,"CANALETA MEIA CANA PRÉ-MOLDADA DE CONCRETO (D = 30 CM) - FORNECIMENTO E INSTALAÇÃO. AF_08/2021","M",62.46]
[102991,"CANALETA MEIA CANA PRÉ-MOLDADA DE CONCRETO (D = 40 CM) - FORNECIMENTO E INSTALAÇÃO. AF_08/2021","M",81.069999999999993]
[102992,"CANALETA MEIA CANA PRÉ-MOLDADA DE CONCRETO (D = 50 CM) - FORNECIMENTO E INSTALAÇÃO. AF_08/2021","M",122.23]
[102993,"CANALETA MEIA CANA PRÉ-MOLDADA DE CONCRETO (D = 60 CM) - FORNECIMENTO E INSTALAÇÃO. AF_08/2021","M",158.88999999999999]
[102994,"CANALETA MEIA CANA PRÉ-MOLDADA DE CONCRETO (D = 80 CM) - FORNECIMENTO E INSTALAÇÃO. AF_08/2021","M",277.58999999999997]
[102995,"EXECUÇÃO DE CANALETA DE CONCRETO MOLDADO IN LOCO, ESPESSURA DE 0,07 M, GEOMETRIA TRAPEZOIDAL (DIMENSÕES INTERNAS: B=0,6 M; B=0,147 M; H=0,2 M). AF_08/2021","M",55.24]
[102996,"EXECUÇÃO DE CANALETA DE CONCRETO MOLDADO IN LOCO, ESPESSURA DE 0,07 M, GEOMETRIA TRAPEZOIDAL (DIMENSÕES INTERNAS: B=0,9 M; B=0,246 M; H=0,3 M). AF_08/2021","M",78.14]
[102998,"EXECUÇÃO DE CANALETA DE CONCRETO MOLDADO IN LOCO, ESPESSURA DE 0,08 M, GEOMETRIA TRAPEZOIDAL (DIMENSÕES INTERNAS: B=1,074 M; B=0,534 M; H=0,27 M). AF_08/2021","M",99.73]
[102999,"EXECUÇÃO DE CANALETA DE CONCRETO MOLDADO IN LOCO, ESPESSURA DE 0,08 M, GEOMETRIA TRAPEZOIDAL (DIMENSÕES INTERNAS: B=1,4 M; B=0,7 M; H=0,35 M). AF_08/2021","M",126.21]
[103000,"EXECUÇÃO DE CANALETA DE CONCRETO MOLDADO IN LOCO, ESPESSURA DE 0,08 M, GEOMETRIA TRAPEZOIDAL (DIMENSÕES INTERNAS: B=1,474 M; B=0,934 M; H=0,27 M). AF_08/2021","M",126.72]
[102997,"EXECUÇÃO DE CANALETA DE CONCRETO MOLDADO IN LOCO, ESPESSURA DE 0,08 M, GEOMETRIA TRAPEZOIDAL (DIMENSÕES INTERNAS: B=1M; B=0,5 M; H=0,25 M). AF_08/2021","M",104.42]
[103001,"GRELHA DE FERRO FUNDIDO SIMPLES COM REQUADRO, 150 X 1000 MM, ASSENTADA COM ARGAMASSA 1 : 3 CIMENTO: AREIA - FORNECIMENTO E INSTALAÇÃO. AF_08/2021","UN",176.64]
[103002,"GRELHA DE FERRO FUNDIDO SIMPLES COM REQUADRO, 200 X 1000 MM, ASSENTADA COM ARGAMASSA 1 : 3 CIMENTO: AREIA - FORNECIMENTO E INSTALAÇÃO. AF_08/2021","UN",218.52]
[103003,"GRELHA DE FERRO FUNDIDO SIMPLES COM REQUADRO, 300 X 1000 MM, ASSENTADA COM ARGAMASSA 1 : 3 CIMENTO: AREIA - FORNECIMENTO E INSTALAÇÃO. AF_08/2021","UN",302.33999999999997]
[98522,"ALAMBRADO EM MOURÕES DE CONCRETO, COM TELA DE ARAME GALVANIZADO (INCLUSIVE MURETA EM CONCRETO). AF_05/2018","M",176.27]
[98523,"ALAMBRADO EM PERFIS METÁLICOS RETANGULARES COM GRADIL METÁLICO (EXCLUSIVE MURETA EM CONCRETO).AF_05/2018","M",0]
[102364,"ALAMBRADO PARA QUADRA POLIESPORTIVA, ESTRUTURADO POR TUBOS DE ACO GALVANIZADO, (MONTANTES COM DIAMETRO 2\", TRAVESSAS E ESCORAS COM DIÂMETRO 1 ¼\"), COM TELA DE ARAME GALVANIZADO, FIO 10 BWG E MALHA QUADRADA 5X5CM (EXCETO MURETA). AF_03/2021","M2",203.68]
[102363,"ALAMBRADO PARA QUADRA POLIESPORTIVA, ESTRUTURADO POR TUBOS DE ACO GALVANIZADO, (MONTANTES COM DIAMETRO 2\", TRAVESSAS E ESCORAS COM DIÂMETRO 1 ¼\"), COM TELA DE ARAME GALVANIZADO, FIO 12 BWG E MALHA QUADRADA 5X5CM (EXCETO MURETA). AF_03/2021","M2",183.51]
[102362,"ALAMBRADO PARA QUADRA POLIESPORTIVA, ESTRUTURADO POR TUBOS DE ACO GALVANIZADO, (MONTANTES COM DIAMETRO 2\", TRAVESSAS E ESCORAS COM DIÂMETRO 1 ¼\"), COM TELA DE ARAME GALVANIZADO, FIO 14 BWG E MALHA QUADRADA 5X5CM (EXCETO MURETA). AF_03/2021","M2",172.51]
[101196,"CERCA COM MOURÕES DE CONCRETO, RETO, 15X15 CM, ESPAÇAMENTO DE 2,5 M, CRAVADOS 0,5 M, ESCORAS DE 10X10 CM A CADA 50 M, COM 12 FIOS DE ARAME DE AÇO OVALADO 15X17 - FORNECIMENTO E INSTALAÇÃO. AF_05/2020","M",0]
[101195,"CERCA COM MOURÕES DE CONCRETO, RETO, 15X15 CM, ESPAÇAMENTO DE 2,5 M, CRAVADOS 0,5 M, ESCORAS DE 10X10 CM A CADA 50 M, COM 9 FIOS DE ARAME DE AÇO OVALADO 15X17 - FORNECIMENTO E INSTALAÇÃO. AF_05/2020","M",0]
[101193,"CERCA COM MOURÕES DE CONCRETO, RETO, H=2,30 M, ESPAÇAMENTO DE 2,5 M, CRAVADOS 0,5 M, COM 4 FIOS DE ARAME DE AÇO OVALADO 15X17 - FORNECIMENTO E INSTALAÇÃO. AF_05/2020","M",73.34]
[101192,"CERCA COM MOURÕES DE CONCRETO, RETO, H=2,30 M, ESPAÇAMENTO DE 2,5 M, CRAVADOS 0,5 M, COM 4 FIOS DE ARAME FARPADO Nº 14 CLASSE 250 - FORNECIMENTO E INSTALAÇÃO. AF_05/2020","M",79.69]
[101194,"CERCA COM MOURÕES DE CONCRETO, RETO, H=2,30 M, ESPAÇAMENTO DE 2,5 M, CRAVADOS 0,5 M, COM 4 FIOS DE ARAME MISTO - FORNECIMENTO E INSTALAÇÃO. AF_05/2020","M",73.67]
[101190,"CERCA COM MOURÕES DE CONCRETO, RETO, H=3,00 M, ESPAÇAMENTO DE 2,5 M, CRAVADOS 0,5 M, COM 4 FIOS DE ARAME DE AÇO OVALADO 15X17 - FORNECIMENTO E INSTALAÇÃO. AF_05/2020","M",81.73]
[101189,"CERCA COM MOURÕES DE CONCRETO, RETO, H=3,00 M, ESPAÇAMENTO DE 2,5 M, CRAVADOS 0,5 M, COM 4 FIOS DE ARAME FARPADO Nº 14 CLASSE 250 - FORNECIMENTO E INSTALAÇÃO. AF_05/2020","M",82.4]
[101191,"CERCA COM MOURÕES DE CONCRETO, RETO, H=3,00 M, ESPAÇAMENTO DE 2,5 M, CRAVADOS 0,5 M, COM 4 FIOS DE ARAME MISTO - FORNECIMENTO E INSTALAÇÃO. AF_05/2020","M",82.06]
[101198,"CERCA COM MOURÕES DE CONCRETO, SEÇÃO \"T\" PONTA INCLINADA, 10X10 CM, ESPAÇAMENTO DE 2,5 M, CRAVADOS 0,5 M, COM 11 FIOS DE ARAME DE AÇO OVALADO 15X17 - FORNECIMENTO E INSTALAÇÃO. AF_05/2020","M",105.95]
[101197,"CERCA COM MOURÕES DE CONCRETO, SEÇÃO \"T\" PONTA INCLINADA, 10X10 CM, ESPAÇAMENTO DE 2,5 M, CRAVADOS 0,5 M, COM 11 FIOS DE ARAME FARPADO Nº 14 - FORNECIMENTO E INSTALAÇÃO. AF_05/2020","M",142.4]
[101199,"CERCA COM MOURÕES DE CONCRETO, SEÇÃO \"T\" PONTA INCLINADA, 10X10CM, ESPAÇAMENTO DE 2,5M, CRAVADOS 0,5M, COM 11 FIOS DE ARAME MISTO - FORNECIMENTO E INSTALAÇÃO. AF_05/2020","M",106.79]
[101203,"CERCA COM MOURÕES DE MADEIRA ROLIÇA, DIÂMETRO 11 CM, ESPAÇAMENTO DE 2,5 M, ALTURA LIVRE DE 1,7 M, CRAVADOS 0,5 M, COM 5 FIOS DE ARAME DE AÇO OVALADO 15X17 - FORNECIMENTO E INSTALAÇÃO. AF_05/2020","M",40.659999999999997]
[101202,"CERCA COM MOURÕES DE MADEIRA ROLIÇA, DIÂMETRO 11 CM, ESPAÇAMENTO DE 2,5 M, ALTURA LIVRE DE 1,7 M, CRAVADOS 0,5 M, COM 5 FIOS DE ARAME FARPADO Nº 14 CLASSE 250 - FORNECIMENTO E INSTALAÇÃO. AF_05/2020","M",41.5]
[101204,"CERCA COM MOURÕES DE MADEIRA ROLIÇA, DIÂMETRO 11 CM, ESPAÇAMENTO DE 2,5 M, ALTURA LIVRE DE 1,7 M, CRAVADOS 0,5 M, COM 5 FIOS DE ARAME MISTO - FORNECIMENTO E INSTALAÇÃO. AF_05/2020","M",40.99]
[101200,"CERCA COM MOURÕES DE MADEIRA, 7,5X7,5 CM, ESPAÇAMENTO DE 2,5 M, ALTURA LIVRE DE 2 M, CRAVADOS 0,5 M, COM 4 FIOS DE ARAME FARPADO Nº 14 CLASSE 250 - FORNECIMENTO E INSTALAÇÃO. AF_05/2020","M",65.91]
[101201,"CERCA COM MOURÕES DE MADEIRA, 7,5X7,5 CM, ESPAÇAMENTO DE 2,5 M, ALTURA LIVRE DE 2 M, CRAVADOS 0,5 M, COM 8 FIOS DE ARAME FARPADO Nº 14 CLASSE 250 - FORNECIMENTO E INSTALAÇÃO. AF_05/2020","M",78.95]
[101205,"PORTÃO COM MOURÕES DE MADEIRA ROLIÇA, DIÂMETRO 11 CM, COM 5 FIOS DE ARAME FARPADO Nº 14 CLASSE 250, SEM DOBRADIÇAS - FORNECIMENTO E INSTALAÇÃO. AF_05/2020","M",41.5]
[101188,"RECOMPOSIÇÃO PARCIAL DE ARAME FARPADO Nº 14 CLASSE 250, FIXADO EM CERCA COM MOURÕES DE CONCRETO - FORNECIMENTO E INSTALAÇÃO. AF_05/2020","M",6.06]
[87905,"CHAPISCO APLICADO EM ALVENARIA (COM PRESENÇA DE VÃOS) E ESTRUTURAS DE CONCRETO DE FACHADA, COM COLHER DE PEDREIRO.  ARGAMASSA TRAÇO 1:3 COM PREPARO EM BETONEIRA 400L. AF_10/2022","M2",8.17]
[87904,"CHAPISCO APLICADO EM ALVENARIA (COM PRESENÇA DE VÃOS) E ESTRUTURAS DE CONCRETO DE FACHADA, COM COLHER DE PEDREIRO.  ARGAMASSA TRAÇO 1:3 COM PREPARO MANUAL. AF_10/2022","M2",8.59]
[87908,"CHAPISCO APLICADO EM ALVENARIA (COM PRESENÇA DE VÃOS) E ESTRUTURAS DE CONCRETO DE FACHADA, COM EQUIPAMENTO DE PROJEÇÃO.  ARGAMASSA TRAÇO 1:3 COM PREPARO EM BETONEIRA 400 L. AF_10/2022","M2",6.33]
[87907,"CHAPISCO APLICADO EM ALVENARIA (COM PRESENÇA DE VÃOS) E ESTRUTURAS DE CONCRETO DE FACHADA, COM EQUIPAMENTO DE PROJEÇÃO.  ARGAMASSA TRAÇO 1:3 COM PREPARO MANUAL. AF_10/2022","M2",6.75]
[87903,"CHAPISCO APLICADO EM ALVENARIA (COM PRESENÇA DE VÃOS) E ESTRUTURAS DE CONCRETO DE FACHADA, COM ROLO PARA TEXTURA ACRÍLICA.  ARGAMASSA INDUSTRIALIZADA COM PREPARO EM MISTURADOR 300 KG. AF_10/2022","M2",10.83]
[87902,"CHAPISCO APLICADO EM ALVENARIA (COM PRESENÇA DE VÃOS) E ESTRUTURAS DE CONCRETO DE FACHADA, COM ROLO PARA TEXTURA ACRÍLICA.  ARGAMASSA INDUSTRIALIZADA COM PREPARO MANUAL. AF_10/2022","M2",11.18]
[87900,"CHAPISCO APLICADO EM ALVENARIA (COM PRESENÇA DE VÃOS) E ESTRUTURAS DE CONCRETO DE FACHADA, COM ROLO PARA TEXTURA ACRÍLICA.  ARGAMASSA TRAÇO 1:4 E EMULSÃO POLIMÉRICA (ADESIVO) COM PREPARO EM BETONEIRA 400L. AF_10/2022","M2",8.56]
[87899,"CHAPISCO APLICADO EM ALVENARIA (COM PRESENÇA DE VÃOS) E ESTRUTURAS DE CONCRETO DE FACHADA, COM ROLO PARA TEXTURA ACRÍLICA.  ARGAMASSA TRAÇO 1:4 E EMULSÃO POLIMÉRICA (ADESIVO) COM PREPARO MANUAL. AF_10/2022","M2",8.6999999999999993]
[87894,"CHAPISCO APLICADO EM ALVENARIA (SEM PRESENÇA DE VÃOS) E ESTRUTURAS DE CONCRETO DE FACHADA, COM COLHER DE PEDREIRO.  ARGAMASSA TRAÇO 1:3 COM PREPARO EM BETONEIRA 400L. AF_10/2022","M2",6.99]
[87893,"CHAPISCO APLICADO EM ALVENARIA (SEM PRESENÇA DE VÃOS) E ESTRUTURAS DE CONCRETO DE FACHADA, COM COLHER DE PEDREIRO.  ARGAMASSA TRAÇO 1:3 COM PREPARO MANUAL. AF_10/2022","M2",7.41]
[87897,"CHAPISCO APLICADO EM ALVENARIA (SEM PRESENÇA DE VÃOS) E ESTRUTURAS DE CONCRETO DE FACHADA, COM EQUIPAMENTO DE PROJEÇÃO.  ARGAMASSA TRAÇO 1:3 COM PREPARO EM BETONEIRA 400 L. AF_10/2022","M2",5.2]
[87896,"CHAPISCO APLICADO EM ALVENARIA (SEM PRESENÇA DE VÃOS) E ESTRUTURAS DE CONCRETO DE FACHADA, COM EQUIPAMENTO DE PROJEÇÃO. ARGAMASSA TRAÇO 1:3 COM PREPARO MANUAL. AF_10/2022","M2",5.62]
[87892,"CHAPISCO APLICADO EM ALVENARIA (SEM PRESENÇA DE VÃOS) E ESTRUTURAS DE CONCRETO DE FACHADA, COM ROLO PARA TEXTURA ACRÍLICA.  ARGAMASSA INDUSTRIALIZADA COM PREPARO EM MISTURADOR 300 KG. AF_10/2022","M2",10.1]
[87889,"CHAPISCO APLICADO EM ALVENARIA (SEM PRESENÇA DE VÃOS) E ESTRUTURAS DE CONCRETO DE FACHADA, COM ROLO PARA TEXTURA ACRÍLICA.  ARGAMASSA TRAÇO 1:4 E EMULSÃO POLIMÉRICA (ADESIVO) COM PREPARO EM BETONEIRA 400L. AF_10/2022","M2",7.83]
[87888,"CHAPISCO APLICADO EM ALVENARIA (SEM PRESENÇA DE VÃOS) E ESTRUTURAS DE CONCRETO DE FACHADA, COM ROLO PARA TEXTURA ACRÍLICA.  ARGAMASSA TRAÇO 1:4 E EMULSÃO POLIMÉRICA (ADESIVO) COM PREPARO MANUAL. AF_10/2022","M2",7.97]
[87891,"CHAPISCO APLICADO EM ALVENARIA (SEM PRESENÇA DE VÃOS) E ESTRUTURAS DE CONCRETO DE FACHADA, COM ROLO PARA TEXTURA ACRÍLICA. ARGAMASSA INDUSTRIALIZADA COM PREPARO MANUAL. AF_10/2022","M2",10.45]
[104411,"CHAPISCO APLICADO EM ALVENARIA E ESTRUTURAS DE CONCRETO INTERNAS, COM EQUIPAMENTO DE PROJEÇÃO.  ARGAMASSA TRAÇO 1:3 COM PREPARO EM BETONEIRA 400 L. AF_10/2022","M2",5.17]
[104410,"CHAPISCO APLICADO EM ALVENARIA E ESTRUTURAS DE CONCRETO INTERNAS, COM EQUIPAMENTO DE PROJEÇÃO.  ARGAMASSA TRAÇO 1:3 COM PREPARO MANUAL. AF_10/2022","M2",5.17]
[87879,"CHAPISCO APLICADO EM ALVENARIAS E ESTRUTURAS DE CONCRETO INTERNAS, COM COLHER DE PEDREIRO.  ARGAMASSA TRAÇO 1:3 COM PREPARO EM BETONEIRA 400L. AF_10/2022","M2",4.51]
[87878,"CHAPISCO APLICADO EM ALVENARIAS E ESTRUTURAS DE CONCRETO INTERNAS, COM COLHER DE PEDREIRO.  ARGAMASSA TRAÇO 1:3 COM PREPARO MANUAL. AF_10/2022","M2",4.93]
[87885,"CHAPISCO APLICADO NO TETO OU EM ALVENARIA E ESTRUTURA, COM ROLO PARA TEXTURA ACRÍLICA. ARGAMASSA INDUSTRIALIZADA COM PREPARO EM MISTURADOR 300 KG. AF_10/2022","M2",8.43]
[87884,"CHAPISCO APLICADO NO TETO OU EM ALVENARIA E ESTRUTURA, COM ROLO PARA TEXTURA ACRÍLICA. ARGAMASSA INDUSTRIALIZADA COM PREPARO MANUAL. AF_10/2022","M2",8.7799999999999994]
[87882,"CHAPISCO APLICADO NO TETO OU EM ALVENARIA E ESTRUTURA, COM ROLO PARA TEXTURA ACRÍLICA. ARGAMASSA TRAÇO 1:4 E EMULSÃO POLIMÉRICA (ADESIVO) COM PREPARO EM BETONEIRA 400L. AF_10/2022","M2",6.16]
[87881,"CHAPISCO APLICADO NO TETO OU EM ALVENARIA E ESTRUTURA, COM ROLO PARA TEXTURA ACRÍLICA. ARGAMASSA TRAÇO 1:4 E EMULSÃO POLIMÉRICA (ADESIVO) COM PREPARO MANUAL. AF_10/2022","M2",6.3]
[87887,"CHAPISCO APLICADO NO TETO OU EM ESTRUTURA, COM DESEMPENADEIRA DENTADA. ARGAMASSA INDUSTRIALIZADA COM PREPARO EM MISTURADOR 300 KG. AF_10/2022","M2",14.78]
[87886,"CHAPISCO APLICADO NO TETO OU EM ESTRUTURA, COM DESEMPENADEIRA DENTADA. ARGAMASSA INDUSTRIALIZADA COM PREPARO MANUAL. AF_10/2022","M2",15.53]
[87911,"CHAPISCO APLICADO SOMENTE NA ESTRUTURA DE CONCRETO DA FACHADA, COM DESEMPENADEIRA DENTADA. ARGAMASSA INDUSTRIALIZADA COM PREPARO EM MISTURADOR 300 KG. AF_10/2022","M2",20.350000000000001]
[87910,"CHAPISCO APLICADO SOMENTE NA ESTRUTURA DE CONCRETO DA FACHADA, COM DESEMPENADEIRA DENTADA. ARGAMASSA INDUSTRIALIZADA COM PREPARO MANUAL. AF_10/2022","M2",21.1]
[103686,"CONCRETAGEM DE ESCADAS, FCK=25 MPA, COM USO DE BOMBA - LANÇAMENTO, ADENSAMENTO E ACABAMENTO. AF_02/2022_PS","M3",785.85]
[103685,"CONCRETAGEM DE MURETAS, FCK=25 MPA, COM USO DE BOMBA - LANÇAMENTO, ADENSAMENTO E ACABAMENTO. AF_02/2022_PS","M3",722.92]
[103669,"CONCRETAGEM DE PILARES, FCK = 25 MPA,  COM USO DE BALDES - LANÇAMENTO, ADENSAMENTO E ACABAMENTO. AF_02/2022","M3",1013.08]
[103672,"CONCRETAGEM DE PILARES, FCK = 25 MPA, COM USO DE BOMBA - LANÇAMENTO, ADENSAMENTO E ACABAMENTO. AF_02/2022_PS","M3",716.75]
[103671,"CONCRETAGEM DE PILARES, FCK = 25 MPA, COM USO DE GRUA - LANÇAMENTO, ADENSAMENTO E ACABAMENTO. AF_02/2022","M3",765]
[103688,"CONCRETAGEM DE PILARES, FCK=25 MPA, COM USO DE JERICAS EM CREMALHEIRA - LANÇAMENTO, ADENSAMENTO E ACABAMENTO. AF_02/2022","M3",892.13]
[103687,"CONCRETAGEM DE PILARES, FCK=25 MPA, COM USO DE JERICAS EM ELEVADOR DE CABO - LANÇAMENTO, ADENSAMENTO E ACABAMENTO. AF_02/2022","M3",1134.93]
[103684,"CONCRETAGEM DE RESERVATÓRIOS, FCK=25 MPA, COM USO DE BOMBA - LANÇAMENTO, ADENSAMENTO E ACABAMENTO. AF_02/2022_PS","M3",735.43]
[103681,"CONCRETAGEM DE VIGAS E LAJES, FCK=25 MPA, PARA LAJES MACIÇAS OU NERVURADAS COM GRUA DE CAÇAMBA DE 500 L EM EDIFICAÇÃO DE MULTIPAVIMENTOS ATÉ 16 ANDARES - LANÇAMENTO, ADENSAMENTO E ACABAMENTO. AF_02/2022","M3",792.18]
[103679,"CONCRETAGEM DE VIGAS E LAJES, FCK=25 MPA, PARA LAJES MACIÇAS OU NERVURADAS COM JERICAS EM CREMALHEIRA EM EDIFICAÇÃO DE MULTIPAVIMENTOS ATÉ 16 ANDARES - LANÇAMENTO, ADENSAMENTO E ACABAMENTO. AF_02/2022","M3",855.97]
[103677,"CONCRETAGEM DE VIGAS E LAJES, FCK=25 MPA, PARA LAJES MACIÇAS OU NERVURADAS COM JERICAS EM ELEVADOR DE CABO EM EDIFICAÇÃO DE MULTIPAVIMENTOS ATÉ 16 ANDARES  - LANÇAMENTO, ADENSAMENTO E ACABAMENTO. AF_02/2022","M3",898.13]
[103675,"CONCRETAGEM DE VIGAS E LAJES, FCK=25 MPA, PARA LAJES MACIÇAS OU NERVURADAS COM USO DE BOMBA - LANÇAMENTO, ADENSAMENTO E ACABAMENTO. AF_02/2022_PS","M3",718.27]
[103680,"CONCRETAGEM DE VIGAS E LAJES, FCK=25 MPA, PARA LAJES PREMOLDADAS COM GRUA DE CAÇAMBA DE 350 L EM EDIFICAÇÃO DE MULTIPAVIMENTOS ATÉ 16 ANDARES - LANÇAMENTO, ADENSAMENTO E ACABAMENTO. AF_02/2022","M3",908.1]
[103678,"CONCRETAGEM DE VIGAS E LAJES, FCK=25 MPA, PARA LAJES PREMOLDADAS COM JERICAS EM CREMALHEIRA EM EDIFICAÇÃO DE MULTIPAVIMENTOS ATÉ 16 ANDARES  - LANÇAMENTO, ADENSAMENTO E ACABAMENTO. AF_02/2022","M3",971.65]
[103676,"CONCRETAGEM DE VIGAS E LAJES, FCK=25 MPA, PARA LAJES PREMOLDADAS COM JERICAS EM ELEVADOR DE CABO EM EDIFICAÇÃO DE MULTIPAVIMENTOS ATÉ 16 ANDARES - LANÇAMENTO, ADENSAMENTO E ACABAMENTO. AF_02/2022","M3",1066.47]
[103674,"CONCRETAGEM DE VIGAS E LAJES, FCK=25 MPA, PARA LAJES PREMOLDADAS COM USO DE BOMBA - LANÇAMENTO, ADENSAMENTO E ACABAMENTO. AF_02/2022_PS","M3",738.24]
[103683,"CONCRETAGEM DE VIGAS E LAJES, FCK=25 MPA, PARA QUALQUER TIPO DE LAJE COM BALDES EM EDIFICAÇÃO DE MULTIPAVIMENTOS ATÉ 04 ANDARES - LANÇAMENTO, ADENSAMENTO E ACABAMENTO. AF_02/2022","M3",1316.49]
[103682,"CONCRETAGEM DE VIGAS E LAJES, FCK=25 MPA, PARA QUALQUER TIPO DE LAJE COM BALDES EM EDIFICAÇÃO TÉRREA - LANÇAMENTO, ADENSAMENTO E ACABAMENTO. AF_02/2022","M3",1029.93]
[103670,"LANÇAMENTO COM USO DE BALDES, ADENSAMENTO E ACABAMENTO DE CONCRETO EM ESTRUTURAS. AF_02/2022","M3",296.08999999999997]
[103673,"LANÇAMENTO COM USO DE BOMBA, ADENSAMENTO E ACABAMENTO DE CONCRETO EM ESTRUTURAS. AF_02/2022","M3",41.02]
[91084,"EXECUÇÃO DE REVESTIMENTO DE CONCRETO PROJETADO COM ESPESSURA DE 10 CM, ARMADO COM FIBRAS DE AÇO, INCLINAÇÃO DE 90°, APLICAÇÃO CONTÍNUA, UTILIZANDO EQUIPAMENTO DE PROJEÇÃO COM 3 M³/H DE CAPACIDADE. AF_07/2024","M2",278.39]
[91080,"EXECUÇÃO DE REVESTIMENTO DE CONCRETO PROJETADO COM ESPESSURA DE 10 CM, ARMADO COM FIBRAS DE AÇO, INCLINAÇÃO DE 90°, APLICAÇÃO CONTÍNUA, UTILIZANDO EQUIPAMENTO DE PROJEÇÃO COM 6 M³/H DE CAPACIDADE. AF_07/2024","M2",216.93]
[91101,"EXECUÇÃO DE REVESTIMENTO DE CONCRETO PROJETADO COM ESPESSURA DE 10 CM, ARMADO COM FIBRAS DE AÇO, INCLINAÇÃO DE 90°, APLICAÇÃO DESCONTÍNUA, UTILIZANDO EQUIPAMENTO DE PROJEÇÃO COM 3 M³/H DE CAPACIDADE. AF_07/2024","M2",257.77999999999997]
[91097,"EXECUÇÃO DE REVESTIMENTO DE CONCRETO PROJETADO COM ESPESSURA DE 10 CM, ARMADO COM FIBRAS DE AÇO, INCLINAÇÃO DE 90°, APLICAÇÃO DESCONTÍNUA, UTILIZANDO EQUIPAMENTO DE PROJEÇÃO COM 6 M³/H DE CAPACIDADE. AF_07/2024","M2",209.14]
[91082,"EXECUÇÃO DE REVESTIMENTO DE CONCRETO PROJETADO COM ESPESSURA DE 10 CM, ARMADO COM FIBRAS DE AÇO, INCLINAÇÃO MENOR QUE 90°, APLICAÇÃO CONTÍNUA, UTILIZANDO EQUIPAMENTO DE PROJEÇÃO COM 3 M³/H DE CAPACIDADE. AF_07/2024","M2",250.4]
[91078,"EXECUÇÃO DE REVESTIMENTO DE CONCRETO PROJETADO COM ESPESSURA DE 10 CM, ARMADO COM FIBRAS DE AÇO, INCLINAÇÃO MENOR QUE 90°, APLICAÇÃO CONTÍNUA, UTILIZANDO EQUIPAMENTO DE PROJEÇÃO COM 6 M³/H DE CAPACIDADE. AF_07/2024","M2",204.14]
[91099,"EXECUÇÃO DE REVESTIMENTO DE CONCRETO PROJETADO COM ESPESSURA DE 10 CM, ARMADO COM FIBRAS DE AÇO, INCLINAÇÃO MENOR QUE 90°, APLICAÇÃO DESCONTÍNUA, UTILIZANDO EQUIPAMENTO DE PROJEÇÃO COM 3 M³/H DE CAPACIDADE. AF_07/2024","M2",235.72]
[91095,"EXECUÇÃO DE REVESTIMENTO DE CONCRETO PROJETADO COM ESPESSURA DE 10 CM, ARMADO COM FIBRAS DE AÇO, INCLINAÇÃO MENOR QUE 90°, APLICAÇÃO DESCONTÍNUA, UTILIZANDO EQUIPAMENTO DE PROJEÇÃO COM 6 M³/H DE CAPACIDADE. AF_07/2024","M2",197.92]
[91076,"EXECUÇÃO DE REVESTIMENTO DE CONCRETO PROJETADO COM ESPESSURA DE 10 CM, ARMADO COM TELA, INCLINAÇÃO DE 90°, APLICAÇÃO CONTÍNUA, UTILIZANDO EQUIPAMENTO DE PROJEÇÃO COM 3 M³/H DE CAPACIDADE. AF_07/2024","M2",397.46]
[91072,"EXECUÇÃO DE REVESTIMENTO DE CONCRETO PROJETADO COM ESPESSURA DE 10 CM, ARMADO COM TELA, INCLINAÇÃO DE 90°, APLICAÇÃO CONTÍNUA, UTILIZANDO EQUIPAMENTO DE PROJEÇÃO COM 6 M³/H DE CAPACIDADE. AF_07/2024","M2",348.87]
[91093,"EXECUÇÃO DE REVESTIMENTO DE CONCRETO PROJETADO COM ESPESSURA DE 10 CM, ARMADO COM TELA, INCLINAÇÃO DE 90°, APLICAÇÃO DESCONTÍNUA, UTILIZANDO EQUIPAMENTO DE PROJEÇÃO COM 3 M³/H DE CAPACIDADE. AF_07/2024","M2",412.99]
[91089,"EXECUÇÃO DE REVESTIMENTO DE CONCRETO PROJETADO COM ESPESSURA DE 10 CM, ARMADO COM TELA, INCLINAÇÃO DE 90°, APLICAÇÃO DESCONTÍNUA, UTILIZANDO EQUIPAMENTO DE PROJEÇÃO COM 6 M³/H DE CAPACIDADE. AF_07/2024","M2",373.24]
[91074,"EXECUÇÃO DE REVESTIMENTO DE CONCRETO PROJETADO COM ESPESSURA DE 10 CM, ARMADO COM TELA, INCLINAÇÃO MENOR QUE 90°, APLICAÇÃO CONTÍNUA, UTILIZANDO EQUIPAMENTO DE PROJEÇÃO COM 3 M³/H DE CAPACIDADE. AF_07/2024","M2",259.48]
[91070,"EXECUÇÃO DE REVESTIMENTO DE CONCRETO PROJETADO COM ESPESSURA DE 10 CM, ARMADO COM TELA, INCLINAÇÃO MENOR QUE 90°, APLICAÇÃO CONTÍNUA, UTILIZANDO EQUIPAMENTO DE PROJEÇÃO COM 6 M³/H DE CAPACIDADE. AF_07/2024","M2",222.03]
[91091,"EXECUÇÃO DE REVESTIMENTO DE CONCRETO PROJETADO COM ESPESSURA DE 10 CM, ARMADO COM TELA, INCLINAÇÃO MENOR QUE 90°, APLICAÇÃO DESCONTÍNUA, UTILIZANDO EQUIPAMENTO DE PROJEÇÃO COM 3 M³/H DE CAPACIDADE. AF_07/2024","M2",276.49]
[91087,"EXECUÇÃO DE REVESTIMENTO DE CONCRETO PROJETADO COM ESPESSURA DE 10 CM, ARMADO COM TELA, INCLINAÇÃO MENOR QUE 90°, APLICAÇÃO DESCONTÍNUA, UTILIZANDO EQUIPAMENTO DE PROJEÇÃO COM 6 M³/H DE CAPACIDADE. AF_07/2024","M2",245.22]
[91083,"EXECUÇÃO DE REVESTIMENTO DE CONCRETO PROJETADO COM ESPESSURA DE 7 CM, ARMADO COM FIBRAS DE AÇO, INCLINAÇÃO DE 90°, APLICAÇÃO CONTÍNUA, UTILIZANDO EQUIPAMENTO DE PROJEÇÃO COM 3 M³/H DE CAPACIDADE. AF_07/2024","M2",348.4]
[91079,"EXECUÇÃO DE REVESTIMENTO DE CONCRETO PROJETADO COM ESPESSURA DE 7 CM, ARMADO COM FIBRAS DE AÇO, INCLINAÇÃO DE 90°, APLICAÇÃO CONTÍNUA, UTILIZANDO EQUIPAMENTO DE PROJEÇÃO COM 6 M³/H DE CAPACIDADE. AF_07/2024","M2",204.11]
[91100,"EXECUÇÃO DE REVESTIMENTO DE CONCRETO PROJETADO COM ESPESSURA DE 7 CM, ARMADO COM FIBRAS DE AÇO, INCLINAÇÃO DE 90°, APLICAÇÃO DESCONTÍNUA, UTILIZANDO EQUIPAMENTO DE PROJEÇÃO COM 3 M³/H DE CAPACIDADE. AF_07/2024","M2",287.8]
[91096,"EXECUÇÃO DE REVESTIMENTO DE CONCRETO PROJETADO COM ESPESSURA DE 7 CM, ARMADO COM FIBRAS DE AÇO, INCLINAÇÃO DE 90°, APLICAÇÃO DESCONTÍNUA, UTILIZANDO EQUIPAMENTO DE PROJEÇÃO COM 6 M³/H DE CAPACIDADE. AF_07/2024","M2",192.31]
[91081,"EXECUÇÃO DE REVESTIMENTO DE CONCRETO PROJETADO COM ESPESSURA DE 7 CM, ARMADO COM FIBRAS DE AÇO, INCLINAÇÃO MENOR QUE 90°, APLICAÇÃO CONTÍNUA, UTILIZANDO EQUIPAMENTO DE PROJEÇÃO COM 3 M³/H DE CAPACIDADE. AF_07/2024","M2",277.39]
[91077,"EXECUÇÃO DE REVESTIMENTO DE CONCRETO PROJETADO COM ESPESSURA DE 7 CM, ARMADO COM FIBRAS DE AÇO, INCLINAÇÃO MENOR QUE 90°, APLICAÇÃO CONTÍNUA, UTILIZANDO EQUIPAMENTO DE PROJEÇÃO COM 6 M³/H DE CAPACIDADE. AF_07/2024","M2",187.29]
[91098,"EXECUÇÃO DE REVESTIMENTO DE CONCRETO PROJETADO COM ESPESSURA DE 7 CM, ARMADO COM FIBRAS DE AÇO, INCLINAÇÃO MENOR QUE 90°, APLICAÇÃO DESCONTÍNUA, UTILIZANDO EQUIPAMENTO DE PROJEÇÃO COM 3 M³/H DE CAPACIDADE. AF_07/2024","M2",242.98]
[91094,"EXECUÇÃO DE REVESTIMENTO DE CONCRETO PROJETADO COM ESPESSURA DE 7 CM, ARMADO COM FIBRAS DE AÇO, INCLINAÇÃO MENOR QUE 90°, APLICAÇÃO DESCONTÍNUA, UTILIZANDO EQUIPAMENTO DE PROJEÇÃO COM 6 M³/H DE CAPACIDADE. AF_07/2024","M2",178.55]
[91075,"EXECUÇÃO DE REVESTIMENTO DE CONCRETO PROJETADO COM ESPESSURA DE 7 CM, ARMADO COM TELA, INCLINAÇÃO DE 90°, APLICAÇÃO CONTÍNUA, UTILIZANDO EQUIPAMENTO DE PROJEÇÃO COM 3 M³/H DE CAPACIDADE. AF_07/2024","M2",433.48]
[91071,"EXECUÇÃO DE REVESTIMENTO DE CONCRETO PROJETADO COM ESPESSURA DE 7 CM, ARMADO COM TELA, INCLINAÇÃO DE 90°, APLICAÇÃO CONTÍNUA, UTILIZANDO EQUIPAMENTO DE PROJEÇÃO COM 6 M³/H DE CAPACIDADE. AF_07/2024","M2",339.64]
[91092,"EXECUÇÃO DE REVESTIMENTO DE CONCRETO PROJETADO COM ESPESSURA DE 7 CM, ARMADO COM TELA, INCLINAÇÃO DE 90°, APLICAÇÃO DESCONTÍNUA, UTILIZANDO EQUIPAMENTO DE PROJEÇÃO COM 3 M³/H DE CAPACIDADE. AF_07/2024","M2",428.72]
[91088,"EXECUÇÃO DE REVESTIMENTO DE CONCRETO PROJETADO COM ESPESSURA DE 7 CM, ARMADO COM TELA, INCLINAÇÃO DE 90°, APLICAÇÃO DESCONTÍNUA, UTILIZANDO EQUIPAMENTO DE PROJEÇÃO COM 6 M³/H DE CAPACIDADE. AF_07/2024","M2",361.42]
[91073,"EXECUÇÃO DE REVESTIMENTO DE CONCRETO PROJETADO COM ESPESSURA DE 7 CM, ARMADO COM TELA, INCLINAÇÃO MENOR QUE 90°, APLICAÇÃO CONTÍNUA, UTILIZANDO EQUIPAMENTO DE PROJEÇÃO COM 3 M³/H DE CAPACIDADE. AF_07/2024","M2",273.82]
[91069,"EXECUÇÃO DE REVESTIMENTO DE CONCRETO PROJETADO COM ESPESSURA DE 7 CM, ARMADO COM TELA, INCLINAÇÃO MENOR QUE 90°, APLICAÇÃO CONTÍNUA, UTILIZANDO EQUIPAMENTO DE PROJEÇÃO COM 6 M³/H DE CAPACIDADE. AF_07/2024","M2",210.33]
[91090,"EXECUÇÃO DE REVESTIMENTO DE CONCRETO PROJETADO COM ESPESSURA DE 7 CM, ARMADO COM TELA, INCLINAÇÃO MENOR QUE 90°, APLICAÇÃO DESCONTÍNUA, UTILIZANDO EQUIPAMENTO DE PROJEÇÃO COM 3 M³/H DE CAPACIDADE. AF_07/2024","M2",279.77]
[91086,"EXECUÇÃO DE REVESTIMENTO DE CONCRETO PROJETADO COM ESPESSURA DE 7 CM, ARMADO COM TELA, INCLINAÇÃO MENOR QUE 90°, APLICAÇÃO DESCONTÍNUA, UTILIZANDO EQUIPAMENTO DE PROJEÇÃO COM 6 M³/H DE CAPACIDADE. AF_07/2024","M2",231.84]
[105522,"REVESTIMENTO VEGETAL PARA SOLO GRAMPEADO VERDE, ATRAVÉS DE HIDROSSEMEADURA. AF_07/2024","M2",0]
[104281,"ANCORAGEM ATIVA PARA CABO COM 1 CORDOALHA DE DIÂMETRO NOMINAL DE 12,7 MM. AF_08/2022","UN",0]
[104287,"ANCORAGEM ATIVA PARA CABO COM 1 CORDOALHA DE DIÂMETRO NOMINAL DE 15,2 MM. AF_08/2022","UN",0]
[104286,"ANCORAGEM ATIVA PARA CABO COM 12 CORDOALHAS DE DIÂMETRO NOMINAL DE 12,7 MM. AF_08/2022","UN",0]
[104292,"ANCORAGEM ATIVA PARA CABO COM 12 CORDOALHAS DE DIÂMETRO NOMINAL DE 15,2 MM. AF_08/2022","UN",0]
[104282,"ANCORAGEM ATIVA PARA CABO COM 2 CORDOALHAS DE DIÂMETRO NOMINAL DE 12,7 MM. AF_08/2022","UN",0]
[104288,"ANCORAGEM ATIVA PARA CABO COM 2 CORDOALHAS DE DIÂMETRO NOMINAL DE 15,2 MM. AF_08/2022","UN",0]
[104283,"ANCORAGEM ATIVA PARA CABO COM 4 CORDOALHAS DE DIÂMETRO NOMINAL DE 12,7 MM. AF_08/2022","UN",0]
[104289,"ANCORAGEM ATIVA PARA CABO COM 4 CORDOALHAS DE DIÂMETRO NOMINAL DE 15,2 MM. AF_08/2022","UN",0]
[104284,"ANCORAGEM ATIVA PARA CABO COM 6 CORDOALHAS DE DIÂMETRO NOMINAL DE 12,7 MM. AF_08/2022","UN",0]
[104290,"ANCORAGEM ATIVA PARA CABO COM 6 CORDOALHAS DE DIÂMETRO NOMINAL DE 15,2 MM. AF_08/2022","UN",0]
[104285,"ANCORAGEM ATIVA PARA CABO COM 7 CORDOALHAS DE DIÂMETRO NOMINAL DE 12,7 MM. AF_08/2022","UN",0]
[104291,"ANCORAGEM ATIVA PARA CABO COM 7 CORDOALHAS DE DIÂMETRO NOMINAL DE 15,2 MM. AF_08/2022","UN",0]
[104267,"ANCORAGEM ATIVA PARA CORDOALHA COM 7 FIOS E DIÂMETRO NOMINAL DE 12,7 MM. AF_08/2022","UN",0]
[104268,"ANCORAGEM ATIVA PARA CORDOALHA COM 7 FIOS E DIÂMETRO NOMINAL DE 15,2 MM. AF_08/2022","UN",0]
[104269,"ANCORAGEM PASSIVA PARA CABO COM 1 CORDOALHA DE DIÂMETRO NOMINAL DE 12,7 MM. AF_08/2022","UN",0]
[104270,"ANCORAGEM PASSIVA PARA CABO COM 1 CORDOALHA DE DIÂMETRO NOMINAL DE 15,2 MM. AF_08/2022","UN",0]
[104276,"ANCORAGEM PASSIVA PARA CABO COM 12 CORDOALHAS DE DIÂMETRO NOMINAL DE 12,7 MM. AF_08/2022","UN",0]
[104280,"ANCORAGEM PASSIVA PARA CABO COM 12 CORDOALHAS DE DIÂMETRO NOMINAL DE 15,2 MM. AF_08/2022","UN",0]
[104271,"ANCORAGEM PASSIVA PARA CABO COM 2 CORDOALHAS DE DIÂMETRO NOMINAL DE 12,7 MM. AF_08/2022","UN",0]
[104272,"ANCORAGEM PASSIVA PARA CABO COM 2 CORDOALHAS DE DIÂMETRO NOMINAL DE 15,2 MM. AF_08/2022","UN",0]
[104273,"ANCORAGEM PASSIVA PARA CABO COM 4 CORDOALHAS DE DIÂMETRO NOMINAL DE 12,7 MM. AF_08/2022","UN",0]
[104277,"ANCORAGEM PASSIVA PARA CABO COM 4 CORDOALHAS DE DIÂMETRO NOMINAL DE 15,2 MM. AF_08/2022","UN",0]
[104274,"ANCORAGEM PASSIVA PARA CABO COM 6 CORDOALHAS DE DIÂMETRO NOMINAL DE 12,7 MM. AF_08/2022","UN",0]
[104278,"ANCORAGEM PASSIVA PARA CABO COM 6 CORDOALHAS DE DIÂMETRO NOMINAL DE 15,2 MM. AF_08/2022","UN",0]
[104275,"ANCORAGEM PASSIVA PARA CABO COM 7 CORDOALHAS DE DIÂMETRO NOMINAL DE 12,7 MM. AF_08/2022","UN",0]
[104279,"ANCORAGEM PASSIVA PARA CABO COM 7 CORDOALHAS DE DIÂMETRO NOMINAL DE 15,2 MM. AF_08/2022","UN",0]
[104265,"ANCORAGEM PASSIVA PARA CORDOALHA COM 7 FIOS E DIÂMETRO NOMINAL DE 12,7 MM. AF_08/2022","UN",0]
[104266,"ANCORAGEM PASSIVA PARA CORDOALHA COM 7 FIOS E DIÂMETRO NOMINAL DE 15,2 MM. AF_08/2022","UN",0]
[104305,"FORNECIMENTO E INSTALAÇÃO DE BAINHA CIRCULAR COM DIÂMETRO NOMINAL DE 35 MM, INCLUSIVE INJEÇÃO DE NATA DE CIMENTO. AF_08/2022","M",0]
[104306,"FORNECIMENTO E INSTALAÇÃO DE BAINHA CIRCULAR COM DIÂMETRO NOMINAL DE 40 MM, INCLUSIVE INJEÇÃO DE NATA DE CIMENTO. AF_08/2022","M",0]
[104307,"FORNECIMENTO E INSTALAÇÃO DE BAINHA CIRCULAR COM DIÂMETRO NOMINAL DE 50 MM, INCLUSIVE INJEÇÃO DE NATA DE CIMENTO. AF_08/2022","M",0]
[104308,"FORNECIMENTO E INSTALAÇÃO DE BAINHA CIRCULAR COM DIÂMETRO NOMINAL DE 55 MM, INCLUSIVE INJEÇÃO DE NATA DE CIMENTO. AF_08/2022","M",0]
[104309,"FORNECIMENTO E INSTALAÇÃO DE BAINHA CIRCULAR COM DIÂMETRO NOMINAL DE 60 MM, INCLUSIVE INJEÇÃO DE NATA DE CIMENTO. AF_08/2022","M",0]
[104310,"FORNECIMENTO E INSTALAÇÃO DE BAINHA CIRCULAR COM DIÂMETRO NOMINAL DE 65 MM, INCLUSIVE INJEÇÃO DE NATA DE CIMENTO. AF_08/2022","M",0]
[104311,"FORNECIMENTO E INSTALAÇÃO DE BAINHA CIRCULAR COM DIÂMETRO NOMINAL DE 80 MM, INCLUSIVE INJEÇÃO DE NATA DE CIMENTO. AF_08/2022","M",0]
[104301,"FORNECIMENTO E INSTALAÇÃO DE CABO COM CORDOALHA NUA, RESISTÊNCIA À TRAÇÃO DE 190 KGF/MM² E DIÂMETRO NOMINAL DE 12,7 MM, EM VIGA. AF_08/2022","KG",0]
[104302,"FORNECIMENTO E INSTALAÇÃO DE CABO COM CORDOALHA NUA, RESISTÊNCIA À TRAÇÃO DE 190 KGF/MM² E DIÂMETRO NOMINAL DE 15,2 MM, EM VIGA. AF_08/2022","KG",0]
[104303,"FORNECIMENTO E INSTALAÇÃO DE CABO COM CORDOALHA NUA, RESISTÊNCIA À TRAÇÃO DE 210 KGF/MM² E DIÂMETRO NOMINAL DE 12,7 MM, EM VIGA. AF_08/2022","KG",0]
[104304,"FORNECIMENTO E INSTALAÇÃO DE CABO COM CORDOALHA NUA, RESISTÊNCIA À TRAÇÃO DE 210 KGF/MM² E DIÂMETRO NOMINAL DE 15,2 MM, EM VIGA. AF_08/2022","KG",0]
[104293,"FORNECIMENTO E INSTALAÇÃO DE CORDOALHA COM 7 FIOS, RESISTÊNCIA À TRAÇÃO DE 190 KGF/MM² E DIÂMETRO NOMINAL DE 12,7 MM, EM LAJE. AF_08/2022","KG",0]
[104297,"FORNECIMENTO E INSTALAÇÃO DE CORDOALHA COM 7 FIOS, RESISTÊNCIA À TRAÇÃO DE 190 KGF/MM² E DIÂMETRO NOMINAL DE 12,7 MM, EM VIGA. AF_08/2022","KG",0]
[104295,"FORNECIMENTO E INSTALAÇÃO DE CORDOALHA COM 7 FIOS, RESISTÊNCIA À TRAÇÃO DE 190 KGF/MM² E DIÂMETRO NOMINAL DE 15,2 MM, EM LAJE. AF_08/2022","KG",0]
[104299,"FORNECIMENTO E INSTALAÇÃO DE CORDOALHA COM 7 FIOS, RESISTÊNCIA À TRAÇÃO DE 190 KGF/MM² E DIÂMETRO NOMINAL DE 15,2 MM, EM VIGA. AF_08/2022","KG",0]
[104294,"FORNECIMENTO E INSTALAÇÃO DE CORDOALHA COM 7 FIOS, RESISTÊNCIA À TRAÇÃO DE 210 KGF/MM² E DIÂMETRO NOMINAL DE 12,7 MM, EM LAJE. AF_08/2022","KG",0]
[104298,"FORNECIMENTO E INSTALAÇÃO DE CORDOALHA COM 7 FIOS, RESISTÊNCIA À TRAÇÃO DE 210 KGF/MM² E DIÂMETRO NOMINAL DE 12,7 MM, EM VIGA. AF_08/2022","KG",0]
[104296,"FORNECIMENTO E INSTALAÇÃO DE CORDOALHA COM 7 FIOS, RESISTÊNCIA À TRAÇÃO DE 210 KGF/MM² E DIÂMETRO NOMINAL DE 15,2 MM, EM LAJE. AF_08/2022","KG",0]
[104300,"FORNECIMENTO E INSTALAÇÃO DE CORDOALHA COM 7 FIOS, RESISTÊNCIA À TRAÇÃO DE 210 KGF/MM² E DIÂMETRO NOMINAL DE 15,2 MM, EM VIGA. AF_08/2022","KG",0]
[90944,"CONTRAPISO ACÚSTICO EM ARGAMASSA PRONTA, PREPARO MANUAL, APLICADO EM ÁREAS SECA, ACABAMENTO NÃO REFORÇADO, ESPESSURA 6CM. AF_07/2021","M2",170.24]
[90934,"CONTRAPISO ACÚSTICO EM ARGAMASSA PRONTA, PREPARO MANUAL, APLICADO EM ÁREAS SECAS, ACABAMENTO NÃO REFORÇADO, ESPESSURA 5CM. AF_07/2021","M2",157.85]
[90954,"CONTRAPISO ACÚSTICO EM ARGAMASSA PRONTA, PREPARO MANUAL, APLICADO EM ÁREAS SECAS, ACABAMENTO NÃO REFORÇADO, ESPESSURA 7CM. AF_07/2021","M2",192.92]
[90933,"CONTRAPISO ACÚSTICO EM ARGAMASSA PRONTA, PREPARO MECÂNICO COM MISTURADOR 300 KG, APLICADO EM ÁREAS SECAS, ACABAMENTO NÃO REFORÇADO, ESPESSURA 5CM. AF_07/2021","M2",145.85]
[90943,"CONTRAPISO ACÚSTICO EM ARGAMASSA PRONTA, PREPARO MECÂNICO COM MISTURADOR 300 KG, APLICADO EM ÁREAS SECAS, ACABAMENTO NÃO REFORÇADO, ESPESSURA 6CM. AF_07/2021","M2",157.16999999999999]
[90953,"CONTRAPISO ACÚSTICO EM ARGAMASSA PRONTA, PREPARO MECÂNICO COM MISTURADOR 300 KG, APLICADO EM ÁREAS SECAS, ACABAMENTO NÃO REFORÇADO, ESPESSURA 7CM. AF_07/2021","M2",177.9]
[90932,"CONTRAPISO ACÚSTICO EM ARGAMASSA TRAÇO 1:4 (CIMENTO E AREIA), PREPARO MANUAL, APLICADO EM ÁREAS SECAS, ACABAMENTO NÃO REFORÇADO, ESPESSURA 5CM. AF_07/2021","M2",84.78]
[90942,"CONTRAPISO ACÚSTICO EM ARGAMASSA TRAÇO 1:4 (CIMENTO E AREIA), PREPARO MANUAL, APLICADO EM ÁREAS SECAS, ACABAMENTO NÃO REFORÇADO, ESPESSURA 6CM. AF_07/2021","M2",90.67]
[90952,"CONTRAPISO ACÚSTICO EM ARGAMASSA TRAÇO 1:4 (CIMENTO E AREIA), PREPARO MANUAL, APLICADO EM ÁREAS SECAS, ACABAMENTO NÃO REFORÇADO, ESPESSURA 7CM. AF_07/2021","M2",101.43]
[90930,"CONTRAPISO ACÚSTICO EM ARGAMASSA TRAÇO 1:4 (CIMENTO E AREIA), PREPARO MECÂNICO COM BETONEIRA 400L, APLICADO EM ÁREAS SECAS, ACABAMENTO NÃO REFORÇADO, ESPESSURA 5CM. AF_07/2021","M2",78.72]
[90940,"CONTRAPISO ACÚSTICO EM ARGAMASSA TRAÇO 1:4 (CIMENTO E AREIA), PREPARO MECÂNICO COM BETONEIRA 400L, APLICADO EM ÁREAS SECAS, ACABAMENTO NÃO REFORÇADO, ESPESSURA 6CM. AF_07/2021","M2",84.07]
[90950,"CONTRAPISO ACÚSTICO EM ARGAMASSA TRAÇO 1:4 (CIMENTO E AREIA), PREPARO MECÂNICO COM BETONEIRA 400L, APLICADO EM ÁREAS SECAS, ACABAMENTO NÃO REFORÇADO, ESPESSURA 7CM. AF_07/2021","M2",93.84]
[88476,"CONTRAPISO COM ARGAMASSA AUTONIVELANTE, APLICADO SOBRE LAJE, ADERIDO, ESPESSURA 2CM. AF_07/2021","M2",23.69]
[88477,"CONTRAPISO COM ARGAMASSA AUTONIVELANTE, APLICADO SOBRE LAJE, ADERIDO, ESPESSURA 3CM. AF_07/2021","M2",32.74]
[88478,"CONTRAPISO COM ARGAMASSA AUTONIVELANTE, APLICADO SOBRE LAJE, ADERIDO, ESPESSURA 4CM. AF_07/2021","M2",40.22]
[88470,"CONTRAPISO COM ARGAMASSA AUTONIVELANTE, APLICADO SOBRE LAJE, NÃO ADERIDO, ESPESSURA 3CM. AF_07/2021","M2",29.04]
[88471,"CONTRAPISO COM ARGAMASSA AUTONIVELANTE, APLICADO SOBRE LAJE, NÃO ADERIDO, ESPESSURA 4CM. AF_07/2021","M2",36.29]
[88472,"CONTRAPISO COM ARGAMASSA AUTONIVELANTE, APLICADO SOBRE LAJE, NÃO ADERIDO, ESPESSURA 5CM. AF_07/2021","M2",42.06]
[87759,"CONTRAPISO EM ARGAMASSA PRONTA, PREPARO MANUAL, APLICADO EM ÁREAS MOLHADAS SOBRE IMPERMEABILIZAÇÃO, ACABAMENTO NÃO REFORÇADO, ESPESSURA 3CM. AF_07/2021","M2",107.24]
[87769,"CONTRAPISO EM ARGAMASSA PRONTA, PREPARO MANUAL, APLICADO EM ÁREAS MOLHADAS SOBRE IMPERMEABILIZAÇÃO, ACABAMENTO NÃO REFORÇADO, ESPESSURA 4CM. AF_07/2021","M2",127.57]
[87739,"CONTRAPISO EM ARGAMASSA PRONTA, PREPARO MANUAL, APLICADO EM ÁREAS MOLHADAS SOBRE LAJE, ADERIDO, ACABAMENTO NÃO REFORÇADO, ESPESSURA 2CM. AF_07/2021","M2",84.4]
[87749,"CONTRAPISO EM ARGAMASSA PRONTA, PREPARO MANUAL, APLICADO EM ÁREAS MOLHADAS SOBRE LAJE, ADERIDO, ACABAMENTO NÃO REFORÇADO, ESPESSURA 3CM. AF_07/2021","M2",109.18]
[87624,"CONTRAPISO EM ARGAMASSA PRONTA, PREPARO MANUAL, APLICADO EM ÁREAS SECAS SOBRE LAJE, ADERIDO, ACABAMENTO NÃO REFORÇADO, ESPESSURA 2CM. AF_07/2021","M2",72.09]
[87634,"CONTRAPISO EM ARGAMASSA PRONTA, PREPARO MANUAL, APLICADO EM ÁREAS SECAS SOBRE LAJE, ADERIDO, ACABAMENTO NÃO REFORÇADO, ESPESSURA 3CM. AF_07/2021","M2",96.86]
[87644,"CONTRAPISO EM ARGAMASSA PRONTA, PREPARO MANUAL, APLICADO EM ÁREAS SECAS SOBRE LAJE, ADERIDO, ACABAMENTO NÃO REFORÇADO, ESPESSURA 4CM. AF_07/2021","M2",117.15]
[87684,"CONTRAPISO EM ARGAMASSA PRONTA, PREPARO MANUAL, APLICADO EM ÁREAS SECAS SOBRE LAJE, NÃO ADERIDO, ACABAMENTO NÃO REFORÇADO, ESPESSURA 4CM. AF_07/2021","M2",112.83]
[87694,"CONTRAPISO EM ARGAMASSA PRONTA, PREPARO MANUAL, APLICADO EM ÁREAS SECAS SOBRE LAJE, NÃO ADERIDO, ACABAMENTO NÃO REFORÇADO, ESPESSURA 5CM. AF_07/2021","M2",129.25]
[87704,"CONTRAPISO EM ARGAMASSA PRONTA, PREPARO MANUAL, APLICADO EM ÁREAS SECAS SOBRE LAJE, NÃO ADERIDO, ACABAMENTO NÃO REFORÇADO, ESPESSURA 6CM. AF_07/2021","M2",140.30000000000001]
[87758,"CONTRAPISO EM ARGAMASSA PRONTA, PREPARO MECÂNICO COM MISTURADOR 300 KG, APLICADO EM ÁREAS MOLHADAS SOBRE IMPERMEABILIZAÇÃO, ACABAMENTO NÃO REFORÇADO, ESPESSURA 3CM. AF_07/2021","M2",98.72]
[87768,"CONTRAPISO EM ARGAMASSA PRONTA, PREPARO MECÂNICO COM MISTURADOR 300 KG, APLICADO EM ÁREAS MOLHADAS SOBRE IMPERMEABILIZAÇÃO, ACABAMENTO NÃO REFORÇADO, ESPESSURA 4CM. AF_07/2021","M2",117.09]
[87738,"CONTRAPISO EM ARGAMASSA PRONTA, PREPARO MECÂNICO COM MISTURADOR 300 KG, APLICADO EM ÁREAS MOLHADAS SOBRE LAJE, ADERIDO, ACABAMENTO NÃO REFORÇADO, ESPESSURA 2CM. AF_07/2021","M2",78.27]
[87748,"CONTRAPISO EM ARGAMASSA PRONTA, PREPARO MECÂNICO COM MISTURADOR 300 KG, APLICADO EM ÁREAS MOLHADAS SOBRE LAJE, ADERIDO, ACABAMENTO NÃO REFORÇADO, ESPESSURA 3CM. AF_07/2021","M2",100.66]
[87623,"CONTRAPISO EM ARGAMASSA PRONTA, PREPARO MECÂNICO COM MISTURADOR 300 KG, APLICADO EM ÁREAS SECAS SOBRE LAJE, ADERIDO, ACABAMENTO NÃO REFORÇADO, ESPESSURA 2CM. AF_07/2021","M2",65.959999999999994]
[87633,"CONTRAPISO EM ARGAMASSA PRONTA, PREPARO MECÂNICO COM MISTURADOR 300 KG, APLICADO EM ÁREAS SECAS SOBRE LAJE, ADERIDO, ACABAMENTO NÃO REFORÇADO, ESPESSURA 3CM. AF_07/2021","M2",88.34]
[87643,"CONTRAPISO EM ARGAMASSA PRONTA, PREPARO MECÂNICO COM MISTURADOR 300 KG, APLICADO EM ÁREAS SECAS SOBRE LAJE, ADERIDO, ACABAMENTO NÃO REFORÇADO, ESPESSURA 4CM. AF_07/2021","M2",106.67]
[87683,"CONTRAPISO EM ARGAMASSA PRONTA, PREPARO MECÂNICO COM MISTURADOR 300 KG, APLICADO EM ÁREAS SECAS SOBRE LAJE, NÃO ADERIDO, ACABAMENTO NÃO REFORÇADO, ESPESSURA 4CM. AF_07/2021","M2",102.35]
[87703,"CONTRAPISO EM ARGAMASSA PRONTA, PREPARO MECÂNICO COM MISTURADOR 300 KG, APLICADO EM ÁREAS SECAS SOBRE LAJE, NÃO ADERIDO, ACABAMENTO NÃO REFORÇADO, ESPESSURA 6CM. AF_07/2021","M2",127.23]
[87693,"CONTRAPISO EM ARGAMASSA PRONTA, PREPARO MECÂNICO COM MISTURADOR 300 KG, APLICADO EM ÁREAS SECAS SOBRE LAJE, NÃO ADERIDO, ESPESSURA 5CM. AF_07/2021","M2",117.25]
[87757,"CONTRAPISO EM ARGAMASSA TRAÇO 1:4 (CIMENTO E AREIA), PREPARO MANUAL, APLICADO EM ÁREAS MOLHADAS SOBRE IMPERMEABILIZAÇÃO, ACABAMENTO NÃO REFORÇADO, ESPESSURA 3CM. AF_07/2021","M2",55.35]
[87767,"CONTRAPISO EM ARGAMASSA TRAÇO 1:4 (CIMENTO E AREIA), PREPARO MANUAL, APLICADO EM ÁREAS MOLHADAS SOBRE IMPERMEABILIZAÇÃO, ACABAMENTO NÃO REFORÇADO, ESPESSURA 4CM. AF_07/2021","M2",63.76]
[87737,"CONTRAPISO EM ARGAMASSA TRAÇO 1:4 (CIMENTO E AREIA), PREPARO MANUAL, APLICADO EM ÁREAS MOLHADAS SOBRE LAJE, ADERIDO, ACABAMENTO NÃO REFORÇADO, ESPESSURA 2CM. AF_07/2021","M2",47.08]
[87747,"CONTRAPISO EM ARGAMASSA TRAÇO 1:4 (CIMENTO E AREIA), PREPARO MANUAL, APLICADO EM ÁREAS MOLHADAS SOBRE LAJE, ADERIDO, ACABAMENTO NÃO REFORÇADO, ESPESSURA 3CM. AF_07/2021","M2",57.29]
[87622,"CONTRAPISO EM ARGAMASSA TRAÇO 1:4 (CIMENTO E AREIA), PREPARO MANUAL, APLICADO EM ÁREAS SECAS SOBRE LAJE, ADERIDO, ACABAMENTO NÃO REFORÇADO, ESPESSURA 2CM. AF_07/2021","M2",34.770000000000003]
[87632,"CONTRAPISO EM ARGAMASSA TRAÇO 1:4 (CIMENTO E AREIA), PREPARO MANUAL, APLICADO EM ÁREAS SECAS SOBRE LAJE, ADERIDO, ACABAMENTO NÃO REFORÇADO, ESPESSURA 3CM. AF_07/2021","M2",44.97]
[87642,"CONTRAPISO EM ARGAMASSA TRAÇO 1:4 (CIMENTO E AREIA), PREPARO MANUAL, APLICADO EM ÁREAS SECAS SOBRE LAJE, ADERIDO, ACABAMENTO NÃO REFORÇADO, ESPESSURA 4CM. AF_07/2021","M2",53.34]
[87682,"CONTRAPISO EM ARGAMASSA TRAÇO 1:4 (CIMENTO E AREIA), PREPARO MANUAL, APLICADO EM ÁREAS SECAS SOBRE LAJE, NÃO ADERIDO, ACABAMENTO NÃO REFORÇADO, ESPESSURA 4CM. AF_07/2021","M2",49.02]
[87692,"CONTRAPISO EM ARGAMASSA TRAÇO 1:4 (CIMENTO E AREIA), PREPARO MANUAL, APLICADO EM ÁREAS SECAS SOBRE LAJE, NÃO ADERIDO, ACABAMENTO NÃO REFORÇADO, ESPESSURA 5CM. AF_07/2021","M2",56.18]
[87702,"CONTRAPISO EM ARGAMASSA TRAÇO 1:4 (CIMENTO E AREIA), PREPARO MANUAL, APLICADO EM ÁREAS SECAS SOBRE LAJE, NÃO ADERIDO, ACABAMENTO NÃO REFORÇADO, ESPESSURA 6CM. AF_07/2021","M2",60.73]
[87755,"CONTRAPISO EM ARGAMASSA TRAÇO 1:4 (CIMENTO E AREIA), PREPARO MECÂNICO COM BETONEIRA 400 L, APLICADO EM ÁREAS MOLHADAS SOBRE IMPERMEABILIZAÇÃO, ACABAMENTO NÃO REFORÇADO, ESPESSURA 3CM. AF_07/2021","M2",51.05]
[87765,"CONTRAPISO EM ARGAMASSA TRAÇO 1:4 (CIMENTO E AREIA), PREPARO MECÂNICO COM BETONEIRA 400 L, APLICADO EM ÁREAS MOLHADAS SOBRE IMPERMEABILIZAÇÃO, ACABAMENTO NÃO REFORÇADO, ESPESSURA 4CM. AF_07/2021","M2",58.47]
[87735,"CONTRAPISO EM ARGAMASSA TRAÇO 1:4 (CIMENTO E AREIA), PREPARO MECÂNICO COM BETONEIRA 400 L, APLICADO EM ÁREAS MOLHADAS SOBRE LAJE, ADERIDO, ACABAMENTO NÃO REFORÇADO, ESPESSURA 2CM. AF_07/2021","M2",43.98]
[87745,"CONTRAPISO EM ARGAMASSA TRAÇO 1:4 (CIMENTO E AREIA), PREPARO MECÂNICO COM BETONEIRA 400 L, APLICADO EM ÁREAS MOLHADAS SOBRE LAJE, ADERIDO, ACABAMENTO NÃO REFORÇADO, ESPESSURA 3CM. AF_07/2021","M2",52.99]
[87620,"CONTRAPISO EM ARGAMASSA TRAÇO 1:4 (CIMENTO E AREIA), PREPARO MECÂNICO COM BETONEIRA 400 L, APLICADO EM ÁREAS SECAS SOBRE LAJE, ADERIDO, ACABAMENTO NÃO REFORÇADO, ESPESSURA 2CM. AF_07/2021","M2",31.67]
[87630,"CONTRAPISO EM ARGAMASSA TRAÇO 1:4 (CIMENTO E AREIA), PREPARO MECÂNICO COM BETONEIRA 400 L, APLICADO EM ÁREAS SECAS SOBRE LAJE, ADERIDO, ACABAMENTO NÃO REFORÇADO, ESPESSURA 3CM. AF_07/2021","M2",40.67]
[87640,"CONTRAPISO EM ARGAMASSA TRAÇO 1:4 (CIMENTO E AREIA), PREPARO MECÂNICO COM BETONEIRA 400 L, APLICADO EM ÁREAS SECAS SOBRE LAJE, ADERIDO, ACABAMENTO NÃO REFORÇADO, ESPESSURA 4CM. AF_07/2021","M2",48.05]
[87680,"CONTRAPISO EM ARGAMASSA TRAÇO 1:4 (CIMENTO E AREIA), PREPARO MECÂNICO COM BETONEIRA 400 L, APLICADO EM ÁREAS SECAS SOBRE LAJE, NÃO ADERIDO, ACABAMENTO NÃO REFORÇADO, ESPESSURA 4CM. AF_07/2021","M2",43.73]
[87690,"CONTRAPISO EM ARGAMASSA TRAÇO 1:4 (CIMENTO E AREIA), PREPARO MECÂNICO COM BETONEIRA 400 L, APLICADO EM ÁREAS SECAS SOBRE LAJE, NÃO ADERIDO, ACABAMENTO NÃO REFORÇADO, ESPESSURA 5CM. AF_07/2021","M2",50.12]
[87700,"CONTRAPISO EM ARGAMASSA TRAÇO 1:4 (CIMENTO E AREIA), PREPARO MECÂNICO COM BETONEIRA 400 L, APLICADO EM ÁREAS SECAS SOBRE LAJE, NÃO ADERIDO, ACABAMENTO NÃO REFORÇADO, ESPESSURA 6CM. AF_07/2021","M2",54.13]
[102803,"REFORÇO SUPERFICIAL PARA CONTRAPISOS DE ARGAMASSA SEMI-SECA. AF_07/2021","M2",2.39]
[92717,"APARELHO PARA CORTE E SOLDA OXI-ACETILENO SOBRE RODAS, INCLUSIVE CILINDROS E MAÇARICOS - CHI DIURNO. AF_05/2023","CHI",0.23]
[92716,"APARELHO PARA CORTE E SOLDA OXI-ACETILENO SOBRE RODAS, INCLUSIVE CILINDROS E MAÇARICOS - CHP DIURNO. AF_05/2023","CHP",129.80000000000001]
[103668,"BATE ESTACA PARA INSTALAÇÃO DE DEFENSAS METÁLICAS (GUARD RAIL) FIXO, INCLUSIVE CAMINHÃO TOCO PBT 9.700 KG, POTÊNCIA DE 160 CV - CHI DIURNO. AF_05/2023","CHI",0]
[103667,"BATE ESTACA PARA INSTALAÇÃO DE DEFENSAS METÁLICAS (GUARD RAIL) FIXO, INCLUSIVE CAMINHÃO TOCO PBT 9.700 KG, POTÊNCIA DE 160 CV - CHP DIURNO. AF_05/2023","CHP",0]
[89218,"BATE-ESTACAS POR GRAVIDADE, POTÊNCIA DE 160 HP, PESO DO MARTELO ATÉ 3 TONELADAS - CHI DIURNO. AF_11/2014","CHI",92.8]
[89843,"BATE-ESTACAS POR GRAVIDADE, POTÊNCIA DE 160 HP, PESO DO MARTELO ATÉ 3 TONELADAS - CHP DIURNO. AF_11/2014","CHP",217.99]
[87446,"BETONEIRA CAPACIDADE NOMINAL 400 L, CAPACIDADE DE MISTURA 310 L, MOTOR A DIESEL POTÊNCIA 5,0 HP, SEM CARREGADOR - CHI DIURNO. AF_05/2023","CHI",0.67]
[87445,"BETONEIRA CAPACIDADE NOMINAL 400 L, CAPACIDADE DE MISTURA 310 L, MOTOR A DIESEL POTÊNCIA 5,0 HP, SEM CARREGADOR - CHP DIURNO. AF_05/2023","CHP",5.74]
[93234,"BETONEIRA CAPACIDADE NOMINAL 400 L, CAPACIDADE DE MISTURA 310 L, MOTOR A GASOLINA POTÊNCIA 5,5 HP, SEM CARREGADOR - CHI DIURNO. AF_02/2016","CHI",0.62]
[93233,"BETONEIRA CAPACIDADE NOMINAL 400 L, CAPACIDADE DE MISTURA 310 L, MOTOR A GASOLINA POTÊNCIA 5,5 HP, SEM CARREGADOR - CHP DIURNO. AF_02/2016","CHP",6.04]
[102953,"BETONEIRA CAPACIDADE NOMINAL DE 250 L, CAPACIDADE DE MISTURA DE 175 L, MOTOR ELÉTRICO MONOFÁSICO POTÊNCIA 1CV - CHI DIURNO. AF_05/2023","CHI",0]
[102952,"BETONEIRA CAPACIDADE NOMINAL DE 250 L, CAPACIDADE DE MISTURA DE 175 L, MOTOR ELÉTRICO MONOFÁSICO POTÊNCIA 1CV - CHP DIURNO. AF_05/2023","CHP",0]
[88831,"BETONEIRA CAPACIDADE NOMINAL DE 400 L, CAPACIDADE DE MISTURA 280 L, MOTOR ELÉTRICO TRIFÁSICO POTÊNCIA DE 2 CV, SEM CARREGADOR - CHI DIURNO. AF_05/2023","CHI",0.49]
[88830,"BETONEIRA CAPACIDADE NOMINAL DE 400 L, CAPACIDADE DE MISTURA 280 L, MOTOR ELÉTRICO TRIFÁSICO POTÊNCIA DE 2 CV, SEM CARREGADOR - CHP DIURNO. AF_05/2023","CHP",2.1800000000000002]
[89226,"BETONEIRA CAPACIDADE NOMINAL DE 600 L, CAPACIDADE DE MISTURA 360 L, MOTOR ELÉTRICO TRIFÁSICO POTÊNCIA DE 4 CV, SEM CARREGADOR - CHI DIURNO. AF_05/2023","CHI",2.04]
[89225,"BETONEIRA CAPACIDADE NOMINAL DE 600 L, CAPACIDADE DE MISTURA 360 L, MOTOR ELÉTRICO TRIFÁSICO POTÊNCIA DE 4 CV, SEM CARREGADOR - CHP DIURNO. AF_05/2023","CHP",6.36]
[89279,"BETONEIRA CAPACIDADE NOMINAL DE 600 L, CAPACIDADE DE MISTURA 440 L, MOTOR A DIESEL POTÊNCIA 10 HP, COM CARREGADOR - CHI DIURNO. AF_05/2023","CHI",2.48]
[89278,"BETONEIRA CAPACIDADE NOMINAL DE 600 L, CAPACIDADE DE MISTURA 440 L, MOTOR A DIESEL POTÊNCIA 10 HP, COM CARREGADOR - CHP DIURNO. AF_05/2023","CHP",13.78]
[90651,"BOMBA CENTRÍFUGA MONOESTÁGIO COM MOTOR ELÉTRICO MONOFÁSICO, POTÊNCIA 15 HP, DIÂMETRO DO ROTOR 173 MM, HM/Q = 30 MCA / 90 M3/H A 45 MCA / 55 M3/H - CHI DIURNO. AF_06/2015","CHI",1.29]
[90650,"BOMBA CENTRÍFUGA MONOESTÁGIO COM MOTOR ELÉTRICO MONOFÁSICO, POTÊNCIA 15 HP, DIÂMETRO DO ROTOR 173 MM, HM/Q = 30 MCA / 90 M3/H A 45 MCA / 55 M3/H - CHP DIURNO. AF_06/2015","CHP",12.14]
[90657,"BOMBA DE PROJEÇÃO DE CONCRETO SECO, POTÊNCIA 10 CV, VAZÃO 3 M3/H - CHI DIURNO. AF_06/2015","CHI",6.14]
[90656,"BOMBA DE PROJEÇÃO DE CONCRETO SECO, POTÊNCIA 10 CV, VAZÃO 3 M3/H - CHP DIURNO. AF_06/2015","CHP",17.98]
[90663,"BOMBA DE PROJEÇÃO DE CONCRETO SECO, POTÊNCIA 10 CV, VAZÃO 6 M3/H - CHI DIURNO. AF_06/2015","CHI",6.57]
[90662,"BOMBA DE PROJEÇÃO DE CONCRETO SECO, POTÊNCIA 10 CV, VAZÃO 6 M3/H - CHP DIURNO. AF_06/2015","CHP",18.8]
[89022,"BOMBA SUBMERSÍVEL ELÉTRICA TRIFÁSICA, POTÊNCIA 2,96 HP, Ø ROTOR 144 MM SEMI-ABERTO, BOCAL DE SAÍDA Ø 2\", HM/Q = 2 MCA / 38,8 M3/H A 28 MCA / 5 M3/H - CHI DIURNO. AF_06/2014","CHI",0.59]
[89021,"BOMBA SUBMERSÍVEL ELÉTRICA TRIFÁSICA, POTÊNCIA 2,96 HP, Ø ROTOR 144 MM SEMI-ABERTO, BOCAL DE SAÍDA Ø 2\", HM/Q = 2 MCA / 38,8 M3/H A 28 MCA / 5 M3/H - CHP DIURNO. AF_06/2014","CHP",3.03]
[90644,"BOMBA TRIPLEX, PARA INJEÇÃO DE NATA DE CIMENTO, VAZÃO MÁXIMA DE 100 LITROS/MINUTO, PRESSÃO MÁXIMA DE 70 BAR - CHI DIURNO. AF_06/2015","CHI",9.43]
[90643,"BOMBA TRIPLEX, PARA INJEÇÃO DE NATA DE CIMENTO, VAZÃO MÁXIMA DE 100 LITROS/MINUTO, PRESSÃO MÁXIMA DE 70 BAR - CHP DIURNO. AF_06/2015","CHP",30.97]
[102811,"CALDEIRA A GÁS COM TERMOSTATO, CAPACIDADE 100 LITROS - CHI DIURNO. AF_05/2023","CHI",0]
[102810,"CALDEIRA A GÁS COM TERMOSTATO, CAPACIDADE 100 LITROS - CHP DIURNO. AF_05/2023","CHP",0]
[92146,"CAMINHONETE CABINE SIMPLES COM MOTOR 1.6 FLEX, CÂMBIO MANUAL, POTÊNCIA 101/104 CV, 2 PORTAS - CHI DIURNO. AF_11/2015","CHI",33.69]
[92145,"CAMINHONETE CABINE SIMPLES COM MOTOR 1.6 FLEX, CÂMBIO MANUAL, POTÊNCIA 101/104 CV, 2 PORTAS - CHP DIURNO. AF_11/2015","CHP",81.13]
[92139,"CAMINHONETE COM MOTOR A DIESEL, POTÊNCIA 180 CV, CABINE DUPLA, 4X4 - CHI DIURNO. AF_11/2015","CHI",45.27]
[92138,"CAMINHONETE COM MOTOR A DIESEL, POTÊNCIA 180 CV, CABINE DUPLA, 4X4 - CHP DIURNO. AF_11/2015","CHP",98.12]
[91387,"CAMINHÃO BASCULANTE 10 M3, TRUCADO CABINE SIMPLES, PESO BRUTO TOTAL 23.000 KG, CARGA ÚTIL MÁXIMA 15.935 KG, DISTÂNCIA ENTRE EIXOS 4,80 M, POTÊNCIA 230 CV INCLUSIVE CAÇAMBA METÁLICA - CHI DIURNO. AF_06/2014","CHI",74.72]
[91386,"CAMINHÃO BASCULANTE 10 M3, TRUCADO CABINE SIMPLES, PESO BRUTO TOTAL 23.000 KG, CARGA ÚTIL MÁXIMA 15.935 KG, DISTÂNCIA ENTRE EIXOS 4,80 M, POTÊNCIA 230 CV INCLUSIVE CAÇAMBA METÁLICA - CHP DIURNO. AF_06/2014","CHP",274.39999999999998]
[96036,"CAMINHÃO BASCULANTE 10 M3, TRUCADO, POTÊNCIA 230 CV, INCLUSIVE CAÇAMBA METÁLICA, COM DISTRIBUIDOR DE AGREGADOS ACOPLADO - CHI DIURNO. AF_02/2017","CHI",83.03]
[96035,"CAMINHÃO BASCULANTE 10 M3, TRUCADO, POTÊNCIA 230 CV, INCLUSIVE CAÇAMBA METÁLICA, COM DISTRIBUIDOR DE AGREGADOS ACOPLADO - CHP DIURNO. AF_02/2017","CHP",288.10000000000002]
[89877,"CAMINHÃO BASCULANTE 14 M3, COM CAVALO MECÂNICO DE CAPACIDADE MÁXIMA DE TRAÇÃO COMBINADO DE 36000 KG, POTÊNCIA 286 CV, INCLUSIVE SEMIREBOQUE COM CAÇAMBA METÁLICA - CHI DIURNO. AF_12/2014","CHI",89.77]
[89876,"CAMINHÃO BASCULANTE 14 M3, COM CAVALO MECÂNICO DE CAPACIDADE MÁXIMA DE TRAÇÃO COMBINADO DE 36000 KG, POTÊNCIA 286 CV, INCLUSIVE SEMIREBOQUE COM CAÇAMBA METÁLICA - CHP DIURNO. AF_12/2014","CHP",341.75]
[89884,"CAMINHÃO BASCULANTE 18 M3, COM CAVALO MECÂNICO DE CAPACIDADE MÁXIMA DE TRAÇÃO COMBINADO DE 45000 KG, POTÊNCIA 330 CV, INCLUSIVE SEMIREBOQUE COM CAÇAMBA METÁLICA - CHI DIURNO. AF_12/2014","CHI",93.69]
[89883,"CAMINHÃO BASCULANTE 18 M3, COM CAVALO MECÂNICO DE CAPACIDADE MÁXIMA DE TRAÇÃO COMBINADO DE 45000 KG, POTÊNCIA 330 CV, INCLUSIVE SEMIREBOQUE COM CAÇAMBA METÁLICA - CHP DIURNO. AF_12/2014","CHP",378.26]
[67827,"CAMINHÃO BASCULANTE 6 M3 TOCO, PESO BRUTO TOTAL 16.000 KG, CARGA ÚTIL MÁXIMA 11.130 KG, DISTÂNCIA ENTRE EIXOS 5,36 M, POTÊNCIA 185 CV, INCLUSIVE CAÇAMBA METÁLICA - CHI DIURNO. AF_06/2014","CHI",65.400000000000006]
[67826,"CAMINHÃO BASCULANTE 6 M3 TOCO, PESO BRUTO TOTAL 16.000 KG, CARGA ÚTIL MÁXIMA 11.130 KG, DISTÂNCIA ENTRE EIXOS 5,36 M, POTÊNCIA 185 CV, INCLUSIVE CAÇAMBA METÁLICA - CHP DIURNO. AF_06/2014","CHP",191.02]
[5961,"CAMINHÃO BASCULANTE 6 M3, PESO BRUTO TOTAL 16.000 KG, CARGA ÚTIL MÁXIMA 13.071 KG, DISTÂNCIA ENTRE EIXOS 4,80 M, POTÊNCIA 230 CV INCLUSIVE CAÇAMBA METÁLICA - CHI DIURNO. AF_06/2014","CHI",64.22]
[5811,"CAMINHÃO BASCULANTE 6 M3, PESO BRUTO TOTAL 16.000 KG, CARGA ÚTIL MÁXIMA 13.071 KG, DISTÂNCIA ENTRE EIXOS 4,80 M, POTÊNCIA 230 CV INCLUSIVE CAÇAMBA METÁLICA - CHP DIURNO. AF_06/2014","CHP",209.26]
[92243,"CAMINHÃO DE TRANSPORTE DE MATERIAL ASFÁLTICO 20.000 L, COM CAVALO MECÂNICO DE CAPACIDADE MÁXIMA DE TRAÇÃO COMBINADO DE 45.000 KG, POTÊNCIA 330 CV, INCLUSIVE TANQUE DE ASFALTO COM MAÇARICO - CHI DIURNO. AF_12/2015","CHI",81.48]
[92242,"CAMINHÃO DE TRANSPORTE DE MATERIAL ASFÁLTICO 20.000 L, COM CAVALO MECÂNICO DE CAPACIDADE MÁXIMA DE TRAÇÃO COMBINADO DE 45.000 KG, POTÊNCIA 330 CV, INCLUSIVE TANQUE DE ASFALTO COM MAÇARICO - CHP DIURNO. AF_12/2015","CHP",422.9]
[91646,"CAMINHÃO DE TRANSPORTE DE MATERIAL ASFÁLTICO 30.000 L, COM CAVALO MECÂNICO DE CAPACIDADE MÁXIMA DE TRAÇÃO COMBINADO DE 66.000 KG, POTÊNCIA 360 CV, INCLUSIVE TANQUE DE ASFALTO COM SERPENTINA - CHI DIURNO. AF_08/2015","CHI",98.48]
[91645,"CAMINHÃO DE TRANSPORTE DE MATERIAL ASFÁLTICO 30.000 L, COM CAVALO MECÂNICO DE CAPACIDADE MÁXIMA DE TRAÇÃO COMBINADO DE 66.000 KG, POTÊNCIA 360 CV, INCLUSIVE TANQUE DE ASFALTO COM SERPENTINA - CHP DIURNO. AF_08/2015","CHP",485.9]
[92107,"CAMINHÃO PARA EQUIPAMENTO DE LIMPEZA A SUCÇÃO COM CAMINHÃO TRUCADO DE PESO BRUTO TOTAL 23000 KG, CARGA ÚTIL MÁXIMA 15935 KG, DISTÂNCIA ENTRE EIXOS 4,80 M, POTÊNCIA 230 CV, INCLUSIVE LIMPADORA A SUCÇÃO, TANQUE 12000 L - CHI DIURNO. AF_05/2023","CHI",96.16]
[92106,"CAMINHÃO PARA EQUIPAMENTO DE LIMPEZA A SUCÇÃO, COM CAMINHÃO TRUCADO DE PESO BRUTO TOTAL 23000 KG, CARGA ÚTIL MÁXIMA 15935 KG, DISTÂNCIA ENTRE EIXOS 4,80 M, POTÊNCIA 230 CV, INCLUSIVE LIMPADORA A SUCÇÃO, TANQUE 12000 L - CHP DIURNO. AF_05/2023","CHP",369.79]
[5903,"CAMINHÃO PIPA 10.000 L TRUCADO, PESO BRUTO TOTAL 23.000 KG, CARGA ÚTIL MÁXIMA 15.935 KG, DISTÂNCIA ENTRE EIXOS 4,8 M, POTÊNCIA 230 CV, INCLUSIVE TANQUE DE AÇO PARA TRANSPORTE DE ÁGUA - CHI DIURNO. AF_06/2014","CHI",73.58]
[5901,"CAMINHÃO PIPA 10.000 L TRUCADO, PESO BRUTO TOTAL 23.000 KG, CARGA ÚTIL MÁXIMA 15.935 KG, DISTÂNCIA ENTRE EIXOS 4,8 M, POTÊNCIA 230 CV, INCLUSIVE TANQUE DE AÇO PARA TRANSPORTE DE ÁGUA - CHP DIURNO. AF_06/2014","CHP",325.24]
[6260,"CAMINHÃO PIPA 6.000 L, PESO BRUTO TOTAL 13.000 KG, DISTÂNCIA ENTRE EIXOS 4,80 M, POTÊNCIA 189 CV INCLUSIVE TANQUE DE AÇO PARA TRANSPORTE DE ÁGUA, CAPACIDADE 6 M3 - CHI DIURNO. AF_06/2014","CHI",61.36]
[6259,"CAMINHÃO PIPA 6.000 L, PESO BRUTO TOTAL 13.000 KG, DISTÂNCIA ENTRE EIXOS 4,80 M, POTÊNCIA 189 CV INCLUSIVE TANQUE DE AÇO PARA TRANSPORTE DE ÁGUA, CAPACIDADE 6 M3 - CHP DIURNO. AF_06/2014","CHP",262.83]
[104705,"CAMINHÃO TANQUE PARA HIDROSSEMEADURA, COM CAPACIDADE DE 8.000 LITROS, INCLUINDO BOMBA PARA LANÇAMENTO COM MOTOR DIESEL COM POTÊNCIA DE 105 CV - CHI DIURNO. AF_06/2023","CHI",0]
[104704,"CAMINHÃO TANQUE PARA HIDROSSEMEADURA, COM CAPACIDADE DE 8.000 LITROS, INCLUINDO BOMBA PARA LANÇAMENTO COM MOTOR DIESEL COM POTÊNCIA DE 105 CV - CHP DIURNO. AF_06/2023","CHP",0]
[91395,"CAMINHÃO TOCO, PBT 14.300 KG, CARGA ÚTIL MÁX. 9.710 KG, DIST. ENTRE EIXOS 3,56 M, POTÊNCIA 185 CV, INCLUSIVE CARROCERIA FIXA ABERTA DE MADEIRA P/ TRANSPORTE GERAL DE CARGA SECA, DIMEN. APROX. 2,50 X 6,50 X 0,50 M - CHI DIURNO. AF_06/2014","CHI",59.13]
[73467,"CAMINHÃO TOCO, PBT 14.300 KG, CARGA ÚTIL MÁX. 9.710 KG, DIST. ENTRE EIXOS 3,56 M, POTÊNCIA 185 CV, INCLUSIVE CARROCERIA FIXA ABERTA DE MADEIRA P/ TRANSPORTE GERAL DE CARGA SECA, DIMEN. APROX. 2,50 X 6,50 X 0,50 M - CHP DIURNO. AF_06/2014","CHP",255.31]
[5826,"CAMINHÃO TOCO, PBT 16.000 KG, CARGA ÚTIL MÁX. 10.685 KG, DIST. ENTRE EIXOS 4,8 M, POTÊNCIA 189 CV, INCLUSIVE CARROCERIA FIXA ABERTA DE MADEIRA P/ TRANSPORTE GERAL DE CARGA SECA, DIMEN. APROX. 2,5 X 7,00 X 0,50 M - CHI DIURNO. AF_06/2014","CHI",61.93]
[5824,"CAMINHÃO TOCO, PBT 16.000 KG, CARGA ÚTIL MÁX. 10.685 KG, DIST. ENTRE EIXOS 4,8 M, POTÊNCIA 189 CV, INCLUSIVE CARROCERIA FIXA ABERTA DE MADEIRA P/ TRANSPORTE GERAL DE CARGA SECA, DIMEN. APROX. 2,5 X 7,00 X 0,50 M - CHP DIURNO. AF_06/2014","CHP",221.25]
[5892,"CAMINHÃO TOCO, PESO BRUTO TOTAL 14.300 KG, CARGA ÚTIL MÁXIMA 9590 KG, DISTÂNCIA ENTRE EIXOS 4,76 M, POTÊNCIA 185 CV (NÃO INCLUI CARROCERIA) - CHI DIURNO. AF_06/2014","CHI",56.84]
[5890,"CAMINHÃO TOCO, PESO BRUTO TOTAL 14.300 KG, CARGA ÚTIL MÁXIMA 9590 KG, DISTÂNCIA ENTRE EIXOS 4,76 M, POTÊNCIA 185 CV (NÃO INCLUI CARROCERIA) - CHP DIURNO. AF_06/2014","CHP",208.21]
[5896,"CAMINHÃO TOCO, PESO BRUTO TOTAL 16.000 KG, CARGA ÚTIL MÁXIMA DE 10.685 KG, DISTÂNCIA ENTRE EIXOS 4,80 M, POTÊNCIA 189 CV EXCLUSIVE CARROCERIA - CHI DIURNO. AF_06/2014","CHI",59.47]
[5894,"CAMINHÃO TOCO, PESO BRUTO TOTAL 16.000 KG, CARGA ÚTIL MÁXIMA DE 10.685 KG, DISTÂNCIA ENTRE EIXOS 4,80 M, POTÊNCIA 189 CV EXCLUSIVE CARROCERIA - CHP DIURNO. AF_06/2014","CHP",216.53]
[91032,"CAMINHÃO TRUCADO (C/ TERCEIRO EIXO) ELETRÔNICO - POTÊNCIA 231CV - PBT = 22000KG - DIST. ENTRE EIXOS 5170 MM - INCLUI CARROCERIA FIXA ABERTA DE MADEIRA - CHI DIURNO. AF_06/2015","CHI",67.510000000000005]
[91031,"CAMINHÃO TRUCADO (C/ TERCEIRO EIXO) ELETRÔNICO - POTÊNCIA 231CV - PBT = 22000KG - DIST. ENTRE EIXOS 5170 MM - INCLUI CARROCERIA FIXA ABERTA DE MADEIRA - CHP DIURNO. AF_06/2015","CHP",265.18]
[102817,"CENTRAL DE LAMA BENTONÍTICA (DEPÓSITO DE BENTONITA, MISTURADOR DE ALTA TURBULÊNCIA, SILOS DE ARMAZENAMENTO DE LAMA E ÁGUA, LABORATÓRIO DE CONTROLE DE QUALIDADE DA LAMA) - CHI DIURNO. AF_04/2019","CHI",0]
[102816,"CENTRAL DE LAMA BENTONÍTICA (DEPÓSITO DE BENTONITA, MISTURADOR DE ALTA TURBULÊNCIA, SILOS DE ARMAZENAMENTO DE LAMA E ÁGUA, LABORATÓRIO DE CONTROLE DE QUALIDADE DA LAMA) - CHP DIURNO. AF_04/2019","CHP",0]
[91534,"COMPACTADOR DE SOLOS DE PERCUSSÃO (SOQUETE) COM MOTOR A GASOLINA 4 TEMPOS, POTÊNCIA 4 CV - CHI DIURNO. AF_08/2015","CHI",34.159999999999997]
[91533,"COMPACTADOR DE SOLOS DE PERCUSSÃO (SOQUETE) COM MOTOR A GASOLINA 4 TEMPOS, POTÊNCIA 4 CV - CHP DIURNO. AF_08/2015","CHP",41.38]
[95265,"COMPACTADOR DE SOLOS DE PERCUSÃO (SOQUETE) COM MOTOR A GASOLINA, POTÊNCIA 3 CV - CHI DIURNO. AF_09/2016","CHI",0.67]
[95264,"COMPACTADOR DE SOLOS DE PERCUSÃO (SOQUETE) COM MOTOR A GASOLINA, POTÊNCIA 3 CV - CHP DIURNO. AF_09/2016","CHP",6.18]
[90973,"COMPRESSOR DE AR REBOCAVEL, VAZÃO 250 PCM, PRESSAO DE TRABALHO 102 PSI, MOTOR A DIESEL POTÊNCIA 81 CV - CHI DIURNO. AF_06/2015","CHI",8.91]
[90972,"COMPRESSOR DE AR REBOCAVEL, VAZÃO 250 PCM, PRESSAO DE TRABALHO 102 PSI, MOTOR A DIESEL POTÊNCIA 81 CV - CHP DIURNO. AF_06/2015","CHP",81.22]
[91001,"COMPRESSOR DE AR REBOCAVEL, VAZÃO 400 PCM, PRESSAO DE TRABALHO 102 PSI, MOTOR A DIESEL POTÊNCIA 110 CV - CHI DIURNO. AF_06/2015","CHI",10.57]
[90999,"COMPRESSOR DE AR REBOCAVEL, VAZÃO 400 PCM, PRESSAO DE TRABALHO 102 PSI, MOTOR A DIESEL POTÊNCIA 110 CV - CHP DIURNO. AF_06/2015","CHP",107.28]
[5954,"COMPRESSOR DE AR REBOCÁVEL, VAZÃO 189 PCM, PRESSÃO EFETIVA DE TRABALHO 102 PSI, MOTOR DIESEL, POTÊNCIA 63 CV - CHI DIURNO. AF_06/2015","CHI",6.65]
[5953,"COMPRESSOR DE AR REBOCÁVEL, VAZÃO 189 PCM, PRESSÃO EFETIVA DE TRABALHO 102 PSI, MOTOR DIESEL, POTÊNCIA 63 CV - CHP DIURNO. AF_06/2015","CHP",62.62]
[90982,"COMPRESSOR DE AR REBOCÁVEL, VAZÃO 748 PCM, PRESSÃO EFETIVA DE TRABALHO 102 PSI, MOTOR DIESEL, POTÊNCIA 210 CV - CHI DIURNO. AF_06/2015","CHI",22.65]
[90979,"COMPRESSOR DE AR REBOCÁVEL, VAZÃO 748 PCM, PRESSÃO EFETIVA DE TRABALHO 102 PSI, MOTOR DIESEL, POTÊNCIA 210 CV - CHP DIURNO. AF_06/2015","CHP",209.77]
[90965,"COMPRESSOR DE AR REBOCÁVEL, VAZÃO 89 PCM, PRESSÃO EFETIVA DE TRABALHO 102 PSI, MOTOR DIESEL, POTÊNCIA 20 CV - CHI DIURNO. AF_06/2015","CHI",8.89]
[90964,"COMPRESSOR DE AR REBOCÁVEL, VAZÃO 89 PCM, PRESSÃO EFETIVA DE TRABALHO 102 PSI, MOTOR DIESEL, POTÊNCIA 20 CV - CHP DIURNO. AF_06/2015","CHP",33.340000000000003]
[102970,"COMPRESSOR DE AR, VAZAO DE 10 PCM, RESERVATORIO 100 L, PRESSAO DE TRABALHO ENTRE 6,9 E 9,7 BAR  POTENCIA 2 HP, TENSAO 110/220 V - CHI DIURNO. AF_05/2023","CHI",0]
[102971,"COMPRESSOR DE AR, VAZAO DE 10 PCM, RESERVATORIO 100 L, PRESSAO DE TRABALHO ENTRE 6,9 E 9,7 BAR, POTENCIA 2 HP, TENSAO 110/220 V - CHP DIURNO. AF_05/2023","CHP",0]
[102822,"CONJUNTO CILINDRO E BOMBA HIDRÁULICA PARA PROTENSÃO DE MONOBARRAS PARA TIRANTES, ESFORÇO MÁXIMO DE 30 TONELADAS  - CHI DIURNO. AF_05/2023","CHI",0]
[102821,"CONJUNTO CILINDRO E BOMBA HIDRÁULICA PARA PROTENSÃO DE MONOBARRAS PARA TIRANTES, ESFORÇO MÁXIMO DE 30 TONELADAS  - CHP DIURNO. AF_05/2023","CHP",0]
[102828,"CONJUNTO MACACO E BOMBA HIDRÁULICA PARA PROTENSAO DE CORDOALHAS, ESFORÇO MAXIMO DE 115 TONELADAS - CHI DIURNO. AF_05/2023","CHI",0]
[102827,"CONJUNTO MACACO E BOMBA HIDRÁULICA PARA PROTENSAO DE CORDOALHAS, ESFORÇO MAXIMO DE 115 TONELADAS - CHP DIURNO. AF_05/2023","CHP",0]
[103939,"CONJUNTO MACACO HIDRÁULICO E CENTRAL DE BOMBEAMENTO MOTORIZADO 1,8 KW PARA PROTENSÃO DE MONOCABOS PARA CONCRETO PROTENDIDO, ESFORÇO MÁXIMO DE 20 TONELADAS  - CHI DIURNO. AF_05/2022","CHI",0]
[103938,"CONJUNTO MACACO HIDRÁULICO E CENTRAL DE BOMBEAMENTO MOTORIZADO 1,8 KW PARA PROTENSÃO DE MONOCABOS PARA CONCRETO PROTENDIDO, ESFORÇO MÁXIMO DE 20 TONELADAS  - CHP DIURNO. AF_05/2022","CHP",0]
[103945,"CONJUNTO MACACO HIDRÁULICO E CENTRAL DE BOMBEAMENTO MOTORIZADO 1,8 KW PARA PROTENSÃO DE MONOCABOS PARA CONCRETO PROTENDIDO, ESFORÇO MÁXIMO DE 30 TONELADAS  - CHI DIURNO. AF_05/2022","CHI",0]
[103944,"CONJUNTO MACACO HIDRÁULICO E CENTRAL DE BOMBEAMENTO MOTORIZADO 1,8 KW PARA PROTENSÃO DE MONOCABOS PARA CONCRETO PROTENDIDO, ESFORÇO MÁXIMO DE 30 TONELADAS  - CHP DIURNO. AF_05/2022","CHP",0]
[91285,"CORTADORA DE PISO COM MOTOR 4 TEMPOS A GASOLINA, POTÊNCIA DE 13 HP, COM DISCO DE CORTE DIAMANTADO SEGMENTADO PARA CONCRETO, DIÂMETRO DE 350 MM, FURO DE 1\" (14 X 1\") - CHI DIURNO. AF_08/2015","CHI",0.89]
[91283,"CORTADORA DE PISO COM MOTOR 4 TEMPOS A GASOLINA, POTÊNCIA DE 13 HP, COM DISCO DE CORTE DIAMANTADO SEGMENTADO PARA CONCRETO, DIÂMETRO DE 350 MM, FURO DE 1\" (14 X 1\") - CHP DIURNO. AF_08/2015","CHP",10.81]
[95283,"DESEMPENADEIRA DE CONCRETO, PESO DE 78 KG, 4 PÁS, MOTOR A GASOLINA, POTÊNCIA 5,5 HP - CHI DIURNO. AF_05/2023","CHI",0.8]
[95282,"DESEMPENADEIRA DE CONCRETO, PESO DE 78 KG, 4 PÁS, MOTOR A GASOLINA, POTÊNCIA 5,5 HP - CHP DIURNO. AF_05/2023","CHP",10.4]
[95128,"DISTRIBUIDOR DE AGREGADOS AUTOPROPELIDO, CAP 3 M3, A DIESEL, POTÊNCIA 176CV - CHI DIURNO. AF_07/2016","CHI",56.72]
[95127,"DISTRIBUIDOR DE AGREGADOS AUTOPROPELIDO, CAP 3 M3, A DIESEL, POTÊNCIA 176CV - CHP DIURNO. AF_07/2016","CHP",230.58]
[92044,"DISTRIBUIDOR DE AGREGADOS REBOCAVEL, CAPACIDADE 1,9 M³, LARGURA DE TRABALHO 3,66 M - CHI DIURNO. AF_11/2015","CHI",7.8]
[92043,"DISTRIBUIDOR DE AGREGADOS REBOCAVEL, CAPACIDADE 1,9 M³, LARGURA DE TRABALHO 3,66 M - CHP DIURNO. AF_11/2015","CHP",13.19]
[102834,"DOBRADEIRA TDC, ESPESSURA 1,5MM - CHI DIURNO. AF_05/2023","CHI",0]
[102833,"DOBRADEIRA TDC, ESPESSURA 1,5MM - CHP DIURNO. AF_05/2023","CHP",0]
[92119,"DOSADOR DE AREIA, CAPACIDADE DE 26 LITROS - CHI DIURNO. AF_05/2023","CHI",0.36]
[92118,"DOSADOR DE AREIA, CAPACIDADE DE 26 LITROS - CHP DIURNO. AF_05/2023","CHP",0.56999999999999995]
[102917,"ENCERADEIRA INDUSTRIAL, 400 MM, 220V, 1 HP - CHI DIURNO. AF_05/2023","CHI",0]
[102916,"ENCERADEIRA INDUSTRIAL, 400 MM, 220V, 1 HP - CHP DIURNO. AF_05/2023","CHP",0]
[95721,"ESCAVADEIRA HIDRAULICA SOBRE ESTEIRA, EQUIPADA COM CLAMSHELL, COM CAPACIDADE DA CAÇAMBA ENTRE 1,20 E 1,50 M3, PESO OPERACIONAL ENTRE 20,00 E 22,00 TON, POTENCIA LIQUIDA ENTRE 150 E 160 HP - CHI DIURNO. AF_11/2016","CHI",113.45]
[95720,"ESCAVADEIRA HIDRAULICA SOBRE ESTEIRA, EQUIPADA COM CLAMSHELL, COM CAPACIDADE DA CAÇAMBA ENTRE 1,20 E 1,50 M3, PESO OPERACIONAL ENTRE 20,00 E 22,00 TON, POTENCIA LIQUIDA ENTRE 150 E 160 HP - CHP DIURNO. AF_11/2016","CHP",284.36]
[104716,"ESCAVADEIRA HIDRÁULICA DE BRAÇO LONGO (LONGO ALCANCE) SOBRE ESTEIRAS, CAÇAMBA 0,52 M3, PESO OPERACIONAL 24 T, POTÊNCIA LÍQUIDA 155 HP  - CHP DIURNO. AF_06/2023","CHP",275.08999999999997]
[104717,"ESCAVADEIRA HIDRÁULICA DE BRAÇO LONGO (LONGO ALCANCE) SOBRE ESTEIRAS, CAÇAMBA 0,52 M3, PESO OPERACIONAL 24 T, POTÊNCIA LÍQUIDA 155 HP - CHI DIURNO. AF_06/2023","CHI",108.79]
[102899,"ESCAVADEIRA HIDRÁULICA SOBRE ESTEIRA, PESO OPERACIONAL ENTRE 22,00 E 23,50 T, POTÊNCIA NOMINAL 139 HP, COM MARTELO ROMPEDOR HIDRÁULICO 1700 KG - CHI DIURNO. AF_04/2019","CHI",0]
[102898,"ESCAVADEIRA HIDRÁULICA SOBRE ESTEIRA, PESO OPERACIONAL ENTRE 22,00 E 23,50 T, POTÊNCIA NOMINAL 139 HP, COM MARTELO ROMPEDOR HIDRÁULICO 1700 KG - CHP DIURNO. AF_04/2019","CHP",0]
[5632,"ESCAVADEIRA HIDRÁULICA SOBRE ESTEIRAS, CAÇAMBA 0,80 M3, PESO OPERACIONAL 17 T, POTENCIA BRUTA 111 HP - CHI DIURNO. AF_06/2014","CHI",91.9]
[5631,"ESCAVADEIRA HIDRÁULICA SOBRE ESTEIRAS, CAÇAMBA 0,80 M3, PESO OPERACIONAL 17 T, POTENCIA BRUTA 111 HP - CHP DIURNO. AF_06/2014","CHP",214.79]
[88908,"ESCAVADEIRA HIDRÁULICA SOBRE ESTEIRAS, CAÇAMBA 1,20 M3, PESO OPERACIONAL 21 T, POTÊNCIA BRUTA 155 HP - CHI DIURNO. AF_06/2014","CHI",99.26]
[88907,"ESCAVADEIRA HIDRÁULICA SOBRE ESTEIRAS, CAÇAMBA 1,20 M3, PESO OPERACIONAL 21 T, POTÊNCIA BRUTA 155 HP - CHP DIURNO. AF_06/2014","CHP",256.14999999999998]
[5911,"ESPARGIDOR DE ASFALTO PRESSURIZADO COM TANQUE DE 2500 L, REBOCÁVEL COM MOTOR A GASOLINA POTÊNCIA 3,4 HP - CHI DIURNO. AF_07/2014","CHI",25.91]
[5909,"ESPARGIDOR DE ASFALTO PRESSURIZADO COM TANQUE DE 2500 L, REBOCÁVEL COM MOTOR A GASOLINA POTÊNCIA 3,4 HP - CHP DIURNO. AF_07/2014","CHP",33.53]
[91486,"ESPARGIDOR DE ASFALTO PRESSURIZADO, TANQUE 6 M3 COM ISOLAÇÃO TÉRMICA, AQUECIDO COM 2 MAÇARICOS, COM BARRA ESPARGIDORA 3,60 M, MONTADO SOBRE CAMINHÃO  TOCO, PBT 14.300 KG, POTÊNCIA 185 CV - CHI DIURNO. AF_05/2023","CHI",68.540000000000006]
[83362,"ESPARGIDOR DE ASFALTO PRESSURIZADO, TANQUE 6 M3 COM ISOLAÇÃO TÉRMICA, AQUECIDO COM 2 MAÇARICOS, COM BARRA ESPARGIDORA 3,60 M, MONTADO SOBRE CAMINHÃO  TOCO, PBT 14.300 KG, POTÊNCIA 185 CV - CHP DIURNO. AF_05/2023","CHP",272.39999999999998]
[102839,"ESTABILIZADOR DE LINHA E PRESSÃO, CAPACIDADE DE 120 BAR, COM MANÔMETRO DE LEITURA, REGISTRO DE 1  COM RETORNO E LINHA - CHI DIURNO. AF_05/2023","CHI",0]
[102838,"ESTABILIZADOR DE LINHA E PRESSÃO, CAPACIDADE DE 120 BAR, COM MANÔMETRO DE LEITURA, REGISTRO DE 1  COM RETORNO E LINHA - CHP DIURNO. AF_05/2023","CHP",0]
[89235,"FRESADORA DE ASFALTO A FRIO SOBRE RODAS, LARGURA FRESAGEM DE 1,0 M, POTÊNCIA 208 HP - CHI DIURNO. AF_11/2014","CHI",180.07]
[89234,"FRESADORA DE ASFALTO A FRIO SOBRE RODAS, LARGURA FRESAGEM DE 1,0 M, POTÊNCIA 208 HP - CHP DIURNO. AF_11/2014","CHP",560.9]
[89243,"FRESADORA DE ASFALTO A FRIO SOBRE RODAS, LARGURA FRESAGEM DE 2,0 M, POTÊNCIA 550 HP - CHI DIURNO. AF_11/2014","CHI",381.33]
[89242,"FRESADORA DE ASFALTO A FRIO SOBRE RODAS, LARGURA FRESAGEM DE 2,0 M, POTÊNCIA 550 HP - CHP DIURNO. AF_11/2014","CHP",1324.96]
[102935,"FURADEIRA ELETROMAGNÉTICA, VELOCIDADE (SEM CARGA/ COM CARGA) 450/ 270 RPM, ESPESSURA MÁXIMA DA CHAPA A SER FURADA 50 MM, PORÇA DE ADESÃO MAGNÉTICA 17000 N, POTÊNCIA 1100 W, ALIMENTÇÃO 220 - 60 HZ, MONOFÁSICA - CHI DIURNO. AF_08/2019","CHI",0]
[102934,"FURADEIRA ELETROMAGNÉTICA, VELOCIDADE (SEM CARGA/ COM CARGA) 450/ 270 RPM, ESPESSURA MÁXIMA DA CHAPA A SER FURADA 50 MM, PORÇA DE ADESÃO MAGNÉTICA 17000 N, POTÊNCIA 1100 W, ALIMENTÇÃO 220 - 60 HZ, MONOFÁSICA - CHP DIURNO. AF_08/2019","CHP",0]
[93416,"GERADOR PORTÁTIL MONOFÁSICO, POTÊNCIA 5500 VA, MOTOR A GASOLINA, POTÊNCIA DO MOTOR 13 CV - CHI DIURNO. AF_03/2016","CHI",0.49]
[93415,"GERADOR PORTÁTIL MONOFÁSICO, POTÊNCIA 5500 VA, MOTOR A GASOLINA, POTÊNCIA DO MOTOR 13 CV - CHP DIURNO. AF_03/2016","CHP",12.13]
[5689,"GRADE DE DISCO CONTROLE REMOTO REBOCÁVEL, COM 24 DISCOS 24 X 6 MM COM PNEUS PARA TRANSPORTE - CHP DIURNO. AF_06/2014","CHP",6.55]
[5690,"GRADE DE DISCO CONTROLE REMOTO REBOCÁVEL, COM 24 DISCOS 24\" X 6 MM COM PNEUS PARA TRANSPORTE - CHI DIURNO. AF_06/2014","CHI",4.24]
[5923,"GRADE DE DISCO REBOCÁVEL COM 20 DISCOS 24\" X 6 MM COM PNEUS PARA TRANSPORTE - CHI DIURNO. AF_06/2014","CHI",3.32]
[5921,"GRADE DE DISCO REBOCÁVEL COM 20 DISCOS 24\" X 6 MM COM PNEUS PARA TRANSPORTE - CHP DIURNO. AF_06/2014","CHP",5.13]
[95212,"GRUA ASCENCIONAL, LANCA DE 42 M, CAPACIDADE DE 1,5 T A 30 M, ALTURA ATE 39 M - CHP DIURNO. AF_05/2023","CHP",168.7]
[95213,"GRUA ASCENCIONAL, LANÇA DE 42 M, CAPACIDADE DE 1,5 T A 30 M, ALTURA ATÉ 39 M - CHI DIURNO. AF_05/2023","CHI",100.73]
[93272,"GRUA ASCENSIONAL, LANCA DE 30 M, CAPACIDADE DE 1,0 T A 30 M, ALTURA ATE 39 M - CHP DIURNO. AF_05/2023","CHP",106.54]
[93274,"GRUA ASCENSIONAL, LANÇA DE 30 M, CAPACIDADE DE 1,0 T A 30 M, ALTURA ATÉ 39 M - CHI DIURNO. AF_05/2023","CHI",71.319999999999993]
[83766,"GRUPO DE SOLDAGEM COM GERADOR A DIESEL 60 CV PARA SOLDA ELÉTRICA, SOBRE 04 RODAS, COM MOTOR 4 CILINDROS 600 A - CHI DIURNO. AF_02/2016","CHI",44.57]
[83765,"GRUPO DE SOLDAGEM COM GERADOR A DIESEL 60 CV PARA SOLDA ELÉTRICA, SOBRE 04 RODAS, COM MOTOR 4 CILINDROS 600 A - CHP DIURNO. AF_02/2016","CHP",106.28]
[95873,"GRUPO GERADOR COM CARENAGEM, MOTOR DIESEL POTÊNCIA STANDART ENTRE 250 E 260 KVA - CHI DIURNO. AF_12/2016","CHI",14.75]
[95872,"GRUPO GERADOR COM CARENAGEM, MOTOR DIESEL POTÊNCIA STANDART ENTRE 250 E 260 KVA - CHP DIURNO. AF_12/2016","CHP",310.64]
[104689,"GRUPO GERADOR DIESEL, COM CARENAGEM, POTÊNCIA STANDART ENTRE 400 E 460 KVA, VELOCIDADE DE 1800 RPM, FREQUÊNCIA DE 60 HZ - CHI DIURNO. AF_05/2023","CHI",0]
[104688,"GRUPO GERADOR DIESEL, COM CARENAGEM, POTÊNCIA STANDART ENTRE 400 E 460 KVA, VELOCIDADE DE 1800 RPM, FREQUÊNCIA DE 60 HZ - CHP DIURNO. AF_05/2023","CHP",0]
[73395,"GRUPO GERADOR ESTACIONÁRIO, MOTOR DIESEL POTÊNCIA 170 KVA - CHI DIURNO. AF_02/2016","CHI",10.36]
[73417,"GRUPO GERADOR ESTACIONÁRIO, MOTOR DIESEL POTÊNCIA 170 KVA - CHP DIURNO. AF_02/2016","CHP",201.15]
[93428,"GRUPO GERADOR ESTACIONÁRIO, POTÊNCIA 150 KVA, MOTOR A DIESEL- CHI DIURNO. AF_03/2016","CHI",9.2200000000000006]
[93427,"GRUPO GERADOR ESTACIONÁRIO, POTÊNCIA 150 KVA, MOTOR A DIESEL- CHP DIURNO. AF_03/2016","CHP",183.28]
[93422,"GRUPO GERADOR REBOCÁVEL, POTÊNCIA 66 KVA, MOTOR A DIESEL - CHI DIURNO. AF_03/2016","CHI",6.52]
[93421,"GRUPO GERADOR REBOCÁVEL, POTÊNCIA 66 KVA, MOTOR A DIESEL - CHP DIURNO. AF_03/2016","CHP",81.099999999999994]
[93282,"GUINCHO ELÉTRICO DE COLUNA, CAPACIDADE 400 KG, COM MOTO FREIO, MOTOR TRIFÁSICO DE 1,25 CV - CHI DIURNO. AF_03/2016","CHI",25.43]
[93281,"GUINCHO ELÉTRICO DE COLUNA, CAPACIDADE 400 KG, COM MOTO FREIO, MOTOR TRIFÁSICO DE 1,25 CV - CHP DIURNO. AF_03/2016","CHP",26.43]
[104914,"GUINDASTE DERRICK, LANÇA DE *20* M, CARGA MÁXIMA 10T, POTÊNCIA 45 KW - CHI DIURNO. AF_01/2024","CHI",0]
[104913,"GUINDASTE DERRICK, LANÇA DE *20* M, CARGA MÁXIMA 10T, POTÊNCIA 45 KW - CHP DIURNO. AF_01/2024","CHP",0]
[102845,"GUINDASTE HIDRAULICO AUTOPROPELIDO, COM LANÇA TRELIÇADA 40 M, CAPACIDADE MÁXIMA 75 T, EQUIPADO COM CLAMSHELL - CHI DIURNO. AF_04/2019","CHI",0]
[102844,"GUINDASTE HIDRAULICO AUTOPROPELIDO, COM LANÇA TRELIÇADA 40 M, CAPACIDADE MÁXIMA 75 T, EQUIPADO COM CLAMSHELL - CHP DIURNO. AF_04/2019","CHP",0]
[89273,"GUINDASTE HIDRÁULICO AUTOPROPELIDO, COM LANÇA TELESCÓPICA 28,80 M, CAPACIDADE MÁXIMA 30 T, POTÊNCIA 97 KW, TRAÇÃO 4 X 4 - CHI DIURNO. AF_11/2014","CHI",112.02]
[89272,"GUINDASTE HIDRÁULICO AUTOPROPELIDO, COM LANÇA TELESCÓPICA 28,80 M, CAPACIDADE MÁXIMA 30 T, POTÊNCIA 97 KW, TRAÇÃO 4 X 4 - CHP DIURNO. AF_11/2014","CHP",225.53]
[93288,"GUINDASTE HIDRÁULICO AUTOPROPELIDO, COM LANÇA TELESCÓPICA 40 M, CAPACIDADE MÁXIMA 60 T, POTÊNCIA 260 KW - CHI DIURNO. AF_03/2016","CHI",183.38]
[93287,"GUINDASTE HIDRÁULICO AUTOPROPELIDO, COM LANÇA TELESCÓPICA 40 M, CAPACIDADE MÁXIMA 60 T, POTÊNCIA 260 KW - CHP DIURNO. AF_03/2016","CHP",356.21]
[104711,"GUINDASTE HIDRÁULICO AUTOPROPELIDO, COM LANÇA TRELICADA 41 M, CAPACIDADE MÁXIMA DE ELEVAÇÃO 43 T, POTÊNCIA 230 KW, EQUIPADO COM CAÇAMBA DE ARRASTO (DRAGLINE) DE 0,76 M3 - CHI DIURNO. AF_06/2023","CHI",0]
[104710,"GUINDASTE HIDRÁULICO AUTOPROPELIDO, COM LANÇA TRELICADA 41 M, CAPACIDADE MÁXIMA DE ELEVAÇÃO 43 T, POTÊNCIA 230 KW, EQUIPADO COM CAÇAMBA DE ARRASTO (DRAGLINE) DE 0,76 M3 - CHP DIURNO. AF_06/2023","CHP",0]
[104908,"GUINDASTE HIDRÁULICO RODOVIÁRIO, LANCA TELESCÓPICA DE *50+20* M, CAPACIDADE MÁXIMA DE 90T, 4 EIXOS, POTÊNCIA 330 KW, MOTOR DIESEL - CHI DIURNO. AF_01/2024","CHI",0]
[104907,"GUINDASTE HIDRÁULICO RODOVIÁRIO, LANCA TELESCÓPICA DE *50+20* M, CAPACIDADE MÁXIMA DE 90T, 4 EIXOS, POTÊNCIA 330 KW, MOTOR DIESEL - CHP DIURNO. AF_01/2024","CHP",0]
[102851,"GUINDASTE SOBRE ESTEIRAS, COM LANÇA TRELIÇADA 40 M, CAPACIDADE MÁXIMA 75 T - CHI DIURNO. AF_04/2019","CHI",0]
[102850,"GUINDASTE SOBRE ESTEIRAS, COM LANÇA TRELIÇADA 40 M, CAPACIDADE MÁXIMA 75 T - CHP DIURNO. AF_04/2019","CHP",0]
[102857,"GUINDASTE SOBRE ESTEIRAS, COM LANÇA TRELIÇADA 40 M, CAPACIDADE MÁXIMA 75 T, EQUIPADO COM CLAMSHELL - CHI DIURNO. AF_04/2019","CHI",0]
[102856,"GUINDASTE SOBRE ESTEIRAS, COM LANÇA TRELIÇADA 40 M, CAPACIDADE MÁXIMA 75 T, EQUIPADO COM CLAMSHELL - CHP DIURNO. AF_04/2019","CHP",0]
[93403,"GUINDAUTO HIDRÁULICO, CAPACIDADE MÁXIMA DE CARGA 3300 KG, MOMENTO MÁXIMO DE CARGA 5,8 TM, ALCANCE MÁXIMO HORIZONTAL 7,60 M, INCLUSIVE CAMINHÃO TOCO PBT 16.000 KG, POTÊNCIA DE 189 CV - CHI DIURNO. AF_03/2016","CHI",70.430000000000007]
[93402,"GUINDAUTO HIDRÁULICO, CAPACIDADE MÁXIMA DE CARGA 3300 KG, MOMENTO MÁXIMO DE CARGA 5,8 TM, ALCANCE MÁXIMO HORIZONTAL 7,60 M, INCLUSIVE CAMINHÃO TOCO PBT 16.000 KG, POTÊNCIA DE 189 CV - CHP DIURNO. AF_03/2016","CHP",278.14999999999998]
[5930,"GUINDAUTO HIDRÁULICO, CAPACIDADE MÁXIMA DE CARGA 6200 KG, MOMENTO MÁXIMO DE CARGA 11,7 TM, ALCANCE MÁXIMO HORIZONTAL 9,70 M, INCLUSIVE CAMINHÃO TOCO PBT 16.000 KG, POTÊNCIA DE 189 CV - CHI DIURNO. AF_06/2014","CHI",73.56]
[5928,"GUINDAUTO HIDRÁULICO, CAPACIDADE MÁXIMA DE CARGA 6200 KG, MOMENTO MÁXIMO DE CARGA 11,7 TM, ALCANCE MÁXIMO HORIZONTAL 9,70 M, INCLUSIVE CAMINHÃO TOCO PBT 16.000 KG, POTÊNCIA DE 189 CV - CHP DIURNO. AF_06/2014","CHP",284.14]
[105845,"GUINDAUTO HIDRÁULICO, CAPACIDADE MÁXIMA DE CARGA 6200 KG, MOMENTO MÁXIMO DE CARGA 11,7 TM, ALCANCE MÁXIMO HORIZONTAL 9,70 M, INCLUSIVE CAMINHÃO TOCO PBT 16.000 KG, POTÊNCIA DE 189 CV E CESTA AÉREA COM ISOLAMENTO CLASSE C - CHI DIURNO. AF_01/2025","CHI",0]
[105844,"GUINDAUTO HIDRÁULICO, CAPACIDADE MÁXIMA DE CARGA 6200 KG, MOMENTO MÁXIMO DE CARGA 11,7 TM, ALCANCE MÁXIMO HORIZONTAL 9,70 M, INCLUSIVE CAMINHÃO TOCO PBT 16.000 KG, POTÊNCIA DE 189 CV E CESTA AÉREA COM ISOLAMENTO CLASSE C - CHP DIURNO. AF_01/2025","CHP",0]
[91635,"GUINDAUTO HIDRÁULICO, CAPACIDADE MÁXIMA DE CARGA 6500 KG, MOMENTO MÁXIMO DE CARGA 5,8 TM, ALCANCE MÁXIMO HORIZONTAL 7,60 M, INCLUSIVE CAMINHÃO TOCO PBT 9.700 KG, POTÊNCIA DE 160 CV - CHI DIURNO. AF_08/2015","CHI",65.290000000000006]
[91634,"GUINDAUTO HIDRÁULICO, CAPACIDADE MÁXIMA DE CARGA 6500 KG, MOMENTO MÁXIMO DE CARGA 5,8 TM, ALCANCE MÁXIMO HORIZONTAL 7,60 M, INCLUSIVE CAMINHÃO TOCO PBT 9.700 KG, POTÊNCIA DE 160 CV - CHP DIURNO. AF_08/2015","CHP",241.44]
[98765,"INVERSOR DE SOLDA MONOFÁSICO DE 160 A, POTÊNCIA DE 5400 W, TENSÃO DE 220 V, PARA SOLDA COM ELETRODOS DE 2,0 A 4,0 MM E PROCESSO TIG - CHI DIURNO. AF_06/2018","CHI",0.08]
[98764,"INVERSOR DE SOLDA MONOFÁSICO DE 160 A, POTÊNCIA DE 5400 W, TENSÃO DE 220 V, PARA SOLDA COM ELETRODOS DE 2,0 A 4,0 MM E PROCESSO TIG - CHP DIURNO. AF_06/2018","CHP",4.76]
[99834,"LAVADORA DE ALTA PRESSAO (LAVA-JATO) PARA AGUA FRIA, PRESSAO DE OPERACAO ENTRE 1400 E 1900 LIB/POL2, VAZAO MAXIMA ENTRE 400 E 700 L/H - CHI DIURNO. AF_05/2023","CHI",0.21]
[99833,"LAVADORA DE ALTA PRESSAO (LAVA-JATO) PARA AGUA FRIA, PRESSAO DE OPERACAO ENTRE 1400 E 1900 LIB/POL2, VAZAO MAXIMA ENTRE 400 E 700 L/H - CHP DIURNO. AF_05/2023","CHP",4.76]
[104521,"LIXADEIRA DE PAREDE, COM LED, POTÊNCIA 750 W, FREQUÊNCIA 60 HZ, VELOCIDADE 1000 A 2100 RPM, DIÂMETRO DA LIXA 225 MM - CHI DIURNO AF_12/2022","CHI",0]
[104520,"LIXADEIRA DE PAREDE, COM LED, POTÊNCIA 750 W, FREQUÊNCIA 60 HZ, VELOCIDADE 1000 A 2100 RPM, DIÂMETRO DA LIXA 225 MM - CHP DIURNO. AF_12/2022","CHP",0]
[90687,"MANIPULADOR TELESCÓPICO, POTÊNCIA DE 85 HP, CAPACIDADE DE CARGA DE 3.500 KG, ALTURA MÁXIMA DE ELEVAÇÃO DE 12,3 M - CHI DIURNO. AF_05/2023","CHI",75.180000000000007]
[90686,"MANIPULADOR TELESCÓPICO, POTÊNCIA DE 85 HP, CAPACIDADE DE CARGA DE 3.500 KG, ALTURA MÁXIMA DE ELEVAÇÃO DE 12,3 M - CHP DIURNO. AF_05/2023","CHP",175.44]
[5952,"MARTELETE OU ROMPEDOR PNEUMÁTICO MANUAL, 28 KG, COM SILENCIADOR - CHI DIURNO. AF_07/2016","CHI",26.78]
[5795,"MARTELETE OU ROMPEDOR PNEUMÁTICO MANUAL, 28 KG, COM SILENCIADOR - CHP DIURNO. AF_07/2016","CHP",28.96]
[104657,"MARTELETE PERFURADOR/ ROMPEDOR ELÉTRICO, POTÊNCIA 800 W, 220 V - CHI DIURNO. AF_05/2023","CHI",0]
[104656,"MARTELETE PERFURADOR/ ROMPEDOR ELÉTRICO, POTÊNCIA 800 W, 220 V - CHP DIURNO. AF_05/2023","CHP",0]
[102274,"MARTELO DEMOLIDOR ELÉTRICO, COM POTÊNCIA DE 2.000 W, 1.000 IMPACTOS POR MINUTO, PESO DE 30 KG -  CHI DIURNO. AF_01/2021","CHI",25.56]
[102275,"MARTELO DEMOLIDOR ELÉTRICO, COM POTÊNCIA DE 2.000 W, 1.000 IMPACTOS POR MINUTO, PESO DE 30 KG - CHP DIURNO. AF_01/2021","CHP",28.22]
[95259,"MARTELO DEMOLIDOR PNEUMÁTICO MANUAL, 32 KG - CHI DIURNO. AF_09/2016","CHI",26.53]
[95258,"MARTELO DEMOLIDOR PNEUMÁTICO MANUAL, 32 KG - CHP DIURNO. AF_09/2016","CHP",28.47]
[105917,"MARTELO PERFURADOR PNEUMÁTICO MANUAL, HASTE 19 X 108 MM, *11* KG - CHI DIURNO. AF_02/2025","CHI",0]
[105916,"MARTELO PERFURADOR PNEUMÁTICO MANUAL, HASTE 19 X 108 MM, *11* KG - CHP DIURNO. AF_02/2025","CHP",0]
[92967,"MARTELO PERFURADOR PNEUMÁTICO MANUAL, HASTE 25 X 75 MM, 21 KG - CHI DIURNO. AF_12/2015","CHI",26.84]
[92966,"MARTELO PERFURADOR PNEUMÁTICO MANUAL, HASTE 25 X 75 MM, 21 KG - CHP DIURNO. AF_12/2015","CHP",29.09]
[103794,"MINI GUINDASTE ARANHA SOBRE ESTEIRAS E LANCA TELESCÓPICA, CAPACIDADE MÁXIMA DE CARGA 3,0 TON, RAIO MÁXIMO DE TRABALHO 8,25 M, ALTURA DE LANÇA DO SOLO 9,2 M, 55 M DE CABO DE AÇO 8 MM, MOTOR ELÉTRICO 220/380 VOLTS TRIFÁSICO - CHI DIURNO. AF_03/2022","CHI",0]
[103793,"MINI GUINDASTE ARANHA SOBRE ESTEIRAS E LANCA TELESCÓPICA, CAPACIDADE MÁXIMA DE CARGA 3,0 TON, RAIO MÁXIMO DE TRABALHO 8,25 M, ALTURA DE LANÇA DO SOLO 9,2 M, 55 M DE CABO DE AÇO 8 MM, MOTOR ELÉTRICO 220/380 VOLTS TRIFÁSICO - CHP DIURNO. AF_03/2022","CHP",0]
[96156,"MINICARREGADEIRA SOBRE RODAS POTENCIA 47HP CAPACIDADE OPERACAO 646 KG, COM VASSOURA MECÂNICA ACOPLADA - CHI DIURNO. AF_03/2017","CHI",63.03]
[96158,"MINICARREGADEIRA SOBRE RODAS POTENCIA 47HP CAPACIDADE OPERACAO 646 KG, COM VASSOURA MECÂNICA ACOPLADA - CHP DIURNO. AF_03/2017","CHP",139.58000000000001]
[90693,"MINICARREGADEIRA SOBRE RODAS, POTÊNCIA LÍQUIDA DE 47 HP, CAPACIDADE NOMINAL DE OPERAÇÃO DE 646 KG - CHI DIURNO. AF_06/2015","CHI",58.18]
[90692,"MINICARREGADEIRA SOBRE RODAS, POTÊNCIA LÍQUIDA DE 47 HP, CAPACIDADE NOMINAL DE OPERAÇÃO DE 646 KG - CHP DIURNO. AF_06/2015","CHP",129.93]
[96246,"MINIESCAVADEIRA SOBRE ESTEIRAS, POTÊNCIA LÍQUIDA DE *30* HP, PESO OPERACIONAL DE *3.500* KG - CHI DIURNO. AF_04/2017","CHI",68.13]
[96245,"MINIESCAVADEIRA SOBRE ESTEIRAS, POTÊNCIA LÍQUIDA DE *30* HP, PESO OPERACIONAL DE *3.500* KG - CHP DIURNO. AF_04/2017","CHP",118.24]
[88404,"MISTURADOR DE ARGAMASSA, EIXO HORIZONTAL, CAPACIDADE DE MISTURA 160 KG, MOTOR ELÉTRICO POTÊNCIA 3 CV - CHI DIURNO. AF_05/2023","CHI",1.25]
[88399,"MISTURADOR DE ARGAMASSA, EIXO HORIZONTAL, CAPACIDADE DE MISTURA 160 KG, MOTOR ELÉTRICO POTÊNCIA 3 CV - CHP DIURNO. AF_05/2023","CHP",4.25]
[88392,"MISTURADOR DE ARGAMASSA, EIXO HORIZONTAL, CAPACIDADE DE MISTURA 300 KG, MOTOR ELÉTRICO POTÊNCIA 5 CV - CHI DIURNO. AF_05/2023","CHI",1.33]
[88386,"MISTURADOR DE ARGAMASSA, EIXO HORIZONTAL, CAPACIDADE DE MISTURA 300 KG, MOTOR ELÉTRICO POTÊNCIA 5 CV - CHP DIURNO. AF_05/2023","CHP",5.64]
[88398,"MISTURADOR DE ARGAMASSA, EIXO HORIZONTAL, CAPACIDADE DE MISTURA 600 KG, MOTOR ELÉTRICO POTÊNCIA 7,5 CV - CHI DIURNO. AF_05/2023","CHI",1.58]
[88393,"MISTURADOR DE ARGAMASSA, EIXO HORIZONTAL, CAPACIDADE DE MISTURA 600 KG, MOTOR ELÉTRICO POTÊNCIA 7,5 CV - CHP DIURNO. AF_05/2023","CHP",7.68]
[90638,"MISTURADOR DUPLO HORIZONTAL DE ALTA TURBULÊNCIA, CAPACIDADE / VOLUME 2 X 500 LITROS, MOTORES ELÉTRICOS MÍNIMO 5 CV CADA, PARA NATA CIMENTO, ARGAMASSA E OUTROS - CHI DIURNO. AF_06/2015","CHI",6.31]
[90637,"MISTURADOR DUPLO HORIZONTAL DE ALTA TURBULÊNCIA, CAPACIDADE / VOLUME 2 X 500 LITROS, MOTORES ELÉTRICOS MÍNIMO 5 CV CADA, PARA NATA CIMENTO, ARGAMASSA E OUTROS - CHP DIURNO. AF_06/2015","CHP",18.18]
[103243,"MISTURADOR PARA PREPARO DE LAMA ESTABILIZANTE COM CAPACIDADE DE *4000* L, COM BOMBA CENTRÍFUGA 5,5 HP A 23,07 HP, PARA SISTEMA DE FURO DIRECIONAL - CHI DIURNO. AF_05/2023","CHI",0]
[103242,"MISTURADOR PARA PREPARO DE LAMA ESTABILIZANTE COM CAPACIDADE DE *4000* L, COM BOMBA CENTRÍFUGA 5,5 HP A 23,07 HP, PARA SISTEMA DE FURO DIRECIONAL - CHP DIURNO. AF_05/2023","CHP",0]
[5806,"MOTOBOMBA CENTRÍFUGA, MOTOR A GASOLINA, POTÊNCIA 5,42 HP, BOCAIS 1 1/2\" X 1\", DIÂMETRO ROTOR 143 MM HM/Q = 6 MCA / 16,8 M3/H A 38 MCA / 6,6 M3/H - CHI DIURNO. AF_06/2014","CHI",0.36]
[73536,"MOTOBOMBA CENTRÍFUGA, MOTOR A GASOLINA, POTÊNCIA 5,42 HP, BOCAIS 1 1/2\" X 1\", DIÂMETRO ROTOR 143 MM HM/Q = 6 MCA / 16,8 M3/H A 38 MCA / 6,6 M3/H - CHP DIURNO. AF_06/2014","CHP",22.08]
[7043,"MOTOBOMBA TRASH (PARA ÁGUA SUJA) AUTO ESCORVANTE, MOTOR GASOLINA DE 6,41 HP, DIÂMETROS DE SUCÇÃO X RECALQUE: 3\" X 3\", HM/Q = 10 MCA / 60 M3/H A 23 MCA / 0 M3/H - CHI DIURNO. AF_10/2014","CHI",0.45]
[7042,"MOTOBOMBA TRASH (PARA ÁGUA SUJA) AUTO ESCORVANTE, MOTOR GASOLINA DE 6,41 HP, DIÂMETROS DE SUCÇÃO X RECALQUE: 3\" X 3\", HM/Q = 10 MCA / 60 M3/H A 23 MCA / 0 M3/H - CHP DIURNO. AF_10/2014","CHP",26.1]
[5934,"MOTONIVELADORA POTÊNCIA BÁSICA LÍQUIDA (PRIMEIRA MARCHA) 125 HP, PESO BRUTO 13032 KG, LARGURA DA LÂMINA DE 3,7 M - CHI DIURNO. AF_06/2014","CHI",99.77]
[5932,"MOTONIVELADORA POTÊNCIA BÁSICA LÍQUIDA (PRIMEIRA MARCHA) 125 HP, PESO BRUTO 13032 KG, LARGURA DA LÂMINA DE 3,7 M - CHP DIURNO. AF_06/2014","CHP",261.51]
[96159,"MÁQUINA DEMARCADORA DE FAIXA DE TRÁFEGO À FRIO, AUTOPROPELIDA, POTÊNCIA 38 HP - CHI DIURNO. AF_07/2016","CHI",94.7]
[95133,"MÁQUINA DEMARCADORA DE FAIXA DE TRÁFEGO À FRIO, AUTOPROPELIDA, POTÊNCIA 38 HP - CHP DIURNO. AF_07/2016","CHP",184.87]
[102986,"MÁQUINA DEMARCADORA DE FAIXA DE TRÁFEGO À FRIO, TRAÇÃO MANUAL, 4 CV, PRESSÃO MAX 3300 PSI, TANQUE 20 L  - CHI DIURNO. AF_06/2021","CHI",0]
[102987,"MÁQUINA DEMARCADORA DE FAIXA DE TRÁFEGO À FRIO, TRAÇÃO MANUAL, 4 CV, PRESSÃO MAX 3300 PSI, TANQUE 20 L  - CHP DIURNO. AF_06/2021","CHP",0]
[92961,"MÁQUINA EXTRUSORA DE CONCRETO PARA GUIAS E SARJETAS, MOTOR A DIESEL, POTÊNCIA 14 CV - CHI DIURNO. AF_12/2015","CHI",5.43]
[92960,"MÁQUINA EXTRUSORA DE CONCRETO PARA GUIAS E SARJETAS, MOTOR A DIESEL, POTÊNCIA 14 CV - CHP DIURNO. AF_12/2015","CHP",19.97]
[102863,"MÁQUINA FORMER DOBRAS DIVERSAS: 220V/380V TRIFÁSICO OU MONOFÁSICO, CAPACIDADE 0,5-1,27MM, MOTOR 2CV - CHI DIURNO. AF_05/2023","CHI",0]
[102862,"MÁQUINA FORMER DOBRAS DIVERSAS: 220V/380V TRIFÁSICO OU MONOFÁSICO, CAPACIDADE 0,5-1,27MM, MOTOR 2CV - CHP DIURNO. AF_05/2023","CHP",0]
[93409,"MÁQUINA JATO DE PRESSAO PORTÁTIL, CAMARA DE 1 SAIDA, CAPACIDADE 280 L, DIAMETRO 670 MM, BICO DE JATO CURTO VENTURI DE 5/16\" , MANGUEIRA DE 1\" COM COMPRESSOR DE AR REBOCÁVEL 189 PCM E MOTOR DIESEL 63 CV - CHI DIURNO. AF_05/2023","CHI",36.83]
[93408,"MÁQUINA JATO DE PRESSAO PORTÁTIL, CAMARA DE 1 SAIDA, CAPACIDADE 280 L, DIAMETRO 670 MM, BICO DE JATO CURTO VENTURI DE 5/16\" , MANGUEIRA DE 1\" COM COMPRESSOR DE AR REBOCÁVEL 189 PCM E MOTOR DIESEL 63 CV - CHP DIURNO. AF_05/2023","CHP",95.52]
[102941,"MÁQUINA METALEIRA UNIVERSAL MODELO IW 110/180 BTD - CHI DIURNO. AF_05/2023","CHI",0]
[102940,"MÁQUINA METALEIRA UNIVERSAL MODELO IW 110/180 BTD - CHP DIURNO. AF_05/2023","CHP",0]
[103164,"MÁQUINA PARA SOLDA POR ELETROFUSÃO PARA TUBOS DE POLIETILENO DE ALTA DENSIDADE (PEAD) COM DIÂMETRO EXTERNO DE 20 A 1600 MM, POTÊNCIA DE 3500 W - CHI DIURNO. AF_05/2023","CHI",0]
[103163,"MÁQUINA PARA SOLDA POR ELETROFUSÃO PARA TUBOS DE POLIETILENO DE ALTA DENSIDADE (PEAD) COM DIÂMETRO EXTERNO DE 20 A 1600 MM, POTÊNCIA DE 3500 W - CHP DIURNO. AF_05/2023","CHP",0]
[103158,"MÁQUINA PARA SOLDA POR ELETROFUSÃO PARA TUBOS DE POLIETILENO DE ALTA DENSIDADE (PEAD) COM DIÂMETRO EXTERNO DE 20 A 800 MM, POTÊNCIA ENTRE 2750 E 3000 W - CHI DIURNO. AF_05/2023","CHI",0]
[103157,"MÁQUINA PARA SOLDA POR ELETROFUSÃO PARA TUBOS DE POLIETILENO DE ALTA DENSIDADE (PEAD) COM DIÂMETRO EXTERNO DE 20 A 800 MM, POTÊNCIA ENTRE 2750 E 3000 W - CHP DIURNO. AF_05/2023","CHP",0]
[103176,"MÁQUINA PARA SOLDA POR TERMOFUSÃO PARA TUBOS DE POLIETILENO DE ALTA DENSIDADE (PEAD) COM DIÂMETRO EXTERNO DE 315 A 630 MM, POTÊNCIA ENTRE 8000 E 12350 W - CHI DIURNO. AF_05/2023","CHI",0]
[103175,"MÁQUINA PARA SOLDA POR TERMOFUSÃO PARA TUBOS DE POLIETILENO DE ALTA DENSIDADE (PEAD) COM DIÂMETRO EXTERNO DE 315 A 630 MM, POTÊNCIA ENTRE 8000 E 12350 W - CHP DIURNO. AF_05/2023","CHP",0]
[103182,"MÁQUINA PARA SOLDA POR TERMOFUSÃO PARA TUBOS DE POLIETILENO DE ALTA DENSIDADE (PEAD) COM DIÂMETRO EXTERNO DE 710 A 1200 MM, POTÊNCIA ENTRE 16000 E 29500 W - CHI DIURNO. AF_05/2023","CHI",0]
[103181,"MÁQUINA PARA SOLDA POR TERMOFUSÃO PARA TUBOS DE POLIETILENO DE ALTA DENSIDADE (PEAD) COM DIÂMETRO EXTERNO DE 710 A 1200 MM, POTÊNCIA ENTRE 16000 E 29500 W - CHP DIURNO. AF_05/2023","CHP",0]
[103170,"MÁQUINA PARA SOLDA POR TERMOFUSÃO PARA TUBOS DE POLIETILENO DE ALTA DENSIDADE (PEAD) COM DIÂMETRO EXTERNO DE 90 A 315 MM, POTÊNCIA ENTRE 2500 E 5350 W - CHI DIURNO. AF_05/2023","CHI",0]
[103169,"MÁQUINA PARA SOLDA POR TERMOFUSÃO PARA TUBOS DE POLIETILENO DE ALTA DENSIDADE (PEAD) COM DIÂMETRO EXTERNO DE 90 A 315 MM, POTÊNCIA ENTRE 2500 E 5350 W - CHP DIURNO. AF_05/2023","CHP",0]
[102869,"MÁQUINA SOLDA ARCO COM PISTOLA DE SOLDAGEM PARA STUD BOLT DE 5 MM A 22 MM - CHI DIURNO. AF_05/2023","CHI",0]
[102868,"MÁQUINA SOLDA ARCO COM PISTOLA DE SOLDAGEM PARA STUD BOLT DE 5 MM A 22 MM - CHP DIURNO. AF_05/2023","CHP",0]
[92113,"PENEIRA ROTATIVA COM MOTOR ELÉTRICO TRIFÁSICO DE 2 CV, CILINDRO DE 1 M X 0,60 M, COM FUROS DE 3,17 MM - CHI DIURNO. AF_05/2023","CHI",1.47]
[92112,"PENEIRA ROTATIVA COM MOTOR ELÉTRICO TRIFÁSICO DE 2 CV, CILINDRO DE 1 M X 0,60 M, COM FUROS DE 3,17 MM - CHP DIURNO. AF_05/2023","CHP",4.22]
[90675,"PERFURATRIZ COM TORRE METÁLICA PARA EXECUÇÃO DE ESTACA HÉLICE CONTÍNUA, PROFUNDIDADE MÁXIMA DE 30 M, DIÂMETRO MÁXIMO DE 800 MM, POTÊNCIA INSTALADA DE 268 HP, MESA ROTATIVA COM TORQUE MÁXIMO DE 170 KNM - CHI DIURNO. AF_06/2015","CHI",322.41000000000003]
[90674,"PERFURATRIZ COM TORRE METÁLICA PARA EXECUÇÃO DE ESTACA HÉLICE CONTÍNUA, PROFUNDIDADE MÁXIMA DE 30 M, DIÂMETRO MÁXIMO DE 800 MM, POTÊNCIA INSTALADA DE 268 HP, MESA ROTATIVA COM TORQUE MÁXIMO DE 170 KNM - CHP DIURNO. AF_06/2015","CHP",732.97]
[93225,"PERFURATRIZ COM TORRE METÁLICA PARA EXECUÇÃO DE ESTACA HÉLICE CONTÍNUA, PROFUNDIDADE MÁXIMA DE 32 M, DIÂMETRO MÁXIMO DE 1000 MM, POTÊNCIA INSTALADA DE 350 HP, MESA ROTATIVA COM TORQUE MÁXIMO DE 263 KNM - CHI DIURNO. AF_01/2016","CHI",476.58]
[93224,"PERFURATRIZ COM TORRE METÁLICA PARA EXECUÇÃO DE ESTACA HÉLICE CONTÍNUA, PROFUNDIDADE MÁXIMA DE 32 M, DIÂMETRO MÁXIMO DE 1000 MM, POTÊNCIA INSTALADA DE 350 HP, MESA ROTATIVA COM TORQUE MÁXIMO DE 263 KNM - CHP DIURNO. AF_01/2016","CHP",1077.6300000000001]
[104696,"PERFURATRIZ DE COROA DIAMANTADA PARA CONCRETO, DIÂMETRO ATÉ 250 MM, MOTOR ELÉTRICO 220 V, POTÊNCIA 2.500 W - CHI DIURNO. AF_05/2023","CHI",34.450000000000003]
[104695,"PERFURATRIZ DE COROA DIAMANTADA PARA CONCRETO, DIÂMETRO ATÉ 250 MM, MOTOR ELÉTRICO 220 V, POTÊNCIA 2.500 W - CHP DIURNO. AF_05/2023","CHP",37.71]
[90681,"PERFURATRIZ HIDRÁULICA SOBRE CAMINHÃO COM TRADO CURTO ACOPLADO, PROFUNDIDADE MÁXIMA DE 20 M, DIÂMETRO MÁXIMO DE 1500 MM, POTÊNCIA INSTALADA DE 137 HP, MESA ROTATIVA COM TORQUE MÁXIMO DE 30 KNM - CHI DIURNO. AF_06/2015","CHI",166.44]
[90680,"PERFURATRIZ HIDRÁULICA SOBRE CAMINHÃO COM TRADO CURTO ACOPLADO, PROFUNDIDADE MÁXIMA DE 20 M, DIÂMETRO MÁXIMO DE 1500 MM, POTÊNCIA INSTALADA DE 137 HP, MESA ROTATIVA COM TORQUE MÁXIMO DE 30 KNM - CHP DIURNO. AF_06/2015","CHP",393.36]
[102875,"PERFURATRIZ HIDRÁULICA SOBRE ESTEIRA, TORQUE MÁXIMO 161 KNM, PROFUNDIDADE MÁXIMA 54 M, DIÂMETRO MÁXIMO 1500 MM, POTÊNCIA MOTOR 268 HP - CHI DIURNO. AF_04/2019","CHI",455.54]
[102874,"PERFURATRIZ HIDRÁULICA SOBRE ESTEIRA, TORQUE MÁXIMO 161 KNM, PROFUNDIDADE MÁXIMA 54 M, DIÂMETRO MÁXIMO 1500 MM, POTÊNCIA MOTOR 268 HP - CHP DIURNO. AF_04/2019","CHP",996.84]
[102965,"PERFURATRIZ HIDRÁULICA SOBRE ESTEIRA, TORQUE MÁXIMO 98 KNM, PROFUNDIDADE MÁXIMA 25 M, DIÂMETRO MÁXIMO 115 MM, POTÊNCIA MOTOR 190 HP - CHI DIURNO. AF_02/2021","CHI",238.24]
[102964,"PERFURATRIZ HIDRÁULICA SOBRE ESTEIRA, TORQUE MÁXIMO 98 KNM, PROFUNDIDADE MÁXIMA 25 M, DIÂMETRO MÁXIMO 115 MM, POTÊNCIA MOTOR 190 HP - CHP DIURNO. AF_02/2021","CHP",478.41]
[95703,"PERFURATRIZ MANUAL, TORQUE MAXIMO 55 KGF.M, POTENCIA 5 CV, COM DIAMETRO MAXIMO 8 1/2\" - CHI DIURNO. AF_11/2016","CHI",39.700000000000003]
[95702,"PERFURATRIZ MANUAL, TORQUE MAXIMO 55 KGF.M, POTENCIA 5 CV, COM DIAMETRO MAXIMO 8 1/2\" - CHP DIURNO. AF_11/2016","CHP",49.29]
[90626,"PERFURATRIZ MANUAL, TORQUE MÁXIMO 83 N.M, POTÊNCIA 5 CV, COM DIÂMETRO MÁXIMO 4\" - CHI DIURNO. AF_06/2015","CHI",2.86]
[90625,"PERFURATRIZ MANUAL, TORQUE MÁXIMO 83 N.M, POTÊNCIA 5 CV, COM DIÂMETRO MÁXIMO 4\" - CHP DIURNO. AF_06/2015","CHP",8.9]
[102881,"PERFURATRIZ PARA EXECUÇÃO DE ESTACAS SECANTES, TIPO HÉLICE CONTÍNUA COM CABEÇOTE DUPLO E TUBO METÁLICO - CHI DIURNO. AF_04/2019","CHI",620.07000000000005]
[102880,"PERFURATRIZ PARA EXECUÇÃO DE ESTACAS SECANTES, TIPO HÉLICE CONTÍNUA COM CABEÇOTE DUPLO E TUBO METÁLICO - CHP DIURNO. AF_04/2019","CHP",1386.23]
[103225,"PERFURATRIZ PARA FURO DIRECIONAL HORIZONTAL (HDD) COM CAPACIDADE ATÉ 89 KN, POTÊNCIA 24,8 HP A 80 HP (INCLUSO FERRAMENTAS E LOCALIZADOR) - CHI DIURNO. AF_05/2023","CHI",212.77]
[103224,"PERFURATRIZ PARA FURO DIRECIONAL HORIZONTAL (HDD) COM CAPACIDADE ATÉ 89 KN, POTÊNCIA 24,8 HP A 80 HP (INCLUSO FERRAMENTAS E LOCALIZADOR) - CHP DIURNO. AF_05/2023","CHP",426.29]
[103237,"PERFURATRIZ PARA FURO DIRECIONAL HORIZONTAL (HDD) COM CAPACIDADE DE 201 KN A 560 KN, POTÊNCIA 200 HP A 260 HP (INCLUSO FERRAMENTAS E LOCALIZADOR) - CHI DIURNO. AF_05/2023","CHI",596.29]
[103236,"PERFURATRIZ PARA FURO DIRECIONAL HORIZONTAL (HDD) COM CAPACIDADE DE 201 KN A 560 KN, POTÊNCIA 200 HP A 260 HP (INCLUSO FERRAMENTAS E LOCALIZADOR) - CHP DIURNO. AF_05/2023","CHP",1285.95]
[103231,"PERFURATRIZ PARA FURO DIRECIONAL HORIZONTAL (HDD) COM CAPACIDADE DE 90 KN A 200 KN, POTÊNCIA 100 HP A 160 HP (INCLUSO FERRAMENTAS E LOCALIZADOR) - CHI DIURNO. AF_05/2023","CHI",445]
[103230,"PERFURATRIZ PARA FURO DIRECIONAL HORIZONTAL (HDD) COM CAPACIDADE DE 90 KN A 200 KN, POTÊNCIA 100 HP A 160 HP (INCLUSO FERRAMENTAS E LOCALIZADOR) - CHP DIURNO. AF_05/2023","CHP",941.8]
[95621,"PERFURATRIZ PNEUMATICA MANUAL DE PESO MEDIO, MARTELETE, 18KG, COMPRIMENTO MÁXIMO DE CURSO DE 6 M, DIAMETRO DO PISTAO DE 5,5 CM - CHI DIURNO. AF_11/2016","CHI",26.19]
[95620,"PERFURATRIZ PNEUMATICA MANUAL DE PESO MEDIO, MARTELETE, 18KG, COMPRIMENTO MÁXIMO DE CURSO DE 6 M, DIAMETRO DO PISTAO DE 5,5 CM - CHP DIURNO. AF_11/2016","CHP",27.78]
[102975,"PERFURATRIZ ROTATIVA SOBRE ESTEIRA, TORQUE MAXIMO 2500 KGM, POTENCIA 110 HP, MOTOR DIESEL - CHI DIURNO. AF_05/2017","CHI",143.34]
[102976,"PERFURATRIZ ROTATIVA SOBRE ESTEIRA, TORQUE MAXIMO 2500 KGM, POTENCIA 110 HP, MOTOR DIESEL- CHP DIURNO. AF_05/2017","CHP",275.58]
[90632,"PERFURATRIZ SOBRE ESTEIRA, TORQUE MÁXIMO 600 KGF, PESO MÉDIO 1000 KG, POTÊNCIA 20 HP, DIÂMETRO MÁXIMO 10\" - CHI DIURNO. AF_06/2015","CHI",97.41]
[90631,"PERFURATRIZ SOBRE ESTEIRA, TORQUE MÁXIMO 600 KGF, PESO MÉDIO 1000 KG, POTÊNCIA 20 HP, DIÂMETRO MÁXIMO 10\" - CHP DIURNO. AF_06/2015","CHP",162.12]
[95709,"PERFURATRIZ SOBRE ESTEIRA, TORQUE MÁXIMO 600 KGF, POTÊNCIA ENTRE 50 E 60 HP, DIÂMETRO MÁXIMO 10\" - CHI DIURNO. AF_11/2016","CHI",98.03]
[95708,"PERFURATRIZ SOBRE ESTEIRA, TORQUE MÁXIMO 600 KGF, POTÊNCIA ENTRE 50 E 60 HP, DIÂMETRO MÁXIMO 10\" - CHP DIURNO. AF_11/2016","CHP",165.97]
[91278,"PLACA VIBRATÓRIA REVERSÍVEL COM MOTOR 4 TEMPOS A GASOLINA, FORÇA CENTRÍFUGA DE 25 KN (2500 KGF), POTÊNCIA 5,5 CV - CHI DIURNO. AF_08/2015","CHI",0.55000000000000004]
[91277,"PLACA VIBRATÓRIA REVERSÍVEL COM MOTOR 4 TEMPOS A GASOLINA, FORÇA CENTRÍFUGA DE 25 KN (2500 KGF), POTÊNCIA 5,5 CV - CHP DIURNO. AF_08/2015","CHP",10.050000000000001]
[102887,"PLATAFORMA ELEVATÓRIA - CHI DIURNO. AF_04/2019","CHI",0]
[102886,"PLATAFORMA ELEVATÓRIA - CHP DIURNO. AF_04/2019","CHP",0]
[95277,"POLIDORA DE PISO (POLITRIZ), PESO DE 100KG, DIÂMETRO 450 MM, MOTOR ELÉTRICO, POTÊNCIA 4 HP - CHI DIURNO. AF_05/2023","CHI",0.67]
[95276,"POLIDORA DE PISO (POLITRIZ), PESO DE 100KG, DIÂMETRO 450 MM, MOTOR ELÉTRICO, POTÊNCIA 4 HP - CHP DIURNO. AF_05/2023","CHP",3.64]
[88430,"PROJETOR DE ARGAMASSA, CAPACIDADE DE PROJEÇÃO 1,5 M3/H, ALCANCE DE 30 ATÉ 60 M, MOTOR ELÉTRICO POTÊNCIA 7,5 HP - CHI DIURNO. AF_06/2014","CHI",8.2100000000000009]
[88418,"PROJETOR DE ARGAMASSA, CAPACIDADE DE PROJEÇÃO 1,5 M3/H, ALCANCE DE 30 ATÉ 60 M, MOTOR ELÉTRICO POTÊNCIA 7,5 HP - CHP DIURNO. AF_06/2014","CHP",17.61]
[88438,"PROJETOR DE ARGAMASSA, CAPACIDADE DE PROJEÇÃO 2 M3/H, ALCANCE ATÉ 50 M, MOTOR ELÉTRICO POTÊNCIA 7,5 HP - CHI DIURNO. AF_06/2014","CHI",10.89]
[88433,"PROJETOR DE ARGAMASSA, CAPACIDADE DE PROJEÇÃO 2 M3/H, ALCANCE ATÉ 50 M, MOTOR ELÉTRICO POTÊNCIA 7,5 HP - CHP DIURNO. AF_06/2014","CHP",23.01]
[90669,"PROJETOR PNEUMÁTICO DE ARGAMASSA PARA CHAPISCO E REBOCO COM RECIPIENTE ACOPLADO, TIPO CANEQUINHA, COM COMPRESSOR DE AR REBOCÁVEL VAZÃO 89 PCM E MOTOR DIESEL DE 20 CV - CHI DIURNO. AF_05/2023","CHI",8.94]
[90668,"PROJETOR PNEUMÁTICO DE ARGAMASSA PARA CHAPISCO E REBOCO COM RECIPIENTE ACOPLADO, TIPO CANEQUINHA, COM COMPRESSOR DE AR REBOCÁVEL VAZÃO 89 PCM E MOTOR DIESEL DE 20 CV - CHP DIURNO. AF_05/2023","CHP",33.450000000000003]
[102980,"PULVERIZADOR DE TINTA ELÉTRICO/MÁQUINA DE PINTURA AIRLESS, VAZÃO 2 L/MIN - CHI DIURNO. AF_05/2023","CHI",0]
[102981,"PULVERIZADOR DE TINTA ELÉTRICO/MÁQUINA DE PINTURA AIRLESS, VAZÃO 2 L/MIN - CHP DIURNO. AF_05/2023","CHP",0]
[5946,"PÁ CARREGADEIRA SOBRE RODAS, POTÊNCIA 197 HP, CAPACIDADE DA CAÇAMBA 2,5 A 3,5 M3, PESO OPERACIONAL 18338 KG - CHI DIURNO. AF_06/2014","CHI",104.67]
[5944,"PÁ CARREGADEIRA SOBRE RODAS, POTÊNCIA 197 HP, CAPACIDADE DA CAÇAMBA 2,5 A 3,5 M3, PESO OPERACIONAL 18338 KG - CHP DIURNO. AF_06/2014","CHP",252.79]
[5942,"PÁ CARREGADEIRA SOBRE RODAS, POTÊNCIA LÍQUIDA 128 HP, CAPACIDADE DA CAÇAMBA 1,7 A 2,8 M3, PESO OPERACIONAL 11632 KG - CHI DIURNO. AF_06/2014","CHI",83.69]
[5940,"PÁ CARREGADEIRA SOBRE RODAS, POTÊNCIA LÍQUIDA 128 HP, CAPACIDADE DA CAÇAMBA 1,7 A 2,8 M3, PESO OPERACIONAL 11632 KG - CHP DIURNO. AF_06/2014","CHP",185.23]
[102893,"PÓRTICO ROLANTE MONOVIGA, PERFIL I, 4 PERNAS, CAPACIDADE 5 T  - CHI DIURNO. AF_04/2019","CHI",0]
[102892,"PÓRTICO ROLANTE MONOVIGA, PERFIL I, 4 PERNAS, CAPACIDADE 5 T  - CHP DIURNO. AF_04/2019","CHP",0]
[89251,"RECICLADORA DE ASFALTO A FRIO SOBRE RODAS, LARGURA FRESAGEM DE 2,0 M, POTÊNCIA 422 HP - CHI DIURNO. AF_11/2014","CHI",335.21]
[89250,"RECICLADORA DE ASFALTO A FRIO SOBRE RODAS, LARGURA FRESAGEM DE 2,0 M, POTÊNCIA 422 HP - CHP DIURNO. AF_11/2014","CHP",1147.51]
[102959,"RETROESCAVADEIRA SOBRE RODAS COM CARREGADEIRA , PESO OPERACIONAL MÍN. 6,674, POTÊNCIA LÍQ 88 HP, COM MARTELO ROMPEDOR HIDRÁULICO ENTRE  275 A 362 KG - CHI DIURNO. AF_02/2021","CHI",0]
[102958,"RETROESCAVADEIRA SOBRE RODAS COM CARREGADEIRA , PESO OPERACIONAL MÍN. 6,674, POTÊNCIA LÍQ 88 HP, COM MARTELO ROMPEDOR HIDRÁULICO ENTRE  275 A 362 KG - CHP DIURNO. AF_02/2021","CHP",0]
[5681,"RETROESCAVADEIRA SOBRE RODAS COM CARREGADEIRA, TRAÇÃO 4X2, POTÊNCIA LÍQ. 79 HP, CAÇAMBA CARREG. CAP. MÍN. 1 M3, CAÇAMBA RETRO CAP. 0,20 M3, PESO OPERACIONAL MÍN. 6.570 KG, PROFUNDIDADE ESCAVAÇÃO MÁX. 4,37 M - CHI DIURNO. AF_06/2014","CHI",66.569999999999993]
[5680,"RETROESCAVADEIRA SOBRE RODAS COM CARREGADEIRA, TRAÇÃO 4X2, POTÊNCIA LÍQ. 79 HP, CAÇAMBA CARREG. CAP. MÍN. 1 M3, CAÇAMBA RETRO CAP. 0,20 M3, PESO OPERACIONAL MÍN. 6.570 KG, PROFUNDIDADE ESCAVAÇÃO MÁX. 4,37 M - CHP DIURNO. AF_06/2014","CHP",144.91999999999999]
[5877,"RETROESCAVADEIRA SOBRE RODAS COM CARREGADEIRA, TRAÇÃO 4X4, POTÊNCIA LÍQ. 72 HP, CAÇAMBA CARREG. CAP. MÍN. 0,79 M3, CAÇAMBA RETRO CAP. 0,18 M3, PESO OPERACIONAL MÍN. 7.140 KG, PROFUNDIDADE ESCAVAÇÃO MÁX. 4,50 M - CHI DIURNO. AF_06/2014","CHI",69.17]
[5875,"RETROESCAVADEIRA SOBRE RODAS COM CARREGADEIRA, TRAÇÃO 4X4, POTÊNCIA LÍQ. 72 HP, CAÇAMBA CARREG. CAP. MÍN. 0,79 M3, CAÇAMBA RETRO CAP. 0,18 M3, PESO OPERACIONAL MÍN. 7.140 KG, PROFUNDIDADE ESCAVAÇÃO MÁX. 4,50 M - CHP DIURNO. AF_06/2014","CHP",145.83000000000001]
[5679,"RETROESCAVADEIRA SOBRE RODAS COM CARREGADEIRA, TRAÇÃO 4X4, POTÊNCIA LÍQ. 88 HP, CAÇAMBA CARREG. CAP. MÍN. 1 M3, CAÇAMBA RETRO CAP. 0,26 M3, PESO OPERACIONAL MÍN. 6.674 KG, PROFUNDIDADE ESCAVAÇÃO MÁX. 4,37 M - CHI DIURNO. AF_06/2014","CHI",70.39]
[5678,"RETROESCAVADEIRA SOBRE RODAS COM CARREGADEIRA, TRAÇÃO 4X4, POTÊNCIA LÍQ. 88 HP, CAÇAMBA CARREG. CAP. MÍN. 1 M3, CAÇAMBA RETRO CAP. 0,26 M3, PESO OPERACIONAL MÍN. 6.674 KG, PROFUNDIDADE ESCAVAÇÃO MÁX. 4,37 M - CHP DIURNO. AF_06/2014","CHP",157.97]
[6880,"ROLO COMPACTADOR DE PNEUS ESTÁTICO, PRESSÃO VARIÁVEL, POTÊNCIA 111 HP, PESO SEM/COM LASTRO 9,5 / 26 T, LARGURA DE TRABALHO 1,90 M - CHI DIURNO. AF_07/2014","CHI",90.46]
[6879,"ROLO COMPACTADOR DE PNEUS ESTÁTICO, PRESSÃO VARIÁVEL, POTÊNCIA 111 HP, PESO SEM/COM LASTRO 9,5 / 26 T, LARGURA DE TRABALHO 1,90 M - CHP DIURNO. AF_07/2014","CHP",224.07]
[96464,"ROLO COMPACTADOR DE PNEUS, ESTÁTICO, PRESSÃO VARIÁVEL, POTÊNCIA 110 HP, PESO SEM/COM LASTRO 10,8/27 T, LARGURA DE ROLAGEM 2,30 M - CHI DIURNO. AF_06/2017","CHI",94.57]
[96463,"ROLO COMPACTADOR DE PNEUS, ESTÁTICO, PRESSÃO VARIÁVEL, POTÊNCIA 110 HP, PESO SEM/COM LASTRO 10,8/27 T, LARGURA DE ROLAGEM 2,30 M - CHP DIURNO. AF_06/2017","CHP",231.63]
[7050,"ROLO COMPACTADOR PE DE CARNEIRO VIBRATORIO, POTENCIA 125 HP, PESO OPERACIONAL SEM/COM LASTRO 11,95 / 13,30 T, IMPACTO DINAMICO 38,5 / 22,5 T, LARGURA DE TRABALHO 2,15 M - CHI DIURNO. AF_06/2014","CHI",82.97]
[7049,"ROLO COMPACTADOR PE DE CARNEIRO VIBRATORIO, POTENCIA 125 HP, PESO OPERACIONAL SEM/COM LASTRO 11,95 / 13,30 T, IMPACTO DINAMICO 38,5 / 22,5 T, LARGURA DE TRABALHO 2,15 M - CHP DIURNO. AF_06/2014","CHP",235.13]
[95632,"ROLO COMPACTADOR VIBRATORIO TANDEM, ACO LISO, POTENCIA 125 HP, PESO SEM/COM LASTRO 10,20/11,65 T, LARGURA DE TRABALHO 1,73 M - CHI DIURNO. AF_11/2016","CHI",87.58]
[95631,"ROLO COMPACTADOR VIBRATORIO TANDEM, ACO LISO, POTENCIA 125 HP, PESO SEM/COM LASTRO 10,20/11,65 T, LARGURA DE TRABALHO 1,73 M - CHP DIURNO. AF_11/2016","CHP",244.38]
[5685,"ROLO COMPACTADOR VIBRATÓRIO DE UM CILINDRO AÇO LISO, POTÊNCIA 80 HP, PESO OPERACIONAL MÁXIMO 8,1 T, IMPACTO DINÂMICO 16,15 / 9,5 T, LARGURA DE TRABALHO 1,68 M - CHI DIURNO. AF_06/2014","CHI",66.319999999999993]
[5684,"ROLO COMPACTADOR VIBRATÓRIO DE UM CILINDRO AÇO LISO, POTÊNCIA 80 HP, PESO OPERACIONAL MÁXIMO 8,1 T, IMPACTO DINÂMICO 16,15 / 9,5 T, LARGURA DE TRABALHO 1,68 M - CHP DIURNO. AF_06/2014","CHP",168.48]
[93244,"ROLO COMPACTADOR VIBRATÓRIO PÉ DE CARNEIRO PARA SOLOS, POTÊNCIA 80 HP, PESO OPERACIONAL SEM/COM LASTRO 7,4 / 8,8 T, LARGURA DE TRABALHO 1,68 M - CHI DIURNO. AF_02/2016","CHI",68.09]
[73436,"ROLO COMPACTADOR VIBRATÓRIO PÉ DE CARNEIRO PARA SOLOS, POTÊNCIA 80 HP, PESO OPERACIONAL SEM/COM LASTRO 7,4 / 8,8 T, LARGURA DE TRABALHO 1,68 M - CHP DIURNO. AF_02/2016","CHP",171.93]
[5881,"ROLO COMPACTADOR VIBRATÓRIO PÉ DE CARNEIRO, OPERADO POR CONTROLE REMOTO, POTÊNCIA 12,5 KW, PESO OPERACIONAL 1,675 T, LARGURA DE TRABALHO 0,85 M - CHI DIURNO. AF_02/2016","CHI",82.03]
[5879,"ROLO COMPACTADOR VIBRATÓRIO PÉ DE CARNEIRO, OPERADO POR CONTROLE REMOTO, POTÊNCIA 12,5 KW, PESO OPERACIONAL 1,675 T, LARGURA DE TRABALHO 0,85 M - CHP DIURNO. AF_02/2016","CHP",152.36000000000001]
[5865,"ROLO COMPACTADOR VIBRATÓRIO REBOCÁVEL, CILINDRO DE AÇO LISO, POTÊNCIA DE TRAÇÃO DE 65 CV, PESO 4,7 T, IMPACTO DINÂMICO 18,3 T, LARGURA DE TRABALHO 1,67 M - CHI DIURNO. AF_02/2016","CHI",12.93]
[5863,"ROLO COMPACTADOR VIBRATÓRIO REBOCÁVEL, CILINDRO DE AÇO LISO, POTÊNCIA DE TRAÇÃO DE 65 CV, PESO 4,7 T, IMPACTO DINÂMICO 18,3 T, LARGURA DE TRABALHO 1,67 M - CHP DIURNO. AF_02/2016","CHP",25.69]
[5869,"ROLO COMPACTADOR VIBRATÓRIO TANDEM AÇO LISO, POTÊNCIA 58 HP, PESO SEM/COM LASTRO 6,5 / 9,4 T, LARGURA DE TRABALHO 1,2 M - CHI DIURNO. AF_06/2014","CHI",76.099999999999994]
[5867,"ROLO COMPACTADOR VIBRATÓRIO TANDEM AÇO LISO, POTÊNCIA 58 HP, PESO SEM/COM LASTRO 6,5 / 9,4 T, LARGURA DE TRABALHO 1,2 M - CHP DIURNO. AF_06/2014","CHP",170.85]
[95271,"RÉGUA VIBRATÓRIA DUPLA PARA CONCRETO, PESO DE 60KG, COMPRIMENTO 4 M, COM MOTOR A GASOLINA, POTÊNCIA 5,5 HP - CHI DIURNO. AF_09/2016","CHI",0.67]
[95270,"RÉGUA VIBRATÓRIA DUPLA PARA CONCRETO, PESO DE 60KG, COMPRIMENTO 4 M, COM MOTOR A GASOLINA, POTÊNCIA 5,5 HP - CHP DIURNO. AF_09/2016","CHP",10.17]
[91693,"SERRA CIRCULAR DE BANCADA COM MOTOR ELÉTRICO POTÊNCIA DE 5HP, COM COIFA PARA DISCO 10\" - CHI DIURNO. AF_08/2015","CHI",33.43]
[91692,"SERRA CIRCULAR DE BANCADA COM MOTOR ELÉTRICO POTÊNCIA DE 5HP, COM COIFA PARA DISCO 10\" - CHP DIURNO. AF_08/2015","CHP",34.85]
[102929,"SERRA FITA HORIZONTAL, ELÉTRICA, COM CONTROLE HIDRÁULICO, PAINEL DE COMANDO EM 24 V, MOTOR ELÉTRICO 1,5 CV, DIMENSÕES DA FITA 3880 X 27 X 0,9 MM, TRIFÁSICA - CHI DIURNO. AF_05/2023","CHI",0]
[102928,"SERRA FITA HORIZONTAL, ELÉTRICA, COM CONTROLE HIDRÁULICO, PAINEL DE COMANDO EM 24 V, MOTOR ELÉTRICO 1,5 CV, DIMENSÕES DA FITA 3880 X 27 X 0,9 MM, TRIFÁSICA - CHP DIURNO. AF_05/2023","CHP",0]
[95140,"TALHA MANUAL DE CORRENTE, CAPACIDADE DE 2 TON. COM ELEVAÇÃO DE 3 M - CHI DIURNO. AF_07/2016","CHI",0.03]
[95139,"TALHA MANUAL DE CORRENTE, CAPACIDADE DE 2 TON. COM ELEVAÇÃO DE 3 M - CHP DIURNO. AF_07/2016","CHP",0.05]
[89027,"TANQUE DE ASFALTO ESTACIONÁRIO COM MAÇARICO, CAPACIDADE 20.000 L - CHI DIURNO. AF_05/2023","CHI",5.14]
[89028,"TANQUE DE ASFALTO ESTACIONÁRIO COM MAÇARICO, CAPACIDADE 20.000 L - CHP DIURNO. AF_05/2023","CHP",189.08]
[7031,"TANQUE DE ASFALTO ESTACIONÁRIO COM SERPENTINA, CAPACIDADE 30.000 L - CHI DIURNO. AF_05/2023","CHI",6.33]
[7030,"TANQUE DE ASFALTO ESTACIONÁRIO COM SERPENTINA, CAPACIDADE 30.000 L - CHP DIURNO. AF_05/2023","CHP",280.95]
[102947,"TARTARUGA DE OXICORTE CG1, MONOFÁSICA, 220 V, FREQUÊNCIA 50 HZ, VELOCIDADE DE CORTE (MM/MIN) 50 A 750, DIÂMETRO MÍNIMO DO COMPASSO MM 200 - CHI DIURNO. AF_05/2023","CHI",0]
[102946,"TARTARUGA DE OXICORTE CG1, MONOFÁSICA, 220 V, FREQUÊNCIA 50 HZ, VELOCIDADE DE CORTE (MM/MIN) 50 A 750, DIÂMETRO MÍNIMO DO COMPASSO MM 200 - CHP DIURNO. AF_05/2023","CHP",0]
[104092,"TERMOFUSORA PARA TUBOS E CONEXÕES EM PPR COM DIÂMETROS DE 20 A 63 MM, POTÊNCIA DE 800 W, TENSAO 220 V - CHI DIURNO. AF_05/2022","CHI",0.06]
[104091,"TERMOFUSORA PARA TUBOS E CONEXÕES EM PPR COM DIÂMETROS DE 20 A 63 MM, POTÊNCIA DE 800 W, TENSAO 220 V - CHP DIURNO. AF_05/2022","CHP",0.81]
[104098,"TERMOFUSORA PARA TUBOS E CONEXÕES EM PPR COM DIÂMETROS DE 75 A 110 MM, POTÊNCIA DE *1100* W, TENSÃO 220 V - CHI DIURNO. AF_05/2022","CHI",0.09]
[104097,"TERMOFUSORA PARA TUBOS E CONEXÕES EM PPR COM DIÂMETROS DE 75 A 110 MM, POTÊNCIA DE *1100* W, TENSÃO 220 V - CHP DIURNO. AF_05/2022","CHP",1.1299999999999999]
[102905,"TORRE, COMPOSTA POR GUINCHO MECÂNICO, GUINCHO MANUAL, CABOS DE AÇO, PITEIRA E SOQUETE  - CHI DIURNO. AF_05/2023","CHI",0]
[102904,"TORRE, COMPOSTA POR GUINCHO MECÂNICO, GUINCHO MANUAL, CABOS DE AÇO, PITEIRA E SOQUETE  - CHP DIURNO. AF_05/2023","CHP",0]
[89031,"TRATOR DE ESTEIRAS, POTÊNCIA 100 HP, PESO OPERACIONAL 9,4 T, COM LÂMINA 2,19 M3 - CHI DIURNO. AF_06/2014","CHI",81.38]
[89032,"TRATOR DE ESTEIRAS, POTÊNCIA 100 HP, PESO OPERACIONAL 9,4 T, COM LÂMINA 2,19 M3 - CHP DIURNO. AF_06/2014","CHP",206.45]
[88844,"TRATOR DE ESTEIRAS, POTÊNCIA 125 HP, PESO OPERACIONAL 12,9 T, COM LÂMINA 2,7 M3 - CHI DIURNO. AF_10/2014","CHI",83.61]
[88843,"TRATOR DE ESTEIRAS, POTÊNCIA 125 HP, PESO OPERACIONAL 12,9 T, COM LÂMINA 2,7 M3 - CHP DIURNO. AF_10/2014","CHP",227.89]
[5853,"TRATOR DE ESTEIRAS, POTÊNCIA 150 HP, PESO OPERACIONAL 16,7 T, COM RODA MOTRIZ ELEVADA E LÂMINA 3,18 M3 - CHI DIURNO. AF_06/2014","CHI",95.61]
[5851,"TRATOR DE ESTEIRAS, POTÊNCIA 150 HP, PESO OPERACIONAL 16,7 T, COM RODA MOTRIZ ELEVADA E LÂMINA 3,18 M3 - CHP DIURNO. AF_06/2014","CHP",271.14999999999998]
[5849,"TRATOR DE ESTEIRAS, POTÊNCIA 170 HP, PESO OPERACIONAL 19 T, CAÇAMBA 5,2 M3 - CHI DIURNO. AF_06/2014","CHI",95.23]
[5847,"TRATOR DE ESTEIRAS, POTÊNCIA 170 HP, PESO OPERACIONAL 19 T, CAÇAMBA 5,2 M3 - CHP DIURNO. AF_06/2014","CHP",283.39999999999998]
[5857,"TRATOR DE ESTEIRAS, POTÊNCIA 347 HP, PESO OPERACIONAL 38,5 T, COM LÂMINA 8,70 M3 - CHI DIURNO. AF_06/2014","CHI",237.33]
[5855,"TRATOR DE ESTEIRAS, POTÊNCIA 347 HP, PESO OPERACIONAL 38,5 T, COM LÂMINA 8,70 M3 - CHP DIURNO. AF_06/2014","CHP",717.73]
[96021,"TRATOR DE PNEUS COM POTÊNCIA DE 122 CV, TRAÇÃO 4X4, COM GRADE DE DISCOS ACOPLADA - CHI DIURNO. AF_02/2017","CHI",64.45]
[96020,"TRATOR DE PNEUS COM POTÊNCIA DE 122 CV, TRAÇÃO 4X4, COM GRADE DE DISCOS ACOPLADA - CHP DIURNO. AF_02/2017","CHP",192.6]
[96014,"TRATOR DE PNEUS COM POTÊNCIA DE 122 CV, TRAÇÃO 4X4, COM VASSOURA MECÂNICA ACOPLADA - CHI DIURNO. AF_02/2017","CHI",64.72]
[96013,"TRATOR DE PNEUS COM POTÊNCIA DE 122 CV, TRAÇÃO 4X4, COM VASSOURA MECÂNICA ACOPLADA - CHP DIURNO. AF_02/2017","CHP",193.1]
[96029,"TRATOR DE PNEUS COM POTÊNCIA DE 85 CV, TRAÇÃO 4X4, COM GRADE DE DISCOS ACOPLADA - CHI DIURNO. AF_02/2017","CHI",57.3]
[96028,"TRATOR DE PNEUS COM POTÊNCIA DE 85 CV, TRAÇÃO 4X4, COM GRADE DE DISCOS ACOPLADA - CHP DIURNO. AF_02/2017","CHP",148.57]
[96155,"TRATOR DE PNEUS COM POTÊNCIA DE 85 CV, TRAÇÃO 4X4, COM VASSOURA MECÂNICA ACOPLADA - CHI DIURNO. AF_02/2017","CHI",57.57]
[96157,"TRATOR DE PNEUS COM POTÊNCIA DE 85 CV, TRAÇÃO 4X4, COM VASSOURA MECÂNICA ACOPLADA - CHP DIURNO. AF_03/2017","CHP",149.07]
[5845,"TRATOR DE PNEUS, POTÊNCIA 122 CV, TRAÇÃO 4X4, PESO COM LASTRO DE 4.510 KG - CHI DIURNO. AF_06/2014","CHI",60.12]
[5843,"TRATOR DE PNEUS, POTÊNCIA 122 CV, TRAÇÃO 4X4, PESO COM LASTRO DE 4.510 KG - CHP DIURNO. AF_06/2014","CHP",184.5]
[89036,"TRATOR DE PNEUS, POTÊNCIA 85 CV, TRAÇÃO 4X4, PESO COM LASTRO DE 4.675 KG - CHI DIURNO. AF_06/2014","CHI",52.93]
[89035,"TRATOR DE PNEUS, POTÊNCIA 85 CV, TRAÇÃO 4X4, PESO COM LASTRO DE 4.675 KG - CHP DIURNO. AF_06/2014","CHP",140.43]
[102911,"UNIDADE DOSADORA AIRLESS TIPO HOT SPRAY - CHI DIURNO. AF_05/2023","CHI",0]
[102910,"UNIDADE DOSADORA AIRLESS TIPO HOT SPRAY - CHP DIURNO. AF_05/2023","CHP",0]
[93440,"USINA DE ASFALTO À FRIO, CAPACIDADE DE 40 A 60 TON/HORA, ELÉTRICA POTÊNCIA 30 CV - CHI DIURNO. AF_05/2023","CHI",133.11000000000001]
[93439,"USINA DE ASFALTO À FRIO, CAPACIDADE DE 40 A 60 TON/HORA, ELÉTRICA POTÊNCIA 30 CV - CHP DIURNO. AF_05/2023","CHP",260.77999999999997]
[100648,"USINA DE ASFALTO, TIPO GRAVIMÉTRICA, PROD 150 TON/HORA - CHI DIURNO. AF_12/2019","CHI",591.14]
[100647,"USINA DE ASFALTO, TIPO GRAVIMÉTRICA, PROD 150 TON/HORA - CHP DIURNO. AF_12/2019","CHP",6892.18]
[5829,"USINA DE CONCRETO FIXA, CAPACIDADE NOMINAL DE 90 A 120 M3/H, SEM SILO - CHI DIURNO. AF_07/2016","CHI",163.76]
[5823,"USINA DE CONCRETO FIXA, CAPACIDADE NOMINAL DE 90 A 120 M3/H, SEM SILO - CHP DIURNO. AF_07/2016","CHP",223.18]
[5884,"USINA DE LAMA ASFÁLTICA, PROD 30 A 50 T/H, SILO DE AGREGADO 7 M3, RESERVATÓRIOS PARA EMULSÃO E ÁGUA DE 2,3 M3 CADA, MISTURADOR TIPO PUG MILL A SER MONTADO SOBRE CAMINHÃO - CHI DIURNO. AF_10/2014","CHI",53.12]
[5882,"USINA DE LAMA ASFÁLTICA, PROD 30 A 50 T/H, SILO DE AGREGADO 7 M3, RESERVATÓRIOS PARA EMULSÃO E ÁGUA DE 2,3 M3 CADA, MISTURADOR TIPO PUG MILL A SER MONTADO SOBRE CAMINHÃO - CHP DIURNO. AF_10/2014","CHP",124.8]
[100642,"USINA DE MISTURA ASFÁLTICA À QUENTE, TIPO CONTRA FLUXO, PROD 100 A 140 TON/HORA - CHI DIURNO. AF_12/2019","CHI",298.68]
[100641,"USINA DE MISTURA ASFÁLTICA À QUENTE, TIPO CONTRA FLUXO, PROD 100 A 140 TON/HORA - CHP DIURNO. AF_12/2019","CHP",5063]
[93434,"USINA DE MISTURA ASFÁLTICA À QUENTE, TIPO CONTRA FLUXO, PROD 40 A 80 TON/HORA - CHI DIURNO. AF_05/2023","CHI",333.8]
[93433,"USINA DE MISTURA ASFÁLTICA À QUENTE, TIPO CONTRA FLUXO, PROD 40 A 80 TON/HORA - CHP DIURNO. AF_05/2023","CHP",2794.46]
[95122,"USINA MISTURADORA DE SOLOS, CAPACIDADE DE 200 A 500 TON/H, POTENCIA 75KW - CHI DIURNO. AF_07/2016","CHI",218.77]
[95121,"USINA MISTURADORA DE SOLOS, CAPACIDADE DE 200 A 500 TON/H, POTENCIA 75KW - CHP DIURNO. AF_07/2016","CHP",364.13]
[103662,"VARREDEIRA DE GRAMA SINTÉTICA A GASOLINA, 2,4 CV, 4 TEMPOS - CHI DIURNO. AF_05/2023","CHI",0]
[103661,"VARREDEIRA DE GRAMA SINTÉTICA A GASOLINA, 2,4 CV, 4 TEMPOS - CHP DIURNO. AF_05/2023","CHP",0]
[5841,"VASSOURA MECÂNICA REBOCÁVEL COM ESCOVA CILÍNDRICA, LARGURA ÚTIL DE VARRIMENTO DE 2,44 M - CHI DIURNO. AF_06/2014","CHI",4.8499999999999996]
[5839,"VASSOURA MECÂNICA REBOCÁVEL COM ESCOVA CILÍNDRICA, LARGURA ÚTIL DE VARRIMENTO DE 2,44 M - CHP DIURNO. AF_06/2014","CHP",9.65]
[90587,"VIBRADOR DE IMERSÃO, DIÂMETRO DE PONTEIRA 45MM, MOTOR ELÉTRICO TRIFÁSICO POTÊNCIA DE 2 CV - CHI DIURNO. AF_06/2015","CHI",0.53]
[90586,"VIBRADOR DE IMERSÃO, DIÂMETRO DE PONTEIRA 45MM, MOTOR ELÉTRICO TRIFÁSICO POTÊNCIA DE 2 CV - CHP DIURNO. AF_06/2015","CHP",1.38]
[5837,"VIBROACABADORA DE ASFALTO SOBRE ESTEIRAS, LARGURA DE PAVIMENTAÇÃO 1,90 M A 5,30 M, POTÊNCIA 105 HP CAPACIDADE 450 T/H - CHI DIURNO. AF_11/2014","CHI",141.25]
[5835,"VIBROACABADORA DE ASFALTO SOBRE ESTEIRAS, LARGURA DE PAVIMENTAÇÃO 1,90 M A 5,30 M, POTÊNCIA 105 HP CAPACIDADE 450 T/H - CHP DIURNO. AF_11/2014","CHP",367.44]
[89257,"VIBROACABADORA DE ASFALTO SOBRE ESTEIRAS, LARGURA DE PAVIMENTAÇÃO 2,13 M A 4,55 M, POTÊNCIA 100 HP CAPACIDADE 400 T/H - CHP DIURNO. AF_11/2014","CHP",318.82]
[89258,"VIBROACABADORA DE ASFALTO SOBRE ESTEIRAS, LARGURA DE PAVIMENTAÇÃO 2,13 M A 4,55 M, POTÊNCIA 100 HP, CAPACIDADE 400 T/H - CHI DIURNO. AF_11/2014","CHI",121.07]
[97621,"DEMOLIÇÃO DE ALVENARIA DE BLOCO FURADO, DE FORMA MANUAL, COM REAPROVEITAMENTO. AF_09/2023","M3",115.01]
[97622,"DEMOLIÇÃO DE ALVENARIA DE BLOCO FURADO, DE FORMA MANUAL, SEM REAPROVEITAMENTO. AF_09/2023","M3",56.05]
[97623,"DEMOLIÇÃO DE ALVENARIA DE TIJOLO MACIÇO, DE FORMA MANUAL, COM REAPROVEITAMENTO. AF_09/2023","M3",171.71]
[97624,"DEMOLIÇÃO DE ALVENARIA DE TIJOLO MACIÇO, DE FORMA MANUAL, SEM REAPROVEITAMENTO. AF_09/2023","M3",105.39]
[97625,"DEMOLIÇÃO DE ALVENARIA PARA QUALQUER TIPO DE BLOCO, DE FORMA MECANIZADA, SEM REAPROVEITAMENTO. AF_09/2023","M3",56.11]
[104791,"DEMOLIÇÃO DE ARGAMASSAS, DE FORMA DE FORMA MECANIZADA COM MARTELETE, SEM REAPROVEITAMENTO. AF_09/2023","M2",6.22]
[97631,"DEMOLIÇÃO DE ARGAMASSAS, DE FORMA MANUAL, SEM REAPROVEITAMENTO. AF_09/2023","M2",11.39]
[97630,"DEMOLIÇÃO DE ESTRUTURAS DE CONCRETO ARMADO EM GERAL, DE FORMA MECANIZADA COM ROMPEDOR ACOPLADO EM ESCAVADEIRA HIDRÁULICA, SEM REAPROVEITAMENTO. AF_09/2023","M3",0]
[104796,"DEMOLIÇÃO DE GUIAS, SARJETAS OU SARJETÕES, DE FORMA MECANIZADA, SEM REAPROVEITAMENTO. AF_09/2023","M",14.48]
[97628,"DEMOLIÇÃO DE LAJES, EM CONCRETO ARMADO, DE FORMA MANUAL, SEM REAPROVEITAMENTO. AF_09/2023","M3",262.37]
[97629,"DEMOLIÇÃO DE LAJES, EM CONCRETO ARMADO, DE FORMA MECANIZADA COM MARTELETE, SEM REAPROVEITAMENTO. AF_09/2023","M3",87.45]
[97626,"DEMOLIÇÃO DE PILARES E VIGAS EM CONCRETO ARMADO, DE FORMA MANUAL, SEM REAPROVEITAMENTO. AF_09/2023","M3",563.34]
[97627,"DEMOLIÇÃO DE PILARES E VIGAS EM CONCRETO ARMADO, DE FORMA MECANIZADA COM MARTELETE, SEM REAPROVEITAMENTO. AF_09/2023","M3",187.8]
[104789,"DEMOLIÇÃO DE PISO DE CONCRETO SIMPLES, DE FORMA MANUAL, SEM REAPROVEITAMENTO. AF_09/2023","M3",197.27]
[104790,"DEMOLIÇÃO DE PISO DE CONCRETO SIMPLES, DE FORMA MECANIZADA COM MARTELETE, SEM REAPROVEITAMENTO. AF_09/2023","M3",113.25]
[97633,"DEMOLIÇÃO DE REVESTIMENTO CERÂMICO, DE FORMA MANUAL, SEM REAPROVEITAMENTO. AF_09/2023","M2",23.15]
[97634,"DEMOLIÇÃO DE REVESTIMENTO CERÂMICO, DE FORMA MECANIZADA COM MARTELETE, SEM REAPROVEITAMENTO. AF_09/2023","M2",6.99]
[97632,"DEMOLIÇÃO DE RODAPÉ CERÂMICO, DE FORMA MANUAL, SEM REAPROVEITAMENTO. AF_09/2023","M",2.64]
[97636,"DEMOLIÇÃO PARCIAL DE PAVIMENTO ASFÁLTICO, DE FORMA MECANIZADA, SEM REAPROVEITAMENTO. AF_09/2023","M2",22.81]
[104797,"REMOÇAO DE GUIAS PRÉ-FABRICADAS DE CONCRETO, DE FORMA MECANIZADA, COM REAPROVEITAMENTO. AF_09/2023","M",18.100000000000001]
[104803,"REMOÇÃO CALHAS E RUFOS, DE FORMA MANUAL, SEM REAPROVEITAMENTO. AF_09/2023","M",4.63]
[97664,"REMOÇÃO DE ACESSÓRIOS, DE FORMA MANUAL, SEM REAPROVEITAMENTO. AF_09/2023","UN",1.57]
[104801,"REMOÇÃO DE ALAMBRADOS PARA QUADRAS POLIESPORTIVAS, ESTRUTURADO POR TUBOS DE AÇO GALVANIZADO, COM TELA DE ARAME GALVANIZADO, DE FORMA MANUAL, SEM REAPROVEITAMENTO. AF_09/2023","M2",14.4]
[97661,"REMOÇÃO DE CABOS ELÉTRICOS, COM SEÇÃO DE 10 MM², FORMA MANUAL, SEM REAPROVEITAMENTO. AF_09/2023","M",0.71]
[104794,"REMOÇÃO DE CABOS ELÉTRICOS, COM SEÇÃO DE 16 MM², FORMA MANUAL, SEM REAPROVEITAMENTO. AF_09/2023","M",0.96]
[104795,"REMOÇÃO DE CABOS ELÉTRICOS, COM SEÇÃO DE 25 MM², FORMA MANUAL, SEM REAPROVEITAMENTO. AF_09/2023","M",1.35]
[104792,"REMOÇÃO DE CABOS ELÉTRICOS, COM SEÇÃO DE ATÉ 2,5 MM², DE FORMA MANUAL, SEM REAPROVEITAMENTO. AF_09/2023","M",0.39]
[104793,"REMOÇÃO DE CABOS ELÉTRICOS, COM SEÇÃO MAIOR QUE 2,5 MM² E MENOR QUE 10 MM², DE FORMA MANUAL, SEM REAPROVEITAMENTO. AF_09/2023","M",0.53]
[104800,"REMOÇÃO DE CERCAS E MOURÕES, DE FORMA MANUAL, SEM REAPROVEITAMENTO. AF_09/2023","M",9.49]
[97638,"REMOÇÃO DE CHAPAS E PERFIS DE DRYWALL, DE FORMA MANUAL, SEM REAPROVEITAMENTO. AF_09/2023","M2",8.14]
[97641,"REMOÇÃO DE FORRO DE GESSO, DE FORMA MANUAL, SEM REAPROVEITAMENTO. AF_09/2023","M2",2.95]
[97640,"REMOÇÃO DE FORROS DE DRYWALL, PVC E FIBROMINERAL, DE FORMA MANUAL, SEM REAPROVEITAMENTO. AF_09/2023","M2",1.9]
[97660,"REMOÇÃO DE INTERRUPTORES/TOMADAS ELÉTRICAS, DE FORMA MANUAL, SEM REAPROVEITAMENTO. AF_09/2023","UN",0.66]
[97645,"REMOÇÃO DE JANELAS, DE FORMA MANUAL, SEM REAPROVEITAMENTO. AF_09/2023","M2",24.62]
[97663,"REMOÇÃO DE LOUÇAS, DE FORMA MANUAL, SEM REAPROVEITAMENTO. AF_09/2023","UN",12.59]
[97665,"REMOÇÃO DE LUMINÁRIAS, DE FORMA MANUAL, SEM REAPROVEITAMENTO. AF_09/2023","UN",1.8]
[97666,"REMOÇÃO DE METAIS SANITÁRIOS, DE FORMA MANUAL, SEM REAPROVEITAMENTO. AF_09/2023","UN",9.18]
[97635,"REMOÇÃO DE PISO DE BLOCO INTERTRAVADO OU DE PEDRA PORTUGUESA, DE FORMA MANUAL, COM REAPROVEITAMENTO. AF_09/2023","M2",15.08]
[97643,"REMOÇÃO DE PISO DE MADEIRA (ASSOALHO E BARROTE), DE FORMA MANUAL, SEM REAPROVEITAMENTO. AF_09/2023","M2",25.23]
[104799,"REMOÇÃO DE PLACAS DE SINALIZAÇÃO VIÁRIA, DE FORMA MANUAL, SEM REAPROVEITAMENTO. AF_09/2023","M2",10.5]
[97639,"REMOÇÃO DE PLACAS E PILARETES DE CONCRETO, DE FORMA MANUAL, SEM REAPROVEITAMENTO. AF_09/2023","M2",20.59]
[97644,"REMOÇÃO DE PORTAS, DE FORMA MANUAL, SEM REAPROVEITAMENTO. AF_09/2023","M2",9.5299999999999994]
[97648,"REMOÇÃO DE PROTEÇÃO TÉRMICA PARA COBERTURA EM EPS, DE FORMA MANUAL, SEM REAPROVEITAMENTO. AF_09/2023","M2",2.0299999999999998]
[104798,"REMOÇÃO DE SUPORTE METÁLICO OU DE MADEIRA PARA PLACAS DE SINALIZAÇÃO VIÁRIA, DE FORMA MANUAL, SEM REAPROVEITAMENTO. AF_09/2023","UN",13.38]
[97637,"REMOÇÃO DE TAPUME/ CHAPAS METÁLICAS E DE MADEIRA, DE FORMA MANUAL, SEM REAPROVEITAMENTO. AF_09/2023","M2",2.8]
[104802,"REMOÇÃO DE TELA DE ARAME GALVANIZADO DE ALAMBRADOS PARA QUADRAS POLIESPORTIVAS, DE FORMA MANUAL, SEM REMOÇÃO DA ESTRUTURA DE SUSTENTAÇÃO, SEM REAPROVEITAMENTO. AF_09/2023","M2",9.58]
[97647,"REMOÇÃO DE TELHAS DE FIBROCIMENTO METÁLICA E CERÂMICA, DE FORMA MANUAL, SEM REAPROVEITAMENTO. AF_09/2023","M2",3.54]
[97649,"REMOÇÃO DE TELHAS DE FIBROCIMENTO, METÁLICA E CERÂMICA, DE FORMA MECANIZADA, COM USO DE GUINDASTE, SEM REAPROVEITAMENTO. AF_09/2023","M2",4.5199999999999996]
[97652,"REMOÇÃO DE TESOURAS DE MADEIRA, COM VÃO MAIOR OU IGUAL A 8M, DE FORMA MANUAL, SEM REAPROVEITAMENTO. AF_09/2023","UN",188.89]
[97654,"REMOÇÃO DE TESOURAS DE MADEIRA, COM VÃO MAIOR OU IGUAL A 8M, DE FORMA MECANIZADA, COM REAPROVEITAMENTO. AF_09/2023","UN",179.68]
[97651,"REMOÇÃO DE TESOURAS DE MADEIRA, COM VÃO MENOR QUE 8M, DE FORMA MANUAL, SEM REAPROVEITAMENTO. AF_09/2023","UN",83.32]
[97653,"REMOÇÃO DE TESOURAS DE MADEIRA, COM VÃO MENOR QUE 8M, DE FORMA MECANIZADA, COM REAPROVEITAMENTO. AF_09/2023","UN",145.12]
[97657,"REMOÇÃO DE TESOURAS METÁLICAS, COM VÃO MAIOR OU IGUAL A 8M, DE FORMA MANUAL, SEM REAPROVEITAMENTO. AF_09/2023","UN",735.22]
[97659,"REMOÇÃO DE TESOURAS METÁLICAS, COM VÃO MAIOR OU IGUAL A 8M, DE FORMA MECANIZADA, COM REAPROVEITAMENTO. AF_09/2023","UN",325.79000000000002]
[97656,"REMOÇÃO DE TESOURAS METÁLICAS, COM VÃO MENOR QUE 8M, DE FORMA MANUAL, SEM REAPROVEITAMENTO. AF_09/2023","UN",370.94]
[97658,"REMOÇÃO DE TESOURAS METÁLICAS, COM VÃO MENOR QUE 8M, DE FORMA MECANIZADA, COM REAPROVEITAMENTO. AF_09/2023","UN",232.97]
[97650,"REMOÇÃO DE TRAMA DE MADEIRA PARA COBERTURA, DE FORMA MANUAL, SEM REAPROVEITAMENTO. AF_09/2023","M2",7.65]
[97642,"REMOÇÃO DE TRAMA METÁLICA OU DE MADEIRA PARA FORRO, DE FORMA MANUAL, SEM REAPROVEITAMENTO. AF_09/2023","M2",2.72]
[97655,"REMOÇÃO DE TRAMA METÁLICA PARA COBERTURA, DE FORMA MANUAL, SEM REAPROVEITAMENTO. AF_09/2023","M2",41.37]
[97662,"REMOÇÃO DE TUBULAÇÕES (TUBOS E CONEXÕES) DE ÁGUA FRIA, DE FORMA MANUAL, SEM REAPROVEITAMENTO. AF_09/2023","M",0.5]
[97646,"REMOÇÃO DE VIDRO, EM FACHADAS DE VIDRO, DE FORMA MECANIZADA, COM USO DE PLATAFORMA ELEVATÓRIA, SEM REAPROVEITAMENTO. AF_09/2023","M2",0]
[92712,"APARELHO PARA CORTE E SOLDA OXI-ACETILENO SOBRE RODAS, INCLUSIVE CILINDROS E MAÇARICOS - DEPRECIAÇÃO. AF_05/2023","H",0.19]
[92713,"APARELHO PARA CORTE E SOLDA OXI-ACETILENO SOBRE RODAS, INCLUSIVE CILINDROS E MAÇARICOS - JUROS. AF_05/2023","H",0.04]
[92714,"APARELHO PARA CORTE E SOLDA OXI-ACETILENO SOBRE RODAS, INCLUSIVE CILINDROS E MAÇARICOS - MANUTENÇÃO. AF_05/2023","H",0.24]
[92715,"APARELHO PARA CORTE E SOLDA OXI-ACETILENO SOBRE RODAS, INCLUSIVE CILINDROS E MAÇARICOS - MATERIAIS NA OPERAÇÃO. AF_05/2023","H",129.33000000000001]
[103663,"BATE ESTACA PARA INSTALAÇÃO DE DEFENSAS METÁLICAS (GUARD RAIL) FIXO, INCLUSIVE CAMINHÃO TOCO PBT 9.700 KG, POTÊNCIA DE 160 CV - DEPRECIAÇÃO. AF_05/2023","H",0]
[104390,"BATE ESTACA PARA INSTALAÇÃO DE DEFENSAS METÁLICAS (GUARD RAIL) FIXO, INCLUSIVE CAMINHÃO TOCO PBT 9.700 KG, POTÊNCIA DE 160 CV - IMPOSTOS E SEGUROS. AF_05/2023","H",0]
[103664,"BATE ESTACA PARA INSTALAÇÃO DE DEFENSAS METÁLICAS (GUARD RAIL) FIXO, INCLUSIVE CAMINHÃO TOCO PBT 9.700 KG, POTÊNCIA DE 160 CV - JUROS. AF_05/2023","H",0]
[104451,"BATE ESTACA PARA INSTALAÇÃO DE DEFENSAS METÁLICAS (GUARD RAIL) FIXO, INCLUSIVE CAMINHÃO TOCO PBT 9.700 KG, POTÊNCIA DE 160 CV - MANUTENÇÃO. AF_05/2023","H",0]
[103666,"BATE ESTACA PARA INSTALAÇÃO DE DEFENSAS METÁLICAS (GUARD RAIL) FIXO, INCLUSIVE CAMINHÃO TOCO PBT 9.700 KG, POTÊNCIA DE 160 CV - MATERIAIS NA OPERAÇÃO. AF_05/2023","H",142.19999999999999]
[89212,"BATE-ESTACAS POR GRAVIDADE, POTÊNCIA DE 160 HP, PESO DO MARTELO ATÉ 3 TONELADAS - DEPRECIAÇÃO. AF_11/2014","H",29.7]
[89213,"BATE-ESTACAS POR GRAVIDADE, POTÊNCIA DE 160 HP, PESO DO MARTELO ATÉ 3 TONELADAS - JUROS. AF_11/2014","H",9.16]
[89214,"BATE-ESTACAS POR GRAVIDADE, POTÊNCIA DE 160 HP, PESO DO MARTELO ATÉ 3 TONELADAS - MANUTENÇÃO. AF_11/2014","H",27.88]
[89215,"BATE-ESTACAS POR GRAVIDADE, POTÊNCIA DE 160 HP, PESO DO MARTELO ATÉ 3 TONELADAS - MATERIAIS NA OPERAÇÃO. AF_11/2014","H",97.31]
[87441,"BETONEIRA CAPACIDADE NOMINAL 400 L, CAPACIDADE DE MISTURA 310 L, MOTOR A DIESEL POTÊNCIA 5,0 CV, SEM CARREGADOR - DEPRECIAÇÃO. AF_05/2023","H",0.55000000000000004]
[87442,"BETONEIRA CAPACIDADE NOMINAL 400 L, CAPACIDADE DE MISTURA 310 L, MOTOR A DIESEL POTÊNCIA 5,0 CV, SEM CARREGADOR - JUROS. AF_05/2023","H",0.12]
[87443,"BETONEIRA CAPACIDADE NOMINAL 400 L, CAPACIDADE DE MISTURA 310 L, MOTOR A DIESEL POTÊNCIA 5,0 CV, SEM CARREGADOR - MANUTENÇÃO. AF_05/2023","H",0.69]
[87444,"BETONEIRA CAPACIDADE NOMINAL 400 L, CAPACIDADE DE MISTURA 310 L, MOTOR A DIESEL POTÊNCIA 5,0 CV, SEM CARREGADOR - MATERIAIS NA OPERAÇÃO. AF_05/2023","H",4.38]
[93229,"BETONEIRA CAPACIDADE NOMINAL 400 L, CAPACIDADE DE MISTURA 310 L, MOTOR A GASOLINA POTÊNCIA 5,5 CV, SEM CARREGADOR - DEPRECIAÇÃO. AF_02/2016","H",0.51]
[93230,"BETONEIRA CAPACIDADE NOMINAL 400 L, CAPACIDADE DE MISTURA 310 L, MOTOR A GASOLINA POTÊNCIA 5,5 CV, SEM CARREGADOR - JUROS. AF_02/2016","H",0.11]
[93231,"BETONEIRA CAPACIDADE NOMINAL 400 L, CAPACIDADE DE MISTURA 310 L, MOTOR A GASOLINA POTÊNCIA 5,5 CV, SEM CARREGADOR - MANUTENÇÃO. AF_02/2016","H",0.64]
[93232,"BETONEIRA CAPACIDADE NOMINAL 400 L, CAPACIDADE DE MISTURA 310 L, MOTOR A GASOLINA POTÊNCIA 5,5 CV, SEM CARREGADOR - MATERIAIS NA OPERAÇÃO. AF_02/2016","H",4.78]
[102948,"BETONEIRA CAPACIDADE NOMINAL DE 250 L, CAPACIDADE DE MISTURA DE 175 L, MOTOR ELÉTRICO MONOFÁSICO POTÊNCIA 1CV - DEPRECIAÇÃO. AF_05/2023","H",0]
[102949,"BETONEIRA CAPACIDADE NOMINAL DE 250 L, CAPACIDADE DE MISTURA DE 175 L, MOTOR ELÉTRICO MONOFÁSICO POTÊNCIA 1CV - JUROS. AF_05/2023","H",0]
[102950,"BETONEIRA CAPACIDADE NOMINAL DE 250 L, CAPACIDADE DE MISTURA DE 175 L, MOTOR ELÉTRICO MONOFÁSICO POTÊNCIA 1CV - MANUTENÇÃO. AF_05/2023","H",0]
[102951,"BETONEIRA CAPACIDADE NOMINAL DE 250 L, CAPACIDADE DE MISTURA DE 175 L, MOTOR ELÉTRICO MONOFÁSICO POTÊNCIA 1CV - MATERIAIS NA OPERAÇÃO. AF_05/2023","H",0.63]
[88826,"BETONEIRA CAPACIDADE NOMINAL DE 400 L, CAPACIDADE DE MISTURA 280 L, MOTOR ELÉTRICO TRIFÁSICO POTÊNCIA DE 2 CV, SEM CARREGADOR - DEPRECIAÇÃO. AF_05/2023","H",0.4]
[88827,"BETONEIRA CAPACIDADE NOMINAL DE 400 L, CAPACIDADE DE MISTURA 280 L, MOTOR ELÉTRICO TRIFÁSICO POTÊNCIA DE 2 CV, SEM CARREGADOR - JUROS. AF_05/2023","H",0.09]
[88828,"BETONEIRA CAPACIDADE NOMINAL DE 400 L, CAPACIDADE DE MISTURA 280 L, MOTOR ELÉTRICO TRIFÁSICO POTÊNCIA DE 2 CV, SEM CARREGADOR - MANUTENÇÃO. AF_05/2023","H",0.44]
[88829,"BETONEIRA CAPACIDADE NOMINAL DE 400 L, CAPACIDADE DE MISTURA 280 L, MOTOR ELÉTRICO TRIFÁSICO POTÊNCIA DE 2 CV, SEM CARREGADOR - MATERIAIS NA OPERAÇÃO. AF_05/2023","H",1.25]
[89221,"BETONEIRA CAPACIDADE NOMINAL DE 600 L, CAPACIDADE DE MISTURA 360 L, MOTOR ELÉTRICO TRIFÁSICO POTÊNCIA DE 4 CV, SEM CARREGADOR - DEPRECIAÇÃO. AF_05/2023","H",1.66]
[89222,"BETONEIRA CAPACIDADE NOMINAL DE 600 L, CAPACIDADE DE MISTURA 360 L, MOTOR ELÉTRICO TRIFÁSICO POTÊNCIA DE 4 CV, SEM CARREGADOR - JUROS. AF_05/2023","H",0.38]
[89223,"BETONEIRA CAPACIDADE NOMINAL DE 600 L, CAPACIDADE DE MISTURA 360 L, MOTOR ELÉTRICO TRIFÁSICO POTÊNCIA DE 4 CV, SEM CARREGADOR - MANUTENÇÃO. AF_05/2023","H",1.82]
[89224,"BETONEIRA CAPACIDADE NOMINAL DE 600 L, CAPACIDADE DE MISTURA 360 L, MOTOR ELÉTRICO TRIFÁSICO POTÊNCIA DE 4 CV, SEM CARREGADOR - MATERIAIS NA OPERAÇÃO. AF_05/2023","H",2.5]
[89274,"BETONEIRA CAPACIDADE NOMINAL DE 600 L, CAPACIDADE DE MISTURA 440 L, MOTOR A DIESEL POTÊNCIA 10 CV, COM CARREGADOR - DEPRECIAÇÃO. AF_05/2023","H",2.02]
[89275,"BETONEIRA CAPACIDADE NOMINAL DE 600 L, CAPACIDADE DE MISTURA 440 L, MOTOR A DIESEL POTÊNCIA 10 CV, COM CARREGADOR - JUROS. AF_05/2023","H",0.46]
[89276,"BETONEIRA CAPACIDADE NOMINAL DE 600 L, CAPACIDADE DE MISTURA 440 L, MOTOR A DIESEL POTÊNCIA 10 CV, COM CARREGADOR - MANUTENÇÃO. AF_05/2023","H",2.5299999999999998]
[89277,"BETONEIRA CAPACIDADE NOMINAL DE 600 L, CAPACIDADE DE MISTURA 440 L, MOTOR A DIESEL POTÊNCIA 10 CV, COM CARREGADOR - MATERIAIS NA OPERAÇÃO. AF_05/2023","H",8.77]
[90646,"BOMBA CENTRÍFUGA MONOESTÁGIO COM MOTOR ELÉTRICO MONOFÁSICO, POTÊNCIA 15 HP, DIÂMETRO DO ROTOR 173 MM, HM/Q = 30 MCA / 90 M3/H A 45 MCA / 55 M3/H - DEPRECIAÇÃO. AF_06/2015","H",1.05]
[90647,"BOMBA CENTRÍFUGA MONOESTÁGIO COM MOTOR ELÉTRICO MONOFÁSICO, POTÊNCIA 15 HP, DIÂMETRO DO ROTOR 173 MM, HM/Q = 30 MCA / 90 M3/H A 45 MCA / 55 M3/H - JUROS. AF_06/2015","H",0.24]
[90648,"BOMBA CENTRÍFUGA MONOESTÁGIO COM MOTOR ELÉTRICO MONOFÁSICO, POTÊNCIA 15 HP, DIÂMETRO DO ROTOR 173 MM, HM/Q = 30 MCA / 90 M3/H A 45 MCA / 55 M3/H - MANUTENÇÃO. AF_06/2015","H",1.1499999999999999]
[90649,"BOMBA CENTRÍFUGA MONOESTÁGIO COM MOTOR ELÉTRICO MONOFÁSICO, POTÊNCIA 15 HP, DIÂMETRO DO ROTOR 173 MM, HM/Q = 30 MCA / 90 M3/H A 45 MCA / 55 M3/H - MATERIAIS NA OPERAÇÃO. AF_06/2015","H",9.6999999999999993]
[90652,"BOMBA DE PROJEÇÃO DE CONCRETO SECO, POTÊNCIA 10 CV, VAZÃO 3 M3/H - DEPRECIAÇÃO. AF_06/2015","H",4.99]
[90653,"BOMBA DE PROJEÇÃO DE CONCRETO SECO, POTÊNCIA 10 CV, VAZÃO 3 M3/H - JUROS. AF_06/2015","H",1.1499999999999999]
[90654,"BOMBA DE PROJEÇÃO DE CONCRETO SECO, POTÊNCIA 10 CV, VAZÃO 3 M3/H - MANUTENÇÃO. AF_06/2015","H",5.46]
[90655,"BOMBA DE PROJEÇÃO DE CONCRETO SECO, POTÊNCIA 10 CV, VAZÃO 3 M3/H - MATERIAIS NA OPERAÇÃO. AF_06/2015","H",6.38]
[90658,"BOMBA DE PROJEÇÃO DE CONCRETO SECO, POTÊNCIA 10 CV, VAZÃO 6 M3/H - DEPRECIAÇÃO. AF_06/2015","H",5.34]
[90659,"BOMBA DE PROJEÇÃO DE CONCRETO SECO, POTÊNCIA 10 CV, VAZÃO 6 M3/H - JUROS. AF_06/2015","H",1.23]
[90660,"BOMBA DE PROJEÇÃO DE CONCRETO SECO, POTÊNCIA 10 CV, VAZÃO 6 M3/H - MANUTENÇÃO. AF_06/2015","H",5.85]
[90661,"BOMBA DE PROJEÇÃO DE CONCRETO SECO, POTÊNCIA 10 CV, VAZÃO 6 M3/H - MATERIAIS NA OPERAÇÃO. AF_06/2015","H",6.38]
[89019,"BOMBA SUBMERSÍVEL ELÉTRICA TRIFÁSICA, POTÊNCIA 2,96 HP, Ø ROTOR 144 MM SEMI-ABERTO, BOCAL DE SAÍDA Ø 2\", HM/Q = 2 MCA / 38,8 M3/H A 28 MCA / 5 M3/H - DEPRECIAÇÃO. AF_06/2014","H",0.48]
[89020,"BOMBA SUBMERSÍVEL ELÉTRICA TRIFÁSICA, POTÊNCIA 2,96 HP, Ø ROTOR 144 MM SEMI-ABERTO, BOCAL DE SAÍDA Ø 2\", HM/Q = 2 MCA / 38,8 M3/H A 28 MCA / 5 M3/H - JUROS. AF_06/2014","H",0.11]
[5800,"BOMBA SUBMERSÍVEL ELÉTRICA TRIFÁSICA, POTÊNCIA 2,96 HP, Ø ROTOR 144 MM SEMI-ABERTO, BOCAL DE SAÍDA Ø 2\", HM/Q = 2 MCA / 38,8 M3/H A 28 MCA / 5 M3/H - MANUTENÇÃO. AF_06/2014","H",0.53]
[53866,"BOMBA SUBMERSÍVEL ELÉTRICA TRIFÁSICA, POTÊNCIA 2,96 HP, Ø ROTOR 144 MM SEMI-ABERTO, BOCAL DE SAÍDA Ø 2\", HM/Q = 2 MCA / 38,8 M3/H A 28 MCA / 5 M3/H - MATERIAIS NA OPERAÇÃO. AF_06/2014","H",1.91]
[90639,"BOMBA TRIPLEX, PARA INJEÇÃO DE NATA DE CIMENTO, VAZÃO MÁXIMA DE 100 LITROS/MINUTO, PRESSÃO MÁXIMA DE 70 BAR - DEPRECIAÇÃO. AF_06/2015","H",7.66]
[90640,"BOMBA TRIPLEX, PARA INJEÇÃO DE NATA DE CIMENTO, VAZÃO MÁXIMA DE 100 LITROS/MINUTO, PRESSÃO MÁXIMA DE 70 BAR - JUROS. AF_06/2015","H",1.77]
[90641,"BOMBA TRIPLEX, PARA INJEÇÃO DE NATA DE CIMENTO, VAZÃO MÁXIMA DE 100 LITROS/MINUTO, PRESSÃO MÁXIMA DE 70 BAR - MANUTENÇÃO. AF_06/2015","H",8.3800000000000008]
[90642,"BOMBA TRIPLEX, PARA INJEÇÃO DE NATA DE CIMENTO, VAZÃO MÁXIMA DE 100 LITROS/MINUTO, PRESSÃO MÁXIMA DE 70 BAR - MATERIAIS NA OPERAÇÃO. AF_06/2015","H",13.16]
[102806,"CALDEIRA A GÁS COM TERMOSTATO, CAPACIDADE 100 LITROS - DEPRECIAÇÃO. AF_05/2023","H",0]
[102807,"CALDEIRA A GÁS COM TERMOSTATO, CAPACIDADE 100 LITROS - JUROS. AF_05/2023","H",0]
[102808,"CALDEIRA A GÁS COM TERMOSTATO, CAPACIDADE 100 LITROS - MANUTENÇÃO. AF_05/2023","H",0]
[102809,"CALDEIRA A GÁS COM TERMOSTATO, CAPACIDADE 100 LITROS - MATERIAIS NA OPERAÇÃO. AF_05/2023","H",17.170000000000002]
[92140,"CAMINHONETE CABINE SIMPLES COM MOTOR 1.6 FLEX, CÂMBIO MANUAL, POTÊNCIA 101/104 CV, 2 PORTAS - DEPRECIAÇÃO. AF_11/2015","H",4.66]
[92142,"CAMINHONETE CABINE SIMPLES COM MOTOR 1.6 FLEX, CÂMBIO MANUAL, POTÊNCIA 101/104 CV, 2 PORTAS - IMPOSTOS E SEGUROS. AF_11/2015","H",0.57999999999999996]
[92141,"CAMINHONETE CABINE SIMPLES COM MOTOR 1.6 FLEX, CÂMBIO MANUAL, POTÊNCIA 101/104 CV, 2 PORTAS - JUROS. AF_11/2015","H",1.43]
[92143,"CAMINHONETE CABINE SIMPLES COM MOTOR 1.6 FLEX, CÂMBIO MANUAL, POTÊNCIA 101/104 CV, 2 PORTAS - MANUTENÇÃO. AF_11/2015","H",5.83]
[92144,"CAMINHONETE CABINE SIMPLES COM MOTOR 1.6 FLEX, CÂMBIO MANUAL, POTÊNCIA 101/104 CV, 2 PORTAS - MATERIAIS NA OPERAÇÃO. AF_11/2015","H",41.61]
[92133,"CAMINHONETE COM MOTOR A DIESEL, POTÊNCIA 180 CV, CABINE DUPLA, 4X4 - DEPRECIAÇÃO. AF_11/2015","H",12.74]
[92135,"CAMINHONETE COM MOTOR A DIESEL, POTÊNCIA 180 CV, CABINE DUPLA, 4X4 - IMPOSTOS E SEGUROS. AF_11/2015","H",1.59]
[92134,"CAMINHONETE COM MOTOR A DIESEL, POTÊNCIA 180 CV, CABINE DUPLA, 4X4 - JUROS. AF_11/2015","H",3.92]
[92136,"CAMINHONETE COM MOTOR A DIESEL, POTÊNCIA 180 CV, CABINE DUPLA, 4X4 - MANUTENÇÃO. AF_11/2015","H",15.92]
[92137,"CAMINHONETE COM MOTOR A DIESEL, POTÊNCIA 180 CV, CABINE DUPLA, 4X4 - MATERIAIS NA OPERAÇÃO. AF_11/2015","H",36.93]
[91380,"CAMINHÃO BASCULANTE 10 M3, TRUCADO CABINE SIMPLES, PESO BRUTO TOTAL 23.000 KG, CARGA ÚTIL MÁXIMA 15.935 KG, DISTÂNCIA ENTRE EIXOS 4,80 M, POTÊNCIA 230 CV INCLUSIVE CAÇAMBA METÁLICA - DEPRECIAÇÃO. AF_06/2014","H",28.46]
[91382,"CAMINHÃO BASCULANTE 10 M3, TRUCADO CABINE SIMPLES, PESO BRUTO TOTAL 23.000 KG, CARGA ÚTIL MÁXIMA 15.935 KG, DISTÂNCIA ENTRE EIXOS 4,80 M, POTÊNCIA 230 CV INCLUSIVE CAÇAMBA METÁLICA - IMPOSTOS E SEGUROS. AF_06/2014","H",4.3899999999999997]
[91381,"CAMINHÃO BASCULANTE 10 M3, TRUCADO CABINE SIMPLES, PESO BRUTO TOTAL 23.000 KG, CARGA ÚTIL MÁXIMA 15.935 KG, DISTÂNCIA ENTRE EIXOS 4,80 M, POTÊNCIA 230 CV INCLUSIVE CAÇAMBA METÁLICA - JUROS. AF_06/2014","H",10.88]
[91383,"CAMINHÃO BASCULANTE 10 M3, TRUCADO CABINE SIMPLES, PESO BRUTO TOTAL 23.000 KG, CARGA ÚTIL MÁXIMA 15.935 KG, DISTÂNCIA ENTRE EIXOS 4,80 M, POTÊNCIA 230 CV INCLUSIVE CAÇAMBA METÁLICA - MANUTENÇÃO. AF_06/2014","H",51.09]
[91384,"CAMINHÃO BASCULANTE 10 M3, TRUCADO CABINE SIMPLES, PESO BRUTO TOTAL 23.000 KG, CARGA ÚTIL MÁXIMA 15.935 KG, DISTÂNCIA ENTRE EIXOS 4,80 M, POTÊNCIA 230 CV INCLUSIVE CAÇAMBA METÁLICA - MATERIAIS NA OPERAÇÃO. AF_06/2014","H",148.59]
[96030,"CAMINHÃO BASCULANTE 10 M3, TRUCADO, POTÊNCIA 230 CV, INCLUSIVE CAÇAMBA METÁLICA, COM DISTRIBUIDOR DE AGREGADOS ACOPLADO - DEPRECIAÇÃO. AF_02/2017","H",34.93]
[96032,"CAMINHÃO BASCULANTE 10 M3, TRUCADO, POTÊNCIA 230 CV, INCLUSIVE CAÇAMBA METÁLICA, COM DISTRIBUIDOR DE AGREGADOS ACOPLADO - IMPOSTOS E SEGUROS. AF_02/2017","H",4.9000000000000004]
[96031,"CAMINHÃO BASCULANTE 10 M3, TRUCADO, POTÊNCIA 230 CV, INCLUSIVE CAÇAMBA METÁLICA, COM DISTRIBUIDOR DE AGREGADOS ACOPLADO - JUROS. AF_02/2017","H",12.21]
[96033,"CAMINHÃO BASCULANTE 10 M3, TRUCADO, POTÊNCIA 230 CV, INCLUSIVE CAÇAMBA METÁLICA, COM DISTRIBUIDOR DE AGREGADOS ACOPLADO - MANUTENÇÃO. AF_02/2017","H",56.48]
[96034,"CAMINHÃO BASCULANTE 10 M3, TRUCADO, POTÊNCIA 230 CV, INCLUSIVE CAÇAMBA METÁLICA, COM DISTRIBUIDOR DE AGREGADOS ACOPLADO - MATERIAIS NA OPERAÇÃO. AF_02/2017","H",148.59]
[89870,"CAMINHÃO BASCULANTE 14 M3, COM CAVALO MECÂNICO DE CAPACIDADE MÁXIMA DE TRAÇÃO COMBINADO DE 36000 KG, POTÊNCIA 286 CV, INCLUSIVE SEMIREBOQUE COM CAÇAMBA METÁLICA - DEPRECIAÇÃO. AF_12/2014","H",39.450000000000003]
[89872,"CAMINHÃO BASCULANTE 14 M3, COM CAVALO MECÂNICO DE CAPACIDADE MÁXIMA DE TRAÇÃO COMBINADO DE 36000 KG, POTÊNCIA 286 CV, INCLUSIVE SEMIREBOQUE COM CAÇAMBA METÁLICA - IMPOSTOS E SEGUROS. AF_12/2014","H",5.56]
[89871,"CAMINHÃO BASCULANTE 14 M3, COM CAVALO MECÂNICO DE CAPACIDADE MÁXIMA DE TRAÇÃO COMBINADO DE 36000 KG, POTÊNCIA 286 CV, INCLUSIVE SEMIREBOQUE COM CAÇAMBA METÁLICA - JUROS. AF_12/2014","H",13.77]
[89873,"CAMINHÃO BASCULANTE 14 M3, COM CAVALO MECÂNICO DE CAPACIDADE MÁXIMA DE TRAÇÃO COMBINADO DE 36000 KG, POTÊNCIA 286 CV, INCLUSIVE SEMIREBOQUE COM CAÇAMBA METÁLICA - MANUTENÇÃO. AF_12/2014","H",67.209999999999994]
[89874,"CAMINHÃO BASCULANTE 14 M3, COM CAVALO MECÂNICO DE CAPACIDADE MÁXIMA DE TRAÇÃO COMBINADO DE 36000 KG, POTÊNCIA 286 CV, INCLUSIVE SEMIREBOQUE COM CAÇAMBA METÁLICA - MATERIAIS NA OPERAÇÃO. AF_12/2014","H",184.77]
[89878,"CAMINHÃO BASCULANTE 18 M3, COM CAVALO MECÂNICO DE CAPACIDADE MÁXIMA DE TRAÇÃO COMBINADO DE 45000 KG, POTÊNCIA 330 CV, INCLUSIVE SEMIREBOQUE COM CAÇAMBA METÁLICA - DEPRECIAÇÃO. AF_12/2014","H",42.32]
[89880,"CAMINHÃO BASCULANTE 18 M3, COM CAVALO MECÂNICO DE CAPACIDADE MÁXIMA DE TRAÇÃO COMBINADO DE 45000 KG, POTÊNCIA 330 CV, INCLUSIVE SEMIREBOQUE COM CAÇAMBA METÁLICA - IMPOSTOS E SEGUROS. AF_12/2014","H",5.87]
[89879,"CAMINHÃO BASCULANTE 18 M3, COM CAVALO MECÂNICO DE CAPACIDADE MÁXIMA DE TRAÇÃO COMBINADO DE 45000 KG, POTÊNCIA 330 CV, INCLUSIVE SEMIREBOQUE COM CAÇAMBA METÁLICA - JUROS. AF_12/2014","H",14.51]
[89881,"CAMINHÃO BASCULANTE 18 M3, COM CAVALO MECÂNICO DE CAPACIDADE MÁXIMA DE TRAÇÃO COMBINADO DE 45000 KG, POTÊNCIA 330 CV, INCLUSIVE SEMIREBOQUE COM CAÇAMBA METÁLICA - MANUTENÇÃO. AF_12/2014","H",71.39]
[89882,"CAMINHÃO BASCULANTE 18 M3, COM CAVALO MECÂNICO DE CAPACIDADE MÁXIMA DE TRAÇÃO COMBINADO DE 45000 KG, POTÊNCIA 330 CV, INCLUSIVE SEMIREBOQUE COM CAÇAMBA METÁLICA - MATERIAIS NA OPERAÇÃO. AF_12/2014","H",213.18]
[7058,"CAMINHÃO BASCULANTE 6 M3 TOCO, PESO BRUTO TOTAL 16.000 KG, CARGA ÚTIL MÁXIMA 11.130 KG, DISTÂNCIA ENTRE EIXOS 5,36 M, POTÊNCIA 185 CV, INCLUSIVE CAÇAMBA METÁLICA - DEPRECIAÇÃO. AF_06/2014","H",22.37]
[91402,"CAMINHÃO BASCULANTE 6 M3 TOCO, PESO BRUTO TOTAL 16.000 KG, CARGA ÚTIL MÁXIMA 11.130 KG, DISTÂNCIA ENTRE EIXOS 5,36 M, POTÊNCIA 185 CV, INCLUSIVE CAÇAMBA METÁLICA - IMPOSTOS E SEGUROS. AF_06/2014","H",3.46]
[7059,"CAMINHÃO BASCULANTE 6 M3 TOCO, PESO BRUTO TOTAL 16.000 KG, CARGA ÚTIL MÁXIMA 11.130 KG, DISTÂNCIA ENTRE EIXOS 5,36 M, POTÊNCIA 185 CV, INCLUSIVE CAÇAMBA METÁLICA - JUROS. AF_06/2014","H",8.58]
[7060,"CAMINHÃO BASCULANTE 6 M3 TOCO, PESO BRUTO TOTAL 16.000 KG, CARGA ÚTIL MÁXIMA 11.130 KG, DISTÂNCIA ENTRE EIXOS 5,36 M, POTÊNCIA 185 CV, INCLUSIVE CAÇAMBA METÁLICA - MANUTENÇÃO. AF_06/2014","H",40.229999999999997]
[7061,"CAMINHÃO BASCULANTE 6 M3 TOCO, PESO BRUTO TOTAL 16.000 KG, CARGA ÚTIL MÁXIMA 11.130 KG, DISTÂNCIA ENTRE EIXOS 5,36 M, POTÊNCIA 185 CV, INCLUSIVE CAÇAMBA METÁLICA - MATERIAIS NA OPERAÇÃO. AF_06/2014","H",85.39]
[91367,"CAMINHÃO BASCULANTE 6 M3, PESO BRUTO TOTAL 16.000 KG, CARGA ÚTIL MÁXIMA 13.071 KG, DISTÂNCIA ENTRE EIXOS 4,80 M, POTÊNCIA 230 CV INCLUSIVE CAÇAMBA METÁLICA - DEPRECIAÇÃO. AF_06/2014","H",21.63]
[91369,"CAMINHÃO BASCULANTE 6 M3, PESO BRUTO TOTAL 16.000 KG, CARGA ÚTIL MÁXIMA 13.071 KG, DISTÂNCIA ENTRE EIXOS 4,80 M, POTÊNCIA 230 CV INCLUSIVE CAÇAMBA METÁLICA - IMPOSTOS E SEGUROS. AF_06/2014","H",3.33]
[91368,"CAMINHÃO BASCULANTE 6 M3, PESO BRUTO TOTAL 16.000 KG, CARGA ÚTIL MÁXIMA 13.071 KG, DISTÂNCIA ENTRE EIXOS 4,80 M, POTÊNCIA 230 CV INCLUSIVE CAÇAMBA METÁLICA - JUROS. AF_06/2014","H",8.27]
[5695,"CAMINHÃO BASCULANTE 6 M3, PESO BRUTO TOTAL 16.000 KG, CARGA ÚTIL MÁXIMA 13.071 KG, DISTÂNCIA ENTRE EIXOS 4,80 M, POTÊNCIA 230 CV INCLUSIVE CAÇAMBA METÁLICA - MANUTENÇÃO. AF_06/2014","H",38.89]
[53792,"CAMINHÃO BASCULANTE 6 M3, PESO BRUTO TOTAL 16.000 KG, CARGA ÚTIL MÁXIMA 13.071 KG, DISTÂNCIA ENTRE EIXOS 4,80 M, POTÊNCIA 230 CV INCLUSIVE CAÇAMBA METÁLICA - MATERIAIS NA OPERAÇÃO. AF_06/2014","H",106.15]
[92237,"CAMINHÃO DE TRANSPORTE DE MATERIAL ASFÁLTICO 20.000 L, COM CAVALO MECÂNICO DE CAPACIDADE MÁXIMA DE TRAÇÃO COMBINADO DE 45.000 KG, POTÊNCIA 330 CV, INCLUSIVE TANQUE DE ASFALTO COM MAÇARICO - DEPRECIAÇÃO. AF_12/2015","H",29.04]
[92239,"CAMINHÃO DE TRANSPORTE DE MATERIAL ASFÁLTICO 20.000 L, COM CAVALO MECÂNICO DE CAPACIDADE MÁXIMA DE TRAÇÃO COMBINADO DE 45.000 KG, POTÊNCIA 330 CV, INCLUSIVE TANQUE DE ASFALTO COM MAÇARICO - IMPOSTOS E SEGUROS. AF_12/2015","H",4.72]
[92238,"CAMINHÃO DE TRANSPORTE DE MATERIAL ASFÁLTICO 20.000 L, COM CAVALO MECÂNICO DE CAPACIDADE MÁXIMA DE TRAÇÃO COMBINADO DE 45.000 KG, POTÊNCIA 330 CV, INCLUSIVE TANQUE DE ASFALTO COM MAÇARICO - JUROS. AF_12/2015","H",11.68]
[92240,"CAMINHÃO DE TRANSPORTE DE MATERIAL ASFÁLTICO 20.000 L, COM CAVALO MECÂNICO DE CAPACIDADE MÁXIMA DE TRAÇÃO COMBINADO DE 45.000 KG, POTÊNCIA 330 CV, INCLUSIVE TANQUE DE ASFALTO COM MAÇARICO - MANUTENÇÃO. AF_12/2015","H",52.06]
[92241,"CAMINHÃO DE TRANSPORTE DE MATERIAL ASFÁLTICO 20.000 L, COM CAVALO MECÂNICO DE CAPACIDADE MÁXIMA DE TRAÇÃO COMBINADO DE 45.000 KG, POTÊNCIA 330 CV, INCLUSIVE TANQUE DE ASFALTO COM MAÇARICO - MATERIAIS NA OPERAÇÃO. AF_12/2015","H",289.36]
[91640,"CAMINHÃO DE TRANSPORTE DE MATERIAL ASFÁLTICO 30.000 L, COM CAVALO MECÂNICO DE CAPACIDADE MÁXIMA DE TRAÇÃO COMBINADO DE 66.000 KG, POTÊNCIA 360 CV, INCLUSIVE TANQUE DE ASFALTO COM SERPENTINA - DEPRECIAÇÃO. AF_08/2015","H",39.86]
[91642,"CAMINHÃO DE TRANSPORTE DE MATERIAL ASFÁLTICO 30.000 L, COM CAVALO MECÂNICO DE CAPACIDADE MÁXIMA DE TRAÇÃO COMBINADO DE 66.000 KG, POTÊNCIA 360 CV, INCLUSIVE TANQUE DE ASFALTO COM SERPENTINA - IMPOSTOS E SEGUROS. AF_08/2015","H",6.5]
[91641,"CAMINHÃO DE TRANSPORTE DE MATERIAL ASFÁLTICO 30.000 L, COM CAVALO MECÂNICO DE CAPACIDADE MÁXIMA DE TRAÇÃO COMBINADO DE 66.000 KG, POTÊNCIA 360 CV, INCLUSIVE TANQUE DE ASFALTO COM SERPENTINA - JUROS. AF_08/2015","H",16.079999999999998]
[91643,"CAMINHÃO DE TRANSPORTE DE MATERIAL ASFÁLTICO 30.000 L, COM CAVALO MECÂNICO DE CAPACIDADE MÁXIMA DE TRAÇÃO COMBINADO DE 66.000 KG, POTÊNCIA 360 CV, INCLUSIVE TANQUE DE ASFALTO COM SERPENTINA - MANUTENÇÃO. AF_08/2015","H",71.790000000000006]
[91644,"CAMINHÃO DE TRANSPORTE DE MATERIAL ASFÁLTICO 30.000 L, COM CAVALO MECÂNICO DE CAPACIDADE MÁXIMA DE TRAÇÃO COMBINADO DE 66.000 KG, POTÊNCIA 360 CV, INCLUSIVE TANQUE DE ASFALTO COM SERPENTINA - MATERIAIS NA OPERAÇÃO. AF_08/2015","H",315.63]
[92105,"CAMINHÃO PARA EQUIPAMENTO DE LIMPEZA A SUCÇÃO COM CAMINHÃO TRUCADO DE PESO BRUTO TOTAL 23000 KG, CARGA ÚTIL MÁX. 15935 KG, DISTÂNCIA ENTRE EIXOS 4,80 M, POTÊNCIA 230 CV, INCLUSIVE LIMPADORA A SUCÇÃO, TANQUE 12000 L - MATERIAIS NA OPERAÇÃO. AF_05/2023","H",201.64]
[92101,"CAMINHÃO PARA EQUIPAMENTO DE LIMPEZA A SUCÇÃO COM CAMINHÃO TRUCADO DE PESO BRUTO TOTAL 23000 KG, CARGA ÚTIL MÁXIMA 15935 KG, DISTÂNCIA ENTRE EIXOS 4,80 M, POTÊNCIA 230 CV, INCLUSIVE LIMPADORA A SUCÇÃO, TANQUE 12000 L - DEPRECIAÇÃO. AF_05/2023","H",46.22]
[92103,"CAMINHÃO PARA EQUIPAMENTO DE LIMPEZA A SUCÇÃO COM CAMINHÃO TRUCADO DE PESO BRUTO TOTAL 23000 KG, CARGA ÚTIL MÁXIMA 15935 KG, DISTÂNCIA ENTRE EIXOS 4,80 M, POTÊNCIA 230 CV, INCLUSIVE LIMPADORA A SUCÇÃO, TANQUE 12000 L - IMPOSTOS E SEGUROS. AF_05/2023","H",5.73]
[92102,"CAMINHÃO PARA EQUIPAMENTO DE LIMPEZA A SUCÇÃO COM CAMINHÃO TRUCADO DE PESO BRUTO TOTAL 23000 KG, CARGA ÚTIL MÁXIMA 15935 KG, DISTÂNCIA ENTRE EIXOS 4,80 M, POTÊNCIA 230 CV, INCLUSIVE LIMPADORA A SUCÇÃO, TANQUE 12000 L - JUROS. AF_05/2023","H",14.17]
[92104,"CAMINHÃO PARA EQUIPAMENTO DE LIMPEZA A SUCÇÃO COM CAMINHÃO TRUCADO DE PESO BRUTO TOTAL 23000 KG, CARGA ÚTIL MÁXIMA 15935 KG, DISTÂNCIA ENTRE EIXOS 4,80 M, POTÊNCIA 230 CV, INCLUSIVE LIMPADORA A SUCÇÃO, TANQUE 12000 L - MANUTENÇÃO. AF_05/2023","H",71.989999999999995]
[91396,"CAMINHÃO PIPA 10.000 L TRUCADO, PESO BRUTO TOTAL 23.000 KG, CARGA ÚTIL MÁXIMA 15.935 KG, DISTÂNCIA ENTRE EIXOS 4,8 M, POTÊNCIA 230 CV, INCLUSIVE TANQUE DE AÇO PARA TRANSPORTE DE ÁGUA - DEPRECIAÇÃO. AF_06/2014","H",28.25]
[91398,"CAMINHÃO PIPA 10.000 L TRUCADO, PESO BRUTO TOTAL 23.000 KG, CARGA ÚTIL MÁXIMA 15.935 KG, DISTÂNCIA ENTRE EIXOS 4,8 M, POTÊNCIA 230 CV, INCLUSIVE TANQUE DE AÇO PARA TRANSPORTE DE ÁGUA - IMPOSTOS E SEGUROS. AF_06/2014","H",4.3899999999999997]
[91397,"CAMINHÃO PIPA 10.000 L TRUCADO, PESO BRUTO TOTAL 23.000 KG, CARGA ÚTIL MÁXIMA 15.935 KG, DISTÂNCIA ENTRE EIXOS 4,8 M, POTÊNCIA 230 CV, INCLUSIVE TANQUE DE AÇO PARA TRANSPORTE DE ÁGUA - JUROS. AF_06/2014","H",10.9]
[5763,"CAMINHÃO PIPA 10.000 L TRUCADO, PESO BRUTO TOTAL 23.000 KG, CARGA ÚTIL MÁXIMA 15.935 KG, DISTÂNCIA ENTRE EIXOS 4,8 M, POTÊNCIA 230 CV, INCLUSIVE TANQUE DE AÇO PARA TRANSPORTE DE ÁGUA - MANUTENÇÃO. AF_06/2014","H",50.02]
[53831,"CAMINHÃO PIPA 10.000 L TRUCADO, PESO BRUTO TOTAL 23.000 KG, CARGA ÚTIL MÁXIMA 15.935 KG, DISTÂNCIA ENTRE EIXOS 4,8 M, POTÊNCIA 230 CV, INCLUSIVE TANQUE DE AÇO PARA TRANSPORTE DE ÁGUA - MATERIAIS NA OPERAÇÃO. AF_06/2014","H",201.64]
[91359,"CAMINHÃO PIPA 6.000 L, PESO BRUTO TOTAL 13.000 KG, DISTÂNCIA ENTRE EIXOS 4,80 M, POTÊNCIA 189 CV INCLUSIVE TANQUE DE AÇO PARA TRANSPORTE DE ÁGUA, CAPACIDADE 6 M3 - DEPRECIAÇÃO. AF_06/2014","H",20.39]
[91361,"CAMINHÃO PIPA 6.000 L, PESO BRUTO TOTAL 13.000 KG, DISTÂNCIA ENTRE EIXOS 4,80 M, POTÊNCIA 189 CV INCLUSIVE TANQUE DE AÇO PARA TRANSPORTE DE ÁGUA, CAPACIDADE 6 M3 - IMPOSTOS E SEGUROS. AF_06/2014","H",3.14]
[91360,"CAMINHÃO PIPA 6.000 L, PESO BRUTO TOTAL 13.000 KG, DISTÂNCIA ENTRE EIXOS 4,80 M, POTÊNCIA 189 CV INCLUSIVE TANQUE DE AÇO PARA TRANSPORTE DE ÁGUA, CAPACIDADE 6 M3 - JUROS. AF_06/2014","H",7.79]
[53882,"CAMINHÃO PIPA 6.000 L, PESO BRUTO TOTAL 13.000 KG, DISTÂNCIA ENTRE EIXOS 4,80 M, POTÊNCIA 189 CV INCLUSIVE TANQUE DE AÇO PARA TRANSPORTE DE ÁGUA, CAPACIDADE 6 M3 - MANUTENÇÃO. AF_06/2014","H",35.76]
[5747,"CAMINHÃO PIPA 6.000 L, PESO BRUTO TOTAL 13.000 KG, DISTÂNCIA ENTRE EIXOS 4,80 M, POTÊNCIA 189 CV INCLUSIVE TANQUE DE AÇO PARA TRANSPORTE DE ÁGUA, CAPACIDADE 6 M3 - MATERIAIS NA OPERAÇÃO. AF_06/2014","H",165.71]
[104699,"CAMINHÃO TANQUE PARA HIDROSSEMEADURA, COM CAPACIDADE DE 8.000 LITROS, INCLUINDO BOMBA PARA LANÇAMENTO COM MOTOR DIESEL COM POTÊNCIA DE 105 CV - DEPRECIAÇÃO. AF_06/2023","H",0]
[104702,"CAMINHÃO TANQUE PARA HIDROSSEMEADURA, COM CAPACIDADE DE 8.000 LITROS, INCLUINDO BOMBA PARA LANÇAMENTO COM MOTOR DIESEL COM POTÊNCIA DE 105 CV - IMPOSTOS E SEGUROS. AF_06/2023","H",0]
[104700,"CAMINHÃO TANQUE PARA HIDROSSEMEADURA, COM CAPACIDADE DE 8.000 LITROS, INCLUINDO BOMBA PARA LANÇAMENTO COM MOTOR DIESEL COM POTÊNCIA DE 105 CV - JUROS. AF_06/2023","H",0]
[104701,"CAMINHÃO TANQUE PARA HIDROSSEMEADURA, COM CAPACIDADE DE 8.000 LITROS, INCLUINDO BOMBA PARA LANÇAMENTO COM MOTOR DIESEL COM POTÊNCIA DE 105 CV - MANUTENÇÃO. AF_06/2023","H",0]
[104703,"CAMINHÃO TANQUE PARA HIDROSSEMEADURA, COM CAPACIDADE DE 8.000 LITROS, INCLUINDO BOMBA PARA LANÇAMENTO COM MOTOR DIESEL COM POTÊNCIA DE 105 CV - MATERIAIS NA OPERAÇÃO. AF_06/2023","H",96.93]
[91390,"CAMINHÃO TOCO, PBT 14.300 KG, CARGA ÚTIL MÁX. 9.710 KG, DIST. ENTRE EIXOS 3,56 M, POTÊNCIA 185 CV, INCLUSIVE CARROCERIA FIXA ABERTA DE MADEIRA P/ TRANSPORTE GERAL DE CARGA SECA, DIMEN. APROX. 2,50 X 6,50 X 0,50 M - DEPRECIAÇÃO. AF_06/2014","H",18.68]
[91392,"CAMINHÃO TOCO, PBT 14.300 KG, CARGA ÚTIL MÁX. 9.710 KG, DIST. ENTRE EIXOS 3,56 M, POTÊNCIA 185 CV, INCLUSIVE CARROCERIA FIXA ABERTA DE MADEIRA P/ TRANSPORTE GERAL DE CARGA SECA, DIMEN. APROX. 2,50 X 6,50 X 0,50 M - IMPOSTOS E SEGUROS. AF_06/2014","H",2.99]
[91391,"CAMINHÃO TOCO, PBT 14.300 KG, CARGA ÚTIL MÁX. 9.710 KG, DIST. ENTRE EIXOS 3,56 M, POTÊNCIA 185 CV, INCLUSIVE CARROCERIA FIXA ABERTA DE MADEIRA P/ TRANSPORTE GERAL DE CARGA SECA, DIMEN. APROX. 2,50 X 6,50 X 0,50 M - JUROS. AF_06/2014","H",7.42]
[73335,"CAMINHÃO TOCO, PBT 14.300 KG, CARGA ÚTIL MÁX. 9.710 KG, DIST. ENTRE EIXOS 3,56 M, POTÊNCIA 185 CV, INCLUSIVE CARROCERIA FIXA ABERTA DE MADEIRA P/ TRANSPORTE GERAL DE CARGA SECA, DIMEN. APROX. 2,50 X 6,50 X 0,50 M - MANUTENÇÃO. AF_06/2014","H",33.979999999999997]
[73340,"CAMINHÃO TOCO, PBT 14.300 KG, CARGA ÚTIL MÁX. 9.710 KG, DIST. ENTRE EIXOS 3,56 M, POTÊNCIA 185 CV, INCLUSIVE CARROCERIA FIXA ABERTA DE MADEIRA P/ TRANSPORTE GERAL DE CARGA SECA, DIMEN. APROX. 2,50 X 6,50 X 0,50 M - MATERIAIS NA OPERAÇÃO. AF_06/2014","H",162.19999999999999]
[89264,"CAMINHÃO TOCO, PBT 16.000 KG, CARGA ÚTIL MÁX. 10.685 KG, DIST. ENTRE EIXOS 4,8 M, POTÊNCIA 189 CV, INCLUSIVE CARROCERIA FIXA ABERTA DE MADEIRA P/ TRANSPORTE GERAL DE CARGA SECA, DIMEN. APROX. 2,5 X 7,00 X 0,50 M - DEPRECIAÇÃO. AF_06/2014","H",20.46]
[89266,"CAMINHÃO TOCO, PBT 16.000 KG, CARGA ÚTIL MÁX. 10.685 KG, DIST. ENTRE EIXOS 4,8 M, POTÊNCIA 189 CV, INCLUSIVE CARROCERIA FIXA ABERTA DE MADEIRA P/ TRANSPORTE GERAL DE CARGA SECA, DIMEN. APROX. 2,5 X 7,00 X 0,50 M - IMPOSTOS E SEGUROS. AF_06/2014","H",3.29]
[89265,"CAMINHÃO TOCO, PBT 16.000 KG, CARGA ÚTIL MÁX. 10.685 KG, DIST. ENTRE EIXOS 4,8 M, POTÊNCIA 189 CV, INCLUSIVE CARROCERIA FIXA ABERTA DE MADEIRA P/ TRANSPORTE GERAL DE CARGA SECA, DIMEN. APROX. 2,5 X 7,00 X 0,50 M - JUROS. AF_06/2014","H",8.14]
[5705,"CAMINHÃO TOCO, PBT 16.000 KG, CARGA ÚTIL MÁX. 10.685 KG, DIST. ENTRE EIXOS 4,8 M, POTÊNCIA 189 CV, INCLUSIVE CARROCERIA FIXA ABERTA DE MADEIRA P/ TRANSPORTE GERAL DE CARGA SECA, DIMEN. APROX. 2,5 X 7,00 X 0,50 M - MANUTENÇÃO. AF_06/2014","H",37.25]
[53797,"CAMINHÃO TOCO, PBT 16.000 KG, CARGA ÚTIL MÁX. 10.685 KG, DIST. ENTRE EIXOS 4,8 M, POTÊNCIA 189 CV, INCLUSIVE CARROCERIA FIXA ABERTA DE MADEIRA P/ TRANSPORTE GERAL DE CARGA SECA, DIMEN. APROX. 2,5 X 7,00 X 0,50 M - MATERIAIS NA OPERAÇÃO. AF_06/2014","H",122.07]
[91354,"CAMINHÃO TOCO, PESO BRUTO TOTAL 14.300 KG, CARGA ÚTIL MÁXIMA 9590 KG, DISTÂNCIA ENTRE EIXOS 4,76 M, POTÊNCIA 185 CV (NÃO INCLUI CARROCERIA) - DEPRECIAÇÃO. AF_06/2014","H",17]
[91356,"CAMINHÃO TOCO, PESO BRUTO TOTAL 14.300 KG, CARGA ÚTIL MÁXIMA 9590 KG, DISTÂNCIA ENTRE EIXOS 4,76 M, POTÊNCIA 185 CV (NÃO INCLUI CARROCERIA) - IMPOSTOS E SEGUROS. AF_06/2014","H",2.82]
[91355,"CAMINHÃO TOCO, PESO BRUTO TOTAL 14.300 KG, CARGA ÚTIL MÁXIMA 9590 KG, DISTÂNCIA ENTRE EIXOS 4,76 M, POTÊNCIA 185 CV (NÃO INCLUI CARROCERIA) - JUROS. AF_06/2014","H",6.98]
[5751,"CAMINHÃO TOCO, PESO BRUTO TOTAL 14.300 KG, CARGA ÚTIL MÁXIMA 9590 KG, DISTÂNCIA ENTRE EIXOS 4,76 M, POTÊNCIA 185 CV (NÃO INCLUI CARROCERIA) - MANUTENÇÃO. AF_06/2014","H",31.87]
[53827,"CAMINHÃO TOCO, PESO BRUTO TOTAL 14.300 KG, CARGA ÚTIL MÁXIMA 9590 KG, DISTÂNCIA ENTRE EIXOS 4,76 M, POTÊNCIA 185 CV (NÃO INCLUI CARROCERIA) - MATERIAIS NA OPERAÇÃO. AF_06/2014","H",119.5]
[91375,"CAMINHÃO TOCO, PESO BRUTO TOTAL 16.000 KG, CARGA ÚTIL MÁXIMA DE 10.685 KG, DISTÂNCIA ENTRE EIXOS 4,80 M, POTÊNCIA 189 CV EXCLUSIVE CARROCERIA - DEPRECIAÇÃO. AF_06/2014","H",18.66]
[91377,"CAMINHÃO TOCO, PESO BRUTO TOTAL 16.000 KG, CARGA ÚTIL MÁXIMA DE 10.685 KG, DISTÂNCIA ENTRE EIXOS 4,80 M, POTÊNCIA 189 CV EXCLUSIVE CARROCERIA - IMPOSTOS E SEGUROS. AF_06/2014","H",3.1]
[91376,"CAMINHÃO TOCO, PESO BRUTO TOTAL 16.000 KG, CARGA ÚTIL MÁXIMA DE 10.685 KG, DISTÂNCIA ENTRE EIXOS 4,80 M, POTÊNCIA 189 CV EXCLUSIVE CARROCERIA - JUROS. AF_06/2014","H",7.67]
[5754,"CAMINHÃO TOCO, PESO BRUTO TOTAL 16.000 KG, CARGA ÚTIL MÁXIMA DE 10.685 KG, DISTÂNCIA ENTRE EIXOS 4,80 M, POTÊNCIA 189 CV EXCLUSIVE CARROCERIA - MANUTENÇÃO. AF_06/2014","H",34.99]
[53829,"CAMINHÃO TOCO, PESO BRUTO TOTAL 16.000 KG, CARGA ÚTIL MÁXIMA DE 10.685 KG, DISTÂNCIA ENTRE EIXOS 4,80 M, POTÊNCIA 189 CV EXCLUSIVE CARROCERIA - MATERIAIS NA OPERAÇÃO. AF_06/2014","H",122.07]
[91026,"CAMINHÃO TRUCADO (C/ TERCEIRO EIXO) ELETRÔNICO - POTÊNCIA 231CV - PBT = 22000KG - DIST. ENTRE EIXOS 5170 MM - INCLUI CARROCERIA FIXA ABERTA DE MADEIRA - DEPRECIAÇÃO. AF_06/2015","H",23.99]
[91028,"CAMINHÃO TRUCADO (C/ TERCEIRO EIXO) ELETRÔNICO - POTÊNCIA 231CV - PBT = 22000KG - DIST. ENTRE EIXOS 5170 MM - INCLUI CARROCERIA FIXA ABERTA DE MADEIRA - IMPOSTOS E SEGUROS. AF_06/2015","H",3.87]
[91027,"CAMINHÃO TRUCADO (C/ TERCEIRO EIXO) ELETRÔNICO - POTÊNCIA 231CV - PBT = 22000KG - DIST. ENTRE EIXOS 5170 MM - INCLUI CARROCERIA FIXA ABERTA DE MADEIRA - JUROS. AF_06/2015","H",9.61]
[91029,"CAMINHÃO TRUCADO (C/ TERCEIRO EIXO) ELETRÔNICO - POTÊNCIA 231CV - PBT = 22000KG - DIST. ENTRE EIXOS 5170 MM - INCLUI CARROCERIA FIXA ABERTA DE MADEIRA - MANUTENÇÃO. AF_06/2015","H",43.93]
[91030,"CAMINHÃO TRUCADO (C/ TERCEIRO EIXO) ELETRÔNICO - POTÊNCIA 231CV - PBT = 22000KG - DIST. ENTRE EIXOS 5170 MM - INCLUI CARROCERIA FIXA ABERTA DE MADEIRA - MATERIAIS NA OPERAÇÃO. AF_06/2015","H",153.74]
[102812,"CENTRAL DE LAMA BENTONÍTICA (DEPÓSITO DE BENTONITA, MISTURADOR DE ALTA TURBULÊNCIA, SILOS DE ARMAZENAMENTO DE LAMA E ÁGUA, LABORATÓRIO DE CONTROLE DE QUALIDADE DA LAMA) - DEPRECIAÇÃO. AF_04/2019","H",0]
[102813,"CENTRAL DE LAMA BENTONÍTICA (DEPÓSITO DE BENTONITA, MISTURADOR DE ALTA TURBULÊNCIA, SILOS DE ARMAZENAMENTO DE LAMA E ÁGUA, LABORATÓRIO DE CONTROLE DE QUALIDADE DA LAMA) - JUROS. AF_04/2019","H",0]
[102814,"CENTRAL DE LAMA BENTONÍTICA (DEPÓSITO DE BENTONITA, MISTURADOR DE ALTA TURBULÊNCIA, SILOS DE ARMAZENAMENTO DE LAMA E ÁGUA, LABORATÓRIO DE CONTROLE DE QUALIDADE DA LAMA) - MANUTENÇÃO. AF_04/2019","H",0]
[102815,"CENTRAL DE LAMA BENTONÍTICA (DEPÓSITO DE BENTONITA, MISTURADOR DE ALTA TURBULÊNCIA, SILOS DE ARMAZENAMENTO DE LAMA E ÁGUA, LABORATÓRIO DE CONTROLE DE QUALIDADE DA LAMA) - MATERIAIS NA OPERAÇÃO. AF_04/2019","H",3.4]
[91529,"COMPACTADOR DE SOLOS DE PERCUSSÃO (SOQUETE) COM MOTOR A GASOLINA 4 TEMPOS, POTÊNCIA 4 CV - DEPRECIAÇÃO. AF_08/2015","H",0.65]
[91530,"COMPACTADOR DE SOLOS DE PERCUSSÃO (SOQUETE) COM MOTOR A GASOLINA 4 TEMPOS, POTÊNCIA 4 CV - JUROS. AF_08/2015","H",0.17]
[91531,"COMPACTADOR DE SOLOS DE PERCUSSÃO (SOQUETE) COM MOTOR A GASOLINA 4 TEMPOS, POTÊNCIA 4 CV - MANUTENÇÃO. AF_08/2015","H",0.82]
[91532,"COMPACTADOR DE SOLOS DE PERCUSSÃO (SOQUETE) COM MOTOR A GASOLINA 4 TEMPOS, POTÊNCIA 4 CV - MATERIAIS NA OPERAÇÃO. AF_08/2015","H",6.4]
[95260,"COMPACTADOR DE SOLOS DE PERCUSÃO (SOQUETE) COM MOTOR A GASOLINA, POTÊNCIA 3 CV - DEPRECIAÇÃO. AF_09/2016","H",0.53]
[95261,"COMPACTADOR DE SOLOS DE PERCUSÃO (SOQUETE) COM MOTOR A GASOLINA, POTÊNCIA 3 CV - JUROS. AF_09/2016","H",0.14000000000000001]
[95262,"COMPACTADOR DE SOLOS DE PERCUSÃO (SOQUETE) COM MOTOR A GASOLINA, POTÊNCIA 3 CV - MANUTENÇÃO. AF_09/2016","H",0.66]
[95263,"COMPACTADOR DE SOLOS DE PERCUSÃO (SOQUETE) COM MOTOR A GASOLINA, POTÊNCIA 3 CV - MATERIAIS NA OPERAÇÃO. AF_09/2016","H",4.8499999999999996]
[90968,"COMPRESSOR DE AR REBOCAVEL, VAZÃO 250 PCM, PRESSAO DE TRABALHO 102 PSI, MOTOR A DIESEL POTÊNCIA 81 CV - DEPRECIAÇÃO. AF_06/2015","H",7.03]
[90969,"COMPRESSOR DE AR REBOCAVEL, VAZÃO 250 PCM, PRESSAO DE TRABALHO 102 PSI, MOTOR A DIESEL POTÊNCIA 81 CV - JUROS. AF_06/2015","H",1.88]
[90970,"COMPRESSOR DE AR REBOCAVEL, VAZÃO 250 PCM, PRESSAO DE TRABALHO 102 PSI, MOTOR A DIESEL POTÊNCIA 81 CV - MANUTENÇÃO. AF_06/2015","H",8.8000000000000007]
[90971,"COMPRESSOR DE AR REBOCAVEL, VAZÃO 250 PCM, PRESSAO DE TRABALHO 102 PSI, MOTOR A DIESEL POTÊNCIA 81 CV - MATERIAIS NA OPERAÇÃO. AF_06/2015","H",63.51]
[90992,"COMPRESSOR DE AR REBOCAVEL, VAZÃO 400 PCM, PRESSAO DE TRABALHO 102 PSI, MOTOR A DIESEL POTÊNCIA 110 CV - DEPRECIAÇÃO. AF_06/2015","H",8.34]
[90993,"COMPRESSOR DE AR REBOCAVEL, VAZÃO 400 PCM, PRESSAO DE TRABALHO 102 PSI, MOTOR A DIESEL POTÊNCIA 110 CV - JUROS. AF_06/2015","H",2.23]
[90994,"COMPRESSOR DE AR REBOCAVEL, VAZÃO 400 PCM, PRESSAO DE TRABALHO 102 PSI, MOTOR A DIESEL POTÊNCIA 110 CV - MANUTENÇÃO. AF_06/2015","H",10.44]
[90995,"COMPRESSOR DE AR REBOCAVEL, VAZÃO 400 PCM, PRESSAO DE TRABALHO 102 PSI, MOTOR A DIESEL POTÊNCIA 110 CV - MATERIAIS NA OPERAÇÃO. AF_06/2015","H",86.27]
[90957,"COMPRESSOR DE AR REBOCÁVEL, VAZÃO 189 PCM, PRESSÃO EFETIVA DE TRABALHO 102 PSI, MOTOR DIESEL, POTÊNCIA 63 CV - DEPRECIAÇÃO. AF_06/2015","H",5.25]
[90958,"COMPRESSOR DE AR REBOCÁVEL, VAZÃO 189 PCM, PRESSÃO EFETIVA DE TRABALHO 102 PSI, MOTOR DIESEL, POTÊNCIA 63 CV - JUROS. AF_06/2015","H",1.4]
[5797,"COMPRESSOR DE AR REBOCÁVEL, VAZÃO 189 PCM, PRESSÃO EFETIVA DE TRABALHO 102 PSI, MOTOR DIESEL, POTÊNCIA 63 CV - MANUTENÇÃO. AF_06/2015","H",6.57]
[53865,"COMPRESSOR DE AR REBOCÁVEL, VAZÃO 189 PCM, PRESSÃO EFETIVA DE TRABALHO 102 PSI, MOTOR DIESEL, POTÊNCIA 63 CV - MATERIAIS NA OPERAÇÃO. AF_06/2015","H",49.4]
[90975,"COMPRESSOR DE AR REBOCÁVEL, VAZÃO 748 PCM, PRESSÃO EFETIVA DE TRABALHO 102 PSI, MOTOR DIESEL, POTÊNCIA 210 CV - DEPRECIAÇÃO. AF_06/2015","H",17.86]
[90976,"COMPRESSOR DE AR REBOCÁVEL, VAZÃO 748 PCM, PRESSÃO EFETIVA DE TRABALHO 102 PSI, MOTOR DIESEL, POTÊNCIA 210 CV - JUROS. AF_06/2015","H",4.79]
[90977,"COMPRESSOR DE AR REBOCÁVEL, VAZÃO 748 PCM, PRESSÃO EFETIVA DE TRABALHO 102 PSI, MOTOR DIESEL, POTÊNCIA 210 CV - MANUTENÇÃO. AF_06/2015","H",22.35]
[90978,"COMPRESSOR DE AR REBOCÁVEL, VAZÃO 748 PCM, PRESSÃO EFETIVA DE TRABALHO 102 PSI, MOTOR DIESEL, POTÊNCIA 210 CV - MATERIAIS NA OPERAÇÃO. AF_06/2015","H",164.77]
[90960,"COMPRESSOR DE AR REBOCÁVEL, VAZÃO 89 PCM, PRESSÃO EFETIVA DE TRABALHO 102 PSI, MOTOR DIESEL, POTÊNCIA 20 CV - DEPRECIAÇÃO. AF_06/2015","H",7.01]
[90961,"COMPRESSOR DE AR REBOCÁVEL, VAZÃO 89 PCM, PRESSÃO EFETIVA DE TRABALHO 102 PSI, MOTOR DIESEL, POTÊNCIA 20 CV - JUROS. AF_06/2015","H",1.88]
[90962,"COMPRESSOR DE AR REBOCÁVEL, VAZÃO 89 PCM, PRESSÃO EFETIVA DE TRABALHO 102 PSI, MOTOR DIESEL, POTÊNCIA 20 CV - MANUTENÇÃO. AF_06/2015","H",8.7799999999999994]
[90963,"COMPRESSOR DE AR REBOCÁVEL, VAZÃO 89 PCM, PRESSÃO EFETIVA DE TRABALHO 102 PSI, MOTOR DIESEL, POTÊNCIA 20 CV - MATERIAIS NA OPERAÇÃO. AF_06/2015","H",15.67]
[102966,"COMPRESSOR DE AR, VAZAO DE 10 PCM, RESERVATORIO 100 L, PRESSAO DE TRABALHO ENTRE 6,9 E 9,7 BAR,  POTENCIA 2 HP, TENSAO 110/220 V - DEPRECIAÇÃO. AF_05/2023","H",0]
[102967,"COMPRESSOR DE AR, VAZAO DE 10 PCM, RESERVATORIO 100 L, PRESSAO DE TRABALHO ENTRE 6,9 E 9,7 BAR,  POTENCIA 2 HP, TENSAO 110/220 V - JUROS. AF_05/2023","H",0]
[102968,"COMPRESSOR DE AR, VAZAO DE 10 PCM, RESERVATORIO 100 L, PRESSAO DE TRABALHO ENTRE 6,9 E 9,7 BAR,  POTENCIA 2 HP, TENSAO 110/220 V - MANUTENÇÃO. AF_05/2023","H",0]
[102969,"COMPRESSOR DE AR, VAZAO DE 10 PCM, RESERVATORIO 100 L, PRESSAO DE TRABALHO ENTRE 6,9 E 9,7 BAR, POTENCIA 2 HP, TENSAO 110/220 V - MATERIAIS NA OPERAÇÃO. AF_05/2023","H",0.15]
[102818,"CONJUNTO CILINDRO E BOMBA HIDRÁULICA PARA PROTENSÃO DE MONOBARRAS PARA TIRANTES, ESFORÇO MÁXIMO DE 30 TONELADAS  - DEPRECIAÇÃO. AF_05/2023","H",0]
[102819,"CONJUNTO CILINDRO E BOMBA HIDRÁULICA PARA PROTENSÃO DE MONOBARRAS PARA TIRANTES, ESFORÇO MÁXIMO DE 30 TONELADAS  - JUROS. AF_05/2023","H",0]
[102820,"CONJUNTO CILINDRO E BOMBA HIDRÁULICA PARA PROTENSÃO DE MONOBARRAS PARA TIRANTES, ESFORÇO MÁXIMO DE 30 TONELADAS  - MANUTENÇÃO. AF_05/2023","H",0]
[102832,"CONJUNTO CILINDRO E BOMBA HIDRÁULICA PARA PROTENSÃO DE MONOBARRAS PARA TIRANTES, ESFORÇO MÁXIMO DE 30 TONELADAS  - MATERIAIS NA OPERAÇÃO. AF_05/2023","H",8.5]
[102823,"CONJUNTO MACACO E BOMBA HIDRÁULICA PARA PROTENSAO DE CORDOALHAS, ESFORÇO MAXIMO DE 115 TONELADAS - DEPRECIAÇÃO. AF_05/2023","H",0]
[102824,"CONJUNTO MACACO E BOMBA HIDRÁULICA PARA PROTENSAO DE CORDOALHAS, ESFORÇO MAXIMO DE 115 TONELADAS - JUROS. AF_05/2023","H",0]
[102825,"CONJUNTO MACACO E BOMBA HIDRÁULICA PARA PROTENSAO DE CORDOALHAS, ESFORÇO MAXIMO DE 115 TONELADAS - MANUTENÇÃO. AF_05/2023","H",0]
[102826,"CONJUNTO MACACO E BOMBA HIDRÁULICA PARA PROTENSAO DE CORDOALHAS, ESFORÇO MAXIMO DE 115 TONELADAS - MATERIAIS NA OPERAÇÃO. AF_05/2023","H",6.38]
[103934,"CONJUNTO MACACO HIDRÁULICO E CENTRAL DE BOMBEAMENTO MOTORIZADO 1,8 KW PARA PROTENSÃO DE MONOCABOS PARA CONCRETO PROTENDIDO, ESFORÇO MÁXIMO DE 20 TONELADAS  - DEPRECIAÇÃO. AF_05/2022","H",0]
[103935,"CONJUNTO MACACO HIDRÁULICO E CENTRAL DE BOMBEAMENTO MOTORIZADO 1,8 KW PARA PROTENSÃO DE MONOCABOS PARA CONCRETO PROTENDIDO, ESFORÇO MÁXIMO DE 20 TONELADAS  - JUROS. AF_05/2022","H",0]
[103936,"CONJUNTO MACACO HIDRÁULICO E CENTRAL DE BOMBEAMENTO MOTORIZADO 1,8 KW PARA PROTENSÃO DE MONOCABOS PARA CONCRETO PROTENDIDO, ESFORÇO MÁXIMO DE 20 TONELADAS  - MANUTENÇÃO. AF_05/2022","H",0]
[103937,"CONJUNTO MACACO HIDRÁULICO E CENTRAL DE BOMBEAMENTO MOTORIZADO 1,8 KW PARA PROTENSÃO DE MONOCABOS PARA CONCRETO PROTENDIDO, ESFORÇO MÁXIMO DE 20 TONELADAS  - MATERIAIS NA OPERAÇÃO. AF_05/2022","H",1.53]
[103940,"CONJUNTO MACACO HIDRÁULICO E CENTRAL DE BOMBEAMENTO MOTORIZADO 1,8 KW PARA PROTENSÃO DE MONOCABOS PARA CONCRETO PROTENDIDO, ESFORÇO MÁXIMO DE 30 TONELADAS  - DEPRECIAÇÃO. AF_05/2022","H",0]
[103941,"CONJUNTO MACACO HIDRÁULICO E CENTRAL DE BOMBEAMENTO MOTORIZADO 1,8 KW PARA PROTENSÃO DE MONOCABOS PARA CONCRETO PROTENDIDO, ESFORÇO MÁXIMO DE 30 TONELADAS  - JUROS. AF_05/2022","H",0]
[103942,"CONJUNTO MACACO HIDRÁULICO E CENTRAL DE BOMBEAMENTO MOTORIZADO 1,8 KW PARA PROTENSÃO DE MONOCABOS PARA CONCRETO PROTENDIDO, ESFORÇO MÁXIMO DE 30 TONELADAS  - MANUTENÇÃO. AF_05/2022","H",0]
[103943,"CONJUNTO MACACO HIDRÁULICO E CENTRAL DE BOMBEAMENTO MOTORIZADO 1,8 KW PARA PROTENSÃO DE MONOCABOS PARA CONCRETO PROTENDIDO, ESFORÇO MÁXIMO DE 30 TONELADAS  - MATERIAIS NA OPERAÇÃO. AF_05/2022","H",1.53]
[91279,"CORTADORA DE PISO COM MOTOR 4 TEMPOS A GASOLINA, POTÊNCIA DE 13 HP, COM DISCO DE CORTE DIAMANTADO SEGMENTADO PARA CONCRETO, DIÂMETRO DE 350 MM, FURO DE 1\" (14 X 1\") - DEPRECIAÇÃO. AF_08/2015","H",0.73]
[91280,"CORTADORA DE PISO COM MOTOR 4 TEMPOS A GASOLINA, POTÊNCIA DE 13 HP, COM DISCO DE CORTE DIAMANTADO SEGMENTADO PARA CONCRETO, DIÂMETRO DE 350 MM, FURO DE 1\" (14 X 1\") - JUROS. AF_08/2015","H",0.16]
[91281,"CORTADORA DE PISO COM MOTOR 4 TEMPOS A GASOLINA, POTÊNCIA DE 13 HP, COM DISCO DE CORTE DIAMANTADO SEGMENTADO PARA CONCRETO, DIÂMETRO DE 350 MM, FURO DE 1\" (14 X 1\") - MANUTENÇÃO. AF_08/2015","H",0.91]
[91282,"CORTADORA DE PISO COM MOTOR 4 TEMPOS A GASOLINA, POTÊNCIA DE 13 HP, COM DISCO DE CORTE DIAMANTADO SEGMENTADO PARA CONCRETO, DIÂMETRO DE 350 MM, FURO DE 1\" (14 X 1\") - MATERIAIS NA OPERAÇÃO. AF_08/2015","H",9.01]
[95281,"DESEMPENADEIRA DE CONCRETO, PESO DE 78 KG, 4 PÁS, MOTOR A GASOLINA, POTÊNCIA 5,5 HP   MATERIAIS NA OPERAÇÃO. AF_05/2023","H",8.9499999999999993]
[95278,"DESEMPENADEIRA DE CONCRETO, PESO DE 78 KG, 4 PÁS, MOTOR A GASOLINA, POTÊNCIA 5,5 HP - DEPRECIAÇÃO. AF_05/2023","H",0.67]
[95279,"DESEMPENADEIRA DE CONCRETO, PESO DE 78 KG, 4 PÁS, MOTOR A GASOLINA, POTÊNCIA 5,5 HP - JUROS. AF_05/2023","H",0.13]
[95280,"DESEMPENADEIRA DE CONCRETO, PESO DE 78 KG, 4 PÁS, MOTOR A GASOLINA, POTÊNCIA 5,5 HP - MANUTENÇÃO. AF_05/2023","H",0.65]
[95124,"DISTRIBUIDOR DE AGREGADOS AUTOPROPELIDO, C/AP 3 M3, A DIESEL, POTÊNCIA 176CV - JUROS. AF_07/2016","H",5.51]
[95123,"DISTRIBUIDOR DE AGREGADOS AUTOPROPELIDO, CAP 3 M3, A DIESEL, POTÊNCIA 176CV - DEPRECIAÇÃO. AF_07/2016","H",17.87]
[95125,"DISTRIBUIDOR DE AGREGADOS AUTOPROPELIDO, CAP 3 M3, A DIESEL, POTÊNCIA 176CV - MANUTENÇÃO. AF_07/2016","H",19.559999999999999]
[95126,"DISTRIBUIDOR DE AGREGADOS AUTOPROPELIDO, CAP 3 M3, A DIESEL, POTÊNCIA 176CV - MATERIAIS NA OPERAÇÃO. AF_07/2016","H",154.30000000000001]
[92040,"DISTRIBUIDOR DE AGREGADOS REBOCAVEL, CAPACIDADE 1,9 M³, LARGURA DE TRABALHO 3,66 M - DEPRECIAÇÃO. AF_11/2015","H",6.47]
[92041,"DISTRIBUIDOR DE AGREGADOS REBOCAVEL, CAPACIDADE 1,9 M³, LARGURA DE TRABALHO 3,66 M - JUROS. AF_11/2015","H",1.33]
[92042,"DISTRIBUIDOR DE AGREGADOS REBOCAVEL, CAPACIDADE 1,9 M³, LARGURA DE TRABALHO 3,66 M - MANUTENÇÃO. AF_11/2015","H",5.39]
[102829,"DOBRADEIRA TDC, ESPESSURA 1,5MM - DEPRECIAÇÃO. AF_05/2023","H",0]
[102830,"DOBRADEIRA TDC, ESPESSURA 1,5MM - JUROS. AF_05/2023","H",0]
[102831,"DOBRADEIRA TDC, ESPESSURA 1,5MM - MANUTENÇÃO. AF_05/2023","H",0]
[92114,"DOSADOR DE AREIA, CAPACIDADE DE 26 LITROS - DEPRECIAÇÃO. AF_05/2023","H",0.3]
[92115,"DOSADOR DE AREIA, CAPACIDADE DE 26 LITROS - JUROS. AF_05/2023","H",0.06]
[92116,"DOSADOR DE AREIA, CAPACIDADE DE 26 LITROS - MANUTENÇÃO. AF_05/2023","H",0.21]
[102912,"ENCERADEIRA INDUSTRIAL, 400 MM, 220V, 1 HP - DEPRECIAÇÃO. AF_05/2023","H",0]
[102913,"ENCERADEIRA INDUSTRIAL, 400 MM, 220V, 1 HP - JUROS. AF_05/2023","H",0]
[102914,"ENCERADEIRA INDUSTRIAL, 400 MM, 220V, 1 HP - MANUTENÇÃO. AF_05/2023","H",0]
[102915,"ENCERADEIRA INDUSTRIAL, 400 MM, 220V, 1 HP - MATERIAIS NA OPERAÇÃO. AF_05/2023","H",0.63]
[95716,"ESCAVADEIRA HIDRAULICA SOBRE ESTEIRA, EQUIPADA COM CLAMSHELL, COM CAPACIDADE DA CAÇAMBA ENTRE 1,20 E 1,50 M3, PESO OPERACIONAL ENTRE 20,00 E 22,00 TON, POTENCIA LIQUIDA ENTRE 150 E 160 HP - DEPRECIAÇÃO. AF_11/2016","H",61.34]
[95717,"ESCAVADEIRA HIDRAULICA SOBRE ESTEIRA, EQUIPADA COM CLAMSHELL, COM CAPACIDADE DA CAÇAMBA ENTRE 1,20 E 1,50 M3, PESO OPERACIONAL ENTRE 20,00 E 22,00 TON, POTENCIA LIQUIDA ENTRE 150 E 160 HP - JUROS. AF_11/2016","H",16.21]
[95718,"ESCAVADEIRA HIDRAULICA SOBRE ESTEIRA, EQUIPADA COM CLAMSHELL, COM CAPACIDADE DA CAÇAMBA ENTRE 1,20 E 1,50 M3, PESO OPERACIONAL ENTRE 20,00 E 22,00 TON, POTENCIA LIQUIDA ENTRE 150 E 160 HP - MANUTENÇÃO. AF_11/2016","H",76.680000000000007]
[95719,"ESCAVADEIRA HIDRAULICA SOBRE ESTEIRA, EQUIPADA COM CLAMSHELL, COM CAPACIDADE DA CAÇAMBA ENTRE 1,20 E 1,50 M3, PESO OPERACIONAL ENTRE 20,00 E 22,00 TON, POTENCIA LIQUIDA ENTRE 150 E 160 HP - MATERIAIS NA OPERAÇÃO. AF_11/2016","H",94.23]
[104715,"ESCAVADEIRA HIDRÁULICA DE BRAÇO LONGO (LONGO ALCANCE) SOBRE ESTEIRAS, CAÇAMBA 0,52 M3, PESO OPERACIONAL 24 T, POTÊNCIA LÍQUIDA 155 HP  - MATERIAIS NA OPERAÇÃO. AF_06/2023","H",94.23]
[104712,"ESCAVADEIRA HIDRÁULICA DE BRAÇO LONGO (LONGO ALCANCE) SOBRE ESTEIRAS, CAÇAMBA 0,52 M3, PESO OPERACIONAL 24 T, POTÊNCIA LÍQUIDA 155 HP - DEPRECIAÇÃO. AF_06/2023","H",57.66]
[104713,"ESCAVADEIRA HIDRÁULICA DE BRAÇO LONGO (LONGO ALCANCE) SOBRE ESTEIRAS, CAÇAMBA 0,52 M3, PESO OPERACIONAL 24 T, POTÊNCIA LÍQUIDA 155 HP - JUROS. AF_06/2023","H",15.23]
[104714,"ESCAVADEIRA HIDRÁULICA DE BRAÇO LONGO (LONGO ALCANCE) SOBRE ESTEIRAS, CAÇAMBA 0,52 M3, PESO OPERACIONAL 24 T, POTÊNCIA LÍQUIDA 155 HP - MANUTENÇÃO. AF_06/2023","H",72.069999999999993]
[102894,"ESCAVADEIRA HIDRÁULICA SOBRE ESTEIRA, PESO OPERACIONAL ENTRE 22,00 E 23,50 T, POTÊNCIA NOMINAL 139 HP, COM MARTELO ROMPEDOR HIDRÁULICO 1700 KG - DEPRECIAÇÃO. AF_04/2019","H",0]
[104161,"ESCAVADEIRA HIDRÁULICA SOBRE ESTEIRA, PESO OPERACIONAL ENTRE 22,00 E 23,50 T, POTÊNCIA NOMINAL 139 HP, COM MARTELO ROMPEDOR HIDRÁULICO 1700 KG - JUROS. AF_04/2019","H",0]
[102896,"ESCAVADEIRA HIDRÁULICA SOBRE ESTEIRA, PESO OPERACIONAL ENTRE 22,00 E 23,50 T, POTÊNCIA NOMINAL 139 HP, COM MARTELO ROMPEDOR HIDRÁULICO 1700 KG - MANUTENÇÃO. AF_04/2019","H",0]
[102897,"ESCAVADEIRA HIDRÁULICA SOBRE ESTEIRA, PESO OPERACIONAL ENTRE 22,00 E 23,50 T, POTÊNCIA NOMINAL 139 HP, COM MARTELO ROMPEDOR HIDRÁULICO 1700 KG - MATERIAIS NA OPERAÇÃO. AF_04/2019","H",94.23]
[5627,"ESCAVADEIRA HIDRÁULICA SOBRE ESTEIRAS, CAÇAMBA 0,80 M3, PESO OPERACIONAL 17 T, POTENCIA BRUTA 111 HP - DEPRECIAÇÃO. AF_06/2014","H",44.3]
[5628,"ESCAVADEIRA HIDRÁULICA SOBRE ESTEIRAS, CAÇAMBA 0,80 M3, PESO OPERACIONAL 17 T, POTENCIA BRUTA 111 HP - JUROS. AF_06/2014","H",11.7]
[5629,"ESCAVADEIRA HIDRÁULICA SOBRE ESTEIRAS, CAÇAMBA 0,80 M3, PESO OPERACIONAL 17 T, POTENCIA BRUTA 111 HP - MANUTENÇÃO. AF_06/2014","H",55.37]
[5630,"ESCAVADEIRA HIDRÁULICA SOBRE ESTEIRAS, CAÇAMBA 0,80 M3, PESO OPERACIONAL 17 T, POTENCIA BRUTA 111 HP - MATERIAIS NA OPERAÇÃO. AF_06/2014","H",67.52]
[88900,"ESCAVADEIRA HIDRÁULICA SOBRE ESTEIRAS, CAÇAMBA 1,20 M3, PESO OPERACIONAL 21 T, POTÊNCIA BRUTA 155 HP - DEPRECIAÇÃO. AF_06/2014","H",50.12]
[88902,"ESCAVADEIRA HIDRÁULICA SOBRE ESTEIRAS, CAÇAMBA 1,20 M3, PESO OPERACIONAL 21 T, POTÊNCIA BRUTA 155 HP - JUROS. AF_06/2014","H",13.24]
[88903,"ESCAVADEIRA HIDRÁULICA SOBRE ESTEIRAS, CAÇAMBA 1,20 M3, PESO OPERACIONAL 21 T, POTÊNCIA BRUTA 155 HP - MANUTENÇÃO. AF_06/2014","H",62.66]
[88904,"ESCAVADEIRA HIDRÁULICA SOBRE ESTEIRAS, CAÇAMBA 1,20 M3, PESO OPERACIONAL 21 T, POTÊNCIA BRUTA 155 HP - MATERIAIS NA OPERAÇÃO. AF_06/2014","H",94.23]
[88569,"ESPARGIDOR DE ASFALTO PRESSURIZADO COM TANQUE DE 2500 L, REBOCÁVEL COM MOTOR A GASOLINA POTÊNCIA 3,4 HP - DEPRECIAÇÃO. AF_07/2014","H",3.71]
[88570,"ESPARGIDOR DE ASFALTO PRESSURIZADO COM TANQUE DE 2500 L, REBOCÁVEL COM MOTOR A GASOLINA POTÊNCIA 3,4 HP - JUROS. AF_07/2014","H",1.28]
[5765,"ESPARGIDOR DE ASFALTO PRESSURIZADO COM TANQUE DE 2500 L, REBOCÁVEL COM MOTOR A GASOLINA POTÊNCIA 3,4 HP - MANUTENÇÃO. AF_07/2014","H",4.6399999999999997]
[5766,"ESPARGIDOR DE ASFALTO PRESSURIZADO COM TANQUE DE 2500 L, REBOCÁVEL COM MOTOR A GASOLINA POTÊNCIA 3,4 HP - MATERIAIS NA OPERAÇÃO. AF_07/2014","H",2.98]
[91468,"ESPARGIDOR DE ASFALTO PRESSURIZADO, TANQUE 6 M3 COM ISOLAÇÃO TÉRMICA, AQUECIDO COM 2 MAÇARICOS, COM BARRA ESPARGIDORA 3,60 M, MONTADO SOBRE CAMINHÃO  TOCO, PBT 14.300 KG, POTÊNCIA 185 CV - DEPRECIAÇÃO. AF_05/2023","H",24.87]
[91484,"ESPARGIDOR DE ASFALTO PRESSURIZADO, TANQUE 6 M3 COM ISOLAÇÃO TÉRMICA, AQUECIDO COM 2 MAÇARICOS, COM BARRA ESPARGIDORA 3,60 M, MONTADO SOBRE CAMINHÃO  TOCO, PBT 14.300 KG, POTÊNCIA 185 CV - IMPOSTOS E SEGUROS. AF_05/2023","H",3.92]
[91469,"ESPARGIDOR DE ASFALTO PRESSURIZADO, TANQUE 6 M3 COM ISOLAÇÃO TÉRMICA, AQUECIDO COM 2 MAÇARICOS, COM BARRA ESPARGIDORA 3,60 M, MONTADO SOBRE CAMINHÃO  TOCO, PBT 14.300 KG, POTÊNCIA 185 CV - JUROS. AF_05/2023","H",9.7100000000000009]
[83361,"ESPARGIDOR DE ASFALTO PRESSURIZADO, TANQUE 6 M3 COM ISOLAÇÃO TÉRMICA, AQUECIDO COM 2 MAÇARICOS, COM BARRA ESPARGIDORA 3,60 M, MONTADO SOBRE CAMINHÃO  TOCO, PBT 14.300 KG, POTÊNCIA 185 CV - MANUTENÇÃO. AF_08/2015","H",41.66]
[91485,"ESPARGIDOR DE ASFALTO PRESSURIZADO, TANQUE 6 M3 COM ISOLAÇÃO TÉRMICA, AQUECIDO COM 2 MAÇARICOS, COM BARRA ESPARGIDORA 3,60 M, MONTADO SOBRE CAMINHÃO  TOCO, PBT 14.300 KG, POTÊNCIA 185 CV - MATERIAIS NA OPERAÇÃO. AF_05/2023","H",162.19999999999999]
[102835,"ESTABILIZADOR DE LINHA E PRESSÃO, CAPACIDADE DE 120 BAR, COM MANÔMETRO DE LEITURA, REGISTRO DE 1  COM RETORNO E LINHA - DEPRECIAÇÃO. AF_05/2023","H",0]
[102836,"ESTABILIZADOR DE LINHA E PRESSÃO, CAPACIDADE DE 120 BAR, COM MANÔMETRO DE LEITURA, REGISTRO DE 1  COM RETORNO E LINHA - JUROS. AF_05/2023","H",0]
[102837,"ESTABILIZADOR DE LINHA E PRESSÃO, CAPACIDADE DE 120 BAR, COM MANÔMETRO DE LEITURA, REGISTRO DE 1  COM RETORNO E LINHA - MANUTENÇÃO. AF_05/2023","H",0]
[89230,"FRESADORA DE ASFALTO A FRIO SOBRE RODAS, LARGURA FRESAGEM DE 1,0 M, POTÊNCIA 208 HP - DEPRECIAÇÃO. AF_11/2014","H",115.32]
[89231,"FRESADORA DE ASFALTO A FRIO SOBRE RODAS, LARGURA FRESAGEM DE 1,0 M, POTÊNCIA 208 HP - JUROS. AF_11/2014","H",35.31]
[89232,"FRESADORA DE ASFALTO A FRIO SOBRE RODAS, LARGURA FRESAGEM DE 1,0 M, POTÊNCIA 208 HP - MANUTENÇÃO. AF_11/2014","H",205.71]
[89233,"FRESADORA DE ASFALTO A FRIO SOBRE RODAS, LARGURA FRESAGEM DE 1,0 M, POTÊNCIA 208 HP - MATERIAIS NA OPERAÇÃO. AF_11/2014","H",175.12]
[89236,"FRESADORA DE ASFALTO A FRIO SOBRE RODAS, LARGURA FRESAGEM DE 2,0 M, POTÊNCIA 550 HP - DEPRECIAÇÃO. AF_11/2014","H",269.39999999999998]
[89237,"FRESADORA DE ASFALTO A FRIO SOBRE RODAS, LARGURA FRESAGEM DE 2,0 M, POTÊNCIA 550 HP - JUROS. AF_11/2014","H",82.49]
[89238,"FRESADORA DE ASFALTO A FRIO SOBRE RODAS, LARGURA FRESAGEM DE 2,0 M, POTÊNCIA 550 HP - MANUTENÇÃO. AF_11/2014","H",480.53]
[89239,"FRESADORA DE ASFALTO A FRIO SOBRE RODAS, LARGURA FRESAGEM DE 2,0 M, POTÊNCIA 550 HP - MATERIAIS NA OPERAÇÃO. AF_11/2014","H",463.1]
[102930,"FURADEIRA ELETROMAGNÉTICA, VELOCIDADE (SEM CARGA/ COM CARGA) 450/ 270 RPM, ESPESSURA MÁXIMA DA CHAPA A SER FURADA 50 MM, PORÇA DE ADESÃO MAGNÉTICA 17000 N, POTÊNCIA 1100 W, ALIMENTÇÃO 220 - 60 HZ, MONOFÁSICA - DEPRECIAÇÃO. AF_08/2019","H",0]
[102931,"FURADEIRA ELETROMAGNÉTICA, VELOCIDADE (SEM CARGA/ COM CARGA) 450/ 270 RPM, ESPESSURA MÁXIMA DA CHAPA A SER FURADA 50 MM, PORÇA DE ADESÃO MAGNÉTICA 17000 N, POTÊNCIA 1100 W, ALIMENTÇÃO 220 - 60 HZ, MONOFÁSICA - JUROS. AF_08/2019","H",0]
[102932,"FURADEIRA ELETROMAGNÉTICA, VELOCIDADE (SEM CARGA/ COM CARGA) 450/ 270 RPM, ESPESSURA MÁXIMA DA CHAPA A SER FURADA 50 MM, PORÇA DE ADESÃO MAGNÉTICA 17000 N, POTÊNCIA 1100 W, ALIMENTÇÃO 220 - 60 HZ, MONOFÁSICA - MANUTENÇÃO. AF_08/2019","H",0]
[102933,"FURADEIRA ELETROMAGNÉTICA, VELOCIDADE (SEM CARGA/ COM CARGA) 450/ 270 RPM, ESPESSURA MÁXIMA DA CHAPA A SER FURADA 50 MM, PORÇA DE ADESÃO MAGNÉTICA 17000 N, POTÊNCIA 1100 W, ALIMENTÇÃO 220 - 60 HZ, MONOFÁSICA - MATERIAIS NA OPERAÇÃO. AF_08/2019","H",0.94]
[93411,"GERADOR PORTÁTIL MONOFÁSICO, POTÊNCIA 5500 VA, MOTOR A GASOLINA, POTÊNCIA DO MOTOR 13 CV - DEPRECIAÇÃO. AF_03/2016","H",0.36]
[93412,"GERADOR PORTÁTIL MONOFÁSICO, POTÊNCIA 5500 VA, MOTOR A GASOLINA, POTÊNCIA DO MOTOR 13 CV - JUROS. AF_03/2016","H",0.13]
[93413,"GERADOR PORTÁTIL MONOFÁSICO, POTÊNCIA 5500 VA, MOTOR A GASOLINA, POTÊNCIA DO MOTOR 13 CV - MANUTENÇÃO. AF_03/2016","H",0.32]
[93414,"GERADOR PORTÁTIL MONOFÁSICO, POTÊNCIA 5500 VA, MOTOR A GASOLINA, POTÊNCIA DO MOTOR 13 CV - MATERIAIS NA OPERAÇÃO. AF_03/2016","H",11.32]
[88855,"GRADE DE DISCO CONTROLE REMOTO REBOCÁVEL, COM 24 DISCOS 24\" X 6 MM COM PNEUS PARA TRANSPORTE - DEPRECIAÇÃO. AF_06/2014","H",3.33]
[88856,"GRADE DE DISCO CONTROLE REMOTO REBOCÁVEL, COM 24 DISCOS 24\" X 6 MM COM PNEUS PARA TRANSPORTE - JUROS. AF_06/2014","H",0.91]
[5658,"GRADE DE DISCO CONTROLE REMOTO REBOCÁVEL, COM 24 DISCOS 24\" X 6 MM COM PNEUS PARA TRANSPORTE - MANUTENÇÃO. AF_06/2014","H",2.31]
[53840,"GRADE DE DISCO REBOCÁVEL COM 20 DISCOS 24\" X 6 MM COM PNEUS PARA TRANSPORTE - DEPRECIAÇÃO. AF_06/2014","H",2.61]
[87026,"GRADE DE DISCO REBOCÁVEL COM 20 DISCOS 24\" X 6 MM COM PNEUS PARA TRANSPORTE - JUROS. AF_06/2014","H",0.71]
[53841,"GRADE DE DISCO REBOCÁVEL COM 20 DISCOS 24\" X 6 MM COM PNEUS PARA TRANSPORTE - MANUTENÇÃO. AF_06/2014","H",1.81]
[95209,"GRUA ASCENCIONAL, LANCA DE 42 M, CAPACIDADE DE 1,5 T A 30 M, ALTURA ATE 39 M   JUROS. AF_05/2023","H",12.39]
[95210,"GRUA ASCENCIONAL, LANCA DE 42 M, CAPACIDADE DE 1,5 T A 30 M, ALTURA ATE 39 M   MANUTENÇÃO. AF_05/2023","H",58.62]
[95211,"GRUA ASCENCIONAL, LANCA DE 42 M, CAPACIDADE DE 1,5 T A 30 M, ALTURA ATE 39 M   MATERIAIS NA OPERAÇÃO. AF_05/2023","H",9.35]
[93267,"GRUA ASCENCIONAL, LANÇA DE 30 M, CAPACIDADE DE 1,0 T A 30 M, ALTURA ATÉ 39 M   DEPRECIAÇÃO. AF_05/2023","H",26.61]
[93269,"GRUA ASCENCIONAL, LANÇA DE 30 M, CAPACIDADE DE 1,0 T A 30 M, ALTURA ATÉ 39 M   JUROS. AF_05/2023","H",9.9700000000000006]
[93270,"GRUA ASCENCIONAL, LANÇA DE 30 M, CAPACIDADE DE 1,0 T A 30 M, ALTURA ATÉ 39 M   MANUTENÇÃO. AF_05/2023","H",25.87]
[93271,"GRUA ASCENCIONAL, LANÇA DE 30 M, CAPACIDADE DE 1,0 T A 30 M, ALTURA ATÉ 39 M   MATERIAIS NA OPERAÇÃO. AF_05/2023","H",9.35]
[95208,"GRUA ASCENCIONAL, LANÇA DE 42 M, CAPACIDADE DE 1,5 T A 30 M, ALTURA ATÉ 39 M   DEPRECIAÇÃO. AF_05/2023","H",53.6]
[83761,"GRUPO DE SOLDAGEM COM GERADOR A DIESEL 60 CV PARA SOLDA ELÉTRICA, SOBRE 04 RODAS, COM MOTOR 4 CILINDROS 600 A - DEPRECIAÇÃO. AF_02/2016","H",10.210000000000001]
[83764,"GRUPO DE SOLDAGEM COM GERADOR A DIESEL 60 CV PARA SOLDA ELÉTRICA, SOBRE 04 RODAS, COM MOTOR 4 CILINDROS 600 A - JUROS. AF_02/2016","H",3.6]
[83762,"GRUPO DE SOLDAGEM COM GERADOR A DIESEL 60 CV PARA SOLDA ELÉTRICA, SOBRE 04 RODAS, COM MOTOR 4 CILINDROS 600 A - MANUTENÇÃO. AF_02/2016","H",9.11]
[83763,"GRUPO DE SOLDAGEM COM GERADOR A DIESEL 60 CV PARA SOLDA ELÉTRICA, SOBRE 04 RODAS, COM MOTOR 4 CILINDROS 600 A - MATERIAIS NA OPERAÇÃO. AF_02/2016","H",52.6]
[95874,"GRUPO GERADOR COM CARENAGEM, MOTOR DIESEL POTÊNCIA STANDART ENTRE 250 E 260 KVA - DEPRECIAÇÃO. AF_12/2016","H",10.91]
[95869,"GRUPO GERADOR COM CARENAGEM, MOTOR DIESEL POTÊNCIA STANDART ENTRE 250 E 260 KVA - JUROS. AF_12/2016","H",3.84]
[95870,"GRUPO GERADOR COM CARENAGEM, MOTOR DIESEL POTÊNCIA STANDART ENTRE 250 E 260 KVA - MANUTENÇÃO. AF_12/2016","H",9.73]
[95871,"GRUPO GERADOR COM CARENAGEM, MOTOR DIESEL POTÊNCIA STANDART ENTRE 250 E 260 KVA - MATERIAIS NA OPERAÇÃO. AF_12/2016","H",286.16000000000003]
[104684,"GRUPO GERADOR DIESEL, COM CARENAGEM, POTÊNCIA STANDART ENTRE 400 E 460 KVA, VELOCIDADE DE 1800 RPM, FREQUÊNCIA DE 60 HZ - DEPRECIAÇÃO. AF_05/2023","H",0]
[104685,"GRUPO GERADOR DIESEL, COM CARENAGEM, POTÊNCIA STANDART ENTRE 400 E 460 KVA, VELOCIDADE DE 1800 RPM, FREQUÊNCIA DE 60 HZ - JUROS. AF_05/2023","H",0]
[104686,"GRUPO GERADOR DIESEL, COM CARENAGEM, POTÊNCIA STANDART ENTRE 400 E 460 KVA, VELOCIDADE DE 1800 RPM, FREQUÊNCIA DE 60 HZ - MANUTENÇÃO. AF_05/2023","H",0]
[104687,"GRUPO GERADOR DIESEL, COM CARENAGEM, POTÊNCIA STANDART ENTRE 400 E 460 KVA, VELOCIDADE DE 1800 RPM, FREQUÊNCIA DE 60 HZ - MATERIAIS NA OPERAÇÃO. AF_05/2023","H",471]
[73303,"GRUPO GERADOR ESTACIONÁRIO, MOTOR DIESEL POTÊNCIA 170 KVA - DEPRECIAÇÃO. AF_02/2016","H",7.66]
[93235,"GRUPO GERADOR ESTACIONÁRIO, MOTOR DIESEL POTÊNCIA 170 KVA - JUROS. AF_02/2016","H",2.7]
[73307,"GRUPO GERADOR ESTACIONÁRIO, MOTOR DIESEL POTÊNCIA 170 KVA - MANUTENÇÃO. AF_02/2016","H",6.84]
[73311,"GRUPO GERADOR ESTACIONÁRIO, MOTOR DIESEL POTÊNCIA 170 KVA - MATERIAIS NA OPERAÇÃO. AF_02/2016","H",186.65]
[93423,"GRUPO GERADOR ESTACIONÁRIO, POTÊNCIA 150 KVA, MOTOR A DIESEL- DEPRECIAÇÃO. AF_03/2016","H",6.82]
[93424,"GRUPO GERADOR ESTACIONÁRIO, POTÊNCIA 150 KVA, MOTOR A DIESEL- JUROS. AF_03/2016","H",2.4]
[93425,"GRUPO GERADOR ESTACIONÁRIO, POTÊNCIA 150 KVA, MOTOR A DIESEL- MANUTENÇÃO. AF_03/2016","H",6.09]
[93426,"GRUPO GERADOR ESTACIONÁRIO, POTÊNCIA 150 KVA, MOTOR A DIESEL- MATERIAIS NA OPERAÇÃO. AF_03/2016","H",167.97]
[93417,"GRUPO GERADOR REBOCÁVEL, POTÊNCIA 66 KVA, MOTOR A DIESEL - DEPRECIAÇÃO. AF_03/2016","H",4.82]
[93418,"GRUPO GERADOR REBOCÁVEL, POTÊNCIA 66 KVA, MOTOR A DIESEL - JUROS. AF_03/2016","H",1.7]
[93419,"GRUPO GERADOR REBOCÁVEL, POTÊNCIA 66 KVA, MOTOR A DIESEL - MANUTENÇÃO. AF_03/2016","H",4.3]
[93420,"GRUPO GERADOR REBOCÁVEL, POTÊNCIA 66 KVA, MOTOR A DIESEL - MATERIAIS NA OPERAÇÃO. AF_03/2016","H",70.28]
[93277,"GUINCHO ELÉTRICO DE COLUNA, CAPACIDADE 400 KG, COM MOTO FREIO, MOTOR TRIFÁSICO DE 1,25 CV - DEPRECIAÇÃO. AF_03/2016","H",0.24]
[93278,"GUINCHO ELÉTRICO DE COLUNA, CAPACIDADE 400 KG, COM MOTO FREIO, MOTOR TRIFÁSICO DE 1,25 CV - JUROS. AF_03/2016","H",0.05]
[93279,"GUINCHO ELÉTRICO DE COLUNA, CAPACIDADE 400 KG, COM MOTO FREIO, MOTOR TRIFÁSICO DE 1,25 CV - MANUTENÇÃO. AF_03/2016","H",0.22]
[93280,"GUINCHO ELÉTRICO DE COLUNA, CAPACIDADE 400 KG, COM MOTO FREIO, MOTOR TRIFÁSICO DE 1,25 CV - MATERIAIS NA OPERAÇÃO. AF_03/2016","H",0.78]
[104909,"GUINDASTE DERRICK, LANÇA DE *20* M, CARGA MÁXIMA 10T, POTÊNCIA 45 KW - DEPRECIAÇÃO. AF_01/2024","H",0]
[104910,"GUINDASTE DERRICK, LANÇA DE *20* M, CARGA MÁXIMA 10T, POTÊNCIA 45 KW - JUROS. AF_01/2024","H",0]
[104911,"GUINDASTE DERRICK, LANÇA DE *20* M, CARGA MÁXIMA 10T, POTÊNCIA 45 KW - MANUTENÇÃO. AF_01/2024","H",0]
[104912,"GUINDASTE DERRICK, LANÇA DE *20* M, CARGA MÁXIMA 10T, POTÊNCIA 45 KW - MATERIAIS NA OPERAÇÃO. AF_01/2024","H",38.25]
[102840,"GUINDASTE HIDRAULICO AUTOPROPELIDO, COM LANÇA TRELIÇADA 40 M, CAPACIDADE MÁXIMA 75 T, EQUIPADO COM CLAMSHELL - DEPRECIAÇÃO. AF_04/2019","H",0]
[102841,"GUINDASTE HIDRAULICO AUTOPROPELIDO, COM LANÇA TRELIÇADA 40 M, CAPACIDADE MÁXIMA 75 T, EQUIPADO COM CLAMSHELL - JUROS. AF_04/2019","H",0]
[102842,"GUINDASTE HIDRAULICO AUTOPROPELIDO, COM LANÇA TRELIÇADA 40 M, CAPACIDADE MÁXIMA 75 T, EQUIPADO COM CLAMSHELL - MANUTENÇÃO. AF_04/2019","H",0]
[102843,"GUINDASTE HIDRAULICO AUTOPROPELIDO, COM LANÇA TRELIÇADA 40 M, CAPACIDADE MÁXIMA 75 T, EQUIPADO COM CLAMSHELL - MATERIAIS NA OPERAÇÃO. AF_04/2019","H",141.07]
[89267,"GUINDASTE HIDRÁULICO AUTOPROPELIDO, COM LANÇA TELESCÓPICA 28,80 M, CAPACIDADE MÁXIMA 30 T, POTÊNCIA 97 KW, TRAÇÃO 4 X 4 - DEPRECIAÇÃO. AF_11/2014","H",51.7]
[89269,"GUINDASTE HIDRÁULICO AUTOPROPELIDO, COM LANÇA TELESCÓPICA 28,80 M, CAPACIDADE MÁXIMA 30 T, POTÊNCIA 97 KW, TRAÇÃO 4 X 4 - IMPOSTOS E SEGUROS. AF_11/2014","H",7.36]
[89268,"GUINDASTE HIDRÁULICO AUTOPROPELIDO, COM LANÇA TELESCÓPICA 28,80 M, CAPACIDADE MÁXIMA 30 T, POTÊNCIA 97 KW, TRAÇÃO 4 X 4 - JUROS. AF_11/2014","H",18.22]
[89270,"GUINDASTE HIDRÁULICO AUTOPROPELIDO, COM LANÇA TELESCÓPICA 28,80 M, CAPACIDADE MÁXIMA 30 T, POTÊNCIA 97 KW, TRAÇÃO 4 X 4 - MANUTENÇÃO. AF_11/2014","H",83.11]
[89271,"GUINDASTE HIDRÁULICO AUTOPROPELIDO, COM LANÇA TELESCÓPICA 28,80 M, CAPACIDADE MÁXIMA 30 T, POTÊNCIA 97 KW, TRAÇÃO 4 X 4 - MATERIAIS NA OPERAÇÃO. AF_11/2014","H",30.4]
[93283,"GUINDASTE HIDRÁULICO AUTOPROPELIDO, COM LANÇA TELESCÓPICA 40 M, CAPACIDADE MÁXIMA 60 T, POTÊNCIA 260 KW - DEPRECIAÇÃO. AF_03/2016","H",99.43]
[93296,"GUINDASTE HIDRÁULICO AUTOPROPELIDO, COM LANÇA TELESCÓPICA 40 M, CAPACIDADE MÁXIMA 60 T, POTÊNCIA 260 KW - IMPOSTOS E SEGUROS. AF_03/2016","H",14.16]
[93284,"GUINDASTE HIDRÁULICO AUTOPROPELIDO, COM LANÇA TELESCÓPICA 40 M, CAPACIDADE MÁXIMA 60 T, POTÊNCIA 260 KW - JUROS. AF_03/2016","H",35.049999999999997]
[93285,"GUINDASTE HIDRÁULICO AUTOPROPELIDO, COM LANÇA TELESCÓPICA 40 M, CAPACIDADE MÁXIMA 60 T, POTÊNCIA 260 KW - MANUTENÇÃO. AF_03/2016","H",159.83000000000001]
[93286,"GUINDASTE HIDRÁULICO AUTOPROPELIDO, COM LANÇA TELESCÓPICA 40 M, CAPACIDADE MÁXIMA 60 T, POTÊNCIA 260 KW - MATERIAIS NA OPERAÇÃO. AF_03/2016","H",13]
[104706,"GUINDASTE HIDRÁULICO AUTOPROPELIDO, COM LANÇA TRELICADA 41 M, CAPACIDADE MÁXIMA DE ELEVAÇÃO 43 T, POTÊNCIA 230 KW, EQUIPADO COM CAÇAMBA DE ARRASTO (DRAGLINE) DE 0,76 M3 - DEPRECIAÇÃO. AF_06/2023","H",0]
[104707,"GUINDASTE HIDRÁULICO AUTOPROPELIDO, COM LANÇA TRELICADA 41 M, CAPACIDADE MÁXIMA DE ELEVAÇÃO 43 T, POTÊNCIA 230 KW, EQUIPADO COM CAÇAMBA DE ARRASTO (DRAGLINE) DE 0,76 M3 - JUROS. AF_06/2023","H",0]
[104708,"GUINDASTE HIDRÁULICO AUTOPROPELIDO, COM LANÇA TRELICADA 41 M, CAPACIDADE MÁXIMA DE ELEVAÇÃO 43 T, POTÊNCIA 230 KW, EQUIPADO COM CAÇAMBA DE ARRASTO (DRAGLINE) DE 0,76 M3 - MANUTENÇÃO. AF_06/2023","H",0]
[104709,"GUINDASTE HIDRÁULICO AUTOPROPELIDO, COM LANÇA TRELICADA 41 M, CAPACIDADE MÁXIMA DE ELEVAÇÃO 43 T, POTÊNCIA 230 KW, EQUIPADO COM CAÇAMBA DE ARRASTO (DRAGLINE) DE 0,76 M3 - MATERIAIS NA OPERAÇÃO. AF_06/2023","H",1225.78]
[104903,"GUINDASTE HIDRÁULICO RODOVIÁRIO, LANCA TELESCÓPICA DE *50+20* M, CAPACIDADE MÁXIMA DE 90T, 4 EIXOS, POTÊNCIA 330 KW, MOTOR DIESEL - DEPRECIAÇÃO. AF_01/2024","H",0]
[104904,"GUINDASTE HIDRÁULICO RODOVIÁRIO, LANCA TELESCÓPICA DE *50+20* M, CAPACIDADE MÁXIMA DE 90T, 4 EIXOS, POTÊNCIA 330 KW, MOTOR DIESEL - JUROS. AF_01/2024","H",0]
[104905,"GUINDASTE HIDRÁULICO RODOVIÁRIO, LANCA TELESCÓPICA DE *50+20* M, CAPACIDADE MÁXIMA DE 90T, 4 EIXOS, POTÊNCIA 330 KW, MOTOR DIESEL - MANUTENÇÃO. AF_01/2024","H",0]
[104906,"GUINDASTE HIDRÁULICO RODOVIÁRIO, LANCA TELESCÓPICA DE *50+20* M, CAPACIDADE MÁXIMA DE 90T, 4 EIXOS, POTÊNCIA 330 KW, MOTOR DIESEL - MATERIAIS NA OPERAÇÃO. AF_01/2024","H",103.45]
[102846,"GUINDASTE SOBRE ESTEIRAS, COM LANÇA TRELIÇADA 40 M, CAPACIDADE MÁXIMA 75 T - DEPRECIAÇÃO. AF_04/2019","H",0]
[102847,"GUINDASTE SOBRE ESTEIRAS, COM LANÇA TRELIÇADA 40 M, CAPACIDADE MÁXIMA 75 T - JUROS. AF_04/2019","H",0]
[102848,"GUINDASTE SOBRE ESTEIRAS, COM LANÇA TRELIÇADA 40 M, CAPACIDADE MÁXIMA 75 T - MANUTENÇÃO. AF_04/2019","H",0]
[102849,"GUINDASTE SOBRE ESTEIRAS, COM LANÇA TRELIÇADA 40 M, CAPACIDADE MÁXIMA 75 T - MATERIAIS NA OPERAÇÃO. AF_04/2019","H",68.97]
[102852,"GUINDASTE SOBRE ESTEIRAS, COM LANÇA TRELIÇADA 40 M, CAPACIDADE MÁXIMA 75 T, EQUIPADO COM CLAMSHELL - DEPRECIAÇÃO. AF_04/2019","H",0]
[102853,"GUINDASTE SOBRE ESTEIRAS, COM LANÇA TRELIÇADA 40 M, CAPACIDADE MÁXIMA 75 T, EQUIPADO COM CLAMSHELL - JUROS. AF_04/2019","H",0]
[102854,"GUINDASTE SOBRE ESTEIRAS, COM LANÇA TRELIÇADA 40 M, CAPACIDADE MÁXIMA 75 T, EQUIPADO COM CLAMSHELL - MANUTENÇÃO. AF_04/2019","H",0]
[102855,"GUINDASTE SOBRE ESTEIRAS, COM LANÇA TRELIÇADA 40 M, CAPACIDADE MÁXIMA 75 T, EQUIPADO COM CLAMSHELL - MATERIAIS NA OPERAÇÃO. AF_04/2019","H",68.97]
[93397,"GUINDAUTO HIDRÁULICO, CAPACIDADE MÁXIMA DE CARGA 3300 KG, MOMENTO MÁXIMO DE CARGA 5,8 TM, ALCANCE MÁXIMO HORIZONTAL 7,60 M, INCLUSIVE CAMINHÃO TOCO PBT 16.000 KG, POTÊNCIA DE 189 CV - DEPRECIAÇÃO. AF_03/2016","H",24.27]
[93399,"GUINDAUTO HIDRÁULICO, CAPACIDADE MÁXIMA DE CARGA 3300 KG, MOMENTO MÁXIMO DE CARGA 5,8 TM, ALCANCE MÁXIMO HORIZONTAL 7,60 M, INCLUSIVE CAMINHÃO TOCO PBT 16.000 KG, POTÊNCIA DE 189 CV - IMPOSTOS E SEGUROS. AF_03/2016","H",3.69]
[93398,"GUINDAUTO HIDRÁULICO, CAPACIDADE MÁXIMA DE CARGA 3300 KG, MOMENTO MÁXIMO DE CARGA 5,8 TM, ALCANCE MÁXIMO HORIZONTAL 7,60 M, INCLUSIVE CAMINHÃO TOCO PBT 16.000 KG, POTÊNCIA DE 189 CV - JUROS. AF_03/2016","H",9.1300000000000008]
[93400,"GUINDAUTO HIDRÁULICO, CAPACIDADE MÁXIMA DE CARGA 3300 KG, MOMENTO MÁXIMO DE CARGA 5,8 TM, ALCANCE MÁXIMO HORIZONTAL 7,60 M, INCLUSIVE CAMINHÃO TOCO PBT 16.000 KG, POTÊNCIA DE 189 CV - MANUTENÇÃO. AF_03/2016","H",42.01]
[93401,"GUINDAUTO HIDRÁULICO, CAPACIDADE MÁXIMA DE CARGA 3300 KG, MOMENTO MÁXIMO DE CARGA 5,8 TM, ALCANCE MÁXIMO HORIZONTAL 7,60 M, INCLUSIVE CAMINHÃO TOCO PBT 16.000 KG, POTÊNCIA DE 189 CV - MATERIAIS NA OPERAÇÃO. AF_03/2016","H",165.71]
[89259,"GUINDAUTO HIDRÁULICO, CAPACIDADE MÁXIMA DE CARGA 6200 KG, MOMENTO MÁXIMO DE CARGA 11,7 TM, ALCANCE MÁXIMO HORIZONTAL 9,70 M, INCLUSIVE CAMINHÃO TOCO PBT 16.000 KG, POTÊNCIA DE 189 CV - DEPRECIAÇÃO. AF_06/2014","H",26.56]
[91466,"GUINDAUTO HIDRÁULICO, CAPACIDADE MÁXIMA DE CARGA 6200 KG, MOMENTO MÁXIMO DE CARGA 11,7 TM, ALCANCE MÁXIMO HORIZONTAL 9,70 M, INCLUSIVE CAMINHÃO TOCO PBT 16.000 KG, POTÊNCIA DE 189 CV - IMPOSTOS E SEGUROS. AF_08/2015","H",3.93]
[89260,"GUINDAUTO HIDRÁULICO, CAPACIDADE MÁXIMA DE CARGA 6200 KG, MOMENTO MÁXIMO DE CARGA 11,7 TM, ALCANCE MÁXIMO HORIZONTAL 9,70 M, INCLUSIVE CAMINHÃO TOCO PBT 16.000 KG, POTÊNCIA DE 189 CV - JUROS. AF_06/2014","H",9.73]
[89262,"GUINDAUTO HIDRÁULICO, CAPACIDADE MÁXIMA DE CARGA 6200 KG, MOMENTO MÁXIMO DE CARGA 11,7 TM, ALCANCE MÁXIMO HORIZONTAL 9,70 M, INCLUSIVE CAMINHÃO TOCO PBT 16.000 KG, POTÊNCIA DE 189 CV - MANUTENÇÃO. AF_06/2014","H",44.87]
[91467,"GUINDAUTO HIDRÁULICO, CAPACIDADE MÁXIMA DE CARGA 6200 KG, MOMENTO MÁXIMO DE CARGA 11,7 TM, ALCANCE MÁXIMO HORIZONTAL 9,70 M, INCLUSIVE CAMINHÃO TOCO PBT 16.000 KG, POTÊNCIA DE 189 CV - MATERIAIS NA OPERAÇÃO. AF_08/2015","H",165.71]
[105839,"GUINDAUTO HIDRÁULICO, CAPACIDADE MÁXIMA DE CARGA 6200 KG, MOMENTO MÁXIMO DE CARGA 11,7 TM, ALCANCE MÁXIMO HORIZONTAL 9,70 M, INCLUSIVE CAMINHÃO TOCO PBT 16.000 KG, POTÊNCIA DE 189 CV E CESTA AÉREA COM ISOLAMENTO CLASSE C - DEPRECIAÇÃO. AF_01/2025","H",0]
[105842,"GUINDAUTO HIDRÁULICO, CAPACIDADE MÁXIMA DE CARGA 6200 KG, MOMENTO MÁXIMO DE CARGA 11,7 TM, ALCANCE MÁXIMO HORIZONTAL 9,70 M, INCLUSIVE CAMINHÃO TOCO PBT 16.000 KG, POTÊNCIA DE 189 CV E CESTA AÉREA COM ISOLAMENTO CLASSE C - IMPOSTOS E SEGUROS. AF_01/2025","H",0]
[105840,"GUINDAUTO HIDRÁULICO, CAPACIDADE MÁXIMA DE CARGA 6200 KG, MOMENTO MÁXIMO DE CARGA 11,7 TM, ALCANCE MÁXIMO HORIZONTAL 9,70 M, INCLUSIVE CAMINHÃO TOCO PBT 16.000 KG, POTÊNCIA DE 189 CV E CESTA AÉREA COM ISOLAMENTO CLASSE C - JUROS. AF_01/2025","H",0]
[105841,"GUINDAUTO HIDRÁULICO, CAPACIDADE MÁXIMA DE CARGA 6200 KG, MOMENTO MÁXIMO DE CARGA 11,7 TM, ALCANCE MÁXIMO HORIZONTAL 9,70 M, INCLUSIVE CAMINHÃO TOCO PBT 16.000 KG, POTÊNCIA DE 189 CV E CESTA AÉREA COM ISOLAMENTO CLASSE C - MANUTENÇÃO. AF_01/2025","H",0]
[105843,"GUINDAUTO HIDRÁULICO, CAPACIDADE MÁXIMA DE CARGA 6200 KG, MOMENTO MÁXIMO DE CARGA 11,7 TM, ALCANCE MÁXIMO HORIZONTAL 9,70 M, INCLUSIVE CAMINHÃO TOCO PBT 16.000 KG, POTÊNCIA DE 189 CV E CESTA AÉREA COM ISOLAMENTO CLASSE C - MATERIAIS NA OPERAÇÃO. AF_01/2025","H",87.21]
[91629,"GUINDAUTO HIDRÁULICO, CAPACIDADE MÁXIMA DE CARGA 6500 KG, MOMENTO MÁXIMO DE CARGA 5,8 TM, ALCANCE MÁXIMO HORIZONTAL 7,60 M, INCLUSIVE CAMINHÃO TOCO PBT 9.700 KG, POTÊNCIA DE 160 CV - DEPRECIAÇÃO. AF_08/2015","H",21.01]
[91631,"GUINDAUTO HIDRÁULICO, CAPACIDADE MÁXIMA DE CARGA 6500 KG, MOMENTO MÁXIMO DE CARGA 5,8 TM, ALCANCE MÁXIMO HORIZONTAL 7,60 M, INCLUSIVE CAMINHÃO TOCO PBT 9.700 KG, POTÊNCIA DE 160 CV - IMPOSTOS E SEGUROS. AF_08/2015","H",3.15]
[91630,"GUINDAUTO HIDRÁULICO, CAPACIDADE MÁXIMA DE CARGA 6500 KG, MOMENTO MÁXIMO DE CARGA 5,8 TM, ALCANCE MÁXIMO HORIZONTAL 7,60 M, INCLUSIVE CAMINHÃO TOCO PBT 9.700 KG, POTÊNCIA DE 160 CV - JUROS. AF_08/2015","H",7.79]
[91632,"GUINDAUTO HIDRÁULICO, CAPACIDADE MÁXIMA DE CARGA 6500 KG, MOMENTO MÁXIMO DE CARGA 5,8 TM, ALCANCE MÁXIMO HORIZONTAL 7,60 M, INCLUSIVE CAMINHÃO TOCO PBT 9.700 KG, POTÊNCIA DE 160 CV - MANUTENÇÃO. AF_08/2015","H",35.9]
[91633,"GUINDAUTO HIDRÁULICO, CAPACIDADE MÁXIMA DE CARGA 6500 KG, MOMENTO MÁXIMO DE CARGA 5,8 TM, ALCANCE MÁXIMO HORIZONTAL 7,60 M, INCLUSIVE CAMINHÃO TOCO PBT 9.700 KG, POTÊNCIA DE 160 CV - MATERIAIS NA OPERAÇÃO. AF_08/2015","H",140.25]
[98760,"INVERSOR DE SOLDA MONOFÁSICO DE 160 A, POTÊNCIA DE 5400 W, TENSÃO DE 220 V, PARA SOLDA COM ELETRODOS DE 2,0 A 4,0 MM E PROCESSO TIG - DEPRECIAÇÃO. AF_06/2018","H",7.0000000000000007E-2]
[98761,"INVERSOR DE SOLDA MONOFÁSICO DE 160 A, POTÊNCIA DE 5400 W, TENSÃO DE 220 V, PARA SOLDA COM ELETRODOS DE 2,0 A 4,0 MM E PROCESSO TIG - JUROS. AF_06/2018","H",0.01]
[98762,"INVERSOR DE SOLDA MONOFÁSICO DE 160 A, POTÊNCIA DE 5400 W, TENSÃO DE 220 V, PARA SOLDA COM ELETRODOS DE 2,0 A 4,0 MM E PROCESSO TIG - MANUTENÇÃO. AF_06/2018","H",0.09]
[98763,"INVERSOR DE SOLDA MONOFÁSICO DE 160 A, POTÊNCIA DE 5400 W, TENSÃO DE 220 V, PARA SOLDA COM ELETRODOS DE 2,0 A 4,0 MM E PROCESSO TIG - MATERIAIS NA OPERAÇÃO. AF_06/2018","H",4.59]
[99829,"LAVADORA DE ALTA PRESSAO (LAVA-JATO) PARA AGUA FRIA, PRESSAO DE OPERACAO ENTRE 1400 E 1900 LIB/POL2, VAZAO MAXIMA ENTRE 400 E 700 L/H - DEPRECIAÇÃO. AF_05/2023","H",0.18]
[99830,"LAVADORA DE ALTA PRESSAO (LAVA-JATO) PARA AGUA FRIA, PRESSAO DE OPERACAO ENTRE 1400 E 1900 LIB/POL2, VAZAO MAXIMA ENTRE 400 E 700 L/H - JUROS. AF_05/2023","H",0.03]
[99831,"LAVADORA DE ALTA PRESSAO (LAVA-JATO) PARA AGUA FRIA, PRESSAO DE OPERACAO ENTRE 1400 E 1900 LIB/POL2, VAZAO MAXIMA ENTRE 400 E 700 L/H - MANUTENÇÃO. AF_05/2023","H",0.13]
[99832,"LAVADORA DE ALTA PRESSAO (LAVA-JATO) PARA AGUA FRIA, PRESSAO DE OPERACAO ENTRE 1400 E 1900 LIB/POL2, VAZAO MAXIMA ENTRE 400 E 700 L/H - MATERIAIS NA OPERAÇÃO. AF_05/2023","H",4.42]
[104516,"LIXADEIRA DE PAREDE, COM LED, POTÊNCIA 750 W, FREQUÊNCIA 60 HZ, VELOCIDADE 1000 A 2100 RPM, DIÂMETRO DA LIXA 225 MM - DEPRECIAÇÃO. AF_12/2022","H",0]
[104517,"LIXADEIRA DE PAREDE, COM LED, POTÊNCIA 750 W, FREQUÊNCIA 60 HZ, VELOCIDADE 1000 A 2100 RPM, DIÂMETRO DA LIXA 225 MM - JUROS. AF_12/2022","H",0]
[104518,"LIXADEIRA DE PAREDE, COM LED, POTÊNCIA 750 W, FREQUÊNCIA 60 HZ, VELOCIDADE 1000 A 2100 RPM, DIÂMETRO DA LIXA 225 MM - MANUTENÇÃO. AF_12/2022","H",0]
[104519,"LIXADEIRA DE PAREDE, COM LED, POTÊNCIA 750 W, FREQUÊNCIA 60 HZ, VELOCIDADE 1000 A 2100 RPM, DIÂMETRO DA LIXA 225 MM - MATERIAIS NA OPERAÇÃO. AF_12/2022","H",0.64]
[90682,"MANIPULADOR TELESCÓPICO, POTÊNCIA DE 85 HP, CAPACIDADE DE CARGA DE 3.500 KG, ALTURA MÁXIMA DE ELEVAÇÃO DE 12,3 M - DEPRECIAÇÃO. AF_05/2023","H",37.15]
[90683,"MANIPULADOR TELESCÓPICO, POTÊNCIA DE 85 HP, CAPACIDADE DE CARGA DE 3.500 KG, ALTURA MÁXIMA DE ELEVAÇÃO DE 12,3 M - JUROS. AF_05/2023","H",8.59]
[90684,"MANIPULADOR TELESCÓPICO, POTÊNCIA DE 85 HP, CAPACIDADE DE CARGA DE 3.500 KG, ALTURA MÁXIMA DE ELEVAÇÃO DE 12,3 M - MANUTENÇÃO. AF_05/2023","H",40.64]
[90685,"MANIPULADOR TELESCÓPICO, POTÊNCIA DE 85 HP, CAPACIDADE DE CARGA DE 3.500 KG, ALTURA MÁXIMA DE ELEVAÇÃO DE 12,3 M - MATERIAIS NA OPERAÇÃO. AF_05/2023","H",59.62]
[95114,"MARTELETE OU ROMPEDOR PNEUMÁTICO MANUAL, 28 KG, COM SILENCIADOR - DEPRECIAÇÃO. AF_07/2016","H",1.75]
[95115,"MARTELETE OU ROMPEDOR PNEUMÁTICO MANUAL, 28 KG, COM SILENCIADOR - JUROS. AF_07/2016","H",0.4]
[53863,"MARTELETE OU ROMPEDOR PNEUMÁTICO MANUAL, 28 KG, COM SILENCIADOR - MANUTENÇÃO. AF_07/2016","H",2.1800000000000002]
[104652,"MARTELETE PERFURADOR/ ROMPEDOR ELÉTRICO, POTÊNCIA 800 W, 220 V - DEPRECIAÇÃO. AF_05/2023","H",0]
[104653,"MARTELETE PERFURADOR/ ROMPEDOR ELÉTRICO, POTÊNCIA 800 W, 220 V - JUROS. AF_05/2023","H",0]
[104654,"MARTELETE PERFURADOR/ ROMPEDOR ELÉTRICO, POTÊNCIA 800 W, 220 V - MANUTENÇÃO. AF_05/2023","H",0]
[104655,"MARTELETE PERFURADOR/ ROMPEDOR ELÉTRICO, POTÊNCIA 800 W, 220 V - MATERIAIS NA OPERAÇÃO. AF_05/2023","H",0.68]
[102270,"MARTELO DEMOLIDOR ELÉTRICO, COM POTÊNCIA DE 2.000 W, 1.000 IMPACTOS POR MINUTO, PESO DE 30 KG - DEPRECIAÇÃO. AF_01/2021","H",0.76]
[102271,"MARTELO DEMOLIDOR ELÉTRICO, COM POTÊNCIA DE 2.000 W, 1.000 IMPACTOS POR MINUTO, PESO DE 30 KG - JUROS. AF_01/2021","H",0.17]
[102272,"MARTELO DEMOLIDOR ELÉTRICO, COM POTÊNCIA DE 2.000 W, 1.000 IMPACTOS POR MINUTO, PESO DE 30 KG - MANUTENÇÃO. AF_01/2021","H",0.96]
[102273,"MARTELO DEMOLIDOR ELÉTRICO, COM POTÊNCIA DE 2.000 W, 1.000 IMPACTOS POR MINUTO, PESO DE 30 KG - MATERIAIS NA OPERAÇÃO. AF_01/2021","H",1.7]
[95255,"MARTELO DEMOLIDOR PNEUMÁTICO MANUAL, 32 KG - DEPRECIAÇÃO. AF_09/2016","H",1.55]
[95256,"MARTELO DEMOLIDOR PNEUMÁTICO MANUAL, 32 KG - JUROS. AF_09/2016","H",0.35]
[95257,"MARTELO DEMOLIDOR PNEUMÁTICO MANUAL, 32 KG - MANUTENÇÃO. AF_09/2016","H",1.94]
[105913,"MARTELO PERFURADOR PNEUMÁTICO MANUAL, HASTE 19 X 108 MM, *11* KG - DEPRECIAÇÃO. AF_02/2025","H",0]
[105914,"MARTELO PERFURADOR PNEUMÁTICO MANUAL, HASTE 19 X 108 MM, *11* KG - JUROS. AF_02/2025","H",0]
[105915,"MARTELO PERFURADOR PNEUMÁTICO MANUAL, HASTE 19 X 108 MM, *11* KG - MANUTENÇÃO. AF_02/2025","H",0]
[92963,"MARTELO PERFURADOR PNEUMÁTICO MANUAL, HASTE 25 X 75 MM, 21 KG - DEPRECIAÇÃO. AF_12/2015","H",1.8]
[92964,"MARTELO PERFURADOR PNEUMÁTICO MANUAL, HASTE 25 X 75 MM, 21 KG - JUROS. AF_12/2015","H",0.41]
[92965,"MARTELO PERFURADOR PNEUMÁTICO MANUAL, HASTE 25 X 75 MM, 21 KG - MANUTENÇÃO. AF_12/2015","H",2.25]
[103792,"MINI GUINDASTE ARANHA SOBRE ESTEIRAS E LANCA TELESCÓPICA, CAPACIDADE MÁXIMA DE CARGA 3,0 TON, RAIO MÁXIMO DE TRABALHO 8,25 M, ALTURA DE LANÇA DO SOLO 9,2 M, 55 M DE CABO DE AÇO 8 MM, MOTOR ELÉTRICO 220/380 VOLTS - MATERIAIS NA OPERAÇÃO. AF_03/2022","H",4.68]
[103789,"MINI GUINDASTE ARANHA SOBRE ESTEIRAS E LANCA TELESCÓPICA, CAPACIDADE MÁXIMA DE CARGA 3,0 TON, RAIO MÁXIMO DE TRABALHO 8,25 M, ALTURA DE LANÇA DO SOLO 9,2 M, 55 M DE CABO DE AÇO 8 MM, MOTOR ELÉTRICO 220/380 VOLTS TRIFÁSICO - DEPRECIAÇÃO. AF_03/2022","H",0]
[103790,"MINI GUINDASTE ARANHA SOBRE ESTEIRAS E LANCA TELESCÓPICA, CAPACIDADE MÁXIMA DE CARGA 3,0 TON, RAIO MÁXIMO DE TRABALHO 8,25 M, ALTURA DE LANÇA DO SOLO 9,2 M, 55 M DE CABO DE AÇO 8 MM, MOTOR ELÉTRICO 220/380 VOLTS TRIFÁSICO - JUROS. AF_03/2022","H",0]
[103791,"MINI GUINDASTE ARANHA SOBRE ESTEIRAS E LANCA TELESCÓPICA, CAPACIDADE MÁXIMA DE CARGA 3,0 TON, RAIO MÁXIMO DE TRABALHO 8,25 M, ALTURA DE LANÇA DO SOLO 9,2 M, 55 M DE CABO DE AÇO 8 MM, MOTOR ELÉTRICO 220/380 VOLTS TRIFÁSICO - MANUTENÇÃO. AF_03/2022","H",0]
[96054,"MINICARREGADEIRA SOBRE RODAS POTENCIA 47HP CAPACIDADE OPERACAO 646 KG, COM VASSOURA MECÂNICA ACOPLADA - DEPRECIAÇÃO. AF_03/2017","H",27.84]
[96060,"MINICARREGADEIRA SOBRE RODAS POTENCIA 47HP CAPACIDADE OPERACAO 646 KG, COM VASSOURA MECÂNICA ACOPLADA - JUROS. AF_03/2017","H",5.75]
[96061,"MINICARREGADEIRA SOBRE RODAS POTENCIA 47HP CAPACIDADE OPERACAO 646 KG, COM VASSOURA MECÂNICA ACOPLADA - MANUTENÇÃO. AF_03/2017","H",34.799999999999997]
[96062,"MINICARREGADEIRA SOBRE RODAS POTENCIA 47HP CAPACIDADE OPERACAO 646 KG, COM VASSOURA MECÂNICA ACOPLADA - MATERIAIS NA OPERAÇÃO. AF_03/2017","H",41.75]
[90688,"MINICARREGADEIRA SOBRE RODAS, POTÊNCIA LÍQUIDA DE 47 HP, CAPACIDADE NOMINAL DE OPERAÇÃO DE 646 KG - DEPRECIAÇÃO. AF_06/2015","H",24]
[90689,"MINICARREGADEIRA SOBRE RODAS, POTÊNCIA LÍQUIDA DE 47 HP, CAPACIDADE NOMINAL DE OPERAÇÃO DE 646 KG - JUROS. AF_06/2015","H",4.74]
[90690,"MINICARREGADEIRA SOBRE RODAS, POTÊNCIA LÍQUIDA DE 47 HP, CAPACIDADE NOMINAL DE OPERAÇÃO DE 646 KG - MANUTENÇÃO. AF_06/2015","H",30]
[90691,"MINICARREGADEIRA SOBRE RODAS, POTÊNCIA LÍQUIDA DE 47 HP, CAPACIDADE NOMINAL DE OPERAÇÃO DE 646 KG - MATERIAIS NA OPERAÇÃO. AF_06/2015","H",41.75]
[96241,"MINIESCAVADEIRA SOBRE ESTEIRAS, POTÊNCIA LÍQUIDA DE *30* HP, PESO OPERACIONAL DE *3.500* KG - DEPRECIAÇÃO. AF_04/2017","H",25.5]
[96242,"MINIESCAVADEIRA SOBRE ESTEIRAS, POTÊNCIA LÍQUIDA DE *30* HP, PESO OPERACIONAL DE *3.500* KG - JUROS. AF_04/2017","H",6.73]
[96243,"MINIESCAVADEIRA SOBRE ESTEIRAS, 